{"text_format":"2","workbook":"xlsx","n_sheets":39,"sheets":["REGIÃO","CAPA GO","Planilha Resumo GO","Orçamento Sintético - GO - P","Orçamento Analítico - GO - P","Crono. - GO - P","Orçamento Sintético - GO - T","Orçamento Analítico - GO -T","Crono. - GO - T","CAPA TO","Planilha Resumo TO","Orçamento Sintético - TO - P","Orçamento Analítico - TO - P","Crono. - TO - P","Orçamento Sintético - TO - T","Orçamento Analítico - TO - T","Crono. - TO - T","CAPA DF","Planilha Resumo DF","Orçamento Sintético - DF - P","Orçamento Analítico - DF - P","Crono. - DF - P","Orçamento Sintético - DF - T","Orçamento Analítico - DF - T","Crono. - DF - T","CAPA MG","Planilha Resumo MG","Orçamento Sintético - MG - P","Orçamento Analítico - MG - P","Crono. - MG - P","Orçamento Sintético - MG - T","Orçamento Analítico - MG - T","Crono. - MG - T","SINAPI INSUMOS","SINAPI COMP","OUTRAS BASES","COMP. MODIFICADAS","BDI-SERVICOS","BDI-FORNECIMENTO"],"not_rendered":{"charts":0,"images":4,"macros":0,"external_links":0,"defined_names":4573,"comments":0,"pivot_tables":0},"unopened":[],"bounds":{"document_bytes":16777216,"sheet_cells":100000,"run_cost":"one","rows_first":2000,"rows_last":500,"rows_between":2000,"halvings":0,"cell_chars":16384,"cell_head_chars":4096},"cells_cut":0,"cells_raw":0,"read":"whole","date_system":"1900"}

{"sheet":"REGIÃO","index":0,"n_rows":9,"n_cols":12,"rows_kept":9,"cut":false,"hidden":false,"merged":[[1,1,1,9]]}
[]
[null,"RESUMO DA REGIÃO"]
[null,"Todos","BDI SERVICO","BDI INSUMO","QUANTIDADE POÇOS PARCIALMENTE REVESTIDO","PREÇO UNIT","PREÇO TOTAL","QUANTIDADE POÇOS TOTALMENTE REVESTIDO","PREÇO UNIT","PREÇO TOTAL"]
[null,"GOIÁS",{"$f":"'BDI-SERVICOS'!D22","v":0.23780000000000001},{"$f":"'BDI-FORNECIMENTO'!C28","v":0.14692012195121973},108,{"$f":"'Orçamento Sintético - GO - P'!L2","v":119706.78416666666},{"$f":"F4*E4","v":12928332.689999999},42,{"$f":"'Orçamento Sintético - GO - T'!L2","v":187085.34333333332},{"$f":"I4*H4","v":7857584.4199999999},null,{"$f":"J4+G4","v":20785917.109999999}]
[null,"TOCANTINS",{"$f":"'BDI-SERVICOS'!D22","v":0.23780000000000001},{"$f":"'BDI-FORNECIMENTO'!C28","v":0.14692012195121973},69,{"$f":"'Orçamento Sintético - TO - P'!L2","v":118890.39347826087},{"$f":"F5*E5","v":8203437.1500000004},81,{"$f":"'Orçamento Sintético - TO - T'!L2","v":187195.15395061727},{"$f":"I5*H5","v":15162807.469999999},null,{"$f":"J5+G5","v":23366244.619999997}]
[null,"DISTRITO FEDERAL",{"$f":"'BDI-SERVICOS'!D22","v":0.23780000000000001},{"$f":"'BDI-FORNECIMENTO'!C28","v":0.14692012195121973},35,{"$f":"'Orçamento Sintético - DF - P'!L2","v":125320.33028571427},4386211.5599999996,15,{"$f":"'Orçamento Sintético - DF - T'!L2","v":189996.182},2849942.73,null,7236154.2899999991]
[null,"MINAS GERAIS",{"$f":"'BDI-SERVICOS'!D22","v":0.23780000000000001},{"$f":"'BDI-FORNECIMENTO'!C28","v":0.14692012195121973},44,{"$f":"'Orçamento Sintético - MG - P'!L2","v":118119.58068181817},5197261.55,6,{"$f":"'Orçamento Sintético - MG - T'!L2","v":187718.15666666665},1126308.94,null,6323570.4900000002]
[]
[null,"DATABASE DO ORÇAMENTO: SETEMBRO/2025 - NÃO DESONERADO",{"$nulls":5},"TOTAL REGIAO",{"$f":"(SUM(G4:G7)+SUM(J4:J7))","v":57711886.510000005}]

{"sheet":"CAPA GO","index":1,"n_rows":7,"n_cols":2,"rows_kept":7,"cut":false,"hidden":false,"merged":[[6,1,16,11]]}
[]
[]
[]
[]
[]
[]
[null,"EXECUÇÃO DE SERVIÇOS DE PERFURAÇÃO E INSTALAÇÃO DE POÇOS TUBULARES EM GOIÁS"]

{"sheet":"Planilha Resumo GO","index":2,"n_rows":15,"n_cols":7,"rows_kept":15,"cut":false,"hidden":false,"merged":[[12,1,12,2],[14,1,14,2],[1,1,1,6],[2,1,2,6],[3,1,3,6],[4,1,4,6],[8,1,8,2],[8,4,8,5],[12,4,12,6],[14,4,14,6]]}
[]
[null,"OBJETO: EXECUÇÃO DE SERVIÇOS DE PERFURAÇÃO E INSTALAÇÃO DE POÇOS TUBULARES EM MUNICÍPIOS LOCALIZADOS NO GOIÁS, NA ÁREA DE ATUAÇÃO DA CODEVASF"]
[null,"PLANILHA ORÇAMENTÁRIA ESTIMATIVA GERAL"]
[null,"DATABASE DO ORÇAMENTO: SETEMBRO/2025 - NÃO DESONERADO"]
[null,"PLANILHA RESUMIDA - Grupo 1 GOIÁS"]
[null,"ITEM","DISCRIMINAÇÃO","UND","Quantidade de Poços","PREÇO \nUNITÁRIO","TOTAL"]
[null,1,"Perfuração e instalação de poço tubular parcialmente revestido, instalado com sistema fotovoltaico, bomba submersa, reservatório e bebedouro para animais.","un",{"$f":"'Orçamento Sintético - GO - P'!H2","v":108},{"$f":"'Orçamento Sintético - GO - P'!L2","v":119706.78416666666},{"$f":"F7*E7","v":12928332.689999999}]
[null,2,"Perfuração e instalação de poços poço tubular totalmente revestido, instalado com sistema fotovoltaico, bomba submersa, reservatório e bebedouro para animais.","un",{"$f":"'Orçamento Sintético - GO - T'!H2","v":42},{"$f":"'Orçamento Sintético - GO - T'!L2","v":187085.34333333332},{"$f":"F8*E8","v":7857584.4199999999}]
[null,"TOTAL GERAL ESTIMADO GRUPO",null,"un",{"$f":"E7+E8","v":150},null,{"$f":"SUM(G8+G7)","v":20785917.109999999}]
[]
[]
[]
[null,"Base de Preços Consultados",null,null,"SBC 09/2025 \nSINAPI 08/2025\nSICRO 04/2025\nORSE 06/2025\nCPOS/CDHU 06/2025\nEMBASA 06/2025\nSEINFRA 028\nSIURB 01/2025"]
[]
[null,"Encargos Sociais",null,null,"Não Desonerado: \nHorista: 108,84%\nMensalista: 67,24%"]

{"sheet":"Orçamento Sintético - GO - P","index":3,"n_rows":59,"n_cols":13,"rows_kept":59,"cut":false,"hidden":false,"merged":[[0,2,1,5]]}
[null,null,"OBJETO: EXECUÇÃO DE SERVIÇOS DE PERFURAÇÃO E INSTALAÇÃO DE POÇOS TUBULARES EM MUNICÍPIOS LOCALIZADOS NO GOIÁS, NA ÁREA DE ATUAÇÃO DA CODEVASF",{"$nulls":4},"Quantidade de Poços","BDI SERVIÇO","BDI INSUMO","Total","Preço Unitário Por Poço","Desconto"]
[{"$nulls":7},108,0.23780000000000001,0.1469,{"$f":"SUM(K4+K8+K12+K17+K23+K26+K28+K30+K32+K40+K42+K48+K51)","v":12928332.689999999},{"$f":"K2/H2","v":119706.78416666666},0]
["Item","Código","Banco","TIPO","Descrição.","un.","Mem. calc.","Quanti.","Valor Unit","Valor Unit com BDI","Total","Peso (%)"]
[1,null,null,null,"Serviços preliminares.",{"$nulls":5},{"$f":"SUM(K5:K7)","v":153962.68},{"$f":"K4/$K$2","v":1.1908935490118486E-2}]
["1.1","COMPOSIÇÃO - 1","Próprio","Serviço","Administração local da obra - poço parcialmente revestido.","un.",1,{"$f":"G5*$H$2","v":108},{"$f":"VLOOKUP(B5,'Orçamento Analítico - GO - P'!B:J,8,0)*(1-$M$2)","v":213.67649999999998},{"$f":"ROUND(I5*(1+$I$2),2)","v":264.49},{"$f":"ROUND(J5*H5,2)","v":28564.92},{"$f":"K5/$K$2","v":2.2094821261905507E-3}]
["1.2","COMPOSIÇÃO - 2","Próprio","Serviço","Serviço de locação geológica de campo com relatório hidro geológico e perfil construtivo e geológico esperado. relatório de viabilidade de implantação das estruturas e vistorias preliminares.","un.",1,{"$f":"G6*$H$2","v":108},{"$f":"VLOOKUP(B6,'Orçamento Analítico - GO - P'!B:J,8,0)*(1-$M$2)","v":602.65},{"$f":"ROUND(I6*(1+$I$2),2)","v":745.96},{"$f":"ROUND(J6*H6,2)","v":80563.679999999993},{"$f":"K6/$K$2","v":6.2315599336576167E-3}]
["1.3",103689,"SINAPI","Serviço","Fornecimento e instalação de placa de obra com chapa galvanizada e estrutura de madeira. .","m²",0.72,{"$f":"G7*$H$2","v":77.759999999999991},{"$f":"VLOOKUP(B7,'Orçamento Analítico - GO - P'!B:J,8,0)*(1-$M$2)","v":465.8},{"$f":"ROUND(I7*(1+$I$2),2)","v":576.57000000000005},44834.080000000002,3.467893430270319E-3]
[2,null,null,null,"Mobilizaçâo e desmobilizaçâo equipes perfuraçâo e instalação.",{"$nulls":5},{"$f":"SUM(K9:K11)","v":266328},{"$f":"K8/$K$2","v":2.0600336206230474E-2}]
["2.1","COMPOSIÇÃO - 3","Próprio","Serviço","Transporte de comboio perfuração.","km",150,{"$f":"G9*$H$2","v":16200},{"$f":"VLOOKUP(B9,'Orçamento Analítico - GO - P'!B:J,8,0)*(1-$M$2)","v":4.7499326000000002},{"$f":"ROUND(I9*(1+$I$2),2)","v":5.88},95256,{"$f":"K9/$K$2","v":7.368003460622578E-3}]
["2.2","COMPOSIÇÃO - 4","Próprio","Serviço","Transporte de comboio instalação.","km",150,{"$f":"G10*$H$2","v":16200},{"$f":"VLOOKUP(B10,'Orçamento Analítico - GO - P'!B:J,8,0)*(1-$M$2)","v":5.9336256000000001},{"$f":"ROUND(I10*(1+$I$2),2)","v":7.34},118908,9.1974737076479119E-3]
["2.3","COMPOSIÇÃO - 5","Próprio","Serviço","Transporte de equipe teste de vazão.","km",150,16200,{"$f":"VLOOKUP(B11,'Orçamento Analítico - GO - P'!B:J,8,0)*(1-$M$2)","v":2.604457},{"$f":"ROUND(I11*(1+$I$2),2)","v":3.22},52164,4.0348590379599833E-3]
[3,null,null,null,"Perfuração e completação de poço tubular.",{"$nulls":5},{"$f":"SUM(K13:K16)","v":3039205.97},{"$f":"K12/$K$2","v":0.2350810458606786}]
["3.1",5048,"ORSE","Serviço","Perfuraçao em rocha cristalina - rocha cristalina alterada / compacta dn 6\" (poço até 120m).","m",90,{"$f":"G13*$H$2","v":9720},{"$f":"VLOOKUP(B13,'Orçamento Analítico - GO - P'!B:J,8,0)*(1-$M$2)","v":125.23},{"$f":"ROUND(I13*(1+$I$2),2)","v":155.01},{"$f":"ROUND(J13*H13,2)","v":1506697.2},0.1165422669827659]
["3.2",5057,"ORSE","Serviço","Perfuração rocha sedimentar sedimento / camadas inconsolidadas dn 12.1/2\" - poço até 150m.","m",30,{"$f":"G14*$H$2","v":3240},{"$f":"VLOOKUP(B14,'Orçamento Analítico - GO - P'!B:J,8,0)*(1-$M$2)","v":247.66},{"$f":"ROUND(I14*(1+$I$2),2)","v":306.55},{"$f":"ROUND(J14*H14,2)","v":993222},7.6825219756933724E-2]
["3.3","COMPOSIÇÃO - 6","Próprio","Serviço","Serviço de lançamento cimentação anelar, incluso materiais.","m³",1.6,{"$f":"G15*$H$2","v":172.8},{"$f":"VLOOKUP(B15,'Orçamento Analítico - GO - P'!B:J,8,0)*(1-$M$2)","v":521.34},{"$f":"ROUND(I15*(1+$I$2),2)","v":645.30999999999995},{"$f":"ROUND(J15*H15,2)","v":111509.57},8.6252088860810407E-3]
["3.4",9854,"SINAPI","Insumo","Tubo pvc de revestimento geomecanico nervurado standard, dn = 154 mm, comprimento = 2 m.","m",30,{"$f":"G16*$H$2","v":3240},{"$f":"VLOOKUP(B16,'Orçamento Analítico - GO - P'!B:J,8,0)*(1-$M$2)","v":115.12},{"$f":"ROUND(I16*(1+$J$2),2)","v":132.03},{"$f":"ROUND(J16*H16,2)","v":427777.2},3.3088350234897923E-2]
[4,null,null,null,"Pós perfuração.",{"$nulls":5},{"$f":"SUM(K18:K22)","v":1284535.7999999998},{"$f":"K17/$K$2","v":9.9358194966129063E-2}]
["4.1",6305,"ORSE","Serviço","Desenvolvimento com compressor 250psi / 750cfm.","h",2,{"$f":"G18*$H$2","v":216},{"$f":"VLOOKUP(B18,'Orçamento Analítico - GO - P'!B:J,8,0)*(1-$M$2)","v":411.16},{"$f":"ROUND(I18*(1+$I$2),2)","v":508.93},{"$f":"ROUND(J18*H18,2)","v":109928.88},8.5029433134119013E-3]
["4.2","COMPOSIÇÃO - 7","Próprio","Serviço","Inspeção ótica em poço tubular câmera com rotação de 360º, visada lateral, com fonte própria de luz, entregue vídeo em cores e marcação de profundidades.","m",120,{"$f":"G19*$H$2","v":12960},{"$f":"VLOOKUP(B19,'Orçamento Analítico - GO - P'!B:J,8,0)*(1-$M$2)","v":9.6404600000000009},{"$f":"ROUND(I19*(1+$I$2),2)","v":11.93},{"$f":"ROUND(J19*H19,2)","v":154612.79999999999},1.1959221943568348E-2]
["4.3","COMPOSIÇÃO - 8","Próprio","Serviço","Serviço de coleta e análise físico-química e bacteriológica.","un.",1,108,{"$f":"VLOOKUP(B20,'Orçamento Analítico - GO - P'!B:J,8,0)*(1-$M$2)","v":621.19000000000005},768.91,83042.28,6.4232783910513677E-3]
["4.4"," 24.80.22 ","EMBASA","Serviço","(REVISADA) DESENVOLVIMENTO OU TESTE COM BOMBA SUBMERSA - UEB1 NO SEDIMENTO COM VAZAO < 60M3 (Ensaio de bombeamento poço tubular incluso materiais e grupo gerador)","h",24,2592,{"$f":"VLOOKUP(B21,'Orçamento Analítico - GO - P'!B:J,8,0)*(1-$M$2)","v":263.27},325.88,844680.96,6.5335645380889401E-2]
["4.5","COMPOSIÇÃO - 9","Próprio","Serviço","Serviço de instalação de laje sanitária com dimensões (1,5x1,5x0,3) metros , incluso material.","un.",1,108,{"$f":"VLOOKUP(B22,'Orçamento Analítico - GO - P'!B:J,8,0)*(1-$M$2)","v":690.22800000000007},854.36,92270.88,7.1371059372080572E-3]
[5,null,null,null,"Reservação.",{"$nulls":5},{"$f":"SUM(K24:K25)","v":2324730.46},{"$f":"K23/$K$2","v":0.17981672623556225}]
["5.1","COMPOSIÇÃO - 10","Próprio","Serviço","Fornecimento e instalação de reservatório e base elevada 10 m³.","un.",0.8,86.4,{"$f":"VLOOKUP(B24,'Orçamento Analítico - GO - P'!B:J,8,0)*(1-$M$2)","v":19616.621879999999},24281.45,2097917.2799999998,0.16227284138678827]
["5.2","COMPOSIÇÃO - 11","Próprio","Serviço","Fornecimento e execução de reservatório apoiado de 5 m³.","un.",0.2,21.6,{"$f":"VLOOKUP(B25,'Orçamento Analítico - GO - P'!B:J,8,0)*(1-$M$2)","v":8483.2842999999993},10500.61,226813.18,1.7543884848773953E-2]
[6,null,null,null,"Bebedouro.",{"$nulls":5},{"$f":"SUM(K27:K27)","v":269058.24},{"$f":"K26/$K$2","v":2.0811518890453306E-2}]
["6.1","COMPOSIÇÃO - 12","Próprio","Serviço","Serviço de execução do bebedouro em concreto armado, incluso materiais.","un.",1,108,{"$f":"VLOOKUP(B27,'Orçamento Analítico - GO - P'!B:J,8,0)*(1-$M$2)","v":2012.6651999999999},2491.2800000000002,269058.24,2.0811518890453306E-2]
[7,null,null,null,"Chafariz.",{"$nulls":5},{"$f":"SUM(K29:K29)","v":126585.72},{"$f":"K28/$K$2","v":9.791341469570428E-3}]
["7.1","COMPOSIÇÃO - 13","Próprio","Serviço","Fornecimento de material e instalação do chafariz.","un.",1,108,{"$f":"VLOOKUP(B29,'Orçamento Analítico - GO - P'!B:J,8,0)*(1-$M$2)","v":946.91608546400005},1172.0899999999999,126585.72,9.791341469570428E-3]
[8,null,null,null,"Cavalete.",{"$nulls":5},{"$f":"SUM(K31:K31)","v":308750.40000000002},{"$f":"K30/$K$2","v":2.3881687407287785E-2}]
["8.1","COMPOSIÇÃO - 14","Próprio","Serviço","Fornecimento de conexões e instalação do cavalete com hidrômetro e clorador de pastilhas.","un.",1,108,{"$f":"VLOOKUP(B31,'Orçamento Analítico - GO - P'!B:J,8,0)*(1-$M$2)","v":2309.58},2858.8,308750.40000000002,2.3881687407287785E-2]
[9,null,null,null,"Instalações hidráulicas.",{"$nulls":5},{"$f":"SUM(K33:K39)","v":1902229.17},{"$f":"K32/$K$2","v":0.14713646497288585}]
["9.1","COMPOSIÇÃO - 15","Próprio","Serviço","Instalação da rede adutora poço-reservatório-bebedouro em pn80 e dn50mm.","m",400,43200,{"$f":"VLOOKUP(B33,'Orçamento Analítico - GO - P'!B:J,8,0)*(1-$M$2)","v":6.4500000000000011},7.98,344736,2.6665155381300758E-2]
["9.2",9875,"SINAPI","Insumo","TUBO PVC, SOLDAVEL, DE 50 MM, AGUA FRIA (NBR-5648)","m",400,{"$f":"G34*H2","v":43200},{"$f":"VLOOKUP(B34,'Orçamento Analítico - GO - P'!B:J,8,0)*(1-$M$2)","v":17.21},{"$f":"ROUND(I34*(1+$J$2),2)","v":19.739999999999998},{"$f":"J34*H34","v":852767.99999999988},6.5961173837954495E-2]
["9.3","COMPOSIÇÃO - 16","Próprio","Serviço","Montagem hidráulica do equipamento de bombeamento.","un.",1,108,{"$f":"VLOOKUP(B35,'Orçamento Analítico - GO - P'!B:J,8,0)*(1-$M$2)","v":160.74},198.96,21487.68,{"$f":"K35/$K$2","v":1.6620611888043856E-3}]
["9.4",38200,"SINAPI","Insumo","Corda de poliamida 12 mm tipo bombeiro, para trabalho em altura.","100m",0.93,100.44000000000001,{"$f":"VLOOKUP(B36,'Orçamento Analítico - GO - P'!B:J,8,0)*(1-$M$2)","v":348.48},{"$f":"ROUND(I36*(1+$J$2),2)","v":399.67},40142.85,3.1050291605699697E-3]
["9.5",9860,"SINAPI","Insumo","Tubo pvc, roscavel,  2\", para agua fria predial.","m",90,9720,{"$f":"VLOOKUP(B37,'Orçamento Analítico - GO - P'!B:J,8,0)*(1-$M$2)","v":49.99},{"$f":"ROUND(I37*(1+$J$2),2)","v":57.33},557247.6,4.3102820244642077E-2]
["9.6",3912,"SINAPI","Insumo","Luva de ferro galvanizado, com rosca bsp, de 2\".","un.",16,1728,{"$f":"VLOOKUP(B38,'Orçamento Analítico - GO - P'!B:J,8,0)*(1-$M$2)","v":36.61},{"$f":"ROUND(I38*(1+$J$2),2)","v":41.99},72558.720000000001,5.6123803231118742E-3]
["9.7",5128,"ORSE","Insumo","Tampa de poço galvanizada em 6\" un.","un.",1,108,{"$f":"VLOOKUP(B39,'Orçamento Analítico - GO - P'!B:J,8,0)*(1-$M$2)","v":107.28},{"$f":"ROUND(I39*(1+$J$2),2)","v":123.04},13288.32,1.0278448365022698E-3]
[10,null,null,null,"Estrutura de fixação para módulos fotovoltáicos.",{"$nulls":5},{"$f":"SUM(K41:K41)","v":137494.37},1.0635120034182845E-2]
["10.1","COMPOSIÇÃO - 17","Próprio","Serviço","Serviço de fixação de estruturas para os módulos fotovoltaicos e suportes de concreto, incluso materiais.","m²",10.119999999999999,{"$f":"G41*$H$2","v":1092.9599999999998},{"$f":"VLOOKUP(B41,'Orçamento Analítico - GO - P'!B:J,8,0)*(1-$M$2)","v":101.629992},{"$f":"ROUND(I41*(1+$I$2),2)","v":125.8},{"$f":"ROUND(J41*H41,2)","v":137494.37},{"$f":"K41/$K$2","v":1.0635120034182845E-2}]
[11,null,null,null,"Instalações elétricas e bóia elétrica.",{"$nulls":5},{"$f":"SUM(K43:K47)","v":1551309.8399999999},{"$f":"K42/$K$2","v":0.11999303214094501}]
["11.1","COMPOSIÇÃO - 18","Próprio","Serviço","Montagem e instalação elétrica do kit de bombeamento e sistema fotovoltaico inclusive sistema de aterramento.","un.",1,{"$f":"G43*$H$2","v":108},{"$f":"VLOOKUP(B43,'Orçamento Analítico - GO - P'!B:J,8,0)*(1-$M$2)","v":983.31100000000004},{"$f":"ROUND(I43*(1+$I$2),2)","v":1217.1400000000001},{"$f":"ROUND(J43*H43,2)","v":131451.12},{"$f":"K43/$K$2","v":1.0167677700750753E-2}]
["11.2",34622,"SINAPI","Insumo","Fornecimento de  cabo flexivel pvc 750 v, 3 condutores de 6,0 mm2.","m",105,11340,{"$f":"VLOOKUP(B44,'Orçamento Analítico - GO - P'!B:J,8,0)*(1-$M$2)","v":22.34},{"$f":"ROUND(I44*(1+$J$2),2)","v":25.62},290530.8,2.2472410554898861E-2]
["11.3","COMPOSIÇÃO - 19","Próprio","Serviço","Fornecimento e instalação de automático de bóia superior e inferior.","un.",1,{"$f":"G45*$H$2","v":108},{"$f":"VLOOKUP(B45,'Orçamento Analítico - GO - P'!B:J,8,0)*(1-$M$2)","v":56.607500000000009},{"$f":"ROUND(I45*(1+$I$2),2)","v":70.069999999999993},{"$f":"ROUND(J45*H45,2)","v":7567.56},5.8534694159390489E-4]
["11.4",39257,"SINAPI","Insumo","Cabo multipolar de cobre, flexivel, classe 4 ou 5, isolacao em hepr, cobertura em pvc-st2, antichama bwf-b, 0,6/1 kv, 3 condutores de 1,5 mm2.","m",200,21600,{"$f":"VLOOKUP(B46,'Orçamento Analítico - GO - P'!B:J,8,0)*(1-$M$2)","v":6.07},{"$f":"ROUND(I46*(1+$J$2),2)","v":6.96},150336,1.162841362492815E-2]
["11.5","COTAÇÃO-001","Próprio","Insumo","Fornecimento de kit de bombeamento fotovoltaico, incluindo uma bomba cc de 1500w com controladora de carga externa, caixa de proteção metálica, módulos fotovoltaicos compatíveis com a geração de 2200wp além de componentes elétricos necessários para interligação dos painéis, como cabos, conectores mc4 e presilhas de fixação.","un.",1,{"$f":"G47*$H$2","v":108},{"$f":"VLOOKUP(B47,'Orçamento Analítico - GO - P'!B:J,8,0)*(1-$M$2)","v":7842.59},{"$f":"ROUND(I47*(1+$J$2),2)","v":8994.67},{"$f":"ROUND(J47*H47,2)","v":971424.36},{"$f":"K47/$K$2","v":7.5139183318773339E-2}]
[12,null,null,null,"Urbanização.",{"$nulls":5},{"$f":"SUM(K49:K50)","v":405134.45999999996},{"$f":"K48/$K$2","v":3.1336945738824423E-2}]
["12.1","COMPOSIÇÃO - 20","Próprio","Serviço","Cerca com mourões de concreto de 15x15cm, espaçados de 3m e cravados a 0,5m, escoras de 10x10cm nos cantos, e 9 fios de arame de aço ovalado 15x17.","m",28,{"$f":"G49*$H$2","v":3024},{"$f":"VLOOKUP(B49,'Orçamento Analítico - GO - P'!B:J,8,0)*(1-$M$2)","v":88.632856000000004},{"$f":"ROUND(I49*(1+$I$2),2)","v":109.71},{"$f":"ROUND(J49*H49,2)","v":331763.03999999998},{"$f":"K49/$K$2","v":2.5661703481425491E-2}]
["12.2","COMPOSIÇÃO - 21","Próprio","Serviço","Serviço de instalação de portão de ferro com suporte e batedor conforme projeto, incluso material.","m²",1.5,162,{"$f":"VLOOKUP(B50,'Orçamento Analítico - GO - P'!B:J,8,0)*(1-$M$2)","v":365.90215999999998},452.91,73371.42,{"$f":"K50/$K$2","v":5.6752422573989316E-3}]
[13,null,null,null,"Outros serviços e insumos excepcionais.",{"$nulls":5},{"$f":"SUM(K52:K59)","v":1159007.5799999998},{"$f":"K51/$K$2","v":8.9648650587131506E-2}]
["13.1","COMPOSIÇÃO - 22","Próprio","Serviço","Fornecimento e instalação do pré filtro para revestimento interno.","m³",1.212,{"$f":"G52*$H$2","v":130.89599999999999},{"$f":"VLOOKUP(B52,'Orçamento Analítico - GO - P'!B:J,8,0)*(1-$M$2)","v":1655.0100000000002},{"$f":"ROUND(I52*(1+$I$2),2)","v":2048.5700000000002},{"$f":"ROUND(J52*H52,2)","v":268149.62},{"$f":"K52/$K$2","v":2.0741237592641189E-2}]
["13.2","COMPOSIÇÃO - 23","Próprio","Serviço","Execução de tamponamento conforme especificação.","m³",0.24,25.919999999999998,{"$f":"VLOOKUP(B53,'Orçamento Analítico - GO - P'!B:J,8,0)*(1-$M$2)","v":647.58000000000004},801.57,20776.689999999999,1.6070664716163023E-3]
["13.3","COMPOSIÇÃO - 24","Próprio","Serviço","Fornecimento e instalação do filtro para revestimento interno ø 4 1/2\".","m",0.6,64.8,{"$f":"VLOOKUP(B54,'Orçamento Analítico - GO - P'!B:J,8,0)*(1-$M$2)","v":127.98650000000001},158.41999999999999,10265.620000000001,7.9404051907949475E-4]
["13.4","COMPOSIÇÃO - 25","Próprio","Serviço","Fornecimento e instalação do revestimento interno ø 4 1/2\".","m",34.799999999999997,3758.3999999999996,{"$f":"VLOOKUP(B55,'Orçamento Analítico - GO - P'!B:J,8,0)*(1-$M$2)","v":118.4365},146.6,550981.43999999994,4.2618135935361665E-2]
["13.5"," M3929 ","SICRO3","Insumo","Tubo em aço-carbono - e = 3,00 mm e d = 150 mm (6\").","m",9,972,{"$f":"VLOOKUP(B56,'Orçamento Analítico - GO - P'!B:J,8,0)*(1-$M$2)","v":148.57},{"$f":"ROUND(I56*(1+$J$2),2)","v":170.39},165619.07999999999,1.2810552139341643E-2]
["13.6",5108,"Orse","Insumo","Revestimento tubo liso aço sch-40 em 8\"","m",6,648,{"$f":"VLOOKUP(B57,'Orçamento Analítico - GO - P'!B:J,8,0)*(1-$M$2)","v":164.55},{"$f":"ROUND(I57*(1+$J$2),2)","v":188.72},122290.56,9.4591130142087955E-3]
["13.7"," M039706073 ","EMBASA","Insumo","Filtro nold em aço galvanizado dn 6\".","m",0.04,4.32,{"$f":"VLOOKUP(B58,'Orçamento Analítico - GO - P'!B:J,8,0)*(1-$M$2)","v":835.86},{"$f":"ROUND(I58*(1+$J$2),2)","v":958.65},4141.37,3.2033287658224705E-4]
["13.8","COMPOSIÇÃO - 26","Próprio","Serviço","Limpeza manual , remoção de cerca, capina e instalação dos equipamentos (área do poço, painéis solares, bebedouro e reservatório).","m²",70,{"$f":"G59*$H$2","v":7560},{"$f":"VLOOKUP(B59,'Orçamento Analítico - GO - P'!B:J,8,0)*(1-$M$2)","v":1.7936000000000001},{"$f":"ROUND(I59*(1+$I$2),2)","v":2.2200000000000002},{"$f":"ROUND(J59*H59,2)","v":16783.2},{"$f":"K59/$K$2","v":1.2981720383001686E-3}]

{"sheet":"Orçamento Analítico - GO - P","index":4,"n_rows":425,"n_cols":10,"rows_kept":425,"cut":false,"hidden":false,"merged":[[400,7,400,8],[404,4,404,5],[406,7,406,8],[410,4,410,5],[412,7,412,8],[416,4,416,5],[418,7,418,8],[423,4,423,5],[403,4,403,5],[409,4,409,5],[415,4,415,5],[362,7,362,8],[365,5,365,6],[371,4,371,5],[373,7,373,8],[380,4,380,5],[382,7,382,8],[389,4,389,5],[391,7,391,8],[398,4,398,5],[366,4,366,5],[367,4,367,5],[368,4,368,5],[369,4,369,5],[370,4,370,5],[376,4,376,5],[377,4,377,5],[378,4,378,5],[379,4,379,5],[385,4,385,5],[386,4,386,5],[387,4,387,5],[388,4,388,5],[394,4,394,5],[395,4,395,5],[325,7,325,8],[329,4,329,5],[331,7,331,8],[335,4,335,5],[337,7,337,8],[340,5,340,6],[349,4,349,5],[351,7,351,8],[360,4,360,5],[354,4,354,5],[355,4,355,5],[356,4,356,5],[342,4,342,5],[343,4,343,5],[344,4,344,5],[345,4,345,5],[346,4,346,5],[347,4,347,5],[348,4,348,5],[357,4,357,5],[358,4,358,5],[359,4,359,5],[341,4,341,5],[328,4,328,5],[280,7,280,8],[283,5,283,6],[290,7,290,8],[293,5,293,6],[306,4,306,5],[308,7,308,8],[312,4,312,5],[314,7,314,8],[285,4,285,5],[286,4,286,5],[287,4,287,5],[288,4,288,5],[294,4,294,5],[295,4,295,5],[296,4,296,5],[297,4,297,5],[298,4,298,5],[299,4,299,5],[300,4,300,5],[301,4,301,5],[302,4,302,5],[284,4,284,5],[254,4,254,5],[256,7,256,8],[260,4,260,5],[262,7,262,8],[266,4,266,5],[268,7,268,8],[272,4,272,5],[274,7,274,8],[278,4,278,5],[259,4,259,5],[265,4,265,5],[271,4,271,5],[277,4,277,5],[184,7,184,8],[187,5,187,6],[210,7,210,8],[213,5,213,6],[230,4,230,5],[235,7,235,8],[238,5,238,6],[191,4,191,5],[192,4,192,5],[193,4,193,5],[194,4,194,5],[195,4,195,5],[196,4,196,5],[197,4,197,5],[198,4,198,5],[199,4,199,5],[188,4,188,5],[189,4,189,5],[190,4,190,5],[231,4,231,5],[232,4,232,5],[233,4,233,5],[129,5,129,6],[155,7,155,8],[168,4,168,5],[169,4,169,5],[138,4,138,5],[139,4,139,5],[140,4,140,5],[141,4,141,5],[142,4,142,5],[143,4,143,5],[144,4,144,5],[152,4,152,5],[153,4,153,5],[158,4,158,5],[159,4,159,5],[160,4,160,5],[161,4,161,5],[162,4,162,5],[163,4,163,5],[164,4,164,5],[165,4,165,5],[166,4,166,5],[92,7,92,8],[98,4,98,5],[100,7,100,8],[106,4,106,5],[108,7,108,8],[114,4,114,5],[116,7,116,8],[124,4,124,5],[126,7,126,8],[18,4,18,5],[20,7,20,8],[31,4,31,5],[33,7,33,8],[36,5,36,6],[40,4,40,5],[42,7,42,8],[48,4,48,5],[50,7,50,8],[251,4,251,5],[252,4,252,5],[253,4,253,5],[215,4,215,5],[216,4,216,5],[217,4,217,5],[218,4,218,5],[219,4,219,5],[220,4,220,5],[243,4,243,5],[245,4,245,5],[248,7,248,8],[200,4,200,5],[201,4,201,5],[202,4,202,5],[203,4,203,5],[204,4,204,5],[205,4,205,5],[206,4,206,5],[207,4,207,5],[208,4,208,5],[239,4,239,5],[240,4,240,5],[241,4,241,5],[242,4,242,5],[214,4,214,5],[228,4,228,5],[229,4,229,5],[227,4,227,5],[221,4,221,5],[222,4,222,5],[223,4,223,5],[224,4,224,5],[225,4,225,5],[226,4,226,5],[396,4,396,5],[397,4,397,5],[421,4,421,5],[422,4,422,5],[62,4,62,5],[68,4,68,5],[74,4,74,5],[75,4,75,5],[81,4,81,5],[88,4,88,5],[89,4,89,5],[133,4,133,5],[134,4,134,5],[135,4,135,5],[103,4,103,5],[104,4,104,5],[105,4,105,5],[136,4,136,5],[137,4,137,5],[180,4,180,5],[181,4,181,5],[182,4,182,5],[167,4,167,5],[322,4,322,5],[14,4,14,5],[15,4,15,5],[16,4,16,5],[17,4,17,5],[23,4,23,5],[24,4,24,5],[95,4,95,5],[96,4,96,5],[97,4,97,5],[25,4,25,5],[26,4,26,5],[27,4,27,5],[28,4,28,5],[29,4,29,5],[30,4,30,5],[37,4,37,5],[38,4,38,5],[39,4,39,5],[45,4,45,5],[46,4,46,5],[47,4,47,5],[53,4,53,5],[54,4,54,5],[55,4,55,5],[0,2,2,7],[3,0,3,9],[4,5,4,6],[6,4,6,5],[7,4,7,5],[8,4,8,5],[5,5,5,6],[9,4,9,5],[11,7,11,8],[56,4,56,5],[58,7,58,8],[131,4,131,5],[132,4,132,5],[121,4,121,5],[122,4,122,5],[123,4,123,5],[130,4,130,5],[111,4,111,5],[112,4,112,5],[113,4,113,5],[119,4,119,5],[120,4,120,5],[61,5,61,6],[63,4,63,5],[65,7,65,8],[69,4,69,5],[71,7,71,8],[76,4,76,5],[78,7,78,8],[82,4,82,5],[84,7,84,8],[87,5,87,6],[90,4,90,5],[171,7,171,8],[174,5,174,6],[175,4,175,5],[176,4,176,5],[177,4,177,5],[178,4,178,5],[179,4,179,5],[145,4,145,5],[146,4,146,5],[147,4,147,5],[148,4,148,5],[149,4,149,5],[150,4,150,5],[151,4,151,5],[334,4,334,5],[303,4,303,5],[304,4,304,5],[305,4,305,5],[311,4,311,5],[317,4,317,5],[318,4,318,5],[319,4,319,5],[320,4,320,5],[321,4,321,5],[323,4,323,5]]}
[null,null,"OBJETO: EXECUÇÃO DE SERVIÇOS DE PERFURAÇÃO E INSTALAÇÃO DE POÇOS TUBULARES EM MUNICÍPIOS LOCALIZADOS NO GOIÁS, NA ÁREA DE ATUAÇÃO DA CODEVASF"]
[]
[]
["PLANILHA ANALÍTICA - POÇO PARCIALMENTE REVESTIDO - GOIÁS"]
[1,null,null,"Serviços preliminares."]
[" 1 ",null,null,"SERVIÇOS PRELIMINARES",{"$nulls":5},1457.27]
[" 1.1 ","Código","Banco","Descrição","Tipo",null,"Und","Quant.","Valor Unit","Total"]
["Composição","COMPOSIÇÃO - 1","Próprio","Administração Local da Obra - Poço Parcialmente Revestido","CANT - CANTEIRO DE OBRAS",null,"un",1,{"$f":"SUM(J9:J10)","v":213.67649999999998},{"$f":"I8*H8","v":213.67649999999998}]
["Composição Auxiliar",12710,"SBC","DESPESAS GERAIS DE MANUTENCAO CANTEIRO DE OBRAS","INSTALACOES PROVISORIAS",null,"MES",0.03,{"$f":"IF(C9=\"SINAPI\", IF( IF(A9=\"Insumo\", VLOOKUP(B9,'SINAPI INSUMOS'!B:F,5,0), VLOOKUP(B9,'SINAPI COMP'!B:F,4,0))=0,VLOOKUP(B9,'OUTRAS BASES'!C:D,2,0),IF(A9=\"Insumo\", VLOOKUP(B9,'SINAPI INSUMOS'!B:F,5,0),VLOOKUP(B9,'SINAPI COMP'!B:F,4,0))), VLOOKUP(B9,'OUTRAS BASES'!C:D,2,0))","v":910.61},{"$f":"I9*H9","v":27.318300000000001}]
["Composição Auxiliar",100321,"SINAPI","TÉCNICO EM SEGURANÇA DO TRABALHO COM ENCARGOS COMPLEMENTARES","Livro SINAPI: Cálculos e Parâmetros",null,"MES",0.03,{"$f":"IF(C10=\"SINAPI\", IF( IF(A10=\"Insumo\", VLOOKUP(B10,'SINAPI INSUMOS'!B:F,5,0), VLOOKUP(B10,'SINAPI COMP'!B:F,4,0))=0,VLOOKUP(B10,'OUTRAS BASES'!C:D,2,0),IF(A10=\"Insumo\", VLOOKUP(B10,'SINAPI INSUMOS'!B:F,5,0),VLOOKUP(B10,'SINAPI COMP'!B:F,4,0))), VLOOKUP(B10,'OUTRAS BASES'!C:D,2,0))","v":6211.94},{"$f":"I10*H10","v":186.35819999999998}]
[]
[]
[]
[]
[" 1.2 ","Código","Banco","Descrição","Tipo",null,"Und","Quant.","Valor Unit","Total"]
["Composição","COMPOSIÇÃO - 2","Próprio","Serviço de locação Geológica de campo com relatório hidro geológico e perfil construtivo e geológico esperado. Relatório de Viabilidade de implantação das estruturas e vistorias preliminares","SERT - SERVIÇOS TÉCNICOS",null,"un",1,{"$f":"SUM(J17:J19)","v":602.65},{"$f":"I16*H16","v":602.65}]
["Composição Auxiliar"," 30.01.45 ","EMBASA","GEOLOGO SENIOR",3001,null,"hora",5,{"$f":"IF(C17=\"SINAPI\", IF( IF(A17=\"Insumo\", VLOOKUP(B17,'SINAPI INSUMOS'!B:F,5,0), VLOOKUP(B17,'SINAPI COMP'!B:F,4,0))=0,VLOOKUP(B17,'OUTRAS BASES'!C:D,2,0),IF(A17=\"Insumo\", VLOOKUP(B17,'SINAPI INSUMOS'!B:F,5,0),VLOOKUP(B17,'SINAPI COMP'!B:F,4,0))), VLOOKUP(B17,'OUTRAS BASES'!C:D,2,0))","v":99.88},{"$f":"I17*H17","v":499.4}]
["Insumo",5896,"ORSE","Veículo tipo sedan ou pick-up capacidade 0,6 ton h","Equipamento",null,"h",5,{"$f":"IF(C18=\"SINAPI\", IF( IF(A18=\"Insumo\", VLOOKUP(B18,'SINAPI INSUMOS'!B:F,5,0), VLOOKUP(B18,'SINAPI COMP'!B:F,4,0))=0,VLOOKUP(B18,'OUTRAS BASES'!C:D,2,0),IF(A18=\"Insumo\", VLOOKUP(B18,'SINAPI INSUMOS'!B:F,5,0),VLOOKUP(B18,'SINAPI COMP'!B:F,4,0))), VLOOKUP(B18,'OUTRAS BASES'!C:D,2,0))","v":8.33},{"$f":"I18*H18","v":41.65}]
["Insumo",4222,"SINAPI","GASOLINA COMUM","Material",null,"L",10,{"$f":"IF(C19=\"SINAPI\", IF( IF(A19=\"Insumo\", VLOOKUP(B19,'SINAPI INSUMOS'!B:F,5,0), VLOOKUP(B19,'SINAPI COMP'!B:F,4,0))=0,VLOOKUP(B19,'OUTRAS BASES'!C:D,2,0),IF(A19=\"Insumo\", VLOOKUP(B19,'SINAPI INSUMOS'!B:F,5,0),VLOOKUP(B19,'SINAPI COMP'!B:F,4,0))), VLOOKUP(B19,'OUTRAS BASES'!C:D,2,0))","v":6.16},{"$f":"I19*H19","v":61.6}]
[]
[]
[]
[]
[" 1.3 ","Código","Banco","Descrição","Tipo",null,"Und","Quant.","Valor Unit","Total"]
["Composição",103689,"SINAPI","FORNECIMENTO E INSTALAÇÃO DE PLACA DE OBRA COM CHAPA GALVANIZADA E ESTRUTURA DE MADEIRA. AF_03/2022_PS","Sinalização Vertical Viária",null,"m²",1,{"$f":"IF(C25=\"SINAPI\", IF( IF(A25=\"Insumo\", VLOOKUP(B25,'SINAPI INSUMOS'!B:F,5,0), VLOOKUP(B25,'SINAPI COMP'!B:F,4,0))=0,VLOOKUP(B25,'OUTRAS BASES'!C:D,2,0),IF(A25=\"Insumo\", VLOOKUP(B25,'SINAPI INSUMOS'!B:F,5,0),VLOOKUP(B25,'SINAPI COMP'!B:F,4,0))), VLOOKUP(B25,'OUTRAS BASES'!C:D,2,0))","v":465.8},{"$f":"I25*H25","v":465.8}]
["Composição Auxiliar",102234,"SINAPI","PINTURA IMUNIZANTE PARA MADEIRA, 2 DEMÃOS. AF_01/2021","Pintura em Madeira",null,"m²",0.5,{"$f":"IF(C26=\"SINAPI\", IF( IF(A26=\"Insumo\", VLOOKUP(B26,'SINAPI INSUMOS'!B:F,5,0), VLOOKUP(B26,'SINAPI COMP'!B:F,4,0))=0,VLOOKUP(B26,'OUTRAS BASES'!C:D,2,0),IF(A26=\"Insumo\", VLOOKUP(B26,'SINAPI INSUMOS'!B:F,5,0),VLOOKUP(B26,'SINAPI COMP'!B:F,4,0))), VLOOKUP(B26,'OUTRAS BASES'!C:D,2,0))","v":23.09},{"$f":"I26*H26","v":11.545}]
["Composição Auxiliar",88262,"SINAPI","CARPINTEIRO DE FORMAS COM ENCARGOS COMPLEMENTARES","Livro SINAPI: Cálculos e Parâmetros",null,"H",0.37290000000000001,{"$f":"IF(C27=\"SINAPI\", IF( IF(A27=\"Insumo\", VLOOKUP(B27,'SINAPI INSUMOS'!B:F,5,0), VLOOKUP(B27,'SINAPI COMP'!B:F,4,0))=0,VLOOKUP(B27,'OUTRAS BASES'!C:D,2,0),IF(A27=\"Insumo\", VLOOKUP(B27,'SINAPI INSUMOS'!B:F,5,0),VLOOKUP(B27,'SINAPI COMP'!B:F,4,0))), VLOOKUP(B27,'OUTRAS BASES'!C:D,2,0))","v":31.69},11.817201000000001]
["Composição Auxiliar",88316,"SINAPI","SERVENTE COM ENCARGOS COMPLEMENTARES","Livro SINAPI: Cálculos e Parâmetros",null,"H",1.1186,{"$f":"IF(C28=\"SINAPI\", IF( IF(A28=\"Insumo\", VLOOKUP(B28,'SINAPI INSUMOS'!B:F,5,0), VLOOKUP(B28,'SINAPI COMP'!B:F,4,0))=0,VLOOKUP(B28,'OUTRAS BASES'!C:D,2,0),IF(A28=\"Insumo\", VLOOKUP(B28,'SINAPI INSUMOS'!B:F,5,0),VLOOKUP(B28,'SINAPI COMP'!B:F,4,0))), VLOOKUP(B28,'OUTRAS BASES'!C:D,2,0))","v":22.42},25.079012000000002]
["Insumo",4509,"SINAPI","SARRAFO *2,5 X 10* CM EM PINUS, MISTA OU EQUIVALENTE DA REGIAO - BRUTA","Material",null,"M",3.2082999999999999,{"$f":"IF(C29=\"SINAPI\", IF( IF(A29=\"Insumo\", VLOOKUP(B29,'SINAPI INSUMOS'!B:F,5,0), VLOOKUP(B29,'SINAPI COMP'!B:F,4,0))=0,VLOOKUP(B29,'OUTRAS BASES'!C:D,2,0),IF(A29=\"Insumo\", VLOOKUP(B29,'SINAPI INSUMOS'!B:F,5,0),VLOOKUP(B29,'SINAPI COMP'!B:F,4,0))), VLOOKUP(B29,'OUTRAS BASES'!C:D,2,0))","v":5.2},16.683160000000001]
["Insumo",4813,"SINAPI","PLACA DE OBRA (PARA CONSTRUCAO CIVIL) EM CHAPA GALVANIZADA *N. 22*, ADESIVADA, DE *2,4 X 1,2* M (SEM POSTES PARA FIXACAO)","Material",null,"m²",1,{"$f":"IF(C30=\"SINAPI\", IF( IF(A30=\"Insumo\", VLOOKUP(B30,'SINAPI INSUMOS'!B:F,5,0), VLOOKUP(B30,'SINAPI COMP'!B:F,4,0))=0,VLOOKUP(B30,'OUTRAS BASES'!C:D,2,0),IF(A30=\"Insumo\", VLOOKUP(B30,'SINAPI INSUMOS'!B:F,5,0),VLOOKUP(B30,'SINAPI COMP'!B:F,4,0))), VLOOKUP(B30,'OUTRAS BASES'!C:D,2,0))","v":400},400]
["Insumo",5065,"SINAPI","PREGO DE ACO POLIDO COM CABECA 10 X 10 (7/8 X 17)","Material",null,"KG",1.1299999999999999E-2,{"$f":"IF(C31=\"SINAPI\", IF( IF(A31=\"Insumo\", VLOOKUP(B31,'SINAPI INSUMOS'!B:F,5,0), VLOOKUP(B31,'SINAPI COMP'!B:F,4,0))=0,VLOOKUP(B31,'OUTRAS BASES'!C:D,2,0),IF(A31=\"Insumo\", VLOOKUP(B31,'SINAPI INSUMOS'!B:F,5,0),VLOOKUP(B31,'SINAPI COMP'!B:F,4,0))), VLOOKUP(B31,'OUTRAS BASES'!C:D,2,0))","v":38.6},0.43618000000000001]
["Insumo",5069,"SINAPI","PREGO DE ACO POLIDO COM CABECA 17 X 27 (2 1/2 X 11)","Material",null,"KG",1.32E-2,{"$f":"IF(C32=\"SINAPI\", IF( IF(A32=\"Insumo\", VLOOKUP(B32,'SINAPI INSUMOS'!B:F,5,0), VLOOKUP(B32,'SINAPI COMP'!B:F,4,0))=0,VLOOKUP(B32,'OUTRAS BASES'!C:D,2,0),IF(A32=\"Insumo\", VLOOKUP(B32,'SINAPI INSUMOS'!B:F,5,0),VLOOKUP(B32,'SINAPI COMP'!B:F,4,0))), VLOOKUP(B32,'OUTRAS BASES'!C:D,2,0))","v":20.68},0.272976]
[]
[]
[]
[]
[" 2 ",null,null,"MOBILIZAÇÂO E DESMOBILIZAÇÂO EQUIPES PERFURAÇÂO E INSTALAÇÃO",{"$nulls":5},2554.5]
[" 2.1 ","Código","Banco","Descrição","Tipo",null,"Und","Quant.","Valor Unit","Total"]
["Composição","COMPOSIÇÃO - 3","Próprio","Transporte de Comboio Perfuração","TRAN - TRANSPORTES, CARGAS E DESCARGAS",null,"km",1,{"$f":"SUM(J40:J41)","v":4.7499326000000002},{"$f":"I39*H39","v":4.7499326000000002}]
["Composição Auxiliar",5824,"SINAPI","CAMINHÃO TOCO, PBT 16.000 KG, CARGA ÚTIL MÁX. 10.685 KG, DIST. ENTRE EIXOS 4,8 M, POTÊNCIA 189 CV, INCLUSIVE CARROCERIA FIXA ABERTA DE MADEIRA P/ TRANSPORTE GERAL DE CARGA SECA, DIMEN. APROX. 2,5 X 7,00 X 0,50 M - CHP DIURNO. AF_06/2014","Custos Horários Produtivo e Improdutivo dos Equipamentos",null,"CHP",1.6660000000000001E-2,{"$f":"IF(C40=\"SINAPI\", IF( IF(A40=\"Insumo\", VLOOKUP(B40,'SINAPI INSUMOS'!B:F,5,0), VLOOKUP(B40,'SINAPI COMP'!B:F,4,0))=0,VLOOKUP(B40,'OUTRAS BASES'!C:D,2,0),IF(A40=\"Insumo\", VLOOKUP(B40,'SINAPI INSUMOS'!B:F,5,0),VLOOKUP(B40,'SINAPI COMP'!B:F,4,0))), VLOOKUP(B40,'OUTRAS BASES'!C:D,2,0))","v":219.76},{"$f":"I40*H40","v":3.6612016000000001}]
["Composição Auxiliar",5826,"SINAPI","CAMINHÃO TOCO, PBT 16.000 KG, CARGA ÚTIL MÁX. 10.685 KG, DIST. ENTRE EIXOS 4,8 M, POTÊNCIA 189 CV, INCLUSIVE CARROCERIA FIXA ABERTA DE MADEIRA P/ TRANSPORTE GERAL DE CARGA SECA, DIMEN. APROX. 2,5 X 7,00 X 0,50 M - CHI DIURNO. AF_06/2014","Custos Horários Produtivo e Improdutivo dos Equipamentos",null,"CHI",1.6660000000000001E-2,{"$f":"IF(C41=\"SINAPI\", IF( IF(A41=\"Insumo\", VLOOKUP(B41,'SINAPI INSUMOS'!B:F,5,0), VLOOKUP(B41,'SINAPI COMP'!B:F,4,0))=0,VLOOKUP(B41,'OUTRAS BASES'!C:D,2,0),IF(A41=\"Insumo\", VLOOKUP(B41,'SINAPI INSUMOS'!B:F,5,0),VLOOKUP(B41,'SINAPI COMP'!B:F,4,0))), VLOOKUP(B41,'OUTRAS BASES'!C:D,2,0))","v":65.349999999999994},1.0887309999999999]
[]
[]
[]
[]
[" 2.2 ","Código","Banco","Descrição","Tipo",null,"Und","Quant.","Valor Unit","Total"]
["Composição","COMPOSIÇÃO - 4","Próprio","Transporte de Comboio Instalação","TRAN - TRANSPORTES, CARGAS E DESCARGAS",null,"km",1,{"$f":"SUM(J48:J49)","v":5.9336256000000001},{"$f":"I47*H47","v":5.9336256000000001}]
["Composição Auxiliar",5928,"SINAPI","GUINDAUTO HIDRÁULICO, CAPACIDADE MÁXIMA DE CARGA 6200 KG, MOMENTO MÁXIMO DE CARGA 11,7 TM, ALCANCE MÁXIMO HORIZONTAL 9,70 M, INCLUSIVE CAMINHÃO TOCO PBT 16.000 KG, POTÊNCIA DE 189 CV - CHP DIURNO. AF_06/2014","Custos Horários Produtivo e Improdutivo dos Equipamentos",null,"CHP",1.6660000000000001E-2,{"$f":"IF(C48=\"SINAPI\", IF( IF(A48=\"Insumo\", VLOOKUP(B48,'SINAPI INSUMOS'!B:F,5,0), VLOOKUP(B48,'SINAPI COMP'!B:F,4,0))=0,VLOOKUP(B48,'OUTRAS BASES'!C:D,2,0),IF(A48=\"Insumo\", VLOOKUP(B48,'SINAPI INSUMOS'!B:F,5,0),VLOOKUP(B48,'SINAPI COMP'!B:F,4,0))), VLOOKUP(B48,'OUTRAS BASES'!C:D,2,0))","v":279.76},{"$f":"I48*H48","v":4.6608016000000001}]
["Composição Auxiliar",5930,"SINAPI","GUINDAUTO HIDRÁULICO, CAPACIDADE MÁXIMA DE CARGA 6200 KG, MOMENTO MÁXIMO DE CARGA 11,7 TM, ALCANCE MÁXIMO HORIZONTAL 9,70 M, INCLUSIVE CAMINHÃO TOCO PBT 16.000 KG, POTÊNCIA DE 189 CV - CHI DIURNO. AF_06/2014","Custos Horários Produtivo e Improdutivo dos Equipamentos",null,"CHI",1.6660000000000001E-2,{"$f":"IF(C49=\"SINAPI\", IF( IF(A49=\"Insumo\", VLOOKUP(B49,'SINAPI INSUMOS'!B:F,5,0), VLOOKUP(B49,'SINAPI COMP'!B:F,4,0))=0,VLOOKUP(B49,'OUTRAS BASES'!C:D,2,0),IF(A49=\"Insumo\", VLOOKUP(B49,'SINAPI INSUMOS'!B:F,5,0),VLOOKUP(B49,'SINAPI COMP'!B:F,4,0))), VLOOKUP(B49,'OUTRAS BASES'!C:D,2,0))","v":76.400000000000006},1.2728240000000002]
[]
[]
[]
[]
[" 2.3 ","Código","Banco","Descrição","Tipo",null,"Und","Quant.","Valor Unit","Total"]
["Composição","COMPOSIÇÃO - 5","Próprio","Transporte de Equipe Teste de Vazão","TRAN - TRANSPORTES, CARGAS E DESCARGAS",null,"km",1,{"$f":"SUM(J56:J57)","v":2.604457},{"$f":"I55*H55","v":2.604457}]
["Composição Auxiliar",73467,"SINAPI","CAMINHÃO TOCO, PBT 14.300 KG, CARGA ÚTIL MÁX. 9.710 KG, DIST. ENTRE EIXOS 3,56 M, POTÊNCIA 185 CV, INCLUSIVE CARROCERIA FIXA ABERTA DE MADEIRA P/ TRANSPORTE GERAL DE CARGA SECA, DIMEN. APROX. 2,50 X 6,50 X 0,50 M - CHP DIURNO. AF_06/2014","Custos Horários Produtivo e Improdutivo dos Equipamentos",null,"CHP",8.3000000000000001E-3,{"$f":"IF(C56=\"SINAPI\", IF( IF(A56=\"Insumo\", VLOOKUP(B56,'SINAPI INSUMOS'!B:F,5,0), VLOOKUP(B56,'SINAPI COMP'!B:F,4,0))=0,VLOOKUP(B56,'OUTRAS BASES'!C:D,2,0),IF(A56=\"Insumo\", VLOOKUP(B56,'SINAPI INSUMOS'!B:F,5,0),VLOOKUP(B56,'SINAPI COMP'!B:F,4,0))), VLOOKUP(B56,'OUTRAS BASES'!C:D,2,0))","v":251.36},{"$f":"I56*H56","v":2.0862880000000001}]
["Composição Auxiliar",91395,"SINAPI","CAMINHÃO TOCO, PBT 14.300 KG, CARGA ÚTIL MÁX. 9.710 KG, DIST. ENTRE EIXOS 3,56 M, POTÊNCIA 185 CV, INCLUSIVE CARROCERIA FIXA ABERTA DE MADEIRA P/ TRANSPORTE GERAL DE CARGA SECA, DIMEN. APROX. 2,50 X 6,50 X 0,50 M - CHI DIURNO. AF_06/2014","Custos Horários Produtivo e Improdutivo dos Equipamentos",null,"CHI",8.3000000000000001E-3,{"$f":"IF(C57=\"SINAPI\", IF( IF(A57=\"Insumo\", VLOOKUP(B57,'SINAPI INSUMOS'!B:F,5,0), VLOOKUP(B57,'SINAPI COMP'!B:F,4,0))=0,VLOOKUP(B57,'OUTRAS BASES'!C:D,2,0),IF(A57=\"Insumo\", VLOOKUP(B57,'SINAPI INSUMOS'!B:F,5,0),VLOOKUP(B57,'SINAPI COMP'!B:F,4,0))), VLOOKUP(B57,'OUTRAS BASES'!C:D,2,0))","v":62.43},0.51816899999999999]
[]
[]
[]
[]
[" 3 ",null,null,"PERFURAÇÃO E COMPLETAÇÃO DE POÇO TUBULAR",{"$nulls":5},32678.51]
[" 3.1 ","Código","Banco","Descrição","Tipo",null,"Und","Quant.","Valor Unit","Total"]
["Insumo",5048,"ORSE","Perfuraçao em rocha cristalina - rocha cristalina alterada / compacta dn 6\"  (poço até 120m)","Serviços",null,"m",1,{"$f":"IF(C64=\"SINAPI\", IF( IF(A64=\"Insumo\", VLOOKUP(B64,'SINAPI INSUMOS'!B:F,5,0), VLOOKUP(B64,'SINAPI COMP'!B:F,4,0))=0,VLOOKUP(B64,'OUTRAS BASES'!C:D,2,0),IF(A64=\"Insumo\", VLOOKUP(B64,'SINAPI INSUMOS'!B:F,5,0),VLOOKUP(B64,'SINAPI COMP'!B:F,4,0))), VLOOKUP(B64,'OUTRAS BASES'!C:D,2,0))","v":125.23},{"$f":"I64*H64","v":125.23}]
[]
[]
[]
[]
[" 3.2 ","Código","Banco","Descrição","Tipo",null,"Und","Quant.","Valor Unit","Total"]
["Insumo",5057,"ORSE","Perfuração rocha sedimentar sedimento / Camadas inconsolidadas DN 12.1/2\" - Poço até 150 m (Perfuração rotopneumática Ø 12 1/2\" ","Serviços",null,"m",1,{"$f":"IF(C70=\"SINAPI\", IF( IF(A70=\"Insumo\", VLOOKUP(B70,'SINAPI INSUMOS'!B:F,5,0), VLOOKUP(B70,'SINAPI COMP'!B:F,4,0))=0,VLOOKUP(B70,'OUTRAS BASES'!C:D,2,0),IF(A70=\"Insumo\", VLOOKUP(B70,'SINAPI INSUMOS'!B:F,5,0),VLOOKUP(B70,'SINAPI COMP'!B:F,4,0))), VLOOKUP(B70,'OUTRAS BASES'!C:D,2,0))","v":247.66},{"$f":"I70*H70","v":247.66}]
[]
[]
[]
[]
[" 3.3 ","Código","Banco","Descrição","Tipo",null,"Und","Quant.","Valor Unit","Total"]
["Composição","COMPOSIÇÃO - 6","Próprio","Serviço de lançamento cimentação anelar, incluso materiais.","SEDI - SERVIÇOS DIVERSOS",null,"m³",1,{"$f":"SUM(J77)","v":521.34},{"$f":"I76*H76","v":521.34}]
["Composição Auxiliar",1903,"ORSE","Argamassa cimento e areia traço t-1 (1:3) - 1 saco cimento 50kg / 3 padiolas areia dim. 0.35 x 0.45 x 0.23 m - Confecção mecânica e transporte","Argamassas",null,"m³",1,{"$f":"IF(C77=\"SINAPI\", IF( IF(A77=\"Insumo\", VLOOKUP(B77,'SINAPI INSUMOS'!B:F,5,0), VLOOKUP(B77,'SINAPI COMP'!B:F,4,0))=0,VLOOKUP(B77,'OUTRAS BASES'!C:D,2,0),IF(A77=\"Insumo\", VLOOKUP(B77,'SINAPI INSUMOS'!B:F,5,0),VLOOKUP(B77,'SINAPI COMP'!B:F,4,0))), VLOOKUP(B77,'OUTRAS BASES'!C:D,2,0))","v":521.34},{"$f":"I77*H77","v":521.34}]
[]
[]
[]
[]
[" 3.4 ","Código","Banco","Descrição","Tipo",null,"Und","Quant.","Valor Unit","Total"]
["Insumo",9854,"SINAPI","TUBO PVC DE REVESTIMENTO GEOMECANICO NERVURADO STANDARD, DN = 154 MM, COMPRIMENTO = 2 M","Material",null,"M",1,{"$f":"IF(C83=\"SINAPI\", IF( IF(A83=\"Insumo\", VLOOKUP(B83,'SINAPI INSUMOS'!B:F,5,0), VLOOKUP(B83,'SINAPI COMP'!B:F,4,0))=0,VLOOKUP(B83,'OUTRAS BASES'!C:D,2,0),IF(A83=\"Insumo\", VLOOKUP(B83,'SINAPI INSUMOS'!B:F,5,0),VLOOKUP(B83,'SINAPI COMP'!B:F,4,0))), VLOOKUP(B83,'OUTRAS BASES'!C:D,2,0))","v":115.12},{"$f":"I83*H83","v":115.12}]
[]
[]
[]
[]
[" 4 ",null,null,"PÓS PERFURAÇÃO",{"$nulls":5},11829.03]
[" 4.1 ","Código","Banco","Descrição","Tipo",null,"Und","Quant.","Valor Unit","Total"]
["Composição",6305,"ORSE","Desenvolvimento com Compressor 250psi / 750cfm","Conversão InfoWOrca",null,"h",1,{"$f":"IF(C90=\"SINAPI\", IF( IF(A90=\"Insumo\", VLOOKUP(B90,'SINAPI INSUMOS'!B:F,5,0), VLOOKUP(B90,'SINAPI COMP'!B:F,4,0))=0,VLOOKUP(B90,'OUTRAS BASES'!C:D,2,0),IF(A90=\"Insumo\", VLOOKUP(B90,'SINAPI INSUMOS'!B:F,5,0),VLOOKUP(B90,'SINAPI COMP'!B:F,4,0))), VLOOKUP(B90,'OUTRAS BASES'!C:D,2,0))","v":411.16},{"$f":"I90*H90","v":411.16}]
["Insumo",5030,"ORSE","Desenvolvimento com compressor 250psi - 750cfm h","Serviços",null,"h",1,{"$f":"IF(C91=\"SINAPI\", IF( IF(A91=\"Insumo\", VLOOKUP(B91,'SINAPI INSUMOS'!B:F,5,0), VLOOKUP(B91,'SINAPI COMP'!B:F,4,0))=0,VLOOKUP(B91,'OUTRAS BASES'!C:D,2,0),IF(A91=\"Insumo\", VLOOKUP(B91,'SINAPI INSUMOS'!B:F,5,0),VLOOKUP(B91,'SINAPI COMP'!B:F,4,0))), VLOOKUP(B91,'OUTRAS BASES'!C:D,2,0))","v":411.16},{"$f":"I91*H91","v":411.16}]
[]
[]
[]
[]
[" 4.2 ","Código","Banco","Descrição","Tipo",null,"Und","Quant.","Valor Unit","Total"]
["Composição","COMPOSIÇÃO - 7","Próprio","Inspeção ótica em poço tubular câmera com rotação de 360º, visada lateral, com fonte própria de luz, entregue vídeo em cores e marcação de profundidades.","SEES - SERVIÇOS ESPECIAIS",null,"m",1,{"$f":"SUM(J98:J99)","v":9.6404600000000009},{"$f":"I97*H97","v":9.6404600000000009}]
["Insumo"," H020050004 ","EMBASA","APARELHO DE PERFILAGEM OPTICA","Material",null,"M",1,{"$f":"IF(C98=\"SINAPI\", IF( IF(A98=\"Insumo\", VLOOKUP(B98,'SINAPI INSUMOS'!B:F,5,0), VLOOKUP(B98,'SINAPI COMP'!B:F,4,0))=0,VLOOKUP(B98,'OUTRAS BASES'!C:D,2,0),IF(A98=\"Insumo\", VLOOKUP(B98,'SINAPI INSUMOS'!B:F,5,0),VLOOKUP(B98,'SINAPI COMP'!B:F,4,0))), VLOOKUP(B98,'OUTRAS BASES'!C:D,2,0))","v":4.4000000000000004},{"$f":"I98*H98","v":4.4000000000000004}]
["Insumo"," B590000022 ","EMBASA","TECNICO MEDIO","Mão de Obra",null,"H",8.3500000000000005E-2,{"$f":"IF(C99=\"SINAPI\", IF( IF(A99=\"Insumo\", VLOOKUP(B99,'SINAPI INSUMOS'!B:F,5,0), VLOOKUP(B99,'SINAPI COMP'!B:F,4,0))=0,VLOOKUP(B99,'OUTRAS BASES'!C:D,2,0),IF(A99=\"Insumo\", VLOOKUP(B99,'SINAPI INSUMOS'!B:F,5,0),VLOOKUP(B99,'SINAPI COMP'!B:F,4,0))), VLOOKUP(B99,'OUTRAS BASES'!C:D,2,0))","v":62.76},5.2404600000000006]
[]
[]
[]
[]
[" 4.3 ","Código","Banco","Descrição","Tipo",null,"Und","Quant.","Valor Unit","Total"]
["Composição","COMPOSIÇÃO - 8","Próprio","Serviço de coleta e Análise Físico-Química e Bacteriológica","SEDI - SERVIÇOS DIVERSOS",null,"un",1,{"$f":"SUM(J106:J107)","v":621.19000000000005},{"$f":"I105*H105","v":621.19000000000005}]
["Composição Auxiliar",6312,"ORSE","Análise Físico-química da Água","Conversão InfoWOrca",null,"un",1,{"$f":"IF(C106=\"SINAPI\", IF( IF(A106=\"Insumo\", VLOOKUP(B106,'SINAPI INSUMOS'!B:F,5,0), VLOOKUP(B106,'SINAPI COMP'!B:F,4,0))=0,VLOOKUP(B106,'OUTRAS BASES'!C:D,2,0),IF(A106=\"Insumo\", VLOOKUP(B106,'SINAPI INSUMOS'!B:F,5,0),VLOOKUP(B106,'SINAPI COMP'!B:F,4,0))), VLOOKUP(B106,'OUTRAS BASES'!C:D,2,0))","v":565.21},{"$f":"I106*H106","v":565.21}]
["Composição Auxiliar",6313,"ORSE","Análise Bacteriológica da Água","Conversão InfoWOrca",null,"un",1,{"$f":"IF(C107=\"SINAPI\", IF( IF(A107=\"Insumo\", VLOOKUP(B107,'SINAPI INSUMOS'!B:F,5,0), VLOOKUP(B107,'SINAPI COMP'!B:F,4,0))=0,VLOOKUP(B107,'OUTRAS BASES'!C:D,2,0),IF(A107=\"Insumo\", VLOOKUP(B107,'SINAPI INSUMOS'!B:F,5,0),VLOOKUP(B107,'SINAPI COMP'!B:F,4,0))), VLOOKUP(B107,'OUTRAS BASES'!C:D,2,0))","v":55.98},55.98]
[]
[]
[]
[]
[" 4.4 ","Código","Banco","Descrição","Tipo",null,"Und","Quant.","Valor Unit","Total"]
["Composição"," 24.80.22 ","EMBASA","(REVISADA) DESENVOLVIMENTO OU TESTE COM BOMBA SUBMERSA - UEB1 NO SEDIMENTO COM VAZAO < 60M3 (Ensaio de bombeamento poço tubular incluso materiais e grupo gerador)",2480,null,"H",1,{"$f":"IF(C113=\"SINAPI\", IF( IF(A113=\"Insumo\", VLOOKUP(B113,'SINAPI INSUMOS'!B:F,5,0), VLOOKUP(B113,'SINAPI COMP'!B:F,4,0))=0,VLOOKUP(B113,'OUTRAS BASES'!C:D,2,0),IF(A113=\"Insumo\", VLOOKUP(B113,'SINAPI INSUMOS'!B:F,5,0),VLOOKUP(B113,'SINAPI COMP'!B:F,4,0))), VLOOKUP(B113,'OUTRAS BASES'!C:D,2,0))","v":263.27},{"$f":"I113*H113","v":263.27}]
["Composição Auxiliar"," 24.00.15 ","EMBASA","EQUIPE (3 PROFISSIONAIS CAMPO) - BOMBEIO",2400,null,"H",1,{"$f":"IF(C114=\"SINAPI\", IF( IF(A114=\"Insumo\", VLOOKUP(B114,'SINAPI INSUMOS'!B:F,5,0), VLOOKUP(B114,'SINAPI COMP'!B:F,4,0))=0,VLOOKUP(B114,'OUTRAS BASES'!C:D,2,0),IF(A114=\"Insumo\", VLOOKUP(B114,'SINAPI INSUMOS'!B:F,5,0),VLOOKUP(B114,'SINAPI COMP'!B:F,4,0))), VLOOKUP(B114,'OUTRAS BASES'!C:D,2,0))","v":198.35},{"$f":"I114*H114","v":198.35}]
["Insumo"," H020050001 ","EMBASA","UNIDADE DE ENSAIO E BOMBEAMENTO - UEB1 ATE 150M3 NO SEDIMENTO","Material",null,"H",1,{"$f":"IF(C115=\"SINAPI\", IF( IF(A115=\"Insumo\", VLOOKUP(B115,'SINAPI INSUMOS'!B:F,5,0), VLOOKUP(B115,'SINAPI COMP'!B:F,4,0))=0,VLOOKUP(B115,'OUTRAS BASES'!C:D,2,0),IF(A115=\"Insumo\", VLOOKUP(B115,'SINAPI INSUMOS'!B:F,5,0),VLOOKUP(B115,'SINAPI COMP'!B:F,4,0))), VLOOKUP(B115,'OUTRAS BASES'!C:D,2,0))","v":64.92},{"$f":"I115*H115","v":64.92}]
[]
[]
[]
[]
[" 4.5 ","Código","Banco","Descrição","Tipo",null,"Und","Quant.","Valor Unit","Total"]
["Composição","COMPOSIÇÃO - 9","Próprio","Serviço de instalação de laje sanitária com dimensões (1,5x1,5x0,3) metros , incluso material.","SEDI - SERVIÇOS DIVERSOS",null,"un",1,{"$f":"SUM(J122:J125)","v":690.22800000000007},{"$f":"I121*H121","v":690.22800000000007}]
["Composição Auxiliar",92522,"SINAPI","MONTAGEM E DESMONTAGEM DE FÔRMA DE LAJE MACIÇA, PÉ-DIREITO SIMPLES, EM CHAPA DE MADEIRA COMPENSADA RESINADA, 8 UTILIZAÇÕES. AF_09/2020","Fôrmas para Estruturas de Concreto Armado",null,"m²",1.8,{"$f":"IF(C122=\"SINAPI\", IF( IF(A122=\"Insumo\", VLOOKUP(B122,'SINAPI INSUMOS'!B:F,5,0), VLOOKUP(B122,'SINAPI COMP'!B:F,4,0))=0,VLOOKUP(B122,'OUTRAS BASES'!C:D,2,0),IF(A122=\"Insumo\", VLOOKUP(B122,'SINAPI INSUMOS'!B:F,5,0),VLOOKUP(B122,'SINAPI COMP'!B:F,4,0))), VLOOKUP(B122,'OUTRAS BASES'!C:D,2,0))","v":50.01},{"$f":"I122*H122","v":90.018000000000001}]
["Composição Auxiliar",93358,"SINAPI","ESCAVAÇÃO MANUAL DE VALA COM PROFUNDIDADE MENOR OU IGUAL A 1,30 M. AF_02/2021","Escavação de Valas",null,"m³",0.22500000000000001,{"$f":"IF(C123=\"SINAPI\", IF( IF(A123=\"Insumo\", VLOOKUP(B123,'SINAPI INSUMOS'!B:F,5,0), VLOOKUP(B123,'SINAPI COMP'!B:F,4,0))=0,VLOOKUP(B123,'OUTRAS BASES'!C:D,2,0),IF(A123=\"Insumo\", VLOOKUP(B123,'SINAPI INSUMOS'!B:F,5,0),VLOOKUP(B123,'SINAPI COMP'!B:F,4,0))), VLOOKUP(B123,'OUTRAS BASES'!C:D,2,0))","v":88.68},19.953000000000003]
["Composição Auxiliar",94975,"SINAPI","CONCRETO FCK = 15MPA, TRAÇO 1:3,4:3,5 (EM MASSA SECA DE CIMENTO/ AREIA MÉDIA/ BRITA 1) - PREPARO MANUAL. AF_05/2021","Produção de Concreto",null,"m³",0.67500000000000004,{"$f":"IF(C124=\"SINAPI\", IF( IF(A124=\"Insumo\", VLOOKUP(B124,'SINAPI INSUMOS'!B:F,5,0), VLOOKUP(B124,'SINAPI COMP'!B:F,4,0))=0,VLOOKUP(B124,'OUTRAS BASES'!C:D,2,0),IF(A124=\"Insumo\", VLOOKUP(B124,'SINAPI INSUMOS'!B:F,5,0),VLOOKUP(B124,'SINAPI COMP'!B:F,4,0))), VLOOKUP(B124,'OUTRAS BASES'!C:D,2,0))","v":534.97},361.10475000000002]
["Composição Auxiliar",103670,"SINAPI","LANÇAMENTO COM USO DE BALDES, ADENSAMENTO E ACABAMENTO DE CONCRETO EM ESTRUTURAS. AF_02/2022","Concretagem para Estruturas de Concreto Armado",null,"m³",0.67500000000000004,{"$f":"IF(C125=\"SINAPI\", IF( IF(A125=\"Insumo\", VLOOKUP(B125,'SINAPI INSUMOS'!B:F,5,0), VLOOKUP(B125,'SINAPI COMP'!B:F,4,0))=0,VLOOKUP(B125,'OUTRAS BASES'!C:D,2,0),IF(A125=\"Insumo\", VLOOKUP(B125,'SINAPI INSUMOS'!B:F,5,0),VLOOKUP(B125,'SINAPI COMP'!B:F,4,0))), VLOOKUP(B125,'OUTRAS BASES'!C:D,2,0))","v":324.67},219.15225000000004]
[]
[]
[]
[]
[" 5 ",null,null,"RESERVAÇÃO",{"$nulls":5},27328.66]
[" 5.1 ","Código","Banco","Descrição","Tipo",null,"Und","Quant.","Valor Unit","Total"]
["Composição","COMPOSIÇÃO - 10","Próprio","Fornecimento e instalação de reservatório e base elevada 10 m³","ASTU - ASSENTAMENTO DE TUBOS E PECAS",null,"un",1,{"$f":"SUM(J133:J154)","v":19616.621879999999},{"$f":"I132*H132","v":19616.621879999999}]
["Composição Auxiliar",92759,"SINAPI","ARMAÇÃO DE PILAR OU VIGA DE ESTRUTURA CONVENCIONAL DE CONCRETO ARMADO UTILIZANDO AÇO CA-60 DE 5,0 MM - MONTAGEM. AF_06/2022","Armação para Estruturas de Concreto Armado",null,"KG",17.2,{"$f":"IF(C133=\"SINAPI\", IF( IF(A133=\"Insumo\", VLOOKUP(B133,'SINAPI INSUMOS'!B:F,5,0), VLOOKUP(B133,'SINAPI COMP'!B:F,4,0))=0,VLOOKUP(B133,'OUTRAS BASES'!C:D,2,0),IF(A133=\"Insumo\", VLOOKUP(B133,'SINAPI INSUMOS'!B:F,5,0),VLOOKUP(B133,'SINAPI COMP'!B:F,4,0))), VLOOKUP(B133,'OUTRAS BASES'!C:D,2,0))","v":13.78},{"$f":"I133*H133","v":237.01599999999999}]
["Composição Auxiliar",92761,"SINAPI","ARMAÇÃO DE PILAR OU VIGA DE ESTRUTURA CONVENCIONAL DE CONCRETO ARMADO UTILIZANDO AÇO CA-50 DE 8,0 MM - MONTAGEM. AF_06/2022","Armação para Estruturas de Concreto Armado",null,"KG",30.4,{"$f":"IF(C134=\"SINAPI\", IF( IF(A134=\"Insumo\", VLOOKUP(B134,'SINAPI INSUMOS'!B:F,5,0), VLOOKUP(B134,'SINAPI COMP'!B:F,4,0))=0,VLOOKUP(B134,'OUTRAS BASES'!C:D,2,0),IF(A134=\"Insumo\", VLOOKUP(B134,'SINAPI INSUMOS'!B:F,5,0),VLOOKUP(B134,'SINAPI COMP'!B:F,4,0))), VLOOKUP(B134,'OUTRAS BASES'!C:D,2,0))","v":11.5},349.59999999999997]
["Composição Auxiliar",92768,"SINAPI","ARMAÇÃO DE LAJE DE ESTRUTURA CONVENCIONAL DE CONCRETO ARMADO UTILIZANDO AÇO CA-60 DE 5,0 MM - MONTAGEM. AF_06/2022","Armação para Estruturas de Concreto Armado",null,"KG",11.9,{"$f":"IF(C135=\"SINAPI\", IF( IF(A135=\"Insumo\", VLOOKUP(B135,'SINAPI INSUMOS'!B:F,5,0), VLOOKUP(B135,'SINAPI COMP'!B:F,4,0))=0,VLOOKUP(B135,'OUTRAS BASES'!C:D,2,0),IF(A135=\"Insumo\", VLOOKUP(B135,'SINAPI INSUMOS'!B:F,5,0),VLOOKUP(B135,'SINAPI COMP'!B:F,4,0))), VLOOKUP(B135,'OUTRAS BASES'!C:D,2,0))","v":13.14},156.36600000000001]
["Composição Auxiliar",92770,"SINAPI","ARMAÇÃO DE LAJE DE ESTRUTURA CONVENCIONAL DE CONCRETO ARMADO UTILIZANDO AÇO CA-50 DE 8,0 MM - MONTAGEM. AF_06/2022","Armação para Estruturas de Concreto Armado",null,"KG",48,{"$f":"IF(C136=\"SINAPI\", IF( IF(A136=\"Insumo\", VLOOKUP(B136,'SINAPI INSUMOS'!B:F,5,0), VLOOKUP(B136,'SINAPI COMP'!B:F,4,0))=0,VLOOKUP(B136,'OUTRAS BASES'!C:D,2,0),IF(A136=\"Insumo\", VLOOKUP(B136,'SINAPI INSUMOS'!B:F,5,0),VLOOKUP(B136,'SINAPI COMP'!B:F,4,0))), VLOOKUP(B136,'OUTRAS BASES'!C:D,2,0))","v":10.93},524.64]
["Composição Auxiliar",93358,"SINAPI","ESCAVAÇÃO MANUAL DE VALA COM PROFUNDIDADE MENOR OU IGUAL A 1,30 M. AF_02/2021","Escavação de Valas",null,"m³",5.2,{"$f":"IF(C137=\"SINAPI\", IF( IF(A137=\"Insumo\", VLOOKUP(B137,'SINAPI INSUMOS'!B:F,5,0), VLOOKUP(B137,'SINAPI COMP'!B:F,4,0))=0,VLOOKUP(B137,'OUTRAS BASES'!C:D,2,0),IF(A137=\"Insumo\", VLOOKUP(B137,'SINAPI INSUMOS'!B:F,5,0),VLOOKUP(B137,'SINAPI COMP'!B:F,4,0))), VLOOKUP(B137,'OUTRAS BASES'!C:D,2,0))","v":88.68},461.13600000000002]
["Composição Auxiliar",92763,"SINAPI","ARMAÇÃO DE PILAR OU VIGA DE ESTRUTURA CONVENCIONAL DE CONCRETO ARMADO UTILIZANDO AÇO CA-50 DE 12,5 MM - MONTAGEM. AF_06/2022","Armação para Estruturas de Concreto Armado",null,"KG",118.4,{"$f":"IF(C138=\"SINAPI\", IF( IF(A138=\"Insumo\", VLOOKUP(B138,'SINAPI INSUMOS'!B:F,5,0), VLOOKUP(B138,'SINAPI COMP'!B:F,4,0))=0,VLOOKUP(B138,'OUTRAS BASES'!C:D,2,0),IF(A138=\"Insumo\", VLOOKUP(B138,'SINAPI INSUMOS'!B:F,5,0),VLOOKUP(B138,'SINAPI COMP'!B:F,4,0))), VLOOKUP(B138,'OUTRAS BASES'!C:D,2,0))","v":8.4700000000000006},1002.8480000000001]
["Composição Auxiliar",94970,"SINAPI","CONCRETO FCK = 20MPA, TRAÇO 1:2,7:3 (EM MASSA SECA DE CIMENTO/ AREIA MÉDIA/ BRITA 1) - PREPARO MECÂNICO COM BETONEIRA 600 L. AF_05/2021","Produção de Concreto",null,"m³",4.8899999999999997,{"$f":"IF(C139=\"SINAPI\", IF( IF(A139=\"Insumo\", VLOOKUP(B139,'SINAPI INSUMOS'!B:F,5,0), VLOOKUP(B139,'SINAPI COMP'!B:F,4,0))=0,VLOOKUP(B139,'OUTRAS BASES'!C:D,2,0),IF(A139=\"Insumo\", VLOOKUP(B139,'SINAPI INSUMOS'!B:F,5,0),VLOOKUP(B139,'SINAPI COMP'!B:F,4,0))), VLOOKUP(B139,'OUTRAS BASES'!C:D,2,0))","v":497.73},2433.8996999999999]
["Composição Auxiliar",103670,"SINAPI","LANÇAMENTO COM USO DE BALDES, ADENSAMENTO E ACABAMENTO DE CONCRETO EM ESTRUTURAS. AF_02/2022","Concretagem para Estruturas de Concreto Armado",null,"m³",6.85,{"$f":"IF(C140=\"SINAPI\", IF( IF(A140=\"Insumo\", VLOOKUP(B140,'SINAPI INSUMOS'!B:F,5,0), VLOOKUP(B140,'SINAPI COMP'!B:F,4,0))=0,VLOOKUP(B140,'OUTRAS BASES'!C:D,2,0),IF(A140=\"Insumo\", VLOOKUP(B140,'SINAPI INSUMOS'!B:F,5,0),VLOOKUP(B140,'SINAPI COMP'!B:F,4,0))), VLOOKUP(B140,'OUTRAS BASES'!C:D,2,0))","v":324.67},2223.9895000000001]
["Composição Auxiliar",84651,"SINAPI","PINTURA COM TINTA IMPERMEAVEL MINERAL EM PO, DUAS DEMAOS","PINT - PINTURAS",null,"m²",28.27,{"$f":"IF(C141=\"SINAPI\", IF( IF(A141=\"Insumo\", VLOOKUP(B141,'SINAPI INSUMOS'!B:F,5,0), VLOOKUP(B141,'SINAPI COMP'!B:F,4,0))=0,VLOOKUP(B141,'OUTRAS BASES'!C:D,2,0),IF(A141=\"Insumo\", VLOOKUP(B141,'SINAPI INSUMOS'!B:F,5,0),VLOOKUP(B141,'SINAPI COMP'!B:F,4,0))), VLOOKUP(B141,'OUTRAS BASES'!C:D,2,0))","v":14.843999999999999},419.63988000000001]
["Composição Auxiliar",90776,"SINAPI","ENCARREGADO GERAL COM ENCARGOS COMPLEMENTARES","Livro SINAPI: Cálculos e Parâmetros",null,"H",1,{"$f":"IF(C142=\"SINAPI\", IF( IF(A142=\"Insumo\", VLOOKUP(B142,'SINAPI INSUMOS'!B:F,5,0), VLOOKUP(B142,'SINAPI COMP'!B:F,4,0))=0,VLOOKUP(B142,'OUTRAS BASES'!C:D,2,0),IF(A142=\"Insumo\", VLOOKUP(B142,'SINAPI INSUMOS'!B:F,5,0),VLOOKUP(B142,'SINAPI COMP'!B:F,4,0))), VLOOKUP(B142,'OUTRAS BASES'!C:D,2,0))","v":37.19},37.19]
["Composição Auxiliar",102482,"SINAPI","CONCRETO FCK = 25MPA, TRAÇO 1:2,2:2,5 (EM MASSA SECA DE CIMENTO/ AREIA MÉDIA/ SEIXO ROLADO) - PREPARO MECÂNICO COM BETONEIRA 600 L. AF_05/2021","Produção de Concreto",null,"m³",1.96,{"$f":"IF(C143=\"SINAPI\", IF( IF(A143=\"Insumo\", VLOOKUP(B143,'SINAPI INSUMOS'!B:F,5,0), VLOOKUP(B143,'SINAPI COMP'!B:F,4,0))=0,VLOOKUP(B143,'OUTRAS BASES'!C:D,2,0),IF(A143=\"Insumo\", VLOOKUP(B143,'SINAPI INSUMOS'!B:F,5,0),VLOOKUP(B143,'SINAPI COMP'!B:F,4,0))), VLOOKUP(B143,'OUTRAS BASES'!C:D,2,0))","v":703.04},1377.9584]
["Composição Auxiliar",92263,"SINAPI","FABRICAÇÃO DE FÔRMA PARA PILARES E ESTRUTURAS SIMILARES, EM CHAPA DE MADEIRA COMPENSADA RESINADA, E = 17 MM. AF_09/2020","Fôrmas para Estruturas de Concreto Armado",null,"m²",25.19,{"$f":"IF(C144=\"SINAPI\", IF( IF(A144=\"Insumo\", VLOOKUP(B144,'SINAPI INSUMOS'!B:F,5,0), VLOOKUP(B144,'SINAPI COMP'!B:F,4,0))=0,VLOOKUP(B144,'OUTRAS BASES'!C:D,2,0),IF(A144=\"Insumo\", VLOOKUP(B144,'SINAPI INSUMOS'!B:F,5,0),VLOOKUP(B144,'SINAPI COMP'!B:F,4,0))), VLOOKUP(B144,'OUTRAS BASES'!C:D,2,0))","v":212.41},5350.6079]
["Composição Auxiliar",88267,"SINAPI","ENCANADOR OU BOMBEIRO HIDRÁULICO COM ENCARGOS COMPLEMENTARES","Livro SINAPI: Cálculos e Parâmetros",null,"H",4,{"$f":"IF(C145=\"SINAPI\", IF( IF(A145=\"Insumo\", VLOOKUP(B145,'SINAPI INSUMOS'!B:F,5,0), VLOOKUP(B145,'SINAPI COMP'!B:F,4,0))=0,VLOOKUP(B145,'OUTRAS BASES'!C:D,2,0),IF(A145=\"Insumo\", VLOOKUP(B145,'SINAPI INSUMOS'!B:F,5,0),VLOOKUP(B145,'SINAPI COMP'!B:F,4,0))), VLOOKUP(B145,'OUTRAS BASES'!C:D,2,0))","v":31.42},125.68]
["Composição Auxiliar",88248,"SINAPI","AUXILIAR DE ENCANADOR OU BOMBEIRO HIDRÁULICO COM ENCARGOS COMPLEMENTARES","Livro SINAPI: Cálculos e Parâmetros",null,"H",4,{"$f":"IF(C146=\"SINAPI\", IF( IF(A146=\"Insumo\", VLOOKUP(B146,'SINAPI INSUMOS'!B:F,5,0), VLOOKUP(B146,'SINAPI COMP'!B:F,4,0))=0,VLOOKUP(B146,'OUTRAS BASES'!C:D,2,0),IF(A146=\"Insumo\", VLOOKUP(B146,'SINAPI INSUMOS'!B:F,5,0),VLOOKUP(B146,'SINAPI COMP'!B:F,4,0))), VLOOKUP(B146,'OUTRAS BASES'!C:D,2,0))","v":22.16},88.64]
["Insumo",3146,"SINAPI","FITA VEDA ROSCA EM ROLOS DE 18 MM X 10 M (L X C)","Material",null,"UN",0.18,{"$f":"IF(C147=\"SINAPI\", IF( IF(A147=\"Insumo\", VLOOKUP(B147,'SINAPI INSUMOS'!B:F,5,0), VLOOKUP(B147,'SINAPI COMP'!B:F,4,0))=0,VLOOKUP(B147,'OUTRAS BASES'!C:D,2,0),IF(A147=\"Insumo\", VLOOKUP(B147,'SINAPI INSUMOS'!B:F,5,0),VLOOKUP(B147,'SINAPI COMP'!B:F,4,0))), VLOOKUP(B147,'OUTRAS BASES'!C:D,2,0))","v":3.05},0.54899999999999993]
["Insumo",37106,"SINAPI","CAIXA D'AGUA / RESERVATORIO EM POLIESTER REFORCADO COM FIBRA DE VIDRO, 10000 LITROS, COM TAMPA","Material",null,"UN",1,{"$f":"IF(C148=\"SINAPI\", IF( IF(A148=\"Insumo\", VLOOKUP(B148,'SINAPI INSUMOS'!B:F,5,0), VLOOKUP(B148,'SINAPI COMP'!B:F,4,0))=0,VLOOKUP(B148,'OUTRAS BASES'!C:D,2,0),IF(A148=\"Insumo\", VLOOKUP(B148,'SINAPI INSUMOS'!B:F,5,0),VLOOKUP(B148,'SINAPI COMP'!B:F,4,0))), VLOOKUP(B148,'OUTRAS BASES'!C:D,2,0))","v":4566.37},4566.37]
["Insumo",14073,"ORSE","CURVA 90º PVC D=50MM, LINHA IRRIGA-LF, TIGRE OU SIMILAR","Material",null,"UM",3,{"$f":"IF(C149=\"SINAPI\", IF( IF(A149=\"Insumo\", VLOOKUP(B149,'SINAPI INSUMOS'!B:F,5,0), VLOOKUP(B149,'SINAPI COMP'!B:F,4,0))=0,VLOOKUP(B149,'OUTRAS BASES'!C:D,2,0),IF(A149=\"Insumo\", VLOOKUP(B149,'SINAPI INSUMOS'!B:F,5,0),VLOOKUP(B149,'SINAPI COMP'!B:F,4,0))), VLOOKUP(B149,'OUTRAS BASES'!C:D,2,0))","v":8.1},24.299999999999997]
["Insumo",14068,"ORSE","Tubo PVC para irrigação LF PN 80 Ø 50mm, linha Irriga-LF, Tigre ou similar","Material",null,"UN",15.2,{"$f":"IF(C150=\"SINAPI\", IF( IF(A150=\"Insumo\", VLOOKUP(B150,'SINAPI INSUMOS'!B:F,5,0), VLOOKUP(B150,'SINAPI COMP'!B:F,4,0))=0,VLOOKUP(B150,'OUTRAS BASES'!C:D,2,0),IF(A150=\"Insumo\", VLOOKUP(B150,'SINAPI INSUMOS'!B:F,5,0),VLOOKUP(B150,'SINAPI COMP'!B:F,4,0))), VLOOKUP(B150,'OUTRAS BASES'!C:D,2,0))","v":9.27},140.904]
["Insumo",1434,"ORSE","Luva pvc rigido roscavel d=2 \"","Material",null,"UN",1,{"$f":"IF(C151=\"SINAPI\", IF( IF(A151=\"Insumo\", VLOOKUP(B151,'SINAPI INSUMOS'!B:F,5,0), VLOOKUP(B151,'SINAPI COMP'!B:F,4,0))=0,VLOOKUP(B151,'OUTRAS BASES'!C:D,2,0),IF(A151=\"Insumo\", VLOOKUP(B151,'SINAPI INSUMOS'!B:F,5,0),VLOOKUP(B151,'SINAPI COMP'!B:F,4,0))), VLOOKUP(B151,'OUTRAS BASES'!C:D,2,0))","v":28.58},28.58]
["Insumo",90,"ORSE","Adaptador curto, pvc rigido soldavel,  c/ bolsa e rosca p/  registro, d=  50mm x 1 1/2”","Material",null,"UN",1,{"$f":"IF(C152=\"SINAPI\", IF( IF(A152=\"Insumo\", VLOOKUP(B152,'SINAPI INSUMOS'!B:F,5,0), VLOOKUP(B152,'SINAPI COMP'!B:F,4,0))=0,VLOOKUP(B152,'OUTRAS BASES'!C:D,2,0),IF(A152=\"Insumo\", VLOOKUP(B152,'SINAPI INSUMOS'!B:F,5,0),VLOOKUP(B152,'SINAPI COMP'!B:F,4,0))), VLOOKUP(B152,'OUTRAS BASES'!C:D,2,0))","v":4.2},4.2]
["Insumo",99,"SINAPI","ADAPTADOR PVC SOLDAVEL, COM FLANGE E ANEL DE VEDACAO, 50 MM X 1 1/2\", PARA CAIXA D'AGUA","Material",null,"UN",2,{"$f":"IF(C153=\"SINAPI\", IF( IF(A153=\"Insumo\", VLOOKUP(B153,'SINAPI INSUMOS'!B:F,5,0), VLOOKUP(B153,'SINAPI COMP'!B:F,4,0))=0,VLOOKUP(B153,'OUTRAS BASES'!C:D,2,0),IF(A153=\"Insumo\", VLOOKUP(B153,'SINAPI INSUMOS'!B:F,5,0),VLOOKUP(B153,'SINAPI COMP'!B:F,4,0))), VLOOKUP(B153,'OUTRAS BASES'!C:D,2,0))","v":29.24},58.48]
["Insumo",119,"SINAPI","ADESIVO PLASTICO PARA PVC, BISNAGA COM 75 GR","Material",null,"UN",0.45,{"$f":"IF(C154=\"SINAPI\", IF( IF(A154=\"Insumo\", VLOOKUP(B154,'SINAPI INSUMOS'!B:F,5,0), VLOOKUP(B154,'SINAPI COMP'!B:F,4,0))=0,VLOOKUP(B154,'OUTRAS BASES'!C:D,2,0),IF(A154=\"Insumo\", VLOOKUP(B154,'SINAPI INSUMOS'!B:F,5,0),VLOOKUP(B154,'SINAPI COMP'!B:F,4,0))), VLOOKUP(B154,'OUTRAS BASES'!C:D,2,0))","v":8.9499999999999993},4.0274999999999999]
[]
[]
[]
[]
[" 5.2 ","Código","Banco","Descrição","Tipo",null,"Und","Quant.","Valor Unit","Total"]
["Composição","COMPOSIÇÃO - 11","Próprio","Fornecimento e execução de reservatório apoiado de 5 m³","SEDI - SERVIÇOS DIVERSOS",null,"un",1,{"$f":"SUM(J161:J170)","v":8483.2842999999993},{"$f":"I160*H160","v":8483.2842999999993}]
["Composição Auxiliar",88309,"SINAPI","PEDREIRO COM ENCARGOS COMPLEMENTARES","Livro SINAPI: Cálculos e Parâmetros",null,"H",3,{"$f":"IF(C161=\"SINAPI\", IF( IF(A161=\"Insumo\", VLOOKUP(B161,'SINAPI INSUMOS'!B:F,5,0), VLOOKUP(B161,'SINAPI COMP'!B:F,4,0))=0,VLOOKUP(B161,'OUTRAS BASES'!C:D,2,0),IF(A161=\"Insumo\", VLOOKUP(B161,'SINAPI INSUMOS'!B:F,5,0),VLOOKUP(B161,'SINAPI COMP'!B:F,4,0))), VLOOKUP(B161,'OUTRAS BASES'!C:D,2,0))","v":32.15},{"$f":"I161*H161","v":96.449999999999989}]
["Composição Auxiliar",88316,"SINAPI","SERVENTE COM ENCARGOS COMPLEMENTARES","Livro SINAPI: Cálculos e Parâmetros",null,"H",3,{"$f":"IF(C162=\"SINAPI\", IF( IF(A162=\"Insumo\", VLOOKUP(B162,'SINAPI INSUMOS'!B:F,5,0), VLOOKUP(B162,'SINAPI COMP'!B:F,4,0))=0,VLOOKUP(B162,'OUTRAS BASES'!C:D,2,0),IF(A162=\"Insumo\", VLOOKUP(B162,'SINAPI INSUMOS'!B:F,5,0),VLOOKUP(B162,'SINAPI COMP'!B:F,4,0))), VLOOKUP(B162,'OUTRAS BASES'!C:D,2,0))","v":22.42},67.260000000000005]
["Composição Auxiliar",102617,"SINAPI","CAIXA D´ÁGUA EM POLIÉSTER REFORÇADO COM FIBRA DE VIDRO, 5000 LITROS - FORNECIMENTO E INSTALAÇÃO. AF_06/2021","Caixas de Água para Edificações",null,"UN",1,{"$f":"IF(C163=\"SINAPI\", IF( IF(A163=\"Insumo\", VLOOKUP(B163,'SINAPI INSUMOS'!B:F,5,0), VLOOKUP(B163,'SINAPI COMP'!B:F,4,0))=0,VLOOKUP(B163,'OUTRAS BASES'!C:D,2,0),IF(A163=\"Insumo\", VLOOKUP(B163,'SINAPI INSUMOS'!B:F,5,0),VLOOKUP(B163,'SINAPI COMP'!B:F,4,0))), VLOOKUP(B163,'OUTRAS BASES'!C:D,2,0))","v":3219.02},3219.02]
["Composição Auxiliar",92767,"SINAPI","ARMAÇÃO DE LAJE DE UMA ESTRUTURA CONVENCIONAL DE CONCRETO ARMADO UTILIZANDO AÇO CA-60 DE 4,2 MM - MONTAGEM. AF_12/2015","FUES - FUNDAÇÕES E ESTRUTURAS",null,"KG",3.04,{"$f":"IF(C164=\"SINAPI\", IF( IF(A164=\"Insumo\", VLOOKUP(B164,'SINAPI INSUMOS'!B:F,5,0), VLOOKUP(B164,'SINAPI COMP'!B:F,4,0))=0,VLOOKUP(B164,'OUTRAS BASES'!C:D,2,0),IF(A164=\"Insumo\", VLOOKUP(B164,'SINAPI INSUMOS'!B:F,5,0),VLOOKUP(B164,'SINAPI COMP'!B:F,4,0))), VLOOKUP(B164,'OUTRAS BASES'!C:D,2,0))","v":15.33},46.603200000000001]
["Composição Auxiliar",104917,"SINAPI","ARMAÇAO DE SAPATA ISOLADA, VIGA BALDRAME E SAPATA CORRIDA UTILIZANDO AÇO CA-50 DE 6,3 MM - MONTAGEM AD_01/2024","FUES - FUNDAÇÕES E ESTRUTURAS",null,"KG",9.3000000000000007,{"$f":"IF(C165=\"SINAPI\", IF( IF(A165=\"Insumo\", VLOOKUP(B165,'SINAPI INSUMOS'!B:F,5,0), VLOOKUP(B165,'SINAPI COMP'!B:F,4,0))=0,VLOOKUP(B165,'OUTRAS BASES'!C:D,2,0),IF(A165=\"Insumo\", VLOOKUP(B165,'SINAPI INSUMOS'!B:F,5,0),VLOOKUP(B165,'SINAPI COMP'!B:F,4,0))), VLOOKUP(B165,'OUTRAS BASES'!C:D,2,0))","v":15},139.5]
["Composição Auxiliar",92760,"SINAPI","ARMAÇÃO DE PILAR OU VIGA DE ESTRTURA CONVENCIONAL DE CONCRETO ARMADO UTILIZANDO AÇO CA-50 DE 6,3 MM - MONTAGEM. AF_12/2015","FUES - FUNDAÇÕES E ESTRUTURAS",null,"KG",16.3,{"$f":"IF(C166=\"SINAPI\", IF( IF(A166=\"Insumo\", VLOOKUP(B166,'SINAPI INSUMOS'!B:F,5,0), VLOOKUP(B166,'SINAPI COMP'!B:F,4,0))=0,VLOOKUP(B166,'OUTRAS BASES'!C:D,2,0),IF(A166=\"Insumo\", VLOOKUP(B166,'SINAPI INSUMOS'!B:F,5,0),VLOOKUP(B166,'SINAPI COMP'!B:F,4,0))), VLOOKUP(B166,'OUTRAS BASES'!C:D,2,0))","v":12.57},204.89100000000002]
["Composição Auxiliar",94964,"SINAPI","CONCRETO FCK = 20MPA, TRAÇO 1:2,7:3 (EM MASSA SECA DE CIMENTO/ AREIA MÉDIA/ BRITA 1) - PREPARO MECÂNICO COM BETONEIRA 400 L. AF_05/2021","Produção de Concreto",null,"m³",1.56,{"$f":"IF(C167=\"SINAPI\", IF( IF(A167=\"Insumo\", VLOOKUP(B167,'SINAPI INSUMOS'!B:F,5,0), VLOOKUP(B167,'SINAPI COMP'!B:F,4,0))=0,VLOOKUP(B167,'OUTRAS BASES'!C:D,2,0),IF(A167=\"Insumo\", VLOOKUP(B167,'SINAPI INSUMOS'!B:F,5,0),VLOOKUP(B167,'SINAPI COMP'!B:F,4,0))), VLOOKUP(B167,'OUTRAS BASES'!C:D,2,0))","v":510.38},796.19280000000003]
["Composição Auxiliar",84651,"SINAPI","PINTURA COM TINTA IMPERMEAVEL MINERAL EM PO, DUAS DEMAOS","PINT - PINTURAS",null,"m²",7.85,{"$f":"IF(C168=\"SINAPI\", IF( IF(A168=\"Insumo\", VLOOKUP(B168,'SINAPI INSUMOS'!B:F,5,0), VLOOKUP(B168,'SINAPI COMP'!B:F,4,0))=0,VLOOKUP(B168,'OUTRAS BASES'!C:D,2,0),IF(A168=\"Insumo\", VLOOKUP(B168,'SINAPI INSUMOS'!B:F,5,0),VLOOKUP(B168,'SINAPI COMP'!B:F,4,0))), VLOOKUP(B168,'OUTRAS BASES'!C:D,2,0))","v":14.843999999999999},116.52539999999999]
["Composição Auxiliar",92263,"SINAPI","FABRICAÇÃO DE FÔRMA PARA PILARES E ESTRUTURAS SIMILARES, EM CHAPA DE MADEIRA COMPENSADA RESINADA, E = 17 MM. AF_09/2020","FUES - FUNDAÇÕES E ESTRUTURAS",null,"KG",16.989999999999998,{"$f":"IF(C169=\"SINAPI\", IF( IF(A169=\"Insumo\", VLOOKUP(B169,'SINAPI INSUMOS'!B:F,5,0), VLOOKUP(B169,'SINAPI COMP'!B:F,4,0))=0,VLOOKUP(B169,'OUTRAS BASES'!C:D,2,0),IF(A169=\"Insumo\", VLOOKUP(B169,'SINAPI INSUMOS'!B:F,5,0),VLOOKUP(B169,'SINAPI COMP'!B:F,4,0))), VLOOKUP(B169,'OUTRAS BASES'!C:D,2,0))","v":212.41},3608.8458999999998]
["Composição Auxiliar",92770,"SINAPI","ARMAÇÃO DE LAJE DE UMA ESTRUTURA CONVENCIONAL DE CONCRETO ARMADO UTILIZANDO AÇO CA-50 DE 8,0 MM - MONTAGEM. AF_06/2022","FUES - FUNDAÇÕES E ESTRUTURAS",null,"KG",17.2,{"$f":"IF(C170=\"SINAPI\", IF( IF(A170=\"Insumo\", VLOOKUP(B170,'SINAPI INSUMOS'!B:F,5,0), VLOOKUP(B170,'SINAPI COMP'!B:F,4,0))=0,VLOOKUP(B170,'OUTRAS BASES'!C:D,2,0),IF(A170=\"Insumo\", VLOOKUP(B170,'SINAPI INSUMOS'!B:F,5,0),VLOOKUP(B170,'SINAPI COMP'!B:F,4,0))), VLOOKUP(B170,'OUTRAS BASES'!C:D,2,0))","v":10.93},187.99599999999998]
[]
[]
[]
[]
[" 6 ",null,null,"BEBEDOURO",{"$nulls":5},2091.7399999999998]
[" 6.1 ","Código","Banco","Descrição","Tipo",null,"Und","Quant.","Valor Unit","Total"]
["Composição","COMPOSIÇÃO - 12","Próprio","Serviço de execução do bebedouro em concreto armado, incluso materiais.","SEDI - SERVIÇOS DIVERSOS",null,"un",1,{"$f":"SUM(J178:J183)","v":2012.6651999999999},{"$f":"I177*H177","v":2012.6651999999999}]
["Composição Auxiliar",92916,"SINAPI","ARMAÇÃODE ESTRUTURAS DIVERSAS DE CONCRETO ARMADO, EXCETO VIGA, PILARES, LAJES E FUNDAÇÕES, UTILIZANDO AÇO CA-50 DE 6,3 MM - MONTAGEM. AF_06/2022","Armação para Estruturas de Concreto Armado",null,"KG",6,{"$f":"IF(C178=\"SINAPI\", IF( IF(A178=\"Insumo\", VLOOKUP(B178,'SINAPI INSUMOS'!B:F,5,0), VLOOKUP(B178,'SINAPI COMP'!B:F,4,0))=0,VLOOKUP(B178,'OUTRAS BASES'!C:D,2,0),IF(A178=\"Insumo\", VLOOKUP(B178,'SINAPI INSUMOS'!B:F,5,0),VLOOKUP(B178,'SINAPI COMP'!B:F,4,0))), VLOOKUP(B178,'OUTRAS BASES'!C:D,2,0))","v":14.83},{"$f":"I178*H178","v":88.98}]
["Composição Auxiliar",92915,"SINAPI","ARMAÇÃODE ESTRUTURAS DIVERSAS DE CONCRETO ARMADO, EXCETO VIGA, PILARES, LAJES E FUNDAÇÕES, UTILIZANDO AÇO CA-60 DE 5,0 MM - MONTAGEM. AF_06/2022","Armação para Estruturas de Concreto Armado",null,"KG",13,{"$f":"IF(C179=\"SINAPI\", IF( IF(A179=\"Insumo\", VLOOKUP(B179,'SINAPI INSUMOS'!B:F,5,0), VLOOKUP(B179,'SINAPI COMP'!B:F,4,0))=0,VLOOKUP(B179,'OUTRAS BASES'!C:D,2,0),IF(A179=\"Insumo\", VLOOKUP(B179,'SINAPI INSUMOS'!B:F,5,0),VLOOKUP(B179,'SINAPI COMP'!B:F,4,0))), VLOOKUP(B179,'OUTRAS BASES'!C:D,2,0))","v":16.850000000000001},219.05]
["Composição Auxiliar",92921,"SINAPI","ARMAÇÃODE ESTRUTURAS DIVERSAS DE CONCRETO ARMADO, EXCETO VIGA, PILARES, LAJES E FUNDAÇÕES, UTILIZANDO AÇO CA-50 DE 12,5 MM - MONTAGEM. AF_06/2022","Armação para Estruturas de Concreto Armado",null,"KG",12,{"$f":"IF(C180=\"SINAPI\", IF( IF(A180=\"Insumo\", VLOOKUP(B180,'SINAPI INSUMOS'!B:F,5,0), VLOOKUP(B180,'SINAPI COMP'!B:F,4,0))=0,VLOOKUP(B180,'OUTRAS BASES'!C:D,2,0),IF(A180=\"Insumo\", VLOOKUP(B180,'SINAPI INSUMOS'!B:F,5,0),VLOOKUP(B180,'SINAPI COMP'!B:F,4,0))), VLOOKUP(B180,'OUTRAS BASES'!C:D,2,0))","v":9.2100000000000009},110.52000000000001]
["Composição Auxiliar",94971,"SINAPI","CONCRETO FCK = 25MPA, TRAÇO 1:2,3:2:2,7(EM MASSA SECA DE CIMENTO, AREIA MÉDIA, BRITA 1) - PREPARO MECÂNICO COM BETONEIRA 600l. AF_05/2021","Produção de concreto",null,"m³",0.374,{"$f":"IF(C181=\"SINAPI\", IF( IF(A181=\"Insumo\", VLOOKUP(B181,'SINAPI INSUMOS'!B:F,5,0), VLOOKUP(B181,'SINAPI COMP'!B:F,4,0))=0,VLOOKUP(B181,'OUTRAS BASES'!C:D,2,0),IF(A181=\"Insumo\", VLOOKUP(B181,'SINAPI INSUMOS'!B:F,5,0),VLOOKUP(B181,'SINAPI COMP'!B:F,4,0))), VLOOKUP(B181,'OUTRAS BASES'!C:D,2,0))","v":520.4},194.62959999999998]
["Composição Auxiliar",92263,"SINAPI","FABRICAÇÃO DE FÔRMA PARA PILARES E ESTRUTURAS SIMILARES, EM CHAPA DE MADEIRA COMPENSADA RESINADA, E = 17 MM. AF_09/2020","FUES - FUNDAÇÕES E ESTRUTURAS",null,"m²",6.21,{"$f":"IF(C182=\"SINAPI\", IF( IF(A182=\"Insumo\", VLOOKUP(B182,'SINAPI INSUMOS'!B:F,5,0), VLOOKUP(B182,'SINAPI COMP'!B:F,4,0))=0,VLOOKUP(B182,'OUTRAS BASES'!C:D,2,0),IF(A182=\"Insumo\", VLOOKUP(B182,'SINAPI INSUMOS'!B:F,5,0),VLOOKUP(B182,'SINAPI COMP'!B:F,4,0))), VLOOKUP(B182,'OUTRAS BASES'!C:D,2,0))","v":212.41},1319.0661]
["Composição Auxiliar","15.07.09","EMBASA","PINTURA LÁTEX ACRÍLICA, APLICAÇÃO MANUAL EM DUAS DEMÃOS ","EDIFICAÇÕES",null,"m² ",6.21,{"$f":"IF(C183=\"SINAPI\", IF( IF(A183=\"Insumo\", VLOOKUP(B183,'SINAPI INSUMOS'!B:F,5,0), VLOOKUP(B183,'SINAPI COMP'!B:F,4,0))=0,VLOOKUP(B183,'OUTRAS BASES'!C:D,2,0),IF(A183=\"Insumo\", VLOOKUP(B183,'SINAPI INSUMOS'!B:F,5,0),VLOOKUP(B183,'SINAPI COMP'!B:F,4,0))), VLOOKUP(B183,'OUTRAS BASES'!C:D,2,0))","v":12.95},80.419499999999999]
[]
[]
[]
[]
[" 7 ",null,null,"CHAFARIZ",{"$nulls":5},1347.39]
[" 7.1 ","Código","Banco","Descrição","Tipo",null,"Und","Quant.","Valor Unit","Total"]
["Composição","COMPOSIÇÃO - 13","Próprio","Fornecimento de material e instalação do chafariz","ASTU - ASSENTAMENTO DE TUBOS E PECAS",null,"un",1,{"$f":"SUM(J191:J209)","v":946.91608546400005},{"$f":"I190*H190","v":946.91608546400005}]
["Composição Auxiliar",88267,"SINAPI","ENCANADOR OU BOMBEIRO HIDRÁULICO COM ENCARGOS COMPLEMENTARES","Livro SINAPI: Cálculos e Parâmetros",null,"H",2,{"$f":"IF(C191=\"SINAPI\", IF( IF(A191=\"Insumo\", VLOOKUP(B191,'SINAPI INSUMOS'!B:F,5,0), VLOOKUP(B191,'SINAPI COMP'!B:F,4,0))=0,VLOOKUP(B191,'OUTRAS BASES'!C:D,2,0),IF(A191=\"Insumo\", VLOOKUP(B191,'SINAPI INSUMOS'!B:F,5,0),VLOOKUP(B191,'SINAPI COMP'!B:F,4,0))), VLOOKUP(B191,'OUTRAS BASES'!C:D,2,0))","v":31.42},{"$f":"I191*H191","v":62.84}]
["Composição Auxiliar",88248,"SINAPI","AUXILIAR DE ENCANADOR OU BOMBEIRO HIDRÁULICO COM ENCARGOS COMPLEMENTARES","Livro SINAPI: Cálculos e Parâmetros",null,"H",2,{"$f":"IF(C192=\"SINAPI\", IF( IF(A192=\"Insumo\", VLOOKUP(B192,'SINAPI INSUMOS'!B:F,5,0), VLOOKUP(B192,'SINAPI COMP'!B:F,4,0))=0,VLOOKUP(B192,'OUTRAS BASES'!C:D,2,0),IF(A192=\"Insumo\", VLOOKUP(B192,'SINAPI INSUMOS'!B:F,5,0),VLOOKUP(B192,'SINAPI COMP'!B:F,4,0))), VLOOKUP(B192,'OUTRAS BASES'!C:D,2,0))","v":22.16},44.32]
["Composição Auxiliar",93358,"SINAPI","ESCAVAÇÃO MANUAL DE VALA COM PROFUNDIDADE MENOR OU IGUAL A 1,30 M. AF_02/2021","Escavação de Valas",null,"m³",7.8539800000000007E-2,{"$f":"IF(C193=\"SINAPI\", IF( IF(A193=\"Insumo\", VLOOKUP(B193,'SINAPI INSUMOS'!B:F,5,0), VLOOKUP(B193,'SINAPI COMP'!B:F,4,0))=0,VLOOKUP(B193,'OUTRAS BASES'!C:D,2,0),IF(A193=\"Insumo\", VLOOKUP(B193,'SINAPI INSUMOS'!B:F,5,0),VLOOKUP(B193,'SINAPI COMP'!B:F,4,0))), VLOOKUP(B193,'OUTRAS BASES'!C:D,2,0))","v":88.68},6.9649094640000015]
["Composição Auxiliar",96533,"SINAPI","FABRICAÇÃO, MONTAGEM E DESMONTAGEM DE FÔRMA PARA VIGA BALDRAME, EM MADEIRA SERRADA, E=25 MM, 4 UTILIZAÇÕES. AF_01/2024","FUES - FUNDAÇÕES E ESTRUTURAS",null,"m²",0.628,{"$f":"IF(C194=\"SINAPI\", IF( IF(A194=\"Insumo\", VLOOKUP(B194,'SINAPI INSUMOS'!B:F,5,0), VLOOKUP(B194,'SINAPI COMP'!B:F,4,0))=0,VLOOKUP(B194,'OUTRAS BASES'!C:D,2,0),IF(A194=\"Insumo\", VLOOKUP(B194,'SINAPI INSUMOS'!B:F,5,0),VLOOKUP(B194,'SINAPI COMP'!B:F,4,0))), VLOOKUP(B194,'OUTRAS BASES'!C:D,2,0))","v":107.12},67.271360000000001]
["Composição Auxiliar",94963,"SINAPI","CONCRETO FCK = 15MPA, TRAÇO 1:3,4:3,5 (EM MASSA SECA DE CIMENTO/ AREIA MÉDIA/ BRITA 1) - PREPARO MANUAL. AF_05/2021","Produção de Concreto",null,"m³",0.157,{"$f":"IF(C195=\"SINAPI\", IF( IF(A195=\"Insumo\", VLOOKUP(B195,'SINAPI INSUMOS'!B:F,5,0), VLOOKUP(B195,'SINAPI COMP'!B:F,4,0))=0,VLOOKUP(B195,'OUTRAS BASES'!C:D,2,0),IF(A195=\"Insumo\", VLOOKUP(B195,'SINAPI INSUMOS'!B:F,5,0),VLOOKUP(B195,'SINAPI COMP'!B:F,4,0))), VLOOKUP(B195,'OUTRAS BASES'!C:D,2,0))","v":473.22},74.295540000000003]
["Composição Auxiliar",87904,"SINAPI","CHAPISCO APLICADO EM ALVENARIA (COM PRESENÇA DE VÃOS) E ESTRUTURAS DE CONCRETO DE FACHADA, COM COLHER DE PEDREIRO.  ARGAMASSA TRAÇO 1:3 COM PREPARO MANUAL. AF_10/2022","Chapisco",null,"m²",0.314,{"$f":"IF(C196=\"SINAPI\", IF( IF(A196=\"Insumo\", VLOOKUP(B196,'SINAPI INSUMOS'!B:F,5,0), VLOOKUP(B196,'SINAPI COMP'!B:F,4,0))=0,VLOOKUP(B196,'OUTRAS BASES'!C:D,2,0),IF(A196=\"Insumo\", VLOOKUP(B196,'SINAPI INSUMOS'!B:F,5,0),VLOOKUP(B196,'SINAPI COMP'!B:F,4,0))), VLOOKUP(B196,'OUTRAS BASES'!C:D,2,0))","v":9.3800000000000008},2.9453200000000002]
["Composição Auxiliar",87529,"SINAPI","MASSA ÚNICA, EM ARGAMASSA TRAÇO 1:2:8, PREPARO MECÂNICO, APLICADA MANUALMENTE EM PAREDES INTERNAS DE AMBIENTES COM ÁREA ENTRE 5M² E 10M², E = 17,5MM, COM TALISCAS. AF_03/2024","Massa Única Interna",null,"m²",0.314,{"$f":"IF(C197=\"SINAPI\", IF( IF(A197=\"Insumo\", VLOOKUP(B197,'SINAPI INSUMOS'!B:F,5,0), VLOOKUP(B197,'SINAPI COMP'!B:F,4,0))=0,VLOOKUP(B197,'OUTRAS BASES'!C:D,2,0),IF(A197=\"Insumo\", VLOOKUP(B197,'SINAPI INSUMOS'!B:F,5,0),VLOOKUP(B197,'SINAPI COMP'!B:F,4,0))), VLOOKUP(B197,'OUTRAS BASES'!C:D,2,0))","v":40.21},12.62594]
["Composição Auxiliar",84651,"SINAPI","PINTURA COM TINTA IMPERMEAVEL MINERAL EM PO, DUAS DEMAOS","PINT - PINTURAS",null,"m²",0.314,{"$f":"IF(C198=\"SINAPI\", IF( IF(A198=\"Insumo\", VLOOKUP(B198,'SINAPI INSUMOS'!B:F,5,0), VLOOKUP(B198,'SINAPI COMP'!B:F,4,0))=0,VLOOKUP(B198,'OUTRAS BASES'!C:D,2,0),IF(A198=\"Insumo\", VLOOKUP(B198,'SINAPI INSUMOS'!B:F,5,0),VLOOKUP(B198,'SINAPI COMP'!B:F,4,0))), VLOOKUP(B198,'OUTRAS BASES'!C:D,2,0))","v":14.843999999999999},4.661016]
["Insumo",765,"SINAPI","BUCHA DE REDUCAO DE FERRO GALVANIZADO, COM ROSCA BSP, DE 1\" X 3/4\"","Material",null,"UN",2,{"$f":"IF(C199=\"SINAPI\", IF( IF(A199=\"Insumo\", VLOOKUP(B199,'SINAPI INSUMOS'!B:F,5,0), VLOOKUP(B199,'SINAPI COMP'!B:F,4,0))=0,VLOOKUP(B199,'OUTRAS BASES'!C:D,2,0),IF(A199=\"Insumo\", VLOOKUP(B199,'SINAPI INSUMOS'!B:F,5,0),VLOOKUP(B199,'SINAPI COMP'!B:F,4,0))), VLOOKUP(B199,'OUTRAS BASES'!C:D,2,0))","v":10.43},20.86]
["Insumo",9887,"SINAPI","UNIAO DE FERRO GALVANIZADO, COM ROSCA BSP, COM ASSENTO PLANO, DE 2\"","Material",null,"UN",2,{"$f":"IF(C200=\"SINAPI\", IF( IF(A200=\"Insumo\", VLOOKUP(B200,'SINAPI INSUMOS'!B:F,5,0), VLOOKUP(B200,'SINAPI COMP'!B:F,4,0))=0,VLOOKUP(B200,'OUTRAS BASES'!C:D,2,0),IF(A200=\"Insumo\", VLOOKUP(B200,'SINAPI INSUMOS'!B:F,5,0),VLOOKUP(B200,'SINAPI COMP'!B:F,4,0))), VLOOKUP(B200,'OUTRAS BASES'!C:D,2,0))","v":106.17},212.34]
["Insumo",21013,"SINAPI","TUBO ACO GALVANIZADO COM COSTURA, CLASSE LEVE, DN 50 MM ( 2\"),  E = 3,00 MM,  *4,40* KG/M (NBR 5580)","Material",null,"M",1.8,{"$f":"IF(C201=\"SINAPI\", IF( IF(A201=\"Insumo\", VLOOKUP(B201,'SINAPI INSUMOS'!B:F,5,0), VLOOKUP(B201,'SINAPI COMP'!B:F,4,0))=0,VLOOKUP(B201,'OUTRAS BASES'!C:D,2,0),IF(A201=\"Insumo\", VLOOKUP(B201,'SINAPI INSUMOS'!B:F,5,0),VLOOKUP(B201,'SINAPI COMP'!B:F,4,0))), VLOOKUP(B201,'OUTRAS BASES'!C:D,2,0))","v":67.19},120.94199999999999]
["Insumo",6298,"SINAPI","TE DE FERRO GALVANIZADO, DE 2\"","Material",null,"UN",1,{"$f":"IF(C202=\"SINAPI\", IF( IF(A202=\"Insumo\", VLOOKUP(B202,'SINAPI INSUMOS'!B:F,5,0), VLOOKUP(B202,'SINAPI COMP'!B:F,4,0))=0,VLOOKUP(B202,'OUTRAS BASES'!C:D,2,0),IF(A202=\"Insumo\", VLOOKUP(B202,'SINAPI INSUMOS'!B:F,5,0),VLOOKUP(B202,'SINAPI COMP'!B:F,4,0))), VLOOKUP(B202,'OUTRAS BASES'!C:D,2,0))","v":69.150000000000006},69.150000000000006]
["Insumo",3471,"SINAPI","COTOVELO 90 GRAUS DE FERRO GALVANIZADO, COM ROSCA BSP, DE 2\"","Material",null,"UN",1,{"$f":"IF(C203=\"SINAPI\", IF( IF(A203=\"Insumo\", VLOOKUP(B203,'SINAPI INSUMOS'!B:F,5,0), VLOOKUP(B203,'SINAPI COMP'!B:F,4,0))=0,VLOOKUP(B203,'OUTRAS BASES'!C:D,2,0),IF(A203=\"Insumo\", VLOOKUP(B203,'SINAPI INSUMOS'!B:F,5,0),VLOOKUP(B203,'SINAPI COMP'!B:F,4,0))), VLOOKUP(B203,'OUTRAS BASES'!C:D,2,0))","v":52.01},52.01]
["Insumo",113,"SINAPI","ADAPTADOR PVC SOLDAVEL CURTO COM BOLSA E ROSCA, 60 MM X 2\", PARA AGUA FRIA","Material",null,"UN",1,{"$f":"IF(C204=\"SINAPI\", IF( IF(A204=\"Insumo\", VLOOKUP(B204,'SINAPI INSUMOS'!B:F,5,0), VLOOKUP(B204,'SINAPI COMP'!B:F,4,0))=0,VLOOKUP(B204,'OUTRAS BASES'!C:D,2,0),IF(A204=\"Insumo\", VLOOKUP(B204,'SINAPI INSUMOS'!B:F,5,0),VLOOKUP(B204,'SINAPI COMP'!B:F,4,0))), VLOOKUP(B204,'OUTRAS BASES'!C:D,2,0))","v":12.45},12.45]
["Insumo",818,"SINAPI","BUCHA DE REDUCAO DE PVC, SOLDAVEL, CURTA, COM 60 X 50 MM, PARA AGUA FRIA PREDIAL","Material",null,"UN",1,{"$f":"IF(C205=\"SINAPI\", IF( IF(A205=\"Insumo\", VLOOKUP(B205,'SINAPI INSUMOS'!B:F,5,0), VLOOKUP(B205,'SINAPI COMP'!B:F,4,0))=0,VLOOKUP(B205,'OUTRAS BASES'!C:D,2,0),IF(A205=\"Insumo\", VLOOKUP(B205,'SINAPI INSUMOS'!B:F,5,0),VLOOKUP(B205,'SINAPI COMP'!B:F,4,0))), VLOOKUP(B205,'OUTRAS BASES'!C:D,2,0))","v":7.6},7.6]
["Insumo",7604,"SINAPI","TORNEIRA METALICA CROMADA PARA TANQUE / JARDIM, SEM BICO , CANO LONGO, DE PAREDE, PADRAO POPULAR / USO GERAL, 1/2 \" OU 3/4 \" (REF 1126)","Material",null,"UN",2,{"$f":"IF(C206=\"SINAPI\", IF( IF(A206=\"Insumo\", VLOOKUP(B206,'SINAPI INSUMOS'!B:F,5,0), VLOOKUP(B206,'SINAPI COMP'!B:F,4,0))=0,VLOOKUP(B206,'OUTRAS BASES'!C:D,2,0),IF(A206=\"Insumo\", VLOOKUP(B206,'SINAPI INSUMOS'!B:F,5,0),VLOOKUP(B206,'SINAPI COMP'!B:F,4,0))), VLOOKUP(B206,'OUTRAS BASES'!C:D,2,0))","v":52.86},105.72]
["Insumo",119,"SINAPI","ADESIVO PLASTICO PARA PVC, BISNAGA COM 75 GR","Material",null,"UN",1,{"$f":"IF(C207=\"SINAPI\", IF( IF(A207=\"Insumo\", VLOOKUP(B207,'SINAPI INSUMOS'!B:F,5,0), VLOOKUP(B207,'SINAPI COMP'!B:F,4,0))=0,VLOOKUP(B207,'OUTRAS BASES'!C:D,2,0),IF(A207=\"Insumo\", VLOOKUP(B207,'SINAPI INSUMOS'!B:F,5,0),VLOOKUP(B207,'SINAPI COMP'!B:F,4,0))), VLOOKUP(B207,'OUTRAS BASES'!C:D,2,0))","v":8.9499999999999993},8.9499999999999993]
["Insumo",3146,"SINAPI","FITA VEDA ROSCA EM ROLOS DE 18 MM X 10 M (L X C)","Material",null,"UN",1,{"$f":"IF(C208=\"SINAPI\", IF( IF(A208=\"Insumo\", VLOOKUP(B208,'SINAPI INSUMOS'!B:F,5,0), VLOOKUP(B208,'SINAPI COMP'!B:F,4,0))=0,VLOOKUP(B208,'OUTRAS BASES'!C:D,2,0),IF(A208=\"Insumo\", VLOOKUP(B208,'SINAPI INSUMOS'!B:F,5,0),VLOOKUP(B208,'SINAPI COMP'!B:F,4,0))), VLOOKUP(B208,'OUTRAS BASES'!C:D,2,0))","v":3.05},3.05]
["Insumo",771,"SINAPI","BUCHA DE REDUCAO DE FERRO GALVANIZADO, COM ROSCA BSP, DE 2\" X 1\"","Material",null,"UN",2,{"$f":"IF(C209=\"SINAPI\", IF( IF(A209=\"Insumo\", VLOOKUP(B209,'SINAPI INSUMOS'!B:F,5,0), VLOOKUP(B209,'SINAPI COMP'!B:F,4,0))=0,VLOOKUP(B209,'OUTRAS BASES'!C:D,2,0),IF(A209=\"Insumo\", VLOOKUP(B209,'SINAPI INSUMOS'!B:F,5,0),VLOOKUP(B209,'SINAPI COMP'!B:F,4,0))), VLOOKUP(B209,'OUTRAS BASES'!C:D,2,0))","v":28.96},57.92]
[]
[]
[]
[]
[" 8 ",null,null,"CAVALETE",{"$nulls":5},1981.82]
[" 8.1 ","Código","Banco","Descrição","Tipo",null,"Und","Quant.","Valor Unit","Total"]
["Composição","COMPOSIÇÃO - 14","Próprio","Fornecimento de conexões e Instalação do Cavalete com hidrômetro e clorador de pastilhas","INHI - INSTALAÇÕES HIDROS SANITÁRIAS",null,"un",1,{"$f":"SUM(J217:J234)","v":2309.58},{"$f":"I216*H216","v":2309.58}]
["Composição Auxiliar",88248,"SINAPI","AUXILIAR DE ENCANADOR OU BOMBEIRO HIDRÁULICO COM ENCARGOS COMPLEMENTARES","Livro SINAPI: Cálculos e Parâmetros",null,"H",3,{"$f":"IF(C217=\"SINAPI\", IF( IF(A217=\"Insumo\", VLOOKUP(B217,'SINAPI INSUMOS'!B:F,5,0), VLOOKUP(B217,'SINAPI COMP'!B:F,4,0))=0,VLOOKUP(B217,'OUTRAS BASES'!C:D,2,0),IF(A217=\"Insumo\", VLOOKUP(B217,'SINAPI INSUMOS'!B:F,5,0),VLOOKUP(B217,'SINAPI COMP'!B:F,4,0))), VLOOKUP(B217,'OUTRAS BASES'!C:D,2,0))","v":22.16},{"$f":"I217*H217","v":66.48}]
["Insumo","9860/SINAPI","ORSE","TUBO PVC, ROSCAVEL, 2\", PARA AGUA FRIA PREDIAL","Tubos e Conexões de PVC Rígido Roscável ",null,"m",1.5,{"$f":"IF(C218=\"SINAPI\", IF( IF(A218=\"Insumo\", VLOOKUP(B218,'SINAPI INSUMOS'!B:F,5,0), VLOOKUP(B218,'SINAPI COMP'!B:F,4,0))=0,VLOOKUP(B218,'OUTRAS BASES'!C:D,2,0),IF(A218=\"Insumo\", VLOOKUP(B218,'SINAPI INSUMOS'!B:F,5,0),VLOOKUP(B218,'SINAPI COMP'!B:F,4,0))), VLOOKUP(B218,'OUTRAS BASES'!C:D,2,0))","v":42.22},{"$f":"I218*H218","v":63.33}]
["Insumo",11831,"SINAPI","TORNEIRA PLASTICA PARA TANQUE 1/2 \" OU 3/4 \" COM BICO PARA MANGUEIRA","Material",null,"UN",1,{"$f":"IF(C219=\"SINAPI\", IF( IF(A219=\"Insumo\", VLOOKUP(B219,'SINAPI INSUMOS'!B:F,5,0), VLOOKUP(B219,'SINAPI COMP'!B:F,4,0))=0,VLOOKUP(B219,'OUTRAS BASES'!C:D,2,0),IF(A219=\"Insumo\", VLOOKUP(B219,'SINAPI INSUMOS'!B:F,5,0),VLOOKUP(B219,'SINAPI COMP'!B:F,4,0))), VLOOKUP(B219,'OUTRAS BASES'!C:D,2,0))","v":15.3},15.3]
["Insumo",9569,"ORSE","Adaptador pvc BSxRM d= 35mm x 1 1/2\", linha Irriga-LF, Tigre ou similar un","Material",null,"un",1,{"$f":"IF(C220=\"SINAPI\", IF( IF(A220=\"Insumo\", VLOOKUP(B220,'SINAPI INSUMOS'!B:F,5,0), VLOOKUP(B220,'SINAPI COMP'!B:F,4,0))=0,VLOOKUP(B220,'OUTRAS BASES'!C:D,2,0),IF(A220=\"Insumo\", VLOOKUP(B220,'SINAPI INSUMOS'!B:F,5,0),VLOOKUP(B220,'SINAPI COMP'!B:F,4,0))), VLOOKUP(B220,'OUTRAS BASES'!C:D,2,0))","v":3.04},3.04]
["Insumo",3939,"SINAPI","LUVA DE FERRO GALVANIZADO, COM ROSCA BSP, DE 1 1/2\"","Material",null,"UN",1,{"$f":"IF(C221=\"SINAPI\", IF( IF(A221=\"Insumo\", VLOOKUP(B221,'SINAPI INSUMOS'!B:F,5,0), VLOOKUP(B221,'SINAPI COMP'!B:F,4,0))=0,VLOOKUP(B221,'OUTRAS BASES'!C:D,2,0),IF(A221=\"Insumo\", VLOOKUP(B221,'SINAPI INSUMOS'!B:F,5,0),VLOOKUP(B221,'SINAPI COMP'!B:F,4,0))), VLOOKUP(B221,'OUTRAS BASES'!C:D,2,0))","v":23.91},23.91]
["Insumo",1798,"SINAPI","CURVA 90 GRAUS DE FERRO GALVANIZADO, COM ROSCA BSP MACHO, DE 2\"","Material",null,"UN",1,{"$f":"IF(C222=\"SINAPI\", IF( IF(A222=\"Insumo\", VLOOKUP(B222,'SINAPI INSUMOS'!B:F,5,0), VLOOKUP(B222,'SINAPI COMP'!B:F,4,0))=0,VLOOKUP(B222,'OUTRAS BASES'!C:D,2,0),IF(A222=\"Insumo\", VLOOKUP(B222,'SINAPI INSUMOS'!B:F,5,0),VLOOKUP(B222,'SINAPI COMP'!B:F,4,0))), VLOOKUP(B222,'OUTRAS BASES'!C:D,2,0))","v":133.27000000000001},133.27000000000001]
["Insumo",9887,"SINAPI","UNIAO DE FERRO GALVANIZADO, COM ROSCA BSP, COM ASSENTO PLANO, DE 2\"","Material",null,"UN",1,{"$f":"IF(C223=\"SINAPI\", IF( IF(A223=\"Insumo\", VLOOKUP(B223,'SINAPI INSUMOS'!B:F,5,0), VLOOKUP(B223,'SINAPI COMP'!B:F,4,0))=0,VLOOKUP(B223,'OUTRAS BASES'!C:D,2,0),IF(A223=\"Insumo\", VLOOKUP(B223,'SINAPI INSUMOS'!B:F,5,0),VLOOKUP(B223,'SINAPI COMP'!B:F,4,0))), VLOOKUP(B223,'OUTRAS BASES'!C:D,2,0))","v":106.17},106.17]
["Insumo"," 00004181/SINAPI ","ORSE","Niple de ferro galvanizado, com rosca bsp, de 2\"","Material",null,"un",2,{"$f":"IF(C224=\"SINAPI\", IF( IF(A224=\"Insumo\", VLOOKUP(B224,'SINAPI INSUMOS'!B:F,5,0), VLOOKUP(B224,'SINAPI COMP'!B:F,4,0))=0,VLOOKUP(B224,'OUTRAS BASES'!C:D,2,0),IF(A224=\"Insumo\", VLOOKUP(B224,'SINAPI INSUMOS'!B:F,5,0),VLOOKUP(B224,'SINAPI COMP'!B:F,4,0))), VLOOKUP(B224,'OUTRAS BASES'!C:D,2,0))","v":36.64},73.28]
["Insumo",6028,"SINAPI","REGISTRO GAVETA BRUTO EM LATAO FORJADO, BITOLA 2 \" (REF 1509)","Material",null,"UN",1,{"$f":"IF(C225=\"SINAPI\", IF( IF(A225=\"Insumo\", VLOOKUP(B225,'SINAPI INSUMOS'!B:F,5,0), VLOOKUP(B225,'SINAPI COMP'!B:F,4,0))=0,VLOOKUP(B225,'OUTRAS BASES'!C:D,2,0),IF(A225=\"Insumo\", VLOOKUP(B225,'SINAPI INSUMOS'!B:F,5,0),VLOOKUP(B225,'SINAPI COMP'!B:F,4,0))), VLOOKUP(B225,'OUTRAS BASES'!C:D,2,0))","v":118.62},118.62]
["Insumo",12775,"SINAPI","HIDROMETRO MULTIJATO / MEDIDOR DE AGUA, DN 1\", VAZAO MAXIMA DE 7 M3/H, PARA AGUA POTAVEL FRIA, RELOJOARIA PLANA, CLASSE B, HORIZONTAL (SEM CONEXOES)","Material",null,"UN",1,{"$f":"IF(C226=\"SINAPI\", IF( IF(A226=\"Insumo\", VLOOKUP(B226,'SINAPI INSUMOS'!B:F,5,0), VLOOKUP(B226,'SINAPI COMP'!B:F,4,0))=0,VLOOKUP(B226,'OUTRAS BASES'!C:D,2,0),IF(A226=\"Insumo\", VLOOKUP(B226,'SINAPI INSUMOS'!B:F,5,0),VLOOKUP(B226,'SINAPI COMP'!B:F,4,0))), VLOOKUP(B226,'OUTRAS BASES'!C:D,2,0))","v":420.58},420.58]
["Insumo",771,"SINAPI","BUCHA DE REDUCAO DE FERRO GALVANIZADO, COM ROSCA BSP, DE 2\" X 1\"","Material",null,"UN",2,{"$f":"IF(C227=\"SINAPI\", IF( IF(A227=\"Insumo\", VLOOKUP(B227,'SINAPI INSUMOS'!B:F,5,0), VLOOKUP(B227,'SINAPI COMP'!B:F,4,0))=0,VLOOKUP(B227,'OUTRAS BASES'!C:D,2,0),IF(A227=\"Insumo\", VLOOKUP(B227,'SINAPI INSUMOS'!B:F,5,0),VLOOKUP(B227,'SINAPI COMP'!B:F,4,0))), VLOOKUP(B227,'OUTRAS BASES'!C:D,2,0))","v":28.96},57.92]
["Insumo",6305,"SINAPI","TE DE REDUCAO DE FERRO GALVANIZADO, COM ROSCA BSP, DE 2\" X 1\"","Material",null,"UN",1,{"$f":"IF(C228=\"SINAPI\", IF( IF(A228=\"Insumo\", VLOOKUP(B228,'SINAPI INSUMOS'!B:F,5,0), VLOOKUP(B228,'SINAPI COMP'!B:F,4,0))=0,VLOOKUP(B228,'OUTRAS BASES'!C:D,2,0),IF(A228=\"Insumo\", VLOOKUP(B228,'SINAPI INSUMOS'!B:F,5,0),VLOOKUP(B228,'SINAPI COMP'!B:F,4,0))), VLOOKUP(B228,'OUTRAS BASES'!C:D,2,0))","v":411.16},411.16]
["Insumo",764,"SINAPI","BUCHA DE REDUCAO DE FERRO GALVANIZADO, COM ROSCA BSP, DE 1\" X 1/2\"\t","Material",null,"UN",1,{"$f":"IF(C229=\"SINAPI\", IF( IF(A229=\"Insumo\", VLOOKUP(B229,'SINAPI INSUMOS'!B:F,5,0), VLOOKUP(B229,'SINAPI COMP'!B:F,4,0))=0,VLOOKUP(B229,'OUTRAS BASES'!C:D,2,0),IF(A229=\"Insumo\", VLOOKUP(B229,'SINAPI INSUMOS'!B:F,5,0),VLOOKUP(B229,'SINAPI COMP'!B:F,4,0))), VLOOKUP(B229,'OUTRAS BASES'!C:D,2,0))","v":109.89},109.89]
["Insumo",5128,"ORSE","Tampa de poço galvanizada em 6\"","Material",null,"UN",1,{"$f":"IF(C230=\"SINAPI\", IF( IF(A230=\"Insumo\", VLOOKUP(B230,'SINAPI INSUMOS'!B:F,5,0), VLOOKUP(B230,'SINAPI COMP'!B:F,4,0))=0,VLOOKUP(B230,'OUTRAS BASES'!C:D,2,0),IF(A230=\"Insumo\", VLOOKUP(B230,'SINAPI INSUMOS'!B:F,5,0),VLOOKUP(B230,'SINAPI COMP'!B:F,4,0))), VLOOKUP(B230,'OUTRAS BASES'!C:D,2,0))","v":107.28},107.28]
["Insumo",1160,"ORSE","Joelho 45° ferro galvanizado d=2\"","Material",null,"UN",2,{"$f":"IF(C231=\"SINAPI\", IF( IF(A231=\"Insumo\", VLOOKUP(B231,'SINAPI INSUMOS'!B:F,5,0), VLOOKUP(B231,'SINAPI COMP'!B:F,4,0))=0,VLOOKUP(B231,'OUTRAS BASES'!C:D,2,0),IF(A231=\"Insumo\", VLOOKUP(B231,'SINAPI INSUMOS'!B:F,5,0),VLOOKUP(B231,'SINAPI COMP'!B:F,4,0))), VLOOKUP(B231,'OUTRAS BASES'!C:D,2,0))","v":54.39},108.78]
["Insumo",53688,"SBC","VALVULA DE RETENCAO HORIZONTAL EM LATAO, ROSCA BSP 2\"\t","Material",null,"UN",1,{"$f":"IF(C232=\"SINAPI\", IF( IF(A232=\"Insumo\", VLOOKUP(B232,'SINAPI INSUMOS'!B:F,5,0), VLOOKUP(B232,'SINAPI COMP'!B:F,4,0))=0,VLOOKUP(B232,'OUTRAS BASES'!C:D,2,0),IF(A232=\"Insumo\", VLOOKUP(B232,'SINAPI INSUMOS'!B:F,5,0),VLOOKUP(B232,'SINAPI COMP'!B:F,4,0))), VLOOKUP(B232,'OUTRAS BASES'!C:D,2,0))","v":192.66},192.66]
["Insumo",4194,"SINAPI","NIPLE DE REDUCAO DE FERRO GALVANIZADO, COM ROSCA BSP, DE 2\" X 1 1/2\"","Material",null,"UN",1,{"$f":"IF(C233=\"SINAPI\", IF( IF(A233=\"Insumo\", VLOOKUP(B233,'SINAPI INSUMOS'!B:F,5,0), VLOOKUP(B233,'SINAPI COMP'!B:F,4,0))=0,VLOOKUP(B233,'OUTRAS BASES'!C:D,2,0),IF(A233=\"Insumo\", VLOOKUP(B233,'SINAPI INSUMOS'!B:F,5,0),VLOOKUP(B233,'SINAPI COMP'!B:F,4,0))), VLOOKUP(B233,'OUTRAS BASES'!C:D,2,0))","v":46.94},46.94]
["Insumo",12464,"ORSE","Clorador dosador de cloro de pastilhas automático","Material",null,"un",1,{"$f":"IF(C234=\"SINAPI\", IF( IF(A234=\"Insumo\", VLOOKUP(B234,'SINAPI INSUMOS'!B:F,5,0), VLOOKUP(B234,'SINAPI COMP'!B:F,4,0))=0,VLOOKUP(B234,'OUTRAS BASES'!C:D,2,0),IF(A234=\"Insumo\", VLOOKUP(B234,'SINAPI INSUMOS'!B:F,5,0),VLOOKUP(B234,'SINAPI COMP'!B:F,4,0))), VLOOKUP(B234,'OUTRAS BASES'!C:D,2,0))","v":250.97},250.97]
[]
[]
[]
[]
[" 9 ",null,null,"INSTALAÇÕES HIDRÁULICAS",{"$nulls":5},23142]
[" 9.1 ","Código","Banco","Descrição","Tipo",null,"Und","Quant.","Valor Unit","Total"]
["Composição","COMPOSIÇÃO - 15","Próprio","Instalação da rede adutora poço-reservatório-bebedouro em PN80 e DN50MM","SEDI - SERVIÇOS DIVERSOS",null,"m",1,{"$f":"SUM(J242:J244)","v":6.4500000000000011},{"$f":"I241*H241","v":6.4500000000000011}]
["Composição Auxiliar",88316,"SINAPI","SERVENTE COM ENCARGOS COMPLEMENTARES","Livro SINAPI: Cálculos e Parâmetros",null,"H",0.05,{"$f":"IF(C242=\"SINAPI\", IF( IF(A242=\"Insumo\", VLOOKUP(B242,'SINAPI INSUMOS'!B:F,5,0), VLOOKUP(B242,'SINAPI COMP'!B:F,4,0))=0,VLOOKUP(B242,'OUTRAS BASES'!C:D,2,0),IF(A242=\"Insumo\", VLOOKUP(B242,'SINAPI INSUMOS'!B:F,5,0),VLOOKUP(B242,'SINAPI COMP'!B:F,4,0))), VLOOKUP(B242,'OUTRAS BASES'!C:D,2,0))","v":22.42},{"$f":"I242*H242","v":1.1210000000000002}]
["Composição Auxiliar",93358,"SINAPI","ESCAVAÇÃO MANUAL DE VALA COM PROFUNDIDADE MENOR OU IGUAL A 1,30 M. AF_02/2021","Escavação de Valas",null,"m³",0.05,{"$f":"IF(C243=\"SINAPI\", IF( IF(A243=\"Insumo\", VLOOKUP(B243,'SINAPI INSUMOS'!B:F,5,0), VLOOKUP(B243,'SINAPI COMP'!B:F,4,0))=0,VLOOKUP(B243,'OUTRAS BASES'!C:D,2,0),IF(A243=\"Insumo\", VLOOKUP(B243,'SINAPI INSUMOS'!B:F,5,0),VLOOKUP(B243,'SINAPI COMP'!B:F,4,0))), VLOOKUP(B243,'OUTRAS BASES'!C:D,2,0))","v":88.68},4.4340000000000002]
["Insumo",119,"SINAPI","ADESIVO PLASTICO PARA PVC, BISNAGA COM 75 GR","Material",null,"UN",0.1,{"$f":"IF(C244=\"SINAPI\", IF( IF(A244=\"Insumo\", VLOOKUP(B244,'SINAPI INSUMOS'!B:F,5,0), VLOOKUP(B244,'SINAPI COMP'!B:F,4,0))=0,VLOOKUP(B244,'OUTRAS BASES'!C:D,2,0),IF(A244=\"Insumo\", VLOOKUP(B244,'SINAPI INSUMOS'!B:F,5,0),VLOOKUP(B244,'SINAPI COMP'!B:F,4,0))), VLOOKUP(B244,'OUTRAS BASES'!C:D,2,0))","v":8.9499999999999993},0.89500000000000002]
[]
[" 9.2 ","Código","Banco","Descrição","Tipo",null,"Und","Quant.","Valor Unit","Total"]
["Insumo",9875,"SINAPI","TUBO PVC, SOLDAVEL, DE 50 MM, AGUA FRIA (NBR-5648)","MATERIAL",null,"un",1,{"$f":"IF(C247=\"SINAPI\", IF( IF(A247=\"Insumo\", VLOOKUP(B247,'SINAPI INSUMOS'!B:F,5,0), VLOOKUP(B247,'SINAPI COMP'!B:F,4,0))=0,VLOOKUP(B247,'OUTRAS BASES'!C:D,2,0),IF(A247=\"Insumo\", VLOOKUP(B247,'SINAPI INSUMOS'!B:F,5,0),VLOOKUP(B247,'SINAPI COMP'!B:F,4,0))), VLOOKUP(B247,'OUTRAS BASES'!C:D,2,0))","v":17.21},{"$f":"I247*H247","v":17.21}]
[]
[]
[]
[]
[" 9.3","Código","Banco","Descrição","Tipo",null,"Und","Quant.","Valor Unit","Total"]
["Composição","COMPOSIÇÃO - 16","Próprio","Montagem hidráulica do equipamento de bombeamento","INHI - INSTALAÇÕES HIDROS SANITÁRIAS",null,"un",1,{"$f":"SUM(J254:J255)","v":160.74},{"$f":"I253*H253","v":160.74}]
["Composição Auxiliar",88267,"SINAPI","ENCANADOR OU BOMBEIRO HIDRÁULICO COM ENCARGOS COMPLEMENTARES","Livro SINAPI: Cálculos e Parâmetros",null,"H",3,{"$f":"IF(C254=\"SINAPI\", IF( IF(A254=\"Insumo\", VLOOKUP(B254,'SINAPI INSUMOS'!B:F,5,0), VLOOKUP(B254,'SINAPI COMP'!B:F,4,0))=0,VLOOKUP(B254,'OUTRAS BASES'!C:D,2,0),IF(A254=\"Insumo\", VLOOKUP(B254,'SINAPI INSUMOS'!B:F,5,0),VLOOKUP(B254,'SINAPI COMP'!B:F,4,0))), VLOOKUP(B254,'OUTRAS BASES'!C:D,2,0))","v":31.42},{"$f":"I254*H254","v":94.26}]
["Composição Auxiliar",88248,"SINAPI","AUXILIAR DE ENCANADOR OU BOMBEIRO HIDRÁULICO COM ENCARGOS COMPLEMENTARES","Livro SINAPI: Cálculos e Parâmetros",null,"H",3,{"$f":"IF(C255=\"SINAPI\", IF( IF(A255=\"Insumo\", VLOOKUP(B255,'SINAPI INSUMOS'!B:F,5,0), VLOOKUP(B255,'SINAPI COMP'!B:F,4,0))=0,VLOOKUP(B255,'OUTRAS BASES'!C:D,2,0),IF(A255=\"Insumo\", VLOOKUP(B255,'SINAPI INSUMOS'!B:F,5,0),VLOOKUP(B255,'SINAPI COMP'!B:F,4,0))), VLOOKUP(B255,'OUTRAS BASES'!C:D,2,0))","v":22.16},66.48]
[]
[]
[]
[]
[" 9.4","Código","Banco","Descrição","Tipo",null,"Und","Quant.","Valor Unit","Total"]
["Insumo",38200,"SINAPI","CORDA DE POLIAMIDA 12 MM TIPO BOMBEIRO, PARA TRABALHO EM ALTURA","Material",null,"100M",1,{"$f":"IF(C261=\"SINAPI\", IF( IF(A261=\"Insumo\", VLOOKUP(B261,'SINAPI INSUMOS'!B:F,5,0), VLOOKUP(B261,'SINAPI COMP'!B:F,4,0))=0,VLOOKUP(B261,'OUTRAS BASES'!C:D,2,0),IF(A261=\"Insumo\", VLOOKUP(B261,'SINAPI INSUMOS'!B:F,5,0),VLOOKUP(B261,'SINAPI COMP'!B:F,4,0))), VLOOKUP(B261,'OUTRAS BASES'!C:D,2,0))","v":348.48},{"$f":"I261*H261","v":348.48}]
[]
[]
[]
[]
[" 9.5","Código","Banco","Descrição","Tipo",null,"Und","Quant.","Valor Unit","Total"]
["Insumo",9860,"SINAPI","TUBO PVC, ROSCAVEL,  2\", PARA AGUA FRIA PREDIAL","Material",null,"M",1,{"$f":"IF(C267=\"SINAPI\", IF( IF(A267=\"Insumo\", VLOOKUP(B267,'SINAPI INSUMOS'!B:F,5,0), VLOOKUP(B267,'SINAPI COMP'!B:F,4,0))=0,VLOOKUP(B267,'OUTRAS BASES'!C:D,2,0),IF(A267=\"Insumo\", VLOOKUP(B267,'SINAPI INSUMOS'!B:F,5,0),VLOOKUP(B267,'SINAPI COMP'!B:F,4,0))), VLOOKUP(B267,'OUTRAS BASES'!C:D,2,0))","v":49.99},{"$f":"I267*H267","v":49.99}]
[]
[]
[]
[]
[" 9.6","Código","Banco","Descrição","Tipo",null,"Und","Quant.","Valor Unit","Total"]
["Insumo",3912,"SINAPI","LUVA DE FERRO GALVANIZADO, COM ROSCA BSP, DE 2\"","Material",null,"UN",1,{"$f":"IF(C273=\"SINAPI\", IF( IF(A273=\"Insumo\", VLOOKUP(B273,'SINAPI INSUMOS'!B:F,5,0), VLOOKUP(B273,'SINAPI COMP'!B:F,4,0))=0,VLOOKUP(B273,'OUTRAS BASES'!C:D,2,0),IF(A273=\"Insumo\", VLOOKUP(B273,'SINAPI INSUMOS'!B:F,5,0),VLOOKUP(B273,'SINAPI COMP'!B:F,4,0))), VLOOKUP(B273,'OUTRAS BASES'!C:D,2,0))","v":36.61},{"$f":"I273*H273","v":36.61}]
[]
[]
[]
[]
[" 9.7","Código","Banco","Descrição","Tipo",null,"Und","Quant.","Valor Unit","Total"]
["Insumo",5128,"ORSE","Tampa de poço galvanizada em 6\" un","Serviços",null,"un",1,{"$f":"IF(C279=\"SINAPI\", IF( IF(A279=\"Insumo\", VLOOKUP(B279,'SINAPI INSUMOS'!B:F,5,0), VLOOKUP(B279,'SINAPI COMP'!B:F,4,0))=0,VLOOKUP(B279,'OUTRAS BASES'!C:D,2,0),IF(A279=\"Insumo\", VLOOKUP(B279,'SINAPI INSUMOS'!B:F,5,0),VLOOKUP(B279,'SINAPI COMP'!B:F,4,0))), VLOOKUP(B279,'OUTRAS BASES'!C:D,2,0))","v":107.28},{"$f":"I279*H279","v":107.28}]
[]
[]
[]
[]
[10,null,null,"ESTRUTURA DE FIXAÇÃO PARA MÓDULOS FOTOVOLTÁICOS"]
["10.1","Código","Banco","Descrição","Tipo",null,"Und","Quant.","Valor Unit","Total"]
["Composição","COMPOSIÇÃO - 17","Próprio","Serviço de fixação de estruturas para os módulos fotovoltaicos e suportes de concreto, incluso materiais.","SEDI - SERVIÇOS DIVERSOS",null,"m²",1,{"$f":"SUM(J287:J289)","v":101.629992},{"$f":"I286*H286","v":101.629992}]
["Composição Auxiliar",94975,"SINAPI","CONCRETO FCK = 15MPA, TRAÇO 1:3,4:3,5 (EM MASSA SECA DE CIMENTO/ AREIA MÉDIA/ BRITA 1) - PREPARO MANUAL. AF_05/2021","Produção de Concreto",null,"m³",0.09,{"$f":"IF(C287=\"SINAPI\", IF( IF(A287=\"Insumo\", VLOOKUP(B287,'SINAPI INSUMOS'!B:F,5,0), VLOOKUP(B287,'SINAPI COMP'!B:F,4,0))=0,VLOOKUP(B287,'OUTRAS BASES'!C:D,2,0),IF(A287=\"Insumo\", VLOOKUP(B287,'SINAPI INSUMOS'!B:F,5,0),VLOOKUP(B287,'SINAPI COMP'!B:F,4,0))), VLOOKUP(B287,'OUTRAS BASES'!C:D,2,0))","v":534.97},{"$f":"I287*H287","v":48.147300000000001}]
["Composição Auxiliar",96522,"SINAPI","ESCAVAÇÃO MANUAL PARA BLOCO DE COROAMENTO OU SAPATA (SEM ESCAVAÇÃO PARA COLOCAÇÃO DE FÔRMAS). AF_01/2024","Fundações Rasas (Blocos, Sapatas, Vigas Baldrame)",null,"m³",6.1999999999999998E-3,{"$f":"IF(C288=\"SINAPI\", IF( IF(A288=\"Insumo\", VLOOKUP(B288,'SINAPI INSUMOS'!B:F,5,0), VLOOKUP(B288,'SINAPI COMP'!B:F,4,0))=0,VLOOKUP(B288,'OUTRAS BASES'!C:D,2,0),IF(A288=\"Insumo\", VLOOKUP(B288,'SINAPI INSUMOS'!B:F,5,0),VLOOKUP(B288,'SINAPI COMP'!B:F,4,0))), VLOOKUP(B288,'OUTRAS BASES'!C:D,2,0))","v":153.66},0.95269199999999998]
["Insumo",4183,"SBC","ESTRUTURA METALICA EM TESOURAS OU TRELICAS, VÃO LIVRE DE 12M, FORNECIMENTO E MONTAGEM ","Material",null,"m²",1,{"$f":"IF(C289=\"SINAPI\", IF( IF(A289=\"Insumo\", VLOOKUP(B289,'SINAPI INSUMOS'!B:F,5,0), VLOOKUP(B289,'SINAPI COMP'!B:F,4,0))=0,VLOOKUP(B289,'OUTRAS BASES'!C:D,2,0),IF(A289=\"Insumo\", VLOOKUP(B289,'SINAPI INSUMOS'!B:F,5,0),VLOOKUP(B289,'SINAPI COMP'!B:F,4,0))), VLOOKUP(B289,'OUTRAS BASES'!C:D,2,0))","v":52.53},52.53]
[]
[]
[]
[]
[11,null,null,"INSTALAÇÕES ELÉTRICAS E BÓIA ELÉTRICA"]
["11.1","Código","Banco","Descrição","Tipo",null,"Und","Quant.","Valor Unit","Total"]
["Composição","COMPOSIÇÃO - 18","Próprio","Montagem e instalação elétrica do kit de bombeamento e sistema fotovoltaico inclusive sistema de aterramento.","INEL - INSTALAÇÃO ELÉTRICA/ELETRIFICAÇÃO E ILUMINAÇÃO EXTERNA",null,"un",1,{"$f":"SUM(J297:J307)","v":983.31100000000004},{"$f":"I296*H296","v":983.31100000000004}]
["Composição Auxiliar",88247,"SINAPI","AUXILIAR DE ELETRICISTA COM ENCARGOS COMPLEMENTARES","Livro SINAPI: Cálculos e Parâmetros",null,"H",8,{"$f":"IF(C297=\"SINAPI\", IF( IF(A297=\"Insumo\", VLOOKUP(B297,'SINAPI INSUMOS'!B:F,5,0), VLOOKUP(B297,'SINAPI COMP'!B:F,4,0))=0,VLOOKUP(B297,'OUTRAS BASES'!C:D,2,0),IF(A297=\"Insumo\", VLOOKUP(B297,'SINAPI INSUMOS'!B:F,5,0),VLOOKUP(B297,'SINAPI COMP'!B:F,4,0))), VLOOKUP(B297,'OUTRAS BASES'!C:D,2,0))","v":23.13},{"$f":"I297*H297","v":185.04}]
["Insumo",20111,"SINAPI","FITA ISOLANTE ADESIVA ANTICHAMA, USO ATE 750 V, EM ROLO DE 19 MM X 20 M","Material",null,"UN",1,{"$f":"IF(C298=\"SINAPI\", IF( IF(A298=\"Insumo\", VLOOKUP(B298,'SINAPI INSUMOS'!B:F,5,0), VLOOKUP(B298,'SINAPI COMP'!B:F,4,0))=0,VLOOKUP(B298,'OUTRAS BASES'!C:D,2,0),IF(A298=\"Insumo\", VLOOKUP(B298,'SINAPI INSUMOS'!B:F,5,0),VLOOKUP(B298,'SINAPI COMP'!B:F,4,0))), VLOOKUP(B298,'OUTRAS BASES'!C:D,2,0))","v":9.01},{"$f":"I298*H298","v":9.01}]
["Insumo",2674,"SINAPI","FORNECIMENTO DE  ELETRODUTO DE PVC RIGIDO ROSCAVEL DE 3/4 \", SEM LUVA","Material",null,"M",15,{"$f":"IF(C299=\"SINAPI\", IF( IF(A299=\"Insumo\", VLOOKUP(B299,'SINAPI INSUMOS'!B:F,5,0), VLOOKUP(B299,'SINAPI COMP'!B:F,4,0))=0,VLOOKUP(B299,'OUTRAS BASES'!C:D,2,0),IF(A299=\"Insumo\", VLOOKUP(B299,'SINAPI INSUMOS'!B:F,5,0),VLOOKUP(B299,'SINAPI COMP'!B:F,4,0))), VLOOKUP(B299,'OUTRAS BASES'!C:D,2,0))","v":3.62},54.300000000000004]
["Insumo",12034,"SINAPI","FORNECIMENTO DE  CURVA 180 GRAUS, DE PVC RIGIDO ROSCAVEL, DE 3/4\", PARA ELETRODUTO","Material",null,"UN",1,{"$f":"IF(C300=\"SINAPI\", IF( IF(A300=\"Insumo\", VLOOKUP(B300,'SINAPI INSUMOS'!B:F,5,0), VLOOKUP(B300,'SINAPI COMP'!B:F,4,0))=0,VLOOKUP(B300,'OUTRAS BASES'!C:D,2,0),IF(A300=\"Insumo\", VLOOKUP(B300,'SINAPI INSUMOS'!B:F,5,0),VLOOKUP(B300,'SINAPI COMP'!B:F,4,0))), VLOOKUP(B300,'OUTRAS BASES'!C:D,2,0))","v":2.99},2.99]
["Insumo",39272,"SINAPI","FORNECIMENTO DE  CURVA 90 GRAUS, CURTA, DE PVC RIGIDO ROSCAVEL, DE 3/4\", PARA ELETRODUTO","Material",null,"UN",2,{"$f":"IF(C301=\"SINAPI\", IF( IF(A301=\"Insumo\", VLOOKUP(B301,'SINAPI INSUMOS'!B:F,5,0), VLOOKUP(B301,'SINAPI COMP'!B:F,4,0))=0,VLOOKUP(B301,'OUTRAS BASES'!C:D,2,0),IF(A301=\"Insumo\", VLOOKUP(B301,'SINAPI INSUMOS'!B:F,5,0),VLOOKUP(B301,'SINAPI COMP'!B:F,4,0))), VLOOKUP(B301,'OUTRAS BASES'!C:D,2,0))","v":1.63},3.26]
["Insumo",3379,"SINAPI","HASTE DE ATERRAMENTO EM ACO COM 3,00 M DE COMPRIMENTO E DN = 5/8\", REVESTIDA COM BAIXA CAMADA DE COBRE, SEM CONECTOR","Material",null,"UN",0.66,{"$f":"IF(C302=\"SINAPI\", IF( IF(A302=\"Insumo\", VLOOKUP(B302,'SINAPI INSUMOS'!B:F,5,0), VLOOKUP(B302,'SINAPI COMP'!B:F,4,0))=0,VLOOKUP(B302,'OUTRAS BASES'!C:D,2,0),IF(A302=\"Insumo\", VLOOKUP(B302,'SINAPI INSUMOS'!B:F,5,0),VLOOKUP(B302,'SINAPI COMP'!B:F,4,0))), VLOOKUP(B302,'OUTRAS BASES'!C:D,2,0))","v":59.85},39.501000000000005]
["Insumo",1891,"SINAPI","FORNECIMENTO DE  LUVA EM PVC RIGIDO ROSCAVEL, DE 3/4\", PARA ELETRODUTO","Material",null,"UN",9,{"$f":"IF(C303=\"SINAPI\", IF( IF(A303=\"Insumo\", VLOOKUP(B303,'SINAPI INSUMOS'!B:F,5,0), VLOOKUP(B303,'SINAPI COMP'!B:F,4,0))=0,VLOOKUP(B303,'OUTRAS BASES'!C:D,2,0),IF(A303=\"Insumo\", VLOOKUP(B303,'SINAPI INSUMOS'!B:F,5,0),VLOOKUP(B303,'SINAPI COMP'!B:F,4,0))), VLOOKUP(B303,'OUTRAS BASES'!C:D,2,0))","v":0.75},6.75]
["Insumo",425,"SINAPI","GRAMPO METALICO TIPO OLHAL PARA HASTE DE ATERRAMENTO DE 5/8'', CONDUTOR DE *10* A 50 MM2","Material",null,"UN",2,{"$f":"IF(C304=\"SINAPI\", IF( IF(A304=\"Insumo\", VLOOKUP(B304,'SINAPI INSUMOS'!B:F,5,0), VLOOKUP(B304,'SINAPI COMP'!B:F,4,0))=0,VLOOKUP(B304,'OUTRAS BASES'!C:D,2,0),IF(A304=\"Insumo\", VLOOKUP(B304,'SINAPI INSUMOS'!B:F,5,0),VLOOKUP(B304,'SINAPI COMP'!B:F,4,0))), VLOOKUP(B304,'OUTRAS BASES'!C:D,2,0))","v":5.67},11.34]
["Insumo",34643,"SINAPI","FORNECIMENTO DE  CAIXA DE INSPECAO PARA ATERRAMENTO E PARA RAIOS, EM POLIPROPILENO,  DIAMETRO = 300 MM X ALTURA = 400 MM","Material",null,"UN",2,{"$f":"IF(C305=\"SINAPI\", IF( IF(A305=\"Insumo\", VLOOKUP(B305,'SINAPI INSUMOS'!B:F,5,0), VLOOKUP(B305,'SINAPI COMP'!B:F,4,0))=0,VLOOKUP(B305,'OUTRAS BASES'!C:D,2,0),IF(A305=\"Insumo\", VLOOKUP(B305,'SINAPI INSUMOS'!B:F,5,0),VLOOKUP(B305,'SINAPI COMP'!B:F,4,0))), VLOOKUP(B305,'OUTRAS BASES'!C:D,2,0))","v":46.35},92.7]
["Insumo",867,"SINAPI","CABO DE COBRE NU 50 MM2 MEIO-DURO","Material",null,"M",7.5,{"$f":"IF(C306=\"SINAPI\", IF( IF(A306=\"Insumo\", VLOOKUP(B306,'SINAPI INSUMOS'!B:F,5,0), VLOOKUP(B306,'SINAPI COMP'!B:F,4,0))=0,VLOOKUP(B306,'OUTRAS BASES'!C:D,2,0),IF(A306=\"Insumo\", VLOOKUP(B306,'SINAPI INSUMOS'!B:F,5,0),VLOOKUP(B306,'SINAPI COMP'!B:F,4,0))), VLOOKUP(B306,'OUTRAS BASES'!C:D,2,0))","v":56.84},426.3]
["Insumo",54581,"SIURB INFRA","DPS - DISPOSITIVO DE PROTEÇÃO CONTRA SURTOS – 45KA – 500 VOLTS - CORRENTE CONTÍNUA - CLASSE II - P/ SISTEMA FOTOVOLTÁICO","Material",null,"Un",1,{"$f":"IF(C307=\"SINAPI\", IF( IF(A307=\"Insumo\", VLOOKUP(B307,'SINAPI INSUMOS'!B:F,5,0), VLOOKUP(B307,'SINAPI COMP'!B:F,4,0))=0,VLOOKUP(B307,'OUTRAS BASES'!C:D,2,0),IF(A307=\"Insumo\", VLOOKUP(B307,'SINAPI INSUMOS'!B:F,5,0),VLOOKUP(B307,'SINAPI COMP'!B:F,4,0))), VLOOKUP(B307,'OUTRAS BASES'!C:D,2,0))","v":152.12},152.12]
[]
[]
[]
[]
["11.2","Código","Banco","Descrição","Tipo",null,"Und","Quant.","Valor Unit","Total"]
["Insumo",34622,"SINAPI","FORNECIMENTO DE  CABO FLEXIVEL PVC 750 V, 3 CONDUTORES DE 6,0 MM2","Material",null,"M",1,{"$f":"IF(C313=\"SINAPI\", IF( IF(A313=\"Insumo\", VLOOKUP(B313,'SINAPI INSUMOS'!B:F,5,0), VLOOKUP(B313,'SINAPI COMP'!B:F,4,0))=0,VLOOKUP(B313,'OUTRAS BASES'!C:D,2,0),IF(A313=\"Insumo\", VLOOKUP(B313,'SINAPI INSUMOS'!B:F,5,0),VLOOKUP(B313,'SINAPI COMP'!B:F,4,0))), VLOOKUP(B313,'OUTRAS BASES'!C:D,2,0))","v":22.34},{"$f":"I313*H313","v":22.34}]
[]
[]
[]
[]
["11.3","Código","Banco","Descrição","Tipo",null,"Und","Quant.","Valor Unit","Total"]
["Composição","COMPOSIÇÃO - 19","Próprio","Fornecimento e instalação de automático de bóia superior e inferior","ASTU - ASSENTAMENTO DE TUBOS E PECAS",null,"un",1,{"$f":"SUM(J320:J324)","v":56.607500000000009},{"$f":"I319*H319","v":56.607500000000009}]
["Composição Auxiliar",88264,"SINAPI","ELETRICISTA COM ENCARGOS COMPLEMENTARES","Livro SINAPI: Cálculos e Parâmetros",null,"H",0.2,{"$f":"IF(C320=\"SINAPI\", IF( IF(A320=\"Insumo\", VLOOKUP(B320,'SINAPI INSUMOS'!B:F,5,0), VLOOKUP(B320,'SINAPI COMP'!B:F,4,0))=0,VLOOKUP(B320,'OUTRAS BASES'!C:D,2,0),IF(A320=\"Insumo\", VLOOKUP(B320,'SINAPI INSUMOS'!B:F,5,0),VLOOKUP(B320,'SINAPI COMP'!B:F,4,0))), VLOOKUP(B320,'OUTRAS BASES'!C:D,2,0))","v":32.57},{"$f":"I320*H320","v":6.5140000000000002}]
["Composição Auxiliar",88247,"SINAPI","AUXILIAR DE ELETRICISTA COM ENCARGOS COMPLEMENTARES","Livro SINAPI: Cálculos e Parâmetros",null,"H",0.2,{"$f":"IF(C321=\"SINAPI\", IF( IF(A321=\"Insumo\", VLOOKUP(B321,'SINAPI INSUMOS'!B:F,5,0), VLOOKUP(B321,'SINAPI COMP'!B:F,4,0))=0,VLOOKUP(B321,'OUTRAS BASES'!C:D,2,0),IF(A321=\"Insumo\", VLOOKUP(B321,'SINAPI INSUMOS'!B:F,5,0),VLOOKUP(B321,'SINAPI COMP'!B:F,4,0))), VLOOKUP(B321,'OUTRAS BASES'!C:D,2,0))","v":23.13},4.6260000000000003]
["Insumo",7588,"SINAPI","AUTOMATICO DE BOIA SUPERIOR / INFERIOR, *15* A / 250 V","Material",null,"UN",1,{"$f":"IF(C322=\"SINAPI\", IF( IF(A322=\"Insumo\", VLOOKUP(B322,'SINAPI INSUMOS'!B:F,5,0), VLOOKUP(B322,'SINAPI COMP'!B:F,4,0))=0,VLOOKUP(B322,'OUTRAS BASES'!C:D,2,0),IF(A322=\"Insumo\", VLOOKUP(B322,'SINAPI INSUMOS'!B:F,5,0),VLOOKUP(B322,'SINAPI COMP'!B:F,4,0))), VLOOKUP(B322,'OUTRAS BASES'!C:D,2,0))","v":44.67},44.67]
["Insumo",21127,"SINAPI","FITA ISOLANTE ADESIVA ANTICHAMA, USO ATE 750 V, EM ROLO DE 19 MM X 5 M","Material",null,"UN",0.1,{"$f":"IF(C323=\"SINAPI\", IF( IF(A323=\"Insumo\", VLOOKUP(B323,'SINAPI INSUMOS'!B:F,5,0), VLOOKUP(B323,'SINAPI COMP'!B:F,4,0))=0,VLOOKUP(B323,'OUTRAS BASES'!C:D,2,0),IF(A323=\"Insumo\", VLOOKUP(B323,'SINAPI INSUMOS'!B:F,5,0),VLOOKUP(B323,'SINAPI COMP'!B:F,4,0))), VLOOKUP(B323,'OUTRAS BASES'!C:D,2,0))","v":3.4},0.34]
["Insumo",3146,"SINAPI","FITA VEDA ROSCA EM ROLOS DE 18 MM X 10 M (L X C)","Material",null,"UN",0.15,{"$f":"IF(C324=\"SINAPI\", IF( IF(A324=\"Insumo\", VLOOKUP(B324,'SINAPI INSUMOS'!B:F,5,0), VLOOKUP(B324,'SINAPI COMP'!B:F,4,0))=0,VLOOKUP(B324,'OUTRAS BASES'!C:D,2,0),IF(A324=\"Insumo\", VLOOKUP(B324,'SINAPI INSUMOS'!B:F,5,0),VLOOKUP(B324,'SINAPI COMP'!B:F,4,0))), VLOOKUP(B324,'OUTRAS BASES'!C:D,2,0))","v":3.05},0.45749999999999996]
[]
[]
[]
[]
["11.4","Código","Banco","Descrição","Tipo",null,"Und","Quant.","Valor Unit","Total"]
["Insumo",39257,"SINAPI","CABO MULTIPOLAR DE COBRE, FLEXIVEL, CLASSE 4 OU 5, ISOLACAO EM HEPR, COBERTURA EM PVC-ST2, ANTICHAMA BWF-B, 0,6/1 KV, 3 CONDUTORES DE 1,5 MM2","Material",null,"M",1,{"$f":"IF(C330=\"SINAPI\", IF( IF(A330=\"Insumo\", VLOOKUP(B330,'SINAPI INSUMOS'!B:F,5,0), VLOOKUP(B330,'SINAPI COMP'!B:F,4,0))=0,VLOOKUP(B330,'OUTRAS BASES'!C:D,2,0),IF(A330=\"Insumo\", VLOOKUP(B330,'SINAPI INSUMOS'!B:F,5,0),VLOOKUP(B330,'SINAPI COMP'!B:F,4,0))), VLOOKUP(B330,'OUTRAS BASES'!C:D,2,0))","v":6.07},{"$f":"I330*H330","v":6.07}]
[]
[]
[]
[]
["11.5","Código","Banco","Descrição","Tipo",null,"Und","Quant.","Valor Unit","Total"]
["Insumo","COTAÇÃO-001","Próprio","Fornecimento de kit de bombeamento fotovoltaico, incluindo uma bomba CC de 1500W com controladora de carga externa, caixa de proteção metálica, módulos fotovoltaicos compatíveis com a geração de 2200Wp além de componentes elétricos necessários para interligação dos painéis, como cabos, conectores MC4 e presilhas de fixação.","Serviços",null,"un",1,7842.59,{"$f":"I336*H336","v":7842.59}]
[]
[]
[]
[]
[12,null,null,"URBANIZAÇÃO"]
["12.1","Código","Banco","Descrição","Tipo",null,"Und","Quant.","Valor Unit","Total"]
["Composição","COMPOSIÇÃO - 20","Próprio","Cerca com mourões de concreto de 15x15cm, espaçados de 3m e cravados a 0,5m, escoras de 10x10cm nos cantos, e 9 fios de arame de aço ovalado 15x17.","SEDI - SERVIÇOS DIVERSOS",null,"m",1,{"$f":"SUM(J344:J350)","v":88.632856000000004},{"$f":"I343*H343","v":88.632856000000004}]
["Composição Auxiliar",88309,"SINAPI","PEDREIRO COM ENCARGOS COMPLEMENTARES","Livro SINAPI: Cálculos e Parâmetros",null,"H",0.33500000000000002,{"$f":"IF(C344=\"SINAPI\", IF( IF(A344=\"Insumo\", VLOOKUP(B344,'SINAPI INSUMOS'!B:F,5,0), VLOOKUP(B344,'SINAPI COMP'!B:F,4,0))=0,VLOOKUP(B344,'OUTRAS BASES'!C:D,2,0),IF(A344=\"Insumo\", VLOOKUP(B344,'SINAPI INSUMOS'!B:F,5,0),VLOOKUP(B344,'SINAPI COMP'!B:F,4,0))), VLOOKUP(B344,'OUTRAS BASES'!C:D,2,0))","v":32.15},{"$f":"I344*H344","v":10.770250000000001}]
["Composição Auxiliar",88316,"SINAPI","SERVENTE COM ENCARGOS COMPLEMENTARES","Livro SINAPI: Cálculos e Parâmetros",null,"H",0.67100000000000004,{"$f":"IF(C345=\"SINAPI\", IF( IF(A345=\"Insumo\", VLOOKUP(B345,'SINAPI INSUMOS'!B:F,5,0), VLOOKUP(B345,'SINAPI COMP'!B:F,4,0))=0,VLOOKUP(B345,'OUTRAS BASES'!C:D,2,0),IF(A345=\"Insumo\", VLOOKUP(B345,'SINAPI INSUMOS'!B:F,5,0),VLOOKUP(B345,'SINAPI COMP'!B:F,4,0))), VLOOKUP(B345,'OUTRAS BASES'!C:D,2,0))","v":22.42},15.043820000000002]
["Composição Auxiliar",94975,"SINAPI","CONCRETO FCK = 15MPA, TRAÇO 1:3,4:3,5 (EM MASSA SECA DE CIMENTO/ AREIA MÉDIA/ BRITA 1) - PREPARO MANUAL. AF_05/2021","Produção de Concreto",null,"m³",2.8799999999999999E-2,{"$f":"IF(C346=\"SINAPI\", IF( IF(A346=\"Insumo\", VLOOKUP(B346,'SINAPI INSUMOS'!B:F,5,0), VLOOKUP(B346,'SINAPI COMP'!B:F,4,0))=0,VLOOKUP(B346,'OUTRAS BASES'!C:D,2,0),IF(A346=\"Insumo\", VLOOKUP(B346,'SINAPI INSUMOS'!B:F,5,0),VLOOKUP(B346,'SINAPI COMP'!B:F,4,0))), VLOOKUP(B346,'OUTRAS BASES'!C:D,2,0))","v":534.97},15.407135999999999]
["Insumo",43130,"SINAPI","ARAME GALVANIZADO 12 BWG, D = 2,76 MM (0,048 KG/M) OU 14 BWG, D = 2,11 MM (0,026 KG/M)","Material",null,"KG",9.8000000000000004E-2,{"$f":"IF(C347=\"SINAPI\", IF( IF(A347=\"Insumo\", VLOOKUP(B347,'SINAPI INSUMOS'!B:F,5,0), VLOOKUP(B347,'SINAPI COMP'!B:F,4,0))=0,VLOOKUP(B347,'OUTRAS BASES'!C:D,2,0),IF(A347=\"Insumo\", VLOOKUP(B347,'SINAPI INSUMOS'!B:F,5,0),VLOOKUP(B347,'SINAPI COMP'!B:F,4,0))), VLOOKUP(B347,'OUTRAS BASES'!C:D,2,0))","v":30.6},2.9988000000000001]
["Insumo",346,"SINAPI","ARAME DE ACO OVALADO 15 X 17 ( 45,7 KG, 700 KGF), ROLO 1000 M","Material",null,"KG",0.40500000000000003,{"$f":"IF(C348=\"SINAPI\", IF( IF(A348=\"Insumo\", VLOOKUP(B348,'SINAPI INSUMOS'!B:F,5,0), VLOOKUP(B348,'SINAPI COMP'!B:F,4,0))=0,VLOOKUP(B348,'OUTRAS BASES'!C:D,2,0),IF(A348=\"Insumo\", VLOOKUP(B348,'SINAPI INSUMOS'!B:F,5,0),VLOOKUP(B348,'SINAPI COMP'!B:F,4,0))), VLOOKUP(B348,'OUTRAS BASES'!C:D,2,0))","v":36.25},14.68125]
["Insumo",4111,"SINAPI","ESCORA PRE-MOLDADA EM CONCRETO, *10 X 10* CM, H = 2,30M","Material",null,"UN",0.16,{"$f":"IF(C349=\"SINAPI\", IF( IF(A349=\"Insumo\", VLOOKUP(B349,'SINAPI INSUMOS'!B:F,5,0), VLOOKUP(B349,'SINAPI COMP'!B:F,4,0))=0,VLOOKUP(B349,'OUTRAS BASES'!C:D,2,0),IF(A349=\"Insumo\", VLOOKUP(B349,'SINAPI INSUMOS'!B:F,5,0),VLOOKUP(B349,'SINAPI COMP'!B:F,4,0))), VLOOKUP(B349,'OUTRAS BASES'!C:D,2,0))","v":61.87},9.8992000000000004]
["Insumo"," I1533 ","SEINFRA","MOURÃO CONCRETO BASE 15X15CM H=2.3 C/ 12 FUROS","Material",null,"UN",0.42,{"$f":"IF(C350=\"SINAPI\", IF( IF(A350=\"Insumo\", VLOOKUP(B350,'SINAPI INSUMOS'!B:F,5,0), VLOOKUP(B350,'SINAPI COMP'!B:F,4,0))=0,VLOOKUP(B350,'OUTRAS BASES'!C:D,2,0),IF(A350=\"Insumo\", VLOOKUP(B350,'SINAPI INSUMOS'!B:F,5,0),VLOOKUP(B350,'SINAPI COMP'!B:F,4,0))), VLOOKUP(B350,'OUTRAS BASES'!C:D,2,0))","v":47.22},19.8324]
[]
[]
[]
[]
["12.2","Código","Banco","Descrição","Tipo",null,"Und","Quant.","Valor Unit","Total"]
["Composição","COMPOSIÇÃO - 21","Próprio","Serviço de instalação de portão de ferro com suporte e batedor conforme projeto, incluso material","SEDI - SERVIÇOS DIVERSOS",null,"m²",1,{"$f":"SUM(J357:J361)","v":365.90215999999998},{"$f":"I356*H356","v":365.90215999999998}]
["Composição Auxiliar",88309,"SINAPI","PEDREIRO COM ENCARGOS COMPLEMENTARES","Livro SINAPI: Cálculos e Parâmetros",null,"H",1.5,{"$f":"IF(C357=\"SINAPI\", IF( IF(A357=\"Insumo\", VLOOKUP(B357,'SINAPI INSUMOS'!B:F,5,0), VLOOKUP(B357,'SINAPI COMP'!B:F,4,0))=0,VLOOKUP(B357,'OUTRAS BASES'!C:D,2,0),IF(A357=\"Insumo\", VLOOKUP(B357,'SINAPI INSUMOS'!B:F,5,0),VLOOKUP(B357,'SINAPI COMP'!B:F,4,0))), VLOOKUP(B357,'OUTRAS BASES'!C:D,2,0))","v":32.15},{"$f":"I357*H357","v":48.224999999999994}]
["Composição Auxiliar",88316,"SINAPI","SERVENTE COM ENCARGOS COMPLEMENTARES","Livro SINAPI: Cálculos e Parâmetros",null,"H",1.5,{"$f":"IF(C358=\"SINAPI\", IF( IF(A358=\"Insumo\", VLOOKUP(B358,'SINAPI INSUMOS'!B:F,5,0), VLOOKUP(B358,'SINAPI COMP'!B:F,4,0))=0,VLOOKUP(B358,'OUTRAS BASES'!C:D,2,0),IF(A358=\"Insumo\", VLOOKUP(B358,'SINAPI INSUMOS'!B:F,5,0),VLOOKUP(B358,'SINAPI COMP'!B:F,4,0))), VLOOKUP(B358,'OUTRAS BASES'!C:D,2,0))","v":22.42},33.630000000000003]
["Insumo",367,"SINAPI","AREIA GROSSA - POSTO JAZIDA/FORNECEDOR (RETIRADO NA JAZIDA, SEM TRANSPORTE)","Material",null,"m³",6.0999999999999999E-2,{"$f":"IF(C359=\"SINAPI\", IF( IF(A359=\"Insumo\", VLOOKUP(B359,'SINAPI INSUMOS'!B:F,5,0), VLOOKUP(B359,'SINAPI COMP'!B:F,4,0))=0,VLOOKUP(B359,'OUTRAS BASES'!C:D,2,0),IF(A359=\"Insumo\", VLOOKUP(B359,'SINAPI INSUMOS'!B:F,5,0),VLOOKUP(B359,'SINAPI COMP'!B:F,4,0))), VLOOKUP(B359,'OUTRAS BASES'!C:D,2,0))","v":151.96},9.2695600000000002]
["Insumo",1379,"SINAPI","CIMENTO PORTLAND COMPOSTO CP II-32","Material",null,"KG",4.83,{"$f":"IF(C360=\"SINAPI\", IF( IF(A360=\"Insumo\", VLOOKUP(B360,'SINAPI INSUMOS'!B:F,5,0), VLOOKUP(B360,'SINAPI COMP'!B:F,4,0))=0,VLOOKUP(B360,'OUTRAS BASES'!C:D,2,0),IF(A360=\"Insumo\", VLOOKUP(B360,'SINAPI INSUMOS'!B:F,5,0),VLOOKUP(B360,'SINAPI COMP'!B:F,4,0))), VLOOKUP(B360,'OUTRAS BASES'!C:D,2,0))","v":0.72},3.4775999999999998]
["Insumo",4948,"SINAPI","PORTAO DE ABRIR / GIRO, EM GRADIL DE METALON REDONDO DE 3/4\"  VERTICAL, COM REQUADRO, ACABAMENTO NATURAL - COMPLETO","Material",null,"m²",1,{"$f":"IF(C361=\"SINAPI\", IF( IF(A361=\"Insumo\", VLOOKUP(B361,'SINAPI INSUMOS'!B:F,5,0), VLOOKUP(B361,'SINAPI COMP'!B:F,4,0))=0,VLOOKUP(B361,'OUTRAS BASES'!C:D,2,0),IF(A361=\"Insumo\", VLOOKUP(B361,'SINAPI INSUMOS'!B:F,5,0),VLOOKUP(B361,'SINAPI COMP'!B:F,4,0))), VLOOKUP(B361,'OUTRAS BASES'!C:D,2,0))","v":271.3},271.3]
[]
[]
[]
[]
[13,null,null,"OUTROS SERVIÇOS E INSUMOS EXCEPCIONAIS"]
["13.1","Código","Banco","Descrição","Tipo",null,"Und","Quant.","Valor Unit","Total"]
["Composição","COMPOSIÇÃO - 22","Próprio","Fornecimento e instalação do pré filtro para revestimento interno","ASTU - ASSENTAMENTO DE TUBOS E PECAS",null,"m³",1,{"$f":"SUM(J369:J372)","v":1655.0100000000002},{"$f":"I368*H368","v":1655.0100000000002}]
["Composição Auxiliar",90776,"SINAPI","ENCARREGADO GERAL COM ENCARGOS COMPLEMENTARES","Livro SINAPI: Cálculos e Parâmetros",null,"H",0.4,{"$f":"IF(C369=\"SINAPI\", IF( IF(A369=\"Insumo\", VLOOKUP(B369,'SINAPI INSUMOS'!B:F,5,0), VLOOKUP(B369,'SINAPI COMP'!B:F,4,0))=0,VLOOKUP(B369,'OUTRAS BASES'!C:D,2,0),IF(A369=\"Insumo\", VLOOKUP(B369,'SINAPI INSUMOS'!B:F,5,0),VLOOKUP(B369,'SINAPI COMP'!B:F,4,0))), VLOOKUP(B369,'OUTRAS BASES'!C:D,2,0))","v":37.19},{"$f":"I369*H369","v":14.875999999999999}]
["Composição Auxiliar",88297,"SINAPI","OPERADOR DE MÁQUINAS E EQUIPAMENTOS COM ENCARGOS COMPLEMENTARES","Livro SINAPI: Cálculos e Parâmetros",null,"H",0.4,{"$f":"IF(C370=\"SINAPI\", IF( IF(A370=\"Insumo\", VLOOKUP(B370,'SINAPI INSUMOS'!B:F,5,0), VLOOKUP(B370,'SINAPI COMP'!B:F,4,0))=0,VLOOKUP(B370,'OUTRAS BASES'!C:D,2,0),IF(A370=\"Insumo\", VLOOKUP(B370,'SINAPI INSUMOS'!B:F,5,0),VLOOKUP(B370,'SINAPI COMP'!B:F,4,0))), VLOOKUP(B370,'OUTRAS BASES'!C:D,2,0))","v":23.86},9.5440000000000005]
["Composição Auxiliar",88316,"SINAPI","SERVENTE COM ENCARGOS COMPLEMENTARES","Livro SINAPI: Cálculos e Parâmetros",null,"H",0.5,{"$f":"IF(C371=\"SINAPI\", IF( IF(A371=\"Insumo\", VLOOKUP(B371,'SINAPI INSUMOS'!B:F,5,0), VLOOKUP(B371,'SINAPI COMP'!B:F,4,0))=0,VLOOKUP(B371,'OUTRAS BASES'!C:D,2,0),IF(A371=\"Insumo\", VLOOKUP(B371,'SINAPI INSUMOS'!B:F,5,0),VLOOKUP(B371,'SINAPI COMP'!B:F,4,0))), VLOOKUP(B371,'OUTRAS BASES'!C:D,2,0))","v":22.42},11.21]
["Insumo",5073,"ORSE","Pré-filtro comum","Serviços",null,"m³",1,{"$f":"IF(C372=\"SINAPI\", IF( IF(A372=\"Insumo\", VLOOKUP(B372,'SINAPI INSUMOS'!B:F,5,0), VLOOKUP(B372,'SINAPI COMP'!B:F,4,0))=0,VLOOKUP(B372,'OUTRAS BASES'!C:D,2,0),IF(A372=\"Insumo\", VLOOKUP(B372,'SINAPI INSUMOS'!B:F,5,0),VLOOKUP(B372,'SINAPI COMP'!B:F,4,0))), VLOOKUP(B372,'OUTRAS BASES'!C:D,2,0))","v":1619.38},{"$f":"I372*H372","v":1619.38}]
[]
[]
[]
[]
["13.2","Código","Banco","Descrição","Tipo",null,"Und","Quant.","Valor Unit","Total"]
["Composição","COMPOSIÇÃO - 23","Próprio","Execução de tamponamento conforme especificação","SEDI - SERVIÇOS DIVERSOS",null,"m³",1,{"$f":"SUM(J379:J381)","v":647.58000000000004},{"$f":"I378*H378","v":647.58000000000004}]
["Composição Auxiliar",87316,"SINAPI","ARGAMASSA TRAÇO 1:4 (EM VOLUME DE CIMENTO E AREIA GROSSA ÚMIDA) PARA CHAPISCO CONVENCIONAL, PREPARO MECÂNICO COM BETONEIRA 400 L. AF_08/2019","Argamassas",null,"m³",1,{"$f":"IF(C379=\"SINAPI\", IF( IF(A379=\"Insumo\", VLOOKUP(B379,'SINAPI INSUMOS'!B:F,5,0), VLOOKUP(B379,'SINAPI COMP'!B:F,4,0))=0,VLOOKUP(B379,'OUTRAS BASES'!C:D,2,0),IF(A379=\"Insumo\", VLOOKUP(B379,'SINAPI INSUMOS'!B:F,5,0),VLOOKUP(B379,'SINAPI COMP'!B:F,4,0))), VLOOKUP(B379,'OUTRAS BASES'!C:D,2,0))","v":501.33},{"$f":"I379*H379","v":501.33}]
["Composição Auxiliar",88316,"SINAPI","SERVENTE COM ENCARGOS COMPLEMENTARES","Livro SINAPI: Cálculos e Parâmetros",null,"H",1,{"$f":"IF(C380=\"SINAPI\", IF( IF(A380=\"Insumo\", VLOOKUP(B380,'SINAPI INSUMOS'!B:F,5,0), VLOOKUP(B380,'SINAPI COMP'!B:F,4,0))=0,VLOOKUP(B380,'OUTRAS BASES'!C:D,2,0),IF(A380=\"Insumo\", VLOOKUP(B380,'SINAPI INSUMOS'!B:F,5,0),VLOOKUP(B380,'SINAPI COMP'!B:F,4,0))), VLOOKUP(B380,'OUTRAS BASES'!C:D,2,0))","v":22.42},22.42]
["Insumo",4721,"SINAPI","PEDRA BRITADA N. 1 (9,5 a 19 MM) POSTO PEDREIRA/FORNECEDOR, SEM FRETE","Material",null,"m³",1,{"$f":"IF(C381=\"SINAPI\", IF( IF(A381=\"Insumo\", VLOOKUP(B381,'SINAPI INSUMOS'!B:F,5,0), VLOOKUP(B381,'SINAPI COMP'!B:F,4,0))=0,VLOOKUP(B381,'OUTRAS BASES'!C:D,2,0),IF(A381=\"Insumo\", VLOOKUP(B381,'SINAPI INSUMOS'!B:F,5,0),VLOOKUP(B381,'SINAPI COMP'!B:F,4,0))), VLOOKUP(B381,'OUTRAS BASES'!C:D,2,0))","v":123.83},{"$f":"I381*H381","v":123.83}]
[]
[]
[]
[]
["13.3","Código","Banco","Descrição","Tipo",null,"Und","Quant.","Valor Unit","Total"]
["Composição","COMPOSIÇÃO - 24","Próprio","Fornecimento e instalação do filtro para revestimento interno Ø 4 1/2\"","ASTU - ASSENTAMENTO DE TUBOS E PECAS",null,"m",1,{"$f":"SUM(J388:J390)","v":127.98650000000001},{"$f":"I387*H387","v":127.98650000000001}]
["Composição Auxiliar",88316,"SINAPI","SERVENTE COM ENCARGOS COMPLEMENTARES","Livro SINAPI: Cálculos e Parâmetros",null,"H",0.65,{"$f":"IF(C388=\"SINAPI\", IF( IF(A388=\"Insumo\", VLOOKUP(B388,'SINAPI INSUMOS'!B:F,5,0), VLOOKUP(B388,'SINAPI COMP'!B:F,4,0))=0,VLOOKUP(B388,'OUTRAS BASES'!C:D,2,0),IF(A388=\"Insumo\", VLOOKUP(B388,'SINAPI INSUMOS'!B:F,5,0),VLOOKUP(B388,'SINAPI COMP'!B:F,4,0))), VLOOKUP(B388,'OUTRAS BASES'!C:D,2,0))","v":22.42},{"$f":"I388*H388","v":14.573000000000002}]
["Composição Auxiliar",90776,"SINAPI","ENCARREGADO GERAL COM ENCARGOS COMPLEMENTARES","Livro SINAPI: Cálculos e Parâmetros",null,"H",0.65,{"$f":"IF(C389=\"SINAPI\", IF( IF(A389=\"Insumo\", VLOOKUP(B389,'SINAPI INSUMOS'!B:F,5,0), VLOOKUP(B389,'SINAPI COMP'!B:F,4,0))=0,VLOOKUP(B389,'OUTRAS BASES'!C:D,2,0),IF(A389=\"Insumo\", VLOOKUP(B389,'SINAPI INSUMOS'!B:F,5,0),VLOOKUP(B389,'SINAPI COMP'!B:F,4,0))), VLOOKUP(B389,'OUTRAS BASES'!C:D,2,0))","v":37.19},24.173500000000001]
["Insumo"," COTAÇÃO-004 ","Próprio","Fornecimento tubo filtro geomecânico classe reforçado diâmetro Ø 4 1/2\" com junta roscável. ","Material",null,"m",1,89.24,{"$f":"I390*H390","v":89.24}]
[]
[]
[]
[]
["13.4","Código","Banco","Descrição","Tipo",null,"Und","Quant.","Valor Unit","Total"]
["Composição","COMPOSIÇÃO - 25","Próprio","Fornecimento e instalação do revestimento interno Ø 4 1/2\"","ASTU - ASSENTAMENTO DE TUBOS E PECAS",null,"m",1,{"$f":"SUM(J397:J399)","v":118.4365},{"$f":"I396*H396","v":118.4365}]
["Composição Auxiliar",88316,"SINAPI","SERVENTE COM ENCARGOS COMPLEMENTARES","Livro SINAPI: Cálculos e Parâmetros",null,"H",0.65,{"$f":"IF(C397=\"SINAPI\", IF( IF(A397=\"Insumo\", VLOOKUP(B397,'SINAPI INSUMOS'!B:F,5,0), VLOOKUP(B397,'SINAPI COMP'!B:F,4,0))=0,VLOOKUP(B397,'OUTRAS BASES'!C:D,2,0),IF(A397=\"Insumo\", VLOOKUP(B397,'SINAPI INSUMOS'!B:F,5,0),VLOOKUP(B397,'SINAPI COMP'!B:F,4,0))), VLOOKUP(B397,'OUTRAS BASES'!C:D,2,0))","v":22.42},{"$f":"I397*H397","v":14.573000000000002}]
["Composição Auxiliar",90776,"SINAPI","ENCARREGADO GERAL COM ENCARGOS COMPLEMENTARES","Livro SINAPI: Cálculos e Parâmetros",null,"H",0.65,{"$f":"IF(C398=\"SINAPI\", IF( IF(A398=\"Insumo\", VLOOKUP(B398,'SINAPI INSUMOS'!B:F,5,0), VLOOKUP(B398,'SINAPI COMP'!B:F,4,0))=0,VLOOKUP(B398,'OUTRAS BASES'!C:D,2,0),IF(A398=\"Insumo\", VLOOKUP(B398,'SINAPI INSUMOS'!B:F,5,0),VLOOKUP(B398,'SINAPI COMP'!B:F,4,0))), VLOOKUP(B398,'OUTRAS BASES'!C:D,2,0))","v":37.19},24.173500000000001]
["Insumo"," COTAÇÃO-006 ","Próprio","Fornecimento tubo revestimento geomecânico classe reforçado Ø 4 1/2\" com junta roscável.","Material",null,"m",1,79.69,{"$f":"I399*H399","v":79.69}]
[]
[]
[]
[]
["13.5","Código","Banco","Descrição","Tipo",null,"Und","Quant.","Valor Unit","Total"]
["Insumo"," M3929 ","SICRO3","Tubo em aço-carbono - E = 3,00 mm e D = 150 mm (6\")","Material",null,"m",1,{"$f":"IF(C405=\"SINAPI\", IF( IF(A405=\"Insumo\", VLOOKUP(B405,'SINAPI INSUMOS'!B:F,5,0), VLOOKUP(B405,'SINAPI COMP'!B:F,4,0))=0,VLOOKUP(B405,'OUTRAS BASES'!C:D,2,0),IF(A405=\"Insumo\", VLOOKUP(B405,'SINAPI INSUMOS'!B:F,5,0),VLOOKUP(B405,'SINAPI COMP'!B:F,4,0))), VLOOKUP(B405,'OUTRAS BASES'!C:D,2,0))","v":148.57},{"$f":"I405*H405","v":148.57}]
[]
[]
[]
[]
["13.6","Código","Banco","Descrição","Tipo",null,"Und","Quant.","Valor Unit","Total"]
["Insumo",5108,"ORSE","Revestimento tubo liso aço sch-40 em 8\"","Material",null,"M",1,{"$f":"IF(C411=\"SINAPI\", IF( IF(A411=\"Insumo\", VLOOKUP(B411,'SINAPI INSUMOS'!B:F,5,0), VLOOKUP(B411,'SINAPI COMP'!B:F,4,0))=0,VLOOKUP(B411,'OUTRAS BASES'!C:D,2,0),IF(A411=\"Insumo\", VLOOKUP(B411,'SINAPI INSUMOS'!B:F,5,0),VLOOKUP(B411,'SINAPI COMP'!B:F,4,0))), VLOOKUP(B411,'OUTRAS BASES'!C:D,2,0))","v":164.55},{"$f":"I411*H411","v":164.55}]
[]
[]
[]
[]
["13.6","Código","Banco","Descrição","Tipo",null,"Und","Quant.","Valor Unit","Total"]
["Insumo"," M039706073 ","EMBASA","FILTRO NOLD EM AÇO GALVANIZADO DN 6\"","Material",null,"M",1,{"$f":"IF(C417=\"SINAPI\", IF( IF(A417=\"Insumo\", VLOOKUP(B417,'SINAPI INSUMOS'!B:F,5,0), VLOOKUP(B417,'SINAPI COMP'!B:F,4,0))=0,VLOOKUP(B417,'OUTRAS BASES'!C:D,2,0),IF(A417=\"Insumo\", VLOOKUP(B417,'SINAPI INSUMOS'!B:F,5,0),VLOOKUP(B417,'SINAPI COMP'!B:F,4,0))), VLOOKUP(B417,'OUTRAS BASES'!C:D,2,0))","v":835.86},{"$f":"I417*H417","v":835.86}]
[]
[]
[]
[]
["13.8","Código","Banco","Descrição","Tipo",null,"Und","Quant.","Valor Unit","Total"]
["Composição","COMPOSIÇÃO - 26","Próprio","Limpeza manual , remoção de cerca, capina e instalação dos equipamentos (área do poço, painéis solares, bebedouro e reservatório)","SEDI - SERVIÇOS DIVERSOS",null,"m²",1,{"$f":"SUM(J424)","v":1.7936000000000001},{"$f":"I423*H423","v":1.7936000000000001}]
["Composição Auxiliar",88316,"SINAPI","SERVENTE COM ENCARGOS COMPLEMENTARES","Livro SINAPI: Cálculos e Parâmetros",null,"H",0.08,{"$f":"IF(C424=\"SINAPI\", IF( IF(A424=\"Insumo\", VLOOKUP(B424,'SINAPI INSUMOS'!B:F,5,0), VLOOKUP(B424,'SINAPI COMP'!B:F,4,0))=0,VLOOKUP(B424,'OUTRAS BASES'!C:D,2,0),IF(A424=\"Insumo\", VLOOKUP(B424,'SINAPI INSUMOS'!B:F,5,0),VLOOKUP(B424,'SINAPI COMP'!B:F,4,0))), VLOOKUP(B424,'OUTRAS BASES'!C:D,2,0))","v":22.42},{"$f":"I424*H424","v":1.7936000000000001}]
[{"$nulls":6},"Quant. =>",70,"Preço Total =>",158.19999999999999]

{"sheet":"Crono. - GO - P","index":5,"n_rows":27,"n_cols":15,"rows_kept":27,"cut":false,"hidden":false,"merged":[[0,0,6,14],[7,0,8,14],[23,0,23,1],[23,2,26,2],[24,0,24,1],[25,0,25,1],[26,0,26,1]]}
["OBJETO: EXECUÇÃO DE SERVIÇOS DE PERFURAÇÃO E INSTALAÇÃO DE POÇOS TUBULARES EM MUNICÍPIOS LOCALIZADOS NO GOIÁS, NA ÁREA DE ATUAÇÃO DA CODEVASF"]
[]
[]
[]
[]
[]
[]
["CRONOGRAMA FÍSICO-FINANCEIRO POÇO PARCIALMENTE REVESTIDO"]
[]
["ITEM","ESPECIFICAÇÃO DOS SERVIÇOS","VALOR TOTAL (R$)","Mês 01","Mês 02","Mês 03","Mês 04","Mês 05","Mês 06","Mês 07","Mês 08","Mês 09","Mês 10","Mês 11","Mês 12"]
["1","Serviços preliminares.",{"$f":"'Orçamento Sintético - GO - P'!K4","v":153962.68},{"$f":"$C$11/12","v":12830.223333333333},{"$f":"$C$11/12","v":12830.223333333333},12830.223333333333,12830.223333333333,12830.223333333333,12830.223333333333,12830.223333333333,12830.223333333333,12830.223333333333,12830.223333333333,12830.223333333333,12830.223333333333]
["2","Mobilizaçâo e desmobilizaçâo equipes perfuraçâo e instalação.",{"$f":"'Orçamento Sintético - GO - P'!K8","v":266328},{"$f":"$C$12/12","v":22194},{"$f":"$C$12/12","v":22194},22194,22194,22194,22194,22194,22194,22194,22194,22194,22194]
["3","Perfuração e completação de poço tubular.",{"$f":"'Orçamento Sintético - GO - P'!K12","v":3039205.97},{"$f":"$C$13/12","v":253267.16416666668},{"$f":"$C$13/12","v":253267.16416666668},253267.16416666668,253267.16416666668,253267.16416666668,253267.16416666668,253267.16416666668,253267.16416666668,253267.16416666668,253267.16416666668,253267.16416666668,253267.16416666668]
["4","Pós perfuração.",{"$f":"'Orçamento Sintético - GO - P'!K17","v":1284535.7999999998},{"$f":"$C$14/12","v":107044.64999999998},{"$f":"$C$14/12","v":107044.64999999998},107044.64999999998,107044.64999999998,107044.64999999998,107044.64999999998,107044.64999999998,107044.64999999998,107044.64999999998,107044.64999999998,107044.64999999998,107044.64999999998]
["5","Reservação.",{"$f":"'Orçamento Sintético - GO - P'!K23","v":2324730.46},{"$f":"$C$15/12","v":193727.53833333333},{"$f":"$C$15/12","v":193727.53833333333},193727.53833333333,193727.53833333333,193727.53833333333,193727.53833333333,193727.53833333333,193727.53833333333,193727.53833333333,193727.53833333333,193727.53833333333,193727.53833333333]
["6","Bebedouro.",{"$f":"'Orçamento Sintético - GO - P'!K26","v":269058.24},{"$f":"$C$16/12","v":22421.52},{"$f":"$C$16/12","v":22421.52},22421.52,22421.52,22421.52,22421.52,22421.52,22421.52,22421.52,22421.52,22421.52,22421.52]
["7","Chafariz.",{"$f":"'Orçamento Sintético - GO - P'!K28","v":126585.72},{"$f":"$C$17/12","v":10548.81},{"$f":"$C$17/12","v":10548.81},10548.81,10548.81,10548.81,10548.81,10548.81,10548.81,10548.81,10548.81,10548.81,10548.81]
["8","Cavalete.",{"$f":"'Orçamento Sintético - GO - P'!K30","v":308750.40000000002},{"$f":"$C$18/12","v":25729.200000000001},{"$f":"$C$18/12","v":25729.200000000001},25729.200000000001,25729.200000000001,25729.200000000001,25729.200000000001,25729.200000000001,25729.200000000001,25729.200000000001,25729.200000000001,25729.200000000001,25729.200000000001]
["9","Instalações hidráulicas.",{"$f":"'Orçamento Sintético - GO - P'!K32","v":1902229.17},{"$f":"$C$19/12","v":158519.0975},{"$f":"$C$19/12","v":158519.0975},158519.0975,158519.0975,158519.0975,158519.0975,158519.0975,158519.0975,158519.0975,158519.0975,158519.0975,158519.0975]
["10","Estrutura de fixação para módulos fotovoltáicos.",{"$f":"'Orçamento Sintético - GO - P'!K40","v":137494.37},{"$f":"$C$20/12","v":11457.864166666666},{"$f":"$C$20/12","v":11457.864166666666},11457.864166666666,11457.864166666666,11457.864166666666,11457.864166666666,11457.864166666666,11457.864166666666,11457.864166666666,11457.864166666666,11457.864166666666,11457.864166666666]
["11","Instalações elétricas e bóia elétrica.",{"$f":"'Orçamento Sintético - GO - P'!K42","v":1551309.8399999999},{"$f":"$C$21/12","v":129275.81999999999},{"$f":"$C$21/12","v":129275.81999999999},129275.81999999999,129275.81999999999,129275.81999999999,129275.81999999999,129275.81999999999,129275.81999999999,129275.81999999999,129275.81999999999,129275.81999999999,129275.81999999999]
["12","Urbanização.",{"$f":"'Orçamento Sintético - GO - P'!K48","v":405134.45999999996},{"$f":"$C$22/12","v":33761.204999999994},{"$f":"$C$22/12","v":33761.204999999994},33761.204999999994,33761.204999999994,33761.204999999994,33761.204999999994,33761.204999999994,33761.204999999994,33761.204999999994,33761.204999999994,33761.204999999994,33761.204999999994]
["13","Outros serviços e insumos excepcionais.",{"$f":"'Orçamento Sintético - GO - P'!K51","v":1159007.5799999998},{"$f":"$C$23/12","v":96583.964999999982},{"$f":"$C$23/12","v":96583.964999999982},96583.964999999982,96583.964999999982,96583.964999999982,96583.964999999982,96583.964999999982,96583.964999999982,96583.964999999982,96583.964999999982,96583.964999999982,96583.964999999982]
["TOTAL",null,{"$f":"SUM(C11:C23)","v":12928332.689999999},{"$f":"SUM(D11:D23)","v":1077361.0574999999},{"$f":"SUM(E11:E23)","v":1077361.0574999999},{"$f":"SUM(F11:F23)","v":1077361.0574999999},1077361.0574999999,1077361.0574999999,1077361.0574999999,1077361.0574999999,1077361.0574999999,1077361.0574999999,1077361.0574999999,1077361.0574999999,1077361.0574999999]
["PERCENTUAL",null,null,{"$f":"D24/C24","v":8.3333333333333329E-2},{"$f":"E24/$C$24","v":8.3333333333333329E-2},{"$f":"F24/$C$24","v":8.3333333333333329E-2},{"$f":"G24/$C$24","v":8.3333333333333329E-2},8.3333333333333329E-2,{"$f":"I24/$C$24","v":8.3333333333333329E-2},8.3333333333333329E-2,8.3333333333333329E-2,8.3333333333333329E-2,8.3333333333333329E-2,8.3333333333333329E-2,8.3333333333333329E-2]
["CUSTO ACUMULADO",null,null,{"$f":"D24","v":1077361.0574999999},{"$f":"E24+D26","v":2154722.1149999998},3232083.1724999994,4309444.2299999995,5386805.2874999996,6464166.3449999997,7541527.4024999999,8618888.459999999,9696249.5174999982,10773610.574999997,11850971.632499997,12928332.689999996]
["PERCENTUAL ACUMULADO",null,null,{"$f":"D25","v":8.3333333333333329E-2},{"$f":"E25+D27","v":0.16666666666666666},0.25,0.33333333333333331,0.41666666666666663,0.49999999999999994,0.58333333333333326,0.66666666666666663,0.75,0.83333333333333337,0.91666666666666674,1]

{"sheet":"Orçamento Sintético - GO - T","index":6,"n_rows":60,"n_cols":13,"rows_kept":60,"cut":false,"hidden":false,"merged":[[0,2,1,5]]}
[null,null,"OBJETO: EXECUÇÃO DE SERVIÇOS DE PERFURAÇÃO E INSTALAÇÃO DE POÇOS TUBULARES EM MUNICÍPIOS LOCALIZADOS NO GOIÁS, NA ÁREA DE ATUAÇÃO DA CODEVASF",{"$nulls":4},"Quantidade de Poços","BDI SERVIÇO","BDI INSUMO","Total","Preço Unitário Por Poço","Desconto"]
[{"$nulls":7},42,0.23780000000000001,0.1469,{"$f":"+K4+K8+K12+K19+K25+K28+K30+K32+K34+K42+K44+K50+K53","v":7857584.4199999999},{"$f":"K2/H2","v":187085.34333333332},0]
["Item","Código","Banco","TIPO","Descrição.","un.","Mem. calc.","Quanti.","Valor Unit","Valor Unit com BDI","Total","Peso (%)"]
[1,null,null,null,"Serviços preliminares.",{"$nulls":5},{"$f":"SUM(K5:K7)","v":98013.74},{"$f":"K4/$K$2","v":1.2473774987453461E-2}]
["1.1","COMPOSIÇÃO - 1","Próprio","Serviço","Administração local da obra - poço totalmente revestido.","un.",1,{"$f":"G5*$H$2","v":42},{"$f":"VLOOKUP(B5,'Orçamento Analítico - GO -T'!B:J,8,0)*(1-$M$2)","v":947.29914999999994},{"$f":"ROUND(I5*(1+$I$2),2)","v":1172.57},{"$f":"ROUND(J5*H5,2)","v":49247.94},6.2675674059127703E-3]
["1.2","COMPOSIÇÃO - 2","Próprio","Serviço","Serviço de locação geológica de campo com relatório hidro geológico e perfil construtivo e geológico esperado. relatório de viabilidade de implantação das estruturas e vistorias preliminares.","un.",1,{"$f":"G6*$H$2","v":42},{"$f":"VLOOKUP(B6,'Orçamento Analítico - GO -T'!B:J,8,0)*(1-$M$2)","v":602.65},{"$f":"ROUND(I6*(1+$I$2),2)","v":745.96},{"$f":"ROUND(J6*H6,2)","v":31330.32},3.9872711924360078E-3]
["1.3",103689,"SINAPI","Serviço","Fornecimento e instalação de placa de obra com chapa galvanizada e estrutura de madeira. .","m²",0.72,{"$f":"G7*$H$2","v":30.24},{"$f":"VLOOKUP(B7,'Orçamento Analítico - GO -T'!B:J,8,0)*(1-$M$2)","v":465.8},576.57000000000005,{"$f":"ROUND(J7*H7,2)","v":17435.48},2.2189363891046811E-3]
[2,null,null,null,"Mobilizaçâo e desmobilizaçâo equipe campo.",{"$nulls":5},{"$f":"SUM(K9:K11)","v":103572},1.3181150142832318E-2]
["2.1","COMPOSIÇÃO - 3","Próprio","Serviço","Transporte de comboio perfuração.","km",150,{"$f":"G9*$H$2","v":6300},{"$f":"VLOOKUP(B9,'Orçamento Analítico - GO -T'!B:J,8,0)*(1-$M$2)","v":4.7499326000000002},{"$f":"ROUND(I9*(1+$I$2),2)","v":5.88},37044,4.7144259634947705E-3]
["2.2","COMPOSIÇÃO - 4","Próprio","Serviço","Transporte de comboio instalação.","km",150,6300,{"$f":"VLOOKUP(B10,'Orçamento Analítico - GO -T'!B:J,8,0)*(1-$M$2)","v":5.9336256000000001},7.34,46242,5.8850147231380304E-3]
["2.3","COMPOSIÇÃO - 5","Próprio","Serviço","Transporte de equipe teste de vazão.","km",150,6300,{"$f":"VLOOKUP(B11,'Orçamento Analítico - GO -T'!B:J,8,0)*(1-$M$2)","v":2.604457},3.22,20286,2.5817094561995176E-3]
[3,null,null,null,"Perfuração e completação de poço tubular.",{"$nulls":5},{"$f":"SUM(K13:K18)","v":3855020.42},0.49061139072050847]
["3.1","COMPOSIÇÃO - 6","Próprio","Serviço","Perfuração diâmetro de ø 12 1/2\" em rocha - incluso mão de obra para instalação do revestimento e completação anelar.","m",150,6300,{"$f":"VLOOKUP(B13,'Orçamento Analítico - GO -T'!B:J,8,0)*(1-$M$2)","v":255.85999999999999},316.7,1995210,0.25392154806782208]
["3.2",5073,"ORSE","Insumo","Fornecimento de pré-filtro comum m3.","m³",7.5138999999999996,315.5838,{"$f":"VLOOKUP(B14,'Orçamento Analítico - GO -T'!B:J,8,0)*(1-$M$2)","v":1619.38},{"$f":"ROUND(I14*(1+$J$2),2)","v":1857.27},586124.31999999995,{"$f":"K14/$K$2","v":7.4593448656832873E-2}]
["3.3",5091,"ORSE","Insumo","Revestimento filtro pvc geomecânico reforçado dn 150mm.","m",15,630,{"$f":"VLOOKUP(B15,'Orçamento Analítico - GO -T'!B:J,8,0)*(1-$M$2)","v":221.38},{"$f":"ROUND(I15*(1+$J$2),2)","v":253.9},159957,2.0357019594070106E-2]
["3.4",5024,"ORSE","Insumo","Centralizador em 6\".","un.",10,420,{"$f":"VLOOKUP(B16,'Orçamento Analítico - GO -T'!B:J,8,0)*(1-$M$2)","v":267.02},{"$f":"ROUND(I16*(1+$J$2),2)","v":306.25},128625,1.6369534595467954E-2]
["3.5",9850,"SINAPI","Insumo","Tubo pvc de revestimento geomecanico nervurado reforcado, dn = 150 mm, comprimento = 2 m.","m",134,5628,{"$f":"VLOOKUP(B17,'Orçamento Analítico - GO -T'!B:J,8,0)*(1-$M$2)","v":147.75},{"$f":"ROUND(I17*(1+$J$2),2)","v":169.45},953664.6,0.12136867375839151]
["3.6","COMPOSIÇÃO - 7","Próprio","Serviço","Serviço de lançamento cimentação anelar, incluso materiais.","m³",1.1599999999999999,{"$f":"G18*$H$2","v":48.72},{"$f":"VLOOKUP(B18,'Orçamento Analítico - GO -T'!B:J,8,0)*(1-$M$2)","v":521.34},{"$f":"ROUND(I18*(1+$I$2),2)","v":645.30999999999995},{"$f":"ROUND(J18*H18,2)","v":31439.5},{"$f":"K18/$K$2","v":4.001166047923924E-3}]
[4,null,null,null,"Pós perfuração.",{"$nulls":5},{"$f":"SUM(K20:K24)","v":514573.5},{"$f":"K19/$K$2","v":6.548749240164066E-2}]
["4.1",6305,"ORSE","Serviço","Desenvolvimento com compressor 250psi / 750cfm.","h",2,{"$f":"G20*$H$2","v":84},{"$f":"VLOOKUP(B20,'Orçamento Analítico - GO -T'!B:J,8,0)*(1-$M$2)","v":411.16},{"$f":"ROUND(I20*(1+$I$2),2)","v":508.93},{"$f":"ROUND(J20*H20,2)","v":42750.12},{"$f":"K20/$K$2","v":5.4406186068058819E-3}]
["4.2","COMPOSIÇÃO - 8","Próprio","Serviço","Inspeção ótica em poço tubular câmera com rotação de 360º, visada lateral, com fonte própria de luz, entregue vídeo em cores e marcação de profundidades.","m",150,{"$f":"G21*$H$2","v":6300},{"$f":"VLOOKUP(B21,'Orçamento Analítico - GO -T'!B:J,8,0)*(1-$M$2)","v":9.6404600000000009},{"$f":"ROUND(I21*(1+$I$2),2)","v":11.93},{"$f":"ROUND(J21*H21,2)","v":75159},{"$f":"K21/$K$2","v":9.5651533579069071E-3}]
["4.3","COMPOSIÇÃO - 9","Próprio","Serviço","Serviço de coleta e análise físico-química e bacteriológica.","un.",1,42,{"$f":"VLOOKUP(B22,'Orçamento Analítico - GO -T'!B:J,8,0)*(1-$M$2)","v":621.19000000000005},768.91,32294.22,4.1099424802616379E-3]
["4.4","COMPOSIÇÃO - 10","Próprio","Serviço","Serviço de instalação de laje sanitária com dimensões (1,5x1,5x0,3) , incluso material.","un.",1,42,{"$f":"VLOOKUP(B23,'Orçamento Analítico - GO -T'!B:J,8,0)*(1-$M$2)","v":690.22800000000007},854.36,35883.120000000003,4.5666859026886539E-3]
["4.5"," 24.80.22 ","EMBASA","Serviço","(REVISADA) DESENVOLVIMENTO OU TESTE COM BOMBA SUBMERSA - UEB1 NO SEDIMENTO COM VAZAO < 60M3 (Ensaio de bombeamento poço tubular incluso materiais e grupo gerador)","h",24,1008,{"$f":"VLOOKUP(B24,'Orçamento Analítico - GO -T'!B:J,8,0)*(1-$M$2)","v":263.27},325.88,328487.03999999998,4.1805092053977574E-2]
[5,null,null,null,"Reservação.",{"$nulls":5},{"$f":"SUM(K26:K27)","v":904061.84},0.11505594998112664]
["5.1","COMPOSIÇÃO - 11","Próprio","Serviço","Fornecimento e instalação de reservatório e base elevada 10 m³.","un.",0.8,{"$f":"G26*$H$2","v":33.6},{"$f":"VLOOKUP(B26,'Orçamento Analítico - GO -T'!B:J,8,0)*(1-$M$2)","v":19616.621879999999},24281.45,815856.72,0.1038304746587756]
["5.2","COMPOSIÇÃO - 12","Próprio","Serviço","Fornecimento e execução de reservatório apoiado de 5 m³.","un.",0.2,8.4,{"$f":"VLOOKUP(B27,'Orçamento Analítico - GO -T'!B:J,8,0)*(1-$M$2)","v":8483.2842999999993},10500.61,88205.119999999995,1.1225475322351039E-2]
[6,null,null,null,"Bebedouro.",{"$nulls":5},{"$f":"SUM(K29)","v":104633.76},1.3316275639835886E-2]
["6.1","COMPOSIÇÃO - 13","Próprio","Serviço","Serviço de execução do bebedouro em concreto armado, incluso materiais.","un.",1,{"$f":"G29*$H$2","v":42},{"$f":"VLOOKUP(B29,'Orçamento Analítico - GO -T'!B:J,8,0)*(1-$M$2)","v":2012.6651999999999},2491.2800000000002,104633.76,1.3316275639835886E-2]
[7,null,null,null,"Chafariz.",{"$nulls":5},{"$f":"SUM(K31)","v":49227.78},6.2650017319190315E-3]
["7.1","COMPOSIÇÃO - 14","Próprio","Serviço","Fornecimento de material e instalação do chafariz.","un.",1,{"$f":"G31*$H$2","v":42},{"$f":"VLOOKUP(B31,'Orçamento Analítico - GO -T'!B:J,8,0)*(1-$M$2)","v":946.91608546400005},1172.0899999999999,49227.78,6.2650017319190315E-3]
[8,null,null,null,"Cavalete.",{"$nulls":5},{"$f":"SUM(K33)","v":120069.6},1.5280726694375114E-2]
["8.1","COMPOSIÇÃO - 15","Próprio","Serviço","Fornecimento de conexões e instalação do cavalete com hidrômetro e clorador de pastilhas.","un.",1,{"$f":"G33*$H$2","v":42},{"$f":"VLOOKUP(B33,'Orçamento Analítico - GO -T'!B:J,8,0)*(1-$M$2)","v":2309.58},2858.8,120069.6,1.5280726694375114E-2]
[9,null,null,null,"Instalações hidráulicas poço e adutora.",{"$nulls":5},{"$f":"SUM(K35:K41)","v":739755.79},9.4145446037727717E-2]
["9.1","COMPOSIÇÃO - 16","Próprio","Serviço","Instalação da rede adutora poço-reservatório-bebedouro em pn80 e dn50mm.","m",400,{"$f":"G35*$H$2","v":16800},{"$f":"VLOOKUP(B35,'Orçamento Analítico - GO -T'!B:J,8,0)*(1-$M$2)","v":6.4500000000000011},7.98,134064,1.7061732058362027E-2]
["9.2",9875,"SINAPI","Insumo","TUBO PVC, SOLDAVEL, DE 50 MM, AGUA FRIA (NBR-5648)","un.",400,{"$f":"G36*H2","v":16800},{"$f":"VLOOKUP(B36,'Orçamento Analítico - GO -T'!B:J,8,0)*(1-$M$2)","v":17.21},{"$f":"ROUND(I36*(1+$J$2),2)","v":19.739999999999998},{"$f":"ROUND(J36*H36,2)","v":331632},{"$f":"K36/$K$2","v":4.2205337197000807E-2}]
["9.3","COMPOSIÇÃO - 17","Próprio","Serviço","Montagem hidráulica do equipamento de bombeamento.","un.",1,42,{"$f":"VLOOKUP(B37,'Orçamento Analítico - GO -T'!B:J,8,0)*(1-$M$2)","v":160.74},198.96,8356.32,1.0634718704046707E-3]
["9.4",38200,"SINAPI","Insumo","Corda de poliamida 12 mm tipo bombeiro, para trabalho em altura.","100m",0.93,39.06,{"$f":"VLOOKUP(B38,'Orçamento Analítico - GO -T'!B:J,8,0)*(1-$M$2)","v":348.48},{"$f":"ROUND(I38*(1+$J$2),2)","v":399.67},15611.11,{"$f":"K38/$K$2","v":1.9867568918845928E-3}]
["9.5",9860,"SINAPI","Insumo","Tubo pvc, roscavel,  2\", para agua fria predial.","m",90,3780,{"$f":"VLOOKUP(B39,'Orçamento Analítico - GO -T'!B:J,8,0)*(1-$M$2)","v":49.99},{"$f":"ROUND(I39*(1+$J$2),2)","v":57.33},216707.4,2.7579391886444409E-2]
["9.6",3912,"SINAPI","Insumo","Luva de ferro galvanizado, com rosca bsp, de 2\".","un.",16,672,{"$f":"VLOOKUP(B40,'Orçamento Analítico - GO -T'!B:J,8,0)*(1-$M$2)","v":36.61},41.99,28217.279999999999,3.5910883665695313E-3]
["9.7",5128,"ORSE","Insumo","Tampa de poço galvanizada em 6\" un.","un.",1,42,{"$f":"VLOOKUP(B41,'Orçamento Analítico - GO -T'!B:J,8,0)*(1-$M$2)","v":107.28},123.04,5167.68,6.5766776706167418E-4]
[10,null,null,null,"Estrutura de fixação para módulos fotovoltáicos.",{"$nulls":5},{"$f":"SUM(K43)","v":80205.05},{"$f":"K42/$K$2","v":1.0207341813070843E-2}]
["10.1","COMPOSIÇÃO - 18","Próprio","Serviço","Serviço de fixação de estruturas para os módulos fotovoltaicos e suportes de concreto, incluso materiais.","m²",15.18,{"$f":"G43*$H$2","v":637.55999999999995},{"$f":"VLOOKUP(B43,'Orçamento Analítico - GO -T'!B:J,8,0)*(1-$M$2)","v":101.629992},{"$f":"ROUND(I43*(1+$I$2),2)","v":125.8},{"$f":"ROUND(J43*H43,2)","v":80205.05},{"$f":"K43/$K$2","v":1.0207341813070843E-2}]
[11,null,null,null,"Instalações elétricas.",{"$nulls":5},{"$f":"SUM(K45:K49)","v":731632.44},{"$f":"K44/$K$2","v":9.311162322835087E-2}]
["11.1","COMPOSIÇÃO - 19","Próprio","Serviço","Montagem e instalação elétrica do kit de bombeamento e sistema fotovoltaico inclusive sistema de aterramento.","un.",1,{"$f":"G45*$H$2","v":42},{"$f":"VLOOKUP(B45,'Orçamento Analítico - GO -T'!B:J,8,0)*(1-$M$2)","v":983.31100000000004},{"$f":"ROUND(I45*(1+$I$2),2)","v":1217.1400000000001},{"$f":"ROUND(J45*H45,2)","v":51119.88},{"$f":"K45/$K$2","v":6.5058009265397112E-3}]
["11.2",34622,"SINAPI","Insumo","Fornecimento de  cabo flexivel pvc 750 v, 3 condutores de 6,0 mm2.","m",105,4410,{"$f":"VLOOKUP(B46,'Orçamento Analítico - GO -T'!B:J,8,0)*(1-$M$2)","v":22.34},{"$f":"ROUND(I46*(1+$J$2),2)","v":25.62},112984.2,{"$f":"K46/$K$2","v":1.437899918865905E-2}]
["11.3","COMPOSIÇÃO - 20","Próprio","Serviço","Fornecimento e instalação de automático de bóia superior e inferior.","un.",1,{"$f":"G47*$H$2","v":42},{"$f":"VLOOKUP(B47,'Orçamento Analítico - GO -T'!B:J,8,0)*(1-$M$2)","v":56.607500000000009},{"$f":"ROUND(I47*(1+$I$2),2)","v":70.069999999999993},{"$f":"ROUND(J47*H47,2)","v":2942.94},{"$f":"K47/$K$2","v":3.7453495154430682E-4}]
["11.4",39257,"SINAPI","Insumo","Cabo multipolar de cobre, flexivel, classe 4 ou 5, isolacao em hepr, cobertura em pvc-st2, antichama bwf-b, 0,6/1 kv, 3 condutores de 1,5 mm2.","m",200,8400,{"$f":"VLOOKUP(B48,'Orçamento Analítico - GO -T'!B:J,8,0)*(1-$M$2)","v":6.07},6.96,58464,{"$f":"K48/$K$2","v":7.4404545818420875E-3}]
["11.5","COTAÇÃO-002","Próprio","Insumo","Fornecimento de kit de bombeamento fotovoltaico, incluindo uma bomba cc de 2200w com controladora de carga externa,  caixa de proteção metálica, módulos fotovoltaicos compatíveis com a geração de 3300wp além de componentes elétricos necessários para interligação dos painéis, como cabos, conectores mc4 e presilhas de fixação.","un.",1,{"$f":"G49*$H$2","v":42},{"$f":"VLOOKUP(B49,'Orçamento Analítico - GO -T'!B:J,8,0)*(1-$M$2)","v":10507.03},{"$f":"ROUND(I49*(1+$J$2),2)","v":12050.51},{"$f":"ROUND(J49*H49,2)","v":506121.42},{"$f":"K49/$K$2","v":6.4411833579765723E-2}]
[12,null,null,null,"Urbanização.",{"$nulls":5},{"$f":"SUM(K51:K52)","v":157552.29},2.005098279300447E-2]
["12.1","COMPOSIÇÃO - 21","Próprio","Serviço","Cerca com mourões de concreto de 15x15cm, espaçados de 3m e cravados a 0,5m, escoras de 10x10cm nos cantos, e 9 fios de arame de aço ovalado 15x17.","m",28,{"$f":"G51*$H$2","v":1176},{"$f":"VLOOKUP(B51,'Orçamento Analítico - GO -T'!B:J,8,0)*(1-$M$2)","v":88.632856000000004},{"$f":"ROUND(I51*(1+$I$2),2)","v":109.71},{"$f":"ROUND(J51*H51,2)","v":129018.96},1.6419672141428931E-2]
["12.2","COMPOSIÇÃO - 22","Próprio","Serviço","Serviço de instalação de portão de ferro com suporte e batedor conforme projeto, incluso material.","m²",1.5,63,{"$f":"VLOOKUP(B52,'Orçamento Analítico - GO -T'!B:J,8,0)*(1-$M$2)","v":365.90215999999998},452.91,28533.33,3.6313106515755388E-3]
[13,null,null,null,"Outros serviços e insumos excepcionais.",{"$nulls":5},{"$f":"SUM(K54:K60)","v":399266.20999999996},5.08128438281545E-2]
["13.1","COMPOSIÇÃO - 23","Próprio","Serviço","Execução de tamponamento conforme especificação.","m³",0.08,{"$f":"G54*$H$2","v":3.36},{"$f":"VLOOKUP(B54,'Orçamento Analítico - GO -T'!B:J,8,0)*(1-$M$2)","v":647.58000000000004},{"$f":"ROUND(I54*(1+$I$2),2)","v":801.57},{"$f":"ROUND(J54*H54,2)","v":2693.28},3.4276182806827548E-4]
["13.2",13747,"ORSE","Insumo","Revestimento tubo liso aço sch-40 em 12\".","m",6,252,{"$f":"VLOOKUP(B55,'Orçamento Analítico - GO -T'!B:J,8,0)*(1-$M$2)","v":921.04},{"$f":"ROUND(I55*(1+$J$2),2)","v":1056.3399999999999},266197.68,{"$f":"K55/$K$2","v":3.3877800831823582E-2}]
["13.3"," M3929 ","SICRO3","Insumo","Tubo em aço-carbono - e = 3,00 mm e d = 150 mm (6\").","m",1.44,60.48,{"$f":"VLOOKUP(B56,'Orçamento Analítico - GO -T'!B:J,8,0)*(1-$M$2)","v":148.57},170.39,10305.19,1.3114959317229965E-3]
["13.4"," M039706073 ","EMBASA","Insumo","Filtro nold em aço galvanizado dn 6\".","m",0.06,2.52,{"$f":"VLOOKUP(B57,'Orçamento Analítico - GO -T'!B:J,8,0)*(1-$M$2)","v":835.86},958.65,2415.8000000000002,3.0744817629334487E-4]
["13.5","COMPOSIÇÃO - 24","Próprio","Serviço","Limpeza manual , remoção de cerca, capina e instalação dos equipamentos (área do poço, painéis solares, bebedouro e reservatório).","m²",70,{"$f":"G58*$H$2","v":2940},{"$f":"VLOOKUP(B58,'Orçamento Analítico - GO -T'!B:J,8,0)*(1-$M$2)","v":1.7936000000000001},{"$f":"ROUND(I58*(1+$I$2),2)","v":2.2200000000000002},{"$f":"ROUND(J58*H58,2)","v":6526.8},{"$f":"K58/$K$2","v":8.3063695547288825E-4}]
["13.6","COMPOSIÇÃO - 25","Próprio","Serviço","Fornecimento e instalação do filtro para revestimento interno ø 4 1/2\".","m",0.6,{"$f":"G59*$H$2","v":25.2},{"$f":"VLOOKUP(B59,'Orçamento Analítico - GO -T'!B:J,8,0)*(1-$M$2)","v":127.98650000000001},158.41999999999999,3992.18,{"$f":"K59/$K$2","v":5.0806708354779592E-4}]
["13.7","COMPOSIÇÃO - 26","Próprio","Serviço","Fornecimento e instalação do revestimento interno ø 4 1/2\".","m",17.399999999999999,{"$f":"G60*$H$2","v":730.8},{"$f":"VLOOKUP(B60,'Orçamento Analítico - GO -T'!B:J,8,0)*(1-$M$2)","v":118.4365},146.6,107135.28,1.3634633021225626E-2]

{"sheet":"Orçamento Analítico - GO -T","index":7,"n_rows":428,"n_cols":10,"rows_kept":428,"cut":false,"hidden":false,"merged":[[268,4,268,5],[267,4,267,5],[253,4,253,5],[254,4,254,5],[279,4,279,5],[285,4,285,5],[273,4,273,5],[291,4,291,5],[356,4,356,5],[309,4,309,5],[310,4,310,5],[342,4,342,5],[348,4,348,5],[337,4,337,5],[265,4,265,5],[266,4,266,5],[331,4,331,5],[332,4,332,5],[333,4,333,5],[334,4,334,5],[335,4,335,5],[336,4,336,5],[429,7,429,8],[411,7,411,8],[414,4,414,5],[415,4,415,5],[416,4,416,5],[417,4,417,5],[418,4,418,5],[420,7,420,8],[423,4,423,5],[424,4,424,5],[425,4,425,5],[426,4,426,5],[427,4,427,5],[294,7,294,8],[297,5,297,6],[304,7,304,8],[307,5,307,6],[320,4,320,5],[322,7,322,8],[326,4,326,5],[328,7,328,8],[325,4,325,5],[311,4,311,5],[312,4,312,5],[313,4,313,5],[314,4,314,5],[315,4,315,5],[316,4,316,5],[317,4,317,5],[318,4,318,5],[319,4,319,5],[298,4,298,5],[299,4,299,5],[300,4,300,5],[301,4,301,5],[302,4,302,5],[308,4,308,5],[270,7,270,8],[274,4,274,5],[276,7,276,8],[280,4,280,5],[282,7,282,8],[286,4,286,5],[288,7,288,8],[292,4,292,5],[185,7,185,8],[188,5,188,6],[209,4,209,5],[198,7,198,8],[201,5,201,6],[224,7,224,8],[227,5,227,6],[189,4,189,5],[190,4,190,5],[191,4,191,5],[192,4,192,5],[193,4,193,5],[208,4,208,5],[204,4,204,5],[205,4,205,5],[206,4,206,5],[91,7,91,8],[96,4,96,5],[98,7,98,8],[101,5,101,6],[104,4,104,5],[106,7,106,8],[112,4,112,5],[76,4,76,5],[82,4,82,5],[88,4,88,5],[94,4,94,5],[95,4,95,5],[102,4,102,5],[103,4,103,5],[109,4,109,5],[110,4,110,5],[111,4,111,5],[65,4,65,5],[67,7,67,8],[71,4,71,5],[73,7,73,8],[77,4,77,5],[79,7,79,8],[83,4,83,5],[85,7,85,8],[89,4,89,5],[70,4,70,5],[0,2,2,7],[3,0,3,9],[4,5,4,6],[6,4,6,5],[7,4,7,5],[8,4,8,5],[5,5,5,6],[9,4,9,5],[11,7,11,8],[14,4,14,5],[15,4,15,5],[16,4,16,5],[17,4,17,5],[23,4,23,5],[24,4,24,5],[25,4,25,5],[18,4,18,5],[20,7,20,8],[26,4,26,5],[27,4,27,5],[28,4,28,5],[29,4,29,5],[30,4,30,5],[37,4,37,5],[31,4,31,5],[33,7,33,8],[36,5,36,6],[38,4,38,5],[39,4,39,5],[45,4,45,5],[46,4,46,5],[47,4,47,5],[40,4,40,5],[42,7,42,8],[48,4,48,5],[50,7,50,8],[53,4,53,5],[54,4,54,5],[55,4,55,5],[62,4,62,5],[63,4,63,5],[64,4,64,5],[56,4,56,5],[58,7,58,8],[61,5,61,6],[114,7,114,8],[120,4,120,5],[122,7,122,8],[130,4,130,5],[132,7,132,8],[138,4,138,5],[169,7,169,8],[179,4,179,5],[180,4,180,5],[140,7,140,8],[143,5,143,6],[117,4,117,5],[118,4,118,5],[119,4,119,5],[125,4,125,5],[126,4,126,5],[127,4,127,5],[128,4,128,5],[129,4,129,5],[135,4,135,5],[154,4,154,5],[155,4,155,5],[156,4,156,5],[136,4,136,5],[137,4,137,5],[144,4,144,5],[145,4,145,5],[146,4,146,5],[147,4,147,5],[148,4,148,5],[172,4,172,5],[173,4,173,5],[149,4,149,5],[150,4,150,5],[151,4,151,5],[152,4,152,5],[157,4,157,5],[158,4,158,5],[166,4,166,5],[153,4,153,5],[167,4,167,5],[159,4,159,5],[160,4,160,5],[161,4,161,5],[162,4,162,5],[163,4,163,5],[164,4,164,5],[165,4,165,5],[181,4,181,5],[182,4,182,5],[183,4,183,5],[174,4,174,5],[175,4,175,5],[176,4,176,5],[177,4,177,5],[178,4,178,5],[238,4,238,5],[234,4,234,5],[235,4,235,5],[236,4,236,5],[237,4,237,5],[207,4,207,5],[194,4,194,5],[195,4,195,5],[196,4,196,5],[202,4,202,5],[203,4,203,5],[228,4,228,5],[214,4,214,5],[215,4,215,5],[216,4,216,5],[217,4,217,5],[249,7,249,8],[252,5,252,6],[257,4,257,5],[262,7,262,8],[256,4,256,5],[255,4,255,5],[245,4,245,5],[244,4,244,5],[246,4,246,5],[247,4,247,5],[259,4,259,5],[260,4,260,5],[210,4,210,5],[211,4,211,5],[212,4,212,5],[213,4,213,5],[239,4,239,5],[240,4,240,5],[241,4,241,5],[242,4,242,5],[243,4,243,5],[229,4,229,5],[230,4,230,5],[231,4,231,5],[232,4,232,5],[233,4,233,5],[218,4,218,5],[219,4,219,5],[220,4,220,5],[221,4,221,5],[222,4,222,5],[339,7,339,8],[343,4,343,5],[407,4,407,5],[408,4,408,5],[383,4,383,5],[389,4,389,5],[402,4,402,5],[404,7,404,8],[345,7,345,8],[351,7,351,8],[380,4,380,5],[381,4,381,5],[349,4,349,5],[354,5,354,6],[363,4,363,5],[374,4,374,5],[379,5,379,6],[357,4,357,5],[358,4,358,5],[359,4,359,5],[360,4,360,5],[361,4,361,5],[362,4,362,5],[368,4,368,5],[409,4,409,5],[355,4,355,5],[382,4,382,5],[395,4,395,5],[401,4,401,5],[384,4,384,5],[386,7,386,8],[390,4,390,5],[392,7,392,8],[396,4,396,5],[398,7,398,8],[365,7,365,8],[376,7,376,8],[372,4,372,5],[373,4,373,5],[369,4,369,5],[370,4,370,5],[371,4,371,5]]}
[null,null,"OBJETO: EXECUÇÃO DE SERVIÇOS DE PERFURAÇÃO E INSTALAÇÃO DE POÇOS TUBULARES EM MUNICÍPIOS LOCALIZADOS NO GOIÁS, NA ÁREA DE ATUAÇÃO DA CODEVASF"]
[]
[]
["PLANILHA ANALÍTICA - POÇO TOTALMENTE REVESTIDO - GOIÁS"]
[1,null,null,"Serviços preliminares."]
[" 1 ",null,null,"SERVIÇOS PRELIMINARES"]
[" 1.1 ","Código","Banco","Descrição","Tipo",null,"Und","Quant.","Valor Unit","Total"]
["Composição","COMPOSIÇÃO - 1","Próprio","Administração Local da Obra - Poço Totalmente Revestido","CANT - CANTEIRO DE OBRAS",null,"un",1,{"$f":"SUM(J9:J10)","v":947.29914999999994},{"$f":"I8*H8","v":947.29914999999994}]
["Composição Auxiliar",12710,"SBC","DESPESAS GERAIS DE MANUTENCAO CANTEIRO DE OBRAS","INSTALACOES PROVISORIAS",null,"MES",0.13300000000000001,{"$f":"IF(C9=\"SINAPI\", IF( IF(A9=\"Insumo\", VLOOKUP(B9,'SINAPI INSUMOS'!B:F,5,0), VLOOKUP(B9,'SINAPI COMP'!B:F,4,0))=0,VLOOKUP(B9,'OUTRAS BASES'!C:D,2,0),IF(A9=\"Insumo\", VLOOKUP(B9,'SINAPI INSUMOS'!B:F,5,0),VLOOKUP(B9,'SINAPI COMP'!B:F,4,0))), VLOOKUP(B9,'OUTRAS BASES'!C:D,2,0))","v":910.61},{"$f":"I9*H9","v":121.11113}]
["Composição Auxiliar",100321,"SINAPI","TÉCNICO EM SEGURANÇA DO TRABALHO COM ENCARGOS COMPLEMENTARES","Livro SINAPI: Cálculos e Parâmetros",null,"MES",0.13300000000000001,{"$f":"IF(C10=\"SINAPI\", IF( IF(A10=\"Insumo\", VLOOKUP(B10,'SINAPI INSUMOS'!B:F,5,0), VLOOKUP(B10,'SINAPI COMP'!B:F,4,0))=0,VLOOKUP(B10,'OUTRAS BASES'!C:D,2,0),IF(A10=\"Insumo\", VLOOKUP(B10,'SINAPI INSUMOS'!B:F,5,0),VLOOKUP(B10,'SINAPI COMP'!B:F,4,0))), VLOOKUP(B10,'OUTRAS BASES'!C:D,2,0))","v":6211.94},826.18801999999994]
[]
[]
[]
[]
[" 1.2 ","Código","Banco","Descrição","Tipo",null,"Und","Quant.","Valor Unit","Total"]
["Composição","COMPOSIÇÃO - 2","Próprio","Serviço de locação Geológica de campo com relatório hidro geológico e perfil construtivo e geológico esperado. Relatório de Viabilidade de implantação das estruturas e vistorias preliminares","SERT - SERVIÇOS TÉCNICOS",null,"un",1,{"$f":"SUM(J17:J19)","v":602.65},{"$f":"I16*H16","v":602.65}]
["Composição Auxiliar"," 30.01.45 ","EMBASA","GEOLOGO SENIOR",3001,null,"hora",5,{"$f":"IF(C17=\"SINAPI\", IF( IF(A17=\"Insumo\", VLOOKUP(B17,'SINAPI INSUMOS'!B:F,5,0), VLOOKUP(B17,'SINAPI COMP'!B:F,4,0))=0,VLOOKUP(B17,'OUTRAS BASES'!C:D,2,0),IF(A17=\"Insumo\", VLOOKUP(B17,'SINAPI INSUMOS'!B:F,5,0),VLOOKUP(B17,'SINAPI COMP'!B:F,4,0))), VLOOKUP(B17,'OUTRAS BASES'!C:D,2,0))","v":99.88},499.4]
["Insumo",5896,"ORSE","Veículo tipo sedan ou pick-up capacidade 0,6 ton h","Equipamento",null,"h",5,{"$f":"IF(C18=\"SINAPI\", IF( IF(A18=\"Insumo\", VLOOKUP(B18,'SINAPI INSUMOS'!B:F,5,0), VLOOKUP(B18,'SINAPI COMP'!B:F,4,0))=0,VLOOKUP(B18,'OUTRAS BASES'!C:D,2,0),IF(A18=\"Insumo\", VLOOKUP(B18,'SINAPI INSUMOS'!B:F,5,0),VLOOKUP(B18,'SINAPI COMP'!B:F,4,0))), VLOOKUP(B18,'OUTRAS BASES'!C:D,2,0))","v":8.33},41.65]
["Insumo",4222,"SINAPI","GASOLINA COMUM","Material",null,"L",10,{"$f":"IF(C19=\"SINAPI\", IF( IF(A19=\"Insumo\", VLOOKUP(B19,'SINAPI INSUMOS'!B:F,5,0), VLOOKUP(B19,'SINAPI COMP'!B:F,4,0))=0,VLOOKUP(B19,'OUTRAS BASES'!C:D,2,0),IF(A19=\"Insumo\", VLOOKUP(B19,'SINAPI INSUMOS'!B:F,5,0),VLOOKUP(B19,'SINAPI COMP'!B:F,4,0))), VLOOKUP(B19,'OUTRAS BASES'!C:D,2,0))","v":6.16},61.6]
[]
[]
[]
[]
[" 1.3 ","Código","Banco","Descrição","Tipo",null,"Und","Quant.","Valor Unit","Total"]
["Composição",103689,"SINAPI","FORNECIMENTO E INSTALAÇÃO DE PLACA DE OBRA COM CHAPA GALVANIZADA E ESTRUTURA DE MADEIRA. AF_03/2022_PS","Sinalização Vertical Viária",null,"m²",1,{"$f":"IF(C25=\"SINAPI\", IF( IF(A25=\"Insumo\", VLOOKUP(B25,'SINAPI INSUMOS'!B:F,5,0), VLOOKUP(B25,'SINAPI COMP'!B:F,4,0))=0,VLOOKUP(B25,'OUTRAS BASES'!C:D,2,0),IF(A25=\"Insumo\", VLOOKUP(B25,'SINAPI INSUMOS'!B:F,5,0),VLOOKUP(B25,'SINAPI COMP'!B:F,4,0))), VLOOKUP(B25,'OUTRAS BASES'!C:D,2,0))","v":465.8},{"$f":"I25*H25","v":465.8}]
["Composição Auxiliar",102234,"SINAPI","PINTURA IMUNIZANTE PARA MADEIRA, 2 DEMÃOS. AF_01/2021","Pintura em Madeira",null,"m²",0.5,{"$f":"IF(C26=\"SINAPI\", IF( IF(A26=\"Insumo\", VLOOKUP(B26,'SINAPI INSUMOS'!B:F,5,0), VLOOKUP(B26,'SINAPI COMP'!B:F,4,0))=0,VLOOKUP(B26,'OUTRAS BASES'!C:D,2,0),IF(A26=\"Insumo\", VLOOKUP(B26,'SINAPI INSUMOS'!B:F,5,0),VLOOKUP(B26,'SINAPI COMP'!B:F,4,0))), VLOOKUP(B26,'OUTRAS BASES'!C:D,2,0))","v":23.09},11.545]
["Composição Auxiliar",88262,"SINAPI","CARPINTEIRO DE FORMAS COM ENCARGOS COMPLEMENTARES","Livro SINAPI: Cálculos e Parâmetros",null,"H",0.37290000000000001,{"$f":"IF(C27=\"SINAPI\", IF( IF(A27=\"Insumo\", VLOOKUP(B27,'SINAPI INSUMOS'!B:F,5,0), VLOOKUP(B27,'SINAPI COMP'!B:F,4,0))=0,VLOOKUP(B27,'OUTRAS BASES'!C:D,2,0),IF(A27=\"Insumo\", VLOOKUP(B27,'SINAPI INSUMOS'!B:F,5,0),VLOOKUP(B27,'SINAPI COMP'!B:F,4,0))), VLOOKUP(B27,'OUTRAS BASES'!C:D,2,0))","v":31.69},11.817201000000001]
["Composição Auxiliar",88316,"SINAPI","SERVENTE COM ENCARGOS COMPLEMENTARES","Livro SINAPI: Cálculos e Parâmetros",null,"H",1.1186,{"$f":"IF(C28=\"SINAPI\", IF( IF(A28=\"Insumo\", VLOOKUP(B28,'SINAPI INSUMOS'!B:F,5,0), VLOOKUP(B28,'SINAPI COMP'!B:F,4,0))=0,VLOOKUP(B28,'OUTRAS BASES'!C:D,2,0),IF(A28=\"Insumo\", VLOOKUP(B28,'SINAPI INSUMOS'!B:F,5,0),VLOOKUP(B28,'SINAPI COMP'!B:F,4,0))), VLOOKUP(B28,'OUTRAS BASES'!C:D,2,0))","v":22.42},25.079012000000002]
["Insumo",4509,"SINAPI","SARRAFO *2,5 X 10* CM EM PINUS, MISTA OU EQUIVALENTE DA REGIAO - BRUTA","Material",null,"M",3.2082999999999999,{"$f":"IF(C29=\"SINAPI\", IF( IF(A29=\"Insumo\", VLOOKUP(B29,'SINAPI INSUMOS'!B:F,5,0), VLOOKUP(B29,'SINAPI COMP'!B:F,4,0))=0,VLOOKUP(B29,'OUTRAS BASES'!C:D,2,0),IF(A29=\"Insumo\", VLOOKUP(B29,'SINAPI INSUMOS'!B:F,5,0),VLOOKUP(B29,'SINAPI COMP'!B:F,4,0))), VLOOKUP(B29,'OUTRAS BASES'!C:D,2,0))","v":5.2},16.683160000000001]
["Insumo",4813,"SINAPI","PLACA DE OBRA (PARA CONSTRUCAO CIVIL) EM CHAPA GALVANIZADA *N. 22*, ADESIVADA, DE *2,4 X 1,2* M (SEM POSTES PARA FIXACAO)","Material",null,"m²",1,{"$f":"IF(C30=\"SINAPI\", IF( IF(A30=\"Insumo\", VLOOKUP(B30,'SINAPI INSUMOS'!B:F,5,0), VLOOKUP(B30,'SINAPI COMP'!B:F,4,0))=0,VLOOKUP(B30,'OUTRAS BASES'!C:D,2,0),IF(A30=\"Insumo\", VLOOKUP(B30,'SINAPI INSUMOS'!B:F,5,0),VLOOKUP(B30,'SINAPI COMP'!B:F,4,0))), VLOOKUP(B30,'OUTRAS BASES'!C:D,2,0))","v":400},400]
["Insumo",5065,"SINAPI","PREGO DE ACO POLIDO COM CABECA 10 X 10 (7/8 X 17)","Material",null,"KG",1.1299999999999999E-2,{"$f":"IF(C31=\"SINAPI\", IF( IF(A31=\"Insumo\", VLOOKUP(B31,'SINAPI INSUMOS'!B:F,5,0), VLOOKUP(B31,'SINAPI COMP'!B:F,4,0))=0,VLOOKUP(B31,'OUTRAS BASES'!C:D,2,0),IF(A31=\"Insumo\", VLOOKUP(B31,'SINAPI INSUMOS'!B:F,5,0),VLOOKUP(B31,'SINAPI COMP'!B:F,4,0))), VLOOKUP(B31,'OUTRAS BASES'!C:D,2,0))","v":38.6},0.43618000000000001]
["Insumo",5069,"SINAPI","PREGO DE ACO POLIDO COM CABECA 17 X 27 (2 1/2 X 11)","Material",null,"KG",1.32E-2,{"$f":"IF(C32=\"SINAPI\", IF( IF(A32=\"Insumo\", VLOOKUP(B32,'SINAPI INSUMOS'!B:F,5,0), VLOOKUP(B32,'SINAPI COMP'!B:F,4,0))=0,VLOOKUP(B32,'OUTRAS BASES'!C:D,2,0),IF(A32=\"Insumo\", VLOOKUP(B32,'SINAPI INSUMOS'!B:F,5,0),VLOOKUP(B32,'SINAPI COMP'!B:F,4,0))), VLOOKUP(B32,'OUTRAS BASES'!C:D,2,0))","v":20.68},0.272976]
[]
[]
[]
[]
[" 2 ",null,null,"MOBILIZAÇÂO E DESMOBILIZAÇÂO EQUIPE CAMPO"]
[" 2.1 ","Código","Banco","Descrição","Tipo",null,"Und","Quant.","Valor Unit","Total"]
["Composição","COMPOSIÇÃO - 3","Próprio","Transporte de Comboio Perfuração","TRAN - TRANSPORTES, CARGAS E DESCARGAS",null,"km",1,{"$f":"SUM(J40:J41)","v":4.7499326000000002},{"$f":"I39*H39","v":4.7499326000000002}]
["Composição Auxiliar",5824,"SINAPI","CAMINHÃO TOCO, PBT 16.000 KG, CARGA ÚTIL MÁX. 10.685 KG, DIST. ENTRE EIXOS 4,8 M, POTÊNCIA 189 CV, INCLUSIVE CARROCERIA FIXA ABERTA DE MADEIRA P/ TRANSPORTE GERAL DE CARGA SECA, DIMEN. APROX. 2,5 X 7,00 X 0,50 M - CHP DIURNO. AF_06/2014","Custos Horários Produtivo e Improdutivo dos Equipamentos",null,"CHP",1.6660000000000001E-2,{"$f":"IF(C40=\"SINAPI\", IF( IF(A40=\"Insumo\", VLOOKUP(B40,'SINAPI INSUMOS'!B:F,5,0), VLOOKUP(B40,'SINAPI COMP'!B:F,4,0))=0,VLOOKUP(B40,'OUTRAS BASES'!C:D,2,0),IF(A40=\"Insumo\", VLOOKUP(B40,'SINAPI INSUMOS'!B:F,5,0),VLOOKUP(B40,'SINAPI COMP'!B:F,4,0))), VLOOKUP(B40,'OUTRAS BASES'!C:D,2,0))","v":219.76},3.6612016000000001]
["Composição Auxiliar",5826,"SINAPI","CAMINHÃO TOCO, PBT 16.000 KG, CARGA ÚTIL MÁX. 10.685 KG, DIST. ENTRE EIXOS 4,8 M, POTÊNCIA 189 CV, INCLUSIVE CARROCERIA FIXA ABERTA DE MADEIRA P/ TRANSPORTE GERAL DE CARGA SECA, DIMEN. APROX. 2,5 X 7,00 X 0,50 M - CHI DIURNO. AF_06/2014","Custos Horários Produtivo e Improdutivo dos Equipamentos",null,"CHI",1.6660000000000001E-2,{"$f":"IF(C41=\"SINAPI\", IF( IF(A41=\"Insumo\", VLOOKUP(B41,'SINAPI INSUMOS'!B:F,5,0), VLOOKUP(B41,'SINAPI COMP'!B:F,4,0))=0,VLOOKUP(B41,'OUTRAS BASES'!C:D,2,0),IF(A41=\"Insumo\", VLOOKUP(B41,'SINAPI INSUMOS'!B:F,5,0),VLOOKUP(B41,'SINAPI COMP'!B:F,4,0))), VLOOKUP(B41,'OUTRAS BASES'!C:D,2,0))","v":65.349999999999994},1.0887309999999999]
[]
[]
[]
[]
[" 2.2 ","Código","Banco","Descrição","Tipo",null,"Und","Quant.","Valor Unit","Total"]
["Composição","COMPOSIÇÃO - 4","Próprio","Transporte de Comboio Instalação","TRAN - TRANSPORTES, CARGAS E DESCARGAS",null,"km",1,{"$f":"SUM(J48:J49)","v":5.9336256000000001},{"$f":"I47*H47","v":5.9336256000000001}]
["Composição Auxiliar",5928,"SINAPI","GUINDAUTO HIDRÁULICO, CAPACIDADE MÁXIMA DE CARGA 6200 KG, MOMENTO MÁXIMO DE CARGA 11,7 TM, ALCANCE MÁXIMO HORIZONTAL 9,70 M, INCLUSIVE CAMINHÃO TOCO PBT 16.000 KG, POTÊNCIA DE 189 CV - CHP DIURNO. AF_06/2014","Custos Horários Produtivo e Improdutivo dos Equipamentos",null,"CHP",1.6660000000000001E-2,{"$f":"IF(C48=\"SINAPI\", IF( IF(A48=\"Insumo\", VLOOKUP(B48,'SINAPI INSUMOS'!B:F,5,0), VLOOKUP(B48,'SINAPI COMP'!B:F,4,0))=0,VLOOKUP(B48,'OUTRAS BASES'!C:D,2,0),IF(A48=\"Insumo\", VLOOKUP(B48,'SINAPI INSUMOS'!B:F,5,0),VLOOKUP(B48,'SINAPI COMP'!B:F,4,0))), VLOOKUP(B48,'OUTRAS BASES'!C:D,2,0))","v":279.76},4.6608016000000001]
["Composição Auxiliar",5930,"SINAPI","GUINDAUTO HIDRÁULICO, CAPACIDADE MÁXIMA DE CARGA 6200 KG, MOMENTO MÁXIMO DE CARGA 11,7 TM, ALCANCE MÁXIMO HORIZONTAL 9,70 M, INCLUSIVE CAMINHÃO TOCO PBT 16.000 KG, POTÊNCIA DE 189 CV - CHI DIURNO. AF_06/2014","Custos Horários Produtivo e Improdutivo dos Equipamentos",null,"CHI",1.6660000000000001E-2,{"$f":"IF(C49=\"SINAPI\", IF( IF(A49=\"Insumo\", VLOOKUP(B49,'SINAPI INSUMOS'!B:F,5,0), VLOOKUP(B49,'SINAPI COMP'!B:F,4,0))=0,VLOOKUP(B49,'OUTRAS BASES'!C:D,2,0),IF(A49=\"Insumo\", VLOOKUP(B49,'SINAPI INSUMOS'!B:F,5,0),VLOOKUP(B49,'SINAPI COMP'!B:F,4,0))), VLOOKUP(B49,'OUTRAS BASES'!C:D,2,0))","v":76.400000000000006},1.2728240000000002]
[]
[]
[]
[]
[" 2.3 ","Código","Banco","Descrição","Tipo",null,"Und","Quant.","Valor Unit","Total"]
["Composição","COMPOSIÇÃO - 5","Próprio","Transporte de Equipe Teste de Vazão","TRAN - TRANSPORTES, CARGAS E DESCARGAS",null,"km",1,{"$f":"SUM(J56:J57)","v":2.604457},{"$f":"I55*H55","v":2.604457}]
["Composição Auxiliar",73467,"SINAPI","CAMINHÃO TOCO, PBT 14.300 KG, CARGA ÚTIL MÁX. 9.710 KG, DIST. ENTRE EIXOS 3,56 M, POTÊNCIA 185 CV, INCLUSIVE CARROCERIA FIXA ABERTA DE MADEIRA P/ TRANSPORTE GERAL DE CARGA SECA, DIMEN. APROX. 2,50 X 6,50 X 0,50 M - CHP DIURNO. AF_06/2014","Custos Horários Produtivo e Improdutivo dos Equipamentos",null,"CHP",8.3000000000000001E-3,{"$f":"IF(C56=\"SINAPI\", IF( IF(A56=\"Insumo\", VLOOKUP(B56,'SINAPI INSUMOS'!B:F,5,0), VLOOKUP(B56,'SINAPI COMP'!B:F,4,0))=0,VLOOKUP(B56,'OUTRAS BASES'!C:D,2,0),IF(A56=\"Insumo\", VLOOKUP(B56,'SINAPI INSUMOS'!B:F,5,0),VLOOKUP(B56,'SINAPI COMP'!B:F,4,0))), VLOOKUP(B56,'OUTRAS BASES'!C:D,2,0))","v":251.36},2.0862880000000001]
["Composição Auxiliar",91395,"SINAPI","CAMINHÃO TOCO, PBT 14.300 KG, CARGA ÚTIL MÁX. 9.710 KG, DIST. ENTRE EIXOS 3,56 M, POTÊNCIA 185 CV, INCLUSIVE CARROCERIA FIXA ABERTA DE MADEIRA P/ TRANSPORTE GERAL DE CARGA SECA, DIMEN. APROX. 2,50 X 6,50 X 0,50 M - CHI DIURNO. AF_06/2014","Custos Horários Produtivo e Improdutivo dos Equipamentos",null,"CHI",8.3000000000000001E-3,{"$f":"IF(C57=\"SINAPI\", IF( IF(A57=\"Insumo\", VLOOKUP(B57,'SINAPI INSUMOS'!B:F,5,0), VLOOKUP(B57,'SINAPI COMP'!B:F,4,0))=0,VLOOKUP(B57,'OUTRAS BASES'!C:D,2,0),IF(A57=\"Insumo\", VLOOKUP(B57,'SINAPI INSUMOS'!B:F,5,0),VLOOKUP(B57,'SINAPI COMP'!B:F,4,0))), VLOOKUP(B57,'OUTRAS BASES'!C:D,2,0))","v":62.43},0.51816899999999999]
[]
[]
[]
[]
[" 3 ",null,null,"PERFURAÇÃO E COMPLETAÇÃO DE POÇO TUBULAR"]
[" 3.1","Código","Banco","Descrição","Tipo",null,"Und","Quant.","Valor Unit","Total"]
["Composição","COMPOSIÇÃO - 6","Próprio","Perfuração diâmetro de Ø 12 1/2\" em sedimento/camadas inconsolidadas - incluso mão de obra para instalação do revestimento e completação anelar","SERT - SERVIÇOS TÉCNICOS",null,"m",1,{"$f":"SUM(J65:J66)","v":255.85999999999999},{"$f":"I64*H64","v":255.85999999999999}]
["Composição Auxiliar",5057,"ORSE","Perfuração rocha sedimentar sedimento / Camadas inconsolidadas DN 12.1/2\" - Poço até 150 m","Conversão InfoWOrca",null,"m",1,{"$f":"IF(C65=\"SINAPI\", IF( IF(A65=\"Insumo\", VLOOKUP(B65,'SINAPI INSUMOS'!B:F,5,0), VLOOKUP(B65,'SINAPI COMP'!B:F,4,0))=0,VLOOKUP(B65,'OUTRAS BASES'!C:D,2,0),IF(A65=\"Insumo\", VLOOKUP(B65,'SINAPI INSUMOS'!B:F,5,0),VLOOKUP(B65,'SINAPI COMP'!B:F,4,0))), VLOOKUP(B65,'OUTRAS BASES'!C:D,2,0))","v":247.66},247.66]
["Insumo",43366,"SINAPI","BENTONITA, ARGILA CONSTITUIDA POR  MONTMORILONITA","Material",null,"KG",5,{"$f":"IF(C66=\"SINAPI\", IF( IF(A66=\"Insumo\", VLOOKUP(B66,'SINAPI INSUMOS'!B:F,5,0), VLOOKUP(B66,'SINAPI COMP'!B:F,4,0))=0,VLOOKUP(B66,'OUTRAS BASES'!C:D,2,0),IF(A66=\"Insumo\", VLOOKUP(B66,'SINAPI INSUMOS'!B:F,5,0),VLOOKUP(B66,'SINAPI COMP'!B:F,4,0))), VLOOKUP(B66,'OUTRAS BASES'!C:D,2,0))","v":1.64},8.1999999999999993]
[]
[]
[]
[]
[" 3.2","Código","Banco","Descrição","Tipo",null,"Und","Quant.","Valor Unit","Total"]
["Insumo",5073,"ORSE","Fornecimento de pré-filtro comum m3","Serviços",null,"m³",1,{"$f":"IF(C72=\"SINAPI\", IF( IF(A72=\"Insumo\", VLOOKUP(B72,'SINAPI INSUMOS'!B:F,5,0), VLOOKUP(B72,'SINAPI COMP'!B:F,4,0))=0,VLOOKUP(B72,'OUTRAS BASES'!C:D,2,0),IF(A72=\"Insumo\", VLOOKUP(B72,'SINAPI INSUMOS'!B:F,5,0),VLOOKUP(B72,'SINAPI COMP'!B:F,4,0))), VLOOKUP(B72,'OUTRAS BASES'!C:D,2,0))","v":1619.38},{"$f":"I72*H72","v":1619.38}]
[]
[]
[]
[]
[" 3.3","Código","Banco","Descrição","Tipo",null,"Und","Quant.","Valor Unit","Total"]
["Insumo",5091,"ORSE","Revestimento filtro pvc geomecânico reforçado dn 150mm","Serviços",null,"m",1,{"$f":"IF(C78=\"SINAPI\", IF( IF(A78=\"Insumo\", VLOOKUP(B78,'SINAPI INSUMOS'!B:F,5,0), VLOOKUP(B78,'SINAPI COMP'!B:F,4,0))=0,VLOOKUP(B78,'OUTRAS BASES'!C:D,2,0),IF(A78=\"Insumo\", VLOOKUP(B78,'SINAPI INSUMOS'!B:F,5,0),VLOOKUP(B78,'SINAPI COMP'!B:F,4,0))), VLOOKUP(B78,'OUTRAS BASES'!C:D,2,0))","v":221.38},{"$f":"I78*H78","v":221.38}]
[]
[]
[]
[]
[" 3.4","Código","Banco","Descrição","Tipo",null,"Und","Quant.","Valor Unit","Total"]
["Insumo",5024,"ORSE","Centralizador em 6\"","Serviços",null,"un",1,{"$f":"IF(C84=\"SINAPI\", IF( IF(A84=\"Insumo\", VLOOKUP(B84,'SINAPI INSUMOS'!B:F,5,0), VLOOKUP(B84,'SINAPI COMP'!B:F,4,0))=0,VLOOKUP(B84,'OUTRAS BASES'!C:D,2,0),IF(A84=\"Insumo\", VLOOKUP(B84,'SINAPI INSUMOS'!B:F,5,0),VLOOKUP(B84,'SINAPI COMP'!B:F,4,0))), VLOOKUP(B84,'OUTRAS BASES'!C:D,2,0))","v":267.02},{"$f":"I84*H84","v":267.02}]
[]
[]
[]
[]
[" 3.5","Código","Banco","Descrição","Tipo",null,"Und","Quant.","Valor Unit","Total"]
["Insumo",9850,"SINAPI","TUBO PVC DE REVESTIMENTO GEOMECANICO NERVURADO REFORCADO, DN = 150 MM, COMPRIMENTO = 2 M","Material",null,"M",1,{"$f":"IF(C90=\"SINAPI\", IF( IF(A90=\"Insumo\", VLOOKUP(B90,'SINAPI INSUMOS'!B:F,5,0), VLOOKUP(B90,'SINAPI COMP'!B:F,4,0))=0,VLOOKUP(B90,'OUTRAS BASES'!C:D,2,0),IF(A90=\"Insumo\", VLOOKUP(B90,'SINAPI INSUMOS'!B:F,5,0),VLOOKUP(B90,'SINAPI COMP'!B:F,4,0))), VLOOKUP(B90,'OUTRAS BASES'!C:D,2,0))","v":147.75},{"$f":"I90*H90","v":147.75}]
[]
[]
[]
[]
[" 3.6","Código","Banco","Descrição","Tipo",null,"Und","Quant.","Valor Unit","Total"]
["Composição","COMPOSIÇÃO - 7","Próprio","Serviço de lançamento cimentação anelar, incluso materiais.","SEDI - SERVIÇOS DIVERSOS",null,"m³",1,{"$f":"SUM(J97)","v":521.34},{"$f":"I96*H96","v":521.34}]
["Composição Auxiliar",1903,"ORSE","Argamassa cimento e areia traço t-1 (1:3) - 1 saco cimento 50kg / 3 padiolas areia dim. 0.35 x 0.45 x 0.23 m - Confecção mecânica e transporte","Argamassas",null,"m³",1,{"$f":"IF(C97=\"SINAPI\", IF( IF(A97=\"Insumo\", VLOOKUP(B97,'SINAPI INSUMOS'!B:F,5,0), VLOOKUP(B97,'SINAPI COMP'!B:F,4,0))=0,VLOOKUP(B97,'OUTRAS BASES'!C:D,2,0),IF(A97=\"Insumo\", VLOOKUP(B97,'SINAPI INSUMOS'!B:F,5,0),VLOOKUP(B97,'SINAPI COMP'!B:F,4,0))), VLOOKUP(B97,'OUTRAS BASES'!C:D,2,0))","v":521.34},521.34]
[]
[]
[]
[]
[" 4 ",null,null,"PÓS PERFURAÇÃO"]
[" 4.1 ","Código","Banco","Descrição","Tipo",null,"Und","Quant.","Valor Unit","Total"]
["Composição",6305,"ORSE","Desenvolvimento com Compressor 250psi / 750cfm","Conversão InfoWOrca",null,"h",1,{"$f":"IF(C104=\"SINAPI\", IF( IF(A104=\"Insumo\", VLOOKUP(B104,'SINAPI INSUMOS'!B:F,5,0), VLOOKUP(B104,'SINAPI COMP'!B:F,4,0))=0,VLOOKUP(B104,'OUTRAS BASES'!C:D,2,0),IF(A104=\"Insumo\", VLOOKUP(B104,'SINAPI INSUMOS'!B:F,5,0),VLOOKUP(B104,'SINAPI COMP'!B:F,4,0))), VLOOKUP(B104,'OUTRAS BASES'!C:D,2,0))","v":411.16},{"$f":"I104*H104","v":411.16}]
["Insumo",5030,"ORSE","Desenvolvimento com compressor 250psi - 750cfm h","Serviços",null,"h",1,{"$f":"IF(C105=\"SINAPI\", IF( IF(A105=\"Insumo\", VLOOKUP(B105,'SINAPI INSUMOS'!B:F,5,0), VLOOKUP(B105,'SINAPI COMP'!B:F,4,0))=0,VLOOKUP(B105,'OUTRAS BASES'!C:D,2,0),IF(A105=\"Insumo\", VLOOKUP(B105,'SINAPI INSUMOS'!B:F,5,0),VLOOKUP(B105,'SINAPI COMP'!B:F,4,0))), VLOOKUP(B105,'OUTRAS BASES'!C:D,2,0))","v":411.16},411.16]
[]
[]
[]
[]
[" 4.2","Código","Banco","Descrição","Tipo",null,"Und","Quant.","Valor Unit","Total"]
["Composição","COMPOSIÇÃO - 8","Próprio","Inspeção ótica em poço tubular câmera com rotação de 360º, visada lateral, com fonte própria de luz, entregue vídeo em cores e marcação de profundidades.","SEES - SERVIÇOS ESPECIAIS",null,"m",1,{"$f":"SUM(J112:J113)","v":9.6404600000000009},{"$f":"I111*H111","v":9.6404600000000009}]
["Insumo"," H020050004 ","EMBASA","APARELHO DE PERFILAGEM OPTICA","Material",null,"M",1,{"$f":"IF(C112=\"SINAPI\", IF( IF(A112=\"Insumo\", VLOOKUP(B112,'SINAPI INSUMOS'!B:F,5,0), VLOOKUP(B112,'SINAPI COMP'!B:F,4,0))=0,VLOOKUP(B112,'OUTRAS BASES'!C:D,2,0),IF(A112=\"Insumo\", VLOOKUP(B112,'SINAPI INSUMOS'!B:F,5,0),VLOOKUP(B112,'SINAPI COMP'!B:F,4,0))), VLOOKUP(B112,'OUTRAS BASES'!C:D,2,0))","v":4.4000000000000004},4.4000000000000004]
["Insumo"," B590000022 ","EMBASA","TECNICO MEDIO","Mão de Obra",null,"H",8.3500000000000005E-2,{"$f":"IF(C113=\"SINAPI\", IF( IF(A113=\"Insumo\", VLOOKUP(B113,'SINAPI INSUMOS'!B:F,5,0), VLOOKUP(B113,'SINAPI COMP'!B:F,4,0))=0,VLOOKUP(B113,'OUTRAS BASES'!C:D,2,0),IF(A113=\"Insumo\", VLOOKUP(B113,'SINAPI INSUMOS'!B:F,5,0),VLOOKUP(B113,'SINAPI COMP'!B:F,4,0))), VLOOKUP(B113,'OUTRAS BASES'!C:D,2,0))","v":62.76},5.2404600000000006]
[]
[]
[]
[]
[" 4.3","Código","Banco","Descrição","Tipo",null,"Und","Quant.","Valor Unit","Total"]
["Composição","COMPOSIÇÃO - 9","Próprio","Serviço de coleta e Análise Físico-Química e Bacteriológica","SEDI - SERVIÇOS DIVERSOS",null,"un",1,{"$f":"SUM(J120:J121)","v":621.19000000000005},{"$f":"I119*H119","v":621.19000000000005}]
["Composição Auxiliar",6312,"ORSE","Análise Físico-química da Água","Conversão InfoWOrca",null,"un",1,{"$f":"IF(C120=\"SINAPI\", IF( IF(A120=\"Insumo\", VLOOKUP(B120,'SINAPI INSUMOS'!B:F,5,0), VLOOKUP(B120,'SINAPI COMP'!B:F,4,0))=0,VLOOKUP(B120,'OUTRAS BASES'!C:D,2,0),IF(A120=\"Insumo\", VLOOKUP(B120,'SINAPI INSUMOS'!B:F,5,0),VLOOKUP(B120,'SINAPI COMP'!B:F,4,0))), VLOOKUP(B120,'OUTRAS BASES'!C:D,2,0))","v":565.21},565.21]
["Composição Auxiliar",6313,"ORSE","Análise Bacteriológica da Água","Conversão InfoWOrca",null,"un",1,{"$f":"IF(C121=\"SINAPI\", IF( IF(A121=\"Insumo\", VLOOKUP(B121,'SINAPI INSUMOS'!B:F,5,0), VLOOKUP(B121,'SINAPI COMP'!B:F,4,0))=0,VLOOKUP(B121,'OUTRAS BASES'!C:D,2,0),IF(A121=\"Insumo\", VLOOKUP(B121,'SINAPI INSUMOS'!B:F,5,0),VLOOKUP(B121,'SINAPI COMP'!B:F,4,0))), VLOOKUP(B121,'OUTRAS BASES'!C:D,2,0))","v":55.98},55.98]
[]
[]
[]
[]
[" 4.4","Código","Banco","Descrição","Tipo",null,"Und","Quant.","Valor Unit","Total"]
["Composição","COMPOSIÇÃO - 10","Próprio","Serviço de instalação de laje sanitária com dimensões (1,5x1,5x0,3) , incluso material.","SEDI - SERVIÇOS DIVERSOS",null,"un",1,{"$f":"SUM(J128:J131)","v":690.22800000000007},{"$f":"I127*H127","v":690.22800000000007}]
["Composição Auxiliar",92522,"SINAPI","MONTAGEM E DESMONTAGEM DE FÔRMA DE LAJE MACIÇA, PÉ-DIREITO SIMPLES, EM CHAPA DE MADEIRA COMPENSADA RESINADA, 8 UTILIZAÇÕES. AF_09/2020","Fôrmas para Estruturas de Concreto Armado",null,"m²",1.8,{"$f":"IF(C128=\"SINAPI\", IF( IF(A128=\"Insumo\", VLOOKUP(B128,'SINAPI INSUMOS'!B:F,5,0), VLOOKUP(B128,'SINAPI COMP'!B:F,4,0))=0,VLOOKUP(B128,'OUTRAS BASES'!C:D,2,0),IF(A128=\"Insumo\", VLOOKUP(B128,'SINAPI INSUMOS'!B:F,5,0),VLOOKUP(B128,'SINAPI COMP'!B:F,4,0))), VLOOKUP(B128,'OUTRAS BASES'!C:D,2,0))","v":50.01},90.018000000000001]
["Composição Auxiliar",93358,"SINAPI","ESCAVAÇÃO MANUAL DE VALA COM PROFUNDIDADE MENOR OU IGUAL A 1,30 M. AF_02/2021","Escavação de Valas",null,"m³",0.22500000000000001,{"$f":"IF(C129=\"SINAPI\", IF( IF(A129=\"Insumo\", VLOOKUP(B129,'SINAPI INSUMOS'!B:F,5,0), VLOOKUP(B129,'SINAPI COMP'!B:F,4,0))=0,VLOOKUP(B129,'OUTRAS BASES'!C:D,2,0),IF(A129=\"Insumo\", VLOOKUP(B129,'SINAPI INSUMOS'!B:F,5,0),VLOOKUP(B129,'SINAPI COMP'!B:F,4,0))), VLOOKUP(B129,'OUTRAS BASES'!C:D,2,0))","v":88.68},19.953000000000003]
["Composição Auxiliar",94975,"SINAPI","CONCRETO FCK = 15MPA, TRAÇO 1:3,4:3,5 (EM MASSA SECA DE CIMENTO/ AREIA MÉDIA/ BRITA 1) - PREPARO MANUAL. AF_05/2021","Produção de Concreto",null,"m³",0.67500000000000004,{"$f":"IF(C130=\"SINAPI\", IF( IF(A130=\"Insumo\", VLOOKUP(B130,'SINAPI INSUMOS'!B:F,5,0), VLOOKUP(B130,'SINAPI COMP'!B:F,4,0))=0,VLOOKUP(B130,'OUTRAS BASES'!C:D,2,0),IF(A130=\"Insumo\", VLOOKUP(B130,'SINAPI INSUMOS'!B:F,5,0),VLOOKUP(B130,'SINAPI COMP'!B:F,4,0))), VLOOKUP(B130,'OUTRAS BASES'!C:D,2,0))","v":534.97},361.10475000000002]
["Composição Auxiliar",103670,"SINAPI","LANÇAMENTO COM USO DE BALDES, ADENSAMENTO E ACABAMENTO DE CONCRETO EM ESTRUTURAS. AF_02/2022","Concretagem para Estruturas de Concreto Armado",null,"m³",0.67500000000000004,{"$f":"IF(C131=\"SINAPI\", IF( IF(A131=\"Insumo\", VLOOKUP(B131,'SINAPI INSUMOS'!B:F,5,0), VLOOKUP(B131,'SINAPI COMP'!B:F,4,0))=0,VLOOKUP(B131,'OUTRAS BASES'!C:D,2,0),IF(A131=\"Insumo\", VLOOKUP(B131,'SINAPI INSUMOS'!B:F,5,0),VLOOKUP(B131,'SINAPI COMP'!B:F,4,0))), VLOOKUP(B131,'OUTRAS BASES'!C:D,2,0))","v":324.67},219.15225000000004]
[]
[]
[]
[]
[" 4.5","Código","Banco","Descrição","Tipo",null,"Und","Quant.","Valor Unit","Total"]
["Composição"," 24.80.22 ","EMBASA","(REVISADA) DESENVOLVIMENTO OU TESTE COM BOMBA SUBMERSA - UEB1 NO SEDIMENTO COM VAZAO < 60M3 (Ensaio de bombeamento poço tubular incluso materiais e grupo gerador)",2480,null,"H",1,{"$f":"IF(C137=\"SINAPI\", IF( IF(A137=\"Insumo\", VLOOKUP(B137,'SINAPI INSUMOS'!B:F,5,0), VLOOKUP(B137,'SINAPI COMP'!B:F,4,0))=0,VLOOKUP(B137,'OUTRAS BASES'!C:D,2,0),IF(A137=\"Insumo\", VLOOKUP(B137,'SINAPI INSUMOS'!B:F,5,0),VLOOKUP(B137,'SINAPI COMP'!B:F,4,0))), VLOOKUP(B137,'OUTRAS BASES'!C:D,2,0))","v":263.27},{"$f":"I137*H137","v":263.27}]
["Composição Auxiliar"," 24.00.15 ","EMBASA","EQUIPE (3 PROFISSIONAIS CAMPO) - BOMBEIO",2400,null,"H",1,{"$f":"IF(C138=\"SINAPI\", IF( IF(A138=\"Insumo\", VLOOKUP(B138,'SINAPI INSUMOS'!B:F,5,0), VLOOKUP(B138,'SINAPI COMP'!B:F,4,0))=0,VLOOKUP(B138,'OUTRAS BASES'!C:D,2,0),IF(A138=\"Insumo\", VLOOKUP(B138,'SINAPI INSUMOS'!B:F,5,0),VLOOKUP(B138,'SINAPI COMP'!B:F,4,0))), VLOOKUP(B138,'OUTRAS BASES'!C:D,2,0))","v":198.35},198.35]
["Insumo"," H020050001 ","EMBASA","UNIDADE DE ENSAIO E BOMBEAMENTO - UEB1 ATE 150M3 NO SEDIMENTO","Material",null,"H",1,{"$f":"IF(C139=\"SINAPI\", IF( IF(A139=\"Insumo\", VLOOKUP(B139,'SINAPI INSUMOS'!B:F,5,0), VLOOKUP(B139,'SINAPI COMP'!B:F,4,0))=0,VLOOKUP(B139,'OUTRAS BASES'!C:D,2,0),IF(A139=\"Insumo\", VLOOKUP(B139,'SINAPI INSUMOS'!B:F,5,0),VLOOKUP(B139,'SINAPI COMP'!B:F,4,0))), VLOOKUP(B139,'OUTRAS BASES'!C:D,2,0))","v":64.92},64.92]
[]
[]
[]
[]
[" 5 ",null,null,"RESERVAÇÃO"]
[" 5.1 ","Código","Banco","Descrição","Tipo",null,"Und","Quant.","Valor Unit","Total"]
["Composição","COMPOSIÇÃO - 11","Próprio","Fornecimento e instalação de reservatório e base elevada 10 m³","ASTU - ASSENTAMENTO DE TUBOS E PECAS",null,"un",1,{"$f":"SUM(J147:J168)","v":19616.621879999999},{"$f":"I146*H146","v":19616.621879999999}]
["Composição Auxiliar",92759,"SINAPI","ARMAÇÃO DE PILAR OU VIGA DE ESTRUTURA CONVENCIONAL DE CONCRETO ARMADO UTILIZANDO AÇO CA-60 DE 5,0 MM - MONTAGEM. AF_06/2022","Armação para Estruturas de Concreto Armado",null,"KG",17.2,{"$f":"IF(C147=\"SINAPI\", IF( IF(A147=\"Insumo\", VLOOKUP(B147,'SINAPI INSUMOS'!B:F,5,0), VLOOKUP(B147,'SINAPI COMP'!B:F,4,0))=0,VLOOKUP(B147,'OUTRAS BASES'!C:D,2,0),IF(A147=\"Insumo\", VLOOKUP(B147,'SINAPI INSUMOS'!B:F,5,0),VLOOKUP(B147,'SINAPI COMP'!B:F,4,0))), VLOOKUP(B147,'OUTRAS BASES'!C:D,2,0))","v":13.78},237.01599999999999]
["Composição Auxiliar",92761,"SINAPI","ARMAÇÃO DE PILAR OU VIGA DE ESTRUTURA CONVENCIONAL DE CONCRETO ARMADO UTILIZANDO AÇO CA-50 DE 8,0 MM - MONTAGEM. AF_06/2022","Armação para Estruturas de Concreto Armado",null,"KG",30.4,{"$f":"IF(C148=\"SINAPI\", IF( IF(A148=\"Insumo\", VLOOKUP(B148,'SINAPI INSUMOS'!B:F,5,0), VLOOKUP(B148,'SINAPI COMP'!B:F,4,0))=0,VLOOKUP(B148,'OUTRAS BASES'!C:D,2,0),IF(A148=\"Insumo\", VLOOKUP(B148,'SINAPI INSUMOS'!B:F,5,0),VLOOKUP(B148,'SINAPI COMP'!B:F,4,0))), VLOOKUP(B148,'OUTRAS BASES'!C:D,2,0))","v":11.5},349.59999999999997]
["Composição Auxiliar",92768,"SINAPI","ARMAÇÃO DE LAJE DE ESTRUTURA CONVENCIONAL DE CONCRETO ARMADO UTILIZANDO AÇO CA-60 DE 5,0 MM - MONTAGEM. AF_06/2022","Armação para Estruturas de Concreto Armado",null,"KG",11.9,{"$f":"IF(C149=\"SINAPI\", IF( IF(A149=\"Insumo\", VLOOKUP(B149,'SINAPI INSUMOS'!B:F,5,0), VLOOKUP(B149,'SINAPI COMP'!B:F,4,0))=0,VLOOKUP(B149,'OUTRAS BASES'!C:D,2,0),IF(A149=\"Insumo\", VLOOKUP(B149,'SINAPI INSUMOS'!B:F,5,0),VLOOKUP(B149,'SINAPI COMP'!B:F,4,0))), VLOOKUP(B149,'OUTRAS BASES'!C:D,2,0))","v":13.14},156.36600000000001]
["Composição Auxiliar",92770,"SINAPI","ARMAÇÃO DE LAJE DE ESTRUTURA CONVENCIONAL DE CONCRETO ARMADO UTILIZANDO AÇO CA-50 DE 8,0 MM - MONTAGEM. AF_06/2022","Armação para Estruturas de Concreto Armado",null,"KG",48,{"$f":"IF(C150=\"SINAPI\", IF( IF(A150=\"Insumo\", VLOOKUP(B150,'SINAPI INSUMOS'!B:F,5,0), VLOOKUP(B150,'SINAPI COMP'!B:F,4,0))=0,VLOOKUP(B150,'OUTRAS BASES'!C:D,2,0),IF(A150=\"Insumo\", VLOOKUP(B150,'SINAPI INSUMOS'!B:F,5,0),VLOOKUP(B150,'SINAPI COMP'!B:F,4,0))), VLOOKUP(B150,'OUTRAS BASES'!C:D,2,0))","v":10.93},524.64]
["Composição Auxiliar",93358,"SINAPI","ESCAVAÇÃO MANUAL DE VALA COM PROFUNDIDADE MENOR OU IGUAL A 1,30 M. AF_02/2021","Escavação de Valas",null,"m³",5.2,{"$f":"IF(C151=\"SINAPI\", IF( IF(A151=\"Insumo\", VLOOKUP(B151,'SINAPI INSUMOS'!B:F,5,0), VLOOKUP(B151,'SINAPI COMP'!B:F,4,0))=0,VLOOKUP(B151,'OUTRAS BASES'!C:D,2,0),IF(A151=\"Insumo\", VLOOKUP(B151,'SINAPI INSUMOS'!B:F,5,0),VLOOKUP(B151,'SINAPI COMP'!B:F,4,0))), VLOOKUP(B151,'OUTRAS BASES'!C:D,2,0))","v":88.68},461.13600000000002]
["Composição Auxiliar",92763,"SINAPI","ARMAÇÃO DE PILAR OU VIGA DE ESTRUTURA CONVENCIONAL DE CONCRETO ARMADO UTILIZANDO AÇO CA-50 DE 12,5 MM - MONTAGEM. AF_06/2022","Armação para Estruturas de Concreto Armado",null,"KG",118.4,{"$f":"IF(C152=\"SINAPI\", IF( IF(A152=\"Insumo\", VLOOKUP(B152,'SINAPI INSUMOS'!B:F,5,0), VLOOKUP(B152,'SINAPI COMP'!B:F,4,0))=0,VLOOKUP(B152,'OUTRAS BASES'!C:D,2,0),IF(A152=\"Insumo\", VLOOKUP(B152,'SINAPI INSUMOS'!B:F,5,0),VLOOKUP(B152,'SINAPI COMP'!B:F,4,0))), VLOOKUP(B152,'OUTRAS BASES'!C:D,2,0))","v":8.4700000000000006},1002.8480000000001]
["Composição Auxiliar",94970,"SINAPI","CONCRETO FCK = 20MPA, TRAÇO 1:2,7:3 (EM MASSA SECA DE CIMENTO/ AREIA MÉDIA/ BRITA 1) - PREPARO MECÂNICO COM BETONEIRA 600 L. AF_05/2021","Produção de Concreto",null,"m³",4.8899999999999997,{"$f":"IF(C153=\"SINAPI\", IF( IF(A153=\"Insumo\", VLOOKUP(B153,'SINAPI INSUMOS'!B:F,5,0), VLOOKUP(B153,'SINAPI COMP'!B:F,4,0))=0,VLOOKUP(B153,'OUTRAS BASES'!C:D,2,0),IF(A153=\"Insumo\", VLOOKUP(B153,'SINAPI INSUMOS'!B:F,5,0),VLOOKUP(B153,'SINAPI COMP'!B:F,4,0))), VLOOKUP(B153,'OUTRAS BASES'!C:D,2,0))","v":497.73},2433.8996999999999]
["Composição Auxiliar",103670,"SINAPI","LANÇAMENTO COM USO DE BALDES, ADENSAMENTO E ACABAMENTO DE CONCRETO EM ESTRUTURAS. AF_02/2022","Concretagem para Estruturas de Concreto Armado",null,"m³",6.85,{"$f":"IF(C154=\"SINAPI\", IF( IF(A154=\"Insumo\", VLOOKUP(B154,'SINAPI INSUMOS'!B:F,5,0), VLOOKUP(B154,'SINAPI COMP'!B:F,4,0))=0,VLOOKUP(B154,'OUTRAS BASES'!C:D,2,0),IF(A154=\"Insumo\", VLOOKUP(B154,'SINAPI INSUMOS'!B:F,5,0),VLOOKUP(B154,'SINAPI COMP'!B:F,4,0))), VLOOKUP(B154,'OUTRAS BASES'!C:D,2,0))","v":324.67},2223.9895000000001]
["Composição Auxiliar",84651,"SINAPI","PINTURA COM TINTA IMPERMEAVEL MINERAL EM PO, DUAS DEMAOS","PINT - PINTURAS",null,"m²",28.27,{"$f":"IF(C155=\"SINAPI\", IF( IF(A155=\"Insumo\", VLOOKUP(B155,'SINAPI INSUMOS'!B:F,5,0), VLOOKUP(B155,'SINAPI COMP'!B:F,4,0))=0,VLOOKUP(B155,'OUTRAS BASES'!C:D,2,0),IF(A155=\"Insumo\", VLOOKUP(B155,'SINAPI INSUMOS'!B:F,5,0),VLOOKUP(B155,'SINAPI COMP'!B:F,4,0))), VLOOKUP(B155,'OUTRAS BASES'!C:D,2,0))","v":14.843999999999999},419.63988000000001]
["Composição Auxiliar",90776,"SINAPI","ENCARREGADO GERAL COM ENCARGOS COMPLEMENTARES","Livro SINAPI: Cálculos e Parâmetros",null,"H",1,{"$f":"IF(C156=\"SINAPI\", IF( IF(A156=\"Insumo\", VLOOKUP(B156,'SINAPI INSUMOS'!B:F,5,0), VLOOKUP(B156,'SINAPI COMP'!B:F,4,0))=0,VLOOKUP(B156,'OUTRAS BASES'!C:D,2,0),IF(A156=\"Insumo\", VLOOKUP(B156,'SINAPI INSUMOS'!B:F,5,0),VLOOKUP(B156,'SINAPI COMP'!B:F,4,0))), VLOOKUP(B156,'OUTRAS BASES'!C:D,2,0))","v":37.19},37.19]
["Composição Auxiliar",102482,"SINAPI","CONCRETO FCK = 25MPA, TRAÇO 1:2,2:2,5 (EM MASSA SECA DE CIMENTO/ AREIA MÉDIA/ SEIXO ROLADO) - PREPARO MECÂNICO COM BETONEIRA 600 L. AF_05/2021","Produção de Concreto",null,"m³",1.96,{"$f":"IF(C157=\"SINAPI\", IF( IF(A157=\"Insumo\", VLOOKUP(B157,'SINAPI INSUMOS'!B:F,5,0), VLOOKUP(B157,'SINAPI COMP'!B:F,4,0))=0,VLOOKUP(B157,'OUTRAS BASES'!C:D,2,0),IF(A157=\"Insumo\", VLOOKUP(B157,'SINAPI INSUMOS'!B:F,5,0),VLOOKUP(B157,'SINAPI COMP'!B:F,4,0))), VLOOKUP(B157,'OUTRAS BASES'!C:D,2,0))","v":703.04},1377.9584]
["Composição Auxiliar",92263,"SINAPI","FABRICAÇÃO DE FÔRMA PARA PILARES E ESTRUTURAS SIMILARES, EM CHAPA DE MADEIRA COMPENSADA RESINADA, E = 17 MM. AF_09/2020","Fôrmas para Estruturas de Concreto Armado",null,"m²",25.19,{"$f":"IF(C158=\"SINAPI\", IF( IF(A158=\"Insumo\", VLOOKUP(B158,'SINAPI INSUMOS'!B:F,5,0), VLOOKUP(B158,'SINAPI COMP'!B:F,4,0))=0,VLOOKUP(B158,'OUTRAS BASES'!C:D,2,0),IF(A158=\"Insumo\", VLOOKUP(B158,'SINAPI INSUMOS'!B:F,5,0),VLOOKUP(B158,'SINAPI COMP'!B:F,4,0))), VLOOKUP(B158,'OUTRAS BASES'!C:D,2,0))","v":212.41},5350.6079]
["Composição Auxiliar",88267,"SINAPI","ENCANADOR OU BOMBEIRO HIDRÁULICO COM ENCARGOS COMPLEMENTARES","Livro SINAPI: Cálculos e Parâmetros",null,"H",4,{"$f":"IF(C159=\"SINAPI\", IF( IF(A159=\"Insumo\", VLOOKUP(B159,'SINAPI INSUMOS'!B:F,5,0), VLOOKUP(B159,'SINAPI COMP'!B:F,4,0))=0,VLOOKUP(B159,'OUTRAS BASES'!C:D,2,0),IF(A159=\"Insumo\", VLOOKUP(B159,'SINAPI INSUMOS'!B:F,5,0),VLOOKUP(B159,'SINAPI COMP'!B:F,4,0))), VLOOKUP(B159,'OUTRAS BASES'!C:D,2,0))","v":31.42},125.68]
["Composição Auxiliar",88248,"SINAPI","AUXILIAR DE ENCANADOR OU BOMBEIRO HIDRÁULICO COM ENCARGOS COMPLEMENTARES","Livro SINAPI: Cálculos e Parâmetros",null,"H",4,{"$f":"IF(C160=\"SINAPI\", IF( IF(A160=\"Insumo\", VLOOKUP(B160,'SINAPI INSUMOS'!B:F,5,0), VLOOKUP(B160,'SINAPI COMP'!B:F,4,0))=0,VLOOKUP(B160,'OUTRAS BASES'!C:D,2,0),IF(A160=\"Insumo\", VLOOKUP(B160,'SINAPI INSUMOS'!B:F,5,0),VLOOKUP(B160,'SINAPI COMP'!B:F,4,0))), VLOOKUP(B160,'OUTRAS BASES'!C:D,2,0))","v":22.16},88.64]
["Insumo",3146,"SINAPI","FITA VEDA ROSCA EM ROLOS DE 18 MM X 10 M (L X C)","Material",null,"UN",0.18,{"$f":"IF(C161=\"SINAPI\", IF( IF(A161=\"Insumo\", VLOOKUP(B161,'SINAPI INSUMOS'!B:F,5,0), VLOOKUP(B161,'SINAPI COMP'!B:F,4,0))=0,VLOOKUP(B161,'OUTRAS BASES'!C:D,2,0),IF(A161=\"Insumo\", VLOOKUP(B161,'SINAPI INSUMOS'!B:F,5,0),VLOOKUP(B161,'SINAPI COMP'!B:F,4,0))), VLOOKUP(B161,'OUTRAS BASES'!C:D,2,0))","v":3.05},0.54899999999999993]
["Insumo",37106,"SINAPI","CAIXA D'AGUA / RESERVATORIO EM POLIESTER REFORCADO COM FIBRA DE VIDRO, 10000 LITROS, COM TAMPA","Material",null,"UN",1,{"$f":"IF(C162=\"SINAPI\", IF( IF(A162=\"Insumo\", VLOOKUP(B162,'SINAPI INSUMOS'!B:F,5,0), VLOOKUP(B162,'SINAPI COMP'!B:F,4,0))=0,VLOOKUP(B162,'OUTRAS BASES'!C:D,2,0),IF(A162=\"Insumo\", VLOOKUP(B162,'SINAPI INSUMOS'!B:F,5,0),VLOOKUP(B162,'SINAPI COMP'!B:F,4,0))), VLOOKUP(B162,'OUTRAS BASES'!C:D,2,0))","v":4566.37},4566.37]
["Insumo",14073,"ORSE","CURVA 90º PVC D=50MM, LINHA IRRIGA-LF, TIGRE OU SIMILAR","Material",null,"UM",3,{"$f":"IF(C163=\"SINAPI\", IF( IF(A163=\"Insumo\", VLOOKUP(B163,'SINAPI INSUMOS'!B:F,5,0), VLOOKUP(B163,'SINAPI COMP'!B:F,4,0))=0,VLOOKUP(B163,'OUTRAS BASES'!C:D,2,0),IF(A163=\"Insumo\", VLOOKUP(B163,'SINAPI INSUMOS'!B:F,5,0),VLOOKUP(B163,'SINAPI COMP'!B:F,4,0))), VLOOKUP(B163,'OUTRAS BASES'!C:D,2,0))","v":8.1},24.299999999999997]
["Insumo",14068,"ORSE","Tubo PVC para irrigação LF PN 80 Ø 50mm, linha Irriga-LF, Tigre ou similar","Material",null,"UN",15.2,{"$f":"IF(C164=\"SINAPI\", IF( IF(A164=\"Insumo\", VLOOKUP(B164,'SINAPI INSUMOS'!B:F,5,0), VLOOKUP(B164,'SINAPI COMP'!B:F,4,0))=0,VLOOKUP(B164,'OUTRAS BASES'!C:D,2,0),IF(A164=\"Insumo\", VLOOKUP(B164,'SINAPI INSUMOS'!B:F,5,0),VLOOKUP(B164,'SINAPI COMP'!B:F,4,0))), VLOOKUP(B164,'OUTRAS BASES'!C:D,2,0))","v":9.27},140.904]
["Insumo",1434,"ORSE","Luva pvc rigido roscavel d=2 \"","Material",null,"UN",1,{"$f":"IF(C165=\"SINAPI\", IF( IF(A165=\"Insumo\", VLOOKUP(B165,'SINAPI INSUMOS'!B:F,5,0), VLOOKUP(B165,'SINAPI COMP'!B:F,4,0))=0,VLOOKUP(B165,'OUTRAS BASES'!C:D,2,0),IF(A165=\"Insumo\", VLOOKUP(B165,'SINAPI INSUMOS'!B:F,5,0),VLOOKUP(B165,'SINAPI COMP'!B:F,4,0))), VLOOKUP(B165,'OUTRAS BASES'!C:D,2,0))","v":28.58},28.58]
["Insumo",90,"ORSE","Adaptador curto, pvc rigido soldavel,  c/ bolsa e rosca p/  registro, d=  50mm x 1 1/2”","Material",null,"UN",1,{"$f":"IF(C166=\"SINAPI\", IF( IF(A166=\"Insumo\", VLOOKUP(B166,'SINAPI INSUMOS'!B:F,5,0), VLOOKUP(B166,'SINAPI COMP'!B:F,4,0))=0,VLOOKUP(B166,'OUTRAS BASES'!C:D,2,0),IF(A166=\"Insumo\", VLOOKUP(B166,'SINAPI INSUMOS'!B:F,5,0),VLOOKUP(B166,'SINAPI COMP'!B:F,4,0))), VLOOKUP(B166,'OUTRAS BASES'!C:D,2,0))","v":4.2},4.2]
["Insumo",99,"SINAPI","ADAPTADOR PVC SOLDAVEL, COM FLANGE E ANEL DE VEDACAO, 50 MM X 1 1/2\", PARA CAIXA D'AGUA","Material",null,"UN",2,{"$f":"IF(C167=\"SINAPI\", IF( IF(A167=\"Insumo\", VLOOKUP(B167,'SINAPI INSUMOS'!B:F,5,0), VLOOKUP(B167,'SINAPI COMP'!B:F,4,0))=0,VLOOKUP(B167,'OUTRAS BASES'!C:D,2,0),IF(A167=\"Insumo\", VLOOKUP(B167,'SINAPI INSUMOS'!B:F,5,0),VLOOKUP(B167,'SINAPI COMP'!B:F,4,0))), VLOOKUP(B167,'OUTRAS BASES'!C:D,2,0))","v":29.24},58.48]
["Insumo",119,"SINAPI","ADESIVO PLASTICO PARA PVC, BISNAGA COM 75 GR","Material",null,"UN",0.45,{"$f":"IF(C168=\"SINAPI\", IF( IF(A168=\"Insumo\", VLOOKUP(B168,'SINAPI INSUMOS'!B:F,5,0), VLOOKUP(B168,'SINAPI COMP'!B:F,4,0))=0,VLOOKUP(B168,'OUTRAS BASES'!C:D,2,0),IF(A168=\"Insumo\", VLOOKUP(B168,'SINAPI INSUMOS'!B:F,5,0),VLOOKUP(B168,'SINAPI COMP'!B:F,4,0))), VLOOKUP(B168,'OUTRAS BASES'!C:D,2,0))","v":8.9499999999999993},4.0274999999999999]
[]
[]
[]
[]
[" 5.2 ","Código","Banco","Descrição","Tipo",null,"Und","Quant.","Valor Unit","Total"]
["Composição","COMPOSIÇÃO - 12","Próprio","Fornecimento e execução de reservatório apoiado de 5 m³","SEDI - SERVIÇOS DIVERSOS",null,"un",1,{"$f":"SUM(J175:J184)","v":8483.2842999999993},{"$f":"I174*H174","v":8483.2842999999993}]
["Composição Auxiliar",88309,"SINAPI","PEDREIRO COM ENCARGOS COMPLEMENTARES","Livro SINAPI: Cálculos e Parâmetros",null,"H",3,{"$f":"IF(C175=\"SINAPI\", IF( IF(A175=\"Insumo\", VLOOKUP(B175,'SINAPI INSUMOS'!B:F,5,0), VLOOKUP(B175,'SINAPI COMP'!B:F,4,0))=0,VLOOKUP(B175,'OUTRAS BASES'!C:D,2,0),IF(A175=\"Insumo\", VLOOKUP(B175,'SINAPI INSUMOS'!B:F,5,0),VLOOKUP(B175,'SINAPI COMP'!B:F,4,0))), VLOOKUP(B175,'OUTRAS BASES'!C:D,2,0))","v":32.15},96.449999999999989]
["Composição Auxiliar",88316,"SINAPI","SERVENTE COM ENCARGOS COMPLEMENTARES","Livro SINAPI: Cálculos e Parâmetros",null,"H",3,{"$f":"IF(C176=\"SINAPI\", IF( IF(A176=\"Insumo\", VLOOKUP(B176,'SINAPI INSUMOS'!B:F,5,0), VLOOKUP(B176,'SINAPI COMP'!B:F,4,0))=0,VLOOKUP(B176,'OUTRAS BASES'!C:D,2,0),IF(A176=\"Insumo\", VLOOKUP(B176,'SINAPI INSUMOS'!B:F,5,0),VLOOKUP(B176,'SINAPI COMP'!B:F,4,0))), VLOOKUP(B176,'OUTRAS BASES'!C:D,2,0))","v":22.42},67.260000000000005]
["Composição Auxiliar",102617,"SINAPI","CAIXA D´ÁGUA EM POLIÉSTER REFORÇADO COM FIBRA DE VIDRO, 5000 LITROS - FORNECIMENTO E INSTALAÇÃO. AF_06/2021","Caixas de Água para Edificações",null,"UN",1,{"$f":"IF(C177=\"SINAPI\", IF( IF(A177=\"Insumo\", VLOOKUP(B177,'SINAPI INSUMOS'!B:F,5,0), VLOOKUP(B177,'SINAPI COMP'!B:F,4,0))=0,VLOOKUP(B177,'OUTRAS BASES'!C:D,2,0),IF(A177=\"Insumo\", VLOOKUP(B177,'SINAPI INSUMOS'!B:F,5,0),VLOOKUP(B177,'SINAPI COMP'!B:F,4,0))), VLOOKUP(B177,'OUTRAS BASES'!C:D,2,0))","v":3219.02},3219.02]
["Composição Auxiliar",92767,"SINAPI","ARMAÇÃO DE LAJE DE UMA ESTRUTURA CONVENCIONAL DE CONCRETO ARMADO UTILIZANDO AÇO CA-60 DE 4,2 MM - MONTAGEM. AF_12/2015","FUES - FUNDAÇÕES E ESTRUTURAS",null,"KG",3.04,{"$f":"IF(C178=\"SINAPI\", IF( IF(A178=\"Insumo\", VLOOKUP(B178,'SINAPI INSUMOS'!B:F,5,0), VLOOKUP(B178,'SINAPI COMP'!B:F,4,0))=0,VLOOKUP(B178,'OUTRAS BASES'!C:D,2,0),IF(A178=\"Insumo\", VLOOKUP(B178,'SINAPI INSUMOS'!B:F,5,0),VLOOKUP(B178,'SINAPI COMP'!B:F,4,0))), VLOOKUP(B178,'OUTRAS BASES'!C:D,2,0))","v":15.33},46.603200000000001]
["Composição Auxiliar",104917,"SINAPI","ARMAÇAO DE SAPATA ISOLADA, VIGA BALDRAME E SAPATA CORRIDA UTILIZANDO AÇO CA-50 DE 6,3 MM - MONTAGEM AD_01/2024","FUES - FUNDAÇÕES E ESTRUTURAS",null,"KG",9.3000000000000007,{"$f":"IF(C179=\"SINAPI\", IF( IF(A179=\"Insumo\", VLOOKUP(B179,'SINAPI INSUMOS'!B:F,5,0), VLOOKUP(B179,'SINAPI COMP'!B:F,4,0))=0,VLOOKUP(B179,'OUTRAS BASES'!C:D,2,0),IF(A179=\"Insumo\", VLOOKUP(B179,'SINAPI INSUMOS'!B:F,5,0),VLOOKUP(B179,'SINAPI COMP'!B:F,4,0))), VLOOKUP(B179,'OUTRAS BASES'!C:D,2,0))","v":15},139.5]
["Composição Auxiliar",92760,"SINAPI","ARMAÇÃO DE PILAR OU VIGA DE ESTRTURA CONVENCIONAL DE CONCRETO ARMADO UTILIZANDO AÇO CA-50 DE 6,3 MM - MONTAGEM. AF_12/2015","FUES - FUNDAÇÕES E ESTRUTURAS",null,"KG",16.3,{"$f":"IF(C180=\"SINAPI\", IF( IF(A180=\"Insumo\", VLOOKUP(B180,'SINAPI INSUMOS'!B:F,5,0), VLOOKUP(B180,'SINAPI COMP'!B:F,4,0))=0,VLOOKUP(B180,'OUTRAS BASES'!C:D,2,0),IF(A180=\"Insumo\", VLOOKUP(B180,'SINAPI INSUMOS'!B:F,5,0),VLOOKUP(B180,'SINAPI COMP'!B:F,4,0))), VLOOKUP(B180,'OUTRAS BASES'!C:D,2,0))","v":12.57},204.89100000000002]
["Composição Auxiliar",94964,"SINAPI","CONCRETO FCK = 20MPA, TRAÇO 1:2,7:3 (EM MASSA SECA DE CIMENTO/ AREIA MÉDIA/ BRITA 1) - PREPARO MECÂNICO COM BETONEIRA 400 L. AF_05/2021","Produção de Concreto",null,"m³",1.56,{"$f":"IF(C181=\"SINAPI\", IF( IF(A181=\"Insumo\", VLOOKUP(B181,'SINAPI INSUMOS'!B:F,5,0), VLOOKUP(B181,'SINAPI COMP'!B:F,4,0))=0,VLOOKUP(B181,'OUTRAS BASES'!C:D,2,0),IF(A181=\"Insumo\", VLOOKUP(B181,'SINAPI INSUMOS'!B:F,5,0),VLOOKUP(B181,'SINAPI COMP'!B:F,4,0))), VLOOKUP(B181,'OUTRAS BASES'!C:D,2,0))","v":510.38},796.19280000000003]
["Composição Auxiliar",84651,"SINAPI","PINTURA COM TINTA IMPERMEAVEL MINERAL EM PO, DUAS DEMAOS","PINT - PINTURAS",null,"m²",7.85,{"$f":"IF(C182=\"SINAPI\", IF( IF(A182=\"Insumo\", VLOOKUP(B182,'SINAPI INSUMOS'!B:F,5,0), VLOOKUP(B182,'SINAPI COMP'!B:F,4,0))=0,VLOOKUP(B182,'OUTRAS BASES'!C:D,2,0),IF(A182=\"Insumo\", VLOOKUP(B182,'SINAPI INSUMOS'!B:F,5,0),VLOOKUP(B182,'SINAPI COMP'!B:F,4,0))), VLOOKUP(B182,'OUTRAS BASES'!C:D,2,0))","v":14.843999999999999},116.52539999999999]
["Composição Auxiliar",92263,"SINAPI","FABRICAÇÃO DE FÔRMA PARA PILARES E ESTRUTURAS SIMILARES, EM CHAPA DE MADEIRA COMPENSADA RESINADA, E = 17 MM. AF_09/2020","FUES - FUNDAÇÕES E ESTRUTURAS",null,"KG",16.989999999999998,{"$f":"IF(C183=\"SINAPI\", IF( IF(A183=\"Insumo\", VLOOKUP(B183,'SINAPI INSUMOS'!B:F,5,0), VLOOKUP(B183,'SINAPI COMP'!B:F,4,0))=0,VLOOKUP(B183,'OUTRAS BASES'!C:D,2,0),IF(A183=\"Insumo\", VLOOKUP(B183,'SINAPI INSUMOS'!B:F,5,0),VLOOKUP(B183,'SINAPI COMP'!B:F,4,0))), VLOOKUP(B183,'OUTRAS BASES'!C:D,2,0))","v":212.41},3608.8458999999998]
["Composição Auxiliar",92770,"SINAPI","ARMAÇÃO DE LAJE DE UMA ESTRUTURA CONVENCIONAL DE CONCRETO ARMADO UTILIZANDO AÇO CA-50 DE 8,0 MM - MONTAGEM. AF_06/2022","FUES - FUNDAÇÕES E ESTRUTURAS",null,"KG",17.2,{"$f":"IF(C184=\"SINAPI\", IF( IF(A184=\"Insumo\", VLOOKUP(B184,'SINAPI INSUMOS'!B:F,5,0), VLOOKUP(B184,'SINAPI COMP'!B:F,4,0))=0,VLOOKUP(B184,'OUTRAS BASES'!C:D,2,0),IF(A184=\"Insumo\", VLOOKUP(B184,'SINAPI INSUMOS'!B:F,5,0),VLOOKUP(B184,'SINAPI COMP'!B:F,4,0))), VLOOKUP(B184,'OUTRAS BASES'!C:D,2,0))","v":10.93},187.99599999999998]
[]
[]
[]
[]
[" 6 ",null,null,"BEBEDOURO"]
[" 6.1 ","Código","Banco","Descrição","Tipo",null,"Und","Quant.","Valor Unit","Total"]
["Composição","COMPOSIÇÃO - 13","Próprio","Serviço de execução do bebedouro em concreto armado, incluso materiais.","SEDI - SERVIÇOS DIVERSOS",null,"un",1,{"$f":"SUM(J192:J197)","v":2012.6651999999999},{"$f":"I191*H191","v":2012.6651999999999}]
["Composição Auxiliar",92916,"SINAPI","ARMAÇÃODE ESTRUTURAS DIVERSAS DE CONCRETO ARMADO, EXCETO VIGA, PILARES, LAJES E FUNDAÇÕES, UTILIZANDO AÇO CA-50 DE 6,3 MM - MONTAGEM. AF_06/2022","Armação para Estruturas de Concreto Armado",null,"KG",6,{"$f":"IF(C192=\"SINAPI\", IF( IF(A192=\"Insumo\", VLOOKUP(B192,'SINAPI INSUMOS'!B:F,5,0), VLOOKUP(B192,'SINAPI COMP'!B:F,4,0))=0,VLOOKUP(B192,'OUTRAS BASES'!C:D,2,0),IF(A192=\"Insumo\", VLOOKUP(B192,'SINAPI INSUMOS'!B:F,5,0),VLOOKUP(B192,'SINAPI COMP'!B:F,4,0))), VLOOKUP(B192,'OUTRAS BASES'!C:D,2,0))","v":14.83},88.98]
["Composição Auxiliar",92915,"SINAPI","ARMAÇÃODE ESTRUTURAS DIVERSAS DE CONCRETO ARMADO, EXCETO VIGA, PILARES, LAJES E FUNDAÇÕES, UTILIZANDO AÇO CA-60 DE 5,0 MM - MONTAGEM. AF_06/2022","Armação para Estruturas de Concreto Armado",null,"KG",13,{"$f":"IF(C193=\"SINAPI\", IF( IF(A193=\"Insumo\", VLOOKUP(B193,'SINAPI INSUMOS'!B:F,5,0), VLOOKUP(B193,'SINAPI COMP'!B:F,4,0))=0,VLOOKUP(B193,'OUTRAS BASES'!C:D,2,0),IF(A193=\"Insumo\", VLOOKUP(B193,'SINAPI INSUMOS'!B:F,5,0),VLOOKUP(B193,'SINAPI COMP'!B:F,4,0))), VLOOKUP(B193,'OUTRAS BASES'!C:D,2,0))","v":16.850000000000001},219.05]
["Composição Auxiliar",92921,"SINAPI","ARMAÇÃODE ESTRUTURAS DIVERSAS DE CONCRETO ARMADO, EXCETO VIGA, PILARES, LAJES E FUNDAÇÕES, UTILIZANDO AÇO CA-50 DE 12,5 MM - MONTAGEM. AF_06/2022","Armação para Estruturas de Concreto Armado",null,"KG",12,{"$f":"IF(C194=\"SINAPI\", IF( IF(A194=\"Insumo\", VLOOKUP(B194,'SINAPI INSUMOS'!B:F,5,0), VLOOKUP(B194,'SINAPI COMP'!B:F,4,0))=0,VLOOKUP(B194,'OUTRAS BASES'!C:D,2,0),IF(A194=\"Insumo\", VLOOKUP(B194,'SINAPI INSUMOS'!B:F,5,0),VLOOKUP(B194,'SINAPI COMP'!B:F,4,0))), VLOOKUP(B194,'OUTRAS BASES'!C:D,2,0))","v":9.2100000000000009},110.52000000000001]
["Composição Auxiliar",94971,"SINAPI","CONCRETO FCK = 25MPA, TRAÇO 1:2,3:2:2,7(EM MASSA SECA DE CIMENTO, AREIA MÉDIA, BRITA 1) - PREPARO MECÂNICO COM BETONEIRA 600l. AF_05/2021","Produção de concreto",null,"m³",0.374,{"$f":"IF(C195=\"SINAPI\", IF( IF(A195=\"Insumo\", VLOOKUP(B195,'SINAPI INSUMOS'!B:F,5,0), VLOOKUP(B195,'SINAPI COMP'!B:F,4,0))=0,VLOOKUP(B195,'OUTRAS BASES'!C:D,2,0),IF(A195=\"Insumo\", VLOOKUP(B195,'SINAPI INSUMOS'!B:F,5,0),VLOOKUP(B195,'SINAPI COMP'!B:F,4,0))), VLOOKUP(B195,'OUTRAS BASES'!C:D,2,0))","v":520.4},194.62959999999998]
["Composição Auxiliar",92263,"SINAPI","FABRICAÇÃO DE FÔRMA PARA PILARES E ESTRUTURAS SIMILARES, EM CHAPA DE MADEIRA COMPENSADA RESINADA, E = 17 MM. AF_09/2020","FUES - FUNDAÇÕES E ESTRUTURAS",null,"m²",6.21,{"$f":"IF(C196=\"SINAPI\", IF( IF(A196=\"Insumo\", VLOOKUP(B196,'SINAPI INSUMOS'!B:F,5,0), VLOOKUP(B196,'SINAPI COMP'!B:F,4,0))=0,VLOOKUP(B196,'OUTRAS BASES'!C:D,2,0),IF(A196=\"Insumo\", VLOOKUP(B196,'SINAPI INSUMOS'!B:F,5,0),VLOOKUP(B196,'SINAPI COMP'!B:F,4,0))), VLOOKUP(B196,'OUTRAS BASES'!C:D,2,0))","v":212.41},1319.0661]
["Composição Auxiliar","15.07.09","EMBASA","PINTURA LÁTEX ACRÍLICA, APLICAÇÃO MANUAL EM DUAS DEMÃOS ","EDIFICAÇÕES",null,"m² ",6.21,{"$f":"IF(C197=\"SINAPI\", IF( IF(A197=\"Insumo\", VLOOKUP(B197,'SINAPI INSUMOS'!B:F,5,0), VLOOKUP(B197,'SINAPI COMP'!B:F,4,0))=0,VLOOKUP(B197,'OUTRAS BASES'!C:D,2,0),IF(A197=\"Insumo\", VLOOKUP(B197,'SINAPI INSUMOS'!B:F,5,0),VLOOKUP(B197,'SINAPI COMP'!B:F,4,0))), VLOOKUP(B197,'OUTRAS BASES'!C:D,2,0))","v":12.95},80.419499999999999]
[]
[]
[]
[]
[" 7 ",null,null,"CHAFARIZ"]
[" 7.1 ","Código","Banco","Descrição","Tipo",null,"Und","Quant.","Valor Unit","Total"]
["Composição","COMPOSIÇÃO - 14","Próprio","Fornecimento de material e instalação do chafariz","ASTU - ASSENTAMENTO DE TUBOS E PECAS",null,"un",1,{"$f":"SUM(J205:J223)","v":946.91608546400005},{"$f":"I204*H204","v":946.91608546400005}]
["Composição Auxiliar",88267,"SINAPI","ENCANADOR OU BOMBEIRO HIDRÁULICO COM ENCARGOS COMPLEMENTARES","Livro SINAPI: Cálculos e Parâmetros",null,"H",2,{"$f":"IF(C205=\"SINAPI\", IF( IF(A205=\"Insumo\", VLOOKUP(B205,'SINAPI INSUMOS'!B:F,5,0), VLOOKUP(B205,'SINAPI COMP'!B:F,4,0))=0,VLOOKUP(B205,'OUTRAS BASES'!C:D,2,0),IF(A205=\"Insumo\", VLOOKUP(B205,'SINAPI INSUMOS'!B:F,5,0),VLOOKUP(B205,'SINAPI COMP'!B:F,4,0))), VLOOKUP(B205,'OUTRAS BASES'!C:D,2,0))","v":31.42},62.84]
["Composição Auxiliar",88248,"SINAPI","AUXILIAR DE ENCANADOR OU BOMBEIRO HIDRÁULICO COM ENCARGOS COMPLEMENTARES","Livro SINAPI: Cálculos e Parâmetros",null,"H",2,{"$f":"IF(C206=\"SINAPI\", IF( IF(A206=\"Insumo\", VLOOKUP(B206,'SINAPI INSUMOS'!B:F,5,0), VLOOKUP(B206,'SINAPI COMP'!B:F,4,0))=0,VLOOKUP(B206,'OUTRAS BASES'!C:D,2,0),IF(A206=\"Insumo\", VLOOKUP(B206,'SINAPI INSUMOS'!B:F,5,0),VLOOKUP(B206,'SINAPI COMP'!B:F,4,0))), VLOOKUP(B206,'OUTRAS BASES'!C:D,2,0))","v":22.16},44.32]
["Composição Auxiliar",93358,"SINAPI","ESCAVAÇÃO MANUAL DE VALA COM PROFUNDIDADE MENOR OU IGUAL A 1,30 M. AF_02/2021","Escavação de Valas",null,"m³",7.8539800000000007E-2,{"$f":"IF(C207=\"SINAPI\", IF( IF(A207=\"Insumo\", VLOOKUP(B207,'SINAPI INSUMOS'!B:F,5,0), VLOOKUP(B207,'SINAPI COMP'!B:F,4,0))=0,VLOOKUP(B207,'OUTRAS BASES'!C:D,2,0),IF(A207=\"Insumo\", VLOOKUP(B207,'SINAPI INSUMOS'!B:F,5,0),VLOOKUP(B207,'SINAPI COMP'!B:F,4,0))), VLOOKUP(B207,'OUTRAS BASES'!C:D,2,0))","v":88.68},6.9649094640000015]
["Composição Auxiliar",96533,"SINAPI","FABRICAÇÃO, MONTAGEM E DESMONTAGEM DE FÔRMA PARA VIGA BALDRAME, EM MADEIRA SERRADA, E=25 MM, 2 UTILIZAÇÕES. AF_01/2024","FUES - FUNDAÇÕES E ESTRUTURAS",null,"m²",0.628,{"$f":"IF(C208=\"SINAPI\", IF( IF(A208=\"Insumo\", VLOOKUP(B208,'SINAPI INSUMOS'!B:F,5,0), VLOOKUP(B208,'SINAPI COMP'!B:F,4,0))=0,VLOOKUP(B208,'OUTRAS BASES'!C:D,2,0),IF(A208=\"Insumo\", VLOOKUP(B208,'SINAPI INSUMOS'!B:F,5,0),VLOOKUP(B208,'SINAPI COMP'!B:F,4,0))), VLOOKUP(B208,'OUTRAS BASES'!C:D,2,0))","v":107.12},67.271360000000001]
["Composição Auxiliar",94963,"SINAPI","CONCRETO FCK = 15MPA, TRAÇO 1:3,4:3,5 (EM MASSA SECA DE CIMENTO/AREIA/MÉDIA/BRITA 1) - PREPARO MECÂNICO COM BETONEIRA 400 L. AF_05/2021","Produção de Concreto",null,"m³",0.157,{"$f":"IF(C209=\"SINAPI\", IF( IF(A209=\"Insumo\", VLOOKUP(B209,'SINAPI INSUMOS'!B:F,5,0), VLOOKUP(B209,'SINAPI COMP'!B:F,4,0))=0,VLOOKUP(B209,'OUTRAS BASES'!C:D,2,0),IF(A209=\"Insumo\", VLOOKUP(B209,'SINAPI INSUMOS'!B:F,5,0),VLOOKUP(B209,'SINAPI COMP'!B:F,4,0))), VLOOKUP(B209,'OUTRAS BASES'!C:D,2,0))","v":473.22},74.295540000000003]
["Composição Auxiliar",87904,"SINAPI","CHAPISCO APLICADO EM ALVENARIA (COM PRESENÇA DE VÃOS) E ESTRUTURAS DE CONCRETO DE FACHADA, COM COLHER DE PEDREIRO.  ARGAMASSA TRAÇO 1:3 COM PREPARO MANUAL. AF_10/2022","Chapisco",null,"m²",0.314,{"$f":"IF(C210=\"SINAPI\", IF( IF(A210=\"Insumo\", VLOOKUP(B210,'SINAPI INSUMOS'!B:F,5,0), VLOOKUP(B210,'SINAPI COMP'!B:F,4,0))=0,VLOOKUP(B210,'OUTRAS BASES'!C:D,2,0),IF(A210=\"Insumo\", VLOOKUP(B210,'SINAPI INSUMOS'!B:F,5,0),VLOOKUP(B210,'SINAPI COMP'!B:F,4,0))), VLOOKUP(B210,'OUTRAS BASES'!C:D,2,0))","v":9.3800000000000008},2.9453200000000002]
["Composição Auxiliar",87529,"SINAPI","MASSA ÚNICA, EM ARGAMASSA TRAÇO 1:2:8, PREPARO MECÂNICO, APLICADA MANUALMENTE EM PAREDES INTERNAS DE AMBIENTES COM ÁREA ENTRE 5M² E 10M², E = 17,5MM, COM TALISCAS. AF_03/2024","Massa Única Interna",null,"m²",0.314,{"$f":"IF(C211=\"SINAPI\", IF( IF(A211=\"Insumo\", VLOOKUP(B211,'SINAPI INSUMOS'!B:F,5,0), VLOOKUP(B211,'SINAPI COMP'!B:F,4,0))=0,VLOOKUP(B211,'OUTRAS BASES'!C:D,2,0),IF(A211=\"Insumo\", VLOOKUP(B211,'SINAPI INSUMOS'!B:F,5,0),VLOOKUP(B211,'SINAPI COMP'!B:F,4,0))), VLOOKUP(B211,'OUTRAS BASES'!C:D,2,0))","v":40.21},12.62594]
["Composição Auxiliar",84651,"SINAPI","PINTURA COM TINTA IMPERMEAVEL MINERAL EM PO, DUAS DEMAOS","PINT - PINTURAS",null,"m²",0.314,{"$f":"IF(C212=\"SINAPI\", IF( IF(A212=\"Insumo\", VLOOKUP(B212,'SINAPI INSUMOS'!B:F,5,0), VLOOKUP(B212,'SINAPI COMP'!B:F,4,0))=0,VLOOKUP(B212,'OUTRAS BASES'!C:D,2,0),IF(A212=\"Insumo\", VLOOKUP(B212,'SINAPI INSUMOS'!B:F,5,0),VLOOKUP(B212,'SINAPI COMP'!B:F,4,0))), VLOOKUP(B212,'OUTRAS BASES'!C:D,2,0))","v":14.843999999999999},4.661016]
["Insumo",765,"SINAPI","BUCHA DE REDUCAO DE FERRO GALVANIZADO, COM ROSCA BSP, DE 1\" X 3/4\"","Material",null,"UN",2,{"$f":"IF(C213=\"SINAPI\", IF( IF(A213=\"Insumo\", VLOOKUP(B213,'SINAPI INSUMOS'!B:F,5,0), VLOOKUP(B213,'SINAPI COMP'!B:F,4,0))=0,VLOOKUP(B213,'OUTRAS BASES'!C:D,2,0),IF(A213=\"Insumo\", VLOOKUP(B213,'SINAPI INSUMOS'!B:F,5,0),VLOOKUP(B213,'SINAPI COMP'!B:F,4,0))), VLOOKUP(B213,'OUTRAS BASES'!C:D,2,0))","v":10.43},20.86]
["Insumo",9887,"SINAPI","UNIAO DE FERRO GALVANIZADO, COM ROSCA BSP, COM ASSENTO PLANO, DE 2\"","Material",null,"UN",2,{"$f":"IF(C214=\"SINAPI\", IF( IF(A214=\"Insumo\", VLOOKUP(B214,'SINAPI INSUMOS'!B:F,5,0), VLOOKUP(B214,'SINAPI COMP'!B:F,4,0))=0,VLOOKUP(B214,'OUTRAS BASES'!C:D,2,0),IF(A214=\"Insumo\", VLOOKUP(B214,'SINAPI INSUMOS'!B:F,5,0),VLOOKUP(B214,'SINAPI COMP'!B:F,4,0))), VLOOKUP(B214,'OUTRAS BASES'!C:D,2,0))","v":106.17},212.34]
["Insumo",21013,"SINAPI","TUBO ACO GALVANIZADO COM COSTURA, CLASSE LEVE, DN 50 MM ( 2\"),  E = 3,00 MM,  *4,40* KG/M (NBR 5580)","Material",null,"M",1.8,{"$f":"IF(C215=\"SINAPI\", IF( IF(A215=\"Insumo\", VLOOKUP(B215,'SINAPI INSUMOS'!B:F,5,0), VLOOKUP(B215,'SINAPI COMP'!B:F,4,0))=0,VLOOKUP(B215,'OUTRAS BASES'!C:D,2,0),IF(A215=\"Insumo\", VLOOKUP(B215,'SINAPI INSUMOS'!B:F,5,0),VLOOKUP(B215,'SINAPI COMP'!B:F,4,0))), VLOOKUP(B215,'OUTRAS BASES'!C:D,2,0))","v":67.19},120.94199999999999]
["Insumo",6298,"SINAPI","TE DE FERRO GALVANIZADO, DE 2\"","Material",null,"UN",1,{"$f":"IF(C216=\"SINAPI\", IF( IF(A216=\"Insumo\", VLOOKUP(B216,'SINAPI INSUMOS'!B:F,5,0), VLOOKUP(B216,'SINAPI COMP'!B:F,4,0))=0,VLOOKUP(B216,'OUTRAS BASES'!C:D,2,0),IF(A216=\"Insumo\", VLOOKUP(B216,'SINAPI INSUMOS'!B:F,5,0),VLOOKUP(B216,'SINAPI COMP'!B:F,4,0))), VLOOKUP(B216,'OUTRAS BASES'!C:D,2,0))","v":69.150000000000006},69.150000000000006]
["Insumo",3471,"SINAPI","COTOVELO 90 GRAUS DE FERRO GALVANIZADO, COM ROSCA BSP, DE 2\"","Material",null,"UN",1,{"$f":"IF(C217=\"SINAPI\", IF( IF(A217=\"Insumo\", VLOOKUP(B217,'SINAPI INSUMOS'!B:F,5,0), VLOOKUP(B217,'SINAPI COMP'!B:F,4,0))=0,VLOOKUP(B217,'OUTRAS BASES'!C:D,2,0),IF(A217=\"Insumo\", VLOOKUP(B217,'SINAPI INSUMOS'!B:F,5,0),VLOOKUP(B217,'SINAPI COMP'!B:F,4,0))), VLOOKUP(B217,'OUTRAS BASES'!C:D,2,0))","v":52.01},52.01]
["Insumo",113,"SINAPI","ADAPTADOR PVC SOLDAVEL CURTO COM BOLSA E ROSCA, 60 MM X 2\", PARA AGUA FRIA","Material",null,"UN",1,{"$f":"IF(C218=\"SINAPI\", IF( IF(A218=\"Insumo\", VLOOKUP(B218,'SINAPI INSUMOS'!B:F,5,0), VLOOKUP(B218,'SINAPI COMP'!B:F,4,0))=0,VLOOKUP(B218,'OUTRAS BASES'!C:D,2,0),IF(A218=\"Insumo\", VLOOKUP(B218,'SINAPI INSUMOS'!B:F,5,0),VLOOKUP(B218,'SINAPI COMP'!B:F,4,0))), VLOOKUP(B218,'OUTRAS BASES'!C:D,2,0))","v":12.45},12.45]
["Insumo",818,"SINAPI","BUCHA DE REDUCAO DE PVC, SOLDAVEL, CURTA, COM 60 X 50 MM, PARA AGUA FRIA PREDIAL","Material",null,"UN",1,{"$f":"IF(C219=\"SINAPI\", IF( IF(A219=\"Insumo\", VLOOKUP(B219,'SINAPI INSUMOS'!B:F,5,0), VLOOKUP(B219,'SINAPI COMP'!B:F,4,0))=0,VLOOKUP(B219,'OUTRAS BASES'!C:D,2,0),IF(A219=\"Insumo\", VLOOKUP(B219,'SINAPI INSUMOS'!B:F,5,0),VLOOKUP(B219,'SINAPI COMP'!B:F,4,0))), VLOOKUP(B219,'OUTRAS BASES'!C:D,2,0))","v":7.6},7.6]
["Insumo",7604,"SINAPI","TORNEIRA METALICA CROMADA PARA TANQUE / JARDIM, SEM BICO , CANO LONGO, DE PAREDE, PADRAO POPULAR / USO GERAL, 1/2 \" OU 3/4 \" (REF 1126)","Material",null,"UN",2,{"$f":"IF(C220=\"SINAPI\", IF( IF(A220=\"Insumo\", VLOOKUP(B220,'SINAPI INSUMOS'!B:F,5,0), VLOOKUP(B220,'SINAPI COMP'!B:F,4,0))=0,VLOOKUP(B220,'OUTRAS BASES'!C:D,2,0),IF(A220=\"Insumo\", VLOOKUP(B220,'SINAPI INSUMOS'!B:F,5,0),VLOOKUP(B220,'SINAPI COMP'!B:F,4,0))), VLOOKUP(B220,'OUTRAS BASES'!C:D,2,0))","v":52.86},105.72]
["Insumo",119,"SINAPI","ADESIVO PLASTICO PARA PVC, BISNAGA COM 75 GR","Material",null,"UN",1,{"$f":"IF(C221=\"SINAPI\", IF( IF(A221=\"Insumo\", VLOOKUP(B221,'SINAPI INSUMOS'!B:F,5,0), VLOOKUP(B221,'SINAPI COMP'!B:F,4,0))=0,VLOOKUP(B221,'OUTRAS BASES'!C:D,2,0),IF(A221=\"Insumo\", VLOOKUP(B221,'SINAPI INSUMOS'!B:F,5,0),VLOOKUP(B221,'SINAPI COMP'!B:F,4,0))), VLOOKUP(B221,'OUTRAS BASES'!C:D,2,0))","v":8.9499999999999993},8.9499999999999993]
["Insumo",3146,"SINAPI","FITA VEDA ROSCA EM ROLOS DE 18 MM X 10 M (L X C)","Material",null,"UN",1,{"$f":"IF(C222=\"SINAPI\", IF( IF(A222=\"Insumo\", VLOOKUP(B222,'SINAPI INSUMOS'!B:F,5,0), VLOOKUP(B222,'SINAPI COMP'!B:F,4,0))=0,VLOOKUP(B222,'OUTRAS BASES'!C:D,2,0),IF(A222=\"Insumo\", VLOOKUP(B222,'SINAPI INSUMOS'!B:F,5,0),VLOOKUP(B222,'SINAPI COMP'!B:F,4,0))), VLOOKUP(B222,'OUTRAS BASES'!C:D,2,0))","v":3.05},3.05]
["Insumo",771,"SINAPI","BUCHA DE REDUCAO DE FERRO GALVANIZADO, COM ROSCA BSP, DE 2\" X 1\"","Material",null,"UN",2,{"$f":"IF(C223=\"SINAPI\", IF( IF(A223=\"Insumo\", VLOOKUP(B223,'SINAPI INSUMOS'!B:F,5,0), VLOOKUP(B223,'SINAPI COMP'!B:F,4,0))=0,VLOOKUP(B223,'OUTRAS BASES'!C:D,2,0),IF(A223=\"Insumo\", VLOOKUP(B223,'SINAPI INSUMOS'!B:F,5,0),VLOOKUP(B223,'SINAPI COMP'!B:F,4,0))), VLOOKUP(B223,'OUTRAS BASES'!C:D,2,0))","v":28.96},57.92]
[]
[]
[]
[]
[" 8 ",null,null,"CAVALETE"]
[" 8.1 ","Código","Banco","Descrição","Tipo",null,"Und","Quant.","Valor Unit","Total"]
["Composição","COMPOSIÇÃO - 15","Próprio","Fornecimento de conexões e Instalação do Cavalete com hidrômetro e clorador de pastilhas","INHI - INSTALAÇÕES HIDROS SANITÁRIAS",null,"un",1,{"$f":"SUM(J231:J248)","v":2309.58},{"$f":"I230*H230","v":2309.58}]
["Composição Auxiliar",88248,"SINAPI","AUXILIAR DE ENCANADOR OU BOMBEIRO HIDRÁULICO COM ENCARGOS COMPLEMENTARES","Livro SINAPI: Cálculos e Parâmetros",null,"H",3,{"$f":"IF(C231=\"SINAPI\", IF( IF(A231=\"Insumo\", VLOOKUP(B231,'SINAPI INSUMOS'!B:F,5,0), VLOOKUP(B231,'SINAPI COMP'!B:F,4,0))=0,VLOOKUP(B231,'OUTRAS BASES'!C:D,2,0),IF(A231=\"Insumo\", VLOOKUP(B231,'SINAPI INSUMOS'!B:F,5,0),VLOOKUP(B231,'SINAPI COMP'!B:F,4,0))), VLOOKUP(B231,'OUTRAS BASES'!C:D,2,0))","v":22.16},66.48]
["Insumo","9860/SINAPI","ORSE","TUBO PVC, ROSCAVEL, 2\", PARA AGUA FRIA PREDIAL","Tubos e Conexões de PVC Rígido Roscável ",null,"m",1.5,{"$f":"IF(C232=\"SINAPI\", IF( IF(A232=\"Insumo\", VLOOKUP(B232,'SINAPI INSUMOS'!B:F,5,0), VLOOKUP(B232,'SINAPI COMP'!B:F,4,0))=0,VLOOKUP(B232,'OUTRAS BASES'!C:D,2,0),IF(A232=\"Insumo\", VLOOKUP(B232,'SINAPI INSUMOS'!B:F,5,0),VLOOKUP(B232,'SINAPI COMP'!B:F,4,0))), VLOOKUP(B232,'OUTRAS BASES'!C:D,2,0))","v":42.22},63.33]
["Insumo",11831,"SINAPI","TORNEIRA PLASTICA PARA TANQUE 1/2 \" OU 3/4 \" COM BICO PARA MANGUEIRA","Material",null,"UN",1,{"$f":"IF(C233=\"SINAPI\", IF( IF(A233=\"Insumo\", VLOOKUP(B233,'SINAPI INSUMOS'!B:F,5,0), VLOOKUP(B233,'SINAPI COMP'!B:F,4,0))=0,VLOOKUP(B233,'OUTRAS BASES'!C:D,2,0),IF(A233=\"Insumo\", VLOOKUP(B233,'SINAPI INSUMOS'!B:F,5,0),VLOOKUP(B233,'SINAPI COMP'!B:F,4,0))), VLOOKUP(B233,'OUTRAS BASES'!C:D,2,0))","v":15.3},15.3]
["Insumo",9569,"ORSE","Adaptador pvc BSxRM d= 35mm x 1 1/2\", linha Irriga-LF, Tigre ou similar un","Material",null,"un",1,{"$f":"IF(C234=\"SINAPI\", IF( IF(A234=\"Insumo\", VLOOKUP(B234,'SINAPI INSUMOS'!B:F,5,0), VLOOKUP(B234,'SINAPI COMP'!B:F,4,0))=0,VLOOKUP(B234,'OUTRAS BASES'!C:D,2,0),IF(A234=\"Insumo\", VLOOKUP(B234,'SINAPI INSUMOS'!B:F,5,0),VLOOKUP(B234,'SINAPI COMP'!B:F,4,0))), VLOOKUP(B234,'OUTRAS BASES'!C:D,2,0))","v":3.04},3.04]
["Insumo",3939,"SINAPI","LUVA DE FERRO GALVANIZADO, COM ROSCA BSP, DE 1 1/2\"","Material",null,"UN",1,{"$f":"IF(C235=\"SINAPI\", IF( IF(A235=\"Insumo\", VLOOKUP(B235,'SINAPI INSUMOS'!B:F,5,0), VLOOKUP(B235,'SINAPI COMP'!B:F,4,0))=0,VLOOKUP(B235,'OUTRAS BASES'!C:D,2,0),IF(A235=\"Insumo\", VLOOKUP(B235,'SINAPI INSUMOS'!B:F,5,0),VLOOKUP(B235,'SINAPI COMP'!B:F,4,0))), VLOOKUP(B235,'OUTRAS BASES'!C:D,2,0))","v":23.91},23.91]
["Insumo",1798,"SINAPI","CURVA 90 GRAUS DE FERRO GALVANIZADO, COM ROSCA BSP MACHO, DE 2\"","Material",null,"UN",1,{"$f":"IF(C236=\"SINAPI\", IF( IF(A236=\"Insumo\", VLOOKUP(B236,'SINAPI INSUMOS'!B:F,5,0), VLOOKUP(B236,'SINAPI COMP'!B:F,4,0))=0,VLOOKUP(B236,'OUTRAS BASES'!C:D,2,0),IF(A236=\"Insumo\", VLOOKUP(B236,'SINAPI INSUMOS'!B:F,5,0),VLOOKUP(B236,'SINAPI COMP'!B:F,4,0))), VLOOKUP(B236,'OUTRAS BASES'!C:D,2,0))","v":133.27000000000001},133.27000000000001]
["Insumo",9887,"SINAPI","UNIAO DE FERRO GALVANIZADO, COM ROSCA BSP, COM ASSENTO PLANO, DE 2\"","Material",null,"UN",1,{"$f":"IF(C237=\"SINAPI\", IF( IF(A237=\"Insumo\", VLOOKUP(B237,'SINAPI INSUMOS'!B:F,5,0), VLOOKUP(B237,'SINAPI COMP'!B:F,4,0))=0,VLOOKUP(B237,'OUTRAS BASES'!C:D,2,0),IF(A237=\"Insumo\", VLOOKUP(B237,'SINAPI INSUMOS'!B:F,5,0),VLOOKUP(B237,'SINAPI COMP'!B:F,4,0))), VLOOKUP(B237,'OUTRAS BASES'!C:D,2,0))","v":106.17},106.17]
["Insumo"," 00004181/SINAPI ","ORSE","Niple de ferro galvanizado, com rosca bsp, de 2\"","Material",null,"un",2,{"$f":"IF(C238=\"SINAPI\", IF( IF(A238=\"Insumo\", VLOOKUP(B238,'SINAPI INSUMOS'!B:F,5,0), VLOOKUP(B238,'SINAPI COMP'!B:F,4,0))=0,VLOOKUP(B238,'OUTRAS BASES'!C:D,2,0),IF(A238=\"Insumo\", VLOOKUP(B238,'SINAPI INSUMOS'!B:F,5,0),VLOOKUP(B238,'SINAPI COMP'!B:F,4,0))), VLOOKUP(B238,'OUTRAS BASES'!C:D,2,0))","v":36.64},73.28]
["Insumo",6028,"SINAPI","REGISTRO GAVETA BRUTO EM LATAO FORJADO, BITOLA 2 \" (REF 1509)","Material",null,"UN",1,{"$f":"IF(C239=\"SINAPI\", IF( IF(A239=\"Insumo\", VLOOKUP(B239,'SINAPI INSUMOS'!B:F,5,0), VLOOKUP(B239,'SINAPI COMP'!B:F,4,0))=0,VLOOKUP(B239,'OUTRAS BASES'!C:D,2,0),IF(A239=\"Insumo\", VLOOKUP(B239,'SINAPI INSUMOS'!B:F,5,0),VLOOKUP(B239,'SINAPI COMP'!B:F,4,0))), VLOOKUP(B239,'OUTRAS BASES'!C:D,2,0))","v":118.62},118.62]
["Insumo",12775,"SINAPI","HIDROMETRO MULTIJATO / MEDIDOR DE AGUA, DN 1\", VAZAO MAXIMA DE 7 M3/H, PARA AGUA POTAVEL FRIA, RELOJOARIA PLANA, CLASSE B, HORIZONTAL (SEM CONEXOES)","Material",null,"UN",1,{"$f":"IF(C240=\"SINAPI\", IF( IF(A240=\"Insumo\", VLOOKUP(B240,'SINAPI INSUMOS'!B:F,5,0), VLOOKUP(B240,'SINAPI COMP'!B:F,4,0))=0,VLOOKUP(B240,'OUTRAS BASES'!C:D,2,0),IF(A240=\"Insumo\", VLOOKUP(B240,'SINAPI INSUMOS'!B:F,5,0),VLOOKUP(B240,'SINAPI COMP'!B:F,4,0))), VLOOKUP(B240,'OUTRAS BASES'!C:D,2,0))","v":420.58},420.58]
["Insumo",771,"SINAPI","BUCHA DE REDUCAO DE FERRO GALVANIZADO, COM ROSCA BSP, DE 2\" X 1\"","Material",null,"UN",2,{"$f":"IF(C241=\"SINAPI\", IF( IF(A241=\"Insumo\", VLOOKUP(B241,'SINAPI INSUMOS'!B:F,5,0), VLOOKUP(B241,'SINAPI COMP'!B:F,4,0))=0,VLOOKUP(B241,'OUTRAS BASES'!C:D,2,0),IF(A241=\"Insumo\", VLOOKUP(B241,'SINAPI INSUMOS'!B:F,5,0),VLOOKUP(B241,'SINAPI COMP'!B:F,4,0))), VLOOKUP(B241,'OUTRAS BASES'!C:D,2,0))","v":28.96},57.92]
["Insumo",6305,"SINAPI","TE DE REDUCAO DE FERRO GALVANIZADO, COM ROSCA BSP, DE 2\" X 1\"","Material",null,"UN",1,{"$f":"IF(C242=\"SINAPI\", IF( IF(A242=\"Insumo\", VLOOKUP(B242,'SINAPI INSUMOS'!B:F,5,0), VLOOKUP(B242,'SINAPI COMP'!B:F,4,0))=0,VLOOKUP(B242,'OUTRAS BASES'!C:D,2,0),IF(A242=\"Insumo\", VLOOKUP(B242,'SINAPI INSUMOS'!B:F,5,0),VLOOKUP(B242,'SINAPI COMP'!B:F,4,0))), VLOOKUP(B242,'OUTRAS BASES'!C:D,2,0))","v":411.16},411.16]
["Insumo",764,"SINAPI","BUCHA DE REDUCAO DE FERRO GALVANIZADO, COM ROSCA BSP, DE 1\" X 1/2\"\t","Material",null,"UN",1,{"$f":"IF(C243=\"SINAPI\", IF( IF(A243=\"Insumo\", VLOOKUP(B243,'SINAPI INSUMOS'!B:F,5,0), VLOOKUP(B243,'SINAPI COMP'!B:F,4,0))=0,VLOOKUP(B243,'OUTRAS BASES'!C:D,2,0),IF(A243=\"Insumo\", VLOOKUP(B243,'SINAPI INSUMOS'!B:F,5,0),VLOOKUP(B243,'SINAPI COMP'!B:F,4,0))), VLOOKUP(B243,'OUTRAS BASES'!C:D,2,0))","v":109.89},109.89]
["Insumo",5128,"ORSE","Tampa de poço galvanizada em 6\"","Material",null,"UN",1,{"$f":"IF(C244=\"SINAPI\", IF( IF(A244=\"Insumo\", VLOOKUP(B244,'SINAPI INSUMOS'!B:F,5,0), VLOOKUP(B244,'SINAPI COMP'!B:F,4,0))=0,VLOOKUP(B244,'OUTRAS BASES'!C:D,2,0),IF(A244=\"Insumo\", VLOOKUP(B244,'SINAPI INSUMOS'!B:F,5,0),VLOOKUP(B244,'SINAPI COMP'!B:F,4,0))), VLOOKUP(B244,'OUTRAS BASES'!C:D,2,0))","v":107.28},107.28]
["Insumo",1160,"ORSE","Joelho 45° ferro galvanizado d=2\"","Material",null,"UN",2,{"$f":"IF(C245=\"SINAPI\", IF( IF(A245=\"Insumo\", VLOOKUP(B245,'SINAPI INSUMOS'!B:F,5,0), VLOOKUP(B245,'SINAPI COMP'!B:F,4,0))=0,VLOOKUP(B245,'OUTRAS BASES'!C:D,2,0),IF(A245=\"Insumo\", VLOOKUP(B245,'SINAPI INSUMOS'!B:F,5,0),VLOOKUP(B245,'SINAPI COMP'!B:F,4,0))), VLOOKUP(B245,'OUTRAS BASES'!C:D,2,0))","v":54.39},108.78]
["Insumo",53688,"SBC","VALVULA DE RETENCAO HORIZONTAL EM LATAO, ROSCA BSP 2\"\t","Material",null,"UN",1,{"$f":"IF(C246=\"SINAPI\", IF( IF(A246=\"Insumo\", VLOOKUP(B246,'SINAPI INSUMOS'!B:F,5,0), VLOOKUP(B246,'SINAPI COMP'!B:F,4,0))=0,VLOOKUP(B246,'OUTRAS BASES'!C:D,2,0),IF(A246=\"Insumo\", VLOOKUP(B246,'SINAPI INSUMOS'!B:F,5,0),VLOOKUP(B246,'SINAPI COMP'!B:F,4,0))), VLOOKUP(B246,'OUTRAS BASES'!C:D,2,0))","v":192.66},192.66]
["Insumo",4194,"SINAPI","NIPLE DE REDUCAO DE FERRO GALVANIZADO, COM ROSCA BSP, DE 2\" X 1 1/2\"","Material",null,"UN",1,{"$f":"IF(C247=\"SINAPI\", IF( IF(A247=\"Insumo\", VLOOKUP(B247,'SINAPI INSUMOS'!B:F,5,0), VLOOKUP(B247,'SINAPI COMP'!B:F,4,0))=0,VLOOKUP(B247,'OUTRAS BASES'!C:D,2,0),IF(A247=\"Insumo\", VLOOKUP(B247,'SINAPI INSUMOS'!B:F,5,0),VLOOKUP(B247,'SINAPI COMP'!B:F,4,0))), VLOOKUP(B247,'OUTRAS BASES'!C:D,2,0))","v":46.94},46.94]
["Insumo",12464,"ORSE","Clorador dosador de cloro de pastilhas automático","Material",null,"un",1,{"$f":"IF(C248=\"SINAPI\", IF( IF(A248=\"Insumo\", VLOOKUP(B248,'SINAPI INSUMOS'!B:F,5,0), VLOOKUP(B248,'SINAPI COMP'!B:F,4,0))=0,VLOOKUP(B248,'OUTRAS BASES'!C:D,2,0),IF(A248=\"Insumo\", VLOOKUP(B248,'SINAPI INSUMOS'!B:F,5,0),VLOOKUP(B248,'SINAPI COMP'!B:F,4,0))), VLOOKUP(B248,'OUTRAS BASES'!C:D,2,0))","v":250.97},250.97]
[]
[]
[]
[]
[" 9 ",null,null,"INSTALAÇÕES HIDRÁULICAS POÇO E ADUTORA"]
[" 9.1 ","Código","Banco","Descrição","Tipo",null,"Und","Quant.","Valor Unit","Total"]
["Composição","COMPOSIÇÃO - 16","Próprio","Instalação da rede adutora poço-reservatório-bebedouro em PN80 e DN50MM","SEDI - SERVIÇOS DIVERSOS",null,"m",1,{"$f":"SUM(J256:J258)","v":6.4500000000000011},{"$f":"I255*H255","v":6.4500000000000011}]
["Composição Auxiliar",88316,"SINAPI","SERVENTE COM ENCARGOS COMPLEMENTARES","Livro SINAPI: Cálculos e Parâmetros",null,"H",0.05,{"$f":"IF(C256=\"SINAPI\", IF( IF(A256=\"Insumo\", VLOOKUP(B256,'SINAPI INSUMOS'!B:F,5,0), VLOOKUP(B256,'SINAPI COMP'!B:F,4,0))=0,VLOOKUP(B256,'OUTRAS BASES'!C:D,2,0),IF(A256=\"Insumo\", VLOOKUP(B256,'SINAPI INSUMOS'!B:F,5,0),VLOOKUP(B256,'SINAPI COMP'!B:F,4,0))), VLOOKUP(B256,'OUTRAS BASES'!C:D,2,0))","v":22.42},1.1210000000000002]
["Composição Auxiliar",93358,"SINAPI","ESCAVAÇÃO MANUAL DE VALA COM PROFUNDIDADE MENOR OU IGUAL A 1,30 M. AF_02/2021","Escavação de Valas",null,"m³",0.05,{"$f":"IF(C257=\"SINAPI\", IF( IF(A257=\"Insumo\", VLOOKUP(B257,'SINAPI INSUMOS'!B:F,5,0), VLOOKUP(B257,'SINAPI COMP'!B:F,4,0))=0,VLOOKUP(B257,'OUTRAS BASES'!C:D,2,0),IF(A257=\"Insumo\", VLOOKUP(B257,'SINAPI INSUMOS'!B:F,5,0),VLOOKUP(B257,'SINAPI COMP'!B:F,4,0))), VLOOKUP(B257,'OUTRAS BASES'!C:D,2,0))","v":88.68},4.4340000000000002]
["Insumo",119,"SINAPI","ADESIVO PLASTICO PARA PVC, BISNAGA COM 75 GR","Material",null,"UN",0.1,{"$f":"IF(C258=\"SINAPI\", IF( IF(A258=\"Insumo\", VLOOKUP(B258,'SINAPI INSUMOS'!B:F,5,0), VLOOKUP(B258,'SINAPI COMP'!B:F,4,0))=0,VLOOKUP(B258,'OUTRAS BASES'!C:D,2,0),IF(A258=\"Insumo\", VLOOKUP(B258,'SINAPI INSUMOS'!B:F,5,0),VLOOKUP(B258,'SINAPI COMP'!B:F,4,0))), VLOOKUP(B258,'OUTRAS BASES'!C:D,2,0))","v":8.9499999999999993},0.89500000000000002]
[]
[" 9.2 ","Código","Banco","Descrição","Tipo",null,"Und","Quant.","Valor Unit","Total"]
["Insumo",9875,"SINAPI","TUBO PVC, SOLDAVEL, DE 50 MM, AGUA FRIA (NBR-5648)","MATERIAL",null,"un",1,{"$f":"IF(C261=\"SINAPI\", IF( IF(A261=\"Insumo\", VLOOKUP(B261,'SINAPI INSUMOS'!B:F,5,0), VLOOKUP(B261,'SINAPI COMP'!B:F,4,0))=0,VLOOKUP(B261,'OUTRAS BASES'!C:D,2,0),IF(A261=\"Insumo\", VLOOKUP(B261,'SINAPI INSUMOS'!B:F,5,0),VLOOKUP(B261,'SINAPI COMP'!B:F,4,0))), VLOOKUP(B261,'OUTRAS BASES'!C:D,2,0))","v":17.21},{"$f":"I261*H261","v":17.21}]
[]
[]
[]
[]
[" 9.3","Código","Banco","Descrição","Tipo",null,"Und","Quant.","Valor Unit","Total"]
["Composição","COMPOSIÇÃO - 17","Próprio","Montagem hidráulica do equipamento de bombeamento","INHI - INSTALAÇÕES HIDROS SANITÁRIAS",null,"un",1,{"$f":"SUM(J268:J269)","v":160.74},{"$f":"I267*H267","v":160.74}]
["Composição Auxiliar",88267,"SINAPI","ENCANADOR OU BOMBEIRO HIDRÁULICO COM ENCARGOS COMPLEMENTARES","Livro SINAPI: Cálculos e Parâmetros",null,"H",3,{"$f":"IF(C268=\"SINAPI\", IF( IF(A268=\"Insumo\", VLOOKUP(B268,'SINAPI INSUMOS'!B:F,5,0), VLOOKUP(B268,'SINAPI COMP'!B:F,4,0))=0,VLOOKUP(B268,'OUTRAS BASES'!C:D,2,0),IF(A268=\"Insumo\", VLOOKUP(B268,'SINAPI INSUMOS'!B:F,5,0),VLOOKUP(B268,'SINAPI COMP'!B:F,4,0))), VLOOKUP(B268,'OUTRAS BASES'!C:D,2,0))","v":31.42},94.26]
["Composição Auxiliar",88248,"SINAPI","AUXILIAR DE ENCANADOR OU BOMBEIRO HIDRÁULICO COM ENCARGOS COMPLEMENTARES","Livro SINAPI: Cálculos e Parâmetros",null,"H",3,{"$f":"IF(C269=\"SINAPI\", IF( IF(A269=\"Insumo\", VLOOKUP(B269,'SINAPI INSUMOS'!B:F,5,0), VLOOKUP(B269,'SINAPI COMP'!B:F,4,0))=0,VLOOKUP(B269,'OUTRAS BASES'!C:D,2,0),IF(A269=\"Insumo\", VLOOKUP(B269,'SINAPI INSUMOS'!B:F,5,0),VLOOKUP(B269,'SINAPI COMP'!B:F,4,0))), VLOOKUP(B269,'OUTRAS BASES'!C:D,2,0))","v":22.16},66.48]
[]
[]
[]
[]
[" 9.4","Código","Banco","Descrição","Tipo",null,"Und","Quant.","Valor Unit","Total"]
["Insumo",38200,"SINAPI","CORDA DE POLIAMIDA 12 MM TIPO BOMBEIRO, PARA TRABALHO EM ALTURA","Material",null,"100M",1,{"$f":"IF(C275=\"SINAPI\", IF( IF(A275=\"Insumo\", VLOOKUP(B275,'SINAPI INSUMOS'!B:F,5,0), VLOOKUP(B275,'SINAPI COMP'!B:F,4,0))=0,VLOOKUP(B275,'OUTRAS BASES'!C:D,2,0),IF(A275=\"Insumo\", VLOOKUP(B275,'SINAPI INSUMOS'!B:F,5,0),VLOOKUP(B275,'SINAPI COMP'!B:F,4,0))), VLOOKUP(B275,'OUTRAS BASES'!C:D,2,0))","v":348.48},{"$f":"I275*H275","v":348.48}]
[]
[]
[]
[]
[" 9.5","Código","Banco","Descrição","Tipo",null,"Und","Quant.","Valor Unit","Total"]
["Insumo",9860,"SINAPI","TUBO PVC, ROSCAVEL,  2\", PARA AGUA FRIA PREDIAL","Material",null,"M",1,{"$f":"IF(C281=\"SINAPI\", IF( IF(A281=\"Insumo\", VLOOKUP(B281,'SINAPI INSUMOS'!B:F,5,0), VLOOKUP(B281,'SINAPI COMP'!B:F,4,0))=0,VLOOKUP(B281,'OUTRAS BASES'!C:D,2,0),IF(A281=\"Insumo\", VLOOKUP(B281,'SINAPI INSUMOS'!B:F,5,0),VLOOKUP(B281,'SINAPI COMP'!B:F,4,0))), VLOOKUP(B281,'OUTRAS BASES'!C:D,2,0))","v":49.99},{"$f":"I281*H281","v":49.99}]
[]
[]
[]
[]
[" 9.6","Código","Banco","Descrição","Tipo",null,"Und","Quant.","Valor Unit","Total"]
["Insumo",3912,"SINAPI","LUVA DE FERRO GALVANIZADO, COM ROSCA BSP, DE 2\"","Material",null,"UN",1,{"$f":"IF(C287=\"SINAPI\", IF( IF(A287=\"Insumo\", VLOOKUP(B287,'SINAPI INSUMOS'!B:F,5,0), VLOOKUP(B287,'SINAPI COMP'!B:F,4,0))=0,VLOOKUP(B287,'OUTRAS BASES'!C:D,2,0),IF(A287=\"Insumo\", VLOOKUP(B287,'SINAPI INSUMOS'!B:F,5,0),VLOOKUP(B287,'SINAPI COMP'!B:F,4,0))), VLOOKUP(B287,'OUTRAS BASES'!C:D,2,0))","v":36.61},{"$f":"I287*H287","v":36.61}]
[]
[]
[]
[]
[" 9.7","Código","Banco","Descrição","Tipo",null,"Und","Quant.","Valor Unit","Total"]
["Insumo",5128,"ORSE","Tampa de poço galvanizada em 6\" un","Serviços",null,"un",1,{"$f":"IF(C293=\"SINAPI\", IF( IF(A293=\"Insumo\", VLOOKUP(B293,'SINAPI INSUMOS'!B:F,5,0), VLOOKUP(B293,'SINAPI COMP'!B:F,4,0))=0,VLOOKUP(B293,'OUTRAS BASES'!C:D,2,0),IF(A293=\"Insumo\", VLOOKUP(B293,'SINAPI INSUMOS'!B:F,5,0),VLOOKUP(B293,'SINAPI COMP'!B:F,4,0))), VLOOKUP(B293,'OUTRAS BASES'!C:D,2,0))","v":107.28},{"$f":"I293*H293","v":107.28}]
[]
[]
[]
[]
[10,null,null,"ESTRUTURA DE FIXAÇÃO PARA MÓDULOS FOTOVOLTÁICOS"]
["10.1","Código","Banco","Descrição","Tipo",null,"Und","Quant.","Valor Unit","Total"]
["Composição","COMPOSIÇÃO - 18","Próprio","Serviço de fixação de estruturas para os módulos fotovoltaicos e suportes de concreto, incluso materiais.","SEDI - SERVIÇOS DIVERSOS",null,"m²",1,{"$f":"SUM(J301:J303)","v":101.629992},{"$f":"I300*H300","v":101.629992}]
["Composição Auxiliar",94975,"SINAPI","CONCRETO FCK = 15MPA, TRAÇO 1:3,4:3,5 (EM MASSA SECA DE CIMENTO/ AREIA MÉDIA/ BRITA 1) - PREPARO MANUAL. AF_05/2021","Produção de Concreto",null,"m³",0.09,{"$f":"IF(C301=\"SINAPI\", IF( IF(A301=\"Insumo\", VLOOKUP(B301,'SINAPI INSUMOS'!B:F,5,0), VLOOKUP(B301,'SINAPI COMP'!B:F,4,0))=0,VLOOKUP(B301,'OUTRAS BASES'!C:D,2,0),IF(A301=\"Insumo\", VLOOKUP(B301,'SINAPI INSUMOS'!B:F,5,0),VLOOKUP(B301,'SINAPI COMP'!B:F,4,0))), VLOOKUP(B301,'OUTRAS BASES'!C:D,2,0))","v":534.97},48.147300000000001]
["Composição Auxiliar",96522,"SINAPI","ESCAVAÇÃO MANUAL PARA BLOCO DE COROAMENTO OU SAPATA (SEM ESCAVAÇÃO PARA COLOCAÇÃO DE FÔRMAS). AF_01/2024","Fundações Rasas (Blocos, Sapatas, Vigas Baldrame)",null,"m³",6.1999999999999998E-3,{"$f":"IF(C302=\"SINAPI\", IF( IF(A302=\"Insumo\", VLOOKUP(B302,'SINAPI INSUMOS'!B:F,5,0), VLOOKUP(B302,'SINAPI COMP'!B:F,4,0))=0,VLOOKUP(B302,'OUTRAS BASES'!C:D,2,0),IF(A302=\"Insumo\", VLOOKUP(B302,'SINAPI INSUMOS'!B:F,5,0),VLOOKUP(B302,'SINAPI COMP'!B:F,4,0))), VLOOKUP(B302,'OUTRAS BASES'!C:D,2,0))","v":153.66},0.95269199999999998]
["Insumo",4183,"SBC","ESTRUTURA METALICA EM TESOURAS OU TRELICAS, VÃO LIVRE DE 12M, FORNECIMENTO E MONTAGEM ","Material",null,"m²",1,{"$f":"IF(C303=\"SINAPI\", IF( IF(A303=\"Insumo\", VLOOKUP(B303,'SINAPI INSUMOS'!B:F,5,0), VLOOKUP(B303,'SINAPI COMP'!B:F,4,0))=0,VLOOKUP(B303,'OUTRAS BASES'!C:D,2,0),IF(A303=\"Insumo\", VLOOKUP(B303,'SINAPI INSUMOS'!B:F,5,0),VLOOKUP(B303,'SINAPI COMP'!B:F,4,0))), VLOOKUP(B303,'OUTRAS BASES'!C:D,2,0))","v":52.53},52.53]
[]
[]
[]
[]
[11,null,null,"INSTALAÇÕES ELÉTRICAS"]
["11.1","Código","Banco","Descrição","Tipo",null,"Und","Quant.","Valor Unit","Total"]
["Composição","COMPOSIÇÃO - 19","Próprio","Montagem e instalação elétrica do kit de bombeamento e sistema fotovoltaico inclusive sistema de aterramento.","INEL - INSTALAÇÃO ELÉTRICA/ELETRIFICAÇÃO E ILUMINAÇÃO EXTERNA",null,"un",1,{"$f":"SUM(J311:J321)","v":983.31100000000004},{"$f":"I310*H310","v":983.31100000000004}]
["Composição Auxiliar",88247,"SINAPI","AUXILIAR DE ELETRICISTA COM ENCARGOS COMPLEMENTARES","Livro SINAPI: Cálculos e Parâmetros",null,"H",8,{"$f":"IF(C311=\"SINAPI\", IF( IF(A311=\"Insumo\", VLOOKUP(B311,'SINAPI INSUMOS'!B:F,5,0), VLOOKUP(B311,'SINAPI COMP'!B:F,4,0))=0,VLOOKUP(B311,'OUTRAS BASES'!C:D,2,0),IF(A311=\"Insumo\", VLOOKUP(B311,'SINAPI INSUMOS'!B:F,5,0),VLOOKUP(B311,'SINAPI COMP'!B:F,4,0))), VLOOKUP(B311,'OUTRAS BASES'!C:D,2,0))","v":23.13},185.04]
["Insumo",20111,"SINAPI","FITA ISOLANTE ADESIVA ANTICHAMA, USO ATE 750 V, EM ROLO DE 19 MM X 20 M","Material",null,"UN",1,{"$f":"IF(C312=\"SINAPI\", IF( IF(A312=\"Insumo\", VLOOKUP(B312,'SINAPI INSUMOS'!B:F,5,0), VLOOKUP(B312,'SINAPI COMP'!B:F,4,0))=0,VLOOKUP(B312,'OUTRAS BASES'!C:D,2,0),IF(A312=\"Insumo\", VLOOKUP(B312,'SINAPI INSUMOS'!B:F,5,0),VLOOKUP(B312,'SINAPI COMP'!B:F,4,0))), VLOOKUP(B312,'OUTRAS BASES'!C:D,2,0))","v":9.01},9.01]
["Insumo",2674,"SINAPI","FORNECIMENTO DE  ELETRODUTO DE PVC RIGIDO ROSCAVEL DE 3/4 \", SEM LUVA","Material",null,"M",15,{"$f":"IF(C313=\"SINAPI\", IF( IF(A313=\"Insumo\", VLOOKUP(B313,'SINAPI INSUMOS'!B:F,5,0), VLOOKUP(B313,'SINAPI COMP'!B:F,4,0))=0,VLOOKUP(B313,'OUTRAS BASES'!C:D,2,0),IF(A313=\"Insumo\", VLOOKUP(B313,'SINAPI INSUMOS'!B:F,5,0),VLOOKUP(B313,'SINAPI COMP'!B:F,4,0))), VLOOKUP(B313,'OUTRAS BASES'!C:D,2,0))","v":3.62},54.300000000000004]
["Insumo",12034,"SINAPI","FORNECIMENTO DE  CURVA 180 GRAUS, DE PVC RIGIDO ROSCAVEL, DE 3/4\", PARA ELETRODUTO","Material",null,"UN",1,{"$f":"IF(C314=\"SINAPI\", IF( IF(A314=\"Insumo\", VLOOKUP(B314,'SINAPI INSUMOS'!B:F,5,0), VLOOKUP(B314,'SINAPI COMP'!B:F,4,0))=0,VLOOKUP(B314,'OUTRAS BASES'!C:D,2,0),IF(A314=\"Insumo\", VLOOKUP(B314,'SINAPI INSUMOS'!B:F,5,0),VLOOKUP(B314,'SINAPI COMP'!B:F,4,0))), VLOOKUP(B314,'OUTRAS BASES'!C:D,2,0))","v":2.99},2.99]
["Insumo",39272,"SINAPI","FORNECIMENTO DE  CURVA 90 GRAUS, CURTA, DE PVC RIGIDO ROSCAVEL, DE 3/4\", PARA ELETRODUTO","Material",null,"UN",2,{"$f":"IF(C315=\"SINAPI\", IF( IF(A315=\"Insumo\", VLOOKUP(B315,'SINAPI INSUMOS'!B:F,5,0), VLOOKUP(B315,'SINAPI COMP'!B:F,4,0))=0,VLOOKUP(B315,'OUTRAS BASES'!C:D,2,0),IF(A315=\"Insumo\", VLOOKUP(B315,'SINAPI INSUMOS'!B:F,5,0),VLOOKUP(B315,'SINAPI COMP'!B:F,4,0))), VLOOKUP(B315,'OUTRAS BASES'!C:D,2,0))","v":1.63},3.26]
["Insumo",3379,"SINAPI","HASTE DE ATERRAMENTO EM ACO COM 3,00 M DE COMPRIMENTO E DN = 5/8\", REVESTIDA COM BAIXA CAMADA DE COBRE, SEM CONECTOR","Material",null,"UN",0.66,{"$f":"IF(C316=\"SINAPI\", IF( IF(A316=\"Insumo\", VLOOKUP(B316,'SINAPI INSUMOS'!B:F,5,0), VLOOKUP(B316,'SINAPI COMP'!B:F,4,0))=0,VLOOKUP(B316,'OUTRAS BASES'!C:D,2,0),IF(A316=\"Insumo\", VLOOKUP(B316,'SINAPI INSUMOS'!B:F,5,0),VLOOKUP(B316,'SINAPI COMP'!B:F,4,0))), VLOOKUP(B316,'OUTRAS BASES'!C:D,2,0))","v":59.85},39.501000000000005]
["Insumo",1891,"SINAPI","FORNECIMENTO DE  LUVA EM PVC RIGIDO ROSCAVEL, DE 3/4\", PARA ELETRODUTO","Material",null,"UN",9,{"$f":"IF(C317=\"SINAPI\", IF( IF(A317=\"Insumo\", VLOOKUP(B317,'SINAPI INSUMOS'!B:F,5,0), VLOOKUP(B317,'SINAPI COMP'!B:F,4,0))=0,VLOOKUP(B317,'OUTRAS BASES'!C:D,2,0),IF(A317=\"Insumo\", VLOOKUP(B317,'SINAPI INSUMOS'!B:F,5,0),VLOOKUP(B317,'SINAPI COMP'!B:F,4,0))), VLOOKUP(B317,'OUTRAS BASES'!C:D,2,0))","v":0.75},6.75]
["Insumo",425,"SINAPI","GRAMPO METALICO TIPO OLHAL PARA HASTE DE ATERRAMENTO DE 5/8'', CONDUTOR DE *10* A 50 MM2","Material",null,"UN",2,{"$f":"IF(C318=\"SINAPI\", IF( IF(A318=\"Insumo\", VLOOKUP(B318,'SINAPI INSUMOS'!B:F,5,0), VLOOKUP(B318,'SINAPI COMP'!B:F,4,0))=0,VLOOKUP(B318,'OUTRAS BASES'!C:D,2,0),IF(A318=\"Insumo\", VLOOKUP(B318,'SINAPI INSUMOS'!B:F,5,0),VLOOKUP(B318,'SINAPI COMP'!B:F,4,0))), VLOOKUP(B318,'OUTRAS BASES'!C:D,2,0))","v":5.67},11.34]
["Insumo",34643,"SINAPI","FORNECIMENTO DE  CAIXA DE INSPECAO PARA ATERRAMENTO E PARA RAIOS, EM POLIPROPILENO,  DIAMETRO = 300 MM X ALTURA = 400 MM","Material",null,"UN",2,{"$f":"IF(C319=\"SINAPI\", IF( IF(A319=\"Insumo\", VLOOKUP(B319,'SINAPI INSUMOS'!B:F,5,0), VLOOKUP(B319,'SINAPI COMP'!B:F,4,0))=0,VLOOKUP(B319,'OUTRAS BASES'!C:D,2,0),IF(A319=\"Insumo\", VLOOKUP(B319,'SINAPI INSUMOS'!B:F,5,0),VLOOKUP(B319,'SINAPI COMP'!B:F,4,0))), VLOOKUP(B319,'OUTRAS BASES'!C:D,2,0))","v":46.35},92.7]
["Insumo",867,"SINAPI","CABO DE COBRE NU 50 MM2 MEIO-DURO","Material",null,"M",7.5,{"$f":"IF(C320=\"SINAPI\", IF( IF(A320=\"Insumo\", VLOOKUP(B320,'SINAPI INSUMOS'!B:F,5,0), VLOOKUP(B320,'SINAPI COMP'!B:F,4,0))=0,VLOOKUP(B320,'OUTRAS BASES'!C:D,2,0),IF(A320=\"Insumo\", VLOOKUP(B320,'SINAPI INSUMOS'!B:F,5,0),VLOOKUP(B320,'SINAPI COMP'!B:F,4,0))), VLOOKUP(B320,'OUTRAS BASES'!C:D,2,0))","v":56.84},426.3]
["Insumo",54581,"SIURB INFRA","DPS - DISPOSITIVO DE PROTEÇÃO CONTRA SURTOS – 45KA – 500 VOLTS - CORRENTE CONTÍNUA - CLASSE II - P/ SISTEMA FOTOVOLTÁICO","Material",null,"Un",1,{"$f":"IF(C321=\"SINAPI\", IF( IF(A321=\"Insumo\", VLOOKUP(B321,'SINAPI INSUMOS'!B:F,5,0), VLOOKUP(B321,'SINAPI COMP'!B:F,4,0))=0,VLOOKUP(B321,'OUTRAS BASES'!C:D,2,0),IF(A321=\"Insumo\", VLOOKUP(B321,'SINAPI INSUMOS'!B:F,5,0),VLOOKUP(B321,'SINAPI COMP'!B:F,4,0))), VLOOKUP(B321,'OUTRAS BASES'!C:D,2,0))","v":152.12},152.12]
[]
[]
[]
[]
["11.2","Código","Banco","Descrição","Tipo",null,"Und","Quant.","Valor Unit","Total"]
["Insumo",34622,"SINAPI","FORNECIMENTO DE  CABO FLEXIVEL PVC 750 V, 3 CONDUTORES DE 6,0 MM2","Material",null,"M",1,{"$f":"IF(C327=\"SINAPI\", IF( IF(A327=\"Insumo\", VLOOKUP(B327,'SINAPI INSUMOS'!B:F,5,0), VLOOKUP(B327,'SINAPI COMP'!B:F,4,0))=0,VLOOKUP(B327,'OUTRAS BASES'!C:D,2,0),IF(A327=\"Insumo\", VLOOKUP(B327,'SINAPI INSUMOS'!B:F,5,0),VLOOKUP(B327,'SINAPI COMP'!B:F,4,0))), VLOOKUP(B327,'OUTRAS BASES'!C:D,2,0))","v":22.34},{"$f":"I327*H327","v":22.34}]
[]
[]
[]
[]
["11.3","Código","Banco","Descrição","Tipo",null,"Und","Quant.","Valor Unit","Total"]
["Composição","COMPOSIÇÃO - 20","Próprio","Fornecimento e instalação de automático de bóia superior e inferior","ASTU - ASSENTAMENTO DE TUBOS E PECAS",null,"un",1,{"$f":"SUM(J334:J338)","v":56.607500000000009},{"$f":"I333*H333","v":56.607500000000009}]
["Composição Auxiliar",88264,"SINAPI","ELETRICISTA COM ENCARGOS COMPLEMENTARES","Livro SINAPI: Cálculos e Parâmetros",null,"H",0.2,{"$f":"IF(C334=\"SINAPI\", IF( IF(A334=\"Insumo\", VLOOKUP(B334,'SINAPI INSUMOS'!B:F,5,0), VLOOKUP(B334,'SINAPI COMP'!B:F,4,0))=0,VLOOKUP(B334,'OUTRAS BASES'!C:D,2,0),IF(A334=\"Insumo\", VLOOKUP(B334,'SINAPI INSUMOS'!B:F,5,0),VLOOKUP(B334,'SINAPI COMP'!B:F,4,0))), VLOOKUP(B334,'OUTRAS BASES'!C:D,2,0))","v":32.57},6.5140000000000002]
["Composição Auxiliar",88247,"SINAPI","AUXILIAR DE ELETRICISTA COM ENCARGOS COMPLEMENTARES","Livro SINAPI: Cálculos e Parâmetros",null,"H",0.2,{"$f":"IF(C335=\"SINAPI\", IF( IF(A335=\"Insumo\", VLOOKUP(B335,'SINAPI INSUMOS'!B:F,5,0), VLOOKUP(B335,'SINAPI COMP'!B:F,4,0))=0,VLOOKUP(B335,'OUTRAS BASES'!C:D,2,0),IF(A335=\"Insumo\", VLOOKUP(B335,'SINAPI INSUMOS'!B:F,5,0),VLOOKUP(B335,'SINAPI COMP'!B:F,4,0))), VLOOKUP(B335,'OUTRAS BASES'!C:D,2,0))","v":23.13},4.6260000000000003]
["Insumo",7588,"SINAPI","AUTOMATICO DE BOIA SUPERIOR / INFERIOR, *15* A / 250 V","Material",null,"UN",1,{"$f":"IF(C336=\"SINAPI\", IF( IF(A336=\"Insumo\", VLOOKUP(B336,'SINAPI INSUMOS'!B:F,5,0), VLOOKUP(B336,'SINAPI COMP'!B:F,4,0))=0,VLOOKUP(B336,'OUTRAS BASES'!C:D,2,0),IF(A336=\"Insumo\", VLOOKUP(B336,'SINAPI INSUMOS'!B:F,5,0),VLOOKUP(B336,'SINAPI COMP'!B:F,4,0))), VLOOKUP(B336,'OUTRAS BASES'!C:D,2,0))","v":44.67},44.67]
["Insumo",21127,"SINAPI","FITA ISOLANTE ADESIVA ANTICHAMA, USO ATE 750 V, EM ROLO DE 19 MM X 5 M","Material",null,"UN",0.1,{"$f":"IF(C337=\"SINAPI\", IF( IF(A337=\"Insumo\", VLOOKUP(B337,'SINAPI INSUMOS'!B:F,5,0), VLOOKUP(B337,'SINAPI COMP'!B:F,4,0))=0,VLOOKUP(B337,'OUTRAS BASES'!C:D,2,0),IF(A337=\"Insumo\", VLOOKUP(B337,'SINAPI INSUMOS'!B:F,5,0),VLOOKUP(B337,'SINAPI COMP'!B:F,4,0))), VLOOKUP(B337,'OUTRAS BASES'!C:D,2,0))","v":3.4},0.34]
["Insumo",3146,"SINAPI","FITA VEDA ROSCA EM ROLOS DE 18 MM X 10 M (L X C)","Material",null,"UN",0.15,{"$f":"IF(C338=\"SINAPI\", IF( IF(A338=\"Insumo\", VLOOKUP(B338,'SINAPI INSUMOS'!B:F,5,0), VLOOKUP(B338,'SINAPI COMP'!B:F,4,0))=0,VLOOKUP(B338,'OUTRAS BASES'!C:D,2,0),IF(A338=\"Insumo\", VLOOKUP(B338,'SINAPI INSUMOS'!B:F,5,0),VLOOKUP(B338,'SINAPI COMP'!B:F,4,0))), VLOOKUP(B338,'OUTRAS BASES'!C:D,2,0))","v":3.05},0.45749999999999996]
[]
[]
[]
[]
["11.4","Código","Banco","Descrição","Tipo",null,"Und","Quant.","Valor Unit","Total"]
["Insumo",39257,"SINAPI","CABO MULTIPOLAR DE COBRE, FLEXIVEL, CLASSE 4 OU 5, ISOLACAO EM HEPR, COBERTURA EM PVC-ST2, ANTICHAMA BWF-B, 0,6/1 KV, 3 CONDUTORES DE 1,5 MM2","Material",null,"M",1,{"$f":"IF(C344=\"SINAPI\", IF( IF(A344=\"Insumo\", VLOOKUP(B344,'SINAPI INSUMOS'!B:F,5,0), VLOOKUP(B344,'SINAPI COMP'!B:F,4,0))=0,VLOOKUP(B344,'OUTRAS BASES'!C:D,2,0),IF(A344=\"Insumo\", VLOOKUP(B344,'SINAPI INSUMOS'!B:F,5,0),VLOOKUP(B344,'SINAPI COMP'!B:F,4,0))), VLOOKUP(B344,'OUTRAS BASES'!C:D,2,0))","v":6.07},{"$f":"I344*H344","v":6.07}]
[]
[]
[]
[]
["11.5","Código","Banco","Descrição","Tipo",null,"Und","Quant.","Valor Unit","Total"]
["Insumo","COTAÇÃO-002","Próprio","Fornecimento de kit de bombeamento fotovoltaico, incluindo uma bomba CC de 2200W com controladora de carga externa,  caixa de proteção metálica, módulos fotovoltaicos compatíveis com a geração de 3300Wp além de componentes elétricos necessários para interligação dos painéis, como cabos, conectores MC4 e presilhas de fixação.","Serviços",null,"un",1,10507.03,{"$f":"I350*H350","v":10507.03}]
[]
[]
[]
[]
[12,null,null,"URBANIZAÇÃO"]
["12.1","Código","Banco","Descrição","Tipo",null,"Und","Quant.","Valor Unit","Total"]
["Composição","COMPOSIÇÃO - 21","Próprio","Cerca com mourões de concreto de 15x15cm, espaçados de 3m e cravados a 0,5m, escoras de 10x10cm nos cantos, e 9 fios de arame de aço ovalado 15x17.","SEDI - SERVIÇOS DIVERSOS",null,"m",1,{"$f":"SUM(J358:J364)","v":88.632856000000004},{"$f":"I357*H357","v":88.632856000000004}]
["Composição Auxiliar",88309,"SINAPI","PEDREIRO COM ENCARGOS COMPLEMENTARES","Livro SINAPI: Cálculos e Parâmetros",null,"H",0.33500000000000002,{"$f":"IF(C358=\"SINAPI\", IF( IF(A358=\"Insumo\", VLOOKUP(B358,'SINAPI INSUMOS'!B:F,5,0), VLOOKUP(B358,'SINAPI COMP'!B:F,4,0))=0,VLOOKUP(B358,'OUTRAS BASES'!C:D,2,0),IF(A358=\"Insumo\", VLOOKUP(B358,'SINAPI INSUMOS'!B:F,5,0),VLOOKUP(B358,'SINAPI COMP'!B:F,4,0))), VLOOKUP(B358,'OUTRAS BASES'!C:D,2,0))","v":32.15},10.770250000000001]
["Composição Auxiliar",88316,"SINAPI","SERVENTE COM ENCARGOS COMPLEMENTARES","Livro SINAPI: Cálculos e Parâmetros",null,"H",0.67100000000000004,{"$f":"IF(C359=\"SINAPI\", IF( IF(A359=\"Insumo\", VLOOKUP(B359,'SINAPI INSUMOS'!B:F,5,0), VLOOKUP(B359,'SINAPI COMP'!B:F,4,0))=0,VLOOKUP(B359,'OUTRAS BASES'!C:D,2,0),IF(A359=\"Insumo\", VLOOKUP(B359,'SINAPI INSUMOS'!B:F,5,0),VLOOKUP(B359,'SINAPI COMP'!B:F,4,0))), VLOOKUP(B359,'OUTRAS BASES'!C:D,2,0))","v":22.42},15.043820000000002]
["Composição Auxiliar",94975,"SINAPI","CONCRETO FCK = 15MPA, TRAÇO 1:3,4:3,5 (EM MASSA SECA DE CIMENTO/ AREIA MÉDIA/ BRITA 1) - PREPARO MANUAL. AF_05/2021","Produção de Concreto",null,"m³",2.8799999999999999E-2,{"$f":"IF(C360=\"SINAPI\", IF( IF(A360=\"Insumo\", VLOOKUP(B360,'SINAPI INSUMOS'!B:F,5,0), VLOOKUP(B360,'SINAPI COMP'!B:F,4,0))=0,VLOOKUP(B360,'OUTRAS BASES'!C:D,2,0),IF(A360=\"Insumo\", VLOOKUP(B360,'SINAPI INSUMOS'!B:F,5,0),VLOOKUP(B360,'SINAPI COMP'!B:F,4,0))), VLOOKUP(B360,'OUTRAS BASES'!C:D,2,0))","v":534.97},15.407135999999999]
["Insumo",43130,"SINAPI","ARAME GALVANIZADO 12 BWG, D = 2,76 MM (0,048 KG/M) OU 14 BWG, D = 2,11 MM (0,026 KG/M)","Material",null,"KG",9.8000000000000004E-2,{"$f":"IF(C361=\"SINAPI\", IF( IF(A361=\"Insumo\", VLOOKUP(B361,'SINAPI INSUMOS'!B:F,5,0), VLOOKUP(B361,'SINAPI COMP'!B:F,4,0))=0,VLOOKUP(B361,'OUTRAS BASES'!C:D,2,0),IF(A361=\"Insumo\", VLOOKUP(B361,'SINAPI INSUMOS'!B:F,5,0),VLOOKUP(B361,'SINAPI COMP'!B:F,4,0))), VLOOKUP(B361,'OUTRAS BASES'!C:D,2,0))","v":30.6},2.9988000000000001]
["Insumo",346,"SINAPI","ARAME DE ACO OVALADO 15 X 17 ( 45,7 KG, 700 KGF), ROLO 1000 M","Material",null,"KG",0.40500000000000003,{"$f":"IF(C362=\"SINAPI\", IF( IF(A362=\"Insumo\", VLOOKUP(B362,'SINAPI INSUMOS'!B:F,5,0), VLOOKUP(B362,'SINAPI COMP'!B:F,4,0))=0,VLOOKUP(B362,'OUTRAS BASES'!C:D,2,0),IF(A362=\"Insumo\", VLOOKUP(B362,'SINAPI INSUMOS'!B:F,5,0),VLOOKUP(B362,'SINAPI COMP'!B:F,4,0))), VLOOKUP(B362,'OUTRAS BASES'!C:D,2,0))","v":36.25},14.68125]
["Insumo",4111,"SINAPI","ESCORA PRE-MOLDADA EM CONCRETO, *10 X 10* CM, H = 2,30M","Material",null,"UN",0.16,{"$f":"IF(C363=\"SINAPI\", IF( IF(A363=\"Insumo\", VLOOKUP(B363,'SINAPI INSUMOS'!B:F,5,0), VLOOKUP(B363,'SINAPI COMP'!B:F,4,0))=0,VLOOKUP(B363,'OUTRAS BASES'!C:D,2,0),IF(A363=\"Insumo\", VLOOKUP(B363,'SINAPI INSUMOS'!B:F,5,0),VLOOKUP(B363,'SINAPI COMP'!B:F,4,0))), VLOOKUP(B363,'OUTRAS BASES'!C:D,2,0))","v":61.87},9.8992000000000004]
["Insumo"," I1533 ","SEINFRA","MOURÃO CONCRETO BASE 15X15CM H=2.3 C/ 12 FUROS","Material",null,"UN",0.42,{"$f":"IF(C364=\"SINAPI\", IF( IF(A364=\"Insumo\", VLOOKUP(B364,'SINAPI INSUMOS'!B:F,5,0), VLOOKUP(B364,'SINAPI COMP'!B:F,4,0))=0,VLOOKUP(B364,'OUTRAS BASES'!C:D,2,0),IF(A364=\"Insumo\", VLOOKUP(B364,'SINAPI INSUMOS'!B:F,5,0),VLOOKUP(B364,'SINAPI COMP'!B:F,4,0))), VLOOKUP(B364,'OUTRAS BASES'!C:D,2,0))","v":47.22},19.8324]
[]
[]
[]
[]
["12.2","Código","Banco","Descrição","Tipo",null,"Und","Quant.","Valor Unit","Total"]
["Composição","COMPOSIÇÃO - 22","Próprio","Serviço de instalação de portão de ferro com suporte e batedor conforme projeto, incluso material","SEDI - SERVIÇOS DIVERSOS",null,"m²",1,{"$f":"SUM(J371:J375)","v":365.90215999999998},{"$f":"I370*H370","v":365.90215999999998}]
["Composição Auxiliar",88309,"SINAPI","PEDREIRO COM ENCARGOS COMPLEMENTARES","Livro SINAPI: Cálculos e Parâmetros",null,"H",1.5,{"$f":"IF(C371=\"SINAPI\", IF( IF(A371=\"Insumo\", VLOOKUP(B371,'SINAPI INSUMOS'!B:F,5,0), VLOOKUP(B371,'SINAPI COMP'!B:F,4,0))=0,VLOOKUP(B371,'OUTRAS BASES'!C:D,2,0),IF(A371=\"Insumo\", VLOOKUP(B371,'SINAPI INSUMOS'!B:F,5,0),VLOOKUP(B371,'SINAPI COMP'!B:F,4,0))), VLOOKUP(B371,'OUTRAS BASES'!C:D,2,0))","v":32.15},48.224999999999994]
["Composição Auxiliar",88316,"SINAPI","SERVENTE COM ENCARGOS COMPLEMENTARES","Livro SINAPI: Cálculos e Parâmetros",null,"H",1.5,{"$f":"IF(C372=\"SINAPI\", IF( IF(A372=\"Insumo\", VLOOKUP(B372,'SINAPI INSUMOS'!B:F,5,0), VLOOKUP(B372,'SINAPI COMP'!B:F,4,0))=0,VLOOKUP(B372,'OUTRAS BASES'!C:D,2,0),IF(A372=\"Insumo\", VLOOKUP(B372,'SINAPI INSUMOS'!B:F,5,0),VLOOKUP(B372,'SINAPI COMP'!B:F,4,0))), VLOOKUP(B372,'OUTRAS BASES'!C:D,2,0))","v":22.42},33.630000000000003]
["Insumo",367,"SINAPI","AREIA GROSSA - POSTO JAZIDA/FORNECEDOR (RETIRADO NA JAZIDA, SEM TRANSPORTE)","Material",null,"m³",6.0999999999999999E-2,{"$f":"IF(C373=\"SINAPI\", IF( IF(A373=\"Insumo\", VLOOKUP(B373,'SINAPI INSUMOS'!B:F,5,0), VLOOKUP(B373,'SINAPI COMP'!B:F,4,0))=0,VLOOKUP(B373,'OUTRAS BASES'!C:D,2,0),IF(A373=\"Insumo\", VLOOKUP(B373,'SINAPI INSUMOS'!B:F,5,0),VLOOKUP(B373,'SINAPI COMP'!B:F,4,0))), VLOOKUP(B373,'OUTRAS BASES'!C:D,2,0))","v":151.96},9.2695600000000002]
["Insumo",1379,"SINAPI","CIMENTO PORTLAND COMPOSTO CP II-32","Material",null,"KG",4.83,{"$f":"IF(C374=\"SINAPI\", IF( IF(A374=\"Insumo\", VLOOKUP(B374,'SINAPI INSUMOS'!B:F,5,0), VLOOKUP(B374,'SINAPI COMP'!B:F,4,0))=0,VLOOKUP(B374,'OUTRAS BASES'!C:D,2,0),IF(A374=\"Insumo\", VLOOKUP(B374,'SINAPI INSUMOS'!B:F,5,0),VLOOKUP(B374,'SINAPI COMP'!B:F,4,0))), VLOOKUP(B374,'OUTRAS BASES'!C:D,2,0))","v":0.72},3.4775999999999998]
["Insumo",4948,"SINAPI","PORTAO DE ABRIR / GIRO, EM GRADIL DE METALON REDONDO DE 3/4\"  VERTICAL, COM REQUADRO, ACABAMENTO NATURAL - COMPLETO","Material",null,"m²",1,{"$f":"IF(C375=\"SINAPI\", IF( IF(A375=\"Insumo\", VLOOKUP(B375,'SINAPI INSUMOS'!B:F,5,0), VLOOKUP(B375,'SINAPI COMP'!B:F,4,0))=0,VLOOKUP(B375,'OUTRAS BASES'!C:D,2,0),IF(A375=\"Insumo\", VLOOKUP(B375,'SINAPI INSUMOS'!B:F,5,0),VLOOKUP(B375,'SINAPI COMP'!B:F,4,0))), VLOOKUP(B375,'OUTRAS BASES'!C:D,2,0))","v":271.3},271.3]
[]
[]
[]
[]
[13,null,null,"OUTROS SERVIÇOS E INSUMOS EXCEPCIONAIS"]
["13.1","Código","Banco","Descrição","Tipo",null,"Und","Quant.","Valor Unit","Total"]
["Composição","COMPOSIÇÃO - 23","Próprio","Execução de tamponamento conforme especificação","SEDI - SERVIÇOS DIVERSOS",null,"m³",1,{"$f":"SUM(J383:J385)","v":647.58000000000004},{"$f":"I382*H382","v":647.58000000000004}]
["Composição Auxiliar",87316,"SINAPI","ARGAMASSA TRAÇO 1:4 (EM VOLUME DE CIMENTO E AREIA GROSSA ÚMIDA) PARA CHAPISCO CONVENCIONAL, PREPARO MECÂNICO COM BETONEIRA 400 L. AF_08/2019","Argamassas",null,"m³",1,{"$f":"IF(C383=\"SINAPI\", IF( IF(A383=\"Insumo\", VLOOKUP(B383,'SINAPI INSUMOS'!B:F,5,0), VLOOKUP(B383,'SINAPI COMP'!B:F,4,0))=0,VLOOKUP(B383,'OUTRAS BASES'!C:D,2,0),IF(A383=\"Insumo\", VLOOKUP(B383,'SINAPI INSUMOS'!B:F,5,0),VLOOKUP(B383,'SINAPI COMP'!B:F,4,0))), VLOOKUP(B383,'OUTRAS BASES'!C:D,2,0))","v":501.33},501.33]
["Composição Auxiliar",88316,"SINAPI","SERVENTE COM ENCARGOS COMPLEMENTARES","Livro SINAPI: Cálculos e Parâmetros",null,"H",1,{"$f":"IF(C384=\"SINAPI\", IF( IF(A384=\"Insumo\", VLOOKUP(B384,'SINAPI INSUMOS'!B:F,5,0), VLOOKUP(B384,'SINAPI COMP'!B:F,4,0))=0,VLOOKUP(B384,'OUTRAS BASES'!C:D,2,0),IF(A384=\"Insumo\", VLOOKUP(B384,'SINAPI INSUMOS'!B:F,5,0),VLOOKUP(B384,'SINAPI COMP'!B:F,4,0))), VLOOKUP(B384,'OUTRAS BASES'!C:D,2,0))","v":22.42},22.42]
["Insumo",4721,"SINAPI","PEDRA BRITADA N. 1 (9,5 a 19 MM) POSTO PEDREIRA/FORNECEDOR, SEM FRETE","Material",null,"m³",1,{"$f":"IF(C385=\"SINAPI\", IF( IF(A385=\"Insumo\", VLOOKUP(B385,'SINAPI INSUMOS'!B:F,5,0), VLOOKUP(B385,'SINAPI COMP'!B:F,4,0))=0,VLOOKUP(B385,'OUTRAS BASES'!C:D,2,0),IF(A385=\"Insumo\", VLOOKUP(B385,'SINAPI INSUMOS'!B:F,5,0),VLOOKUP(B385,'SINAPI COMP'!B:F,4,0))), VLOOKUP(B385,'OUTRAS BASES'!C:D,2,0))","v":123.83},123.83]
[]
[]
[]
[]
["13.2","Código","Banco","Descrição","Tipo",null,"Und","Quant.","Valor Unit","Total"]
["Insumo",13747,"ORSE","Revestimento tubo liso aço sch-40 em 12\"","Serviços",null,"m",1,{"$f":"IF(C391=\"SINAPI\", IF( IF(A391=\"Insumo\", VLOOKUP(B391,'SINAPI INSUMOS'!B:F,5,0), VLOOKUP(B391,'SINAPI COMP'!B:F,4,0))=0,VLOOKUP(B391,'OUTRAS BASES'!C:D,2,0),IF(A391=\"Insumo\", VLOOKUP(B391,'SINAPI INSUMOS'!B:F,5,0),VLOOKUP(B391,'SINAPI COMP'!B:F,4,0))), VLOOKUP(B391,'OUTRAS BASES'!C:D,2,0))","v":921.04},{"$f":"I391*H391","v":921.04}]
[]
[]
[]
[]
["13.3","Código","Banco","Descrição","Tipo",null,"Und","Quant.","Valor Unit","Total"]
["Insumo"," M3929 ","SICRO3","Tubo em aço-carbono - E = 3,00 mm e D = 150 mm (6\")","Material",null,"m",1,{"$f":"IF(C397=\"SINAPI\", IF( IF(A397=\"Insumo\", VLOOKUP(B397,'SINAPI INSUMOS'!B:F,5,0), VLOOKUP(B397,'SINAPI COMP'!B:F,4,0))=0,VLOOKUP(B397,'OUTRAS BASES'!C:D,2,0),IF(A397=\"Insumo\", VLOOKUP(B397,'SINAPI INSUMOS'!B:F,5,0),VLOOKUP(B397,'SINAPI COMP'!B:F,4,0))), VLOOKUP(B397,'OUTRAS BASES'!C:D,2,0))","v":148.57},{"$f":"I397*H397","v":148.57}]
[]
[]
[]
[]
["13.4","Código","Banco","Descrição","Tipo",null,"Und","Quant.","Valor Unit","Total"]
["Insumo"," M039706073 ","EMBASA","FILTRO NOLD EM AÇO GALVANIZADO DN 6\"","Material",null,"M",1,{"$f":"IF(C403=\"SINAPI\", IF( IF(A403=\"Insumo\", VLOOKUP(B403,'SINAPI INSUMOS'!B:F,5,0), VLOOKUP(B403,'SINAPI COMP'!B:F,4,0))=0,VLOOKUP(B403,'OUTRAS BASES'!C:D,2,0),IF(A403=\"Insumo\", VLOOKUP(B403,'SINAPI INSUMOS'!B:F,5,0),VLOOKUP(B403,'SINAPI COMP'!B:F,4,0))), VLOOKUP(B403,'OUTRAS BASES'!C:D,2,0))","v":835.86},{"$f":"I403*H403","v":835.86}]
[]
[]
[]
[]
["13.5","Código","Banco","Descrição","Tipo",null,"Und","Quant.","Valor Unit","Total"]
["Composição","COMPOSIÇÃO - 24","Próprio","Limpeza manual , remoção de cerca, capina e instalação dos equipamentos (área do poço, painéis solares, bebedouro e reservatório)","SEDI - SERVIÇOS DIVERSOS",null,"m²",1,{"$f":"SUM(J410)","v":1.7936000000000001},{"$f":"I409*H409","v":1.7936000000000001}]
["Composição Auxiliar",88316,"SINAPI","SERVENTE COM ENCARGOS COMPLEMENTARES","Livro SINAPI: Cálculos e Parâmetros",null,"H",0.08,{"$f":"IF(C410=\"SINAPI\", IF( IF(A410=\"Insumo\", VLOOKUP(B410,'SINAPI INSUMOS'!B:F,5,0), VLOOKUP(B410,'SINAPI COMP'!B:F,4,0))=0,VLOOKUP(B410,'OUTRAS BASES'!C:D,2,0),IF(A410=\"Insumo\", VLOOKUP(B410,'SINAPI INSUMOS'!B:F,5,0),VLOOKUP(B410,'SINAPI COMP'!B:F,4,0))), VLOOKUP(B410,'OUTRAS BASES'!C:D,2,0))","v":22.42},1.7936000000000001]
[]
[]
[]
[]
["13.6","Código","Banco","Descrição","Tipo",null,"Und","Quant.","Valor Unit","Total"]
["Composição","COMPOSIÇÃO - 25","Próprio","Fornecimento e instalação do filtro para revestimento interno Ø 4 1/2\"","ASTU - ASSENTAMENTO DE TUBOS E PECAS",null,"m",1,{"$f":"SUM(J417:J419)","v":127.98650000000001},{"$f":"I416*H416","v":127.98650000000001}]
["Composição Auxiliar",88316,"SINAPI","SERVENTE COM ENCARGOS COMPLEMENTARES","Livro SINAPI: Cálculos e Parâmetros",null,"H",0.65,{"$f":"IF(C417=\"SINAPI\", IF( IF(A417=\"Insumo\", VLOOKUP(B417,'SINAPI INSUMOS'!B:F,5,0), VLOOKUP(B417,'SINAPI COMP'!B:F,4,0))=0,VLOOKUP(B417,'OUTRAS BASES'!C:D,2,0),IF(A417=\"Insumo\", VLOOKUP(B417,'SINAPI INSUMOS'!B:F,5,0),VLOOKUP(B417,'SINAPI COMP'!B:F,4,0))), VLOOKUP(B417,'OUTRAS BASES'!C:D,2,0))","v":22.42},14.573000000000002]
["Composição Auxiliar",90776,"SINAPI","ENCARREGADO GERAL COM ENCARGOS COMPLEMENTARES","Livro SINAPI: Cálculos e Parâmetros",null,"H",0.65,{"$f":"IF(C418=\"SINAPI\", IF( IF(A418=\"Insumo\", VLOOKUP(B418,'SINAPI INSUMOS'!B:F,5,0), VLOOKUP(B418,'SINAPI COMP'!B:F,4,0))=0,VLOOKUP(B418,'OUTRAS BASES'!C:D,2,0),IF(A418=\"Insumo\", VLOOKUP(B418,'SINAPI INSUMOS'!B:F,5,0),VLOOKUP(B418,'SINAPI COMP'!B:F,4,0))), VLOOKUP(B418,'OUTRAS BASES'!C:D,2,0))","v":37.19},24.173500000000001]
["Insumo"," COTAÇÃO-004 ","Próprio","Fornecimento tubo filtro geomecânico classe reforçado diâmetro Ø 4 1/2\" com junta roscável. ","Material",null,"m",1,89.24,89.24]
[]
[]
[]
[]
["13.7","Código","Banco","Descrição","Tipo",null,"Und","Quant.","Valor Unit","Total"]
["Composição","COMPOSIÇÃO - 26","Próprio","Fornecimento e instalação do revestimento interno Ø 4 1/2\"","ASTU - ASSENTAMENTO DE TUBOS E PECAS",null,"m",1,{"$f":"SUM(J426:J428)","v":118.4365},{"$f":"I425*H425","v":118.4365}]
["Composição Auxiliar",88316,"SINAPI","SERVENTE COM ENCARGOS COMPLEMENTARES","Livro SINAPI: Cálculos e Parâmetros",null,"H",0.65,{"$f":"IF(C426=\"SINAPI\", IF( IF(A426=\"Insumo\", VLOOKUP(B426,'SINAPI INSUMOS'!B:F,5,0), VLOOKUP(B426,'SINAPI COMP'!B:F,4,0))=0,VLOOKUP(B426,'OUTRAS BASES'!C:D,2,0),IF(A426=\"Insumo\", VLOOKUP(B426,'SINAPI INSUMOS'!B:F,5,0),VLOOKUP(B426,'SINAPI COMP'!B:F,4,0))), VLOOKUP(B426,'OUTRAS BASES'!C:D,2,0))","v":22.42},14.573000000000002]
["Composição Auxiliar",90776,"SINAPI","ENCARREGADO GERAL COM ENCARGOS COMPLEMENTARES","Livro SINAPI: Cálculos e Parâmetros",null,"H",0.65,{"$f":"IF(C427=\"SINAPI\", IF( IF(A427=\"Insumo\", VLOOKUP(B427,'SINAPI INSUMOS'!B:F,5,0), VLOOKUP(B427,'SINAPI COMP'!B:F,4,0))=0,VLOOKUP(B427,'OUTRAS BASES'!C:D,2,0),IF(A427=\"Insumo\", VLOOKUP(B427,'SINAPI INSUMOS'!B:F,5,0),VLOOKUP(B427,'SINAPI COMP'!B:F,4,0))), VLOOKUP(B427,'OUTRAS BASES'!C:D,2,0))","v":37.19},24.173500000000001]
["Insumo"," COTAÇÃO-006 ","Próprio","Fornecimento tubo revestimento geomecânico classe reforçado Ø 4 1/2\" com junta roscável.","Material",null,"m",1,79.69,79.69]

{"sheet":"Crono. - GO - T","index":8,"n_rows":27,"n_cols":15,"rows_kept":27,"cut":false,"hidden":false,"merged":[[0,0,6,14],[7,0,8,14],[23,0,23,1],[23,2,26,2],[24,0,24,1],[25,0,25,1],[26,0,26,1]]}
["OBJETO: EXECUÇÃO DE SERVIÇOS DE PERFURAÇÃO E INSTALAÇÃO DE POÇOS TUBULARES EM MUNICÍPIOS LOCALIZADOS NO GOIÁS, NA ÁREA DE ATUAÇÃO DA CODEVASF"]
[]
[]
[]
[]
[]
[]
["CRONOGRAMA FÍSICO-FINANCEIRO POÇO TOTALMENTE REVESTIDO"]
[]
["ITEM","ESPECIFICAÇÃO DOS SERVIÇOS","VALOR TOTAL (R$)","Mês 01","Mês 02","Mês 03","Mês 04","Mês 05","Mês 06","Mês 07","Mês 08","Mês 09","Mês 10","Mês 11","Mês 12"]
["1","Serviços preliminares.",{"$f":"'Orçamento Sintético - GO - T'!K4","v":98013.74},{"$f":"$C$11/12","v":8167.8116666666674},{"$f":"$C$11/12","v":8167.8116666666674},8167.8116666666674,8167.8116666666674,8167.8116666666674,8167.8116666666674,8167.8116666666674,8167.8116666666674,8167.8116666666674,8167.8116666666674,8167.8116666666674,8167.8116666666674]
["2","Mobilizaçâo e desmobilizaçâo equipes perfuraçâo e instalação.",{"$f":"'Orçamento Sintético - GO - T'!K8","v":103572},{"$f":"$C$12/12","v":8631},{"$f":"$C$12/12","v":8631},8631,8631,8631,8631,8631,8631,8631,8631,8631,8631]
["3","Perfuração e completação de poço tubular.",{"$f":"'Orçamento Sintético - GO - T'!K12","v":3855020.42},{"$f":"$C$13/12","v":321251.70166666666},{"$f":"$C$13/12","v":321251.70166666666},321251.70166666666,321251.70166666666,321251.70166666666,321251.70166666666,321251.70166666666,321251.70166666666,321251.70166666666,321251.70166666666,321251.70166666666,321251.70166666666]
["4","Pós perfuração.",{"$f":"'Orçamento Sintético - GO - T'!K19","v":514573.5},{"$f":"$C$14/12","v":42881.125},{"$f":"$C$14/12","v":42881.125},42881.125,42881.125,42881.125,42881.125,42881.125,42881.125,42881.125,42881.125,42881.125,42881.125]
["5","Reservação.",{"$f":"'Orçamento Sintético - GO - T'!K25","v":904061.84},{"$f":"$C$15/12","v":75338.486666666664},{"$f":"$C$15/12","v":75338.486666666664},75338.486666666664,75338.486666666664,75338.486666666664,75338.486666666664,75338.486666666664,75338.486666666664,75338.486666666664,75338.486666666664,75338.486666666664,75338.486666666664]
["6","Bebedouro.",{"$f":"'Orçamento Sintético - GO - T'!K28","v":104633.76},{"$f":"$C$16/12","v":8719.48},{"$f":"$C$16/12","v":8719.48},8719.48,8719.48,8719.48,8719.48,8719.48,8719.48,8719.48,8719.48,8719.48,8719.48]
["7","Chafariz.",{"$f":"'Orçamento Sintético - GO - T'!K30","v":49227.78},{"$f":"$C$17/12","v":4102.3149999999996},{"$f":"$C$17/12","v":4102.3149999999996},4102.3149999999996,4102.3149999999996,4102.3149999999996,4102.3149999999996,4102.3149999999996,4102.3149999999996,4102.3149999999996,4102.3149999999996,4102.3149999999996,4102.3149999999996]
["8","Cavalete.",{"$f":"'Orçamento Sintético - GO - T'!K32","v":120069.6},{"$f":"$C$18/12","v":10005.800000000001},{"$f":"$C$18/12","v":10005.800000000001},10005.800000000001,10005.800000000001,10005.800000000001,10005.800000000001,10005.800000000001,10005.800000000001,10005.800000000001,10005.800000000001,10005.800000000001,10005.800000000001]
["9","Instalações hidráulicas.",{"$f":"'Orçamento Sintético - GO - T'!K34","v":739755.79},{"$f":"$C$19/12","v":61646.315833333334},{"$f":"$C$19/12","v":61646.315833333334},61646.315833333334,61646.315833333334,61646.315833333334,61646.315833333334,61646.315833333334,61646.315833333334,61646.315833333334,61646.315833333334,61646.315833333334,61646.315833333334]
["10","Estrutura de fixação para módulos fotovoltáicos.",{"$f":"'Orçamento Sintético - GO - T'!K42","v":80205.05},{"$f":"$C$20/12","v":6683.7541666666666},{"$f":"$C$20/12","v":6683.7541666666666},6683.7541666666666,6683.7541666666666,6683.7541666666666,6683.7541666666666,6683.7541666666666,6683.7541666666666,6683.7541666666666,6683.7541666666666,6683.7541666666666,6683.7541666666666]
["11","Instalações elétricas e bóia elétrica.",{"$f":"'Orçamento Sintético - GO - T'!K44","v":731632.44},{"$f":"$C$21/12","v":60969.369999999995},{"$f":"$C$21/12","v":60969.369999999995},60969.369999999995,60969.369999999995,60969.369999999995,60969.369999999995,60969.369999999995,60969.369999999995,60969.369999999995,60969.369999999995,60969.369999999995,60969.369999999995]
["12","Urbanização.",{"$f":"'Orçamento Sintético - GO - T'!K50","v":157552.29},{"$f":"$C$22/12","v":13129.3575},{"$f":"$C$22/12","v":13129.3575},13129.3575,13129.3575,13129.3575,13129.3575,13129.3575,13129.3575,13129.3575,13129.3575,13129.3575,13129.3575]
["13","Outros serviços e insumos excepcionais.",{"$f":"'Orçamento Sintético - GO - T'!K53","v":399266.20999999996},{"$f":"$C$23/12","v":33272.184166666666},{"$f":"$C$23/12","v":33272.184166666666},33272.184166666666,33272.184166666666,33272.184166666666,33272.184166666666,33272.184166666666,33272.184166666666,33272.184166666666,33272.184166666666,33272.184166666666,33272.184166666666]
["TOTAL",null,{"$f":"SUM(C11:C23)","v":7857584.4199999999},{"$f":"SUM(D11:D23)","v":654798.70166666666},{"$f":"SUM(E11:E23)","v":654798.70166666666},654798.70166666666,654798.70166666666,654798.70166666666,654798.70166666666,654798.70166666666,654798.70166666666,654798.70166666666,654798.70166666666,654798.70166666666,654798.70166666666]
["PERCENTUAL",null,null,{"$f":"D24/$C$24","v":8.3333333333333329E-2},{"$f":"E24/$C$24","v":8.3333333333333329E-2},{"$f":"F24/$C$24","v":8.3333333333333329E-2},8.3333333333333329E-2,8.3333333333333329E-2,8.3333333333333329E-2,8.3333333333333329E-2,8.3333333333333329E-2,8.3333333333333329E-2,8.3333333333333329E-2,8.3333333333333329E-2,8.3333333333333329E-2]
["CUSTO ACUMULADO",null,null,{"$f":"D24","v":654798.70166666666},{"$f":"E24+D26","v":1309597.4033333333},1964396.105,2619194.8066666666,3273993.5083333333,3928792.21,4583590.9116666671,5238389.6133333333,5893188.3149999995,6547987.0166666657,7202785.7183333319,7857584.4199999981]
["PERCENTUAL ACUMULADO",null,null,{"$f":"D25","v":8.3333333333333329E-2},{"$f":"E25+D27","v":0.16666666666666666},0.25,0.33333333333333331,0.41666666666666663,0.49999999999999994,0.58333333333333326,0.66666666666666663,0.75,0.83333333333333337,0.91666666666666674,1]

{"sheet":"CAPA TO","index":9,"n_rows":7,"n_cols":2,"rows_kept":7,"cut":false,"hidden":false,"merged":[[6,1,16,11]]}
[]
[]
[]
[]
[]
[]
[null,"EXECUÇÃO DE SERVIÇOS DE PERFURAÇÃO E INSTALAÇÃO DE POÇOS TUBULARES NO TOCANTINS"]

{"sheet":"Planilha Resumo TO","index":10,"n_rows":15,"n_cols":7,"rows_kept":15,"cut":false,"hidden":false,"merged":[[12,1,12,2],[14,1,14,2],[1,1,1,6],[2,1,2,6],[3,1,3,6],[4,1,4,6],[8,1,8,2],[8,4,8,5],[12,4,12,6],[14,4,14,6]]}
[]
[null,"OBJETO: EXECUÇÃO DE SERVIÇOS DE PERFURAÇÃO E INSTALAÇÃO DE POÇOS TUBULARES EM MUNICÍPIOS LOCALIZADOS NO ESTADO DO TOCANTINS, NA ÁREA DE ATUAÇÃO DA CODEVASF."]
[null,"PLANILHA ORÇAMENTÁRIA ESTIMATIVA GERAL"]
[null,"DATABASE DO ORÇAMENTO: SETEMBRO/2025 - NÃO DESONERADO"]
[null,"PLANILHA RESUMIDA - Grupo 2 TOCANTINS"]
[null,"ITEM","DISCRIMINAÇÃO","UND","Quantidade de Poços","PREÇO \nUNITÁRIO","TOTAL"]
[null,3,"Perfuração e instalação de poço tubular parcialmente revestido, instalado com sistema fotovoltaico, bomba submersa, reservatório e bebedouro para animais.","un",{"$f":"'Orçamento Sintético - TO - P'!H2","v":69},{"$f":"'Orçamento Sintético - TO - P'!L2","v":118890.39347826087},{"$f":"F7*E7","v":8203437.1500000004}]
[null,4,"Perfuração e instalação de poços poço tubular totalmente revestido, instalado com sistema fotovoltaico, bomba submersa, reservatório e bebedouro para animais.","un",{"$f":"'Orçamento Sintético - TO - T'!H2","v":81},{"$f":"'Orçamento Sintético - TO - T'!L2","v":187195.15395061727},{"$f":"F8*E8","v":15162807.469999999}]
[null,"TOTAL GERAL ESTIMADO GRUPO",null,"un",{"$f":"E7+E8","v":150},null,{"$f":"SUM(G8+G7)","v":23366244.619999997}]
[]
[]
[]
[null,"Base de Preços Consultados",null,null,"SBC 09/2025 \nSINAPI 08/2025\nSICRO 04/2025\nORSE 06/2025\nCPOS/CDHU 06/2025\nEMBASA 06/2025\nSEINFRA 028\nSIURB 01/2025"]
[]
[null,"Encargos Sociais",null,null,"Não Desonerado: \nHorista: 111,11%\nMensalista: 67,32%"]

{"sheet":"Orçamento Sintético - TO - P","index":11,"n_rows":60,"n_cols":13,"rows_kept":60,"cut":false,"hidden":false,"merged":[[0,2,1,5]]}
[null,null,"OBJETO: EXECUÇÃO DE SERVIÇOS DE PERFURAÇÃO E INSTALAÇÃO DE POÇOS TUBULARES EM MUNICÍPIOS LOCALIZADOS NO ESTADO DO TOCANTINS, NA ÁREA DE ATUAÇÃO DA CODEVASF.",{"$nulls":4},"Quantidade de Poços","BDI SERVIÇO","BDI INSUMO","Total","Preço Unitário Por Poço","Desconto"]
[{"$nulls":7},69,0.23780000000000001,0.1469,{"$f":"K4+K9+K13+K18+K24+K27+K29+K31+K33+K41+K43+K49+K52","v":8203437.1500000004},{"$f":"K2/H2","v":118890.39347826087},0]
["Item","Código","Banco","TIPO","Descrição.","un.","Mem. calc.","Quanti.","Valor Unit","Valor Unit com BDI","Total","Peso (%)"]
[1,null,null,null,"Serviços preliminares.",{"$nulls":5},{"$f":"SUM(K5:K8)","v":101610.31},{"$f":"K4/$K$2","v":1.2386309316699037E-2}]
["1.1","COMPOSIÇÃO - 1","Próprio","Serviço","Administração local da obra - poço parcialmente revestido.","un.",1,{"$f":"G5*$H$2","v":69},{"$f":"VLOOKUP(B5,'Orçamento Analítico - TO - P'!B:J,8,0)*(1-$M$2)","v":203.08949999999999},{"$f":"ROUND(I5*(1+$I$2),2)","v":251.38},{"$f":"ROUND(J5*H5,2)","v":17345.22},{"$f":"K5/$K$2","v":2.114384456520155E-3}]
["1.2","COMPOSIÇÃO - 2","Próprio","Serviço","Serviço de locação geológica de campo com relatório hidro geológico e perfil construtivo e geológico esperado. relatório de viabilidade de implantação das estruturas e vistorias preliminares.","un.",1,{"$f":"G6*$H$2","v":69},{"$f":"VLOOKUP(B6,'Orçamento Analítico - TO - P'!B:J,8,0)*(1-$M$2)","v":606.94999999999993},{"$f":"ROUND(I6*(1+$I$2),2)","v":751.28},{"$f":"ROUND(J6*H6,2)","v":51838.32},6.3190975992300979E-3]
["1.3",103689,"SINAPI","Serviço","Fornecimento e instalação de placa de obra com chapa galvanizada e estrutura de madeira. .","m²",0.72,{"$f":"G7*$H$2","v":49.68},{"$f":"VLOOKUP(B7,'Orçamento Analítico - TO - P'!B:J,8,0)*(1-$M$2)","v":462.97},573.05999999999995,28469.62,3.4704501880653766E-3]
["1.4","Composição - A","Próprio","Insumo","Emissão de Outorga e Licenciamento (taxas)","und",1,69,{"$f":"VLOOKUP(B8,'Orçamento Analítico - TO - P'!B:J,8,0)*(1-$M$2)","v":50},{"$f":"ROUND(I8*(1+$J$2),2)","v":57.35},{"$f":"ROUND(J8*H8,2)","v":3957.15},{"$f":"K8/$K$2","v":4.8237707288340713E-4}]
[2,null,null,null,"Mobilizaçâo e desmobilizaçâo equipes perfuraçâo e instalação.",{"$nulls":5},{"$f":"SUM(K10:K12)","v":182574},{"$f":"K9/$K$2","v":2.2255793109842988E-2}]
["2.1","COMPOSIÇÃO - 3","Próprio","Serviço","Transporte de comboio perfuração.","km",150,{"$f":"G10*$H$2","v":10350},{"$f":"VLOOKUP(B10,'Orçamento Analítico - TO - P'!B:J,8,0)*(1-$M$2)","v":5.1522716000000006},{"$f":"ROUND(I10*(1+$I$2),2)","v":6.38},66033,{"$f":"K10/$K$2","v":8.0494308413150938E-3}]
["2.2","COMPOSIÇÃO - 4","Próprio","Serviço","Transporte de comboio instalação.","km",150,10350,{"$f":"VLOOKUP(B11,'Orçamento Analítico - TO - P'!B:J,8,0)*(1-$M$2)","v":6.3041440000000009},{"$f":"ROUND(I11*(1+$I$2),2)","v":7.8},80730,9.8409969533319337E-3]
["2.3","COMPOSIÇÃO - 5","Próprio","Serviço","Transporte de equipe teste de vazão.","km",150,10350,{"$f":"VLOOKUP(B12,'Orçamento Analítico - TO - P'!B:J,8,0)*(1-$M$2)","v":2.7917880000000004},{"$f":"ROUND(I12*(1+$I$2),2)","v":3.46},35811,4.36536531519596E-3]
[3,null,null,null,"Perfuração e completação de poço tubular.",{"$nulls":5},{"$f":"SUM(K14:K17)","v":1947948.62},{"$f":"K13/$K$2","v":0.23745517694372778}]
["3.1",5048,"ORSE","Serviço","Perfuraçao em rocha cristalina - rocha cristalina alterada / compacta dn 6\" (poço até 120m).","m",90,{"$f":"G14*$H$2","v":6210},{"$f":"VLOOKUP(B14,'Orçamento Analítico - TO - P'!B:J,8,0)*(1-$M$2)","v":125.23},{"$f":"ROUND(I14*(1+$I$2),2)","v":155.01},{"$f":"ROUND(J14*H14,2)","v":962612.1},{"$f":"K14/$K$2","v":0.11734253367199869}]
["3.2",5057,"ORSE","Serviço","Perfuração rocha sedimentar sedimento / Camadas inconsolidadas DN 12.1/2\" - Poço até 150 m","m",30,2070,{"$f":"VLOOKUP(B15,'Orçamento Analítico - TO - P'!B:J,8,0)*(1-$M$2)","v":247.66},{"$f":"ROUND(I15*(1+$I$2),2)","v":306.55},634558.5,7.7352759385741127E-2]
["3.3","COMPOSIÇÃO - 6","Próprio","Serviço","Serviço de lançamento cimentação anelar, incluso materiais.","m³",1.74,120.06,{"$f":"VLOOKUP(B16,'Orçamento Analítico - TO - P'!B:J,8,0)*(1-$M$2)","v":521.34},{"$f":"ROUND(I16*(1+$I$2),2)","v":645.30999999999995},77475.92,{"$f":"K16/$K$2","v":9.4443242001311604E-3}]
["3.4",9854,"SINAPI","Insumo","Tubo pvc de revestimento geomecanico nervurado standard, dn = 154 mm, comprimento = 2 m.","m",30,2070,{"$f":"VLOOKUP(B17,'Orçamento Analítico - TO - P'!B:J,8,0)*(1-$M$2)","v":115.12},{"$f":"ROUND(I17*(1+$J$2),2)","v":132.03},{"$f":"ROUND(J17*H17,2)","v":273302.09999999998},3.3315559685856797E-2]
[4,null,null,null,"Pós perfuração.",{"$nulls":5},{"$f":"SUM(K19:K23)","v":820613.55},{"$f":"K18/$K$2","v":0.1000328929197684}]
["4.1",6305,"ORSE","Serviço","Desenvolvimento com compressor 250psi / 750cfm.","h",2,138,{"$f":"VLOOKUP(B19,'Orçamento Analítico - TO - P'!B:J,8,0)*(1-$M$2)","v":411.16},{"$f":"ROUND(I19*(1+$I$2),2)","v":508.93},{"$f":"ROUND(J19*H19,2)","v":70232.34},8.5613309050584958E-3]
["4.2","COMPOSIÇÃO - 7","Próprio","Serviço","Inspeção ótica em poço tubular câmera com rotação de 360º, visada lateral, com fonte própria de luz, entregue vídeo em cores e marcação de profundidades.","m",120,8280,{"$f":"VLOOKUP(B20,'Orçamento Analítico - TO - P'!B:J,8,0)*(1-$M$2)","v":9.6404600000000009},{"$f":"ROUND(I20*(1+$I$2),2)","v":11.93},{"$f":"ROUND(J20*H20,2)","v":98780.4},{"$f":"K20/$K$2","v":1.2041342938794867E-2}]
["4.3","COMPOSIÇÃO - 8","Próprio","Serviço","Serviço de coleta e análise físico-química e bacteriológica.","un.",1,69,{"$f":"VLOOKUP(B21,'Orçamento Analítico - TO - P'!B:J,8,0)*(1-$M$2)","v":621.19000000000005},{"$f":"ROUND(I21*(1+$I$2),2)","v":768.91},53054.79,6.4673854422106465E-3]
["4.4"," 24.80.22 ","EMBASA","Serviço","(REVISADA) DESENVOLVIMENTO OU TESTE COM BOMBA SUBMERSA - UEB1 NO SEDIMENTO COM VAZAO < 60M3 (Ensaio de bombeamento poço tubular incluso materiais e grupo gerador)","h",24,1656,{"$f":"VLOOKUP(B22,'Orçamento Analítico - TO - P'!B:J,8,0)*(1-$M$2)","v":263.27},{"$f":"ROUND(I22*(1+$I$2),2)","v":325.88},539657.28,6.5784288967216623E-2]
["4.5","COMPOSIÇÃO - 9","Próprio","Serviço","Serviço de instalação de laje sanitária com dimensões (1,5x1,5x0,3) metros , incluso material.","un.",1,69,{"$f":"VLOOKUP(B23,'Orçamento Analítico - TO - P'!B:J,8,0)*(1-$M$2)","v":689.49675000000002},{"$f":"ROUND(I23*(1+$I$2),2)","v":853.46},58888.74,7.1785446664877533E-3]
[5,null,null,null,"Reservação.",{"$nulls":5},{"$f":"SUM(K25:K26)","v":1499479.5699999998},{"$f":"K24/$K$2","v":0.18278674445625512}]
["5.1","COMPOSIÇÃO - 10","Próprio","Serviço","Fornecimento e instalação de reservatório e base elevada 10 m³.","un.",0.8,55.2,{"$f":"VLOOKUP(B25,'Orçamento Analítico - TO - P'!B:J,8,0)*(1-$M$2)","v":19779.75849},{"$f":"ROUND(I25*(1+$I$2),2)","v":24483.39},1351483.13,{"$f":"K25/$K$2","v":0.16474596017353529}]
["5.2","COMPOSIÇÃO - 11","Próprio","Serviço","Fornecimento e execução de reservatório apoiado de 5 m³.","un.",0.2,13.8,{"$f":"VLOOKUP(B26,'Orçamento Analítico - TO - P'!B:J,8,0)*(1-$M$2)","v":8664.0632499999992},{"$f":"ROUND(I26*(1+$I$2),2)","v":10724.38},147996.44,1.8040784282719834E-2]
[6,null,null,null,"Bebedouro.",{"$nulls":5},{"$f":"SUM(K28)","v":154069.41},{"$f":"K27/$K$2","v":1.8781080074466102E-2}]
["6.1","COMPOSIÇÃO - 12","Próprio","Serviço","Serviço de execução do bebedouro em concreto armado, incluso materiais.","un.",1,69,{"$f":"VLOOKUP(B28,'Orçamento Analítico - TO - P'!B:J,8,0)*(1-$M$2)","v":1803.9196999999999},{"$f":"ROUND(I28*(1+$I$2),2)","v":2232.89},154069.41,{"$f":"K28/$K$2","v":1.8781080074466102E-2}]
[7,null,null,null,"Chafariz.",{"$nulls":5},{"$f":"SUM(K30)","v":81284.070000000007},{"$f":"K29/$K$2","v":9.9085381546441184E-3}]
["7.1","COMPOSIÇÃO - 13","Próprio","Serviço","Fornecimento de material e instalação do chafariz.","un.",1,69,{"$f":"VLOOKUP(B30,'Orçamento Analítico - TO - P'!B:J,8,0)*(1-$M$2)","v":951.70971169600011},{"$f":"ROUND(I30*(1+$I$2),2)","v":1178.03},81284.070000000007,{"$f":"K30/$K$2","v":9.9085381546441184E-3}]
[8,null,null,null,"Cavalete.",{"$nulls":5},{"$f":"SUM(K32)","v":159950.97},{"$f":"K31/$K$2","v":1.9498042963613123E-2}]
["8.1","COMPOSIÇÃO - 14","Próprio","Serviço","Fornecimento de conexões e instalação do cavalete com hidrômetro e clorador de pastilhas.","un.",1,69,{"$f":"VLOOKUP(B32,'Orçamento Analítico - TO - P'!B:J,8,0)*(1-$M$2)","v":1872.78},{"$f":"ROUND(I32*(1+$I$2),2)","v":2318.13},159950.97,{"$f":"K32/$K$2","v":1.9498042963613123E-2}]
[9,null,null,null,"Instalações hidráulicas.",{"$nulls":5},{"$f":"SUM(K34:K40)","v":1121992.29},{"$f":"K33/$K$2","v":0.13677099848323943}]
["9.1","COMPOSIÇÃO - 15","Próprio","Serviço","Instalação da rede adutora poço-reservatório-bebedouro em pn80 e dn50mm.","m",400,27600,{"$f":"VLOOKUP(B34,'Orçamento Analítico - TO - P'!B:J,8,0)*(1-$M$2)","v":6.2070000000000007},{"$f":"ROUND(I34*(1+$I$2),2)","v":7.68},211968,{"$f":"K34/$K$2","v":2.5838925333876665E-2}]
["9.2",9875,"SINAPI","Insumo","TUBO PVC, SOLDAVEL, DE 50 MM, AGUA FRIA (NBR-5648)","m",400,{"$f":"G35*H2","v":27600},{"$f":"VLOOKUP(B35,'Orçamento Analítico - TO - P'!B:J,8,0)*(1-$M$2)","v":15.46},{"$f":"ROUND(I35*(1+$J$2),2)","v":17.73},{"$f":"J35*H35","v":489348},5.9651581532504334E-2]
["9.3","COMPOSIÇÃO - 16","Próprio","Serviço","Montagem hidráulica do equipamento de bombeamento.","un.",1,69,{"$f":"VLOOKUP(B36,'Orçamento Analítico - TO - P'!B:J,8,0)*(1-$M$2)","v":164.37},{"$f":"ROUND(I36*(1+$I$2),2)","v":203.46},14038.74,1.7113241368589018E-3]
["9.4",38200,"SINAPI","Insumo","Corda de poliamida 12 mm tipo bombeiro, para trabalho em altura.","100m",0.93,{"$f":"G37*$H$2","v":64.17},{"$f":"VLOOKUP(B37,'Orçamento Analítico - TO - P'!B:J,8,0)*(1-$M$2)","v":477.34},{"$f":"ROUND(I37*(1+$J$2),2)","v":547.46},35130.51,4.2824135002972503E-3]
["9.5",9860,"SINAPI","Insumo","Tubo pvc, roscavel,  2\", para agua fria predial.","m",90,6210,{"$f":"VLOOKUP(B38,'Orçamento Analítico - TO - P'!B:J,8,0)*(1-$M$2)","v":44.92},51.52,319939.20000000001,3.900062792582009E-2]
["9.6",3912,"SINAPI","Insumo","Luva de ferro galvanizado, com rosca bsp, de 2\".","un.",16,1104,{"$f":"VLOOKUP(B39,'Orçamento Analítico - TO - P'!B:J,8,0)*(1-$M$2)","v":34.020000000000003},39.020000000000003,43078.080000000002,5.251223263165977E-3]
["9.7",5128,"ORSE","Insumo","Tampa de poço galvanizada em 6\" un.","un.",1,69,{"$f":"VLOOKUP(B40,'Orçamento Analítico - TO - P'!B:J,8,0)*(1-$M$2)","v":107.28},123.04,8489.76,1.0349027907162061E-3]
[10,null,null,null,"Estrutura de fixação para módulos fotovoltáicos.",{"$nulls":5},{"$f":"SUM(K42)","v":91174.42},{"$f":"K41/$K$2","v":1.1114173039041324E-2}]
["10.1","COMPOSIÇÃO - 17","Próprio","Serviço","Serviço de fixação de estruturas para os módulos fotovoltaicos e suportes de concreto, incluso materiais.","m²",10.119999999999999,{"$f":"G42*$H$2","v":698.28},{"$f":"VLOOKUP(B42,'Orçamento Analítico - TO - P'!B:J,8,0)*(1-$M$2)","v":105.48870399999998},{"$f":"ROUND(I42*(1+$I$2),2)","v":130.57},91174.42,{"$f":"K42/$K$2","v":1.1114173039041324E-2}]
[11,null,null,null,"Instalações elétricas e bóia elétrica.",{"$nulls":5},{"$f":"SUM(K44:K48)","v":1024638.27},{"$f":"K43/$K$2","v":0.12490353144230525}]
["11.1","COMPOSIÇÃO - 18","Próprio","Serviço","Montagem e instalação elétrica do kit de bombeamento e sistema fotovoltaico inclusive sistema de aterramento.","un.",1,{"$f":"G44*$H$2","v":69},{"$f":"VLOOKUP(B44,'Orçamento Analítico - TO - P'!B:J,8,0)*(1-$M$2)","v":1055.3058000000001},{"$f":"ROUND(I44*(1+$I$2),2)","v":1306.26},{"$f":"ROUND(J44*H44,2)","v":90131.94},{"$f":"K44/$K$2","v":1.0987094598512282E-2}]
["11.2",34622,"SINAPI","Insumo","Fornecimento de  cabo flexivel pvc 750 v, 3 condutores de 6,0 mm2.","m",105,{"$f":"G45*$H$2","v":7245},{"$f":"VLOOKUP(B45,'Orçamento Analítico - TO - P'!B:J,8,0)*(1-$M$2)","v":24.47},{"$f":"ROUND(I45*(1+$J$2),2)","v":28.06},{"$f":"ROUND(J45*H45,2)","v":203294.7},2.478164899453152E-2]
["11.3","COMPOSIÇÃO - 19","Próprio","Serviço","Fornecimento e instalação de automático de bóia superior e inferior.","un.",1,69,{"$f":"VLOOKUP(B46,'Orçamento Analítico - TO - P'!B:J,8,0)*(1-$M$2)","v":61.88},{"$f":"ROUND(I46*(1+$I$2),2)","v":76.599999999999994},{"$f":"ROUND(J46*H46,2)","v":5285.4},{"$f":"K46/$K$2","v":6.4429091164549233E-4}]
["11.4",39257,"SINAPI","Insumo","Cabo multipolar de cobre, flexivel, classe 4 ou 5, isolacao em hepr, cobertura em pvc-st2, antichama bwf-b, 0,6/1 kv, 3 condutores de 1,5 mm2.","m",200,{"$f":"G47*$H$2","v":13800},{"$f":"VLOOKUP(B47,'Orçamento Analítico - TO - P'!B:J,8,0)*(1-$M$2)","v":6.65},{"$f":"ROUND(I47*(1+$J$2),2)","v":7.63},{"$f":"ROUND(J47*H47,2)","v":105294},1.2835351581867119E-2]
["11.5","COTAÇÃO-001","Próprio","Insumo","Fornecimento de kit de bombeamento fotovoltaico, incluindo uma bomba cc de 1500w com controladora de carga externa, caixa de proteção metálica, módulos fotovoltaicos compatíveis com a geração de 2200wp além de componentes elétricos necessários para interligação dos painéis, como cabos, conectores mc4 e presilhas de fixação.","un.",1,69,{"$f":"VLOOKUP(B48,'Orçamento Analítico - TO - P'!B:J,8,0)*(1-$M$2)","v":7842.59},{"$f":"ROUND(I48*(1+$J$2),2)","v":8994.67},{"$f":"ROUND(J48*H48,2)","v":620632.23},{"$f":"K48/$K$2","v":7.565514535574884E-2}]
[12,null,null,null,"Urbanização.",{"$nulls":5},{"$f":"SUM(K50:K51)","v":289921.09999999998},{"$f":"K49/$K$2","v":3.5341417834840114E-2}]
["12.1","COMPOSIÇÃO - 20","Próprio","Serviço","Cerca com mourões de concreto de 15x15cm, espaçados de 3m e cravados a 0,5m, escoras de 10x10cm nos cantos, e 9 fios de arame de aço ovalado 15x17.","m",28,{"$f":"G50*$H$2","v":1932},{"$f":"VLOOKUP(B50,'Orçamento Analítico - TO - P'!B:J,8,0)*(1-$M$2)","v":82.112079999999992},{"$f":"ROUND(I50*(1+$I$2),2)","v":101.64},{"$f":"ROUND(J50*H50,2)","v":196368.48},{"$f":"K50/$K$2","v":2.3937341922586682E-2}]
["12.2","COMPOSIÇÃO - 21","Próprio","Serviço","Serviço de instalação de portão de ferro com suporte e batedor conforme projeto, incluso material.","m²",1.5,103.5,{"$f":"VLOOKUP(B51,'Orçamento Analítico - TO - P'!B:J,8,0)*(1-$M$2)","v":730.23736000000008},{"$f":"ROUND(I51*(1+$I$2),2)","v":903.89},93552.62,1.1404075912253437E-2]
[13,null,null,null,"Outros serviços e insumos excepcionais.",{"$nulls":5},{"$f":"SUM(K53:K60)","v":728180.56999999983},{"$f":"K52/$K$2","v":8.8765301261557156E-2}]
["13.1","COMPOSIÇÃO - 22","Próprio","Serviço","Fornecimento e instalação do pré filtro para revestimento interno.","m³",1.212,{"$f":"G53*$H$2","v":83.628},{"$f":"VLOOKUP(B53,'Orçamento Analítico - TO - P'!B:J,8,0)*(1-$M$2)","v":1653.5820000000001},{"$f":"ROUND(I53*(1+$I$2),2)","v":2046.8},{"$f":"ROUND(J53*H53,2)","v":171169.79},{"$f":"K53/$K$2","v":2.0865618504799541E-2}]
["13.2","COMPOSIÇÃO - 23","Próprio","Serviço","Execução de tamponamento conforme especificação.","m³",0.24,16.559999999999999,{"$f":"VLOOKUP(B54,'Orçamento Analítico - TO - P'!B:J,8,0)*(1-$M$2)","v":717.24},{"$f":"ROUND(I54*(1+$I$2),2)","v":887.8},14701.97,1.7921719556295984E-3]
["13.3","COMPOSIÇÃO - 24","Próprio","Serviço","Fornecimento e instalação do filtro para revestimento interno ø 4 1/2\".","m",0.6,41.4,{"$f":"VLOOKUP(B55,'Orçamento Analítico - TO - P'!B:J,8,0)*(1-$M$2)","v":123.625},{"$f":"ROUND(I55*(1+$I$2),2)","v":153.02000000000001},6335.03,7.7224093805606825E-4]
["13.4","COMPOSIÇÃO - 25","Próprio","Serviço","Fornecimento e instalação do revestimento interno ø 4 1/2\".","m",34.799999999999997,2401.1999999999998,{"$f":"VLOOKUP(B56,'Orçamento Analítico - TO - P'!B:J,8,0)*(1-$M$2)","v":114.075},{"$f":"ROUND(I56*(1+$I$2),2)","v":141.19999999999999},339049.44,4.1330168537952412E-2]
["13.5"," M3929 ","SICRO3","Insumo","Tubo em aço-carbono - e = 3,00 mm e d = 150 mm (6\").","m",9,{"$f":"G57*$H$2","v":621},{"$f":"VLOOKUP(B57,'Orçamento Analítico - TO - P'!B:J,8,0)*(1-$M$2)","v":148.57},{"$f":"ROUND(I57*(1+$J$2),2)","v":170.39},105812.19,1.28985190067556E-2]
["13.6",5108,"SINAPI","Insumo","Revestimento tubo liso aço sch-40 em 8\"","m",6,414,{"$f":"VLOOKUP(B58,'Orçamento Analítico - TO - P'!B:J,8,0)*(1-$M$2)","v":164.55},188.72,78130.080000000002,9.524066384783602E-3]
["13.7"," M039706073 ","EMBASA","Insumo","Filtro nold em aço galvanizado dn 6\".","m",0.04,2.7600000000000002,{"$f":"VLOOKUP(B59,'Orçamento Analítico - TO - P'!B:J,8,0)*(1-$M$2)","v":835.86},{"$f":"ROUND(I59*(1+$J$2),2)","v":958.65},2645.87,3.2253187921358061E-4]
["13.8","COMPOSIÇÃO - 26","Próprio","Serviço","Limpeza manual , remoção de cerca, capina e instalação dos equipamentos (área do poço, painéis solares, bebedouro e reservatório).","m²",70,4830,{"$f":"VLOOKUP(B60,'Orçamento Analítico - TO - P'!B:J,8,0)*(1-$M$2)","v":1.7296},{"$f":"ROUND(I60*(1+$I$2),2)","v":2.14},{"$f":"ROUND(J60*H60,2)","v":10336.200000000001},{"$f":"K60/$K$2","v":1.2599840543667724E-3}]

{"sheet":"Orçamento Analítico - TO - P","index":12,"n_rows":432,"n_cols":10,"rows_kept":432,"cut":false,"hidden":false,"merged":[[433,7,433,8],[377,4,377,5],[417,4,417,5],[418,4,418,5],[420,7,420,8],[423,4,423,5],[424,4,424,5],[426,7,426,8],[429,4,429,5],[430,4,430,5],[431,4,431,5],[399,7,399,8],[403,4,403,5],[404,4,404,5],[405,4,405,5],[406,4,406,5],[408,7,408,8],[411,4,411,5],[412,4,412,5],[414,7,414,8],[381,7,381,8],[385,4,385,5],[386,4,386,5],[387,4,387,5],[339,7,339,8],[342,4,342,5],[343,4,343,5],[345,7,345,8],[348,5,348,6],[388,4,388,5],[390,7,390,8],[394,4,394,5],[395,4,395,5],[359,7,359,8],[365,4,365,5],[366,4,366,5],[367,4,367,5],[368,4,368,5],[370,7,370,8],[373,5,373,6],[376,4,376,5],[378,4,378,5],[379,4,379,5],[353,4,353,5],[362,4,362,5],[363,4,363,5],[364,4,364,5],[354,4,354,5],[316,7,316,8],[319,4,319,5],[320,4,320,5],[322,7,322,8],[328,4,328,5],[329,4,329,5],[330,4,330,5],[331,4,331,5],[333,7,333,8],[298,7,298,8],[301,5,301,6],[311,4,311,5],[312,4,312,5],[303,4,303,5],[304,4,304,5],[305,4,305,5],[306,4,306,5],[307,4,307,5],[308,4,308,5],[309,4,309,5],[310,4,310,5],[276,7,276,8],[279,4,279,5],[280,4,280,5],[282,7,282,8],[285,4,285,5],[286,4,286,5],[288,7,288,8],[291,5,291,6],[296,4,296,5],[293,4,293,5],[294,4,294,5],[295,4,295,5],[292,4,292,5],[256,7,256,8],[259,4,259,5],[260,4,260,5],[261,4,261,5],[262,4,262,5],[264,7,264,8],[267,4,267,5],[268,4,268,5],[270,7,270,8],[182,5,182,6],[243,7,243,8],[246,5,246,6],[249,4,249,5],[250,4,250,5],[247,4,247,5],[248,4,248,5],[218,7,218,8],[226,4,226,5],[227,4,227,5],[239,4,239,5],[240,4,240,5],[241,4,241,5],[222,4,222,5],[223,4,223,5],[224,4,224,5],[225,4,225,5],[221,5,221,6],[192,7,192,8],[195,5,195,6],[214,4,214,5],[215,4,215,5],[183,4,183,5],[184,4,184,5],[185,4,185,5],[186,4,186,5],[187,4,187,5],[188,4,188,5],[189,4,189,5],[190,4,190,5],[199,4,199,5],[196,4,196,5],[200,4,200,5],[197,4,197,5],[198,4,198,5],[201,4,201,5],[202,4,202,5],[203,4,203,5],[134,7,134,8],[137,5,137,6],[159,4,159,5],[127,4,127,5],[128,4,128,5],[142,4,142,5],[143,4,143,5],[144,4,144,5],[145,4,145,5],[146,4,146,5],[147,4,147,5],[148,4,148,5],[149,4,149,5],[150,4,150,5],[151,4,151,5],[152,4,152,5],[153,4,153,5],[154,4,154,5],[155,4,155,5],[156,4,156,5],[140,4,140,5],[141,4,141,5],[119,4,119,5],[120,4,120,5],[121,4,121,5],[122,4,122,5],[124,7,124,8],[129,4,129,5],[130,4,130,5],[131,4,131,5],[132,4,132,5],[97,4,97,5],[98,4,98,5],[100,7,100,8],[103,4,103,5],[104,4,104,5],[34,7,34,8],[37,4,37,5],[38,4,38,5],[39,4,39,5],[41,7,41,8],[62,4,62,5],[63,4,63,5],[64,4,64,5],[66,7,66,8],[47,4,47,5],[48,4,48,5],[50,7,50,8],[53,4,53,5],[54,4,54,5],[55,4,55,5],[56,4,56,5],[58,7,58,8],[73,7,73,8],[79,7,79,8],[27,4,27,5],[28,4,28,5],[19,4,19,5],[29,4,29,5],[30,4,30,5],[31,4,31,5],[32,4,32,5],[69,5,69,6],[70,4,70,5],[61,4,61,5],[44,5,44,6],[45,4,45,5],[46,4,46,5],[21,7,21,8],[25,4,25,5],[26,4,26,5],[0,2,2,7],[3,0,3,9],[5,5,5,6],[7,4,7,5],[8,4,8,5],[9,4,9,5],[6,5,6,6],[10,4,10,5],[12,7,12,8],[15,4,15,5],[16,4,16,5],[17,4,17,5],[18,4,18,5],[24,4,24,5],[84,4,84,5],[86,7,86,8],[89,4,89,5],[71,4,71,5],[92,7,92,8],[95,5,95,6],[179,7,179,8],[105,4,105,5],[108,7,108,8],[111,4,111,5],[106,4,106,5],[112,4,112,5],[113,4,113,5],[114,4,114,5],[116,7,116,8],[90,4,90,5],[76,4,76,5],[77,4,77,5],[82,4,82,5],[83,4,83,5],[163,7,163,8],[96,4,96,5],[138,4,138,5],[139,4,139,5],[175,4,175,5],[176,4,176,5],[177,4,177,5],[157,4,157,5],[158,4,158,5],[160,4,160,5],[166,4,166,5],[167,4,167,5],[168,4,168,5],[169,4,169,5],[161,4,161,5],[170,4,170,5],[171,4,171,5],[172,4,172,5],[173,4,173,5],[174,4,174,5],[204,4,204,5],[205,4,205,5],[206,4,206,5],[207,4,207,5],[208,4,208,5],[209,4,209,5],[210,4,210,5],[211,4,211,5],[212,4,212,5],[213,4,213,5],[216,4,216,5],[357,4,357,5],[251,4,251,5],[235,4,235,5],[236,4,236,5],[237,4,237,5],[238,4,238,5],[313,4,313,5],[314,4,314,5],[336,4,336,5],[337,4,337,5],[273,4,273,5],[274,4,274,5],[253,4,253,5],[254,4,254,5],[402,4,402,5],[397,4,397,5],[228,4,228,5],[229,4,229,5],[230,4,230,5],[231,4,231,5],[232,4,232,5],[233,4,233,5],[234,4,234,5],[325,4,325,5],[326,4,326,5],[327,4,327,5],[302,4,302,5],[349,4,349,5],[350,4,350,5],[351,4,351,5],[352,4,352,5],[374,4,374,5],[375,4,375,5],[384,4,384,5],[393,4,393,5],[396,4,396,5],[355,4,355,5],[356,4,356,5]]}
[null,null,"OBJETO: EXECUÇÃO DE SERVIÇOS DE PERFURAÇÃO E INSTALAÇÃO DE POÇOS TUBULARES EM MUNICÍPIOS LOCALIZADOS NO ESTADO DO TOCANTINS, NA ÁREA DE ATUAÇÃO DA CODEVASF."]
[]
[]
["PLANILHA ANALÍTICA - POÇO PARCIALMENTE REVESTIDO - TOCANTINS"]
[]
[1,null,null,"Serviços preliminares."]
[" 1 ",null,null,"SERVIÇOS PRELIMINARES"]
[" 1.1 ","Código","Banco","Descrição","Tipo",null,"Und","Quant.","Valor Unit","Total"]
["Composição","COMPOSIÇÃO - 1","Próprio","Administração Local da Obra - Poço Parcialmente Revestido","CANT - CANTEIRO DE OBRAS",null,"un",1,{"$f":"SUM(J10:J11)","v":203.08949999999999},{"$f":"I9*H9","v":203.08949999999999}]
["Composição Auxiliar",12710,"SBC","DESPESAS GERAIS DE MANUTENCAO CANTEIRO DE OBRAS","INSTALACOES PROVISORIAS",null,"MES",0.03,{"$f":"IF(C10=\"SINAPI\", IF( IF(A10=\"Insumo\", VLOOKUP(B10,'SINAPI INSUMOS'!B:J,6,0), VLOOKUP(B10,'SINAPI COMP'!B:M,6,0))=0,VLOOKUP(B10,'OUTRAS BASES'!C:D,2,0),IF(A10=\"Insumo\", VLOOKUP(B10,'SINAPI INSUMOS'!B:J,6,0),VLOOKUP(B10,'SINAPI COMP'!B:M,6,0))), VLOOKUP(B10,'OUTRAS BASES'!C:D,2,0))","v":910.61},{"$f":"I10*H10","v":27.318300000000001}]
["Composição Auxiliar",100321,"SINAPI","TÉCNICO EM SEGURANÇA DO TRABALHO COM ENCARGOS COMPLEMENTARES","Livro SINAPI: Cálculos e Parâmetros",null,"MES",0.03,{"$f":"IF(C11=\"SINAPI\", IF( IF(A11=\"Insumo\", VLOOKUP(B11,'SINAPI INSUMOS'!B:J,6,0), VLOOKUP(B11,'SINAPI COMP'!B:M,6,0))=0,VLOOKUP(B11,'OUTRAS BASES'!C:D,2,0),IF(A11=\"Insumo\", VLOOKUP(B11,'SINAPI INSUMOS'!B:J,6,0),VLOOKUP(B11,'SINAPI COMP'!B:M,6,0))), VLOOKUP(B11,'OUTRAS BASES'!C:D,2,0))","v":5859.04},175.77119999999999]
[]
[]
[]
[]
[" 1.2 ","Código","Banco","Descrição","Tipo",null,"Und","Quant.","Valor Unit","Total"]
["Composição","COMPOSIÇÃO - 2","Próprio","Serviço de locação Geológica de campo com relatório hidro geológico e perfil construtivo e geológico esperado. Relatório de Viabilidade de implantação das estruturas e vistorias preliminares","SERT - SERVIÇOS TÉCNICOS",null,"un",1,{"$f":"SUM(J18:J20)","v":606.94999999999993},{"$f":"I17*H17","v":606.94999999999993}]
["Composição Auxiliar"," 30.01.45 ","EMBASA","GEOLOGO SENIOR",3001,null,"hora",5,{"$f":"IF(C18=\"SINAPI\", IF( IF(A18=\"Insumo\", VLOOKUP(B18,'SINAPI INSUMOS'!B:J,6,0), VLOOKUP(B18,'SINAPI COMP'!B:M,6,0))=0,VLOOKUP(B18,'OUTRAS BASES'!C:D,2,0),IF(A18=\"Insumo\", VLOOKUP(B18,'SINAPI INSUMOS'!B:J,6,0),VLOOKUP(B18,'SINAPI COMP'!B:M,6,0))), VLOOKUP(B18,'OUTRAS BASES'!C:D,2,0))","v":99.88},499.4]
["Insumo",5896,"ORSE","Veículo tipo sedan ou pick-up capacidade 0,6 ton h","Equipamento",null,"h",5,{"$f":"IF(C19=\"SINAPI\", IF( IF(A19=\"Insumo\", VLOOKUP(B19,'SINAPI INSUMOS'!B:J,6,0), VLOOKUP(B19,'SINAPI COMP'!B:M,6,0))=0,VLOOKUP(B19,'OUTRAS BASES'!C:D,2,0),IF(A19=\"Insumo\", VLOOKUP(B19,'SINAPI INSUMOS'!B:J,6,0),VLOOKUP(B19,'SINAPI COMP'!B:M,6,0))), VLOOKUP(B19,'OUTRAS BASES'!C:D,2,0))","v":8.33},41.65]
["Insumo",4222,"SINAPI","GASOLINA COMUM","Material",null,"L",10,{"$f":"IF(C20=\"SINAPI\", IF( IF(A20=\"Insumo\", VLOOKUP(B20,'SINAPI INSUMOS'!B:J,6,0), VLOOKUP(B20,'SINAPI COMP'!B:M,6,0))=0,VLOOKUP(B20,'OUTRAS BASES'!C:D,2,0),IF(A20=\"Insumo\", VLOOKUP(B20,'SINAPI INSUMOS'!B:J,6,0),VLOOKUP(B20,'SINAPI COMP'!B:M,6,0))), VLOOKUP(B20,'OUTRAS BASES'!C:D,2,0))","v":6.59},65.900000000000006]
[]
[]
[]
[]
[" 1.3 ","Código","Banco","Descrição","Tipo",null,"Und","Quant.","Valor Unit","Total"]
["Composição",103689,"SINAPI","FORNECIMENTO E INSTALAÇÃO DE PLACA DE OBRA COM CHAPA GALVANIZADA E ESTRUTURA DE MADEIRA. AF_03/2022_PS","Sinalização Vertical Viária",null,"m²",1,{"$f":"IF(C26=\"SINAPI\", IF( IF(A26=\"Insumo\", VLOOKUP(B26,'SINAPI INSUMOS'!B:J,6,0), VLOOKUP(B26,'SINAPI COMP'!B:M,6,0))=0,VLOOKUP(B26,'OUTRAS BASES'!C:D,2,0),IF(A26=\"Insumo\", VLOOKUP(B26,'SINAPI INSUMOS'!B:J,6,0),VLOOKUP(B26,'SINAPI COMP'!B:M,6,0))), VLOOKUP(B26,'OUTRAS BASES'!C:D,2,0))","v":462.97},{"$f":"I26*H26","v":462.97}]
["Composição Auxiliar",102234,"SINAPI","PINTURA IMUNIZANTE PARA MADEIRA, 2 DEMÃOS. AF_01/2021","Pintura em Madeira",null,"m²",0.5,{"$f":"IF(C27=\"SINAPI\", IF( IF(A27=\"Insumo\", VLOOKUP(B27,'SINAPI INSUMOS'!B:J,6,0), VLOOKUP(B27,'SINAPI COMP'!B:M,6,0))=0,VLOOKUP(B27,'OUTRAS BASES'!C:D,2,0),IF(A27=\"Insumo\", VLOOKUP(B27,'SINAPI INSUMOS'!B:J,6,0),VLOOKUP(B27,'SINAPI COMP'!B:M,6,0))), VLOOKUP(B27,'OUTRAS BASES'!C:D,2,0))","v":23.92},11.96]
["Composição Auxiliar",88262,"SINAPI","CARPINTEIRO DE FORMAS COM ENCARGOS COMPLEMENTARES","Livro SINAPI: Cálculos e Parâmetros",null,"H",0.37290000000000001,{"$f":"IF(C28=\"SINAPI\", IF( IF(A28=\"Insumo\", VLOOKUP(B28,'SINAPI INSUMOS'!B:J,6,0), VLOOKUP(B28,'SINAPI COMP'!B:M,6,0))=0,VLOOKUP(B28,'OUTRAS BASES'!C:D,2,0),IF(A28=\"Insumo\", VLOOKUP(B28,'SINAPI INSUMOS'!B:J,6,0),VLOOKUP(B28,'SINAPI COMP'!B:M,6,0))), VLOOKUP(B28,'OUTRAS BASES'!C:D,2,0))","v":27.75},10.347975]
["Composição Auxiliar",88316,"SINAPI","SERVENTE COM ENCARGOS COMPLEMENTARES","Livro SINAPI: Cálculos e Parâmetros",null,"H",1.1186,{"$f":"IF(C29=\"SINAPI\", IF( IF(A29=\"Insumo\", VLOOKUP(B29,'SINAPI INSUMOS'!B:J,6,0), VLOOKUP(B29,'SINAPI COMP'!B:M,6,0))=0,VLOOKUP(B29,'OUTRAS BASES'!C:D,2,0),IF(A29=\"Insumo\", VLOOKUP(B29,'SINAPI INSUMOS'!B:J,6,0),VLOOKUP(B29,'SINAPI COMP'!B:M,6,0))), VLOOKUP(B29,'OUTRAS BASES'!C:D,2,0))","v":21.62},24.184132000000002]
["Insumo",4509,"SINAPI","SARRAFO *2,5 X 10* CM EM PINUS, MISTA OU EQUIVALENTE DA REGIAO - BRUTA","Material",null,"M",3.2082999999999999,{"$f":"IF(C30=\"SINAPI\", IF( IF(A30=\"Insumo\", VLOOKUP(B30,'SINAPI INSUMOS'!B:J,6,0), VLOOKUP(B30,'SINAPI COMP'!B:M,6,0))=0,VLOOKUP(B30,'OUTRAS BASES'!C:D,2,0),IF(A30=\"Insumo\", VLOOKUP(B30,'SINAPI INSUMOS'!B:J,6,0),VLOOKUP(B30,'SINAPI COMP'!B:M,6,0))), VLOOKUP(B30,'OUTRAS BASES'!C:D,2,0))","v":4.95},15.881085000000001]
["Insumo",4813,"SINAPI","PLACA DE OBRA (PARA CONSTRUCAO CIVIL) EM CHAPA GALVANIZADA *N. 22*, ADESIVADA, DE *2,4 X 1,2* M (SEM POSTES PARA FIXACAO)","Material",null,"m²",1,{"$f":"IF(C31=\"SINAPI\", IF( IF(A31=\"Insumo\", VLOOKUP(B31,'SINAPI INSUMOS'!B:J,6,0), VLOOKUP(B31,'SINAPI COMP'!B:M,6,0))=0,VLOOKUP(B31,'OUTRAS BASES'!C:D,2,0),IF(A31=\"Insumo\", VLOOKUP(B31,'SINAPI INSUMOS'!B:J,6,0),VLOOKUP(B31,'SINAPI COMP'!B:M,6,0))), VLOOKUP(B31,'OUTRAS BASES'!C:D,2,0))","v":400},400]
["Insumo",5065,"SINAPI","PREGO DE ACO POLIDO COM CABECA 10 X 10 (7/8 X 17)","Material",null,"KG",1.1299999999999999E-2,{"$f":"IF(C32=\"SINAPI\", IF( IF(A32=\"Insumo\", VLOOKUP(B32,'SINAPI INSUMOS'!B:J,6,0), VLOOKUP(B32,'SINAPI COMP'!B:M,6,0))=0,VLOOKUP(B32,'OUTRAS BASES'!C:D,2,0),IF(A32=\"Insumo\", VLOOKUP(B32,'SINAPI INSUMOS'!B:J,6,0),VLOOKUP(B32,'SINAPI COMP'!B:M,6,0))), VLOOKUP(B32,'OUTRAS BASES'!C:D,2,0))","v":33.86},0.38261799999999996]
["Insumo",5069,"SINAPI","PREGO DE ACO POLIDO COM CABECA 17 X 27 (2 1/2 X 11)","Material",null,"KG",1.32E-2,{"$f":"IF(C33=\"SINAPI\", IF( IF(A33=\"Insumo\", VLOOKUP(B33,'SINAPI INSUMOS'!B:J,6,0), VLOOKUP(B33,'SINAPI COMP'!B:M,6,0))=0,VLOOKUP(B33,'OUTRAS BASES'!C:D,2,0),IF(A33=\"Insumo\", VLOOKUP(B33,'SINAPI INSUMOS'!B:J,6,0),VLOOKUP(B33,'SINAPI COMP'!B:M,6,0))), VLOOKUP(B33,'OUTRAS BASES'!C:D,2,0))","v":18.14},0.23944799999999999]
[]
[]
[]
[]
[" 1.4 ","Código","Banco","Descrição","Tipo",null,"Und","Quant.","Valor Unit","Total"]
["Composição","Composição - A","Próprio","Taxas e emolumentos fiscais , administrativos para obtenção outorga e outros","ASTU - ASSENTAMENTO DE TUBOS E PECAS",null,"un",1,{"$f":"SUM(J40)","v":50},{"$f":"I39*H39","v":50}]
["Insumo"," A.09.000.020507 ","CPOS/CDHU","Outorga de direito de uso para poço profundo conforme Portaria DAEE nº 1.630 de 30/05/2017 e suas complementares 1.631 a 1.635 e Instrução Técnica DPO nº 10 de 30/05/2017 do DAEE","Material",null,"UN",1,{"$f":"IF(C40=\"SINAPI\", IF( IF(A40=\"Insumo\", VLOOKUP(B40,'SINAPI INSUMOS'!B:J,6,0), VLOOKUP(B40,'SINAPI COMP'!B:M,6,0))=0,VLOOKUP(B40,'OUTRAS BASES'!C:D,2,0),IF(A40=\"Insumo\", VLOOKUP(B40,'SINAPI INSUMOS'!B:J,6,0),VLOOKUP(B40,'SINAPI COMP'!B:M,6,0))), VLOOKUP(B40,'OUTRAS BASES'!C:D,2,0))","v":50},50]
[]
[]
[]
[]
[" 2 ",null,null,"MOBILIZAÇÂO E DESMOBILIZAÇÂO EQUIPES PERFURAÇÂO E INSTALAÇÃO"]
[" 2.1 ","Código","Banco","Descrição","Tipo",null,"Und","Quant.","Valor Unit","Total"]
["Composição","COMPOSIÇÃO - 3","Próprio","Transporte de Comboio Perfuração","TRAN - TRANSPORTES, CARGAS E DESCARGAS",null,"km",1,{"$f":"SUM(J48:J49)","v":5.1522716000000006},{"$f":"I47*H47","v":5.1522716000000006}]
["Composição Auxiliar",5824,"SINAPI","CAMINHÃO TOCO, PBT 16.000 KG, CARGA ÚTIL MÁX. 10.685 KG, DIST. ENTRE EIXOS 4,8 M, POTÊNCIA 189 CV, INCLUSIVE CARROCERIA FIXA ABERTA DE MADEIRA P/ TRANSPORTE GERAL DE CARGA SECA, DIMEN. APROX. 2,5 X 7,00 X 0,50 M - CHP DIURNO. AF_06/2014","Custos Horários Produtivo e Improdutivo dos Equipamentos",null,"CHP",1.6660000000000001E-2,{"$f":"IF(C48=\"SINAPI\", IF( IF(A48=\"Insumo\", VLOOKUP(B48,'SINAPI INSUMOS'!B:J,6,0), VLOOKUP(B48,'SINAPI COMP'!B:M,6,0))=0,VLOOKUP(B48,'OUTRAS BASES'!C:D,2,0),IF(A48=\"Insumo\", VLOOKUP(B48,'SINAPI INSUMOS'!B:J,6,0),VLOOKUP(B48,'SINAPI COMP'!B:M,6,0))), VLOOKUP(B48,'OUTRAS BASES'!C:D,2,0))","v":239.52},3.9904032000000003]
["Composição Auxiliar",5826,"SINAPI","CAMINHÃO TOCO, PBT 16.000 KG, CARGA ÚTIL MÁX. 10.685 KG, DIST. ENTRE EIXOS 4,8 M, POTÊNCIA 189 CV, INCLUSIVE CARROCERIA FIXA ABERTA DE MADEIRA P/ TRANSPORTE GERAL DE CARGA SECA, DIMEN. APROX. 2,5 X 7,00 X 0,50 M - CHI DIURNO. AF_06/2014","Custos Horários Produtivo e Improdutivo dos Equipamentos",null,"CHI",1.6660000000000001E-2,{"$f":"IF(C49=\"SINAPI\", IF( IF(A49=\"Insumo\", VLOOKUP(B49,'SINAPI INSUMOS'!B:J,6,0), VLOOKUP(B49,'SINAPI COMP'!B:M,6,0))=0,VLOOKUP(B49,'OUTRAS BASES'!C:D,2,0),IF(A49=\"Insumo\", VLOOKUP(B49,'SINAPI INSUMOS'!B:J,6,0),VLOOKUP(B49,'SINAPI COMP'!B:M,6,0))), VLOOKUP(B49,'OUTRAS BASES'!C:D,2,0))","v":69.739999999999995},1.1618683999999999]
[]
[]
[]
[]
[" 2.2 ","Código","Banco","Descrição","Tipo",null,"Und","Quant.","Valor Unit","Total"]
["Composição","COMPOSIÇÃO - 4","Próprio","Transporte de Comboio Instalação","TRAN - TRANSPORTES, CARGAS E DESCARGAS",null,"km",1,{"$f":"SUM(J56:J57)","v":6.3041440000000009},{"$f":"I55*H55","v":6.3041440000000009}]
["Composição Auxiliar",5928,"SINAPI","GUINDAUTO HIDRÁULICO, CAPACIDADE MÁXIMA DE CARGA 6200 KG, MOMENTO MÁXIMO DE CARGA 11,7 TM, ALCANCE MÁXIMO HORIZONTAL 9,70 M, INCLUSIVE CAMINHÃO TOCO PBT 16.000 KG, POTÊNCIA DE 189 CV - CHP DIURNO. AF_06/2014","Custos Horários Produtivo e Improdutivo dos Equipamentos",null,"CHP",1.6660000000000001E-2,{"$f":"IF(C56=\"SINAPI\", IF( IF(A56=\"Insumo\", VLOOKUP(B56,'SINAPI INSUMOS'!B:J,6,0), VLOOKUP(B56,'SINAPI COMP'!B:M,6,0))=0,VLOOKUP(B56,'OUTRAS BASES'!C:D,2,0),IF(A56=\"Insumo\", VLOOKUP(B56,'SINAPI INSUMOS'!B:J,6,0),VLOOKUP(B56,'SINAPI COMP'!B:M,6,0))), VLOOKUP(B56,'OUTRAS BASES'!C:D,2,0))","v":299.29000000000002},4.9861714000000008]
["Composição Auxiliar",5930,"SINAPI","GUINDAUTO HIDRÁULICO, CAPACIDADE MÁXIMA DE CARGA 6200 KG, MOMENTO MÁXIMO DE CARGA 11,7 TM, ALCANCE MÁXIMO HORIZONTAL 9,70 M, INCLUSIVE CAMINHÃO TOCO PBT 16.000 KG, POTÊNCIA DE 189 CV - CHI DIURNO. AF_06/2014","Custos Horários Produtivo e Improdutivo dos Equipamentos",null,"CHI",1.6660000000000001E-2,{"$f":"IF(C57=\"SINAPI\", IF( IF(A57=\"Insumo\", VLOOKUP(B57,'SINAPI INSUMOS'!B:J,6,0), VLOOKUP(B57,'SINAPI COMP'!B:M,6,0))=0,VLOOKUP(B57,'OUTRAS BASES'!C:D,2,0),IF(A57=\"Insumo\", VLOOKUP(B57,'SINAPI INSUMOS'!B:J,6,0),VLOOKUP(B57,'SINAPI COMP'!B:M,6,0))), VLOOKUP(B57,'OUTRAS BASES'!C:D,2,0))","v":79.11},1.3179726]
[]
[]
[]
[]
[" 2.3 ","Código","Banco","Descrição","Tipo",null,"Und","Quant.","Valor Unit","Total"]
["Composição","COMPOSIÇÃO - 5","Próprio","Transporte de Equipe Teste de Vazão","TRAN - TRANSPORTES, CARGAS E DESCARGAS",null,"km",1,{"$f":"SUM(J64:J65)","v":2.7917880000000004},{"$f":"I63*H63","v":2.7917880000000004}]
["Composição Auxiliar",73467,"SINAPI","CAMINHÃO TOCO, PBT 14.300 KG, CARGA ÚTIL MÁX. 9.710 KG, DIST. ENTRE EIXOS 3,56 M, POTÊNCIA 185 CV, INCLUSIVE CARROCERIA FIXA ABERTA DE MADEIRA P/ TRANSPORTE GERAL DE CARGA SECA, DIMEN. APROX. 2,50 X 6,50 X 0,50 M - CHP DIURNO. AF_06/2014","Custos Horários Produtivo e Improdutivo dos Equipamentos",null,"CHP",8.3000000000000001E-3,{"$f":"IF(C64=\"SINAPI\", IF( IF(A64=\"Insumo\", VLOOKUP(B64,'SINAPI INSUMOS'!B:J,6,0), VLOOKUP(B64,'SINAPI COMP'!B:M,6,0))=0,VLOOKUP(B64,'OUTRAS BASES'!C:D,2,0),IF(A64=\"Insumo\", VLOOKUP(B64,'SINAPI INSUMOS'!B:J,6,0),VLOOKUP(B64,'SINAPI COMP'!B:M,6,0))), VLOOKUP(B64,'OUTRAS BASES'!C:D,2,0))","v":270.42},2.2444860000000002]
["Composição Auxiliar",91395,"SINAPI","CAMINHÃO TOCO, PBT 14.300 KG, CARGA ÚTIL MÁX. 9.710 KG, DIST. ENTRE EIXOS 3,56 M, POTÊNCIA 185 CV, INCLUSIVE CARROCERIA FIXA ABERTA DE MADEIRA P/ TRANSPORTE GERAL DE CARGA SECA, DIMEN. APROX. 2,50 X 6,50 X 0,50 M - CHI DIURNO. AF_06/2014","Custos Horários Produtivo e Improdutivo dos Equipamentos",null,"CHI",8.3000000000000001E-3,{"$f":"IF(C65=\"SINAPI\", IF( IF(A65=\"Insumo\", VLOOKUP(B65,'SINAPI INSUMOS'!B:J,6,0), VLOOKUP(B65,'SINAPI COMP'!B:M,6,0))=0,VLOOKUP(B65,'OUTRAS BASES'!C:D,2,0),IF(A65=\"Insumo\", VLOOKUP(B65,'SINAPI INSUMOS'!B:J,6,0),VLOOKUP(B65,'SINAPI COMP'!B:M,6,0))), VLOOKUP(B65,'OUTRAS BASES'!C:D,2,0))","v":65.94},0.54730199999999996]
[]
[]
[]
[]
[" 3 ",null,null,"PERFURAÇÃO E COMPLETAÇÃO DE POÇO TUBULAR"]
[" 3.1 ","Código","Banco","Descrição","Tipo",null,"Und","Quant.","Valor Unit","Total"]
["Insumo",5048,"ORSE","Perfuraçao em rocha cristalina - rocha cristalina alterada / compacta dn 6\"  (poço até 120m)","Serviços",null,"m",1,{"$f":"IF(C72=\"SINAPI\", IF( IF(A72=\"Insumo\", VLOOKUP(B72,'SINAPI INSUMOS'!B:J,6,0), VLOOKUP(B72,'SINAPI COMP'!B:M,6,0))=0,VLOOKUP(B72,'OUTRAS BASES'!C:D,2,0),IF(A72=\"Insumo\", VLOOKUP(B72,'SINAPI INSUMOS'!B:J,6,0),VLOOKUP(B72,'SINAPI COMP'!B:M,6,0))), VLOOKUP(B72,'OUTRAS BASES'!C:D,2,0))","v":125.23},{"$f":"I72*H72","v":125.23}]
[]
[]
[]
[]
[" 3.2 ","Código","Banco","Descrição","Tipo",null,"Und","Quant.","Valor Unit","Total"]
["Insumo",5057,"ORSE","Perfuração rocha sedimentar sedimento / Camadas inconsolidadas DN 12.1/2\" - Poço até 150 m (Perfuração rotopneumática Ø 12 1/2\"","Serviços",null,"m",1,{"$f":"IF(C78=\"SINAPI\", IF( IF(A78=\"Insumo\", VLOOKUP(B78,'SINAPI INSUMOS'!B:J,6,0), VLOOKUP(B78,'SINAPI COMP'!B:M,6,0))=0,VLOOKUP(B78,'OUTRAS BASES'!C:D,2,0),IF(A78=\"Insumo\", VLOOKUP(B78,'SINAPI INSUMOS'!B:J,6,0),VLOOKUP(B78,'SINAPI COMP'!B:M,6,0))), VLOOKUP(B78,'OUTRAS BASES'!C:D,2,0))","v":247.66},{"$f":"I78*H78","v":247.66}]
[]
[]
[]
[]
[" 3.3 ","Código","Banco","Descrição","Tipo",null,"Und","Quant.","Valor Unit","Total"]
["Composição","COMPOSIÇÃO - 6","Próprio","Serviço de lançamento cimentação anelar, incluso materiais.","SEDI - SERVIÇOS DIVERSOS",null,"m³",1,{"$f":"SUM(J85)","v":521.34},{"$f":"I84*H84","v":521.34}]
["Composição Auxiliar",1903,"ORSE","Argamassa cimento e areia traço t-1 (1:3) - 1 saco cimento 50kg / 3 padiolas areia dim. 0.35 x 0.45 x 0.23 m - Confecção mecânica e transporte","Argamassas",null,"m³",1,{"$f":"IF(C85=\"SINAPI\", IF( IF(A85=\"Insumo\", VLOOKUP(B85,'SINAPI INSUMOS'!B:J,6,0), VLOOKUP(B85,'SINAPI COMP'!B:M,6,0))=0,VLOOKUP(B85,'OUTRAS BASES'!C:D,2,0),IF(A85=\"Insumo\", VLOOKUP(B85,'SINAPI INSUMOS'!B:J,6,0),VLOOKUP(B85,'SINAPI COMP'!B:M,6,0))), VLOOKUP(B85,'OUTRAS BASES'!C:D,2,0))","v":521.34},521.34]
[]
[]
[]
[]
[" 3.4 ","Código","Banco","Descrição","Tipo",null,"Und","Quant.","Valor Unit","Total"]
["Insumo",9854,"SINAPI","TUBO PVC DE REVESTIMENTO GEOMECANICO NERVURADO STANDARD, DN = 154 MM, COMPRIMENTO = 2 M","Material",null,"M",1,{"$f":"IF(C91=\"SINAPI\", IF( IF(A91=\"Insumo\", VLOOKUP(B91,'SINAPI INSUMOS'!B:J,6,0), VLOOKUP(B91,'SINAPI COMP'!B:M,6,0))=0,VLOOKUP(B91,'OUTRAS BASES'!C:D,2,0),IF(A91=\"Insumo\", VLOOKUP(B91,'SINAPI INSUMOS'!B:J,6,0),VLOOKUP(B91,'SINAPI COMP'!B:M,6,0))), VLOOKUP(B91,'OUTRAS BASES'!C:D,2,0))","v":115.12},{"$f":"I91*H91","v":115.12}]
[]
[]
[]
[]
[" 4 ",null,null,"PÓS PERFURAÇÃO"]
[" 4.1 ","Código","Banco","Descrição","Tipo",null,"Und","Quant.","Valor Unit","Total"]
["Composição",6305,"ORSE","Desenvolvimento com Compressor 250psi / 750cfm","Conversão InfoWOrca",null,"h",1,{"$f":"IF(C98=\"SINAPI\", IF( IF(A98=\"Insumo\", VLOOKUP(B98,'SINAPI INSUMOS'!B:J,6,0), VLOOKUP(B98,'SINAPI COMP'!B:M,6,0))=0,VLOOKUP(B98,'OUTRAS BASES'!C:D,2,0),IF(A98=\"Insumo\", VLOOKUP(B98,'SINAPI INSUMOS'!B:J,6,0),VLOOKUP(B98,'SINAPI COMP'!B:M,6,0))), VLOOKUP(B98,'OUTRAS BASES'!C:D,2,0))","v":411.16},{"$f":"I98*H98","v":411.16}]
["Insumo",5030,"ORSE","Desenvolvimento com compressor 250psi - 750cfm h","Serviços",null,"h",1,{"$f":"IF(C99=\"SINAPI\", IF( IF(A99=\"Insumo\", VLOOKUP(B99,'SINAPI INSUMOS'!B:J,6,0), VLOOKUP(B99,'SINAPI COMP'!B:M,6,0))=0,VLOOKUP(B99,'OUTRAS BASES'!C:D,2,0),IF(A99=\"Insumo\", VLOOKUP(B99,'SINAPI INSUMOS'!B:J,6,0),VLOOKUP(B99,'SINAPI COMP'!B:M,6,0))), VLOOKUP(B99,'OUTRAS BASES'!C:D,2,0))","v":411.16},411.16]
[]
[]
[]
[]
[" 4.2 ","Código","Banco","Descrição","Tipo",null,"Und","Quant.","Valor Unit","Total"]
["Composição","COMPOSIÇÃO - 7","Próprio","Inspeção ótica em poço tubular câmera com rotação de 360º, visada lateral, com fonte própria de luz, entregue vídeo em cores e marcação de profundidades.","SEES - SERVIÇOS ESPECIAIS",null,"m",1,{"$f":"SUM(J106:J107)","v":9.6404600000000009},{"$f":"I105*H105","v":9.6404600000000009}]
["Insumo"," H020050004 ","EMBASA","APARELHO DE PERFILAGEM OPTICA","Material",null,"M",1,{"$f":"IF(C106=\"SINAPI\", IF( IF(A106=\"Insumo\", VLOOKUP(B106,'SINAPI INSUMOS'!B:J,6,0), VLOOKUP(B106,'SINAPI COMP'!B:M,6,0))=0,VLOOKUP(B106,'OUTRAS BASES'!C:D,2,0),IF(A106=\"Insumo\", VLOOKUP(B106,'SINAPI INSUMOS'!B:J,6,0),VLOOKUP(B106,'SINAPI COMP'!B:M,6,0))), VLOOKUP(B106,'OUTRAS BASES'!C:D,2,0))","v":4.4000000000000004},4.4000000000000004]
["Insumo"," B590000022 ","EMBASA","TECNICO MEDIO","Mão de Obra",null,"H",8.3500000000000005E-2,{"$f":"IF(C107=\"SINAPI\", IF( IF(A107=\"Insumo\", VLOOKUP(B107,'SINAPI INSUMOS'!B:J,6,0), VLOOKUP(B107,'SINAPI COMP'!B:M,6,0))=0,VLOOKUP(B107,'OUTRAS BASES'!C:D,2,0),IF(A107=\"Insumo\", VLOOKUP(B107,'SINAPI INSUMOS'!B:J,6,0),VLOOKUP(B107,'SINAPI COMP'!B:M,6,0))), VLOOKUP(B107,'OUTRAS BASES'!C:D,2,0))","v":62.76},5.2404600000000006]
[]
[]
[]
[]
[" 4.3 ","Código","Banco","Descrição","Tipo",null,"Und","Quant.","Valor Unit","Total"]
["Composição","COMPOSIÇÃO - 8","Próprio","Serviço de coleta e Análise Físico-Química e Bacteriológica","SEDI - SERVIÇOS DIVERSOS",null,"un",1,{"$f":"SUM(J114:J115)","v":621.19000000000005},{"$f":"I113*H113","v":621.19000000000005}]
["Composição Auxiliar",6312,"ORSE","Análise Físico-química da Água","Conversão InfoWOrca",null,"un",1,{"$f":"IF(C114=\"SINAPI\", IF( IF(A114=\"Insumo\", VLOOKUP(B114,'SINAPI INSUMOS'!B:J,6,0), VLOOKUP(B114,'SINAPI COMP'!B:M,6,0))=0,VLOOKUP(B114,'OUTRAS BASES'!C:D,2,0),IF(A114=\"Insumo\", VLOOKUP(B114,'SINAPI INSUMOS'!B:J,6,0),VLOOKUP(B114,'SINAPI COMP'!B:M,6,0))), VLOOKUP(B114,'OUTRAS BASES'!C:D,2,0))","v":565.21},565.21]
["Composição Auxiliar",6313,"ORSE","Análise Bacteriológica da Água","Conversão InfoWOrca",null,"un",1,{"$f":"IF(C115=\"SINAPI\", IF( IF(A115=\"Insumo\", VLOOKUP(B115,'SINAPI INSUMOS'!B:J,6,0), VLOOKUP(B115,'SINAPI COMP'!B:M,6,0))=0,VLOOKUP(B115,'OUTRAS BASES'!C:D,2,0),IF(A115=\"Insumo\", VLOOKUP(B115,'SINAPI INSUMOS'!B:J,6,0),VLOOKUP(B115,'SINAPI COMP'!B:M,6,0))), VLOOKUP(B115,'OUTRAS BASES'!C:D,2,0))","v":55.98},55.98]
[]
[]
[]
[]
[" 4.4 ","Código","Banco","Descrição","Tipo",null,"Und","Quant.","Valor Unit","Total"]
["Composição"," 24.80.22 ","EMBASA","(REVISADA) DESENVOLVIMENTO OU TESTE COM BOMBA SUBMERSA - UEB1 NO SEDIMENTO COM VAZAO < 60M3 (Ensaio de bombeamento poço tubular incluso materiais e grupo gerador)",2480,null,"H",1,{"$f":"IF(C121=\"SINAPI\", IF( IF(A121=\"Insumo\", VLOOKUP(B121,'SINAPI INSUMOS'!B:J,6,0), VLOOKUP(B121,'SINAPI COMP'!B:M,6,0))=0,VLOOKUP(B121,'OUTRAS BASES'!C:D,2,0),IF(A121=\"Insumo\", VLOOKUP(B121,'SINAPI INSUMOS'!B:J,6,0),VLOOKUP(B121,'SINAPI COMP'!B:M,6,0))), VLOOKUP(B121,'OUTRAS BASES'!C:D,2,0))","v":263.27},{"$f":"I121*H121","v":263.27}]
["Composição Auxiliar"," 24.00.15 ","EMBASA","EQUIPE (3 PROFISSIONAIS CAMPO) - BOMBEIO",2400,null,"H",1,{"$f":"IF(C122=\"SINAPI\", IF( IF(A122=\"Insumo\", VLOOKUP(B122,'SINAPI INSUMOS'!B:J,6,0), VLOOKUP(B122,'SINAPI COMP'!B:M,6,0))=0,VLOOKUP(B122,'OUTRAS BASES'!C:D,2,0),IF(A122=\"Insumo\", VLOOKUP(B122,'SINAPI INSUMOS'!B:J,6,0),VLOOKUP(B122,'SINAPI COMP'!B:M,6,0))), VLOOKUP(B122,'OUTRAS BASES'!C:D,2,0))","v":198.35},198.35]
["Insumo"," H020050001 ","EMBASA","UNIDADE DE ENSAIO E BOMBEAMENTO - UEB1 ATE 150M3 NO SEDIMENTO","Material",null,"H",1,{"$f":"IF(C123=\"SINAPI\", IF( IF(A123=\"Insumo\", VLOOKUP(B123,'SINAPI INSUMOS'!B:J,6,0), VLOOKUP(B123,'SINAPI COMP'!B:M,6,0))=0,VLOOKUP(B123,'OUTRAS BASES'!C:D,2,0),IF(A123=\"Insumo\", VLOOKUP(B123,'SINAPI INSUMOS'!B:J,6,0),VLOOKUP(B123,'SINAPI COMP'!B:M,6,0))), VLOOKUP(B123,'OUTRAS BASES'!C:D,2,0))","v":64.92},64.92]
[]
[]
[]
[]
[" 4.5 ","Código","Banco","Descrição","Tipo",null,"Und","Quant.","Valor Unit","Total"]
["Composição","COMPOSIÇÃO - 9","Próprio","Serviço de instalação de laje sanitária com dimensões (1,5x1,5x0,3) metros , incluso material.","SEDI - SERVIÇOS DIVERSOS",null,"un",1,{"$f":"SUM(J130:J133)","v":689.49675000000002},{"$f":"I129*H129","v":689.49675000000002}]
["Composição Auxiliar",92522,"SINAPI","MONTAGEM E DESMONTAGEM DE FÔRMA DE LAJE MACIÇA, PÉ-DIREITO SIMPLES, EM CHAPA DE MADEIRA COMPENSADA RESINADA, 8 UTILIZAÇÕES. AF_09/2020","Fôrmas para Estruturas de Concreto Armado",null,"m²",1.8,{"$f":"IF(C130=\"SINAPI\", IF( IF(A130=\"Insumo\", VLOOKUP(B130,'SINAPI INSUMOS'!B:J,6,0), VLOOKUP(B130,'SINAPI COMP'!B:M,6,0))=0,VLOOKUP(B130,'OUTRAS BASES'!C:D,2,0),IF(A130=\"Insumo\", VLOOKUP(B130,'SINAPI INSUMOS'!B:J,6,0),VLOOKUP(B130,'SINAPI COMP'!B:M,6,0))), VLOOKUP(B130,'OUTRAS BASES'!C:D,2,0))","v":43.14},77.652000000000001]
["Composição Auxiliar",93358,"SINAPI","ESCAVAÇÃO MANUAL DE VALA COM PROFUNDIDADE MENOR OU IGUAL A 1,30 M. AF_02/2021","Escavação de Valas",null,"m³",0.22500000000000001,{"$f":"IF(C131=\"SINAPI\", IF( IF(A131=\"Insumo\", VLOOKUP(B131,'SINAPI INSUMOS'!B:J,6,0), VLOOKUP(B131,'SINAPI COMP'!B:M,6,0))=0,VLOOKUP(B131,'OUTRAS BASES'!C:D,2,0),IF(A131=\"Insumo\", VLOOKUP(B131,'SINAPI INSUMOS'!B:J,6,0),VLOOKUP(B131,'SINAPI COMP'!B:M,6,0))), VLOOKUP(B131,'OUTRAS BASES'!C:D,2,0))","v":85.52},19.242000000000001]
["Composição Auxiliar",94975,"SINAPI","CONCRETO FCK = 15MPA, TRAÇO 1:3,4:3,5 (EM MASSA SECA DE CIMENTO/ AREIA MÉDIA/ BRITA 1) - PREPARO MANUAL. AF_05/2021","Produção de Concreto",null,"m³",0.67500000000000004,{"$f":"IF(C132=\"SINAPI\", IF( IF(A132=\"Insumo\", VLOOKUP(B132,'SINAPI INSUMOS'!B:J,6,0), VLOOKUP(B132,'SINAPI COMP'!B:M,6,0))=0,VLOOKUP(B132,'OUTRAS BASES'!C:D,2,0),IF(A132=\"Insumo\", VLOOKUP(B132,'SINAPI INSUMOS'!B:J,6,0),VLOOKUP(B132,'SINAPI COMP'!B:M,6,0))), VLOOKUP(B132,'OUTRAS BASES'!C:D,2,0))","v":578.54999999999995},390.52125000000001]
["Composição Auxiliar",103670,"SINAPI","LANÇAMENTO COM USO DE BALDES, ADENSAMENTO E ACABAMENTO DE CONCRETO EM ESTRUTURAS. AF_02/2022","Concretagem para Estruturas de Concreto Armado",null,"m³",0.67500000000000004,{"$f":"IF(C133=\"SINAPI\", IF( IF(A133=\"Insumo\", VLOOKUP(B133,'SINAPI INSUMOS'!B:J,6,0), VLOOKUP(B133,'SINAPI COMP'!B:M,6,0))=0,VLOOKUP(B133,'OUTRAS BASES'!C:D,2,0),IF(A133=\"Insumo\", VLOOKUP(B133,'SINAPI INSUMOS'!B:J,6,0),VLOOKUP(B133,'SINAPI COMP'!B:M,6,0))), VLOOKUP(B133,'OUTRAS BASES'!C:D,2,0))","v":299.38},202.08150000000001]
[]
[]
[]
[]
[" 5 ",null,null,"RESERVAÇÃO"]
[" 5.1 ","Código","Banco","Descrição","Tipo",null,"Und","Quant.","Valor Unit","Total"]
["Composição","COMPOSIÇÃO - 10","Próprio","Fornecimento e instalação de reservatório e base elevada 10 m³","ASTU - ASSENTAMENTO DE TUBOS E PECAS",null,"un",1,{"$f":"SUM(J141:J162)","v":19779.75849},{"$f":"I140*H140","v":19779.75849}]
["Composição Auxiliar",92759,"SINAPI","ARMAÇÃO DE PILAR OU VIGA DE ESTRUTURA CONVENCIONAL DE CONCRETO ARMADO UTILIZANDO AÇO CA-60 DE 5,0 MM - MONTAGEM. AF_06/2022","Armação para Estruturas de Concreto Armado",null,"KG",17.2,{"$f":"IF(C141=\"SINAPI\", IF( IF(A141=\"Insumo\", VLOOKUP(B141,'SINAPI INSUMOS'!B:J,6,0), VLOOKUP(B141,'SINAPI COMP'!B:M,6,0))=0,VLOOKUP(B141,'OUTRAS BASES'!C:D,2,0),IF(A141=\"Insumo\", VLOOKUP(B141,'SINAPI INSUMOS'!B:J,6,0),VLOOKUP(B141,'SINAPI COMP'!B:M,6,0))), VLOOKUP(B141,'OUTRAS BASES'!C:D,2,0))","v":13.05},224.46]
["Composição Auxiliar",92761,"SINAPI","ARMAÇÃO DE PILAR OU VIGA DE ESTRUTURA CONVENCIONAL DE CONCRETO ARMADO UTILIZANDO AÇO CA-50 DE 8,0 MM - MONTAGEM. AF_06/2022","Armação para Estruturas de Concreto Armado",null,"KG",30.4,{"$f":"IF(C142=\"SINAPI\", IF( IF(A142=\"Insumo\", VLOOKUP(B142,'SINAPI INSUMOS'!B:J,6,0), VLOOKUP(B142,'SINAPI COMP'!B:M,6,0))=0,VLOOKUP(B142,'OUTRAS BASES'!C:D,2,0),IF(A142=\"Insumo\", VLOOKUP(B142,'SINAPI INSUMOS'!B:J,6,0),VLOOKUP(B142,'SINAPI COMP'!B:M,6,0))), VLOOKUP(B142,'OUTRAS BASES'!C:D,2,0))","v":11.14},338.65600000000001]
["Composição Auxiliar",92768,"SINAPI","ARMAÇÃO DE LAJE DE ESTRUTURA CONVENCIONAL DE CONCRETO ARMADO UTILIZANDO AÇO CA-60 DE 5,0 MM - MONTAGEM. AF_06/2022","Armação para Estruturas de Concreto Armado",null,"KG",11.9,{"$f":"IF(C143=\"SINAPI\", IF( IF(A143=\"Insumo\", VLOOKUP(B143,'SINAPI INSUMOS'!B:J,6,0), VLOOKUP(B143,'SINAPI COMP'!B:M,6,0))=0,VLOOKUP(B143,'OUTRAS BASES'!C:D,2,0),IF(A143=\"Insumo\", VLOOKUP(B143,'SINAPI INSUMOS'!B:J,6,0),VLOOKUP(B143,'SINAPI COMP'!B:M,6,0))), VLOOKUP(B143,'OUTRAS BASES'!C:D,2,0))","v":12.51},148.869]
["Composição Auxiliar",92770,"SINAPI","ARMAÇÃO DE LAJE DE ESTRUTURA CONVENCIONAL DE CONCRETO ARMADO UTILIZANDO AÇO CA-50 DE 8,0 MM - MONTAGEM. AF_06/2022","Armação para Estruturas de Concreto Armado",null,"KG",48,{"$f":"IF(C144=\"SINAPI\", IF( IF(A144=\"Insumo\", VLOOKUP(B144,'SINAPI INSUMOS'!B:J,6,0), VLOOKUP(B144,'SINAPI COMP'!B:M,6,0))=0,VLOOKUP(B144,'OUTRAS BASES'!C:D,2,0),IF(A144=\"Insumo\", VLOOKUP(B144,'SINAPI INSUMOS'!B:J,6,0),VLOOKUP(B144,'SINAPI COMP'!B:M,6,0))), VLOOKUP(B144,'OUTRAS BASES'!C:D,2,0))","v":10.63},510.24]
["Composição Auxiliar",93358,"SINAPI","ESCAVAÇÃO MANUAL DE VALA COM PROFUNDIDADE MENOR OU IGUAL A 1,30 M. AF_02/2021","Escavação de Valas",null,"m³",5.2,{"$f":"IF(C145=\"SINAPI\", IF( IF(A145=\"Insumo\", VLOOKUP(B145,'SINAPI INSUMOS'!B:J,6,0), VLOOKUP(B145,'SINAPI COMP'!B:M,6,0))=0,VLOOKUP(B145,'OUTRAS BASES'!C:D,2,0),IF(A145=\"Insumo\", VLOOKUP(B145,'SINAPI INSUMOS'!B:J,6,0),VLOOKUP(B145,'SINAPI COMP'!B:M,6,0))), VLOOKUP(B145,'OUTRAS BASES'!C:D,2,0))","v":85.52},444.70400000000001]
["Composição Auxiliar",92763,"SINAPI","ARMAÇÃO DE PILAR OU VIGA DE ESTRUTURA CONVENCIONAL DE CONCRETO ARMADO UTILIZANDO AÇO CA-50 DE 12,5 MM - MONTAGEM. AF_06/2022","Armação para Estruturas de Concreto Armado",null,"KG",118.4,{"$f":"IF(C146=\"SINAPI\", IF( IF(A146=\"Insumo\", VLOOKUP(B146,'SINAPI INSUMOS'!B:J,6,0), VLOOKUP(B146,'SINAPI COMP'!B:M,6,0))=0,VLOOKUP(B146,'OUTRAS BASES'!C:D,2,0),IF(A146=\"Insumo\", VLOOKUP(B146,'SINAPI INSUMOS'!B:J,6,0),VLOOKUP(B146,'SINAPI COMP'!B:M,6,0))), VLOOKUP(B146,'OUTRAS BASES'!C:D,2,0))","v":8.2100000000000009},972.06400000000019]
["Composição Auxiliar",94970,"SINAPI","CONCRETO FCK = 20MPA, TRAÇO 1:2,7:3 (EM MASSA SECA DE CIMENTO/ AREIA MÉDIA/ BRITA 1) - PREPARO MECÂNICO COM BETONEIRA 600 L. AF_05/2021","Produção de Concreto",null,"m³",4.8899999999999997,{"$f":"IF(C147=\"SINAPI\", IF( IF(A147=\"Insumo\", VLOOKUP(B147,'SINAPI INSUMOS'!B:J,6,0), VLOOKUP(B147,'SINAPI COMP'!B:M,6,0))=0,VLOOKUP(B147,'OUTRAS BASES'!C:D,2,0),IF(A147=\"Insumo\", VLOOKUP(B147,'SINAPI INSUMOS'!B:J,6,0),VLOOKUP(B147,'SINAPI COMP'!B:M,6,0))), VLOOKUP(B147,'OUTRAS BASES'!C:D,2,0))","v":557.71},2727.2019]
["Composição Auxiliar",103670,"SINAPI","LANÇAMENTO COM USO DE BALDES, ADENSAMENTO E ACABAMENTO DE CONCRETO EM ESTRUTURAS. AF_02/2022","Concretagem para Estruturas de Concreto Armado",null,"m³",6.85,{"$f":"IF(C148=\"SINAPI\", IF( IF(A148=\"Insumo\", VLOOKUP(B148,'SINAPI INSUMOS'!B:J,6,0), VLOOKUP(B148,'SINAPI COMP'!B:M,6,0))=0,VLOOKUP(B148,'OUTRAS BASES'!C:D,2,0),IF(A148=\"Insumo\", VLOOKUP(B148,'SINAPI INSUMOS'!B:J,6,0),VLOOKUP(B148,'SINAPI COMP'!B:M,6,0))), VLOOKUP(B148,'OUTRAS BASES'!C:D,2,0))","v":299.38},2050.7529999999997]
["Composição Auxiliar",84651,"SINAPI","PINTURA COM TINTA IMPERMEAVEL MINERAL EM PO, DUAS DEMAOS","PINT - PINTURAS",null,"m²",28.27,{"$f":"IF(C149=\"SINAPI\", IF( IF(A149=\"Insumo\", VLOOKUP(B149,'SINAPI INSUMOS'!B:J,6,0), VLOOKUP(B149,'SINAPI COMP'!B:M,6,0))=0,VLOOKUP(B149,'OUTRAS BASES'!C:D,2,0),IF(A149=\"Insumo\", VLOOKUP(B149,'SINAPI INSUMOS'!B:J,6,0),VLOOKUP(B149,'SINAPI COMP'!B:M,6,0))), VLOOKUP(B149,'OUTRAS BASES'!C:D,2,0))","v":14.496999999999998},409.83018999999996]
["Composição Auxiliar",90776,"SINAPI","ENCARREGADO GERAL COM ENCARGOS COMPLEMENTARES","Livro SINAPI: Cálculos e Parâmetros",null,"H",1,{"$f":"IF(C150=\"SINAPI\", IF( IF(A150=\"Insumo\", VLOOKUP(B150,'SINAPI INSUMOS'!B:J,6,0), VLOOKUP(B150,'SINAPI COMP'!B:M,6,0))=0,VLOOKUP(B150,'OUTRAS BASES'!C:D,2,0),IF(A150=\"Insumo\", VLOOKUP(B150,'SINAPI INSUMOS'!B:J,6,0),VLOOKUP(B150,'SINAPI COMP'!B:M,6,0))), VLOOKUP(B150,'OUTRAS BASES'!C:D,2,0))","v":31.28},31.28]
["Composição Auxiliar",102482,"SINAPI","CONCRETO FCK = 25MPA, TRAÇO 1:2,2:2,5 (EM MASSA SECA DE CIMENTO/ AREIA MÉDIA/ SEIXO ROLADO) - PREPARO MECÂNICO COM BETONEIRA 600 L. AF_05/2021","Produção de Concreto",null,"m³",1.96,{"$f":"IF(C151=\"SINAPI\", IF( IF(A151=\"Insumo\", VLOOKUP(B151,'SINAPI INSUMOS'!B:J,6,0), VLOOKUP(B151,'SINAPI COMP'!B:M,6,0))=0,VLOOKUP(B151,'OUTRAS BASES'!C:D,2,0),IF(A151=\"Insumo\", VLOOKUP(B151,'SINAPI INSUMOS'!B:J,6,0),VLOOKUP(B151,'SINAPI COMP'!B:M,6,0))), VLOOKUP(B151,'OUTRAS BASES'!C:D,2,0))","v":585.88},1148.3247999999999]
["Composição Auxiliar",92263,"SINAPI","FABRICAÇÃO DE FÔRMA PARA PILARES E ESTRUTURAS SIMILARES, EM CHAPA DE MADEIRA COMPENSADA RESINADA, E = 17 MM. AF_09/2020","Fôrmas para Estruturas de Concreto Armado",null,"m²",25.19,{"$f":"IF(C152=\"SINAPI\", IF( IF(A152=\"Insumo\", VLOOKUP(B152,'SINAPI INSUMOS'!B:J,6,0), VLOOKUP(B152,'SINAPI COMP'!B:M,6,0))=0,VLOOKUP(B152,'OUTRAS BASES'!C:D,2,0),IF(A152=\"Insumo\", VLOOKUP(B152,'SINAPI INSUMOS'!B:J,6,0),VLOOKUP(B152,'SINAPI COMP'!B:M,6,0))), VLOOKUP(B152,'OUTRAS BASES'!C:D,2,0))","v":178.14},4487.3465999999999]
["Composição Auxiliar",88267,"SINAPI","ENCANADOR OU BOMBEIRO HIDRÁULICO COM ENCARGOS COMPLEMENTARES","Livro SINAPI: Cálculos e Parâmetros",null,"H",4,{"$f":"IF(C153=\"SINAPI\", IF( IF(A153=\"Insumo\", VLOOKUP(B153,'SINAPI INSUMOS'!B:J,6,0), VLOOKUP(B153,'SINAPI COMP'!B:M,6,0))=0,VLOOKUP(B153,'OUTRAS BASES'!C:D,2,0),IF(A153=\"Insumo\", VLOOKUP(B153,'SINAPI INSUMOS'!B:J,6,0),VLOOKUP(B153,'SINAPI COMP'!B:M,6,0))), VLOOKUP(B153,'OUTRAS BASES'!C:D,2,0))","v":30.28},121.12]
["Composição Auxiliar",88248,"SINAPI","AUXILIAR DE ENCANADOR OU BOMBEIRO HIDRÁULICO COM ENCARGOS COMPLEMENTARES","Livro SINAPI: Cálculos e Parâmetros",null,"H",4,{"$f":"IF(C154=\"SINAPI\", IF( IF(A154=\"Insumo\", VLOOKUP(B154,'SINAPI INSUMOS'!B:J,6,0), VLOOKUP(B154,'SINAPI COMP'!B:M,6,0))=0,VLOOKUP(B154,'OUTRAS BASES'!C:D,2,0),IF(A154=\"Insumo\", VLOOKUP(B154,'SINAPI INSUMOS'!B:J,6,0),VLOOKUP(B154,'SINAPI COMP'!B:M,6,0))), VLOOKUP(B154,'OUTRAS BASES'!C:D,2,0))","v":24.51},98.04]
["Insumo",3146,"SINAPI","FITA VEDA ROSCA EM ROLOS DE 18 MM X 10 M (L X C)","Material",null,"UN",0.18,{"$f":"IF(C155=\"SINAPI\", IF( IF(A155=\"Insumo\", VLOOKUP(B155,'SINAPI INSUMOS'!B:J,6,0), VLOOKUP(B155,'SINAPI COMP'!B:M,6,0))=0,VLOOKUP(B155,'OUTRAS BASES'!C:D,2,0),IF(A155=\"Insumo\", VLOOKUP(B155,'SINAPI INSUMOS'!B:J,6,0),VLOOKUP(B155,'SINAPI COMP'!B:M,6,0))), VLOOKUP(B155,'OUTRAS BASES'!C:D,2,0))","v":4},0.72]
["Insumo",37106,"SINAPI","CAIXA D'AGUA / RESERVATORIO EM POLIESTER REFORCADO COM FIBRA DE VIDRO, 10000 LITROS, COM TAMPA","Material",null,"UN",1,{"$f":"IF(C156=\"SINAPI\", IF( IF(A156=\"Insumo\", VLOOKUP(B156,'SINAPI INSUMOS'!B:J,6,0), VLOOKUP(B156,'SINAPI COMP'!B:M,6,0))=0,VLOOKUP(B156,'OUTRAS BASES'!C:D,2,0),IF(A156=\"Insumo\", VLOOKUP(B156,'SINAPI INSUMOS'!B:J,6,0),VLOOKUP(B156,'SINAPI COMP'!B:M,6,0))), VLOOKUP(B156,'OUTRAS BASES'!C:D,2,0))","v":5811.8},5811.8]
["Insumo",14073,"ORSE","CURVA 90º PVC D=50MM, LINHA IRRIGA-LF, TIGRE OU SIMILAR","Material",null,"UM",3,{"$f":"IF(C157=\"SINAPI\", IF( IF(A157=\"Insumo\", VLOOKUP(B157,'SINAPI INSUMOS'!B:J,6,0), VLOOKUP(B157,'SINAPI COMP'!B:M,6,0))=0,VLOOKUP(B157,'OUTRAS BASES'!C:D,2,0),IF(A157=\"Insumo\", VLOOKUP(B157,'SINAPI INSUMOS'!B:J,6,0),VLOOKUP(B157,'SINAPI COMP'!B:M,6,0))), VLOOKUP(B157,'OUTRAS BASES'!C:D,2,0))","v":8.1},24.299999999999997]
["Insumo",14068,"ORSE","Tubo PVC para irrigação LF PN 80 Ø 50mm, linha Irriga-LF, Tigre ou similar","Material",null,"UN",15.2,{"$f":"IF(C158=\"SINAPI\", IF( IF(A158=\"Insumo\", VLOOKUP(B158,'SINAPI INSUMOS'!B:J,6,0), VLOOKUP(B158,'SINAPI COMP'!B:M,6,0))=0,VLOOKUP(B158,'OUTRAS BASES'!C:D,2,0),IF(A158=\"Insumo\", VLOOKUP(B158,'SINAPI INSUMOS'!B:J,6,0),VLOOKUP(B158,'SINAPI COMP'!B:M,6,0))), VLOOKUP(B158,'OUTRAS BASES'!C:D,2,0))","v":9.27},140.904]
["Insumo",1434,"ORSE","Luva pvc rigido roscavel d=2 \"","Material",null,"UN",1,{"$f":"IF(C159=\"SINAPI\", IF( IF(A159=\"Insumo\", VLOOKUP(B159,'SINAPI INSUMOS'!B:J,6,0), VLOOKUP(B159,'SINAPI COMP'!B:M,6,0))=0,VLOOKUP(B159,'OUTRAS BASES'!C:D,2,0),IF(A159=\"Insumo\", VLOOKUP(B159,'SINAPI INSUMOS'!B:J,6,0),VLOOKUP(B159,'SINAPI COMP'!B:M,6,0))), VLOOKUP(B159,'OUTRAS BASES'!C:D,2,0))","v":28.58},28.58]
["Insumo",90,"ORSE","Adaptador curto, pvc rigido soldavel,  c/ bolsa e rosca p/  registro, d=  50mm x 1 1/2”","Material",null,"UN",1,{"$f":"IF(C160=\"SINAPI\", IF( IF(A160=\"Insumo\", VLOOKUP(B160,'SINAPI INSUMOS'!B:J,6,0), VLOOKUP(B160,'SINAPI COMP'!B:M,6,0))=0,VLOOKUP(B160,'OUTRAS BASES'!C:D,2,0),IF(A160=\"Insumo\", VLOOKUP(B160,'SINAPI INSUMOS'!B:J,6,0),VLOOKUP(B160,'SINAPI COMP'!B:M,6,0))), VLOOKUP(B160,'OUTRAS BASES'!C:D,2,0))","v":4.2},4.2]
["Insumo",99,"SINAPI","ADAPTADOR PVC SOLDAVEL, COM FLANGE E ANEL DE VEDACAO, 50 MM X 1 1/2\", PARA CAIXA D'AGUA","Material",null,"UN",2,{"$f":"IF(C161=\"SINAPI\", IF( IF(A161=\"Insumo\", VLOOKUP(B161,'SINAPI INSUMOS'!B:J,6,0), VLOOKUP(B161,'SINAPI COMP'!B:M,6,0))=0,VLOOKUP(B161,'OUTRAS BASES'!C:D,2,0),IF(A161=\"Insumo\", VLOOKUP(B161,'SINAPI INSUMOS'!B:J,6,0),VLOOKUP(B161,'SINAPI COMP'!B:M,6,0))), VLOOKUP(B161,'OUTRAS BASES'!C:D,2,0))","v":26.27},52.54]
["Insumo",119,"SINAPI","ADESIVO PLASTICO PARA PVC, BISNAGA COM 75 GR","Material",null,"UN",0.45,{"$f":"IF(C162=\"SINAPI\", IF( IF(A162=\"Insumo\", VLOOKUP(B162,'SINAPI INSUMOS'!B:J,6,0), VLOOKUP(B162,'SINAPI COMP'!B:M,6,0))=0,VLOOKUP(B162,'OUTRAS BASES'!C:D,2,0),IF(A162=\"Insumo\", VLOOKUP(B162,'SINAPI INSUMOS'!B:J,6,0),VLOOKUP(B162,'SINAPI COMP'!B:M,6,0))), VLOOKUP(B162,'OUTRAS BASES'!C:D,2,0))","v":8.5},3.8250000000000002]
[]
[]
[]
[]
[" 5.2 ","Código","Banco","Descrição","Tipo",null,"Und","Quant.","Valor Unit","Total"]
["Composição","COMPOSIÇÃO - 11","Próprio","Fornecimento e execução de reservatório apoiado de 5 m³","SEDI - SERVIÇOS DIVERSOS",null,"un",1,{"$f":"SUM(J169:J178)","v":8664.0632499999992},{"$f":"I168*H168","v":8664.0632499999992}]
["Composição Auxiliar",88309,"SINAPI","PEDREIRO COM ENCARGOS COMPLEMENTARES","Livro SINAPI: Cálculos e Parâmetros",null,"H",3,{"$f":"IF(C169=\"SINAPI\", IF( IF(A169=\"Insumo\", VLOOKUP(B169,'SINAPI INSUMOS'!B:J,6,0), VLOOKUP(B169,'SINAPI COMP'!B:M,6,0))=0,VLOOKUP(B169,'OUTRAS BASES'!C:D,2,0),IF(A169=\"Insumo\", VLOOKUP(B169,'SINAPI INSUMOS'!B:J,6,0),VLOOKUP(B169,'SINAPI COMP'!B:M,6,0))), VLOOKUP(B169,'OUTRAS BASES'!C:D,2,0))","v":28.17},84.51]
["Composição Auxiliar",88316,"SINAPI","SERVENTE COM ENCARGOS COMPLEMENTARES","Livro SINAPI: Cálculos e Parâmetros",null,"H",3,{"$f":"IF(C170=\"SINAPI\", IF( IF(A170=\"Insumo\", VLOOKUP(B170,'SINAPI INSUMOS'!B:J,6,0), VLOOKUP(B170,'SINAPI COMP'!B:M,6,0))=0,VLOOKUP(B170,'OUTRAS BASES'!C:D,2,0),IF(A170=\"Insumo\", VLOOKUP(B170,'SINAPI INSUMOS'!B:J,6,0),VLOOKUP(B170,'SINAPI COMP'!B:M,6,0))), VLOOKUP(B170,'OUTRAS BASES'!C:D,2,0))","v":21.62},64.86]
["Composição Auxiliar",102617,"SINAPI","CAIXA D´ÁGUA EM POLIÉSTER REFORÇADO COM FIBRA DE VIDRO, 5000 LITROS - FORNECIMENTO E INSTALAÇÃO. AF_06/2021","Caixas de Água para Edificações",null,"UN",1,{"$f":"IF(C171=\"SINAPI\", IF( IF(A171=\"Insumo\", VLOOKUP(B171,'SINAPI INSUMOS'!B:J,6,0), VLOOKUP(B171,'SINAPI COMP'!B:M,6,0))=0,VLOOKUP(B171,'OUTRAS BASES'!C:D,2,0),IF(A171=\"Insumo\", VLOOKUP(B171,'SINAPI INSUMOS'!B:J,6,0),VLOOKUP(B171,'SINAPI COMP'!B:M,6,0))), VLOOKUP(B171,'OUTRAS BASES'!C:D,2,0))","v":3929.36},3929.36]
["Composição Auxiliar",92767,"SINAPI","ARMAÇÃO DE LAJE DE UMA ESTRUTURA CONVENCIONAL DE CONCRETO ARMADO UTILIZANDO AÇO CA-60 DE 4,2 MM - MONTAGEM. AF_12/2015","FUES - FUNDAÇÕES E ESTRUTURAS",null,"KG",3.04,{"$f":"IF(C172=\"SINAPI\", IF( IF(A172=\"Insumo\", VLOOKUP(B172,'SINAPI INSUMOS'!B:J,6,0), VLOOKUP(B172,'SINAPI COMP'!B:M,6,0))=0,VLOOKUP(B172,'OUTRAS BASES'!C:D,2,0),IF(A172=\"Insumo\", VLOOKUP(B172,'SINAPI INSUMOS'!B:J,6,0),VLOOKUP(B172,'SINAPI COMP'!B:M,6,0))), VLOOKUP(B172,'OUTRAS BASES'!C:D,2,0))","v":14.5},44.08]
["Composição Auxiliar",104917,"SINAPI","ARMAÇAO DE SAPATA ISOLADA, VIGA BALDRAME E SAPATA CORRIDA UTILIZANDO AÇO CA-50 DE 6,3 MM - MONTAGEM AD_01/2024","FUES - FUNDAÇÕES E ESTRUTURAS",null,"KG",9.3000000000000007,{"$f":"IF(C173=\"SINAPI\", IF( IF(A173=\"Insumo\", VLOOKUP(B173,'SINAPI INSUMOS'!B:J,6,0), VLOOKUP(B173,'SINAPI COMP'!B:M,6,0))=0,VLOOKUP(B173,'OUTRAS BASES'!C:D,2,0),IF(A173=\"Insumo\", VLOOKUP(B173,'SINAPI INSUMOS'!B:J,6,0),VLOOKUP(B173,'SINAPI COMP'!B:M,6,0))), VLOOKUP(B173,'OUTRAS BASES'!C:D,2,0))","v":14.36},133.548]
["Composição Auxiliar",92760,"SINAPI","ARMAÇÃO DE PILAR OU VIGA DE ESTRTURA CONVENCIONAL DE CONCRETO ARMADO UTILIZANDO AÇO CA-50 DE 6,3 MM - MONTAGEM. AF_12/2015","FUES - FUNDAÇÕES E ESTRUTURAS",null,"KG",16.3,{"$f":"IF(C174=\"SINAPI\", IF( IF(A174=\"Insumo\", VLOOKUP(B174,'SINAPI INSUMOS'!B:J,6,0), VLOOKUP(B174,'SINAPI COMP'!B:M,6,0))=0,VLOOKUP(B174,'OUTRAS BASES'!C:D,2,0),IF(A174=\"Insumo\", VLOOKUP(B174,'SINAPI INSUMOS'!B:J,6,0),VLOOKUP(B174,'SINAPI COMP'!B:M,6,0))), VLOOKUP(B174,'OUTRAS BASES'!C:D,2,0))","v":12.04},196.25199999999998]
["Composição Auxiliar",94964,"SINAPI","CONCRETO FCK = 20MPA, TRAÇO 1:2,7:3 (EM MASSA SECA DE CIMENTO/ AREIA MÉDIA/ BRITA 1) - PREPARO MECÂNICO COM BETONEIRA 400 L. AF_05/2021","Produção de Concreto",null,"m³",1.56,{"$f":"IF(C175=\"SINAPI\", IF( IF(A175=\"Insumo\", VLOOKUP(B175,'SINAPI INSUMOS'!B:J,6,0), VLOOKUP(B175,'SINAPI COMP'!B:M,6,0))=0,VLOOKUP(B175,'OUTRAS BASES'!C:D,2,0),IF(A175=\"Insumo\", VLOOKUP(B175,'SINAPI INSUMOS'!B:J,6,0),VLOOKUP(B175,'SINAPI COMP'!B:M,6,0))), VLOOKUP(B175,'OUTRAS BASES'!C:D,2,0))","v":569.37},888.21720000000005]
["Composição Auxiliar",84651,"SINAPI","PINTURA COM TINTA IMPERMEAVEL MINERAL EM PO, DUAS DEMAOS","PINT - PINTURAS",null,"m²",7.85,{"$f":"IF(C176=\"SINAPI\", IF( IF(A176=\"Insumo\", VLOOKUP(B176,'SINAPI INSUMOS'!B:J,6,0), VLOOKUP(B176,'SINAPI COMP'!B:M,6,0))=0,VLOOKUP(B176,'OUTRAS BASES'!C:D,2,0),IF(A176=\"Insumo\", VLOOKUP(B176,'SINAPI INSUMOS'!B:J,6,0),VLOOKUP(B176,'SINAPI COMP'!B:M,6,0))), VLOOKUP(B176,'OUTRAS BASES'!C:D,2,0))","v":14.496999999999998},113.80144999999997]
["Composição Auxiliar",92263,"SINAPI","FABRICAÇÃO DE FÔRMA PARA PILARES E ESTRUTURAS SIMILARES, EM CHAPA DE MADEIRA COMPENSADA RESINADA, E = 17 MM. AF_09/2020","FUES - FUNDAÇÕES E ESTRUTURAS",null,"KG",16.989999999999998,{"$f":"IF(C177=\"SINAPI\", IF( IF(A177=\"Insumo\", VLOOKUP(B177,'SINAPI INSUMOS'!B:J,6,0), VLOOKUP(B177,'SINAPI COMP'!B:M,6,0))=0,VLOOKUP(B177,'OUTRAS BASES'!C:D,2,0),IF(A177=\"Insumo\", VLOOKUP(B177,'SINAPI INSUMOS'!B:J,6,0),VLOOKUP(B177,'SINAPI COMP'!B:M,6,0))), VLOOKUP(B177,'OUTRAS BASES'!C:D,2,0))","v":178.14},3026.5985999999994]
["Composição Auxiliar",92770,"SINAPI","ARMAÇÃO DE LAJE DE UMA ESTRUTURA CONVENCIONAL DE CONCRETO ARMADO UTILIZANDO AÇO CA-50 DE 8,0 MM - MONTAGEM. AF_06/2022","FUES - FUNDAÇÕES E ESTRUTURAS",null,"KG",17.2,{"$f":"IF(C178=\"SINAPI\", IF( IF(A178=\"Insumo\", VLOOKUP(B178,'SINAPI INSUMOS'!B:J,6,0), VLOOKUP(B178,'SINAPI COMP'!B:M,6,0))=0,VLOOKUP(B178,'OUTRAS BASES'!C:D,2,0),IF(A178=\"Insumo\", VLOOKUP(B178,'SINAPI INSUMOS'!B:J,6,0),VLOOKUP(B178,'SINAPI COMP'!B:M,6,0))), VLOOKUP(B178,'OUTRAS BASES'!C:D,2,0))","v":10.63},182.83600000000001]
[]
[]
[]
[]
[" 6 ",null,null,"BEBEDOURO"]
[" 6.1 ","Código","Banco","Descrição","Tipo",null,"Und","Quant.","Valor Unit","Total"]
["Composição","COMPOSIÇÃO - 12","Próprio","Serviço de execução do bebedouro em concreto armado, incluso materiais.","SEDI - SERVIÇOS DIVERSOS",null,"un",1,{"$f":"SUM(J186:J191)","v":1803.9196999999999},{"$f":"I185*H185","v":1803.9196999999999}]
["Composição Auxiliar",92916,"SINAPI","ARMAÇÃODE ESTRUTURAS DIVERSAS DE CONCRETO ARMADO, EXCETO VIGA, PILARES, LAJES E FUNDAÇÕES, UTILIZANDO AÇO CA-50 DE 6,3 MM - MONTAGEM. AF_06/2022","Armação para Estruturas de Concreto Armado",null,"KG",6,{"$f":"IF(C186=\"SINAPI\", IF( IF(A186=\"Insumo\", VLOOKUP(B186,'SINAPI INSUMOS'!B:J,6,0), VLOOKUP(B186,'SINAPI COMP'!B:M,6,0))=0,VLOOKUP(B186,'OUTRAS BASES'!C:D,2,0),IF(A186=\"Insumo\", VLOOKUP(B186,'SINAPI INSUMOS'!B:J,6,0),VLOOKUP(B186,'SINAPI COMP'!B:M,6,0))), VLOOKUP(B186,'OUTRAS BASES'!C:D,2,0))","v":14.09},84.539999999999992]
["Composição Auxiliar",92915,"SINAPI","ARMAÇÃODE ESTRUTURAS DIVERSAS DE CONCRETO ARMADO, EXCETO VIGA, PILARES, LAJES E FUNDAÇÕES, UTILIZANDO AÇO CA-60 DE 5,0 MM - MONTAGEM. AF_06/2022","Armação para Estruturas de Concreto Armado",null,"KG",13,{"$f":"IF(C187=\"SINAPI\", IF( IF(A187=\"Insumo\", VLOOKUP(B187,'SINAPI INSUMOS'!B:J,6,0), VLOOKUP(B187,'SINAPI COMP'!B:M,6,0))=0,VLOOKUP(B187,'OUTRAS BASES'!C:D,2,0),IF(A187=\"Insumo\", VLOOKUP(B187,'SINAPI INSUMOS'!B:J,6,0),VLOOKUP(B187,'SINAPI COMP'!B:M,6,0))), VLOOKUP(B187,'OUTRAS BASES'!C:D,2,0))","v":15.83},205.79]
["Composição Auxiliar",92921,"SINAPI","ARMAÇÃODE ESTRUTURAS DIVERSAS DE CONCRETO ARMADO, EXCETO VIGA, PILARES, LAJES E FUNDAÇÕES, UTILIZANDO AÇO CA-50 DE 12,5 MM - MONTAGEM. AF_06/2022","Armação para Estruturas de Concreto Armado",null,"KG",12,{"$f":"IF(C188=\"SINAPI\", IF( IF(A188=\"Insumo\", VLOOKUP(B188,'SINAPI INSUMOS'!B:J,6,0), VLOOKUP(B188,'SINAPI COMP'!B:M,6,0))=0,VLOOKUP(B188,'OUTRAS BASES'!C:D,2,0),IF(A188=\"Insumo\", VLOOKUP(B188,'SINAPI INSUMOS'!B:J,6,0),VLOOKUP(B188,'SINAPI COMP'!B:M,6,0))), VLOOKUP(B188,'OUTRAS BASES'!C:D,2,0))","v":8.8800000000000008},106.56]
["Composição Auxiliar",94971,"SINAPI","CONCRETO FCK = 25MPA, TRAÇO 1:2,3:2:2,7(EM MASSA SECA DE CIMENTO, AREIA MÉDIA, BRITA 1) - PREPARO MECÂNICO COM BETONEIRA 600l. AF_05/2021","Produção de concreto",null,"m³",0.374,{"$f":"IF(C189=\"SINAPI\", IF( IF(A189=\"Insumo\", VLOOKUP(B189,'SINAPI INSUMOS'!B:J,6,0), VLOOKUP(B189,'SINAPI COMP'!B:M,6,0))=0,VLOOKUP(B189,'OUTRAS BASES'!C:D,2,0),IF(A189=\"Insumo\", VLOOKUP(B189,'SINAPI INSUMOS'!B:J,6,0),VLOOKUP(B189,'SINAPI COMP'!B:M,6,0))), VLOOKUP(B189,'OUTRAS BASES'!C:D,2,0))","v":589.20000000000005},220.36080000000001]
["Composição Auxiliar",92263,"SINAPI","FABRICAÇÃO DE FÔRMA PARA PILARES E ESTRUTURAS SIMILARES, EM CHAPA DE MADEIRA COMPENSADA RESINADA, E = 17 MM. AF_09/2020","FUES - FUNDAÇÕES E ESTRUTURAS",null,"m²",6.21,{"$f":"IF(C190=\"SINAPI\", IF( IF(A190=\"Insumo\", VLOOKUP(B190,'SINAPI INSUMOS'!B:J,6,0), VLOOKUP(B190,'SINAPI COMP'!B:M,6,0))=0,VLOOKUP(B190,'OUTRAS BASES'!C:D,2,0),IF(A190=\"Insumo\", VLOOKUP(B190,'SINAPI INSUMOS'!B:J,6,0),VLOOKUP(B190,'SINAPI COMP'!B:M,6,0))), VLOOKUP(B190,'OUTRAS BASES'!C:D,2,0))","v":178.14},1106.2493999999999]
["Composição Auxiliar","15.07.09","EMBASA","PINTURA LÁTEX ACRÍLICA, APLICAÇÃO MANUAL EM DUAS DEMÃOS ","EDIFICAÇÕES",null,"m² ",6.21,{"$f":"IF(C191=\"SINAPI\", IF( IF(A191=\"Insumo\", VLOOKUP(B191,'SINAPI INSUMOS'!B:J,6,0), VLOOKUP(B191,'SINAPI COMP'!B:M,6,0))=0,VLOOKUP(B191,'OUTRAS BASES'!C:D,2,0),IF(A191=\"Insumo\", VLOOKUP(B191,'SINAPI INSUMOS'!B:J,6,0),VLOOKUP(B191,'SINAPI COMP'!B:M,6,0))), VLOOKUP(B191,'OUTRAS BASES'!C:D,2,0))","v":12.95},80.419499999999999]
[]
[]
[]
[]
[" 7 ",null,null,"CHAFARIZ"]
[" 7.1 ","Código","Banco","Descrição","Tipo",null,"Und","Quant.","Valor Unit","Total"]
["Composição","COMPOSIÇÃO - 13","Próprio","Fornecimento de material e instalação do chafariz","ASTU - ASSENTAMENTO DE TUBOS E PECAS",null,"un",1,{"$f":"SUM(J199:J217)","v":951.70971169600011},{"$f":"I198*H198","v":951.70971169600011}]
["Composição Auxiliar",88267,"SINAPI","ENCANADOR OU BOMBEIRO HIDRÁULICO COM ENCARGOS COMPLEMENTARES","Livro SINAPI: Cálculos e Parâmetros",null,"H",2,{"$f":"IF(C199=\"SINAPI\", IF( IF(A199=\"Insumo\", VLOOKUP(B199,'SINAPI INSUMOS'!B:J,6,0), VLOOKUP(B199,'SINAPI COMP'!B:M,6,0))=0,VLOOKUP(B199,'OUTRAS BASES'!C:D,2,0),IF(A199=\"Insumo\", VLOOKUP(B199,'SINAPI INSUMOS'!B:J,6,0),VLOOKUP(B199,'SINAPI COMP'!B:M,6,0))), VLOOKUP(B199,'OUTRAS BASES'!C:D,2,0))","v":30.28},60.56]
["Composição Auxiliar",88248,"SINAPI","AUXILIAR DE ENCANADOR OU BOMBEIRO HIDRÁULICO COM ENCARGOS COMPLEMENTARES","Livro SINAPI: Cálculos e Parâmetros",null,"H",2,{"$f":"IF(C200=\"SINAPI\", IF( IF(A200=\"Insumo\", VLOOKUP(B200,'SINAPI INSUMOS'!B:J,6,0), VLOOKUP(B200,'SINAPI COMP'!B:M,6,0))=0,VLOOKUP(B200,'OUTRAS BASES'!C:D,2,0),IF(A200=\"Insumo\", VLOOKUP(B200,'SINAPI INSUMOS'!B:J,6,0),VLOOKUP(B200,'SINAPI COMP'!B:M,6,0))), VLOOKUP(B200,'OUTRAS BASES'!C:D,2,0))","v":24.51},49.02]
["Composição Auxiliar",93358,"SINAPI","ESCAVAÇÃO MANUAL DE VALA COM PROFUNDIDADE MENOR OU IGUAL A 1,30 M. AF_02/2021","Escavação de Valas",null,"m³",7.8539800000000007E-2,{"$f":"IF(C201=\"SINAPI\", IF( IF(A201=\"Insumo\", VLOOKUP(B201,'SINAPI INSUMOS'!B:J,6,0), VLOOKUP(B201,'SINAPI COMP'!B:M,6,0))=0,VLOOKUP(B201,'OUTRAS BASES'!C:D,2,0),IF(A201=\"Insumo\", VLOOKUP(B201,'SINAPI INSUMOS'!B:J,6,0),VLOOKUP(B201,'SINAPI COMP'!B:M,6,0))), VLOOKUP(B201,'OUTRAS BASES'!C:D,2,0))","v":85.52},6.7167236959999999]
["Composição Auxiliar",96533,"SINAPI","FABRICAÇÃO, MONTAGEM E DESMONTAGEM DE FÔRMA PARA VIGA BALDRAME, EM MADEIRA SERRADA, E=25 MM, 4 UTILIZAÇÕES. AF_01/2024","FUES - FUNDAÇÕES E ESTRUTURAS",null,"m²",0.628,{"$f":"IF(C202=\"SINAPI\", IF( IF(A202=\"Insumo\", VLOOKUP(B202,'SINAPI INSUMOS'!B:J,6,0), VLOOKUP(B202,'SINAPI COMP'!B:M,6,0))=0,VLOOKUP(B202,'OUTRAS BASES'!C:D,2,0),IF(A202=\"Insumo\", VLOOKUP(B202,'SINAPI INSUMOS'!B:J,6,0),VLOOKUP(B202,'SINAPI COMP'!B:M,6,0))), VLOOKUP(B202,'OUTRAS BASES'!C:D,2,0))","v":101.26},63.591280000000005]
["Composição Auxiliar",94963,"SINAPI","CONCRETO FCK = 15MPA, TRAÇO 1:3,4:3,5 (EM MASSA SECA DE CIMENTO/ AREIA MÉDIA/ BRITA 1) - PREPARO MANUAL. AF_05/2021","Produção de Concreto",null,"m³",0.157,{"$f":"IF(C203=\"SINAPI\", IF( IF(A203=\"Insumo\", VLOOKUP(B203,'SINAPI INSUMOS'!B:J,6,0), VLOOKUP(B203,'SINAPI COMP'!B:M,6,0))=0,VLOOKUP(B203,'OUTRAS BASES'!C:D,2,0),IF(A203=\"Insumo\", VLOOKUP(B203,'SINAPI INSUMOS'!B:J,6,0),VLOOKUP(B203,'SINAPI COMP'!B:M,6,0))), VLOOKUP(B203,'OUTRAS BASES'!C:D,2,0))","v":520.97},81.792290000000008]
["Composição Auxiliar",87904,"SINAPI","CHAPISCO APLICADO EM ALVENARIA (COM PRESENÇA DE VÃOS) E ESTRUTURAS DE CONCRETO DE FACHADA, COM COLHER DE PEDREIRO.  ARGAMASSA TRAÇO 1:3 COM PREPARO MANUAL. AF_10/2022","Chapisco",null,"m²",0.314,{"$f":"IF(C204=\"SINAPI\", IF( IF(A204=\"Insumo\", VLOOKUP(B204,'SINAPI INSUMOS'!B:J,6,0), VLOOKUP(B204,'SINAPI COMP'!B:M,6,0))=0,VLOOKUP(B204,'OUTRAS BASES'!C:D,2,0),IF(A204=\"Insumo\", VLOOKUP(B204,'SINAPI INSUMOS'!B:J,6,0),VLOOKUP(B204,'SINAPI COMP'!B:M,6,0))), VLOOKUP(B204,'OUTRAS BASES'!C:D,2,0))","v":8.85},2.7788999999999997]
["Composição Auxiliar",87529,"SINAPI","MASSA ÚNICA, EM ARGAMASSA TRAÇO 1:2:8, PREPARO MECÂNICO, APLICADA MANUALMENTE EM PAREDES INTERNAS DE AMBIENTES COM ÁREA ENTRE 5M² E 10M², E = 17,5MM, COM TALISCAS. AF_03/2024","Massa Única Interna",null,"m²",0.314,{"$f":"IF(C205=\"SINAPI\", IF( IF(A205=\"Insumo\", VLOOKUP(B205,'SINAPI INSUMOS'!B:J,6,0), VLOOKUP(B205,'SINAPI COMP'!B:M,6,0))=0,VLOOKUP(B205,'OUTRAS BASES'!C:D,2,0),IF(A205=\"Insumo\", VLOOKUP(B205,'SINAPI INSUMOS'!B:J,6,0),VLOOKUP(B205,'SINAPI COMP'!B:M,6,0))), VLOOKUP(B205,'OUTRAS BASES'!C:D,2,0))","v":39.39},12.368460000000001]
["Composição Auxiliar",84651,"SINAPI","PINTURA COM TINTA IMPERMEAVEL MINERAL EM PO, DUAS DEMAOS","PINT - PINTURAS",null,"m²",0.314,{"$f":"IF(C206=\"SINAPI\", IF( IF(A206=\"Insumo\", VLOOKUP(B206,'SINAPI INSUMOS'!B:J,6,0), VLOOKUP(B206,'SINAPI COMP'!B:M,6,0))=0,VLOOKUP(B206,'OUTRAS BASES'!C:D,2,0),IF(A206=\"Insumo\", VLOOKUP(B206,'SINAPI INSUMOS'!B:J,6,0),VLOOKUP(B206,'SINAPI COMP'!B:M,6,0))), VLOOKUP(B206,'OUTRAS BASES'!C:D,2,0))","v":14.496999999999998},4.5520579999999997]
["Insumo",765,"SINAPI","BUCHA DE REDUCAO DE FERRO GALVANIZADO, COM ROSCA BSP, DE 1\" X 3/4\"","Material",null,"UN",2,{"$f":"IF(C207=\"SINAPI\", IF( IF(A207=\"Insumo\", VLOOKUP(B207,'SINAPI INSUMOS'!B:J,6,0), VLOOKUP(B207,'SINAPI COMP'!B:M,6,0))=0,VLOOKUP(B207,'OUTRAS BASES'!C:D,2,0),IF(A207=\"Insumo\", VLOOKUP(B207,'SINAPI INSUMOS'!B:J,6,0),VLOOKUP(B207,'SINAPI COMP'!B:M,6,0))), VLOOKUP(B207,'OUTRAS BASES'!C:D,2,0))","v":9.69},19.38]
["Insumo",9887,"SINAPI","UNIAO DE FERRO GALVANIZADO, COM ROSCA BSP, COM ASSENTO PLANO, DE 2\"","Material",null,"UN",2,{"$f":"IF(C208=\"SINAPI\", IF( IF(A208=\"Insumo\", VLOOKUP(B208,'SINAPI INSUMOS'!B:J,6,0), VLOOKUP(B208,'SINAPI COMP'!B:M,6,0))=0,VLOOKUP(B208,'OUTRAS BASES'!C:D,2,0),IF(A208=\"Insumo\", VLOOKUP(B208,'SINAPI INSUMOS'!B:J,6,0),VLOOKUP(B208,'SINAPI COMP'!B:M,6,0))), VLOOKUP(B208,'OUTRAS BASES'!C:D,2,0))","v":98.64},197.28]
["Insumo",21013,"SINAPI","TUBO ACO GALVANIZADO COM COSTURA, CLASSE LEVE, DN 50 MM ( 2\"),  E = 3,00 MM,  *4,40* KG/M (NBR 5580)","Material",null,"M",1.8,{"$f":"IF(C209=\"SINAPI\", IF( IF(A209=\"Insumo\", VLOOKUP(B209,'SINAPI INSUMOS'!B:J,6,0), VLOOKUP(B209,'SINAPI COMP'!B:M,6,0))=0,VLOOKUP(B209,'OUTRAS BASES'!C:D,2,0),IF(A209=\"Insumo\", VLOOKUP(B209,'SINAPI INSUMOS'!B:J,6,0),VLOOKUP(B209,'SINAPI COMP'!B:M,6,0))), VLOOKUP(B209,'OUTRAS BASES'!C:D,2,0))","v":80.849999999999994},145.53]
["Insumo",6298,"SINAPI","TE DE FERRO GALVANIZADO, DE 2\"","Material",null,"UN",1,{"$f":"IF(C210=\"SINAPI\", IF( IF(A210=\"Insumo\", VLOOKUP(B210,'SINAPI INSUMOS'!B:J,6,0), VLOOKUP(B210,'SINAPI COMP'!B:M,6,0))=0,VLOOKUP(B210,'OUTRAS BASES'!C:D,2,0),IF(A210=\"Insumo\", VLOOKUP(B210,'SINAPI INSUMOS'!B:J,6,0),VLOOKUP(B210,'SINAPI COMP'!B:M,6,0))), VLOOKUP(B210,'OUTRAS BASES'!C:D,2,0))","v":64.239999999999995},64.239999999999995]
["Insumo",3471,"SINAPI","COTOVELO 90 GRAUS DE FERRO GALVANIZADO, COM ROSCA BSP, DE 2\"","Material",null,"UN",1,{"$f":"IF(C211=\"SINAPI\", IF( IF(A211=\"Insumo\", VLOOKUP(B211,'SINAPI INSUMOS'!B:J,6,0), VLOOKUP(B211,'SINAPI COMP'!B:M,6,0))=0,VLOOKUP(B211,'OUTRAS BASES'!C:D,2,0),IF(A211=\"Insumo\", VLOOKUP(B211,'SINAPI INSUMOS'!B:J,6,0),VLOOKUP(B211,'SINAPI COMP'!B:M,6,0))), VLOOKUP(B211,'OUTRAS BASES'!C:D,2,0))","v":48.32},48.32]
["Insumo",113,"SINAPI","ADAPTADOR PVC SOLDAVEL CURTO COM BOLSA E ROSCA, 60 MM X 2\", PARA AGUA FRIA","Material",null,"UN",1,{"$f":"IF(C212=\"SINAPI\", IF( IF(A212=\"Insumo\", VLOOKUP(B212,'SINAPI INSUMOS'!B:J,6,0), VLOOKUP(B212,'SINAPI COMP'!B:M,6,0))=0,VLOOKUP(B212,'OUTRAS BASES'!C:D,2,0),IF(A212=\"Insumo\", VLOOKUP(B212,'SINAPI INSUMOS'!B:J,6,0),VLOOKUP(B212,'SINAPI COMP'!B:M,6,0))), VLOOKUP(B212,'OUTRAS BASES'!C:D,2,0))","v":11.19},11.19]
["Insumo",818,"SINAPI","BUCHA DE REDUCAO DE PVC, SOLDAVEL, CURTA, COM 60 X 50 MM, PARA AGUA FRIA PREDIAL","Material",null,"UN",1,{"$f":"IF(C213=\"SINAPI\", IF( IF(A213=\"Insumo\", VLOOKUP(B213,'SINAPI INSUMOS'!B:J,6,0), VLOOKUP(B213,'SINAPI COMP'!B:M,6,0))=0,VLOOKUP(B213,'OUTRAS BASES'!C:D,2,0),IF(A213=\"Insumo\", VLOOKUP(B213,'SINAPI INSUMOS'!B:J,6,0),VLOOKUP(B213,'SINAPI COMP'!B:M,6,0))), VLOOKUP(B213,'OUTRAS BASES'!C:D,2,0))","v":6.83},6.83]
["Insumo",7604,"SINAPI","TORNEIRA METALICA CROMADA PARA TANQUE / JARDIM, SEM BICO , CANO LONGO, DE PAREDE, PADRAO POPULAR / USO GERAL, 1/2 \" OU 3/4 \" (REF 1126)","Material",null,"UN",2,{"$f":"IF(C214=\"SINAPI\", IF( IF(A214=\"Insumo\", VLOOKUP(B214,'SINAPI INSUMOS'!B:J,6,0), VLOOKUP(B214,'SINAPI COMP'!B:M,6,0))=0,VLOOKUP(B214,'OUTRAS BASES'!C:D,2,0),IF(A214=\"Insumo\", VLOOKUP(B214,'SINAPI INSUMOS'!B:J,6,0),VLOOKUP(B214,'SINAPI COMP'!B:M,6,0))), VLOOKUP(B214,'OUTRAS BASES'!C:D,2,0))","v":55.63},111.26]
["Insumo",119,"SINAPI","ADESIVO PLASTICO PARA PVC, BISNAGA COM 75 GR","Material",null,"UN",1,{"$f":"IF(C215=\"SINAPI\", IF( IF(A215=\"Insumo\", VLOOKUP(B215,'SINAPI INSUMOS'!B:J,6,0), VLOOKUP(B215,'SINAPI COMP'!B:M,6,0))=0,VLOOKUP(B215,'OUTRAS BASES'!C:D,2,0),IF(A215=\"Insumo\", VLOOKUP(B215,'SINAPI INSUMOS'!B:J,6,0),VLOOKUP(B215,'SINAPI COMP'!B:M,6,0))), VLOOKUP(B215,'OUTRAS BASES'!C:D,2,0))","v":8.5},8.5]
["Insumo",3146,"SINAPI","FITA VEDA ROSCA EM ROLOS DE 18 MM X 10 M (L X C)","Material",null,"UN",1,{"$f":"IF(C216=\"SINAPI\", IF( IF(A216=\"Insumo\", VLOOKUP(B216,'SINAPI INSUMOS'!B:J,6,0), VLOOKUP(B216,'SINAPI COMP'!B:M,6,0))=0,VLOOKUP(B216,'OUTRAS BASES'!C:D,2,0),IF(A216=\"Insumo\", VLOOKUP(B216,'SINAPI INSUMOS'!B:J,6,0),VLOOKUP(B216,'SINAPI COMP'!B:M,6,0))), VLOOKUP(B216,'OUTRAS BASES'!C:D,2,0))","v":4},4]
["Insumo",771,"SINAPI","BUCHA DE REDUCAO DE FERRO GALVANIZADO, COM ROSCA BSP, DE 2\" X 1\"","Material",null,"UN",2,{"$f":"IF(C217=\"SINAPI\", IF( IF(A217=\"Insumo\", VLOOKUP(B217,'SINAPI INSUMOS'!B:J,6,0), VLOOKUP(B217,'SINAPI COMP'!B:M,6,0))=0,VLOOKUP(B217,'OUTRAS BASES'!C:D,2,0),IF(A217=\"Insumo\", VLOOKUP(B217,'SINAPI INSUMOS'!B:J,6,0),VLOOKUP(B217,'SINAPI COMP'!B:M,6,0))), VLOOKUP(B217,'OUTRAS BASES'!C:D,2,0))","v":26.9},53.8]
[]
[]
[]
[]
[" 8 ",null,null,"CAVALETE"]
[" 8.1 ","Código","Banco","Descrição","Tipo",null,"Und","Quant.","Valor Unit","Total"]
["Composição","COMPOSIÇÃO - 14","Próprio","Fornecimento de conexões e Instalação do Cavalete com hidrômetro e clorador de pastilhas","INHI - INSTALAÇÕES HIDROS SANITÁRIAS",null,"un",1,{"$f":"SUM(J225:J242)","v":1872.78},{"$f":"I224*H224","v":1872.78}]
["Composição Auxiliar",88248,"SINAPI","AUXILIAR DE ENCANADOR OU BOMBEIRO HIDRÁULICO COM ENCARGOS COMPLEMENTARES","Livro SINAPI: Cálculos e Parâmetros",null,"H",3,{"$f":"IF(C225=\"SINAPI\", IF( IF(A225=\"Insumo\", VLOOKUP(B225,'SINAPI INSUMOS'!B:J,6,0), VLOOKUP(B225,'SINAPI COMP'!B:M,6,0))=0,VLOOKUP(B225,'OUTRAS BASES'!C:D,2,0),IF(A225=\"Insumo\", VLOOKUP(B225,'SINAPI INSUMOS'!B:J,6,0),VLOOKUP(B225,'SINAPI COMP'!B:M,6,0))), VLOOKUP(B225,'OUTRAS BASES'!C:D,2,0))","v":24.51},73.53]
["Insumo","9860/SINAPI","ORSE","TUBO PVC, ROSCAVEL, 2\", PARA AGUA FRIA PREDIAL","Tubos e Conexões de PVC Rígido Roscável ",null,"m",1.5,{"$f":"IF(C226=\"SINAPI\", IF( IF(A226=\"Insumo\", VLOOKUP(B226,'SINAPI INSUMOS'!B:J,6,0), VLOOKUP(B226,'SINAPI COMP'!B:M,6,0))=0,VLOOKUP(B226,'OUTRAS BASES'!C:D,2,0),IF(A226=\"Insumo\", VLOOKUP(B226,'SINAPI INSUMOS'!B:J,6,0),VLOOKUP(B226,'SINAPI COMP'!B:M,6,0))), VLOOKUP(B226,'OUTRAS BASES'!C:D,2,0))","v":42.22},63.33]
["Insumo",11831,"SINAPI","TORNEIRA PLASTICA PARA TANQUE 1/2 \" OU 3/4 \" COM BICO PARA MANGUEIRA","Material",null,"UN",1,{"$f":"IF(C227=\"SINAPI\", IF( IF(A227=\"Insumo\", VLOOKUP(B227,'SINAPI INSUMOS'!B:J,6,0), VLOOKUP(B227,'SINAPI COMP'!B:M,6,0))=0,VLOOKUP(B227,'OUTRAS BASES'!C:D,2,0),IF(A227=\"Insumo\", VLOOKUP(B227,'SINAPI INSUMOS'!B:J,6,0),VLOOKUP(B227,'SINAPI COMP'!B:M,6,0))), VLOOKUP(B227,'OUTRAS BASES'!C:D,2,0))","v":13.58},13.58]
["Insumo",9569,"ORSE","Adaptador pvc BSxRM d= 35mm x 1 1/2\", linha Irriga-LF, Tigre ou similar un","Material",null,"un",1,{"$f":"IF(C228=\"SINAPI\", IF( IF(A228=\"Insumo\", VLOOKUP(B228,'SINAPI INSUMOS'!B:J,6,0), VLOOKUP(B228,'SINAPI COMP'!B:M,6,0))=0,VLOOKUP(B228,'OUTRAS BASES'!C:D,2,0),IF(A228=\"Insumo\", VLOOKUP(B228,'SINAPI INSUMOS'!B:J,6,0),VLOOKUP(B228,'SINAPI COMP'!B:M,6,0))), VLOOKUP(B228,'OUTRAS BASES'!C:D,2,0))","v":3.04},3.04]
["Insumo",3939,"SINAPI","LUVA DE FERRO GALVANIZADO, COM ROSCA BSP, DE 1 1/2\"","Material",null,"UN",1,{"$f":"IF(C229=\"SINAPI\", IF( IF(A229=\"Insumo\", VLOOKUP(B229,'SINAPI INSUMOS'!B:J,6,0), VLOOKUP(B229,'SINAPI COMP'!B:M,6,0))=0,VLOOKUP(B229,'OUTRAS BASES'!C:D,2,0),IF(A229=\"Insumo\", VLOOKUP(B229,'SINAPI INSUMOS'!B:J,6,0),VLOOKUP(B229,'SINAPI COMP'!B:M,6,0))), VLOOKUP(B229,'OUTRAS BASES'!C:D,2,0))","v":22.21},22.21]
["Insumo",1798,"SINAPI","CURVA 90 GRAUS DE FERRO GALVANIZADO, COM ROSCA BSP MACHO, DE 2\"","Material",null,"UN",1,{"$f":"IF(C230=\"SINAPI\", IF( IF(A230=\"Insumo\", VLOOKUP(B230,'SINAPI INSUMOS'!B:J,6,0), VLOOKUP(B230,'SINAPI COMP'!B:M,6,0))=0,VLOOKUP(B230,'OUTRAS BASES'!C:D,2,0),IF(A230=\"Insumo\", VLOOKUP(B230,'SINAPI INSUMOS'!B:J,6,0),VLOOKUP(B230,'SINAPI COMP'!B:M,6,0))), VLOOKUP(B230,'OUTRAS BASES'!C:D,2,0))","v":123.81},123.81]
["Insumo",9887,"SINAPI","UNIAO DE FERRO GALVANIZADO, COM ROSCA BSP, COM ASSENTO PLANO, DE 2\"","Material",null,"UN",1,{"$f":"IF(C231=\"SINAPI\", IF( IF(A231=\"Insumo\", VLOOKUP(B231,'SINAPI INSUMOS'!B:J,6,0), VLOOKUP(B231,'SINAPI COMP'!B:M,6,0))=0,VLOOKUP(B231,'OUTRAS BASES'!C:D,2,0),IF(A231=\"Insumo\", VLOOKUP(B231,'SINAPI INSUMOS'!B:J,6,0),VLOOKUP(B231,'SINAPI COMP'!B:M,6,0))), VLOOKUP(B231,'OUTRAS BASES'!C:D,2,0))","v":98.64},98.64]
["Insumo"," 00004181/SINAPI ","ORSE","Niple de ferro galvanizado, com rosca bsp, de 2\"","Material",null,"un",2,{"$f":"IF(C232=\"SINAPI\", IF( IF(A232=\"Insumo\", VLOOKUP(B232,'SINAPI INSUMOS'!B:J,6,0), VLOOKUP(B232,'SINAPI COMP'!B:M,6,0))=0,VLOOKUP(B232,'OUTRAS BASES'!C:D,2,0),IF(A232=\"Insumo\", VLOOKUP(B232,'SINAPI INSUMOS'!B:J,6,0),VLOOKUP(B232,'SINAPI COMP'!B:M,6,0))), VLOOKUP(B232,'OUTRAS BASES'!C:D,2,0))","v":36.64},73.28]
["Insumo",6028,"SINAPI","REGISTRO GAVETA BRUTO EM LATAO FORJADO, BITOLA 2 \" (REF 1509)","Material",null,"UN",1,{"$f":"IF(C233=\"SINAPI\", IF( IF(A233=\"Insumo\", VLOOKUP(B233,'SINAPI INSUMOS'!B:J,6,0), VLOOKUP(B233,'SINAPI COMP'!B:M,6,0))=0,VLOOKUP(B233,'OUTRAS BASES'!C:D,2,0),IF(A233=\"Insumo\", VLOOKUP(B233,'SINAPI INSUMOS'!B:J,6,0),VLOOKUP(B233,'SINAPI COMP'!B:M,6,0))), VLOOKUP(B233,'OUTRAS BASES'!C:D,2,0))","v":142.87},142.87]
["Insumo",12775,"SINAPI","HIDROMETRO MULTIJATO / MEDIDOR DE AGUA, DN 1\", VAZAO MAXIMA DE 7 M3/H, PARA AGUA POTAVEL FRIA, RELOJOARIA PLANA, CLASSE B, HORIZONTAL (SEM CONEXOES)","Material",null,"UN",1,{"$f":"IF(C234=\"SINAPI\", IF( IF(A234=\"Insumo\", VLOOKUP(B234,'SINAPI INSUMOS'!B:J,6,0), VLOOKUP(B234,'SINAPI COMP'!B:M,6,0))=0,VLOOKUP(B234,'OUTRAS BASES'!C:D,2,0),IF(A234=\"Insumo\", VLOOKUP(B234,'SINAPI INSUMOS'!B:J,6,0),VLOOKUP(B234,'SINAPI COMP'!B:M,6,0))), VLOOKUP(B234,'OUTRAS BASES'!C:D,2,0))","v":420.58},420.58]
["Insumo",771,"SINAPI","BUCHA DE REDUCAO DE FERRO GALVANIZADO, COM ROSCA BSP, DE 2\" X 1\"","Material",null,"UN",2,{"$f":"IF(C235=\"SINAPI\", IF( IF(A235=\"Insumo\", VLOOKUP(B235,'SINAPI INSUMOS'!B:J,6,0), VLOOKUP(B235,'SINAPI COMP'!B:M,6,0))=0,VLOOKUP(B235,'OUTRAS BASES'!C:D,2,0),IF(A235=\"Insumo\", VLOOKUP(B235,'SINAPI INSUMOS'!B:J,6,0),VLOOKUP(B235,'SINAPI COMP'!B:M,6,0))), VLOOKUP(B235,'OUTRAS BASES'!C:D,2,0))","v":26.9},53.8]
["Insumo",6305,"SINAPI","TE DE REDUCAO DE FERRO GALVANIZADO, COM ROSCA BSP, DE 2\" X 1\"","Material",null,"UN",1,{"$f":"IF(C236=\"SINAPI\", IF( IF(A236=\"Insumo\", VLOOKUP(B236,'SINAPI INSUMOS'!B:J,6,0), VLOOKUP(B236,'SINAPI COMP'!B:M,6,0))=0,VLOOKUP(B236,'OUTRAS BASES'!C:D,2,0),IF(A236=\"Insumo\", VLOOKUP(B236,'SINAPI INSUMOS'!B:J,6,0),VLOOKUP(B236,'SINAPI COMP'!B:M,6,0))), VLOOKUP(B236,'OUTRAS BASES'!C:D,2,0))","v":71.12},71.12]
["Insumo",764,"SINAPI","BUCHA DE REDUCAO DE FERRO GALVANIZADO, COM ROSCA BSP, DE 1\" X 1/2\"\t","Material",null,"UN",1,{"$f":"IF(C237=\"SINAPI\", IF( IF(A237=\"Insumo\", VLOOKUP(B237,'SINAPI INSUMOS'!B:J,6,0), VLOOKUP(B237,'SINAPI COMP'!B:M,6,0))=0,VLOOKUP(B237,'OUTRAS BASES'!C:D,2,0),IF(A237=\"Insumo\", VLOOKUP(B237,'SINAPI INSUMOS'!B:J,6,0),VLOOKUP(B237,'SINAPI COMP'!B:M,6,0))), VLOOKUP(B237,'OUTRAS BASES'!C:D,2,0))","v":9.69},9.69]
["Insumo",5128,"ORSE","Tampa de poço galvanizada em 6\"","Material",null,"UN",1,{"$f":"IF(C238=\"SINAPI\", IF( IF(A238=\"Insumo\", VLOOKUP(B238,'SINAPI INSUMOS'!B:J,6,0), VLOOKUP(B238,'SINAPI COMP'!B:M,6,0))=0,VLOOKUP(B238,'OUTRAS BASES'!C:D,2,0),IF(A238=\"Insumo\", VLOOKUP(B238,'SINAPI INSUMOS'!B:J,6,0),VLOOKUP(B238,'SINAPI COMP'!B:M,6,0))), VLOOKUP(B238,'OUTRAS BASES'!C:D,2,0))","v":107.28},107.28]
["Insumo",1160,"ORSE","Joelho 45° ferro galvanizado d=2\"","Material",null,"UN",2,{"$f":"IF(C239=\"SINAPI\", IF( IF(A239=\"Insumo\", VLOOKUP(B239,'SINAPI INSUMOS'!B:J,6,0), VLOOKUP(B239,'SINAPI COMP'!B:M,6,0))=0,VLOOKUP(B239,'OUTRAS BASES'!C:D,2,0),IF(A239=\"Insumo\", VLOOKUP(B239,'SINAPI INSUMOS'!B:J,6,0),VLOOKUP(B239,'SINAPI COMP'!B:M,6,0))), VLOOKUP(B239,'OUTRAS BASES'!C:D,2,0))","v":54.39},108.78]
["Insumo",53688,"SBC","VALVULA DE RETENCAO HORIZONTAL EM LATAO, ROSCA BSP 2\"\t","Material",null,"UN",1,{"$f":"IF(C240=\"SINAPI\", IF( IF(A240=\"Insumo\", VLOOKUP(B240,'SINAPI INSUMOS'!B:J,6,0), VLOOKUP(B240,'SINAPI COMP'!B:M,6,0))=0,VLOOKUP(B240,'OUTRAS BASES'!C:D,2,0),IF(A240=\"Insumo\", VLOOKUP(B240,'SINAPI INSUMOS'!B:J,6,0),VLOOKUP(B240,'SINAPI COMP'!B:M,6,0))), VLOOKUP(B240,'OUTRAS BASES'!C:D,2,0))","v":192.66},192.66]
["Insumo",4194,"SINAPI","NIPLE DE REDUCAO DE FERRO GALVANIZADO, COM ROSCA BSP, DE 2\" X 1 1/2\"","Material",null,"UN",1,{"$f":"IF(C241=\"SINAPI\", IF( IF(A241=\"Insumo\", VLOOKUP(B241,'SINAPI INSUMOS'!B:J,6,0), VLOOKUP(B241,'SINAPI COMP'!B:M,6,0))=0,VLOOKUP(B241,'OUTRAS BASES'!C:D,2,0),IF(A241=\"Insumo\", VLOOKUP(B241,'SINAPI INSUMOS'!B:J,6,0),VLOOKUP(B241,'SINAPI COMP'!B:M,6,0))), VLOOKUP(B241,'OUTRAS BASES'!C:D,2,0))","v":43.61},43.61]
["Insumo",12464,"ORSE","Clorador dosador de cloro de pastilhas automático","Material",null,"un",1,{"$f":"IF(C242=\"SINAPI\", IF( IF(A242=\"Insumo\", VLOOKUP(B242,'SINAPI INSUMOS'!B:J,6,0), VLOOKUP(B242,'SINAPI COMP'!B:M,6,0))=0,VLOOKUP(B242,'OUTRAS BASES'!C:D,2,0),IF(A242=\"Insumo\", VLOOKUP(B242,'SINAPI INSUMOS'!B:J,6,0),VLOOKUP(B242,'SINAPI COMP'!B:M,6,0))), VLOOKUP(B242,'OUTRAS BASES'!C:D,2,0))","v":250.97},250.97]
[]
[]
[]
[]
[" 9 ",null,null,"INSTALAÇÕES HIDRÁULICAS"]
[" 9.1 ","Código","Banco","Descrição","Tipo",null,"Und","Quant.","Valor Unit","Total"]
["Composição","COMPOSIÇÃO - 15","Próprio","Instalação da rede adutora poço-reservatório-bebedouro em PN80 e DN50MM","SEDI - SERVIÇOS DIVERSOS",null,"m",1,{"$f":"SUM(J250:J252)","v":6.2070000000000007},{"$f":"I249*H249","v":6.2070000000000007}]
["Composição Auxiliar",88316,"SINAPI","SERVENTE COM ENCARGOS COMPLEMENTARES","Livro SINAPI: Cálculos e Parâmetros",null,"H",0.05,{"$f":"IF(C250=\"SINAPI\", IF( IF(A250=\"Insumo\", VLOOKUP(B250,'SINAPI INSUMOS'!B:J,6,0), VLOOKUP(B250,'SINAPI COMP'!B:M,6,0))=0,VLOOKUP(B250,'OUTRAS BASES'!C:D,2,0),IF(A250=\"Insumo\", VLOOKUP(B250,'SINAPI INSUMOS'!B:J,6,0),VLOOKUP(B250,'SINAPI COMP'!B:M,6,0))), VLOOKUP(B250,'OUTRAS BASES'!C:D,2,0))","v":21.62},1.0810000000000002]
["Composição Auxiliar",93358,"SINAPI","ESCAVAÇÃO MANUAL DE VALA COM PROFUNDIDADE MENOR OU IGUAL A 1,30 M. AF_02/2021","Escavação de Valas",null,"m³",0.05,{"$f":"IF(C251=\"SINAPI\", IF( IF(A251=\"Insumo\", VLOOKUP(B251,'SINAPI INSUMOS'!B:J,6,0), VLOOKUP(B251,'SINAPI COMP'!B:M,6,0))=0,VLOOKUP(B251,'OUTRAS BASES'!C:D,2,0),IF(A251=\"Insumo\", VLOOKUP(B251,'SINAPI INSUMOS'!B:J,6,0),VLOOKUP(B251,'SINAPI COMP'!B:M,6,0))), VLOOKUP(B251,'OUTRAS BASES'!C:D,2,0))","v":85.52},4.2759999999999998]
["Insumo",119,"SINAPI","ADESIVO PLASTICO PARA PVC, BISNAGA COM 75 GR","Material",null,"UN",0.1,{"$f":"IF(C252=\"SINAPI\", IF( IF(A252=\"Insumo\", VLOOKUP(B252,'SINAPI INSUMOS'!B:J,6,0), VLOOKUP(B252,'SINAPI COMP'!B:M,6,0))=0,VLOOKUP(B252,'OUTRAS BASES'!C:D,2,0),IF(A252=\"Insumo\", VLOOKUP(B252,'SINAPI INSUMOS'!B:J,6,0),VLOOKUP(B252,'SINAPI COMP'!B:M,6,0))), VLOOKUP(B252,'OUTRAS BASES'!C:D,2,0))","v":8.5},0.85000000000000009]
[]
[" 9.2 ","Código","Banco","Descrição","Tipo",null,"Und","Quant.","Valor Unit","Total"]
["Insumo",9875,"SINAPI","TUBO PVC, SOLDAVEL, DE 50 MM, AGUA FRIA (NBR-5648)","MATERIAL",null,"un",1,{"$f":"IF(C255=\"SINAPI\", IF( IF(A255=\"Insumo\", VLOOKUP(B255,'SINAPI INSUMOS'!B:J,6,0), VLOOKUP(B255,'SINAPI COMP'!B:M,6,0))=0,VLOOKUP(B255,'OUTRAS BASES'!C:D,2,0),IF(A255=\"Insumo\", VLOOKUP(B255,'SINAPI INSUMOS'!B:J,6,0),VLOOKUP(B255,'SINAPI COMP'!B:M,6,0))), VLOOKUP(B255,'OUTRAS BASES'!C:D,2,0))","v":15.46},{"$f":"I255*H255","v":15.46}]
[]
[]
[]
[]
[" 9.3","Código","Banco","Descrição","Tipo",null,"Und","Quant.","Valor Unit","Total"]
["Composição","COMPOSIÇÃO - 16","Próprio","Montagem hidráulica do equipamento de bombeamento","INHI - INSTALAÇÕES HIDROS SANITÁRIAS",null,"un",1,{"$f":"SUM(J262:J263)","v":164.37},{"$f":"I261*H261","v":164.37}]
["Composição Auxiliar",88267,"SINAPI","ENCANADOR OU BOMBEIRO HIDRÁULICO COM ENCARGOS COMPLEMENTARES","Livro SINAPI: Cálculos e Parâmetros",null,"H",3,{"$f":"IF(C262=\"SINAPI\", IF( IF(A262=\"Insumo\", VLOOKUP(B262,'SINAPI INSUMOS'!B:J,6,0), VLOOKUP(B262,'SINAPI COMP'!B:M,6,0))=0,VLOOKUP(B262,'OUTRAS BASES'!C:D,2,0),IF(A262=\"Insumo\", VLOOKUP(B262,'SINAPI INSUMOS'!B:J,6,0),VLOOKUP(B262,'SINAPI COMP'!B:M,6,0))), VLOOKUP(B262,'OUTRAS BASES'!C:D,2,0))","v":30.28},90.84]
["Composição Auxiliar",88248,"SINAPI","AUXILIAR DE ENCANADOR OU BOMBEIRO HIDRÁULICO COM ENCARGOS COMPLEMENTARES","Livro SINAPI: Cálculos e Parâmetros",null,"H",3,{"$f":"IF(C263=\"SINAPI\", IF( IF(A263=\"Insumo\", VLOOKUP(B263,'SINAPI INSUMOS'!B:J,6,0), VLOOKUP(B263,'SINAPI COMP'!B:M,6,0))=0,VLOOKUP(B263,'OUTRAS BASES'!C:D,2,0),IF(A263=\"Insumo\", VLOOKUP(B263,'SINAPI INSUMOS'!B:J,6,0),VLOOKUP(B263,'SINAPI COMP'!B:M,6,0))), VLOOKUP(B263,'OUTRAS BASES'!C:D,2,0))","v":24.51},73.53]
[]
[]
[]
[]
[" 9.4","Código","Banco","Descrição","Tipo",null,"Und","Quant.","Valor Unit","Total"]
["Insumo",38200,"SINAPI","CORDA DE POLIAMIDA 12 MM TIPO BOMBEIRO, PARA TRABALHO EM ALTURA","Material",null,"100M",1,{"$f":"IF(C269=\"SINAPI\", IF( IF(A269=\"Insumo\", VLOOKUP(B269,'SINAPI INSUMOS'!B:J,6,0), VLOOKUP(B269,'SINAPI COMP'!B:M,6,0))=0,VLOOKUP(B269,'OUTRAS BASES'!C:D,2,0),IF(A269=\"Insumo\", VLOOKUP(B269,'SINAPI INSUMOS'!B:J,6,0),VLOOKUP(B269,'SINAPI COMP'!B:M,6,0))), VLOOKUP(B269,'OUTRAS BASES'!C:D,2,0))","v":477.34},{"$f":"I269*H269","v":477.34}]
[]
[]
[]
[]
["9.5","Código","Banco","Descrição","Tipo",null,"Und","Quant.","Valor Unit","Total"]
["Insumo",9860,"SINAPI","TUBO PVC, ROSCAVEL,  2\", PARA AGUA FRIA PREDIAL","Material",null,"M",1,{"$f":"IF(C275=\"SINAPI\", IF( IF(A275=\"Insumo\", VLOOKUP(B275,'SINAPI INSUMOS'!B:J,6,0), VLOOKUP(B275,'SINAPI COMP'!B:M,6,0))=0,VLOOKUP(B275,'OUTRAS BASES'!C:D,2,0),IF(A275=\"Insumo\", VLOOKUP(B275,'SINAPI INSUMOS'!B:J,6,0),VLOOKUP(B275,'SINAPI COMP'!B:M,6,0))), VLOOKUP(B275,'OUTRAS BASES'!C:D,2,0))","v":44.92},{"$f":"I275*H275","v":44.92}]
[]
[]
[]
[]
[" 9.6","Código","Banco","Descrição","Tipo",null,"Und","Quant.","Valor Unit","Total"]
["Insumo",3912,"SINAPI","LUVA DE FERRO GALVANIZADO, COM ROSCA BSP, DE 2\"","Material",null,"UN",1,{"$f":"IF(C281=\"SINAPI\", IF( IF(A281=\"Insumo\", VLOOKUP(B281,'SINAPI INSUMOS'!B:J,6,0), VLOOKUP(B281,'SINAPI COMP'!B:M,6,0))=0,VLOOKUP(B281,'OUTRAS BASES'!C:D,2,0),IF(A281=\"Insumo\", VLOOKUP(B281,'SINAPI INSUMOS'!B:J,6,0),VLOOKUP(B281,'SINAPI COMP'!B:M,6,0))), VLOOKUP(B281,'OUTRAS BASES'!C:D,2,0))","v":34.020000000000003},{"$f":"I281*H281","v":34.020000000000003}]
[]
[]
[]
[]
[" 9.7","Código","Banco","Descrição","Tipo",null,"Und","Quant.","Valor Unit","Total"]
["Insumo",5128,"ORSE","Tampa de poço galvanizada em 6\" un","Serviços",null,"un",1,{"$f":"IF(C287=\"SINAPI\", IF( IF(A287=\"Insumo\", VLOOKUP(B287,'SINAPI INSUMOS'!B:J,6,0), VLOOKUP(B287,'SINAPI COMP'!B:M,6,0))=0,VLOOKUP(B287,'OUTRAS BASES'!C:D,2,0),IF(A287=\"Insumo\", VLOOKUP(B287,'SINAPI INSUMOS'!B:J,6,0),VLOOKUP(B287,'SINAPI COMP'!B:M,6,0))), VLOOKUP(B287,'OUTRAS BASES'!C:D,2,0))","v":107.28},{"$f":"I287*H287","v":107.28}]
[]
[]
[]
[]
[10,null,null,"ESTRUTURA DE FIXAÇÃO PARA MÓDULOS FOTOVOLTÁICOS"]
["10.1","Código","Banco","Descrição","Tipo",null,"Und","Quant.","Valor Unit","Total"]
["Composição","COMPOSIÇÃO - 17","Próprio","Serviço de fixação de estruturas para os módulos fotovoltaicos e suportes de concreto, incluso materiais.","SEDI - SERVIÇOS DIVERSOS",null,"m²",1,{"$f":"SUM(J295:J297)","v":105.48870399999998},{"$f":"I294*H294","v":105.48870399999998}]
["Composição Auxiliar",94975,"SINAPI","CONCRETO FCK = 15MPA, TRAÇO 1:3,4:3,5 (EM MASSA SECA DE CIMENTO/ AREIA MÉDIA/ BRITA 1) - PREPARO MANUAL. AF_05/2021","Produção de Concreto",null,"m³",0.09,{"$f":"IF(C295=\"SINAPI\", IF( IF(A295=\"Insumo\", VLOOKUP(B295,'SINAPI INSUMOS'!B:J,6,0), VLOOKUP(B295,'SINAPI COMP'!B:M,6,0))=0,VLOOKUP(B295,'OUTRAS BASES'!C:D,2,0),IF(A295=\"Insumo\", VLOOKUP(B295,'SINAPI INSUMOS'!B:J,6,0),VLOOKUP(B295,'SINAPI COMP'!B:M,6,0))), VLOOKUP(B295,'OUTRAS BASES'!C:D,2,0))","v":578.54999999999995},52.069499999999991]
["Composição Auxiliar",96522,"SINAPI","ESCAVAÇÃO MANUAL PARA BLOCO DE COROAMENTO OU SAPATA (SEM ESCAVAÇÃO PARA COLOCAÇÃO DE FÔRMAS). AF_01/2024","Fundações Rasas (Blocos, Sapatas, Vigas Baldrame)",null,"m³",6.1999999999999998E-3,{"$f":"IF(C296=\"SINAPI\", IF( IF(A296=\"Insumo\", VLOOKUP(B296,'SINAPI INSUMOS'!B:J,6,0), VLOOKUP(B296,'SINAPI COMP'!B:M,6,0))=0,VLOOKUP(B296,'OUTRAS BASES'!C:D,2,0),IF(A296=\"Insumo\", VLOOKUP(B296,'SINAPI INSUMOS'!B:J,6,0),VLOOKUP(B296,'SINAPI COMP'!B:M,6,0))), VLOOKUP(B296,'OUTRAS BASES'!C:D,2,0))","v":143.41999999999999},0.88920399999999988]
["Insumo",4183,"SBC","ESTRUTURA METALICA EM TESOURAS OU TRELICAS, VÃO LIVRE DE 12M, FORNECIMENTO E MONTAGEM ","Material",null,"m²",1,{"$f":"IF(C297=\"SINAPI\", IF( IF(A297=\"Insumo\", VLOOKUP(B297,'SINAPI INSUMOS'!B:J,6,0), VLOOKUP(B297,'SINAPI COMP'!B:M,6,0))=0,VLOOKUP(B297,'OUTRAS BASES'!C:D,2,0),IF(A297=\"Insumo\", VLOOKUP(B297,'SINAPI INSUMOS'!B:J,6,0),VLOOKUP(B297,'SINAPI COMP'!B:M,6,0))), VLOOKUP(B297,'OUTRAS BASES'!C:D,2,0))","v":52.53},52.53]
[]
[]
[]
[]
[11,null,null,"INSTALAÇÕES ELÉTRICAS E BÓIA ELÉTRICA"]
["11.1","Código","Banco","Descrição","Tipo",null,"Und","Quant.","Valor Unit","Total"]
["Composição","COMPOSIÇÃO - 18","Próprio","Montagem e instalação elétrica do kit de bombeamento e sistema fotovoltaico inclusive sistema de aterramento.","INEL - INSTALAÇÃO ELÉTRICA/ELETRIFICAÇÃO E ILUMINAÇÃO EXTERNA",null,"un",1,{"$f":"SUM(J305:J315)","v":1055.3058000000001},{"$f":"I304*H304","v":1055.3058000000001}]
["Composição Auxiliar",88247,"SINAPI","AUXILIAR DE ELETRICISTA COM ENCARGOS COMPLEMENTARES","Livro SINAPI: Cálculos e Parâmetros",null,"H",8,{"$f":"IF(C305=\"SINAPI\", IF( IF(A305=\"Insumo\", VLOOKUP(B305,'SINAPI INSUMOS'!B:J,6,0), VLOOKUP(B305,'SINAPI COMP'!B:M,6,0))=0,VLOOKUP(B305,'OUTRAS BASES'!C:D,2,0),IF(A305=\"Insumo\", VLOOKUP(B305,'SINAPI INSUMOS'!B:J,6,0),VLOOKUP(B305,'SINAPI COMP'!B:M,6,0))), VLOOKUP(B305,'OUTRAS BASES'!C:D,2,0))","v":25.54},204.32]
["Insumo",20111,"SINAPI","FITA ISOLANTE ADESIVA ANTICHAMA, USO ATE 750 V, EM ROLO DE 19 MM X 20 M","Material",null,"UN",1,{"$f":"IF(C306=\"SINAPI\", IF( IF(A306=\"Insumo\", VLOOKUP(B306,'SINAPI INSUMOS'!B:J,6,0), VLOOKUP(B306,'SINAPI COMP'!B:M,6,0))=0,VLOOKUP(B306,'OUTRAS BASES'!C:D,2,0),IF(A306=\"Insumo\", VLOOKUP(B306,'SINAPI INSUMOS'!B:J,6,0),VLOOKUP(B306,'SINAPI COMP'!B:M,6,0))), VLOOKUP(B306,'OUTRAS BASES'!C:D,2,0))","v":10},10]
["Insumo",2674,"SINAPI","FORNECIMENTO DE  ELETRODUTO DE PVC RIGIDO ROSCAVEL DE 3/4 \", SEM LUVA","Material",null,"M",15,{"$f":"IF(C307=\"SINAPI\", IF( IF(A307=\"Insumo\", VLOOKUP(B307,'SINAPI INSUMOS'!B:J,6,0), VLOOKUP(B307,'SINAPI COMP'!B:M,6,0))=0,VLOOKUP(B307,'OUTRAS BASES'!C:D,2,0),IF(A307=\"Insumo\", VLOOKUP(B307,'SINAPI INSUMOS'!B:J,6,0),VLOOKUP(B307,'SINAPI COMP'!B:M,6,0))), VLOOKUP(B307,'OUTRAS BASES'!C:D,2,0))","v":4.7},70.5]
["Insumo",12034,"SINAPI","FORNECIMENTO DE  CURVA 180 GRAUS, DE PVC RIGIDO ROSCAVEL, DE 3/4\", PARA ELETRODUTO","Material",null,"UN",1,{"$f":"IF(C308=\"SINAPI\", IF( IF(A308=\"Insumo\", VLOOKUP(B308,'SINAPI INSUMOS'!B:J,6,0), VLOOKUP(B308,'SINAPI COMP'!B:M,6,0))=0,VLOOKUP(B308,'OUTRAS BASES'!C:D,2,0),IF(A308=\"Insumo\", VLOOKUP(B308,'SINAPI INSUMOS'!B:J,6,0),VLOOKUP(B308,'SINAPI COMP'!B:M,6,0))), VLOOKUP(B308,'OUTRAS BASES'!C:D,2,0))","v":4.8499999999999996},4.8499999999999996]
["Insumo",39272,"SINAPI","FORNECIMENTO DE  CURVA 90 GRAUS, CURTA, DE PVC RIGIDO ROSCAVEL, DE 3/4\", PARA ELETRODUTO","Material",null,"UN",2,{"$f":"IF(C309=\"SINAPI\", IF( IF(A309=\"Insumo\", VLOOKUP(B309,'SINAPI INSUMOS'!B:J,6,0), VLOOKUP(B309,'SINAPI COMP'!B:M,6,0))=0,VLOOKUP(B309,'OUTRAS BASES'!C:D,2,0),IF(A309=\"Insumo\", VLOOKUP(B309,'SINAPI INSUMOS'!B:J,6,0),VLOOKUP(B309,'SINAPI COMP'!B:M,6,0))), VLOOKUP(B309,'OUTRAS BASES'!C:D,2,0))","v":2.65},5.3]
["Insumo",3379,"SINAPI","HASTE DE ATERRAMENTO EM ACO COM 3,00 M DE COMPRIMENTO E DN = 5/8\", REVESTIDA COM BAIXA CAMADA DE COBRE, SEM CONECTOR","Material",null,"UN",0.66,{"$f":"IF(C310=\"SINAPI\", IF( IF(A310=\"Insumo\", VLOOKUP(B310,'SINAPI INSUMOS'!B:J,6,0), VLOOKUP(B310,'SINAPI COMP'!B:M,6,0))=0,VLOOKUP(B310,'OUTRAS BASES'!C:D,2,0),IF(A310=\"Insumo\", VLOOKUP(B310,'SINAPI INSUMOS'!B:J,6,0),VLOOKUP(B310,'SINAPI COMP'!B:M,6,0))), VLOOKUP(B310,'OUTRAS BASES'!C:D,2,0))","v":59.63},39.355800000000002]
["Insumo",1891,"SINAPI","FORNECIMENTO DE  LUVA EM PVC RIGIDO ROSCAVEL, DE 3/4\", PARA ELETRODUTO","Material",null,"UN",9,{"$f":"IF(C311=\"SINAPI\", IF( IF(A311=\"Insumo\", VLOOKUP(B311,'SINAPI INSUMOS'!B:J,6,0), VLOOKUP(B311,'SINAPI COMP'!B:M,6,0))=0,VLOOKUP(B311,'OUTRAS BASES'!C:D,2,0),IF(A311=\"Insumo\", VLOOKUP(B311,'SINAPI INSUMOS'!B:J,6,0),VLOOKUP(B311,'SINAPI COMP'!B:M,6,0))), VLOOKUP(B311,'OUTRAS BASES'!C:D,2,0))","v":1.22},10.98]
["Insumo",425,"SINAPI","GRAMPO METALICO TIPO OLHAL PARA HASTE DE ATERRAMENTO DE 5/8'', CONDUTOR DE *10* A 50 MM2","Material",null,"UN",2,{"$f":"IF(C312=\"SINAPI\", IF( IF(A312=\"Insumo\", VLOOKUP(B312,'SINAPI INSUMOS'!B:J,6,0), VLOOKUP(B312,'SINAPI COMP'!B:M,6,0))=0,VLOOKUP(B312,'OUTRAS BASES'!C:D,2,0),IF(A312=\"Insumo\", VLOOKUP(B312,'SINAPI INSUMOS'!B:J,6,0),VLOOKUP(B312,'SINAPI COMP'!B:M,6,0))), VLOOKUP(B312,'OUTRAS BASES'!C:D,2,0))","v":5.65},11.3]
["Insumo",34643,"SINAPI","FORNECIMENTO DE  CAIXA DE INSPECAO PARA ATERRAMENTO E PARA RAIOS, EM POLIPROPILENO,  DIAMETRO = 300 MM X ALTURA = 400 MM","Material",null,"UN",2,{"$f":"IF(C313=\"SINAPI\", IF( IF(A313=\"Insumo\", VLOOKUP(B313,'SINAPI INSUMOS'!B:J,6,0), VLOOKUP(B313,'SINAPI COMP'!B:M,6,0))=0,VLOOKUP(B313,'OUTRAS BASES'!C:D,2,0),IF(A313=\"Insumo\", VLOOKUP(B313,'SINAPI INSUMOS'!B:J,6,0),VLOOKUP(B313,'SINAPI COMP'!B:M,6,0))), VLOOKUP(B313,'OUTRAS BASES'!C:D,2,0))","v":39.89},79.78]
["Insumo",867,"SINAPI","CABO DE COBRE NU 50 MM2 MEIO-DURO","Material",null,"M",7.5,{"$f":"IF(C314=\"SINAPI\", IF( IF(A314=\"Insumo\", VLOOKUP(B314,'SINAPI INSUMOS'!B:J,6,0), VLOOKUP(B314,'SINAPI COMP'!B:M,6,0))=0,VLOOKUP(B314,'OUTRAS BASES'!C:D,2,0),IF(A314=\"Insumo\", VLOOKUP(B314,'SINAPI INSUMOS'!B:J,6,0),VLOOKUP(B314,'SINAPI COMP'!B:M,6,0))), VLOOKUP(B314,'OUTRAS BASES'!C:D,2,0))","v":62.24},466.8]
["Insumo",54581,"SIURB INFRA","DPS - DISPOSITIVO DE PROTEÇÃO CONTRA SURTOS – 45KA – 500 VOLTS - CORRENTE CONTÍNUA - CLASSE II - P/ SISTEMA FOTOVOLTÁICO","Material",null,"Un",1,{"$f":"IF(C315=\"SINAPI\", IF( IF(A315=\"Insumo\", VLOOKUP(B315,'SINAPI INSUMOS'!B:J,6,0), VLOOKUP(B315,'SINAPI COMP'!B:M,6,0))=0,VLOOKUP(B315,'OUTRAS BASES'!C:D,2,0),IF(A315=\"Insumo\", VLOOKUP(B315,'SINAPI INSUMOS'!B:J,6,0),VLOOKUP(B315,'SINAPI COMP'!B:M,6,0))), VLOOKUP(B315,'OUTRAS BASES'!C:D,2,0))","v":152.12},152.12]
[]
[]
[]
[]
["11.2","Código","Banco","Descrição","Tipo",null,"Und","Quant.","Valor Unit","Total"]
["Insumo",34622,"SINAPI","FORNECIMENTO DE  CABO FLEXIVEL PVC 750 V, 3 CONDUTORES DE 6,0 MM2","Material",null,"M",1,{"$f":"IF(C321=\"SINAPI\", IF( IF(A321=\"Insumo\", VLOOKUP(B321,'SINAPI INSUMOS'!B:J,6,0), VLOOKUP(B321,'SINAPI COMP'!B:M,6,0))=0,VLOOKUP(B321,'OUTRAS BASES'!C:D,2,0),IF(A321=\"Insumo\", VLOOKUP(B321,'SINAPI INSUMOS'!B:J,6,0),VLOOKUP(B321,'SINAPI COMP'!B:M,6,0))), VLOOKUP(B321,'OUTRAS BASES'!C:D,2,0))","v":24.47},{"$f":"I321*H321","v":24.47}]
[]
[]
[]
[]
["11.3","Código","Banco","Descrição","Tipo",null,"Und","Quant.","Valor Unit","Total"]
["Composição","COMPOSIÇÃO - 19","Próprio","Fornecimento e instalação de automático de bóia superior e inferior","ASTU - ASSENTAMENTO DE TUBOS E PECAS",null,"un",1,{"$f":"SUM(J328:J332)","v":61.88},{"$f":"I327*H327","v":61.88}]
["Composição Auxiliar",88264,"SINAPI","ELETRICISTA COM ENCARGOS COMPLEMENTARES","Livro SINAPI: Cálculos e Parâmetros",null,"H",0.2,{"$f":"IF(C328=\"SINAPI\", IF( IF(A328=\"Insumo\", VLOOKUP(B328,'SINAPI INSUMOS'!B:J,6,0), VLOOKUP(B328,'SINAPI COMP'!B:M,6,0))=0,VLOOKUP(B328,'OUTRAS BASES'!C:D,2,0),IF(A328=\"Insumo\", VLOOKUP(B328,'SINAPI INSUMOS'!B:J,6,0),VLOOKUP(B328,'SINAPI COMP'!B:M,6,0))), VLOOKUP(B328,'OUTRAS BASES'!C:D,2,0))","v":31.42},6.2840000000000007]
["Composição Auxiliar",88247,"SINAPI","AUXILIAR DE ELETRICISTA COM ENCARGOS COMPLEMENTARES","Livro SINAPI: Cálculos e Parâmetros",null,"H",0.2,{"$f":"IF(C329=\"SINAPI\", IF( IF(A329=\"Insumo\", VLOOKUP(B329,'SINAPI INSUMOS'!B:J,6,0), VLOOKUP(B329,'SINAPI COMP'!B:M,6,0))=0,VLOOKUP(B329,'OUTRAS BASES'!C:D,2,0),IF(A329=\"Insumo\", VLOOKUP(B329,'SINAPI INSUMOS'!B:J,6,0),VLOOKUP(B329,'SINAPI COMP'!B:M,6,0))), VLOOKUP(B329,'OUTRAS BASES'!C:D,2,0))","v":25.54},5.1080000000000005]
["Insumo",7588,"SINAPI","AUTOMATICO DE BOIA SUPERIOR / INFERIOR, *15* A / 250 V","Material",null,"UN",1,{"$f":"IF(C330=\"SINAPI\", IF( IF(A330=\"Insumo\", VLOOKUP(B330,'SINAPI INSUMOS'!B:J,6,0), VLOOKUP(B330,'SINAPI COMP'!B:M,6,0))=0,VLOOKUP(B330,'OUTRAS BASES'!C:D,2,0),IF(A330=\"Insumo\", VLOOKUP(B330,'SINAPI INSUMOS'!B:J,6,0),VLOOKUP(B330,'SINAPI COMP'!B:M,6,0))), VLOOKUP(B330,'OUTRAS BASES'!C:D,2,0))","v":49.51},49.51]
["Insumo",21127,"SINAPI","FITA ISOLANTE ADESIVA ANTICHAMA, USO ATE 750 V, EM ROLO DE 19 MM X 5 M","Material",null,"UN",0.1,{"$f":"IF(C331=\"SINAPI\", IF( IF(A331=\"Insumo\", VLOOKUP(B331,'SINAPI INSUMOS'!B:J,6,0), VLOOKUP(B331,'SINAPI COMP'!B:M,6,0))=0,VLOOKUP(B331,'OUTRAS BASES'!C:D,2,0),IF(A331=\"Insumo\", VLOOKUP(B331,'SINAPI INSUMOS'!B:J,6,0),VLOOKUP(B331,'SINAPI COMP'!B:M,6,0))), VLOOKUP(B331,'OUTRAS BASES'!C:D,2,0))","v":3.78},0.378]
["Insumo",3146,"SINAPI","FITA VEDA ROSCA EM ROLOS DE 18 MM X 10 M (L X C)","Material",null,"UN",0.15,{"$f":"IF(C332=\"SINAPI\", IF( IF(A332=\"Insumo\", VLOOKUP(B332,'SINAPI INSUMOS'!B:J,6,0), VLOOKUP(B332,'SINAPI COMP'!B:M,6,0))=0,VLOOKUP(B332,'OUTRAS BASES'!C:D,2,0),IF(A332=\"Insumo\", VLOOKUP(B332,'SINAPI INSUMOS'!B:J,6,0),VLOOKUP(B332,'SINAPI COMP'!B:M,6,0))), VLOOKUP(B332,'OUTRAS BASES'!C:D,2,0))","v":4},0.6]
[]
[]
[]
[]
["11.4","Código","Banco","Descrição","Tipo",null,"Und","Quant.","Valor Unit","Total"]
["Insumo",39257,"SINAPI","CABO MULTIPOLAR DE COBRE, FLEXIVEL, CLASSE 4 OU 5, ISOLACAO EM HEPR, COBERTURA EM PVC-ST2, ANTICHAMA BWF-B, 0,6/1 KV, 3 CONDUTORES DE 1,5 MM2","Material",null,"M",1,{"$f":"IF(C338=\"SINAPI\", IF( IF(A338=\"Insumo\", VLOOKUP(B338,'SINAPI INSUMOS'!B:J,6,0), VLOOKUP(B338,'SINAPI COMP'!B:M,6,0))=0,VLOOKUP(B338,'OUTRAS BASES'!C:D,2,0),IF(A338=\"Insumo\", VLOOKUP(B338,'SINAPI INSUMOS'!B:J,6,0),VLOOKUP(B338,'SINAPI COMP'!B:M,6,0))), VLOOKUP(B338,'OUTRAS BASES'!C:D,2,0))","v":6.65},{"$f":"I338*H338","v":6.65}]
[]
[]
[]
[]
["11.5","Código","Banco","Descrição","Tipo",null,"Und","Quant.","Valor Unit","Total"]
["Insumo","COTAÇÃO-001","Próprio","Fornecimento de kit de bombeamento fotovoltaico, incluindo uma bomba CC de 1500W com controladora de carga externa, caixa de proteção metálica, módulos fotovoltaicos compatíveis com a geração de 2200Wp além de componentes elétricos necessários para interligação dos painéis, como cabos, conectores MC4 e presilhas de fixação.","Serviços",null,"un",1,7842.59,{"$f":"I344*H344","v":7842.59}]
[]
[]
[]
[]
[12,null,null,"URBANIZAÇÃO"]
["12.1","Código","Banco","Descrição","Tipo",null,"Und","Quant.","Valor Unit","Total"]
["Composição","COMPOSIÇÃO - 20","Próprio","Cerca com mourões de concreto de 15x15cm, espaçados de 3m e cravados a 0,5m, escoras de 10x10cm nos cantos, e 9 fios de arame de aço ovalado 15x17.","SEDI - SERVIÇOS DIVERSOS",null,"m",1,{"$f":"SUM(J352:J358)","v":82.112079999999992},{"$f":"I351*H351","v":82.112079999999992}]
["Composição Auxiliar",88309,"SINAPI","PEDREIRO COM ENCARGOS COMPLEMENTARES","Livro SINAPI: Cálculos e Parâmetros",null,"H",0.33500000000000002,{"$f":"IF(C352=\"SINAPI\", IF( IF(A352=\"Insumo\", VLOOKUP(B352,'SINAPI INSUMOS'!B:J,6,0), VLOOKUP(B352,'SINAPI COMP'!B:M,6,0))=0,VLOOKUP(B352,'OUTRAS BASES'!C:D,2,0),IF(A352=\"Insumo\", VLOOKUP(B352,'SINAPI INSUMOS'!B:J,6,0),VLOOKUP(B352,'SINAPI COMP'!B:M,6,0))), VLOOKUP(B352,'OUTRAS BASES'!C:D,2,0))","v":28.17},9.4369500000000013]
["Composição Auxiliar",88316,"SINAPI","SERVENTE COM ENCARGOS COMPLEMENTARES","Livro SINAPI: Cálculos e Parâmetros",null,"H",0.67100000000000004,{"$f":"IF(C353=\"SINAPI\", IF( IF(A353=\"Insumo\", VLOOKUP(B353,'SINAPI INSUMOS'!B:J,6,0), VLOOKUP(B353,'SINAPI COMP'!B:M,6,0))=0,VLOOKUP(B353,'OUTRAS BASES'!C:D,2,0),IF(A353=\"Insumo\", VLOOKUP(B353,'SINAPI INSUMOS'!B:J,6,0),VLOOKUP(B353,'SINAPI COMP'!B:M,6,0))), VLOOKUP(B353,'OUTRAS BASES'!C:D,2,0))","v":21.62},14.507020000000001]
["Composição Auxiliar",94975,"SINAPI","CONCRETO FCK = 15MPA, TRAÇO 1:3,4:3,5 (EM MASSA SECA DE CIMENTO/ AREIA MÉDIA/ BRITA 1) - PREPARO MANUAL. AF_05/2021","Produção de Concreto",null,"m³",2.8799999999999999E-2,{"$f":"IF(C354=\"SINAPI\", IF( IF(A354=\"Insumo\", VLOOKUP(B354,'SINAPI INSUMOS'!B:J,6,0), VLOOKUP(B354,'SINAPI COMP'!B:M,6,0))=0,VLOOKUP(B354,'OUTRAS BASES'!C:D,2,0),IF(A354=\"Insumo\", VLOOKUP(B354,'SINAPI INSUMOS'!B:J,6,0),VLOOKUP(B354,'SINAPI COMP'!B:M,6,0))), VLOOKUP(B354,'OUTRAS BASES'!C:D,2,0))","v":578.54999999999995},16.662239999999997]
["Insumo",43130,"SINAPI","ARAME GALVANIZADO 12 BWG, D = 2,76 MM (0,048 KG/M) OU 14 BWG, D = 2,11 MM (0,026 KG/M)","Material",null,"KG",9.8000000000000004E-2,{"$f":"IF(C355=\"SINAPI\", IF( IF(A355=\"Insumo\", VLOOKUP(B355,'SINAPI INSUMOS'!B:J,6,0), VLOOKUP(B355,'SINAPI COMP'!B:M,6,0))=0,VLOOKUP(B355,'OUTRAS BASES'!C:D,2,0),IF(A355=\"Insumo\", VLOOKUP(B355,'SINAPI INSUMOS'!B:J,6,0),VLOOKUP(B355,'SINAPI COMP'!B:M,6,0))), VLOOKUP(B355,'OUTRAS BASES'!C:D,2,0))","v":19.190000000000001},1.8806200000000002]
["Insumo",346,"SINAPI","ARAME DE ACO OVALADO 15 X 17 ( 45,7 KG, 700 KGF), ROLO 1000 M","Material",null,"KG",0.40500000000000003,{"$f":"IF(C356=\"SINAPI\", IF( IF(A356=\"Insumo\", VLOOKUP(B356,'SINAPI INSUMOS'!B:J,6,0), VLOOKUP(B356,'SINAPI COMP'!B:M,6,0))=0,VLOOKUP(B356,'OUTRAS BASES'!C:D,2,0),IF(A356=\"Insumo\", VLOOKUP(B356,'SINAPI INSUMOS'!B:J,6,0),VLOOKUP(B356,'SINAPI COMP'!B:M,6,0))), VLOOKUP(B356,'OUTRAS BASES'!C:D,2,0))","v":22.73},9.2056500000000003]
["Insumo",4111,"SINAPI","ESCORA PRE-MOLDADA EM CONCRETO, *10 X 10* CM, H = 2,30M","Material",null,"UN",0.16,{"$f":"IF(C357=\"SINAPI\", IF( IF(A357=\"Insumo\", VLOOKUP(B357,'SINAPI INSUMOS'!B:J,6,0), VLOOKUP(B357,'SINAPI COMP'!B:M,6,0))=0,VLOOKUP(B357,'OUTRAS BASES'!C:D,2,0),IF(A357=\"Insumo\", VLOOKUP(B357,'SINAPI INSUMOS'!B:J,6,0),VLOOKUP(B357,'SINAPI COMP'!B:M,6,0))), VLOOKUP(B357,'OUTRAS BASES'!C:D,2,0))","v":66.17},10.587200000000001]
["Insumo"," I1533 ","SEINFRA","MOURÃO CONCRETO BASE 15X15CM H=2.3 C/ 12 FUROS","Material",null,"UN",0.42,{"$f":"IF(C358=\"SINAPI\", IF( IF(A358=\"Insumo\", VLOOKUP(B358,'SINAPI INSUMOS'!B:J,6,0), VLOOKUP(B358,'SINAPI COMP'!B:M,6,0))=0,VLOOKUP(B358,'OUTRAS BASES'!C:D,2,0),IF(A358=\"Insumo\", VLOOKUP(B358,'SINAPI INSUMOS'!B:J,6,0),VLOOKUP(B358,'SINAPI COMP'!B:M,6,0))), VLOOKUP(B358,'OUTRAS BASES'!C:D,2,0))","v":47.22},19.8324]
[]
[]
[]
[]
["12.2","Código","Banco","Descrição","Tipo",null,"Und","Quant.","Valor Unit","Total"]
["Composição","COMPOSIÇÃO - 21","Próprio","Serviço de instalação de portão de ferro com suporte e batedor conforme projeto, incluso material","SEDI - SERVIÇOS DIVERSOS",null,"m²",1,{"$f":"SUM(J365:J369)","v":730.23736000000008},{"$f":"I364*H364","v":730.23736000000008}]
["Composição Auxiliar",88309,"SINAPI","PEDREIRO COM ENCARGOS COMPLEMENTARES","Livro SINAPI: Cálculos e Parâmetros",null,"H",1.5,{"$f":"IF(C365=\"SINAPI\", IF( IF(A365=\"Insumo\", VLOOKUP(B365,'SINAPI INSUMOS'!B:J,6,0), VLOOKUP(B365,'SINAPI COMP'!B:M,6,0))=0,VLOOKUP(B365,'OUTRAS BASES'!C:D,2,0),IF(A365=\"Insumo\", VLOOKUP(B365,'SINAPI INSUMOS'!B:J,6,0),VLOOKUP(B365,'SINAPI COMP'!B:M,6,0))), VLOOKUP(B365,'OUTRAS BASES'!C:D,2,0))","v":28.17},42.255000000000003]
["Composição Auxiliar",88316,"SINAPI","SERVENTE COM ENCARGOS COMPLEMENTARES","Livro SINAPI: Cálculos e Parâmetros",null,"H",1.5,{"$f":"IF(C366=\"SINAPI\", IF( IF(A366=\"Insumo\", VLOOKUP(B366,'SINAPI INSUMOS'!B:J,6,0), VLOOKUP(B366,'SINAPI COMP'!B:M,6,0))=0,VLOOKUP(B366,'OUTRAS BASES'!C:D,2,0),IF(A366=\"Insumo\", VLOOKUP(B366,'SINAPI INSUMOS'!B:J,6,0),VLOOKUP(B366,'SINAPI COMP'!B:M,6,0))), VLOOKUP(B366,'OUTRAS BASES'!C:D,2,0))","v":21.62},32.43]
["Insumo",367,"SINAPI","AREIA GROSSA - POSTO JAZIDA/FORNECEDOR (RETIRADO NA JAZIDA, SEM TRANSPORTE)","Material",null,"m³",6.0999999999999999E-2,{"$f":"IF(C367=\"SINAPI\", IF( IF(A367=\"Insumo\", VLOOKUP(B367,'SINAPI INSUMOS'!B:J,6,0), VLOOKUP(B367,'SINAPI COMP'!B:M,6,0))=0,VLOOKUP(B367,'OUTRAS BASES'!C:D,2,0),IF(A367=\"Insumo\", VLOOKUP(B367,'SINAPI INSUMOS'!B:J,6,0),VLOOKUP(B367,'SINAPI COMP'!B:M,6,0))), VLOOKUP(B367,'OUTRAS BASES'!C:D,2,0))","v":129.16},7.8787599999999998]
["Insumo",1379,"SINAPI","CIMENTO PORTLAND COMPOSTO CP II-32","Material",null,"KG",4.83,{"$f":"IF(C368=\"SINAPI\", IF( IF(A368=\"Insumo\", VLOOKUP(B368,'SINAPI INSUMOS'!B:J,6,0), VLOOKUP(B368,'SINAPI COMP'!B:M,6,0))=0,VLOOKUP(B368,'OUTRAS BASES'!C:D,2,0),IF(A368=\"Insumo\", VLOOKUP(B368,'SINAPI INSUMOS'!B:J,6,0),VLOOKUP(B368,'SINAPI COMP'!B:M,6,0))), VLOOKUP(B368,'OUTRAS BASES'!C:D,2,0))","v":0.92},4.4436]
["Insumo",4948,"SINAPI","PORTAO DE ABRIR / GIRO, EM GRADIL DE METALON REDONDO DE 3/4\"  VERTICAL, COM REQUADRO, ACABAMENTO NATURAL - COMPLETO","Material",null,"m²",1,{"$f":"IF(C369=\"SINAPI\", IF( IF(A369=\"Insumo\", VLOOKUP(B369,'SINAPI INSUMOS'!B:J,6,0), VLOOKUP(B369,'SINAPI COMP'!B:M,6,0))=0,VLOOKUP(B369,'OUTRAS BASES'!C:D,2,0),IF(A369=\"Insumo\", VLOOKUP(B369,'SINAPI INSUMOS'!B:J,6,0),VLOOKUP(B369,'SINAPI COMP'!B:M,6,0))), VLOOKUP(B369,'OUTRAS BASES'!C:D,2,0))","v":643.23},643.23]
[]
[]
[]
[]
[13,null,null,"OUTROS SERVIÇOS E INSUMOS EXCEPCIONAIS"]
["13.1","Código","Banco","Descrição","Tipo",null,"Und","Quant.","Valor Unit","Total"]
["Composição","COMPOSIÇÃO - 22","Próprio","Fornecimento e instalação do pré filtro para revestimento interno","ASTU - ASSENTAMENTO DE TUBOS E PECAS",null,"m³",1,{"$f":"SUM(J377:J380)","v":1653.5820000000001},{"$f":"I376*H376","v":1653.5820000000001}]
["Composição Auxiliar",90776,"SINAPI","ENCARREGADO GERAL COM ENCARGOS COMPLEMENTARES","Livro SINAPI: Cálculos e Parâmetros",null,"H",0.4,{"$f":"IF(C377=\"SINAPI\", IF( IF(A377=\"Insumo\", VLOOKUP(B377,'SINAPI INSUMOS'!B:J,6,0), VLOOKUP(B377,'SINAPI COMP'!B:M,6,0))=0,VLOOKUP(B377,'OUTRAS BASES'!C:D,2,0),IF(A377=\"Insumo\", VLOOKUP(B377,'SINAPI INSUMOS'!B:J,6,0),VLOOKUP(B377,'SINAPI COMP'!B:M,6,0))), VLOOKUP(B377,'OUTRAS BASES'!C:D,2,0))","v":31.28},12.512]
["Composição Auxiliar",88297,"SINAPI","OPERADOR DE MÁQUINAS E EQUIPAMENTOS COM ENCARGOS COMPLEMENTARES","Livro SINAPI: Cálculos e Parâmetros",null,"H",0.4,{"$f":"IF(C378=\"SINAPI\", IF( IF(A378=\"Insumo\", VLOOKUP(B378,'SINAPI INSUMOS'!B:J,6,0), VLOOKUP(B378,'SINAPI COMP'!B:M,6,0))=0,VLOOKUP(B378,'OUTRAS BASES'!C:D,2,0),IF(A378=\"Insumo\", VLOOKUP(B378,'SINAPI INSUMOS'!B:J,6,0),VLOOKUP(B378,'SINAPI COMP'!B:M,6,0))), VLOOKUP(B378,'OUTRAS BASES'!C:D,2,0))","v":27.2},10.88]
["Composição Auxiliar",88316,"SINAPI","SERVENTE COM ENCARGOS COMPLEMENTARES","Livro SINAPI: Cálculos e Parâmetros",null,"H",0.5,{"$f":"IF(C379=\"SINAPI\", IF( IF(A379=\"Insumo\", VLOOKUP(B379,'SINAPI INSUMOS'!B:J,6,0), VLOOKUP(B379,'SINAPI COMP'!B:M,6,0))=0,VLOOKUP(B379,'OUTRAS BASES'!C:D,2,0),IF(A379=\"Insumo\", VLOOKUP(B379,'SINAPI INSUMOS'!B:J,6,0),VLOOKUP(B379,'SINAPI COMP'!B:M,6,0))), VLOOKUP(B379,'OUTRAS BASES'!C:D,2,0))","v":21.62},10.81]
["Insumo",5073,"ORSE","Pré-filtro comum","Serviços",null,"m³",1,{"$f":"IF(C380=\"SINAPI\", IF( IF(A380=\"Insumo\", VLOOKUP(B380,'SINAPI INSUMOS'!B:J,6,0), VLOOKUP(B380,'SINAPI COMP'!B:M,6,0))=0,VLOOKUP(B380,'OUTRAS BASES'!C:D,2,0),IF(A380=\"Insumo\", VLOOKUP(B380,'SINAPI INSUMOS'!B:J,6,0),VLOOKUP(B380,'SINAPI COMP'!B:M,6,0))), VLOOKUP(B380,'OUTRAS BASES'!C:D,2,0))","v":1619.38},1619.38]
[]
[]
[]
[]
["13.2","Código","Banco","Descrição","Tipo",null,"Und","Quant.","Valor Unit","Total"]
["Composição","COMPOSIÇÃO - 23","Próprio","Execução de tamponamento conforme especificação","SEDI - SERVIÇOS DIVERSOS",null,"m³",1,{"$f":"SUM(J387:J389)","v":717.24},{"$f":"I386*H386","v":717.24}]
["Composição Auxiliar",87316,"SINAPI","ARGAMASSA TRAÇO 1:4 (EM VOLUME DE CIMENTO E AREIA GROSSA ÚMIDA) PARA CHAPISCO CONVENCIONAL, PREPARO MECÂNICO COM BETONEIRA 400 L. AF_08/2019","Argamassas",null,"m³",1,{"$f":"IF(C387=\"SINAPI\", IF( IF(A387=\"Insumo\", VLOOKUP(B387,'SINAPI INSUMOS'!B:J,6,0), VLOOKUP(B387,'SINAPI COMP'!B:M,6,0))=0,VLOOKUP(B387,'OUTRAS BASES'!C:D,2,0),IF(A387=\"Insumo\", VLOOKUP(B387,'SINAPI INSUMOS'!B:J,6,0),VLOOKUP(B387,'SINAPI COMP'!B:M,6,0))), VLOOKUP(B387,'OUTRAS BASES'!C:D,2,0))","v":552.45000000000005},552.45000000000005]
["Composição Auxiliar",88316,"SINAPI","SERVENTE COM ENCARGOS COMPLEMENTARES","Livro SINAPI: Cálculos e Parâmetros",null,"H",1,{"$f":"IF(C388=\"SINAPI\", IF( IF(A388=\"Insumo\", VLOOKUP(B388,'SINAPI INSUMOS'!B:J,6,0), VLOOKUP(B388,'SINAPI COMP'!B:M,6,0))=0,VLOOKUP(B388,'OUTRAS BASES'!C:D,2,0),IF(A388=\"Insumo\", VLOOKUP(B388,'SINAPI INSUMOS'!B:J,6,0),VLOOKUP(B388,'SINAPI COMP'!B:M,6,0))), VLOOKUP(B388,'OUTRAS BASES'!C:D,2,0))","v":21.62},21.62]
["Insumo",4721,"SINAPI","PEDRA BRITADA N. 1 (9,5 a 19 MM) POSTO PEDREIRA/FORNECEDOR, SEM FRETE","Material",null,"m³",1,{"$f":"IF(C389=\"SINAPI\", IF( IF(A389=\"Insumo\", VLOOKUP(B389,'SINAPI INSUMOS'!B:J,6,0), VLOOKUP(B389,'SINAPI COMP'!B:M,6,0))=0,VLOOKUP(B389,'OUTRAS BASES'!C:D,2,0),IF(A389=\"Insumo\", VLOOKUP(B389,'SINAPI INSUMOS'!B:J,6,0),VLOOKUP(B389,'SINAPI COMP'!B:M,6,0))), VLOOKUP(B389,'OUTRAS BASES'!C:D,2,0))","v":143.16999999999999},143.16999999999999]
[]
[]
[]
[]
["13.3","Código","Banco","Descrição","Tipo",null,"Und","Quant.","Valor Unit","Total"]
["Composição","COMPOSIÇÃO - 24","Próprio","Fornecimento e instalação do filtro para revestimento interno Ø 4 1/2\"","ASTU - ASSENTAMENTO DE TUBOS E PECAS",null,"m",1,{"$f":"SUM(J396:J398)","v":123.625},{"$f":"I395*H395","v":123.625}]
["Composição Auxiliar",88316,"SINAPI","SERVENTE COM ENCARGOS COMPLEMENTARES","Livro SINAPI: Cálculos e Parâmetros",null,"H",0.65,{"$f":"IF(C396=\"SINAPI\", IF( IF(A396=\"Insumo\", VLOOKUP(B396,'SINAPI INSUMOS'!B:J,6,0), VLOOKUP(B396,'SINAPI COMP'!B:M,6,0))=0,VLOOKUP(B396,'OUTRAS BASES'!C:D,2,0),IF(A396=\"Insumo\", VLOOKUP(B396,'SINAPI INSUMOS'!B:J,6,0),VLOOKUP(B396,'SINAPI COMP'!B:M,6,0))), VLOOKUP(B396,'OUTRAS BASES'!C:D,2,0))","v":21.62},14.053000000000001]
["Composição Auxiliar",90776,"SINAPI","ENCARREGADO GERAL COM ENCARGOS COMPLEMENTARES","Livro SINAPI: Cálculos e Parâmetros",null,"H",0.65,{"$f":"IF(C397=\"SINAPI\", IF( IF(A397=\"Insumo\", VLOOKUP(B397,'SINAPI INSUMOS'!B:J,6,0), VLOOKUP(B397,'SINAPI COMP'!B:M,6,0))=0,VLOOKUP(B397,'OUTRAS BASES'!C:D,2,0),IF(A397=\"Insumo\", VLOOKUP(B397,'SINAPI INSUMOS'!B:J,6,0),VLOOKUP(B397,'SINAPI COMP'!B:M,6,0))), VLOOKUP(B397,'OUTRAS BASES'!C:D,2,0))","v":31.28},20.332000000000001]
["Insumo"," COTAÇÃO-004 ","Próprio","Fornecimento tubo filtro geomecânico classe reforçado diâmetro Ø 4 1/2\" com junta roscável. ","Material",null,"m",1,89.24,89.24]
[]
[]
[]
[]
["13.4","Código","Banco","Descrição","Tipo",null,"Und","Quant.","Valor Unit","Total"]
["Composição","COMPOSIÇÃO - 25","Próprio","Fornecimento e instalação do revestimento interno Ø 4 1/2\"","ASTU - ASSENTAMENTO DE TUBOS E PECAS",null,"m",1,{"$f":"SUM(J405:J407)","v":114.075},{"$f":"I404*H404","v":114.075}]
["Composição Auxiliar",88316,"SINAPI","SERVENTE COM ENCARGOS COMPLEMENTARES","Livro SINAPI: Cálculos e Parâmetros",null,"H",0.65,{"$f":"IF(C405=\"SINAPI\", IF( IF(A405=\"Insumo\", VLOOKUP(B405,'SINAPI INSUMOS'!B:J,6,0), VLOOKUP(B405,'SINAPI COMP'!B:M,6,0))=0,VLOOKUP(B405,'OUTRAS BASES'!C:D,2,0),IF(A405=\"Insumo\", VLOOKUP(B405,'SINAPI INSUMOS'!B:J,6,0),VLOOKUP(B405,'SINAPI COMP'!B:M,6,0))), VLOOKUP(B405,'OUTRAS BASES'!C:D,2,0))","v":21.62},14.053000000000001]
["Composição Auxiliar",90776,"SINAPI","ENCARREGADO GERAL COM ENCARGOS COMPLEMENTARES","Livro SINAPI: Cálculos e Parâmetros",null,"H",0.65,{"$f":"IF(C406=\"SINAPI\", IF( IF(A406=\"Insumo\", VLOOKUP(B406,'SINAPI INSUMOS'!B:J,6,0), VLOOKUP(B406,'SINAPI COMP'!B:M,6,0))=0,VLOOKUP(B406,'OUTRAS BASES'!C:D,2,0),IF(A406=\"Insumo\", VLOOKUP(B406,'SINAPI INSUMOS'!B:J,6,0),VLOOKUP(B406,'SINAPI COMP'!B:M,6,0))), VLOOKUP(B406,'OUTRAS BASES'!C:D,2,0))","v":31.28},20.332000000000001]
["Insumo"," COTAÇÃO-006 ","Próprio","Fornecimento tubo revestimento geomecânico classe reforçado Ø 4 1/2\" com junta roscável.","Material",null,"m",1,79.69,79.69]
[]
[]
[]
[]
["13.5","Código","Banco","Descrição","Tipo",null,"Und","Quant.","Valor Unit","Total"]
["Insumo"," M3929 ","SICRO3","Tubo em aço-carbono - E = 3,00 mm e D = 150 mm (6\")","Material",null,"m",1,{"$f":"IF(C413=\"SINAPI\", IF( IF(A413=\"Insumo\", VLOOKUP(B413,'SINAPI INSUMOS'!B:J,6,0), VLOOKUP(B413,'SINAPI COMP'!B:M,6,0))=0,VLOOKUP(B413,'OUTRAS BASES'!C:D,2,0),IF(A413=\"Insumo\", VLOOKUP(B413,'SINAPI INSUMOS'!B:J,6,0),VLOOKUP(B413,'SINAPI COMP'!B:M,6,0))), VLOOKUP(B413,'OUTRAS BASES'!C:D,2,0))","v":148.57},{"$f":"I413*H413","v":148.57}]
[]
[]
[]
[]
["13.6","Código","Banco","Descrição","Tipo",null,"Und","Quant.","Valor Unit","Total"]
["Insumo",5108,"ORSE","Revestimento tubo liso aço sch-40 em 8\"","Material",null,"M",1,{"$f":"IF(C419=\"SINAPI\", IF( IF(A419=\"Insumo\", VLOOKUP(B419,'SINAPI INSUMOS'!B:J,6,0), VLOOKUP(B419,'SINAPI COMP'!B:M,6,0))=0,VLOOKUP(B419,'OUTRAS BASES'!C:D,2,0),IF(A419=\"Insumo\", VLOOKUP(B419,'SINAPI INSUMOS'!B:J,6,0),VLOOKUP(B419,'SINAPI COMP'!B:M,6,0))), VLOOKUP(B419,'OUTRAS BASES'!C:D,2,0))","v":164.55},{"$f":"I419*H419","v":164.55}]
[]
[]
[]
[]
["13.7","Código","Banco","Descrição","Tipo",null,"Und","Quant.","Valor Unit","Total"]
["Insumo"," M039706073 ","EMBASA","FILTRO NOLD EM AÇO GALVANIZADO DN 6\"","Material",null,"M",1,{"$f":"IF(C425=\"SINAPI\", IF( IF(A425=\"Insumo\", VLOOKUP(B425,'SINAPI INSUMOS'!B:J,6,0), VLOOKUP(B425,'SINAPI COMP'!B:M,6,0))=0,VLOOKUP(B425,'OUTRAS BASES'!C:D,2,0),IF(A425=\"Insumo\", VLOOKUP(B425,'SINAPI INSUMOS'!B:J,6,0),VLOOKUP(B425,'SINAPI COMP'!B:M,6,0))), VLOOKUP(B425,'OUTRAS BASES'!C:D,2,0))","v":835.86},{"$f":"I425*H425","v":835.86}]
[]
[]
[]
[]
["13.8","Código","Banco","Descrição","Tipo",null,"Und","Quant.","Valor Unit","Total"]
["Composição","COMPOSIÇÃO - 26","Próprio","Limpeza manual , remoção de cerca, capina e instalação dos equipamentos (área do poço, painéis solares, bebedouro e reservatório)","SEDI - SERVIÇOS DIVERSOS",null,"m²",1,{"$f":"SUM(J432)","v":1.7296},{"$f":"I431*H431","v":1.7296}]
["Composição Auxiliar",88316,"SINAPI","SERVENTE COM ENCARGOS COMPLEMENTARES","Livro SINAPI: Cálculos e Parâmetros",null,"H",0.08,{"$f":"IF(C432=\"SINAPI\", IF( IF(A432=\"Insumo\", VLOOKUP(B432,'SINAPI INSUMOS'!B:J,6,0), VLOOKUP(B432,'SINAPI COMP'!B:M,6,0))=0,VLOOKUP(B432,'OUTRAS BASES'!C:D,2,0),IF(A432=\"Insumo\", VLOOKUP(B432,'SINAPI INSUMOS'!B:J,6,0),VLOOKUP(B432,'SINAPI COMP'!B:M,6,0))), VLOOKUP(B432,'OUTRAS BASES'!C:D,2,0))","v":21.62},1.7296]

{"sheet":"Crono. - TO - P","index":13,"n_rows":27,"n_cols":15,"rows_kept":27,"cut":false,"hidden":false,"merged":[[0,0,6,14],[7,0,8,14],[23,0,23,1],[23,2,26,2],[24,0,24,1],[25,0,25,1],[26,0,26,1]]}
["OBJETO: EXECUÇÃO DE SERVIÇOS DE PERFURAÇÃO E INSTALAÇÃO DE POÇOS TUBULARES EM MUNICÍPIOS LOCALIZADOS NO ESTADO DO TOCANTINS, NA ÁREA DE ATUAÇÃO DA CODEVASF."]
[]
[]
[]
[]
[]
[]
["CRONOGRAMA FÍSICO-FINANCEIRO POÇO PARCIALMENTE REVESTIDO"]
[]
["ITEM","ESPECIFICAÇÃO DOS SERVIÇOS","VALOR TOTAL (R$)","Mês 01","Mês 02","Mês 03","Mês 04","Mês 05","Mês 06","Mês 07","Mês 08","Mês 09","Mês 10","Mês 11","Mês 12"]
["1","Serviços preliminares.",{"$f":"'Orçamento Sintético - TO - P'!K4","v":101610.31},{"$f":"$C$11/12","v":8467.5258333333331},{"$f":"$C$11/12","v":8467.5258333333331},8467.5258333333331,8467.5258333333331,8467.5258333333331,8467.5258333333331,8467.5258333333331,8467.5258333333331,8467.5258333333331,8467.5258333333331,8467.5258333333331,8467.5258333333331]
["2","Mobilizaçâo e desmobilizaçâo equipes perfuraçâo e instalação.",{"$f":"'Orçamento Sintético - TO - P'!K9","v":182574},{"$f":"$C$12/12","v":15214.5},{"$f":"$C$12/12","v":15214.5},15214.5,15214.5,15214.5,15214.5,15214.5,15214.5,15214.5,15214.5,15214.5,15214.5]
["3","Perfuração e completação de poço tubular.",{"$f":"'Orçamento Sintético - TO - P'!K13","v":1947948.62},{"$f":"$C$13/12","v":162329.05166666667},{"$f":"$C$13/12","v":162329.05166666667},162329.05166666667,162329.05166666667,162329.05166666667,162329.05166666667,162329.05166666667,162329.05166666667,162329.05166666667,162329.05166666667,162329.05166666667,162329.05166666667]
["4","Pós perfuração.",{"$f":"'Orçamento Sintético - TO - P'!K18","v":820613.55},{"$f":"$C$14/12","v":68384.462500000009},{"$f":"$C$14/12","v":68384.462500000009},68384.462500000009,68384.462500000009,68384.462500000009,68384.462500000009,68384.462500000009,68384.462500000009,68384.462500000009,68384.462500000009,68384.462500000009,68384.462500000009]
["5","Reservação.",{"$f":"'Orçamento Sintético - TO - P'!K24","v":1499479.5699999998},{"$f":"$C$15/12","v":124956.63083333331},{"$f":"$C$15/12","v":124956.63083333331},124956.63083333331,124956.63083333331,124956.63083333331,124956.63083333331,124956.63083333331,124956.63083333331,124956.63083333331,124956.63083333331,124956.63083333331,124956.63083333331]
["6","Bebedouro.",{"$f":"'Orçamento Sintético - TO - P'!K27","v":154069.41},{"$f":"$C$16/12","v":12839.1175},{"$f":"$C$16/12","v":12839.1175},12839.1175,12839.1175,12839.1175,12839.1175,12839.1175,12839.1175,12839.1175,12839.1175,12839.1175,12839.1175]
["7","Chafariz.",{"$f":"'Orçamento Sintético - TO - P'!K29","v":81284.070000000007},{"$f":"$C$17/12","v":6773.6725000000006},{"$f":"$C$17/12","v":6773.6725000000006},6773.6725000000006,6773.6725000000006,6773.6725000000006,6773.6725000000006,6773.6725000000006,6773.6725000000006,6773.6725000000006,6773.6725000000006,6773.6725000000006,6773.6725000000006]
["8","Cavalete.",{"$f":"'Orçamento Sintético - TO - P'!K31","v":159950.97},{"$f":"$C$18/12","v":13329.247499999999},{"$f":"$C$18/12","v":13329.247499999999},13329.247499999999,13329.247499999999,13329.247499999999,13329.247499999999,13329.247499999999,13329.247499999999,13329.247499999999,13329.247499999999,13329.247499999999,13329.247499999999]
["9","Instalações hidráulicas.",{"$f":"'Orçamento Sintético - TO - P'!K33","v":1121992.29},{"$f":"$C$19/12","v":93499.357499999998},{"$f":"$C$19/12","v":93499.357499999998},93499.357499999998,93499.357499999998,93499.357499999998,93499.357499999998,93499.357499999998,93499.357499999998,93499.357499999998,93499.357499999998,93499.357499999998,93499.357499999998]
["10","Estrutura de fixação para módulos fotovoltáicos.",{"$f":"'Orçamento Sintético - TO - P'!K41","v":91174.42},{"$f":"$C$20/12","v":7597.8683333333329},{"$f":"$C$20/12","v":7597.8683333333329},7597.8683333333329,7597.8683333333329,7597.8683333333329,7597.8683333333329,7597.8683333333329,7597.8683333333329,7597.8683333333329,7597.8683333333329,7597.8683333333329,7597.8683333333329]
["11","Instalações elétricas e bóia elétrica.",{"$f":"'Orçamento Sintético - TO - P'!K43","v":1024638.27},{"$f":"$C$21/12","v":85386.522500000006},{"$f":"$C$21/12","v":85386.522500000006},85386.522500000006,85386.522500000006,85386.522500000006,85386.522500000006,85386.522500000006,85386.522500000006,85386.522500000006,85386.522500000006,85386.522500000006,85386.522500000006]
["12","Urbanização.",{"$f":"'Orçamento Sintético - TO - P'!K49","v":289921.09999999998},{"$f":"$C$22/12","v":24160.091666666664},{"$f":"$C$22/12","v":24160.091666666664},24160.091666666664,24160.091666666664,24160.091666666664,24160.091666666664,24160.091666666664,24160.091666666664,24160.091666666664,24160.091666666664,24160.091666666664,24160.091666666664]
["13","Outros serviços e insumos excepcionais.",{"$f":"'Orçamento Sintético - TO - P'!K52","v":728180.56999999983},{"$f":"$C$23/12","v":60681.71416666665},{"$f":"$C$23/12","v":60681.71416666665},60681.71416666665,60681.71416666665,60681.71416666665,60681.71416666665,60681.71416666665,60681.71416666665,60681.71416666665,60681.71416666665,60681.71416666665,60681.71416666665]
["TOTAL",null,{"$f":"SUM(C11:C23)","v":8203437.1500000004},{"$f":"SUM(D11:D23)","v":683619.76249999995},{"$f":"SUM(E11:E23)","v":683619.76249999995},683619.76249999995,683619.76249999995,683619.76249999995,683619.76249999995,683619.76249999995,683619.76249999995,683619.76249999995,683619.76249999995,683619.76249999995,683619.76249999995]
["PERCENTUAL",null,null,{"$f":"D24/$C$24","v":8.3333333333333329E-2},{"$f":"E24/$C$24","v":8.3333333333333329E-2},{"$f":"F24/$C$24","v":8.3333333333333329E-2},8.3333333333333329E-2,8.3333333333333329E-2,8.3333333333333329E-2,8.3333333333333329E-2,8.3333333333333329E-2,8.3333333333333329E-2,8.3333333333333329E-2,8.3333333333333329E-2,8.3333333333333329E-2]
["CUSTO ACUMULADO",null,null,{"$f":"D24","v":683619.76249999995},{"$f":"E24+D26","v":1367239.5249999999},2050859.2874999999,2734479.05,3418098.8125,4101718.5750000002,4785338.3375000004,5468958.1000000006,6152577.8625000007,6836197.6250000009,7519817.3875000011,8203437.1500000013]
["PERCENTUAL ACUMULADO",null,null,{"$f":"D25","v":8.3333333333333329E-2},{"$f":"E25+D27","v":0.16666666666666666},0.25,0.33333333333333331,0.41666666666666663,0.49999999999999994,0.58333333333333326,0.66666666666666663,0.75,0.83333333333333337,0.91666666666666674,1]

{"sheet":"Orçamento Sintético - TO - T","index":14,"n_rows":61,"n_cols":13,"rows_kept":61,"cut":false,"hidden":false,"merged":[[0,2,1,5]]}
[null,null,"OBJETO: EXECUÇÃO DE SERVIÇOS DE PERFURAÇÃO E INSTALAÇÃO DE POÇOS TUBULARES EM MUNICÍPIOS LOCALIZADOS NO ESTADO DO TOCANTINS, NA ÁREA DE ATUAÇÃO DA CODEVASF.",{"$nulls":4},"Quantidade de Poços","BDI SERVIÇO","BDI INSUMO","Total","Preço Unitário Por Poço","Desconto"]
[{"$nulls":7},81,0.23780000000000001,0.1469,{"$f":"K4+K9+K13+K20+K26+K29+K31+K33+K35+K43+K45+K51+K54","v":15162807.469999999},{"$f":"K2/H2","v":187195.15395061727},0]
["Item","Código","Banco","TIPO","Descrição.","un.","Mem. calc.","Quanti.","Valor Unit","Valor Unit com BDI","Total","Peso (%)"]
[1,null,null,null,"Serviços preliminares.",{"$nulls":5},{"$f":"SUM(K5:K8)","v":189191.96},{"$f":"K4/$K$2","v":1.2477370063183953E-2}]
["1.1","COMPOSIÇÃO - 1","Próprio","Serviço","Administração local da obra - poço totalmente revestido.","un.",1,{"$f":"G5*$H$2","v":81},{"$f":"VLOOKUP(B5,'Orçamento Analítico - TO - T'!B:J,8,0)*(1-$M$2)","v":900.36345000000006},{"$f":"ROUND(I5*(1+$I$2),2)","v":1114.47},{"$f":"ROUND(J5*H5,2)","v":90272.07},{"$f":"K5/$K$2","v":5.9535195034696314E-3}]
["1.2","COMPOSIÇÃO - 2","Próprio","Serviço","Serviço de locação geológica de campo com relatório hidro geológico e perfil construtivo e geológico esperado. relatório de viabilidade de implantação das estruturas e vistorias preliminares.","un.",1,{"$f":"G6*$H$2","v":81},{"$f":"VLOOKUP(B6,'Orçamento Analítico - TO - T'!B:J,8,0)*(1-$M$2)","v":606.94999999999993},{"$f":"ROUND(I6*(1+$I$2),2)","v":751.28},{"$f":"ROUND(J6*H6,2)","v":60853.68},{"$f":"K6/$K$2","v":4.0133517569487416E-3}]
["1.3",103689,"SINAPI","Serviço","Fornecimento e instalação de placa de obra com chapa galvanizada e estrutura de madeira. .","m²",0.72,{"$f":"G7*$H$2","v":58.32},{"$f":"VLOOKUP(B7,'Orçamento Analítico - TO - T'!B:J,8,0)*(1-$M$2)","v":462.97},573.05999999999995,33420.86,2.2041340342891002E-3]
["1.4","Composição - A","Próprio","Insumo","Emissão de Outorga e Licenciamento (taxas)","und",1,{"$f":"G8*$H$2","v":81},{"$f":"VLOOKUP(B8,'Orçamento Analítico - TO - T'!B:J,8,0)*(1-$M$2)","v":50},{"$f":"ROUND(I8*(1+$J$2),2)","v":57.35},{"$f":"ROUND(J8*H8,2)","v":4645.3500000000004},3.0636476847648063E-4]
[2,null,null,null,"Mobilizaçâo e desmobilizaçâo equipe campo.",{"$nulls":5},{"$f":"SUM(K10:K12)","v":214326},{"$f":"K9/$K$2","v":1.413498129710144E-2}]
["2.1","COMPOSIÇÃO - 3","Próprio","Serviço","Transporte de comboio perfuração.","km",150,{"$f":"G10*$H$2","v":12150},{"$f":"VLOOKUP(B10,'Orçamento Analítico - TO - T'!B:J,8,0)*(1-$M$2)","v":5.1522716000000006},{"$f":"ROUND(I10*(1+$I$2),2)","v":6.38},{"$f":"ROUND(J10*H10,2)","v":77517},5.1123118296772787E-3]
["2.2","COMPOSIÇÃO - 4","Próprio","Serviço","Transporte de comboio instalação.","km",150,12150,{"$f":"VLOOKUP(B11,'Orçamento Analítico - TO - T'!B:J,8,0)*(1-$M$2)","v":6.3041440000000009},7.8,94770,6.250161798038052E-3]
["2.3","COMPOSIÇÃO - 5","Próprio","Serviço","Transporte de equipe teste de vazão.","km",150,12150,{"$f":"VLOOKUP(B12,'Orçamento Analítico - TO - T'!B:J,8,0)*(1-$M$2)","v":2.7917880000000004},3.46,42039,2.7725076693861104E-3]
[3,null,null,null,"Perfuração e completação de poço tubular.",{"$nulls":5},{"$f":"SUM(K14:K19)","v":7434682.2599999998},{"$f":"K13/$K$2","v":0.49032359440754675}]
["3.1","COMPOSIÇÃO - 6","Próprio","Serviço","Perfuração diâmetro de ø 12 1/2\" em rocha - incluso mão de obra para instalação do revestimento e completação anelar.","m",150,12150,{"$f":"VLOOKUP(B14,'Orçamento Analítico - TO - T'!B:J,8,0)*(1-$M$2)","v":255.85999999999999},{"$f":"ROUND(I14*(1+$I$2),2)","v":316.7},3847905,0.25377259505623734]
["3.2",5073,"ORSE","Insumo","Fornecimento de pré-filtro comum m3.","m³",7.5138999999999996,608.6259,{"$f":"VLOOKUP(B15,'Orçamento Analítico - TO - T'!B:J,8,0)*(1-$M$2)","v":1619.38},{"$f":"ROUND(I15*(1+$J$2),2)","v":1857.27},1130382.6299999999,7.4549692214749191E-2]
["3.3",5091,"ORSE","Insumo","Revestimento filtro pvc geomecânico reforçado dn 150mm.","m",15,1215,{"$f":"VLOOKUP(B16,'Orçamento Analítico - TO - T'!B:J,8,0)*(1-$M$2)","v":221.38},253.9,308488.5,2.0345077955408481E-2]
["3.4",5024,"ORSE","Insumo","Centralizador em 6\".","un.",10,810,{"$f":"VLOOKUP(B17,'Orçamento Analítico - TO - T'!B:J,8,0)*(1-$M$2)","v":267.02},306.25,248062.5,1.6359932056830371E-2]
["3.5",9850,"SINAPI","Insumo","Tubo pvc de revestimento geomecanico nervurado reforcado, dn = 150 mm, comprimento = 2 m.","m",134,10854,{"$f":"VLOOKUP(B18,'Orçamento Analítico - TO - T'!B:J,8,0)*(1-$M$2)","v":147.75},169.45,1839210.3,0.12129747763657386]
["3.6","COMPOSIÇÃO - 7","Próprio","Serviço","Serviço de lançamento cimentação anelar, incluso materiais.","m³",1.1599999999999999,{"$f":"G19*$H$2","v":93.96},{"$f":"VLOOKUP(B19,'Orçamento Analítico - TO - T'!B:J,8,0)*(1-$M$2)","v":521.34},{"$f":"ROUND(I19*(1+$I$2),2)","v":645.30999999999995},{"$f":"ROUND(J19*H19,2)","v":60633.33},{"$f":"K19/$K$2","v":3.9988194877475418E-3}]
[4,null,null,null,"Pós perfuração.",{"$nulls":5},{"$f":"SUM(K21:K25)","v":992318.85},{"$f":"K20/$K$2","v":6.5444268943157663E-2}]
["4.1",6305,"ORSE","Serviço","Desenvolvimento com compressor 250psi / 750cfm.","h",2,{"$f":"G21*$H$2","v":162},{"$f":"VLOOKUP(B21,'Orçamento Analítico - TO - T'!B:J,8,0)*(1-$M$2)","v":411.16},{"$f":"ROUND(I21*(1+$I$2),2)","v":508.93},{"$f":"ROUND(J21*H21,2)","v":82446.66},{"$f":"K21/$K$2","v":5.4374270835478734E-3}]
["4.2","COMPOSIÇÃO - 8","Próprio","Serviço","Inspeção ótica em poço tubular câmera com rotação de 360º, visada lateral, com fonte própria de luz, entregue vídeo em cores e marcação de profundidades.","m",150,{"$f":"G22*$H$2","v":12150},{"$f":"VLOOKUP(B22,'Orçamento Analítico - TO - T'!B:J,8,0)*(1-$M$2)","v":9.6404600000000009},{"$f":"ROUND(I22*(1+$I$2),2)","v":11.93},{"$f":"ROUND(J22*H22,2)","v":144949.5},{"$f":"K22/$K$2","v":9.5595423398197391E-3}]
["4.3","COMPOSIÇÃO - 9","Próprio","Serviço","Serviço de coleta e análise físico-química e bacteriológica.","un.",1,81,{"$f":"VLOOKUP(B23,'Orçamento Analítico - TO - T'!B:J,8,0)*(1-$M$2)","v":621.19000000000005},768.91,62281.71,4.1075315454097766E-3]
["4.4","COMPOSIÇÃO - 10","Próprio","Serviço","Serviço de instalação de laje sanitária com dimensões (1,5x1,5x0,3) , incluso material.","un.",1,81,{"$f":"VLOOKUP(B24,'Orçamento Analítico - TO - T'!B:J,8,0)*(1-$M$2)","v":689.49675000000002},853.46,69130.259999999995,4.5591992206440645E-3]
["4.5"," 24.80.22 ","EMBASA","Serviço","(REVISADA) DESENVOLVIMENTO OU TESTE COM BOMBA SUBMERSA - UEB1 NO SEDIMENTO COM VAZAO < 60M3 (Ensaio de bombeamento poço tubular incluso materiais e grupo gerador)","h",24,1944,{"$f":"VLOOKUP(B25,'Orçamento Analítico - TO - T'!B:J,8,0)*(1-$M$2)","v":263.27},{"$f":"ROUND(I25*(1+$I$2),2)","v":325.88},633510.72,4.1780568753736209E-2]
[5,null,null,null,"Reservação.",{"$nulls":5},{"$f":"SUM(K27:K28)","v":1760258.63},{"$f":"K26/$K$2","v":0.11609054810480951}]
["5.1","COMPOSIÇÃO - 11","Próprio","Serviço","Fornecimento e instalação de reservatório e base elevada 10 m³.","un.",0.8,{"$f":"G27*$H$2","v":64.8},{"$f":"VLOOKUP(B27,'Orçamento Analítico - TO - T'!B:J,8,0)*(1-$M$2)","v":19779.75849},{"$f":"ROUND(I27*(1+$I$2),2)","v":24483.39},{"$f":"ROUND(J27*H27,2)","v":1586523.67},{"$f":"K27/$K$2","v":0.10463258028824658}]
["5.2","COMPOSIÇÃO - 12","Próprio","Serviço","Fornecimento e execução de reservatório apoiado de 5 m³.","un.",0.2,16.2,{"$f":"VLOOKUP(B28,'Orçamento Analítico - TO - T'!B:J,8,0)*(1-$M$2)","v":8664.0632499999992},10724.38,173734.96,1.1457967816562931E-2]
[6,null,null,null,"Bebedouro.",{"$nulls":5},{"$f":"SUM(K30)","v":180864.09},{"$f":"K29/$K$2","v":1.1928139980530928E-2}]
["6.1","COMPOSIÇÃO - 13","Próprio","Serviço","Serviço de execução do bebedouro em concreto armado, incluso materiais.","un.",1,{"$f":"G30*$H$2","v":81},{"$f":"VLOOKUP(B30,'Orçamento Analítico - TO - T'!B:J,8,0)*(1-$M$2)","v":1803.9196999999999},{"$f":"ROUND(I30*(1+$I$2),2)","v":2232.89},{"$f":"ROUND(J30*H30,2)","v":180864.09},{"$f":"K30/$K$2","v":1.1928139980530928E-2}]
[7,null,null,null,"Chafariz.",{"$nulls":5},{"$f":"SUM(K32)","v":95420.43},{"$f":"K31/$K$2","v":6.2930582076433893E-3}]
["7.1","COMPOSIÇÃO - 14","Próprio","Serviço","Fornecimento de material e instalação do chafariz.","un.",1,{"$f":"G32*$H$2","v":81},{"$f":"VLOOKUP(B32,'Orçamento Analítico - TO - T'!B:J,8,0)*(1-$M$2)","v":951.70971169600011},{"$f":"ROUND(I32*(1+$I$2),2)","v":1178.03},{"$f":"ROUND(J32*H32,2)","v":95420.43},{"$f":"K32/$K$2","v":6.2930582076433893E-3}]
[8,null,null,null,"Cavalete.",{"$nulls":5},{"$f":"SUM(K34)","v":187768.53},{"$f":"K33/$K$2","v":1.238349364862047E-2}]
["8.1","COMPOSIÇÃO - 15","Próprio","Serviço","Fornecimento de conexões e instalação do cavalete com hidrômetro e clorador de pastilhas.","un.",1,{"$f":"G34*$H$2","v":81},{"$f":"VLOOKUP(B34,'Orçamento Analítico - TO - T'!B:J,8,0)*(1-$M$2)","v":1872.78},{"$f":"ROUND(I34*(1+$I$2),2)","v":2318.13},{"$f":"ROUND(J34*H34,2)","v":187768.53},{"$f":"K34/$K$2","v":1.238349364862047E-2}]
[9,null,null,null,"Instalações hidráulicas poço e adutora.",{"$nulls":5},{"$f":"SUM(K36:K42)","v":1317121.3799999999},{"$f":"K35/$K$2","v":8.6865270999843411E-2}]
["9.1","COMPOSIÇÃO - 16","Próprio","Serviço","Instalação da rede adutora poço-reservatório-bebedouro em pn80 e dn50mm.","m",400,{"$f":"G36*$H$2","v":32400},{"$f":"VLOOKUP(B36,'Orçamento Analítico - TO - T'!B:J,8,0)*(1-$M$2)","v":6.2070000000000007},{"$f":"ROUND(I36*(1+$I$2),2)","v":7.68},{"$f":"ROUND(J36*H36,2)","v":248832},{"$f":"K36/$K$2","v":1.6410681233822989E-2}]
["9.2",9875,"SINAPI","Insumo","TUBO PVC, SOLDAVEL, DE 50 MM, AGUA FRIA (NBR-5648)","m",400,{"$f":"G37*H2","v":32400},{"$f":"VLOOKUP(B37,'Orçamento Analítico - TO - T'!B:J,8,0)*(1-$M$2)","v":15.46},{"$f":"ROUND(I37*(1+$J$2),2)","v":17.73},{"$f":"ROUND(J37*H37,2)","v":574452},{"$f":"K37/$K$2","v":3.7885596129646038E-2}]
["9.3","COMPOSIÇÃO - 17","Próprio","Serviço","Montagem hidráulica do equipamento de bombeamento.","un.",1,81,{"$f":"VLOOKUP(B38,'Orçamento Analítico - TO - T'!B:J,8,0)*(1-$M$2)","v":164.37},203.46,16480.259999999998,1.0868871106229248E-3]
["9.4",38200,"SINAPI","Insumo","Corda de poliamida 12 mm tipo bombeiro, para trabalho em altura.","100m",0.93,75.33,{"$f":"VLOOKUP(B39,'Orçamento Analítico - TO - T'!B:J,8,0)*(1-$M$2)","v":477.34},{"$f":"ROUND(I39*(1+$J$2),2)","v":547.46},41240.160000000003,{"$f":"K39/$K$2","v":2.7198234945338923E-3}]
["9.5",9860,"SINAPI","Insumo","Tubo pvc, roscavel,  2\", para agua fria predial.","m",90,7290,{"$f":"VLOOKUP(B40,'Orçamento Analítico - TO - T'!B:J,8,0)*(1-$M$2)","v":44.92},51.52,375580.8,2.4769871987301573E-2]
["9.6",3912,"SINAPI","Insumo","Luva de ferro galvanizado, com rosca bsp, de 2\".","un.",16,1296,{"$f":"VLOOKUP(B41,'Orçamento Analítico - TO - T'!B:J,8,0)*(1-$M$2)","v":34.020000000000003},39.020000000000003,50569.919999999998,3.3351290715821508E-3]
["9.7",5128,"ORSE","Insumo","Tampa de poço galvanizada em 6\" un.","un.",1,81,{"$f":"VLOOKUP(B42,'Orçamento Analítico - TO - T'!B:J,8,0)*(1-$M$2)","v":107.28},123.04,9966.24,6.5728197233384778E-4]
[10,null,null,null,"Estrutura de fixação para módulos fotovoltáicos.",{"$nulls":5},{"$f":"SUM(K44)","v":160546.26},{"$f":"K43/$K$2","v":1.0588161876858548E-2}]
["10.1","COMPOSIÇÃO - 18","Próprio","Serviço","Serviço de fixação de estruturas para os módulos fotovoltaicos e suportes de concreto, incluso materiais.","m²",15.18,{"$f":"G44*$H$2","v":1229.58},{"$f":"VLOOKUP(B44,'Orçamento Analítico - TO - T'!B:J,8,0)*(1-$M$2)","v":105.48870399999998},{"$f":"ROUND(I44*(1+$I$2),2)","v":130.57},{"$f":"ROUND(J44*H44,2)","v":160546.26},{"$f":"K44/$K$2","v":1.0588161876858548E-2}]
[11,null,null,null,"Instalações elétricas.",{"$nulls":5},{"$f":"SUM(K46:K50)","v":1527721.56},{"$f":"K45/$K$2","v":0.10075453131108049}]
["11.1","COMPOSIÇÃO - 19","Próprio","Serviço","Montagem e instalação elétrica do kit de bombeamento e sistema fotovoltaico inclusive sistema de aterramento.","un.",1,{"$f":"G46*$H$2","v":81},{"$f":"VLOOKUP(B46,'Orçamento Analítico - TO - T'!B:J,8,0)*(1-$M$2)","v":1055.3058000000001},{"$f":"ROUND(I46*(1+$I$2),2)","v":1306.26},{"$f":"ROUND(J46*H46,2)","v":105807.06},{"$f":"K46/$K$2","v":6.9780652566710987E-3}]
["11.2",34622,"SINAPI","Insumo","Fornecimento de  cabo flexivel pvc 750 v, 3 condutores de 6,0 mm2.","m",105,8505,{"$f":"VLOOKUP(B47,'Orçamento Analítico - TO - T'!B:J,8,0)*(1-$M$2)","v":24.47},{"$f":"ROUND(I47*(1+$J$2),2)","v":28.06},238650.3,1.5739189491931208E-2]
["11.3","COMPOSIÇÃO - 20","Próprio","Serviço","Fornecimento e instalação de automático de bóia superior e inferior.","un.",1,{"$f":"G48*$H$2","v":81},{"$f":"VLOOKUP(B48,'Orçamento Analítico - TO - T'!B:J,8,0)*(1-$M$2)","v":61.88},{"$f":"ROUND(I48*(1+$I$2),2)","v":76.599999999999994},{"$f":"ROUND(J48*H48,2)","v":6204.6},{"$f":"K48/$K$2","v":4.0919862711941439E-4}]
["11.3",39257,"SINAPI","Insumo","Cabo multipolar de cobre, flexivel, classe 4 ou 5, isolacao em hepr, cobertura em pvc-st2, antichama bwf-b, 0,6/1 kv, 3 condutores de 1,5 mm2.","m",200,16200,{"$f":"VLOOKUP(B49,'Orçamento Analítico - TO - T'!B:J,8,0)*(1-$M$2)","v":6.65},{"$f":"ROUND(I49*(1+$J$2),2)","v":7.63},123606,8.1519204306034765E-3]
["11.4","COTAÇÃO-002 ","Próprio","Serviço","Fornecimento de kit de bombeamento fotovoltaico, incluindo uma bomba cc de 2200w com controladora de carga externa,  caixa de proteção metálica, módulos fotovoltaicos compatíveis com a geração de 3300wp além de componentes elétricos necessários para interligação dos painéis, como cabos, conectores mc4 e presilhas de fixação.","un.",1,{"$f":"G50*$H$2","v":81},{"$f":"VLOOKUP(B50,'Orçamento Analítico - TO - T'!B:J,8,0)*(1-$M$2)","v":10507.03},{"$f":"ROUND(I50*(1+$I$2),2)","v":13005.6},{"$f":"ROUND(J50*H50,2)","v":1053453.6000000001},{"$f":"K50/$K$2","v":6.9476157504755304E-2}]
[12,null,null,null,"Urbanização.",{"$nulls":5},{"$f":"SUM(K52:K53)","v":340342.16},{"$f":"K51/$K$2","v":2.244585382181866E-2}]
["12.1","COMPOSIÇÃO - 21","Próprio","Serviço","Cerca com mourões de concreto de 15x15cm, espaçados de 3m e cravados a 0,5m, escoras de 10x10cm nos cantos, e 9 fios de arame de aço ovalado 15x17.","m",28,{"$f":"G52*$H$2","v":2268},{"$f":"VLOOKUP(B52,'Orçamento Analítico - TO - T'!B:J,8,0)*(1-$M$2)","v":82.112079999999992},{"$f":"ROUND(I52*(1+$I$2),2)","v":101.64},{"$f":"ROUND(J52*H52,2)","v":230519.52},{"$f":"K52/$K$2","v":1.5202957661771327E-2}]
["12.2","COMPOSIÇÃO - 22","Próprio","Serviço","Serviço de instalação de portão de ferro com suporte e batedor conforme projeto, incluso material.","m²",1.5,121.5,{"$f":"VLOOKUP(B53,'Orçamento Analítico - TO - T'!B:J,8,0)*(1-$M$2)","v":730.23736000000008},903.89,109822.64,7.2428961600473326E-3]
[13,null,null,null,"Outros serviços e insumos excepcionais.",{"$nulls":5},{"$f":"SUM(K55:K61)","v":762245.3600000001},{"$f":"K54/$K$2","v":5.027072733780482E-2}]
["13.1","COMPOSIÇÃO - 23","Próprio","Serviço","Execução de tamponamento conforme especificação.","m³",0.08,{"$f":"G55*$H$2","v":6.48},{"$f":"VLOOKUP(B55,'Orçamento Analítico - TO - T'!B:J,8,0)*(1-$M$2)","v":717.24},{"$f":"ROUND(I55*(1+$I$2),2)","v":887.8},{"$f":"ROUND(J55*H55,2)","v":5752.94},{"$f":"K55/$K$2","v":3.7941126743067457E-4}]
["13.2",13747,"ORSE","Insumo","Revestimento tubo liso aço sch-40 em 12\".","m",6,486,{"$f":"VLOOKUP(B56,'Orçamento Analítico - TO - T'!B:J,8,0)*(1-$M$2)","v":921.04},{"$f":"ROUND(I56*(1+$J$2),2)","v":1056.3399999999999},513381.24,3.3857927762766749E-2]
["13.3"," M3929 ","SICRO3","Insumo","Tubo em aço-carbono - e = 3,00 mm e d = 150 mm (6\").","m",1.44,116.64,{"$f":"VLOOKUP(B57,'Orçamento Analítico - TO - T'!B:J,8,0)*(1-$M$2)","v":148.57},170.39,19874.29,1.3107262648636665E-3]
["13.4"," M039706073 ","EMBASA","Insumo","Filtro nold em aço galvanizado dn 6\".","m",0.06,{"$f":"G58*$H$2","v":4.8599999999999994},{"$f":"VLOOKUP(B58,'Orçamento Analítico - TO - T'!B:J,8,0)*(1-$M$2)","v":835.86},958.65,4659.04,3.0726763557593337E-4]
["13.5","COMPOSIÇÃO - 24","Próprio","Serviço","Limpeza manual , remoção de cerca, capina e instalação dos equipamentos (área do poço, painéis solares, bebedouro e reservatório).","m²",70,{"$f":"G59*$H$2","v":5670},{"$f":"VLOOKUP(B59,'Orçamento Analítico - TO - T'!B:J,8,0)*(1-$M$2)","v":1.7296},{"$f":"ROUND(I59*(1+$I$2),2)","v":2.14},{"$f":"ROUND(J59*H59,2)","v":12133.8},{"$f":"K59/$K$2","v":8.0023439089410271E-4}]
["13.6","COMPOSIÇÃO - 25","Próprio","Serviço","Fornecimento e instalação do filtro para revestimento interno ø 4 1/2\".","m",0.6,48.6,{"$f":"VLOOKUP(B60,'Orçamento Analítico - TO - T'!B:J,8,0)*(1-$M$2)","v":123.625},{"$f":"ROUND(I60*(1+$I$2),2)","v":153.02000000000001},7436.77,4.9046128262947612E-4]
["13.7","COMPOSIÇÃO - 26","Próprio","Serviço","Fornecimento e instalação do revestimento interno ø 4 1/2\".","m",17.399999999999999,1409.3999999999999,{"$f":"VLOOKUP(B61,'Orçamento Analítico - TO - T'!B:J,8,0)*(1-$M$2)","v":114.075},{"$f":"ROUND(I61*(1+$I$2),2)","v":141.19999999999999},199007.28,1.3124698733644214E-2]

{"sheet":"Orçamento Analítico - TO - T","index":15,"n_rows":434,"n_cols":10,"rows_kept":434,"cut":false,"hidden":false,"merged":[[407,4,407,5],[408,4,408,5],[410,7,410,8],[413,4,413,5],[429,4,429,5],[430,4,430,5],[431,4,431,5],[432,4,432,5],[433,4,433,5],[414,4,414,5],[415,4,415,5],[417,7,417,8],[420,4,420,5],[421,4,421,5],[422,4,422,5],[423,4,423,5],[424,4,424,5],[426,7,426,8],[385,5,385,6],[387,4,387,5],[388,4,388,5],[389,4,389,5],[396,4,396,5],[398,7,398,8],[401,4,401,5],[402,4,402,5],[404,7,404,8],[390,4,390,5],[392,7,392,8],[395,4,395,5],[342,4,342,5],[343,4,343,5],[345,7,345,8],[348,4,348,5],[377,4,377,5],[378,4,378,5],[379,4,379,5],[380,4,380,5],[382,7,382,8],[349,4,349,5],[351,7,351,8],[354,4,354,5],[355,4,355,5],[357,7,357,8],[360,5,360,6],[366,4,366,5],[367,4,367,5],[368,4,368,5],[324,4,324,5],[325,4,325,5],[326,4,326,5],[328,7,328,8],[331,4,331,5],[332,4,332,5],[334,7,334,8],[340,4,340,5],[341,4,341,5],[337,4,337,5],[338,4,338,5],[339,4,339,5],[323,4,323,5],[314,4,314,5],[315,4,315,5],[316,4,316,5],[317,4,317,5],[318,4,318,5],[319,4,319,5],[320,4,320,5],[321,4,321,5],[322,4,322,5],[222,4,222,5],[223,4,223,5],[224,4,224,5],[225,4,225,5],[294,7,294,8],[297,4,297,5],[298,4,298,5],[300,7,300,8],[310,7,310,8],[234,4,234,5],[235,4,235,5],[236,4,236,5],[237,4,237,5],[238,4,238,5],[239,4,239,5],[233,5,233,6],[240,4,240,5],[241,4,241,5],[242,4,242,5],[243,4,243,5],[244,4,244,5],[245,4,245,5],[246,4,246,5],[247,4,247,5],[146,7,146,8],[149,5,149,6],[171,4,171,5],[172,4,172,5],[173,4,173,5],[175,7,175,8],[156,4,156,5],[157,4,157,5],[158,4,158,5],[159,4,159,5],[160,4,160,5],[161,4,161,5],[162,4,162,5],[163,4,163,5],[164,4,164,5],[165,4,165,5],[166,4,166,5],[167,4,167,5],[168,4,168,5],[169,4,169,5],[170,4,170,5],[128,7,128,8],[133,4,133,5],[134,4,134,5],[135,4,135,5],[136,4,136,5],[138,7,138,8],[141,4,141,5],[142,4,142,5],[143,4,143,5],[112,7,112,8],[115,4,115,5],[116,4,116,5],[117,4,117,5],[118,4,118,5],[120,7,120,8],[123,4,123,5],[124,4,124,5],[125,4,125,5],[97,7,97,8],[100,4,100,5],[101,4,101,5],[102,4,102,5],[104,7,104,8],[107,5,107,6],[108,4,108,5],[109,4,109,5],[110,4,110,5],[79,7,79,8],[82,4,82,5],[83,4,83,5],[85,7,85,8],[88,4,88,5],[89,4,89,5],[91,7,91,8],[94,4,94,5],[95,4,95,5],[0,2,2,7],[3,0,3,9],[4,5,4,6],[5,4,5,5],[6,4,6,5],[7,4,7,5],[10,7,10,8],[8,4,8,5],[13,4,13,5],[14,4,14,5],[15,4,15,5],[16,4,16,5],[17,4,17,5],[19,7,19,8],[29,4,29,5],[30,4,30,5],[32,7,32,8],[22,4,22,5],[23,4,23,5],[24,4,24,5],[25,4,25,5],[26,4,26,5],[27,4,27,5],[28,4,28,5],[35,4,35,5],[36,4,36,5],[37,4,37,5],[39,7,39,8],[42,5,42,6],[43,4,43,5],[44,4,44,5],[45,4,45,5],[46,4,46,5],[48,7,48,8],[51,4,51,5],[52,4,52,5],[53,4,53,5],[54,4,54,5],[56,7,56,8],[59,4,59,5],[60,4,60,5],[76,4,76,5],[61,4,61,5],[62,4,62,5],[64,7,64,8],[67,5,67,6],[68,4,68,5],[69,4,69,5],[70,4,70,5],[71,4,71,5],[73,7,73,8],[77,4,77,5],[131,4,131,5],[132,4,132,5],[150,4,150,5],[151,4,151,5],[152,4,152,5],[153,4,153,5],[154,4,154,5],[155,4,155,5],[126,4,126,5],[144,4,144,5],[178,4,178,5],[179,4,179,5],[180,4,180,5],[181,4,181,5],[182,4,182,5],[183,4,183,5],[184,4,184,5],[185,4,185,5],[186,4,186,5],[187,4,187,5],[188,4,188,5],[189,4,189,5],[191,7,191,8],[195,4,195,5],[196,4,196,5],[197,4,197,5],[198,4,198,5],[199,4,199,5],[200,4,200,5],[201,4,201,5],[202,4,202,5],[194,5,194,6],[210,4,210,5],[211,4,211,5],[208,4,208,5],[209,4,209,5],[230,7,230,8],[204,7,204,8],[207,5,207,6],[226,4,226,5],[227,4,227,5],[228,4,228,5],[212,4,212,5],[213,4,213,5],[214,4,214,5],[215,4,215,5],[216,4,216,5],[217,4,217,5],[218,4,218,5],[219,4,219,5],[220,4,220,5],[221,4,221,5],[248,4,248,5],[249,4,249,5],[250,4,250,5],[259,4,259,5],[260,4,260,5],[255,7,255,8],[258,5,258,6],[261,4,261,5],[262,4,262,5],[251,4,251,5],[252,4,252,5],[253,4,253,5],[263,4,263,5],[268,7,268,8],[271,4,271,5],[272,4,272,5],[273,4,273,5],[274,4,274,5],[276,7,276,8],[279,4,279,5],[280,4,280,5],[265,4,265,5],[266,4,266,5],[282,7,282,8],[304,4,304,5],[305,4,305,5],[306,4,306,5],[307,4,307,5],[303,5,303,6],[308,4,308,5],[386,4,386,5],[369,4,369,5],[371,7,371,8],[374,4,374,5],[375,4,375,5],[376,4,376,5],[361,4,361,5],[362,4,362,5],[363,4,363,5],[364,4,364,5],[365,4,365,5],[285,4,285,5],[286,4,286,5],[288,7,288,8],[291,4,291,5],[292,4,292,5],[313,5,313,6]]}
[null,null,"OBJETO: EXECUÇÃO DE SERVIÇOS DE PERFURAÇÃO E INSTALAÇÃO DE POÇOS TUBULARES EM MUNICÍPIOS LOCALIZADOS NO ESTADO DO TOCANTINS, NA ÁREA DE ATUAÇÃO DA CODEVASF."]
[]
[]
["PLANILHA ANALÍTICA - POÇO TOTALMENTE REVESTIDO - TOCANTINS"]
[" 1 ",null,null,"SERVIÇOS PRELIMINARES"]
[" 1.1 ","Código","Banco","Descrição","Tipo",null,"Und","Quant.","Valor Unit","Total"]
["Composição","COMPOSIÇÃO - 1","Próprio","Administração Local da Obra - Poço Totalmente Revestido","CANT - CANTEIRO DE OBRAS",null,"un",1,{"$f":"SUM(J8:J9)","v":900.36345000000006},{"$f":"I7*H7","v":900.36345000000006}]
["Composição Auxiliar",12710,"SBC","DESPESAS GERAIS DE MANUTENCAO CANTEIRO DE OBRAS","INSTALACOES PROVISORIAS",null,"MES",0.13300000000000001,{"$f":"IF(C8=\"SINAPI\", IF( IF(A8=\"Insumo\", VLOOKUP(B8,'SINAPI INSUMOS'!B:J,6,0), VLOOKUP(B8,'SINAPI COMP'!B:M,6,0))=0,VLOOKUP(B8,'OUTRAS BASES'!C:D,2,0),IF(A8=\"Insumo\", VLOOKUP(B8,'SINAPI INSUMOS'!B:J,6,0),VLOOKUP(B8,'SINAPI COMP'!B:M,6,0))), VLOOKUP(B8,'OUTRAS BASES'!C:D,2,0))","v":910.61},{"$f":"I8*H8","v":121.11113}]
["Composição Auxiliar",100321,"SINAPI","TÉCNICO EM SEGURANÇA DO TRABALHO COM ENCARGOS COMPLEMENTARES","Livro SINAPI: Cálculos e Parâmetros",null,"MES",0.13300000000000001,{"$f":"IF(C9=\"SINAPI\", IF( IF(A9=\"Insumo\", VLOOKUP(B9,'SINAPI INSUMOS'!B:J,6,0), VLOOKUP(B9,'SINAPI COMP'!B:M,6,0))=0,VLOOKUP(B9,'OUTRAS BASES'!C:D,2,0),IF(A9=\"Insumo\", VLOOKUP(B9,'SINAPI INSUMOS'!B:J,6,0),VLOOKUP(B9,'SINAPI COMP'!B:M,6,0))), VLOOKUP(B9,'OUTRAS BASES'!C:D,2,0))","v":5859.04},779.25232000000005]
[]
[]
[]
[]
[" 1.2 ","Código","Banco","Descrição","Tipo",null,"Und","Quant.","Valor Unit","Total"]
["Composição","COMPOSIÇÃO - 2","Próprio","Serviço de locação Geológica de campo com relatório hidro geológico e perfil construtivo e geológico esperado. Relatório de Viabilidade de implantação das estruturas e vistorias preliminares","SERT - SERVIÇOS TÉCNICOS",null,"un",1,{"$f":"SUM(J16:J18)","v":606.94999999999993},{"$f":"I15*H15","v":606.94999999999993}]
["Composição Auxiliar"," 30.01.45 ","EMBASA","GEOLOGO SENIOR",3001,null,"hora",5,{"$f":"IF(C16=\"SINAPI\", IF( IF(A16=\"Insumo\", VLOOKUP(B16,'SINAPI INSUMOS'!B:J,6,0), VLOOKUP(B16,'SINAPI COMP'!B:M,6,0))=0,VLOOKUP(B16,'OUTRAS BASES'!C:D,2,0),IF(A16=\"Insumo\", VLOOKUP(B16,'SINAPI INSUMOS'!B:J,6,0),VLOOKUP(B16,'SINAPI COMP'!B:M,6,0))), VLOOKUP(B16,'OUTRAS BASES'!C:D,2,0))","v":99.88},499.4]
["Insumo",5896,"ORSE","Veículo tipo sedan ou pick-up capacidade 0,6 ton h","Equipamento",null,"h",5,{"$f":"IF(C17=\"SINAPI\", IF( IF(A17=\"Insumo\", VLOOKUP(B17,'SINAPI INSUMOS'!B:J,6,0), VLOOKUP(B17,'SINAPI COMP'!B:M,6,0))=0,VLOOKUP(B17,'OUTRAS BASES'!C:D,2,0),IF(A17=\"Insumo\", VLOOKUP(B17,'SINAPI INSUMOS'!B:J,6,0),VLOOKUP(B17,'SINAPI COMP'!B:M,6,0))), VLOOKUP(B17,'OUTRAS BASES'!C:D,2,0))","v":8.33},41.65]
["Insumo",4222,"SINAPI","GASOLINA COMUM","Material",null,"L",10,{"$f":"IF(C18=\"SINAPI\", IF( IF(A18=\"Insumo\", VLOOKUP(B18,'SINAPI INSUMOS'!B:J,6,0), VLOOKUP(B18,'SINAPI COMP'!B:M,6,0))=0,VLOOKUP(B18,'OUTRAS BASES'!C:D,2,0),IF(A18=\"Insumo\", VLOOKUP(B18,'SINAPI INSUMOS'!B:J,6,0),VLOOKUP(B18,'SINAPI COMP'!B:M,6,0))), VLOOKUP(B18,'OUTRAS BASES'!C:D,2,0))","v":6.59},65.900000000000006]
[]
[]
[]
[]
[" 1.3 ","Código","Banco","Descrição","Tipo",null,"Und","Quant.","Valor Unit","Total"]
["Composição",103689,"SINAPI","FORNECIMENTO E INSTALAÇÃO DE PLACA DE OBRA COM CHAPA GALVANIZADA E ESTRUTURA DE MADEIRA. AF_03/2022_PS","Sinalização Vertical Viária",null,"m²",1,{"$f":"IF(C24=\"SINAPI\", IF( IF(A24=\"Insumo\", VLOOKUP(B24,'SINAPI INSUMOS'!B:J,6,0), VLOOKUP(B24,'SINAPI COMP'!B:M,6,0))=0,VLOOKUP(B24,'OUTRAS BASES'!C:D,2,0),IF(A24=\"Insumo\", VLOOKUP(B24,'SINAPI INSUMOS'!B:J,6,0),VLOOKUP(B24,'SINAPI COMP'!B:M,6,0))), VLOOKUP(B24,'OUTRAS BASES'!C:D,2,0))","v":462.97},{"$f":"I24*H24","v":462.97}]
["Composição Auxiliar",102234,"SINAPI","PINTURA IMUNIZANTE PARA MADEIRA, 2 DEMÃOS. AF_01/2021","Pintura em Madeira",null,"m²",0.5,{"$f":"IF(C25=\"SINAPI\", IF( IF(A25=\"Insumo\", VLOOKUP(B25,'SINAPI INSUMOS'!B:J,6,0), VLOOKUP(B25,'SINAPI COMP'!B:M,6,0))=0,VLOOKUP(B25,'OUTRAS BASES'!C:D,2,0),IF(A25=\"Insumo\", VLOOKUP(B25,'SINAPI INSUMOS'!B:J,6,0),VLOOKUP(B25,'SINAPI COMP'!B:M,6,0))), VLOOKUP(B25,'OUTRAS BASES'!C:D,2,0))","v":23.92},11.96]
["Composição Auxiliar",88262,"SINAPI","CARPINTEIRO DE FORMAS COM ENCARGOS COMPLEMENTARES","Livro SINAPI: Cálculos e Parâmetros",null,"H",0.37290000000000001,{"$f":"IF(C26=\"SINAPI\", IF( IF(A26=\"Insumo\", VLOOKUP(B26,'SINAPI INSUMOS'!B:J,6,0), VLOOKUP(B26,'SINAPI COMP'!B:M,6,0))=0,VLOOKUP(B26,'OUTRAS BASES'!C:D,2,0),IF(A26=\"Insumo\", VLOOKUP(B26,'SINAPI INSUMOS'!B:J,6,0),VLOOKUP(B26,'SINAPI COMP'!B:M,6,0))), VLOOKUP(B26,'OUTRAS BASES'!C:D,2,0))","v":27.75},10.347975]
["Composição Auxiliar",88316,"SINAPI","SERVENTE COM ENCARGOS COMPLEMENTARES","Livro SINAPI: Cálculos e Parâmetros",null,"H",1.1186,{"$f":"IF(C27=\"SINAPI\", IF( IF(A27=\"Insumo\", VLOOKUP(B27,'SINAPI INSUMOS'!B:J,6,0), VLOOKUP(B27,'SINAPI COMP'!B:M,6,0))=0,VLOOKUP(B27,'OUTRAS BASES'!C:D,2,0),IF(A27=\"Insumo\", VLOOKUP(B27,'SINAPI INSUMOS'!B:J,6,0),VLOOKUP(B27,'SINAPI COMP'!B:M,6,0))), VLOOKUP(B27,'OUTRAS BASES'!C:D,2,0))","v":21.62},24.184132000000002]
["Insumo",4509,"SINAPI","SARRAFO *2,5 X 10* CM EM PINUS, MISTA OU EQUIVALENTE DA REGIAO - BRUTA","Material",null,"M",3.2082999999999999,{"$f":"IF(C28=\"SINAPI\", IF( IF(A28=\"Insumo\", VLOOKUP(B28,'SINAPI INSUMOS'!B:J,6,0), VLOOKUP(B28,'SINAPI COMP'!B:M,6,0))=0,VLOOKUP(B28,'OUTRAS BASES'!C:D,2,0),IF(A28=\"Insumo\", VLOOKUP(B28,'SINAPI INSUMOS'!B:J,6,0),VLOOKUP(B28,'SINAPI COMP'!B:M,6,0))), VLOOKUP(B28,'OUTRAS BASES'!C:D,2,0))","v":4.95},15.881085000000001]
["Insumo",4813,"SINAPI","PLACA DE OBRA (PARA CONSTRUCAO CIVIL) EM CHAPA GALVANIZADA *N. 22*, ADESIVADA, DE *2,4 X 1,2* M (SEM POSTES PARA FIXACAO)","Material",null,"m²",1,{"$f":"IF(C29=\"SINAPI\", IF( IF(A29=\"Insumo\", VLOOKUP(B29,'SINAPI INSUMOS'!B:J,6,0), VLOOKUP(B29,'SINAPI COMP'!B:M,6,0))=0,VLOOKUP(B29,'OUTRAS BASES'!C:D,2,0),IF(A29=\"Insumo\", VLOOKUP(B29,'SINAPI INSUMOS'!B:J,6,0),VLOOKUP(B29,'SINAPI COMP'!B:M,6,0))), VLOOKUP(B29,'OUTRAS BASES'!C:D,2,0))","v":400},400]
["Insumo",5065,"SINAPI","PREGO DE ACO POLIDO COM CABECA 10 X 10 (7/8 X 17)","Material",null,"KG",1.1299999999999999E-2,{"$f":"IF(C30=\"SINAPI\", IF( IF(A30=\"Insumo\", VLOOKUP(B30,'SINAPI INSUMOS'!B:J,6,0), VLOOKUP(B30,'SINAPI COMP'!B:M,6,0))=0,VLOOKUP(B30,'OUTRAS BASES'!C:D,2,0),IF(A30=\"Insumo\", VLOOKUP(B30,'SINAPI INSUMOS'!B:J,6,0),VLOOKUP(B30,'SINAPI COMP'!B:M,6,0))), VLOOKUP(B30,'OUTRAS BASES'!C:D,2,0))","v":33.86},0.38261799999999996]
["Insumo",5069,"SINAPI","PREGO DE ACO POLIDO COM CABECA 17 X 27 (2 1/2 X 11)","Material",null,"KG",1.32E-2,{"$f":"IF(C31=\"SINAPI\", IF( IF(A31=\"Insumo\", VLOOKUP(B31,'SINAPI INSUMOS'!B:J,6,0), VLOOKUP(B31,'SINAPI COMP'!B:M,6,0))=0,VLOOKUP(B31,'OUTRAS BASES'!C:D,2,0),IF(A31=\"Insumo\", VLOOKUP(B31,'SINAPI INSUMOS'!B:J,6,0),VLOOKUP(B31,'SINAPI COMP'!B:M,6,0))), VLOOKUP(B31,'OUTRAS BASES'!C:D,2,0))","v":18.14},0.23944799999999999]
[]
[]
[]
[]
[" 1.4 ","Código","Banco","Descrição","Tipo",null,"Und","Quant.","Valor Unit","Total"]
["Composição","Composição - A","Próprio","Taxas e emolumentos fiscais , administrativos para obtenção outorga e outros","ASTU - ASSENTAMENTO DE TUBOS E PECAS",null,"un",1,{"$f":"SUM(J38)","v":50},{"$f":"I37*H37","v":50}]
["Insumo"," A.09.000.020507 ","CPOS/CDHU","Outorga de direito de uso para poço profundo conforme Portaria DAEE nº 1.630 de 30/05/2017 e suas complementares 1.631 a 1.635 e Instrução Técnica DPO nº 10 de 30/05/2017 do DAEE","Material",null,"UN",1,{"$f":"IF(C38=\"SINAPI\", IF( IF(A38=\"Insumo\", VLOOKUP(B38,'SINAPI INSUMOS'!B:J,6,0), VLOOKUP(B38,'SINAPI COMP'!B:M,6,0))=0,VLOOKUP(B38,'OUTRAS BASES'!C:D,2,0),IF(A38=\"Insumo\", VLOOKUP(B38,'SINAPI INSUMOS'!B:J,6,0),VLOOKUP(B38,'SINAPI COMP'!B:M,6,0))), VLOOKUP(B38,'OUTRAS BASES'!C:D,2,0))","v":50},50]
[]
[]
[]
[]
[" 2 ",null,null,"MOBILIZAÇÂO E DESMOBILIZAÇÂO EQUIPE CAMPO"]
[" 2.1 ","Código","Banco","Descrição","Tipo",null,"Und","Quant.","Valor Unit","Total"]
["Composição","COMPOSIÇÃO - 3","Próprio","Transporte de Comboio Perfuração","TRAN - TRANSPORTES, CARGAS E DESCARGAS",null,"km",1,{"$f":"SUM(J46:J47)","v":5.1522716000000006},{"$f":"I45*H45","v":5.1522716000000006}]
["Composição Auxiliar",5824,"SINAPI","CAMINHÃO TOCO, PBT 16.000 KG, CARGA ÚTIL MÁX. 10.685 KG, DIST. ENTRE EIXOS 4,8 M, POTÊNCIA 189 CV, INCLUSIVE CARROCERIA FIXA ABERTA DE MADEIRA P/ TRANSPORTE GERAL DE CARGA SECA, DIMEN. APROX. 2,5 X 7,00 X 0,50 M - CHP DIURNO. AF_06/2014","Custos Horários Produtivo e Improdutivo dos Equipamentos",null,"CHP",1.6660000000000001E-2,{"$f":"IF(C46=\"SINAPI\", IF( IF(A46=\"Insumo\", VLOOKUP(B46,'SINAPI INSUMOS'!B:J,6,0), VLOOKUP(B46,'SINAPI COMP'!B:M,6,0))=0,VLOOKUP(B46,'OUTRAS BASES'!C:D,2,0),IF(A46=\"Insumo\", VLOOKUP(B46,'SINAPI INSUMOS'!B:J,6,0),VLOOKUP(B46,'SINAPI COMP'!B:M,6,0))), VLOOKUP(B46,'OUTRAS BASES'!C:D,2,0))","v":239.52},3.9904032000000003]
["Composição Auxiliar",5826,"SINAPI","CAMINHÃO TOCO, PBT 16.000 KG, CARGA ÚTIL MÁX. 10.685 KG, DIST. ENTRE EIXOS 4,8 M, POTÊNCIA 189 CV, INCLUSIVE CARROCERIA FIXA ABERTA DE MADEIRA P/ TRANSPORTE GERAL DE CARGA SECA, DIMEN. APROX. 2,5 X 7,00 X 0,50 M - CHI DIURNO. AF_06/2014","Custos Horários Produtivo e Improdutivo dos Equipamentos",null,"CHI",1.6660000000000001E-2,{"$f":"IF(C47=\"SINAPI\", IF( IF(A47=\"Insumo\", VLOOKUP(B47,'SINAPI INSUMOS'!B:J,6,0), VLOOKUP(B47,'SINAPI COMP'!B:M,6,0))=0,VLOOKUP(B47,'OUTRAS BASES'!C:D,2,0),IF(A47=\"Insumo\", VLOOKUP(B47,'SINAPI INSUMOS'!B:J,6,0),VLOOKUP(B47,'SINAPI COMP'!B:M,6,0))), VLOOKUP(B47,'OUTRAS BASES'!C:D,2,0))","v":69.739999999999995},1.1618683999999999]
[]
[]
[]
[]
[" 2.2 ","Código","Banco","Descrição","Tipo",null,"Und","Quant.","Valor Unit","Total"]
["Composição","COMPOSIÇÃO - 4","Próprio","Transporte de Comboio Instalação","TRAN - TRANSPORTES, CARGAS E DESCARGAS",null,"km",1,{"$f":"SUM(J54:J55)","v":6.3041440000000009},{"$f":"I53*H53","v":6.3041440000000009}]
["Composição Auxiliar",5928,"SINAPI","GUINDAUTO HIDRÁULICO, CAPACIDADE MÁXIMA DE CARGA 6200 KG, MOMENTO MÁXIMO DE CARGA 11,7 TM, ALCANCE MÁXIMO HORIZONTAL 9,70 M, INCLUSIVE CAMINHÃO TOCO PBT 16.000 KG, POTÊNCIA DE 189 CV - CHP DIURNO. AF_06/2014","Custos Horários Produtivo e Improdutivo dos Equipamentos",null,"CHP",1.6660000000000001E-2,{"$f":"IF(C54=\"SINAPI\", IF( IF(A54=\"Insumo\", VLOOKUP(B54,'SINAPI INSUMOS'!B:J,6,0), VLOOKUP(B54,'SINAPI COMP'!B:M,6,0))=0,VLOOKUP(B54,'OUTRAS BASES'!C:D,2,0),IF(A54=\"Insumo\", VLOOKUP(B54,'SINAPI INSUMOS'!B:J,6,0),VLOOKUP(B54,'SINAPI COMP'!B:M,6,0))), VLOOKUP(B54,'OUTRAS BASES'!C:D,2,0))","v":299.29000000000002},4.9861714000000008]
["Composição Auxiliar",5930,"SINAPI","GUINDAUTO HIDRÁULICO, CAPACIDADE MÁXIMA DE CARGA 6200 KG, MOMENTO MÁXIMO DE CARGA 11,7 TM, ALCANCE MÁXIMO HORIZONTAL 9,70 M, INCLUSIVE CAMINHÃO TOCO PBT 16.000 KG, POTÊNCIA DE 189 CV - CHI DIURNO. AF_06/2014","Custos Horários Produtivo e Improdutivo dos Equipamentos",null,"CHI",1.6660000000000001E-2,{"$f":"IF(C55=\"SINAPI\", IF( IF(A55=\"Insumo\", VLOOKUP(B55,'SINAPI INSUMOS'!B:J,6,0), VLOOKUP(B55,'SINAPI COMP'!B:M,6,0))=0,VLOOKUP(B55,'OUTRAS BASES'!C:D,2,0),IF(A55=\"Insumo\", VLOOKUP(B55,'SINAPI INSUMOS'!B:J,6,0),VLOOKUP(B55,'SINAPI COMP'!B:M,6,0))), VLOOKUP(B55,'OUTRAS BASES'!C:D,2,0))","v":79.11},1.3179726]
[]
[]
[]
[]
[" 2.3 ","Código","Banco","Descrição","Tipo",null,"Und","Quant.","Valor Unit","Total"]
["Composição","COMPOSIÇÃO - 5","Próprio","Transporte de Equipe Teste de Vazão","TRAN - TRANSPORTES, CARGAS E DESCARGAS",null,"km",1,{"$f":"SUM(J62:J63)","v":2.7917880000000004},{"$f":"I61*H61","v":2.7917880000000004}]
["Composição Auxiliar",73467,"SINAPI","CAMINHÃO TOCO, PBT 14.300 KG, CARGA ÚTIL MÁX. 9.710 KG, DIST. ENTRE EIXOS 3,56 M, POTÊNCIA 185 CV, INCLUSIVE CARROCERIA FIXA ABERTA DE MADEIRA P/ TRANSPORTE GERAL DE CARGA SECA, DIMEN. APROX. 2,50 X 6,50 X 0,50 M - CHP DIURNO. AF_06/2014","Custos Horários Produtivo e Improdutivo dos Equipamentos",null,"CHP",8.3000000000000001E-3,{"$f":"IF(C62=\"SINAPI\", IF( IF(A62=\"Insumo\", VLOOKUP(B62,'SINAPI INSUMOS'!B:J,6,0), VLOOKUP(B62,'SINAPI COMP'!B:M,6,0))=0,VLOOKUP(B62,'OUTRAS BASES'!C:D,2,0),IF(A62=\"Insumo\", VLOOKUP(B62,'SINAPI INSUMOS'!B:J,6,0),VLOOKUP(B62,'SINAPI COMP'!B:M,6,0))), VLOOKUP(B62,'OUTRAS BASES'!C:D,2,0))","v":270.42},2.2444860000000002]
["Composição Auxiliar",91395,"SINAPI","CAMINHÃO TOCO, PBT 14.300 KG, CARGA ÚTIL MÁX. 9.710 KG, DIST. ENTRE EIXOS 3,56 M, POTÊNCIA 185 CV, INCLUSIVE CARROCERIA FIXA ABERTA DE MADEIRA P/ TRANSPORTE GERAL DE CARGA SECA, DIMEN. APROX. 2,50 X 6,50 X 0,50 M - CHI DIURNO. AF_06/2014","Custos Horários Produtivo e Improdutivo dos Equipamentos",null,"CHI",8.3000000000000001E-3,{"$f":"IF(C63=\"SINAPI\", IF( IF(A63=\"Insumo\", VLOOKUP(B63,'SINAPI INSUMOS'!B:J,6,0), VLOOKUP(B63,'SINAPI COMP'!B:M,6,0))=0,VLOOKUP(B63,'OUTRAS BASES'!C:D,2,0),IF(A63=\"Insumo\", VLOOKUP(B63,'SINAPI INSUMOS'!B:J,6,0),VLOOKUP(B63,'SINAPI COMP'!B:M,6,0))), VLOOKUP(B63,'OUTRAS BASES'!C:D,2,0))","v":65.94},0.54730199999999996]
[]
[]
[]
[]
[" 3 ",null,null,"PERFURAÇÃO E COMPLETAÇÃO DE POÇO TUBULAR"]
[" 3.1","Código","Banco","Descrição","Tipo",null,"Und","Quant.","Valor Unit","Total"]
["Composição","COMPOSIÇÃO - 6","Próprio","Perfuração diâmetro de Ø 12 1/2\" em sedimento/camadas inconsolidadas - incluso mão de obra para instalação do revestimento e completação anelar","SERT - SERVIÇOS TÉCNICOS",null,"m",1,{"$f":"SUM(J71:J72)","v":255.85999999999999},{"$f":"I70*H70","v":255.85999999999999}]
["Composição Auxiliar",5057,"ORSE","Perfuração rocha sedimentar sedimento / Camadas inconsolidadas DN 12.1/2\" - Poço até 150 m","Conversão InfoWOrca",null,"m",1,{"$f":"IF(C71=\"SINAPI\", IF( IF(A71=\"Insumo\", VLOOKUP(B71,'SINAPI INSUMOS'!B:J,6,0), VLOOKUP(B71,'SINAPI COMP'!B:M,6,0))=0,VLOOKUP(B71,'OUTRAS BASES'!C:D,2,0),IF(A71=\"Insumo\", VLOOKUP(B71,'SINAPI INSUMOS'!B:J,6,0),VLOOKUP(B71,'SINAPI COMP'!B:M,6,0))), VLOOKUP(B71,'OUTRAS BASES'!C:D,2,0))","v":247.66},247.66]
["Insumo",43366,"SINAPI","BENTONITA, ARGILA CONSTITUIDA POR  MONTMORILONITA","Material",null,"KG",5,{"$f":"IF(C72=\"SINAPI\", IF( IF(A72=\"Insumo\", VLOOKUP(B72,'SINAPI INSUMOS'!B:J,6,0), VLOOKUP(B72,'SINAPI COMP'!B:M,6,0))=0,VLOOKUP(B72,'OUTRAS BASES'!C:D,2,0),IF(A72=\"Insumo\", VLOOKUP(B72,'SINAPI INSUMOS'!B:J,6,0),VLOOKUP(B72,'SINAPI COMP'!B:M,6,0))), VLOOKUP(B72,'OUTRAS BASES'!C:D,2,0))","v":1.64},8.1999999999999993]
[]
[]
[]
[]
[" 3.2","Código","Banco","Descrição","Tipo",null,"Und","Quant.","Valor Unit","Total"]
["Insumo",5073,"ORSE","Fornecimento de pré-filtro comum m3","Serviços",null,"m³",1,{"$f":"IF(C78=\"SINAPI\", IF( IF(A78=\"Insumo\", VLOOKUP(B78,'SINAPI INSUMOS'!B:J,6,0), VLOOKUP(B78,'SINAPI COMP'!B:M,6,0))=0,VLOOKUP(B78,'OUTRAS BASES'!C:D,2,0),IF(A78=\"Insumo\", VLOOKUP(B78,'SINAPI INSUMOS'!B:J,6,0),VLOOKUP(B78,'SINAPI COMP'!B:M,6,0))), VLOOKUP(B78,'OUTRAS BASES'!C:D,2,0))","v":1619.38},{"$f":"I78*H78","v":1619.38}]
[]
[]
[]
[]
[" 3.3","Código","Banco","Descrição","Tipo",null,"Und","Quant.","Valor Unit","Total"]
["Insumo",5091,"ORSE","Revestimento filtro pvc geomecânico reforçado dn 150mm","Serviços",null,"m",1,{"$f":"IF(C84=\"SINAPI\", IF( IF(A84=\"Insumo\", VLOOKUP(B84,'SINAPI INSUMOS'!B:J,6,0), VLOOKUP(B84,'SINAPI COMP'!B:M,6,0))=0,VLOOKUP(B84,'OUTRAS BASES'!C:D,2,0),IF(A84=\"Insumo\", VLOOKUP(B84,'SINAPI INSUMOS'!B:J,6,0),VLOOKUP(B84,'SINAPI COMP'!B:M,6,0))), VLOOKUP(B84,'OUTRAS BASES'!C:D,2,0))","v":221.38},{"$f":"I84*H84","v":221.38}]
[]
[]
[]
[]
[" 3.4","Código","Banco","Descrição","Tipo",null,"Und","Quant.","Valor Unit","Total"]
["Insumo",5024,"ORSE","Centralizador em 6\"","Serviços",null,"un",1,{"$f":"IF(C90=\"SINAPI\", IF( IF(A90=\"Insumo\", VLOOKUP(B90,'SINAPI INSUMOS'!B:J,6,0), VLOOKUP(B90,'SINAPI COMP'!B:M,6,0))=0,VLOOKUP(B90,'OUTRAS BASES'!C:D,2,0),IF(A90=\"Insumo\", VLOOKUP(B90,'SINAPI INSUMOS'!B:J,6,0),VLOOKUP(B90,'SINAPI COMP'!B:M,6,0))), VLOOKUP(B90,'OUTRAS BASES'!C:D,2,0))","v":267.02},{"$f":"I90*H90","v":267.02}]
[]
[]
[]
[]
[" 3.5","Código","Banco","Descrição","Tipo",null,"Und","Quant.","Valor Unit","Total"]
["Insumo",9850,"SINAPI","TUBO PVC DE REVESTIMENTO GEOMECANICO NERVURADO REFORCADO, DN = 150 MM, COMPRIMENTO = 2 M","Material",null,"M",1,{"$f":"IF(C96=\"SINAPI\", IF( IF(A96=\"Insumo\", VLOOKUP(B96,'SINAPI INSUMOS'!B:J,6,0), VLOOKUP(B96,'SINAPI COMP'!B:M,6,0))=0,VLOOKUP(B96,'OUTRAS BASES'!C:D,2,0),IF(A96=\"Insumo\", VLOOKUP(B96,'SINAPI INSUMOS'!B:J,6,0),VLOOKUP(B96,'SINAPI COMP'!B:M,6,0))), VLOOKUP(B96,'OUTRAS BASES'!C:D,2,0))","v":147.75},{"$f":"I96*H96","v":147.75}]
[]
[]
[]
[]
[" 3.6","Código","Banco","Descrição","Tipo",null,"Und","Quant.","Valor Unit","Total"]
["Composição","COMPOSIÇÃO - 7","Próprio","Serviço de lançamento cimentação anelar, incluso materiais.","SEDI - SERVIÇOS DIVERSOS",null,"m³",1,{"$f":"SUM(J103)","v":521.34},{"$f":"I102*H102","v":521.34}]
["Composição Auxiliar",1903,"ORSE","Argamassa cimento e areia traço t-1 (1:3) - 1 saco cimento 50kg / 3 padiolas areia dim. 0.35 x 0.45 x 0.23 m - Confecção mecânica e transporte","Argamassas",null,"m³",1,{"$f":"IF(C103=\"SINAPI\", IF( IF(A103=\"Insumo\", VLOOKUP(B103,'SINAPI INSUMOS'!B:J,6,0), VLOOKUP(B103,'SINAPI COMP'!B:M,6,0))=0,VLOOKUP(B103,'OUTRAS BASES'!C:D,2,0),IF(A103=\"Insumo\", VLOOKUP(B103,'SINAPI INSUMOS'!B:J,6,0),VLOOKUP(B103,'SINAPI COMP'!B:M,6,0))), VLOOKUP(B103,'OUTRAS BASES'!C:D,2,0))","v":521.34},521.34]
[]
[]
[]
[]
[" 4 ",null,null,"PÓS PERFURAÇÃO"]
[" 4.1 ","Código","Banco","Descrição","Tipo",null,"Und","Quant.","Valor Unit","Total"]
["Composição",6305,"ORSE","Desenvolvimento com Compressor 250psi / 750cfm","Conversão InfoWOrca",null,"h",1,{"$f":"IF(C110=\"SINAPI\", IF( IF(A110=\"Insumo\", VLOOKUP(B110,'SINAPI INSUMOS'!B:J,6,0), VLOOKUP(B110,'SINAPI COMP'!B:M,6,0))=0,VLOOKUP(B110,'OUTRAS BASES'!C:D,2,0),IF(A110=\"Insumo\", VLOOKUP(B110,'SINAPI INSUMOS'!B:J,6,0),VLOOKUP(B110,'SINAPI COMP'!B:M,6,0))), VLOOKUP(B110,'OUTRAS BASES'!C:D,2,0))","v":411.16},{"$f":"I110*H110","v":411.16}]
["Insumo",5030,"ORSE","Desenvolvimento com compressor 250psi - 750cfm h","Serviços",null,"h",1,{"$f":"IF(C111=\"SINAPI\", IF( IF(A111=\"Insumo\", VLOOKUP(B111,'SINAPI INSUMOS'!B:J,6,0), VLOOKUP(B111,'SINAPI COMP'!B:M,6,0))=0,VLOOKUP(B111,'OUTRAS BASES'!C:D,2,0),IF(A111=\"Insumo\", VLOOKUP(B111,'SINAPI INSUMOS'!B:J,6,0),VLOOKUP(B111,'SINAPI COMP'!B:M,6,0))), VLOOKUP(B111,'OUTRAS BASES'!C:D,2,0))","v":411.16},411.16]
[]
[]
[]
[]
[" 4.2","Código","Banco","Descrição","Tipo",null,"Und","Quant.","Valor Unit","Total"]
["Composição","COMPOSIÇÃO - 8","Próprio","Inspeção ótica em poço tubular câmera com rotação de 360º, visada lateral, com fonte própria de luz, entregue vídeo em cores e marcação de profundidades.","SEES - SERVIÇOS ESPECIAIS",null,"m",1,{"$f":"SUM(J118:J119)","v":9.6404600000000009},{"$f":"I117*H117","v":9.6404600000000009}]
["Insumo"," H020050004 ","EMBASA","APARELHO DE PERFILAGEM OPTICA","Material",null,"M",1,{"$f":"IF(C118=\"SINAPI\", IF( IF(A118=\"Insumo\", VLOOKUP(B118,'SINAPI INSUMOS'!B:J,6,0), VLOOKUP(B118,'SINAPI COMP'!B:M,6,0))=0,VLOOKUP(B118,'OUTRAS BASES'!C:D,2,0),IF(A118=\"Insumo\", VLOOKUP(B118,'SINAPI INSUMOS'!B:J,6,0),VLOOKUP(B118,'SINAPI COMP'!B:M,6,0))), VLOOKUP(B118,'OUTRAS BASES'!C:D,2,0))","v":4.4000000000000004},4.4000000000000004]
["Insumo"," B590000022 ","EMBASA","TECNICO MEDIO","Mão de Obra",null,"H",8.3500000000000005E-2,{"$f":"IF(C119=\"SINAPI\", IF( IF(A119=\"Insumo\", VLOOKUP(B119,'SINAPI INSUMOS'!B:J,6,0), VLOOKUP(B119,'SINAPI COMP'!B:M,6,0))=0,VLOOKUP(B119,'OUTRAS BASES'!C:D,2,0),IF(A119=\"Insumo\", VLOOKUP(B119,'SINAPI INSUMOS'!B:J,6,0),VLOOKUP(B119,'SINAPI COMP'!B:M,6,0))), VLOOKUP(B119,'OUTRAS BASES'!C:D,2,0))","v":62.76},5.2404600000000006]
[]
[]
[]
[]
[" 4.3","Código","Banco","Descrição","Tipo",null,"Und","Quant.","Valor Unit","Total"]
["Composição","COMPOSIÇÃO - 9","Próprio","Serviço de coleta e Análise Físico-Química e Bacteriológica","SEDI - SERVIÇOS DIVERSOS",null,"un",1,{"$f":"SUM(J126:J127)","v":621.19000000000005},{"$f":"I125*H125","v":621.19000000000005}]
["Composição Auxiliar",6312,"ORSE","Análise Físico-química da Água","Conversão InfoWOrca",null,"un",1,{"$f":"IF(C126=\"SINAPI\", IF( IF(A126=\"Insumo\", VLOOKUP(B126,'SINAPI INSUMOS'!B:J,6,0), VLOOKUP(B126,'SINAPI COMP'!B:M,6,0))=0,VLOOKUP(B126,'OUTRAS BASES'!C:D,2,0),IF(A126=\"Insumo\", VLOOKUP(B126,'SINAPI INSUMOS'!B:J,6,0),VLOOKUP(B126,'SINAPI COMP'!B:M,6,0))), VLOOKUP(B126,'OUTRAS BASES'!C:D,2,0))","v":565.21},565.21]
["Composição Auxiliar",6313,"ORSE","Análise Bacteriológica da Água","Conversão InfoWOrca",null,"un",1,{"$f":"IF(C127=\"SINAPI\", IF( IF(A127=\"Insumo\", VLOOKUP(B127,'SINAPI INSUMOS'!B:J,6,0), VLOOKUP(B127,'SINAPI COMP'!B:M,6,0))=0,VLOOKUP(B127,'OUTRAS BASES'!C:D,2,0),IF(A127=\"Insumo\", VLOOKUP(B127,'SINAPI INSUMOS'!B:J,6,0),VLOOKUP(B127,'SINAPI COMP'!B:M,6,0))), VLOOKUP(B127,'OUTRAS BASES'!C:D,2,0))","v":55.98},55.98]
[]
[]
[]
[]
[" 4.4","Código","Banco","Descrição","Tipo",null,"Und","Quant.","Valor Unit","Total"]
["Composição","COMPOSIÇÃO - 10","Próprio","Serviço de instalação de laje sanitária com dimensões (1,5x1,5x0,3) , incluso material.","SEDI - SERVIÇOS DIVERSOS",null,"un",1,{"$f":"SUM(J134:J137)","v":689.49675000000002},{"$f":"I133*H133","v":689.49675000000002}]
["Composição Auxiliar",92522,"SINAPI","MONTAGEM E DESMONTAGEM DE FÔRMA DE LAJE MACIÇA, PÉ-DIREITO SIMPLES, EM CHAPA DE MADEIRA COMPENSADA RESINADA, 8 UTILIZAÇÕES. AF_09/2020","Fôrmas para Estruturas de Concreto Armado",null,"m²",1.8,{"$f":"IF(C134=\"SINAPI\", IF( IF(A134=\"Insumo\", VLOOKUP(B134,'SINAPI INSUMOS'!B:J,6,0), VLOOKUP(B134,'SINAPI COMP'!B:M,6,0))=0,VLOOKUP(B134,'OUTRAS BASES'!C:D,2,0),IF(A134=\"Insumo\", VLOOKUP(B134,'SINAPI INSUMOS'!B:J,6,0),VLOOKUP(B134,'SINAPI COMP'!B:M,6,0))), VLOOKUP(B134,'OUTRAS BASES'!C:D,2,0))","v":43.14},77.652000000000001]
["Composição Auxiliar",93358,"SINAPI","ESCAVAÇÃO MANUAL DE VALA COM PROFUNDIDADE MENOR OU IGUAL A 1,30 M. AF_02/2021","Escavação de Valas",null,"m³",0.22500000000000001,{"$f":"IF(C135=\"SINAPI\", IF( IF(A135=\"Insumo\", VLOOKUP(B135,'SINAPI INSUMOS'!B:J,6,0), VLOOKUP(B135,'SINAPI COMP'!B:M,6,0))=0,VLOOKUP(B135,'OUTRAS BASES'!C:D,2,0),IF(A135=\"Insumo\", VLOOKUP(B135,'SINAPI INSUMOS'!B:J,6,0),VLOOKUP(B135,'SINAPI COMP'!B:M,6,0))), VLOOKUP(B135,'OUTRAS BASES'!C:D,2,0))","v":85.52},19.242000000000001]
["Composição Auxiliar",94975,"SINAPI","CONCRETO FCK = 15MPA, TRAÇO 1:3,4:3,5 (EM MASSA SECA DE CIMENTO/ AREIA MÉDIA/ BRITA 1) - PREPARO MANUAL. AF_05/2021","Produção de Concreto",null,"m³",0.67500000000000004,{"$f":"IF(C136=\"SINAPI\", IF( IF(A136=\"Insumo\", VLOOKUP(B136,'SINAPI INSUMOS'!B:J,6,0), VLOOKUP(B136,'SINAPI COMP'!B:M,6,0))=0,VLOOKUP(B136,'OUTRAS BASES'!C:D,2,0),IF(A136=\"Insumo\", VLOOKUP(B136,'SINAPI INSUMOS'!B:J,6,0),VLOOKUP(B136,'SINAPI COMP'!B:M,6,0))), VLOOKUP(B136,'OUTRAS BASES'!C:D,2,0))","v":578.54999999999995},390.52125000000001]
["Composição Auxiliar",103670,"SINAPI","LANÇAMENTO COM USO DE BALDES, ADENSAMENTO E ACABAMENTO DE CONCRETO EM ESTRUTURAS. AF_02/2022","Concretagem para Estruturas de Concreto Armado",null,"m³",0.67500000000000004,{"$f":"IF(C137=\"SINAPI\", IF( IF(A137=\"Insumo\", VLOOKUP(B137,'SINAPI INSUMOS'!B:J,6,0), VLOOKUP(B137,'SINAPI COMP'!B:M,6,0))=0,VLOOKUP(B137,'OUTRAS BASES'!C:D,2,0),IF(A137=\"Insumo\", VLOOKUP(B137,'SINAPI INSUMOS'!B:J,6,0),VLOOKUP(B137,'SINAPI COMP'!B:M,6,0))), VLOOKUP(B137,'OUTRAS BASES'!C:D,2,0))","v":299.38},202.08150000000001]
[]
[]
[]
[]
[" 4.5","Código","Banco","Descrição","Tipo",null,"Und","Quant.","Valor Unit","Total"]
["Composição"," 24.80.22 ","EMBASA","(REVISADA) DESENVOLVIMENTO OU TESTE COM BOMBA SUBMERSA - UEB1 NO SEDIMENTO COM VAZAO < 60M3 (Ensaio de bombeamento poço tubular incluso materiais e grupo gerador)",2480,null,"H",1,{"$f":"IF(C143=\"SINAPI\", IF( IF(A143=\"Insumo\", VLOOKUP(B143,'SINAPI INSUMOS'!B:J,6,0), VLOOKUP(B143,'SINAPI COMP'!B:M,6,0))=0,VLOOKUP(B143,'OUTRAS BASES'!C:D,2,0),IF(A143=\"Insumo\", VLOOKUP(B143,'SINAPI INSUMOS'!B:J,6,0),VLOOKUP(B143,'SINAPI COMP'!B:M,6,0))), VLOOKUP(B143,'OUTRAS BASES'!C:D,2,0))","v":263.27},{"$f":"I143*H143","v":263.27}]
["Composição Auxiliar"," 24.00.15 ","EMBASA","EQUIPE (3 PROFISSIONAIS CAMPO) - BOMBEIO",2400,null,"H",1,{"$f":"IF(C144=\"SINAPI\", IF( IF(A144=\"Insumo\", VLOOKUP(B144,'SINAPI INSUMOS'!B:J,6,0), VLOOKUP(B144,'SINAPI COMP'!B:M,6,0))=0,VLOOKUP(B144,'OUTRAS BASES'!C:D,2,0),IF(A144=\"Insumo\", VLOOKUP(B144,'SINAPI INSUMOS'!B:J,6,0),VLOOKUP(B144,'SINAPI COMP'!B:M,6,0))), VLOOKUP(B144,'OUTRAS BASES'!C:D,2,0))","v":198.35},198.35]
["Insumo"," H020050001 ","EMBASA","UNIDADE DE ENSAIO E BOMBEAMENTO - UEB1 ATE 150M3 NO SEDIMENTO","Material",null,"H",1,{"$f":"IF(C145=\"SINAPI\", IF( IF(A145=\"Insumo\", VLOOKUP(B145,'SINAPI INSUMOS'!B:J,6,0), VLOOKUP(B145,'SINAPI COMP'!B:M,6,0))=0,VLOOKUP(B145,'OUTRAS BASES'!C:D,2,0),IF(A145=\"Insumo\", VLOOKUP(B145,'SINAPI INSUMOS'!B:J,6,0),VLOOKUP(B145,'SINAPI COMP'!B:M,6,0))), VLOOKUP(B145,'OUTRAS BASES'!C:D,2,0))","v":64.92},64.92]
[]
[]
[]
[]
[" 5 ",null,null,"RESERVAÇÃO"]
[" 5.1 ","Código","Banco","Descrição","Tipo",null,"Und","Quant.","Valor Unit","Total"]
["Composição","COMPOSIÇÃO - 11","Próprio","Fornecimento e instalação de reservatório e base elevada 10 m³","ASTU - ASSENTAMENTO DE TUBOS E PECAS",null,"un",1,{"$f":"SUM(J153:J174)","v":19779.75849},{"$f":"I152*H152","v":19779.75849}]
["Composição Auxiliar",92759,"SINAPI","ARMAÇÃO DE PILAR OU VIGA DE ESTRUTURA CONVENCIONAL DE CONCRETO ARMADO UTILIZANDO AÇO CA-60 DE 5,0 MM - MONTAGEM. AF_06/2022","Armação para Estruturas de Concreto Armado",null,"KG",17.2,{"$f":"IF(C153=\"SINAPI\", IF( IF(A153=\"Insumo\", VLOOKUP(B153,'SINAPI INSUMOS'!B:J,6,0), VLOOKUP(B153,'SINAPI COMP'!B:M,6,0))=0,VLOOKUP(B153,'OUTRAS BASES'!C:D,2,0),IF(A153=\"Insumo\", VLOOKUP(B153,'SINAPI INSUMOS'!B:J,6,0),VLOOKUP(B153,'SINAPI COMP'!B:M,6,0))), VLOOKUP(B153,'OUTRAS BASES'!C:D,2,0))","v":13.05},224.46]
["Composição Auxiliar",92761,"SINAPI","ARMAÇÃO DE PILAR OU VIGA DE ESTRUTURA CONVENCIONAL DE CONCRETO ARMADO UTILIZANDO AÇO CA-50 DE 8,0 MM - MONTAGEM. AF_06/2022","Armação para Estruturas de Concreto Armado",null,"KG",30.4,{"$f":"IF(C154=\"SINAPI\", IF( IF(A154=\"Insumo\", VLOOKUP(B154,'SINAPI INSUMOS'!B:J,6,0), VLOOKUP(B154,'SINAPI COMP'!B:M,6,0))=0,VLOOKUP(B154,'OUTRAS BASES'!C:D,2,0),IF(A154=\"Insumo\", VLOOKUP(B154,'SINAPI INSUMOS'!B:J,6,0),VLOOKUP(B154,'SINAPI COMP'!B:M,6,0))), VLOOKUP(B154,'OUTRAS BASES'!C:D,2,0))","v":11.14},338.65600000000001]
["Composição Auxiliar",92768,"SINAPI","ARMAÇÃO DE LAJE DE ESTRUTURA CONVENCIONAL DE CONCRETO ARMADO UTILIZANDO AÇO CA-60 DE 5,0 MM - MONTAGEM. AF_06/2022","Armação para Estruturas de Concreto Armado",null,"KG",11.9,{"$f":"IF(C155=\"SINAPI\", IF( IF(A155=\"Insumo\", VLOOKUP(B155,'SINAPI INSUMOS'!B:J,6,0), VLOOKUP(B155,'SINAPI COMP'!B:M,6,0))=0,VLOOKUP(B155,'OUTRAS BASES'!C:D,2,0),IF(A155=\"Insumo\", VLOOKUP(B155,'SINAPI INSUMOS'!B:J,6,0),VLOOKUP(B155,'SINAPI COMP'!B:M,6,0))), VLOOKUP(B155,'OUTRAS BASES'!C:D,2,0))","v":12.51},148.869]
["Composição Auxiliar",92770,"SINAPI","ARMAÇÃO DE LAJE DE ESTRUTURA CONVENCIONAL DE CONCRETO ARMADO UTILIZANDO AÇO CA-50 DE 8,0 MM - MONTAGEM. AF_06/2022","Armação para Estruturas de Concreto Armado",null,"KG",48,{"$f":"IF(C156=\"SINAPI\", IF( IF(A156=\"Insumo\", VLOOKUP(B156,'SINAPI INSUMOS'!B:J,6,0), VLOOKUP(B156,'SINAPI COMP'!B:M,6,0))=0,VLOOKUP(B156,'OUTRAS BASES'!C:D,2,0),IF(A156=\"Insumo\", VLOOKUP(B156,'SINAPI INSUMOS'!B:J,6,0),VLOOKUP(B156,'SINAPI COMP'!B:M,6,0))), VLOOKUP(B156,'OUTRAS BASES'!C:D,2,0))","v":10.63},510.24]
["Composição Auxiliar",93358,"SINAPI","ESCAVAÇÃO MANUAL DE VALA COM PROFUNDIDADE MENOR OU IGUAL A 1,30 M. AF_02/2021","Escavação de Valas",null,"m³",5.2,{"$f":"IF(C157=\"SINAPI\", IF( IF(A157=\"Insumo\", VLOOKUP(B157,'SINAPI INSUMOS'!B:J,6,0), VLOOKUP(B157,'SINAPI COMP'!B:M,6,0))=0,VLOOKUP(B157,'OUTRAS BASES'!C:D,2,0),IF(A157=\"Insumo\", VLOOKUP(B157,'SINAPI INSUMOS'!B:J,6,0),VLOOKUP(B157,'SINAPI COMP'!B:M,6,0))), VLOOKUP(B157,'OUTRAS BASES'!C:D,2,0))","v":85.52},444.70400000000001]
["Composição Auxiliar",92763,"SINAPI","ARMAÇÃO DE PILAR OU VIGA DE ESTRUTURA CONVENCIONAL DE CONCRETO ARMADO UTILIZANDO AÇO CA-50 DE 12,5 MM - MONTAGEM. AF_06/2022","Armação para Estruturas de Concreto Armado",null,"KG",118.4,{"$f":"IF(C158=\"SINAPI\", IF( IF(A158=\"Insumo\", VLOOKUP(B158,'SINAPI INSUMOS'!B:J,6,0), VLOOKUP(B158,'SINAPI COMP'!B:M,6,0))=0,VLOOKUP(B158,'OUTRAS BASES'!C:D,2,0),IF(A158=\"Insumo\", VLOOKUP(B158,'SINAPI INSUMOS'!B:J,6,0),VLOOKUP(B158,'SINAPI COMP'!B:M,6,0))), VLOOKUP(B158,'OUTRAS BASES'!C:D,2,0))","v":8.2100000000000009},972.06400000000019]
["Composição Auxiliar",94970,"SINAPI","CONCRETO FCK = 20MPA, TRAÇO 1:2,7:3 (EM MASSA SECA DE CIMENTO/ AREIA MÉDIA/ BRITA 1) - PREPARO MECÂNICO COM BETONEIRA 600 L. AF_05/2021","Produção de Concreto",null,"m³",4.8899999999999997,{"$f":"IF(C159=\"SINAPI\", IF( IF(A159=\"Insumo\", VLOOKUP(B159,'SINAPI INSUMOS'!B:J,6,0), VLOOKUP(B159,'SINAPI COMP'!B:M,6,0))=0,VLOOKUP(B159,'OUTRAS BASES'!C:D,2,0),IF(A159=\"Insumo\", VLOOKUP(B159,'SINAPI INSUMOS'!B:J,6,0),VLOOKUP(B159,'SINAPI COMP'!B:M,6,0))), VLOOKUP(B159,'OUTRAS BASES'!C:D,2,0))","v":557.71},2727.2019]
["Composição Auxiliar",103670,"SINAPI","LANÇAMENTO COM USO DE BALDES, ADENSAMENTO E ACABAMENTO DE CONCRETO EM ESTRUTURAS. AF_02/2022","Concretagem para Estruturas de Concreto Armado",null,"m³",6.85,{"$f":"IF(C160=\"SINAPI\", IF( IF(A160=\"Insumo\", VLOOKUP(B160,'SINAPI INSUMOS'!B:J,6,0), VLOOKUP(B160,'SINAPI COMP'!B:M,6,0))=0,VLOOKUP(B160,'OUTRAS BASES'!C:D,2,0),IF(A160=\"Insumo\", VLOOKUP(B160,'SINAPI INSUMOS'!B:J,6,0),VLOOKUP(B160,'SINAPI COMP'!B:M,6,0))), VLOOKUP(B160,'OUTRAS BASES'!C:D,2,0))","v":299.38},2050.7529999999997]
["Composição Auxiliar",84651,"SINAPI","PINTURA COM TINTA IMPERMEAVEL MINERAL EM PO, DUAS DEMAOS","PINT - PINTURAS",null,"m²",28.27,{"$f":"IF(C161=\"SINAPI\", IF( IF(A161=\"Insumo\", VLOOKUP(B161,'SINAPI INSUMOS'!B:J,6,0), VLOOKUP(B161,'SINAPI COMP'!B:M,6,0))=0,VLOOKUP(B161,'OUTRAS BASES'!C:D,2,0),IF(A161=\"Insumo\", VLOOKUP(B161,'SINAPI INSUMOS'!B:J,6,0),VLOOKUP(B161,'SINAPI COMP'!B:M,6,0))), VLOOKUP(B161,'OUTRAS BASES'!C:D,2,0))","v":14.496999999999998},409.83018999999996]
["Composição Auxiliar",90776,"SINAPI","ENCARREGADO GERAL COM ENCARGOS COMPLEMENTARES","Livro SINAPI: Cálculos e Parâmetros",null,"H",1,{"$f":"IF(C162=\"SINAPI\", IF( IF(A162=\"Insumo\", VLOOKUP(B162,'SINAPI INSUMOS'!B:J,6,0), VLOOKUP(B162,'SINAPI COMP'!B:M,6,0))=0,VLOOKUP(B162,'OUTRAS BASES'!C:D,2,0),IF(A162=\"Insumo\", VLOOKUP(B162,'SINAPI INSUMOS'!B:J,6,0),VLOOKUP(B162,'SINAPI COMP'!B:M,6,0))), VLOOKUP(B162,'OUTRAS BASES'!C:D,2,0))","v":31.28},31.28]
["Composição Auxiliar",102482,"SINAPI","CONCRETO FCK = 25MPA, TRAÇO 1:2,2:2,5 (EM MASSA SECA DE CIMENTO/ AREIA MÉDIA/ SEIXO ROLADO) - PREPARO MECÂNICO COM BETONEIRA 600 L. AF_05/2021","Produção de Concreto",null,"m³",1.96,{"$f":"IF(C163=\"SINAPI\", IF( IF(A163=\"Insumo\", VLOOKUP(B163,'SINAPI INSUMOS'!B:J,6,0), VLOOKUP(B163,'SINAPI COMP'!B:M,6,0))=0,VLOOKUP(B163,'OUTRAS BASES'!C:D,2,0),IF(A163=\"Insumo\", VLOOKUP(B163,'SINAPI INSUMOS'!B:J,6,0),VLOOKUP(B163,'SINAPI COMP'!B:M,6,0))), VLOOKUP(B163,'OUTRAS BASES'!C:D,2,0))","v":585.88},1148.3247999999999]
["Composição Auxiliar",92263,"SINAPI","FABRICAÇÃO DE FÔRMA PARA PILARES E ESTRUTURAS SIMILARES, EM CHAPA DE MADEIRA COMPENSADA RESINADA, E = 17 MM. AF_09/2020","Fôrmas para Estruturas de Concreto Armado",null,"m²",25.19,{"$f":"IF(C164=\"SINAPI\", IF( IF(A164=\"Insumo\", VLOOKUP(B164,'SINAPI INSUMOS'!B:J,6,0), VLOOKUP(B164,'SINAPI COMP'!B:M,6,0))=0,VLOOKUP(B164,'OUTRAS BASES'!C:D,2,0),IF(A164=\"Insumo\", VLOOKUP(B164,'SINAPI INSUMOS'!B:J,6,0),VLOOKUP(B164,'SINAPI COMP'!B:M,6,0))), VLOOKUP(B164,'OUTRAS BASES'!C:D,2,0))","v":178.14},4487.3465999999999]
["Composição Auxiliar",88267,"SINAPI","ENCANADOR OU BOMBEIRO HIDRÁULICO COM ENCARGOS COMPLEMENTARES","Livro SINAPI: Cálculos e Parâmetros",null,"H",4,{"$f":"IF(C165=\"SINAPI\", IF( IF(A165=\"Insumo\", VLOOKUP(B165,'SINAPI INSUMOS'!B:J,6,0), VLOOKUP(B165,'SINAPI COMP'!B:M,6,0))=0,VLOOKUP(B165,'OUTRAS BASES'!C:D,2,0),IF(A165=\"Insumo\", VLOOKUP(B165,'SINAPI INSUMOS'!B:J,6,0),VLOOKUP(B165,'SINAPI COMP'!B:M,6,0))), VLOOKUP(B165,'OUTRAS BASES'!C:D,2,0))","v":30.28},121.12]
["Composição Auxiliar",88248,"SINAPI","AUXILIAR DE ENCANADOR OU BOMBEIRO HIDRÁULICO COM ENCARGOS COMPLEMENTARES","Livro SINAPI: Cálculos e Parâmetros",null,"H",4,{"$f":"IF(C166=\"SINAPI\", IF( IF(A166=\"Insumo\", VLOOKUP(B166,'SINAPI INSUMOS'!B:J,6,0), VLOOKUP(B166,'SINAPI COMP'!B:M,6,0))=0,VLOOKUP(B166,'OUTRAS BASES'!C:D,2,0),IF(A166=\"Insumo\", VLOOKUP(B166,'SINAPI INSUMOS'!B:J,6,0),VLOOKUP(B166,'SINAPI COMP'!B:M,6,0))), VLOOKUP(B166,'OUTRAS BASES'!C:D,2,0))","v":24.51},98.04]
["Insumo",3146,"SINAPI","FITA VEDA ROSCA EM ROLOS DE 18 MM X 10 M (L X C)","Material",null,"UN",0.18,{"$f":"IF(C167=\"SINAPI\", IF( IF(A167=\"Insumo\", VLOOKUP(B167,'SINAPI INSUMOS'!B:J,6,0), VLOOKUP(B167,'SINAPI COMP'!B:M,6,0))=0,VLOOKUP(B167,'OUTRAS BASES'!C:D,2,0),IF(A167=\"Insumo\", VLOOKUP(B167,'SINAPI INSUMOS'!B:J,6,0),VLOOKUP(B167,'SINAPI COMP'!B:M,6,0))), VLOOKUP(B167,'OUTRAS BASES'!C:D,2,0))","v":4},0.72]
["Insumo",37106,"SINAPI","CAIXA D'AGUA / RESERVATORIO EM POLIESTER REFORCADO COM FIBRA DE VIDRO, 10000 LITROS, COM TAMPA","Material",null,"UN",1,{"$f":"IF(C168=\"SINAPI\", IF( IF(A168=\"Insumo\", VLOOKUP(B168,'SINAPI INSUMOS'!B:J,6,0), VLOOKUP(B168,'SINAPI COMP'!B:M,6,0))=0,VLOOKUP(B168,'OUTRAS BASES'!C:D,2,0),IF(A168=\"Insumo\", VLOOKUP(B168,'SINAPI INSUMOS'!B:J,6,0),VLOOKUP(B168,'SINAPI COMP'!B:M,6,0))), VLOOKUP(B168,'OUTRAS BASES'!C:D,2,0))","v":5811.8},5811.8]
["Insumo",14073,"ORSE","CURVA 90º PVC D=50MM, LINHA IRRIGA-LF, TIGRE OU SIMILAR","Material",null,"UM",3,{"$f":"IF(C169=\"SINAPI\", IF( IF(A169=\"Insumo\", VLOOKUP(B169,'SINAPI INSUMOS'!B:J,6,0), VLOOKUP(B169,'SINAPI COMP'!B:M,6,0))=0,VLOOKUP(B169,'OUTRAS BASES'!C:D,2,0),IF(A169=\"Insumo\", VLOOKUP(B169,'SINAPI INSUMOS'!B:J,6,0),VLOOKUP(B169,'SINAPI COMP'!B:M,6,0))), VLOOKUP(B169,'OUTRAS BASES'!C:D,2,0))","v":8.1},24.299999999999997]
["Insumo",14068,"ORSE","Tubo PVC para irrigação LF PN 80 Ø 50mm, linha Irriga-LF, Tigre ou similar","Material",null,"UN",15.2,{"$f":"IF(C170=\"SINAPI\", IF( IF(A170=\"Insumo\", VLOOKUP(B170,'SINAPI INSUMOS'!B:J,6,0), VLOOKUP(B170,'SINAPI COMP'!B:M,6,0))=0,VLOOKUP(B170,'OUTRAS BASES'!C:D,2,0),IF(A170=\"Insumo\", VLOOKUP(B170,'SINAPI INSUMOS'!B:J,6,0),VLOOKUP(B170,'SINAPI COMP'!B:M,6,0))), VLOOKUP(B170,'OUTRAS BASES'!C:D,2,0))","v":9.27},140.904]
["Insumo",1434,"ORSE","Luva pvc rigido roscavel d=2 \"","Material",null,"UN",1,{"$f":"IF(C171=\"SINAPI\", IF( IF(A171=\"Insumo\", VLOOKUP(B171,'SINAPI INSUMOS'!B:J,6,0), VLOOKUP(B171,'SINAPI COMP'!B:M,6,0))=0,VLOOKUP(B171,'OUTRAS BASES'!C:D,2,0),IF(A171=\"Insumo\", VLOOKUP(B171,'SINAPI INSUMOS'!B:J,6,0),VLOOKUP(B171,'SINAPI COMP'!B:M,6,0))), VLOOKUP(B171,'OUTRAS BASES'!C:D,2,0))","v":28.58},28.58]
["Insumo",90,"ORSE","Adaptador curto, pvc rigido soldavel,  c/ bolsa e rosca p/  registro, d=  50mm x 1 1/2”","Material",null,"UN",1,{"$f":"IF(C172=\"SINAPI\", IF( IF(A172=\"Insumo\", VLOOKUP(B172,'SINAPI INSUMOS'!B:J,6,0), VLOOKUP(B172,'SINAPI COMP'!B:M,6,0))=0,VLOOKUP(B172,'OUTRAS BASES'!C:D,2,0),IF(A172=\"Insumo\", VLOOKUP(B172,'SINAPI INSUMOS'!B:J,6,0),VLOOKUP(B172,'SINAPI COMP'!B:M,6,0))), VLOOKUP(B172,'OUTRAS BASES'!C:D,2,0))","v":4.2},4.2]
["Insumo",99,"SINAPI","ADAPTADOR PVC SOLDAVEL, COM FLANGE E ANEL DE VEDACAO, 50 MM X 1 1/2\", PARA CAIXA D'AGUA","Material",null,"UN",2,{"$f":"IF(C173=\"SINAPI\", IF( IF(A173=\"Insumo\", VLOOKUP(B173,'SINAPI INSUMOS'!B:J,6,0), VLOOKUP(B173,'SINAPI COMP'!B:M,6,0))=0,VLOOKUP(B173,'OUTRAS BASES'!C:D,2,0),IF(A173=\"Insumo\", VLOOKUP(B173,'SINAPI INSUMOS'!B:J,6,0),VLOOKUP(B173,'SINAPI COMP'!B:M,6,0))), VLOOKUP(B173,'OUTRAS BASES'!C:D,2,0))","v":26.27},52.54]
["Insumo",119,"SINAPI","ADESIVO PLASTICO PARA PVC, BISNAGA COM 75 GR","Material",null,"UN",0.45,{"$f":"IF(C174=\"SINAPI\", IF( IF(A174=\"Insumo\", VLOOKUP(B174,'SINAPI INSUMOS'!B:J,6,0), VLOOKUP(B174,'SINAPI COMP'!B:M,6,0))=0,VLOOKUP(B174,'OUTRAS BASES'!C:D,2,0),IF(A174=\"Insumo\", VLOOKUP(B174,'SINAPI INSUMOS'!B:J,6,0),VLOOKUP(B174,'SINAPI COMP'!B:M,6,0))), VLOOKUP(B174,'OUTRAS BASES'!C:D,2,0))","v":8.5},3.8250000000000002]
[]
[]
[]
[]
[" 5.2 ","Código","Banco","Descrição","Tipo",null,"Und","Quant.","Valor Unit","Total"]
["Composição","COMPOSIÇÃO - 12","Próprio","Fornecimento e execução de reservatório apoiado de 5 m³","SEDI - SERVIÇOS DIVERSOS",null,"un",1,{"$f":"SUM(J181:J190)","v":8664.0632499999992},{"$f":"I180*H180","v":8664.0632499999992}]
["Composição Auxiliar",88309,"SINAPI","PEDREIRO COM ENCARGOS COMPLEMENTARES","Livro SINAPI: Cálculos e Parâmetros",null,"H",3,{"$f":"IF(C181=\"SINAPI\", IF( IF(A181=\"Insumo\", VLOOKUP(B181,'SINAPI INSUMOS'!B:J,6,0), VLOOKUP(B181,'SINAPI COMP'!B:M,6,0))=0,VLOOKUP(B181,'OUTRAS BASES'!C:D,2,0),IF(A181=\"Insumo\", VLOOKUP(B181,'SINAPI INSUMOS'!B:J,6,0),VLOOKUP(B181,'SINAPI COMP'!B:M,6,0))), VLOOKUP(B181,'OUTRAS BASES'!C:D,2,0))","v":28.17},84.51]
["Composição Auxiliar",88316,"SINAPI","SERVENTE COM ENCARGOS COMPLEMENTARES","Livro SINAPI: Cálculos e Parâmetros",null,"H",3,{"$f":"IF(C182=\"SINAPI\", IF( IF(A182=\"Insumo\", VLOOKUP(B182,'SINAPI INSUMOS'!B:J,6,0), VLOOKUP(B182,'SINAPI COMP'!B:M,6,0))=0,VLOOKUP(B182,'OUTRAS BASES'!C:D,2,0),IF(A182=\"Insumo\", VLOOKUP(B182,'SINAPI INSUMOS'!B:J,6,0),VLOOKUP(B182,'SINAPI COMP'!B:M,6,0))), VLOOKUP(B182,'OUTRAS BASES'!C:D,2,0))","v":21.62},64.86]
["Composição Auxiliar",102617,"SINAPI","CAIXA D´ÁGUA EM POLIÉSTER REFORÇADO COM FIBRA DE VIDRO, 5000 LITROS - FORNECIMENTO E INSTALAÇÃO. AF_06/2021","Caixas de Água para Edificações",null,"UN",1,{"$f":"IF(C183=\"SINAPI\", IF( IF(A183=\"Insumo\", VLOOKUP(B183,'SINAPI INSUMOS'!B:J,6,0), VLOOKUP(B183,'SINAPI COMP'!B:M,6,0))=0,VLOOKUP(B183,'OUTRAS BASES'!C:D,2,0),IF(A183=\"Insumo\", VLOOKUP(B183,'SINAPI INSUMOS'!B:J,6,0),VLOOKUP(B183,'SINAPI COMP'!B:M,6,0))), VLOOKUP(B183,'OUTRAS BASES'!C:D,2,0))","v":3929.36},3929.36]
["Composição Auxiliar",92767,"SINAPI","ARMAÇÃO DE LAJE DE UMA ESTRUTURA CONVENCIONAL DE CONCRETO ARMADO UTILIZANDO AÇO CA-60 DE 4,2 MM - MONTAGEM. AF_12/2015","FUES - FUNDAÇÕES E ESTRUTURAS",null,"KG",3.04,{"$f":"IF(C184=\"SINAPI\", IF( IF(A184=\"Insumo\", VLOOKUP(B184,'SINAPI INSUMOS'!B:J,6,0), VLOOKUP(B184,'SINAPI COMP'!B:M,6,0))=0,VLOOKUP(B184,'OUTRAS BASES'!C:D,2,0),IF(A184=\"Insumo\", VLOOKUP(B184,'SINAPI INSUMOS'!B:J,6,0),VLOOKUP(B184,'SINAPI COMP'!B:M,6,0))), VLOOKUP(B184,'OUTRAS BASES'!C:D,2,0))","v":14.5},44.08]
["Composição Auxiliar",104917,"SINAPI","ARMAÇAO DE SAPATA ISOLADA, VIGA BALDRAME E SAPATA CORRIDA UTILIZANDO AÇO CA-50 DE 6,3 MM - MONTAGEM AD_01/2024","FUES - FUNDAÇÕES E ESTRUTURAS",null,"KG",9.3000000000000007,{"$f":"IF(C185=\"SINAPI\", IF( IF(A185=\"Insumo\", VLOOKUP(B185,'SINAPI INSUMOS'!B:J,6,0), VLOOKUP(B185,'SINAPI COMP'!B:M,6,0))=0,VLOOKUP(B185,'OUTRAS BASES'!C:D,2,0),IF(A185=\"Insumo\", VLOOKUP(B185,'SINAPI INSUMOS'!B:J,6,0),VLOOKUP(B185,'SINAPI COMP'!B:M,6,0))), VLOOKUP(B185,'OUTRAS BASES'!C:D,2,0))","v":14.36},133.548]
["Composição Auxiliar",92760,"SINAPI","ARMAÇÃO DE PILAR OU VIGA DE ESTRTURA CONVENCIONAL DE CONCRETO ARMADO UTILIZANDO AÇO CA-50 DE 6,3 MM - MONTAGEM. AF_12/2015","FUES - FUNDAÇÕES E ESTRUTURAS",null,"KG",16.3,{"$f":"IF(C186=\"SINAPI\", IF( IF(A186=\"Insumo\", VLOOKUP(B186,'SINAPI INSUMOS'!B:J,6,0), VLOOKUP(B186,'SINAPI COMP'!B:M,6,0))=0,VLOOKUP(B186,'OUTRAS BASES'!C:D,2,0),IF(A186=\"Insumo\", VLOOKUP(B186,'SINAPI INSUMOS'!B:J,6,0),VLOOKUP(B186,'SINAPI COMP'!B:M,6,0))), VLOOKUP(B186,'OUTRAS BASES'!C:D,2,0))","v":12.04},196.25199999999998]
["Composição Auxiliar",94964,"SINAPI","CONCRETO FCK = 20MPA, TRAÇO 1:2,7:3 (EM MASSA SECA DE CIMENTO/ AREIA MÉDIA/ BRITA 1) - PREPARO MECÂNICO COM BETONEIRA 400 L. AF_05/2021","Produção de Concreto",null,"m³",1.56,{"$f":"IF(C187=\"SINAPI\", IF( IF(A187=\"Insumo\", VLOOKUP(B187,'SINAPI INSUMOS'!B:J,6,0), VLOOKUP(B187,'SINAPI COMP'!B:M,6,0))=0,VLOOKUP(B187,'OUTRAS BASES'!C:D,2,0),IF(A187=\"Insumo\", VLOOKUP(B187,'SINAPI INSUMOS'!B:J,6,0),VLOOKUP(B187,'SINAPI COMP'!B:M,6,0))), VLOOKUP(B187,'OUTRAS BASES'!C:D,2,0))","v":569.37},888.21720000000005]
["Composição Auxiliar",84651,"SINAPI","PINTURA COM TINTA IMPERMEAVEL MINERAL EM PO, DUAS DEMAOS","PINT - PINTURAS",null,"m²",7.85,{"$f":"IF(C188=\"SINAPI\", IF( IF(A188=\"Insumo\", VLOOKUP(B188,'SINAPI INSUMOS'!B:J,6,0), VLOOKUP(B188,'SINAPI COMP'!B:M,6,0))=0,VLOOKUP(B188,'OUTRAS BASES'!C:D,2,0),IF(A188=\"Insumo\", VLOOKUP(B188,'SINAPI INSUMOS'!B:J,6,0),VLOOKUP(B188,'SINAPI COMP'!B:M,6,0))), VLOOKUP(B188,'OUTRAS BASES'!C:D,2,0))","v":14.496999999999998},113.80144999999997]
["Composição Auxiliar",92263,"SINAPI","FABRICAÇÃO DE FÔRMA PARA PILARES E ESTRUTURAS SIMILARES, EM CHAPA DE MADEIRA COMPENSADA RESINADA, E = 17 MM. AF_09/2020","FUES - FUNDAÇÕES E ESTRUTURAS",null,"KG",16.989999999999998,{"$f":"IF(C189=\"SINAPI\", IF( IF(A189=\"Insumo\", VLOOKUP(B189,'SINAPI INSUMOS'!B:J,6,0), VLOOKUP(B189,'SINAPI COMP'!B:M,6,0))=0,VLOOKUP(B189,'OUTRAS BASES'!C:D,2,0),IF(A189=\"Insumo\", VLOOKUP(B189,'SINAPI INSUMOS'!B:J,6,0),VLOOKUP(B189,'SINAPI COMP'!B:M,6,0))), VLOOKUP(B189,'OUTRAS BASES'!C:D,2,0))","v":178.14},3026.5985999999994]
["Composição Auxiliar",92770,"SINAPI","ARMAÇÃO DE LAJE DE UMA ESTRUTURA CONVENCIONAL DE CONCRETO ARMADO UTILIZANDO AÇO CA-50 DE 8,0 MM - MONTAGEM. AF_06/2022","FUES - FUNDAÇÕES E ESTRUTURAS",null,"KG",17.2,{"$f":"IF(C190=\"SINAPI\", IF( IF(A190=\"Insumo\", VLOOKUP(B190,'SINAPI INSUMOS'!B:J,6,0), VLOOKUP(B190,'SINAPI COMP'!B:M,6,0))=0,VLOOKUP(B190,'OUTRAS BASES'!C:D,2,0),IF(A190=\"Insumo\", VLOOKUP(B190,'SINAPI INSUMOS'!B:J,6,0),VLOOKUP(B190,'SINAPI COMP'!B:M,6,0))), VLOOKUP(B190,'OUTRAS BASES'!C:D,2,0))","v":10.63},182.83600000000001]
[]
[]
[]
[]
[" 6 ",null,null,"BEBEDOURO"]
[" 6.1 ","Código","Banco","Descrição","Tipo",null,"Und","Quant.","Valor Unit","Total"]
["Composição","COMPOSIÇÃO - 13","Próprio","Serviço de execução do bebedouro em concreto armado, incluso materiais.","SEDI - SERVIÇOS DIVERSOS",null,"un",1,{"$f":"SUM(J198:J203)","v":1803.9196999999999},{"$f":"I197*H197","v":1803.9196999999999}]
["Composição Auxiliar",92916,"SINAPI","ARMAÇÃODE ESTRUTURAS DIVERSAS DE CONCRETO ARMADO, EXCETO VIGA, PILARES, LAJES E FUNDAÇÕES, UTILIZANDO AÇO CA-50 DE 6,3 MM - MONTAGEM. AF_06/2022","Armação para Estruturas de Concreto Armado",null,"KG",6,{"$f":"IF(C198=\"SINAPI\", IF( IF(A198=\"Insumo\", VLOOKUP(B198,'SINAPI INSUMOS'!B:J,6,0), VLOOKUP(B198,'SINAPI COMP'!B:M,6,0))=0,VLOOKUP(B198,'OUTRAS BASES'!C:D,2,0),IF(A198=\"Insumo\", VLOOKUP(B198,'SINAPI INSUMOS'!B:J,6,0),VLOOKUP(B198,'SINAPI COMP'!B:M,6,0))), VLOOKUP(B198,'OUTRAS BASES'!C:D,2,0))","v":14.09},84.539999999999992]
["Composição Auxiliar",92915,"SINAPI","ARMAÇÃODE ESTRUTURAS DIVERSAS DE CONCRETO ARMADO, EXCETO VIGA, PILARES, LAJES E FUNDAÇÕES, UTILIZANDO AÇO CA-60 DE 5,0 MM - MONTAGEM. AF_06/2022","Armação para Estruturas de Concreto Armado",null,"KG",13,{"$f":"IF(C199=\"SINAPI\", IF( IF(A199=\"Insumo\", VLOOKUP(B199,'SINAPI INSUMOS'!B:J,6,0), VLOOKUP(B199,'SINAPI COMP'!B:M,6,0))=0,VLOOKUP(B199,'OUTRAS BASES'!C:D,2,0),IF(A199=\"Insumo\", VLOOKUP(B199,'SINAPI INSUMOS'!B:J,6,0),VLOOKUP(B199,'SINAPI COMP'!B:M,6,0))), VLOOKUP(B199,'OUTRAS BASES'!C:D,2,0))","v":15.83},205.79]
["Composição Auxiliar",92921,"SINAPI","ARMAÇÃODE ESTRUTURAS DIVERSAS DE CONCRETO ARMADO, EXCETO VIGA, PILARES, LAJES E FUNDAÇÕES, UTILIZANDO AÇO CA-50 DE 12,5 MM - MONTAGEM. AF_06/2022","Armação para Estruturas de Concreto Armado",null,"KG",12,{"$f":"IF(C200=\"SINAPI\", IF( IF(A200=\"Insumo\", VLOOKUP(B200,'SINAPI INSUMOS'!B:J,6,0), VLOOKUP(B200,'SINAPI COMP'!B:M,6,0))=0,VLOOKUP(B200,'OUTRAS BASES'!C:D,2,0),IF(A200=\"Insumo\", VLOOKUP(B200,'SINAPI INSUMOS'!B:J,6,0),VLOOKUP(B200,'SINAPI COMP'!B:M,6,0))), VLOOKUP(B200,'OUTRAS BASES'!C:D,2,0))","v":8.8800000000000008},106.56]
["Composição Auxiliar",94971,"SINAPI","CONCRETO FCK = 25MPA, TRAÇO 1:2,3:2:2,7(EM MASSA SECA DE CIMENTO, AREIA MÉDIA, BRITA 1) - PREPARO MECÂNICO COM BETONEIRA 600l. AF_05/2021","Produção de concreto",null,"m³",0.374,{"$f":"IF(C201=\"SINAPI\", IF( IF(A201=\"Insumo\", VLOOKUP(B201,'SINAPI INSUMOS'!B:J,6,0), VLOOKUP(B201,'SINAPI COMP'!B:M,6,0))=0,VLOOKUP(B201,'OUTRAS BASES'!C:D,2,0),IF(A201=\"Insumo\", VLOOKUP(B201,'SINAPI INSUMOS'!B:J,6,0),VLOOKUP(B201,'SINAPI COMP'!B:M,6,0))), VLOOKUP(B201,'OUTRAS BASES'!C:D,2,0))","v":589.20000000000005},220.36080000000001]
["Composição Auxiliar",92263,"SINAPI","FABRICAÇÃO DE FÔRMA PARA PILARES E ESTRUTURAS SIMILARES, EM CHAPA DE MADEIRA COMPENSADA RESINADA, E = 17 MM. AF_09/2020","FUES - FUNDAÇÕES E ESTRUTURAS",null,"m²",6.21,{"$f":"IF(C202=\"SINAPI\", IF( IF(A202=\"Insumo\", VLOOKUP(B202,'SINAPI INSUMOS'!B:J,6,0), VLOOKUP(B202,'SINAPI COMP'!B:M,6,0))=0,VLOOKUP(B202,'OUTRAS BASES'!C:D,2,0),IF(A202=\"Insumo\", VLOOKUP(B202,'SINAPI INSUMOS'!B:J,6,0),VLOOKUP(B202,'SINAPI COMP'!B:M,6,0))), VLOOKUP(B202,'OUTRAS BASES'!C:D,2,0))","v":178.14},1106.2493999999999]
["Composição Auxiliar","15.07.09","EMBASA","PINTURA LÁTEX ACRÍLICA, APLICAÇÃO MANUAL EM DUAS DEMÃOS ","EDIFICAÇÕES",null,"m² ",6.21,{"$f":"IF(C203=\"SINAPI\", IF( IF(A203=\"Insumo\", VLOOKUP(B203,'SINAPI INSUMOS'!B:J,6,0), VLOOKUP(B203,'SINAPI COMP'!B:M,6,0))=0,VLOOKUP(B203,'OUTRAS BASES'!C:D,2,0),IF(A203=\"Insumo\", VLOOKUP(B203,'SINAPI INSUMOS'!B:J,6,0),VLOOKUP(B203,'SINAPI COMP'!B:M,6,0))), VLOOKUP(B203,'OUTRAS BASES'!C:D,2,0))","v":12.95},80.419499999999999]
[]
[]
[]
[]
[" 7 ",null,null,"CHAFARIZ"]
[" 7.1 ","Código","Banco","Descrição","Tipo",null,"Und","Quant.","Valor Unit","Total"]
["Composição","COMPOSIÇÃO - 14","Próprio","Fornecimento de material e instalação do chafariz","ASTU - ASSENTAMENTO DE TUBOS E PECAS",null,"un",1,{"$f":"SUM(J211:J229)","v":951.70971169600011},{"$f":"I210*H210","v":951.70971169600011}]
["Composição Auxiliar",88267,"SINAPI","ENCANADOR OU BOMBEIRO HIDRÁULICO COM ENCARGOS COMPLEMENTARES","Livro SINAPI: Cálculos e Parâmetros",null,"H",2,{"$f":"IF(C211=\"SINAPI\", IF( IF(A211=\"Insumo\", VLOOKUP(B211,'SINAPI INSUMOS'!B:J,6,0), VLOOKUP(B211,'SINAPI COMP'!B:M,6,0))=0,VLOOKUP(B211,'OUTRAS BASES'!C:D,2,0),IF(A211=\"Insumo\", VLOOKUP(B211,'SINAPI INSUMOS'!B:J,6,0),VLOOKUP(B211,'SINAPI COMP'!B:M,6,0))), VLOOKUP(B211,'OUTRAS BASES'!C:D,2,0))","v":30.28},60.56]
["Composição Auxiliar",88248,"SINAPI","AUXILIAR DE ENCANADOR OU BOMBEIRO HIDRÁULICO COM ENCARGOS COMPLEMENTARES","Livro SINAPI: Cálculos e Parâmetros",null,"H",2,{"$f":"IF(C212=\"SINAPI\", IF( IF(A212=\"Insumo\", VLOOKUP(B212,'SINAPI INSUMOS'!B:J,6,0), VLOOKUP(B212,'SINAPI COMP'!B:M,6,0))=0,VLOOKUP(B212,'OUTRAS BASES'!C:D,2,0),IF(A212=\"Insumo\", VLOOKUP(B212,'SINAPI INSUMOS'!B:J,6,0),VLOOKUP(B212,'SINAPI COMP'!B:M,6,0))), VLOOKUP(B212,'OUTRAS BASES'!C:D,2,0))","v":24.51},49.02]
["Composição Auxiliar",93358,"SINAPI","ESCAVAÇÃO MANUAL DE VALA COM PROFUNDIDADE MENOR OU IGUAL A 1,30 M. AF_02/2021","Escavação de Valas",null,"m³",7.8539800000000007E-2,{"$f":"IF(C213=\"SINAPI\", IF( IF(A213=\"Insumo\", VLOOKUP(B213,'SINAPI INSUMOS'!B:J,6,0), VLOOKUP(B213,'SINAPI COMP'!B:M,6,0))=0,VLOOKUP(B213,'OUTRAS BASES'!C:D,2,0),IF(A213=\"Insumo\", VLOOKUP(B213,'SINAPI INSUMOS'!B:J,6,0),VLOOKUP(B213,'SINAPI COMP'!B:M,6,0))), VLOOKUP(B213,'OUTRAS BASES'!C:D,2,0))","v":85.52},6.7167236959999999]
["Composição Auxiliar",96533,"SINAPI","FABRICAÇÃO, MONTAGEM E DESMONTAGEM DE FÔRMA PARA VIGA BALDRAME, EM MADEIRA SERRADA, E=25 MM, 2 UTILIZAÇÕES. AF_01/2024","FUES - FUNDAÇÕES E ESTRUTURAS",null,"m²",0.628,{"$f":"IF(C214=\"SINAPI\", IF( IF(A214=\"Insumo\", VLOOKUP(B214,'SINAPI INSUMOS'!B:J,6,0), VLOOKUP(B214,'SINAPI COMP'!B:M,6,0))=0,VLOOKUP(B214,'OUTRAS BASES'!C:D,2,0),IF(A214=\"Insumo\", VLOOKUP(B214,'SINAPI INSUMOS'!B:J,6,0),VLOOKUP(B214,'SINAPI COMP'!B:M,6,0))), VLOOKUP(B214,'OUTRAS BASES'!C:D,2,0))","v":101.26},63.591280000000005]
["Composição Auxiliar",94963,"SINAPI","CONCRETO FCK = 15MPA, TRAÇO 1:3,4:3,5 (EM MASSA SECA DE CIMENTO/AREIA/MÉDIA/BRITA 1) - PREPARO MECÂNICO COM BETONEIRA 400 L. AF_05/2021","Produção de Concreto",null,"m³",0.157,{"$f":"IF(C215=\"SINAPI\", IF( IF(A215=\"Insumo\", VLOOKUP(B215,'SINAPI INSUMOS'!B:J,6,0), VLOOKUP(B215,'SINAPI COMP'!B:M,6,0))=0,VLOOKUP(B215,'OUTRAS BASES'!C:D,2,0),IF(A215=\"Insumo\", VLOOKUP(B215,'SINAPI INSUMOS'!B:J,6,0),VLOOKUP(B215,'SINAPI COMP'!B:M,6,0))), VLOOKUP(B215,'OUTRAS BASES'!C:D,2,0))","v":520.97},81.792290000000008]
["Composição Auxiliar",87904,"SINAPI","CHAPISCO APLICADO EM ALVENARIA (COM PRESENÇA DE VÃOS) E ESTRUTURAS DE CONCRETO DE FACHADA, COM COLHER DE PEDREIRO.  ARGAMASSA TRAÇO 1:3 COM PREPARO MANUAL. AF_10/2022","Chapisco",null,"m²",0.314,{"$f":"IF(C216=\"SINAPI\", IF( IF(A216=\"Insumo\", VLOOKUP(B216,'SINAPI INSUMOS'!B:J,6,0), VLOOKUP(B216,'SINAPI COMP'!B:M,6,0))=0,VLOOKUP(B216,'OUTRAS BASES'!C:D,2,0),IF(A216=\"Insumo\", VLOOKUP(B216,'SINAPI INSUMOS'!B:J,6,0),VLOOKUP(B216,'SINAPI COMP'!B:M,6,0))), VLOOKUP(B216,'OUTRAS BASES'!C:D,2,0))","v":8.85},2.7788999999999997]
["Composição Auxiliar",87529,"SINAPI","MASSA ÚNICA, EM ARGAMASSA TRAÇO 1:2:8, PREPARO MECÂNICO, APLICADA MANUALMENTE EM PAREDES INTERNAS DE AMBIENTES COM ÁREA ENTRE 5M² E 10M², E = 17,5MM, COM TALISCAS. AF_03/2024","Massa Única Interna",null,"m²",0.314,{"$f":"IF(C217=\"SINAPI\", IF( IF(A217=\"Insumo\", VLOOKUP(B217,'SINAPI INSUMOS'!B:J,6,0), VLOOKUP(B217,'SINAPI COMP'!B:M,6,0))=0,VLOOKUP(B217,'OUTRAS BASES'!C:D,2,0),IF(A217=\"Insumo\", VLOOKUP(B217,'SINAPI INSUMOS'!B:J,6,0),VLOOKUP(B217,'SINAPI COMP'!B:M,6,0))), VLOOKUP(B217,'OUTRAS BASES'!C:D,2,0))","v":39.39},12.368460000000001]
["Composição Auxiliar",84651,"SINAPI","PINTURA COM TINTA IMPERMEAVEL MINERAL EM PO, DUAS DEMAOS","PINT - PINTURAS",null,"m²",0.314,{"$f":"IF(C218=\"SINAPI\", IF( IF(A218=\"Insumo\", VLOOKUP(B218,'SINAPI INSUMOS'!B:J,6,0), VLOOKUP(B218,'SINAPI COMP'!B:M,6,0))=0,VLOOKUP(B218,'OUTRAS BASES'!C:D,2,0),IF(A218=\"Insumo\", VLOOKUP(B218,'SINAPI INSUMOS'!B:J,6,0),VLOOKUP(B218,'SINAPI COMP'!B:M,6,0))), VLOOKUP(B218,'OUTRAS BASES'!C:D,2,0))","v":14.496999999999998},4.5520579999999997]
["Insumo",765,"SINAPI","BUCHA DE REDUCAO DE FERRO GALVANIZADO, COM ROSCA BSP, DE 1\" X 3/4\"","Material",null,"UN",2,{"$f":"IF(C219=\"SINAPI\", IF( IF(A219=\"Insumo\", VLOOKUP(B219,'SINAPI INSUMOS'!B:J,6,0), VLOOKUP(B219,'SINAPI COMP'!B:M,6,0))=0,VLOOKUP(B219,'OUTRAS BASES'!C:D,2,0),IF(A219=\"Insumo\", VLOOKUP(B219,'SINAPI INSUMOS'!B:J,6,0),VLOOKUP(B219,'SINAPI COMP'!B:M,6,0))), VLOOKUP(B219,'OUTRAS BASES'!C:D,2,0))","v":9.69},19.38]
["Insumo",9887,"SINAPI","UNIAO DE FERRO GALVANIZADO, COM ROSCA BSP, COM ASSENTO PLANO, DE 2\"","Material",null,"UN",2,{"$f":"IF(C220=\"SINAPI\", IF( IF(A220=\"Insumo\", VLOOKUP(B220,'SINAPI INSUMOS'!B:J,6,0), VLOOKUP(B220,'SINAPI COMP'!B:M,6,0))=0,VLOOKUP(B220,'OUTRAS BASES'!C:D,2,0),IF(A220=\"Insumo\", VLOOKUP(B220,'SINAPI INSUMOS'!B:J,6,0),VLOOKUP(B220,'SINAPI COMP'!B:M,6,0))), VLOOKUP(B220,'OUTRAS BASES'!C:D,2,0))","v":98.64},197.28]
["Insumo",21013,"SINAPI","TUBO ACO GALVANIZADO COM COSTURA, CLASSE LEVE, DN 50 MM ( 2\"),  E = 3,00 MM,  *4,40* KG/M (NBR 5580)","Material",null,"M",1.8,{"$f":"IF(C221=\"SINAPI\", IF( IF(A221=\"Insumo\", VLOOKUP(B221,'SINAPI INSUMOS'!B:J,6,0), VLOOKUP(B221,'SINAPI COMP'!B:M,6,0))=0,VLOOKUP(B221,'OUTRAS BASES'!C:D,2,0),IF(A221=\"Insumo\", VLOOKUP(B221,'SINAPI INSUMOS'!B:J,6,0),VLOOKUP(B221,'SINAPI COMP'!B:M,6,0))), VLOOKUP(B221,'OUTRAS BASES'!C:D,2,0))","v":80.849999999999994},145.53]
["Insumo",6298,"SINAPI","TE DE FERRO GALVANIZADO, DE 2\"","Material",null,"UN",1,{"$f":"IF(C222=\"SINAPI\", IF( IF(A222=\"Insumo\", VLOOKUP(B222,'SINAPI INSUMOS'!B:J,6,0), VLOOKUP(B222,'SINAPI COMP'!B:M,6,0))=0,VLOOKUP(B222,'OUTRAS BASES'!C:D,2,0),IF(A222=\"Insumo\", VLOOKUP(B222,'SINAPI INSUMOS'!B:J,6,0),VLOOKUP(B222,'SINAPI COMP'!B:M,6,0))), VLOOKUP(B222,'OUTRAS BASES'!C:D,2,0))","v":64.239999999999995},64.239999999999995]
["Insumo",3471,"SINAPI","COTOVELO 90 GRAUS DE FERRO GALVANIZADO, COM ROSCA BSP, DE 2\"","Material",null,"UN",1,{"$f":"IF(C223=\"SINAPI\", IF( IF(A223=\"Insumo\", VLOOKUP(B223,'SINAPI INSUMOS'!B:J,6,0), VLOOKUP(B223,'SINAPI COMP'!B:M,6,0))=0,VLOOKUP(B223,'OUTRAS BASES'!C:D,2,0),IF(A223=\"Insumo\", VLOOKUP(B223,'SINAPI INSUMOS'!B:J,6,0),VLOOKUP(B223,'SINAPI COMP'!B:M,6,0))), VLOOKUP(B223,'OUTRAS BASES'!C:D,2,0))","v":48.32},48.32]
["Insumo",113,"SINAPI","ADAPTADOR PVC SOLDAVEL CURTO COM BOLSA E ROSCA, 60 MM X 2\", PARA AGUA FRIA","Material",null,"UN",1,{"$f":"IF(C224=\"SINAPI\", IF( IF(A224=\"Insumo\", VLOOKUP(B224,'SINAPI INSUMOS'!B:J,6,0), VLOOKUP(B224,'SINAPI COMP'!B:M,6,0))=0,VLOOKUP(B224,'OUTRAS BASES'!C:D,2,0),IF(A224=\"Insumo\", VLOOKUP(B224,'SINAPI INSUMOS'!B:J,6,0),VLOOKUP(B224,'SINAPI COMP'!B:M,6,0))), VLOOKUP(B224,'OUTRAS BASES'!C:D,2,0))","v":11.19},11.19]
["Insumo",818,"SINAPI","BUCHA DE REDUCAO DE PVC, SOLDAVEL, CURTA, COM 60 X 50 MM, PARA AGUA FRIA PREDIAL","Material",null,"UN",1,{"$f":"IF(C225=\"SINAPI\", IF( IF(A225=\"Insumo\", VLOOKUP(B225,'SINAPI INSUMOS'!B:J,6,0), VLOOKUP(B225,'SINAPI COMP'!B:M,6,0))=0,VLOOKUP(B225,'OUTRAS BASES'!C:D,2,0),IF(A225=\"Insumo\", VLOOKUP(B225,'SINAPI INSUMOS'!B:J,6,0),VLOOKUP(B225,'SINAPI COMP'!B:M,6,0))), VLOOKUP(B225,'OUTRAS BASES'!C:D,2,0))","v":6.83},6.83]
["Insumo",7604,"SINAPI","TORNEIRA METALICA CROMADA PARA TANQUE / JARDIM, SEM BICO , CANO LONGO, DE PAREDE, PADRAO POPULAR / USO GERAL, 1/2 \" OU 3/4 \" (REF 1126)","Material",null,"UN",2,{"$f":"IF(C226=\"SINAPI\", IF( IF(A226=\"Insumo\", VLOOKUP(B226,'SINAPI INSUMOS'!B:J,6,0), VLOOKUP(B226,'SINAPI COMP'!B:M,6,0))=0,VLOOKUP(B226,'OUTRAS BASES'!C:D,2,0),IF(A226=\"Insumo\", VLOOKUP(B226,'SINAPI INSUMOS'!B:J,6,0),VLOOKUP(B226,'SINAPI COMP'!B:M,6,0))), VLOOKUP(B226,'OUTRAS BASES'!C:D,2,0))","v":55.63},111.26]
["Insumo",119,"SINAPI","ADESIVO PLASTICO PARA PVC, BISNAGA COM 75 GR","Material",null,"UN",1,{"$f":"IF(C227=\"SINAPI\", IF( IF(A227=\"Insumo\", VLOOKUP(B227,'SINAPI INSUMOS'!B:J,6,0), VLOOKUP(B227,'SINAPI COMP'!B:M,6,0))=0,VLOOKUP(B227,'OUTRAS BASES'!C:D,2,0),IF(A227=\"Insumo\", VLOOKUP(B227,'SINAPI INSUMOS'!B:J,6,0),VLOOKUP(B227,'SINAPI COMP'!B:M,6,0))), VLOOKUP(B227,'OUTRAS BASES'!C:D,2,0))","v":8.5},8.5]
["Insumo",3146,"SINAPI","FITA VEDA ROSCA EM ROLOS DE 18 MM X 10 M (L X C)","Material",null,"UN",1,{"$f":"IF(C228=\"SINAPI\", IF( IF(A228=\"Insumo\", VLOOKUP(B228,'SINAPI INSUMOS'!B:J,6,0), VLOOKUP(B228,'SINAPI COMP'!B:M,6,0))=0,VLOOKUP(B228,'OUTRAS BASES'!C:D,2,0),IF(A228=\"Insumo\", VLOOKUP(B228,'SINAPI INSUMOS'!B:J,6,0),VLOOKUP(B228,'SINAPI COMP'!B:M,6,0))), VLOOKUP(B228,'OUTRAS BASES'!C:D,2,0))","v":4},4]
["Insumo",771,"SINAPI","BUCHA DE REDUCAO DE FERRO GALVANIZADO, COM ROSCA BSP, DE 2\" X 1\"","Material",null,"UN",2,{"$f":"IF(C229=\"SINAPI\", IF( IF(A229=\"Insumo\", VLOOKUP(B229,'SINAPI INSUMOS'!B:J,6,0), VLOOKUP(B229,'SINAPI COMP'!B:M,6,0))=0,VLOOKUP(B229,'OUTRAS BASES'!C:D,2,0),IF(A229=\"Insumo\", VLOOKUP(B229,'SINAPI INSUMOS'!B:J,6,0),VLOOKUP(B229,'SINAPI COMP'!B:M,6,0))), VLOOKUP(B229,'OUTRAS BASES'!C:D,2,0))","v":26.9},53.8]
[]
[]
[]
[]
[" 8 ",null,null,"CAVALETE"]
[" 8.1 ","Código","Banco","Descrição","Tipo",null,"Und","Quant.","Valor Unit","Total"]
["Composição","COMPOSIÇÃO - 15","Próprio","Fornecimento de conexões e Instalação do Cavalete com hidrômetro e clorador de pastilhas","INHI - INSTALAÇÕES HIDROS SANITÁRIAS",null,"un",1,{"$f":"SUM(J237:J254)","v":1872.78},{"$f":"I236*H236","v":1872.78}]
["Composição Auxiliar",88248,"SINAPI","AUXILIAR DE ENCANADOR OU BOMBEIRO HIDRÁULICO COM ENCARGOS COMPLEMENTARES","Livro SINAPI: Cálculos e Parâmetros",null,"H",3,{"$f":"IF(C237=\"SINAPI\", IF( IF(A237=\"Insumo\", VLOOKUP(B237,'SINAPI INSUMOS'!B:J,6,0), VLOOKUP(B237,'SINAPI COMP'!B:M,6,0))=0,VLOOKUP(B237,'OUTRAS BASES'!C:D,2,0),IF(A237=\"Insumo\", VLOOKUP(B237,'SINAPI INSUMOS'!B:J,6,0),VLOOKUP(B237,'SINAPI COMP'!B:M,6,0))), VLOOKUP(B237,'OUTRAS BASES'!C:D,2,0))","v":24.51},73.53]
["Insumo","9860/SINAPI","ORSE","TUBO PVC, ROSCAVEL, 2\", PARA AGUA FRIA PREDIAL","Tubos e Conexões de PVC Rígido Roscável ",null,"m",1.5,{"$f":"IF(C238=\"SINAPI\", IF( IF(A238=\"Insumo\", VLOOKUP(B238,'SINAPI INSUMOS'!B:J,6,0), VLOOKUP(B238,'SINAPI COMP'!B:M,6,0))=0,VLOOKUP(B238,'OUTRAS BASES'!C:D,2,0),IF(A238=\"Insumo\", VLOOKUP(B238,'SINAPI INSUMOS'!B:J,6,0),VLOOKUP(B238,'SINAPI COMP'!B:M,6,0))), VLOOKUP(B238,'OUTRAS BASES'!C:D,2,0))","v":42.22},63.33]
["Insumo",11831,"SINAPI","TORNEIRA PLASTICA PARA TANQUE 1/2 \" OU 3/4 \" COM BICO PARA MANGUEIRA","Material",null,"UN",1,{"$f":"IF(C239=\"SINAPI\", IF( IF(A239=\"Insumo\", VLOOKUP(B239,'SINAPI INSUMOS'!B:J,6,0), VLOOKUP(B239,'SINAPI COMP'!B:M,6,0))=0,VLOOKUP(B239,'OUTRAS BASES'!C:D,2,0),IF(A239=\"Insumo\", VLOOKUP(B239,'SINAPI INSUMOS'!B:J,6,0),VLOOKUP(B239,'SINAPI COMP'!B:M,6,0))), VLOOKUP(B239,'OUTRAS BASES'!C:D,2,0))","v":13.58},13.58]
["Insumo",9569,"ORSE","Adaptador pvc BSxRM d= 35mm x 1 1/2\", linha Irriga-LF, Tigre ou similar un","Material",null,"un",1,{"$f":"IF(C240=\"SINAPI\", IF( IF(A240=\"Insumo\", VLOOKUP(B240,'SINAPI INSUMOS'!B:J,6,0), VLOOKUP(B240,'SINAPI COMP'!B:M,6,0))=0,VLOOKUP(B240,'OUTRAS BASES'!C:D,2,0),IF(A240=\"Insumo\", VLOOKUP(B240,'SINAPI INSUMOS'!B:J,6,0),VLOOKUP(B240,'SINAPI COMP'!B:M,6,0))), VLOOKUP(B240,'OUTRAS BASES'!C:D,2,0))","v":3.04},3.04]
["Insumo",3939,"SINAPI","LUVA DE FERRO GALVANIZADO, COM ROSCA BSP, DE 1 1/2\"","Material",null,"UN",1,{"$f":"IF(C241=\"SINAPI\", IF( IF(A241=\"Insumo\", VLOOKUP(B241,'SINAPI INSUMOS'!B:J,6,0), VLOOKUP(B241,'SINAPI COMP'!B:M,6,0))=0,VLOOKUP(B241,'OUTRAS BASES'!C:D,2,0),IF(A241=\"Insumo\", VLOOKUP(B241,'SINAPI INSUMOS'!B:J,6,0),VLOOKUP(B241,'SINAPI COMP'!B:M,6,0))), VLOOKUP(B241,'OUTRAS BASES'!C:D,2,0))","v":22.21},22.21]
["Insumo",1798,"SINAPI","CURVA 90 GRAUS DE FERRO GALVANIZADO, COM ROSCA BSP MACHO, DE 2\"","Material",null,"UN",1,{"$f":"IF(C242=\"SINAPI\", IF( IF(A242=\"Insumo\", VLOOKUP(B242,'SINAPI INSUMOS'!B:J,6,0), VLOOKUP(B242,'SINAPI COMP'!B:M,6,0))=0,VLOOKUP(B242,'OUTRAS BASES'!C:D,2,0),IF(A242=\"Insumo\", VLOOKUP(B242,'SINAPI INSUMOS'!B:J,6,0),VLOOKUP(B242,'SINAPI COMP'!B:M,6,0))), VLOOKUP(B242,'OUTRAS BASES'!C:D,2,0))","v":123.81},123.81]
["Insumo",9887,"SINAPI","UNIAO DE FERRO GALVANIZADO, COM ROSCA BSP, COM ASSENTO PLANO, DE 2\"","Material",null,"UN",1,{"$f":"IF(C243=\"SINAPI\", IF( IF(A243=\"Insumo\", VLOOKUP(B243,'SINAPI INSUMOS'!B:J,6,0), VLOOKUP(B243,'SINAPI COMP'!B:M,6,0))=0,VLOOKUP(B243,'OUTRAS BASES'!C:D,2,0),IF(A243=\"Insumo\", VLOOKUP(B243,'SINAPI INSUMOS'!B:J,6,0),VLOOKUP(B243,'SINAPI COMP'!B:M,6,0))), VLOOKUP(B243,'OUTRAS BASES'!C:D,2,0))","v":98.64},98.64]
["Insumo"," 00004181/SINAPI ","ORSE","Niple de ferro galvanizado, com rosca bsp, de 2\"","Material",null,"un",2,{"$f":"IF(C244=\"SINAPI\", IF( IF(A244=\"Insumo\", VLOOKUP(B244,'SINAPI INSUMOS'!B:J,6,0), VLOOKUP(B244,'SINAPI COMP'!B:M,6,0))=0,VLOOKUP(B244,'OUTRAS BASES'!C:D,2,0),IF(A244=\"Insumo\", VLOOKUP(B244,'SINAPI INSUMOS'!B:J,6,0),VLOOKUP(B244,'SINAPI COMP'!B:M,6,0))), VLOOKUP(B244,'OUTRAS BASES'!C:D,2,0))","v":36.64},73.28]
["Insumo",6028,"SINAPI","REGISTRO GAVETA BRUTO EM LATAO FORJADO, BITOLA 2 \" (REF 1509)","Material",null,"UN",1,{"$f":"IF(C245=\"SINAPI\", IF( IF(A245=\"Insumo\", VLOOKUP(B245,'SINAPI INSUMOS'!B:J,6,0), VLOOKUP(B245,'SINAPI COMP'!B:M,6,0))=0,VLOOKUP(B245,'OUTRAS BASES'!C:D,2,0),IF(A245=\"Insumo\", VLOOKUP(B245,'SINAPI INSUMOS'!B:J,6,0),VLOOKUP(B245,'SINAPI COMP'!B:M,6,0))), VLOOKUP(B245,'OUTRAS BASES'!C:D,2,0))","v":142.87},142.87]
["Insumo",12775,"SINAPI","HIDROMETRO MULTIJATO / MEDIDOR DE AGUA, DN 1\", VAZAO MAXIMA DE 7 M3/H, PARA AGUA POTAVEL FRIA, RELOJOARIA PLANA, CLASSE B, HORIZONTAL (SEM CONEXOES)","Material",null,"UN",1,{"$f":"IF(C246=\"SINAPI\", IF( IF(A246=\"Insumo\", VLOOKUP(B246,'SINAPI INSUMOS'!B:J,6,0), VLOOKUP(B246,'SINAPI COMP'!B:M,6,0))=0,VLOOKUP(B246,'OUTRAS BASES'!C:D,2,0),IF(A246=\"Insumo\", VLOOKUP(B246,'SINAPI INSUMOS'!B:J,6,0),VLOOKUP(B246,'SINAPI COMP'!B:M,6,0))), VLOOKUP(B246,'OUTRAS BASES'!C:D,2,0))","v":420.58},420.58]
["Insumo",771,"SINAPI","BUCHA DE REDUCAO DE FERRO GALVANIZADO, COM ROSCA BSP, DE 2\" X 1\"","Material",null,"UN",2,{"$f":"IF(C247=\"SINAPI\", IF( IF(A247=\"Insumo\", VLOOKUP(B247,'SINAPI INSUMOS'!B:J,6,0), VLOOKUP(B247,'SINAPI COMP'!B:M,6,0))=0,VLOOKUP(B247,'OUTRAS BASES'!C:D,2,0),IF(A247=\"Insumo\", VLOOKUP(B247,'SINAPI INSUMOS'!B:J,6,0),VLOOKUP(B247,'SINAPI COMP'!B:M,6,0))), VLOOKUP(B247,'OUTRAS BASES'!C:D,2,0))","v":26.9},53.8]
["Insumo",6305,"SINAPI","TE DE REDUCAO DE FERRO GALVANIZADO, COM ROSCA BSP, DE 2\" X 1\"","Material",null,"UN",1,{"$f":"IF(C248=\"SINAPI\", IF( IF(A248=\"Insumo\", VLOOKUP(B248,'SINAPI INSUMOS'!B:J,6,0), VLOOKUP(B248,'SINAPI COMP'!B:M,6,0))=0,VLOOKUP(B248,'OUTRAS BASES'!C:D,2,0),IF(A248=\"Insumo\", VLOOKUP(B248,'SINAPI INSUMOS'!B:J,6,0),VLOOKUP(B248,'SINAPI COMP'!B:M,6,0))), VLOOKUP(B248,'OUTRAS BASES'!C:D,2,0))","v":71.12},71.12]
["Insumo",764,"SINAPI","BUCHA DE REDUCAO DE FERRO GALVANIZADO, COM ROSCA BSP, DE 1\" X 1/2\"\t","Material",null,"UN",1,{"$f":"IF(C249=\"SINAPI\", IF( IF(A249=\"Insumo\", VLOOKUP(B249,'SINAPI INSUMOS'!B:J,6,0), VLOOKUP(B249,'SINAPI COMP'!B:M,6,0))=0,VLOOKUP(B249,'OUTRAS BASES'!C:D,2,0),IF(A249=\"Insumo\", VLOOKUP(B249,'SINAPI INSUMOS'!B:J,6,0),VLOOKUP(B249,'SINAPI COMP'!B:M,6,0))), VLOOKUP(B249,'OUTRAS BASES'!C:D,2,0))","v":9.69},9.69]
["Insumo",5128,"ORSE","Tampa de poço galvanizada em 6\"","Material",null,"UN",1,{"$f":"IF(C250=\"SINAPI\", IF( IF(A250=\"Insumo\", VLOOKUP(B250,'SINAPI INSUMOS'!B:J,6,0), VLOOKUP(B250,'SINAPI COMP'!B:M,6,0))=0,VLOOKUP(B250,'OUTRAS BASES'!C:D,2,0),IF(A250=\"Insumo\", VLOOKUP(B250,'SINAPI INSUMOS'!B:J,6,0),VLOOKUP(B250,'SINAPI COMP'!B:M,6,0))), VLOOKUP(B250,'OUTRAS BASES'!C:D,2,0))","v":107.28},107.28]
["Insumo",1160,"ORSE","Joelho 45° ferro galvanizado d=2\"","Material",null,"UN",2,{"$f":"IF(C251=\"SINAPI\", IF( IF(A251=\"Insumo\", VLOOKUP(B251,'SINAPI INSUMOS'!B:J,6,0), VLOOKUP(B251,'SINAPI COMP'!B:M,6,0))=0,VLOOKUP(B251,'OUTRAS BASES'!C:D,2,0),IF(A251=\"Insumo\", VLOOKUP(B251,'SINAPI INSUMOS'!B:J,6,0),VLOOKUP(B251,'SINAPI COMP'!B:M,6,0))), VLOOKUP(B251,'OUTRAS BASES'!C:D,2,0))","v":54.39},108.78]
["Insumo",53688,"SBC","VALVULA DE RETENCAO HORIZONTAL EM LATAO, ROSCA BSP 2\"\t","Material",null,"UN",1,{"$f":"IF(C252=\"SINAPI\", IF( IF(A252=\"Insumo\", VLOOKUP(B252,'SINAPI INSUMOS'!B:J,6,0), VLOOKUP(B252,'SINAPI COMP'!B:M,6,0))=0,VLOOKUP(B252,'OUTRAS BASES'!C:D,2,0),IF(A252=\"Insumo\", VLOOKUP(B252,'SINAPI INSUMOS'!B:J,6,0),VLOOKUP(B252,'SINAPI COMP'!B:M,6,0))), VLOOKUP(B252,'OUTRAS BASES'!C:D,2,0))","v":192.66},{"$f":"I252*H252","v":192.66}]
["Insumo",4194,"SINAPI","NIPLE DE REDUCAO DE FERRO GALVANIZADO, COM ROSCA BSP, DE 2\" X 1 1/2\"","Material",null,"UN",1,{"$f":"IF(C253=\"SINAPI\", IF( IF(A253=\"Insumo\", VLOOKUP(B253,'SINAPI INSUMOS'!B:J,6,0), VLOOKUP(B253,'SINAPI COMP'!B:M,6,0))=0,VLOOKUP(B253,'OUTRAS BASES'!C:D,2,0),IF(A253=\"Insumo\", VLOOKUP(B253,'SINAPI INSUMOS'!B:J,6,0),VLOOKUP(B253,'SINAPI COMP'!B:M,6,0))), VLOOKUP(B253,'OUTRAS BASES'!C:D,2,0))","v":43.61},{"$f":"I253*H253","v":43.61}]
["Insumo",12464,"ORSE","Clorador dosador de cloro de pastilhas automático","Material",null,"un",1,{"$f":"IF(C254=\"SINAPI\", IF( IF(A254=\"Insumo\", VLOOKUP(B254,'SINAPI INSUMOS'!B:J,6,0), VLOOKUP(B254,'SINAPI COMP'!B:M,6,0))=0,VLOOKUP(B254,'OUTRAS BASES'!C:D,2,0),IF(A254=\"Insumo\", VLOOKUP(B254,'SINAPI INSUMOS'!B:J,6,0),VLOOKUP(B254,'SINAPI COMP'!B:M,6,0))), VLOOKUP(B254,'OUTRAS BASES'!C:D,2,0))","v":250.97},{"$f":"I254*H254","v":250.97}]
[]
[]
[]
[]
[" 9 ",null,null,"INSTALAÇÕES HIDRÁULICAS POÇO E ADUTORA"]
[" 9.1 ","Código","Banco","Descrição","Tipo",null,"Und","Quant.","Valor Unit","Total"]
["Composição","COMPOSIÇÃO - 16","Próprio","Instalação da rede adutora poço-reservatório-bebedouro em PN80 e DN50MM","SEDI - SERVIÇOS DIVERSOS",null,"m",1,{"$f":"SUM(J262:J264)","v":6.2070000000000007},{"$f":"I261*H261","v":6.2070000000000007}]
["Composição Auxiliar",88316,"SINAPI","SERVENTE COM ENCARGOS COMPLEMENTARES","Livro SINAPI: Cálculos e Parâmetros",null,"H",0.05,{"$f":"IF(C262=\"SINAPI\", IF( IF(A262=\"Insumo\", VLOOKUP(B262,'SINAPI INSUMOS'!B:J,6,0), VLOOKUP(B262,'SINAPI COMP'!B:M,6,0))=0,VLOOKUP(B262,'OUTRAS BASES'!C:D,2,0),IF(A262=\"Insumo\", VLOOKUP(B262,'SINAPI INSUMOS'!B:J,6,0),VLOOKUP(B262,'SINAPI COMP'!B:M,6,0))), VLOOKUP(B262,'OUTRAS BASES'!C:D,2,0))","v":21.62},1.0810000000000002]
["Composição Auxiliar",93358,"SINAPI","ESCAVAÇÃO MANUAL DE VALA COM PROFUNDIDADE MENOR OU IGUAL A 1,30 M. AF_02/2021","Escavação de Valas",null,"m³",0.05,{"$f":"IF(C263=\"SINAPI\", IF( IF(A263=\"Insumo\", VLOOKUP(B263,'SINAPI INSUMOS'!B:J,6,0), VLOOKUP(B263,'SINAPI COMP'!B:M,6,0))=0,VLOOKUP(B263,'OUTRAS BASES'!C:D,2,0),IF(A263=\"Insumo\", VLOOKUP(B263,'SINAPI INSUMOS'!B:J,6,0),VLOOKUP(B263,'SINAPI COMP'!B:M,6,0))), VLOOKUP(B263,'OUTRAS BASES'!C:D,2,0))","v":85.52},4.2759999999999998]
["Insumo",119,"SINAPI","ADESIVO PLASTICO PARA PVC, BISNAGA COM 75 GR","Material",null,"UN",0.1,{"$f":"IF(C264=\"SINAPI\", IF( IF(A264=\"Insumo\", VLOOKUP(B264,'SINAPI INSUMOS'!B:J,6,0), VLOOKUP(B264,'SINAPI COMP'!B:M,6,0))=0,VLOOKUP(B264,'OUTRAS BASES'!C:D,2,0),IF(A264=\"Insumo\", VLOOKUP(B264,'SINAPI INSUMOS'!B:J,6,0),VLOOKUP(B264,'SINAPI COMP'!B:M,6,0))), VLOOKUP(B264,'OUTRAS BASES'!C:D,2,0))","v":8.5},0.85000000000000009]
[]
[" 9.2 ","Código","Banco","Descrição","Tipo",null,"Und","Quant.","Valor Unit","Total"]
["Insumo",9875,"SINAPI","TUBO PVC, SOLDAVEL, DE 50 MM, AGUA FRIA (NBR-5648)","MATERIAL",null,"un",1,{"$f":"IF(C267=\"SINAPI\", IF( IF(A267=\"Insumo\", VLOOKUP(B267,'SINAPI INSUMOS'!B:J,6,0), VLOOKUP(B267,'SINAPI COMP'!B:M,6,0))=0,VLOOKUP(B267,'OUTRAS BASES'!C:D,2,0),IF(A267=\"Insumo\", VLOOKUP(B267,'SINAPI INSUMOS'!B:J,6,0),VLOOKUP(B267,'SINAPI COMP'!B:M,6,0))), VLOOKUP(B267,'OUTRAS BASES'!C:D,2,0))","v":15.46},{"$f":"I267*H267","v":15.46}]
[]
[]
[]
[]
[" 9.3","Código","Banco","Descrição","Tipo",null,"Und","Quant.","Valor Unit","Total"]
["Composição","COMPOSIÇÃO - 17","Próprio","Montagem hidráulica do equipamento de bombeamento","INHI - INSTALAÇÕES HIDROS SANITÁRIAS",null,"un",1,{"$f":"SUM(J274:J275)","v":164.37},{"$f":"I273*H273","v":164.37}]
["Composição Auxiliar",88267,"SINAPI","ENCANADOR OU BOMBEIRO HIDRÁULICO COM ENCARGOS COMPLEMENTARES","Livro SINAPI: Cálculos e Parâmetros",null,"H",3,{"$f":"IF(C274=\"SINAPI\", IF( IF(A274=\"Insumo\", VLOOKUP(B274,'SINAPI INSUMOS'!B:J,6,0), VLOOKUP(B274,'SINAPI COMP'!B:M,6,0))=0,VLOOKUP(B274,'OUTRAS BASES'!C:D,2,0),IF(A274=\"Insumo\", VLOOKUP(B274,'SINAPI INSUMOS'!B:J,6,0),VLOOKUP(B274,'SINAPI COMP'!B:M,6,0))), VLOOKUP(B274,'OUTRAS BASES'!C:D,2,0))","v":30.28},90.84]
["Composição Auxiliar",88248,"SINAPI","AUXILIAR DE ENCANADOR OU BOMBEIRO HIDRÁULICO COM ENCARGOS COMPLEMENTARES","Livro SINAPI: Cálculos e Parâmetros",null,"H",3,{"$f":"IF(C275=\"SINAPI\", IF( IF(A275=\"Insumo\", VLOOKUP(B275,'SINAPI INSUMOS'!B:J,6,0), VLOOKUP(B275,'SINAPI COMP'!B:M,6,0))=0,VLOOKUP(B275,'OUTRAS BASES'!C:D,2,0),IF(A275=\"Insumo\", VLOOKUP(B275,'SINAPI INSUMOS'!B:J,6,0),VLOOKUP(B275,'SINAPI COMP'!B:M,6,0))), VLOOKUP(B275,'OUTRAS BASES'!C:D,2,0))","v":24.51},73.53]
[]
[]
[]
[]
[" 9.4","Código","Banco","Descrição","Tipo",null,"Und","Quant.","Valor Unit","Total"]
["Insumo",38200,"SINAPI","CORDA DE POLIAMIDA 12 MM TIPO BOMBEIRO, PARA TRABALHO EM ALTURA","Material",null,"100M",1,{"$f":"IF(C281=\"SINAPI\", IF( IF(A281=\"Insumo\", VLOOKUP(B281,'SINAPI INSUMOS'!B:J,6,0), VLOOKUP(B281,'SINAPI COMP'!B:M,6,0))=0,VLOOKUP(B281,'OUTRAS BASES'!C:D,2,0),IF(A281=\"Insumo\", VLOOKUP(B281,'SINAPI INSUMOS'!B:J,6,0),VLOOKUP(B281,'SINAPI COMP'!B:M,6,0))), VLOOKUP(B281,'OUTRAS BASES'!C:D,2,0))","v":477.34},{"$f":"I281*H281","v":477.34}]
[]
[]
[]
[]
[" 9.5","Código","Banco","Descrição","Tipo",null,"Und","Quant.","Valor Unit","Total"]
["Insumo",9860,"SINAPI","TUBO PVC, ROSCAVEL,  2\", PARA AGUA FRIA PREDIAL","Material",null,"M",1,{"$f":"IF(C287=\"SINAPI\", IF( IF(A287=\"Insumo\", VLOOKUP(B287,'SINAPI INSUMOS'!B:J,6,0), VLOOKUP(B287,'SINAPI COMP'!B:M,6,0))=0,VLOOKUP(B287,'OUTRAS BASES'!C:D,2,0),IF(A287=\"Insumo\", VLOOKUP(B287,'SINAPI INSUMOS'!B:J,6,0),VLOOKUP(B287,'SINAPI COMP'!B:M,6,0))), VLOOKUP(B287,'OUTRAS BASES'!C:D,2,0))","v":44.92},{"$f":"I287*H287","v":44.92}]
[]
[]
[]
[]
[" 9.6","Código","Banco","Descrição","Tipo",null,"Und","Quant.","Valor Unit","Total"]
["Insumo",3912,"SINAPI","LUVA DE FERRO GALVANIZADO, COM ROSCA BSP, DE 2\"","Material",null,"UN",1,{"$f":"IF(C293=\"SINAPI\", IF( IF(A293=\"Insumo\", VLOOKUP(B293,'SINAPI INSUMOS'!B:J,6,0), VLOOKUP(B293,'SINAPI COMP'!B:M,6,0))=0,VLOOKUP(B293,'OUTRAS BASES'!C:D,2,0),IF(A293=\"Insumo\", VLOOKUP(B293,'SINAPI INSUMOS'!B:J,6,0),VLOOKUP(B293,'SINAPI COMP'!B:M,6,0))), VLOOKUP(B293,'OUTRAS BASES'!C:D,2,0))","v":34.020000000000003},{"$f":"I293*H293","v":34.020000000000003}]
[]
[]
[]
[]
[" 9.7","Código","Banco","Descrição","Tipo",null,"Und","Quant.","Valor Unit","Total"]
["Insumo",5128,"ORSE","Tampa de poço galvanizada em 6\" un","Serviços",null,"un",1,{"$f":"IF(C299=\"SINAPI\", IF( IF(A299=\"Insumo\", VLOOKUP(B299,'SINAPI INSUMOS'!B:J,6,0), VLOOKUP(B299,'SINAPI COMP'!B:M,6,0))=0,VLOOKUP(B299,'OUTRAS BASES'!C:D,2,0),IF(A299=\"Insumo\", VLOOKUP(B299,'SINAPI INSUMOS'!B:J,6,0),VLOOKUP(B299,'SINAPI COMP'!B:M,6,0))), VLOOKUP(B299,'OUTRAS BASES'!C:D,2,0))","v":107.28},{"$f":"I299*H299","v":107.28}]
[]
[]
[]
[]
[10,null,null,"ESTRUTURA DE FIXAÇÃO PARA MÓDULOS FOTOVOLTÁICOS"]
["10.1","Código","Banco","Descrição","Tipo",null,"Und","Quant.","Valor Unit","Total"]
["Composição","COMPOSIÇÃO - 18","Próprio","Serviço de fixação de estruturas para os módulos fotovoltaicos e suportes de concreto, incluso materiais.","SEDI - SERVIÇOS DIVERSOS",null,"m²",1,{"$f":"SUM(J307:J309)","v":105.48870399999998},{"$f":"I306*H306","v":105.48870399999998}]
["Composição Auxiliar",94975,"SINAPI","CONCRETO FCK = 15MPA, TRAÇO 1:3,4:3,5 (EM MASSA SECA DE CIMENTO/ AREIA MÉDIA/ BRITA 1) - PREPARO MANUAL. AF_05/2021","Produção de Concreto",null,"m³",0.09,{"$f":"IF(C307=\"SINAPI\", IF( IF(A307=\"Insumo\", VLOOKUP(B307,'SINAPI INSUMOS'!B:J,6,0), VLOOKUP(B307,'SINAPI COMP'!B:M,6,0))=0,VLOOKUP(B307,'OUTRAS BASES'!C:D,2,0),IF(A307=\"Insumo\", VLOOKUP(B307,'SINAPI INSUMOS'!B:J,6,0),VLOOKUP(B307,'SINAPI COMP'!B:M,6,0))), VLOOKUP(B307,'OUTRAS BASES'!C:D,2,0))","v":578.54999999999995},52.069499999999991]
["Composição Auxiliar",96522,"SINAPI","ESCAVAÇÃO MANUAL PARA BLOCO DE COROAMENTO OU SAPATA (SEM ESCAVAÇÃO PARA COLOCAÇÃO DE FÔRMAS). AF_01/2024","Fundações Rasas (Blocos, Sapatas, Vigas Baldrame)",null,"m³",6.1999999999999998E-3,{"$f":"IF(C308=\"SINAPI\", IF( IF(A308=\"Insumo\", VLOOKUP(B308,'SINAPI INSUMOS'!B:J,6,0), VLOOKUP(B308,'SINAPI COMP'!B:M,6,0))=0,VLOOKUP(B308,'OUTRAS BASES'!C:D,2,0),IF(A308=\"Insumo\", VLOOKUP(B308,'SINAPI INSUMOS'!B:J,6,0),VLOOKUP(B308,'SINAPI COMP'!B:M,6,0))), VLOOKUP(B308,'OUTRAS BASES'!C:D,2,0))","v":143.41999999999999},0.88920399999999988]
["Insumo",4183,"SBC","ESTRUTURA METALICA EM TESOURAS OU TRELICAS, VÃO LIVRE DE 12M, FORNECIMENTO E MONTAGEM ","Material",null,"m²",1,{"$f":"IF(C309=\"SINAPI\", IF( IF(A309=\"Insumo\", VLOOKUP(B309,'SINAPI INSUMOS'!B:J,6,0), VLOOKUP(B309,'SINAPI COMP'!B:M,6,0))=0,VLOOKUP(B309,'OUTRAS BASES'!C:D,2,0),IF(A309=\"Insumo\", VLOOKUP(B309,'SINAPI INSUMOS'!B:J,6,0),VLOOKUP(B309,'SINAPI COMP'!B:M,6,0))), VLOOKUP(B309,'OUTRAS BASES'!C:D,2,0))","v":52.53},52.53]
[]
[]
[]
[]
[11,null,null,"INSTALAÇÕES ELÉTRICAS"]
["11.1","Código","Banco","Descrição","Tipo",null,"Und","Quant.","Valor Unit","Total"]
["Composição","COMPOSIÇÃO - 19","Próprio","Montagem e instalação elétrica do kit de bombeamento e sistema fotovoltaico inclusive sistema de aterramento.","INEL - INSTALAÇÃO ELÉTRICA/ELETRIFICAÇÃO E ILUMINAÇÃO EXTERNA",null,"un",1,{"$f":"SUM(J317:J327)","v":1055.3058000000001},{"$f":"I316*H316","v":1055.3058000000001}]
["Composição Auxiliar",88247,"SINAPI","AUXILIAR DE ELETRICISTA COM ENCARGOS COMPLEMENTARES","Livro SINAPI: Cálculos e Parâmetros",null,"H",8,{"$f":"IF(C317=\"SINAPI\", IF( IF(A317=\"Insumo\", VLOOKUP(B317,'SINAPI INSUMOS'!B:J,6,0), VLOOKUP(B317,'SINAPI COMP'!B:M,6,0))=0,VLOOKUP(B317,'OUTRAS BASES'!C:D,2,0),IF(A317=\"Insumo\", VLOOKUP(B317,'SINAPI INSUMOS'!B:J,6,0),VLOOKUP(B317,'SINAPI COMP'!B:M,6,0))), VLOOKUP(B317,'OUTRAS BASES'!C:D,2,0))","v":25.54},204.32]
["Insumo",20111,"SINAPI","FITA ISOLANTE ADESIVA ANTICHAMA, USO ATE 750 V, EM ROLO DE 19 MM X 20 M","Material",null,"UN",1,{"$f":"IF(C318=\"SINAPI\", IF( IF(A318=\"Insumo\", VLOOKUP(B318,'SINAPI INSUMOS'!B:J,6,0), VLOOKUP(B318,'SINAPI COMP'!B:M,6,0))=0,VLOOKUP(B318,'OUTRAS BASES'!C:D,2,0),IF(A318=\"Insumo\", VLOOKUP(B318,'SINAPI INSUMOS'!B:J,6,0),VLOOKUP(B318,'SINAPI COMP'!B:M,6,0))), VLOOKUP(B318,'OUTRAS BASES'!C:D,2,0))","v":10},10]
["Insumo",2674,"SINAPI","FORNECIMENTO DE  ELETRODUTO DE PVC RIGIDO ROSCAVEL DE 3/4 \", SEM LUVA","Material",null,"M",15,{"$f":"IF(C319=\"SINAPI\", IF( IF(A319=\"Insumo\", VLOOKUP(B319,'SINAPI INSUMOS'!B:J,6,0), VLOOKUP(B319,'SINAPI COMP'!B:M,6,0))=0,VLOOKUP(B319,'OUTRAS BASES'!C:D,2,0),IF(A319=\"Insumo\", VLOOKUP(B319,'SINAPI INSUMOS'!B:J,6,0),VLOOKUP(B319,'SINAPI COMP'!B:M,6,0))), VLOOKUP(B319,'OUTRAS BASES'!C:D,2,0))","v":4.7},70.5]
["Insumo",12034,"SINAPI","FORNECIMENTO DE  CURVA 180 GRAUS, DE PVC RIGIDO ROSCAVEL, DE 3/4\", PARA ELETRODUTO","Material",null,"UN",1,{"$f":"IF(C320=\"SINAPI\", IF( IF(A320=\"Insumo\", VLOOKUP(B320,'SINAPI INSUMOS'!B:J,6,0), VLOOKUP(B320,'SINAPI COMP'!B:M,6,0))=0,VLOOKUP(B320,'OUTRAS BASES'!C:D,2,0),IF(A320=\"Insumo\", VLOOKUP(B320,'SINAPI INSUMOS'!B:J,6,0),VLOOKUP(B320,'SINAPI COMP'!B:M,6,0))), VLOOKUP(B320,'OUTRAS BASES'!C:D,2,0))","v":4.8499999999999996},4.8499999999999996]
["Insumo",39272,"SINAPI","FORNECIMENTO DE  CURVA 90 GRAUS, CURTA, DE PVC RIGIDO ROSCAVEL, DE 3/4\", PARA ELETRODUTO","Material",null,"UN",2,{"$f":"IF(C321=\"SINAPI\", IF( IF(A321=\"Insumo\", VLOOKUP(B321,'SINAPI INSUMOS'!B:J,6,0), VLOOKUP(B321,'SINAPI COMP'!B:M,6,0))=0,VLOOKUP(B321,'OUTRAS BASES'!C:D,2,0),IF(A321=\"Insumo\", VLOOKUP(B321,'SINAPI INSUMOS'!B:J,6,0),VLOOKUP(B321,'SINAPI COMP'!B:M,6,0))), VLOOKUP(B321,'OUTRAS BASES'!C:D,2,0))","v":2.65},5.3]
["Insumo",3379,"SINAPI","HASTE DE ATERRAMENTO EM ACO COM 3,00 M DE COMPRIMENTO E DN = 5/8\", REVESTIDA COM BAIXA CAMADA DE COBRE, SEM CONECTOR","Material",null,"UN",0.66,{"$f":"IF(C322=\"SINAPI\", IF( IF(A322=\"Insumo\", VLOOKUP(B322,'SINAPI INSUMOS'!B:J,6,0), VLOOKUP(B322,'SINAPI COMP'!B:M,6,0))=0,VLOOKUP(B322,'OUTRAS BASES'!C:D,2,0),IF(A322=\"Insumo\", VLOOKUP(B322,'SINAPI INSUMOS'!B:J,6,0),VLOOKUP(B322,'SINAPI COMP'!B:M,6,0))), VLOOKUP(B322,'OUTRAS BASES'!C:D,2,0))","v":59.63},39.355800000000002]
["Insumo",1891,"SINAPI","FORNECIMENTO DE  LUVA EM PVC RIGIDO ROSCAVEL, DE 3/4\", PARA ELETRODUTO","Material",null,"UN",9,{"$f":"IF(C323=\"SINAPI\", IF( IF(A323=\"Insumo\", VLOOKUP(B323,'SINAPI INSUMOS'!B:J,6,0), VLOOKUP(B323,'SINAPI COMP'!B:M,6,0))=0,VLOOKUP(B323,'OUTRAS BASES'!C:D,2,0),IF(A323=\"Insumo\", VLOOKUP(B323,'SINAPI INSUMOS'!B:J,6,0),VLOOKUP(B323,'SINAPI COMP'!B:M,6,0))), VLOOKUP(B323,'OUTRAS BASES'!C:D,2,0))","v":1.22},10.98]
["Insumo",425,"SINAPI","GRAMPO METALICO TIPO OLHAL PARA HASTE DE ATERRAMENTO DE 5/8'', CONDUTOR DE *10* A 50 MM2","Material",null,"UN",2,{"$f":"IF(C324=\"SINAPI\", IF( IF(A324=\"Insumo\", VLOOKUP(B324,'SINAPI INSUMOS'!B:J,6,0), VLOOKUP(B324,'SINAPI COMP'!B:M,6,0))=0,VLOOKUP(B324,'OUTRAS BASES'!C:D,2,0),IF(A324=\"Insumo\", VLOOKUP(B324,'SINAPI INSUMOS'!B:J,6,0),VLOOKUP(B324,'SINAPI COMP'!B:M,6,0))), VLOOKUP(B324,'OUTRAS BASES'!C:D,2,0))","v":5.65},11.3]
["Insumo",34643,"SINAPI","FORNECIMENTO DE  CAIXA DE INSPECAO PARA ATERRAMENTO E PARA RAIOS, EM POLIPROPILENO,  DIAMETRO = 300 MM X ALTURA = 400 MM","Material",null,"UN",2,{"$f":"IF(C325=\"SINAPI\", IF( IF(A325=\"Insumo\", VLOOKUP(B325,'SINAPI INSUMOS'!B:J,6,0), VLOOKUP(B325,'SINAPI COMP'!B:M,6,0))=0,VLOOKUP(B325,'OUTRAS BASES'!C:D,2,0),IF(A325=\"Insumo\", VLOOKUP(B325,'SINAPI INSUMOS'!B:J,6,0),VLOOKUP(B325,'SINAPI COMP'!B:M,6,0))), VLOOKUP(B325,'OUTRAS BASES'!C:D,2,0))","v":39.89},79.78]
["Insumo",867,"SINAPI","CABO DE COBRE NU 50 MM2 MEIO-DURO","Material",null,"M",7.5,{"$f":"IF(C326=\"SINAPI\", IF( IF(A326=\"Insumo\", VLOOKUP(B326,'SINAPI INSUMOS'!B:J,6,0), VLOOKUP(B326,'SINAPI COMP'!B:M,6,0))=0,VLOOKUP(B326,'OUTRAS BASES'!C:D,2,0),IF(A326=\"Insumo\", VLOOKUP(B326,'SINAPI INSUMOS'!B:J,6,0),VLOOKUP(B326,'SINAPI COMP'!B:M,6,0))), VLOOKUP(B326,'OUTRAS BASES'!C:D,2,0))","v":62.24},466.8]
["Insumo",54581,"SIURB INFRA","DPS - DISPOSITIVO DE PROTEÇÃO CONTRA SURTOS – 45KA – 500 VOLTS - CORRENTE CONTÍNUA - CLASSE II - P/ SISTEMA FOTOVOLTÁICO","Material",null,"Un",1,{"$f":"IF(C327=\"SINAPI\", IF( IF(A327=\"Insumo\", VLOOKUP(B327,'SINAPI INSUMOS'!B:J,6,0), VLOOKUP(B327,'SINAPI COMP'!B:M,6,0))=0,VLOOKUP(B327,'OUTRAS BASES'!C:D,2,0),IF(A327=\"Insumo\", VLOOKUP(B327,'SINAPI INSUMOS'!B:J,6,0),VLOOKUP(B327,'SINAPI COMP'!B:M,6,0))), VLOOKUP(B327,'OUTRAS BASES'!C:D,2,0))","v":152.12},152.12]
[]
[]
[]
[]
["11.2","Código","Banco","Descrição","Tipo",null,"Und","Quant.","Valor Unit","Total"]
["Insumo",34622,"SINAPI","FORNECIMENTO DE  CABO FLEXIVEL PVC 750 V, 3 CONDUTORES DE 6,0 MM2","Material",null,"M",1,{"$f":"IF(C333=\"SINAPI\", IF( IF(A333=\"Insumo\", VLOOKUP(B333,'SINAPI INSUMOS'!B:J,6,0), VLOOKUP(B333,'SINAPI COMP'!B:M,6,0))=0,VLOOKUP(B333,'OUTRAS BASES'!C:D,2,0),IF(A333=\"Insumo\", VLOOKUP(B333,'SINAPI INSUMOS'!B:J,6,0),VLOOKUP(B333,'SINAPI COMP'!B:M,6,0))), VLOOKUP(B333,'OUTRAS BASES'!C:D,2,0))","v":24.47},{"$f":"I333*H333","v":24.47}]
[]
[]
[]
[]
["11.3","Código","Banco","Descrição","Tipo",null,"Und","Quant.","Valor Unit","Total"]
["Composição","COMPOSIÇÃO - 20","Próprio","Fornecimento e instalação de automático de bóia superior e inferior","ASTU - ASSENTAMENTO DE TUBOS E PECAS",null,"un",1,{"$f":"SUM(J340:J344)","v":61.88},{"$f":"I339*H339","v":61.88}]
["Composição Auxiliar",88264,"SINAPI","ELETRICISTA COM ENCARGOS COMPLEMENTARES","Livro SINAPI: Cálculos e Parâmetros",null,"H",0.2,{"$f":"IF(C340=\"SINAPI\", IF( IF(A340=\"Insumo\", VLOOKUP(B340,'SINAPI INSUMOS'!B:J,6,0), VLOOKUP(B340,'SINAPI COMP'!B:M,6,0))=0,VLOOKUP(B340,'OUTRAS BASES'!C:D,2,0),IF(A340=\"Insumo\", VLOOKUP(B340,'SINAPI INSUMOS'!B:J,6,0),VLOOKUP(B340,'SINAPI COMP'!B:M,6,0))), VLOOKUP(B340,'OUTRAS BASES'!C:D,2,0))","v":31.42},6.2840000000000007]
["Composição Auxiliar",88247,"SINAPI","AUXILIAR DE ELETRICISTA COM ENCARGOS COMPLEMENTARES","Livro SINAPI: Cálculos e Parâmetros",null,"H",0.2,{"$f":"IF(C341=\"SINAPI\", IF( IF(A341=\"Insumo\", VLOOKUP(B341,'SINAPI INSUMOS'!B:J,6,0), VLOOKUP(B341,'SINAPI COMP'!B:M,6,0))=0,VLOOKUP(B341,'OUTRAS BASES'!C:D,2,0),IF(A341=\"Insumo\", VLOOKUP(B341,'SINAPI INSUMOS'!B:J,6,0),VLOOKUP(B341,'SINAPI COMP'!B:M,6,0))), VLOOKUP(B341,'OUTRAS BASES'!C:D,2,0))","v":25.54},5.1080000000000005]
["Insumo",7588,"SINAPI","AUTOMATICO DE BOIA SUPERIOR / INFERIOR, *15* A / 250 V","Material",null,"UN",1,{"$f":"IF(C342=\"SINAPI\", IF( IF(A342=\"Insumo\", VLOOKUP(B342,'SINAPI INSUMOS'!B:J,6,0), VLOOKUP(B342,'SINAPI COMP'!B:M,6,0))=0,VLOOKUP(B342,'OUTRAS BASES'!C:D,2,0),IF(A342=\"Insumo\", VLOOKUP(B342,'SINAPI INSUMOS'!B:J,6,0),VLOOKUP(B342,'SINAPI COMP'!B:M,6,0))), VLOOKUP(B342,'OUTRAS BASES'!C:D,2,0))","v":49.51},49.51]
["Insumo",21127,"SINAPI","FITA ISOLANTE ADESIVA ANTICHAMA, USO ATE 750 V, EM ROLO DE 19 MM X 5 M","Material",null,"UN",0.1,{"$f":"IF(C343=\"SINAPI\", IF( IF(A343=\"Insumo\", VLOOKUP(B343,'SINAPI INSUMOS'!B:J,6,0), VLOOKUP(B343,'SINAPI COMP'!B:M,6,0))=0,VLOOKUP(B343,'OUTRAS BASES'!C:D,2,0),IF(A343=\"Insumo\", VLOOKUP(B343,'SINAPI INSUMOS'!B:J,6,0),VLOOKUP(B343,'SINAPI COMP'!B:M,6,0))), VLOOKUP(B343,'OUTRAS BASES'!C:D,2,0))","v":3.78},0.378]
["Insumo",3146,"SINAPI","FITA VEDA ROSCA EM ROLOS DE 18 MM X 10 M (L X C)","Material",null,"UN",0.15,{"$f":"IF(C344=\"SINAPI\", IF( IF(A344=\"Insumo\", VLOOKUP(B344,'SINAPI INSUMOS'!B:J,6,0), VLOOKUP(B344,'SINAPI COMP'!B:M,6,0))=0,VLOOKUP(B344,'OUTRAS BASES'!C:D,2,0),IF(A344=\"Insumo\", VLOOKUP(B344,'SINAPI INSUMOS'!B:J,6,0),VLOOKUP(B344,'SINAPI COMP'!B:M,6,0))), VLOOKUP(B344,'OUTRAS BASES'!C:D,2,0))","v":4},0.6]
[]
[]
[]
[]
["11.4","Código","Banco","Descrição","Tipo",null,"Und","Quant.","Valor Unit","Total"]
["Insumo",39257,"SINAPI","CABO MULTIPOLAR DE COBRE, FLEXIVEL, CLASSE 4 OU 5, ISOLACAO EM HEPR, COBERTURA EM PVC-ST2, ANTICHAMA BWF-B, 0,6/1 KV, 3 CONDUTORES DE 1,5 MM2","Material",null,"M",1,{"$f":"IF(C350=\"SINAPI\", IF( IF(A350=\"Insumo\", VLOOKUP(B350,'SINAPI INSUMOS'!B:J,6,0), VLOOKUP(B350,'SINAPI COMP'!B:M,6,0))=0,VLOOKUP(B350,'OUTRAS BASES'!C:D,2,0),IF(A350=\"Insumo\", VLOOKUP(B350,'SINAPI INSUMOS'!B:J,6,0),VLOOKUP(B350,'SINAPI COMP'!B:M,6,0))), VLOOKUP(B350,'OUTRAS BASES'!C:D,2,0))","v":6.65},{"$f":"I350*H350","v":6.65}]
[]
[]
[]
[]
["11.5","Código","Banco","Descrição","Tipo",null,"Und","Quant.","Valor Unit","Total"]
["Insumo","COTAÇÃO-002 ","Próprio","Fornecimento de kit de bombeamento fotovoltaico, incluindo uma bomba CC de 2200W com controladora de carga externa,  caixa de proteção metálica, módulos fotovoltaicos compatíveis com a geração de 3300Wp além de componentes elétricos necessários para interligação dos painéis, como cabos, conectores MC4 e presilhas de fixação.","Serviços",null,"un",1,10507.03,{"$f":"I356*H356","v":10507.03}]
[]
[]
[]
[]
[12,null,null,"URBANIZAÇÃO"]
["12.1","Código","Banco","Descrição","Tipo",null,"Und","Quant.","Valor Unit","Total"]
["Composição","COMPOSIÇÃO - 21","Próprio","Cerca com mourões de concreto de 15x15cm, espaçados de 3m e cravados a 0,5m, escoras de 10x10cm nos cantos, e 9 fios de arame de aço ovalado 15x17.","SEDI - SERVIÇOS DIVERSOS",null,"m",1,{"$f":"SUM(J364:J370)","v":82.112079999999992},{"$f":"I363*H363","v":82.112079999999992}]
["Composição Auxiliar",88309,"SINAPI","PEDREIRO COM ENCARGOS COMPLEMENTARES","Livro SINAPI: Cálculos e Parâmetros",null,"H",0.33500000000000002,{"$f":"IF(C364=\"SINAPI\", IF( IF(A364=\"Insumo\", VLOOKUP(B364,'SINAPI INSUMOS'!B:J,6,0), VLOOKUP(B364,'SINAPI COMP'!B:M,6,0))=0,VLOOKUP(B364,'OUTRAS BASES'!C:D,2,0),IF(A364=\"Insumo\", VLOOKUP(B364,'SINAPI INSUMOS'!B:J,6,0),VLOOKUP(B364,'SINAPI COMP'!B:M,6,0))), VLOOKUP(B364,'OUTRAS BASES'!C:D,2,0))","v":28.17},9.4369500000000013]
["Composição Auxiliar",88316,"SINAPI","SERVENTE COM ENCARGOS COMPLEMENTARES","Livro SINAPI: Cálculos e Parâmetros",null,"H",0.67100000000000004,{"$f":"IF(C365=\"SINAPI\", IF( IF(A365=\"Insumo\", VLOOKUP(B365,'SINAPI INSUMOS'!B:J,6,0), VLOOKUP(B365,'SINAPI COMP'!B:M,6,0))=0,VLOOKUP(B365,'OUTRAS BASES'!C:D,2,0),IF(A365=\"Insumo\", VLOOKUP(B365,'SINAPI INSUMOS'!B:J,6,0),VLOOKUP(B365,'SINAPI COMP'!B:M,6,0))), VLOOKUP(B365,'OUTRAS BASES'!C:D,2,0))","v":21.62},14.507020000000001]
["Composição Auxiliar",94975,"SINAPI","CONCRETO FCK = 15MPA, TRAÇO 1:3,4:3,5 (EM MASSA SECA DE CIMENTO/ AREIA MÉDIA/ BRITA 1) - PREPARO MANUAL. AF_05/2021","Produção de Concreto",null,"m³",2.8799999999999999E-2,{"$f":"IF(C366=\"SINAPI\", IF( IF(A366=\"Insumo\", VLOOKUP(B366,'SINAPI INSUMOS'!B:J,6,0), VLOOKUP(B366,'SINAPI COMP'!B:M,6,0))=0,VLOOKUP(B366,'OUTRAS BASES'!C:D,2,0),IF(A366=\"Insumo\", VLOOKUP(B366,'SINAPI INSUMOS'!B:J,6,0),VLOOKUP(B366,'SINAPI COMP'!B:M,6,0))), VLOOKUP(B366,'OUTRAS BASES'!C:D,2,0))","v":578.54999999999995},16.662239999999997]
["Insumo",43130,"SINAPI","ARAME GALVANIZADO 12 BWG, D = 2,76 MM (0,048 KG/M) OU 14 BWG, D = 2,11 MM (0,026 KG/M)","Material",null,"KG",9.8000000000000004E-2,{"$f":"IF(C367=\"SINAPI\", IF( IF(A367=\"Insumo\", VLOOKUP(B367,'SINAPI INSUMOS'!B:J,6,0), VLOOKUP(B367,'SINAPI COMP'!B:M,6,0))=0,VLOOKUP(B367,'OUTRAS BASES'!C:D,2,0),IF(A367=\"Insumo\", VLOOKUP(B367,'SINAPI INSUMOS'!B:J,6,0),VLOOKUP(B367,'SINAPI COMP'!B:M,6,0))), VLOOKUP(B367,'OUTRAS BASES'!C:D,2,0))","v":19.190000000000001},1.8806200000000002]
["Insumo",346,"SINAPI","ARAME DE ACO OVALADO 15 X 17 ( 45,7 KG, 700 KGF), ROLO 1000 M","Material",null,"KG",0.40500000000000003,{"$f":"IF(C368=\"SINAPI\", IF( IF(A368=\"Insumo\", VLOOKUP(B368,'SINAPI INSUMOS'!B:J,6,0), VLOOKUP(B368,'SINAPI COMP'!B:M,6,0))=0,VLOOKUP(B368,'OUTRAS BASES'!C:D,2,0),IF(A368=\"Insumo\", VLOOKUP(B368,'SINAPI INSUMOS'!B:J,6,0),VLOOKUP(B368,'SINAPI COMP'!B:M,6,0))), VLOOKUP(B368,'OUTRAS BASES'!C:D,2,0))","v":22.73},9.2056500000000003]
["Insumo",4111,"SINAPI","ESCORA PRE-MOLDADA EM CONCRETO, *10 X 10* CM, H = 2,30M","Material",null,"UN",0.16,{"$f":"IF(C369=\"SINAPI\", IF( IF(A369=\"Insumo\", VLOOKUP(B369,'SINAPI INSUMOS'!B:J,6,0), VLOOKUP(B369,'SINAPI COMP'!B:M,6,0))=0,VLOOKUP(B369,'OUTRAS BASES'!C:D,2,0),IF(A369=\"Insumo\", VLOOKUP(B369,'SINAPI INSUMOS'!B:J,6,0),VLOOKUP(B369,'SINAPI COMP'!B:M,6,0))), VLOOKUP(B369,'OUTRAS BASES'!C:D,2,0))","v":66.17},10.587200000000001]
["Insumo"," I1533 ","SEINFRA","MOURÃO CONCRETO BASE 15X15CM H=2.3 C/ 12 FUROS","Material",null,"UN",0.42,{"$f":"IF(C370=\"SINAPI\", IF( IF(A370=\"Insumo\", VLOOKUP(B370,'SINAPI INSUMOS'!B:J,6,0), VLOOKUP(B370,'SINAPI COMP'!B:M,6,0))=0,VLOOKUP(B370,'OUTRAS BASES'!C:D,2,0),IF(A370=\"Insumo\", VLOOKUP(B370,'SINAPI INSUMOS'!B:J,6,0),VLOOKUP(B370,'SINAPI COMP'!B:M,6,0))), VLOOKUP(B370,'OUTRAS BASES'!C:D,2,0))","v":47.22},19.8324]
[]
[]
[]
[]
["12.2","Código","Banco","Descrição","Tipo",null,"Und","Quant.","Valor Unit","Total"]
["Composição","COMPOSIÇÃO - 22","Próprio","Serviço de instalação de portão de ferro com suporte e batedor conforme projeto, incluso material","SEDI - SERVIÇOS DIVERSOS",null,"m²",1,{"$f":"SUM(J377:J381)","v":730.23736000000008},{"$f":"I376*H376","v":730.23736000000008}]
["Composição Auxiliar",88309,"SINAPI","PEDREIRO COM ENCARGOS COMPLEMENTARES","Livro SINAPI: Cálculos e Parâmetros",null,"H",1.5,{"$f":"IF(C377=\"SINAPI\", IF( IF(A377=\"Insumo\", VLOOKUP(B377,'SINAPI INSUMOS'!B:J,6,0), VLOOKUP(B377,'SINAPI COMP'!B:M,6,0))=0,VLOOKUP(B377,'OUTRAS BASES'!C:D,2,0),IF(A377=\"Insumo\", VLOOKUP(B377,'SINAPI INSUMOS'!B:J,6,0),VLOOKUP(B377,'SINAPI COMP'!B:M,6,0))), VLOOKUP(B377,'OUTRAS BASES'!C:D,2,0))","v":28.17},42.255000000000003]
["Composição Auxiliar",88316,"SINAPI","SERVENTE COM ENCARGOS COMPLEMENTARES","Livro SINAPI: Cálculos e Parâmetros",null,"H",1.5,{"$f":"IF(C378=\"SINAPI\", IF( IF(A378=\"Insumo\", VLOOKUP(B378,'SINAPI INSUMOS'!B:J,6,0), VLOOKUP(B378,'SINAPI COMP'!B:M,6,0))=0,VLOOKUP(B378,'OUTRAS BASES'!C:D,2,0),IF(A378=\"Insumo\", VLOOKUP(B378,'SINAPI INSUMOS'!B:J,6,0),VLOOKUP(B378,'SINAPI COMP'!B:M,6,0))), VLOOKUP(B378,'OUTRAS BASES'!C:D,2,0))","v":21.62},32.43]
["Insumo",367,"SINAPI","AREIA GROSSA - POSTO JAZIDA/FORNECEDOR (RETIRADO NA JAZIDA, SEM TRANSPORTE)","Material",null,"m³",6.0999999999999999E-2,{"$f":"IF(C379=\"SINAPI\", IF( IF(A379=\"Insumo\", VLOOKUP(B379,'SINAPI INSUMOS'!B:J,6,0), VLOOKUP(B379,'SINAPI COMP'!B:M,6,0))=0,VLOOKUP(B379,'OUTRAS BASES'!C:D,2,0),IF(A379=\"Insumo\", VLOOKUP(B379,'SINAPI INSUMOS'!B:J,6,0),VLOOKUP(B379,'SINAPI COMP'!B:M,6,0))), VLOOKUP(B379,'OUTRAS BASES'!C:D,2,0))","v":129.16},7.8787599999999998]
["Insumo",1379,"SINAPI","CIMENTO PORTLAND COMPOSTO CP II-32","Material",null,"KG",4.83,{"$f":"IF(C380=\"SINAPI\", IF( IF(A380=\"Insumo\", VLOOKUP(B380,'SINAPI INSUMOS'!B:J,6,0), VLOOKUP(B380,'SINAPI COMP'!B:M,6,0))=0,VLOOKUP(B380,'OUTRAS BASES'!C:D,2,0),IF(A380=\"Insumo\", VLOOKUP(B380,'SINAPI INSUMOS'!B:J,6,0),VLOOKUP(B380,'SINAPI COMP'!B:M,6,0))), VLOOKUP(B380,'OUTRAS BASES'!C:D,2,0))","v":0.92},4.4436]
["Insumo",4948,"SINAPI","PORTAO DE ABRIR / GIRO, EM GRADIL DE METALON REDONDO DE 3/4\"  VERTICAL, COM REQUADRO, ACABAMENTO NATURAL - COMPLETO","Material",null,"m²",1,{"$f":"IF(C381=\"SINAPI\", IF( IF(A381=\"Insumo\", VLOOKUP(B381,'SINAPI INSUMOS'!B:J,6,0), VLOOKUP(B381,'SINAPI COMP'!B:M,6,0))=0,VLOOKUP(B381,'OUTRAS BASES'!C:D,2,0),IF(A381=\"Insumo\", VLOOKUP(B381,'SINAPI INSUMOS'!B:J,6,0),VLOOKUP(B381,'SINAPI COMP'!B:M,6,0))), VLOOKUP(B381,'OUTRAS BASES'!C:D,2,0))","v":643.23},643.23]
[]
[]
[]
[]
[13,null,null,"OUTROS SERVIÇOS E INSUMOS EXCEPCIONAIS"]
["13.1","Código","Banco","Descrição","Tipo",null,"Und","Quant.","Valor Unit","Total"]
["Composição","COMPOSIÇÃO - 23","Próprio","Execução de tamponamento conforme especificação","SEDI - SERVIÇOS DIVERSOS",null,"m³",1,{"$f":"SUM(J389:J391)","v":717.24},{"$f":"I388*H388","v":717.24}]
["Composição Auxiliar",87316,"SINAPI","ARGAMASSA TRAÇO 1:4 (EM VOLUME DE CIMENTO E AREIA GROSSA ÚMIDA) PARA CHAPISCO CONVENCIONAL, PREPARO MECÂNICO COM BETONEIRA 400 L. AF_08/2019","Argamassas",null,"m³",1,{"$f":"IF(C389=\"SINAPI\", IF( IF(A389=\"Insumo\", VLOOKUP(B389,'SINAPI INSUMOS'!B:J,6,0), VLOOKUP(B389,'SINAPI COMP'!B:M,6,0))=0,VLOOKUP(B389,'OUTRAS BASES'!C:D,2,0),IF(A389=\"Insumo\", VLOOKUP(B389,'SINAPI INSUMOS'!B:J,6,0),VLOOKUP(B389,'SINAPI COMP'!B:M,6,0))), VLOOKUP(B389,'OUTRAS BASES'!C:D,2,0))","v":552.45000000000005},552.45000000000005]
["Composição Auxiliar",88316,"SINAPI","SERVENTE COM ENCARGOS COMPLEMENTARES","Livro SINAPI: Cálculos e Parâmetros",null,"H",1,{"$f":"IF(C390=\"SINAPI\", IF( IF(A390=\"Insumo\", VLOOKUP(B390,'SINAPI INSUMOS'!B:J,6,0), VLOOKUP(B390,'SINAPI COMP'!B:M,6,0))=0,VLOOKUP(B390,'OUTRAS BASES'!C:D,2,0),IF(A390=\"Insumo\", VLOOKUP(B390,'SINAPI INSUMOS'!B:J,6,0),VLOOKUP(B390,'SINAPI COMP'!B:M,6,0))), VLOOKUP(B390,'OUTRAS BASES'!C:D,2,0))","v":21.62},21.62]
["Insumo",4721,"SINAPI","PEDRA BRITADA N. 1 (9,5 a 19 MM) POSTO PEDREIRA/FORNECEDOR, SEM FRETE","Material",null,"m³",1,{"$f":"IF(C391=\"SINAPI\", IF( IF(A391=\"Insumo\", VLOOKUP(B391,'SINAPI INSUMOS'!B:J,6,0), VLOOKUP(B391,'SINAPI COMP'!B:M,6,0))=0,VLOOKUP(B391,'OUTRAS BASES'!C:D,2,0),IF(A391=\"Insumo\", VLOOKUP(B391,'SINAPI INSUMOS'!B:J,6,0),VLOOKUP(B391,'SINAPI COMP'!B:M,6,0))), VLOOKUP(B391,'OUTRAS BASES'!C:D,2,0))","v":143.16999999999999},143.16999999999999]
[]
[]
[]
[]
["13.2","Código","Banco","Descrição","Tipo",null,"Und","Quant.","Valor Unit","Total"]
["Insumo",13747,"ORSE","Revestimento tubo liso aço sch-40 em 12\"","Serviços",null,"m",1,{"$f":"IF(C397=\"SINAPI\", IF( IF(A397=\"Insumo\", VLOOKUP(B397,'SINAPI INSUMOS'!B:J,6,0), VLOOKUP(B397,'SINAPI COMP'!B:M,6,0))=0,VLOOKUP(B397,'OUTRAS BASES'!C:D,2,0),IF(A397=\"Insumo\", VLOOKUP(B397,'SINAPI INSUMOS'!B:J,6,0),VLOOKUP(B397,'SINAPI COMP'!B:M,6,0))), VLOOKUP(B397,'OUTRAS BASES'!C:D,2,0))","v":921.04},{"$f":"I397*H397","v":921.04}]
[]
[]
[]
[]
["13.3","Código","Banco","Descrição","Tipo",null,"Und","Quant.","Valor Unit","Total"]
["Insumo"," M3929 ","SICRO3","Tubo em aço-carbono - E = 3,00 mm e D = 150 mm (6\")","Material",null,"m",1,{"$f":"IF(C403=\"SINAPI\", IF( IF(A403=\"Insumo\", VLOOKUP(B403,'SINAPI INSUMOS'!B:J,6,0), VLOOKUP(B403,'SINAPI COMP'!B:M,6,0))=0,VLOOKUP(B403,'OUTRAS BASES'!C:D,2,0),IF(A403=\"Insumo\", VLOOKUP(B403,'SINAPI INSUMOS'!B:J,6,0),VLOOKUP(B403,'SINAPI COMP'!B:M,6,0))), VLOOKUP(B403,'OUTRAS BASES'!C:D,2,0))","v":148.57},{"$f":"I403*H403","v":148.57}]
[]
[]
[]
[]
["13.4","Código","Banco","Descrição","Tipo",null,"Und","Quant.","Valor Unit","Total"]
["Insumo"," M039706073 ","EMBASA","FILTRO NOLD EM AÇO GALVANIZADO DN 6\"","Material",null,"M",1,{"$f":"IF(C409=\"SINAPI\", IF( IF(A409=\"Insumo\", VLOOKUP(B409,'SINAPI INSUMOS'!B:J,6,0), VLOOKUP(B409,'SINAPI COMP'!B:M,6,0))=0,VLOOKUP(B409,'OUTRAS BASES'!C:D,2,0),IF(A409=\"Insumo\", VLOOKUP(B409,'SINAPI INSUMOS'!B:J,6,0),VLOOKUP(B409,'SINAPI COMP'!B:M,6,0))), VLOOKUP(B409,'OUTRAS BASES'!C:D,2,0))","v":835.86},{"$f":"I409*H409","v":835.86}]
[]
[]
[]
[]
["13.5","Código","Banco","Descrição","Tipo",null,"Und","Quant.","Valor Unit","Total"]
["Composição","COMPOSIÇÃO - 24","Próprio","Limpeza manual , remoção de cerca, capina e instalação dos equipamentos (área do poço, painéis solares, bebedouro e reservatório)","SEDI - SERVIÇOS DIVERSOS",null,"m²",1,{"$f":"SUM(J416)","v":1.7296},{"$f":"I415*H415","v":1.7296}]
["Composição Auxiliar",88316,"SINAPI","SERVENTE COM ENCARGOS COMPLEMENTARES","Livro SINAPI: Cálculos e Parâmetros",null,"H",0.08,{"$f":"IF(C416=\"SINAPI\", IF( IF(A416=\"Insumo\", VLOOKUP(B416,'SINAPI INSUMOS'!B:J,6,0), VLOOKUP(B416,'SINAPI COMP'!B:M,6,0))=0,VLOOKUP(B416,'OUTRAS BASES'!C:D,2,0),IF(A416=\"Insumo\", VLOOKUP(B416,'SINAPI INSUMOS'!B:J,6,0),VLOOKUP(B416,'SINAPI COMP'!B:M,6,0))), VLOOKUP(B416,'OUTRAS BASES'!C:D,2,0))","v":21.62},1.7296]
[]
[]
[]
[]
["13.6","Código","Banco","Descrição","Tipo",null,"Und","Quant.","Valor Unit","Total"]
["Composição","COMPOSIÇÃO - 25","Próprio","Fornecimento e instalação do filtro para revestimento interno Ø 4 1/2\"","ASTU - ASSENTAMENTO DE TUBOS E PECAS",null,"m",1,{"$f":"SUM(J423:J425)","v":123.625},{"$f":"I422*H422","v":123.625}]
["Composição Auxiliar",88316,"SINAPI","SERVENTE COM ENCARGOS COMPLEMENTARES","Livro SINAPI: Cálculos e Parâmetros",null,"H",0.65,{"$f":"IF(C423=\"SINAPI\", IF( IF(A423=\"Insumo\", VLOOKUP(B423,'SINAPI INSUMOS'!B:J,6,0), VLOOKUP(B423,'SINAPI COMP'!B:M,6,0))=0,VLOOKUP(B423,'OUTRAS BASES'!C:D,2,0),IF(A423=\"Insumo\", VLOOKUP(B423,'SINAPI INSUMOS'!B:J,6,0),VLOOKUP(B423,'SINAPI COMP'!B:M,6,0))), VLOOKUP(B423,'OUTRAS BASES'!C:D,2,0))","v":21.62},14.053000000000001]
["Composição Auxiliar",90776,"SINAPI","ENCARREGADO GERAL COM ENCARGOS COMPLEMENTARES","Livro SINAPI: Cálculos e Parâmetros",null,"H",0.65,{"$f":"IF(C424=\"SINAPI\", IF( IF(A424=\"Insumo\", VLOOKUP(B424,'SINAPI INSUMOS'!B:J,6,0), VLOOKUP(B424,'SINAPI COMP'!B:M,6,0))=0,VLOOKUP(B424,'OUTRAS BASES'!C:D,2,0),IF(A424=\"Insumo\", VLOOKUP(B424,'SINAPI INSUMOS'!B:J,6,0),VLOOKUP(B424,'SINAPI COMP'!B:M,6,0))), VLOOKUP(B424,'OUTRAS BASES'!C:D,2,0))","v":31.28},20.332000000000001]
["Insumo"," COTAÇÃO-004 ","Próprio","Fornecimento tubo filtro geomecânico classe reforçado diâmetro Ø 4 1/2\" com junta roscável. ","Material",null,"m",1,89.24,89.24]
[]
[]
[]
[]
["13.7","Código","Banco","Descrição","Tipo",null,"Und","Quant.","Valor Unit","Total"]
["Composição","COMPOSIÇÃO - 26","Próprio","Fornecimento e instalação do revestimento interno Ø 4 1/2\"","ASTU - ASSENTAMENTO DE TUBOS E PECAS",null,"m",1,{"$f":"SUM(J432:J434)","v":114.075},{"$f":"I431*H431","v":114.075}]
["Composição Auxiliar",88316,"SINAPI","SERVENTE COM ENCARGOS COMPLEMENTARES","Livro SINAPI: Cálculos e Parâmetros",null,"H",0.65,{"$f":"IF(C432=\"SINAPI\", IF( IF(A432=\"Insumo\", VLOOKUP(B432,'SINAPI INSUMOS'!B:J,6,0), VLOOKUP(B432,'SINAPI COMP'!B:M,6,0))=0,VLOOKUP(B432,'OUTRAS BASES'!C:D,2,0),IF(A432=\"Insumo\", VLOOKUP(B432,'SINAPI INSUMOS'!B:J,6,0),VLOOKUP(B432,'SINAPI COMP'!B:M,6,0))), VLOOKUP(B432,'OUTRAS BASES'!C:D,2,0))","v":21.62},14.053000000000001]
["Composição Auxiliar",90776,"SINAPI","ENCARREGADO GERAL COM ENCARGOS COMPLEMENTARES","Livro SINAPI: Cálculos e Parâmetros",null,"H",0.65,{"$f":"IF(C433=\"SINAPI\", IF( IF(A433=\"Insumo\", VLOOKUP(B433,'SINAPI INSUMOS'!B:J,6,0), VLOOKUP(B433,'SINAPI COMP'!B:M,6,0))=0,VLOOKUP(B433,'OUTRAS BASES'!C:D,2,0),IF(A433=\"Insumo\", VLOOKUP(B433,'SINAPI INSUMOS'!B:J,6,0),VLOOKUP(B433,'SINAPI COMP'!B:M,6,0))), VLOOKUP(B433,'OUTRAS BASES'!C:D,2,0))","v":31.28},20.332000000000001]
["Insumo"," COTAÇÃO-006 ","Próprio","Fornecimento tubo revestimento geomecânico classe reforçado Ø 4 1/2\" com junta roscável.","Material",null,"m",1,79.69,79.69]

{"sheet":"Crono. - TO - T","index":16,"n_rows":27,"n_cols":15,"rows_kept":27,"cut":false,"hidden":false,"merged":[[0,0,6,14],[7,0,8,14],[23,0,23,1],[23,2,26,2],[24,0,24,1],[25,0,25,1],[26,0,26,1]]}
["OBJETO: EXECUÇÃO DE SERVIÇOS DE PERFURAÇÃO E INSTALAÇÃO DE POÇOS TUBULARES EM MUNICÍPIOS LOCALIZADOS NO ESTADO DO TOCANTINS, NA ÁREA DE ATUAÇÃO DA CODEVASF."]
[]
[]
[]
[]
[]
[]
["CRONOGRAMA FÍSICO-FINANCEIRO POÇO TOTALMENTE REVESTIDO"]
[]
["ITEM","ESPECIFICAÇÃO DOS SERVIÇOS","VALOR TOTAL (R$)","Mês 01","Mês 02","Mês 03","Mês 04","Mês 05","Mês 06","Mês 07","Mês 08","Mês 09","Mês 10","Mês 11","Mês 12"]
["1","Serviços preliminares.",{"$f":"'Orçamento Sintético - TO - T'!K4","v":189191.96},{"$f":"$C$11/12","v":15765.996666666666},{"$f":"$C$11/12","v":15765.996666666666},15765.996666666666,15765.996666666666,15765.996666666666,15765.996666666666,15765.996666666666,15765.996666666666,15765.996666666666,15765.996666666666,15765.996666666666,15765.996666666666]
["2","Mobilizaçâo e desmobilizaçâo equipe campo.",{"$f":"'Orçamento Sintético - TO - T'!K9","v":214326},{"$f":"$C$12/12","v":17860.5},{"$f":"$C$12/12","v":17860.5},17860.5,17860.5,17860.5,17860.5,17860.5,17860.5,17860.5,17860.5,17860.5,17860.5]
["3","Perfuração e completação de poço tubular.",{"$f":"'Orçamento Sintético - TO - T'!K13","v":7434682.2599999998},{"$f":"$C$13/12","v":619556.85499999998},{"$f":"$C$13/12","v":619556.85499999998},619556.85499999998,619556.85499999998,619556.85499999998,619556.85499999998,619556.85499999998,619556.85499999998,619556.85499999998,619556.85499999998,619556.85499999998,619556.85499999998]
["4","Pós perfuração.",{"$f":"'Orçamento Sintético - TO - T'!K20","v":992318.85},{"$f":"$C$14/12","v":82693.237500000003},{"$f":"$C$14/12","v":82693.237500000003},82693.237500000003,82693.237500000003,82693.237500000003,82693.237500000003,82693.237500000003,82693.237500000003,82693.237500000003,82693.237500000003,82693.237500000003,82693.237500000003]
["5","Reservação.",{"$f":"'Orçamento Sintético - TO - T'!K26","v":1760258.63},{"$f":"$C$15/12","v":146688.21916666665},{"$f":"$C$15/12","v":146688.21916666665},146688.21916666665,146688.21916666665,146688.21916666665,146688.21916666665,146688.21916666665,146688.21916666665,146688.21916666665,146688.21916666665,146688.21916666665,146688.21916666665]
["6","Bebedouro.",{"$f":"'Orçamento Sintético - TO - T'!K29","v":180864.09},{"$f":"$C$16/12","v":15072.0075},{"$f":"$C$16/12","v":15072.0075},15072.0075,15072.0075,15072.0075,15072.0075,15072.0075,15072.0075,15072.0075,15072.0075,15072.0075,15072.0075]
["7","Chafariz.",{"$f":"'Orçamento Sintético - TO - T'!K31","v":95420.43},{"$f":"$C$17/12","v":7951.7024999999994},{"$f":"$C$17/12","v":7951.7024999999994},7951.7024999999994,7951.7024999999994,7951.7024999999994,7951.7024999999994,7951.7024999999994,7951.7024999999994,7951.7024999999994,7951.7024999999994,7951.7024999999994,7951.7024999999994]
["8","Cavalete.",{"$f":"'Orçamento Sintético - TO - T'!K33","v":187768.53},{"$f":"$C$18/12","v":15647.377500000001},{"$f":"$C$18/12","v":15647.377500000001},15647.377500000001,15647.377500000001,15647.377500000001,15647.377500000001,15647.377500000001,15647.377500000001,15647.377500000001,15647.377500000001,15647.377500000001,15647.377500000001]
["9","Instalações hidráulicas poço e adutora.",{"$f":"'Orçamento Sintético - TO - T'!K35","v":1317121.3799999999},{"$f":"$C$19/12","v":109760.11499999999},{"$f":"$C$19/12","v":109760.11499999999},109760.11499999999,109760.11499999999,109760.11499999999,109760.11499999999,109760.11499999999,109760.11499999999,109760.11499999999,109760.11499999999,109760.11499999999,109760.11499999999]
["10","Estrutura de fixação para módulos fotovoltáicos.",{"$f":"'Orçamento Sintético - TO - T'!K43","v":160546.26},{"$f":"$C$20/12","v":13378.855000000001},{"$f":"$C$20/12","v":13378.855000000001},13378.855000000001,13378.855000000001,13378.855000000001,13378.855000000001,13378.855000000001,13378.855000000001,13378.855000000001,13378.855000000001,13378.855000000001,13378.855000000001]
["11","Instalações elétricas.",{"$f":"'Orçamento Sintético - TO - T'!K45","v":1527721.56},{"$f":"$C$21/12","v":127310.13},{"$f":"$C$21/12","v":127310.13},127310.13,127310.13,127310.13,127310.13,127310.13,127310.13,127310.13,127310.13,127310.13,127310.13]
["12","Urbanização.",{"$f":"'Orçamento Sintético - TO - T'!K51","v":340342.16},{"$f":"$C$22/12","v":28361.846666666665},{"$f":"$C$22/12","v":28361.846666666665},28361.846666666665,28361.846666666665,28361.846666666665,28361.846666666665,28361.846666666665,28361.846666666665,28361.846666666665,28361.846666666665,28361.846666666665,28361.846666666665]
["13","Outros serviços e insumos excepcionais.",{"$f":"'Orçamento Sintético - TO - T'!K54","v":762245.3600000001},{"$f":"$C$23/12","v":63520.446666666678},{"$f":"$C$23/12","v":63520.446666666678},63520.446666666678,63520.446666666678,63520.446666666678,63520.446666666678,63520.446666666678,63520.446666666678,63520.446666666678,63520.446666666678,63520.446666666678,63520.446666666678]
["TOTAL",null,{"$f":"SUM(C11:C23)","v":15162807.469999999},{"$f":"SUM(D11:D23)","v":1263567.2891666666},{"$f":"SUM(E11:E23)","v":1263567.2891666666},1263567.2891666666,1263567.2891666666,1263567.2891666666,1263567.2891666666,1263567.2891666666,1263567.2891666666,1263567.2891666666,1263567.2891666666,1263567.2891666666,1263567.2891666666]
["PERCENTUAL",null,null,{"$f":"D24/$C$24","v":8.3333333333333329E-2},{"$f":"E24/$C$24","v":8.3333333333333329E-2},{"$f":"F24/$C$24","v":8.3333333333333329E-2},8.3333333333333329E-2,8.3333333333333329E-2,8.3333333333333329E-2,8.3333333333333329E-2,8.3333333333333329E-2,8.3333333333333329E-2,8.3333333333333329E-2,8.3333333333333329E-2,8.3333333333333329E-2]
["CUSTO ACUMULADO",null,null,{"$f":"D24","v":1263567.2891666666},{"$f":"E24+D26","v":2527134.5783333331},3790701.8674999997,5054269.1566666663,6317836.4458333328,7581403.7349999994,8844971.024166666,10108538.313333333,11372105.602499999,12635672.891666666,13899240.180833332,15162807.469999999]
["PERCENTUAL ACUMULADO",null,null,{"$f":"D25","v":8.3333333333333329E-2},{"$f":"E25+D27","v":0.16666666666666666},0.25,0.33333333333333331,0.41666666666666663,0.49999999999999994,0.58333333333333326,0.66666666666666663,0.75,0.83333333333333337,0.91666666666666674,1]

{"sheet":"CAPA DF","index":17,"n_rows":7,"n_cols":2,"rows_kept":7,"cut":false,"hidden":false,"merged":[[6,1,16,11]]}
[]
[]
[]
[]
[]
[]
[null,"EXECUÇÃO DE SERVIÇOS DE PERFURAÇÃO E INSTALAÇÃO DE POÇOS TUBULARES NO DISTRITO FEDERAL"]

{"sheet":"Planilha Resumo DF","index":18,"n_rows":15,"n_cols":7,"rows_kept":15,"cut":false,"hidden":false,"merged":[[12,1,12,2],[14,1,14,2],[1,1,1,6],[2,1,2,6],[3,1,3,6],[4,1,4,6],[8,1,8,2],[8,4,8,5],[12,4,12,6],[14,4,14,6]]}
[]
[null,"OBJETO: EXECUÇÃO DE SERVIÇOS DE PERFURAÇÃO E INSTALAÇÃO DE POÇOS TUBULARES EM MUNICÍPIOS LOCALIZADOS NO DISTRITO FEDERAL, NA ÁREA DE ATUAÇÃO DA CODEVASF"]
[null,"PLANILHA ORÇAMENTÁRIA ESTIMATIVA GERAL"]
[null,"DATABASE DO ORÇAMENTO: SETEMBRO/2025 - NÃO DESONERADO"]
[null,"PLANILHA RESUMIDA - Grupo 3 Distrito Federal"]
[null,"ITEM","DISCRIMINAÇÃO","UND","Quantidade de Poços","PREÇO \nUNITÁRIO","TOTAL"]
[null,5,"Perfuração e instalação de poço tubular parcialmente revestido, instalado com sistema fotovoltaico, bomba submersa, reservatório e bebedouro para animais.","un",{"$f":"'Orçamento Sintético - DF - P'!H2","v":35},{"$f":"'Orçamento Sintético - DF - P'!L2","v":125320.33028571427},{"$f":"F7*E7","v":4386211.5599999996}]
[null,6,"Perfuração e instalação de poços poço tubular totalmente revestido, instalado com sistema fotovoltaico, bomba submersa, reservatório e bebedouro para animais.","un",{"$f":"'Orçamento Sintético - DF - T'!H2","v":15},{"$f":"'Orçamento Sintético - DF - T'!L2","v":189996.182},{"$f":"E8*F8","v":2849942.73}]
[null,"TOTAL GERAL ESTIMADO GRUPO",null,"un",{"$f":"E7+E8","v":50},null,{"$f":"G7+G8","v":7236154.2899999991}]
[]
[]
[]
[null,"Base de Preços Consultados",null,null,"SBC 09/2025 \nSINAPI 08/2025\nSICRO 04/2025\nORSE 06/2025\nCPOS/CDHU 06/2025\nEMBASA 06/2025\nSEINFRA 028\nSIURB 01/2025"]
[]
[null,"Encargos Sociais",null,null,"Não Desonerado: \nHorista: 110,14%\nMensalista: 70,04%"]

{"sheet":"Orçamento Sintético - DF - P","index":19,"n_rows":59,"n_cols":13,"rows_kept":59,"cut":false,"hidden":false,"merged":[[0,2,1,5]]}
[null,null,"OBJETO: EXECUÇÃO DE SERVIÇOS DE PERFURAÇÃO E INSTALAÇÃO DE POÇOS TUBULARES EM MUNICÍPIOS LOCALIZADOS NO DISTRITO FEDERAL, NA ÁREA DE ATUAÇÃO DA CODEVASF",{"$nulls":4},"Quantidade de Poços","BDI SERVIÇO","BDI INSUMO","Total","Preço Unitário Por Poço","Desconto"]
[{"$nulls":7},35,0.23780000000000001,0.1469,{"$f":"K4+K8+K12+K17+K23+K26+K28+K30+K32+K40+K42+K48+K51","v":4386211.5599999996},{"$f":"K2/H2","v":125320.33028571427},0]
["Item","Código","Banco","TIPO","Descrição.","un.","Mem. calc.","Quanti.","Valor Unit","Valor Unit com BDI","Total","Peso (%)"]
[1,null,null,null,"Serviços preliminares.",{"$nulls":5},{"$f":"SUM(K5:K7)","v":55414.13},{"$f":"K4/$K$2","v":1.263371117466117E-2}]
["1.1","COMPOSIÇÃO - 1","Próprio","Serviço","Administração local da obra - poço parcialmente revestido.","un.",1,{"$f":"G5*$H$2","v":35},{"$f":"VLOOKUP(B5,'Orçamento Analítico - DF - P'!B:J,8,0)*(1-$M$2)","v":337.96350000000001},{"$f":"ROUND(I5*(1+$I$2),2)","v":418.33},{"$f":"ROUND(J5*H5,2)","v":14641.55},{"$f":"K5/$K$2","v":3.3380856804818598E-3}]
["1.2","COMPOSIÇÃO - 2","Próprio","Serviço","Serviço de locação geológica de campo com relatório hidro geológico e perfil construtivo e geológico esperado. relatório de viabilidade de implantação das estruturas e vistorias preliminares.","un.",1,{"$f":"G6*$H$2","v":35},{"$f":"VLOOKUP(B6,'Orçamento Analítico - DF - P'!B:J,8,0)*(1-$M$2)","v":606.15},{"$f":"ROUND(I6*(1+$I$2),2)","v":750.29},{"$f":"ROUND(J6*H6,2)","v":26260.15},{"$f":"K6/$K$2","v":5.9869775182481173E-3}]
["1.3",103689,"SINAPI","Serviço","Fornecimento e instalação de placa de obra com chapa galvanizada e estrutura de madeira. .","m²",0.72,25.2,{"$f":"VLOOKUP(B7,'Orçamento Analítico - DF - P'!B:J,8,0)*(1-$M$2)","v":465.25},575.89,{"$f":"ROUND(J7*H7,2)","v":14512.43},3.3086479759311931E-3]
[2,null,null,null,"Mobilizaçâo e desmobilizaçâo equipes perfuraçâo e instalação.",{"$nulls":5},{"$f":"SUM(K9:K11)","v":86572.5},{"$f":"K8/$K$2","v":1.9737420052761891E-2}]
["2.1","COMPOSIÇÃO - 3","Próprio","Serviço","Transporte de comboio perfuração.","km",150,5250,{"$f":"VLOOKUP(B9,'Orçamento Analítico - DF - P'!B:J,8,0)*(1-$M$2)","v":4.7679254000000002},{"$f":"ROUND(I9*(1+$I$2),2)","v":5.9},{"$f":"ROUND(J9*H9,2)","v":30975},7.061902869090063E-3]
["2.2","COMPOSIÇÃO - 4","Próprio","Serviço","Transporte de comboio instalação.","km",150,5250,{"$f":"VLOOKUP(B10,'Orçamento Analítico - DF - P'!B:J,8,0)*(1-$M$2)","v":5.9347918000000002},7.35,{"$f":"ROUND(J10*H10,2)","v":38587.5},8.7974552691206728E-3]
["2.3","COMPOSIÇÃO - 5","Próprio","Serviço","Transporte de equipe teste de vazão.","km",150,5250,{"$f":"VLOOKUP(B11,'Orçamento Analítico - DF - P'!B:J,8,0)*(1-$M$2)","v":2.6213890000000002},3.24,{"$f":"ROUND(J11*H11,2)","v":17010},3.8780619145511535E-3]
[3,null,null,null,"Perfuração e completação de poço tubular.",{"$nulls":5},{"$f":"SUM(K13:K16)","v":988089.88},0.22527182432577422]
["3.1",5048,"ORSE","Serviço","Perfuraçao em rocha cristalina - rocha cristalina alterada / compacta dn 6\" (poço até 120m).","m",90,{"$f":"G13*$H$2","v":3150},{"$f":"VLOOKUP(B13,'Orçamento Analítico - DF - P'!B:J,8,0)*(1-$M$2)","v":125.23},{"$f":"ROUND(I13*(1+$I$2),2)","v":155.01},{"$f":"ROUND(J13*H13,2)","v":488281.5},0.11132192173603228]
["3.2",5057,"ORSE","Serviço","Perfuração rocha sedimentar sedimento / Camadas inconsolidadas DN 12.1/2\" - Poço até 150 m ","m",30,1050,{"$f":"VLOOKUP(B14,'Orçamento Analítico - DF - P'!B:J,8,0)*(1-$M$2)","v":247.66},{"$f":"ROUND(I14*(1+$I$2),2)","v":306.55},{"$f":"ROUND(J14*H14,2)","v":321877.5},7.3383943204052851E-2]
["3.3","COMPOSIÇÃO - 6","Próprio","Serviço","Serviço de lançamento cimentação anelar, incluso materiais.","m³",1.74,60.9,{"$f":"VLOOKUP(B15,'Orçamento Analítico - DF - P'!B:J,8,0)*(1-$M$2)","v":521.34},{"$f":"ROUND(I15*(1+$I$2),2)","v":645.30999999999995},{"$f":"ROUND(J15*H15,2)","v":39299.379999999997},8.9597547820971964E-3]
["3.4",9854,"SINAPI","Insumo","Tubo pvc de revestimento geomecanico nervurado standard, dn = 154 mm, comprimento = 2 m.","m",30,1050,{"$f":"VLOOKUP(B16,'Orçamento Analítico - DF - P'!B:J,8,0)*(1-$M$2)","v":115.12},{"$f":"ROUND(I16*(1+$J$2),2)","v":132.03},{"$f":"ROUND(J16*H16,2)","v":138631.5},3.1606204603591898E-2]
[4,null,null,null,"Pós perfuração.",{"$nulls":5},{"$f":"SUM(K18:K22)","v":419336.4},9.5603322882127473E-2]
["4.1",6305,"ORSE","Serviço","Desenvolvimento com compressor 250psi / 750cfm.","h",2,70,{"$f":"VLOOKUP(B18,'Orçamento Analítico - DF - P'!B:J,8,0)*(1-$M$2)","v":411.16},{"$f":"ROUND(I18*(1+$I$2),2)","v":508.93},{"$f":"ROUND(J18*H18,2)","v":35625.1},8.1220660500926686E-3]
["4.2","COMPOSIÇÃO - 7","Próprio","Serviço","Inspeção ótica em poço tubular câmera com rotação de 360º, visada lateral, com fonte própria de luz, entregue vídeo em cores e marcação de profundidades.","m",120,4200,{"$f":"VLOOKUP(B19,'Orçamento Analítico - DF - P'!B:J,8,0)*(1-$M$2)","v":9.6404600000000009},11.93,{"$f":"ROUND(J19*H19,2)","v":50106},1.1423525590270435E-2]
["4.3","COMPOSIÇÃO - 8","Próprio","Serviço","Serviço de coleta e análise físico-química e bacteriológica.","un.",1,35,{"$f":"VLOOKUP(B20,'Orçamento Analítico - DF - P'!B:J,8,0)*(1-$M$2)","v":621.19000000000005},768.91,{"$f":"ROUND(J20*H20,2)","v":26911.85},6.1355567627932664E-3]
["4.4"," 24.80.22 ","EMBASA","Serviço","(REVISADA) DESENVOLVIMENTO OU TESTE COM BOMBA SUBMERSA - UEB1 NO SEDIMENTO COM VAZAO < 60M3 (Ensaio de bombeamento poço tubular incluso materiais e grupo gerador)","h",24,840,{"$f":"VLOOKUP(B21,'Orçamento Analítico - DF - P'!B:J,8,0)*(1-$M$2)","v":263.27},325.88,{"$f":"ROUND(J21*H21,2)","v":273739.2},6.2409027985873083E-2]
["4.5","COMPOSIÇÃO - 9","Próprio","Serviço","Serviço de instalação de laje sanitária com dimensões (1,5x1,5x0,3) metros , incluso material.","un.",1,35,{"$f":"VLOOKUP(B22,'Orçamento Analítico - DF - P'!B:J,8,0)*(1-$M$2)","v":760.66650000000004},941.55,{"$f":"ROUND(J22*H22,2)","v":32954.25},7.5131464930980217E-3]
[5,null,null,null,"Reservação.",{"$nulls":5},{"$f":"SUM(K24:K25)","v":760076.1},0.17328760585364925]
["5.1","COMPOSIÇÃO - 10","Próprio","Serviço","Fornecimento e instalação de reservatório e base elevada 10 m³.","un.",0.8,28,{"$f":"VLOOKUP(B24,'Orçamento Analítico - DF - P'!B:J,8,0)*(1-$M$2)","v":19921.961455000001},24659.4,{"$f":"ROUND(J24*H24,2)","v":690463.2},0.15741675716161763]
["5.2","COMPOSIÇÃO - 11","Próprio","Serviço","Fornecimento e execução de reservatório apoiado de 5 m³.","un.",0.2,7,{"$f":"VLOOKUP(B25,'Orçamento Analítico - DF - P'!B:J,8,0)*(1-$M$2)","v":8034.1740250000003},9944.7000000000007,{"$f":"ROUND(J25*H25,2)","v":69612.899999999994},1.5870848692031626E-2]
[6,null,null,null,"Bebedouro.",{"$nulls":5},{"$f":"SUM(K27)","v":72670.149999999994},1.6567862494986447E-2]
["6.1","COMPOSIÇÃO - 12","Próprio","Serviço","Serviço de execução do bebedouro em concreto armado, incluso materiais.","un.",1,35,{"$f":"VLOOKUP(B27,'Orçamento Analítico - DF - P'!B:J,8,0)*(1-$M$2)","v":1677.3997400000001},2076.29,{"$f":"ROUND(J27*H27,2)","v":72670.149999999994},1.6567862494986447E-2]
[7,null,null,null,"Chafariz.",{"$nulls":5},{"$f":"SUM(K29)","v":42038.85},9.5843188193138595E-3]
["7.1","COMPOSIÇÃO - 13","Próprio","Serviço","Fornecimento de material e instalação do chafariz.","un.",1,35,{"$f":"VLOOKUP(B29,'Orçamento Analítico - DF - P'!B:J,8,0)*(1-$M$2)","v":970.35643226999991},1201.1099999999999,{"$f":"ROUND(J29*H29,2)","v":42038.85},9.5843188193138595E-3]
[8,null,null,null,"Cavalete.",{"$nulls":5},{"$f":"SUM(K31)","v":101062.5},2.3040954276268427E-2]
["8.1","COMPOSIÇÃO - 14","Próprio","Serviço","Fornecimento de conexões e instalação do cavalete com hidrômetro e clorador de pastilhas.","un.",1,35,{"$f":"VLOOKUP(B31,'Orçamento Analítico - DF - P'!B:J,8,0)*(1-$M$2)","v":2332.77},2887.5,{"$f":"ROUND(J31*H31,2)","v":101062.5},2.3040954276268427E-2]
[9,null,null,null,"Instalações hidráulicas.",{"$nulls":5},{"$f":"SUM(K33:K39)","v":764544.82000000007},0.17430641672012742]
["9.1","COMPOSIÇÃO - 15","Próprio","Serviço","Instalação da rede adutora poço-reservatório-bebedouro em pn80 e dn50mm.","m",400,14000,{"$f":"VLOOKUP(B33,'Orçamento Analítico - DF - P'!B:J,8,0)*(1-$M$2)","v":15.7095},19.45,{"$f":"ROUND(J33*H33,2)","v":272300},6.2080908837876488E-2]
["9.2",9875,"SINAPI","Insumo","TUBO PVC, SOLDAVEL, DE 50 MM, AGUA FRIA (NBR-5648)","m",400,{"$f":"G34*H2","v":14000},{"$f":"VLOOKUP(B34,'Orçamento Analítico - DF - P'!B:J,8,0)*(1-$M$2)","v":16.649999999999999},{"$f":"ROUND(I34*(1+$J$2),2)","v":19.100000000000001},{"$f":"J34*H34","v":267400},6.0963771660845295E-2]
["9.3","COMPOSIÇÃO - 16","Próprio","Serviço","Montagem hidráulica do equipamento de bombeamento.","un.",1,35,{"$f":"VLOOKUP(B35,'Orçamento Analítico - DF - P'!B:J,8,0)*(1-$M$2)","v":171.66},212.48,7436.8,1.6954950526827759E-3]
["9.4",38200,"SINAPI","Insumo","Corda de poliamida 12 mm tipo bombeiro, para trabalho em altura.","100m",0.93,32.550000000000004,{"$f":"VLOOKUP(B36,'Orçamento Analítico - DF - P'!B:J,8,0)*(1-$M$2)","v":397.12},{"$f":"ROUND(I36*(1+$J$2),2)","v":455.46},14825.22,3.379960085646211E-3]
["9.5",9860,"SINAPI","Insumo","Tubo pvc, roscavel,  2\", para agua fria predial.","m",90,3150,{"$f":"VLOOKUP(B37,'Orçamento Analítico - DF - P'!B:J,8,0)*(1-$M$2)","v":48.37},55.48,174762,3.984349537394407E-2]
["9.6",3912,"SINAPI","Insumo","Luva de ferro galvanizado, com rosca bsp, de 2\".","un.",16,560,{"$f":"VLOOKUP(B38,'Orçamento Analítico - DF - P'!B:J,8,0)*(1-$M$2)","v":36.61},41.99,23514.400000000001,5.3609817215474224E-3]
["9.7",5128,"ORSE","Insumo","Tampa de poço galvanizada em 6\" un.","un.",1,35,{"$f":"VLOOKUP(B39,'Orçamento Analítico - DF - P'!B:J,8,0)*(1-$M$2)","v":107.28},123.04,4306.3999999999996,9.8180398758513135E-4]
[10,null,null,null,"Estrutura de fixação para módulos fotovoltáicos.",{"$nulls":5},{"$f":"SUM(K41)","v":48387.26},1.1031674906260109E-2]
["10.1","COMPOSIÇÃO - 17","Próprio","Serviço","Serviço de fixação de estruturas para os módulos fotovoltaicos e suportes de concreto, incluso materiais.","m²",10.119999999999999,{"$f":"G41*$H$2","v":354.2},{"$f":"VLOOKUP(B41,'Orçamento Analítico - DF - P'!B:J,8,0)*(1-$M$2)","v":110.36121199999999},{"$f":"ROUND(I41*(1+$I$2),2)","v":136.61000000000001},{"$f":"ROUND(J41*H41,2)","v":48387.26},{"$f":"K41/$K$2","v":1.1031674906260109E-2}]
[11,null,null,null,"Instalações elétricas e bóia elétrica.",{"$nulls":5},{"$f":"SUM(K43:K47)","v":531961.15},0.12128032191862631]
["11.1","COMPOSIÇÃO - 18","Próprio","Serviço","Montagem e instalação elétrica do kit de bombeamento e sistema fotovoltaico inclusive sistema de aterramento.","un.",1,{"$f":"G43*$H$2","v":35},{"$f":"VLOOKUP(B43,'Orçamento Analítico - DF - P'!B:J,8,0)*(1-$M$2)","v":1144.7190000000001},{"$f":"ROUND(I43*(1+$I$2),2)","v":1416.93},{"$f":"ROUND(J43*H43,2)","v":49592.55},1.1306465573220095E-2]
["11.2",34622,"SINAPI","Insumo","Fornecimento de  cabo flexivel pvc 750 v, 3 condutores de 6,0 mm2.","m",105,3675,{"$f":"VLOOKUP(B44,'Orçamento Analítico - DF - P'!B:J,8,0)*(1-$M$2)","v":25.7},{"$f":"ROUND(I44*(1+$J$2),2)","v":29.48},{"$f":"ROUND(J44*H44,2)","v":108339},2.4699902984159753E-2]
["11.3","COMPOSIÇÃO - 19","Próprio","Serviço","Fornecimento e instalação de automático de bóia superior e inferior.","un.",1,{"$f":"G45*$H$2","v":35},{"$f":"VLOOKUP(B45,'Orçamento Analítico - DF - P'!B:J,8,0)*(1-$M$2)","v":71.001000000000005},{"$f":"ROUND(I45*(1+$I$2),2)","v":87.89},{"$f":"ROUND(J45*H45,2)","v":3076.15},7.0132276063765615E-4]
["11.4",39257,"SINAPI","Insumo","Cabo multipolar de cobre, flexivel, classe 4 ou 5, isolacao em hepr, cobertura em pvc-st2, antichama bwf-b, 0,6/1 kv, 3 condutores de 1,5 mm2.","m",200,7000,{"$f":"VLOOKUP(B46,'Orçamento Analítico - DF - P'!B:J,8,0)*(1-$M$2)","v":6.99},{"$f":"ROUND(I46*(1+$J$2),2)","v":8.02},{"$f":"ROUND(J46*H46,2)","v":56140},1.2799200228271709E-2]
["11.5","COTAÇÃO-001","Próprio","Insumo","Fornecimento de kit de bombeamento fotovoltaico, incluindo uma bomba cc de 1500w com controladora de carga externa, caixa de proteção metálica, módulos fotovoltaicos compatíveis com a geração de 2200wp além de componentes elétricos necessários para interligação dos painéis, como cabos, conectores mc4 e presilhas de fixação.","un.",1,{"$f":"G47*$H$2","v":35},{"$f":"VLOOKUP(B47,'Orçamento Analítico - DF - P'!B:J,8,0)*(1-$M$2)","v":7842.59},{"$f":"ROUND(I47*(1+$J$2),2)","v":8994.67},{"$f":"ROUND(J47*H47,2)","v":314813.45},7.1773430372337091E-2]
[12,null,null,null,"Urbanização.",{"$nulls":5},{"$f":"SUM(K49:K50)","v":146440.18},3.3386483528395974E-2]
["12.1","COMPOSIÇÃO - 20","Próprio","Serviço","Cerca com mourões de concreto de 15x15cm, espaçados de 3m e cravados a 0,5m, escoras de 10x10cm nos cantos, e 9 fios de arame de aço ovalado 15x17.","m",28,{"$f":"G49*$H$2","v":980},{"$f":"VLOOKUP(B49,'Orçamento Analítico - DF - P'!B:J,8,0)*(1-$M$2)","v":85.613060000000019},{"$f":"ROUND(I49*(1+$I$2),2)","v":105.97},{"$f":"ROUND(J49*H49,2)","v":103850.6},2.3676605329999181E-2]
["12.2","COMPOSIÇÃO - 21","Próprio","Serviço","Serviço de instalação de portão de ferro com suporte e batedor conforme projeto, incluso material.","m²",1.5,52.5,{"$f":"VLOOKUP(B50,'Orçamento Analítico - DF - P'!B:J,8,0)*(1-$M$2)","v":655.38396999999998},811.23,{"$f":"ROUND(J50*H50,2)","v":42589.58},9.7098781983967972E-3]
[13,null,null,null,"Outros serviços e insumos excepcionais.",{"$nulls":5},{"$f":"SUM(K52:K59)","v":369617.63999999996},8.4268083047047554E-2]
["13.1","COMPOSIÇÃO - 22","Próprio","Serviço","Fornecimento e instalação do pré filtro para revestimento interno.","m³",1.212,{"$f":"G52*$H$2","v":42.42},{"$f":"VLOOKUP(B52,'Orçamento Analítico - DF - P'!B:J,8,0)*(1-$M$2)","v":1653.3220000000001},{"$f":"ROUND(I52*(1+$I$2),2)","v":2046.48},{"$f":"ROUND(J52*H52,2)","v":86811.68},1.9791950026231749E-2]
["13.2","COMPOSIÇÃO - 23","Próprio","Serviço","Execução de tamponamento conforme especificação.","m³",0.24,8.4,{"$f":"VLOOKUP(B53,'Orçamento Analítico - DF - P'!B:J,8,0)*(1-$M$2)","v":803.13000000000011},994.11,8350.52,1.9038114978658259E-3]
["13.3","COMPOSIÇÃO - 24","Próprio","Serviço","Fornecimento e instalação do filtro para revestimento interno ø 4 1/2\".","m",0.6,21,{"$f":"VLOOKUP(B54,'Orçamento Analítico - DF - P'!B:J,8,0)*(1-$M$2)","v":122.6825},151.86000000000001,3189.06,7.2706479301696072E-4]
["13.4","COMPOSIÇÃO - 25","Próprio","Serviço","Fornecimento e instalação do revestimento interno ø 4 1/2\".","m",34.799999999999997,1218,{"$f":"VLOOKUP(B55,'Orçamento Analítico - DF - P'!B:J,8,0)*(1-$M$2)","v":113.13249999999999},140.04,170568.72,3.8887481296045835E-2]
["13.5"," M3929 ","SICRO3","Insumo","Tubo em aço-carbono - e = 3,00 mm e d = 150 mm (6\").","m",9,315,{"$f":"VLOOKUP(B56,'Orçamento Analítico - DF - P'!B:J,8,0)*(1-$M$2)","v":148.57},{"$f":"ROUND(I56*(1+$J$2),2)","v":170.39},53672.85,1.2236721659636501E-2]
["13.6",5108,"Orse","Insumo","Revestimento tubo liso aço sch-40 em 8\"","m",6,210,{"$f":"VLOOKUP(B57,'Orçamento Analítico - DF - P'!B:J,8,0)*(1-$M$2)","v":164.55},188.72,39631.199999999997,9.0354054878283158E-3]
["13.7"," M039706073 ","EMBASA","Insumo","Filtro nold em aço galvanizado dn 6\".","m",0.04,1.4000000000000001,{"$f":"VLOOKUP(B58,'Orçamento Analítico - DF - P'!B:J,8,0)*(1-$M$2)","v":835.86},958.65,1342.11,3.0598387278884468E-4]
["13.8","COMPOSIÇÃO - 26","Próprio","Serviço","Limpeza manual , remoção de cerca, capina e instalação dos equipamentos (área do poço, painéis solares, bebedouro e reservatório).","m²",70,{"$f":"G59*$H$2","v":2450},{"$f":"VLOOKUP(B59,'Orçamento Analítico - DF - P'!B:J,8,0)*(1-$M$2)","v":1.9952000000000001},{"$f":"ROUND(I59*(1+$I$2),2)","v":2.4700000000000002},6051.5,1.3796644136335277E-3]

{"sheet":"Orçamento Analítico - DF - P","index":20,"n_rows":424,"n_cols":10,"rows_kept":424,"cut":false,"hidden":false,"merged":[[275,7,275,8],[279,4,279,5],[281,7,281,8],[284,5,284,6],[291,7,291,8],[288,4,288,5],[289,4,289,5],[257,7,257,8],[261,4,261,5],[263,7,263,8],[266,4,266,5],[272,4,272,5],[338,7,338,8],[341,5,341,6],[342,4,342,5],[409,4,409,5],[376,4,376,5],[377,4,377,5],[378,4,378,5],[379,4,379,5],[385,4,385,5],[386,4,386,5],[387,4,387,5],[388,4,388,5],[343,4,343,5],[344,4,344,5],[345,4,345,5],[346,4,346,5],[347,4,347,5],[348,4,348,5],[391,7,391,8],[398,4,398,5],[400,7,400,8],[403,4,403,5],[404,4,404,5],[406,7,406,8],[412,7,412,8],[350,4,350,5],[351,7,351,8],[382,7,382,8],[354,4,354,5],[355,4,355,5],[356,4,356,5],[357,4,357,5],[358,4,358,5],[359,4,359,5],[366,4,366,5],[367,4,367,5],[368,4,368,5],[369,4,369,5],[370,4,370,5],[360,4,360,5],[362,7,362,8],[365,5,365,6],[371,4,371,5],[373,7,373,8],[380,4,380,5],[211,7,211,8],[214,5,214,6],[231,4,231,5],[236,7,236,8],[239,5,239,6],[244,4,244,5],[249,7,249,8],[255,4,255,5],[242,4,242,5],[243,4,243,5],[252,4,252,5],[253,4,253,5],[254,4,254,5],[217,4,217,5],[218,4,218,5],[219,4,219,5],[220,4,220,5],[221,4,221,5],[232,4,232,5],[233,4,233,5],[234,4,234,5],[246,4,246,5],[247,4,247,5],[114,4,114,5],[116,7,116,8],[124,4,124,5],[126,7,126,8],[129,5,129,6],[154,4,154,5],[156,7,156,8],[172,7,172,8],[134,4,134,5],[135,4,135,5],[136,4,136,5],[137,4,137,5],[149,4,149,5],[150,4,150,5],[151,4,151,5],[165,4,165,5],[166,4,166,5],[167,4,167,5],[168,4,168,5],[169,4,169,5],[170,4,170,5],[159,4,159,5],[160,4,160,5],[161,4,161,5],[82,4,82,5],[84,7,84,8],[87,5,87,6],[90,4,90,5],[92,7,92,8],[98,4,98,5],[100,7,100,8],[106,4,106,5],[108,7,108,8],[56,4,56,5],[58,7,58,8],[61,5,61,6],[63,4,63,5],[65,7,65,8],[69,4,69,5],[71,7,71,8],[76,4,76,5],[78,7,78,8],[62,4,62,5],[68,4,68,5],[74,4,74,5],[75,4,75,5],[201,4,201,5],[202,4,202,5],[203,4,203,5],[204,4,204,5],[205,4,205,5],[206,4,206,5],[207,4,207,5],[208,4,208,5],[209,4,209,5],[192,4,192,5],[193,4,193,5],[194,4,194,5],[195,4,195,5],[196,4,196,5],[197,4,197,5],[198,4,198,5],[199,4,199,5],[200,4,200,5],[349,4,349,5],[267,4,267,5],[294,5,294,6],[298,4,298,5],[299,4,299,5],[300,4,300,5],[301,4,301,5],[273,4,273,5],[429,0,429,2],[421,4,421,5],[422,4,422,5],[307,4,307,5],[312,4,312,5],[318,4,318,5],[319,4,319,5],[320,4,320,5],[321,4,321,5],[322,4,322,5],[323,4,323,5],[329,4,329,5],[335,4,335,5],[415,4,415,5],[389,4,389,5],[410,4,410,5],[430,0,430,2],[430,5,430,6],[430,7,430,9],[432,0,432,9],[428,0,428,2],[428,5,428,6],[428,7,428,9],[429,5,429,6],[429,7,429,9],[418,7,418,8],[423,4,423,5],[425,7,425,8],[394,4,394,5],[395,4,395,5],[396,4,396,5],[397,4,397,5],[295,4,295,5],[296,4,296,5],[297,4,297,5],[416,4,416,5],[302,4,302,5],[336,4,336,5],[309,7,309,8],[313,4,313,5],[315,7,315,8],[324,4,324,5],[326,7,326,8],[330,4,330,5],[332,7,332,8],[303,4,303,5],[304,4,304,5],[305,4,305,5],[306,4,306,5],[14,4,14,5],[15,4,15,5],[16,4,16,5],[17,4,17,5],[23,4,23,5],[24,4,24,5],[25,4,25,5],[18,4,18,5],[20,7,20,8],[0,2,2,7],[3,0,3,9],[4,5,4,6],[6,4,6,5],[7,4,7,5],[8,4,8,5],[5,5,5,6],[9,4,9,5],[11,7,11,8],[26,4,26,5],[27,4,27,5],[28,4,28,5],[29,4,29,5],[30,4,30,5],[37,4,37,5],[31,4,31,5],[33,7,33,8],[36,5,36,6],[38,4,38,5],[39,4,39,5],[45,4,45,5],[46,4,46,5],[47,4,47,5],[40,4,40,5],[42,7,42,8],[48,4,48,5],[50,7,50,8],[53,4,53,5],[54,4,54,5],[55,4,55,5],[131,4,131,5],[132,4,132,5],[133,4,133,5],[122,4,122,5],[123,4,123,5],[130,4,130,5],[111,4,111,5],[112,4,112,5],[113,4,113,5],[119,4,119,5],[120,4,120,5],[121,4,121,5],[81,4,81,5],[88,4,88,5],[89,4,89,5],[95,4,95,5],[96,4,96,5],[97,4,97,5],[103,4,103,5],[104,4,104,5],[105,4,105,5],[162,4,162,5],[163,4,163,5],[164,4,164,5],[145,4,145,5],[146,4,146,5],[147,4,147,5],[148,4,148,5],[138,4,138,5],[139,4,139,5],[140,4,140,5],[141,4,141,5],[142,4,142,5],[143,4,143,5],[144,4,144,5],[152,4,152,5],[153,4,153,5],[175,5,175,6],[176,4,176,5],[177,4,177,5],[178,4,178,5],[179,4,179,5],[180,4,180,5],[181,4,181,5],[182,4,182,5],[183,4,183,5],[185,7,185,8],[188,5,188,6],[189,4,189,5],[190,4,190,5],[191,4,191,5],[285,4,285,5],[286,4,286,5],[287,4,287,5],[278,4,278,5],[222,4,222,5],[223,4,223,5],[224,4,224,5],[225,4,225,5],[226,4,226,5],[227,4,227,5],[228,4,228,5],[229,4,229,5],[230,4,230,5],[215,4,215,5],[216,4,216,5],[260,4,260,5],[240,4,240,5],[241,4,241,5],[269,7,269,8]]}
[{"$error":"#REF!"},null,"OBJETO: EXECUÇÃO DE SERVIÇOS DE PERFURAÇÃO E INSTALAÇÃO DE POÇOS TUBULARES EM MUNICÍPIOS LOCALIZADOS NO DISTRITO FEDERAL, NA ÁREA DE ATUAÇÃO DA CODEVASF"]
[]
[]
["PLANILHA ANALÍTICA - POÇO PARCIALMENTE REVESTIDO - DISTRITO FEDERAL"]
[1,null,null,"Serviços preliminares."]
[" 1 ",null,null,"SERVIÇOS PRELIMINARES"]
[" 1.1 ","Código","Banco","Descrição","Tipo",null,"Und","Quant.","Valor Unit","Total"]
["Composição","COMPOSIÇÃO - 1","Próprio","Administração Local da Obra - Poço Parcialmente Revestido","CANT - CANTEIRO DE OBRAS",null,"un",1,{"$f":"SUM(J9:J10)","v":337.96350000000001},{"$f":"I8*H8","v":337.96350000000001}]
["Composição Auxiliar",12710,"SBC","DESPESAS GERAIS DE MANUTENCAO CANTEIRO DE OBRAS","INSTALACOES PROVISORIAS",null,"MES",0.03,{"$f":"IF(C9=\"SINAPI\", IF( IF(A9=\"Insumo\", VLOOKUP(B9,'SINAPI INSUMOS'!B:J,7,0), VLOOKUP(B9,'SINAPI COMP'!B:M,8,0))=0,VLOOKUP(B9,'OUTRAS BASES'!C:D,2,0),IF(A9=\"Insumo\", VLOOKUP(B9,'SINAPI INSUMOS'!B:J,7,0),VLOOKUP(B9,'SINAPI COMP'!B:M,8,0))), VLOOKUP(B9,'OUTRAS BASES'!C:D,2,0))","v":910.61},{"$f":"I9*H9","v":27.318300000000001}]
["Composição Auxiliar",100321,"SINAPI","TÉCNICO EM SEGURANÇA DO TRABALHO COM ENCARGOS COMPLEMENTARES","Livro SINAPI: Cálculos e Parâmetros",null,"MES",0.03,{"$f":"IF(C10=\"SINAPI\", IF( IF(A10=\"Insumo\", VLOOKUP(B10,'SINAPI INSUMOS'!B:J,7,0), VLOOKUP(B10,'SINAPI COMP'!B:M,8,0))=0,VLOOKUP(B10,'OUTRAS BASES'!C:D,2,0),IF(A10=\"Insumo\", VLOOKUP(B10,'SINAPI INSUMOS'!B:J,7,0),VLOOKUP(B10,'SINAPI COMP'!B:M,8,0))), VLOOKUP(B10,'OUTRAS BASES'!C:D,2,0))","v":10354.84},310.64519999999999]
[]
[]
[]
[]
[" 1.2 ","Código","Banco","Descrição","Tipo",null,"Und","Quant.","Valor Unit","Total"]
["Composição","COMPOSIÇÃO - 2","Próprio","Serviço de locação Geológica de campo com relatório hidro geológico e perfil construtivo e geológico esperado. Relatório de Viabilidade de implantação das estruturas e vistorias preliminares","SERT - SERVIÇOS TÉCNICOS",null,"un",1,{"$f":"SUM(J17:J19)","v":606.15},{"$f":"I16*H16","v":606.15}]
["Composição Auxiliar"," 30.01.45 ","EMBASA","GEOLOGO SENIOR",3001,null,"hora",5,{"$f":"IF(C17=\"SINAPI\", IF( IF(A17=\"Insumo\", VLOOKUP(B17,'SINAPI INSUMOS'!B:J,7,0), VLOOKUP(B17,'SINAPI COMP'!B:M,8,0))=0,VLOOKUP(B17,'OUTRAS BASES'!C:D,2,0),IF(A17=\"Insumo\", VLOOKUP(B17,'SINAPI INSUMOS'!B:J,7,0),VLOOKUP(B17,'SINAPI COMP'!B:M,8,0))), VLOOKUP(B17,'OUTRAS BASES'!C:D,2,0))","v":99.88},499.4]
["Insumo",5896,"ORSE","Veículo tipo sedan ou pick-up capacidade 0,6 ton h","Equipamento",null,"h",5,{"$f":"IF(C18=\"SINAPI\", IF( IF(A18=\"Insumo\", VLOOKUP(B18,'SINAPI INSUMOS'!B:J,7,0), VLOOKUP(B18,'SINAPI COMP'!B:M,8,0))=0,VLOOKUP(B18,'OUTRAS BASES'!C:D,2,0),IF(A18=\"Insumo\", VLOOKUP(B18,'SINAPI INSUMOS'!B:J,7,0),VLOOKUP(B18,'SINAPI COMP'!B:M,8,0))), VLOOKUP(B18,'OUTRAS BASES'!C:D,2,0))","v":8.33},41.65]
["Insumo",4222,"SINAPI","GASOLINA COMUM","Material",null,"L",10,{"$f":"IF(C19=\"SINAPI\", IF( IF(A19=\"Insumo\", VLOOKUP(B19,'SINAPI INSUMOS'!B:J,7,0), VLOOKUP(B19,'SINAPI COMP'!B:M,8,0))=0,VLOOKUP(B19,'OUTRAS BASES'!C:D,2,0),IF(A19=\"Insumo\", VLOOKUP(B19,'SINAPI INSUMOS'!B:J,7,0),VLOOKUP(B19,'SINAPI COMP'!B:M,8,0))), VLOOKUP(B19,'OUTRAS BASES'!C:D,2,0))","v":6.51},65.099999999999994]
[]
[]
[]
[]
[" 1.3 ","Código","Banco","Descrição","Tipo",null,"Und","Quant.","Valor Unit","Total"]
["Composição",103689,"SINAPI","FORNECIMENTO E INSTALAÇÃO DE PLACA DE OBRA COM CHAPA GALVANIZADA E ESTRUTURA DE MADEIRA. AF_03/2022_PS","Sinalização Vertical Viária",null,"m²",1,{"$f":"IF(C25=\"SINAPI\", IF( IF(A25=\"Insumo\", VLOOKUP(B25,'SINAPI INSUMOS'!B:J,7,0), VLOOKUP(B25,'SINAPI COMP'!B:M,8,0))=0,VLOOKUP(B25,'OUTRAS BASES'!C:D,2,0),IF(A25=\"Insumo\", VLOOKUP(B25,'SINAPI INSUMOS'!B:J,7,0),VLOOKUP(B25,'SINAPI COMP'!B:M,8,0))), VLOOKUP(B25,'OUTRAS BASES'!C:D,2,0))","v":465.25},{"$f":"I25*H25","v":465.25}]
["Composição Auxiliar",102234,"SINAPI","PINTURA IMUNIZANTE PARA MADEIRA, 2 DEMÃOS. AF_01/2021","Pintura em Madeira",null,"m²",0.5,{"$f":"IF(C26=\"SINAPI\", IF( IF(A26=\"Insumo\", VLOOKUP(B26,'SINAPI INSUMOS'!B:J,7,0), VLOOKUP(B26,'SINAPI COMP'!B:M,8,0))=0,VLOOKUP(B26,'OUTRAS BASES'!C:D,2,0),IF(A26=\"Insumo\", VLOOKUP(B26,'SINAPI INSUMOS'!B:J,7,0),VLOOKUP(B26,'SINAPI COMP'!B:M,8,0))), VLOOKUP(B26,'OUTRAS BASES'!C:D,2,0))","v":24.64},12.32]
["Composição Auxiliar",88262,"SINAPI","CARPINTEIRO DE FORMAS COM ENCARGOS COMPLEMENTARES","Livro SINAPI: Cálculos e Parâmetros",null,"H",0.37290000000000001,{"$f":"IF(C27=\"SINAPI\", IF( IF(A27=\"Insumo\", VLOOKUP(B27,'SINAPI INSUMOS'!B:J,7,0), VLOOKUP(B27,'SINAPI COMP'!B:M,8,0))=0,VLOOKUP(B27,'OUTRAS BASES'!C:D,2,0),IF(A27=\"Insumo\", VLOOKUP(B27,'SINAPI INSUMOS'!B:J,7,0),VLOOKUP(B27,'SINAPI COMP'!B:M,8,0))), VLOOKUP(B27,'OUTRAS BASES'!C:D,2,0))","v":32.24},12.022296000000001]
["Composição Auxiliar",88316,"SINAPI","SERVENTE COM ENCARGOS COMPLEMENTARES","Livro SINAPI: Cálculos e Parâmetros",null,"H",1.1186,{"$f":"IF(C28=\"SINAPI\", IF( IF(A28=\"Insumo\", VLOOKUP(B28,'SINAPI INSUMOS'!B:J,7,0), VLOOKUP(B28,'SINAPI COMP'!B:M,8,0))=0,VLOOKUP(B28,'OUTRAS BASES'!C:D,2,0),IF(A28=\"Insumo\", VLOOKUP(B28,'SINAPI INSUMOS'!B:J,7,0),VLOOKUP(B28,'SINAPI COMP'!B:M,8,0))), VLOOKUP(B28,'OUTRAS BASES'!C:D,2,0))","v":24.94},27.897884000000001]
["Insumo",4509,"SINAPI","SARRAFO *2,5 X 10* CM EM PINUS, MISTA OU EQUIVALENTE DA REGIAO - BRUTA","Material",null,"M",3.2082999999999999,{"$f":"IF(C29=\"SINAPI\", IF( IF(A29=\"Insumo\", VLOOKUP(B29,'SINAPI INSUMOS'!B:J,7,0), VLOOKUP(B29,'SINAPI COMP'!B:M,8,0))=0,VLOOKUP(B29,'OUTRAS BASES'!C:D,2,0),IF(A29=\"Insumo\", VLOOKUP(B29,'SINAPI INSUMOS'!B:J,7,0),VLOOKUP(B29,'SINAPI COMP'!B:M,8,0))), VLOOKUP(B29,'OUTRAS BASES'!C:D,2,0))","v":3.85},12.351955]
["Insumo",4813,"SINAPI","PLACA DE OBRA (PARA CONSTRUCAO CIVIL) EM CHAPA GALVANIZADA *N. 22*, ADESIVADA, DE *2,4 X 1,2* M (SEM POSTES PARA FIXACAO)","Material",null,"m²",1,{"$f":"IF(C30=\"SINAPI\", IF( IF(A30=\"Insumo\", VLOOKUP(B30,'SINAPI INSUMOS'!B:J,7,0), VLOOKUP(B30,'SINAPI COMP'!B:M,8,0))=0,VLOOKUP(B30,'OUTRAS BASES'!C:D,2,0),IF(A30=\"Insumo\", VLOOKUP(B30,'SINAPI INSUMOS'!B:J,7,0),VLOOKUP(B30,'SINAPI COMP'!B:M,8,0))), VLOOKUP(B30,'OUTRAS BASES'!C:D,2,0))","v":400},400]
["Insumo",5065,"SINAPI","PREGO DE ACO POLIDO COM CABECA 10 X 10 (7/8 X 17)","Material",null,"KG",1.1299999999999999E-2,{"$f":"IF(C31=\"SINAPI\", IF( IF(A31=\"Insumo\", VLOOKUP(B31,'SINAPI INSUMOS'!B:J,7,0), VLOOKUP(B31,'SINAPI COMP'!B:M,8,0))=0,VLOOKUP(B31,'OUTRAS BASES'!C:D,2,0),IF(A31=\"Insumo\", VLOOKUP(B31,'SINAPI INSUMOS'!B:J,7,0),VLOOKUP(B31,'SINAPI COMP'!B:M,8,0))), VLOOKUP(B31,'OUTRAS BASES'!C:D,2,0))","v":36.840000000000003},0.416292]
["Insumo",5069,"SINAPI","PREGO DE ACO POLIDO COM CABECA 17 X 27 (2 1/2 X 11)","Material",null,"KG",1.32E-2,{"$f":"IF(C32=\"SINAPI\", IF( IF(A32=\"Insumo\", VLOOKUP(B32,'SINAPI INSUMOS'!B:J,7,0), VLOOKUP(B32,'SINAPI COMP'!B:M,8,0))=0,VLOOKUP(B32,'OUTRAS BASES'!C:D,2,0),IF(A32=\"Insumo\", VLOOKUP(B32,'SINAPI INSUMOS'!B:J,7,0),VLOOKUP(B32,'SINAPI COMP'!B:M,8,0))), VLOOKUP(B32,'OUTRAS BASES'!C:D,2,0))","v":19.739999999999998},0.26056799999999997]
[]
[]
[]
[]
[" 2 ",null,null,"MOBILIZAÇÂO E DESMOBILIZAÇÂO EQUIPES PERFURAÇÂO E INSTALAÇÃO"]
[" 2.1 ","Código","Banco","Descrição","Tipo",null,"Und","Quant.","Valor Unit","Total"]
["Composição","COMPOSIÇÃO - 3","Próprio","Transporte de Comboio Perfuração","TRAN - TRANSPORTES, CARGAS E DESCARGAS",null,"km",1,{"$f":"SUM(J40:J41)","v":4.7679254000000002},{"$f":"I39*H39","v":4.7679254000000002}]
["Composição Auxiliar",5824,"SINAPI","CAMINHÃO TOCO, PBT 16.000 KG, CARGA ÚTIL MÁX. 10.685 KG, DIST. ENTRE EIXOS 4,8 M, POTÊNCIA 189 CV, INCLUSIVE CARROCERIA FIXA ABERTA DE MADEIRA P/ TRANSPORTE GERAL DE CARGA SECA, DIMEN. APROX. 2,5 X 7,00 X 0,50 M - CHP DIURNO. AF_06/2014","Custos Horários Produtivo e Improdutivo dos Equipamentos",null,"CHP",1.6660000000000001E-2,{"$f":"IF(C40=\"SINAPI\", IF( IF(A40=\"Insumo\", VLOOKUP(B40,'SINAPI INSUMOS'!B:J,7,0), VLOOKUP(B40,'SINAPI COMP'!B:M,8,0))=0,VLOOKUP(B40,'OUTRAS BASES'!C:D,2,0),IF(A40=\"Insumo\", VLOOKUP(B40,'SINAPI INSUMOS'!B:J,7,0),VLOOKUP(B40,'SINAPI COMP'!B:M,8,0))), VLOOKUP(B40,'OUTRAS BASES'!C:D,2,0))","v":221.76},3.6945216000000003]
["Composição Auxiliar",5826,"SINAPI","CAMINHÃO TOCO, PBT 16.000 KG, CARGA ÚTIL MÁX. 10.685 KG, DIST. ENTRE EIXOS 4,8 M, POTÊNCIA 189 CV, INCLUSIVE CARROCERIA FIXA ABERTA DE MADEIRA P/ TRANSPORTE GERAL DE CARGA SECA, DIMEN. APROX. 2,5 X 7,00 X 0,50 M - CHI DIURNO. AF_06/2014","Custos Horários Produtivo e Improdutivo dos Equipamentos",null,"CHI",1.6660000000000001E-2,{"$f":"IF(C41=\"SINAPI\", IF( IF(A41=\"Insumo\", VLOOKUP(B41,'SINAPI INSUMOS'!B:J,7,0), VLOOKUP(B41,'SINAPI COMP'!B:M,8,0))=0,VLOOKUP(B41,'OUTRAS BASES'!C:D,2,0),IF(A41=\"Insumo\", VLOOKUP(B41,'SINAPI INSUMOS'!B:J,7,0),VLOOKUP(B41,'SINAPI COMP'!B:M,8,0))), VLOOKUP(B41,'OUTRAS BASES'!C:D,2,0))","v":64.430000000000007},1.0734038000000001]
[]
[]
[]
[]
[" 2.2 ","Código","Banco","Descrição","Tipo",null,"Und","Quant.","Valor Unit","Total"]
["Composição","COMPOSIÇÃO - 4","Próprio","Transporte de Comboio Instalação","TRAN - TRANSPORTES, CARGAS E DESCARGAS",null,"km",1,{"$f":"SUM(J48:J49)","v":5.9347918000000002},{"$f":"I47*H47","v":5.9347918000000002}]
["Composição Auxiliar",5928,"SINAPI","GUINDAUTO HIDRÁULICO, CAPACIDADE MÁXIMA DE CARGA 6200 KG, MOMENTO MÁXIMO DE CARGA 11,7 TM, ALCANCE MÁXIMO HORIZONTAL 9,70 M, INCLUSIVE CAMINHÃO TOCO PBT 16.000 KG, POTÊNCIA DE 189 CV - CHP DIURNO. AF_06/2014","Custos Horários Produtivo e Improdutivo dos Equipamentos",null,"CHP",1.6660000000000001E-2,{"$f":"IF(C48=\"SINAPI\", IF( IF(A48=\"Insumo\", VLOOKUP(B48,'SINAPI INSUMOS'!B:J,7,0), VLOOKUP(B48,'SINAPI COMP'!B:M,8,0))=0,VLOOKUP(B48,'OUTRAS BASES'!C:D,2,0),IF(A48=\"Insumo\", VLOOKUP(B48,'SINAPI INSUMOS'!B:J,7,0),VLOOKUP(B48,'SINAPI COMP'!B:M,8,0))), VLOOKUP(B48,'OUTRAS BASES'!C:D,2,0))","v":281.77999999999997},4.6944547999999999]
["Composição Auxiliar",5930,"SINAPI","GUINDAUTO HIDRÁULICO, CAPACIDADE MÁXIMA DE CARGA 6200 KG, MOMENTO MÁXIMO DE CARGA 11,7 TM, ALCANCE MÁXIMO HORIZONTAL 9,70 M, INCLUSIVE CAMINHÃO TOCO PBT 16.000 KG, POTÊNCIA DE 189 CV - CHI DIURNO. AF_06/2014","Custos Horários Produtivo e Improdutivo dos Equipamentos",null,"CHI",1.6660000000000001E-2,{"$f":"IF(C49=\"SINAPI\", IF( IF(A49=\"Insumo\", VLOOKUP(B49,'SINAPI INSUMOS'!B:J,7,0), VLOOKUP(B49,'SINAPI COMP'!B:M,8,0))=0,VLOOKUP(B49,'OUTRAS BASES'!C:D,2,0),IF(A49=\"Insumo\", VLOOKUP(B49,'SINAPI INSUMOS'!B:J,7,0),VLOOKUP(B49,'SINAPI COMP'!B:M,8,0))), VLOOKUP(B49,'OUTRAS BASES'!C:D,2,0))","v":74.45},1.2403370000000002]
[]
[]
[]
[]
[" 2.3 ","Código","Banco","Descrição","Tipo",null,"Und","Quant.","Valor Unit","Total"]
["Composição","COMPOSIÇÃO - 5","Próprio","Transporte de Equipe Teste de Vazão","TRAN - TRANSPORTES, CARGAS E DESCARGAS",null,"km",1,{"$f":"SUM(J56:J57)","v":2.6213890000000002},{"$f":"I55*H55","v":2.6213890000000002}]
["Composição Auxiliar",73467,"SINAPI","CAMINHÃO TOCO, PBT 14.300 KG, CARGA ÚTIL MÁX. 9.710 KG, DIST. ENTRE EIXOS 3,56 M, POTÊNCIA 185 CV, INCLUSIVE CARROCERIA FIXA ABERTA DE MADEIRA P/ TRANSPORTE GERAL DE CARGA SECA, DIMEN. APROX. 2,50 X 6,50 X 0,50 M - CHP DIURNO. AF_06/2014","Custos Horários Produtivo e Improdutivo dos Equipamentos",null,"CHP",8.3000000000000001E-3,{"$f":"IF(C56=\"SINAPI\", IF( IF(A56=\"Insumo\", VLOOKUP(B56,'SINAPI INSUMOS'!B:J,7,0), VLOOKUP(B56,'SINAPI COMP'!B:M,8,0))=0,VLOOKUP(B56,'OUTRAS BASES'!C:D,2,0),IF(A56=\"Insumo\", VLOOKUP(B56,'SINAPI INSUMOS'!B:J,7,0),VLOOKUP(B56,'SINAPI COMP'!B:M,8,0))), VLOOKUP(B56,'OUTRAS BASES'!C:D,2,0))","v":254.32},2.1108560000000001]
["Composição Auxiliar",91395,"SINAPI","CAMINHÃO TOCO, PBT 14.300 KG, CARGA ÚTIL MÁX. 9.710 KG, DIST. ENTRE EIXOS 3,56 M, POTÊNCIA 185 CV, INCLUSIVE CARROCERIA FIXA ABERTA DE MADEIRA P/ TRANSPORTE GERAL DE CARGA SECA, DIMEN. APROX. 2,50 X 6,50 X 0,50 M - CHI DIURNO. AF_06/2014","Custos Horários Produtivo e Improdutivo dos Equipamentos",null,"CHI",8.3000000000000001E-3,{"$f":"IF(C57=\"SINAPI\", IF( IF(A57=\"Insumo\", VLOOKUP(B57,'SINAPI INSUMOS'!B:J,7,0), VLOOKUP(B57,'SINAPI COMP'!B:M,8,0))=0,VLOOKUP(B57,'OUTRAS BASES'!C:D,2,0),IF(A57=\"Insumo\", VLOOKUP(B57,'SINAPI INSUMOS'!B:J,7,0),VLOOKUP(B57,'SINAPI COMP'!B:M,8,0))), VLOOKUP(B57,'OUTRAS BASES'!C:D,2,0))","v":61.51},0.51053300000000001]
[]
[]
[]
[]
[" 3 ",null,null,"PERFURAÇÃO E COMPLETAÇÃO DE POÇO TUBULAR"]
[" 3.1 ","Código","Banco","Descrição","Tipo",null,"Und","Quant.","Valor Unit","Total"]
["Insumo",5048,"ORSE","Perfuraçao em rocha cristalina - rocha cristalina alterada / compacta dn 6\"  (poço até 120m)","Serviços",null,"m",1,{"$f":"IF(C64=\"SINAPI\", IF( IF(A64=\"Insumo\", VLOOKUP(B64,'SINAPI INSUMOS'!B:J,7,0), VLOOKUP(B64,'SINAPI COMP'!B:M,8,0))=0,VLOOKUP(B64,'OUTRAS BASES'!C:D,2,0),IF(A64=\"Insumo\", VLOOKUP(B64,'SINAPI INSUMOS'!B:J,7,0),VLOOKUP(B64,'SINAPI COMP'!B:M,8,0))), VLOOKUP(B64,'OUTRAS BASES'!C:D,2,0))","v":125.23},{"$f":"I64*H64","v":125.23}]
[]
[]
[]
[]
[" 3.2 ","Código","Banco","Descrição","Tipo",null,"Und","Quant.","Valor Unit","Total"]
["Insumo",5057,"ORSE"," Perfuração rocha sedimentar sedimento / Camadas inconsolidadas DN 12.1/2\" - Poço até 150 m (Perfuração rotopneumática Ø 12 1/2\")","Serviços",null,"m",1,{"$f":"IF(C70=\"SINAPI\", IF( IF(A70=\"Insumo\", VLOOKUP(B70,'SINAPI INSUMOS'!B:J,7,0), VLOOKUP(B70,'SINAPI COMP'!B:M,8,0))=0,VLOOKUP(B70,'OUTRAS BASES'!C:D,2,0),IF(A70=\"Insumo\", VLOOKUP(B70,'SINAPI INSUMOS'!B:J,7,0),VLOOKUP(B70,'SINAPI COMP'!B:M,8,0))), VLOOKUP(B70,'OUTRAS BASES'!C:D,2,0))","v":247.66},{"$f":"I70*H70","v":247.66}]
[]
[]
[]
[]
[" 3.3 ","Código","Banco","Descrição","Tipo",null,"Und","Quant.","Valor Unit","Total"]
["Composição","COMPOSIÇÃO - 6","Próprio","Serviço de lançamento cimentação anelar, incluso materiais.","SEDI - SERVIÇOS DIVERSOS",null,"m³",1,{"$f":"SUM(J77)","v":521.34},{"$f":"I76*H76","v":521.34}]
["Composição Auxiliar",1903,"ORSE","Argamassa cimento e areia traço t-1 (1:3) - 1 saco cimento 50kg / 3 padiolas areia dim. 0.35 x 0.45 x 0.23 m - Confecção mecânica e transporte","Argamassas",null,"m³",1,{"$f":"IF(C77=\"SINAPI\", IF( IF(A77=\"Insumo\", VLOOKUP(B77,'SINAPI INSUMOS'!B:J,7,0), VLOOKUP(B77,'SINAPI COMP'!B:M,8,0))=0,VLOOKUP(B77,'OUTRAS BASES'!C:D,2,0),IF(A77=\"Insumo\", VLOOKUP(B77,'SINAPI INSUMOS'!B:J,7,0),VLOOKUP(B77,'SINAPI COMP'!B:M,8,0))), VLOOKUP(B77,'OUTRAS BASES'!C:D,2,0))","v":521.34},521.34]
[]
[]
[]
[]
[" 3.4 ","Código","Banco","Descrição","Tipo",null,"Und","Quant.","Valor Unit","Total"]
["Insumo",9854,"SINAPI","TUBO PVC DE REVESTIMENTO GEOMECANICO NERVURADO STANDARD, DN = 154 MM, COMPRIMENTO = 2 M","Material",null,"M",1,{"$f":"IF(C83=\"SINAPI\", IF( IF(A83=\"Insumo\", VLOOKUP(B83,'SINAPI INSUMOS'!B:J,7,0), VLOOKUP(B83,'SINAPI COMP'!B:M,8,0))=0,VLOOKUP(B83,'OUTRAS BASES'!C:D,2,0),IF(A83=\"Insumo\", VLOOKUP(B83,'SINAPI INSUMOS'!B:J,7,0),VLOOKUP(B83,'SINAPI COMP'!B:M,8,0))), VLOOKUP(B83,'OUTRAS BASES'!C:D,2,0))","v":115.12},{"$f":"I83*H83","v":115.12}]
[]
[]
[]
[]
[" 4 ",null,null,"PÓS PERFURAÇÃO"]
[" 4.1 ","Código","Banco","Descrição","Tipo",null,"Und","Quant.","Valor Unit","Total"]
["Composição",6305,"ORSE","Desenvolvimento com Compressor 250psi / 750cfm","Conversão InfoWOrca",null,"h",1,{"$f":"IF(C90=\"SINAPI\", IF( IF(A90=\"Insumo\", VLOOKUP(B90,'SINAPI INSUMOS'!B:J,7,0), VLOOKUP(B90,'SINAPI COMP'!B:M,8,0))=0,VLOOKUP(B90,'OUTRAS BASES'!C:D,2,0),IF(A90=\"Insumo\", VLOOKUP(B90,'SINAPI INSUMOS'!B:J,7,0),VLOOKUP(B90,'SINAPI COMP'!B:M,8,0))), VLOOKUP(B90,'OUTRAS BASES'!C:D,2,0))","v":411.16},{"$f":"I90*H90","v":411.16}]
["Insumo",5030,"ORSE","Desenvolvimento com compressor 250psi - 750cfm h","Serviços",null,"h",1,{"$f":"IF(C91=\"SINAPI\", IF( IF(A91=\"Insumo\", VLOOKUP(B91,'SINAPI INSUMOS'!B:J,7,0), VLOOKUP(B91,'SINAPI COMP'!B:M,8,0))=0,VLOOKUP(B91,'OUTRAS BASES'!C:D,2,0),IF(A91=\"Insumo\", VLOOKUP(B91,'SINAPI INSUMOS'!B:J,7,0),VLOOKUP(B91,'SINAPI COMP'!B:M,8,0))), VLOOKUP(B91,'OUTRAS BASES'!C:D,2,0))","v":411.16},411.16]
[]
[]
[]
[]
[" 4.2 ","Código","Banco","Descrição","Tipo",null,"Und","Quant.","Valor Unit","Total"]
["Composição","COMPOSIÇÃO - 7","Próprio","Inspeção ótica em poço tubular câmera com rotação de 360º, visada lateral, com fonte própria de luz, entregue vídeo em cores e marcação de profundidades.","SEES - SERVIÇOS ESPECIAIS",null,"m",1,{"$f":"SUM(J98:J99)","v":9.6404600000000009},{"$f":"I97*H97","v":9.6404600000000009}]
["Insumo"," H020050004 ","EMBASA","APARELHO DE PERFILAGEM OPTICA","Material",null,"M",1,{"$f":"IF(C98=\"SINAPI\", IF( IF(A98=\"Insumo\", VLOOKUP(B98,'SINAPI INSUMOS'!B:J,7,0), VLOOKUP(B98,'SINAPI COMP'!B:M,8,0))=0,VLOOKUP(B98,'OUTRAS BASES'!C:D,2,0),IF(A98=\"Insumo\", VLOOKUP(B98,'SINAPI INSUMOS'!B:J,7,0),VLOOKUP(B98,'SINAPI COMP'!B:M,8,0))), VLOOKUP(B98,'OUTRAS BASES'!C:D,2,0))","v":4.4000000000000004},4.4000000000000004]
["Insumo"," B590000022 ","EMBASA","TECNICO MEDIO","Mão de Obra",null,"H",8.3500000000000005E-2,{"$f":"IF(C99=\"SINAPI\", IF( IF(A99=\"Insumo\", VLOOKUP(B99,'SINAPI INSUMOS'!B:J,7,0), VLOOKUP(B99,'SINAPI COMP'!B:M,8,0))=0,VLOOKUP(B99,'OUTRAS BASES'!C:D,2,0),IF(A99=\"Insumo\", VLOOKUP(B99,'SINAPI INSUMOS'!B:J,7,0),VLOOKUP(B99,'SINAPI COMP'!B:M,8,0))), VLOOKUP(B99,'OUTRAS BASES'!C:D,2,0))","v":62.76},5.2404600000000006]
[]
[]
[]
[]
[" 4.3 ","Código","Banco","Descrição","Tipo",null,"Und","Quant.","Valor Unit","Total"]
["Composição","COMPOSIÇÃO - 8","Próprio","Serviço de coleta e Análise Físico-Química e Bacteriológica","SEDI - SERVIÇOS DIVERSOS",null,"un",1,{"$f":"SUM(J106:J107)","v":621.19000000000005},{"$f":"I105*H105","v":621.19000000000005}]
["Composição Auxiliar",6312,"ORSE","Análise Físico-química da Água","Conversão InfoWOrca",null,"un",1,{"$f":"IF(C106=\"SINAPI\", IF( IF(A106=\"Insumo\", VLOOKUP(B106,'SINAPI INSUMOS'!B:J,7,0), VLOOKUP(B106,'SINAPI COMP'!B:M,8,0))=0,VLOOKUP(B106,'OUTRAS BASES'!C:D,2,0),IF(A106=\"Insumo\", VLOOKUP(B106,'SINAPI INSUMOS'!B:J,7,0),VLOOKUP(B106,'SINAPI COMP'!B:M,8,0))), VLOOKUP(B106,'OUTRAS BASES'!C:D,2,0))","v":565.21},565.21]
["Composição Auxiliar",6313,"ORSE","Análise Bacteriológica da Água","Conversão InfoWOrca",null,"un",1,{"$f":"IF(C107=\"SINAPI\", IF( IF(A107=\"Insumo\", VLOOKUP(B107,'SINAPI INSUMOS'!B:J,7,0), VLOOKUP(B107,'SINAPI COMP'!B:M,8,0))=0,VLOOKUP(B107,'OUTRAS BASES'!C:D,2,0),IF(A107=\"Insumo\", VLOOKUP(B107,'SINAPI INSUMOS'!B:J,7,0),VLOOKUP(B107,'SINAPI COMP'!B:M,8,0))), VLOOKUP(B107,'OUTRAS BASES'!C:D,2,0))","v":55.98},55.98]
[]
[]
[]
[]
[" 4.4 ","Código","Banco","Descrição","Tipo",null,"Und","Quant.","Valor Unit","Total"]
["Composição"," 24.80.22 ","EMBASA","(REVISADA) DESENVOLVIMENTO OU TESTE COM BOMBA SUBMERSA - UEB1 NO SEDIMENTO COM VAZAO < 60M3 (Ensaio de bombeamento poço tubular incluso materiais e grupo gerador)",2480,null,"H",1,{"$f":"IF(C113=\"SINAPI\", IF( IF(A113=\"Insumo\", VLOOKUP(B113,'SINAPI INSUMOS'!B:J,7,0), VLOOKUP(B113,'SINAPI COMP'!B:M,8,0))=0,VLOOKUP(B113,'OUTRAS BASES'!C:D,2,0),IF(A113=\"Insumo\", VLOOKUP(B113,'SINAPI INSUMOS'!B:J,7,0),VLOOKUP(B113,'SINAPI COMP'!B:M,8,0))), VLOOKUP(B113,'OUTRAS BASES'!C:D,2,0))","v":263.27},{"$f":"I113*H113","v":263.27}]
["Composição Auxiliar"," 24.00.15 ","EMBASA","EQUIPE (3 PROFISSIONAIS CAMPO) - BOMBEIO",2400,null,"H",1,{"$f":"IF(C114=\"SINAPI\", IF( IF(A114=\"Insumo\", VLOOKUP(B114,'SINAPI INSUMOS'!B:J,7,0), VLOOKUP(B114,'SINAPI COMP'!B:M,8,0))=0,VLOOKUP(B114,'OUTRAS BASES'!C:D,2,0),IF(A114=\"Insumo\", VLOOKUP(B114,'SINAPI INSUMOS'!B:J,7,0),VLOOKUP(B114,'SINAPI COMP'!B:M,8,0))), VLOOKUP(B114,'OUTRAS BASES'!C:D,2,0))","v":198.35},198.35]
["Insumo"," H020050001 ","EMBASA","UNIDADE DE ENSAIO E BOMBEAMENTO - UEB1 ATE 150M3 NO SEDIMENTO","Material",null,"H",1,{"$f":"IF(C115=\"SINAPI\", IF( IF(A115=\"Insumo\", VLOOKUP(B115,'SINAPI INSUMOS'!B:J,7,0), VLOOKUP(B115,'SINAPI COMP'!B:M,8,0))=0,VLOOKUP(B115,'OUTRAS BASES'!C:D,2,0),IF(A115=\"Insumo\", VLOOKUP(B115,'SINAPI INSUMOS'!B:J,7,0),VLOOKUP(B115,'SINAPI COMP'!B:M,8,0))), VLOOKUP(B115,'OUTRAS BASES'!C:D,2,0))","v":64.92},64.92]
[]
[]
[]
[]
[" 4.5 ","Código","Banco","Descrição","Tipo",null,"Und","Quant.","Valor Unit","Total"]
["Composição","COMPOSIÇÃO - 9","Próprio","Serviço de instalação de laje sanitária com dimensões (1,5x1,5x0,3) metros , incluso material.","SEDI - SERVIÇOS DIVERSOS",null,"un",1,{"$f":"SUM(J122:J125)","v":760.66650000000004},{"$f":"I121*H121","v":760.66650000000004}]
["Composição Auxiliar",92522,"SINAPI","MONTAGEM E DESMONTAGEM DE FÔRMA DE LAJE MACIÇA, PÉ-DIREITO SIMPLES, EM CHAPA DE MADEIRA COMPENSADA RESINADA, 8 UTILIZAÇÕES. AF_09/2020","Fôrmas para Estruturas de Concreto Armado",null,"m²",1.8,{"$f":"IF(C122=\"SINAPI\", IF( IF(A122=\"Insumo\", VLOOKUP(B122,'SINAPI INSUMOS'!B:J,7,0), VLOOKUP(B122,'SINAPI COMP'!B:M,8,0))=0,VLOOKUP(B122,'OUTRAS BASES'!C:D,2,0),IF(A122=\"Insumo\", VLOOKUP(B122,'SINAPI INSUMOS'!B:J,7,0),VLOOKUP(B122,'SINAPI COMP'!B:M,8,0))), VLOOKUP(B122,'OUTRAS BASES'!C:D,2,0))","v":43.92},79.056000000000012]
["Composição Auxiliar",93358,"SINAPI","ESCAVAÇÃO MANUAL DE VALA COM PROFUNDIDADE MENOR OU IGUAL A 1,30 M. AF_02/2021","Escavação de Valas",null,"m³",0.22500000000000001,{"$f":"IF(C123=\"SINAPI\", IF( IF(A123=\"Insumo\", VLOOKUP(B123,'SINAPI INSUMOS'!B:J,7,0), VLOOKUP(B123,'SINAPI COMP'!B:M,8,0))=0,VLOOKUP(B123,'OUTRAS BASES'!C:D,2,0),IF(A123=\"Insumo\", VLOOKUP(B123,'SINAPI INSUMOS'!B:J,7,0),VLOOKUP(B123,'SINAPI COMP'!B:M,8,0))), VLOOKUP(B123,'OUTRAS BASES'!C:D,2,0))","v":98.65},22.196250000000003]
["Composição Auxiliar",94975,"SINAPI","CONCRETO FCK = 15MPA, TRAÇO 1:3,4:3,5 (EM MASSA SECA DE CIMENTO/ AREIA MÉDIA/ BRITA 1) - PREPARO MANUAL. AF_05/2021","Produção de Concreto",null,"m³",0.67500000000000004,{"$f":"IF(C124=\"SINAPI\", IF( IF(A124=\"Insumo\", VLOOKUP(B124,'SINAPI INSUMOS'!B:J,7,0), VLOOKUP(B124,'SINAPI COMP'!B:M,8,0))=0,VLOOKUP(B124,'OUTRAS BASES'!C:D,2,0),IF(A124=\"Insumo\", VLOOKUP(B124,'SINAPI INSUMOS'!B:J,7,0),VLOOKUP(B124,'SINAPI COMP'!B:M,8,0))), VLOOKUP(B124,'OUTRAS BASES'!C:D,2,0))","v":631.15},426.02625]
["Composição Auxiliar",103670,"SINAPI","LANÇAMENTO COM USO DE BALDES, ADENSAMENTO E ACABAMENTO DE CONCRETO EM ESTRUTURAS. AF_02/2022","Concretagem para Estruturas de Concreto Armado",null,"m³",0.67500000000000004,{"$f":"IF(C125=\"SINAPI\", IF( IF(A125=\"Insumo\", VLOOKUP(B125,'SINAPI INSUMOS'!B:J,7,0), VLOOKUP(B125,'SINAPI COMP'!B:M,8,0))=0,VLOOKUP(B125,'OUTRAS BASES'!C:D,2,0),IF(A125=\"Insumo\", VLOOKUP(B125,'SINAPI INSUMOS'!B:J,7,0),VLOOKUP(B125,'SINAPI COMP'!B:M,8,0))), VLOOKUP(B125,'OUTRAS BASES'!C:D,2,0))","v":345.76},233.38800000000001]
[]
[]
[]
[]
[" 5 ",null,null,"RESERVAÇÃO"]
[" 5.1 ","Código","Banco","Descrição","Tipo",null,"Und","Quant.","Valor Unit","Total"]
["Composição","COMPOSIÇÃO - 10","Próprio","Fornecimento e instalação de reservatório e base elevada 10 m³","ASTU - ASSENTAMENTO DE TUBOS E PECAS",null,"un",1,{"$f":"SUM(J133:J155)","v":19921.961455000001},{"$f":"I132*H132","v":19921.961455000001}]
["Composição Auxiliar",92759,"SINAPI","ARMAÇÃO DE PILAR OU VIGA DE ESTRUTURA CONVENCIONAL DE CONCRETO ARMADO UTILIZANDO AÇO CA-60 DE 5,0 MM - MONTAGEM. AF_06/2022","Armação para Estruturas de Concreto Armado",null,"KG",17.2,{"$f":"IF(C133=\"SINAPI\", IF( IF(A133=\"Insumo\", VLOOKUP(B133,'SINAPI INSUMOS'!B:J,7,0), VLOOKUP(B133,'SINAPI COMP'!B:M,8,0))=0,VLOOKUP(B133,'OUTRAS BASES'!C:D,2,0),IF(A133=\"Insumo\", VLOOKUP(B133,'SINAPI INSUMOS'!B:J,7,0),VLOOKUP(B133,'SINAPI COMP'!B:M,8,0))), VLOOKUP(B133,'OUTRAS BASES'!C:D,2,0))","v":14.26},245.27199999999999]
["Composição Auxiliar",92761,"SINAPI","ARMAÇÃO DE PILAR OU VIGA DE ESTRUTURA CONVENCIONAL DE CONCRETO ARMADO UTILIZANDO AÇO CA-50 DE 8,0 MM - MONTAGEM. AF_06/2022","Armação para Estruturas de Concreto Armado",null,"KG",30.4,{"$f":"IF(C134=\"SINAPI\", IF( IF(A134=\"Insumo\", VLOOKUP(B134,'SINAPI INSUMOS'!B:J,7,0), VLOOKUP(B134,'SINAPI COMP'!B:M,8,0))=0,VLOOKUP(B134,'OUTRAS BASES'!C:D,2,0),IF(A134=\"Insumo\", VLOOKUP(B134,'SINAPI INSUMOS'!B:J,7,0),VLOOKUP(B134,'SINAPI COMP'!B:M,8,0))), VLOOKUP(B134,'OUTRAS BASES'!C:D,2,0))","v":11.99},364.49599999999998]
["Composição Auxiliar",92768,"SINAPI","ARMAÇÃO DE LAJE DE ESTRUTURA CONVENCIONAL DE CONCRETO ARMADO UTILIZANDO AÇO CA-60 DE 5,0 MM - MONTAGEM. AF_06/2022","Armação para Estruturas de Concreto Armado",null,"KG",11.9,{"$f":"IF(C135=\"SINAPI\", IF( IF(A135=\"Insumo\", VLOOKUP(B135,'SINAPI INSUMOS'!B:J,7,0), VLOOKUP(B135,'SINAPI COMP'!B:M,8,0))=0,VLOOKUP(B135,'OUTRAS BASES'!C:D,2,0),IF(A135=\"Insumo\", VLOOKUP(B135,'SINAPI INSUMOS'!B:J,7,0),VLOOKUP(B135,'SINAPI COMP'!B:M,8,0))), VLOOKUP(B135,'OUTRAS BASES'!C:D,2,0))","v":13.61},161.959]
["Composição Auxiliar",92770,"SINAPI","ARMAÇÃO DE LAJE DE ESTRUTURA CONVENCIONAL DE CONCRETO ARMADO UTILIZANDO AÇO CA-50 DE 8,0 MM - MONTAGEM. AF_06/2022","Armação para Estruturas de Concreto Armado",null,"KG",48,{"$f":"IF(C136=\"SINAPI\", IF( IF(A136=\"Insumo\", VLOOKUP(B136,'SINAPI INSUMOS'!B:J,7,0), VLOOKUP(B136,'SINAPI COMP'!B:M,8,0))=0,VLOOKUP(B136,'OUTRAS BASES'!C:D,2,0),IF(A136=\"Insumo\", VLOOKUP(B136,'SINAPI INSUMOS'!B:J,7,0),VLOOKUP(B136,'SINAPI COMP'!B:M,8,0))), VLOOKUP(B136,'OUTRAS BASES'!C:D,2,0))","v":11.41},547.68000000000006]
["Composição Auxiliar",93358,"SINAPI","ESCAVAÇÃO MANUAL DE VALA COM PROFUNDIDADE MENOR OU IGUAL A 1,30 M. AF_02/2021","Escavação de Valas",null,"m³",5.2,{"$f":"IF(C137=\"SINAPI\", IF( IF(A137=\"Insumo\", VLOOKUP(B137,'SINAPI INSUMOS'!B:J,7,0), VLOOKUP(B137,'SINAPI COMP'!B:M,8,0))=0,VLOOKUP(B137,'OUTRAS BASES'!C:D,2,0),IF(A137=\"Insumo\", VLOOKUP(B137,'SINAPI INSUMOS'!B:J,7,0),VLOOKUP(B137,'SINAPI COMP'!B:M,8,0))), VLOOKUP(B137,'OUTRAS BASES'!C:D,2,0))","v":98.65},512.98]
["Composição Auxiliar",92763,"SINAPI","ARMAÇÃO DE PILAR OU VIGA DE ESTRUTURA CONVENCIONAL DE CONCRETO ARMADO UTILIZANDO AÇO CA-50 DE 12,5 MM - MONTAGEM. AF_06/2022","Armação para Estruturas de Concreto Armado",null,"KG",118.4,{"$f":"IF(C138=\"SINAPI\", IF( IF(A138=\"Insumo\", VLOOKUP(B138,'SINAPI INSUMOS'!B:J,7,0), VLOOKUP(B138,'SINAPI COMP'!B:M,8,0))=0,VLOOKUP(B138,'OUTRAS BASES'!C:D,2,0),IF(A138=\"Insumo\", VLOOKUP(B138,'SINAPI INSUMOS'!B:J,7,0),VLOOKUP(B138,'SINAPI COMP'!B:M,8,0))), VLOOKUP(B138,'OUTRAS BASES'!C:D,2,0))","v":8.7799999999999994},1039.5519999999999]
["Composição Auxiliar",94970,"SINAPI","CONCRETO FCK = 20MPA, TRAÇO 1:2,7:3 (EM MASSA SECA DE CIMENTO/ AREIA MÉDIA/ BRITA 1) - PREPARO MECÂNICO COM BETONEIRA 600 L. AF_05/2021","Produção de Concreto",null,"m³",4.8899999999999997,{"$f":"IF(C139=\"SINAPI\", IF( IF(A139=\"Insumo\", VLOOKUP(B139,'SINAPI INSUMOS'!B:J,7,0), VLOOKUP(B139,'SINAPI COMP'!B:M,8,0))=0,VLOOKUP(B139,'OUTRAS BASES'!C:D,2,0),IF(A139=\"Insumo\", VLOOKUP(B139,'SINAPI INSUMOS'!B:J,7,0),VLOOKUP(B139,'SINAPI COMP'!B:M,8,0))), VLOOKUP(B139,'OUTRAS BASES'!C:D,2,0))","v":585.45000000000005},2862.8505]
["Composição Auxiliar",103670,"SINAPI","LANÇAMENTO COM USO DE BALDES, ADENSAMENTO E ACABAMENTO DE CONCRETO EM ESTRUTURAS. AF_02/2022","Concretagem para Estruturas de Concreto Armado",null,"m³",6.85,{"$f":"IF(C140=\"SINAPI\", IF( IF(A140=\"Insumo\", VLOOKUP(B140,'SINAPI INSUMOS'!B:J,7,0), VLOOKUP(B140,'SINAPI COMP'!B:M,8,0))=0,VLOOKUP(B140,'OUTRAS BASES'!C:D,2,0),IF(A140=\"Insumo\", VLOOKUP(B140,'SINAPI INSUMOS'!B:J,7,0),VLOOKUP(B140,'SINAPI COMP'!B:M,8,0))), VLOOKUP(B140,'OUTRAS BASES'!C:D,2,0))","v":345.76},2368.4559999999997]
["Composição Auxiliar",84651,"SINAPI","PINTURA COM TINTA IMPERMEAVEL MINERAL EM PO, DUAS DEMAOS","PINT - PINTURAS",null,"m²",28.27,{"$f":"IF(C141=\"SINAPI\", IF( IF(A141=\"Insumo\", VLOOKUP(B141,'SINAPI INSUMOS'!B:J,7,0), VLOOKUP(B141,'SINAPI COMP'!B:M,8,0))=0,VLOOKUP(B141,'OUTRAS BASES'!C:D,2,0),IF(A141=\"Insumo\", VLOOKUP(B141,'SINAPI INSUMOS'!B:J,7,0),VLOOKUP(B141,'SINAPI COMP'!B:M,8,0))), VLOOKUP(B141,'OUTRAS BASES'!C:D,2,0))","v":15.416499999999999},435.82445499999994]
["Composição Auxiliar",90776,"SINAPI","ENCARREGADO GERAL COM ENCARGOS COMPLEMENTARES","Livro SINAPI: Cálculos e Parâmetros",null,"H",1,{"$f":"IF(C142=\"SINAPI\", IF( IF(A142=\"Insumo\", VLOOKUP(B142,'SINAPI INSUMOS'!B:J,7,0), VLOOKUP(B142,'SINAPI COMP'!B:M,8,0))=0,VLOOKUP(B142,'OUTRAS BASES'!C:D,2,0),IF(A142=\"Insumo\", VLOOKUP(B142,'SINAPI INSUMOS'!B:J,7,0),VLOOKUP(B142,'SINAPI COMP'!B:M,8,0))), VLOOKUP(B142,'OUTRAS BASES'!C:D,2,0))","v":26.51},26.51]
["Composição Auxiliar",102482,"SINAPI","CONCRETO FCK = 25MPA, TRAÇO 1:2,2:2,5 (EM MASSA SECA DE CIMENTO/ AREIA MÉDIA/ SEIXO ROLADO) - PREPARO MECÂNICO COM BETONEIRA 600 L. AF_05/2021","Produção de Concreto",null,"m³",1.96,{"$f":"IF(C143=\"SINAPI\", IF( IF(A143=\"Insumo\", VLOOKUP(B143,'SINAPI INSUMOS'!B:J,7,0), VLOOKUP(B143,'SINAPI COMP'!B:M,8,0))=0,VLOOKUP(B143,'OUTRAS BASES'!C:D,2,0),IF(A143=\"Insumo\", VLOOKUP(B143,'SINAPI INSUMOS'!B:J,7,0),VLOOKUP(B143,'SINAPI COMP'!B:M,8,0))), VLOOKUP(B143,'OUTRAS BASES'!C:D,2,0))","v":895.69},1755.5524]
["Composição Auxiliar",92263,"SINAPI","FABRICAÇÃO DE FÔRMA PARA PILARES E ESTRUTURAS SIMILARES, EM CHAPA DE MADEIRA COMPENSADA RESINADA, E = 17 MM. AF_09/2020","Fôrmas para Estruturas de Concreto Armado",null,"m²",25.19,{"$f":"IF(C144=\"SINAPI\", IF( IF(A144=\"Insumo\", VLOOKUP(B144,'SINAPI INSUMOS'!B:J,7,0), VLOOKUP(B144,'SINAPI COMP'!B:M,8,0))=0,VLOOKUP(B144,'OUTRAS BASES'!C:D,2,0),IF(A144=\"Insumo\", VLOOKUP(B144,'SINAPI INSUMOS'!B:J,7,0),VLOOKUP(B144,'SINAPI COMP'!B:M,8,0))), VLOOKUP(B144,'OUTRAS BASES'!C:D,2,0))","v":150.99},3803.4381000000003]
["Composição Auxiliar",88267,"SINAPI","ENCANADOR OU BOMBEIRO HIDRÁULICO COM ENCARGOS COMPLEMENTARES","Livro SINAPI: Cálculos e Parâmetros",null,"H",4,{"$f":"IF(C145=\"SINAPI\", IF( IF(A145=\"Insumo\", VLOOKUP(B145,'SINAPI INSUMOS'!B:J,7,0), VLOOKUP(B145,'SINAPI COMP'!B:M,8,0))=0,VLOOKUP(B145,'OUTRAS BASES'!C:D,2,0),IF(A145=\"Insumo\", VLOOKUP(B145,'SINAPI INSUMOS'!B:J,7,0),VLOOKUP(B145,'SINAPI COMP'!B:M,8,0))), VLOOKUP(B145,'OUTRAS BASES'!C:D,2,0))","v":31.96},127.84]
["Composição Auxiliar",88248,"SINAPI","AUXILIAR DE ENCANADOR OU BOMBEIRO HIDRÁULICO COM ENCARGOS COMPLEMENTARES","Livro SINAPI: Cálculos e Parâmetros",null,"H",4,{"$f":"IF(C146=\"SINAPI\", IF( IF(A146=\"Insumo\", VLOOKUP(B146,'SINAPI INSUMOS'!B:J,7,0), VLOOKUP(B146,'SINAPI COMP'!B:M,8,0))=0,VLOOKUP(B146,'OUTRAS BASES'!C:D,2,0),IF(A146=\"Insumo\", VLOOKUP(B146,'SINAPI INSUMOS'!B:J,7,0),VLOOKUP(B146,'SINAPI COMP'!B:M,8,0))), VLOOKUP(B146,'OUTRAS BASES'!C:D,2,0))","v":25.26},101.04]
["Insumo",3146,"SINAPI","FITA VEDA ROSCA EM ROLOS DE 18 MM X 10 M (L X C)","Material",null,"UN",0.18,{"$f":"IF(C147=\"SINAPI\", IF( IF(A147=\"Insumo\", VLOOKUP(B147,'SINAPI INSUMOS'!B:J,7,0), VLOOKUP(B147,'SINAPI COMP'!B:M,8,0))=0,VLOOKUP(B147,'OUTRAS BASES'!C:D,2,0),IF(A147=\"Insumo\", VLOOKUP(B147,'SINAPI INSUMOS'!B:J,7,0),VLOOKUP(B147,'SINAPI COMP'!B:M,8,0))), VLOOKUP(B147,'OUTRAS BASES'!C:D,2,0))","v":4.5},0.80999999999999994]
["Insumo",37106,"SINAPI","CAIXA D'AGUA / RESERVATORIO EM POLIESTER REFORCADO COM FIBRA DE VIDRO, 10000 LITROS, COM TAMPA","Material",null,"UN",1,{"$f":"IF(C148=\"SINAPI\", IF( IF(A148=\"Insumo\", VLOOKUP(B148,'SINAPI INSUMOS'!B:J,7,0), VLOOKUP(B148,'SINAPI COMP'!B:M,8,0))=0,VLOOKUP(B148,'OUTRAS BASES'!C:D,2,0),IF(A148=\"Insumo\", VLOOKUP(B148,'SINAPI INSUMOS'!B:J,7,0),VLOOKUP(B148,'SINAPI COMP'!B:M,8,0))), VLOOKUP(B148,'OUTRAS BASES'!C:D,2,0))","v":5304.56},5304.56]
["Insumo",14073,"ORSE","CURVA 90º PVC D=50MM, LINHA IRRIGA-LF, TIGRE OU SIMILAR","Material",null,"UM",3,{"$f":"IF(C149=\"SINAPI\", IF( IF(A149=\"Insumo\", VLOOKUP(B149,'SINAPI INSUMOS'!B:J,7,0), VLOOKUP(B149,'SINAPI COMP'!B:M,8,0))=0,VLOOKUP(B149,'OUTRAS BASES'!C:D,2,0),IF(A149=\"Insumo\", VLOOKUP(B149,'SINAPI INSUMOS'!B:J,7,0),VLOOKUP(B149,'SINAPI COMP'!B:M,8,0))), VLOOKUP(B149,'OUTRAS BASES'!C:D,2,0))","v":8.1},24.299999999999997]
["Insumo",14068,"ORSE","Tubo PVC para irrigação LF PN 80 Ø 50mm, linha Irriga-LF, Tigre ou similar","Material",null,"UN",15.2,{"$f":"IF(C150=\"SINAPI\", IF( IF(A150=\"Insumo\", VLOOKUP(B150,'SINAPI INSUMOS'!B:J,7,0), VLOOKUP(B150,'SINAPI COMP'!B:M,8,0))=0,VLOOKUP(B150,'OUTRAS BASES'!C:D,2,0),IF(A150=\"Insumo\", VLOOKUP(B150,'SINAPI INSUMOS'!B:J,7,0),VLOOKUP(B150,'SINAPI COMP'!B:M,8,0))), VLOOKUP(B150,'OUTRAS BASES'!C:D,2,0))","v":9.27},140.904]
["Insumo",1434,"ORSE","Luva pvc rigido roscavel d=2 \"","Material",null,"UN",1,{"$f":"IF(C151=\"SINAPI\", IF( IF(A151=\"Insumo\", VLOOKUP(B151,'SINAPI INSUMOS'!B:J,7,0), VLOOKUP(B151,'SINAPI COMP'!B:M,8,0))=0,VLOOKUP(B151,'OUTRAS BASES'!C:D,2,0),IF(A151=\"Insumo\", VLOOKUP(B151,'SINAPI INSUMOS'!B:J,7,0),VLOOKUP(B151,'SINAPI COMP'!B:M,8,0))), VLOOKUP(B151,'OUTRAS BASES'!C:D,2,0))","v":28.58},28.58]
["Insumo",90,"ORSE","Adaptador curto, pvc rigido soldavel,  c/ bolsa e rosca p/  registro, d=  50mm x 1 1/2”","Material",null,"UN",1,{"$f":"IF(C152=\"SINAPI\", IF( IF(A152=\"Insumo\", VLOOKUP(B152,'SINAPI INSUMOS'!B:J,7,0), VLOOKUP(B152,'SINAPI COMP'!B:M,8,0))=0,VLOOKUP(B152,'OUTRAS BASES'!C:D,2,0),IF(A152=\"Insumo\", VLOOKUP(B152,'SINAPI INSUMOS'!B:J,7,0),VLOOKUP(B152,'SINAPI COMP'!B:M,8,0))), VLOOKUP(B152,'OUTRAS BASES'!C:D,2,0))","v":4.2},4.2]
["Insumo",99,"SINAPI","ADAPTADOR PVC SOLDAVEL, COM FLANGE E ANEL DE VEDACAO, 50 MM X 1 1/2\", PARA CAIXA D'AGUA","Material",null,"UN",2,{"$f":"IF(C153=\"SINAPI\", IF( IF(A153=\"Insumo\", VLOOKUP(B153,'SINAPI INSUMOS'!B:J,7,0), VLOOKUP(B153,'SINAPI COMP'!B:M,8,0))=0,VLOOKUP(B153,'OUTRAS BASES'!C:D,2,0),IF(A153=\"Insumo\", VLOOKUP(B153,'SINAPI INSUMOS'!B:J,7,0),VLOOKUP(B153,'SINAPI COMP'!B:M,8,0))), VLOOKUP(B153,'OUTRAS BASES'!C:D,2,0))","v":28.29},56.58]
["Insumo",119,"SINAPI","ADESIVO PLASTICO PARA PVC, BISNAGA COM 75 GR","Material",null,"UN",0.45,{"$f":"IF(C154=\"SINAPI\", IF( IF(A154=\"Insumo\", VLOOKUP(B154,'SINAPI INSUMOS'!B:J,7,0), VLOOKUP(B154,'SINAPI COMP'!B:M,8,0))=0,VLOOKUP(B154,'OUTRAS BASES'!C:D,2,0),IF(A154=\"Insumo\", VLOOKUP(B154,'SINAPI INSUMOS'!B:J,7,0),VLOOKUP(B154,'SINAPI COMP'!B:M,8,0))), VLOOKUP(B154,'OUTRAS BASES'!C:D,2,0))","v":9.5299999999999994},4.2885]
["Insumo",119,"SINAPI","ADESIVO PLASTICO PARA PVC, BISNAGA COM 75 GR","Material",null,"UN",0.45,{"$f":"IF(C155=\"SINAPI\", IF( IF(A155=\"Insumo\", VLOOKUP(B155,'SINAPI INSUMOS'!B:J,7,0), VLOOKUP(B155,'SINAPI COMP'!B:M,8,0))=0,VLOOKUP(B155,'OUTRAS BASES'!C:D,2,0),IF(A155=\"Insumo\", VLOOKUP(B155,'SINAPI INSUMOS'!B:J,7,0),VLOOKUP(B155,'SINAPI COMP'!B:M,8,0))), VLOOKUP(B155,'OUTRAS BASES'!C:D,2,0))","v":9.5299999999999994},4.2885]
[]
[]
[]
[]
[" 5.2 ","Código","Banco","Descrição","Tipo",null,"Und","Quant.","Valor Unit","Total"]
["Composição","COMPOSIÇÃO - 11","Próprio","Fornecimento e execução de reservatório apoiado de 5 m³","SEDI - SERVIÇOS DIVERSOS",null,"un",1,{"$f":"SUM(J162:J171)","v":8034.1740250000003},{"$f":"I161*H161","v":8034.1740250000003}]
["Composição Auxiliar",88309,"SINAPI","PEDREIRO COM ENCARGOS COMPLEMENTARES","Livro SINAPI: Cálculos e Parâmetros",null,"H",3,{"$f":"IF(C162=\"SINAPI\", IF( IF(A162=\"Insumo\", VLOOKUP(B162,'SINAPI INSUMOS'!B:J,7,0), VLOOKUP(B162,'SINAPI COMP'!B:M,8,0))=0,VLOOKUP(B162,'OUTRAS BASES'!C:D,2,0),IF(A162=\"Insumo\", VLOOKUP(B162,'SINAPI INSUMOS'!B:J,7,0),VLOOKUP(B162,'SINAPI COMP'!B:M,8,0))), VLOOKUP(B162,'OUTRAS BASES'!C:D,2,0))","v":32.69},98.07]
["Composição Auxiliar",88316,"SINAPI","SERVENTE COM ENCARGOS COMPLEMENTARES","Livro SINAPI: Cálculos e Parâmetros",null,"H",3,{"$f":"IF(C163=\"SINAPI\", IF( IF(A163=\"Insumo\", VLOOKUP(B163,'SINAPI INSUMOS'!B:J,7,0), VLOOKUP(B163,'SINAPI COMP'!B:M,8,0))=0,VLOOKUP(B163,'OUTRAS BASES'!C:D,2,0),IF(A163=\"Insumo\", VLOOKUP(B163,'SINAPI INSUMOS'!B:J,7,0),VLOOKUP(B163,'SINAPI COMP'!B:M,8,0))), VLOOKUP(B163,'OUTRAS BASES'!C:D,2,0))","v":24.94},74.820000000000007]
["Composição Auxiliar",102617,"SINAPI","CAIXA D´ÁGUA EM POLIÉSTER REFORÇADO COM FIBRA DE VIDRO, 5000 LITROS - FORNECIMENTO E INSTALAÇÃO. AF_06/2021","Caixas de Água para Edificações",null,"UN",1,{"$f":"IF(C164=\"SINAPI\", IF( IF(A164=\"Insumo\", VLOOKUP(B164,'SINAPI INSUMOS'!B:J,7,0), VLOOKUP(B164,'SINAPI COMP'!B:M,8,0))=0,VLOOKUP(B164,'OUTRAS BASES'!C:D,2,0),IF(A164=\"Insumo\", VLOOKUP(B164,'SINAPI INSUMOS'!B:J,7,0),VLOOKUP(B164,'SINAPI COMP'!B:M,8,0))), VLOOKUP(B164,'OUTRAS BASES'!C:D,2,0))","v":3634.79},3634.79]
["Composição Auxiliar",92767,"SINAPI","ARMAÇÃO DE LAJE DE UMA ESTRUTURA CONVENCIONAL DE CONCRETO ARMADO UTILIZANDO AÇO CA-60 DE 4,2 MM - MONTAGEM. AF_12/2015","FUES - FUNDAÇÕES E ESTRUTURAS",null,"KG",3.04,{"$f":"IF(C165=\"SINAPI\", IF( IF(A165=\"Insumo\", VLOOKUP(B165,'SINAPI INSUMOS'!B:J,7,0), VLOOKUP(B165,'SINAPI COMP'!B:M,8,0))=0,VLOOKUP(B165,'OUTRAS BASES'!C:D,2,0),IF(A165=\"Insumo\", VLOOKUP(B165,'SINAPI INSUMOS'!B:J,7,0),VLOOKUP(B165,'SINAPI COMP'!B:M,8,0))), VLOOKUP(B165,'OUTRAS BASES'!C:D,2,0))","v":15.85},48.183999999999997]
["Composição Auxiliar",104917,"SINAPI","ARMAÇAO DE SAPATA ISOLADA, VIGA BALDRAME E SAPATA CORRIDA UTILIZANDO AÇO CA-50 DE 6,3 MM - MONTAGEM AD_01/2024","FUES - FUNDAÇÕES E ESTRUTURAS",null,"KG",9.3000000000000007,{"$f":"IF(C166=\"SINAPI\", IF( IF(A166=\"Insumo\", VLOOKUP(B166,'SINAPI INSUMOS'!B:J,7,0), VLOOKUP(B166,'SINAPI COMP'!B:M,8,0))=0,VLOOKUP(B166,'OUTRAS BASES'!C:D,2,0),IF(A166=\"Insumo\", VLOOKUP(B166,'SINAPI INSUMOS'!B:J,7,0),VLOOKUP(B166,'SINAPI COMP'!B:M,8,0))), VLOOKUP(B166,'OUTRAS BASES'!C:D,2,0))","v":15.64},145.45200000000003]
["Composição Auxiliar",92760,"SINAPI","ARMAÇÃO DE PILAR OU VIGA DE ESTRTURA CONVENCIONAL DE CONCRETO ARMADO UTILIZANDO AÇO CA-50 DE 6,3 MM - MONTAGEM. AF_12/2015","FUES - FUNDAÇÕES E ESTRUTURAS",null,"KG",16.3,{"$f":"IF(C167=\"SINAPI\", IF( IF(A167=\"Insumo\", VLOOKUP(B167,'SINAPI INSUMOS'!B:J,7,0), VLOOKUP(B167,'SINAPI COMP'!B:M,8,0))=0,VLOOKUP(B167,'OUTRAS BASES'!C:D,2,0),IF(A167=\"Insumo\", VLOOKUP(B167,'SINAPI INSUMOS'!B:J,7,0),VLOOKUP(B167,'SINAPI COMP'!B:M,8,0))), VLOOKUP(B167,'OUTRAS BASES'!C:D,2,0))","v":13.06},212.87800000000001]
["Composição Auxiliar",94964,"SINAPI","CONCRETO FCK = 20MPA, TRAÇO 1:2,7:3 (EM MASSA SECA DE CIMENTO/ AREIA MÉDIA/ BRITA 1) - PREPARO MECÂNICO COM BETONEIRA 400 L. AF_05/2021","Produção de Concreto",null,"m³",1.56,{"$f":"IF(C168=\"SINAPI\", IF( IF(A168=\"Insumo\", VLOOKUP(B168,'SINAPI INSUMOS'!B:J,7,0), VLOOKUP(B168,'SINAPI COMP'!B:M,8,0))=0,VLOOKUP(B168,'OUTRAS BASES'!C:D,2,0),IF(A168=\"Insumo\", VLOOKUP(B168,'SINAPI INSUMOS'!B:J,7,0),VLOOKUP(B168,'SINAPI COMP'!B:M,8,0))), VLOOKUP(B168,'OUTRAS BASES'!C:D,2,0))","v":600.89},937.38840000000005]
["Composição Auxiliar",84651,"SINAPI","PINTURA COM TINTA IMPERMEAVEL MINERAL EM PO, DUAS DEMAOS","PINT - PINTURAS",null,"m²",7.85,{"$f":"IF(C169=\"SINAPI\", IF( IF(A169=\"Insumo\", VLOOKUP(B169,'SINAPI INSUMOS'!B:J,7,0), VLOOKUP(B169,'SINAPI COMP'!B:M,8,0))=0,VLOOKUP(B169,'OUTRAS BASES'!C:D,2,0),IF(A169=\"Insumo\", VLOOKUP(B169,'SINAPI INSUMOS'!B:J,7,0),VLOOKUP(B169,'SINAPI COMP'!B:M,8,0))), VLOOKUP(B169,'OUTRAS BASES'!C:D,2,0))","v":15.416499999999999},121.01952499999999]
["Composição Auxiliar",92263,"SINAPI","FABRICAÇÃO DE FÔRMA PARA PILARES E ESTRUTURAS SIMILARES, EM CHAPA DE MADEIRA COMPENSADA RESINADA, E = 17 MM. AF_09/2020","FUES - FUNDAÇÕES E ESTRUTURAS",null,"KG",16.989999999999998,{"$f":"IF(C170=\"SINAPI\", IF( IF(A170=\"Insumo\", VLOOKUP(B170,'SINAPI INSUMOS'!B:J,7,0), VLOOKUP(B170,'SINAPI COMP'!B:M,8,0))=0,VLOOKUP(B170,'OUTRAS BASES'!C:D,2,0),IF(A170=\"Insumo\", VLOOKUP(B170,'SINAPI INSUMOS'!B:J,7,0),VLOOKUP(B170,'SINAPI COMP'!B:M,8,0))), VLOOKUP(B170,'OUTRAS BASES'!C:D,2,0))","v":150.99},2565.3200999999999]
["Composição Auxiliar",92770,"SINAPI","ARMAÇÃO DE LAJE DE UMA ESTRUTURA CONVENCIONAL DE CONCRETO ARMADO UTILIZANDO AÇO CA-50 DE 8,0 MM - MONTAGEM. AF_06/2022","FUES - FUNDAÇÕES E ESTRUTURAS",null,"KG",17.2,{"$f":"IF(C171=\"SINAPI\", IF( IF(A171=\"Insumo\", VLOOKUP(B171,'SINAPI INSUMOS'!B:J,7,0), VLOOKUP(B171,'SINAPI COMP'!B:M,8,0))=0,VLOOKUP(B171,'OUTRAS BASES'!C:D,2,0),IF(A171=\"Insumo\", VLOOKUP(B171,'SINAPI INSUMOS'!B:J,7,0),VLOOKUP(B171,'SINAPI COMP'!B:M,8,0))), VLOOKUP(B171,'OUTRAS BASES'!C:D,2,0))","v":11.41},196.25199999999998]
[]
[]
[]
[]
[" 6 ",null,null,"BEBEDOURO"]
[" 6.1 ","Código","Banco","Descrição","Tipo",null,"Und","Quant.","Valor Unit","Total"]
["Composição","COMPOSIÇÃO - 12","Próprio","Serviço de execução do bebedouro em concreto armado, incluso materiais.","SEDI - SERVIÇOS DIVERSOS",null,"un",1,{"$f":"SUM(J179:J184)","v":1677.3997400000001},{"$f":"I178*H178","v":1677.3997400000001}]
["Composição Auxiliar",92916,"SINAPI","ARMAÇÃODE ESTRUTURAS DIVERSAS DE CONCRETO ARMADO, EXCETO VIGA, PILARES, LAJES E FUNDAÇÕES, UTILIZANDO AÇO CA-50 DE 6,3 MM - MONTAGEM. AF_06/2022","Armação para Estruturas de Concreto Armado",null,"KG",6,{"$f":"IF(C179=\"SINAPI\", IF( IF(A179=\"Insumo\", VLOOKUP(B179,'SINAPI INSUMOS'!B:J,7,0), VLOOKUP(B179,'SINAPI COMP'!B:M,8,0))=0,VLOOKUP(B179,'OUTRAS BASES'!C:D,2,0),IF(A179=\"Insumo\", VLOOKUP(B179,'SINAPI INSUMOS'!B:J,7,0),VLOOKUP(B179,'SINAPI COMP'!B:M,8,0))), VLOOKUP(B179,'OUTRAS BASES'!C:D,2,0))","v":15.4},92.4]
["Composição Auxiliar",92915,"SINAPI","ARMAÇÃODE ESTRUTURAS DIVERSAS DE CONCRETO ARMADO, EXCETO VIGA, PILARES, LAJES E FUNDAÇÕES, UTILIZANDO AÇO CA-60 DE 5,0 MM - MONTAGEM. AF_06/2022","Armação para Estruturas de Concreto Armado",null,"KG",13,{"$f":"IF(C180=\"SINAPI\", IF( IF(A180=\"Insumo\", VLOOKUP(B180,'SINAPI INSUMOS'!B:J,7,0), VLOOKUP(B180,'SINAPI COMP'!B:M,8,0))=0,VLOOKUP(B180,'OUTRAS BASES'!C:D,2,0),IF(A180=\"Insumo\", VLOOKUP(B180,'SINAPI INSUMOS'!B:J,7,0),VLOOKUP(B180,'SINAPI COMP'!B:M,8,0))), VLOOKUP(B180,'OUTRAS BASES'!C:D,2,0))","v":17.43},226.59]
["Composição Auxiliar",92921,"SINAPI","ARMAÇÃODE ESTRUTURAS DIVERSAS DE CONCRETO ARMADO, EXCETO VIGA, PILARES, LAJES E FUNDAÇÕES, UTILIZANDO AÇO CA-50 DE 12,5 MM - MONTAGEM. AF_06/2022","Armação para Estruturas de Concreto Armado",null,"KG",12,{"$f":"IF(C181=\"SINAPI\", IF( IF(A181=\"Insumo\", VLOOKUP(B181,'SINAPI INSUMOS'!B:J,7,0), VLOOKUP(B181,'SINAPI COMP'!B:M,8,0))=0,VLOOKUP(B181,'OUTRAS BASES'!C:D,2,0),IF(A181=\"Insumo\", VLOOKUP(B181,'SINAPI INSUMOS'!B:J,7,0),VLOOKUP(B181,'SINAPI COMP'!B:M,8,0))), VLOOKUP(B181,'OUTRAS BASES'!C:D,2,0))","v":9.5399999999999991},114.47999999999999]
["Composição Auxiliar",94971,"SINAPI","CONCRETO FCK = 25MPA, TRAÇO 1:2,3:2:2,7(EM MASSA SECA DE CIMENTO, AREIA MÉDIA, BRITA 1) - PREPARO MECÂNICO COM BETONEIRA 600l. AF_05/2021","Produção de concreto",null,"m³",0.374,{"$f":"IF(C182=\"SINAPI\", IF( IF(A182=\"Insumo\", VLOOKUP(B182,'SINAPI INSUMOS'!B:J,7,0), VLOOKUP(B182,'SINAPI COMP'!B:M,8,0))=0,VLOOKUP(B182,'OUTRAS BASES'!C:D,2,0),IF(A182=\"Insumo\", VLOOKUP(B182,'SINAPI INSUMOS'!B:J,7,0),VLOOKUP(B182,'SINAPI COMP'!B:M,8,0))), VLOOKUP(B182,'OUTRAS BASES'!C:D,2,0))","v":603.91},225.86233999999999]
["Composição Auxiliar",92263,"SINAPI","FABRICAÇÃO DE FÔRMA PARA PILARES E ESTRUTURAS SIMILARES, EM CHAPA DE MADEIRA COMPENSADA RESINADA, E = 17 MM. AF_09/2020","FUES - FUNDAÇÕES E ESTRUTURAS",null,"m²",6.21,{"$f":"IF(C183=\"SINAPI\", IF( IF(A183=\"Insumo\", VLOOKUP(B183,'SINAPI INSUMOS'!B:J,7,0), VLOOKUP(B183,'SINAPI COMP'!B:M,8,0))=0,VLOOKUP(B183,'OUTRAS BASES'!C:D,2,0),IF(A183=\"Insumo\", VLOOKUP(B183,'SINAPI INSUMOS'!B:J,7,0),VLOOKUP(B183,'SINAPI COMP'!B:M,8,0))), VLOOKUP(B183,'OUTRAS BASES'!C:D,2,0))","v":150.99},937.64790000000005]
["Composição Auxiliar","15.07.09","EMBASA","PINTURA LÁTEX ACRÍLICA, APLICAÇÃO MANUAL EM DUAS DEMÃOS ","EDIFICAÇÕES",null,"m² ",6.21,{"$f":"IF(C184=\"SINAPI\", IF( IF(A184=\"Insumo\", VLOOKUP(B184,'SINAPI INSUMOS'!B:J,7,0), VLOOKUP(B184,'SINAPI COMP'!B:M,8,0))=0,VLOOKUP(B184,'OUTRAS BASES'!C:D,2,0),IF(A184=\"Insumo\", VLOOKUP(B184,'SINAPI INSUMOS'!B:J,7,0),VLOOKUP(B184,'SINAPI COMP'!B:M,8,0))), VLOOKUP(B184,'OUTRAS BASES'!C:D,2,0))","v":12.95},80.419499999999999]
[]
[]
[]
[]
[" 7 ",null,null,"CHAFARIZ"]
[" 7.1 ","Código","Banco","Descrição","Tipo",null,"Und","Quant.","Valor Unit","Total"]
["Composição","COMPOSIÇÃO - 13","Próprio","Fornecimento de material e instalação do chafariz","ASTU - ASSENTAMENTO DE TUBOS E PECAS",null,"un",1,{"$f":"SUM(J192:J210)","v":970.35643226999991},{"$f":"I191*H191","v":970.35643226999991}]
["Composição Auxiliar",88267,"SINAPI","ENCANADOR OU BOMBEIRO HIDRÁULICO COM ENCARGOS COMPLEMENTARES","Livro SINAPI: Cálculos e Parâmetros",null,"H",2,{"$f":"IF(C192=\"SINAPI\", IF( IF(A192=\"Insumo\", VLOOKUP(B192,'SINAPI INSUMOS'!B:J,7,0), VLOOKUP(B192,'SINAPI COMP'!B:M,8,0))=0,VLOOKUP(B192,'OUTRAS BASES'!C:D,2,0),IF(A192=\"Insumo\", VLOOKUP(B192,'SINAPI INSUMOS'!B:J,7,0),VLOOKUP(B192,'SINAPI COMP'!B:M,8,0))), VLOOKUP(B192,'OUTRAS BASES'!C:D,2,0))","v":31.96},63.92]
["Composição Auxiliar",88248,"SINAPI","AUXILIAR DE ENCANADOR OU BOMBEIRO HIDRÁULICO COM ENCARGOS COMPLEMENTARES","Livro SINAPI: Cálculos e Parâmetros",null,"H",2,{"$f":"IF(C193=\"SINAPI\", IF( IF(A193=\"Insumo\", VLOOKUP(B193,'SINAPI INSUMOS'!B:J,7,0), VLOOKUP(B193,'SINAPI COMP'!B:M,8,0))=0,VLOOKUP(B193,'OUTRAS BASES'!C:D,2,0),IF(A193=\"Insumo\", VLOOKUP(B193,'SINAPI INSUMOS'!B:J,7,0),VLOOKUP(B193,'SINAPI COMP'!B:M,8,0))), VLOOKUP(B193,'OUTRAS BASES'!C:D,2,0))","v":25.26},50.52]
["Composição Auxiliar",93358,"SINAPI","ESCAVAÇÃO MANUAL DE VALA COM PROFUNDIDADE MENOR OU IGUAL A 1,30 M. AF_02/2021","Escavação de Valas",null,"m³",7.8539800000000007E-2,{"$f":"IF(C194=\"SINAPI\", IF( IF(A194=\"Insumo\", VLOOKUP(B194,'SINAPI INSUMOS'!B:J,7,0), VLOOKUP(B194,'SINAPI COMP'!B:M,8,0))=0,VLOOKUP(B194,'OUTRAS BASES'!C:D,2,0),IF(A194=\"Insumo\", VLOOKUP(B194,'SINAPI INSUMOS'!B:J,7,0),VLOOKUP(B194,'SINAPI COMP'!B:M,8,0))), VLOOKUP(B194,'OUTRAS BASES'!C:D,2,0))","v":98.65},7.7479512700000015]
["Composição Auxiliar",96533,"SINAPI","FABRICAÇÃO, MONTAGEM E DESMONTAGEM DE FÔRMA PARA VIGA BALDRAME, EM MADEIRA SERRADA, E=25 MM, 4 UTILIZAÇÕES. AF_01/2024","FUES - FUNDAÇÕES E ESTRUTURAS",null,"m²",0.628,{"$f":"IF(C195=\"SINAPI\", IF( IF(A195=\"Insumo\", VLOOKUP(B195,'SINAPI INSUMOS'!B:J,7,0), VLOOKUP(B195,'SINAPI COMP'!B:M,8,0))=0,VLOOKUP(B195,'OUTRAS BASES'!C:D,2,0),IF(A195=\"Insumo\", VLOOKUP(B195,'SINAPI INSUMOS'!B:J,7,0),VLOOKUP(B195,'SINAPI COMP'!B:M,8,0))), VLOOKUP(B195,'OUTRAS BASES'!C:D,2,0))","v":95.99},60.28172]
["Composição Auxiliar",94963,"SINAPI","CONCRETO FCK = 15MPA, TRAÇO 1:3,4:3,5 (EM MASSA SECA DE CIMENTO/ AREIA MÉDIA/ BRITA 1) - PREPARO MANUAL. AF_05/2021","Produção de Concreto",null,"m³",0.157,{"$f":"IF(C196=\"SINAPI\", IF( IF(A196=\"Insumo\", VLOOKUP(B196,'SINAPI INSUMOS'!B:J,7,0), VLOOKUP(B196,'SINAPI COMP'!B:M,8,0))=0,VLOOKUP(B196,'OUTRAS BASES'!C:D,2,0),IF(A196=\"Insumo\", VLOOKUP(B196,'SINAPI INSUMOS'!B:J,7,0),VLOOKUP(B196,'SINAPI COMP'!B:M,8,0))), VLOOKUP(B196,'OUTRAS BASES'!C:D,2,0))","v":567.62},89.116340000000008]
["Composição Auxiliar",87904,"SINAPI","CHAPISCO APLICADO EM ALVENARIA (COM PRESENÇA DE VÃOS) E ESTRUTURAS DE CONCRETO DE FACHADA, COM COLHER DE PEDREIRO.  ARGAMASSA TRAÇO 1:3 COM PREPARO MANUAL. AF_10/2022","Chapisco",null,"m²",0.314,{"$f":"IF(C197=\"SINAPI\", IF( IF(A197=\"Insumo\", VLOOKUP(B197,'SINAPI INSUMOS'!B:J,7,0), VLOOKUP(B197,'SINAPI COMP'!B:M,8,0))=0,VLOOKUP(B197,'OUTRAS BASES'!C:D,2,0),IF(A197=\"Insumo\", VLOOKUP(B197,'SINAPI INSUMOS'!B:J,7,0),VLOOKUP(B197,'SINAPI COMP'!B:M,8,0))), VLOOKUP(B197,'OUTRAS BASES'!C:D,2,0))","v":9.84},3.0897600000000001]
["Composição Auxiliar",87529,"SINAPI","MASSA ÚNICA, EM ARGAMASSA TRAÇO 1:2:8, PREPARO MECÂNICO, APLICADA MANUALMENTE EM PAREDES INTERNAS DE AMBIENTES COM ÁREA ENTRE 5M² E 10M², E = 17,5MM, COM TALISCAS. AF_03/2024","Massa Única Interna",null,"m²",0.314,{"$f":"IF(C198=\"SINAPI\", IF( IF(A198=\"Insumo\", VLOOKUP(B198,'SINAPI INSUMOS'!B:J,7,0), VLOOKUP(B198,'SINAPI COMP'!B:M,8,0))=0,VLOOKUP(B198,'OUTRAS BASES'!C:D,2,0),IF(A198=\"Insumo\", VLOOKUP(B198,'SINAPI INSUMOS'!B:J,7,0),VLOOKUP(B198,'SINAPI COMP'!B:M,8,0))), VLOOKUP(B198,'OUTRAS BASES'!C:D,2,0))","v":44.42},13.947880000000001]
["Composição Auxiliar",84651,"SINAPI","PINTURA COM TINTA IMPERMEAVEL MINERAL EM PO, DUAS DEMAOS","PINT - PINTURAS",null,"m²",0.314,{"$f":"IF(C199=\"SINAPI\", IF( IF(A199=\"Insumo\", VLOOKUP(B199,'SINAPI INSUMOS'!B:J,7,0), VLOOKUP(B199,'SINAPI COMP'!B:M,8,0))=0,VLOOKUP(B199,'OUTRAS BASES'!C:D,2,0),IF(A199=\"Insumo\", VLOOKUP(B199,'SINAPI INSUMOS'!B:J,7,0),VLOOKUP(B199,'SINAPI COMP'!B:M,8,0))), VLOOKUP(B199,'OUTRAS BASES'!C:D,2,0))","v":15.416499999999999},4.8407809999999998]
["Insumo",765,"SINAPI","BUCHA DE REDUCAO DE FERRO GALVANIZADO, COM ROSCA BSP, DE 1\" X 3/4\"","Material",null,"UN",2,{"$f":"IF(C200=\"SINAPI\", IF( IF(A200=\"Insumo\", VLOOKUP(B200,'SINAPI INSUMOS'!B:J,7,0), VLOOKUP(B200,'SINAPI COMP'!B:M,8,0))=0,VLOOKUP(B200,'OUTRAS BASES'!C:D,2,0),IF(A200=\"Insumo\", VLOOKUP(B200,'SINAPI INSUMOS'!B:J,7,0),VLOOKUP(B200,'SINAPI COMP'!B:M,8,0))), VLOOKUP(B200,'OUTRAS BASES'!C:D,2,0))","v":10.43},20.86]
["Insumo",9887,"SINAPI","UNIAO DE FERRO GALVANIZADO, COM ROSCA BSP, COM ASSENTO PLANO, DE 2\"","Material",null,"UN",2,{"$f":"IF(C201=\"SINAPI\", IF( IF(A201=\"Insumo\", VLOOKUP(B201,'SINAPI INSUMOS'!B:J,7,0), VLOOKUP(B201,'SINAPI COMP'!B:M,8,0))=0,VLOOKUP(B201,'OUTRAS BASES'!C:D,2,0),IF(A201=\"Insumo\", VLOOKUP(B201,'SINAPI INSUMOS'!B:J,7,0),VLOOKUP(B201,'SINAPI COMP'!B:M,8,0))), VLOOKUP(B201,'OUTRAS BASES'!C:D,2,0))","v":106.17},212.34]
["Insumo",21013,"SINAPI","TUBO ACO GALVANIZADO COM COSTURA, CLASSE LEVE, DN 50 MM ( 2\"),  E = 3,00 MM,  *4,40* KG/M (NBR 5580)","Material",null,"M",1.8,{"$f":"IF(C202=\"SINAPI\", IF( IF(A202=\"Insumo\", VLOOKUP(B202,'SINAPI INSUMOS'!B:J,7,0), VLOOKUP(B202,'SINAPI COMP'!B:M,8,0))=0,VLOOKUP(B202,'OUTRAS BASES'!C:D,2,0),IF(A202=\"Insumo\", VLOOKUP(B202,'SINAPI INSUMOS'!B:J,7,0),VLOOKUP(B202,'SINAPI COMP'!B:M,8,0))), VLOOKUP(B202,'OUTRAS BASES'!C:D,2,0))","v":67.19},120.94199999999999]
["Insumo",6298,"SINAPI","TE DE FERRO GALVANIZADO, DE 2\"","Material",null,"UN",1,{"$f":"IF(C203=\"SINAPI\", IF( IF(A203=\"Insumo\", VLOOKUP(B203,'SINAPI INSUMOS'!B:J,7,0), VLOOKUP(B203,'SINAPI COMP'!B:M,8,0))=0,VLOOKUP(B203,'OUTRAS BASES'!C:D,2,0),IF(A203=\"Insumo\", VLOOKUP(B203,'SINAPI INSUMOS'!B:J,7,0),VLOOKUP(B203,'SINAPI COMP'!B:M,8,0))), VLOOKUP(B203,'OUTRAS BASES'!C:D,2,0))","v":69.150000000000006},69.150000000000006]
["Insumo",3471,"SINAPI","COTOVELO 90 GRAUS DE FERRO GALVANIZADO, COM ROSCA BSP, DE 2\"","Material",null,"UN",1,{"$f":"IF(C204=\"SINAPI\", IF( IF(A204=\"Insumo\", VLOOKUP(B204,'SINAPI INSUMOS'!B:J,7,0), VLOOKUP(B204,'SINAPI COMP'!B:M,8,0))=0,VLOOKUP(B204,'OUTRAS BASES'!C:D,2,0),IF(A204=\"Insumo\", VLOOKUP(B204,'SINAPI INSUMOS'!B:J,7,0),VLOOKUP(B204,'SINAPI COMP'!B:M,8,0))), VLOOKUP(B204,'OUTRAS BASES'!C:D,2,0))","v":52.01},52.01]
["Insumo",113,"SINAPI","ADAPTADOR PVC SOLDAVEL CURTO COM BOLSA E ROSCA, 60 MM X 2\", PARA AGUA FRIA","Material",null,"UN",1,{"$f":"IF(C205=\"SINAPI\", IF( IF(A205=\"Insumo\", VLOOKUP(B205,'SINAPI INSUMOS'!B:J,7,0), VLOOKUP(B205,'SINAPI COMP'!B:M,8,0))=0,VLOOKUP(B205,'OUTRAS BASES'!C:D,2,0),IF(A205=\"Insumo\", VLOOKUP(B205,'SINAPI INSUMOS'!B:J,7,0),VLOOKUP(B205,'SINAPI COMP'!B:M,8,0))), VLOOKUP(B205,'OUTRAS BASES'!C:D,2,0))","v":12.05},12.05]
["Insumo",818,"SINAPI","BUCHA DE REDUCAO DE PVC, SOLDAVEL, CURTA, COM 60 X 50 MM, PARA AGUA FRIA PREDIAL","Material",null,"UN",1,{"$f":"IF(C206=\"SINAPI\", IF( IF(A206=\"Insumo\", VLOOKUP(B206,'SINAPI INSUMOS'!B:J,7,0), VLOOKUP(B206,'SINAPI COMP'!B:M,8,0))=0,VLOOKUP(B206,'OUTRAS BASES'!C:D,2,0),IF(A206=\"Insumo\", VLOOKUP(B206,'SINAPI INSUMOS'!B:J,7,0),VLOOKUP(B206,'SINAPI COMP'!B:M,8,0))), VLOOKUP(B206,'OUTRAS BASES'!C:D,2,0))","v":7.35},7.35]
["Insumo",7604,"SINAPI","TORNEIRA METALICA CROMADA PARA TANQUE / JARDIM, SEM BICO , CANO LONGO, DE PAREDE, PADRAO POPULAR / USO GERAL, 1/2 \" OU 3/4 \" (REF 1126)","Material",null,"UN",2,{"$f":"IF(C207=\"SINAPI\", IF( IF(A207=\"Insumo\", VLOOKUP(B207,'SINAPI INSUMOS'!B:J,7,0), VLOOKUP(B207,'SINAPI COMP'!B:M,8,0))=0,VLOOKUP(B207,'OUTRAS BASES'!C:D,2,0),IF(A207=\"Insumo\", VLOOKUP(B207,'SINAPI INSUMOS'!B:J,7,0),VLOOKUP(B207,'SINAPI COMP'!B:M,8,0))), VLOOKUP(B207,'OUTRAS BASES'!C:D,2,0))","v":55.12},110.24]
["Insumo",119,"SINAPI","ADESIVO PLASTICO PARA PVC, BISNAGA COM 75 GR","Material",null,"UN",1,{"$f":"IF(C208=\"SINAPI\", IF( IF(A208=\"Insumo\", VLOOKUP(B208,'SINAPI INSUMOS'!B:J,7,0), VLOOKUP(B208,'SINAPI COMP'!B:M,8,0))=0,VLOOKUP(B208,'OUTRAS BASES'!C:D,2,0),IF(A208=\"Insumo\", VLOOKUP(B208,'SINAPI INSUMOS'!B:J,7,0),VLOOKUP(B208,'SINAPI COMP'!B:M,8,0))), VLOOKUP(B208,'OUTRAS BASES'!C:D,2,0))","v":9.5299999999999994},9.5299999999999994]
["Insumo",3146,"SINAPI","FITA VEDA ROSCA EM ROLOS DE 18 MM X 10 M (L X C)","Material",null,"UN",1,{"$f":"IF(C209=\"SINAPI\", IF( IF(A209=\"Insumo\", VLOOKUP(B209,'SINAPI INSUMOS'!B:J,7,0), VLOOKUP(B209,'SINAPI COMP'!B:M,8,0))=0,VLOOKUP(B209,'OUTRAS BASES'!C:D,2,0),IF(A209=\"Insumo\", VLOOKUP(B209,'SINAPI INSUMOS'!B:J,7,0),VLOOKUP(B209,'SINAPI COMP'!B:M,8,0))), VLOOKUP(B209,'OUTRAS BASES'!C:D,2,0))","v":4.5},4.5]
["Insumo",771,"SINAPI","BUCHA DE REDUCAO DE FERRO GALVANIZADO, COM ROSCA BSP, DE 2\" X 1\"","Material",null,"UN",2,{"$f":"IF(C210=\"SINAPI\", IF( IF(A210=\"Insumo\", VLOOKUP(B210,'SINAPI INSUMOS'!B:J,7,0), VLOOKUP(B210,'SINAPI COMP'!B:M,8,0))=0,VLOOKUP(B210,'OUTRAS BASES'!C:D,2,0),IF(A210=\"Insumo\", VLOOKUP(B210,'SINAPI INSUMOS'!B:J,7,0),VLOOKUP(B210,'SINAPI COMP'!B:M,8,0))), VLOOKUP(B210,'OUTRAS BASES'!C:D,2,0))","v":28.96},57.92]
[]
[]
[]
[]
[" 8 ",null,null,"CAVALETE"]
[" 8.1 ","Código","Banco","Descrição","Tipo",null,"Und","Quant.","Valor Unit","Total"]
["Composição","COMPOSIÇÃO - 14","Próprio","Fornecimento de conexões e Instalação do Cavalete com hidrômetro e clorador de pastilhas","INHI - INSTALAÇÕES HIDROS SANITÁRIAS",null,"un",1,{"$f":"SUM(J218:J235)","v":2332.77},{"$f":"I217*H217","v":2332.77}]
["Composição Auxiliar",88248,"SINAPI","AUXILIAR DE ENCANADOR OU BOMBEIRO HIDRÁULICO COM ENCARGOS COMPLEMENTARES","Livro SINAPI: Cálculos e Parâmetros",null,"H",3,{"$f":"IF(C218=\"SINAPI\", IF( IF(A218=\"Insumo\", VLOOKUP(B218,'SINAPI INSUMOS'!B:J,7,0), VLOOKUP(B218,'SINAPI COMP'!B:M,8,0))=0,VLOOKUP(B218,'OUTRAS BASES'!C:D,2,0),IF(A218=\"Insumo\", VLOOKUP(B218,'SINAPI INSUMOS'!B:J,7,0),VLOOKUP(B218,'SINAPI COMP'!B:M,8,0))), VLOOKUP(B218,'OUTRAS BASES'!C:D,2,0))","v":25.26},75.78]
["Insumo","9860/SINAPI","ORSE","TUBO PVC, ROSCAVEL, 2\", PARA AGUA FRIA PREDIAL","Tubos e Conexões de PVC Rígido Roscável ",null,"m",1.5,{"$f":"IF(C219=\"SINAPI\", IF( IF(A219=\"Insumo\", VLOOKUP(B219,'SINAPI INSUMOS'!B:J,7,0), VLOOKUP(B219,'SINAPI COMP'!B:M,8,0))=0,VLOOKUP(B219,'OUTRAS BASES'!C:D,2,0),IF(A219=\"Insumo\", VLOOKUP(B219,'SINAPI INSUMOS'!B:J,7,0),VLOOKUP(B219,'SINAPI COMP'!B:M,8,0))), VLOOKUP(B219,'OUTRAS BASES'!C:D,2,0))","v":42.22},63.33]
["Insumo",11831,"SINAPI","TORNEIRA PLASTICA PARA TANQUE 1/2 \" OU 3/4 \" COM BICO PARA MANGUEIRA","Material",null,"UN",1,{"$f":"IF(C220=\"SINAPI\", IF( IF(A220=\"Insumo\", VLOOKUP(B220,'SINAPI INSUMOS'!B:J,7,0), VLOOKUP(B220,'SINAPI COMP'!B:M,8,0))=0,VLOOKUP(B220,'OUTRAS BASES'!C:D,2,0),IF(A220=\"Insumo\", VLOOKUP(B220,'SINAPI INSUMOS'!B:J,7,0),VLOOKUP(B220,'SINAPI COMP'!B:M,8,0))), VLOOKUP(B220,'OUTRAS BASES'!C:D,2,0))","v":16.16},16.16]
["Insumo",9569,"ORSE","Adaptador pvc BSxRM d= 35mm x 1 1/2\", linha Irriga-LF, Tigre ou similar un","Material",null,"un",1,{"$f":"IF(C221=\"SINAPI\", IF( IF(A221=\"Insumo\", VLOOKUP(B221,'SINAPI INSUMOS'!B:J,7,0), VLOOKUP(B221,'SINAPI COMP'!B:M,8,0))=0,VLOOKUP(B221,'OUTRAS BASES'!C:D,2,0),IF(A221=\"Insumo\", VLOOKUP(B221,'SINAPI INSUMOS'!B:J,7,0),VLOOKUP(B221,'SINAPI COMP'!B:M,8,0))), VLOOKUP(B221,'OUTRAS BASES'!C:D,2,0))","v":3.04},3.04]
["Insumo",3939,"SINAPI","LUVA DE FERRO GALVANIZADO, COM ROSCA BSP, DE 1 1/2\"","Material",null,"UN",1,{"$f":"IF(C222=\"SINAPI\", IF( IF(A222=\"Insumo\", VLOOKUP(B222,'SINAPI INSUMOS'!B:J,7,0), VLOOKUP(B222,'SINAPI COMP'!B:M,8,0))=0,VLOOKUP(B222,'OUTRAS BASES'!C:D,2,0),IF(A222=\"Insumo\", VLOOKUP(B222,'SINAPI INSUMOS'!B:J,7,0),VLOOKUP(B222,'SINAPI COMP'!B:M,8,0))), VLOOKUP(B222,'OUTRAS BASES'!C:D,2,0))","v":23.91},23.91]
["Insumo",1798,"SINAPI","CURVA 90 GRAUS DE FERRO GALVANIZADO, COM ROSCA BSP MACHO, DE 2\"","Material",null,"UN",1,{"$f":"IF(C223=\"SINAPI\", IF( IF(A223=\"Insumo\", VLOOKUP(B223,'SINAPI INSUMOS'!B:J,7,0), VLOOKUP(B223,'SINAPI COMP'!B:M,8,0))=0,VLOOKUP(B223,'OUTRAS BASES'!C:D,2,0),IF(A223=\"Insumo\", VLOOKUP(B223,'SINAPI INSUMOS'!B:J,7,0),VLOOKUP(B223,'SINAPI COMP'!B:M,8,0))), VLOOKUP(B223,'OUTRAS BASES'!C:D,2,0))","v":133.27000000000001},133.27000000000001]
["Insumo",9887,"SINAPI","UNIAO DE FERRO GALVANIZADO, COM ROSCA BSP, COM ASSENTO PLANO, DE 2\"","Material",null,"UN",1,{"$f":"IF(C224=\"SINAPI\", IF( IF(A224=\"Insumo\", VLOOKUP(B224,'SINAPI INSUMOS'!B:J,7,0), VLOOKUP(B224,'SINAPI COMP'!B:M,8,0))=0,VLOOKUP(B224,'OUTRAS BASES'!C:D,2,0),IF(A224=\"Insumo\", VLOOKUP(B224,'SINAPI INSUMOS'!B:J,7,0),VLOOKUP(B224,'SINAPI COMP'!B:M,8,0))), VLOOKUP(B224,'OUTRAS BASES'!C:D,2,0))","v":106.17},106.17]
["Insumo"," 00004181/SINAPI ","ORSE","Niple de ferro galvanizado, com rosca bsp, de 2\"","Material",null,"un",2,{"$f":"IF(C225=\"SINAPI\", IF( IF(A225=\"Insumo\", VLOOKUP(B225,'SINAPI INSUMOS'!B:J,7,0), VLOOKUP(B225,'SINAPI COMP'!B:M,8,0))=0,VLOOKUP(B225,'OUTRAS BASES'!C:D,2,0),IF(A225=\"Insumo\", VLOOKUP(B225,'SINAPI INSUMOS'!B:J,7,0),VLOOKUP(B225,'SINAPI COMP'!B:M,8,0))), VLOOKUP(B225,'OUTRAS BASES'!C:D,2,0))","v":36.64},73.28]
["Insumo",6028,"SINAPI","REGISTRO GAVETA BRUTO EM LATAO FORJADO, BITOLA 2 \" (REF 1509)","Material",null,"UN",1,{"$f":"IF(C226=\"SINAPI\", IF( IF(A226=\"Insumo\", VLOOKUP(B226,'SINAPI INSUMOS'!B:J,7,0), VLOOKUP(B226,'SINAPI COMP'!B:M,8,0))=0,VLOOKUP(B226,'OUTRAS BASES'!C:D,2,0),IF(A226=\"Insumo\", VLOOKUP(B226,'SINAPI INSUMOS'!B:J,7,0),VLOOKUP(B226,'SINAPI COMP'!B:M,8,0))), VLOOKUP(B226,'OUTRAS BASES'!C:D,2,0))","v":131.65},131.65]
["Insumo",12775,"SINAPI","HIDROMETRO MULTIJATO / MEDIDOR DE AGUA, DN 1\", VAZAO MAXIMA DE 7 M3/H, PARA AGUA POTAVEL FRIA, RELOJOARIA PLANA, CLASSE B, HORIZONTAL (SEM CONEXOES)","Material",null,"UN",1,{"$f":"IF(C227=\"SINAPI\", IF( IF(A227=\"Insumo\", VLOOKUP(B227,'SINAPI INSUMOS'!B:J,7,0), VLOOKUP(B227,'SINAPI COMP'!B:M,8,0))=0,VLOOKUP(B227,'OUTRAS BASES'!C:D,2,0),IF(A227=\"Insumo\", VLOOKUP(B227,'SINAPI INSUMOS'!B:J,7,0),VLOOKUP(B227,'SINAPI COMP'!B:M,8,0))), VLOOKUP(B227,'OUTRAS BASES'!C:D,2,0))","v":420.58},420.58]
["Insumo",771,"SINAPI","BUCHA DE REDUCAO DE FERRO GALVANIZADO, COM ROSCA BSP, DE 2\" X 1\"","Material",null,"UN",2,{"$f":"IF(C228=\"SINAPI\", IF( IF(A228=\"Insumo\", VLOOKUP(B228,'SINAPI INSUMOS'!B:J,7,0), VLOOKUP(B228,'SINAPI COMP'!B:M,8,0))=0,VLOOKUP(B228,'OUTRAS BASES'!C:D,2,0),IF(A228=\"Insumo\", VLOOKUP(B228,'SINAPI INSUMOS'!B:J,7,0),VLOOKUP(B228,'SINAPI COMP'!B:M,8,0))), VLOOKUP(B228,'OUTRAS BASES'!C:D,2,0))","v":28.96},57.92]
["Insumo",6305,"SINAPI","TE DE REDUCAO DE FERRO GALVANIZADO, COM ROSCA BSP, DE 2\" X 1\"","Material",null,"UN",1,{"$f":"IF(C229=\"SINAPI\", IF( IF(A229=\"Insumo\", VLOOKUP(B229,'SINAPI INSUMOS'!B:J,7,0), VLOOKUP(B229,'SINAPI COMP'!B:M,8,0))=0,VLOOKUP(B229,'OUTRAS BASES'!C:D,2,0),IF(A229=\"Insumo\", VLOOKUP(B229,'SINAPI INSUMOS'!B:J,7,0),VLOOKUP(B229,'SINAPI COMP'!B:M,8,0))), VLOOKUP(B229,'OUTRAS BASES'!C:D,2,0))","v":411.16},411.16]
["Insumo",764,"SINAPI","BUCHA DE REDUCAO DE FERRO GALVANIZADO, COM ROSCA BSP, DE 1\" X 1/2\"\t","Material",null,"UN",1,{"$f":"IF(C230=\"SINAPI\", IF( IF(A230=\"Insumo\", VLOOKUP(B230,'SINAPI INSUMOS'!B:J,7,0), VLOOKUP(B230,'SINAPI COMP'!B:M,8,0))=0,VLOOKUP(B230,'OUTRAS BASES'!C:D,2,0),IF(A230=\"Insumo\", VLOOKUP(B230,'SINAPI INSUMOS'!B:J,7,0),VLOOKUP(B230,'SINAPI COMP'!B:M,8,0))), VLOOKUP(B230,'OUTRAS BASES'!C:D,2,0))","v":109.89},109.89]
["Insumo",5128,"ORSE","Tampa de poço galvanizada em 6\"","Material",null,"UN",1,{"$f":"IF(C231=\"SINAPI\", IF( IF(A231=\"Insumo\", VLOOKUP(B231,'SINAPI INSUMOS'!B:J,7,0), VLOOKUP(B231,'SINAPI COMP'!B:M,8,0))=0,VLOOKUP(B231,'OUTRAS BASES'!C:D,2,0),IF(A231=\"Insumo\", VLOOKUP(B231,'SINAPI INSUMOS'!B:J,7,0),VLOOKUP(B231,'SINAPI COMP'!B:M,8,0))), VLOOKUP(B231,'OUTRAS BASES'!C:D,2,0))","v":107.28},107.28]
["Insumo",1160,"ORSE","Joelho 45° ferro galvanizado d=2\"","Material",null,"UN",2,{"$f":"IF(C232=\"SINAPI\", IF( IF(A232=\"Insumo\", VLOOKUP(B232,'SINAPI INSUMOS'!B:J,7,0), VLOOKUP(B232,'SINAPI COMP'!B:M,8,0))=0,VLOOKUP(B232,'OUTRAS BASES'!C:D,2,0),IF(A232=\"Insumo\", VLOOKUP(B232,'SINAPI INSUMOS'!B:J,7,0),VLOOKUP(B232,'SINAPI COMP'!B:M,8,0))), VLOOKUP(B232,'OUTRAS BASES'!C:D,2,0))","v":54.39},108.78]
["Insumo",53688,"SBC","VALVULA DE RETENCAO HORIZONTAL EM LATAO, ROSCA BSP 2\"\t","Material",null,"UN",1,{"$f":"IF(C233=\"SINAPI\", IF( IF(A233=\"Insumo\", VLOOKUP(B233,'SINAPI INSUMOS'!B:J,7,0), VLOOKUP(B233,'SINAPI COMP'!B:M,8,0))=0,VLOOKUP(B233,'OUTRAS BASES'!C:D,2,0),IF(A233=\"Insumo\", VLOOKUP(B233,'SINAPI INSUMOS'!B:J,7,0),VLOOKUP(B233,'SINAPI COMP'!B:M,8,0))), VLOOKUP(B233,'OUTRAS BASES'!C:D,2,0))","v":192.66},192.66]
["Insumo",4194,"SINAPI","NIPLE DE REDUCAO DE FERRO GALVANIZADO, COM ROSCA BSP, DE 2\" X 1 1/2\"","Material",null,"UN",1,{"$f":"IF(C234=\"SINAPI\", IF( IF(A234=\"Insumo\", VLOOKUP(B234,'SINAPI INSUMOS'!B:J,7,0), VLOOKUP(B234,'SINAPI COMP'!B:M,8,0))=0,VLOOKUP(B234,'OUTRAS BASES'!C:D,2,0),IF(A234=\"Insumo\", VLOOKUP(B234,'SINAPI INSUMOS'!B:J,7,0),VLOOKUP(B234,'SINAPI COMP'!B:M,8,0))), VLOOKUP(B234,'OUTRAS BASES'!C:D,2,0))","v":46.94},46.94]
["Insumo",12464,"ORSE","Clorador dosador de cloro de pastilhas automático","Material",null,"un",1,{"$f":"IF(C235=\"SINAPI\", IF( IF(A235=\"Insumo\", VLOOKUP(B235,'SINAPI INSUMOS'!B:J,7,0), VLOOKUP(B235,'SINAPI COMP'!B:M,8,0))=0,VLOOKUP(B235,'OUTRAS BASES'!C:D,2,0),IF(A235=\"Insumo\", VLOOKUP(B235,'SINAPI INSUMOS'!B:J,7,0),VLOOKUP(B235,'SINAPI COMP'!B:M,8,0))), VLOOKUP(B235,'OUTRAS BASES'!C:D,2,0))","v":250.97},250.97]
[]
[]
[]
[]
[" 9 ",null,null,"INSTALAÇÕES HIDRÁULICAS"]
[" 9.1 ","Código","Banco","Descrição","Tipo",null,"Und","Quant.","Valor Unit","Total"]
["Composição","COMPOSIÇÃO - 15","Próprio","Instalação da rede adutora poço-reservatório-bebedouro em PN80 e DN50MM","SEDI - SERVIÇOS DIVERSOS",null,"m",1,{"$f":"SUM(J243:J245)","v":15.7095},{"$f":"I242*H242","v":15.7095}]
["Composição Auxiliar",88316,"SINAPI","SERVENTE COM ENCARGOS COMPLEMENTARES","Livro SINAPI: Cálculos e Parâmetros",null,"H",0.05,{"$f":"IF(C243=\"SINAPI\", IF( IF(A243=\"Insumo\", VLOOKUP(B243,'SINAPI INSUMOS'!B:J,7,0), VLOOKUP(B243,'SINAPI COMP'!B:M,8,0))=0,VLOOKUP(B243,'OUTRAS BASES'!C:D,2,0),IF(A243=\"Insumo\", VLOOKUP(B243,'SINAPI INSUMOS'!B:J,7,0),VLOOKUP(B243,'SINAPI COMP'!B:M,8,0))), VLOOKUP(B243,'OUTRAS BASES'!C:D,2,0))","v":24.94},1.2470000000000001]
["Composição Auxiliar",93358,"SINAPI","ESCAVAÇÃO MANUAL DE VALA COM PROFUNDIDADE MENOR OU IGUAL A 1,30 M. AF_02/2021","Escavação de Valas",null,"m³",0.05,{"$f":"IF(C244=\"SINAPI\", IF( IF(A244=\"Insumo\", VLOOKUP(B244,'SINAPI INSUMOS'!B:J,7,0), VLOOKUP(B244,'SINAPI COMP'!B:M,8,0))=0,VLOOKUP(B244,'OUTRAS BASES'!C:D,2,0),IF(A244=\"Insumo\", VLOOKUP(B244,'SINAPI INSUMOS'!B:J,7,0),VLOOKUP(B244,'SINAPI COMP'!B:M,8,0))), VLOOKUP(B244,'OUTRAS BASES'!C:D,2,0))","v":98.65},4.932500000000001]
["Insumo",119,"SINAPI","ADESIVO PLASTICO PARA PVC, BISNAGA COM 75 GR","Material",null,"UN",1,{"$f":"IF(C245=\"SINAPI\", IF( IF(A245=\"Insumo\", VLOOKUP(B245,'SINAPI INSUMOS'!B:J,7,0), VLOOKUP(B245,'SINAPI COMP'!B:M,8,0))=0,VLOOKUP(B245,'OUTRAS BASES'!C:D,2,0),IF(A245=\"Insumo\", VLOOKUP(B245,'SINAPI INSUMOS'!B:J,7,0),VLOOKUP(B245,'SINAPI COMP'!B:M,8,0))), VLOOKUP(B245,'OUTRAS BASES'!C:D,2,0))","v":9.5299999999999994},9.5299999999999994]
[]
[" 9.2 ","Código","Banco","Descrição","Tipo",null,"Und","Quant.","Valor Unit","Total"]
["Insumo",9875,"SINAPI","TUBO PVC, SOLDAVEL, DE 50 MM, AGUA FRIA (NBR-5648)","MATERIAL",null,"un",1,{"$f":"IF(C248=\"SINAPI\", IF( IF(A248=\"Insumo\", VLOOKUP(B248,'SINAPI INSUMOS'!B:J,7,0), VLOOKUP(B248,'SINAPI COMP'!B:M,8,0))=0,VLOOKUP(B248,'OUTRAS BASES'!C:D,2,0),IF(A248=\"Insumo\", VLOOKUP(B248,'SINAPI INSUMOS'!B:J,7,0),VLOOKUP(B248,'SINAPI COMP'!B:M,8,0))), VLOOKUP(B248,'OUTRAS BASES'!C:D,2,0))","v":16.649999999999999},{"$f":"I248*H248","v":16.649999999999999}]
[]
[]
[]
[]
[" 9.3","Código","Banco","Descrição","Tipo",null,"Und","Quant.","Valor Unit","Total"]
["Composição","COMPOSIÇÃO - 16","Próprio","Montagem hidráulica do equipamento de bombeamento","INHI - INSTALAÇÕES HIDROS SANITÁRIAS",null,"un",1,{"$f":"SUM(J255:J256)","v":171.66},{"$f":"I254*H254","v":171.66}]
["Composição Auxiliar",88267,"SINAPI","ENCANADOR OU BOMBEIRO HIDRÁULICO COM ENCARGOS COMPLEMENTARES","Livro SINAPI: Cálculos e Parâmetros",null,"H",3,{"$f":"IF(C255=\"SINAPI\", IF( IF(A255=\"Insumo\", VLOOKUP(B255,'SINAPI INSUMOS'!B:J,7,0), VLOOKUP(B255,'SINAPI COMP'!B:M,8,0))=0,VLOOKUP(B255,'OUTRAS BASES'!C:D,2,0),IF(A255=\"Insumo\", VLOOKUP(B255,'SINAPI INSUMOS'!B:J,7,0),VLOOKUP(B255,'SINAPI COMP'!B:M,8,0))), VLOOKUP(B255,'OUTRAS BASES'!C:D,2,0))","v":31.96},95.88]
["Composição Auxiliar",88248,"SINAPI","AUXILIAR DE ENCANADOR OU BOMBEIRO HIDRÁULICO COM ENCARGOS COMPLEMENTARES","Livro SINAPI: Cálculos e Parâmetros",null,"H",3,{"$f":"IF(C256=\"SINAPI\", IF( IF(A256=\"Insumo\", VLOOKUP(B256,'SINAPI INSUMOS'!B:J,7,0), VLOOKUP(B256,'SINAPI COMP'!B:M,8,0))=0,VLOOKUP(B256,'OUTRAS BASES'!C:D,2,0),IF(A256=\"Insumo\", VLOOKUP(B256,'SINAPI INSUMOS'!B:J,7,0),VLOOKUP(B256,'SINAPI COMP'!B:M,8,0))), VLOOKUP(B256,'OUTRAS BASES'!C:D,2,0))","v":25.26},75.78]
[]
[]
[]
[]
[" 9.4","Código","Banco","Descrição","Tipo",null,"Und","Quant.","Valor Unit","Total"]
["Insumo",38200,"SINAPI","CORDA DE POLIAMIDA 12 MM TIPO BOMBEIRO, PARA TRABALHO EM ALTURA","Material",null,"100M",1,{"$f":"IF(C262=\"SINAPI\", IF( IF(A262=\"Insumo\", VLOOKUP(B262,'SINAPI INSUMOS'!B:J,7,0), VLOOKUP(B262,'SINAPI COMP'!B:M,8,0))=0,VLOOKUP(B262,'OUTRAS BASES'!C:D,2,0),IF(A262=\"Insumo\", VLOOKUP(B262,'SINAPI INSUMOS'!B:J,7,0),VLOOKUP(B262,'SINAPI COMP'!B:M,8,0))), VLOOKUP(B262,'OUTRAS BASES'!C:D,2,0))","v":397.12},{"$f":"I262*H262","v":397.12}]
[]
[]
[]
[]
[" 9.5","Código","Banco","Descrição","Tipo",null,"Und","Quant.","Valor Unit","Total"]
["Insumo",9860,"SINAPI","TUBO PVC, ROSCAVEL,  2\", PARA AGUA FRIA PREDIAL","Material",null,"M",1,{"$f":"IF(C268=\"SINAPI\", IF( IF(A268=\"Insumo\", VLOOKUP(B268,'SINAPI INSUMOS'!B:J,7,0), VLOOKUP(B268,'SINAPI COMP'!B:M,8,0))=0,VLOOKUP(B268,'OUTRAS BASES'!C:D,2,0),IF(A268=\"Insumo\", VLOOKUP(B268,'SINAPI INSUMOS'!B:J,7,0),VLOOKUP(B268,'SINAPI COMP'!B:M,8,0))), VLOOKUP(B268,'OUTRAS BASES'!C:D,2,0))","v":48.37},{"$f":"I268*H268","v":48.37}]
[]
[]
[]
[]
[" 9.6","Código","Banco","Descrição","Tipo",null,"Und","Quant.","Valor Unit","Total"]
["Insumo",3912,"SINAPI","LUVA DE FERRO GALVANIZADO, COM ROSCA BSP, DE 2\"","Material",null,"UN",1,{"$f":"IF(C274=\"SINAPI\", IF( IF(A274=\"Insumo\", VLOOKUP(B274,'SINAPI INSUMOS'!B:J,7,0), VLOOKUP(B274,'SINAPI COMP'!B:M,8,0))=0,VLOOKUP(B274,'OUTRAS BASES'!C:D,2,0),IF(A274=\"Insumo\", VLOOKUP(B274,'SINAPI INSUMOS'!B:J,7,0),VLOOKUP(B274,'SINAPI COMP'!B:M,8,0))), VLOOKUP(B274,'OUTRAS BASES'!C:D,2,0))","v":36.61},{"$f":"I274*H274","v":36.61}]
[]
[]
[]
[]
[" 9.7","Código","Banco","Descrição","Tipo",null,"Und","Quant.","Valor Unit","Total"]
["Insumo",5128,"ORSE","Tampa de poço galvanizada em 6\" un","Serviços",null,"un",1,{"$f":"IF(C280=\"SINAPI\", IF( IF(A280=\"Insumo\", VLOOKUP(B280,'SINAPI INSUMOS'!B:J,7,0), VLOOKUP(B280,'SINAPI COMP'!B:M,8,0))=0,VLOOKUP(B280,'OUTRAS BASES'!C:D,2,0),IF(A280=\"Insumo\", VLOOKUP(B280,'SINAPI INSUMOS'!B:J,7,0),VLOOKUP(B280,'SINAPI COMP'!B:M,8,0))), VLOOKUP(B280,'OUTRAS BASES'!C:D,2,0))","v":107.28},{"$f":"I280*H280","v":107.28}]
[]
[]
[]
[]
[10,null,null,"ESTRUTURA DE FIXAÇÃO PARA MÓDULOS FOTOVOLTÁICOS"]
["10.1","Código","Banco","Descrição","Tipo",null,"Und","Quant.","Valor Unit","Total"]
["Composição","COMPOSIÇÃO - 17","Próprio","Serviço de fixação de estruturas para os módulos fotovoltaicos e suportes de concreto, incluso materiais.","SEDI - SERVIÇOS DIVERSOS",null,"m²",1,{"$f":"SUM(J288:J290)","v":110.36121199999999},{"$f":"I287*H287","v":110.36121199999999}]
["Composição Auxiliar",94975,"SINAPI","CONCRETO FCK = 15MPA, TRAÇO 1:3,4:3,5 (EM MASSA SECA DE CIMENTO/ AREIA MÉDIA/ BRITA 1) - PREPARO MANUAL. AF_05/2021","Produção de Concreto",null,"m³",0.09,{"$f":"IF(C288=\"SINAPI\", IF( IF(A288=\"Insumo\", VLOOKUP(B288,'SINAPI INSUMOS'!B:J,7,0), VLOOKUP(B288,'SINAPI COMP'!B:M,8,0))=0,VLOOKUP(B288,'OUTRAS BASES'!C:D,2,0),IF(A288=\"Insumo\", VLOOKUP(B288,'SINAPI INSUMOS'!B:J,7,0),VLOOKUP(B288,'SINAPI COMP'!B:M,8,0))), VLOOKUP(B288,'OUTRAS BASES'!C:D,2,0))","v":631.15},56.803499999999993]
["Composição Auxiliar",96522,"SINAPI","ESCAVAÇÃO MANUAL PARA BLOCO DE COROAMENTO OU SAPATA (SEM ESCAVAÇÃO PARA COLOCAÇÃO DE FÔRMAS). AF_01/2024","Fundações Rasas (Blocos, Sapatas, Vigas Baldrame)",null,"m³",6.1999999999999998E-3,{"$f":"IF(C289=\"SINAPI\", IF( IF(A289=\"Insumo\", VLOOKUP(B289,'SINAPI INSUMOS'!B:J,7,0), VLOOKUP(B289,'SINAPI COMP'!B:M,8,0))=0,VLOOKUP(B289,'OUTRAS BASES'!C:D,2,0),IF(A289=\"Insumo\", VLOOKUP(B289,'SINAPI INSUMOS'!B:J,7,0),VLOOKUP(B289,'SINAPI COMP'!B:M,8,0))), VLOOKUP(B289,'OUTRAS BASES'!C:D,2,0))","v":165.76},1.027712]
["Insumo",4183,"SBC","ESTRUTURA METALICA EM TESOURAS OU TRELICAS, VÃO LIVRE DE 12M, FORNECIMENTO E MONTAGEM ","Material",null,"m²",1,{"$f":"IF(C290=\"SINAPI\", IF( IF(A290=\"Insumo\", VLOOKUP(B290,'SINAPI INSUMOS'!B:J,7,0), VLOOKUP(B290,'SINAPI COMP'!B:M,8,0))=0,VLOOKUP(B290,'OUTRAS BASES'!C:D,2,0),IF(A290=\"Insumo\", VLOOKUP(B290,'SINAPI INSUMOS'!B:J,7,0),VLOOKUP(B290,'SINAPI COMP'!B:M,8,0))), VLOOKUP(B290,'OUTRAS BASES'!C:D,2,0))","v":52.53},52.53]
[]
[]
[]
[]
[11,null,null,"INSTALAÇÕES ELÉTRICAS E BÓIA ELÉTRICA"]
["11.1","Código","Banco","Descrição","Tipo",null,"Und","Quant.","Valor Unit","Total"]
["Composição","COMPOSIÇÃO - 18","Próprio","Montagem e instalação elétrica do kit de bombeamento e sistema fotovoltaico inclusive sistema de aterramento.","INEL - INSTALAÇÃO ELÉTRICA/ELETRIFICAÇÃO E ILUMINAÇÃO EXTERNA",null,"un",1,{"$f":"SUM(J298:J308)","v":1144.7190000000001},{"$f":"I297*H297","v":1144.7190000000001}]
["Composição Auxiliar",88247,"SINAPI","AUXILIAR DE ELETRICISTA COM ENCARGOS COMPLEMENTARES","Livro SINAPI: Cálculos e Parâmetros",null,"H",8,{"$f":"IF(C298=\"SINAPI\", IF( IF(A298=\"Insumo\", VLOOKUP(B298,'SINAPI INSUMOS'!B:J,7,0), VLOOKUP(B298,'SINAPI COMP'!B:M,8,0))=0,VLOOKUP(B298,'OUTRAS BASES'!C:D,2,0),IF(A298=\"Insumo\", VLOOKUP(B298,'SINAPI INSUMOS'!B:J,7,0),VLOOKUP(B298,'SINAPI COMP'!B:M,8,0))), VLOOKUP(B298,'OUTRAS BASES'!C:D,2,0))","v":26.26},210.08]
["Insumo",20111,"SINAPI","FITA ISOLANTE ADESIVA ANTICHAMA, USO ATE 750 V, EM ROLO DE 19 MM X 20 M","Material",null,"UN",1,{"$f":"IF(C299=\"SINAPI\", IF( IF(A299=\"Insumo\", VLOOKUP(B299,'SINAPI INSUMOS'!B:J,7,0), VLOOKUP(B299,'SINAPI COMP'!B:M,8,0))=0,VLOOKUP(B299,'OUTRAS BASES'!C:D,2,0),IF(A299=\"Insumo\", VLOOKUP(B299,'SINAPI INSUMOS'!B:J,7,0),VLOOKUP(B299,'SINAPI COMP'!B:M,8,0))), VLOOKUP(B299,'OUTRAS BASES'!C:D,2,0))","v":12.08},12.08]
["Insumo",2674,"SINAPI","FORNECIMENTO DE  ELETRODUTO DE PVC RIGIDO ROSCAVEL DE 3/4 \", SEM LUVA","Material",null,"M",15,{"$f":"IF(C300=\"SINAPI\", IF( IF(A300=\"Insumo\", VLOOKUP(B300,'SINAPI INSUMOS'!B:J,7,0), VLOOKUP(B300,'SINAPI COMP'!B:M,8,0))=0,VLOOKUP(B300,'OUTRAS BASES'!C:D,2,0),IF(A300=\"Insumo\", VLOOKUP(B300,'SINAPI INSUMOS'!B:J,7,0),VLOOKUP(B300,'SINAPI COMP'!B:M,8,0))), VLOOKUP(B300,'OUTRAS BASES'!C:D,2,0))","v":6.19},92.850000000000009]
["Insumo",12034,"SINAPI","FORNECIMENTO DE  CURVA 180 GRAUS, DE PVC RIGIDO ROSCAVEL, DE 3/4\", PARA ELETRODUTO","Material",null,"UN",1,{"$f":"IF(C301=\"SINAPI\", IF( IF(A301=\"Insumo\", VLOOKUP(B301,'SINAPI INSUMOS'!B:J,7,0), VLOOKUP(B301,'SINAPI COMP'!B:M,8,0))=0,VLOOKUP(B301,'OUTRAS BASES'!C:D,2,0),IF(A301=\"Insumo\", VLOOKUP(B301,'SINAPI INSUMOS'!B:J,7,0),VLOOKUP(B301,'SINAPI COMP'!B:M,8,0))), VLOOKUP(B301,'OUTRAS BASES'!C:D,2,0))","v":5.42},5.42]
["Insumo",39272,"SINAPI","FORNECIMENTO DE  CURVA 90 GRAUS, CURTA, DE PVC RIGIDO ROSCAVEL, DE 3/4\", PARA ELETRODUTO","Material",null,"UN",2,{"$f":"IF(C302=\"SINAPI\", IF( IF(A302=\"Insumo\", VLOOKUP(B302,'SINAPI INSUMOS'!B:J,7,0), VLOOKUP(B302,'SINAPI COMP'!B:M,8,0))=0,VLOOKUP(B302,'OUTRAS BASES'!C:D,2,0),IF(A302=\"Insumo\", VLOOKUP(B302,'SINAPI INSUMOS'!B:J,7,0),VLOOKUP(B302,'SINAPI COMP'!B:M,8,0))), VLOOKUP(B302,'OUTRAS BASES'!C:D,2,0))","v":2.96},5.92]
["Insumo",3379,"SINAPI","HASTE DE ATERRAMENTO EM ACO COM 3,00 M DE COMPRIMENTO E DN = 5/8\", REVESTIDA COM BAIXA CAMADA DE COBRE, SEM CONECTOR","Material",null,"UN",0.66,{"$f":"IF(C303=\"SINAPI\", IF( IF(A303=\"Insumo\", VLOOKUP(B303,'SINAPI INSUMOS'!B:J,7,0), VLOOKUP(B303,'SINAPI COMP'!B:M,8,0))=0,VLOOKUP(B303,'OUTRAS BASES'!C:D,2,0),IF(A303=\"Insumo\", VLOOKUP(B303,'SINAPI INSUMOS'!B:J,7,0),VLOOKUP(B303,'SINAPI COMP'!B:M,8,0))), VLOOKUP(B303,'OUTRAS BASES'!C:D,2,0))","v":55.4},36.564]
["Insumo",1891,"SINAPI","FORNECIMENTO DE  LUVA EM PVC RIGIDO ROSCAVEL, DE 3/4\", PARA ELETRODUTO","Material",null,"UN",9,{"$f":"IF(C304=\"SINAPI\", IF( IF(A304=\"Insumo\", VLOOKUP(B304,'SINAPI INSUMOS'!B:J,7,0), VLOOKUP(B304,'SINAPI COMP'!B:M,8,0))=0,VLOOKUP(B304,'OUTRAS BASES'!C:D,2,0),IF(A304=\"Insumo\", VLOOKUP(B304,'SINAPI INSUMOS'!B:J,7,0),VLOOKUP(B304,'SINAPI COMP'!B:M,8,0))), VLOOKUP(B304,'OUTRAS BASES'!C:D,2,0))","v":1.37},12.330000000000002]
["Insumo",425,"SINAPI","GRAMPO METALICO TIPO OLHAL PARA HASTE DE ATERRAMENTO DE 5/8'', CONDUTOR DE *10* A 50 MM2","Material",null,"UN",2,{"$f":"IF(C305=\"SINAPI\", IF( IF(A305=\"Insumo\", VLOOKUP(B305,'SINAPI INSUMOS'!B:J,7,0), VLOOKUP(B305,'SINAPI COMP'!B:M,8,0))=0,VLOOKUP(B305,'OUTRAS BASES'!C:D,2,0),IF(A305=\"Insumo\", VLOOKUP(B305,'SINAPI INSUMOS'!B:J,7,0),VLOOKUP(B305,'SINAPI COMP'!B:M,8,0))), VLOOKUP(B305,'OUTRAS BASES'!C:D,2,0))","v":5.25},10.5]
["Insumo",34643,"SINAPI","FORNECIMENTO DE  CAIXA DE INSPECAO PARA ATERRAMENTO E PARA RAIOS, EM POLIPROPILENO,  DIAMETRO = 300 MM X ALTURA = 400 MM","Material",null,"UN",2,{"$f":"IF(C306=\"SINAPI\", IF( IF(A306=\"Insumo\", VLOOKUP(B306,'SINAPI INSUMOS'!B:J,7,0), VLOOKUP(B306,'SINAPI COMP'!B:M,8,0))=0,VLOOKUP(B306,'OUTRAS BASES'!C:D,2,0),IF(A306=\"Insumo\", VLOOKUP(B306,'SINAPI INSUMOS'!B:J,7,0),VLOOKUP(B306,'SINAPI COMP'!B:M,8,0))), VLOOKUP(B306,'OUTRAS BASES'!C:D,2,0))","v":58.29},116.58]
["Insumo",867,"SINAPI","CABO DE COBRE NU 50 MM2 MEIO-DURO","Material",null,"M",7.5,{"$f":"IF(C307=\"SINAPI\", IF( IF(A307=\"Insumo\", VLOOKUP(B307,'SINAPI INSUMOS'!B:J,7,0), VLOOKUP(B307,'SINAPI COMP'!B:M,8,0))=0,VLOOKUP(B307,'OUTRAS BASES'!C:D,2,0),IF(A307=\"Insumo\", VLOOKUP(B307,'SINAPI INSUMOS'!B:J,7,0),VLOOKUP(B307,'SINAPI COMP'!B:M,8,0))), VLOOKUP(B307,'OUTRAS BASES'!C:D,2,0))","v":65.37},490.27500000000003]
["Insumo",54581,"SIURB INFRA","DPS - DISPOSITIVO DE PROTEÇÃO CONTRA SURTOS – 45KA – 500 VOLTS - CORRENTE CONTÍNUA - CLASSE II - P/ SISTEMA FOTOVOLTÁICO","Material",null,"Un",1,{"$f":"IF(C308=\"SINAPI\", IF( IF(A308=\"Insumo\", VLOOKUP(B308,'SINAPI INSUMOS'!B:J,7,0), VLOOKUP(B308,'SINAPI COMP'!B:M,8,0))=0,VLOOKUP(B308,'OUTRAS BASES'!C:D,2,0),IF(A308=\"Insumo\", VLOOKUP(B308,'SINAPI INSUMOS'!B:J,7,0),VLOOKUP(B308,'SINAPI COMP'!B:M,8,0))), VLOOKUP(B308,'OUTRAS BASES'!C:D,2,0))","v":152.12},152.12]
[]
[]
[]
[]
["11.2","Código","Banco","Descrição","Tipo",null,"Und","Quant.","Valor Unit","Total"]
["Insumo",34622,"SINAPI","FORNECIMENTO DE  CABO FLEXIVEL PVC 750 V, 3 CONDUTORES DE 6,0 MM2","Material",null,"M",1,{"$f":"IF(C314=\"SINAPI\", IF( IF(A314=\"Insumo\", VLOOKUP(B314,'SINAPI INSUMOS'!B:J,7,0), VLOOKUP(B314,'SINAPI COMP'!B:M,8,0))=0,VLOOKUP(B314,'OUTRAS BASES'!C:D,2,0),IF(A314=\"Insumo\", VLOOKUP(B314,'SINAPI INSUMOS'!B:J,7,0),VLOOKUP(B314,'SINAPI COMP'!B:M,8,0))), VLOOKUP(B314,'OUTRAS BASES'!C:D,2,0))","v":25.7},{"$f":"I314*H314","v":25.7}]
[]
[]
[]
[]
["11.3","Código","Banco","Descrição","Tipo",null,"Und","Quant.","Valor Unit","Total"]
["Composição","COMPOSIÇÃO - 19","Próprio","Fornecimento e instalação de automático de bóia superior e inferior","ASTU - ASSENTAMENTO DE TUBOS E PECAS",null,"un",1,{"$f":"SUM(J321:J325)","v":71.001000000000005},{"$f":"I320*H320","v":71.001000000000005}]
["Composição Auxiliar",88264,"SINAPI","ELETRICISTA COM ENCARGOS COMPLEMENTARES","Livro SINAPI: Cálculos e Parâmetros",null,"H",0.2,{"$f":"IF(C321=\"SINAPI\", IF( IF(A321=\"Insumo\", VLOOKUP(B321,'SINAPI INSUMOS'!B:J,7,0), VLOOKUP(B321,'SINAPI COMP'!B:M,8,0))=0,VLOOKUP(B321,'OUTRAS BASES'!C:D,2,0),IF(A321=\"Insumo\", VLOOKUP(B321,'SINAPI INSUMOS'!B:J,7,0),VLOOKUP(B321,'SINAPI COMP'!B:M,8,0))), VLOOKUP(B321,'OUTRAS BASES'!C:D,2,0))","v":33.090000000000003},6.6180000000000012]
["Composição Auxiliar",88247,"SINAPI","AUXILIAR DE ELETRICISTA COM ENCARGOS COMPLEMENTARES","Livro SINAPI: Cálculos e Parâmetros",null,"H",0.2,{"$f":"IF(C322=\"SINAPI\", IF( IF(A322=\"Insumo\", VLOOKUP(B322,'SINAPI INSUMOS'!B:J,7,0), VLOOKUP(B322,'SINAPI COMP'!B:M,8,0))=0,VLOOKUP(B322,'OUTRAS BASES'!C:D,2,0),IF(A322=\"Insumo\", VLOOKUP(B322,'SINAPI INSUMOS'!B:J,7,0),VLOOKUP(B322,'SINAPI COMP'!B:M,8,0))), VLOOKUP(B322,'OUTRAS BASES'!C:D,2,0))","v":26.26},5.2520000000000007]
["Insumo",7588,"SINAPI","AUTOMATICO DE BOIA SUPERIOR / INFERIOR, *15* A / 250 V","Material",null,"UN",1,{"$f":"IF(C323=\"SINAPI\", IF( IF(A323=\"Insumo\", VLOOKUP(B323,'SINAPI INSUMOS'!B:J,7,0), VLOOKUP(B323,'SINAPI COMP'!B:M,8,0))=0,VLOOKUP(B323,'OUTRAS BASES'!C:D,2,0),IF(A323=\"Insumo\", VLOOKUP(B323,'SINAPI INSUMOS'!B:J,7,0),VLOOKUP(B323,'SINAPI COMP'!B:M,8,0))), VLOOKUP(B323,'OUTRAS BASES'!C:D,2,0))","v":58},58]
["Insumo",21127,"SINAPI","FITA ISOLANTE ADESIVA ANTICHAMA, USO ATE 750 V, EM ROLO DE 19 MM X 5 M","Material",null,"UN",0.1,{"$f":"IF(C324=\"SINAPI\", IF( IF(A324=\"Insumo\", VLOOKUP(B324,'SINAPI INSUMOS'!B:J,7,0), VLOOKUP(B324,'SINAPI COMP'!B:M,8,0))=0,VLOOKUP(B324,'OUTRAS BASES'!C:D,2,0),IF(A324=\"Insumo\", VLOOKUP(B324,'SINAPI INSUMOS'!B:J,7,0),VLOOKUP(B324,'SINAPI COMP'!B:M,8,0))), VLOOKUP(B324,'OUTRAS BASES'!C:D,2,0))","v":4.5599999999999996},0.45599999999999996]
["Insumo",3146,"SINAPI","FITA VEDA ROSCA EM ROLOS DE 18 MM X 10 M (L X C)","Material",null,"UN",0.15,{"$f":"IF(C325=\"SINAPI\", IF( IF(A325=\"Insumo\", VLOOKUP(B325,'SINAPI INSUMOS'!B:J,7,0), VLOOKUP(B325,'SINAPI COMP'!B:M,8,0))=0,VLOOKUP(B325,'OUTRAS BASES'!C:D,2,0),IF(A325=\"Insumo\", VLOOKUP(B325,'SINAPI INSUMOS'!B:J,7,0),VLOOKUP(B325,'SINAPI COMP'!B:M,8,0))), VLOOKUP(B325,'OUTRAS BASES'!C:D,2,0))","v":4.5},0.67499999999999993]
[]
[]
[]
[]
["11.4","Código","Banco","Descrição","Tipo",null,"Und","Quant.","Valor Unit","Total"]
["Insumo",39257,"SINAPI","CABO MULTIPOLAR DE COBRE, FLEXIVEL, CLASSE 4 OU 5, ISOLACAO EM HEPR, COBERTURA EM PVC-ST2, ANTICHAMA BWF-B, 0,6/1 KV, 3 CONDUTORES DE 1,5 MM2","Material",null,"M",1,{"$f":"IF(C331=\"SINAPI\", IF( IF(A331=\"Insumo\", VLOOKUP(B331,'SINAPI INSUMOS'!B:J,7,0), VLOOKUP(B331,'SINAPI COMP'!B:M,8,0))=0,VLOOKUP(B331,'OUTRAS BASES'!C:D,2,0),IF(A331=\"Insumo\", VLOOKUP(B331,'SINAPI INSUMOS'!B:J,7,0),VLOOKUP(B331,'SINAPI COMP'!B:M,8,0))), VLOOKUP(B331,'OUTRAS BASES'!C:D,2,0))","v":6.99},{"$f":"I331*H331","v":6.99}]
[]
[]
[]
[]
["11.5","Código","Banco","Descrição","Tipo",null,"Und","Quant.","Valor Unit","Total"]
["Insumo","COTAÇÃO-001","Próprio","Fornecimento de kit de bombeamento fotovoltaico, incluindo uma bomba CC de 1500W com controladora de carga externa, caixa de proteção metálica, módulos fotovoltaicos compatíveis com a geração de 2200Wp além de componentes elétricos necessários para interligação dos painéis, como cabos, conectores MC4 e presilhas de fixação.","Serviços",null,"un",1,7842.59,{"$f":"I337*H337","v":7842.59}]
[]
[]
[]
[]
[12,null,null,"URBANIZAÇÃO"]
["12.1","Código","Banco","Descrição","Tipo",null,"Und","Quant.","Valor Unit","Total"]
["Composição","COMPOSIÇÃO - 20","Próprio","Cerca com mourões de concreto de 15x15cm, espaçados de 3m e cravados a 0,5m, escoras de 10x10cm nos cantos, e 9 fios de arame de aço ovalado 15x17.","SEDI - SERVIÇOS DIVERSOS",null,"m",1,{"$f":"SUM(J345:J351)","v":85.613060000000019},{"$f":"I344*H344","v":85.613060000000019}]
["Composição Auxiliar",88309,"SINAPI","PEDREIRO COM ENCARGOS COMPLEMENTARES","Livro SINAPI: Cálculos e Parâmetros",null,"H",0.33500000000000002,{"$f":"IF(C345=\"SINAPI\", IF( IF(A345=\"Insumo\", VLOOKUP(B345,'SINAPI INSUMOS'!B:J,7,0), VLOOKUP(B345,'SINAPI COMP'!B:M,8,0))=0,VLOOKUP(B345,'OUTRAS BASES'!C:D,2,0),IF(A345=\"Insumo\", VLOOKUP(B345,'SINAPI INSUMOS'!B:J,7,0),VLOOKUP(B345,'SINAPI COMP'!B:M,8,0))), VLOOKUP(B345,'OUTRAS BASES'!C:D,2,0))","v":32.69},10.95115]
["Composição Auxiliar",88316,"SINAPI","SERVENTE COM ENCARGOS COMPLEMENTARES","Livro SINAPI: Cálculos e Parâmetros",null,"H",0.67100000000000004,{"$f":"IF(C346=\"SINAPI\", IF( IF(A346=\"Insumo\", VLOOKUP(B346,'SINAPI INSUMOS'!B:J,7,0), VLOOKUP(B346,'SINAPI COMP'!B:M,8,0))=0,VLOOKUP(B346,'OUTRAS BASES'!C:D,2,0),IF(A346=\"Insumo\", VLOOKUP(B346,'SINAPI INSUMOS'!B:J,7,0),VLOOKUP(B346,'SINAPI COMP'!B:M,8,0))), VLOOKUP(B346,'OUTRAS BASES'!C:D,2,0))","v":24.94},16.734740000000002]
["Composição Auxiliar",94975,"SINAPI","CONCRETO FCK = 15MPA, TRAÇO 1:3,4:3,5 (EM MASSA SECA DE CIMENTO/ AREIA MÉDIA/ BRITA 1) - PREPARO MANUAL. AF_05/2021","Produção de Concreto",null,"m³",2.8799999999999999E-2,{"$f":"IF(C347=\"SINAPI\", IF( IF(A347=\"Insumo\", VLOOKUP(B347,'SINAPI INSUMOS'!B:J,7,0), VLOOKUP(B347,'SINAPI COMP'!B:M,8,0))=0,VLOOKUP(B347,'OUTRAS BASES'!C:D,2,0),IF(A347=\"Insumo\", VLOOKUP(B347,'SINAPI INSUMOS'!B:J,7,0),VLOOKUP(B347,'SINAPI COMP'!B:M,8,0))), VLOOKUP(B347,'OUTRAS BASES'!C:D,2,0))","v":631.15},18.177119999999999]
["Insumo",43130,"SINAPI","ARAME GALVANIZADO 12 BWG, D = 2,76 MM (0,048 KG/M) OU 14 BWG, D = 2,11 MM (0,026 KG/M)","Material",null,"KG",9.8000000000000004E-2,{"$f":"IF(C348=\"SINAPI\", IF( IF(A348=\"Insumo\", VLOOKUP(B348,'SINAPI INSUMOS'!B:J,7,0), VLOOKUP(B348,'SINAPI COMP'!B:M,8,0))=0,VLOOKUP(B348,'OUTRAS BASES'!C:D,2,0),IF(A348=\"Insumo\", VLOOKUP(B348,'SINAPI INSUMOS'!B:J,7,0),VLOOKUP(B348,'SINAPI COMP'!B:M,8,0))), VLOOKUP(B348,'OUTRAS BASES'!C:D,2,0))","v":20},1.96]
["Insumo",346,"SINAPI","ARAME DE ACO OVALADO 15 X 17 ( 45,7 KG, 700 KGF), ROLO 1000 M","Material",null,"KG",0.40500000000000003,{"$f":"IF(C349=\"SINAPI\", IF( IF(A349=\"Insumo\", VLOOKUP(B349,'SINAPI INSUMOS'!B:J,7,0), VLOOKUP(B349,'SINAPI COMP'!B:M,8,0))=0,VLOOKUP(B349,'OUTRAS BASES'!C:D,2,0),IF(A349=\"Insumo\", VLOOKUP(B349,'SINAPI INSUMOS'!B:J,7,0),VLOOKUP(B349,'SINAPI COMP'!B:M,8,0))), VLOOKUP(B349,'OUTRAS BASES'!C:D,2,0))","v":23.69},9.5944500000000019]
["Insumo",4111,"SINAPI","ESCORA PRE-MOLDADA EM CONCRETO, *10 X 10* CM, H = 2,30M","Material",null,"UN",0.16,{"$f":"IF(C350=\"SINAPI\", IF( IF(A350=\"Insumo\", VLOOKUP(B350,'SINAPI INSUMOS'!B:J,7,0), VLOOKUP(B350,'SINAPI COMP'!B:M,8,0))=0,VLOOKUP(B350,'OUTRAS BASES'!C:D,2,0),IF(A350=\"Insumo\", VLOOKUP(B350,'SINAPI INSUMOS'!B:J,7,0),VLOOKUP(B350,'SINAPI COMP'!B:M,8,0))), VLOOKUP(B350,'OUTRAS BASES'!C:D,2,0))","v":52.27},8.3632000000000009]
["Insumo"," I1533 ","SEINFRA","MOURÃO CONCRETO BASE 15X15CM H=2.3 C/ 12 FUROS","Material",null,"UN",0.42,{"$f":"IF(C351=\"SINAPI\", IF( IF(A351=\"Insumo\", VLOOKUP(B351,'SINAPI INSUMOS'!B:J,7,0), VLOOKUP(B351,'SINAPI COMP'!B:M,8,0))=0,VLOOKUP(B351,'OUTRAS BASES'!C:D,2,0),IF(A351=\"Insumo\", VLOOKUP(B351,'SINAPI INSUMOS'!B:J,7,0),VLOOKUP(B351,'SINAPI COMP'!B:M,8,0))), VLOOKUP(B351,'OUTRAS BASES'!C:D,2,0))","v":47.22},19.8324]
[]
[]
[]
["12.2","Código","Banco","Descrição","Tipo",null,"Und","Quant.","Valor Unit","Total"]
["Composição","COMPOSIÇÃO - 21","Próprio","Serviço de instalação de portão de ferro com suporte e batedor conforme projeto, incluso material","SEDI - SERVIÇOS DIVERSOS",null,"m²",1,{"$f":"SUM(J357:J361)","v":655.38396999999998},{"$f":"I356*H356","v":655.38396999999998}]
["Composição Auxiliar",88309,"SINAPI","PEDREIRO COM ENCARGOS COMPLEMENTARES","Livro SINAPI: Cálculos e Parâmetros",null,"H",1.5,{"$f":"IF(C357=\"SINAPI\", IF( IF(A357=\"Insumo\", VLOOKUP(B357,'SINAPI INSUMOS'!B:J,7,0), VLOOKUP(B357,'SINAPI COMP'!B:M,8,0))=0,VLOOKUP(B357,'OUTRAS BASES'!C:D,2,0),IF(A357=\"Insumo\", VLOOKUP(B357,'SINAPI INSUMOS'!B:J,7,0),VLOOKUP(B357,'SINAPI COMP'!B:M,8,0))), VLOOKUP(B357,'OUTRAS BASES'!C:D,2,0))","v":32.69},49.034999999999997]
["Composição Auxiliar",88316,"SINAPI","SERVENTE COM ENCARGOS COMPLEMENTARES","Livro SINAPI: Cálculos e Parâmetros",null,"H",1.5,{"$f":"IF(C358=\"SINAPI\", IF( IF(A358=\"Insumo\", VLOOKUP(B358,'SINAPI INSUMOS'!B:J,7,0), VLOOKUP(B358,'SINAPI COMP'!B:M,8,0))=0,VLOOKUP(B358,'OUTRAS BASES'!C:D,2,0),IF(A358=\"Insumo\", VLOOKUP(B358,'SINAPI INSUMOS'!B:J,7,0),VLOOKUP(B358,'SINAPI COMP'!B:M,8,0))), VLOOKUP(B358,'OUTRAS BASES'!C:D,2,0))","v":24.94},37.410000000000004]
["Insumo",367,"SINAPI","AREIA GROSSA - POSTO JAZIDA/FORNECEDOR (RETIRADO NA JAZIDA, SEM TRANSPORTE)","Material",null,"m³",6.0999999999999999E-2,{"$f":"IF(C359=\"SINAPI\", IF( IF(A359=\"Insumo\", VLOOKUP(B359,'SINAPI INSUMOS'!B:J,7,0), VLOOKUP(B359,'SINAPI COMP'!B:M,8,0))=0,VLOOKUP(B359,'OUTRAS BASES'!C:D,2,0),IF(A359=\"Insumo\", VLOOKUP(B359,'SINAPI INSUMOS'!B:J,7,0),VLOOKUP(B359,'SINAPI COMP'!B:M,8,0))), VLOOKUP(B359,'OUTRAS BASES'!C:D,2,0))","v":212.97},12.99117]
["Insumo",1379,"SINAPI","CIMENTO PORTLAND COMPOSTO CP II-32","Material",null,"KG",4.83,{"$f":"IF(C360=\"SINAPI\", IF( IF(A360=\"Insumo\", VLOOKUP(B360,'SINAPI INSUMOS'!B:J,7,0), VLOOKUP(B360,'SINAPI COMP'!B:M,8,0))=0,VLOOKUP(B360,'OUTRAS BASES'!C:D,2,0),IF(A360=\"Insumo\", VLOOKUP(B360,'SINAPI INSUMOS'!B:J,7,0),VLOOKUP(B360,'SINAPI COMP'!B:M,8,0))), VLOOKUP(B360,'OUTRAS BASES'!C:D,2,0))","v":0.66},3.1878000000000002]
["Insumo",4948,"SINAPI","PORTAO DE ABRIR / GIRO, EM GRADIL DE METALON REDONDO DE 3/4\"  VERTICAL, COM REQUADRO, ACABAMENTO NATURAL - COMPLETO","Material",null,"m²",1,{"$f":"IF(C361=\"SINAPI\", IF( IF(A361=\"Insumo\", VLOOKUP(B361,'SINAPI INSUMOS'!B:J,7,0), VLOOKUP(B361,'SINAPI COMP'!B:M,8,0))=0,VLOOKUP(B361,'OUTRAS BASES'!C:D,2,0),IF(A361=\"Insumo\", VLOOKUP(B361,'SINAPI INSUMOS'!B:J,7,0),VLOOKUP(B361,'SINAPI COMP'!B:M,8,0))), VLOOKUP(B361,'OUTRAS BASES'!C:D,2,0))","v":552.76},552.76]
[]
[]
[]
[]
[13,null,null,"OUTROS SERVIÇOS E INSUMOS EXCEPCIONAIS"]
["13.1","Código","Banco","Descrição","Tipo",null,"Und","Quant.","Valor Unit","Total"]
["Composição","COMPOSIÇÃO - 22","Próprio","Fornecimento e instalação do pré filtro para revestimento interno","ASTU - ASSENTAMENTO DE TUBOS E PECAS",null,"m³",1,{"$f":"SUM(J369:J372)","v":1653.3220000000001},{"$f":"I368*H368","v":1653.3220000000001}]
["Composição Auxiliar",90776,"SINAPI","ENCARREGADO GERAL COM ENCARGOS COMPLEMENTARES","Livro SINAPI: Cálculos e Parâmetros",null,"H",0.4,{"$f":"IF(C369=\"SINAPI\", IF( IF(A369=\"Insumo\", VLOOKUP(B369,'SINAPI INSUMOS'!B:J,7,0), VLOOKUP(B369,'SINAPI COMP'!B:M,8,0))=0,VLOOKUP(B369,'OUTRAS BASES'!C:D,2,0),IF(A369=\"Insumo\", VLOOKUP(B369,'SINAPI INSUMOS'!B:J,7,0),VLOOKUP(B369,'SINAPI COMP'!B:M,8,0))), VLOOKUP(B369,'OUTRAS BASES'!C:D,2,0))","v":26.51},10.604000000000001]
["Composição Auxiliar",88297,"SINAPI","OPERADOR DE MÁQUINAS E EQUIPAMENTOS COM ENCARGOS COMPLEMENTARES","Livro SINAPI: Cálculos e Parâmetros",null,"H",0.4,{"$f":"IF(C370=\"SINAPI\", IF( IF(A370=\"Insumo\", VLOOKUP(B370,'SINAPI INSUMOS'!B:J,7,0), VLOOKUP(B370,'SINAPI COMP'!B:M,8,0))=0,VLOOKUP(B370,'OUTRAS BASES'!C:D,2,0),IF(A370=\"Insumo\", VLOOKUP(B370,'SINAPI INSUMOS'!B:J,7,0),VLOOKUP(B370,'SINAPI COMP'!B:M,8,0))), VLOOKUP(B370,'OUTRAS BASES'!C:D,2,0))","v":27.17},10.868000000000002]
["Composição Auxiliar",88316,"SINAPI","SERVENTE COM ENCARGOS COMPLEMENTARES","Livro SINAPI: Cálculos e Parâmetros",null,"H",0.5,{"$f":"IF(C371=\"SINAPI\", IF( IF(A371=\"Insumo\", VLOOKUP(B371,'SINAPI INSUMOS'!B:J,7,0), VLOOKUP(B371,'SINAPI COMP'!B:M,8,0))=0,VLOOKUP(B371,'OUTRAS BASES'!C:D,2,0),IF(A371=\"Insumo\", VLOOKUP(B371,'SINAPI INSUMOS'!B:J,7,0),VLOOKUP(B371,'SINAPI COMP'!B:M,8,0))), VLOOKUP(B371,'OUTRAS BASES'!C:D,2,0))","v":24.94},12.47]
["Insumo",5073,"ORSE","Pré-filtro comum","Serviços",null,"m³",1,{"$f":"IF(C372=\"SINAPI\", IF( IF(A372=\"Insumo\", VLOOKUP(B372,'SINAPI INSUMOS'!B:J,7,0), VLOOKUP(B372,'SINAPI COMP'!B:M,8,0))=0,VLOOKUP(B372,'OUTRAS BASES'!C:D,2,0),IF(A372=\"Insumo\", VLOOKUP(B372,'SINAPI INSUMOS'!B:J,7,0),VLOOKUP(B372,'SINAPI COMP'!B:M,8,0))), VLOOKUP(B372,'OUTRAS BASES'!C:D,2,0))","v":1619.38},1619.38]
[]
[]
[]
[]
["13.2","Código","Banco","Descrição","Tipo",null,"Und","Quant.","Valor Unit","Total"]
["Composição","COMPOSIÇÃO - 23","Próprio","Execução de tamponamento conforme especificação","SEDI - SERVIÇOS DIVERSOS",null,"m³",1,{"$f":"SUM(J379:J381)","v":803.13000000000011},{"$f":"I378*H378","v":803.13000000000011}]
["Composição Auxiliar",87316,"SINAPI","ARGAMASSA TRAÇO 1:4 (EM VOLUME DE CIMENTO E AREIA GROSSA ÚMIDA) PARA CHAPISCO CONVENCIONAL, PREPARO MECÂNICO COM BETONEIRA 400 L. AF_08/2019","Argamassas",null,"m³",1,{"$f":"IF(C379=\"SINAPI\", IF( IF(A379=\"Insumo\", VLOOKUP(B379,'SINAPI INSUMOS'!B:J,7,0), VLOOKUP(B379,'SINAPI COMP'!B:M,8,0))=0,VLOOKUP(B379,'OUTRAS BASES'!C:D,2,0),IF(A379=\"Insumo\", VLOOKUP(B379,'SINAPI INSUMOS'!B:J,7,0),VLOOKUP(B379,'SINAPI COMP'!B:M,8,0))), VLOOKUP(B379,'OUTRAS BASES'!C:D,2,0))","v":573.1},573.1]
["Composição Auxiliar",88316,"SINAPI","SERVENTE COM ENCARGOS COMPLEMENTARES","Livro SINAPI: Cálculos e Parâmetros",null,"H",1,{"$f":"IF(C380=\"SINAPI\", IF( IF(A380=\"Insumo\", VLOOKUP(B380,'SINAPI INSUMOS'!B:J,7,0), VLOOKUP(B380,'SINAPI COMP'!B:M,8,0))=0,VLOOKUP(B380,'OUTRAS BASES'!C:D,2,0),IF(A380=\"Insumo\", VLOOKUP(B380,'SINAPI INSUMOS'!B:J,7,0),VLOOKUP(B380,'SINAPI COMP'!B:M,8,0))), VLOOKUP(B380,'OUTRAS BASES'!C:D,2,0))","v":24.94},24.94]
["Insumo",4721,"SINAPI","PEDRA BRITADA N. 1 (9,5 a 19 MM) POSTO PEDREIRA/FORNECEDOR, SEM FRETE","Material",null,"m³",1,{"$f":"IF(C381=\"SINAPI\", IF( IF(A381=\"Insumo\", VLOOKUP(B381,'SINAPI INSUMOS'!B:J,7,0), VLOOKUP(B381,'SINAPI COMP'!B:M,8,0))=0,VLOOKUP(B381,'OUTRAS BASES'!C:D,2,0),IF(A381=\"Insumo\", VLOOKUP(B381,'SINAPI INSUMOS'!B:J,7,0),VLOOKUP(B381,'SINAPI COMP'!B:M,8,0))), VLOOKUP(B381,'OUTRAS BASES'!C:D,2,0))","v":205.09},205.09]
[]
[]
[]
[]
["13.3","Código","Banco","Descrição","Tipo",null,"Und","Quant.","Valor Unit","Total"]
["Composição","COMPOSIÇÃO - 24","Próprio","Fornecimento e instalação do filtro para revestimento interno Ø 4 1/2\"","ASTU - ASSENTAMENTO DE TUBOS E PECAS",null,"m",1,{"$f":"SUM(J388:J390)","v":122.6825},{"$f":"I387*H387","v":122.6825}]
["Composição Auxiliar",88316,"SINAPI","SERVENTE COM ENCARGOS COMPLEMENTARES","Livro SINAPI: Cálculos e Parâmetros",null,"H",0.65,{"$f":"IF(C388=\"SINAPI\", IF( IF(A388=\"Insumo\", VLOOKUP(B388,'SINAPI INSUMOS'!B:J,7,0), VLOOKUP(B388,'SINAPI COMP'!B:M,8,0))=0,VLOOKUP(B388,'OUTRAS BASES'!C:D,2,0),IF(A388=\"Insumo\", VLOOKUP(B388,'SINAPI INSUMOS'!B:J,7,0),VLOOKUP(B388,'SINAPI COMP'!B:M,8,0))), VLOOKUP(B388,'OUTRAS BASES'!C:D,2,0))","v":24.94},16.211000000000002]
["Composição Auxiliar",90776,"SINAPI","ENCARREGADO GERAL COM ENCARGOS COMPLEMENTARES","Livro SINAPI: Cálculos e Parâmetros",null,"H",0.65,{"$f":"IF(C389=\"SINAPI\", IF( IF(A389=\"Insumo\", VLOOKUP(B389,'SINAPI INSUMOS'!B:J,7,0), VLOOKUP(B389,'SINAPI COMP'!B:M,8,0))=0,VLOOKUP(B389,'OUTRAS BASES'!C:D,2,0),IF(A389=\"Insumo\", VLOOKUP(B389,'SINAPI INSUMOS'!B:J,7,0),VLOOKUP(B389,'SINAPI COMP'!B:M,8,0))), VLOOKUP(B389,'OUTRAS BASES'!C:D,2,0))","v":26.51},17.2315]
["Insumo"," COTAÇÃO-004 ","Próprio","Fornecimento tubo filtro geomecânico classe reforçado diâmetro Ø 4 1/2\" com junta roscável. ","Material",null,"m",1,89.24,89.24]
[]
[]
[]
[]
["13.4","Código","Banco","Descrição","Tipo",null,"Und","Quant.","Valor Unit","Total"]
["Composição","COMPOSIÇÃO - 25","Próprio","Fornecimento e instalação do revestimento interno Ø 4 1/2\"","ASTU - ASSENTAMENTO DE TUBOS E PECAS",null,"m",1,{"$f":"SUM(J397:J399)","v":113.13249999999999},{"$f":"I396*H396","v":113.13249999999999}]
["Composição Auxiliar",88316,"SINAPI","SERVENTE COM ENCARGOS COMPLEMENTARES","Livro SINAPI: Cálculos e Parâmetros",null,"H",0.65,{"$f":"IF(C397=\"SINAPI\", IF( IF(A397=\"Insumo\", VLOOKUP(B397,'SINAPI INSUMOS'!B:J,7,0), VLOOKUP(B397,'SINAPI COMP'!B:M,8,0))=0,VLOOKUP(B397,'OUTRAS BASES'!C:D,2,0),IF(A397=\"Insumo\", VLOOKUP(B397,'SINAPI INSUMOS'!B:J,7,0),VLOOKUP(B397,'SINAPI COMP'!B:M,8,0))), VLOOKUP(B397,'OUTRAS BASES'!C:D,2,0))","v":24.94},16.211000000000002]
["Composição Auxiliar",90776,"SINAPI","ENCARREGADO GERAL COM ENCARGOS COMPLEMENTARES","Livro SINAPI: Cálculos e Parâmetros",null,"H",0.65,{"$f":"IF(C398=\"SINAPI\", IF( IF(A398=\"Insumo\", VLOOKUP(B398,'SINAPI INSUMOS'!B:J,7,0), VLOOKUP(B398,'SINAPI COMP'!B:M,8,0))=0,VLOOKUP(B398,'OUTRAS BASES'!C:D,2,0),IF(A398=\"Insumo\", VLOOKUP(B398,'SINAPI INSUMOS'!B:J,7,0),VLOOKUP(B398,'SINAPI COMP'!B:M,8,0))), VLOOKUP(B398,'OUTRAS BASES'!C:D,2,0))","v":26.51},17.2315]
["Insumo"," COTAÇÃO-006 ","Próprio","Fornecimento tubo revestimento geomecânico classe reforçado Ø 4 1/2\" com junta roscável.","Material",null,"m",1,79.69,79.69]
[]
[]
[]
[]
["13.5","Código","Banco","Descrição","Tipo",null,"Und","Quant.","Valor Unit","Total"]
["Insumo"," M3929 ","SICRO3","Tubo em aço-carbono - E = 3,00 mm e D = 150 mm (6\")","Material",null,"m",1,{"$f":"IF(C405=\"SINAPI\", IF( IF(A405=\"Insumo\", VLOOKUP(B405,'SINAPI INSUMOS'!B:J,7,0), VLOOKUP(B405,'SINAPI COMP'!B:M,8,0))=0,VLOOKUP(B405,'OUTRAS BASES'!C:D,2,0),IF(A405=\"Insumo\", VLOOKUP(B405,'SINAPI INSUMOS'!B:J,7,0),VLOOKUP(B405,'SINAPI COMP'!B:M,8,0))), VLOOKUP(B405,'OUTRAS BASES'!C:D,2,0))","v":148.57},{"$f":"I405*H405","v":148.57}]
[]
[]
[]
[]
["13.6","Código","Banco","Descrição","Tipo",null,"Und","Quant.","Valor Unit","Total"]
["Insumo",5108,"ORSE","Revestimento tubo liso aço sch-40 em 8\"","Material",null,"M",1,{"$f":"IF(C411=\"SINAPI\", IF( IF(A411=\"Insumo\", VLOOKUP(B411,'SINAPI INSUMOS'!B:J,7,0), VLOOKUP(B411,'SINAPI COMP'!B:M,8,0))=0,VLOOKUP(B411,'OUTRAS BASES'!C:D,2,0),IF(A411=\"Insumo\", VLOOKUP(B411,'SINAPI INSUMOS'!B:J,7,0),VLOOKUP(B411,'SINAPI COMP'!B:M,8,0))), VLOOKUP(B411,'OUTRAS BASES'!C:D,2,0))","v":164.55},{"$f":"I411*H411","v":164.55}]
[]
[]
[]
[]
["13.7","Código","Banco","Descrição","Tipo",null,"Und","Quant.","Valor Unit","Total"]
["Insumo"," M039706073 ","EMBASA","FILTRO NOLD EM AÇO GALVANIZADO DN 6\"","Material",null,"M",1,{"$f":"IF(C417=\"SINAPI\", IF( IF(A417=\"Insumo\", VLOOKUP(B417,'SINAPI INSUMOS'!B:J,7,0), VLOOKUP(B417,'SINAPI COMP'!B:M,8,0))=0,VLOOKUP(B417,'OUTRAS BASES'!C:D,2,0),IF(A417=\"Insumo\", VLOOKUP(B417,'SINAPI INSUMOS'!B:J,7,0),VLOOKUP(B417,'SINAPI COMP'!B:M,8,0))), VLOOKUP(B417,'OUTRAS BASES'!C:D,2,0))","v":835.86},{"$f":"I417*H417","v":835.86}]
[]
[]
[]
[]
["13.8","Código","Banco","Descrição","Tipo",null,"Und","Quant.","Valor Unit","Total"]
["Composição","COMPOSIÇÃO - 26","Próprio","Limpeza manual , remoção de cerca, capina e instalação dos equipamentos (área do poço, painéis solares, bebedouro e reservatório)","SEDI - SERVIÇOS DIVERSOS",null,"m²",1,{"$f":"SUM(J424)","v":1.9952000000000001},{"$f":"I423*H423","v":1.9952000000000001}]
["Composição Auxiliar",88316,"SINAPI","SERVENTE COM ENCARGOS COMPLEMENTARES","Livro SINAPI: Cálculos e Parâmetros",null,"H",0.08,{"$f":"IF(C424=\"SINAPI\", IF( IF(A424=\"Insumo\", VLOOKUP(B424,'SINAPI INSUMOS'!B:J,7,0), VLOOKUP(B424,'SINAPI COMP'!B:M,8,0))=0,VLOOKUP(B424,'OUTRAS BASES'!C:D,2,0),IF(A424=\"Insumo\", VLOOKUP(B424,'SINAPI INSUMOS'!B:J,7,0),VLOOKUP(B424,'SINAPI COMP'!B:M,8,0))), VLOOKUP(B424,'OUTRAS BASES'!C:D,2,0))","v":24.94},1.9952000000000001]

{"sheet":"Crono. - DF - P","index":21,"n_rows":27,"n_cols":15,"rows_kept":27,"cut":false,"hidden":false,"merged":[[0,0,6,14],[7,0,8,14],[23,0,23,1],[23,2,26,2],[24,0,24,1],[25,0,25,1],[26,0,26,1]]}
["OBJETO: EXECUÇÃO DE SERVIÇOS DE PERFURAÇÃO E INSTALAÇÃO DE POÇOS TUBULARES EM MUNICÍPIOS LOCALIZADOS NO DISTRITO FEDERAL, NA ÁREA DE ATUAÇÃO DA CODEVASF"]
[]
[]
[]
[]
[]
[]
["CRONOGRAMA FÍSICO-FINANCEIRO POÇO PARCIALMENTE REVESTIDO"]
[]
["ITEM","ESPECIFICAÇÃO DOS SERVIÇOS","VALOR TOTAL (R$)","Mês 01","Mês 02","Mês 03","Mês 04","Mês 05","Mês 06","Mês 07","Mês 08","Mês 09","Mês 10","Mês 11","Mês 12"]
["1","Serviços preliminares.",{"$f":"'Orçamento Sintético - DF - P'!K4","v":55414.13},{"$f":"$C$11/12","v":4617.8441666666668},{"$f":"$C$11/12","v":4617.8441666666668},4617.8441666666668,4617.8441666666668,4617.8441666666668,4617.8441666666668,4617.8441666666668,4617.8441666666668,4617.8441666666668,4617.8441666666668,4617.8441666666668,4617.8441666666668]
["2","Mobilizaçâo e desmobilizaçâo equipes perfuraçâo e instalação.",{"$f":"'Orçamento Sintético - DF - P'!K8","v":86572.5},{"$f":"$C$12/12","v":7214.375},{"$f":"$C$12/12","v":7214.375},7214.375,7214.375,7214.375,7214.375,7214.375,7214.375,7214.375,7214.375,7214.375,7214.375]
["3","Perfuração e completação de poço tubular.",{"$f":"'Orçamento Sintético - DF - P'!K12","v":988089.88},{"$f":"$C$13/12","v":82340.823333333334},{"$f":"$C$13/12","v":82340.823333333334},82340.823333333334,82340.823333333334,82340.823333333334,82340.823333333334,82340.823333333334,82340.823333333334,82340.823333333334,82340.823333333334,82340.823333333334,82340.823333333334]
["4","Pós perfuração.",{"$f":"'Orçamento Sintético - DF - P'!K17","v":419336.4},{"$f":"$C$14/12","v":34944.700000000004},{"$f":"$C$14/12","v":34944.700000000004},34944.700000000004,34944.700000000004,34944.700000000004,34944.700000000004,34944.700000000004,34944.700000000004,34944.700000000004,34944.700000000004,34944.700000000004,34944.700000000004]
["5","Reservação.",{"$f":"'Orçamento Sintético - DF - P'!K23","v":760076.1},{"$f":"$C$15/12","v":63339.674999999996},{"$f":"$C$15/12","v":63339.674999999996},63339.674999999996,63339.674999999996,63339.674999999996,63339.674999999996,63339.674999999996,63339.674999999996,63339.674999999996,63339.674999999996,63339.674999999996,63339.674999999996]
["6","Bebedouro.",{"$f":"'Orçamento Sintético - DF - P'!K26","v":72670.149999999994},{"$f":"$C$16/12","v":6055.8458333333328},{"$f":"$C$16/12","v":6055.8458333333328},6055.8458333333328,6055.8458333333328,6055.8458333333328,6055.8458333333328,6055.8458333333328,6055.8458333333328,6055.8458333333328,6055.8458333333328,6055.8458333333328,6055.8458333333328]
["7","Chafariz.",{"$f":"'Orçamento Sintético - DF - P'!K28","v":42038.85},{"$f":"$C$17/12","v":3503.2374999999997},{"$f":"$C$17/12","v":3503.2374999999997},3503.2374999999997,3503.2374999999997,3503.2374999999997,3503.2374999999997,3503.2374999999997,3503.2374999999997,3503.2374999999997,3503.2374999999997,3503.2374999999997,3503.2374999999997]
["8","Cavalete.",{"$f":"'Orçamento Sintético - DF - P'!K30","v":101062.5},{"$f":"$C$18/12","v":8421.875},{"$f":"$C$18/12","v":8421.875},8421.875,8421.875,8421.875,8421.875,8421.875,8421.875,8421.875,8421.875,8421.875,8421.875]
["9","Instalações hidráulicas.",{"$f":"'Orçamento Sintético - DF - P'!K32","v":764544.82000000007},{"$f":"$C$19/12","v":63712.068333333336},{"$f":"$C$19/12","v":63712.068333333336},63712.068333333336,63712.068333333336,63712.068333333336,63712.068333333336,63712.068333333336,63712.068333333336,63712.068333333336,63712.068333333336,63712.068333333336,63712.068333333336]
["10","Estrutura de fixação para módulos fotovoltáicos.",{"$f":"'Orçamento Sintético - DF - P'!K40","v":48387.26},{"$f":"$C$20/12","v":4032.271666666667},{"$f":"$C$20/12","v":4032.271666666667},4032.271666666667,4032.271666666667,4032.271666666667,4032.271666666667,4032.271666666667,4032.271666666667,4032.271666666667,4032.271666666667,4032.271666666667,4032.271666666667]
["11","Instalações elétricas e bóia elétrica.",{"$f":"'Orçamento Sintético - DF - P'!K42","v":531961.15},{"$f":"$C$21/12","v":44330.095833333333},{"$f":"$C$21/12","v":44330.095833333333},44330.095833333333,44330.095833333333,44330.095833333333,44330.095833333333,44330.095833333333,44330.095833333333,44330.095833333333,44330.095833333333,44330.095833333333,44330.095833333333]
["12","Urbanização.",{"$f":"'Orçamento Sintético - DF - P'!K48","v":146440.18},{"$f":"$C$22/12","v":12203.348333333333},{"$f":"$C$22/12","v":12203.348333333333},12203.348333333333,12203.348333333333,12203.348333333333,12203.348333333333,12203.348333333333,12203.348333333333,12203.348333333333,12203.348333333333,12203.348333333333,12203.348333333333]
["13","Outros serviços e insumos excepcionais.",{"$f":"'Orçamento Sintético - DF - P'!K51","v":369617.63999999996},{"$f":"$C$23/12","v":30801.469999999998},{"$f":"$C$23/12","v":30801.469999999998},30801.469999999998,30801.469999999998,30801.469999999998,30801.469999999998,30801.469999999998,30801.469999999998,30801.469999999998,30801.469999999998,30801.469999999998,30801.469999999998]
["TOTAL",null,{"$f":"SUM(C11:C23)","v":4386211.5599999996},{"$f":"SUM(D11:D23)","v":365517.62999999995},{"$f":"SUM(E11:E23)","v":365517.62999999995},{"$f":"SUM(F11:F23)","v":365517.62999999995},{"$f":"SUM(G11:G23)","v":365517.62999999995},365517.62999999995,365517.62999999995,365517.62999999995,365517.62999999995,365517.62999999995,365517.62999999995,365517.62999999995,365517.62999999995]
["PERCENTUAL",null,null,{"$f":"D24/$C$24","v":8.3333333333333329E-2},{"$f":"E24/$C$24","v":8.3333333333333329E-2},8.3333333333333329E-2,8.3333333333333329E-2,8.3333333333333329E-2,8.3333333333333329E-2,8.3333333333333329E-2,8.3333333333333329E-2,8.3333333333333329E-2,8.3333333333333329E-2,8.3333333333333329E-2,8.3333333333333329E-2]
["CUSTO ACUMULADO",null,null,{"$f":"D24","v":365517.62999999995},{"$f":"E24+D26","v":731035.25999999989},1096552.8899999999,1462070.5199999998,1827588.1499999997,2193105.7799999998,2558623.4099999997,2924141.0399999996,3289658.6699999995,3655176.2999999993,{"$f":"M26+N24","v":4020693.9299999992},{"$f":"O24+N26","v":4386211.5599999996}]
["PERCENTUAL ACUMULADO",null,null,{"$f":"D25","v":8.3333333333333329E-2},{"$f":"E25+D27","v":0.16666666666666666},0.25,0.33333333333333331,0.41666666666666663,0.49999999999999994,0.58333333333333326,0.66666666666666663,0.75,0.83333333333333337,{"$f":"N25+M27","v":0.91666666666666674},{"$f":"O25+N27","v":1}]

{"sheet":"Orçamento Sintético - DF - T","index":22,"n_rows":60,"n_cols":13,"rows_kept":60,"cut":false,"hidden":false,"merged":[[0,2,1,5]]}
[null,null,"OBJETO: EXECUÇÃO DE SERVIÇOS DE PERFURAÇÃO E INSTALAÇÃO DE POÇOS TUBULARES EM MUNICÍPIOS LOCALIZADOS NO DISTRITO FEDERAL, NA ÁREA DE ATUAÇÃO DA CODEVASF",{"$nulls":4},"Quantidade de Poços","BDI SERVIÇO","BDI INSUMO","Total","Preço Unitário Por Poço","Desconto"]
[{"$nulls":7},15,0.23780000000000001,0.1469,{"$f":"K4+K8+K12+K19+K25+K28+K30+K32+K34+K42+K44+K50+K53","v":2849942.73},{"$f":"K2/H2","v":189996.182},0]
["Item","Código","Banco","TIPO","Descrição.","un.","Mem. calc.","Quanti.","Valor Unit","Valor Unit com BDI","Total","Peso (%)"]
[1,null,null,null,"Serviços preliminares.",{"$nulls":5},{"$f":"SUM(K5:K7)","v":45292.959999999999},{"$f":"K4/$K$2","v":1.5892586024000559E-2}]
["1.1","COMPOSIÇÃO - 1","Próprio","Serviço","Administração local da obra - poço totalmente revestido.","un.",1,{"$f":"G5*$H$2","v":15},{"$f":"VLOOKUP(B5,'Orçamento Analítico - DF - T'!B:J,8,0)*(1-$M$2)","v":1498.30485},{"$f":"ROUND(I5*(1+$I$2),2)","v":1854.6},{"$f":"ROUND(J5*H5,2)","v":27819},{"$f":"K5/$K$2","v":9.7612487813044588E-3}]
["1.2","COMPOSIÇÃO - 2","Próprio","Serviço","Serviço de locação geológica de campo com relatório hidro geológico e perfil construtivo e geológico esperado. relatório de viabilidade de implantação das estruturas e vistorias preliminares.","un.",1,{"$f":"G6*$H$2","v":15},{"$f":"VLOOKUP(B6,'Orçamento Analítico - DF - T'!B:J,8,0)*(1-$M$2)","v":606.15},{"$f":"ROUND(I6*(1+$I$2),2)","v":750.29},{"$f":"ROUND(J6*H6,2)","v":11254.35},{"$f":"K6/$K$2","v":3.9489740904372489E-3}]
["1.3",103689,"SINAPI","Serviço","Fornecimento e instalação de placa de obra com chapa galvanizada e estrutura de madeira. .","m²",0.72,{"$f":"G7*$H$2","v":10.799999999999999},{"$f":"VLOOKUP(B7,'Orçamento Analítico - DF - T'!B:J,8,0)*(1-$M$2)","v":465.25},{"$f":"ROUND(I7*(1+$I$2),2)","v":575.89},{"$f":"ROUND(J7*H7,2)","v":6219.61},2.1823631522588523E-3]
[2,null,null,null,"Mobilizaçâo e desmobilizaçâo equipe campo.",{"$nulls":5},{"$f":"SUM(K9:K11)","v":37102.5},{"$f":"K8/$K$2","v":1.3018682659633655E-2}]
["2.1","COMPOSIÇÃO - 3","Próprio","Serviço","Transporte de comboio perfuração.","km",150,{"$f":"G9*$H$2","v":2250},{"$f":"VLOOKUP(B9,'Orçamento Analítico - DF - T'!B:J,8,0)*(1-$M$2)","v":4.7679254000000002},5.9,{"$f":"ROUND(J9*H9,2)","v":13275},4.6579883378919688E-3]
["2.2","COMPOSIÇÃO - 4","Próprio","Serviço","Transporte de comboio instalação.","km",150,{"$f":"G10*$H$2","v":2250},{"$f":"VLOOKUP(B10,'Orçamento Analítico - DF - T'!B:J,8,0)*(1-$M$2)","v":5.9347918000000002},7.35,16537.5,5.80274818364508E-3]
["2.3","COMPOSIÇÃO - 5","Próprio","Serviço","Transporte de equipe teste de vazão.","km",150,{"$f":"G11*$H$2","v":2250},{"$f":"VLOOKUP(B11,'Orçamento Analítico - DF - T'!B:J,8,0)*(1-$M$2)","v":2.6213890000000002},3.24,7290,2.5579461380966068E-3]
[3,null,null,null,"Perfuração e completação de poço tubular.",{"$nulls":5},{"$f":"SUM(K13:K18)","v":1376793.01},{"$f":"K12/$K$2","v":0.48309497433304566}]
["3.1","COMPOSIÇÃO - 6","Próprio","Serviço","Perfuração diâmetro de ø 12 1/2\" em rocha - incluso mão de obra para instalação do revestimento e completação anelar.","m",150,{"$f":"G13*$H$2","v":2250},{"$f":"VLOOKUP(B13,'Orçamento Analítico - DF - T'!B:J,8,0)*(1-$M$2)","v":255.85999999999999},316.7,712575,0.25003134010345535]
["3.2",5073,"ORSE","Insumo","Fornecimento de pré-filtro comum m3.","m³",7.5138999999999996,112.70849999999999,{"$f":"VLOOKUP(B14,'Orçamento Analítico - DF - T'!B:J,8,0)*(1-$M$2)","v":1619.38},{"$f":"ROUND(I14*(1+$J$2),2)","v":1857.27},209330.12,{"$f":"K14/$K$2","v":7.3450640883580137E-2}]
["3.3",5091,"ORSE","Insumo","Revestimento filtro pvc geomecânico reforçado dn 150mm.","m",15,225,{"$f":"VLOOKUP(B15,'Orçamento Analítico - DF - T'!B:J,8,0)*(1-$M$2)","v":221.38},253.9,57127.5,{"$f":"K15/$K$2","v":2.0045139643911372E-2}]
["3.4",5024,"ORSE","Insumo","Centralizador em 6\".","un.",10,150,{"$f":"VLOOKUP(B16,'Orçamento Analítico - DF - T'!B:J,8,0)*(1-$M$2)","v":267.02},306.25,45937.5,1.6118744954569667E-2]
["3.5",9850,"SINAPI","Insumo","Tubo pvc de revestimento geomecanico nervurado reforcado, dn = 150 mm, comprimento = 2 m.","m",134,2010,{"$f":"VLOOKUP(B17,'Orçamento Analítico - DF - T'!B:J,8,0)*(1-$M$2)","v":147.75},169.45,340594.5,0.11950924361206375]
["3.6","COMPOSIÇÃO - 7","Próprio","Serviço","Serviço de lançamento cimentação anelar, incluso materiais.","m³",1.1599999999999999,17.399999999999999,{"$f":"VLOOKUP(B18,'Orçamento Analítico - DF - T'!B:J,8,0)*(1-$M$2)","v":521.34},{"$f":"ROUND(I18*(1+$I$2),2)","v":645.30999999999995},{"$f":"ROUND(J18*H18,2)","v":11228.39},{"$f":"K18/$K$2","v":3.9398651354653714E-3}]
[4,null,null,null,"Pós perfuração.",{"$nulls":5},{"$f":"SUM(K20:K24)","v":185084.1},{"$f":"K19/$K$2","v":6.4943094488077668E-2}]
["4.1",6305,"ORSE","Serviço","Desenvolvimento com compressor 250psi / 750cfm.","h",2,{"$f":"G20*$H$2","v":30},{"$f":"VLOOKUP(B20,'Orçamento Analítico - DF - T'!B:J,8,0)*(1-$M$2)","v":411.16},{"$f":"ROUND(I20*(1+$I$2),2)","v":508.93},{"$f":"ROUND(J20*H20,2)","v":15267.9},{"$f":"K20/$K$2","v":5.3572655475782136E-3}]
["4.2","COMPOSIÇÃO - 8","Próprio","Serviço","Inspeção ótica em poço tubular câmera com rotação de 360º, visada lateral, com fonte própria de luz, entregue vídeo em cores e marcação de profundidades.","m",150,{"$f":"G21*$H$2","v":2250},{"$f":"VLOOKUP(B21,'Orçamento Analítico - DF - T'!B:J,8,0)*(1-$M$2)","v":9.6404600000000009},11.93,26842.5,9.4186103171273201E-3]
["4.3","COMPOSIÇÃO - 9","Próprio","Serviço","Serviço de coleta e análise físico-química e bacteriológica.","un.",1,{"$f":"G22*$H$2","v":15},{"$f":"VLOOKUP(B22,'Orçamento Analítico - DF - T'!B:J,8,0)*(1-$M$2)","v":621.19000000000005},768.91,11533.65,4.0469760597610319E-3]
["4.4","COMPOSIÇÃO - 10","Próprio","Serviço","Serviço de instalação de laje sanitária com dimensões (1,5x1,5x0,3) , incluso material.","un.",1,{"$f":"G23*$H$2","v":15},{"$f":"VLOOKUP(B23,'Orçamento Analítico - DF - T'!B:J,8,0)*(1-$M$2)","v":760.66650000000004},941.55,14123.25,4.9556258977877781E-3]
["4.5"," 24.80.22 ","EMBASA","Serviço","(REVISADA) DESENVOLVIMENTO OU TESTE COM BOMBA SUBMERSA - UEB1 NO SEDIMENTO COM VAZAO < 60M3 (Ensaio de bombeamento poço tubular incluso materiais e grupo gerador)","h",24,{"$f":"G24*$H$2","v":360},{"$f":"VLOOKUP(B24,'Orçamento Analítico - DF - T'!B:J,8,0)*(1-$M$2)","v":263.27},325.88,117316.8,{"$f":"K24/$K$2","v":4.1164616665823314E-2}]
[5,null,null,null,"Reservação.",{"$nulls":5},{"$f":"SUM(K26:K27)","v":325683.3},{"$f":"K25/$K$2","v":0.11427713847428786}]
["5.1","COMPOSIÇÃO - 11","Próprio","Serviço","Fornecimento e instalação de reservatório e base elevada 10 m³.","un.",0.8,{"$f":"G26*$H$2","v":12},{"$f":"VLOOKUP(B26,'Orçamento Analítico - DF - T'!B:J,8,0)*(1-$M$2)","v":19917.672955000002},24654.1,{"$f":"ROUND(J26*H26,2)","v":295849.2},{"$f":"K26/$K$2","v":0.10380882285308239}]
["5.2","COMPOSIÇÃO - 12","Próprio","Serviço","Fornecimento e execução de reservatório apoiado de 5 m³.","un.",0.2,{"$f":"G27*$H$2","v":3},{"$f":"VLOOKUP(B27,'Orçamento Analítico - DF - T'!B:J,8,0)*(1-$M$2)","v":8034.1740250000003},9944.7000000000007,29834.1,1.0468315621205482E-2]
[6,null,null,null,"Bebedouro.",{"$nulls":5},{"$f":"SUM(K29)","v":31144.35},{"$f":"K28/$K$2","v":1.0928061701787249E-2}]
["6.1","COMPOSIÇÃO - 13","Próprio","Serviço","Serviço de execução do bebedouro em concreto armado, incluso materiais.","un.",1,{"$f":"G29*$H$2","v":15},{"$f":"VLOOKUP(B29,'Orçamento Analítico - DF - T'!B:J,8,0)*(1-$M$2)","v":1677.3997400000001},2076.29,{"$f":"ROUND(J29*H29,2)","v":31144.35},{"$f":"K29/$K$2","v":1.0928061701787249E-2}]
[7,null,null,null,"Chafariz.",{"$nulls":5},{"$f":"SUM(K31)","v":18016.650000000001},{"$f":"K30/$K$2","v":6.321758613023077E-3}]
["7.1","COMPOSIÇÃO - 14","Próprio","Serviço","Fornecimento de material e instalação do chafariz.","un.",1,{"$f":"G31*$H$2","v":15},{"$f":"VLOOKUP(B31,'Orçamento Analítico - DF - T'!B:J,8,0)*(1-$M$2)","v":970.35643226999991},1201.1099999999999,{"$f":"ROUND(J31*H31,2)","v":18016.650000000001},{"$f":"K31/$K$2","v":6.321758613023077E-3}]
[8,null,null,null,"Cavalete.",{"$nulls":5},{"$f":"SUM(K33)","v":43312.5},{"$f":"K32/$K$2","v":1.5197673814308543E-2}]
["8.1","COMPOSIÇÃO - 15","Próprio","Serviço","Fornecimento de conexões e instalação do cavalete com hidrômetro e clorador de pastilhas.","un.",1,{"$f":"G33*$H$2","v":15},{"$f":"VLOOKUP(B33,'Orçamento Analítico - DF - T'!B:J,8,0)*(1-$M$2)","v":2332.77},2887.5,{"$f":"ROUND(J33*H33,2)","v":43312.5},{"$f":"K33/$K$2","v":1.5197673814308543E-2}]
[9,null,null,null,"Instalações hidráulicas poço e adutora.",{"$nulls":5},{"$f":"SUM(K35:K41)","v":263942.07},{"$f":"K34/$K$2","v":9.2613113667726232E-2}]
["9.1","COMPOSIÇÃO - 16","Próprio","Serviço","Instalação da rede adutora poço-reservatório-bebedouro em pn80 e dn50mm.","m",400,{"$f":"G35*$H$2","v":6000},{"$f":"VLOOKUP(B35,'Orçamento Analítico - DF - T'!B:J,8,0)*(1-$M$2)","v":7.1325000000000012},8.83,{"$f":"ROUND(J35*H35,2)","v":52980},{"$f":"K35/$K$2","v":1.8589847242298795E-2}]
["9.2",9875,"SINAPI","Insumo","TUBO PVC, SOLDAVEL, DE 50 MM, AGUA FRIA (NBR-5648)","un.",400,{"$f":"G36*H2","v":6000},{"$f":"VLOOKUP(B36,'Orçamento Analítico - DF - T'!B:J,8,0)*(1-$M$2)","v":16.649999999999999},{"$f":"ROUND(I36*(1+$J$2),2)","v":19.100000000000001},114600,4.0211334351971349E-2]
["9.3","COMPOSIÇÃO - 17","Próprio","Serviço","Montagem hidráulica do equipamento de bombeamento.","un.",1,15,{"$f":"VLOOKUP(B37,'Orçamento Analítico - DF - T'!B:J,8,0)*(1-$M$2)","v":171.66},212.48,3187.2,1.1183382621867632E-3]
["9.4",38200,"SINAPI","Insumo","Corda de poliamida 12 mm tipo bombeiro, para trabalho em altura.","100m",0.93,13.950000000000001,{"$f":"VLOOKUP(B38,'Orçamento Analítico - DF - T'!B:J,8,0)*(1-$M$2)","v":397.12},{"$f":"ROUND(I38*(1+$J$2),2)","v":455.46},6353.67,2.2294026939972929E-3]
["9.5",9860,"SINAPI","Insumo","Tubo pvc, roscavel,  2\", para agua fria predial.","m",90,1350,{"$f":"VLOOKUP(B39,'Orçamento Analítico - DF - T'!B:J,8,0)*(1-$M$2)","v":48.37},55.48,74898,2.6280528100296248E-2]
["9.6",3912,"SINAPI","Insumo","Luva de ferro galvanizado, com rosca bsp, de 2\".","un.",16,240,{"$f":"VLOOKUP(B40,'Orçamento Analítico - DF - T'!B:J,8,0)*(1-$M$2)","v":36.61},41.99,10077.6,3.5360710564173339E-3]
["9.7",5128,"ORSE","Insumo","Tampa de poço galvanizada em 6\" un.","un.",1,15,{"$f":"VLOOKUP(B41,'Orçamento Analítico - DF - T'!B:J,8,0)*(1-$M$2)","v":107.28},123.04,1845.6,6.475919605584495E-4]
[10,null,null,null,"Estrutura de fixação para módulos fotovoltáicos.",{"$nulls":5},{"$f":"SUM(K43)","v":31106.1},{"$f":"K42/$K$2","v":1.0914640379457731E-2}]
["10.1","COMPOSIÇÃO - 18","Próprio","Serviço","Serviço de fixação de estruturas para os módulos fotovoltaicos e suportes de concreto, incluso materiais.","m²",15.18,{"$f":"G43*$H$2","v":227.7},{"$f":"VLOOKUP(B43,'Orçamento Analítico - DF - T'!B:J,8,0)*(1-$M$2)","v":110.36121199999999},{"$f":"ROUND(I43*(1+$I$2),2)","v":136.61000000000001},{"$f":"ROUND(J43*H43,2)","v":31106.1},{"$f":"K43/$K$2","v":1.0914640379457731E-2}]
[11,null,null,null,"Instalações elétricas.",{"$nulls":5},{"$f":"SUM(K45:K49)","v":288147.3},{"$f":"K44/$K$2","v":0.10110634749491966}]
["11.1","COMPOSIÇÃO - 19","Próprio","Serviço","Montagem e instalação elétrica do kit de bombeamento e sistema fotovoltaico inclusive sistema de aterramento.","un.",1,{"$f":"G45*$H$2","v":15},{"$f":"VLOOKUP(B45,'Orçamento Analítico - DF - T'!B:J,8,0)*(1-$M$2)","v":1144.7190000000001},{"$f":"ROUND(I45*(1+$I$2),2)","v":1416.93},{"$f":"ROUND(J45*H45,2)","v":21253.95},{"$f":"K45/$K$2","v":7.4576761758296806E-3}]
["11.2",34622,"SINAPI","Insumo","Fornecimento de  cabo flexivel pvc 750 v, 3 condutores de 6,0 mm2.","m",105,{"$f":"G46*$H$2","v":1575},{"$f":"VLOOKUP(B46,'Orçamento Analítico - DF - T'!B:J,8,0)*(1-$M$2)","v":25.7},{"$f":"ROUND(I46*(1+$J$2),2)","v":29.48},46431,1.6291906328938757E-2]
["11.3","COMPOSIÇÃO - 20","Próprio","Serviço","Fornecimento e instalação de automático de bóia superior e inferior.","un.",1,{"$f":"G47*$H$2","v":15},{"$f":"VLOOKUP(B47,'Orçamento Analítico - DF - T'!B:J,8,0)*(1-$M$2)","v":71.001000000000005},{"$f":"ROUND(I47*(1+$I$2),2)","v":87.89},{"$f":"ROUND(J47*H47,2)","v":1318.35},{"$f":"K47/$K$2","v":4.6258824295742951E-4}]
["11.4",39257,"SINAPI","Insumo","Cabo multipolar de cobre, flexivel, classe 4 ou 5, isolacao em hepr, cobertura em pvc-st2, antichama bwf-b, 0,6/1 kv, 3 condutores de 1,5 mm2.","m",200,{"$f":"G48*$H$2","v":3000},{"$f":"VLOOKUP(B48,'Orçamento Analítico - DF - T'!B:J,8,0)*(1-$M$2)","v":6.99},{"$f":"ROUND(I48*(1+$J$2),2)","v":8.02},24060,8.442274908450528E-3]
["11.5"," COTAÇÃO-002 ","Próprio","Serviço","Fornecimento de kit de bombeamento fotovoltaico, incluindo uma bomba cc de 2200w com controladora de carga externa,  caixa de proteção metálica, módulos fotovoltaicos compatíveis com a geração de 3300wp além de componentes elétricos necessários para interligação dos painéis, como cabos, conectores mc4 e presilhas de fixação.","un.",1,{"$f":"G49*$H$2","v":15},{"$f":"VLOOKUP(B49,'Orçamento Analítico - DF - T'!B:J,8,0)*(1-$M$2)","v":10507.03},{"$f":"ROUND(I49*(1+$I$2),2)","v":13005.6},{"$f":"ROUND(J49*H49,2)","v":195084},{"$f":"K49/$K$2","v":6.8451901838743265E-2}]
[12,null,null,null,"Urbanização.",{"$nulls":5},{"$f":"SUM(K51:K52)","v":62760.08},{"$f":"K50/$K$2","v":2.2021523218468324E-2}]
["12.1","COMPOSIÇÃO - 21","Próprio","Serviço","Cerca com mourões de concreto de 15x15cm, espaçados de 3m e cravados a 0,5m, escoras de 10x10cm nos cantos, e 9 fios de arame de aço ovalado 15x17.","m",28,{"$f":"G51*$H$2","v":420},{"$f":"VLOOKUP(B51,'Orçamento Analítico - DF - T'!B:J,8,0)*(1-$M$2)","v":85.613060000000019},{"$f":"ROUND(I51*(1+$I$2),2)","v":105.97},{"$f":"ROUND(J51*H51,2)","v":44507.4},{"$f":"K51/$K$2","v":1.5616945397355406E-2}]
["12.2","COMPOSIÇÃO - 22","Próprio","Serviço","Serviço de instalação de portão de ferro com suporte e batedor conforme projeto, incluso material.","m²",1.5,{"$f":"G52*$H$2","v":22.5},{"$f":"VLOOKUP(B52,'Orçamento Analítico - DF - T'!B:J,8,0)*(1-$M$2)","v":655.38396999999998},811.23,18252.68,6.4045778211129179E-3]
[13,null,null,null,"Outros serviços e insumos excepcionais.",{"$nulls":5},{"$f":"SUM(K54:K60)","v":141557.81},{"$f":"K53/$K$2","v":4.9670405131263813E-2}]
["13.1","COMPOSIÇÃO - 23","Próprio","Serviço","Execução de tamponamento conforme especificação.","m³",0.08,{"$f":"G54*$H$2","v":1.2},{"$f":"VLOOKUP(B54,'Orçamento Analítico - DF - T'!B:J,8,0)*(1-$M$2)","v":803.13000000000011},{"$f":"ROUND(I54*(1+$I$2),2)","v":994.11},{"$f":"ROUND(J54*H54,2)","v":1192.93},{"$f":"K54/$K$2","v":4.1858034108636282E-4}]
["13.2",13747,"ORSE","Insumo","Revestimento tubo liso aço sch-40 em 12\".","m",6,{"$f":"G55*$H$2","v":90},{"$f":"VLOOKUP(B55,'Orçamento Analítico - DF - T'!B:J,8,0)*(1-$M$2)","v":921.04},{"$f":"ROUND(I55*(1+$J$2),2)","v":1056.3399999999999},95070.6,3.3358775598974932E-2]
["13.3"," M3929 ","SICRO3","Insumo","Tubo em aço-carbono - e = 3,00 mm e d = 150 mm (6\").","m",1.44,{"$f":"G56*$H$2","v":21.599999999999998},{"$f":"VLOOKUP(B56,'Orçamento Analítico - DF - T'!B:J,8,0)*(1-$M$2)","v":148.57},170.39,3680.42,1.2914013889675602E-3]
["13.4"," M039706073 ","EMBASA","Insumo","Filtro nold em aço galvanizado dn 6\".","m",0.06,{"$f":"G57*$H$2","v":0.89999999999999991},{"$f":"VLOOKUP(B57,'Orçamento Analítico - DF - T'!B:J,8,0)*(1-$M$2)","v":835.86},958.65,{"$f":"ROUND(J57*H57,2)","v":862.79},3.0273941680224572E-4]
["13.5","COMPOSIÇÃO - 24","Próprio","Serviço","Limpeza manual , remoção de cerca, capina e instalação dos equipamentos (área do poço, painéis solares, bebedouro e reservatório).","m²",70,{"$f":"G58*$H$2","v":1050},{"$f":"VLOOKUP(B58,'Orçamento Analítico - DF - T'!B:J,8,0)*(1-$M$2)","v":1.9952000000000001},{"$f":"ROUND(I58*(1+$I$2),2)","v":2.4700000000000002},{"$f":"ROUND(J58*H58,2)","v":2593.5},{"$f":"K58/$K$2","v":9.1001828657799025E-4}]
["13.6","COMPOSIÇÃO - 25","Próprio","Serviço","Fornecimento e instalação do filtro para revestimento interno ø 4 1/2\".","m",0.6,{"$f":"G59*$H$2","v":9},{"$f":"VLOOKUP(B59,'Orçamento Analítico - DF - T'!B:J,8,0)*(1-$M$2)","v":123.41249999999999},152.76,1374.84,{"$f":"K59/$K$2","v":4.8240969389584887E-4}]
["13.7","COMPOSIÇÃO - 26","Próprio","Serviço","Fornecimento e instalação do revestimento interno ø 4 1/2\".","m",17.399999999999999,{"$f":"G60*$H$2","v":261},{"$f":"VLOOKUP(B60,'Orçamento Analítico - DF - T'!B:J,8,0)*(1-$M$2)","v":113.85249999999999},140.93,36782.730000000003,1.2906480404958875E-2]

{"sheet":"Orçamento Analítico - DF - T","index":23,"n_rows":423,"n_cols":10,"rows_kept":423,"cut":false,"hidden":false,"merged":[[415,7,415,8],[418,4,418,5],[419,4,419,5],[370,4,370,5],[371,4,371,5],[420,4,420,5],[421,4,421,5],[422,4,422,5],[409,4,409,5],[410,4,410,5],[411,4,411,5],[412,4,412,5],[413,4,413,5],[378,4,378,5],[379,4,379,5],[372,4,372,5],[377,5,377,6],[407,4,407,5],[292,7,292,8],[295,5,295,6],[302,7,302,8],[305,5,305,6],[318,4,318,5],[320,7,320,8],[324,4,324,5],[326,7,326,8],[323,4,323,5],[309,4,309,5],[310,4,310,5],[311,4,311,5],[312,4,312,5],[313,4,313,5],[314,4,314,5],[315,4,315,5],[316,4,316,5],[317,4,317,5],[266,4,266,5],[268,7,268,8],[272,4,272,5],[274,7,274,8],[278,4,278,5],[280,7,280,8],[284,4,284,5],[286,7,286,8],[290,4,290,5],[277,4,277,5],[283,4,283,5],[271,4,271,5],[289,4,289,5],[185,7,185,8],[188,5,188,6],[209,4,209,5],[197,7,197,8],[200,5,200,6],[223,7,223,8],[226,5,226,6],[189,4,189,5],[190,4,190,5],[191,4,191,5],[192,4,192,5],[193,4,193,5],[208,4,208,5],[203,4,203,5],[204,4,204,5],[205,4,205,5],[206,4,206,5],[207,4,207,5],[194,4,194,5],[65,4,65,5],[67,7,67,8],[71,4,71,5],[73,7,73,8],[77,4,77,5],[79,7,79,8],[83,4,83,5],[85,7,85,8],[89,4,89,5],[70,4,70,5],[0,2,2,7],[3,0,3,9],[4,5,4,6],[6,4,6,5],[7,4,7,5],[8,4,8,5],[5,5,5,6],[9,4,9,5],[11,7,11,8],[14,4,14,5],[15,4,15,5],[16,4,16,5],[17,4,17,5],[23,4,23,5],[24,4,24,5],[25,4,25,5],[18,4,18,5],[20,7,20,8],[26,4,26,5],[27,4,27,5],[28,4,28,5],[29,4,29,5],[30,4,30,5],[37,4,37,5],[31,4,31,5],[33,7,33,8],[36,5,36,6],[38,4,38,5],[39,4,39,5],[45,4,45,5],[46,4,46,5],[47,4,47,5],[40,4,40,5],[42,7,42,8],[48,4,48,5],[50,7,50,8],[53,4,53,5],[54,4,54,5],[55,4,55,5],[62,4,62,5],[63,4,63,5],[64,4,64,5],[56,4,56,5],[58,7,58,8],[61,5,61,6],[91,7,91,8],[96,4,96,5],[98,7,98,8],[101,5,101,6],[104,4,104,5],[106,7,106,8],[112,4,112,5],[76,4,76,5],[82,4,82,5],[88,4,88,5],[94,4,94,5],[95,4,95,5],[102,4,102,5],[103,4,103,5],[109,4,109,5],[110,4,110,5],[111,4,111,5],[114,7,114,8],[120,4,120,5],[122,7,122,8],[130,4,130,5],[132,7,132,8],[138,4,138,5],[169,7,169,8],[179,4,179,5],[180,4,180,5],[140,7,140,8],[143,5,143,6],[117,4,117,5],[118,4,118,5],[119,4,119,5],[125,4,125,5],[126,4,126,5],[127,4,127,5],[128,4,128,5],[129,4,129,5],[135,4,135,5],[154,4,154,5],[155,4,155,5],[156,4,156,5],[136,4,136,5],[137,4,137,5],[144,4,144,5],[145,4,145,5],[146,4,146,5],[147,4,147,5],[148,4,148,5],[172,4,172,5],[173,4,173,5],[149,4,149,5],[150,4,150,5],[151,4,151,5],[152,4,152,5],[157,4,157,5],[158,4,158,5],[166,4,166,5],[153,4,153,5],[167,4,167,5],[159,4,159,5],[160,4,160,5],[161,4,161,5],[162,4,162,5],[163,4,163,5],[164,4,164,5],[165,4,165,5],[181,4,181,5],[182,4,182,5],[183,4,183,5],[174,4,174,5],[175,4,175,5],[176,4,176,5],[177,4,177,5],[178,4,178,5],[237,4,237,5],[233,4,233,5],[234,4,234,5],[235,4,235,5],[236,4,236,5],[210,4,210,5],[211,4,211,5],[212,4,212,5],[238,4,238,5],[239,4,239,5],[240,4,240,5],[241,4,241,5],[242,4,242,5],[195,4,195,5],[196,4,196,5],[201,4,201,5],[202,4,202,5],[227,4,227,5],[213,4,213,5],[214,4,214,5],[215,4,215,5],[216,4,216,5],[217,4,217,5],[218,4,218,5],[219,4,219,5],[220,4,220,5],[221,4,221,5],[228,4,228,5],[229,4,229,5],[230,4,230,5],[231,4,231,5],[232,4,232,5],[265,4,265,5],[252,4,252,5],[253,4,253,5],[243,4,243,5],[248,7,248,8],[251,5,251,6],[256,4,256,5],[260,7,260,8],[255,4,255,5],[254,4,254,5],[244,4,244,5],[245,4,245,5],[246,4,246,5],[257,4,257,5],[258,4,258,5],[263,4,263,5],[264,4,264,5],[354,4,354,5],[296,4,296,5],[297,4,297,5],[298,4,298,5],[299,4,299,5],[300,4,300,5],[306,4,306,5],[307,4,307,5],[308,4,308,5],[340,4,340,5],[346,4,346,5],[335,4,335,5],[329,4,329,5],[330,4,330,5],[331,4,331,5],[332,4,332,5],[333,4,333,5],[334,4,334,5],[347,4,347,5],[352,5,352,6],[355,4,355,5],[356,4,356,5],[357,4,357,5],[358,4,358,5],[359,4,359,5],[360,4,360,5],[366,4,366,5],[367,4,367,5],[368,4,368,5],[369,4,369,5],[337,7,337,8],[341,4,341,5],[405,4,405,5],[406,4,406,5],[381,4,381,5],[387,4,387,5],[400,4,400,5],[402,7,402,8],[353,4,353,5],[380,4,380,5],[393,4,393,5],[399,4,399,5],[382,4,382,5],[384,7,384,8],[388,4,388,5],[390,7,390,8],[394,4,394,5],[396,7,396,8],[343,7,343,8],[349,7,349,8],[363,7,363,8],[374,7,374,8],[361,4,361,5]]}
[null,null,"OBJETO: EXECUÇÃO DE SERVIÇOS DE PERFURAÇÃO E INSTALAÇÃO DE POÇOS TUBULARES EM MUNICÍPIOS LOCALIZADOS NO DISTRITO FEDERAL, NA ÁREA DE ATUAÇÃO DA CODEVASF"]
[]
[]
["PLANILHA ANALÍTICA - POÇO TOTALMENTE REVESTIDO - DISTRITO FEDERAL"]
[1,null,null,"Serviços preliminares."]
[" 1 ",null,null,"SERVIÇOS PRELIMINARES"]
[" 1.1 ","Código","Banco","Descrição","Tipo",null,"Und","Quant.","Valor Unit","Total"]
["Composição","COMPOSIÇÃO - 1","Próprio","Administração Local da Obra - Poço Totalmente Revestido","CANT - CANTEIRO DE OBRAS",null,"un",1,{"$f":"SUM(J9:J10)","v":1498.30485},{"$f":"I8*H8","v":1498.30485}]
["Composição Auxiliar",12710,"SBC","DESPESAS GERAIS DE MANUTENCAO CANTEIRO DE OBRAS","INSTALACOES PROVISORIAS",null,"MES",0.13300000000000001,{"$f":"IF(C9=\"SINAPI\", IF( IF(A9=\"Insumo\", VLOOKUP(B9,'SINAPI INSUMOS'!B:J,7,0), VLOOKUP(B9,'SINAPI COMP'!B:M,8,0))=0,VLOOKUP(B9,'OUTRAS BASES'!C:D,2,0),IF(A9=\"Insumo\", VLOOKUP(B9,'SINAPI INSUMOS'!B:J,7,0),VLOOKUP(B9,'SINAPI COMP'!B:M,8,0))), VLOOKUP(B9,'OUTRAS BASES'!C:D,2,0))","v":910.61},{"$f":"I9*H9","v":121.11113}]
["Composição Auxiliar",100321,"SINAPI","TÉCNICO EM SEGURANÇA DO TRABALHO COM ENCARGOS COMPLEMENTARES","Livro SINAPI: Cálculos e Parâmetros",null,"MES",0.13300000000000001,{"$f":"IF(C10=\"SINAPI\", IF( IF(A10=\"Insumo\", VLOOKUP(B10,'SINAPI INSUMOS'!B:J,7,0), VLOOKUP(B10,'SINAPI COMP'!B:M,8,0))=0,VLOOKUP(B10,'OUTRAS BASES'!C:D,2,0),IF(A10=\"Insumo\", VLOOKUP(B10,'SINAPI INSUMOS'!B:J,7,0),VLOOKUP(B10,'SINAPI COMP'!B:M,8,0))), VLOOKUP(B10,'OUTRAS BASES'!C:D,2,0))","v":10354.84},{"$f":"I10*H10","v":1377.19372}]
[]
[]
[]
[]
[" 1.2 ","Código","Banco","Descrição","Tipo",null,"Und","Quant.","Valor Unit","Total"]
["Composição","COMPOSIÇÃO - 2","Próprio","Serviço de locação Geológica de campo com relatório hidro geológico e perfil construtivo e geológico esperado. Relatório de Viabilidade de implantação das estruturas e vistorias preliminares","SERT - SERVIÇOS TÉCNICOS",null,"un",1,{"$f":"SUM(J17:J19)","v":606.15},{"$f":"I16*H16","v":606.15}]
["Composição Auxiliar"," 30.01.45 ","EMBASA","GEOLOGO SENIOR",3001,null,"hora",5,{"$f":"IF(C17=\"SINAPI\", IF( IF(A17=\"Insumo\", VLOOKUP(B17,'SINAPI INSUMOS'!B:J,7,0), VLOOKUP(B17,'SINAPI COMP'!B:M,8,0))=0,VLOOKUP(B17,'OUTRAS BASES'!C:D,2,0),IF(A17=\"Insumo\", VLOOKUP(B17,'SINAPI INSUMOS'!B:J,7,0),VLOOKUP(B17,'SINAPI COMP'!B:M,8,0))), VLOOKUP(B17,'OUTRAS BASES'!C:D,2,0))","v":99.88},499.4]
["Insumo",5896,"ORSE","Veículo tipo sedan ou pick-up capacidade 0,6 ton h","Equipamento",null,"h",5,{"$f":"IF(C18=\"SINAPI\", IF( IF(A18=\"Insumo\", VLOOKUP(B18,'SINAPI INSUMOS'!B:J,7,0), VLOOKUP(B18,'SINAPI COMP'!B:M,8,0))=0,VLOOKUP(B18,'OUTRAS BASES'!C:D,2,0),IF(A18=\"Insumo\", VLOOKUP(B18,'SINAPI INSUMOS'!B:J,7,0),VLOOKUP(B18,'SINAPI COMP'!B:M,8,0))), VLOOKUP(B18,'OUTRAS BASES'!C:D,2,0))","v":8.33},41.65]
["Insumo",4222,"SINAPI","GASOLINA COMUM","Material",null,"L",10,{"$f":"IF(C19=\"SINAPI\", IF( IF(A19=\"Insumo\", VLOOKUP(B19,'SINAPI INSUMOS'!B:J,7,0), VLOOKUP(B19,'SINAPI COMP'!B:M,8,0))=0,VLOOKUP(B19,'OUTRAS BASES'!C:D,2,0),IF(A19=\"Insumo\", VLOOKUP(B19,'SINAPI INSUMOS'!B:J,7,0),VLOOKUP(B19,'SINAPI COMP'!B:M,8,0))), VLOOKUP(B19,'OUTRAS BASES'!C:D,2,0))","v":6.51},65.099999999999994]
[]
[]
[]
[]
[" 1.3 ","Código","Banco","Descrição","Tipo",null,"Und","Quant.","Valor Unit","Total"]
["Composição",103689,"SINAPI","FORNECIMENTO E INSTALAÇÃO DE PLACA DE OBRA COM CHAPA GALVANIZADA E ESTRUTURA DE MADEIRA. AF_03/2022_PS","Sinalização Vertical Viária",null,"m²",1,{"$f":"IF(C25=\"SINAPI\", IF( IF(A25=\"Insumo\", VLOOKUP(B25,'SINAPI INSUMOS'!B:J,7,0), VLOOKUP(B25,'SINAPI COMP'!B:M,8,0))=0,VLOOKUP(B25,'OUTRAS BASES'!C:D,2,0),IF(A25=\"Insumo\", VLOOKUP(B25,'SINAPI INSUMOS'!B:J,7,0),VLOOKUP(B25,'SINAPI COMP'!B:M,8,0))), VLOOKUP(B25,'OUTRAS BASES'!C:D,2,0))","v":465.25},{"$f":"I25*H25","v":465.25}]
["Composição Auxiliar",102234,"SINAPI","PINTURA IMUNIZANTE PARA MADEIRA, 2 DEMÃOS. AF_01/2021","Pintura em Madeira",null,"m²",0.5,{"$f":"IF(C26=\"SINAPI\", IF( IF(A26=\"Insumo\", VLOOKUP(B26,'SINAPI INSUMOS'!B:J,7,0), VLOOKUP(B26,'SINAPI COMP'!B:M,8,0))=0,VLOOKUP(B26,'OUTRAS BASES'!C:D,2,0),IF(A26=\"Insumo\", VLOOKUP(B26,'SINAPI INSUMOS'!B:J,7,0),VLOOKUP(B26,'SINAPI COMP'!B:M,8,0))), VLOOKUP(B26,'OUTRAS BASES'!C:D,2,0))","v":24.64},12.32]
["Composição Auxiliar",88262,"SINAPI","CARPINTEIRO DE FORMAS COM ENCARGOS COMPLEMENTARES","Livro SINAPI: Cálculos e Parâmetros",null,"H",0.37290000000000001,{"$f":"IF(C27=\"SINAPI\", IF( IF(A27=\"Insumo\", VLOOKUP(B27,'SINAPI INSUMOS'!B:J,7,0), VLOOKUP(B27,'SINAPI COMP'!B:M,8,0))=0,VLOOKUP(B27,'OUTRAS BASES'!C:D,2,0),IF(A27=\"Insumo\", VLOOKUP(B27,'SINAPI INSUMOS'!B:J,7,0),VLOOKUP(B27,'SINAPI COMP'!B:M,8,0))), VLOOKUP(B27,'OUTRAS BASES'!C:D,2,0))","v":32.24},12.022296000000001]
["Composição Auxiliar",88316,"SINAPI","SERVENTE COM ENCARGOS COMPLEMENTARES","Livro SINAPI: Cálculos e Parâmetros",null,"H",1.1186,{"$f":"IF(C28=\"SINAPI\", IF( IF(A28=\"Insumo\", VLOOKUP(B28,'SINAPI INSUMOS'!B:J,7,0), VLOOKUP(B28,'SINAPI COMP'!B:M,8,0))=0,VLOOKUP(B28,'OUTRAS BASES'!C:D,2,0),IF(A28=\"Insumo\", VLOOKUP(B28,'SINAPI INSUMOS'!B:J,7,0),VLOOKUP(B28,'SINAPI COMP'!B:M,8,0))), VLOOKUP(B28,'OUTRAS BASES'!C:D,2,0))","v":24.94},27.897884000000001]
["Insumo",4509,"SINAPI","SARRAFO *2,5 X 10* CM EM PINUS, MISTA OU EQUIVALENTE DA REGIAO - BRUTA","Material",null,"M",3.2082999999999999,{"$f":"IF(C29=\"SINAPI\", IF( IF(A29=\"Insumo\", VLOOKUP(B29,'SINAPI INSUMOS'!B:J,7,0), VLOOKUP(B29,'SINAPI COMP'!B:M,8,0))=0,VLOOKUP(B29,'OUTRAS BASES'!C:D,2,0),IF(A29=\"Insumo\", VLOOKUP(B29,'SINAPI INSUMOS'!B:J,7,0),VLOOKUP(B29,'SINAPI COMP'!B:M,8,0))), VLOOKUP(B29,'OUTRAS BASES'!C:D,2,0))","v":3.85},12.351955]
["Insumo",4813,"SINAPI","PLACA DE OBRA (PARA CONSTRUCAO CIVIL) EM CHAPA GALVANIZADA *N. 22*, ADESIVADA, DE *2,4 X 1,2* M (SEM POSTES PARA FIXACAO)","Material",null,"m²",1,{"$f":"IF(C30=\"SINAPI\", IF( IF(A30=\"Insumo\", VLOOKUP(B30,'SINAPI INSUMOS'!B:J,7,0), VLOOKUP(B30,'SINAPI COMP'!B:M,8,0))=0,VLOOKUP(B30,'OUTRAS BASES'!C:D,2,0),IF(A30=\"Insumo\", VLOOKUP(B30,'SINAPI INSUMOS'!B:J,7,0),VLOOKUP(B30,'SINAPI COMP'!B:M,8,0))), VLOOKUP(B30,'OUTRAS BASES'!C:D,2,0))","v":400},400]
["Insumo",5065,"SINAPI","PREGO DE ACO POLIDO COM CABECA 10 X 10 (7/8 X 17)","Material",null,"KG",1.1299999999999999E-2,{"$f":"IF(C31=\"SINAPI\", IF( IF(A31=\"Insumo\", VLOOKUP(B31,'SINAPI INSUMOS'!B:J,7,0), VLOOKUP(B31,'SINAPI COMP'!B:M,8,0))=0,VLOOKUP(B31,'OUTRAS BASES'!C:D,2,0),IF(A31=\"Insumo\", VLOOKUP(B31,'SINAPI INSUMOS'!B:J,7,0),VLOOKUP(B31,'SINAPI COMP'!B:M,8,0))), VLOOKUP(B31,'OUTRAS BASES'!C:D,2,0))","v":36.840000000000003},0.416292]
["Insumo",5069,"SINAPI","PREGO DE ACO POLIDO COM CABECA 17 X 27 (2 1/2 X 11)","Material",null,"KG",1.32E-2,{"$f":"IF(C32=\"SINAPI\", IF( IF(A32=\"Insumo\", VLOOKUP(B32,'SINAPI INSUMOS'!B:J,7,0), VLOOKUP(B32,'SINAPI COMP'!B:M,8,0))=0,VLOOKUP(B32,'OUTRAS BASES'!C:D,2,0),IF(A32=\"Insumo\", VLOOKUP(B32,'SINAPI INSUMOS'!B:J,7,0),VLOOKUP(B32,'SINAPI COMP'!B:M,8,0))), VLOOKUP(B32,'OUTRAS BASES'!C:D,2,0))","v":19.739999999999998},0.26056799999999997]
[]
[]
[]
[]
[" 2 ",null,null,"MOBILIZAÇÂO E DESMOBILIZAÇÂO EQUIPE CAMPO"]
[" 2.1 ","Código","Banco","Descrição","Tipo",null,"Und","Quant.","Valor Unit","Total"]
["Composição","COMPOSIÇÃO - 3","Próprio","Transporte de Comboio Perfuração","TRAN - TRANSPORTES, CARGAS E DESCARGAS",null,"km",1,{"$f":"SUM(J40:J41)","v":4.7679254000000002},{"$f":"I39*H39","v":4.7679254000000002}]
["Composição Auxiliar",5824,"SINAPI","CAMINHÃO TOCO, PBT 16.000 KG, CARGA ÚTIL MÁX. 10.685 KG, DIST. ENTRE EIXOS 4,8 M, POTÊNCIA 189 CV, INCLUSIVE CARROCERIA FIXA ABERTA DE MADEIRA P/ TRANSPORTE GERAL DE CARGA SECA, DIMEN. APROX. 2,5 X 7,00 X 0,50 M - CHP DIURNO. AF_06/2014","Custos Horários Produtivo e Improdutivo dos Equipamentos",null,"CHP",1.6660000000000001E-2,{"$f":"IF(C40=\"SINAPI\", IF( IF(A40=\"Insumo\", VLOOKUP(B40,'SINAPI INSUMOS'!B:J,7,0), VLOOKUP(B40,'SINAPI COMP'!B:M,8,0))=0,VLOOKUP(B40,'OUTRAS BASES'!C:D,2,0),IF(A40=\"Insumo\", VLOOKUP(B40,'SINAPI INSUMOS'!B:J,7,0),VLOOKUP(B40,'SINAPI COMP'!B:M,8,0))), VLOOKUP(B40,'OUTRAS BASES'!C:D,2,0))","v":221.76},3.6945216000000003]
["Composição Auxiliar",5826,"SINAPI","CAMINHÃO TOCO, PBT 16.000 KG, CARGA ÚTIL MÁX. 10.685 KG, DIST. ENTRE EIXOS 4,8 M, POTÊNCIA 189 CV, INCLUSIVE CARROCERIA FIXA ABERTA DE MADEIRA P/ TRANSPORTE GERAL DE CARGA SECA, DIMEN. APROX. 2,5 X 7,00 X 0,50 M - CHI DIURNO. AF_06/2014","Custos Horários Produtivo e Improdutivo dos Equipamentos",null,"CHI",1.6660000000000001E-2,{"$f":"IF(C41=\"SINAPI\", IF( IF(A41=\"Insumo\", VLOOKUP(B41,'SINAPI INSUMOS'!B:J,7,0), VLOOKUP(B41,'SINAPI COMP'!B:M,8,0))=0,VLOOKUP(B41,'OUTRAS BASES'!C:D,2,0),IF(A41=\"Insumo\", VLOOKUP(B41,'SINAPI INSUMOS'!B:J,7,0),VLOOKUP(B41,'SINAPI COMP'!B:M,8,0))), VLOOKUP(B41,'OUTRAS BASES'!C:D,2,0))","v":64.430000000000007},1.0734038000000001]
[]
[]
[]
[]
[" 2.2 ","Código","Banco","Descrição","Tipo",null,"Und","Quant.","Valor Unit","Total"]
["Composição","COMPOSIÇÃO - 4","Próprio","Transporte de Comboio Instalação","TRAN - TRANSPORTES, CARGAS E DESCARGAS",null,"km",1,{"$f":"SUM(J48:J49)","v":5.9347918000000002},{"$f":"I47*H47","v":5.9347918000000002}]
["Composição Auxiliar",5928,"SINAPI","GUINDAUTO HIDRÁULICO, CAPACIDADE MÁXIMA DE CARGA 6200 KG, MOMENTO MÁXIMO DE CARGA 11,7 TM, ALCANCE MÁXIMO HORIZONTAL 9,70 M, INCLUSIVE CAMINHÃO TOCO PBT 16.000 KG, POTÊNCIA DE 189 CV - CHP DIURNO. AF_06/2014","Custos Horários Produtivo e Improdutivo dos Equipamentos",null,"CHP",1.6660000000000001E-2,{"$f":"IF(C48=\"SINAPI\", IF( IF(A48=\"Insumo\", VLOOKUP(B48,'SINAPI INSUMOS'!B:J,7,0), VLOOKUP(B48,'SINAPI COMP'!B:M,8,0))=0,VLOOKUP(B48,'OUTRAS BASES'!C:D,2,0),IF(A48=\"Insumo\", VLOOKUP(B48,'SINAPI INSUMOS'!B:J,7,0),VLOOKUP(B48,'SINAPI COMP'!B:M,8,0))), VLOOKUP(B48,'OUTRAS BASES'!C:D,2,0))","v":281.77999999999997},4.6944547999999999]
["Composição Auxiliar",5930,"SINAPI","GUINDAUTO HIDRÁULICO, CAPACIDADE MÁXIMA DE CARGA 6200 KG, MOMENTO MÁXIMO DE CARGA 11,7 TM, ALCANCE MÁXIMO HORIZONTAL 9,70 M, INCLUSIVE CAMINHÃO TOCO PBT 16.000 KG, POTÊNCIA DE 189 CV - CHI DIURNO. AF_06/2014","Custos Horários Produtivo e Improdutivo dos Equipamentos",null,"CHI",1.6660000000000001E-2,{"$f":"IF(C49=\"SINAPI\", IF( IF(A49=\"Insumo\", VLOOKUP(B49,'SINAPI INSUMOS'!B:J,7,0), VLOOKUP(B49,'SINAPI COMP'!B:M,8,0))=0,VLOOKUP(B49,'OUTRAS BASES'!C:D,2,0),IF(A49=\"Insumo\", VLOOKUP(B49,'SINAPI INSUMOS'!B:J,7,0),VLOOKUP(B49,'SINAPI COMP'!B:M,8,0))), VLOOKUP(B49,'OUTRAS BASES'!C:D,2,0))","v":74.45},1.2403370000000002]
[]
[]
[]
[]
[" 2.3 ","Código","Banco","Descrição","Tipo",null,"Und","Quant.","Valor Unit","Total"]
["Composição","COMPOSIÇÃO - 5","Próprio","Transporte de Equipe Teste de Vazão","TRAN - TRANSPORTES, CARGAS E DESCARGAS",null,"km",1,{"$f":"SUM(J56:J57)","v":2.6213890000000002},{"$f":"I55*H55","v":2.6213890000000002}]
["Composição Auxiliar",73467,"SINAPI","CAMINHÃO TOCO, PBT 14.300 KG, CARGA ÚTIL MÁX. 9.710 KG, DIST. ENTRE EIXOS 3,56 M, POTÊNCIA 185 CV, INCLUSIVE CARROCERIA FIXA ABERTA DE MADEIRA P/ TRANSPORTE GERAL DE CARGA SECA, DIMEN. APROX. 2,50 X 6,50 X 0,50 M - CHP DIURNO. AF_06/2014","Custos Horários Produtivo e Improdutivo dos Equipamentos",null,"CHP",8.3000000000000001E-3,{"$f":"IF(C56=\"SINAPI\", IF( IF(A56=\"Insumo\", VLOOKUP(B56,'SINAPI INSUMOS'!B:J,7,0), VLOOKUP(B56,'SINAPI COMP'!B:M,8,0))=0,VLOOKUP(B56,'OUTRAS BASES'!C:D,2,0),IF(A56=\"Insumo\", VLOOKUP(B56,'SINAPI INSUMOS'!B:J,7,0),VLOOKUP(B56,'SINAPI COMP'!B:M,8,0))), VLOOKUP(B56,'OUTRAS BASES'!C:D,2,0))","v":254.32},2.1108560000000001]
["Composição Auxiliar",91395,"SINAPI","CAMINHÃO TOCO, PBT 14.300 KG, CARGA ÚTIL MÁX. 9.710 KG, DIST. ENTRE EIXOS 3,56 M, POTÊNCIA 185 CV, INCLUSIVE CARROCERIA FIXA ABERTA DE MADEIRA P/ TRANSPORTE GERAL DE CARGA SECA, DIMEN. APROX. 2,50 X 6,50 X 0,50 M - CHI DIURNO. AF_06/2014","Custos Horários Produtivo e Improdutivo dos Equipamentos",null,"CHI",8.3000000000000001E-3,{"$f":"IF(C57=\"SINAPI\", IF( IF(A57=\"Insumo\", VLOOKUP(B57,'SINAPI INSUMOS'!B:J,7,0), VLOOKUP(B57,'SINAPI COMP'!B:M,8,0))=0,VLOOKUP(B57,'OUTRAS BASES'!C:D,2,0),IF(A57=\"Insumo\", VLOOKUP(B57,'SINAPI INSUMOS'!B:J,7,0),VLOOKUP(B57,'SINAPI COMP'!B:M,8,0))), VLOOKUP(B57,'OUTRAS BASES'!C:D,2,0))","v":61.51},0.51053300000000001]
[]
[]
[]
[]
[" 3 ",null,null,"PERFURAÇÃO E COMPLETAÇÃO DE POÇO TUBULAR",{"$nulls":5},{"$f":"I62*H62","v":0}]
[" 3.2 ","Código","Banco","Descrição","Tipo",null,"Und","Quant.","Valor Unit","Total"]
["Composição","COMPOSIÇÃO - 6","Próprio","Perfuração diâmetro de Ø 12 1/2\" em sedimento/camadas inconsolidadas - incluso mão de obra para instalação do revestimento e completação anelar","SERT - SERVIÇOS TÉCNICOS",null,"m",1,{"$f":"SUM(J65:J66)","v":255.85999999999999},{"$f":"I64*H64","v":255.85999999999999}]
["Composição Auxiliar",5057,"ORSE","Perfuração rocha sedimentar sedimento / Camadas inconsolidadas DN 12.1/2\" - Poço até 150 m","Conversão InfoWOrca",null,"m",1,{"$f":"IF(C65=\"SINAPI\", IF( IF(A65=\"Insumo\", VLOOKUP(B65,'SINAPI INSUMOS'!B:J,7,0), VLOOKUP(B65,'SINAPI COMP'!B:M,8,0))=0,VLOOKUP(B65,'OUTRAS BASES'!C:D,2,0),IF(A65=\"Insumo\", VLOOKUP(B65,'SINAPI INSUMOS'!B:J,7,0),VLOOKUP(B65,'SINAPI COMP'!B:M,8,0))), VLOOKUP(B65,'OUTRAS BASES'!C:D,2,0))","v":247.66},247.66]
["Insumo",43366,"SINAPI","BENTONITA, ARGILA CONSTITUIDA POR  MONTMORILONITA","Material",null,"KG",5,{"$f":"IF(C66=\"SINAPI\", IF( IF(A66=\"Insumo\", VLOOKUP(B66,'SINAPI INSUMOS'!B:J,7,0), VLOOKUP(B66,'SINAPI COMP'!B:M,8,0))=0,VLOOKUP(B66,'OUTRAS BASES'!C:D,2,0),IF(A66=\"Insumo\", VLOOKUP(B66,'SINAPI INSUMOS'!B:J,7,0),VLOOKUP(B66,'SINAPI COMP'!B:M,8,0))), VLOOKUP(B66,'OUTRAS BASES'!C:D,2,0))","v":1.64},8.1999999999999993]
[]
[]
[]
[]
[" 3.3 ","Código","Banco","Descrição","Tipo",null,"Und","Quant.","Valor Unit","Total"]
["Insumo",5073,"ORSE","Fornecimento de pré-filtro comum m3","Serviços",null,"m³",1,{"$f":"IF(C72=\"SINAPI\", IF( IF(A72=\"Insumo\", VLOOKUP(B72,'SINAPI INSUMOS'!B:J,7,0), VLOOKUP(B72,'SINAPI COMP'!B:M,8,0))=0,VLOOKUP(B72,'OUTRAS BASES'!C:D,2,0),IF(A72=\"Insumo\", VLOOKUP(B72,'SINAPI INSUMOS'!B:J,7,0),VLOOKUP(B72,'SINAPI COMP'!B:M,8,0))), VLOOKUP(B72,'OUTRAS BASES'!C:D,2,0))","v":1619.38},{"$f":"I72*H72","v":1619.38}]
[]
[]
[]
[]
[" 3.4 ","Código","Banco","Descrição","Tipo",null,"Und","Quant.","Valor Unit","Total"]
["Insumo",5091,"ORSE","Revestimento filtro pvc geomecânico reforçado dn 150mm","Serviços",null,"m",1,{"$f":"IF(C78=\"SINAPI\", IF( IF(A78=\"Insumo\", VLOOKUP(B78,'SINAPI INSUMOS'!B:J,7,0), VLOOKUP(B78,'SINAPI COMP'!B:M,8,0))=0,VLOOKUP(B78,'OUTRAS BASES'!C:D,2,0),IF(A78=\"Insumo\", VLOOKUP(B78,'SINAPI INSUMOS'!B:J,7,0),VLOOKUP(B78,'SINAPI COMP'!B:M,8,0))), VLOOKUP(B78,'OUTRAS BASES'!C:D,2,0))","v":221.38},{"$f":"I78*H78","v":221.38}]
[]
[]
[]
[]
[" 3.5 ","Código","Banco","Descrição","Tipo",null,"Und","Quant.","Valor Unit","Total"]
["Insumo",5024,"ORSE","Centralizador em 6\"","Serviços",null,"un",1,{"$f":"IF(C84=\"SINAPI\", IF( IF(A84=\"Insumo\", VLOOKUP(B84,'SINAPI INSUMOS'!B:J,7,0), VLOOKUP(B84,'SINAPI COMP'!B:M,8,0))=0,VLOOKUP(B84,'OUTRAS BASES'!C:D,2,0),IF(A84=\"Insumo\", VLOOKUP(B84,'SINAPI INSUMOS'!B:J,7,0),VLOOKUP(B84,'SINAPI COMP'!B:M,8,0))), VLOOKUP(B84,'OUTRAS BASES'!C:D,2,0))","v":267.02},{"$f":"I84*H84","v":267.02}]
[]
[]
[]
[]
[" 3.6 ","Código","Banco","Descrição","Tipo",null,"Und","Quant.","Valor Unit","Total"]
["Insumo",9850,"SINAPI","TUBO PVC DE REVESTIMENTO GEOMECANICO NERVURADO REFORCADO, DN = 150 MM, COMPRIMENTO = 2 M","Material",null,"M",1,{"$f":"IF(C90=\"SINAPI\", IF( IF(A90=\"Insumo\", VLOOKUP(B90,'SINAPI INSUMOS'!B:J,7,0), VLOOKUP(B90,'SINAPI COMP'!B:M,8,0))=0,VLOOKUP(B90,'OUTRAS BASES'!C:D,2,0),IF(A90=\"Insumo\", VLOOKUP(B90,'SINAPI INSUMOS'!B:J,7,0),VLOOKUP(B90,'SINAPI COMP'!B:M,8,0))), VLOOKUP(B90,'OUTRAS BASES'!C:D,2,0))","v":147.75},{"$f":"I90*H90","v":147.75}]
[]
[]
[]
[]
[" 3.7 ","Código","Banco","Descrição","Tipo",null,"Und","Quant.","Valor Unit","Total"]
["Composição","COMPOSIÇÃO - 7","Próprio","Serviço de lançamento cimentação anelar, incluso materiais.","SEDI - SERVIÇOS DIVERSOS",null,"m³",1,{"$f":"SUM(J97)","v":521.34},{"$f":"I96*H96","v":521.34}]
["Composição Auxiliar",1903,"ORSE","Argamassa cimento e areia traço t-1 (1:3) - 1 saco cimento 50kg / 3 padiolas areia dim. 0.35 x 0.45 x 0.23 m - Confecção mecânica e transporte","Argamassas",null,"m³",1,{"$f":"IF(C97=\"SINAPI\", IF( IF(A97=\"Insumo\", VLOOKUP(B97,'SINAPI INSUMOS'!B:J,7,0), VLOOKUP(B97,'SINAPI COMP'!B:M,8,0))=0,VLOOKUP(B97,'OUTRAS BASES'!C:D,2,0),IF(A97=\"Insumo\", VLOOKUP(B97,'SINAPI INSUMOS'!B:J,7,0),VLOOKUP(B97,'SINAPI COMP'!B:M,8,0))), VLOOKUP(B97,'OUTRAS BASES'!C:D,2,0))","v":521.34},521.34]
[]
[]
[]
[]
[" 4 ",null,null,"PÓS PERFURAÇÃO"]
[" 4.1 ","Código","Banco","Descrição","Tipo",null,"Und","Quant.","Valor Unit","Total"]
["Composição",6305,"ORSE","Desenvolvimento com Compressor 250psi / 750cfm","Conversão InfoWOrca",null,"h",1,{"$f":"IF(C104=\"SINAPI\", IF( IF(A104=\"Insumo\", VLOOKUP(B104,'SINAPI INSUMOS'!B:J,7,0), VLOOKUP(B104,'SINAPI COMP'!B:M,8,0))=0,VLOOKUP(B104,'OUTRAS BASES'!C:D,2,0),IF(A104=\"Insumo\", VLOOKUP(B104,'SINAPI INSUMOS'!B:J,7,0),VLOOKUP(B104,'SINAPI COMP'!B:M,8,0))), VLOOKUP(B104,'OUTRAS BASES'!C:D,2,0))","v":411.16},{"$f":"I104*H104","v":411.16}]
["Insumo",5030,"ORSE","Desenvolvimento com compressor 250psi - 750cfm h","Serviços",null,"h",1,{"$f":"IF(C105=\"SINAPI\", IF( IF(A105=\"Insumo\", VLOOKUP(B105,'SINAPI INSUMOS'!B:J,7,0), VLOOKUP(B105,'SINAPI COMP'!B:M,8,0))=0,VLOOKUP(B105,'OUTRAS BASES'!C:D,2,0),IF(A105=\"Insumo\", VLOOKUP(B105,'SINAPI INSUMOS'!B:J,7,0),VLOOKUP(B105,'SINAPI COMP'!B:M,8,0))), VLOOKUP(B105,'OUTRAS BASES'!C:D,2,0))","v":411.16},411.16]
[]
[]
[]
[]
[" 4.3 ","Código","Banco","Descrição","Tipo",null,"Und","Quant.","Valor Unit","Total"]
["Composição","COMPOSIÇÃO - 8","Próprio","Inspeção ótica em poço tubular câmera com rotação de 360º, visada lateral, com fonte própria de luz, entregue vídeo em cores e marcação de profundidades.","SEES - SERVIÇOS ESPECIAIS",null,"m",1,{"$f":"SUM(J112:J113)","v":9.6404600000000009},{"$f":"I111*H111","v":9.6404600000000009}]
["Insumo"," H020050004 ","EMBASA","APARELHO DE PERFILAGEM OPTICA","Material",null,"M",1,{"$f":"IF(C112=\"SINAPI\", IF( IF(A112=\"Insumo\", VLOOKUP(B112,'SINAPI INSUMOS'!B:J,7,0), VLOOKUP(B112,'SINAPI COMP'!B:M,8,0))=0,VLOOKUP(B112,'OUTRAS BASES'!C:D,2,0),IF(A112=\"Insumo\", VLOOKUP(B112,'SINAPI INSUMOS'!B:J,7,0),VLOOKUP(B112,'SINAPI COMP'!B:M,8,0))), VLOOKUP(B112,'OUTRAS BASES'!C:D,2,0))","v":4.4000000000000004},4.4000000000000004]
["Insumo"," B590000022 ","EMBASA","TECNICO MEDIO","Mão de Obra",null,"H",8.3500000000000005E-2,{"$f":"IF(C113=\"SINAPI\", IF( IF(A113=\"Insumo\", VLOOKUP(B113,'SINAPI INSUMOS'!B:J,7,0), VLOOKUP(B113,'SINAPI COMP'!B:M,8,0))=0,VLOOKUP(B113,'OUTRAS BASES'!C:D,2,0),IF(A113=\"Insumo\", VLOOKUP(B113,'SINAPI INSUMOS'!B:J,7,0),VLOOKUP(B113,'SINAPI COMP'!B:M,8,0))), VLOOKUP(B113,'OUTRAS BASES'!C:D,2,0))","v":62.76},5.2404600000000006]
[]
[]
[]
[]
[" 4.5 ","Código","Banco","Descrição","Tipo",null,"Und","Quant.","Valor Unit","Total"]
["Composição","COMPOSIÇÃO - 9","Próprio","Serviço de coleta e Análise Físico-Química e Bacteriológica","SEDI - SERVIÇOS DIVERSOS",null,"un",1,{"$f":"SUM(J120:J121)","v":621.19000000000005},{"$f":"I119*H119","v":621.19000000000005}]
["Composição Auxiliar",6312,"ORSE","Análise Físico-química da Água","Conversão InfoWOrca",null,"un",1,{"$f":"IF(C120=\"SINAPI\", IF( IF(A120=\"Insumo\", VLOOKUP(B120,'SINAPI INSUMOS'!B:J,7,0), VLOOKUP(B120,'SINAPI COMP'!B:M,8,0))=0,VLOOKUP(B120,'OUTRAS BASES'!C:D,2,0),IF(A120=\"Insumo\", VLOOKUP(B120,'SINAPI INSUMOS'!B:J,7,0),VLOOKUP(B120,'SINAPI COMP'!B:M,8,0))), VLOOKUP(B120,'OUTRAS BASES'!C:D,2,0))","v":565.21},565.21]
["Composição Auxiliar",6313,"ORSE","Análise Bacteriológica da Água","Conversão InfoWOrca",null,"un",1,{"$f":"IF(C121=\"SINAPI\", IF( IF(A121=\"Insumo\", VLOOKUP(B121,'SINAPI INSUMOS'!B:J,7,0), VLOOKUP(B121,'SINAPI COMP'!B:M,8,0))=0,VLOOKUP(B121,'OUTRAS BASES'!C:D,2,0),IF(A121=\"Insumo\", VLOOKUP(B121,'SINAPI INSUMOS'!B:J,7,0),VLOOKUP(B121,'SINAPI COMP'!B:M,8,0))), VLOOKUP(B121,'OUTRAS BASES'!C:D,2,0))","v":55.98},55.98]
[]
[]
[]
[]
[" 4.6 ","Código","Banco","Descrição","Tipo",null,"Und","Quant.","Valor Unit","Total"]
["Composição","COMPOSIÇÃO - 10","Próprio","Serviço de instalação de laje sanitária com dimensões (1,5x1,5x0,3) , incluso material.","SEDI - SERVIÇOS DIVERSOS",null,"un",1,{"$f":"SUM(J128:J131)","v":760.66650000000004},{"$f":"I127*H127","v":760.66650000000004}]
["Composição Auxiliar",92522,"SINAPI","MONTAGEM E DESMONTAGEM DE FÔRMA DE LAJE MACIÇA, PÉ-DIREITO SIMPLES, EM CHAPA DE MADEIRA COMPENSADA RESINADA, 8 UTILIZAÇÕES. AF_09/2020","Fôrmas para Estruturas de Concreto Armado",null,"m²",1.8,{"$f":"IF(C128=\"SINAPI\", IF( IF(A128=\"Insumo\", VLOOKUP(B128,'SINAPI INSUMOS'!B:J,7,0), VLOOKUP(B128,'SINAPI COMP'!B:M,8,0))=0,VLOOKUP(B128,'OUTRAS BASES'!C:D,2,0),IF(A128=\"Insumo\", VLOOKUP(B128,'SINAPI INSUMOS'!B:J,7,0),VLOOKUP(B128,'SINAPI COMP'!B:M,8,0))), VLOOKUP(B128,'OUTRAS BASES'!C:D,2,0))","v":43.92},79.056000000000012]
["Composição Auxiliar",93358,"SINAPI","ESCAVAÇÃO MANUAL DE VALA COM PROFUNDIDADE MENOR OU IGUAL A 1,30 M. AF_02/2021","Escavação de Valas",null,"m³",0.22500000000000001,{"$f":"IF(C129=\"SINAPI\", IF( IF(A129=\"Insumo\", VLOOKUP(B129,'SINAPI INSUMOS'!B:J,7,0), VLOOKUP(B129,'SINAPI COMP'!B:M,8,0))=0,VLOOKUP(B129,'OUTRAS BASES'!C:D,2,0),IF(A129=\"Insumo\", VLOOKUP(B129,'SINAPI INSUMOS'!B:J,7,0),VLOOKUP(B129,'SINAPI COMP'!B:M,8,0))), VLOOKUP(B129,'OUTRAS BASES'!C:D,2,0))","v":98.65},22.196250000000003]
["Composição Auxiliar",94975,"SINAPI","CONCRETO FCK = 15MPA, TRAÇO 1:3,4:3,5 (EM MASSA SECA DE CIMENTO/ AREIA MÉDIA/ BRITA 1) - PREPARO MANUAL. AF_05/2021","Produção de Concreto",null,"m³",0.67500000000000004,{"$f":"IF(C130=\"SINAPI\", IF( IF(A130=\"Insumo\", VLOOKUP(B130,'SINAPI INSUMOS'!B:J,7,0), VLOOKUP(B130,'SINAPI COMP'!B:M,8,0))=0,VLOOKUP(B130,'OUTRAS BASES'!C:D,2,0),IF(A130=\"Insumo\", VLOOKUP(B130,'SINAPI INSUMOS'!B:J,7,0),VLOOKUP(B130,'SINAPI COMP'!B:M,8,0))), VLOOKUP(B130,'OUTRAS BASES'!C:D,2,0))","v":631.15},426.02625]
["Composição Auxiliar",103670,"SINAPI","LANÇAMENTO COM USO DE BALDES, ADENSAMENTO E ACABAMENTO DE CONCRETO EM ESTRUTURAS. AF_02/2022","Concretagem para Estruturas de Concreto Armado",null,"m³",0.67500000000000004,{"$f":"IF(C131=\"SINAPI\", IF( IF(A131=\"Insumo\", VLOOKUP(B131,'SINAPI INSUMOS'!B:J,7,0), VLOOKUP(B131,'SINAPI COMP'!B:M,8,0))=0,VLOOKUP(B131,'OUTRAS BASES'!C:D,2,0),IF(A131=\"Insumo\", VLOOKUP(B131,'SINAPI INSUMOS'!B:J,7,0),VLOOKUP(B131,'SINAPI COMP'!B:M,8,0))), VLOOKUP(B131,'OUTRAS BASES'!C:D,2,0))","v":345.76},233.38800000000001]
[]
[]
[]
[]
[" 4.7 ","Código","Banco","Descrição","Tipo",null,"Und","Quant.","Valor Unit","Total"]
["Composição"," 24.80.22 ","EMBASA","(REVISADA) DESENVOLVIMENTO OU TESTE COM BOMBA SUBMERSA - UEB1 NO SEDIMENTO COM VAZAO < 60M3 (Ensaio de bombeamento poço tubular incluso materiais e grupo gerador)",2480,null,"H",1,{"$f":"IF(C137=\"SINAPI\", IF( IF(A137=\"Insumo\", VLOOKUP(B137,'SINAPI INSUMOS'!B:J,7,0), VLOOKUP(B137,'SINAPI COMP'!B:M,8,0))=0,VLOOKUP(B137,'OUTRAS BASES'!C:D,2,0),IF(A137=\"Insumo\", VLOOKUP(B137,'SINAPI INSUMOS'!B:J,7,0),VLOOKUP(B137,'SINAPI COMP'!B:M,8,0))), VLOOKUP(B137,'OUTRAS BASES'!C:D,2,0))","v":263.27},{"$f":"I137*H137","v":263.27}]
["Composição Auxiliar"," 24.00.15 ","EMBASA","EQUIPE (3 PROFISSIONAIS CAMPO) - BOMBEIO",2400,null,"H",1,{"$f":"IF(C138=\"SINAPI\", IF( IF(A138=\"Insumo\", VLOOKUP(B138,'SINAPI INSUMOS'!B:J,7,0), VLOOKUP(B138,'SINAPI COMP'!B:M,8,0))=0,VLOOKUP(B138,'OUTRAS BASES'!C:D,2,0),IF(A138=\"Insumo\", VLOOKUP(B138,'SINAPI INSUMOS'!B:J,7,0),VLOOKUP(B138,'SINAPI COMP'!B:M,8,0))), VLOOKUP(B138,'OUTRAS BASES'!C:D,2,0))","v":198.35},198.35]
["Insumo"," H020050001 ","EMBASA","UNIDADE DE ENSAIO E BOMBEAMENTO - UEB1 ATE 150M3 NO SEDIMENTO","Material",null,"H",1,{"$f":"IF(C139=\"SINAPI\", IF( IF(A139=\"Insumo\", VLOOKUP(B139,'SINAPI INSUMOS'!B:J,7,0), VLOOKUP(B139,'SINAPI COMP'!B:M,8,0))=0,VLOOKUP(B139,'OUTRAS BASES'!C:D,2,0),IF(A139=\"Insumo\", VLOOKUP(B139,'SINAPI INSUMOS'!B:J,7,0),VLOOKUP(B139,'SINAPI COMP'!B:M,8,0))), VLOOKUP(B139,'OUTRAS BASES'!C:D,2,0))","v":64.92},64.92]
[]
[]
[]
[]
[" 5 ",null,null,"RESERVAÇÃO"]
[" 5.1 ","Código","Banco","Descrição","Tipo",null,"Und","Quant.","Valor Unit","Total"]
["Composição","COMPOSIÇÃO - 11","Próprio","Fornecimento e instalação de reservatório e base elevada 10 m³","ASTU - ASSENTAMENTO DE TUBOS E PECAS",null,"un",1,{"$f":"SUM(J147:J168)","v":19917.672955000002},{"$f":"I146*H146","v":19917.672955000002}]
["Composição Auxiliar",92759,"SINAPI","ARMAÇÃO DE PILAR OU VIGA DE ESTRUTURA CONVENCIONAL DE CONCRETO ARMADO UTILIZANDO AÇO CA-60 DE 5,0 MM - MONTAGEM. AF_06/2022","Armação para Estruturas de Concreto Armado",null,"KG",17.2,{"$f":"IF(C147=\"SINAPI\", IF( IF(A147=\"Insumo\", VLOOKUP(B147,'SINAPI INSUMOS'!B:J,7,0), VLOOKUP(B147,'SINAPI COMP'!B:M,8,0))=0,VLOOKUP(B147,'OUTRAS BASES'!C:D,2,0),IF(A147=\"Insumo\", VLOOKUP(B147,'SINAPI INSUMOS'!B:J,7,0),VLOOKUP(B147,'SINAPI COMP'!B:M,8,0))), VLOOKUP(B147,'OUTRAS BASES'!C:D,2,0))","v":14.26},245.27199999999999]
["Composição Auxiliar",92761,"SINAPI","ARMAÇÃO DE PILAR OU VIGA DE ESTRUTURA CONVENCIONAL DE CONCRETO ARMADO UTILIZANDO AÇO CA-50 DE 8,0 MM - MONTAGEM. AF_06/2022","Armação para Estruturas de Concreto Armado",null,"KG",30.4,{"$f":"IF(C148=\"SINAPI\", IF( IF(A148=\"Insumo\", VLOOKUP(B148,'SINAPI INSUMOS'!B:J,7,0), VLOOKUP(B148,'SINAPI COMP'!B:M,8,0))=0,VLOOKUP(B148,'OUTRAS BASES'!C:D,2,0),IF(A148=\"Insumo\", VLOOKUP(B148,'SINAPI INSUMOS'!B:J,7,0),VLOOKUP(B148,'SINAPI COMP'!B:M,8,0))), VLOOKUP(B148,'OUTRAS BASES'!C:D,2,0))","v":11.99},364.49599999999998]
["Composição Auxiliar",92768,"SINAPI","ARMAÇÃO DE LAJE DE ESTRUTURA CONVENCIONAL DE CONCRETO ARMADO UTILIZANDO AÇO CA-60 DE 5,0 MM - MONTAGEM. AF_06/2022","Armação para Estruturas de Concreto Armado",null,"KG",11.9,{"$f":"IF(C149=\"SINAPI\", IF( IF(A149=\"Insumo\", VLOOKUP(B149,'SINAPI INSUMOS'!B:J,7,0), VLOOKUP(B149,'SINAPI COMP'!B:M,8,0))=0,VLOOKUP(B149,'OUTRAS BASES'!C:D,2,0),IF(A149=\"Insumo\", VLOOKUP(B149,'SINAPI INSUMOS'!B:J,7,0),VLOOKUP(B149,'SINAPI COMP'!B:M,8,0))), VLOOKUP(B149,'OUTRAS BASES'!C:D,2,0))","v":13.61},161.959]
["Composição Auxiliar",92770,"SINAPI","ARMAÇÃO DE LAJE DE ESTRUTURA CONVENCIONAL DE CONCRETO ARMADO UTILIZANDO AÇO CA-50 DE 8,0 MM - MONTAGEM. AF_06/2022","Armação para Estruturas de Concreto Armado",null,"KG",48,{"$f":"IF(C150=\"SINAPI\", IF( IF(A150=\"Insumo\", VLOOKUP(B150,'SINAPI INSUMOS'!B:J,7,0), VLOOKUP(B150,'SINAPI COMP'!B:M,8,0))=0,VLOOKUP(B150,'OUTRAS BASES'!C:D,2,0),IF(A150=\"Insumo\", VLOOKUP(B150,'SINAPI INSUMOS'!B:J,7,0),VLOOKUP(B150,'SINAPI COMP'!B:M,8,0))), VLOOKUP(B150,'OUTRAS BASES'!C:D,2,0))","v":11.41},547.68000000000006]
["Composição Auxiliar",93358,"SINAPI","ESCAVAÇÃO MANUAL DE VALA COM PROFUNDIDADE MENOR OU IGUAL A 1,30 M. AF_02/2021","Escavação de Valas",null,"m³",5.2,{"$f":"IF(C151=\"SINAPI\", IF( IF(A151=\"Insumo\", VLOOKUP(B151,'SINAPI INSUMOS'!B:J,7,0), VLOOKUP(B151,'SINAPI COMP'!B:M,8,0))=0,VLOOKUP(B151,'OUTRAS BASES'!C:D,2,0),IF(A151=\"Insumo\", VLOOKUP(B151,'SINAPI INSUMOS'!B:J,7,0),VLOOKUP(B151,'SINAPI COMP'!B:M,8,0))), VLOOKUP(B151,'OUTRAS BASES'!C:D,2,0))","v":98.65},512.98]
["Composição Auxiliar",92763,"SINAPI","ARMAÇÃO DE PILAR OU VIGA DE ESTRUTURA CONVENCIONAL DE CONCRETO ARMADO UTILIZANDO AÇO CA-50 DE 12,5 MM - MONTAGEM. AF_06/2022","Armação para Estruturas de Concreto Armado",null,"KG",118.4,{"$f":"IF(C152=\"SINAPI\", IF( IF(A152=\"Insumo\", VLOOKUP(B152,'SINAPI INSUMOS'!B:J,7,0), VLOOKUP(B152,'SINAPI COMP'!B:M,8,0))=0,VLOOKUP(B152,'OUTRAS BASES'!C:D,2,0),IF(A152=\"Insumo\", VLOOKUP(B152,'SINAPI INSUMOS'!B:J,7,0),VLOOKUP(B152,'SINAPI COMP'!B:M,8,0))), VLOOKUP(B152,'OUTRAS BASES'!C:D,2,0))","v":8.7799999999999994},1039.5519999999999]
["Composição Auxiliar",94970,"SINAPI","CONCRETO FCK = 20MPA, TRAÇO 1:2,7:3 (EM MASSA SECA DE CIMENTO/ AREIA MÉDIA/ BRITA 1) - PREPARO MECÂNICO COM BETONEIRA 600 L. AF_05/2021","Produção de Concreto",null,"m³",4.8899999999999997,{"$f":"IF(C153=\"SINAPI\", IF( IF(A153=\"Insumo\", VLOOKUP(B153,'SINAPI INSUMOS'!B:J,7,0), VLOOKUP(B153,'SINAPI COMP'!B:M,8,0))=0,VLOOKUP(B153,'OUTRAS BASES'!C:D,2,0),IF(A153=\"Insumo\", VLOOKUP(B153,'SINAPI INSUMOS'!B:J,7,0),VLOOKUP(B153,'SINAPI COMP'!B:M,8,0))), VLOOKUP(B153,'OUTRAS BASES'!C:D,2,0))","v":585.45000000000005},2862.8505]
["Composição Auxiliar",103670,"SINAPI","LANÇAMENTO COM USO DE BALDES, ADENSAMENTO E ACABAMENTO DE CONCRETO EM ESTRUTURAS. AF_02/2022","Concretagem para Estruturas de Concreto Armado",null,"m³",6.85,{"$f":"IF(C154=\"SINAPI\", IF( IF(A154=\"Insumo\", VLOOKUP(B154,'SINAPI INSUMOS'!B:J,7,0), VLOOKUP(B154,'SINAPI COMP'!B:M,8,0))=0,VLOOKUP(B154,'OUTRAS BASES'!C:D,2,0),IF(A154=\"Insumo\", VLOOKUP(B154,'SINAPI INSUMOS'!B:J,7,0),VLOOKUP(B154,'SINAPI COMP'!B:M,8,0))), VLOOKUP(B154,'OUTRAS BASES'!C:D,2,0))","v":345.76},2368.4559999999997]
["Composição Auxiliar",84651,"SINAPI","PINTURA COM TINTA IMPERMEAVEL MINERAL EM PO, DUAS DEMAOS","PINT - PINTURAS",null,"m²",28.27,{"$f":"IF(C155=\"SINAPI\", IF( IF(A155=\"Insumo\", VLOOKUP(B155,'SINAPI INSUMOS'!B:J,7,0), VLOOKUP(B155,'SINAPI COMP'!B:M,8,0))=0,VLOOKUP(B155,'OUTRAS BASES'!C:D,2,0),IF(A155=\"Insumo\", VLOOKUP(B155,'SINAPI INSUMOS'!B:J,7,0),VLOOKUP(B155,'SINAPI COMP'!B:M,8,0))), VLOOKUP(B155,'OUTRAS BASES'!C:D,2,0))","v":15.416499999999999},435.82445499999994]
["Composição Auxiliar",90776,"SINAPI","ENCARREGADO GERAL COM ENCARGOS COMPLEMENTARES","Livro SINAPI: Cálculos e Parâmetros",null,"H",1,{"$f":"IF(C156=\"SINAPI\", IF( IF(A156=\"Insumo\", VLOOKUP(B156,'SINAPI INSUMOS'!B:J,7,0), VLOOKUP(B156,'SINAPI COMP'!B:M,8,0))=0,VLOOKUP(B156,'OUTRAS BASES'!C:D,2,0),IF(A156=\"Insumo\", VLOOKUP(B156,'SINAPI INSUMOS'!B:J,7,0),VLOOKUP(B156,'SINAPI COMP'!B:M,8,0))), VLOOKUP(B156,'OUTRAS BASES'!C:D,2,0))","v":26.51},26.51]
["Composição Auxiliar",102482,"SINAPI","CONCRETO FCK = 25MPA, TRAÇO 1:2,2:2,5 (EM MASSA SECA DE CIMENTO/ AREIA MÉDIA/ SEIXO ROLADO) - PREPARO MECÂNICO COM BETONEIRA 600 L. AF_05/2021","Produção de Concreto",null,"m³",1.96,{"$f":"IF(C157=\"SINAPI\", IF( IF(A157=\"Insumo\", VLOOKUP(B157,'SINAPI INSUMOS'!B:J,7,0), VLOOKUP(B157,'SINAPI COMP'!B:M,8,0))=0,VLOOKUP(B157,'OUTRAS BASES'!C:D,2,0),IF(A157=\"Insumo\", VLOOKUP(B157,'SINAPI INSUMOS'!B:J,7,0),VLOOKUP(B157,'SINAPI COMP'!B:M,8,0))), VLOOKUP(B157,'OUTRAS BASES'!C:D,2,0))","v":895.69},1755.5524]
["Composição Auxiliar",92263,"SINAPI","FABRICAÇÃO DE FÔRMA PARA PILARES E ESTRUTURAS SIMILARES, EM CHAPA DE MADEIRA COMPENSADA RESINADA, E = 17 MM. AF_09/2020","Fôrmas para Estruturas de Concreto Armado",null,"m²",25.19,{"$f":"IF(C158=\"SINAPI\", IF( IF(A158=\"Insumo\", VLOOKUP(B158,'SINAPI INSUMOS'!B:J,7,0), VLOOKUP(B158,'SINAPI COMP'!B:M,8,0))=0,VLOOKUP(B158,'OUTRAS BASES'!C:D,2,0),IF(A158=\"Insumo\", VLOOKUP(B158,'SINAPI INSUMOS'!B:J,7,0),VLOOKUP(B158,'SINAPI COMP'!B:M,8,0))), VLOOKUP(B158,'OUTRAS BASES'!C:D,2,0))","v":150.99},3803.4381000000003]
["Composição Auxiliar",88267,"SINAPI","ENCANADOR OU BOMBEIRO HIDRÁULICO COM ENCARGOS COMPLEMENTARES","Livro SINAPI: Cálculos e Parâmetros",null,"H",4,{"$f":"IF(C159=\"SINAPI\", IF( IF(A159=\"Insumo\", VLOOKUP(B159,'SINAPI INSUMOS'!B:J,7,0), VLOOKUP(B159,'SINAPI COMP'!B:M,8,0))=0,VLOOKUP(B159,'OUTRAS BASES'!C:D,2,0),IF(A159=\"Insumo\", VLOOKUP(B159,'SINAPI INSUMOS'!B:J,7,0),VLOOKUP(B159,'SINAPI COMP'!B:M,8,0))), VLOOKUP(B159,'OUTRAS BASES'!C:D,2,0))","v":31.96},127.84]
["Composição Auxiliar",88248,"SINAPI","AUXILIAR DE ENCANADOR OU BOMBEIRO HIDRÁULICO COM ENCARGOS COMPLEMENTARES","Livro SINAPI: Cálculos e Parâmetros",null,"H",4,{"$f":"IF(C160=\"SINAPI\", IF( IF(A160=\"Insumo\", VLOOKUP(B160,'SINAPI INSUMOS'!B:J,7,0), VLOOKUP(B160,'SINAPI COMP'!B:M,8,0))=0,VLOOKUP(B160,'OUTRAS BASES'!C:D,2,0),IF(A160=\"Insumo\", VLOOKUP(B160,'SINAPI INSUMOS'!B:J,7,0),VLOOKUP(B160,'SINAPI COMP'!B:M,8,0))), VLOOKUP(B160,'OUTRAS BASES'!C:D,2,0))","v":25.26},101.04]
["Insumo",3146,"SINAPI","FITA VEDA ROSCA EM ROLOS DE 18 MM X 10 M (L X C)","Material",null,"UN",0.18,{"$f":"IF(C161=\"SINAPI\", IF( IF(A161=\"Insumo\", VLOOKUP(B161,'SINAPI INSUMOS'!B:J,7,0), VLOOKUP(B161,'SINAPI COMP'!B:M,8,0))=0,VLOOKUP(B161,'OUTRAS BASES'!C:D,2,0),IF(A161=\"Insumo\", VLOOKUP(B161,'SINAPI INSUMOS'!B:J,7,0),VLOOKUP(B161,'SINAPI COMP'!B:M,8,0))), VLOOKUP(B161,'OUTRAS BASES'!C:D,2,0))","v":4.5},0.80999999999999994]
["Insumo",37106,"SINAPI","CAIXA D'AGUA / RESERVATORIO EM POLIESTER REFORCADO COM FIBRA DE VIDRO, 10000 LITROS, COM TAMPA","Material",null,"UN",1,{"$f":"IF(C162=\"SINAPI\", IF( IF(A162=\"Insumo\", VLOOKUP(B162,'SINAPI INSUMOS'!B:J,7,0), VLOOKUP(B162,'SINAPI COMP'!B:M,8,0))=0,VLOOKUP(B162,'OUTRAS BASES'!C:D,2,0),IF(A162=\"Insumo\", VLOOKUP(B162,'SINAPI INSUMOS'!B:J,7,0),VLOOKUP(B162,'SINAPI COMP'!B:M,8,0))), VLOOKUP(B162,'OUTRAS BASES'!C:D,2,0))","v":5304.56},5304.56]
["Insumo",14073,"ORSE","CURVA 90º PVC D=50MM, LINHA IRRIGA-LF, TIGRE OU SIMILAR","Material",null,"UM",3,{"$f":"IF(C163=\"SINAPI\", IF( IF(A163=\"Insumo\", VLOOKUP(B163,'SINAPI INSUMOS'!B:J,7,0), VLOOKUP(B163,'SINAPI COMP'!B:M,8,0))=0,VLOOKUP(B163,'OUTRAS BASES'!C:D,2,0),IF(A163=\"Insumo\", VLOOKUP(B163,'SINAPI INSUMOS'!B:J,7,0),VLOOKUP(B163,'SINAPI COMP'!B:M,8,0))), VLOOKUP(B163,'OUTRAS BASES'!C:D,2,0))","v":8.1},24.299999999999997]
["Insumo",14068,"ORSE","Tubo PVC para irrigação LF PN 80 Ø 50mm, linha Irriga-LF, Tigre ou similar","Material",null,"UN",15.2,{"$f":"IF(C164=\"SINAPI\", IF( IF(A164=\"Insumo\", VLOOKUP(B164,'SINAPI INSUMOS'!B:J,7,0), VLOOKUP(B164,'SINAPI COMP'!B:M,8,0))=0,VLOOKUP(B164,'OUTRAS BASES'!C:D,2,0),IF(A164=\"Insumo\", VLOOKUP(B164,'SINAPI INSUMOS'!B:J,7,0),VLOOKUP(B164,'SINAPI COMP'!B:M,8,0))), VLOOKUP(B164,'OUTRAS BASES'!C:D,2,0))","v":9.27},140.904]
["Insumo",1434,"ORSE","Luva pvc rigido roscavel d=2 \"","Material",null,"UN",1,{"$f":"IF(C165=\"SINAPI\", IF( IF(A165=\"Insumo\", VLOOKUP(B165,'SINAPI INSUMOS'!B:J,7,0), VLOOKUP(B165,'SINAPI COMP'!B:M,8,0))=0,VLOOKUP(B165,'OUTRAS BASES'!C:D,2,0),IF(A165=\"Insumo\", VLOOKUP(B165,'SINAPI INSUMOS'!B:J,7,0),VLOOKUP(B165,'SINAPI COMP'!B:M,8,0))), VLOOKUP(B165,'OUTRAS BASES'!C:D,2,0))","v":28.58},28.58]
["Insumo",90,"ORSE","Adaptador curto, pvc rigido soldavel,  c/ bolsa e rosca p/  registro, d=  50mm x 1 1/2”","Material",null,"UN",1,{"$f":"IF(C166=\"SINAPI\", IF( IF(A166=\"Insumo\", VLOOKUP(B166,'SINAPI INSUMOS'!B:J,7,0), VLOOKUP(B166,'SINAPI COMP'!B:M,8,0))=0,VLOOKUP(B166,'OUTRAS BASES'!C:D,2,0),IF(A166=\"Insumo\", VLOOKUP(B166,'SINAPI INSUMOS'!B:J,7,0),VLOOKUP(B166,'SINAPI COMP'!B:M,8,0))), VLOOKUP(B166,'OUTRAS BASES'!C:D,2,0))","v":4.2},4.2]
["Insumo",99,"SINAPI","ADAPTADOR PVC SOLDAVEL, COM FLANGE E ANEL DE VEDACAO, 50 MM X 1 1/2\", PARA CAIXA D'AGUA","Material",null,"UN",2,{"$f":"IF(C167=\"SINAPI\", IF( IF(A167=\"Insumo\", VLOOKUP(B167,'SINAPI INSUMOS'!B:J,7,0), VLOOKUP(B167,'SINAPI COMP'!B:M,8,0))=0,VLOOKUP(B167,'OUTRAS BASES'!C:D,2,0),IF(A167=\"Insumo\", VLOOKUP(B167,'SINAPI INSUMOS'!B:J,7,0),VLOOKUP(B167,'SINAPI COMP'!B:M,8,0))), VLOOKUP(B167,'OUTRAS BASES'!C:D,2,0))","v":28.29},56.58]
["Insumo",119,"SINAPI","ADESIVO PLASTICO PARA PVC, BISNAGA COM 75 GR","Material",null,"UN",0.45,{"$f":"IF(C168=\"SINAPI\", IF( IF(A168=\"Insumo\", VLOOKUP(B168,'SINAPI INSUMOS'!B:J,7,0), VLOOKUP(B168,'SINAPI COMP'!B:M,8,0))=0,VLOOKUP(B168,'OUTRAS BASES'!C:D,2,0),IF(A168=\"Insumo\", VLOOKUP(B168,'SINAPI INSUMOS'!B:J,7,0),VLOOKUP(B168,'SINAPI COMP'!B:M,8,0))), VLOOKUP(B168,'OUTRAS BASES'!C:D,2,0))","v":9.5299999999999994},4.2885]
[]
[]
[]
[]
[" 5.2 ","Código","Banco","Descrição","Tipo",null,"Und","Quant.","Valor Unit","Total"]
["Composição","COMPOSIÇÃO - 12","Próprio","Fornecimento e execução de reservatório apoiado de 5 m³","SEDI - SERVIÇOS DIVERSOS",null,"un",1,{"$f":"SUM(J175:J184)","v":8034.1740250000003},{"$f":"I174*H174","v":8034.1740250000003}]
["Composição Auxiliar",88309,"SINAPI","PEDREIRO COM ENCARGOS COMPLEMENTARES","Livro SINAPI: Cálculos e Parâmetros",null,"H",3,{"$f":"IF(C175=\"SINAPI\", IF( IF(A175=\"Insumo\", VLOOKUP(B175,'SINAPI INSUMOS'!B:J,7,0), VLOOKUP(B175,'SINAPI COMP'!B:M,8,0))=0,VLOOKUP(B175,'OUTRAS BASES'!C:D,2,0),IF(A175=\"Insumo\", VLOOKUP(B175,'SINAPI INSUMOS'!B:J,7,0),VLOOKUP(B175,'SINAPI COMP'!B:M,8,0))), VLOOKUP(B175,'OUTRAS BASES'!C:D,2,0))","v":32.69},98.07]
["Composição Auxiliar",88316,"SINAPI","SERVENTE COM ENCARGOS COMPLEMENTARES","Livro SINAPI: Cálculos e Parâmetros",null,"H",3,{"$f":"IF(C176=\"SINAPI\", IF( IF(A176=\"Insumo\", VLOOKUP(B176,'SINAPI INSUMOS'!B:J,7,0), VLOOKUP(B176,'SINAPI COMP'!B:M,8,0))=0,VLOOKUP(B176,'OUTRAS BASES'!C:D,2,0),IF(A176=\"Insumo\", VLOOKUP(B176,'SINAPI INSUMOS'!B:J,7,0),VLOOKUP(B176,'SINAPI COMP'!B:M,8,0))), VLOOKUP(B176,'OUTRAS BASES'!C:D,2,0))","v":24.94},74.820000000000007]
["Composição Auxiliar",102617,"SINAPI","CAIXA D´ÁGUA EM POLIÉSTER REFORÇADO COM FIBRA DE VIDRO, 5000 LITROS - FORNECIMENTO E INSTALAÇÃO. AF_06/2021","Caixas de Água para Edificações",null,"UN",1,{"$f":"IF(C177=\"SINAPI\", IF( IF(A177=\"Insumo\", VLOOKUP(B177,'SINAPI INSUMOS'!B:J,7,0), VLOOKUP(B177,'SINAPI COMP'!B:M,8,0))=0,VLOOKUP(B177,'OUTRAS BASES'!C:D,2,0),IF(A177=\"Insumo\", VLOOKUP(B177,'SINAPI INSUMOS'!B:J,7,0),VLOOKUP(B177,'SINAPI COMP'!B:M,8,0))), VLOOKUP(B177,'OUTRAS BASES'!C:D,2,0))","v":3634.79},3634.79]
["Composição Auxiliar",92767,"SINAPI","ARMAÇÃO DE LAJE DE UMA ESTRUTURA CONVENCIONAL DE CONCRETO ARMADO UTILIZANDO AÇO CA-60 DE 4,2 MM - MONTAGEM. AF_12/2015","FUES - FUNDAÇÕES E ESTRUTURAS",null,"KG",3.04,{"$f":"IF(C178=\"SINAPI\", IF( IF(A178=\"Insumo\", VLOOKUP(B178,'SINAPI INSUMOS'!B:J,7,0), VLOOKUP(B178,'SINAPI COMP'!B:M,8,0))=0,VLOOKUP(B178,'OUTRAS BASES'!C:D,2,0),IF(A178=\"Insumo\", VLOOKUP(B178,'SINAPI INSUMOS'!B:J,7,0),VLOOKUP(B178,'SINAPI COMP'!B:M,8,0))), VLOOKUP(B178,'OUTRAS BASES'!C:D,2,0))","v":15.85},48.183999999999997]
["Composição Auxiliar",104917,"SINAPI","ARMAÇAO DE SAPATA ISOLADA, VIGA BALDRAME E SAPATA CORRIDA UTILIZANDO AÇO CA-50 DE 6,3 MM - MONTAGEM AD_01/2024","FUES - FUNDAÇÕES E ESTRUTURAS",null,"KG",9.3000000000000007,{"$f":"IF(C179=\"SINAPI\", IF( IF(A179=\"Insumo\", VLOOKUP(B179,'SINAPI INSUMOS'!B:J,7,0), VLOOKUP(B179,'SINAPI COMP'!B:M,8,0))=0,VLOOKUP(B179,'OUTRAS BASES'!C:D,2,0),IF(A179=\"Insumo\", VLOOKUP(B179,'SINAPI INSUMOS'!B:J,7,0),VLOOKUP(B179,'SINAPI COMP'!B:M,8,0))), VLOOKUP(B179,'OUTRAS BASES'!C:D,2,0))","v":15.64},145.45200000000003]
["Composição Auxiliar",92760,"SINAPI","ARMAÇÃO DE PILAR OU VIGA DE ESTRTURA CONVENCIONAL DE CONCRETO ARMADO UTILIZANDO AÇO CA-50 DE 6,3 MM - MONTAGEM. AF_12/2015","FUES - FUNDAÇÕES E ESTRUTURAS",null,"KG",16.3,{"$f":"IF(C180=\"SINAPI\", IF( IF(A180=\"Insumo\", VLOOKUP(B180,'SINAPI INSUMOS'!B:J,7,0), VLOOKUP(B180,'SINAPI COMP'!B:M,8,0))=0,VLOOKUP(B180,'OUTRAS BASES'!C:D,2,0),IF(A180=\"Insumo\", VLOOKUP(B180,'SINAPI INSUMOS'!B:J,7,0),VLOOKUP(B180,'SINAPI COMP'!B:M,8,0))), VLOOKUP(B180,'OUTRAS BASES'!C:D,2,0))","v":13.06},212.87800000000001]
["Composição Auxiliar",94964,"SINAPI","CONCRETO FCK = 20MPA, TRAÇO 1:2,7:3 (EM MASSA SECA DE CIMENTO/ AREIA MÉDIA/ BRITA 1) - PREPARO MECÂNICO COM BETONEIRA 400 L. AF_05/2021","Produção de Concreto",null,"m³",1.56,{"$f":"IF(C181=\"SINAPI\", IF( IF(A181=\"Insumo\", VLOOKUP(B181,'SINAPI INSUMOS'!B:J,7,0), VLOOKUP(B181,'SINAPI COMP'!B:M,8,0))=0,VLOOKUP(B181,'OUTRAS BASES'!C:D,2,0),IF(A181=\"Insumo\", VLOOKUP(B181,'SINAPI INSUMOS'!B:J,7,0),VLOOKUP(B181,'SINAPI COMP'!B:M,8,0))), VLOOKUP(B181,'OUTRAS BASES'!C:D,2,0))","v":600.89},937.38840000000005]
["Composição Auxiliar",84651,"SINAPI","PINTURA COM TINTA IMPERMEAVEL MINERAL EM PO, DUAS DEMAOS","PINT - PINTURAS",null,"m²",7.85,{"$f":"IF(C182=\"SINAPI\", IF( IF(A182=\"Insumo\", VLOOKUP(B182,'SINAPI INSUMOS'!B:J,7,0), VLOOKUP(B182,'SINAPI COMP'!B:M,8,0))=0,VLOOKUP(B182,'OUTRAS BASES'!C:D,2,0),IF(A182=\"Insumo\", VLOOKUP(B182,'SINAPI INSUMOS'!B:J,7,0),VLOOKUP(B182,'SINAPI COMP'!B:M,8,0))), VLOOKUP(B182,'OUTRAS BASES'!C:D,2,0))","v":15.416499999999999},121.01952499999999]
["Composição Auxiliar",92263,"SINAPI","FABRICAÇÃO DE FÔRMA PARA PILARES E ESTRUTURAS SIMILARES, EM CHAPA DE MADEIRA COMPENSADA RESINADA, E = 17 MM. AF_09/2020","FUES - FUNDAÇÕES E ESTRUTURAS",null,"KG",16.989999999999998,{"$f":"IF(C183=\"SINAPI\", IF( IF(A183=\"Insumo\", VLOOKUP(B183,'SINAPI INSUMOS'!B:J,7,0), VLOOKUP(B183,'SINAPI COMP'!B:M,8,0))=0,VLOOKUP(B183,'OUTRAS BASES'!C:D,2,0),IF(A183=\"Insumo\", VLOOKUP(B183,'SINAPI INSUMOS'!B:J,7,0),VLOOKUP(B183,'SINAPI COMP'!B:M,8,0))), VLOOKUP(B183,'OUTRAS BASES'!C:D,2,0))","v":150.99},2565.3200999999999]
["Composição Auxiliar",92770,"SINAPI","ARMAÇÃO DE LAJE DE UMA ESTRUTURA CONVENCIONAL DE CONCRETO ARMADO UTILIZANDO AÇO CA-50 DE 8,0 MM - MONTAGEM. AF_06/2022","FUES - FUNDAÇÕES E ESTRUTURAS",null,"KG",17.2,{"$f":"IF(C184=\"SINAPI\", IF( IF(A184=\"Insumo\", VLOOKUP(B184,'SINAPI INSUMOS'!B:J,7,0), VLOOKUP(B184,'SINAPI COMP'!B:M,8,0))=0,VLOOKUP(B184,'OUTRAS BASES'!C:D,2,0),IF(A184=\"Insumo\", VLOOKUP(B184,'SINAPI INSUMOS'!B:J,7,0),VLOOKUP(B184,'SINAPI COMP'!B:M,8,0))), VLOOKUP(B184,'OUTRAS BASES'!C:D,2,0))","v":11.41},196.25199999999998]
[]
[]
[]
[]
[" 6 ",null,null,"BEBEDOURO"]
[" 6.1 ","Código","Banco","Descrição","Tipo",null,"Und","Quant.","Valor Unit","Total"]
["Composição","COMPOSIÇÃO - 13","Próprio","Serviço de execução do bebedouro em concreto armado, incluso materiais.","SEDI - SERVIÇOS DIVERSOS",null,"un",1,{"$f":"SUM(J192:J197)","v":1677.3997400000001},{"$f":"I191*H191","v":1677.3997400000001}]
["Composição Auxiliar",92916,"SINAPI","ARMAÇÃODE ESTRUTURAS DIVERSAS DE CONCRETO ARMADO, EXCETO VIGA, PILARES, LAJES E FUNDAÇÕES, UTILIZANDO AÇO CA-50 DE 6,3 MM - MONTAGEM. AF_06/2022","Armação para Estruturas de Concreto Armado",null,"KG",6,{"$f":"IF(C192=\"SINAPI\", IF( IF(A192=\"Insumo\", VLOOKUP(B192,'SINAPI INSUMOS'!B:J,7,0), VLOOKUP(B192,'SINAPI COMP'!B:M,8,0))=0,VLOOKUP(B192,'OUTRAS BASES'!C:D,2,0),IF(A192=\"Insumo\", VLOOKUP(B192,'SINAPI INSUMOS'!B:J,7,0),VLOOKUP(B192,'SINAPI COMP'!B:M,8,0))), VLOOKUP(B192,'OUTRAS BASES'!C:D,2,0))","v":15.4},92.4]
["Composição Auxiliar",92915,"SINAPI","ARMAÇÃODE ESTRUTURAS DIVERSAS DE CONCRETO ARMADO, EXCETO VIGA, PILARES, LAJES E FUNDAÇÕES, UTILIZANDO AÇO CA-60 DE 5,0 MM - MONTAGEM. AF_06/2022","Armação para Estruturas de Concreto Armado",null,"KG",13,{"$f":"IF(C193=\"SINAPI\", IF( IF(A193=\"Insumo\", VLOOKUP(B193,'SINAPI INSUMOS'!B:J,7,0), VLOOKUP(B193,'SINAPI COMP'!B:M,8,0))=0,VLOOKUP(B193,'OUTRAS BASES'!C:D,2,0),IF(A193=\"Insumo\", VLOOKUP(B193,'SINAPI INSUMOS'!B:J,7,0),VLOOKUP(B193,'SINAPI COMP'!B:M,8,0))), VLOOKUP(B193,'OUTRAS BASES'!C:D,2,0))","v":17.43},226.59]
["Composição Auxiliar",92921,"SINAPI","ARMAÇÃODE ESTRUTURAS DIVERSAS DE CONCRETO ARMADO, EXCETO VIGA, PILARES, LAJES E FUNDAÇÕES, UTILIZANDO AÇO CA-50 DE 12,5 MM - MONTAGEM. AF_06/2022","Armação para Estruturas de Concreto Armado",null,"KG",12,{"$f":"IF(C194=\"SINAPI\", IF( IF(A194=\"Insumo\", VLOOKUP(B194,'SINAPI INSUMOS'!B:J,7,0), VLOOKUP(B194,'SINAPI COMP'!B:M,8,0))=0,VLOOKUP(B194,'OUTRAS BASES'!C:D,2,0),IF(A194=\"Insumo\", VLOOKUP(B194,'SINAPI INSUMOS'!B:J,7,0),VLOOKUP(B194,'SINAPI COMP'!B:M,8,0))), VLOOKUP(B194,'OUTRAS BASES'!C:D,2,0))","v":9.5399999999999991},114.47999999999999]
["Composição Auxiliar",94971,"SINAPI","CONCRETO FCK = 25MPA, TRAÇO 1:2,3:2:2,7(EM MASSA SECA DE CIMENTO, AREIA MÉDIA, BRITA 1) - PREPARO MECÂNICO COM BETONEIRA 600l. AF_05/2021","Produção de concreto",null,"m³",0.374,{"$f":"IF(C195=\"SINAPI\", IF( IF(A195=\"Insumo\", VLOOKUP(B195,'SINAPI INSUMOS'!B:J,7,0), VLOOKUP(B195,'SINAPI COMP'!B:M,8,0))=0,VLOOKUP(B195,'OUTRAS BASES'!C:D,2,0),IF(A195=\"Insumo\", VLOOKUP(B195,'SINAPI INSUMOS'!B:J,7,0),VLOOKUP(B195,'SINAPI COMP'!B:M,8,0))), VLOOKUP(B195,'OUTRAS BASES'!C:D,2,0))","v":603.91},225.86233999999999]
["Composição Auxiliar",92263,"SINAPI","FABRICAÇÃO DE FÔRMA PARA PILARES E ESTRUTURAS SIMILARES, EM CHAPA DE MADEIRA COMPENSADA RESINADA, E = 17 MM. AF_09/2020","FUES - FUNDAÇÕES E ESTRUTURAS",null,"m²",6.21,{"$f":"IF(C196=\"SINAPI\", IF( IF(A196=\"Insumo\", VLOOKUP(B196,'SINAPI INSUMOS'!B:J,7,0), VLOOKUP(B196,'SINAPI COMP'!B:M,8,0))=0,VLOOKUP(B196,'OUTRAS BASES'!C:D,2,0),IF(A196=\"Insumo\", VLOOKUP(B196,'SINAPI INSUMOS'!B:J,7,0),VLOOKUP(B196,'SINAPI COMP'!B:M,8,0))), VLOOKUP(B196,'OUTRAS BASES'!C:D,2,0))","v":150.99},937.64790000000005]
["Composição Auxiliar","15.07.09","EMBASA","PINTURA LÁTEX ACRÍLICA, APLICAÇÃO MANUAL EM DUAS DEMÃOS ","EDIFICAÇÕES",null,"m² ",6.21,{"$f":"IF(C197=\"SINAPI\", IF( IF(A197=\"Insumo\", VLOOKUP(B197,'SINAPI INSUMOS'!B:J,7,0), VLOOKUP(B197,'SINAPI COMP'!B:M,8,0))=0,VLOOKUP(B197,'OUTRAS BASES'!C:D,2,0),IF(A197=\"Insumo\", VLOOKUP(B197,'SINAPI INSUMOS'!B:J,7,0),VLOOKUP(B197,'SINAPI COMP'!B:M,8,0))), VLOOKUP(B197,'OUTRAS BASES'!C:D,2,0))","v":12.95},80.419499999999999]
[]
[]
[]
[" 7 ",null,null,"CHAFARIZ"]
[" 7.1 ","Código","Banco","Descrição","Tipo",null,"Und","Quant.","Valor Unit","Total"]
["Composição","COMPOSIÇÃO - 14","Próprio","Fornecimento de material e instalação do chafariz","ASTU - ASSENTAMENTO DE TUBOS E PECAS",null,"un",1,{"$f":"SUM(J204:J222)","v":970.35643226999991},{"$f":"I203*H203","v":970.35643226999991}]
["Composição Auxiliar",88267,"SINAPI","ENCANADOR OU BOMBEIRO HIDRÁULICO COM ENCARGOS COMPLEMENTARES","Livro SINAPI: Cálculos e Parâmetros",null,"H",2,{"$f":"IF(C204=\"SINAPI\", IF( IF(A204=\"Insumo\", VLOOKUP(B204,'SINAPI INSUMOS'!B:J,7,0), VLOOKUP(B204,'SINAPI COMP'!B:M,8,0))=0,VLOOKUP(B204,'OUTRAS BASES'!C:D,2,0),IF(A204=\"Insumo\", VLOOKUP(B204,'SINAPI INSUMOS'!B:J,7,0),VLOOKUP(B204,'SINAPI COMP'!B:M,8,0))), VLOOKUP(B204,'OUTRAS BASES'!C:D,2,0))","v":31.96},63.92]
["Composição Auxiliar",88248,"SINAPI","AUXILIAR DE ENCANADOR OU BOMBEIRO HIDRÁULICO COM ENCARGOS COMPLEMENTARES","Livro SINAPI: Cálculos e Parâmetros",null,"H",2,{"$f":"IF(C205=\"SINAPI\", IF( IF(A205=\"Insumo\", VLOOKUP(B205,'SINAPI INSUMOS'!B:J,7,0), VLOOKUP(B205,'SINAPI COMP'!B:M,8,0))=0,VLOOKUP(B205,'OUTRAS BASES'!C:D,2,0),IF(A205=\"Insumo\", VLOOKUP(B205,'SINAPI INSUMOS'!B:J,7,0),VLOOKUP(B205,'SINAPI COMP'!B:M,8,0))), VLOOKUP(B205,'OUTRAS BASES'!C:D,2,0))","v":25.26},50.52]
["Composição Auxiliar",93358,"SINAPI","ESCAVAÇÃO MANUAL DE VALA COM PROFUNDIDADE MENOR OU IGUAL A 1,30 M. AF_02/2021","Escavação de Valas",null,"m³",7.8539800000000007E-2,{"$f":"IF(C206=\"SINAPI\", IF( IF(A206=\"Insumo\", VLOOKUP(B206,'SINAPI INSUMOS'!B:J,7,0), VLOOKUP(B206,'SINAPI COMP'!B:M,8,0))=0,VLOOKUP(B206,'OUTRAS BASES'!C:D,2,0),IF(A206=\"Insumo\", VLOOKUP(B206,'SINAPI INSUMOS'!B:J,7,0),VLOOKUP(B206,'SINAPI COMP'!B:M,8,0))), VLOOKUP(B206,'OUTRAS BASES'!C:D,2,0))","v":98.65},7.7479512700000015]
["Composição Auxiliar",96533,"SINAPI","FABRICAÇÃO, MONTAGEM E DESMONTAGEM DE FÔRMA PARA VIGA BALDRAME, EM MADEIRA SERRADA, E=25 MM, 2 UTILIZAÇÕES. AF_01/2024","FUES - FUNDAÇÕES E ESTRUTURAS",null,"m²",0.628,{"$f":"IF(C207=\"SINAPI\", IF( IF(A207=\"Insumo\", VLOOKUP(B207,'SINAPI INSUMOS'!B:J,7,0), VLOOKUP(B207,'SINAPI COMP'!B:M,8,0))=0,VLOOKUP(B207,'OUTRAS BASES'!C:D,2,0),IF(A207=\"Insumo\", VLOOKUP(B207,'SINAPI INSUMOS'!B:J,7,0),VLOOKUP(B207,'SINAPI COMP'!B:M,8,0))), VLOOKUP(B207,'OUTRAS BASES'!C:D,2,0))","v":95.99},60.28172]
["Composição Auxiliar",94963,"SINAPI","CONCRETO FCK = 15MPA, TRAÇO 1:3,4:3,5 (EM MASSA SECA DE CIMENTO/AREIA/MÉDIA/BRITA 1) - PREPARO MECÂNICO COM BETONEIRA 400 L. AF_05/2021","Produção de Concreto",null,"m³",0.157,{"$f":"IF(C208=\"SINAPI\", IF( IF(A208=\"Insumo\", VLOOKUP(B208,'SINAPI INSUMOS'!B:J,7,0), VLOOKUP(B208,'SINAPI COMP'!B:M,8,0))=0,VLOOKUP(B208,'OUTRAS BASES'!C:D,2,0),IF(A208=\"Insumo\", VLOOKUP(B208,'SINAPI INSUMOS'!B:J,7,0),VLOOKUP(B208,'SINAPI COMP'!B:M,8,0))), VLOOKUP(B208,'OUTRAS BASES'!C:D,2,0))","v":567.62},89.116340000000008]
["Composição Auxiliar",87904,"SINAPI","CHAPISCO APLICADO EM ALVENARIA (COM PRESENÇA DE VÃOS) E ESTRUTURAS DE CONCRETO DE FACHADA, COM COLHER DE PEDREIRO.  ARGAMASSA TRAÇO 1:3 COM PREPARO MANUAL. AF_10/2022","Chapisco",null,"m²",0.314,{"$f":"IF(C209=\"SINAPI\", IF( IF(A209=\"Insumo\", VLOOKUP(B209,'SINAPI INSUMOS'!B:J,7,0), VLOOKUP(B209,'SINAPI COMP'!B:M,8,0))=0,VLOOKUP(B209,'OUTRAS BASES'!C:D,2,0),IF(A209=\"Insumo\", VLOOKUP(B209,'SINAPI INSUMOS'!B:J,7,0),VLOOKUP(B209,'SINAPI COMP'!B:M,8,0))), VLOOKUP(B209,'OUTRAS BASES'!C:D,2,0))","v":9.84},3.0897600000000001]
["Composição Auxiliar",87529,"SINAPI","MASSA ÚNICA, EM ARGAMASSA TRAÇO 1:2:8, PREPARO MECÂNICO, APLICADA MANUALMENTE EM PAREDES INTERNAS DE AMBIENTES COM ÁREA ENTRE 5M² E 10M², E = 17,5MM, COM TALISCAS. AF_03/2024","Massa Única Interna",null,"m²",0.314,{"$f":"IF(C210=\"SINAPI\", IF( IF(A210=\"Insumo\", VLOOKUP(B210,'SINAPI INSUMOS'!B:J,7,0), VLOOKUP(B210,'SINAPI COMP'!B:M,8,0))=0,VLOOKUP(B210,'OUTRAS BASES'!C:D,2,0),IF(A210=\"Insumo\", VLOOKUP(B210,'SINAPI INSUMOS'!B:J,7,0),VLOOKUP(B210,'SINAPI COMP'!B:M,8,0))), VLOOKUP(B210,'OUTRAS BASES'!C:D,2,0))","v":44.42},13.947880000000001]
["Composição Auxiliar",84651,"SINAPI","PINTURA COM TINTA IMPERMEAVEL MINERAL EM PO, DUAS DEMAOS","PINT - PINTURAS",null,"m²",0.314,{"$f":"IF(C211=\"SINAPI\", IF( IF(A211=\"Insumo\", VLOOKUP(B211,'SINAPI INSUMOS'!B:J,7,0), VLOOKUP(B211,'SINAPI COMP'!B:M,8,0))=0,VLOOKUP(B211,'OUTRAS BASES'!C:D,2,0),IF(A211=\"Insumo\", VLOOKUP(B211,'SINAPI INSUMOS'!B:J,7,0),VLOOKUP(B211,'SINAPI COMP'!B:M,8,0))), VLOOKUP(B211,'OUTRAS BASES'!C:D,2,0))","v":15.416499999999999},4.8407809999999998]
["Insumo",765,"SINAPI","BUCHA DE REDUCAO DE FERRO GALVANIZADO, COM ROSCA BSP, DE 1\" X 3/4\"","Material",null,"UN",2,{"$f":"IF(C212=\"SINAPI\", IF( IF(A212=\"Insumo\", VLOOKUP(B212,'SINAPI INSUMOS'!B:J,7,0), VLOOKUP(B212,'SINAPI COMP'!B:M,8,0))=0,VLOOKUP(B212,'OUTRAS BASES'!C:D,2,0),IF(A212=\"Insumo\", VLOOKUP(B212,'SINAPI INSUMOS'!B:J,7,0),VLOOKUP(B212,'SINAPI COMP'!B:M,8,0))), VLOOKUP(B212,'OUTRAS BASES'!C:D,2,0))","v":10.43},20.86]
["Insumo",9887,"SINAPI","UNIAO DE FERRO GALVANIZADO, COM ROSCA BSP, COM ASSENTO PLANO, DE 2\"","Material",null,"UN",2,{"$f":"IF(C213=\"SINAPI\", IF( IF(A213=\"Insumo\", VLOOKUP(B213,'SINAPI INSUMOS'!B:J,7,0), VLOOKUP(B213,'SINAPI COMP'!B:M,8,0))=0,VLOOKUP(B213,'OUTRAS BASES'!C:D,2,0),IF(A213=\"Insumo\", VLOOKUP(B213,'SINAPI INSUMOS'!B:J,7,0),VLOOKUP(B213,'SINAPI COMP'!B:M,8,0))), VLOOKUP(B213,'OUTRAS BASES'!C:D,2,0))","v":106.17},212.34]
["Insumo",21013,"SINAPI","TUBO ACO GALVANIZADO COM COSTURA, CLASSE LEVE, DN 50 MM ( 2\"),  E = 3,00 MM,  *4,40* KG/M (NBR 5580)","Material",null,"M",1.8,{"$f":"IF(C214=\"SINAPI\", IF( IF(A214=\"Insumo\", VLOOKUP(B214,'SINAPI INSUMOS'!B:J,7,0), VLOOKUP(B214,'SINAPI COMP'!B:M,8,0))=0,VLOOKUP(B214,'OUTRAS BASES'!C:D,2,0),IF(A214=\"Insumo\", VLOOKUP(B214,'SINAPI INSUMOS'!B:J,7,0),VLOOKUP(B214,'SINAPI COMP'!B:M,8,0))), VLOOKUP(B214,'OUTRAS BASES'!C:D,2,0))","v":67.19},120.94199999999999]
["Insumo",6298,"SINAPI","TE DE FERRO GALVANIZADO, DE 2\"","Material",null,"UN",1,{"$f":"IF(C215=\"SINAPI\", IF( IF(A215=\"Insumo\", VLOOKUP(B215,'SINAPI INSUMOS'!B:J,7,0), VLOOKUP(B215,'SINAPI COMP'!B:M,8,0))=0,VLOOKUP(B215,'OUTRAS BASES'!C:D,2,0),IF(A215=\"Insumo\", VLOOKUP(B215,'SINAPI INSUMOS'!B:J,7,0),VLOOKUP(B215,'SINAPI COMP'!B:M,8,0))), VLOOKUP(B215,'OUTRAS BASES'!C:D,2,0))","v":69.150000000000006},69.150000000000006]
["Insumo",3471,"SINAPI","COTOVELO 90 GRAUS DE FERRO GALVANIZADO, COM ROSCA BSP, DE 2\"","Material",null,"UN",1,{"$f":"IF(C216=\"SINAPI\", IF( IF(A216=\"Insumo\", VLOOKUP(B216,'SINAPI INSUMOS'!B:J,7,0), VLOOKUP(B216,'SINAPI COMP'!B:M,8,0))=0,VLOOKUP(B216,'OUTRAS BASES'!C:D,2,0),IF(A216=\"Insumo\", VLOOKUP(B216,'SINAPI INSUMOS'!B:J,7,0),VLOOKUP(B216,'SINAPI COMP'!B:M,8,0))), VLOOKUP(B216,'OUTRAS BASES'!C:D,2,0))","v":52.01},52.01]
["Insumo",113,"SINAPI","ADAPTADOR PVC SOLDAVEL CURTO COM BOLSA E ROSCA, 60 MM X 2\", PARA AGUA FRIA","Material",null,"UN",1,{"$f":"IF(C217=\"SINAPI\", IF( IF(A217=\"Insumo\", VLOOKUP(B217,'SINAPI INSUMOS'!B:J,7,0), VLOOKUP(B217,'SINAPI COMP'!B:M,8,0))=0,VLOOKUP(B217,'OUTRAS BASES'!C:D,2,0),IF(A217=\"Insumo\", VLOOKUP(B217,'SINAPI INSUMOS'!B:J,7,0),VLOOKUP(B217,'SINAPI COMP'!B:M,8,0))), VLOOKUP(B217,'OUTRAS BASES'!C:D,2,0))","v":12.05},12.05]
["Insumo",818,"SINAPI","BUCHA DE REDUCAO DE PVC, SOLDAVEL, CURTA, COM 60 X 50 MM, PARA AGUA FRIA PREDIAL","Material",null,"UN",1,{"$f":"IF(C218=\"SINAPI\", IF( IF(A218=\"Insumo\", VLOOKUP(B218,'SINAPI INSUMOS'!B:J,7,0), VLOOKUP(B218,'SINAPI COMP'!B:M,8,0))=0,VLOOKUP(B218,'OUTRAS BASES'!C:D,2,0),IF(A218=\"Insumo\", VLOOKUP(B218,'SINAPI INSUMOS'!B:J,7,0),VLOOKUP(B218,'SINAPI COMP'!B:M,8,0))), VLOOKUP(B218,'OUTRAS BASES'!C:D,2,0))","v":7.35},7.35]
["Insumo",7604,"SINAPI","TORNEIRA METALICA CROMADA PARA TANQUE / JARDIM, SEM BICO , CANO LONGO, DE PAREDE, PADRAO POPULAR / USO GERAL, 1/2 \" OU 3/4 \" (REF 1126)","Material",null,"UN",2,{"$f":"IF(C219=\"SINAPI\", IF( IF(A219=\"Insumo\", VLOOKUP(B219,'SINAPI INSUMOS'!B:J,7,0), VLOOKUP(B219,'SINAPI COMP'!B:M,8,0))=0,VLOOKUP(B219,'OUTRAS BASES'!C:D,2,0),IF(A219=\"Insumo\", VLOOKUP(B219,'SINAPI INSUMOS'!B:J,7,0),VLOOKUP(B219,'SINAPI COMP'!B:M,8,0))), VLOOKUP(B219,'OUTRAS BASES'!C:D,2,0))","v":55.12},110.24]
["Insumo",119,"SINAPI","ADESIVO PLASTICO PARA PVC, BISNAGA COM 75 GR","Material",null,"UN",1,{"$f":"IF(C220=\"SINAPI\", IF( IF(A220=\"Insumo\", VLOOKUP(B220,'SINAPI INSUMOS'!B:J,7,0), VLOOKUP(B220,'SINAPI COMP'!B:M,8,0))=0,VLOOKUP(B220,'OUTRAS BASES'!C:D,2,0),IF(A220=\"Insumo\", VLOOKUP(B220,'SINAPI INSUMOS'!B:J,7,0),VLOOKUP(B220,'SINAPI COMP'!B:M,8,0))), VLOOKUP(B220,'OUTRAS BASES'!C:D,2,0))","v":9.5299999999999994},9.5299999999999994]
["Insumo",3146,"SINAPI","FITA VEDA ROSCA EM ROLOS DE 18 MM X 10 M (L X C)","Material",null,"UN",1,{"$f":"IF(C221=\"SINAPI\", IF( IF(A221=\"Insumo\", VLOOKUP(B221,'SINAPI INSUMOS'!B:J,7,0), VLOOKUP(B221,'SINAPI COMP'!B:M,8,0))=0,VLOOKUP(B221,'OUTRAS BASES'!C:D,2,0),IF(A221=\"Insumo\", VLOOKUP(B221,'SINAPI INSUMOS'!B:J,7,0),VLOOKUP(B221,'SINAPI COMP'!B:M,8,0))), VLOOKUP(B221,'OUTRAS BASES'!C:D,2,0))","v":4.5},4.5]
["Insumo",771,"SINAPI","BUCHA DE REDUCAO DE FERRO GALVANIZADO, COM ROSCA BSP, DE 2\" X 1\"","Material",null,"UN",2,{"$f":"IF(C222=\"SINAPI\", IF( IF(A222=\"Insumo\", VLOOKUP(B222,'SINAPI INSUMOS'!B:J,7,0), VLOOKUP(B222,'SINAPI COMP'!B:M,8,0))=0,VLOOKUP(B222,'OUTRAS BASES'!C:D,2,0),IF(A222=\"Insumo\", VLOOKUP(B222,'SINAPI INSUMOS'!B:J,7,0),VLOOKUP(B222,'SINAPI COMP'!B:M,8,0))), VLOOKUP(B222,'OUTRAS BASES'!C:D,2,0))","v":28.96},57.92]
[]
[]
[]
[]
[" 8 ",null,null,"CAVALETE"]
[" 8.1 ","Código","Banco","Descrição","Tipo",null,"Und","Quant.","Valor Unit","Total"]
["Composição","COMPOSIÇÃO - 15","Próprio","Fornecimento de conexões e Instalação do Cavalete com hidrômetro e clorador de pastilhas","INHI - INSTALAÇÕES HIDROS SANITÁRIAS",null,"un",1,{"$f":"SUM(J230:J247)","v":2332.77},{"$f":"I229*H229","v":2332.77}]
["Composição Auxiliar",88248,"SINAPI","AUXILIAR DE ENCANADOR OU BOMBEIRO HIDRÁULICO COM ENCARGOS COMPLEMENTARES","Livro SINAPI: Cálculos e Parâmetros",null,"H",3,{"$f":"IF(C230=\"SINAPI\", IF( IF(A230=\"Insumo\", VLOOKUP(B230,'SINAPI INSUMOS'!B:J,7,0), VLOOKUP(B230,'SINAPI COMP'!B:M,8,0))=0,VLOOKUP(B230,'OUTRAS BASES'!C:D,2,0),IF(A230=\"Insumo\", VLOOKUP(B230,'SINAPI INSUMOS'!B:J,7,0),VLOOKUP(B230,'SINAPI COMP'!B:M,8,0))), VLOOKUP(B230,'OUTRAS BASES'!C:D,2,0))","v":25.26},75.78]
["Insumo","9860/SINAPI","ORSE","TUBO PVC, ROSCAVEL, 2\", PARA AGUA FRIA PREDIAL","Tubos e Conexões de PVC Rígido Roscável ",null,"m",1.5,{"$f":"IF(C231=\"SINAPI\", IF( IF(A231=\"Insumo\", VLOOKUP(B231,'SINAPI INSUMOS'!B:J,7,0), VLOOKUP(B231,'SINAPI COMP'!B:M,8,0))=0,VLOOKUP(B231,'OUTRAS BASES'!C:D,2,0),IF(A231=\"Insumo\", VLOOKUP(B231,'SINAPI INSUMOS'!B:J,7,0),VLOOKUP(B231,'SINAPI COMP'!B:M,8,0))), VLOOKUP(B231,'OUTRAS BASES'!C:D,2,0))","v":42.22},63.33]
["Insumo",11831,"SINAPI","TORNEIRA PLASTICA PARA TANQUE 1/2 \" OU 3/4 \" COM BICO PARA MANGUEIRA","Material",null,"UN",1,{"$f":"IF(C232=\"SINAPI\", IF( IF(A232=\"Insumo\", VLOOKUP(B232,'SINAPI INSUMOS'!B:J,7,0), VLOOKUP(B232,'SINAPI COMP'!B:M,8,0))=0,VLOOKUP(B232,'OUTRAS BASES'!C:D,2,0),IF(A232=\"Insumo\", VLOOKUP(B232,'SINAPI INSUMOS'!B:J,7,0),VLOOKUP(B232,'SINAPI COMP'!B:M,8,0))), VLOOKUP(B232,'OUTRAS BASES'!C:D,2,0))","v":16.16},16.16]
["Insumo",9569,"ORSE","Adaptador pvc BSxRM d= 35mm x 1 1/2\", linha Irriga-LF, Tigre ou similar un","Material",null,"un",1,{"$f":"IF(C233=\"SINAPI\", IF( IF(A233=\"Insumo\", VLOOKUP(B233,'SINAPI INSUMOS'!B:J,7,0), VLOOKUP(B233,'SINAPI COMP'!B:M,8,0))=0,VLOOKUP(B233,'OUTRAS BASES'!C:D,2,0),IF(A233=\"Insumo\", VLOOKUP(B233,'SINAPI INSUMOS'!B:J,7,0),VLOOKUP(B233,'SINAPI COMP'!B:M,8,0))), VLOOKUP(B233,'OUTRAS BASES'!C:D,2,0))","v":3.04},3.04]
["Insumo",3939,"SINAPI","LUVA DE FERRO GALVANIZADO, COM ROSCA BSP, DE 1 1/2\"","Material",null,"UN",1,{"$f":"IF(C234=\"SINAPI\", IF( IF(A234=\"Insumo\", VLOOKUP(B234,'SINAPI INSUMOS'!B:J,7,0), VLOOKUP(B234,'SINAPI COMP'!B:M,8,0))=0,VLOOKUP(B234,'OUTRAS BASES'!C:D,2,0),IF(A234=\"Insumo\", VLOOKUP(B234,'SINAPI INSUMOS'!B:J,7,0),VLOOKUP(B234,'SINAPI COMP'!B:M,8,0))), VLOOKUP(B234,'OUTRAS BASES'!C:D,2,0))","v":23.91},23.91]
["Insumo",1798,"SINAPI","CURVA 90 GRAUS DE FERRO GALVANIZADO, COM ROSCA BSP MACHO, DE 2\"","Material",null,"UN",1,{"$f":"IF(C235=\"SINAPI\", IF( IF(A235=\"Insumo\", VLOOKUP(B235,'SINAPI INSUMOS'!B:J,7,0), VLOOKUP(B235,'SINAPI COMP'!B:M,8,0))=0,VLOOKUP(B235,'OUTRAS BASES'!C:D,2,0),IF(A235=\"Insumo\", VLOOKUP(B235,'SINAPI INSUMOS'!B:J,7,0),VLOOKUP(B235,'SINAPI COMP'!B:M,8,0))), VLOOKUP(B235,'OUTRAS BASES'!C:D,2,0))","v":133.27000000000001},133.27000000000001]
["Insumo",9887,"SINAPI","UNIAO DE FERRO GALVANIZADO, COM ROSCA BSP, COM ASSENTO PLANO, DE 2\"","Material",null,"UN",1,{"$f":"IF(C236=\"SINAPI\", IF( IF(A236=\"Insumo\", VLOOKUP(B236,'SINAPI INSUMOS'!B:J,7,0), VLOOKUP(B236,'SINAPI COMP'!B:M,8,0))=0,VLOOKUP(B236,'OUTRAS BASES'!C:D,2,0),IF(A236=\"Insumo\", VLOOKUP(B236,'SINAPI INSUMOS'!B:J,7,0),VLOOKUP(B236,'SINAPI COMP'!B:M,8,0))), VLOOKUP(B236,'OUTRAS BASES'!C:D,2,0))","v":106.17},106.17]
["Insumo"," 00004181/SINAPI ","ORSE","Niple de ferro galvanizado, com rosca bsp, de 2\"","Material",null,"un",2,{"$f":"IF(C237=\"SINAPI\", IF( IF(A237=\"Insumo\", VLOOKUP(B237,'SINAPI INSUMOS'!B:J,7,0), VLOOKUP(B237,'SINAPI COMP'!B:M,8,0))=0,VLOOKUP(B237,'OUTRAS BASES'!C:D,2,0),IF(A237=\"Insumo\", VLOOKUP(B237,'SINAPI INSUMOS'!B:J,7,0),VLOOKUP(B237,'SINAPI COMP'!B:M,8,0))), VLOOKUP(B237,'OUTRAS BASES'!C:D,2,0))","v":36.64},73.28]
["Insumo",6028,"SINAPI","REGISTRO GAVETA BRUTO EM LATAO FORJADO, BITOLA 2 \" (REF 1509)","Material",null,"UN",1,{"$f":"IF(C238=\"SINAPI\", IF( IF(A238=\"Insumo\", VLOOKUP(B238,'SINAPI INSUMOS'!B:J,7,0), VLOOKUP(B238,'SINAPI COMP'!B:M,8,0))=0,VLOOKUP(B238,'OUTRAS BASES'!C:D,2,0),IF(A238=\"Insumo\", VLOOKUP(B238,'SINAPI INSUMOS'!B:J,7,0),VLOOKUP(B238,'SINAPI COMP'!B:M,8,0))), VLOOKUP(B238,'OUTRAS BASES'!C:D,2,0))","v":131.65},131.65]
["Insumo",12775,"SINAPI","HIDROMETRO MULTIJATO / MEDIDOR DE AGUA, DN 1\", VAZAO MAXIMA DE 7 M3/H, PARA AGUA POTAVEL FRIA, RELOJOARIA PLANA, CLASSE B, HORIZONTAL (SEM CONEXOES)","Material",null,"UN",1,{"$f":"IF(C239=\"SINAPI\", IF( IF(A239=\"Insumo\", VLOOKUP(B239,'SINAPI INSUMOS'!B:J,7,0), VLOOKUP(B239,'SINAPI COMP'!B:M,8,0))=0,VLOOKUP(B239,'OUTRAS BASES'!C:D,2,0),IF(A239=\"Insumo\", VLOOKUP(B239,'SINAPI INSUMOS'!B:J,7,0),VLOOKUP(B239,'SINAPI COMP'!B:M,8,0))), VLOOKUP(B239,'OUTRAS BASES'!C:D,2,0))","v":420.58},420.58]
["Insumo",771,"SINAPI","BUCHA DE REDUCAO DE FERRO GALVANIZADO, COM ROSCA BSP, DE 2\" X 1\"","Material",null,"UN",2,{"$f":"IF(C240=\"SINAPI\", IF( IF(A240=\"Insumo\", VLOOKUP(B240,'SINAPI INSUMOS'!B:J,7,0), VLOOKUP(B240,'SINAPI COMP'!B:M,8,0))=0,VLOOKUP(B240,'OUTRAS BASES'!C:D,2,0),IF(A240=\"Insumo\", VLOOKUP(B240,'SINAPI INSUMOS'!B:J,7,0),VLOOKUP(B240,'SINAPI COMP'!B:M,8,0))), VLOOKUP(B240,'OUTRAS BASES'!C:D,2,0))","v":28.96},57.92]
["Insumo",6305,"SINAPI","TE DE REDUCAO DE FERRO GALVANIZADO, COM ROSCA BSP, DE 2\" X 1\"","Material",null,"UN",1,{"$f":"IF(C241=\"SINAPI\", IF( IF(A241=\"Insumo\", VLOOKUP(B241,'SINAPI INSUMOS'!B:J,7,0), VLOOKUP(B241,'SINAPI COMP'!B:M,8,0))=0,VLOOKUP(B241,'OUTRAS BASES'!C:D,2,0),IF(A241=\"Insumo\", VLOOKUP(B241,'SINAPI INSUMOS'!B:J,7,0),VLOOKUP(B241,'SINAPI COMP'!B:M,8,0))), VLOOKUP(B241,'OUTRAS BASES'!C:D,2,0))","v":411.16},411.16]
["Insumo",764,"SINAPI","BUCHA DE REDUCAO DE FERRO GALVANIZADO, COM ROSCA BSP, DE 1\" X 1/2\"\t","Material",null,"UN",1,{"$f":"IF(C242=\"SINAPI\", IF( IF(A242=\"Insumo\", VLOOKUP(B242,'SINAPI INSUMOS'!B:J,7,0), VLOOKUP(B242,'SINAPI COMP'!B:M,8,0))=0,VLOOKUP(B242,'OUTRAS BASES'!C:D,2,0),IF(A242=\"Insumo\", VLOOKUP(B242,'SINAPI INSUMOS'!B:J,7,0),VLOOKUP(B242,'SINAPI COMP'!B:M,8,0))), VLOOKUP(B242,'OUTRAS BASES'!C:D,2,0))","v":109.89},109.89]
["Insumo",5128,"ORSE","Tampa de poço galvanizada em 6\"","Material",null,"UN",1,{"$f":"IF(C243=\"SINAPI\", IF( IF(A243=\"Insumo\", VLOOKUP(B243,'SINAPI INSUMOS'!B:J,7,0), VLOOKUP(B243,'SINAPI COMP'!B:M,8,0))=0,VLOOKUP(B243,'OUTRAS BASES'!C:D,2,0),IF(A243=\"Insumo\", VLOOKUP(B243,'SINAPI INSUMOS'!B:J,7,0),VLOOKUP(B243,'SINAPI COMP'!B:M,8,0))), VLOOKUP(B243,'OUTRAS BASES'!C:D,2,0))","v":107.28},107.28]
["Insumo",1160,"ORSE","Joelho 45° ferro galvanizado d=2\"","Material",null,"UN",2,{"$f":"IF(C244=\"SINAPI\", IF( IF(A244=\"Insumo\", VLOOKUP(B244,'SINAPI INSUMOS'!B:J,7,0), VLOOKUP(B244,'SINAPI COMP'!B:M,8,0))=0,VLOOKUP(B244,'OUTRAS BASES'!C:D,2,0),IF(A244=\"Insumo\", VLOOKUP(B244,'SINAPI INSUMOS'!B:J,7,0),VLOOKUP(B244,'SINAPI COMP'!B:M,8,0))), VLOOKUP(B244,'OUTRAS BASES'!C:D,2,0))","v":54.39},108.78]
["Insumo",53688,"SBC","VALVULA DE RETENCAO HORIZONTAL EM LATAO, ROSCA BSP 2\"\t","Material",null,"UN",1,{"$f":"IF(C245=\"SINAPI\", IF( IF(A245=\"Insumo\", VLOOKUP(B245,'SINAPI INSUMOS'!B:J,7,0), VLOOKUP(B245,'SINAPI COMP'!B:M,8,0))=0,VLOOKUP(B245,'OUTRAS BASES'!C:D,2,0),IF(A245=\"Insumo\", VLOOKUP(B245,'SINAPI INSUMOS'!B:J,7,0),VLOOKUP(B245,'SINAPI COMP'!B:M,8,0))), VLOOKUP(B245,'OUTRAS BASES'!C:D,2,0))","v":192.66},{"$f":"I245*H245","v":192.66}]
["Insumo",4194,"SINAPI","NIPLE DE REDUCAO DE FERRO GALVANIZADO, COM ROSCA BSP, DE 2\" X 1 1/2\"","Material",null,"UN",1,{"$f":"IF(C246=\"SINAPI\", IF( IF(A246=\"Insumo\", VLOOKUP(B246,'SINAPI INSUMOS'!B:J,7,0), VLOOKUP(B246,'SINAPI COMP'!B:M,8,0))=0,VLOOKUP(B246,'OUTRAS BASES'!C:D,2,0),IF(A246=\"Insumo\", VLOOKUP(B246,'SINAPI INSUMOS'!B:J,7,0),VLOOKUP(B246,'SINAPI COMP'!B:M,8,0))), VLOOKUP(B246,'OUTRAS BASES'!C:D,2,0))","v":46.94},{"$f":"I246*H246","v":46.94}]
["Insumo",12464,"ORSE","Clorador dosador de cloro de pastilhas automático","Material",null,"un",1,{"$f":"IF(C247=\"SINAPI\", IF( IF(A247=\"Insumo\", VLOOKUP(B247,'SINAPI INSUMOS'!B:J,7,0), VLOOKUP(B247,'SINAPI COMP'!B:M,8,0))=0,VLOOKUP(B247,'OUTRAS BASES'!C:D,2,0),IF(A247=\"Insumo\", VLOOKUP(B247,'SINAPI INSUMOS'!B:J,7,0),VLOOKUP(B247,'SINAPI COMP'!B:M,8,0))), VLOOKUP(B247,'OUTRAS BASES'!C:D,2,0))","v":250.97},{"$f":"I247*H247","v":250.97}]
[]
[]
[]
[]
[" 9 ",null,null,"INSTALAÇÕES HIDRÁULICAS POÇO E ADUTORA"]
[" 9.1 ","Código","Banco","Descrição","Tipo",null,"Und","Quant.","Valor Unit","Total"]
["Composição","COMPOSIÇÃO - 16","Próprio","Instalação da rede adutora poço-reservatório-bebedouro em PN80 e DN50MM","SEDI - SERVIÇOS DIVERSOS",null,"m",1,{"$f":"SUM(J255:J257)","v":7.1325000000000012},{"$f":"I254*H254","v":7.1325000000000012}]
["Composição Auxiliar",88316,"SINAPI","SERVENTE COM ENCARGOS COMPLEMENTARES","Livro SINAPI: Cálculos e Parâmetros",null,"H",0.05,{"$f":"IF(C255=\"SINAPI\", IF( IF(A255=\"Insumo\", VLOOKUP(B255,'SINAPI INSUMOS'!B:J,7,0), VLOOKUP(B255,'SINAPI COMP'!B:M,8,0))=0,VLOOKUP(B255,'OUTRAS BASES'!C:D,2,0),IF(A255=\"Insumo\", VLOOKUP(B255,'SINAPI INSUMOS'!B:J,7,0),VLOOKUP(B255,'SINAPI COMP'!B:M,8,0))), VLOOKUP(B255,'OUTRAS BASES'!C:D,2,0))","v":24.94},1.2470000000000001]
["Composição Auxiliar",93358,"SINAPI","ESCAVAÇÃO MANUAL DE VALA COM PROFUNDIDADE MENOR OU IGUAL A 1,30 M. AF_02/2021","Escavação de Valas",null,"m³",0.05,{"$f":"IF(C256=\"SINAPI\", IF( IF(A256=\"Insumo\", VLOOKUP(B256,'SINAPI INSUMOS'!B:J,7,0), VLOOKUP(B256,'SINAPI COMP'!B:M,8,0))=0,VLOOKUP(B256,'OUTRAS BASES'!C:D,2,0),IF(A256=\"Insumo\", VLOOKUP(B256,'SINAPI INSUMOS'!B:J,7,0),VLOOKUP(B256,'SINAPI COMP'!B:M,8,0))), VLOOKUP(B256,'OUTRAS BASES'!C:D,2,0))","v":98.65},4.932500000000001]
["Insumo",119,"SINAPI","ADESIVO PLASTICO PARA PVC, BISNAGA COM 75 GR","Material",null,"UN",0.1,{"$f":"IF(C257=\"SINAPI\", IF( IF(A257=\"Insumo\", VLOOKUP(B257,'SINAPI INSUMOS'!B:J,7,0), VLOOKUP(B257,'SINAPI COMP'!B:M,8,0))=0,VLOOKUP(B257,'OUTRAS BASES'!C:D,2,0),IF(A257=\"Insumo\", VLOOKUP(B257,'SINAPI INSUMOS'!B:J,7,0),VLOOKUP(B257,'SINAPI COMP'!B:M,8,0))), VLOOKUP(B257,'OUTRAS BASES'!C:D,2,0))","v":9.5299999999999994},0.95299999999999996]
[" 9.2 ","Código","Banco","Descrição","Tipo",null,"Und","Quant.","Valor Unit","Total"]
["Insumo",9875,"SINAPI","TUBO PVC, SOLDAVEL, DE 50 MM, AGUA FRIA (NBR-5648)","MATERIAL",null,"un",1,{"$f":"IF(C259=\"SINAPI\", IF( IF(A259=\"Insumo\", VLOOKUP(B259,'SINAPI INSUMOS'!B:J,7,0), VLOOKUP(B259,'SINAPI COMP'!B:M,8,0))=0,VLOOKUP(B259,'OUTRAS BASES'!C:D,2,0),IF(A259=\"Insumo\", VLOOKUP(B259,'SINAPI INSUMOS'!B:J,7,0),VLOOKUP(B259,'SINAPI COMP'!B:M,8,0))), VLOOKUP(B259,'OUTRAS BASES'!C:D,2,0))","v":16.649999999999999},{"$f":"I259*H259","v":16.649999999999999}]
[]
[]
[]
[]
[" 9.2 ","Código","Banco","Descrição","Tipo",null,"Und","Quant.","Valor Unit","Total"]
["Composição","COMPOSIÇÃO - 17","Próprio","Montagem hidráulica do equipamento de bombeamento","INHI - INSTALAÇÕES HIDROS SANITÁRIAS",null,"un",1,{"$f":"SUM(J266:J267)","v":171.66},{"$f":"I265*H265","v":171.66}]
["Composição Auxiliar",88267,"SINAPI","ENCANADOR OU BOMBEIRO HIDRÁULICO COM ENCARGOS COMPLEMENTARES","Livro SINAPI: Cálculos e Parâmetros",null,"H",3,{"$f":"IF(C266=\"SINAPI\", IF( IF(A266=\"Insumo\", VLOOKUP(B266,'SINAPI INSUMOS'!B:J,7,0), VLOOKUP(B266,'SINAPI COMP'!B:M,8,0))=0,VLOOKUP(B266,'OUTRAS BASES'!C:D,2,0),IF(A266=\"Insumo\", VLOOKUP(B266,'SINAPI INSUMOS'!B:J,7,0),VLOOKUP(B266,'SINAPI COMP'!B:M,8,0))), VLOOKUP(B266,'OUTRAS BASES'!C:D,2,0))","v":31.96},95.88]
["Composição Auxiliar",88248,"SINAPI","AUXILIAR DE ENCANADOR OU BOMBEIRO HIDRÁULICO COM ENCARGOS COMPLEMENTARES","Livro SINAPI: Cálculos e Parâmetros",null,"H",3,{"$f":"IF(C267=\"SINAPI\", IF( IF(A267=\"Insumo\", VLOOKUP(B267,'SINAPI INSUMOS'!B:J,7,0), VLOOKUP(B267,'SINAPI COMP'!B:M,8,0))=0,VLOOKUP(B267,'OUTRAS BASES'!C:D,2,0),IF(A267=\"Insumo\", VLOOKUP(B267,'SINAPI INSUMOS'!B:J,7,0),VLOOKUP(B267,'SINAPI COMP'!B:M,8,0))), VLOOKUP(B267,'OUTRAS BASES'!C:D,2,0))","v":25.26},75.78]
[]
[]
[]
[]
[" 9.3 ","Código","Banco","Descrição","Tipo",null,"Und","Quant.","Valor Unit","Total"]
["Insumo",38200,"SINAPI","CORDA DE POLIAMIDA 12 MM TIPO BOMBEIRO, PARA TRABALHO EM ALTURA","Material",null,"100M",1,{"$f":"IF(C273=\"SINAPI\", IF( IF(A273=\"Insumo\", VLOOKUP(B273,'SINAPI INSUMOS'!B:J,7,0), VLOOKUP(B273,'SINAPI COMP'!B:M,8,0))=0,VLOOKUP(B273,'OUTRAS BASES'!C:D,2,0),IF(A273=\"Insumo\", VLOOKUP(B273,'SINAPI INSUMOS'!B:J,7,0),VLOOKUP(B273,'SINAPI COMP'!B:M,8,0))), VLOOKUP(B273,'OUTRAS BASES'!C:D,2,0))","v":397.12},{"$f":"I273*H273","v":397.12}]
[]
[]
[]
[]
[" 9.4 ","Código","Banco","Descrição","Tipo",null,"Und","Quant.","Valor Unit","Total"]
["Insumo",9860,"SINAPI","TUBO PVC, ROSCAVEL,  2\", PARA AGUA FRIA PREDIAL","Material",null,"M",1,{"$f":"IF(C279=\"SINAPI\", IF( IF(A279=\"Insumo\", VLOOKUP(B279,'SINAPI INSUMOS'!B:J,7,0), VLOOKUP(B279,'SINAPI COMP'!B:M,8,0))=0,VLOOKUP(B279,'OUTRAS BASES'!C:D,2,0),IF(A279=\"Insumo\", VLOOKUP(B279,'SINAPI INSUMOS'!B:J,7,0),VLOOKUP(B279,'SINAPI COMP'!B:M,8,0))), VLOOKUP(B279,'OUTRAS BASES'!C:D,2,0))","v":48.37},{"$f":"I279*H279","v":48.37}]
[]
[]
[]
[]
[" 9.5 ","Código","Banco","Descrição","Tipo",null,"Und","Quant.","Valor Unit","Total"]
["Insumo",3912,"SINAPI","LUVA DE FERRO GALVANIZADO, COM ROSCA BSP, DE 2\"","Material",null,"UN",1,{"$f":"IF(C285=\"SINAPI\", IF( IF(A285=\"Insumo\", VLOOKUP(B285,'SINAPI INSUMOS'!B:J,7,0), VLOOKUP(B285,'SINAPI COMP'!B:M,8,0))=0,VLOOKUP(B285,'OUTRAS BASES'!C:D,2,0),IF(A285=\"Insumo\", VLOOKUP(B285,'SINAPI INSUMOS'!B:J,7,0),VLOOKUP(B285,'SINAPI COMP'!B:M,8,0))), VLOOKUP(B285,'OUTRAS BASES'!C:D,2,0))","v":36.61},{"$f":"I285*H285","v":36.61}]
[]
[]
[]
[]
[" 9.6 ","Código","Banco","Descrição","Tipo",null,"Und","Quant.","Valor Unit","Total"]
["Insumo",5128,"ORSE","Tampa de poço galvanizada em 6\" un","Serviços",null,"un",1,{"$f":"IF(C291=\"SINAPI\", IF( IF(A291=\"Insumo\", VLOOKUP(B291,'SINAPI INSUMOS'!B:J,7,0), VLOOKUP(B291,'SINAPI COMP'!B:M,8,0))=0,VLOOKUP(B291,'OUTRAS BASES'!C:D,2,0),IF(A291=\"Insumo\", VLOOKUP(B291,'SINAPI INSUMOS'!B:J,7,0),VLOOKUP(B291,'SINAPI COMP'!B:M,8,0))), VLOOKUP(B291,'OUTRAS BASES'!C:D,2,0))","v":107.28},{"$f":"I291*H291","v":107.28}]
[]
[]
[]
[]
[10,null,null,"ESTRUTURA DE FIXAÇÃO PARA MÓDULOS FOTOVOLTÁICOS"]
["10.1","Código","Banco","Descrição","Tipo",null,"Und","Quant.","Valor Unit","Total"]
["Composição","COMPOSIÇÃO - 18","Próprio","Serviço de fixação de estruturas para os módulos fotovoltaicos e suportes de concreto, incluso materiais.","SEDI - SERVIÇOS DIVERSOS",null,"m²",1,{"$f":"SUM(J299:J301)","v":110.36121199999999},{"$f":"I298*H298","v":110.36121199999999}]
["Composição Auxiliar",94975,"SINAPI","CONCRETO FCK = 15MPA, TRAÇO 1:3,4:3,5 (EM MASSA SECA DE CIMENTO/ AREIA MÉDIA/ BRITA 1) - PREPARO MANUAL. AF_05/2021","Produção de Concreto",null,"m³",0.09,{"$f":"IF(C299=\"SINAPI\", IF( IF(A299=\"Insumo\", VLOOKUP(B299,'SINAPI INSUMOS'!B:J,7,0), VLOOKUP(B299,'SINAPI COMP'!B:M,8,0))=0,VLOOKUP(B299,'OUTRAS BASES'!C:D,2,0),IF(A299=\"Insumo\", VLOOKUP(B299,'SINAPI INSUMOS'!B:J,7,0),VLOOKUP(B299,'SINAPI COMP'!B:M,8,0))), VLOOKUP(B299,'OUTRAS BASES'!C:D,2,0))","v":631.15},56.803499999999993]
["Composição Auxiliar",96522,"SINAPI","ESCAVAÇÃO MANUAL PARA BLOCO DE COROAMENTO OU SAPATA (SEM ESCAVAÇÃO PARA COLOCAÇÃO DE FÔRMAS). AF_01/2024","Fundações Rasas (Blocos, Sapatas, Vigas Baldrame)",null,"m³",6.1999999999999998E-3,{"$f":"IF(C300=\"SINAPI\", IF( IF(A300=\"Insumo\", VLOOKUP(B300,'SINAPI INSUMOS'!B:J,7,0), VLOOKUP(B300,'SINAPI COMP'!B:M,8,0))=0,VLOOKUP(B300,'OUTRAS BASES'!C:D,2,0),IF(A300=\"Insumo\", VLOOKUP(B300,'SINAPI INSUMOS'!B:J,7,0),VLOOKUP(B300,'SINAPI COMP'!B:M,8,0))), VLOOKUP(B300,'OUTRAS BASES'!C:D,2,0))","v":165.76},1.027712]
["Insumo",4183,"SBC","ESTRUTURA METALICA EM TESOURAS OU TRELICAS, VÃO LIVRE DE 12M, FORNECIMENTO E MONTAGEM ","Material",null,"m²",1,{"$f":"IF(C301=\"SINAPI\", IF( IF(A301=\"Insumo\", VLOOKUP(B301,'SINAPI INSUMOS'!B:J,7,0), VLOOKUP(B301,'SINAPI COMP'!B:M,8,0))=0,VLOOKUP(B301,'OUTRAS BASES'!C:D,2,0),IF(A301=\"Insumo\", VLOOKUP(B301,'SINAPI INSUMOS'!B:J,7,0),VLOOKUP(B301,'SINAPI COMP'!B:M,8,0))), VLOOKUP(B301,'OUTRAS BASES'!C:D,2,0))","v":52.53},52.53]
[]
[]
[]
[]
[11,null,null,"INSTALAÇÕES ELÉTRICAS"]
["11.1","Código","Banco","Descrição","Tipo",null,"Und","Quant.","Valor Unit","Total"]
["Composição","COMPOSIÇÃO - 19","Próprio","Montagem e instalação elétrica do kit de bombeamento e sistema fotovoltaico inclusive sistema de aterramento.","INEL - INSTALAÇÃO ELÉTRICA/ELETRIFICAÇÃO E ILUMINAÇÃO EXTERNA",null,"un",1,{"$f":"SUM(J309:J319)","v":1144.7190000000001},{"$f":"I308*H308","v":1144.7190000000001}]
["Composição Auxiliar",88247,"SINAPI","AUXILIAR DE ELETRICISTA COM ENCARGOS COMPLEMENTARES","Livro SINAPI: Cálculos e Parâmetros",null,"H",8,{"$f":"IF(C309=\"SINAPI\", IF( IF(A309=\"Insumo\", VLOOKUP(B309,'SINAPI INSUMOS'!B:J,7,0), VLOOKUP(B309,'SINAPI COMP'!B:M,8,0))=0,VLOOKUP(B309,'OUTRAS BASES'!C:D,2,0),IF(A309=\"Insumo\", VLOOKUP(B309,'SINAPI INSUMOS'!B:J,7,0),VLOOKUP(B309,'SINAPI COMP'!B:M,8,0))), VLOOKUP(B309,'OUTRAS BASES'!C:D,2,0))","v":26.26},210.08]
["Insumo",20111,"SINAPI","FITA ISOLANTE ADESIVA ANTICHAMA, USO ATE 750 V, EM ROLO DE 19 MM X 20 M","Material",null,"UN",1,{"$f":"IF(C310=\"SINAPI\", IF( IF(A310=\"Insumo\", VLOOKUP(B310,'SINAPI INSUMOS'!B:J,7,0), VLOOKUP(B310,'SINAPI COMP'!B:M,8,0))=0,VLOOKUP(B310,'OUTRAS BASES'!C:D,2,0),IF(A310=\"Insumo\", VLOOKUP(B310,'SINAPI INSUMOS'!B:J,7,0),VLOOKUP(B310,'SINAPI COMP'!B:M,8,0))), VLOOKUP(B310,'OUTRAS BASES'!C:D,2,0))","v":12.08},12.08]
["Insumo",2674,"SINAPI","FORNECIMENTO DE  ELETRODUTO DE PVC RIGIDO ROSCAVEL DE 3/4 \", SEM LUVA","Material",null,"M",15,{"$f":"IF(C311=\"SINAPI\", IF( IF(A311=\"Insumo\", VLOOKUP(B311,'SINAPI INSUMOS'!B:J,7,0), VLOOKUP(B311,'SINAPI COMP'!B:M,8,0))=0,VLOOKUP(B311,'OUTRAS BASES'!C:D,2,0),IF(A311=\"Insumo\", VLOOKUP(B311,'SINAPI INSUMOS'!B:J,7,0),VLOOKUP(B311,'SINAPI COMP'!B:M,8,0))), VLOOKUP(B311,'OUTRAS BASES'!C:D,2,0))","v":6.19},92.850000000000009]
["Insumo",12034,"SINAPI","FORNECIMENTO DE  CURVA 180 GRAUS, DE PVC RIGIDO ROSCAVEL, DE 3/4\", PARA ELETRODUTO","Material",null,"UN",1,{"$f":"IF(C312=\"SINAPI\", IF( IF(A312=\"Insumo\", VLOOKUP(B312,'SINAPI INSUMOS'!B:J,7,0), VLOOKUP(B312,'SINAPI COMP'!B:M,8,0))=0,VLOOKUP(B312,'OUTRAS BASES'!C:D,2,0),IF(A312=\"Insumo\", VLOOKUP(B312,'SINAPI INSUMOS'!B:J,7,0),VLOOKUP(B312,'SINAPI COMP'!B:M,8,0))), VLOOKUP(B312,'OUTRAS BASES'!C:D,2,0))","v":5.42},5.42]
["Insumo",39272,"SINAPI","FORNECIMENTO DE  CURVA 90 GRAUS, CURTA, DE PVC RIGIDO ROSCAVEL, DE 3/4\", PARA ELETRODUTO","Material",null,"UN",2,{"$f":"IF(C313=\"SINAPI\", IF( IF(A313=\"Insumo\", VLOOKUP(B313,'SINAPI INSUMOS'!B:J,7,0), VLOOKUP(B313,'SINAPI COMP'!B:M,8,0))=0,VLOOKUP(B313,'OUTRAS BASES'!C:D,2,0),IF(A313=\"Insumo\", VLOOKUP(B313,'SINAPI INSUMOS'!B:J,7,0),VLOOKUP(B313,'SINAPI COMP'!B:M,8,0))), VLOOKUP(B313,'OUTRAS BASES'!C:D,2,0))","v":2.96},5.92]
["Insumo",3379,"SINAPI","HASTE DE ATERRAMENTO EM ACO COM 3,00 M DE COMPRIMENTO E DN = 5/8\", REVESTIDA COM BAIXA CAMADA DE COBRE, SEM CONECTOR","Material",null,"UN",0.66,{"$f":"IF(C314=\"SINAPI\", IF( IF(A314=\"Insumo\", VLOOKUP(B314,'SINAPI INSUMOS'!B:J,7,0), VLOOKUP(B314,'SINAPI COMP'!B:M,8,0))=0,VLOOKUP(B314,'OUTRAS BASES'!C:D,2,0),IF(A314=\"Insumo\", VLOOKUP(B314,'SINAPI INSUMOS'!B:J,7,0),VLOOKUP(B314,'SINAPI COMP'!B:M,8,0))), VLOOKUP(B314,'OUTRAS BASES'!C:D,2,0))","v":55.4},36.564]
["Insumo",1891,"SINAPI","FORNECIMENTO DE  LUVA EM PVC RIGIDO ROSCAVEL, DE 3/4\", PARA ELETRODUTO","Material",null,"UN",9,{"$f":"IF(C315=\"SINAPI\", IF( IF(A315=\"Insumo\", VLOOKUP(B315,'SINAPI INSUMOS'!B:J,7,0), VLOOKUP(B315,'SINAPI COMP'!B:M,8,0))=0,VLOOKUP(B315,'OUTRAS BASES'!C:D,2,0),IF(A315=\"Insumo\", VLOOKUP(B315,'SINAPI INSUMOS'!B:J,7,0),VLOOKUP(B315,'SINAPI COMP'!B:M,8,0))), VLOOKUP(B315,'OUTRAS BASES'!C:D,2,0))","v":1.37},12.330000000000002]
["Insumo",425,"SINAPI","GRAMPO METALICO TIPO OLHAL PARA HASTE DE ATERRAMENTO DE 5/8'', CONDUTOR DE *10* A 50 MM2","Material",null,"UN",2,{"$f":"IF(C316=\"SINAPI\", IF( IF(A316=\"Insumo\", VLOOKUP(B316,'SINAPI INSUMOS'!B:J,7,0), VLOOKUP(B316,'SINAPI COMP'!B:M,8,0))=0,VLOOKUP(B316,'OUTRAS BASES'!C:D,2,0),IF(A316=\"Insumo\", VLOOKUP(B316,'SINAPI INSUMOS'!B:J,7,0),VLOOKUP(B316,'SINAPI COMP'!B:M,8,0))), VLOOKUP(B316,'OUTRAS BASES'!C:D,2,0))","v":5.25},10.5]
["Insumo",34643,"SINAPI","FORNECIMENTO DE  CAIXA DE INSPECAO PARA ATERRAMENTO E PARA RAIOS, EM POLIPROPILENO,  DIAMETRO = 300 MM X ALTURA = 400 MM","Material",null,"UN",2,{"$f":"IF(C317=\"SINAPI\", IF( IF(A317=\"Insumo\", VLOOKUP(B317,'SINAPI INSUMOS'!B:J,7,0), VLOOKUP(B317,'SINAPI COMP'!B:M,8,0))=0,VLOOKUP(B317,'OUTRAS BASES'!C:D,2,0),IF(A317=\"Insumo\", VLOOKUP(B317,'SINAPI INSUMOS'!B:J,7,0),VLOOKUP(B317,'SINAPI COMP'!B:M,8,0))), VLOOKUP(B317,'OUTRAS BASES'!C:D,2,0))","v":58.29},116.58]
["Insumo",867,"SINAPI","CABO DE COBRE NU 50 MM2 MEIO-DURO","Material",null,"M",7.5,{"$f":"IF(C318=\"SINAPI\", IF( IF(A318=\"Insumo\", VLOOKUP(B318,'SINAPI INSUMOS'!B:J,7,0), VLOOKUP(B318,'SINAPI COMP'!B:M,8,0))=0,VLOOKUP(B318,'OUTRAS BASES'!C:D,2,0),IF(A318=\"Insumo\", VLOOKUP(B318,'SINAPI INSUMOS'!B:J,7,0),VLOOKUP(B318,'SINAPI COMP'!B:M,8,0))), VLOOKUP(B318,'OUTRAS BASES'!C:D,2,0))","v":65.37},490.27500000000003]
["Insumo",54581,"SIURB INFRA","DPS - DISPOSITIVO DE PROTEÇÃO CONTRA SURTOS – 45KA – 500 VOLTS - CORRENTE CONTÍNUA - CLASSE II - P/ SISTEMA FOTOVOLTÁICO","Material",null,"Un",1,{"$f":"IF(C319=\"SINAPI\", IF( IF(A319=\"Insumo\", VLOOKUP(B319,'SINAPI INSUMOS'!B:J,7,0), VLOOKUP(B319,'SINAPI COMP'!B:M,8,0))=0,VLOOKUP(B319,'OUTRAS BASES'!C:D,2,0),IF(A319=\"Insumo\", VLOOKUP(B319,'SINAPI INSUMOS'!B:J,7,0),VLOOKUP(B319,'SINAPI COMP'!B:M,8,0))), VLOOKUP(B319,'OUTRAS BASES'!C:D,2,0))","v":152.12},152.12]
[]
[]
[]
[]
["11.2","Código","Banco","Descrição","Tipo",null,"Und","Quant.","Valor Unit","Total"]
["Insumo",34622,"SINAPI","FORNECIMENTO DE  CABO FLEXIVEL PVC 750 V, 3 CONDUTORES DE 6,0 MM2","Material",null,"M",1,{"$f":"IF(C325=\"SINAPI\", IF( IF(A325=\"Insumo\", VLOOKUP(B325,'SINAPI INSUMOS'!B:J,7,0), VLOOKUP(B325,'SINAPI COMP'!B:M,8,0))=0,VLOOKUP(B325,'OUTRAS BASES'!C:D,2,0),IF(A325=\"Insumo\", VLOOKUP(B325,'SINAPI INSUMOS'!B:J,7,0),VLOOKUP(B325,'SINAPI COMP'!B:M,8,0))), VLOOKUP(B325,'OUTRAS BASES'!C:D,2,0))","v":25.7},{"$f":"I325*H325","v":25.7}]
[]
[]
[]
[]
["11.3","Código","Banco","Descrição","Tipo",null,"Und","Quant.","Valor Unit","Total"]
["Composição","COMPOSIÇÃO - 20","Próprio","Fornecimento e instalação de automático de bóia superior e inferior","ASTU - ASSENTAMENTO DE TUBOS E PECAS",null,"un",1,{"$f":"SUM(J332:J336)","v":71.001000000000005},{"$f":"I331*H331","v":71.001000000000005}]
["Composição Auxiliar",88264,"SINAPI","ELETRICISTA COM ENCARGOS COMPLEMENTARES","Livro SINAPI: Cálculos e Parâmetros",null,"H",0.2,{"$f":"IF(C332=\"SINAPI\", IF( IF(A332=\"Insumo\", VLOOKUP(B332,'SINAPI INSUMOS'!B:J,7,0), VLOOKUP(B332,'SINAPI COMP'!B:M,8,0))=0,VLOOKUP(B332,'OUTRAS BASES'!C:D,2,0),IF(A332=\"Insumo\", VLOOKUP(B332,'SINAPI INSUMOS'!B:J,7,0),VLOOKUP(B332,'SINAPI COMP'!B:M,8,0))), VLOOKUP(B332,'OUTRAS BASES'!C:D,2,0))","v":33.090000000000003},6.6180000000000012]
["Composição Auxiliar",88247,"SINAPI","AUXILIAR DE ELETRICISTA COM ENCARGOS COMPLEMENTARES","Livro SINAPI: Cálculos e Parâmetros",null,"H",0.2,{"$f":"IF(C333=\"SINAPI\", IF( IF(A333=\"Insumo\", VLOOKUP(B333,'SINAPI INSUMOS'!B:J,7,0), VLOOKUP(B333,'SINAPI COMP'!B:M,8,0))=0,VLOOKUP(B333,'OUTRAS BASES'!C:D,2,0),IF(A333=\"Insumo\", VLOOKUP(B333,'SINAPI INSUMOS'!B:J,7,0),VLOOKUP(B333,'SINAPI COMP'!B:M,8,0))), VLOOKUP(B333,'OUTRAS BASES'!C:D,2,0))","v":26.26},5.2520000000000007]
["Insumo",7588,"SINAPI","AUTOMATICO DE BOIA SUPERIOR / INFERIOR, *15* A / 250 V","Material",null,"UN",1,{"$f":"IF(C334=\"SINAPI\", IF( IF(A334=\"Insumo\", VLOOKUP(B334,'SINAPI INSUMOS'!B:J,7,0), VLOOKUP(B334,'SINAPI COMP'!B:M,8,0))=0,VLOOKUP(B334,'OUTRAS BASES'!C:D,2,0),IF(A334=\"Insumo\", VLOOKUP(B334,'SINAPI INSUMOS'!B:J,7,0),VLOOKUP(B334,'SINAPI COMP'!B:M,8,0))), VLOOKUP(B334,'OUTRAS BASES'!C:D,2,0))","v":58},58]
["Insumo",21127,"SINAPI","FITA ISOLANTE ADESIVA ANTICHAMA, USO ATE 750 V, EM ROLO DE 19 MM X 5 M","Material",null,"UN",0.1,{"$f":"IF(C335=\"SINAPI\", IF( IF(A335=\"Insumo\", VLOOKUP(B335,'SINAPI INSUMOS'!B:J,7,0), VLOOKUP(B335,'SINAPI COMP'!B:M,8,0))=0,VLOOKUP(B335,'OUTRAS BASES'!C:D,2,0),IF(A335=\"Insumo\", VLOOKUP(B335,'SINAPI INSUMOS'!B:J,7,0),VLOOKUP(B335,'SINAPI COMP'!B:M,8,0))), VLOOKUP(B335,'OUTRAS BASES'!C:D,2,0))","v":4.5599999999999996},0.45599999999999996]
["Insumo",3146,"SINAPI","FITA VEDA ROSCA EM ROLOS DE 18 MM X 10 M (L X C)","Material",null,"UN",0.15,{"$f":"IF(C336=\"SINAPI\", IF( IF(A336=\"Insumo\", VLOOKUP(B336,'SINAPI INSUMOS'!B:J,7,0), VLOOKUP(B336,'SINAPI COMP'!B:M,8,0))=0,VLOOKUP(B336,'OUTRAS BASES'!C:D,2,0),IF(A336=\"Insumo\", VLOOKUP(B336,'SINAPI INSUMOS'!B:J,7,0),VLOOKUP(B336,'SINAPI COMP'!B:M,8,0))), VLOOKUP(B336,'OUTRAS BASES'!C:D,2,0))","v":4.5},0.67499999999999993]
[]
[]
[]
[]
["11.4","Código","Banco","Descrição","Tipo",null,"Und","Quant.","Valor Unit","Total"]
["Insumo",39257,"SINAPI","CABO MULTIPOLAR DE COBRE, FLEXIVEL, CLASSE 4 OU 5, ISOLACAO EM HEPR, COBERTURA EM PVC-ST2, ANTICHAMA BWF-B, 0,6/1 KV, 3 CONDUTORES DE 1,5 MM2","Material",null,"M",1,{"$f":"IF(C342=\"SINAPI\", IF( IF(A342=\"Insumo\", VLOOKUP(B342,'SINAPI INSUMOS'!B:J,7,0), VLOOKUP(B342,'SINAPI COMP'!B:M,8,0))=0,VLOOKUP(B342,'OUTRAS BASES'!C:D,2,0),IF(A342=\"Insumo\", VLOOKUP(B342,'SINAPI INSUMOS'!B:J,7,0),VLOOKUP(B342,'SINAPI COMP'!B:M,8,0))), VLOOKUP(B342,'OUTRAS BASES'!C:D,2,0))","v":6.99},{"$f":"I342*H342","v":6.99}]
[]
[]
[]
[]
["11.5","Código","Banco","Descrição","Tipo",null,"Und","Quant.","Valor Unit","Total"]
["Insumo"," COTAÇÃO-002 ","Próprio","Fornecimento de kit de bombeamento fotovoltaico, incluindo uma bomba CC de 2200W com controladora de carga externa,  caixa de proteção metálica, módulos fotovoltaicos compatíveis com a geração de 3300Wp além de componentes elétricos necessários para interligação dos painéis, como cabos, conectores MC4 e presilhas de fixação.","Serviços",null,"un",1,10507.03,{"$f":"I348*H348","v":10507.03}]
[]
[]
[]
[]
[12,null,null,"URBANIZAÇÃO"]
["12.1","Código","Banco","Descrição","Tipo",null,"Und","Quant.","Valor Unit","Total"]
["Composição","COMPOSIÇÃO - 21","Próprio","Cerca com mourões de concreto de 15x15cm, espaçados de 3m e cravados a 0,5m, escoras de 10x10cm nos cantos, e 9 fios de arame de aço ovalado 15x17.","SEDI - SERVIÇOS DIVERSOS",null,"m",1,{"$f":"SUM(J356:J362)","v":85.613060000000019},{"$f":"I355*H355","v":85.613060000000019}]
["Composição Auxiliar",88309,"SINAPI","PEDREIRO COM ENCARGOS COMPLEMENTARES","Livro SINAPI: Cálculos e Parâmetros",null,"H",0.33500000000000002,{"$f":"IF(C356=\"SINAPI\", IF( IF(A356=\"Insumo\", VLOOKUP(B356,'SINAPI INSUMOS'!B:J,7,0), VLOOKUP(B356,'SINAPI COMP'!B:M,8,0))=0,VLOOKUP(B356,'OUTRAS BASES'!C:D,2,0),IF(A356=\"Insumo\", VLOOKUP(B356,'SINAPI INSUMOS'!B:J,7,0),VLOOKUP(B356,'SINAPI COMP'!B:M,8,0))), VLOOKUP(B356,'OUTRAS BASES'!C:D,2,0))","v":32.69},10.95115]
["Composição Auxiliar",88316,"SINAPI","SERVENTE COM ENCARGOS COMPLEMENTARES","Livro SINAPI: Cálculos e Parâmetros",null,"H",0.67100000000000004,{"$f":"IF(C357=\"SINAPI\", IF( IF(A357=\"Insumo\", VLOOKUP(B357,'SINAPI INSUMOS'!B:J,7,0), VLOOKUP(B357,'SINAPI COMP'!B:M,8,0))=0,VLOOKUP(B357,'OUTRAS BASES'!C:D,2,0),IF(A357=\"Insumo\", VLOOKUP(B357,'SINAPI INSUMOS'!B:J,7,0),VLOOKUP(B357,'SINAPI COMP'!B:M,8,0))), VLOOKUP(B357,'OUTRAS BASES'!C:D,2,0))","v":24.94},16.734740000000002]
["Composição Auxiliar",94975,"SINAPI","CONCRETO FCK = 15MPA, TRAÇO 1:3,4:3,5 (EM MASSA SECA DE CIMENTO/ AREIA MÉDIA/ BRITA 1) - PREPARO MANUAL. AF_05/2021","Produção de Concreto",null,"m³",2.8799999999999999E-2,{"$f":"IF(C358=\"SINAPI\", IF( IF(A358=\"Insumo\", VLOOKUP(B358,'SINAPI INSUMOS'!B:J,7,0), VLOOKUP(B358,'SINAPI COMP'!B:M,8,0))=0,VLOOKUP(B358,'OUTRAS BASES'!C:D,2,0),IF(A358=\"Insumo\", VLOOKUP(B358,'SINAPI INSUMOS'!B:J,7,0),VLOOKUP(B358,'SINAPI COMP'!B:M,8,0))), VLOOKUP(B358,'OUTRAS BASES'!C:D,2,0))","v":631.15},18.177119999999999]
["Insumo",43130,"SINAPI","ARAME GALVANIZADO 12 BWG, D = 2,76 MM (0,048 KG/M) OU 14 BWG, D = 2,11 MM (0,026 KG/M)","Material",null,"KG",9.8000000000000004E-2,{"$f":"IF(C359=\"SINAPI\", IF( IF(A359=\"Insumo\", VLOOKUP(B359,'SINAPI INSUMOS'!B:J,7,0), VLOOKUP(B359,'SINAPI COMP'!B:M,8,0))=0,VLOOKUP(B359,'OUTRAS BASES'!C:D,2,0),IF(A359=\"Insumo\", VLOOKUP(B359,'SINAPI INSUMOS'!B:J,7,0),VLOOKUP(B359,'SINAPI COMP'!B:M,8,0))), VLOOKUP(B359,'OUTRAS BASES'!C:D,2,0))","v":20},1.96]
["Insumo",346,"SINAPI","ARAME DE ACO OVALADO 15 X 17 ( 45,7 KG, 700 KGF), ROLO 1000 M","Material",null,"KG",0.40500000000000003,{"$f":"IF(C360=\"SINAPI\", IF( IF(A360=\"Insumo\", VLOOKUP(B360,'SINAPI INSUMOS'!B:J,7,0), VLOOKUP(B360,'SINAPI COMP'!B:M,8,0))=0,VLOOKUP(B360,'OUTRAS BASES'!C:D,2,0),IF(A360=\"Insumo\", VLOOKUP(B360,'SINAPI INSUMOS'!B:J,7,0),VLOOKUP(B360,'SINAPI COMP'!B:M,8,0))), VLOOKUP(B360,'OUTRAS BASES'!C:D,2,0))","v":23.69},9.5944500000000019]
["Insumo",4111,"SINAPI","ESCORA PRE-MOLDADA EM CONCRETO, *10 X 10* CM, H = 2,30M","Material",null,"UN",0.16,{"$f":"IF(C361=\"SINAPI\", IF( IF(A361=\"Insumo\", VLOOKUP(B361,'SINAPI INSUMOS'!B:J,7,0), VLOOKUP(B361,'SINAPI COMP'!B:M,8,0))=0,VLOOKUP(B361,'OUTRAS BASES'!C:D,2,0),IF(A361=\"Insumo\", VLOOKUP(B361,'SINAPI INSUMOS'!B:J,7,0),VLOOKUP(B361,'SINAPI COMP'!B:M,8,0))), VLOOKUP(B361,'OUTRAS BASES'!C:D,2,0))","v":52.27},8.3632000000000009]
["Insumo"," I1533 ","SEINFRA","MOURÃO CONCRETO BASE 15X15CM H=2.3 C/ 12 FUROS","Material",null,"UN",0.42,{"$f":"IF(C362=\"SINAPI\", IF( IF(A362=\"Insumo\", VLOOKUP(B362,'SINAPI INSUMOS'!B:J,7,0), VLOOKUP(B362,'SINAPI COMP'!B:M,8,0))=0,VLOOKUP(B362,'OUTRAS BASES'!C:D,2,0),IF(A362=\"Insumo\", VLOOKUP(B362,'SINAPI INSUMOS'!B:J,7,0),VLOOKUP(B362,'SINAPI COMP'!B:M,8,0))), VLOOKUP(B362,'OUTRAS BASES'!C:D,2,0))","v":47.22},19.8324]
[]
[]
[]
[]
["12.2","Código","Banco","Descrição","Tipo",null,"Und","Quant.","Valor Unit","Total"]
["Composição","COMPOSIÇÃO - 22","Próprio","Serviço de instalação de portão de ferro com suporte e batedor conforme projeto, incluso material","SEDI - SERVIÇOS DIVERSOS",null,"m²",1,{"$f":"SUM(J369:J373)","v":655.38396999999998},{"$f":"I368*H368","v":655.38396999999998}]
["Composição Auxiliar",88309,"SINAPI","PEDREIRO COM ENCARGOS COMPLEMENTARES","Livro SINAPI: Cálculos e Parâmetros",null,"H",1.5,{"$f":"IF(C369=\"SINAPI\", IF( IF(A369=\"Insumo\", VLOOKUP(B369,'SINAPI INSUMOS'!B:J,7,0), VLOOKUP(B369,'SINAPI COMP'!B:M,8,0))=0,VLOOKUP(B369,'OUTRAS BASES'!C:D,2,0),IF(A369=\"Insumo\", VLOOKUP(B369,'SINAPI INSUMOS'!B:J,7,0),VLOOKUP(B369,'SINAPI COMP'!B:M,8,0))), VLOOKUP(B369,'OUTRAS BASES'!C:D,2,0))","v":32.69},49.034999999999997]
["Composição Auxiliar",88316,"SINAPI","SERVENTE COM ENCARGOS COMPLEMENTARES","Livro SINAPI: Cálculos e Parâmetros",null,"H",1.5,{"$f":"IF(C370=\"SINAPI\", IF( IF(A370=\"Insumo\", VLOOKUP(B370,'SINAPI INSUMOS'!B:J,7,0), VLOOKUP(B370,'SINAPI COMP'!B:M,8,0))=0,VLOOKUP(B370,'OUTRAS BASES'!C:D,2,0),IF(A370=\"Insumo\", VLOOKUP(B370,'SINAPI INSUMOS'!B:J,7,0),VLOOKUP(B370,'SINAPI COMP'!B:M,8,0))), VLOOKUP(B370,'OUTRAS BASES'!C:D,2,0))","v":24.94},37.410000000000004]
["Insumo",367,"SINAPI","AREIA GROSSA - POSTO JAZIDA/FORNECEDOR (RETIRADO NA JAZIDA, SEM TRANSPORTE)","Material",null,"m³",6.0999999999999999E-2,{"$f":"IF(C371=\"SINAPI\", IF( IF(A371=\"Insumo\", VLOOKUP(B371,'SINAPI INSUMOS'!B:J,7,0), VLOOKUP(B371,'SINAPI COMP'!B:M,8,0))=0,VLOOKUP(B371,'OUTRAS BASES'!C:D,2,0),IF(A371=\"Insumo\", VLOOKUP(B371,'SINAPI INSUMOS'!B:J,7,0),VLOOKUP(B371,'SINAPI COMP'!B:M,8,0))), VLOOKUP(B371,'OUTRAS BASES'!C:D,2,0))","v":212.97},12.99117]
["Insumo",1379,"SINAPI","CIMENTO PORTLAND COMPOSTO CP II-32","Material",null,"KG",4.83,{"$f":"IF(C372=\"SINAPI\", IF( IF(A372=\"Insumo\", VLOOKUP(B372,'SINAPI INSUMOS'!B:J,7,0), VLOOKUP(B372,'SINAPI COMP'!B:M,8,0))=0,VLOOKUP(B372,'OUTRAS BASES'!C:D,2,0),IF(A372=\"Insumo\", VLOOKUP(B372,'SINAPI INSUMOS'!B:J,7,0),VLOOKUP(B372,'SINAPI COMP'!B:M,8,0))), VLOOKUP(B372,'OUTRAS BASES'!C:D,2,0))","v":0.66},3.1878000000000002]
["Insumo",4948,"SINAPI","PORTAO DE ABRIR / GIRO, EM GRADIL DE METALON REDONDO DE 3/4\"  VERTICAL, COM REQUADRO, ACABAMENTO NATURAL - COMPLETO","Material",null,"m²",1,{"$f":"IF(C373=\"SINAPI\", IF( IF(A373=\"Insumo\", VLOOKUP(B373,'SINAPI INSUMOS'!B:J,7,0), VLOOKUP(B373,'SINAPI COMP'!B:M,8,0))=0,VLOOKUP(B373,'OUTRAS BASES'!C:D,2,0),IF(A373=\"Insumo\", VLOOKUP(B373,'SINAPI INSUMOS'!B:J,7,0),VLOOKUP(B373,'SINAPI COMP'!B:M,8,0))), VLOOKUP(B373,'OUTRAS BASES'!C:D,2,0))","v":552.76},552.76]
[]
[]
[]
[]
[13,null,null,"OUTROS SERVIÇOS E INSUMOS EXCEPCIONAIS"]
["13.1","Código","Banco","Descrição","Tipo",null,"Und","Quant.","Valor Unit","Total"]
["Composição","COMPOSIÇÃO - 23","Próprio","Execução de tamponamento conforme especificação","SEDI - SERVIÇOS DIVERSOS",null,"m³",1,{"$f":"SUM(J381:J383)","v":803.13000000000011},{"$f":"I380*H380","v":803.13000000000011}]
["Composição Auxiliar",87316,"SINAPI","ARGAMASSA TRAÇO 1:4 (EM VOLUME DE CIMENTO E AREIA GROSSA ÚMIDA) PARA CHAPISCO CONVENCIONAL, PREPARO MECÂNICO COM BETONEIRA 400 L. AF_08/2019","Argamassas",null,"m³",1,{"$f":"IF(C381=\"SINAPI\", IF( IF(A381=\"Insumo\", VLOOKUP(B381,'SINAPI INSUMOS'!B:J,7,0), VLOOKUP(B381,'SINAPI COMP'!B:M,8,0))=0,VLOOKUP(B381,'OUTRAS BASES'!C:D,2,0),IF(A381=\"Insumo\", VLOOKUP(B381,'SINAPI INSUMOS'!B:J,7,0),VLOOKUP(B381,'SINAPI COMP'!B:M,8,0))), VLOOKUP(B381,'OUTRAS BASES'!C:D,2,0))","v":573.1},573.1]
["Composição Auxiliar",88316,"SINAPI","SERVENTE COM ENCARGOS COMPLEMENTARES","Livro SINAPI: Cálculos e Parâmetros",null,"H",1,{"$f":"IF(C382=\"SINAPI\", IF( IF(A382=\"Insumo\", VLOOKUP(B382,'SINAPI INSUMOS'!B:J,7,0), VLOOKUP(B382,'SINAPI COMP'!B:M,8,0))=0,VLOOKUP(B382,'OUTRAS BASES'!C:D,2,0),IF(A382=\"Insumo\", VLOOKUP(B382,'SINAPI INSUMOS'!B:J,7,0),VLOOKUP(B382,'SINAPI COMP'!B:M,8,0))), VLOOKUP(B382,'OUTRAS BASES'!C:D,2,0))","v":24.94},24.94]
["Insumo",4721,"SINAPI","PEDRA BRITADA N. 1 (9,5 a 19 MM) POSTO PEDREIRA/FORNECEDOR, SEM FRETE","Material",null,"m³",1,{"$f":"IF(C383=\"SINAPI\", IF( IF(A383=\"Insumo\", VLOOKUP(B383,'SINAPI INSUMOS'!B:J,7,0), VLOOKUP(B383,'SINAPI COMP'!B:M,8,0))=0,VLOOKUP(B383,'OUTRAS BASES'!C:D,2,0),IF(A383=\"Insumo\", VLOOKUP(B383,'SINAPI INSUMOS'!B:J,7,0),VLOOKUP(B383,'SINAPI COMP'!B:M,8,0))), VLOOKUP(B383,'OUTRAS BASES'!C:D,2,0))","v":205.09},205.09]
[]
[]
[]
[]
["13.2","Código","Banco","Descrição","Tipo",null,"Und","Quant.","Valor Unit","Total"]
["Insumo",13747,"ORSE","Revestimento tubo liso aço sch-40 em 12\"","Serviços",null,"m",1,{"$f":"IF(C389=\"SINAPI\", IF( IF(A389=\"Insumo\", VLOOKUP(B389,'SINAPI INSUMOS'!B:J,7,0), VLOOKUP(B389,'SINAPI COMP'!B:M,8,0))=0,VLOOKUP(B389,'OUTRAS BASES'!C:D,2,0),IF(A389=\"Insumo\", VLOOKUP(B389,'SINAPI INSUMOS'!B:J,7,0),VLOOKUP(B389,'SINAPI COMP'!B:M,8,0))), VLOOKUP(B389,'OUTRAS BASES'!C:D,2,0))","v":921.04},{"$f":"I389*H389","v":921.04}]
[]
[]
[]
[]
[" 13.3 ","Código","Banco","Descrição","Tipo",null,"Und","Quant.","Valor Unit","Total"]
["Insumo"," M3929 ","SICRO3","Tubo em aço-carbono - E = 3,00 mm e D = 150 mm (6\")","Material",null,"m",1,{"$f":"IF(C395=\"SINAPI\", IF( IF(A395=\"Insumo\", VLOOKUP(B395,'SINAPI INSUMOS'!B:J,7,0), VLOOKUP(B395,'SINAPI COMP'!B:M,8,0))=0,VLOOKUP(B395,'OUTRAS BASES'!C:D,2,0),IF(A395=\"Insumo\", VLOOKUP(B395,'SINAPI INSUMOS'!B:J,7,0),VLOOKUP(B395,'SINAPI COMP'!B:M,8,0))), VLOOKUP(B395,'OUTRAS BASES'!C:D,2,0))","v":148.57},{"$f":"I395*H395","v":148.57}]
[]
[]
[]
[]
[" 13.4","Código","Banco","Descrição","Tipo",null,"Und","Quant.","Valor Unit","Total"]
["Insumo"," M039706073 ","EMBASA","FILTRO NOLD EM AÇO GALVANIZADO DN 6\"","Material",null,"M",1,{"$f":"IF(C401=\"SINAPI\", IF( IF(A401=\"Insumo\", VLOOKUP(B401,'SINAPI INSUMOS'!B:J,7,0), VLOOKUP(B401,'SINAPI COMP'!B:M,8,0))=0,VLOOKUP(B401,'OUTRAS BASES'!C:D,2,0),IF(A401=\"Insumo\", VLOOKUP(B401,'SINAPI INSUMOS'!B:J,7,0),VLOOKUP(B401,'SINAPI COMP'!B:M,8,0))), VLOOKUP(B401,'OUTRAS BASES'!C:D,2,0))","v":835.86},{"$f":"I401*H401","v":835.86}]
[]
[]
[]
[]
["13.5","Código","Banco","Descrição","Tipo",null,"Und","Quant.","Valor Unit","Total"]
["Composição","COMPOSIÇÃO - 24","Próprio","Limpeza manual , remoção de cerca, capina e instalação dos equipamentos (área do poço, painéis solares, bebedouro e reservatório)","SEDI - SERVIÇOS DIVERSOS",null,"m²",1,{"$f":"SUM(J408)","v":1.9952000000000001},{"$f":"I407*H407","v":1.9952000000000001}]
["Composição Auxiliar",88316,"SINAPI","SERVENTE COM ENCARGOS COMPLEMENTARES","Livro SINAPI: Cálculos e Parâmetros",null,"H",0.08,{"$f":"IF(C408=\"SINAPI\", IF( IF(A408=\"Insumo\", VLOOKUP(B408,'SINAPI INSUMOS'!B:J,7,0), VLOOKUP(B408,'SINAPI COMP'!B:M,8,0))=0,VLOOKUP(B408,'OUTRAS BASES'!C:D,2,0),IF(A408=\"Insumo\", VLOOKUP(B408,'SINAPI INSUMOS'!B:J,7,0),VLOOKUP(B408,'SINAPI COMP'!B:M,8,0))), VLOOKUP(B408,'OUTRAS BASES'!C:D,2,0))","v":24.94},1.9952000000000001]
[]
["13.6","Código","Banco","Descrição","Tipo",null,"Und","Quant.","Valor Unit","Total"]
["Composição","COMPOSIÇÃO - 25","Próprio","Fornecimento e instalação do filtro para revestimento interno Ø 4 1/2\"","ASTU - ASSENTAMENTO DE TUBOS E PECAS",null,"m",1,{"$f":"SUM(J412:J414)","v":123.41249999999999},{"$f":"I411*H411","v":123.41249999999999}]
["Composição Auxiliar",88316,"SINAPI","SERVENTE COM ENCARGOS COMPLEMENTARES","Livro SINAPI: Cálculos e Parâmetros",null,"H",0.65,{"$f":"IF(C412=\"SINAPI\", IF( IF(A412=\"Insumo\", VLOOKUP(B412,'SINAPI INSUMOS'!B:J,7,0), VLOOKUP(B412,'SINAPI COMP'!B:M,8,0))=0,VLOOKUP(B412,'OUTRAS BASES'!C:D,2,0),IF(A412=\"Insumo\", VLOOKUP(B412,'SINAPI INSUMOS'!B:J,7,0),VLOOKUP(B412,'SINAPI COMP'!B:M,8,0))), VLOOKUP(B412,'OUTRAS BASES'!C:D,2,0))","v":24.94},16.211000000000002]
["Composição Auxiliar",90776,"SINAPI","ENCARREGADO GERAL COM ENCARGOS COMPLEMENTARES","Livro SINAPI: Cálculos e Parâmetros",null,"H",0.65,{"$f":"IF(C413=\"SINAPI\", IF( IF(A413=\"Insumo\", VLOOKUP(B413,'SINAPI INSUMOS'!B:J,7,0), VLOOKUP(B413,'SINAPI COMP'!B:M,8,0))=0,VLOOKUP(B413,'OUTRAS BASES'!C:D,2,0),IF(A413=\"Insumo\", VLOOKUP(B413,'SINAPI INSUMOS'!B:J,7,0),VLOOKUP(B413,'SINAPI COMP'!B:M,8,0))), VLOOKUP(B413,'OUTRAS BASES'!C:D,2,0))","v":26.51},17.2315]
["Insumo"," COTAÇÃO-004 ","Próprio","Fornecimento tubo filtro geomecânico classe reforçado diâmetro Ø 4 1/2\" com junta roscável. ","Material",null,"m",1,89.97,89.97]
[]
[]
[]
[]
["13.7","Código","Banco","Descrição","Tipo",null,"Und","Quant.","Valor Unit","Total"]
["Composição","COMPOSIÇÃO - 26","Próprio","Fornecimento e instalação do revestimento interno Ø 4 1/2\"","ASTU - ASSENTAMENTO DE TUBOS E PECAS",null,"m",1,{"$f":"SUM(J421:J423)","v":113.85249999999999},{"$f":"I420*H420","v":113.85249999999999}]
["Composição Auxiliar",88316,"SINAPI","SERVENTE COM ENCARGOS COMPLEMENTARES","Livro SINAPI: Cálculos e Parâmetros",null,"H",0.65,{"$f":"IF(C421=\"SINAPI\", IF( IF(A421=\"Insumo\", VLOOKUP(B421,'SINAPI INSUMOS'!B:J,7,0), VLOOKUP(B421,'SINAPI COMP'!B:M,8,0))=0,VLOOKUP(B421,'OUTRAS BASES'!C:D,2,0),IF(A421=\"Insumo\", VLOOKUP(B421,'SINAPI INSUMOS'!B:J,7,0),VLOOKUP(B421,'SINAPI COMP'!B:M,8,0))), VLOOKUP(B421,'OUTRAS BASES'!C:D,2,0))","v":24.94},16.211000000000002]
["Composição Auxiliar",90776,"SINAPI","ENCARREGADO GERAL COM ENCARGOS COMPLEMENTARES","Livro SINAPI: Cálculos e Parâmetros",null,"H",0.65,{"$f":"IF(C422=\"SINAPI\", IF( IF(A422=\"Insumo\", VLOOKUP(B422,'SINAPI INSUMOS'!B:J,7,0), VLOOKUP(B422,'SINAPI COMP'!B:M,8,0))=0,VLOOKUP(B422,'OUTRAS BASES'!C:D,2,0),IF(A422=\"Insumo\", VLOOKUP(B422,'SINAPI INSUMOS'!B:J,7,0),VLOOKUP(B422,'SINAPI COMP'!B:M,8,0))), VLOOKUP(B422,'OUTRAS BASES'!C:D,2,0))","v":26.51},17.2315]
["Insumo"," COTAÇÃO-006 ","Próprio","Fornecimento tubo revestimento geomecânico classe reforçado Ø 4 1/2\" com junta roscável.","Material",null,"m",1,80.41,{"$f":"I423*H423","v":80.41}]

{"sheet":"Crono. - DF - T","index":24,"n_rows":27,"n_cols":15,"rows_kept":27,"cut":false,"hidden":false,"merged":[[0,0,6,14],[7,0,8,14],[23,0,23,1],[23,2,26,2],[24,0,24,1],[25,0,25,1],[26,0,26,1]]}
["OBJETO: EXECUÇÃO DE SERVIÇOS DE PERFURAÇÃO E INSTALAÇÃO DE POÇOS TUBULARES EM MUNICÍPIOS LOCALIZADOS NO DISTRITO FEDERAL, NA ÁREA DE ATUAÇÃO DA CODEVASF"]
[]
[]
[]
[]
[]
[]
["CRONOGRAMA FÍSICO-FINANCEIRO POÇO TOTALMENTE REVESTIDO"]
[]
["ITEM","ESPECIFICAÇÃO DOS SERVIÇOS","VALOR TOTAL (R$)","Mês 01","Mês 02","Mês 03","Mês 04","Mês 05","Mês 06","Mês 07","Mês 08","Mês 09","Mês 10","Mês 11","Mês 12"]
["1","Serviços preliminares.",{"$f":"'Orçamento Sintético - DF - T'!K4","v":45292.959999999999},{"$f":"$C$11/12","v":3774.4133333333334},{"$f":"$C$11/12","v":3774.4133333333334},3774.4133333333334,3774.4133333333334,3774.4133333333334,3774.4133333333334,3774.4133333333334,3774.4133333333334,3774.4133333333334,3774.4133333333334,3774.4133333333334,3774.4133333333334]
["2","Mobilizaçâo e desmobilizaçâo equipe campo.",{"$f":"'Orçamento Sintético - DF - T'!K8","v":37102.5},{"$f":"$C$12/12","v":3091.875},{"$f":"$C$12/12","v":3091.875},3091.875,3091.875,3091.875,3091.875,3091.875,3091.875,3091.875,3091.875,3091.875,3091.875]
["3","Perfuração e completação de poço tubular.",{"$f":"'Orçamento Sintético - DF - T'!K12","v":1376793.01},{"$f":"$C$13/12","v":114732.75083333334},{"$f":"$C$13/12","v":114732.75083333334},114732.75083333334,114732.75083333334,114732.75083333334,114732.75083333334,114732.75083333334,114732.75083333334,114732.75083333334,114732.75083333334,114732.75083333334,114732.75083333334]
["4","Pós perfuração.",{"$f":"'Orçamento Sintético - DF - T'!K19","v":185084.1},{"$f":"$C$14/12","v":15423.675000000001},{"$f":"$C$14/12","v":15423.675000000001},15423.675000000001,15423.675000000001,15423.675000000001,15423.675000000001,15423.675000000001,15423.675000000001,15423.675000000001,15423.675000000001,15423.675000000001,15423.675000000001]
["5","Reservação.",{"$f":"'Orçamento Sintético - DF - T'!K25","v":325683.3},{"$f":"$C$15/12","v":27140.274999999998},{"$f":"$C$15/12","v":27140.274999999998},27140.274999999998,27140.274999999998,27140.274999999998,27140.274999999998,27140.274999999998,27140.274999999998,27140.274999999998,27140.274999999998,27140.274999999998,27140.274999999998]
["6","Bebedouro.",{"$f":"'Orçamento Sintético - DF - T'!K28","v":31144.35},{"$f":"$C$16/12","v":2595.3624999999997},{"$f":"$C$16/12","v":2595.3624999999997},2595.3624999999997,2595.3624999999997,2595.3624999999997,2595.3624999999997,2595.3624999999997,2595.3624999999997,2595.3624999999997,2595.3624999999997,2595.3624999999997,2595.3624999999997]
["7","Chafariz.",{"$f":"'Orçamento Sintético - DF - T'!K30","v":18016.650000000001},{"$f":"$C$17/12","v":1501.3875},{"$f":"$C$17/12","v":1501.3875},1501.3875,1501.3875,1501.3875,1501.3875,1501.3875,1501.3875,1501.3875,1501.3875,1501.3875,1501.3875]
["8","Cavalete.",{"$f":"'Orçamento Sintético - DF - T'!K32","v":43312.5},{"$f":"$C$18/12","v":3609.375},{"$f":"$C$18/12","v":3609.375},3609.375,3609.375,3609.375,3609.375,3609.375,3609.375,3609.375,3609.375,3609.375,3609.375]
["9","Instalações hidráulicas poço e adutora.",{"$f":"'Orçamento Sintético - DF - T'!K34","v":263942.07},{"$f":"$C$19/12","v":21995.172500000001},{"$f":"$C$19/12","v":21995.172500000001},21995.172500000001,21995.172500000001,21995.172500000001,21995.172500000001,21995.172500000001,21995.172500000001,21995.172500000001,21995.172500000001,21995.172500000001,21995.172500000001]
["10","Estrutura de fixação para módulos fotovoltáicos.",{"$f":"'Orçamento Sintético - DF - T'!K42","v":31106.1},{"$f":"$C$20/12","v":2592.1749999999997},{"$f":"$C$20/12","v":2592.1749999999997},2592.1749999999997,2592.1749999999997,2592.1749999999997,2592.1749999999997,2592.1749999999997,2592.1749999999997,2592.1749999999997,2592.1749999999997,2592.1749999999997,2592.1749999999997]
["11","Instalações elétricas.",{"$f":"'Orçamento Sintético - DF - T'!K44","v":288147.3},{"$f":"$C$21/12","v":24012.274999999998},{"$f":"$C$21/12","v":24012.274999999998},24012.274999999998,24012.274999999998,24012.274999999998,24012.274999999998,24012.274999999998,24012.274999999998,24012.274999999998,24012.274999999998,24012.274999999998,24012.274999999998]
["12","Urbanização.",{"$f":"'Orçamento Sintético - DF - T'!K50","v":62760.08},{"$f":"$C$22/12","v":5230.0066666666671},{"$f":"$C$22/12","v":5230.0066666666671},5230.0066666666671,5230.0066666666671,5230.0066666666671,5230.0066666666671,5230.0066666666671,5230.0066666666671,5230.0066666666671,5230.0066666666671,5230.0066666666671,5230.0066666666671]
["13","Outros serviços e insumos excepcionais.",{"$f":"'Orçamento Sintético - DF - T'!K53","v":141557.81},{"$f":"$C$23/12","v":11796.484166666667},{"$f":"$C$23/12","v":11796.484166666667},11796.484166666667,11796.484166666667,11796.484166666667,11796.484166666667,11796.484166666667,11796.484166666667,11796.484166666667,11796.484166666667,11796.484166666667,11796.484166666667]
["TOTAL",null,{"$f":"SUM(C11:C23)","v":2849942.73},{"$f":"SUM(D11:D23)","v":237495.22749999998},{"$f":"SUM(E11:E23)","v":237495.22749999998},237495.22749999998,237495.22749999998,237495.22749999998,237495.22749999998,237495.22749999998,237495.22749999998,237495.22749999998,237495.22749999998,237495.22749999998,237495.22749999998]
["PERCENTUAL",null,null,{"$f":"D24/$C$24","v":8.3333333333333329E-2},{"$f":"E24/$C$24","v":8.3333333333333329E-2},{"$f":"F24/$C$24","v":8.3333333333333329E-2},8.3333333333333329E-2,8.3333333333333329E-2,8.3333333333333329E-2,8.3333333333333329E-2,8.3333333333333329E-2,8.3333333333333329E-2,8.3333333333333329E-2,8.3333333333333329E-2,8.3333333333333329E-2]
["CUSTO ACUMULADO",null,null,{"$f":"D24","v":237495.22749999998},{"$f":"E24+D26","v":474990.45499999996},{"$f":"F24+E26","v":712485.68249999988},{"$f":"F26+G24","v":949980.90999999992},{"$f":"H24+G26","v":1187476.1375},1424971.365,1662466.5925,1899961.82,2137457.0474999999,2374952.2749999999,2612447.5024999999,2849942.73]
["PERCENTUAL ACUMULADO",null,null,{"$f":"D25","v":8.3333333333333329E-2},{"$f":"E25+D27","v":0.16666666666666666},{"$f":"F25+E27","v":0.25},{"$f":"G25+F27","v":0.33333333333333331},0.41666666666666663,0.49999999999999994,0.58333333333333326,0.66666666666666663,0.75,0.83333333333333337,0.91666666666666674,1]

{"sheet":"CAPA MG","index":25,"n_rows":7,"n_cols":2,"rows_kept":7,"cut":false,"hidden":false,"merged":[[6,1,16,11]]}
[]
[]
[]
[]
[]
[]
[null,"EXECUÇÃO DE SERVIÇOS DE PERFURAÇÃO E INSTALAÇÃO DE POÇOS TUBULARES EM MINAS GERAIS"]

{"sheet":"Planilha Resumo MG","index":26,"n_rows":15,"n_cols":7,"rows_kept":15,"cut":false,"hidden":false,"merged":[[12,1,12,2],[14,1,14,2],[1,1,1,6],[2,1,2,6],[3,1,3,6],[4,1,4,6],[8,1,8,2],[8,4,8,5],[12,4,12,6],[14,4,14,6]]}
[]
[null,"OBJETO: EXECUÇÃO DE SERVIÇOS DE PERFURAÇÃO E INSTALAÇÃO DE POÇOS TUBULARES EM MUNICÍPIOS LOCALIZADOS EM MINAS GERAIS, NA ÁREA DE ATUAÇÃO DA CODEVASF DA 16 SR"]
[null,"PLANILHA ORÇAMENTÁRIA ESTIMATIVA GERAL"]
[null,"DATABASE DO ORÇAMENTO: SETEMBRO/2025 - NÃO DESONERADO"]
[null,"PLANILHA RESUMIDA - GRUPO 4 MINAS GERAIS"]
[null,"ITEM","DISCRIMINAÇÃO","UND","Quantidade de Poços","PREÇO \nUNITÁRIO","TOTAL"]
[null,7,"Perfuração e instalação de poço tubular parcialmente revestido, instalado com sistema fotovoltaico, bomba submersa, reservatório e bebedouro para animais.","un",{"$f":"'Orçamento Sintético - MG - P'!H2","v":44},{"$f":"'Orçamento Sintético - MG - P'!L2","v":118119.58068181817},{"$f":"F7*E7","v":5197261.55}]
[null,8,"Perfuração e instalação de poços poço tubular totalmente revestido, instalado com sistema fotovoltaico, bomba submersa, reservatório e bebedouro para animais.","un",{"$f":"'Orçamento Sintético - MG - T'!H2","v":6},{"$f":"'Orçamento Sintético - MG - T'!L2","v":187718.15666666665},{"$f":"F8*E8","v":1126308.94}]
[null,"TOTAL GERAL ESTIMADO GRUPO",null,"un",{"$f":"E7+E8","v":50},null,{"$f":"SUM(G7:G8)","v":6323570.4900000002}]
[]
[]
[]
[null,"Base de Preços Consultados",null,null,"SBC 09/2025 \nSINAPI 08/2025\nSICRO 04/2025\nORSE 06/2025\nCPOS/CDHU 06/2025\nEMBASA 06/2025\nSEINFRA 028\nSIURB 01/2025"]
[]
[null,"Encargos Sociais",null,null,"Não Desonerado: \nHorista: 108,90%\nMensalista: 67,79%"]

{"sheet":"Orçamento Sintético - MG - P","index":27,"n_rows":60,"n_cols":13,"rows_kept":60,"cut":false,"hidden":false,"merged":[[0,2,1,5]]}
[null,null,"OBJETO: EXECUÇÃO DE SERVIÇOS DE PERFURAÇÃO E INSTALAÇÃO DE POÇOS TUBULARES EM MUNICÍPIOS LOCALIZADOS EM MINAS GERAIS, NA ÁREA DE ATUAÇÃO DA CODEVASF DA 16 SR",{"$nulls":4},"Quantidade de Poços","BDI SERVIÇO","BDI INSUMO","Total","Preço Unitário Por Poço","Desconto"]
[{"$nulls":7},44,0.23780000000000001,0.1469,{"$f":"K4+K9+K13+K18+K24+K27+K29+K31+K33+K41+K43+K49+K52","v":5197261.55},{"$f":"K2/H2","v":118119.58068181817},0]
["Item","Código","Banco","TIPO","Descrição.","un.","Mem. calc.","Quanti.","Valor Unit","Valor Unit com BDI","Total","Peso (%)"]
[1,null,null,null,"Serviços preliminares.",{"$nulls":5},{"$f":"SUM(K5:K8)","v":68731.259999999995},{"$f":"K4/$K$2","v":1.3224514359874769E-2}]
["1.1","COMPOSIÇÃO - 1","Próprio","Serviço","Administração local da obra - poço parcialmente revestido.","un.",1,{"$f":"G5*$H$2","v":44},{"$f":"VLOOKUP(B5,'Orçamento Analítico - MG - P'!B:J,8,0)*(1-$M$2)","v":252.79140000000001},{"$f":"ROUND(I5*(1+$I$2),2)","v":312.91000000000003},{"$f":"ROUND(J5*H5,2)","v":13768.04},2.6490950796963452E-3]
["1.2","COMPOSIÇÃO - 2","Próprio","Serviço","Serviço de locação geológica de campo com relatório hidro geológico e perfil construtivo e geológico esperado. relatório de viabilidade de implantação das estruturas e vistorias preliminares.","un.",1,{"$f":"G6*$H$2","v":44},{"$f":"VLOOKUP(B6,'Orçamento Analítico - MG - P'!B:J,8,0)*(1-$M$2)","v":601.94999999999993},{"$f":"ROUND(I6*(1+$I$2),2)","v":745.09},{"$f":"ROUND(J6*H6,2)","v":32783.96},6.307929605736313E-3]
["1.3",103689,"SINAPI","Serviço","Fornecimento e instalação de placa de obra com chapa galvanizada e estrutura de madeira. .","m²",0.72,{"$f":"G7*$H$2","v":31.68},{"$f":"VLOOKUP(B7,'Orçamento Analítico - MG - P'!B:J,8,0)*(1-$M$2)","v":501.25},{"$f":"ROUND(I7*(1+$I$2),2)","v":620.45000000000005},{"$f":"ROUND(J7*H7,2)","v":19655.86},3.7819647541117111E-3]
["1.4","Composição - A","Próprio","Insumo","Emissão de Outorga e Licenciamento (taxas)","und",1,{"$f":"G8*$H$2","v":44},{"$f":"VLOOKUP(B8,'Orçamento Analítico - MG - P'!B:J,8,0)*(1-$M$2)","v":50},{"$f":"ROUND(I8*(1+$J$2),2)","v":57.35},{"$f":"ROUND(J8*H8,2)","v":2523.4},4.8552492033039982E-4]
[2,null,null,null,"Mobilizaçâo e desmobilizaçâo equipes perfuraçâo e instalação.",{"$nulls":5},{"$f":"SUM(K10:K12)","v":108174},2.0813653297860293E-2]
["2.1","COMPOSIÇÃO - 3","Próprio","Serviço","Transporte de comboio perfuração.","km",150,{"$f":"G10*$H$2","v":6600},{"$f":"VLOOKUP(B10,'Orçamento Analítico - MG - P'!B:J,8,0)*(1-$M$2)","v":4.7237764000000002},{"$f":"ROUND(I10*(1+$I$2),2)","v":5.85},{"$f":"ROUND(J10*H10,2)","v":38610},7.4289122509141377E-3]
["2.2","COMPOSIÇÃO - 4","Próprio","Serviço","Transporte de comboio instalação.","km",150,{"$f":"G11*$H$2","v":6600},{"$f":"VLOOKUP(B11,'Orçamento Analítico - MG - P'!B:J,8,0)*(1-$M$2)","v":5.9274614000000003},{"$f":"ROUND(I11*(1+$I$2),2)","v":7.34},{"$f":"ROUND(J11*H11,2)","v":48444},9.321062550719619E-3]
["2.3","COMPOSIÇÃO - 5","Próprio","Serviço","Transporte de equipe teste de vazão.","km",150,{"$f":"G12*$H$2","v":6600},{"$f":"VLOOKUP(B12,'Orçamento Analítico - MG - P'!B:J,8,0)*(1-$M$2)","v":2.5878570000000001},{"$f":"ROUND(I12*(1+$I$2),2)","v":3.2},{"$f":"ROUND(J12*H12,2)","v":21120},4.0636784962265367E-3]
[3,null,null,null,"Perfuração e completação de poço tubular.",{"$nulls":5},{"$f":"SUM(K14:K17)","v":1167392.1300000001},0.2246167753477791]
["3.1",5048,"ORSE","Serviço","Perfuraçao em rocha cristalina - rocha cristalina alterada / compacta dn 6\" (poço até 120m).","m",90,{"$f":"G14*$H$2","v":3960},{"$f":"VLOOKUP(B14,'Orçamento Analítico - MG - P'!B:J,8,0)*(1-$M$2)","v":125.23},{"$f":"ROUND(I14*(1+$J$2),2)","v":143.63},{"$f":"ROUND(J14*H14,2)","v":568774.80000000005},0.10943740170244079]
["3.2",5057,"ORSE","Serviço","Perfuração rocha sedimentar sedimento / Camadas inconsolidadas DN 12.1/2\" - Poço até 150 m","m",30,{"$f":"G15*$H$2","v":1320},{"$f":"VLOOKUP(B15,'Orçamento Analítico - MG - P'!B:J,8,0)*(1-$M$2)","v":247.66},{"$f":"ROUND(I15*(1+$J$2),2)","v":284.04000000000002},{"$f":"ROUND(J15*H15,2)","v":374932.8},7.2140452504261598E-2]
["3.3","COMPOSIÇÃO - 6","Próprio","Serviço","Serviço de lançamento cimentação anelar, incluso materiais.","m³",1.74,{"$f":"G16*$H$2","v":76.56},{"$f":"VLOOKUP(B16,'Orçamento Analítico - MG - P'!B:J,8,0)*(1-$M$2)","v":521.34},{"$f":"ROUND(I16*(1+$I$2),2)","v":645.30999999999995},{"$f":"ROUND(J16*H16,2)","v":49404.93},9.5059541500273348E-3]
["3.4",9854,"SINAPI","Insumo","Tubo pvc de revestimento geomecanico nervurado standard, dn = 154 mm, comprimento = 2 m.","m",30,{"$f":"G17*$H$2","v":1320},{"$f":"VLOOKUP(B17,'Orçamento Analítico - MG - P'!B:J,8,0)*(1-$M$2)","v":115.12},{"$f":"ROUND(I17*(1+$J$2),2)","v":132.03},{"$f":"ROUND(J17*H17,2)","v":174279.6},3.3532966991049358E-2]
[4,null,null,null,"Pós perfuração.",{"$nulls":5},{"$f":"SUM(K19:K23)","v":523445.56000000006},0.10071564706994592]
["4.1",6305,"ORSE","Serviço","Desenvolvimento com compressor 250psi / 750cfm.","h",2,{"$f":"G19*$H$2","v":88},{"$f":"VLOOKUP(B19,'Orçamento Analítico - MG - P'!B:J,8,0)*(1-$M$2)","v":411.16},{"$f":"ROUND(I19*(1+$I$2),2)","v":508.93},{"$f":"ROUND(J19*H19,2)","v":44785.84},8.617199571185714E-3]
["4.2","COMPOSIÇÃO - 7","Próprio","Serviço","Inspeção ótica em poço tubular câmera com rotação de 360º, visada lateral, com fonte própria de luz, entregue vídeo em cores e marcação de profundidades.","m",120,{"$f":"G20*$H$2","v":5280},{"$f":"VLOOKUP(B20,'Orçamento Analítico - MG - P'!B:J,8,0)*(1-$M$2)","v":9.6404600000000009},{"$f":"ROUND(I20*(1+$I$2),2)","v":11.93},{"$f":"ROUND(J20*H20,2)","v":62990.400000000001},1.2119921114995647E-2]
["4.3","COMPOSIÇÃO - 8","Próprio","Serviço","Serviço de coleta e análise físico-química e bacteriológica.","un.",1,{"$f":"G21*$H$2","v":44},{"$f":"VLOOKUP(B21,'Orçamento Analítico - MG - P'!B:J,8,0)*(1-$M$2)","v":621.19000000000005},{"$f":"ROUND(I21*(1+$I$2),2)","v":768.91},{"$f":"ROUND(J21*H21,2)","v":33832.04},6.5095896511115558E-3]
["4.4"," 24.80.22 ","EMBASA","Serviço","(REVISADA) DESENVOLVIMENTO OU TESTE COM BOMBA SUBMERSA - UEB1 NO SEDIMENTO COM VAZAO < 60M3 (Ensaio de bombeamento poço tubular incluso materiais e grupo gerador)","h",24,{"$f":"G22*$H$2","v":1056},{"$f":"VLOOKUP(B22,'Orçamento Analítico - MG - P'!B:J,8,0)*(1-$M$2)","v":263.27},{"$f":"ROUND(I22*(1+$I$2),2)","v":325.88},{"$f":"ROUND(J22*H22,2)","v":344129.28000000003},6.6213577417515199E-2]
["4.5","COMPOSIÇÃO - 9","Próprio","Serviço","Serviço de instalação de laje sanitária com dimensões (1,5x1,5x0,3) metros , incluso material.","un.",1,{"$f":"G23*$H$2","v":44},{"$f":"VLOOKUP(B23,'Orçamento Analítico - MG - P'!B:J,8,0)*(1-$M$2)","v":692.35874999999999},{"$f":"ROUND(I23*(1+$I$2),2)","v":857},{"$f":"ROUND(J23*H23,2)","v":37708},7.2553593151377964E-3]
[5,null,null,null,"Reservação.",{"$nulls":5},{"$f":"SUM(K25:K26)","v":951061.58},0.18299282628945238]
["5.1","COMPOSIÇÃO - 10","Próprio","Serviço","Fornecimento e instalação de reservatório e base elevada 10 m³.","un.",0.8,{"$f":"G25*$H$2","v":35.200000000000003},{"$f":"VLOOKUP(B25,'Orçamento Analítico - MG - P'!B:J,8,0)*(1-$M$2)","v":19745.553790000002},{"$f":"ROUND(I25*(1+$I$2),2)","v":24441.05},{"$f":"ROUND(J25*H25,2)","v":860324.96},0.16553428218366267]
["5.2","COMPOSIÇÃO - 11","Próprio","Serviço","Fornecimento e execução de reservatório apoiado de 5 m³.","un.",0.2,{"$f":"G26*$H$2","v":8.8000000000000007},{"$f":"VLOOKUP(B26,'Orçamento Analítico - MG - P'!B:J,8,0)*(1-$M$2)","v":8330.0840499999995},{"$f":"ROUND(I26*(1+$I$2),2)","v":10310.98},{"$f":"ROUND(J26*H26,2)","v":90736.62},1.745854410578971E-2]
[6,null,null,null,"Bebedouro.",{"$nulls":5},{"$f":"SUM(K28)","v":97339.44},1.8728986229296082E-2]
["6.1","COMPOSIÇÃO - 12","Próprio","Serviço","Serviço de execução do bebedouro em concreto armado, incluso materiais.","un.",1,{"$f":"G28*$H$2","v":44},{"$f":"VLOOKUP(B28,'Orçamento Analítico - MG - P'!B:J,8,0)*(1-$M$2)","v":1787.2510600000001},{"$f":"ROUND(I28*(1+$I$2),2)","v":2212.2600000000002},{"$f":"ROUND(J28*H28,2)","v":97339.44},1.8728986229296082E-2]
[7,null,null,null,"Chafariz.",{"$nulls":5},{"$f":"SUM(K30)","v":53029.24},1.0203304084244134E-2]
["7.1","COMPOSIÇÃO - 13","Próprio","Serviço","Fornecimento de material e instalação do chafariz.","un.",1,{"$f":"G30*$H$2","v":44},{"$f":"VLOOKUP(B30,'Orçamento Analítico - MG - P'!B:J,8,0)*(1-$M$2)","v":973.67006708999997},{"$f":"ROUND(I30*(1+$I$2),2)","v":1205.21},{"$f":"ROUND(J30*H30,2)","v":53029.24},1.0203304084244134E-2]
[8,null,null,null,"Cavalete.",{"$nulls":5},{"$f":"SUM(K32)","v":112547.16},2.1655088726485201E-2]
["8.1","COMPOSIÇÃO - 14","Próprio","Serviço","Fornecimento de conexões e instalação do cavalete com hidrômetro e clorador de pastilhas.","un.",1,{"$f":"G32*$H$2","v":44},{"$f":"VLOOKUP(B32,'Orçamento Analítico - MG - P'!B:J,8,0)*(1-$M$2)","v":2066.48},{"$f":"ROUND(I32*(1+$I$2),2)","v":2557.89},{"$f":"ROUND(J32*H32,2)","v":112547.16},2.1655088726485201E-2]
[9,null,null,null,"Instalações hidráulicas.",{"$nulls":5},{"$f":"SUM(K34:K40)","v":731628.99},0.14077201675563164]
["9.1","COMPOSIÇÃO - 15","Próprio","Serviço","Instalação da rede adutora poço-reservatório-bebedouro em pn80 e dn50mm.","m",400,{"$f":"G34*$H$2","v":17600},{"$f":"VLOOKUP(B34,'Orçamento Analítico - MG - P'!B:J,8,0)*(1-$M$2)","v":6.5675000000000008},{"$f":"ROUND(I34*(1+$I$2),2)","v":8.1300000000000008},{"$f":"ROUND(J34*H34,2)","v":143088},2.7531421811934787E-2]
["9.2",9875,"SINAPI","Insumo","TUBO PVC, SOLDAVEL, DE 50 MM, AGUA FRIA (NBR-5648)","m",400,{"$f":"G35*H2","v":17600},{"$f":"VLOOKUP(B35,'Orçamento Analítico - MG - P'!B:J,8,0)*(1-$M$2)","v":15.8},{"$f":"ROUND(I35*(1+$J$2),2)","v":18.12},{"$f":"J35*H35","v":318912},6.1361545293020708E-2]
["9.3","COMPOSIÇÃO - 16","Próprio","Serviço","Montagem hidráulica do equipamento de bombeamento.","un.",1,44,{"$f":"VLOOKUP(B36,'Orçamento Analítico - MG - P'!B:J,8,0)*(1-$M$2)","v":164.88},{"$f":"ROUND(I36*(1+$I$2),2)","v":204.09},8979.9599999999991,1.7278253006143204E-3]
["9.4",38200,"SINAPI","Insumo","Corda de poliamida 12 mm tipo bombeiro, para trabalho em altura.","100m",0.93,40.92,{"$f":"VLOOKUP(B37,'Orçamento Analítico - MG - P'!B:J,8,0)*(1-$M$2)","v":393.71},{"$f":"ROUND(I37*(1+$J$2),2)","v":451.55},18477.43,{"$f":"K37/$K$2","v":3.5552241930175712E-3}]
["9.5",9860,"SINAPI","Insumo","Tubo pvc, roscavel,  2\", para agua fria predial.","m",90,3960,{"$f":"VLOOKUP(B38,'Orçamento Analítico - MG - P'!B:J,8,0)*(1-$M$2)","v":45.89},{"$f":"ROUND(I38*(1+$J$2),2)","v":52.63},208414.8,4.0100887360575495E-2]
["9.6",3912,"SINAPI","Insumo","Luva de ferro galvanizado, com rosca bsp, de 2\".","un.",16,704,{"$f":"VLOOKUP(B39,'Orçamento Analítico - MG - P'!B:J,8,0)*(1-$M$2)","v":35.1},{"$f":"ROUND(I39*(1+$J$2),2)","v":40.26},28343.040000000001,5.4534565419360132E-3]
["9.7",5128,"ORSE","Insumo","Tampa de poço galvanizada em 6\" un.","un.",1,44,{"$f":"VLOOKUP(B40,'Orçamento Analítico - MG - P'!B:J,8,0)*(1-$M$2)","v":107.28},{"$f":"ROUND(I40*(1+$J$2),2)","v":123.04},5413.76,1.0416562545327358E-3]
[10,null,null,null,"Estrutura de fixação para módulos fotovoltáicos.",{"$nulls":5},{"$f":"SUM(K42)","v":57329.8},1.1030770618038263E-2]
["10.1","COMPOSIÇÃO - 17","Próprio","Serviço","Serviço de fixação de estruturas para os módulos fotovoltaicos e suportes de concreto, incluso materiais.","m²",10.119999999999999,{"$f":"G42*$H$2","v":445.28},{"$f":"VLOOKUP(B42,'Orçamento Analítico - MG - P'!B:J,8,0)*(1-$M$2)","v":104.017572},{"$f":"ROUND(I42*(1+$I$2),2)","v":128.75},{"$f":"ROUND(J42*H42,2)","v":57329.8},1.1030770618038263E-2]
[11,null,null,null,"Instalações elétricas e bóia elétrica.",{"$nulls":5},{"$f":"SUM(K44:K48)","v":634850.91999999993},0.12215104317772885]
["11.1","COMPOSIÇÃO - 18","Próprio","Serviço","Montagem e instalação elétrica do kit de bombeamento e sistema fotovoltaico inclusive sistema de aterramento.","un.",1,{"$f":"G44*$H$2","v":44},{"$f":"VLOOKUP(B44,'Orçamento Analítico - MG - P'!B:J,8,0)*(1-$M$2)","v":1059.6075999999998},{"$f":"ROUND(I44*(1+$I$2),2)","v":1311.58},{"$f":"ROUND(J44*H44,2)","v":57709.52},1.1103832171001669E-2]
["11.2",34622,"SINAPI","Insumo","Fornecimento de  cabo flexivel pvc 750 v, 3 condutores de 6,0 mm2.","m",105,{"$f":"G45*$H$2","v":4620},{"$f":"VLOOKUP(B45,'Orçamento Analítico - MG - P'!B:J,8,0)*(1-$M$2)","v":22.12},{"$f":"ROUND(I45*(1+$J$2),2)","v":25.37},{"$f":"ROUND(J45*H45,2)","v":117209.4},2.2552145754527207E-2]
["11.3","COMPOSIÇÃO - 19","Próprio","Serviço","Fornecimento e instalação de automático de bóia superior e inferior.","un.",1,{"$f":"G46*$H$2","v":44},{"$f":"VLOOKUP(B46,'Orçamento Analítico - MG - P'!B:J,8,0)*(1-$M$2)","v":64.899000000000001},{"$f":"ROUND(I46*(1+$I$2),2)","v":80.33},{"$f":"ROUND(J46*H46,2)","v":3534.52},6.8007352833724527E-4]
["11.4",39257,"SINAPI","Insumo","Cabo multipolar de cobre, flexivel, classe 4 ou 5, isolacao em hepr, cobertura em pvc-st2, antichama bwf-b, 0,6/1 kv, 3 condutores de 1,5 mm2.","m",200,{"$f":"G47*$H$2","v":8800},{"$f":"VLOOKUP(B47,'Orçamento Analítico - MG - P'!B:J,8,0)*(1-$M$2)","v":6.01},{"$f":"ROUND(I47*(1+$J$2),2)","v":6.89},{"$f":"ROUND(J47*H47,2)","v":60632},1.1666143682917017E-2]
["11.5","COTAÇÃO-001","Próprio","Insumo","Fornecimento de kit de bombeamento fotovoltaico, incluindo uma bomba cc de 1500w com controladora de carga externa, caixa de proteção metálica, módulos fotovoltaicos compatíveis com a geração de 2200wp além de componentes elétricos necessários para interligação dos painéis, como cabos, conectores mc4 e presilhas de fixação.","un.",1,{"$f":"G48*$H$2","v":44},{"$f":"VLOOKUP(B48,'Orçamento Analítico - MG - P'!B:J,8,0)*(1-$M$2)","v":7842.59},{"$f":"ROUND(I48*(1+$J$2),2)","v":8994.67},{"$f":"ROUND(J48*H48,2)","v":395765.48},7.614884804094571E-2]
[12,null,null,null,"Urbanização.",{"$nulls":5},{"$f":"SUM(K50:K51)","v":178620.19999999998},3.4368137581992579E-2]
["12.1","COMPOSIÇÃO - 20","Próprio","Serviço","Cerca com mourões de concreto de 15x15cm, espaçados de 3m e cravados a 0,5m, escoras de 10x10cm nos cantos, e 9 fios de arame de aço ovalado 15x17.","m",28,{"$f":"G50*$H$2","v":1232},{"$f":"VLOOKUP(B50,'Orçamento Analítico - MG - P'!B:J,8,0)*(1-$M$2)","v":86.261942000000005},{"$f":"ROUND(I50*(1+$I$2),2)","v":106.78},{"$f":"ROUND(J50*H50,2)","v":131552.95999999999},2.5311976073245725E-2]
["12.2","COMPOSIÇÃO - 21","Próprio","Serviço","Serviço de instalação de portão de ferro com suporte e batedor conforme projeto, incluso material.","m²",1.5,{"$f":"G51*$H$2","v":66},{"$f":"VLOOKUP(B51,'Orçamento Analítico - MG - P'!B:J,8,0)*(1-$M$2)","v":576.13194999999996},{"$f":"ROUND(I51*(1+$I$2),2)","v":713.14},{"$f":"ROUND(J51*H51,2)","v":47067.24},9.056161508746852E-3]
[13,null,null,null,"Outros serviços e insumos excepcionais.",{"$nulls":5},{"$f":"SUM(K53:K60)","v":513111.26999999996},9.872723646167085E-2]
["13.1","COMPOSIÇÃO - 22","Próprio","Serviço","Fornecimento e instalação do pré filtro para revestimento interno.","m³",1.212,{"$f":"G53*$H$2","v":53.327999999999996},{"$f":"VLOOKUP(B53,'Orçamento Analítico - MG - P'!B:J,8,0)*(1-$M$2)","v":1672.884},{"$f":"ROUND(I53*(1+$I$2),2)","v":2070.6999999999998},{"$f":"ROUND(J53*H53,2)","v":110426.29},2.1247014208857738E-2]
["13.2","COMPOSIÇÃO - 23","Próprio","Serviço","Execução de tamponamento conforme especificação.","m³",0.24,10.559999999999999,{"$f":"VLOOKUP(B54,'Orçamento Analítico - MG - P'!B:J,8,0)*(1-$M$2)","v":715.01},{"$f":"ROUND(I54*(1+$I$2),2)","v":885.04},9346.02,1.7982585463685199E-3]
["13.3","COMPOSIÇÃO - 24","Próprio","Serviço","Fornecimento e instalação do filtro para revestimento interno ø 4 1/2\".","m",0.6,26.4,{"$f":"VLOOKUP(B55,'Orçamento Analítico - MG - P'!B:J,8,0)*(1-$M$2)","v":148.1105},{"$f":"ROUND(I55*(1+$I$2),2)","v":183.33},4839.91,9.3124233857347436E-4]
["13.4","COMPOSIÇÃO - 25","Próprio","Serviço","Fornecimento e instalação do revestimento interno ø 4 1/2\".","m",34.799999999999997,1531.1999999999998,{"$f":"VLOOKUP(B56,'Orçamento Analítico - MG - P'!B:J,8,0)*(1-$M$2)","v":138.56049999999999},{"$f":"ROUND(I56*(1+$I$2),2)","v":171.51},262616.11,5.0529708284548426E-2]
["13.5"," M3929 ","SICRO3","Insumo","Tubo em aço-carbono - e = 3,00 mm e d = 150 mm (6\").","m",9,396,{"$f":"VLOOKUP(B57,'Orçamento Analítico - MG - P'!B:J,8,0)*(1-$M$2)","v":148.57},{"$f":"ROUND(I57*(1+$J$2),2)","v":170.39},67474.44,1.2982690855725744E-2]
["13.6",5108,"Orse","Insumo","Revestimento tubo liso aço sch-40 em 8\"","m",6,264,{"$f":"VLOOKUP(B58,'Orçamento Analítico - MG - P'!B:J,8,0)*(1-$M$2)","v":164.55},{"$f":"ROUND(I58*(1+$J$2),2)","v":188.72},49822.080000000002,9.5862175725984003E-3]
["13.7"," M039706073 ","EMBASA","Insumo","Filtro nold em aço galvanizado dn 6\".","m",0.04,1.76,{"$f":"VLOOKUP(B59,'Orçamento Analítico - MG - P'!B:J,8,0)*(1-$M$2)","v":835.86},{"$f":"ROUND(I59*(1+$J$2),2)","v":958.65},1687.22,3.2463634623121866E-4]
["13.8","COMPOSIÇÃO - 26","Próprio","Serviço","Limpeza manual , remoção de cerca, capina e instalação dos equipamentos (área do poço, painéis solares, bebedouro e reservatório).","m²",70,3080,{"$f":"VLOOKUP(B60,'Orçamento Analítico - MG - P'!B:J,8,0)*(1-$M$2)","v":1.8112000000000001},{"$f":"ROUND(I60*(1+$I$2),2)","v":2.2400000000000002},6899.2,1.3274683087673353E-3]

{"sheet":"Orçamento Analítico - MG - P","index":28,"n_rows":431,"n_cols":10,"rows_kept":431,"cut":false,"hidden":false,"merged":[[405,4,405,5],[430,4,430,5],[432,7,432,8],[407,7,407,8],[410,4,410,5],[413,7,413,8],[416,4,416,5],[419,7,419,8],[422,4,422,5],[425,7,425,8],[428,4,428,5],[429,4,429,5],[411,4,411,5],[417,4,417,5],[423,4,423,5],[375,4,375,5],[376,4,376,5],[377,4,377,5],[387,4,387,5],[398,7,398,8],[401,4,401,5],[402,4,402,5],[403,4,403,5],[404,4,404,5],[396,4,396,5],[328,4,328,5],[329,4,329,5],[332,7,332,8],[335,4,335,5],[338,7,338,8],[341,4,341,5],[342,4,342,5],[344,7,344,8],[358,7,358,8],[351,4,351,5],[348,4,348,5],[349,4,349,5],[350,4,350,5],[347,5,347,6],[352,4,352,5],[353,4,353,5],[356,4,356,5],[281,7,281,8],[284,4,284,5],[285,4,285,5],[287,7,287,8],[290,5,290,6],[295,4,295,5],[327,4,327,5],[303,4,303,5],[304,4,304,5],[305,4,305,5],[306,4,306,5],[307,4,307,5],[308,4,308,5],[313,4,313,5],[309,4,309,5],[310,4,310,5],[311,4,311,5],[312,4,312,5],[315,7,315,8],[318,4,318,5],[321,7,321,8],[326,4,326,5],[292,4,292,5],[253,4,253,5],[259,4,259,5],[260,4,260,5],[263,7,263,8],[266,4,266,5],[269,7,269,8],[272,4,272,5],[275,7,275,8],[278,4,278,5],[234,4,234,5],[235,4,235,5],[236,4,236,5],[237,4,237,5],[246,4,246,5],[250,4,250,5],[238,4,238,5],[239,4,239,5],[240,4,240,5],[225,4,225,5],[226,4,226,5],[227,4,227,5],[228,4,228,5],[229,4,229,5],[230,4,230,5],[231,4,231,5],[232,4,232,5],[233,4,233,5],[162,7,162,8],[173,4,173,5],[174,4,174,5],[142,4,142,5],[143,4,143,5],[144,4,144,5],[145,4,145,5],[146,4,146,5],[147,4,147,5],[148,4,148,5],[149,4,149,5],[150,4,150,5],[151,4,151,5],[152,4,152,5],[153,4,153,5],[154,4,154,5],[155,4,155,5],[156,4,156,5],[167,4,167,5],[168,4,168,5],[169,4,169,5],[170,4,170,5],[171,4,171,5],[172,4,172,5],[118,4,118,5],[119,4,119,5],[133,7,133,8],[123,7,123,8],[127,4,127,5],[128,4,128,5],[129,4,129,5],[130,4,130,5],[131,4,131,5],[121,4,121,5],[126,4,126,5],[120,4,120,5],[103,4,103,5],[99,7,99,8],[102,4,102,5],[104,4,104,5],[107,7,107,8],[110,4,110,5],[111,4,111,5],[112,4,112,5],[115,7,115,8],[105,4,105,5],[113,4,113,5],[361,4,361,5],[354,4,354,5],[355,4,355,5],[394,4,394,5],[395,4,395,5],[380,7,380,8],[383,4,383,5],[384,4,384,5],[385,4,385,5],[386,4,386,5],[389,7,389,8],[363,4,363,5],[364,4,364,5],[365,4,365,5],[366,4,366,5],[367,4,367,5],[369,7,369,8],[392,4,392,5],[393,4,393,5],[362,4,362,5],[373,4,373,5],[378,4,378,5],[372,5,372,6],[374,4,374,5],[47,4,47,5],[55,4,55,5],[83,4,83,5],[97,4,97,5],[89,4,89,5],[91,7,91,8],[94,5,94,6],[95,4,95,5],[96,4,96,5],[69,4,69,5],[72,7,72,8],[75,4,75,5],[78,7,78,8],[81,4,81,5],[82,4,82,5],[85,7,85,8],[88,4,88,5],[0,2,2,7],[3,0,3,9],[4,5,4,6],[6,4,6,5],[7,4,7,5],[8,4,8,5],[5,5,5,6],[9,4,9,5],[11,7,11,8],[14,4,14,5],[15,4,15,5],[16,4,16,5],[17,4,17,5],[29,4,29,5],[30,4,30,5],[23,4,23,5],[24,4,24,5],[25,4,25,5],[26,4,26,5],[27,4,27,5],[28,4,28,5],[18,4,18,5],[20,7,20,8],[31,4,31,5],[36,4,36,5],[70,4,70,5],[76,4,76,5],[52,4,52,5],[53,4,53,5],[54,4,54,5],[57,7,57,8],[60,4,60,5],[61,4,61,5],[62,4,62,5],[63,4,63,5],[65,7,65,8],[33,7,33,8],[37,4,37,5],[38,4,38,5],[40,7,40,8],[43,5,43,6],[44,4,44,5],[45,4,45,5],[46,4,46,5],[49,7,49,8],[68,5,68,6],[137,4,137,5],[138,4,138,5],[139,4,139,5],[140,4,140,5],[141,4,141,5],[136,5,136,6],[165,4,165,5],[166,4,166,5],[157,4,157,5],[158,4,158,5],[159,4,159,5],[160,4,160,5],[175,4,175,5],[176,4,176,5],[178,7,178,8],[182,4,182,5],[183,4,183,5],[184,4,184,5],[185,4,185,5],[186,4,186,5],[187,4,187,5],[188,4,188,5],[189,4,189,5],[181,5,181,6],[197,4,197,5],[198,4,198,5],[199,4,199,5],[200,4,200,5],[201,4,201,5],[202,4,202,5],[223,4,223,5],[224,4,224,5],[191,7,191,8],[194,5,194,6],[212,4,212,5],[213,4,213,5],[214,4,214,5],[215,4,215,5],[203,4,203,5],[204,4,204,5],[205,4,205,5],[206,4,206,5],[207,4,207,5],[220,5,220,6],[208,4,208,5],[209,4,209,5],[210,4,210,5],[211,4,211,5],[195,4,195,5],[196,4,196,5],[217,7,217,8],[221,4,221,5],[222,4,222,5],[242,7,242,8],[245,5,245,6],[247,4,247,5],[248,4,248,5],[249,4,249,5],[255,7,255,8],[330,4,330,5],[336,4,336,5],[319,4,319,5],[324,4,324,5],[325,4,325,5],[261,4,261,5],[267,4,267,5],[273,4,273,5],[279,4,279,5],[291,4,291,5],[293,4,293,5],[294,4,294,5],[301,4,301,5],[297,7,297,8],[300,5,300,6],[302,4,302,5],[258,4,258,5],[252,4,252,5]]}
[null,null,"OBJETO: EXECUÇÃO DE SERVIÇOS DE PERFURAÇÃO E INSTALAÇÃO DE POÇOS TUBULARES EM MUNICÍPIOS LOCALIZADOS EM MINAS GERAIS, NA ÁREA DE ATUAÇÃO DA CODEVASF DA 16 SR"]
[]
[]
["PLANILHA ANALÍTICA - POÇO PARCIALMENTE REVESTIDO - MINAS GERAIS 16 SR"]
[1,null,null,"Serviços preliminares."]
[" 1 ",null,null,"SERVIÇOS PRELIMINARES"]
[" 1.1 ","Código","Banco","Descrição","Tipo",null,"Und","Quant.","Valor Unit","Total"]
["Composição","COMPOSIÇÃO - 1","Próprio","Administração Local da Obra - Poço Parcialmente Revestido","CANT - CANTEIRO DE OBRAS",null,"un",1,{"$f":"SUM(J9:J10)","v":252.79140000000001},{"$f":"I8*H8","v":252.79140000000001}]
["Composição Auxiliar",12710,"SBC","DESPESAS GERAIS DE MANUTENCAO CANTEIRO DE OBRAS","INSTALACOES PROVISORIAS",null,"MES",0.03,{"$f":"IF(C9=\"SINAPI\", IF( IF(A9=\"Insumo\", VLOOKUP(B9,'SINAPI INSUMOS'!B:J,8,0), VLOOKUP(B9,'SINAPI COMP'!B:M,10,0))=0,VLOOKUP(B9,'OUTRAS BASES'!C:D,2,0),IF(A9=\"Insumo\", VLOOKUP(B9,'SINAPI INSUMOS'!B:J,8,0),VLOOKUP(B9,'SINAPI COMP'!B:M,10,0))), VLOOKUP(B9,'OUTRAS BASES'!C:D,2,0))","v":910.61},{"$f":"I9*H9","v":27.318300000000001}]
["Composição Auxiliar",100321,"SINAPI","TÉCNICO EM SEGURANÇA DO TRABALHO COM ENCARGOS COMPLEMENTARES","Livro SINAPI: Cálculos e Parâmetros",null,"MES",0.03,{"$f":"IF(C10=\"SINAPI\", IF( IF(A10=\"Insumo\", VLOOKUP(B10,'SINAPI INSUMOS'!B:J,8,0), VLOOKUP(B10,'SINAPI COMP'!B:M,10,0))=0,VLOOKUP(B10,'OUTRAS BASES'!C:D,2,0),IF(A10=\"Insumo\", VLOOKUP(B10,'SINAPI INSUMOS'!B:J,8,0),VLOOKUP(B10,'SINAPI COMP'!B:M,10,0))), VLOOKUP(B10,'OUTRAS BASES'!C:D,2,0))","v":7515.77},225.47310000000002]
[]
[]
[]
[]
[" 1.2 ","Código","Banco","Descrição","Tipo",null,"Und","Quant.","Valor Unit","Total"]
["Composição","COMPOSIÇÃO - 2","Próprio","Serviço de locação Geológica de campo com relatório hidro geológico e perfil construtivo e geológico esperado. Relatório de Viabilidade de implantação das estruturas e vistorias preliminares","SERT - SERVIÇOS TÉCNICOS",null,"un",1,{"$f":"SUM(J17:J19)","v":601.94999999999993},{"$f":"I16*H16","v":601.94999999999993}]
["Composição Auxiliar"," 30.01.45 ","EMBASA","GEOLOGO SENIOR",3001,null,"hora",5,{"$f":"IF(C17=\"SINAPI\", IF( IF(A17=\"Insumo\", VLOOKUP(B17,'SINAPI INSUMOS'!B:J,8,0), VLOOKUP(B17,'SINAPI COMP'!B:M,10,0))=0,VLOOKUP(B17,'OUTRAS BASES'!C:D,2,0),IF(A17=\"Insumo\", VLOOKUP(B17,'SINAPI INSUMOS'!B:J,8,0),VLOOKUP(B17,'SINAPI COMP'!B:M,10,0))), VLOOKUP(B17,'OUTRAS BASES'!C:D,2,0))","v":99.88},499.4]
["Insumo",5896,"ORSE","Veículo tipo sedan ou pick-up capacidade 0,6 ton h","Equipamento",null,"h",5,{"$f":"IF(C18=\"SINAPI\", IF( IF(A18=\"Insumo\", VLOOKUP(B18,'SINAPI INSUMOS'!B:J,8,0), VLOOKUP(B18,'SINAPI COMP'!B:M,10,0))=0,VLOOKUP(B18,'OUTRAS BASES'!C:D,2,0),IF(A18=\"Insumo\", VLOOKUP(B18,'SINAPI INSUMOS'!B:J,8,0),VLOOKUP(B18,'SINAPI COMP'!B:M,10,0))), VLOOKUP(B18,'OUTRAS BASES'!C:D,2,0))","v":8.33},41.65]
["Insumo",4222,"SINAPI","GASOLINA COMUM","Material",null,"L",10,{"$f":"IF(C19=\"SINAPI\", IF( IF(A19=\"Insumo\", VLOOKUP(B19,'SINAPI INSUMOS'!B:J,8,0), VLOOKUP(B19,'SINAPI COMP'!B:M,10,0))=0,VLOOKUP(B19,'OUTRAS BASES'!C:D,2,0),IF(A19=\"Insumo\", VLOOKUP(B19,'SINAPI INSUMOS'!B:J,8,0),VLOOKUP(B19,'SINAPI COMP'!B:M,10,0))), VLOOKUP(B19,'OUTRAS BASES'!C:D,2,0))","v":6.09},60.9]
[]
[]
[]
[]
[" 1.3 ","Código","Banco","Descrição","Tipo",null,"Und","Quant.","Valor Unit","Total"]
["Composição",103689,"SINAPI","FORNECIMENTO E INSTALAÇÃO DE PLACA DE OBRA COM CHAPA GALVANIZADA E ESTRUTURA DE MADEIRA. AF_03/2022_PS","Sinalização Vertical Viária",null,"m²",1,{"$f":"IF(C25=\"SINAPI\", IF( IF(A25=\"Insumo\", VLOOKUP(B25,'SINAPI INSUMOS'!B:J,8,0), VLOOKUP(B25,'SINAPI COMP'!B:M,10,0))=0,VLOOKUP(B25,'OUTRAS BASES'!C:D,2,0),IF(A25=\"Insumo\", VLOOKUP(B25,'SINAPI INSUMOS'!B:J,8,0),VLOOKUP(B25,'SINAPI COMP'!B:M,10,0))), VLOOKUP(B25,'OUTRAS BASES'!C:D,2,0))","v":501.25},{"$f":"I25*H25","v":501.25}]
["Composição Auxiliar",102234,"SINAPI","PINTURA IMUNIZANTE PARA MADEIRA, 2 DEMÃOS. AF_01/2021","Pintura em Madeira",null,"m²",0.5,{"$f":"IF(C26=\"SINAPI\", IF( IF(A26=\"Insumo\", VLOOKUP(B26,'SINAPI INSUMOS'!B:J,8,0), VLOOKUP(B26,'SINAPI COMP'!B:M,10,0))=0,VLOOKUP(B26,'OUTRAS BASES'!C:D,2,0),IF(A26=\"Insumo\", VLOOKUP(B26,'SINAPI INSUMOS'!B:J,8,0),VLOOKUP(B26,'SINAPI COMP'!B:M,10,0))), VLOOKUP(B26,'OUTRAS BASES'!C:D,2,0))","v":23.08},11.54]
["Composição Auxiliar",88262,"SINAPI","CARPINTEIRO DE FORMAS COM ENCARGOS COMPLEMENTARES","Livro SINAPI: Cálculos e Parâmetros",null,"H",0.37290000000000001,{"$f":"IF(C27=\"SINAPI\", IF( IF(A27=\"Insumo\", VLOOKUP(B27,'SINAPI INSUMOS'!B:J,8,0), VLOOKUP(B27,'SINAPI COMP'!B:M,10,0))=0,VLOOKUP(B27,'OUTRAS BASES'!C:D,2,0),IF(A27=\"Insumo\", VLOOKUP(B27,'SINAPI INSUMOS'!B:J,8,0),VLOOKUP(B27,'SINAPI COMP'!B:M,10,0))), VLOOKUP(B27,'OUTRAS BASES'!C:D,2,0))","v":30.75},11.466675]
["Composição Auxiliar",88316,"SINAPI","SERVENTE COM ENCARGOS COMPLEMENTARES","Livro SINAPI: Cálculos e Parâmetros",null,"H",1.1186,{"$f":"IF(C28=\"SINAPI\", IF( IF(A28=\"Insumo\", VLOOKUP(B28,'SINAPI INSUMOS'!B:J,8,0), VLOOKUP(B28,'SINAPI COMP'!B:M,10,0))=0,VLOOKUP(B28,'OUTRAS BASES'!C:D,2,0),IF(A28=\"Insumo\", VLOOKUP(B28,'SINAPI INSUMOS'!B:J,8,0),VLOOKUP(B28,'SINAPI COMP'!B:M,10,0))), VLOOKUP(B28,'OUTRAS BASES'!C:D,2,0))","v":22.64},25.325104000000003]
["Insumo",4509,"SINAPI","SARRAFO *2,5 X 10* CM EM PINUS, MISTA OU EQUIVALENTE DA REGIAO - BRUTA","Material",null,"M",3.2082999999999999,{"$f":"IF(C29=\"SINAPI\", IF( IF(A29=\"Insumo\", VLOOKUP(B29,'SINAPI INSUMOS'!B:J,8,0), VLOOKUP(B29,'SINAPI COMP'!B:M,10,0))=0,VLOOKUP(B29,'OUTRAS BASES'!C:D,2,0),IF(A29=\"Insumo\", VLOOKUP(B29,'SINAPI INSUMOS'!B:J,8,0),VLOOKUP(B29,'SINAPI COMP'!B:M,10,0))), VLOOKUP(B29,'OUTRAS BASES'!C:D,2,0))","v":4},12.8332]
["Insumo",4813,"SINAPI","PLACA DE OBRA (PARA CONSTRUCAO CIVIL) EM CHAPA GALVANIZADA *N. 22*, ADESIVADA, DE *2,4 X 1,2* M (SEM POSTES PARA FIXACAO)","Material",null,"m²",1,{"$f":"IF(C30=\"SINAPI\", IF( IF(A30=\"Insumo\", VLOOKUP(B30,'SINAPI INSUMOS'!B:J,8,0), VLOOKUP(B30,'SINAPI COMP'!B:M,10,0))=0,VLOOKUP(B30,'OUTRAS BASES'!C:D,2,0),IF(A30=\"Insumo\", VLOOKUP(B30,'SINAPI INSUMOS'!B:J,8,0),VLOOKUP(B30,'SINAPI COMP'!B:M,10,0))), VLOOKUP(B30,'OUTRAS BASES'!C:D,2,0))","v":439.5},439.5]
["Insumo",5065,"SINAPI","PREGO DE ACO POLIDO COM CABECA 10 X 10 (7/8 X 17)","Material",null,"KG",1.1299999999999999E-2,{"$f":"IF(C31=\"SINAPI\", IF( IF(A31=\"Insumo\", VLOOKUP(B31,'SINAPI INSUMOS'!B:J,8,0), VLOOKUP(B31,'SINAPI COMP'!B:M,10,0))=0,VLOOKUP(B31,'OUTRAS BASES'!C:D,2,0),IF(A31=\"Insumo\", VLOOKUP(B31,'SINAPI INSUMOS'!B:J,8,0),VLOOKUP(B31,'SINAPI COMP'!B:M,10,0))), VLOOKUP(B31,'OUTRAS BASES'!C:D,2,0))","v":33.42},0.37764599999999998]
["Insumo",5069,"SINAPI","PREGO DE ACO POLIDO COM CABECA 17 X 27 (2 1/2 X 11)","Material",null,"KG",1.32E-2,{"$f":"IF(C32=\"SINAPI\", IF( IF(A32=\"Insumo\", VLOOKUP(B32,'SINAPI INSUMOS'!B:J,8,0), VLOOKUP(B32,'SINAPI COMP'!B:M,10,0))=0,VLOOKUP(B32,'OUTRAS BASES'!C:D,2,0),IF(A32=\"Insumo\", VLOOKUP(B32,'SINAPI INSUMOS'!B:J,8,0),VLOOKUP(B32,'SINAPI COMP'!B:M,10,0))), VLOOKUP(B32,'OUTRAS BASES'!C:D,2,0))","v":17.899999999999999},0.23627999999999999]
[]
[]
[]
[]
[" 1.4 ","Código","Banco","Descrição","Tipo",null,"Und","Quant.","Valor Unit","Total"]
["Composição","Composição - A","Próprio","Taxas e emolumentos fiscais , administrativos para obtenção outorga e outros","ASTU - ASSENTAMENTO DE TUBOS E PECAS",null,"un",1,{"$f":"SUM(J39)","v":50},{"$f":"I38*H38","v":50}]
["Insumo"," A.09.000.020507 ","CPOS/CDHU","Outorga de direito de uso para poço profundo conforme Portaria DAEE nº 1.630 de 30/05/2017 e suas complementares 1.631 a 1.635 e Instrução Técnica DPO nº 10 de 30/05/2017 do DAEE","Material",null,"UN",1,{"$f":"IF(C39=\"SINAPI\", IF( IF(A39=\"Insumo\", VLOOKUP(B39,'SINAPI INSUMOS'!B:J,8,0), VLOOKUP(B39,'SINAPI COMP'!B:M,10,0))=0,VLOOKUP(B39,'OUTRAS BASES'!C:D,2,0),IF(A39=\"Insumo\", VLOOKUP(B39,'SINAPI INSUMOS'!B:J,8,0),VLOOKUP(B39,'SINAPI COMP'!B:M,10,0))), VLOOKUP(B39,'OUTRAS BASES'!C:D,2,0))","v":50},50]
[]
[]
[]
[]
[" 2 ",null,null,"MOBILIZAÇÂO E DESMOBILIZAÇÂO EQUIPES PERFURAÇÂO E INSTALAÇÃO"]
[" 2.1 ","Código","Banco","Descrição","Tipo",null,"Und","Quant.","Valor Unit","Total"]
["Composição","COMPOSIÇÃO - 3","Próprio","Transporte de Comboio Perfuração","TRAN - TRANSPORTES, CARGAS E DESCARGAS",null,"km",1,{"$f":"SUM(J47:J48)","v":4.7237764000000002},{"$f":"I46*H46","v":4.7237764000000002}]
["Composição Auxiliar",5824,"SINAPI","CAMINHÃO TOCO, PBT 16.000 KG, CARGA ÚTIL MÁX. 10.685 KG, DIST. ENTRE EIXOS 4,8 M, POTÊNCIA 189 CV, INCLUSIVE CARROCERIA FIXA ABERTA DE MADEIRA P/ TRANSPORTE GERAL DE CARGA SECA, DIMEN. APROX. 2,5 X 7,00 X 0,50 M - CHP DIURNO. AF_06/2014","Custos Horários Produtivo e Improdutivo dos Equipamentos",null,"CHP",1.6660000000000001E-2,{"$f":"IF(C47=\"SINAPI\", IF( IF(A47=\"Insumo\", VLOOKUP(B47,'SINAPI INSUMOS'!B:J,8,0), VLOOKUP(B47,'SINAPI COMP'!B:M,10,0))=0,VLOOKUP(B47,'OUTRAS BASES'!C:D,2,0),IF(A47=\"Insumo\", VLOOKUP(B47,'SINAPI INSUMOS'!B:J,8,0),VLOOKUP(B47,'SINAPI COMP'!B:M,10,0))), VLOOKUP(B47,'OUTRAS BASES'!C:D,2,0))","v":217.78},3.6282148000000003]
["Composição Auxiliar",5826,"SINAPI","CAMINHÃO TOCO, PBT 16.000 KG, CARGA ÚTIL MÁX. 10.685 KG, DIST. ENTRE EIXOS 4,8 M, POTÊNCIA 189 CV, INCLUSIVE CARROCERIA FIXA ABERTA DE MADEIRA P/ TRANSPORTE GERAL DE CARGA SECA, DIMEN. APROX. 2,5 X 7,00 X 0,50 M - CHI DIURNO. AF_06/2014","Custos Horários Produtivo e Improdutivo dos Equipamentos",null,"CHI",1.6660000000000001E-2,{"$f":"IF(C48=\"SINAPI\", IF( IF(A48=\"Insumo\", VLOOKUP(B48,'SINAPI INSUMOS'!B:J,8,0), VLOOKUP(B48,'SINAPI COMP'!B:M,10,0))=0,VLOOKUP(B48,'OUTRAS BASES'!C:D,2,0),IF(A48=\"Insumo\", VLOOKUP(B48,'SINAPI INSUMOS'!B:J,8,0),VLOOKUP(B48,'SINAPI COMP'!B:M,10,0))), VLOOKUP(B48,'OUTRAS BASES'!C:D,2,0))","v":65.760000000000005},1.0955616000000001]
[]
[]
[]
[]
[" 2.2 ","Código","Banco","Descrição","Tipo",null,"Und","Quant.","Valor Unit","Total"]
["Composição","COMPOSIÇÃO - 4","Próprio","Transporte de Comboio Instalação","TRAN - TRANSPORTES, CARGAS E DESCARGAS",null,"km",1,{"$f":"SUM(J55:J56)","v":5.9274614000000003},{"$f":"I54*H54","v":5.9274614000000003}]
["Composição Auxiliar",5928,"SINAPI","GUINDAUTO HIDRÁULICO, CAPACIDADE MÁXIMA DE CARGA 6200 KG, MOMENTO MÁXIMO DE CARGA 11,7 TM, ALCANCE MÁXIMO HORIZONTAL 9,70 M, INCLUSIVE CAMINHÃO TOCO PBT 16.000 KG, POTÊNCIA DE 189 CV - CHP DIURNO. AF_06/2014","Custos Horários Produtivo e Improdutivo dos Equipamentos",null,"CHP",1.6660000000000001E-2,{"$f":"IF(C55=\"SINAPI\", IF( IF(A55=\"Insumo\", VLOOKUP(B55,'SINAPI INSUMOS'!B:J,8,0), VLOOKUP(B55,'SINAPI COMP'!B:M,10,0))=0,VLOOKUP(B55,'OUTRAS BASES'!C:D,2,0),IF(A55=\"Insumo\", VLOOKUP(B55,'SINAPI INSUMOS'!B:J,8,0),VLOOKUP(B55,'SINAPI COMP'!B:M,10,0))), VLOOKUP(B55,'OUTRAS BASES'!C:D,2,0))","v":278.02999999999997},4.6319797999999999]
["Composição Auxiliar",5930,"SINAPI","GUINDAUTO HIDRÁULICO, CAPACIDADE MÁXIMA DE CARGA 6200 KG, MOMENTO MÁXIMO DE CARGA 11,7 TM, ALCANCE MÁXIMO HORIZONTAL 9,70 M, INCLUSIVE CAMINHÃO TOCO PBT 16.000 KG, POTÊNCIA DE 189 CV - CHI DIURNO. AF_06/2014","Custos Horários Produtivo e Improdutivo dos Equipamentos",null,"CHI",1.6660000000000001E-2,{"$f":"IF(C56=\"SINAPI\", IF( IF(A56=\"Insumo\", VLOOKUP(B56,'SINAPI INSUMOS'!B:J,8,0), VLOOKUP(B56,'SINAPI COMP'!B:M,10,0))=0,VLOOKUP(B56,'OUTRAS BASES'!C:D,2,0),IF(A56=\"Insumo\", VLOOKUP(B56,'SINAPI INSUMOS'!B:J,8,0),VLOOKUP(B56,'SINAPI COMP'!B:M,10,0))), VLOOKUP(B56,'OUTRAS BASES'!C:D,2,0))","v":77.760000000000005},1.2954816000000002]
[]
[]
[]
[]
[" 2.3 ","Código","Banco","Descrição","Tipo",null,"Und","Quant.","Valor Unit","Total"]
["Composição","COMPOSIÇÃO - 5","Próprio","Transporte de Equipe Teste de Vazão","TRAN - TRANSPORTES, CARGAS E DESCARGAS",null,"km",1,{"$f":"SUM(J63:J64)","v":2.5878570000000001},{"$f":"I62*H62","v":2.5878570000000001}]
["Composição Auxiliar",73467,"SINAPI","CAMINHÃO TOCO, PBT 14.300 KG, CARGA ÚTIL MÁX. 9.710 KG, DIST. ENTRE EIXOS 3,56 M, POTÊNCIA 185 CV, INCLUSIVE CARROCERIA FIXA ABERTA DE MADEIRA P/ TRANSPORTE GERAL DE CARGA SECA, DIMEN. APROX. 2,50 X 6,50 X 0,50 M - CHP DIURNO. AF_06/2014","Custos Horários Produtivo e Improdutivo dos Equipamentos",null,"CHP",8.3000000000000001E-3,{"$f":"IF(C63=\"SINAPI\", IF( IF(A63=\"Insumo\", VLOOKUP(B63,'SINAPI INSUMOS'!B:J,8,0), VLOOKUP(B63,'SINAPI COMP'!B:M,10,0))=0,VLOOKUP(B63,'OUTRAS BASES'!C:D,2,0),IF(A63=\"Insumo\", VLOOKUP(B63,'SINAPI INSUMOS'!B:J,8,0),VLOOKUP(B63,'SINAPI COMP'!B:M,10,0))), VLOOKUP(B63,'OUTRAS BASES'!C:D,2,0))","v":248.91},2.0659529999999999]
["Composição Auxiliar",91395,"SINAPI","CAMINHÃO TOCO, PBT 14.300 KG, CARGA ÚTIL MÁX. 9.710 KG, DIST. ENTRE EIXOS 3,56 M, POTÊNCIA 185 CV, INCLUSIVE CARROCERIA FIXA ABERTA DE MADEIRA P/ TRANSPORTE GERAL DE CARGA SECA, DIMEN. APROX. 2,50 X 6,50 X 0,50 M - CHI DIURNO. AF_06/2014","Custos Horários Produtivo e Improdutivo dos Equipamentos",null,"CHI",8.3000000000000001E-3,{"$f":"IF(C64=\"SINAPI\", IF( IF(A64=\"Insumo\", VLOOKUP(B64,'SINAPI INSUMOS'!B:J,8,0), VLOOKUP(B64,'SINAPI COMP'!B:M,10,0))=0,VLOOKUP(B64,'OUTRAS BASES'!C:D,2,0),IF(A64=\"Insumo\", VLOOKUP(B64,'SINAPI INSUMOS'!B:J,8,0),VLOOKUP(B64,'SINAPI COMP'!B:M,10,0))), VLOOKUP(B64,'OUTRAS BASES'!C:D,2,0))","v":62.88},0.52190400000000003]
[]
[]
[]
[]
[" 3 ",null,null,"PERFURAÇÃO E COMPLETAÇÃO DE POÇO TUBULAR"]
[" 3.1 ","Código","Banco","Descrição","Tipo",null,"Und","Quant.","Valor Unit","Total"]
["Insumo",5048,"ORSE","Perfuraçao em rocha cristalina - rocha cristalina alterada / compacta dn 6\"  (poço até 120m)","Serviços",null,"m",1,{"$f":"IF(C71=\"SINAPI\", IF( IF(A71=\"Insumo\", VLOOKUP(B71,'SINAPI INSUMOS'!B:J,8,0), VLOOKUP(B71,'SINAPI COMP'!B:M,10,0))=0,VLOOKUP(B71,'OUTRAS BASES'!C:D,2,0),IF(A71=\"Insumo\", VLOOKUP(B71,'SINAPI INSUMOS'!B:J,8,0),VLOOKUP(B71,'SINAPI COMP'!B:M,10,0))), VLOOKUP(B71,'OUTRAS BASES'!C:D,2,0))","v":125.23},{"$f":"I71*H71","v":125.23}]
[]
[]
[]
[]
[" 3.2 ","Código","Banco","Descrição","Tipo",null,"Und","Quant.","Valor Unit","Total"]
["Insumo",5057,"ORSE"," Perfuração rocha sedimentar sedimento / Camadas inconsolidadas DN 12.1/2\" - Poço até 150 m (Perfuração rotopneumática Ø 12 1/2\")","Serviços",null,"m",1,{"$f":"IF(C77=\"SINAPI\", IF( IF(A77=\"Insumo\", VLOOKUP(B77,'SINAPI INSUMOS'!B:J,8,0), VLOOKUP(B77,'SINAPI COMP'!B:M,10,0))=0,VLOOKUP(B77,'OUTRAS BASES'!C:D,2,0),IF(A77=\"Insumo\", VLOOKUP(B77,'SINAPI INSUMOS'!B:J,8,0),VLOOKUP(B77,'SINAPI COMP'!B:M,10,0))), VLOOKUP(B77,'OUTRAS BASES'!C:D,2,0))","v":247.66},{"$f":"I77*H77","v":247.66}]
[]
[]
[]
[]
[" 3.3 ","Código","Banco","Descrição","Tipo",null,"Und","Quant.","Valor Unit","Total"]
["Composição","COMPOSIÇÃO - 6","Próprio","Serviço de lançamento cimentação anelar, incluso materiais.","SEDI - SERVIÇOS DIVERSOS",null,"m³",1,{"$f":"SUM(J84)","v":521.34},{"$f":"I83*H83","v":521.34}]
["Composição Auxiliar",1903,"ORSE","Argamassa cimento e areia traço t-1 (1:3) - 1 saco cimento 50kg / 3 padiolas areia dim. 0.35 x 0.45 x 0.23 m - Confecção mecânica e transporte","Argamassas",null,"m³",1,{"$f":"IF(C84=\"SINAPI\", IF( IF(A84=\"Insumo\", VLOOKUP(B84,'SINAPI INSUMOS'!B:J,8,0), VLOOKUP(B84,'SINAPI COMP'!B:M,10,0))=0,VLOOKUP(B84,'OUTRAS BASES'!C:D,2,0),IF(A84=\"Insumo\", VLOOKUP(B84,'SINAPI INSUMOS'!B:J,8,0),VLOOKUP(B84,'SINAPI COMP'!B:M,10,0))), VLOOKUP(B84,'OUTRAS BASES'!C:D,2,0))","v":521.34},521.34]
[]
[]
[]
[]
[" 3.4 ","Código","Banco","Descrição","Tipo",null,"Und","Quant.","Valor Unit","Total"]
["Insumo",9854,"SINAPI","TUBO PVC DE REVESTIMENTO GEOMECANICO NERVURADO STANDARD, DN = 154 MM, COMPRIMENTO = 2 M","Material",null,"M",1,{"$f":"IF(C90=\"SINAPI\", IF( IF(A90=\"Insumo\", VLOOKUP(B90,'SINAPI INSUMOS'!B:J,8,0), VLOOKUP(B90,'SINAPI COMP'!B:M,10,0))=0,VLOOKUP(B90,'OUTRAS BASES'!C:D,2,0),IF(A90=\"Insumo\", VLOOKUP(B90,'SINAPI INSUMOS'!B:J,8,0),VLOOKUP(B90,'SINAPI COMP'!B:M,10,0))), VLOOKUP(B90,'OUTRAS BASES'!C:D,2,0))","v":115.12},{"$f":"I90*H90","v":115.12}]
[]
[]
[]
[]
[" 4 ",null,null,"PÓS PERFURAÇÃO"]
[" 4.1 ","Código","Banco","Descrição","Tipo",null,"Und","Quant.","Valor Unit","Total"]
["Composição",6305,"ORSE","Desenvolvimento com Compressor 250psi / 750cfm","Conversão InfoWOrca",null,"h",1,{"$f":"IF(C97=\"SINAPI\", IF( IF(A97=\"Insumo\", VLOOKUP(B97,'SINAPI INSUMOS'!B:J,8,0), VLOOKUP(B97,'SINAPI COMP'!B:M,10,0))=0,VLOOKUP(B97,'OUTRAS BASES'!C:D,2,0),IF(A97=\"Insumo\", VLOOKUP(B97,'SINAPI INSUMOS'!B:J,8,0),VLOOKUP(B97,'SINAPI COMP'!B:M,10,0))), VLOOKUP(B97,'OUTRAS BASES'!C:D,2,0))","v":411.16},{"$f":"I97*H97","v":411.16}]
["Insumo",5030,"ORSE","Desenvolvimento com compressor 250psi - 750cfm h","Serviços",null,"h",1,{"$f":"IF(C98=\"SINAPI\", IF( IF(A98=\"Insumo\", VLOOKUP(B98,'SINAPI INSUMOS'!B:J,8,0), VLOOKUP(B98,'SINAPI COMP'!B:M,10,0))=0,VLOOKUP(B98,'OUTRAS BASES'!C:D,2,0),IF(A98=\"Insumo\", VLOOKUP(B98,'SINAPI INSUMOS'!B:J,8,0),VLOOKUP(B98,'SINAPI COMP'!B:M,10,0))), VLOOKUP(B98,'OUTRAS BASES'!C:D,2,0))","v":411.16},411.16]
[]
[]
[]
[]
[" 4.2 ","Código","Banco","Descrição","Tipo",null,"Und","Quant.","Valor Unit","Total"]
["Composição","COMPOSIÇÃO - 7","Próprio","Inspeção ótica em poço tubular câmera com rotação de 360º, visada lateral, com fonte própria de luz, entregue vídeo em cores e marcação de profundidades.","SEES - SERVIÇOS ESPECIAIS",null,"m",1,{"$f":"SUM(J105:J106)","v":9.6404600000000009},{"$f":"I104*H104","v":9.6404600000000009}]
["Insumo"," H020050004 ","EMBASA","APARELHO DE PERFILAGEM OPTICA","Material",null,"M",1,{"$f":"IF(C105=\"SINAPI\", IF( IF(A105=\"Insumo\", VLOOKUP(B105,'SINAPI INSUMOS'!B:J,8,0), VLOOKUP(B105,'SINAPI COMP'!B:M,10,0))=0,VLOOKUP(B105,'OUTRAS BASES'!C:D,2,0),IF(A105=\"Insumo\", VLOOKUP(B105,'SINAPI INSUMOS'!B:J,8,0),VLOOKUP(B105,'SINAPI COMP'!B:M,10,0))), VLOOKUP(B105,'OUTRAS BASES'!C:D,2,0))","v":4.4000000000000004},4.4000000000000004]
["Insumo"," B590000022 ","EMBASA","TECNICO MEDIO","Mão de Obra",null,"H",8.3500000000000005E-2,{"$f":"IF(C106=\"SINAPI\", IF( IF(A106=\"Insumo\", VLOOKUP(B106,'SINAPI INSUMOS'!B:J,8,0), VLOOKUP(B106,'SINAPI COMP'!B:M,10,0))=0,VLOOKUP(B106,'OUTRAS BASES'!C:D,2,0),IF(A106=\"Insumo\", VLOOKUP(B106,'SINAPI INSUMOS'!B:J,8,0),VLOOKUP(B106,'SINAPI COMP'!B:M,10,0))), VLOOKUP(B106,'OUTRAS BASES'!C:D,2,0))","v":62.76},5.2404600000000006]
[]
[]
[]
[]
[" 4.3 ","Código","Banco","Descrição","Tipo",null,"Und","Quant.","Valor Unit","Total"]
["Composição","COMPOSIÇÃO - 8","Próprio","Serviço de coleta e Análise Físico-Química e Bacteriológica","SEDI - SERVIÇOS DIVERSOS",null,"un",1,{"$f":"SUM(J113:J114)","v":621.19000000000005},{"$f":"I112*H112","v":621.19000000000005}]
["Composição Auxiliar",6312,"ORSE","Análise Físico-química da Água","Conversão InfoWOrca",null,"un",1,{"$f":"IF(C113=\"SINAPI\", IF( IF(A113=\"Insumo\", VLOOKUP(B113,'SINAPI INSUMOS'!B:J,8,0), VLOOKUP(B113,'SINAPI COMP'!B:M,10,0))=0,VLOOKUP(B113,'OUTRAS BASES'!C:D,2,0),IF(A113=\"Insumo\", VLOOKUP(B113,'SINAPI INSUMOS'!B:J,8,0),VLOOKUP(B113,'SINAPI COMP'!B:M,10,0))), VLOOKUP(B113,'OUTRAS BASES'!C:D,2,0))","v":565.21},565.21]
["Composição Auxiliar",6313,"ORSE","Análise Bacteriológica da Água","Conversão InfoWOrca",null,"un",1,{"$f":"IF(C114=\"SINAPI\", IF( IF(A114=\"Insumo\", VLOOKUP(B114,'SINAPI INSUMOS'!B:J,8,0), VLOOKUP(B114,'SINAPI COMP'!B:M,10,0))=0,VLOOKUP(B114,'OUTRAS BASES'!C:D,2,0),IF(A114=\"Insumo\", VLOOKUP(B114,'SINAPI INSUMOS'!B:J,8,0),VLOOKUP(B114,'SINAPI COMP'!B:M,10,0))), VLOOKUP(B114,'OUTRAS BASES'!C:D,2,0))","v":55.98},55.98]
[]
[]
[]
[]
[" 4.4 ","Código","Banco","Descrição","Tipo",null,"Und","Quant.","Valor Unit","Total"]
["Composição"," 24.80.22 ","EMBASA","(REVISADA) DESENVOLVIMENTO OU TESTE COM BOMBA SUBMERSA - UEB1 NO SEDIMENTO COM VAZAO < 60M3 (Ensaio de bombeamento poço tubular incluso materiais e grupo gerador)",2480,null,"H",1,{"$f":"IF(C120=\"SINAPI\", IF( IF(A120=\"Insumo\", VLOOKUP(B120,'SINAPI INSUMOS'!B:J,8,0), VLOOKUP(B120,'SINAPI COMP'!B:M,10,0))=0,VLOOKUP(B120,'OUTRAS BASES'!C:D,2,0),IF(A120=\"Insumo\", VLOOKUP(B120,'SINAPI INSUMOS'!B:J,8,0),VLOOKUP(B120,'SINAPI COMP'!B:M,10,0))), VLOOKUP(B120,'OUTRAS BASES'!C:D,2,0))","v":263.27},{"$f":"I120*H120","v":263.27}]
["Composição Auxiliar"," 24.00.15 ","EMBASA","EQUIPE (3 PROFISSIONAIS CAMPO) - BOMBEIO",2400,null,"H",1,{"$f":"IF(C121=\"SINAPI\", IF( IF(A121=\"Insumo\", VLOOKUP(B121,'SINAPI INSUMOS'!B:J,8,0), VLOOKUP(B121,'SINAPI COMP'!B:M,10,0))=0,VLOOKUP(B121,'OUTRAS BASES'!C:D,2,0),IF(A121=\"Insumo\", VLOOKUP(B121,'SINAPI INSUMOS'!B:J,8,0),VLOOKUP(B121,'SINAPI COMP'!B:M,10,0))), VLOOKUP(B121,'OUTRAS BASES'!C:D,2,0))","v":198.35},198.35]
["Insumo"," H020050001 ","EMBASA","UNIDADE DE ENSAIO E BOMBEAMENTO - UEB1 ATE 150M3 NO SEDIMENTO","Material",null,"H",1,{"$f":"IF(C122=\"SINAPI\", IF( IF(A122=\"Insumo\", VLOOKUP(B122,'SINAPI INSUMOS'!B:J,8,0), VLOOKUP(B122,'SINAPI COMP'!B:M,10,0))=0,VLOOKUP(B122,'OUTRAS BASES'!C:D,2,0),IF(A122=\"Insumo\", VLOOKUP(B122,'SINAPI INSUMOS'!B:J,8,0),VLOOKUP(B122,'SINAPI COMP'!B:M,10,0))), VLOOKUP(B122,'OUTRAS BASES'!C:D,2,0))","v":64.92},64.92]
[]
[]
[]
[]
[" 4.5 ","Código","Banco","Descrição","Tipo",null,"Und","Quant.","Valor Unit","Total"]
["Composição","COMPOSIÇÃO - 9","Próprio","Serviço de instalação de laje sanitária com dimensões (1,5x1,5x0,3) metros , incluso material.","SEDI - SERVIÇOS DIVERSOS",null,"un",1,{"$f":"SUM(J129:J132)","v":692.35874999999999},{"$f":"I128*H128","v":692.35874999999999}]
["Composição Auxiliar",92522,"SINAPI","MONTAGEM E DESMONTAGEM DE FÔRMA DE LAJE MACIÇA, PÉ-DIREITO SIMPLES, EM CHAPA DE MADEIRA COMPENSADA RESINADA, 8 UTILIZAÇÕES. AF_09/2020","Fôrmas para Estruturas de Concreto Armado",null,"m²",1.8,{"$f":"IF(C129=\"SINAPI\", IF( IF(A129=\"Insumo\", VLOOKUP(B129,'SINAPI INSUMOS'!B:J,8,0), VLOOKUP(B129,'SINAPI COMP'!B:M,10,0))=0,VLOOKUP(B129,'OUTRAS BASES'!C:D,2,0),IF(A129=\"Insumo\", VLOOKUP(B129,'SINAPI INSUMOS'!B:J,8,0),VLOOKUP(B129,'SINAPI COMP'!B:M,10,0))), VLOOKUP(B129,'OUTRAS BASES'!C:D,2,0))","v":42.22},75.995999999999995]
["Composição Auxiliar",93358,"SINAPI","ESCAVAÇÃO MANUAL DE VALA COM PROFUNDIDADE MENOR OU IGUAL A 1,30 M. AF_02/2021","Escavação de Valas",null,"m³",0.22500000000000001,{"$f":"IF(C130=\"SINAPI\", IF( IF(A130=\"Insumo\", VLOOKUP(B130,'SINAPI INSUMOS'!B:J,8,0), VLOOKUP(B130,'SINAPI COMP'!B:M,10,0))=0,VLOOKUP(B130,'OUTRAS BASES'!C:D,2,0),IF(A130=\"Insumo\", VLOOKUP(B130,'SINAPI INSUMOS'!B:J,8,0),VLOOKUP(B130,'SINAPI COMP'!B:M,10,0))), VLOOKUP(B130,'OUTRAS BASES'!C:D,2,0))","v":89.55},20.14875]
["Composição Auxiliar",94975,"SINAPI","CONCRETO FCK = 15MPA, TRAÇO 1:3,4:3,5 (EM MASSA SECA DE CIMENTO/ AREIA MÉDIA/ BRITA 1) - PREPARO MANUAL. AF_05/2021","Produção de Concreto",null,"m³",0.67500000000000004,{"$f":"IF(C131=\"SINAPI\", IF( IF(A131=\"Insumo\", VLOOKUP(B131,'SINAPI INSUMOS'!B:J,8,0), VLOOKUP(B131,'SINAPI COMP'!B:M,10,0))=0,VLOOKUP(B131,'OUTRAS BASES'!C:D,2,0),IF(A131=\"Insumo\", VLOOKUP(B131,'SINAPI INSUMOS'!B:J,8,0),VLOOKUP(B131,'SINAPI COMP'!B:M,10,0))), VLOOKUP(B131,'OUTRAS BASES'!C:D,2,0))","v":561.54},379.03949999999998]
["Composição Auxiliar",103670,"SINAPI","LANÇAMENTO COM USO DE BALDES, ADENSAMENTO E ACABAMENTO DE CONCRETO EM ESTRUTURAS. AF_02/2022","Concretagem para Estruturas de Concreto Armado",null,"m³",0.67500000000000004,{"$f":"IF(C132=\"SINAPI\", IF( IF(A132=\"Insumo\", VLOOKUP(B132,'SINAPI INSUMOS'!B:J,8,0), VLOOKUP(B132,'SINAPI COMP'!B:M,10,0))=0,VLOOKUP(B132,'OUTRAS BASES'!C:D,2,0),IF(A132=\"Insumo\", VLOOKUP(B132,'SINAPI INSUMOS'!B:J,8,0),VLOOKUP(B132,'SINAPI COMP'!B:M,10,0))), VLOOKUP(B132,'OUTRAS BASES'!C:D,2,0))","v":321.74},217.17450000000002]
[]
[]
[]
[]
[" 5 ",null,null,"RESERVAÇÃO"]
[" 5.1 ","Código","Banco","Descrição","Tipo",null,"Und","Quant.","Valor Unit","Total"]
["Composição","COMPOSIÇÃO - 10","Próprio","Fornecimento e instalação de reservatório e base elevada 10 m³","ASTU - ASSENTAMENTO DE TUBOS E PECAS",null,"un",1,{"$f":"SUM(J140:J161)","v":19745.553790000002},{"$f":"I139*H139","v":19745.553790000002}]
["Composição Auxiliar",92759,"SINAPI","ARMAÇÃO DE PILAR OU VIGA DE ESTRUTURA CONVENCIONAL DE CONCRETO ARMADO UTILIZANDO AÇO CA-60 DE 5,0 MM - MONTAGEM. AF_06/2022","Armação para Estruturas de Concreto Armado",null,"KG",17.2,{"$f":"IF(C140=\"SINAPI\", IF( IF(A140=\"Insumo\", VLOOKUP(B140,'SINAPI INSUMOS'!B:J,8,0), VLOOKUP(B140,'SINAPI COMP'!B:M,10,0))=0,VLOOKUP(B140,'OUTRAS BASES'!C:D,2,0),IF(A140=\"Insumo\", VLOOKUP(B140,'SINAPI INSUMOS'!B:J,8,0),VLOOKUP(B140,'SINAPI COMP'!B:M,10,0))), VLOOKUP(B140,'OUTRAS BASES'!C:D,2,0))","v":14.24},244.928]
["Composição Auxiliar",92761,"SINAPI","ARMAÇÃO DE PILAR OU VIGA DE ESTRUTURA CONVENCIONAL DE CONCRETO ARMADO UTILIZANDO AÇO CA-50 DE 8,0 MM - MONTAGEM. AF_06/2022","Armação para Estruturas de Concreto Armado",null,"KG",30.4,{"$f":"IF(C141=\"SINAPI\", IF( IF(A141=\"Insumo\", VLOOKUP(B141,'SINAPI INSUMOS'!B:J,8,0), VLOOKUP(B141,'SINAPI COMP'!B:M,10,0))=0,VLOOKUP(B141,'OUTRAS BASES'!C:D,2,0),IF(A141=\"Insumo\", VLOOKUP(B141,'SINAPI INSUMOS'!B:J,8,0),VLOOKUP(B141,'SINAPI COMP'!B:M,10,0))), VLOOKUP(B141,'OUTRAS BASES'!C:D,2,0))","v":12.18},370.27199999999999]
["Composição Auxiliar",92768,"SINAPI","ARMAÇÃO DE LAJE DE ESTRUTURA CONVENCIONAL DE CONCRETO ARMADO UTILIZANDO AÇO CA-60 DE 5,0 MM - MONTAGEM. AF_06/2022","Armação para Estruturas de Concreto Armado",null,"KG",11.9,{"$f":"IF(C142=\"SINAPI\", IF( IF(A142=\"Insumo\", VLOOKUP(B142,'SINAPI INSUMOS'!B:J,8,0), VLOOKUP(B142,'SINAPI COMP'!B:M,10,0))=0,VLOOKUP(B142,'OUTRAS BASES'!C:D,2,0),IF(A142=\"Insumo\", VLOOKUP(B142,'SINAPI INSUMOS'!B:J,8,0),VLOOKUP(B142,'SINAPI COMP'!B:M,10,0))), VLOOKUP(B142,'OUTRAS BASES'!C:D,2,0))","v":13.62},162.078]
["Composição Auxiliar",92770,"SINAPI","ARMAÇÃO DE LAJE DE ESTRUTURA CONVENCIONAL DE CONCRETO ARMADO UTILIZANDO AÇO CA-50 DE 8,0 MM - MONTAGEM. AF_06/2022","Armação para Estruturas de Concreto Armado",null,"KG",48,{"$f":"IF(C143=\"SINAPI\", IF( IF(A143=\"Insumo\", VLOOKUP(B143,'SINAPI INSUMOS'!B:J,8,0), VLOOKUP(B143,'SINAPI COMP'!B:M,10,0))=0,VLOOKUP(B143,'OUTRAS BASES'!C:D,2,0),IF(A143=\"Insumo\", VLOOKUP(B143,'SINAPI INSUMOS'!B:J,8,0),VLOOKUP(B143,'SINAPI COMP'!B:M,10,0))), VLOOKUP(B143,'OUTRAS BASES'!C:D,2,0))","v":11.62},557.76]
["Composição Auxiliar",93358,"SINAPI","ESCAVAÇÃO MANUAL DE VALA COM PROFUNDIDADE MENOR OU IGUAL A 1,30 M. AF_02/2021","Escavação de Valas",null,"m³",5.2,{"$f":"IF(C144=\"SINAPI\", IF( IF(A144=\"Insumo\", VLOOKUP(B144,'SINAPI INSUMOS'!B:J,8,0), VLOOKUP(B144,'SINAPI COMP'!B:M,10,0))=0,VLOOKUP(B144,'OUTRAS BASES'!C:D,2,0),IF(A144=\"Insumo\", VLOOKUP(B144,'SINAPI INSUMOS'!B:J,8,0),VLOOKUP(B144,'SINAPI COMP'!B:M,10,0))), VLOOKUP(B144,'OUTRAS BASES'!C:D,2,0))","v":89.55},465.66]
["Composição Auxiliar",92763,"SINAPI","ARMAÇÃO DE PILAR OU VIGA DE ESTRUTURA CONVENCIONAL DE CONCRETO ARMADO UTILIZANDO AÇO CA-50 DE 12,5 MM - MONTAGEM. AF_06/2022","Armação para Estruturas de Concreto Armado",null,"KG",118.4,{"$f":"IF(C145=\"SINAPI\", IF( IF(A145=\"Insumo\", VLOOKUP(B145,'SINAPI INSUMOS'!B:J,8,0), VLOOKUP(B145,'SINAPI COMP'!B:M,10,0))=0,VLOOKUP(B145,'OUTRAS BASES'!C:D,2,0),IF(A145=\"Insumo\", VLOOKUP(B145,'SINAPI INSUMOS'!B:J,8,0),VLOOKUP(B145,'SINAPI COMP'!B:M,10,0))), VLOOKUP(B145,'OUTRAS BASES'!C:D,2,0))","v":8.9700000000000006},1062.0480000000002]
["Composição Auxiliar",94970,"SINAPI","CONCRETO FCK = 20MPA, TRAÇO 1:2,7:3 (EM MASSA SECA DE CIMENTO/ AREIA MÉDIA/ BRITA 1) - PREPARO MECÂNICO COM BETONEIRA 600 L. AF_05/2021","Produção de Concreto",null,"m³",4.8899999999999997,{"$f":"IF(C146=\"SINAPI\", IF( IF(A146=\"Insumo\", VLOOKUP(B146,'SINAPI INSUMOS'!B:J,8,0), VLOOKUP(B146,'SINAPI COMP'!B:M,10,0))=0,VLOOKUP(B146,'OUTRAS BASES'!C:D,2,0),IF(A146=\"Insumo\", VLOOKUP(B146,'SINAPI INSUMOS'!B:J,8,0),VLOOKUP(B146,'SINAPI COMP'!B:M,10,0))), VLOOKUP(B146,'OUTRAS BASES'!C:D,2,0))","v":534.79999999999995},2615.1719999999996]
["Composição Auxiliar",103670,"SINAPI","LANÇAMENTO COM USO DE BALDES, ADENSAMENTO E ACABAMENTO DE CONCRETO EM ESTRUTURAS. AF_02/2022","Concretagem para Estruturas de Concreto Armado",null,"m³",6.85,{"$f":"IF(C147=\"SINAPI\", IF( IF(A147=\"Insumo\", VLOOKUP(B147,'SINAPI INSUMOS'!B:J,8,0), VLOOKUP(B147,'SINAPI COMP'!B:M,10,0))=0,VLOOKUP(B147,'OUTRAS BASES'!C:D,2,0),IF(A147=\"Insumo\", VLOOKUP(B147,'SINAPI INSUMOS'!B:J,8,0),VLOOKUP(B147,'SINAPI COMP'!B:M,10,0))), VLOOKUP(B147,'OUTRAS BASES'!C:D,2,0))","v":321.74},2203.9189999999999]
["Composição Auxiliar",84651,"SINAPI","PINTURA COM TINTA IMPERMEAVEL MINERAL EM PO, DUAS DEMAOS","PINT - PINTURAS",null,"m²",28.27,{"$f":"IF(C148=\"SINAPI\", IF( IF(A148=\"Insumo\", VLOOKUP(B148,'SINAPI INSUMOS'!B:J,8,0), VLOOKUP(B148,'SINAPI COMP'!B:M,10,0))=0,VLOOKUP(B148,'OUTRAS BASES'!C:D,2,0),IF(A148=\"Insumo\", VLOOKUP(B148,'SINAPI INSUMOS'!B:J,8,0),VLOOKUP(B148,'SINAPI COMP'!B:M,10,0))), VLOOKUP(B148,'OUTRAS BASES'!C:D,2,0))","v":14.577},412.09179]
["Composição Auxiliar",90776,"SINAPI","ENCARREGADO GERAL COM ENCARGOS COMPLEMENTARES","Livro SINAPI: Cálculos e Parâmetros",null,"H",1,{"$f":"IF(C149=\"SINAPI\", IF( IF(A149=\"Insumo\", VLOOKUP(B149,'SINAPI INSUMOS'!B:J,8,0), VLOOKUP(B149,'SINAPI COMP'!B:M,10,0))=0,VLOOKUP(B149,'OUTRAS BASES'!C:D,2,0),IF(A149=\"Insumo\", VLOOKUP(B149,'SINAPI INSUMOS'!B:J,8,0),VLOOKUP(B149,'SINAPI COMP'!B:M,10,0))), VLOOKUP(B149,'OUTRAS BASES'!C:D,2,0))","v":67.930000000000007},67.930000000000007]
["Composição Auxiliar",102482,"SINAPI","CONCRETO FCK = 25MPA, TRAÇO 1:2,2:2,5 (EM MASSA SECA DE CIMENTO/ AREIA MÉDIA/ SEIXO ROLADO) - PREPARO MECÂNICO COM BETONEIRA 600 L. AF_05/2021","Produção de Concreto",null,"m³",1.96,{"$f":"IF(C150=\"SINAPI\", IF( IF(A150=\"Insumo\", VLOOKUP(B150,'SINAPI INSUMOS'!B:J,8,0), VLOOKUP(B150,'SINAPI COMP'!B:M,10,0))=0,VLOOKUP(B150,'OUTRAS BASES'!C:D,2,0),IF(A150=\"Insumo\", VLOOKUP(B150,'SINAPI INSUMOS'!B:J,8,0),VLOOKUP(B150,'SINAPI COMP'!B:M,10,0))), VLOOKUP(B150,'OUTRAS BASES'!C:D,2,0))","v":746.09},1462.3364000000001]
["Composição Auxiliar",92263,"SINAPI","FABRICAÇÃO DE FÔRMA PARA PILARES E ESTRUTURAS SIMILARES, EM CHAPA DE MADEIRA COMPENSADA RESINADA, E = 17 MM. AF_09/2020","Fôrmas para Estruturas de Concreto Armado",null,"m²",25.19,{"$f":"IF(C151=\"SINAPI\", IF( IF(A151=\"Insumo\", VLOOKUP(B151,'SINAPI INSUMOS'!B:J,8,0), VLOOKUP(B151,'SINAPI COMP'!B:M,10,0))=0,VLOOKUP(B151,'OUTRAS BASES'!C:D,2,0),IF(A151=\"Insumo\", VLOOKUP(B151,'SINAPI INSUMOS'!B:J,8,0),VLOOKUP(B151,'SINAPI COMP'!B:M,10,0))), VLOOKUP(B151,'OUTRAS BASES'!C:D,2,0))","v":171.44},4318.5735999999997]
["Composição Auxiliar",88267,"SINAPI","ENCANADOR OU BOMBEIRO HIDRÁULICO COM ENCARGOS COMPLEMENTARES","Livro SINAPI: Cálculos e Parâmetros",null,"H",4,{"$f":"IF(C152=\"SINAPI\", IF( IF(A152=\"Insumo\", VLOOKUP(B152,'SINAPI INSUMOS'!B:J,8,0), VLOOKUP(B152,'SINAPI COMP'!B:M,10,0))=0,VLOOKUP(B152,'OUTRAS BASES'!C:D,2,0),IF(A152=\"Insumo\", VLOOKUP(B152,'SINAPI INSUMOS'!B:J,8,0),VLOOKUP(B152,'SINAPI COMP'!B:M,10,0))), VLOOKUP(B152,'OUTRAS BASES'!C:D,2,0))","v":30.48},121.92]
["Composição Auxiliar",88248,"SINAPI","AUXILIAR DE ENCANADOR OU BOMBEIRO HIDRÁULICO COM ENCARGOS COMPLEMENTARES","Livro SINAPI: Cálculos e Parâmetros",null,"H",4,{"$f":"IF(C153=\"SINAPI\", IF( IF(A153=\"Insumo\", VLOOKUP(B153,'SINAPI INSUMOS'!B:J,8,0), VLOOKUP(B153,'SINAPI COMP'!B:M,10,0))=0,VLOOKUP(B153,'OUTRAS BASES'!C:D,2,0),IF(A153=\"Insumo\", VLOOKUP(B153,'SINAPI INSUMOS'!B:J,8,0),VLOOKUP(B153,'SINAPI COMP'!B:M,10,0))), VLOOKUP(B153,'OUTRAS BASES'!C:D,2,0))","v":24.48},97.92]
["Insumo",3146,"SINAPI","FITA VEDA ROSCA EM ROLOS DE 18 MM X 10 M (L X C)","Material",null,"UN",0.18,{"$f":"IF(C154=\"SINAPI\", IF( IF(A154=\"Insumo\", VLOOKUP(B154,'SINAPI INSUMOS'!B:J,8,0), VLOOKUP(B154,'SINAPI COMP'!B:M,10,0))=0,VLOOKUP(B154,'OUTRAS BASES'!C:D,2,0),IF(A154=\"Insumo\", VLOOKUP(B154,'SINAPI INSUMOS'!B:J,8,0),VLOOKUP(B154,'SINAPI COMP'!B:M,10,0))), VLOOKUP(B154,'OUTRAS BASES'!C:D,2,0))","v":4},0.72]
["Insumo",37106,"SINAPI","CAIXA D'AGUA / RESERVATORIO EM POLIESTER REFORCADO COM FIBRA DE VIDRO, 10000 LITROS, COM TAMPA","Material",null,"UN",1,{"$f":"IF(C155=\"SINAPI\", IF( IF(A155=\"Insumo\", VLOOKUP(B155,'SINAPI INSUMOS'!B:J,8,0), VLOOKUP(B155,'SINAPI COMP'!B:M,10,0))=0,VLOOKUP(B155,'OUTRAS BASES'!C:D,2,0),IF(A155=\"Insumo\", VLOOKUP(B155,'SINAPI INSUMOS'!B:J,8,0),VLOOKUP(B155,'SINAPI COMP'!B:M,10,0))), VLOOKUP(B155,'OUTRAS BASES'!C:D,2,0))","v":5326.25},5326.25]
["Insumo",14073,"ORSE","CURVA 90º PVC D=50MM, LINHA IRRIGA-LF, TIGRE OU SIMILAR","Material",null,"UM",3,{"$f":"IF(C156=\"SINAPI\", IF( IF(A156=\"Insumo\", VLOOKUP(B156,'SINAPI INSUMOS'!B:J,8,0), VLOOKUP(B156,'SINAPI COMP'!B:M,10,0))=0,VLOOKUP(B156,'OUTRAS BASES'!C:D,2,0),IF(A156=\"Insumo\", VLOOKUP(B156,'SINAPI INSUMOS'!B:J,8,0),VLOOKUP(B156,'SINAPI COMP'!B:M,10,0))), VLOOKUP(B156,'OUTRAS BASES'!C:D,2,0))","v":8.1},24.299999999999997]
["Insumo",14068,"ORSE","Tubo PVC para irrigação LF PN 80 Ø 50mm, linha Irriga-LF, Tigre ou similar","Material",null,"UN",15.2,{"$f":"IF(C157=\"SINAPI\", IF( IF(A157=\"Insumo\", VLOOKUP(B157,'SINAPI INSUMOS'!B:J,8,0), VLOOKUP(B157,'SINAPI COMP'!B:M,10,0))=0,VLOOKUP(B157,'OUTRAS BASES'!C:D,2,0),IF(A157=\"Insumo\", VLOOKUP(B157,'SINAPI INSUMOS'!B:J,8,0),VLOOKUP(B157,'SINAPI COMP'!B:M,10,0))), VLOOKUP(B157,'OUTRAS BASES'!C:D,2,0))","v":9.27},140.904]
["Insumo",1434,"ORSE","Luva pvc rigido roscavel d=2 \"","Material",null,"UN",1,{"$f":"IF(C158=\"SINAPI\", IF( IF(A158=\"Insumo\", VLOOKUP(B158,'SINAPI INSUMOS'!B:J,8,0), VLOOKUP(B158,'SINAPI COMP'!B:M,10,0))=0,VLOOKUP(B158,'OUTRAS BASES'!C:D,2,0),IF(A158=\"Insumo\", VLOOKUP(B158,'SINAPI INSUMOS'!B:J,8,0),VLOOKUP(B158,'SINAPI COMP'!B:M,10,0))), VLOOKUP(B158,'OUTRAS BASES'!C:D,2,0))","v":28.58},28.58]
["Insumo",90,"ORSE","Adaptador curto, pvc rigido soldavel,  c/ bolsa e rosca p/  registro, d=  50mm x 1 1/2”","Material",null,"UN",1,{"$f":"IF(C159=\"SINAPI\", IF( IF(A159=\"Insumo\", VLOOKUP(B159,'SINAPI INSUMOS'!B:J,8,0), VLOOKUP(B159,'SINAPI COMP'!B:M,10,0))=0,VLOOKUP(B159,'OUTRAS BASES'!C:D,2,0),IF(A159=\"Insumo\", VLOOKUP(B159,'SINAPI INSUMOS'!B:J,8,0),VLOOKUP(B159,'SINAPI COMP'!B:M,10,0))), VLOOKUP(B159,'OUTRAS BASES'!C:D,2,0))","v":4.2},4.2]
["Insumo",99,"SINAPI","ADAPTADOR PVC SOLDAVEL, COM FLANGE E ANEL DE VEDACAO, 50 MM X 1 1/2\", PARA CAIXA D'AGUA","Material",null,"UN",2,{"$f":"IF(C160=\"SINAPI\", IF( IF(A160=\"Insumo\", VLOOKUP(B160,'SINAPI INSUMOS'!B:J,8,0), VLOOKUP(B160,'SINAPI COMP'!B:M,10,0))=0,VLOOKUP(B160,'OUTRAS BASES'!C:D,2,0),IF(A160=\"Insumo\", VLOOKUP(B160,'SINAPI INSUMOS'!B:J,8,0),VLOOKUP(B160,'SINAPI COMP'!B:M,10,0))), VLOOKUP(B160,'OUTRAS BASES'!C:D,2,0))","v":26.84},53.68]
["Insumo",119,"SINAPI","ADESIVO PLASTICO PARA PVC, BISNAGA COM 75 GR","Material",null,"UN",0.45,{"$f":"IF(C161=\"SINAPI\", IF( IF(A161=\"Insumo\", VLOOKUP(B161,'SINAPI INSUMOS'!B:J,8,0), VLOOKUP(B161,'SINAPI COMP'!B:M,10,0))=0,VLOOKUP(B161,'OUTRAS BASES'!C:D,2,0),IF(A161=\"Insumo\", VLOOKUP(B161,'SINAPI INSUMOS'!B:J,8,0),VLOOKUP(B161,'SINAPI COMP'!B:M,10,0))), VLOOKUP(B161,'OUTRAS BASES'!C:D,2,0))","v":9.58},4.3109999999999999]
[]
[]
[]
[]
[" 5.2 ","Código","Banco","Descrição","Tipo",null,"Und","Quant.","Valor Unit","Total"]
["Composição","COMPOSIÇÃO - 11","Próprio","Fornecimento e execução de reservatório apoiado de 5 m³","SEDI - SERVIÇOS DIVERSOS",null,"un",1,{"$f":"SUM(J168:J177)","v":8330.0840499999995},{"$f":"I167*H167","v":8330.0840499999995}]
["Composição Auxiliar",88309,"SINAPI","PEDREIRO COM ENCARGOS COMPLEMENTARES","Livro SINAPI: Cálculos e Parâmetros",null,"H",3,{"$f":"IF(C168=\"SINAPI\", IF( IF(A168=\"Insumo\", VLOOKUP(B168,'SINAPI INSUMOS'!B:J,8,0), VLOOKUP(B168,'SINAPI COMP'!B:M,10,0))=0,VLOOKUP(B168,'OUTRAS BASES'!C:D,2,0),IF(A168=\"Insumo\", VLOOKUP(B168,'SINAPI INSUMOS'!B:J,8,0),VLOOKUP(B168,'SINAPI COMP'!B:M,10,0))), VLOOKUP(B168,'OUTRAS BASES'!C:D,2,0))","v":31.21},93.63]
["Composição Auxiliar",88316,"SINAPI","SERVENTE COM ENCARGOS COMPLEMENTARES","Livro SINAPI: Cálculos e Parâmetros",null,"H",3,{"$f":"IF(C169=\"SINAPI\", IF( IF(A169=\"Insumo\", VLOOKUP(B169,'SINAPI INSUMOS'!B:J,8,0), VLOOKUP(B169,'SINAPI COMP'!B:M,10,0))=0,VLOOKUP(B169,'OUTRAS BASES'!C:D,2,0),IF(A169=\"Insumo\", VLOOKUP(B169,'SINAPI INSUMOS'!B:J,8,0),VLOOKUP(B169,'SINAPI COMP'!B:M,10,0))), VLOOKUP(B169,'OUTRAS BASES'!C:D,2,0))","v":22.64},67.92]
["Composição Auxiliar",102617,"SINAPI","CAIXA D´ÁGUA EM POLIÉSTER REFORÇADO COM FIBRA DE VIDRO, 5000 LITROS - FORNECIMENTO E INSTALAÇÃO. AF_06/2021","Caixas de Água para Edificações",null,"UN",1,{"$f":"IF(C170=\"SINAPI\", IF( IF(A170=\"Insumo\", VLOOKUP(B170,'SINAPI INSUMOS'!B:J,8,0), VLOOKUP(B170,'SINAPI COMP'!B:M,10,0))=0,VLOOKUP(B170,'OUTRAS BASES'!C:D,2,0),IF(A170=\"Insumo\", VLOOKUP(B170,'SINAPI INSUMOS'!B:J,8,0),VLOOKUP(B170,'SINAPI COMP'!B:M,10,0))), VLOOKUP(B170,'OUTRAS BASES'!C:D,2,0))","v":3676.66},3676.66]
["Composição Auxiliar",92767,"SINAPI","ARMAÇÃO DE LAJE DE UMA ESTRUTURA CONVENCIONAL DE CONCRETO ARMADO UTILIZANDO AÇO CA-60 DE 4,2 MM - MONTAGEM. AF_12/2015","FUES - FUNDAÇÕES E ESTRUTURAS",null,"KG",3.04,{"$f":"IF(C171=\"SINAPI\", IF( IF(A171=\"Insumo\", VLOOKUP(B171,'SINAPI INSUMOS'!B:J,8,0), VLOOKUP(B171,'SINAPI COMP'!B:M,10,0))=0,VLOOKUP(B171,'OUTRAS BASES'!C:D,2,0),IF(A171=\"Insumo\", VLOOKUP(B171,'SINAPI INSUMOS'!B:J,8,0),VLOOKUP(B171,'SINAPI COMP'!B:M,10,0))), VLOOKUP(B171,'OUTRAS BASES'!C:D,2,0))","v":15.78},47.971199999999996]
["Composição Auxiliar",104917,"SINAPI","ARMAÇAO DE SAPATA ISOLADA, VIGA BALDRAME E SAPATA CORRIDA UTILIZANDO AÇO CA-50 DE 6,3 MM - MONTAGEM AD_01/2024","FUES - FUNDAÇÕES E ESTRUTURAS",null,"KG",9.3000000000000007,{"$f":"IF(C172=\"SINAPI\", IF( IF(A172=\"Insumo\", VLOOKUP(B172,'SINAPI INSUMOS'!B:J,8,0), VLOOKUP(B172,'SINAPI COMP'!B:M,10,0))=0,VLOOKUP(B172,'OUTRAS BASES'!C:D,2,0),IF(A172=\"Insumo\", VLOOKUP(B172,'SINAPI INSUMOS'!B:J,8,0),VLOOKUP(B172,'SINAPI COMP'!B:M,10,0))), VLOOKUP(B172,'OUTRAS BASES'!C:D,2,0))","v":15.64},145.45200000000003]
["Composição Auxiliar",92760,"SINAPI","ARMAÇÃO DE PILAR OU VIGA DE ESTRTURA CONVENCIONAL DE CONCRETO ARMADO UTILIZANDO AÇO CA-50 DE 6,3 MM - MONTAGEM. AF_12/2015","FUES - FUNDAÇÕES E ESTRUTURAS",null,"KG",16.3,{"$f":"IF(C173=\"SINAPI\", IF( IF(A173=\"Insumo\", VLOOKUP(B173,'SINAPI INSUMOS'!B:J,8,0), VLOOKUP(B173,'SINAPI COMP'!B:M,10,0))=0,VLOOKUP(B173,'OUTRAS BASES'!C:D,2,0),IF(A173=\"Insumo\", VLOOKUP(B173,'SINAPI INSUMOS'!B:J,8,0),VLOOKUP(B173,'SINAPI COMP'!B:M,10,0))), VLOOKUP(B173,'OUTRAS BASES'!C:D,2,0))","v":13.17},214.67100000000002]
["Composição Auxiliar",94964,"SINAPI","CONCRETO FCK = 20MPA, TRAÇO 1:2,7:3 (EM MASSA SECA DE CIMENTO/ AREIA MÉDIA/ BRITA 1) - PREPARO MECÂNICO COM BETONEIRA 400 L. AF_05/2021","Produção de Concreto",null,"m³",1.56,{"$f":"IF(C174=\"SINAPI\", IF( IF(A174=\"Insumo\", VLOOKUP(B174,'SINAPI INSUMOS'!B:J,8,0), VLOOKUP(B174,'SINAPI COMP'!B:M,10,0))=0,VLOOKUP(B174,'OUTRAS BASES'!C:D,2,0),IF(A174=\"Insumo\", VLOOKUP(B174,'SINAPI INSUMOS'!B:J,8,0),VLOOKUP(B174,'SINAPI COMP'!B:M,10,0))), VLOOKUP(B174,'OUTRAS BASES'!C:D,2,0))","v":549.17999999999995},856.72079999999994]
["Composição Auxiliar",84651,"SINAPI","PINTURA COM TINTA IMPERMEAVEL MINERAL EM PO, DUAS DEMAOS","PINT - PINTURAS",null,"m²",7.85,{"$f":"IF(C175=\"SINAPI\", IF( IF(A175=\"Insumo\", VLOOKUP(B175,'SINAPI INSUMOS'!B:J,8,0), VLOOKUP(B175,'SINAPI COMP'!B:M,10,0))=0,VLOOKUP(B175,'OUTRAS BASES'!C:D,2,0),IF(A175=\"Insumo\", VLOOKUP(B175,'SINAPI INSUMOS'!B:J,8,0),VLOOKUP(B175,'SINAPI COMP'!B:M,10,0))), VLOOKUP(B175,'OUTRAS BASES'!C:D,2,0))","v":14.577},114.42944999999999]
["Composição Auxiliar",92263,"SINAPI","FABRICAÇÃO DE FÔRMA PARA PILARES E ESTRUTURAS SIMILARES, EM CHAPA DE MADEIRA COMPENSADA RESINADA, E = 17 MM. AF_09/2020","FUES - FUNDAÇÕES E ESTRUTURAS",null,"KG",16.989999999999998,{"$f":"IF(C176=\"SINAPI\", IF( IF(A176=\"Insumo\", VLOOKUP(B176,'SINAPI INSUMOS'!B:J,8,0), VLOOKUP(B176,'SINAPI COMP'!B:M,10,0))=0,VLOOKUP(B176,'OUTRAS BASES'!C:D,2,0),IF(A176=\"Insumo\", VLOOKUP(B176,'SINAPI INSUMOS'!B:J,8,0),VLOOKUP(B176,'SINAPI COMP'!B:M,10,0))), VLOOKUP(B176,'OUTRAS BASES'!C:D,2,0))","v":171.44},2912.7655999999997]
["Composição Auxiliar",92770,"SINAPI","ARMAÇÃO DE LAJE DE UMA ESTRUTURA CONVENCIONAL DE CONCRETO ARMADO UTILIZANDO AÇO CA-50 DE 8,0 MM - MONTAGEM. AF_06/2022","FUES - FUNDAÇÕES E ESTRUTURAS",null,"KG",17.2,{"$f":"IF(C177=\"SINAPI\", IF( IF(A177=\"Insumo\", VLOOKUP(B177,'SINAPI INSUMOS'!B:J,8,0), VLOOKUP(B177,'SINAPI COMP'!B:M,10,0))=0,VLOOKUP(B177,'OUTRAS BASES'!C:D,2,0),IF(A177=\"Insumo\", VLOOKUP(B177,'SINAPI INSUMOS'!B:J,8,0),VLOOKUP(B177,'SINAPI COMP'!B:M,10,0))), VLOOKUP(B177,'OUTRAS BASES'!C:D,2,0))","v":11.62},199.86399999999998]
[]
[]
[]
[]
[" 6 ",null,null,"BEBEDOURO"]
[" 6.1 ","Código","Banco","Descrição","Tipo",null,"Und","Quant.","Valor Unit","Total"]
["Composição","COMPOSIÇÃO - 12","Próprio","Serviço de execução do bebedouro em concreto armado, incluso materiais.","SEDI - SERVIÇOS DIVERSOS",null,"un",1,{"$f":"SUM(J185:J190)","v":1787.2510600000001},{"$f":"I184*H184","v":1787.2510600000001}]
["Composição Auxiliar",92916,"SINAPI","ARMAÇÃODE ESTRUTURAS DIVERSAS DE CONCRETO ARMADO, EXCETO VIGA, PILARES, LAJES E FUNDAÇÕES, UTILIZANDO AÇO CA-50 DE 6,3 MM - MONTAGEM. AF_06/2022","Armação para Estruturas de Concreto Armado",null,"KG",6,{"$f":"IF(C185=\"SINAPI\", IF( IF(A185=\"Insumo\", VLOOKUP(B185,'SINAPI INSUMOS'!B:J,8,0), VLOOKUP(B185,'SINAPI COMP'!B:M,10,0))=0,VLOOKUP(B185,'OUTRAS BASES'!C:D,2,0),IF(A185=\"Insumo\", VLOOKUP(B185,'SINAPI INSUMOS'!B:J,8,0),VLOOKUP(B185,'SINAPI COMP'!B:M,10,0))), VLOOKUP(B185,'OUTRAS BASES'!C:D,2,0))","v":15.41},92.460000000000008]
["Composição Auxiliar",92915,"SINAPI","ARMAÇÃODE ESTRUTURAS DIVERSAS DE CONCRETO ARMADO, EXCETO VIGA, PILARES, LAJES E FUNDAÇÕES, UTILIZANDO AÇO CA-60 DE 5,0 MM - MONTAGEM. AF_06/2022","Armação para Estruturas de Concreto Armado",null,"KG",13,{"$f":"IF(C186=\"SINAPI\", IF( IF(A186=\"Insumo\", VLOOKUP(B186,'SINAPI INSUMOS'!B:J,8,0), VLOOKUP(B186,'SINAPI COMP'!B:M,10,0))=0,VLOOKUP(B186,'OUTRAS BASES'!C:D,2,0),IF(A186=\"Insumo\", VLOOKUP(B186,'SINAPI INSUMOS'!B:J,8,0),VLOOKUP(B186,'SINAPI COMP'!B:M,10,0))), VLOOKUP(B186,'OUTRAS BASES'!C:D,2,0))","v":17.27},224.51]
["Composição Auxiliar",92921,"SINAPI","ARMAÇÃODE ESTRUTURAS DIVERSAS DE CONCRETO ARMADO, EXCETO VIGA, PILARES, LAJES E FUNDAÇÕES, UTILIZANDO AÇO CA-50 DE 12,5 MM - MONTAGEM. AF_06/2022","Armação para Estruturas de Concreto Armado",null,"KG",12,{"$f":"IF(C187=\"SINAPI\", IF( IF(A187=\"Insumo\", VLOOKUP(B187,'SINAPI INSUMOS'!B:J,8,0), VLOOKUP(B187,'SINAPI COMP'!B:M,10,0))=0,VLOOKUP(B187,'OUTRAS BASES'!C:D,2,0),IF(A187=\"Insumo\", VLOOKUP(B187,'SINAPI INSUMOS'!B:J,8,0),VLOOKUP(B187,'SINAPI COMP'!B:M,10,0))), VLOOKUP(B187,'OUTRAS BASES'!C:D,2,0))","v":9.6999999999999993},116.39999999999999]
["Composição Auxiliar",94971,"SINAPI","CONCRETO FCK = 25MPA, TRAÇO 1:2,3:2:2,7(EM MASSA SECA DE CIMENTO, AREIA MÉDIA, BRITA 1) - PREPARO MECÂNICO COM BETONEIRA 600l. AF_05/2021","Produção de concreto",null,"m³",0.374,{"$f":"IF(C188=\"SINAPI\", IF( IF(A188=\"Insumo\", VLOOKUP(B188,'SINAPI INSUMOS'!B:J,8,0), VLOOKUP(B188,'SINAPI COMP'!B:M,10,0))=0,VLOOKUP(B188,'OUTRAS BASES'!C:D,2,0),IF(A188=\"Insumo\", VLOOKUP(B188,'SINAPI INSUMOS'!B:J,8,0),VLOOKUP(B188,'SINAPI COMP'!B:M,10,0))), VLOOKUP(B188,'OUTRAS BASES'!C:D,2,0))","v":558.34},208.81916000000001]
["Composição Auxiliar",92263,"SINAPI","FABRICAÇÃO DE FÔRMA PARA PILARES E ESTRUTURAS SIMILARES, EM CHAPA DE MADEIRA COMPENSADA RESINADA, E = 17 MM. AF_09/2020","FUES - FUNDAÇÕES E ESTRUTURAS",null,"m²",6.21,{"$f":"IF(C189=\"SINAPI\", IF( IF(A189=\"Insumo\", VLOOKUP(B189,'SINAPI INSUMOS'!B:J,8,0), VLOOKUP(B189,'SINAPI COMP'!B:M,10,0))=0,VLOOKUP(B189,'OUTRAS BASES'!C:D,2,0),IF(A189=\"Insumo\", VLOOKUP(B189,'SINAPI INSUMOS'!B:J,8,0),VLOOKUP(B189,'SINAPI COMP'!B:M,10,0))), VLOOKUP(B189,'OUTRAS BASES'!C:D,2,0))","v":171.44},1064.6424]
["Composição Auxiliar","15.07.09","EMBASA","PINTURA LÁTEX ACRÍLICA, APLICAÇÃO MANUAL EM DUAS DEMÃOS ","EDIFICAÇÕES",null,"m² ",6.21,{"$f":"IF(C190=\"SINAPI\", IF( IF(A190=\"Insumo\", VLOOKUP(B190,'SINAPI INSUMOS'!B:J,8,0), VLOOKUP(B190,'SINAPI COMP'!B:M,10,0))=0,VLOOKUP(B190,'OUTRAS BASES'!C:D,2,0),IF(A190=\"Insumo\", VLOOKUP(B190,'SINAPI INSUMOS'!B:J,8,0),VLOOKUP(B190,'SINAPI COMP'!B:M,10,0))), VLOOKUP(B190,'OUTRAS BASES'!C:D,2,0))","v":12.95},80.419499999999999]
[]
[]
[]
[]
[" 7 ",null,null,"CHAFARIZ"]
[" 7.1 ","Código","Banco","Descrição","Tipo",null,"Und","Quant.","Valor Unit","Total"]
["Composição","COMPOSIÇÃO - 13","Próprio","Fornecimento de material e instalação do chafariz","ASTU - ASSENTAMENTO DE TUBOS E PECAS",null,"un",1,{"$f":"SUM(J198:J216)","v":973.67006708999997},{"$f":"I197*H197","v":973.67006708999997}]
["Composição Auxiliar",88267,"SINAPI","ENCANADOR OU BOMBEIRO HIDRÁULICO COM ENCARGOS COMPLEMENTARES","Livro SINAPI: Cálculos e Parâmetros",null,"H",2,{"$f":"IF(C198=\"SINAPI\", IF( IF(A198=\"Insumo\", VLOOKUP(B198,'SINAPI INSUMOS'!B:J,8,0), VLOOKUP(B198,'SINAPI COMP'!B:M,10,0))=0,VLOOKUP(B198,'OUTRAS BASES'!C:D,2,0),IF(A198=\"Insumo\", VLOOKUP(B198,'SINAPI INSUMOS'!B:J,8,0),VLOOKUP(B198,'SINAPI COMP'!B:M,10,0))), VLOOKUP(B198,'OUTRAS BASES'!C:D,2,0))","v":30.48},60.96]
["Composição Auxiliar",88248,"SINAPI","AUXILIAR DE ENCANADOR OU BOMBEIRO HIDRÁULICO COM ENCARGOS COMPLEMENTARES","Livro SINAPI: Cálculos e Parâmetros",null,"H",2,{"$f":"IF(C199=\"SINAPI\", IF( IF(A199=\"Insumo\", VLOOKUP(B199,'SINAPI INSUMOS'!B:J,8,0), VLOOKUP(B199,'SINAPI COMP'!B:M,10,0))=0,VLOOKUP(B199,'OUTRAS BASES'!C:D,2,0),IF(A199=\"Insumo\", VLOOKUP(B199,'SINAPI INSUMOS'!B:J,8,0),VLOOKUP(B199,'SINAPI COMP'!B:M,10,0))), VLOOKUP(B199,'OUTRAS BASES'!C:D,2,0))","v":24.48},48.96]
["Composição Auxiliar",93358,"SINAPI","ESCAVAÇÃO MANUAL DE VALA COM PROFUNDIDADE MENOR OU IGUAL A 1,30 M. AF_02/2021","Escavação de Valas",null,"m³",7.8539800000000007E-2,{"$f":"IF(C200=\"SINAPI\", IF( IF(A200=\"Insumo\", VLOOKUP(B200,'SINAPI INSUMOS'!B:J,8,0), VLOOKUP(B200,'SINAPI COMP'!B:M,10,0))=0,VLOOKUP(B200,'OUTRAS BASES'!C:D,2,0),IF(A200=\"Insumo\", VLOOKUP(B200,'SINAPI INSUMOS'!B:J,8,0),VLOOKUP(B200,'SINAPI COMP'!B:M,10,0))), VLOOKUP(B200,'OUTRAS BASES'!C:D,2,0))","v":89.55},7.0332390900000004]
["Composição Auxiliar",96533,"SINAPI","FABRICAÇÃO, MONTAGEM E DESMONTAGEM DE FÔRMA PARA VIGA BALDRAME, EM MADEIRA SERRADA, E=25 MM, 4 UTILIZAÇÕES. AF_01/2024","FUES - FUNDAÇÕES E ESTRUTURAS",null,"m²",0.628,{"$f":"IF(C201=\"SINAPI\", IF( IF(A201=\"Insumo\", VLOOKUP(B201,'SINAPI INSUMOS'!B:J,8,0), VLOOKUP(B201,'SINAPI COMP'!B:M,10,0))=0,VLOOKUP(B201,'OUTRAS BASES'!C:D,2,0),IF(A201=\"Insumo\", VLOOKUP(B201,'SINAPI INSUMOS'!B:J,8,0),VLOOKUP(B201,'SINAPI COMP'!B:M,10,0))), VLOOKUP(B201,'OUTRAS BASES'!C:D,2,0))","v":96.38},60.52664]
["Composição Auxiliar",94963,"SINAPI","CONCRETO FCK = 15MPA, TRAÇO 1:3,4:3,5 (EM MASSA SECA DE CIMENTO/ AREIA MÉDIA/ BRITA 1) - PREPARO MANUAL. AF_05/2021","Produção de Concreto",null,"m³",0.157,{"$f":"IF(C202=\"SINAPI\", IF( IF(A202=\"Insumo\", VLOOKUP(B202,'SINAPI INSUMOS'!B:J,8,0), VLOOKUP(B202,'SINAPI COMP'!B:M,10,0))=0,VLOOKUP(B202,'OUTRAS BASES'!C:D,2,0),IF(A202=\"Insumo\", VLOOKUP(B202,'SINAPI INSUMOS'!B:J,8,0),VLOOKUP(B202,'SINAPI COMP'!B:M,10,0))), VLOOKUP(B202,'OUTRAS BASES'!C:D,2,0))","v":509.65},80.015050000000002]
["Composição Auxiliar",87904,"SINAPI","CHAPISCO APLICADO EM ALVENARIA (COM PRESENÇA DE VÃOS) E ESTRUTURAS DE CONCRETO DE FACHADA, COM COLHER DE PEDREIRO.  ARGAMASSA TRAÇO 1:3 COM PREPARO MANUAL. AF_10/2022","Chapisco",null,"m²",0.314,{"$f":"IF(C203=\"SINAPI\", IF( IF(A203=\"Insumo\", VLOOKUP(B203,'SINAPI INSUMOS'!B:J,8,0), VLOOKUP(B203,'SINAPI COMP'!B:M,10,0))=0,VLOOKUP(B203,'OUTRAS BASES'!C:D,2,0),IF(A203=\"Insumo\", VLOOKUP(B203,'SINAPI INSUMOS'!B:J,8,0),VLOOKUP(B203,'SINAPI COMP'!B:M,10,0))), VLOOKUP(B203,'OUTRAS BASES'!C:D,2,0))","v":9.3699999999999992},2.9421799999999996]
["Composição Auxiliar",87529,"SINAPI","MASSA ÚNICA, EM ARGAMASSA TRAÇO 1:2:8, PREPARO MECÂNICO, APLICADA MANUALMENTE EM PAREDES INTERNAS DE AMBIENTES COM ÁREA ENTRE 5M² E 10M², E = 17,5MM, COM TALISCAS. AF_03/2024","Massa Única Interna",null,"m²",0.314,{"$f":"IF(C204=\"SINAPI\", IF( IF(A204=\"Insumo\", VLOOKUP(B204,'SINAPI INSUMOS'!B:J,8,0), VLOOKUP(B204,'SINAPI COMP'!B:M,10,0))=0,VLOOKUP(B204,'OUTRAS BASES'!C:D,2,0),IF(A204=\"Insumo\", VLOOKUP(B204,'SINAPI INSUMOS'!B:J,8,0),VLOOKUP(B204,'SINAPI COMP'!B:M,10,0))), VLOOKUP(B204,'OUTRAS BASES'!C:D,2,0))","v":40.770000000000003},12.801780000000001]
["Composição Auxiliar",84651,"SINAPI","PINTURA COM TINTA IMPERMEAVEL MINERAL EM PO, DUAS DEMAOS","PINT - PINTURAS",null,"m²",0.314,{"$f":"IF(C205=\"SINAPI\", IF( IF(A205=\"Insumo\", VLOOKUP(B205,'SINAPI INSUMOS'!B:J,8,0), VLOOKUP(B205,'SINAPI COMP'!B:M,10,0))=0,VLOOKUP(B205,'OUTRAS BASES'!C:D,2,0),IF(A205=\"Insumo\", VLOOKUP(B205,'SINAPI INSUMOS'!B:J,8,0),VLOOKUP(B205,'SINAPI COMP'!B:M,10,0))), VLOOKUP(B205,'OUTRAS BASES'!C:D,2,0))","v":14.577},4.577178]
["Insumo",765,"SINAPI","BUCHA DE REDUCAO DE FERRO GALVANIZADO, COM ROSCA BSP, DE 1\" X 3/4\"","Material",null,"UN",2,{"$f":"IF(C206=\"SINAPI\", IF( IF(A206=\"Insumo\", VLOOKUP(B206,'SINAPI INSUMOS'!B:J,8,0), VLOOKUP(B206,'SINAPI COMP'!B:M,10,0))=0,VLOOKUP(B206,'OUTRAS BASES'!C:D,2,0),IF(A206=\"Insumo\", VLOOKUP(B206,'SINAPI INSUMOS'!B:J,8,0),VLOOKUP(B206,'SINAPI COMP'!B:M,10,0))), VLOOKUP(B206,'OUTRAS BASES'!C:D,2,0))","v":10},20]
["Insumo",9887,"SINAPI","UNIAO DE FERRO GALVANIZADO, COM ROSCA BSP, COM ASSENTO PLANO, DE 2\"","Material",null,"UN",2,{"$f":"IF(C207=\"SINAPI\", IF( IF(A207=\"Insumo\", VLOOKUP(B207,'SINAPI INSUMOS'!B:J,8,0), VLOOKUP(B207,'SINAPI COMP'!B:M,10,0))=0,VLOOKUP(B207,'OUTRAS BASES'!C:D,2,0),IF(A207=\"Insumo\", VLOOKUP(B207,'SINAPI INSUMOS'!B:J,8,0),VLOOKUP(B207,'SINAPI COMP'!B:M,10,0))), VLOOKUP(B207,'OUTRAS BASES'!C:D,2,0))","v":101.79},203.58]
["Insumo",21013,"SINAPI","TUBO ACO GALVANIZADO COM COSTURA, CLASSE LEVE, DN 50 MM ( 2\"),  E = 3,00 MM,  *4,40* KG/M (NBR 5580)","Material",null,"M",1.8,{"$f":"IF(C208=\"SINAPI\", IF( IF(A208=\"Insumo\", VLOOKUP(B208,'SINAPI INSUMOS'!B:J,8,0), VLOOKUP(B208,'SINAPI COMP'!B:M,10,0))=0,VLOOKUP(B208,'OUTRAS BASES'!C:D,2,0),IF(A208=\"Insumo\", VLOOKUP(B208,'SINAPI INSUMOS'!B:J,8,0),VLOOKUP(B208,'SINAPI COMP'!B:M,10,0))), VLOOKUP(B208,'OUTRAS BASES'!C:D,2,0))","v":95.53},171.95400000000001]
["Insumo",6298,"SINAPI","TE DE FERRO GALVANIZADO, DE 2\"","Material",null,"UN",1,{"$f":"IF(C209=\"SINAPI\", IF( IF(A209=\"Insumo\", VLOOKUP(B209,'SINAPI INSUMOS'!B:J,8,0), VLOOKUP(B209,'SINAPI COMP'!B:M,10,0))=0,VLOOKUP(B209,'OUTRAS BASES'!C:D,2,0),IF(A209=\"Insumo\", VLOOKUP(B209,'SINAPI INSUMOS'!B:J,8,0),VLOOKUP(B209,'SINAPI COMP'!B:M,10,0))), VLOOKUP(B209,'OUTRAS BASES'!C:D,2,0))","v":66.3},66.3]
["Insumo",3471,"SINAPI","COTOVELO 90 GRAUS DE FERRO GALVANIZADO, COM ROSCA BSP, DE 2\"","Material",null,"UN",1,{"$f":"IF(C210=\"SINAPI\", IF( IF(A210=\"Insumo\", VLOOKUP(B210,'SINAPI INSUMOS'!B:J,8,0), VLOOKUP(B210,'SINAPI COMP'!B:M,10,0))=0,VLOOKUP(B210,'OUTRAS BASES'!C:D,2,0),IF(A210=\"Insumo\", VLOOKUP(B210,'SINAPI INSUMOS'!B:J,8,0),VLOOKUP(B210,'SINAPI COMP'!B:M,10,0))), VLOOKUP(B210,'OUTRAS BASES'!C:D,2,0))","v":49.87},49.87]
["Insumo",113,"SINAPI","ADAPTADOR PVC SOLDAVEL CURTO COM BOLSA E ROSCA, 60 MM X 2\", PARA AGUA FRIA","Material",null,"UN",1,{"$f":"IF(C211=\"SINAPI\", IF( IF(A211=\"Insumo\", VLOOKUP(B211,'SINAPI INSUMOS'!B:J,8,0), VLOOKUP(B211,'SINAPI COMP'!B:M,10,0))=0,VLOOKUP(B211,'OUTRAS BASES'!C:D,2,0),IF(A211=\"Insumo\", VLOOKUP(B211,'SINAPI INSUMOS'!B:J,8,0),VLOOKUP(B211,'SINAPI COMP'!B:M,10,0))), VLOOKUP(B211,'OUTRAS BASES'!C:D,2,0))","v":11.43},11.43]
["Insumo",818,"SINAPI","BUCHA DE REDUCAO DE PVC, SOLDAVEL, CURTA, COM 60 X 50 MM, PARA AGUA FRIA PREDIAL","Material",null,"UN",1,{"$f":"IF(C212=\"SINAPI\", IF( IF(A212=\"Insumo\", VLOOKUP(B212,'SINAPI INSUMOS'!B:J,8,0), VLOOKUP(B212,'SINAPI COMP'!B:M,10,0))=0,VLOOKUP(B212,'OUTRAS BASES'!C:D,2,0),IF(A212=\"Insumo\", VLOOKUP(B212,'SINAPI INSUMOS'!B:J,8,0),VLOOKUP(B212,'SINAPI COMP'!B:M,10,0))), VLOOKUP(B212,'OUTRAS BASES'!C:D,2,0))","v":6.98},6.98]
["Insumo",7604,"SINAPI","TORNEIRA METALICA CROMADA PARA TANQUE / JARDIM, SEM BICO , CANO LONGO, DE PAREDE, PADRAO POPULAR / USO GERAL, 1/2 \" OU 3/4 \" (REF 1126)","Material",null,"UN",2,{"$f":"IF(C213=\"SINAPI\", IF( IF(A213=\"Insumo\", VLOOKUP(B213,'SINAPI INSUMOS'!B:J,8,0), VLOOKUP(B213,'SINAPI COMP'!B:M,10,0))=0,VLOOKUP(B213,'OUTRAS BASES'!C:D,2,0),IF(A213=\"Insumo\", VLOOKUP(B213,'SINAPI INSUMOS'!B:J,8,0),VLOOKUP(B213,'SINAPI COMP'!B:M,10,0))), VLOOKUP(B213,'OUTRAS BASES'!C:D,2,0))","v":48.32},96.64]
["Insumo",119,"SINAPI","ADESIVO PLASTICO PARA PVC, BISNAGA COM 75 GR","Material",null,"UN",1,{"$f":"IF(C214=\"SINAPI\", IF( IF(A214=\"Insumo\", VLOOKUP(B214,'SINAPI INSUMOS'!B:J,8,0), VLOOKUP(B214,'SINAPI COMP'!B:M,10,0))=0,VLOOKUP(B214,'OUTRAS BASES'!C:D,2,0),IF(A214=\"Insumo\", VLOOKUP(B214,'SINAPI INSUMOS'!B:J,8,0),VLOOKUP(B214,'SINAPI COMP'!B:M,10,0))), VLOOKUP(B214,'OUTRAS BASES'!C:D,2,0))","v":9.58},9.58]
["Insumo",3146,"SINAPI","FITA VEDA ROSCA EM ROLOS DE 18 MM X 10 M (L X C)","Material",null,"UN",1,{"$f":"IF(C215=\"SINAPI\", IF( IF(A215=\"Insumo\", VLOOKUP(B215,'SINAPI INSUMOS'!B:J,8,0), VLOOKUP(B215,'SINAPI COMP'!B:M,10,0))=0,VLOOKUP(B215,'OUTRAS BASES'!C:D,2,0),IF(A215=\"Insumo\", VLOOKUP(B215,'SINAPI INSUMOS'!B:J,8,0),VLOOKUP(B215,'SINAPI COMP'!B:M,10,0))), VLOOKUP(B215,'OUTRAS BASES'!C:D,2,0))","v":4},4]
["Insumo",771,"SINAPI","BUCHA DE REDUCAO DE FERRO GALVANIZADO, COM ROSCA BSP, DE 2\" X 1\"","Material",null,"UN",2,{"$f":"IF(C216=\"SINAPI\", IF( IF(A216=\"Insumo\", VLOOKUP(B216,'SINAPI INSUMOS'!B:J,8,0), VLOOKUP(B216,'SINAPI COMP'!B:M,10,0))=0,VLOOKUP(B216,'OUTRAS BASES'!C:D,2,0),IF(A216=\"Insumo\", VLOOKUP(B216,'SINAPI INSUMOS'!B:J,8,0),VLOOKUP(B216,'SINAPI COMP'!B:M,10,0))), VLOOKUP(B216,'OUTRAS BASES'!C:D,2,0))","v":27.76},55.52]
[]
[]
[]
[]
[" 8 ",null,null,"CAVALETE"]
[" 8.1 ","Código","Banco","Descrição","Tipo",null,"Und","Quant.","Valor Unit","Total"]
["Composição","COMPOSIÇÃO - 14","Próprio","Fornecimento de conexões e Instalação do Cavalete com hidrômetro e clorador de pastilhas","INHI - INSTALAÇÕES HIDROS SANITÁRIAS",null,"un",1,{"$f":"SUM(J224:J241)","v":2066.48},{"$f":"I223*H223","v":2066.48}]
["Composição Auxiliar",88248,"SINAPI","AUXILIAR DE ENCANADOR OU BOMBEIRO HIDRÁULICO COM ENCARGOS COMPLEMENTARES","Livro SINAPI: Cálculos e Parâmetros",null,"H",3,{"$f":"IF(C224=\"SINAPI\", IF( IF(A224=\"Insumo\", VLOOKUP(B224,'SINAPI INSUMOS'!B:J,8,0), VLOOKUP(B224,'SINAPI COMP'!B:M,10,0))=0,VLOOKUP(B224,'OUTRAS BASES'!C:D,2,0),IF(A224=\"Insumo\", VLOOKUP(B224,'SINAPI INSUMOS'!B:J,8,0),VLOOKUP(B224,'SINAPI COMP'!B:M,10,0))), VLOOKUP(B224,'OUTRAS BASES'!C:D,2,0))","v":24.48},73.44]
["Insumo","9860/SINAPI","ORSE","TUBO PVC, ROSCAVEL, 2\", PARA AGUA FRIA PREDIAL","Tubos e Conexões de PVC Rígido Roscável ",null,"m",1.5,{"$f":"IF(C225=\"SINAPI\", IF( IF(A225=\"Insumo\", VLOOKUP(B225,'SINAPI INSUMOS'!B:J,8,0), VLOOKUP(B225,'SINAPI COMP'!B:M,10,0))=0,VLOOKUP(B225,'OUTRAS BASES'!C:D,2,0),IF(A225=\"Insumo\", VLOOKUP(B225,'SINAPI INSUMOS'!B:J,8,0),VLOOKUP(B225,'SINAPI COMP'!B:M,10,0))), VLOOKUP(B225,'OUTRAS BASES'!C:D,2,0))","v":42.22},63.33]
["Insumo",11831,"SINAPI","TORNEIRA PLASTICA PARA TANQUE 1/2 \" OU 3/4 \" COM BICO PARA MANGUEIRA","Material",null,"UN",1,{"$f":"IF(C226=\"SINAPI\", IF( IF(A226=\"Insumo\", VLOOKUP(B226,'SINAPI INSUMOS'!B:J,8,0), VLOOKUP(B226,'SINAPI COMP'!B:M,10,0))=0,VLOOKUP(B226,'OUTRAS BASES'!C:D,2,0),IF(A226=\"Insumo\", VLOOKUP(B226,'SINAPI INSUMOS'!B:J,8,0),VLOOKUP(B226,'SINAPI COMP'!B:M,10,0))), VLOOKUP(B226,'OUTRAS BASES'!C:D,2,0))","v":19.510000000000002},19.510000000000002]
["Insumo",9569,"ORSE","Adaptador pvc BSxRM d= 35mm x 1 1/2\", linha Irriga-LF, Tigre ou similar un","Material",null,"un",1,{"$f":"IF(C227=\"SINAPI\", IF( IF(A227=\"Insumo\", VLOOKUP(B227,'SINAPI INSUMOS'!B:J,8,0), VLOOKUP(B227,'SINAPI COMP'!B:M,10,0))=0,VLOOKUP(B227,'OUTRAS BASES'!C:D,2,0),IF(A227=\"Insumo\", VLOOKUP(B227,'SINAPI INSUMOS'!B:J,8,0),VLOOKUP(B227,'SINAPI COMP'!B:M,10,0))), VLOOKUP(B227,'OUTRAS BASES'!C:D,2,0))","v":3.04},3.04]
["Insumo",3939,"SINAPI","LUVA DE FERRO GALVANIZADO, COM ROSCA BSP, DE 1 1/2\"","Material",null,"UN",1,{"$f":"IF(C228=\"SINAPI\", IF( IF(A228=\"Insumo\", VLOOKUP(B228,'SINAPI INSUMOS'!B:J,8,0), VLOOKUP(B228,'SINAPI COMP'!B:M,10,0))=0,VLOOKUP(B228,'OUTRAS BASES'!C:D,2,0),IF(A228=\"Insumo\", VLOOKUP(B228,'SINAPI INSUMOS'!B:J,8,0),VLOOKUP(B228,'SINAPI COMP'!B:M,10,0))), VLOOKUP(B228,'OUTRAS BASES'!C:D,2,0))","v":22.92},22.92]
["Insumo",1798,"SINAPI","CURVA 90 GRAUS DE FERRO GALVANIZADO, COM ROSCA BSP MACHO, DE 2\"","Material",null,"UN",1,{"$f":"IF(C229=\"SINAPI\", IF( IF(A229=\"Insumo\", VLOOKUP(B229,'SINAPI INSUMOS'!B:J,8,0), VLOOKUP(B229,'SINAPI COMP'!B:M,10,0))=0,VLOOKUP(B229,'OUTRAS BASES'!C:D,2,0),IF(A229=\"Insumo\", VLOOKUP(B229,'SINAPI INSUMOS'!B:J,8,0),VLOOKUP(B229,'SINAPI COMP'!B:M,10,0))), VLOOKUP(B229,'OUTRAS BASES'!C:D,2,0))","v":127.77},127.77]
["Insumo",9887,"SINAPI","UNIAO DE FERRO GALVANIZADO, COM ROSCA BSP, COM ASSENTO PLANO, DE 2\"","Material",null,"UN",1,{"$f":"IF(C230=\"SINAPI\", IF( IF(A230=\"Insumo\", VLOOKUP(B230,'SINAPI INSUMOS'!B:J,8,0), VLOOKUP(B230,'SINAPI COMP'!B:M,10,0))=0,VLOOKUP(B230,'OUTRAS BASES'!C:D,2,0),IF(A230=\"Insumo\", VLOOKUP(B230,'SINAPI INSUMOS'!B:J,8,0),VLOOKUP(B230,'SINAPI COMP'!B:M,10,0))), VLOOKUP(B230,'OUTRAS BASES'!C:D,2,0))","v":101.79},101.79]
["Insumo"," 00004181/SINAPI ","ORSE","Niple de ferro galvanizado, com rosca bsp, de 2\"","Material",null,"un",2,{"$f":"IF(C231=\"SINAPI\", IF( IF(A231=\"Insumo\", VLOOKUP(B231,'SINAPI INSUMOS'!B:J,8,0), VLOOKUP(B231,'SINAPI COMP'!B:M,10,0))=0,VLOOKUP(B231,'OUTRAS BASES'!C:D,2,0),IF(A231=\"Insumo\", VLOOKUP(B231,'SINAPI INSUMOS'!B:J,8,0),VLOOKUP(B231,'SINAPI COMP'!B:M,10,0))), VLOOKUP(B231,'OUTRAS BASES'!C:D,2,0))","v":36.64},73.28]
["Insumo",6028,"SINAPI","REGISTRO GAVETA BRUTO EM LATAO FORJADO, BITOLA 2 \" (REF 1509)","Material",null,"UN",1,{"$f":"IF(C232=\"SINAPI\", IF( IF(A232=\"Insumo\", VLOOKUP(B232,'SINAPI INSUMOS'!B:J,8,0), VLOOKUP(B232,'SINAPI COMP'!B:M,10,0))=0,VLOOKUP(B232,'OUTRAS BASES'!C:D,2,0),IF(A232=\"Insumo\", VLOOKUP(B232,'SINAPI INSUMOS'!B:J,8,0),VLOOKUP(B232,'SINAPI COMP'!B:M,10,0))), VLOOKUP(B232,'OUTRAS BASES'!C:D,2,0))","v":213.21},213.21]
["Insumo",12775,"SINAPI","HIDROMETRO MULTIJATO / MEDIDOR DE AGUA, DN 1\", VAZAO MAXIMA DE 7 M3/H, PARA AGUA POTAVEL FRIA, RELOJOARIA PLANA, CLASSE B, HORIZONTAL (SEM CONEXOES)","Material",null,"UN",1,{"$f":"IF(C233=\"SINAPI\", IF( IF(A233=\"Insumo\", VLOOKUP(B233,'SINAPI INSUMOS'!B:J,8,0), VLOOKUP(B233,'SINAPI COMP'!B:M,10,0))=0,VLOOKUP(B233,'OUTRAS BASES'!C:D,2,0),IF(A233=\"Insumo\", VLOOKUP(B233,'SINAPI INSUMOS'!B:J,8,0),VLOOKUP(B233,'SINAPI COMP'!B:M,10,0))), VLOOKUP(B233,'OUTRAS BASES'!C:D,2,0))","v":524.58000000000004},524.58000000000004]
["Insumo",771,"SINAPI","BUCHA DE REDUCAO DE FERRO GALVANIZADO, COM ROSCA BSP, DE 2\" X 1\"","Material",null,"UN",2,{"$f":"IF(C234=\"SINAPI\", IF( IF(A234=\"Insumo\", VLOOKUP(B234,'SINAPI INSUMOS'!B:J,8,0), VLOOKUP(B234,'SINAPI COMP'!B:M,10,0))=0,VLOOKUP(B234,'OUTRAS BASES'!C:D,2,0),IF(A234=\"Insumo\", VLOOKUP(B234,'SINAPI INSUMOS'!B:J,8,0),VLOOKUP(B234,'SINAPI COMP'!B:M,10,0))), VLOOKUP(B234,'OUTRAS BASES'!C:D,2,0))","v":27.76},55.52]
["Insumo",6305,"SINAPI","TE DE REDUCAO DE FERRO GALVANIZADO, COM ROSCA BSP, DE 2\" X 1\"","Material",null,"UN",1,{"$f":"IF(C235=\"SINAPI\", IF( IF(A235=\"Insumo\", VLOOKUP(B235,'SINAPI INSUMOS'!B:J,8,0), VLOOKUP(B235,'SINAPI COMP'!B:M,10,0))=0,VLOOKUP(B235,'OUTRAS BASES'!C:D,2,0),IF(A235=\"Insumo\", VLOOKUP(B235,'SINAPI INSUMOS'!B:J,8,0),VLOOKUP(B235,'SINAPI COMP'!B:M,10,0))), VLOOKUP(B235,'OUTRAS BASES'!C:D,2,0))","v":73.400000000000006},73.400000000000006]
["Insumo",764,"SINAPI","BUCHA DE REDUCAO DE FERRO GALVANIZADO, COM ROSCA BSP, DE 1\" X 1/2\"\t","Material",null,"UN",1,{"$f":"IF(C236=\"SINAPI\", IF( IF(A236=\"Insumo\", VLOOKUP(B236,'SINAPI INSUMOS'!B:J,8,0), VLOOKUP(B236,'SINAPI COMP'!B:M,10,0))=0,VLOOKUP(B236,'OUTRAS BASES'!C:D,2,0),IF(A236=\"Insumo\", VLOOKUP(B236,'SINAPI INSUMOS'!B:J,8,0),VLOOKUP(B236,'SINAPI COMP'!B:M,10,0))), VLOOKUP(B236,'OUTRAS BASES'!C:D,2,0))","v":10},10]
["Insumo",5128,"ORSE","Tampa de poço galvanizada em 6\"","Material",null,"UN",1,{"$f":"IF(C237=\"SINAPI\", IF( IF(A237=\"Insumo\", VLOOKUP(B237,'SINAPI INSUMOS'!B:J,8,0), VLOOKUP(B237,'SINAPI COMP'!B:M,10,0))=0,VLOOKUP(B237,'OUTRAS BASES'!C:D,2,0),IF(A237=\"Insumo\", VLOOKUP(B237,'SINAPI INSUMOS'!B:J,8,0),VLOOKUP(B237,'SINAPI COMP'!B:M,10,0))), VLOOKUP(B237,'OUTRAS BASES'!C:D,2,0))","v":107.28},107.28]
["Insumo",1160,"ORSE","Joelho 45° ferro galvanizado d=2\"","Material",null,"UN",2,{"$f":"IF(C238=\"SINAPI\", IF( IF(A238=\"Insumo\", VLOOKUP(B238,'SINAPI INSUMOS'!B:J,8,0), VLOOKUP(B238,'SINAPI COMP'!B:M,10,0))=0,VLOOKUP(B238,'OUTRAS BASES'!C:D,2,0),IF(A238=\"Insumo\", VLOOKUP(B238,'SINAPI INSUMOS'!B:J,8,0),VLOOKUP(B238,'SINAPI COMP'!B:M,10,0))), VLOOKUP(B238,'OUTRAS BASES'!C:D,2,0))","v":54.39},108.78]
["Insumo",53688,"SBC","VALVULA DE RETENCAO HORIZONTAL EM LATAO, ROSCA BSP 2\"\t","Material",null,"UN",1,{"$f":"IF(C239=\"SINAPI\", IF( IF(A239=\"Insumo\", VLOOKUP(B239,'SINAPI INSUMOS'!B:J,8,0), VLOOKUP(B239,'SINAPI COMP'!B:M,10,0))=0,VLOOKUP(B239,'OUTRAS BASES'!C:D,2,0),IF(A239=\"Insumo\", VLOOKUP(B239,'SINAPI INSUMOS'!B:J,8,0),VLOOKUP(B239,'SINAPI COMP'!B:M,10,0))), VLOOKUP(B239,'OUTRAS BASES'!C:D,2,0))","v":192.66},{"$f":"I239*H239","v":192.66}]
["Insumo",4194,"SINAPI","NIPLE DE REDUCAO DE FERRO GALVANIZADO, COM ROSCA BSP, DE 2\" X 1 1/2\"","Material",null,"UN",1,{"$f":"IF(C240=\"SINAPI\", IF( IF(A240=\"Insumo\", VLOOKUP(B240,'SINAPI INSUMOS'!B:J,8,0), VLOOKUP(B240,'SINAPI COMP'!B:M,10,0))=0,VLOOKUP(B240,'OUTRAS BASES'!C:D,2,0),IF(A240=\"Insumo\", VLOOKUP(B240,'SINAPI INSUMOS'!B:J,8,0),VLOOKUP(B240,'SINAPI COMP'!B:M,10,0))), VLOOKUP(B240,'OUTRAS BASES'!C:D,2,0))","v":45},{"$f":"I240*H240","v":45}]
["Insumo",12464,"ORSE","Clorador dosador de cloro de pastilhas automático","Material",null,"un",1,{"$f":"IF(C241=\"SINAPI\", IF( IF(A241=\"Insumo\", VLOOKUP(B241,'SINAPI INSUMOS'!B:J,8,0), VLOOKUP(B241,'SINAPI COMP'!B:M,10,0))=0,VLOOKUP(B241,'OUTRAS BASES'!C:D,2,0),IF(A241=\"Insumo\", VLOOKUP(B241,'SINAPI INSUMOS'!B:J,8,0),VLOOKUP(B241,'SINAPI COMP'!B:M,10,0))), VLOOKUP(B241,'OUTRAS BASES'!C:D,2,0))","v":250.97},{"$f":"I241*H241","v":250.97}]
[]
[]
[]
[]
[" 9 ",null,null,"INSTALAÇÕES HIDRÁULICAS"]
[" 9.1 ","Código","Banco","Descrição","Tipo",null,"Und","Quant.","Valor Unit","Total"]
["Composição","COMPOSIÇÃO - 15","Próprio","Instalação da rede adutora poço-reservatório-bebedouro em PN80 e DN50MM","SEDI - SERVIÇOS DIVERSOS",null,"m",1,{"$f":"SUM(J249:J251)","v":6.5675000000000008},{"$f":"I248*H248","v":6.5675000000000008}]
["Composição Auxiliar",88316,"SINAPI","SERVENTE COM ENCARGOS COMPLEMENTARES","Livro SINAPI: Cálculos e Parâmetros",null,"H",0.05,{"$f":"IF(C249=\"SINAPI\", IF( IF(A249=\"Insumo\", VLOOKUP(B249,'SINAPI INSUMOS'!B:J,8,0), VLOOKUP(B249,'SINAPI COMP'!B:M,10,0))=0,VLOOKUP(B249,'OUTRAS BASES'!C:D,2,0),IF(A249=\"Insumo\", VLOOKUP(B249,'SINAPI INSUMOS'!B:J,8,0),VLOOKUP(B249,'SINAPI COMP'!B:M,10,0))), VLOOKUP(B249,'OUTRAS BASES'!C:D,2,0))","v":22.64},1.1320000000000001]
["Composição Auxiliar",93358,"SINAPI","ESCAVAÇÃO MANUAL DE VALA COM PROFUNDIDADE MENOR OU IGUAL A 1,30 M. AF_02/2021","Escavação de Valas",null,"m³",0.05,{"$f":"IF(C250=\"SINAPI\", IF( IF(A250=\"Insumo\", VLOOKUP(B250,'SINAPI INSUMOS'!B:J,8,0), VLOOKUP(B250,'SINAPI COMP'!B:M,10,0))=0,VLOOKUP(B250,'OUTRAS BASES'!C:D,2,0),IF(A250=\"Insumo\", VLOOKUP(B250,'SINAPI INSUMOS'!B:J,8,0),VLOOKUP(B250,'SINAPI COMP'!B:M,10,0))), VLOOKUP(B250,'OUTRAS BASES'!C:D,2,0))","v":89.55},4.4775]
["Insumo",119,"SINAPI","ADESIVO PLASTICO PARA PVC, BISNAGA COM 75 GR","Material",null,"UN",0.1,{"$f":"IF(C251=\"SINAPI\", IF( IF(A251=\"Insumo\", VLOOKUP(B251,'SINAPI INSUMOS'!B:J,8,0), VLOOKUP(B251,'SINAPI COMP'!B:M,10,0))=0,VLOOKUP(B251,'OUTRAS BASES'!C:D,2,0),IF(A251=\"Insumo\", VLOOKUP(B251,'SINAPI INSUMOS'!B:J,8,0),VLOOKUP(B251,'SINAPI COMP'!B:M,10,0))), VLOOKUP(B251,'OUTRAS BASES'!C:D,2,0))","v":9.58},0.95800000000000007]
[]
[" 9.2 ","Código","Banco","Descrição","Tipo",null,"Und","Quant.","Valor Unit","Total"]
["Insumo",9875,"SINAPI","TUBO PVC, SOLDAVEL, DE 50 MM, AGUA FRIA (NBR-5648)","MATERIAL",null,"un",1,{"$f":"IF(C254=\"SINAPI\", IF( IF(A254=\"Insumo\", VLOOKUP(B254,'SINAPI INSUMOS'!B:J,8,0), VLOOKUP(B254,'SINAPI COMP'!B:M,10,0))=0,VLOOKUP(B254,'OUTRAS BASES'!C:D,2,0),IF(A254=\"Insumo\", VLOOKUP(B254,'SINAPI INSUMOS'!B:J,8,0),VLOOKUP(B254,'SINAPI COMP'!B:M,10,0))), VLOOKUP(B254,'OUTRAS BASES'!C:D,2,0))","v":15.8},{"$f":"I254*H254","v":15.8}]
[]
[]
[]
[]
[" 9.3","Código","Banco","Descrição","Tipo",null,"Und","Quant.","Valor Unit","Total"]
["Composição","COMPOSIÇÃO - 16","Próprio","Montagem hidráulica do equipamento de bombeamento","INHI - INSTALAÇÕES HIDROS SANITÁRIAS",null,"un",1,{"$f":"SUM(J261:J262)","v":164.88},{"$f":"I260*H260","v":164.88}]
["Composição Auxiliar",88267,"SINAPI","ENCANADOR OU BOMBEIRO HIDRÁULICO COM ENCARGOS COMPLEMENTARES","Livro SINAPI: Cálculos e Parâmetros",null,"H",3,{"$f":"IF(C261=\"SINAPI\", IF( IF(A261=\"Insumo\", VLOOKUP(B261,'SINAPI INSUMOS'!B:J,8,0), VLOOKUP(B261,'SINAPI COMP'!B:M,10,0))=0,VLOOKUP(B261,'OUTRAS BASES'!C:D,2,0),IF(A261=\"Insumo\", VLOOKUP(B261,'SINAPI INSUMOS'!B:J,8,0),VLOOKUP(B261,'SINAPI COMP'!B:M,10,0))), VLOOKUP(B261,'OUTRAS BASES'!C:D,2,0))","v":30.48},91.44]
["Composição Auxiliar",88248,"SINAPI","AUXILIAR DE ENCANADOR OU BOMBEIRO HIDRÁULICO COM ENCARGOS COMPLEMENTARES","Livro SINAPI: Cálculos e Parâmetros",null,"H",3,{"$f":"IF(C262=\"SINAPI\", IF( IF(A262=\"Insumo\", VLOOKUP(B262,'SINAPI INSUMOS'!B:J,8,0), VLOOKUP(B262,'SINAPI COMP'!B:M,10,0))=0,VLOOKUP(B262,'OUTRAS BASES'!C:D,2,0),IF(A262=\"Insumo\", VLOOKUP(B262,'SINAPI INSUMOS'!B:J,8,0),VLOOKUP(B262,'SINAPI COMP'!B:M,10,0))), VLOOKUP(B262,'OUTRAS BASES'!C:D,2,0))","v":24.48},73.44]
[]
[]
[]
[]
[" 9.4","Código","Banco","Descrição","Tipo",null,"Und","Quant.","Valor Unit","Total"]
["Insumo",38200,"SINAPI","CORDA DE POLIAMIDA 12 MM TIPO BOMBEIRO, PARA TRABALHO EM ALTURA","Material",null,"100M",1,{"$f":"IF(C268=\"SINAPI\", IF( IF(A268=\"Insumo\", VLOOKUP(B268,'SINAPI INSUMOS'!B:J,8,0), VLOOKUP(B268,'SINAPI COMP'!B:M,10,0))=0,VLOOKUP(B268,'OUTRAS BASES'!C:D,2,0),IF(A268=\"Insumo\", VLOOKUP(B268,'SINAPI INSUMOS'!B:J,8,0),VLOOKUP(B268,'SINAPI COMP'!B:M,10,0))), VLOOKUP(B268,'OUTRAS BASES'!C:D,2,0))","v":393.71},{"$f":"I268*H268","v":393.71}]
[]
[]
[]
[]
[" 9.5","Código","Banco","Descrição","Tipo",null,"Und","Quant.","Valor Unit","Total"]
["Insumo",9860,"SINAPI","TUBO PVC, ROSCAVEL,  2\", PARA AGUA FRIA PREDIAL","Material",null,"M",1,{"$f":"IF(C274=\"SINAPI\", IF( IF(A274=\"Insumo\", VLOOKUP(B274,'SINAPI INSUMOS'!B:J,8,0), VLOOKUP(B274,'SINAPI COMP'!B:M,10,0))=0,VLOOKUP(B274,'OUTRAS BASES'!C:D,2,0),IF(A274=\"Insumo\", VLOOKUP(B274,'SINAPI INSUMOS'!B:J,8,0),VLOOKUP(B274,'SINAPI COMP'!B:M,10,0))), VLOOKUP(B274,'OUTRAS BASES'!C:D,2,0))","v":45.89},{"$f":"I274*H274","v":45.89}]
[]
[]
[]
[]
["9.6","Código","Banco","Descrição","Tipo",null,"Und","Quant.","Valor Unit","Total"]
["Insumo",3912,"SINAPI","LUVA DE FERRO GALVANIZADO, COM ROSCA BSP, DE 2\"","Material",null,"UN",1,{"$f":"IF(C280=\"SINAPI\", IF( IF(A280=\"Insumo\", VLOOKUP(B280,'SINAPI INSUMOS'!B:J,8,0), VLOOKUP(B280,'SINAPI COMP'!B:M,10,0))=0,VLOOKUP(B280,'OUTRAS BASES'!C:D,2,0),IF(A280=\"Insumo\", VLOOKUP(B280,'SINAPI INSUMOS'!B:J,8,0),VLOOKUP(B280,'SINAPI COMP'!B:M,10,0))), VLOOKUP(B280,'OUTRAS BASES'!C:D,2,0))","v":35.1},{"$f":"I280*H280","v":35.1}]
[]
[]
[]
[]
["9.7","Código","Banco","Descrição","Tipo",null,"Und","Quant.","Valor Unit","Total"]
["Insumo",5128,"ORSE","Tampa de poço galvanizada em 6\" un","Serviços",null,"un",1,{"$f":"IF(C286=\"SINAPI\", IF( IF(A286=\"Insumo\", VLOOKUP(B286,'SINAPI INSUMOS'!B:J,8,0), VLOOKUP(B286,'SINAPI COMP'!B:M,10,0))=0,VLOOKUP(B286,'OUTRAS BASES'!C:D,2,0),IF(A286=\"Insumo\", VLOOKUP(B286,'SINAPI INSUMOS'!B:J,8,0),VLOOKUP(B286,'SINAPI COMP'!B:M,10,0))), VLOOKUP(B286,'OUTRAS BASES'!C:D,2,0))","v":107.28},{"$f":"I286*H286","v":107.28}]
[]
[]
[]
[]
[10,null,null,"ESTRUTURA DE FIXAÇÃO PARA MÓDULOS FOTOVOLTÁICOS"]
["10.1","Código","Banco","Descrição","Tipo",null,"Und","Quant.","Valor Unit","Total"]
["Composição","COMPOSIÇÃO - 17","Próprio","Montagem hidráulica do equipamento de bombeamento","INHI - INSTALAÇÕES HIDROS SANITÁRIAS",null,"un",1,{"$f":"SUM(J294:J296)","v":104.017572},{"$f":"I293*H293","v":104.017572}]
["Composição Auxiliar",94975,"SINAPI","CONCRETO FCK = 15MPA, TRAÇO 1:3,4:3,5 (EM MASSA SECA DE CIMENTO/ AREIA MÉDIA/ BRITA 1) - PREPARO MANUAL. AF_05/2021","Produção de Concreto",null,"m³",0.09,{"$f":"IF(C294=\"SINAPI\", IF( IF(A294=\"Insumo\", VLOOKUP(B294,'SINAPI INSUMOS'!B:J,8,0), VLOOKUP(B294,'SINAPI COMP'!B:M,10,0))=0,VLOOKUP(B294,'OUTRAS BASES'!C:D,2,0),IF(A294=\"Insumo\", VLOOKUP(B294,'SINAPI INSUMOS'!B:J,8,0),VLOOKUP(B294,'SINAPI COMP'!B:M,10,0))), VLOOKUP(B294,'OUTRAS BASES'!C:D,2,0))","v":561.54},{"$f":"I294*H294","v":50.538599999999995}]
["Composição Auxiliar",96522,"SINAPI","ESCAVAÇÃO MANUAL PARA BLOCO DE COROAMENTO OU SAPATA (SEM ESCAVAÇÃO PARA COLOCAÇÃO DE FÔRMAS). AF_01/2024","Fundações Rasas (Blocos, Sapatas, Vigas Baldrame)",null,"m³",6.1999999999999998E-3,{"$f":"IF(C295=\"SINAPI\", IF( IF(A295=\"Insumo\", VLOOKUP(B295,'SINAPI INSUMOS'!B:J,8,0), VLOOKUP(B295,'SINAPI COMP'!B:M,10,0))=0,VLOOKUP(B295,'OUTRAS BASES'!C:D,2,0),IF(A295=\"Insumo\", VLOOKUP(B295,'SINAPI INSUMOS'!B:J,8,0),VLOOKUP(B295,'SINAPI COMP'!B:M,10,0))), VLOOKUP(B295,'OUTRAS BASES'!C:D,2,0))","v":153.06},0.94897199999999993]
["Insumo",4183,"SBC","ESTRUTURA METALICA EM TESOURAS OU TRELICAS, VÃO LIVRE DE 12M, FORNECIMENTO E MONTAGEM ","Material",null,"m²",1,{"$f":"IF(C296=\"SINAPI\", IF( IF(A296=\"Insumo\", VLOOKUP(B296,'SINAPI INSUMOS'!B:J,8,0), VLOOKUP(B296,'SINAPI COMP'!B:M,10,0))=0,VLOOKUP(B296,'OUTRAS BASES'!C:D,2,0),IF(A296=\"Insumo\", VLOOKUP(B296,'SINAPI INSUMOS'!B:J,8,0),VLOOKUP(B296,'SINAPI COMP'!B:M,10,0))), VLOOKUP(B296,'OUTRAS BASES'!C:D,2,0))","v":52.53},52.53]
[]
[]
[]
[]
[11,null,null,"INSTALAÇÕES ELÉTRICAS E BÓIA ELÉTRICA"]
["11.1","Código","Banco","Descrição","Tipo",null,"Und","Quant.","Valor Unit","Total"]
["Composição","COMPOSIÇÃO - 18","Próprio","Montagem e instalação elétrica do kit de bombeamento e sistema fotovoltaico inclusive sistema de aterramento.","INEL - INSTALAÇÃO ELÉTRICA/ELETRIFICAÇÃO E ILUMINAÇÃO EXTERNA",null,"un",1,{"$f":"SUM(J304:J314)","v":1059.6075999999998},{"$f":"I303*H303","v":1059.6075999999998}]
["Composição Auxiliar",88247,"SINAPI","AUXILIAR DE ELETRICISTA COM ENCARGOS COMPLEMENTARES","Livro SINAPI: Cálculos e Parâmetros",null,"H",8,{"$f":"IF(C304=\"SINAPI\", IF( IF(A304=\"Insumo\", VLOOKUP(B304,'SINAPI INSUMOS'!B:J,8,0), VLOOKUP(B304,'SINAPI COMP'!B:M,10,0))=0,VLOOKUP(B304,'OUTRAS BASES'!C:D,2,0),IF(A304=\"Insumo\", VLOOKUP(B304,'SINAPI INSUMOS'!B:J,8,0),VLOOKUP(B304,'SINAPI COMP'!B:M,10,0))), VLOOKUP(B304,'OUTRAS BASES'!C:D,2,0))","v":25.52},204.16]
["Insumo",20111,"SINAPI","FITA ISOLANTE ADESIVA ANTICHAMA, USO ATE 750 V, EM ROLO DE 19 MM X 20 M","Material",null,"UN",1,{"$f":"IF(C305=\"SINAPI\", IF( IF(A305=\"Insumo\", VLOOKUP(B305,'SINAPI INSUMOS'!B:J,8,0), VLOOKUP(B305,'SINAPI COMP'!B:M,10,0))=0,VLOOKUP(B305,'OUTRAS BASES'!C:D,2,0),IF(A305=\"Insumo\", VLOOKUP(B305,'SINAPI INSUMOS'!B:J,8,0),VLOOKUP(B305,'SINAPI COMP'!B:M,10,0))), VLOOKUP(B305,'OUTRAS BASES'!C:D,2,0))","v":9.76},9.76]
["Insumo",2674,"SINAPI","FORNECIMENTO DE  ELETRODUTO DE PVC RIGIDO ROSCAVEL DE 3/4 \", SEM LUVA","Material",null,"M",15,{"$f":"IF(C306=\"SINAPI\", IF( IF(A306=\"Insumo\", VLOOKUP(B306,'SINAPI INSUMOS'!B:J,8,0), VLOOKUP(B306,'SINAPI COMP'!B:M,10,0))=0,VLOOKUP(B306,'OUTRAS BASES'!C:D,2,0),IF(A306=\"Insumo\", VLOOKUP(B306,'SINAPI INSUMOS'!B:J,8,0),VLOOKUP(B306,'SINAPI COMP'!B:M,10,0))), VLOOKUP(B306,'OUTRAS BASES'!C:D,2,0))","v":5.44},81.600000000000009]
["Insumo",12034,"SINAPI","FORNECIMENTO DE  CURVA 180 GRAUS, DE PVC RIGIDO ROSCAVEL, DE 3/4\", PARA ELETRODUTO","Material",null,"UN",1,{"$f":"IF(C307=\"SINAPI\", IF( IF(A307=\"Insumo\", VLOOKUP(B307,'SINAPI INSUMOS'!B:J,8,0), VLOOKUP(B307,'SINAPI COMP'!B:M,10,0))=0,VLOOKUP(B307,'OUTRAS BASES'!C:D,2,0),IF(A307=\"Insumo\", VLOOKUP(B307,'SINAPI INSUMOS'!B:J,8,0),VLOOKUP(B307,'SINAPI COMP'!B:M,10,0))), VLOOKUP(B307,'OUTRAS BASES'!C:D,2,0))","v":5.75},5.75]
["Insumo",39272,"SINAPI","FORNECIMENTO DE  CURVA 90 GRAUS, CURTA, DE PVC RIGIDO ROSCAVEL, DE 3/4\", PARA ELETRODUTO","Material",null,"UN",2,{"$f":"IF(C308=\"SINAPI\", IF( IF(A308=\"Insumo\", VLOOKUP(B308,'SINAPI INSUMOS'!B:J,8,0), VLOOKUP(B308,'SINAPI COMP'!B:M,10,0))=0,VLOOKUP(B308,'OUTRAS BASES'!C:D,2,0),IF(A308=\"Insumo\", VLOOKUP(B308,'SINAPI INSUMOS'!B:J,8,0),VLOOKUP(B308,'SINAPI COMP'!B:M,10,0))), VLOOKUP(B308,'OUTRAS BASES'!C:D,2,0))","v":3.14},6.28]
["Insumo",3379,"SINAPI","HASTE DE ATERRAMENTO EM ACO COM 3,00 M DE COMPRIMENTO E DN = 5/8\", REVESTIDA COM BAIXA CAMADA DE COBRE, SEM CONECTOR","Material",null,"UN",0.66,{"$f":"IF(C309=\"SINAPI\", IF( IF(A309=\"Insumo\", VLOOKUP(B309,'SINAPI INSUMOS'!B:J,8,0), VLOOKUP(B309,'SINAPI COMP'!B:M,10,0))=0,VLOOKUP(B309,'OUTRAS BASES'!C:D,2,0),IF(A309=\"Insumo\", VLOOKUP(B309,'SINAPI INSUMOS'!B:J,8,0),VLOOKUP(B309,'SINAPI COMP'!B:M,10,0))), VLOOKUP(B309,'OUTRAS BASES'!C:D,2,0))","v":95.61},63.102600000000002]
["Insumo",1891,"SINAPI","FORNECIMENTO DE  LUVA EM PVC RIGIDO ROSCAVEL, DE 3/4\", PARA ELETRODUTO","Material",null,"UN",9,{"$f":"IF(C310=\"SINAPI\", IF( IF(A310=\"Insumo\", VLOOKUP(B310,'SINAPI INSUMOS'!B:J,8,0), VLOOKUP(B310,'SINAPI COMP'!B:M,10,0))=0,VLOOKUP(B310,'OUTRAS BASES'!C:D,2,0),IF(A310=\"Insumo\", VLOOKUP(B310,'SINAPI INSUMOS'!B:J,8,0),VLOOKUP(B310,'SINAPI COMP'!B:M,10,0))), VLOOKUP(B310,'OUTRAS BASES'!C:D,2,0))","v":1.45},13.049999999999999]
["Insumo",425,"SINAPI","GRAMPO METALICO TIPO OLHAL PARA HASTE DE ATERRAMENTO DE 5/8'', CONDUTOR DE *10* A 50 MM2","Material",null,"UN",2,{"$f":"IF(C311=\"SINAPI\", IF( IF(A311=\"Insumo\", VLOOKUP(B311,'SINAPI INSUMOS'!B:J,8,0), VLOOKUP(B311,'SINAPI COMP'!B:M,10,0))=0,VLOOKUP(B311,'OUTRAS BASES'!C:D,2,0),IF(A311=\"Insumo\", VLOOKUP(B311,'SINAPI INSUMOS'!B:J,8,0),VLOOKUP(B311,'SINAPI COMP'!B:M,10,0))), VLOOKUP(B311,'OUTRAS BASES'!C:D,2,0))","v":9.07},18.14]
["Insumo",34643,"SINAPI","FORNECIMENTO DE  CAIXA DE INSPECAO PARA ATERRAMENTO E PARA RAIOS, EM POLIPROPILENO,  DIAMETRO = 300 MM X ALTURA = 400 MM","Material",null,"UN",2,{"$f":"IF(C312=\"SINAPI\", IF( IF(A312=\"Insumo\", VLOOKUP(B312,'SINAPI INSUMOS'!B:J,8,0), VLOOKUP(B312,'SINAPI COMP'!B:M,10,0))=0,VLOOKUP(B312,'OUTRAS BASES'!C:D,2,0),IF(A312=\"Insumo\", VLOOKUP(B312,'SINAPI INSUMOS'!B:J,8,0),VLOOKUP(B312,'SINAPI COMP'!B:M,10,0))), VLOOKUP(B312,'OUTRAS BASES'!C:D,2,0))","v":41.81},83.62]
["Insumo",867,"SINAPI","CABO DE COBRE NU 50 MM2 MEIO-DURO","Material",null,"M",7.5,{"$f":"IF(C313=\"SINAPI\", IF( IF(A313=\"Insumo\", VLOOKUP(B313,'SINAPI INSUMOS'!B:J,8,0), VLOOKUP(B313,'SINAPI COMP'!B:M,10,0))=0,VLOOKUP(B313,'OUTRAS BASES'!C:D,2,0),IF(A313=\"Insumo\", VLOOKUP(B313,'SINAPI INSUMOS'!B:J,8,0),VLOOKUP(B313,'SINAPI COMP'!B:M,10,0))), VLOOKUP(B313,'OUTRAS BASES'!C:D,2,0))","v":56.27},422.02500000000003]
["Insumo",54581,"SIURB INFRA","DPS - DISPOSITIVO DE PROTEÇÃO CONTRA SURTOS – 45KA – 500 VOLTS - CORRENTE CONTÍNUA - CLASSE II - P/ SISTEMA FOTOVOLTÁICO","Material",null,"Un",1,{"$f":"IF(C314=\"SINAPI\", IF( IF(A314=\"Insumo\", VLOOKUP(B314,'SINAPI INSUMOS'!B:J,8,0), VLOOKUP(B314,'SINAPI COMP'!B:M,10,0))=0,VLOOKUP(B314,'OUTRAS BASES'!C:D,2,0),IF(A314=\"Insumo\", VLOOKUP(B314,'SINAPI INSUMOS'!B:J,8,0),VLOOKUP(B314,'SINAPI COMP'!B:M,10,0))), VLOOKUP(B314,'OUTRAS BASES'!C:D,2,0))","v":152.12},152.12]
[]
[]
[]
[]
["11.2","Código","Banco","Descrição","Tipo",null,"Und","Quant.","Valor Unit","Total"]
["Insumo",34622,"SINAPI","FORNECIMENTO DE  CABO FLEXIVEL PVC 750 V, 3 CONDUTORES DE 6,0 MM2","Material",null,"M",1,{"$f":"IF(C320=\"SINAPI\", IF( IF(A320=\"Insumo\", VLOOKUP(B320,'SINAPI INSUMOS'!B:J,8,0), VLOOKUP(B320,'SINAPI COMP'!B:M,10,0))=0,VLOOKUP(B320,'OUTRAS BASES'!C:D,2,0),IF(A320=\"Insumo\", VLOOKUP(B320,'SINAPI INSUMOS'!B:J,8,0),VLOOKUP(B320,'SINAPI COMP'!B:M,10,0))), VLOOKUP(B320,'OUTRAS BASES'!C:D,2,0))","v":22.12},{"$f":"I320*H320","v":22.12}]
[]
[]
[]
[]
["11.3","Código","Banco","Descrição","Tipo",null,"Und","Quant.","Valor Unit","Total"]
["Composição","COMPOSIÇÃO - 19","Próprio","Fornecimento e instalação de automático de bóia superior e inferior","ASTU - ASSENTAMENTO DE TUBOS E PECAS",null,"un",1,{"$f":"SUM(J327:J331)","v":64.899000000000001},{"$f":"I326*H326","v":64.899000000000001}]
["Composição Auxiliar",88264,"SINAPI","ELETRICISTA COM ENCARGOS COMPLEMENTARES","Livro SINAPI: Cálculos e Parâmetros",null,"H",0.2,{"$f":"IF(C327=\"SINAPI\", IF( IF(A327=\"Insumo\", VLOOKUP(B327,'SINAPI INSUMOS'!B:J,8,0), VLOOKUP(B327,'SINAPI COMP'!B:M,10,0))=0,VLOOKUP(B327,'OUTRAS BASES'!C:D,2,0),IF(A327=\"Insumo\", VLOOKUP(B327,'SINAPI INSUMOS'!B:J,8,0),VLOOKUP(B327,'SINAPI COMP'!B:M,10,0))), VLOOKUP(B327,'OUTRAS BASES'!C:D,2,0))","v":31.63},6.3260000000000005]
["Composição Auxiliar",88247,"SINAPI","AUXILIAR DE ELETRICISTA COM ENCARGOS COMPLEMENTARES","Livro SINAPI: Cálculos e Parâmetros",null,"H",0.2,{"$f":"IF(C328=\"SINAPI\", IF( IF(A328=\"Insumo\", VLOOKUP(B328,'SINAPI INSUMOS'!B:J,8,0), VLOOKUP(B328,'SINAPI COMP'!B:M,10,0))=0,VLOOKUP(B328,'OUTRAS BASES'!C:D,2,0),IF(A328=\"Insumo\", VLOOKUP(B328,'SINAPI INSUMOS'!B:J,8,0),VLOOKUP(B328,'SINAPI COMP'!B:M,10,0))), VLOOKUP(B328,'OUTRAS BASES'!C:D,2,0))","v":25.52},5.1040000000000001]
["Insumo",7588,"SINAPI","AUTOMATICO DE BOIA SUPERIOR / INFERIOR, *15* A / 250 V","Material",null,"UN",1,{"$f":"IF(C329=\"SINAPI\", IF( IF(A329=\"Insumo\", VLOOKUP(B329,'SINAPI INSUMOS'!B:J,8,0), VLOOKUP(B329,'SINAPI COMP'!B:M,10,0))=0,VLOOKUP(B329,'OUTRAS BASES'!C:D,2,0),IF(A329=\"Insumo\", VLOOKUP(B329,'SINAPI INSUMOS'!B:J,8,0),VLOOKUP(B329,'SINAPI COMP'!B:M,10,0))), VLOOKUP(B329,'OUTRAS BASES'!C:D,2,0))","v":52.5},52.5]
["Insumo",21127,"SINAPI","FITA ISOLANTE ADESIVA ANTICHAMA, USO ATE 750 V, EM ROLO DE 19 MM X 5 M","Material",null,"UN",0.1,{"$f":"IF(C330=\"SINAPI\", IF( IF(A330=\"Insumo\", VLOOKUP(B330,'SINAPI INSUMOS'!B:J,8,0), VLOOKUP(B330,'SINAPI COMP'!B:M,10,0))=0,VLOOKUP(B330,'OUTRAS BASES'!C:D,2,0),IF(A330=\"Insumo\", VLOOKUP(B330,'SINAPI INSUMOS'!B:J,8,0),VLOOKUP(B330,'SINAPI COMP'!B:M,10,0))), VLOOKUP(B330,'OUTRAS BASES'!C:D,2,0))","v":3.69},0.36899999999999999]
["Insumo",3146,"SINAPI","FITA VEDA ROSCA EM ROLOS DE 18 MM X 10 M (L X C)","Material",null,"UN",0.15,{"$f":"IF(C331=\"SINAPI\", IF( IF(A331=\"Insumo\", VLOOKUP(B331,'SINAPI INSUMOS'!B:J,8,0), VLOOKUP(B331,'SINAPI COMP'!B:M,10,0))=0,VLOOKUP(B331,'OUTRAS BASES'!C:D,2,0),IF(A331=\"Insumo\", VLOOKUP(B331,'SINAPI INSUMOS'!B:J,8,0),VLOOKUP(B331,'SINAPI COMP'!B:M,10,0))), VLOOKUP(B331,'OUTRAS BASES'!C:D,2,0))","v":4},0.6]
[]
[]
[]
[]
["11.4","Código","Banco","Descrição","Tipo",null,"Und","Quant.","Valor Unit","Total"]
["Insumo",39257,"SINAPI","CABO MULTIPOLAR DE COBRE, FLEXIVEL, CLASSE 4 OU 5, ISOLACAO EM HEPR, COBERTURA EM PVC-ST2, ANTICHAMA BWF-B, 0,6/1 KV, 3 CONDUTORES DE 1,5 MM2","Material",null,"M",1,{"$f":"IF(C337=\"SINAPI\", IF( IF(A337=\"Insumo\", VLOOKUP(B337,'SINAPI INSUMOS'!B:J,8,0), VLOOKUP(B337,'SINAPI COMP'!B:M,10,0))=0,VLOOKUP(B337,'OUTRAS BASES'!C:D,2,0),IF(A337=\"Insumo\", VLOOKUP(B337,'SINAPI INSUMOS'!B:J,8,0),VLOOKUP(B337,'SINAPI COMP'!B:M,10,0))), VLOOKUP(B337,'OUTRAS BASES'!C:D,2,0))","v":6.01},{"$f":"I337*H337","v":6.01}]
[]
[]
[]
[]
["11.5","Código","Banco","Descrição","Tipo",null,"Und","Quant.","Valor Unit","Total"]
["Insumo","COTAÇÃO-001","Próprio","Fornecimento de kit de bombeamento fotovoltaico, incluindo uma bomba CC de 1500W com controladora de carga externa, caixa de proteção metálica, módulos fotovoltaicos compatíveis com a geração de 2200Wp além de componentes elétricos necessários para interligação dos painéis, como cabos, conectores MC4 e presilhas de fixação.","Serviços",null,"un",1,7842.59,{"$f":"I343*H343","v":7842.59}]
[]
[]
[]
[]
[12,null,null,"URBANIZAÇÃO"]
["12.1","Código","Banco","Descrição","Tipo",null,"Und","Quant.","Valor Unit","Total"]
["Composição","COMPOSIÇÃO - 20","Próprio","Cerca com mourões de concreto de 15x15cm, espaçados de 3m e cravados a 0,5m, escoras de 10x10cm nos cantos, e 9 fios de arame de aço ovalado 15x17.","SEDI - SERVIÇOS DIVERSOS",null,"m",1,{"$f":"SUM(J351:J357)","v":86.261942000000005},{"$f":"I350*H350","v":86.261942000000005}]
["Composição Auxiliar",88309,"SINAPI","PEDREIRO COM ENCARGOS COMPLEMENTARES","Livro SINAPI: Cálculos e Parâmetros",null,"H",0.33500000000000002,{"$f":"IF(C351=\"SINAPI\", IF( IF(A351=\"Insumo\", VLOOKUP(B351,'SINAPI INSUMOS'!B:J,8,0), VLOOKUP(B351,'SINAPI COMP'!B:M,10,0))=0,VLOOKUP(B351,'OUTRAS BASES'!C:D,2,0),IF(A351=\"Insumo\", VLOOKUP(B351,'SINAPI INSUMOS'!B:J,8,0),VLOOKUP(B351,'SINAPI COMP'!B:M,10,0))), VLOOKUP(B351,'OUTRAS BASES'!C:D,2,0))","v":31.21},10.455350000000001]
["Composição Auxiliar",88316,"SINAPI","SERVENTE COM ENCARGOS COMPLEMENTARES","Livro SINAPI: Cálculos e Parâmetros",null,"H",0.67100000000000004,{"$f":"IF(C352=\"SINAPI\", IF( IF(A352=\"Insumo\", VLOOKUP(B352,'SINAPI INSUMOS'!B:J,8,0), VLOOKUP(B352,'SINAPI COMP'!B:M,10,0))=0,VLOOKUP(B352,'OUTRAS BASES'!C:D,2,0),IF(A352=\"Insumo\", VLOOKUP(B352,'SINAPI INSUMOS'!B:J,8,0),VLOOKUP(B352,'SINAPI COMP'!B:M,10,0))), VLOOKUP(B352,'OUTRAS BASES'!C:D,2,0))","v":22.64},15.191440000000002]
["Composição Auxiliar",94975,"SINAPI","CONCRETO FCK = 15MPA, TRAÇO 1:3,4:3,5 (EM MASSA SECA DE CIMENTO/ AREIA MÉDIA/ BRITA 1) - PREPARO MANUAL. AF_05/2021","Produção de Concreto",null,"m³",2.8799999999999999E-2,{"$f":"IF(C353=\"SINAPI\", IF( IF(A353=\"Insumo\", VLOOKUP(B353,'SINAPI INSUMOS'!B:J,8,0), VLOOKUP(B353,'SINAPI COMP'!B:M,10,0))=0,VLOOKUP(B353,'OUTRAS BASES'!C:D,2,0),IF(A353=\"Insumo\", VLOOKUP(B353,'SINAPI INSUMOS'!B:J,8,0),VLOOKUP(B353,'SINAPI COMP'!B:M,10,0))), VLOOKUP(B353,'OUTRAS BASES'!C:D,2,0))","v":561.54},16.172352]
["Insumo",43130,"SINAPI","ARAME GALVANIZADO 12 BWG, D = 2,76 MM (0,048 KG/M) OU 14 BWG, D = 2,11 MM (0,026 KG/M)","Material",null,"KG",9.8000000000000004E-2,{"$f":"IF(C354=\"SINAPI\", IF( IF(A354=\"Insumo\", VLOOKUP(B354,'SINAPI INSUMOS'!B:J,8,0), VLOOKUP(B354,'SINAPI COMP'!B:M,10,0))=0,VLOOKUP(B354,'OUTRAS BASES'!C:D,2,0),IF(A354=\"Insumo\", VLOOKUP(B354,'SINAPI INSUMOS'!B:J,8,0),VLOOKUP(B354,'SINAPI COMP'!B:M,10,0))), VLOOKUP(B354,'OUTRAS BASES'!C:D,2,0))","v":20.5},2.0089999999999999]
["Insumo",346,"SINAPI","ARAME DE ACO OVALADO 15 X 17 ( 45,7 KG, 700 KGF), ROLO 1000 M","Material",null,"KG",0.40500000000000003,{"$f":"IF(C355=\"SINAPI\", IF( IF(A355=\"Insumo\", VLOOKUP(B355,'SINAPI INSUMOS'!B:J,8,0), VLOOKUP(B355,'SINAPI COMP'!B:M,10,0))=0,VLOOKUP(B355,'OUTRAS BASES'!C:D,2,0),IF(A355=\"Insumo\", VLOOKUP(B355,'SINAPI INSUMOS'!B:J,8,0),VLOOKUP(B355,'SINAPI COMP'!B:M,10,0))), VLOOKUP(B355,'OUTRAS BASES'!C:D,2,0))","v":24.28},9.833400000000001]
["Insumo",4111,"SINAPI","ESCORA PRE-MOLDADA EM CONCRETO, *10 X 10* CM, H = 2,30M","Material",null,"UN",0.16,{"$f":"IF(C356=\"SINAPI\", IF( IF(A356=\"Insumo\", VLOOKUP(B356,'SINAPI INSUMOS'!B:J,8,0), VLOOKUP(B356,'SINAPI COMP'!B:M,10,0))=0,VLOOKUP(B356,'OUTRAS BASES'!C:D,2,0),IF(A356=\"Insumo\", VLOOKUP(B356,'SINAPI INSUMOS'!B:J,8,0),VLOOKUP(B356,'SINAPI COMP'!B:M,10,0))), VLOOKUP(B356,'OUTRAS BASES'!C:D,2,0))","v":79.8},12.768000000000001]
["Insumo"," I1533 ","SEINFRA","MOURÃO CONCRETO BASE 15X15CM H=2.3 C/ 12 FUROS","Material",null,"UN",0.42,{"$f":"IF(C357=\"SINAPI\", IF( IF(A357=\"Insumo\", VLOOKUP(B357,'SINAPI INSUMOS'!B:J,8,0), VLOOKUP(B357,'SINAPI COMP'!B:M,10,0))=0,VLOOKUP(B357,'OUTRAS BASES'!C:D,2,0),IF(A357=\"Insumo\", VLOOKUP(B357,'SINAPI INSUMOS'!B:J,8,0),VLOOKUP(B357,'SINAPI COMP'!B:M,10,0))), VLOOKUP(B357,'OUTRAS BASES'!C:D,2,0))","v":47.22},19.8324]
[]
[]
[]
[]
["12.2","Código","Banco","Descrição","Tipo",null,"Und","Quant.","Valor Unit","Total"]
["Composição","COMPOSIÇÃO - 21","Próprio","Serviço de instalação de portão de ferro com suporte e batedor conforme projeto, incluso material","SEDI - SERVIÇOS DIVERSOS",null,"m²",1,{"$f":"SUM(J364:J368)","v":576.13194999999996},{"$f":"I363*H363","v":576.13194999999996}]
["Composição Auxiliar",88309,"SINAPI","PEDREIRO COM ENCARGOS COMPLEMENTARES","Livro SINAPI: Cálculos e Parâmetros",null,"H",1.5,{"$f":"IF(C364=\"SINAPI\", IF( IF(A364=\"Insumo\", VLOOKUP(B364,'SINAPI INSUMOS'!B:J,8,0), VLOOKUP(B364,'SINAPI COMP'!B:M,10,0))=0,VLOOKUP(B364,'OUTRAS BASES'!C:D,2,0),IF(A364=\"Insumo\", VLOOKUP(B364,'SINAPI INSUMOS'!B:J,8,0),VLOOKUP(B364,'SINAPI COMP'!B:M,10,0))), VLOOKUP(B364,'OUTRAS BASES'!C:D,2,0))","v":31.21},46.814999999999998]
["Composição Auxiliar",88316,"SINAPI","SERVENTE COM ENCARGOS COMPLEMENTARES","Livro SINAPI: Cálculos e Parâmetros",null,"H",1.5,{"$f":"IF(C365=\"SINAPI\", IF( IF(A365=\"Insumo\", VLOOKUP(B365,'SINAPI INSUMOS'!B:J,8,0), VLOOKUP(B365,'SINAPI COMP'!B:M,10,0))=0,VLOOKUP(B365,'OUTRAS BASES'!C:D,2,0),IF(A365=\"Insumo\", VLOOKUP(B365,'SINAPI INSUMOS'!B:J,8,0),VLOOKUP(B365,'SINAPI COMP'!B:M,10,0))), VLOOKUP(B365,'OUTRAS BASES'!C:D,2,0))","v":22.64},33.96]
["Insumo",367,"SINAPI","AREIA GROSSA - POSTO JAZIDA/FORNECEDOR (RETIRADO NA JAZIDA, SEM TRANSPORTE)","Material",null,"m³",6.0999999999999999E-2,{"$f":"IF(C366=\"SINAPI\", IF( IF(A366=\"Insumo\", VLOOKUP(B366,'SINAPI INSUMOS'!B:J,8,0), VLOOKUP(B366,'SINAPI COMP'!B:M,10,0))=0,VLOOKUP(B366,'OUTRAS BASES'!C:D,2,0),IF(A366=\"Insumo\", VLOOKUP(B366,'SINAPI INSUMOS'!B:J,8,0),VLOOKUP(B366,'SINAPI COMP'!B:M,10,0))), VLOOKUP(B366,'OUTRAS BASES'!C:D,2,0))","v":167.15},10.196149999999999]
["Insumo",1379,"SINAPI","CIMENTO PORTLAND COMPOSTO CP II-32","Material",null,"KG",4.83,{"$f":"IF(C367=\"SINAPI\", IF( IF(A367=\"Insumo\", VLOOKUP(B367,'SINAPI INSUMOS'!B:J,8,0), VLOOKUP(B367,'SINAPI COMP'!B:M,10,0))=0,VLOOKUP(B367,'OUTRAS BASES'!C:D,2,0),IF(A367=\"Insumo\", VLOOKUP(B367,'SINAPI INSUMOS'!B:J,8,0),VLOOKUP(B367,'SINAPI COMP'!B:M,10,0))), VLOOKUP(B367,'OUTRAS BASES'!C:D,2,0))","v":0.76},3.6708000000000003]
["Insumo",4948,"SINAPI","PORTAO DE ABRIR / GIRO, EM GRADIL DE METALON REDONDO DE 3/4\"  VERTICAL, COM REQUADRO, ACABAMENTO NATURAL - COMPLETO","Material",null,"m²",1,{"$f":"IF(C368=\"SINAPI\", IF( IF(A368=\"Insumo\", VLOOKUP(B368,'SINAPI INSUMOS'!B:J,8,0), VLOOKUP(B368,'SINAPI COMP'!B:M,10,0))=0,VLOOKUP(B368,'OUTRAS BASES'!C:D,2,0),IF(A368=\"Insumo\", VLOOKUP(B368,'SINAPI INSUMOS'!B:J,8,0),VLOOKUP(B368,'SINAPI COMP'!B:M,10,0))), VLOOKUP(B368,'OUTRAS BASES'!C:D,2,0))","v":481.49},481.49]
[]
[]
[]
[]
[13,null,null,"OUTROS SERVIÇOS E INSUMOS EXCEPCIONAIS"]
["13.1","Código","Banco","Descrição","Tipo",null,"Und","Quant.","Valor Unit","Total"]
["Composição","COMPOSIÇÃO - 22","Próprio","Fornecimento e instalação do pré filtro para revestimento interno","ASTU - ASSENTAMENTO DE TUBOS E PECAS",null,"m³",1,{"$f":"SUM(J376:J379)","v":1672.884},{"$f":"I375*H375","v":1672.884}]
["Composição Auxiliar",90776,"SINAPI","ENCARREGADO GERAL COM ENCARGOS COMPLEMENTARES","Livro SINAPI: Cálculos e Parâmetros",null,"H",0.4,{"$f":"IF(C376=\"SINAPI\", IF( IF(A376=\"Insumo\", VLOOKUP(B376,'SINAPI INSUMOS'!B:J,8,0), VLOOKUP(B376,'SINAPI COMP'!B:M,10,0))=0,VLOOKUP(B376,'OUTRAS BASES'!C:D,2,0),IF(A376=\"Insumo\", VLOOKUP(B376,'SINAPI INSUMOS'!B:J,8,0),VLOOKUP(B376,'SINAPI COMP'!B:M,10,0))), VLOOKUP(B376,'OUTRAS BASES'!C:D,2,0))","v":67.930000000000007},27.172000000000004]
["Composição Auxiliar",88297,"SINAPI","OPERADOR DE MÁQUINAS E EQUIPAMENTOS COM ENCARGOS COMPLEMENTARES","Livro SINAPI: Cálculos e Parâmetros",null,"H",0.4,{"$f":"IF(C377=\"SINAPI\", IF( IF(A377=\"Insumo\", VLOOKUP(B377,'SINAPI INSUMOS'!B:J,8,0), VLOOKUP(B377,'SINAPI COMP'!B:M,10,0))=0,VLOOKUP(B377,'OUTRAS BASES'!C:D,2,0),IF(A377=\"Insumo\", VLOOKUP(B377,'SINAPI INSUMOS'!B:J,8,0),VLOOKUP(B377,'SINAPI COMP'!B:M,10,0))), VLOOKUP(B377,'OUTRAS BASES'!C:D,2,0))","v":37.53},15.012]
["Composição Auxiliar",88316,"SINAPI","SERVENTE COM ENCARGOS COMPLEMENTARES","Livro SINAPI: Cálculos e Parâmetros",null,"H",0.5,{"$f":"IF(C378=\"SINAPI\", IF( IF(A378=\"Insumo\", VLOOKUP(B378,'SINAPI INSUMOS'!B:J,8,0), VLOOKUP(B378,'SINAPI COMP'!B:M,10,0))=0,VLOOKUP(B378,'OUTRAS BASES'!C:D,2,0),IF(A378=\"Insumo\", VLOOKUP(B378,'SINAPI INSUMOS'!B:J,8,0),VLOOKUP(B378,'SINAPI COMP'!B:M,10,0))), VLOOKUP(B378,'OUTRAS BASES'!C:D,2,0))","v":22.64},11.32]
["Insumo",5073,"ORSE","Pré-filtro comum","Serviços",null,"m³",1,{"$f":"IF(C379=\"SINAPI\", IF( IF(A379=\"Insumo\", VLOOKUP(B379,'SINAPI INSUMOS'!B:J,8,0), VLOOKUP(B379,'SINAPI COMP'!B:M,10,0))=0,VLOOKUP(B379,'OUTRAS BASES'!C:D,2,0),IF(A379=\"Insumo\", VLOOKUP(B379,'SINAPI INSUMOS'!B:J,8,0),VLOOKUP(B379,'SINAPI COMP'!B:M,10,0))), VLOOKUP(B379,'OUTRAS BASES'!C:D,2,0))","v":1619.38},1619.38]
[]
[]
[]
[]
["13.2","Código","Banco","Descrição","Tipo",null,"Und","Quant.","Valor Unit","Total"]
["Composição","COMPOSIÇÃO - 23","Próprio","Execução de tamponamento conforme especificação","SEDI - SERVIÇOS DIVERSOS",null,"m³",1,{"$f":"SUM(J386:J388)","v":715.01},{"$f":"I385*H385","v":715.01}]
["Composição Auxiliar",87316,"SINAPI","ARGAMASSA TRAÇO 1:4 (EM VOLUME DE CIMENTO E AREIA GROSSA ÚMIDA) PARA CHAPISCO CONVENCIONAL, PREPARO MECÂNICO COM BETONEIRA 400 L. AF_08/2019","Argamassas",null,"m³",1,{"$f":"IF(C386=\"SINAPI\", IF( IF(A386=\"Insumo\", VLOOKUP(B386,'SINAPI INSUMOS'!B:J,8,0), VLOOKUP(B386,'SINAPI COMP'!B:M,10,0))=0,VLOOKUP(B386,'OUTRAS BASES'!C:D,2,0),IF(A386=\"Insumo\", VLOOKUP(B386,'SINAPI INSUMOS'!B:J,8,0),VLOOKUP(B386,'SINAPI COMP'!B:M,10,0))), VLOOKUP(B386,'OUTRAS BASES'!C:D,2,0))","v":565.45000000000005},565.45000000000005]
["Composição Auxiliar",88316,"SINAPI","SERVENTE COM ENCARGOS COMPLEMENTARES","Livro SINAPI: Cálculos e Parâmetros",null,"H",1,{"$f":"IF(C387=\"SINAPI\", IF( IF(A387=\"Insumo\", VLOOKUP(B387,'SINAPI INSUMOS'!B:J,8,0), VLOOKUP(B387,'SINAPI COMP'!B:M,10,0))=0,VLOOKUP(B387,'OUTRAS BASES'!C:D,2,0),IF(A387=\"Insumo\", VLOOKUP(B387,'SINAPI INSUMOS'!B:J,8,0),VLOOKUP(B387,'SINAPI COMP'!B:M,10,0))), VLOOKUP(B387,'OUTRAS BASES'!C:D,2,0))","v":22.64},22.64]
["Insumo",4721,"SINAPI","PEDRA BRITADA N. 1 (9,5 a 19 MM) POSTO PEDREIRA/FORNECEDOR, SEM FRETE","Material",null,"m³",1,{"$f":"IF(C388=\"SINAPI\", IF( IF(A388=\"Insumo\", VLOOKUP(B388,'SINAPI INSUMOS'!B:J,8,0), VLOOKUP(B388,'SINAPI COMP'!B:M,10,0))=0,VLOOKUP(B388,'OUTRAS BASES'!C:D,2,0),IF(A388=\"Insumo\", VLOOKUP(B388,'SINAPI INSUMOS'!B:J,8,0),VLOOKUP(B388,'SINAPI COMP'!B:M,10,0))), VLOOKUP(B388,'OUTRAS BASES'!C:D,2,0))","v":126.92},126.92]
[]
[]
[]
[]
["13.3","Código","Banco","Descrição","Tipo",null,"Und","Quant.","Valor Unit","Total"]
["Composição","COMPOSIÇÃO - 24","Próprio","Fornecimento e instalação do filtro para revestimento interno Ø 4 1/2\"","ASTU - ASSENTAMENTO DE TUBOS E PECAS",null,"m",1,{"$f":"SUM(J395:J397)","v":148.1105},{"$f":"I394*H394","v":148.1105}]
["Composição Auxiliar",88316,"SINAPI","SERVENTE COM ENCARGOS COMPLEMENTARES","Livro SINAPI: Cálculos e Parâmetros",null,"H",0.65,{"$f":"IF(C395=\"SINAPI\", IF( IF(A395=\"Insumo\", VLOOKUP(B395,'SINAPI INSUMOS'!B:J,8,0), VLOOKUP(B395,'SINAPI COMP'!B:M,10,0))=0,VLOOKUP(B395,'OUTRAS BASES'!C:D,2,0),IF(A395=\"Insumo\", VLOOKUP(B395,'SINAPI INSUMOS'!B:J,8,0),VLOOKUP(B395,'SINAPI COMP'!B:M,10,0))), VLOOKUP(B395,'OUTRAS BASES'!C:D,2,0))","v":22.64},14.716000000000001]
["Composição Auxiliar",90776,"SINAPI","ENCARREGADO GERAL COM ENCARGOS COMPLEMENTARES","Livro SINAPI: Cálculos e Parâmetros",null,"H",0.65,{"$f":"IF(C396=\"SINAPI\", IF( IF(A396=\"Insumo\", VLOOKUP(B396,'SINAPI INSUMOS'!B:J,8,0), VLOOKUP(B396,'SINAPI COMP'!B:M,10,0))=0,VLOOKUP(B396,'OUTRAS BASES'!C:D,2,0),IF(A396=\"Insumo\", VLOOKUP(B396,'SINAPI INSUMOS'!B:J,8,0),VLOOKUP(B396,'SINAPI COMP'!B:M,10,0))), VLOOKUP(B396,'OUTRAS BASES'!C:D,2,0))","v":67.930000000000007},44.154500000000006]
["Insumo"," COTAÇÃO-004 ","Próprio","Fornecimento tubo filtro geomecânico classe reforçado diâmetro Ø 4 1/2\" com junta roscável. ","Material",null,"m",1,89.24,89.24]
[]
[]
[]
[]
["13.4","Código","Banco","Descrição","Tipo",null,"Und","Quant.","Valor Unit","Total"]
["Composição","COMPOSIÇÃO - 25","Próprio","Fornecimento e instalação do revestimento interno Ø 4 1/2\"","ASTU - ASSENTAMENTO DE TUBOS E PECAS",null,"m",1,{"$f":"SUM(J404:J406)","v":138.56049999999999},{"$f":"I403*H403","v":138.56049999999999}]
["Composição Auxiliar",88316,"SINAPI","SERVENTE COM ENCARGOS COMPLEMENTARES","Livro SINAPI: Cálculos e Parâmetros",null,"H",0.65,{"$f":"IF(C404=\"SINAPI\", IF( IF(A404=\"Insumo\", VLOOKUP(B404,'SINAPI INSUMOS'!B:J,8,0), VLOOKUP(B404,'SINAPI COMP'!B:M,10,0))=0,VLOOKUP(B404,'OUTRAS BASES'!C:D,2,0),IF(A404=\"Insumo\", VLOOKUP(B404,'SINAPI INSUMOS'!B:J,8,0),VLOOKUP(B404,'SINAPI COMP'!B:M,10,0))), VLOOKUP(B404,'OUTRAS BASES'!C:D,2,0))","v":22.64},14.716000000000001]
["Composição Auxiliar",90776,"SINAPI","ENCARREGADO GERAL COM ENCARGOS COMPLEMENTARES","Livro SINAPI: Cálculos e Parâmetros",null,"H",0.65,{"$f":"IF(C405=\"SINAPI\", IF( IF(A405=\"Insumo\", VLOOKUP(B405,'SINAPI INSUMOS'!B:J,8,0), VLOOKUP(B405,'SINAPI COMP'!B:M,10,0))=0,VLOOKUP(B405,'OUTRAS BASES'!C:D,2,0),IF(A405=\"Insumo\", VLOOKUP(B405,'SINAPI INSUMOS'!B:J,8,0),VLOOKUP(B405,'SINAPI COMP'!B:M,10,0))), VLOOKUP(B405,'OUTRAS BASES'!C:D,2,0))","v":67.930000000000007},44.154500000000006]
["Insumo"," COTAÇÃO-006 ","Próprio","Fornecimento tubo revestimento geomecânico classe reforçado Ø 4 1/2\" com junta roscável.","Material",null,"m",1,79.69,79.69]
[]
[]
[]
[]
["13.5","Código","Banco","Descrição","Tipo",null,"Und","Quant.","Valor Unit","Total"]
["Insumo"," M3929 ","SICRO3","Tubo em aço-carbono - E = 3,00 mm e D = 150 mm (6\")","Material",null,"m",1,{"$f":"IF(C412=\"SINAPI\", IF( IF(A412=\"Insumo\", VLOOKUP(B412,'SINAPI INSUMOS'!B:J,8,0), VLOOKUP(B412,'SINAPI COMP'!B:M,10,0))=0,VLOOKUP(B412,'OUTRAS BASES'!C:D,2,0),IF(A412=\"Insumo\", VLOOKUP(B412,'SINAPI INSUMOS'!B:J,8,0),VLOOKUP(B412,'SINAPI COMP'!B:M,10,0))), VLOOKUP(B412,'OUTRAS BASES'!C:D,2,0))","v":148.57},{"$f":"I412*H412","v":148.57}]
[]
[]
[]
[]
["13.6","Código","Banco","Descrição","Tipo",null,"Und","Quant.","Valor Unit","Total"]
["Insumo",5108,"ORSE","Revestimento tubo liso aço sch-40 em 8\"","Material",null,"M",1,{"$f":"IF(C418=\"SINAPI\", IF( IF(A418=\"Insumo\", VLOOKUP(B418,'SINAPI INSUMOS'!B:J,8,0), VLOOKUP(B418,'SINAPI COMP'!B:M,10,0))=0,VLOOKUP(B418,'OUTRAS BASES'!C:D,2,0),IF(A418=\"Insumo\", VLOOKUP(B418,'SINAPI INSUMOS'!B:J,8,0),VLOOKUP(B418,'SINAPI COMP'!B:M,10,0))), VLOOKUP(B418,'OUTRAS BASES'!C:D,2,0))","v":164.55},{"$f":"I418*H418","v":164.55}]
[]
[]
[]
[]
["13.7","Código","Banco","Descrição","Tipo",null,"Und","Quant.","Valor Unit","Total"]
["Insumo"," M039706073 ","EMBASA","FILTRO NOLD EM AÇO GALVANIZADO DN 6\"","Material",null,"M",1,{"$f":"IF(C424=\"SINAPI\", IF( IF(A424=\"Insumo\", VLOOKUP(B424,'SINAPI INSUMOS'!B:J,8,0), VLOOKUP(B424,'SINAPI COMP'!B:M,10,0))=0,VLOOKUP(B424,'OUTRAS BASES'!C:D,2,0),IF(A424=\"Insumo\", VLOOKUP(B424,'SINAPI INSUMOS'!B:J,8,0),VLOOKUP(B424,'SINAPI COMP'!B:M,10,0))), VLOOKUP(B424,'OUTRAS BASES'!C:D,2,0))","v":835.86},{"$f":"I424*H424","v":835.86}]
[]
[]
[]
[]
["13.8","Código","Banco","Descrição","Tipo",null,"Und","Quant.","Valor Unit","Total"]
["Composição","COMPOSIÇÃO - 26","Próprio","Limpeza manual , remoção de cerca, capina e instalação dos equipamentos (área do poço, painéis solares, bebedouro e reservatório)","SEDI - SERVIÇOS DIVERSOS",null,"m²",1,{"$f":"SUM(J431)","v":1.8112000000000001},{"$f":"I430*H430","v":1.8112000000000001}]
["Composição Auxiliar",88316,"SINAPI","SERVENTE COM ENCARGOS COMPLEMENTARES","Livro SINAPI: Cálculos e Parâmetros",null,"H",0.08,{"$f":"IF(C431=\"SINAPI\", IF( IF(A431=\"Insumo\", VLOOKUP(B431,'SINAPI INSUMOS'!B:J,8,0), VLOOKUP(B431,'SINAPI COMP'!B:M,10,0))=0,VLOOKUP(B431,'OUTRAS BASES'!C:D,2,0),IF(A431=\"Insumo\", VLOOKUP(B431,'SINAPI INSUMOS'!B:J,8,0),VLOOKUP(B431,'SINAPI COMP'!B:M,10,0))), VLOOKUP(B431,'OUTRAS BASES'!C:D,2,0))","v":22.64},1.8112000000000001]

{"sheet":"Crono. - MG - P","index":29,"n_rows":27,"n_cols":15,"rows_kept":27,"cut":false,"hidden":false,"merged":[[0,0,6,14],[7,0,8,14],[23,0,23,1],[23,2,26,2],[24,0,24,1],[25,0,25,1],[26,0,26,1]]}
["OBJETO: EXECUÇÃO DE SERVIÇOS DE PERFURAÇÃO E INSTALAÇÃO DE POÇOS TUBULARES EM MUNICÍPIOS LOCALIZADOS EM MINAS GERAIS, NA ÁREA DE ATUAÇÃO DA CODEVASF DA 16 SR"]
[]
[]
[]
[]
[]
[]
["CRONOGRAMA FÍSICO-FINANCEIRO POÇO PARCIALMENTE REVESTIDO"]
[]
["ITEM","ESPECIFICAÇÃO DOS SERVIÇOS","VALOR TOTAL (R$)","Mês 01","Mês 02","Mês 03","Mês 04","Mês 05","Mês 06","Mês 07","Mês 08","Mês 09","Mês 10","Mês 11","Mês 12"]
["1","Serviços preliminares.",{"$f":"'Orçamento Sintético - MG - P'!K4","v":68731.259999999995},{"$f":"$C$11/12","v":5727.6049999999996},{"$f":"$C$11/12","v":5727.6049999999996},5727.6049999999996,5727.6049999999996,5727.6049999999996,5727.6049999999996,5727.6049999999996,5727.6049999999996,5727.6049999999996,5727.6049999999996,5727.6049999999996,5727.6049999999996]
["2","Mobilizaçâo e desmobilizaçâo equipes perfuraçâo e instalação.",{"$f":"'Orçamento Sintético - MG - P'!K9","v":108174},{"$f":"$C$12/12","v":9014.5},{"$f":"$C$12/12","v":9014.5},9014.5,9014.5,9014.5,9014.5,9014.5,9014.5,9014.5,9014.5,9014.5,9014.5]
["3","Perfuração e completação de poço tubular.",{"$f":"'Orçamento Sintético - MG - P'!K13","v":1167392.1300000001},{"$f":"$C$13/12","v":97282.677500000005},{"$f":"$C$13/12","v":97282.677500000005},97282.677500000005,97282.677500000005,97282.677500000005,97282.677500000005,97282.677500000005,97282.677500000005,97282.677500000005,97282.677500000005,97282.677500000005,97282.677500000005]
["4","Pós perfuração.",{"$f":"'Orçamento Sintético - MG - P'!K18","v":523445.56000000006},{"$f":"$C$14/12","v":43620.46333333334},{"$f":"$C$14/12","v":43620.46333333334},43620.46333333334,43620.46333333334,43620.46333333334,43620.46333333334,43620.46333333334,43620.46333333334,43620.46333333334,43620.46333333334,43620.46333333334,43620.46333333334]
["5","Reservação.",{"$f":"'Orçamento Sintético - MG - P'!K24","v":951061.58},{"$f":"$C$15/12","v":79255.131666666668},{"$f":"$C$15/12","v":79255.131666666668},79255.131666666668,79255.131666666668,79255.131666666668,79255.131666666668,79255.131666666668,79255.131666666668,79255.131666666668,79255.131666666668,79255.131666666668,79255.131666666668]
["6","Bebedouro.",{"$f":"'Orçamento Sintético - MG - P'!K27","v":97339.44},{"$f":"$C$16/12","v":8111.62},{"$f":"$C$16/12","v":8111.62},8111.62,8111.62,8111.62,8111.62,8111.62,8111.62,8111.62,8111.62,8111.62,8111.62]
["7","Chafariz.",{"$f":"'Orçamento Sintético - MG - P'!K29","v":53029.24},{"$f":"$C$17/12","v":4419.1033333333335},{"$f":"$C$17/12","v":4419.1033333333335},4419.1033333333335,4419.1033333333335,4419.1033333333335,4419.1033333333335,4419.1033333333335,4419.1033333333335,4419.1033333333335,4419.1033333333335,4419.1033333333335,4419.1033333333335]
["8","Cavalete.",{"$f":"'Orçamento Sintético - MG - P'!K31","v":112547.16},{"$f":"$C$18/12","v":9378.93},{"$f":"$C$18/12","v":9378.93},9378.93,9378.93,9378.93,9378.93,9378.93,9378.93,9378.93,9378.93,9378.93,9378.93]
["9","Instalações hidráulicas.",{"$f":"'Orçamento Sintético - MG - P'!K33","v":731628.99},{"$f":"$C$19/12","v":60969.082499999997},{"$f":"$C$19/12","v":60969.082499999997},60969.082499999997,60969.082499999997,60969.082499999997,60969.082499999997,60969.082499999997,60969.082499999997,60969.082499999997,60969.082499999997,60969.082499999997,60969.082499999997]
["10","Estrutura de fixação para módulos fotovoltáicos.",{"$f":"'Orçamento Sintético - MG - P'!K41","v":57329.8},{"$f":"$C$20/12","v":4777.4833333333336},{"$f":"$C$20/12","v":4777.4833333333336},4777.4833333333336,4777.4833333333336,4777.4833333333336,4777.4833333333336,4777.4833333333336,4777.4833333333336,4777.4833333333336,4777.4833333333336,4777.4833333333336,4777.4833333333336]
["11","Instalações elétricas e bóia elétrica.",{"$f":"'Orçamento Sintético - MG - P'!K43","v":634850.91999999993},{"$f":"$C$21/12","v":52904.243333333325},{"$f":"$C$21/12","v":52904.243333333325},52904.243333333325,52904.243333333325,52904.243333333325,52904.243333333325,52904.243333333325,52904.243333333325,52904.243333333325,52904.243333333325,52904.243333333325,52904.243333333325]
["12","Urbanização.",{"$f":"'Orçamento Sintético - MG - P'!K49","v":178620.19999999998},{"$f":"$C$22/12","v":14885.016666666665},{"$f":"$C$22/12","v":14885.016666666665},14885.016666666665,14885.016666666665,14885.016666666665,14885.016666666665,14885.016666666665,14885.016666666665,14885.016666666665,14885.016666666665,14885.016666666665,14885.016666666665]
["13","Outros serviços e insumos excepcionais.",{"$f":"'Orçamento Sintético - MG - P'!K52","v":513111.26999999996},{"$f":"$C$23/12","v":42759.272499999999},{"$f":"$C$23/12","v":42759.272499999999},42759.272499999999,42759.272499999999,42759.272499999999,42759.272499999999,42759.272499999999,42759.272499999999,42759.272499999999,42759.272499999999,42759.272499999999,42759.272499999999]
["TOTAL",null,{"$f":"SUM(C11:C23)","v":5197261.55},{"$f":"SUM(D11:D23)","v":433105.12916666671},{"$f":"SUM(E11:E23)","v":433105.12916666671},{"$f":"SUM(F11:F23)","v":433105.12916666671},433105.12916666671,433105.12916666671,433105.12916666671,433105.12916666671,433105.12916666671,433105.12916666671,433105.12916666671,433105.12916666671,433105.12916666671]
["PERCENTUAL",null,null,{"$f":"D24/$C$24","v":8.3333333333333343E-2},{"$f":"E24/$C$24","v":8.3333333333333343E-2},8.3333333333333343E-2,8.3333333333333343E-2,8.3333333333333343E-2,8.3333333333333343E-2,8.3333333333333343E-2,8.3333333333333343E-2,8.3333333333333343E-2,8.3333333333333343E-2,8.3333333333333343E-2,8.3333333333333343E-2]
["CUSTO ACUMULADO",null,null,{"$f":"D24","v":433105.12916666671},{"$f":"E24+D26","v":866210.25833333342},1299315.3875000002,1732420.5166666668,2165525.6458333335,2598630.7750000004,3031735.9041666673,3464841.0333333341,3897946.162500001,4331051.2916666679,4764156.4208333343,5197261.5500000007]
["PERCENTUAL ACUMULADO",null,null,{"$f":"D25","v":8.3333333333333343E-2},{"$f":"E25+D27","v":0.16666666666666669},0.25,0.33333333333333337,0.41666666666666674,0.50000000000000011,0.58333333333333348,0.66666666666666685,0.75000000000000022,0.83333333333333359,0.91666666666666696,1.0000000000000002]

{"sheet":"Orçamento Sintético - MG - T","index":30,"n_rows":61,"n_cols":13,"rows_kept":61,"cut":false,"hidden":false,"merged":[[0,2,1,5]]}
[null,null,"OBJETO: EXECUÇÃO DE SERVIÇOS DE PERFURAÇÃO E INSTALAÇÃO DE POÇOS TUBULARES EM MUNICÍPIOS LOCALIZADOS EM MINAS GERAIS, NA ÁREA DE ATUAÇÃO DA CODEVASF DA 16 SR",{"$nulls":4},"Quantidade de Poços","BDI SERVIÇO","BDI INSUMO","Total","Preço Unitário Por Poço","Desconto"]
[{"$nulls":7},6,0.23780000000000001,0.1469,{"$f":"K4+K9+K13+K20+K26+K29+K31+K33+K35+K43+K45+K51+K54","v":1126308.94},{"$f":"K2/H2","v":187718.15666666665},0]
["Item","Código","Banco","TIPO","Descrição.","un.","Mem. calc.","Quanti.","Valor Unit","Valor Unit com BDI","Total","Peso (%)"]
[1,null,null,null,"Serviços preliminares.",{"$nulls":5},{"$f":"SUM(K5:K8)","v":15818.24},{"$f":"K4/$K$2","v":1.4044317183525152E-2}]
["1.1","COMPOSIÇÃO - 1","Próprio","Serviço","Administração local da obra - poço totalmente revestido.","un.",1,{"$f":"G5*$H$2","v":6},{"$f":"VLOOKUP(B5,'Orçamento Analítico - MG - T'!B:J,8,0)*(1-$M$2)","v":1120.7085400000001},{"$f":"ROUND(I5*(1+$I$2),2)","v":1387.21},{"$f":"ROUND(J5*H5,2)","v":8323.26},7.3898552203625414E-3]
["1.2","COMPOSIÇÃO - 2","Próprio","Serviço","Serviço de locação geológica de campo com relatório hidro geológico e perfil construtivo e geológico esperado. relatório de viabilidade de implantação das estruturas e vistorias preliminares.","un.",1,{"$f":"G6*$H$2","v":6},{"$f":"VLOOKUP(B6,'Orçamento Analítico - MG - T'!B:J,8,0)*(1-$M$2)","v":601.94999999999993},{"$f":"ROUND(I6*(1+$I$2),2)","v":745.09},{"$f":"ROUND(J6*H6,2)","v":4470.54},3.9691951659373316E-3]
["1.3",103689,"SINAPI","Serviço","Fornecimento e instalação de placa de obra com chapa galvanizada e estrutura de madeira. .","m²",0.72,4.32,{"$f":"VLOOKUP(B7,'Orçamento Analítico - MG - T'!B:J,8,0)*(1-$M$2)","v":501.25},{"$f":"ROUND(I7*(1+$I$2),2)","v":620.45000000000005},{"$f":"ROUND(J7*H7,2)","v":2680.34},2.3797555935230349E-3]
["1.4","Composição - A","Próprio","Insumo","Emissão de Outorga e Licenciamento (taxas)","und",1,{"$f":"G8*$H$2","v":6},{"$f":"VLOOKUP(B8,'Orçamento Analítico - MG - T'!B:J,8,0)*(1-$M$2)","v":50},{"$f":"ROUND(I8*(1+$J$2),2)","v":57.35},{"$f":"ROUND(J8*H8,2)","v":344.1},3.0551120370224535E-4]
[2,null,null,null,"Mobilizaçâo e desmobilizaçâo equipe campo.",{"$nulls":5},{"$f":"SUM(K10:K12)","v":14751},1.3096761888438887E-2]
["2.1","COMPOSIÇÃO - 3","Próprio","Serviço","Transporte de comboio perfuração.","km",150,{"$f":"G10*$H$2","v":900},{"$f":"VLOOKUP(B10,'Orçamento Analítico - MG - T'!B:J,8,0)*(1-$M$2)","v":4.7237764000000002},{"$f":"ROUND(I10*(1+$I$2),2)","v":5.85},{"$f":"ROUND(J10*H10,2)","v":5265},4.6745611377283398E-3]
["2.2","COMPOSIÇÃO - 4","Próprio","Serviço","Transporte de comboio instalação.","km",150,900,{"$f":"VLOOKUP(B11,'Orçamento Analítico - MG - T'!B:J,8,0)*(1-$M$2)","v":5.9274614000000003},{"$f":"ROUND(I11*(1+$I$2),2)","v":7.34},{"$f":"ROUND(J11*H11,2)","v":6606},5.8651758548591473E-3]
["2.3","COMPOSIÇÃO - 5","Próprio","Serviço","Transporte de equipe teste de vazão.","km",150,900,{"$f":"VLOOKUP(B12,'Orçamento Analítico - MG - T'!B:J,8,0)*(1-$M$2)","v":2.5878570000000001},{"$f":"ROUND(I12*(1+$I$2),2)","v":3.2},{"$f":"ROUND(J12*H12,2)","v":2880},2.5570248958513993E-3]
[3,null,null,null,"Perfuração e completação de poço tubular.",{"$nulls":5},{"$f":"SUM(K14:K19)","v":550717.21},0.48895750574438307]
["3.1","COMPOSIÇÃO - 6","Próprio","Serviço","Perfuração diâmetro de ø 12 1/2\" em rocha - incluso mão de obra para instalação do revestimento e completação anelar.","m",150,900,{"$f":"VLOOKUP(B14,'Orçamento Analítico - MG - T'!B:J,8,0)*(1-$M$2)","v":255.85999999999999},{"$f":"ROUND(I14*(1+$I$2),2)","v":316.7},{"$f":"ROUND(J14*H14,2)","v":285030},0.25306555766129318]
["3.2",5073,"ORSE","Insumo","Fornecimento de pré-filtro comum m3.","m³",7.5138999999999996,45.083399999999997,{"$f":"VLOOKUP(B15,'Orçamento Analítico - MG - T'!B:J,8,0)*(1-$M$2)","v":1619.38},{"$f":"ROUND(I15*(1+$J$2),2)","v":1857.27},83732.05,7.4341991816206307E-2]
["3.3",5091,"ORSE","Insumo","Revestimento filtro pvc geomecânico reforçado dn 150mm.","m",15,90,{"$f":"VLOOKUP(B16,'Orçamento Analítico - MG - T'!B:J,8,0)*(1-$M$2)","v":221.38},{"$f":"ROUND(I16*(1+$J$2),2)","v":253.9},22851,2.0288394408020948E-2]
["3.4",5024,"ORSE","Insumo","Centralizador em 6\".","un.",10,60,{"$f":"VLOOKUP(B17,'Orçamento Analítico - MG - T'!B:J,8,0)*(1-$M$2)","v":267.02},{"$f":"ROUND(I17*(1+$J$2),2)","v":306.25},18375,1.6314351549051899E-2]
["3.5",9850,"SINAPI","Insumo","Tubo pvc de revestimento geomecanico nervurado reforcado, dn = 150 mm, comprimento = 2 m.","m",134,804,{"$f":"VLOOKUP(B18,'Orçamento Analítico - MG - T'!B:J,8,0)*(1-$M$2)","v":147.75},{"$f":"ROUND(I18*(1+$J$2),2)","v":169.45},136237.79999999999,0.12095952998473047]
["3.6","COMPOSIÇÃO - 7","Próprio","Serviço","Serviço de lançamento cimentação anelar, incluso materiais.","m³",1.1599999999999999,{"$f":"G19*$H$2","v":6.9599999999999991},{"$f":"VLOOKUP(B19,'Orçamento Analítico - MG - T'!B:J,8,0)*(1-$M$2)","v":521.34},{"$f":"ROUND(I19*(1+$I$2),2)","v":645.30999999999995},4491.3599999999997,3.9876803250802574E-3]
[4,null,null,null,"Pós perfuração.",{"$nulls":5},{"$f":"SUM(K21:K25)","v":73526.34},6.5280792319734229E-2]
["4.1",6305,"ORSE","Serviço","Desenvolvimento com compressor 250psi / 750cfm.","h",2,{"$f":"G21*$H$2","v":12},{"$f":"VLOOKUP(B21,'Orçamento Analítico - MG - T'!B:J,8,0)*(1-$M$2)","v":411.16},{"$f":"ROUND(I21*(1+$I$2),2)","v":508.93},{"$f":"ROUND(J21*H21,2)","v":6107.16},5.4222778343568862E-3]
["4.2","COMPOSIÇÃO - 8","Próprio","Serviço","Inspeção ótica em poço tubular câmera com rotação de 360º, visada lateral, com fonte própria de luz, entregue vídeo em cores e marcação de profundidades.","m",150,900,{"$f":"VLOOKUP(B22,'Orçamento Analítico - MG - T'!B:J,8,0)*(1-$M$2)","v":9.6404600000000009},{"$f":"ROUND(I22*(1+$I$2),2)","v":11.93},{"$f":"ROUND(J22*H22,2)","v":10737},9.5329084398459978E-3]
["4.3","COMPOSIÇÃO - 9","Próprio","Serviço","Serviço de coleta e análise físico-química e bacteriológica.","un.",1,6,{"$f":"VLOOKUP(B23,'Orçamento Analítico - MG - T'!B:J,8,0)*(1-$M$2)","v":621.19000000000005},{"$f":"ROUND(I23*(1+$I$2),2)","v":768.91},{"$f":"ROUND(J23*H23,2)","v":4613.46},4.0960875263939571E-3]
["4.4","COMPOSIÇÃO - 10","Próprio","Serviço","Serviço de instalação de laje sanitária com dimensões (1,5x1,5x0,3) , incluso material.","un.",1,6,{"$f":"VLOOKUP(B24,'Orçamento Analítico - MG - T'!B:J,8,0)*(1-$M$2)","v":692.35874999999999},{"$f":"ROUND(I24*(1+$I$2),2)","v":857},{"$f":"ROUND(J24*H24,2)","v":5142},4.5653548661346863E-3]
["4.5"," 24.80.22 ","EMBASA","Serviço","(REVISADA) DESENVOLVIMENTO OU TESTE COM BOMBA SUBMERSA - UEB1 NO SEDIMENTO COM VAZAO < 60M3 (Ensaio de bombeamento poço tubular incluso materiais e grupo gerador)","h",24,144,{"$f":"VLOOKUP(B25,'Orçamento Analítico - MG - T'!B:J,8,0)*(1-$M$2)","v":263.27},{"$f":"ROUND(I25*(1+$I$2),2)","v":325.88},{"$f":"ROUND(J25*H25,2)","v":46926.720000000001},4.1664163653002705E-2]
[5,null,null,null,"Reservação.",{"$nulls":5},{"$f":"SUM(K27:K28)","v":129690.22},0.11514622266959899]
["5.1","COMPOSIÇÃO - 11","Próprio","Serviço","Fornecimento e instalação de reservatório e base elevada 10 m³.","un.",0.8,{"$f":"G27*$H$2","v":4.8000000000000007},{"$f":"VLOOKUP(B27,'Orçamento Analítico - MG - T'!B:J,8,0)*(1-$M$2)","v":19745.553790000002},{"$f":"ROUND(I27*(1+$I$2),2)","v":24441.05},{"$f":"ROUND(J27*H27,2)","v":117317.04},0.10416062221791474]
["5.2","COMPOSIÇÃO - 12","Próprio","Serviço","Fornecimento e execução de reservatório apoiado de 5 m³.","un.",0.2,1.2000000000000002,{"$f":"VLOOKUP(B28,'Orçamento Analítico - MG - T'!B:J,8,0)*(1-$M$2)","v":8330.0840499999995},{"$f":"ROUND(I28*(1+$I$2),2)","v":10310.98},{"$f":"ROUND(J28*H28,2)","v":12373.18},1.0985600451684244E-2]
[6,null,null,null,"Bebedouro.",{"$nulls":5},{"$f":"SUM(K30)","v":13273.56},1.1785008116867118E-2]
["6.1","COMPOSIÇÃO - 13","Próprio","Serviço","Serviço de execução do bebedouro em concreto armado, incluso materiais.","un.",1,{"$f":"G30*$H$2","v":6},{"$f":"VLOOKUP(B30,'Orçamento Analítico - MG - T'!B:J,8,0)*(1-$M$2)","v":1787.2510600000001},{"$f":"ROUND(I30*(1+$I$2),2)","v":2212.2600000000002},{"$f":"ROUND(J30*H30,2)","v":13273.56},1.1785008116867118E-2]
[7,null,null,null,"Chafariz.",{"$nulls":5},{"$f":"SUM(K32)","v":7231.26},6.4203166140188858E-3]
["7.1","COMPOSIÇÃO - 14","Próprio","Serviço","Fornecimento de material e instalação do chafariz.","un.",1,{"$f":"G32*$H$2","v":6},{"$f":"VLOOKUP(B32,'Orçamento Analítico - MG - T'!B:J,8,0)*(1-$M$2)","v":973.67006708999997},{"$f":"ROUND(I32*(1+$I$2),2)","v":1205.21},{"$f":"ROUND(J32*H32,2)","v":7231.26},6.4203166140188858E-3]
[8,null,null,null,"Cavalete.",{"$nulls":5},{"$f":"SUM(K34)","v":15347.34},1.3626225855936118E-2]
["8.1","COMPOSIÇÃO - 15","Próprio","Serviço","Fornecimento de conexões e instalação do cavalete com hidrômetro e clorador de pastilhas.","un.",1,{"$f":"G34*$H$2","v":6},{"$f":"VLOOKUP(B34,'Orçamento Analítico - MG - T'!B:J,8,0)*(1-$M$2)","v":2066.48},{"$f":"ROUND(I34*(1+$I$2),2)","v":2557.89},{"$f":"ROUND(J34*H34,2)","v":15347.34},1.3626225855936118E-2]
[9,null,null,null,"Instalações hidráulicas poço e adutora.",{"$nulls":5},{"$f":"SUM(K36:K42)","v":99767.590000000011},8.8579240079546928E-2]
["9.1","COMPOSIÇÃO - 16","Próprio","Serviço","Instalação da rede adutora poço-reservatório-bebedouro em pn80 e dn50mm.","m",400,{"$f":"G36*$H$2","v":2400},{"$f":"VLOOKUP(B36,'Orçamento Analítico - MG - T'!B:J,8,0)*(1-$M$2)","v":6.5675000000000008},{"$f":"ROUND(I36*(1+$I$2),2)","v":8.1300000000000008},{"$f":"ROUND(J36*H36,2)","v":19512},{"$f":"K36/$K$2","v":1.732384366939323E-2}]
["9.2",9875,"SINAPI","Insumo","TUBO PVC, SOLDAVEL, DE 50 MM, AGUA FRIA (NBR-5648)","un.",400,{"$f":"ROUND(G37*$H$2,2)","v":2400},{"$f":"VLOOKUP(B37,'Orçamento Analítico - MG - T'!B:J,8,0)*(1-$M$2)","v":15.8},{"$f":"ROUND(I37*(1+$J$2),2)","v":18.12},43488,3.8611075927356131E-2]
["9.3","COMPOSIÇÃO - 17","Próprio","Serviço","Montagem hidráulica do equipamento de bombeamento.","un.",1,6,{"$f":"VLOOKUP(B38,'Orçamento Analítico - MG - T'!B:J,8,0)*(1-$M$2)","v":164.88},{"$f":"ROUND(I38*(1+$I$2),2)","v":204.09},1224.54,1.0872150229048168E-3]
["9.4",38200,"SINAPI","Insumo","Corda de poliamida 12 mm tipo bombeiro, para trabalho em altura.","100m",0.93,5.58,{"$f":"VLOOKUP(B39,'Orçamento Analítico - MG - T'!B:J,8,0)*(1-$M$2)","v":393.71},{"$f":"ROUND(I39*(1+$J$2),2)","v":451.55},2519.65,2.2370860343166594E-3]
["9.5",9860,"SINAPI","Insumo","Tubo pvc, roscavel,  2\", para agua fria predial.","m",90,540,{"$f":"VLOOKUP(B40,'Orçamento Analítico - MG - T'!B:J,8,0)*(1-$M$2)","v":45.89},{"$f":"ROUND(I40*(1+$J$2),2)","v":52.63},28420.2,2.5233041300373592E-2]
["9.6",3912,"SINAPI","Insumo","Luva de ferro galvanizado, com rosca bsp, de 2\".","un.",16,96,{"$f":"VLOOKUP(B41,'Orçamento Analítico - MG - T'!B:J,8,0)*(1-$M$2)","v":35.1},{"$f":"ROUND(I41*(1+$J$2),2)","v":40.26},3864.96,3.4315274102325781E-3]
["9.7",5128,"ORSE","Insumo","Tampa de poço galvanizada em 6\" un.","un.",1,6,{"$f":"VLOOKUP(B42,'Orçamento Analítico - MG - T'!B:J,8,0)*(1-$M$2)","v":107.28},{"$f":"ROUND(I42*(1+$J$2),2)","v":123.04},738.24,6.5545071496990871E-4]
[10,null,null,null,"Estrutura de fixação para módulos fotovoltáicos.",{"$nulls":5},{"$f":"SUM(K44)","v":11726.55},1.041148621265494E-2]
["10.1","COMPOSIÇÃO - 18","Próprio","Serviço","Serviço de fixação de estruturas para os módulos fotovoltaicos e suportes de concreto, incluso materiais.","m²",15.18,{"$f":"G44*$H$2","v":91.08},{"$f":"VLOOKUP(B44,'Orçamento Analítico - MG - T'!B:J,8,0)*(1-$M$2)","v":104.017572},{"$f":"ROUND(I44*(1+$I$2),2)","v":128.75},{"$f":"ROUND(J44*H44,2)","v":11726.55},1.041148621265494E-2]
[11,null,null,null,"Instalações elétricas.",{"$nulls":5},{"$f":"SUM(K46:K50)","v":110636.16},9.8228963715763465E-2]
["11.1","COMPOSIÇÃO - 19","Próprio","Serviço","Montagem e instalação elétrica do kit de bombeamento e sistema fotovoltaico inclusive sistema de aterramento.","un.",1,{"$f":"G46*$H$2","v":6},{"$f":"VLOOKUP(B46,'Orçamento Analítico - MG - T'!B:J,8,0)*(1-$M$2)","v":1059.6075999999998},{"$f":"ROUND(I46*(1+$I$2),2)","v":1311.58},{"$f":"ROUND(J46*H46,2)","v":7869.48},6.986963985209955E-3]
["11.2",34622,"SINAPI","Insumo","Fornecimento de  cabo flexivel pvc 750 v, 3 condutores de 6,0 mm2.","m",105,630,{"$f":"VLOOKUP(B47,'Orçamento Analítico - MG - T'!B:J,8,0)*(1-$M$2)","v":22.12},{"$f":"ROUND(I47*(1+$J$2),2)","v":25.37},{"$f":"ROUND(J47*H47,2)","v":15983.1},1.4190689101695313E-2]
["11.3","COMPOSIÇÃO - 20","Próprio","Serviço","Fornecimento e instalação de automático de bóia superior e inferior.","un.",1,{"$f":"G48*$H$2","v":6},{"$f":"VLOOKUP(B48,'Orçamento Analítico - MG - T'!B:J,8,0)*(1-$M$2)","v":64.899000000000001},{"$f":"ROUND(I48*(1+$I$2),2)","v":80.33},{"$f":"ROUND(J48*H48,2)","v":481.98},4.2792877059113111E-4]
["11.4",39257,"SINAPI","Insumo","Cabo multipolar de cobre, flexivel, classe 4 ou 5, isolacao em hepr, cobertura em pvc-st2, antichama bwf-b, 0,6/1 kv, 3 condutores de 1,5 mm2.","m",200,1200,{"$f":"VLOOKUP(B49,'Orçamento Analítico - MG - T'!B:J,8,0)*(1-$M$2)","v":6.01},{"$f":"ROUND(I49*(1+$J$2),2)","v":6.89},{"$f":"ROUND(J49*H49,2)","v":8268},7.3407923051733923E-3]
["11.5","COTAÇÃO-001","Próprio","Serviço","Fornecimento de kit de bombeamento fotovoltaico, incluindo uma bomba cc de 2200w com controladora de carga externa,  caixa de proteção metálica, módulos fotovoltaicos compatíveis com a geração de 3300wp além de componentes elétricos necessários para interligação dos painéis, como cabos, conectores mc4 e presilhas de fixação.","un.",1,{"$f":"G50*$H$2","v":6},{"$f":"VLOOKUP(B50,'Orçamento Analítico - MG - T'!B:J,8,0)*(1-$M$2)","v":10507.03},{"$f":"ROUND(I50*(1+$I$2),2)","v":13005.6},{"$f":"ROUND(J50*H50,2)","v":78033.600000000006},6.9282589553093674E-2]
[12,null,null,null,"Urbanização.",{"$nulls":5},{"$f":"SUM(K52:K53)","v":24357.300000000003},2.1625771699903228E-2]
["12.1","COMPOSIÇÃO - 21","Próprio","Serviço","Cerca com mourões de concreto de 15x15cm, espaçados de 3m e cravados a 0,5m, escoras de 10x10cm nos cantos, e 9 fios de arame de aço ovalado 15x17.","m",28,{"$f":"G52*$H$2","v":168},{"$f":"VLOOKUP(B52,'Orçamento Analítico - MG - T'!B:J,8,0)*(1-$M$2)","v":86.261942000000005},{"$f":"ROUND(I52*(1+$I$2),2)","v":106.78},{"$f":"ROUND(J52*H52,2)","v":17939.04},1.5927281905442393E-2]
["12.2","COMPOSIÇÃO - 22","Próprio","Serviço","Serviço de instalação de portão de ferro com suporte e batedor conforme projeto, incluso material.","m²",1.5,9,{"$f":"VLOOKUP(B53,'Orçamento Analítico - MG - T'!B:J,8,0)*(1-$M$2)","v":576.13194999999996},{"$f":"ROUND(I53*(1+$I$2),2)","v":713.14},{"$f":"ROUND(J53*H53,2)","v":6418.26},5.698489794460835E-3]
[13,null,null,null,"Outros serviços e insumos excepcionais.",{"$nulls":5},{"$f":"SUM(K55:K61)","v":59466.17},5.2797387899629032E-2]
["13.1","COMPOSIÇÃO - 23","Próprio","Serviço","Execução de tamponamento conforme especificação.","m³",0.08,{"$f":"G55*$H$2","v":0.48},{"$f":"VLOOKUP(B55,'Orçamento Analítico - MG - T'!B:J,8,0)*(1-$M$2)","v":715.01},{"$f":"ROUND(I55*(1+$I$2),2)","v":885.04},{"$f":"ROUND(J55*H55,2)","v":424.82},3.7717892925541371E-4]
["13.2",13747,"ORSE","Insumo","Revestimento tubo liso aço sch-40 em 12\".","m",6,36,{"$f":"VLOOKUP(B56,'Orçamento Analítico - MG - T'!B:J,8,0)*(1-$M$2)","v":921.04},{"$f":"ROUND(I56*(1+$J$2),2)","v":1056.3399999999999},{"$f":"ROUND(J56*H56,2)","v":38028.239999999998},3.3763595981045842E-2]
["13.3"," M3929 ","SICRO3","Insumo","Tubo em aço-carbono - e = 3,00 mm e d = 150 mm (6\").","m",1.44,8.64,{"$f":"VLOOKUP(B57,'Orçamento Analítico - MG - T'!B:J,8,0)*(1-$M$2)","v":148.57},{"$f":"ROUND(I57*(1+$J$2),2)","v":170.39},{"$f":"ROUND(J57*H57,2)","v":1472.17},1.3070747711547066E-3]
["13.4"," M039706073 ","EMBASA","Insumo","Filtro nold em aço galvanizado dn 6\".","m",6.0000000000000001E-3,3.6000000000000004E-2,{"$f":"VLOOKUP(B58,'Orçamento Analítico - MG - T'!B:J,8,0)*(1-$M$2)","v":835.86},{"$f":"ROUND(I58*(1+$J$2),2)","v":958.65},{"$f":"ROUND(J58*H58,2)","v":34.51},3.0639905956886037E-5]
["13.5","COMPOSIÇÃO - 24","Próprio","Serviço","Limpeza manual , remoção de cerca, capina e instalação dos equipamentos (área do poço, painéis solares, bebedouro e reservatório).","m²",70,{"$f":"G59*$H$2","v":420},{"$f":"VLOOKUP(B59,'Orçamento Analítico - MG - T'!B:J,8,0)*(1-$M$2)","v":1.8112000000000001},{"$f":"ROUND(I59*(1+$I$2),2)","v":2.2400000000000002},{"$f":"ROUND(J59*H59,2)","v":940.8},8.3529479931145707E-4]
["13.6","COMPOSIÇÃO - 25","Próprio","Serviço","Fornecimento e instalação do filtro para revestimento interno ø 4 1/2\".","m",0.6,3.5999999999999996,{"$f":"VLOOKUP(B60,'Orçamento Analítico - MG - T'!B:J,8,0)*(1-$M$2)","v":148.1105},{"$f":"ROUND(I60*(1+$I$2),2)","v":183.33},{"$f":"ROUND(J60*H60,2)","v":659.99},5.8597599340727959E-4]
["13.7","COMPOSIÇÃO - 26","Próprio","Serviço","Fornecimento e instalação do revestimento interno ø 4 1/2\".","m",17.399999999999999,104.39999999999999,{"$f":"VLOOKUP(B61,'Orçamento Analítico - MG - T'!B:J,8,0)*(1-$M$2)","v":138.56049999999999},{"$f":"ROUND(I61*(1+$I$2),2)","v":171.51},17905.64,1.589762751949745E-2]

{"sheet":"Orçamento Analítico - MG - T","index":31,"n_rows":436,"n_cols":10,"rows_kept":436,"cut":false,"hidden":false,"merged":[[432,4,432,5],[433,4,433,5],[434,4,434,5],[435,4,435,5],[416,4,416,5],[418,7,418,8],[422,4,422,5],[423,4,423,5],[424,4,424,5],[425,4,425,5],[426,4,426,5],[428,7,428,8],[431,4,431,5],[393,7,393,8],[396,4,396,5],[399,7,399,8],[402,4,402,5],[405,7,405,8],[408,4,408,5],[411,7,411,8],[414,4,414,5],[415,4,415,5],[409,4,409,5],[372,7,372,8],[377,4,377,5],[378,4,378,5],[379,4,379,5],[380,4,380,5],[381,4,381,5],[383,7,383,8],[386,5,386,6],[387,4,387,5],[314,5,314,6],[323,4,323,5],[324,4,324,5],[325,4,325,5],[326,4,326,5],[332,4,332,5],[335,7,335,8],[340,4,340,5],[341,4,341,5],[329,7,329,8],[308,4,308,5],[309,4,309,5],[293,4,293,5],[306,4,306,5],[307,4,307,5],[311,7,311,8],[231,7,231,8],[234,5,234,6],[247,4,247,5],[248,4,248,5],[249,4,249,5],[250,4,250,5],[251,4,251,5],[256,7,256,8],[259,5,259,6],[241,4,241,5],[242,4,242,5],[243,4,243,5],[244,4,244,5],[245,4,245,5],[246,4,246,5],[252,4,252,5],[253,4,253,5],[254,4,254,5],[205,7,205,8],[208,5,208,6],[226,4,226,5],[227,4,227,5],[211,4,211,5],[212,4,212,5],[213,4,213,5],[214,4,214,5],[215,4,215,5],[216,4,216,5],[217,4,217,5],[218,4,218,5],[219,4,219,5],[220,4,220,5],[221,4,221,5],[222,4,222,5],[223,4,223,5],[224,4,224,5],[225,4,225,5],[176,7,176,8],[187,4,187,5],[188,4,188,5],[189,4,189,5],[190,4,190,5],[192,7,192,8],[195,5,195,6],[182,4,182,5],[183,4,183,5],[184,4,184,5],[185,4,185,5],[186,4,186,5],[143,4,143,5],[144,4,144,5],[145,4,145,5],[147,7,147,8],[150,5,150,6],[171,4,171,5],[172,4,172,5],[173,4,173,5],[151,4,151,5],[152,4,152,5],[153,4,153,5],[154,4,154,5],[155,4,155,5],[156,4,156,5],[157,4,157,5],[158,4,158,5],[159,4,159,5],[160,4,160,5],[161,4,161,5],[162,4,162,5],[163,4,163,5],[164,4,164,5],[165,4,165,5],[166,4,166,5],[133,4,133,5],[134,4,134,5],[135,4,135,5],[136,4,136,5],[139,7,139,8],[127,4,127,5],[132,4,132,5],[137,4,137,5],[142,4,142,5],[113,7,113,8],[116,4,116,5],[117,4,117,5],[118,4,118,5],[121,7,121,8],[124,4,124,5],[125,4,125,5],[126,4,126,5],[129,7,129,8],[92,7,92,8],[95,4,95,5],[98,7,98,8],[101,4,101,5],[102,4,102,5],[105,7,105,8],[108,5,108,6],[109,4,109,5],[110,4,110,5],[65,7,65,8],[68,5,68,6],[69,4,69,5],[70,4,70,5],[71,4,71,5],[74,7,74,8],[80,7,80,8],[83,4,83,5],[86,7,86,8],[0,2,2,7],[3,0,3,9],[4,5,4,6],[6,4,6,5],[7,4,7,5],[8,4,8,5],[5,5,5,6],[9,4,9,5],[11,7,11,8],[14,4,14,5],[15,4,15,5],[16,4,16,5],[17,4,17,5],[29,4,29,5],[30,4,30,5],[23,4,23,5],[24,4,24,5],[25,4,25,5],[26,4,26,5],[27,4,27,5],[28,4,28,5],[18,4,18,5],[20,7,20,8],[31,4,31,5],[36,4,36,5],[47,4,47,5],[55,4,55,5],[52,4,52,5],[53,4,53,5],[54,4,54,5],[57,7,57,8],[33,7,33,8],[37,4,37,5],[38,4,38,5],[40,7,40,8],[43,5,43,6],[44,4,44,5],[45,4,45,5],[46,4,46,5],[49,7,49,8],[60,4,60,5],[72,4,72,5],[78,4,78,5],[77,4,77,5],[111,4,111,5],[119,4,119,5],[84,4,84,5],[90,4,90,5],[96,4,96,5],[103,4,103,5],[61,4,61,5],[62,4,62,5],[63,4,63,5],[89,4,89,5],[167,4,167,5],[168,4,168,5],[169,4,169,5],[170,4,170,5],[179,4,179,5],[180,4,180,5],[181,4,181,5],[174,4,174,5],[196,4,196,5],[197,4,197,5],[198,4,198,5],[199,4,199,5],[200,4,200,5],[201,4,201,5],[202,4,202,5],[203,4,203,5],[209,4,209,5],[210,4,210,5],[228,4,228,5],[229,4,229,5],[235,4,235,5],[236,4,236,5],[237,4,237,5],[238,4,238,5],[239,4,239,5],[240,4,240,5],[260,4,260,5],[264,4,264,5],[261,4,261,5],[262,4,262,5],[263,4,263,5],[275,4,275,5],[281,4,281,5],[287,4,287,5],[266,4,266,5],[267,4,267,5],[269,7,269,8],[272,4,272,5],[273,4,273,5],[274,4,274,5],[277,7,277,8],[280,4,280,5],[283,7,283,8],[286,4,286,5],[305,4,305,5],[289,7,289,8],[292,4,292,5],[295,7,295,8],[298,4,298,5],[299,4,299,5],[301,7,301,8],[304,5,304,6],[391,4,391,5],[397,4,397,5],[403,4,403,5],[388,4,388,5],[389,4,389,5],[390,4,390,5],[315,4,315,5],[316,4,316,5],[317,4,317,5],[318,4,318,5],[319,4,319,5],[320,4,320,5],[321,4,321,5],[322,4,322,5],[327,4,327,5],[375,4,375,5],[376,4,376,5],[342,4,342,5],[343,4,343,5],[349,4,349,5],[333,4,333,5],[338,4,338,5],[339,4,339,5],[344,4,344,5],[346,7,346,8],[352,7,352,8],[370,4,370,5],[350,4,350,5],[355,4,355,5],[356,4,356,5],[358,7,358,8],[361,5,361,6],[366,4,366,5],[367,4,367,5],[368,4,368,5],[369,4,369,5],[362,4,362,5],[363,4,363,5],[364,4,364,5],[365,4,365,5]]}
[null,null,"OBJETO: EXECUÇÃO DE SERVIÇOS DE PERFURAÇÃO E INSTALAÇÃO DE POÇOS TUBULARES EM MUNICÍPIOS LOCALIZADOS EM MINAS GERAIS, NA ÁREA DE ATUAÇÃO DA CODEVASF DA 16 SR"]
[]
[]
["PLANILHA ANALÍTICA - POÇO TOTALMENTE - MINAS GERAIS 16 SR"]
[1,null,null,"Serviços preliminares."]
[" 1 ",null,null,"SERVIÇOS PRELIMINARES"]
[" 1.1 ","Código","Banco","Descrição","Tipo",null,"Und","Quant.","Valor Unit","Total"]
["Composição","COMPOSIÇÃO - 1","Próprio","Administração Local da Obra - Poço Totalmente Revestido","CANT - CANTEIRO DE OBRAS",null,"un",1,{"$f":"SUM(J9:J10)","v":1120.7085400000001},{"$f":"I8*H8","v":1120.7085400000001}]
["Composição Auxiliar",12710,"SBC","DESPESAS GERAIS DE MANUTENCAO CANTEIRO DE OBRAS","INSTALACOES PROVISORIAS",null,"MES",0.13300000000000001,{"$f":"IF(C9=\"SINAPI\", IF( IF(A9=\"Insumo\", VLOOKUP(B9,'SINAPI INSUMOS'!B:J,8,0), VLOOKUP(B9,'SINAPI COMP'!B:M,10,0))=0,VLOOKUP(B9,'OUTRAS BASES'!C:D,2,0),IF(A9=\"Insumo\", VLOOKUP(B9,'SINAPI INSUMOS'!B:J,8,0),VLOOKUP(B9,'SINAPI COMP'!B:M,10,0))), VLOOKUP(B9,'OUTRAS BASES'!C:D,2,0))","v":910.61},{"$f":"I9*H9","v":121.11113}]
["Composição Auxiliar",100321,"SINAPI","TÉCNICO EM SEGURANÇA DO TRABALHO COM ENCARGOS COMPLEMENTARES","Livro SINAPI: Cálculos e Parâmetros",null,"MES",0.13300000000000001,{"$f":"IF(C10=\"SINAPI\", IF( IF(A10=\"Insumo\", VLOOKUP(B10,'SINAPI INSUMOS'!B:J,8,0), VLOOKUP(B10,'SINAPI COMP'!B:M,10,0))=0,VLOOKUP(B10,'OUTRAS BASES'!C:D,2,0),IF(A10=\"Insumo\", VLOOKUP(B10,'SINAPI INSUMOS'!B:J,8,0),VLOOKUP(B10,'SINAPI COMP'!B:M,10,0))), VLOOKUP(B10,'OUTRAS BASES'!C:D,2,0))","v":7515.77},999.59741000000008]
[]
[]
[]
[]
[" 1.2 ","Código","Banco","Descrição","Tipo",null,"Und","Quant.","Valor Unit","Total"]
["Composição","COMPOSIÇÃO - 2","Próprio","Serviço de locação Geológica de campo com relatório hidro geológico e perfil construtivo e geológico esperado. Relatório de Viabilidade de implantação das estruturas e vistorias preliminares","SERT - SERVIÇOS TÉCNICOS",null,"un",1,{"$f":"SUM(J17:J19)","v":601.94999999999993},{"$f":"I16*H16","v":601.94999999999993}]
["Composição Auxiliar"," 30.01.45 ","EMBASA","GEOLOGO SENIOR",3001,null,"hora",5,{"$f":"IF(C17=\"SINAPI\", IF( IF(A17=\"Insumo\", VLOOKUP(B17,'SINAPI INSUMOS'!B:J,8,0), VLOOKUP(B17,'SINAPI COMP'!B:M,10,0))=0,VLOOKUP(B17,'OUTRAS BASES'!C:D,2,0),IF(A17=\"Insumo\", VLOOKUP(B17,'SINAPI INSUMOS'!B:J,8,0),VLOOKUP(B17,'SINAPI COMP'!B:M,10,0))), VLOOKUP(B17,'OUTRAS BASES'!C:D,2,0))","v":99.88},499.4]
["Insumo",5896,"ORSE","Veículo tipo sedan ou pick-up capacidade 0,6 ton h","Equipamento",null,"h",5,{"$f":"IF(C18=\"SINAPI\", IF( IF(A18=\"Insumo\", VLOOKUP(B18,'SINAPI INSUMOS'!B:J,8,0), VLOOKUP(B18,'SINAPI COMP'!B:M,10,0))=0,VLOOKUP(B18,'OUTRAS BASES'!C:D,2,0),IF(A18=\"Insumo\", VLOOKUP(B18,'SINAPI INSUMOS'!B:J,8,0),VLOOKUP(B18,'SINAPI COMP'!B:M,10,0))), VLOOKUP(B18,'OUTRAS BASES'!C:D,2,0))","v":8.33},41.65]
["Insumo",4222,"SINAPI","GASOLINA COMUM","Material",null,"L",10,{"$f":"IF(C19=\"SINAPI\", IF( IF(A19=\"Insumo\", VLOOKUP(B19,'SINAPI INSUMOS'!B:J,8,0), VLOOKUP(B19,'SINAPI COMP'!B:M,10,0))=0,VLOOKUP(B19,'OUTRAS BASES'!C:D,2,0),IF(A19=\"Insumo\", VLOOKUP(B19,'SINAPI INSUMOS'!B:J,8,0),VLOOKUP(B19,'SINAPI COMP'!B:M,10,0))), VLOOKUP(B19,'OUTRAS BASES'!C:D,2,0))","v":6.09},60.9]
[]
[]
[]
[]
[" 1.3 ","Código","Banco","Descrição","Tipo",null,"Und","Quant.","Valor Unit","Total"]
["Composição",103689,"SINAPI","FORNECIMENTO E INSTALAÇÃO DE PLACA DE OBRA COM CHAPA GALVANIZADA E ESTRUTURA DE MADEIRA. AF_03/2022_PS","Sinalização Vertical Viária",null,"m²",1,{"$f":"IF(C25=\"SINAPI\", IF( IF(A25=\"Insumo\", VLOOKUP(B25,'SINAPI INSUMOS'!B:J,8,0), VLOOKUP(B25,'SINAPI COMP'!B:M,10,0))=0,VLOOKUP(B25,'OUTRAS BASES'!C:D,2,0),IF(A25=\"Insumo\", VLOOKUP(B25,'SINAPI INSUMOS'!B:J,8,0),VLOOKUP(B25,'SINAPI COMP'!B:M,10,0))), VLOOKUP(B25,'OUTRAS BASES'!C:D,2,0))","v":501.25},{"$f":"I25*H25","v":501.25}]
["Composição Auxiliar",102234,"SINAPI","PINTURA IMUNIZANTE PARA MADEIRA, 2 DEMÃOS. AF_01/2021","Pintura em Madeira",null,"m²",0.5,{"$f":"IF(C26=\"SINAPI\", IF( IF(A26=\"Insumo\", VLOOKUP(B26,'SINAPI INSUMOS'!B:J,8,0), VLOOKUP(B26,'SINAPI COMP'!B:M,10,0))=0,VLOOKUP(B26,'OUTRAS BASES'!C:D,2,0),IF(A26=\"Insumo\", VLOOKUP(B26,'SINAPI INSUMOS'!B:J,8,0),VLOOKUP(B26,'SINAPI COMP'!B:M,10,0))), VLOOKUP(B26,'OUTRAS BASES'!C:D,2,0))","v":23.08},11.54]
["Composição Auxiliar",88262,"SINAPI","CARPINTEIRO DE FORMAS COM ENCARGOS COMPLEMENTARES","Livro SINAPI: Cálculos e Parâmetros",null,"H",0.37290000000000001,{"$f":"IF(C27=\"SINAPI\", IF( IF(A27=\"Insumo\", VLOOKUP(B27,'SINAPI INSUMOS'!B:J,8,0), VLOOKUP(B27,'SINAPI COMP'!B:M,10,0))=0,VLOOKUP(B27,'OUTRAS BASES'!C:D,2,0),IF(A27=\"Insumo\", VLOOKUP(B27,'SINAPI INSUMOS'!B:J,8,0),VLOOKUP(B27,'SINAPI COMP'!B:M,10,0))), VLOOKUP(B27,'OUTRAS BASES'!C:D,2,0))","v":30.75},11.466675]
["Composição Auxiliar",88316,"SINAPI","SERVENTE COM ENCARGOS COMPLEMENTARES","Livro SINAPI: Cálculos e Parâmetros",null,"H",1.1186,{"$f":"IF(C28=\"SINAPI\", IF( IF(A28=\"Insumo\", VLOOKUP(B28,'SINAPI INSUMOS'!B:J,8,0), VLOOKUP(B28,'SINAPI COMP'!B:M,10,0))=0,VLOOKUP(B28,'OUTRAS BASES'!C:D,2,0),IF(A28=\"Insumo\", VLOOKUP(B28,'SINAPI INSUMOS'!B:J,8,0),VLOOKUP(B28,'SINAPI COMP'!B:M,10,0))), VLOOKUP(B28,'OUTRAS BASES'!C:D,2,0))","v":22.64},25.325104000000003]
["Insumo",4509,"SINAPI","SARRAFO *2,5 X 10* CM EM PINUS, MISTA OU EQUIVALENTE DA REGIAO - BRUTA","Material",null,"M",3.2082999999999999,{"$f":"IF(C29=\"SINAPI\", IF( IF(A29=\"Insumo\", VLOOKUP(B29,'SINAPI INSUMOS'!B:J,8,0), VLOOKUP(B29,'SINAPI COMP'!B:M,10,0))=0,VLOOKUP(B29,'OUTRAS BASES'!C:D,2,0),IF(A29=\"Insumo\", VLOOKUP(B29,'SINAPI INSUMOS'!B:J,8,0),VLOOKUP(B29,'SINAPI COMP'!B:M,10,0))), VLOOKUP(B29,'OUTRAS BASES'!C:D,2,0))","v":4},12.8332]
["Insumo",4813,"SINAPI","PLACA DE OBRA (PARA CONSTRUCAO CIVIL) EM CHAPA GALVANIZADA *N. 22*, ADESIVADA, DE *2,4 X 1,2* M (SEM POSTES PARA FIXACAO)","Material",null,"m²",1,{"$f":"IF(C30=\"SINAPI\", IF( IF(A30=\"Insumo\", VLOOKUP(B30,'SINAPI INSUMOS'!B:J,8,0), VLOOKUP(B30,'SINAPI COMP'!B:M,10,0))=0,VLOOKUP(B30,'OUTRAS BASES'!C:D,2,0),IF(A30=\"Insumo\", VLOOKUP(B30,'SINAPI INSUMOS'!B:J,8,0),VLOOKUP(B30,'SINAPI COMP'!B:M,10,0))), VLOOKUP(B30,'OUTRAS BASES'!C:D,2,0))","v":439.5},439.5]
["Insumo",5065,"SINAPI","PREGO DE ACO POLIDO COM CABECA 10 X 10 (7/8 X 17)","Material",null,"KG",1.1299999999999999E-2,{"$f":"IF(C31=\"SINAPI\", IF( IF(A31=\"Insumo\", VLOOKUP(B31,'SINAPI INSUMOS'!B:J,8,0), VLOOKUP(B31,'SINAPI COMP'!B:M,10,0))=0,VLOOKUP(B31,'OUTRAS BASES'!C:D,2,0),IF(A31=\"Insumo\", VLOOKUP(B31,'SINAPI INSUMOS'!B:J,8,0),VLOOKUP(B31,'SINAPI COMP'!B:M,10,0))), VLOOKUP(B31,'OUTRAS BASES'!C:D,2,0))","v":33.42},0.37764599999999998]
["Insumo",5069,"SINAPI","PREGO DE ACO POLIDO COM CABECA 17 X 27 (2 1/2 X 11)","Material",null,"KG",1.32E-2,{"$f":"IF(C32=\"SINAPI\", IF( IF(A32=\"Insumo\", VLOOKUP(B32,'SINAPI INSUMOS'!B:J,8,0), VLOOKUP(B32,'SINAPI COMP'!B:M,10,0))=0,VLOOKUP(B32,'OUTRAS BASES'!C:D,2,0),IF(A32=\"Insumo\", VLOOKUP(B32,'SINAPI INSUMOS'!B:J,8,0),VLOOKUP(B32,'SINAPI COMP'!B:M,10,0))), VLOOKUP(B32,'OUTRAS BASES'!C:D,2,0))","v":17.899999999999999},0.23627999999999999]
[]
[]
[]
[]
[" 1.4 ","Código","Banco","Descrição","Tipo",null,"Und","Quant.","Valor Unit","Total"]
["Composição","Composição - A","Próprio","Taxas e emolumentos fiscais , administrativos para obtenção outorga e outros","ASTU - ASSENTAMENTO DE TUBOS E PECAS",null,"un",1,{"$f":"SUM(J39)","v":50},{"$f":"I38*H38","v":50}]
["Insumo"," A.09.000.020507 ","CPOS/CDHU","Outorga de direito de uso para poço profundo conforme Portaria DAEE nº 1.630 de 30/05/2017 e suas complementares 1.631 a 1.635 e Instrução Técnica DPO nº 10 de 30/05/2017 do DAEE","Material",null,"UN",1,{"$f":"IF(C39=\"SINAPI\", IF( IF(A39=\"Insumo\", VLOOKUP(B39,'SINAPI INSUMOS'!B:J,8,0), VLOOKUP(B39,'SINAPI COMP'!B:M,10,0))=0,VLOOKUP(B39,'OUTRAS BASES'!C:D,2,0),IF(A39=\"Insumo\", VLOOKUP(B39,'SINAPI INSUMOS'!B:J,8,0),VLOOKUP(B39,'SINAPI COMP'!B:M,10,0))), VLOOKUP(B39,'OUTRAS BASES'!C:D,2,0))","v":50},50]
[]
[]
[]
[]
[" 2 ",null,null,"MOBILIZAÇÂO E DESMOBILIZAÇÂO EQUIPE CAMPO"]
[" 2.1 ","Código","Banco","Descrição","Tipo",null,"Und","Quant.","Valor Unit","Total"]
["Composição","COMPOSIÇÃO - 3","Próprio","Transporte de Comboio Perfuração","TRAN - TRANSPORTES, CARGAS E DESCARGAS",null,"km",1,{"$f":"SUM(J47:J48)","v":4.7237764000000002},{"$f":"I46*H46","v":4.7237764000000002}]
["Composição Auxiliar",5824,"SINAPI","CAMINHÃO TOCO, PBT 16.000 KG, CARGA ÚTIL MÁX. 10.685 KG, DIST. ENTRE EIXOS 4,8 M, POTÊNCIA 189 CV, INCLUSIVE CARROCERIA FIXA ABERTA DE MADEIRA P/ TRANSPORTE GERAL DE CARGA SECA, DIMEN. APROX. 2,5 X 7,00 X 0,50 M - CHP DIURNO. AF_06/2014","Custos Horários Produtivo e Improdutivo dos Equipamentos",null,"CHP",1.6660000000000001E-2,{"$f":"IF(C47=\"SINAPI\", IF( IF(A47=\"Insumo\", VLOOKUP(B47,'SINAPI INSUMOS'!B:J,8,0), VLOOKUP(B47,'SINAPI COMP'!B:M,10,0))=0,VLOOKUP(B47,'OUTRAS BASES'!C:D,2,0),IF(A47=\"Insumo\", VLOOKUP(B47,'SINAPI INSUMOS'!B:J,8,0),VLOOKUP(B47,'SINAPI COMP'!B:M,10,0))), VLOOKUP(B47,'OUTRAS BASES'!C:D,2,0))","v":217.78},3.6282148000000003]
["Composição Auxiliar",5826,"SINAPI","CAMINHÃO TOCO, PBT 16.000 KG, CARGA ÚTIL MÁX. 10.685 KG, DIST. ENTRE EIXOS 4,8 M, POTÊNCIA 189 CV, INCLUSIVE CARROCERIA FIXA ABERTA DE MADEIRA P/ TRANSPORTE GERAL DE CARGA SECA, DIMEN. APROX. 2,5 X 7,00 X 0,50 M - CHI DIURNO. AF_06/2014","Custos Horários Produtivo e Improdutivo dos Equipamentos",null,"CHI",1.6660000000000001E-2,{"$f":"IF(C48=\"SINAPI\", IF( IF(A48=\"Insumo\", VLOOKUP(B48,'SINAPI INSUMOS'!B:J,8,0), VLOOKUP(B48,'SINAPI COMP'!B:M,10,0))=0,VLOOKUP(B48,'OUTRAS BASES'!C:D,2,0),IF(A48=\"Insumo\", VLOOKUP(B48,'SINAPI INSUMOS'!B:J,8,0),VLOOKUP(B48,'SINAPI COMP'!B:M,10,0))), VLOOKUP(B48,'OUTRAS BASES'!C:D,2,0))","v":65.760000000000005},1.0955616000000001]
[]
[]
[]
[]
[" 2.2 ","Código","Banco","Descrição","Tipo",null,"Und","Quant.","Valor Unit","Total"]
["Composição","COMPOSIÇÃO - 4","Próprio","Transporte de Comboio Instalação","TRAN - TRANSPORTES, CARGAS E DESCARGAS",null,"km",1,{"$f":"SUM(J55:J56)","v":5.9274614000000003},{"$f":"I54*H54","v":5.9274614000000003}]
["Composição Auxiliar",5928,"SINAPI","GUINDAUTO HIDRÁULICO, CAPACIDADE MÁXIMA DE CARGA 6200 KG, MOMENTO MÁXIMO DE CARGA 11,7 TM, ALCANCE MÁXIMO HORIZONTAL 9,70 M, INCLUSIVE CAMINHÃO TOCO PBT 16.000 KG, POTÊNCIA DE 189 CV - CHP DIURNO. AF_06/2014","Custos Horários Produtivo e Improdutivo dos Equipamentos",null,"CHP",1.6660000000000001E-2,{"$f":"IF(C55=\"SINAPI\", IF( IF(A55=\"Insumo\", VLOOKUP(B55,'SINAPI INSUMOS'!B:J,8,0), VLOOKUP(B55,'SINAPI COMP'!B:M,10,0))=0,VLOOKUP(B55,'OUTRAS BASES'!C:D,2,0),IF(A55=\"Insumo\", VLOOKUP(B55,'SINAPI INSUMOS'!B:J,8,0),VLOOKUP(B55,'SINAPI COMP'!B:M,10,0))), VLOOKUP(B55,'OUTRAS BASES'!C:D,2,0))","v":278.02999999999997},4.6319797999999999]
["Composição Auxiliar",5930,"SINAPI","GUINDAUTO HIDRÁULICO, CAPACIDADE MÁXIMA DE CARGA 6200 KG, MOMENTO MÁXIMO DE CARGA 11,7 TM, ALCANCE MÁXIMO HORIZONTAL 9,70 M, INCLUSIVE CAMINHÃO TOCO PBT 16.000 KG, POTÊNCIA DE 189 CV - CHI DIURNO. AF_06/2014","Custos Horários Produtivo e Improdutivo dos Equipamentos",null,"CHI",1.6660000000000001E-2,{"$f":"IF(C56=\"SINAPI\", IF( IF(A56=\"Insumo\", VLOOKUP(B56,'SINAPI INSUMOS'!B:J,8,0), VLOOKUP(B56,'SINAPI COMP'!B:M,10,0))=0,VLOOKUP(B56,'OUTRAS BASES'!C:D,2,0),IF(A56=\"Insumo\", VLOOKUP(B56,'SINAPI INSUMOS'!B:J,8,0),VLOOKUP(B56,'SINAPI COMP'!B:M,10,0))), VLOOKUP(B56,'OUTRAS BASES'!C:D,2,0))","v":77.760000000000005},1.2954816000000002]
[]
[]
[]
[]
[" 2.3 ","Código","Banco","Descrição","Tipo",null,"Und","Quant.","Valor Unit","Total"]
["Composição","COMPOSIÇÃO - 5","Próprio","Transporte de Equipe Teste de Vazão","TRAN - TRANSPORTES, CARGAS E DESCARGAS",null,"km",1,{"$f":"SUM(J63:J64)","v":2.5878570000000001},{"$f":"I62*H62","v":2.5878570000000001}]
["Composição Auxiliar",73467,"SINAPI","CAMINHÃO TOCO, PBT 14.300 KG, CARGA ÚTIL MÁX. 9.710 KG, DIST. ENTRE EIXOS 3,56 M, POTÊNCIA 185 CV, INCLUSIVE CARROCERIA FIXA ABERTA DE MADEIRA P/ TRANSPORTE GERAL DE CARGA SECA, DIMEN. APROX. 2,50 X 6,50 X 0,50 M - CHP DIURNO. AF_06/2014","Custos Horários Produtivo e Improdutivo dos Equipamentos",null,"CHP",8.3000000000000001E-3,{"$f":"IF(C63=\"SINAPI\", IF( IF(A63=\"Insumo\", VLOOKUP(B63,'SINAPI INSUMOS'!B:J,8,0), VLOOKUP(B63,'SINAPI COMP'!B:M,10,0))=0,VLOOKUP(B63,'OUTRAS BASES'!C:D,2,0),IF(A63=\"Insumo\", VLOOKUP(B63,'SINAPI INSUMOS'!B:J,8,0),VLOOKUP(B63,'SINAPI COMP'!B:M,10,0))), VLOOKUP(B63,'OUTRAS BASES'!C:D,2,0))","v":248.91},2.0659529999999999]
["Composição Auxiliar",91395,"SINAPI","CAMINHÃO TOCO, PBT 14.300 KG, CARGA ÚTIL MÁX. 9.710 KG, DIST. ENTRE EIXOS 3,56 M, POTÊNCIA 185 CV, INCLUSIVE CARROCERIA FIXA ABERTA DE MADEIRA P/ TRANSPORTE GERAL DE CARGA SECA, DIMEN. APROX. 2,50 X 6,50 X 0,50 M - CHI DIURNO. AF_06/2014","Custos Horários Produtivo e Improdutivo dos Equipamentos",null,"CHI",8.3000000000000001E-3,{"$f":"IF(C64=\"SINAPI\", IF( IF(A64=\"Insumo\", VLOOKUP(B64,'SINAPI INSUMOS'!B:J,8,0), VLOOKUP(B64,'SINAPI COMP'!B:M,10,0))=0,VLOOKUP(B64,'OUTRAS BASES'!C:D,2,0),IF(A64=\"Insumo\", VLOOKUP(B64,'SINAPI INSUMOS'!B:J,8,0),VLOOKUP(B64,'SINAPI COMP'!B:M,10,0))), VLOOKUP(B64,'OUTRAS BASES'!C:D,2,0))","v":62.88},0.52190400000000003]
[]
[]
[]
[]
[" 3 ",null,null,"PERFURAÇÃO E COMPLETAÇÃO DE POÇO TUBULAR"]
[" 3.1","Código","Banco","Descrição","Tipo",null,"Und","Quant.","Valor Unit","Total"]
["Composição","COMPOSIÇÃO - 6","Próprio","Perfuração diâmetro de Ø 12 1/2\" em sedimento/camadas inconsolidadas - incluso mão de obra para instalação do revestimento e completação anelar","SERT - SERVIÇOS TÉCNICOS",null,"m",1,{"$f":"SUM(J72:J73)","v":255.85999999999999},{"$f":"I71*H71","v":255.85999999999999}]
["Composição Auxiliar",5057,"ORSE","Perfuração rocha sedimentar sedimento / Camadas inconsolidadas DN 12.1/2\" - Poço até 150 m","Conversão InfoWOrca",null,"m",1,{"$f":"IF(C72=\"SINAPI\", IF( IF(A72=\"Insumo\", VLOOKUP(B72,'SINAPI INSUMOS'!B:J,8,0), VLOOKUP(B72,'SINAPI COMP'!B:M,10,0))=0,VLOOKUP(B72,'OUTRAS BASES'!C:D,2,0),IF(A72=\"Insumo\", VLOOKUP(B72,'SINAPI INSUMOS'!B:J,8,0),VLOOKUP(B72,'SINAPI COMP'!B:M,10,0))), VLOOKUP(B72,'OUTRAS BASES'!C:D,2,0))","v":247.66},247.66]
["Insumo",43366,"SINAPI","BENTONITA, ARGILA CONSTITUIDA POR  MONTMORILONITA","Material",null,"KG",5,{"$f":"IF(C73=\"SINAPI\", IF( IF(A73=\"Insumo\", VLOOKUP(B73,'SINAPI INSUMOS'!B:J,8,0), VLOOKUP(B73,'SINAPI COMP'!B:M,10,0))=0,VLOOKUP(B73,'OUTRAS BASES'!C:D,2,0),IF(A73=\"Insumo\", VLOOKUP(B73,'SINAPI INSUMOS'!B:J,8,0),VLOOKUP(B73,'SINAPI COMP'!B:M,10,0))), VLOOKUP(B73,'OUTRAS BASES'!C:D,2,0))","v":1.64},8.1999999999999993]
[]
[]
[]
[]
[" 3.2","Código","Banco","Descrição","Tipo",null,"Und","Quant.","Valor Unit","Total"]
["Insumo",5073,"ORSE","Fornecimento de pré-filtro comum m3","Serviços",null,"m³",1,{"$f":"IF(C79=\"SINAPI\", IF( IF(A79=\"Insumo\", VLOOKUP(B79,'SINAPI INSUMOS'!B:J,8,0), VLOOKUP(B79,'SINAPI COMP'!B:M,10,0))=0,VLOOKUP(B79,'OUTRAS BASES'!C:D,2,0),IF(A79=\"Insumo\", VLOOKUP(B79,'SINAPI INSUMOS'!B:J,8,0),VLOOKUP(B79,'SINAPI COMP'!B:M,10,0))), VLOOKUP(B79,'OUTRAS BASES'!C:D,2,0))","v":1619.38},{"$f":"I79*H79","v":1619.38}]
[]
[]
[]
[]
[" 3.3","Código","Banco","Descrição","Tipo",null,"Und","Quant.","Valor Unit","Total"]
["Insumo",5091,"ORSE","Revestimento filtro pvc geomecânico reforçado dn 150mm","Serviços",null,"m",1,{"$f":"IF(C85=\"SINAPI\", IF( IF(A85=\"Insumo\", VLOOKUP(B85,'SINAPI INSUMOS'!B:J,8,0), VLOOKUP(B85,'SINAPI COMP'!B:M,10,0))=0,VLOOKUP(B85,'OUTRAS BASES'!C:D,2,0),IF(A85=\"Insumo\", VLOOKUP(B85,'SINAPI INSUMOS'!B:J,8,0),VLOOKUP(B85,'SINAPI COMP'!B:M,10,0))), VLOOKUP(B85,'OUTRAS BASES'!C:D,2,0))","v":221.38},{"$f":"I85*H85","v":221.38}]
[]
[]
[]
[]
[" 3.4","Código","Banco","Descrição","Tipo",null,"Und","Quant.","Valor Unit","Total"]
["Insumo",5024,"ORSE","Centralizador em 6\"","Serviços",null,"un",1,{"$f":"IF(C91=\"SINAPI\", IF( IF(A91=\"Insumo\", VLOOKUP(B91,'SINAPI INSUMOS'!B:J,8,0), VLOOKUP(B91,'SINAPI COMP'!B:M,10,0))=0,VLOOKUP(B91,'OUTRAS BASES'!C:D,2,0),IF(A91=\"Insumo\", VLOOKUP(B91,'SINAPI INSUMOS'!B:J,8,0),VLOOKUP(B91,'SINAPI COMP'!B:M,10,0))), VLOOKUP(B91,'OUTRAS BASES'!C:D,2,0))","v":267.02},{"$f":"I91*H91","v":267.02}]
[]
[]
[]
[]
[" 3.5","Código","Banco","Descrição","Tipo",null,"Und","Quant.","Valor Unit","Total"]
["Insumo",9850,"SINAPI","TUBO PVC DE REVESTIMENTO GEOMECANICO NERVURADO REFORCADO, DN = 150 MM, COMPRIMENTO = 2 M","Material",null,"M",1,{"$f":"IF(C97=\"SINAPI\", IF( IF(A97=\"Insumo\", VLOOKUP(B97,'SINAPI INSUMOS'!B:J,8,0), VLOOKUP(B97,'SINAPI COMP'!B:M,10,0))=0,VLOOKUP(B97,'OUTRAS BASES'!C:D,2,0),IF(A97=\"Insumo\", VLOOKUP(B97,'SINAPI INSUMOS'!B:J,8,0),VLOOKUP(B97,'SINAPI COMP'!B:M,10,0))), VLOOKUP(B97,'OUTRAS BASES'!C:D,2,0))","v":147.75},{"$f":"I97*H97","v":147.75}]
[]
[]
[]
[]
[" 3.6","Código","Banco","Descrição","Tipo",null,"Und","Quant.","Valor Unit","Total"]
["Composição","COMPOSIÇÃO - 7","Próprio","Serviço de lançamento cimentação anelar, incluso materiais.","SEDI - SERVIÇOS DIVERSOS",null,"m³",1,{"$f":"SUM(J104)","v":521.34},{"$f":"I103*H103","v":521.34}]
["Composição Auxiliar",1903,"ORSE","Argamassa cimento e areia traço t-1 (1:3) - 1 saco cimento 50kg / 3 padiolas areia dim. 0.35 x 0.45 x 0.23 m - Confecção mecânica e transporte","Argamassas",null,"m³",1,{"$f":"IF(C104=\"SINAPI\", IF( IF(A104=\"Insumo\", VLOOKUP(B104,'SINAPI INSUMOS'!B:J,8,0), VLOOKUP(B104,'SINAPI COMP'!B:M,10,0))=0,VLOOKUP(B104,'OUTRAS BASES'!C:D,2,0),IF(A104=\"Insumo\", VLOOKUP(B104,'SINAPI INSUMOS'!B:J,8,0),VLOOKUP(B104,'SINAPI COMP'!B:M,10,0))), VLOOKUP(B104,'OUTRAS BASES'!C:D,2,0))","v":521.34},521.34]
[]
[]
[]
[]
[" 4 ",null,null,"PÓS PERFURAÇÃO"]
[" 4.1 ","Código","Banco","Descrição","Tipo",null,"Und","Quant.","Valor Unit","Total"]
["Composição",6305,"ORSE","Desenvolvimento com Compressor 250psi / 750cfm","Conversão InfoWOrca",null,"h",1,{"$f":"IF(C111=\"SINAPI\", IF( IF(A111=\"Insumo\", VLOOKUP(B111,'SINAPI INSUMOS'!B:J,8,0), VLOOKUP(B111,'SINAPI COMP'!B:M,10,0))=0,VLOOKUP(B111,'OUTRAS BASES'!C:D,2,0),IF(A111=\"Insumo\", VLOOKUP(B111,'SINAPI INSUMOS'!B:J,8,0),VLOOKUP(B111,'SINAPI COMP'!B:M,10,0))), VLOOKUP(B111,'OUTRAS BASES'!C:D,2,0))","v":411.16},{"$f":"I111*H111","v":411.16}]
["Insumo",5030,"ORSE","Desenvolvimento com compressor 250psi - 750cfm h","Serviços",null,"h",1,{"$f":"IF(C112=\"SINAPI\", IF( IF(A112=\"Insumo\", VLOOKUP(B112,'SINAPI INSUMOS'!B:J,8,0), VLOOKUP(B112,'SINAPI COMP'!B:M,10,0))=0,VLOOKUP(B112,'OUTRAS BASES'!C:D,2,0),IF(A112=\"Insumo\", VLOOKUP(B112,'SINAPI INSUMOS'!B:J,8,0),VLOOKUP(B112,'SINAPI COMP'!B:M,10,0))), VLOOKUP(B112,'OUTRAS BASES'!C:D,2,0))","v":411.16},411.16]
[]
[]
[]
[]
[" 4.2","Código","Banco","Descrição","Tipo",null,"Und","Quant.","Valor Unit","Total"]
["Composição","COMPOSIÇÃO - 8","Próprio","Inspeção ótica em poço tubular câmera com rotação de 360º, visada lateral, com fonte própria de luz, entregue vídeo em cores e marcação de profundidades.","SEES - SERVIÇOS ESPECIAIS",null,"m",1,{"$f":"SUM(J119:J120)","v":9.6404600000000009},{"$f":"I118*H118","v":9.6404600000000009}]
["Insumo"," H020050004 ","EMBASA","APARELHO DE PERFILAGEM OPTICA","Material",null,"M",1,{"$f":"IF(C119=\"SINAPI\", IF( IF(A119=\"Insumo\", VLOOKUP(B119,'SINAPI INSUMOS'!B:J,8,0), VLOOKUP(B119,'SINAPI COMP'!B:M,10,0))=0,VLOOKUP(B119,'OUTRAS BASES'!C:D,2,0),IF(A119=\"Insumo\", VLOOKUP(B119,'SINAPI INSUMOS'!B:J,8,0),VLOOKUP(B119,'SINAPI COMP'!B:M,10,0))), VLOOKUP(B119,'OUTRAS BASES'!C:D,2,0))","v":4.4000000000000004},4.4000000000000004]
["Insumo"," B590000022 ","EMBASA","TECNICO MEDIO","Mão de Obra",null,"H",8.3500000000000005E-2,{"$f":"IF(C120=\"SINAPI\", IF( IF(A120=\"Insumo\", VLOOKUP(B120,'SINAPI INSUMOS'!B:J,8,0), VLOOKUP(B120,'SINAPI COMP'!B:M,10,0))=0,VLOOKUP(B120,'OUTRAS BASES'!C:D,2,0),IF(A120=\"Insumo\", VLOOKUP(B120,'SINAPI INSUMOS'!B:J,8,0),VLOOKUP(B120,'SINAPI COMP'!B:M,10,0))), VLOOKUP(B120,'OUTRAS BASES'!C:D,2,0))","v":62.76},5.2404600000000006]
[]
[]
[]
[]
[" 4.3","Código","Banco","Descrição","Tipo",null,"Und","Quant.","Valor Unit","Total"]
["Composição","COMPOSIÇÃO - 9","Próprio","Serviço de coleta e Análise Físico-Química e Bacteriológica","SEDI - SERVIÇOS DIVERSOS",null,"un",1,{"$f":"SUM(J127:J128)","v":621.19000000000005},{"$f":"I126*H126","v":621.19000000000005}]
["Composição Auxiliar",6312,"ORSE","Análise Físico-química da Água","Conversão InfoWOrca",null,"un",1,{"$f":"IF(C127=\"SINAPI\", IF( IF(A127=\"Insumo\", VLOOKUP(B127,'SINAPI INSUMOS'!B:J,8,0), VLOOKUP(B127,'SINAPI COMP'!B:M,10,0))=0,VLOOKUP(B127,'OUTRAS BASES'!C:D,2,0),IF(A127=\"Insumo\", VLOOKUP(B127,'SINAPI INSUMOS'!B:J,8,0),VLOOKUP(B127,'SINAPI COMP'!B:M,10,0))), VLOOKUP(B127,'OUTRAS BASES'!C:D,2,0))","v":565.21},565.21]
["Composição Auxiliar",6313,"ORSE","Análise Bacteriológica da Água","Conversão InfoWOrca",null,"un",1,{"$f":"IF(C128=\"SINAPI\", IF( IF(A128=\"Insumo\", VLOOKUP(B128,'SINAPI INSUMOS'!B:J,8,0), VLOOKUP(B128,'SINAPI COMP'!B:M,10,0))=0,VLOOKUP(B128,'OUTRAS BASES'!C:D,2,0),IF(A128=\"Insumo\", VLOOKUP(B128,'SINAPI INSUMOS'!B:J,8,0),VLOOKUP(B128,'SINAPI COMP'!B:M,10,0))), VLOOKUP(B128,'OUTRAS BASES'!C:D,2,0))","v":55.98},55.98]
[]
[]
[]
[]
[" 4.4","Código","Banco","Descrição","Tipo",null,"Und","Quant.","Valor Unit","Total"]
["Composição","COMPOSIÇÃO - 10","Próprio","Serviço de instalação de laje sanitária com dimensões (1,5x1,5x0,3) , incluso material.","SEDI - SERVIÇOS DIVERSOS",null,"un",1,{"$f":"SUM(J135:J138)","v":692.35874999999999},{"$f":"I134*H134","v":692.35874999999999}]
["Composição Auxiliar",92522,"SINAPI","MONTAGEM E DESMONTAGEM DE FÔRMA DE LAJE MACIÇA, PÉ-DIREITO SIMPLES, EM CHAPA DE MADEIRA COMPENSADA RESINADA, 8 UTILIZAÇÕES. AF_09/2020","Fôrmas para Estruturas de Concreto Armado",null,"m²",1.8,{"$f":"IF(C135=\"SINAPI\", IF( IF(A135=\"Insumo\", VLOOKUP(B135,'SINAPI INSUMOS'!B:J,8,0), VLOOKUP(B135,'SINAPI COMP'!B:M,10,0))=0,VLOOKUP(B135,'OUTRAS BASES'!C:D,2,0),IF(A135=\"Insumo\", VLOOKUP(B135,'SINAPI INSUMOS'!B:J,8,0),VLOOKUP(B135,'SINAPI COMP'!B:M,10,0))), VLOOKUP(B135,'OUTRAS BASES'!C:D,2,0))","v":42.22},75.995999999999995]
["Composição Auxiliar",93358,"SINAPI","ESCAVAÇÃO MANUAL DE VALA COM PROFUNDIDADE MENOR OU IGUAL A 1,30 M. AF_02/2021","Escavação de Valas",null,"m³",0.22500000000000001,{"$f":"IF(C136=\"SINAPI\", IF( IF(A136=\"Insumo\", VLOOKUP(B136,'SINAPI INSUMOS'!B:J,8,0), VLOOKUP(B136,'SINAPI COMP'!B:M,10,0))=0,VLOOKUP(B136,'OUTRAS BASES'!C:D,2,0),IF(A136=\"Insumo\", VLOOKUP(B136,'SINAPI INSUMOS'!B:J,8,0),VLOOKUP(B136,'SINAPI COMP'!B:M,10,0))), VLOOKUP(B136,'OUTRAS BASES'!C:D,2,0))","v":89.55},20.14875]
["Composição Auxiliar",94975,"SINAPI","CONCRETO FCK = 15MPA, TRAÇO 1:3,4:3,5 (EM MASSA SECA DE CIMENTO/ AREIA MÉDIA/ BRITA 1) - PREPARO MANUAL. AF_05/2021","Produção de Concreto",null,"m³",0.67500000000000004,{"$f":"IF(C137=\"SINAPI\", IF( IF(A137=\"Insumo\", VLOOKUP(B137,'SINAPI INSUMOS'!B:J,8,0), VLOOKUP(B137,'SINAPI COMP'!B:M,10,0))=0,VLOOKUP(B137,'OUTRAS BASES'!C:D,2,0),IF(A137=\"Insumo\", VLOOKUP(B137,'SINAPI INSUMOS'!B:J,8,0),VLOOKUP(B137,'SINAPI COMP'!B:M,10,0))), VLOOKUP(B137,'OUTRAS BASES'!C:D,2,0))","v":561.54},379.03949999999998]
["Composição Auxiliar",103670,"SINAPI","LANÇAMENTO COM USO DE BALDES, ADENSAMENTO E ACABAMENTO DE CONCRETO EM ESTRUTURAS. AF_02/2022","Concretagem para Estruturas de Concreto Armado",null,"m³",0.67500000000000004,{"$f":"IF(C138=\"SINAPI\", IF( IF(A138=\"Insumo\", VLOOKUP(B138,'SINAPI INSUMOS'!B:J,8,0), VLOOKUP(B138,'SINAPI COMP'!B:M,10,0))=0,VLOOKUP(B138,'OUTRAS BASES'!C:D,2,0),IF(A138=\"Insumo\", VLOOKUP(B138,'SINAPI INSUMOS'!B:J,8,0),VLOOKUP(B138,'SINAPI COMP'!B:M,10,0))), VLOOKUP(B138,'OUTRAS BASES'!C:D,2,0))","v":321.74},217.17450000000002]
[]
[]
[]
[]
[" 4.5","Código","Banco","Descrição","Tipo",null,"Und","Quant.","Valor Unit","Total"]
["Composição"," 24.80.22 ","EMBASA","(REVISADA) DESENVOLVIMENTO OU TESTE COM BOMBA SUBMERSA - UEB1 NO SEDIMENTO COM VAZAO < 60M3 (Ensaio de bombeamento poço tubular incluso materiais e grupo gerador)",2480,null,"H",1,{"$f":"IF(C144=\"SINAPI\", IF( IF(A144=\"Insumo\", VLOOKUP(B144,'SINAPI INSUMOS'!B:J,8,0), VLOOKUP(B144,'SINAPI COMP'!B:M,10,0))=0,VLOOKUP(B144,'OUTRAS BASES'!C:D,2,0),IF(A144=\"Insumo\", VLOOKUP(B144,'SINAPI INSUMOS'!B:J,8,0),VLOOKUP(B144,'SINAPI COMP'!B:M,10,0))), VLOOKUP(B144,'OUTRAS BASES'!C:D,2,0))","v":263.27},{"$f":"I144*H144","v":263.27}]
["Composição Auxiliar"," 24.00.15 ","EMBASA","EQUIPE (3 PROFISSIONAIS CAMPO) - BOMBEIO",2400,null,"H",1,{"$f":"IF(C145=\"SINAPI\", IF( IF(A145=\"Insumo\", VLOOKUP(B145,'SINAPI INSUMOS'!B:J,8,0), VLOOKUP(B145,'SINAPI COMP'!B:M,10,0))=0,VLOOKUP(B145,'OUTRAS BASES'!C:D,2,0),IF(A145=\"Insumo\", VLOOKUP(B145,'SINAPI INSUMOS'!B:J,8,0),VLOOKUP(B145,'SINAPI COMP'!B:M,10,0))), VLOOKUP(B145,'OUTRAS BASES'!C:D,2,0))","v":198.35},198.35]
["Insumo"," H020050001 ","EMBASA","UNIDADE DE ENSAIO E BOMBEAMENTO - UEB1 ATE 150M3 NO SEDIMENTO","Material",null,"H",1,{"$f":"IF(C146=\"SINAPI\", IF( IF(A146=\"Insumo\", VLOOKUP(B146,'SINAPI INSUMOS'!B:J,8,0), VLOOKUP(B146,'SINAPI COMP'!B:M,10,0))=0,VLOOKUP(B146,'OUTRAS BASES'!C:D,2,0),IF(A146=\"Insumo\", VLOOKUP(B146,'SINAPI INSUMOS'!B:J,8,0),VLOOKUP(B146,'SINAPI COMP'!B:M,10,0))), VLOOKUP(B146,'OUTRAS BASES'!C:D,2,0))","v":64.92},64.92]
[]
[]
[]
[]
[" 5 ",null,null,"RESERVAÇÃO"]
[" 5.1 ","Código","Banco","Descrição","Tipo",null,"Und","Quant.","Valor Unit","Total"]
["Composição","COMPOSIÇÃO - 11","Próprio","Fornecimento e instalação de reservatório e base elevada 10 m³","ASTU - ASSENTAMENTO DE TUBOS E PECAS",null,"un",1,{"$f":"SUM(J154:J175)","v":19745.553790000002},{"$f":"I153*H153","v":19745.553790000002}]
["Composição Auxiliar",92759,"SINAPI","ARMAÇÃO DE PILAR OU VIGA DE ESTRUTURA CONVENCIONAL DE CONCRETO ARMADO UTILIZANDO AÇO CA-60 DE 5,0 MM - MONTAGEM. AF_06/2022","Armação para Estruturas de Concreto Armado",null,"KG",17.2,{"$f":"IF(C154=\"SINAPI\", IF( IF(A154=\"Insumo\", VLOOKUP(B154,'SINAPI INSUMOS'!B:J,8,0), VLOOKUP(B154,'SINAPI COMP'!B:M,10,0))=0,VLOOKUP(B154,'OUTRAS BASES'!C:D,2,0),IF(A154=\"Insumo\", VLOOKUP(B154,'SINAPI INSUMOS'!B:J,8,0),VLOOKUP(B154,'SINAPI COMP'!B:M,10,0))), VLOOKUP(B154,'OUTRAS BASES'!C:D,2,0))","v":14.24},244.928]
["Composição Auxiliar",92761,"SINAPI","ARMAÇÃO DE PILAR OU VIGA DE ESTRUTURA CONVENCIONAL DE CONCRETO ARMADO UTILIZANDO AÇO CA-50 DE 8,0 MM - MONTAGEM. AF_06/2022","Armação para Estruturas de Concreto Armado",null,"KG",30.4,{"$f":"IF(C155=\"SINAPI\", IF( IF(A155=\"Insumo\", VLOOKUP(B155,'SINAPI INSUMOS'!B:J,8,0), VLOOKUP(B155,'SINAPI COMP'!B:M,10,0))=0,VLOOKUP(B155,'OUTRAS BASES'!C:D,2,0),IF(A155=\"Insumo\", VLOOKUP(B155,'SINAPI INSUMOS'!B:J,8,0),VLOOKUP(B155,'SINAPI COMP'!B:M,10,0))), VLOOKUP(B155,'OUTRAS BASES'!C:D,2,0))","v":12.18},370.27199999999999]
["Composição Auxiliar",92768,"SINAPI","ARMAÇÃO DE LAJE DE ESTRUTURA CONVENCIONAL DE CONCRETO ARMADO UTILIZANDO AÇO CA-60 DE 5,0 MM - MONTAGEM. AF_06/2022","Armação para Estruturas de Concreto Armado",null,"KG",11.9,{"$f":"IF(C156=\"SINAPI\", IF( IF(A156=\"Insumo\", VLOOKUP(B156,'SINAPI INSUMOS'!B:J,8,0), VLOOKUP(B156,'SINAPI COMP'!B:M,10,0))=0,VLOOKUP(B156,'OUTRAS BASES'!C:D,2,0),IF(A156=\"Insumo\", VLOOKUP(B156,'SINAPI INSUMOS'!B:J,8,0),VLOOKUP(B156,'SINAPI COMP'!B:M,10,0))), VLOOKUP(B156,'OUTRAS BASES'!C:D,2,0))","v":13.62},162.078]
["Composição Auxiliar",92770,"SINAPI","ARMAÇÃO DE LAJE DE ESTRUTURA CONVENCIONAL DE CONCRETO ARMADO UTILIZANDO AÇO CA-50 DE 8,0 MM - MONTAGEM. AF_06/2022","Armação para Estruturas de Concreto Armado",null,"KG",48,{"$f":"IF(C157=\"SINAPI\", IF( IF(A157=\"Insumo\", VLOOKUP(B157,'SINAPI INSUMOS'!B:J,8,0), VLOOKUP(B157,'SINAPI COMP'!B:M,10,0))=0,VLOOKUP(B157,'OUTRAS BASES'!C:D,2,0),IF(A157=\"Insumo\", VLOOKUP(B157,'SINAPI INSUMOS'!B:J,8,0),VLOOKUP(B157,'SINAPI COMP'!B:M,10,0))), VLOOKUP(B157,'OUTRAS BASES'!C:D,2,0))","v":11.62},557.76]
["Composição Auxiliar",93358,"SINAPI","ESCAVAÇÃO MANUAL DE VALA COM PROFUNDIDADE MENOR OU IGUAL A 1,30 M. AF_02/2021","Escavação de Valas",null,"m³",5.2,{"$f":"IF(C158=\"SINAPI\", IF( IF(A158=\"Insumo\", VLOOKUP(B158,'SINAPI INSUMOS'!B:J,8,0), VLOOKUP(B158,'SINAPI COMP'!B:M,10,0))=0,VLOOKUP(B158,'OUTRAS BASES'!C:D,2,0),IF(A158=\"Insumo\", VLOOKUP(B158,'SINAPI INSUMOS'!B:J,8,0),VLOOKUP(B158,'SINAPI COMP'!B:M,10,0))), VLOOKUP(B158,'OUTRAS BASES'!C:D,2,0))","v":89.55},465.66]
["Composição Auxiliar",92763,"SINAPI","ARMAÇÃO DE PILAR OU VIGA DE ESTRUTURA CONVENCIONAL DE CONCRETO ARMADO UTILIZANDO AÇO CA-50 DE 12,5 MM - MONTAGEM. AF_06/2022","Armação para Estruturas de Concreto Armado",null,"KG",118.4,{"$f":"IF(C159=\"SINAPI\", IF( IF(A159=\"Insumo\", VLOOKUP(B159,'SINAPI INSUMOS'!B:J,8,0), VLOOKUP(B159,'SINAPI COMP'!B:M,10,0))=0,VLOOKUP(B159,'OUTRAS BASES'!C:D,2,0),IF(A159=\"Insumo\", VLOOKUP(B159,'SINAPI INSUMOS'!B:J,8,0),VLOOKUP(B159,'SINAPI COMP'!B:M,10,0))), VLOOKUP(B159,'OUTRAS BASES'!C:D,2,0))","v":8.9700000000000006},1062.0480000000002]
["Composição Auxiliar",94970,"SINAPI","CONCRETO FCK = 20MPA, TRAÇO 1:2,7:3 (EM MASSA SECA DE CIMENTO/ AREIA MÉDIA/ BRITA 1) - PREPARO MECÂNICO COM BETONEIRA 600 L. AF_05/2021","Produção de Concreto",null,"m³",4.8899999999999997,{"$f":"IF(C160=\"SINAPI\", IF( IF(A160=\"Insumo\", VLOOKUP(B160,'SINAPI INSUMOS'!B:J,8,0), VLOOKUP(B160,'SINAPI COMP'!B:M,10,0))=0,VLOOKUP(B160,'OUTRAS BASES'!C:D,2,0),IF(A160=\"Insumo\", VLOOKUP(B160,'SINAPI INSUMOS'!B:J,8,0),VLOOKUP(B160,'SINAPI COMP'!B:M,10,0))), VLOOKUP(B160,'OUTRAS BASES'!C:D,2,0))","v":534.79999999999995},2615.1719999999996]
["Composição Auxiliar",103670,"SINAPI","LANÇAMENTO COM USO DE BALDES, ADENSAMENTO E ACABAMENTO DE CONCRETO EM ESTRUTURAS. AF_02/2022","Concretagem para Estruturas de Concreto Armado",null,"m³",6.85,{"$f":"IF(C161=\"SINAPI\", IF( IF(A161=\"Insumo\", VLOOKUP(B161,'SINAPI INSUMOS'!B:J,8,0), VLOOKUP(B161,'SINAPI COMP'!B:M,10,0))=0,VLOOKUP(B161,'OUTRAS BASES'!C:D,2,0),IF(A161=\"Insumo\", VLOOKUP(B161,'SINAPI INSUMOS'!B:J,8,0),VLOOKUP(B161,'SINAPI COMP'!B:M,10,0))), VLOOKUP(B161,'OUTRAS BASES'!C:D,2,0))","v":321.74},2203.9189999999999]
["Composição Auxiliar",84651,"SINAPI","PINTURA COM TINTA IMPERMEAVEL MINERAL EM PO, DUAS DEMAOS","PINT - PINTURAS",null,"m²",28.27,{"$f":"IF(C162=\"SINAPI\", IF( IF(A162=\"Insumo\", VLOOKUP(B162,'SINAPI INSUMOS'!B:J,8,0), VLOOKUP(B162,'SINAPI COMP'!B:M,10,0))=0,VLOOKUP(B162,'OUTRAS BASES'!C:D,2,0),IF(A162=\"Insumo\", VLOOKUP(B162,'SINAPI INSUMOS'!B:J,8,0),VLOOKUP(B162,'SINAPI COMP'!B:M,10,0))), VLOOKUP(B162,'OUTRAS BASES'!C:D,2,0))","v":14.577},412.09179]
["Composição Auxiliar",90776,"SINAPI","ENCARREGADO GERAL COM ENCARGOS COMPLEMENTARES","Livro SINAPI: Cálculos e Parâmetros",null,"H",1,{"$f":"IF(C163=\"SINAPI\", IF( IF(A163=\"Insumo\", VLOOKUP(B163,'SINAPI INSUMOS'!B:J,8,0), VLOOKUP(B163,'SINAPI COMP'!B:M,10,0))=0,VLOOKUP(B163,'OUTRAS BASES'!C:D,2,0),IF(A163=\"Insumo\", VLOOKUP(B163,'SINAPI INSUMOS'!B:J,8,0),VLOOKUP(B163,'SINAPI COMP'!B:M,10,0))), VLOOKUP(B163,'OUTRAS BASES'!C:D,2,0))","v":67.930000000000007},67.930000000000007]
["Composição Auxiliar",102482,"SINAPI","CONCRETO FCK = 25MPA, TRAÇO 1:2,2:2,5 (EM MASSA SECA DE CIMENTO/ AREIA MÉDIA/ SEIXO ROLADO) - PREPARO MECÂNICO COM BETONEIRA 600 L. AF_05/2021","Produção de Concreto",null,"m³",1.96,{"$f":"IF(C164=\"SINAPI\", IF( IF(A164=\"Insumo\", VLOOKUP(B164,'SINAPI INSUMOS'!B:J,8,0), VLOOKUP(B164,'SINAPI COMP'!B:M,10,0))=0,VLOOKUP(B164,'OUTRAS BASES'!C:D,2,0),IF(A164=\"Insumo\", VLOOKUP(B164,'SINAPI INSUMOS'!B:J,8,0),VLOOKUP(B164,'SINAPI COMP'!B:M,10,0))), VLOOKUP(B164,'OUTRAS BASES'!C:D,2,0))","v":746.09},1462.3364000000001]
["Composição Auxiliar",92263,"SINAPI","FABRICAÇÃO DE FÔRMA PARA PILARES E ESTRUTURAS SIMILARES, EM CHAPA DE MADEIRA COMPENSADA RESINADA, E = 17 MM. AF_09/2020","Fôrmas para Estruturas de Concreto Armado",null,"m²",25.19,{"$f":"IF(C165=\"SINAPI\", IF( IF(A165=\"Insumo\", VLOOKUP(B165,'SINAPI INSUMOS'!B:J,8,0), VLOOKUP(B165,'SINAPI COMP'!B:M,10,0))=0,VLOOKUP(B165,'OUTRAS BASES'!C:D,2,0),IF(A165=\"Insumo\", VLOOKUP(B165,'SINAPI INSUMOS'!B:J,8,0),VLOOKUP(B165,'SINAPI COMP'!B:M,10,0))), VLOOKUP(B165,'OUTRAS BASES'!C:D,2,0))","v":171.44},4318.5735999999997]
["Composição Auxiliar",88267,"SINAPI","ENCANADOR OU BOMBEIRO HIDRÁULICO COM ENCARGOS COMPLEMENTARES","Livro SINAPI: Cálculos e Parâmetros",null,"H",4,{"$f":"IF(C166=\"SINAPI\", IF( IF(A166=\"Insumo\", VLOOKUP(B166,'SINAPI INSUMOS'!B:J,8,0), VLOOKUP(B166,'SINAPI COMP'!B:M,10,0))=0,VLOOKUP(B166,'OUTRAS BASES'!C:D,2,0),IF(A166=\"Insumo\", VLOOKUP(B166,'SINAPI INSUMOS'!B:J,8,0),VLOOKUP(B166,'SINAPI COMP'!B:M,10,0))), VLOOKUP(B166,'OUTRAS BASES'!C:D,2,0))","v":30.48},121.92]
["Composição Auxiliar",88248,"SINAPI","AUXILIAR DE ENCANADOR OU BOMBEIRO HIDRÁULICO COM ENCARGOS COMPLEMENTARES","Livro SINAPI: Cálculos e Parâmetros",null,"H",4,{"$f":"IF(C167=\"SINAPI\", IF( IF(A167=\"Insumo\", VLOOKUP(B167,'SINAPI INSUMOS'!B:J,8,0), VLOOKUP(B167,'SINAPI COMP'!B:M,10,0))=0,VLOOKUP(B167,'OUTRAS BASES'!C:D,2,0),IF(A167=\"Insumo\", VLOOKUP(B167,'SINAPI INSUMOS'!B:J,8,0),VLOOKUP(B167,'SINAPI COMP'!B:M,10,0))), VLOOKUP(B167,'OUTRAS BASES'!C:D,2,0))","v":24.48},97.92]
["Insumo",3146,"SINAPI","FITA VEDA ROSCA EM ROLOS DE 18 MM X 10 M (L X C)","Material",null,"UN",0.18,{"$f":"IF(C168=\"SINAPI\", IF( IF(A168=\"Insumo\", VLOOKUP(B168,'SINAPI INSUMOS'!B:J,8,0), VLOOKUP(B168,'SINAPI COMP'!B:M,10,0))=0,VLOOKUP(B168,'OUTRAS BASES'!C:D,2,0),IF(A168=\"Insumo\", VLOOKUP(B168,'SINAPI INSUMOS'!B:J,8,0),VLOOKUP(B168,'SINAPI COMP'!B:M,10,0))), VLOOKUP(B168,'OUTRAS BASES'!C:D,2,0))","v":4},0.72]
["Insumo",37106,"SINAPI","CAIXA D'AGUA / RESERVATORIO EM POLIESTER REFORCADO COM FIBRA DE VIDRO, 10000 LITROS, COM TAMPA","Material",null,"UN",1,{"$f":"IF(C169=\"SINAPI\", IF( IF(A169=\"Insumo\", VLOOKUP(B169,'SINAPI INSUMOS'!B:J,8,0), VLOOKUP(B169,'SINAPI COMP'!B:M,10,0))=0,VLOOKUP(B169,'OUTRAS BASES'!C:D,2,0),IF(A169=\"Insumo\", VLOOKUP(B169,'SINAPI INSUMOS'!B:J,8,0),VLOOKUP(B169,'SINAPI COMP'!B:M,10,0))), VLOOKUP(B169,'OUTRAS BASES'!C:D,2,0))","v":5326.25},5326.25]
["Insumo",14073,"ORSE","CURVA 90º PVC D=50MM, LINHA IRRIGA-LF, TIGRE OU SIMILAR","Material",null,"UM",3,{"$f":"IF(C170=\"SINAPI\", IF( IF(A170=\"Insumo\", VLOOKUP(B170,'SINAPI INSUMOS'!B:J,8,0), VLOOKUP(B170,'SINAPI COMP'!B:M,10,0))=0,VLOOKUP(B170,'OUTRAS BASES'!C:D,2,0),IF(A170=\"Insumo\", VLOOKUP(B170,'SINAPI INSUMOS'!B:J,8,0),VLOOKUP(B170,'SINAPI COMP'!B:M,10,0))), VLOOKUP(B170,'OUTRAS BASES'!C:D,2,0))","v":8.1},24.299999999999997]
["Insumo",14068,"ORSE","Tubo PVC para irrigação LF PN 80 Ø 50mm, linha Irriga-LF, Tigre ou similar","Material",null,"UN",15.2,{"$f":"IF(C171=\"SINAPI\", IF( IF(A171=\"Insumo\", VLOOKUP(B171,'SINAPI INSUMOS'!B:J,8,0), VLOOKUP(B171,'SINAPI COMP'!B:M,10,0))=0,VLOOKUP(B171,'OUTRAS BASES'!C:D,2,0),IF(A171=\"Insumo\", VLOOKUP(B171,'SINAPI INSUMOS'!B:J,8,0),VLOOKUP(B171,'SINAPI COMP'!B:M,10,0))), VLOOKUP(B171,'OUTRAS BASES'!C:D,2,0))","v":9.27},140.904]
["Insumo",1434,"ORSE","Luva pvc rigido roscavel d=2 \"","Material",null,"UN",1,{"$f":"IF(C172=\"SINAPI\", IF( IF(A172=\"Insumo\", VLOOKUP(B172,'SINAPI INSUMOS'!B:J,8,0), VLOOKUP(B172,'SINAPI COMP'!B:M,10,0))=0,VLOOKUP(B172,'OUTRAS BASES'!C:D,2,0),IF(A172=\"Insumo\", VLOOKUP(B172,'SINAPI INSUMOS'!B:J,8,0),VLOOKUP(B172,'SINAPI COMP'!B:M,10,0))), VLOOKUP(B172,'OUTRAS BASES'!C:D,2,0))","v":28.58},28.58]
["Insumo",90,"ORSE","Adaptador curto, pvc rigido soldavel,  c/ bolsa e rosca p/  registro, d=  50mm x 1 1/2”","Material",null,"UN",1,{"$f":"IF(C173=\"SINAPI\", IF( IF(A173=\"Insumo\", VLOOKUP(B173,'SINAPI INSUMOS'!B:J,8,0), VLOOKUP(B173,'SINAPI COMP'!B:M,10,0))=0,VLOOKUP(B173,'OUTRAS BASES'!C:D,2,0),IF(A173=\"Insumo\", VLOOKUP(B173,'SINAPI INSUMOS'!B:J,8,0),VLOOKUP(B173,'SINAPI COMP'!B:M,10,0))), VLOOKUP(B173,'OUTRAS BASES'!C:D,2,0))","v":4.2},4.2]
["Insumo",99,"SINAPI","ADAPTADOR PVC SOLDAVEL, COM FLANGE E ANEL DE VEDACAO, 50 MM X 1 1/2\", PARA CAIXA D'AGUA","Material",null,"UN",2,{"$f":"IF(C174=\"SINAPI\", IF( IF(A174=\"Insumo\", VLOOKUP(B174,'SINAPI INSUMOS'!B:J,8,0), VLOOKUP(B174,'SINAPI COMP'!B:M,10,0))=0,VLOOKUP(B174,'OUTRAS BASES'!C:D,2,0),IF(A174=\"Insumo\", VLOOKUP(B174,'SINAPI INSUMOS'!B:J,8,0),VLOOKUP(B174,'SINAPI COMP'!B:M,10,0))), VLOOKUP(B174,'OUTRAS BASES'!C:D,2,0))","v":26.84},53.68]
["Insumo",119,"SINAPI","ADESIVO PLASTICO PARA PVC, BISNAGA COM 75 GR","Material",null,"UN",0.45,{"$f":"IF(C175=\"SINAPI\", IF( IF(A175=\"Insumo\", VLOOKUP(B175,'SINAPI INSUMOS'!B:J,8,0), VLOOKUP(B175,'SINAPI COMP'!B:M,10,0))=0,VLOOKUP(B175,'OUTRAS BASES'!C:D,2,0),IF(A175=\"Insumo\", VLOOKUP(B175,'SINAPI INSUMOS'!B:J,8,0),VLOOKUP(B175,'SINAPI COMP'!B:M,10,0))), VLOOKUP(B175,'OUTRAS BASES'!C:D,2,0))","v":9.58},4.3109999999999999]
[]
[]
[]
[]
[" 5.2 ","Código","Banco","Descrição","Tipo",null,"Und","Quant.","Valor Unit","Total"]
["Composição","COMPOSIÇÃO - 12","Próprio","Fornecimento e execução de reservatório apoiado de 5 m³","SEDI - SERVIÇOS DIVERSOS",null,"un",1,{"$f":"SUM(J182:J191)","v":8330.0840499999995},{"$f":"I181*H181","v":8330.0840499999995}]
["Composição Auxiliar",88309,"SINAPI","PEDREIRO COM ENCARGOS COMPLEMENTARES","Livro SINAPI: Cálculos e Parâmetros",null,"H",3,{"$f":"IF(C182=\"SINAPI\", IF( IF(A182=\"Insumo\", VLOOKUP(B182,'SINAPI INSUMOS'!B:J,8,0), VLOOKUP(B182,'SINAPI COMP'!B:M,10,0))=0,VLOOKUP(B182,'OUTRAS BASES'!C:D,2,0),IF(A182=\"Insumo\", VLOOKUP(B182,'SINAPI INSUMOS'!B:J,8,0),VLOOKUP(B182,'SINAPI COMP'!B:M,10,0))), VLOOKUP(B182,'OUTRAS BASES'!C:D,2,0))","v":31.21},93.63]
["Composição Auxiliar",88316,"SINAPI","SERVENTE COM ENCARGOS COMPLEMENTARES","Livro SINAPI: Cálculos e Parâmetros",null,"H",3,{"$f":"IF(C183=\"SINAPI\", IF( IF(A183=\"Insumo\", VLOOKUP(B183,'SINAPI INSUMOS'!B:J,8,0), VLOOKUP(B183,'SINAPI COMP'!B:M,10,0))=0,VLOOKUP(B183,'OUTRAS BASES'!C:D,2,0),IF(A183=\"Insumo\", VLOOKUP(B183,'SINAPI INSUMOS'!B:J,8,0),VLOOKUP(B183,'SINAPI COMP'!B:M,10,0))), VLOOKUP(B183,'OUTRAS BASES'!C:D,2,0))","v":22.64},67.92]
["Composição Auxiliar",102617,"SINAPI","CAIXA D´ÁGUA EM POLIÉSTER REFORÇADO COM FIBRA DE VIDRO, 5000 LITROS - FORNECIMENTO E INSTALAÇÃO. AF_06/2021","Caixas de Água para Edificações",null,"UN",1,{"$f":"IF(C184=\"SINAPI\", IF( IF(A184=\"Insumo\", VLOOKUP(B184,'SINAPI INSUMOS'!B:J,8,0), VLOOKUP(B184,'SINAPI COMP'!B:M,10,0))=0,VLOOKUP(B184,'OUTRAS BASES'!C:D,2,0),IF(A184=\"Insumo\", VLOOKUP(B184,'SINAPI INSUMOS'!B:J,8,0),VLOOKUP(B184,'SINAPI COMP'!B:M,10,0))), VLOOKUP(B184,'OUTRAS BASES'!C:D,2,0))","v":3676.66},3676.66]
["Composição Auxiliar",92767,"SINAPI","ARMAÇÃO DE LAJE DE UMA ESTRUTURA CONVENCIONAL DE CONCRETO ARMADO UTILIZANDO AÇO CA-60 DE 4,2 MM - MONTAGEM. AF_12/2015","FUES - FUNDAÇÕES E ESTRUTURAS",null,"KG",3.04,{"$f":"IF(C185=\"SINAPI\", IF( IF(A185=\"Insumo\", VLOOKUP(B185,'SINAPI INSUMOS'!B:J,8,0), VLOOKUP(B185,'SINAPI COMP'!B:M,10,0))=0,VLOOKUP(B185,'OUTRAS BASES'!C:D,2,0),IF(A185=\"Insumo\", VLOOKUP(B185,'SINAPI INSUMOS'!B:J,8,0),VLOOKUP(B185,'SINAPI COMP'!B:M,10,0))), VLOOKUP(B185,'OUTRAS BASES'!C:D,2,0))","v":15.78},47.971199999999996]
["Composição Auxiliar",104917,"SINAPI","ARMAÇAO DE SAPATA ISOLADA, VIGA BALDRAME E SAPATA CORRIDA UTILIZANDO AÇO CA-50 DE 6,3 MM - MONTAGEM AD_01/2024","FUES - FUNDAÇÕES E ESTRUTURAS",null,"KG",9.3000000000000007,{"$f":"IF(C186=\"SINAPI\", IF( IF(A186=\"Insumo\", VLOOKUP(B186,'SINAPI INSUMOS'!B:J,8,0), VLOOKUP(B186,'SINAPI COMP'!B:M,10,0))=0,VLOOKUP(B186,'OUTRAS BASES'!C:D,2,0),IF(A186=\"Insumo\", VLOOKUP(B186,'SINAPI INSUMOS'!B:J,8,0),VLOOKUP(B186,'SINAPI COMP'!B:M,10,0))), VLOOKUP(B186,'OUTRAS BASES'!C:D,2,0))","v":15.64},145.45200000000003]
["Composição Auxiliar",92760,"SINAPI","ARMAÇÃO DE PILAR OU VIGA DE ESTRTURA CONVENCIONAL DE CONCRETO ARMADO UTILIZANDO AÇO CA-50 DE 6,3 MM - MONTAGEM. AF_12/2015","FUES - FUNDAÇÕES E ESTRUTURAS",null,"KG",16.3,{"$f":"IF(C187=\"SINAPI\", IF( IF(A187=\"Insumo\", VLOOKUP(B187,'SINAPI INSUMOS'!B:J,8,0), VLOOKUP(B187,'SINAPI COMP'!B:M,10,0))=0,VLOOKUP(B187,'OUTRAS BASES'!C:D,2,0),IF(A187=\"Insumo\", VLOOKUP(B187,'SINAPI INSUMOS'!B:J,8,0),VLOOKUP(B187,'SINAPI COMP'!B:M,10,0))), VLOOKUP(B187,'OUTRAS BASES'!C:D,2,0))","v":13.17},214.67100000000002]
["Composição Auxiliar",94964,"SINAPI","CONCRETO FCK = 20MPA, TRAÇO 1:2,7:3 (EM MASSA SECA DE CIMENTO/ AREIA MÉDIA/ BRITA 1) - PREPARO MECÂNICO COM BETONEIRA 400 L. AF_05/2021","Produção de Concreto",null,"m³",1.56,{"$f":"IF(C188=\"SINAPI\", IF( IF(A188=\"Insumo\", VLOOKUP(B188,'SINAPI INSUMOS'!B:J,8,0), VLOOKUP(B188,'SINAPI COMP'!B:M,10,0))=0,VLOOKUP(B188,'OUTRAS BASES'!C:D,2,0),IF(A188=\"Insumo\", VLOOKUP(B188,'SINAPI INSUMOS'!B:J,8,0),VLOOKUP(B188,'SINAPI COMP'!B:M,10,0))), VLOOKUP(B188,'OUTRAS BASES'!C:D,2,0))","v":549.17999999999995},856.72079999999994]
["Composição Auxiliar",84651,"SINAPI","PINTURA COM TINTA IMPERMEAVEL MINERAL EM PO, DUAS DEMAOS","PINT - PINTURAS",null,"m²",7.85,{"$f":"IF(C189=\"SINAPI\", IF( IF(A189=\"Insumo\", VLOOKUP(B189,'SINAPI INSUMOS'!B:J,8,0), VLOOKUP(B189,'SINAPI COMP'!B:M,10,0))=0,VLOOKUP(B189,'OUTRAS BASES'!C:D,2,0),IF(A189=\"Insumo\", VLOOKUP(B189,'SINAPI INSUMOS'!B:J,8,0),VLOOKUP(B189,'SINAPI COMP'!B:M,10,0))), VLOOKUP(B189,'OUTRAS BASES'!C:D,2,0))","v":14.577},114.42944999999999]
["Composição Auxiliar",92263,"SINAPI","FABRICAÇÃO DE FÔRMA PARA PILARES E ESTRUTURAS SIMILARES, EM CHAPA DE MADEIRA COMPENSADA RESINADA, E = 17 MM. AF_09/2020","FUES - FUNDAÇÕES E ESTRUTURAS",null,"KG",16.989999999999998,{"$f":"IF(C190=\"SINAPI\", IF( IF(A190=\"Insumo\", VLOOKUP(B190,'SINAPI INSUMOS'!B:J,8,0), VLOOKUP(B190,'SINAPI COMP'!B:M,10,0))=0,VLOOKUP(B190,'OUTRAS BASES'!C:D,2,0),IF(A190=\"Insumo\", VLOOKUP(B190,'SINAPI INSUMOS'!B:J,8,0),VLOOKUP(B190,'SINAPI COMP'!B:M,10,0))), VLOOKUP(B190,'OUTRAS BASES'!C:D,2,0))","v":171.44},2912.7655999999997]
["Composição Auxiliar",92770,"SINAPI","ARMAÇÃO DE LAJE DE UMA ESTRUTURA CONVENCIONAL DE CONCRETO ARMADO UTILIZANDO AÇO CA-50 DE 8,0 MM - MONTAGEM. AF_06/2022","FUES - FUNDAÇÕES E ESTRUTURAS",null,"KG",17.2,{"$f":"IF(C191=\"SINAPI\", IF( IF(A191=\"Insumo\", VLOOKUP(B191,'SINAPI INSUMOS'!B:J,8,0), VLOOKUP(B191,'SINAPI COMP'!B:M,10,0))=0,VLOOKUP(B191,'OUTRAS BASES'!C:D,2,0),IF(A191=\"Insumo\", VLOOKUP(B191,'SINAPI INSUMOS'!B:J,8,0),VLOOKUP(B191,'SINAPI COMP'!B:M,10,0))), VLOOKUP(B191,'OUTRAS BASES'!C:D,2,0))","v":11.62},199.86399999999998]
[]
[]
[]
[]
[" 6 ",null,null,"BEBEDOURO"]
[" 6.1 ","Código","Banco","Descrição","Tipo",null,"Und","Quant.","Valor Unit","Total"]
["Composição","COMPOSIÇÃO - 13","Próprio","Serviço de execução do bebedouro em concreto armado, incluso materiais.","SEDI - SERVIÇOS DIVERSOS",null,"un",1,{"$f":"SUM(J199:J204)","v":1787.2510600000001},{"$f":"I198*H198","v":1787.2510600000001}]
["Composição Auxiliar",92916,"SINAPI","ARMAÇÃODE ESTRUTURAS DIVERSAS DE CONCRETO ARMADO, EXCETO VIGA, PILARES, LAJES E FUNDAÇÕES, UTILIZANDO AÇO CA-50 DE 6,3 MM - MONTAGEM. AF_06/2022","Armação para Estruturas de Concreto Armado",null,"KG",6,{"$f":"IF(C199=\"SINAPI\", IF( IF(A199=\"Insumo\", VLOOKUP(B199,'SINAPI INSUMOS'!B:J,8,0), VLOOKUP(B199,'SINAPI COMP'!B:M,10,0))=0,VLOOKUP(B199,'OUTRAS BASES'!C:D,2,0),IF(A199=\"Insumo\", VLOOKUP(B199,'SINAPI INSUMOS'!B:J,8,0),VLOOKUP(B199,'SINAPI COMP'!B:M,10,0))), VLOOKUP(B199,'OUTRAS BASES'!C:D,2,0))","v":15.41},92.460000000000008]
["Composição Auxiliar",92915,"SINAPI","ARMAÇÃODE ESTRUTURAS DIVERSAS DE CONCRETO ARMADO, EXCETO VIGA, PILARES, LAJES E FUNDAÇÕES, UTILIZANDO AÇO CA-60 DE 5,0 MM - MONTAGEM. AF_06/2022","Armação para Estruturas de Concreto Armado",null,"KG",13,{"$f":"IF(C200=\"SINAPI\", IF( IF(A200=\"Insumo\", VLOOKUP(B200,'SINAPI INSUMOS'!B:J,8,0), VLOOKUP(B200,'SINAPI COMP'!B:M,10,0))=0,VLOOKUP(B200,'OUTRAS BASES'!C:D,2,0),IF(A200=\"Insumo\", VLOOKUP(B200,'SINAPI INSUMOS'!B:J,8,0),VLOOKUP(B200,'SINAPI COMP'!B:M,10,0))), VLOOKUP(B200,'OUTRAS BASES'!C:D,2,0))","v":17.27},224.51]
["Composição Auxiliar",92921,"SINAPI","ARMAÇÃODE ESTRUTURAS DIVERSAS DE CONCRETO ARMADO, EXCETO VIGA, PILARES, LAJES E FUNDAÇÕES, UTILIZANDO AÇO CA-50 DE 12,5 MM - MONTAGEM. AF_06/2022","Armação para Estruturas de Concreto Armado",null,"KG",12,{"$f":"IF(C201=\"SINAPI\", IF( IF(A201=\"Insumo\", VLOOKUP(B201,'SINAPI INSUMOS'!B:J,8,0), VLOOKUP(B201,'SINAPI COMP'!B:M,10,0))=0,VLOOKUP(B201,'OUTRAS BASES'!C:D,2,0),IF(A201=\"Insumo\", VLOOKUP(B201,'SINAPI INSUMOS'!B:J,8,0),VLOOKUP(B201,'SINAPI COMP'!B:M,10,0))), VLOOKUP(B201,'OUTRAS BASES'!C:D,2,0))","v":9.6999999999999993},116.39999999999999]
["Composição Auxiliar",94971,"SINAPI","CONCRETO FCK = 25MPA, TRAÇO 1:2,3:2:2,7(EM MASSA SECA DE CIMENTO, AREIA MÉDIA, BRITA 1) - PREPARO MECÂNICO COM BETONEIRA 600l. AF_05/2021","Produção de concreto",null,"m³",0.374,{"$f":"IF(C202=\"SINAPI\", IF( IF(A202=\"Insumo\", VLOOKUP(B202,'SINAPI INSUMOS'!B:J,8,0), VLOOKUP(B202,'SINAPI COMP'!B:M,10,0))=0,VLOOKUP(B202,'OUTRAS BASES'!C:D,2,0),IF(A202=\"Insumo\", VLOOKUP(B202,'SINAPI INSUMOS'!B:J,8,0),VLOOKUP(B202,'SINAPI COMP'!B:M,10,0))), VLOOKUP(B202,'OUTRAS BASES'!C:D,2,0))","v":558.34},208.81916000000001]
["Composição Auxiliar",92263,"SINAPI","FABRICAÇÃO DE FÔRMA PARA PILARES E ESTRUTURAS SIMILARES, EM CHAPA DE MADEIRA COMPENSADA RESINADA, E = 17 MM. AF_09/2020","FUES - FUNDAÇÕES E ESTRUTURAS",null,"m²",6.21,{"$f":"IF(C203=\"SINAPI\", IF( IF(A203=\"Insumo\", VLOOKUP(B203,'SINAPI INSUMOS'!B:J,8,0), VLOOKUP(B203,'SINAPI COMP'!B:M,10,0))=0,VLOOKUP(B203,'OUTRAS BASES'!C:D,2,0),IF(A203=\"Insumo\", VLOOKUP(B203,'SINAPI INSUMOS'!B:J,8,0),VLOOKUP(B203,'SINAPI COMP'!B:M,10,0))), VLOOKUP(B203,'OUTRAS BASES'!C:D,2,0))","v":171.44},1064.6424]
["Composição Auxiliar","15.07.09","EMBASA","PINTURA LÁTEX ACRÍLICA, APLICAÇÃO MANUAL EM DUAS DEMÃOS ","EDIFICAÇÕES",null,"m² ",6.21,{"$f":"IF(C204=\"SINAPI\", IF( IF(A204=\"Insumo\", VLOOKUP(B204,'SINAPI INSUMOS'!B:J,8,0), VLOOKUP(B204,'SINAPI COMP'!B:M,10,0))=0,VLOOKUP(B204,'OUTRAS BASES'!C:D,2,0),IF(A204=\"Insumo\", VLOOKUP(B204,'SINAPI INSUMOS'!B:J,8,0),VLOOKUP(B204,'SINAPI COMP'!B:M,10,0))), VLOOKUP(B204,'OUTRAS BASES'!C:D,2,0))","v":12.95},80.419499999999999]
[]
[]
[]
[]
[" 7 ",null,null,"CHAFARIZ"]
[" 7.1 ","Código","Banco","Descrição","Tipo",null,"Und","Quant.","Valor Unit","Total"]
["Composição","COMPOSIÇÃO - 14","Próprio","Fornecimento de material e instalação do chafariz","ASTU - ASSENTAMENTO DE TUBOS E PECAS",null,"un",1,{"$f":"SUM(J212:J230)","v":973.67006708999997},{"$f":"I211*H211","v":973.67006708999997}]
["Composição Auxiliar",88267,"SINAPI","ENCANADOR OU BOMBEIRO HIDRÁULICO COM ENCARGOS COMPLEMENTARES","Livro SINAPI: Cálculos e Parâmetros",null,"H",2,{"$f":"IF(C212=\"SINAPI\", IF( IF(A212=\"Insumo\", VLOOKUP(B212,'SINAPI INSUMOS'!B:J,8,0), VLOOKUP(B212,'SINAPI COMP'!B:M,10,0))=0,VLOOKUP(B212,'OUTRAS BASES'!C:D,2,0),IF(A212=\"Insumo\", VLOOKUP(B212,'SINAPI INSUMOS'!B:J,8,0),VLOOKUP(B212,'SINAPI COMP'!B:M,10,0))), VLOOKUP(B212,'OUTRAS BASES'!C:D,2,0))","v":30.48},60.96]
["Composição Auxiliar",88248,"SINAPI","AUXILIAR DE ENCANADOR OU BOMBEIRO HIDRÁULICO COM ENCARGOS COMPLEMENTARES","Livro SINAPI: Cálculos e Parâmetros",null,"H",2,{"$f":"IF(C213=\"SINAPI\", IF( IF(A213=\"Insumo\", VLOOKUP(B213,'SINAPI INSUMOS'!B:J,8,0), VLOOKUP(B213,'SINAPI COMP'!B:M,10,0))=0,VLOOKUP(B213,'OUTRAS BASES'!C:D,2,0),IF(A213=\"Insumo\", VLOOKUP(B213,'SINAPI INSUMOS'!B:J,8,0),VLOOKUP(B213,'SINAPI COMP'!B:M,10,0))), VLOOKUP(B213,'OUTRAS BASES'!C:D,2,0))","v":24.48},48.96]
["Composição Auxiliar",93358,"SINAPI","ESCAVAÇÃO MANUAL DE VALA COM PROFUNDIDADE MENOR OU IGUAL A 1,30 M. AF_02/2021","Escavação de Valas",null,"m³",7.8539800000000007E-2,{"$f":"IF(C214=\"SINAPI\", IF( IF(A214=\"Insumo\", VLOOKUP(B214,'SINAPI INSUMOS'!B:J,8,0), VLOOKUP(B214,'SINAPI COMP'!B:M,10,0))=0,VLOOKUP(B214,'OUTRAS BASES'!C:D,2,0),IF(A214=\"Insumo\", VLOOKUP(B214,'SINAPI INSUMOS'!B:J,8,0),VLOOKUP(B214,'SINAPI COMP'!B:M,10,0))), VLOOKUP(B214,'OUTRAS BASES'!C:D,2,0))","v":89.55},7.0332390900000004]
["Composição Auxiliar",96533,"SINAPI","FABRICAÇÃO, MONTAGEM E DESMONTAGEM DE FÔRMA PARA VIGA BALDRAME, EM MADEIRA SERRADA, E=25 MM, 2 UTILIZAÇÕES. AF_01/2024","FUES - FUNDAÇÕES E ESTRUTURAS",null,"m²",0.628,{"$f":"IF(C215=\"SINAPI\", IF( IF(A215=\"Insumo\", VLOOKUP(B215,'SINAPI INSUMOS'!B:J,8,0), VLOOKUP(B215,'SINAPI COMP'!B:M,10,0))=0,VLOOKUP(B215,'OUTRAS BASES'!C:D,2,0),IF(A215=\"Insumo\", VLOOKUP(B215,'SINAPI INSUMOS'!B:J,8,0),VLOOKUP(B215,'SINAPI COMP'!B:M,10,0))), VLOOKUP(B215,'OUTRAS BASES'!C:D,2,0))","v":96.38},60.52664]
["Composição Auxiliar",94963,"SINAPI","CONCRETO FCK = 15MPA, TRAÇO 1:3,4:3,5 (EM MASSA SECA DE CIMENTO/AREIA/MÉDIA/BRITA 1) - PREPARO MECÂNICO COM BETONEIRA 400 L. AF_05/2021","Produção de Concreto",null,"m³",0.157,{"$f":"IF(C216=\"SINAPI\", IF( IF(A216=\"Insumo\", VLOOKUP(B216,'SINAPI INSUMOS'!B:J,8,0), VLOOKUP(B216,'SINAPI COMP'!B:M,10,0))=0,VLOOKUP(B216,'OUTRAS BASES'!C:D,2,0),IF(A216=\"Insumo\", VLOOKUP(B216,'SINAPI INSUMOS'!B:J,8,0),VLOOKUP(B216,'SINAPI COMP'!B:M,10,0))), VLOOKUP(B216,'OUTRAS BASES'!C:D,2,0))","v":509.65},80.015050000000002]
["Composição Auxiliar",87904,"SINAPI","CHAPISCO APLICADO EM ALVENARIA (COM PRESENÇA DE VÃOS) E ESTRUTURAS DE CONCRETO DE FACHADA, COM COLHER DE PEDREIRO.  ARGAMASSA TRAÇO 1:3 COM PREPARO MANUAL. AF_10/2022","Chapisco",null,"m²",0.314,{"$f":"IF(C217=\"SINAPI\", IF( IF(A217=\"Insumo\", VLOOKUP(B217,'SINAPI INSUMOS'!B:J,8,0), VLOOKUP(B217,'SINAPI COMP'!B:M,10,0))=0,VLOOKUP(B217,'OUTRAS BASES'!C:D,2,0),IF(A217=\"Insumo\", VLOOKUP(B217,'SINAPI INSUMOS'!B:J,8,0),VLOOKUP(B217,'SINAPI COMP'!B:M,10,0))), VLOOKUP(B217,'OUTRAS BASES'!C:D,2,0))","v":9.3699999999999992},2.9421799999999996]
["Composição Auxiliar",87529,"SINAPI","MASSA ÚNICA, EM ARGAMASSA TRAÇO 1:2:8, PREPARO MECÂNICO, APLICADA MANUALMENTE EM PAREDES INTERNAS DE AMBIENTES COM ÁREA ENTRE 5M² E 10M², E = 17,5MM, COM TALISCAS. AF_03/2024","Massa Única Interna",null,"m²",0.314,{"$f":"IF(C218=\"SINAPI\", IF( IF(A218=\"Insumo\", VLOOKUP(B218,'SINAPI INSUMOS'!B:J,8,0), VLOOKUP(B218,'SINAPI COMP'!B:M,10,0))=0,VLOOKUP(B218,'OUTRAS BASES'!C:D,2,0),IF(A218=\"Insumo\", VLOOKUP(B218,'SINAPI INSUMOS'!B:J,8,0),VLOOKUP(B218,'SINAPI COMP'!B:M,10,0))), VLOOKUP(B218,'OUTRAS BASES'!C:D,2,0))","v":40.770000000000003},12.801780000000001]
["Composição Auxiliar",84651,"SINAPI","PINTURA COM TINTA IMPERMEAVEL MINERAL EM PO, DUAS DEMAOS","PINT - PINTURAS",null,"m²",0.314,{"$f":"IF(C219=\"SINAPI\", IF( IF(A219=\"Insumo\", VLOOKUP(B219,'SINAPI INSUMOS'!B:J,8,0), VLOOKUP(B219,'SINAPI COMP'!B:M,10,0))=0,VLOOKUP(B219,'OUTRAS BASES'!C:D,2,0),IF(A219=\"Insumo\", VLOOKUP(B219,'SINAPI INSUMOS'!B:J,8,0),VLOOKUP(B219,'SINAPI COMP'!B:M,10,0))), VLOOKUP(B219,'OUTRAS BASES'!C:D,2,0))","v":14.577},4.577178]
["Insumo",765,"SINAPI","BUCHA DE REDUCAO DE FERRO GALVANIZADO, COM ROSCA BSP, DE 1\" X 3/4\"","Material",null,"UN",2,{"$f":"IF(C220=\"SINAPI\", IF( IF(A220=\"Insumo\", VLOOKUP(B220,'SINAPI INSUMOS'!B:J,8,0), VLOOKUP(B220,'SINAPI COMP'!B:M,10,0))=0,VLOOKUP(B220,'OUTRAS BASES'!C:D,2,0),IF(A220=\"Insumo\", VLOOKUP(B220,'SINAPI INSUMOS'!B:J,8,0),VLOOKUP(B220,'SINAPI COMP'!B:M,10,0))), VLOOKUP(B220,'OUTRAS BASES'!C:D,2,0))","v":10},20]
["Insumo",9887,"SINAPI","UNIAO DE FERRO GALVANIZADO, COM ROSCA BSP, COM ASSENTO PLANO, DE 2\"","Material",null,"UN",2,{"$f":"IF(C221=\"SINAPI\", IF( IF(A221=\"Insumo\", VLOOKUP(B221,'SINAPI INSUMOS'!B:J,8,0), VLOOKUP(B221,'SINAPI COMP'!B:M,10,0))=0,VLOOKUP(B221,'OUTRAS BASES'!C:D,2,0),IF(A221=\"Insumo\", VLOOKUP(B221,'SINAPI INSUMOS'!B:J,8,0),VLOOKUP(B221,'SINAPI COMP'!B:M,10,0))), VLOOKUP(B221,'OUTRAS BASES'!C:D,2,0))","v":101.79},203.58]
["Insumo",21013,"SINAPI","TUBO ACO GALVANIZADO COM COSTURA, CLASSE LEVE, DN 50 MM ( 2\"),  E = 3,00 MM,  *4,40* KG/M (NBR 5580)","Material",null,"M",1.8,{"$f":"IF(C222=\"SINAPI\", IF( IF(A222=\"Insumo\", VLOOKUP(B222,'SINAPI INSUMOS'!B:J,8,0), VLOOKUP(B222,'SINAPI COMP'!B:M,10,0))=0,VLOOKUP(B222,'OUTRAS BASES'!C:D,2,0),IF(A222=\"Insumo\", VLOOKUP(B222,'SINAPI INSUMOS'!B:J,8,0),VLOOKUP(B222,'SINAPI COMP'!B:M,10,0))), VLOOKUP(B222,'OUTRAS BASES'!C:D,2,0))","v":95.53},171.95400000000001]
["Insumo",6298,"SINAPI","TE DE FERRO GALVANIZADO, DE 2\"","Material",null,"UN",1,{"$f":"IF(C223=\"SINAPI\", IF( IF(A223=\"Insumo\", VLOOKUP(B223,'SINAPI INSUMOS'!B:J,8,0), VLOOKUP(B223,'SINAPI COMP'!B:M,10,0))=0,VLOOKUP(B223,'OUTRAS BASES'!C:D,2,0),IF(A223=\"Insumo\", VLOOKUP(B223,'SINAPI INSUMOS'!B:J,8,0),VLOOKUP(B223,'SINAPI COMP'!B:M,10,0))), VLOOKUP(B223,'OUTRAS BASES'!C:D,2,0))","v":66.3},66.3]
["Insumo",3471,"SINAPI","COTOVELO 90 GRAUS DE FERRO GALVANIZADO, COM ROSCA BSP, DE 2\"","Material",null,"UN",1,{"$f":"IF(C224=\"SINAPI\", IF( IF(A224=\"Insumo\", VLOOKUP(B224,'SINAPI INSUMOS'!B:J,8,0), VLOOKUP(B224,'SINAPI COMP'!B:M,10,0))=0,VLOOKUP(B224,'OUTRAS BASES'!C:D,2,0),IF(A224=\"Insumo\", VLOOKUP(B224,'SINAPI INSUMOS'!B:J,8,0),VLOOKUP(B224,'SINAPI COMP'!B:M,10,0))), VLOOKUP(B224,'OUTRAS BASES'!C:D,2,0))","v":49.87},49.87]
["Insumo",113,"SINAPI","ADAPTADOR PVC SOLDAVEL CURTO COM BOLSA E ROSCA, 60 MM X 2\", PARA AGUA FRIA","Material",null,"UN",1,{"$f":"IF(C225=\"SINAPI\", IF( IF(A225=\"Insumo\", VLOOKUP(B225,'SINAPI INSUMOS'!B:J,8,0), VLOOKUP(B225,'SINAPI COMP'!B:M,10,0))=0,VLOOKUP(B225,'OUTRAS BASES'!C:D,2,0),IF(A225=\"Insumo\", VLOOKUP(B225,'SINAPI INSUMOS'!B:J,8,0),VLOOKUP(B225,'SINAPI COMP'!B:M,10,0))), VLOOKUP(B225,'OUTRAS BASES'!C:D,2,0))","v":11.43},11.43]
["Insumo",818,"SINAPI","BUCHA DE REDUCAO DE PVC, SOLDAVEL, CURTA, COM 60 X 50 MM, PARA AGUA FRIA PREDIAL","Material",null,"UN",1,{"$f":"IF(C226=\"SINAPI\", IF( IF(A226=\"Insumo\", VLOOKUP(B226,'SINAPI INSUMOS'!B:J,8,0), VLOOKUP(B226,'SINAPI COMP'!B:M,10,0))=0,VLOOKUP(B226,'OUTRAS BASES'!C:D,2,0),IF(A226=\"Insumo\", VLOOKUP(B226,'SINAPI INSUMOS'!B:J,8,0),VLOOKUP(B226,'SINAPI COMP'!B:M,10,0))), VLOOKUP(B226,'OUTRAS BASES'!C:D,2,0))","v":6.98},6.98]
["Insumo",7604,"SINAPI","TORNEIRA METALICA CROMADA PARA TANQUE / JARDIM, SEM BICO , CANO LONGO, DE PAREDE, PADRAO POPULAR / USO GERAL, 1/2 \" OU 3/4 \" (REF 1126)","Material",null,"UN",2,{"$f":"IF(C227=\"SINAPI\", IF( IF(A227=\"Insumo\", VLOOKUP(B227,'SINAPI INSUMOS'!B:J,8,0), VLOOKUP(B227,'SINAPI COMP'!B:M,10,0))=0,VLOOKUP(B227,'OUTRAS BASES'!C:D,2,0),IF(A227=\"Insumo\", VLOOKUP(B227,'SINAPI INSUMOS'!B:J,8,0),VLOOKUP(B227,'SINAPI COMP'!B:M,10,0))), VLOOKUP(B227,'OUTRAS BASES'!C:D,2,0))","v":48.32},96.64]
["Insumo",119,"SINAPI","ADESIVO PLASTICO PARA PVC, BISNAGA COM 75 GR","Material",null,"UN",1,{"$f":"IF(C228=\"SINAPI\", IF( IF(A228=\"Insumo\", VLOOKUP(B228,'SINAPI INSUMOS'!B:J,8,0), VLOOKUP(B228,'SINAPI COMP'!B:M,10,0))=0,VLOOKUP(B228,'OUTRAS BASES'!C:D,2,0),IF(A228=\"Insumo\", VLOOKUP(B228,'SINAPI INSUMOS'!B:J,8,0),VLOOKUP(B228,'SINAPI COMP'!B:M,10,0))), VLOOKUP(B228,'OUTRAS BASES'!C:D,2,0))","v":9.58},9.58]
["Insumo",3146,"SINAPI","FITA VEDA ROSCA EM ROLOS DE 18 MM X 10 M (L X C)","Material",null,"UN",1,{"$f":"IF(C229=\"SINAPI\", IF( IF(A229=\"Insumo\", VLOOKUP(B229,'SINAPI INSUMOS'!B:J,8,0), VLOOKUP(B229,'SINAPI COMP'!B:M,10,0))=0,VLOOKUP(B229,'OUTRAS BASES'!C:D,2,0),IF(A229=\"Insumo\", VLOOKUP(B229,'SINAPI INSUMOS'!B:J,8,0),VLOOKUP(B229,'SINAPI COMP'!B:M,10,0))), VLOOKUP(B229,'OUTRAS BASES'!C:D,2,0))","v":4},4]
["Insumo",771,"SINAPI","BUCHA DE REDUCAO DE FERRO GALVANIZADO, COM ROSCA BSP, DE 2\" X 1\"","Material",null,"UN",2,{"$f":"IF(C230=\"SINAPI\", IF( IF(A230=\"Insumo\", VLOOKUP(B230,'SINAPI INSUMOS'!B:J,8,0), VLOOKUP(B230,'SINAPI COMP'!B:M,10,0))=0,VLOOKUP(B230,'OUTRAS BASES'!C:D,2,0),IF(A230=\"Insumo\", VLOOKUP(B230,'SINAPI INSUMOS'!B:J,8,0),VLOOKUP(B230,'SINAPI COMP'!B:M,10,0))), VLOOKUP(B230,'OUTRAS BASES'!C:D,2,0))","v":27.76},55.52]
[]
[]
[]
[]
[" 8 ",null,null,"CAVALETE"]
[" 8.1 ","Código","Banco","Descrição","Tipo",null,"Und","Quant.","Valor Unit","Total"]
["Composição","COMPOSIÇÃO - 15","Próprio","Fornecimento de conexões e Instalação do Cavalete com hidrômetro e clorador de pastilhas","INHI - INSTALAÇÕES HIDROS SANITÁRIAS",null,"un",1,{"$f":"SUM(J238:J255)","v":2066.48},{"$f":"I237*H237","v":2066.48}]
["Composição Auxiliar",88248,"SINAPI","AUXILIAR DE ENCANADOR OU BOMBEIRO HIDRÁULICO COM ENCARGOS COMPLEMENTARES","Livro SINAPI: Cálculos e Parâmetros",null,"H",3,{"$f":"IF(C238=\"SINAPI\", IF( IF(A238=\"Insumo\", VLOOKUP(B238,'SINAPI INSUMOS'!B:J,8,0), VLOOKUP(B238,'SINAPI COMP'!B:M,10,0))=0,VLOOKUP(B238,'OUTRAS BASES'!C:D,2,0),IF(A238=\"Insumo\", VLOOKUP(B238,'SINAPI INSUMOS'!B:J,8,0),VLOOKUP(B238,'SINAPI COMP'!B:M,10,0))), VLOOKUP(B238,'OUTRAS BASES'!C:D,2,0))","v":24.48},73.44]
["Insumo","9860/SINAPI","ORSE","TUBO PVC, ROSCAVEL, 2\", PARA AGUA FRIA PREDIAL","Tubos e Conexões de PVC Rígido Roscável ",null,"m",1.5,{"$f":"IF(C239=\"SINAPI\", IF( IF(A239=\"Insumo\", VLOOKUP(B239,'SINAPI INSUMOS'!B:J,8,0), VLOOKUP(B239,'SINAPI COMP'!B:M,10,0))=0,VLOOKUP(B239,'OUTRAS BASES'!C:D,2,0),IF(A239=\"Insumo\", VLOOKUP(B239,'SINAPI INSUMOS'!B:J,8,0),VLOOKUP(B239,'SINAPI COMP'!B:M,10,0))), VLOOKUP(B239,'OUTRAS BASES'!C:D,2,0))","v":42.22},63.33]
["Insumo",11831,"SINAPI","TORNEIRA PLASTICA PARA TANQUE 1/2 \" OU 3/4 \" COM BICO PARA MANGUEIRA","Material",null,"UN",1,{"$f":"IF(C240=\"SINAPI\", IF( IF(A240=\"Insumo\", VLOOKUP(B240,'SINAPI INSUMOS'!B:J,8,0), VLOOKUP(B240,'SINAPI COMP'!B:M,10,0))=0,VLOOKUP(B240,'OUTRAS BASES'!C:D,2,0),IF(A240=\"Insumo\", VLOOKUP(B240,'SINAPI INSUMOS'!B:J,8,0),VLOOKUP(B240,'SINAPI COMP'!B:M,10,0))), VLOOKUP(B240,'OUTRAS BASES'!C:D,2,0))","v":19.510000000000002},19.510000000000002]
["Insumo",9569,"ORSE","Adaptador pvc BSxRM d= 35mm x 1 1/2\", linha Irriga-LF, Tigre ou similar un","Material",null,"un",1,{"$f":"IF(C241=\"SINAPI\", IF( IF(A241=\"Insumo\", VLOOKUP(B241,'SINAPI INSUMOS'!B:J,8,0), VLOOKUP(B241,'SINAPI COMP'!B:M,10,0))=0,VLOOKUP(B241,'OUTRAS BASES'!C:D,2,0),IF(A241=\"Insumo\", VLOOKUP(B241,'SINAPI INSUMOS'!B:J,8,0),VLOOKUP(B241,'SINAPI COMP'!B:M,10,0))), VLOOKUP(B241,'OUTRAS BASES'!C:D,2,0))","v":3.04},3.04]
["Insumo",3939,"SINAPI","LUVA DE FERRO GALVANIZADO, COM ROSCA BSP, DE 1 1/2\"","Material",null,"UN",1,{"$f":"IF(C242=\"SINAPI\", IF( IF(A242=\"Insumo\", VLOOKUP(B242,'SINAPI INSUMOS'!B:J,8,0), VLOOKUP(B242,'SINAPI COMP'!B:M,10,0))=0,VLOOKUP(B242,'OUTRAS BASES'!C:D,2,0),IF(A242=\"Insumo\", VLOOKUP(B242,'SINAPI INSUMOS'!B:J,8,0),VLOOKUP(B242,'SINAPI COMP'!B:M,10,0))), VLOOKUP(B242,'OUTRAS BASES'!C:D,2,0))","v":22.92},22.92]
["Insumo",1798,"SINAPI","CURVA 90 GRAUS DE FERRO GALVANIZADO, COM ROSCA BSP MACHO, DE 2\"","Material",null,"UN",1,{"$f":"IF(C243=\"SINAPI\", IF( IF(A243=\"Insumo\", VLOOKUP(B243,'SINAPI INSUMOS'!B:J,8,0), VLOOKUP(B243,'SINAPI COMP'!B:M,10,0))=0,VLOOKUP(B243,'OUTRAS BASES'!C:D,2,0),IF(A243=\"Insumo\", VLOOKUP(B243,'SINAPI INSUMOS'!B:J,8,0),VLOOKUP(B243,'SINAPI COMP'!B:M,10,0))), VLOOKUP(B243,'OUTRAS BASES'!C:D,2,0))","v":127.77},127.77]
["Insumo",9887,"SINAPI","UNIAO DE FERRO GALVANIZADO, COM ROSCA BSP, COM ASSENTO PLANO, DE 2\"","Material",null,"UN",1,{"$f":"IF(C244=\"SINAPI\", IF( IF(A244=\"Insumo\", VLOOKUP(B244,'SINAPI INSUMOS'!B:J,8,0), VLOOKUP(B244,'SINAPI COMP'!B:M,10,0))=0,VLOOKUP(B244,'OUTRAS BASES'!C:D,2,0),IF(A244=\"Insumo\", VLOOKUP(B244,'SINAPI INSUMOS'!B:J,8,0),VLOOKUP(B244,'SINAPI COMP'!B:M,10,0))), VLOOKUP(B244,'OUTRAS BASES'!C:D,2,0))","v":101.79},101.79]
["Insumo"," 00004181/SINAPI ","ORSE","Niple de ferro galvanizado, com rosca bsp, de 2\"","Material",null,"un",2,{"$f":"IF(C245=\"SINAPI\", IF( IF(A245=\"Insumo\", VLOOKUP(B245,'SINAPI INSUMOS'!B:J,8,0), VLOOKUP(B245,'SINAPI COMP'!B:M,10,0))=0,VLOOKUP(B245,'OUTRAS BASES'!C:D,2,0),IF(A245=\"Insumo\", VLOOKUP(B245,'SINAPI INSUMOS'!B:J,8,0),VLOOKUP(B245,'SINAPI COMP'!B:M,10,0))), VLOOKUP(B245,'OUTRAS BASES'!C:D,2,0))","v":36.64},73.28]
["Insumo",6028,"SINAPI","REGISTRO GAVETA BRUTO EM LATAO FORJADO, BITOLA 2 \" (REF 1509)","Material",null,"UN",1,{"$f":"IF(C246=\"SINAPI\", IF( IF(A246=\"Insumo\", VLOOKUP(B246,'SINAPI INSUMOS'!B:J,8,0), VLOOKUP(B246,'SINAPI COMP'!B:M,10,0))=0,VLOOKUP(B246,'OUTRAS BASES'!C:D,2,0),IF(A246=\"Insumo\", VLOOKUP(B246,'SINAPI INSUMOS'!B:J,8,0),VLOOKUP(B246,'SINAPI COMP'!B:M,10,0))), VLOOKUP(B246,'OUTRAS BASES'!C:D,2,0))","v":213.21},213.21]
["Insumo",12775,"SINAPI","HIDROMETRO MULTIJATO / MEDIDOR DE AGUA, DN 1\", VAZAO MAXIMA DE 7 M3/H, PARA AGUA POTAVEL FRIA, RELOJOARIA PLANA, CLASSE B, HORIZONTAL (SEM CONEXOES)","Material",null,"UN",1,{"$f":"IF(C247=\"SINAPI\", IF( IF(A247=\"Insumo\", VLOOKUP(B247,'SINAPI INSUMOS'!B:J,8,0), VLOOKUP(B247,'SINAPI COMP'!B:M,10,0))=0,VLOOKUP(B247,'OUTRAS BASES'!C:D,2,0),IF(A247=\"Insumo\", VLOOKUP(B247,'SINAPI INSUMOS'!B:J,8,0),VLOOKUP(B247,'SINAPI COMP'!B:M,10,0))), VLOOKUP(B247,'OUTRAS BASES'!C:D,2,0))","v":524.58000000000004},524.58000000000004]
["Insumo",771,"SINAPI","BUCHA DE REDUCAO DE FERRO GALVANIZADO, COM ROSCA BSP, DE 2\" X 1\"","Material",null,"UN",2,{"$f":"IF(C248=\"SINAPI\", IF( IF(A248=\"Insumo\", VLOOKUP(B248,'SINAPI INSUMOS'!B:J,8,0), VLOOKUP(B248,'SINAPI COMP'!B:M,10,0))=0,VLOOKUP(B248,'OUTRAS BASES'!C:D,2,0),IF(A248=\"Insumo\", VLOOKUP(B248,'SINAPI INSUMOS'!B:J,8,0),VLOOKUP(B248,'SINAPI COMP'!B:M,10,0))), VLOOKUP(B248,'OUTRAS BASES'!C:D,2,0))","v":27.76},55.52]
["Insumo",6305,"SINAPI","TE DE REDUCAO DE FERRO GALVANIZADO, COM ROSCA BSP, DE 2\" X 1\"","Material",null,"UN",1,{"$f":"IF(C249=\"SINAPI\", IF( IF(A249=\"Insumo\", VLOOKUP(B249,'SINAPI INSUMOS'!B:J,8,0), VLOOKUP(B249,'SINAPI COMP'!B:M,10,0))=0,VLOOKUP(B249,'OUTRAS BASES'!C:D,2,0),IF(A249=\"Insumo\", VLOOKUP(B249,'SINAPI INSUMOS'!B:J,8,0),VLOOKUP(B249,'SINAPI COMP'!B:M,10,0))), VLOOKUP(B249,'OUTRAS BASES'!C:D,2,0))","v":73.400000000000006},73.400000000000006]
["Insumo",764,"SINAPI","BUCHA DE REDUCAO DE FERRO GALVANIZADO, COM ROSCA BSP, DE 1\" X 1/2\"\t","Material",null,"UN",1,{"$f":"IF(C250=\"SINAPI\", IF( IF(A250=\"Insumo\", VLOOKUP(B250,'SINAPI INSUMOS'!B:J,8,0), VLOOKUP(B250,'SINAPI COMP'!B:M,10,0))=0,VLOOKUP(B250,'OUTRAS BASES'!C:D,2,0),IF(A250=\"Insumo\", VLOOKUP(B250,'SINAPI INSUMOS'!B:J,8,0),VLOOKUP(B250,'SINAPI COMP'!B:M,10,0))), VLOOKUP(B250,'OUTRAS BASES'!C:D,2,0))","v":10},10]
["Insumo",5128,"ORSE","Tampa de poço galvanizada em 6\"","Material",null,"UN",1,{"$f":"IF(C251=\"SINAPI\", IF( IF(A251=\"Insumo\", VLOOKUP(B251,'SINAPI INSUMOS'!B:J,8,0), VLOOKUP(B251,'SINAPI COMP'!B:M,10,0))=0,VLOOKUP(B251,'OUTRAS BASES'!C:D,2,0),IF(A251=\"Insumo\", VLOOKUP(B251,'SINAPI INSUMOS'!B:J,8,0),VLOOKUP(B251,'SINAPI COMP'!B:M,10,0))), VLOOKUP(B251,'OUTRAS BASES'!C:D,2,0))","v":107.28},107.28]
["Insumo",1160,"ORSE","Joelho 45° ferro galvanizado d=2\"","Material",null,"UN",2,{"$f":"IF(C252=\"SINAPI\", IF( IF(A252=\"Insumo\", VLOOKUP(B252,'SINAPI INSUMOS'!B:J,8,0), VLOOKUP(B252,'SINAPI COMP'!B:M,10,0))=0,VLOOKUP(B252,'OUTRAS BASES'!C:D,2,0),IF(A252=\"Insumo\", VLOOKUP(B252,'SINAPI INSUMOS'!B:J,8,0),VLOOKUP(B252,'SINAPI COMP'!B:M,10,0))), VLOOKUP(B252,'OUTRAS BASES'!C:D,2,0))","v":54.39},108.78]
["Insumo",53688,"SBC","VALVULA DE RETENCAO HORIZONTAL EM LATAO, ROSCA BSP 2\"\t","Material",null,"UN",1,{"$f":"IF(C253=\"SINAPI\", IF( IF(A253=\"Insumo\", VLOOKUP(B253,'SINAPI INSUMOS'!B:J,8,0), VLOOKUP(B253,'SINAPI COMP'!B:M,10,0))=0,VLOOKUP(B253,'OUTRAS BASES'!C:D,2,0),IF(A253=\"Insumo\", VLOOKUP(B253,'SINAPI INSUMOS'!B:J,8,0),VLOOKUP(B253,'SINAPI COMP'!B:M,10,0))), VLOOKUP(B253,'OUTRAS BASES'!C:D,2,0))","v":192.66},{"$f":"I253*H253","v":192.66}]
["Insumo",4194,"SINAPI","NIPLE DE REDUCAO DE FERRO GALVANIZADO, COM ROSCA BSP, DE 2\" X 1 1/2\"","Material",null,"UN",1,{"$f":"IF(C254=\"SINAPI\", IF( IF(A254=\"Insumo\", VLOOKUP(B254,'SINAPI INSUMOS'!B:J,8,0), VLOOKUP(B254,'SINAPI COMP'!B:M,10,0))=0,VLOOKUP(B254,'OUTRAS BASES'!C:D,2,0),IF(A254=\"Insumo\", VLOOKUP(B254,'SINAPI INSUMOS'!B:J,8,0),VLOOKUP(B254,'SINAPI COMP'!B:M,10,0))), VLOOKUP(B254,'OUTRAS BASES'!C:D,2,0))","v":45},{"$f":"I254*H254","v":45}]
["Insumo",12464,"ORSE","Clorador dosador de cloro de pastilhas automático","Material",null,"un",1,{"$f":"IF(C255=\"SINAPI\", IF( IF(A255=\"Insumo\", VLOOKUP(B255,'SINAPI INSUMOS'!B:J,8,0), VLOOKUP(B255,'SINAPI COMP'!B:M,10,0))=0,VLOOKUP(B255,'OUTRAS BASES'!C:D,2,0),IF(A255=\"Insumo\", VLOOKUP(B255,'SINAPI INSUMOS'!B:J,8,0),VLOOKUP(B255,'SINAPI COMP'!B:M,10,0))), VLOOKUP(B255,'OUTRAS BASES'!C:D,2,0))","v":250.97},{"$f":"I255*H255","v":250.97}]
[]
[]
[]
[]
[" 9 ",null,null,"INSTALAÇÕES HIDRÁULICAS POÇO E ADUTORA"]
[" 9.1 ","Código","Banco","Descrição","Tipo",null,"Und","Quant.","Valor Unit","Total"]
["Composição","COMPOSIÇÃO - 16","Próprio","Instalação da rede adutora poço-reservatório-bebedouro em PN80 e DN50MM","SEDI - SERVIÇOS DIVERSOS",null,"m",1,{"$f":"SUM(J263:J265)","v":6.5675000000000008},{"$f":"I262*H262","v":6.5675000000000008}]
["Composição Auxiliar",88316,"SINAPI","SERVENTE COM ENCARGOS COMPLEMENTARES","Livro SINAPI: Cálculos e Parâmetros",null,"H",0.05,{"$f":"IF(C263=\"SINAPI\", IF( IF(A263=\"Insumo\", VLOOKUP(B263,'SINAPI INSUMOS'!B:J,8,0), VLOOKUP(B263,'SINAPI COMP'!B:M,10,0))=0,VLOOKUP(B263,'OUTRAS BASES'!C:D,2,0),IF(A263=\"Insumo\", VLOOKUP(B263,'SINAPI INSUMOS'!B:J,8,0),VLOOKUP(B263,'SINAPI COMP'!B:M,10,0))), VLOOKUP(B263,'OUTRAS BASES'!C:D,2,0))","v":22.64},1.1320000000000001]
["Composição Auxiliar",93358,"SINAPI","ESCAVAÇÃO MANUAL DE VALA COM PROFUNDIDADE MENOR OU IGUAL A 1,30 M. AF_02/2021","Escavação de Valas",null,"m³",0.05,{"$f":"IF(C264=\"SINAPI\", IF( IF(A264=\"Insumo\", VLOOKUP(B264,'SINAPI INSUMOS'!B:J,8,0), VLOOKUP(B264,'SINAPI COMP'!B:M,10,0))=0,VLOOKUP(B264,'OUTRAS BASES'!C:D,2,0),IF(A264=\"Insumo\", VLOOKUP(B264,'SINAPI INSUMOS'!B:J,8,0),VLOOKUP(B264,'SINAPI COMP'!B:M,10,0))), VLOOKUP(B264,'OUTRAS BASES'!C:D,2,0))","v":89.55},4.4775]
["Insumo",119,"SINAPI","ADESIVO PLASTICO PARA PVC, BISNAGA COM 75 GR","Material",null,"UN",0.1,{"$f":"IF(C265=\"SINAPI\", IF( IF(A265=\"Insumo\", VLOOKUP(B265,'SINAPI INSUMOS'!B:J,8,0), VLOOKUP(B265,'SINAPI COMP'!B:M,10,0))=0,VLOOKUP(B265,'OUTRAS BASES'!C:D,2,0),IF(A265=\"Insumo\", VLOOKUP(B265,'SINAPI INSUMOS'!B:J,8,0),VLOOKUP(B265,'SINAPI COMP'!B:M,10,0))), VLOOKUP(B265,'OUTRAS BASES'!C:D,2,0))","v":9.58},0.95800000000000007]
[]
[" 9.2 ","Código","Banco","Descrição","Tipo",null,"Und","Quant.","Valor Unit","Total"]
["Insumo",9875,"SINAPI","TUBO PVC, SOLDAVEL, DE 50 MM, AGUA FRIA (NBR-5648)","MATERIAL",null,"un",1,{"$f":"IF(C268=\"SINAPI\", IF( IF(A268=\"Insumo\", VLOOKUP(B268,'SINAPI INSUMOS'!B:J,8,0), VLOOKUP(B268,'SINAPI COMP'!B:M,10,0))=0,VLOOKUP(B268,'OUTRAS BASES'!C:D,2,0),IF(A268=\"Insumo\", VLOOKUP(B268,'SINAPI INSUMOS'!B:J,8,0),VLOOKUP(B268,'SINAPI COMP'!B:M,10,0))), VLOOKUP(B268,'OUTRAS BASES'!C:D,2,0))","v":15.8},{"$f":"I268*H268","v":15.8}]
[]
[]
[]
[]
[" 9.3","Código","Banco","Descrição","Tipo",null,"Und","Quant.","Valor Unit","Total"]
["Composição","COMPOSIÇÃO - 17","Próprio","Montagem hidráulica do equipamento de bombeamento","INHI - INSTALAÇÕES HIDROS SANITÁRIAS",null,"un",1,{"$f":"SUM(J275:J276)","v":164.88},{"$f":"I274*H274","v":164.88}]
["Composição Auxiliar",88267,"SINAPI","ENCANADOR OU BOMBEIRO HIDRÁULICO COM ENCARGOS COMPLEMENTARES","Livro SINAPI: Cálculos e Parâmetros",null,"H",3,{"$f":"IF(C275=\"SINAPI\", IF( IF(A275=\"Insumo\", VLOOKUP(B275,'SINAPI INSUMOS'!B:J,8,0), VLOOKUP(B275,'SINAPI COMP'!B:M,10,0))=0,VLOOKUP(B275,'OUTRAS BASES'!C:D,2,0),IF(A275=\"Insumo\", VLOOKUP(B275,'SINAPI INSUMOS'!B:J,8,0),VLOOKUP(B275,'SINAPI COMP'!B:M,10,0))), VLOOKUP(B275,'OUTRAS BASES'!C:D,2,0))","v":30.48},91.44]
["Composição Auxiliar",88248,"SINAPI","AUXILIAR DE ENCANADOR OU BOMBEIRO HIDRÁULICO COM ENCARGOS COMPLEMENTARES","Livro SINAPI: Cálculos e Parâmetros",null,"H",3,{"$f":"IF(C276=\"SINAPI\", IF( IF(A276=\"Insumo\", VLOOKUP(B276,'SINAPI INSUMOS'!B:J,8,0), VLOOKUP(B276,'SINAPI COMP'!B:M,10,0))=0,VLOOKUP(B276,'OUTRAS BASES'!C:D,2,0),IF(A276=\"Insumo\", VLOOKUP(B276,'SINAPI INSUMOS'!B:J,8,0),VLOOKUP(B276,'SINAPI COMP'!B:M,10,0))), VLOOKUP(B276,'OUTRAS BASES'!C:D,2,0))","v":24.48},73.44]
[]
[]
[]
[]
[" 9.4","Código","Banco","Descrição","Tipo",null,"Und","Quant.","Valor Unit","Total"]
["Insumo",38200,"SINAPI","CORDA DE POLIAMIDA 12 MM TIPO BOMBEIRO, PARA TRABALHO EM ALTURA","Material",null,"100M",1,{"$f":"IF(C282=\"SINAPI\", IF( IF(A282=\"Insumo\", VLOOKUP(B282,'SINAPI INSUMOS'!B:J,8,0), VLOOKUP(B282,'SINAPI COMP'!B:M,10,0))=0,VLOOKUP(B282,'OUTRAS BASES'!C:D,2,0),IF(A282=\"Insumo\", VLOOKUP(B282,'SINAPI INSUMOS'!B:J,8,0),VLOOKUP(B282,'SINAPI COMP'!B:M,10,0))), VLOOKUP(B282,'OUTRAS BASES'!C:D,2,0))","v":393.71},{"$f":"I282*H282","v":393.71}]
[]
[]
[]
[]
[" 9.5","Código","Banco","Descrição","Tipo",null,"Und","Quant.","Valor Unit","Total"]
["Insumo",9860,"SINAPI","TUBO PVC, ROSCAVEL,  2\", PARA AGUA FRIA PREDIAL","Material",null,"M",1,{"$f":"IF(C288=\"SINAPI\", IF( IF(A288=\"Insumo\", VLOOKUP(B288,'SINAPI INSUMOS'!B:J,8,0), VLOOKUP(B288,'SINAPI COMP'!B:M,10,0))=0,VLOOKUP(B288,'OUTRAS BASES'!C:D,2,0),IF(A288=\"Insumo\", VLOOKUP(B288,'SINAPI INSUMOS'!B:J,8,0),VLOOKUP(B288,'SINAPI COMP'!B:M,10,0))), VLOOKUP(B288,'OUTRAS BASES'!C:D,2,0))","v":45.89},{"$f":"I288*H288","v":45.89}]
[]
[]
[]
[]
[" 9.6","Código","Banco","Descrição","Tipo",null,"Und","Quant.","Valor Unit","Total"]
["Insumo",3912,"SINAPI","LUVA DE FERRO GALVANIZADO, COM ROSCA BSP, DE 2\"","Material",null,"UN",1,{"$f":"IF(C294=\"SINAPI\", IF( IF(A294=\"Insumo\", VLOOKUP(B294,'SINAPI INSUMOS'!B:J,8,0), VLOOKUP(B294,'SINAPI COMP'!B:M,10,0))=0,VLOOKUP(B294,'OUTRAS BASES'!C:D,2,0),IF(A294=\"Insumo\", VLOOKUP(B294,'SINAPI INSUMOS'!B:J,8,0),VLOOKUP(B294,'SINAPI COMP'!B:M,10,0))), VLOOKUP(B294,'OUTRAS BASES'!C:D,2,0))","v":35.1},{"$f":"I294*H294","v":35.1}]
[]
[]
[]
[]
[" 9.7","Código","Banco","Descrição","Tipo",null,"Und","Quant.","Valor Unit","Total"]
["Insumo",5128,"ORSE","Tampa de poço galvanizada em 6\" un","Serviços",null,"un",1,{"$f":"IF(C300=\"SINAPI\", IF( IF(A300=\"Insumo\", VLOOKUP(B300,'SINAPI INSUMOS'!B:J,8,0), VLOOKUP(B300,'SINAPI COMP'!B:M,10,0))=0,VLOOKUP(B300,'OUTRAS BASES'!C:D,2,0),IF(A300=\"Insumo\", VLOOKUP(B300,'SINAPI INSUMOS'!B:J,8,0),VLOOKUP(B300,'SINAPI COMP'!B:M,10,0))), VLOOKUP(B300,'OUTRAS BASES'!C:D,2,0))","v":107.28},{"$f":"I300*H300","v":107.28}]
[]
[]
[]
[]
[10,null,null,"ESTRUTURA DE FIXAÇÃO PARA MÓDULOS FOTOVOLTÁICOS"]
["10.1","Código","Banco","Descrição","Tipo",null,"Und","Quant.","Valor Unit","Total"]
["Composição","COMPOSIÇÃO - 18","Próprio","Serviço de fixação de estruturas para os módulos fotovoltaicos e suportes de concreto, incluso materiais.","SEDI - SERVIÇOS DIVERSOS",null,"m²",1,{"$f":"SUM(J308:J310)","v":104.017572},{"$f":"I307*H307","v":104.017572}]
["Composição Auxiliar",94975,"SINAPI","CONCRETO FCK = 15MPA, TRAÇO 1:3,4:3,5 (EM MASSA SECA DE CIMENTO/ AREIA MÉDIA/ BRITA 1) - PREPARO MANUAL. AF_05/2021","Produção de Concreto",null,"m³",0.09,{"$f":"IF(C308=\"SINAPI\", IF( IF(A308=\"Insumo\", VLOOKUP(B308,'SINAPI INSUMOS'!B:J,8,0), VLOOKUP(B308,'SINAPI COMP'!B:M,10,0))=0,VLOOKUP(B308,'OUTRAS BASES'!C:D,2,0),IF(A308=\"Insumo\", VLOOKUP(B308,'SINAPI INSUMOS'!B:J,8,0),VLOOKUP(B308,'SINAPI COMP'!B:M,10,0))), VLOOKUP(B308,'OUTRAS BASES'!C:D,2,0))","v":561.54},50.538599999999995]
["Composição Auxiliar",96522,"SINAPI","ESCAVAÇÃO MANUAL PARA BLOCO DE COROAMENTO OU SAPATA (SEM ESCAVAÇÃO PARA COLOCAÇÃO DE FÔRMAS). AF_01/2024","Fundações Rasas (Blocos, Sapatas, Vigas Baldrame)",null,"m³",6.1999999999999998E-3,{"$f":"IF(C309=\"SINAPI\", IF( IF(A309=\"Insumo\", VLOOKUP(B309,'SINAPI INSUMOS'!B:J,8,0), VLOOKUP(B309,'SINAPI COMP'!B:M,10,0))=0,VLOOKUP(B309,'OUTRAS BASES'!C:D,2,0),IF(A309=\"Insumo\", VLOOKUP(B309,'SINAPI INSUMOS'!B:J,8,0),VLOOKUP(B309,'SINAPI COMP'!B:M,10,0))), VLOOKUP(B309,'OUTRAS BASES'!C:D,2,0))","v":153.06},0.94897199999999993]
["Insumo",4183,"SBC","ESTRUTURA METALICA EM TESOURAS OU TRELICAS, VÃO LIVRE DE 12M, FORNECIMENTO E MONTAGEM ","Material",null,"m²",1,{"$f":"IF(C310=\"SINAPI\", IF( IF(A310=\"Insumo\", VLOOKUP(B310,'SINAPI INSUMOS'!B:J,8,0), VLOOKUP(B310,'SINAPI COMP'!B:M,10,0))=0,VLOOKUP(B310,'OUTRAS BASES'!C:D,2,0),IF(A310=\"Insumo\", VLOOKUP(B310,'SINAPI INSUMOS'!B:J,8,0),VLOOKUP(B310,'SINAPI COMP'!B:M,10,0))), VLOOKUP(B310,'OUTRAS BASES'!C:D,2,0))","v":52.53},52.53]
[]
[]
[]
[]
[11,null,null,"INSTALAÇÕES ELÉTRICAS"]
["11.1","Código","Banco","Descrição","Tipo",null,"Und","Quant.","Valor Unit","Total"]
["Composição","COMPOSIÇÃO - 19","Próprio","Montagem e instalação elétrica do kit de bombeamento e sistema fotovoltaico inclusive sistema de aterramento.","INEL - INSTALAÇÃO ELÉTRICA/ELETRIFICAÇÃO E ILUMINAÇÃO EXTERNA",null,"un",1,{"$f":"SUM(J318:J328)","v":1059.6075999999998},{"$f":"I317*H317","v":1059.6075999999998}]
["Composição Auxiliar",88247,"SINAPI","AUXILIAR DE ELETRICISTA COM ENCARGOS COMPLEMENTARES","Livro SINAPI: Cálculos e Parâmetros",null,"H",8,{"$f":"IF(C318=\"SINAPI\", IF( IF(A318=\"Insumo\", VLOOKUP(B318,'SINAPI INSUMOS'!B:J,8,0), VLOOKUP(B318,'SINAPI COMP'!B:M,10,0))=0,VLOOKUP(B318,'OUTRAS BASES'!C:D,2,0),IF(A318=\"Insumo\", VLOOKUP(B318,'SINAPI INSUMOS'!B:J,8,0),VLOOKUP(B318,'SINAPI COMP'!B:M,10,0))), VLOOKUP(B318,'OUTRAS BASES'!C:D,2,0))","v":25.52},204.16]
["Insumo",20111,"SINAPI","FITA ISOLANTE ADESIVA ANTICHAMA, USO ATE 750 V, EM ROLO DE 19 MM X 20 M","Material",null,"UN",1,{"$f":"IF(C319=\"SINAPI\", IF( IF(A319=\"Insumo\", VLOOKUP(B319,'SINAPI INSUMOS'!B:J,8,0), VLOOKUP(B319,'SINAPI COMP'!B:M,10,0))=0,VLOOKUP(B319,'OUTRAS BASES'!C:D,2,0),IF(A319=\"Insumo\", VLOOKUP(B319,'SINAPI INSUMOS'!B:J,8,0),VLOOKUP(B319,'SINAPI COMP'!B:M,10,0))), VLOOKUP(B319,'OUTRAS BASES'!C:D,2,0))","v":9.76},9.76]
["Insumo",2674,"SINAPI","FORNECIMENTO DE  ELETRODUTO DE PVC RIGIDO ROSCAVEL DE 3/4 \", SEM LUVA","Material",null,"M",15,{"$f":"IF(C320=\"SINAPI\", IF( IF(A320=\"Insumo\", VLOOKUP(B320,'SINAPI INSUMOS'!B:J,8,0), VLOOKUP(B320,'SINAPI COMP'!B:M,10,0))=0,VLOOKUP(B320,'OUTRAS BASES'!C:D,2,0),IF(A320=\"Insumo\", VLOOKUP(B320,'SINAPI INSUMOS'!B:J,8,0),VLOOKUP(B320,'SINAPI COMP'!B:M,10,0))), VLOOKUP(B320,'OUTRAS BASES'!C:D,2,0))","v":5.44},81.600000000000009]
["Insumo",12034,"SINAPI","FORNECIMENTO DE  CURVA 180 GRAUS, DE PVC RIGIDO ROSCAVEL, DE 3/4\", PARA ELETRODUTO","Material",null,"UN",1,{"$f":"IF(C321=\"SINAPI\", IF( IF(A321=\"Insumo\", VLOOKUP(B321,'SINAPI INSUMOS'!B:J,8,0), VLOOKUP(B321,'SINAPI COMP'!B:M,10,0))=0,VLOOKUP(B321,'OUTRAS BASES'!C:D,2,0),IF(A321=\"Insumo\", VLOOKUP(B321,'SINAPI INSUMOS'!B:J,8,0),VLOOKUP(B321,'SINAPI COMP'!B:M,10,0))), VLOOKUP(B321,'OUTRAS BASES'!C:D,2,0))","v":5.75},5.75]
["Insumo",39272,"SINAPI","FORNECIMENTO DE  CURVA 90 GRAUS, CURTA, DE PVC RIGIDO ROSCAVEL, DE 3/4\", PARA ELETRODUTO","Material",null,"UN",2,{"$f":"IF(C322=\"SINAPI\", IF( IF(A322=\"Insumo\", VLOOKUP(B322,'SINAPI INSUMOS'!B:J,8,0), VLOOKUP(B322,'SINAPI COMP'!B:M,10,0))=0,VLOOKUP(B322,'OUTRAS BASES'!C:D,2,0),IF(A322=\"Insumo\", VLOOKUP(B322,'SINAPI INSUMOS'!B:J,8,0),VLOOKUP(B322,'SINAPI COMP'!B:M,10,0))), VLOOKUP(B322,'OUTRAS BASES'!C:D,2,0))","v":3.14},6.28]
["Insumo",3379,"SINAPI","HASTE DE ATERRAMENTO EM ACO COM 3,00 M DE COMPRIMENTO E DN = 5/8\", REVESTIDA COM BAIXA CAMADA DE COBRE, SEM CONECTOR","Material",null,"UN",0.66,{"$f":"IF(C323=\"SINAPI\", IF( IF(A323=\"Insumo\", VLOOKUP(B323,'SINAPI INSUMOS'!B:J,8,0), VLOOKUP(B323,'SINAPI COMP'!B:M,10,0))=0,VLOOKUP(B323,'OUTRAS BASES'!C:D,2,0),IF(A323=\"Insumo\", VLOOKUP(B323,'SINAPI INSUMOS'!B:J,8,0),VLOOKUP(B323,'SINAPI COMP'!B:M,10,0))), VLOOKUP(B323,'OUTRAS BASES'!C:D,2,0))","v":95.61},63.102600000000002]
["Insumo",1891,"SINAPI","FORNECIMENTO DE  LUVA EM PVC RIGIDO ROSCAVEL, DE 3/4\", PARA ELETRODUTO","Material",null,"UN",9,{"$f":"IF(C324=\"SINAPI\", IF( IF(A324=\"Insumo\", VLOOKUP(B324,'SINAPI INSUMOS'!B:J,8,0), VLOOKUP(B324,'SINAPI COMP'!B:M,10,0))=0,VLOOKUP(B324,'OUTRAS BASES'!C:D,2,0),IF(A324=\"Insumo\", VLOOKUP(B324,'SINAPI INSUMOS'!B:J,8,0),VLOOKUP(B324,'SINAPI COMP'!B:M,10,0))), VLOOKUP(B324,'OUTRAS BASES'!C:D,2,0))","v":1.45},13.049999999999999]
["Insumo",425,"SINAPI","GRAMPO METALICO TIPO OLHAL PARA HASTE DE ATERRAMENTO DE 5/8'', CONDUTOR DE *10* A 50 MM2","Material",null,"UN",2,{"$f":"IF(C325=\"SINAPI\", IF( IF(A325=\"Insumo\", VLOOKUP(B325,'SINAPI INSUMOS'!B:J,8,0), VLOOKUP(B325,'SINAPI COMP'!B:M,10,0))=0,VLOOKUP(B325,'OUTRAS BASES'!C:D,2,0),IF(A325=\"Insumo\", VLOOKUP(B325,'SINAPI INSUMOS'!B:J,8,0),VLOOKUP(B325,'SINAPI COMP'!B:M,10,0))), VLOOKUP(B325,'OUTRAS BASES'!C:D,2,0))","v":9.07},18.14]
["Insumo",34643,"SINAPI","FORNECIMENTO DE  CAIXA DE INSPECAO PARA ATERRAMENTO E PARA RAIOS, EM POLIPROPILENO,  DIAMETRO = 300 MM X ALTURA = 400 MM","Material",null,"UN",2,{"$f":"IF(C326=\"SINAPI\", IF( IF(A326=\"Insumo\", VLOOKUP(B326,'SINAPI INSUMOS'!B:J,8,0), VLOOKUP(B326,'SINAPI COMP'!B:M,10,0))=0,VLOOKUP(B326,'OUTRAS BASES'!C:D,2,0),IF(A326=\"Insumo\", VLOOKUP(B326,'SINAPI INSUMOS'!B:J,8,0),VLOOKUP(B326,'SINAPI COMP'!B:M,10,0))), VLOOKUP(B326,'OUTRAS BASES'!C:D,2,0))","v":41.81},83.62]
["Insumo",867,"SINAPI","CABO DE COBRE NU 50 MM2 MEIO-DURO","Material",null,"M",7.5,{"$f":"IF(C327=\"SINAPI\", IF( IF(A327=\"Insumo\", VLOOKUP(B327,'SINAPI INSUMOS'!B:J,8,0), VLOOKUP(B327,'SINAPI COMP'!B:M,10,0))=0,VLOOKUP(B327,'OUTRAS BASES'!C:D,2,0),IF(A327=\"Insumo\", VLOOKUP(B327,'SINAPI INSUMOS'!B:J,8,0),VLOOKUP(B327,'SINAPI COMP'!B:M,10,0))), VLOOKUP(B327,'OUTRAS BASES'!C:D,2,0))","v":56.27},422.02500000000003]
["Insumo",54581,"SIURB INFRA","DPS - DISPOSITIVO DE PROTEÇÃO CONTRA SURTOS – 45KA – 500 VOLTS - CORRENTE CONTÍNUA - CLASSE II - P/ SISTEMA FOTOVOLTÁICO","Material",null,"Un",1,{"$f":"IF(C328=\"SINAPI\", IF( IF(A328=\"Insumo\", VLOOKUP(B328,'SINAPI INSUMOS'!B:J,8,0), VLOOKUP(B328,'SINAPI COMP'!B:M,10,0))=0,VLOOKUP(B328,'OUTRAS BASES'!C:D,2,0),IF(A328=\"Insumo\", VLOOKUP(B328,'SINAPI INSUMOS'!B:J,8,0),VLOOKUP(B328,'SINAPI COMP'!B:M,10,0))), VLOOKUP(B328,'OUTRAS BASES'!C:D,2,0))","v":152.12},152.12]
[]
[]
[]
[]
["11.2","Código","Banco","Descrição","Tipo",null,"Und","Quant.","Valor Unit","Total"]
["Insumo",34622,"SINAPI","FORNECIMENTO DE  CABO FLEXIVEL PVC 750 V, 3 CONDUTORES DE 6,0 MM2","Material",null,"M",1,{"$f":"IF(C334=\"SINAPI\", IF( IF(A334=\"Insumo\", VLOOKUP(B334,'SINAPI INSUMOS'!B:J,8,0), VLOOKUP(B334,'SINAPI COMP'!B:M,10,0))=0,VLOOKUP(B334,'OUTRAS BASES'!C:D,2,0),IF(A334=\"Insumo\", VLOOKUP(B334,'SINAPI INSUMOS'!B:J,8,0),VLOOKUP(B334,'SINAPI COMP'!B:M,10,0))), VLOOKUP(B334,'OUTRAS BASES'!C:D,2,0))","v":22.12},{"$f":"I334*H334","v":22.12}]
[]
[]
[]
[]
["11.3","Código","Banco","Descrição","Tipo",null,"Und","Quant.","Valor Unit","Total"]
["Composição","COMPOSIÇÃO - 20","Próprio","Fornecimento e instalação de automático de bóia superior e inferior","ASTU - ASSENTAMENTO DE TUBOS E PECAS",null,"un",1,{"$f":"SUM(J341:J345)","v":64.899000000000001},{"$f":"I340*H340","v":64.899000000000001}]
["Composição Auxiliar",88264,"SINAPI","ELETRICISTA COM ENCARGOS COMPLEMENTARES","Livro SINAPI: Cálculos e Parâmetros",null,"H",0.2,{"$f":"IF(C341=\"SINAPI\", IF( IF(A341=\"Insumo\", VLOOKUP(B341,'SINAPI INSUMOS'!B:J,8,0), VLOOKUP(B341,'SINAPI COMP'!B:M,10,0))=0,VLOOKUP(B341,'OUTRAS BASES'!C:D,2,0),IF(A341=\"Insumo\", VLOOKUP(B341,'SINAPI INSUMOS'!B:J,8,0),VLOOKUP(B341,'SINAPI COMP'!B:M,10,0))), VLOOKUP(B341,'OUTRAS BASES'!C:D,2,0))","v":31.63},6.3260000000000005]
["Composição Auxiliar",88247,"SINAPI","AUXILIAR DE ELETRICISTA COM ENCARGOS COMPLEMENTARES","Livro SINAPI: Cálculos e Parâmetros",null,"H",0.2,{"$f":"IF(C342=\"SINAPI\", IF( IF(A342=\"Insumo\", VLOOKUP(B342,'SINAPI INSUMOS'!B:J,8,0), VLOOKUP(B342,'SINAPI COMP'!B:M,10,0))=0,VLOOKUP(B342,'OUTRAS BASES'!C:D,2,0),IF(A342=\"Insumo\", VLOOKUP(B342,'SINAPI INSUMOS'!B:J,8,0),VLOOKUP(B342,'SINAPI COMP'!B:M,10,0))), VLOOKUP(B342,'OUTRAS BASES'!C:D,2,0))","v":25.52},5.1040000000000001]
["Insumo",7588,"SINAPI","AUTOMATICO DE BOIA SUPERIOR / INFERIOR, *15* A / 250 V","Material",null,"UN",1,{"$f":"IF(C343=\"SINAPI\", IF( IF(A343=\"Insumo\", VLOOKUP(B343,'SINAPI INSUMOS'!B:J,8,0), VLOOKUP(B343,'SINAPI COMP'!B:M,10,0))=0,VLOOKUP(B343,'OUTRAS BASES'!C:D,2,0),IF(A343=\"Insumo\", VLOOKUP(B343,'SINAPI INSUMOS'!B:J,8,0),VLOOKUP(B343,'SINAPI COMP'!B:M,10,0))), VLOOKUP(B343,'OUTRAS BASES'!C:D,2,0))","v":52.5},52.5]
["Insumo",21127,"SINAPI","FITA ISOLANTE ADESIVA ANTICHAMA, USO ATE 750 V, EM ROLO DE 19 MM X 5 M","Material",null,"UN",0.1,{"$f":"IF(C344=\"SINAPI\", IF( IF(A344=\"Insumo\", VLOOKUP(B344,'SINAPI INSUMOS'!B:J,8,0), VLOOKUP(B344,'SINAPI COMP'!B:M,10,0))=0,VLOOKUP(B344,'OUTRAS BASES'!C:D,2,0),IF(A344=\"Insumo\", VLOOKUP(B344,'SINAPI INSUMOS'!B:J,8,0),VLOOKUP(B344,'SINAPI COMP'!B:M,10,0))), VLOOKUP(B344,'OUTRAS BASES'!C:D,2,0))","v":3.69},0.36899999999999999]
["Insumo",3146,"SINAPI","FITA VEDA ROSCA EM ROLOS DE 18 MM X 10 M (L X C)","Material",null,"UN",0.15,{"$f":"IF(C345=\"SINAPI\", IF( IF(A345=\"Insumo\", VLOOKUP(B345,'SINAPI INSUMOS'!B:J,8,0), VLOOKUP(B345,'SINAPI COMP'!B:M,10,0))=0,VLOOKUP(B345,'OUTRAS BASES'!C:D,2,0),IF(A345=\"Insumo\", VLOOKUP(B345,'SINAPI INSUMOS'!B:J,8,0),VLOOKUP(B345,'SINAPI COMP'!B:M,10,0))), VLOOKUP(B345,'OUTRAS BASES'!C:D,2,0))","v":4},0.6]
[]
[]
[]
[]
["11.4","Código","Banco","Descrição","Tipo",null,"Und","Quant.","Valor Unit","Total"]
["Insumo",39257,"SINAPI","CABO MULTIPOLAR DE COBRE, FLEXIVEL, CLASSE 4 OU 5, ISOLACAO EM HEPR, COBERTURA EM PVC-ST2, ANTICHAMA BWF-B, 0,6/1 KV, 3 CONDUTORES DE 1,5 MM2","Material",null,"M",1,{"$f":"IF(C351=\"SINAPI\", IF( IF(A351=\"Insumo\", VLOOKUP(B351,'SINAPI INSUMOS'!B:J,8,0), VLOOKUP(B351,'SINAPI COMP'!B:M,10,0))=0,VLOOKUP(B351,'OUTRAS BASES'!C:D,2,0),IF(A351=\"Insumo\", VLOOKUP(B351,'SINAPI INSUMOS'!B:J,8,0),VLOOKUP(B351,'SINAPI COMP'!B:M,10,0))), VLOOKUP(B351,'OUTRAS BASES'!C:D,2,0))","v":6.01},{"$f":"I351*H351","v":6.01}]
[]
[]
[]
[]
["11.5","Código","Banco","Descrição","Tipo",null,"Und","Quant.","Valor Unit","Total"]
["Insumo","COTAÇÃO-001","Próprio","Fornecimento de kit de bombeamento fotovoltaico, incluindo uma bomba CC de 2200W com controladora de carga externa,  caixa de proteção metálica, módulos fotovoltaicos compatíveis com a geração de 3300Wp além de componentes elétricos necessários para interligação dos painéis, como cabos, conectores MC4 e presilhas de fixação.","Serviços",null,"un",1,10507.03,{"$f":"I357*H357","v":10507.03}]
[]
[]
[]
[]
[12,null,null,"URBANIZAÇÃO"]
["12.1","Código","Banco","Descrição","Tipo",null,"Und","Quant.","Valor Unit","Total"]
["Composição","COMPOSIÇÃO - 21","Próprio","Cerca com mourões de concreto de 15x15cm, espaçados de 3m e cravados a 0,5m, escoras de 10x10cm nos cantos, e 9 fios de arame de aço ovalado 15x17.","SEDI - SERVIÇOS DIVERSOS",null,"m",1,{"$f":"SUM(J365:J371)","v":86.261942000000005},{"$f":"I364*H364","v":86.261942000000005}]
["Composição Auxiliar",88309,"SINAPI","PEDREIRO COM ENCARGOS COMPLEMENTARES","Livro SINAPI: Cálculos e Parâmetros",null,"H",0.33500000000000002,{"$f":"IF(C365=\"SINAPI\", IF( IF(A365=\"Insumo\", VLOOKUP(B365,'SINAPI INSUMOS'!B:J,8,0), VLOOKUP(B365,'SINAPI COMP'!B:M,10,0))=0,VLOOKUP(B365,'OUTRAS BASES'!C:D,2,0),IF(A365=\"Insumo\", VLOOKUP(B365,'SINAPI INSUMOS'!B:J,8,0),VLOOKUP(B365,'SINAPI COMP'!B:M,10,0))), VLOOKUP(B365,'OUTRAS BASES'!C:D,2,0))","v":31.21},10.455350000000001]
["Composição Auxiliar",88316,"SINAPI","SERVENTE COM ENCARGOS COMPLEMENTARES","Livro SINAPI: Cálculos e Parâmetros",null,"H",0.67100000000000004,{"$f":"IF(C366=\"SINAPI\", IF( IF(A366=\"Insumo\", VLOOKUP(B366,'SINAPI INSUMOS'!B:J,8,0), VLOOKUP(B366,'SINAPI COMP'!B:M,10,0))=0,VLOOKUP(B366,'OUTRAS BASES'!C:D,2,0),IF(A366=\"Insumo\", VLOOKUP(B366,'SINAPI INSUMOS'!B:J,8,0),VLOOKUP(B366,'SINAPI COMP'!B:M,10,0))), VLOOKUP(B366,'OUTRAS BASES'!C:D,2,0))","v":22.64},15.191440000000002]
["Composição Auxiliar",94975,"SINAPI","CONCRETO FCK = 15MPA, TRAÇO 1:3,4:3,5 (EM MASSA SECA DE CIMENTO/ AREIA MÉDIA/ BRITA 1) - PREPARO MANUAL. AF_05/2021","Produção de Concreto",null,"m³",2.8799999999999999E-2,{"$f":"IF(C367=\"SINAPI\", IF( IF(A367=\"Insumo\", VLOOKUP(B367,'SINAPI INSUMOS'!B:J,8,0), VLOOKUP(B367,'SINAPI COMP'!B:M,10,0))=0,VLOOKUP(B367,'OUTRAS BASES'!C:D,2,0),IF(A367=\"Insumo\", VLOOKUP(B367,'SINAPI INSUMOS'!B:J,8,0),VLOOKUP(B367,'SINAPI COMP'!B:M,10,0))), VLOOKUP(B367,'OUTRAS BASES'!C:D,2,0))","v":561.54},16.172352]
["Insumo",43130,"SINAPI","ARAME GALVANIZADO 12 BWG, D = 2,76 MM (0,048 KG/M) OU 14 BWG, D = 2,11 MM (0,026 KG/M)","Material",null,"KG",9.8000000000000004E-2,{"$f":"IF(C368=\"SINAPI\", IF( IF(A368=\"Insumo\", VLOOKUP(B368,'SINAPI INSUMOS'!B:J,8,0), VLOOKUP(B368,'SINAPI COMP'!B:M,10,0))=0,VLOOKUP(B368,'OUTRAS BASES'!C:D,2,0),IF(A368=\"Insumo\", VLOOKUP(B368,'SINAPI INSUMOS'!B:J,8,0),VLOOKUP(B368,'SINAPI COMP'!B:M,10,0))), VLOOKUP(B368,'OUTRAS BASES'!C:D,2,0))","v":20.5},2.0089999999999999]
["Insumo",346,"SINAPI","ARAME DE ACO OVALADO 15 X 17 ( 45,7 KG, 700 KGF), ROLO 1000 M","Material",null,"KG",0.40500000000000003,{"$f":"IF(C369=\"SINAPI\", IF( IF(A369=\"Insumo\", VLOOKUP(B369,'SINAPI INSUMOS'!B:J,8,0), VLOOKUP(B369,'SINAPI COMP'!B:M,10,0))=0,VLOOKUP(B369,'OUTRAS BASES'!C:D,2,0),IF(A369=\"Insumo\", VLOOKUP(B369,'SINAPI INSUMOS'!B:J,8,0),VLOOKUP(B369,'SINAPI COMP'!B:M,10,0))), VLOOKUP(B369,'OUTRAS BASES'!C:D,2,0))","v":24.28},9.833400000000001]
["Insumo",4111,"SINAPI","ESCORA PRE-MOLDADA EM CONCRETO, *10 X 10* CM, H = 2,30M","Material",null,"UN",0.16,{"$f":"IF(C370=\"SINAPI\", IF( IF(A370=\"Insumo\", VLOOKUP(B370,'SINAPI INSUMOS'!B:J,8,0), VLOOKUP(B370,'SINAPI COMP'!B:M,10,0))=0,VLOOKUP(B370,'OUTRAS BASES'!C:D,2,0),IF(A370=\"Insumo\", VLOOKUP(B370,'SINAPI INSUMOS'!B:J,8,0),VLOOKUP(B370,'SINAPI COMP'!B:M,10,0))), VLOOKUP(B370,'OUTRAS BASES'!C:D,2,0))","v":79.8},12.768000000000001]
["Insumo"," I1533 ","SEINFRA","MOURÃO CONCRETO BASE 15X15CM H=2.3 C/ 12 FUROS","Material",null,"UN",0.42,{"$f":"IF(C371=\"SINAPI\", IF( IF(A371=\"Insumo\", VLOOKUP(B371,'SINAPI INSUMOS'!B:J,8,0), VLOOKUP(B371,'SINAPI COMP'!B:M,10,0))=0,VLOOKUP(B371,'OUTRAS BASES'!C:D,2,0),IF(A371=\"Insumo\", VLOOKUP(B371,'SINAPI INSUMOS'!B:J,8,0),VLOOKUP(B371,'SINAPI COMP'!B:M,10,0))), VLOOKUP(B371,'OUTRAS BASES'!C:D,2,0))","v":47.22},19.8324]
[]
[]
[]
[]
["12.2","Código","Banco","Descrição","Tipo",null,"Und","Quant.","Valor Unit","Total"]
["Composição","COMPOSIÇÃO - 22","Próprio","Serviço de instalação de portão de ferro com suporte e batedor conforme projeto, incluso material","SEDI - SERVIÇOS DIVERSOS",null,"m²",1,{"$f":"SUM(J378:J382)","v":576.13194999999996},{"$f":"I377*H377","v":576.13194999999996}]
["Composição Auxiliar",88309,"SINAPI","PEDREIRO COM ENCARGOS COMPLEMENTARES","Livro SINAPI: Cálculos e Parâmetros",null,"H",1.5,{"$f":"IF(C378=\"SINAPI\", IF( IF(A378=\"Insumo\", VLOOKUP(B378,'SINAPI INSUMOS'!B:J,8,0), VLOOKUP(B378,'SINAPI COMP'!B:M,10,0))=0,VLOOKUP(B378,'OUTRAS BASES'!C:D,2,0),IF(A378=\"Insumo\", VLOOKUP(B378,'SINAPI INSUMOS'!B:J,8,0),VLOOKUP(B378,'SINAPI COMP'!B:M,10,0))), VLOOKUP(B378,'OUTRAS BASES'!C:D,2,0))","v":31.21},46.814999999999998]
["Composição Auxiliar",88316,"SINAPI","SERVENTE COM ENCARGOS COMPLEMENTARES","Livro SINAPI: Cálculos e Parâmetros",null,"H",1.5,{"$f":"IF(C379=\"SINAPI\", IF( IF(A379=\"Insumo\", VLOOKUP(B379,'SINAPI INSUMOS'!B:J,8,0), VLOOKUP(B379,'SINAPI COMP'!B:M,10,0))=0,VLOOKUP(B379,'OUTRAS BASES'!C:D,2,0),IF(A379=\"Insumo\", VLOOKUP(B379,'SINAPI INSUMOS'!B:J,8,0),VLOOKUP(B379,'SINAPI COMP'!B:M,10,0))), VLOOKUP(B379,'OUTRAS BASES'!C:D,2,0))","v":22.64},33.96]
["Insumo",367,"SINAPI","AREIA GROSSA - POSTO JAZIDA/FORNECEDOR (RETIRADO NA JAZIDA, SEM TRANSPORTE)","Material",null,"m³",6.0999999999999999E-2,{"$f":"IF(C380=\"SINAPI\", IF( IF(A380=\"Insumo\", VLOOKUP(B380,'SINAPI INSUMOS'!B:J,8,0), VLOOKUP(B380,'SINAPI COMP'!B:M,10,0))=0,VLOOKUP(B380,'OUTRAS BASES'!C:D,2,0),IF(A380=\"Insumo\", VLOOKUP(B380,'SINAPI INSUMOS'!B:J,8,0),VLOOKUP(B380,'SINAPI COMP'!B:M,10,0))), VLOOKUP(B380,'OUTRAS BASES'!C:D,2,0))","v":167.15},10.196149999999999]
["Insumo",1379,"SINAPI","CIMENTO PORTLAND COMPOSTO CP II-32","Material",null,"KG",4.83,{"$f":"IF(C381=\"SINAPI\", IF( IF(A381=\"Insumo\", VLOOKUP(B381,'SINAPI INSUMOS'!B:J,8,0), VLOOKUP(B381,'SINAPI COMP'!B:M,10,0))=0,VLOOKUP(B381,'OUTRAS BASES'!C:D,2,0),IF(A381=\"Insumo\", VLOOKUP(B381,'SINAPI INSUMOS'!B:J,8,0),VLOOKUP(B381,'SINAPI COMP'!B:M,10,0))), VLOOKUP(B381,'OUTRAS BASES'!C:D,2,0))","v":0.76},3.6708000000000003]
["Insumo",4948,"SINAPI","PORTAO DE ABRIR / GIRO, EM GRADIL DE METALON REDONDO DE 3/4\"  VERTICAL, COM REQUADRO, ACABAMENTO NATURAL - COMPLETO","Material",null,"m²",1,{"$f":"IF(C382=\"SINAPI\", IF( IF(A382=\"Insumo\", VLOOKUP(B382,'SINAPI INSUMOS'!B:J,8,0), VLOOKUP(B382,'SINAPI COMP'!B:M,10,0))=0,VLOOKUP(B382,'OUTRAS BASES'!C:D,2,0),IF(A382=\"Insumo\", VLOOKUP(B382,'SINAPI INSUMOS'!B:J,8,0),VLOOKUP(B382,'SINAPI COMP'!B:M,10,0))), VLOOKUP(B382,'OUTRAS BASES'!C:D,2,0))","v":481.49},481.49]
[]
[]
[]
[]
[13,null,null,"OUTROS SERVIÇOS E INSUMOS EXCEPCIONAIS"]
["13.1","Código","Banco","Descrição","Tipo",null,"Und","Quant.","Valor Unit","Total"]
["Composição","COMPOSIÇÃO - 23","Próprio","Execução de tamponamento conforme especificação","SEDI - SERVIÇOS DIVERSOS",null,"m³",1,{"$f":"SUM(J390:J392)","v":715.01},{"$f":"I389*H389","v":715.01}]
["Composição Auxiliar",87316,"SINAPI","ARGAMASSA TRAÇO 1:4 (EM VOLUME DE CIMENTO E AREIA GROSSA ÚMIDA) PARA CHAPISCO CONVENCIONAL, PREPARO MECÂNICO COM BETONEIRA 400 L. AF_08/2019","Argamassas",null,"m³",1,{"$f":"IF(C390=\"SINAPI\", IF( IF(A390=\"Insumo\", VLOOKUP(B390,'SINAPI INSUMOS'!B:J,8,0), VLOOKUP(B390,'SINAPI COMP'!B:M,10,0))=0,VLOOKUP(B390,'OUTRAS BASES'!C:D,2,0),IF(A390=\"Insumo\", VLOOKUP(B390,'SINAPI INSUMOS'!B:J,8,0),VLOOKUP(B390,'SINAPI COMP'!B:M,10,0))), VLOOKUP(B390,'OUTRAS BASES'!C:D,2,0))","v":565.45000000000005},565.45000000000005]
["Composição Auxiliar",88316,"SINAPI","SERVENTE COM ENCARGOS COMPLEMENTARES","Livro SINAPI: Cálculos e Parâmetros",null,"H",1,{"$f":"IF(C391=\"SINAPI\", IF( IF(A391=\"Insumo\", VLOOKUP(B391,'SINAPI INSUMOS'!B:J,8,0), VLOOKUP(B391,'SINAPI COMP'!B:M,10,0))=0,VLOOKUP(B391,'OUTRAS BASES'!C:D,2,0),IF(A391=\"Insumo\", VLOOKUP(B391,'SINAPI INSUMOS'!B:J,8,0),VLOOKUP(B391,'SINAPI COMP'!B:M,10,0))), VLOOKUP(B391,'OUTRAS BASES'!C:D,2,0))","v":22.64},22.64]
["Insumo",4721,"SINAPI","PEDRA BRITADA N. 1 (9,5 a 19 MM) POSTO PEDREIRA/FORNECEDOR, SEM FRETE","Material",null,"m³",1,{"$f":"IF(C392=\"SINAPI\", IF( IF(A392=\"Insumo\", VLOOKUP(B392,'SINAPI INSUMOS'!B:J,8,0), VLOOKUP(B392,'SINAPI COMP'!B:M,10,0))=0,VLOOKUP(B392,'OUTRAS BASES'!C:D,2,0),IF(A392=\"Insumo\", VLOOKUP(B392,'SINAPI INSUMOS'!B:J,8,0),VLOOKUP(B392,'SINAPI COMP'!B:M,10,0))), VLOOKUP(B392,'OUTRAS BASES'!C:D,2,0))","v":126.92},126.92]
[]
[]
[]
[]
["13.2","Código","Banco","Descrição","Tipo",null,"Und","Quant.","Valor Unit","Total"]
["Insumo",13747,"ORSE","Revestimento tubo liso aço sch-40 em 12\"","Serviços",null,"m",1,{"$f":"IF(C398=\"SINAPI\", IF( IF(A398=\"Insumo\", VLOOKUP(B398,'SINAPI INSUMOS'!B:J,8,0), VLOOKUP(B398,'SINAPI COMP'!B:M,10,0))=0,VLOOKUP(B398,'OUTRAS BASES'!C:D,2,0),IF(A398=\"Insumo\", VLOOKUP(B398,'SINAPI INSUMOS'!B:J,8,0),VLOOKUP(B398,'SINAPI COMP'!B:M,10,0))), VLOOKUP(B398,'OUTRAS BASES'!C:D,2,0))","v":921.04},{"$f":"I398*H398","v":921.04}]
[]
[]
[]
[]
["13.3","Código","Banco","Descrição","Tipo",null,"Und","Quant.","Valor Unit","Total"]
["Insumo"," M3929 ","SICRO3","Tubo em aço-carbono - E = 3,00 mm e D = 150 mm (6\")","Material",null,"m",1,{"$f":"IF(C404=\"SINAPI\", IF( IF(A404=\"Insumo\", VLOOKUP(B404,'SINAPI INSUMOS'!B:J,8,0), VLOOKUP(B404,'SINAPI COMP'!B:M,10,0))=0,VLOOKUP(B404,'OUTRAS BASES'!C:D,2,0),IF(A404=\"Insumo\", VLOOKUP(B404,'SINAPI INSUMOS'!B:J,8,0),VLOOKUP(B404,'SINAPI COMP'!B:M,10,0))), VLOOKUP(B404,'OUTRAS BASES'!C:D,2,0))","v":148.57},{"$f":"I404*H404","v":148.57}]
[]
[]
[]
[]
["13.4","Código","Banco","Descrição","Tipo",null,"Und","Quant.","Valor Unit","Total"]
["Insumo"," M039706073 ","EMBASA","FILTRO NOLD EM AÇO GALVANIZADO DN 6\"","Material",null,"M",1,{"$f":"IF(C410=\"SINAPI\", IF( IF(A410=\"Insumo\", VLOOKUP(B410,'SINAPI INSUMOS'!B:J,8,0), VLOOKUP(B410,'SINAPI COMP'!B:M,10,0))=0,VLOOKUP(B410,'OUTRAS BASES'!C:D,2,0),IF(A410=\"Insumo\", VLOOKUP(B410,'SINAPI INSUMOS'!B:J,8,0),VLOOKUP(B410,'SINAPI COMP'!B:M,10,0))), VLOOKUP(B410,'OUTRAS BASES'!C:D,2,0))","v":835.86},{"$f":"I410*H410","v":835.86}]
[]
[]
[]
[]
["13.5","Código","Banco","Descrição","Tipo",null,"Und","Quant.","Valor Unit","Total"]
["Composição","COMPOSIÇÃO - 24","Próprio","Limpeza manual , remoção de cerca, capina e instalação dos equipamentos (área do poço, painéis solares, bebedouro e reservatório)","SEDI - SERVIÇOS DIVERSOS",null,"m²",1,{"$f":"SUM(J417)","v":1.8112000000000001},{"$f":"I416*H416","v":1.8112000000000001}]
["Composição Auxiliar",88316,"SINAPI","SERVENTE COM ENCARGOS COMPLEMENTARES","Livro SINAPI: Cálculos e Parâmetros",null,"H",0.08,{"$f":"IF(C417=\"SINAPI\", IF( IF(A417=\"Insumo\", VLOOKUP(B417,'SINAPI INSUMOS'!B:J,8,0), VLOOKUP(B417,'SINAPI COMP'!B:M,10,0))=0,VLOOKUP(B417,'OUTRAS BASES'!C:D,2,0),IF(A417=\"Insumo\", VLOOKUP(B417,'SINAPI INSUMOS'!B:J,8,0),VLOOKUP(B417,'SINAPI COMP'!B:M,10,0))), VLOOKUP(B417,'OUTRAS BASES'!C:D,2,0))","v":22.64},1.8112000000000001]
[]
[]
[]
[]
[]
["13.6","Código","Banco","Descrição","Tipo",null,"Und","Quant.","Valor Unit","Total"]
["Composição","COMPOSIÇÃO - 25","Próprio","Fornecimento e instalação do filtro para revestimento interno Ø 4 1/2\"","ASTU - ASSENTAMENTO DE TUBOS E PECAS",null,"m",1,{"$f":"SUM(J425:J427)","v":148.1105},{"$f":"I424*H424","v":148.1105}]
["Composição Auxiliar",88316,"SINAPI","SERVENTE COM ENCARGOS COMPLEMENTARES","Livro SINAPI: Cálculos e Parâmetros",null,"H",0.65,{"$f":"IF(C425=\"SINAPI\", IF( IF(A425=\"Insumo\", VLOOKUP(B425,'SINAPI INSUMOS'!B:J,8,0), VLOOKUP(B425,'SINAPI COMP'!B:M,10,0))=0,VLOOKUP(B425,'OUTRAS BASES'!C:D,2,0),IF(A425=\"Insumo\", VLOOKUP(B425,'SINAPI INSUMOS'!B:J,8,0),VLOOKUP(B425,'SINAPI COMP'!B:M,10,0))), VLOOKUP(B425,'OUTRAS BASES'!C:D,2,0))","v":22.64},14.716000000000001]
["Composição Auxiliar",90776,"SINAPI","ENCARREGADO GERAL COM ENCARGOS COMPLEMENTARES","Livro SINAPI: Cálculos e Parâmetros",null,"H",0.65,{"$f":"IF(C426=\"SINAPI\", IF( IF(A426=\"Insumo\", VLOOKUP(B426,'SINAPI INSUMOS'!B:J,8,0), VLOOKUP(B426,'SINAPI COMP'!B:M,10,0))=0,VLOOKUP(B426,'OUTRAS BASES'!C:D,2,0),IF(A426=\"Insumo\", VLOOKUP(B426,'SINAPI INSUMOS'!B:J,8,0),VLOOKUP(B426,'SINAPI COMP'!B:M,10,0))), VLOOKUP(B426,'OUTRAS BASES'!C:D,2,0))","v":67.930000000000007},44.154500000000006]
["Insumo"," COTAÇÃO-004 ","Próprio","Fornecimento tubo filtro geomecânico classe reforçado diâmetro Ø 4 1/2\" com junta roscável. ","Material",null,"m",1,89.24,89.24]
[]
[]
[]
[]
["13.7","Código","Banco","Descrição","Tipo",null,"Und","Quant.","Valor Unit","Total"]
["Composição","COMPOSIÇÃO - 26","Próprio","Fornecimento e instalação do revestimento interno Ø 4 1/2\"","ASTU - ASSENTAMENTO DE TUBOS E PECAS",null,"m",1,{"$f":"SUM(J434:J436)","v":138.56049999999999},{"$f":"I433*H433","v":138.56049999999999}]
["Composição Auxiliar",88316,"SINAPI","SERVENTE COM ENCARGOS COMPLEMENTARES","Livro SINAPI: Cálculos e Parâmetros",null,"H",0.65,{"$f":"IF(C434=\"SINAPI\", IF( IF(A434=\"Insumo\", VLOOKUP(B434,'SINAPI INSUMOS'!B:J,8,0), VLOOKUP(B434,'SINAPI COMP'!B:M,10,0))=0,VLOOKUP(B434,'OUTRAS BASES'!C:D,2,0),IF(A434=\"Insumo\", VLOOKUP(B434,'SINAPI INSUMOS'!B:J,8,0),VLOOKUP(B434,'SINAPI COMP'!B:M,10,0))), VLOOKUP(B434,'OUTRAS BASES'!C:D,2,0))","v":22.64},14.716000000000001]
["Composição Auxiliar",90776,"SINAPI","ENCARREGADO GERAL COM ENCARGOS COMPLEMENTARES","Livro SINAPI: Cálculos e Parâmetros",null,"H",0.65,{"$f":"IF(C435=\"SINAPI\", IF( IF(A435=\"Insumo\", VLOOKUP(B435,'SINAPI INSUMOS'!B:J,8,0), VLOOKUP(B435,'SINAPI COMP'!B:M,10,0))=0,VLOOKUP(B435,'OUTRAS BASES'!C:D,2,0),IF(A435=\"Insumo\", VLOOKUP(B435,'SINAPI INSUMOS'!B:J,8,0),VLOOKUP(B435,'SINAPI COMP'!B:M,10,0))), VLOOKUP(B435,'OUTRAS BASES'!C:D,2,0))","v":67.930000000000007},44.154500000000006]
["Insumo"," COTAÇÃO-006 ","Próprio","Fornecimento tubo revestimento geomecânico classe reforçado Ø 4 1/2\" com junta roscável.","Material",null,"m",1,79.69,79.69]

{"sheet":"Crono. - MG - T","index":32,"n_rows":27,"n_cols":15,"rows_kept":27,"cut":false,"hidden":false,"merged":[[0,0,6,14],[7,0,8,14],[23,0,23,1],[23,2,26,2],[24,0,24,1],[25,0,25,1],[26,0,26,1]]}
["OBJETO: EXECUÇÃO DE SERVIÇOS DE PERFURAÇÃO E INSTALAÇÃO DE POÇOS TUBULARES EM MUNICÍPIOS LOCALIZADOS EM MINAS GERAIS, NA ÁREA DE ATUAÇÃO DA CODEVASF DA 16 SR"]
[]
[]
[]
[]
[]
[]
["CRONOGRAMA FÍSICO-FINANCEIRO POÇO TOTALMENTE REVESTIDO"]
[]
["ITEM","ESPECIFICAÇÃO DOS SERVIÇOS","VALOR TOTAL (R$)","Mês 01","Mês 02","Mês 03","Mês 04","Mês 05","Mês 06","Mês 07","Mês 08","Mês 09","Mês 10","Mês 11","Mês 12"]
["1","Serviços preliminares.",{"$f":"'Orçamento Sintético - MG - T'!K4","v":15818.24},{"$f":"$C$11/12","v":1318.1866666666667},{"$f":"$C$11/12","v":1318.1866666666667},1318.1866666666667,1318.1866666666667,1318.1866666666667,1318.1866666666667,1318.1866666666667,1318.1866666666667,1318.1866666666667,1318.1866666666667,1318.1866666666667,1318.1866666666667]
["2","Mobilizaçâo e desmobilizaçâo equipe campo.",{"$f":"'Orçamento Sintético - MG - T'!K9","v":14751},{"$f":"$C$12/12","v":1229.25},{"$f":"$C$12/12","v":1229.25},1229.25,1229.25,1229.25,1229.25,1229.25,1229.25,1229.25,1229.25,1229.25,1229.25]
["3","Perfuração e completação de poço tubular.",{"$f":"'Orçamento Sintético - MG - T'!K13","v":550717.21},{"$f":"$C$13/12","v":45893.10083333333},{"$f":"$C$13/12","v":45893.10083333333},45893.10083333333,45893.10083333333,45893.10083333333,45893.10083333333,45893.10083333333,45893.10083333333,45893.10083333333,45893.10083333333,45893.10083333333,45893.10083333333]
["4","Pós perfuração.",{"$f":"'Orçamento Sintético - MG - T'!K20","v":73526.34},{"$f":"$C$14/12","v":6127.1949999999997},{"$f":"$C$14/12","v":6127.1949999999997},6127.1949999999997,6127.1949999999997,6127.1949999999997,6127.1949999999997,6127.1949999999997,6127.1949999999997,6127.1949999999997,6127.1949999999997,6127.1949999999997,6127.1949999999997]
["5","Reservação.",{"$f":"'Orçamento Sintético - MG - T'!K26","v":129690.22},{"$f":"$C$15/12","v":10807.518333333333},{"$f":"$C$15/12","v":10807.518333333333},10807.518333333333,10807.518333333333,10807.518333333333,10807.518333333333,10807.518333333333,10807.518333333333,10807.518333333333,10807.518333333333,10807.518333333333,10807.518333333333]
["6","Bebedouro.",{"$f":"'Orçamento Sintético - MG - T'!K29","v":13273.56},{"$f":"$C$16/12","v":1106.1299999999999},{"$f":"$C$16/12","v":1106.1299999999999},1106.1299999999999,1106.1299999999999,1106.1299999999999,1106.1299999999999,1106.1299999999999,1106.1299999999999,1106.1299999999999,1106.1299999999999,1106.1299999999999,1106.1299999999999]
["7","Chafariz.",{"$f":"'Orçamento Sintético - MG - T'!K31","v":7231.26},{"$f":"$C$17/12","v":602.60500000000002},{"$f":"$C$17/12","v":602.60500000000002},602.60500000000002,602.60500000000002,602.60500000000002,602.60500000000002,602.60500000000002,602.60500000000002,602.60500000000002,602.60500000000002,602.60500000000002,602.60500000000002]
["8","Cavalete.",{"$f":"'Orçamento Sintético - MG - T'!K33","v":15347.34},{"$f":"$C$18/12","v":1278.9449999999999},{"$f":"$C$18/12","v":1278.9449999999999},1278.9449999999999,1278.9449999999999,1278.9449999999999,1278.9449999999999,1278.9449999999999,1278.9449999999999,1278.9449999999999,1278.9449999999999,1278.9449999999999,1278.9449999999999]
["9","Instalações hidráulicas poço e adutora.",{"$f":"'Orçamento Sintético - MG - T'!K35","v":99767.590000000011},{"$f":"$C$19/12","v":8313.9658333333336},{"$f":"$C$19/12","v":8313.9658333333336},8313.9658333333336,8313.9658333333336,8313.9658333333336,8313.9658333333336,8313.9658333333336,8313.9658333333336,8313.9658333333336,8313.9658333333336,8313.9658333333336,8313.9658333333336]
["10","Estrutura de fixação para módulos fotovoltáicos.",{"$f":"'Orçamento Sintético - MG - T'!K43","v":11726.55},{"$f":"$C$20/12","v":977.21249999999998},{"$f":"$C$20/12","v":977.21249999999998},977.21249999999998,977.21249999999998,977.21249999999998,977.21249999999998,977.21249999999998,977.21249999999998,977.21249999999998,977.21249999999998,977.21249999999998,977.21249999999998]
["11","Instalações elétricas.",{"$f":"'Orçamento Sintético - MG - T'!K45","v":110636.16},{"$f":"$C$21/12","v":9219.68},{"$f":"$C$21/12","v":9219.68},9219.68,9219.68,9219.68,9219.68,9219.68,9219.68,9219.68,9219.68,9219.68,9219.68]
["12","Urbanização.",{"$f":"'Orçamento Sintético - MG - T'!K51","v":24357.300000000003},{"$f":"$C$22/12","v":2029.7750000000003},{"$f":"$C$22/12","v":2029.7750000000003},2029.7750000000003,2029.7750000000003,2029.7750000000003,2029.7750000000003,2029.7750000000003,2029.7750000000003,2029.7750000000003,2029.7750000000003,2029.7750000000003,2029.7750000000003]
["13","Outros serviços e insumos excepcionais.",{"$f":"'Orçamento Sintético - MG - T'!K54","v":59466.17},{"$f":"$C$23/12","v":4955.5141666666668},{"$f":"$C$23/12","v":4955.5141666666668},4955.5141666666668,4955.5141666666668,4955.5141666666668,4955.5141666666668,4955.5141666666668,4955.5141666666668,4955.5141666666668,4955.5141666666668,4955.5141666666668,4955.5141666666668]
["TOTAL",null,{"$f":"SUM(C11:C23)","v":1126308.94},{"$f":"SUM(D11:D23)","v":93859.078333333309},{"$f":"SUM(E11:E23)","v":93859.078333333309},93859.078333333309,93859.078333333309,93859.078333333309,93859.078333333309,93859.078333333309,93859.078333333309,93859.078333333309,93859.078333333309,93859.078333333309,93859.078333333309]
["PERCENTUAL",null,null,{"$f":"D24/$C$24","v":8.3333333333333315E-2},{"$f":"E24/$C$24","v":8.3333333333333315E-2},{"$f":"F24/$C$24","v":8.3333333333333315E-2},8.3333333333333315E-2,8.3333333333333315E-2,8.3333333333333315E-2,8.3333333333333315E-2,8.3333333333333315E-2,8.3333333333333315E-2,8.3333333333333315E-2,8.3333333333333315E-2,8.3333333333333315E-2]
["CUSTO ACUMULADO",null,null,{"$f":"D24","v":93859.078333333309},{"$f":"E24+D26","v":187718.15666666662},{"$f":"F24+E26","v":281577.23499999993},{"$f":"G24+F26","v":375436.31333333324},{"$f":"H24+G26","v":469295.39166666655},658977.42000000016,768806.99000000022,878636.56000000029,988466.13000000035,1098295.7000000004,1208125.2700000005,1317954.8400000005]
["PERCENTUAL ACUMULADO",null,null,8.3333333333333343E-2,0.16666666666666669,0.25,0.33333333333333337,{"$f":"H25+G27","v":0.41666666666666669},0.5,0.58333333333333326,0.66666666666666652,0.74999999999999978,0.83333333333333304,0.9166666666666663,0.99999999999999956]

{"sheet":"SINAPI INSUMOS","index":33,"n_rows":4903,"n_cols":9,"rows_kept":4903,"cut":false,"hidden":false,"merged":[]}
["SINAPI - Sistema Nacional de Pesquisa de Custos e Índices da Construção Civil"]
["RELATÓRIO DE PREÇOS DE INSUMOS - ENGARGOS SOCIAIS SEM DESONERAÇÃO"]
["Mês de Referência:","07/2025",null,null,"Encargos sociais sobre a mão de obra:"]
["Data de emissão:","12/08/2025",null,null,"(SEM DESONERAÇÃO)","GO","TO","DF","MG"]
[{"$nulls":4},"Localidade","GOIANIA","PALMAS","BRASILIA","BELO HORIZONTE"]
["Origem de preço:","C = COLETADO","CR = COEFICIENTE DE REPRESENTATIVIDADE",null,"Horista",1.0878000000000001,1.1073999999999999,1.1011,1.1678999999999999]
["Preço em branco para determinado estado significa que não houve coleta mínima de preços no mês de referência",null,null,null,"Mensalista",0.67210000000000003,0.68049999999999999,0.70189999999999997,0.73929999999999996]
[]
["Acessar Fichas de Especificação Técnico dos Insumos",null,null,null,"Preços Medianos (R$):"]
["Classificação","Código do\nInsumo","Descrição do Insumo","Unidade","Origem de\nPreço","GO","TO","DF","MG"]
["SERVIÇOS",45333,"ABERTURA PARA ENCAIXE DE CUBA OU LAVATORIO EM BANCADA DE MARMORE/ GRANITO OU OUTRO TIPO DE PEDRA NATURAL","UN","CR",198.85,0,139.41,115.49]
["MATERIAL",11270,"ABRACADEIRA DE LATAO PARA FIXACAO DE CABO PARA-RAIO, DIMENSOES 32 X 24 X 24 MM","UN","CR",0,0,0,3.33]
["MATERIAL",412,"ABRACADEIRA DE NYLON PARA AMARRACAO DE CABOS, COMPRIMENTO DE *230* X *7,6* MM","UN","CR",0.87,0.97,1.08,1.08]
["MATERIAL",414,"ABRACADEIRA DE NYLON PARA AMARRACAO DE CABOS, COMPRIMENTO DE 100 X 2,5 MM","UN","CR",0.05,0.06,0.06,0.06]
["MATERIAL",410,"ABRACADEIRA DE NYLON PARA AMARRACAO DE CABOS, COMPRIMENTO DE 150 X *3,6* MM","UN","CR",0.13,0.15,0.16,0.16]
["MATERIAL",411,"ABRACADEIRA DE NYLON PARA AMARRACAO DE CABOS, COMPRIMENTO DE 200 X *4,6* MM","UN","C",0.17,0.19,0.21,0.21]
["MATERIAL",408,"ABRACADEIRA DE NYLON PARA AMARRACAO DE CABOS, COMPRIMENTO DE 390 X *4,6* MM","UN","CR",0.84,0.94,1.04,1.04]
["MATERIAL",39131,"ABRACADEIRA EM ACO PARA AMARRACAO DE ELETRODUTOS, TIPO D, COM 1 1/2\" E CUNHA DE FIXACAO","UN","CR",2.63,4.78,3.77,3.18]
["MATERIAL",394,"ABRACADEIRA EM ACO PARA AMARRACAO DE ELETRODUTOS, TIPO D, COM 1 1/2\" E PARAFUSO DE FIXACAO","UN","CR",2.67,4.84,3.82,3.22]
["MATERIAL",39130,"ABRACADEIRA EM ACO PARA AMARRACAO DE ELETRODUTOS, TIPO D, COM 1 1/4\" E CUNHA DE FIXACAO","UN","CR",2.4,4.3600000000000003,3.44,2.9]
["MATERIAL",395,"ABRACADEIRA EM ACO PARA AMARRACAO DE ELETRODUTOS, TIPO D, COM 1 1/4\" E PARAFUSO DE FIXACAO","UN","CR",2.57,4.66,3.68,3.1]
["MATERIAL",39129,"ABRACADEIRA EM ACO PARA AMARRACAO DE ELETRODUTOS, TIPO D, COM 1\" E CUNHA DE FIXACAO","UN","CR",1.48,2.69,2.12,1.79]
["MATERIAL",393,"ABRACADEIRA EM ACO PARA AMARRACAO DE ELETRODUTOS, TIPO D, COM 1\" E PARAFUSO DE FIXACAO","UN","C",1.55,2.81,2.2200000000000002,1.87]
["MATERIAL",39127,"ABRACADEIRA EM ACO PARA AMARRACAO DE ELETRODUTOS, TIPO D, COM 1/2\" E CUNHA DE FIXACAO","UN","CR",1.26,2.2999999999999998,1.81,1.53]
["MATERIAL",392,"ABRACADEIRA EM ACO PARA AMARRACAO DE ELETRODUTOS, TIPO D, COM 1/2\" E PARAFUSO DE FIXACAO","UN","CR",1.3,2.36,1.86,1.57]
["MATERIAL",39133,"ABRACADEIRA EM ACO PARA AMARRACAO DE ELETRODUTOS, TIPO D, COM 2 1/2\" E CUNHA DE FIXACAO","UN","CR",3.46,6.27,4.95,4.17]
["MATERIAL",397,"ABRACADEIRA EM ACO PARA AMARRACAO DE ELETRODUTOS, TIPO D, COM 2 1/2\" E PARAFUSO DE FIXACAO","UN","CR",3.82,6.93,5.47,4.6100000000000003]
["MATERIAL",39132,"ABRACADEIRA EM ACO PARA AMARRACAO DE ELETRODUTOS, TIPO D, COM 2\" E CUNHA DE FIXACAO","UN","CR",2.77,5.0199999999999996,3.96,3.34]
["MATERIAL",396,"ABRACADEIRA EM ACO PARA AMARRACAO DE ELETRODUTOS, TIPO D, COM 2\" E PARAFUSO DE FIXACAO","UN","CR",2.96,5.38,4.25,3.58]
["MATERIAL",39135,"ABRACADEIRA EM ACO PARA AMARRACAO DE ELETRODUTOS, TIPO D, COM 3 1/2\" E CUNHA DE FIXACAO","UN","CR",5.54,10.039999999999999,7.93,6.68]
["MATERIAL",39134,"ABRACADEIRA EM ACO PARA AMARRACAO DE ELETRODUTOS, TIPO D, COM 3\" E CUNHA DE FIXACAO","UN","CR",4.6100000000000003,8.3699999999999992,6.61,5.57]
["MATERIAL",398,"ABRACADEIRA EM ACO PARA AMARRACAO DE ELETRODUTOS, TIPO D, COM 3\" E PARAFUSO DE FIXACAO","UN","CR",4.25,7.71,6.09,5.13]
["MATERIAL",39128,"ABRACADEIRA EM ACO PARA AMARRACAO DE ELETRODUTOS, TIPO D, COM 3/4\" E CUNHA DE FIXACAO","UN","CR",1.38,2.5099999999999998,1.98,1.67]
["MATERIAL",400,"ABRACADEIRA EM ACO PARA AMARRACAO DE ELETRODUTOS, TIPO D, COM 3/4\" E PARAFUSO DE FIXACAO","UN","CR",1.35,2.4500000000000002,1.93,1.63]
["MATERIAL",39125,"ABRACADEIRA EM ACO PARA AMARRACAO DE ELETRODUTOS, TIPO D, COM 3/8\" E PARAFUSO DE FIXACAO","UN","CR",1.38,2.5099999999999998,1.98,1.67]
["MATERIAL",39126,"ABRACADEIRA EM ACO PARA AMARRACAO DE ELETRODUTOS, TIPO D, COM 4\" E CUNHA DE FIXACAO","UN","CR",6.23,11.29,8.92,7.51]
["MATERIAL",399,"ABRACADEIRA EM ACO PARA AMARRACAO DE ELETRODUTOS, TIPO D, COM 4\" E PARAFUSO DE FIXACAO","UN","CR",5.49,9.9499999999999993,7.86,6.62]
["MATERIAL",39158,"ABRACADEIRA EM ACO PARA AMARRACAO DE ELETRODUTOS, TIPO ECONOMICA (GOTA), COM 8\"","UN","CR",14.74,26.72,21.11,17.78]
["MATERIAL",39141,"ABRACADEIRA EM ACO PARA AMARRACAO DE ELETRODUTOS, TIPO U SIMPLES, COM 1 1/2\"","UN","CR",1.07,1.94,1.53,1.29]
["MATERIAL",39140,"ABRACADEIRA EM ACO PARA AMARRACAO DE ELETRODUTOS, TIPO U SIMPLES, COM 1 1/4\"","UN","CR",0.97,1.76,1.39,1.17]
["MATERIAL",39139,"ABRACADEIRA EM ACO PARA AMARRACAO DE ELETRODUTOS, TIPO U SIMPLES, COM 1\"","UN","CR",0.8,1.46,1.1499999999999999,0.97]
["MATERIAL",39137,"ABRACADEIRA EM ACO PARA AMARRACAO DE ELETRODUTOS, TIPO U SIMPLES, COM 1/2\"","UN","CR",0.56000000000000005,1.01,0.8,0.67]
["MATERIAL",39143,"ABRACADEIRA EM ACO PARA AMARRACAO DE ELETRODUTOS, TIPO U SIMPLES, COM 2 1/2\"","UN","CR",2.2000000000000002,4,3.16,2.66]
["MATERIAL",39142,"ABRACADEIRA EM ACO PARA AMARRACAO DE ELETRODUTOS, TIPO U SIMPLES, COM 2\"","UN","CR",1.58,2.86,2.2599999999999998,1.9]
["MATERIAL",39144,"ABRACADEIRA EM ACO PARA AMARRACAO DE ELETRODUTOS, TIPO U SIMPLES, COM 3\"","UN","CR",2.57,4.66,3.68,3.1]
["MATERIAL",39138,"ABRACADEIRA EM ACO PARA AMARRACAO DE ELETRODUTOS, TIPO U SIMPLES, COM 3/4\"","UN","CR",0.59,1.07,0.85,0.71]
["MATERIAL",39136,"ABRACADEIRA EM ACO PARA AMARRACAO DE ELETRODUTOS, TIPO U SIMPLES, COM 3/8\"","UN","CR",0.39,0.71,0.56000000000000005,0.47]
["MATERIAL",39145,"ABRACADEIRA EM ACO PARA AMARRACAO DE ELETRODUTOS, TIPO U SIMPLES, COM 4\"","UN","CR",4.2300000000000004,7.68,6.06,5.1100000000000003]
["MATERIAL",12615,"ABRACADEIRA PVC, PARA CALHA PLUVIAL, DIAMETRO ENTRE *80 E 100* MM, PARA DRENAGEM PLUVIAL PREDIAL","UN","CR",13.58,12.46,12.59,13.14]
["MATERIAL",11927,"ABRACADEIRA, GALVANIZADA/ZINCADA, ROSCA SEM FIM, PARAFUSO INOX, LARGURA FITA *12,6 A *14 MM, D = 2\" A 2 1/2\"","UN","CR",0,0,0,9.9499999999999993]
["MATERIAL",11928,"ABRACADEIRA, GALVANIZADA/ZINCADA, ROSCA SEM FIM, PARAFUSO INOX, LARGURA FITA *12,6 A *14 MM, D = 3\" A 3 3/4\"","UN","CR",0,0,0,11.41]
["MATERIAL",11929,"ABRACADEIRA, GALVANIZADA/ZINCADA, ROSCA SEM FIM, PARAFUSO INOX, LARGURA FITA *12,6 A *14 MM, D = 4\" A 4 3/4\"","UN","CR",0,0,0,17.64]
["MATERIAL",36801,"ACABAMENTO DE METAL CROMADO PARA REGISTRO PEQUENO, DE PAREDE, 1/2\" OU 3/4\"","UN","CR",36.979999999999997,38.92,38.56,33.81]
["MATERIAL",36246,"ACABAMENTO SIMPLES/CONVENCIONAL PARA FORRO PVC, TIPO \"U\" OU \"C\", COR BRANCA, COMPRIMENTO 6 M","M","CR",3.39,4.01,3.11,3.93]
["MATERIAL",37600,"ACESSORIO DE LIGACAO NAO ELETRICO PARA CARGAS EXPLOSIVAS, TUBO DE 6 M","UN","CR",0,0,0,0]
["MATERIAL",37599,"ACESSORIO INICIADOR NAO ELETRICO, TUBO DE 6 M, TEMPO DE RETARDO DE *160* MS","UN","CR",0,0,0,0]
["MATERIAL",1,"ACETILENO - RECARGA DE GAS PARA CILINDRO (NAO INCLUI TROCA/MANUTENCAO DO CILINDRO)","KG","C",73.33,0,0,78.88]
["MATERIAL",3,"ACIDO CLORIDRICO / ACIDO MURIATICO, DILUICAO 10% A 12% PARA USO EM LIMPEZA","L","CR",17.100000000000001,17.41,13.65,20.99]
["MATERIAL",43054,"ACO CA-25, 10,0 MM, OU 12,5 MM, OU 16,0 MM, OU 20,0 MM, OU 25,0 MM, VERGALHAO","KG","CR",7.33,7.49,7.94,8.2100000000000009]
["MATERIAL",42402,"ACO CA-25, 16,0 MM, BARRA DE TRANSFERENCIA","KG","CR",7,7.16,7.58,7.85]
["MATERIAL",42403,"ACO CA-25, 20,0 MM, BARRA DE TRANSFERENCIA","KG","CR",8.98,9.18,9.73,10.06]
["MATERIAL",42404,"ACO CA-25, 25,0 MM, BARRA DE TRANSFERENCIA","KG","CR",8.93,9.1300000000000008,9.68,10.01]
["MATERIAL",42405,"ACO CA-25, 32,0 MM, BARRA DE TRANSFERENCIA","KG","CR",9.52,9.73,10.31,10.66]
["MATERIAL",34341,"ACO CA-25, 32,0 MM, VERGALHAO","KG","CR",8.26,8.44,8.9499999999999993,9.25]
["MATERIAL",43053,"ACO CA-25, 6,3 MM OU 8,0 MM, VERGALHAO","KG","CR",6.55,6.69,7.09,7.33]
["MATERIAL",43058,"ACO CA-50, 10,0 MM, OU 12,5 MM, OU 16,0 MM, OU 20,0 MM, DOBRADO E CORTADO","KG","CR",6.79,6.94,7.35,7.6]
["MATERIAL",34,"ACO CA-50, 10,0 MM, VERGALHAO","KG","CR",6.82,6.97,7.39,7.64]
["MATERIAL",43055,"ACO CA-50, 12,5 MM OU 16,0 MM, VERGALHAO","KG","C",5.91,6.04,6.4,6.62]
["MATERIAL",43056,"ACO CA-50, 20,0 MM OU 25,0 MM, VERGALHAO","KG","CR",6.81,6.96,7.38,7.63]
["MATERIAL",43057,"ACO CA-50, 32,0 MM, VERGALHAO","KG","CR",7.49,7.65,8.11,8.39]
["MATERIAL",34449,"ACO CA-50, 6,3 MM, DOBRADO E CORTADO","KG","CR",8,8.18,8.67,8.9600000000000009]
["MATERIAL",32,"ACO CA-50, 6,3 MM, VERGALHAO","KG","CR",7.2,7.35,7.79,8.06]
["MATERIAL",33,"ACO CA-50, 8,0 MM, VERGALHAO","KG","CR",7.24,7.4,7.84,8.11]
["MATERIAL",43061,"ACO CA-60, 4,2 MM OU 5,0 MM, DOBRADO E CORTADO","KG","CR",6.76,6.91,7.32,7.58]
["MATERIAL",43059,"ACO CA-60, 4,2 MM, OU 5,0 MM, OU 6,0 MM, OU 7,0 MM, VERGALHAO","KG","CR",6.45,6.6,6.99,7.23]
["MATERIAL",43062,"ACO CA-60, 6,0 MM OU 7,0 MM, DOBRADO E CORTADO","KG","CR",7.15,7.31,7.75,8.01]
["MATERIAL",43060,"ACO CA-60, 8,0 MM OU 9,5 MM, VERGALHAO","KG","CR",5.62,5.75,6.09,6.3]
["MATERIAL",40410,"ACOPLAMENTO RIGIDO EM FERRO FUNDIDO PARA SISTEMA DE TUBULACAO RANHURADA, DN 50 MM (2\")","UN","C",0,0,0,0]
["MATERIAL",40411,"ACOPLAMENTO RIGIDO EM FERRO FUNDIDO PARA SISTEMA DE TUBULACAO RANHURADA, DN 65 MM (2 1/2\")","UN","CR",0,0,0,0]
["MATERIAL",40412,"ACOPLAMENTO RIGIDO EM FERRO FUNDIDO PARA SISTEMA DE TUBULACAO RANHURADA, DN 80 MM (3\")","UN","CR",0,0,0,0]
["MATERIAL",44254,"ADAPTADOR CPVC, ROSCAVEL, COM FLANGES E ANEL DE VEDACAO, 15 MM, CAIXA D'AGUA PARA AGUA QUENTE","UN","CR",28.68,0,28.73,31.46]
["MATERIAL",44255,"ADAPTADOR CPVC, ROSCAVEL, COM FLANGES E ANEL DE VEDACAO, 22 MM, CAIXA D'AGUA PARA AGUA QUENTE","UN","CR",31.79,0,31.85,34.869999999999997]
["MATERIAL",44256,"ADAPTADOR CPVC, ROSCAVEL, COM FLANGES E ANEL DE VEDACAO, 28 MM, CAIXA D'AGUA PARA AGUA QUENTE","UN","CR",35.909999999999997,0,35.97,39.39]
["MATERIAL",44257,"ADAPTADOR CPVC, ROSCAVEL, COM FLANGES E ANEL DE VEDACAO, 35 MM, CAIXA D'AGUA PARA AGUA QUENTE","UN","CR",56.81,0,56.91,62.32]
["MATERIAL",44258,"ADAPTADOR CPVC, ROSCAVEL, COM FLANGES E ANEL DE VEDACAO, 42 MM, CAIXA D'AGUA PARA AGUA QUENTE","UN","CR",64.930000000000007,0,65.040000000000006,71.22]
["MATERIAL",44259,"ADAPTADOR CPVC, ROSCAVEL, COM FLANGES E ANEL DE VEDACAO, 54 MM, CAIXA D'AGUA PARA AGUA QUENTE","UN","CR",89.12,0,89.27,97.76]
["MATERIAL",37997,"ADAPTADOR CPVC, SOLDAVEL, 15 MM, PARA AGUA QUENTE","UN","CR",17.09,0,17.12,18.75]
["MATERIAL",37998,"ADAPTADOR CPVC, SOLDAVEL, 22 MM, PARA AGUA QUENTE","UN","CR",22.88,0,22.92,25.09]
["MATERIAL",55,"ADAPTADOR DE COMPRESSAO EM POLIPROPILENO (PP), PARA TUBO EM PEAD, 20 MM X 1/2\", PARA LIGACAO PREDIAL DE AGUA (NTS 179)","UN","C",0,0,0,6.31]
["MATERIAL",61,"ADAPTADOR DE COMPRESSAO EM POLIPROPILENO (PP), PARA TUBO EM PEAD, 20 MM X 3/4\", PARA LIGACAO PREDIAL DE AGUA (NTS 179)","UN","CR",0,0,0,5.97]
["MATERIAL",62,"ADAPTADOR DE COMPRESSAO EM POLIPROPILENO (PP), PARA TUBO EM PEAD, 32 MM X 1\", PARA LIGACAO PREDIAL DE AGUA (NTS 179)","UN","CR",0,0,0,12.37]
["MATERIAL",10899,"ADAPTADOR EM LATAO, ENGATE RAPIDO 2 1/2\" X ROSCA INTERNA 5 FIOS 2 1/2\", PARA INSTALACAO PREDIAL DE COMBATE A INCENDIO","UN","CR",0,0,83.23,67.900000000000006]
["MATERIAL",10900,"ADAPTADOR EM LATAO, ENGATE RAPIDO1 1/2\" X ROSCA INTERNA 5 FIOS 2 1/2\", PARA INSTALACAO PREDIAL DE COMBATE A INCENDIO","UN","CR",0,0,65.14,53.14]
["MATERIAL",47,"ADAPTADOR PVC PBA, BOLSA/ROSCA, JE, DN 100 / DE 110 MM","UN","CR",0,0,0,94.9]
["MATERIAL",48,"ADAPTADOR PVC PBA, BOLSA/ROSCA, JE, DN 50 / DE 60 MM","UN","CR",0,0,0,24.75]
["MATERIAL",46,"ADAPTADOR PVC PBA, BOLSA/ROSCA, JE, DN 75 / DE 85 MM","UN","CR",0,0,0,55.5]
["MATERIAL",52,"ADAPTADOR PVC PBA, PONTA/ROSCA, JE, DN 50 / DE 60 MM","UN","CR",0,0,0,18.8]
["MATERIAL",43,"ADAPTADOR PVC PBA, PONTA/ROSCA, JE, DN 75 / DE 85 MM","UN","CR",0,0,0,63.47]
["MATERIAL",103,"ADAPTADOR PVC SOLDAVEL CURTO COM BOLSA E ROSCA, 110 MM X 4\", PARA AGUA FRIA","UN","CR",48.22,43.33,46.66,44.26]
["MATERIAL",107,"ADAPTADOR PVC SOLDAVEL CURTO COM BOLSA E ROSCA, 20 MM X 1/2\", PARA AGUA FRIA","UN","CR",0.91,0.81,0.88,0.83]
["MATERIAL",65,"ADAPTADOR PVC SOLDAVEL CURTO COM BOLSA E ROSCA, 25 MM X 3/4\", PARA AGUA FRIA","UN","CR",0.99,0.89,0.96,0.91]
["MATERIAL",108,"ADAPTADOR PVC SOLDAVEL CURTO COM BOLSA E ROSCA, 32 MM X 1\", PARA AGUA FRIA","UN","CR",2,1.79,1.93,1.83]
["MATERIAL",110,"ADAPTADOR PVC SOLDAVEL CURTO COM BOLSA E ROSCA, 40 MM X 1 1/2\", PARA AGUA FRIA","UN","CR",6.94,6.23,6.71,6.37]
["MATERIAL",109,"ADAPTADOR PVC SOLDAVEL CURTO COM BOLSA E ROSCA, 40 MM X 1 1/4\", PARA AGUA FRIA","UN","CR",4.13,3.71,4,3.79]
["MATERIAL",111,"ADAPTADOR PVC SOLDAVEL CURTO COM BOLSA E ROSCA, 50 MM X 1 1/4\", PARA AGUA FRIA","UN","CR",9.39,8.43,9.08,8.61]
["MATERIAL",112,"ADAPTADOR PVC SOLDAVEL CURTO COM BOLSA E ROSCA, 50 MM X1 1/2\", PARA AGUA FRIA","UN","CR",4.97,4.47,4.8099999999999996,4.5599999999999996]
["MATERIAL",113,"ADAPTADOR PVC SOLDAVEL CURTO COM BOLSA E ROSCA, 60 MM X 2\", PARA AGUA FRIA","UN","CR",12.45,11.19,12.05,11.43]
["MATERIAL",104,"ADAPTADOR PVC SOLDAVEL CURTO COM BOLSA E ROSCA, 75 MM X 2 1/2\", PARA AGUA FRIA","UN","CR",21.67,19.47,20.97,19.89]
["MATERIAL",102,"ADAPTADOR PVC SOLDAVEL CURTO COM BOLSA E ROSCA, 85 MM X 3\", PARA AGUA FRIA","UN","CR",29.88,26.85,28.91,27.43]
["MATERIAL",95,"ADAPTADOR PVC SOLDAVEL, COM FLANGE E ANEL DE VEDACAO, 20 MM X 1/2\", PARA CAIXA D'AGUA","UN","CR",12.63,11.34,12.22,11.59]
["MATERIAL",96,"ADAPTADOR PVC SOLDAVEL, COM FLANGE E ANEL DE VEDACAO, 25 MM X 3/4\", PARA CAIXA D'AGUA","UN","CR",13.73,12.34,13.29,12.61]
["MATERIAL",97,"ADAPTADOR PVC SOLDAVEL, COM FLANGE E ANEL DE VEDACAO, 32 MM X 1\", PARA CAIXA D'AGUA","UN","CR",20.66,18.57,19.989999999999998,18.97]
["MATERIAL",98,"ADAPTADOR PVC SOLDAVEL, COM FLANGE E ANEL DE VEDACAO, 40 MM X 1 1/4\", PARA CAIXA D'AGUA","UN","CR",30.93,27.79,29.93,28.39]
["MATERIAL",99,"ADAPTADOR PVC SOLDAVEL, COM FLANGE E ANEL DE VEDACAO, 50 MM X 1 1/2\", PARA CAIXA D'AGUA","UN","CR",29.24,26.27,28.29,26.84]
["MATERIAL",60,"ADAPTADOR PVC, COM REGISTRO, PARA PEAD, 20 MM X 3/4\", PARA LIGACAO PREDIAL DE AGUA","UN","CR",0,0,0,8.19]
["MATERIAL",72,"ADAPTADOR PVC, ROSCAVEL, COM FLANGES E ANEL DE VEDACAO, 1 1/2\", PARA CAIXA D'AGUA","UN","CR",56.07,50.38,54.25,51.47]
["MATERIAL",71,"ADAPTADOR PVC, ROSCAVEL, COM FLANGES E ANEL DE VEDACAO, 1\", PARA CAIXA D'AGUA","UN","CR",34.630000000000003,31.11,33.51,31.79]
["MATERIAL",67,"ADAPTADOR PVC, ROSCAVEL, COM FLANGES E ANEL DE VEDACAO, 1/2\", PARA CAIXA D'AGUA","UN","CR",18.13,16.29,17.54,16.64]
["MATERIAL",73,"ADAPTADOR PVC, ROSCAVEL, COM FLANGES E ANEL DE VEDACAO, 3/4\", PARA CAIXA D'AGUA","UN","CR",17.350000000000001,15.59,16.79,15.92]
["MATERIAL",100,"ADAPTADOR PVC, SOLDAVEL, COM FLANGES E ANEL DE VEDACAO, 60 MM X 2\", PARA CAIXA D'AGUA","UN","CR",51.08,45.89,49.42,46.89]
["MATERIAL",75,"ADAPTADOR PVC, SOLDAVEL, COM FLANGES LIVRES, 110 MM X 4\", PARA CAIXA D'AGUA","UN","CR",297.8,267.57,288.14999999999998,273.36]
["MATERIAL",83,"ADAPTADOR PVC, SOLDAVEL, COM FLANGES LIVRES, 75 MM X 2 1/2\", PARA CAIXA D'AGUA","UN","CR",238.08,213.91,230.37,218.54]
["MATERIAL",74,"ADAPTADOR PVC, SOLDAVEL, COM FLANGES LIVRES, 85 MM X 3\", PARA CAIXA D'AGUA","UN","CR",340.39,305.83999999999997,329.37,312.45999999999998]
["MATERIAL",106,"ADAPTADOR PVC, SOLDAVEL, LONGO, COM FLANGE LIVRE, 110 MM X 4\", PARA CAIXA D'AGUA","UN","CR",430.44,386.75,416.5,395.11]
["MATERIAL",88,"ADAPTADOR PVC, SOLDAVEL, LONGO, COM FLANGE LIVRE, 32 MM X 1\", PARA CAIXA D'AGUA","UN","CR",12.1,10.87,11.7,11.1]
["MATERIAL",82,"ADAPTADOR PVC, SOLDAVEL, LONGO, COM FLANGE LIVRE, 75 MM X 2 1/2\", PARA CAIXA D'AGUA","UN","CR",226.52,203.52,219.18,207.93]
["MATERIAL",105,"ADAPTADOR PVC, SOLDAVEL, LONGO, COM FLANGE LIVRE, 85 MM X 3\", PARA CAIXA D'AGUA","UN","CR",320.97000000000003,288.39,310.57,294.63]
["MATERIAL",39719,"ADESIVO / COLA DE CONTATO LIQUIDO, A BASE DE RESINAS, PARA COLAGEM DE ESPUMA PARA ISOLAMENTO TERMICO FLEXIVEL","L","CR",179.14,170.13,190.75,191.75]
["MATERIAL",3410,"ADESIVO / COLA PARA EPS (ISOPOR) E OUTROS MATERIAIS","KG","CR",40.29,38.270000000000003,42.91,43.13]
["MATERIAL",4791,"ADESIVO ACRILICO DE BASE AQUOSA / COLA DE CONTATO","KG","CR",51.83,52.69,57.9,53.51]
["MATERIAL",157,"ADESIVO ESTRUTURAL A BASE DE RESINA EPOXI PARA INJECAO EM TRINCAS, BICOMPONENTE, BAIXA VISCOSIDADE","KG","CR",151.54,201.08,186.3,134.05000000000001]
["MATERIAL",156,"ADESIVO ESTRUTURAL A BASE DE RESINA EPOXI, BICOMPONENTE, FLUIDO","KG","CR",53.95,71.59,66.33,47.73]
["MATERIAL",131,"ADESIVO ESTRUTURAL A BASE DE RESINA EPOXI, BICOMPONENTE, PASTOSO (TIXOTROPICO)","KG","CR",46.14,61.23,56.73,40.82]
["MATERIAL",21114,"ADESIVO PARA TUBOS CPVC, *75* G","UN","CR",35.31,33.53,37.6,37.799999999999997]
["MATERIAL",119,"ADESIVO PLASTICO PARA PVC, BISNAGA COM 75 GR","UN","C",8.9499999999999993,8.5,9.5299999999999994,9.58]
["MATERIAL",122,"ADESIVO PLASTICO PARA PVC, FRASCO COM *850* GR","UN","CR",68.86,65.400000000000006,73.319999999999993,73.709999999999994]
["MATERIAL",20080,"ADESIVO PLASTICO PARA PVC, FRASCO COM 175 GR","UN","CR",22.47,21.34,23.93,24.06]
["MATERIAL",124,"ADITIVO ACELERADOR DE PEGA E ENDURECIMENTO PARA ARGAMASSAS E CONCRETOS, LIQUIDO E ISENTO DE CLORETOS","L","CR",17.79,23.61,21.87,15.74]
["MATERIAL",7334,"ADITIVO ADESIVO LIQUIDO PARA ARGAMASSAS DE REVESTIMENTOS CIMENTICIOS","L","CR",12.82,15.03,14.96,13.49]
["MATERIAL",45146,"ADITIVO IMPERMEABILIZANTE CRISTALIZANTE PARA CONCRETO","KG","CR",34.119999999999997,45.27,41.95,30.18]
["MATERIAL",123,"ADITIVO IMPERMEABILIZANTE DE PEGA NORMAL PARA ARGAMASSAS E CONCRETOS SEM ARMACAO, LIQUIDO E ISENTO DE CLORETOS","L","C",7.28,9.66,8.9499999999999993,6.44]
["MATERIAL",127,"ADITIVO IMPERMEABILIZANTE DE PEGA ULTRARRAPIDA, LIQUIDO E ISENTO DE CLORETOS","L","CR",17.38,23.06,21.37,15.37]
["MATERIAL",133,"ADITIVO LIQUIDO INCORPORADOR DE AR PARA CONCRETO E ARGAMASSA, LIQUIDO E ISENTO DE CLORETOS","L","CR",7.22,9.58,8.8699999999999992,6.38]
["MATERIAL",43617,"ADITIVO PLASTIFICANTE E ESTABILIZADOR PARA ARGAMASSAS DE ASSENTAMENTO E REBOCO, LIQUIDO E ISENTO DE CLORETOS","L","CR",8.06,10.7,9.91,7.13]
["MATERIAL",132,"ADITIVO PLASTIFICANTE RETARDADOR DE PEGA E REDUTOR DE AGUA PARA CONCRETO, LIQUIDO E ISENTO DE CLORETOS","L","CR",7.48,9.93,9.1999999999999993,6.62]
["MATERIAL",43618,"ADITIVO SUPERPLASTIFICANTE DE PEGA NORMAL PARA CONCRETO, LIQUIDO E ISENTO DE CLORETOS","KG","CR",18.84,25,23.16,16.66]
["MATERIAL",37476,"ADUELA/ GALERIA PRE-MOLDADA DE CONCRETO ARMADO, SECAO QUADRADA INTERNA DE 1,50 X 1,50 M (L X A), MISULA DE 20 X 20 CM, C = 1,00 M, ESPESSURA MIN = 15 CM, TB-45 E FCK DO CONCRETO = 30 MPA","UN","CR",0,3660.5,3976.63,3910.08]
["MATERIAL",37478,"ADUELA/ GALERIA PRE-MOLDADA DE CONCRETO ARMADO, SECAO RETANGULAR INTERNA DE 2,00 X 2,00 M (L X A), MISULA DE 20 X 20 CM, C = 1,00 M, ESPESSURA MIN = 15 CM, TB-45 E FCK DO CONCRETO = 30 MPA","UN","CR",0,4584.87,4980.84,4897.47]
["MATERIAL",37477,"ADUELA/ GALERIA PRE-MOLDADA DE CONCRETO ARMADO, SECAO RETANGULAR INTERNA DE 2,50 X 2,50 M (L X A), MISULA DE 20 X 20 CM, C = 1,00 M, ESPESSURA MIN = 15 CM, TB-45 E FCK DO CONCRETO = 30 MPA","UN","CR",0,6211.76,6748.23,6635.29]
["MATERIAL",37479,"ADUELA/ GALERIA PRE-MOLDADA DE CONCRETO ARMADO, SECAO RETANGULAR INTERNA DE 3,00 X 3,00 M (L X A), MISULA DE 20 X 20 CM, C = 1.00 M, ESPESSURA MIN = 20 CM, TB-45 E FCK DO CONCRETO = 30 MPA","UN","CR",0,7367.22,8003.48,7869.53]
["MATERIAL",4319,"AFASTADOR PARA TELHA DE FIBROCIMENTO CANALETE 90 OU KALHETAO","UN","CR",1.31,1.51,0,1.74]
["MATERIAL",42409,"AGENTE DE CURA, PROTETOR DA EVAPORACAO DA AGUA DE HIDRATACAO DO CONCRETO","KG","CR",11.86,15.74,14.58,10.49]
["MATERIAL",40553,"AGREGADO RECICLADO, TIPO RACHAO RECICLADO CINZA, CLASSE A","M3","C",0,0,0,0]
["MAO DE OBRA",6114,"AJUDANTE DE ARMADOR (HORISTA)","H","CR",15.03,17.97,16.57,18.23]
["MAO DE OBRA",40912,"AJUDANTE DE ARMADOR (MENSALISTA)","MES","CR",2650.07,3155.57,2955.38,3218.73]
["MAO DE OBRA",247,"AJUDANTE DE ELETRICISTA (HORISTA)","H","CR",15.03,17.97,16.57,18.23]
["MAO DE OBRA",40919,"AJUDANTE DE ELETRICISTA (MENSALISTA)","MES","CR",2650.07,3155.57,2955.38,3218.73]
["MAO DE OBRA",44499,"AJUDANTE DE ESTRUTURAS METALICAS (HORISTA)","H","CR",15.03,17.97,16.57,18.23]
["MAO DE OBRA",40984,"AJUDANTE DE ESTRUTURAS METALICAS (MENSALISTA)","MES","CR",2650.07,3155.57,2955.38,3218.73]
["MAO DE OBRA",248,"AJUDANTE DE OPERACAO EM GERAL (HORISTA)","H","CR",15.44,24.55,16.489999999999998,19.739999999999998]
["MAO DE OBRA",41086,"AJUDANTE DE OPERACAO EM GERAL (MENSALISTA)","MES","CR",2723.31,4308.16,2942.38,3488.51]
["MAO DE OBRA",34466,"AJUDANTE DE PINTOR (HORISTA)","H","CR",15.03,17.97,16.57,18.23]
["MAO DE OBRA",41083,"AJUDANTE DE PINTOR (MENSALISTA)","MES","CR",2650.07,3155.57,2955.38,3218.73]
["MAO DE OBRA",252,"AJUDANTE DE SERRALHEIRO (HORISTA)","H","CR",15.03,17.97,16.57,18.23]
["MAO DE OBRA",40909,"AJUDANTE DE SERRALHEIRO (MENSALISTA)","MES","CR",2650.07,3155.57,2955.38,3218.73]
["MAO DE OBRA",242,"AJUDANTE ESPECIALIZADO (HORISTA)","H","CR",15.44,15.55,16.489999999999998,19.739999999999998]
["MAO DE OBRA",41085,"AJUDANTE ESPECIALIZADO (MENSALISTA)","MES","CR",2723.31,2731.35,2942.38,3488.51]
["MATERIAL",427,"ALCA PREFORMADA DE CONTRA POSTE, EM ACO GALVANIZADO, PARA CABO 3/16\", COMPRIMENTO *860* MM","UN","CR",10.5,15.41,13.26,0]
["MATERIAL",417,"ALCA PREFORMADA DE DISTRIBUICAO, EM ACO GALVANIZADO, PARA CABO DE ALUMINIO DIAMETRO 16 A 25 MM","UN","CR",4.95,7.26,6.25,0]
["MATERIAL",11273,"ALCA PREFORMADA DE DISTRIBUICAO, EM ACO GALVANIZADO, PARA CONDUTORES DE ALUMINIO AWG 1/0 (CAA 6/1 OU CA 7 FIOS)","UN","CR",15.36,22.54,19.399999999999999,0]
["MATERIAL",11272,"ALCA PREFORMADA DE DISTRIBUICAO, EM ACO GALVANIZADO, PARA CONDUTORES DE ALUMINIO AWG 2 (CAA 6/1 OU CA 7 FIOS)","UN","CR",9.27,13.61,11.71,0]
["MATERIAL",11275,"ALCA PREFORMADA DE SERVICO, EM ACO GALVANIZADO, PARA CONDUTORES DE ALUMINIO AWG 4 (CAA 6/1)","UN","CR",3.72,5.46,4.7,0]
["MATERIAL",11274,"ALCA PREFORMADA DE SERVICO, EM ACO GALVANIZADO, PARA CONDUTORES DE ALUMINIO AWG 6 (CAA 6/1)","UN","CR",2.83,4.16,3.58,0]
["MATERIAL",45250,"ALICATE BICO LONGO (MEIA CANA) 6\", COM ISOLAMENTO ATE 1000 V","UN","CR",38.97,48.61,37.97,42.26]
["MATERIAL",38470,"ALICATE DE CORTE DIAGONAL 6\" COM ISOLAMENTO","UN","CR",39.9,49.77,38.869999999999997,43.26]
["MATERIAL",38547,"ALICATE DE CRIMPAR RJ11, RJ12 E RJ45, COM CATRACA","UN","CR",264.85000000000002,330.37,258.06,287.18]
["MATERIAL",38467,"ALICATE DE PRESSAO 11\" PARA SOLDA, TIPO C","UN","CR",175.65,171,133.86000000000001,168.04]
["MATERIAL",38468,"ALICATE DE PRESSAO 11\" PARA SOLDA, TIPO U","UN","CR",219.26,213.45,167.09,209.76]
["MATERIAL",38469,"ALICATE DE PRESSAO PARA SOLDA DE CHAPA 18\"","UN","CR",252.89,315.45,246.4,274.20999999999998]
["MATERIAL",45197,"ALICATE DESENCAPADOR AUTOMATICO 8\"","UN","CR",201.68,251.58,196.51,218.69]
["MATERIAL",38471,"ALICATE PARA ANEIS DE PISTAO, CAPACIDADE *50* A 100 MM","UN","CR",270.47000000000003,337.38,263.54000000000002,293.27999999999997]
["MATERIAL",45206,"ALICATE PROFISSIONAL 8\", UNIVERSAL, COM ISOLAMENTO ATE 1000 V","UN","CR",53.44,66.66,52.07,57.94]
["MATERIAL",37370,"ALIMENTACAO - HORISTA (COLETADO CAIXA - ENCARGOS COMPLEMENTARES)","H","C",3.32,2.76,3.95,2.12]
["MATERIAL",40862,"ALIMENTACAO - MENSALISTA (COLETADO CAIXA - ENCARGOS COMPLEMENTARES)","MES","C",625.14,520.35,744.3,399.66]
["EQUIPAMENTO (AQUISIÇÃO)",10658,"ALISADORA DE CONCRETO COM MOTOR A GASOLINA DE 5,5 HP, PESO COM MOTOR DE 78 KG, 4 PAS","UN","C",0,0,0,0]
["MAO DE OBRA",253,"ALMOXARIFE (HORISTA)","H","C",24.13,20.86,38.74,24.12]
["MAO DE OBRA",40809,"ALMOXARIFE (MENSALISTA)","MES","CR",4252.4799999999996,3660.12,6904.26,4258.84]
["MATERIAL",42428,"ALONGADOR COM TRES ALTURAS, EM TUBO DE ACO CARBONO, PINTURA NO PROCESSO ELETROSTATICO - EQUIPAMENTO DE GINASTICA PARA ACADEMIA AO AR LIVRE / ACADEMIA DA TERCEIRA IDADE - ATI","UN","C",0,0,0,0]
["MATERIAL",301,"ANEL BORRACHA PARA TUBO ESGOTO PREDIAL, DN 100 MM (NBR 5688)","UN","C",3.65,3.5,2.79,3]
["MATERIAL",296,"ANEL BORRACHA PARA TUBO ESGOTO PREDIAL, DN 50 MM (NBR 5688)","UN","CR",2.06,1.98,1.57,1.69]
["MATERIAL",297,"ANEL BORRACHA PARA TUBO ESGOTO PREDIAL, DN 75 MM (NBR 5688)","UN","CR",3.03,2.91,2.31,2.4900000000000002]
["MATERIAL",299,"ANEL BORRACHA, DN 100 MM, PARA TUBO SERIE REFORCADA ESGOTO PREDIAL","UN","CR",4.28,4.0999999999999996,3.27,3.52]
["MATERIAL",300,"ANEL BORRACHA, DN 150 MM, PARA TUBO SERIE REFORCADA ESGOTO PREDIAL","UN","CR",14.81,14.21,11.32,12.18]
["MATERIAL",20085,"ANEL BORRACHA, DN 50 MM, PARA TUBO SERIE REFORCADA ESGOTO PREDIAL","UN","CR",2.71,2.59,2.0699999999999998,2.2200000000000002]
["MATERIAL",298,"ANEL BORRACHA, DN 75 MM, PARA TUBO SERIE REFORCADA ESGOTO PREDIAL","UN","CR",3.29,3.15,2.5099999999999998,2.7]
["MATERIAL",311,"ANEL BORRACHA, PARA TUBO PVC DEFOFO, DN 100 MM (NBR 7665)","UN","CR",12.22,11.71,9.34,10.039999999999999]
["MATERIAL",318,"ANEL BORRACHA, PARA TUBO PVC DEFOFO, DN 150 MM (NBR 7665)","UN","CR",24.61,23.59,18.809999999999999,20.22]
["MATERIAL",319,"ANEL BORRACHA, PARA TUBO PVC DEFOFO, DN 200 MM (NBR 7665)","UN","CR",38.58,37,29.49,31.71]
["MATERIAL",303,"ANEL BORRACHA, PARA TUBO PVC, REDE COLETOR ESGOTO, DN 100 MM (NBR 7362)","UN","CR",4.04,3.87,3.09,3.32]
["MATERIAL",305,"ANEL BORRACHA, PARA TUBO PVC, REDE COLETOR ESGOTO, DN 150 MM (NBR 7362)","UN","CR",12.72,12.2,9.7200000000000006,10.45]
["MATERIAL",306,"ANEL BORRACHA, PARA TUBO PVC, REDE COLETOR ESGOTO, DN 200 MM (NBR 7362)","UN","CR",19.29,18.5,14.74,15.85]
["MATERIAL",307,"ANEL BORRACHA, PARA TUBO PVC, REDE COLETOR ESGOTO, DN 250 MM (NBR 7362)","UN","CR",48.74,46.73,37.25,40.06]
["MATERIAL",309,"ANEL BORRACHA, PARA TUBO PVC, REDE COLETOR ESGOTO, DN 350 MM (NBR 7362)","UN","CR",79.84,76.55,61.02,65.62]
["MATERIAL",310,"ANEL BORRACHA, PARA TUBO PVC, REDE COLETOR ESGOTO, DN 400 MM (NBR 7362)","UN","CR",110.65,106.11,84.58,90.95]
["MATERIAL",308,"ANEL BORRACHA, PARA TUBO, PVC REDE COLETOR ESGOTO, DN 300 MM (NBR 7362)","UN","CR",108.78,104.3,83.14,89.4]
["MATERIAL",328,"ANEL BORRACHA, PARA TUBO/CONEXAO PVC PBA, DN 100 MM, PARA REDE AGUA","UN","CR",9.67,9.2799999999999994,7.39,7.95]
["MATERIAL",325,"ANEL BORRACHA, PARA TUBO/CONEXAO PVC PBA, DN 50 MM, PARA REDE AGUA","UN","CR",2.85,2.73,2.1800000000000002,2.34]
["MATERIAL",20326,"ANEL BORRACHA, PARA TUBO/CONEXAO PVC PBA, DN 60 MM, PARA REDE AGUA","UN","CR",5.22,5.01,3.99,4.29]
["MATERIAL",329,"ANEL BORRACHA, PARA TUBO/CONEXAO PVC PBA, DN 75 MM, PARA REDE AGUA","UN","CR",8.09,7.76,6.18,6.65]
["MATERIAL",39642,"ANEL DE BORRACHA PARA VEDACAO DE DUTO PEAD CORRUGADO PARA ELETRICA, DN 1 1/2\" (NBR 15715)","UN","CR",3.58,3.43,2.74,2.94]
["MATERIAL",39641,"ANEL DE BORRACHA PARA VEDACAO DE DUTO PEAD CORRUGADO PARA ELETRICA, DN 1 1/4\" (NBR 15715)","UN","CR",3.14,3.01,2.4,2.58]
["MATERIAL",39643,"ANEL DE BORRACHA PARA VEDACAO DE DUTO PEAD CORRUGADO PARA ELETRICA, DN 2\" (NBR 15715)","UN","CR",4.21,4.03,3.22,3.46]
["MATERIAL",39644,"ANEL DE BORRACHA PARA VEDACAO DE DUTO PEAD CORRUGADO PARA ELETRICA, DN 3\" (NBR 15715)","UN","CR",6.52,6.25,4.99,5.36]
["MATERIAL",39645,"ANEL DE BORRACHA PARA VEDACAO DE DUTO PEAD CORRUGADO PARA ELETRICA, DN 4\" (NBR 15715)","UN","CR",7.15,6.86,5.46,5.88]
["MATERIAL",41610,"ANEL DE CONCRETO ARMADO COM FUNDO, PARA FOSSA E POCO 1,50 X *0,50* M","UN","CR",0,679.11,737.76,725.41]
["MATERIAL",41611,"ANEL DE CONCRETO ARMADO COM FUNDO, PARA FOSSA E POCO 2,00 X *0,50* M","UN","CR",0,1070.42,1162.8599999999999,1143.4000000000001]
["MATERIAL",41612,"ANEL DE CONCRETO ARMADO COM FUNDO, PARA FOSSA E POCO 2,50 X *0,50* M","UN","CR",0,1503.02,1632.83,1605.5]
["MATERIAL",41637,"ANEL DE CONCRETO ARMADO, COM FUROS/DRENO PARA SUMIDOURO, D = 0,80 M, H = 0,50 M","UN","CR",0,140.5,152.63,150.08000000000001]
["MATERIAL",41638,"ANEL DE CONCRETO ARMADO, COM FUROS/DRENO PARA SUMIDOURO, D = 1,00 M, H = 0,50M","UN","CR",0,183.02,198.83,195.5]
["MATERIAL",41639,"ANEL DE CONCRETO ARMADO, COM FUROS/DRENO PARA SUMIDOURO, D = 1,50 M, H = 0,50 M","UN","CR",0,442.77,481.01,472.96]
["MATERIAL",11789,"ANEL DE DISTRIBUICAO EM ACO GALVANIZADO PARA FIO FE-160","UN","CR",1.4,2.06,1.77,0]
["MATERIAL",20975,"ANEL DE EXPANSAO EM COBRE, ENGATE RAPIDO 1 1/2\", PARA EMPATACAO MANGUEIRA DE COMBATE A INCENDIO PREDIAL","UN","CR",0,0,13.05,10.65]
["MATERIAL",20976,"ANEL DE EXPANSAO EM COBRE, ENGATE RAPIDO 2 1/2\", PARA EMPATACAO MANGUEIRA DE COMBATE A INCENDIO PREDIAL","UN","CR",0,0,19.72,16.09]
["MATERIAL",6138,"ANEL DE VEDACAO, PVC FLEXIVEL, 100 MM, PARA SAIDA DE BACIA / VASO SANITARIO","UN","CR",12.26,10.55,15.42,11.06]
["MATERIAL",40340,"ANEL DE VEDACAO/JUNTA ELASTICA, H = *16* MM, PARA TUBO DE CONCRETO, DN 300 MM","UN","CR",26.85,25.75,20.52,22.07]
["MATERIAL",40341,"ANEL DE VEDACAO/JUNTA ELASTICA, H = *16* MM, PARA TUBO DE CONCRETO, DN 400 MM","UN","CR",32.04,30.73,24.49,26.34]
["MATERIAL",40342,"ANEL DE VEDACAO/JUNTA ELASTICA, H = *16* MM, PARA TUBO DE CONCRETO, DN 500 MM","UN","CR",38.22,36.65,29.21,31.41]
["MATERIAL",40343,"ANEL DE VEDACAO/JUNTA ELASTICA, H = *16* MM, PARA TUBO DE CONCRETO, DN 600 MM","UN","CR",45.33,43.47,34.65,37.26]
["MATERIAL",40344,"ANEL DE VEDACAO/JUNTA ELASTICA, H = *18* MM, PARA TUBO DE CONCRETO, DN 700 MM","UN","CR",61.79,59.26,47.23,50.79]
["MATERIAL",40345,"ANEL DE VEDACAO/JUNTA ELASTICA, H = *19* MM, PARA TUBO DE CONCRETO, DN 800 MM","UN","CR",76.14,73.010000000000005,58.2,62.58]
["MATERIAL",40346,"ANEL DE VEDACAO/JUNTA ELASTICA, H = *19* MM, PARA TUBO DE CONCRETO, DN 900 MM","UN","CR",88.33,84.7,67.510000000000005,72.599999999999994]
["MATERIAL",40347,"ANEL DE VEDACAO/JUNTA ELASTICA, H = *21* MM, PARA TUBO DE CONCRETO, DN 1000 MM","UN","CR",110.98,106.42,84.83,91.21]
["MATERIAL",43424,"ANEL EM CONCRETO ARMADO, LISO, PARA FOSSAS SEPTICAS E SUMIDOUROS, COM FUNDO, DIAMETRO INTERNO DE 1,20 M E ALTURA DE 0,50 M","UN","CR",0,568.98,618.12,607.78]
["MATERIAL",43426,"ANEL EM CONCRETO ARMADO, LISO, PARA FOSSAS SEPTICAS E SUMIDOUROS, COM FUNDO, DIAMETRO INTERNO DE 3,00 M E ALTURA DE 0,50 M","UN","CR",0,1962.43,2131.92,2096.23]
["MATERIAL",12565,"ANEL EM CONCRETO ARMADO, LISO, PARA FOSSAS SEPTICAS E SUMIDOUROS, SEM FUNDO, DIAMETRO INTERNO DE 2,00 M E ALTURA DE 0,50 M","UN","CR",0,688.2,747.63,735.12]
["MATERIAL",12567,"ANEL EM CONCRETO ARMADO, LISO, PARA FOSSAS SEPTICAS E SUMIDOUROS, SEM FUNDO, DIAMETRO INTERNO DE 2,50 M E ALTURA DE 0,50 M","UN","CR",0,924.36,1004.2,987.39]
["MATERIAL",12568,"ANEL EM CONCRETO ARMADO, LISO, PARA FOSSAS SEPTICAS E SUMIDOUROS, SEM FUNDO, DIAMETRO INTERNO DE 3,00 M E ALTURA DE 0,50 M","UN","CR",0,1294.1099999999999,1405.88,1382.35]
["MATERIAL",43441,"ANEL EM CONCRETO ARMADO, LISO, PARA POCOS DE INSPECAO, COM FUNDO, DIAMETRO INTERNO DE 0,60 M E ALTURA DE 0,50 M","UN","CR",0,166.38,180.75,177.73]
["MATERIAL",43423,"ANEL EM CONCRETO ARMADO, LISO, PARA POCOS DE INSPECAO, SEM FUNDO, DIAMETRO INTERNO DE 0,60 M E ALTURA DE 0,20 M","UN","CR",0,77.64,84.35,82.94]
["MATERIAL",12532,"ANEL EM CONCRETO ARMADO, LISO, PARA POCOS DE INSPECAO, SEM FUNDO, DIAMETRO INTERNO DE 0,60 M E ALTURA DE 0,50 M","UN","CR",0,119.75,130.09,127.91]
["MATERIAL",43444,"ANEL EM CONCRETO ARMADO, LISO, PARA POCOS DE VISITA, POCOS DE INSPECAO, FOSSAS SEPTICAS E SUMIDOUROS, COM FUNDO, DIAMETRO INTERNO DE 1,20 M E ALTURA DE 0,75 M","UN","CR",0,402.1,436.82,429.51]
["MATERIAL",12551,"ANEL EM CONCRETO ARMADO, LISO, PARA POCOS DE VISITA, POCOS DE INSPECAO, FOSSAS SEPTICAS E SUMIDOUROS, SEM FUNDO, DIAMETRO INTERNO DE 1,20 M E ALTURA DE 0,50 M","UN","CR",0,286.88,311.66000000000003,306.44]
["MATERIAL",43442,"ANEL EM CONCRETO ARMADO, LISO, PARA POCOS DE VISITAS, POCOS DE INSPECAO, FOSSAS SEPTICAS E SUMIDOUROS, COM FUNDO, DIAMETRO INTERNO DE 0,80 M E ALTURA DE 0,50 M","UN","CR",0,221.84,241,236.97]
["MATERIAL",43443,"ANEL EM CONCRETO ARMADO, LISO, PARA POCOS DE VISITAS, POCOS DE INSPECAO, FOSSAS SEPTICAS E SUMIDOUROS, COM FUNDO, DIAMETRO INTERNO DE 1,00 M E ALTURA DE 0,50 M","UN","CR",0,291.17,316.32,311.02]
["MATERIAL",12544,"ANEL EM CONCRETO ARMADO, LISO, PARA POCOS DE VISITAS, POCOS DE INSPECAO, FOSSAS SEPTICAS E SUMIDOUROS, SEM FUNDO, DIAMETRO INTERNO DE 0,80 M E ALTURA DE 0,50 M","UN","CR",0,157.13999999999999,170.71,167.85]
["MATERIAL",12547,"ANEL EM CONCRETO ARMADO, LISO, PARA POCOS DE VISITAS, POCOS DE INSPECAO, FOSSAS SEPTICAS E SUMIDOUROS, SEM FUNDO, DIAMETRO INTERNO DE 1,00 M E ALTURA DE 0,50 M","UN","CR",0,211.34,229.6,225.75]
["MATERIAL",43445,"ANEL EM CONCRETO ARMADO, LISO, PARA, POCOS DE VISITA, POCOS DE INSPECAO, FOSSAS SEPTICAS E SUMIDOUROS, COM FUNDO, DIAMETRO INTERNO DE 1,50 M E ALTURA DE 1,00 M","UN","CR",0,554.62,602.52,592.42999999999995]
["MATERIAL",12563,"ANEL EM CONCRETO ARMADO, LISO, PARA, POCOS DE VISITA, POCOS DE INSPECAO, FOSSAS SEPTICAS E SUMIDOUROS, SEM FUNDO, DIAMETRO INTERNO DE 1,50 M E ALTURA DE 0,50 M","UN","CR",0,396.81,431.08,423.86]
["MATERIAL",43425,"ANEL EM CONCRETO ARMADO, PERFURADO, PARA FOSSAS SEPTICAS E SUMIDOUROS, SEM FUNDO, DIAMETRO INTERNO DE 1,20 M E ALTURA DE 0,50 M","UN","CR",0,249.57,271.13,266.58999999999997]
["MATERIAL",43446,"ANEL EM CONCRETO ARMADO, PERFURADO, PARA FOSSAS SEPTICAS E SUMIDOUROS, SEM FUNDO, DIAMETRO INTERNO DE 2,00 M E ALTURA DE 0,50 M","UN","CR",0,526.89,572.39,562.80999999999995]
["MATERIAL",43447,"ANEL EM CONCRETO ARMADO, PERFURADO, PARA FOSSAS SEPTICAS E SUMIDOUROS, SEM FUNDO, DIAMETRO INTERNO DE 2,50 M E ALTURA DE 0,50 M","UN","CR",0,647.04999999999995,702.94,691.17]
["MATERIAL",43448,"ANEL EM CONCRETO ARMADO, PERFURADO, PARA FOSSAS SEPTICAS E SUMIDOUROS, SEM FUNDO, DIAMETRO INTERNO DE 3,00 M E ALTURA DE 0,50 M","UN","CR",0,905.88,984.11,967.64]
["MATERIAL",13761,"APARELHO CORTE OXI-ACETILENO PARA SOLDA E CORTE CONTENDO MACARICO SOLDA, BICO DE CORTE, CILINDROS, REGULADORES, MANGUEIRAS E CARRINHO","UN","CR",4426.8100000000004,4309.53,3373.6,4234.9799999999996]
["MATERIAL",4814,"APARELHO SINALIZADOR LUMINOSO COM LED, PARA SAIDA GARAGEM, COM 2 LENTES EM POLICARBONATO, BIVOLT (INCLUI SUPORTE DE FIXACAO)","UN","CR",49.74,54.72,54.17,55.27]
["EQUIPAMENTO (AQUISIÇÃO)",44473,"APOIO DO PORTA DENTE PARA FRESADORA DE ASFALTO","UN","CR",0,0,0,0]
["MAO DE OBRA",6122,"APONTADOR OU APROPRIADOR DE MAO DE OBRA (HORISTA)","H","CR",24.4,19.64,36.869999999999997,20.96]
["MAO DE OBRA",40810,"APONTADOR OU APROPRIADOR DE MAO DE OBRA (MENSALISTA)","MES","CR",4303.7299999999996,3446.25,6572.92,3702.18]
["EQUIPAMENTO (AQUISIÇÃO)",21100,"AQUECEDOR DE AGUA A GAS GLP/GN COM CAPACIDADE DE ARMAZENAMENTO DE 50 A 80 L","UN","CR",0,0,0,1997.11]
["EQUIPAMENTO (AQUISIÇÃO)",11811,"AQUECEDOR DE AGUA ELETRICO HORIZONTAL, RESERVATORIO DE 200 L CILINDRICO EM COBRE, REFORCADO COM ACO CARBONO, MONOFASICO, TENSAO NOMINAL 220 V","UN","CR",0,0,0,2882.86]
["EQUIPAMENTO (AQUISIÇÃO)",11816,"AQUECEDOR DE AGUA ELETRICO RESERVATORIO DE 100 L CILINDRICO EM COBRE, REFORCADO COM ACO CARBONO, MONOFASICO, TENSAO NOMINAL 220 V","UN","C",0,0,0,2129.5]
["EQUIPAMENTO (AQUISIÇÃO)",11814,"AQUECEDOR DE AGUA ELETRICO RESERVATORIO DE 500 L CILINDRICO EM COBRE, REFORCADO COM ACO CARBONO, MONOFASICO, TENSAO NOMINAL 220 V","UN","CR",0,0,0,4635.38]
["EQUIPAMENTO (AQUISIÇÃO)",14186,"AQUECEDOR DE AGUA ELETRICO RESERVATORIO DE 500 L CILINDRICO EM COBRE, REFORCADO COM ACO CARBONO, TRIFASICO, TENSAO NOMINAL 220/380/400 V, POTENCIA 24 KW","UN","CR",0,0,0,5820.35]
["EQUIPAMENTO (AQUISIÇÃO)",14185,"AQUECEDOR DE AGUA ELETRICO RESERVATORIO DE 700 L CILINDRICO EM COBRE, REFORCADO COM ACO CARBONO, MONOFASICO, TENSAO NOMINAL 220 V","UN","CR",0,0,0,7539.62]
["EQUIPAMENTO (AQUISIÇÃO)",44498,"AQUECEDOR DE OLEO BPF (FLUIDO) TERMICO, CAPACIDADE DE 300.000 KCAL/H","UN","CR",0,0,0,0]
["EQUIPAMENTO (AQUISIÇÃO)",34469,"AQUECEDOR SOLAR COM RESERVATORIO TERMICO DE 1000 L E *5* PLACAS COLETORAS DE *2,0* M2 (NAO INCLUI ACESSORIOS) (SEM INSTALACAO)","UN","CR",0,0,0,9612.61]
["EQUIPAMENTO (AQUISIÇÃO)",34476,"AQUECEDOR SOLAR COM RESERVATORIO TERMICO DE 400 L E *2* PLACAS COLETORAS DE *2,0* M2 (NAO INCLUI ACESSORIOS) (SEM INSTALACAO)","UN","CR",0,0,0,5013.38]
["EQUIPAMENTO (AQUISIÇÃO)",34477,"AQUECEDOR SOLAR COM RESERVATORIO TERMICO DE 600 L E *3* PLACAS COLETORAS DE *2,0* M2 (NAO INCLUI ACESSORIOS) (SEM INSTALACAO)","UN","CR",0,0,0,6653.73]
["EQUIPAMENTO (AQUISIÇÃO)",34482,"AQUECEDOR SOLAR COM RESERVATORIO TERMICO DE 800 L E *4* PLACAS COLETORAS DE *2,0* M2 (NAO INCLUI ACESSORIOS) (SEM INSTALACAO)","UN","CR",0,0,0,6214.21]
["EQUIPAMENTO (AQUISIÇÃO)",34472,"AQUECEDOR SOLAR DE INSTALACAO EXTERNA, KIT COMPACTO, CONJUNTO COM RESERVATORIO TERMICO DE 200 L, PLACA COLETORA DE *2,0* M2 E INCLUSO ACESSORIOS (RESIDENCIAS ATE 120,00 M2 E DE 4 A 5 BANHOS POR DIA) (SEM INSTALACAO)","UN","C",0,0,0,2957.5]
["EQUIPAMENTO (AQUISIÇÃO)",42425,"AR CONDICIONADO SPLIT INVERTER, HI-WALL (PAREDE), 12000 BTU/H, CICLO FRIO, 60HZ, CLASSIFICACAO A (SELO PROCEL), GAS HFC, CONTROLE S/FIO","UN","CR",2222.25,2592.73,2899.23,2384.25]
["EQUIPAMENTO (AQUISIÇÃO)",42422,"AR CONDICIONADO SPLIT INVERTER, HI-WALL (PAREDE), 18000 BTU/H, CICLO FRIO, 60HZ, CLASSIFICACAO A (SELO PROCEL), GAS HFC, CONTROLE S/FIO","UN","C",3299,3849,4304,3539.5]
["EQUIPAMENTO (AQUISIÇÃO)",43184,"AR CONDICIONADO SPLIT INVERTER, HI-WALL (PAREDE), 24000 BTU/H, CICLO FRIO, 60HZ, CLASSIFICACAO A (SELO PROCEL), GAS HFC, CONTROLE S/FIO","UN","CR",4559.53,5319.69,5948.54,4891.93]
["EQUIPAMENTO (AQUISIÇÃO)",42424,"AR CONDICIONADO SPLIT INVERTER, HI-WALL (PAREDE), 9000 BTU/H, CICLO FRIO, 60HZ, CLASSIFICACAO A (SELO PROCEL), GAS HFC, CONTROLE S/FIO","UN","CR",1984.66,2315.54,2589.2600000000002,2129.34]
["EQUIPAMENTO (AQUISIÇÃO)",42416,"AR CONDICIONADO SPLIT INVERTER, PISO TETO, 18000 BTU/H, CICLO FRIO, 60HZ, CLASSIFICACAO ENERGETICA A OU B (SELO PROCEL), GAS HFC, CONTROLE S/FIO","UN","CR",8555.64,9982.01,11162.01,9179.35]
["EQUIPAMENTO (AQUISIÇÃO)",42417,"AR CONDICIONADO SPLIT INVERTER, PISO TETO, 24000 BTU/H, CICLO FRIO, 60HZ, CLASSIFICACAO ENERGETICA A OU B (SELO PROCEL), GAS HFC, CONTROLE S/FIO","UN","CR",9591.57,11190.65,12513.53,10290.81]
["EQUIPAMENTO (AQUISIÇÃO)",42419,"AR CONDICIONADO SPLIT INVERTER, PISO TETO, 36000 BTU/H, CICLO FRIO, 60HZ, CLASSIFICACAO ENERGETICA A OU B (SELO PROCEL), GAS HFC, CONTROLE S/FIO","UN","CR",10836.44,12643.06,14137.63,11626.43]
["EQUIPAMENTO (AQUISIÇÃO)",42420,"AR CONDICIONADO SPLIT INVERTER, PISO TETO, 48000 BTU/H, CICLO FRIO, 60HZ, CLASSIFICACAO ENERGETICA A OU B (SELO PROCEL), GAS HFC, CONTROLE S/FIO","UN","CR",14893.89,17376.95,19431.13,15979.66]
["EQUIPAMENTO (AQUISIÇÃO)",42421,"AR CONDICIONADO SPLIT INVERTER, PISO TETO, APRESENTANDO ENTRE 54000 E 58000 BTU/H, CICLO FRIO, 60HZ, CLASSIFICACAO ENERGETICA A OU B (SELO PROCEL), GAS HFC, CONTROLE S/FIO","UN","CR",18070.11,21082.71,23574.95,19387.439999999999]
["EQUIPAMENTO (AQUISIÇÃO)",39556,"AR CONDICIONADO SPLIT ON/OFF, CASSETE (TETO), 18000 BTUS/H, CICLO QUENTE/FRIO, 60 HZ, CLASSIFICACAO ENERGETICA C - SELO PROCEL, GAS HFC, CONTROLE S/ FIO","UN","CR",6275.34,7321.55,8187.05,6732.82]
["EQUIPAMENTO (AQUISIÇÃO)",39557,"AR CONDICIONADO SPLIT ON/OFF, CASSETE (TETO), 24000 BTUS/H, CICLO QUENTE/FRIO, 60 HZ, CLASSIFICACAO ENERGETICA C - SELO PROCEL, GAS HFC, CONTROLE S/ FIO","UN","CR",6757.18,7883.71,8815.67,7249.78]
["EQUIPAMENTO (AQUISIÇÃO)",39559,"AR CONDICIONADO SPLIT ON/OFF, CASSETE (TETO), 36000 BTUS/H, CICLO QUENTE/FRIO, 60 HZ, CLASSIFICACAO ENERGETICA A - SELO PROCEL, GAS HFC, CONTROLE S/ FIO","UN","CR",9985.81,11650.61,13027.86,10713.78]
["EQUIPAMENTO (AQUISIÇÃO)",39560,"AR CONDICIONADO SPLIT ON/OFF, CASSETE (TETO), 48000 BTUS/H, CICLO QUENTE/FRIO, 60 HZ, CLASSIFICACAO ENERGETICA A - SELO PROCEL, GAS HFC, CONTROLE S/ FIO","UN","CR",11552.6,13478.62,15071.96,12394.8]
["EQUIPAMENTO (AQUISIÇÃO)",39561,"AR CONDICIONADO SPLIT ON/OFF, CASSETE (TETO), 60000 BTUS/H, CICLO QUENTE/FRIO, 60 HZ, CLASSIFICACAO ENERGETICA A - SELO PROCEL, GAS HFC, CONTROLE S/ FIO","UN","CR",12085.5,14100.36,15767.2,12966.54]
["EQUIPAMENTO (AQUISIÇÃO)",43195,"AR CONDICIONADO SPLIT ON/OFF, CASSETE (TETO), FRIO 4 VIAS 18000 BTUS/H, CLASSIFICACAO ENERGETICA C - SELO PROCEL, GAS HFC, CONTROLE S/ FIO","UN","CR",5244.35,6118.67,6841.98,5626.67]
["EQUIPAMENTO (AQUISIÇÃO)",43196,"AR CONDICIONADO SPLIT ON/OFF, CASSETE (TETO), FRIO 4 VIAS 24000 BTUS/H, CLASSIFICACAO ENERGETICA C - SELO PROCEL, GAS HFC, CONTROLE S/ FIO","UN","CR",6499.62,7583.21,8479.65,6973.44]
["EQUIPAMENTO (AQUISIÇÃO)",43198,"AR CONDICIONADO SPLIT ON/OFF, CASSETE (TETO), FRIO 4 VIAS 36000 BTUS/H, CLASSIFICACAO ENERGETICA C - SELO PROCEL, GAS HFC, CONTROLE S/ FIO","UN","CR",9658.2800000000007,11268.48,12600.55,10362.370000000001]
["EQUIPAMENTO (AQUISIÇÃO)",43199,"AR CONDICIONADO SPLIT ON/OFF, CASSETE (TETO), FRIO 4 VIAS 48000 BTUS/H, CLASSIFICACAO ENERGETICA C - SELO PROCEL, GAS HFC, CONTROLE S/ FIO","UN","CR",10012.19,11681.39,13062.28,10742.09]
["EQUIPAMENTO (AQUISIÇÃO)",43200,"AR CONDICIONADO SPLIT ON/OFF, CASSETE (TETO), FRIO 4 VIAS 60000 BTUS/H, CLASSIFICACAO ENERGETICA C - SELO PROCEL, GAS HFC, CONTROLE S/ FIO","UN","CR",11489.72,13405.25,14989.92,12327.33]
["EQUIPAMENTO (AQUISIÇÃO)",43190,"AR CONDICIONADO SPLIT ON/OFF, HI-WALL (PAREDE), 12000 BTUS/H, CICLO FRIO, 60 HZ, CLASSIFICACAO ENERGETICA A - SELO PROCEL, GAS HFC, CONTROLE S/ FIO","UN","CR",1783.5,2080.84,2326.8200000000002,1913.52]
["EQUIPAMENTO (AQUISIÇÃO)",39555,"AR CONDICIONADO SPLIT ON/OFF, HI-WALL (PAREDE), 12000 BTUS/H, CICLO QUENTE/FRIO, 60 HZ, CLASSIFICACAO ENERGETICA A - SELO PROCEL, GAS HFC, CONTROLE S/ FIO","UN","CR",1929.29,2250.9299999999998,2517.02,2069.9299999999998]
["EQUIPAMENTO (AQUISIÇÃO)",43191,"AR CONDICIONADO SPLIT ON/OFF, HI-WALL (PAREDE), 18000 BTUS/H, CICLO FRIO, 60 HZ, CLASSIFICACAO ENERGETICA A - SELO PROCEL, GAS HFC, CONTROLE S/ FIO","UN","CR",2566.2199999999998,2994.05,3347.98,2753.29]
["EQUIPAMENTO (AQUISIÇÃO)",39548,"AR CONDICIONADO SPLIT ON/OFF, HI-WALL (PAREDE), 18000 BTUS/H, CICLO QUENTE/FRIO, 60 HZ, CLASSIFICACAO ENERGETICA A - SELO PROCEL, GAS HFC, CONTROLE S/ FIO","UN","CR",2861.73,3338.83,3733.52,3070.35]
["EQUIPAMENTO (AQUISIÇÃO)",43192,"AR CONDICIONADO SPLIT ON/OFF, HI-WALL (PAREDE), 24000 BTUS/H, CICLO FRIO, 60 HZ, CLASSIFICACAO ENERGETICA A - SELO PROCEL, GAS HFC, CONTROLE S/ FIO","UN","CR",3361.51,3921.94,4385.5600000000004,3606.57]
["EQUIPAMENTO (AQUISIÇÃO)",39554,"AR CONDICIONADO SPLIT ON/OFF, HI-WALL (PAREDE), 24000 BTUS/H, CICLO QUENTE/FRIO, 60 HZ, CLASSIFICACAO ENERGETICA A - SELO PROCEL, GAS HFC, CONTROLE S/ FIO","UN","CR",3784.21,4415.1000000000004,4937.0200000000004,4060.08]
["EQUIPAMENTO (AQUISIÇÃO)",43194,"AR CONDICIONADO SPLIT ON/OFF, HI-WALL (PAREDE), 9000 BTUS/H, CICLO FRIO, 60 HZ, CLASSIFICACAO ENERGETICA A - SELO PROCEL, GAS HFC, CONTROLE S/ FIO","UN","CR",1527.87,1782.59,1993.32,1639.25]
["EQUIPAMENTO (AQUISIÇÃO)",39551,"AR CONDICIONADO SPLIT ON/OFF, HI-WALL (PAREDE), 9000 BTUS/H, CICLO QUENTE/FRIO, 60 HZ, CLASSIFICACAO ENERGETICA A - SELO PROCEL, GAS HFC, CONTROLE S/ FIO","UN","CR",1682.35,1962.82,2194.86,1804.99]
["EQUIPAMENTO (AQUISIÇÃO)",43185,"AR CONDICIONADO SPLIT ON/OFF, PISO TETO, 18.000 BTU/H, CICLO FRIO, 60HZ, CLASSIFICACAO ENERGETICA C - SELO PROCEL, GAS HFC, CONTROLE S/FIO","UN","CR",4780.93,5578,6237.39,5129.47]
["EQUIPAMENTO (AQUISIÇÃO)",43186,"AR CONDICIONADO SPLIT ON/OFF, PISO TETO, 24.000 BTU/H, CICLO FRIO, 60HZ, CLASSIFICACAO ENERGETICA C - SELO PROCEL, GAS HFC, CONTROLE S/FIO","UN","CR",5042.92,5883.66,6579.18,5410.55]
["EQUIPAMENTO (AQUISIÇÃO)",43187,"AR CONDICIONADO SPLIT ON/OFF, PISO TETO, 36.000 BTU/H, CICLO FRIO, 60HZ, CLASSIFICACAO ENERGETICA C - SELO PROCEL, GAS HFC, CONTROLE S/FIO","UN","CR",6692,7807.68,8730.64,7179.86]
["EQUIPAMENTO (AQUISIÇÃO)",43188,"AR CONDICIONADO SPLIT ON/OFF, PISO TETO, 48.000 BTU/H, CICLO FRIO, 60HZ, CLASSIFICACAO ENERGETICA C - SELO PROCEL, GAS HFC, CONTROLE S/FIO","UN","CR",8108.25,9460.0400000000009,10578.33,8699.35]
["EQUIPAMENTO (AQUISIÇÃO)",43189,"AR CONDICIONADO SPLIT ON/OFF, PISO TETO, 60.000 BTU/H, CICLO FRIO, 60HZ, CLASSIFICACAO ENERGETICA C - SELO PROCEL, GAS HFC, CONTROLE S/FIO","UN","CR",9120.43,10640.96,11898.86,9785.32]
["EQUIPAMENTO (AQUISIÇÃO)",39580,"AR-CONDICIONADO FRIO SPLITAO INVERTER 30 TR","UN","CR",71872.740000000005,83855.16,93767.89,77112.320000000007]
["EQUIPAMENTO (AQUISIÇÃO)",39577,"AR-CONDICIONADO FRIO SPLITAO MODULAR 10 TR","UN","CR",22496.01,26246.49,29349.15,24135.99]
["EQUIPAMENTO (AQUISIÇÃO)",39578,"AR-CONDICIONADO FRIO SPLITAO MODULAR 15 TR","UN","CR",29031.55,33871.61,37875.660000000003,31147.97]
["EQUIPAMENTO (AQUISIÇÃO)",39579,"AR-CONDICIONADO FRIO SPLITAO MODULAR 20 TR","UN","CR",42238.63,49280.54,55106.12,45317.87]
["EQUIPAMENTO (AQUISIÇÃO)",39826,"AR-CONDICIONADO SPLIT INVERTER, PISO TETO, 24000 BTU/H, QUENTE/FRIO, 60HZ, CLASSIFICACAO ENERGETICA A - SELO PROCEL, GAS HFC, CONTROLE S/FIO","UN","CR",5187.67,6052.55,6768.03,5565.86]
["EQUIPAMENTO (AQUISIÇÃO)",10700,"ARADO REVERSIVEL COM 3 DISCOS DE 26\" X 6MM REBOCAVEL","UN","CR",0,0,0,0]
["MATERIAL",346,"ARAME DE ACO OVALADO 15 X 17 (45,7 KG, 700 KGF), ROLO 1000 M","KG","CR",36.25,22.73,23.69,24.28]
["MATERIAL",3312,"ARAME DE AMARRACAO PARA GABIAO GALVANIZADO, DIAMETRO 2,2 MM","KG","CR",32.1,20.13,20.98,21.5]
["MATERIAL",339,"ARAME FARPADO GALVANIZADO, 14 BWG (2,11 MM), CLASSE 250","M","CR",1.87,1.17,1.22,1.25]
["MATERIAL",340,"ARAME FARPADO GALVANIZADO, 16 BWG (1,65 MM), CLASSE 250","M","CR",1.69,1.06,1.1000000000000001,1.1299999999999999]
["MATERIAL",43130,"ARAME GALVANIZADO 12 BWG, D = 2,76 MM (0,048 KG/M) OU 14 BWG, D = 2,11 MM (0,026 KG/M)","KG","C",30.6,19.190000000000001,20,20.5]
["MATERIAL",344,"ARAME GALVANIZADO 16 BWG, D = 1,65MM (0,0166 KG/M)","KG","CR",40.229999999999997,25.22,26.29,26.95]
["MATERIAL",345,"ARAME GALVANIZADO 18 BWG, D = 1,24MM (0,009 KG/M)","KG","CR",43.65,27.37,28.52,29.24]
["MATERIAL",43131,"ARAME GALVANIZADO 6 BWG, D = 5,16 MM (0,157 KG/M), OU 8 BWG, D = 4,19 MM (0,101 KG/M), OU 10 BWG, D = 3,40 MM (0,0713 KG/M)","KG","CR",35.54,22.29,23.23,23.81]
["MATERIAL",3313,"ARAME PROTEGIDO COM POLIMERO PARA GABIAO, DIAMETRO 2,2 MM","KG","CR",41.31,25.91,27,27.67]
["MATERIAL",43132,"ARAME RECOZIDO 16 BWG, D = 1,65 MM (0,016 KG/M) OU 18 BWG, D = 1,25 MM (0,01 KG/M)","KG","CR",30.6,19.190000000000001,20,20.5]
["MATERIAL",45245,"ARCO DE SERRA REGULAVEL PARA LAMINAS DE 8\" A 12\"","UN","CR",42.85,53.45,41.75,46.46]
["MATERIAL",366,"AREIA FINA - POSTO JAZIDA/FORNECEDOR (RETIRADO NA JAZIDA, SEM TRANSPORTE)","M3","C",150,127.5,210.23,165]
["MATERIAL",367,"AREIA GROSSA - POSTO JAZIDA/FORNECEDOR (RETIRADO NA JAZIDA, SEM TRANSPORTE)","M3","CR",151.96,129.16,212.97,167.15]
["MATERIAL",370,"AREIA MEDIA - POSTO JAZIDA/FORNECEDOR (RETIRADO NA JAZIDA, SEM TRANSPORTE)","M3","CR",150,127.5,210.23,165]
["MATERIAL",368,"AREIA PARA ATERRO - POSTO JAZIDA/FORNECEDOR (RETIRADO NA JAZIDA, SEM TRANSPORTE)","M3","CR",75,63.75,105.11,82.5]
["MATERIAL",11075,"AREIA PARA LEITO FILTRANTE (0,42 A 1,68 MM) - POSTO JAZIDA/FORNECEDOR (RETIRADO NA JAZIDA, SEM TRANSPORTE)","M3","CR",1721.53,1463.3,2412.79,1893.69]
["MATERIAL",1381,"ARGAMASSA COLANTE AC I PARA CERAMICAS","KG","C",0.8,0.75,0.65,0.68]
["MATERIAL",34353,"ARGAMASSA COLANTE AC II","KG","CR",1.49,1.39,1.21,1.26]
["MATERIAL",37595,"ARGAMASSA COLANTE TIPO AC III","KG","CR",2.46,2.2999999999999998,1.99,2.09]
["MATERIAL",37596,"ARGAMASSA COLANTE TIPO AC III E","KG","CR",2.82,2.64,2.29,2.39]
["MATERIAL",371,"ARGAMASSA INDUSTRIALIZADA MULTIUSO, PARA REVESTIMENTO INTERNO E EXTERNO E ASSENTAMENTO DE BLOCOS DIVERSOS","KG","CR",0.87,0.81,0.71,0.74]
["MATERIAL",37553,"ARGAMASSA INDUSTRIALIZADA PARA CHAPISCO COLANTE","KG","CR",1.63,1.53,1.32,1.39]
["MATERIAL",37552,"ARGAMASSA INDUSTRIALIZADA PARA CHAPISCO ROLADO","KG","CR",2.63,2.46,2.13,2.23]
["MATERIAL",36880,"ARGAMASSA PARA REVESTIMENTO DECORATIVO MONOCAMADA","KG","CR",2.67,2.5,2.17,2.27]
["MATERIAL",34355,"ARGAMASSA PISO SOBRE PISO","KG","CR",2.2999999999999998,2.15,1.86,1.95]
["MATERIAL",130,"ARGAMASSA POLIMERICA DE REPARO ESTRUTURAL, BICOMPONENTE","KG","CR",4.1500000000000004,5.51,5.0999999999999996,3.67]
["MATERIAL",135,"ARGAMASSA POLIMERICA IMPERMEABILIZANTE SEMIFLEXIVEL, BICOMPONENTE, A BASE DE CIMENTO E ADITIVOS","KG","CR",3.34,4.43,4.0999999999999996,2.95]
["MATERIAL",36886,"ARGAMASSA PRONTA PARA CONTRAPISO","KG","CR",0.83,0.77,0.67,0.7]
["MATERIAL",38546,"ARGAMASSA USINADA AUTOADENSAVEL E AUTONIVELANTE PARA CONTRAPISO, COM BOMBEAMENTO (DISPONIBILIZACAO DE BOMBA), SEM O LANCAMENTO","M3","CR",636.14,698.33,536.29999999999995,567.39]
["MATERIAL",34549,"ARGILA EXPANDIDA, GRANULOMETRIA 2215","M3","CR",0,0,0,0]
["MATERIAL",6081,"ARGILA OU BARRO PARA ATERRO/REATERRO (COM TRANSPORTE ATE 10 KM)","M3","CR",0,0,0,0]
["MATERIAL",6077,"ARGILA OU BARRO PARA ATERRO/REATERRO (RETIRADO NA JAZIDA, SEM TRANSPORTE)","M3","CR",0,0,0,0]
["MATERIAL",6079,"ARGILA, ARGILA VERMELHA OU ARGILA ARENOSA (RETIRADA NA JAZIDA, SEM TRANSPORTE)","M3","CR",0,0,0,0]
["MATERIAL",1091,"ARMACAO VERTICAL COM HASTE E CONTRA-PINO, EM CHAPA DE ACO GALVANIZADO 3/16\", COM 1 ESTRIBO E 1 ISOLADOR","UN","CR",41.84,61.38,52.83,0]
["MATERIAL",1094,"ARMACAO VERTICAL COM HASTE E CONTRA-PINO, EM CHAPA DE ACO GALVANIZADO 3/16\", COM 1 ESTRIBO, SEM ISOLADOR","UN","CR",29.26,42.93,36.950000000000003,0]
["MATERIAL",1095,"ARMACAO VERTICAL COM HASTE E CONTRA-PINO, EM CHAPA DE ACO GALVANIZADO 3/16\", COM 2 ESTRIBOS, E 2 ISOLADORES","UN","CR",62.19,91.24,78.52,0]
["MATERIAL",1092,"ARMACAO VERTICAL COM HASTE E CONTRA-PINO, EM CHAPA DE ACO GALVANIZADO 3/16\", COM 2 ESTRIBOS, SEM ISOLADOR","UN","C",48.12,70.599999999999994,60.76,0]
["MATERIAL",1093,"ARMACAO VERTICAL COM HASTE E CONTRA-PINO, EM CHAPA DE ACO GALVANIZADO 3/16\", COM 3 ESTRIBOS E 3 ISOLADORES","UN","CR",112.37,164.87,141.88999999999999,0]
["MATERIAL",1090,"ARMACAO VERTICAL COM HASTE E CONTRA-PINO, EM CHAPA DE ACO GALVANIZADO 3/16\", COM 3 ESTRIBOS, SEM ISOLADOR","UN","CR",80.459999999999994,118.05,101.59,0]
["MATERIAL",1096,"ARMACAO VERTICAL COM HASTE E CONTRA-PINO, EM CHAPA DE ACO GALVANIZADO 3/16\", COM 4 ESTRIBOS E 4 ISOLADORES","UN","CR",144.80000000000001,212.44,182.83,0]
["MATERIAL",1097,"ARMACAO VERTICAL COM HASTE E CONTRA-PINO, EM CHAPA DE ACO GALVANIZADO 3/16\", COM 4 ESTRIBOS, SEM ISOLADOR","UN","CR",122.91,180.34,155.19999999999999,0]
["MAO DE OBRA",378,"ARMADOR (HORISTA)","H","CR",24.13,20.86,23.15,24.12]
["MAO DE OBRA",40911,"ARMADOR (MENSALISTA)","MES","CR",4252.4799999999996,3660.12,4126.08,4258.84]
["MAO DE OBRA",33939,"ARQUITETO JUNIOR (HORISTA)","H","CR",120.17,121.3,122.66,123.15]
["MAO DE OBRA",40815,"ARQUITETO JUNIOR (MENSALISTA)","MES","CR",21176.34,21282.720000000001,21861.96,21741.77]
["MAO DE OBRA",33952,"ARQUITETO PLENO (HORISTA)","H","CR",127.31,128.5,128.12,129.94]
["MAO DE OBRA",40816,"ARQUITETO PLENO (MENSALISTA)","MES","CR",22434.29,22546.99,22834.11,22938.3]
["MAO DE OBRA",33953,"ARQUITETO SENIOR (HORISTA)","H","CR",133.43,134.68,134.28,134.06]
["MAO DE OBRA",40817,"ARQUITETO SENIOR (MENSALISTA)","MES","CR",23511.86,23629.98,23930.89,23663.01]
["MATERIAL",13348,"ARRUELA EM ACO GALVANIZADO, DIAMETRO EXTERNO = 35MM, ESPESSURA = 3MM, DIAMETRO DO FURO= 18MM","UN","CR",0,0,0,0]
["MATERIAL",39212,"ARRUELA EM ALUMINIO, COM ROSCA, DE 1 1/2\", PARA ELETRODUTO","UN","CR",1.68,0,1.74,2.61]
["MATERIAL",39211,"ARRUELA EM ALUMINIO, COM ROSCA, DE 1 1/4\", PARA ELETRODUTO","UN","CR",1.5,0,1.56,2.34]
["MATERIAL",39210,"ARRUELA EM ALUMINIO, COM ROSCA, DE 1\", PARA ELETRODUTO","UN","CR",0.84,0,0.87,1.31]
["MATERIAL",39208,"ARRUELA EM ALUMINIO, COM ROSCA, DE 1/2\", PARA ELETRODUTO","UN","CR",0.46,0,0.47,0.71]
["MATERIAL",39214,"ARRUELA EM ALUMINIO, COM ROSCA, DE 2 1/2\", PARA ELETRODUTO","UN","CR",3.11,0,3.22,4.83]
["MATERIAL",39213,"ARRUELA EM ALUMINIO, COM ROSCA, DE 2\", PARA ELETRODUTO","UN","CR",2.19,0,2.2799999999999998,3.41]
["MATERIAL",39215,"ARRUELA EM ALUMINIO, COM ROSCA, DE 3\", PARA ELETRODUTO","UN","CR",5.66,0,5.88,8.8000000000000007]
["MATERIAL",39209,"ARRUELA EM ALUMINIO, COM ROSCA, DE 3/4\", PARA ELETRODUTO","UN","CR",0.54,0,0.56000000000000005,0.85]
["MATERIAL",39207,"ARRUELA EM ALUMINIO, COM ROSCA, DE 3/8\", PARA ELETRODUTO","UN","CR",0.84,0,0.87,1.31]
["MATERIAL",39216,"ARRUELA EM ALUMINIO, COM ROSCA, DE 4\", PARA ELETRODUTO","UN","CR",7.9,0,8.1999999999999993,12.28]
["MATERIAL",11267,"ARRUELA LISA, REDONDA, DE LATAO POLIDO, DIAMETRO NOMINAL 5/8\", DIAMETRO EXTERNO = 34 MM, DIAMETRO DO FURO = 17 MM, ESPESSURA = *2,5* MM","UN","CR",0,0,0,0]
["MATERIAL",379,"ARRUELA QUADRADA EM ACO GALVANIZADO, DIMENSAO = 38 MM, ESPESSURA = 3MM, DIAMETRO DO FURO= 18 MM","UN","CR",0,0,0,0]
["MATERIAL",510,"ASFALTO MODIFICADO TIPO I - NBR 9910 (ASFALTO OXIDADO PARA IMPERMEABILIZACAO, COEFICIENTE DE PENETRACAO 25-40)","KG","CR",13.92,0,10.83,12.64]
["MATERIAL",516,"ASFALTO MODIFICADO TIPO II - NBR 9910 (ASFALTO OXIDADO PARA IMPERMEABILIZACAO, COEFICIENTE DE PENETRACAO 20-35)","KG","CR",16.489999999999998,0,12.83,14.97]
["MATERIAL",509,"ASFALTO MODIFICADO TIPO III - NBR 9910 (ASFALTO OXIDADO PARA IMPERMEABILIZACAO, COEFICIENTE DE PENETRACAO 15-25)","KG","CR",18.510000000000002,0,14.39,16.8]
["MAO DE OBRA",40331,"ASSENTADOR DE MANILHAS (HORISTA)","H","CR",12.19,11.94,18.399999999999999,18.64]
["MAO DE OBRA",40930,"ASSENTADOR DE MANILHAS (MENSALISTA)","MES","CR",2149.75,2097.0100000000002,3283.4,3292.54]
["MATERIAL",377,"ASSENTO SANITARIO DE PLASTICO, TIPO CONVENCIONAL","UN","C",36.81,40.74,44.89,37.950000000000003]
["MATERIAL",11761,"ASSENTO VASO SANITARIO INFANTIL EM PLASTICO BRANCO","UN","CR",78.33,86.7,95.53,80.760000000000005]
["MATERIAL",7588,"AUTOMATICO DE BOIA SUPERIOR / INFERIOR, *15* A / 250 V","UN","C",44.67,49.51,58,52.5]
["MAO DE OBRA",34551,"AUXILIAR DE AZULEJISTA (HORISTA)","H","CR",15.42,13.38,15.06,16.23]
["MAO DE OBRA",41078,"AUXILIAR DE AZULEJISTA (MENSALISTA)","MES","CR",2719.73,2349.77,2686.5,2868.64]
["MAO DE OBRA",246,"AUXILIAR DE ENCANADOR OU BOMBEIRO HIDRAULICO (HORISTA)","H","CR",15.03,17.97,16.57,18.23]
["MAO DE OBRA",40927,"AUXILIAR DE ENCANADOR OU BOMBEIRO HIDRAULICO (MENSALISTA)","MES","CR",2650.07,3155.57,2955.38,3218.73]
["MAO DE OBRA",2350,"AUXILIAR DE ESCRITORIO (HORISTA)","H","CR",20.059999999999999,16.309999999999999,28.78,19.87]
["MAO DE OBRA",40812,"AUXILIAR DE ESCRITORIO (MENSALISTA)","MES","CR",3536.99,2865.1,5132.1400000000003,3510.56]
["MAO DE OBRA",245,"AUXILIAR DE LABORATORISTA DE SOLOS E DE CONCRETO (HORISTA)","H","CR",27.45,26.44,36.51,30.93]
["MAO DE OBRA",41090,"AUXILIAR DE LABORATORISTA DE SOLOS E DE CONCRETO (MENSALISTA)","MES","CR",4839.17,4640.76,6510.24,5462.56]
["MAO DE OBRA",251,"AUXILIAR DE MECANICO (HORISTA)","H","CR",15.03,17.97,16.57,18.23]
["MAO DE OBRA",40975,"AUXILIAR DE MECANICO (MENSALISTA)","MES","CR",2650.07,3155.57,2955.38,3218.73]
["MAO DE OBRA",6127,"AUXILIAR DE PEDREIRO (HORISTA)","H","CR",15.03,17.97,16.57,18.23]
["MAO DE OBRA",41072,"AUXILIAR DE PEDREIRO (MENSALISTA)","MES","CR",2650.07,3155.57,2955.38,3218.73]
["MAO DE OBRA",6121,"AUXILIAR DE SERVICOS GERAIS (HORISTA)","H","CR",14.69,14.96,15.65,16.190000000000001]
["MAO DE OBRA",41071,"AUXILIAR DE SERVICOS GERAIS (MENSALISTA)","MES","CR",2589.7399999999998,2626.7,2789.41,2860.27]
["MAO DE OBRA",244,"AUXILIAR DE TOPOGRAFO (HORISTA)","H","CR",10.85,8.23,10.4,20.22]
["MAO DE OBRA",41093,"AUXILIAR DE TOPOGRAFO (MENSALISTA)","MES","CR",1913.73,1447.49,1856.85,3573.18]
["MAO DE OBRA",532,"AUXILIAR TECNICO / ASSISTENTE DE ENGENHARIA (HORISTA)","H","CR",29.75,24.95,33.99,37.520000000000003]
["MAO DE OBRA",40931,"AUXILIAR TECNICO / ASSISTENTE DE ENGENHARIA (MENSALISTA)","MES","CR",5245.14,4380.05,6059.05,6625.77]
["MATERIAL",36150,"AVENTAL DE SEGURANCA DE RASPA DE COURO 1,00 X 0,60 M","UN","CR",35.57,48.73,40.54,40.19]
["MATERIAL",45262,"AVENTAL EM PVC, FORRADO, *0,3* MM DE ESPESSURA, *1,15 X 0,70* M (COMPRIMENTO X LARGURA), 100% IMPERMEAVEL","UN","CR",10.59,14.51,12.07,11.96]
["MAO DE OBRA",4760,"AZULEJISTA OU LADRILHEIRO (HORISTA)","H","CR",24.8,20.86,23.15,26.14]
["MAO DE OBRA",41069,"AZULEJISTA OU LADRILHEIRO (MENSALISTA)","MES","CR",4373.47,3660.12,4126.08,4618.1000000000004]
["MATERIAL",10422,"BACIA SANITARIA (VASO) COM CAIXA ACOPLADA, SIFAO APARENTE, DE LOUCA BRANCA (SEM ASSENTO)","UN","CR",423.39,431.56,383,443]
["MATERIAL",44019,"BACIA SANITARIA (VASO) COM CAIXA ACOPLADA, SIFAO OCULTO / CARENADO, DE LOUCA BRANCA (SEM ASSENTO) - PADRAO ALTO","UN","CR",586.08000000000004,597.38,530.16,613.22]
["MATERIAL",36520,"BACIA SANITARIA (VASO) CONVENCIONAL PARA PCD, SEM FURO FRONTAL, DE LOUCA BRANCA (SEM ASSENTO)","UN","CR",712.61,726.35,644.62,745.61]
["MATERIAL",42319,"BACIA SANITARIA (VASO) CONVENCIONAL PARA USO ESPECIFICO (HOSPITAIS, CLINICAS), COM FURO FRONTAL, DE LOUCA BRANCA, SEM ASSENTO","UN","CR",638.53,650.85,577.61,668.1]
["MATERIAL",10420,"BACIA SANITARIA (VASO) CONVENCIONAL, DE LOUCA BRANCA, SIFAO APARENTE, SAIDA VERTICAL (SEM ASSENTO)","UN","C",226.51,230.88,204.9,237]
["MATERIAL",10421,"BACIA SANITARIA (VASO) CONVENCIONAL, DE LOUCA COLORIDA, SIFAO APARENTE, SAIDA VERTICAL (SEM ASSENTO)","UN","CR",248.91,253.71,225.16,260.43]
["MATERIAL",11786,"BACIA SANITARIA (VASO) INFANTIL, SIFONADO, DE LOUCA BRANCA, (SEM ASSENTO)","UN","CR",501.89,511.57,454.01,525.13]
["MATERIAL",45195,"BALANCIM INDIVIDUAL, TIPO CADEIRA SUSPENSA SOBE E DESCE","UN","CR",5083.75,6341.49,4953.46,5512.5]
["MATERIAL",45226,"BALDE DE PLASTICO CAPACIDADE 12 L","UN","CR",18.21,0,20.94,17.57]
["MATERIAL",4815,"BALDE VERMELHO PARA SINALIZACAO DE VIAS","UN","CR",8.7100000000000009,11.94,9.93,9.84]
["MATERIAL",541,"BANCADA DE MARMORE SINTETICO COM UMA CUBA, 120 X *60* CM","UN","C",218.66,185,213.9,225]
["MATERIAL",542,"BANCADA DE MARMORE SINTETICO COM UMA CUBA, 150 X *60* CM","UN","CR",274.08999999999997,231.9,268.12,282.04000000000002]
["MATERIAL",540,"BANCADA DE MARMORE SINTETICO COM UMA CUBA, 200 X *60* CM","UN","CR",617.66,522.58000000000004,604.22,635.57000000000005]
["MATERIAL",38364,"BANCADA/ BANCA EM GRANITO, POLIDO, TIPO ANDORINHA/ QUARTZ/ CASTELO/ CORUMBA OU OUTROS EQUIVALENTES DA REGIAO, COM CUBA INOX, FORMATO *120 X 60* CM, E= *2* CM","UN","CR",817.61,0,737,653.39]
["MATERIAL",11692,"BANCADA/ BANCA/ BALCAO/ TAMPO EM MARMORE BRANCO COMUM, POLIDO, LISO, ACABAMENTO RETO, E= *3* CM (SEM FUROS)","M2","CR",673.02,0,471.86,390.89]
["MATERIAL",1746,"BANCADA/BANCA/PIA DE ACO INOXIDAVEL (AISI 430) COM 1 CUBA CENTRAL, COM VALVULA, ESCORREDOR DUPLO, DE *0,55 X 1,20* M","UN","C",222.06,263.61,249.9,277.45]
["MATERIAL",1748,"BANCADA/BANCA/PIA DE ACO INOXIDAVEL (AISI 430) COM 1 CUBA CENTRAL, COM VALVULA, ESCORREDOR DUPLO, DE *0,55 X 1,40* M","UN","CR",295.27999999999997,350.54,332.3,368.94]
["MATERIAL",1749,"BANCADA/BANCA/PIA DE ACO INOXIDAVEL (AISI 430) COM 1 CUBA CENTRAL, COM VALVULA, ESCORREDOR DUPLO, DE *0,55 X 1,80* M","UN","CR",427.81,507.86,481.45,534.53]
["MATERIAL",37412,"BANCADA/BANCA/PIA DE ACO INOXIDAVEL (AISI 430) COM 1 CUBA CENTRAL, COM VALVULA, LISA (SEM ESCORREDOR), DE *0,55 X 1,20* M","UN","CR",217.06,257.68,244.28,271.20999999999998]
["MATERIAL",1745,"BANCADA/BANCA/PIA DE ACO INOXIDAVEL (AISI 430) COM 1 CUBA CENTRAL, SEM VALVULA, ESCORREDOR DUPLO, DE *0,55 X 1,60* M","UN","CR",258.11,306.41000000000003,290.47000000000003,322.5]
["MATERIAL",1750,"BANCADA/BANCA/PIA DE ACO INOXIDAVEL (AISI 430) COM 2 CUBAS, COM VALVULAS, ESCORREDOR DUPLO, DE *0,55 X 2,00* M","UN","CR",603.17999999999995,716.04,678.8,753.64]
["MATERIAL",11687,"BANCADA/TAMPO ACO INOX (AISI 304), LARGURA 60 CM, COM RODABANCA (NAO INCLUI PES DE APOIO)","M","CR",961.05,1140.8699999999999,1081.54,1200.77]
["MATERIAL",11689,"BANCADA/TAMPO ACO INOX (AISI 304), LARGURA 70 CM, COM RODABANCA (NAO INCLUI PES DE APOIO)","M","CR",1204.1400000000001,1429.45,1355.1,1504.5]
["MATERIAL",11693,"BANCADA/TAMPO LISO (SEM CUBA) EM MARMORE SINTETICO","M2","CR",242.45,205.12,237.17,249.48]
["MATERIAL",36215,"BANCO ARTICULADO PARA BANHO, EM ACO INOX POLIDO, 70* CM X 45* CM","UN","CR",0,0,850.5,0]
["MATERIAL",42439,"BANCO COM ENCOSTO, 1,60M* DE COMPRIMENTO, EM TUBO DE ACO CARBONO E PINTURA NO PROCESSO ELETROSTATICO - PARA ACADEMIA AO AR LIVRE / ACADEMIA DA TERCEIRA IDADE - ATI","UN","CR",0,0,0,0]
["MATERIAL",38381,"BANDEJA DE PINTURA PARA ROLO 23 CM","UN","CR",14.57,0,16.75,14.06]
["MATERIAL",39621,"BARRA ANTIPANICO DUPLA, CEGA EM LADO OPOSTO, COR CINZA","PAR","CR",1484.92,1183.17,1358.63,1216.01]
["MATERIAL",39624,"BARRA ANTIPANICO DUPLA, PARA PORTA DE VIDRO, COR CINZA","PAR","CR",1638.03,1305.17,1498.72,1341.39]
["MATERIAL",39615,"BARRA ANTIPANICO SIMPLES, CEGA EM LADO OPOSTO, COR CINZA","UN","CR",661.91,527.41,605.62,542.04]
["MATERIAL",39620,"BARRA ANTIPANICO SIMPLES, COM FECHADURA LADO OPOSTO, COR CINZA","UN","CR",1010.92,805.5,924.94,827.85]
["MATERIAL",39623,"BARRA ANTIPANICO SIMPLES, PARA PORTA DE VIDRO, COR CINZA","UN","CR",1082.79,862.76,990.7,886.7]
["MATERIAL",546,"BARRA DE ACO CHATA, RETANGULAR (QUALQUER BITOLA)","KG","C",10.029999999999999,9.26,10.57,8.5]
["MATERIAL",566,"BARRA DE ACO CHATO, RETANGULAR, 19,05 MM X 3,17 MM (L X E), 0,47 KG/M","M","CR",4.76,4.3899999999999997,5.01,4.03]
["MATERIAL",565,"BARRA DE ACO CHATO, RETANGULAR, 25,4 MM X 4,76 MM (L X E), 0,94 KG/M","M","CR",17.350000000000001,16.010000000000002,18.28,14.7]
["MATERIAL",555,"BARRA DE ACO CHATO, RETANGULAR, 25,4 MM X 6,35 MM (L X E), 1,2265 KG/M","M","CR",12.3,11.35,12.96,10.42]
["MATERIAL",557,"BARRA DE ACO CHATO, RETANGULAR, 38,1 MM X 12,7 MM (L X E), 3,79 KG/M","M","CR",38.590000000000003,35.630000000000003,40.67,32.700000000000003]
["MATERIAL",552,"BARRA DE ACO CHATO, RETANGULAR, 38,1 MM X 6,35 MM (L X E), 1,89 KG/M","M","CR",19.149999999999999,17.670000000000002,20.18,16.22]
["MATERIAL",563,"BARRA DE ACO CHATO, RETANGULAR, 38,1 MM X 9,53 MM (L X E), 2,84 KG/M","M","CR",28.77,26.56,30.32,24.38]
["MATERIAL",549,"BARRA DE ACO CHATO, RETANGULAR, 50,8 MM X 12,7 MM (L X E), 5,06 KG/M","M","CR",51.78,47.81,54.57,43.88]
["MATERIAL",551,"BARRA DE ACO CHATO, RETANGULAR, 50,8 MM X 25,4 MM (L X E), 10,12 KG/M","M","CR",102.53,94.66,108.05,86.89]
["MATERIAL",559,"BARRA DE ACO CHATO, RETANGULAR, 50,8 MM X 6,35 MM (L X E), 2,53 KG/M","M","CR",25.63,23.66,27.01,21.72]
["MATERIAL",560,"BARRA DE ACO CHATO, RETANGULAR, 50,8 MM X 7,94 MM (L X E), 3,162 KG/M","M","CR",32.07,29.6,33.79,27.17]
["MATERIAL",547,"BARRA DE ACO CHATO, RETANGULAR, 50,8 MM X 9,53 MM (L X E), 3,79KG/M","M","CR",38.4,35.450000000000003,40.46,32.54]
["MATERIAL",36207,"BARRA DE APOIO EM \"L\", EM ACO INOX POLIDO 70 X 70 CM, DIAMETRO MINIMO 3 CM","UN","CR",0,0,376.71,0]
["MATERIAL",36209,"BARRA DE APOIO EM \"L\", EM ACO INOX POLIDO 80 X 80 CM, DIAMETRO MINIMO 3 CM","UN","CR",0,0,432.33,0]
["MATERIAL",36210,"BARRA DE APOIO LATERAL ARTICULADA, COM TRAVA, EM ACO INOX POLIDO, 70 CM, DIAMETRO MINIMO 3 CM","UN","CR",0,0,467.77,0]
["MATERIAL",36204,"BARRA DE APOIO RETA, EM ACO INOX POLIDO, COMPRIMENTO 60CM, DIAMETRO MINIMO 3 CM","UN","CR",0,0,165.85,0]
["MATERIAL",36205,"BARRA DE APOIO RETA, EM ACO INOX POLIDO, COMPRIMENTO 70CM, DIAMETRO MINIMO 3 CM","UN","CR",0,0,184.2,0]
["MATERIAL",36081,"BARRA DE APOIO RETA, EM ACO INOX POLIDO, COMPRIMENTO 80CM, DIAMETRO MINIMO 3 CM","UN","C",0,0,196.4,0]
["MATERIAL",36206,"BARRA DE APOIO RETA, EM ACO INOX POLIDO, COMPRIMENTO 90 CM, DIAMETRO MINIMO 3 CM","UN","CR",0,0,205.76,0]
["MATERIAL",36218,"BARRA DE APOIO RETA, EM ALUMINIO, COMPRIMENTO 60CM, DIAMETRO MINIMO 3 CM","UN","CR",0,0,0,0]
["MATERIAL",36220,"BARRA DE APOIO RETA, EM ALUMINIO, COMPRIMENTO 70CM, DIAMETRO MINIMO 3 CM","UN","CR",0,0,0,0]
["MATERIAL",36080,"BARRA DE APOIO RETA, EM ALUMINIO, COMPRIMENTO 80 CM, DIAMETRO MINIMO 3 CM","UN","C",0,0,0,0]
["MATERIAL",36223,"BARRA DE APOIO RETA, EM ALUMINIO, COMPRIMENTO 90 CM, DIAMETRO MINIMO 3 CM","UN","CR",0,0,0,0]
["MATERIAL",38127,"BASE DE MISTURADOR MONOCOMANDO PARA CHUVEIRO, DE PAREDE (NAO INCLUI ACABAMENTOS)","UN","CR",470.8,495.46,490.93,430.41]
["MATERIAL",38060,"BASE PARA MASTRO DE PARA-RAIOS DIAMETRO NOMINAL 1 1/2\"","UN","CR",59.74,51.65,41.94,48.8]
["MATERIAL",10956,"BASE PARA MASTRO DE PARA-RAIOS DIAMETRO NOMINAL 2\"","UN","CR",65.52,56.64,45.99,53.51]
["MATERIAL",39380,"BASE PARA RELE COM SUPORTE METALICO","UN","CR",0,0,0,0]
["MATERIAL",44172,"BASTIDOR PARA BLOCO M10","UN","CR",9.0500000000000007,0,0,7.83]
["EQUIPAMENTO (AQUISIÇÃO)",37597,"BATE-ESTACAS POR GRAVIDADE, POTENCIA160 HP, PESO DO MARTELO ATE 3 TONELADAS","UN","CR",0,0,0,0]
["MATERIAL",183,"BATENTE / PORTAL / ADUELA / MARCO EM MADEIRA MACICA COM REBAIXO, E = *3* CM, L = *14* CM, PARA PORTAS DE GIRO DE *60 CM A 120* CM X *210* CM, CEDRINHO / ANGELIM COMERCIAL / TAURI / CURUPIXA / PEROBA / CUMARU OU EQUIVALENTE DA REGIAO (NAO INCLUI ALIZARES)","JG","C",176,263.5,299,215.95]
["MATERIAL",184,"BATENTE / PORTAL / ADUELA / MARCO EM MADEIRA MACICA COM REBAIXO, E = *3* CM, L = *14* CM, PARA PORTAS DE GIRO DE *60 CM A 120* CM X *210* CM, PINUS / EUCALIPTO / VIROLA OU EQUIVALENTE DA REGIAO (NAO INCLUI ALIZARES)","JG","CR",109,163.19,185.18,133.74]
["MATERIAL",181,"BATENTE / PORTAL / ADUELA / MARCO EM MADEIRA MACICA COM REBAIXO, E = *3* CM, L = *16* CM, PARA PORTAS DE GIRO DE *60 CM A 120* CM X *210* CM, CEDRINHO / ANGELIM COMERCIAL / TAURI / CURUPIXA / PEROBA / CUMARU OU EQUIVALENTE DA REGIAO (NAO INCLUI ALIZARES)","JG","CR",235.04,351.9,399.3,288.39]
["MATERIAL",20001,"BATENTE / PORTAL / ADUELA / MARCO EM MADEIRA MACICA COM REBAIXO, E = *3* CM, L = *16* CM, PARA PORTAS DE GIRO DE *60 CM A 120* CM X *210* CM, PINUS / EUCALIPTO / VIROLA OU EQUIVALENTE DA REGIAO (NAO INCLUI ALIZARES)","JG","CR",136.25,203.99,231.48,167.18]
["MATERIAL",39837,"BATENTE/PORTAL/ADUELA/MARCO, EM MDF/PVC WOOD/POLIESTIRENO OU MADEIRA LAMINADA, L = *9,0* CM COM GUARNICAO REGULAVEL 2 FACES = *35* MM, PRIMER","JG","CR",0,0,365.01,442.23]
["MATERIAL",43366,"BENTONITA, ARGILA CONSTITUIDA POR MONTMORILONITA","KG","CR",0,0,0,0]
["EQUIPAMENTO (AQUISIÇÃO)",10535,"BETONEIRA CAPACIDADE NOMINAL 400 L, CAPACIDADE DE MISTURA 280 L, MOTOR ELETRICO TRIFASICO 220/380 V POTENCIA 2 CV, SEM CARREGADOR","UN","C",4850,5849.5,5646.39,6135]
["EQUIPAMENTO (AQUISIÇÃO)",10537,"BETONEIRA CAPACIDADE NOMINAL 400 L, CAPACIDADE DE MISTURA 310 L, MOTOR A DIESEL POTENCIA 5 CV, SEM CARREGADOR","UN","CR",6614.08,7977.13,7700.14,8366.4699999999993]
["EQUIPAMENTO (AQUISIÇÃO)",13891,"BETONEIRA CAPACIDADE NOMINAL 400 L, CAPACIDADE DE MISTURA 310 L, MOTOR A GASOLINA POTENCIA 5,5 CV, SEM CARREGADOR","UN","CR",6066.6,7316.83,7062.77,7673.94]
["EQUIPAMENTO (AQUISIÇÃO)",44492,"BETONEIRA CAPACIDADE NOMINAL 600 L, CAPACIDADE DE MISTURA 440 L, MOTOR A GASOLINA POTENCIA 10 HP, COM CARREGADOR","UN","CR",26387.279999999999,31825.24,30720.18,33378.550000000003]
["EQUIPAMENTO (AQUISIÇÃO)",36396,"BETONEIRA, CAPACIDADE NOMINAL 400 L, CAPACIDADE DE MISTURA 310L, MOTOR ELETRICO TRIFASICO 220/380V POTENCIA 2 CV, SEM CARREGADOR","UN","CR",5548.72,6692.22,6459.85,7018.85]
["EQUIPAMENTO (AQUISIÇÃO)",36397,"BETONEIRA, CAPACIDADE NOMINAL 600 L, CAPACIDADE DE MISTURA 360L, MOTOR ELETRICO TRIFASICO 220/380V, POTENCIA 4CV, EXCLUSO CARREGADOR","UN","CR",19728.810000000001,23794.57,22968.36,24955.93]
["EQUIPAMENTO (AQUISIÇÃO)",36398,"BETONEIRA, CAPACIDADE NOMINAL 600 L, CAPACIDADE DE MISTURA 440 L, MOTOR A DIESEL POTENCIA 10 CV, COM CARREGADOR","UN","CR",23978.720000000001,28920.32,27916.13,30331.85]
["MAO DE OBRA",647,"BLASTER, DINAMITADOR OU CABO DE FOGO (HORISTA)","H","CR",17.14,16.79,16.45,21.48]
["MAO DE OBRA",40920,"BLASTER, DINAMITADOR OU CABO DE FOGO (MENSALISTA)","MES","CR",3023.17,2948.99,2933.3,3792.87]
["MATERIAL",715,"BLOCO / TIJOLO DE VIDRO INCOLOR, CANELADO / ONDULADO, *19 X 19 X 8* CM (A X L X E)","UN","C",0,0,0,17.899999999999999]
["MATERIAL",716,"BLOCO / TIJOLO DE VIDRO INCOLOR, XADREZ, *20 X 20 X 10* CM (A X L X E)","UN","CR",0,0,0,20.239999999999998]
["MATERIAL",7270,"BLOCO CERAMICO / TIJOLO VAZADO PARA ALVENARIA DE VEDACAO, 4 FUROS NA HORIZONTAL DE 9 X 9 X 19 CM (L X A X C)","UN","CR",1.18,1.01,1.02,0.79]
["MATERIAL",44460,"BLOCO CERAMICO / TIJOLO VAZADO PARA ALVENARIA DE VEDACAO, 6 FUROS NA HORIZONTAL DE 11,5 X 19 X 29 CM (L X A X C)","UN","CR",1.98,1.69,1.71,1.33]
["MATERIAL",44461,"BLOCO CERAMICO / TIJOLO VAZADO PARA ALVENARIA DE VEDACAO, 6 FUROS NA HORIZONTAL DE 11,5 X 19 X 39 CM (L X A X C)","UN","CR",2.7,2.31,2.33,1.82]
["MATERIAL",7267,"BLOCO CERAMICO / TIJOLO VAZADO PARA ALVENARIA DE VEDACAO, 6 FUROS NA HORIZONTAL DE 9 X 14 X 19 CM (L X A X C)","UN","CR",0.99,0.85,0.86,0.67]
["MATERIAL",44458,"BLOCO CERAMICO / TIJOLO VAZADO PARA ALVENARIA DE VEDACAO, 6 FUROS NA HORIZONTAL DE 9 X 14 X 24 CM (L X A X C)","UN","CR",1.2,1.03,1.04,0.81]
["MATERIAL",44457,"BLOCO CERAMICO / TIJOLO VAZADO PARA ALVENARIA DE VEDACAO, 6 FUROS NA HORIZONTAL DE 9 X 19 X 39 CM (L X A X C)","UN","CR",2.33,2,2.02,1.57]
["MATERIAL",7271,"BLOCO CERAMICO / TIJOLO VAZADO PARA ALVENARIA DE VEDACAO, 8 FUROS NA HORIZONTAL DE 9 X 19 X 19 CM (L X A X C)","UN","C",1.26,1.08,1.0900000000000001,0.85]
["MATERIAL",7268,"BLOCO CERAMICO / TIJOLO VAZADO PARA ALVENARIA DE VEDACAO, 8 FUROS NA HORIZONTAL DE 9 X 19 X 29 CM (L X A X C)","UN","CR",1.96,1.68,1.7,1.32]
["MATERIAL",44459,"BLOCO CERAMICO / TIJOLO VAZADO PARA ALVENARIA DE VEDACAO, 9 FUROS NA HORIZONTAL DE 11,5 X 14 X 24 CM (L X A X C)","UN","CR",1.27,1.0900000000000001,1.1000000000000001,0.85]
["MATERIAL",44462,"BLOCO CERAMICO / TIJOLO VAZADO PARA ALVENARIA DE VEDACAO, 9 FUROS NA HORIZONTAL DE 14 X 19 X 29 CM (L X A X C)","UN","CR",2.25,1.92,1.94,1.51]
["MATERIAL",44463,"BLOCO CERAMICO / TIJOLO VAZADO PARA ALVENARIA DE VEDACAO, 9 FUROS NA HORIZONTAL DE 14 X 19 X 39 CM (L X A X C)","UN","CR",2.89,2.48,2.5,1.95]
["MATERIAL",44464,"BLOCO CERAMICO / TIJOLO VAZADO PARA ALVENARIA DE VEDACAO, 9 FUROS NA HORIZONTAL DE 19 X 19 X 29 CM (L X A X C)","UN","CR",3,2.57,2.59,2.02]
["MATERIAL",44465,"BLOCO CERAMICO / TIJOLO VAZADO PARA ALVENARIA DE VEDACAO, 9 FUROS NA HORIZONTAL DE 19 X 19 X 39 CM (L X A X C)","UN","CR",4.1100000000000003,3.53,3.56,2.77]
["MATERIAL",38783,"BLOCO CERAMICO / TIJOLO VAZADO PARA ALVENARIA DE VEDACAO, FUROS NA HORIZONTAL DE 11,5 X 19 X 19 CM (L X A X C)","UN","CR",1.44,1.23,1.24,0.97]
["MATERIAL",44466,"BLOCO CERAMICO / TIJOLO VAZADO PARA ALVENARIA DE VEDACAO, FUROS NA VERTICAL DE 11,5 X 19 X 29 CM (L X A X C)","UN","CR",2.92,2.5099999999999998,2.5299999999999998,1.97]
["MATERIAL",44467,"BLOCO CERAMICO / TIJOLO VAZADO PARA ALVENARIA DE VEDACAO, FUROS NA VERTICAL DE 11,5 X 19 X 39 CM (L X A X C)","UN","CR",3.52,3.01,3.04,2.37]
["MATERIAL",44468,"BLOCO CERAMICO / TIJOLO VAZADO PARA ALVENARIA DE VEDACAO, FUROS NA VERTICAL DE 14 X 19 X 29 CM (L X A X C)","UN","CR",3.05,2.62,2.64,2.06]
["MATERIAL",37593,"BLOCO CERAMICO / TIJOLO VAZADO PARA ALVENARIA DE VEDACAO, FUROS NA VERTICAL DE 14 X 19 X 39 CM (L X A X C)","UN","CR",3.93,3.37,3.4,2.65]
["MATERIAL",37594,"BLOCO CERAMICO / TIJOLO VAZADO PARA ALVENARIA DE VEDACAO, FUROS NA VERTICAL DE 19 X 19 X 39 CM (L X A X C)","UN","CR",4.67,4,4.04,3.15]
["MATERIAL",37592,"BLOCO CERAMICO / TIJOLO VAZADO PARA ALVENARIA DE VEDACAO, FUROS NA VERTICAL DE 9 X 19 X 39 CM (L X A X C)","UN","CR",3.11,2.66,2.69,2.1]
["MATERIAL",41372,"BLOCO CONCRETO CELULAR AUTOCLAVADO 12,5 X 30 X 60 CM (E X A X C)","M2","CR",0,0,0,120.13]
["MATERIAL",41371,"BLOCO CONCRETO CELULAR AUTOCLAVADO 7,5 X 30 X 60 CM (E X A X C)","M2","CR",0,0,0,71.010000000000005]
["MATERIAL",34556,"BLOCO DE CONCRETO ESTRUTURAL 14 X 19 X 29 CM, FBK 10 MPA (NBR 6136)","UN","CR",4.88,5.42,5.56,5.24]
["MATERIAL",37873,"BLOCO DE CONCRETO ESTRUTURAL 14 X 19 X 29 CM, FBK 12 MPA (NBR 6136)","UN","CR",4.97,5.52,5.66,5.33]
["MATERIAL",34564,"BLOCO DE CONCRETO ESTRUTURAL 14 X 19 X 29 CM, FBK 14 MPA (NBR 6136)","UN","CR",5.2,5.78,5.93,5.58]
["MATERIAL",34565,"BLOCO DE CONCRETO ESTRUTURAL 14 X 19 X 29 CM, FBK 16 MPA (NBR 6136)","UN","CR",5.5,6.11,6.27,5.9]
["MATERIAL",38590,"BLOCO DE CONCRETO ESTRUTURAL 14 X 19 X 29 CM, FBK 4,5 MPA (NBR 6136)","UN","CR",4.07,4.5199999999999996,4.6399999999999997,4.3600000000000003]
["MATERIAL",34566,"BLOCO DE CONCRETO ESTRUTURAL 14 X 19 X 29 CM, FBK 6 MPA (NBR 6136)","UN","CR",4.2699999999999996,4.75,4.87,4.58]
["MATERIAL",34567,"BLOCO DE CONCRETO ESTRUTURAL 14 X 19 X 29 CM, FBK 8 MPA (NBR 6136)","UN","CR",4.53,5.03,5.16,4.8600000000000003]
["MATERIAL",38591,"BLOCO DE CONCRETO ESTRUTURAL 14 X 19 X 34 CM, FBK 4,5 MPA (NBR 6136)","UN","CR",4.1100000000000003,4.57,4.68,4.41]
["MATERIAL",34568,"BLOCO DE CONCRETO ESTRUTURAL 14 X 19 X 39 CM, FBK 10 MPA (NBR 6136)","UN","CR",5.35,5.95,6.1,5.74]
["MATERIAL",34569,"BLOCO DE CONCRETO ESTRUTURAL 14 X 19 X 39 CM, FBK 12 MPA (NBR 6136)","UN","CR",5.5,6.11,6.27,5.9]
["MATERIAL",34570,"BLOCO DE CONCRETO ESTRUTURAL 14 X 19 X 39 CM, FBK 14 MPA (NBR 6136)","UN","CR",5.97,6.64,6.81,6.41]
["MATERIAL",25070,"BLOCO DE CONCRETO ESTRUTURAL 14 X 19 X 39 CM, FBK 4,5 MPA (NBR 6136)","UN","CR",4.49,4.99,5.12,4.82]
["MATERIAL",34571,"BLOCO DE CONCRETO ESTRUTURAL 14 X 19 X 39 CM, FBK 6 MPA (NBR 6136)","UN","CR",4.54,5.04,5.17,4.87]
["MATERIAL",34573,"BLOCO DE CONCRETO ESTRUTURAL 14 X 19 X 39 CM, FBK 8 MPA (NBR 6136)","UN","CR",4.7699999999999996,5.3,5.44,5.12]
["MATERIAL",37107,"BLOCO DE CONCRETO ESTRUTURAL 14 X 19 X 39, FCK 16 MPA (NBR 6136)","UN","CR",6.31,7.01,7.19,6.77]
["MATERIAL",34576,"BLOCO DE CONCRETO ESTRUTURAL 19 X 19 X 39 CM, FBK 10 MPA (NBR 6136)","UN","CR",6.96,7.73,7.93,7.47]
["MATERIAL",34577,"BLOCO DE CONCRETO ESTRUTURAL 19 X 19 X 39 CM, FBK 12 MPA (NBR 6136)","UN","CR",7.26,8.07,8.27,7.79]
["MATERIAL",34578,"BLOCO DE CONCRETO ESTRUTURAL 19 X 19 X 39 CM, FBK 14 MPA (NBR 6136)","UN","CR",7.87,8.75,8.9700000000000006,8.4499999999999993]
["MATERIAL",34579,"BLOCO DE CONCRETO ESTRUTURAL 19 X 19 X 39 CM, FBK 16 MPA (NBR 6136)","UN","CR",8.4,9.33,9.57,9.01]
["MATERIAL",25067,"BLOCO DE CONCRETO ESTRUTURAL 19 X 19 X 39 CM, FBK 4,5 MPA (NBR 6136)","UN","CR",5.62,6.25,6.41,6.03]
["MATERIAL",34580,"BLOCO DE CONCRETO ESTRUTURAL 19 X 19 X 39 CM, FBK 8 MPA (NBR 6136)","UN","CR",6.27,6.97,7.15,6.73]
["MATERIAL",25071,"BLOCO DE CONCRETO ESTRUTURAL 9 X 19 X 39 CM, FBK 4,5 MPA (NBR 6136)","UN","CR",3.12,3.47,3.56,3.35]
["MATERIAL",44171,"BLOCO DE ENGATE RAPIDO PARA BASTIDOR TIPO M10","UN","CR",25.82,0,0,22.34]
["MATERIAL",38395,"BLOCO DE ESPUMA MULTIUSO *23X 13 X 8* CM","UN","CR",8.1199999999999992,10.84,9.41,10.36]
["MATERIAL",34583,"BLOCO DE GESSO COMPACTO / MACICO, BRANCO, E = 10 CM, DIMENSOES *67 X 50* CM","M2","CR",58.6,59.93,55.17,60.06]
["MATERIAL",34584,"BLOCO DE GESSO VAZADO, BRANCO, E = *7* CM, DIMENSOES *67 X 50* CM","M2","CR",42.97,43.95,40.46,44.04]
["MATERIAL",709,"BLOCO DE POLIETILENO ALTA DENSIDADE, *27* X *30* X *100* CM, ACOMPANHADOS PLACAS TERMINAIS E LONGARINAS, PARA FUNDO DE FILTRO","M2","CR",0,0,0,0]
["MATERIAL",34592,"BLOCO DE VEDACAO CONCRETO 14 X 19 X 29 CM (CLASSE C - NBR 6136)","UN","CR",3.57,3.97,4.07,3.83]
["MATERIAL",34599,"BLOCO DE VEDACAO CONCRETO APARENTE 9 X 19 X 39 CM (CLASSE C - NBR 6136)","UN","CR",3.21,3.57,3.66,3.44]
["MATERIAL",651,"BLOCO DE VEDACAO DE CONCRETO 14 X 19 X 39 CM (CLASSE C - NBR 6136)","UN","CR",3.94,4.38,4.49,4.2300000000000004]
["MATERIAL",654,"BLOCO DE VEDACAO DE CONCRETO 19 X 19 X 39 CM (CLASSE C - NBR 6136)","UN","CR",4.88,5.42,5.56,5.24]
["MATERIAL",37103,"BLOCO DE VEDACAO DE CONCRETO APARENTE 14 X 19 X 39 CM (CLASSE C - NBR 6136)","UN","CR",4.09,4.54,4.66,4.3899999999999997]
["MATERIAL",34555,"BLOCO DE VEDACAO DE CONCRETO APARENTE 19 X 19 X 39 CM (CLASSE C - NBR 6136)","UN","CR",5.19,5.77,5.92,5.57]
["MATERIAL",674,"BLOCO DE VEDACAO DE CONCRETO CELULAR AUTOCLAVADO 10 X 30 X 60 CM (E X A X C)","M2","CR",0,0,0,85.6]
["MATERIAL",34600,"BLOCO DE VEDACAO DE CONCRETO CELULAR AUTOCLAVADO 15 X 30 X 60 CM (E X A X C)","M2","C",0,0,0,125.73]
["MATERIAL",652,"BLOCO DE VEDACAO DE CONCRETO CELULAR AUTOCLAVADO 20 X 30 X 60 CM (E X A X C)","M2","CR",0,0,0,192.6]
["MATERIAL",650,"BLOCO DE VEDACAO DE CONCRETO, 9 X 19 X 39 CM (CLASSE C - NBR 6136)","UN","C",3.15,3.5,3.59,3.38]
["MATERIAL",718,"BLOCO DE VIDRO / ELEMENTO VAZADO, INCOLOR, VENEZIANA, *20 X 20 X 6* CM (A X L X E)","UN","CR",0,0,0,17.690000000000001]
["MATERIAL",11981,"BLOCO DE VIDRO / ELEMENTO VAZADO, INCOLOR, VENEZIANA, DE *20 X 10 X 8* CM (A X L X E)","UN","CR",0,0,0,17.18]
["MATERIAL",34586,"BLOCO ESTRUTURAL CERAMICO DE 14 X 19 X 29 CM (L X A X C) E 6,0 MPA","UN","CR",3.11,2.66,2.69,2.1]
["MATERIAL",38603,"BLOCO ESTRUTURAL CERAMICO DE 14 X 19 X 34 CM (L X A X C) E 6,0 MPA","UN","CR",3.69,3.16,3.19,2.4900000000000002]
["MATERIAL",34588,"BLOCO ESTRUTURAL CERAMICO DE 14 X 19 X 39 CM (L X A X C) E 6,0 MPA","UN","CR",4.2,3.6,3.63,2.83]
["MATERIAL",34590,"BLOCO ESTRUTURAL CERAMICO DE 19 X 19 X 29 CM (L X A X C) E 6,0 MPA","UN","CR",4.16,3.56,3.6,2.8]
["MATERIAL",34591,"BLOCO ESTRUTURAL CERAMICO DE 19 X 19 X 39 CM (L X A X C) E 6,0 MPA","UN","CR",5.07,4.3499999999999996,4.3899999999999997,3.42]
["MATERIAL",40517,"BLOQUETE/PISO DE CONCRETO - MODELO PISOGRAMA/CONCREGRAMA 2 FUROS, DIMENSOES APROX. DE *35 X 15* CM E ESPESSURA DE 7 CM (+/- 1 CM), COR NATURAL","M2","CR",84.4,96.68,81.739999999999995,68.489999999999995]
["MATERIAL",40515,"BLOQUETE/PISO DE CONCRETO - MODELO PISOGRAMA/CONCREGRAMA/PAVI-GRADE/GRAMEIRO, DIMENSOES APROXIMADAS DE *60 X 45* CM E ESPESSURA DE 8 CM (+/- 1 CM), COR NATURAL","M2","CR",92.84,106.34,89.91,75.34]
["MATERIAL",40524,"BLOQUETE/PISO INTERTRAVADO DE CONCRETO - MODELO ONDA/16 FACES/RETANGULAR/TIJOLINHO/PAVER/HOLANDES/PARALELEPIPEDO, *20 X 10* CM, E = 10 CM, RESISTENCIA DE 35 MPA, COR NATURAL","M2","CR",96.46,110.49,93.42,78.28]
["MATERIAL",40529,"BLOQUETE/PISO INTERTRAVADO DE CONCRETO - MODELO ONDA/16 FACES/RETANGULAR/TIJOLINHO/PAVER/HOLANDES/PARALELEPIPEDO, *20 X 10* CM, E = 10 CM, RESISTENCIA DE 50 MPA, COR NATURAL","M2","CR",152.94,175.18,148.12,124.11]
["MATERIAL",36156,"BLOQUETE/PISO INTERTRAVADO DE CONCRETO - MODELO ONDA/16 FACES/RETANGULAR/TIJOLINHO/PAVER/HOLANDES/PARALELEPIPEDO, *20 X 10* CM, E = 6 CM, RESISTENCIA DE 35 MPA, COLORIDO","M2","CR",91.38,104.67,88.5,74.150000000000006]
["MATERIAL",36155,"BLOQUETE/PISO INTERTRAVADO DE CONCRETO - MODELO ONDA/16 FACES/RETANGULAR/TIJOLINHO/PAVER/HOLANDES/PARALELEPIPEDO, *20 X 10* CM, E = 6 CM, RESISTENCIA DE 35 MPA, COR NATURAL","M2","CR",72.34,82.86,70.06,58.71]
["MATERIAL",36154,"BLOQUETE/PISO INTERTRAVADO DE CONCRETO - MODELO ONDA/16 FACES/RETANGULAR/TIJOLINHO/PAVER/HOLANDES/PARALELEPIPEDO, *20 X 10* CM, E = 8 CM, RESISTENCIA DE 35 MPA, COLORIDO","M2","CR",109.15,125.03,105.71,88.57]
["MATERIAL",36170,"BLOQUETE/PISO INTERTRAVADO DE CONCRETO - MODELO ONDA/16 FACES/RETANGULAR/TIJOLINHO/PAVER/HOLANDES/PARALELEPIPEDO, *20 X 10* CM, E = 8 CM, RESISTENCIA DE 35 MPA, COR NATURAL","M2","C",82.5,94.5,79.900000000000006,66.95]
["MATERIAL",695,"BLOQUETE/PISO INTERTRAVADO DE CONCRETO - MODELO RAQUETE, *22 X 13,5* CM, E = 6 CM, RESISTENCIA DE 35 MPA, COR NATURAL","M2","CR",91.7,105.04,88.81,74.41]
["MATERIAL",679,"BLOQUETE/PISO INTERTRAVADO DE CONCRETO - MODELO SEXTAVADO / HEXAGONAL, *25 X 25* CM, E = 10 CM, RESISTENCIA DE 35 MPA, COR NATURAL","M2","CR",130.85,149.88999999999999,126.73,106.19]
["MATERIAL",711,"BLOQUETE/PISO INTERTRAVADO DE CONCRETO - MODELO SEXTAVADO / HEXAGONAL, *25 X 25* CM, E = 6 CM, RESISTENCIA DE 35 MPA, COR NATURAL","M2","CR",82.5,94.5,79.900000000000006,66.95]
["MATERIAL",712,"BLOQUETE/PISO INTERTRAVADO DE CONCRETO - MODELO SEXTAVADO / HEXAGONAL, *25 X 25* CM, E = 8 CM, RESISTENCIA DE 35 MPA, COR NATURAL","M2","CR",99,113.4,95.88,80.34]
["MATERIAL",12614,"BOCAL PVC, PARA CALHA PLUVIAL, DIAMETRO DA SAIDA ENTRE *75 E 120* MM, PARA DRENAGEM PLUVIAL PREDIAL","UN","CR",58.54,53.73,54.31,56.66]
["MATERIAL",6140,"BOLSA DE LIGACAO EM PVC FLEXIVEL PARA VASO SANITARIO 40 MM (1 1/2\")","UN","CR",4.34,3.98,3.74,4.3899999999999997]
["MATERIAL",38399,"BOLSA DE LONA PARA FERRAMENTAS *50 X 35 X 25* CM","UN","CR",198.31,247.38,193.23,215.04]
["EQUIPAMENTO (AQUISIÇÃO)",729,"BOMBA CENTRIFUGA COM MOTOR ELETRICO MONOFASICO, POTENCIA 0,33 HP, BOCAIS 1\" X 3/4\", DIAMETRO DO ROTOR 99 MM, HM/Q = 4 MCA / 8,5 M3/H A 18 MCA / 0,90 M3/H","UN","C",787.5,660,1045,1180.19]
["EQUIPAMENTO (AQUISIÇÃO)",39925,"BOMBA CENTRIFUGA MONOESTAGIO COM MOTOR ELETRICO MONOFASICO, POTENCIA 15 HP, DIAMETRO DO ROTOR *173* MM, HM/Q = *30* MCA / *90* M3/H A *45* MCA / *55* M3/H","UN","CR",11379.3,9536.94,15100.15,17053.64]
["EQUIPAMENTO (AQUISIÇÃO)",731,"BOMBA CENTRIFUGA MOTOR ELETRICO MONOFASICO 0,49 HP BOCAIS 1\" X 3/4\", DIAMETRO DO ROTOR 110 MM, HM/Q: 6 M / 8,3 M3/H A 20 M / 1,2 M3/H","UN","CR",766.43,642.34,1017.04,1148.6199999999999]
["EQUIPAMENTO (AQUISIÇÃO)",10575,"BOMBA CENTRIFUGA MOTOR ELETRICO MONOFASICO 0,50 CV DIAMETRO DE SUCCAO X ELEVACAO 3/4\" X 3/4\", MONOESTAGIO, DIAMETRO DOS ROTORES 114 MM, HM/Q: 2 M / 2,99 M3/H A 24 M / 0,71 M3/H","UN","CR",1196.07,1002.42,1587.17,1792.5]
["EQUIPAMENTO (AQUISIÇÃO)",733,"BOMBA CENTRIFUGA MOTOR ELETRICO MONOFASICO 0,74HP DIAMETRO DE SUCCAO X ELEVACAO 1 1/4\" X 1\", DIAMETRO DO ROTOR 120 MM, HM/Q: 8 M / 7,70 M3/H A 24 M / 2,80 M3/H","UN","CR",1309.55,1097.53,1737.76,1962.57]
["EQUIPAMENTO (AQUISIÇÃO)",732,"BOMBA CENTRIFUGA MOTOR ELETRICO TRIFASICO 0,99HP DIAMETRO DE SUCCAO X ELEVACAO 1\" X 1\", DIAMETRO DO ROTOR 145 MM, HM/Q: 14 M / 8,4 M3/H A 40 M / 0,60 M3/H","UN","CR",1291.95,1082.77,1714.4,1936.18]
["EQUIPAMENTO (AQUISIÇÃO)",735,"BOMBA CENTRIFUGA MOTOR ELETRICO TRIFASICO 1,48HP DIAMETRO DE SUCCAO X ELEVACAO 1\" X 1\", 4 ESTAGIOS, DIAMETRO DOS ROTORES 3 X 107 MM + 1 X 100 MM, HM/Q: 10 M / 5,3 M3/H A 70 M / 1,8 M3/H","UN","CR",2298.31,1926.2,3049.82,3444.37]
["EQUIPAMENTO (AQUISIÇÃO)",737,"BOMBA CENTRIFUGA MOTOR ELETRICO TRIFASICO 14,8 HP, DIAMETRO DE SUCCAO X ELEVACAO 2 1/2\" X 2\", DIAMETRO DO ROTOR 195 MM, HM/Q: 62 M / 55,5 M3/H A 80 M / 31,50 M3/H","UN","CR",7244.87,6071.89,9613.83,10857.56]
["EQUIPAMENTO (AQUISIÇÃO)",736,"BOMBA CENTRIFUGA MOTOR ELETRICO TRIFASICO 2,96HP, DIAMETRO DE SUCCAO X ELEVACAO 1 1/2\" X 1 1/4\", DIAMETRO DO ROTOR 148 MM, HM/Q: 34 M / 14,80 M3/H A 40 M / 8,60 M3/H","UN","CR",1932.46,1619.59,2564.35,2896.09]
["EQUIPAMENTO (AQUISIÇÃO)",738,"BOMBA CENTRIFUGA MOTOR ELETRICO TRIFASICO 5HP, DIAMETRO DE SUCCAO X ELEVACAO 2\" X 1 1/2\", DIAMETRO DO ROTOR 155 MM, HM/Q: 40 M / 20,40 M3/H A 46 M / 9,20 M3/H","UN","CR",3359.39,2815.49,4457.8599999999997,5034.57]
["EQUIPAMENTO (AQUISIÇÃO)",740,"BOMBA CENTRIFUGA MOTOR ELETRICO TRIFASICO 9,86 DIAMETRO DE SUCCAO X ELEVACAO 1\" X 1\", 4 ESTAGIOS, DIAMETRO DOS ROTORES 4 X 146 MM, HM/Q: 85 M / 14,9 M3/H A 140 M / 4,2 M3/H","UN","CR",6815.52,5712.05,9044.08,10214.1]
["EQUIPAMENTO (AQUISIÇÃO)",734,"BOMBA CENTRIFUGA, MOTOR ELETRICO TRIFASICO 1,48HP DIAMETRO DE SUCCAO X ELEVACAO 1 1/2\" X 1\", DIAMETRO DO ROTOR 117 MM, HM/Q: 10 M / 21,9 M3/H A 24 M / 6,1 M3/H","UN","CR",1384.97,1160.73,1837.83,2075.59]
["EQUIPAMENTO (AQUISIÇÃO)",39008,"BOMBA DE PROJECAO DE CONCRETO SECO, POTENCIA 10 CV, VAZAO 3 M3/H","UN","CR",59122.98,71307.19,68831.210000000006,74787.520000000004]
["EQUIPAMENTO (AQUISIÇÃO)",39009,"BOMBA DE PROJECAO DE CONCRETO SECO, POTENCIA 10 CV, VAZAO 6 M3/H","UN","CR",63342.94,76396.820000000007,73744.12,80125.56]
["EQUIPAMENTO (AQUISIÇÃO)",10587,"BOMBA SUBMERSA PARA POCOS TUBULARES PROFUNDOS DIAMETRO DE 4 POLEGADAS, ELETRICA, MONOFASICA, POTENCIA 0,49 HP, 13 ESTAGIOS, BOCAL DE DESCARGA DIAMETRO DE UMA POLEGADA E MEIA, HM/Q = 18 M / 1,90 M3/H A 85 M / 0,60 M3/H","UN","CR",4262.63,0,0,5298.43]
["EQUIPAMENTO (AQUISIÇÃO)",759,"BOMBA SUBMERSA PARA POCOS TUBULARES PROFUNDOS DIAMETRO DE 4 POLEGADAS, ELETRICA, TRIFASICA, POTENCIA 1,97 HP, 20 ESTAGIOS, BOCAL DE DESCARGA DIAMETRO DE UMA POLEGADA E MEIA, HM/Q = 18 M / 5,40 M3/H A 164 M / 0,80 M3/H","UN","CR",6128.82,0,0,7618.1]
["EQUIPAMENTO (AQUISIÇÃO)",761,"BOMBA SUBMERSA PARA POCOS TUBULARES PROFUNDOS DIAMETRO DE 4 POLEGADAS, ELETRICA, TRIFASICA, POTENCIA 5,42 HP, 15 ESTAGIOS, BOCAL DE DESCARGA DIAMETRO DE 2 POLEGADAS, HM/Q = 18 M / 18,10 M3/H A 121 M / 2,90 M3/H","UN","CR",10388.870000000001,0,0,12913.32]
["EQUIPAMENTO (AQUISIÇÃO)",750,"BOMBA SUBMERSA PARA POCOS TUBULARES PROFUNDOS DIAMETRO DE 4 POLEGADAS, ELETRICA, TRIFASICA, POTENCIA 5,42 HP, 29 ESTAGIOS, BOCAL DE DESCARGA DE UMA POLEGADA E MEIA, HM/Q = 18 M / 8,10 M3/H A 201 M / 3,2 M3/H","UN","CR",9863.41,0,0,12260.17]
["EQUIPAMENTO (AQUISIÇÃO)",755,"BOMBA SUBMERSA PARA POCOS TUBULARES PROFUNDOS DIAMETRO DE 6 POLEGADAS, ELETRICA, TRIFASICA, POTENCIA 27,12 HP, 7 ESTAGIOS, BOCAL DE DESCARGA DIAMETRO DE 4 POLEGADAS, HM/Q = 13,9 M / 90 M3/H A 44,0 M / 25,0 M3/H","UN","CR",40474.639999999999,0,0,50309.79]
["EQUIPAMENTO (AQUISIÇÃO)",749,"BOMBA SUBMERSA PARA POCOS TUBULARES PROFUNDOS DIAMETRO DE 6 POLEGADAS, ELETRICA, TRIFASICA, POTENCIA 3,45 HP, 5 ESTAGIOS, BOCAL DE DESCARGA DIAMETRO DE 2 POLEGADAS, HM/Q = 68,5 M / 6,12 M3/H A 39,5 M / 14,04 M3/H","UN","CR",14885.82,0,0,18503.009999999998]
["EQUIPAMENTO (AQUISIÇÃO)",756,"BOMBA SUBMERSA PARA POCOS TUBULARES PROFUNDOS DIAMETRO DE 6 POLEGADAS, ELETRICA, TRIFASICA, POTENCIA 32 HP, 9 ESTAGIOS, BOCAL DE DESCARGA DIAMETRO DE 4 POLEGADAS, HM/Q = 114,0 M / 13,9 M3/H A 57,0 M / 25,0 M3/H","UN","CR",44143.01,0,0,54869.56]
["EQUIPAMENTO (AQUISIÇÃO)",10588,"BOMBA SUBMERSIVEL, ELETRICA, TRIFASICA, POTENCIA 0,98 HP, DIAMETRO DO ROTOR 142 MM SEMIABERTO, BOCAL DE SAIDA DIAMETRO DE 2 POLEGADAS, HM/Q = 2 M / 32 M3/H A 8 M / 16 M3/H","UN","CR",4425.1499999999996,0,0,5500.45]
["EQUIPAMENTO (AQUISIÇÃO)",10592,"BOMBA SUBMERSIVEL, ELETRICA, TRIFASICA, POTENCIA 0,99 HP, DIAMETRO ROTOR 98 MM SEMIABERTO, BOCAL DE SAIDA DIAMETRO 2 POLEGADAS, HM/Q = 2 M / 28,90 M3/H A 14 M / 7 M3/H","UN","C",5345,0,0,6643.81]
["EQUIPAMENTO (AQUISIÇÃO)",10589,"BOMBA SUBMERSIVEL, ELETRICA, TRIFASICA, POTENCIA 1,97 HP, DIAMETRO DO ROTOR 144 MM SEMIABERTO, BOCAL DE SAIDA DIAMETRO DE 2 POLEGADAS, HM/Q = 2 M / 26,8 M3/H A 28 M / 4,6 M3/H","UN","CR",7180.67,0,0,8925.5400000000009]
["EQUIPAMENTO (AQUISIÇÃO)",760,"BOMBA SUBMERSIVEL, ELETRICA, TRIFASICA, POTENCIA 13 HP, DIAMETRO DO ROTOR 170 MM, BOCAL DE SAIDA DIAMETRO DE 3 POLEGADAS, HM/Q = 11 M / 68,40 M3/H A 72 M / 3,6 M3/H","UN","CR",40087.5,0,0,49828.57]
["EQUIPAMENTO (AQUISIÇÃO)",751,"BOMBA SUBMERSIVEL, ELETRICA, TRIFASICA, POTENCIA 2,96 HP, DIAMETRO DO ROTOR 144 MM SEMIABERTO, BOCAL DE SAIDA DIAMETRO DE DUAS POLEGADAS, HM/Q = 2 M / 38,8 M3/H A 28 M / 5 M3/H","UN","CR",6313.78,0,0,7848]
["EQUIPAMENTO (AQUISIÇÃO)",754,"BOMBA SUBMERSIVEL, ELETRICA, TRIFASICA, POTENCIA 3,75 HP, DIAMETRO DO ROTOR 90 MM SEMIABERTO, BOCAL DE SAIDA DIAMETRO DE 2 POLEGADAS, HM/Q = 5 M / 61,2 M3/H A 25,5 M / 3,6 M3/H","UN","CR",10021.870000000001,0,0,12457.14]
["EQUIPAMENTO (AQUISIÇÃO)",757,"BOMBA SUBMERSIVEL, ELETRICA, TRIFASICA, POTENCIA 6 HP, DIAMETRO DO ROTOR 127 MM, BOCAL DE SAIDA DIAMETRO DE 3 POLEGADAS, HM/Q = 7 M / 66,90 M3/H A 26 M / 2,88 M3/H","UN","CR",20043.75,0,0,24914.28]
["EQUIPAMENTO (AQUISIÇÃO)",44489,"BOMBA TRIPLEX COM MOTOR A DIESEL, NACIONAL, DIAMETRO DE SUCCAO DE 2 1/2\"","UN","CR",195772.15,164075.70000000001,259786.53,293394.7]
["EQUIPAMENTO (AQUISIÇÃO)",39917,"BOMBA TRIPLEX, PARA INJECAO DE CALDA DE CIMENTO, VAZAO MAXIMA DE *100* LITROS/MINUTO, PRESSAO MAXIMA DE *70* BAR, POTENCIA DE 15 CV","UN","CR",90817.16,109532.99,105729.71,114879.03]
["MATERIAL",38167,"BORBOLETA PARA JANELA TIPO GUILHOTINA, EM ZAMAC CROMADO","PAR","CR",31.06,32.700000000000003,27.23,30.52]
["MATERIAL",36145,"BOTA DE PVC PRETA, CANO MEDIO, SEM FORRO","PAR","CR",38.11,52.21,43.43,43.06]
["MATERIAL",12893,"BOTA DE SEGURANCA COM BIQUEIRA DE ACO E COLARINHO ACOLCHOADO","PAR","CR",67.08,91.89,76.45,75.790000000000006]
["MATERIAL",11685,"BRACO / CANO PARA CHUVEIRO ELETRICO, EM ALUMINIO, 30 CM X 1/2\"","UN","CR",35.97,0,23.1,39.43]
["MATERIAL",11680,"BRACO OU HASTE COM CANOPLA PLASTICA, 1/2\", PARA CHUVEIRO SIMPLES","UN","CR",18.760000000000002,16.149999999999999,23.6,16.93]
["MATERIAL",11679,"BRACO OU HASTE RETA COM CANOPLA PLASTICA, 1/2\", PARA CHUVEIRO ELETRICO","UN","CR",25.44,21.9,32,22.95]
["MATERIAL",2512,"BRACO P/ LUMINARIA PUBLICA 1 X 1,50M ROMAGNOLE OU EQUIV","UN","CR",0,0,0,0]
["MATERIAL",45203,"BROCHA RETANGULAR, *15 X 5* CM","UN","CR",7.64,10.199999999999999,8.85,9.74]
["MATERIAL",4374,"BUCHA DE NYLON SEM ABA S10","UN","CR",0.48,0.28999999999999998,0.7,0.51]
["MATERIAL",7568,"BUCHA DE NYLON SEM ABA S10, COM PARAFUSO DE 6,10 X 65 MM EM ACO ZINCADO COM ROSCA SOBERBA, CABECA CHATA E FENDA PHILLIPS","UN","CR",0.79,0.49,1.1599999999999999,0.86]
["MATERIAL",7584,"BUCHA DE NYLON SEM ABA S12, COM PARAFUSO DE 5/16\" X 80 MM EM ACO ZINCADO COM ROSCA SOBERBA E CABECA SEXTAVADA","UN","CR",1.21,0.74,1.77,1.31]
["MATERIAL",11945,"BUCHA DE NYLON SEM ABA S4","UN","CR",7.0000000000000007E-2,0.04,0.11,0.08]
["MATERIAL",11946,"BUCHA DE NYLON SEM ABA S5","UN","CR",0.09,0.05,0.13,0.09]
["MATERIAL",4375,"BUCHA DE NYLON SEM ABA S6","UN","C",0.13,0.08,0.19,0.14000000000000001]
["MATERIAL",11950,"BUCHA DE NYLON SEM ABA S6, COM PARAFUSO DE 4,20 X 40 MM EM ACO ZINCADO COM ROSCA SOBERBA, CABECA CHATA E FENDA PHILLIPS","UN","CR",0.26,0.16,0.39,0.28000000000000003]
["MATERIAL",4376,"BUCHA DE NYLON SEM ABA S8","UN","CR",0.25,0.15,0.37,0.27]
["MATERIAL",7583,"BUCHA DE NYLON SEM ABA S8, COM PARAFUSO DE 4,80 X 50 MM EM ACO ZINCADO COM ROSCA SOBERBA, CABECA CHATA E FENDA PHILLIPS","UN","CR",0.54,0.33,0.79,0.57999999999999996]
["MATERIAL",4350,"BUCHA DE NYLON, DIAMETRO DO FURO 8 MM, COMPRIMENTO 40 MM, COM PARAFUSO DE ROSCA SOBERBA, CABECA CHATA, FENDA SIMPLES, 4,8 X 50 MM","UN","CR",0,0,0,0.82]
["MATERIAL",44400,"BUCHA DE REDUCAO CPVC, SOLDAVEL, 54 X 28 MM, PARA AGUA QUENTE","UN","CR",31.68,0,31.73,34.75]
["MATERIAL",39886,"BUCHA DE REDUCAO DE COBRE SEM ANEL DE SOLDA, PONTA X BOLSA, 22 X 15 MM","UN","CR",0,0,10.19,0]
["MATERIAL",39887,"BUCHA DE REDUCAO DE COBRE SEM ANEL DE SOLDA, PONTA X BOLSA, 28 X 22 MM","UN","CR",0,0,15.29,0]
["MATERIAL",39888,"BUCHA DE REDUCAO DE COBRE SEM ANEL DE SOLDA, PONTA X BOLSA, 35 X 28 MM","UN","CR",0,0,34.97,0]
["MATERIAL",39890,"BUCHA DE REDUCAO DE COBRE SEM ANEL DE SOLDA, PONTA X BOLSA, 42 X 35 MM","UN","CR",0,0,59.69,0]
["MATERIAL",39891,"BUCHA DE REDUCAO DE COBRE SEM ANEL DE SOLDA, PONTA X BOLSA, 54 X 42 MM","UN","CR",0,0,84.16,0]
["MATERIAL",39892,"BUCHA DE REDUCAO DE COBRE SEM ANEL DE SOLDA, PONTA X BOLSA, 66 X 54 MM","UN","CR",0,0,262.33,0]
["MATERIAL",790,"BUCHA DE REDUCAO DE FERRO GALVANIZADO, COM ROSCA BSP, DE 1 1/2\" X 1 1/4\"","UN","CR",0,20.05,0,20.69]
["MATERIAL",791,"BUCHA DE REDUCAO DE FERRO GALVANIZADO, COM ROSCA BSP, DE 1 1/2\" X 1\"","UN","CR",0,20.05,0,20.69]
["MATERIAL",766,"BUCHA DE REDUCAO DE FERRO GALVANIZADO, COM ROSCA BSP, DE 1 1/2\" X 1/2\"","UN","CR",0,20.05,0,20.69]
["MATERIAL",767,"BUCHA DE REDUCAO DE FERRO GALVANIZADO, COM ROSCA BSP, DE 1 1/2\" X 3/4\"","UN","CR",0,20.05,0,20.69]
["MATERIAL",789,"BUCHA DE REDUCAO DE FERRO GALVANIZADO, COM ROSCA BSP, DE 1 1/4\" X 1\"","UN","CR",0,15.41,0,15.9]
["MATERIAL",768,"BUCHA DE REDUCAO DE FERRO GALVANIZADO, COM ROSCA BSP, DE 1 1/4\" X 1/2\"","UN","CR",0,15.74,0,16.25]
["MATERIAL",769,"BUCHA DE REDUCAO DE FERRO GALVANIZADO, COM ROSCA BSP, DE 1 1/4\" X 3/4\"","UN","CR",0,15.74,0,16.25]
["MATERIAL",764,"BUCHA DE REDUCAO DE FERRO GALVANIZADO, COM ROSCA BSP, DE 1\" X 1/2\"","UN","C",0,9.69,0,10]
["MATERIAL",765,"BUCHA DE REDUCAO DE FERRO GALVANIZADO, COM ROSCA BSP, DE 1\" X 3/4\"","UN","CR",0,9.69,0,10]
["MATERIAL",770,"BUCHA DE REDUCAO DE FERRO GALVANIZADO, COM ROSCA BSP, DE 1/2\" X 1/4\"","UN","CR",0,5.56,0,5.73]
["MATERIAL",12394,"BUCHA DE REDUCAO DE FERRO GALVANIZADO, COM ROSCA BSP, DE 1/2\" X 3/8\"","UN","CR",0,5.56,0,5.73]
["MATERIAL",787,"BUCHA DE REDUCAO DE FERRO GALVANIZADO, COM ROSCA BSP, DE 2 1/2\" X 1 1/2\"","UN","CR",0,43.28,0,44.67]
["MATERIAL",774,"BUCHA DE REDUCAO DE FERRO GALVANIZADO, COM ROSCA BSP, DE 2 1/2\" X 1 1/4\"","UN","CR",0,43.28,0,44.67]
["MATERIAL",773,"BUCHA DE REDUCAO DE FERRO GALVANIZADO, COM ROSCA BSP, DE 2 1/2\" X 1\"","UN","CR",0,43.28,0,44.67]
["MATERIAL",775,"BUCHA DE REDUCAO DE FERRO GALVANIZADO, COM ROSCA BSP, DE 2 1/2\" X 2\"","UN","CR",0,43.28,0,44.67]
["MATERIAL",788,"BUCHA DE REDUCAO DE FERRO GALVANIZADO, COM ROSCA BSP, DE 2\" X 1 1/2\"","UN","CR",0,26.9,0,27.76]
["MATERIAL",772,"BUCHA DE REDUCAO DE FERRO GALVANIZADO, COM ROSCA BSP, DE 2\" X 1 1/4\"","UN","CR",0,26.9,0,27.76]
["MATERIAL",771,"BUCHA DE REDUCAO DE FERRO GALVANIZADO, COM ROSCA BSP, DE 2\" X 1\"","UN","CR",0,26.9,0,27.76]
["MATERIAL",776,"BUCHA DE REDUCAO DE FERRO GALVANIZADO, COM ROSCA BSP, DE 3\" X 1 1/2\"","UN","CR",0,63.81,0,65.849999999999994]
["MATERIAL",777,"BUCHA DE REDUCAO DE FERRO GALVANIZADO, COM ROSCA BSP, DE 3\" X 1 1/4\"","UN","CR",0,62.03,0,64.010000000000005]
["MATERIAL",780,"BUCHA DE REDUCAO DE FERRO GALVANIZADO, COM ROSCA BSP, DE 3\" X 2 1/2\"","UN","CR",0,62.34,0,64.33]
["MATERIAL",778,"BUCHA DE REDUCAO DE FERRO GALVANIZADO, COM ROSCA BSP, DE 3\" X 2\"","UN","CR",0,63.81,0,65.849999999999994]
["MATERIAL",779,"BUCHA DE REDUCAO DE FERRO GALVANIZADO, COM ROSCA BSP, DE 3/4\" X 1/2\"","UN","CR",0,6.69,0,6.9]
["MATERIAL",781,"BUCHA DE REDUCAO DE FERRO GALVANIZADO, COM ROSCA BSP, DE 4\" X 2 1/2\"","UN","CR",0,117.89,0,121.66]
["MATERIAL",786,"BUCHA DE REDUCAO DE FERRO GALVANIZADO, COM ROSCA BSP, DE 4\" X 2\"","UN","CR",0,117.89,0,121.66]
["MATERIAL",782,"BUCHA DE REDUCAO DE FERRO GALVANIZADO, COM ROSCA BSP, DE 4\" X 3\"","UN","CR",0,117.89,0,121.66]
["MATERIAL",783,"BUCHA DE REDUCAO DE FERRO GALVANIZADO, COM ROSCA BSP, DE 5\" X 4\"","UN","CR",0,322.66000000000003,0,332.99]
["MATERIAL",785,"BUCHA DE REDUCAO DE FERRO GALVANIZADO, COM ROSCA BSP, DE 6\" X 4\"","UN","CR",0,340.92,0,351.83]
["MATERIAL",784,"BUCHA DE REDUCAO DE FERRO GALVANIZADO, COM ROSCA BSP, DE 6\" X 5\"","UN","CR",0,365.73,0,377.43]
["MATERIAL",828,"BUCHA DE REDUCAO DE PVC, SOLDAVEL, CURTA, COM 25 X 20 MM, PARA AGUA FRIA PREDIAL","UN","CR",0.66,0.59,0.64,0.61]
["MATERIAL",829,"BUCHA DE REDUCAO DE PVC, SOLDAVEL, CURTA, COM 32 X 25 MM, PARA AGUA FRIA PREDIAL","UN","CR",1.06,0.95,1.03,0.98]
["MATERIAL",812,"BUCHA DE REDUCAO DE PVC, SOLDAVEL, CURTA, COM 40 X 32 MM, PARA AGUA FRIA PREDIAL","UN","CR",2.35,2.11,2.27,2.15]
["MATERIAL",819,"BUCHA DE REDUCAO DE PVC, SOLDAVEL, CURTA, COM 50 X 40 MM, PARA AGUA FRIA PREDIAL","UN","CR",4.07,3.66,3.94,3.74]
["MATERIAL",818,"BUCHA DE REDUCAO DE PVC, SOLDAVEL, CURTA, COM 60 X 50 MM, PARA AGUA FRIA PREDIAL","UN","CR",7.6,6.83,7.35,6.98]
["MATERIAL",20086,"BUCHA DE REDUCAO DE PVC, SOLDAVEL, LONGA, 50 X 40 MM, PARA ESGOTO PREDIAL","UN","CR",3.35,3.07,3.1,3.24]
["MATERIAL",832,"BUCHA DE REDUCAO DE PVC, SOLDAVEL, LONGA, COM 32 X 20 MM, PARA AGUA FRIA PREDIAL","UN","CR",3.14,2.82,3.04,2.88]
["MATERIAL",834,"BUCHA DE REDUCAO DE PVC, SOLDAVEL, LONGA, COM 40 X 25 MM, PARA AGUA FRIA PREDIAL","UN","CR",4.0599999999999996,3.65,3.93,3.73]
["MATERIAL",813,"BUCHA DE REDUCAO DE PVC, SOLDAVEL, LONGA, COM 50 X 25 MM, PARA AGUA FRIA PREDIAL","UN","CR",4.7300000000000004,4.25,4.57,4.34]
["MATERIAL",820,"BUCHA DE REDUCAO DE PVC, SOLDAVEL, LONGA, COM 50 X 32 MM, PARA AGUA FRIA PREDIAL","UN","CR",6.37,5.72,6.16,5.84]
["MATERIAL",816,"BUCHA DE REDUCAO DE PVC, SOLDAVEL, LONGA, COM 60 X 25 MM, PARA AGUA FRIA PREDIAL","UN","CR",11.34,10.19,10.98,10.41]
["MATERIAL",814,"BUCHA DE REDUCAO DE PVC, SOLDAVEL, LONGA, COM 60 X 32 MM, PARA AGUA FRIA PREDIAL","UN","CR",14.09,12.66,13.63,12.93]
["MATERIAL",822,"BUCHA DE REDUCAO DE PVC, SOLDAVEL, LONGA, COM 60 X 50 MM, PARA AGUA FRIA PREDIAL","UN","CR",18.399999999999999,16.53,17.8,16.89]
["MATERIAL",821,"BUCHA DE REDUCAO DE PVC, SOLDAVEL, LONGA, COM 75 X 50 MM, PARA AGUA FRIA PREDIAL","UN","CR",21.04,18.899999999999999,20.36,19.309999999999999]
["MATERIAL",39191,"BUCHA DE REDUCAO EM ALUMINIO, COM ROSCA, DE 1 1/2\" X 1 1/4\", PARA ELETRODUTO","UN","CR",17.649999999999999,0,18.32,27.43]
["MATERIAL",39190,"BUCHA DE REDUCAO EM ALUMINIO, COM ROSCA, DE 1 1/2\" X 1\", PARA ELETRODUTO","UN","CR",18.440000000000001,0,19.13,28.66]
["MATERIAL",39189,"BUCHA DE REDUCAO EM ALUMINIO, COM ROSCA, DE 1 1/2\" X 3/4\", PARA ELETRODUTO","UN","CR",19.510000000000002,0,20.25,30.33]
["MATERIAL",39188,"BUCHA DE REDUCAO EM ALUMINIO, COM ROSCA, DE 1 1/4\" X 1\", PARA ELETRODUTO","UN","CR",14.36,0,14.91,22.33]
["MATERIAL",39186,"BUCHA DE REDUCAO EM ALUMINIO, COM ROSCA, DE 1 1/4\" X 1/2\", PARA ELETRODUTO","UN","CR",17.46,0,18.12,27.14]
["MATERIAL",39187,"BUCHA DE REDUCAO EM ALUMINIO, COM ROSCA, DE 1 1/4\" X 3/4\", PARA ELETRODUTO","UN","CR",15.06,0,15.63,23.4]
["MATERIAL",39184,"BUCHA DE REDUCAO EM ALUMINIO, COM ROSCA, DE 1\" X 1/2\", PARA ELETRODUTO","UN","CR",5.66,0,5.88,8.8000000000000007]
["MATERIAL",39185,"BUCHA DE REDUCAO EM ALUMINIO, COM ROSCA, DE 1\" X 3/4\", PARA ELETRODUTO","UN","CR",5.16,0,5.36,8.0299999999999994]
["MATERIAL",39198,"BUCHA DE REDUCAO EM ALUMINIO, COM ROSCA, DE 2 1/2\" X 1 1/2\", PARA ELETRODUTO","UN","CR",57.9,0,60.09,90]
["MATERIAL",39197,"BUCHA DE REDUCAO EM ALUMINIO, COM ROSCA, DE 2 1/2\" X 1 1/4\", PARA ELETRODUTO","UN","CR",60.49,0,62.78,94.02]
["MATERIAL",39196,"BUCHA DE REDUCAO EM ALUMINIO, COM ROSCA, DE 2 1/2\" X 1\", PARA ELETRODUTO","UN","CR",62.38,0,64.739999999999995,96.96]
["MATERIAL",39199,"BUCHA DE REDUCAO EM ALUMINIO, COM ROSCA, DE 2 1/2\" X 2\", PARA ELETRODUTO","UN","CR",55.72,0,57.83,86.61]
["MATERIAL",39195,"BUCHA DE REDUCAO EM ALUMINIO, COM ROSCA, DE 2\" X 1 1/2\", PARA ELETRODUTO","UN","CR",32.159999999999997,0,33.380000000000003,49.99]
["MATERIAL",39194,"BUCHA DE REDUCAO EM ALUMINIO, COM ROSCA, DE 2\" X 1 1/4\", PARA ELETRODUTO","UN","CR",34.42,0,35.72,53.5]
["MATERIAL",39193,"BUCHA DE REDUCAO EM ALUMINIO, COM ROSCA, DE 2\" X 1\", PARA ELETRODUTO","UN","CR",37.72,0,39.15,58.64]
["MATERIAL",39192,"BUCHA DE REDUCAO EM ALUMINIO, COM ROSCA, DE 2\" X 3/4\", PARA ELETRODUTO","UN","CR",39.24,0,40.729999999999997,60.99]
["MATERIAL",39201,"BUCHA DE REDUCAO EM ALUMINIO, COM ROSCA, DE 3\" X 1 1/2\", PARA ELETRODUTO","UN","CR",69.23,0,71.849999999999994,107.6]
["MATERIAL",39200,"BUCHA DE REDUCAO EM ALUMINIO, COM ROSCA, DE 3\" X 1 1/4\", PARA ELETRODUTO","UN","CR",69.790000000000006,0,72.430000000000007,108.47]
["MATERIAL",39203,"BUCHA DE REDUCAO EM ALUMINIO, COM ROSCA, DE 3\" X 2 1/2\", PARA ELETRODUTO","UN","CR",56.35,0,58.48,87.58]
["MATERIAL",39202,"BUCHA DE REDUCAO EM ALUMINIO, COM ROSCA, DE 3\" X 2\", PARA ELETRODUTO","UN","CR",66.19,0,68.7,102.89]
["MATERIAL",39920,"BUCHA DE REDUCAO EM ALUMINIO, COM ROSCA, DE 3/4\" X 1/2\", PARA ELETRODUTO","UN","CR",4.75,0,4.93,7.38]
["MATERIAL",39205,"BUCHA DE REDUCAO EM ALUMINIO, COM ROSCA, DE 4\" X 2 1/2\", PARA ELETRODUTO","UN","CR",110.43,0,114.61,171.65]
["MATERIAL",39204,"BUCHA DE REDUCAO EM ALUMINIO, COM ROSCA, DE 4\" X 2\", PARA ELETRODUTO","UN","CR",113.1,0,117.38,175.8]
["MATERIAL",39206,"BUCHA DE REDUCAO EM ALUMINIO, COM ROSCA, DE 4\" X 3\", PARA ELETRODUTO","UN","CR",107.3,0,111.36,166.78]
["MATERIAL",798,"BUCHA DE REDUCAO PVC ROSCAVEL 3/4\" X 1/2\"","UN","CR",1.31,1.18,1.27,1.2]
["MATERIAL",797,"BUCHA DE REDUCAO PVC, ROSCAVEL 1 1/2\" X 1\"","UN","CR",9.52,8.56,9.2200000000000006,8.74]
["MATERIAL",796,"BUCHA DE REDUCAO PVC, ROSCAVEL, 1 1/2\" X 3/4\"","UN","CR",8.09,7.27,7.83,7.43]
["MATERIAL",799,"BUCHA DE REDUCAO PVC, ROSCAVEL, 1\" X 1/2\"","UN","CR",3.91,3.51,3.79,3.59]
["MATERIAL",792,"BUCHA DE REDUCAO PVC, ROSCAVEL, 1\" X 3/4\"","UN","CR",3.79,3.4,3.67,3.48]
["MATERIAL",38001,"BUCHA DE REDUCAO, CPVC, SOLDAVEL, 22 X 15 MM, PARA AGUA QUENTE","UN","CR",1.17,0,1.17,1.29]
["MATERIAL",38002,"BUCHA DE REDUCAO, CPVC, SOLDAVEL, 28 X 22 MM, PARA AGUA QUENTE","UN","CR",4.09,0,4.09,4.4800000000000004]
["MATERIAL",38003,"BUCHA DE REDUCAO, CPVC, SOLDAVEL, 35 X 28 MM, PARA AGUA QUENTE","UN","CR",27.93,0,27.98,30.64]
["MATERIAL",38004,"BUCHA DE REDUCAO, CPVC, SOLDAVEL, 42 X 22 MM, PARA AGUA QUENTE","UN","CR",32.119999999999997,0,32.18,35.229999999999997]
["MATERIAL",44263,"BUCHA DE REDUCAO, CPVC, SOLDAVEL, 54 X 35 MM, PARA AGUA QUENTE","UN","CR",57.67,0,57.76,63.25]
["MATERIAL",36327,"BUCHA DE REDUCAO, PPR, DN 25 X 20 MM, PARA AGUA QUENTE PREDIAL","UN","CR",0,0,5.1100000000000003,0]
["MATERIAL",38992,"BUCHA DE REDUCAO, PPR, DN 32 X 25 MM, PARA AGUA QUENTE E FRIA PREDIAL","UN","CR",0,0,6.21,0]
["MATERIAL",38993,"BUCHA DE REDUCAO, PPR, DN 40 X 25 MM, PARA AGUA QUENTE E FRIA PREDIAL","UN","CR",0,0,16.149999999999999,0]
["MATERIAL",44175,"BUCHA DE REDUCAO, PPR, DN 50 X 25 MM, PARA AGUA QUENTE E FRIA PREDIAL","UN","CR",0,0,28.17,0]
["MATERIAL",44177,"BUCHA DE REDUCAO, PPR, DN 50 X 32 MM, PARA AGUA QUENTE E FRIA PREDIAL","UN","CR",0,0,21.05,0]
["MATERIAL",38418,"BUCHA DE REDUCAO, PVC, LONGA, SERIE R, DN 50 X 40 MM, PARA ESGOTO PREDIAL","UN","CR",5.75,5.28,5.34,5.57]
["MATERIAL",39178,"BUCHA EM ALUMINIO, COM ROSCA, DE 1 1/2\", PARA ELETRODUTO","UN","CR",1.91,0,1.98,2.97]
["MATERIAL",39177,"BUCHA EM ALUMINIO, COM ROSCA, DE 1 1/4\", PARA ELETRODUTO","UN","CR",1.72,0,1.79,2.68]
["MATERIAL",39176,"BUCHA EM ALUMINIO, COM ROSCA, DE 1\", PARA ELETRODUTO","UN","CR",1.1299999999999999,0,1.17,1.76]
["MATERIAL",39174,"BUCHA EM ALUMINIO, COM ROSCA, DE 1/2\", PARA ELETRODUTO","UN","CR",0.86,0,0.89,1.34]
["MATERIAL",39180,"BUCHA EM ALUMINIO, COM ROSCA, DE 2 1/2\", PARA ELETRODUTO","UN","CR",5.18,0,5.38,8.06]
["MATERIAL",39179,"BUCHA EM ALUMINIO, COM ROSCA, DE 2\", PARA ELETRODUTO","UN","CR",4.59,0,4.76,7.13]
["MATERIAL",39181,"BUCHA EM ALUMINIO, COM ROSCA, DE 3\", PARA ELETRODUTO","UN","CR",6.95,0,7.21,10.8]
["MATERIAL",39175,"BUCHA EM ALUMINIO, COM ROSCA, DE 3/4\", PARA ELETRODUTO","UN","CR",1.05,0,1.0900000000000001,1.64]
["MATERIAL",39217,"BUCHA EM ALUMINIO, COM ROSCA, DE 3/8\", PARA ELETRODUTO","UN","CR",0.81,0,0.84,1.26]
["MATERIAL",39182,"BUCHA EM ALUMINIO, COM ROSCA, DE 4\", PARA ELETRODUTO","UN","CR",9.77,0,10.14,15.19]
["MATERIAL",12616,"CABECEIRA DIREITA OU ESQUERDA, PVC, PARA CALHA PLUVIAL, DIAMETRO ENTRE *119 E 170* MM, PARA DRENAGEM PLUVIAL PREDIAL","UN","CR",17.75,16.29,16.47,17.18]
["MATERIAL",1049,"CABECOTE PARA ENTRADA DE LINHA DE ALIMENTACAO PARA ELETRODUTO, EM LIGA DE ALUMINIO COM ACABAMENTO ANTI CORROSIVO, COM FIXACAO POR ENCAIXE LISO DE 360 GRAUS, DE 1 1/2\"","UN","CR",8.18,0,8.49,12.71]
["MATERIAL",1099,"CABECOTE PARA ENTRADA DE LINHA DE ALIMENTACAO PARA ELETRODUTO, EM LIGA DE ALUMINIO COM ACABAMENTO ANTI CORROSIVO, COM FIXACAO POR ENCAIXE LISO DE 360 GRAUS, DE 1 1/4\"","UN","CR",6.26,0,6.49,9.73]
["MATERIAL",1050,"CABECOTE PARA ENTRADA DE LINHA DE ALIMENTACAO PARA ELETRODUTO, EM LIGA DE ALUMINIO COM ACABAMENTO ANTI CORROSIVO, COM FIXACAO POR ENCAIXE LISO DE 360 GRAUS, DE 1\"","UN","CR",4.28,0,4.4400000000000004,6.65]
["MATERIAL",39678,"CABECOTE PARA ENTRADA DE LINHA DE ALIMENTACAO PARA ELETRODUTO, EM LIGA DE ALUMINIO COM ACABAMENTO ANTI CORROSIVO, COM FIXACAO POR ENCAIXE LISO DE 360 GRAUS, DE 1/2\"","UN","CR",2.52,0,2.62,3.92]
["MATERIAL",1101,"CABECOTE PARA ENTRADA DE LINHA DE ALIMENTACAO PARA ELETRODUTO, EM LIGA DE ALUMINIO COM ACABAMENTO ANTI CORROSIVO, COM FIXACAO POR ENCAIXE LISO DE 360 GRAUS, DE 2 1/2\"","UN","CR",26.99,0,28.01,41.95]
["MATERIAL",1100,"CABECOTE PARA ENTRADA DE LINHA DE ALIMENTACAO PARA ELETRODUTO, EM LIGA DE ALUMINIO COM ACABAMENTO ANTI CORROSIVO, COM FIXACAO POR ENCAIXE LISO DE 360 GRAUS, DE 2\"","UN","CR",13.92,0,14.45,21.64]
["MATERIAL",39679,"CABECOTE PARA ENTRADA DE LINHA DE ALIMENTACAO PARA ELETRODUTO, EM LIGA DE ALUMINIO COM ACABAMENTO ANTI CORROSIVO, COM FIXACAO POR ENCAIXE LISO DE 360 GRAUS, DE 3 1/2\"","UN","CR",53.78,0,55.82,83.6]
["MATERIAL",1102,"CABECOTE PARA ENTRADA DE LINHA DE ALIMENTACAO PARA ELETRODUTO, EM LIGA DE ALUMINIO COM ACABAMENTO ANTI CORROSIVO, COM FIXACAO POR ENCAIXE LISO DE 360 GRAUS, DE 3\"","UN","CR",40.24,0,41.76,62.55]
["MATERIAL",1098,"CABECOTE PARA ENTRADA DE LINHA DE ALIMENTACAO PARA ELETRODUTO, EM LIGA DE ALUMINIO COM ACABAMENTO ANTI CORROSIVO, COM FIXACAO POR ENCAIXE LISO DE 360 GRAUS, DE 3/4\"","UN","CR",3.34,0,3.46,5.19]
["MATERIAL",1051,"CABECOTE PARA ENTRADA DE LINHA DE ALIMENTACAO PARA ELETRODUTO, EM LIGA DE ALUMINIO COM ACABAMENTO ANTI CORROSIVO, COM FIXACAO POR ENCAIXE LISO DE 360 GRAUS, DE 4\"","UN","CR",58.49,0,60.7,90.91]
["MATERIAL",37399,"CABIDE/GANCHO DE BANHEIRO SIMPLES EM METAL CROMADO","UN","CR",16.3,13.55,23.82,20.38]
["MATERIAL",43834,"CABO COAXIAL RG11 95% DE MALHA","M","CR",20.78,24.14,23.18,19]
["MATERIAL",43835,"CABO COAXIAL RG59 95% DE MALHA","M","CR",1.86,2.16,2.0699999999999998,1.7]
["MATERIAL",43833,"CABO COAXIAL RG6 95% DE MALHA","M","CR",1.93,2.25,2.16,1.77]
["MATERIAL",41955,"CABO DE ACO GALVANIZADO, DIAMETRO 12,7 MM (1/2\"), COM ALMA DE ACO CABO INDEPENDENTE 6 X 25 F","KG","CR",102.41,64.23,66.94,68.61]
["MATERIAL",41953,"CABO DE ACO GALVANIZADO, DIAMETRO 12,7 MM (1/2\"), COM ALMA DE FIBRA 6 X 25 F","KG","CR",97.73,61.29,63.88,65.47]
["MATERIAL",41954,"CABO DE ACO GALVANIZADO, DIAMETRO 9,53 MM (3/8\"), COM ALMA DE FIBRA 6 X 25 F","KG","CR",96.81,60.71,63.27,64.849999999999994]
["MATERIAL",25004,"CABO DE ALUMINIO NU COM ALMA DE ACO, BITOLA 1/0 AWG","KG","CR",52.52,57.51,60.4,51.99]
["MATERIAL",25002,"CABO DE ALUMINIO NU COM ALMA DE ACO, BITOLA 2 AWG","KG","CR",52.52,57.51,60.4,51.99]
["MATERIAL",37409,"CABO DE ALUMINIO NU COM ALMA DE ACO, BITOLA 2/0 AWG","KG","CR",52.52,57.51,60.4,51.99]
["MATERIAL",841,"CABO DE ALUMINIO NU COM ALMA DE ACO, BITOLA 4 AWG","KG","CR",53.16,58.21,61.14,52.63]
["MATERIAL",25005,"CABO DE ALUMINIO NU SEM ALMA DE ACO, BITOLA 1/0 AWG","KG","CR",57.63,63.11,66.28,57.05]
["MATERIAL",25003,"CABO DE ALUMINIO NU SEM ALMA DE ACO, BITOLA 2 AWG","KG","CR",58.5,64.06,67.27,57.91]
["MATERIAL",37410,"CABO DE ALUMINIO NU SEM ALMA DE ACO, BITOLA 2/0 AWG","KG","CR",57.63,63.11,66.28,57.05]
["MATERIAL",842,"CABO DE ALUMINIO NU SEM ALMA DE ACO, BITOLA 4 AWG","KG","CR",58.45,64,67.22,57.87]
["MATERIAL",44391,"CABO DE COBRE FLEXIVEL NAO HALOGENADO, SEM EMISSAO DE FUMACA, 750V, SECAO NOMINAL 120 MM","M","CR",124.55,136.38,143.22999999999999,123.3]
["MATERIAL",44388,"CABO DE COBRE FLEXIVEL NAO HALOGENADO, SEM EMISSAO DE FUMACA, 750V, SECAO NOMINAL 2,5 MM","M","CR",2.7,2.95,3.1,2.67]
["MATERIAL",44392,"CABO DE COBRE FLEXIVEL NAO HALOGENADO, SEM EMISSAO DE FUMACA, 750V, SECAO NOMINAL 240 MM","M","CR",247.99,271.55,285.19,245.51]
["MATERIAL",44390,"CABO DE COBRE FLEXIVEL NAO HALOGENADO, SEM EMISSAO DE FUMACA, 750V, SECAO NOMINAL 50 MM","M","CR",52.54,57.54,60.43,52.02]
["MATERIAL",44389,"CABO DE COBRE FLEXIVEL NAO HALOGENADO, SEM EMISSAO DE FUMACA, 750V, SECAO NOMINAL 6,0 MM","M","CR",6.2,6.79,7.13,6.14]
["MATERIAL",862,"CABO DE COBRE NU 10 MM2 MEIO-DURO","M","CR",11.36,12.44,13.07,11.25]
["MATERIAL",866,"CABO DE COBRE NU 120 MM2 MEIO-DURO","M","CR",144.4,158.12,166.07,142.96]
["MATERIAL",892,"CABO DE COBRE NU 150 MM2 MEIO-DURO","M","CR",174.8,191.41,201.02,173.05]
["MATERIAL",857,"CABO DE COBRE NU 16 MM2 MEIO-DURO","M","CR",19.010000000000002,20.81,21.86,18.82]
["MATERIAL",37404,"CABO DE COBRE NU 185 MM2 MEIO-DURO","M","CR",202.24,221.45,232.58,200.22]
["MATERIAL",868,"CABO DE COBRE NU 25 MM2 MEIO-DURO","M","CR",27.09,29.67,31.16,26.82]
["MATERIAL",863,"CABO DE COBRE NU 35 MM2 MEIO-DURO","M","CR",39.9,43.69,45.89,39.5]
["MATERIAL",867,"CABO DE COBRE NU 50 MM2 MEIO-DURO","M","CR",56.84,62.24,65.37,56.27]
["MATERIAL",864,"CABO DE COBRE NU 70 MM2 MEIO-DURO","M","CR",75.08,82.22,86.35,74.33]
["MATERIAL",865,"CABO DE COBRE NU 95 MM2 MEIO-DURO","M","CR",108,118.26,124.2,106.92]
["MATERIAL",39251,"CABO DE COBRE, FLEXIVEL, CLASSE 4 OU 5, ISOLACAO EM PVC/A, ANTICHAMA BWF-B, 1 CONDUTOR, 450/750 V, SECAO NOMINAL 0,5 MM2","M","CR",0.71,0.78,0.81,0.7]
["MATERIAL",1011,"CABO DE COBRE, FLEXIVEL, CLASSE 4 OU 5, ISOLACAO EM PVC/A, ANTICHAMA BWF-B, 1 CONDUTOR, 450/750 V, SECAO NOMINAL 0,75 MM2","M","CR",0.97,1.06,1.1100000000000001,0.96]
["MATERIAL",39252,"CABO DE COBRE, FLEXIVEL, CLASSE 4 OU 5, ISOLACAO EM PVC/A, ANTICHAMA BWF-B, 1 CONDUTOR, 450/750 V, SECAO NOMINAL 1,0 MM2","M","CR",1.27,1.39,1.46,1.25]
["MATERIAL",1013,"CABO DE COBRE, FLEXIVEL, CLASSE 4 OU 5, ISOLACAO EM PVC/A, ANTICHAMA BWF-B, 1 CONDUTOR, 450/750 V, SECAO NOMINAL 1,5 MM2","M","CR",1.52,1.67,1.75,1.51]
["MATERIAL",980,"CABO DE COBRE, FLEXIVEL, CLASSE 4 OU 5, ISOLACAO EM PVC/A, ANTICHAMA BWF-B, 1 CONDUTOR, 450/750 V, SECAO NOMINAL 10 MM2","M","CR",10.99,12.03,12.64,10.88]
["MATERIAL",39237,"CABO DE COBRE, FLEXIVEL, CLASSE 4 OU 5, ISOLACAO EM PVC/A, ANTICHAMA BWF-B, 1 CONDUTOR, 450/750 V, SECAO NOMINAL 120 MM2","M","CR",116.91,128.01,134.44,115.74]
["MATERIAL",39238,"CABO DE COBRE, FLEXIVEL, CLASSE 4 OU 5, ISOLACAO EM PVC/A, ANTICHAMA BWF-B, 1 CONDUTOR, 450/750 V, SECAO NOMINAL 150 MM2","M","CR",147.44,161.44999999999999,169.56,145.97]
["MATERIAL",979,"CABO DE COBRE, FLEXIVEL, CLASSE 4 OU 5, ISOLACAO EM PVC/A, ANTICHAMA BWF-B, 1 CONDUTOR, 450/750 V, SECAO NOMINAL 16 MM2","M","CR",15.7,17.190000000000001,18.059999999999999,15.54]
["MATERIAL",39239,"CABO DE COBRE, FLEXIVEL, CLASSE 4 OU 5, ISOLACAO EM PVC/A, ANTICHAMA BWF-B, 1 CONDUTOR, 450/750 V, SECAO NOMINAL 185 MM2","M","CR",178.12,195.05,204.84,176.34]
["MATERIAL",1014,"CABO DE COBRE, FLEXIVEL, CLASSE 4 OU 5, ISOLACAO EM PVC/A, ANTICHAMA BWF-B, 1 CONDUTOR, 450/750 V, SECAO NOMINAL 2,5 MM2","M","CR",2.41,2.64,2.77,2.39]
["MATERIAL",39240,"CABO DE COBRE, FLEXIVEL, CLASSE 4 OU 5, ISOLACAO EM PVC/A, ANTICHAMA BWF-B, 1 CONDUTOR, 450/750 V, SECAO NOMINAL 240 MM2","M","CR",234.28,256.54000000000002,269.42,231.94]
["MATERIAL",39232,"CABO DE COBRE, FLEXIVEL, CLASSE 4 OU 5, ISOLACAO EM PVC/A, ANTICHAMA BWF-B, 1 CONDUTOR, 450/750 V, SECAO NOMINAL 25 MM2","M","CR",24.59,26.92,28.27,24.34]
["MATERIAL",39233,"CABO DE COBRE, FLEXIVEL, CLASSE 4 OU 5, ISOLACAO EM PVC/A, ANTICHAMA BWF-B, 1 CONDUTOR, 450/750 V, SECAO NOMINAL 35 MM2","M","CR",35.840000000000003,39.24,41.21,35.479999999999997]
["MATERIAL",981,"CABO DE COBRE, FLEXIVEL, CLASSE 4 OU 5, ISOLACAO EM PVC/A, ANTICHAMA BWF-B, 1 CONDUTOR, 450/750 V, SECAO NOMINAL 4 MM2","M","C",4,4.38,4.5999999999999996,3.96]
["MATERIAL",39234,"CABO DE COBRE, FLEXIVEL, CLASSE 4 OU 5, ISOLACAO EM PVC/A, ANTICHAMA BWF-B, 1 CONDUTOR, 450/750 V, SECAO NOMINAL 50 MM2","M","CR",49.88,54.62,57.37,49.38]
["MATERIAL",982,"CABO DE COBRE, FLEXIVEL, CLASSE 4 OU 5, ISOLACAO EM PVC/A, ANTICHAMA BWF-B, 1 CONDUTOR, 450/750 V, SECAO NOMINAL 6 MM2","M","CR",5.75,6.3,6.61,5.69]
["MATERIAL",39235,"CABO DE COBRE, FLEXIVEL, CLASSE 4 OU 5, ISOLACAO EM PVC/A, ANTICHAMA BWF-B, 1 CONDUTOR, 450/750 V, SECAO NOMINAL 70 MM2","M","CR",73.569999999999993,80.56,84.61,72.84]
["MATERIAL",39236,"CABO DE COBRE, FLEXIVEL, CLASSE 4 OU 5, ISOLACAO EM PVC/A, ANTICHAMA BWF-B, 1 CONDUTOR, 450/750 V, SECAO NOMINAL 95 MM2","M","CR",97.51,106.77,112.13,96.53]
["MATERIAL",993,"CABO DE COBRE, FLEXIVEL, CLASSE 4 OU 5, ISOLACAO EM PVC/A, ANTICHAMA BWF-B, COBERTURA PVC-ST1, ANTICHAMA BWF-B, 1 CONDUTOR, 0,6/1 KV, SECAO NOMINAL 1,5 MM2","M","CR",2.0499999999999998,2.25,2.36,2.0299999999999998]
["MATERIAL",1020,"CABO DE COBRE, FLEXIVEL, CLASSE 4 OU 5, ISOLACAO EM PVC/A, ANTICHAMA BWF-B, COBERTURA PVC-ST1, ANTICHAMA BWF-B, 1 CONDUTOR, 0,6/1 KV, SECAO NOMINAL 10 MM2","M","CR",10.48,11.47,12.05,10.37]
["MATERIAL",1017,"CABO DE COBRE, FLEXIVEL, CLASSE 4 OU 5, ISOLACAO EM PVC/A, ANTICHAMA BWF-B, COBERTURA PVC-ST1, ANTICHAMA BWF-B, 1 CONDUTOR, 0,6/1 KV, SECAO NOMINAL 120 MM2","M","CR",128.41,140.61000000000001,147.68,127.13]
["MATERIAL",999,"CABO DE COBRE, FLEXIVEL, CLASSE 4 OU 5, ISOLACAO EM PVC/A, ANTICHAMA BWF-B, COBERTURA PVC-ST1, ANTICHAMA BWF-B, 1 CONDUTOR, 0,6/1 KV, SECAO NOMINAL 150 MM2","M","CR",155.58000000000001,170.36,178.91,154.02000000000001]
["MATERIAL",995,"CABO DE COBRE, FLEXIVEL, CLASSE 4 OU 5, ISOLACAO EM PVC/A, ANTICHAMA BWF-B, COBERTURA PVC-ST1, ANTICHAMA BWF-B, 1 CONDUTOR, 0,6/1 KV, SECAO NOMINAL 16 MM2","M","CR",16.68,18.27,19.190000000000001,16.52]
["MATERIAL",1000,"CABO DE COBRE, FLEXIVEL, CLASSE 4 OU 5, ISOLACAO EM PVC/A, ANTICHAMA BWF-B, COBERTURA PVC-ST1, ANTICHAMA BWF-B, 1 CONDUTOR, 0,6/1 KV, SECAO NOMINAL 185 MM2","M","CR",191.09,209.25,219.76,189.18]
["MATERIAL",1022,"CABO DE COBRE, FLEXIVEL, CLASSE 4 OU 5, ISOLACAO EM PVC/A, ANTICHAMA BWF-B, COBERTURA PVC-ST1, ANTICHAMA BWF-B, 1 CONDUTOR, 0,6/1 KV, SECAO NOMINAL 2,5 MM2","M","CR",2.86,3.14,3.29,2.83]
["MATERIAL",1015,"CABO DE COBRE, FLEXIVEL, CLASSE 4 OU 5, ISOLACAO EM PVC/A, ANTICHAMA BWF-B, COBERTURA PVC-ST1, ANTICHAMA BWF-B, 1 CONDUTOR, 0,6/1 KV, SECAO NOMINAL 240 MM2","M","CR",253.94,278.06,292.02999999999997,251.4]
["MATERIAL",996,"CABO DE COBRE, FLEXIVEL, CLASSE 4 OU 5, ISOLACAO EM PVC/A, ANTICHAMA BWF-B, COBERTURA PVC-ST1, ANTICHAMA BWF-B, 1 CONDUTOR, 0,6/1 KV, SECAO NOMINAL 25 MM2","M","CR",25.87,28.33,29.75,25.61]
["MATERIAL",1001,"CABO DE COBRE, FLEXIVEL, CLASSE 4 OU 5, ISOLACAO EM PVC/A, ANTICHAMA BWF-B, COBERTURA PVC-ST1, ANTICHAMA BWF-B, 1 CONDUTOR, 0,6/1 KV, SECAO NOMINAL 300 MM2","M","CR",329.48,360.78,378.9,326.18]
["MATERIAL",1019,"CABO DE COBRE, FLEXIVEL, CLASSE 4 OU 5, ISOLACAO EM PVC/A, ANTICHAMA BWF-B, COBERTURA PVC-ST1, ANTICHAMA BWF-B, 1 CONDUTOR, 0,6/1 KV, SECAO NOMINAL 35 MM2","M","CR",36.56,40.03,42.04,36.19]
["MATERIAL",1021,"CABO DE COBRE, FLEXIVEL, CLASSE 4 OU 5, ISOLACAO EM PVC/A, ANTICHAMA BWF-B, COBERTURA PVC-ST1, ANTICHAMA BWF-B, 1 CONDUTOR, 0,6/1 KV, SECAO NOMINAL 4 MM2","M","CR",4.3899999999999997,4.8099999999999996,5.05,4.3499999999999996]
["MATERIAL",39249,"CABO DE COBRE, FLEXIVEL, CLASSE 4 OU 5, ISOLACAO EM PVC/A, ANTICHAMA BWF-B, COBERTURA PVC-ST1, ANTICHAMA BWF-B, 1 CONDUTOR, 0,6/1 KV, SECAO NOMINAL 400 MM2","M","CR",443,485.09,509.46,438.57]
["MATERIAL",1018,"CABO DE COBRE, FLEXIVEL, CLASSE 4 OU 5, ISOLACAO EM PVC/A, ANTICHAMA BWF-B, COBERTURA PVC-ST1, ANTICHAMA BWF-B, 1 CONDUTOR, 0,6/1 KV, SECAO NOMINAL 50 MM2","M","CR",54.06,59.2,62.17,53.52]
["MATERIAL",39250,"CABO DE COBRE, FLEXIVEL, CLASSE 4 OU 5, ISOLACAO EM PVC/A, ANTICHAMA BWF-B, COBERTURA PVC-ST1, ANTICHAMA BWF-B, 1 CONDUTOR, 0,6/1 KV, SECAO NOMINAL 500 MM2","M","CR",529.92999999999995,580.28,609.41999999999996,524.63]
["MATERIAL",994,"CABO DE COBRE, FLEXIVEL, CLASSE 4 OU 5, ISOLACAO EM PVC/A, ANTICHAMA BWF-B, COBERTURA PVC-ST1, ANTICHAMA BWF-B, 1 CONDUTOR, 0,6/1 KV, SECAO NOMINAL 6 MM2","M","CR",6.39,7,7.35,6.33]
["MATERIAL",977,"CABO DE COBRE, FLEXIVEL, CLASSE 4 OU 5, ISOLACAO EM PVC/A, ANTICHAMA BWF-B, COBERTURA PVC-ST1, ANTICHAMA BWF-B, 1 CONDUTOR, 0,6/1 KV, SECAO NOMINAL 70 MM2","M","CR",75.63,82.82,86.98,74.87]
["MATERIAL",998,"CABO DE COBRE, FLEXIVEL, CLASSE 4 OU 5, ISOLACAO EM PVC/A, ANTICHAMA BWF-B, COBERTURA PVC-ST1, ANTICHAMA BWF-B, 1 CONDUTOR, 0,6/1 KV, SECAO NOMINAL 95 MM2","M","CR",98.2,107.53,112.93,97.21]
["MATERIAL",1006,"CABO DE COBRE, RIGIDO, CLASSE 2, ISOLACAO EM PVC, ANTI-CHAMA BWF-B, 1 CONDUTOR, 450/750 V, DIAMETRO 120 MM2","M","CR",130.12,142.47999999999999,149.63,128.82]
["MATERIAL",990,"CABO DE COBRE, RIGIDO, CLASSE 2, ISOLACAO EM PVC/A, ANTICHAMA BWF-B, 1 CONDUTOR, 450/750 V, SECAO NOMINAL 150 MM2","M","CR",173.01,189.45,198.97,171.28]
["MATERIAL",39241,"CABO DE COBRE, RIGIDO, CLASSE 2, ISOLACAO EM PVC/A, ANTICHAMA BWF-B, 1 CONDUTOR, 450/750 V, SECAO NOMINAL 16 MM2","M","CR",17.03,18.649999999999999,19.59,16.86]
["MATERIAL",1005,"CABO DE COBRE, RIGIDO, CLASSE 2, ISOLACAO EM PVC/A, ANTICHAMA BWF-B, 1 CONDUTOR, 450/750 V, SECAO NOMINAL 185 MM2","M","CR",215.41,235.88,247.72,213.26]
["MATERIAL",991,"CABO DE COBRE, RIGIDO, CLASSE 2, ISOLACAO EM PVC/A, ANTICHAMA BWF-B, 1 CONDUTOR, 450/750 V, SECAO NOMINAL 240 MM2","M","CR",282.14,308.95,324.47000000000003,279.32]
["MATERIAL",986,"CABO DE COBRE, RIGIDO, CLASSE 2, ISOLACAO EM PVC/A, ANTICHAMA BWF-B, 1 CONDUTOR, 450/750 V, SECAO NOMINAL 25 MM2","M","CR",26.91,29.47,30.95,26.64]
["MATERIAL",987,"CABO DE COBRE, RIGIDO, CLASSE 2, ISOLACAO EM PVC/A, ANTICHAMA BWF-B, 1 CONDUTOR, 450/750 V, SECAO NOMINAL 35 MM2","M","CR",36.840000000000003,40.340000000000003,42.36,36.47]
["MATERIAL",1007,"CABO DE COBRE, RIGIDO, CLASSE 2, ISOLACAO EM PVC/A, ANTICHAMA BWF-B, 1 CONDUTOR, 450/750 V, SECAO NOMINAL 50 MM2","M","CR",50.99,55.84,58.64,50.48]
["MATERIAL",1008,"CABO DE COBRE, RIGIDO, CLASSE 2, ISOLACAO EM PVC/A, ANTICHAMA BWF-B, 1 CONDUTOR, 450/750 V, SECAO NOMINAL 6 MM2","M","CR",6.47,7.09,7.44,6.41]
["MATERIAL",988,"CABO DE COBRE, RIGIDO, CLASSE 2, ISOLACAO EM PVC/A, ANTICHAMA BWF-B, 1 CONDUTOR, 450/750 V, SECAO NOMINAL 70 MM2","M","CR",70.31,76.989999999999995,80.86,69.61]
["MATERIAL",989,"CABO DE COBRE, RIGIDO, CLASSE 2, ISOLACAO EM PVC/A, ANTICHAMA BWF-B, 1 CONDUTOR, 450/750 V, SECAO NOMINAL 95 MM2","M","CR",97.06,106.28,111.61,96.09]
["MATERIAL",43972,"CABO DE REDE, PAR TRANCADO U/UTP, 4 PARES, CATEGORIA 5E (CAT 5E), ISOLAMENTO PVC (CM)","M","CR",3.97,4.6100000000000003,4.42,3.62]
["MATERIAL",43971,"CABO DE REDE, PAR TRANCADO U/UTP, 4 PARES, CATEGORIA 5E (CAT 5E), ISOLAMENTO PVC (CMX)","M","C",3.03,3.52,3.38,2.77]
["MATERIAL",39598,"CABO DE REDE, PAR TRANCADO U/UTP, 4 PARES, CATEGORIA 5E (CAT 5E), ISOLAMENTO PVC (LSZH)","M","CR",5.62,6.53,6.27,5.13]
["MATERIAL",43973,"CABO DE REDE, PAR TRANCADO U/UTP, 4 PARES, CATEGORIA 6 (CAT 6), ISOLAMENTO PVC (CM)","M","CR",4.1500000000000004,4.82,4.63,3.79]
["MATERIAL",39599,"CABO DE REDE, PAR TRANCADO UTP, 4 PARES, CATEGORIA 6 (CAT 6), ISOLAMENTO PVC (LSZH)","M","CR",8.08,9.39,9.02,7.39]
["MATERIAL",43832,"CABO ELETRONICO CATEGORIA 6A U/UTP 23AWG X 4P","M","CR",21.29,24.73,23.75,19.46]
["MATERIAL",34602,"CABO FLEXIVEL PVC 750 V, 2 CONDUTORES DE 1,5 MM2","M","CR",4.45,4.87,5.12,4.41]
["MATERIAL",34607,"CABO FLEXIVEL PVC 750 V, 2 CONDUTORES DE 4,0 MM2","M","CR",10.91,11.94,12.55,10.8]
["MATERIAL",34609,"CABO FLEXIVEL PVC 750 V, 2 CONDUTORES DE 6,0 MM2","M","CR",15.87,17.38,18.25,15.71]
["MATERIAL",34618,"CABO FLEXIVEL PVC 750 V, 3 CONDUTORES DE 1,5 MM2","M","CR",6.07,6.64,6.98,6.01]
["MATERIAL",34621,"CABO FLEXIVEL PVC 750 V, 3 CONDUTORES DE 4,0 MM2","M","CR",15.04,16.47,17.3,14.89]
["MATERIAL",34622,"CABO FLEXIVEL PVC 750 V, 3 CONDUTORES DE 6,0 MM2","M","CR",22.34,24.47,25.7,22.12]
["MATERIAL",34624,"CABO FLEXIVEL PVC 750 V, 4 CONDUTORES DE 1,5 MM2","M","CR",8.1,8.8699999999999992,9.32,8.02]
["MATERIAL",34627,"CABO FLEXIVEL PVC 750 V, 4 CONDUTORES DE 4,0 MM2","M","CR",19.54,21.4,22.47,19.34]
["MATERIAL",34629,"CABO FLEXIVEL PVC 750 V, 4 CONDUTORES DE 6,0 MM2","M","CR",29.85,32.69,34.33,29.56]
["MATERIAL",39257,"CABO MULTIPOLAR DE COBRE, FLEXIVEL, CLASSE 4 OU 5, ISOLACAO EM HEPR, COBERTURA EM PVC-ST2, ANTICHAMA BWF-B, 0,6/1 KV, 3 CONDUTORES DE 1,5 MM2","M","CR",6.07,6.65,6.99,6.01]
["MATERIAL",39261,"CABO MULTIPOLAR DE COBRE, FLEXIVEL, CLASSE 4 OU 5, ISOLACAO EM HEPR, COBERTURA EM PVC-ST2, ANTICHAMA BWF-B, 0,6/1 KV, 3 CONDUTORES DE 10 MM2","M","CR",34.78,38.090000000000003,40,34.44]
["MATERIAL",39268,"CABO MULTIPOLAR DE COBRE, FLEXIVEL, CLASSE 4 OU 5, ISOLACAO EM HEPR, COBERTURA EM PVC-ST2, ANTICHAMA BWF-B, 0,6/1 KV, 3 CONDUTORES DE 120 MM2","M","CR",543.67999999999995,595.33000000000004,625.23,538.24]
["MATERIAL",39262,"CABO MULTIPOLAR DE COBRE, FLEXIVEL, CLASSE 4 OU 5, ISOLACAO EM HEPR, COBERTURA EM PVC-ST2, ANTICHAMA BWF-B, 0,6/1 KV, 3 CONDUTORES DE 16 MM2","M","CR",55.39,60.65,63.7,54.83]
["MATERIAL",39258,"CABO MULTIPOLAR DE COBRE, FLEXIVEL, CLASSE 4 OU 5, ISOLACAO EM HEPR, COBERTURA EM PVC-ST2, ANTICHAMA BWF-B, 0,6/1 KV, 3 CONDUTORES DE 2,5 MM2","M","CR",9.16,10.029999999999999,10.53,9.06]
["MATERIAL",39263,"CABO MULTIPOLAR DE COBRE, FLEXIVEL, CLASSE 4 OU 5, ISOLACAO EM HEPR, COBERTURA EM PVC-ST2, ANTICHAMA BWF-B, 0,6/1 KV, 3 CONDUTORES DE 25 MM2","M","CR",95.78,104.88,110.15,94.82]
["MATERIAL",39264,"CABO MULTIPOLAR DE COBRE, FLEXIVEL, CLASSE 4 OU 5, ISOLACAO EM HEPR, COBERTURA EM PVC-ST2, ANTICHAMA BWF-B, 0,6/1 KV, 3 CONDUTORES DE 35 MM2","M","CR",132.68,145.29,152.58000000000001,131.35]
["MATERIAL",39259,"CABO MULTIPOLAR DE COBRE, FLEXIVEL, CLASSE 4 OU 5, ISOLACAO EM HEPR, COBERTURA EM PVC-ST2, ANTICHAMA BWF-B, 0,6/1 KV, 3 CONDUTORES DE 4 MM2","M","CR",14.1,15.44,16.22,13.96]
["MATERIAL",39265,"CABO MULTIPOLAR DE COBRE, FLEXIVEL, CLASSE 4 OU 5, ISOLACAO EM HEPR, COBERTURA EM PVC-ST2, ANTICHAMA BWF-B, 0,6/1 KV, 3 CONDUTORES DE 50 MM2","M","CR",180.13,197.25,207.15,178.33]
["MATERIAL",39260,"CABO MULTIPOLAR DE COBRE, FLEXIVEL, CLASSE 4 OU 5, ISOLACAO EM HEPR, COBERTURA EM PVC-ST2, ANTICHAMA BWF-B, 0,6/1 KV, 3 CONDUTORES DE 6 MM2","M","CR",21.59,23.64,24.83,21.37]
["MATERIAL",39266,"CABO MULTIPOLAR DE COBRE, FLEXIVEL, CLASSE 4 OU 5, ISOLACAO EM HEPR, COBERTURA EM PVC-ST2, ANTICHAMA BWF-B, 0,6/1 KV, 3 CONDUTORES DE 70 MM2","M","CR",271.82,297.64,312.58999999999997,269.10000000000002]
["MATERIAL",39267,"CABO MULTIPOLAR DE COBRE, FLEXIVEL, CLASSE 4 OU 5, ISOLACAO EM HEPR, COBERTURA EM PVC-ST2, ANTICHAMA BWF-B, 0,6/1 KV, 3 CONDUTORES DE 95 MM2","M","CR",339.84,372.13,390.82,336.45]
["MATERIAL",11901,"CABO TELEFONICO CCI 50, 1 PAR, USO INTERNO, SEM BLINDAGEM","M","CR",0.73,0.84,0.81,0.66]
["MATERIAL",11902,"CABO TELEFONICO CCI 50, 2 PARES, USO INTERNO, SEM BLINDAGEM","M","CR",1.39,1.62,1.55,1.27]
["MATERIAL",11903,"CABO TELEFONICO CCI 50, 3 PARES, USO INTERNO, SEM BLINDAGEM","M","CR",1.47,1.71,1.64,1.35]
["MATERIAL",11904,"CABO TELEFONICO CCI 50, 4 PARES, USO INTERNO, SEM BLINDAGEM","M","CR",2.2400000000000002,2.6,2.4900000000000002,2.04]
["MATERIAL",11905,"CABO TELEFONICO CCI 50, 5 PARES, USO INTERNO, SEM BLINDAGEM","M","CR",2.73,3.17,3.04,2.4900000000000002]
["MATERIAL",11906,"CABO TELEFONICO CCI 50, 6 PARES, USO INTERNO, SEM BLINDAGEM","M","CR",3.47,4.03,3.87,3.17]
["MATERIAL",11919,"CABO TELEFONICO CI 50, 10 PARES, USO INTERNO","M","CR",6.36,7.38,7.09,5.81]
["MATERIAL",11920,"CABO TELEFONICO CI 50, 20 PARES, USO INTERNO","M","CR",12.07,14.03,13.47,11.04]
["MATERIAL",11924,"CABO TELEFONICO CI 50, 200 PARES, USO INTERNO","M","CR",101.37,117.76,113.08,92.67]
["MATERIAL",11921,"CABO TELEFONICO CI 50, 30 PARES, USO INTERNO","M","CR",17.670000000000002,20.52,19.71,16.149999999999999]
["MATERIAL",11922,"CABO TELEFONICO CI 50, 50 PARES, USO INTERNO","M","CR",28.57,33.19,31.87,26.12]
["MATERIAL",11923,"CABO TELEFONICO CI 50, 75 PARES, USO INTERNO","M","CR",41.82,48.59,46.66,38.229999999999997]
["MATERIAL",11916,"CABO TELEFONICO CTP - APL - 50, 10 PARES, USO EXTERNO","M","CR",8.69,10.1,9.6999999999999993,7.95]
["MATERIAL",11914,"CABO TELEFONICO CTP - APL - 50, 100 PARES, USO EXTERNO","M","CR",62.66,72.790000000000006,69.900000000000006,57.28]
["MATERIAL",11917,"CABO TELEFONICO CTP - APL - 50, 20 PARES, USO EXTERNO","M","CR",15.32,17.79,17.09,14]
["MATERIAL",11918,"CABO TELEFONICO CTP - APL - 50, 30 PARES, USO EXTERNO","M","CR",18.170000000000002,21.11,20.27,16.61]
["EQUIPAMENTO (AQUISIÇÃO)",37734,"CACAMBA METALICA BASCULANTE COM CAPACIDADE DE 10 M3 (INCLUI MONTAGEM, NAO INCLUI CAMINHAO)","UN","CR",0,77223.77,0,84731.64]
["EQUIPAMENTO (AQUISIÇÃO)",42251,"CACAMBA METALICA BASCULANTE COM CAPACIDADE DE 12 M3 (INCLUI MONTAGEM, NAO INCLUI CAMINHAO)","UN","CR",0,87692.3,0,96217.94]
["EQUIPAMENTO (AQUISIÇÃO)",37733,"CACAMBA METALICA BASCULANTE COM CAPACIDADE DE 6 M3 (INCLUI MONTAGEM, NAO INCLUI CAMINHAO)","UN","CR",0,57902.09,0,63531.46]
["EQUIPAMENTO (AQUISIÇÃO)",37735,"CACAMBA METALICA BASCULANTE COM CAPACIDADE DE 8 M3 (INCLUI MONTAGEM, NAO INCLUI CAMINHAO)","UN","CR",0,69772.02,0,76555.42]
["MATERIAL",5090,"CADEADO SIMPLES, CORPO EM LATAO MACICO, COM LARGURA DE 25 MM E ALTURA DE APROX 25 MM, HASTE CEMENTADA (NAO LONGA), EM ACO TEMPERADO COM DIAMETRO DE APROX 5,0 MM, INCLUINDO 2 CHAVES","UN","C",22.8,24,19.989999999999998,22.4]
["MATERIAL",5085,"CADEADO SIMPLES, CORPO EM LATAO MACICO, COM LARGURA DE 35 MM E ALTURA DE APROX 30 MM, HASTE CEMENTADA (NAO LONGA), EM ACO TEMPERADO COM DIAMETRO DE APROX 6,0 MM, INCLUINDO 2 CHAVES","UN","CR",33.94,35.729999999999997,29.76,33.35]
["MATERIAL",43603,"CADEADO SIMPLES, CORPO EM LATAO MACICO, COM LARGURA DE 50 MM E ALTURA DE APROX 40 MM, HASTE CEMENTADA EM ACO TEMPERADO COM DIAMETRO DE APROX 8,0 MM, INCLUINDO 2 CHAVES","UN","CR",48.49,51.04,42.51,47.64]
["MATERIAL",38374,"CADEIRA SUSPENSA MANUAL / BALANCIM INDIVIDUAL (NBR 14751)","UN","CR",703.11,963.11,801.26,794.37]
["MATERIAL",4513,"CAIBRO 5 X 5 CM EM PINUS, MISTA OU EQUIVALENTE DA REGIAO - BRUTA","M","CR",7.21,6.86,5.34,5.54]
["MATERIAL",20212,"CAIBRO APARELHADO *6 X 8* CM, EM MACARANDUBA/MASSARANDUBA, ANGELIM OU EQUIVALENTE DA REGIAO","M","CR",18.79,23.07,22.62,30.76]
["MATERIAL",20209,"CAIBRO APARELHADO *7,5 X 7,5* CM, EM MACARANDUBA/MASSARANDUBA, ANGELIM OU EQUIVALENTE DA REGIAO","M","CR",22.45,27.55,27.02,36.74]
["MATERIAL",4430,"CAIBRO NAO APARELHADO *5 X 6* CM, EM MACARANDUBA/MASSARANDUBA, ANGELIM OU EQUIVALENTE DA REGIAO - BRUTA","M","C",11,13.5,13.24,18]
["MATERIAL",4433,"CAIBRO NAO APARELHADO *6 X 6* CM, EM MACARANDUBA/MASSARANDUBA, ANGELIM OU EQUIVALENTE DA REGIAO - BRUTA","M","CR",21.51,26.4,25.89,35.200000000000003]
["MATERIAL",4400,"CAIBRO NAO APARELHADO, *6 X 8* CM, EM MACARANDUBA/MASSARANDUBA, ANGELIM OU EQUIVALENTE DA REGIAO - BRUTA","M","CR",17.5,21.48,21.07,28.65]
["MATERIAL",2729,"CAIBRO ROLICO DE MADEIRA TRATADA, D = 4 A 7 CM, H = 3,00 M, EM EUCALIPTO OU EQUIVALENTE DA REGIAO","UN","CR",31.68,0,28.38,24.37]
["MATERIAL",37106,"CAIXA D'AGUA / RESERVATORIO EM POLIESTER REFORCADO COM FIBRA DE VIDRO, 10000 LITROS, COM TAMPA","UN","CR",4566.37,5811.8,5304.56,5326.25]
["MATERIAL",11869,"CAIXA D'AGUA / RESERVATORIO EM POLIESTER REFORCADO COM FIBRA DE VIDRO, 1500 LITROS, COM TAMPA","UN","CR",913.27,1162.3599999999999,1060.9100000000001,1065.25]
["MATERIAL",43981,"CAIXA D'AGUA / RESERVATORIO EM POLIESTER REFORCADO COM FIBRA DE VIDRO, 15000 LITROS, COM TAMPA","UN","CR",6881.47,8758.33,7993.92,8026.61]
["MATERIAL",37104,"CAIXA D'AGUA / RESERVATORIO EM POLIESTER REFORCADO COM FIBRA DE VIDRO, 2000 LITROS, COM TAMPA","UN","CR",1146.17,1458.78,1331.46,1336.91]
["MATERIAL",43982,"CAIXA D'AGUA / RESERVATORIO EM POLIESTER REFORCADO COM FIBRA DE VIDRO, 20000 LITROS, COM TAMPA","UN","CR",10871,13835.95,12628.38,12680.03]
["MATERIAL",43978,"CAIXA D'AGUA / RESERVATORIO EM POLIESTER REFORCADO COM FIBRA DE VIDRO, 3000 LITROS, COM TAMPA","UN","CR",1698.61,2161.89,1973.2,1981.27]
["MATERIAL",11871,"CAIXA D'AGUA / RESERVATORIO EM POLIESTER REFORCADO COM FIBRA DE VIDRO, 500 LITROS, COM TAMPA","UN","CR",425.72,541.83000000000004,494.54,496.57]
["MATERIAL",37105,"CAIXA D'AGUA / RESERVATORIO EM POLIESTER REFORCADO COM FIBRA DE VIDRO, 5000 LITROS, COM TAMPA","UN","CR",2619.4499999999998,3333.88,3042.9,3055.35]
["MATERIAL",43980,"CAIXA D'AGUA / RESERVATORIO EM POLIESTER REFORCADO COM FIBRA DE VIDRO, 7000 LITROS, COM TAMPA","UN","CR",3262.25,4151.99,3789.62,3805.12]
["MATERIAL",43979,"CAIXA D'AGUA / RESERVATORIO EM POLIESTER REFORCADO COM FIBRA DE VIDRO, 750 LITROS, COM TAMPA","UN","CR",612.94000000000005,780.11,712.03,714.94]
["MATERIAL",11868,"CAIXA D'AGUA / RESERVATORIO EM POLIESTER REFORCADO COM FIBRA DE VIDRO,1000 LITROS, COM TAMPA","UN","CR",592.78,754.45,688.6,691.42]
["MATERIAL",34636,"CAIXA D'AGUA / RESERVATORIO EM POLIETILENO, 1000 LITROS, COM TAMPA","UN","C",420.95,535.76,489,491]
["MATERIAL",34639,"CAIXA D'AGUA / RESERVATORIO EM POLIETILENO, 1500 LITROS, COM TAMPA","UN","CR",971.63,1236.6300000000001,1128.7,1133.31]
["MATERIAL",34640,"CAIXA D'AGUA / RESERVATORIO EM POLIETILENO, 2000 LITROS, COM TAMPA","UN","CR",1102.1600000000001,1402.76,1280.33,1285.57]
["MATERIAL",43977,"CAIXA D'AGUA / RESERVATORIO EM POLIETILENO, 3000 LITROS, COM TAMPA","UN","CR",1900.05,2418.27,2207.21,2216.2399999999998]
["MATERIAL",34637,"CAIXA D'AGUA / RESERVATORIO EM POLIETILENO, 500 LITROS, COM TAMPA","UN","CR",254.57,324,295.72000000000003,296.93]
["MATERIAL",34638,"CAIXA D'AGUA / RESERVATORIO EM POLIETILENO, 750 LITROS, COM TAMPA","UN","CR",393.77,501.16,457.42,459.29]
["MATERIAL",34641,"CAIXA DE ATERRAMENTO EM CONCRETO PRE-MOLDADO, DIAMETRO DE 0,30 M E ALTURA DE 0,35 M, SEM FUNDO E COM TAMPA","UN","CR",0,102.59,111.45,109.59]
["MATERIAL",43434,"CAIXA DE CONCRETO ARMADO PRE-MOLDADO, COM FUNDO E SEM TAMPA, DIMENSOES DE 0,30 X 0,30 X 0,30 M","UN","CR",0,110.92,120.5,118.48]
["MATERIAL",43435,"CAIXA DE CONCRETO ARMADO PRE-MOLDADO, COM FUNDO E SEM TAMPA, DIMENSOES DE 0,40 X 0,40 X 0,40 M","UN","CR",0,203.36,220.92,217.22]
["MATERIAL",43436,"CAIXA DE CONCRETO ARMADO PRE-MOLDADO, COM FUNDO E SEM TAMPA, DIMENSOES DE 0,60 X 0,60 X 0,50 M","UN","CR",0,355.88,386.61,380.14]
["MATERIAL",43437,"CAIXA DE CONCRETO ARMADO PRE-MOLDADO, COM FUNDO E SEM TAMPA, DIMENSOES DE 0,80 X 0,80 X 0,50 M","UN","CR",0,645.21,700.93,689.2]
["MATERIAL",43438,"CAIXA DE CONCRETO ARMADO PRE-MOLDADO, COM FUNDO E SEM TAMPA, DIMENSOES DE 1,00 X 1,00 X 0,50 M","UN","CR",0,1155.46,1255.25,1234.24]
["MATERIAL",41627,"CAIXA DE CONCRETO ARMADO PRE-MOLDADO, COM FUNDO E TAMPA, DIMENSOES DE 0,30 X 0,30 X 0,30 M","UN","CR",0,171,185.77,182.66]
["MATERIAL",41628,"CAIXA DE CONCRETO ARMADO PRE-MOLDADO, COM FUNDO E TAMPA, DIMENSOES DE 0,40 X 0,40 X 0,40 M","UN","CR",0,314.27999999999997,341.42,335.71]
["MATERIAL",41629,"CAIXA DE CONCRETO ARMADO PRE-MOLDADO, COM FUNDO E TAMPA, DIMENSOES DE 0,60 X 0,60 X 0,50 M","UN","CR",0,399.32,433.81,426.55]
["MATERIAL",43429,"CAIXA DE CONCRETO ARMADO PRE-MOLDADO, SEM FUNDO, QUADRADA, DIMENSOES DE 0,30 X 0,30 X 0,30 M","UN","CR",0,88.48,96.12,94.51]
["MATERIAL",43430,"CAIXA DE CONCRETO ARMADO PRE-MOLDADO, SEM FUNDO, QUADRADA, DIMENSOES DE 0,40 X 0,40 X 0,40 M","UN","CR",0,146.97,159.66,156.99]
["MATERIAL",43431,"CAIXA DE CONCRETO ARMADO PRE-MOLDADO, SEM FUNDO, QUADRADA, DIMENSOES DE 0,60 X 0,60 X 0,50 M","UN","CR",0,284.7,309.29000000000002,304.11]
["MATERIAL",43432,"CAIXA DE CONCRETO ARMADO PRE-MOLDADO, SEM FUNDO, QUADRADA, DIMENSOES DE 0,80 X 0,80 X 0,50 M","UN","CR",0,591.59,642.67999999999995,631.92999999999995]
["MATERIAL",43433,"CAIXA DE CONCRETO ARMADO PRE-MOLDADO, SEM FUNDO, QUADRADA, DIMENSOES DE 1,00 X 1,00 X 0,50 M","UN","CR",0,932.68,1013.23,996.28]
["MATERIAL",43094,"CAIXA DE DERIVACAO PARA MEDIDOR DE ENERGIA, COM BARRAMENTO MONOFASICO, EM POLICARBONATO / TERMOPLASTICO - MODULO (PADRAO CONCESSIONARIA LOCAL)","UN","CR",216.52,344.35,502.92,290.58]
["MATERIAL",43093,"CAIXA DE DERIVACAO PARA MEDIDOR DE ENERGIA, COM BARRAMENTO POLIFASICO, EM POLICARBONATO / TERMOPLASTICO - MODULO (PADRAO CONCESSIONARIA LOCAL)","UN","CR",230.09,365.94,534.45000000000005,308.8]
["MATERIAL",11694,"CAIXA DE DESCARGA PLASTICA PARA BACIA / VASO SANITARIO DE EMBUTIR, COM ESPELHO ACIONADOR EM PLASTICO, CAPACIDADE 6 A 10 LITROS, (COMPLETA - ACESSORIOS INCLUSOS)","UN","CR",1103.05,1012.42,950.52,1116.31]
["MATERIAL",1030,"CAIXA DE DESCARGA PLASTICA PARA BACIA / VASO SANITARIO, EXTERNA, CAPACIDADE 9 LITROS, PUXADOR FIO DE NYLON, NAO INCLUSO CANO, BOLSA, ENGATE","UN","C",49.9,45.8,43,50.5]
["MATERIAL",11881,"CAIXA DE GORDURA CILINDRICA EM CONCRETO SIMPLES, PRE-MOLDADA, COM DIAMETRO DE 40 CM E ALTURA DE 45 CM, COM TAMPA","UN","CR",0,157.13999999999999,170.71,167.85]
["MATERIAL",35277,"CAIXA DE GORDURA EM PVC, DIAMETRO MINIMO 300 MM, DIAMETRO DE SAIDA 100 MM, CAPACIDADE APROXIMADA 18 LITROS, COM TAMPA E CESTO","UN","CR",402.44,346.38,506.11,363.02]
["MATERIAL",10521,"CAIXA DE INCENDIO/ABRIGO PARA MANGUEIRA, DE EMBUTIR/INTERNA, COM 75 X 45 X 17 CM, EM CHAPA DE ACO, PORTA COM VENTILACAO, VISOR COM A INSCRICAO \"INCENDIO\", SUPORTE/CESTA INTERNA PARA A MANGUEIRA, PINTURA ELETROSTATICA VERMELHA","UN","CR",305.45,0,276.81,268.22000000000003]
["MATERIAL",10885,"CAIXA DE INCENDIO/ABRIGO PARA MANGUEIRA, DE EMBUTIR/INTERNA, COM 90 X 60 X 17 CM, EM CHAPA DE ACO, PORTA COM VENTILACAO, VISOR COM A INSCRICAO \"INCENDIO\", SUPORTE/CESTA INTERNA PARA A MANGUEIRA, PINTURA ELETROSTATICA VERMELHA","UN","CR",386.36,0,350.14,339.27]
["MATERIAL",20962,"CAIXA DE INCENDIO/ABRIGO PARA MANGUEIRA, DE SOBREPOR/EXTERNA, COM 75 X 45 X 17 CM, EM CHAPA DE ACO, PORTA COM VENTILACAO, VISOR COM A INSCRICAO \"INCENDIO\", SUPORTE/CESTA INTERNA PARA A MANGUEIRA, PINTURA ELETROSTATICA VERMELHA","UN","C",320,0,290,281]
["MATERIAL",20963,"CAIXA DE INCENDIO/ABRIGO PARA MANGUEIRA, DE SOBREPOR/EXTERNA, COM 90 X 60 X 17 CM, EM CHAPA DE ACO, PORTA COM VENTILACAO, VISOR COM A INSCRICAO \"INCENDIO\", SUPORTE/CESTA INTERNA PARA A MANGUEIRA, PINTURA ELETROSTATICA VERMELHA","UN","CR",390.9,0,354.26,343.26]
["MATERIAL",34643,"CAIXA DE INSPECAO PARA ATERRAMENTO E PARA RAIOS, EM POLIPROPILENO, DIAMETRO = 300 MM X ALTURA = 400 MM (INCLUIDA TAMPA SEM ESCOTILHA)","UN","CR",46.35,39.89,58.29,41.81]
["MATERIAL",41480,"CAIXA DE INSPECAO PARA ATERRAMENTO OU OUTRO USO, EM PVC, DN = 250 X 250 MM (INCLUIDA TAMPA EM FERRO FUNDIDO SEM ESCOTILHA)","UN","CR",53.74,46.25,67.58,48.47]
["MATERIAL",41474,"CAIXA DE INSPECAO PARA ATERRAMENTO OU OUTRO USO, EM PVC, DN = 300 X *300* MM (INCLUIDA TAMPA EM FERRO FUNDIDO SEM ESCOTILHA)","UN","CR",85.84,73.88,107.96,77.430000000000007]
["MATERIAL",41475,"CAIXA DE INSPECAO PARA ATERRAMENTO OU OUTRO USO, EM PVC, DN = 300 X 250 MM (INCLUIDA TAMPA EM FERRO FUNDIDO SEM ESCOTILHA)","UN","CR",73.239999999999995,63.04,92.11,66.069999999999993]
["MATERIAL",41476,"CAIXA DE INSPECAO PARA ATERRAMENTO OU OUTRO USO, EM PVC, DN = 300 X 600 MM (INCLUIDA TAMPA EM FERRO FUNDIDO SEM ESCOTILHA)","UN","CR",160.38,138.04,201.69,144.66999999999999]
["MATERIAL",2555,"CAIXA DE LUZ \"3 X 3\" EM ACO ESMALTADA","UN","CR",0,0,1.37,1.43]
["MATERIAL",2556,"CAIXA DE LUZ \"4 X 2\" EM ACO ESMALTADA","UN","CR",0,0,1.42,1.48]
["MATERIAL",2557,"CAIXA DE LUZ \"4 X 4\" EM ACO ESMALTADA","UN","CR",0,0,3,3.14]
["MATERIAL",10569,"CAIXA DE PASSAGEM / DERIVACAO / LUZ, OCTOGONAL 4 X4, EM ACO ESMALTADA, COM FUNDO MOVEL SIMPLES (FMS)","UN","CR",0,0,3,3.14]
["MATERIAL",39810,"CAIXA DE PASSAGEM ELETRICA DE PAREDE, DE EMBUTIR, EM PVC, COM TAMPA APARAFUSADA, DIMENSOES 120 X 120 X *75* MM","UN","CR",29.22,46.47,67.87,39.21]
["MATERIAL",39811,"CAIXA DE PASSAGEM ELETRICA DE PAREDE, DE EMBUTIR, EM PVC, COM TAMPA APARAFUSADA, DIMENSOES 150 X 150 X *75* MM","UN","CR",35.74,56.84,83.02,47.96]
["MATERIAL",39812,"CAIXA DE PASSAGEM ELETRICA DE PAREDE, DE EMBUTIR, EM PVC, COM TAMPA APARAFUSADA, DIMENSOES 200 X 200 X *90* MM","UN","CR",58.77,93.46,136.5,78.87]
["MATERIAL",43096,"CAIXA DE PASSAGEM ELETRICA DE PAREDE, DE EMBUTIR, EM TERMOPLASTICO / PVC, COM TAMPA APARAFUSADA, DIMENSOES 400 X 400 X *120* MM","UN","CR",194.8,309.8,452.46,261.43]
["MATERIAL",43102,"CAIXA DE PASSAGEM ELETRICA DE PAREDE, DE SOBREPOR, EM PVC, COM TAMPA APARAFUSADA, DIMENSOES 300 X 300 X *100* MM","UN","CR",118.45,188.38,275.13,158.96]
["MATERIAL",43103,"CAIXA DE PASSAGEM ELETRICA DE PAREDE, DE SOBREPOR, EM PVC, COM TAMPA APARAFUSADA, DIMENSOES, 400 X 400 X *120* MM","UN","CR",174.42,277.39,405.13,234.07]
["MATERIAL",43098,"CAIXA DE PASSAGEM ELETRICA DE PAREDE, DE SOBREPOR, EM TERMOPLASTICO / PVC, COM TAMPA APARAFUSADA, DIMENSOES 200 X 200 X *100* MM","UN","CR",65.98,104.94,153.27000000000001,88.55]
["MATERIAL",43097,"CAIXA DE PASSAGEM ELETRICA DE PAREDE, DE SOBREPOR, EM TERMOPLASTICO / PVC, COM TAMPA APARAFUSADA, DIMENSOES, 150 X 150 X *100* MM","UN","CR",39.090000000000003,62.17,90.8,52.46]
["MATERIAL",43104,"CAIXA DE PASSAGEM ELETRICA, PARA PISO, EM PVC, DIMENSOES DE 3/4\" A 4\"","UN","CR",462.43,735.44,1074.0899999999999,620.59]
["MATERIAL",39771,"CAIXA DE PASSAGEM METALICA DE SOBREPOR COM TAMPA PARAFUSADA, DIMENSOES 20 X 20 X 10 CM","UN","CR",0,0,28.84,30.14]
["MATERIAL",39772,"CAIXA DE PASSAGEM METALICA DE SOBREPOR COM TAMPA PARAFUSADA, DIMENSOES 30 X 30 X 10 CM","UN","CR",0,0,56.69,59.25]
["MATERIAL",39773,"CAIXA DE PASSAGEM METALICA DE SOBREPOR COM TAMPA PARAFUSADA, DIMENSOES 40 X 40 X 15 CM","UN","CR",0,0,91.12,95.23]
["MATERIAL",39774,"CAIXA DE PASSAGEM METALICA DE SOBREPOR COM TAMPA PARAFUSADA, DIMENSOES 50 X 50 X 15 CM","UN","CR",0,0,136.29,142.44999999999999]
["MATERIAL",39775,"CAIXA DE PASSAGEM METALICA DE SOBREPOR COM TAMPA PARAFUSADA, DIMENSOES 60 X 60 X 20 CM","UN","CR",0,0,181.9,190.11]
["MATERIAL",39776,"CAIXA DE PASSAGEM METALICA DE SOBREPOR COM TAMPA PARAFUSADA, DIMENSOES 70 X 70 X 20 CM","UN","CR",0,0,219.83,229.76]
["MATERIAL",39777,"CAIXA DE PASSAGEM METALICA DE SOBREPOR COM TAMPA PARAFUSADA, DIMENSOES 80 X 80 X 20 CM","UN","CR",0,0,278.63,291.20999999999998]
["MATERIAL",20254,"CAIXA DE PASSAGEM METALICA, DE SOBREPOR, COM TAMPA APARAFUSADA, DIMENSOES 15 X 15 X *10* CM","UN","CR",0,0,20.22,21.14]
["MATERIAL",20253,"CAIXA DE PASSAGEM METALICA, DE SOBREPOR, COM TAMPA APARAFUSADA, DIMENSOES 35 X 35 X *12* CM","UN","CR",0,0,66.41,69.41]
["MATERIAL",1872,"CAIXA DE PASSAGEM, EM PVC, DE 4\" X 2\", PARA ELETRODUTO FLEXIVEL CORRUGADO","UN","CR",1.5,2.44,2.73,2.89]
["MATERIAL",1873,"CAIXA DE PASSAGEM, EM PVC, DE 4\" X 4\", PARA ELETRODUTO FLEXIVEL CORRUGADO","UN","CR",2.99,4.8499999999999996,5.42,5.75]
["MATERIAL",14055,"CAIXA DE PASSAGEM/ LUZ / TELEFONIA, DE EMBUTIR, EM CHAPA DE ACO GALVANIZADO, DIMENSOES 120 X 120 X *12* CM (PADRAO CONCESSIONARIA LOCAL)","UN","CR",0,0,606.85,634.26]
["MATERIAL",11247,"CAIXA DE PASSAGEM/ LUZ / TELEFONIA, DE EMBUTIR, EM CHAPA DE ACO GALVANIZADO, DIMENSOES 150 X 150 X 15 CM (PADRAO CONCESSIONARIA LOCAL)","UN","CR",0,0,1276.95,1334.63]
["MATERIAL",11250,"CAIXA DE PASSAGEM/ LUZ / TELEFONIA, DE EMBUTIR, EM CHAPA DE ACO GALVANIZADO, DIMENSOES 20 X 20 X *12* CM (PADRAO CONCESSIONARIA LOCAL)","UN","CR",0,0,54.97,57.46]
["MATERIAL",11249,"CAIXA DE PASSAGEM/ LUZ / TELEFONIA, DE EMBUTIR, EM CHAPA DE ACO GALVANIZADO, DIMENSOES 200 X 200 X 20 CM (PADRAO CONCESSIONARIA LOCAL)","UN","CR",0,0,2494.33,2607]
["MATERIAL",11251,"CAIXA DE PASSAGEM/ LUZ / TELEFONIA, DE EMBUTIR, EM CHAPA DE ACO GALVANIZADO, DIMENSOES 40 X 40 X *12* CM (PADRAO CONCESSIONARIA LOCAL)","UN","CR",0,0,121.77,127.27]
["MATERIAL",11253,"CAIXA DE PASSAGEM/ LUZ / TELEFONIA, DE EMBUTIR, EM CHAPA DE ACO GALVANIZADO, DIMENSOES 60 X 60 X *12* CM (PADRAO CONCESSIONARIA LOCAL)","UN","CR",0,0,201.79,210.9]
["MATERIAL",11255,"CAIXA DE PASSAGEM/ LUZ / TELEFONIA, DE EMBUTIR, EM CHAPA DE ACO GALVANIZADO, DIMENSOES 80 X 80 X *12* CM (PADRAO CONCESSIONARIA LOCAL)","UN","CR",0,0,301.67,315.29000000000002]
["MATERIAL",11256,"CAIXA DE PASSAGEM/ LUZ / TELEFONIA, DE SOBREPOR, EM CHAPA DE ACO GALVANIZADO, DIMENSOES 80 X 80 X *12* CM (PADRAO CONCESSIONARIA LOCAL)","UN","CR",0,0,377.87,394.94]
["MATERIAL",39693,"CAIXA DE PROTECAO EXTERNA PARA MEDIDOR HOROSAZONAL, DE BAIXA TENSAO, COM MODULO, EM CHAPA DE ACO (PADRAO DA CONCESSIONARIA LOCAL)","UN","CR",0,0,2373.21,2480.4]
["MATERIAL",39692,"CAIXA DE PROTECAO PARA TRANSFORMADOR CORRENTE, EM CHAPA DE ACO 18 USG (PADRAO DA CONCESSIONARIA LOCAL)","UN","CR",0,0,759.37,793.67]
["MATERIAL",1062,"CAIXA INTERNA/EXTERNA DE MEDICAO PARA 1 MEDIDOR TRIFASICO, COM VISOR, EM CHAPA DE ACO 18 USG (PADRAO DA CONCESSIONARIA LOCAL)","UN","CR",0,0,240.66,251.53]
["MATERIAL",39686,"CAIXA INTERNA/EXTERNA DE MEDICAO PARA 4 MEDIDORES MONOFASICOS, COM VISOR, EM CHAPA DE ACO 18 USG (PADRAO DA CONCESSIONARIA LOCAL)","UN","CR",0,0,389.67,407.28]
["MATERIAL",43095,"CAIXA MODULAR PARA MEDIDOR DE ENERGIA AGRUPADA, EM POLICARBONATO / TERMOPLASTICO, COM SUPORTE PARA DISJUNTOR (PADRAO DA CONCESSIONARIA LOCAL)","UN","CR",128.36000000000001,204.15,298.16000000000003,172.27]
["MATERIAL",1871,"CAIXA OCTOGONAL DE FUNDO MOVEL, EM PVC, DE 3\" X 3\", PARA ELETRODUTO FLEXIVEL CORRUGADO","UN","CR",2.69,4.3600000000000003,4.88,5.18]
["MATERIAL",12001,"CAIXA OCTOGONAL DE FUNDO MOVEL, EM PVC, DE 4\" X 4\", PARA ELETRODUTO FLEXIVEL CORRUGADO","UN","CR",3.88,6.3,7.05,7.48]
["MATERIAL",11882,"CAIXA PARA HIDROMETRO CONCRETO PRE MOLDADO, *0,24 M X 0,45 M X 0,30* M (L X C X A)","UN","CR",0,112.77,122.51,120.46]
["MATERIAL",1068,"CAIXA PARA MEDICAO COLETIVA TIPO L, PADRAO BIFASICO OU TRIFASICO, PARA ATE 4 MEDIDORES, SEM BARRAMENTO E COM PORTAS INFERIOR E SUPERIOR","UN","CR",0,0,1587.39,1659.09]
["MATERIAL",39690,"CAIXA PARA MEDICAO COLETIVA TIPO M, PADRAO BIFASICO OU TRIFASICO, PARA ATE 8 MEDIDORES, SEM BARRAMENTO E COM PORTAS INFERIOR E SUPERIOR","UN","CR",0,0,2663.12,2783.41]
["MATERIAL",39691,"CAIXA PARA MEDICAO COLETIVA TIPO N, PADRAO BIFASICO OU TRIFASICO, PARA ATE 12 MEDIDORES, SEM BARRAMENTO E COM PORTAS INFERIOR E SUPERIOR","UN","CR",0,0,3349.46,3500.75]
["MATERIAL",39808,"CAIXA PARA MEDIDOR MONOFASICO, EM POLICARBONATO / TERMOPLASTICO, PARA ALOJAR 1 DISJUNTOR (PADRAO DA CONCESSIONARIA LOCAL)","UN","CR",67.010000000000005,106.58,155.66,89.94]
["MATERIAL",39809,"CAIXA PARA MEDIDOR POLIFASICO, EM POLICARBONATO / TERMOPLASTICO, PARA ALOJAR 1 DISJUNTOR (PADRAO DA CONCESSIONARIA LOCAL)","UN","CR",158.94999999999999,252.8,369.2,213.32]
["MATERIAL",43439,"CAIXA PRE-MOLDADA PARA BOCA DE LOBO, EM CONCRETO ARMADO, COM FCK DE 25 MPA, COM DIMENSOES 1,10 X 0,65 X 1,00 M (COMPRIMENTO X LARGURA X ALTURA)","UN","CR",0,517.64,562.35,552.94000000000005]
["MATERIAL",5103,"CAIXA SIFONADA PVC, 100 X 100 X 50 MM, COM GRELHA REDONDA, BRANCA","UN","CR",25.48,21.93,32.04,22.98]
["MATERIAL",11880,"CAIXA SIFONADA PVC, 250 X 230 X 75 MM, COM TAMPA CEGA QUADRADA, BRANCA","UN","CR",107.16,92.23,134.76,96.66]
["MATERIAL",11714,"CAIXA SIFONADA, PVC, 150 X *185* X 75 MM, COM GRELHA QUADRADA, BRANCA","UN","CR",73,62.83,91.81,65.849999999999994]
["MATERIAL",11712,"CAIXA SIFONADA, PVC, 150 X 150 X 50 MM, COM GRELHA QUADRADA, BRANCA (NBR 5688)","UN","C",47.67,41.03,59.95,43]
["MATERIAL",11717,"CAIXA SIFONADA, PVC, 150 X 150 X 50 MM, COM GRELHA REDONDA, BRANCA","UN","CR",57.46,49.46,72.27,51.83]
["MATERIAL",1106,"CAL HIDRATADA CH-I PARA ARGAMASSAS","KG","C",1.37,1.5,1.5,1.21]
["MATERIAL",11161,"CAL HIDRATADA PARA PINTURA","KG","CR",2.29,2.5,2.5,2.02]
["MATERIAL",1107,"CAL VIRGEM COMUM PARA ARGAMASSAS (NBR 6453)","KG","CR",1.1599999999999999,1.27,1.27,1.03]
["MATERIAL",44479,"CALCARIO DOLOMITICO A (POSTO PEDREIRA/FORNECEDOR, SEM FRETE)","KG","CR",0.19,0.22,0.31,0.19]
["MAO DE OBRA",4759,"CALCETEIRO / RASTELEIRO (HORISTA)","H","CR",21.85,20.86,20.96,17.21]
["MAO DE OBRA",41068,"CALCETEIRO / RASTELEIRO (MENSALISTA)","MES","CR",3851.63,3660.12,3737.15,3041.67]
["MATERIAL",12618,"CALHA / PERFIL PLUVIAL DE PVC, DIAMETRO ENTRE *119 E 170* MM, COMPRIMENTO DE 3 M, PARA DRENAGEM PLUVIAL PREDIAL","UN","CR",181.16,166.26,168.05,175.34]
["MATERIAL",1108,"CALHA MOLDURA AMERICANA DE CHAPA DE ACO GALVANIZADA NUM 26, CORTE 33 CM","M","CR",0,0,25.88,27.05]
["MATERIAL",1117,"CALHA PARA AGUA FURTADA DE CHAPA DE ACO GALVANIZADA NUM 26, CORTE 40 CM","M","CR",0,0,26.09,27.27]
["MATERIAL",1118,"CALHA PARA AGUA FURTADA DE CHAPA DE ACO GALVANIZADA NUM 26, CORTE 50 CM","M","CR",0,0,30.83,32.229999999999997]
["MATERIAL",1110,"CALHA PLATIBANDA DE CHAPA DE ACO GALVANIZADA NUM 26, CORTE 45 CM","M","CR",0,0,30.83,32.229999999999997]
["MATERIAL",40784,"CALHA QUADRADA DE CHAPA DE ACO GALVANIZADA NUM 24, CORTE 100 CM","M","CR",0,0,85.05,88.89]
["MATERIAL",40782,"CALHA QUADRADA DE CHAPA DE ACO GALVANIZADA NUM 24, CORTE 33 CM","M","CR",0,0,33.369999999999997,34.880000000000003]
["MATERIAL",40783,"CALHA QUADRADA DE CHAPA DE ACO GALVANIZADA NUM 24, CORTE 50 CM","M","CR",0,0,43.48,45.44]
["MATERIAL",1109,"CALHA QUADRADA DE CHAPA DE ACO GALVANIZADA NUM 26, CORTE 33 CM","M","CR",0,0,25.88,27.05]
["MATERIAL",1119,"CALHA QUADRADA DE CHAPA DE ACO GALVANIZADA NUM 28, CORTE 25 CM","M","CR",0,0,16.68,17.440000000000001]
["MATERIAL",13115,"CALHA/CANALETA DE CONCRETO SIMPLES, TIPO MEIA CANA, DIAMETRO DE 20 CM, PARA AGUA PLUVIAL","M","CR",0,0,20.75,37.49]
["MATERIAL",10541,"CALHA/CANALETA DE CONCRETO SIMPLES, TIPO MEIA CANA, DIAMETRO DE 30 CM, PARA AGUA PLUVIAL","M","CR",0,0,25.36,45.82]
["MATERIAL",10542,"CALHA/CANALETA DE CONCRETO SIMPLES, TIPO MEIA CANA, DIAMETRO DE 40 CM, PARA AGUA PLUVIAL","M","CR",0,0,33.159999999999997,59.92]
["MATERIAL",10543,"CALHA/CANALETA DE CONCRETO SIMPLES, TIPO MEIA CANA, DIAMETRO DE 50 CM, PARA AGUA PLUVIAL","M","CR",0,0,53.81,97.22]
["MATERIAL",10544,"CALHA/CANALETA DE CONCRETO SIMPLES, TIPO MEIA CANA, DIAMETRO DE 60 CM, PARA AGUA PLUVIAL","M","CR",0,0,69.599999999999994,125.75]
["MATERIAL",10545,"CALHA/CANALETA DE CONCRETO SIMPLES, TIPO MEIA CANA, DIAMETRO DE 80 CM, PARA AGUA PLUVIAL","M","CR",0,0,130.07,234.99]
["MATERIAL",38365,"CAMADA SEPARADORA DE FILME DE POLIETILENO 20 A 25 MICRA","M2","CR",1.89,0,2.06,1.99]
["EQUIPAMENTO (AQUISIÇÃO)",44056,"CAMINHAO TOCO, PESO BRUTO TOTAL 10700 KG, CARGA UTIL MAXIMA 7400 KG, DISTANCIA ENTRE EIXOS 4,00 M, POTENCIA 175 CV (INCLUI CABINE E CHASSI, NAO INCLUI CARROCERIA)","UN","CR",0,623063.03,0,462385.32]
["EQUIPAMENTO (AQUISIÇÃO)",44057,"CAMINHAO TOCO, PESO BRUTO TOTAL 13200 KG, CARGA UTIL MAXIMA 9200 KG, DISTANCIA ENTRE EIXOS 3,31 M, POTENCIA 175 CV (INCLUI CABINE E CHASSI, NAO INCLUI CARROCERIA)","UN","C",0,665000,0,493507.43]
["EQUIPAMENTO (AQUISIÇÃO)",37754,"CAMINHAO TOCO, PESO BRUTO TOTAL 14300 KG, CARGA UTIL MAXIMA 9480 KG, DISTANCIA ENTRE EIXOS 4,80 M, POTENCIA 185 CV (INCLUI CABINE E CHASSI, NAO INCLUI CARROCERIA)","UN","CR",0,687526.14,0,510224.45]
["EQUIPAMENTO (AQUISIÇÃO)",37757,"CAMINHAO TOCO, PESO BRUTO TOTAL 16000 KG, CARGA UTIL MAXIMA 10600 KG, DISTANCIA ENTRE EIXOS 4,80 M, POTENCIA 277 CV (INCLUI CABINE E CHASSI, NAO INCLUI CARROCERIA)","UN","CR",0,766846.87,0,569089.67000000004]
["EQUIPAMENTO (AQUISIÇÃO)",44058,"CAMINHAO TOCO, PESO BRUTO TOTAL 16000 KG, CARGA UTIL MAXIMA 10830 KG, DISTANCIA ENTRE EIXOS 3,56 M, POTENCIA 226 CV (INCLUI CABINE E CHASSI, NAO INCLUI CARROCERIA)","UN","CR",0,724909.91,0,537967.56000000006]
["EQUIPAMENTO (AQUISIÇÃO)",37752,"CAMINHAO TOCO, PESO BRUTO TOTAL 16000 KG, CARGA UTIL MAXIMA 11030 KG, DISTANCIA ENTRE EIXOS 5,41 M, POTENCIA 185 CV (INCLUI CABINE E CHASSI, NAO INCLUI CARROCERIA)","UN","CR",0,754864.84,0,560197.6]
["EQUIPAMENTO (AQUISIÇÃO)",44059,"CAMINHAO TOCO, PESO BRUTO TOTAL 8500 KG, CARGA UTIL MAXIMA 5600 KG, DISTANCIA ENTRE EIXOS 3,40 M, POTENCIA 167 CV (INCLUI CABINE E CHASSI, NAO INCLUI CARROCERIA)","UN","CR",0,596702.69999999995,0,442822.88]
["EQUIPAMENTO (AQUISIÇÃO)",37750,"CAMINHAO TOCO, PESO BRUTO TOTAL 9600 KG, CARGA UTIL MAXIMA 6190 KG, DISTANCIA ENTRE EIXOS 3,70 M, POTENCIA 156 CV (INCLUI CABINE E CHASSI, NAO INCLUI CARROCERIA)","UN","CR",0,597900.9,0,443712.08]
["EQUIPAMENTO (AQUISIÇÃO)",37758,"CAMINHAO TRUCADO, PESO BRUTO TOTAL 23000 KG, CARGA UTIL MAXIMA 15285 KG, DISTANCIA ENTRE EIXOS 4,80 M, POTENCIA 326 CV (INCLUI CABINE E CHASSI, NAO INCLUI CARROCERIA)","UN","CR",0,951369.34,0,706026.83]
["EQUIPAMENTO (AQUISIÇÃO)",44060,"CAMINHAO TRUCADO, PESO BRUTO TOTAL 23000 KG, CARGA UTIL MAXIMA 15460 KG, DISTANCIA ENTRE EIXOS 4,80 M, POTENCIA 286 CV (INCLUI CABINE E CHASSI, NAO INCLUI CARROCERIA)","UN","CR",0,920216.22,0,682907.58]
["EQUIPAMENTO (AQUISIÇÃO)",37749,"CAMINHAO TRUCADO, PESO BRUTO TOTAL 23000 KG, CARGA UTIL MAXIMA 16360 KG, CABINE ESTENDIDA, DISTANCIA ENTRE EIXOS 3,56 M, POTENCIA 277 CV (INCLUI CABINE E CHASSI, NAO INCLUI CARROCERIA)","UN","CR",0,982522.53,0,729146.12]
["EQUIPAMENTO (AQUISIÇÃO)",44061,"CAMINHAO TRUCADO, PESO BRUTO TOTAL 23000 KG, CARGA UTIL MAXIMA 16540 KG, DISTANCIA ENTRE EIXOS 4,80 M, POTENCIA 256 CV (INCLUI CABINE E CHASSI, NAO INCLUI CARROCERIA)","UN","CR",0,902243.27,0,669569.56000000006]
["EQUIPAMENTO (AQUISIÇÃO)",1159,"CAMINHONETE COM MOTOR A DIESEL, POTENCIA *160* CV, CABINE DUPLA, 4X4","UN","C",275165.5,275165.5,275165.5,275165.5]
["MATERIAL",12114,"CAMPAINHA ALTA POTENCIA 110V / 220V, DIAMETRO 150 MM","UN","CR",129.77000000000001,133.01,184.33,125.34]
["MATERIAL",38106,"CAMPAINHA CIGARRA 127 V / 220 V (APENAS MODULO)","UN","CR",17.63,18.07,25.05,17.03]
["MATERIAL",38085,"CAMPAINHA CIGARRA 127 V / 220 V, CONJUNTO MONTADO PARA EMBUTIR 4\" X 2\" (PLACA + SUPORTE + MODULO)","UN","CR",20.83,21.35,29.59,20.12]
["MATERIAL",659,"CANALETA DE CONCRETO 14 X 19 X 19 CM (CLASSE C - NBR 6136)","UN","CR",2.91,3.23,3.32,3.12]
["MATERIAL",660,"CANALETA DE CONCRETO 19 X 19 X 19 CM (CLASSE C - NBR 6136)","UN","CR",3.49,3.88,3.98,3.74]
["MATERIAL",658,"CANALETA DE CONCRETO 9 X 19 X 19 CM (CLASSE C - NBR 6136)","UN","CR",1.97,2.19,2.2400000000000002,2.11]
["MATERIAL",38599,"CANALETA DE CONCRETO ESTRUTURAL 14 X 19 X 29 CM, FBK 14 MPA (NBR 6136)","UN","CR",6.06,6.73,6.91,6.5]
["MATERIAL",38596,"CANALETA DE CONCRETO ESTRUTURAL 14 X 19 X 29 CM, FBK 4,5 MPA (NBR 6136)","UN","CR",5.03,5.59,5.73,5.4]
["MATERIAL",38600,"CANALETA DE CONCRETO ESTRUTURAL 14 X 19 X 39 CM, FBK 14 MPA (NBR 6136)","UN","CR",6.42,7.14,7.32,6.89]
["MATERIAL",38597,"CANALETA DE CONCRETO ESTRUTURAL 14 X 19 X 39 CM, FBK 4,5 MPA (NBR 6136)","UN","CR",5.0599999999999996,5.63,5.77,5.43]
["MATERIAL",38548,"CANALETA ESTRUTURAL CERAMICA DE 14 X 19 X 19 CM (L X A X C) E 6,0 MPA","UN","CR",2.83,2.42,2.44,1.91]
["MATERIAL",34649,"CANALETA ESTRUTURAL CERAMICA DE 14 X 19 X 29 CM (L X A X C) E 6,0 MPA","UN","CR",4.1399999999999997,3.55,3.58,2.79]
["MATERIAL",34655,"CANALETA ESTRUTURAL CERAMICA DE 14 X 19 X 39 CM (L X A X C) E 6,0 MPA","UN","CR",6.09,5.22,5.27,4.1100000000000003]
["MATERIAL",40607,"CANOPLA ACABAMENTO CROMADO PARA INSTALACAO DE SPRINKLER, SOB FORRO, 15 MM","UN","CR",4.57,0,5.72,6.21]
["MATERIAL",567,"CANTONEIRA (ABAS IGUAIS) EM ACO CARBONO, 25,4 MM X 3,17 MM (L X E), 1,27KG/M","M","CR",12.72,11.74,13.41,10.78]
["MATERIAL",574,"CANTONEIRA (ABAS IGUAIS) EM ACO CARBONO, 38,1 MM X 3,17 MM (L X E), 3,48 KG/M","M","CR",33.44,30.87,35.24,28.34]
["MATERIAL",568,"CANTONEIRA (ABAS IGUAIS) EM ACO CARBONO, 50,8 MM X 9,53 MM (L X E), 6,99 KG/M","M","CR",70.459999999999994,65.05,74.260000000000005,59.71]
["MATERIAL",4777,"CANTONEIRA ACO ABAS IGUAIS (QUALQUER BITOLA), ESPESSURA ENTRE 1/8\" E 1/4\"","KG","CR",0,0,0,0]
["MATERIAL",592,"CANTONEIRA EM ALUMINIO, ABAS IGUAIS, LARGURA DE 25,40 MM (1\"), ESPESSURA DE 3,17 MM (1/8\") E PESO LINEAR DE APROXIMADAMENTE 0,408 KG/M","KG","C",0,0,0,57.55]
["MATERIAL",586,"CANTONEIRA EM ALUMINIO, ABAS IGUAIS, LARGURA DE 25,40 MM (1\"), ESPESSURA DE 4,76 MM (3/16\") E PESO LINEAR DE APROXIMADAMENTE 0,593 KG/M","M","CR",0,0,0,33.83]
["MATERIAL",588,"CANTONEIRA EM ALUMINIO, ABAS IGUAIS, LARGURA DE 31,75 MM (1 1/4\"), ESPESSURA DE 4,76 MM (3/16\") E PESO LINEAR DE APROXIMADAMENTE 0,755 KG/M","M","CR",0,0,0,53.52]
["MATERIAL",591,"CANTONEIRA EM ALUMINIO, ABAS IGUAIS, LARGURA DE 38,10 MM (1 1/2\"), ESPESSURA DE 4,76 MM (3/16\") E PESO LINEAR DE APROXIMADAMENTE 0,915 KG/M","KG","CR",0,0,0,53.71]
["MATERIAL",584,"CANTONEIRA EM ALUMINIO, ABAS IGUAIS, LARGURA DE 50,80 MM (2\"), ESPESSURA DE 3,17 MM (1/8\") E PESO LINEAR DE APROXIMADAMENTE 0,842 KG/M","M","CR",0,0,0,57.16]
["MATERIAL",589,"CANTONEIRA EM ALUMINIO, ABAS IGUAIS, LARGURA DE 50,80 MM (2\"), ESPESSURA DE 6,35 MM (1/4\") E PESO LINEAR DE APROXIMADAMENTE 1,630 KG/M","M","CR",0,0,0,90.46]
["MATERIAL",1165,"CAP OU TAMPAO DE FERRO GALVANIZADO, COM ROSCA BSP, DE 1 1/2\"","UN","CR",0,18.579999999999998,0,19.170000000000002]
["MATERIAL",1164,"CAP OU TAMPAO DE FERRO GALVANIZADO, COM ROSCA BSP, DE 1 1/4\"","UN","CR",0,15.05,0,15.53]
["MATERIAL",1170,"CAP OU TAMPAO DE FERRO GALVANIZADO, COM ROSCA BSP, DE 1\"","UN","CR",0,9.86,0,10.17]
["MATERIAL",1162,"CAP OU TAMPAO DE FERRO GALVANIZADO, COM ROSCA BSP, DE 1/2\"","UN","CR",0,5.23,0,5.4]
["MATERIAL",12395,"CAP OU TAMPAO DE FERRO GALVANIZADO, COM ROSCA BSP, DE 1/4\"","UN","CR",0,5.08,0,5.25]
["MATERIAL",1169,"CAP OU TAMPAO DE FERRO GALVANIZADO, COM ROSCA BSP, DE 2 1/2\"","UN","CR",0,48.41,0,49.96]
["MATERIAL",1166,"CAP OU TAMPAO DE FERRO GALVANIZADO, COM ROSCA BSP, DE 2\"","UN","CR",0,26.84,0,27.7]
["MATERIAL",1168,"CAP OU TAMPAO DE FERRO GALVANIZADO, COM ROSCA BSP, DE 3\"","UN","CR",0,69.010000000000005,0,71.209999999999994]
["MATERIAL",1163,"CAP OU TAMPAO DE FERRO GALVANIZADO, COM ROSCA BSP, DE 3/4\"","UN","CR",0,6.76,0,6.98]
["MATERIAL",12396,"CAP OU TAMPAO DE FERRO GALVANIZADO, COM ROSCA BSP, DE 3/8\"","UN","CR",0,5.08,0,5.25]
["MATERIAL",1167,"CAP OU TAMPAO DE FERRO GALVANIZADO, COM ROSCA BSP, DE 4\"","UN","CR",0,115.43,0,119.12]
["MATERIAL",36331,"CAP PPR DN 20 MM, PARA AGUA QUENTE PREDIAL","UN","CR",0,0,3.02,0]
["MATERIAL",36346,"CAP PPR DN 25 MM, PARA AGUA QUENTE PREDIAL","UN","CR",0,0,4.5199999999999996,0]
["MATERIAL",1202,"CAP PVC, ROSCAVEL, 1\", PARA AGUA FRIA PREDIAL","UN","CR",5.54,4.9800000000000004,5.36,5.09]
["MATERIAL",1197,"CAP PVC, ROSCAVEL, 1/2\", PARA AGUA FRIA PREDIAL","UN","CR",1.95,1.75,1.89,1.79]
["MATERIAL",1198,"CAP PVC, ROSCAVEL, 3/4\", PARA AGUA FRIA PREDIAL","UN","CR",2.56,2.2999999999999998,2.48,2.35]
["MATERIAL",20088,"CAP PVC, SERIE R, DN 100 MM, PARA ESGOTO PREDIAL","UN","CR",13.94,12.79,12.93,13.49]
["MATERIAL",20089,"CAP PVC, SERIE R, DN 150 MM, PARA ESGOTO PREDIAL","UN","CR",68.33,62.71,63.39,66.13]
["MATERIAL",20087,"CAP PVC, SERIE R, DN 75 MM, PARA ESGOTO PREDIAL","UN","CR",11.53,10.58,10.7,11.16]
["MATERIAL",1191,"CAP PVC, SOLDAVEL, 20 MM, PARA AGUA FRIA PREDIAL","UN","CR",1.39,1.25,1.35,1.28]
["MATERIAL",1185,"CAP PVC, SOLDAVEL, 25 MM, PARA AGUA FRIA PREDIAL","UN","CR",1.39,1.25,1.35,1.28]
["MATERIAL",1189,"CAP PVC, SOLDAVEL, 32 MM, PARA AGUA FRIA PREDIAL","UN","CR",2.2799999999999998,2.0499999999999998,2.2000000000000002,2.09]
["MATERIAL",1193,"CAP PVC, SOLDAVEL, 40 MM, PARA AGUA FRIA PREDIAL","UN","CR",4.38,3.93,4.24,4.0199999999999996]
["MATERIAL",1194,"CAP PVC, SOLDAVEL, 50 MM, PARA AGUA FRIA PREDIAL","UN","CR",7.91,7.11,7.65,7.26]
["MATERIAL",1195,"CAP PVC, SOLDAVEL, 60 MM, PARA AGUA FRIA PREDIAL","UN","CR",13.31,11.96,12.88,12.22]
["MATERIAL",1204,"CAP PVC, SOLDAVEL, 75 MM, PARA AGUA FRIA PREDIAL","UN","CR",23.29,20.92,22.53,21.38]
["MATERIAL",1200,"CAP PVC, SOLDAVEL, DN 100 MM, SERIE NORMAL, PARA ESGOTO PREDIAL","UN","CR",10.47,9.61,9.7200000000000006,10.14]
["MATERIAL",12909,"CAP PVC, SOLDAVEL, DN 50 MM, SERIE NORMAL, PARA ESGOTO PREDIAL","UN","CR",4.8600000000000003,4.46,4.51,4.7]
["MATERIAL",12910,"CAP PVC, SOLDAVEL, DN 75 MM, SERIE NORMAL, PARA ESGOTO PREDIAL","UN","CR",8.73,8.01,8.1,8.4499999999999993]
["MATERIAL",1207,"CAP, PVC PBA, JE, DN 100 / DE 110 MM, PARA REDE DE AGUA (NBR 10351)","UN","CR",0,0,0,38.869999999999997]
["MATERIAL",1206,"CAP, PVC PBA, JE, DN 50 / DE 60 MM, PARA REDE DE AGUA (NBR 10351)","UN","CR",0,0,0,9.75]
["MATERIAL",1183,"CAP, PVC PBA, JE, DN 75 / DE 85 MM, PARA REDE DE AGUA (NBR 10351)","UN","CR",0,0,0,25.38]
["MATERIAL",42685,"CAP, PVC, JE, OCRE, DN 150 MM (CONEXAO PARA TUBO COLETOR DE ESGOTO)","UN","CR",70.81,64.989999999999995,65.69,68.53]
["MATERIAL",42686,"CAP, PVC, JE, OCRE, DN 200 MM (CONEXAO PARA TUBO COLETOR DE ESGOTO)","UN","CR",77.989999999999995,71.58,72.349999999999994,75.48]
["MATERIAL",12894,"CAPA PARA CHUVA EM PVC COM FORRO DE POLIESTER, COM CAPUZ (AMARELA OU AZUL)","UN","CR",18.239999999999998,24.99,20.79,20.61]
["MATERIAL",12895,"CAPACETE DE SEGURANCA ABA FRONTAL COM SUSPENSAO DE POLIETILENO, SEM JUGULAR (CLASSE B)","UN","C",12.25,16.78,13.96,13.84]
["MATERIAL",1631,"CAPACITOR TRIFASICO, POTENCIA 2,5 KVAR, TENSAO 220 V, FORNECIDO COM CAPA PROTETORA, RESISTOR INTERNO A UNIDADE CAPACITIVA","UN","CR",103.69,0,186.28,221.03]
["MATERIAL",1633,"CAPACITOR TRIFASICO, POTENCIA 5 KVAR, TENSAO 220 V, FORNECIDO COM CAPA PROTETORA, RESISTOR INTERNO A UNIDADE CAPACITIVA","UN","CR",176.18,0,316.5,375.54]
["MATERIAL",10818,"CAPIM BRAQUIARIA DECUMBENS/ BRAQUIARINHA, VC *70*% MINIMO","KG","CR",44.35,46,59.14,44.35]
["MATERIAL",41410,"CAPTOR FRANKLIN (4 PONTAS), EM LATAO CROMADO, H = 300 MM, DUAS DESCIDAS","UN","CR",84.44,73,59.27,68.959999999999994]
["MATERIAL",41411,"CAPTOR FRANKLIN (4 PONTAS), EM LATAO CROMADO, H = 300 MM, UMA DESCIDA","UN","CR",76.55,66.180000000000007,53.74,62.52]
["MATERIAL",41412,"CAPTOR FRANKLIN (4 PONTAS), EM LATAO CROMADO, H = 350 MM, DUAS DESCIDAS","UN","CR",148.06,128,103.94,120.93]
["MATERIAL",41413,"CAPTOR FRANKLIN (4 PONTAS), EM LATAO CROMADO, H=350 MM, UMA DESCIDA","UN","CR",133.22999999999999,115.18,93.53,108.82]
["MATERIAL",39359,"CARENAGEM /TAMPA, EM PLASTICO, COR BRANCA, UTILIZADO EM KIT CHASSI METALICO PARA INSTAL. HIDRAULICA DE CUBA SIMPLES SEM MAQUINA DE LAVAR ROUPA, *355* X *670* MM (L X H) (COM FUROS E DEMAIS ENCAIXES)","UN","CR",0,0,0,0]
["MATERIAL",39360,"CARENAGEM /TAMPA, EM PLASTICO, COR BRANCA, UTILIZADO EM KIT CHASSI METALICO PARA INSTAL. HIDRAULICA DE TANQUE COM MAQUINA DE LAVAR ROUPA, *360* X *470* MM (L X H) (COM FUROS E DEMAIS ENCAIXES)","UN","CR",0,0,0,0]
["SERVIÇOS",10710,"CARPETE DE NYLON EM MANTA PARA TRAFEGO COMERCIAL PESADO, E = 6 A 7 MM (INSTALADO)","M2","C",0,0,0,0]
["SERVIÇOS",10709,"CARPETE DE NYLON EM MANTA PARA TRAFEGO COMERCIAL PESADO, E = 9 A 10 MM (INSTALADO)","M2","CR",0,0,0,0]
["SERVIÇOS",39636,"CARPETE DE NYLON EM PLACAS 50 X 50 CM PARA TRAFEGO COMERCIAL PESADO, E = 6,5 MM (INSTALADO)","M2","CR",0,0,0,0]
["SERVIÇOS",10708,"CARPETE DE POLIESTER EM MANTA PARA TRAFEGO COMERCIAL PESADO, E = 4 A 5 MM (INSTALADO)","M2","CR",0,0,0,0]
["SERVIÇOS",39635,"CARPETE DE POLIPROPILENO EM MANTA PARA TRAFEGO COMERCIAL MEDIO, E = 5 A 6 MM (INSTALADO)","M2","CR",0,0,0,0]
["MAO DE OBRA",6117,"CARPINTEIRO AUXILIAR (HORISTA)","H","CR",15.03,17.97,16.57,18.23]
["MAO DE OBRA",40913,"CARPINTEIRO AUXILIAR (MENSALISTA)","MES","CR",2650.07,3155.57,2955.38,3218.73]
["MAO DE OBRA",1214,"CARPINTEIRO DE ESQUADRIAS (HORISTA)","H","CR",22.71,19.64,21.78,27.96]
["MAO DE OBRA",40915,"CARPINTEIRO DE ESQUADRIAS (MENSALISTA)","MES","CR",4004.34,3446.55,3885.31,4938.6000000000004]
["MAO DE OBRA",40914,"CARPINTEIRO DE FORMAS OU OFICIAL (MENSALISTA)","MES","CR",4252.4799999999996,3660.12,4126.08,4258.84]
["MAO DE OBRA",1213,"CARPINTEIRO DE FORMAS PARA CONCRETO (HORISTA)","H","C",24.13,20.86,23.15,24.12]
["MATERIAL",5091,"CARRANCA PARA JANELA VENEZIANA DE ABRIR, EM LATAO CROMADO, SIMPLES, PARA APARAFUSAR NA PAREDE","UN","CR",22.26,23.43,19.52,21.87]
["EQUIPAMENTO (AQUISIÇÃO)",14615,"CARRINHO COM 2 PNEUS PARA TRANSPORTAR TUBO CONCRETO, ALTURA ATE 1,0 M E DIAMETRO ATE 1000MM, COM ESTRUTURA EM PERFIL OU TUBO METALICO","UN","CR",3706.45,4138.21,0,2777.74]
["MATERIAL",2711,"CARRINHO DE MAO, EM ACO, COM CAPACIDADE DE *45 A 65* L / *100* KG, PNEU COM CAMARA","UN","C",228.25,284.72000000000003,222.4,247.5]
["MATERIAL",45235,"CARRINHO PLATAFORMA EM MADEIRA COM ESTRUTURA EM ACO, 1500 X 800 MM, COM CAPACIDADE DE 600 KG, 4 RODAS/PNEUS/CAMARAS","UN","CR",1470.56,1834.38,1432.87,1594.58]
["EQUIPAMENTO (AQUISIÇÃO)",37727,"CARROCERIA FIXA ABERTA DE MADEIRA PARA TRANSPORTE GERAL DE CARGA SECA DIMENSOES APROXIMADAS 2,25 X 4,10 X 0,50 M (INCLUI MONTAGEM, NAO INCLUI CAMINHAO)","UN","C",0,18000,0,19750]
["EQUIPAMENTO (AQUISIÇÃO)",37728,"CARROCERIA FIXA ABERTA DE MADEIRA PARA TRANSPORTE GERAL DE CARGA SECA DIMENSOES APROXIMADAS 2,5 X 5,5 X 0,50 M (INCLUI MONTAGEM, NAO INCLUI CAMINHAO)","UN","CR",0,24419.58,0,26793.7]
["EQUIPAMENTO (AQUISIÇÃO)",37729,"CARROCERIA FIXA ABERTA DE MADEIRA PARA TRANSPORTE GERAL DE CARGA SECA DIMENSOES APROXIMADAS 2,5 X 6,00 X 0,50 M (INCLUI MONTAGEM, NAO INCLUI CAMINHAO)","UN","CR",0,26433.56,0,29003.49]
["EQUIPAMENTO (AQUISIÇÃO)",37730,"CARROCERIA FIXA ABERTA DE MADEIRA PARA TRANSPORTE GERAL DE CARGA SECA DIMENSOES APROXIMADAS 2,5 X 6,5 X 0,50 M (INCLUI MONTAGEM, NAO INCLUI CAMINHAO)","UN","CR",0,28447.55,0,31213.279999999999]
["EQUIPAMENTO (AQUISIÇÃO)",37731,"CARROCERIA FIXA ABERTA DE MADEIRA PARA TRANSPORTE GERAL DE CARGA SECA DIMENSOES APROXIMADAS 2,5 X 7,00 X 0,50 M (INCLUI MONTAGEM, NAO INCLUI CAMINHAO)","UN","CR",0,30461.53,0,33423.07]
["EQUIPAMENTO (AQUISIÇÃO)",37732,"CARROCERIA FIXA ABERTA DE MADEIRA PARA TRANSPORTE GERAL DE CARGA SECA DIMENSOES APROXIMADAS 2,5 X 7,5 X 0,50 M (INCLUI MONTAGEM, NAO INCLUI CAMINHAO)","UN","CR",0,34741.25,0,38118.879999999997]
["MATERIAL",45194,"CAVALETE DE FERRO DOBRAVEL, ALTURA 80 CM","UN","CR",214.1,267.07,208.61,232.15]
["EQUIPAMENTO (AQUISIÇÃO)",36496,"CAVALETE PARA TALHA COM ESTRUTURA EM TUBO METALICO ALTURA MINIMA 3,2 M EQUIPADO COM RODAS DE BORRACHA PARA MOVIMENTACAO DE TUBOS DE CONCRETO NA CENTRAL DE PREMOLDADOS COM CAPACIDADE DE CARGA DE 3 TONELADAS","UN","CR",9410.6,10506.83,0,7052.63]
["EQUIPAMENTO (AQUISIÇÃO)",37762,"CAVALO MECANICO TRACAO 4X2, PESO BRUTO TOTAL 16000 KG, CAPACIDADE MAXIMA DE TRACAO *36000* KG, DISTANCIA ENTRE EIXOS *3,56* M, POTENCIA *286* CV (INCLUI CABINE E CHASSI, NAO INCLUI SEMIRREBOQUE)","UN","CR",0,0,0,702237.89]
["EQUIPAMENTO (AQUISIÇÃO)",37763,"CAVALO MECANICO TRACAO 4X2, PESO BRUTO TOTAL 16000 KG, CAPACIDADE MAXIMA DE TRACAO *45000* KG, DISTANCIA ENTRE EIXOS *3,56* M, POTENCIA *330* CV (INCLUI CABINE E CHASSI, NAO INCLUI SEMIRREBOQUE)","UN","CR",0,0,0,710766.97]
["EQUIPAMENTO (AQUISIÇÃO)",41992,"CAVALO MECANICO TRACAO 4X2, PESO BRUTO TOTAL 16000 KG, CAPACIDADE MAXIMA DE TRACAO *80000* KG, POTENCIA *380* CV (INCLUI CABINE E CHASSI, NAO INCLUI SEMIRREBOQUE)","UN","C",0,0,0,808000]
["EQUIPAMENTO (AQUISIÇÃO)",10630,"CAVALO MECANICO TRACAO 4X2, PESO BRUTO TOTAL COMBINADO 49000 KG, CAPACIDADE MAXIMA DE TRACAO *66000* KG, POTENCIA *360* CV (INCLUI CABINE E CHASSI, NAO INCLUI SEMIRREBOQUE)","UN","CR",0,0,0,818803.52]
["EQUIPAMENTO (AQUISIÇÃO)",13215,"CAVALO MECANICO TRACAO 6X2, PESO BRUTO TOTAL COMBINADO 56000 KG, CAPACIDADE MAXIMA DE TRACAO *66000* KG, POTENCIA *360* CV (INCLUI CABINE E CHASSI, NAO INCLUI SEMIRREBOQUE)","UN","CR",0,0,0,990809.19]
["MAO DE OBRA",4235,"CAVOUQUEIRO OU OPERADOR DE PERFURATRIZ / ROMPEDOR (HORISTA)","H","CR",18.03,22.73,19.22,28.2]
["MAO DE OBRA",40976,"CAVOUQUEIRO OU OPERADOR DE PERFURATRIZ / ROMPEDOR (MENSALISTA)","MES","CR",3181.5,3991,3426.79,4981.82]
["MATERIAL",43091,"CENTRO DE MEDICAO AGRUPADA, EM POLICARBONATO / PVC, COM 12 MEDIDORES E PROTECAO GERAL (INCLUI BARRAMENTO, DISJUNTORES E ACESSORIOS DE FIXACAO) (PADRAO CONCESSIONARIA LOCAL)","UN","CR",5361.52,8526.8700000000008,12453.29,7195.36]
["MATERIAL",43092,"CENTRO DE MEDICAO AGRUPADA, EM POLICARBONATO / PVC, COM 16 MEDIDORES E PROTECAO GERAL (INCLUI BARRAMENTO, DISJUNTORES E ACESSORIOS DE FIXACAO) (PADRAO CONCESSIONARIA LOCAL)","UN","CR",7148.7,11369.17,16604.39,9593.81]
["MATERIAL",43089,"CENTRO DE MEDICAO AGRUPADA, EM POLICARBONATO / PVC, COM 4 MEDIDORES E PROTECAO GERAL (INCLUI BARRAMENTO, DISJUNTORES E ACESSORIOS DE FIXACAO) (PADRAO CONCESSIONARIA LOCAL)","UN","CR",1245.8599999999999,1981.4,2893.79,1671.99]
["MATERIAL",43090,"CENTRO DE MEDICAO AGRUPADA, EM POLICARBONATO / PVC, COM 8 MEDIDORES E PROTECAO GERAL (INCLUI BARRAMENTO, DISJUNTORES E ACESSORIOS DE FIXACAO) (PADRAO CONCESSIONARIA LOCAL)","UN","CR",2749.5,4372.75,6386.3,3689.92]
["MATERIAL",41967,"CERA LIQUIDA INCOLOR MULTIPISO","L","CR",23.5,23.93,18.760000000000002,28.85]
["MATERIAL",12760,"CHAPA ACO INOX AISI 304 NUMERO 4 (E = 6 MM), ACABAMENTO NUMERO 1 (LAMINADO A QUENTE, FOSCO)","M2","CR",1291.27,1532.89,1453.16,1613.37]
["MATERIAL",12759,"CHAPA ACO INOX AISI 304 NUMERO 9 (E = 4 MM), ACABAMENTO NUMERO 1 (LAMINADO A QUENTE, FOSCO)","M2","CR",860.84,1021.91,968.76,1075.56]
["MATERIAL",43105,"CHAPA DE ACO CARBONO GALVANIZADA, PERFURADA (GRADE FUROS) E = 1,5 MM, DIAMETRO DO FURO = 9,52 MM (FUROS ALTERNADOS HORIZ.)","KG","CR",0,0,33.659999999999997,35.18]
["MATERIAL",40424,"CHAPA DE ACO CARBONO LAMINADO A QUENTE, QUALIDADE ESTRUTURAL, BITOLA 3/16\", E =4,75 MM (37,29 KG/M2)","KG","CR",0,0,8.5500000000000007,8.94]
["MATERIAL",1325,"CHAPA DE ACO FINA A FRIO BITOLA MSG 20, E = 0,90 MM (7,20 KG/M2)","KG","CR",0,0,9.36,9.7899999999999991]
["MATERIAL",1327,"CHAPA DE ACO FINA A FRIO BITOLA MSG 24, E = 0,60 MM (4,80 KG/M2)","KG","CR",0,0,9.9700000000000006,10.42]
["MATERIAL",1328,"CHAPA DE ACO FINA A FRIO BITOLA MSG 26, E = 0,45 MM (3,60 KG/M2)","KG","CR",0,0,9.39,9.81]
["MATERIAL",1321,"CHAPA DE ACO FINA A QUENTE BITOLA MSG 13, E = 2,25 MM (18,00 KG/M2)","KG","CR",0,0,8.69,9.09]
["MATERIAL",1318,"CHAPA DE ACO FINA A QUENTE BITOLA MSG 14, E = 2,00 MM (16,0 KG/M2)","KG","CR",0,0,8.6999999999999993,9.09]
["MATERIAL",1322,"CHAPA DE ACO FINA A QUENTE BITOLA MSG 16, E = 1,50 MM (12,00 KG/M2)","KG","CR",0,0,9.19,9.61]
["MATERIAL",1323,"CHAPA DE ACO FINA A QUENTE BITOLA MSG 18, E = 1,20 MM (9,60 KG/M2)","KG","CR",0,0,9.19,9.61]
["MATERIAL",1319,"CHAPA DE ACO FINA A QUENTE BITOLA MSG 3/16\", E = 4,75 MM (38,00 KG/M2)","KG","CR",0,0,7.74,8.09]
["MATERIAL",11026,"CHAPA DE ACO GALVANIZADA BITOLA GSG 14, E = 1,95 MM (15,60 KG/M2)","KG","CR",0,0,10.65,11.14]
["MATERIAL",11027,"CHAPA DE ACO GALVANIZADA BITOLA GSG 16, E = 1,55 MM (12,40 KG/M2)","KG","CR",0,0,11.09,11.59]
["MATERIAL",11046,"CHAPA DE ACO GALVANIZADA BITOLA GSG 18, E = 1,25 MM (10,00 KG/M2)","KG","CR",0,0,10.62,11.1]
["MATERIAL",11047,"CHAPA DE ACO GALVANIZADA BITOLA GSG 19, E = 1,11 MM (8,88 KG/M2)","KG","CR",0,0,11.58,12.1]
["MATERIAL",43668,"CHAPA DE ACO GALVANIZADA BITOLA GSG 20, E = 0,95 MM (7,60 KG/M2)","KG","CR",0,0,10.220000000000001,10.68]
["MATERIAL",11049,"CHAPA DE ACO GALVANIZADA BITOLA GSG 22, E = 0,80 MM (6,40 KG/M2)","KG","C",0,0,11.07,11.57]
["MATERIAL",43106,"CHAPA DE ACO GALVANIZADA BITOLA GSG 24, E = 0,64 (5,12 KG/M2)","KG","CR",0,0,11.14,11.64]
["MATERIAL",11051,"CHAPA DE ACO GALVANIZADA BITOLA GSG 26, E = 0,50 MM (4,00 KG/M2)","KG","CR",0,0,11.62,12.14]
["MATERIAL",11061,"CHAPA DE ACO GALVANIZADA BITOLA GSG 30, E = 0,35 MM (2,80 KG/M2)","KG","CR",0,0,13.94,14.57]
["MATERIAL",43667,"CHAPA DE ACO GROSSA, ASTM A36, E = 1\" (25,40 MM) 199,18 KG/M2","KG","CR",0,0,10.130000000000001,10.59]
["MATERIAL",1333,"CHAPA DE ACO GROSSA, ASTM A36, E = 1/2\" (12,70 MM) 99,59 KG/M2","KG","CR",0,0,8.44,8.82]
["MATERIAL",1330,"CHAPA DE ACO GROSSA, ASTM A36, E = 1/4\" (6,35 MM) 49,79 KG/M2","KG","CR",0,0,8.36,8.74]
["MATERIAL",10957,"CHAPA DE ACO GROSSA, ASTM A36, E = 3/4\" (19,05 MM) 149,39 KG/M2","KG","CR",0,0,9.64,10.08]
["MATERIAL",1332,"CHAPA DE ACO GROSSA, ASTM A36, E = 3/8\" (9,53 MM) 74,69 KG/M2","KG","CR",0,0,8.57,8.9600000000000009]
["MATERIAL",1334,"CHAPA DE ACO GROSSA, ASTM A36, E = 5/8\" (15,88 MM) 124,49 KG/M2","KG","CR",0,0,9.51,9.94]
["MATERIAL",1335,"CHAPA DE ACO GROSSA, ASTM A36, E = 7/8\" (22,23 MM) 174,28 KG/M2","KG","CR",0,0,9.82,10.27]
["MATERIAL",40425,"CHAPA DE ACO GROSSA, SAE 1020, BITOLA 1/4\", E = 6,35 MM (49,85 KG/M2)","KG","CR",0,0,8.41,8.7899999999999991]
["MATERIAL",1337,"CHAPA DE ACO XADREZ PARA PISOS, E = 1/4\" (6,30 MM) 54,53 KG/M2","KG","CR",0,0,9.64,10.08]
["MATERIAL",1338,"CHAPA DE LAMINADO MELAMINICO, LISO BRILHANTE, DE 1,25 X 3,08 METROS, ESPESSURA = 0,8 MILIMETROS","M2","C",0,0,0,0]
["MATERIAL",1340,"CHAPA DE LAMINADO MELAMINICO, LISO FOSCO, DE 1,25 X 3,08 METROS, ESPESSURA = 0,8 MILIMETROS","M2","CR",0,0,0,0]
["MATERIAL",1341,"CHAPA DE LAMINADO MELAMINICO, TEXTURIZADO, DE 1,25 X 3,08 METROS, ESPESSURA = 0,8 MILIMETROS","M2","CR",0,0,0,0]
["MATERIAL",34659,"CHAPA DE MDF BRANCO LISO 1 FACE, E = 12 MM, DE *2,75 X 1,85* M","M2","CR",35.130000000000003,0,43.9,39.82]
["MATERIAL",34514,"CHAPA DE MDF BRANCO LISO 1 FACE, E = 15 MM, DE *2,75 X 1,85* M","M2","C",38.909999999999997,0,48.63,44.11]
["MATERIAL",34660,"CHAPA DE MDF BRANCO LISO 1 FACE, E = 18 MM, DE *2,75 X 1,85* M","M2","CR",49.38,0,61.71,55.98]
["MATERIAL",34661,"CHAPA DE MDF BRANCO LISO 1 FACE, E = 25 MM, DE *2,75 X 1,85* M","M2","CR",70.92,0,88.64,80.400000000000006]
["MATERIAL",34667,"CHAPA DE MDF BRANCO LISO 1 FACE, E = 6 MM, DE *2,75 X 1,85* M","M2","CR",25.68,0,32.1,29.11]
["MATERIAL",34668,"CHAPA DE MDF BRANCO LISO 1 FACE, E = 9 MM, DE *2,75 X 1,85* M","M2","CR",33.56,0,41.95,38.049999999999997]
["MATERIAL",34741,"CHAPA DE MDF BRANCO LISO 2 FACES, E = 12 MM, DE *2,75 X 1,85* M","M2","CR",36.93,0,46.15,41.86]
["MATERIAL",34664,"CHAPA DE MDF BRANCO LISO 2 FACES, E = 15 MM, DE *2,75 X 1,85* M","M2","CR",40.299999999999997,0,50.36,45.68]
["MATERIAL",34665,"CHAPA DE MDF BRANCO LISO 2 FACES, E = 18 MM, DE *2,75 X 1,85* M","M2","CR",50.02,0,62.52,56.71]
["MATERIAL",34666,"CHAPA DE MDF BRANCO LISO 2 FACES, E = 25 MM, DE *2,75 X 1,85* M","M2","CR",75.56,0,94.44,85.66]
["MATERIAL",34669,"CHAPA DE MDF BRANCO LISO 2 FACES, E = 6 MM, DE *2,75 X 1,85* M","M2","CR",27.7,0,34.619999999999997,31.41]
["MATERIAL",34670,"CHAPA DE MDF BRANCO LISO 2 FACES, E = 9 MM, DE *2,75 X 1,85* M","M2","CR",33.880000000000003,0,42.35,38.409999999999997]
["MATERIAL",34671,"CHAPA DE MDF CRU, E = 12 MM, DE *2,75 X 1,85* M","M2","CR",28.28,0,35.35,32.06]
["MATERIAL",34672,"CHAPA DE MDF CRU, E = 15 MM, DE *2,75 X 1,85* M","M2","CR",29.82,0,37.28,33.81]
["MATERIAL",34673,"CHAPA DE MDF CRU, E = 18 MM, DE *2,75 X 1,85* M","M2","CR",36.39,0,45.49,41.26]
["MATERIAL",34674,"CHAPA DE MDF CRU, E = 20 MM, DE *2,75 X 1,85* M","M2","CR",48.38,0,60.47,54.85]
["MATERIAL",34675,"CHAPA DE MDF CRU, E = 25 MM, DE *2,75 X 1,85* M","M2","CR",58.99,0,73.73,66.87]
["MATERIAL",34676,"CHAPA DE MDF CRU, E = 6 MM, DE *2,75 X 1,85* M","M2","CR",16.98,0,21.22,19.25]
["MATERIAL",34677,"CHAPA DE MDF CRU, E = 9 MM, DE *2,75 X 1,85* M","M2","CR",22.83,0,28.54,25.88]
["MATERIAL",43126,"CHAPA EM ACO GALVANIZADO PARA STEEL DECK, COM NERVURAS TRAPEZOIDAIS, LARGURA UTIL DE 915 MM E ESPESSURA DE 0,80 MM","M2","CR",0,0,0,81.349999999999994]
["MATERIAL",43124,"CHAPA EM ACO GALVANIZADO PARA STEEL DECK, COM NERVURAS TRAPEZOIDAIS, LARGURA UTIL DE 915 MM E ESPESSURA DE 0,95 MM","M2","CR",0,0,0,94.99]
["MATERIAL",43125,"CHAPA EM ACO GALVANIZADO PARA STEEL DECK, COM NERVURAS TRAPEZOIDAIS, LARGURA UTIL DE 915 MM E ESPESSURA DE 1,25 MM","M2","CR",0,0,0,123.19]
["MATERIAL",40623,"CHAPA PARA EMENDA DE VIGA, EM ACO GROSSO, QUALIDADE ESTRUTURAL, BITOLA 3/16\", E= 4,75 MM, 4 FUROS, LARGURA 45 MM, COMPRIMENTO 500 MM","PAR","CR",0,0,93.89,98.13]
["MATERIAL",43701,"CHAPA/BOBINA LISA EM ALUMINIO, LIGA 1.200 - H14, QUALQUER ESPESSURA, QUALQUER LARGURA","KG","C",0,0,0,55]
["MATERIAL",1345,"CHAPA/PAINEL DE MADEIRA COMPENSADA PLASTIFICADA (MADEIRITE PLASTIFICADO) PARA FORMA DE CONCRETO, DE 2200 X 1100 MM, E = *17* MM","M2","CR",127.73,92.14,65.53,88.3]
["MATERIAL",1346,"CHAPA/PAINEL DE MADEIRA COMPENSADA PLASTIFICADA (MADEIRITE PLASTIFICADO) PARA FORMA DE CONCRETO, DE 2200 X 1100 MM, E = 10 MM","M2","CR",74.3,53.59,38.11,51.36]
["MATERIAL",1347,"CHAPA/PAINEL DE MADEIRA COMPENSADA PLASTIFICADA (MADEIRITE PLASTIFICADO) PARA FORMA DE CONCRETO, DE 2200 X 1100 MM, E = 12 MM","M2","CR",92.06,66.41,47.23,63.64]
["MATERIAL",43678,"CHAPA/PAINEL DE MADEIRA COMPENSADA PLASTIFICADA (MADEIRITE PLASTIFICADO) PARA FORMA DE CONCRETO, DE 2200 X 1100 MM, E = 14 MM","M2","CR",106.79,77.03,54.78,73.819999999999993]
["MATERIAL",43680,"CHAPA/PAINEL DE MADEIRA COMPENSADA PLASTIFICADA (MADEIRITE PLASTIFICADO) PARA FORMA DE CONCRETO, DE 2200 X 1100 MM, E = 20 MM","M2","CR",153.83000000000001,110.97,78.92,106.34]
["MATERIAL",43679,"CHAPA/PAINEL DE MADEIRA COMPENSADA PLASTIFICADA (MADEIRITE PLASTIFICADO) PARA FORMA DE CONCRETO, DE 2200 X 1100 MM, E = 6 MM","M2","CR",53.99,38.94,27.7,37.32]
["MATERIAL",1355,"CHAPA/PAINEL DE MADEIRA COMPENSADA RESINADA (MADEIRITE RESINADO ROSA) PARA FORMA DE CONCRETO, DE 2200 X 1100 MM, E = 14 MM","M2","CR",61.44,44.32,31.52,42.47]
["MATERIAL",1358,"CHAPA/PAINEL DE MADEIRA COMPENSADA RESINADA (MADEIRITE RESINADO ROSA) PARA FORMA DE CONCRETO, DE 2200 X 1100 MM, E = 17 MM","M2","CR",75.42,54.41,38.69,52.14]
["MATERIAL",43677,"CHAPA/PAINEL DE MADEIRA COMPENSADA RESINADA (MADEIRITE RESINADO ROSA) PARA FORMA DE CONCRETO, DE 2200 X 1100 MM, E = 20 MM","M2","CR",93.58,67.5,48.01,64.69]
["MATERIAL",43682,"CHAPA/PAINEL DE MADEIRA COMPENSADA RESINADA (MADEIRITE RESINADO ROSA) PARA FORMA DE CONCRETO, DE 2200 X 1100 MM, E = 6 MM","M2","CR",28.69,20.69,14.71,19.829999999999998]
["MATERIAL",43681,"CHAPA/PAINEL DE MADEIRA COMPENSADA RESINADA (MADEIRITE RESINADO ROSA) PARA FORMA DE CONCRETO, DE 2200 X 1100 MM, E = 8 A 12 MM","M2","C",47.52,34.28,24.38,32.85]
["MATERIAL",45248,"CHAVE AJUSTAVEL (INGLESA) 10\"","UN","CR",72.040000000000006,89.86,70.19,78.11]
["MATERIAL",45243,"CHAVE AJUSTAVEL (INGLESA) 15\"","UN","CR",232.95,290.58,226.98,252.59]
["MATERIAL",45252,"CHAVE AJUSTAVEL (INGLESA) 6\"","UN","CR",40.86,50.97,39.81,44.31]
["MATERIAL",45246,"CHAVE DE GRIFO DE 24\"","UN","CR",189.34,236.18,184.48,205.31]
["MATERIAL",20971,"CHAVE DUPLA PARA CONEXOES TIPO STORZ, ENGATE RAPIDO 1 1/2\" X 2 1/2\", EM LATAO, PARA INSTALACAO PREDIAL COMBATE A INCENDIO","UN","CR",0,0,18.09,14.76]
["MATERIAL",45247,"CHAVE FIXA 19 X 22 MM","UN","CR",27.46,34.25,26.76,29.78]
["MATERIAL",39746,"CHUMBADOR DE ACO GALVANIZADO, 1\" X 600 MM, PARA POSTES DE ACO COM BASE, INCLUSO PORCA E ARRUELA","UN","CR",0,0,0,105.01]
["MATERIAL",13279,"CHUMBADOR DE ACO TIPO PARABOLT, * 5/8\" X 200* MM, COM PORCA E ARRUELA","KG","CR",0,0,0,26.59]
["MATERIAL",11977,"CHUMBADOR DE ACO ZINCADO, DIAMETRO 1/2\", COMPRIMENTO 75 MM","UN","CR",0,0,0,13.77]
["MATERIAL",11976,"CHUMBADOR DE ACO ZINCADO, DIAMETRO 1/4\" COM PARAFUSO 1/4\" X 40 MM","UN","CR",0,0,0,1.54]
["MATERIAL",11975,"CHUMBADOR DE ACO ZINCADO, DIAMETRO 5/8\", COMPRIMENTO 6\", COM PORCA","UN","CR",0,0,0,30.19]
["MATERIAL",1368,"CHUVEIRO COMUM EM PLASTICO BRANCO, COM CANO, 3 TEMPERATURAS, 5500 W (110/220 V)","UN","C",85,99.4,95.9,95]
["MATERIAL",1367,"CHUVEIRO COMUM EM PLASTICO CROMADO, COM CANO, 4 TEMPERATURAS (110/220 V)","UN","CR",274.95,321.52999999999997,310.20999999999998,307.29000000000002]
["MATERIAL",1380,"CIMENTO BRANCO NAO ESTRUTURAL (CPB - NAO ESTRUTURAL)","KG","CR",4.82,6.15,4.41,5.08]
["MATERIAL",1375,"CIMENTO IMPERMEABILIZANTE DE PEGA ULTRARRAPIDA PARA TAMPONAMENTOS","KG","CR",17.149999999999999,22.75,21.08,15.17]
["MATERIAL",1379,"CIMENTO PORTLAND COMPOSTO CP II-32","KG","C",0.72,0.92,0.66,0.76]
["MATERIAL",13284,"CIMENTO PORTLAND DE ALTO FORNO (AF) CP III-40","KG","CR",0.65,0.83,0.59,0.68]
["MATERIAL",44528,"CIMENTO PORTLAND ESTRUTURAL BRANCO CPB - 32 OU CPB - 40","KG","CR",3.83,4.9000000000000004,3.51,4.05]
["MATERIAL",34753,"CIMENTO PORTLAND POZOLANICO CP IV-32","KG","CR",0.7,0.89,0.64,0.73]
["MATERIAL",420,"CINTA CIRCULAR EM ACO GALVANIZADO DE 150 MM DE DIAMETRO PARA FIXACAO DE CAIXA MEDICAO, INCLUI PARAFUSOS E PORCAS","UN","CR",43.63,64.02,55.1,0]
["MATERIAL",12327,"CINTA CIRCULAR EM ACO GALVANIZADO DE 210 MM DE DIAMETRO PARA INSTALACAO DE TRANSFORMADOR EM POSTE DE CONCRETO","UN","CR",51.98,76.27,65.64,0]
["MATERIAL",36148,"CINTURAO DE SEGURANCA TIPO PARAQUEDISTA, FIVELA EM ACO, AJUSTE NO SUSPENSORIO, CINTURA E PERNAS","UN","CR",134.99,184.92,153.84,152.52000000000001]
["MATERIAL",12329,"COBRE ELETROLITICO EM BARRA OU CHAPA","KG","CR",137.41,150.47,158.03,136.04]
["MATERIAL",1339,"COLA A BASE DE RESINA SINTETICA PARA CHAPA DE LAMINADO MELAMINICO E OUTROS","KG","CR",0,0,0,0]
["MATERIAL",44396,"COLA BRANCA BASE PVA","KG","CR",46.84,47.62,52.34,48.36]
["MATERIAL",44327,"COLA PARA TUBOS E MANTAS ELASTOMERICAS, A BASE DE SOLVENTE","L","CR",159.32,161.97,177.99,164.48]
["MATERIAL",37418,"COLAR DE TOMADA EM POLIPROPILENO, PP, COM PARAFUSOS, PARA PEAD, 63 X 1/2\" - LIGACAO PREDIAL DE AGUA","UN","CR",0,0,0,25.11]
["MATERIAL",37419,"COLAR DE TOMADA EM POLIPROPILENO, PP, COM PARAFUSOS, PARA PEAD, 63 X 3/4\" - LIGACAO PREDIAL DE AGUA","UN","CR",0,0,0,25.79]
["MATERIAL",1427,"COLAR TOMADA PVC, COM TRAVAS, SAIDA COM ROSCA, DE 110 MM X 1/2\" OU 110 MM X 3/4\", PARA LIGACAO PREDIAL DE AGUA","UN","CR",0,0,0,22.86]
["MATERIAL",1402,"COLAR TOMADA PVC, COM TRAVAS, SAIDA COM ROSCA, DE 32 MM X 1/2\" OU 32 MM X 3/4\", PARA LIGACAO PREDIAL DE AGUA","UN","CR",0,0,0,7.91]
["MATERIAL",1420,"COLAR TOMADA PVC, COM TRAVAS, SAIDA COM ROSCA, DE 40 MM X 1/2\" OU 40 MM X 3/4\", PARA LIGACAO PREDIAL DE AGUA","UN","CR",0,0,0,10.17]
["MATERIAL",1419,"COLAR TOMADA PVC, COM TRAVAS, SAIDA COM ROSCA, DE 50 MM X 1/2\" OU 50 MM X 3/4\", PARA LIGACAO PREDIAL DE AGUA","UN","CR",0,0,0,12.29]
["MATERIAL",1414,"COLAR TOMADA PVC, COM TRAVAS, SAIDA COM ROSCA, DE 60 MM X 1/2\" OU 60 MM X 3/4\", PARA LIGACAO PREDIAL DE AGUA","UN","CR",0,0,0,12.02]
["MATERIAL",1413,"COLAR TOMADA PVC, COM TRAVAS, SAIDA COM ROSCA, DE 75 MM X 1/2\" OU 75 MM X 3/4\", PARA LIGACAO PREDIAL DE AGUA","UN","CR",0,0,0,17.760000000000002]
["MATERIAL",1412,"COLAR TOMADA PVC, COM TRAVAS, SAIDA COM ROSCA, DE 85 MM X 1/2\" OU 85 MM X 3/4\", PARA LIGACAO PREDIAL DE AGUA","UN","CR",0,0,0,15.04]
["MATERIAL",1406,"COLAR TOMADA PVC, COM TRAVAS, SAIDA ROSCAVEL COM BUCHA DE LATAO, DE 60 MM X 1/2\" OU 60 MM X 3/4\", PARA LIGACAO PREDIAL DE AGUA","UN","CR",0,0,0,18.149999999999999]
["MATERIAL",45237,"COLHER DE PEDREIRO 9\", EM ACO, COM CANTOS REDONDOS E CABO DE MADEIRA OU PLASTICO","UN","CR",21.91,27.33,21.35,23.76]
["EQUIPAMENTO (AQUISIÇÃO)",11281,"COMPACTADOR DE SOLO A PERCUSSAO (SOQUETE), A GASOLINA 4 TEMPOS, PESO 55 A 65 KG, FORCA DE IMPACTO 1.000 A 1.500 KGF, FREQ. 600 A 700 GOLPES P/ MINUTO, VELOCIDADE TRABALHO DE 10 A 15 M/MIN, POT. DE 2,00 A 3,00 HP","UN","C",0,11229.07,0,9900]
["EQUIPAMENTO (AQUISIÇÃO)",1442,"COMPACTADOR DE SOLO TIPO PLACA VIBRATORIA REVERSIVEL, A GASOLINA 4 TEMPOS, PESO 125 A 150 KG, FORCA CENTRIF. 2500 A 2800 KGF, LARG. TRABALHO 400 A 450 MM, FREQ. VIBRACAO 4300 A 4500 RPM, VELOC. TRABALHO 15 A 20 M/MIN, POT. 5,5 A 6,0 HP","UN","CR",0,9426.7199999999993,0,8310.9699999999993]
["EQUIPAMENTO (AQUISIÇÃO)",13457,"COMPACTADOR DE SOLO TIPO PLACA VIBRATORIA REVERSIVEL, A GASOLINA 4 TEMPOS, PESO 150 A 175 KG, FORCA CENTRIF. 2800 A 3100 KGF, LARG. TRABALHO DE 450 A 520 MM, FREQ. VIBRACAO 4000 A 4300 RPM, VELOC. TRABALHO DE 15 A 20 M/MIN, POT. DE 6,0 A 7,0 HP","UN","CR",0,8137,0,7173.91]
["EQUIPAMENTO (AQUISIÇÃO)",40699,"COMPACTADOR DE SOLO, TIPO PLACA VIBRATORIA NAO REVERSIVEL, A GASOLINA 4 TEMPOS, PESO 80 A 120 KG, FORCA CENTRIF. DE 1300 A 2000 KGF, LARG. TRABALHO DE 400 A 500 MM, FREQ. VIBRACAO DE 4800 A 6000 RPM, VELOCIDADE TRABALHO DE 20 A 30 M/MIN, POT. DE 5,0 A 6,0 HP","UN","CR",0,6290.21,0,5545.7]
["EQUIPAMENTO (AQUISIÇÃO)",40701,"COMPACTADOR DE SOLO, TIPO PLACA VIBRATORIA REVERSIVEL, A DIESEL, PESO 700 A 820 KG, FORCA CENTRIF. DE 6.200 A 10.000 KGF, LARG. TRABALHO DE 650 A 720 MM, FREQ. VIBRACAO DE 3.000 A 3.500 RPM, VELOCIDADE TRABALHO DE 25 A 30 M/MIN, POT. DE 13,0 A 15,0 HP","UN","CR",0,111219.62,0,98055.69]
["EQUIPAMENTO (AQUISIÇÃO)",40700,"COMPACTADOR DE SOLO, TIPO PLACA VIBRATORIA REVERSIVEL, A GASOLINA 4 TEMPOS, PESO 160 A 265 KG, FORCA CENTRIF. DE 2750 A 4000 KGF, LARG. TRABALHO DE 430 A 550 MM, FREQ. VIBRACAO DE 4000 A 5500 RPM, VELOCIDADE TRABALHO DE 20 A 25 M/MIN, POT. DE 7,5 A 9,0 HP","UN","CR",0,14642.8,0,12909.68]
["EQUIPAMENTO (AQUISIÇÃO)",13458,"COMPACTADOR DE SOLOS DE PERCURSAO (SOQUETE) COM MOTOR A GASOLINA 4 TEMPOS DE 4 HP (4 CV)","UN","CR",0,13914.28,0,12267.39]
["MATERIAL",11134,"COMPENSADO NAVAL - CHAPA/PAINEL EM MADEIRA COMPENSADA PRENSADA, DE 2200 X 1600 MM, E = 10 MM","M2","CR",105.84,76.349999999999994,54.3,73.17]
["MATERIAL",11135,"COMPENSADO NAVAL - CHAPA/PAINEL EM MADEIRA COMPENSADA PRENSADA, DE 2200 X 1600 MM, E = 12 MM","M2","CR",114.28,82.43,58.63,79]
["MATERIAL",11136,"COMPENSADO NAVAL - CHAPA/PAINEL EM MADEIRA COMPENSADA PRENSADA, DE 2200 X 1600 MM, E = 15 MM","M2","CR",130.85,94.39,67.13,90.45]
["MATERIAL",34743,"COMPENSADO NAVAL - CHAPA/PAINEL EM MADEIRA COMPENSADA PRENSADA, DE 2200 X 1600 MM, E = 18 MM","M2","CR",157.88,113.89,81,109.14]
["MATERIAL",11137,"COMPENSADO NAVAL - CHAPA/PAINEL EM MADEIRA COMPENSADA PRENSADA, DE 2200 X 1600 MM, E = 20 MM","M2","CR",179.31,129.35,91.99,123.96]
["MATERIAL",34745,"COMPENSADO NAVAL - CHAPA/PAINEL EM MADEIRA COMPENSADA PRENSADA, DE 2200 X 1600 MM, E = 25 MM","M2","CR",213.24,153.83000000000001,109.4,147.41]
["MATERIAL",34746,"COMPENSADO NAVAL - CHAPA/PAINEL EM MADEIRA COMPENSADA PRENSADA, DE 2200 X 1600 MM, E = 4 MM","M2","CR",58.15,41.95,29.83,40.200000000000003]
["MATERIAL",1360,"COMPENSADO NAVAL - CHAPA/PAINEL EM MADEIRA COMPENSADA PRENSADA, DE 2200 X 1600 MM, E = 6 MM","M2","CR",67.849999999999994,48.94,34.81,46.9]
["EQUIPAMENTO (AQUISIÇÃO)",36524,"COMPRESSOR DE AR ESTACIONARIO, VAZAO 620 PCM, PRESSAO EFETIVA DE TRABALHO 109 PSI, MOTOR ELETRICO, POTENCIA 127 CV","UN","CR",0,0,0,0]
["EQUIPAMENTO (AQUISIÇÃO)",36526,"COMPRESSOR DE AR REBOCAVEL VAZAO 400 PCM, PRESSAO EFETIVA DE TRABALHO 102 PSI, MOTOR DIESEL, POTENCIA 110 CV","UN","CR",0,0,0,0]
["EQUIPAMENTO (AQUISIÇÃO)",36523,"COMPRESSOR DE AR REBOCAVEL VAZAO 748 PCM, PRESSAO EFETIVA DE TRABALHO 102 PSI, MOTOR DIESEL, POTENCIA 210 CV","UN","CR",0,0,0,0]
["EQUIPAMENTO (AQUISIÇÃO)",36527,"COMPRESSOR DE AR REBOCAVEL VAZAO 860 PCM, PRESSAO EFETIVA DE TRABALHO 102 PSI, MOTOR DIESEL, POTENCIA 250 CV","UN","CR",0,0,0,0]
["EQUIPAMENTO (AQUISIÇÃO)",38642,"COMPRESSOR DE AR REBOCAVEL, VAZAO 152 PCM, PRESSAO EFETIVA DE TRABALHO 102 PSI, MOTOR DIESEL, POTENCIA 31,5 KW","UN","CR",0,0,0,0]
["EQUIPAMENTO (AQUISIÇÃO)",36522,"COMPRESSOR DE AR REBOCAVEL, VAZAO 189 PCM, PRESSAO EFETIVA DE TRABALHO 102 PSI, MOTOR DIESEL, POTENCIA 63 CV","UN","CR",0,0,0,0]
["EQUIPAMENTO (AQUISIÇÃO)",36525,"COMPRESSOR DE AR REBOCAVEL, VAZAO 250 PCM, PRESSAO EFETIVA DE TRABALHO 102 PSI, MOTOR DIESEL, POTENCIA 81 CV","UN","CR",0,0,0,0]
["EQUIPAMENTO (AQUISIÇÃO)",13803,"COMPRESSOR DE AR REBOCAVEL, VAZAO 89 PCM, PRESSAO EFETIVA DE TRABALHO *102* PSI, MOTOR DIESEL, POTENCIA *20* CV","UN","C",0,0,0,0]
["MATERIAL",34348,"CONCERTINA CLIPADA (DUPLA) EM ACO GALVANIZADO DE ALTA RESISTENCIA, COM ESPIRAL DE 300 MM, D = 2,76 MM","M","CR",32.049999999999997,20.100000000000001,20.95,21.47]
["MATERIAL",34347,"CONCERTINA SIMPLES EM ACO GALVANIZADO DE ALTA RESISTENCIA, COM ESPIRAL DE 300 MM, D = 2,76 MM","M","CR",22.91,14.37,14.97,15.35]
["MATERIAL",11146,"CONCRETO AUTOADENSAVEL (CAA) CLASSE DE RESISTENCIA C15, ESPALHAMENTO SF2, COM BOMBEAMENTO (DISPONIBILIZACAO DE BOMBA), SEM O LANCAMENTO (NBR 15823)","M3","CR",656.02,720.16,553.05999999999995,585.13]
["MATERIAL",11147,"CONCRETO AUTOADENSAVEL (CAA) CLASSE DE RESISTENCIA C20, ESPALHAMENTO SF2, COM BOMBEAMENTO (DISPONIBILIZACAO DE BOMBA), SEM O LANCAMENTO (NBR 15823)","M3","CR",681.69,748.34,574.70000000000005,608.03]
["MATERIAL",34872,"CONCRETO AUTOADENSAVEL (CAA) CLASSE DE RESISTENCIA C25, ESPALHAMENTO SF2, COM BOMBEAMENTO (DISPONIBILIZACAO DE BOMBA), SEM O LANCAMENTO (NBR 15823)","M3","CR",689.35,756.74,581.15,614.85]
["MATERIAL",34491,"CONCRETO AUTOADENSAVEL (CAA) CLASSE DE RESISTENCIA C30, ESPALHAMENTO SF2, COM BOMBEAMENTO (DISPONIBILIZACAO DE BOMBA), SEM O LANCAMENTO (NBR 15823)","M3","CR",709.32,778.67,598,632.66999999999996]
["MATERIAL",34770,"CONCRETO BETUMINOSO USINADO A QUENTE (CBUQ) PARA PAVIMENTACAO ASFALTICA, PADRAO DNIT, FAIXA C, COM CAP 30/45 - AQUISICAO POSTO USINA","T","CR",529.67999999999995,0,578.72,706.24]
["MATERIAL",1518,"CONCRETO BETUMINOSO USINADO A QUENTE (CBUQ) PARA PAVIMENTACAO ASFALTICA, PADRAO DNIT, FAIXA C, COM CAP 50/70 - AQUISICAO POSTO USINA","T","C",540,0,590,720]
["MATERIAL",41965,"CONCRETO BETUMINOSO USINADO A QUENTE (CBUQ) PARA PAVIMENTACAO ASFALTICA, PADRAO DNIT, PARA BINDER, COM CAP 50/70 - AQUISICAO POSTO USINA","T","CR",473.49,0,517.33000000000004,631.32000000000005]
["MATERIAL",1524,"CONCRETO USINADO BOMBEAVEL, CLASSE DE RESISTENCIA C20, BRITA 0 E 1, SLUMP = 100 +/- 20 MM, COM BOMBEAMENTO (DISPONIBILIZACAO DE BOMBA), SEM O LANCAMENTO (NBR 8953)","M3","CR",629.4,690.94,530.62,561.39]
["MATERIAL",34492,"CONCRETO USINADO BOMBEAVEL, CLASSE DE RESISTENCIA C20, COM BRITA 0 E 1, SLUMP = 100 +/- 20 MM, EXCLUI SERVICO DE BOMBEAMENTO (NBR 8953)","M3","C",583,640,491.5,520]
["MATERIAL",38404,"CONCRETO USINADO BOMBEAVEL, CLASSE DE RESISTENCIA C20, COM BRITA 0 E 1, SLUMP = 130 +/- 20 MM, EXCLUI SERVICO DE BOMBEAMENTO (NBR 8953)","M3","CR",603.87,662.91,509.1,538.62]
["MATERIAL",39849,"CONCRETO USINADO BOMBEAVEL, CLASSE DE RESISTENCIA C20, COM BRITA 0 E 1, SLUMP = 190 +/- 20 MM, COM BOMBEAMENTO (DISPONIBILIZACAO DE BOMBA), SEM O LANCAMENTO (NBR 8953)","M3","CR",692.04,759.7,583.42999999999995,617.26]
["MATERIAL",38464,"CONCRETO USINADO BOMBEAVEL, CLASSE DE RESISTENCIA C20, COM BRITA 0, SLUMP = 220 +/- 20 MM, COM BOMBEAMENTO (DISPONIBILIZACAO DE BOMBA), SEM O LANCAMENTO (NBR 8953)","M3","CR",702.08,770.73,591.89,626.22]
["MATERIAL",1527,"CONCRETO USINADO BOMBEAVEL, CLASSE DE RESISTENCIA C25, BRITA 0 E 1, SLUMP = 100 +/- 20 MM, COM BOMBEAMENTO (DISPONIBILIZACAO DE BOMBA), SEM O LANCAMENTO (NBR 8953)","M3","CR",649.38,712.88,547.47,579.21]
["MATERIAL",34493,"CONCRETO USINADO BOMBEAVEL, CLASSE DE RESISTENCIA C25, COM BRITA 0 E 1, SLUMP = 100 +/- 20 MM, EXCLUI SERVICO DE BOMBEAMENTO (NBR 8953)","M3","CR",599.42999999999995,658.04,505.35,534.65]
["MATERIAL",38405,"CONCRETO USINADO BOMBEAVEL, CLASSE DE RESISTENCIA C25, COM BRITA 0 E 1, SLUMP = 130 +/- 20 MM, EXCLUI SERVICO DE BOMBEAMENTO (NBR 8953)","M3","CR",622.5,683.36,524.79999999999995,555.23]
["MATERIAL",38408,"CONCRETO USINADO BOMBEAVEL, CLASSE DE RESISTENCIA C25, COM BRITA 0 E 1, SLUMP = 190 +/- 20 MM, EXCLUI SERVICO DE BOMBEAMENTO (NBR 8953)","M3","CR",689.04,756.41,580.9,614.58000000000004]
["MATERIAL",1525,"CONCRETO USINADO BOMBEAVEL, CLASSE DE RESISTENCIA C30, BRITA 0 E 1, SLUMP = 100 +/- 20 MM, COM BOMBEAMENTO (DISPONIBILIZACAO DE BOMBA), SEM O LANCAMENTO (NBR 8953)","M3","CR",669.36,734.81,564.30999999999995,597.03]
["MATERIAL",34494,"CONCRETO USINADO BOMBEAVEL, CLASSE DE RESISTENCIA C30, COM BRITA 0 E 1, SLUMP = 100 +/- 20 MM, EXCLUI SERVICO DE BOMBEAMENTO (NBR 8953)","M3","CR",619.41,679.97,522.20000000000005,552.48]
["MATERIAL",38406,"CONCRETO USINADO BOMBEAVEL, CLASSE DE RESISTENCIA C30, COM BRITA 0 E 1, SLUMP = 130 +/- 20 MM, EXCLUI SERVICO DE BOMBEAMENTO (NBR 8953)","M3","CR",657.32,721.58,554.15,586.28]
["MATERIAL",38409,"CONCRETO USINADO BOMBEAVEL, CLASSE DE RESISTENCIA C30, COM BRITA 0 E 1, SLUMP = 190 +/- 20 MM, EXCLUI SERVICO DE BOMBEAMENTO (NBR 8953)","M3","CR",693.74,761.57,584.86,618.77]
["MATERIAL",43360,"CONCRETO USINADO BOMBEAVEL, CLASSE DE RESISTENCIA C30, COM BRITA 0 E 1, SLUMP = 220 +/- 30 MM, EXCLUI SERVICO DE BOMBEAMENTO (NBR 8953)","M3","CR",723.37,794.1,609.84,645.20000000000005]
["MATERIAL",11145,"CONCRETO USINADO BOMBEAVEL, CLASSE DE RESISTENCIA C35, BRITA 0 E 1, SLUMP = 100 +/- 20 MM, COM BOMBEAMENTO (DISPONIBILIZACAO DE BOMBA), SEM O LANCAMENTO (NBR 8953)","M3","CR",689.35,756.74,581.15,614.85]
["MATERIAL",34495,"CONCRETO USINADO BOMBEAVEL, CLASSE DE RESISTENCIA C35, COM BRITA 0 E 1, SLUMP = 100 +/- 20 MM, EXCLUI SERVICO DE BOMBEAMENTO (NBR 8953)","M3","CR",639.39,701.9,539.04,570.29999999999995]
["MATERIAL",34479,"CONCRETO USINADO BOMBEAVEL, CLASSE DE RESISTENCIA C40, BRITA 0 E 1, SLUMP = 100 +/- 20 MM, COM BOMBEAMENTO (DISPONIBILIZACAO DE BOMBA), SEM O LANCAMENTO (NBR 8953)","M3","CR",709.32,778.67,598,632.66999999999996]
["MATERIAL",34496,"CONCRETO USINADO BOMBEAVEL, CLASSE DE RESISTENCIA C40, COM BRITA 0 E 1, SLUMP = 100 +/- 20 MM, EXCLUI SERVICO DE BOMBEAMENTO (NBR 8953)","M3","CR",667,732.21,562.30999999999995,594.91999999999996]
["MATERIAL",34481,"CONCRETO USINADO BOMBEAVEL, CLASSE DE RESISTENCIA C45, BRITA 0 E 1, SLUMP = 100 +/- 20 MM, COM BOMBEAMENTO (DISPONIBILIZACAO DE BOMBA), SEM O LANCAMENTO (NBR 8953)","M3","CR",741.16,813.62,624.84,661.07]
["MATERIAL",34483,"CONCRETO USINADO BOMBEAVEL, CLASSE DE RESISTENCIA C50, BRITA 0 E 1, SLUMP = 100 +/- 20 MM, COM BOMBEAMENTO (DISPONIBILIZACAO DE BOMBA), SEM O LANCAMENTO (NBR 8953)","M3","CR",791.88,869.3,667.59,706.3]
["MATERIAL",34485,"CONCRETO USINADO BOMBEAVEL, CLASSE DE RESISTENCIA C60, COM BRITA 0 E 1, SLUMP = 100 +/- 20 MM, COM BOMBEAMENTO (DISPONIBILIZACAO DE BOMBA), SEM O LANCAMENTO (NBR 8953)","M3","CR",846.82,929.62,713.92,755.31]
["MATERIAL",14041,"CONCRETO USINADO CONVENCIONAL (NAO BOMBEAVEL) CLASSE DE RESISTENCIA C10, COM BRITA 1 E 2, SLUMP = 80 MM +/- 10 MM (NBR 8953)","M3","CR",550.47,604.29,464.08,490.99]
["MATERIAL",1523,"CONCRETO USINADO CONVENCIONAL (NAO BOMBEAVEL) CLASSE DE RESISTENCIA C15, COM BRITA 1 E 2, SLUMP = 80 MM +/- 10 MM (NBR 8953)","M3","CR",559.47,614.16999999999996,471.66,499.01]
["MATERIAL",14054,"CONDULETE DE ALUMINIO TIPO B, PARA ELETRODUTO ROSCAVEL DE 1\", COM TAMPA CEGA","UN","CR",14.69,0,15.25,22.84]
["MATERIAL",14052,"CONDULETE DE ALUMINIO TIPO B, PARA ELETRODUTO ROSCAVEL DE 1/2\", COM TAMPA CEGA","UN","CR",11.3,0,11.73,17.57]
["MATERIAL",14053,"CONDULETE DE ALUMINIO TIPO B, PARA ELETRODUTO ROSCAVEL DE 3/4\", COM TAMPA CEGA","UN","CR",11.47,0,11.91,17.829999999999998]
["MATERIAL",2560,"CONDULETE DE ALUMINIO TIPO C, PARA ELETRODUTO ROSCAVEL DE 1\", COM TAMPA CEGA","UN","CR",15.2,0,15.78,23.63]
["MATERIAL",2558,"CONDULETE DE ALUMINIO TIPO C, PARA ELETRODUTO ROSCAVEL DE 1/2\", COM TAMPA CEGA","UN","CR",8.64,0,8.9600000000000009,13.43]
["MATERIAL",2559,"CONDULETE DE ALUMINIO TIPO C, PARA ELETRODUTO ROSCAVEL DE 3/4\", COM TAMPA CEGA","UN","C",12.16,0,12.62,18.899999999999999]
["MATERIAL",2592,"CONDULETE DE ALUMINIO TIPO C, PARA ELETRODUTO ROSCAVEL DE 4\", COM TAMPA CEGA","UN","CR",201.58,0,209.21,313.32]
["MATERIAL",2589,"CONDULETE DE ALUMINIO TIPO E, PARA ELETRODUTO ROSCAVEL DE 1 1/2\", COM TAMPA CEGA","UN","CR",26.96,0,27.98,41.91]
["MATERIAL",2566,"CONDULETE DE ALUMINIO TIPO E, PARA ELETRODUTO ROSCAVEL DE 1 1/4\", COM TAMPA CEGA","UN","CR",20.28,0,21.05,31.53]
["MATERIAL",2590,"CONDULETE DE ALUMINIO TIPO E, PARA ELETRODUTO ROSCAVEL DE 1\", COM TAMPA CEGA","UN","CR",16.54,0,17.170000000000002,25.72]
["MATERIAL",2591,"CONDULETE DE ALUMINIO TIPO E, PARA ELETRODUTO ROSCAVEL DE 1/2\", COM TAMPA CEGA","UN","CR",9.83,0,10.199999999999999,15.28]
["MATERIAL",2567,"CONDULETE DE ALUMINIO TIPO E, PARA ELETRODUTO ROSCAVEL DE 2\", COM TAMPA CEGA","UN","CR",39.549999999999997,0,41.05,61.47]
["MATERIAL",2568,"CONDULETE DE ALUMINIO TIPO E, PARA ELETRODUTO ROSCAVEL DE 3\", COM TAMPA CEGA","UN","CR",109.83,0,113.98,170.71]
["MATERIAL",2565,"CONDULETE DE ALUMINIO TIPO E, PARA ELETRODUTO ROSCAVEL DE 3/4\", COM TAMPA CEGA","UN","CR",9.85,0,10.220000000000001,15.31]
["MATERIAL",2594,"CONDULETE DE ALUMINIO TIPO E, PARA ELETRODUTO ROSCAVEL DE 4\", COM TAMPA CEGA","UN","CR",182.97,0,189.89,284.38]
["MATERIAL",2587,"CONDULETE DE ALUMINIO TIPO LR, PARA ELETRODUTO ROSCAVEL DE 1 1/2\", COM TAMPA CEGA","UN","CR",31.18,0,32.36,48.47]
["MATERIAL",2588,"CONDULETE DE ALUMINIO TIPO LR, PARA ELETRODUTO ROSCAVEL DE 1 1/4\", COM TAMPA CEGA","UN","CR",24.77,0,25.7,38.5]
["MATERIAL",2570,"CONDULETE DE ALUMINIO TIPO LR, PARA ELETRODUTO ROSCAVEL DE 1\", COM TAMPA CEGA","UN","CR",16,0,16.600000000000001,24.87]
["MATERIAL",2569,"CONDULETE DE ALUMINIO TIPO LR, PARA ELETRODUTO ROSCAVEL DE 1/2\", COM TAMPA CEGA","UN","CR",9.5399999999999991,0,9.9,14.83]
["MATERIAL",2571,"CONDULETE DE ALUMINIO TIPO LR, PARA ELETRODUTO ROSCAVEL DE 2\", COM TAMPA CEGA","UN","CR",47.49,0,49.29,73.819999999999993]
["MATERIAL",2572,"CONDULETE DE ALUMINIO TIPO LR, PARA ELETRODUTO ROSCAVEL DE 3\", COM TAMPA CEGA","UN","CR",140.44999999999999,0,145.76,218.3]
["MATERIAL",2593,"CONDULETE DE ALUMINIO TIPO LR, PARA ELETRODUTO ROSCAVEL DE 3/4\", COM TAMPA CEGA","UN","CR",10.17,0,10.56,15.82]
["MATERIAL",2595,"CONDULETE DE ALUMINIO TIPO LR, PARA ELETRODUTO ROSCAVEL DE 4\", COM TAMPA CEGA","UN","CR",219.13,0,227.42,340.59]
["MATERIAL",2576,"CONDULETE DE ALUMINIO TIPO T, PARA ELETRODUTO ROSCAVEL DE 1 1/2\", COM TAMPA CEGA","UN","CR",37.35,0,38.770000000000003,58.06]
["MATERIAL",2575,"CONDULETE DE ALUMINIO TIPO T, PARA ELETRODUTO ROSCAVEL DE 1 1/4\", COM TAMPA CEGA","UN","CR",28.08,0,29.14,43.65]
["MATERIAL",2586,"CONDULETE DE ALUMINIO TIPO T, PARA ELETRODUTO ROSCAVEL DE 1\", COM TAMPA CEGA","UN","CR",18.899999999999999,0,19.62,29.38]
["MATERIAL",2573,"CONDULETE DE ALUMINIO TIPO T, PARA ELETRODUTO ROSCAVEL DE 1/2\", COM TAMPA CEGA","UN","CR",11.66,0,12.1,18.13]
["MATERIAL",2577,"CONDULETE DE ALUMINIO TIPO T, PARA ELETRODUTO ROSCAVEL DE 2\", COM TAMPA CEGA","UN","CR",50.62,0,52.53,78.67]
["MATERIAL",2578,"CONDULETE DE ALUMINIO TIPO T, PARA ELETRODUTO ROSCAVEL DE 3\", COM TAMPA CEGA","UN","CR",158.03,0,164.01,245.63]
["MATERIAL",2574,"CONDULETE DE ALUMINIO TIPO T, PARA ELETRODUTO ROSCAVEL DE 3/4\", COM TAMPA CEGA","UN","CR",11.74,0,12.18,18.239999999999998]
["MATERIAL",2585,"CONDULETE DE ALUMINIO TIPO T, PARA ELETRODUTO ROSCAVEL DE 4\", COM TAMPA CEGA","UN","CR",216.86,0,225.06,337.06]
["MATERIAL",12008,"CONDULETE DE ALUMINIO TIPO TB, PARA ELETRODUTO ROSCAVEL DE 3\", COM TAMPA CEGA","UN","CR",116.35,0,120.75,180.85]
["MATERIAL",2582,"CONDULETE DE ALUMINIO TIPO X, PARA ELETRODUTO ROSCAVEL DE 1 1/2\", COM TAMPA CEGA","UN","CR",34.65,0,35.96,53.85]
["MATERIAL",2597,"CONDULETE DE ALUMINIO TIPO X, PARA ELETRODUTO ROSCAVEL DE 1 1/4\", COM TAMPA CEGA","UN","CR",29.69,0,30.82,46.16]
["MATERIAL",2581,"CONDULETE DE ALUMINIO TIPO X, PARA ELETRODUTO ROSCAVEL DE 1\", COM TAMPA CEGA","UN","CR",18.09,0,18.77,28.12]
["MATERIAL",2579,"CONDULETE DE ALUMINIO TIPO X, PARA ELETRODUTO ROSCAVEL DE 1/2\", COM TAMPA CEGA","UN","CR",14.14,0,14.67,21.97]
["MATERIAL",2596,"CONDULETE DE ALUMINIO TIPO X, PARA ELETRODUTO ROSCAVEL DE 2\", COM TAMPA CEGA","UN","CR",53.5,0,55.53,83.16]
["MATERIAL",2583,"CONDULETE DE ALUMINIO TIPO X, PARA ELETRODUTO ROSCAVEL DE 3\", COM TAMPA CEGA","UN","CR",130.13,0,135.06,202.27]
["MATERIAL",2580,"CONDULETE DE ALUMINIO TIPO X, PARA ELETRODUTO ROSCAVEL DE 3/4\", COM TAMPA CEGA","UN","CR",15.49,0,16.079999999999998,24.08]
["MATERIAL",2584,"CONDULETE DE ALUMINIO TIPO X, PARA ELETRODUTO ROSCAVEL DE 4\", COM TAMPA CEGA","UN","CR",216.64,0,224.83,336.72]
["MATERIAL",39329,"CONDULETE EM PVC, TIPO \"B\", SEM TAMPA, DE 1\"","UN","CR",6.61,10.72,11.99,12.72]
["MATERIAL",12010,"CONDULETE EM PVC, TIPO \"B\", SEM TAMPA, DE 1/2\" OU 3/4\"","UN","CR",6.32,10.25,11.46,12.16]
["MATERIAL",39332,"CONDULETE EM PVC, TIPO \"C\", SEM TAMPA, DE 1\"","UN","CR",7.77,12.6,14.09,14.95]
["MATERIAL",39330,"CONDULETE EM PVC, TIPO \"C\", SEM TAMPA, DE 1/2\"","UN","CR",6.95,11.28,12.61,13.38]
["MATERIAL",39331,"CONDULETE EM PVC, TIPO \"C\", SEM TAMPA, DE 3/4\"","UN","CR",6.18,10.029999999999999,11.22,11.9]
["MATERIAL",39335,"CONDULETE EM PVC, TIPO \"E\", SEM TAMPA, DE 1\"","UN","CR",6.97,11.32,12.66,13.43]
["MATERIAL",39333,"CONDULETE EM PVC, TIPO \"E\", SEM TAMPA, DE 1/2\"","UN","CR",6.03,9.7799999999999994,10.94,11.6]
["MATERIAL",39334,"CONDULETE EM PVC, TIPO \"E\", SEM TAMPA, DE 3/4\"","UN","CR",5.54,9,10.06,10.67]
["MATERIAL",12015,"CONDULETE EM PVC, TIPO \"LB\", SEM TAMPA, DE 1\"","UN","CR",8.1,13.14,14.7,15.6]
["MATERIAL",12016,"CONDULETE EM PVC, TIPO \"LB\", SEM TAMPA, DE 1/2\" OU 3/4\"","UN","CR",6.96,11.29,12.63,13.4]
["MATERIAL",12019,"CONDULETE EM PVC, TIPO \"LL\", SEM TAMPA, DE 1\"","UN","CR",8.1,13.14,14.7,15.6]
["MATERIAL",12020,"CONDULETE EM PVC, TIPO \"LL\", SEM TAMPA, DE 1/2\" OU 3/4\"","UN","CR",6.96,11.29,12.63,13.4]
["MATERIAL",39338,"CONDULETE EM PVC, TIPO \"LR\", SEM TAMPA, DE 1\"","UN","CR",7.77,12.6,14.09,14.95]
["MATERIAL",39336,"CONDULETE EM PVC, TIPO \"LR\", SEM TAMPA, DE 1/2\"","UN","CR",6.95,11.28,12.61,13.38]
["MATERIAL",39337,"CONDULETE EM PVC, TIPO \"LR\", SEM TAMPA, DE 3/4\"","UN","CR",6.18,10.029999999999999,11.22,11.9]
["MATERIAL",39341,"CONDULETE EM PVC, TIPO \"T\", SEM TAMPA, DE 1\"","UN","CR",10.130000000000001,16.43,18.37,19.489999999999998]
["MATERIAL",39340,"CONDULETE EM PVC, TIPO \"T\", SEM TAMPA, DE 3/4\"","UN","CR",7.43,12.06,13.49,14.31]
["MATERIAL",39342,"CONDULETE EM PVC, TIPO \"TB\", SEM TAMPA, DE 1\"","UN","CR",10.130000000000001,16.43,18.37,19.489999999999998]
["MATERIAL",12025,"CONDULETE EM PVC, TIPO \"TB\", SEM TAMPA, DE 1/2\" OU 3/4\"","UN","CR",7.68,12.46,13.93,14.78]
["MATERIAL",39345,"CONDULETE EM PVC, TIPO \"X\", SEM TAMPA, DE 1\"","UN","CR",11.57,18.77,20.99,22.27]
["MATERIAL",39343,"CONDULETE EM PVC, TIPO \"X\", SEM TAMPA, DE 1/2\"","UN","CR",8.5500000000000007,13.87,15.51,16.46]
["MATERIAL",39344,"CONDULETE EM PVC, TIPO \"X\", SEM TAMPA, DE 3/4\"","UN","CR",8.27,13.41,15,15.91]
["MATERIAL",12623,"CONDUTOR PLUVIAL, PVC, CIRCULAR, DIAMETRO ENTRE 80 E 100 MM, PARA DRENAGEM PLUVIAL PREDIAL","M","CR",47.76,43.83,44.31,46.23]
["MATERIAL",34498,"CONE DE SINALIZACAO EM PVC FLEXIVEL, H = 70 / 76 CM (NBR 15071)","UN","CR",87.66,154.56,96.21,95.74]
["MATERIAL",13244,"CONE DE SINALIZACAO EM PVC RIGIDO COM FAIXA REFLETIVA, H = 70 / 76 CM","UN","C",36.9,65.06,40.5,40.299999999999997]
["MATERIAL",38998,"CONECTOR / ADAPTADOR F/F, COM INSERTO METALICO, PPR, DN 25 MM X 1/2\", PARA AGUA QUENTE E FRIA PREDIAL","UN","CR",0,0,13.58,0]
["MATERIAL",38999,"CONECTOR / ADAPTADOR F/F, COM INSERTO METALICO, PPR, DN 32 MM X 3/4\", PARA AGUA QUENTE E FRIA PREDIAL","UN","CR",0,0,34.340000000000003,0]
["MATERIAL",38996,"CONECTOR / ADAPTADOR F/M, COM INSERTO METALICO, PPR, DN 25 MM X 1/2\", PARA AGUA QUENTE E FRIA PREDIAL","UN","CR",0,0,24.27,0]
["MATERIAL",44173,"CONECTOR / ADAPTADOR F/M, COM INSERTO METALICO, PPR, DN 25 MM X 3/4\", PARA AGUA QUENTE E FRIA PREDIAL","UN","CR",0,0,23.6,0]
["MATERIAL",44174,"CONECTOR / ADAPTADOR F/M, COM INSERTO METALICO, PPR, DN 32 MM X 1\", PARA AGUA QUENTE E FRIA PREDIAL","UN","CR",0,0,38.630000000000003,0]
["MATERIAL",38997,"CONECTOR / ADAPTADOR F/M, COM INSERTO METALICO, PPR, DN 32 MM X 3/4\", PARA AGUA QUENTE E FRIA PREDIAL","UN","CR",0,0,34.72,0]
["MATERIAL",39600,"CONECTOR / TOMADA FEMEA RJ 45, CATEGORIA 5 E (CAT 5E) PARA CABOS","UN","CR",15.89,18.46,17.72,14.52]
["MATERIAL",39601,"CONECTOR / TOMADA FEMEA RJ 45, CATEGORIA 6 (CAT 6) PARA CABOS","UN","CR",33.700000000000003,39.15,37.590000000000003,30.81]
["MATERIAL",39862,"CONECTOR BRONZE/LATAO SEM ANEL DE SOLDA, BOLSA X ROSCA F, 15 MM X 1/2\"","UN","CR",0,0,23.83,0]
["MATERIAL",39863,"CONECTOR BRONZE/LATAO SEM ANEL DE SOLDA, BOLSA X ROSCA F, 22 MM X 1/2\"","UN","CR",0,0,24.16,0]
["MATERIAL",39864,"CONECTOR BRONZE/LATAO SEM ANEL DE SOLDA, BOLSA X ROSCA F, 22 MM X 3/4\"","UN","CR",0,0,29.98,0]
["MATERIAL",39865,"CONECTOR BRONZE/LATAO SEM ANEL DE SOLDA, BOLSA X ROSCA F, 28 MM X 1/2\"","UN","CR",0,0,42.26,0]
["MATERIAL",2517,"CONECTOR CURVO 90 GRAUS DE ALUMINIO, BITOLA 1 1/2\", PARA ADAPTAR ENTRADA DE ELETRODUTO METALICO FLEXIVEL EM QUADROS","UN","CR",21.58,0,22.4,33.549999999999997]
["MATERIAL",2522,"CONECTOR CURVO 90 GRAUS DE ALUMINIO, BITOLA 1 1/4\", PARA ADAPTAR ENTRADA DE ELETRODUTO METALICO FLEXIVEL EM QUADROS","UN","CR",13.95,0,14.48,21.68]
["MATERIAL",2516,"CONECTOR CURVO 90 GRAUS DE ALUMINIO, BITOLA 1\", PARA ADAPTAR ENTRADA DE ELETRODUTO METALICO FLEXIVEL EM QUADROS","UN","CR",11.2,0,11.62,17.41]
["MATERIAL",2548,"CONECTOR CURVO 90 GRAUS DE ALUMINIO, BITOLA 1/2\", PARA ADAPTAR ENTRADA DE ELETRODUTO METALICO FLEXIVEL EM QUADROS","UN","CR",8.58,0,8.9,13.33]
["MATERIAL",2518,"CONECTOR CURVO 90 GRAUS DE ALUMINIO, BITOLA 2 1/2\", PARA ADAPTAR ENTRADA DE ELETRODUTO METALICO FLEXIVEL EM QUADROS","UN","CR",102.74,0,106.63,159.69]
["MATERIAL",2521,"CONECTOR CURVO 90 GRAUS DE ALUMINIO, BITOLA 2\", PARA ADAPTAR ENTRADA DE ELETRODUTO METALICO FLEXIVEL EM QUADROS","UN","CR",43.73,0,45.39,67.98]
["MATERIAL",2519,"CONECTOR CURVO 90 GRAUS DE ALUMINIO, BITOLA 3\", PARA ADAPTAR ENTRADA DE ELETRODUTO METALICO FLEXIVEL EM QUADROS","UN","CR",123.88,0,128.57,192.55]
["MATERIAL",2515,"CONECTOR CURVO 90 GRAUS DE ALUMINIO, BITOLA 3/4\", PARA ADAPTAR ENTRADA DE ELETRODUTO METALICO FLEXIVEL EM QUADROS","UN","CR",9.32,0,9.67,14.49]
["MATERIAL",2520,"CONECTOR CURVO 90 GRAUS DE ALUMINIO, BITOLA 4\", PARA ADAPTAR ENTRADA DE ELETRODUTO METALICO FLEXIVEL EM QUADROS","UN","CR",228.01,0,236.64,354.4]
["MATERIAL",1602,"CONECTOR DE ALUMINIO TIPO PRENSA CABO, BITOLA 1 1/2\", PARA CABOS DE DIAMETRO DE 37 A 40 MM","UN","CR",55.53,57.78,55.83,68.489999999999995]
["MATERIAL",1601,"CONECTOR DE ALUMINIO TIPO PRENSA CABO, BITOLA 1 1/4\", PARA CABOS DE DIAMETRO DE 31 A 34 MM","UN","CR",49.49,51.49,49.76,61.04]
["MATERIAL",1600,"CONECTOR DE ALUMINIO TIPO PRENSA CABO, BITOLA 1\", PARA CABOS DE DIAMETRO DE 22,5 A 25 MM","UN","CR",21.62,22.49,21.73,26.66]
["MATERIAL",1598,"CONECTOR DE ALUMINIO TIPO PRENSA CABO, BITOLA 1/2\", PARA CABOS DE DIAMETRO DE 12,5 A 15 MM","UN","CR",14.65,15.24,14.72,18.07]
["MATERIAL",1603,"CONECTOR DE ALUMINIO TIPO PRENSA CABO, BITOLA 2\", PARA CABOS DE DIAMETRO DE 47,5 A 50 MM","UN","CR",83.84,87.23,84.29,103.41]
["MATERIAL",1599,"CONECTOR DE ALUMINIO TIPO PRENSA CABO, BITOLA 3/4\", PARA CABOS DE DIAMETRO DE 17,5 A 20 MM","UN","CR",16.989999999999998,17.68,17.079999999999998,20.96]
["MATERIAL",1597,"CONECTOR DE ALUMINIO TIPO PRENSA CABO, BITOLA 3/8\", PARA CABOS DE DIAMETRO DE 9 A 10 MM","UN","CR",13.77,14.33,13.84,16.98]
["MATERIAL",39602,"CONECTOR MACHO RJ 45, CATEGORIA 5 E (CAT 5E) PARA CABOS","UN","CR",1.68,1.95,1.88,1.54]
["MATERIAL",39603,"CONECTOR MACHO RJ 45, CATEGORIA 6 (CAT 6) PARA CABOS","UN","CR",3.59,4.17,4,3.28]
["MATERIAL",11821,"CONECTOR METALICO TIPO PARAFUSO FENDIDO (SPLIT BOLT), COM SEPARADOR DE CABOS BIMETALICOS, PARA CABOS ATE 25 MM2","UN","CR",11.31,11.77,11.37,13.95]
["MATERIAL",1562,"CONECTOR METALICO TIPO PARAFUSO FENDIDO (SPLIT BOLT), COM SEPARADOR DE CABOS BIMETALICOS, PARA CABOS ATE 50 MM2","UN","CR",18.52,19.27,18.62,22.85]
["MATERIAL",1563,"CONECTOR METALICO TIPO PARAFUSO FENDIDO (SPLIT BOLT), COM SEPARADOR DE CABOS BIMETALICOS, PARA CABOS ATE 70 MM2","UN","CR",24.86,25.86,24.99,30.66]
["MATERIAL",11856,"CONECTOR METALICO TIPO PARAFUSO FENDIDO (SPLIT BOLT), PARA CABOS ATE 10 MM2","UN","C",7.41,7.71,7.45,9.14]
["MATERIAL",11857,"CONECTOR METALICO TIPO PARAFUSO FENDIDO (SPLIT BOLT), PARA CABOS ATE 120 MM2","UN","CR",39,40.58,39.21,48.1]
["MATERIAL",11858,"CONECTOR METALICO TIPO PARAFUSO FENDIDO (SPLIT BOLT), PARA CABOS ATE 150 MM2","UN","CR",48.4,50.36,48.66,59.7]
["MATERIAL",1539,"CONECTOR METALICO TIPO PARAFUSO FENDIDO (SPLIT BOLT), PARA CABOS ATE 16 MM2","UN","CR",8.7100000000000009,9.06,8.75,10.74]
["MATERIAL",11859,"CONECTOR METALICO TIPO PARAFUSO FENDIDO (SPLIT BOLT), PARA CABOS ATE 185 MM2","UN","CR",65.849999999999994,68.52,66.209999999999994,81.23]
["MATERIAL",1550,"CONECTOR METALICO TIPO PARAFUSO FENDIDO (SPLIT BOLT), PARA CABOS ATE 25 MM2","UN","CR",9.19,9.56,9.24,11.33]
["MATERIAL",11854,"CONECTOR METALICO TIPO PARAFUSO FENDIDO (SPLIT BOLT), PARA CABOS ATE 35 MM2","UN","CR",11.48,11.94,11.54,14.16]
["MATERIAL",11862,"CONECTOR METALICO TIPO PARAFUSO FENDIDO (SPLIT BOLT), PARA CABOS ATE 50 MM2","UN","CR",16.100000000000001,16.75,16.190000000000001,19.86]
["MATERIAL",11863,"CONECTOR METALICO TIPO PARAFUSO FENDIDO (SPLIT BOLT), PARA CABOS ATE 6 MM2","UN","CR",6.5,6.76,6.54,8.02]
["MATERIAL",11855,"CONECTOR METALICO TIPO PARAFUSO FENDIDO (SPLIT BOLT), PARA CABOS ATE 70 MM2","UN","CR",24.04,25.01,24.16,29.65]
["MATERIAL",11864,"CONECTOR METALICO TIPO PARAFUSO FENDIDO (SPLIT BOLT), PARA CABOS ATE 95 MM2","UN","CR",36.340000000000003,37.81,36.53,44.82]
["MATERIAL",2527,"CONECTOR RETO DE ALUMINIO PARA ELETRODUTO DE 1 1/2\", PARA ADAPTAR ENTRADA DE ELETRODUTO METALICO FLEXIVEL EM QUADROS","UN","CR",7.72,0,8.02,12.01]
["MATERIAL",2526,"CONECTOR RETO DE ALUMINIO PARA ELETRODUTO DE 1 1/4\", PARA ADAPTAR ENTRADA DE ELETRODUTO METALICO FLEXIVEL EM QUADROS","UN","CR",4.95,0,5.14,7.69]
["MATERIAL",2483,"CONECTOR RETO DE ALUMINIO PARA ELETRODUTO DE 1\", PARA ADAPTAR ENTRADA DE ELETRODUTO METALICO FLEXIVEL EM QUADROS","UN","CR",3.52,0,3.66,5.48]
["MATERIAL",2487,"CONECTOR RETO DE ALUMINIO PARA ELETRODUTO DE 1/2\", PARA ADAPTAR ENTRADA DE ELETRODUTO METALICO FLEXIVEL EM QUADROS","UN","CR",1.69,0,1.75,2.62]
["MATERIAL",2528,"CONECTOR RETO DE ALUMINIO PARA ELETRODUTO DE 2 1/2\", PARA ADAPTAR ENTRADA DE ELETRODUTO METALICO FLEXIVEL EM QUADROS","UN","CR",19.440000000000001,0,20.170000000000002,30.22]
["MATERIAL",2489,"CONECTOR RETO DE ALUMINIO PARA ELETRODUTO DE 2\", PARA ADAPTAR ENTRADA DE ELETRODUTO METALICO FLEXIVEL EM QUADROS","UN","CR",8.56,0,8.8800000000000008,13.31]
["MATERIAL",2484,"CONECTOR RETO DE ALUMINIO PARA ELETRODUTO DE 3\", PARA ADAPTAR ENTRADA DE ELETRODUTO METALICO FLEXIVEL EM QUADROS","UN","CR",28.23,0,29.3,43.89]
["MATERIAL",2488,"CONECTOR RETO DE ALUMINIO PARA ELETRODUTO DE 3/4\", PARA ADAPTAR ENTRADA DE ELETRODUTO METALICO FLEXIVEL EM QUADROS","UN","CR",1.98,0,2.0499999999999998,3.07]
["MATERIAL",2485,"CONECTOR RETO DE ALUMINIO PARA ELETRODUTO DE 4\", PARA ADAPTAR ENTRADA DE ELETRODUTO METALICO FLEXIVEL EM QUADROS","UN","CR",44.25,0,45.93,68.790000000000006]
["MATERIAL",44247,"CONECTOR, CPVC, SOLDAVEL, 114 MM X 4\", PARA AGUA QUENTE","UN","CR",1575.46,0,1578.11,1728.09]
["MATERIAL",38005,"CONECTOR, CPVC, SOLDAVEL, 15 MM X 1/2\", PARA AGUA QUENTE","UN","CR",18.73,0,18.760000000000002,20.55]
["MATERIAL",38006,"CONECTOR, CPVC, SOLDAVEL, 22 MM X 1/2\", PARA AGUA QUENTE","UN","CR",24.89,0,24.93,27.3]
["MATERIAL",38428,"CONECTOR, CPVC, SOLDAVEL, 22 MM X 3/4\", PARA AGUA QUENTE","UN","CR",22.29,0,22.33,24.45]
["MATERIAL",38007,"CONECTOR, CPVC, SOLDAVEL, 28 MM X 1\", PARA AGUA QUENTE","UN","CR",28.72,0,28.77,31.5]
["MATERIAL",38008,"CONECTOR, CPVC, SOLDAVEL, 35 MM X 1 1/4\", PARA AGUA QUENTE","UN","CR",45.96,0,46.03,50.41]
["MATERIAL",38009,"CONECTOR, CPVC, SOLDAVEL, 42 MM X 1 1/2\", PARA AGUA QUENTE","UN","CR",56.26,0,56.36,61.71]
["MATERIAL",44248,"CONECTOR, CPVC, SOLDAVEL, 54 MM X 2\", PARA AGUA QUENTE","UN","CR",91.71,0,91.86,100.59]
["MATERIAL",44249,"CONECTOR, CPVC, SOLDAVEL, 73 MM X 2 1/2\", PARA AGUA QUENTE","UN","CR",353.83,0,354.42,388.11]
["MATERIAL",44250,"CONECTOR, CPVC, SOLDAVEL, 89 MM X 3\", PARA AGUA QUENTE","UN","CR",513.83000000000004,0,514.70000000000005,563.62]
["MATERIAL",39279,"CONECTOR/ADAPTADOR FIXO, ROSCA FEMEA, EM PLASTICO, DN 16 MM X 1/2\", PARA CONEXAO COM CRIMPAGEM, EM TUBO PEX PARA INST. AGUA QUENTE/FRIA","UN","CR",0,0,0,0]
["MATERIAL",39280,"CONECTOR/ADAPTADOR FIXO, ROSCA FEMEA, EM PLASTICO, DN 20 MM X 1/2\", PARA CONEXAO COM CRIMPAGEM, EM TUBO PEX PARA INST. AGUA QUENTE/FRIA","UN","CR",0,0,0,0]
["MATERIAL",39281,"CONECTOR/ADAPTADOR FIXO, ROSCA FEMEA, EM PLASTICO, DN 20 MM X 3/4\", PARA CONEXAO COM CRIMPAGEM, EM TUBO PEX PARA INST. AGUA QUENTE/FRIA","UN","CR",0,0,0,0]
["MATERIAL",39282,"CONECTOR/ADAPTADOR FIXO, ROSCA FEMEA, EM PLASTICO, DN 25 MM X 3/4\", PARA CONEXAO COM CRIMPAGEM, EM TUBO PEX PARA INST. AGUA QUENTE/FRIA","UN","CR",0,0,0,0]
["MATERIAL",38844,"CONECTOR/ADAPTADOR FIXO, ROSCA FEMEA, METALICA, COM ANEL DESLIZANTE, DN 16 MM X 1/2\", PARA TUBO PEX PARA INST. AGUA QUENTE/FRIA","UN","C",0,0,0,0]
["MATERIAL",38846,"CONECTOR/ADAPTADOR FIXO, ROSCA FEMEA, METALICA, COM ANEL DESLIZANTE, DN 20 MM X 1/2\", PARA TUBO PEX PARA INST. AGUA QUENTE/FRIA","UN","CR",0,0,0,0]
["MATERIAL",38847,"CONECTOR/ADAPTADOR FIXO, ROSCA FEMEA, METALICA, COM ANEL DESLIZANTE, DN 20 MM X 3/4\", PARA TUBO PEX PARA INST. AGUA QUENTE/FRIA","UN","CR",0,0,0,0]
["MATERIAL",38850,"CONECTOR/ADAPTADOR FIXO, ROSCA FEMEA, METALICA, COM ANEL DESLIZANTE, DN 25 MM X 1\", PARA TUBO PEX PARA INST. AGUA QUENTE/FRIA","UN","CR",0,0,0,0]
["MATERIAL",38848,"CONECTOR/ADAPTADOR FIXO, ROSCA FEMEA, METALICA, COM ANEL DESLIZANTE, DN 25 MM X 3/4\", PARA TUBO PEX PARA INST. AGUA QUENTE/FRIA","UN","CR",0,0,0,0]
["MATERIAL",38851,"CONECTOR/ADAPTADOR FIXO, ROSCA FEMEA, METALICA, COM ANEL DESLIZANTE, DN 32 MM X 1\", PARA TUBO PEX PARA INST. AGUA QUENTE/FRIA","UN","CR",0,0,0,0]
["MATERIAL",38854,"CONECTOR/ADAPTADOR MOVEL, ROSCA FEMEA, METALICA, COM ANEL DESLIZANTE, DN 16 MM X 3/4\", PARA TUBO PEX PARA INST. AGUA QUENTE/FRIA","UN","CR",0,0,0,0]
["MATERIAL",3104,"CONJ. DE FERRAGENS PARA PORTA DE VIDRO TEMPERADO, EM ZAMAC CROMADO, CONTEMPLANDO DOBRADICA INF., DOBRADICA SUP., PIVO PARA DOBRADICA INF., PIVO PARA DOBRADICA SUP., FECHADURA CENTRAL EM ZAMC. CROMADO, CONTRA FECHADURA DE PRESSAO","CJ","CR",197.02,156.97999999999999,180.26,161.34]
["MATERIAL",1607,"CONJUNTO ARRUELAS DE VEDACAO 5/16\" PARA TELHA FIBROCIMENTO (UMA ARRUELA METALICA E UMA ARRUELA PVC - CONICAS)","CJ","CR",0.19,0.22,0,0.25]
["MATERIAL",38169,"CONJUNTO DE FERRAGENS PIVO, PARA PORTA PIVOTANTE DE ATE 100 KG, REGULAVEL COM ESFERA, CROMADO - SUPERIOR E INFERIOR - COMPLETO","CJ","CR",90.11,94.85,79,88.53]
["MATERIAL",6142,"CONJUNTO DE LIGACAO AJUSTAVEL, PARA VASO / BACIA SANITARIA, EM PLASTICO BRANCO, COM TUBO, CANOPLA E ESPUDE","UN","CR",9.44,8.66,8.1300000000000008,9.5500000000000007]
["MATERIAL",11686,"CONJUNTO DE LIGACAO PARA VASO / BACIA SANITARIA, EM PLASTICO BRANCO, COM TUBO, CANOPLA E ANEL DE EXPANSAO (TUBO 1.1/2\" X 20 CM)","UN","CR",13.1,12.02,11.29,13.26]
["MATERIAL",37598,"CONJUNTO MONTADO ESTOPIM COM ESPOLETA COMUM NUMERO 8, COM CABECA ACENDEDORA, 1,5 M","UN","CR",0,0,0,0]
["MATERIAL",25398,"CONJUNTO PARA FUTSAL COM PAR DE TRAVES OFICIAIS DE 3,00 X 2,00 M EM TUBO DE ACO GALVANIZADO 3\" COM REQUADROS EM TUBO DE 1\", PINTURA EM PRIMER COM TINTA ESMALTE SINTETICO E REDES DE POLIETILENO FIO 4 MM","UN","CR",0,0,0,0]
["MATERIAL",25399,"CONJUNTO PARA QUADRA DE VOLEI COM POSTES EM TUBO DE ACO GALVANIZADO 3\", H = *255* CM, PINTURA EM TINTA ESMALTE SINTETICO, REDE DE NYLON COM 2 MM, MALHA 10 X 10 CM E ANTENAS OFICIAIS EM FIBRA DE VIDRO","UN","CR",0,0,0,0]
["MATERIAL",43440,"CONJUNTO PRE-MOLDADO COMPOSTO POR GRELHA (0,99 X 0,45 M), QUADRO (1,10 X 0,52 M) E CANTONEIRA (1,10 X 0,35 M), EM CONCRETO ARMADO, COM FCK DE 21 MPA","UN","CR",0,446.47,485.02,476.91]
["EQUIPAMENTO (AQUISIÇÃO)",10667,"CONTAINER ALMOXARIFADO, DE *2,40* X *6,00* M, PADRAO SIMPLES, SEM REVESTIMENTO E SEM DIVISORIAS INTERNOS E SEM SANITARIO, PARA USO EM CANTEIRO DE OBRAS","UN","C",0,0,0,27000]
["MATERIAL",1613,"CONTATOR TRIPOLAR, CORRENTE DE *110* A, TENSAO NOMINAL DE *500* V, CATEGORIA AC-2 E AC-3","UN","CR",1040.76,0,1869.64,2218.39]
["MATERIAL",1626,"CONTATOR TRIPOLAR, CORRENTE DE *185* A, TENSAO NOMINAL DE *500* V, CATEGORIA AC-2 E AC-3","UN","CR",1556.59,0,2796.27,3317.87]
["MATERIAL",1625,"CONTATOR TRIPOLAR, CORRENTE DE *22* A, TENSAO NOMINAL DE *500* V, CATEGORIA AC-2 E AC-3","UN","CR",108.72,0,195.31,231.74]
["MATERIAL",1622,"CONTATOR TRIPOLAR, CORRENTE DE *265* A, TENSAO NOMINAL DE *500* V, CATEGORIA AC-2 E AC-3","UN","CR",3512.59,0,6310.04,7487.07]
["MATERIAL",1620,"CONTATOR TRIPOLAR, CORRENTE DE *38* A, TENSAO NOMINAL DE *500* V, CATEGORIA AC-2 E AC-3","UN","CR",229.02,0,411.42,488.17]
["MATERIAL",1629,"CONTATOR TRIPOLAR, CORRENTE DE *500* A, TENSAO NOMINAL DE *500* V, CATEGORIA AC-2 E AC-3","UN","CR",8548.7999999999993,0,15357.14,18221.759999999998]
["MATERIAL",1627,"CONTATOR TRIPOLAR, CORRENTE DE *65* A, TENSAO NOMINAL DE *500* V, CATEGORIA AC-2 E AC-3","UN","CR",437.77,0,786.42,933.12]
["MATERIAL",1623,"CONTATOR TRIPOLAR, CORRENTE DE 12 A, TENSAO NOMINAL DE *500* V, CATEGORIA AC-2 E AC-3","UN","CR",88.66,0,159.28,188.99]
["MATERIAL",1619,"CONTATOR TRIPOLAR, CORRENTE DE 25 A, TENSAO NOMINAL DE *500* V, CATEGORIA AC-2 E AC-3","UN","CR",121.96,0,219.1,259.97000000000003]
["MATERIAL",1630,"CONTATOR TRIPOLAR, CORRENTE DE 250 A, TENSAO NOMINAL DE *500* V, PARA ACIONAMENTO DE CAPACITORES","UN","CR",2685.44,0,4824.16,5724.02]
["MATERIAL",1616,"CONTATOR TRIPOLAR, CORRENTE DE 300 A, TENSAO NOMINAL DE *500* V, CATEGORIA AC-2 E AC-3","UN","CR",4130.26,0,7419.64,8803.65]
["MATERIAL",1614,"CONTATOR TRIPOLAR, CORRENTE DE 32 A, TENSAO NOMINAL DE *500* V, CATEGORIA AC-2 E AC-3","UN","CR",188.76,0,339.1,402.36]
["MATERIAL",1617,"CONTATOR TRIPOLAR, CORRENTE DE 400 A, TENSAO NOMINAL DE *500* V, CATEGORIA AC-2 E AC-3","UN","CR",4930.6400000000003,0,8857.44,10509.65]
["MATERIAL",1621,"CONTATOR TRIPOLAR, CORRENTE DE 45 A, TENSAO NOMINAL DE *500* V, CATEGORIA AC-2 E AC-3","UN","CR",337.6,0,606.48,719.61]
["MATERIAL",1624,"CONTATOR TRIPOLAR, CORRENTE DE 630 A, TENSAO NOMINAL DE *500* V, CATEGORIA AC-2 E AC-3","UN","CR",12119.76,0,21772.02,25833.23]
["MATERIAL",1615,"CONTATOR TRIPOLAR, CORRENTE DE 75 A, TENSAO NOMINAL DE *500* V, CATEGORIA AC-2 E AC-3","UN","CR",633.97,0,1138.8699999999999,1351.31]
["MATERIAL",1612,"CONTATOR TRIPOLAR, CORRENTE DE 9 A, TENSAO NOMINAL DE *500* V, CATEGORIA AC-2 E AC-3","UN","C",83.5,0,150,177.98]
["MATERIAL",1618,"CONTATOR TRIPOLAR, CORRENTE DE 95 A, TENSAO NOMINAL DE *500* V, CATEGORIA AC-2 E AC-3","UN","CR",871.17,0,1564.98,1856.9]
["MATERIAL",14211,"CONTRA-PORCA SEXTAVADA, DIAMETRO NOMINAL 1 3/8\", ALTURA 35 MM","UN","CR",0,0,0,57.53]
["MATERIAL",43657,"CONTRAMARCO DE ALUMINIO (PERFIL 25) PARA ESQUADRIAS, TIPO CONVENCIONAL / CADEIRINHA, 60 MM (CM-060), INCLUSO CONEXOES, GRAPAS E TRAVAMENTOS","M","CR",0,0,0,6.34]
["MATERIAL",38200,"CORDA DE POLIAMIDA 12 MM TIPO BOMBEIRO, PARA TRABALHO EM ALTURA","100M","CR",348.48,477.34,397.12,393.71]
["MATERIAL",39269,"CORDAO DE COBRE, FLEXIVEL, TORCIDO, CLASSE 4 OU 5, ISOLACAO EM PVC/D, 300 V, 2 CONDUTORES DE 0,5 MM2","M","CR",1.45,1.58,1.66,1.43]
["MATERIAL",11889,"CORDAO DE COBRE, FLEXIVEL, TORCIDO, CLASSE 4 OU 5, ISOLACAO EM PVC/D, 300 V, 2 CONDUTORES DE 0,75 MM2","M","CR",1.99,2.1800000000000002,2.29,1.97]
["MATERIAL",39270,"CORDAO DE COBRE, FLEXIVEL, TORCIDO, CLASSE 4 OU 5, ISOLACAO EM PVC/D, 300 V, 2 CONDUTORES DE 1,0 MM2","M","CR",2.58,2.83,2.97,2.56]
["MATERIAL",11890,"CORDAO DE COBRE, FLEXIVEL, TORCIDO, CLASSE 4 OU 5, ISOLACAO EM PVC/D, 300 V, 2 CONDUTORES DE 1,5 MM2","M","CR",3.52,3.85,4.04,3.48]
["MATERIAL",11891,"CORDAO DE COBRE, FLEXIVEL, TORCIDO, CLASSE 4 OU 5, ISOLACAO EM PVC/D, 300 V, 2 CONDUTORES DE 2,5 MM2","M","CR",5.7,6.24,6.56,5.64]
["MATERIAL",11892,"CORDAO DE COBRE, FLEXIVEL, TORCIDO, CLASSE 4 OU 5, ISOLACAO EM PVC/D, 300 V, 2 CONDUTORES DE 4 MM2","M","CR",9.32,10.210000000000001,10.72,9.23]
["MATERIAL",37601,"CORDEL DETONANTE, NP 05 G/M","M","CR",0,0,0,0]
["MATERIAL",1634,"CORDEL DETONANTE, NP 10 G/M","M","CR",0,0,0,0]
["EQUIPAMENTO (AQUISIÇÃO)",44274,"COROA PARA PERFURATRIZ T38, D = 2 1/2\", 6 X 4 BOTOES BALISTICOS, FACE PLANA","UN","CR",0,0,0,695.98]
["MATERIAL",5086,"CORRENTE DE ELO CURTO COMUM, SOLDADA, GALVANIZADA, ESPESSURA DO ELO = 1/2\" (12,5 MM)","KG","CR",37.299999999999997,39.270000000000003,32.71,36.65]
["MATERIAL",45244,"CORTA-TUBOS COM CAPACIDADE DE 6 A 42 MM","UN","CR",108.16,134.91999999999999,105.39,117.28]
["EQUIPAMENTO (AQUISIÇÃO)",11280,"CORTADEIRA DE PISO DE CONCRETO E ASFALTO, PARA DISCO PADRAO DE DIAMETRO 350 MM (14\") OU 450 MM (18\"), MOTOR A GASOLINA, POTENCIA 13 HP, SEM DISCO","UN","CR",0,9914.15,0,6917.1]
["EQUIPAMENTO (AQUISIÇÃO)",40519,"CORTADEIRA HIDRAULICA DE VERGALHAO, PARA ACO DE DIAMETRO ATE 50 MM, MOTOR ELETRICO TRIFASICO, POTENCIA DE 5,5 HP A 7,5 HP","UN","CR",0,225914.28,0,157620.29]
["MATERIAL",3446,"COTOVELO 45 GRAUS DE FERRO GALVANIZADO, COM ROSCA BSP, DE 1 1/2\"","UN","CR",0,34.75,0,35.86]
["MATERIAL",3445,"COTOVELO 45 GRAUS DE FERRO GALVANIZADO, COM ROSCA BSP, DE 1 1/4\"","UN","CR",0,28.37,0,29.28]
["MATERIAL",3444,"COTOVELO 45 GRAUS DE FERRO GALVANIZADO, COM ROSCA BSP, DE 1\"","UN","CR",0,17.46,0,18.02]
["MATERIAL",3441,"COTOVELO 45 GRAUS DE FERRO GALVANIZADO, COM ROSCA BSP, DE 1/2\"","UN","CR",0,8.01,0,8.26]
["MATERIAL",12402,"COTOVELO 45 GRAUS DE FERRO GALVANIZADO, COM ROSCA BSP, DE 2 1/2\"","UN","CR",0,97.68,0,100.8]
["MATERIAL",3447,"COTOVELO 45 GRAUS DE FERRO GALVANIZADO, COM ROSCA BSP, DE 2\"","UN","CR",0,50.53,0,52.15]
["MATERIAL",3448,"COTOVELO 45 GRAUS DE FERRO GALVANIZADO, COM ROSCA BSP, DE 3\"","UN","CR",0,142.81,0,147.38]
["MATERIAL",3442,"COTOVELO 45 GRAUS DE FERRO GALVANIZADO, COM ROSCA BSP, DE 3/4\"","UN","CR",0,11.97,0,12.36]
["MATERIAL",3449,"COTOVELO 45 GRAUS DE FERRO GALVANIZADO, COM ROSCA BSP, DE 4\"","UN","CR",0,250.23,0,258.24]
["MATERIAL",37438,"COTOVELO 45 GRAUS, PEAD PE 100, DE 125 MM, PARA ELETROFUSAO","UN","CR",0,0,0,0]
["MATERIAL",37439,"COTOVELO 45 GRAUS, PEAD PE 100, DE 200 MM, PARA ELETROFUSAO","UN","CR",0,0,0,0]
["MATERIAL",37435,"COTOVELO 45 GRAUS, PEAD PE 100, DE 32 MM, PARA ELETROFUSAO","UN","CR",0,0,0,0]
["MATERIAL",37436,"COTOVELO 45 GRAUS, PEAD PE 100, DE 40 MM, PARA ELETROFUSAO","UN","CR",0,0,0,0]
["MATERIAL",37437,"COTOVELO 45 GRAUS, PEAD PE 100, DE 63 MM, PARA ELETROFUSAO","UN","CR",0,0,0,0]
["MATERIAL",3473,"COTOVELO 90 GRAUS DE FERRO GALVANIZADO, COM ROSCA BSP MACHO/FEMEA, DE 1 1/2\"","UN","CR",0,39.29,0,40.549999999999997]
["MATERIAL",3474,"COTOVELO 90 GRAUS DE FERRO GALVANIZADO, COM ROSCA BSP MACHO/FEMEA, DE 1 1/4\"","UN","CR",0,32.39,0,33.42]
["MATERIAL",3443,"COTOVELO 90 GRAUS DE FERRO GALVANIZADO, COM ROSCA BSP MACHO/FEMEA, DE 1\"","UN","CR",0,20.149999999999999,0,20.79]
["MATERIAL",3450,"COTOVELO 90 GRAUS DE FERRO GALVANIZADO, COM ROSCA BSP MACHO/FEMEA, DE 1/2\"","UN","CR",0,9.39,0,9.69]
["MATERIAL",3453,"COTOVELO 90 GRAUS DE FERRO GALVANIZADO, COM ROSCA BSP MACHO/FEMEA, DE 2 1/2\"","UN","CR",0,114.68,0,118.35]
["MATERIAL",3452,"COTOVELO 90 GRAUS DE FERRO GALVANIZADO, COM ROSCA BSP MACHO/FEMEA, DE 2\"","UN","CR",0,56.61,0,58.42]
["MATERIAL",3454,"COTOVELO 90 GRAUS DE FERRO GALVANIZADO, COM ROSCA BSP MACHO/FEMEA, DE 3\"","UN","CR",0,174.43,0,180.01]
["MATERIAL",3451,"COTOVELO 90 GRAUS DE FERRO GALVANIZADO, COM ROSCA BSP MACHO/FEMEA, DE 3/4\"","UN","CR",0,11.23,0,11.59]
["MATERIAL",3458,"COTOVELO 90 GRAUS DE FERRO GALVANIZADO, COM ROSCA BSP, DE 1 1/2\"","UN","CR",0,31.49,0,32.5]
["MATERIAL",3457,"COTOVELO 90 GRAUS DE FERRO GALVANIZADO, COM ROSCA BSP, DE 1 1/4\"","UN","CR",0,23.64,0,24.4]
["MATERIAL",3472,"COTOVELO 90 GRAUS DE FERRO GALVANIZADO, COM ROSCA BSP, DE 1\"","UN","CR",0,15.08,0,15.57]
["MATERIAL",3455,"COTOVELO 90 GRAUS DE FERRO GALVANIZADO, COM ROSCA BSP, DE 1/2\"","UN","CR",0,6.71,0,6.93]
["MATERIAL",3470,"COTOVELO 90 GRAUS DE FERRO GALVANIZADO, COM ROSCA BSP, DE 2 1/2\"","UN","CR",0,87.94,0,90.75]
["MATERIAL",3471,"COTOVELO 90 GRAUS DE FERRO GALVANIZADO, COM ROSCA BSP, DE 2\"","UN","CR",0,48.32,0,49.87]
["MATERIAL",3459,"COTOVELO 90 GRAUS DE FERRO GALVANIZADO, COM ROSCA BSP, DE 3\"","UN","CR",0,124.04,0,128.01]
["MATERIAL",3456,"COTOVELO 90 GRAUS DE FERRO GALVANIZADO, COM ROSCA BSP, DE 3/4\"","UN","CR",0,10.050000000000001,0,10.37]
["MATERIAL",3469,"COTOVELO 90 GRAUS DE FERRO GALVANIZADO, COM ROSCA BSP, DE 4\"","UN","CR",0,235.89,0,243.44]
["MATERIAL",3460,"COTOVELO 90 GRAUS DE FERRO GALVANIZADO, COM ROSCA BSP, DE 5\"","UN","CR",0,344.2,0,355.21]
["MATERIAL",3461,"COTOVELO 90 GRAUS DE FERRO GALVANIZADO, COM ROSCA BSP, DE 6\"","UN","CR",0,879.75,0,907.89]
["MATERIAL",37433,"COTOVELO 90 GRAUS, PEAD PE 100, DE 125 MM, PARA ELETROFUSAO","UN","CR",0,0,0,0]
["MATERIAL",37430,"COTOVELO 90 GRAUS, PEAD PE 100, DE 20 MM, PARA ELETROFUSAO","UN","CR",0,0,0,0]
["MATERIAL",37434,"COTOVELO 90 GRAUS, PEAD PE 100, DE 200 MM, PARA ELETROFUSAO","UN","CR",0,0,0,0]
["MATERIAL",37431,"COTOVELO 90 GRAUS, PEAD PE 100, DE 32 MM, PARA ELETROFUSAO","UN","CR",0,0,0,0]
["MATERIAL",37432,"COTOVELO 90 GRAUS, PEAD PE 100, DE 63 MM, PARA ELETROFUSAO","UN","CR",0,0,0,0]
["MATERIAL",39869,"COTOVELO BRONZE/LATAO SEM ANEL DE SOLDA, BOLSA X ROSCA F, 15MM X 1/2\"","UN","CR",0,0,23.66,0]
["MATERIAL",39870,"COTOVELO BRONZE/LATAO SEM ANEL DE SOLDA, BOLSA X ROSCA F, 22MM X 1/2\"","UN","CR",0,0,36.19,0]
["MATERIAL",39871,"COTOVELO BRONZE/LATAO SEM ANEL DE SOLDA, BOLSA X ROSCA F, 22MM X 3/4\"","UN","CR",0,0,40.57,0]
["MATERIAL",12722,"COTOVELO DE COBRE 90 GRAUS SEM ANEL DE SOLDA, BOLSA X BOLSA, 104 MM","UN","CR",0,0,1357.43,0]
["MATERIAL",12714,"COTOVELO DE COBRE 90 GRAUS SEM ANEL DE SOLDA, BOLSA X BOLSA, 15 MM","UN","CR",0,0,8.86,0]
["MATERIAL",12715,"COTOVELO DE COBRE 90 GRAUS SEM ANEL DE SOLDA, BOLSA X BOLSA, 22 MM","UN","CR",0,0,20,0]
["MATERIAL",12716,"COTOVELO DE COBRE 90 GRAUS SEM ANEL DE SOLDA, BOLSA X BOLSA, 28 MM","UN","CR",0,0,34.36,0]
["MATERIAL",12717,"COTOVELO DE COBRE 90 GRAUS SEM ANEL DE SOLDA, BOLSA X BOLSA, 35 MM","UN","CR",0,0,67.53,0]
["MATERIAL",12718,"COTOVELO DE COBRE 90 GRAUS SEM ANEL DE SOLDA, BOLSA X BOLSA, 42 MM","UN","CR",0,0,103.64,0]
["MATERIAL",12719,"COTOVELO DE COBRE 90 GRAUS SEM ANEL DE SOLDA, BOLSA X BOLSA, 54 MM","UN","CR",0,0,164.53,0]
["MATERIAL",12720,"COTOVELO DE COBRE 90 GRAUS SEM ANEL DE SOLDA, BOLSA X BOLSA, 66 MM","UN","CR",0,0,572.88,0]
["MATERIAL",12721,"COTOVELO DE COBRE 90 GRAUS SEM ANEL DE SOLDA, BOLSA X BOLSA, 79 MM","UN","CR",0,0,549.35,0]
["MATERIAL",3468,"COTOVELO DE REDUCAO 90 GRAUS DE FERRO GALVANIZADO, COM ROSCA BSP, DE 1 1/2\" X 1\"","UN","CR",0,41.11,0,42.42]
["MATERIAL",3465,"COTOVELO DE REDUCAO 90 GRAUS DE FERRO GALVANIZADO, COM ROSCA BSP, DE 1 1/2\" X 3/4\"","UN","CR",0,41.09,0,42.41]
["MATERIAL",12403,"COTOVELO DE REDUCAO 90 GRAUS DE FERRO GALVANIZADO, COM ROSCA BSP, DE 1 1/4\" X 1\"","UN","CR",0,29.29,0,30.23]
["MATERIAL",3463,"COTOVELO DE REDUCAO 90 GRAUS DE FERRO GALVANIZADO, COM ROSCA BSP, DE 1\" X 1/2\"","UN","CR",0,17.11,0,17.66]
["MATERIAL",3464,"COTOVELO DE REDUCAO 90 GRAUS DE FERRO GALVANIZADO, COM ROSCA BSP, DE 1\" X 3/4\"","UN","CR",0,17.11,0,17.66]
["MATERIAL",3466,"COTOVELO DE REDUCAO 90 GRAUS DE FERRO GALVANIZADO, COM ROSCA BSP, DE 2 1/2\" X 2\"","UN","CR",0,104.37,0,107.71]
["MATERIAL",3467,"COTOVELO DE REDUCAO 90 GRAUS DE FERRO GALVANIZADO, COM ROSCA BSP, DE 2\" X 1 1/2\"","UN","CR",0,58.94,0,60.83]
["MATERIAL",3462,"COTOVELO DE REDUCAO 90 GRAUS DE FERRO GALVANIZADO, COM ROSCA BSP, DE 3/4\" X 1/2\"","UN","CR",0,11.29,0,11.65]
["MATERIAL",37416,"COTOVELO/JOELHO 90 GRAUS, EM POLIPROPILENO, PN 16, PARA TUBOS PEAD, 20 X 20 MM - LIGACAO PREDIAL DE AGUA","UN","CR",0,0,0,5.38]
["MATERIAL",37417,"COTOVELO/JOELHO 90 GRAUS, EM POLIPROPILENO, PN 16, PARA TUBOS PEAD, 32 X 32 MM - LIGACAO PREDIAL DE AGUA","UN","CR",0,0,0,7.74]
["MATERIAL",37413,"COTOVELO/JOELHO COM ADAPTADOR, 90 GRAUS, EM POLIPROPILENO, PN 16, PARA TUBOS PEAD, 20 MM X 1/2\" - LIGACAO PREDIAL DE AGUA","UN","CR",0,0,0,5.75]
["MATERIAL",37414,"COTOVELO/JOELHO COM ADAPTADOR, 90 GRAUS, EM POLIPROPILENO, PN 16, PARA TUBOS PEAD, 20 MM X 3/4\" - LIGACAO PREDIAL DE AGUA","UN","CR",0,0,0,6.53]
["MATERIAL",37415,"COTOVELO/JOELHO COM ADAPTADOR, 90 GRAUS, EM POLIPROPILENO, PN 16, PARA TUBOS PEAD, 32 MM X 1\" - LIGACAO PREDIAL DE AGUA","UN","CR",0,0,0,11.87]
["MATERIAL",43590,"CREMONA RETANGULAR INJETADA LISA COM CHAVE, COM CASTANHA / ALCA, EM LATAO, COM ACABAMENTO CROMADO, DE SOBREPOR / EMBUTIR","UN","CR",173.43,182.56,152.05000000000001,170.38]
["MATERIAL",43589,"CREMONA RETANGULAR INJETADA LISA, COM CASTANHA / ALCA, EM LATAO, COM ACABAMENTO CROMADO, DE SOBREPOR / EMBUTIR","UN","CR",31.37,33.03,27.51,30.82]
["MATERIAL",34519,"CRUZETA DE CONCRETO LEVE, COMP. 2000 MM SECAO, 90 X 90 MM","UN","CR",0,0,0,124.57]
["MATERIAL",1649,"CRUZETA DE FERRO GALVANIZADO, COM ROSCA BSP, DE 1 1/2\"","UN","CR",0,74.27,0,76.64]
["MATERIAL",1653,"CRUZETA DE FERRO GALVANIZADO, COM ROSCA BSP, DE 1 1/4\"","UN","CR",0,58.17,0,60.03]
["MATERIAL",1648,"CRUZETA DE FERRO GALVANIZADO, COM ROSCA BSP, DE 1\"","UN","CR",0,40,0,41.28]
["MATERIAL",1647,"CRUZETA DE FERRO GALVANIZADO, COM ROSCA BSP, DE 1/2\"","UN","CR",0,20.83,0,21.5]
["MATERIAL",1651,"CRUZETA DE FERRO GALVANIZADO, COM ROSCA BSP, DE 2 1/2\"","UN","CR",0,185.56,0,191.5]
["MATERIAL",1650,"CRUZETA DE FERRO GALVANIZADO, COM ROSCA BSP, DE 2\"","UN","CR",0,102.57,0,105.85]
["MATERIAL",1652,"CRUZETA DE FERRO GALVANIZADO, COM ROSCA BSP, DE 3\"","UN","CR",0,266.33,0,274.85000000000002]
["MATERIAL",1654,"CRUZETA DE FERRO GALVANIZADO, COM ROSCA BSP, DE 3/4\"","UN","CR",0,28.59,0,29.51]
["MATERIAL",10510,"CRUZETA DE MADEIRA TRATADA, *90 X 115 X 2400* MM, EM EUCALIPTO OU EQUIVALENTE DA REGIAO","UN","CR",164.07,0,146.97999999999999,126.22]
["MATERIAL",1744,"CUBA ACO INOX (AISI 304) DE EMBUTIR COM VALVULA 3 1/2\", DE *40 X 34 X 12* CM","UN","CR",122.69,145.65,138.07,153.29]
["MATERIAL",1743,"CUBA ACO INOX (AISI 304) DE EMBUTIR COM VALVULA 3 1/2\", DE *46 X 30 X 12* CM","UN","CR",161.11000000000001,191.26,181.31,201.3]
["MATERIAL",1747,"CUBA ACO INOX (AISI 304) DE EMBUTIR COM VALVULA DE 3 1/2\", DE *56 X 33 X 12* CM","UN","CR",177.13,210.27,199.34,221.31]
["MATERIAL",39640,"CUMEEIRA ARTICULADA (ABA INFERIOR) PARA TELHA ONDULADA DE FIBROCIMENTO E = 4 MM, ABA *330* MM, COMPRIMENTO 500 MM (SEM AMIANTO)","UN","CR",13.05,17.899999999999999,9.93,10.98]
["MATERIAL",7216,"CUMEEIRA NORMAL PARA TELHA ESTRUTURAL DE FIBROCIMENTO 2 ABAS, E = 6 MM, DE 1050 X 935 MM (SEM AMIANTO)","UN","CR",70.099999999999994,96.16,53.36,58.99]
["MATERIAL",20235,"CUMEEIRA NORMAL PARA TELHA ONDULADA DE FIBROCIMENTO, E = 6 MM, ABA 300 MM, COMPRIMENTO 1100 MM (SEM AMIANTO)","UN","CR",56.36,77.31,42.9,47.43]
["MATERIAL",7181,"CUMEEIRA PARA TELHA CERAMICA, COMPRIMENTO DE *41* CM, RENDIMENTO DE *3* TELHAS/M","UN","CR",4.66,3.88,4.32,6.83]
["MATERIAL",40742,"CUMEEIRA PARA TELHA DE CONCRETO, PARA 2 AGUAS DE TELHADO, COR CINZA, RENDIMENTO DE *3* TELHAS/M","UN","CR",11.78,13.09,13.43,12.64]
["MATERIAL",7214,"CUMEEIRA SHED PARA TELHA ONDULADA DE FIBROCIMENTO, E = 6 MM, ABA 280 MM, COMPRIMENTO 1100 MM (SEM AMIANTO)","UN","CR",68.45,93.9,52.11,57.61]
["MATERIAL",7219,"CUMEEIRA UNIVERSAL PARA TELHA ONDULADA DE FIBROCIMENTO, E = 6 MM, ABA 210 MM, COMPRIMENTO 1100 MM (SEM AMIANTO)","UN","CR",60.71,83.29,46.22,51.1]
["MATERIAL",2628,"CURVA 135 GRAUS PARA ELETRODUTO, EM ACO GALVANIZADO ELETROLITICO, COM ROSCA, DIAMETRO DE 100 MM (4\")","UN","CR",184.28,132.43,174.56,273.51]
["MATERIAL",2622,"CURVA 135 GRAUS PARA ELETRODUTO, EM ACO GALVANIZADO ELETROLITICO, COM ROSCA, DIAMETRO DE 15 MM (1/2\"), ESPESSURA DE 1,50 MM","UN","CR",4.37,3.14,4.1399999999999997,6.49]
["MATERIAL",2623,"CURVA 135 GRAUS PARA ELETRODUTO, EM ACO GALVANIZADO ELETROLITICO, COM ROSCA, DIAMETRO DE 20 MM (3/4\"), ESPESSURA DE 1,50 MM","UN","CR",5.26,3.78,4.99,7.82]
["MATERIAL",2624,"CURVA 135 GRAUS PARA ELETRODUTO, EM ACO GALVANIZADO ELETROLITICO, COM ROSCA, DIAMETRO DE 25 MM (1\"), ESPESSURA DE 1,50 MM","UN","CR",8.3699999999999992,6.02,7.93,12.43]
["MATERIAL",2625,"CURVA 135 GRAUS PARA ELETRODUTO, EM ACO GALVANIZADO ELETROLITICO, COM ROSCA, DIAMETRO DE 32 MM (1 1/4\"), ESPESSURA DE 1,50 MM","UN","CR",17.68,12.7,16.75,26.24]
["MATERIAL",2626,"CURVA 135 GRAUS PARA ELETRODUTO, EM ACO GALVANIZADO ELETROLITICO, COM ROSCA, DIAMETRO DE 40 MM (1 1/2\"), ESPESSURA DE 1,50 MM","UN","CR",25.91,18.62,24.54,38.450000000000003]
["MATERIAL",2630,"CURVA 135 GRAUS PARA ELETRODUTO, EM ACO GALVANIZADO ELETROLITICO, COM ROSCA, DIAMETRO DE 50 MM (2\")","UN","CR",39.4,28.32,37.32,58.48]
["MATERIAL",2627,"CURVA 135 GRAUS PARA ELETRODUTO, EM ACO GALVANIZADO ELETROLITICO, COM ROSCA, DIAMETRO DE 65 MM (2 1/2\")","UN","CR",69.41,49.88,65.75,103.02]
["MATERIAL",2629,"CURVA 135 GRAUS PARA ELETRODUTO, EM ACO GALVANIZADO ELETROLITICO, COM ROSCA, DIAMETRO DE 80 MM (3\")","UN","CR",93.88,67.47,88.93,139.34]
["MATERIAL",1880,"CURVA 135 GRAUS, DE PVC RIGIDO ROSCAVEL, DE 1\", PARA ELETRODUTO","UN","CR",2.06,3.35,3.75,3.98]
["MATERIAL",39274,"CURVA 135 GRAUS, DE PVC RIGIDO ROSCAVEL, DE 3/4\", PARA ELETRODUTO","UN","CR",1.6,2.6,2.91,3.08]
["MATERIAL",12033,"CURVA 180 GRAUS, DE PVC RIGIDO ROSCAVEL, DE 1 1/2\", PARA ELETRODUTO","UN","CR",6.6,10.7,11.97,12.7]
["MATERIAL",40408,"CURVA 180 GRAUS, DE PVC RIGIDO ROSCAVEL, DE 1 1/4\", PARA ELETRODUTO","UN","CR",4.33,7.03,7.86,8.34]
["MATERIAL",39276,"CURVA 180 GRAUS, DE PVC RIGIDO ROSCAVEL, DE 1\", PARA ELETRODUTO","UN","CR",3.9,6.34,7.09,7.52]
["MATERIAL",40409,"CURVA 180 GRAUS, DE PVC RIGIDO ROSCAVEL, DE 1/2\", PARA ELETRODUTO","UN","CR",1.53,2.4900000000000002,2.78,2.95]
["MATERIAL",39277,"CURVA 180 GRAUS, DE PVC RIGIDO ROSCAVEL, DE 2\", PARA ELETRODUTO","UN","CR",10.54,17.11,19.13,20.3]
["MATERIAL",12034,"CURVA 180 GRAUS, DE PVC RIGIDO ROSCAVEL, DE 3/4\", PARA ELETRODUTO","UN","CR",2.99,4.8499999999999996,5.42,5.75]
["MATERIAL",39879,"CURVA 45 GRAUS DE COBRE SEM ANEL DE SOLDA, BOLSA X BOLSA, 15 MM","UN","CR",0,0,8.81,0]
["MATERIAL",39880,"CURVA 45 GRAUS DE COBRE SEM ANEL DE SOLDA, BOLSA X BOLSA, 22 MM","UN","CR",0,0,19.5,0]
["MATERIAL",39881,"CURVA 45 GRAUS DE COBRE SEM ANEL DE SOLDA, BOLSA X BOLSA, 28 MM","UN","CR",0,0,31.31,0]
["MATERIAL",39882,"CURVA 45 GRAUS DE COBRE SEM ANEL DE SOLDA, BOLSA X BOLSA, 35 MM","UN","CR",0,0,82.47,0]
["MATERIAL",39883,"CURVA 45 GRAUS DE COBRE SEM ANEL DE SOLDA, BOLSA X BOLSA, 42 MM","UN","CR",0,0,131.69,0]
["MATERIAL",39884,"CURVA 45 GRAUS DE COBRE SEM ANEL DE SOLDA, BOLSA X BOLSA, 54 MM","UN","CR",0,0,195.59,0]
["MATERIAL",39885,"CURVA 45 GRAUS DE COBRE SEM ANEL DE SOLDA, BOLSA X BOLSA, 66 MM","UN","CR",0,0,464.85,0]
["MATERIAL",1777,"CURVA 45 GRAUS DE FERRO GALVANIZADO, COM ROSCA BSP FEMEA, DE 1 1/2\"","UN","CR",0,80.08,0,82.64]
["MATERIAL",1819,"CURVA 45 GRAUS DE FERRO GALVANIZADO, COM ROSCA BSP FEMEA, DE 1 1/4\"","UN","CR",0,58.26,0,60.12]
["MATERIAL",1776,"CURVA 45 GRAUS DE FERRO GALVANIZADO, COM ROSCA BSP FEMEA, DE 1\"","UN","CR",0,47.4,0,48.92]
["MATERIAL",1775,"CURVA 45 GRAUS DE FERRO GALVANIZADO, COM ROSCA BSP FEMEA, DE 1/2\"","UN","CR",0,17.420000000000002,0,17.98]
["MATERIAL",1778,"CURVA 45 GRAUS DE FERRO GALVANIZADO, COM ROSCA BSP FEMEA, DE 2 1/2\"","UN","CR",0,193.83,0,200.03]
["MATERIAL",1818,"CURVA 45 GRAUS DE FERRO GALVANIZADO, COM ROSCA BSP FEMEA, DE 2\"","UN","CR",0,128.66,0,132.78]
["MATERIAL",1779,"CURVA 45 GRAUS DE FERRO GALVANIZADO, COM ROSCA BSP FEMEA, DE 3\"","UN","CR",0,281.89999999999998,0,290.92]
["MATERIAL",1820,"CURVA 45 GRAUS DE FERRO GALVANIZADO, COM ROSCA BSP FEMEA, DE 3/4\"","UN","CR",0,25.16,0,25.96]
["MATERIAL",1780,"CURVA 45 GRAUS DE FERRO GALVANIZADO, COM ROSCA BSP FEMEA, DE 4\"","UN","CR",0,581.15,0,599.74]
["MATERIAL",1783,"CURVA 45 GRAUS DE FERRO GALVANIZADO, COM ROSCA BSP MACHO/FEMEA, DE 1 1/2\"","UN","CR",0,61.44,0,63.41]
["MATERIAL",1782,"CURVA 45 GRAUS DE FERRO GALVANIZADO, COM ROSCA BSP MACHO/FEMEA, DE 1 1/4\"","UN","CR",0,48.58,0,50.14]
["MATERIAL",1781,"CURVA 45 GRAUS DE FERRO GALVANIZADO, COM ROSCA BSP MACHO/FEMEA, DE 1\"","UN","CR",0,31.65,0,32.67]
["MATERIAL",1817,"CURVA 45 GRAUS DE FERRO GALVANIZADO, COM ROSCA BSP MACHO/FEMEA, DE 1/2\"","UN","CR",0,14.47,0,14.94]
["MATERIAL",1784,"CURVA 45 GRAUS DE FERRO GALVANIZADO, COM ROSCA BSP MACHO/FEMEA, DE 2 1/2\"","UN","CR",0,173.51,0,179.06]
["MATERIAL",1810,"CURVA 45 GRAUS DE FERRO GALVANIZADO, COM ROSCA BSP MACHO/FEMEA, DE 2\"","UN","CR",0,96.24,0,99.31]
["MATERIAL",1812,"CURVA 45 GRAUS DE FERRO GALVANIZADO, COM ROSCA BSP MACHO/FEMEA, DE 3\"","UN","CR",0,242.94,0,250.71]
["MATERIAL",1811,"CURVA 45 GRAUS DE FERRO GALVANIZADO, COM ROSCA BSP MACHO/FEMEA, DE 3/4\"","UN","CR",0,20.82,0,21.48]
["MATERIAL",40386,"CURVA 45 GRAUS EM ACO CARBONO, SOLDAVEL, PRESSAO 3.000 LBS, DN 1 1/2\"","UN","CR",0,0,0,0]
["MATERIAL",40384,"CURVA 45 GRAUS EM ACO CARBONO, SOLDAVEL, PRESSAO 3.000 LBS, DN 1 1/4\"","UN","CR",0,0,0,0]
["MATERIAL",40423,"CURVA 45 GRAUS EM ACO CARBONO, SOLDAVEL, PRESSAO 3.000 LBS, DN 1\"","UN","CR",0,0,0,0]
["MATERIAL",40379,"CURVA 45 GRAUS EM ACO CARBONO, SOLDAVEL, PRESSAO 3.000 LBS, DN 1/2\"","UN","CR",0,0,0,0]
["MATERIAL",40389,"CURVA 45 GRAUS EM ACO CARBONO, SOLDAVEL, PRESSAO 3.000 LBS, DN 2 1/2\"","UN","CR",0,0,0,0]
["MATERIAL",40388,"CURVA 45 GRAUS EM ACO CARBONO, SOLDAVEL, PRESSAO 3.000 LBS, DN 2\"","UN","CR",0,0,0,0]
["MATERIAL",40391,"CURVA 45 GRAUS EM ACO CARBONO, SOLDAVEL, PRESSAO 3.000 LBS, DN 3\"","UN","CR",0,0,0,0]
["MATERIAL",40381,"CURVA 45 GRAUS EM ACO CARBONO, SOLDAVEL, PRESSAO 3.000 LBS, DN 3/4\"","UN","CR",0,0,0,0]
["MATERIAL",2609,"CURVA 45 GRAUS PARA ELETRODUTO, EM ACO GALVANIZADO ELETROLITICO, COM ROSCA, DIAMETRO DE 20 MM (3/4\"), ESPESSURA DE 1,50 MM","UN","CR",4.1100000000000003,2.95,3.89,6.1]
["MATERIAL",2634,"CURVA 45 GRAUS PARA ELETRODUTO, EM ACO GALVANIZADO ELETROLITICO, COM ROSCA, DIAMETRO DE 25 MM (1\"), ESPESSURA DE 1,50 MM","UN","CR",5.4,3.88,5.1100000000000003,8.01]
["MATERIAL",2611,"CURVA 45 GRAUS PARA ELETRODUTO, EM ACO GALVANIZADO ELETROLITICO, COM ROSCA, DIAMETRO DE 40 MM (1 1/2\"), ESPESSURA DE 1,50 MM","UN","CR",15.22,10.93,14.41,22.59]
["MATERIAL",40414,"CURVA 45 GRAUS RANHURADA EM FERRO FUNDIDO, DN 50 MM (2\")","UN","CR",0,0,0,0]
["MATERIAL",40416,"CURVA 45 GRAUS RANHURADA EM FERRO FUNDIDO, DN 65 MM (2 1/2\")","UN","CR",0,0,0,0]
["MATERIAL",40418,"CURVA 45 GRAUS RANHURADA EM FERRO FUNDIDO, DN 80 MM (3\")","UN","CR",0,0,0,0]
["MATERIAL",34359,"CURVA 90 GRAUS DE BARRA CHATA EM ALUMINIO 3/4\" X 1/4\" X 300 MM","UN","CR",0,0,0,17.07]
["MATERIAL",1789,"CURVA 90 GRAUS DE FERRO GALVANIZADO, COM ROSCA BSP FEMEA, DE 1 1/2\"","UN","CR",0,76.86,0,79.31]
["MATERIAL",1788,"CURVA 90 GRAUS DE FERRO GALVANIZADO, COM ROSCA BSP FEMEA, DE 1 1/4\"","UN","CR",0,61.61,0,63.58]
["MATERIAL",1787,"CURVA 90 GRAUS DE FERRO GALVANIZADO, COM ROSCA BSP FEMEA, DE 1\"","UN","CR",0,36.630000000000003,0,37.799999999999997]
["MATERIAL",1786,"CURVA 90 GRAUS DE FERRO GALVANIZADO, COM ROSCA BSP FEMEA, DE 1/2\"","UN","CR",0,15.3,0,15.78]
["MATERIAL",1791,"CURVA 90 GRAUS DE FERRO GALVANIZADO, COM ROSCA BSP FEMEA, DE 2 1/2\"","UN","CR",0,222.12,0,229.22]
["MATERIAL",1790,"CURVA 90 GRAUS DE FERRO GALVANIZADO, COM ROSCA BSP FEMEA, DE 2\"","UN","CR",0,127.99,0,132.09]
["MATERIAL",1792,"CURVA 90 GRAUS DE FERRO GALVANIZADO, COM ROSCA BSP FEMEA, DE 3\"","UN","CR",0,299.83,0,309.42]
["MATERIAL",1813,"CURVA 90 GRAUS DE FERRO GALVANIZADO, COM ROSCA BSP FEMEA, DE 3/4\"","UN","CR",0,24.28,0,25.05]
["MATERIAL",1793,"CURVA 90 GRAUS DE FERRO GALVANIZADO, COM ROSCA BSP FEMEA, DE 4\"","UN","CR",0,605.85,0,625.23]
["MATERIAL",1797,"CURVA 90 GRAUS DE FERRO GALVANIZADO, COM ROSCA BSP MACHO, DE 1 1/2\"","UN","CR",0,87.27,0,90.06]
["MATERIAL",1796,"CURVA 90 GRAUS DE FERRO GALVANIZADO, COM ROSCA BSP MACHO, DE 1 1/4\"","UN","CR",0,66.94,0,69.08]
["MATERIAL",1816,"CURVA 90 GRAUS DE FERRO GALVANIZADO, COM ROSCA BSP MACHO, DE 1\"","UN","CR",0,36.03,0,37.18]
["MATERIAL",1794,"CURVA 90 GRAUS DE FERRO GALVANIZADO, COM ROSCA BSP MACHO, DE 1/2\"","UN","CR",0,15.98,0,16.489999999999998]
["MATERIAL",1815,"CURVA 90 GRAUS DE FERRO GALVANIZADO, COM ROSCA BSP MACHO, DE 2 1/2\"","UN","CR",0,276.7,0,285.55]
["MATERIAL",1798,"CURVA 90 GRAUS DE FERRO GALVANIZADO, COM ROSCA BSP MACHO, DE 2\"","UN","CR",0,123.81,0,127.77]
["MATERIAL",1799,"CURVA 90 GRAUS DE FERRO GALVANIZADO, COM ROSCA BSP MACHO, DE 3\"","UN","CR",0,360.38,0,371.91]
["MATERIAL",1795,"CURVA 90 GRAUS DE FERRO GALVANIZADO, COM ROSCA BSP MACHO, DE 3/4\"","UN","CR",0,22.14,0,22.84]
["MATERIAL",1800,"CURVA 90 GRAUS DE FERRO GALVANIZADO, COM ROSCA BSP MACHO, DE 4\"","UN","CR",0,688.02,0,710.03]
["MATERIAL",1802,"CURVA 90 GRAUS DE FERRO GALVANIZADO, COM ROSCA BSP MACHO, DE 6\"","UN","CR",0,1721.02,0,1776.08]
["MATERIAL",1809,"CURVA 90 GRAUS DE FERRO GALVANIZADO, COM ROSCA BSP MACHO/FEMEA, DE 1 1/2\"","UN","CR",0,72.05,0,74.36]
["MATERIAL",1814,"CURVA 90 GRAUS DE FERRO GALVANIZADO, COM ROSCA BSP MACHO/FEMEA, DE 1 1/4\"","UN","CR",0,59.19,0,61.09]
["MATERIAL",1805,"CURVA 90 GRAUS DE FERRO GALVANIZADO, COM ROSCA BSP MACHO/FEMEA, DE 1\"","UN","CR",0,34.35,0,35.450000000000003]
["MATERIAL",1803,"CURVA 90 GRAUS DE FERRO GALVANIZADO, COM ROSCA BSP MACHO/FEMEA, DE 1/2\"","UN","CR",0,14.96,0,15.44]
["MATERIAL",1821,"CURVA 90 GRAUS DE FERRO GALVANIZADO, COM ROSCA BSP MACHO/FEMEA, DE 2 1/2\"","UN","CR",0,202.94,0,209.43]
["MATERIAL",1806,"CURVA 90 GRAUS DE FERRO GALVANIZADO, COM ROSCA BSP MACHO/FEMEA, DE 2\"","UN","CR",0,120.79,0,124.65]
["MATERIAL",1807,"CURVA 90 GRAUS DE FERRO GALVANIZADO, COM ROSCA BSP MACHO/FEMEA, DE 3\"","UN","CR",0,290.23,0,299.52]
["MATERIAL",1804,"CURVA 90 GRAUS DE FERRO GALVANIZADO, COM ROSCA BSP MACHO/FEMEA, DE 3/4\"","UN","CR",0,21.29,0,21.97]
["MATERIAL",1808,"CURVA 90 GRAUS DE FERRO GALVANIZADO, COM ROSCA BSP MACHO/FEMEA, DE 4\"","UN","CR",0,581.87,0,600.48]
["MATERIAL",40385,"CURVA 90 GRAUS EM ACO CARBONO, RAIO CURTO, SOLDAVEL, PRESSAO 3.000 LBS, DN 1 1/2\"","UN","CR",0,0,0,0]
["MATERIAL",40383,"CURVA 90 GRAUS EM ACO CARBONO, RAIO CURTO, SOLDAVEL, PRESSAO 3.000 LBS, DN 1 1/4\"","UN","CR",0,0,0,0]
["MATERIAL",40382,"CURVA 90 GRAUS EM ACO CARBONO, RAIO CURTO, SOLDAVEL, PRESSAO 3.000 LBS, DN 1\"","UN","CR",0,0,0,0]
["MATERIAL",40378,"CURVA 90 GRAUS EM ACO CARBONO, RAIO CURTO, SOLDAVEL, PRESSAO 3.000 LBS, DN 1/2\"","UN","CR",0,0,0,0]
["MATERIAL",40422,"CURVA 90 GRAUS EM ACO CARBONO, RAIO CURTO, SOLDAVEL, PRESSAO 3.000 LBS, DN 2 1/2\"","UN","CR",0,0,0,0]
["MATERIAL",40387,"CURVA 90 GRAUS EM ACO CARBONO, RAIO CURTO, SOLDAVEL, PRESSAO 3.000 LBS, DN 2\"","UN","CR",0,0,0,0]
["MATERIAL",40390,"CURVA 90 GRAUS EM ACO CARBONO, RAIO CURTO, SOLDAVEL, PRESSAO 3.000 LBS, DN 3\"","UN","CR",0,0,0,0]
["MATERIAL",40380,"CURVA 90 GRAUS EM ACO CARBONO, RAIO CURTO, SOLDAVEL, PRESSAO 3.000 LBS, DN 3/4\"","UN","CR",0,0,0,0]
["MATERIAL",2621,"CURVA 90 GRAUS PARA ELETRODUTO, EM ACO GALVANIZADO ELETROLITICO, COM ROSCA, DIAMETRO DE 100 MM (4\")","UN","CR",130.19999999999999,93.57,123.33,193.24]
["MATERIAL",2616,"CURVA 90 GRAUS PARA ELETRODUTO, EM ACO GALVANIZADO ELETROLITICO, COM ROSCA, DIAMETRO DE 15 MM (1/2\"), ESPESSURA DE 1,50 MM","UN","CR",3.68,2.64,3.49,5.47]
["MATERIAL",2633,"CURVA 90 GRAUS PARA ELETRODUTO, EM ACO GALVANIZADO ELETROLITICO, COM ROSCA, DIAMETRO DE 20 MM (3/4\"), ESPESSURA DE 1,50 MM","UN","CR",4.17,2.99,3.95,6.18]
["MATERIAL",2617,"CURVA 90 GRAUS PARA ELETRODUTO, EM ACO GALVANIZADO ELETROLITICO, COM ROSCA, DIAMETRO DE 25 MM (1\"), ESPESSURA DE 1,50 MM","UN","CR",5.66,4.07,5.36,8.41]
["MATERIAL",2618,"CURVA 90 GRAUS PARA ELETRODUTO, EM ACO GALVANIZADO ELETROLITICO, COM ROSCA, DIAMETRO DE 32 MM (1 1/4\"), ESPESSURA DE 1,50 MM","UN","CR",12.89,9.27,12.21,19.14]
["MATERIAL",2632,"CURVA 90 GRAUS PARA ELETRODUTO, EM ACO GALVANIZADO ELETROLITICO, COM ROSCA, DIAMETRO DE 40 MM (1 1/2\"), ESPESSURA DE 1,50 MM","UN","CR",15.73,11.3,14.9,23.35]
["MATERIAL",2631,"CURVA 90 GRAUS PARA ELETRODUTO, EM ACO GALVANIZADO ELETROLITICO, COM ROSCA, DIAMETRO DE 50 MM (2\")","UN","CR",23.09,16.59,21.87,34.28]
["MATERIAL",2619,"CURVA 90 GRAUS PARA ELETRODUTO, EM ACO GALVANIZADO ELETROLITICO, COM ROSCA, DIAMETRO DE 65 MM (2 1/2\")","UN","CR",58.47,42.02,55.39,86.79]
["MATERIAL",2620,"CURVA 90 GRAUS PARA ELETRODUTO, EM ACO GALVANIZADO ELETROLITICO, COM ROSCA, DIAMETRO DE 80 MM (3\")","UN","CR",76.77,55.17,72.72,113.94]
["MATERIAL",40413,"CURVA 90 GRAUS RANHURADA EM FERRO FUNDIDO, DN 50 MM (2\")","UN","CR",0,0,0,0]
["MATERIAL",40415,"CURVA 90 GRAUS RANHURADA EM FERRO FUNDIDO, DN 65 MM (2 1/2\")","UN","CR",0,0,0,0]
["MATERIAL",40417,"CURVA 90 GRAUS RANHURADA EM FERRO FUNDIDO, DN 80 MM (3\")","UN","CR",0,0,0,0]
["MATERIAL",39273,"CURVA 90 GRAUS, CURTA, DE PVC RIGIDO ROSCAVEL, DE 1\", PARA ELETRODUTO","UN","CR",2.25,3.66,4.09,4.34]
["MATERIAL",39271,"CURVA 90 GRAUS, CURTA, DE PVC RIGIDO ROSCAVEL, DE 1/2\", PARA ELETRODUTO","UN","CR",1.33,2.15,2.41,2.56]
["MATERIAL",39272,"CURVA 90 GRAUS, CURTA, DE PVC RIGIDO ROSCAVEL, DE 3/4\", PARA ELETRODUTO","UN","CR",1.63,2.65,2.96,3.14]
["MATERIAL",1875,"CURVA 90 GRAUS, LONGA, DE PVC RIGIDO ROSCAVEL, DE 1 1/2\", PARA ELETRODUTO","UN","CR",3.6,5.85,6.54,6.94]
["MATERIAL",1874,"CURVA 90 GRAUS, LONGA, DE PVC RIGIDO ROSCAVEL, DE 1 1/4\", PARA ELETRODUTO","UN","CR",2.98,4.83,5.4,5.73]
["MATERIAL",1884,"CURVA 90 GRAUS, LONGA, DE PVC RIGIDO ROSCAVEL, DE 1\", PARA ELETRODUTO","UN","CR",2.64,4.28,4.79,5.08]
["MATERIAL",1870,"CURVA 90 GRAUS, LONGA, DE PVC RIGIDO ROSCAVEL, DE 1/2\", PARA ELETRODUTO","UN","C",1.72,2.79,3.12,3.31]
["MATERIAL",1887,"CURVA 90 GRAUS, LONGA, DE PVC RIGIDO ROSCAVEL, DE 2 1/2\", PARA ELETRODUTO","UN","CR",14.95,24.26,27.13,28.78]
["MATERIAL",1876,"CURVA 90 GRAUS, LONGA, DE PVC RIGIDO ROSCAVEL, DE 2\", PARA ELETRODUTO","UN","CR",5.86,9.51,10.63,11.28]
["MATERIAL",1877,"CURVA 90 GRAUS, LONGA, DE PVC RIGIDO ROSCAVEL, DE 3\", PARA ELETRODUTO","UN","CR",14.97,24.29,27.16,28.82]
["MATERIAL",1879,"CURVA 90 GRAUS, LONGA, DE PVC RIGIDO ROSCAVEL, DE 3/4\", PARA ELETRODUTO","UN","CR",1.74,2.83,3.16,3.35]
["MATERIAL",1878,"CURVA 90 GRAUS, LONGA, DE PVC RIGIDO ROSCAVEL, DE 4\", PARA ELETRODUTO","UN","CR",30.08,48.8,54.57,57.9]
["MATERIAL",37971,"CURVA CPVC, 90 GRAUS, SOLDAVEL, 15 MM, PARA AGUA QUENTE","UN","CR",5.09,0,5.0999999999999996,5.58]
["MATERIAL",37972,"CURVA CPVC, 90 GRAUS, SOLDAVEL, 22 MM, PARA AGUA QUENTE","UN","CR",7.22,0,7.23,7.92]
["MATERIAL",37973,"CURVA CPVC, 90 GRAUS, SOLDAVEL, 28 MM, PARA AGUA QUENTE","UN","CR",13.57,0,13.59,14.88]
["MATERIAL",1926,"CURVA DE PVC 45 GRAUS, SOLDAVEL, 20 MM, COR MARROM, PARA AGUA FRIA PREDIAL","UN","CR",2.44,2.19,2.36,2.2400000000000002]
["MATERIAL",1927,"CURVA DE PVC 45 GRAUS, SOLDAVEL, 25 MM, COR MARROM, PARA AGUA FRIA PREDIAL","UN","CR",2.73,2.46,2.64,2.5099999999999998]
["MATERIAL",1923,"CURVA DE PVC 45 GRAUS, SOLDAVEL, 32 MM, COR MARROM, PARA AGUA FRIA PREDIAL","UN","CR",4.9800000000000004,4.4800000000000004,4.82,4.57]
["MATERIAL",1929,"CURVA DE PVC 45 GRAUS, SOLDAVEL, 40 MM, COR MARROM, PARA AGUA FRIA PREDIAL","UN","CR",6.04,5.43,5.85,5.55]
["MATERIAL",1930,"CURVA DE PVC 45 GRAUS, SOLDAVEL, 50 MM, COR MARROM, PARA AGUA FRIA PREDIAL","UN","CR",10.34,9.2899999999999991,10,9.49]
["MATERIAL",1924,"CURVA DE PVC 45 GRAUS, SOLDAVEL, 60 MM, COR MARROM, PARA AGUA FRIA PREDIAL","UN","CR",16.690000000000001,14.99,16.149999999999999,15.32]
["MATERIAL",1922,"CURVA DE PVC 45 GRAUS, SOLDAVEL, 75 MM, COR MARROM, PARA AGUA FRIA PREDIAL","UN","CR",34.51,31.01,33.39,31.68]
["MATERIAL",1953,"CURVA DE PVC 45 GRAUS, SOLDAVEL, 85 MM, COR MARROM, PARA AGUA FRIA PREDIAL","UN","CR",42.13,37.85,40.76,38.67]
["MATERIAL",1962,"CURVA DE PVC 90 GRAUS, SOLDAVEL, 110 MM, COR MARROM, PARA AGUA FRIA PREDIAL","UN","CR",204.67,183.9,198.04,187.87]
["MATERIAL",1955,"CURVA DE PVC 90 GRAUS, SOLDAVEL, 20 MM, COR MARROM, PARA AGUA FRIA PREDIAL","UN","CR",2.35,2.11,2.2799999999999998,2.16]
["MATERIAL",1956,"CURVA DE PVC 90 GRAUS, SOLDAVEL, 25 MM, COR MARROM, PARA AGUA FRIA PREDIAL","UN","CR",3.33,2.99,3.22,3.05]
["MATERIAL",1957,"CURVA DE PVC 90 GRAUS, SOLDAVEL, 32 MM, COR MARROM, PARA AGUA FRIA PREDIAL","UN","CR",7.2,6.47,6.96,6.61]
["MATERIAL",1958,"CURVA DE PVC 90 GRAUS, SOLDAVEL, 40 MM, COR MARROM, PARA AGUA FRIA PREDIAL","UN","CR",13.4,12.04,12.97,12.3]
["MATERIAL",1959,"CURVA DE PVC 90 GRAUS, SOLDAVEL, 50 MM, COR MARROM, PARA AGUA FRIA PREDIAL","UN","CR",14.54,13.07,14.07,13.35]
["MATERIAL",1925,"CURVA DE PVC 90 GRAUS, SOLDAVEL, 60 MM, COR MARROM, PARA AGUA FRIA PREDIAL","UN","CR",38.01,34.15,36.78,34.89]
["MATERIAL",1960,"CURVA DE PVC 90 GRAUS, SOLDAVEL, 75 MM, COR MARROM, PARA AGUA FRIA PREDIAL","UN","CR",58.36,52.44,56.47,53.57]
["MATERIAL",1961,"CURVA DE PVC 90 GRAUS, SOLDAVEL, 85 MM, COR MARROM, PARA AGUA FRIA PREDIAL","UN","CR",74.77,67.180000000000007,72.349999999999994,68.63]
["MATERIAL",38423,"CURVA DE PVC, 90 GRAUS, SERIE R, DN 100 MM, PARA ESGOTO PREDIAL","UN","CR",38.479999999999997,35.31,35.69,37.24]
["MATERIAL",39866,"CURVA DE TRANSPOSICAO BRONZE/LATAO SEM ANEL DE SOLDA, BOLSA X BOLSA, 15 MM","UN","CR",0,0,31.34,0]
["MATERIAL",39867,"CURVA DE TRANSPOSICAO BRONZE/LATAO SEM ANEL DE SOLDA, BOLSA X BOLSA, 22 MM","UN","CR",0,0,69.67,0]
["MATERIAL",39868,"CURVA DE TRANSPOSICAO BRONZE/LATAO SEM ANEL DE SOLDA, BOLSA X BOLSA, 28 MM","UN","CR",0,0,125.51,0]
["MATERIAL",37999,"CURVA DE TRANSPOSICAO, CPVC, SOLDAVEL, 15 MM","UN","CR",8.58,0,8.59,9.41]
["MATERIAL",38000,"CURVA DE TRANSPOSICAO, CPVC, SOLDAVEL, 22 MM","UN","CR",10.02,0,10.039999999999999,10.99]
["MATERIAL",38129,"CURVA DE TRANSPOSICAO, PVC SOLDAVEL, 20 MM, COR MARROM, PARA AGUA FRIA PREDIAL","UN","CR",5.49,4.93,5.31,5.04]
["MATERIAL",38025,"CURVA DE TRANSPOSICAO, PVC, SOLDAVEL, 25 MM, COR MARROM, PARA AGUA FRIA PREDIAL","UN","CR",7.45,6.69,7.21,6.84]
["MATERIAL",38026,"CURVA DE TRANSPOSICAO, PVC, SOLDAVEL, 32 MM, COR MARROM, PARA AGUA FRIA PREDIAL","UN","CR",18.39,16.52,17.8,16.88]
["MATERIAL",1858,"CURVA LONGA PVC, PB, JE, 45 GRAUS, DN 100 MM, PARA REDE COLETORA ESGOTO","UN","CR",59.62,54.71,55.3,57.7]
["MATERIAL",1844,"CURVA LONGA PVC, PB, JE, 45 GRAUS, DN 150 MM, PARA REDE COLETORA ESGOTO","UN","CR",136.54,125.31,126.66,132.15]
["MATERIAL",1863,"CURVA LONGA PVC, PB, JE, 90 GRAUS, DN 100 MM, PARA REDE COLETORA ESGOTO","UN","CR",63.44,58.23,58.85,61.4]
["MATERIAL",1865,"CURVA LONGA PVC, PB, JE, 90 GRAUS, DN 150 MM, PARA REDE COLETORA ESGOTO","UN","CR",165.3,151.71,153.34,159.99]
["MATERIAL",36355,"CURVA PPR 90 GRAUS, F/F, DN 20 MM, PARA AGUA QUENTE PREDIAL","UN","CR",0,0,12.89,0]
["MATERIAL",36356,"CURVA PPR 90 GRAUS, F/F, DN 25 MM, PARA AGUA QUENTE PREDIAL","UN","CR",0,0,20.73,0]
["MATERIAL",1940,"CURVA PVC 90 GRAUS, ROSCAVEL, 1 1/4\", COR BRANCA, AGUA FRIA PREDIAL","UN","CR",37.14,33.369999999999997,35.93,34.090000000000003]
["MATERIAL",1939,"CURVA PVC 90 GRAUS, ROSCAVEL, 1\", COR BRANCA, AGUA FRIA PREDIAL","UN","CR",10.18,9.15,9.85,9.35]
["MATERIAL",1937,"CURVA PVC 90 GRAUS, ROSCAVEL, 1/2\", COR BRANCA, AGUA FRIA PREDIAL","UN","CR",6.27,5.63,6.06,5.75]
["MATERIAL",1938,"CURVA PVC 90 GRAUS, ROSCAVEL, 3/4\", COR BRANCA, AGUA FRIA PREDIAL","UN","CR",7.13,6.4,6.89,6.54]
["MATERIAL",1966,"CURVA PVC CURTA 90 GRAUS, DN 100 MM, PARA ESGOTO PREDIAL","UN","CR",25.3,23.22,23.47,24.49]
["MATERIAL",1933,"CURVA PVC CURTA 90 GRAUS, DN 40 MM, PARA ESGOTO PREDIAL","UN","CR",5.45,5,5.0599999999999996,5.28]
["MATERIAL",1932,"CURVA PVC CURTA 90 GRAUS, DN 50 MM, PARA ESGOTO PREDIAL","UN","CR",12.48,11.45,11.57,12.08]
["MATERIAL",1951,"CURVA PVC CURTA 90 GRAUS, DN 75 MM, PARA ESGOTO PREDIAL","UN","CR",26.03,23.89,24.15,25.19]
["MATERIAL",1970,"CURVA PVC LONGA 90 GRAUS, DN 100 MM, PARA ESGOTO PREDIAL","UN","CR",63.24,58.04,58.67,61.21]
["MATERIAL",1967,"CURVA PVC LONGA 90 GRAUS, DN 40 MM, PARA ESGOTO PREDIAL","UN","CR",7.51,6.89,6.96,7.27]
["MATERIAL",1968,"CURVA PVC LONGA 90 GRAUS, DN 50 MM, PARA ESGOTO PREDIAL","UN","CR",14.84,13.62,13.77,14.36]
["MATERIAL",1969,"CURVA PVC LONGA 90 GRAUS, DN 75 MM, PARA ESGOTO PREDIAL","UN","CR",48.32,44.34,44.82,46.76]
["MATERIAL",1827,"CURVA PVC PBA, JE, PB, 45 GRAUS, DN 100 / DE 110 MM, PARA REDE DE AGUA","UN","CR",0,0,0,162.22999999999999]
["MATERIAL",1831,"CURVA PVC PBA, JE, PB, 45 GRAUS, DN 50 / DE 60 MM, PARA REDE DE AGUA","UN","CR",0,0,0,35.409999999999997]
["MATERIAL",1825,"CURVA PVC PBA, JE, PB, 45 GRAUS, DN 75 / DE 85 MM, PARA REDE DE AGUA","UN","CR",0,0,0,87.4]
["MATERIAL",1828,"CURVA PVC PBA, JE, PB, 90 GRAUS, DN 100 / DE 110 MM, PARA REDE DE AGUA","UN","CR",0,0,0,197.97]
["MATERIAL",1845,"CURVA PVC PBA, JE, PB, 90 GRAUS, DN 50 / DE 60 MM, PARA REDE DE AGUA","UN","CR",0,0,0,44.38]
["MATERIAL",1824,"CURVA PVC PBA, JE, PB, 90 GRAUS, DN 75 / DE 85 MM, PARA REDE DE AGUA","UN","CR",0,0,0,104.78]
["MATERIAL",42693,"CURVA PVC, BB, JE, 45 GRAUS, DN 250 MM, PARA TUBO CORRUGADO E/OU LISO, REDE COLETORA ESGOTO","UN","CR",464.37,426.18,430.77,449.44]
["MATERIAL",42695,"CURVA PVC, BB, JE, 90 GRAUS, DN 200 MM, PARA TUBO CORRUGADO E/OU LISO, REDE COLETORA ESGOTO","UN","CR",324.43,297.75,300.95999999999998,314]
["MATERIAL",42694,"CURVA PVC, BB, JE, 90 GRAUS, DN 250 MM, PARA TUBO CORRUGADO E/OU LISO, REDE COLETORA ESGOTO","UN","CR",621.41999999999996,570.30999999999995,576.46,601.44000000000005]
["MATERIAL",20097,"CURVA PVC, SERIE R, 87.30 GRAUS, CURTA, PARA PE-DE-COLUNA, DN 100 MM, PARA ESGOTO PREDIAL","UN","CR",26.94,24.73,24.99,26.08]
["MATERIAL",20098,"CURVA PVC, SERIE R, 87.30 GRAUS, CURTA, PARA PE-DE-COLUNA, DN 150 MM, PARA ESGOTO PREDIAL","UN","CR",110.12,101.06,102.15,106.58]
["MATERIAL",20096,"CURVA PVC, SERIE R, 87.30 GRAUS, CURTA, PARA PE-DE-COLUNA, DN 75 MM, PARA ESGOTO PREDIAL","UN","CR",27.89,25.6,25.87,26.99]
["EQUIPAMENTO (AQUISIÇÃO)",44472,"DENTE PARA FRESADORA","UN","CR",0,0,0,0]
["MATERIAL",38369,"DESEMPENADEIRA DE ACO DENTADA 12 X *25* CM, DENTES 8 X 8 MM, CABO FECHADO DE MADEIRA","UN","CR",21.3,26.58,20.76,23.1]
["MATERIAL",38370,"DESEMPENADEIRA DE ACO LISA 12 X *25* CM COM CABO FECHADO DE MADEIRA","UN","CR",14.37,17.93,14,15.58]
["MATERIAL",45199,"DESEMPENADEIRA DE MADEIRA *16 X 27* CM","UN","CR",28.02,37.409999999999997,32.47,35.74]
["MATERIAL",38372,"DESEMPENADEIRA PLASTICA LISA *14 X 27* CM","UN","CR",13.72,0,15.77,13.24]
["MAO DE OBRA",2358,"DESENHISTA PROJETISTA (HORISTA)","H","CR",18.100000000000001,12.53,16.93,45.69]
["MAO DE OBRA",40807,"DESENHISTA PROJETISTA (MENSALISTA)","MES","CR",3191.98,2200.6799999999998,3020.66,8069.15]
["MATERIAL",44330,"DESINFETANTE PRONTO USO","L","CR",10.63,10.82,8.48,13.04]
["MATERIAL",43144,"DESMOLDANTE PARA CONCRETO ESTAMPADO","KG","CR",38.04,50.48,46.77,33.65]
["MATERIAL",39397,"DESMOLDANTE PARA FORMAS METALICAS A BASE DE OLEO VEGETAL","L","CR",17.34,23.01,21.32,15.34]
["MATERIAL",2692,"DESMOLDANTE PROTETOR PARA FORMAS DE MADEIRA, DE BASE OLEOSA EMULSIONADA EM AGUA","L","CR",6.99,9.2799999999999994,8.6,6.19]
["MATERIAL",44329,"DETERGENTE NEUTRO USO GERAL, CONCENTRADO","L","CR",13.93,14.18,11.12,17.09]
["MATERIAL",5318,"DILUENTE AGUARRAS","L","C",22.52,22.93,17.98,27.64]
["MATERIAL",5330,"DILUENTE EPOXI","L","CR",51.33,52.26,40.98,63]
["MATERIAL",44532,"DISCO DE BORRACHA PARA LIXADEIRA RIGIDO 7\" COM ARRUELA CENTRAL","UN","CR",21.85,27.26,21.29,23.69]
["MATERIAL",44531,"DISCO DE CORTE DIAMANTADO SEGMENTADO DIAMETRO DE 180 MM PARA ESMERILHADEIRA 7\"","UN","CR",74.91,93.44,72.989999999999995,81.23]
["MATERIAL",13887,"DISCO DE CORTE DIAMANTADO SEGMENTADO PARA CONCRETO/ASFALTO, DIAMETRO DE *350* MM, FURO DE 25,40 MM","UN","CR",326.33,407.06,317.95999999999998,353.85]
["MATERIAL",38140,"DISCO DE CORTE DIAMANTADO SEGMENTADO, DIAMETRO DE *110* MM, FURO DE 20 MM","UN","CR",26.73,33.340000000000003,26.04,28.98]
["MATERIAL",44495,"DISCO DE CORTE PARA METAL COM DUAS TELAS 12 X 1/8 X 3/4\" (300 X 3,2 X 19,05 MM)","UN","CR",28.26,35.25,27.54,30.64]
["MATERIAL",44533,"DISCO DE DESBASTE PARA METAL FERROSO EM GERAL, COM TRES TELAS, 9 X 1/4 X 7/8\" (228,6 X 6,4 X 22,2 MM)","UN","CR",28.67,35.770000000000003,27.94,31.09]
["MATERIAL",44534,"DISCO DE LIXA PARA METAL, DIAMETRO = 180 MM, GRAO 120","UN","CR",5.62,7.01,5.48,6.1]
["MATERIAL",34729,"DISJUNTOR TERMOMAGNETICO AJUSTAVEL, TRIPOLAR DE 100 ATE 250A, CAPACIDADE DE INTERRUPCAO DE 35KA","UN","CR",1116.9100000000001,1208.4000000000001,1879.96,1457.72]
["MATERIAL",34734,"DISJUNTOR TERMOMAGNETICO AJUSTAVEL, TRIPOLAR DE 300 ATE 400A, CAPACIDADE DE INTERRUPCAO DE 35KA","UN","CR",1729.34,1870.99,2910.77,2257.0100000000002]
["MATERIAL",34738,"DISJUNTOR TERMOMAGNETICO AJUSTAVEL, TRIPOLAR DE 450 ATE 600A, CAPACIDADE DE INTERRUPCAO DE 35KA","UN","CR",4040.28,4371.21,6800.47,5273.09]
["MATERIAL",34623,"DISJUNTOR TERMOMAGNETICO PARA TRILHO DIN (IEC), BIPOLAR, 40 - 50 A","UN","CR",48.41,52.38,81.489999999999995,63.19]
["MATERIAL",34616,"DISJUNTOR TERMOMAGNETICO PARA TRILHO DIN (IEC), BIPOLAR, 6 - 32 A","UN","CR",49.17,53.2,82.76,64.17]
["MATERIAL",34628,"DISJUNTOR TERMOMAGNETICO PARA TRILHO DIN (IEC), BIPOLAR, 63 A","UN","CR",69.349999999999994,75.03,116.73,90.51]
["MATERIAL",34686,"DISJUNTOR TERMOMAGNETICO PARA TRILHO DIN (IEC), MONOPOLAR, 40 - 50 A","UN","CR",12.72,13.76,21.41,16.600000000000001]
["MATERIAL",34653,"DISJUNTOR TERMOMAGNETICO PARA TRILHO DIN (IEC), MONOPOLAR, 6 - 32 A","UN","CR",8.58,9.2799999999999994,14.44,11.19]
["MATERIAL",34688,"DISJUNTOR TERMOMAGNETICO PARA TRILHO DIN (IEC), MONOPOLAR, 63 A","UN","CR",15.54,16.82,26.17,20.29]
["MATERIAL",34709,"DISJUNTOR TERMOMAGNETICO PARA TRILHO DIN (IEC), TRIPOLAR, 10 - 50 A","UN","CR",60.24,65.180000000000007,101.4,78.63]
["MATERIAL",34714,"DISJUNTOR TERMOMAGNETICO PARA TRILHO DIN (IEC), TRIPOLAR, 63 A","UN","CR",71.95,77.84,121.11,93.91]
["MATERIAL",2391,"DISJUNTOR TERMOMAGNETICO TRIPOLAR 125 A / 425 V / ICC - 25 KA","UN","CR",328.61,355.52,553.1,428.87]
["MATERIAL",2374,"DISJUNTOR TERMOMAGNETICO TRIPOLAR 150 A / 600 V, TIPO FXD / ICC - 35 KA","UN","CR",372.79,403.33,627.48,486.55]
["MATERIAL",2377,"DISJUNTOR TERMOMAGNETICO TRIPOLAR 200 A / 600 V, TIPO FXD / ICC - 35 KA","UN","CR",523.17999999999995,566.03,880.6,682.82]
["MATERIAL",2393,"DISJUNTOR TERMOMAGNETICO TRIPOLAR 250 A / 600 V, TIPO FXD","UN","CR",876.13,947.89,1474.68,1143.47]
["MATERIAL",34705,"DISJUNTOR TERMOMAGNETICO TRIPOLAR 3 X 250 A/ICC - 25 KA","UN","CR",766.3,829.07,1289.82,1000.13]
["MATERIAL",34707,"DISJUNTOR TERMOMAGNETICO TRIPOLAR 3 X 350 A/ICC - 25 KA","UN","CR",1419.97,1536.28,2390.06,1853.25]
["MATERIAL",34544,"DISJUNTOR TERMOMAGNETICO TRIPOLAR 3 X 400 A / ICC - 25 KA","UN","CR",1419.83,1536.12,2389.81,1853.06]
["MATERIAL",2378,"DISJUNTOR TERMOMAGNETICO TRIPOLAR 300 A / 600 V, TIPO JXD / ICC - 40 KA","UN","CR",1203.48,1302.06,2025.67,1570.71]
["MATERIAL",2379,"DISJUNTOR TERMOMAGNETICO TRIPOLAR 400 A / 600 V, TIPO JXD / ICC - 40 KA","UN","CR",1203.48,1302.06,2025.67,1570.71]
["MATERIAL",2376,"DISJUNTOR TERMOMAGNETICO TRIPOLAR 600 A / 600 V, TIPO LXD / ICC - 40 KA","UN","CR",1982.13,2144.48,3336.26,2586.94]
["MATERIAL",2394,"DISJUNTOR TERMOMAGNETICO TRIPOLAR 800 A / 600 V, TIPO LMXD","UN","CR",4237.4399999999996,4584.5200000000004,7132.33,5530.41]
["MATERIAL",2388,"DISJUNTOR TIPO NEMA, BIPOLAR 10 ATE 50 A, TENSAO MAXIMA 415 V","UN","CR",59.79,64.69,100.64,78.040000000000006]
["MATERIAL",34606,"DISJUNTOR TIPO NEMA, BIPOLAR 60 ATE 100A, TENSAO MAXIMA 415 V","UN","CR",91.72,99.23,154.38,119.7]
["MATERIAL",2370,"DISJUNTOR TIPO NEMA, MONOPOLAR 10 ATE 30A, TENSAO MAXIMA DE 240 V","UN","C",11.11,12.02,18.7,14.5]
["MATERIAL",2386,"DISJUNTOR TIPO NEMA, MONOPOLAR 35 ATE 50 A, TENSAO MAXIMA DE 240 V","UN","CR",18.63,20.16,31.37,24.32]
["MATERIAL",34689,"DISJUNTOR TIPO NEMA, MONOPOLAR DE 60 ATE 70A, TENSAO MAXIMA DE 240 V","UN","CR",29.2,31.59,49.15,38.11]
["MATERIAL",2392,"DISJUNTOR TIPO NEMA, TRIPOLAR 10 ATE 50A, TENSAO MAXIMA DE 415 V","UN","CR",74.58,80.69,125.53,97.33]
["MATERIAL",2373,"DISJUNTOR TIPO NEMA, TRIPOLAR 60 ATE 100 A, TENSAO MAXIMA DE 415 V","UN","CR",105.07,113.68,176.86,137.13999999999999]
["MATERIAL",39465,"DISPOSITIVO DPS CLASSE II, 1 POLO, TENSAO MAXIMA DE 175 V, CORRENTE MAXIMA DE *20* KA (TIPO AC)","UN","CR",64.19,69.44,108.04,83.77]
["MATERIAL",39466,"DISPOSITIVO DPS CLASSE II, 1 POLO, TENSAO MAXIMA DE 175 V, CORRENTE MAXIMA DE *30* KA (TIPO AC)","UN","CR",72.209999999999994,78.13,121.55,94.25]
["MATERIAL",39467,"DISPOSITIVO DPS CLASSE II, 1 POLO, TENSAO MAXIMA DE 175 V, CORRENTE MAXIMA DE *45* KA (TIPO AC)","UN","CR",92.37,99.93,155.47999999999999,120.55]
["MATERIAL",39468,"DISPOSITIVO DPS CLASSE II, 1 POLO, TENSAO MAXIMA DE 175 V, CORRENTE MAXIMA DE *90* KA (TIPO AC)","UN","CR",164.18,177.63,276.35000000000002,214.28]
["MATERIAL",39469,"DISPOSITIVO DPS CLASSE II, 1 POLO, TENSAO MAXIMA DE 275 V, CORRENTE MAXIMA DE *20* KA (TIPO AC)","UN","CR",66.88,72.36,112.57,87.29]
["MATERIAL",39470,"DISPOSITIVO DPS CLASSE II, 1 POLO, TENSAO MAXIMA DE 275 V, CORRENTE MAXIMA DE *30* KA (TIPO AC)","UN","CR",82.17,88.9,138.31,107.25]
["MATERIAL",39471,"DISPOSITIVO DPS CLASSE II, 1 POLO, TENSAO MAXIMA DE 275 V, CORRENTE MAXIMA DE *45* KA (TIPO AC)","UN","CR",98.75,106.84,166.22,128.88]
["MATERIAL",39472,"DISPOSITIVO DPS CLASSE II, 1 POLO, TENSAO MAXIMA DE 275 V, CORRENTE MAXIMA DE *90* KA (TIPO AC)","UN","CR",171.58,185.64,288.81,223.94]
["MATERIAL",39473,"DISPOSITIVO DPS CLASSE II, 1 POLO, TENSAO MAXIMA DE 385 V, CORRENTE MAXIMA DE *20* KA (TIPO AC)","UN","CR",110.84,119.92,186.57,144.66]
["MATERIAL",39474,"DISPOSITIVO DPS CLASSE II, 1 POLO, TENSAO MAXIMA DE 385 V, CORRENTE MAXIMA DE *30* KA (TIPO AC)","UN","CR",118.16,127.84,198.89,154.22]
["MATERIAL",39475,"DISPOSITIVO DPS CLASSE II, 1 POLO, TENSAO MAXIMA DE 385 V, CORRENTE MAXIMA DE *45* KA (TIPO AC)","UN","CR",134.07,145.05000000000001,225.66,174.98]
["MATERIAL",39476,"DISPOSITIVO DPS CLASSE II, 1 POLO, TENSAO MAXIMA DE 385 V, CORRENTE MAXIMA DE *90* KA (TIPO AC)","UN","CR",252.38,273.05,424.8,329.39]
["MATERIAL",39477,"DISPOSITIVO DPS CLASSE II, 1 POLO, TENSAO MAXIMA DE 460 V, CORRENTE MAXIMA DE *20* KA (TIPO AC)","UN","CR",123.66,133.78,208.14,161.38999999999999]
["MATERIAL",39478,"DISPOSITIVO DPS CLASSE II, 1 POLO, TENSAO MAXIMA DE 460 V, CORRENTE MAXIMA DE *30* KA (TIPO AC)","UN","CR",127.48,137.91999999999999,214.58,166.38]
["MATERIAL",39479,"DISPOSITIVO DPS CLASSE II, 1 POLO, TENSAO MAXIMA DE 460 V, CORRENTE MAXIMA DE *45* KA (TIPO AC)","UN","CR",150.19999999999999,162.51,252.82,196.04]
["MATERIAL",39480,"DISPOSITIVO DPS CLASSE II, 1 POLO, TENSAO MAXIMA DE 460 V, CORRENTE MAXIMA DE *90* KA (TIPO AC)","UN","CR",309.94,335.33,521.67999999999995,404.51]
["MATERIAL",39459,"DISPOSITIVO DR, 2 POLOS, SENSIBILIDADE DE 30 MA, CORRENTE DE 100 A, TIPO AC","UN","CR",263.06,284.61,442.78,343.33]
["MATERIAL",39445,"DISPOSITIVO DR, 2 POLOS, SENSIBILIDADE DE 30 MA, CORRENTE DE 25 A, TIPO AC","UN","CR",132.08000000000001,142.9,222.32,172.38]
["MATERIAL",39446,"DISPOSITIVO DR, 2 POLOS, SENSIBILIDADE DE 30 MA, CORRENTE DE 40 A, TIPO AC","UN","CR",134.43,145.44,226.28,175.45]
["MATERIAL",39447,"DISPOSITIVO DR, 2 POLOS, SENSIBILIDADE DE 30 MA, CORRENTE DE 63 A, TIPO AC","UN","CR",143.76,155.53,241.97,187.63]
["MATERIAL",39448,"DISPOSITIVO DR, 2 POLOS, SENSIBILIDADE DE 30 MA, CORRENTE DE 80 A, TIPO AC","UN","CR",245.14,265.22000000000003,412.61,319.94]
["MATERIAL",39450,"DISPOSITIVO DR, 2 POLOS, SENSIBILIDADE DE 300 MA, CORRENTE DE 25 A, TIPO AC","UN","CR",149.56,161.81,251.74,195.2]
["MATERIAL",39451,"DISPOSITIVO DR, 2 POLOS, SENSIBILIDADE DE 300 MA, CORRENTE DE 40 A, TIPO AC","UN","CR",163.13,176.49,274.57,212.9]
["MATERIAL",39452,"DISPOSITIVO DR, 2 POLOS, SENSIBILIDADE DE 300 MA, CORRENTE DE 63 A, TIPO AC","UN","CR",164.1,177.54,276.20999999999998,214.18]
["MATERIAL",39523,"DISPOSITIVO DR, 2 POLOS, SENSIBILIDADE DE 300 MA, CORRENTE DE 80 A, TIPO AC","UN","CR",274.62,297.12,462.24,358.42]
["MATERIAL",39449,"DISPOSITIVO DR, 4 POLOS, SENSIBILIDADE DE 30 MA, CORRENTE DE 100 A, TIPO AC","UN","CR",304.13,329.04,511.9,396.92]
["MATERIAL",39455,"DISPOSITIVO DR, 4 POLOS, SENSIBILIDADE DE 30 MA, CORRENTE DE 25 A, TIPO AC","UN","CR",150.49,162.81,253.3,196.41]
["MATERIAL",39456,"DISPOSITIVO DR, 4 POLOS, SENSIBILIDADE DE 30 MA, CORRENTE DE 40 A, TIPO AC","UN","CR",150.6,162.93,253.48,196.55]
["MATERIAL",39457,"DISPOSITIVO DR, 4 POLOS, SENSIBILIDADE DE 30 MA, CORRENTE DE 63 A, TIPO AC","UN","CR",164.18,177.62,276.33999999999997,214.27]
["MATERIAL",39458,"DISPOSITIVO DR, 4 POLOS, SENSIBILIDADE DE 30 MA, CORRENTE DE 80 A, TIPO AC","UN","CR",306.37,331.46,515.66999999999996,399.85]
["MATERIAL",39464,"DISPOSITIVO DR, 4 POLOS, SENSIBILIDADE DE 300 MA, CORRENTE DE 100 A, TIPO AC","UN","CR",492.66,533.02,829.24,642.99]
["MATERIAL",39460,"DISPOSITIVO DR, 4 POLOS, SENSIBILIDADE DE 300 MA, CORRENTE DE 25 A, TIPO AC","UN","CR",186.85,202.16,314.51,243.87]
["MATERIAL",39461,"DISPOSITIVO DR, 4 POLOS, SENSIBILIDADE DE 300 MA, CORRENTE DE 40 A, TIPO AC","UN","CR",218.95,236.88,368.53,285.76]
["MATERIAL",39462,"DISPOSITIVO DR, 4 POLOS, SENSIBILIDADE DE 300 MA, CORRENTE DE 63 A, TIPO AC","UN","CR",211.01,228.29,355.17,275.39999999999998]
["MATERIAL",39463,"DISPOSITIVO DR, 4 POLOS, SENSIBILIDADE DE 300 MA, CORRENTE DE 80 A, TIPO AC","UN","CR",488.84,528.88,822.8,638]
["EQUIPAMENTO (AQUISIÇÃO)",26039,"DISTRIBUIDOR DE AGREGADOS AUTOPROPELIDO, CAP 3 M3, A DIESEL, 6 CC, 176 CV","UN","CR",0,0,0,0]
["EQUIPAMENTO (AQUISIÇÃO)",2401,"DISTRIBUIDOR DE AGREGADOS REBOCAVEL, CAPACIDADE 1,9 M3, LARGURA DE TRABALHO 3,66 M","UN","CR",0,0,0,0]
["MATERIAL",38870,"DISTRIBUIDOR METALICO, COM ROSCA, 2 SAIDAS, DN 1\" X 1/2\", PARA CONEXAO COM ANEL DESLIZANTE EM TUBO PEX PARA INST. AGUA QUENTE/FRIA","UN","CR",0,0,0,0]
["MATERIAL",38869,"DISTRIBUIDOR METALICO, COM ROSCA, 2 SAIDAS, DN 3/4\" X 1/2\", PARA CONEXAO COM ANEL DESLIZANTE EM TUBO PEX PARA INST. AGUA QUENTE/FRIA","UN","CR",0,0,0,0]
["MATERIAL",38872,"DISTRIBUIDOR METALICO, COM ROSCA, 3 SAIDAS, DN 1\" X 1/2\", PARA CONEXAO COM ANEL DESLIZANTE EM TUBO PEX PARA INST. AGUA QUENTE/FRIA","UN","CR",0,0,0,0]
["MATERIAL",38871,"DISTRIBUIDOR METALICO, COM ROSCA, 3 SAIDAS, DN 3/4\" X 1/2\", PARA CONEXAO COM ANEL DESLIZANTE EM TUBO PEX PARA INST. AGUA QUENTE/FRIA","UN","CR",0,0,0,0]
["MATERIAL",39283,"DISTRIBUIDOR, PLASTICO, 2 SAIDAS, DN 32 X 16 MM, PARA CONEXAO COM CRIMPAGEM, EM TUBO PEX PARA INST. AGUA QUENTE/FRIA","UN","CR",0,0,0,0]
["MATERIAL",39285,"DISTRIBUIDOR, PLASTICO, 2 SAIDAS, DN 32 X 25 MM, PARA CONEXAO COM CRIMPAGEM, EM TUBO PEX PARA INST. AGUA QUENTE/FRIA","UN","CR",0,0,0,0]
["MATERIAL",39286,"DISTRIBUIDOR, PLASTICO, 3 SAIDAS, DN 32 X 16 MM, PARA CONEXAO COM CRIMPAGEM, EM TUBO PEX PARA INST. AGUA QUENTE/FRIA","UN","CR",0,0,0,0]
["MATERIAL",39288,"DISTRIBUIDOR, PLASTICO, 3 SAIDAS, DN 32 X 25 MM, PARA CONEXAO COM CRIMPAGEM, EM TUBO PEX PARA INST. AGUA QUENTE/FRIA","UN","CR",0,0,0,0]
["MATERIAL",44476,"DIVISORIA EM GRANITO, COM DUAS FACES POLIDAS, TIPO ANDORINHA/ QUARTZ/ CASTELO/ CORUMBA OU OUTROS EQUIVALENTES DA REGIAO, E= *3,0* CM","M2","CR",652.45000000000005,0,588.12,521.41]
["MATERIAL",10629,"DIVISORIA EM MARMORE, COM DUAS FACES POLIDAS, BRANCO COMUM, E= *3,0* CM","M2","CR",852.89,0,597.96,495.36]
["MATERIAL",10698,"DIVISORIA, PLACA PRE-MOLDADA EM GRANILITE, MARMORITE OU GRANITINA, E = *3 CM","M2","CR",0,0,0,286.76]
["EQUIPAMENTO (AQUISIÇÃO)",40521,"DOBRADEIRA ELETROMECANICA DE VERGALHAO, PARA ACO DE DIAMETRO ATE 1 1/2\", MOTOR ELETRICO TRIFASICO, POTENCIA DE 3 HP ATE 5 HP","UN","CR",0,245024.85,0,170953.73]
["MATERIAL",2432,"DOBRADICA EM ACO/FERRO, 3 1/2\" X 3\", E= 1,9 A 2 MM, COM ANEL, CROMADO OU ZINCADO, TAMPA BOLA, COM PARAFUSOS","UN","CR",28.61,12.93,25.07,22.55]
["MATERIAL",2418,"DOBRADICA EM ACO/FERRO, 3\" X 2 1/2\", E= 1,2 A 1,8 MM, SEM ANEL, CROMADO OU ZINCADO, TAMPA BOLA, COM PARAFUSOS","UN","C",13.27,6,11.63,10.46]
["MATERIAL",2433,"DOBRADICA EM ACO/FERRO, 3\" X 2 1/2\", E= 1,2 A 1,8 MM, SEM ANEL, CROMADO OU ZINCADO, TAMPA CHATA, COM PARAFUSOS","UN","CR",9.69,4.38,8.49,7.64]
["MATERIAL",2420,"DOBRADICA EM ACO/FERRO, 3\" X 2 1/2\", E= 1,9 A 2 MM, SEM ANEL, CROMADO OU ZINCADO, TAMPA BOLA, COM PARAFUSOS","UN","CR",16.64,7.52,14.58,13.12]
["MATERIAL",11447,"DOBRADICA EM LATAO, 3\" X 2 1/2\", E= 1,9 A 2 MM, COM ANEL, CROMADO, TAMPA BOLA, COM PARAFUSOS","UN","CR",32.89,14.87,28.82,25.92]
["MATERIAL",11451,"DOBRADICA TIPO VAI-E-VEM EM ACO/FERRO, TAMANHO 3\", GALVANIZADO, COM PARAFUSOS","UN","CR",88.18,39.869999999999997,77.28,69.5]
["MATERIAL",11116,"DOMOS / CLARABOIA INDIVIDUAL, EM ACRILICO BRANCO/LEITOSO, *95 X 95* CM, INCLUI ACESSORIOS DE FIXACAO, SEM INSTALACAO","UN","CR",0,0,0,745.61]
["EQUIPAMENTO (AQUISIÇÃO)",38411,"DOSADOR DE AREIA, CAPACIDADE DE *26* LITROS","UN","CR",1606.85,1937.99,1870.7,2032.58]
["MATERIAL",38189,"DUCHA / CHUVEIRO METALICO, DE PAREDE, ARTICULAVEL, COM BRACO/CANO, SEM DESVIADOR","UN","CR",183.53,193.14,191.37,167.78]
["MATERIAL",38190,"DUCHA / CHUVEIRO METALICO, DE PAREDE, ARTICULAVEL, COM DESVIADOR E DUCHA MANUAL","UN","CR",386.64,406.89,403.17,353.47]
["MATERIAL",7608,"DUCHA / CHUVEIRO PLASTICO SIMPLES, 5\", BRANCO, PARA ACOPLAR EM HASTE 1/2\", AGUA FRIA","UN","CR",13.04,11.22,16.399999999999999,11.76]
["MATERIAL",1370,"DUCHA HIGIENICA PLASTICA COM REGISTRO METALICO 1/2\"","UN","CR",115.75,135.36000000000001,130.59,129.37]
["EQUIPAMENTO (AQUISIÇÃO)",36516,"DUMPER COM CAPACIDADE DE CARGA DE 1700 KG, PARTIDA ELETRICA, MOTOR DIESEL COM POTENCIA DE 16 CV","UN","CR",0,0,0,158411.19]
["MATERIAL",34777,"ELEMENTO VAZADO CERAMICO DIAGONAL (TIPO FLOR/QUADRADO/XIS) DE *7 X 18 X 25* CM (L X A X C)","UN","CR",4.6500000000000004,3.99,4.0199999999999996,3.14]
["MATERIAL",7272,"ELEMENTO VAZADO CERAMICO QUADRADO (TIPO RETO OU REDONDO) DE *7 A 9 X 20 X 20* CM (L X A X C)","UN","CR",3.5,3,3.03,2.36]
["MATERIAL",10605,"ELEMENTO VAZADO DE CONCRETO, QUADRICULADO, 1 FURO *10 X 10 X 10* CM","UN","CR",5.51,6.13,6.28,5.92]
["MATERIAL",10604,"ELEMENTO VAZADO DE CONCRETO, QUADRICULADO, 1 FURO *20 X 10 X 7* CM","UN","CR",12.85,14.28,14.65,13.79]
["MATERIAL",672,"ELEMENTO VAZADO DE CONCRETO, QUADRICULADO, 1 FURO *20 X 20 X 6,5* CM","UN","CR",17.670000000000002,19.64,20.14,18.96]
["MATERIAL",668,"ELEMENTO VAZADO DE CONCRETO, QUADRICULADO, 16 FUROS *29 X 29 X 6* CM","UN","CR",21.34,23.71,24.32,22.9]
["MATERIAL",10578,"ELEMENTO VAZADO DE CONCRETO, QUADRICULADO, 16 FUROS *33 X 33 X 10* CM","UN","CR",24.85,27.61,28.32,26.67]
["MATERIAL",666,"ELEMENTO VAZADO DE CONCRETO, QUADRICULADO, 16 FUROS *40 X 40 X 7* CM","UN","CR",27.64,30.71,31.5,29.66]
["MATERIAL",665,"ELEMENTO VAZADO DE CONCRETO, QUADRICULADO, 16 FUROS *50 X 50 X 7* CM","UN","CR",36.96,41.07,42.12,39.659999999999997]
["MATERIAL",10577,"ELEMENTO VAZADO DE CONCRETO, QUADRICULADO, 25 FUROS *50 X 50 X 5* CM","UN","CR",32.78,36.42,37.36,35.17]
["MATERIAL",10583,"ELEMENTO VAZADO DE CONCRETO, VENEZIANA *39 X 22 X 15* CM","UN","CR",17.03,18.920000000000002,19.41,18.27]
["MATERIAL",10579,"ELEMENTO VAZADO DE CONCRETO, VENEZIANA *39 X 29 X 10* CM","UN","CR",29.68,32.979999999999997,33.83,31.85]
["MATERIAL",10582,"ELEMENTO VAZADO DE CONCRETO, VENEZIANA *40 X 10 X 10* CM","UN","CR",15,16.66,17.09,16.09]
["MAO DE OBRA",2436,"ELETRICISTA (HORISTA)","H","C",24.13,23.64,23.15,24.12]
["MAO DE OBRA",40918,"ELETRICISTA (MENSALISTA)","MES","CR",4252.4799999999996,4148.1400000000003,4126.08,4258.84]
["MATERIAL",10998,"ELETRODO REVESTIDO AWS - E-6010, DIAMETRO IGUAL A 4,00 MM","KG","CR",27.88,27.25,46.12,65.84]
["MATERIAL",11002,"ELETRODO REVESTIDO AWS - E6013, DIAMETRO IGUAL A 2,50 MM","KG","CR",25.54,24.96,42.25,60.32]
["MATERIAL",10999,"ELETRODO REVESTIDO AWS - E6013, DIAMETRO IGUAL A 4,00 MM","KG","CR",24.54,23.99,40.590000000000003,57.95]
["MATERIAL",10997,"ELETRODO REVESTIDO AWS - E7018, DIAMETRO IGUAL A 4,00 MM","KG","C",26.6,26,44,62.81]
["MATERIAL",2680,"ELETRODUTO DE PVC RIGIDO ROSCAVEL DE 1 1/2\", SEM LUVA","M","CR",8.2799999999999994,10.76,14.15,12.44]
["MATERIAL",2684,"ELETRODUTO DE PVC RIGIDO ROSCAVEL DE 1 1/4\", SEM LUVA","M","CR",7.54,9.7899999999999991,12.87,11.32]
["MATERIAL",2685,"ELETRODUTO DE PVC RIGIDO ROSCAVEL DE 1\", SEM LUVA","M","CR",5.66,7.35,9.67,8.5]
["MATERIAL",2673,"ELETRODUTO DE PVC RIGIDO ROSCAVEL DE 1/2\", SEM LUVA","M","C",2.91,3.78,4.97,4.37]
["MATERIAL",2682,"ELETRODUTO DE PVC RIGIDO ROSCAVEL DE 2 1/2\", SEM LUVA","M","CR",19.75,25.66,33.74,29.67]
["MATERIAL",2681,"ELETRODUTO DE PVC RIGIDO ROSCAVEL DE 2\", SEM LUVA","M","CR",13.54,17.59,23.13,20.329999999999998]
["MATERIAL",2686,"ELETRODUTO DE PVC RIGIDO ROSCAVEL DE 3\", SEM LUVA","M","CR",24.77,32.18,42.31,37.200000000000003]
["MATERIAL",2674,"ELETRODUTO DE PVC RIGIDO ROSCAVEL DE 3/4\", SEM LUVA","M","CR",3.62,4.7,6.19,5.44]
["MATERIAL",2683,"ELETRODUTO DE PVC RIGIDO ROSCAVEL DE 4\", SEM LUVA","M","CR",39.04,50.71,66.67,58.62]
["MATERIAL",2676,"ELETRODUTO DE PVC RIGIDO SOLDAVEL, CLASSE B, DE 20 MM","M","CR",1.69,2.2000000000000002,2.89,2.54]
["MATERIAL",2678,"ELETRODUTO DE PVC RIGIDO SOLDAVEL, CLASSE B, DE 25 MM","M","CR",2.12,2.75,3.62,3.18]
["MATERIAL",2679,"ELETRODUTO DE PVC RIGIDO SOLDAVEL, CLASSE B, DE 32 MM","M","CR",3.27,4.24,5.58,4.91]
["MATERIAL",12070,"ELETRODUTO DE PVC RIGIDO SOLDAVEL, CLASSE B, DE 40 MM","M","CR",4.54,5.91,7.77,6.83]
["MATERIAL",2675,"ELETRODUTO DE PVC RIGIDO SOLDAVEL, CLASSE B, DE 50 MM","M","CR",5.91,7.68,10.1,8.8800000000000008]
["MATERIAL",12067,"ELETRODUTO DE PVC RIGIDO SOLDAVEL, CLASSE B, DE 60 MM","M","CR",8.02,10.42,13.7,12.04]
["MATERIAL",21128,"ELETRODUTO EM ACO GALVANIZADO ELETROLITICO, LEVE, DIAMETRO 3/4\", PAREDE DE 0,90 MM","M","C",8.5299999999999994,6.13,8.08,12.66]
["MATERIAL",40400,"ELETRODUTO FLEXIVEL PLANO EM PEAD, COR PRETA E LARANJA, DIAMETRO 25 MM","M","CR",1.37,1.86,1.7,1.38]
["MATERIAL",40401,"ELETRODUTO FLEXIVEL PLANO EM PEAD, COR PRETA E LARANJA, DIAMETRO 32 MM","M","CR",2.02,2.74,2.5,2.0299999999999998]
["MATERIAL",40402,"ELETRODUTO FLEXIVEL PLANO EM PEAD, COR PRETA E LARANJA, DIAMETRO 40 MM","M","CR",2.6,3.51,3.21,2.61]
["MATERIAL",21137,"ELETRODUTO FLEXIVEL, EM FITA DE ACO GALVANIZADO, REVESTIDO COM PVC PRETO, DIAMETRO EXTERNO DE 15 MM, DN = 3/8\", TIPO SEALTUBO","M","CR",8.73,6.27,8.27,12.96]
["MATERIAL",2504,"ELETRODUTO FLEXIVEL, EM FITA DE ACO GALVANIZADO, REVESTIDO COM PVC PRETO, DIAMETRO EXTERNO DE 25 MM, DN = 3/4\", TIPO SEALTUBO","M","CR",9.4600000000000009,6.8,8.9600000000000009,14.05]
["MATERIAL",2501,"ELETRODUTO FLEXIVEL, EM FITA DE ACO GALVANIZADO, REVESTIDO COM PVC PRETO, DIAMETRO EXTERNO DE 32 MM, DN = 1\", TIPO SEALTUBO","M","CR",12.41,8.92,11.75,18.420000000000002]
["MATERIAL",2502,"ELETRODUTO FLEXIVEL, EM FITA DE ACO GALVANIZADO, REVESTIDO COM PVC PRETO, DIAMETRO EXTERNO DE 40 MM, DN = 1 1/4\", TIPO SEALTUBO","M","CR",18.73,13.46,17.739999999999998,27.8]
["MATERIAL",2503,"ELETRODUTO FLEXIVEL, EM FITA DE ACO GALVANIZADO, REVESTIDO COM PVC PRETO, DIAMETRO EXTERNO DE 50 MM, DN = 1 1/2\", TIPO SEALTUBO","M","CR",24.1,17.32,22.83,35.770000000000003]
["MATERIAL",2500,"ELETRODUTO FLEXIVEL, EM FITA DE ACO GALVANIZADO, REVESTIDO COM PVC PRETO, DIAMETRO EXTERNO DE 60 MM, DN = 2\", TIPO SEALTUBO","M","CR",32.1,23.07,30.41,47.65]
["MATERIAL",2505,"ELETRODUTO FLEXIVEL, EM FITA DE ACO GALVANIZADO, REVESTIDO COM PVC PRETO, DIAMETRO EXTERNO DE 75 MM, DN = 2 1/2\", TIPO SEALTUBO","M","CR",50.03,35.950000000000003,47.39,74.260000000000005]
["MATERIAL",12056,"ELETRODUTO FLEXIVEL, EM FITA DE ACO GALVANIZADO, SEM REVESTIMENTO, DIAMETRO NOMINAL 1 1/2\"","M","CR",20.21,14.53,19.149999999999999,30]
["MATERIAL",12057,"ELETRODUTO FLEXIVEL, EM FITA DE ACO GALVANIZADO, SEM REVESTIMENTO, DIAMETRO NOMINAL 1 1/4\"","M","CR",17.170000000000002,12.34,16.260000000000002,25.49]
["MATERIAL",12058,"ELETRODUTO FLEXIVEL, EM FITA DE ACO GALVANIZADO, SEM REVESTIMENTO, DIAMETRO NOMINAL 1\"","M","CR",10.7,7.69,10.14,15.89]
["MATERIAL",12059,"ELETRODUTO FLEXIVEL, EM FITA DE ACO GALVANIZADO, SEM REVESTIMENTO, DIAMETRO NOMINAL 1/2\"","M","CR",6.02,4.33,5.7,8.94]
["MATERIAL",12060,"ELETRODUTO FLEXIVEL, EM FITA DE ACO GALVANIZADO, SEM REVESTIMENTO, DIAMETRO NOMINAL 2 1/2\"","M","CR",44.61,32.06,42.26,66.22]
["MATERIAL",12061,"ELETRODUTO FLEXIVEL, EM FITA DE ACO GALVANIZADO, SEM REVESTIMENTO, DIAMETRO NOMINAL 2\"","M","CR",27.24,19.57,25.8,40.43]
["MATERIAL",12062,"ELETRODUTO FLEXIVEL, EM FITA DE ACO GALVANIZADO, SEM REVESTIMENTO, DIAMETRO NOMINAL 3\"","M","CR",50.24,36.1,47.59,74.56]
["MATERIAL",2687,"ELETRODUTO PVC FLEXIVEL CORRUGADO, COR AMARELA, DE 16 MM","M","CR",1.47,1.92,2.52,2.2200000000000002]
["MATERIAL",2689,"ELETRODUTO PVC FLEXIVEL CORRUGADO, COR AMARELA, DE 20 MM","M","CR",1.76,2.2799999999999998,3,2.64]
["MATERIAL",2688,"ELETRODUTO PVC FLEXIVEL CORRUGADO, COR AMARELA, DE 25 MM","M","CR",1.9,2.4700000000000002,3.25,2.86]
["MATERIAL",2690,"ELETRODUTO PVC FLEXIVEL CORRUGADO, COR AMARELA, DE 32 MM","M","CR",3.26,4.2300000000000004,5.57,4.8899999999999997]
["MATERIAL",39243,"ELETRODUTO PVC FLEXIVEL CORRUGADO, REFORCADO, COR LARANJA, DE 20 MM, PARA LAJES E PISOS","M","CR",2.15,2.79,3.67,3.22]
["MATERIAL",39244,"ELETRODUTO PVC FLEXIVEL CORRUGADO, REFORCADO, COR LARANJA, DE 25 MM, PARA LAJES E PISOS","M","CR",2.9,3.77,4.96,4.3600000000000003]
["MATERIAL",39245,"ELETRODUTO PVC FLEXIVEL CORRUGADO, REFORCADO, COR LARANJA, DE 32 MM, PARA LAJES E PISOS","M","CR",5.59,7.26,9.5399999999999991,8.39]
["MATERIAL",39255,"ELETRODUTO/CONDULETE DE PVC RIGIDO, LISO, COR CINZA, DE 1\", PARA INSTALACOES APARENTES (NBR 5410)","M","CR",15.46,20.09,26.41,23.22]
["MATERIAL",39254,"ELETRODUTO/CONDULETE DE PVC RIGIDO, LISO, COR CINZA, DE 1/2\", PARA INSTALACOES APARENTES (NBR 5410)","M","CR",8.36,10.85,14.27,12.55]
["MATERIAL",39253,"ELETRODUTO/CONDULETE DE PVC RIGIDO, LISO, COR CINZA, DE 3/4\", PARA INSTALACOES APARENTES (NBR 5410)","M","CR",10.65,13.83,18.190000000000001,15.99]
["MATERIAL",39246,"ELETRODUTO/DUTO PEAD FLEXIVEL PAREDE SIMPLES, CORRUGACAO HELICOIDAL, COR PRETA, SEM ROSCA, DE 1 1/2\", CRC 680 N, PARA CABEAMENTO SUBTERRANEO (NBR 15715)","M","CR",3.51,4.75,4.3499999999999996,3.53]
["MATERIAL",39247,"ELETRODUTO/DUTO PEAD FLEXIVEL PAREDE SIMPLES, CORRUGACAO HELICOIDAL, COR PRETA, SEM ROSCA, DE 1 1/4\", CRC 680 N, PARA CABEAMENTO SUBTERRANEO (NBR 15715)","M","CR",3.06,4.1399999999999997,3.79,3.08]
["MATERIAL",2446,"ELETRODUTO/DUTO PEAD FLEXIVEL PAREDE SIMPLES, CORRUGACAO HELICOIDAL, COR PRETA, SEM ROSCA, DE 2\", CRC 680 N, PARA CABEAMENTO SUBTERRANEO (NBR 15715)","M","C",5.05,6.83,6.25,5.07]
["MATERIAL",2442,"ELETRODUTO/DUTO PEAD FLEXIVEL PAREDE SIMPLES, CORRUGACAO HELICOIDAL, COR PRETA, SEM ROSCA, DE 3\", CRC 680 N, PARA CABEAMENTO SUBTERRANEO (NBR 15715)","M","CR",7.07,9.57,8.75,7.1]
["MATERIAL",39248,"ELETRODUTO/DUTO PEAD FLEXIVEL PAREDE SIMPLES, CORRUGACAO HELICOIDAL, COR PRETA, SEM ROSCA, DE 4\", CRC 680 N, PARA CABEAMENTO SUBTERRANEO (NBR 15715)","M","CR",9.86,13.33,12.2,9.9]
["MAO DE OBRA",2438,"ELETROTECNICO (HORISTA)","H","CR",28.89,27.01,30.04,37.69]
["MAO DE OBRA",40922,"ELETROTECNICO (MENSALISTA)","MES","CR",5093.3999999999996,4743.09,5356.42,6655.58]
["EQUIPAMENTO (AQUISIÇÃO)",36486,"ELEVADOR DE CARGA A CABO, CABINE SEMI FECHADA 2,0 X 1,5 X 2,0 M, CAPACIDADE DE CARGA 1000 KG, TORRE 2,38 X 2,21 X 15 M, GUINCHO DE EMBREAGEM, FREIO DE SEGURANCA, LIMITADOR DE VELOCIDADE E CANCELA","UN","CR",0,0,0,0]
["EQUIPAMENTO (AQUISIÇÃO)",37777,"ELEVADOR DE CREMALHEIRA CABINE FECHADA 1,5 X 2,5 X 2,35 M (UMA POR TORRE), CAPACIDADE DE CARGA 1200 KG (15 PESSOAS), TORRE 24 M (16 MODULOS), FREIO DE SEGURANCA, LIMITADOR DE CARGA","UN","CR",0,0,0,0]
["MATERIAL",12624,"EMENDA PARA CALHA PLUVIAL, PVC, DIAMETRO ENTRE 119 E 170 MM, PARA DRENAGEM PLUVIAL PREDIAL","UN","CR",34.79,31.93,32.270000000000003,33.67]
["MATERIAL",517,"EMULSAO ASFALTICA ANIONICA","L","CR",9.61,0,7.47,8.7200000000000006]
["MATERIAL",37534,"EMULSAO EXPLOSIVA EM CARTUCHOS DE 1\" X 12\", DENSIDADE 1.15 G/CM3, INICIACAO ESPOLETA N. 8 / CORDEL","KG","CR",0,0,0,0]
["MATERIAL",37535,"EMULSAO EXPLOSIVA EM CARTUCHOS DE 1\" X 24\", DENSIDADE 1.15 G/CM3, INICIACAO ESPOLETA N. 8 / CORDEL","KG","CR",0,0,0,0]
["MATERIAL",37533,"EMULSAO EXPLOSIVA EM CARTUCHOS DE 1\" X 8\", DENSIDADE 1.15 G/CM3, INICIACAO ESPOLETA N. 8 / CORDEL","KG","CR",0,0,0,0]
["MATERIAL",37537,"EMULSAO EXPLOSIVA EM CARTUCHOS DE 2 1/2\" X 24\", DENSIDADE 1.15 G/CM3, INICIACAO ESPOLETA N. 8 / CORDEL","KG","CR",0,0,0,0]
["MATERIAL",37536,"EMULSAO EXPLOSIVA EM CARTUCHOS DE 2 1/4\" X 24\", DENSIDADE 1.15 G/CM3, INICIACAO ESPOLETA N. 8 / CORDEL","KG","CR",0,0,0,0]
["MATERIAL",37532,"EMULSAO EXPLOSIVA EM CARTUCHOS DE 2\" X 24\", DENSIDADE 1.15 G/CM3, INICIACAO ESPOLETA N. 8 / CORDEL","KG","C",0,0,0,0]
["MAO DE OBRA",2696,"ENCANADOR OU BOMBEIRO HIDRAULICO (HORISTA)","H","C",24.13,23.64,23.15,24.12]
["MAO DE OBRA",40928,"ENCANADOR OU BOMBEIRO HIDRAULICO (MENSALISTA)","MES","CR",4252.4799999999996,4148.1400000000003,4126.08,4258.84]
["MAO DE OBRA",4083,"ENCARREGADO GERAL DE OBRAS (HORISTA)","H","C",33.61,27.83,23.15,63.71]
["MAO DE OBRA",40818,"ENCARREGADO GERAL DE OBRAS (MENSALISTA)","MES","CR",5922.57,4883.8599999999997,4126.08,11245.96]
["MATERIAL",43146,"ENDURECEDOR MINERAL DE BASE CIMENTICIA PARA PISO DE CONCRETO","KG","CR",8.9600000000000009,11.89,11.01,7.92]
["ESPECIAIS",2705,"ENERGIA ELETRICA ATE 2000 KWH INDUSTRIAL, SEM DEMANDA","KWH","CR",1.04,1.21,0.72,1.18]
["ESPECIAIS",14250,"ENERGIA ELETRICA COMERCIAL, BAIXA TENSAO, RELATIVA AO CONSUMO DE ATE 100 KWH, INCLUINDO ICMS, PIS/PASEP E COFINS","KWH","C",1.06,1.23,0.74,1.2]
["MATERIAL",11683,"ENGATE / RABICHO FLEXIVEL INOX 1/2\" X 30 CM","UN","CR",51.01,0,32.770000000000003,55.92]
["MATERIAL",11684,"ENGATE / RABICHO FLEXIVEL INOX 1/2\" X 40 CM","UN","CR",55.84,0,35.869999999999997,61.21]
["MATERIAL",6141,"ENGATE/RABICHO FLEXIVEL PLASTICO (PVC OU ABS) BRANCO 1/2\" X 30 CM","UN","CR",4.84,4.29,5.1100000000000003,6.17]
["MATERIAL",11681,"ENGATE/RABICHO FLEXIVEL PLASTICO (PVC OU ABS) BRANCO 1/2\" X 40 CM","UN","CR",6.1,5.41,6.44,7.78]
["MAO DE OBRA",2706,"ENGENHEIRO CIVIL DE OBRA JUNIOR (HORISTA)","H","C",122.44,123.59,123.22,127.14]
["MAO DE OBRA",40811,"ENGENHEIRO CIVIL DE OBRA JUNIOR (MENSALISTA)","MES","CR",21575.1,21683.49,21959.61,22442.18]
["MAO DE OBRA",2707,"ENGENHEIRO CIVIL DE OBRA PLENO (HORISTA)","H","CR",129.27000000000001,129.72999999999999,145.83000000000001,131.52000000000001]
["MAO DE OBRA",40813,"ENGENHEIRO CIVIL DE OBRA PLENO (MENSALISTA)","MES","CR",22778.51,22761.7,25988.71,23215.55]
["MAO DE OBRA",2708,"ENGENHEIRO CIVIL DE OBRA SENIOR (HORISTA)","H","CR",154.16,154.88999999999999,205.17,164.52]
["MAO DE OBRA",40814,"ENGENHEIRO CIVIL DE OBRA SENIOR (MENSALISTA)","MES","CR",27165.45,27174.720000000001,36565.08,29042.53]
["MATERIAL",38403,"ENXADA ESTREITA, EM ACO, *25 X 23* CM, COM CABO DE MADEIRA DE *150* CM","UN","CR",73.28,91.41,71.400000000000006,79.459999999999994]
["MATERIAL",43482,"EPI - FAMILIA ALMOXARIFE - HORISTA (ENCARGOS COMPLEMENTARES - COLETADO CAIXA)","H","C",0.81,0.81,0.81,0.81]
["MATERIAL",43494,"EPI - FAMILIA ALMOXARIFE - MENSALISTA (ENCARGOS COMPLEMENTARES - COLETADO CAIXA)","MES","C",153.54,153.54,153.54,153.54]
["MATERIAL",43483,"EPI - FAMILIA CARPINTEIRO DE FORMAS - HORISTA (ENCARGOS COMPLEMENTARES - COLETADO CAIXA)","H","C",1.43,1.43,1.43,1.43]
["MATERIAL",43495,"EPI - FAMILIA CARPINTEIRO DE FORMAS - MENSALISTA (ENCARGOS COMPLEMENTARES - COLETADO CAIXA)","MES","C",270.51,270.51,270.51,270.51]
["MATERIAL",43484,"EPI - FAMILIA ELETRICISTA - HORISTA (ENCARGOS COMPLEMENTARES - COLETADO CAIXA)","H","C",1.26,1.26,1.26,1.26]
["MATERIAL",43496,"EPI - FAMILIA ELETRICISTA - MENSALISTA (ENCARGOS COMPLEMENTARES - COLETADO CAIXA)","MES","C",238.02,238.02,238.02,238.02]
["MATERIAL",43485,"EPI - FAMILIA ENCANADOR - HORISTA (ENCARGOS COMPLEMENTARES - COLETADO CAIXA)","H","C",1.1299999999999999,1.1299999999999999,1.1299999999999999,1.1299999999999999]
["MATERIAL",43497,"EPI - FAMILIA ENCANADOR - MENSALISTA (ENCARGOS COMPLEMENTARES - COLETADO CAIXA)","MES","C",212.45,212.45,212.45,212.45]
["MATERIAL",43487,"EPI - FAMILIA ENCARREGADO GERAL - HORISTA (ENCARGOS COMPLEMENTARES - COLETADO CAIXA)","H","C",1.28,1.28,1.28,1.28]
["MATERIAL",43499,"EPI - FAMILIA ENCARREGADO GERAL - MENSALISTA (ENCARGOS COMPLEMENTARES - COLETADO CAIXA)","MES","C",241.99,241.99,241.99,241.99]
["MATERIAL",43486,"EPI - FAMILIA ENGENHEIRO CIVIL - HORISTA (ENCARGOS COMPLEMENTARES - COLETADO CAIXA)","H","C",0.77,0.77,0.77,0.77]
["MATERIAL",43498,"EPI - FAMILIA ENGENHEIRO CIVIL - MENSALISTA (ENCARGOS COMPLEMENTARES - COLETADO CAIXA)","MES","C",146,146,146,146]
["MATERIAL",43488,"EPI - FAMILIA OPERADOR ESCAVADEIRA - HORISTA (ENCARGOS COMPLEMENTARES - COLETADO CAIXA)","H","C",0.89,0.89,0.89,0.89]
["MATERIAL",43500,"EPI - FAMILIA OPERADOR ESCAVADEIRA - MENSALISTA (ENCARGOS COMPLEMENTARES - COLETADO CAIXA)","MES","C",167.95,167.95,167.95,167.95]
["MATERIAL",43489,"EPI - FAMILIA PEDREIRO - HORISTA (ENCARGOS COMPLEMENTARES - COLETADO CAIXA)","H","C",1.31,1.31,1.31,1.31]
["MATERIAL",43501,"EPI - FAMILIA PEDREIRO - MENSALISTA (ENCARGOS COMPLEMENTARES - COLETADO CAIXA)","MES","C",247.11,247.11,247.11,247.11]
["MATERIAL",43490,"EPI - FAMILIA PINTOR - HORISTA (ENCARGOS COMPLEMENTARES - COLETADO CAIXA)","H","C",1.85,1.85,1.85,1.85]
["MATERIAL",43502,"EPI - FAMILIA PINTOR - MENSALISTA (ENCARGOS COMPLEMENTARES - COLETADO CAIXA)","MES","C",348.39,348.39,348.39,348.39]
["MATERIAL",43491,"EPI - FAMILIA SERVENTE - HORISTA (ENCARGOS COMPLEMENTARES - COLETADO CAIXA)","H","C",1.39,1.39,1.39,1.39]
["MATERIAL",43503,"EPI - FAMILIA SERVENTE - MENSALISTA (ENCARGOS COMPLEMENTARES - COLETADO CAIXA)","MES","C",261.93,261.93,261.93,261.93]
["MATERIAL",43492,"EPI - FAMILIA SOLDADOR - HORISTA (ENCARGOS COMPLEMENTARES - COLETADO CAIXA)","H","C",1.82,1.82,1.82,1.82]
["MATERIAL",43504,"EPI - FAMILIA SOLDADOR - MENSALISTA (ENCARGOS COMPLEMENTARES - COLETADO CAIXA)","MES","C",342.83,342.83,342.83,342.83]
["MATERIAL",43493,"EPI - FAMILIA TOPOGRAFO - HORISTA (ENCARGOS COMPLEMENTARES - COLETADO CAIXA)","H","C",0.74,0.74,0.74,0.74]
["MATERIAL",43505,"EPI - FAMILIA TOPOGRAFO - MENSALISTA (ENCARGOS COMPLEMENTARES - COLETADO CAIXA)","MES","C",138.97999999999999,138.97999999999999,138.97999999999999,138.97999999999999]
["EQUIPAMENTO (AQUISIÇÃO)",37774,"EQUIPAMENTO DE LIMPEZA COMBINADO (VACUO/ALTA PRESSAO) 95% VACUO, TANQUE 7000 L, BOMBA 140 KGF/CM2 66 L/MIN COM MOTOR INDEPENDENTE A DIESEL DE 60 CV (INCLUI MONTAGEM, NAO INCLUI CAMINHAO)","UN","CR",0,0,0,0]
["EQUIPAMENTO (AQUISIÇÃO)",38629,"EQUIPAMENTO P/ DEMARCACAO DE FAIXAS DE TRAFEGO A QUENTE, A SER MONTADO SOBRE CAMINHAO DE PBT MIN. DE 17 T, DIST. MIN. ENTRE EIXOS 5,2 M, CAPACIDADE PARA 1.000 KG DE MATERIAL TERMOPLASTICO (INCLUI MONTAGEM, NAO INCLUI CAMINHAO, NEM COMPRESSOR DE AR)","UN","CR",0,2742187.5,0,3008789.06]
["EQUIPAMENTO (AQUISIÇÃO)",38630,"EQUIPAMENTO PARA DEMARCACAO DE FAIXAS DE TRAFEGO A FRIO, A SER MONTADO SOBRE CAMINHAO DE PBT MINIMO DE 9 T E DISTANCIA MINIMA ENTRE EIXOS DE 4,3 M, CAPACIDADE PARA 800 L DE TINTA (INCLUI MONTAGEM, NAO INCLUI CAMINHAO)","UN","CR",0,1842187.5,0,2021289.06]
["MATERIAL",38476,"ESCADA DUPLA DE ABRIR EM ALUMINIO, COM SAPATAS DE BORRACHA, *2,30* X *0,57* M (ALTURA UTIL X LARGURA MINIMA), MODELO PINTOR, 8 DEGRAUS, CAPACIDADE *100* KG","UN","CR",280.45,349.84,273.26,304.10000000000002]
["MATERIAL",38477,"ESCADA EXTENSIVEL EM ALUMINIO, COM SAPATAS DE BORRACHA, ALTURA FECHADA 3,60 M, ALTURA ESTENDIDA DE 6,0 A 6,30 M, LARGURA MINIMA DE 35 CM, CACIDADE *120* KG","UN","CR",743.64,927.62,724.58,806.36]
["EQUIPAMENTO (AQUISIÇÃO)",45112,"ESCAVADEIRA HIDRAULICA DE BRACO LONGO (LONGO ALCANCE) SOBRE ESTEIRAS, CACAMBA 0,52 M3, PESO OPERACIONAL 24 T, POTENCIA LIQUIDA 155 HP","UN","CR",0,0,0,1096515.01]
["EQUIPAMENTO (AQUISIÇÃO)",14525,"ESCAVADEIRA HIDRAULICA SOBRE ESTEIRAS COM CACAMBA DE 1,20 M3, PESO OPERACIONAL 21 T, POTENCIA BRUTA 155 HP","UN","CR",0,0,0,953315.28]
["EQUIPAMENTO (AQUISIÇÃO)",36408,"ESCAVADEIRA HIDRAULICA SOBRE ESTEIRAS, CACAMBA 0,4 A 1,70 M3, PESO OPERACIONAL 23,2 T, POTENCIA BRUTA 183 HP","UN","CR",0,0,0,1163813.82]
["EQUIPAMENTO (AQUISIÇÃO)",2723,"ESCAVADEIRA HIDRAULICA SOBRE ESTEIRAS, CACAMBA 0,62M3, PESO OPERACIONAL 12,61T, POTENCIA LIQUIDA 95HP","UN","CR",0,0,0,708408.37]
["EQUIPAMENTO (AQUISIÇÃO)",10685,"ESCAVADEIRA HIDRAULICA SOBRE ESTEIRAS, CACAMBA 0,80M3, PESO OPERACIONAL 17T, POTENCIA BRUTA 111HP","UN","C",0,0,0,842500]
["EQUIPAMENTO (AQUISIÇÃO)",40636,"ESCAVADEIRA HIDRAULICA SOBRE ESTEIRAS, CAPACIDADE DA CACAMBA ENTRE 1,20 E 1,50 M3, PESO OPERACIONAL ENTRE 20,00 E 22,00 TON, POTENCIA LIQUIDA ENTRE 150 E 155 HP, EQUIPADA COM CLAMSHELL","UN","CR",0,0,0,1166650.77]
["MATERIAL",4111,"ESCORA PRE-MOLDADA EM CONCRETO, *10 X 10* CM, H = 2,30M","UN","CR",61.87,66.17,52.27,79.8]
["MATERIAL",44538,"ESCOVA CIRCULAR EM ACO LATONADO, 6 X 1\" (DIAMETRO X ESPESSURA), FURO DE 1 1/4\", FIO ONDULADO *0,30* MM","UN","CR",61.7,76.97,60.12,66.900000000000006]
["MATERIAL",12,"ESCOVA DE ACO, COM CABO, *4 X 15* FILEIRAS DE CERDAS","UN","CR",7.77,9.6999999999999993,7.57,8.43]
["MATERIAL",37554,"ESGUICHO JATO REGULAVEL, TIPO ELKHART, ENGATE RAPIDO 1 1/2\", PARA COMBATE A INCENDIO","UN","CR",0,0,223.13,182.02]
["MATERIAL",37555,"ESGUICHO JATO REGULAVEL, TIPO ELKHART, ENGATE RAPIDO 2 1/2\", PARA COMBATE A INCENDIO","UN","CR",0,0,271.42,221.42]
["MATERIAL",10902,"ESGUICHO TIPO JATO SOLIDO, EM LATAO, ENGATE RAPIDO 1 1/2\" X 13 MM, PARA MANGUEIRA EM INSTALACAO PREDIAL COMBATE A INCENDIO","UN","CR",0,0,68.11,55.56]
["MATERIAL",20965,"ESGUICHO TIPO JATO SOLIDO, EM LATAO, ENGATE RAPIDO 1 1/2\" X 16 MM, PARA MANGUEIRA EM INSTALACAO PREDIAL COMBATE A INCENDIO","UN","CR",0,0,68.739999999999995,56.08]
["MATERIAL",20966,"ESGUICHO TIPO JATO SOLIDO, EM LATAO, ENGATE RAPIDO 1 1/2\" X 19 MM, PARA MANGUEIRA EM INSTALACAO PREDIAL COMBATE A INCENDIO","UN","CR",0,0,74.010000000000005,60.38]
["MATERIAL",10903,"ESGUICHO TIPO JATO SOLIDO, EM LATAO, ENGATE RAPIDO 2 1/2\" X 13 MM, PARA MANGUEIRA EM INSTALACAO PREDIAL COMBATE A INCENDIO","UN","CR",0,0,112.19,91.52]
["MATERIAL",20967,"ESGUICHO TIPO JATO SOLIDO, EM LATAO, ENGATE RAPIDO 2 1/2\" X 16 MM, PARA MANGUEIRA EM INSTALACAO PREDIAL COMBATE A INCENDIO","UN","CR",0,0,112.19,91.52]
["MATERIAL",20968,"ESGUICHO TIPO JATO SOLIDO, EM LATAO, ENGATE RAPIDO 2 1/2\" X 19 MM, PARA MANGUEIRA EM INSTALACAO PREDIAL COMBATE A INCENDIO","UN","CR",0,0,123.04,100.38]
["EQUIPAMENTO (AQUISIÇÃO)",11359,"ESMERILHADEIRA ANGULAR ELETRICA, DIAMETRO DO DISCO 7\" (180 MM), ROTACAO 8500 RPM, POTENCIA 2400 W","UN","C",0,1104.93,0,770.91]
["MATERIAL",39017,"ESPACADOR / DISTANCIADOR CIRCULAR COM ENTRADA LATERAL, EM PLASTICO, PARA VERGALHAO *4,2 A 12,5* MM, COBRIMENTO 20 MM","UN","CR",0,0,0,0.21]
["MATERIAL",39315,"ESPACADOR / DISTANCIADOR TIPO GARRA DUPLA, EM PLASTICO, COBRIMENTO *20* MM, PARA FERRAGENS DE LAJES E FUNDO DE VIGAS","UN","CR",0,0,0,0.35]
["MATERIAL",39016,"ESPACADOR / DISTANCIADOR TIPO PINO EM PLASTICO, PARA VERGALHAO ATE 10 MM, PARA APOIO DE ARMADURA","UN","CR",0,0,0,0.35]
["MATERIAL",39481,"ESPACADOR OU DISTANCIADOR, EM PLASTICO, TIPO APOIO DE CORDOALHA (CARANGUEJO), PARA ARMADURA NEGATIVA E PROTENSAO, COBRIMENTO 50 MM","UN","CR",0,0,0,1.7]
["MATERIAL",39013,"ESPACADOR/SEPARADOR /CENTRALIZADOR DE BARRA DE ACO, PLASTICO, (CHUMBADOR TIPO CARAMBOLA - CB), DIAMETRO INTERNO ATE 20 MM","UN","CR",0,0,0,1.45]
["MATERIAL",44919,"ESPACADOR/SEPARADOR /CENTRALIZADOR DE BARRA DE ACO, PLASTICO, (CHUMBADOR TIPO CARAMBOLA - CB), DIAMETRO INTERNO ENTRE 25 A 32 MM","UN","CR",0,0,0,2.71]
["MATERIAL",40433,"ESPACADOR/SEPARADOR DE CORDOALHA TIPO DISCO 12 FUROS DE 14 MM, PARA TIRANTES","UN","CR",0,0,0,1.5]
["EQUIPAMENTO (AQUISIÇÃO)",20219,"ESPARGIDOR DE ASFALTO PRESSURIZADO, REBOCAVEL, TANQUE DE 2500 L, PNEUMATICO, COM MOTOR A GASOLINA 3,4HP","UN","C",0,0,0,0]
["EQUIPAMENTO (AQUISIÇÃO)",36484,"ESPARGIDOR DE ASFALTO PRESSURIZADO, TANQUE 6 M3 COM ISOLACAO TERMICA, AQUECIDO COM 2 MACARICOS, COM BARRA ESPARGIDORA 3,60 M, A SER MONTADO SOBRE CAMINHAO","UN","CR",0,0,0,0]
["MATERIAL",38368,"ESPATULA DE PLASTICO LISA, LARGURA *10* CM","UN","CR",8.09,0,9.31,7.81]
["MATERIAL",38367,"ESPATULA EM ACO INOX COM CABO DE MADEIRA E LARGURA DE *8* CM","UN","CR",13.89,17.32,13.53,15.06]
["MATERIAL",38091,"ESPELHO / PLACA CEGA 4\" X 2\", PARA INSTALACAO DE TOMADAS E INTERRUPTORES","UN","CR",2.3199999999999998,2.38,3.3,2.2400000000000002]
["MATERIAL",38095,"ESPELHO / PLACA CEGA 4\" X 4\", PARA INSTALACAO DE TOMADAS E INTERRUPTORES","UN","CR",4.91,5.03,6.98,4.74]
["MATERIAL",38092,"ESPELHO / PLACA DE 1 POSTO 4\" X 2\", PARA INSTALACAO DE TOMADAS E INTERRUPTORES","UN","CR",2.2000000000000002,2.25,3.13,2.12]
["MATERIAL",38093,"ESPELHO / PLACA DE 2 POSTOS 4\" X 2\", PARA INSTALACAO DE TOMADAS E INTERRUPTORES","UN","CR",2.27,2.33,3.23,2.2000000000000002]
["MATERIAL",38096,"ESPELHO / PLACA DE 2 POSTOS 4\" X 4\", PARA INSTALACAO DE TOMADAS E INTERRUPTORES","UN","CR",5.28,5.41,7.51,5.0999999999999996]
["MATERIAL",38094,"ESPELHO / PLACA DE 3 POSTOS 4\" X 2\", PARA INSTALACAO DE TOMADAS E INTERRUPTORES","UN","CR",2.79,2.86,3.96,2.69]
["MATERIAL",38097,"ESPELHO / PLACA DE 4 POSTOS 4\" X 4\", PARA INSTALACAO DE TOMADAS E INTERRUPTORES","UN","CR",5.66,5.8,8.0399999999999991,5.47]
["MATERIAL",38098,"ESPELHO / PLACA DE 6 POSTOS 4\" X 4\", PARA INSTALACAO DE TOMADAS E INTERRUPTORES","UN","CR",5.66,5.8,8.0399999999999991,5.47]
["MATERIAL",11186,"ESPELHO CRISTAL E = 4 MM","M2","CR",352.6,573.33000000000004,458.66,286.66000000000003]
["MATERIAL",11558,"ESPELHO, RETO OU CURVO, EM LATAO CROMADO, ESPESSURA ATE 6 MM, LARGURA *40*MM, ALTURA *180*MM - PARA FECHADURA DE EMBUTIR","PAR","CR",16.34,17.2,14.33,16.059999999999999]
["MATERIAL",11557,"ESPELHO, RETO OU CURVO, EM LATAO CROMADO, ESPESSURA MINIMA 6 MM, LARGURA *43*MM, ALTURA *230*MM - PARA FECHADURA DE EMBUTIR","PAR","CR",41.37,43.55,36.270000000000003,40.65]
["MATERIAL",2759,"ESPOLETA SIMPLES N 8.","UN","C",0,0,0,0]
["MATERIAL",38124,"ESPUMA EXPANSIVA DE POLIURETANO, APLICACAO MANUAL - 500 ML","UN","C",25,24.18,23.9,28.95]
["MATERIAL",38380,"ESQUADRO DE ACO 12\" (300 MM), CABO DE ALUMINIO","UN","CR",23.1,28.82,22.51,25.05]
["MATERIAL",45278,"ESQUADRO PARA SOLDA, EM ALUMINIO, 65 MM, COM DUAS MORSAS (GRAMPO SARGENTO)","UN","CR",138.69999999999999,135.03,105.7,132.69]
["MATERIAL",42429,"ESQUI TRIPLO, EM TUBO DE ACO CARBONO, PINTURA NO PROCESSO ELETROSTATICO - EQUIPAMENTO DE GINASTICA PARA ACADEMIA AO AR LIVRE / ACADEMIA DA TERCEIRA IDADE - ATI","UN","CR",0,0,0,0]
["EQUIPAMENTO (AQUISIÇÃO)",39616,"ESTABILIZADOR BIVOLT AUTOMATICO, 1000 VA","UN","C",0,0,708.9,433.69]
["EQUIPAMENTO (AQUISIÇÃO)",39618,"ESTABILIZADOR BIVOLT AUTOMATICO, 1500 VA","UN","CR",0,0,1285.83,786.64]
["EQUIPAMENTO (AQUISIÇÃO)",39619,"ESTABILIZADOR BIVOLT AUTOMATICO, 2000 VA","UN","CR",0,0,1761.06,1077.3800000000001]
["EQUIPAMENTO (AQUISIÇÃO)",39613,"ESTABILIZADOR BIVOLT AUTOMATICO, 300 VA","UN","CR",0,0,281.58999999999997,172.27]
["EQUIPAMENTO (AQUISIÇÃO)",39614,"ESTABILIZADOR BIVOLT AUTOMATICO, 500 VA","UN","CR",0,0,410.82,251.33]
["MATERIAL",38538,"ESTACA PRE-MOLDADA MACICA DE CONCRETO VIBRADO ARMADO, PARA CARGA DE 25 T, SECAO QUADRADA DE *16 X 16*, COM ANEL METALICO INCORPORADO A PECA (SOMENTE FORNECIMENTO)","M","C",0,0,0,0]
["MATERIAL",38539,"ESTACA PRE-MOLDADA MACICA DE CONCRETO VIBRADO ARMADO, PARA CARGA DE 50 T, SECAO QUADRADA, COM ANEL METALICO INCORPORADO A PECA (SOMENTE FORNECIMENTO)","M","CR",0,0,0,0]
["MATERIAL",38540,"ESTACA PRE-MOLDADA VAZADA DE CONCRETO CENTRIFUGADO, PARA CARGA DE 100 T, SECAO CIRCULAR, COM ANEL METALICO INCORPORADO A PECA (SOMENTE FORNECIMENTO)","M","CR",0,0,0,0]
["MATERIAL",38384,"ESTILETE DE METAL, LAMINA 18 MM","UN","CR",16.64,20.75,16.21,18.04]
["MATERIAL",13,"ESTOPA","KG","CR",17.190000000000001,22.95,19.920000000000002,21.92]
["MATERIAL",2762,"ESTOPIM SIMPLES","M","CR",0,0,0,0]
["MATERIAL",21142,"ESTRIBO COM PARAFUSO EM CHAPA DE FERRO FUNDIDO DE 2\" X 3/16\" X 35 CM, SECAO \"U\", PARA MADEIRAMENTO DE TELHADO","UN","CR",24.04,27.81,0,32.049999999999997]
["MATERIAL",4223,"ETANOL","L","C",4.21,4.78,4.6500000000000004,4.17]
["MATERIAL",37372,"EXAMES - HORISTA (COLETADO CAIXA - ENCARGOS COMPLEMENTARES)","H","C",1.43,1.43,1.43,1.43]
["MATERIAL",40863,"EXAMES - MENSALISTA (COLETADO CAIXA - ENCARGOS COMPLEMENTARES)","MES","C",270.51,270.51,270.51,270.51]
["MATERIAL",38475,"EXTENSAO DE SOLDA 201 ACETILENO, E = *1,5 A 2,5* MM (N2)","UN","CR",73.25,71.31,55.82,70.069999999999993]
["MATERIAL",38474,"EXTENSAO DE SOLDA 201 GLP, E = *2,5 A 4,0* MM (N4)","UN","CR",74.260000000000005,72.3,56.59,71.05]
["MATERIAL",10886,"EXTINTOR DE INCENDIO PORTATIL COM CARGA DE AGUA PRESSURIZADA DE 10 L, CLASSE A","UN","CR",179.37,200.37,210,155.31]
["MATERIAL",10888,"EXTINTOR DE INCENDIO PORTATIL COM CARGA DE GAS CARBONICO CO2 DE 4 KG, CLASSE BC","UN","CR",567.69000000000005,634.15,664.61,491.53]
["MATERIAL",10889,"EXTINTOR DE INCENDIO PORTATIL COM CARGA DE GAS CARBONICO CO2 DE 6 KG, CLASSE BC","UN","CR",615,687,720,532.5]
["MATERIAL",10890,"EXTINTOR DE INCENDIO PORTATIL COM CARGA DE PO QUIMICO SECO (PQS) DE 12 KG, CLASSE BC","UN","CR",283.83999999999997,317.07,332.3,245.76]
["MATERIAL",10891,"EXTINTOR DE INCENDIO PORTATIL COM CARGA DE PO QUIMICO SECO (PQS) DE 4 KG, CLASSE BC","UN","CR",173.46,193.76,203.07,150.19]
["MATERIAL",10892,"EXTINTOR DE INCENDIO PORTATIL COM CARGA DE PO QUIMICO SECO (PQS) DE 6 KG, CLASSE BC","UN","C",205,229,240,177.5]
["MATERIAL",20977,"EXTINTOR DE INCENDIO PORTATIL COM CARGA DE PO QUIMICO SECO (PQS) DE 8 KG, CLASSE BC","UN","CR",244.42,273.02999999999997,286.14999999999998,211.63]
["MATERIAL",3073,"EXTREMIDADE PVC PBA, BF, JE, DN 100/ DE 110 MM","UN","CR",0,0,0,238.61]
["MATERIAL",3074,"EXTREMIDADE PVC PBA, BF, JE, DN 75/ DE 85 MM","UN","CR",0,0,0,150.63999999999999]
["MATERIAL",3076,"EXTREMIDADE PVC PBA, PF, JE, DN 100 / DE 110 MM","UN","CR",0,0,0,196.16]
["MATERIAL",3075,"EXTREMIDADE PVC PBA, PF, JE, DN 75 / DE 85 MM","UN","CR",0,0,0,123.96]
["MATERIAL",10781,"EXTREMIDADE/TUBETE PARA HIDROMETRO PVC, COM ROSCA, CURTA, COM BUCHA LATAO, 3/4\" OU 1/2\"","UN","CR",0,0,0,16.809999999999999]
["MATERIAL",11480,"FECHADURA AUXILIAR DE SEGURANCA PARA PORTA EXTERNA, EM ACO INOX, BROCA DE 45 A 55 MM, LINGUETA COM 3 AVANCOS, INCLUINDO 2 CHAVES TIPO CILINDRO","CJ","CR",158.1,125.97,144.66,129.47]
["MATERIAL",43612,"FECHADURA BICO DE PAPAGAIO PARA PORTA DE CORRER EXTERNA, EM ACO INOX COM ACABAMENTO CROMADO, MAQUINA COM 45 MM, INCLUINDO CHAVE TIPO CILINDRO","CJ","CR",124.44,99.15,113.86,101.9]
["MATERIAL",43613,"FECHADURA BICO DE PAPAGAIO PARA PORTA DE CORRER INTERNA, EM ACO INOX COM ACABAMENTO CROMADO, MAQUINA COM 45 MM, INCLUINDO CHAVE TIPO BIPARTIDA","CJ","CR",103.02,82.08,94.26,84.36]
["MATERIAL",11469,"FECHADURA DE EMBUTIR PARA GAVETA E MOVEIS DE MADEIRA, EM ACO INOX COM ACABAMENTO CROMADO, COM ABAS LATERAIS, CILINDRO COM 22 MM DE DIAMETRO, INCLUINDO CHAVE COM PERFIL METALICO E CAPA ESCAMOTEAVEL","UN","CR",16.88,13.45,15.44,13.82]
["MATERIAL",11468,"FECHADURA DE SOBREPOR PARA GAVETAS E ARMARIOS, EM ACO INOX COM ACABAMENTO CROMADO, COM CILINDRO DE APROX 20 MM","UN","CR",16.89,13.45,15.45,13.83]
["MATERIAL",11484,"FECHADURA DE SOBREPOR PARA PORTAO, EM ACO INOX COM ACABAMENTO CROMADO, CAIXA DE 100 MM, INCLUINDO CHAVE TIPO CILINDRO","UN","CR",74.17,59.1,67.86,60.74]
["MATERIAL",38155,"FECHADURA DE SOBREPOR PARA PORTAO, EM ACO INOX COM ACABAMENTO CROMADO, CAIXA DE 100 MM, INCLUINDO CHAVE TIPO TETRA","UN","CR",115.16,91.76,105.36,94.3]
["MATERIAL",11467,"FECHADURA DE SOBREPOR TIPO CAIXAO, EM FERRO COM ACABAMENTO RESINADO, SEM MACANETA, SEM CILINDRO, INCLUINDO CHAVE TIPO SIMPLES","UN","CR",26.31,20.96,24.07,21.55]
["MATERIAL",38153,"FECHADURA ESPELHO PARA PORTA DE BANHEIRO, EM ACO INOX (MAQUINA, TESTA E CONTRA-TESTA) E EM ZAMAC (MACANETA, LINGUETA E TRINCOS) COM ACABAMENTO CROMADO, MAQUINA DE 40 MM, INCLUINDO CHAVE TIPO TRANQUETA","CJ","CR",67.22,53.56,61.5,55.04]
["MATERIAL",43607,"FECHADURA ESPELHO PARA PORTA DE BANHEIRO, EM ACO INOX (MAQUINA, TESTA E CONTRA-TESTA) E EM ZAMAC (MACANETA, LINGUETA E TRINCOS) COM ACABAMENTO CROMADO, MAQUINA DE 55 MM, INCLUINDO CHAVE TIPO TRANQUETA (CONJUNTO DE FECHADURAS)","CJ","CR",127.13,101.3,116.32,104.11]
["MATERIAL",3080,"FECHADURA ESPELHO PARA PORTA EXTERNA, EM ACO INOX (MAQUINA, TESTA E CONTRA-TESTA) E EM ZAMAC (MACANETA, LINGUETA E TRINCOS) COM ACABAMENTO CROMADO, MAQUINA DE 40 MM, INCLUINDO CHAVE TIPO CILINDRO","CJ","C",85.48,68.11,78.209999999999994,70]
["MATERIAL",3081,"FECHADURA ESPELHO PARA PORTA EXTERNA, EM ACO INOX (MAQUINA, TESTA E CONTRA-TESTA) E EM ZAMAC (MACANETA, LINGUETA E TRINCOS) COM ACABAMENTO CROMADO, MAQUINA DE 55 MM, INCLUINDO CHAVE TIPO CILINDRO","CJ","CR",169.12,134.75,154.74,138.49]
["MATERIAL",3090,"FECHADURA ESPELHO PARA PORTA INTERNA, EM ACO INOX (MAQUINA, TESTA E CONTRA-TESTA) E EM ZAMAC (MACANETA, LINGUETA E TRINCOS) COM ACABAMENTO CROMADO, MAQUINA DE 40 MM, INCLUINDO CHAVE TIPO INTERNA","CJ","CR",76.290000000000006,60.79,69.81,62.48]
["MATERIAL",43611,"FECHADURA ESPELHO PARA PORTA INTERNA, EM ACO INOX (MAQUINA, TESTA E CONTRA-TESTA) E EM ZAMAC (MACANETA, LINGUETA E TRINCOS) COM ACABAMENTO CROMADO, MAQUINA DE 55 MM, INCLUINDO CHAVE TIPO INTERNA","CJ","CR",126.6,100.88,115.84,103.68]
["MATERIAL",3103,"FECHADURA PARA PORTA PIVOTANTE DE VIDRO TEMPERADO, EM ACO INOX COM ACABAMENTO CROMADO, RECORTE PADRAO SANTA MARINA, COM CILINDRO EM LATAO, INCLUINDO CHAVE TIPO CILINDRO","UN","CR",63.26,50.4,57.88,51.8]
["MATERIAL",3097,"FECHADURA ROSETA REDONDA PARA PORTA DE BANHEIRO, EM ACO INOX (MAQUINA, TESTA E CONTRA-TESTA) E EM ZAMAC (MACANETA, LINGUETA E TRINCOS) COM ACABAMENTO CROMADO, MAQUINA DE 40 MM, INCLUINDO CHAVE TIPO TRANQUETA","CJ","CR",95.71,76.260000000000005,87.57,78.37]
["MATERIAL",3099,"FECHADURA ROSETA REDONDA PARA PORTA DE BANHEIRO, EM ACO INOX (MAQUINA, TESTA E CONTRA-TESTA) E EM ZAMAC (MACANETA, LINGUETA E TRINCOS) COM ACABAMENTO CROMADO, MAQUINA DE 55 MM, INCLUINDO CHAVE TIPO TRANQUETA","CJ","CR",153.25,122.11,140.21,125.49]
["MATERIAL",38151,"FECHADURA ROSETA REDONDA PARA PORTA EXTERNA, EM ACO INOX (MAQUINA, TESTA E CONTRA-TESTA) E EM ZAMAC (MACANETA, LINGUETA E TRINCOS) COM ACABAMENTO CROMADO, MAQUINA DE 40 MM, INCLUINDO CHAVE TIPO CILINDRO","CJ","CR",111.1,88.52,101.65,90.98]
["MATERIAL",38152,"FECHADURA ROSETA REDONDA PARA PORTA EXTERNA, EM ACO INOX (MAQUINA, TESTA E CONTRA-TESTA) E EM ZAMAC (MACANETA, LINGUETA E TRINCOS) COM ACABAMENTO CROMADO, MAQUINA DE 55 MM, INCLUINDO CHAVE TIPO CILINDRO","CJ","CR",179.22,142.80000000000001,163.97,146.76]
["MATERIAL",43610,"FECHADURA ROSETA REDONDA PARA PORTA INTERNA, EM ACO INOX (MAQUINA, TESTA E CONTRA-TESTA) E EM ZAMAC (MACANETA, LINGUETA E TRINCOS) COM ACABAMENTO CROMADO, MAQUINA DE 40 MM, INCLUINDO CHAVE TIPO INTERNA (CONJUNTO DE FECHADURAS)","CJ","CR",94.96,75.66,86.88,77.760000000000005]
["MATERIAL",3093,"FECHADURA ROSETA REDONDA PARA PORTA INTERNA, EM ACO INOX (MAQUINA, TESTA E CONTRA-TESTA) E EM ZAMAC (MACANETA, LINGUETA E TRINCOS) COM ACABAMENTO CROMADO, MAQUINA DE 55 MM, INCLUINDO CHAVE TIPO INTERNA","CJ","CR",153.25,122.11,140.21,125.49]
["MATERIAL",38165,"FECHO / FECHADURA COM PUXADOR CONCHA, COM TRANCA TIPO TRAVA, PARA JANELA / PORTA DE CORRER (INCLUI TESTA, FECHADURA, PUXADOR) - COMPLETA","CJ","CR",78.62,82.76,68.930000000000007,77.25]
["MATERIAL",38177,"FECHO / TRINCO TIPO AVIAO, EM ZAMAC CROMADO, *60* MM, PARA JANELAS - INCLUI PARAFUSOS","UN","CR",23.36,24.59,20.48,22.95]
["MATERIAL",11458,"FECHO DE SEGURANCA, TIPO BATOM, EM LATAO / ZAMAC, CROMADO, PARA PORTAS E JANELAS - INCLUI PARAFUSOS","UN","CR",27.89,29.36,24.45,27.4]
["MATERIAL",3108,"FECHO QUEBRA UNHA, EM LATAO COM ACABAMENTO CROMADO, DE EMBUTIR, COM COMANDO ALAVANCA, ALTURA DE DE 22 CM, LARGURA MINIMA DE 1,90 CM E ESPESSURA MINIMA DE 1,90 MM, PARA PORTAS E JANELAS (INCLUI PARAFUSOS)","UN","CR",118.58,124.82,103.96,116.5]
["MATERIAL",3105,"FECHO QUEBRA UNHA, EM LATAO COM ACABAMENTO CROMADO, DE EMBUTIR, COM COMANDO ALAVANCA, ALTURA DE DE 40 CM, LARGURA MINIMA DE 1,90 CM E ESPESSURA MINIMA DE 1,90 MM, PARA PORTAS E JANELAS (INCLUI PARAFUSOS)","UN","CR",155.09,163.25,135.97,152.37]
["MATERIAL",38178,"FECHO QUEBRA UNHA, EM LATAO COM ACABAMENTO CROMADO, DE EMBUTIR, COM COMANDO DESLIZANTE, ALTURA DE 12 CM, LARGURA MINIMA DE 1,90 CM E ESPESSURA MINIMA DE 1,90 MM","UN","CR",25.7,27.06,22.54,25.25]
["MATERIAL",43575,"FECHO QUEBRA UNHA, EM LATAO COM ACABAMENTO CROMADO, DE EMBUTIR, COM COMANDO DESLIZANTE, ALTURA DE 22 CM, LARGURA MINIMA DE 1,90 CM E ESPESSURA MINIMA DE 1,90 MM","UN","CR",55.7,58.63,48.83,54.72]
["MATERIAL",43577,"FECHO QUEBRA UNHA, EM LATAO COM ACABAMENTO CROMADO, DE EMBUTIR, COM COMANDO DESLIZANTE, ALTURA DE 40 CM, LARGURA MINIMA DE 1,90 CM E ESPESSURA MINIMA DE 1,90 MM","UN","CR",96.84,101.93,84.9,95.14]
["MATERIAL",43458,"FERRAMENTAS - FAMILIA ALMOXARIFE - HORISTA (ENCARGOS COMPLEMENTARES - COLETADO CAIXA)","H","C",0.06,0.06,0.06,0.06]
["MATERIAL",43470,"FERRAMENTAS - FAMILIA ALMOXARIFE - MENSALISTA (ENCARGOS COMPLEMENTARES - COLETADO CAIXA)","MES","C",11.14,11.14,11.14,11.14]
["MATERIAL",43459,"FERRAMENTAS - FAMILIA CARPINTEIRO DE FORMAS - HORISTA (ENCARGOS COMPLEMENTARES - COLETADO CAIXA)","H","C",0.44,0.44,0.44,0.44]
["MATERIAL",43471,"FERRAMENTAS - FAMILIA CARPINTEIRO DE FORMAS - MENSALISTA (ENCARGOS COMPLEMENTARES - COLETADO CAIXA)","MES","C",82.31,82.31,82.31,82.31]
["MATERIAL",43460,"FERRAMENTAS - FAMILIA ELETRICISTA - HORISTA (ENCARGOS COMPLEMENTARES - COLETADO CAIXA)","H","C",0.86,0.86,0.86,0.86]
["MATERIAL",43472,"FERRAMENTAS - FAMILIA ELETRICISTA - MENSALISTA (ENCARGOS COMPLEMENTARES - COLETADO CAIXA)","MES","C",161.72999999999999,161.72999999999999,161.72999999999999,161.72999999999999]
["MATERIAL",43461,"FERRAMENTAS - FAMILIA ENCANADOR - HORISTA (ENCARGOS COMPLEMENTARES - COLETADO CAIXA)","H","C",0.31,0.31,0.31,0.31]
["MATERIAL",43473,"FERRAMENTAS - FAMILIA ENCANADOR - MENSALISTA (ENCARGOS COMPLEMENTARES - COLETADO CAIXA)","MES","C",59.01,59.01,59.01,59.01]
["MATERIAL",43463,"FERRAMENTAS - FAMILIA ENCARREGADO GERAL - HORISTA (ENCARGOS COMPLEMENTARES - COLETADO CAIXA)","H","C",0.08,0.08,0.08,0.08]
["MATERIAL",43475,"FERRAMENTAS - FAMILIA ENCARREGADO GERAL - MENSALISTA (ENCARGOS COMPLEMENTARES - COLETADO CAIXA)","MES","C",15.46,15.46,15.46,15.46]
["MATERIAL",43462,"FERRAMENTAS - FAMILIA ENGENHEIRO CIVIL - HORISTA (ENCARGOS COMPLEMENTARES - COLETADO CAIXA)","H","C",0.01,0.01,0.01,0.01]
["MATERIAL",43474,"FERRAMENTAS - FAMILIA ENGENHEIRO CIVIL - MENSALISTA (ENCARGOS COMPLEMENTARES - COLETADO CAIXA)","MES","C",2.35,2.35,2.35,2.35]
["MATERIAL",43464,"FERRAMENTAS - FAMILIA OPERADOR ESCAVADEIRA - HORISTA (ENCARGOS COMPLEMENTARES - COLETADO CAIXA)","H","C",0.01,0.01,0.01,0.01]
["MATERIAL",43476,"FERRAMENTAS - FAMILIA OPERADOR ESCAVADEIRA - MENSALISTA (ENCARGOS COMPLEMENTARES - COLETADO CAIXA)","MES","C",0.01,0.01,0.01,0.01]
["MATERIAL",43465,"FERRAMENTAS - FAMILIA PEDREIRO - HORISTA (ENCARGOS COMPLEMENTARES - COLETADO CAIXA)","H","C",0.78,0.78,0.78,0.78]
["MATERIAL",43477,"FERRAMENTAS - FAMILIA PEDREIRO - MENSALISTA (ENCARGOS COMPLEMENTARES - COLETADO CAIXA)","MES","C",147.87,147.87,147.87,147.87]
["MATERIAL",43466,"FERRAMENTAS - FAMILIA PINTOR - HORISTA (ENCARGOS COMPLEMENTARES - COLETADO CAIXA)","H","C",2.0499999999999998,2.0499999999999998,2.0499999999999998,2.0499999999999998]
["MATERIAL",43478,"FERRAMENTAS - FAMILIA PINTOR - MENSALISTA (ENCARGOS COMPLEMENTARES - COLETADO CAIXA)","MES","C",387.36,387.36,387.36,387.36]
["MATERIAL",43467,"FERRAMENTAS - FAMILIA SERVENTE - HORISTA (ENCARGOS COMPLEMENTARES - COLETADO CAIXA)","H","C",0.61,0.61,0.61,0.61]
["MATERIAL",43479,"FERRAMENTAS - FAMILIA SERVENTE - MENSALISTA (ENCARGOS COMPLEMENTARES - COLETADO CAIXA)","MES","C",114.77,114.77,114.77,114.77]
["MATERIAL",43468,"FERRAMENTAS - FAMILIA SOLDADOR - HORISTA (ENCARGOS COMPLEMENTARES - COLETADO CAIXA)","H","C",1.21,1.21,1.21,1.21]
["MATERIAL",43480,"FERRAMENTAS - FAMILIA SOLDADOR - MENSALISTA (ENCARGOS COMPLEMENTARES - COLETADO CAIXA)","MES","C",228.92,228.92,228.92,228.92]
["MATERIAL",43469,"FERRAMENTAS - FAMILIA TOPOGRAFO - HORISTA (ENCARGOS COMPLEMENTARES - COLETADO CAIXA)","H","C",0.05,0.05,0.05,0.05]
["MATERIAL",43481,"FERRAMENTAS - FAMILIA TOPOGRAFO - MENSALISTA (ENCARGOS COMPLEMENTARES - COLETADO CAIXA)","MES","C",9.89,9.89,9.89,9.89]
["MATERIAL",45204,"FERRO DE SOLDA, POTENCIA 40 W","UN","CR",54.19,52.76,41.3,51.84]
["MATERIAL",3119,"FERROLHO COM FECHO / TRINCO REDONDO, EM ACO GALVANIZADO / ZINCADO, DE SOBREPOR, COM COMPRIMENTO DE 2\" E ESPESSURA MINIMA DA CHAPA DE 0,90 MM, PARA PORTAS E JANELAS","UN","CR",3.02,3.18,2.64,2.96]
["MATERIAL",3122,"FERROLHO COM FECHO / TRINCO REDONDO, EM ACO GALVANIZADO / ZINCADO, DE SOBREPOR, COM COMPRIMENTO DE 3\" A 4\" E ESPESSURA MINIMA DA CHAPA DE 0,90 MM","UN","CR",6.14,6.47,5.38,6.03]
["MATERIAL",3121,"FERROLHO COM FECHO / TRINCO REDONDO, EM ACO GALVANIZADO / ZINCADO, DE SOBREPOR, COM COMPRIMENTO DE 5\" E ESPESSURA MINIMA DA CHAPA DE 0,90 MM","UN","CR",6.96,7.33,6.1,6.84]
["MATERIAL",3120,"FERROLHO COM FECHO / TRINCO REDONDO, EM ACO GALVANIZADO / ZINCADO, DE SOBREPOR, COM COMPRIMENTO DE 6\" E ESPESSURA MINIMA DA CHAPA DE 1,50 MM","UN","CR",13.2,13.9,11.57,12.97]
["MATERIAL",11455,"FERROLHO COM FECHO / TRINCO REDONDO, EM ACO GALVANIZADO / ZINCADO, DE SOBREPOR, COM COMPRIMENTO DE 8\" E ESPESSURA MINIMA DA CHAPA DE 1,50 MM","UN","CR",19.09,20.100000000000001,16.739999999999998,18.760000000000002]
["MATERIAL",11456,"FERROLHO COM FECHO /TRINCO REDONDO, EM ACO GALVANIZADO / ZINCADO, DE SOBREPOR, COM COMPRIMENTO DE 10\" A 12\" E ESPESSURA MINIMA DA CHAPA DE 1,50 MM","UN","CR",22.82,24.03,20.010000000000002,22.42]
["MATERIAL",3107,"FERROLHO COM FECHO CHATO E PORTA CADEADO, EM ACO GALVANIZADO / ZINCADO, DE SOBREPOR, COM COMPRIMENTO DE 3\" A 4\", CHAPA COM ESPESSURA MINIMA DE 0,90 MM E LARGURA MINIMA DE 3,20 CM (FECHO SIMPLES / LEVE) (INCLUI PARAFUSOS)","UN","CR",9.6300000000000008,10.130000000000001,8.44,9.4600000000000009]
["MATERIAL",43583,"FERROLHO COM FECHO CHATO E PORTA CADEADO, EM ACO GALVANIZADO / ZINCADO, DE SOBREPOR, COM COMPRIMENTO DE 3\" A 4\", CHAPA COM ESPESSURA MINIMA DE 1,70 MM E LARGURA MINIMA DE 5,00 CM (FECHO REFORCADO)","UN","CR",10.86,11.43,9.52,10.67]
["MATERIAL",43586,"FERROLHO COM FECHO CHATO E PORTA CADEADO, EM ACO GALVANIZADO / ZINCADO, DE SOBREPOR, COM COMPRIMENTO DE 5\", CHAPA COM ESPESSURA MINIMA DE 0,90 MM E LARGURA MINIMA DE 3,20 CM (FECHO SIMPLES)","UN","CR",11.13,11.71,9.75,10.93]
["MATERIAL",11461,"FERROLHO COM FECHO CHATO E PORTA CADEADO, EM ACO GALVANIZADO / ZINCADO, DE SOBREPOR, COM COMPRIMENTO DE 5\", CHAPA COM ESPESSURA MINIMA DE 1,70 MM E LARGURA MINIMA DE 5,00 CM (FECHO REFORCADO)","UN","CR",12.13,12.76,10.63,11.91]
["MATERIAL",43587,"FERROLHO COM FECHO CHATO E PORTA CADEADO, EM ACO GALVANIZADO / ZINCADO, DE SOBREPOR, COM COMPRIMENTO DE 6\", CHAPA COM ESPESSURA MINIMA DE 0,90 MM E LARGURA MINIMA DE 3,80 CM (FECHO SIMPLES)","UN","CR",13.99,14.73,12.27,13.75]
["MATERIAL",3106,"FERROLHO COM FECHO CHATO E PORTA CADEADO, EM ACO GALVANIZADO / ZINCADO, DE SOBREPOR, COM COMPRIMENTO DE 6\", CHAPA COM ESPESSURA MINIMA DE 1,70 MM E LARGURA /MINIMA DE 5,00 CM (FECHO REFORCADO) (INCLUI PARAFUSOS)","UN","CR",17.75,18.690000000000001,15.56,17.440000000000001]
["MATERIAL",44539,"FERTILIZANTE NPK - 10:10:10","KG","CR",3.02,3.86,3.73,3.12]
["MATERIAL",3123,"FERTILIZANTE NPK - 4: 14: 8","KG","C",2.82,3.6,3.48,2.91]
["MATERIAL",38125,"FERTILIZANTE ORGANICO COMPOSTO, CLASSE A","KG","CR",1.71,1.88,1.37,1.43]
["MATERIAL",39014,"FIBRA DE ACO PARA REFORCO DO CONCRETO, SOLTA, TIPO A-I, FATOR DE FORMA *50* L / D, COMPRIMENTO DE *30* MM E RESISTENCIA A TRACAO DO ACO MAIOR 1000 MPA","KG","CR",9.51,0,8.4499999999999993,8.17]
["MATERIAL",39365,"FILTRO ANAEROBIO, EM POLIETILENO DE ALTA DENSIDADE (PEAD), CAPACIDADE *1100* LITROS (NBR 13969)","UN","CR",1805.14,2297.4699999999998,2096.9499999999998,2105.5300000000002]
["MATERIAL",39366,"FILTRO ANAEROBIO, EM POLIETILENO DE ALTA DENSIDADE (PEAD), CAPACIDADE *2800* LITROS (NBR 13969)","UN","CR",2738.69,3485.64,3181.42,3194.43]
["MATERIAL",39367,"FILTRO ANAEROBIO, EM POLIETILENO DE ALTA DENSIDADE (PEAD), CAPACIDADE *5000* LITROS (NBR 13969)","UN","CR",4692.5600000000004,5972.42,5451.16,5473.45]
["MATERIAL",45263,"FILTRO QUIMICO PARA RESPIRADOR SEMI FACIAL, PROTECAO CONTRA VAPORES ORGANICOS E GASES ACIDOS","UN","CR",15.24,20.88,17.37,17.22]
["MATERIAL",37394,"FINCAPINO CURTO CALIBRE 22, CARGA MEDIA POTENCIA 5 (PARA FERRAMENTA DE ACAO DIRETA) COR VERMELHA","CENTO","CR",0,0,0,93.28]
["MATERIAL",14146,"FINCAPINO LONGO CALIBRE 22, CARGA FORTE POTENCIA 7 (PARA FERRAMENTA DE ACAO DIRETA), COR AMARELA","CENTO","C",0,0,0,150]
["MATERIAL",938,"FIO DE COBRE, SOLIDO, CLASSE 1, ISOLACAO EM PVC/A, ANTICHAMA BWF-B, 450/750V, SECAO NOMINAL 1,5 MM2","M","CR",1.66,1.82,1.91,1.65]
["MATERIAL",937,"FIO DE COBRE, SOLIDO, CLASSE 1, ISOLACAO EM PVC/A, ANTICHAMA BWF-B, 450/750V, SECAO NOMINAL 10 MM2","M","CR",9.7100000000000009,10.63,11.16,9.61]
["MATERIAL",939,"FIO DE COBRE, SOLIDO, CLASSE 1, ISOLACAO EM PVC/A, ANTICHAMA BWF-B, 450/750V, SECAO NOMINAL 2,5 MM2","M","CR",2.69,2.95,3.1,2.67]
["MATERIAL",944,"FIO DE COBRE, SOLIDO, CLASSE 1, ISOLACAO EM PVC/A, ANTICHAMA BWF-B, 450/750V, SECAO NOMINAL 4 MM2","M","CR",4.25,4.66,4.8899999999999997,4.21]
["MATERIAL",940,"FIO DE COBRE, SOLIDO, CLASSE 1, ISOLACAO EM PVC/A, ANTICHAMA BWF-B, 450/750V, SECAO NOMINAL 6 MM2","M","CR",6.14,6.73,7.06,6.08]
["MATERIAL",44397,"FITA / CINTA AUTOADESIVA ELASTOMERICA PARA VEDACAO, L= 50 MM, E = 3 MM","M","CR",4.12,4.1900000000000004,4.5999999999999996,4.25]
["MATERIAL",406,"FITA ACO INOX PARA CINTAR POSTE, L = 19 MM, E = 0,5 MM (ROLO DE 30M)","UN","CR",76.540000000000006,90.86,86.14,95.63]
["MATERIAL",42529,"FITA ADESIVA ALUMINIZADA, PARA INSTALACAO DE MANTAS DE SUBCOBERTURA, L = *5* CM","M","CR",0,0,1.39,1.24]
["MATERIAL",39634,"FITA ADESIVA ANTICORROSIVA DE PVC FLEXIVEL, COR PRETA, PARA PROTECAO TUBULACAO, 50 MM X 30 M (L X C), E= *0,25* MM","M","CR",5.94,7.79,8.77,7.79]
["MATERIAL",39701,"FITA ADESIVA ASFALTICA ALUMINIZADA MULTIUSO, L = 10 CM, ROLO DE 10 M","UN","CR",87.64,0,95.49,92.34]
["MATERIAL",12815,"FITA CREPE ROLO DE *25* MM X 50 M","UN","CR",12.08,16.13,14,15.41]
["MATERIAL",39431,"FITA DE PAPEL MICROPERFURADO, 50 X 150 MM, PARA TRATAMENTO DE JUNTAS DE CHAPA DE GESSO PARA DRYWALL","M","CR",0.32,0.32,0.3,0.33]
["MATERIAL",39432,"FITA DE PAPEL REFORCADA COM LAMINA DE METAL PARA REFORCO DE CANTOS DE CHAPA DE GESSO PARA DRYWALL","M","CR",2.84,2.9,2.67,2.91]
["MATERIAL",20111,"FITA ISOLANTE ADESIVA ANTICHAMA, USO ATE 750 V, EM ROLO DE 19 MM X 20 M","UN","C",9.01,10,12.08,9.76]
["MATERIAL",21127,"FITA ISOLANTE ADESIVA ANTICHAMA, USO ATE 750 V, EM ROLO DE 19 MM X 5 M","UN","CR",3.4,3.78,4.5599999999999996,3.69]
["MATERIAL",404,"FITA ISOLANTE DE BORRACHA AUTOFUSAO, USO ATE 69 KV (ALTA TENSAO), LARGURA DE 19 MM","M","CR",1.22,1.36,1.64,1.33]
["MATERIAL",14151,"FITA METALICA GRAVADA, L = 17 MM, ROLO DE 25 M, CARGA RECOMENDADA = *120* KGF","UN","CR",0,0,0,107.81]
["MATERIAL",14153,"FITA METALICA PERFURADA, L = *18* MM, ROLO DE 30 M, CARGA RECOMENDADA = *30* KGF","UN","CR",0,0,0,121.87]
["MATERIAL",14152,"FITA METALICA PERFURADA, L = 17 MM, ROLO DE 30 M, CARGA RECOMENDADA = *19* KGF","UN","CR",0,0,0,93.56]
["MATERIAL",14154,"FITA METALICA PERFURADA, L = 25 MM, ROLO DE 30 M, CARGA RECOMENDADA = *222,5* KGF","UN","CR",0,0,0,327.45999999999998]
["MATERIAL",3146,"FITA VEDA ROSCA, EM PTFE, ROLO DE 18 MM X 10 M (L X C)","UN","C",3.05,4,4.5,4]
["MATERIAL",3143,"FITA VEDA ROSCA, EM PTFE, ROLO DE 18 MM X 25 M (L X C)","UN","CR",6.93,9.1,10.23,9.1]
["MATERIAL",3148,"FITA VEDA ROSCA, EM PTFE, ROLO DE 18 MM X 50 M (L X C)","UN","CR",11.24,14.75,16.59,14.75]
["MATERIAL",4310,"FIXADOR DE ABA AUTOTRAVANTE PARA TELHA DE FIBROCIMENTO, TIPO CANALETE 90 OU KALHETAO","UN","CR",2.29,2.65,0,3.06]
["MATERIAL",4311,"FIXADOR DE ABA SIMPLES PARA TELHA DE FIBROCIMENTO, TIPO CANALETA 49 OU KALHETA","UN","CR",1.61,1.87,0,2.15]
["MATERIAL",4312,"FIXADOR DE ABA SIMPLES PARA TELHA DE FIBROCIMENTO, TIPO CANALETA 90 OU KALHETAO","UN","CR",2.2599999999999998,2.62,0,3.02]
["MATERIAL",13261,"FLANELA *30 X 40* CM","UN","CR",2.19,2.92,2.5299999999999998,2.79]
["MATERIAL",3272,"FLANGE SEXTAVADO DE FERRO GALVANIZADO, COM ROSCA BSP, DE 1 1/2\"","UN","CR",0,51.21,0,52.84]
["MATERIAL",3265,"FLANGE SEXTAVADO DE FERRO GALVANIZADO, COM ROSCA BSP, DE 1 1/4\"","UN","CR",0,40.68,0,41.98]
["MATERIAL",3264,"FLANGE SEXTAVADO DE FERRO GALVANIZADO, COM ROSCA BSP, DE 1\"","UN","CR",0,29.25,0,30.19]
["MATERIAL",3262,"FLANGE SEXTAVADO DE FERRO GALVANIZADO, COM ROSCA BSP, DE 1/2\"","UN","CR",0,17.809999999999999,0,18.38]
["MATERIAL",3267,"FLANGE SEXTAVADO DE FERRO GALVANIZADO, COM ROSCA BSP, DE 2 1/2\"","UN","CR",0,95.54,0,98.6]
["MATERIAL",3266,"FLANGE SEXTAVADO DE FERRO GALVANIZADO, COM ROSCA BSP, DE 2\"","UN","CR",0,60.78,0,62.73]
["MATERIAL",3268,"FLANGE SEXTAVADO DE FERRO GALVANIZADO, COM ROSCA BSP, DE 3\"","UN","CR",0,129.16999999999999,0,133.31]
["MATERIAL",3263,"FLANGE SEXTAVADO DE FERRO GALVANIZADO, COM ROSCA BSP, DE 3/4\"","UN","CR",0,24.33,0,25.1]
["MATERIAL",3271,"FLANGE SEXTAVADO DE FERRO GALVANIZADO, COM ROSCA BSP, DE 4\"","UN","CR",0,190.97,0,197.08]
["MATERIAL",3270,"FLANGE SEXTAVADO DE FERRO GALVANIZADO, COM ROSCA BSP, DE 6\"","UN","CR",0,320.85000000000002,0,331.11]
["MATERIAL",45256,"FORMAO CHANFRADO 1\", CABO DE MADEIRA","UN","CR",28.95,36.119999999999997,28.21,31.4]
["SERVIÇOS",3275,"FORRO COMPOSTO POR PAINEIS DE LA DE VIDRO, REVESTIDOS EM PVC MICROPERFURADO, DE *1250 X 625* MM, ESPESSURA 15 MM (COM COLOCACAO)","M2","CR",101.15,119.72,92.84,117.27]
["SERVIÇOS",39512,"FORRO DE FIBRA MINERAL EM PLACAS DE 1250 X 625 MM, E = 15 MM, BORDA RETA, COM PINTURA ANTIMOFO, APOIADO EM PERFIL DE ACO GALVANIZADO COM 24 MM DE BASE - INSTALADO","M2","CR",0,0,0,0]
["SERVIÇOS",39511,"FORRO DE FIBRA MINERAL EM PLACAS DE 625 X 625 MM, E = 15 MM, BORDA RETA, COM PINTURA ANTIMOFO, APOIADO EM PERFIL DE ACO GALVANIZADO COM 24 MM DE BASE - INSTALADO","M2","CR",0,0,0,0]
["SERVIÇOS",39513,"FORRO DE FIBRA MINERAL EM PLACAS DE 625 X 625 MM, E = 15/16 MM, BORDA REBAIXADA, COM PINTURA ANTIMOFO, APOIADO EM PERFIL DE ACO GALVANIZADO COM 24 MM DE BASE - INSTALADO","M2","CR",0,0,0,0]
["MATERIAL",3286,"FORRO DE MADEIRA CEDRINHO OU EQUIVALENTE DA REGIAO, ENCAIXE MACHO/FEMEA COM FRISO, *10 X 1* CM (SEM COLOCACAO)","M2","CR",170.73,0,59.55,141.61000000000001]
["MATERIAL",3287,"FORRO DE MADEIRA CUMARU/IPE CHAMPANHE OU EQUIVALENTE DA REGIAO, ENCAIXE MACHO/FEMEA COM FRISO, *10 X 1* CM (SEM COLOCACAO)","M2","CR",258,0,90,214]
["MATERIAL",3283,"FORRO DE MADEIRA PINUS OU EQUIVALENTE DA REGIAO, ENCAIXE MACHO/FEMEA COM FRISO, *10 X 1* CM (SEM COLOCACAO)","M2","CR",54.19,0,18.899999999999999,44.95]
["MATERIAL",11587,"FORRO DE PVC LISO, BRANCO, REGUA DE 10 CM, ESPESSURA APROXIMADA DE 8 MM (COM COLOCACAO / SEM ESTRUTURA METALICA)","M2","CR",69.36,82.09,63.66,80.41]
["MATERIAL",36225,"FORRO DE PVC LISO, BRANCO, REGUA DE 20 CM, ESPESSURA APROXIMADA DE 8 MM, COMPRIMENTO 6 M (SEM COLOCACAO)","M2","CR",28.17,33.35,25.86,32.67]
["MATERIAL",36230,"FORRO DE PVC, FRISADO, BRANCO, REGUA DE 10 CM, ESPESSURA APROXIMADA DE 8 MM E COMPRIMENTO 6 M (SEM COLOCACAO)","M2","C",20.7,24.5,19,24]
["MATERIAL",36238,"FORRO DE PVC, FRISADO, BRANCO, REGUA DE 20 CM, ESPESSURA APROXIMADA DE 8 MM E COMPRIMENTO 6 M (SEM COLOCACAO)","M2","CR",20.23,23.94,18.559999999999999,23.45]
["MATERIAL",39363,"FOSSA SEPTICA, SEM FILTRO, EM POLIETILENO DE ALTA DENSIDADE (PEAD), PARA 15 A 30 CONTRIBUINTES, CILINDRICA, COM TAMPA, CAPACIDADE APROXIMADA DE *5500* LITROS (NBR 7229)","UN","CR",5320.93,6772.17,6181.11,6206.39]
["MATERIAL",39361,"FOSSA SEPTICA, SEM FILTRO, EM POLIETILENO DE ALTA DENSIDADE (PEAD), PARA 4 A 7 CONTRIBUINTES, CILINDRICA, COM TAMPA, CAPACIDADE APROXIMADA DE *1100* LITROS (NBR 7229)","UN","CR",1625.58,2068.94,1888.37,1896.09]
["MATERIAL",39362,"FOSSA SEPTICA, SEM FILTRO, EM POLIETILENO DE ALTA DENSIDADE (PEAD), PARA 8 A 14 CONTRIBUINTES, CILINDRICA, COM TAMPA, CAPACIDADE APROXIMADA DE *3000* LITROS (NBR 7229)","UN","CR",2871.67,3654.9,3335.9,3349.55]
["MATERIAL",39364,"FOSSA SEPTICA,SEM FILTRO, EM POLIETILENO DE ALTA DENSIDADE (PEAD), PARA 40 A 52 CONTRIBUINTES, CILINDRICA, COM TAMPA, CAPACIDADE APROXIMADA DE *10000* LITROS (NBR 7229)","UN","CR",11223.26,14284.29,13037.59,13090.91]
["EQUIPAMENTO (AQUISIÇÃO)",14576,"FRESADORA DE ASFALTO A FRIO SOBRE ESTEIRAS, LARG. FRESAGEM 2,00 M, POT. 410 KW/550 HP","UN","CR",0,0,0,0]
["EQUIPAMENTO (AQUISIÇÃO)",13877,"FRESADORA DE ASFALTO A FRIO SOBRE RODAS, LARG. FRESAGEM 1,00 M, POT. 155 KW/208 HP","UN","CR",0,0,0,0]
["MATERIAL",7307,"FUNDO ANTICORROSIVO PARA METAIS FERROSOS (ZARCAO)","L","CR",43.53,36.24,49.41,52.28]
["MATERIAL",38122,"FUNDO PREPARADOR ACRILICO BASE AGUA","L","CR",21.53,21.89,24.06,22.23]
["MATERIAL",43653,"FUNDO SINTETICO NIVELADOR BRANCO FOSCO PARA MADEIRA","L","CR",25.57,53.22,36.99,37.380000000000003]
["SERVIÇOS",45334,"FURO PARA TORNEIRA OU OUTROS ACESSORIOS EM BANCADA DE MARMORE/ GRANITO OU OUTRO TIPO DE PEDRA NATURAL","UN","CR",29.82,0,20.91,17.32]
["MATERIAL",12344,"FUSIVEL DIAZED 20 A TAMANHO DII, CAPACIDADE DE INTERRUPCAO DE 50 KA EM VCA E 8 KA EM VCC, TENSAO NOMINAL DE 500 V","UN","CR",3.73,0,6.03,0]
["MATERIAL",12343,"FUSIVEL DIAZED 35 A TAMANHO DIII, CAPACIDADE DE INTERRUPCAO DE 50 KA EM VCA E 8 KA EM VCC, TENSAO NOMINAL DE 500 V","UN","CR",5.78,0,9.35,0]
["MATERIAL",3295,"FUSIVEL NH *36* A 80 AMPERES, TAMANHO 00, CAPACIDADE DE INTERRUPCAO DE 120 KA, TENSAO NOMINAL DE 500 V","UN","CR",20.2,0,32.65,0]
["MATERIAL",3302,"FUSIVEL NH 100 A TAMANHO 00, CAPACIDADE DE INTERRUPCAO DE 120 KA, TENSAO NOMINAL DE 500 V","UN","CR",21.11,0,34.130000000000003,0]
["MATERIAL",3297,"FUSIVEL NH 125 A TAMANHO 00, CAPACIDADE DE INTERRUPCAO DE 120 KA, TENSAO NOMINAL DE 500 V","UN","CR",22.54,0,36.43,0]
["MATERIAL",3294,"FUSIVEL NH 160 A TAMANHO 00, CAPACIDADE DE INTERRUPCAO DE 120 KA, TENSAO NOMINAL DE 500 V","UN","CR",22.88,0,36.99,0]
["MATERIAL",3292,"FUSIVEL NH 20 A TAMANHO 000, CAPACIDADE DE INTERRUPCAO DE 120 KA, TENSAO NOMINAL DE 500 V","UN","C",21.5,0,34.75,0]
["MATERIAL",3298,"FUSIVEL NH 200 A 250 AMPERES, TAMANHO 1, CAPACIDADE DE INTERRUPCAO DE 120 KA, TENSAO NOMINAL DE 500 V","UN","CR",50.39,0,81.44,0]
["MATERIAL",34802,"GABIAO MANTA (COLCHAO) MALHA HEXAGONAL 6 X 8 CM (ZN/AL REVESTIDO COM POLIMERO), DIMENSOES 4,0 X 2,0 X 0,17 M (C X L X A) FIO 2 MM","UN","CR",1784.12,1118.8599999999999,1166.0899999999999,1195.24]
["MATERIAL",11588,"GABIAO MANTA (COLCHAO) MALHA HEXAGONAL 6 X 8 CM (ZN/AL REVESTIDO COM POLIMERO), FIO 2 MM, DIMENSOES 4,0 X 2,0 X 0,23 M (C X L X A)","UN","CR",1924.77,1207.07,1258.02,1289.47]
["MATERIAL",34383,"GABIAO MANTA (COLCHAO) MALHA HEXAGONAL 6 X 8 CM (ZN/AL REVESTIDO COM POLIMERO), FIO 2 MM, DIMENSOES 4,0 X 2,0 X 0,3 M (C X L X A)","UN","CR",2117.39,1327.86,1383.91,1418.51]
["MATERIAL",40451,"GABIAO MANTA (COLCHAO) MALHA HEXAGONAL 6 X 8 CM (ZN/AL REVESTIDO COM POLIMERO), FIO 2,0 MM, DIMENSOES 5,0 X 2,0 X 0,17 M (C X L X A)","M2","CR",171.16,107.33,111.86,114.66]
["MATERIAL",40453,"GABIAO MANTA (COLCHAO) MALHA HEXAGONAL 6 X 8 CM (ZN/AL REVESTIDO COM POLIMERO), FIO 2,0 MM, DIMENSOES 5,0 X 2,0 X 0,23 M (C X L X A)","M2","CR",185.19,116.13,121.04,124.06]
["MATERIAL",40452,"GABIAO MANTA (COLCHAO) MALHA HEXAGONAL 6 X 8 CM (ZN/AL REVESTIDO COM POLIMERO), FIO 2,0 MM, DIMENSOES 5,0 X 2,0 X 0,30 M (C X L X A)","M2","CR",203.13,127.39,132.76,136.08000000000001]
["MATERIAL",11594,"GABIAO SACO MALHA HEXAGONAL 8 X 10 CM (ZN/AL REVESTIDO COM POLIMERO), FIO 2,4 MM, DIMENSOES 3,0 X 0,65 M","UN","CR",613.48,384.73,400.97,410.99]
["MATERIAL",3311,"GABIAO SACO MALHA HEXAGONAL 8 X 10 CM (ZN/AL REVESTIDO COM POLIMERO), FIO 2,4 MM, H = 0,65 M","M3","CR",613.48,384.73,400.97,410.99]
["MATERIAL",11599,"GABIAO SACO MALHA HEXAGONAL 8 X 10 CM (ZN/AL), FIO 2,7 MM, DIMENSOES 4,0 X 0,65 M","UN","CR",815.86,511.64,533.24,546.57000000000005]
["MATERIAL",11593,"GABIAO TIPO CAIXA MALHA HEXAGONAL 8 X 10 CM (ZN/AL REVESTIDO COM POLIMERO), FIO 2,4 MM, DIMENSOES 2,0 X 1,0 X 1,0 M (C X L X A)","UN","CR",1143.78,717.29,747.57,766.26]
["MATERIAL",3314,"GABIAO TIPO CAIXA MALHA HEXAGONAL 8 X 10 CM (ZN/AL REVESTIDO COM POLIMERO), FIO 2,4 MM, H = 0,50 M","M3","CR",818.04,513.01,534.66,548.03]
["MATERIAL",11597,"GABIAO TIPO CAIXA MALHA HEXAGONAL 8 X 10 CM (ZN/AL), FIO 2,7 MM, DIMENSOES 2,0 X 1,0 X 1,0 M (C X L X A)","UN","CR",951.27,596.55999999999995,621.75,637.29]
["MATERIAL",3309,"GABIAO TIPO CAIXA MALHA HEXAGONAL 8 X 10 CM (ZN/AL), FIO 2,7 MM, H = 0,50 M","M3","CR",649.63,407.4,424.6,435.21]
["MATERIAL",40440,"GABIAO TIPO CAIXA PARA SOLO REFORCADO, MALHA HEXAGONAL 8 X 10 CM (ZN/AL REVESTIDO COM POLIMERO), FIO 2,7 MM, DIMENSOES 2,0 X 1,0 X 0,5 M, COM CAUDA DE 4,0 M","M3","CR",852.07,534.35,556.9,570.83000000000004]
["MATERIAL",40441,"GABIAO TIPO CAIXA PARA SOLO REFORCADO, MALHA HEXAGONAL 8 X 10 CM (ZN/AL REVESTIDO COM POLIMERO), FIO 2,7 MM, DIMENSOES 2,0 X 1,0 X 1,0 M, COM CAUDA DE 4,0 M","M3","CR",544,341.15,355.55,364.44]
["MATERIAL",34612,"GABIAO TIPO CAIXA PARA SOLO REFORCADO, MALHA HEXAGONAL DE DUPLA TORCAO 8 X 10 CM (ZN/AL REVESTIDO COM POLIMERO), FIO 2,7 MM, DIMENSOES 2,0 X 1,0 X 0,5 M, COM CAUDA DE 3,0 M","UN","CR",1176.56,737.85,768.99,788.22]
["MATERIAL",34635,"GABIAO TIPO CAIXA PARA SOLO REFORCADO, MALHA HEXAGONAL DE DUPLA TORCAO 8 X 10 CM (ZN/AL REVESTIDO COM POLIMERO), FIO 2,7 MM, DIMENSOES 2,0 X 1,0 X 1,0 M, COM CAUDA DE 3,0 M","UN","CR",1513,948.84,988.89,1013.61]
["MATERIAL",34633,"GABIAO TIPO CAIXA PARA SOLO REFORCADO, MALHA HEXAGONAL DE DUPLA TORCAO 8 X 10 CM (ZN/AL REVESTIDO COM POLIMERO), FIO 2,7 MM, DIMENSOES 2,0 X 1,0 X 1,0 M, COM CAUDA DE 4,0 M","UN","CR",1667.73,1045.8699999999999,1090.02,1117.27]
["MATERIAL",40449,"GABIAO TIPO CAIXA TRAPEZOIDAL, MALHA HEXAGONAL 10 X 12 CM (ZN/AL REVESTIDO COM POLIMERO) FIO 2,7 MM, FACE COM 65 GRAUS, COM GEOSSINTETICO, DIMENSOES 2,0 X 1,5 X 1,0 M (C X L X A)","M3","CR",457.32,286.79000000000002,298.89999999999998,306.37]
["MATERIAL",11592,"GABIAO TIPO CAIXA, MALHA HEXAGONAL 8 X 10 CM (ZN/AL REVESTIDO COM POLIMERO), FIO 2,4 MM, DIMENSOES 2,0 X 1,0 X 0,5 M (C X L X A)","UN","CR",818.04,513.01,534.66,548.03]
["MATERIAL",34800,"GABIAO TIPO CAIXA, MALHA HEXAGONAL 8 X 10 CM (ZN/AL REVESTIDO COM POLIMERO), FIO DE 2,4 MM, DIMENSOES 2,0 X 1,0 X 1,0 M (C X L X A)","M3","CR",571.88,358.64,373.78,383.12]
["MATERIAL",11596,"GABIAO TIPO CAIXA, MALHA HEXAGONAL 8 X 10 CM (ZN/AL), FIO 2,7 MM, DIMENSOES 2,0 X 1,0 X 0,5 M (C X L X A)","UN","CR",649.63,407.4,424.6,435.21]
["MATERIAL",40438,"GABIAO TIPO CAIXA, MALHA HEXAGONAL 8 X 10 CM (ZN/AL), FIO DE 2,7 MM, DIMENSOES 2,0 X 1,0 X 1,0 M (C X L X A)","M3","CR",381,238.93,249.02,255.24]
["MATERIAL",40436,"GABIAO TIPO CAIXA, MALHA HEXAGONAL 8 X 10 CM (ZN/AL), FIO DE 2,7 MM, DIMENSOES 5,0 X 1,0 X 1,0 M (C X L X A)","M3","CR",475.08,297.93,310.5,318.27]
["MATERIAL",4315,"GANCHO CHATO EM ACO GALVANIZADO, L = 110 MM, RECOBRIMENTO = 100MM, SECAO 1/8 X 1/2\" (3 MM X 12 MM), PARA FIXAR TELHA DE FIBROCIMENTO ONDULADA","UN","CR",1.66,1.92,0,2.2200000000000002]
["MATERIAL",402,"GANCHO OLHAL EM ACO GALVANIZADO, ESPESSURA 16MM, ABERTURA 21MM","UN","CR",19.43,28.51,24.54,0]
["MATERIAL",4226,"GAS DE COZINHA - GLP","KG","C",8.36,9.7200000000000006,7.87,8.09]
["MATERIAL",4222,"GASOLINA COMUM","L","C",6.16,6.59,6.51,6.09]
["MATERIAL",34804,"GEOGRELHA TECIDA COM FILAMENTOS DE POLIESTER + PVC, RESISTENCIA LONGITUDINAL: 90 KN/M, RESISTENCIA TRANSVERSAL: 30 KN/M, ALONGAMENTO = 12 POR CENTO","M2","CR",69.06,43.31,45.13,46.26]
["MATERIAL",4013,"GEOTEXTIL NAO TECIDO AGULHADO DE FILAMENTOS CONTINUOS 100% POLIESTER, RESITENCIA A TRACAO = 09 KN/M","M2","CR",6.18,0,6.73,6.51]
["MATERIAL",4011,"GEOTEXTIL NAO TECIDO AGULHADO DE FILAMENTOS CONTINUOS 100% POLIESTER, RESITENCIA A TRACAO = 10 KN/M","M2","CR",6.9,0,7.52,7.27]
["MATERIAL",4021,"GEOTEXTIL NAO TECIDO AGULHADO DE FILAMENTOS CONTINUOS 100% POLIESTER, RESITENCIA A TRACAO = 14 KN/M","M2","CR",8.61,0,9.3800000000000008,9.07]
["MATERIAL",4019,"GEOTEXTIL NAO TECIDO AGULHADO DE FILAMENTOS CONTINUOS 100% POLIESTER, RESITENCIA A TRACAO = 16 KN/M","M2","CR",10.34,0,11.26,10.89]
["MATERIAL",4012,"GEOTEXTIL NAO TECIDO AGULHADO DE FILAMENTOS CONTINUOS 100% POLIESTER, RESITENCIA A TRACAO = 21 KN/M","M2","CR",13.85,0,15.09,14.59]
["MATERIAL",4020,"GEOTEXTIL NAO TECIDO AGULHADO DE FILAMENTOS CONTINUOS 100% POLIESTER, RESITENCIA A TRACAO = 26 KN/M","M2","CR",17.34,0,18.899999999999999,18.27]
["MATERIAL",4018,"GEOTEXTIL NAO TECIDO AGULHADO DE FILAMENTOS CONTINUOS 100% POLIESTER, RESITENCIA A TRACAO = 31 KN/M","M2","CR",20.78,0,22.64,21.89]
["EQUIPAMENTO (AQUISIÇÃO)",36498,"GERADOR PORTATIL MONOFASICO, POTENCIA 5500 VA, MOTOR A GASOLINA, POTENCIA DO MOTOR 13 CV","UN","CR",0,0,0,9545.6299999999992]
["MAO DE OBRA",12872,"GESSEIRO (HORISTA)","H","CR",21.83,20.100000000000001,23.15,24.84]
["MAO DE OBRA",41075,"GESSEIRO (MENSALISTA)","MES","CR",3850.17,3528.12,4126.08,4385.7299999999996]
["MATERIAL",44324,"GESSO COLA, EM PO, PARA FIXACAO DE MOLDURAS, SANCAS E BLOCOS DE GESSO","KG","CR",2.81,2.88,2.65,2.88]
["MATERIAL",3315,"GESSO EM PO PARA REVESTIMENTOS/MOLDURAS/SANCAS E USO GERAL","KG","CR",0.81,0.83,0.77,0.83]
["MATERIAL",36870,"GESSO PROJETADO","KG","CR",0.63,0.64,0.59,0.64]
["MATERIAL",5092,"GONZO DE EMBUTIR, EM LATAO / ZAMAC, *20 X 48* MM, PARA JANELA BASCULANTE / PIVOTANTE, JOGO COM 4 PECAS (PAR) - INCLUI PARAFUSOS","PAR","CR",20,21.06,17.54,19.649999999999999]
["MATERIAL",11462,"GONZO DE SOBREPOR, EM LATAO / ZAMAC, PARA JANELA PIVOTANTE - INCLUI PARAFUSOS","PAR","CR",20.45,21.53,17.93,20.100000000000001]
["EQUIPAMENTO (AQUISIÇÃO)",36529,"GRADE DE DISCOS COM CONTROLE REMOTO, REBOCAVEL, COM 24 DISCOS 24\" X 6 MM, COM PNEUS PARA TRANSPORTE","UN","CR",0,0,0,0]
["EQUIPAMENTO (AQUISIÇÃO)",3318,"GRADE DE DISCOS MECANICA 20X24\" COM 20 DISCOS 24\" X 6MM COM PNEUS PARA TRANSPORTE","UN","C",0,0,0,0]
["MATERIAL",3324,"GRAMA BATATAIS EM PLACAS, SEM PLANTIO","M2","CR",9.64,9.99,12.85,9.64]
["MATERIAL",3322,"GRAMA ESMERALDA OU SAO CARLOS OU CURITIBANA, EM PLACAS, SEM PLANTIO","M2","C",13.5,14,18,13.5]
["MATERIAL",5076,"GRAMPO DE ACO POLIDO 1\" X 9","KG","CR",20.5,17.98,19.559999999999999,17.739999999999998]
["MATERIAL",5077,"GRAMPO DE ACO POLIDO 7/8\" X 9","KG","CR",22.65,19.87,21.62,19.61]
["MATERIAL",45242,"GRAMPO DE APERTO RAPIDO 18\"","UN","CR",67.53,84.24,65.8,73.22]
["MATERIAL",11837,"GRAMPO LINHA VIVA DE LATAO ESTANHADO, DIAMETRO DO CONDUTOR PRINCIPAL DE 10 A 120 MM2, DIAMETRO DA DERIVACAO DE 10 A 70 MM2","UN","CR",61.01,60.79,56.47,97.46]
["MATERIAL",415,"GRAMPO METALICO TIPO OLHAL PARA HASTE DE ATERRAMENTO DE 1\", CONDUTOR DE *10* A 50 MM2","UN","CR",25.01,24.93,23.15,39.96]
["MATERIAL",38055,"GRAMPO METALICO TIPO OLHAL PARA HASTE DE ATERRAMENTO DE 1/2\", CONDUTOR DE *10* A 50 MM2","UN","CR",5.53,5.51,5.12,8.84]
["MATERIAL",416,"GRAMPO METALICO TIPO OLHAL PARA HASTE DE ATERRAMENTO DE 3/4\", CONDUTOR DE *10* A 50 MM2","UN","CR",9.16,9.1199999999999992,8.4700000000000006,14.63]
["MATERIAL",425,"GRAMPO METALICO TIPO OLHAL PARA HASTE DE ATERRAMENTO DE 5/8\", CONDUTOR DE *10* A 50 MM2","UN","CR",5.67,5.65,5.25,9.07]
["MATERIAL",426,"GRAMPO METALICO TIPO U PARA HASTE DE ATERRAMENTO DE ATE 3/4\", CONDUTOR DE 10 A 25 MM2","UN","CR",31.26,31.15,28.94,49.95]
["MATERIAL",38056,"GRAMPO METALICO TIPO U PARA HASTE DE ATERRAMENTO DE ATE 5/8\", CONDUTOR DE 10 A 25 MM2","UN","CR",30.53,30.42,28.26,48.78]
["MATERIAL",1564,"GRAMPO PARALELO METALICO PARA CABO DE 6 A 50 MM2, COM 2 PARAFUSOS","UN","CR",11.65,11.61,10.78,18.61]
["MATERIAL",11032,"GRAMPO U DE 5/8\" N8 EM ACO GALVANIZADO","UN","CR",9.39,10.86,0,12.52]
["MATERIAL",36786,"GRANALHA DE ACO, ANGULAR (GRIT), PARA JATEAMENTO, PENEIRA 0,117 A 1,00 MM, (SAE G-40 A G-80)","SC25KG","CR",0,0,0,0]
["MATERIAL",36785,"GRANALHA DE ACO, ANGULAR (GRIT), PARA JATEAMENTO, PENEIRA 1,41 A 1,19 MM (SAE G16)","SC25KG","CR",0,0,0,0]
["MATERIAL",36782,"GRANALHA DE ACO, ESFERICA (SHOT), PARA JATEAMENTO, PENEIRA 0,40 A 1,00 MM (SAE S-170 A S-280)","SC25KG","CR",0,0,0,0]
["MATERIAL",44481,"GRANALHA DE ACO, ESFERICA (SHOT), PARA JATEAMENTO, PENEIRA 1,19 A 1,00 MM (SAE S390)","SC25KG","C",0,0,0,0]
["MATERIAL",4824,"GRANILHA/ GRANA/ PEDRISCO OU AGREGADO EM MARMORE/ GRANITO/ QUARTZO E CALCARIO, PRETO, CINZA, PALHA OU BRANCO","KG","CR",0.79,0,0.55000000000000004,0.46]
["MATERIAL",11795,"GRANITO PARA BANCADA, POLIDO, TIPO ANDORINHA/ QUARTZ/ CASTELO/ CORUMBA OU OUTROS EQUIVALENTES DA REGIAO, E= *2,5* CM","M2","CR",588.66999999999996,0,530.64,470.44]
["MATERIAL",134,"GRAUTE CIMENTICIO PARA USO GERAL","KG","CR",1.71,2.27,2.11,1.51]
["MATERIAL",4229,"GRAXA LUBRIFICANTE A BASE DE LITIO, DE MULTIPLAS APLICACOES E CONTENDO ADITIVOS DE EXTREMA PRESSAO (GRAU DE VISCOSIDADE NLGI 2)","KG","CR",44.17,45.58,45.28,43.49]
["MATERIAL",11731,"GRELHA FIXA, EM PVC BRANCA, QUADRADA, 150 X 150 MM, PARA RALOS E CAIXAS","UN","CR",10.88,9.3699999999999992,13.69,9.82]
["MATERIAL",11732,"GRELHA FIXA, PVC CROMADA, REDONDA, 150 MM, PARA RALOS E CAIXAS","UN","CR",28.53,24.56,35.880000000000003,25.73]
["MATERIAL",11244,"GRELHA FOFO ARTICULADA, CARGA MAXIMA 1,5 T, *300 X 1000* MM, E= *15* MM","UN","CR",0,0,0,202.52]
["MATERIAL",11235,"GRELHA FOFO SIMPLES COM REQUADRO, CARGA MAXIMA 1,5 T, 150 X 1000 MM, E= *15* MM","UN","CR",0,0,0,154.54]
["MATERIAL",11236,"GRELHA FOFO SIMPLES COM REQUADRO, CARGA MAXIMA 1,5 T, 200 X 1000 MM, E= *15* MM","UN","CR",0,0,0,196.4]
["MATERIAL",11245,"GRELHA FOFO SIMPLES COM REQUADRO, CARGA MAXIMA 12,5 T, *300 X 1000* MM, E= *15* MM, AREA ESTACIONAMENTO CARRO PASSEIO","UN","CR",0,0,0,280.11]
["EQUIPAMENTO (AQUISIÇÃO)",36494,"GRUA ASCENCIONAL, LANCA DE 30 M, CAPACIDADE DE 1,0 T A 30 M, ALTURA ATE 39 M","UN","CR",0,0,0,0]
["EQUIPAMENTO (AQUISIÇÃO)",36493,"GRUA ASCENCIONAL, LANCA DE 42 M, CAPACIDADE DE 1,5 T A 30 M, ALTURA ATE 39 M","UN","CR",0,0,0,0]
["EQUIPAMENTO (AQUISIÇÃO)",36492,"GRUA ASCENCIONAL, LANCA DE 50 M, CAPACIDADE DE 2,33 T A 30 M, ALTURA ATE 48 M","UN","CR",0,0,0,0]
["EQUIPAMENTO (AQUISIÇÃO)",36499,"GRUPO GERADOR A GASOLINA, POTENCIA NOMINAL 2,2 KW, TENSAO DE SAIDA 110/220 V, MOTOR POTENCIA 6,5 HP","UN","CR",0,0,0,5154.6400000000003]
["EQUIPAMENTO (AQUISIÇÃO)",13533,"GRUPO GERADOR DE SOLDA ELETRICA, COM MAQUINA DE SOLDA, ATE 400 AMPERES E GERADOR A DIESEL 30 CV, MOTOR 4 CILINDROS, TANQUE COMBUST., CARENAGEM DE PROTECAO SOBRE RODAS","UN","CR",0,0,0,236290.92]
["EQUIPAMENTO (AQUISIÇÃO)",13333,"GRUPO GERADOR DE SOLDA ELETRICA, COM MAQUINA DE SOLDA, ATE 400 AMPERES E GERADOR A DIESEL 60 CV, MOTOR 4 CILINDROS, TANQUE COMBUST., CARENAGEM DE PROTECAO SOBRE RODAS","UN","CR",0,0,0,264340.36]
["EQUIPAMENTO (AQUISIÇÃO)",39585,"GRUPO GERADOR DIESEL, COM CARENAGEM, POTENCIA STANDART ENTRE 100 E 110 KVA, VELOCIDADE DE 1800 RPM, FREQUENCIA DE 60 HZ","UN","CR",0,0,0,170684.56]
["EQUIPAMENTO (AQUISIÇÃO)",39586,"GRUPO GERADOR DIESEL, COM CARENAGEM, POTENCIA STANDART ENTRE 140 E 150 KVA, VELOCIDADE DE 1800 RPM, FREQUENCIA DE 60 HZ","UN","CR",0,0,0,200201.43]
["EQUIPAMENTO (AQUISIÇÃO)",39587,"GRUPO GERADOR DIESEL, COM CARENAGEM, POTENCIA STANDART ENTRE 210 E 220 KVA, VELOCIDADE DE 1800 RPM, FREQUENCIA DE 60 HZ","UN","CR",0,0,0,243835.09]
["EQUIPAMENTO (AQUISIÇÃO)",39588,"GRUPO GERADOR DIESEL, COM CARENAGEM, POTENCIA STANDART ENTRE 250 E 260 KVA, VELOCIDADE DE 1800 RPM, FREQUENCIA DE 60 HZ","UN","CR",0,0,0,282335.35999999999]
["EQUIPAMENTO (AQUISIÇÃO)",39584,"GRUPO GERADOR DIESEL, COM CARENAGEM, POTENCIA STANDART ENTRE 50 E 55 KVA, VELOCIDADE DE 1800 RPM, FREQUENCIA DE 60 HZ","UN","CR",0,0,0,151999.1]
["EQUIPAMENTO (AQUISIÇÃO)",39590,"GRUPO GERADOR DIESEL, SEM CARENAGEM, POTENCIA STANDART ENTRE 100 E 110 KVA, VELOCIDADE DE 1800 RPM, FREQUENCIA DE 60 HZ","UN","CR",0,0,0,148354.4]
["EQUIPAMENTO (AQUISIÇÃO)",39592,"GRUPO GERADOR DIESEL, SEM CARENAGEM, POTENCIA STANDART ENTRE 210 E 220 KVA, VELOCIDADE DE 1800 RPM, FREQUENCIA DE 60 HZ","UN","CR",0,0,0,213188.86]
["EQUIPAMENTO (AQUISIÇÃO)",39593,"GRUPO GERADOR DIESEL, SEM CARENAGEM, POTENCIA STANDART ENTRE 250 E 260 KVA, VELOCIDADE DE 1800 RPM, FREQUENCIA DE 60 HZ","UN","CR",0,0,0,243835.09]
["EQUIPAMENTO (AQUISIÇÃO)",14254,"GRUPO GERADOR DIESEL, SEM CARENAGEM, POTENCIA STANDART ENTRE 80 E 90 KVA, VELOCIDADE DE 1800 RPM, FREQUENCIA DE 60 HZ","UN","C",0,0,0,138601]
["EQUIPAMENTO (AQUISIÇÃO)",44494,"GRUPO GERADOR ESTACIONARIO SILENCIADO, POTENCIA 50 KVA, MOTOR DIESEL","UN","CR",0,0,0,115742.89]
["EQUIPAMENTO (AQUISIÇÃO)",25019,"GRUPO GERADOR ESTACIONARIO, MOTOR DIESEL POTENCIA 170 KVA","UN","CR",0,0,0,198396.25]
["EQUIPAMENTO (AQUISIÇÃO)",36501,"GRUPO GERADOR ESTACIONARIO, POTENCIA 150 KVA, MOTOR DIESEL","UN","CR",0,0,0,176641.04]
["EQUIPAMENTO (AQUISIÇÃO)",44493,"GRUPO GERADOR ESTACIONARIO, SILENCIADO, POTENCIA 180 KVA, MOTOR DIESEL","UN","CR",0,0,0,212356.37]
["EQUIPAMENTO (AQUISIÇÃO)",36500,"GRUPO GERADOR REBOCAVEL, POTENCIA *66* KVA, MOTOR A DIESEL","UN","CR",0,0,0,124827.4]
["MATERIAL",20017,"GUARNICAO / ALIZAR / VISTA LISA EM MADEIRA MACICA, PARA PORTA, E = *1* CM, L = *5* CM, CEDRINHO / ANGELIM COMERCIAL / TAURI/ CURUPIXA / PEROBA / CUMARU OU EQUIVALENTE DA REGIAO","M","CR",6.4,9.58,10.87,7.85]
["MATERIAL",20007,"GUARNICAO / ALIZAR / VISTA LISA EM MADEIRA MACICA, PARA PORTA, E = *1* CM, L = *5* CM, PINUS /EUCALIPTO / VIROLA OU EQUIVALENTE DA REGIAO","M","CR",3.82,5.72,6.49,4.68]
["MATERIAL",39831,"GUARNICAO / ALIZAR / VISTA, E = *1,5* CM, L = *5,0* CM, EM POLIESTIRENO, BRANCO (JOGO PARA 1 FACE)","JG","CR",0,0,285.67,346.11]
["MATERIAL",36888,"GUARNICAO / MOLDURA / ARREMATE DE ACABAMENTO PARA ESQUADRIA, EM ALUMINIO PERFIL 25, ACABAMENTO ANODIZADO BRANCO OU BRILHANTE, PARA 1 FACE","M","CR",0,0,0,24.19]
["MATERIAL",39836,"GUARNICAO/ALIZAR/VISTA, E = *1,3* CM, L = *5,0* CM HASTE REGULAVEL = *35* MM, EM MDF/PVC WOOD/ POLIESTIRENO OU MADEIRA LAMINADA, PRIMER BRANCO (JOGO PARA 1 FACE)","JG","CR",0,0,251.02,304.12]
["MATERIAL",39830,"GUARNICAO/ALIZAR/VISTA, E = *1,3* CM, L = *7,0* CM, EM POLIESTIRENO, BRANCO (JOGO PARA 1 FACE)","JG","CR",0,0,286.27999999999997,346.85]
["EQUIPAMENTO (AQUISIÇÃO)",36497,"GUINCHO DE ALAVANCA MANUAL, CAPACIDADE 3,2 T COM 20 M DE CABO DE ACO DIAMETRO 16,3 MM","UN","CR",2761.82,3083.54,0,2069.8000000000002]
["EQUIPAMENTO (AQUISIÇÃO)",40527,"GUINCHO DE ALAVANCA MANUAL, CAPACIDADE DE 1,6 T, COM 20 M DE CABO DE ACO (AQUISICAO)","UN","CR",2419.23,2701.05,0,1813.06]
["EQUIPAMENTO (AQUISIÇÃO)",36487,"GUINCHO ELETRICO DE COLUNA, CAPACIDADE 400 KG, COM MOTO FREIO, MOTOR TRIFASICO DE 1,25 CV","UN","CR",4808.75,5368.92,0,3603.84]
["EQUIPAMENTO (AQUISIÇÃO)",44475,"GUINDASTE HIDRAULICO AUTOPROPELIDO, COM LANCA TELESCOPICA 28,80 M, CAPACIDADE MAXIMA 30 T, POTENCIA 97 KW, TRACAO 4 X 4","UN","CR",0,0,0,0]
["EQUIPAMENTO (AQUISIÇÃO)",44474,"GUINDASTE HIDRAULICO AUTOPROPELIDO, COM LANCA TELESCOPICA 40 M, CAPACIDADE MAXIMA 60 T, POTENCIA 260 KW, TRACAO 6 X 6","UN","CR",0,0,0,0]
["EQUIPAMENTO (AQUISIÇÃO)",44490,"GUINDASTE HIDRAULICO AUTOPROPELIDO, COM LANCA TELESCOPICA 50 M, CAPACIDADE MAXIMA 100 T, POTENCIA 350 KW, TRACAO 10 X 6","UN","CR",0,0,0,0]
["EQUIPAMENTO (AQUISIÇÃO)",37776,"GUINDAUTO HIDRAULICO, CAPACIDADE MAXIMA DE CARGA 10000 KG, MOMENTO MAXIMO DE CARGA 23 TM, ALCANCE MAXIMO HORIZONTAL 11,80 M, PARA MONTAGEM SOBRE CHASSI DE CAMINHAO PBT MINIMO 15000 KG (INCLUI MONTAGEM, NAO INCLUI CAMINHAO)","UN","CR",0,0,0,0]
["EQUIPAMENTO (AQUISIÇÃO)",37775,"GUINDAUTO HIDRAULICO, CAPACIDADE MAXIMA DE CARGA 14340 KG, MOMENTO MAXIMO DE CARGA 42,3 TM, ALCANCE MAXIMO HORIZONTAL 16,80 M, PARA MONTAGEM SOBRE CHASSI DE CAMINHAO PBT MINIMO 23000 KG (INCLUI MONTAGEM, NAO INCLUI CAMINHAO)","UN","CR",0,0,0,0]
["EQUIPAMENTO (AQUISIÇÃO)",36491,"GUINDAUTO HIDRAULICO, CAPACIDADE MAXIMA DE CARGA 30000 KG, MOMENTO MAXIMO DE CARGA 92,2 TM, ALCANCE MAXIMO HORIZONTAL 22,00 M, PARA MONTAGEM SOBRE CHASSI DE CAMINHAO PBT MINIMO 30000 KG (INCLUI MONTAGEM, NAO INCLUI CAMINHAO)","UN","CR",0,0,0,0]
["EQUIPAMENTO (AQUISIÇÃO)",10712,"GUINDAUTO HIDRAULICO, CAPACIDADE MAXIMA DE CARGA 3300 KG, MOMENTO MAXIMO DE CARGA 5,8 TM, ALCANCE MAXIMO HORIZONTAL 7,60 M, PARA MONTAGEM SOBRE CHASSI DE CAMINHAO PBT MINIMO 8000 KG (INCLUI MONTAGEM, NAO INCLUI CAMINHAO)","UN","CR",0,0,0,0]
["EQUIPAMENTO (AQUISIÇÃO)",3363,"GUINDAUTO HIDRAULICO, CAPACIDADE MAXIMA DE CARGA 6200 KG, MOMENTO MAXIMO DE CARGA 11,7 TM, ALCANCE MAXIMO HORIZONTAL 9,70 M, PARA MONTAGEM SOBRE CHASSI DE CAMINHAO PBT MINIMO 13000 KG (INCLUI MONTAGEM, NAO INCLUI CAMINHAO)","UN","C",0,0,0,0]
["EQUIPAMENTO (AQUISIÇÃO)",3365,"GUINDAUTO HIDRAULICO, CAPACIDADE MAXIMA DE CARGA 8500 KG, MOMENTO MAXIMO DE CARGA 30,4 TM, ALCANCE MAXIMO HORIZONTAL 14,30 M, PARA MONTAGEM SOBRE CHASSI DE CAMINHAO PBT MINIMO 23000 KG (INCLUI MONTAGEM, NAO INCLUI CAMINHAO)","UN","CR",0,0,0,0]
["MATERIAL",7569,"HASTE ANCORA EM ACO GALVANIZADO, DIMENSOES 16 MM X 2000 MM","UN","CR",90.76,133.16,114.6,0]
["MATERIAL",3378,"HASTE DE ATERRAMENTO EM ACO COM 3,00 M DE COMPRIMENTO E DN = 3/4\", REVESTIDA COM BAIXA CAMADA DE COBRE, SEM CONECTOR","UN","CR",88.55,88.24,81.97,141.47]
["MATERIAL",3380,"HASTE DE ATERRAMENTO EM ACO COM 3,00 M DE COMPRIMENTO E DN = 5/8\", REVESTIDA COM BAIXA CAMADA DE COBRE, COM CONECTOR TIPO GRAMPO","UN","C",61.99,61.77,57.38,99.03]
["MATERIAL",3379,"HASTE DE ATERRAMENTO EM ACO COM 3,00 M DE COMPRIMENTO E DN = 5/8\", REVESTIDA COM BAIXA CAMADA DE COBRE, SEM CONECTOR","UN","CR",59.85,59.63,55.4,95.61]
["MATERIAL",11991,"HASTE DE ATERRAMENTO EM ACO GALVANIZADO TIPO CANTONEIRA COM 2,00 M DE COMPRIMENTO, 25 X 25 MM E CHAPA DE 3/16\"","UN","CR",69.489999999999995,69.239999999999995,64.319999999999993,111.01]
["EQUIPAMENTO (AQUISIÇÃO)",44305,"HASTE PARA PERFURATRIZ DE ESTEIRA T38, D= 1 1/2\" X *3 M*, PARA PROLONGAR BROCA","UN","CR",0,0,0,1894.52]
["MATERIAL",34349,"HASTE RETA DE ACO GALVANIZADO, H = *30* CM, BASE RETANGULAR, PARA FIXACAO DE CONCERTINA SIMPLES DE 30 CM (NAO INCLUI OS FIXADORES)","UN","CR",39.229999999999997,24.6,25.64,26.28]
["MATERIAL",11029,"HASTE RETA PARA GANCHO DE FERRO GALVANIZADO, COM ROSCA 1/4\" X 30 CM PARA FIXACAO DE TELHA METALICA, INCLUI PORCA E ARRUELAS DE VEDACAO","CJ","CR",1.44,1.66,0,1.92]
["MATERIAL",4316,"HASTE RETA PARA GANCHO DE FERRO GALVANIZADO, COM ROSCA 1/4\" X 40 CM PARA FIXACAO DE TELHA DE FIBROCIMENTO, INCLUI PORCA SEXTAVADA DE ZINCO","UN","CR",1.45,1.68,0,1.94]
["MATERIAL",4313,"HASTE RETA PARA GANCHO DE FERRO GALVANIZADO, COM ROSCA 5/16\" X 35 CM PARA FIXACAO DE TELHA DE FIBROCIMENTO, INCLUI PORCA E ARRUELAS DE VEDACAO","CJ","CR",2.08,2.41,0,2.78]
["MATERIAL",4317,"HASTE RETA PARA GANCHO DE FERRO GALVANIZADO, COM ROSCA 5/16\" X 40 CM PARA FIXACAO DE TELHA DE FIBROCIMENTO, INCLUI PORCA SEXTAVADA DE ZINCO","UN","CR",2.37,2.75,0,3.17]
["MATERIAL",4314,"HASTE RETA PARA GANCHO DE FERRO GALVANIZADO, COM ROSCA 5/16\" X 45 CM PARA FIXACAO DE TELHA DE FIBROCIMENTO, INCLUI PORCA E ARRUELAS DE VEDACAO","CJ","CR",2.78,3.22,0,3.71]
["MATERIAL",10921,"HIDRANTE DE COLUNA COMPLETO, EM FERRO FUNDIDO, DN = 100 MM, COM REGISTRO, CUNHA DE BORRACHA, CURVA DESSIMETRICA, EXTREMIDADE E TAMPAS (INCLUI KIT FIXACAO)","UN","C",0,0,0,0]
["MATERIAL",10922,"HIDRANTE DE COLUNA COMPLETO, EM FERRO FUNDIDO, DN = 75 MM, COM REGISTRO, CUNHA DE BORRACHA, CURVA DESSIMETRICA, EXTREMIDADE E TAMPAS (INCLUI KIT FIXACAO)","UN","CR",0,0,0,0]
["MATERIAL",10923,"HIDRANTE SUBTERRANEO, EM FERRO FUNDIDO, COM CURVA CURTA E CAIXA, DN 75 MM","UN","CR",0,0,0,0]
["MATERIAL",10924,"HIDRANTE SUBTERRANEO, EM FERRO FUNDIDO, COM CURVA LONGA E CAIXA, DN 75 MM","UN","CR",0,0,0,0]
["EQUIPAMENTO (AQUISIÇÃO)",37772,"HIDROJATEADORA PARA DESOBSTRUCAO DE REDES E GALERIAS, TANQUE 7000 L, BOMBA TRIPLEX 120 KGF/CM2 128 L/MIN (INCLUI MONTAGEM, NAO INCLUI CAMINHAO)","UN","CR",0,0,0,0]
["EQUIPAMENTO (AQUISIÇÃO)",37771,"HIDROJATEADORA PARA DESOBSTRUCAO DE REDES E GALERIAS, TANQUE 7000 L, BOMBA TRIPLEX 140 KGF/CM2 260 L/MIN ALIMENTADA POR MOTOR INDEPENDENTE A DIESEL POTENCIA 125 CV (INCLUI MONTAGEM, NAO INCLUI CAMINHAO)","UN","CR",0,0,0,0]
["MATERIAL",12772,"HIDROMETRO MULTIJATO / MEDIDOR DE AGUA, DN 1 1/2\", VAZAO MAXIMA DE 20 M3/H, PARA AGUA POTAVEL FRIA, RELOJOARIA PLANA, CLASSE B, HORIZONTAL (SEM CONEXOES)","UN","CR",0,0,0,1190.4100000000001]
["MATERIAL",12770,"HIDROMETRO MULTIJATO / MEDIDOR DE AGUA, DN 1\", VAZAO MAXIMA DE 10 M3/H, PARA AGUA POTAVEL FRIA, RELOJOARIA PLANA, CLASSE B, HORIZONTAL (SEM CONEXOES)","UN","CR",0,0,0,716.26]
["MATERIAL",12775,"HIDROMETRO MULTIJATO / MEDIDOR DE AGUA, DN 1\", VAZAO MAXIMA DE 7 M3/H, PARA AGUA POTAVEL FRIA, RELOJOARIA PLANA, CLASSE B, HORIZONTAL (SEM CONEXOES)","UN","CR",0,0,0,524.58000000000004]
["MATERIAL",12768,"HIDROMETRO MULTIJATO / MEDIDOR DE AGUA, DN 2\", VAZAO MAXIMA DE 30 M3/H, PARA AGUA POTAVEL FRIA, RELOJOARIA PLANA, CLASSE B, HORIZONTAL (SEM CONEXOES)","UN","CR",0,0,0,1674.64]
["MATERIAL",12769,"HIDROMETRO UNIJATO / MEDIDOR DE AGUA, DN 1/2\", VAZAO MAXIMA DE 1,5 M3/H, PARA AGUA POTAVEL FRIA, RELOJOARIA PLANA, CLASSE B, HORIZONTAL (SEM CONEXOES)","UN","C",0,0,0,137.19999999999999]
["MATERIAL",12773,"HIDROMETRO UNIJATO / MEDIDOR DE AGUA, DN 1/2\", VAZAO MAXIMA DE 3 M3/H, PARA AGUA POTAVEL FRIA, RELOJOARIA PLANA, CLASSE B, HORIZONTAL (SEM CONEXOES)","UN","CR",0,0,0,147.28]
["MATERIAL",12774,"HIDROMETRO UNIJATO / MEDIDOR DE AGUA, DN 3/4\", VAZAO MAXIMA DE 5 M3/H, PARA AGUA POTAVEL FRIA, RELOJOARIA PLANA, CLASSE B, HORIZONTAL (SEM CONEXOES)0,","UN","CR",0,0,0,181.58]
["MATERIAL",12776,"HIDROMETRO WOLTMANN, DN 2\", VAZAO MAXIMA DE 50 M3/H, PARA AGUA POTAVEL FRIA, RELOJOARIA PLANA, TURBINA HORIZONTAL, EQUIPADO COM TELEMETRIA (SEM CONEXOES)","UN","CR",0,0,0,2703.64]
["MATERIAL",12777,"HIDROMETRO WOLTMANN, DN 3\", VAZAO MAXIMA DE 80 M3/H, PARA AGUA POTAVEL FRIA, RELOJOARIA PLANA, TURBINA HORIZONTAL, EQUIPADO COM TELEMETRIA (SEM CONEXOES)","UN","CR",0,0,0,3530.88]
["MAO DE OBRA",12873,"IMPERMEABILIZADOR (HORISTA)","H","CR",24.13,21.11,23.15,24.12]
["MAO DE OBRA",41076,"IMPERMEABILIZADOR (MENSALISTA)","MES","CR",4253.5200000000004,3705.65,4126.08,4258.84]
["MATERIAL",140,"IMPERMEABILIZANTE FLEXIVEL BRANCO DE BASE ACRILICA PARA COBERTURAS","KG","CR",19.14,25.4,23.53,16.93]
["MATERIAL",151,"IMPERMEABILIZANTE INCOLOR, BASE SILICONE, PARA TRATAMENTO DE FACHADAS, TELHAS, PEDRAS E OUTRAS SUPERFICIES","L","CR",28.24,37.479999999999997,34.72,24.98]
["MATERIAL",7340,"IMUNIZANTE PARA MADEIRA, INCOLOR","L","CR",23.93,28.06,27.92,25.19]
["MAO DE OBRA",40929,"INSTALADOR DE TUBULACOES (TUBOS/EQUIPAMENTOS) (MENSALISTA)","MES","CR",2519.6799999999998,3787.69,3221.52,3572.55]
["MAO DE OBRA",2701,"INSTALADOR DE TUBULACOES - TUBOS/EQUIPAMENTOS (HORISTA)","H","CR",14.28,21.57,18.059999999999999,20.22]
["MATERIAL",38064,"INTERRUPTOR BIPOLAR 10A, 250V, CONJUNTO MONTADO PARA EMBUTIR 4\" X 2\" (PLACA + SUPORTE + MODULO)","UN","CR",19.059999999999999,19.54,27.08,18.41]
["MATERIAL",38114,"INTERRUPTOR BIPOLAR SIMPLES 10 A, 250 V (APENAS MODULO)","UN","CR",17.05,17.48,24.22,16.47]
["MATERIAL",38115,"INTERRUPTOR INTERMEDIARIO 10 A, 250 V (APENAS MODULO)","UN","CR",18.2,18.66,25.86,17.579999999999998]
["MATERIAL",38065,"INTERRUPTOR INTERMEDIARIO 10A, 250V, CONJUNTO MONTADO PARA EMBUTIR 4\" X 2\" (PLACA + SUPORTE + MODULO)","UN","CR",27.04,27.72,38.42,26.12]
["MATERIAL",38078,"INTERRUPTOR PARALELO + TOMADA 2P+T 10A, 250V, CONJUNTO MONTADO PARA EMBUTIR 4\" X 2\" (PLACA + SUPORTE + MODULOS)","UN","CR",15.78,16.170000000000002,22.41,15.24]
["MATERIAL",38113,"INTERRUPTOR PARALELO 10A, 250V (APENAS MODULO)","UN","CR",8.57,8.7799999999999994,12.18,8.2799999999999994]
["MATERIAL",38063,"INTERRUPTOR PARALELO 10A, 250V, CONJUNTO MONTADO PARA EMBUTIR 4\" X 2\" (PLACA + SUPORTE + MODULO)","UN","CR",9.19,9.42,13.06,8.8800000000000008]
["MATERIAL",38073,"INTERRUPTOR SIMPLES + 2 INTERRUPTORES PARALELOS 10A, 250V, CONJUNTO MONTADO PARA EMBUTIR 4\" X 2\" (PLACA + SUPORTE + MODULOS)","UN","CR",22.31,22.87,31.69,21.55]
["MATERIAL",38080,"INTERRUPTOR SIMPLES + INTERRUPTOR PARALELO + TOMADA 2P+T 10A, 250V, CONJUNTO MONTADO PARA EMBUTIR 4\" X 2\" (PLACA + SUPORTE + MODULOS)","UN","CR",27.4,28.09,38.93,26.47]
["MATERIAL",38069,"INTERRUPTOR SIMPLES + INTERRUPTOR PARALELO 10A, 250V, CONJUNTO MONTADO PARA EMBUTIR 4\" X 2\" (PLACA + SUPORTE + MODULOS)","UN","CR",14.99,15.36,21.29,14.48]
["MATERIAL",38077,"INTERRUPTOR SIMPLES + TOMADA 2P+T 10A, 250V, CONJUNTO MONTADO PARA EMBUTIR 4\" X 2\" (PLACA + SUPORTE + MODULOS)","UN","CR",14.64,15.01,20.8,14.15]
["MATERIAL",38112,"INTERRUPTOR SIMPLES 10A, 250V (APENAS MODULO)","UN","CR",6.58,6.74,9.35,6.35]
["MATERIAL",38062,"INTERRUPTOR SIMPLES 10A, 250V, CONJUNTO MONTADO PARA EMBUTIR 4\" X 2\" (PLACA + SUPORTE + MODULO)","UN","CR",6.75,6.92,9.59,6.52]
["MATERIAL",12129,"INTERRUPTOR SIMPLES 10A, 250V, CONJUNTO MONTADO PARA SOBREPOR 4\" X 2\" (CAIXA + 2 MODULOS)","UN","CR",11.93,12.23,16.95,11.53]
["MATERIAL",12128,"INTERRUPTOR SIMPLES 10A, 250V, CONJUNTO MONTADO PARA SOBREPOR 4\" X 2\" (CAIXA + MODULO)","UN","CR",9.0299999999999994,9.25,12.83,8.7200000000000006]
["MATERIAL",38081,"INTERRUPTORES PARALELOS (2 MODULOS) + TOMADA 2P+T 10A, 250V, CONJUNTO MONTADO PARA EMBUTIR 4\" X 2\" (PLACA + SUPORTE + MODULOS)","UN","CR",23.25,23.83,33.020000000000003,22.45]
["MATERIAL",38070,"INTERRUPTORES PARALELOS (2 MODULOS) 10A, 250V, CONJUNTO MONTADO PARA EMBUTIR 4\" X 2\" (PLACA + SUPORTE + MODULOS)","UN","CR",16.02,16.420000000000002,22.75,15.47]
["MATERIAL",38074,"INTERRUPTORES PARALELOS (3 MODULOS) 10A, 250V, CONJUNTO MONTADO PARA EMBUTIR 4\" X 2\" (PLACA + SUPORTE + MODULO)","UN","CR",24.35,24.96,34.590000000000003,23.52]
["MATERIAL",38072,"INTERRUPTORES SIMPLES (2 MODULOS) + 1 INTERRUPTOR PARALELO 10A, 250V, CONJUNTO MONTADO PARA EMBUTIR 4\" X 2\" (PLACA + SUPORTE + MODULOS)","UN","CR",20.09,20.59,28.53,19.399999999999999]
["MATERIAL",38079,"INTERRUPTORES SIMPLES (2 MODULOS) + TOMADA 2P+T 10A, 250V, CONJUNTO MONTADO PARA EMBUTIR 4\" X 2\" (PLACA + SUPORTE + MODULOS)","UN","CR",20.9,21.43,29.69,20.190000000000001]
["MATERIAL",38068,"INTERRUPTORES SIMPLES (2 MODULOS) 10A, 250V, CONJUNTO MONTADO PARA EMBUTIR 4\" X 2\" (PLACA + SUPORTE + MODULOS)","UN","CR",13.87,14.21,19.7,13.39]
["MATERIAL",38071,"INTERRUPTORES SIMPLES (3 MODULOS) 10A, 250V, CONJUNTO MONTADO PARA EMBUTIR 4\" X 2\" (PLACA + SUPORTE + MODULOS)","UN","CR",16.579999999999998,16.989999999999998,23.55,16.010000000000002]
["EQUIPAMENTO (AQUISIÇÃO)",45279,"INVERSOR DE SOLDA MONOFASICO DE 160 A, POTENCIA DE *7000* W, TENSAO DE 220 V, TURBO VENTILADO, PROTECAO POR TERMOSTATO, PARA ELETRODOS DE *2,0 A 4,0* MM","UN","C",1200,1168.21,914.5,1148]
["EQUIPAMENTO (AQUISIÇÃO)",45280,"INVERSOR DE SOLDA MONOFASICO DE 200 A, POTENCIA DE *9600* W, TENSAO DE 220 V, TURBO VENTILADO, PROTECAO POR DISSIPADORES DE CALOR, PARA ELETRODOS DE *2,5 A 4,0* MM","UN","CR",3007,2927.34,2291.58,2876.7]
["MATERIAL",3405,"ISOLADOR DE PORCELANA SUSPENSO, DISCO TIPO GARFO OLHAL, DIAMETRO DE 152 MM, PARA TENSAO DE *15* KV","UN","CR",107.81,0,78.11,96.54]
["MATERIAL",3394,"ISOLADOR DE PORCELANA, TIPO BUCHA, PARA TENSAO DE *15* KV","UN","CR",569.1,0,412.34,509.6]
["MATERIAL",3393,"ISOLADOR DE PORCELANA, TIPO BUCHA, PARA TENSAO DE *35* KV","UN","CR",968.95,0,702.05,867.65]
["MATERIAL",3406,"ISOLADOR DE PORCELANA, TIPO PINO MONOCORPO, PARA TENSAO DE *15* KV","UN","C",33,0,23.91,29.55]
["MATERIAL",3395,"ISOLADOR DE PORCELANA, TIPO PINO MONOCORPO, PARA TENSAO DE *35* KV","UN","CR",139.21,0,100.86,124.65]
["MATERIAL",3398,"ISOLADOR DE PORCELANA, TIPO ROLDANA, DIMENSOES DE *72* X *72* MM, PARA USO EM BAIXA TENSAO","UN","CR",6.61,0,4.79,5.92]
["MATERIAL",40662,"JANELA BASCULANTE EM MADEIRA PINUS/ EUCALIPTO/ TAUARI/ VIROLA OU EQUIVALENTE DA REGIAO, *60 X 60*, CAIXA DO BATENTE/ MARCO E = *10* CM, 2 BASCULAS PARA VIDRO, COM FERRAGENS (SEM VIDRO, SEM GUARNICAO/ALIZAR E SEM ACABAMENTO)","UN","CR",0,0,0,261.23]
["MATERIAL",3437,"JANELA BASCULANTE EM MADEIRA PINUS/ EUCALIPTO/ TAUARI/ VIROLA OU EQUIVALENTE DA REGIAO, CAIXA DO BATENTE/ MARCO *10* CM, *2* FOLHAS BASCULANTES PARA VIDRO, COM FERRAGENS (SEM VIDRO, SEM GUARNICAO/ALIZAR E SEM ACABAMENTO)","M2","CR",0,0,0,725.66]
["MATERIAL",11190,"JANELA BASCULANTE, ACO, COM BATENTE/REQUADRO, 60 X 60 CM (SEM VIDROS)","UN","C",0,0,0,0]
["MATERIAL",34377,"JANELA BASCULANTE, EM ALUMINIO PERFIL 20, 80 X 60 CM (A X L), 4 FLS (1 FIXA E 3 MOVEIS), ACABAMENTO BRANCO OU BRILHANTE, BATENTE DE 3 A 4 CM, COM VIDRO 4 MM, SEM GUARNICAO","UN","CR",0,0,0,170.37]
["MATERIAL",40659,"JANELA DE 6 FOLHAS DE CORRER EM MADEIRA CEDRINHO/ ANGELIM COMERCIAL/ CURUPIXA/ CUMARU OU EQUIVALENTE DA REGIAO, CAIXA DO BATENTE/MARCO *10* CM, 2 FOLHAS DE CORRER VENEZIANA, 2 FOLHAS FIXAS VENEZIANA E 2 FOLHAS DE CORRER PARA VIDRO, COM FERRAGENS (SEM VIDRO, SEM ACABAMENTO E SEM GUARNICAO/ALIZAR)","M2","CR",0,0,0,1026.7]
["MATERIAL",40660,"JANELA DE 6 FOLHAS DE CORRER EM MADEIRA IMBUIA/CEDRO ARANA/CEDRO ROSA OU EQUIVALENTE DA REGIAO, CAIXA DO BATENTE/MARCO *10* CM, 2 FOLHAS DE CORRER VENEZIANA, 2 FOLHAS FIXAS VENEZIANA E 2 FOLHAS DE CORRER PARA VIDRO, COM FERRAGENS (SEM VIDRO, SEM ACABAMENTO E SEM GUARNICAO/ALIZAR)","M2","CR",0,0,0,1301.22]
["MATERIAL",40661,"JANELA DE 6 FOLHAS DE CORRER EM MADEIRA PINUS/ EUCALIPTO/ TAUARI/ VIROLA OU EQUIVALENTE DA REGIAO, CAIXA DO BATENTE/MARCO *10* CM, 2 FOLHAS DE CORRER VENEZIANA, 2 FOLHAS FIXAS VENEZIANA E 2 FOLHAS DE CORRER PARA VIDRO, COM FERRAGENS (SEM VIDRO, SEM ACABAMENTO E SEM GUARNICAO/ALIZAR)","M2","CR",0,0,0,800.03]
["MATERIAL",3428,"JANELA DE ABRIR EM MADEIRA IMBUIA/CEDRO ARANA/CEDRO ROSA OU EQUIVALENTE DA REGIAO, CAIXA DO BATENTE/MARCO *10* CM, 2 FOLHAS DE ABRIR TIPO VENEZIANA E 2 FOLHAS DE ABRIR PARA VIDRO, COM GUARNICAO/ALIZAR, COM FERRAGENS, (SEM VIDRO E SEM ACABAMENTO)","M2","C",0,0,0,1076.3900000000001]
["MATERIAL",3429,"JANELA DE ABRIR EM MADEIRA PINUS/EUCALIPTO/TAUARI/VIROLA OU EQUIVALENTE DA REGIAO, CAIXA DO BATENTE/MARCO *10* CM, 2 FOLHAS DE ABRIR TIPO VENEZIANA E 2 FOLHAS GUILHOTINA PARA VIDRO, COM FERRAGENS (SEM VIDRO, SEM GUARNICAO/ALIZAR E SEM ACABAMENTO)","M2","CR",0,0,0,614.99]
["MATERIAL",11199,"JANELA DE CORRER, ACO, BATENTE/REQUADRO DE 6 A 14 CM, COM DIVISAO HORIZ, PINT ANTICORROSIVA, SEM VIDRO, BANDEIRA COM BASCULA, 4 FLS, 120 X 150 CM (A X L)","UN","CR",0,0,0,0]
["MATERIAL",36896,"JANELA DE CORRER, EM ALUMINIO PERFIL 25, 100 X 120 CM (A X L), 2 FLS MOVEIS, SEM BANDEIRA, ACABAMENTO BRANCO OU BRILHANTE, BATENTE DE 6 A 7 CM, COM VIDRO 4 MM, SEM GUARNICAO","UN","C",0,0,0,329.98]
["MATERIAL",34367,"JANELA DE CORRER, EM ALUMINIO PERFIL 25, 100 X 150 CM (A X L), 2 FLS MOVEIS, SEM BANDEIRA, ACABAMENTO BRANCO OU BRILHANTE, BATENTE DE 6 A 7 CM, COM VIDRO 4 MM, SEM GUARNICAO","UN","CR",0,0,0,425.29]
["MATERIAL",36897,"JANELA DE CORRER, EM ALUMINIO PERFIL 25, 100 X 150 CM (A X L), 4 FLS MOVEIS, SEM BANDEIRA, ACABAMENTO BRANCO OU BRILHANTE, BATENTE DE 6 A 7 CM, COM VIDRO 4 MM, SEM GUARNICAO/ALIZAR","UN","CR",0,0,0,514.91999999999996]
["MATERIAL",34369,"JANELA DE CORRER, EM ALUMINIO PERFIL 25, 100 X 200 CM (A X L), 4 FLS, SEM BANDEIRA, ACABAMENTO BRANCO OU BRILHANTE, BATENTE DE 6 A 7 CM, COM VIDRO 4 MM, SEM GUARNICAO/ALIZAR","UN","CR",0,0,0,592.58000000000004]
["MATERIAL",34364,"JANELA DE CORRER, EM ALUMINIO PERFIL 25, 120 X 150 CM (A X L), 4 FLS, BANDEIRA COM BASCULA, ACABAMENTO BRANCO OU BRILHANTE, BATENTE/REQUADRO DE 6 A 14 CM, COM VIDRO 4 MM, SEM GUARNICAO/ALIZAR","UN","CR",0,0,0,559.03]
["MATERIAL",3421,"JANELA EM MADEIRA CEDRINHO/ ANGELIM COMERCIAL/ CURUPIXA/ CUMARU OU EQUIVALENTE DA REGIAO, CAIXA DO BATENTE/MARCO *10* CM, 2 FOLHAS DE ABRIR TIPO VENEZIANA E 2 FOLHAS GUILHOTINA PARA VIDRO, COM GUARNICAO/ALIZAR, COM FERRAGENS (SEM VIDRO E SEM ACABAMENTO)","M2","CR",0,0,0,806.15]
["MATERIAL",599,"JANELA FIXA, EM ALUMINIO PERFIL 20, 60 X 80 CM (A X L), BATENTE/REQUADRO DE 3 A 14 CM, COM VIDRO 4 MM, SEM GUARNICAO/ALIZAR, ACABAMENTO ALUM BRANCO OU BRILHANTE","M2","CR",0,0,0,601.80999999999995]
["MATERIAL",44053,"JANELA INTEGRADA VENEZIANA EM ALUMINIO PERFIL 25, 120 X 120 CM (A X L), 2 FLS (2 VIDROS) E VENEZIANA COM ACIONAMENTO MANUAL, SEM BANDEIRA, ACABAMENTO BRILHANTE, BATENTE DE 11,50 A 12,50 CM, COM VIDRO 4 MM, INCLUSO GUARNICAO","UN","CR",0,0,0,1335.74]
["MATERIAL",3423,"JANELA MAXIM-AR EM MADEIRA CEDRINHO/ ANGELIM COMERCIAL/ CURUPIXA/ CUMARU OU EQUIVALENTE DA REGIAO, CAIXA DO BATENTE/MARCO *10* CM, 1 FOLHA PARA VIDRO, COM GUARNICAO/ALIZAR, COM FERRAGENS, (SEM VIDRO E SEM ACABAMENTO)","M2","CR",0,0,0,1136.8599999999999]
["MATERIAL",34797,"JANELA MAXIM-AR, ACO GALVANIZADO PINT. ANTICORROSIVA, COM BATENTE/REQUADRO DE 6 A 14 CM, SEM VIDRO, COM GRADE, 1 FL, 60 X 80 CM (A X L)","UN","CR",0,0,0,0]
["MATERIAL",34381,"JANELA MAXIM-AR, EM ALUMINIO PERFIL 25, 60 X 80 CM (A X L), ACABAMENTO BRANCO OU BRILHANTE, BATENTE DE 4 A 5 CM, COM VIDRO 4 MM, SEM GUARNICAO/ALIZAR","UN","CR",0,0,0,243]
["MATERIAL",44054,"JANELA VENEZIANA DE CORRER, EM ALUMINIO PERFIL 25, 100 X 120 CM (A X L), 3 FLS (2 VENEZIANAS E 1 VIDRO), SEM BANDEIRA, ACABAMENTO BRANCO OU BRILHANTE, BATENTE DE 8 A 9 CM, COM VIDRO 4 MM, SEM GUARNICAO/ALIZAR","UN","CR",0,0,0,479.18]
["MATERIAL",44399,"JANELA VENEZIANA DE CORRER, EM ALUMINIO PERFIL 25, 100 X 150 CM (A X L), 6 FLS (4 VENEZIANAS E 2 VIDROS), SEM BANDEIRA, ACABAMENTO BRANCO OU BRILHANTE, BATENTE DE 8 A 9 CM, COM VIDRO 4 MM, SEM GUARNICAO / ALIZAR","UN","CR",0,0,0,654.72]
["MAO DE OBRA",44503,"JARDINEIRO (HORISTA)","H","CR",21.12,15.11,20.350000000000001,19.79]
["MAO DE OBRA",41077,"JARDINEIRO (MENSALISTA)","MES","CR",3726.39,2653.1,3630.88,3494.54]
["MATERIAL",37963,"JOELHO CPVC, SOLDAVEL, 45 GRAUS, 15 MM, PARA AGUA QUENTE","UN","CR",4.4400000000000004,0,4.45,4.88]
["MATERIAL",37964,"JOELHO CPVC, SOLDAVEL, 45 GRAUS, 22 MM, PARA AGUA QUENTE","UN","CR",5.94,0,5.95,6.52]
["MATERIAL",37965,"JOELHO CPVC, SOLDAVEL, 45 GRAUS, 28 MM, PARA AGUA QUENTE","UN","CR",8.57,0,8.59,9.4]
["MATERIAL",37966,"JOELHO CPVC, SOLDAVEL, 45 GRAUS, 35 MM, PARA AGUA QUENTE","UN","CR",15.05,0,15.08,16.510000000000002]
["MATERIAL",37967,"JOELHO CPVC, SOLDAVEL, 45 GRAUS, 42 MM, PARA AGUA QUENTE","UN","CR",25.29,0,25.34,27.75]
["MATERIAL",37968,"JOELHO CPVC, SOLDAVEL, 45 GRAUS, 54 MM, PARA AGUA QUENTE","UN","CR",53.71,0,53.8,58.91]
["MATERIAL",37969,"JOELHO CPVC, SOLDAVEL, 45 GRAUS, 73 MM, PARA AGUA QUENTE","UN","CR",135.71,0,135.94,148.86000000000001]
["MATERIAL",37970,"JOELHO CPVC, SOLDAVEL, 45 GRAUS, 89 MM, PARA AGUA QUENTE","UN","CR",196.35,0,196.68,215.37]
["MATERIAL",44251,"JOELHO CPVC, SOLDAVEL, 90 GRAUS, 114 MM, PARA AGUA QUENTE","UN","CR",226.8,0,227.18,248.77]
["MATERIAL",21118,"JOELHO CPVC, SOLDAVEL, 90 GRAUS, 15 MM, PARA AGUA QUENTE","UN","CR",3.53,0,3.54,3.87]
["MATERIAL",37956,"JOELHO CPVC, SOLDAVEL, 90 GRAUS, 22 MM, PARA AGUA QUENTE","UN","CR",4.34,0,4.3499999999999996,4.76]
["MATERIAL",37957,"JOELHO CPVC, SOLDAVEL, 90 GRAUS, 28 MM, PARA AGUA QUENTE","UN","CR",9.23,0,9.25,10.130000000000001]
["MATERIAL",37958,"JOELHO CPVC, SOLDAVEL, 90 GRAUS, 35 MM, PARA AGUA QUENTE","UN","CR",16.690000000000001,0,16.72,18.309999999999999]
["MATERIAL",37959,"JOELHO CPVC, SOLDAVEL, 90 GRAUS, 42 MM, PARA AGUA QUENTE","UN","CR",25.7,0,25.74,28.19]
["MATERIAL",37960,"JOELHO CPVC, SOLDAVEL, 90 GRAUS, 54 MM, PARA AGUA QUENTE","UN","CR",65.67,0,65.78,72.03]
["MATERIAL",37961,"JOELHO CPVC, SOLDAVEL, 90 GRAUS, 73 MM, PARA AGUA QUENTE","UN","CR",141.12,0,141.36000000000001,154.80000000000001]
["MATERIAL",37962,"JOELHO CPVC, SOLDAVEL, 90 GRAUS, 89 MM, PARA AGUA QUENTE","UN","CR",162.69,0,162.97,178.46]
["MATERIAL",3533,"JOELHO DE REDUCAO, PVC SOLDAVEL, 90 GRAUS, 25 MM X 20 MM, COR MARROM, PARA AGUA FRIA PREDIAL","UN","CR",3.05,2.74,2.95,2.8]
["MATERIAL",3538,"JOELHO DE REDUCAO, PVC SOLDAVEL, 90 GRAUS, 32 MM X 25 MM, COR MARROM, PARA AGUA FRIA PREDIAL","UN","CR",5.77,5.19,5.59,5.3]
["MATERIAL",3498,"JOELHO DE REDUCAO, PVC, ROSCAVEL, 90 GRAUS, 1\" X 3/4\", COR BRANCA, PARA AGUA FRIA PREDIAL","UN","CR",5.6,5.03,5.42,5.14]
["MATERIAL",3496,"JOELHO DE REDUCAO, PVC, ROSCAVEL, 90 GRAUS, 3/4\" X 1/2\", COR BRANCA, PARA AGUA FRIA PREDIAL","UN","CR",3.75,3.37,3.62,3.44]
["MATERIAL",38429,"JOELHO DE TRANSICAO, CPVC, SOLDAVEL, 90 GRAUS, 15 MM X 1/2\", PARA AGUA QUENTE","UN","CR",12.02,0,12.04,13.18]
["MATERIAL",38431,"JOELHO DE TRANSICAO, CPVC, SOLDAVEL, 90 GRAUS, 22 MM X 1/2\", PARA AGUA QUENTE","UN","CR",15.07,0,15.1,16.53]
["MATERIAL",38430,"JOELHO DE TRANSICAO, CPVC, SOLDAVEL, 90 GRAUS, 22 MM X 3/4\", PARA AGUA QUENTE","UN","CR",23.37,0,23.41,25.63]
["MATERIAL",36348,"JOELHO PPR 45 GRAUS, SOLDAVEL, F/F, DN 20 MM, PARA AGUA QUENTE PREDIAL","UN","CR",0,0,2.67,0]
["MATERIAL",36349,"JOELHO PPR 45 GRAUS, SOLDAVEL, F/F, DN 25 MM, PARA AGUA QUENTE PREDIAL","UN","CR",0,0,3.68,0]
["MATERIAL",38987,"JOELHO PPR 45 GRAUS, SOLDAVEL, F/F, DN 40 MM, PARA AQUA QUENTE E FRIA PREDIAL","UN","CR",0,0,17.690000000000001,0]
["MATERIAL",38988,"JOELHO PPR 45 GRAUS, SOLDAVEL, F/F, DN 50 MM, PARA AQUA QUENTE E FRIA PREDIAL","UN","CR",0,0,28.82,0]
["MATERIAL",38989,"JOELHO PPR 45 GRAUS, SOLDAVEL, F/F, DN 63 MM, PARA AQUA QUENTE E FRIA PREDIAL","UN","CR",0,0,48.49,0]
["MATERIAL",38990,"JOELHO PPR 45 GRAUS, SOLDAVEL, F/F, DN 75 MM, PARA AQUA QUENTE E FRIA PREDIAL","UN","CR",0,0,96.89,0]
["MATERIAL",38991,"JOELHO PPR 45 GRAUS, SOLDAVEL, F/F, DN 90 MM, PARA AQUA QUENTE E FRIA PREDIAL","UN","CR",0,0,174.36,0]
["MATERIAL",38433,"JOELHO PPR, 45 GRAUS, SOLDAVEL, F/F, DN 32 MM, PARA AGUA QUENTE PREDIAL","UN","CR",0,0,9.01,0]
["MATERIAL",38440,"JOELHO PPR, 90 GRAUS, SOLDAVEL, F/F, DN 110 MM, PARA AGUA QUENTE PREDIAL","UN","CR",0,0,379.98,0]
["MATERIAL",36359,"JOELHO PPR, 90 GRAUS, SOLDAVEL, F/F, DN 20 MM, PARA AGUA QUENTE PREDIAL","UN","CR",0,0,2.37,0]
["MATERIAL",36360,"JOELHO PPR, 90 GRAUS, SOLDAVEL, F/F, DN 25 MM, PARA AGUA QUENTE PREDIAL","UN","CR",0,0,3.19,0]
["MATERIAL",38434,"JOELHO PPR, 90 GRAUS, SOLDAVEL, F/F, DN 32 MM, PARA AGUA QUENTE PREDIAL","UN","CR",0,0,4.8600000000000003,0]
["MATERIAL",38435,"JOELHO PPR, 90 GRAUS, SOLDAVEL, F/F, DN 40 MM, PARA AGUA QUENTE PREDIAL","UN","CR",0,0,10.93,0]
["MATERIAL",38436,"JOELHO PPR, 90 GRAUS, SOLDAVEL, F/F, DN 50 MM, PARA AGUA QUENTE PREDIAL","UN","CR",0,0,18.12,0]
["MATERIAL",38437,"JOELHO PPR, 90 GRAUS, SOLDAVEL, F/F, DN 63 MM, PARA AGUA QUENTE PREDIAL","UN","CR",0,0,29.39,0]
["MATERIAL",38438,"JOELHO PPR, 90 GRAUS, SOLDAVEL, F/F, DN 75 MM, PARA AGUA QUENTE PREDIAL","UN","CR",0,0,85.24,0]
["MATERIAL",38439,"JOELHO PPR, 90 GRAUS, SOLDAVEL, F/F, DN 90 MM, PARA AGUA QUENTE PREDIAL","UN","CR",0,0,108.32,0]
["MATERIAL",10836,"JOELHO PVC COM VISITA, 90 GRAUS, DN 100 X 50 MM, SERIE NORMAL, PARA ESGOTO PREDIAL","UN","CR",22.03,20.22,20.440000000000001,21.32]
["MATERIAL",3510,"JOELHO PVC, 90 GRAUS, ROSCAVEL, 1 1/4\", COR BRANCA, AGUA FRIA PREDIAL","UN","CR",14.05,12.62,13.6,12.9]
["MATERIAL",10835,"JOELHO PVC, COM BOLSA E ANEL, 90 GRAUS, DN 40 X *38* MM, SERIE NORMAL, PARA ESGOTO PREDIAL","UN","CR",6.15,5.64,5.7,5.95]
["MATERIAL",3485,"JOELHO PVC, ROSCAVEL, 45 GRAUS, 1\", COR BRANCA, PARA AGUA FRIA PREDIAL","UN","CR",14.78,13.28,14.3,13.56]
["MATERIAL",3475,"JOELHO PVC, ROSCAVEL, 45 GRAUS, 1/2\", COR BRANCA, PARA AGUA FRIA PREDIAL","UN","CR",5.35,4.8,5.17,4.91]
["MATERIAL",3534,"JOELHO PVC, ROSCAVEL, 45 GRAUS, 3/4\", COR BRANCA, PARA AGUA FRIA PREDIAL","UN","CR",8.4700000000000006,7.61,8.1999999999999993,7.78]
["MATERIAL",3482,"JOELHO PVC, ROSCAVEL, 90 GRAUS, 1\", COR BRANCA, PARA AGUA FRIA PREDIAL","UN","CR",6.06,5.44,5.86,5.56]
["MATERIAL",3543,"JOELHO PVC, ROSCAVEL, 90 GRAUS, 1/2\", COR BRANCA, PARA AGUA FRIA PREDIAL","UN","CR",1.97,1.77,1.9,1.8]
["MATERIAL",3505,"JOELHO PVC, ROSCAVEL, 90 GRAUS, 3/4\", COR BRANCA, PARA AGUA FRIA PREDIAL","UN","CR",2.92,2.63,2.83,2.68]
["MATERIAL",3521,"JOELHO PVC, SOLDAVEL COM ROSCA, 90 GRAUS, 20 MM X 1/2\", COR MARROM, PARA AGUA FRIA PREDIAL","UN","CR",2.2000000000000002,1.98,2.13,2.02]
["MATERIAL",3531,"JOELHO PVC, SOLDAVEL COM ROSCA, 90 GRAUS, 25 MM X 1/2\", COR MARROM, PARA AGUA FRIA PREDIAL","UN","CR",4.2,3.77,4.0599999999999996,3.85]
["MATERIAL",3522,"JOELHO PVC, SOLDAVEL COM ROSCA, 90 GRAUS, 25 MM X 3/4\", COR MARROM, PARA AGUA FRIA PREDIAL","UN","CR",2.71,2.4300000000000002,2.62,2.48]
["MATERIAL",3527,"JOELHO PVC, SOLDAVEL COM ROSCA, 90 GRAUS, 32 MM X 3/4\", COR MARROM, PARA AGUA FRIA PREDIAL","UN","CR",14.24,12.79,13.78,13.07]
["MATERIAL",3530,"JOELHO PVC, SOLDAVEL, 90 GRAUS, 110 MM, COR MARROM, PARA AGUA FRIA PREDIAL","UN","CR",230.57,207.16,223.1,211.65]
["MATERIAL",3542,"JOELHO PVC, SOLDAVEL, 90 GRAUS, 20 MM, COR MARROM, PARA AGUA FRIA PREDIAL","UN","CR",0.66,0.59,0.64,0.61]
["MATERIAL",3529,"JOELHO PVC, SOLDAVEL, 90 GRAUS, 25 MM, COR MARROM, PARA AGUA FRIA PREDIAL","UN","CR",0.81,0.73,0.78,0.74]
["MATERIAL",3536,"JOELHO PVC, SOLDAVEL, 90 GRAUS, 32 MM, COR MARROM, PARA AGUA FRIA PREDIAL","UN","CR",2.7,2.4300000000000002,2.61,2.48]
["MATERIAL",3535,"JOELHO PVC, SOLDAVEL, 90 GRAUS, 40 MM, COR MARROM, PARA AGUA FRIA PREDIAL","UN","CR",6.58,5.91,6.37,6.04]
["MATERIAL",3540,"JOELHO PVC, SOLDAVEL, 90 GRAUS, 50 MM, COR MARROM, PARA AGUA FRIA PREDIAL","UN","CR",5.57,5,5.39,5.1100000000000003]
["MATERIAL",3539,"JOELHO PVC, SOLDAVEL, 90 GRAUS, 60 MM, COR MARROM, PARA AGUA FRIA PREDIAL","UN","CR",32.270000000000003,28.99,31.22,29.62]
["MATERIAL",3513,"JOELHO PVC, SOLDAVEL, 90 GRAUS, 85 MM, COR MARROM, PARA AGUA FRIA PREDIAL","UN","CR",113.79,102.24,110.1,104.45]
["MATERIAL",3516,"JOELHO PVC, SOLDAVEL, BB, 45 GRAUS, DN 40 MM, PARA ESGOTO PREDIAL","UN","CR",2.54,2.33,2.35,2.46]
["MATERIAL",3517,"JOELHO PVC, SOLDAVEL, BB, 90 GRAUS, SEM ANEL, DN 40 MM, PARA ESGOTO PREDIAL SECUNDARIO","UN","CR",2.29,2.1,2.12,2.2200000000000002]
["MATERIAL",3515,"JOELHO PVC, SOLDAVEL, COM BUCHA DE LATAO, 90 GRAUS, 20 MM X 1/2\", PARA AGUA FRIA PREDIAL","UN","CR",7.26,6.52,7.03,6.66]
["MATERIAL",20147,"JOELHO PVC, SOLDAVEL, COM BUCHA DE LATAO, 90 GRAUS, 25 MM X 1/2\", PARA AGUA FRIA PREDIAL","UN","CR",5.97,5.36,5.78,5.48]
["MATERIAL",3524,"JOELHO PVC, SOLDAVEL, COM BUCHA DE LATAO, 90 GRAUS, 25 MM X 3/4\", PARA AGUA FRIA PREDIAL","UN","CR",8.99,8.07,8.69,8.25]
["MATERIAL",3532,"JOELHO PVC, SOLDAVEL, COM BUCHA DE LATAO, 90 GRAUS, 32 MM X 3/4\", PARA AGUA FRIA PREDIAL","UN","CR",20.77,18.66,20.09,19.059999999999999]
["MATERIAL",3528,"JOELHO PVC, SOLDAVEL, PB, 45 GRAUS, DN 100 MM, PARA ESGOTO PREDIAL","UN","CR",9.92,9.1,9.1999999999999993,9.6]
["MATERIAL",37952,"JOELHO PVC, SOLDAVEL, PB, 45 GRAUS, DN 150 MM, PARA ESGOTO PREDIAL","UN","CR",71.09,65.239999999999995,65.94,68.8]
["MATERIAL",37951,"JOELHO PVC, SOLDAVEL, PB, 45 GRAUS, DN 40 MM, PARA ESGOTO PREDIAL","UN","CR",2.67,2.4500000000000002,2.48,2.59]
["MATERIAL",3518,"JOELHO PVC, SOLDAVEL, PB, 45 GRAUS, DN 50 MM, PARA ESGOTO PREDIAL","UN","CR",4.1100000000000003,3.77,3.81,3.98]
["MATERIAL",3519,"JOELHO PVC, SOLDAVEL, PB, 45 GRAUS, DN 75 MM, PARA ESGOTO PREDIAL","UN","CR",8.6,7.89,7.98,8.32]
["MATERIAL",3520,"JOELHO PVC, SOLDAVEL, PB, 90 GRAUS, DN 100 MM, PARA ESGOTO PREDIAL","UN","CR",9.01,8.27,8.36,8.7200000000000006]
["MATERIAL",37950,"JOELHO PVC, SOLDAVEL, PB, 90 GRAUS, DN 150 MM, PARA ESGOTO PREDIAL","UN","CR",65.44,60.06,60.71,63.34]
["MATERIAL",37949,"JOELHO PVC, SOLDAVEL, PB, 90 GRAUS, DN 40 MM, PARA ESGOTO PREDIAL","UN","CR",2.41,2.21,2.2400000000000002,2.33]
["MATERIAL",3526,"JOELHO PVC, SOLDAVEL, PB, 90 GRAUS, DN 50 MM, PARA ESGOTO PREDIAL","UN","CR",3.32,3.05,3.08,3.21]
["MATERIAL",3509,"JOELHO PVC, SOLDAVEL, PB, 90 GRAUS, DN 75 MM, PARA ESGOTO PREDIAL","UN","CR",7.54,6.92,7,7.3]
["MATERIAL",20151,"JOELHO, PVC SERIE R, 45 GRAUS, DN 100 MM, PARA ESGOTO PREDIAL","UN","CR",22.17,20.34,20.56,21.45]
["MATERIAL",20152,"JOELHO, PVC SERIE R, 45 GRAUS, DN 150 MM, PARA ESGOTO PREDIAL","UN","CR",80.22,73.62,74.41,77.64]
["MATERIAL",20148,"JOELHO, PVC SERIE R, 45 GRAUS, DN 40 MM, PARA ESGOTO PREDIAL","UN","CR",4.3600000000000003,4,4.04,4.22]
["MATERIAL",20149,"JOELHO, PVC SERIE R, 45 GRAUS, DN 50 MM, PARA ESGOTO PREDIAL","UN","CR",7.28,6.68,6.75,7.04]
["MATERIAL",20150,"JOELHO, PVC SERIE R, 45 GRAUS, DN 75 MM, PARA ESGOTO PREDIAL","UN","CR",18.760000000000002,17.22,17.399999999999999,18.16]
["MATERIAL",20157,"JOELHO, PVC SERIE R, 90 GRAUS, DN 100 MM, PARA ESGOTO PREDIAL","UN","CR",21.06,19.32,19.53,20.38]
["MATERIAL",20158,"JOELHO, PVC SERIE R, 90 GRAUS, DN 150 MM, PARA ESGOTO PREDIAL","UN","CR",83.62,76.739999999999995,77.569999999999993,80.930000000000007]
["MATERIAL",20154,"JOELHO, PVC SERIE R, 90 GRAUS, DN 40 MM, PARA ESGOTO PREDIAL","UN","CR",4.2699999999999996,3.91,3.96,4.13]
["MATERIAL",20155,"JOELHO, PVC SERIE R, 90 GRAUS, DN 50 MM, PARA ESGOTO PREDIAL","UN","CR",6.5,5.96,6.03,6.29]
["MATERIAL",20156,"JOELHO, PVC SERIE R, 90 GRAUS, DN 75 MM, PARA ESGOTO PREDIAL","UN","CR",18.260000000000002,16.760000000000002,16.940000000000001,17.68]
["MATERIAL",3499,"JOELHO, PVC SOLDAVEL, 45 GRAUS, 20 MM, COR MARROM, PARA AGUA FRIA PREDIAL","UN","CR",1.26,1.1299999999999999,1.22,1.1599999999999999]
["MATERIAL",3500,"JOELHO, PVC SOLDAVEL, 45 GRAUS, 25 MM, COR MARROM, PARA AGUA FRIA PREDIAL","UN","CR",1.67,1.5,1.62,1.54]
["MATERIAL",3501,"JOELHO, PVC SOLDAVEL, 45 GRAUS, 32 MM, COR MARROM, PARA AGUA FRIA PREDIAL","UN","CR",4.62,4.1500000000000004,4.47,4.24]
["MATERIAL",3502,"JOELHO, PVC SOLDAVEL, 45 GRAUS, 40 MM, COR MARROM, PARA AGUA FRIA PREDIAL","UN","CR",6.64,5.97,6.43,6.1]
["MATERIAL",3503,"JOELHO, PVC SOLDAVEL, 45 GRAUS, 50 MM, COR MARROM, PARA AGUA FRIA PREDIAL","UN","CR",8.34,7.5,8.07,7.66]
["MATERIAL",3477,"JOELHO, PVC SOLDAVEL, 45 GRAUS, 60 MM, COR MARROM, PARA AGUA FRIA PREDIAL","UN","CR",30.32,27.24,29.34,27.83]
["MATERIAL",3478,"JOELHO, PVC SOLDAVEL, 45 GRAUS, 75 MM, COR MARROM, PARA AGUA FRIA PREDIAL","UN","CR",72.709999999999994,65.319999999999993,70.349999999999994,66.739999999999995]
["MATERIAL",3525,"JOELHO, PVC SOLDAVEL, 45 GRAUS, 85 MM, COR MARROM, PARA AGUA FRIA PREDIAL","UN","CR",89.73,80.62,86.82,82.37]
["MATERIAL",3511,"JOELHO, PVC SOLDAVEL, 90 GRAUS, 75 MM, COR MARROM, PARA AGUA FRIA PREDIAL","UN","CR",95.18,85.51,92.09,87.36]
["MATERIAL",38913,"JOELHO/COTOVELO 90 GRAUS, METALICO, PARA CONEXAO COM ANEL DESLIZANTE, DN 16 MM, EM TUBO PEX PARA INST. AGUA QUENTE/FRIA","UN","CR",0,0,0,0]
["MATERIAL",38914,"JOELHO/COTOVELO 90 GRAUS, METALICO, PARA CONEXAO COM ANEL DESLIZANTE, DN 20 MM, EM TUBO PEX PARA INST. AGUA QUENTE/FRIA","UN","CR",0,0,0,0]
["MATERIAL",38915,"JOELHO/COTOVELO 90 GRAUS, METALICO, PARA CONEXAO COM ANEL DESLIZANTE, DN 25 MM, EM TUBO PEX PARA INST. AGUA QUENTE/FRIA","UN","CR",0,0,0,0]
["MATERIAL",38916,"JOELHO/COTOVELO 90 GRAUS, METALICO, PARA CONEXAO COM ANEL DESLIZANTE, DN 32 MM, EM TUBO PEX PARA INST. AGUA QUENTE/FRIA","UN","CR",0,0,0,0]
["MATERIAL",39300,"JOELHO/COTOVELO 90 GRAUS, PLASTICO, PARA CONEXAO COM CRIMPAGEM, DN 16 MM, EM TUBO PEX PARA INST. AGUA QUENTE/FRIA","UN","CR",0,0,0,0]
["MATERIAL",39301,"JOELHO/COTOVELO 90 GRAUS, PLASTICO, PARA CONEXAO COM CRIMPAGEM, DN 20 MM, EM TUBO PEX PARA INST. AGUA QUENTE/FRIA","UN","CR",0,0,0,0]
["MATERIAL",39302,"JOELHO/COTOVELO 90 GRAUS, PLASTICO, PARA CONEXAO COM CRIMPAGEM, DN 25 MM, EM TUBO PEX PARA INST. AGUA QUENTE/FRIA","UN","CR",0,0,0,0]
["MATERIAL",38941,"JOELHO/COTOVELO 90 GRAUS, ROSCA FEMEA MOVEL, METALICO, PARA CONEXAO COM ANEL DESLIZANTE, DN 20 MM X 3/4\", EM TUBO PEX PARA INST. AGUA QUENTE/FRIA","UN","CR",0,0,0,0]
["MATERIAL",38923,"JOELHO/COTOVELO 90 GRAUS, ROSCA FEMEA TERMINAL, METALICO, PARA CONEXAO COM ANEL DESLIZANTE, DN 16 MM X 1/2\", EM TUBO PEX PARA INST. AGUA QUENTE/FRIA","UN","CR",0,0,0,0]
["MATERIAL",38925,"JOELHO/COTOVELO 90 GRAUS, ROSCA FEMEA TERMINAL, METALICO, PARA CONEXAO COM ANEL DESLIZANTE, DN 20 MM X 1/2\", EM TUBO PEX PARA INST. AGUA QUENTE/FRIA","UN","CR",0,0,0,0]
["MATERIAL",38926,"JOELHO/COTOVELO 90 GRAUS, ROSCA FEMEA TERMINAL, METALICO, PARA CONEXAO COM ANEL DESLIZANTE, DN 20 MM X 3/4\", EM TUBO PEX PARA INST. AGUA QUENTE/FRIA","UN","CR",0,0,0,0]
["MATERIAL",38927,"JOELHO/COTOVELO 90 GRAUS, ROSCA FEMEA TERMINAL, METALICO, PARA CONEXAO COM ANEL DESLIZANTE, DN 25 MM X 3/4\", EM TUBO PEX PARA INST. AGUA QUENTE/FRIA","UN","CR",0,0,0,0]
["MATERIAL",39304,"JOELHO/COTOVELO 90 GRAUS, ROSCA FEMEA TERMINAL, PLASTICO, PARA CONEXAO COM CRIMPAGEM, DN 16 MM X 1/2\", EM TUBO PEX PARA INST. AGUA QUENTE/FRIA","UN","CR",0,0,0,0]
["MATERIAL",39305,"JOELHO/COTOVELO 90 GRAUS, ROSCA FEMEA TERMINAL, PLASTICO, PARA CONEXAO COM CRIMPAGEM, DN 20 MM X 1/2\", EM TUBO PEX PARA INST. AGUA QUENTE/FRIA","UN","CR",0,0,0,0]
["MATERIAL",39306,"JOELHO/COTOVELO 90 GRAUS, ROSCA FEMEA TERMINAL, PLASTICO, PARA CONEXAO COM CRIMPAGEM, DN 20 MM X 3/4\", EM TUBO PEX PARA INST. AGUA QUENTE/FRIA","UN","CR",0,0,0,0]
["MATERIAL",38928,"JOELHO/COTOVELO 90 GRAUS, ROSCA FEMEA TERMINAL, PLASTICO, PARA CONEXAO COM CRIMPAGEM, DN 25 MM X 1/2\", EM TUBO PEX PARA INST. AGUA QUENTE/FRIA","UN","CR",0,0,0,0]
["MATERIAL",38917,"JOELHO/COTOVELO 90 GRAUS, ROSCA FEMEA, COM BASE FIXA, METALICO, PARA CONEXAO COM ANEL DESLIZANTE, DN 16 MM X 1/2\", EM TUBO PEX PARA INST. AGUA QUENTE/FRIA","UN","CR",0,0,0,0]
["MATERIAL",38919,"JOELHO/COTOVELO 90 GRAUS, ROSCA FEMEA, COM BASE FIXA, METALICO, PARA CONEXAO COM ANEL DESLIZANTE, DN 20 MM X 1/2\", EM TUBO PEX PARA INST. AGUA QUENTE/FRIA","UN","CR",0,0,0,0]
["MATERIAL",38922,"JOELHO/COTOVELO 90 GRAUS, ROSCA FEMEA, COM BASE FIXA, METALICO, PARA CONEXAO COM ANEL DESLIZANTE, DN 25 MM X 3/4\", EM TUBO PEX PARA INST. AGUA QUENTE/FRIA","UN","CR",0,0,0,0]
["MATERIAL",45198,"JOGO DE CHAVES ALLEN LONGAS HEXAGONAIS DE 1,5 MM A 10 MM - 9 PECAS","UN","CR",55.19,68.849999999999994,53.78,59.85]
["MATERIAL",45196,"JOGO DE CHAVES DE FENDA E PHILLIPS ISOLADAS, 1000 V - *6* PECAS","UN","CR",113.8,141.96,110.89,123.4]
["MATERIAL",12032,"JOGO DE TRANQUETA E ROSETA QUADRADA DE SOBREPOR SEM FUROS, EM LATAO CROMADO, *50 X 50* MM, PARA FECHADURA DE PORTA DE BANHEIRO","JG","CR",62.26,65.540000000000006,54.59,61.17]
["MATERIAL",12030,"JOGO DE TRANQUETA E ROSETA REDONDA DE SOBREPOR SEM FUROS, EM LATAO CROMADO, DIAMETRO *50* MM, PARA FECHADURA DE PORTA DE BANHEIRO","JG","CR",58.5,61.58,51.29,57.47]
["MATERIAL",45207,"JOGO SERRA COPO COM 6 SERRAS, DIAMETRO VARIANDO DE 15 MM A 60 MM","UN","CR",363.53,453.47,354.21,394.19]
["MATERIAL",14157,"JUNCAO 2 GARRAS PARA FITA PERFURADA","UN","CR",0,0,0,2.79]
["MATERIAL",10908,"JUNCAO DE REDUCAO INVERTIDA, PVC SOLDAVEL, 100 X 50 MM, SERIE NORMAL PARA ESGOTO PREDIAL","UN","CR",20.7,18.989999999999998,19.2,20.03]
["MATERIAL",10909,"JUNCAO DE REDUCAO INVERTIDA, PVC SOLDAVEL, 100 X 75 MM, SERIE NORMAL PARA ESGOTO PREDIAL","UN","CR",24.08,22.1,22.34,23.3]
["MATERIAL",3669,"JUNCAO DE REDUCAO INVERTIDA, PVC SOLDAVEL, 75 X 50 MM, SERIE NORMAL PARA ESGOTO PREDIAL","UN","CR",14.79,13.57,13.72,14.32]
["MATERIAL",20139,"JUNCAO DUPLA, PVC SERIE R, DN 100 X 100 X 100 MM, PARA ESGOTO PREDIAL","UN","CR",127.21,116.75,118.01,123.12]
["MATERIAL",3668,"JUNCAO DUPLA, PVC SOLDAVEL, DN 100 X 100 X 100 MM, SERIE NORMAL PARA ESGOTO PREDIAL","UN","CR",45.44,41.7,42.15,43.98]
["MATERIAL",10911,"JUNCAO INVERTIDA, PVC SOLDAVEL, 75 X 75 MM, SERIE NORMAL PARA ESGOTO PREDIAL","UN","CR",19.920000000000002,18.28,18.48,19.28]
["MATERIAL",3659,"JUNCAO SIMPLES DE REDUCAO, PVC, DN 100 X 50 MM, SERIE NORMAL PARA ESGOTO PREDIAL","UN","CR",20.3,18.63,18.829999999999998,19.649999999999999]
["MATERIAL",3660,"JUNCAO SIMPLES DE REDUCAO, PVC, DN 100 X 75 MM, SERIE NORMAL PARA ESGOTO PREDIAL","UN","CR",26.25,24.09,24.35,25.4]
["MATERIAL",20144,"JUNCAO SIMPLES, PVC SERIE R, DN 100 X 100 MM, PARA ESGOTO PREDIAL","UN","CR",58.78,53.94,54.52,56.89]
["MATERIAL",20143,"JUNCAO SIMPLES, PVC SERIE R, DN 100 X 75 MM, PARA ESGOTO PREDIAL","UN","CR",75.2,69.010000000000005,69.760000000000005,72.78]
["MATERIAL",20145,"JUNCAO SIMPLES, PVC SERIE R, DN 150 X 100 MM, PARA ESGOTO PREDIAL","UN","CR",145.06,133.13,134.56,140.4]
["MATERIAL",20146,"JUNCAO SIMPLES, PVC SERIE R, DN 150 X 150 MM, PARA ESGOTO PREDIAL","UN","CR",198.3,181.99,183.95,191.92]
["MATERIAL",20140,"JUNCAO SIMPLES, PVC SERIE R, DN 40 X 40 MM, PARA ESGOTO PREDIAL","UN","CR",9.3000000000000007,8.5299999999999994,8.6300000000000008,9]
["MATERIAL",20141,"JUNCAO SIMPLES, PVC SERIE R, DN 50 X 50 MM, PARA ESGOTO PREDIAL","UN","CR",22.78,20.91,21.13,22.05]
["MATERIAL",20142,"JUNCAO SIMPLES, PVC SERIE R, DN 75 X 75 MM, PARA ESGOTO PREDIAL","UN","CR",40.08,36.78,37.18,38.79]
["MATERIAL",3670,"JUNCAO SIMPLES, PVC, 45 GRAUS, DN 100 X 100 MM, SERIE NORMAL PARA ESGOTO PREDIAL","UN","CR",26.06,23.92,24.18,25.22]
["MATERIAL",3666,"JUNCAO SIMPLES, PVC, 45 GRAUS, DN 40 X 40 MM, SERIE NORMAL PARA ESGOTO PREDIAL","UN","CR",4.0999999999999996,3.76,3.8,3.97]
["MATERIAL",3662,"JUNCAO SIMPLES, PVC, 45 GRAUS, DN 50 X 50 MM, SERIE NORMAL PARA ESGOTO PREDIAL","UN","CR",10.7,9.82,9.92,10.35]
["MATERIAL",3658,"JUNCAO SIMPLES, PVC, 45 GRAUS, DN 75 X 75 MM, SERIE NORMAL PARA ESGOTO PREDIAL","UN","CR",20.260000000000002,18.59,18.8,19.61]
["MATERIAL",42696,"JUNCAO, PVC, 45 GRAUS, JE, BBB, DN 150 MM, PARA TUBO CORRUGADO E/OU LISO, REDE COLETORA DE ESGOTO","UN","CR",160.68,147.47,149.06,155.52000000000001]
["MATERIAL",39875,"JUNTA DE EXPANSAO BRONZE/LATAO, PONTA X PONTA, 35 MM","UN","CR",0,0,1114.25,0]
["MATERIAL",39876,"JUNTA DE EXPANSAO BRONZE/LATAO, PONTA X PONTA, 42 MM","UN","CR",0,0,1395.04,0]
["MATERIAL",39877,"JUNTA DE EXPANSAO BRONZE/LATAO, PONTA X PONTA, 54 MM","UN","CR",0,0,1934.86,0]
["MATERIAL",39878,"JUNTA DE EXPANSAO BRONZE/LATAO, PONTA X PONTA, 66 MM","UN","CR",0,0,2555.63,0]
["MATERIAL",39872,"JUNTA DE EXPANSAO DE COBRE, PONTA X PONTA, 15 MM","UN","CR",0,0,764.13,0]
["MATERIAL",39873,"JUNTA DE EXPANSAO DE COBRE, PONTA X PONTA, 22 MM","UN","CR",0,0,886.34,0]
["MATERIAL",39874,"JUNTA DE EXPANSAO DE COBRE, PONTA X PONTA, 28 MM","UN","CR",0,0,973.52,0]
["MATERIAL",3674,"JUNTA DILATACAO ELASTICA PARA CONCRETO (FUGENBAND) O-12, ATE 5 MCA","M","CR",0,0,0,192.58]
["MATERIAL",3681,"JUNTA DILATACAO ELASTICA PARA CONCRETO (FUGENBAND) O-22, ATE 30 MCA","M","CR",0,0,0,286.52999999999997]
["MATERIAL",3676,"JUNTA DILATACAO ELASTICA PARA CONCRETO (FUGENBAND) O-35/10, ATE 100 MCA","M","CR",0,0,0,1078.29]
["MATERIAL",3679,"JUNTA DILATACAO ELASTICA PARA CONCRETO (FUGENBAND) O-35/6, ATE 100 MCA","M","CR",0,0,0,892.1]
["MATERIAL",3672,"JUNTA PLASTICA DE DILATACAO PARA PISOS, COR CINZA, 10 X 4,5 MM (ALTURA X ESPESSURA)","M","CR",0,0,0,3.04]
["MATERIAL",3671,"JUNTA PLASTICA DE DILATACAO PARA PISOS, COR CINZA, 17 X 3 MM (ALTURA X ESPESSURA)","M","C",0,0,0,2.87]
["MATERIAL",3673,"JUNTA PLASTICA DE DILATACAO PARA PISOS, COR CINZA, 27 X 3 MM (ALTURA X ESPESSURA)","M","CR",0,0,0,4.51]
["MATERIAL",38394,"KIT ACESSORIOS PARA COMPRESSOR DE AR, 5 PECAS (PISTOLAS PINTURA, LIMPEZA E PULVERIZACAO, CALIBRADOR E MANGUEIRA)","UN","CR",213.92,266.85000000000002,208.44,231.96]
["MATERIAL",3729,"KIT CAVALETE, PVC, COM REGISTRO, PARA HIDROMETRO, BITOLAS 1/2\" OU 3/4\" - COMPLETO","UN","CR",154.6,138.91,149.59,141.91]
["MATERIAL",39357,"KIT CHASSI COZINHA, CUBA SIMPLES SEM MAQUINA LAVAR LOUCA, INSTAL. PEX, QUADRO METALICO C/ TRAVESSA C/ FURO P/ESGOTO DN 50 MM E FUROS SUPERIORES P/AGUA, *340* X *650* MM (L X H), P/ CONEXAO COM ANEL DESLIZANTE (CONJUNTO COMPLETO)","UN","CR",0,0,0,0]
["MATERIAL",39358,"KIT CHASSI COZINHA, CUBA SIMPLES SEM MAQUINA LAVAR LOUCA, INSTAL. PEX, QUADRO METALICO C/ TRAVESSA COM FURO P/ESGOTO DN 50 MM E FUROS SUPERIORES P/AGUA, *340* X *650* MM (L X H), P/ CONEXAO COM CRIMPAGEM (CONJUNTO COMPLETO)","UN","CR",0,0,0,0]
["MATERIAL",39355,"KIT CHASSI TANQUE E MAQUINA LAVAR ROUPA, INSTAL. PEX, QUADRO METALICO C/ TRAVESSA C/ FURO P/ ESGOTO DN 50 MM, FURO LATERAL P/ MAQUINA E FUROS SUPERIORES P/ AGUA, *344* X *442* MM (L X H), P/ CONEXAO COM ANEL DESLIZANTE (CONJUNTO COMPLETO)","UN","CR",0,0,0,0]
["MATERIAL",39356,"KIT CHASSI TANQUE E MAQUINA LAVAR ROUPA, INSTAL. PEX, QUADRO METALICO C/ TRAVESSA C/ FURO P/ ESGOTO DN 50 MM, FURO LATERAL P/MAQUINA E FUROS SUPERIORES P/AGUA, *344* X *442* MM (L X H), P/ CONEXAO COM CRIMPAGEM (CONJUNTO COMPLETO)","UN","CR",0,0,0,0]
["MATERIAL",39353,"KIT CHUVEIRO, INSTAL. PEX, QUADRO METALICO C/ 2 TRAVESSAS, SUPERIOR C/ ESPERA P/ CHUVEIRO, INFERIOR C/ 2 REGISTROS DE PRESSAO 1/2\", *390* X *900* MM (L X H), CONEXAO COM ANEL DESLIZANTE (CONJUNTO COMPLETO)","UN","CR",0,0,0,0]
["MATERIAL",39354,"KIT CHUVEIRO, INSTAL. PEX, QUADRO METALICO C/2 TRAVESSAS, SUPERIOR C/ ESPERA P/ CHUVEIRO E INFERIOR C/2 REGISTROS DE PRESSAO 1/2\", *390* X *900* MM (L X H), CONEXAO COM CRIMPAGEM (CONJUNTO COMPLETO)","UN","CR",0,0,0,0]
["MATERIAL",39398,"KIT DE ACESSORIOS PARA BANHEIRO EM METAL CROMADO, 5 PECAS","UN","CR",63.27,52.59,92.45,79.09]
["MATERIAL",13343,"KIT DE MATERIAIS PARA BRACADEIRA PARA FIXACAO EM POSTE CIRCULAR, CONTEM TRES FIXADORES E UM ROLO DE FITA DE 3 M EM ACO CARBONO","UN","CR",0,0,0,57.29]
["MATERIAL",12118,"KIT DE PROTECAO ARSTOP PARA AR CONDICIONADO, TOMADA PADRAO 2P+T 20 A, COM DISJUNTOR UNIPOLAR DIN 20A","UN","CR",21.66,22.2,30.77,20.92]
["MATERIAL",39482,"KIT PORTA PRONTA DE MADEIRA, FOLHA LEVE (NBR 15930) DE 600 X 2100 MM OU 700 X 2100 MM, DE 35 MM A 40 MM DE ESPESSURA, COM MARCO EM ACO, NUCLEO COLMEIA, CAPA LISA EM HDF, ACABAMENTO MELAMINICO BRANCO (INCLUI MARCO, ALIZARES, DOBRADICAS E FECHADURA)","UN","CR",660.58,702.53,732.7,617.76]
["MATERIAL",39486,"KIT PORTA PRONTA DE MADEIRA, FOLHA LEVE (NBR 15930) DE 600 X 2100 MM OU 700 X 2100 MM, DE 35 MM A 40 MM DE ESPESSURA, NUCLEO COLMEIA, ESTRUTURA USINADA PARA FECHADURA, CAPA LISA EM HDF, ACABAMENTO EM PRIMER PARA PINTURA (INCLUI MARCO, ALIZARES E DOBRADICAS)","UN","CR",539.12,573.36,597.98,504.18]
["MATERIAL",39484,"KIT PORTA PRONTA DE MADEIRA, FOLHA LEVE (NBR 15930) DE 800 X 2100 MM, DE 35 MM A 40 MM DE ESPESSURA, COM MARCO EM ACO, NUCLEO COLMEIA, CAPA LISA EM HDF, ACABAMENTO MELAMINICO BRANCO (INCLUI MARCO, ALIZARES, DOBRADICAS E FECHADURA)","UN","CR",660.58,702.53,732.7,617.76]
["MATERIAL",39488,"KIT PORTA PRONTA DE MADEIRA, FOLHA LEVE (NBR 15930) DE 800 X 2100 MM, DE 35 MM A 40 MM DE ESPESSURA, NUCLEO COLMEIA, ESTRUTURA USINADA PARA FECHADURA, CAPA LISA EM HDF, ACABAMENTO EM PRIMER PARA PINTURA (INCLUI MARCO, ALIZARES E DOBRADICAS)","UN","CR",547.95000000000005,582.75,607.77,512.44000000000005]
["MATERIAL",39485,"KIT PORTA PRONTA DE MADEIRA, FOLHA LEVE (NBR 15930) DE 900 X 2100 MM, DE 35 MM A 40 MM DE ESPESSURA, COM MARCO EM ACO, NUCLEO COLMEIA, CAPA LISA EM HDF, ACABAMENTO MELAMINICO BRANCO (INCLUI MARCO, ALIZARES, DOBRADICAS E FECHADURA)","UN","CR",660.58,702.53,732.7,617.76]
["MATERIAL",39489,"KIT PORTA PRONTA DE MADEIRA, FOLHA LEVE (NBR 15930) DE 900 X 2100 MM, DE 35 MM A 40 MM DE ESPESSURA, NUCLEO COLMEIA, ESTRUTURA USINADA PARA FECHADURA, CAPA LISA EM HDF, ACABAMENTO EM PRIMER PARA PINTURA (INCLUI MARCO, ALIZARES E DOBRADICAS)","UN","CR",557.24,592.63,618.08000000000004,521.13]
["MATERIAL",39490,"KIT PORTA PRONTA DE MADEIRA, FOLHA MEDIA (NBR 15930) DE 600 X 2100 MM OU 700 X 2100 MM, DE 35 MM A 40 MM DE ESPESSURA, NUCLEO SEMI-SOLIDO (SARRAFEADO), ESTRUTURA USINADA PARA FECHADURA, CAPA LISA EM HDF, ACABAMENTO MELAMINICO BRANCO (INCLUI MARCO, ALIZARES E DOBRADICAS)","UN","CR",830.36,883.09,921.02,776.54]
["MATERIAL",39494,"KIT PORTA PRONTA DE MADEIRA, FOLHA MEDIA (NBR 15930) DE 600 X 2100 MM, DE 35 MM A 40 MM DE ESPESSURA, NUCLEO SEMI-SOLIDO (SARRAFEADO), ESTRUTURA USINADA PARA FECHADURA, CAPA LISA EM HDF, ACABAMENTO EM PRIMER PARA PINTURA (INCLUI MARCO, ALIZARES E DOBRADICAS)","UN","CR",596.27,634.13,661.37,557.62]
["MATERIAL",39495,"KIT PORTA PRONTA DE MADEIRA, FOLHA MEDIA (NBR 15930) DE 700 X 2100 MM, DE 35 MM A 40 MM DE ESPESSURA, NUCLEO SEMI-SOLIDO (SARRAFEADO), ESTRUTURA USINADA PARA FECHADURA, CAPA LISA EM HDF, ACABAMENTO EM PRIMER PARA PINTURA (INCLUI MARCO, ALIZARES E DOBRADICAS)","UN","CR",671.92,714.59,745.27,628.37]
["MATERIAL",39496,"KIT PORTA PRONTA DE MADEIRA, FOLHA MEDIA (NBR 15930) DE 800 X 2100 MM, DE 35 MM A 40 MM DE ESPESSURA, NUCLEO SEMI-SOLIDO (SARRAFEADO), ESTRUTURA USINADA PARA FECHADURA, CAPA LISA EM HDF, ACABAMENTO EM PRIMER PARA PINTURA (INCLUI MARCO, ALIZARES E DOBRADICAS)","UN","CR",739.1,786.04,819.8,691.2]
["MATERIAL",39492,"KIT PORTA PRONTA DE MADEIRA, FOLHA MEDIA (NBR 15930) DE 800 X 2100 MM, DE 35 MM A 40 MM DE ESPESSURA, NUCLEO SEMI-SOLIDO (SARRAFEADO), ESTRUTURA USINADA PARA FECHADURA, CAPA LISA EM HDF, ACABAMENTO MELAMINICO BRANCO (INCLUI MARCO, ALIZARES E DOBRADICAS)","UN","CR",855.68,910.02,949.1,800.22]
["MATERIAL",39497,"KIT PORTA PRONTA DE MADEIRA, FOLHA MEDIA (NBR 15930) DE 900 X 2100 MM, DE 35 MM A 40 MM DE ESPESSURA, NUCLEO SEMI-SOLIDO (SARRAFEADO), ESTRUTURA USINADA PARA FECHADURA, CAPA LISA EM HDF, ACABAMENTO EM PRIMER PARA PINTURA (INCLUI MARCO, ALIZARES E DOBRADICAS)","UN","CR",772.91,821.99,857.29,722.81]
["MATERIAL",39493,"KIT PORTA PRONTA DE MADEIRA, FOLHA MEDIA (NBR 15930) DE 900 X 2100 MM, DE 35 MM A 40 MM DE ESPESSURA, NUCLEO SEMI-SOLIDO (SARRAFEADO), ESTRUTURA USINADA PARA FECHADURA, CAPA LISA EM HDF, ACABAMENTO MELAMINICO BRANCO (INCLUI MARCO, ALIZARES E DOBRADICAS)","UN","CR",917.8,976.08,1018,858.32]
["MATERIAL",43628,"KIT PORTA PRONTA DE MADEIRA, FOLHA PESADA (NBR 15930) DE 800 X 2100 MM, DE 40 MM A 45 MM DE ESPESSURA, COM MARCO EM ACO, NUCLEO SOLIDO, CAPA LISA EM HDF, ACABAMENTO MELAMINICO BRANCO (INCLUI MARCO, ALIZARES, DOBRADICAS E FECHADURA)","UN","CR",973.48,1035.31,1079.77,910.39]
["MATERIAL",39500,"KIT PORTA PRONTA DE MADEIRA, FOLHA PESADA (NBR 15930) DE 800 X 2100 MM, DE 40 MM A 45 MM DE ESPESSURA, NUCLEO SOLIDO, CAPA LISA EM HDF, ACABAMENTO MELAMINICO BRANCO (INCLUI MARCO, ALIZARES, DOBRADICAS E FECHADURA EXTERNA)","UN","CR",1001.4,1064.99,1110.73,936.49]
["MATERIAL",39498,"KIT PORTA PRONTA DE MADEIRA, FOLHA PESADA (NBR 15930) DE 800 X 2100 MM, DE 40 MM A 45 MM DE ESPESSURA, NUCLEO SOLIDO, ESTRUTURA USINADA PARA FECHADURA, CAPA LISA EM HDF, ACABAMENTO EM LAMINADO NATURAL COM VERNIZ (INCLUI MARCO, ALIZARES E DOBRADICAS)","UN","CR",1235.05,1313.49,1369.89,1155.01]
["MATERIAL",43621,"KIT PORTA PRONTA DE MADEIRA, FOLHA PESADA (NBR 15930) DE 900 X 2100 MM, DE 40 MM A 45 MM DE ESPESSURA, COM MARCO EM ACO, NUCLEO SOLIDO, CAPA LISA EM HDF, ACABAMENTO MELAMINICO BRANCO (INCLUI MARCO, ALIZARES, DOBRADICAS E FECHADURA)","UN","CR",1034.33,1100.01,1147.25,967.29]
["MATERIAL",39501,"KIT PORTA PRONTA DE MADEIRA, FOLHA PESADA (NBR 15930) DE 900 X 2100 MM, DE 40 MM A 45 MM DE ESPESSURA, NUCLEO SOLIDO, CAPA LISA EM HDF, ACABAMENTO MELAMINICO BRANCO (INCLUI MARCO, ALIZARES, DOBRADICAS E FECHADURA EXTERNA)","UN","CR",1028.51,1093.83,1140.81,961.85]
["MATERIAL",39499,"KIT PORTA PRONTA DE MADEIRA, FOLHA PESADA (NBR 15930) DE 900 X 2100 MM, DE 40 MM A 45 MM DE ESPESSURA, NUCLEO SOLIDO, ESTRUTURA USINADA PARA FECHADURA, CAPA LISA EM HDF, ACABAMENTO EM LAMINADO NATURAL COM VERNIZ (INCLUI MARCO, ALIZARES E DOBRADICAS)","UN","CR",1252.5899999999999,1332.14,1389.35,1171.4100000000001]
["MATERIAL",3733,"LADRILHO HIDRAULICO, *20 X 20* CM, E= 2 CM, PADRAO COPACABANA, 2 CORES (PRETO E BRANCO)","M2","CR",108.51,124.3,105.09,88.06]
["MATERIAL",3731,"LADRILHO HIDRAULICO, *20 X 20* CM, E= 2 CM, PADRAO DADOS, COR NATURAL","M2","CR",97.09,111.21,94.03,78.790000000000006]
["MATERIAL",38137,"LADRILHO HIDRAULICO, *25 X 25* CM, E= 2 CM, PADRAO RAMPA, COR NATURAL","M2","CR",116.13,133.02000000000001,112.47,94.24]
["MATERIAL",38138,"LADRILHO HIDRAULICO, *30 X 30* CM, E= 2 CM, PADRAO MILANO, COR NATURAL","M2","CR",120.57,138.11000000000001,116.77,97.85]
["MATERIAL",3745,"LAJE PRE-MOLDADA CONVENCIONAL (LAJOTAS + VIGOTAS) PARA FORRO, UNIDIRECIONAL, SOBRECARGA 100 KG/M2, VAO ATE 5,00 M (SEM COLOCACAO)","M2","CR",{"$error":"#N/A"},{"$error":"#N/A"},{"$error":"#N/A"},{"$error":"#N/A"}]
["MATERIAL",3736,"LAJE PRE-MOLDADA CONVENCIONAL (LAJOTAS + VIGOTAS) PARA FORRO, UNIDIRECIONAL, SOBRECARGA DE 100 KG/M2, VAO ATE 4,00 M (SEM COLOCACAO)","M2","C",44,58,51.5,64]
["MATERIAL",3741,"LAJE PRE-MOLDADA CONVENCIONAL (LAJOTAS + VIGOTAS) PARA FORRO, UNIDIRECIONAL, SOBRECARGA DE 100 KG/M2, VAO ATE 4,50 M (SEM COLOCACAO)","M2","CR",45.86,60.46,53.68,66.709999999999994]
["MATERIAL",3747,"LAJE PRE-MOLDADA CONVENCIONAL (LAJOTAS + VIGOTAS) PARA PISO, UNIDIRECIONAL, SOBRECARGA 350 KG/M2 VAO ATE 3,50 M (SEM COLOCACAO)","M2","CR",{"$error":"#N/A"},{"$error":"#N/A"},{"$error":"#N/A"},{"$error":"#N/A"}]
["MATERIAL",3743,"LAJE PRE-MOLDADA CONVENCIONAL (LAJOTAS + VIGOTAS) PARA PISO, UNIDIRECIONAL, SOBRECARGA DE 200 KG/M2, VAO ATE 3,50 M (SEM COLOCACAO)","M2","CR",45.7,60.24,53.49,66.48]
["MATERIAL",3744,"LAJE PRE-MOLDADA CONVENCIONAL (LAJOTAS + VIGOTAS) PARA PISO, UNIDIRECIONAL, SOBRECARGA DE 200 KG/M2, VAO ATE 4,50 M (SEM COLOCACAO)","M2","CR",{"$error":"#N/A"},{"$error":"#N/A"},{"$error":"#N/A"},{"$error":"#N/A"}]
["MATERIAL",3739,"LAJE PRE-MOLDADA CONVENCIONAL (LAJOTAS + VIGOTAS) PARA PISO, UNIDIRECIONAL, SOBRECARGA DE 200 KG/M2, VAO ATE 5,00 M (SEM COLOCACAO)","M2","CR",{"$error":"#N/A"},{"$error":"#N/A"},{"$error":"#N/A"},{"$error":"#N/A"}]
["MATERIAL",3737,"LAJE PRE-MOLDADA CONVENCIONAL (LAJOTAS + VIGOTAS) PARA PISO, UNIDIRECIONAL, SOBRECARGA DE 350 KG/M2, VAO ATE 4,50 M (SEM COLOCACAO)","M2","CR",55.42,73.06,64.87,80.62]
["MATERIAL",3738,"LAJE PRE-MOLDADA CONVENCIONAL (LAJOTAS + VIGOTAS) PARA PISO, UNIDIRECIONAL, SOBRECARGA DE 350 KG/M2, VAO ATE 5,00 M (SEM COLOCACAO)","M2","CR",{"$error":"#N/A"},{"$error":"#N/A"},{"$error":"#N/A"},{"$error":"#N/A"}]
["MATERIAL",11649,"LAJE PRE-MOLDADA DE TRANSICAO EXCENTRICA EM CONCRETO ARMADO, DN 1200 MM, FURO CIRCULAR DN 600 MM, ESPESSURA 12 CM","UN","CR",364.96,481.08,427.17,530.85]
["MATERIAL",11650,"LAJE PRE-MOLDADA DE TRANSICAO EXCENTRICA EM CONCRETO ARMADO, DN 1500 MM, FURO CIRCULAR DN 530 MM, ESPESSURA 15 CM","UN","CR",622.04999999999995,819.98,728.08,904.8]
["MATERIAL",3742,"LAJE PRE-MOLDADA TRELICADA (LAJOTAS + VIGOTAS) PARA FORRO, UNIDIRECIONAL, SOBRECARGA DE 100 KG/M2, VAO ATE 6,00 M (SEM COLOCACAO)","M2","CR",66.34,87.44,77.64,96.49]
["MATERIAL",3746,"LAJE PRE-MOLDADA TRELICADA (LAJOTAS + VIGOTAS) PARA PISO, UNIDIRECIONAL, SOBRECARGA DE 200 KG/M2, VAO ATE 6,00 M (SEM COLOCACAO)","M2","CR",77.459999999999994,102.1,90.66,112.66]
["MATERIAL",21106,"LAMBRI EM ALUMINIO, DE APROXIMADAMENTE 0,6 KG/M, COM APROXIMADAMENTE 168,0 MM DE LARGURA, 6,0 MM DE ALTURA E 6,0 M DE EXTENSAO","KG","CR",0,0,0,54.37]
["MATERIAL",38194,"LAMPADA LED 10 W BIVOLT BRANCA, FORMATO TRADICIONAL (BASE E27)","UN","C",4.5,4.95,4.9000000000000004,5]
["MATERIAL",38193,"LAMPADA LED 6 W BIVOLT BRANCA, FORMATO TRADICIONAL (BASE E27)","UN","CR",3.91,4.3,4.25,4.34]
["MATERIAL",39388,"LAMPADA LED TIPO DICROICA BIVOLT, LUZ BRANCA, 5 W (BASE GU10)","UN","CR",5.53,6.08,6.02,6.15]
["MATERIAL",39387,"LAMPADA LED TUBULAR BIVOLT 18/20 W, BASE G13","UN","CR",8.6199999999999992,9.49,9.39,9.58]
["MATERIAL",39386,"LAMPADA LED TUBULAR BIVOLT 9/10 W, BASE G13","UN","CR",6.01,6.61,6.55,6.68]
["MATERIAL",45229,"LAPIS PARA CARPINTEIRO","UN","CR",2.19,2.93,2.54,2.8]
["EQUIPAMENTO (AQUISIÇÃO)",746,"LAVADORA DE ALTA PRESSAO (LAVA - JATO) PARA AGUA FRIA, PRESSAO DE OPERACAO ENTRE 1400 E 1900 LIB/POL2, VAZAO MAXIMA ENTRE 400 E 700 L/H, POTENCIA DE OPERACAO ENTRE 2,50 E 3,00 CV","UN","C",2020,2299.88,0,2838]
["MATERIAL",20269,"LAVATORIO / CUBA DE EMBUTIR, OVAL, DE LOUCA BRANCA, SEM LADRAO, DIMENSOES *50 X 35* CM (L X C)","UN","CR",106.56,108.62,96.4,111.5]
["MATERIAL",20270,"LAVATORIO / CUBA DE EMBUTIR, OVAL, DE LOUCA COLORIDA, SEM LADRAO, DIMENSOES *50 X 35* CM (L X C)","UN","CR",117.75,120.02,106.51,123.2]
["MATERIAL",11696,"LAVATORIO / CUBA DE SOBREPOR, OVAL PEQUENA, DE LOUCA BRANCA, SEM LADRAO, DIMENSOES *44 X 31* CM (L X C)","UN","CR",188.49,192.12,170.5,197.22]
["MATERIAL",10427,"LAVATORIO / CUBA DE SOBREPOR, RETANGULAR, DE LOUCA BRANCA, COM LADRAO, DIMENSOES *52 X 45* CM (L X C)","UN","CR",527.47,537.64,477.15,551.9]
["MATERIAL",10428,"LAVATORIO / CUBA DE SOBREPOR, RETANGULAR, DE LOUCA COLORIDA, COM LADRAO, DIMENSOES *52 X 45* CM (L X C)","UN","CR",543.46,553.94000000000005,491.61,568.63]
["MATERIAL",36521,"LAVATORIO DE CANTO DE LOUCA BRANCA, SUSPENSO (SEM COLUNA), DIMENSOES *40 X 30* CM (L X C)","UN","CR",169.57,172.84,153.38999999999999,177.42]
["MATERIAL",36794,"LAVATORIO DE LOUCA BRANCA, COM COLUNA, DIMENSOES *44 X 35* CM (L X C)","UN","CR",180.52,184,163.29,188.88]
["MATERIAL",10426,"LAVATORIO DE LOUCA BRANCA, COM COLUNA, DIMENSOES *54 X 44* CM (L X C)","UN","CR",202.14,206.04,182.86,211.5]
["MATERIAL",10425,"LAVATORIO DE LOUCA BRANCA, SUSPENSO (SEM COLUNA), DIMENSOES *40 X 30* CM","UN","CR",102.55,104.53,92.76,107.3]
["MATERIAL",10431,"LAVATORIO DE LOUCA COLORIDA, COM COLUNA, DIMENSOES *54 X 44* CM (L X C)","UN","CR",351.09,357.87,317.60000000000002,367.35]
["MATERIAL",10429,"LAVATORIO DE LOUCA COLORIDA, SUSPENSO (SEM COLUNA), DIMENSOES *40 X 30* CM (L X C)","UN","CR",173.2,176.54,156.68,181.22]
["MATERIAL",10853,"LETRA ACO INOX (AISI 304), CHAPA NUM. 22, RECORTADO, H= 20 CM (SEM RELEVO)","UN","CR",90.45,107.37,101.79,113.01]
["MATERIAL",5093,"LEVANTADOR DE JANELA GUILHOTINA, EM LATAO CROMADO","PAR","CR",19.79,20.83,17.350000000000001,19.440000000000001]
["MATERIAL",45254,"LIMA QUADRADA BASTARDA 8\", COM CABO","UN","CR",34.270000000000003,42.75,33.39,37.159999999999997]
["MATERIAL",45253,"LIMA REDONDA BASTARDA 8\", COM CABO","UN","CR",44.42,55.41,43.28,48.16]
["MATERIAL",44331,"LIMPA VIDROS COM PULVERIZADOR","L","CR",55.47,56.48,44.29,68.09]
["EQUIPAMENTO (AQUISIÇÃO)",37768,"LIMPADORA A SUCCAO, TANQUE 12000 L, BASCULAMENTO HIDRAULICO, BOMBA 12 M3/MIN 95% VACUO (INCLUI MONTAGEM, NAO INCLUI CAMINHAO)","UN","C",0,0,0,0]
["EQUIPAMENTO (AQUISIÇÃO)",37773,"LIMPADORA DE SUCCAO TANQUE 7000 L, BOMBA 12 M3/MIN 95% VACUO (INCLUI MONTAGEM, NAO INCLUI CAMINHAO)","UN","CR",0,0,0,0]
["EQUIPAMENTO (AQUISIÇÃO)",37769,"LIMPADORA DE SUCCAO, TANQUE 11000 L, BOMBA 340 M3/MIN (INCLUI MONTAGEM, NAO INCLUI CAMINHAO)","UN","CR",0,0,0,0]
["EQUIPAMENTO (AQUISIÇÃO)",37770,"LIMPADORA DE SUCCAO, TANQUE 5500 L, BOMBA 60M3/MIN, VACUO 500 MBAR (INCLUI MONTAGEM, NAO INCLUI CAMINHAO)","UN","CR",0,0,0,0]
["MATERIAL",38382,"LINHA PARA PEDREIRO LISA, 0,8 MM X 100 M","UN","CR",12.6,16.82,14.6,16.07]
["MATERIAL",38383,"LIXA D'AGUA EM FOLHA, COR PRETA, GRAO 100","UN","CR",2,2.67,2.3199999999999998,2.5499999999999998]
["MATERIAL",3768,"LIXA EM FOLHA PARA FERRO, NUMERO 150","UN","CR",2.62,5.46,3.79,3.83]
["MATERIAL",3767,"LIXA EM FOLHA PARA PAREDE OU MADEIRA, NUMERO 120, COR VERMELHA","UN","CR",0.88,1.83,1.27,1.28]
["EQUIPAMENTO (AQUISIÇÃO)",13192,"LIXADEIRA ELETRICA ANGULAR PARA CONCRETO, POTENCIA 1.400 W, PRATO DIAMANTADO DE 5\"","UN","CR",0,4138.08,0,2887.14]
["EQUIPAMENTO (AQUISIÇÃO)",38413,"LIXADEIRA ELETRICA ANGULAR, PARA DISCO DE 7\" (180 MM), POTENCIA DE 2.200 W, *5.000* RPM, 220 V","UN","CR",0,1583.43,0,1104.76]
["MATERIAL",42440,"LIXEIRA DUPLA, COM CAPACIDADE VOLUMETRICA DE 60L*, FABRICADA EM TUBO DE ACO CARBONO, CESTOS EM CHAPA DE ACO E PINTURA NO PROCESSO ELETROSTATICO - PARA ACADEMIA AO AR LIVRE / ACADEMIA DA TERCEIRA IDADE - ATI","UN","CR",0,0,0,0]
["EQUIPAMENTO (LOCAÇÃO)",20193,"LOCACAO DE ANDAIME METALICO TIPO FACHADEIRO, PECAS COM APROXIMADAMENTE 1,20 M DE LARGURA E 2,0 M DE ALTURA, INCLUINDO DIAGONAIS EM X, BARRAS DE LIGACAO, SAPATAS E DEMAIS ITENS NECESSARIOS A MONTAGEM (NAO INCLUI INSTALACAO)","M2XMES","CR",21,19.5,22.68,15]
["EQUIPAMENTO (LOCAÇÃO)",10527,"LOCACAO DE ANDAIME METALICO TUBULAR DE ENCAIXE, TIPO DE TORRE, CADA PAINEL COM LARGURA DE 1 ATE 1,5 M E ALTURA DE *1,00* M, INCLUINDO DIAGONAL, BARRAS DE LIGACAO, SAPATAS OU RODIZIOS E DEMAIS ITENS NECESSARIOS A MONTAGEM (NAO INCLUI INSTALACAO)","MXMES","C",28,26,30.25,20]
["EQUIPAMENTO (LOCAÇÃO)",41805,"LOCACAO DE ANDAIME SUSPENSO OU BALANCIM MANUAL, CAPACIDADE DE CARGA TOTAL DE APROXIMADAMENTE 250 KG/M2, PLATAFORMA DE 1,50 M X 0,80 M (C X L), CABO DE 45 M","MES","CR",805,747.5,869.68,575]
["EQUIPAMENTO (LOCAÇÃO)",40271,"LOCACAO DE APRUMADOR METALICO DE PILAR, COM ALTURA E ANGULO REGULAVEIS, EXTENSAO DE *1,50* A *2,80* M","UNXMES","CR",21.43,19.899999999999999,23.15,15.31]
["EQUIPAMENTO (LOCAÇÃO)",40287,"LOCACAO DE BARRA DE ANCORAGEM DE 0,80 A 1,20 M DE EXTENSAO, COM ROSCA DE 5/8\", INCLUINDO PORCA E FLANGE","MES","CR",8.25,7.66,8.91,5.89]
["EQUIPAMENTO (LOCAÇÃO)",4084,"LOCACAO DE BOMBA SUBMERSIVEL PARA DRENAGEM E ESGOTAMENTO, MOTOR ELETRICO TRIFASICO, POTENCIA DE 1 CV, DIAMETRO DE RECALQUE DE 2\". FAIXA DE OPERACAO Q=25 M3/H (+ OU - 1 M3/H) E AMT=2 M, Q=12 M3/H (+ OU - 2 M3/H) E AMT = 12 M (+ OU - 2 M)","H","CR",3.6,2.86,4.05,1.76]
["EQUIPAMENTO (LOCAÇÃO)",743,"LOCACAO DE BOMBA SUBMERSIVEL PARA DRENAGEM E ESGOTAMENTO, MOTOR ELETRICO TRIFASICO, POTENCIA DE 2 CV, DIAMETRO DE RECALQUE DE 2\", FAIXA DE OPERACAO Q=35 M3/H (+ OU - 3 M3/H) E AMT=2 M, Q=13 M3/H (+ OU - 3 M3/H) E AMT = 17 M (+ OU - 3 M)","H","C",3.6,2.86,4.05,1.76]
["EQUIPAMENTO (LOCAÇÃO)",40293,"LOCACAO DE BOMBA SUBMERSIVEL PARA DRENAGEM E ESGOTAMENTO, MOTOR ELETRICO TRIFASICO, POTENCIA DE 2 CV, DIAMETRO DE RECALQUE DE 3\". FAIXA DE OPERACAO Q=70 M3/H (+ OU - 2 M3/H) E AMT=2 M, Q=9,5 M3/H (+ OU - 3,5 M3/H) E AMT = 10 M (+ OU - 2 M)","H","CR",4.32,3.43,4.8600000000000003,2.11]
["EQUIPAMENTO (LOCAÇÃO)",40294,"LOCACAO DE BOMBA SUBMERSIVEL PARA DRENAGEM E ESGOTAMENTO, MOTOR ELETRICO TRIFASICO, POTENCIA DE 3 CV, DIAMETRO DE RECALQUE DE 2\", FAIXA DE OPERACAO Q=84 M3/H (+ OU - 2,5 M3/H) E AMT=2 M, Q=9,1 M3/H (+ OU - 2 M3/H) E AMT = 12 M (+ OU - 2 M)","H","CR",3.6,2.86,4.05,1.76]
["EQUIPAMENTO (LOCAÇÃO)",4085,"LOCACAO DE BOMBA SUBMERSIVEL PARA DRENAGEM E ESGOTAMENTO, MOTOR ELETRICO TRIFASICO, POTENCIA DE 4 CV, DIAMETRO DE RECALQUE DE 3\". FAIXA DE OPERACAO Q=60 M3/H (+ OU - 1 M3/H) E AMT=2 M, Q=11 M3/H (+ OU - 1 M3/H) E AMT = 23 M (+ OU - 1 M)","H","CR",5.04,4,5.67,2.46]
["EQUIPAMENTO (LOCAÇÃO)",10779,"LOCACAO DE CONTAINER 2,30 X 4,30 M, ALT. 2,50 M, P/ SANITARIO, C/ 5 BACIAS, 1 LAVATORIO E 4 MICTORIOS (NAO INCLUI MOBILIZACAO/DESMOBILIZACAO)","MES","CR",0,0,1968.75,1287.5]
["EQUIPAMENTO (LOCAÇÃO)",10777,"LOCACAO DE CONTAINER 2,30 X 4,30 M, ALT. 2,50 M, PARA SANITARIO, COM 3 BACIAS, 4 CHUVEIROS, 1 LAVATORIO E 1 MICTORIO (NAO INCLUI MOBILIZACAO/DESMOBILIZACAO)","MES","CR",0,0,1788.28,1169.47]
["EQUIPAMENTO (LOCAÇÃO)",10775,"LOCACAO DE CONTAINER 2,30 X 6,00 M, ALT. 2,50 M, COM 1 SANITARIO, PARA ESCRITORIO, COMPLETO, SEM DIVISORIAS INTERNAS (NAO INCLUI MOBILIZACAO/DESMOBILIZACAO)","MES","C",0,0,1575,1030]
["EQUIPAMENTO (LOCAÇÃO)",10776,"LOCACAO DE CONTAINER 2,30 X 6,00 M, ALT. 2,50 M, PARA ESCRITORIO, SEM DIVISORIAS INTERNAS E SEM SANITARIO (NAO INCLUI MOBILIZACAO/DESMOBILIZACAO)","MES","CR",0,0,1230.46,804.68]
["EQUIPAMENTO (LOCAÇÃO)",10778,"LOCACAO DE CONTAINER 2,30 X 6,00 M, ALT. 2,50 M, PARA SANITARIO, COM 4 BACIAS, 8 CHUVEIROS,1 LAVATORIO E 1 MICTORIO (NAO INCLUI MOBILIZACAO/DESMOBILIZACAO)","MES","CR",0,0,1968.75,1287.5]
["EQUIPAMENTO (LOCAÇÃO)",40339,"LOCACAO DE CRUZETA, SIMPLES, PARA ESCORA METALICA, COMPRIMENTO ENTRE 50 A 60 CM, PARA ESCORA DE 1,80 A 3,20 METROS E TUBO EXTERNO ATE 48 MM DE DIAMETRO","UNXMES","CR",7.51,6.98,8.1199999999999992,5.37]
["EQUIPAMENTO (LOCAÇÃO)",10749,"LOCACAO DE ESCORA METALICA TELESCOPICA, COM ALTURA REGULAVEL DE *1,80* A *3,20* M, COM CAPACIDADE DE CARGA DE NO MINIMO 1000 KGF (10 KN), INCLUSO TRIPE E FORCADO","UNXMES","CR",24.85,23.07,26.84,17.75]
["EQUIPAMENTO (LOCAÇÃO)",40290,"LOCACAO DE FORMA PLASTICA PARA LAJE NERVURADA, DIMENSOES *60* X *60* X *16* CM","UNXMES","CR",13.44,12.48,14.52,9.6]
["EQUIPAMENTO (LOCAÇÃO)",3346,"LOCACAO DE GRUPO GERADOR *80 A 125* KVA, MOTOR DIESEL, REBOCAVEL, ACIONAMENTO MANUAL","H","C",15.75,0,0,21.53]
["EQUIPAMENTO (LOCAÇÃO)",3348,"LOCACAO DE GRUPO GERADOR ACIMA DE * 125 ATE 180* KVA, MOTOR DIESEL, REBOCAVEL, ACIONAMENTO MANUAL","H","CR",18.84,0,0,25.75]
["EQUIPAMENTO (LOCAÇÃO)",39833,"LOCACAO DE GRUPO GERADOR DE *260* KVA, DIESEL REBOCAVEL, ACIONAMENTO MANUAL","H","CR",25.81,0,0,35.28]
["EQUIPAMENTO (LOCAÇÃO)",7252,"LOCACAO DE NIVEL OPTICO, COM PRECISAO DE 0,7 MM, AUMENTO DE 32X","H","CR",0,0,0,1.91]
["EQUIPAMENTO (LOCAÇÃO)",7247,"LOCACAO DE TEODOLITO ELETRONICO, PRECISAO ANGULAR DE 5 A 7 SEGUNDOS, INCLUINDO TRIPE","H","C",0,0,0,1.91]
["EQUIPAMENTO (LOCAÇÃO)",40291,"LOCACAO DE TORRE METALICA COMPLETA PARA UMA CARGA DE 8 TF (80 KN) E PE DIREITO DE 6 M, INCLUINDO MODULOS, DIAGONAIS, SAPATAS E FORCADOS","UNXMES","CR",700,650,756.25,500]
["EQUIPAMENTO (LOCAÇÃO)",40275,"LOCACAO DE VIGA SANDUICHE METALICA VAZADA PARA TRAVAMENTO DE PILARES, ALTURA DE *8* CM, LARGURA DE *6* CM E EXTENSAO DE 2 M","UNXMES","CR",22.4,20.8,24.2,16]
["MATERIAL",42408,"LONA PLASTICA EXTRA FORTE PRETA, E = 200 MICRA","M2","CR",1.92,2.56,2.2200000000000002,2.44]
["MATERIAL",3777,"LONA PLASTICA PESADA PRETA, E = 150 MICRA","M2","CR",1.69,2.25,1.96,2.15]
["MATERIAL",44699,"LUBRIFICANTE REDUTOR DE TORQUE E ARRASTO DE ALTO DESEMPENHO, PARA PERFURACAO HORIZONTAL DIRECIONAL, HDD","KG","CR",47.35,48.86,48.54,46.63]
["MATERIAL",3798,"LUMINARIA ABERTA P/ ILUMINACAO PUBLICA, TIPO X-57 PETERCO OU EQUIV","UN","CR",0,0,0,0]
["MATERIAL",38769,"LUMINARIA ARANDELA TIPO MEIA-LUA COM VIDRO FOSCO *30 X 15* CM, PARA 1 LAMPADA, BASE E27, POTENCIA MAXIMA 40/60 W (NAO INCLUI LAMPADA)","UN","CR",0,0,0,0]
["MATERIAL",38774,"LUMINARIA DE EMERGENCIA 30 LEDS, POTENCIA 2 W, BATERIA DE LITIO, AUTONOMIA DE 6 HORAS","UN","CR",11.3,12.43,12.31,12.56]
["MATERIAL",42247,"LUMINARIA DE LED PARA ILUMINACAO PUBLICA, DE 138 W ATE 180 W, INVOLUCRO EM ALUMINIO OU ACO INOX","UN","CR",385.87,424.45,420.17,428.74]
["MATERIAL",42248,"LUMINARIA DE LED PARA ILUMINACAO PUBLICA, DE 181 W ATE 239 W, INVOLUCRO EM ALUMINIO OU ACO INOX","UN","CR",448.21,493.03,488.05,498.02]
["MATERIAL",42249,"LUMINARIA DE LED PARA ILUMINACAO PUBLICA, DE 240 W ATE 350 W, INVOLUCRO EM ALUMINIO OU ACO INOX","UN","CR",742.53,816.79,808.54,825.04]
["MATERIAL",42244,"LUMINARIA DE LED PARA ILUMINACAO PUBLICA, DE 33 W ATE 50 W, INVOLUCRO EM ALUMINIO OU ACO INOX","UN","CR",115.96,127.56,126.27,128.84]
["MATERIAL",42245,"LUMINARIA DE LED PARA ILUMINACAO PUBLICA, DE 51 W ATE 67 W, INVOLUCRO EM ALUMINIO OU ACO INOX","UN","CR",213.98,235.38,233,237.76]
["MATERIAL",42246,"LUMINARIA DE LED PARA ILUMINACAO PUBLICA, DE 68 W ATE 97 W, INVOLUCRO EM ALUMINIO OU ACO INOX","UN","CR",236.87,260.56,257.92,263.19]
["MATERIAL",42243,"LUMINARIA DE LED PARA ILUMINACAO PUBLICA, DE 98 W ATE 137 W, INVOLUCRO EM ALUMINIO OU ACO INOX","UN","CR",285.62,314.18,311.01,317.36]
["MATERIAL",38889,"LUMINARIA DE SOBREPOR EM CHAPA DE ACO COM ALETAS PLASTICAS, PARA 1 LAMPADA, BASE E27, POTENCIA MAXIMA 40/60 W (NAO INCLUI LAMPADA)","UN","CR",0,0,0,0]
["MATERIAL",38784,"LUMINARIA DE SOBREPOR EM CHAPA DE ACO COM ALETAS PLASTICAS, PARA 2 LAMPADAS, BASE E27, POTENCIA MAXIMA 40/60 W (NAO INCLUI LAMPADAS)","UN","CR",0,0,0,0]
["MATERIAL",3780,"LUMINARIA DE SOBREPOR EM CHAPA DE ACO PARA 1 LAMPADA FLUORESCENTE DE *36* W, ALETADA, COMPLETA (LAMPADA E REATOR INCLUSOS)","UN","C",0,0,0,0]
["MATERIAL",38773,"LUMINARIA DE TETO PLAFON/PLAFONIER EM PLASTICO COM BASE E27, POTENCIA MAXIMA 60 W (NAO INCLUI LAMPADA)","UN","CR",0,0,0,0]
["MATERIAL",12271,"LUMINARIA DUPLA P/SINALIZACAO, TIPO WETZEL AS-2/110 OU EQUIV","UN","CR",0,0,0,0]
["MATERIAL",39385,"LUMINARIA LED PLAFON REDONDO DE SOBREPOR BIVOLT 12/13 W, D = *17* CM","UN","CR",10.34,11.37,11.26,11.48]
["MATERIAL",39389,"LUMINARIA LED REFLETOR RETANGULAR BIVOLT, LUZ BRANCA, 10 W","UN","CR",11.22,12.34,12.21,12.46]
["MATERIAL",39390,"LUMINARIA LED REFLETOR RETANGULAR BIVOLT, LUZ BRANCA, 30 W","UN","CR",23.51,25.86,25.6,26.13]
["MATERIAL",39391,"LUMINARIA LED REFLETOR RETANGULAR BIVOLT, LUZ BRANCA, 50 W","UN","CR",26.4,29.04,28.74,29.33]
["MATERIAL",3803,"LUMINARIA PLAFON REDONDO COM VIDRO FOSCO DIAMETRO *25* CM, PARA 1 LAMPADA, BASE E27, POTENCIA MAXIMA 40/60 W (NAO INCLUI LAMPADA)","UN","CR",0,0,0,0]
["MATERIAL",38770,"LUMINARIA PLAFON REDONDO COM VIDRO FOSCO DIAMETRO *30* CM, PARA 2 LAMPADAS, BASE E27, POTENCIA MAXIMA 40/60 W (NAO INCLUI LAMPADAS)","UN","CR",0,0,0,0]
["MATERIAL",12267,"LUMINARIA PROVA DE TEMPO PETERCO Y.31/1","UN","CR",0,0,0,0]
["MATERIAL",43265,"LUMINARIA SOLAR LED EXTERNA, TIPO ARANDELA DE PAREDE, EM ALUMINIO, 16 LEDS, LUZ BRANCA, *180* LUMENS, CAPACIDADE DE ILUMINACAO ATE 36 H, RETANGULAR, *13 X 9 X 7* (C X L X A), COM SENSOR DE MOVIMENTO / PRESENCA, BATERIA RECARREGAVEL COM LUZ SOLAR, RESISTENTE AO CALOR, A PROVA DE AGUA E POEIRA/ IMPERMEAVEL, IP65","UN","CR",32.33,35.57,35.21,35.92]
["MATERIAL",12266,"LUMINARIA SPOT DE SOBREPOR EM ALUMINIO COM ALETA PLASTICA PARA 1 LAMPADA, BASE E27, POTENCIA MAXIMA 40/60 W (NAO INCLUI LAMPADA)","UN","CR",0,0,0,0]
["MATERIAL",39378,"LUMINARIA SPOT DE SOBREPOR EM ALUMINIO COM ALETA PLASTICA PARA 2 LAMPADAS, BASE E27, POTENCIA MAXIMA 40/60 W (NAO INCLUI LAMPADA)","UN","CR",0,0,0,0]
["MATERIAL",43543,"LUMINARIA TIPO TARTARUGA A PROVA DE TEMPO, GASES, VAPOR E PO, EM ALUMINIO, COM GRADE, BASE E27, POTENCIA MAXIMA 100 W (NAO INCLUI LAMPADA)","UN","CR",0,0,0,0]
["MATERIAL",38775,"LUMINARIA TIPO TARTARUGA PARA AREA EXTERNA EM ALUMINIO, COM GRADE, PARA 1 LAMPADA, BASE E27, POTENCIA MAXIMA 40/60 W (NAO INCLUI LAMPADA)","UN","CR",0,0,0,0]
["MATERIAL",44252,"LUVA CPVC, SOLDAVEL, 114 MM, PARA AGUA QUENTE PREDIAL","UN","CR",185.61,0,185.92,203.59]
["MATERIAL",21119,"LUVA CPVC, SOLDAVEL, 15 MM, PARA AGUA QUENTE PREDIAL","UN","CR",1.86,0,1.87,2.04]
["MATERIAL",37974,"LUVA CPVC, SOLDAVEL, 22 MM, PARA AGUA QUENTE PREDIAL","UN","CR",2.41,0,2.41,2.64]
["MATERIAL",37975,"LUVA CPVC, SOLDAVEL, 28 MM, PARA AGUA QUENTE PREDIAL","UN","CR",5.36,0,5.37,5.88]
["MATERIAL",37976,"LUVA CPVC, SOLDAVEL, 35 MM, PARA AGUA QUENTE PREDIAL","UN","CR",11.93,0,11.95,13.09]
["MATERIAL",37977,"LUVA CPVC, SOLDAVEL, 42 MM, PARA AGUA QUENTE PREDIAL","UN","CR",16.510000000000002,0,16.54,18.11]
["MATERIAL",37978,"LUVA CPVC, SOLDAVEL, 54 MM, PARA AGUA QUENTE PREDIAL","UN","CR",32.74,0,32.799999999999997,35.909999999999997]
["MATERIAL",37979,"LUVA CPVC, SOLDAVEL, 73 MM, PARA AGUA QUENTE PREDIAL","UN","CR",138.96,0,139.19,152.41999999999999]
["MATERIAL",37980,"LUVA CPVC, SOLDAVEL, 89 MM, PARA AGUA QUENTE PREDIAL","UN","CR",159.62,0,159.88999999999999,175.09]
["MATERIAL",36147,"LUVA DE BORRACHA ISOLANTE PARA ALTA TENSAO, RESISTENTE A OZONIO, TENSAO DE ENSAIO 2,5 KV (PAR)","PAR","CR",233.45,319.77999999999997,266.04000000000002,263.75]
["MATERIAL",12731,"LUVA DE COBRE SEM ANEL DE SOLDA, BOLSA X BOLSA, 104 MM","UN","CR",0,0,635.9,0]
["MATERIAL",12723,"LUVA DE COBRE SEM ANEL DE SOLDA, BOLSA X BOLSA, 15 MM","UN","CR",0,0,4.93,0]
["MATERIAL",12724,"LUVA DE COBRE SEM ANEL DE SOLDA, BOLSA X BOLSA, 22 MM","UN","CR",0,0,9.4700000000000006,0]
["MATERIAL",12725,"LUVA DE COBRE SEM ANEL DE SOLDA, BOLSA X BOLSA, 28 MM","UN","CR",0,0,19.010000000000002,0]
["MATERIAL",12726,"LUVA DE COBRE SEM ANEL DE SOLDA, BOLSA X BOLSA, 35 MM","UN","CR",0,0,41.95,0]
["MATERIAL",12727,"LUVA DE COBRE SEM ANEL DE SOLDA, BOLSA X BOLSA, 42 MM","UN","CR",0,0,53.2,0]
["MATERIAL",12728,"LUVA DE COBRE SEM ANEL DE SOLDA, BOLSA X BOLSA, 54 MM","UN","CR",0,0,86.9,0]
["MATERIAL",12729,"LUVA DE COBRE SEM ANEL DE SOLDA, BOLSA X BOLSA, 66 MM","UN","CR",0,0,284.83,0]
["MATERIAL",12730,"LUVA DE COBRE SEM ANEL DE SOLDA, BOLSA X BOLSA, 79 MM","UN","CR",0,0,436.09,0]
["MATERIAL",3840,"LUVA DE CORRER COM TRAVAS DEFOFO, PVC, JE, DN 100 MM","UN","CR",0,0,0,62.73]
["MATERIAL",3838,"LUVA DE CORRER COM TRAVAS DEFOFO, PVC, JE, DN 150 MM","UN","CR",0,0,0,138.44]
["MATERIAL",3844,"LUVA DE CORRER COM TRAVAS DEFOFO, PVC, JE, DN 200 MM","UN","CR",0,0,0,246.93]
["MATERIAL",3839,"LUVA DE CORRER COM TRAVAS DEFOFO, PVC, JE, DN 250 MM","UN","CR",0,0,0,449.78]
["MATERIAL",3843,"LUVA DE CORRER COM TRAVAS DEFOFO, PVC, JE, DN 300 MM","UN","CR",0,0,0,617.33000000000004]
["MATERIAL",3900,"LUVA DE CORRER PARA TUBO ROSCAVEL, PVC, 1 1/2\", PARA AGUA FRIA PREDIAL","UN","CR",51.98,46.7,50.3,47.71]
["MATERIAL",3846,"LUVA DE CORRER PARA TUBO ROSCAVEL, PVC, 1/2\", PARA AGUA FRIA PREDIAL","UN","CR",15.62,14.03,15.11,14.34]
["MATERIAL",3886,"LUVA DE CORRER PARA TUBO ROSCAVEL, PVC, 3/4\", PARA AGUA FRIA PREDIAL","UN","CR",20.74,18.63,20.059999999999999,19.03]
["MATERIAL",3854,"LUVA DE CORRER PARA TUBO SOLDAVEL, PVC, 20 MM, PARA AGUA FRIA PREDIAL","UN","CR",11.82,10.62,11.44,10.85]
["MATERIAL",3873,"LUVA DE CORRER PARA TUBO SOLDAVEL, PVC, 25 MM, PARA AGUA FRIA PREDIAL","UN","CR",13.76,12.36,13.31,12.63]
["MATERIAL",38021,"LUVA DE CORRER PARA TUBO SOLDAVEL, PVC, 32 MM, PARA AGUA FRIA PREDIAL","UN","CR",24.43,21.95,23.64,22.42]
["MATERIAL",43838,"LUVA DE CORRER PARA TUBO SOLDAVEL, PVC, 40 MM, PARA AGUA FRIA PREDIAL","UN","CR",31.57,28.37,30.55,28.98]
["MATERIAL",3847,"LUVA DE CORRER PARA TUBO SOLDAVEL, PVC, 50 MM, PARA AGUA FRIA PREDIAL","UN","CR",31.84,28.61,30.81,29.23]
["MATERIAL",38022,"LUVA DE CORRER PARA TUBO SOLDAVEL, PVC, 60 MM, PARA AGUA FRIA PREDIAL","UN","CR",43.76,39.32,42.34,40.17]
["MATERIAL",3826,"LUVA DE CORRER PVC PBA, JE, DN 100 / DE 110 MM, PARA REDE DE AGUA","UN","CR",0,0,0,62.24]
["MATERIAL",3825,"LUVA DE CORRER PVC PBA, JE, DN 50 / DE 60 MM, PARA REDE DE AGUA","UN","CR",0,0,0,17.899999999999999]
["MATERIAL",3827,"LUVA DE CORRER PVC PBA, JE, DN 75 / DE 85 MM, PARA REDE DE AGUA","UN","CR",0,0,0,39.11]
["MATERIAL",3830,"LUVA DE CORRER PVC, JE, DN 250 MM, PARA REDE COLETORA DE ESGOTO","UN","CR",214.47,196.83,198.95,207.57]
["MATERIAL",37981,"LUVA DE CORRER, CPVC, SOLDAVEL, 15 MM, PARA AGUA QUENTE PREDIAL","UN","CR",6.95,0,6.96,7.62]
["MATERIAL",37982,"LUVA DE CORRER, CPVC, SOLDAVEL, 22 MM, PARA AGUA QUENTE PREDIAL","UN","CR",10.09,0,10.11,11.07]
["MATERIAL",37983,"LUVA DE CORRER, CPVC, SOLDAVEL, 28 MM, PARA AGUA QUENTE PREDIAL","UN","CR",14.91,0,14.94,16.36]
["MATERIAL",37984,"LUVA DE CORRER, CPVC, SOLDAVEL, 35 MM, PARA AGUA QUENTE PREDIAL","UN","CR",20.95,0,20.99,22.98]
["MATERIAL",37985,"LUVA DE CORRER, CPVC, SOLDAVEL, 42 MM, PARA AGUA QUENTE PREDIAL","UN","CR",29.77,0,29.82,32.65]
["MATERIAL",20165,"LUVA DE CORRER, PVC SERIE R, 100 MM, PARA ESGOTO PREDIAL","UN","CR",26.59,24.4,24.66,25.73]
["MATERIAL",20166,"LUVA DE CORRER, PVC SERIE R, 150 MM, PARA ESGOTO PREDIAL","UN","CR",81.2,74.52,75.319999999999993,78.59]
["MATERIAL",20164,"LUVA DE CORRER, PVC SERIE R, 75 MM, PARA ESGOTO PREDIAL","UN","CR",12.77,11.72,11.85,12.36]
["MATERIAL",3893,"LUVA DE CORRER, PVC, DN 100 MM, PARA ESGOTO PREDIAL","UN","CR",20.02,18.37,18.57,19.37]
["MATERIAL",3848,"LUVA DE CORRER, PVC, DN 50 MM, PARA ESGOTO PREDIAL","UN","CR",12.21,11.2,11.32,11.81]
["MATERIAL",3895,"LUVA DE CORRER, PVC, DN 75 MM, PARA ESGOTO PREDIAL","UN","CR",13.56,12.44,12.58,13.12]
["MATERIAL",12404,"LUVA DE FERRO GALVANIZADO, COM ROSCA BSP MACHO/FEMEA, DE 3/4\"","UN","CR",0,10.78,0,11.12]
["MATERIAL",3939,"LUVA DE FERRO GALVANIZADO, COM ROSCA BSP, DE 1 1/2\"","UN","CR",0,22.21,0,22.92]
["MATERIAL",3911,"LUVA DE FERRO GALVANIZADO, COM ROSCA BSP, DE 1 1/4\"","UN","CR",0,18.14,0,18.72]
["MATERIAL",3910,"LUVA DE FERRO GALVANIZADO, COM ROSCA BSP, DE 1\"","UN","CR",0,12.98,0,13.4]
["MATERIAL",3908,"LUVA DE FERRO GALVANIZADO, COM ROSCA BSP, DE 1/2\"","UN","CR",0,5.87,0,6.05]
["MATERIAL",3913,"LUVA DE FERRO GALVANIZADO, COM ROSCA BSP, DE 2 1/2\"","UN","CR",0,62.05,0,64.040000000000006]
["MATERIAL",3912,"LUVA DE FERRO GALVANIZADO, COM ROSCA BSP, DE 2\"","UN","CR",0,34.020000000000003,0,35.1]
["MATERIAL",3914,"LUVA DE FERRO GALVANIZADO, COM ROSCA BSP, DE 3\"","UN","CR",0,93.61,0,96.61]
["MATERIAL",3909,"LUVA DE FERRO GALVANIZADO, COM ROSCA BSP, DE 3/4\"","UN","CR",0,7.98,0,8.24]
["MATERIAL",3915,"LUVA DE FERRO GALVANIZADO, COM ROSCA BSP, DE 4\"","UN","CR",0,147.62,0,152.34]
["MATERIAL",3916,"LUVA DE FERRO GALVANIZADO, COM ROSCA BSP, DE 5\"","UN","CR",0,268.94,0,277.54000000000002]
["MATERIAL",3917,"LUVA DE FERRO GALVANIZADO, COM ROSCA BSP, DE 6\"","UN","CR",0,443.58,0,457.77]
["MATERIAL",45266,"LUVA DE LATEX MULTIUSO AMARELA FORRADA","PAR","CR",2.61,3.58,2.97,2.95]
["MATERIAL",1904,"LUVA DE PRESSAO, EM PVC, DE 20 MM, PARA ELETRODUTO FLEXIVEL","UN","CR",0.59,0.97,1.08,1.1499999999999999]
["MATERIAL",1899,"LUVA DE PRESSAO, EM PVC, DE 25 MM, PARA ELETRODUTO FLEXIVEL","UN","CR",0.67,1.0900000000000001,1.22,1.3]
["MATERIAL",1900,"LUVA DE PRESSAO, EM PVC, DE 32 MM, PARA ELETRODUTO FLEXIVEL","UN","CR",1.0900000000000001,1.77,1.98,2.11]
["MATERIAL",12407,"LUVA DE REDUCAO DE FERRO GALVANIZADO, COM ROSCA BSP MACHO/FEMEA, DE 1 1/2\" X 1\"","UN","CR",0,33.58,0,34.65]
["MATERIAL",12408,"LUVA DE REDUCAO DE FERRO GALVANIZADO, COM ROSCA BSP MACHO/FEMEA, DE 1\" X 1/2\"","UN","CR",0,18.95,0,19.559999999999999]
["MATERIAL",12409,"LUVA DE REDUCAO DE FERRO GALVANIZADO, COM ROSCA BSP MACHO/FEMEA, DE 1\" X 3/4\"","UN","CR",0,18.95,0,19.559999999999999]
["MATERIAL",12410,"LUVA DE REDUCAO DE FERRO GALVANIZADO, COM ROSCA BSP MACHO/FEMEA, DE 3/4\" X 1/2\"","UN","CR",0,13.06,0,13.47]
["MATERIAL",3936,"LUVA DE REDUCAO DE FERRO GALVANIZADO, COM ROSCA BSP, DE 1 1/2\" X 1 1/4\"","UN","CR",0,23.59,0,24.35]
["MATERIAL",3924,"LUVA DE REDUCAO DE FERRO GALVANIZADO, COM ROSCA BSP, DE 1 1/2\" X 1\"","UN","CR",0,23.59,0,24.35]
["MATERIAL",3922,"LUVA DE REDUCAO DE FERRO GALVANIZADO, COM ROSCA BSP, DE 1 1/2\" X 1/2\"","UN","CR",0,21.7,0,22.4]
["MATERIAL",3923,"LUVA DE REDUCAO DE FERRO GALVANIZADO, COM ROSCA BSP, DE 1 1/2\" X 3/4\"","UN","CR",0,23.59,0,24.35]
["MATERIAL",3921,"LUVA DE REDUCAO DE FERRO GALVANIZADO, COM ROSCA BSP, DE 1 1/4\" X 1\"","UN","CR",0,19.47,0,20.100000000000001]
["MATERIAL",3937,"LUVA DE REDUCAO DE FERRO GALVANIZADO, COM ROSCA BSP, DE 1 1/4\" X 1/2\"","UN","CR",0,19.46,0,20.079999999999998]
["MATERIAL",3920,"LUVA DE REDUCAO DE FERRO GALVANIZADO, COM ROSCA BSP, DE 1 1/4\" X 3/4\"","UN","CR",0,19.46,0,20.079999999999998]
["MATERIAL",3938,"LUVA DE REDUCAO DE FERRO GALVANIZADO, COM ROSCA BSP, DE 1\" X 1/2\"","UN","CR",0,12.83,0,13.24]
["MATERIAL",3919,"LUVA DE REDUCAO DE FERRO GALVANIZADO, COM ROSCA BSP, DE 1\" X 3/4\"","UN","CR",0,13.08,0,13.5]
["MATERIAL",3927,"LUVA DE REDUCAO DE FERRO GALVANIZADO, COM ROSCA BSP, DE 2 1/2\" X 1 1/2\"","UN","CR",0,66.260000000000005,0,68.38]
["MATERIAL",3928,"LUVA DE REDUCAO DE FERRO GALVANIZADO, COM ROSCA BSP, DE 2 1/2\" X 2\"","UN","CR",0,66.260000000000005,0,68.38]
["MATERIAL",3926,"LUVA DE REDUCAO DE FERRO GALVANIZADO, COM ROSCA BSP, DE 2\" X 1 1/2\"","UN","CR",0,37.770000000000003,0,38.979999999999997]
["MATERIAL",3935,"LUVA DE REDUCAO DE FERRO GALVANIZADO, COM ROSCA BSP, DE 2\" X 1 1/4\"","UN","CR",0,37.770000000000003,0,38.979999999999997]
["MATERIAL",3925,"LUVA DE REDUCAO DE FERRO GALVANIZADO, COM ROSCA BSP, DE 2\" X 1\"","UN","CR",0,37.770000000000003,0,38.979999999999997]
["MATERIAL",3929,"LUVA DE REDUCAO DE FERRO GALVANIZADO, COM ROSCA BSP, DE 3\" X 1 1/2\"","UN","CR",0,100.95,0,104.18]
["MATERIAL",3931,"LUVA DE REDUCAO DE FERRO GALVANIZADO, COM ROSCA BSP, DE 3\" X 2 1/2\"","UN","CR",0,100.95,0,104.18]
["MATERIAL",3930,"LUVA DE REDUCAO DE FERRO GALVANIZADO, COM ROSCA BSP, DE 3\" X 2\"","UN","CR",0,100.95,0,104.18]
["MATERIAL",12406,"LUVA DE REDUCAO DE FERRO GALVANIZADO, COM ROSCA BSP, DE 3/4\" X 1/2\"","UN","CR",0,9.27,0,9.57]
["MATERIAL",3932,"LUVA DE REDUCAO DE FERRO GALVANIZADO, COM ROSCA BSP, DE 4\" X 2 1/2\"","UN","CR",0,174.32,0,179.89]
["MATERIAL",3933,"LUVA DE REDUCAO DE FERRO GALVANIZADO, COM ROSCA BSP, DE 4\" X 2\"","UN","CR",0,174.32,0,179.89]
["MATERIAL",3934,"LUVA DE REDUCAO DE FERRO GALVANIZADO, COM ROSCA BSP, DE 4\" X 3\"","UN","CR",0,174.32,0,179.89]
["MATERIAL",40355,"LUVA DE REDUCAO EM ACO CARBONO, COM ENCAIXE PARA SOLDA DN SW, PRESSAO 3.000 LBS, 3/4\" X 1/2\"","UN","CR",0,0,0,0]
["MATERIAL",40364,"LUVA DE REDUCAO EM ACO CARBONO, COM ENCAIXE PARA SOLDA DN SW, PRESSAO 3.000 LBS, DN 1 1/2\" X 1 1/4\"","UN","CR",0,0,0,0]
["MATERIAL",40361,"LUVA DE REDUCAO EM ACO CARBONO, COM ENCAIXE PARA SOLDA DN SW, PRESSAO 3.000 LBS, DN 1 1/4\" X 1\"","UN","CR",0,0,0,0]
["MATERIAL",40358,"LUVA DE REDUCAO EM ACO CARBONO, COM ENCAIXE PARA SOLDA DN SW, PRESSAO 3.000 LBS, DN 1\" X 3/4\"","UN","CR",0,0,0,0]
["MATERIAL",40370,"LUVA DE REDUCAO EM ACO CARBONO, COM ENCAIXE PARA SOLDA DN SW, PRESSAO 3.000 LBS, DN 2 1/2\" X 2\"","UN","CR",0,0,0,0]
["MATERIAL",40367,"LUVA DE REDUCAO EM ACO CARBONO, COM ENCAIXE PARA SOLDA DN SW, PRESSAO 3.000 LBS, DN 2\" X 1 1/2\"","UN","CR",0,0,0,0]
["MATERIAL",40373,"LUVA DE REDUCAO EM ACO CARBONO, COM ENCAIXE PARA SOLDA DN SW, PRESSAO 3.000 LBS, DN 3\" X 2 1/2\"","UN","CR",0,0,0,0]
["MATERIAL",3907,"LUVA DE REDUCAO ROSCAVEL, PVC, 1\" X 3/4\", PARA AGUA FRIA PREDIAL","UN","CR",5.99,5.38,5.79,5.49]
["MATERIAL",3889,"LUVA DE REDUCAO ROSCAVEL, PVC, 3/4\" X 1/2\", PARA AGUA FRIA PREDIAL","UN","CR",4.26,3.82,4.12,3.91]
["MATERIAL",3868,"LUVA DE REDUCAO SOLDAVEL, PVC, 25 MM X 20 MM, PARA AGUA FRIA PREDIAL","UN","CR",1.56,1.4,1.51,1.43]
["MATERIAL",3869,"LUVA DE REDUCAO SOLDAVEL, PVC, 32 MM X 25 MM, PARA AGUA FRIA PREDIAL","UN","CR",3.46,3.11,3.35,3.18]
["MATERIAL",3872,"LUVA DE REDUCAO SOLDAVEL, PVC, 40 MM X 32 MM, PARA AGUA FRIA PREDIAL","UN","CR",5.91,5.31,5.72,5.42]
["MATERIAL",3850,"LUVA DE REDUCAO SOLDAVEL, PVC, 60 MM X 50 MM, PARA AGUA FRIA PREDIAL","UN","CR",13.63,12.25,13.19,12.51]
["MATERIAL",38023,"LUVA DE REDUCAO, SOLDAVEL, PVC, 50 X 25 MM, PARA AGUA FRIA PREDIAL","UN","CR",6.94,6.23,6.71,6.37]
["MATERIAL",37986,"LUVA DE TRANSICAO DE CPVC X PVC, SOLDAVEL, 22 X 25 MM, PARA AGUA QUENTE","UN","CR",2.37,0,2.38,2.6]
["MATERIAL",21120,"LUVA DE TRANSICAO, CPVC, 15 MM X 1/2\", PARA AGUA QUENTE PREDIAL","UN","CR",12.11,0,12.13,13.28]
["MATERIAL",39318,"LUVA DE TRANSICAO, CPVC, 22 MM X 1/2\", PARA AGUA QUENTE","UN","CR",11.26,0,11.28,12.35]
["MATERIAL",37987,"LUVA DE TRANSICAO, CPVC, SOLDAVEL, 42 MM X 1 1/2\", PARA AGUA QUENTE","UN","CR",118.41,0,118.61,129.88]
["MATERIAL",37988,"LUVA DE TRANSICAO, CPVC, SOLDAVEL, 54 MM X 2\", PARA AGUA QUENTE PREDIAL","UN","CR",188.15,0,188.47,206.38]
["MATERIAL",40366,"LUVA EM ACO CARBONO, SOLDAVEL, PRESSAO 3.000 LBS, DN 1 1/2\"","UN","CR",0,0,0,0]
["MATERIAL",40363,"LUVA EM ACO CARBONO, SOLDAVEL, PRESSAO 3.000 LBS, DN 1 1/4\"","UN","CR",0,0,0,0]
["MATERIAL",40360,"LUVA EM ACO CARBONO, SOLDAVEL, PRESSAO 3.000 LBS, DN 1\"","UN","CR",0,0,0,0]
["MATERIAL",40354,"LUVA EM ACO CARBONO, SOLDAVEL, PRESSAO 3.000 LBS, DN 1/2\"","UN","C",0,0,0,0]
["MATERIAL",40372,"LUVA EM ACO CARBONO, SOLDAVEL, PRESSAO 3.000 LBS, DN 2 1/2\"","UN","CR",0,0,0,0]
["MATERIAL",40369,"LUVA EM ACO CARBONO, SOLDAVEL, PRESSAO 3.000 LBS, DN 2\"","UN","CR",0,0,0,0]
["MATERIAL",40375,"LUVA EM ACO CARBONO, SOLDAVEL, PRESSAO 3.000 LBS, DN 3\"","UN","CR",0,0,0,0]
["MATERIAL",40357,"LUVA EM ACO CARBONO, SOLDAVEL, PRESSAO 3.000 LBS, DN 3/4\"","UN","CR",0,0,0,0]
["MATERIAL",1893,"LUVA EM PVC RIGIDO ROSCAVEL, DE 1 1/2\", PARA ELETRODUTO","UN","CR",2.25,3.65,4.08,4.33]
["MATERIAL",1902,"LUVA EM PVC RIGIDO ROSCAVEL, DE 1 1/4\", PARA ELETRODUTO","UN","CR",1.64,2.66,2.97,3.15]
["MATERIAL",1892,"LUVA EM PVC RIGIDO ROSCAVEL, DE 1\", PARA ELETRODUTO","UN","CR",1.05,1.71,1.91,2.0299999999999998]
["MATERIAL",1901,"LUVA EM PVC RIGIDO ROSCAVEL, DE 1/2\", PARA ELETRODUTO","UN","CR",0.51,0.83,0.93,0.98]
["MATERIAL",1907,"LUVA EM PVC RIGIDO ROSCAVEL, DE 2 1/2\", PARA ELETRODUTO","UN","CR",7.24,11.75,13.14,13.94]
["MATERIAL",1894,"LUVA EM PVC RIGIDO ROSCAVEL, DE 2\", PARA ELETRODUTO","UN","CR",3.26,5.28,5.91,6.27]
["MATERIAL",1896,"LUVA EM PVC RIGIDO ROSCAVEL, DE 3\", PARA ELETRODUTO","UN","CR",9.73,15.78,17.649999999999999,18.72]
["MATERIAL",1891,"LUVA EM PVC RIGIDO ROSCAVEL, DE 3/4\", PARA ELETRODUTO","UN","CR",0.75,1.22,1.37,1.45]
["MATERIAL",1895,"LUVA EM PVC RIGIDO ROSCAVEL, DE 4\", PARA ELETRODUTO","UN","CR",17.100000000000001,27.73,31.01,32.9]
["MATERIAL",2641,"LUVA PARA ELETRODUTO, EM ACO GALVANIZADO ELETROLITICO, COM ROSCA, DIAMETRO DE 100 MM (4\")","UN","CR",22.92,16.47,21.71,34.020000000000003]
["MATERIAL",2636,"LUVA PARA ELETRODUTO, EM ACO GALVANIZADO ELETROLITICO, COM ROSCA, DIAMETRO DE 15 MM (1/2\")","UN","CR",1.47,1.06,1.4,2.19]
["MATERIAL",2637,"LUVA PARA ELETRODUTO, EM ACO GALVANIZADO ELETROLITICO, COM ROSCA, DIAMETRO DE 20 MM (3/4\")","UN","CR",1.57,1.1299999999999999,1.49,2.33]
["MATERIAL",2638,"LUVA PARA ELETRODUTO, EM ACO GALVANIZADO ELETROLITICO, COM ROSCA, DIAMETRO DE 25 MM (1\")","UN","CR",1.82,1.31,1.73,2.71]
["MATERIAL",2639,"LUVA PARA ELETRODUTO, EM ACO GALVANIZADO ELETROLITICO, COM ROSCA, DIAMETRO DE 32 MM (1 1/4\")","UN","CR",3.24,2.3199999999999998,3.07,4.8099999999999996]
["MATERIAL",2644,"LUVA PARA ELETRODUTO, EM ACO GALVANIZADO ELETROLITICO, COM ROSCA, DIAMETRO DE 40 MM (1 1/2\")","UN","CR",4.6900000000000004,3.37,4.4400000000000004,6.96]
["MATERIAL",2640,"LUVA PARA ELETRODUTO, EM ACO GALVANIZADO ELETROLITICO, COM ROSCA, DIAMETRO DE 65 MM (2 1/2\")","UN","CR",9.5399999999999991,6.85,9.0399999999999991,14.16]
["MATERIAL",2642,"LUVA PARA ELETRODUTO, EM ACO GALVANIZADO ELETROLITICO, COM ROSCA, DIAMETRO DE 80 MM (3\")","UN","CR",14.52,10.44,13.76,21.56]
["MATERIAL",2643,"LUVA PARA ELETRODUTO, EM ACO GALVANIZADO ELETROLITICO, COM ROSCA,DIAMETRO DE 50 MM (2\")","UN","CR",6.53,4.6900000000000004,6.19,9.6999999999999993]
["EQUIPAMENTO (AQUISIÇÃO)",44281,"LUVA PARA PERFURATRIZ DE ESTEIRA T38, D = 1 1/2\"","UN","CR",0,0,0,269.93]
["MATERIAL",39855,"LUVA PASSANTE DE COBRE SEM ANEL DE SOLDA, BOLSA 15 MM","UN","CR",0,0,4.9800000000000004,0]
["MATERIAL",39856,"LUVA PASSANTE DE COBRE SEM ANEL DE SOLDA, BOLSA 22 MM","UN","CR",0,0,11.75,0]
["MATERIAL",39857,"LUVA PASSANTE DE COBRE SEM ANEL DE SOLDA, BOLSA 28 MM","UN","CR",0,0,19.010000000000002,0]
["MATERIAL",39858,"LUVA PASSANTE DE COBRE SEM ANEL DE SOLDA, BOLSA 35 MM","UN","CR",0,0,42.17,0]
["MATERIAL",39859,"LUVA PASSANTE DE COBRE SEM ANEL DE SOLDA, BOLSA 42 MM","UN","CR",0,0,65.010000000000005,0]
["MATERIAL",39860,"LUVA PASSANTE DE COBRE SEM ANEL DE SOLDA, BOLSA 54 MM","UN","CR",0,0,99.76,0]
["MATERIAL",39861,"LUVA PASSANTE DE COBRE SEM ANEL DE SOLDA, BOLSA 66 MM","UN","CR",0,0,284.83,0]
["MATERIAL",3867,"LUVA PVC SOLDAVEL, 110 MM, PARA AGUA FRIA PREDIAL","UN","CR",83.02,74.59,80.33,76.2]
["MATERIAL",3861,"LUVA PVC SOLDAVEL, 20 MM, PARA AGUA FRIA PREDIAL","UN","CR",0.86,0.77,0.83,0.79]
["MATERIAL",3904,"LUVA PVC SOLDAVEL, 25 MM, PARA AGUA FRIA PREDIAL","UN","CR",0.91,0.82,0.88,0.84]
["MATERIAL",3903,"LUVA PVC SOLDAVEL, 32 MM, PARA AGUA FRIA PREDIAL","UN","CR",2.23,2,2.15,2.04]
["MATERIAL",3862,"LUVA PVC SOLDAVEL, 40 MM, PARA AGUA FRIA PREDIAL","UN","CR",4.74,4.26,4.59,4.3499999999999996]
["MATERIAL",3863,"LUVA PVC SOLDAVEL, 50 MM, PARA AGUA FRIA PREDIAL","UN","CR",4.8600000000000003,4.37,4.7,4.46]
["MATERIAL",3864,"LUVA PVC SOLDAVEL, 60 MM, PARA AGUA FRIA PREDIAL","UN","CR",14.89,13.38,14.41,13.67]
["MATERIAL",3865,"LUVA PVC SOLDAVEL, 75 MM, PARA AGUA FRIA PREDIAL","UN","CR",21.78,19.559999999999999,21.07,19.989999999999998]
["MATERIAL",3866,"LUVA PVC SOLDAVEL, 85 MM, PARA AGUA FRIA PREDIAL","UN","CR",48.89,43.93,47.31,44.88]
["MATERIAL",3878,"LUVA PVC, ROSCAVEL, 1 1/2\", AGUA FRIA PREDIAL","UN","CR",13.33,11.98,12.9,12.24]
["MATERIAL",3876,"LUVA PVC, ROSCAVEL, 1\", AGUA FRIA PREDIAL","UN","CR",5.31,4.7699999999999996,5.13,4.87]
["MATERIAL",3883,"LUVA PVC, ROSCAVEL, 1/2\", AGUA FRIA PREDIAL","UN","CR",1.7,1.53,1.65,1.56]
["MATERIAL",3884,"LUVA PVC, ROSCAVEL, 3/4\", AGUA FRIA PREDIAL","UN","CR",2.7,2.42,2.61,2.48]
["MATERIAL",12892,"LUVA RASPA DE COURO, CANO CURTO (PUNHO *7* CM)","PAR","CR",9.8699999999999992,13.52,11.24,11.15]
["MATERIAL",38447,"LUVA SIMPLES PPR, F/F, SOLDAVEL, DN 110 MM, PARA AGUA QUENTE PREDIAL","UN","CR",0,0,111.24,0]
["MATERIAL",36320,"LUVA SIMPLES PPR, F/F, SOLDAVEL, DN 20 MM, PARA AGUA QUENTE PREDIAL","UN","CR",0,0,2.99,0]
["MATERIAL",36324,"LUVA SIMPLES PPR, F/F, SOLDAVEL, DN 25 MM, PARA AGUA QUENTE PREDIAL","UN","CR",0,0,2.73,0]
["MATERIAL",38441,"LUVA SIMPLES PPR, F/F, SOLDAVEL, DN 32 MM, PARA AGUA QUENTE PREDIAL","UN","CR",0,0,4.8899999999999997,0]
["MATERIAL",38442,"LUVA SIMPLES PPR, F/F, SOLDAVEL, DN 40 MM, PARA AGUA QUENTE PREDIAL","UN","CR",0,0,13.9,0]
["MATERIAL",38443,"LUVA SIMPLES PPR, F/F, SOLDAVEL, DN 50 MM, PARA AGUA QUENTE PREDIAL","UN","CR",0,0,16.86,0]
["MATERIAL",38444,"LUVA SIMPLES PPR, F/F, SOLDAVEL, DN 63 MM, PARA AGUA QUENTE PREDIAL","UN","CR",0,0,28.32,0]
["MATERIAL",38445,"LUVA SIMPLES PPR, F/F, SOLDAVEL, DN 75 MM, PARA AGUA QUENTE PREDIAL","UN","CR",0,0,52.51,0]
["MATERIAL",38446,"LUVA SIMPLES PPR, F/F, SOLDAVEL, DN 90 MM, PARA AGUA QUENTE PREDIAL","UN","CR",0,0,85.95,0]
["MATERIAL",3837,"LUVA SIMPLES PVC PBA, JE, DN 100 / DE 110 MM, PARA REDE DE AGUA","UN","CR",0,0,0,54.03]
["MATERIAL",3845,"LUVA SIMPLES PVC PBA, JE, DN 50 / DE 60 MM, PARA REDE DE AGUA","UN","CR",0,0,0,19.739999999999998]
["MATERIAL",11045,"LUVA SIMPLES PVC PBA, JE, DN 75 / DE 85 MM, PARA REDE DE AGUA","UN","CR",0,0,0,38.07]
["MATERIAL",20170,"LUVA SIMPLES, PVC SERIE R, 100 MM, PARA ESGOTO PREDIAL","UN","CR",14.73,13.52,13.66,14.25]
["MATERIAL",20171,"LUVA SIMPLES, PVC SERIE R, 150 MM, PARA ESGOTO PREDIAL","UN","CR",42.47,38.97,39.39,41.1]
["MATERIAL",20167,"LUVA SIMPLES, PVC SERIE R, 40 MM, PARA ESGOTO PREDIAL","UN","CR",5.34,4.9000000000000004,4.95,5.17]
["MATERIAL",20168,"LUVA SIMPLES, PVC SERIE R, 50 MM, PARA ESGOTO PREDIAL","UN","CR",10.99,10.08,10.19,10.64]
["MATERIAL",20169,"LUVA SIMPLES, PVC SERIE R, 75 MM, PARA ESGOTO PREDIAL","UN","CR",12.83,11.77,11.9,12.41]
["MATERIAL",3899,"LUVA SIMPLES, PVC, SOLDAVEL, DN 100 MM, SERIE NORMAL, PARA ESGOTO PREDIAL","UN","CR",7.11,6.53,6.6,6.88]
["MATERIAL",38676,"LUVA SIMPLES, PVC, SOLDAVEL, DN 150 MM, SERIE NORMAL, PARA ESGOTO PREDIAL","UN","CR",35.590000000000003,32.659999999999997,33.01,34.44]
["MATERIAL",3897,"LUVA SIMPLES, PVC, SOLDAVEL, DN 40 MM, SERIE NORMAL, PARA ESGOTO PREDIAL","UN","CR",1.74,1.59,1.61,1.68]
["MATERIAL",3875,"LUVA SIMPLES, PVC, SOLDAVEL, DN 50 MM, SERIE NORMAL, PARA ESGOTO PREDIAL","UN","CR",3.59,3.29,3.33,3.47]
["MATERIAL",3898,"LUVA SIMPLES, PVC, SOLDAVEL, DN 75 MM, SERIE NORMAL, PARA ESGOTO PREDIAL","UN","CR",7.28,6.68,6.75,7.04]
["MATERIAL",3855,"LUVA SOLDAVEL COM BUCHA DE LATAO, PVC, 20 MM X 1/2\"","UN","CR",5.76,5.17,5.57,5.28]
["MATERIAL",3874,"LUVA SOLDAVEL COM BUCHA DE LATAO, PVC, 25 MM X 1/2\"","UN","CR",6.67,5.99,6.45,6.12]
["MATERIAL",3870,"LUVA SOLDAVEL COM BUCHA DE LATAO, PVC, 25 MM X 3/4\"","UN","CR",7.32,6.58,7.08,6.72]
["MATERIAL",38678,"LUVA SOLDAVEL COM BUCHA DE LATAO, PVC, 32 MM X 1\"","UN","CR",19.37,17.399999999999999,18.739999999999998,17.78]
["MATERIAL",3859,"LUVA SOLDAVEL COM ROSCA, PVC, 20 MM X 1/2\", PARA AGUA FRIA PREDIAL","UN","CR",1.48,1.32,1.43,1.35]
["MATERIAL",3856,"LUVA SOLDAVEL COM ROSCA, PVC, 25 MM X 1/2\", PARA AGUA FRIA PREDIAL","UN","CR",2.04,1.84,1.98,1.88]
["MATERIAL",3906,"LUVA SOLDAVEL COM ROSCA, PVC, 25 MM X 3/4\", PARA AGUA FRIA PREDIAL","UN","CR",1.69,1.52,1.63,1.55]
["MATERIAL",3860,"LUVA SOLDAVEL COM ROSCA, PVC, 32 MM X 1\", PARA AGUA FRIA PREDIAL","UN","CR",5.0199999999999996,4.51,4.8600000000000003,4.6100000000000003]
["MATERIAL",3905,"LUVA SOLDAVEL COM ROSCA, PVC, 40 MM X 1 1/4\", PARA AGUA FRIA PREDIAL","UN","CR",11.51,10.34,11.14,10.57]
["MATERIAL",3871,"LUVA SOLDAVEL COM ROSCA, PVC, 50 MM X 1 1/2\", PARA AGUA FRIA PREDIAL","UN","CR",20.37,18.3,19.71,18.7]
["MATERIAL",37427,"LUVA, PEAD PE 100, DE 125 MM, PARA ELETROFUSAO","UN","CR",0,0,0,0]
["MATERIAL",37424,"LUVA, PEAD PE 100, DE 20 MM, PARA ELETROFUSAO","UN","CR",0,0,0,0]
["MATERIAL",37428,"LUVA, PEAD PE 100, DE 200 MM, PARA ELETROFUSAO","UN","CR",0,0,0,0]
["MATERIAL",37425,"LUVA, PEAD PE 100, DE 32 MM, PARA ELETROFUSAO","UN","CR",0,0,0,0]
["MATERIAL",37429,"LUVA, PEAD PE 100, DE 400 MM, PARA ELETROFUSAO","UN","CR",0,0,0,0]
["MATERIAL",37426,"LUVA, PEAD PE 100, DE 63 MM, PARA ELETROFUSAO","UN","CR",0,0,0,0]
["MATERIAL",39292,"LUVA/UNIAO DE REDUCAO METALICA, PARA CONEXAO COM ANEL DESLIZANTE, DN 20 X 16 MM, EM TUBO PEX PARA INST. AGUA QUENTE/FRIA","UN","CR",0,0,0,0]
["MATERIAL",39293,"LUVA/UNIAO DE REDUCAO METALICA, PARA CONEXAO COM ANEL DESLIZANTE, DN 25 X 16 MM, EM TUBO PEX PARA INST. AGUA QUENTE/FRIA","UN","CR",0,0,0,0]
["MATERIAL",39294,"LUVA/UNIAO DE REDUCAO METALICA, PARA CONEXAO COM ANEL DESLIZANTE, DN 25 X 20 MM, EM TUBO PEX PARA INST. AGUA QUENTE/FRIA","UN","CR",0,0,0,0]
["MATERIAL",39295,"LUVA/UNIAO DE REDUCAO METALICA, PARA CONEXAO COM ANEL DESLIZANTE, DN 32 X 25 MM, EM TUBO PEX PARA INST. AGUA QUENTE/FRIA","UN","CR",0,0,0,0]
["MATERIAL",39312,"LUVA/UNIAO DE REDUCAO, PLASTICA, PARA CONEXAO COM CRIMPAGEM, DN 20 X 16 MM, EM TUBO PEX PARA INST. AGUA QUENTE/FRIA","UN","CR",0,0,0,0]
["MATERIAL",39313,"LUVA/UNIAO DE REDUCAO, PLASTICA, PARA CONEXAO COM CRIMPAGEM, DN 25 X 16 MM, EM TUBO PEX PARA INST. AGUA QUENTE/FRIA","UN","CR",0,0,0,0]
["MATERIAL",39314,"LUVA/UNIAO DE REDUCAO, PLASTICA, PARA CONEXAO COM CRIMPAGEM, DN 32 X 25 MM, EM TUBO PEX PARA INST. AGUA QUENTE/FRIA","UN","CR",0,0,0,0]
["MATERIAL",39296,"LUVA/UNIAO METALICA, PARA CONEXAO COM ANEL DESLIZANTE, DN 16 MM, EM TUBO PEX PARA INST. AGUA QUENTE/FRIA","UN","CR",0,0,0,0]
["MATERIAL",39297,"LUVA/UNIAO METALICA, PARA CONEXAO COM ANEL DESLIZANTE, DN 20 MM, EM TUBO PEX PARA INST. AGUA QUENTE/FRIA","UN","CR",0,0,0,0]
["MATERIAL",39298,"LUVA/UNIAO METALICA, PARA CONEXAO COM ANEL DESLIZANTE, DN 25 MM, EM TUBO PEX PARA INST. AGUA QUENTE/FRIA","UN","CR",0,0,0,0]
["MATERIAL",39299,"LUVA/UNIAO METALICA, PARA CONEXAO COM ANEL DESLIZANTE, DN 32 MM, EM TUBO PEX PARA INST. AGUA QUENTE/FRIA","UN","CR",0,0,0,0]
["MATERIAL",39308,"LUVA/UNIAO, PLASTICA, PARA CONEXAO COM CRIMPAGEM, DN 16 MM, EM TUBO PEX PARA INST. AGUA QUENTE/FRIA","UN","CR",0,0,0,0]
["MATERIAL",39309,"LUVA/UNIAO, PLASTICA, PARA CONEXAO COM CRIMPAGEM, DN 20 MM, EM TUBO PEX PARA INST. AGUA QUENTE/FRIA","UN","CR",0,0,0,0]
["MATERIAL",39310,"LUVA/UNIAO, PLASTICA, PARA CONEXAO COM CRIMPAGEM, DN 25 MM, EM TUBO PEX PARA INST. AGUA QUENTE/FRIA","UN","CR",0,0,0,0]
["MATERIAL",39311,"LUVA/UNIAO, PLASTICA, PARA CONEXAO COM CRIMPAGEM, DN 32 MM, EM TUBO PEX PARA INST. AGUA QUENTE/FRIA","UN","CR",0,0,0,0]
["MATERIAL",45261,"LUVAS DE PVC, COM COMPRIMENTO DE *35* CM, FORRADAS, ACABAMENTO ASPERO ANTIDERRAPANTE NA FACE PALMAR","PAR","CR",17.22,23.6,19.63,19.46]
["MATERIAL",11519,"MACANETA ALAVANCA RETA OCA, EM ZAMAC COM ACABAMENTO CROMADO, COMPRIMENTO APROX DE 15 CM","PAR","CR",63.97,50.97,58.53,52.39]
["MATERIAL",11520,"MACANETA ALAVANCA, RETA SIMPLES / OCA, CROMADA, COMPRIMENTO DE 10 A 16 CM, ACABAMENTO PADRAO POPULAR - SOMENTE MACANETAS","PAR","CR",29.58,23.57,27.06,24.22]
["MATERIAL",11518,"MACANETA BOLA, EM ZAMAC COM ACABAMENTO CROMADO, DIAMETRO DE APROX 2 1/2\"","PAR","CR",107.54,85.69,98.39,88.06]
["MATERIAL",38473,"MACARICO DE SOLDA 201 PARA EXTENSAO GLP OU ACETILENO","UN","CR",345.99,336.83,263.68,331]
["MAO DE OBRA",4244,"MACARIQUEIRO (HORISTA)","H","CR",23.88,23.03,22.56,24.56]
["MAO DE OBRA",40977,"MACARIQUEIRO (MENSALISTA)","MES","CR",4209.46,4043.77,4022.27,4338.9399999999996]
["MATERIAL",4115,"MADEIRA ROLICA TRATADA, D = 12 A 15 CM, H = 3,00 M, EM EUCALIPTO OU EQUIVALENTE DA REGIAO","M","CR",31,0,27.78,23.85]
["MATERIAL",4119,"MADEIRA ROLICA TRATADA, D = 16 A 20 CM, H = 6,00 M, EM EUCALIPTO OU EQUIVALENTE DA REGIAO","M","CR",62.62,0,56.1,48.17]
["MATERIAL",2794,"MADEIRA ROLICA TRATADA, D = 25 A 29 CM, H = 6,50 M, EM EUCALIPTO OU EQUIVALENTE DA REGIAO","M","CR",166.12,0,148.82,127.79]
["MATERIAL",2788,"MADEIRA ROLICA TRATADA, D = 30 A 34 CM, H = 6,50 M, EM EUCALIPTO OU EQUIVALENTE DA REGIAO","M","CR",242,0,216.8,186.17]
["MATERIAL",4006,"MADEIRA SERRADA EM PINUS, MISTA OU EQUIVALENTE DA REGIAO - BRUTA","M3","CR",2307.61,2194.94,1710.35,1774.14]
["MATERIAL",45395,"MANGOTE DE SEGURANCA EM RASPA DE COURO","PAR","CR",26.13,35.799999999999997,29.78,29.53]
["MATERIAL",37461,"MANGUEIRA CRISTAL TRANCADA, PVC COM REFORCO, COM PRESSAO DE TRABALHO (PT) 250 LBS/POL2, DE 3/4\" X *2,8* MM","M","CR",14.74,0,16.95,14.23]
["MATERIAL",37460,"MANGUEIRA CRISTAL TRANCADA, PVC COM REFORCO, PRESSAO DE TRABALHO (PT) 250 LBS/POL2, DE 1\" X *3,1* MM","M","CR",25.87,0,29.76,24.97]
["MATERIAL",37458,"MANGUEIRA CRISTAL, LISA, PVC TRANSPARENTE, 1/2\" X 2 MM","M","C",6,0,6.9,5.79]
["MATERIAL",37454,"MANGUEIRA CRISTAL, LISA, PVC TRANSPARENTE, 1/4\" X1 MM","M","CR",1.87,0,2.16,1.81]
["MATERIAL",37455,"MANGUEIRA CRISTAL, LISA, PVC TRANSPARENTE, 1/4\" X1,5 MM","M","CR",3.13,0,3.59,3.02]
["MATERIAL",37459,"MANGUEIRA CRISTAL, LISA, PVC TRANSPARENTE, 3/4\" X 2 MM","M","CR",9.99,0,11.49,9.64]
["MATERIAL",37457,"MANGUEIRA CRISTAL, LISA, PVC TRANSPARENTE, 3/8\" X 1,5 MM","M","CR",3.44,0,3.96,3.32]
["MATERIAL",37456,"MANGUEIRA CRISTAL, LISA, PVC TRANSPARENTE, 5/16\" X 1 MM","M","CR",2.36,0,2.71,2.2799999999999998]
["MATERIAL",21029,"MANGUEIRA DE INCENDIO, TIPO 1, DE 1 1/2\", COMPRIMENTO = 15 M, TECIDO EM FIO DE POLIESTER E TUBO INTERNO EM BORRACHA SINTETICA, COM UNIOES ENGATE RAPIDO","UN","C",339,520,290,347.5]
["MATERIAL",21030,"MANGUEIRA DE INCENDIO, TIPO 1, DE 1 1/2\", COMPRIMENTO = 20 M, TECIDO EM FIO DE POLIESTER E TUBO INTERNO EM BORRACHA SINTETICA, COM UNIOES ENGATE RAPIDO","UN","CR",417.87,640.99,357.47,428.35]
["MATERIAL",21031,"MANGUEIRA DE INCENDIO, TIPO 1, DE 1 1/2\", COMPRIMENTO = 25 M, TECIDO EM FIO DE POLIESTER E TUBO INTERNO EM BORRACHA SINTETICA, COM UNIOES ENGATE RAPIDO","UN","CR",520.24,798.01,445.04,533.29]
["MATERIAL",21032,"MANGUEIRA DE INCENDIO, TIPO 1, DE 1 1/2\", COMPRIMENTO = 30 M, TECIDO EM FIO DE POLIESTER E TUBO INTERNO EM BORRACHA SINTETICA, COM UNIOES ENGATE RAPIDO","UN","CR",555.49,852.07,475.19,569.41]
["MATERIAL",37527,"MANGUEIRA DE INCENDIO, TIPO 2, DE 1 1/2\", COMPRIMENTO = 15 M, TECIDO EM FIO DE POLIESTER E TUBO INTERNO EM BORRACHA SINTETICA, COM UNIOES ENGATE RAPIDO","UN","CR",501.78,769.7,429.25,514.36]
["MATERIAL",37528,"MANGUEIRA DE INCENDIO, TIPO 2, DE 1 1/2\", COMPRIMENTO = 20 M, TECIDO EM FIO DE POLIESTER E TUBO INTERNO EM BORRACHA SINTETICA, COM UNIOES","UN","CR",598.28,917.72,511.8,613.28]
["MATERIAL",37529,"MANGUEIRA DE INCENDIO, TIPO 2, DE 1 1/2\", COMPRIMENTO = 25 M, TECIDO EM FIO DE POLIESTER E TUBO INTERNO EM BORRACHA SINTETICA, COM UNIOES","UN","CR",604.15,926.73,516.83000000000004,619.29999999999995]
["MATERIAL",37530,"MANGUEIRA DE INCENDIO, TIPO 2, DE 1 1/2\", COMPRIMENTO = 30 M, TECIDO EM FIO DE POLIESTER E TUBO INTERNO EM BORRACHA SINTETICA, COM UNIOES","UN","CR",788.76,1209.9000000000001,674.75,808.53]
["MATERIAL",21034,"MANGUEIRA DE INCENDIO, TIPO 2, DE 2 1/2\", COMPRIMENTO = 15 M, TECIDO EM FIO DE POLIESTER E TUBO INTERNO EM BORRACHA SINTETICA, COM UNIOES ENGATE RAPIDO","UN","CR",672.96,1032.27,575.69000000000005,689.83]
["MATERIAL",37531,"MANGUEIRA DE INCENDIO, TIPO 2, DE 2 1/2\", COMPRIMENTO = 20 M, TECIDO EM FIO DE POLIESTER E TUBO INTERNO EM BORRACHA SINTETICA, COM UNIOES","UN","CR",847.5,1300,725,868.75]
["MATERIAL",21036,"MANGUEIRA DE INCENDIO, TIPO 2, DE 2 1/2\", COMPRIMENTO = 25 M, TECIDO EM FIO DE POLIESTER E TUBO INTERNO EM BORRACHA SINTETICA, COM UNIOES ENGATE RAPIDO","UN","CR",1030.42,1580.59,881.48,1056.26]
["MATERIAL",21037,"MANGUEIRA DE INCENDIO, TIPO 2, DE 2 1/2\", COMPRIMENTO = 30 M, TECIDO EM FIO DE POLIESTER E TUBO INTERNO EM BORRACHA SINTETICA, COM UNIOES ENGATE RAPIDO","UN","CR",1174.75,1801.98,1004.95,1204.2]
["MATERIAL",20185,"MANGUEIRA DE PVC FLEXIVEL, TIPO FLAT/ACHATADA, D = 1 1/2\" (40 MM), PARA CONDUCAO DE AGUA, SERVICOS LEVES E MEDIOS","M","CR",15.9,0,18.28,15.34]
["MATERIAL",44909,"MANGUEIRA FLEXIVEL TRANSPARENTE COM ESPIRAL AZUL, EM PVC, DIAM. 1\" (25 MM), PARA SERVICOS LEVES DE SUCCAO E DESCARGA","M","CR",17.920000000000002,0,20.61,17.3]
["MATERIAL",44115,"MANGUEIRA FLEXIVEL TRANSPARENTE COM ESPIRAL AZUL, EM PVC, DIAM. 2\" (50 MM), PARA SERVICOS LEVES DE SUCCAO E DESCARGA","M","CR",32.97,0,37.92,31.82]
["MATERIAL",44333,"MANGUEIRA FLEXIVEL TRANSPARENTE COM ESPIRAL AZUL, EM PVC, DIAM. 4\" (100 MM), PARA SERVICOS LEVES DE SUCCAO E DESCARGA","M","CR",108.3,0,124.54,104.51]
["MATERIAL",44907,"MANGUEIRA PARA AR E AGUA DE PVC/BORRACHA, PRESSAO 300 PSI, DIAMETRO DE 1 POLEGADA","M","CR",18.989999999999998,0,21.84,18.329999999999998]
["MATERIAL",20260,"MANGUEIRA PARA GAS - GLP, PVC, TRANCADA, DIAMETRO DE 3/8\", COMPRIMENTO DE 1M (NORMATIZADA)","UN","CR",17.420000000000002,0,20.03,16.809999999999999]
["EQUIPAMENTO (AQUISIÇÃO)",37523,"MANIPULADOR TELESCOPICO, POTENCIA DE 101 HP, CAPACIDADE DE CARGA DE 3.500 KG, ALTURA MAXIMA DE ELEVACAO DE 12 M","UN","CR",0,0,0,0]
["EQUIPAMENTO (AQUISIÇÃO)",37515,"MANIPULADOR TELESCOPICO, POTENCIA DE 85 HP, CAPACIDADE DE CARGA DE 3.500 KG, ALTURA MAXIMA DE ELEVACAO DE 12,3 M","UN","C",0,0,0,0]
["MATERIAL",12899,"MANOMETRO COM CAIXA EM ACO PINTADO, ESCALA *10* KGF/CM2 (*10* BAR), DIAMETRO NOMINAL DE *63* MM, CONEXAO DE 1/4\"","UN","CR",0,0,0,112.96]
["MATERIAL",12898,"MANOMETRO COM CAIXA EM ACO PINTADO, ESCALA *10* KGF/CM2 (*10* BAR), DIAMETRO NOMINAL DE 100 MM, CONEXAO DE 1/2\"","UN","C",0,0,0,179.19]
["MATERIAL",39699,"MANTA / LENCOL DE BORRACHA, SBR, ANTIRRUIDO, E = 5 MM","M2","CR",16.22,17.79,15.84,16.87]
["MATERIAL",39696,"MANTA ALUMINIZADA 1 FACE PARA SUBCOBERTURA, E = *1* MM","M2","C",0,0,6.6,5.9]
["MATERIAL",42528,"MANTA ALUMINIZADA NAS DUAS FACES, PARA SUBCOBERTURA, E = *2* MM","M2","CR",0,0,9.3800000000000008,8.39]
["MATERIAL",39700,"MANTA ANTIRRUIDO DE POLIESTER (PET) PARA CONTRAPISO E = *8* MM","M2","CR",23.74,0,25.87,25.02]
["MATERIAL",4014,"MANTA ASFALTICA ELASTOMERICA EM POLIESTER 3 MM, TIPO III, CLASSE B, ACABAMENTO PP (NBR 9952)","M2","CR",48.88,0,53.26,51.51]
["MATERIAL",4015,"MANTA ASFALTICA ELASTOMERICA EM POLIESTER 4 MM, TIPO III, CLASSE B, ACABAMENTO PP (NBR 9952)","M2","CR",60.03,0,65.41,63.25]
["MATERIAL",4017,"MANTA ASFALTICA ELASTOMERICA EM POLIESTER 5 MM, TIPO III, CLASSE B, ACABAMENTO PP (NBR 9952)","M2","CR",87.35,0,95.17,92.03]
["MATERIAL",11621,"MANTA ASFALTICA ELASTOMERICA EM POLIESTER ALUMINIZADA 3 MM, TIPO III, CLASSE B (NBR 9952)","M2","CR",47.25,0,51.48,49.78]
["MATERIAL",4016,"MANTA ASFALTICA ELASTOMERICA TIPO GLASS 3 MM, TIPO II, CLASSE C, ACABAMENTO PP (NBR 9952)","M2","C",34.5,0,37.590000000000003,36.35]
["MATERIAL",38544,"MANTA DE POLIETILENO EXPANDIDO (PEBD) ANTICHAMAS, E = 8 MM","M2","CR",8.85,0,9.64,9.32]
["MATERIAL",38545,"MANTA DE POLIETILENO EXPANDIDO (PEBD), E = 5 MM","M2","CR",5.69,0,6.2,5.99]
["MATERIAL",42527,"MANTA DE POLIETILENO EXPANDIDO, COM 1 FACE METALIZADA PARA SUBCOBERTURA, E = *5* MM","M2","CR",0,0,24.8,22.17]
["MATERIAL",39323,"MANTA GEOTEXTIL TECIDO DE LAMINETES DE POLIPROPILENO, RESISTENCIA A TRACAO = *25* KN/M","M2","CR",21.7,0,23.64,22.86]
["MATERIAL",626,"MANTA LIQUIDA DE BASE ASFALTICA MODIFICADA COM A ADICAO DE ELASTOMEROS DILUIDOS EM SOLVENTE ORGANICO, APLICACAO A FRIO (MEMBRANA DE EMULSAO ASFALTICA PARA IMPERMEABILIZACAO FLEXIVEL)","KG","C",15.83,18.559999999999999,18.47,16.66]
["MATERIAL",44504,"MANTA TERMOPLASTICA, PEAD, GEOMEMBRANA LISA, E = 0,50 MM (NBR 15352)","M2","CR",0,0,0,0]
["MATERIAL",44505,"MANTA TERMOPLASTICA, PEAD, GEOMEMBRANA LISA, E = 0,75 MM (NBR 15352)","M2","CR",0,0,0,0]
["MATERIAL",44506,"MANTA TERMOPLASTICA, PEAD, GEOMEMBRANA LISA, E = 0,80 MM (NBR 15352)","M2","CR",0,0,0,0]
["MATERIAL",44507,"MANTA TERMOPLASTICA, PEAD, GEOMEMBRANA LISA, E = 1,00 MM (NBR 15352)","M2","CR",0,0,0,0]
["MATERIAL",44508,"MANTA TERMOPLASTICA, PEAD, GEOMEMBRANA LISA, E = 1,50 MM (NBR 15352)","M2","CR",0,0,0,0]
["MATERIAL",44509,"MANTA TERMOPLASTICA, PEAD, GEOMEMBRANA LISA, E = 2,00 MM (NBR 15352)","M2","CR",0,0,0,0]
["MATERIAL",44510,"MANTA TERMOPLASTICA, PEAD, GEOMEMBRANA LISA, E = 2,50 MM (NBR 15352)","M2","CR",0,0,0,0]
["MATERIAL",44512,"MANTA TERMOPLASTICA, PEAD, GEOMEMBRANA TEXTURIZADA EM AMBAS AS FACES, E = 0,50 MM (NBR 15352)","M2","CR",0,0,0,0]
["MATERIAL",44513,"MANTA TERMOPLASTICA, PEAD, GEOMEMBRANA TEXTURIZADA EM AMBAS AS FACES, E = 0,75 MM (NBR 15352)","M2","CR",0,0,0,0]
["MATERIAL",44514,"MANTA TERMOPLASTICA, PEAD, GEOMEMBRANA TEXTURIZADA EM AMBAS AS FACES, E = 0,80 MM (NBR 15352)","M2","CR",0,0,0,0]
["MATERIAL",44515,"MANTA TERMOPLASTICA, PEAD, GEOMEMBRANA TEXTURIZADA EM AMBAS AS FACES, E = 1,00 MM (NBR 15352)","M2","CR",0,0,0,0]
["MATERIAL",44511,"MANTA TERMOPLASTICA, PEAD, GEOMEMBRANA TEXTURIZADA EM AMBAS AS FACES, E = 1,50 MM (NBR 15352)","M2","CR",0,0,0,0]
["MATERIAL",44516,"MANTA TERMOPLASTICA, PEAD, GEOMEMBRANA TEXTURIZADA EM AMBAS AS FACES, E = 2,00 MM (NBR 15352)","M2","CR",0,0,0,0]
["MATERIAL",44517,"MANTA TERMOPLASTICA, PEAD, GEOMEMBRANA TEXTURIZADA EM AMBAS AS FACES, E = 2,50 MM (NBR 15352)","M2","CR",0,0,0,0]
["MATERIAL",11479,"MAQUINA DE 40 MM PARA FECHADURA DE EMBUTIR EXTERNA, EM ACO INOX","UN","CR",44.92,35.79,41.1,36.78]
["MATERIAL",11481,"MAQUINA DE 40 MM PARA FECHADURA, PARA PORTA DE BANHEIRO, EM ACO INOX","UN","CR",40.630000000000003,32.380000000000003,37.18,33.270000000000003]
["MATERIAL",43609,"MAQUINA DE 40 MM PARA FECHADURA, PARA PORTA INTERNA, EM ACO INOX","UN","CR",40.630000000000003,32.380000000000003,37.18,33.270000000000003]
["MATERIAL",11478,"MAQUINA DE 55 MM PARA FECHADURA DE EMBUTIR EXTERNA, EM ACO INOX","UN","CR",77.069999999999993,61.41,70.510000000000005,63.11]
["MATERIAL",43608,"MAQUINA DE 55 MM PARA FECHADURA, PARA PORTA DE BANHEIRO, EM ACO INOX","UN","CR",58.81,46.86,53.81,48.16]
["MATERIAL",11476,"MAQUINA DE 55 MM PARA FECHADURA, PARA PORTA INTERNA, EM ACO INOX","UN","CR",58.81,46.86,53.81,48.16]
["EQUIPAMENTO (AQUISIÇÃO)",40637,"MAQUINA DEMARCADORA DE FAIXA DE TRAFEGO A FRIO, AUTOPROPELIDA, MOTOR DIESEL 38 HP","UN","CR",0,0,0,0]
["EQUIPAMENTO (AQUISIÇÃO)",13836,"MAQUINA EXTRUSORA DE CONCRETO PARA GUIAS E SARJETAS, COM MOTOR A DIESEL E POTENCIA DE 14 CV","UN","CR",0,0,0,0]
["EQUIPAMENTO (AQUISIÇÃO)",14534,"MAQUINA MANUAL TIPO PRENSA PARA PRODUCAO DE BLOCOS E PAVIMENTOS DE CONCRETO, COM MOTOR ELETRICO TRIFASICO PARA VIBRACAO, POTENCIA TOTAL INSTALADA DE 1,5 KW","UN","CR",0,0,0,0]
["EQUIPAMENTO (AQUISIÇÃO)",14535,"MAQUINA TIPO PRENSA HIDRAULICA, PARA FABRICACAO DE TUBOS DE CONCRETO PARA AGUAS PLUVIAIS, DN 200 A DN 600 MM X 1000 MM DE COMPRIMENTO, COM MOTOR PRINCIPAL COM POTENCIA DE 20 CV","UN","CR",0,0,0,0]
["EQUIPAMENTO (AQUISIÇÃO)",39813,"MAQUINA TIPO VASO/TANQUE/JATO DE PRESSAO PORTATIL P/ JATEAMENTO, CONTROLE AUTOMATICO E REMOTO, CAMARA DE 1 SAIDA, 280 L, DIAM. *670* MM, BICO JATO CURTO VENTURI 5/16\", MANGUEIRA 1\" DE 10 M, COMPLETA (VALVULAS POP UP E DOSADORA, FUNDO CONICO ETC)","UN","CR",0,0,0,0]
["MAO DE OBRA",12868,"MARCENEIRO (HORISTA)","H","CR",22.36,19.32,21.45,24.15]
["MAO DE OBRA",40916,"MARCENEIRO (MENSALISTA)","MES","CR",3941.15,3392.15,3823.99,4264.3599999999997]
["MAO DE OBRA",4755,"MARMORISTA / GRANITEIRO (HORISTA)","H","CR",24.13,20.86,23.15,25.55]
["MAO DE OBRA",41067,"MARMORISTA / GRANITEIRO (MENSALISTA)","MES","CR",4252.4799999999996,3660.12,4126.08,4513.6000000000004]
["MATERIAL",45240,"MARRETA DE ACO, OITAVADA, 500 G, COM CABO DE MADEIRA","UN","CR",34.17,42.62,33.29,37.049999999999997]
["MATERIAL",45228,"MARTELO DE BORRACHA PRETO 450 G, CABO DE MADEIRA *60* MM DE DIAMETRO","UN","CR",29.2,36.42,28.45,31.66]
["MATERIAL",45241,"MARTELO DE PEDREIRO, 1 CORTE, EM ACO, *500* G, COMPRIMENTO TOTAL DE *28* CM, COM CABO DE MADEIRA","UN","CR",42.01,52.41,40.94,45.56]
["MATERIAL",38463,"MARTELO DE SOLDADOR/PICADOR DE SOLDA","UN","CR",56.81,55.3,43.29,54.34]
["EQUIPAMENTO (AQUISIÇÃO)",40703,"MARTELO DEMOLIDOR ELETRICO, COM POTENCIA DE 2.000 W, FREQUENCIA DE 1.000 IMPACTOS POR MINUTO, FORCA DE IMPACTO ENTRE 60 E 65 J, PESO DE 30 KG","UN","C",0,17199.38,0,12000]
["EQUIPAMENTO (AQUISIÇÃO)",14531,"MARTELO DEMOLIDOR PNEUMATICO MANUAL, COM REDUCAO DE VIBRACAO, PESO DE 21 KG","UN","CR",0,22605.07,0,15771.55]
["EQUIPAMENTO (AQUISIÇÃO)",36533,"MARTELO DEMOLIDOR PNEUMATICO MANUAL, COM REDUCAO DE VIBRACAO, PESO DE 31,5 KG","UN","CR",0,25519.439999999999,0,17804.900000000001]
["EQUIPAMENTO (AQUISIÇÃO)",11616,"MARTELO DEMOLIDOR PNEUMATICO MANUAL, PADRAO, PESO DE 32 KG","UN","CR",0,20543.86,0,14333.44]
["EQUIPAMENTO (AQUISIÇÃO)",41898,"MARTELO DEMOLIDOR PNEUMATICO MANUAL, PESO DE 28 KG, COM SILENCIADOR","UN","CR",0,10146.370000000001,0,7079.11]
["EQUIPAMENTO (AQUISIÇÃO)",14529,"MARTELO PERFURADOR PNEUMATICO MANUAL, HASTE 25 X 75 MM, 21 KG","UN","CR",{"$error":"#N/A"},{"$error":"#N/A"},{"$error":"#N/A"},{"$error":"#N/A"}]
["EQUIPAMENTO (AQUISIÇÃO)",10747,"MARTELO PERFURADOR PNEUMATICO MANUAL, PESO DE 25 KG, COM SILENCIADOR","UN","CR",0,28129.4,0,19625.87]
["MATERIAL",36141,"MASCARA DE SEGURANCA PARA SOLDA COM ESCUDO DE CELERON E CARNEIRA DE PLASTICO COM REGULAGEM","UN","CR",82.1,112.47,93.56,92.76]
["MATERIAL",45211,"MASCARA DE SOLDA AUTOMATICA, COM GRAU DE ESCURECIMENTO DIN 9 A 13","UN","CR",74.62,102.21,85.04,84.3]
["MATERIAL",43651,"MASSA ACRILICA PARA SUPERFICIES INTERNAS E EXTERNAS","KG","CR",4.67,9.73,6.76,6.83]
["MATERIAL",43626,"MASSA CORRIDA PARA SUPERFICIES DE AMBIENTES INTERNOS","KG","C",2.6,5.41,3.76,3.8]
["MATERIAL",39434,"MASSA DE REJUNTE EM PO PARA DRYWALL, A BASE DE GESSO, SECAGEM RAPIDA, PARA TRATAMENTO DE JUNTAS DE CHAPA DE GESSO (NECESSITA ADICAO DE AGUA)","KG","CR",3.55,3.63,3.34,3.64]
["MATERIAL",39433,"MASSA DE REJUNTE PRONTA PARA TRATAMENTO DE JUNTAS DE CHAPA DE GESSO PARA DRYWALL, SEM ADICAO DE AGUA","KG","CR",2.82,2.89,2.66,2.89]
["MATERIAL",4049,"MASSA EPOXI BICOMPONENTE (MASSA + CATALISADOR)","L","CR",52.18,108.58,75.459999999999994,76.27]
["MATERIAL",38120,"MASSA EPOXI BICOMPONENTE PARA REPAROS","KG","CR",112.65,132.08000000000001,131.44,118.56]
["MATERIAL",43652,"MASSA PARA MADEIRA - INTERIOR E EXTERIOR","KG","CR",10.47,21.8,15.15,15.31]
["MATERIAL",10498,"MASSA PARA VIDRO","KG","CR",7.83,12.73,10.18,6.36]
["MATERIAL",4823,"MASSA PLASTICA PARA MARMORE/GRANITO","KG","CR",31.92,30.88,30.52,36.97]
["MATERIAL",38877,"MASSA PREMIUM PARA TEXTURA LISA DE BASE ACRILICA, USO INTERNO E EXTERNO","KG","CR",7.67,8.57,7.83,7.08]
["MATERIAL",34546,"MASSA PREMIUM PARA TEXTURA RUSTICA DE BASE ACRILICA, COR BRANCA, USO INTERNO E EXTERNO","KG","CR",7.89,8.81,8.06,7.28]
["MATERIAL",41387,"MASTRO SIMPLES GALVANIZADO DIAMETRO NOMINAL 1 1/2\"","M","CR",58.84,50.87,41.31,48.06]
["MATERIAL",41388,"MASTRO SIMPLES GALVANIZADO DIAMETRO NOMINAL 2\"","M","CR",70.599999999999994,61.03,49.56,57.66]
["MATERIAL",41380,"MASTRO TELESCOPICO DE 4 METROS (3 M X DN= 2\" + 1 M X DN= 1 1/2\")","UN","CR",469.73,406.09,329.76,383.66]
["MATERIAL",41381,"MASTRO TELESCOPICO GALVANIZADO 5 METROS (3 M X DN= 2\" + 2 M X DN= 1 1/2\")","UN","CR",492.1,425.43,345.46,401.93]
["MATERIAL",41382,"MASTRO TELESCOPICO GALVANIZADO 6 METROS (3 M X DN= 2\" + 3 M X DN= 1 1/2\")","UN","CR",476.33,411.79,334.39,389.05]
["MATERIAL",41383,"MASTRO TELESCOPICO GALVANIZADO 7 METROS (6 M X DN= 2\" + 1 M X DN= 1 1/2\")","UN","CR",646.52,558.91999999999996,453.86,528.04999999999995]
["MATERIAL",41385,"MASTRO TELESCOPICO GALVANIZADO 9 METROS (6 M X DN= 2\" + 3 M X DN= 1 1/2\")","UN","CR",804.51,695.51,564.77,657.09]
["MAO DE OBRA",4058,"MECANICO DE EQUIPAMENTOS PESADOS (HORISTA)","H","CR",25.84,27.75,29.33,33.86]
["MAO DE OBRA",40974,"MECANICO DE EQUIPAMENTOS PESADOS (MENSALISTA)","MES","CR",4557.72,4871.28,5230.24,5979.8]
["MAO DE OBRA",34794,"MECANICO DE REFRIGERACAO (HORISTA)","H","CR",24.07,23.64,24.75,26.05]
["MAO DE OBRA",40925,"MECANICO DE REFRIGERACAO (MENSALISTA)","MES","CR",4242.6499999999996,4148.1400000000003,4411.4399999999996,4601.6400000000003]
["MATERIAL",13741,"MEDIDOR DE NIVEL ESTATICO E DINAMICO PARA POCO, COMPRIMENTO DE 200 M","UN","CR",2380.69,2638.64,3091.11,2797.99]
["MATERIAL",3288,"MEIA CANA DE MADEIRA CEDRINHO OU EQUIVALENTE DA REGIAO, ACABAMENTO PARA FORRO PAULISTA, *2,5 X 2,5* CM","M","C",12.9,0,4.5,10.7]
["MATERIAL",13587,"MEIA CANA DE MADEIRA PINUS OU EQUIVALENTE DA REGIAO, ACABAMENTO PARA FORRO PAULISTA, *2,5 X 2,5* CM","M","CR",7.79,0,2.71,6.46]
["MATERIAL",38598,"MEIA CANALETA DE CONCRETO ESTRUTURAL 14 X 19 X 19 CM, FBK 14 MPA (NBR 6136)","UN","CR",3.57,3.97,4.07,3.83]
["MATERIAL",38595,"MEIA CANALETA DE CONCRETO ESTRUTURAL 14 X 19 X 19 CM, FBK 4,5 MPA (NBR 6136)","UN","CR",3.03,3.36,3.45,3.25]
["MATERIAL",38592,"MEIO BLOCO DE CONCRETO ESTRUTURAL 14 X 19 X 14 CM, FBK 14 MPA (NBR 6136)","UN","CR",3.06,3.4,3.49,3.28]
["MATERIAL",38588,"MEIO BLOCO DE CONCRETO ESTRUTURAL 14 X 19 X 14 CM, FBK 4,5 MPA (NBR 6136)","UN","CR",2.4500000000000002,2.72,2.79,2.63]
["MATERIAL",38593,"MEIO BLOCO DE CONCRETO ESTRUTURAL 14 X 19 X 19 CM, FBK 14 MPA (NBR 6136)","UN","CR",3.38,3.76,3.85,3.63]
["MATERIAL",38589,"MEIO BLOCO DE CONCRETO ESTRUTURAL 14 X 19 X 19 CM, FBK 4,5 MPA (NBR 6136)","UN","CR",2.57,2.85,2.93,2.75]
["MATERIAL",38594,"MEIO BLOCO DE CONCRETO ESTRUTURAL 14 X 19 X 34 CM, FBK 14 MPA (NBR 6136)","UN","CR",5.33,5.92,6.08,5.72]
["MATERIAL",34774,"MEIO BLOCO DE VEDACAO DE CONCRETO 14 X 19 X 19 CM (CLASSE C - NBR 6136)","UN","CR",2.4,2.66,2.73,2.57]
["MATERIAL",34771,"MEIO BLOCO DE VEDACAO DE CONCRETO 19 X 19 X 19 CM (CLASSE C - NBR 6136)","UN","CR",2.89,3.21,3.29,3.1]
["MATERIAL",34764,"MEIO BLOCO DE VEDACAO DE CONCRETO 9 X 19 X 19 CM (CLASSE C - NBR 6136)","UN","CR",1.89,2.1,2.16,2.0299999999999998]
["MATERIAL",34773,"MEIO BLOCO DE VEDACAO DE CONCRETO APARENTE 14 X 19 X 19 CM (CLASSE C - NBR 6136)","UN","CR",2.52,2.8,2.88,2.71]
["MATERIAL",34769,"MEIO BLOCO DE VEDACAO DE CONCRETO APARENTE 19 X 19 X 19 CM (CLASSE C - NBR 6136)","UN","CR",3.12,3.47,3.56,3.35]
["MATERIAL",34763,"MEIO BLOCO DE VEDACAO DE CONCRETO APARENTE 9 X 19 X 19 CM (CLASSE C - NBR 6136)","UN","CR",1.92,2.14,2.19,2.06]
["MATERIAL",34788,"MEIO BLOCO ESTRUTURAL CERAMICO DE 14 X 19 X 14 CM (L X A X C) E 6,0 MPA","UN","CR",1.91,1.64,1.65,1.29]
["MATERIAL",34781,"MEIO BLOCO ESTRUTURAL CERAMICO DE 14 X 19 X 19 CM (L X A X C) E 6,0 MPA","UN","CR",2.63,2.25,2.27,1.77]
["MATERIAL",41682,"MEIO-FIO OU GUIA DE CONCRETO PRE MOLDADO, COMP 1 M, *30 X 10/12* CM (H X L1/L2)","UN","CR",38.32,40.98,32.369999999999997,49.42]
["MATERIAL",41683,"MEIO-FIO OU GUIA DE CONCRETO PRE MOLDADO, COMP 80 CM, *30 X 10/10* (H X L1/L2)","UN","CR",28.19,30.15,23.81,36.36]
["MATERIAL",41680,"MEIO-FIO OU GUIA DE CONCRETO PRE-MOLDADO, COMP *39* CM, *19 X 6,5/6,5* CM (H X L1/L2)","UN","CR",15.18,16.23,12.82,19.579999999999998]
["MATERIAL",41679,"MEIO-FIO OU GUIA DE CONCRETO PRE-MOLDADO, COMP 1 M, *20 X 12/15* CM (H X L1/L2)","UN","CR",34.69,37.11,29.31,44.75]
["MATERIAL",41681,"MEIO-FIO OU GUIA DE CONCRETO PRE-MOLDADO, COMP 80 CM, *25 X 08/08* CM (H X L1/L2)","UN","CR",23.74,25.39,20.059999999999999,30.63]
["MATERIAL",43386,"MEIO-FIO OU GUIA DE CONCRETO PRE-MOLDADO, TIPO CHAPEU PARA BOCA DE LOBO, DIMENSOES *1,20* X 0,15 X 0,30 M","UN","CR",54.21,57.98,45.8,69.930000000000007]
["MATERIAL",4059,"MEIO-FIO OU GUIA DE CONCRETO, PRE-MOLDADO, COMP 1 M, *30 X 12/15* CM (H X L1/L2)","M","CR",38.32,40.98,32.369999999999997,49.42]
["MATERIAL",4062,"MEIO-FIO OU GUIA DE CONCRETO, PRE-MOLDADO, COMP 1 M, *30 X 15* CM (H X L)","UN","CR",38.32,40.98,32.369999999999997,49.42]
["MATERIAL",4061,"MEIO-FIO OU GUIA DE CONCRETO, PRE-MOLDADO, COMP 80 CM, *45 X 12/18* CM (H X L1/L2)","UN","CR",47.71,51.02,40.31,61.54]
["MATERIAL",41315,"MEMBRANA IMPERMEABILIZANTE A BASE DE POLIUREIA, BICOMPONENTE, APLICACAO A FRIO","KG","CR",89.21,118.38,109.67,78.92]
["MATERIAL",43148,"MEMBRANA IMPERMEABILIZANTE A BASE DE POLIURETANO","KG","CR",60.55,80.349999999999994,74.44,53.57]
["MATERIAL",43147,"MEMBRANA IMPERMEABILIZANTE ACRILICA MONOCOMPONENTE","KG","CR",23.45,31.12,28.83,20.74]
["EQUIPAMENTO (AQUISIÇÃO)",10608,"MESA VIBRATORIA COM DIMENSOES DE 2,0 X 1,0 M, COM MOTOR ELETRICO DE 2 POLOS E POTENCIA DE 3 CV","UN","C",0,0,0,0]
["MAO DE OBRA",4069,"MESTRE DE OBRAS (HORISTA)","H","CR",46.66,43.83,49.96,103.92]
["MAO DE OBRA",40819,"MESTRE DE OBRAS (MENSALISTA)","MES","CR",8224.4699999999993,7693.63,8905.27,18344.88]
["MATERIAL",34361,"METACAULIM DE ALTA REATIVIDADE/CAULIM CALCINADO","KG","CR",17.07,22.65,20.99,15.1]
["EQUIPAMENTO (AQUISIÇÃO)",36512,"MICRO-TRATOR CORTADOR DE GRAMA COM LARGURA DO CORTE DE 107 CM, COM 2 LAMINAS E DESCARTE LATERAL","UN","CR",0,0,0,23411.19]
["MATERIAL",44478,"MICROESFERAS DE VIDRO PARA SINALIZACAO HORIZONTAL VIARIA, TIPO I-B (PREMIX) - NBR 16184","KG","CR",10.24,16.66,13.33,8.33]
["MATERIAL",44477,"MICROESFERAS DE VIDRO PARA SINALIZACAO HORIZONTAL VIARIA, TIPO II-A (DROP-ON) - NBR 16184","KG","CR",10.24,16.66,13.33,8.33]
["MATERIAL",11697,"MICTORIO COLETIVO ACO INOX (AISI 304), E = 0,8 MM, DE *100 X 40 X 30* CM (C X A X P)","UN","CR",618.86,734.65,696.44,773.22]
["MATERIAL",11698,"MICTORIO COLETIVO ACO INOX (AISI 304), E = 0,8 MM, DE *100 X 50 X 35* CM (C X A X P)","UN","CR",738.26,876.4,830.82,922.41]
["MATERIAL",11699,"MICTORIO INDIVIDUAL ACO INOX (AISI 304), E = 0,8 MM, DE *50 X 45 X 35* (C X A X P)","UN","CR",815.95,968.62,918.25,1019.48]
["MATERIAL",10432,"MICTORIO INDIVIDUAL, SIFONADO, DE LOUCA BRANCA, SEM COMPLEMENTOS","UN","CR",394.37,401.98,356.74,412.63]
["MATERIAL",44020,"MICTORIO INDIVIDUAL, SIFONADO, VALVULA EMBUTIDA, DE LOUCA BRANCA, SEM COMPLEMENTOS - PADRAO ALTO","UN","CR",972.96,991.73,880.13,1018.02]
["MATERIAL",41419,"MINICAPTOR, EM ACO GALVANIZADO A FOGO, FIXACAO COM ROSCA SOBERBA OU MECANICA, H=300 MM X DN=10 MM","UN","CR",8.8000000000000007,7.61,6.18,7.19]
["MATERIAL",41420,"MINICAPTOR, EM ACO GALVANIZADO A FOGO, FIXACAO COM ROSCA SOBERBA OU MECANICA, H=600 MM X DN=10 MM","UN","CR",11.98,10.35,8.41,9.7799999999999994]
["MATERIAL",41421,"MINICAPTOR, EM ACO GALVANIZADO A FOGO, FIXACAO HORIZONTAL COM BANDEIRA A 20 CM, H=300 MM E X DN=10 MM","UN","CR",11.94,10.33,8.3800000000000008,9.76]
["MATERIAL",41422,"MINICAPTOR, EM ACO GALVANIZADO A FOGO, FIXACAO HORIZONTAL COM BANDEIRA A 20 CM, H=600 MM E X DN=10 MM","UN","CR",16.350000000000001,14.14,11.48,13.36]
["MATERIAL",41425,"MINICAPTOR, EM ACO GALVANIZADO A FOGO, FIXACAO HORIZONTAL DE 1 FUROS, SEM BANDEIRA, H=300 MM X DN=10 MM","UN","CR",8.3699999999999992,7.23,5.87,6.83]
["MATERIAL",41426,"MINICAPTOR, EM ACO GALVANIZADO A FOGO, FIXACAO HORIZONTAL DE 2 FUROS, SEM BANDEIRA, H=600 MM X DN=10 MM","UN","CR",15.09,13.04,10.59,12.32]
["MATERIAL",41414,"MINICAPTORES DE INSERCAO, EM ACO GALVANIZADO A FOGO, H=300 MM X DN=10 MM","UN","CR",27.7,23.94,19.440000000000001,22.62]
["MATERIAL",41415,"MINICAPTORES DE INSERCAO, EM ACO GALVANIZADO A FOGO, H=600,MM X DN=10,MM","UN","CR",32.25,27.88,22.64,26.34]
["EQUIPAMENTO (AQUISIÇÃO)",37514,"MINICARREGADEIRA SOBRE RODAS, POTENCIA LIQUIDA DE *47* HP, CAPACIDADE NOMINAL DE OPERACAO DE *646* KG","UN","C",0,0,0,300000]
["EQUIPAMENTO (AQUISIÇÃO)",37519,"MINICARREGADEIRA SOBRE RODAS, POTENCIA LIQUIDA DE *72* HP, CAPACIDADE NOMINAL DE OPERACAO DE *1200* KG","UN","CR",0,0,0,462988.02]
["EQUIPAMENTO (AQUISIÇÃO)",37520,"MINIESCAVADEIRA SOBRE ESTEIRAS, POTENCIA LIQUIDA DE *30* HP, PESO OPERACIONAL DE *3.500* KG","UN","CR",0,0,0,455398.05]
["EQUIPAMENTO (AQUISIÇÃO)",37521,"MINIESCAVADEIRA SOBRE ESTEIRAS, POTENCIA LIQUIDA DE *42* HP, PESO OPERACIONAL DE *4.500* KG","UN","CR",0,0,0,555585.63]
["EQUIPAMENTO (AQUISIÇÃO)",37522,"MINIESCAVADEIRA SOBRE ESTEIRAS, POTENCIA LIQUIDA DE *42* HP, PESO OPERACIONAL DE *5.300* KG","UN","CR",0,0,0,572300.85]
["EQUIPAMENTO (AQUISIÇÃO)",37546,"MISTURADOR DE ARGAMASSA, EIXO HORIZONTAL, CAPACIDADE DE MISTURA 160 KG, MOTOR ELETRICO TRIFASICO 220/380 V, POTENCIA 3 CV","UN","CR",12153.95,14658.67,14149.68,15374.13]
["EQUIPAMENTO (AQUISIÇÃO)",37544,"MISTURADOR DE ARGAMASSA, EIXO HORIZONTAL, CAPACIDADE DE MISTURA 300 KG, MOTOR ELETRICO TRIFASICO 220/380 V, POTENCIA 5 CV","UN","CR",12854.85,15504.01,14965.67,16260.72]
["EQUIPAMENTO (AQUISIÇÃO)",37545,"MISTURADOR DE ARGAMASSA, EIXO HORIZONTAL, CAPACIDADE DE MISTURA 600 KG, MOTOR ELETRICO TRIFASICO 220/380 V, POTENCIA 7,5 CV","UN","CR",15295.54,18447.689999999999,17807.14,19348.080000000002]
["MATERIAL",36793,"MISTURADOR DE METAL CROMADO DE PAREDE PARA LAVATORIO","UN","CR",934.47,983.41,974.43,854.3]
["MATERIAL",11769,"MISTURADOR DE METAL CROMADO, DE MESA/BANCADA, COM BICA BAIXA, PARA LAVATORIO","UN","CR",412.96,434.59,430.62,377.53]
["MATERIAL",11771,"MISTURADOR DE PAREDE, DE METAL CROMADO, PARA COZINHA, BICA ALTA MOVEL, COM AREJADOR ARTICULADO","UN","CR",505.83,532.32000000000005,527.46,462.43]
["EQUIPAMENTO (AQUISIÇÃO)",39919,"MISTURADOR DUPLO HORIZONTAL DE ALTA TURBULENCIA, CAPACIDADE / VOLUME 2 X 500 LITROS, MOTORES ELETRICOS MINIMO 5 CV CADA, PARA NATA CIMENTO, ARGAMASSA E OUTROS","UN","CR",60837.27,73374.759999999995,70827,76956.009999999995]
["MATERIAL",38385,"MISTURADOR MANUAL DE TINTAS PARA FURADEIRA, HASTE METALICA *60* CM, COM HELICE (MEXEDOR DE TINTA)","UN","CR",39.82,49.67,38.799999999999997,43.17]
["MATERIAL",36800,"MISTURADOR METALICO, BASE PARA CHUVEIRO/BANHEIRA, 1/2\" OU 3/4\", SOLDAVEL OU ROSCAVEL (NAO INCLUI ACABAMENTOS)","UN","CR",248.14,261.13,258.75,226.85]
["MATERIAL",37587,"MISTURADOR MONOCOMANDO PARA CHUVEIRO, BASE BRUTA, METALICO COM ACABAMENTO CROMADO","UN","CR",545.16999999999996,573.72,568.48,498.4]
["MATERIAL",11561,"MOLA HIDRAULICA AEREA, PARA PORTAS DE ATE 1.100 MM E PESO DE ATE 85 KG, COM CORPO EM ALUMINIO E BRACO EM ACO, SEM BRACO DE PARADA","UN","CR",264.02,277.91000000000003,231.48,259.38]
["MATERIAL",43604,"MOLA HIDRAULICA AEREA, PARA PORTAS DE ATE 850 MM E PESO DE ATE 50 KG, COM CORPO EM ALUMINIO E BRACO EM ACO, SEM BRACO DE PARADA","UN","CR",140.75,148.16,123.4,138.28]
["MATERIAL",11560,"MOLA HIDRAULICA AEREA, PARA PORTAS DE ATE 950 MM E PESO DE ATE 65 KG, COM CORPO EM ALUMINIO E BRACO EM ACO, SEM BRACO DE PARADA","UN","CR",203.78,214.5,178.66,200.2]
["MATERIAL",11499,"MOLA HIDRAULICA DE PISO, PARA PORTAS DE ATE 1100 MM E PESO DE ATE 120 KG, COM CORPO EM ACO INOX","UN","CR",1061.75,846,971.45,869.47]
["MAO DE OBRA",34761,"MONTADOR DE ELETROELETRONICOS (HORISTA)","H","CR",20.43,20.02,19.600000000000001,19.010000000000002]
["MAO DE OBRA",40924,"MONTADOR DE ELETROELETRONICOS (MENSALISTA)","MES","CR",3601.43,3513.06,3494.39,3358.43]
["MAO DE OBRA",40983,"MONTADOR DE ESTRUTURAS METALICAS (MENSALISTA)","MES","CR",3050.06,2956.6,3325.97,3766.48]
["MAO DE OBRA",44497,"MONTADOR DE ESTRUTURAS METALICAS HORISTA","H","CR",17.3,16.829999999999998,18.649999999999999,21.33]
["MAO DE OBRA",2437,"MONTADOR DE MAQUINAS (HORISTA)","H","CR",15.86,17.91,19.09,27.42]
["MAO DE OBRA",40921,"MONTADOR DE MAQUINAS (MENSALISTA)","MES","CR",2797.27,3145.69,3403.52,4842.6400000000003]
["EQUIPAMENTO (AQUISIÇÃO)",14252,"MOTOBOMBA AUTOESCORVANTE MOTOR A GASOLINA, POTENCIA 6,0HP, BOCAIS 3\" X 3\", HM/Q = 5 MCA / 24 M3/H A 52,5 MCA / 5,0 M3/H","UN","CR",2605.8000000000002,2183.91,3457.86,3905.2]
["EQUIPAMENTO (AQUISIÇÃO)",730,"MOTOBOMBA AUTOESCORVANTE MOTOR ELETRICO TRIFASICO 7,4HP BOCA DIAMETRO DE SUCCAO X RECLAQUE: 2\"X2\", HM/ Q = 10 M / 73,5 M3/H A 28 M / 8,2 M3 /H","UN","CR",6962.21,5835,9238.75,10433.950000000001]
["EQUIPAMENTO (AQUISIÇÃO)",723,"MOTOBOMBA AUTOESCORVANTE POTENCIA 5,42 HP, BOCAIS SUCCAO X RECALQUE 2\" X 2\", A GASOLINA, DIAMETRO DO ROTOR 122 MM HM/Q = 6 MCA / 33,0 M3/H A 28 MCA / 8,0 M3/H","UN","CR",3460.46,2900.2,4591.9799999999996,5186.04]
["EQUIPAMENTO (AQUISIÇÃO)",36502,"MOTOBOMBA CENTRIFUGA, MOTOR A GASOLINA, POTENCIA 5,42 HP, BOCAIS 1 1/2\" X 1\", DIAMETRO ROTOR 143 MM HM/Q = 6 MCA / 16,8 M3/H A 38 MCA / 6,6 M3/H","UN","CR",3252.42,2725.84,4315.92,4874.26]
["EQUIPAMENTO (AQUISIÇÃO)",36503,"MOTOBOMBA TRASH (PARA AGUA SUJA) AUTO ESCORVANTE, MOTOR GASOLINA DE 6,41 HP, DIAMETROS DE SUCCAO X RECALQUE: 3\" X 3\", HM/Q: 10/60 A 23/0","UN","CR",4010.62,3361.28,5322.03,6010.54]
["EQUIPAMENTO (AQUISIÇÃO)",4090,"MOTONIVELADORA POTENCIA BASICA LIQUIDA (PRIMEIRA MARCHA) 125 HP, PESO BRUTO 13843 KG, LARGURA DA LAMINA DE 3,7 M","UN","C",0,0,0,1165000]
["EQUIPAMENTO (AQUISIÇÃO)",13227,"MOTONIVELADORA POTENCIA BASICA LIQUIDA (PRIMEIRA MARCHA) 171 HP, PESO BRUTO 14768 KG, LARGURA DA LAMINA DE 3,7 M","UN","CR",0,0,0,1447657.77]
["EQUIPAMENTO (AQUISIÇÃO)",10597,"MOTONIVELADORA POTENCIA BASICA LIQUIDA (PRIMEIRA MARCHA) 186 HP, PESO BRUTO 15785 KG, LARGURA DA LAMINA DE 4,3 M","UN","CR",0,0,0,1523846.56]
["EQUIPAMENTO (AQUISIÇÃO)",39628,"MOTOR A DIESEL PARA VIBRADOR DE IMERSAO, DE *4,7* CV","UN","CR",0,0,0,0]
["EQUIPAMENTO (AQUISIÇÃO)",39404,"MOTOR A GASOLINA PARA VIBRADOR DE IMERSAO, 4 TEMPOS, DE 5,5 CV","UN","CR",0,0,0,0]
["EQUIPAMENTO (AQUISIÇÃO)",39402,"MOTOR ELETRICO PARA VIBRADOR DE IMERSAO, DE 2 CV, MONOFASICO, 110/220 V","UN","CR",0,0,0,0]
["EQUIPAMENTO (AQUISIÇÃO)",39403,"MOTOR ELETRICO PARA VIBRADOR DE IMERSAO, DE 2 CV, TRIFASICO, 220/380 V","UN","CR",0,0,0,0]
["MAO DE OBRA",4093,"MOTORISTA DE CAMINHAO (HORISTA)","H","C",25.59,20.86,23.15,27.44]
["MAO DE OBRA",10512,"MOTORISTA DE CAMINHAO (MENSALISTA)","MES","CR",4509.9799999999996,3660.12,4126.08,4844.29]
["MAO DE OBRA",4243,"MOTORISTA DE CAMINHAO BETONEIRA (HORISTA)","H","CR",15.42,23.03,19.09,27.44]
["MAO DE OBRA",20020,"MOTORISTA DE CAMINHAO-BASCULANTE (HORISTA)","H","CR",26.59,21.66,24.05,28.5]
["MAO DE OBRA",41038,"MOTORISTA DE CAMINHAO-BASCULANTE (MENSALISTA)","MES","CR",4686.79,3803.61,4287.83,5034.21]
["MAO DE OBRA",4094,"MOTORISTA DE CAMINHAO-CARRETA (HORISTA)","H","CR",31.81,25.94,28.78,34.119999999999997]
["MAO DE OBRA",40988,"MOTORISTA DE CAMINHAO-CARRETA (MENSALISTA)","MES","CR",5609.62,4552.54,5132.1099999999997,6025.43]
["MAO DE OBRA",4095,"MOTORISTA DE CARRO DE PASSEIO (HORISTA)","H","CR",21.31,16.71,20.71,24.08]
["MAO DE OBRA",40990,"MOTORISTA DE CARRO DE PASSEIO (MENSALISTA)","MES","CR",3756.7,2934.33,3695.23,4252.2]
["MAO DE OBRA",4096,"MOTORISTA OPERADOR DE CAMINHAO COM MUNCK (HORISTA)","H","CR",27.91,21.43,24.47,30.76]
["MAO DE OBRA",40992,"MOTORISTA OPERADOR DE CAMINHAO COM MUNCK (MENSALISTA)","MES","CR",4918.54,3762.2,4363.29,5432.26]
["MATERIAL",4114,"MOURAO CONCRETO CURVO, SECAO \"T\", H = 2,80 M + CURVA COM 0,45 M, COM FUROS PARA FIOS","UN","CR",87.83,93.94,74.2,113.29]
["MATERIAL",36797,"MOURAO DE CONCRETO CURVO, *10 X 10* CM, H= *2,60* M + CURVA DE 0,40 M","UN","CR",78.2,83.64,66.069999999999993,100.87]
["MATERIAL",4107,"MOURAO DE CONCRETO RETO, SECAO QUADRADA *10 X 10* CM, H= *2,30* M","UN","CR",73.73,78.86,62.29,95.1]
["MATERIAL",4102,"MOURAO DE CONCRETO RETO, SECAO QUADRADA, *10 X 10* CM, H= 3,00 M","UN","C",90,96.26,76.040000000000006,116.09]
["MATERIAL",36799,"MOURAO DE CONCRETO RETO, TIPO ESTICADOR, *10 X 10* CM, H= 2,50 M","UN","CR",75.900000000000006,81.180000000000007,64.13,97.9]
["MATERIAL",2747,"MOURAO ROLICO DE MADEIRA TRATADA, D = 16 A 20 CM, H = 2,20 M, EM EUCALIPTO OU EQUIVALENTE DA REGIAO (PARA CERCA)","M","CR",35.14,0,31.48,27.03]
["MATERIAL",21138,"MOURAO ROLICO DE MADEIRA TRATADA, D = 8 A 11 CM, H = 2,20 M, EM EUCALIPTO OU EQUIVALENTE DA REGIAO (PARA CERCA)","M","C",11.14,0,9.98,8.57]
["MATERIAL",10826,"MUDA DE ARBUSTO FLORIFERO, CLUSIA/GARDENIA/MOREIA BRANCA/ AZALEIA OU EQUIVALENTE DA REGIAO, H= *50 A 70* CM","UN","CR",71.83,0,86.2,100.57]
["MATERIAL",365,"MUDA DE ARBUSTO FOLHAGEM, SANSAO-DO-CAMPO OU EQUIVALENTE DA REGIAO, H= *50 A 70* CM","UN","CR",44.54,0,53.44,62.35]
["MATERIAL",38639,"MUDA DE ARBUSTO, BUXINHO, H= *50* CM","UN","CR",172.41,0,206.89,241.37]
["MATERIAL",38640,"MUDA DE ARBUSTO, PINGO DE OURO/ VIOLETEIRA, H = *10 A 20* CM","UN","CR",2.58,0,3.1,3.62]
["MATERIAL",358,"MUDA DE ARVORE ORNAMENTAL, OITI/AROEIRA SALSA/ANGICO/IPE/JACARANDA OU EQUIVALENTE DA REGIAO, H= *1* M","UN","CR",53.16,0,63.79,74.42]
["MATERIAL",359,"MUDA DE ARVORE ORNAMENTAL, OITI/AROEIRA SALSA/ANGICO/IPE/JACARANDA OU EQUIVALENTE DA REGIAO, H= *2* M","UN","CR",109.19,0,131.03,152.87]
["MATERIAL",38641,"MUDA DE PALMEIRA ARECA, H= *1,50* M","UN","CR",107.75,0,129.31,150.86000000000001]
["MATERIAL",360,"MUDA DE RASTEIRA/FORRACAO, AMENDOIM RASTEIRO/ONZE HORAS/AZULZINHA/IMPATIENS OU EQUIVALENTE DA REGIAO","UN","C",2.5,0,3,3.5]
["MATERIAL",42430,"MULTIEXERCITADOR COM SEIS FUNCOES, EM TUBO DE ACO CARBONO, PINTURA NO PROCESSO ELETROSTATICO - EQUIPAMENTO DE GINASTICA PARA ACADEMIA AO AR LIVRE / ACADEMIA DA TERCEIRA IDADE - ATI","UN","CR",0,0,0,0]
["MATERIAL",4209,"NIPLE DE FERRO GALVANIZADO, COM ROSCA BSP, DE 1 1/2\"","UN","CR",0,21.89,0,22.59]
["MATERIAL",4180,"NIPLE DE FERRO GALVANIZADO, COM ROSCA BSP, DE 1 1/4\"","UN","CR",0,16.48,0,17]
["MATERIAL",4179,"NIPLE DE FERRO GALVANIZADO, COM ROSCA BSP, DE 1\"","UN","CR",0,11.19,0,11.55]
["MATERIAL",4177,"NIPLE DE FERRO GALVANIZADO, COM ROSCA BSP, DE 1/2\"","UN","CR",0,5.47,0,5.64]
["MATERIAL",4208,"NIPLE DE FERRO GALVANIZADO, COM ROSCA BSP, DE 2 1/2\"","UN","CR",0,52.1,0,53.77]
["MATERIAL",4181,"NIPLE DE FERRO GALVANIZADO, COM ROSCA BSP, DE 2\"","UN","CR",0,34.04,0,35.130000000000003]
["MATERIAL",4182,"NIPLE DE FERRO GALVANIZADO, COM ROSCA BSP, DE 3\"","UN","CR",0,84.75,0,87.47]
["MATERIAL",4178,"NIPLE DE FERRO GALVANIZADO, COM ROSCA BSP, DE 3/4\"","UN","CR",0,7.58,0,7.83]
["MATERIAL",4183,"NIPLE DE FERRO GALVANIZADO, COM ROSCA BSP, DE 4\"","UN","CR",0,136.44999999999999,0,140.82]
["MATERIAL",4184,"NIPLE DE FERRO GALVANIZADO, COM ROSCA BSP, DE 5\"","UN","CR",0,301.20999999999998,0,310.83999999999997]
["MATERIAL",4185,"NIPLE DE FERRO GALVANIZADO, COM ROSCA BSP, DE 6\"","UN","CR",0,500.47,0,516.48]
["MATERIAL",4205,"NIPLE DE REDUCAO DE FERRO GALVANIZADO, COM ROSCA BSP, DE 1 1/2\" X 1 1/4\"","UN","CR",0,28.9,0,29.83]
["MATERIAL",4192,"NIPLE DE REDUCAO DE FERRO GALVANIZADO, COM ROSCA BSP, DE 1 1/2\" X 1\"","UN","CR",0,28.9,0,29.83]
["MATERIAL",4191,"NIPLE DE REDUCAO DE FERRO GALVANIZADO, COM ROSCA BSP, DE 1 1/2\" X 3/4\"","UN","CR",0,28.9,0,29.83]
["MATERIAL",4206,"NIPLE DE REDUCAO DE FERRO GALVANIZADO, COM ROSCA BSP, DE 1 1/4\" X 1\"","UN","CR",0,22.58,0,23.31]
["MATERIAL",4207,"NIPLE DE REDUCAO DE FERRO GALVANIZADO, COM ROSCA BSP, DE 1 1/4\" X 1/2\"","UN","CR",0,23.26,0,24]
["MATERIAL",4190,"NIPLE DE REDUCAO DE FERRO GALVANIZADO, COM ROSCA BSP, DE 1 1/4\" X 3/4\"","UN","CR",0,22.58,0,23.31]
["MATERIAL",4188,"NIPLE DE REDUCAO DE FERRO GALVANIZADO, COM ROSCA BSP, DE 1\" X 1/2\"","UN","CR",0,13.63,0,14.06]
["MATERIAL",4189,"NIPLE DE REDUCAO DE FERRO GALVANIZADO, COM ROSCA BSP, DE 1\" X 3/4\"","UN","CR",0,13.63,0,14.06]
["MATERIAL",4186,"NIPLE DE REDUCAO DE FERRO GALVANIZADO, COM ROSCA BSP, DE 1/2\" X 1/4\"","UN","CR",0,6.67,0,6.89]
["MATERIAL",4197,"NIPLE DE REDUCAO DE FERRO GALVANIZADO, COM ROSCA BSP, DE 2 1/2\" X 2\"","UN","CR",0,72.17,0,74.48]
["MATERIAL",4194,"NIPLE DE REDUCAO DE FERRO GALVANIZADO, COM ROSCA BSP, DE 2\" X 1 1/2\"","UN","CR",0,43.61,0,45]
["MATERIAL",4193,"NIPLE DE REDUCAO DE FERRO GALVANIZADO, COM ROSCA BSP, DE 2\" X 1 1/4\"","UN","CR",0,43.61,0,45]
["MATERIAL",4204,"NIPLE DE REDUCAO DE FERRO GALVANIZADO, COM ROSCA BSP, DE 2\" X 1\"","UN","CR",0,43.61,0,45]
["MATERIAL",4202,"NIPLE DE REDUCAO DE FERRO GALVANIZADO, COM ROSCA BSP, DE 3\" X 2 1/2\"","UN","CR",0,131.80000000000001,0,136.02000000000001]
["MATERIAL",4203,"NIPLE DE REDUCAO DE FERRO GALVANIZADO, COM ROSCA BSP, DE 3\" X 2\"","UN","CR",0,116.4,0,120.12]
["MATERIAL",4187,"NIPLE DE REDUCAO DE FERRO GALVANIZADO, COM ROSCA BSP, DE 3/4\" X 1/2\"","UN","CR",0,8.69,0,8.9700000000000006]
["MATERIAL",40368,"NIPLE SEXTAVADO EM ACO CARBONO, COM ROSCA BSP, PRESSAO 3.000 LBS, DN 1 1/2\"","UN","CR",0,0,0,0]
["MATERIAL",40365,"NIPLE SEXTAVADO EM ACO CARBONO, COM ROSCA BSP, PRESSAO 3.000 LBS, DN 1 1/4\"","UN","CR",0,0,0,0]
["MATERIAL",40362,"NIPLE SEXTAVADO EM ACO CARBONO, COM ROSCA BSP, PRESSAO 3.000 LBS, DN 1\"","UN","CR",0,0,0,0]
["MATERIAL",40356,"NIPLE SEXTAVADO EM ACO CARBONO, COM ROSCA BSP, PRESSAO 3.000 LBS, DN 1/2\"","UN","CR",0,0,0,0]
["MATERIAL",40374,"NIPLE SEXTAVADO EM ACO CARBONO, COM ROSCA BSP, PRESSAO 3.000 LBS, DN 2 1/2\"","UN","CR",0,0,0,0]
["MATERIAL",40371,"NIPLE SEXTAVADO EM ACO CARBONO, COM ROSCA BSP, PRESSAO 3.000 LBS, DN 2\"","UN","CR",0,0,0,0]
["MATERIAL",40359,"NIPLE SEXTAVADO EM ACO CARBONO, COM ROSCA BSP, PRESSAO 3.000 LBS, DN 3/4\"","UN","CR",0,0,0,0]
["MATERIAL",45201,"NIVEL DE ALUMINIO 350 MM (14\"), COM 3 BOLHAS","UN","CR",64.63,80.62,62.97,70.08]
["MAO DE OBRA",7595,"NIVELADOR (HORISTA)","H","CR",15.03,17.97,16.57,18.23]
["MAO DE OBRA",41094,"NIVELADOR (MENSALISTA)","MES","CR",2650.07,3155.57,2955.38,3218.73]
["EQUIPAMENTO (AQUISIÇÃO)",39609,"NOBREAK TRIFASICO, DE 10 KVA FATOR DE POTENCIA DE 0,8, AUTONOMIA MINIMA DE 30 MINUTOS A PLENA CARGA","UN","CR",0,0,98190.73,60071]
["EQUIPAMENTO (AQUISIÇÃO)",39610,"NOBREAK TRIFASICO, DE 15 KVA FATOR DE POTENCIA DE 0,8, AUTONOMIA MINIMA DE 30 MINUTOS A PLENA CARGA","UN","CR",0,0,143327.82999999999,87684.93]
["EQUIPAMENTO (AQUISIÇÃO)",39611,"NOBREAK TRIFASICO, DE 20 KVA FATOR DE POTENCIA DE 0,8, AUTONOMIA MINIMA DE 30 MINUTOS A PLENA CARGA","UN","CR",0,0,173450.13,106113.11]
["EQUIPAMENTO (AQUISIÇÃO)",39612,"NOBREAK TRIFASICO, DE 25 KVA FATOR DE POTENCIA DE 0,8, AUTONOMIA MINIMA DE 30 MINUTOS A PLENA CARGA","UN","CR",0,0,271713.53999999998,166228.57999999999]
["EQUIPAMENTO (AQUISIÇÃO)",39608,"NOBREAK TRIFASICO, DE 5 KVA FATOR DE POTENCIA DE 0,8, AUTONOMIA MINIMA DE 30 MINUTOS A PLENA CARGA","UN","CR",0,0,78512.27,48032.14]
["MATERIAL",38175,"NUMERO / ALGARISMO PARA RESIDENCIA (FACHADA), EM ZAMAC, COM ALTURA DE APROX *45* MM, INCLUSIVE PARAFUSOS","UN","CR",5.29,5.57,4.6399999999999997,5.2]
["MATERIAL",38176,"NUMERO / ALGARISMO PARA RESIDENCIA (FACHADA), EM ZAMAC, COM ALTURA DE APROX 125 MM, INCLUSIVE PARAFUSOS","UN","CR",15.57,16.39,13.65,15.3]
["MATERIAL",36152,"OCULOS DE SEGURANCA CONTRA IMPACTOS COM LENTE INCOLOR, ARMACAO NYLON, COM PROTECAO UVA E UVB","UN","CR",4.7,6.44,5.36,5.31]
["MATERIAL",45212,"OCULOS DE SOLDA COM ESCURECIMENTO AUTOMATICO","UN","CR",47.07,64.48,53.64,53.18]
["MATERIAL",4221,"OLEO DIESEL COMBUSTIVEL COMUM METROPOLITANO S-10 OU S-500","L","C",5.93,6.12,6.08,5.84]
["MATERIAL",4227,"OLEO LUBRIFICANTE MINERAL MONOVISCOSO, SAE 40, PARA MOTORES DE EQUIPAMENTOS PESADOS (CAMINHOES, TRATORES, RETROS E ETC)","L","CR",27.65,28.54,28.35,27.23]
["MATERIAL",38170,"OLHO MAGICO PARA PORTAS, EM LATAO, COM LENTE DE POLICARBONATO, ANGULO DE *200* GRAUS, ESPESSURA ENTRE *25 E 46* MM, INCLUINDO FECHO JANELA","UN","CR",23.14,24.36,20.29,22.73]
["MAO DE OBRA",4252,"OPERADOR DE BATE-ESTACAS (HORISTA)","H","CR",31.92,21.79,20.67,24.62]
["MAO DE OBRA",40980,"OPERADOR DE BATE-ESTACAS (MENSALISTA)","MES","CR",5625.66,3825.12,3686.84,4348.1899999999996]
["MAO DE OBRA",41031,"OPERADOR DE BETONEIRA (CAMINHAO) (MENSALISTA)","MES","CR",2721.32,4042.07,3406.01,4845.3500000000004]
["MAO DE OBRA",37666,"OPERADOR DE BETONEIRA ESTACIONARIA / MISTURADOR (HORISTA)","H","CR",14.15,15.86,19.09,22.37]
["MAO DE OBRA",40986,"OPERADOR DE BETONEIRA ESTACIONARIA / MISTURADOR (MENSALISTA)","MES","CR",2497.64,2786.1,3403.52,3949.02]
["MAO DE OBRA",4250,"OPERADOR DE COMPRESSOR DE AR OU COMPRESSORISTA (HORISTA)","H","CR",16.55,16.22,15.88,22.06]
["MAO DE OBRA",40978,"OPERADOR DE COMPRESSOR DE AR OU COMPRESSORISTA (MENSALISTA)","MES","CR",2918.75,2847.13,2831.99,3899.12]
["MAO DE OBRA",44501,"OPERADOR DE DEMARCADORA DE FAIXAS DE TRAFEGO (HORISTA)","H","CR",15.42,23.03,19.09,27.44]
["MAO DE OBRA",41043,"OPERADOR DE DEMARCADORA DE FAIXAS DE TRAFEGO (MENSALISTA)","MES","CR",2721.32,4042.07,3406.01,4845.3500000000004]
["MAO DE OBRA",4234,"OPERADOR DE ESCAVADEIRA (HORISTA)","H","C",24.13,23.64,23.15,34.700000000000003]
["MAO DE OBRA",40987,"OPERADOR DE ESCAVADEIRA (MENSALISTA)","MES","CR",4252.4799999999996,4148.1400000000003,4126.08,6126.16]
["MAO DE OBRA",4253,"OPERADOR DE GUINCHO OU GUINCHEIRO (HORISTA)","H","CR",12.94,17.78,19.09,22.37]
["MAO DE OBRA",40981,"OPERADOR DE GUINCHO OU GUINCHEIRO (MENSALISTA)","MES","CR",2281.44,3121.42,3403.52,3949.02]
["MAO DE OBRA",4254,"OPERADOR DE GUINDASTE (HORISTA)","H","CR",25.09,23.3,19.09,33.21]
["MAO DE OBRA",41036,"OPERADOR DE GUINDASTE (MENSALISTA)","MES","CR",4422.2299999999996,4091.98,3403.52,5863.66]
["MAO DE OBRA",4251,"OPERADOR DE JATO ABRASIVO OU JATISTA (HORISTA)","H","CR",21.96,17.23,16.87,24.73]
["MAO DE OBRA",40979,"OPERADOR DE JATO ABRASIVO OU JATISTA (MENSALISTA)","MES","CR",3871.74,3025.85,3009.77,4366.25]
["MAO DE OBRA",4230,"OPERADOR DE MAQUINAS E TRATORES DIVERSOS - TERRAPLANAGEM (HORISTA)","H","CR",17.34,21.28,19.09,31.78]
["MAO DE OBRA",40998,"OPERADOR DE MAQUINAS E TRATORES DIVERSOS - TERRAPLANAGEM (MENSALISTA)","MES","CR",3058.58,3737.01,3403.52,5611.31]
["MAO DE OBRA",4257,"OPERADOR DE MARTELETE OU MARTELETEIRO (HORISTA)","H","CR",18.05,16.809999999999999,19.09,21.96]
["MAO DE OBRA",40982,"OPERADOR DE MARTELETE OU MARTELETEIRO (MENSALISTA)","MES","CR",3182.32,2951.27,3403.52,3878.93]
["MAO DE OBRA",4240,"OPERADOR DE MOTO SCRAPER (HORISTA)","H","CR",28.83,32.72,34.01,36.61]
["MAO DE OBRA",41026,"OPERADOR DE MOTO SCRAPER (MENSALISTA)","MES","CR",5083.43,5742.26,6063.92,6466.36]
["MAO DE OBRA",4239,"OPERADOR DE MOTONIVELADORA (HORISTA)","H","CR",28.83,32.72,34.01,36.61]
["MAO DE OBRA",41024,"OPERADOR DE MOTONIVELADORA (MENSALISTA)","MES","CR",5083.43,5742.26,6063.92,6466.36]
["MAO DE OBRA",4248,"OPERADOR DE PA CARREGADEIRA (HORISTA)","H","CR",15.42,23.03,19.09,27.44]
["MAO DE OBRA",41033,"OPERADOR DE PA CARREGADEIRA (MENSALISTA)","MES","CR",2721.32,4042.07,3406.01,4845.3500000000004]
["MAO DE OBRA",44500,"OPERADOR DE PAVIMENTADORA / MESA VIBROACABADORA (HORISTA)","H","CR",15.42,23.03,19.09,27.44]
["MAO DE OBRA",41040,"OPERADOR DE PAVIMENTADORA / MESA VIBROACABADORA (MENSALISTA)","MES","CR",2721.32,4042.07,3406.01,4845.3500000000004]
["MAO DE OBRA",4238,"OPERADOR DE ROLO COMPACTADOR (HORISTA)","H","CR",16.61,18.350000000000001,19.09,20.63]
["MAO DE OBRA",41012,"OPERADOR DE ROLO COMPACTADOR (MENSALISTA)","MES","CR",2930.08,3223.73,3403.52,3643.9]
["MAO DE OBRA",4233,"OPERADOR DE USINA DE ASFALTO, DE SOLOS OU DE CONCRETO (HORISTA)","H","CR",28.83,32.72,34.01,36.61]
["MAO DE OBRA",41001,"OPERADOR DE USINA DE ASFALTO, DE SOLOS OU DE CONCRETO (MENSALISTA)","MES","CR",5083.43,5742.26,6063.92,6466.36]
["MATERIAL",2,"OXIGENIO - RECARGA DE GAS PARA CILINDRO (NAO INCLUI TROCA/MANUTENCAO DO CILINDRO)","M3","CR",16.07,0,0,17.28]
["EQUIPAMENTO (AQUISIÇÃO)",14221,"PA CARREGADEIRA SOBRE RODAS, POTENCIA 152 HP, CAPACIDADE DA CACAMBA DE 1,53 A 2,30 M3, PESO OPERACIONAL MAXIMO DE 10216 KG","UN","CR",0,0,0,633115.36]
["EQUIPAMENTO (AQUISIÇÃO)",36517,"PA CARREGADEIRA SOBRE RODAS, POTENCIA BRUTA *127* CV, CAPACIDADE DA CACAMBA DE 2,0 A 2,4 M3, PESO OPERACIONAL MAXIMO DE 10330 KG","UN","CR",0,0,0,610209.62]
["EQUIPAMENTO (AQUISIÇÃO)",4262,"PA CARREGADEIRA SOBRE RODAS, POTENCIA LIQUIDA 128 HP, CAPACIDADE DA CACAMBA DE 1,7 A 2,8 M3, PESO OPERACIONAL MAXIMO DE 11632 KG","UN","C",0,0,0,687173]
["EQUIPAMENTO (AQUISIÇÃO)",4263,"PA CARREGADEIRA SOBRE RODAS, POTENCIA LIQUIDA 197 HP, CAPACIDADE DA CACAMBA DE 2,5 A 3,5 M3, PESO OPERACIONAL MAXIMO DE 18338 KG","UN","CR",0,0,0,952879.84]
["EQUIPAMENTO (AQUISIÇÃO)",36518,"PA CARREGADEIRA SOBRE RODAS, POTENCIA LIQUIDA 213 HP, CAPACIDADE DA CACAMBA DE 1,9 A 3,5 M3, PESO OPERACIONAL MAXIMO DE 19234 KG","UN","CR",0,0,0,1084817.06]
["MATERIAL",38402,"PA DE LIXO PLASTICA, CABO LONGO","UN","CR",45.09,0,51.85,43.51]
["MATERIAL",45234,"PA QUADRADA COM CABO DE MADEIRA EM Y DE 71 CM","UN","CR",43.95,54.83,42.83,47.66]
["MATERIAL",3412,"PAINEL DE LA DE VIDRO SEM REVESTIMENTO PSI 20, E = 25 MM, DE 1200 X 600 MM","M2","CR",0,0,0,12.74]
["MATERIAL",3413,"PAINEL DE LA DE VIDRO SEM REVESTIMENTO PSI 20, E = 50 MM, DE 1200 X 600 MM","M2","CR",0,0,0,28.69]
["MATERIAL",39744,"PAINEL DE LA DE VIDRO SEM REVESTIMENTO PSI 40, E = 25 MM, DE 1200 X 600 MM","M2","CR",0,0,0,22.27]
["MATERIAL",39745,"PAINEL DE LA DE VIDRO SEM REVESTIMENTO PSI 40, E = 50 MM, DE 1200 X 600 MM","M2","CR",0,0,0,47.02]
["MATERIAL",39637,"PAINEL ESTRUTURAL PARA LAJE SECA REVESTIDO EM PLACA CIMENTICIA, DE 1,20 X 2,50 M, E = 23 MM","M2","CR",100.04,137.24,76.16,84.2]
["MATERIAL",39638,"PAINEL ESTRUTURAL PARA LAJE SECA REVESTIDO EM PLACA CIMENTICIA, DE 1,20 X 2,50 M, E = 40 MM","M2","CR",113.2,155.29,86.18,95.27]
["MATERIAL",39639,"PAINEL ESTRUTURAL PARA LAJE SECA REVESTIDO EM PLACA CIMENTICIA, DE 1,20 X 2,50 M, E = 55 MM","M2","CR",170.79,234.3,130.03,143.74]
["MATERIAL",39517,"PAINEL TERMOISOLANTE PARA FECHAMENTOS VERTICAIS (INCLUI PARAFUSOS DE FIXACAO) REVESTIDO EM ACO GALVALUME, LARGURA UTIL DE 1100 MM, REVESTIMENTO COM ESPESSURA DE 0,50 MM, COM PRE-PINTURA NAS DUAS FACES, NUCLEO EM POLIURETANO (PUR) COM ESPESSURA 40/50 MM","M2","CR",0,0,0,179.11]
["MATERIAL",39518,"PAINEL TERMOISOLANTE PARA FECHAMENTOS VERTICAIS (INCLUI PARAFUSOS DE FIXACAO) REVESTIDO EM ACO GALVALUME, LARGURA UTIL DE 1100 MM, REVESTIMENTO COM ESPESSURA DE 0,50 MM, COM PRE-PINTURA NAS DUAS FACES, NUCLEO EM POLIURETANO (PUR) COM ESPESSURA 70/80 MM","M2","CR",0,0,0,212.35]
["MATERIAL",38366,"PAPEL KRAFT BETUMADO","M2","CR",5.01,0,5.46,5.28]
["MATERIAL",11703,"PAPELEIRA DE PAREDE EM METAL CROMADO SEM TAMPA","UN","CR",24.62,20.46,35.97,30.77]
["MATERIAL",37400,"PAPELEIRA PLASTICA TIPO DISPENSER PARA PAPEL HIGIENICO ROLAO","UN","CR",105.1,47.89,35.299999999999997,42.91]
["MATERIAL",25400,"PAR DE TABELAS DE BASQUETE EM COMPENSADO NAVAL, OFICIAL, 1800 X 1200 MM, INCLUINDO ARO DE METAL E REDE EM POLIPROPILENO 100% (SEM SUPORTE DE FIXACAO)","UN","CR",4640.2299999999996,3347.37,2380.65,3207.73]
["MATERIAL",4276,"PARA-RAIOS DE DISTRIBUICAO, TENSAO NOMINAL 15 KV, CORRENTE NOMINAL DE DESCARGA 5 KA","UN","CR",222.91,192.71,156.47999999999999,182.06]
["MATERIAL",4273,"PARA-RAIOS DE DISTRIBUICAO, TENSAO NOMINAL 30 KV, CORRENTE NOMINAL DE DESCARGA 10 KA","UN","CR",404.71,349.88,284.11,330.55]
["MATERIAL",4274,"PARA-RAIOS TIPO FRANKLIN 350 MM, EM LATAO CROMADO, DUAS DESCIDAS, PARA PROTECAO DE EDIFICACOES CONTRA DESCARGAS ATMOSFERICAS","UN","C",148.06,128,103.94,120.93]
["MATERIAL",39438,"PARAFUSO CABECA TROMBETA E PONTA AGULHA (GN55), COMPRIMENTO 55 MM, EM ACO FOSFATIZADO, PARA FIXAR CHAPA DE GESSO EM PERFIL DRYWALL METALICO MAXIMO 0,7 MM","UN","CR",0,0,0,0.33]
["MATERIAL",4379,"PARAFUSO DE ACO ZINCADO COM ROSCA SOBERBA, CABECA CHATA E FENDA SIMPLES, DIAMETRO 2,5 MM, COMPRIMENTO * 9,5 * MM","UN","CR",0,0,0,0.06]
["MATERIAL",4377,"PARAFUSO DE ACO ZINCADO COM ROSCA SOBERBA, CABECA CHATA E FENDA SIMPLES, DIAMETRO 4,2 MM, COMPRIMENTO * 32 * MM","UN","CR",0,0,0,0.24]
["MATERIAL",4356,"PARAFUSO DE ACO ZINCADO COM ROSCA SOBERBA, CABECA CHATA E FENDA SIMPLES, DIAMETRO 4,8 MM, COMPRIMENTO 45 MM","UN","CR",0,0,0,0.33]
["MATERIAL",13246,"PARAFUSO DE ACO ZINCADO, SEXTAVADO, COM ROSCA INTEIRA, DIAMETRO 5/16\", COMPRIMENTO 3/4\", COM PORCA E ARRUELA LISA LEVE","UN","CR",0,0,0,0.57999999999999996]
["MATERIAL",13294,"PARAFUSO DE ACO ZINCADO, SEXTAVADO, COM ROSCA SOBERBA, DIAMETRO 3/8\", COMPRIMENTO 80 MM","UN","CR",0,0,0,1.93]
["MATERIAL",11963,"PARAFUSO DE ACO ZINCADO, TIPO CHUMBADOR PARABOLT, DIAMETRO 1/2\", COMPRIMENTO 75 MM","UN","CR",0,0,0,12.15]
["MATERIAL",11964,"PARAFUSO DE ACO ZINCADO, TIPO CHUMBADOR PARABOLT, DIAMETRO 3/8\", COMPRIMENTO 75 MM","UN","CR",0,0,0,3.07]
["MATERIAL",4346,"PARAFUSO DE FERRO POLIDO, SEXTAVADO, COM ROSCA PARCIAL, DIAMETRO 5/8\", COMPRIMENTO 6\", COM PORCA E ARRUELA DE PRESSAO MEDIA","UN","CR",0,0,0,13.02]
["MATERIAL",11955,"PARAFUSO DE LATAO COM ACABAMENTO CROMADO PARA FIXAR PECA SANITARIA, INCLUI PORCA CEGA, ARRUELA E BUCHA DE NYLON TAMANHO S-10","UN","CR",0,0,0,5.7]
["MATERIAL",11960,"PARAFUSO DE LATAO COM ROSCA SOBERBA, CABECA CHATA E FENDA SIMPLES, DIAMETRO 2,5 MM, COMPRIMENTO 12 MM","UN","CR",0,0,0,0.19]
["MATERIAL",4333,"PARAFUSO DE LATAO COM ROSCA SOBERBA, CABECA CHATA E FENDA SIMPLES, DIAMETRO 3,2 MM, COMPRIMENTO 16 MM","UN","CR",0,0,0,0.33]
["MATERIAL",4358,"PARAFUSO DE LATAO COM ROSCA SOBERBA, CABECA CHATA E FENDA SIMPLES, DIAMETRO 4,8 MM, COMPRIMENTO 65 MM","UN","CR",0,0,0,2.61]
["MATERIAL",39435,"PARAFUSO DRY WALL, EM ACO FOSFATIZADO, CABECA TROMBETA E PONTA AGULHA (TA), COMPRIMENTO 25 MM","UN","CR",0,0,0,0.13]
["MATERIAL",39436,"PARAFUSO DRY WALL, EM ACO FOSFATIZADO, CABECA TROMBETA E PONTA AGULHA (TA), COMPRIMENTO 35 MM","UN","CR",0,0,0,0.22]
["MATERIAL",39437,"PARAFUSO DRY WALL, EM ACO FOSFATIZADO, CABECA TROMBETA E PONTA AGULHA (TA), COMPRIMENTO 45 MM","UN","CR",0,0,0,0.28999999999999998]
["MATERIAL",39439,"PARAFUSO DRY WALL, EM ACO FOSFATIZADO, CABECA TROMBETA E PONTA BROCA (TB), COMPRIMENTO 25 MM","UN","CR",0,0,0,0.2]
["MATERIAL",39440,"PARAFUSO DRY WALL, EM ACO FOSFATIZADO, CABECA TROMBETA E PONTA BROCA (TB), COMPRIMENTO 35 MM","UN","CR",0,0,0,0.26]
["MATERIAL",39441,"PARAFUSO DRY WALL, EM ACO FOSFATIZADO, CABECA TROMBETA E PONTA BROCA (TB), COMPRIMENTO 45 MM","UN","CR",0,0,0,0.33]
["MATERIAL",39442,"PARAFUSO DRY WALL, EM ACO ZINCADO, CABECA LENTILHA E PONTA AGULHA (LA), LARGURA 4,2 MM, COMPRIMENTO 13 MM","UN","CR",0,0,0,0.23]
["MATERIAL",39443,"PARAFUSO DRY WALL, EM ACO ZINCADO, CABECA LENTILHA E PONTA BROCA (LB), LARGURA 4,2 MM, COMPRIMENTO 13 MM","UN","CR",0,0,0,0.31]
["MATERIAL",4329,"PARAFUSO EM ACO GALVANIZADO, TIPO MAQUINA, SEXTAVADO, SEM PORCA, DIAMETRO 1/2\", COMPRIMENTO 2\"","UN","C",0,0,0,2.78]
["MATERIAL",436,"PARAFUSO FRANCES M16 EM ACO GALVANIZADO, COMPRIMENTO = 150 MM, DIAMETRO = 16 MM, CABECA ABAULADA","UN","CR",0,0,0,0]
["MATERIAL",442,"PARAFUSO FRANCES M16 EM ACO GALVANIZADO, COMPRIMENTO = 45 MM, DIAMETRO = 16 MM, CABECA ABAULADA","UN","CR",0,0,0,0]
["MATERIAL",4383,"PARAFUSO FRANCES METRICO ZINCADO, DIAMETRO 12 MM, COMPRIMENTO 140MM, COM PORCA SEXTAVADA E ARRUELA DE PRESSAO MEDIA","UN","CR",0,0,0,25.14]
["MATERIAL",4344,"PARAFUSO FRANCES METRICO ZINCADO, DIAMETRO 12 MM, COMPRIMENTO 150 MM, COM PORCA SEXTAVADA E ARRUELA DE PRESSAO MEDIA","UN","CR",0,0,0,26.34]
["MATERIAL",4335,"PARAFUSO FRANCES ZINCADO, DIAMETRO 1/2\", COMPRIMENTO 12\", COM PORCA E ARRUELA LISA MEDIA","UN","CR",0,0,0,17.690000000000001]
["MATERIAL",4334,"PARAFUSO FRANCES ZINCADO, DIAMETRO 1/2\", COMPRIMENTO 15\", COM PORCA E ARRUELA LISA MEDIA","UN","CR",0,0,0,24.27]
["MATERIAL",11953,"PARAFUSO FRANCES ZINCADO, DIAMETRO 1/2\", COMPRIMENTO 2\", COM PORCA E ARRUELA","UN","CR",0,0,0,4.18]
["MATERIAL",4343,"PARAFUSO FRANCES ZINCADO, DIAMETRO 1/2\", COMPRIMENTO 4\", COM PORCA E ARRUELA","UN","CR",0,0,0,5.97]
["MATERIAL",430,"PARAFUSO M16 EM ACO GALVANIZADO, COMPRIMENTO = 125 MM, DIAMETRO = 16 MM, ROSCA MAQUINA, CABECA QUADRADA","UN","CR",0,0,0,0]
["MATERIAL",441,"PARAFUSO M16 EM ACO GALVANIZADO, COMPRIMENTO = 150 MM, DIAMETRO = 16 MM, ROSCA MAQUINA, CABECA QUADRADA","UN","CR",0,0,0,0]
["MATERIAL",431,"PARAFUSO M16 EM ACO GALVANIZADO, COMPRIMENTO = 200 MM, DIAMETRO = 16 MM, ROSCA MAQUINA, CABECA QUADRADA","UN","CR",0,0,0,0]
["MATERIAL",432,"PARAFUSO M16 EM ACO GALVANIZADO, COMPRIMENTO = 250 MM, DIAMETRO = 16 MM, ROSCA MAQUINA, CABECA QUADRADA","UN","CR",0,0,0,0]
["MATERIAL",429,"PARAFUSO M16 EM ACO GALVANIZADO, COMPRIMENTO = 300 MM, DIAMETRO = 16 MM, ROSCA DUPLA","UN","CR",0,0,0,0]
["MATERIAL",439,"PARAFUSO M16 EM ACO GALVANIZADO, COMPRIMENTO = 300 MM, DIAMETRO = 16 MM, ROSCA MAQUINA, CABECA QUADRADA","UN","CR",0,0,0,0]
["MATERIAL",433,"PARAFUSO M16 EM ACO GALVANIZADO, COMPRIMENTO = 350 MM, DIAMETRO = 16 MM, ROSCA MAQUINA, CABECA QUADRADA","UN","CR",0,0,0,0]
["MATERIAL",437,"PARAFUSO M16 EM ACO GALVANIZADO, COMPRIMENTO = 400 MM, DIAMETRO = 16 MM, ROSCA DUPLA","UN","CR",0,0,0,0]
["MATERIAL",11790,"PARAFUSO M16 EM ACO GALVANIZADO, COMPRIMENTO = 450 MM, DIAMETRO = 16 MM, ROSCA MAQUINA, CABECA QUADRADA","UN","CR",0,0,0,0]
["MATERIAL",428,"PARAFUSO M16 EM ACO GALVANIZADO, COMPRIMENTO = 500 MM, DIAMETRO = 16 MM, ROSCA MAQUINA, COM CABECA SEXTAVADA E PORCA","UN","C",0,0,0,0]
["MATERIAL",4351,"PARAFUSO NIQUELADO 3 1/2\" COM ACABAMENTO CROMADO PARA FIXAR PECA SANITARIA, INCLUI PORCA CEGA, ARRUELA E BUCHA DE NYLON TAMANHO S-8","UN","CR",0,0,0,21.41]
["MATERIAL",4384,"PARAFUSO NIQUELADO COM ACABAMENTO CROMADO PARA FIXAR PECA SANITARIA, INCLUI PORCA CEGA, ARRUELA E BUCHA DE NYLON TAMANHO S-10","UN","CR",0,0,0,28.88]
["MATERIAL",11054,"PARAFUSO ROSCA SOBERBA ZINCADO CABECA CHATA FENDA SIMPLES 3,2 X 20 MM (3/4\")","UN","CR",0.03,0.04,0,0.04]
["MATERIAL",11055,"PARAFUSO ROSCA SOBERBA ZINCADO CABECA CHATA FENDA SIMPLES 3,5 X 25 MM (1\")","UN","CR",0.05,0.06,0,7.0000000000000007E-2]
["MATERIAL",11056,"PARAFUSO ROSCA SOBERBA ZINCADO CABECA CHATA FENDA SIMPLES 3,8 X 30 MM (1.1/4\")","UN","CR",0.06,7.0000000000000007E-2,0,0.08]
["MATERIAL",11057,"PARAFUSO ROSCA SOBERBA ZINCADO CABECA CHATA FENDA SIMPLES 4,8 X 40 MM (1.1/2\")","UN","CR",0.12,0.14000000000000001,0,0.17]
["MATERIAL",11059,"PARAFUSO ROSCA SOBERBA ZINCADO CABECA CHATA FENDA SIMPLES 5,5 X 50 MM (2\")","UN","CR",0.25,0.28999999999999998,0,0.33]
["MATERIAL",11058,"PARAFUSO ROSCA SOBERBA ZINCADO CABECA CHATA FENDA SIMPLES 5,5 X 65 MM (2.1/2\")","UN","CR",0.32,0.37,0,0.43]
["MATERIAL",4320,"PARAFUSO ZINCADO 5/16\" X 250 MM PARA FIXACAO DE TELHA DE FIBROCIMENTO CANALETE 49, INCLUI BUCHA NYLON S-10","UN","CR",2.57,2.97,0,3.43]
["MATERIAL",4318,"PARAFUSO ZINCADO 5/16\" X 85 MM PARA FIXACAO DE TELHA DE FIBROCIMENTO CANALETE 90, INCLUI BUCHA NYLON S-10","UN","CR",1.25,1.45,0,1.67]
["MATERIAL",4380,"PARAFUSO ZINCADO ROSCA SOBERBA 5/16\" X 120 MM PARA TELHA FIBROCIMENTO","UN","CR",1.08,1.25,0,1.44]
["MATERIAL",4299,"PARAFUSO ZINCADO ROSCA SOBERBA, CABECA SEXTAVADA, 5/16\" X 110 MM, PARA FIXACAO DE TELHA EM MADEIRA","UN","C",1.02,1.18,0,1.36]
["MATERIAL",4304,"PARAFUSO ZINCADO ROSCA SOBERBA, CABECA SEXTAVADA, 5/16\" X 150 MM, PARA FIXACAO DE TELHA EM MADEIRA","UN","CR",1.39,1.61,0,1.85]
["MATERIAL",4305,"PARAFUSO ZINCADO ROSCA SOBERBA, CABECA SEXTAVADA, 5/16\" X 180 MM, PARA FIXACAO DE TELHA EM MADEIRA","UN","CR",1.61,1.87,0,2.15]
["MATERIAL",4306,"PARAFUSO ZINCADO ROSCA SOBERBA, CABECA SEXTAVADA, 5/16\" X 200 MM, PARA FIXACAO DE TELHA EM MADEIRA","UN","CR",1.87,2.17,0,2.5]
["MATERIAL",4308,"PARAFUSO ZINCADO ROSCA SOBERBA, CABECA SEXTAVADA, 5/16\" X 230 MM, PARA FIXACAO DE TELHA EM MADEIRA","UN","CR",3.88,4.49,0,5.18]
["MATERIAL",4302,"PARAFUSO ZINCADO ROSCA SOBERBA, CABECA SEXTAVADA, 5/16\" X 250 MM, PARA FIXACAO DE TELHA EM MADEIRA","UN","CR",2.91,3.37,0,3.88]
["MATERIAL",4300,"PARAFUSO ZINCADO ROSCA SOBERBA, CABECA SEXTAVADA, 5/16\" X 50 MM, PARA FIXACAO DE TELHA EM MADEIRA","UN","CR",0.69,0.8,0,0.92]
["MATERIAL",4301,"PARAFUSO ZINCADO ROSCA SOBERBA, CABECA SEXTAVADA, 5/16\" X 85 MM, PARA FIXACAO DE TELHA EM MADEIRA","UN","CR",0.84,0.98,0,1.1299999999999999]
["MATERIAL",40547,"PARAFUSO ZINCADO, AUTOBROCANTE, FLANGEADO, 4,2 MM X 19 MM","CENTO","CR",0,0,0,35.1]
["MATERIAL",11962,"PARAFUSO ZINCADO, SEXTAVADO, COM ROSCA INTEIRA, DIAMETRO 1/4\", COMPRIMENTO 1/2\"","UN","CR",0,0,0,0.28999999999999998]
["MATERIAL",4332,"PARAFUSO ZINCADO, SEXTAVADO, COM ROSCA INTEIRA, DIAMETRO 3/8\", COMPRIMENTO 2\"","UN","CR",0,0,0,1.4]
["MATERIAL",4331,"PARAFUSO ZINCADO, SEXTAVADO, COM ROSCA INTEIRA, DIAMETRO 5/8\", COMPRIMENTO 2 1/4\"","UN","CR",0,0,0,5.26]
["MATERIAL",4336,"PARAFUSO ZINCADO, SEXTAVADO, COM ROSCA INTEIRA, DIAMETRO 5/8\", COMPRIMENTO 3\", COM PORCA E ARRUELA DE PRESSAO MEDIA","UN","CR",0,0,0,6.74]
["MATERIAL",11948,"PARAFUSO ZINCADO, SEXTAVADO, COM ROSCA SOBERBA, DIAMETRO 5/16\", COMPRIMENTO 40 MM","UN","CR",0,0,0,0.87]
["MATERIAL",4382,"PARAFUSO ZINCADO, SEXTAVADO, COM ROSCA SOBERBA, DIAMETRO 5/16\", COMPRIMENTO 80 MM","UN","CR",0,0,0,1.45]
["MATERIAL",4354,"PARAFUSO ZINCADO, SEXTAVADO, GRAU 5, ROSCA INTEIRA, DIAMETRO 1 1/2\", COMPRIMENTO 4\"","UN","CR",0,0,0,60.43]
["MATERIAL",40839,"PARAFUSO, ASTM A307 - GRAU A, SEXTAVADO, ZINCADO, DIAMETRO 3/8\" (9,52 MM), COMPRIMENTO 1\" (25,4 MM)","CENTO","CR",0,0,0,145.41]
["MATERIAL",40552,"PARAFUSO, AUTOATARRAXANTE, CABECA CHATA, FENDA SIMPLES, EM ACO ZINCADO, 1/4\" (6,35 MM) X 25 MM","CENTO","CR",0,0,0,60.17]
["MATERIAL",40549,"PARAFUSO, COMUM, ASTM A307, SEXTAVADO, DIAMETRO 1/2\" (12,7 MM), COMPRIMENTO 1\" (25,4 MM)","CENTO","CR",0,0,0,238.18]
["MATERIAL",4385,"PARALELEPIPEDO GRANITICO OU BASALTICO, PARA PAVIMENTACAO, SEM FRETE (VARIACAO REGIONAL DE PECAS POR M2)","MIL","CR",6068.4,4396.37,10050.780000000001,4736.51]
["MATERIAL",45236,"PASTA ABRASIVA PARA LIMPEZA DE MAOS","KG","CR",17.95,23.97,20.81,22.9]
["MATERIAL",20078,"PASTA LUBRIFICANTE PARA TUBOS E CONEXOES COM JUNTA ELASTICA, EMBALAGEM DE *400* GR (USO EM PVC, ACO, POLIETILENO E OUTROS)","UN","CR",28.42,26.99,30.26,30.42]
["MATERIAL",39897,"PASTA PARA SOLDA DE TUBOS E CONEXOES DE COBRE (EMBALAGEM COM 250 G)","UN","CR",0,0,91.45,0]
["MATERIAL",118,"PASTA VEDA JUNTAS/ROSCA, EMBALAGEM DE *500* G, PARA INSTALACOES DE AGUA, GAS E OUTROS","UN","CR",60.09,57.06,63.98,64.319999999999993]
["MATERIAL",4396,"PASTILHA CERAMICA/PORCELANA, REVEST INT/EXT E PISCINA, CORES BRANCA OU FRIAS, SOLIDAS, SEM MESCLAGEM/MISTURA, ACABAMENTO LISO *2,5 X 2,5* CM","M2","CR",266.36,306.99,316.23,284.58]
["MATERIAL",36881,"PASTILHA CERAMICA/PORCELANA, REVEST INT/EXT E PISCINA, CORES BRANCA OU FRIAS, SOLIDAS, SEM MESCLAGEM/MISTURA, ACABAMENTO LISO *5 X 5* CM","M2","CR",194.46,224.12,230.86,207.76]
["MATERIAL",4397,"PASTILHA CERAMICA/PORCELANA, REVEST INT/EXT E PISCINA, CORES LISAS/SOLIDAS, QUENTES, SEM MESCLAGEM/MISTURA, *2,5 X 2,5* CM","M2","CR",270.8,312.11,321.5,289.33]
["MATERIAL",36882,"PASTILHA CERAMICA/PORCELANA, REVEST INT/EXT E PISCINA, CORES LISAS/SOLIDAS, QUENTES, SEM MESCLAGEM/MISTURA, *5 X 5* CM","M2","CR",198.28,228.53,235.41,211.85]
["MAO DE OBRA",4751,"PASTILHEIRO (HORISTA)","H","CR",24.13,20.86,23.15,24.12]
["MAO DE OBRA",41066,"PASTILHEIRO (MENSALISTA)","MES","CR",4252.4799999999996,3660.12,4126.08,4259.45]
["MATERIAL",39604,"PATCH CORD (CABO DE REDE), CATEGORIA 5 E (CAT 5E) UTP, 24 AWG, 4 PARES, EXTENSAO DE 1,50 M","UN","CR",13.43,15.6,14.98,12.27]
["MATERIAL",39605,"PATCH CORD (CABO DE REDE), CATEGORIA 5 E (CAT 5E) UTP, 24 AWG, 4 PARES, EXTENSAO DE 2,50 M","UN","CR",14.59,16.940000000000001,16.27,13.33]
["MATERIAL",39606,"PATCH CORD (CABO DE REDE), CATEGORIA 6 (CAT 6) UTP, 23 AWG, 4 PARES, EXTENSAO DE 1,50 M","UN","CR",25.54,29.67,28.49,23.35]
["MATERIAL",39607,"PATCH CORD (CABO DE REDE), CATEGORIA 6 (CAT 6) UTP, 23 AWG, 4 PARES, EXTENSAO DE 2,50 M","UN","CR",34.549999999999997,40.14,38.549999999999997,31.59]
["MATERIAL",39594,"PATCH PANEL, 24 PORTAS, CATEGORIA 5E, COM RACKS DE 19\" DE LARGURA E 1 U DE ALTURA","UN","C",394.07,0,0,340.99]
["MATERIAL",39596,"PATCH PANEL, 24 PORTAS, CATEGORIA 6, COM RACKS DE 19\" DE LARGURA E 1 U DE ALTURA","UN","CR",1055.3499999999999,0,0,913.2]
["MATERIAL",39595,"PATCH PANEL, 48 PORTAS, CATEGORIA 5E, COM RACKS DE 19\" DE LARGURA E 2 U DE ALTURA","UN","CR",2371.23,0,0,2051.83]
["MATERIAL",39597,"PATCH PANEL, 48 PORTAS, CATEGORIA 6, COM RACKS DE 19\" DE LARGURA E 2 U DE ALTURA","UN","CR",3719.59,0,0,3218.57]
["MATERIAL",10731,"PEDRA ARDOSIA, CINZA, *40 X 40* CM, E= *1 CM","M2","C",0,0,0,0]
["MATERIAL",4704,"PEDRA ARDOSIA, CINZA, 20 X 40 CM, E= *1 CM","M2","CR",0,0,0,0]
["MATERIAL",10730,"PEDRA ARDOSIA, CINZA, 30 X 30, E= *1 CM","M2","CR",0,0,0,0]
["MATERIAL",4720,"PEDRA BRITADA N. 0, OU PEDRISCO (4,8 A 9,5 MM) POSTO PEDREIRA/FORNECEDOR, SEM FRETE","M3","CR",142.96,165.3,236.78,146.53]
["MATERIAL",4721,"PEDRA BRITADA N. 1 (9,5 A 19 MM) POSTO PEDREIRA/FORNECEDOR, SEM FRETE","M3","CR",123.83,143.16999999999999,205.09,126.92]
["MATERIAL",4718,"PEDRA BRITADA N. 2 (19 A 38 MM) POSTO PEDREIRA/FORNECEDOR, SEM FRETE","M3","C",124.48,143.93,206.17,127.59]
["MATERIAL",4722,"PEDRA BRITADA N. 3 (38 A 50 MM) POSTO PEDREIRA/FORNECEDOR, SEM FRETE","M3","CR",116.97,135.24,193.73,119.89]
["MATERIAL",4730,"PEDRA DE MAO OU PEDRA RACHAO PARA ARRIMO/FUNDACAO (POSTO PEDREIRA/FORNECEDOR, SEM FRETE)","M3","CR",116.39,134.57,192.77,119.3]
["MATERIAL",13186,"PEDRA GRANITICA OU BASALTICA IRREGULAR, FAIXA GRANULOMETRICA 100 A 150 MM PARA PAVIMENTACAO OU CALCAMENTO POLIEDRICO, POSTO PEDREIRA / FORNECEDOR (SEM FRETE)","M3","CR",134.29,155.28,222.43,137.65]
["MATERIAL",10737,"PEDRA GRANITICA OU BASALTO, CACO, RETALHO, CAVACO, TIPO MIRACEMA, MADEIRA, PADUANA, RACHINHA, SANTA ISABEL OU OUTRAS SIMILARES, E= *1,0 A *2,0 CM","M2","CR",0,0,0,0]
["MATERIAL",10734,"PEDRA GRANITICA, SERRADA, TIPO MIRACEMA, MADEIRA, PADUANA, RACHINHA, SANTA ISABEL OU OUTRAS SIMILARES, *11,5 X *23 CM, E= *1,0 A *2,0 CM","M2","CR",0,0,0,0]
["MATERIAL",4708,"PEDRA PORTUGUESA OU PETIT PAVE, BRANCA OU PRETA","M2","CR",0,0,0,0]
["MATERIAL",4712,"PEDRA QUARTZITO OU CALCARIO LAMINADO, CACO, TIPO CARIRI, ITACOLOMI, LAGOA SANTA, LUMINARIA, PIRENOPOLIS, SAO TOME OU OUTRAS SIMILARES DA REGIAO, E= *1,5 A *2,5 CM","M2","CR",0,0,0,0]
["MATERIAL",4710,"PEDRA QUARTZITO OU CALCARIO LAMINADO, SERRADA, TIPO CARIRI, ITACOLOMI, LAGOA SANTA, LUMINARIA, PIRENOPOLIS, SAO TOME OU OUTRAS SIMILARES DA REGIAO, *20 X *40 CM, E= *1,5 A *2,5 CM","M2","CR",0,0,0,0]
["MAO DE OBRA",4750,"PEDREIRO (HORISTA)","H","C",24.13,20.86,23.15,24.12]
["MAO DE OBRA",41065,"PEDREIRO (MENSALISTA)","MES","CR",4252.4799999999996,3660.12,4126.08,4258.84]
["MATERIAL",34747,"PEITORIL EM MARMORE, POLIDO, BRANCO COMUM, L= *15* CM, E= *2,0* CM, COM PINGADEIRA","M","CR",132.13,0,92.64,76.739999999999995]
["MATERIAL",4826,"PEITORIL EM MARMORE, POLIDO, BRANCO COMUM, L= *15* CM, E= *3* CM, CORTE RETO","M","CR",142.08000000000001,0,99.61,82.52]
["MATERIAL",41975,"PEITORIL PRE-MOLDADO EM GRANILITE, MARMORITE OU GRANITINA, L = *15* CM","M2","CR",0,0,0,130.34]
["MATERIAL",4825,"PEITORIL/ SOLEIRA EM MARMORE, POLIDO, BRANCO COMUM, L= *25* CM, E= *3* CM, CORTE RETO","M","CR",196.66,0,137.88,114.22]
["MATERIAL",34744,"PELICULA REFLETIVA, GT 7 ANOS PARA SINALIZACAO VERTICAL","M2","CR",0,0,0,40.869999999999997]
["MATERIAL",39430,"PENDURAL OU PRESILHA REGULADORA, EM ACO GALVANIZADO, COM CORPO, MOLA E REBITE, PARA PERFIL TIPO CANALETA DE ESTRUTURA EM FORROS DRYWALL","UN","CR",1.79,1.41,1.81,1.75]
["MATERIAL",39573,"PENDURAL OU REGULADOR, COM MOLA, EM ACO GALVANIZADO, PARA PERFIL TIPO T CLICADO DE FORROS REMOVIVEL","UN","CR",1.76,1.39,1.78,1.72]
["EQUIPAMENTO (AQUISIÇÃO)",38410,"PENEIRA ROTATIVA COM MOTOR ELETRICO TRIFASICO DE 2 CV, CILINDRO DE 1 M X 0,60 M, COM FUROS DE 3,17 MM","UN","CR",14232.11,17165.099999999999,16569.080000000002,18002.88]
["MATERIAL",43082,"PERFIL \"I\" OU \"W\" EM ACO LAMINADO, QUAISQUER DIMENSOES","KG","C",0,0,0,0]
["MATERIAL",43083,"PERFIL \"U\" ENRIJECIDO, EM CHAPA DOBRADA DE ACO LAMINADO, E = 3,75 MM, H = 200 MM, L = 75 MM (9,94 KG/M)","KG","CR",0,0,0,0]
["MATERIAL",40535,"PERFIL \"U\" SIMPLES, EM CHAPA DOBRADA DE ACO LAMINADO, E = 2,65 MM, H = 75 MM, L = 40 MM (3,04 KG/M)","KG","CR",0,0,0,0]
["MATERIAL",40598,"PERFIL \"U\" SIMPLES, EM CHAPA DOBRADA DE ACO LAMINADO, E = 3 MM, H = 125 MM, L = 50 MM (5,07 KG/M)","KG","CR",0,0,0,0]
["MATERIAL",43692,"PERFIL \"U\" SIMPLES, EM CHAPA DOBRADA DE ACO LAMINADO, E = 3 MM, H = 200 MM, L = 50 MM (6,83 KG/M)","KG","CR",0,0,0,0]
["MATERIAL",43665,"PERFIL \"U\" SIMPLES, EM CHAPA DOBRADA DE ACO LAMINADO, E = 4,75 MM, H = 100 MM, L = 75 MM (8,74 KG/M)","KG","CR",0,0,0,0]
["MATERIAL",10966,"PERFIL \"U\" SIMPLES, EM CHAPA DOBRADA DE ACO LAMINADO, E = 8 MM, H = 150 MM, L = 75 MM (16,97 KG/M)","KG","CR",0,0,0,0]
["MATERIAL",39427,"PERFIL CANALETA, FORMATO C, EM ACO ZINCADO, PARA ESTRUTURA FORRO DRYWALL, E = 0,5 MM, *46 X 18* (L X H), COMPRIMENTO 3 M","M","CR",4.75,3.75,4.82,4.6399999999999997]
["MATERIAL",39424,"PERFIL CANTONEIRA L, LISA, EM ACO, 25 X 30 MM, E = 0,5 MM, PARA ESTRUTURA DRYWALL","M","CR",2.82,2.23,2.86,2.76]
["MATERIAL",39425,"PERFIL CANTONEIRA L, PERFURADA, EM ACO, 23 X 23 MM, E = 0,5 MM, PARA ESTRUTURA DRYWALL","M","CR",2.79,2.2000000000000002,2.83,2.72]
["MATERIAL",40664,"PERFIL CARTOLA DE ACO GALVANIZADO, *20 X 30 X 10* MM, E = 0,8 MM","KG","CR",0,0,0,0]
["MATERIAL",34360,"PERFIL DE ALUMINIO ANODIZADO","KG","CR",0,0,0,67.14]
["MATERIAL",20259,"PERFIL DE BORRACHA EPDM MACICO *12 X 15* MM PARA ESQUADRIAS","M","CR",0,0,0,28.7]
["MATERIAL",14077,"PERFIL ELASTOMERICO PRE-FORMADO EM EPMD, PARA JUNTA DE DILATACAO DE PISOS COM POUCA SOLICITACAO, 15 MM DE LARGURA, MOVIMENTACAO DE *11 A 19* MM","M","CR",0,0,0,439.28]
["MATERIAL",3678,"PERFIL ELASTOMERICO PRE-FORMADO EM EPMD, PARA JUNTA DE DILATACAO DE USO GERAL EM MEDIAS SOLICITACOES, 8 MM DE LARGURA, MOVIMENTACAO DE *5 A 11* MM","M","CR",0,0,0,198.55]
["MATERIAL",11552,"PERFIL EM ALUMINIO, FORMATO U, ABAS IGUAIS, LARGURA DE 12,70 MM (1/2 POL), ESPESSURA 1,58 MM (1/16 POL) E PESO LINEAR DE APROXIMADAMENTE 0,149 KG/M","M","CR",8.16,8.59,7.16,8.02]
["MATERIAL",585,"PERFIL EM ALUMINIO, FORMATO U, ABAS IGUAIS, LARGURA DE 25,4 MM (1\"), ESPESSURA DE 2,38 MM (3/32\") E PESO LINEAR DE APROXIMADAMENTE 0,460 KG/M","KG","CR",0,0,0,53.71]
["MATERIAL",39418,"PERFIL GUIA, FORMATO U, EM ACO ZINCADO, PARA ESTRUTURA PAREDE DRYWALL, E = 0,5 MM, 48 X 3000 MM (L X C)","M","CR",5.3,4.1900000000000004,5.37,5.18]
["MATERIAL",39419,"PERFIL GUIA, FORMATO U, EM ACO ZINCADO, PARA ESTRUTURA PAREDE DRYWALL, E = 0,5 MM, 70 X 3000 MM (L X C)","M","CR",6.46,5.0999999999999996,6.55,6.31]
["MATERIAL",39420,"PERFIL GUIA, FORMATO U, EM ACO ZINCADO, PARA ESTRUTURA PAREDE DRYWALL, E = 0,5 MM, 90 X 3000 MM (L X C)","M","CR",7.13,5.63,7.23,6.96]
["MATERIAL",39571,"PERFIL LONGARINA (PRINCIPAL), T CLICADO, EM ACO, BRANCO NAS FACES APARENTES, PARA FORRO REMOVIVEL, 24 X 32 X 3750 MM (L X H X C","M","CR",4.3099999999999996,3.4,4.37,4.21]
["MATERIAL",39421,"PERFIL MONTANTE, FORMATO C, EM ACO ZINCADO, PARA ESTRUTURA PAREDE DRYWALL, E = 0,5 MM, 48 X 3000 MM (L X C)","M","CR",6.28,4.96,6.36,6.13]
["MATERIAL",39422,"PERFIL MONTANTE, FORMATO C, EM ACO ZINCADO, PARA ESTRUTURA PAREDE DRYWALL, E = 0,5 MM, 70 X 3000 MM (L X C)","M","C",7.33,5.79,7.43,7.16]
["MATERIAL",39423,"PERFIL MONTANTE, FORMATO C, EM ACO ZINCADO, PARA ESTRUTURA PAREDE DRYWALL, E = 0,5 MM, 90 X 3000 MM (L X C)","M","CR",8.51,6.72,8.6199999999999992,8.31]
["MATERIAL",39426,"PERFIL RODAPE DE IMPERMEABILIZACAO, FORMATO L, EM ACO ZINCADO, PARA ESTRUTURA DRYWALL, E = 0,5 MM, 220 X 3000 MM (H X C)","M","CR",19.13,15.11,19.39,18.690000000000001]
["MATERIAL",39429,"PERFIL TABICA ABERTA, PERFURADA, FORMATO Z, EM ACO GALVANIZADO NATURAL, LARGURA APROXIMADA 40 MM, PARA ESTRUTURA FORRO DRYWALL","M","CR",6.03,4.76,6.11,5.89]
["MATERIAL",39428,"PERFIL TABICA FECHADA, LISA, FORMATO Z, EM ACO GALVANIZADO NATURAL, LARGURA TOTAL NA HORIZONTAL *40* MM, PARA ESTRUTURA FORRO DRYWALL","M","CR",4.6100000000000003,3.64,4.67,4.5]
["MATERIAL",39572,"PERFIL TIPO CANTONEIRA EM L, EM ACO GALVANIZADO, BRANCO, PARA FORRO REMOVIVEL, *23* X 3000 MM (L X C)","M","CR",3.99,3.15,4.04,3.9]
["MATERIAL",39570,"PERFIL TRAVESSA (SECUNDARIO), T CLICADO, EM ACO GALVANIZADO, BRANCO, PARA FORRO REMOVIVEL, 24 X 1250 MM (L X C)","M","CR",4.2300000000000004,3.34,4.29,4.13]
["MATERIAL",39569,"PERFIL TRAVESSA (SECUNDARIO), T CLICADO, EM ACO GALVANIZADO, BRANCO, PARA FORRO REMOVIVEL, 24 X 625 MM (L X C)","M","CR",4.18,3.3,4.24,4.08]
["MATERIAL",39328,"PERFILADO PERFURADO 19 X 38 MM, CHAPA 22","M","CR",4.32,3.41,4.38,4.22]
["MATERIAL",39029,"PERFILADO PERFURADO DUPLO 38 X 76 MM, CHAPA 22","M","CR",13.51,10.67,13.69,13.19]
["MATERIAL",39028,"PERFILADO PERFURADO SIMPLES 38 X 38 MM, CHAPA 22","M","CR",7.86,6.21,7.97,7.68]
["EQUIPAMENTO (AQUISIÇÃO)",38541,"PERFURATRIZ COM TORRE METALICA PARA EXECUCAO DE ESTACA HELICE CONTINUA, PROFUNDIDADE MAXIMA DE 30 M, DIAMETRO MAXIMO DE 800 MM, POTENCIA INSTALADA DE 268 HP, MESA ROTATIVA COM TORQUE MAXIMO DE 170 KNM","UN","CR",0,0,0,4554054.04]
["EQUIPAMENTO (AQUISIÇÃO)",38542,"PERFURATRIZ COM TORRE METALICA PARA EXECUCAO DE ESTACA HELICE CONTINUA, PROFUNDIDADE MAXIMA DE 32 M, DIAMETRO MAXIMO DE 1000 MM, POTENCIA INSTALADA DE 350 HP, MESA ROTATIVA COM TORQUE MAXIMO DE 263 KNM","UN","CR",0,0,0,6982882.8899999997]
["EQUIPAMENTO (AQUISIÇÃO)",45080,"PERFURATRIZ DE COROA DIAMANTADA PARA CONCRETO, DIAMETRO ATE 250 MM, MOTOR ELETRICO 220 V, POTENCIA 2.500W","UN","CR",0,0,0,15122.7]
["EQUIPAMENTO (AQUISIÇÃO)",38543,"PERFURATRIZ HIDRAULICA COM TRADO CURTO ACOPLADO, PROFUNDIDADE MAXIMA DE 20 M, DIAMETRO MAXIMO DE 1500 MM, POTENCIA INSTALADA DE 137 HP, MESA ROTATIVA COM TORQUE MAXIMO DE 30 KNM (INCLUI MONTAGEM, NAO INCLUI CAMINHAO)","UN","CR",0,0,0,1421882.7]
["EQUIPAMENTO (AQUISIÇÃO)",44002,"PERFURATRIZ HIDRAULICA SOBRE ESTEIRA, TORQUE MAXIMO 161 KNM, PROFUNDIDADE MAXIMA 54 M, DIAMETRO MAXIMO 1500 MM, POTENCIA MOTOR 268 HP","UN","CR",0,0,0,6641531.21]
["EQUIPAMENTO (AQUISIÇÃO)",43886,"PERFURATRIZ HIDRAULICA SOBRE ESTEIRA, TORQUE MAXIMO 98 KNM, PROFUNDIDADE MAXIMA 25 M, DIAMETRO MAXIMO 115 MM, POTENCIA MOTOR 190 HP","UN","CR",0,0,0,3223261.26]
["EQUIPAMENTO (AQUISIÇÃO)",40406,"PERFURATRIZ MANUAL, TORQUE MAXIMO 55 KGF.M, POTENCIA 5 CV, COM DIAMETRO MAXIMO 8 1/2\" (INCLUI SUPORTE/CHASSI TIPO MESA)","UN","CR",{"$error":"#N/A"},{"$error":"#N/A"},{"$error":"#N/A"},{"$error":"#N/A"}]
["EQUIPAMENTO (AQUISIÇÃO)",40789,"PERFURATRIZ MANUAL, TORQUE MAXIMO 83 N.M, POTENCIA 5 CV, COM DIAMETRO MAXIMO 4\" (NAO INCLUI SUPORTE / CHASSI)","UN","CR",0,29689.64,0,20714.45]
["EQUIPAMENTO (AQUISIÇÃO)",40791,"PERFURATRIZ MANUAL, TORQUE MAXIMO 83 N.M, POTENCIA 5 CV, COM DIAMETRO MAXIMO 4\", PARA SOLO GRAMPEADO (INCLUI SUPORTE OU CHASSI TIPO MESA)","UN","CR",0,64020.42,0,44667.02]
["EQUIPAMENTO (AQUISIÇÃO)",44003,"PERFURATRIZ PARA EXECUCAO DE ESTACAS SECANTES, TIPO HELICE CONTINUA COM CABECOTE DUPLO E TUBO METALICO 300 KW","UN","CR",0,0,0,9229549.5800000001]
["EQUIPAMENTO (AQUISIÇÃO)",44548,"PERFURATRIZ PARA FURO DIRECIONAL HORIZONTAL (HDD) COM CAPACIDADE ATE 89 KN, POTENCIA 24,8 HP A 80 HP (INCLUSO FERRAMENTAS E LOCALIZADOR), PARA REDE SUBTERRANEA","UN","CR",0,0,0,2822612.83]
["EQUIPAMENTO (AQUISIÇÃO)",44550,"PERFURATRIZ PARA FURO DIRECIONAL HORIZONTAL (HDD) COM CAPACIDADE DE 201 KN A 560 KN, POTENCIA 200 HP A 260 HP (INCLUSO FERRAMENTAS E LOCALIZADOR), PARA REDE SUBTERRANEA","UN","CR",0,0,0,8855509.9100000001]
["EQUIPAMENTO (AQUISIÇÃO)",44549,"PERFURATRIZ PARA FURO DIRECIONAL HORIZONTAL (HDD) COM CAPACIDADE DE 90 KN A 200 KN, POTENCIA 100 HP A 160 HP (INCLUSO FERRAMENTAS E LOCALIZADOR), PARA REDE SUBTERRANEA","UN","CR",0,0,0,6475591.6500000004]
["EQUIPAMENTO (AQUISIÇÃO)",11651,"PERFURATRIZ PNEUMATICA MANUAL DE PESO MEDIO, 18KG, COMPRIMENTO DE CURSO DE 6 M, DIAMETRO DO PISTAO DE 5,5 CM","UN","CR",{"$error":"#N/A"},{"$error":"#N/A"},{"$error":"#N/A"},{"$error":"#N/A"}]
["EQUIPAMENTO (AQUISIÇÃO)",41982,"PERFURATRIZ ROTATIVA SOBRE ESTEIRA, TORQUE MAXIMO 2500 KGM, POTENCIA 110 HP, MOTOR DIESEL","UN","CR",0,0,0,1720420.38]
["EQUIPAMENTO (AQUISIÇÃO)",39012,"PERFURATRIZ SOBRE ESTEIRA, TORQUE MAXIMO 600 KGF, PESO MEDIO 1000 KG, POTENCIA 20 HP, DIAMETRO MAXIMO 10\"","UN","CR",0,0,0,1009481.98]
["EQUIPAMENTO (AQUISIÇÃO)",40435,"PERFURATRIZ SOBRE ESTEIRA, TORQUE MAXIMO DE 600 KGF, POTENCIA ENTRE 50 E 60 HP, DIAMETRO MAXIMO DE 10\"","UN","CR",0,0,0,1019355.15]
["MATERIAL",45265,"PERNEIRA DE RASPA COM VELCRO","PAR","CR",28.7,39.32,32.71,32.43]
["EQUIPAMENTO (AQUISIÇÃO)",13617,"PICAPE CABINE SIMPLES COM MOTOR 1.6 FLEX, CAMBIO MANUAL, POTENCIA 101/104 CV, 2 PORTAS","UN","CR",100824.76,100824.76,100824.76,100824.76]
["MATERIAL",35274,"PILAR QUADRADO NAO APARELHADO *10 X 10* CM, EM MACARANDUBA/MASSARANDUBA, ANGELIM OU EQUIVALENTE DA REGIAO - BRUTA","M","CR",41.86,51.38,50.39,68.510000000000005]
["MATERIAL",35275,"PILAR QUADRADO NAO APARELHADO *15 X 15* CM, EM MACARANDUBA/MASSARANDUBA, ANGELIM OU EQUIVALENTE DA REGIAO - BRUTA","M","CR",88.86,109.06,106.96,145.41]
["MATERIAL",35276,"PILAR QUADRADO NAO APARELHADO *20 X 20* CM, EM MACARANDUBA/MASSARANDUBA, ANGELIM OU EQUIVALENTE DA REGIAO - BRUTA","M","CR",154.62,189.76,186.1,253.01]
["MATERIAL",11091,"PINGADEIRA PLASTICA PARA TELHA DE FIBROCIMENTO CANALETE 49/KALHETA OU CANALETE 90/KALHETAO","UN","CR",1.24,1.44,0,1.66]
["MATERIAL",37586,"PINO DE ACO COM ARRUELA CONICA, DIAMETRO ARRUELA = *23* MM E COMP HASTE = *27* MM (ACAO INDIRETA)","CENTO","CR",0,0,0,103.03]
["MATERIAL",37395,"PINO DE ACO COM FURO, HASTE = 27 MM (ACAO DIRETA)","CENTO","CR",0,0,0,88.59]
["MATERIAL",14147,"PINO DE ACO COM ROSCA 1/4\", COMPRIMENTO DA HASTE = 30 MM E ROSCA = 20 MM (ACAO DIRETA)","CENTO","CR",0,0,0,117.51]
["MATERIAL",37396,"PINO DE ACO LISO 1/4\", HASTE = *36,5* MM (ACAO DIRETA)","CENTO","CR",0,0,0,72.489999999999995]
["MATERIAL",37397,"PINO DE ACO LISO 1/4\", HASTE = *53* MM (ACAO DIRETA)","CENTO","CR",0,0,0,75.930000000000007]
["MATERIAL",43606,"PINO GUIA RETO, EM LATAO, CHAPA COM 3 MM DE ESPESSURA E GUIA COM ROLETE DE 9 MM","UN","CR",9.7799999999999994,10.3,8.58,9.61]
["MATERIAL",444,"PINO ROSCA EXTERNA, EM ACO GALVANIZADO, PARA ISOLADOR DE 15KV, DIAMETRO 25 MM, COMPRIMENTO *290* MM","UN","CR",38.49,56.48,48.6,0]
["MATERIAL",445,"PINO ROSCA EXTERNA, EM ACO GALVANIZADO, PARA ISOLADOR DE 25KV, DIAMETRO 35MM, COMPRIMENTO *320* MM","UN","CR",52.69,77.31,66.53,0]
["MAO DE OBRA",4783,"PINTOR (HORISTA)","H","C",24.13,23.64,23.15,24.12]
["MAO DE OBRA",41079,"PINTOR (MENSALISTA)","MES","CR",4252.4799999999996,4148.1400000000003,4126.08,4258.84]
["MAO DE OBRA",12874,"PINTOR DE LETREIROS (HORISTA)","H","CR",23.42,22.94,22.48,23.41]
["MAO DE OBRA",41082,"PINTOR DE LETREIROS (MENSALISTA)","MES","CR",4129.45,4028.12,4006.71,4135.62]
["MAO DE OBRA",4785,"PINTOR PARA TINTA EPOXI (HORISTA)","H","CR",24.13,23.64,23.15,24.12]
["MAO DE OBRA",41081,"PINTOR PARA TINTA EPOXI (MENSALISTA)","MES","CR",4252.4799999999996,4148.1400000000003,4126.08,4258.84]
["MATERIAL",4801,"PISO DE BORRACHA CANELADO EM PLACAS 50 X 50 CM, E = *3,5* MM, PARA COLA","M2","CR",77.290000000000006,84.79,75.510000000000005,80.39]
["MATERIAL",4794,"PISO DE BORRACHA ESPORTIVO EM PLACAS 50 X 50 CM, E = 15 MM, PARA ARGAMASSA, PRETO","M2","CR",352,386.19,343.92,366.13]
["MATERIAL",4796,"PISO DE BORRACHA FRISADO OU PASTILHADO, PRETO, EM PLACAS 50 X 50 CM, E = 7 MM, PARA ARGAMASSA","M2","CR",213.8,234.57,208.89,222.39]
["MATERIAL",4800,"PISO DE BORRACHA PASTILHADO EM PLACAS 50 X 50 CM, E = *3,5* MM, PARA COLA, PRETO","M2","CR",58.79,64.510000000000005,57.44,61.16]
["MATERIAL",4795,"PISO DE BORRACHA PASTILHADO EM PLACAS 50 X 50 CM, E = 15 MM, PARA ARGAMASSA, PRETO","M2","CR",342.65,375.93,334.79,356.41]
["SERVIÇOS",39694,"PISO ELEVADO COM 2 PLACAS DE ACO COM ENCHIMENTO DE CONCRETO CELULAR, INCLUSO BASE/HASTE/CRUZETAS, 60 X 60 CM, H = *28* CM, RESISTENCIA CARGA CONCENTRADA 496 KG (COM COLOCACAO)","M2","CR",325.13,384.81,298.42,376.96]
["MATERIAL",1292,"PISO EM CERAMICA ESMALTADA, COR LISA, PEI MAIOR OU IGUAL A 4, FORMATO MAIOR QUE 2025 CM2","M2","CR",39.299999999999997,45.3,46.66,41.99]
["MATERIAL",1287,"PISO EM CERAMICA ESMALTADA, COR LISA, PEI MAIOR OU IGUAL A 4, FORMATO MENOR OU IGUAL A 2025 CM2","M2","CR",31.47,36.270000000000003,37.36,33.619999999999997]
["MATERIAL",4786,"PISO EM GRANILITE, MARMORITE OU GRANITINA, AGREGADO COR PRETO, CINZA, PALHA OU BRANCO, E= *8* MM (INCLUSO EXECUCAO)","M2","C",0,0,0,149.9]
["MATERIAL",10840,"PISO EM GRANITO, POLIDO, TIPO AMENDOA/ AMARELO CAPRI/ AMARELO DOURADO CARIOCA OU OUTROS EQUIVALENTES DA REGIAO, FORMATO MENOR OU IGUAL A 3025 CM2, E= *2* CM","M2","C",390,0,351.55,311.67]
["MATERIAL",10841,"PISO EM GRANITO, POLIDO, TIPO ANDORINHA/ QUARTZ/ CASTELO/ CORUMBA OU OUTROS EQUIVALENTES DA REGIAO, FORMATO MENOR OU IGUAL A 3025 CM2, E= *2* CM","M2","CR",294.33,0,265.32,235.22]
["MATERIAL",44540,"PISO EM GRANITO, POLIDO, TIPO MARFIM, DALLAS, CARAVELAS OU OUTROS EQUIVALENTES DA REGIAO, FORMATO MENOR OU IGUAL A 3025 CM2, E= *2*CM","M2","CR",376.1,0,339.02,300.56]
["MATERIAL",10842,"PISO EM GRANITO, POLIDO, TIPO PRETO SAO GABRIEL/ TIJUCA OU OUTROS EQUIVALENTES DA REGIAO, FORMATO MENOR OU IGUAL A 3025 CM2, E= *2* CM","M2","CR",425.15,0,383.24,339.76]
["MATERIAL",45190,"PISO EM PORCELANATO, RETIFICADO, LISO, MONOCOLOR, ACETINADO OU POLIDO, FORMATO MAIOR QUE 2500 ATE 6400 CM2","M2","C",64.900000000000006,74.8,77.05,69.34]
["MATERIAL",45191,"PISO EM PORCELANATO,RETIFICADO, LISO, MONOCOLOR, ACETINADO OU POLIDO, FORMATO MAIOR QUE 6400 CM2","M2","CR",110.1,126.9,130.71,117.63]
["MATERIAL",38180,"PISO EM REGUA VINILICA SEMIFLEXIVEL, ENCAIXE CLICADO, E = 4 MM (SEM COLOCACAO)","M2","CR",172.13,188.85,168.18,179.05]
["SERVIÇOS",40648,"PISO EPOXI AUTONIVELANTE, ESPESSURA *4* MM (INCLUSO EXECUCAO)","M2","CR",0,0,0,287.8]
["SERVIÇOS",40649,"PISO EPOXI MULTILAYER, ESPESSURA *2* MM (INCLUSO EXECUCAO)","M2","CR",0,0,0,167.64]
["MATERIAL",40650,"PISO FULGET (GRANITO LAVADO) EM PLACAS DE *40 X 40* CM, E = 2,0 CM (SEM COLOCACAO)","M2","CR",0,0,0,215.85]
["MATERIAL",40651,"PISO FULGET (GRANITO LAVADO) EM PLACAS DE *75 X 75* CM, E = 2,0 CM (SEM COLOCACAO)","M2","CR",0,0,0,398.13]
["SERVIÇOS",40652,"PISO FULGET (GRANITO LAVADO) MOLDADO IN LOCO (INCLUSO EXECUCAO)","M2","CR",0,0,0,213.45]
["SERVIÇOS",40647,"PISO INDUSTRIAL EM CONCRETO ARMADO DE ACABAMENTO POLIDO, ESPESSURA 12 CM (CIMENTO QUEIMADO) (INCLUSO EXECUCAO)","M2","CR",0,0,0,235.04]
["SERVIÇOS",40653,"PISO KORODUR (INCLUSO EXECUCAO)","M2","CR",0,0,0,179.88]
["MATERIAL",38135,"PISO TATIL / PODOTATIL, LADRILHO HIDRAULICO / CONCRETO, *25 X 25* CM, E= *2,5* CM, PADRAO TATIL ALERTA OU DIRECIONAL, COR AMARELA","M2","CR",108.84,124.68,105.41,88.33]
["MATERIAL",36178,"PISO TATIL / PODOTATIL, LADRILHO HIDRAULICO/CONCRETO, *40 X 40* CM, E= 2,5* CM, PADRAO TATIL ALERTA OU DIRECIONAL, COR NATURAL","UN","CR",18.2,20.85,17.63,14.77]
["MATERIAL",38181,"PISO TATIL ALERTA OU DIRECIONAL, DE BORRACHA, COLORIDO, 25 X 25 CM, E = 5 MM, PARA COLA","M2","CR",234.99,257.81,229.6,244.43]
["MATERIAL",38182,"PISO TATIL DE ALERTA OU DIRECIONAL DE BORRACHA, PRETO, 25 X 25 CM, E = 5 MM, PARA COLA","M2","CR",223.84,245.58,218.7,232.83]
["MATERIAL",38186,"PISO TATIL DE ALERTA OU DIRECIONAL, DE BORRACHA, COLORIDO, 25 X 25 CM, E = 12 MM, PARA ARGAMASSA","M2","CR",581.83000000000004,638.35,568.48,605.20000000000005]
["MATERIAL",38185,"PISO TATIL DE ALERTA OU DIRECIONAL, DE BORRACHA, PRETO, 25 X 25 CM, E = 12 MM, PARA ARGAMASSA","M2","CR",518.03,568.35,506.15,538.84]
["SERVIÇOS",40654,"PISO URETANO, VERSAO REVESTIMENTO AUTONIVELANTE, ESPESSURA VARIAVEL DE 3 A 4 MM (INCLUSO EXECUCAO)","M2","CR",0,0,0,279.41000000000003]
["MATERIAL",44541,"PISO/ REVESTIMENTO EM GRANITO, POLIDO, TIPO ANDORINHA/ QUARTZ/ CASTELO/ CORUMBA OU OUTROS EQUIVALENTES DA REGIAO, FORMATO MAIOR OU IGUAL A 3025 CM2, E = *2*CM","M2","CR",310.69,0,280.06,248.29]
["MATERIAL",4822,"PISO/ REVESTIMENTO EM MARMORE, POLIDO, BRANCO COMUM, FORMATO MAIOR OU IGUAL A 3025 CM2, E = *2* CM","M2","CR",544.36,0,381.65,316.17]
["MATERIAL",4818,"PISO/ REVESTIMENTO EM MARMORE, POLIDO, BRANCO COMUM, FORMATO MENOR OU IGUAL A 3025 CM2, E = *2* CM","M2","C",559.53,0,392.29,324.98]
["MATERIAL",39567,"PLACA / CHAPA DE GESSO ACARTONADO, ACABAMENTO VINILICO LISO EM UMA DAS FACES, COR BRANCA, BORDA QUADRADA, E = 9,5 MM, *625 X 1250* MM (L X C), PARA FORRO REMOVIVEL","M2","CR",43.01,43.99,40.49,44.08]
["MATERIAL",39566,"PLACA / CHAPA DE GESSO ACARTONADO, ACABAMENTO VINILICO LISO EM UMA DAS FACES, COR BRANCA, BORDA QUADRADA, E = 9,5 MM, *625 X 625* MM (L X C), PARA FORRO REMOVIVEL","M2","CR",45.52,46.56,42.86,46.65]
["MATERIAL",39416,"PLACA / CHAPA DE GESSO ACARTONADO, RESISTENTE A UMIDADE (RU), COR VERDE, E = 12,5 MM, 1200 X 1800 MM (L X C)","M2","CR",27.75,28.37,26.12,28.43]
["MATERIAL",39417,"PLACA / CHAPA DE GESSO ACARTONADO, RESISTENTE A UMIDADE (RU), COR VERDE, E = 12,5 MM, 1200 X 2400 MM (L X C)","M2","CR",27.06,27.68,25.48,27.73]
["MATERIAL",43742,"PLACA / CHAPA DE GESSO ACARTONADO, RESISTENTE A UMIDADE (RU), COR VERDE, E = 15 MM, 1200 X 2400 MM (L X C)","M2","CR",29.19,29.85,27.48,29.91]
["MATERIAL",39414,"PLACA / CHAPA DE GESSO ACARTONADO, RESISTENTE AO FOGO (RF), COR ROSA, E = 12,5 MM, 1200 X 1800 MM (L X C)","M2","CR",26.28,26.87,24.74,26.93]
["MATERIAL",39415,"PLACA / CHAPA DE GESSO ACARTONADO, RESISTENTE AO FOGO (RF), COR ROSA, E = 12,5 MM, 1200 X 2400 MM (L X C)","M2","CR",22.65,23.16,21.32,23.21]
["MATERIAL",43740,"PLACA / CHAPA DE GESSO ACARTONADO, RESISTENTE AO FOGO (RF), COR ROSA, E = 15 MM, 1200 X 2400 MM (L X C)","M2","CR",27.66,28.29,26.04,28.34]
["MATERIAL",39412,"PLACA / CHAPA DE GESSO ACARTONADO, STANDARD (ST), COR BRANCA, E = 12,5 MM, 1200 X 1800 MM (L X C)","M2","C",18.97,19.399999999999999,17.86,19.440000000000001]
["MATERIAL",39413,"PLACA / CHAPA DE GESSO ACARTONADO, STANDARD (ST), COR BRANCA, E = 12,5 MM, 1200 X 2400 MM (L X C)","M2","CR",20.51,20.98,19.309999999999999,21.02]
["MATERIAL",43741,"PLACA / CHAPA DE GESSO ACARTONADO, STANDARD (ST), COR BRANCA, E = 15 MM, 1200 X 2400 MM (L X C)","M2","CR",21.87,22.36,20.59,22.41]
["MATERIAL",11062,"PLACA CIMENTICIA LISA E = 10 MM, DE 1,20 X *2,50* M (SEM AMIANTO)","M2","CR",52.06,71.430000000000007,39.64,43.82]
["MATERIAL",11063,"PLACA CIMENTICIA LISA E = 6 MM, DE 1,20 X *2,50* M (SEM AMIANTO)","M2","CR",31.86,43.71,24.26,26.82]
["MATERIAL",13521,"PLACA DE ACO ESMALTADA PARA IDENTIFICACAO DE RUA, *45 CM X 20* CM","UN","CR",0,0,0,145.03]
["MATERIAL",10851,"PLACA DE ACRILICO TRANSPARENTE ADESIVADA PARA SINALIZACAO DE PORTAS, BORDA POLIDA, DE *25 X 8*, E = 6 MM (NAO INCLUI ACESSORIOS PARA FIXACAO)","UN","CR",0,0,0,73.44]
["MATERIAL",39515,"PLACA DE FIBRA MINERAL PARA FORRO, DE 1250 X 625 MM, E = 15 MM, BORDA RETA, COM PINTURA ANTIMOFO (NAO INCLUI PERFIS)","UN","CR",0,0,0,0]
["MATERIAL",39516,"PLACA DE FIBRA MINERAL PARA FORRO, DE 625 X 625 MM, E = 15 MM, BORDA REBAIXADA PARA PERFIL 24 MM, COM PINTURA ANTIMOFO (NAO INCLUI PERFIS)","UN","CR",0,0,0,0]
["MATERIAL",39514,"PLACA DE FIBRA MINERAL PARA FORRO, DE 625 X 625 MM, E = 15 MM, BORDA RETA, COM PINTURA ANTIMOFO (NAO INCLUI PERFIS)","UN","C",0,0,0,0]
["MATERIAL",4812,"PLACA DE GESSO PARA FORRO, *60 X 60* CM, ESPESSURA DE 12 MM (SEM COLOCACAO)","M2","CR",11.38,11.64,10.71,11.66]
["MATERIAL",10849,"PLACA DE INAUGURACAO EM BRONZE *35X 50*CM","UN","CR",0,0,0,2109.62]
["MATERIAL",10848,"PLACA DE INAUGURACAO METALICA, *40* CM X *60* CM","UN","CR",0,0,0,1325.1]
["MATERIAL",4813,"PLACA DE OBRA (PARA CONSTRUCAO CIVIL) EM CHAPA GALVANIZADA *N. 22*, ADESIVADA, DE *2,4 X 1,2* M (SEM POSTES PARA FIXACAO)","M2","C",0,0,0,439.5]
["MATERIAL",37560,"PLACA DE SINALIZACAO DE SEGURANCA CONTRA INCENDIO - ALERTA, TRIANGULAR, BASE DE *30* CM, EM PVC *2* MM ANTI-CHAMAS (SIMBOLOS, CORES E PICTOGRAMAS CONFORME NBR 16820)","UN","CR",29.53,29.53,49.21,19.68]
["MATERIAL",37557,"PLACA DE SINALIZACAO DE SEGURANCA CONTRA INCENDIO, FOTOLUMINESCENTE, QUADRADA, *14 X 14* CM, EM PVC *2* MM ANTI-CHAMAS (SIMBOLOS, CORES E PICTOGRAMAS CONFORME NBR 16820)","UN","CR",8.9600000000000009,8.9600000000000009,14.94,5.97]
["MATERIAL",37556,"PLACA DE SINALIZACAO DE SEGURANCA CONTRA INCENDIO, FOTOLUMINESCENTE, QUADRADA, *20 X 20* CM, EM PVC *2* MM ANTI-CHAMAS (SIMBOLOS, CORES E PICTOGRAMAS CONFORME NBR 16820)","UN","CR",17.350000000000001,17.350000000000001,28.91,11.56]
["MATERIAL",37559,"PLACA DE SINALIZACAO DE SEGURANCA CONTRA INCENDIO, FOTOLUMINESCENTE, RETANGULAR, *12 X 40* CM, EM PVC *2* MM ANTI-CHAMAS (SIMBOLOS, CORES E PICTOGRAMAS CONFORME NBR 16820)","UN","CR",21.28,21.28,35.47,14.18]
["MATERIAL",37539,"PLACA DE SINALIZACAO DE SEGURANCA CONTRA INCENDIO, FOTOLUMINESCENTE, RETANGULAR, *13 X 26* CM, EM PVC *2* MM ANTI-CHAMAS (SIMBOLOS, CORES E PICTOGRAMAS CONFORME NBR 16820)","UN","C",15,15,25,10]
["MATERIAL",37558,"PLACA DE SINALIZACAO DE SEGURANCA CONTRA INCENDIO, FOTOLUMINESCENTE, RETANGULAR, *20 X 40* CM, EM PVC *2* MM ANTI-CHAMAS (SIMBOLOS, CORES E PICTOGRAMAS CONFORME NBR 16820)","UN","CR",27.96,27.96,46.61,18.64]
["MATERIAL",34723,"PLACA DE SINALIZACAO EM CHAPA DE ACO NUM 16 COM PINTURA REFLETIVA","M2","CR",0,0,0,1015.25]
["MATERIAL",34721,"PLACA DE SINALIZACAO EM CHAPA DE ALUMINIO COM PINTURA REFLETIVA, E = 2 MM","M2","CR",0,0,0,1265.77]
["MATERIAL",4309,"PLACA DE VENTILACAO PARA TELHA DE FIBROCIMENTO CANALETE 49 KALHETA","UN","CR",5.58,6.46,0,7.44]
["MATERIAL",4307,"PLACA DE VENTILACAO PARA TELHA DE FIBROCIMENTO, CANALETE 90 OU KALHETAO","UN","CR",9.5500000000000007,11.05,0,12.73]
["MATERIAL",10850,"PLACA NUMERACAO RESIDENCIAL EM CHAPA GALVANIZADA ESMALTADA 12 X 18 CM","UN","CR",0,0,0,65.92]
["MATERIAL",42438,"PLACA ORIENTATIVA SOBRE EXERCICIOS, 2,00 M X 1,00 M (CHAPA GALVANIZADA #20), ESTRUTURA EM TUBOS REDONDOS DE ACO CARBONO, PINTURA NO PROCESSO ELETROSTATICO, ADESIVO FRENTE E VERSO - PARA ACADEMIA AO AR LIVRE / ACADEMIA DA TERCEIRA IDADE - ATI","UN","CR",0,0,0,0]
["MATERIAL",4792,"PLACA VINILICA SEMIFLEXIVEL PARA PISOS, E = 3,2 MM, 30 X 30 CM (SEM COLOCACAO)","M2","CR",165.24,181.29,161.44999999999999,171.88]
["MATERIAL",4790,"PLACA VINILICA SEMIFLEXIVEL PARA REVESTIMENTO DE PISOS E PAREDES, E = 2 MM (SEM COLOCACAO)","M2","C",99.35,109,97.07,103.34]
["MATERIAL",40671,"PLACA/PISO DE CONCRETO POROSO/ PAVIMENTO PERMEAVEL/BLOCO DRENANTE DE CONCRETO, *40 X 40* CM, E = 6 CM, COR NATURAL","M2","CR",113.46,129.97,109.89,92.08]
["MATERIAL",7552,"PLACA/TAMPA CEGA EM LATAO ESCOVADO PARA CONDULETE EM LIGA DE ALUMINIO 4 X 4\"","UN","CR",21.32,15.32,20.2,31.65]
["MATERIAL",4893,"PLUG OU BUJAO DE FERRO GALVANIZADO, DE 1 1/2\"","UN","CR",0,13.65,0,14.09]
["MATERIAL",4894,"PLUG OU BUJAO DE FERRO GALVANIZADO, DE 1 1/4\"","UN","CR",0,11.71,0,12.09]
["MATERIAL",4890,"PLUG OU BUJAO DE FERRO GALVANIZADO, DE 1\"","UN","CR",0,7.5,0,7.74]
["MATERIAL",4888,"PLUG OU BUJAO DE FERRO GALVANIZADO, DE 1/2\"","UN","CR",0,3.99,0,4.12]
["MATERIAL",12411,"PLUG OU BUJAO DE FERRO GALVANIZADO, DE 2 1/2\"","UN","CR",0,40.369999999999997,0,41.66]
["MATERIAL",4891,"PLUG OU BUJAO DE FERRO GALVANIZADO, DE 2\"","UN","CR",0,20.18,0,20.83]
["MATERIAL",4892,"PLUG OU BUJAO DE FERRO GALVANIZADO, DE 3\"","UN","CR",0,56.53,0,58.34]
["MATERIAL",4889,"PLUG OU BUJAO DE FERRO GALVANIZADO, DE 3/4\"","UN","CR",0,5.39,0,5.57]
["MATERIAL",12412,"PLUG OU BUJAO DE FERRO GALVANIZADO, DE 4\"","UN","CR",0,105.07,0,108.43]
["MATERIAL",4907,"PLUG PVC, JE, DN 100 MM, PARA REDE COLETORA ESGOTO","UN","CR",23.12,21.21,21.44,22.37]
["MATERIAL",4902,"PLUG PVC, JE, DN 150 MM, PARA REDE COLETORA ESGOTO","UN","CR",59.96,55.03,55.63,58.04]
["MATERIAL",4741,"PO DE PEDRA (POSTO PEDREIRA/FORNECEDOR, SEM FRETE)","M3","CR",116.97,135.24,193.73,119.89]
["MAO DE OBRA",4752,"POCEIRO / ESCAVADOR DE VALAS E TUBULOES (HORISTA)","H","CR",16.05,17.61,19.09,22.37]
["MAO DE OBRA",41091,"POCEIRO / ESCAVADOR DE VALAS E TUBULOES (MENSALISTA)","MES","CR",2832.15,3091.68,3403.52,3949.02]
["EQUIPAMENTO (AQUISIÇÃO)",13954,"POLIDORA DE PISO (POLITRIZ) ELETRICA, MOTOR MONOFASICO DE 4 HP, PESO DE 100 KG, DIAMETRO DO TRABALHO DE 450 MM","UN","CR",0,0,0,0]
["MATERIAL",3411,"POLIESTIRENO EXPANDIDO/EPS (ISOPOR), PEROLAS, PARA CONCRETO LEVE","KG","CR",0,0,0,35.770000000000003]
["MATERIAL",39995,"POLIESTIRENO EXPANDIDO/EPS (ISOPOR), TIPO 2F, BLOCO","M3","CR",0,0,0,275.23]
["MATERIAL",11615,"POLIESTIRENO EXPANDIDO/EPS (ISOPOR), TIPO 2F, PLACA, ISOLAMENTO TERMOACUSTICO, E = 10 MM, 1000 X 500 MM","M2","CR",0,0,0,2.33]
["MATERIAL",3408,"POLIESTIRENO EXPANDIDO/EPS (ISOPOR), TIPO 2F, PLACA, ISOLAMENTO TERMOACUSTICO, E = 20 MM, 1000 X 500 MM","M2","C",0,0,0,6.2]
["MATERIAL",3409,"POLIESTIRENO EXPANDIDO/EPS (ISOPOR), TIPO 2F, PLACA, ISOLAMENTO TERMOACUSTICO, E = 50 MM, 1000 X 500 MM","M2","CR",0,0,0,15.5]
["MATERIAL",11427,"POLVORA NEGRA","KG","CR",0,0,0,0]
["MATERIAL",4491,"PONTALETE *7,5 X 7,5* CM EM PINUS, MISTA OU EQUIVALENTE DA REGIAO - BRUTA","M","CR",10.25,9.75,7.6,7.88]
["MATERIAL",2745,"PONTALETE ROLICO SEM TRATAMENTO, D = 8 A 11 CM, H = 3 M, EM EUCALIPTO OU EQUIVALENTE DA REGIAO - BRUTA (PARA ESCORAMENTO)","M","CR",4.0999999999999996,0,3.67,3.15]
["MATERIAL",14439,"PONTALETE ROLICO SEM TRATAMENTO, D = 8 A 11 CM, H = 6 M, EM EUCALIPTO OU EQUIVALENTE DA REGIAO - BRUTA (PARA ESCORAMENTO)","M","CR",5.08,0,4.55,3.91]
["MATERIAL",45238,"PONTEIRO DE ACO, LISO, REDONDO, 3/4\" X 10\"","UN","CR",26.1,32.549999999999997,25.43,28.3]
["MATERIAL",44496,"PONTEIRO PARA MARTELO ROMPEDOR, DIAMETRO = *28* MM, COMPRIMENTO = *520* MM, ENCAIXE SEXTAVADO","UN","CR",178.45,222.6,173.87,193.5]
["MATERIAL",12362,"PORCA OLHAL EM ACO GALVANIZADO, ESPESSURA 16MM, ABERTURA 21MM","UN","CR",20.92,30.69,26.41,0]
["MATERIAL",421,"PORCA OLHAL M 16, EM ACO GALVANIZADO, DIAMETRO = 16 MM","UN","CR",0,0,0,0]
["MATERIAL",14148,"PORCA UNIAO/JUNCAO ZINCADA SEXTAVADA 1/4\", CHAVE 7/16\", COMPRIMENTO = 25 MM","UN","CR",0,0,0,2]
["MATERIAL",4341,"PORCA ZINCADA, QUADRADA, DIAMETRO 3/8\"","UN","CR",0,0,0,1.3]
["MATERIAL",4337,"PORCA ZINCADA, QUADRADA, DIAMETRO 5/8\"","UN","CR",0,0,0,3.28]
["MATERIAL",11971,"PORCA ZINCADA, SEXTAVADA, DIAMETRO 1\"","UN","CR",0,0,0,5.43]
["MATERIAL",4339,"PORCA ZINCADA, SEXTAVADA, DIAMETRO 1/2\"","UN","CR",0,0,0,0.7]
["MATERIAL",39997,"PORCA ZINCADA, SEXTAVADA, DIAMETRO 1/4\"","UN","CR",0,0,0,0.39]
["MATERIAL",4342,"PORCA ZINCADA, SEXTAVADA, DIAMETRO 3/8\"","UN","CR",0,0,0,0.28999999999999998]
["MATERIAL",4330,"PORCA ZINCADA, SEXTAVADA, DIAMETRO 5/16\"","UN","CR",0,0,0,0.19]
["MATERIAL",4340,"PORCA ZINCADA, SEXTAVADA, DIAMETRO 5/8\"","UN","CR",0,0,0,1.52]
["MATERIAL",5088,"PORTA CADEADO EM ACO GALVANIZADO, COMPRIMENTO DE 3 1/2\"","UN","CR",7.63,8.0399999999999991,6.69,7.5]
["MATERIAL",11154,"PORTA CORTA-FOGO SIMPLES PARA SAIDA DE EMERGENCIA, 1 FOLHA DE ABRIR, 5 CM, ACABAMENTO NATURAL / SEM PINTURA, COM FECHADURA TIPO TRINCO, DOBRADICAS E BATENTE, VAO LUZ DE 90 X 210 CM, CLASSE P-90 (NBR 11742)","UN","CR",669.07,0,1363.17,1187.42]
["MATERIAL",4989,"PORTA DE ABRIR / GIRO, DE MADEIRA FOLHA MEDIA (NBR 15930) DE 1000 X 2100 MM, DE 35 MM A 40 MM DE ESPESSURA, NUCLEO SEMI-SOLIDO (SARRAFEADO), CAPA LISA EM HDF, ACABAMENTO EM LAMINADO NATURAL PARA VERNIZ","UN","CR",349.12,371.29,387.24,326.49]
["MATERIAL",4982,"PORTA DE ABRIR / GIRO, DE MADEIRA FOLHA MEDIA (NBR 15930) DE 1000 X 2100 MM, DE 35 MM A 40 MM DE ESPESSURA, NUCLEO SEMI-SOLIDO (SARRAFEADO), CAPA LISA EM HDF, ACABAMENTO EM PRIMER PARA PINTURA","UN","CR",327.45999999999998,348.25,363.21,306.23]
["MATERIAL",4962,"PORTA DE ABRIR / GIRO, DE MADEIRA FOLHA MEDIA (NBR 15930) DE 700 X 2100 MM, DE 35 MM A 40 MM DE ESPESSURA, NUCLEO SEMI-SOLIDO (SARRAFEADO), CAPA FRISADA EM HDF, ACABAMENTO MELAMINICO EM PADRAO MADEIRA","UN","CR",258.24,274.64,286.43,241.5]
["MATERIAL",4981,"PORTA DE ABRIR / GIRO, DE MADEIRA FOLHA MEDIA (NBR 15930) DE 700 X 2100 MM, DE 35 MM A 40 MM DE ESPESSURA, NUCLEO SEMI-SOLIDO (SARRAFEADO), CAPA LISA EM HDF, ACABAMENTO EM LAMINADO NATURAL PARA VERNIZ","UN","C",229.9,244.5,255,215]
["MATERIAL",4964,"PORTA DE ABRIR / GIRO, DE MADEIRA FOLHA MEDIA (NBR 15930) DE 800 X 2100 MM, DE 35 MM A 40 MM DE ESPESSURA, NUCLEO SEMI-SOLIDO (SARRAFEADO), CAPA FRISADA EM HDF, ACABAMENTO MELAMINICO EM PADRAO MADEIRA","UN","CR",291.66000000000003,310.18,323.5,272.75]
["MATERIAL",4992,"PORTA DE ABRIR / GIRO, DE MADEIRA FOLHA MEDIA (NBR 15930) DE 800 X 2100 MM, DE 35 MM A 40 MM DE ESPESSURA, NUCLEO SEMI-SOLIDO (SARRAFEADO), CAPA LISA EM HDF, ACABAMENTO EM LAMINADO NATURAL PARA VERNIZ","UN","CR",284.89999999999998,302.99,316,266.43]
["MATERIAL",4987,"PORTA DE ABRIR / GIRO, DE MADEIRA FOLHA MEDIA (NBR 15930) DE 900 X 2100 MM, DE 35 MM A 40 MM DE ESPESSURA, NUCLEO SEMI-SOLIDO (SARRAFEADO), CAPA LISA EM HDF, ACABAMENTO EM LAMINADO NATURAL PARA VERNIZ","UN","CR",325.94,346.64,361.53,304.82]
["MATERIAL",4930,"PORTA DE ABRIR / GIRO, EM GRADIL FERRO, COM BARRA CHATA 3 CM X 1/4\", COM REQUADRO E GUARNICAO - COMPLETO - ACABAMENTO NATURAL","M2","CR",283.39,0,577.39,502.95]
["MATERIAL",4998,"PORTA DE ABRIR / GIRO, EM MADEIRA MACICA (ANGELIM OU EQUIVALENTE REGIONAL), QUALQUER DESENHO (VERTICAL/DIAGONAL/HORIZ.), E = *3,5* CM, DIMENSOES 2,10 X 0,70 (SOMENTE FOLHA DE PORTA, ACABAMENTO NATURAL)","M2","CR",0,0,0,1014.64]
["MATERIAL",39021,"PORTA DE ABRIR EM ACO, COM DIVISAO HORIZONTAL PARA VIDROS, 90 X 210 CM, COM FUNDO ANTICORROSIVO/PRIMER DE PROTECAO, INCLUI FECHADURA, MACANETA E PARAFUSO, SEM GUARNICAO/ALIZAR/VISTA, VIDROS NAO INCLUSOS","UN","CR",301.32,0,613.91,534.76]
["MATERIAL",39022,"PORTA DE ABRIR EM ACO, TIPO VENEZIANA, 90 X 210 CM, COM FUNDO ANTICORROSIVO / PRIMER DE PROTECAO, INCLUI FECHADURA, MACANETA E PARAFUSOS, SEM GUARNICAO/ALIZAR/VISTA","UN","C",269.89999999999998,0,549.9,479]
["MATERIAL",39024,"PORTA DE ABRIR EM ALUMINIO COM DIVISAO HORIZONTAL PARA VIDROS, ACABAMENTO ANODIZADO NATURAL, VIDROS INCLUSOS, SEM GUARNICAO/ALIZAR/VISTA, 87 CM X 210 CM","UN","CR",0,0,608.5,0]
["MATERIAL",4914,"PORTA DE ABRIR EM ALUMINIO COM LAMBRI HORIZONTAL/LAMINADA, ACABAMENTO ANODIZADO NATURAL, SEM GUARNICAO/ALIZAR/VISTA","M2","CR",0,0,493.39,0]
["MATERIAL",4917,"PORTA DE ABRIR EM ALUMINIO TIPO VENEZIANA, ACABAMENTO ANODIZADO NATURAL, SEM GUARNICAO/ALIZAR/VISTA","M2","C",0,0,340.74,0]
["MATERIAL",39025,"PORTA DE ABRIR, TIPO VENEZIANA, EM ALUMINIO, ACABAMENTO ANODIZADO NATURAL, 90 CM X 210 CM (LARGURA X ALTURA), SEM GUARNICAO/ALIZAR/VISTA","UN","CR",0,0,623.96,0]
["MATERIAL",4922,"PORTA DE CORRER EM ALUMINIO, DUAS FOLHAS MOVEIS COM VIDRO, FECHADURA E PUXADOR EMBUTIDO, ACABAMENTO ANODIZADO NATURAL, SEM GUARNICAO/ALIZAR/VISTA","M2","CR",0,0,316.06,0]
["MATERIAL",4911,"PORTA DE ENROLAR MANUAL COMPLETA, ARTICULADA RAIADA LARGA, EM ACO GALVANIZADO NATURAL, CHAPA NUMERO 24 (SEM INSTALACAO)","M2","CR",0,0,309.95999999999998,323.95999999999998]
["MATERIAL",37518,"PORTA DE ENROLAR MANUAL COMPLETA, PERFIL MEIA CANA CEGA, EM ACO GALVANIZADO COM PINTURA ELETROSTATICA, CHAPA NUMERO 24\" (SEM INSTALACAO)","M2","CR",0,0,503.68,526.42999999999995]
["MATERIAL",4910,"PORTA DE ENROLAR MANUAL COMPLETA, PERFIL MEIA CANA CEGA, EM ACO GALVANIZADO NATURAL, CHAPA NUMERO 24 (SEM INSTALACAO)","M2","CR",0,0,424.61,443.79]
["MATERIAL",4943,"PORTA DE ENROLAR MANUAL COMPLETA, PERFIL MEIA CANA VAZADA TIJOLINHO, EM ACO GALVANIZADO NATURAL, CHAPA NUMERO 24 (SEM INSTALACAO)","M2","CR",0,0,632.57000000000005,661.14]
["MATERIAL",5002,"PORTA DE MADEIRA QUADRICULADA PARA VIDRO, DE CORRER (EUCALIPTO OU EQUIVALENTE REGIONAL), E = *3,5* CM","M2","CR",0,0,0,739.65]
["MATERIAL",4977,"PORTA DE MADEIRA TIPO VENEZIANA (EUCALIPTO OU EQUIVALENTE REGIONAL), E = *3,5* CM","M2","CR",0,0,0,499.29]
["MATERIAL",11364,"PORTA DE MADEIRA, FOLHA LEVE (NBR 15930) DE 600 X 2100 MM, DE 35 MM A 40 MM DE ESPESSURA, NUCLEO COLMEIA, CAPA LISA EM HDF, ACABAMENTO EM PRIMER PARA PINTURA","UN","CR",197.5,210.05,219.07,184.7]
["MATERIAL",11365,"PORTA DE MADEIRA, FOLHA LEVE (NBR 15930) DE 700 X 2100 MM, DE 35 MM A 40 MM DE ESPESSURA, NUCLEO COLMEIA, CAPA LISA EM HDF, ACABAMENTO EM PRIMER PARA PINTURA","UN","CR",204.96,217.98,227.34,191.68]
["MATERIAL",11366,"PORTA DE MADEIRA, FOLHA LEVE (NBR 15930) DE 800 X 2100 MM, DE 35 MM A 40 MM DE ESPESSURA, NUCLEO COLMEIA, CAPA LISA EM HDF, ACABAMENTO EM PRIMER PARA PINTURA","UN","CR",217.87,231.71,241.66,203.75]
["MATERIAL",43777,"PORTA DE MADEIRA, FOLHA LEVE (NBR 15930), DE 600 X 2100 MM, E = 35 MM, NUCLEO COLMEIA, CAPA LISA EM HDF, ACABAMENTO MELAMINICO EM PADRAO MADEIRA","UN","CR",255.92,272.18,283.86,239.34]
["MATERIAL",20322,"PORTA DE MADEIRA, FOLHA MEDIA (NBR 15930) DE 600 X 2100 MM, DE 35 MM A 40 MM DE ESPESSURA, NUCLEO SEMI-SOLIDO (SARRAFEADO), CAPA FRISADA EM HDF, ACABAMENTO MELAMINICO EM PADRAO MADEIRA","UN","CR",237.57,252.66,263.51,222.18]
["MATERIAL",10553,"PORTA DE MADEIRA, FOLHA MEDIA (NBR 15930) DE 600 X 2100 MM, DE 35 MM A 40 MM DE ESPESSURA, NUCLEO SEMI-SOLIDO (SARRAFEADO), CAPA LISA EM HDF, ACABAMENTO EM PRIMER PARA PINTURA","UN","CR",215.72,229.42,239.27,201.74]
["MATERIAL",5020,"PORTA DE MADEIRA, FOLHA MEDIA (NBR 15930) DE 600 X 2100 MM, DE 35 MM A 40 MM DE ESPESSURA, NUCLEO SEMI-SOLIDO (SARRAFEADO), CAPA LISA EM HDF, ACABAMENTO LAMINADO NATURAL PARA VERNIZ","UN","CR",227.43,241.88,252.26,212.69]
["MATERIAL",10554,"PORTA DE MADEIRA, FOLHA MEDIA (NBR 15930) DE 700 X 2100 MM, DE 35 MM A 40 MM DE ESPESSURA, NUCLEO SEMI-SOLIDO (SARRAFEADO), CAPA LISA EM HDF, ACABAMENTO EM PRIMER PARA PINTURA","UN","CR",217.63,231.45,241.39,203.52]
["MATERIAL",10555,"PORTA DE MADEIRA, FOLHA MEDIA (NBR 15930) DE 800 X 2100 MM, DE 35 MM A 40 MM DE ESPESSURA, NUCLEO SEMI-SOLIDO (SARRAFEADO), CAPA LISA EM HDF, ACABAMENTO EM PRIMER PARA PINTURA","UN","CR",237.33,252.4,263.24,221.95]
["MATERIAL",10556,"PORTA DE MADEIRA, FOLHA MEDIA (NBR 15930) DE 900 X 2100 MM, DE 35 MM A 40 MM DE ESPESSURA, NUCLEO SEMI-SOLIDO (SARRAFEADO), CAPA LISA EM HDF, ACABAMENTO EM PRIMER PARA PINTURA","UN","CR",315.56,335.6,350.01,295.11]
["MATERIAL",39502,"PORTA DE MADEIRA, FOLHA PESADA (NBR 15930) DE 800 X 2100 MM, DE 40 MM A 45 MM DE ESPESSURA, NUCLEO SOLIDO, CAPA LISA EM HDF, ACABAMENTO EM LAMINADO NATURAL PARA VERNIZ","UN","CR",443.12,471.26,491.5,414.4]
["MATERIAL",39504,"PORTA DE MADEIRA, FOLHA PESADA (NBR 15930) DE 800 X 2100 MM, DE 40 MM A 45 MM DE ESPESSURA, NUCLEO SOLIDO, CAPA LISA EM HDF, ACABAMENTO EM PRIMER PARA PINTURA","UN","CR",490,521.12,543.5,458.25]
["MATERIAL",39503,"PORTA DE MADEIRA, FOLHA PESADA (NBR 15930) DE 900 X 2100 MM, DE 40 MM A 45 MM DE ESPESSURA, NUCLEO SOLIDO, CAPA LISA EM HDF, ACABAMENTO EM LAMINADO NATURAL PARA VERNIZ","UN","CR",515.71,548.46,572.02,482.29]
["MATERIAL",39505,"PORTA DE MADEIRA, FOLHA PESADA (NBR 15930) DE 900 X 2100 MM, DE 40 MM A 45 MM DE ESPESSURA, NUCLEO SOLIDO, CAPA LISA EM HDF, ACABAMENTO EM PRIMER PARA PINTURA","UN","CR",555.75,591.04999999999995,616.42999999999995,519.73]
["MATERIAL",5028,"PORTA DE MADEIRA-DE-LEI QUADRICULADA PARA VIDRO, DE CORRER (ANGELIM OU EQUIVALENTE REGIONAL), E = *3,5* CM","M2","CR",0,0,0,1221.69]
["MATERIAL",4969,"PORTA DE MADEIRA-DE-LEI TIPO VENEZIANA (ANGELIM OU EQUIVALENTE REGIONAL), E = *3,5* CM","M2","C",0,0,0,706.15]
["EQUIPAMENTO (AQUISIÇÃO)",44471,"PORTA DENTE PARA FRESADORA","UN","CR",0,0,0,0]
["MATERIAL",4944,"PORTA GRADE DE ENROLAR MANUAL COMPLETA, PERFIL TUBULAR TIJOLINHO 3/4\", EM ACO GALVANIZADO NATURAL (SEM INSTALACAO)","M2","CR",0,0,945.69,988.4]
["MATERIAL",21102,"PORTA TOALHA BANHO EM METAL CROMADO, TIPO BARRA","UN","CR",29.29,24.34,42.8,36.61]
["MATERIAL",21101,"PORTA TOALHA ROSTO EM METAL CROMADO, TIPO ARGOLA","UN","CR",18.8,15.63,27.48,23.51]
["MATERIAL",34713,"PORTA VIDRO TEMPERADO INCOLOR, 2 FOLHAS DE CORRER, E = 10 MM (SEM FERRAGENS E SEM COLOCACAO)","M2","CR",236.22,510.49,313.77999999999997,223.15]
["MATERIAL",37563,"PORTAO BASCULANTE, MANUAL, EM ACO GALVANIZADO, CHAPA 26, TIPO LAMBRIL, COM REQUADRO, ACABAMENTO NATURAL","M2","CR",311.83,0,635.34,553.41999999999996]
["MATERIAL",4948,"PORTAO DE ABRIR / GIRO, EM GRADIL DE METALON REDONDO DE 3/4\" VERTICAL, COM REQUADRO, ACABAMENTO NATURAL - COMPLETO","M2","CR",271.3,0,552.76,481.49]
["MATERIAL",37561,"PORTAO DE CORRER EM CHAPA TIPO PAINEL LAMBRIL QUADRADO, COM PORTA SOCIAL COMPLETA INCLUIDA, COM REQUADRO, ACABAMENTO NATURAL, COM TRILHOS E ROLDANAS","M2","CR",253.03,0,515.53,449.06]
["MATERIAL",37562,"PORTAO DE CORRER EM GRADIL FIXO DE BARRA DE FERRO CHATA DE 3 X 1/4\" NA VERTICAL, SEM REQUADRO, ACABAMENTO NATURAL, COM TRILHOS E ROLDANAS","M2","CR",331.75,0,675.91,588.77]
["MATERIAL",14164,"POSTE CONICO CONTINUO EM ACO GALVANIZADO, CURVO, BRACO DUPLO, ENGASTADO, H = 9 M, DIAMETRO INFERIOR/BASE = *135* MM","UN","CR",0,0,0,0]
["MATERIAL",14163,"POSTE CONICO CONTINUO EM ACO GALVANIZADO, CURVO, BRACO DUPLO, FLANGEADO, H = 9 M, DIAMETRO INFERIOR = *135* MM","UN","CR",0,0,0,0]
["MATERIAL",5051,"POSTE CONICO CONTINUO EM ACO GALVANIZADO, CURVO, BRACO SIMPLES, ENGASTADO, H = 9 M, DIAMETRO INFERIOR = *135* MM","UN","CR",0,0,0,0]
["MATERIAL",5052,"POSTE CONICO CONTINUO EM ACO GALVANIZADO, CURVO, BRACO SIMPLES, FLANGEADO, H = 7 M, DIAMETRO INFERIOR = *125* MM","UN","C",0,0,0,0]
["MATERIAL",14162,"POSTE CONICO CONTINUO EM ACO GALVANIZADO, CURVO, BRACO SIMPLES, FLANGEADO, H = 9 M, DIAMETRO INFERIOR = *135* MM","UN","CR",0,0,0,0]
["MATERIAL",14166,"POSTE CONICO CONTINUO EM ACO GALVANIZADO, RETO, ENGASTADO, H = 7 M, DIAMETRO INFERIOR = *125* MM","UN","CR",0,0,0,0]
["MATERIAL",14165,"POSTE CONICO CONTINUO EM ACO GALVANIZADO, RETO, ENGASTADO, H = 9 M, DIAMETRO INFERIOR = *145* MM","UN","CR",0,0,0,0]
["MATERIAL",5050,"POSTE CONICO CONTINUO EM ACO GALVANIZADO, RETO, FLANGEADO, H = 3 M, DIAMETRO INFERIOR = *95* MM","UN","CR",0,0,0,0]
["MATERIAL",12366,"POSTE DE CONCRETO ARMADO DE SECAO CIRCULAR, EXTENSAO DE 10,00 M, RESISTENCIA DE 150 A 200 DAN, TIPO C-14","UN","CR",0,0,0,1589.61]
["MATERIAL",5045,"POSTE DE CONCRETO ARMADO DE SECAO CIRCULAR, EXTENSAO DE 11,00 M, RESISTENCIA DE 200 A 300 DAN, TIPO C-14","UN","CR",0,0,0,2195.96]
["MATERIAL",5035,"POSTE DE CONCRETO ARMADO DE SECAO CIRCULAR, EXTENSAO DE 11,00 M, RESISTENCIA DE 300 A 400 DAN, TIPO C-17","UN","CR",0,0,0,2524.83]
["MATERIAL",41180,"POSTE DE CONCRETO ARMADO DE SECAO CIRCULAR, EXTENSAO DE 13,00 M, RESISTENCIA DE 1000 DAN, TIPO C-23","UN","CR",0,0,0,5675.77]
["MATERIAL",41181,"POSTE DE CONCRETO ARMADO DE SECAO CIRCULAR, EXTENSAO DE 13,00 M, RESISTENCIA DE 1500 DAN, TIPO C-29","UN","CR",0,0,0,7514.54]
["MATERIAL",41182,"POSTE DE CONCRETO ARMADO DE SECAO CIRCULAR, EXTENSAO DE 13,00 M, RESISTENCIA DE 2000 DAN, TIPO C-29","UN","CR",0,0,0,10780.23]
["MATERIAL",41183,"POSTE DE CONCRETO ARMADO DE SECAO CIRCULAR, EXTENSAO DE 13,00 M, RESISTENCIA DE 2500 DAN, TIPO C-29","UN","CR",0,0,0,13459.33]
["MATERIAL",41184,"POSTE DE CONCRETO ARMADO DE SECAO CIRCULAR, EXTENSAO DE 13,00 M, RESISTENCIA DE 3000 DAN, TIPO C-29","UN","CR",0,0,0,20492.66]
["MATERIAL",41185,"POSTE DE CONCRETO ARMADO DE SECAO CIRCULAR, EXTENSAO DE 14,00 M, RESISTENCIA DE 1000 DAN, TIPO C-23","UN","CR",0,0,0,7599.6]
["MATERIAL",41186,"POSTE DE CONCRETO ARMADO DE SECAO CIRCULAR, EXTENSAO DE 14,00 M, RESISTENCIA DE 1500 DAN, TIPO C-29","UN","CR",0,0,0,10649.96]
["MATERIAL",41187,"POSTE DE CONCRETO ARMADO DE SECAO CIRCULAR, EXTENSAO DE 14,00 M, RESISTENCIA DE 2000 DAN, TIPO C-29","UN","CR",0,0,0,14282.48]
["MATERIAL",41188,"POSTE DE CONCRETO ARMADO DE SECAO CIRCULAR, EXTENSAO DE 14,00 M, RESISTENCIA DE 2500 DAN, TIPO C-29","UN","CR",0,0,0,18264.11]
["MATERIAL",5036,"POSTE DE CONCRETO ARMADO DE SECAO CIRCULAR, EXTENSAO DE 14,00 M, RESISTENCIA DE 300 A 400 DAN, TIPO C-17","UN","CR",0,0,0,3873.54]
["MATERIAL",41189,"POSTE DE CONCRETO ARMADO DE SECAO CIRCULAR, EXTENSAO DE 14,00 M, RESISTENCIA DE 3000 DAN, TIPO C-29","UN","CR",0,0,0,23480.42]
["MATERIAL",41190,"POSTE DE CONCRETO ARMADO DE SECAO CIRCULAR, EXTENSAO DE 15,00 M, RESISTENCIA DE 1000 DAN, TIPO C-23","UN","CR",0,0,0,8165.67]
["MATERIAL",41191,"POSTE DE CONCRETO ARMADO DE SECAO CIRCULAR, EXTENSAO DE 15,00 M, RESISTENCIA DE 1500 DAN, TIPO C-29","UN","CR",0,0,0,12521.74]
["MATERIAL",41192,"POSTE DE CONCRETO ARMADO DE SECAO CIRCULAR, EXTENSAO DE 15,00 M, RESISTENCIA DE 2000 DAN, TIPO C-29","UN","CR",0,0,0,13053.82]
["MATERIAL",41193,"POSTE DE CONCRETO ARMADO DE SECAO CIRCULAR, EXTENSAO DE 15,00 M, RESISTENCIA DE 2500 DAN, TIPO C-29","UN","CR",0,0,0,21329.52]
["MATERIAL",41194,"POSTE DE CONCRETO ARMADO DE SECAO CIRCULAR, EXTENSAO DE 15,00 M, RESISTENCIA DE 3000 DAN, TIPO C-29","UN","CR",0,0,0,25450.95]
["MATERIAL",5044,"POSTE DE CONCRETO ARMADO DE SECAO CIRCULAR, EXTENSAO DE 9,00 M, RESISTENCIA DE 200 A 300 DAN, TIPO C-14","UN","CR",0,0,0,1369.52]
["MATERIAL",5059,"POSTE DE CONCRETO ARMADO DE SECAO CIRCULAR, EXTENSAO DE 9,00 M, RESISTENCIA DE 300 A 400 DAN, TIPO C-17","UN","CR",0,0,0,1637.78]
["MATERIAL",41201,"POSTE DE CONCRETO ARMADO DE SECAO DUPLO T, EXTENSAO DE 10,00 M, RESISTENCIA DE 1000 DAN, TIPO B-1,5","UN","CR",0,0,0,3323.74]
["MATERIAL",41199,"POSTE DE CONCRETO ARMADO DE SECAO DUPLO T, EXTENSAO DE 10,00 M, RESISTENCIA DE 150 DAN, TIPO D","UN","CR",0,0,0,1068.04]
["MATERIAL",5057,"POSTE DE CONCRETO ARMADO DE SECAO DUPLO T, EXTENSAO DE 10,00 M, RESISTENCIA DE 300 A 400 DAN, TIPO B OU D","UN","CR",0,0,0,1445.93]
["MATERIAL",41200,"POSTE DE CONCRETO ARMADO DE SECAO DUPLO T, EXTENSAO DE 10,00 M, RESISTENCIA DE 600 DAN, TIPO B","UN","CR",0,0,0,2078.79]
["MATERIAL",41205,"POSTE DE CONCRETO ARMADO DE SECAO DUPLO T, EXTENSAO DE 11,00 M, RESISTENCIA DE 1000 DAN, TIPO B-1,5","UN","CR",0,0,0,3851.95]
["MATERIAL",41202,"POSTE DE CONCRETO ARMADO DE SECAO DUPLO T, EXTENSAO DE 11,00 M, RESISTENCIA DE 150 DAN, TIPO D","UN","CR",0,0,0,1124.02]
["MATERIAL",41206,"POSTE DE CONCRETO ARMADO DE SECAO DUPLO T, EXTENSAO DE 11,00 M, RESISTENCIA DE 1500 DAN, TIPO B-3,0","UN","CR",0,0,0,5078.62]
["MATERIAL",12372,"POSTE DE CONCRETO ARMADO DE SECAO DUPLO T, EXTENSAO DE 11,00 M, RESISTENCIA DE 200 DAN, TIPO D","UN","CR",0,0,0,1180.23]
["MATERIAL",41207,"POSTE DE CONCRETO ARMADO DE SECAO DUPLO T, EXTENSAO DE 11,00 M, RESISTENCIA DE 2000 DAN, TIPO B-4,5","UN","CR",0,0,0,6836.83]
["MATERIAL",41203,"POSTE DE CONCRETO ARMADO DE SECAO DUPLO T, EXTENSAO DE 11,00 M, RESISTENCIA DE 300 DAN, TIPO B","UN","CR",0,0,0,1800.56]
["MATERIAL",41204,"POSTE DE CONCRETO ARMADO DE SECAO DUPLO T, EXTENSAO DE 11,00 M, RESISTENCIA DE 600 DAN, TIPO B","UN","CR",0,0,0,2545.54]
["MATERIAL",41210,"POSTE DE CONCRETO ARMADO DE SECAO DUPLO T, EXTENSAO DE 12,00 M, RESISTENCIA DE 1000 DAN, TIPO B-1,5","UN","CR",0,0,0,4252.26]
["MATERIAL",41208,"POSTE DE CONCRETO ARMADO DE SECAO DUPLO T, EXTENSAO DE 12,00 M, RESISTENCIA DE 150 DAN, TIPO D","UN","CR",0,0,0,1488.54]
["MATERIAL",41211,"POSTE DE CONCRETO ARMADO DE SECAO DUPLO T, EXTENSAO DE 12,00 M, RESISTENCIA DE 1500 DAN, TIPO B-3,0","UN","CR",0,0,0,5991.37]
["MATERIAL",13339,"POSTE DE CONCRETO ARMADO DE SECAO DUPLO T, EXTENSAO DE 12,00 M, RESISTENCIA DE 300 A 400 DAN, TIPO B OU D","UN","CR",0,0,0,2017.33]
["MATERIAL",41213,"POSTE DE CONCRETO ARMADO DE SECAO DUPLO T, EXTENSAO DE 12,00 M, RESISTENCIA DE 3000 DAN, TIPO B-6,0","UN","CR",0,0,0,12418.63]
["MATERIAL",41209,"POSTE DE CONCRETO ARMADO DE SECAO DUPLO T, EXTENSAO DE 12,00 M, RESISTENCIA DE 600 DAN, TIPO B","UN","CR",0,0,0,2775.59]
["MATERIAL",41216,"POSTE DE CONCRETO ARMADO DE SECAO DUPLO T, EXTENSAO DE 13,00 M, RESISTENCIA DE 1000 DAN, TIPO B-1,5","UN","CR",0,0,0,5199.05]
["MATERIAL",41217,"POSTE DE CONCRETO ARMADO DE SECAO DUPLO T, EXTENSAO DE 13,00 M, RESISTENCIA DE 1500 DAN, TIPO B-3,0","UN","CR",0,0,0,8335.92]
["MATERIAL",41218,"POSTE DE CONCRETO ARMADO DE SECAO DUPLO T, EXTENSAO DE 13,00 M, RESISTENCIA DE 2000 DAN, TIPO B-4,5","UN","CR",0,0,0,11178.73]
["MATERIAL",41214,"POSTE DE CONCRETO ARMADO DE SECAO DUPLO T, EXTENSAO DE 13,00 M, RESISTENCIA DE 300 DAN, TIPO B","UN","CR",0,0,0,2357.0100000000002]
["MATERIAL",41215,"POSTE DE CONCRETO ARMADO DE SECAO DUPLO T, EXTENSAO DE 13,00 M, RESISTENCIA DE 600 DAN, TIPO B","UN","CR",0,0,0,3548.81]
["MATERIAL",41221,"POSTE DE CONCRETO ARMADO DE SECAO DUPLO T, EXTENSAO DE 15,00 M, RESISTENCIA DE 1500 DAN, TIPO B-3,0","UN","CR",0,0,0,10275.620000000001]
["MATERIAL",41222,"POSTE DE CONCRETO ARMADO DE SECAO DUPLO T, EXTENSAO DE 15,00 M, RESISTENCIA DE 2000 DAN, TIPO B-4,5","UN","CR",0,0,0,14704.53]
["MATERIAL",41195,"POSTE DE CONCRETO ARMADO DE SECAO DUPLO T, EXTENSAO DE 8,00 M, RESISTENCIA DE 150 DAN, TIPO D","UN","CR",0,0,0,755.77]
["MATERIAL",41198,"POSTE DE CONCRETO ARMADO DE SECAO DUPLO T, EXTENSAO DE 9,00 M, RESISTENCIA DE 1000 DAN, TIPO B-1,5","UN","CR",0,0,0,2953.37]
["MATERIAL",41196,"POSTE DE CONCRETO ARMADO DE SECAO DUPLO T, EXTENSAO DE 9,00 M, RESISTENCIA DE 150 DAN, TIPO D","UN","CR",0,0,0,936.82]
["MATERIAL",5033,"POSTE DE CONCRETO ARMADO DE SECAO DUPLO T, EXTENSAO DE 9,00 M, RESISTENCIA DE 300 A 400 DAN, TIPO B OU D","UN","C",0,0,0,1230]
["MATERIAL",41197,"POSTE DE CONCRETO ARMADO DE SECAO DUPLO T, EXTENSAO DE 9,00 M, RESISTENCIA DE 600 DAN, TIPO B","UN","CR",0,0,0,1827.01]
["MATERIAL",12388,"POSTE DECORATIVO PARA JARDIM EM ACO TUBULAR, SEM LUMINARIA, H = *2,5* M","UN","CR",0,0,0,0]
["MATERIAL",2731,"POSTE ROLICO DE MADEIRA TRATADA, D = 20 A 25 CM, H = 12,00 M, EM EUCALIPTO OU EQUIVALENTE DA REGIAO","M","CR",117.06,0,104.87,90.05]
["MATERIAL",41457,"POSTES METALICOS AUTOPORTANTES, CONICO OU TELESCOPICO, PARA SPDA, ALTURA 10 METROS LIVRES","UN","CR",1745.79,1509.26,1225.57,1425.9]
["MATERIAL",41458,"POSTES METALICOS AUTOPORTANTES, CONICO OU TELESCOPICO, PARA SPDA, ALTURA 12 METROS LIVRES","UN","CR",2437.21,2107,1710.95,1990.62]
["MATERIAL",41459,"POSTES METALICOS AUTOPORTANTES, CONICO OU TELESCOPICO, PARA SPDA, ALTURA 15 METROS LIVRES","UN","CR",3399.72,2939.11,2386.65,2776.77]
["MATERIAL",41461,"POSTES METALICOS AUTOPORTANTES, CONICO OU TELESCOPICO, PARA SPDA, ALTURA 20 METROS LIVRES","UN","CR",4635.3500000000004,4007.33,3254.07,3785.98]
["MATERIAL",44537,"POZOLANA DE CLASSE C","T","CR",354.54,470.45,435.88,313.63]
["MATERIAL",11844,"PRANCHA APARELHADA *4 X 30* CM, EM MACARANDUBA/MASSARANDUBA, ANGELIM OU EQUIVALENTE DA REGIAO","M","CR",43.84,53.8,52.77,71.739999999999995]
["MATERIAL",4465,"PRANCHA NAO APARELHADA *6 X 25* CM, EM MACARANDUBA/MASSARANDUBA, ANGELIM OU EQUIVALENTE DA REGIAO - BRUTA","M","CR",36.43,44.71,43.85,59.62]
["MATERIAL",35273,"PRANCHA NAO APARELHADA *6 X 30* CM, EM MACARANDUBA/MASSARANDUBA, ANGELIM OU EQUIVALENTE DA REGIAO - BRUTA","M","CR",43.69,53.62,52.59,71.5]
["MATERIAL",4470,"PRANCHA NAO APARELHADA *6 X 40* CM, EM MACARANDUBA/MASSARANDUBA, ANGELIM OU EQUIVALENTE DA REGIAO - BRUTA","M","CR",100.84,123.75,121.37,165.01]
["MATERIAL",20204,"PRANCHAO APARELHADO *7,5 X 23* CM, EM MACARANDUBA/MASSARANDUBA, ANGELIM OU EQUIVALENTE DA REGIAO","M","CR",67.22,82.5,80.91,110]
["MATERIAL",20208,"PRANCHAO APARELHADO *8 X 30* CM, EM MACARANDUBA/MASSARANDUBA, ANGELIM OU EQUIVALENTE DA REGIAO","M","CR",90.75,111.38,109.23,148.51]
["MATERIAL",4437,"PRANCHAO NAO APARELHADO *7,5 X 23* CM, EM MACARANDUBA/MASSARANDUBA, ANGELIM OU EQUIVALENTE DA REGIAO - BRUTA","M","CR",75.63,92.81,91.03,123.75]
["MATERIAL",14580,"PRANCHAO NAO APARELHADO *8 X 30* CM, EM MACARANDUBA/MASSARANDUBA, ANGELIM OU EQUIVALENTE DA REGIAO - BRUTA","M","CR",75.63,92.81,91.03,123.75]
["MATERIAL",5065,"PREGO DE ACO POLIDO COM CABECA 10 X 10 (7/8 X 17)","KG","CR",38.6,33.86,36.840000000000003,33.42]
["MATERIAL",5072,"PREGO DE ACO POLIDO COM CABECA 10 X 11 (1 X 17)","KG","CR",35.71,31.32,34.08,30.91]
["MATERIAL",5066,"PREGO DE ACO POLIDO COM CABECA 12 X 12","KG","CR",26.74,23.45,25.52,23.15]
["MATERIAL",5063,"PREGO DE ACO POLIDO COM CABECA 14 X 18 (1 1/2 X 14)","KG","CR",24.21,21.24,23.11,20.96]
["MATERIAL",20247,"PREGO DE ACO POLIDO COM CABECA 15 X 15 (1 1/4 X 13)","KG","CR",22.47,19.71,21.44,19.45]
["MATERIAL",5074,"PREGO DE ACO POLIDO COM CABECA 15 X 18 (1 1/2 X 13)","KG","CR",22.74,19.940000000000001,21.7,19.68]
["MATERIAL",5067,"PREGO DE ACO POLIDO COM CABECA 16 X 24 (2 1/4 X 12)","KG","CR",21.63,18.97,20.64,18.72]
["MATERIAL",5078,"PREGO DE ACO POLIDO COM CABECA 16 X 27 (2 1/2 X 12)","KG","CR",21.38,18.760000000000002,20.41,18.510000000000002]
["MATERIAL",5068,"PREGO DE ACO POLIDO COM CABECA 17 X 21 (2 X 11)","KG","CR",20.29,17.8,19.37,17.57]
["MATERIAL",5073,"PREGO DE ACO POLIDO COM CABECA 17 X 24 (2 1/4 X 11)","KG","CR",20.68,18.14,19.739999999999998,17.899999999999999]
["MATERIAL",5069,"PREGO DE ACO POLIDO COM CABECA 17 X 27 (2 1/2 X 11)","KG","CR",20.68,18.14,19.739999999999998,17.899999999999999]
["MATERIAL",5070,"PREGO DE ACO POLIDO COM CABECA 17 X 30 (2 3/4 X 11)","KG","CR",20.91,18.34,19.96,18.100000000000001]
["MATERIAL",5071,"PREGO DE ACO POLIDO COM CABECA 18 X 24 (2 1/4 X 10)","KG","CR",20.29,17.8,19.37,17.57]
["MATERIAL",5061,"PREGO DE ACO POLIDO COM CABECA 18 X 27 (2 1/2 X 10)","KG","C",19.95,17.5,19.04,17.27]
["MATERIAL",5075,"PREGO DE ACO POLIDO COM CABECA 18 X 30 (2 3/4 X 10)","KG","CR",20.29,17.8,19.37,17.57]
["MATERIAL",5062,"PREGO DE ACO POLIDO COM CABECA 19 X 33 (3 X 9)","KG","CR",20.56,18.04,19.62,17.8]
["MATERIAL",39027,"PREGO DE ACO POLIDO COM CABECA 19 X 36 (3 1/4 X 9)","KG","CR",20.27,17.78,19.350000000000001,17.55]
["MATERIAL",40568,"PREGO DE ACO POLIDO COM CABECA 22 X 48 (4 1/4 X 5)","KG","CR",20.440000000000001,17.93,19.510000000000002,17.7]
["MATERIAL",40304,"PREGO DE ACO POLIDO COM CABECA DUPLA 17 X 27 (2 1/2 X 11)","KG","CR",25.05,21.97,23.9,21.68]
["MATERIAL",39026,"PREGO DE ACO POLIDO SEM CABECA 15 X 15 (1 1/4 X 13)","KG","CR",22.82,20.02,21.78,19.75]
["MATERIAL",42431,"PRESSAO DE PERNAS TRIPLO, EM TUBO DE ACO CARBONO, PINTURA NO PROCESSO ELETROSTATICO - EQUIPAMENTO DE GINASTICA PARA ACADEMIA AO AR LIVRE / ACADEMIA DA TERCEIRA IDADE - ATI","UN","CR",0,0,0,0]
["MATERIAL",44074,"PRIMER DE POLIURETANO","L","CR",566.30999999999995,751.45,696.22,500.97]
["MATERIAL",44072,"PRIMER EPOXI / EPOXIDICO","L","CR",125.37,104.37,142.30000000000001,150.57]
["MATERIAL",511,"PRIMER PARA MANTA ASFALTICA A BASE DE ASFALTO MODIFICADO DILUIDO EM SOLVENTE, APLICACAO A FRIO","L","C",20.38,0,15.85,18.5]
["EQUIPAMENTO (AQUISIÇÃO)",37540,"PROJETOR DE ARGAMASSA, CAPACIDADE DE PROJECAO 1,5 M3/H, ALCANCE DA PROJECAO 30 ATE 60 M, MOTOR ELETRICO TRIFASICO","UN","CR",79080.89,95378.08,92066.3,100033.25]
["EQUIPAMENTO (AQUISIÇÃO)",37548,"PROJETOR DE ARGAMASSA, CAPACIDADE DE PROJECAO 2,0 M3/H, ALCANCE DA PROJECAO ATE 50 M, MOTOR ELETRICO TRIFASICO","UN","CR",104821.33,126423.17,122033.42,132593.57999999999]
["EQUIPAMENTO (AQUISIÇÃO)",39828,"PROJETOR PNEUMATICO DE ARGAMASSA PARA CHAPISCO E REBOCO COM RECIPIENTE ACOPLADO, TIPO CANEQUINHA, COM VOLUME DE 1,50 L, SEM COMPRESSOR","UN","CR",628.82000000000005,758.41,732.08,795.43]
["MATERIAL",38392,"PROLONGADOR/ EXTENSOR TELESCOPICO, EM CHAPA METALICA, COM 3 METROS, PARA ROLO DE PINTURA","UN","CR",53.89,71.95,62.45,68.73]
["MATERIAL",11735,"PROLONGAMENTO / PROLONGADOR PARA CAIXA SIFONADA, PVC, 100 MM X 200 MM (NBR 5688)","UN","CR",10.02,8.6300000000000008,12.61,9.0399999999999991]
["MATERIAL",11737,"PROLONGAMENTO / PROLONGADOR PARA CAIXA SIFONADA, PVC, 150 MM X 150 MM (NBR 5688)","UN","CR",14.21,12.23,17.88,12.82]
["MATERIAL",11738,"PROLONGAMENTO / PROLONGADOR PARA CAIXA SIFONADA, PVC, 150 MM X 200 MM (NBR 5688)","UN","CR",17.920000000000002,15.42,22.54,16.170000000000002]
["MATERIAL",36143,"PROTETOR AUDITIVO TIPO CONCHA COM ABAFADOR DE RUIDOS, ATENUACAO ACIMA DE 22 DB","UN","CR",73.989999999999995,101.36,84.32,83.6]
["MATERIAL",36142,"PROTETOR AUDITIVO TIPO PLUG DE INSERCAO COM CORDAO, ATENUACAO SUPERIOR A 15 DB","UN","CR",1.82,2.5,2.08,2.06]
["MATERIAL",45227,"PROTETOR FACIAL ARCO ELETRICO, COM QUEIXEIRA E LENTE EM POLICARBONATO, CAPACETE INCLUIDO","UN","CR",705.07,965.8,803.49,796.58]
["MATERIAL",45209,"PROTETOR FACIAL DE POLICARBONATO, 200 MM X *390* MM, COM COROA E CARNEIRA","UN","CR",30.88,42.3,35.19,34.89]
["MATERIAL",36146,"PROTETOR SOLAR FPS 30, EMBALAGEM 2 LITROS","UN","CR",195.79,268.2,223.13,221.21]
["MATERIAL",39015,"PROTETOR/PONTEIRA PLASTICA PARA PONTA DE VERGALHAO DE ATE 1\", TIPO PROTETOR DE ESPERA","UN","C",0,0,0,0.95]
["MATERIAL",38377,"PRUMO DE CENTRO EM ACO *400* G, COM CORDAO EM NYLON E CALCO GUIA EM ACO OU MADEIRA","UN","CR",31.79,39.65,30.97,34.47]
["MATERIAL",38376,"PRUMO DE PAREDE EM ACO 700 A 750 G, COM CORDAO EM NYLON E TACO","UN","CR",36.770000000000003,45.86,35.82,39.869999999999997]
["MATERIAL",38116,"PULSADOR CAMPAINHA 10A, 250V (APENAS MODULO)","UN","CR",5.51,5.65,7.83,5.32]
["MATERIAL",38066,"PULSADOR CAMPAINHA 10A, 250V, CONJUNTO MONTADO PARA EMBUTIR 4\" X 2\" (PLACA + SUPORTE + MODULO)","UN","CR",9.1,9.33,12.93,8.7899999999999991]
["MATERIAL",38117,"PULSADOR MINUTERIA 10A, 250V (APENAS MODULO)","UN","CR",9.39,9.6199999999999992,13.34,9.07]
["MATERIAL",38067,"PULSADOR MINUTERIA 10A, 250V, CONJUNTO MONTADO PARA EMBUTIR 4\" X 2\" (PLACA + SUPORTE + MODULO)","UN","CR",12.81,13.13,18.2,12.37]
["EQUIPAMENTO (AQUISIÇÃO)",44313,"PUNHO PARA PERFURATRIZ DE ESTEIRA T38, D = 1 1/2\" (38 MM), C = 380 MM","UN","CR",0,0,0,967.77]
["MATERIAL",11522,"PUXADOR DE EMBUTIR TIPO CONCHA, COM FURO PARA CHAVE, EM LATAO CROMADO, COMPRIMENTO DE APROX *100* MM E LARGURA DE APROX *40* MM","UN","CR",14.8,15.58,12.97,14.54]
["MATERIAL",43600,"PUXADOR TIPO ALCA, EM ZAMAC CROMADO, COM COMPRIMENTO DE APROX 150 MM, COM ROSETA PARA PORTAS DE MADEIRAS, INCLUINDO PARAFUSOS","UN","CR",59.3,62.42,51.99,58.26]
["MATERIAL",5080,"PUXADOR TIPO ALCA, EM ZAMAC CROMADO, COM ROSETAS, COMPRIMENTO DE APROX *100* MM, PARA PORTAS E JANELAS DE MADEIRA, INCLUINDO PARAFUSOS","UN","CR",23.12,24.34,20.27,22.72]
["MATERIAL",38168,"PUXADOR TUBULAR RETO DUPLO, EM ALUMINIO CROMADO, COMPRIMENTO DE APROX 400 MM E DIAMETRO DE 25 MM (1\")","UN","CR",161.44999999999999,169.94,141.55000000000001,158.61000000000001]
["MATERIAL",43601,"PUXADOR TUBULAR RETO SIMPLES, EM ALUMINIO CROMADO, COM COMPRIMENTO DE APROX 400 MM E DIAMETRO DE 25 MM","UN","CR",80.72,84.97,70.77,79.3]
["MATERIAL",13393,"QUADRO DE DISTRIBUICAO COM BARRAMENTO TRIFASICO, DE EMBUTIR, EM CHAPA DE ACO GALVANIZADO, PARA 12 DISJUNTORES DIN, 100 A","UN","CR",0,0,321.61,336.14]
["MATERIAL",13395,"QUADRO DE DISTRIBUICAO COM BARRAMENTO TRIFASICO, DE EMBUTIR, EM CHAPA DE ACO GALVANIZADO, PARA 18 DISJUNTORES DIN, 100 A","UN","CR",0,0,450.7,471.06]
["MATERIAL",12039,"QUADRO DE DISTRIBUICAO COM BARRAMENTO TRIFASICO, DE EMBUTIR, EM CHAPA DE ACO GALVANIZADO, PARA 24 DISJUNTORES DIN, 100 A","UN","CR",0,0,473.64,495.03]
["MATERIAL",13396,"QUADRO DE DISTRIBUICAO COM BARRAMENTO TRIFASICO, DE EMBUTIR, EM CHAPA DE ACO GALVANIZADO, PARA 28 DISJUNTORES DIN, 100 A","UN","CR",0,0,665.2,695.24]
["MATERIAL",12041,"QUADRO DE DISTRIBUICAO COM BARRAMENTO TRIFASICO, DE EMBUTIR, EM CHAPA DE ACO GALVANIZADO, PARA 30 DISJUNTORES DIN, 150 A","UN","CR",0,0,543.17999999999995,567.71]
["MATERIAL",12043,"QUADRO DE DISTRIBUICAO COM BARRAMENTO TRIFASICO, DE EMBUTIR, EM CHAPA DE ACO GALVANIZADO, PARA 30 DISJUNTORES DIN, 225 A","UN","CR",0,0,1146.83,1198.6300000000001]
["MATERIAL",39762,"QUADRO DE DISTRIBUICAO COM BARRAMENTO TRIFASICO, DE EMBUTIR, EM CHAPA DE ACO GALVANIZADO, PARA 36 DISJUNTORES DIN, 100 A","UN","CR",0,0,545.91999999999996,570.58000000000004]
["MATERIAL",12042,"QUADRO DE DISTRIBUICAO COM BARRAMENTO TRIFASICO, DE EMBUTIR, EM CHAPA DE ACO GALVANIZADO, PARA 40 DISJUNTORES DIN, 100 A","UN","CR",0,0,797.03,833.03]
["MATERIAL",39763,"QUADRO DE DISTRIBUICAO COM BARRAMENTO TRIFASICO, DE EMBUTIR, EM CHAPA DE ACO GALVANIZADO, PARA 48 DISJUNTORES DIN, 100 A","UN","CR",0,0,932.82,974.95]
["MATERIAL",39760,"QUADRO DE DISTRIBUICAO COM BARRAMENTO TRIFASICO, DE SOBREPOR, EM CHAPA DE ACO GALVANIZADO, PARA *42* DISJUNTORES DIN, 100 A","UN","CR",0,0,929.75,971.74]
["MATERIAL",39756,"QUADRO DE DISTRIBUICAO COM BARRAMENTO TRIFASICO, DE SOBREPOR, EM CHAPA DE ACO GALVANIZADO, PARA 12 DISJUNTORES DIN, 100 A","UN","CR",0,0,333.83,348.91]
["MATERIAL",12038,"QUADRO DE DISTRIBUICAO COM BARRAMENTO TRIFASICO, DE SOBREPOR, EM CHAPA DE ACO GALVANIZADO, PARA 18 DISJUNTORES DIN, 100 A","UN","CR",0,0,417.14,435.98]
["MATERIAL",39757,"QUADRO DE DISTRIBUICAO COM BARRAMENTO TRIFASICO, DE SOBREPOR, EM CHAPA DE ACO GALVANIZADO, PARA 28 DISJUNTORES DIN, 100 A","UN","CR",0,0,385.72,403.14]
["MATERIAL",39758,"QUADRO DE DISTRIBUICAO COM BARRAMENTO TRIFASICO, DE SOBREPOR, EM CHAPA DE ACO GALVANIZADO, PARA 30 DISJUNTORES DIN, 100 A","UN","CR",0,0,562.14,587.53]
["MATERIAL",39759,"QUADRO DE DISTRIBUICAO COM BARRAMENTO TRIFASICO, DE SOBREPOR, EM CHAPA DE ACO GALVANIZADO, PARA 36 DISJUNTORES DIN, 100 A","UN","CR",0,0,694.24,725.6]
["MATERIAL",39761,"QUADRO DE DISTRIBUICAO COM BARRAMENTO TRIFASICO, DE SOBREPOR, EM CHAPA DE ACO GALVANIZADO, PARA 48 DISJUNTORES DIN, 100 A","UN","CR",0,0,834.5,872.19]
["MATERIAL",39805,"QUADRO DE DISTRIBUICAO, EM PVC, DE EMBUTIR, COM BARRAMENTO TERRA / NEUTRO, PARA 12 DISJUNTORES NEMA OU 16 DISJUNTORES DIN","UN","CR",121.97,193.98,283.31,163.69]
["MATERIAL",39806,"QUADRO DE DISTRIBUICAO, EM PVC, DE EMBUTIR, COM BARRAMENTO TERRA / NEUTRO, PARA 18 DISJUNTORES NEMA OU 24 DISJUNTORES DIN","UN","CR",225.98,359.39,524.89,303.27]
["MATERIAL",39807,"QUADRO DE DISTRIBUICAO, EM PVC, DE EMBUTIR, COM BARRAMENTO TERRA / NEUTRO, PARA 27 DISJUNTORES NEMA OU 36 DISJUNTORES DIN","UN","CR",489.75,778.89,1137.56,657.26]
["MATERIAL",43100,"QUADRO DE DISTRIBUICAO, EM PVC, DE EMBUTIR, COM BARRAMENTO TERRA / NEUTRO, PARA 48 DISJUNTORES DIN","UN","CR",382.88,608.92999999999995,889.33,513.84]
["MATERIAL",39804,"QUADRO DE DISTRIBUICAO, EM PVC, DE EMBUTIR, COM BARRAMENTO TERRA / NEUTRO, PARA 6 DISJUNTORES NEMA OU 8 DISJUNTORES DIN","UN","CR",71.62,113.91,166.36,96.12]
["MATERIAL",39796,"QUADRO DE DISTRIBUICAO, SEM BARRAMENTO, EM PVC, DE EMBUTIR, PARA 12 DISJUNTORES NEMA OU 16 DISJUNTORES DIN","UN","CR",74.180000000000007,117.98,172.31,99.55]
["MATERIAL",39797,"QUADRO DE DISTRIBUICAO, SEM BARRAMENTO, EM PVC, DE EMBUTIR, PARA 18 DISJUNTORES NEMA OU 24 DISJUNTORES DIN","UN","C",116.45,185.2,270.48,156.28]
["MATERIAL",39798,"QUADRO DE DISTRIBUICAO, SEM BARRAMENTO, EM PVC, DE EMBUTIR, PARA 27 DISJUNTORES NEMA OU 36 DISJUNTORES DIN","UN","CR",199.75,317.68,463.96,268.07]
["MATERIAL",39794,"QUADRO DE DISTRIBUICAO, SEM BARRAMENTO, EM PVC, DE EMBUTIR, PARA 3 DISJUNTORES NEMA OU 4 DISJUNTORES DIN","UN","CR",31.49,50.08,73.14,42.26]
["MATERIAL",39795,"QUADRO DE DISTRIBUICAO, SEM BARRAMENTO, EM PVC, DE EMBUTIR, PARA 6 DISJUNTORES NEMA OU 8 DISJUNTORES DIN","UN","CR",49.74,79.11,115.55,66.760000000000005]
["MATERIAL",39801,"QUADRO DE DISTRIBUICAO, SEM BARRAMENTO, EM PVC, DE SOBREPOR, PARA 12 DISJUNTORES NEMA OU 16 DISJUNTORES DIN","UN","CR",105.04,167.06,243.99,140.97]
["MATERIAL",39802,"QUADRO DE DISTRIBUICAO, SEM BARRAMENTO, EM PVC, DE SOBREPOR, PARA 18 DISJUNTORES NEMA OU 24 DISJUNTORES DIN","UN","CR",153.97999999999999,244.88,357.65,206.64]
["MATERIAL",39803,"QUADRO DE DISTRIBUICAO, SEM BARRAMENTO, EM PVC, DE SOBREPOR, PARA 27 DISJUNTORES NEMA OU 36 DISJUNTORES DIN","UN","CR",214.8,341.62,498.93,288.27]
["MATERIAL",39799,"QUADRO DE DISTRIBUICAO, SEM BARRAMENTO, EM PVC, DE SOBREPOR, PARA 3 DISJUNTORES NEMA OU 4 DISJUNTORES DIN","UN","CR",36.700000000000003,58.37,85.25,49.26]
["MATERIAL",39800,"QUADRO DE DISTRIBUICAO, SEM BARRAMENTO, EM PVC, DE SOBREPOR, PARA 6 DISJUNTORES NEMA OU 8 DISJUNTORES DIN","UN","CR",62.52,99.43,145.22,83.91]
["MATERIAL",43837,"RACK DE PISO PARA SERVIDOR, ABERTO, EM COLUNA, 44U X *570* MM","UN","CR",1575.99,0,0,1363.71]
["MATERIAL",43836,"RACK DE PISO PARA SERVIDOR, FECHADO, 44U, COM PORTA, 44U X *570* MM","UN","CR",3206.87,0,0,2774.91]
["MATERIAL",21059,"RALO FOFO COM REQUADRO, QUADRADO 150 X 150 MM","UN","CR",0,0,0,44.43]
["MATERIAL",11234,"RALO FOFO COM REQUADRO, QUADRADO 200 X 200 MM","UN","CR",0,0,0,66.97]
["MATERIAL",21060,"RALO FOFO COM REQUADRO, QUADRADO 250 X 250 MM","UN","CR",0,0,0,82.42]
["MATERIAL",21061,"RALO FOFO COM REQUADRO, QUADRADO 300 X 300 MM","UN","CR",0,0,0,103.03]
["MATERIAL",21062,"RALO FOFO COM REQUADRO, QUADRADO 400 X 400 MM","UN","CR",0,0,0,162.27000000000001]
["MATERIAL",11708,"RALO FOFO SEMIESFERICO, 100 MM, PARA LAJES/ CALHAS","UN","CR",0,0,0,17.7]
["MATERIAL",11709,"RALO FOFO SEMIESFERICO, 150 MM, PARA LAJES/ CALHAS","UN","CR",0,0,0,41.59]
["MATERIAL",11710,"RALO FOFO SEMIESFERICO, 200 MM, PARA LAJES/ CALHAS","UN","CR",0,0,0,95.62]
["MATERIAL",11707,"RALO FOFO SEMIESFERICO, 75 MM, PARA LAJES/ CALHAS","UN","CR",0,0,0,13.26]
["MATERIAL",5102,"RALO SECO / RALO DE PASSAGEM EM PVC, QUADRADO, 100 X 100 X 53 MM, SAIDA 40 MM, COM GRELHA BRANCA","UN","CR",14.08,12.12,17.71,12.7]
["MATERIAL",11711,"RALO SECO CONICO, PVC, 100 X 40 MM, COM GRELHA QUADRADA BRANCA","UN","CR",11.73,10.1,14.76,10.58]
["MATERIAL",11739,"RALO SECO CONICO, PVC, 100 X 40 MM, COM GRELHA REDONDA BRANCA","UN","CR",10.039999999999999,8.64,12.62,9.0500000000000007]
["MATERIAL",11741,"RALO SIFONADO CILINDRICO, PVC, 100 X 40 MM, COM GRELHA REDONDA BRANCA","UN","CR",12.78,11,16.07,11.53]
["MATERIAL",11745,"RALO SIFONADO QUADRADO, PVC, 100 X 53 MM, SAIDA 40 MM, COM GRELHA QUADRADA BRANCA","UN","CR",16.84,14.49,21.18,15.19]
["MATERIAL",11743,"RALO SIFONADO REDONDO CONICO, PVC, 100 X 40 MM, COM GRELHA REDONDA BRANCA","UN","CR",10.73,9.23,13.49,9.68]
["MATERIAL",5104,"REBITE DE REPUXO EM ALUMINIO VAZADO, DIAMETRO 3,2 X 8 MM DE COMPRIMENTO (1KG = 1025 UNIDADES)","KG","CR",0,0,0,109.46]
["MATERIAL",44530,"REBOLO ABRASIVO RETO DE USO GERAL GRAO 36, DE 6 X 1\" (DIAMETRO X ESPESSURA)","UN","CR",68.97,86.04,67.2,74.790000000000006]
["MATERIAL",2710,"REBOLO ABRASIVO RETO DE USO GERAL GRAO 36, DE 6 X 3/4\" (DIAMETRO X ESPESSURA)","UN","CR",59.52,74.25,58,64.540000000000006]
["EQUIPAMENTO (AQUISIÇÃO)",14575,"RECICLADORA DE ASFALTO A FRIO SOBRE RODAS, LARG. FRESAGEM 2,00 M, POT. 315 KW/422 HP","UN","CR",0,0,0,0]
["MATERIAL",20043,"REDUCAO EXCENTRICA PVC, DN 100 X 50 MM, PARA ESGOTO PREDIAL","UN","CR",9.74,8.93,9.0299999999999994,9.42]
["MATERIAL",20044,"REDUCAO EXCENTRICA PVC, DN 100 X 75 MM, PARA ESGOTO PREDIAL","UN","CR",11.29,10.36,10.47,10.92]
["MATERIAL",20042,"REDUCAO EXCENTRICA PVC, DN 75 X 50 MM, PARA ESGOTO PREDIAL","UN","CR",8.4499999999999993,7.75,7.83,8.17]
["MATERIAL",20046,"REDUCAO EXCENTRICA PVC, SERIE R, DN 100 X 75 MM, PARA ESGOTO PREDIAL","UN","CR",19.989999999999998,18.350000000000001,18.54,19.350000000000001]
["MATERIAL",20047,"REDUCAO EXCENTRICA PVC, SERIE R, DN 150 X 100 MM, PARA ESGOTO PREDIAL","UN","CR",59.94,55.01,55.61,58.02]
["MATERIAL",20045,"REDUCAO EXCENTRICA PVC, SERIE R, DN 75 X 50 MM, PARA ESGOTO PREDIAL","UN","CR",10.11,9.2799999999999994,9.3800000000000008,9.7899999999999991]
["MATERIAL",20972,"REDUCAO FIXA TIPO STORZ, ENGATE RAPIDO 2.1/2\" X 1.1/2\", EM LATAO, PARA INSTALACAO PREDIAL COMBATE A INCENDIO PREDIAL","UN","CR",0,0,135.71,110.71]
["MATERIAL",11321,"REDUCAO PVC PBA, JE, PB, DN 100 X 50 / DE 110 X 60 MM, PARA REDE DE AGUA","UN","CR",0,0,0,35.119999999999997]
["MATERIAL",11323,"REDUCAO PVC PBA, JE, PB, DN 100 X 75 / DE 110 X 85 MM, PARA REDE DE AGUA","UN","CR",0,0,0,40.39]
["MATERIAL",20327,"REDUCAO PVC PBA, JE, PB, DN 75 X 50 / DE 85 X 60 MM, PARA REDE DE AGUA","UN","CR",0,0,0,22.92]
["MATERIAL",6034,"REGISTRO DE ESFERA DE PASSEIO, PVC PARA POLIETILENO, 20 MM","UN","CR",8.75,7.81,12.43,7.81]
["MATERIAL",6036,"REGISTRO DE ESFERA PVC, COM BORBOLETA, COM ROSCA EXTERNA, DE 1/2\"","UN","CR",11.91,10.63,16.93,10.63]
["MATERIAL",6031,"REGISTRO DE ESFERA PVC, COM BORBOLETA, COM ROSCA EXTERNA, DE 3/4\"","UN","C",14,12.5,19.899999999999999,12.5]
["MATERIAL",6029,"REGISTRO DE ESFERA PVC, COM CABECA QUADRADA, COM ROSCA EXTERNA, 1/2\"","UN","CR",14.15,12.63,20.11,12.63]
["MATERIAL",6033,"REGISTRO DE ESFERA PVC, COM CABECA QUADRADA, COM ROSCA EXTERNA, 3/4\"","UN","CR",18.649999999999999,16.649999999999999,26.5,16.649999999999999]
["MATERIAL",11672,"REGISTRO DE ESFERA, PVC, COM VOLANTE, VS, ROSCAVEL, DN 1 1/2\", COM CORPO DIVIDIDO","UN","CR",40.56,36.22,57.66,36.22]
["MATERIAL",11669,"REGISTRO DE ESFERA, PVC, COM VOLANTE, VS, ROSCAVEL, DN 1 1/4\", COM CORPO DIVIDIDO","UN","CR",38.630000000000003,34.49,54.91,34.49]
["MATERIAL",20055,"REGISTRO DE ESFERA, PVC, COM VOLANTE, VS, ROSCAVEL, DN 1\", COM CORPO DIVIDIDO","UN","CR",28.93,25.83,41.12,25.83]
["MATERIAL",11670,"REGISTRO DE ESFERA, PVC, COM VOLANTE, VS, ROSCAVEL, DN 1/2\", COM CORPO DIVIDIDO","UN","CR",14.8,13.21,21.03,13.21]
["MATERIAL",11671,"REGISTRO DE ESFERA, PVC, COM VOLANTE, VS, ROSCAVEL, DN 2\", COM CORPO DIVIDIDO","UN","CR",62.08,55.43,88.24,55.43]
["MATERIAL",6032,"REGISTRO DE ESFERA, PVC, COM VOLANTE, VS, ROSCAVEL, DN 3/4\", COM CORPO DIVIDIDO","UN","CR",17.73,15.83,25.2,15.83]
["MATERIAL",11673,"REGISTRO DE ESFERA, PVC, COM VOLANTE, VS, SOLDAVEL, DN 20 MM, COM CORPO DIVIDIDO","UN","CR",13.96,12.47,19.850000000000001,12.47]
["MATERIAL",11674,"REGISTRO DE ESFERA, PVC, COM VOLANTE, VS, SOLDAVEL, DN 25 MM, COM CORPO DIVIDIDO","UN","CR",17.98,16.05,25.56,16.05]
["MATERIAL",11675,"REGISTRO DE ESFERA, PVC, COM VOLANTE, VS, SOLDAVEL, DN 32 MM, COM CORPO DIVIDIDO","UN","CR",28.54,25.49,40.58,25.49]
["MATERIAL",11676,"REGISTRO DE ESFERA, PVC, COM VOLANTE, VS, SOLDAVEL, DN 40 MM, COM CORPO DIVIDIDO","UN","CR",38.18,34.090000000000003,54.27,34.090000000000003]
["MATERIAL",11677,"REGISTRO DE ESFERA, PVC, COM VOLANTE, VS, SOLDAVEL, DN 50 MM, COM CORPO DIVIDIDO","UN","CR",39.43,35.200000000000003,56.05,35.200000000000003]
["MATERIAL",11678,"REGISTRO DE ESFERA, PVC, COM VOLANTE, VS, SOLDAVEL, DN 60 MM, COM CORPO DIVIDIDO","UN","CR",72.209999999999994,64.47,102.65,64.47]
["MATERIAL",6038,"REGISTRO DE PRESSAO PVC, ROSCAVEL, VOLANTE SIMPLES, DE 1/2\"","UN","CR",4.58,4.09,6.51,4.09]
["MATERIAL",11718,"REGISTRO DE PRESSAO PVC, ROSCAVEL, VOLANTE SIMPLES, DE 3/4\"","UN","CR",13.06,11.66,18.57,11.66]
["MATERIAL",6037,"REGISTRO DE PRESSAO PVC, SOLDAVEL, VOLANTE SIMPLES, DE 20 MM","UN","CR",9.5299999999999994,8.51,13.55,8.51]
["MATERIAL",11719,"REGISTRO DE PRESSAO PVC, SOLDAVEL, VOLANTE SIMPLES, DE 25 MM","UN","CR",10.6,9.4600000000000009,15.06,9.4600000000000009]
["MATERIAL",6010,"REGISTRO GAVETA BRUTO EM LATAO FORJADO, BITOLA 1 1/2\"","UN","CR",85.16,102.57,94.51,153.07]
["MATERIAL",6017,"REGISTRO GAVETA BRUTO EM LATAO FORJADO, BITOLA 1 1/4\"","UN","CR",67.459999999999994,81.25,74.86,121.25]
["MATERIAL",6019,"REGISTRO GAVETA BRUTO EM LATAO FORJADO, BITOLA 1\"","UN","CR",49.49,59.61,54.93,88.96]
["MATERIAL",6020,"REGISTRO GAVETA BRUTO EM LATAO FORJADO, BITOLA 1/2\"","UN","CR",29.73,35.799999999999997,32.99,53.43]
["MATERIAL",6011,"REGISTRO GAVETA BRUTO EM LATAO FORJADO, BITOLA 2 1/2\"","UN","CR",246.01,296.31,273.02999999999997,442.18]
["MATERIAL",6028,"REGISTRO GAVETA BRUTO EM LATAO FORJADO, BITOLA 2\"","UN","CR",118.62,142.87,131.65,213.21]
["MATERIAL",6012,"REGISTRO GAVETA BRUTO EM LATAO FORJADO, BITOLA 3\"","UN","CR",297.83999999999997,358.73,330.55,535.34]
["MATERIAL",6016,"REGISTRO GAVETA BRUTO EM LATAO FORJADO, BITOLA 3/4\"","UN","CR",31.36,37.770000000000003,34.799999999999997,56.36]
["MATERIAL",6027,"REGISTRO GAVETA BRUTO EM LATAO FORJADO, BITOLA 4\"","UN","CR",620.6,747.47,688.74,1115.45]
["MATERIAL",6015,"REGISTRO GAVETA COM ACABAMENTO E CANOPLA CROMADOS, SIMPLES, BITOLA 1 1/2\"","UN","CR",136.18,164.02,151.13,244.77]
["MATERIAL",6014,"REGISTRO GAVETA COM ACABAMENTO E CANOPLA CROMADOS, SIMPLES, BITOLA 1 1/4\"","UN","CR",130.19999999999999,156.82,144.5,234.02]
["MATERIAL",6013,"REGISTRO GAVETA COM ACABAMENTO E CANOPLA CROMADOS, SIMPLES, BITOLA 1\"","UN","CR",93.64,112.79,103.93,168.32]
["MATERIAL",6006,"REGISTRO GAVETA COM ACABAMENTO E CANOPLA CROMADOS, SIMPLES, BITOLA 1/2\"","UN","CR",67.81,81.680000000000007,75.260000000000005,121.89]
["MATERIAL",6005,"REGISTRO GAVETA COM ACABAMENTO E CANOPLA CROMADOS, SIMPLES, BITOLA 3/4\"","UN","C",76.5,92.14,84.9,137.5]
["MATERIAL",11756,"REGISTRO OU REGULADOR DE GAS COZINHA, VAZAO DE 2 KG/H, 2,8 KPA","UN","CR",36.53,44,40.549999999999997,65.67]
["MATERIAL",10904,"REGISTRO OU VALVULA GLOBO ANGULAR EM LATAO, PARA HIDRANTES EM INSTALACAO PREDIAL DE INCENDIO, 45 GRAUS, DIAMETRO DE 2 1/2\", COM VOLANTE, CLASSE DE PRESSAO DE ATE 200 PSI","UN","C",0,0,190,155]
["MATERIAL",11752,"REGISTRO PRESSAO BRUTO EM LATAO FORJADO, BITOLA 1/2\"","UN","CR",21.07,25.37,23.38,37.869999999999997]
["MATERIAL",11753,"REGISTRO PRESSAO BRUTO EM LATAO FORJADO, BITOLA 3/4\"","UN","CR",25.15,30.29,27.91,45.21]
["MATERIAL",6021,"REGISTRO PRESSAO COM ACABAMENTO E CANOPLA CROMADA, SIMPLES, BITOLA 1/2\"","UN","CR",69.8,84.07,77.459999999999994,125.46]
["MATERIAL",6024,"REGISTRO PRESSAO COM ACABAMENTO E CANOPLA CROMADA, SIMPLES, BITOLA 3/4\"","UN","CR",72.150000000000006,86.9,80.069999999999993,129.69]
["MATERIAL",45394,"REGUA DE ALUMINIO PARA PEDREIRO 2 M X *25,5* MM","UN","CR",40.47,50.48,39.43,43.88]
["EQUIPAMENTO (AQUISIÇÃO)",13897,"REGUA VIBRADORA DUPLA PARA CONCRETO A GASOLINA 5,5 HP, PESO DE 60 KG, COMPRIMENTO 4 M","UN","CR",0,0,0,0]
["EQUIPAMENTO (AQUISIÇÃO)",10640,"REGUA VIBRATORIA DE CONCRETO TRELICADA, EQUIPADA COM MOTOR A GASOLINA DE 9 HP","UN","CR",0,0,0,0]
["MATERIAL",34357,"REJUNTE CIMENTICIO, QUALQUER COR","KG","CR",4.6900000000000004,4.4000000000000004,3.81,3.99]
["MATERIAL",37329,"REJUNTE EPOXI, QUALQUER COR","KG","CR",98.93,92.75,80.38,84.09]
["MATERIAL",2510,"RELE FOTOELETRICO INTERNO E EXTERNO BIVOLT 1000 W, DE CONECTOR, SEM BASE","UN","CR",0,0,0,0]
["MATERIAL",12359,"RELE TERMICO BIMETAL PARA USO EM MOTORES TRIFASICOS, TENSAO 380 V, POTENCIA ATE 15 CV, CORRENTE NOMINAL MAXIMA 22 A","UN","CR",90.25,0,162.13999999999999,192.38]
["MATERIAL",7353,"RESINA ACRILICA PREMIUM BASE AGUA - COR BRANCA","L","CR",35.619999999999997,39.79,36.380000000000003,32.880000000000003]
["MATERIAL",45264,"RESPIRADOR / MASCARA SEMI FACIAL COM UMA VALVULA DE INALACAO E DUAS DE EXALACAO, PROTECAO CONTRA VAPORES ORGANICOS E GASES ACIDOS (1 FILTRO INCLUIDO)","UN","CR",23.04,31.56,26.26,26.03]
["MATERIAL",36144,"RESPIRADOR DESCARTAVEL SEM VALVULA DE EXALACAO, PFF 1","UN","CR",1.43,1.96,1.63,1.62]
["MATERIAL",10518,"RETARDO PARA CORDEL DETONANTE","UN","CR",0,0,0,0]
["EQUIPAMENTO (AQUISIÇÃO)",36530,"RETROESCAVADEIRA SOBRE RODAS COM CARREGADEIRA, TRACAO 4 X 2, POTENCIA LIQUIDA 79 HP, PESO OPERACIONAL MINIMO DE 6570 KG, CAPACIDADE DA CARREGADEIRA DE 1,00 M3 E DA RETROESCAVADEIRA MINIMA DE 0,20 M3, PROFUNDIDADE DE ESCAVACAO MAXIMA DE 4,37 M","UN","CR",0,0,0,425019.5]
["EQUIPAMENTO (AQUISIÇÃO)",6046,"RETROESCAVADEIRA SOBRE RODAS COM CARREGADEIRA, TRACAO 4 X 4, POTENCIA LIQUIDA 72 HP, PESO OPERACIONAL MINIMO DE 7140 KG, CAPACIDADE MINIMA DA CARREGADEIRA DE 0,79 M3 E DA RETROESCAVADEIRA MINIMA DE 0,18 M3, PROFUNDIDADE DE ESCAVACAO MAXIMA DE 4,50 M","UN","C",0,0,0,461000]
["EQUIPAMENTO (AQUISIÇÃO)",36531,"RETROESCAVADEIRA SOBRE RODAS COM CARREGADEIRA, TRACAO 4 X 4, POTENCIA LIQUIDA 88 HP, PESO OPERACIONAL MINIMO DE 6674 KG, CAPACIDADE DA CARREGADEIRA DE 1,00 M3 E DA RETROESCAVADEIRA MINIMA DE 0,26 M3, PROFUNDIDADE DE ESCAVACAO MAXIMA DE 4,37 M","UN","CR",0,0,0,477865.82]
["SERVIÇOS",34684,"REVESTIMENTO DE PAREDE EM GRANILITE, MARMORITE OU GRANITINA - ESP = 5 MM (INCLUSO EXECUCAO)","M2","CR",0,0,0,354.54]
["SERVIÇOS",34683,"REVESTIMENTO DE PAREDE EM GRANILITE, MARMORITE OU GRANITINA COLORIDO - ESP = 5 MM (INCLUSO EXECUCAO)","M2","CR",0,0,0,221.59]
["MATERIAL",44954,"REVESTIMENTO EM CERAMICA ESMALTADA PARA FACHADAS, PECAS NO FORMATO APROX. *5 X 15* CM, FORNECIDAS EM PLACAS COM PECAS UNIDAS EM PONTOS","M2","CR",104.68,120.64,124.27,111.84]
["MATERIAL",44955,"REVESTIMENTO EM CERAMICA ESMALTADA PARA FACHADAS, PECAS NO FORMATO APROX. *7 X 26* CM, FORNECIDAS EM PLACAS COM PECAS UNIDAS EM PONTOS","M2","CR",152.97,176.3,181.61,163.43]
["MATERIAL",10515,"REVESTIMENTO EM CERAMICA ESMALTADA, FORMATO MAIOR A 2025 CM2","M2","CR",51.96,59.89,61.69,55.52]
["MATERIAL",153,"REVESTIMENTO EPOXI DE ALTA RESISTENCIA QUIMICA, ISENTO DE SOLVENTES, BICOMPONENTE","L","CR",98.19,130.30000000000001,120.72,86.86]
["SERVIÇOS",34682,"REVESTIMENTO PARA ESCADA EM GRANILITE, MARMORITE OU GRANITINA ESP = 8 MM (INCLUSO EXECUCAO)","M2","CR",0,0,0,169.45]
["MATERIAL",536,"REVESTIMENTO PARA PAREDE, EM CERAMICA ESMALTADA, FORMATO MENOR OU IGUAL A 2025 CM2","M2","CR",29.27,33.729999999999997,34.75,31.27]
["MATERIAL",20205,"RIPA APARELHADA *1,5 X 5* CM, EM MACARANDUBA/MASSARANDUBA, ANGELIM OU EQUIVALENTE DA REGIAO","M","CR",2.8,3.43,3.37,4.58]
["MATERIAL",4412,"RIPA NAO APARELHADA *1 X 3* CM, EM MACARANDUBA/MASSARANDUBA, ANGELIM OU EQUIVALENTE DA REGIAO - BRUTA","M","CR",1.68,2.06,2.02,2.75]
["MATERIAL",4408,"RIPA NAO APARELHADA, *1,5 X 5* CM, EM MACARANDUBA/MASSARANDUBA, ANGELIM OU EQUIVALENTE DA REGIAO - BRUTA","M","CR",2.09,2.57,2.52,3.43]
["MATERIAL",45213,"RISCADOR DE FORMICA COM COMPRIMENTO *16* CM E ALTURA *5* CM","UN","CR",37.25,46.47,36.299999999999997,40.39]
["MATERIAL",36250,"RODAFORRO EM PVC, PARA FORRO DE PVC, COMPRIMENTO 6 M","M","CR",3.85,4.55,3.53,4.46]
["MATERIAL",10857,"RODAPE ARDOSIA, CINZA, 10 CM, E= *1CM","M","CR",0,0,0,0]
["MATERIAL",4803,"RODAPE DE BORRACHA LISO, H = 70 MM, E = *2* MM, PARA ARGAMASSA, PRETO","M","CR",31.42,34.47,30.7,32.68]
["MATERIAL",6186,"RODAPE DE MADEIRA MACICA CUMARU/IPE CHAMPANHE OU EQUIVALENTE DA REGIAO, *1,5 X 7 CM","M","CR",13.33,0,0,0]
["MATERIAL",4829,"RODAPE EM MARMORE, POLIDO, BRANCO COMUM, L= *7* CM, E= *2* CM, CORTE RETO","M","CR",66.61,0,46.7,38.69]
["MATERIAL",39829,"RODAPE EM POLIESTIRENO, BRANCO, H = *5* CM, E = *1,5* CM","M","C",0,0,35.119999999999997,42.55]
["MATERIAL",20231,"RODAPE OU RODABANCADA EM GRANITO, POLIDO, TIPO ANDORINHA/ QUARTZ/ CASTELO/ CORUMBA OU OUTROS EQUIVALENTES DA REGIAO, H= 10 CM, E= *2,0* CM","M","CR",58.05,0,52.32,46.39]
["MATERIAL",4804,"RODAPE PLANO PARA PISO VINILICO, H = 5 CM","M","CR",24.12,26.47,23.57,25.09]
["MATERIAL",34680,"RODAPE PRE-MOLDADO DE GRANILITE, MARMORITE OU GRANITINA L = 10 CM","M","CR",0,0,0,52.13]
["MATERIAL",11573,"RODIZIO TIPO NAPOLEAO PARA JANELAS DE CORRER, EM ZAMAC, COMPRIMENTO DE APROX 60 CM, COM ROLAMENTO EM ACO","UN","CR",6.62,6.97,5.8,6.5]
["MATERIAL",38401,"RODO PARA CHAO 40 CM, COM BORRACHA DUPLA E CABO","UN","CR",49.1,65.56,56.91,62.63]
["MATERIAL",11575,"ROLDANA CONCAVA DUPLA, 4 RODAS, EM ZAMAC COM CHAPA DE LATAO, ROLAMENTOS EM ACO, PARA PORTAS E JANELAS DE CORRER","UN","CR",63.86,67.22,55.99,62.74]
["MATERIAL",38179,"ROLDANA CONCAVA DUPLA, 4 RODAS, PARA PORTA DE CORRER, EM ZAMAC COM CHAPA DE ACO, ROLAMENTO INTERNO BLINDADO DE ACO REVESTIDO EM NYLON","UN","CR",52.8,55.58,46.29,51.88]
["MATERIAL",20256,"ROLDANA PLASTICA COM PREGO, TAMANHO 30 X 30 MM, PARA INSTALACAO ELETRICA APARENTE","UN","CR",0.26,0.34,0.31,0.34]
["EQUIPAMENTO (AQUISIÇÃO)",14511,"ROLO COMPACTADOR DE PNEUS, ESTATICO, PRESSAO VARIAVEL, POTENCIA 110 HP, PESO SEM/COM LASTRO 10,8/27 T, LARGURA DE ROLAGEM 2,30 M","UN","CR",0,0,0,0]
["EQUIPAMENTO (AQUISIÇÃO)",10642,"ROLO COMPACTADOR DE PNEUS, ESTATICO, PRESSAO VARIAVEL, POTENCIA 111 HP, PESO SEM/COM LASTRO 9,5/26,0 T, LARGURA DE ROLAGEM 1,90 M","UN","C",0,0,0,0]
["EQUIPAMENTO (AQUISIÇÃO)",14489,"ROLO COMPACTADOR PE DE CARNEIRO VIBRATORIO, POTENCIA 125 HP, PESO OPERACIONAL SEM/COM LASTRO 11,95/13,30 T, IMPACTO DINAMICO 38,5/22,5 T, LARGURA DE TRABALHO 2,15 M","UN","CR",0,0,0,0]
["EQUIPAMENTO (AQUISIÇÃO)",14513,"ROLO COMPACTADOR PE DE CARNEIRO VIBRATORIO, POTENCIA 80 HP, PESO OPERACIONAL SEM/COM LASTRO 7,4/8,8 T, LARGURA DE TRABALHO 1,68 M","UN","CR",0,0,0,0]
["EQUIPAMENTO (AQUISIÇÃO)",13600,"ROLO COMPACTADOR VIBRATORIO DE UM CILINDRO LISO DE ACO, POTENCIA 125 HP, PESO SEM/COM LASTRO 10,75/12,92 T, IMPACTO DINAMICO 31,5/18,5 T, LARGURA TRABALHO 2,15 M","UN","CR",0,0,0,0]
["EQUIPAMENTO (AQUISIÇÃO)",10646,"ROLO COMPACTADOR VIBRATORIO DE UM CILINDRO, ACO LISO, POTENCIA 80 HP, PESO OPERACIONAL MAXIMO 8,1 T, IMPACTO DINAMICO 16,15/9,5 T, LARGURA TRABALHO 1,68 M","UN","CR",0,0,0,0]
["EQUIPAMENTO (AQUISIÇÃO)",6070,"ROLO COMPACTADOR VIBRATORIO PE DE CARNEIRO, COM CONTROLE REMOTO POR RADIO, POTENCIA 12,5 KW, PESO OPERACIONAL DE 1,675 T, LARGURA DE TRABALHO 0,85 M","UN","CR",0,0,0,0]
["EQUIPAMENTO (AQUISIÇÃO)",6069,"ROLO COMPACTADOR VIBRATORIO REBOCAVEL, CILINDRO DE ACO LISO, POTENCIA DE TRACAO DE 65 CV, PESO DE 4,7 T, IMPACTO DINAMICO TOTAL DE 18,3 T, LARGURA DO ROLO 1,67 M","UN","CR",0,0,0,0]
["EQUIPAMENTO (AQUISIÇÃO)",14626,"ROLO COMPACTADOR VIBRATORIO TANDEM, ACO LISO, POTENCIA 125 HP, PESO SEM/COM LASTRO 10,20/11,65 T, LARGURA DE TRABALHO 1,73 M","UN","CR",0,0,0,0]
["EQUIPAMENTO (AQUISIÇÃO)",6067,"ROLO COMPACTADOR VIBRATORIO TANDEM, ACO LISO, POTENCIA 58 CV, PESO SEM/COM LASTRO 6,5/9,4 T, LARGURA DE TRABALHO 1,20 M","UN","CR",0,0,0,0]
["MATERIAL",38393,"ROLO DE ESPUMA POLIESTER, 23 CM X 68 MM (COMPRIMENTO X DIAMETRO), SEM CABO","UN","C",17.25,23.03,19.989999999999998,22]
["MATERIAL",45233,"ROLO DE ESPUMA POLIESTER, 9 CM X 10 MM, COM CABO","UN","CR",7.4,9.8800000000000008,8.57,9.44]
["MATERIAL",38390,"ROLO DE LA DE CARNEIRO 25 MM X 23 CM (ALTURA DA LA X COMPRIMENTO), SEM CABO","UN","CR",42.38,56.58,49.11,54.05]
["MATERIAL",11578,"ROSETA QUADRADA, SEM FUROS, EM ACO INOX POLIDO, LARGURA APROXIMADA DE 50 MM, PARA FECHADURA DE PORTA - PARAFUSOS INCLUIDOS","UN","CR",13.79,14.51,12.09,13.54]
["MATERIAL",11577,"ROSETA REDONDA DE SOBREPOR, SEM FUROS, EM ACO INOX POLIDO, DIAMETRO APROXIMADO DE 50 MM, PARA FECHADURA DE PORTA - PARAFUSOS INCLUIDOS","UN","CR",13.16,13.85,11.54,12.93]
["MATERIAL",42432,"ROTACAO DIAGONAL DUPLA, APARELHO TRIPLO, EM TUBO DE ACO CARBONO, PINTURA NO PROCESSO ELETROSTATICO - EQUIPAMENTO DE GINASTICA PARA ACADEMIA AO AR LIVRE / ACADEMIA DA TERCEIRA IDADE - ATI","UN","CR",0,0,0,0]
["MATERIAL",42437,"ROTACAO VERTICAL DUPLO, EM TUBO DE ACO CARBONO, PINTURA NO PROCESSO ELETROSTATICO - EQUIPAMENTO DE GINASTICA PARA ACADEMIA AO AR LIVRE / ACADEMIA DA TERCEIRA IDADE - ATI","UN","CR",0,0,0,0]
["MATERIAL",1116,"RUFO EXTERNO DE CHAPA DE ACO GALVANIZADA NUM 26, CORTE 25 CM","M","CR",0,0,18.48,19.309999999999999]
["MATERIAL",1115,"RUFO EXTERNO DE CHAPA DE ACO GALVANIZADA NUM 26, CORTE 28 CM","M","CR",0,0,22.14,23.14]
["MATERIAL",1113,"RUFO EXTERNO/INTERNO DE CHAPA DE ACO GALVANIZADA NUM 26, CORTE 33 CM","M","CR",0,0,25.88,27.05]
["MATERIAL",1114,"RUFO INTERNO DE CHAPA DE ACO GALVANIZADA NUM 26, CORTE 50 CM","M","CR",0,0,30.83,32.229999999999997]
["MATERIAL",40873,"RUFO INTERNO/EXTERNO DE CHAPA DE ACO GALVANIZADA NUM 24, CORTE 25 CM","M","CR",0,0,24.13,25.22]
["MATERIAL",20214,"RUFO PARA TELHA ESTRUTURAL DE FIBROCIMENTO 1 ABA (SEM AMIANTO)","UN","CR",58.4,80.12,44.46,49.15]
["MATERIAL",7237,"RUFO PARA TELHA ONDULADA DE FIBROCIMENTO, E = 6 MM, ABA *260* MM, COMPRIMENTO 1100 MM (SEM AMIANTO)","UN","CR",57.17,78.430000000000007,43.52,48.12]
["MATERIAL",11757,"SABONETEIRA DE PAREDE EM METAL CROMADO","UN","C",24,19.95,35.07,30]
["MATERIAL",11758,"SABONETEIRA PLASTICA TIPO DISPENSER PARA SABONETE LIQUIDO COM RESERVATORIO 800 A 1500 ML","UN","C",100.95,46,33.909999999999997,41.22]
["MATERIAL",37526,"SACO DE RAFIA PARA ENTULHO, NOVO, LISO (SEM CLICHE), *60 X 90* CM","UN","CR",3.88,3.99,4.4400000000000004,3.22]
["MATERIAL",6076,"SAIBRO PARA ARGAMASSA (COLETADO NO COMERCIO)","M3","C",0,0,0,0]
["MATERIAL",13109,"SAPATA DE PVC ADITIVADO NERVURADO D = 6 POLEGADAS","UN","CR",0,0,0,0]
["MATERIAL",13110,"SAPATA DE PVC ADITIVADO NERVURADO D = 8 POLEGADAS","UN","CR",0,0,0,0]
["MATERIAL",7581,"SAPATILHA EM ACO GALVANIZADO PARA CABOS COM DIAMETRO NOMINAL ATE 5/8\"","UN","CR",5.52,8.1,6.97,0]
["MATERIAL",4509,"SARRAFO *2,5 X 10* CM EM PINUS, MISTA OU EQUIVALENTE DA REGIAO - BRUTA","M","CR",5.2,4.95,3.85,4]
["MATERIAL",4512,"SARRAFO *2,5 X 5* CM EM PINUS, MISTA OU EQUIVALENTE DA REGIAO - BRUTA","M","CR",2.48,2.36,1.84,1.91]
["MATERIAL",4517,"SARRAFO *2,5 X 7,5* CM EM PINUS, MISTA OU EQUIVALENTE DA REGIAO - BRUTA","M","CR",3.58,3.41,2.66,2.75]
["MATERIAL",20206,"SARRAFO APARELHADO *2 X 10* CM, EM MACARANDUBA/MASSARANDUBA, ANGELIM OU EQUIVALENTE DA REGIAO","M","CR",7.56,9.2799999999999994,9.1,12.37]
["MATERIAL",4460,"SARRAFO NAO APARELHADO *2,5 X 10* CM, EM MACARANDUBA/MASSARANDUBA, ANGELIM OU EQUIVALENTE DA REGIAO - BRUTA","M","CR",7.76,9.52,9.34,12.7]
["MATERIAL",4415,"SARRAFO NAO APARELHADO *2,5 X 5* CM, EM MACARANDUBA/MASSARANDUBA, ANGELIM, PEROBA-ROSA OU EQUIVALENTE DA REGIAO - BRUTA","M","CR",4.1500000000000004,5.0999999999999996,5,6.8]
["MATERIAL",4417,"SARRAFO NAO APARELHADO *2,5 X 7* CM, EM MACARANDUBA/MASSARANDUBA, ANGELIM, PEROBA-ROSA OU EQUIVALENTE DA REGIAO - BRUTA","M","CR",5.98,7.34,7.2,9.7899999999999991]
["MATERIAL",37373,"SEGURO - HORISTA (COLETADO CAIXA - ENCARGOS COMPLEMENTARES)","H","C",0.08,0.08,0.08,0.08]
["MATERIAL",40864,"SEGURO - MENSALISTA (COLETADO CAIXA - ENCARGOS COMPLEMENTARES)","MES","C",15.46,15.46,15.46,15.46]
["MATERIAL",4734,"SEIXO ROLADO PARA APLICACAO EM CONCRETO (POSTO PEDREIRA/FORNECEDOR, SEM FRETE)","M3","CR",407.05,106.61,674.19,417.22]
["MATERIAL",6085,"SELADOR ACRILICO OPACO PREMIUM INTERIOR/EXTERIOR","L","C",12.03,12.23,13.44,12.42]
["MATERIAL",38396,"SELADOR HORIZONTAL PARA FITA DE ACO 1\" (25 MM)","UN","CR",913.21,1139.1400000000001,889.8,990.23]
["MATERIAL",11622,"SELANTE A BASE DE ALCATRAO E POLIURETANO PARA JUNTAS HORIZONTAIS","KG","CR",73.989999999999995,98.18,90.96,65.45]
["MATERIAL",43143,"SELANTE ACRILICO PARA TRATAMENTO / ACABAMENTO SUPERFICIAL DE CONCRETO ESTAMPADO, APARENTE, PEDRAS E OUTROS","L","CR",27.94,37.08,34.35,24.72]
["MATERIAL",7317,"SELANTE DE BASE ASFALTICA PARA VEDACAO","KG","CR",33.36,39.119999999999997,38.93,35.11]
["MATERIAL",142,"SELANTE ELASTICO MONOCOMPONENTE A BASE DE POLIURETANO (PU) PARA JUNTAS DIVERSAS","310ML","CR",34.909999999999997,46.33,42.92,30.88]
["MATERIAL",43142,"SELANTE MONOCOMPONENTE A BASE DE SILICONE DE BAIXO MODULO, PARA JUNTAS DE PAVIMENTACAO","L","CR",158.59,210.44,194.97,140.29]
["MATERIAL",38123,"SELANTE TIPO VEDA CALHA PARA METAL E FIBROCIMENTO","KG","CR",76.05,77.319999999999993,84.97,78.52]
["MATERIAL",42699,"SELIM PVC, COM TRAVA, JE, 90 GRAUS, DN 125 X 100 MM OU 150 X 100 MM, PARA REDE COLETORA ESGOTO","UN","CR",35.03,32.14,32.49,33.9]
["EQUIPAMENTO (AQUISIÇÃO)",37743,"SEMIRREBOQUE COM DOIS EIXOS EM TANDEM TIPO BASCULANTE COM CACAMBA METALICA 14 M3 (INCLUI MONTAGEM, NAO INCLUI CAVALO MECANICO)","UN","CR",0,224811.18,0,246667.83]
["EQUIPAMENTO (AQUISIÇÃO)",37744,"SEMIRREBOQUE COM TRES EIXOS EM TANDEM TIPO BASCULANTE COM CACAMBA METALICA 18 M3 (INCLUI MONTAGEM, NAO INCLUI CAVALO MECANICO)","UN","CR",0,264335.65999999997,0,290034.96000000002]
["EQUIPAMENTO (AQUISIÇÃO)",37741,"SEMIRREBOQUE COM TRES EIXOS, PARA TRANSPORTE DE CARGA SECA, DIMENSOES APROXIMADAS 2,60 X 12,50 X 0,50 M (NAO INCLUI CAVALO MECANICO)","UN","CR",0,204419.58,0,224293.7]
["MATERIAL",39396,"SENSOR DE PRESENCA BIVOLT COM FOTOCELULA PARA QUALQUER TIPO DE LAMPADA, POTENCIA MAXIMA *1000* W, USO EXTERNO","UN","CR",0,0,0,0]
["MATERIAL",39392,"SENSOR DE PRESENCA BIVOLT DE PAREDE COM FOTOCELULA PARA QUALQUER TIPO DE LAMPADA POTENCIA MAXIMA *1000* W, USO INTERNO","UN","CR",0,0,0,0]
["MATERIAL",39393,"SENSOR DE PRESENCA BIVOLT DE PAREDE SEM FOTOCELULA PARA QUALQUER TIPO DE LAMPADA POTENCIA MAXIMA *1000* W, USO INTERNO","UN","CR",0,0,0,0]
["MATERIAL",39394,"SENSOR DE PRESENCA BIVOLT DE TETO COM FOTOCELULA PARA QUALQUER TIPO DE LAMPADA POTENCIA MAXIMA *1000* W, USO INTERNO","UN","CR",0,0,0,0]
["MATERIAL",39395,"SENSOR DE PRESENCA BIVOLT DE TETO SEM FOTOCELULA PARA QUALQUER TIPO DE LAMPADA POTENCIA MAXIMA *900* W, USO INTERNO","UN","CR",0,0,0,0]
["EQUIPAMENTO (AQUISIÇÃO)",14618,"SERRA CIRCULAR DE BANCADA COM MOTOR ELETRICO, POTENCIA DE *1600* W, PARA DISCO DE DIAMETRO DE 10\" (250 MM)","UN","CR",0,2061.67,0,1438.43]
["MAO DE OBRA",6110,"SERRALHEIRO (HORISTA)","H","CR",24.13,20.86,23.15,24.12]
["MAO DE OBRA",40910,"SERRALHEIRO (MENSALISTA)","MES","CR",4252.4799999999996,3660.12,4126.08,4258.84]
["MATERIAL",45255,"SERROTE PROFISSIONAL EM ACO TEMPERADO 20\", CABO DE MADEIRA","UN","CR",42.43,52.93,41.34,46.01]
["MAO DE OBRA",6111,"SERVENTE DE OBRAS (HORISTA)","H","C",14.69,14.54,15.65,15.82]
["MAO DE OBRA",41084,"SERVENTE DE OBRAS (MENSALISTA)","MES","CR",2589.7399999999998,2550.9899999999998,2789.41,2793.31]
["SERVIÇOS",44535,"SERVICO DE BOMBEAMENTO DE CONCRETO COM CONSUMO MINIMO DE 40 M3, (DISPONIBILIZACAO DE BOMBA), SEM O LANCAMENTO","M3","CR",59.94,65.8,50.53,53.46]
["MATERIAL",44945,"SIFAO / TUBO SINFONADO EXTENSIVEL/SANFONADO, UNIVERSAL/ SIMPLES, ENTRE *50 A 70* CM, DE PLASTICO BRANCO","UN","C",8,7.1,8.4499999999999993,10.199999999999999]
["MATERIAL",38637,"SIFAO EM METAL CROMADO PARA PIA AMERICANA, 1.1/2 X 1.1/2\"","UN","CR",279.58,0,179.6,306.49]
["MATERIAL",6150,"SIFAO EM METAL CROMADO PARA PIA AMERICANA, 1.1/2 X 2\"","UN","CR",283,0,181.79,310.23]
["MATERIAL",6136,"SIFAO EM METAL CROMADO PARA PIA OU LAVATORIO, 1 X 1.1/2\"","UN","C",222.45,0,142.9,243.86]
["MATERIAL",38638,"SIFAO EM METAL CROMADO PARA TANQUE, 1.1/4 X 1.1/2\"","UN","CR",235.59,0,151.34,258.26]
["MATERIAL",20262,"SIFAO PLASTICO EXTENSIVEL UNIVERSAL, TIPO COPO","UN","CR",14.65,13,15.47,18.68]
["MATERIAL",6145,"SIFAO PLASTICO TIPO COPO PARA PIA AMERICANA 1.1/2 X 1.1/2\"","UN","CR",16.18,14.36,17.100000000000001,20.64]
["MATERIAL",6149,"SIFAO PLASTICO TIPO COPO PARA PIA OU LAVATORIO, 1 X 1.1/2\"","UN","CR",10.7,9.49,11.3,13.64]
["MATERIAL",6146,"SIFAO PLASTICO TIPO COPO PARA TANQUE, 1.1/4 X 1.1/2\"","UN","CR",15.38,13.65,16.239999999999998,19.61]
["MATERIAL",44536,"SILICA ATIVA PARA ADICAO EM CONCRETO E ARGAMASSA","KG","CR",2.93,3.89,3.61,2.59]
["MATERIAL",39961,"SILICONE ACETICO USO GERAL INCOLOR 280 G","UN","CR",23.07,30.61,28.36,20.41]
["MATERIAL",42433,"SIMULADOR DE CAMINHADA TRIPLO, EM TUBO DE ACO CARBONO, PINTURA NO PROCESSO ELETROSTATICO - EQUIPAMENTO DE GINASTICA PARA ACADEMIA AO AR LIVRE / ACADEMIA DA TERCEIRA IDADE - ATI","UN","CR",0,0,0,0]
["MATERIAL",42434,"SIMULADOR DE CAVALGADA TRIPLO, EM TUBO DE ACO CARBONO, PINTURA NO PROCESSO ELETROSTATICO - EQUIPAMENTO DE GINASTICA PARA ACADEMIA AO AR LIVRE / ACADEMIA DA TERCEIRA IDADE - ATI","UN","CR",0,0,0,0]
["MATERIAL",42435,"SIMULADOR DE REMO INDIVIDUAL, EM TUBO DE ACO CARBONO, PINTURA NO PROCESSO ELETROSTATICO - EQUIPAMENTO DE GINASTICA PARA ACADEMIA AO AR LIVRE / ACADEMIA DA TERCEIRA IDADE - ATI","UN","CR",0,0,0,0]
["MATERIAL",38061,"SINALIZADOR NOTURNO SIMPLES PARA PARA-RAIOS, SEM RELE FOTOELETRICO","UN","CR",52.79,45.63,37.06,43.11]
["MATERIAL",20250,"SISAL EM FIBRA / ESTOPA SISAL PARA GESSO","KG","C",17.5,18,20,14.5]
["MATERIAL",13388,"SOLDA EM BARRA DE ESTANHO-CHUMBO 50/50","KG","CR",129.44,126.52,214.12,305.66000000000003]
["MATERIAL",39914,"SOLDA EM VARETA FOSCOPER, D = *2,5* MM X COMPRIMENTO 500 MM","KG","CR",0,0,432.32,0]
["MATERIAL",12732,"SOLDA ESTANHO/COBRE PARA CONEXOES DE COBRE, FIO 2,5 MM, CARRETEL 500 GR (SEM CHUMBO)","UN","CR",0,0,498.83,0]
["MAO DE OBRA",6160,"SOLDADOR (HORISTA)","H","C",24.13,23.64,23.15,27.42]
["MAO DE OBRA",41087,"SOLDADOR (MENSALISTA)","MES","CR",4252.4799999999996,4148.1400000000003,4126.08,4840.47]
["MAO DE OBRA",6166,"SOLDADOR ELETRICO (PARA SOLDA A SER TESTADA COM RAIOS \"X\") (HORISTA)","H","CR",28.35,27.77,27.18,37.369999999999997]
["MAO DE OBRA",41088,"SOLDADOR ELETRICO (PARA SOLDA A SER TESTADA COM RAIOS \"X\") (MENSALISTA)","MES","CR",4997.2,4874.59,4848.67,6599.98]
["MATERIAL",20232,"SOLEIRA EM GRANITO, POLIDO, TIPO ANDORINHA/ QUARTZ/ CASTELO/ CORUMBA OU OUTROS EQUIVALENTES DA REGIAO, L= *15* CM, E= *2,0* CM","M","CR",82.16,0,74.06,65.66]
["MATERIAL",10856,"SOLEIRA PRE-MOLDADA EM GRANILITE, MARMORITE OU GRANITINA, L = *15 CM","M","CR",0,0,0,143.38]
["MATERIAL",4828,"SOLEIRA/ PEITORIL EM MARMORE, POLIDO, BRANCO COMUM, L= *15* CM, E= *2* CM, CORTE RETO","M","CR",99.42,0,69.7,57.74]
["MATERIAL",20249,"SOLEIRA/ TABEIRA EM MARMORE, POLIDO, BRANCO COMUM, L= 5 CM, E= *2,0* CM","M","CR",54.44,0,38.17,31.62]
["MATERIAL",11609,"SOLUCAO ASFALTICA ELASTOMERICA PARA IMPRIMACAO, APLICACAO A FRIO","L","CR",12.29,16.309999999999999,15.11,10.87]
["MATERIAL",20083,"SOLUCAO PREPARADORA / LIMPADORA PARA PVC, FRASCO COM 1000 CM3","UN","CR",78.02,74.09,83.07,83.51]
["MATERIAL",10691,"SOLVENTE PARA COLA A BASE DE RESINA SINTETICA (PARA COLA DE LAMINADO MELAMINICO E OUTRAS SUPERFICIES)","L","CR",0,0,0,0]
["MATERIAL",12295,"SOQUETE DE BAQUELITE BASE E27, PARA LAMPADAS","UN","CR",2.2599999999999998,2.89,2.69,2.92]
["MATERIAL",12296,"SOQUETE DE PORCELANA BASE E27, FIXO DE TETO, PARA LAMPADAS","UN","CR",2.93,3.74,3.48,3.77]
["MATERIAL",12294,"SOQUETE DE PORCELANA BASE E27, PARA USO AO TEMPO, PARA LAMPADAS","UN","CR",7.04,8.99,8.35,9.07]
["MATERIAL",14543,"SOQUETE DE PVC / TERMOPLASTICO BASE E27, COM CHAVE, PARA LAMPADAS","UN","CR",5.0199999999999996,6.42,5.96,6.47]
["MATERIAL",13329,"SOQUETE DE PVC / TERMOPLASTICO BASE E27, COM RABICHO, PARA LAMPADAS","UN","C",2.95,3.77,3.5,3.8]
["MATERIAL",21047,"SPRINKLER TIPO PENDENTE, BULBO AMARELO DE RESPOSTA RAPIDA, 79 GRAUS CELSIUS, ACABAMENTO CROMADO, D = 20 MM (3/4\")","UN","CR",42.18,0,52.73,57.25]
["MATERIAL",21042,"SPRINKLER TIPO PENDENTE, BULBO AMARELO DE RESPOSTA RAPIDA, 79 GRAUS CELSIUS, ACABAMENTO NATURAL OU CROMADO, D = 15 MM (1/2\")","UN","CR",32.51,0,40.64,44.13]
["MATERIAL",21043,"SPRINKLER TIPO PENDENTE, BULBO AMARELO DE RESPOSTA RAPIDA, 79 GRAUS CELSIUS, ACABAMENTO NATURAL, D = 20 MM (3/4\")","UN","CR",41.07,0,51.34,55.74]
["MATERIAL",21044,"SPRINKLER TIPO PENDENTE, BULBO VERMELHO DE RESPOSTA RAPIDA, 68 GRAUS CELSIUS, ACABAMENTO CROMADO, D = 15 MM (1/2\")","UN","CR",28.61,0,35.770000000000003,38.83]
["MATERIAL",21045,"SPRINKLER TIPO PENDENTE, BULBO VERMELHO DE RESPOSTA RAPIDA, 68 GRAUS CELSIUS, ACABAMENTO CROMADO, D = 20 MM (3/4\")","UN","CR",39.19,0,48.99,53.19]
["MATERIAL",21041,"SPRINKLER TIPO PENDENTE, BULBO VERMELHO DE RESPOSTA RAPIDA, 68 GRAUS CELSIUS, ACABAMENTO NATURAL, D = 20 MM (3/4\")","UN","CR",33.799999999999997,0,42.25,45.87]
["MATERIAL",21040,"SPRINKLER TIPO PENDENTE, BULBO VERMELHO RESPOSTA RAPIDA, 68 GRAUS CELSIUS, ACABAMENTO NATURAL, D = 15 MM (1/2\")","UN","C",28,0,35,38]
["MATERIAL",14149,"SUPORTE \"Y\" PARA FITA PERFURADA","CENTO","CR",0,0,0,418.17]
["MATERIAL",38099,"SUPORTE DE FIXACAO PARA ESPELHO / PLACA 4\" X 2\", PARA 3 MODULOS, PARA INSTALACAO DE TOMADAS E INTERRUPTORES (SOMENTE SUPORTE)","UN","CR",1.44,1.48,2.0499999999999998,1.4]
["MATERIAL",38100,"SUPORTE DE FIXACAO PARA ESPELHO / PLACA 4\" X 4\", PARA 6 MODULOS, PARA INSTALACAO DE TOMADAS E INTERRUPTORES (SOMENTE SUPORTE)","UN","CR",2.37,2.4300000000000002,3.36,2.29]
["MATERIAL",7576,"SUPORTE EM ACO GALVANIZADO PARA TRANSFORMADOR PARA POSTE DUPLO T 185 X 95 MM, CHAPA DE 5/16\"","UN","CR",226.65,332.53,286.18,0]
["MATERIAL",3384,"SUPORTE GUIA SIMPLES COM ROLDANA EM POLIPROPILENO PARA CHUMBAR, H = 20 CM","UN","CR",7.1,7.07,6.57,11.35]
["MATERIAL",7572,"SUPORTE ISOLADOR REFORCADO DIAMETRO NOMINAL 5/16\", COM ROSCA SOBERBA E BUCHA","UN","CR",8.6300000000000008,7.46,6.06,7.05]
["MATERIAL",3396,"SUPORTE ISOLADOR SIMPLES DIAMETRO NOMINAL 5/16\", COM ROSCA SOBERBA E BUCHA","UN","CR",5.83,5.04,4.09,4.76]
["MATERIAL",45230,"SUPORTE MANUAL PARA LIXA, PLASTICO, COM 230 X 80 MM (COMPRIMENTO X LARGURA)","UN","CR",34.96,46.68,40.520000000000003,44.59]
["MATERIAL",37590,"SUPORTE MAO-FRANCESA EM ACO, ABAS IGUAIS 30 CM, CAPACIDADE MINIMA 60 KG, BRANCO","UN","CR",0,0,0,0]
["MATERIAL",37591,"SUPORTE MAO-FRANCESA EM ACO, ABAS IGUAIS 40 CM, CAPACIDADE MINIMA 70 KG, BRANCO","UN","CR",0,0,0,0]
["MATERIAL",12626,"SUPORTE METALICO PARA CALHA PLUVIAL, ZINCADO, DOBRADO, DIAMETRO ENTRE 119 E 170 MM, PARA DRENAGEM PLUVIAL PREDIAL","UN","CR",44.31,40.659999999999997,41.1,42.88]
["MATERIAL",11033,"SUPORTE PARA CALHA DE 150 MM EM ACO GALVANIZADO","UN","CR",5.34,6.18,0,7.12]
["MATERIAL",390,"SUPORTE PARA TUBO DIAMETRO NOMINAL 2\", COM ROSCA MECANICA","UN","CR",10.55,9.1199999999999992,7.41,8.6199999999999992]
["MATERIAL",42436,"SURF DUPLO, EM TUBO DE ACO CARBONO, PINTURA NO PROCESSO ELETROSTATICO - EQUIPAMENTO DE GINASTICA PARA ACADEMIA AO AR LIVRE / ACADEMIA DA TERCEIRA IDADE - ATI","UN","CR",0,0,0,0]
["MATERIAL",6194,"TABUA *2,5 X 15 CM EM PINUS, MISTA OU EQUIVALENTE DA REGIAO - BRUTA","M","CR",7.32,6.96,5.42,5.62]
["MATERIAL",10567,"TABUA *2,5 X 23* CM EM PINUS, MISTA OU EQUIVALENTE DA REGIAO - BRUTA","M","CR",11.58,11.02,8.59,8.91]
["MATERIAL",6212,"TABUA *2,5 X 30 CM EM PINUS, MISTA OU EQUIVALENTE DA REGIAO - BRUTA","M","C",17,16.170000000000002,12.6,13.07]
["MATERIAL",3993,"TABUA APARELHADA *2,5 X 15* CM, EM MACARANDUBA/MASSARANDUBA, ANGELIM OU EQUIVALENTE DA REGIAO","M2","CR",100.47,123.31,120.93,164.41]
["MATERIAL",3990,"TABUA APARELHADA *2,5 X 25* CM, EM MACARANDUBA/MASSARANDUBA, ANGELIM OU EQUIVALENTE DA REGIAO","M","CR",18.899999999999999,23.2,22.75,30.93]
["MATERIAL",3992,"TABUA APARELHADA *2,5 X 30* CM, EM MACARANDUBA/MASSARANDUBA, ANGELIM OU EQUIVALENTE DA REGIAO","M","CR",25.52,31.32,30.72,41.76]
["MATERIAL",6178,"TABUA DE MADEIRA PARA PISO, CUMARU/IPE CHAMPANHE OU EQUIVALENTE DA REGIAO, ENCAIXE MACHO/FEMEA, *10 X 2* CM","M2","CR",222.37,0,0,0]
["MATERIAL",6180,"TABUA DE MADEIRA PARA PISO, CUMARU/IPE CHAMPANHE OU EQUIVALENTE DA REGIAO, ENCAIXE MACHO/FEMEA, *15 X 2* CM","M2","C",240,0,0,0]
["MATERIAL",6182,"TABUA DE MADEIRA PARA PISO, IPE (CERNE) OU EQUIVALENTE DA REGIAO, ENCAIXE MACHO/FEMEA, *20 X 2* CM","M2","CR",297.89999999999998,0,0,0]
["MATERIAL",43614,"TABUA NAO APARELHADA *2,5 X 15* CM, EM MACARANDUBA/MASSARANDUBA, ANGELIM OU EQUIVALENTE DA REGIAO - BRUTA","M","CR",12.77,15.67,15.37,20.9]
["MATERIAL",6193,"TABUA NAO APARELHADA *2,5 X 20* CM, EM MACARANDUBA/MASSARANDUBA, ANGELIM OU EQUIVALENTE DA REGIAO - BRUTA","M","CR",15.54,19.07,18.71,25.43]
["MATERIAL",6189,"TABUA NAO APARELHADA *2,5 X 30* CM, EM MACARANDUBA/MASSARANDUBA, ANGELIM OU EQUIVALENTE DA REGIAO - BRUTA","M","CR",22.68,27.84,27.3,37.119999999999997]
["MATERIAL",6214,"TACO DE MADEIRA PARA PISO, IPE (CERNE) OU EQUIVALENTE DA REGIAO, 7 X 42 CM, E = 2 CM","M2","CR",139.30000000000001,0,0,0]
["MATERIAL",36153,"TALABARTE DE SEGURANCA, 2 MOSQUETOES TRAVA DUPLA *53* MM DE ABERTURA, COM ABSORVEDOR DE ENERGIA","UN","CR",173.2,237.25,197.38,195.68]
["EQUIPAMENTO (AQUISIÇÃO)",10740,"TALHA ELETRICA 3 T, VELOCIDADE 2,1 M / MIN, POTENCIA 1,3 KW","UN","CR",10722.36,11971.4,0,8035.71]
["EQUIPAMENTO (AQUISIÇÃO)",13914,"TALHA MANUAL DE CORRENTE, CAPACIDADE DE 1 T COM ELEVACAO DE 3 M","UN","CR",775.8,866.18,0,581.41]
["EQUIPAMENTO (AQUISIÇÃO)",10742,"TALHA MANUAL DE CORRENTE, CAPACIDADE DE 2 T COM ELEVACAO DE 3 M","UN","C",1131.52,1263.33,0,848]
["MATERIAL",45239,"TALHADEIRA CHATA, DE ACO, 10\"","UN","CR",27.74,34.61,27.03,30.08]
["MATERIAL",38465,"TALHADEIRA COM PUNHO DE PROTECAO *20 X 250* MM","UN","CR",76.650000000000006,95.61,74.680000000000007,83.11]
["MATERIAL",7543,"TAMPA CEGA EM PVC PARA CONDULETE 4 X 2\"","UN","CR",3.39,5.49,6.14,6.52]
["MATERIAL",43427,"TAMPA DE CONCRETO ARMADO PARA FOSSA SEPTICA, DIAMETRO NOMINAL DE 3,00 M E ESPESSURA MINIMA DE 100 MM","UN","CR",0,1783.1,1937.1,1904.68]
["MATERIAL",41613,"TAMPA DE CONCRETO ARMADO PARA FOSSA, D = *0,90* M, E = 0,05 M","UN","CR",0,114.62,124.52,122.43]
["MATERIAL",41614,"TAMPA DE CONCRETO ARMADO PARA FOSSA, D = *1,10* M, E = 0,05 M","UN","CR",0,146.05000000000001,158.66,156]
["MATERIAL",41615,"TAMPA DE CONCRETO ARMADO PARA FOSSA, D = *1,35* M, E = 0,05 M","UN","CR",0,225.73,245.22,241.12]
["MATERIAL",41616,"TAMPA DE CONCRETO ARMADO PARA FOSSA, D = 1,50 M, E = 0,05 M","UN","CR",0,337.27,366.4,360.27]
["MATERIAL",41617,"TAMPA DE CONCRETO ARMADO PARA FOSSA, D = 2,00 M, E = 0,05 M","UN","CR",0,670.63,728.54,716.35]
["MATERIAL",41618,"TAMPA DE CONCRETO ARMADO PARA FOSSA, D = 2,50 M, E = 0,05 M","UN","CR",0,1234.58,1341.21,1318.76]
["MATERIAL",43428,"TAMPA DE CONCRETO ARMADO PARA POCO DE INSPECAO, COM FURO E TAMPINHA, DIAMETRO NOMINAL DE 3,00 M E ESPESSURA MINIMA DE 100 MM","UN","CR",0,2168.5700000000002,2355.85,2316.42]
["MATERIAL",41619,"TAMPA DE CONCRETO ARMADO PARA POCO, COM FURO E TAMPINHA, D = *0,90* M, E = 0,05 M","UN","CR",0,140.5,152.63,150.08000000000001]
["MATERIAL",41620,"TAMPA DE CONCRETO ARMADO PARA POCO, COM FURO E TAMPINHA, D = *1,10* M, E = 0,05 M","UN","CR",0,177.47,192.8,189.57]
["MATERIAL",41622,"TAMPA DE CONCRETO ARMADO PARA POCO, COM FURO E TAMPINHA, D = *1,35* M, E = 0,05 M","UN","CR",0,307.81,334.39,328.8]
["MATERIAL",41623,"TAMPA DE CONCRETO ARMADO PARA POCO, COM FURO E TAMPINHA, D = 1,50 M, E = 0,05 M","UN","CR",0,473.27,514.15,505.54]
["MATERIAL",41624,"TAMPA DE CONCRETO ARMADO PARA POCO, COM FURO E TAMPINHA, D = 2,00 M, E = 0,05 M","UN","CR",0,887.39,964.03,947.89]
["MATERIAL",41625,"TAMPA DE CONCRETO ARMADO PARA POCO, COM FURO E TAMPINHA, D = 2,50 M, E = 0,05 M","UN","CR",0,1365.29,1483.2,1458.38]
["MATERIAL",39346,"TAMPA PARA CONDULETE, EM PVC, PARA 1 INTERRUPTOR","UN","CR",2.09,3.39,3.79,4.0199999999999996]
["MATERIAL",39350,"TAMPA PARA CONDULETE, EM PVC, PARA 1 MODULO RJ","UN","CR",2.25,3.65,4.08,4.33]
["MATERIAL",39351,"TAMPA PARA CONDULETE, EM PVC, PARA 2 MODULOS RJ","UN","CR",2.6,4.22,4.72,5.01]
["MATERIAL",39352,"TAMPA PARA CONDULETE, EM PVC, PARA TOMADA HEXAGONAL","UN","CR",2.09,3.39,3.79,4.0199999999999996]
["MATERIAL",38837,"TAMPAO / CAP, ROSCA MACHO, DN 1\", PARA TUBO PEX PARA INST. AGUA QUENTE/FRIA","UN","CR",0,0,0,0]
["MATERIAL",38836,"TAMPAO / CAP, ROSCA MACHO, DN 3/4\", PARA TUBO PEX PARA INST. AGUA QUENTE/FRIA","UN","CR",0,0,0,0]
["MATERIAL",2666,"TAMPAO / TERMINAL / PLUG, D = 1 1/4\", PARA DUTO CORRUGADO PEAD (CABEAMENTO SUBTERRANEO)","UN","CR",5.09,6.89,6.31,5.1100000000000003]
["MATERIAL",2668,"TAMPAO / TERMINAL / PLUG, D = 2\", PARA DUTO CORRUGADO PEAD (CABEAMENTO SUBTERRANEO)","UN","CR",5.82,7.87,7.2,5.84]
["MATERIAL",2664,"TAMPAO / TERMINAL / PLUG, D = 3\", PARA DUTO CORRUGADO PEAD (CABEAMENTO SUBTERRANEO)","UN","CR",8.58,11.61,10.62,8.6199999999999992]
["MATERIAL",2662,"TAMPAO / TERMINAL / PLUG, D = 4\", PARA DUTO CORRUGADO PEAD (CABEAMENTO SUBTERRANEO)","UN","CR",10.53,14.24,13.03,10.57]
["MATERIAL",20964,"TAMPAO COM CORRENTE, EM LATAO, ENGATE RAPIDO 1 1/2\", PARA INSTALACAO PREDIAL DE COMBATE A INCENDIO","UN","CR",0,0,74.19,60.52]
["MATERIAL",10905,"TAMPAO COM CORRENTE, EM LATAO, ENGATE RAPIDO 2 1/2\", PARA INSTALACAO PREDIAL DE COMBATE A INCENDIO","UN","CR",0,0,99.52,81.19]
["MATERIAL",11289,"TAMPAO FOFO ARTICULADO P/ REGISTRO, COM BASE / REQUADRO, CLASSE A15 CARGA MAX 1,5 T, *200 X 200* MM (COM INSCRICAO EM RELEVO DO TIPO DE REDE)","UN","CR",0,0,0,72.12]
["MATERIAL",11241,"TAMPAO FOFO ARTICULADO P/ REGISTRO, COM BASE / REQUADRO, CLASSE A15 CARGA MAXIMA 1,5 T, *400 X 400* MM (COM INSCRICAO EM RELEVO DO TIPO DE REDE)","UN","CR",0,0,0,180.3]
["MATERIAL",11301,"TAMPAO FOFO ARTICULADO, COM BASE / REQUADRO, CLASSE B125 CARGA MAX 12,5 T, REDONDO, TAMPA 600 MM (COM INSCRICAO EM RELEVO DO TIPO DE REDE)","UN","CR",0,0,0,457.2]
["MATERIAL",21090,"TAMPAO FOFO ARTICULADO, COM BASE / REQUADRO, CLASSE D400 CARGA MAX 40 T, REDONDO, TAMPA 600 MM (COM INSCRICAO EM RELEVO DO TIPO DE REDE)","UN","CR",0,0,0,560.23]
["MATERIAL",11315,"TAMPAO FOFO SIMPLES COM BASE / REQUADRO, CLASSE A15 CARGA MAX. 1,5 T, 300 X 300 MM (COM INSCRICAO EM RELEVO DO TIPO DE REDE)","UN","CR",0,0,0,109.47]
["MATERIAL",21071,"TAMPAO FOFO SIMPLES COM BASE / REQUADRO, CLASSE A15 CARGA MAX. 1,5 T, 400 X 400 MM (COM INSCRICAO EM RELEVO DO TIPO DE REDE)","UN","CR",0,0,0,167.42]
["MATERIAL",14112,"TAMPAO FOFO SIMPLES COM BASE / REQUADRO, CLASSE A15 CARGA MAX. 1,5 T, 400 X 600 MM (COM INSCRICAO EM RELEVO DO TIPO DE REDE)","UN","CR",0,0,0,233.75]
["MATERIAL",11316,"TAMPAO FOFO SIMPLES COM BASE / REQUADRO, CLASSE B125 CARGA MAX. 12,5 T, REDONDO, TAMPA 500 MM (COM INSCRICAO EM RELEVO DO TIPO DE REDE)","UN","CR",0,0,0,360.61]
["MATERIAL",6243,"TAMPAO FOFO SIMPLES COM BASE / REQUADRO, CLASSE B125 CARGA MAX. 12,5 T, REDONDO, TAMPA 600 MM (COM INSCRICAO EM RELEVO DO TIPO DE REDE)","UN","C",0,0,0,415.35]
["MATERIAL",6240,"TAMPAO FOFO SIMPLES COM BASE / REQUADRO, CLASSE D400 CARGA MAX. 40 T, REDONDO, TAMPA 600 MM (COM INSCRICAO EM RELEVO DO TIPO DE REDE)","UN","CR",0,0,0,549.92999999999995]
["MATERIAL",11296,"TAMPAO FOFO SIMPLES COM BASE / REQUADRO, CLASSE D400 CARGA MAX. 40 T, REDONDO, TAMPA 900 MM (COM INSCRICAO EM RELEVO DO TIPO DE REDE)","UN","CR",0,0,0,1752.19]
["MATERIAL",11299,"TAMPAO FOFO SIMPLES COM BASE / REQUADRO, R-2, CLASSE A15 CARGA MAX. 1,5 T, 550 X 1100 MM (COM INSCRICAO EM RELEVO DO TIPO DE REDE)","UN","CR",0,0,0,593.08000000000004]
["MATERIAL",11688,"TANQUE ACO INOXIDAVEL (ACO 304) COM ESFREGADOR E VALVULA, DE *50 X 40 X 22* CM","UN","CR",443.1,526.01,498.65,553.62]
["EQUIPAMENTO (AQUISIÇÃO)",37736,"TANQUE DE ACO CARBONO NAO REVESTIDO, PARA TRANSPORTE DE AGUA COM CAPACIDADE DE 10 M3, COM BOMBA CENTRIFUGA POR TOMADA DE FORCA, VAZAO MAXIMA *75* M3/H (INCLUI MONTAGEM, NAO INCLUI CAMINHAO)","UN","C",0,0,0,0]
["EQUIPAMENTO (AQUISIÇÃO)",37739,"TANQUE DE ACO PARA TRANSPORTE DE AGUA COM CAPACIDADE DE 14 M3 (INCLUI MONTAGEM, NAO INCLUI CAMINHAO)","UN","CR",0,0,0,0]
["EQUIPAMENTO (AQUISIÇÃO)",37740,"TANQUE DE ACO PARA TRANSPORTE DE AGUA COM CAPACIDADE DE 4 M3 (INCLUI MONTAGEM, NAO INCLUI CAMINHAO)","UN","CR",0,0,0,0]
["EQUIPAMENTO (AQUISIÇÃO)",37738,"TANQUE DE ACO PARA TRANSPORTE DE AGUA COM CAPACIDADE DE 6 M3 (INCLUI MONTAGEM, NAO INCLUI CAMINHAO)","UN","CR",0,0,0,0]
["EQUIPAMENTO (AQUISIÇÃO)",37737,"TANQUE DE ACO PARA TRANSPORTE DE AGUA COM CAPACIDADE DE 8 M3 (INCLUI MONTAGEM, NAO INCLUI CAMINHAO)","UN","CR",0,0,0,0]
["EQUIPAMENTO (AQUISIÇÃO)",25014,"TANQUE DE ASFALTO ESTACIONARIO COM MACARICO, CAPACIDADE 20.000 L","UN","CR",0,0,0,0]
["EQUIPAMENTO (AQUISIÇÃO)",25013,"TANQUE DE ASFALTO ESTACIONARIO COM SERPENTINA, CAPACIDADE 20.000 L","UN","CR",0,0,0,0]
["EQUIPAMENTO (AQUISIÇÃO)",14405,"TANQUE DE ASFALTO ESTACIONARIO COM SERPENTINA, CAPACIDADE 30.000 L","UN","CR",0,0,0,0]
["MATERIAL",20271,"TANQUE DE LOUCA BRANCA, COM COLUNA, *30* L","UN","CR",590.88,602.28,534.5,618.24]
["MATERIAL",10423,"TANQUE DE LOUCA BRANCA, SUSPENSO, *20* L","UN","CR",433.84,442.21,392.45,453.93]
["MATERIAL",36790,"TANQUE DUPLO EM MARMORE SINTETICO COM CUBA LISA E ESFREGADOR, *110 X 60* CM","UN","CR",329.22,278.54000000000002,322.05,338.76]
["MATERIAL",37589,"TANQUE SIMPLES EM MARMORE SINTETICO COM COLUNA, CAPACIDADE *22* L, *60 X 46* CM","UN","CR",403.38,341.28,394.6,415.07]
["MATERIAL",11690,"TANQUE SIMPLES EM MARMORE SINTETICO DE FIXAR NA PAREDE, CAPACIDADE *22* L, *60 X 46* CM","UN","CR",214.28,181.3,209.62,220.5]
["MATERIAL",20234,"TANQUE SIMPLES EM MARMORE SINTETICO SUSPENSO, CAPACIDADE *38* L, *60 X 60* CM","UN","CR",271.18,229.43,265.27999999999997,279.04000000000002]
["ESPECIAIS",44480,"TARIFA \"A\" ENTRE 0 E 20M3 FORNECIMENTO D'AGUA","M3","CR",20.05,23.27,14,22.7]
["MATERIAL",11457,"TARJETA LIVRE / OCUPADO PARA PORTA DE BANHEIRO, CORPO EM ZAMAC E ESPELHO EM LATAO","UN","CR",52.21,54.95,45.77,51.29]
["MATERIAL",44073,"TARUGO DELIMITADOR DE PROFUNDIDADE EM ESPUMA DE POLIETILENO DE BAIXA DENSIDADE 10 MM, CINZA","M","CR",0.79,0.8,0.63,0.97]
["MATERIAL",3593,"TE 45 GRAUS DE FERRO GALVANIZADO, COM ROSCA BSP, DE 1 1/2\"","UN","CR",0,88.03,0,90.84]
["MATERIAL",3588,"TE 45 GRAUS DE FERRO GALVANIZADO, COM ROSCA BSP, DE 1 1/4\"","UN","CR",0,67.849999999999994,0,70.02]
["MATERIAL",3587,"TE 45 GRAUS DE FERRO GALVANIZADO, COM ROSCA BSP, DE 1\"","UN","CR",0,42.1,0,43.45]
["MATERIAL",3585,"TE 45 GRAUS DE FERRO GALVANIZADO, COM ROSCA BSP, DE 1/2\"","UN","CR",0,20.95,0,21.63]
["MATERIAL",3590,"TE 45 GRAUS DE FERRO GALVANIZADO, COM ROSCA BSP, DE 2 1/2\"","UN","CR",0,249.93,0,257.93]
["MATERIAL",3589,"TE 45 GRAUS DE FERRO GALVANIZADO, COM ROSCA BSP, DE 2\"","UN","CR",0,134.15,0,138.44]
["MATERIAL",3592,"TE 45 GRAUS DE FERRO GALVANIZADO, COM ROSCA BSP, DE 3\"","UN","CR",0,395.07,0,407.71]
["MATERIAL",3586,"TE 45 GRAUS DE FERRO GALVANIZADO, COM ROSCA BSP, DE 3/4\"","UN","CR",0,27.45,0,28.33]
["MATERIAL",3591,"TE 45 GRAUS DE FERRO GALVANIZADO, COM ROSCA BSP, DE 4\"","UN","CR",0,633.32000000000005,0,653.58000000000004]
["MATERIAL",40396,"TE 90 GRAUS EM ACO CARBONO, SOLDAVEL, PRESSAO 3.000 LBS, DN 1 1/2\"","UN","CR",0,0,0,0]
["MATERIAL",40395,"TE 90 GRAUS EM ACO CARBONO, SOLDAVEL, PRESSAO 3.000 LBS, DN 1 1/4\"","UN","CR",0,0,0,0]
["MATERIAL",40394,"TE 90 GRAUS EM ACO CARBONO, SOLDAVEL, PRESSAO 3.000 LBS, DN 1\"","UN","CR",0,0,0,0]
["MATERIAL",40392,"TE 90 GRAUS EM ACO CARBONO, SOLDAVEL, PRESSAO 3.000 LBS, DN 1/2\"","UN","CR",0,0,0,0]
["MATERIAL",40398,"TE 90 GRAUS EM ACO CARBONO, SOLDAVEL, PRESSAO 3.000 LBS, DN 2 1/2\"","UN","CR",0,0,0,0]
["MATERIAL",40397,"TE 90 GRAUS EM ACO CARBONO, SOLDAVEL, PRESSAO 3.000 LBS, DN 2\"","UN","CR",0,0,0,0]
["MATERIAL",40399,"TE 90 GRAUS EM ACO CARBONO, SOLDAVEL, PRESSAO 3.000 LBS, DN 3\"","UN","CR",0,0,0,0]
["MATERIAL",40393,"TE 90 GRAUS EM ACO CARBONO, SOLDAVEL, PRESSAO 3.000 LBS, DN 3/4\"","UN","CR",0,0,0,0]
["MATERIAL",44253,"TE CPVC, SOLDAVEL, 90 GRAUS, 114 MM, PARA AGUA QUENTE PREDIAL","UN","CR",274.19,0,274.64999999999998,300.75]
["MATERIAL",21121,"TE CPVC, SOLDAVEL, 90 GRAUS, 15 MM, PARA AGUA QUENTE PREDIAL","UN","CR",3.93,0,3.94,4.3099999999999996]
["MATERIAL",38010,"TE CPVC, SOLDAVEL, 90 GRAUS, 22 MM, PARA AGUA QUENTE PREDIAL","UN","CR",4.9000000000000004,0,4.9000000000000004,5.37]
["MATERIAL",38011,"TE CPVC, SOLDAVEL, 90 GRAUS, 28 MM, PARA AGUA QUENTE PREDIAL","UN","CR",9.81,0,9.83,10.77]
["MATERIAL",38012,"TE CPVC, SOLDAVEL, 90 GRAUS, 35 MM, PARA AGUA QUENTE PREDIAL","UN","CR",37.43,0,37.49,41.05]
["MATERIAL",38013,"TE CPVC, SOLDAVEL, 90 GRAUS, 42 MM, PARA AGUA QUENTE PREDIAL","UN","CR",48.08,0,48.16,52.74]
["MATERIAL",38014,"TE CPVC, SOLDAVEL, 90 GRAUS, 54 MM, PARA AGUA QUENTE PREDIAL","UN","CR",80.3,0,80.430000000000007,88.08]
["MATERIAL",38015,"TE CPVC, SOLDAVEL, 90 GRAUS, 73 MM, PARA AGUA QUENTE PREDIAL","UN","CR",188.77,0,189.09,207.06]
["MATERIAL",38016,"TE CPVC, SOLDAVEL, 90 GRAUS, 89 MM, PARA AGUA QUENTE PREDIAL","UN","CR",219.52,0,219.89,240.79]
["MATERIAL",12741,"TE DE COBRE SEM ANEL DE SOLDA, BOLSA X BOLSA X BOLSA, 104 MM","UN","CR",0,0,2395.23,0]
["MATERIAL",12733,"TE DE COBRE SEM ANEL DE SOLDA, BOLSA X BOLSA X BOLSA, 15 MM","UN","CR",0,0,12.05,0]
["MATERIAL",12734,"TE DE COBRE SEM ANEL DE SOLDA, BOLSA X BOLSA X BOLSA, 22 MM","UN","CR",0,0,25.68,0]
["MATERIAL",12735,"TE DE COBRE SEM ANEL DE SOLDA, BOLSA X BOLSA X BOLSA, 28 MM","UN","CR",0,0,42.26,0]
["MATERIAL",12736,"TE DE COBRE SEM ANEL DE SOLDA, BOLSA X BOLSA X BOLSA, 35 MM","UN","CR",0,0,96.6,0]
["MATERIAL",12737,"TE DE COBRE SEM ANEL DE SOLDA, BOLSA X BOLSA X BOLSA, 42 MM","UN","CR",0,0,124.45,0]
["MATERIAL",12738,"TE DE COBRE SEM ANEL DE SOLDA, BOLSA X BOLSA X BOLSA, 54 MM","UN","CR",0,0,245.98,0]
["MATERIAL",12739,"TE DE COBRE SEM ANEL DE SOLDA, BOLSA X BOLSA X BOLSA, 66 MM","UN","CR",0,0,700.19,0]
["MATERIAL",12740,"TE DE COBRE SEM ANEL DE SOLDA, BOLSA X BOLSA X BOLSA, 79 MM","UN","CR",0,0,1095.49,0]
["MATERIAL",6297,"TE DE FERRO GALVANIZADO, DE 1 1/2\"","UN","CR",0,40.56,0,41.86]
["MATERIAL",6296,"TE DE FERRO GALVANIZADO, DE 1 1/4\"","UN","CR",0,32.01,0,33.04]
["MATERIAL",6323,"TE DE FERRO GALVANIZADO, DE 1\"","UN","CR",0,20.92,0,21.59]
["MATERIAL",6294,"TE DE FERRO GALVANIZADO, DE 1/2\"","UN","CR",0,9.1300000000000008,0,9.42]
["MATERIAL",6299,"TE DE FERRO GALVANIZADO, DE 2 1/2\"","UN","CR",0,121.98,0,125.89]
["MATERIAL",6298,"TE DE FERRO GALVANIZADO, DE 2\"","UN","CR",0,64.239999999999995,0,66.3]
["MATERIAL",6322,"TE DE FERRO GALVANIZADO, DE 3\"","UN","CR",0,163.38,0,168.61]
["MATERIAL",6295,"TE DE FERRO GALVANIZADO, DE 3/4\"","UN","CR",0,12.99,0,13.41]
["MATERIAL",6300,"TE DE FERRO GALVANIZADO, DE 4\"","UN","CR",0,301.22000000000003,0,310.86]
["MATERIAL",6321,"TE DE FERRO GALVANIZADO, DE 5\"","UN","CR",0,430.27,0,444.04]
["MATERIAL",6301,"TE DE FERRO GALVANIZADO, DE 6\"","UN","CR",0,1008.51,0,1040.78]
["MATERIAL",7105,"TE DE INSPECAO, PVC, 100 X 75 MM, SERIE NORMAL PARA ESGOTO PREDIAL","UN","CR",44.52,40.86,41.3,43.09]
["MATERIAL",20183,"TE DE INSPECAO, PVC, SERIE R, 100 X 75 MM, PARA ESGOTO PREDIAL","UN","CR",54.86,50.34,50.89,53.09]
["MATERIAL",38448,"TE DE INSPECAO, PVC, SERIE R, 150 X 100 MM, PARA ESGOTO PREDIAL","UN","CR",248.93,228.45,230.92,240.92]
["MATERIAL",20182,"TE DE INSPECAO, PVC, SERIE R, 75 X 75 MM, PARA ESGOTO PREDIAL","UN","CR",31.89,29.27,29.59,30.87]
["MATERIAL",7119,"TE DE REDUCAO COM ROSCA, PVC, 90 GRAUS, 1 X 3/4\", PARA AGUA FRIA PREDIAL","UN","CR",12.57,11.29,12.16,11.54]
["MATERIAL",7126,"TE DE REDUCAO COM ROSCA, PVC, 90 GRAUS, 1.1/2\" X 3/4\", AGUA FRIA PREDIAL","UN","CR",25.65,23.05,24.82,23.55]
["MATERIAL",7120,"TE DE REDUCAO COM ROSCA, PVC, 90 GRAUS, 3/4 X 1/2\", PARA AGUA FRIA PREDIAL","UN","CR",9.64,8.66,9.33,8.85]
["MATERIAL",6319,"TE DE REDUCAO DE FERRO GALVANIZADO, COM ROSCA BSP, DE 1 1/2\" X 1\"","UN","CR",0,47.65,0,49.17]
["MATERIAL",6304,"TE DE REDUCAO DE FERRO GALVANIZADO, COM ROSCA BSP, DE 1 1/2\" X 3/4\"","UN","CR",0,47.65,0,49.17]
["MATERIAL",21116,"TE DE REDUCAO DE FERRO GALVANIZADO, COM ROSCA BSP, DE 1 1/4\" X 3/4\"","UN","CR",0,36.08,0,37.24]
["MATERIAL",6320,"TE DE REDUCAO DE FERRO GALVANIZADO, COM ROSCA BSP, DE 1\" X 1/2\"","UN","CR",0,24.54,0,25.32]
["MATERIAL",6303,"TE DE REDUCAO DE FERRO GALVANIZADO, COM ROSCA BSP, DE 1\" X 3/4\"","UN","CR",0,24.54,0,25.32]
["MATERIAL",6308,"TE DE REDUCAO DE FERRO GALVANIZADO, COM ROSCA BSP, DE 2 1/2\" X 1 1/2\"","UN","CR",0,131.85,0,136.07]
["MATERIAL",6317,"TE DE REDUCAO DE FERRO GALVANIZADO, COM ROSCA BSP, DE 2 1/2\" X 1 1/4\"","UN","CR",0,131.85,0,136.07]
["MATERIAL",6307,"TE DE REDUCAO DE FERRO GALVANIZADO, COM ROSCA BSP, DE 2 1/2\" X 1\"","UN","CR",0,131.85,0,136.07]
["MATERIAL",6309,"TE DE REDUCAO DE FERRO GALVANIZADO, COM ROSCA BSP, DE 2 1/2\" X 2\"","UN","CR",0,135.68,0,140.02000000000001]
["MATERIAL",6318,"TE DE REDUCAO DE FERRO GALVANIZADO, COM ROSCA BSP, DE 2\" X 1 1/2\"","UN","CR",0,71.12,0,73.400000000000006]
["MATERIAL",6306,"TE DE REDUCAO DE FERRO GALVANIZADO, COM ROSCA BSP, DE 2\" X 1 1/4\"","UN","CR",0,71.12,0,73.400000000000006]
["MATERIAL",6305,"TE DE REDUCAO DE FERRO GALVANIZADO, COM ROSCA BSP, DE 2\" X 1\"","UN","CR",0,71.12,0,73.400000000000006]
["MATERIAL",6312,"TE DE REDUCAO DE FERRO GALVANIZADO, COM ROSCA BSP, DE 3\" X 1 1/2\"","UN","CR",0,189.65,0,195.72]
["MATERIAL",6311,"TE DE REDUCAO DE FERRO GALVANIZADO, COM ROSCA BSP, DE 3\" X 1 1/4\"","UN","CR",0,189.65,0,195.72]
["MATERIAL",6310,"TE DE REDUCAO DE FERRO GALVANIZADO, COM ROSCA BSP, DE 3\" X 1\"","UN","CR",0,189.65,0,195.72]
["MATERIAL",6314,"TE DE REDUCAO DE FERRO GALVANIZADO, COM ROSCA BSP, DE 3\" X 2 1/2\"","UN","CR",0,189.65,0,195.72]
["MATERIAL",6313,"TE DE REDUCAO DE FERRO GALVANIZADO, COM ROSCA BSP, DE 3\" X 2\"","UN","CR",0,189.65,0,195.72]
["MATERIAL",6302,"TE DE REDUCAO DE FERRO GALVANIZADO, COM ROSCA BSP, DE 3/4\" X 1/2\"","UN","CR",0,15.08,0,15.57]
["MATERIAL",6315,"TE DE REDUCAO DE FERRO GALVANIZADO, COM ROSCA BSP, DE 4\" X 2\"","UN","CR",0,359.1,0,370.59]
["MATERIAL",6316,"TE DE REDUCAO DE FERRO GALVANIZADO, COM ROSCA BSP, DE 4\" X 3\"","UN","CR",0,359.1,0,370.59]
["MATERIAL",39324,"TE DE REDUCAO, CPVC, 22 X 15 MM, PARA AGUA QUENTE PREDIAL","UN","CR",5.12,0,5.13,5.61]
["MATERIAL",39325,"TE DE REDUCAO, CPVC, 28 X 22 MM, PARA AGUA QUENTE PREDIAL","UN","CR",7.71,0,7.72,8.4600000000000009]
["MATERIAL",39326,"TE DE REDUCAO, CPVC, 35 X 28 MM, PARA AGUA QUENTE PREDIAL","UN","CR",27.68,0,27.72,30.36]
["MATERIAL",39327,"TE DE REDUCAO, CPVC, 42 X 35 MM, PARA AGUA QUENTE PREDIAL","UN","CR",41.76,0,41.83,45.81]
["MATERIAL",11378,"TE DE REDUCAO, PVC PBA, BBB, JE, DN 100 X 50 / DE 110 X 60 MM, PARA REDE DE AGUA","UN","CR",0,0,0,109.84]
["MATERIAL",11379,"TE DE REDUCAO, PVC PBA, BBB, JE, DN 100 X 75 / DE 110 X 85 MM, PARA REDE DE AGUA","UN","CR",0,0,0,92.82]
["MATERIAL",11493,"TE DE REDUCAO, PVC PBA, BBB, JE, DN 75 X 50 / DE 85 X 60 MM, PARA REDE DE AGUA","UN","CR",0,0,0,53.54]
["MATERIAL",7106,"TE DE REDUCAO, PVC, SOLDAVEL, 90 GRAUS, 110 MM X 60 MM, PARA AGUA FRIA PREDIAL","UN","CR",158.74,142.63,153.6,145.71]
["MATERIAL",7104,"TE DE REDUCAO, PVC, SOLDAVEL, 90 GRAUS, 25 MM X 20 MM, PARA AGUA FRIA PREDIAL","UN","CR",4.28,3.84,4.1399999999999997,3.93]
["MATERIAL",7136,"TE DE REDUCAO, PVC, SOLDAVEL, 90 GRAUS, 32 MM X 25 MM, PARA AGUA FRIA PREDIAL","UN","CR",7.45,6.69,7.21,6.84]
["MATERIAL",7128,"TE DE REDUCAO, PVC, SOLDAVEL, 90 GRAUS, 40 MM X 32 MM, PARA AGUA FRIA PREDIAL","UN","CR",9.67,8.68,9.35,8.8699999999999992]
["MATERIAL",7108,"TE DE REDUCAO, PVC, SOLDAVEL, 90 GRAUS, 50 MM X 20 MM, PARA AGUA FRIA PREDIAL","UN","CR",9.64,8.66,9.33,8.85]
["MATERIAL",7129,"TE DE REDUCAO, PVC, SOLDAVEL, 90 GRAUS, 50 MM X 25 MM, PARA AGUA FRIA PREDIAL","UN","CR",11.35,10.199999999999999,10.98,10.42]
["MATERIAL",7130,"TE DE REDUCAO, PVC, SOLDAVEL, 90 GRAUS, 50 MM X 32 MM, PARA AGUA FRIA PREDIAL","UN","CR",16.489999999999998,14.81,15.95,15.14]
["MATERIAL",7131,"TE DE REDUCAO, PVC, SOLDAVEL, 90 GRAUS, 50 MM X 40 MM, PARA AGUA FRIA PREDIAL","UN","CR",20.170000000000002,18.12,19.510000000000002,18.510000000000002]
["MATERIAL",7132,"TE DE REDUCAO, PVC, SOLDAVEL, 90 GRAUS, 75 MM X 50 MM, PARA AGUA FRIA PREDIAL","UN","CR",47.48,42.66,45.94,43.58]
["MATERIAL",7133,"TE DE REDUCAO, PVC, SOLDAVEL, 90 GRAUS, 85 MM X 60 MM, PARA AGUA FRIA PREDIAL","UN","CR",109.72,98.58,106.17,100.72]
["MATERIAL",37422,"TE DE SERVICO INTEGRADO, EM POLIPROPILENO (PP), PARA TUBOS EM PEAD, 63 X 20 MM - LIGACAO PREDIAL DE AGUA","UN","CR",0,0,0,77.52]
["MATERIAL",37420,"TE DE SERVICO INTEGRADO, EM POLIPROPILENO (PP), PARA TUBOS EM PEAD/PVC, 60 X 20 MM - LIGACAO PREDIAL DE AGUA","UN","CR",0,0,0,60.59]
["MATERIAL",37421,"TE DE SERVICO INTEGRADO, EM POLIPROPILENO (PP), PARA TUBOS EM PEAD/PVC, 60 X 32 MM - LIGACAO PREDIAL DE AGUA","UN","CR",0,0,0,82.81]
["MATERIAL",37443,"TE DE SERVICO, PEAD PE 100, DE 125 X 20 MM, PARA ELETROFUSAO","UN","CR",0,0,0,0]
["MATERIAL",37444,"TE DE SERVICO, PEAD PE 100, DE 125 X 32 MM, PARA ELETROFUSAO","UN","CR",0,0,0,0]
["MATERIAL",37445,"TE DE SERVICO, PEAD PE 100, DE 125 X 63 MM, PARA ELETROFUSAO","UN","CR",0,0,0,0]
["MATERIAL",37446,"TE DE SERVICO, PEAD PE 100, DE 200 X 20 MM, PARA ELETROFUSAO","UN","CR",0,0,0,0]
["MATERIAL",37447,"TE DE SERVICO, PEAD PE 100, DE 200 X 32 MM, PARA ELETROFUSAO","UN","CR",0,0,0,0]
["MATERIAL",37448,"TE DE SERVICO, PEAD PE 100, DE 200 X 63 MM, PARA ELETROFUSAO","UN","CR",0,0,0,0]
["MATERIAL",37440,"TE DE SERVICO, PEAD PE 100, DE 63 X 20 MM, PARA ELETROFUSAO","UN","CR",0,0,0,0]
["MATERIAL",37441,"TE DE SERVICO, PEAD PE 100, DE 63 X 32 MM, PARA ELETROFUSAO","UN","CR",0,0,0,0]
["MATERIAL",37442,"TE DE SERVICO, PEAD PE 100, DE 63 X 63 MM, PARA ELETROFUSAO","UN","CR",0,0,0,0]
["MATERIAL",38017,"TE DE TRANSICAO, CPVC, SOLDAVEL, 15 MM X 1/2\", PARA AGUA QUENTE","UN","CR",10.46,0,10.48,11.48]
["MATERIAL",38018,"TE DE TRANSICAO, CPVC, SOLDAVEL, 22 MM X 1/2\", PARA AGUA QUENTE","UN","CR",11.76,0,11.78,12.9]
["MATERIAL",39895,"TE DUPLA CURVA BRONZE/LATAO SEM ANEL DE SOLDA, ROSCA F X BOLSA X ROSCA F, 1/2\" X 15 X 1/2\"","UN","CR",0,0,87.01,0]
["MATERIAL",39896,"TE DUPLA CURVA BRONZE/LATAO SEM ANEL DE SOLDA, ROSCA F X BOLSA X ROSCA F, 3/4\" X 22 X 3/4\"","UN","CR",0,0,127.53,0]
["MATERIAL",38873,"TE METALICO, PARA CONEXAO COM ANEL DESLIZANTE, DN 16 MM, EM TUBO PEX PARA INST. AGUA QUENTE/FRIA","UN","CR",0,0,0,0]
["MATERIAL",38874,"TE METALICO, PARA CONEXAO COM ANEL DESLIZANTE, DN 20 MM, EM TUBO PEX PARA INST. AGUA QUENTE/FRIA","UN","CR",0,0,0,0]
["MATERIAL",38875,"TE METALICO, PARA CONEXAO COM ANEL DESLIZANTE, DN 25 MM, EM TUBO PEX PARA INST. AGUA QUENTE/FRIA","UN","CR",0,0,0,0]
["MATERIAL",38876,"TE METALICO, PARA CONEXAO COM ANEL DESLIZANTE, DN 32 MM, EM TUBO PEX PARA INST. AGUA QUENTE/FRIA","UN","CR",0,0,0,0]
["MATERIAL",39000,"TE MISTURADOR COM INSERTO METALICO, FEMEA, PPR, DN 25 MM X 3/4\", PARA AGUA QUENTE E FRIA PREDIAL","UN","CR",0,0,40.590000000000003,0]
["MATERIAL",38674,"TE MISTURADOR DE TRANSICAO, CPVC, COM ROSCA, 22 MM X 3/4\", PARA AGUA QUENTE","UN","CR",35.21,0,35.270000000000003,38.630000000000003]
["MATERIAL",38019,"TE MISTURADOR, CPVC, SOLDAVEL, 15 MM, PARA AGUA QUENTE","UN","CR",7.45,0,7.46,8.17]
["MATERIAL",38020,"TE MISTURADOR, CPVC, SOLDAVEL, 22 MM, PARA AGUA QUENTE","UN","CR",9.18,0,9.19,10.07]
["MATERIAL",38454,"TE MISTURADOR, PPR, F/M/M, DN 20 X 20 MM, PARA AGUA QUENTE PREDIAL","UN","CR",0,0,15.22,0]
["MATERIAL",38455,"TE MISTURADOR, PPR, F/M/M, DN 25 X 25 MM, PARA AGUA QUENTE PREDIAL","UN","CR",0,0,20.37,0]
["MATERIAL",38462,"TE NORMAL, PPR, F/F/F, SOLDAVEL, 90 GRAUS, DN 110 X 110 X 110 MM, PARA AGUA QUENTE PREDIAL","UN","CR",0,0,328.46,0]
["MATERIAL",36362,"TE NORMAL, PPR, F/F/F, SOLDAVEL, 90 GRAUS, DN 20 X 20 X 20 MM, PARA AGUA QUENTE PREDIAL","UN","CR",0,0,4.53,0]
["MATERIAL",36298,"TE NORMAL, PPR, F/F/F, SOLDAVEL, 90 GRAUS, DN 25 X 25 X 25 MM, PARA AGUA QUENTE PREDIAL","UN","CR",0,0,3.9,0]
["MATERIAL",38456,"TE NORMAL, PPR, F/F/F, SOLDAVEL, 90 GRAUS, DN 32 X 32 X 32 MM, PARA AGUA QUENTE PREDIAL","UN","CR",0,0,9.7100000000000009,0]
["MATERIAL",38457,"TE NORMAL, PPR, F/F/F, SOLDAVEL, 90 GRAUS, DN 40 X 40 X 40 MM, PARA AGUA QUENTE PREDIAL","UN","CR",0,0,17.7,0]
["MATERIAL",38458,"TE NORMAL, PPR, F/F/F, SOLDAVEL, 90 GRAUS, DN 50 X 50 X 50 MM, PARA AGUA QUENTE PREDIAL","UN","CR",0,0,34.1,0]
["MATERIAL",38459,"TE NORMAL, PPR, F/F/F, SOLDAVEL, 90 GRAUS, DN 63 X 63 X 63 MM, PARA AGUA QUENTE PREDIAL","UN","CR",0,0,53.59,0]
["MATERIAL",38460,"TE NORMAL, PPR, F/F/F, SOLDAVEL, 90 GRAUS, DN 75 X 75 X 75 MM, PARA AGUA QUENTE PREDIAL","UN","CR",0,0,114.98,0]
["MATERIAL",38461,"TE NORMAL, PPR, F/F/F, SOLDAVEL, 90 GRAUS, DN 90 X 90 X 90 MM, PARA AGUA QUENTE PREDIAL","UN","CR",0,0,154.29,0]
["MATERIAL",7094,"TE PVC ROSCAVEL 90 GRAUS, 1\", PARA AGUA FRIA PREDIAL","UN","CR",13.97,12.55,13.52,12.82]
["MATERIAL",7116,"TE PVC SOLDAVEL, BBB, 90 GRAUS, DN 40 MM, PARA ESGOTO SECUNDARIO PREDIAL","UN","CR",3.99,3.66,3.7,3.86]
["MATERIAL",7118,"TE PVC, ROSCAVEL, 90 GRAUS, 1 1/2\", AGUA FRIA PREDIAL","UN","CR",28.72,25.81,27.79,26.37]
["MATERIAL",7098,"TE PVC, ROSCAVEL, 90 GRAUS, 1/2\", AGUA FRIA PREDIAL","UN","CR",4.2699999999999996,3.83,4.13,3.92]
["MATERIAL",7110,"TE PVC, ROSCAVEL, 90 GRAUS, 2\", AGUA FRIA PREDIAL","UN","CR",54.61,49.07,52.84,50.13]
["MATERIAL",7123,"TE PVC, ROSCAVEL, 90 GRAUS, 3/4\", AGUA FRIA PREDIAL","UN","CR",5.16,4.6399999999999997,5,4.74]
["MATERIAL",7121,"TE PVC, SOLDAVEL, COM BUCHA DE LATAO NA BOLSA CENTRAL, 90 GRAUS, 20 MM X 1/2\", PARA AGUA FRIA PREDIAL","UN","CR",10.210000000000001,9.18,9.8800000000000008,9.3699999999999992]
["MATERIAL",7137,"TE PVC, SOLDAVEL, COM BUCHA DE LATAO NA BOLSA CENTRAL, 90 GRAUS, 25 MM X 1/2\", PARA AGUA FRIA PREDIAL","UN","CR",11.15,10.02,10.79,10.24]
["MATERIAL",7122,"TE PVC, SOLDAVEL, COM BUCHA DE LATAO NA BOLSA CENTRAL, 90 GRAUS, 25 MM X 3/4\", PARA AGUA FRIA PREDIAL","UN","CR",12.28,11.03,11.88,11.27]
["MATERIAL",7114,"TE PVC, SOLDAVEL, COM BUCHA DE LATAO NA BOLSA CENTRAL, 90 GRAUS, 32 MM X 3/4\", PARA AGUA FRIA PREDIAL","UN","CR",14.28,12.83,13.82,13.11]
["MATERIAL",7109,"TE PVC, SOLDAVEL, COM ROSCA NA BOLSA CENTRAL, 90 GRAUS, 20 MM X 1/2\", PARA AGUA FRIA PREDIAL","UN","CR",2.83,2.54,2.74,2.6]
["MATERIAL",7135,"TE PVC, SOLDAVEL, COM ROSCA NA BOLSA CENTRAL, 90 GRAUS, 25 MM X 1/2\", PARA AGUA FRIA PREDIAL","UN","CR",5.8,5.21,5.61,5.32]
["MATERIAL",37947,"TE PVC, SOLDAVEL, COM ROSCA NA BOLSA CENTRAL, 90 GRAUS, 25 MM X 3/4\", PARA AGUA FRIA PREDIAL","UN","CR",4.71,4.2300000000000004,4.5599999999999996,4.32]
["MATERIAL",7103,"TE PVC, SOLDAVEL, COM ROSCA NA BOLSA CENTRAL, 90 GRAUS, 32 MM X 3/4\", PARA AGUA FRIA PREDIAL","UN","CR",15.36,13.8,14.86,14.1]
["MATERIAL",40419,"TE RANHURADO EM FERRO FUNDIDO, DN 50 (2\")","UN","CR",0,0,0,0]
["MATERIAL",40420,"TE RANHURADO EM FERRO FUNDIDO, DN 65 (2 1/2\")","UN","CR",0,0,0,0]
["MATERIAL",40421,"TE RANHURADO EM FERRO FUNDIDO, DN 80 (3\")","UN","CR",0,0,0,0]
["MATERIAL",38905,"TE ROSCA FEMEA, METALICO, PARA CONEXAO COM ANEL DESLIZANTE, DN 16 MM X 1/2\", EM TUBO PEX PARA INST. AGUA QUENTE/FRIA","UN","CR",0,0,0,0]
["MATERIAL",38907,"TE ROSCA FEMEA, METALICO, PARA CONEXAO COM ANEL DESLIZANTE, DN 20 MM X 1/2\", EM TUBO PEX PARA INST. AGUA QUENTE/FRIA","UN","CR",0,0,0,0]
["MATERIAL",38910,"TE ROSCA FEMEA, METALICO, PARA CONEXAO COM ANEL DESLIZANTE, DN 25 MM X 3/4\", EM TUBO PEX PARA INST. AGUA QUENTE/FRIA","UN","CR",0,0,0,0]
["MATERIAL",11655,"TE SANITARIO DE REDUCAO, PVC, DN 100 X 50 MM, SERIE NORMAL, PARA ESGOTO PREDIAL","UN","CR",18.45,16.93,17.12,17.86]
["MATERIAL",11656,"TE SANITARIO DE REDUCAO, PVC, DN 100 X 75 MM, SERIE NORMAL PARA ESGOTO PREDIAL","UN","CR",21.18,19.440000000000001,19.649999999999999,20.5]
["MATERIAL",7091,"TE SANITARIO, PVC, DN 100 X 100 MM, SERIE NORMAL, PARA ESGOTO PREDIAL","UN","CR",17.350000000000001,15.93,16.100000000000001,16.8]
["MATERIAL",37948,"TE SANITARIO, PVC, DN 40 X 40 MM, SERIE NORMAL, PARA ESGOTO PREDIAL","UN","CR",4.0199999999999996,3.69,3.73,3.89]
["MATERIAL",7097,"TE SANITARIO, PVC, DN 50 X 50 MM, SERIE NORMAL, PARA ESGOTO PREDIAL","UN","CR",8.15,7.48,7.56,7.89]
["MATERIAL",11658,"TE SANITARIO, PVC, DN 75 X 75 MM, SERIE NORMAL PARA ESGOTO PREDIAL","UN","CR",18.02,16.53,16.71,17.440000000000001]
["MATERIAL",7146,"TE SOLDAVEL, PVC, 90 GRAUS, 110 MM, PARA AGUA FRIA PREDIAL (NBR 5648)","UN","CR",186.93,167.95,180.87,171.59]
["MATERIAL",7138,"TE SOLDAVEL, PVC, 90 GRAUS, 20 MM, PARA AGUA FRIA PREDIAL (NBR 5648)","UN","CR",1.18,1.06,1.1399999999999999,1.08]
["MATERIAL",7139,"TE SOLDAVEL, PVC, 90 GRAUS, 25 MM, PARA AGUA FRIA PREDIAL (NBR 5648)","UN","CR",1.34,1.2,1.3,1.23]
["MATERIAL",7140,"TE SOLDAVEL, PVC, 90 GRAUS, 32 MM, PARA AGUA FRIA PREDIAL (NBR 5648)","UN","CR",4.21,3.78,4.07,3.86]
["MATERIAL",7141,"TE SOLDAVEL, PVC, 90 GRAUS, 40 MM, PARA AGUA FRIA PREDIAL (NBR 5648)","UN","CR",10.28,9.24,9.9499999999999993,9.44]
["MATERIAL",7143,"TE SOLDAVEL, PVC, 90 GRAUS, 60 MM, PARA AGUA FRIA PREDIAL (NBR 5648)","UN","CR",34.51,31.01,33.39,31.68]
["MATERIAL",7144,"TE SOLDAVEL, PVC, 90 GRAUS, 75 MM, PARA AGUA FRIA PREDIAL (NBR 5648)","UN","CR",64.02,57.52,61.95,58.77]
["MATERIAL",7145,"TE SOLDAVEL, PVC, 90 GRAUS, 85 MM, PARA AGUA FRIA PREDIAL (NBR 5648)","UN","CR",87.05,78.22,84.23,79.91]
["MATERIAL",7142,"TE SOLDAVEL, PVC, 90 GRAUS,50 MM, PARA AGUA FRIA PREDIAL (NBR 5648)","UN","CR",10.75,9.66,10.4,9.8699999999999992]
["MATERIAL",39322,"TE, PLASTICO, DN 16 MM, PARA CONEXAO COM CRIMPAGEM, EM TUBO PEX PARA INST. AGUA QUENTE/FRIA","UN","CR",0,0,0,0]
["MATERIAL",39289,"TE, PLASTICO, DN 20 MM, PARA CONEXAO COM CRIMPAGEM, EM TUBO PEX PARA INST. AGUA QUENTE/FRIA","UN","CR",0,0,0,0]
["MATERIAL",39290,"TE, PLASTICO, DN 25 MM, PARA CONEXAO COM CRIMPAGEM, EM TUBO PEX PARA INST. AGUA QUENTE/FRIA","UN","CR",0,0,0,0]
["MATERIAL",39291,"TE, PLASTICO, DN 32 MM, PARA CONEXAO COM CRIMPAGEM, EM TUBO PEX PARA INST. AGUA QUENTE/FRIA","UN","CR",0,0,0,0]
["MATERIAL",41892,"TE, PVC PBA, BBB, 90 GRAUS, DN 100 / DE 110 MM, PARA REDE DE AGUA","UN","CR",0,0,0,138.22999999999999]
["MATERIAL",7048,"TE, PVC PBA, BBB, 90 GRAUS, DN 50 / DE 60 MM, PARA REDE DE AGUA","UN","CR",0,0,0,29.83]
["MATERIAL",7088,"TE, PVC PBA, BBB, 90 GRAUS, DN 75 / DE 85 MM, PARA REDE DE AGUA","UN","CR",0,0,0,65.239999999999995]
["MATERIAL",7070,"TE, PVC, 90 GRAUS, BBB, JE, DN 200 MM, PARA REDE COLETORA ESGOTO","UN","CR",223.28,204.91,207.12,216.1]
["MATERIAL",20179,"TE, PVC, SERIE R, 100 X 100 MM, PARA ESGOTO PREDIAL","UN","CR",47.49,43.58,44.05,45.96]
["MATERIAL",20178,"TE, PVC, SERIE R, 100 X 75 MM, PARA ESGOTO PREDIAL","UN","CR",56.92,52.24,52.8,55.09]
["MATERIAL",20180,"TE, PVC, SERIE R, 150 X 100 MM, PARA ESGOTO PREDIAL","UN","CR",93.95,86.22,87.15,90.93]
["MATERIAL",20181,"TE, PVC, SERIE R, 150 X 150 MM, PARA ESGOTO PREDIAL","UN","CR",125.79,115.44,116.69,121.75]
["MATERIAL",20177,"TE, PVC, SERIE R, 75 X 75 MM, PARA ESGOTO PREDIAL","UN","CR",31.11,28.55,28.86,30.11]
["MAO DE OBRA",40945,"TECNICO DE EDIFICACOES (HORISTA)","H","CR",19.059999999999999,14.47,18.27,35.53]
["MAO DE OBRA",40946,"TECNICO DE EDIFICACOES (MENSALISTA)","MES","CR",3360,2541.42,3260.12,6273.53]
["MAO DE OBRA",7153,"TECNICO EM LABORATORIO E CAMPO DE CONSTRUCAO CIVIL (HORISTA)","H","CR",30.94,29.5,56.85,39.619999999999997]
["MAO DE OBRA",41089,"TECNICO EM LABORATORIO E CAMPO DE CONSTRUCAO CIVIL (MENSALISTA)","MES","CR",5452.6,5178.32,10133.01,6997.83]
["MAO DE OBRA",40943,"TECNICO EM SEGURANCA DO TRABALHO (HORISTA)","H","CR",32.25,30.4,54.81,39.47]
["MAO DE OBRA",40944,"TECNICO EM SEGURANCA DO TRABALHO (MENSALISTA)","MES","CR",5684.33,5336.14,9771.8799999999992,6970.74]
["MAO DE OBRA",6175,"TECNICO EM SONDAGEM (HORISTA)","H","CR",73.209999999999994,43.83,33.36,25.62]
["MAO DE OBRA",41092,"TECNICO EM SONDAGEM (MENSALISTA)","MES","CR",12902.34,7691.46,5948.42,4525.24]
["MATERIAL",37712,"TELA ARAME GALVANIZADO REVESTIDO COM POLIMERO, MALHA HEXAGONAL DUPLA TORCAO, 8 X 10 CM (ZN/AL REVESTIDO COM POLIMERO), FIO *2,4* MM","M2","CR",93.48,58.62,61.09,62.62]
["MATERIAL",34558,"TELA DE ACO SOLDADA GALVANIZADA/ZINCADA PARA ALVENARIA, FIO D = *1,20 A 1,70* MM, MALHA 15 X 15 MM, (C X L) *50 X 10,5* CM","M","CR",2.59,0,2.71,2.83]
["MATERIAL",34547,"TELA DE ACO SOLDADA GALVANIZADA/ZINCADA PARA ALVENARIA, FIO D = *1,20 A 1,70* MM, MALHA 15 X 15 MM, (C X L) *50 X 12* CM","M","CR",3.19,0,3.33,3.48]
["MATERIAL",34548,"TELA DE ACO SOLDADA GALVANIZADA/ZINCADA PARA ALVENARIA, FIO D = *1,20 A 1,70* MM, MALHA 15 X 15 MM, (C X L) *50 X 17,5* CM","M","CR",5.23,0,5.46,5.71]
["MATERIAL",34550,"TELA DE ACO SOLDADA GALVANIZADA/ZINCADA PARA ALVENARIA, FIO D = *1,20 A 1,70* MM, MALHA 15 X 15 MM, (C X L) *50 X 6* CM","M","CR",1.38,0,1.44,1.5]
["MATERIAL",34557,"TELA DE ACO SOLDADA GALVANIZADA/ZINCADA PARA ALVENARIA, FIO D = *1,20 A 1,70* MM, MALHA 15 X 15 MM, (C X L) *50 X 7,5* CM","M","CR",2.02,0,2.11,2.2000000000000002]
["MATERIAL",37411,"TELA DE ACO SOLDADA GALVANIZADA/ZINCADA PARA ALVENARIA, FIO D = *1,24 MM, MALHA 25 X 25 MM","M2","CR",14.76,0,15.42,16.11]
["MATERIAL",39508,"TELA DE ACO SOLDADA NERVURADA, CA-60, L-159, (1,69 KG/M2), DIAMETRO DO FIO = 4,5 MM, LARGURA = 2,45 M, ESPACAMENTO DA MALHA = 30 X 10 CM","M2","CR",8.2899999999999991,0,8.66,9.0500000000000007]
["MATERIAL",39507,"TELA DE ACO SOLDADA NERVURADA, CA-60, Q-113, (1,8 KG/M2), DIAMETRO DO FIO = 3,8 MM, LARGURA = 2,45 M, ESPACAMENTO DA MALHA = 10 X 10 CM","M2","CR",12.37,0,12.93,13.5]
["MATERIAL",7155,"TELA DE ACO SOLDADA NERVURADA, CA-60, Q-138, (2,20 KG/M2), DIAMETRO DO FIO = 4,2 MM, LARGURA = 2,45 M, ESPACAMENTO DA MALHA = 10 X 10 CM","M2","CR",15.88,0,16.59,17.329999999999998]
["MATERIAL",42406,"TELA DE ACO SOLDADA NERVURADA, CA-60, Q-159, (2,52 KG/M2), DIAMETRO DO FIO = 4,5 MM, LARGURA = 2,45 M, ESPACAMENTO DA MALHA = 10 X 10 CM","M2","CR",18.21,0,19.03,19.87]
["MATERIAL",7156,"TELA DE ACO SOLDADA NERVURADA, CA-60, Q-196, (3,11 KG/M2), DIAMETRO DO FIO = 5,0 MM, LARGURA = 2,45 M, ESPACAMENTO DA MALHA = 10 X 10 CM","M2","C",22.79,0,23.81,24.87]
["MATERIAL",43127,"TELA DE ACO SOLDADA NERVURADA, CA-60, Q-283 (4,48 KG/M2), DIAMETRO DO FIO = 6,0 MM, LARGURA = 2,45 X 6,00 M DE COMPRIMENTO, ESPACAMENTO DA MALHA = 10 X 10 CM","M2","CR",32.61,0,34.07,35.590000000000003]
["MATERIAL",10917,"TELA DE ACO SOLDADA NERVURADA, CA-60, Q-61, (0,97 KG/M2), DIAMETRO DO FIO = 3,4 MM, LARGURA = 2,45 M, ESPACAMENTO DA MALHA = 15 X 15 CM","M2","CR",6.88,0,7.19,7.51]
["MATERIAL",21141,"TELA DE ACO SOLDADA NERVURADA, CA-60, Q-92, (1,48 KG/M2), DIAMETRO DO FIO = 4,2 MM, LARGURA = 2,45 X 60 M DE COMPRIMENTO, ESPACAMENTO DA MALHA = 15 X 15 CM","M2","CR",10.65,0,11.13,11.63]
["MATERIAL",39509,"TELA DE ACO SOLDADA NERVURADA, CA-60, T-196, (2,11 KG/M2), DIAMETRO DO FIO = 5,0 MM, LARGURA = 2,45 M, ESPACAMENTO DA MALHA = 30 X 10 CM","M2","CR",10.25,0,10.71,11.19]
["MATERIAL",44529,"TELA DE ANIAGEM (JUTA)","M2","CR",15.71,16.16,17.96,13.02]
["MATERIAL",7167,"TELA DE ARAME GALVANIZADA QUADRANGULAR / LOSANGULAR, FIO 2,11 MM (14 BWG), MALHA 5 X 5 CM, H = 2 M","M2","CR",26.12,0,23.21,22.45]
["MATERIAL",10928,"TELA DE ARAME GALVANIZADA QUADRANGULAR / LOSANGULAR, FIO 2,11 MM (14 BWG), MALHA 8 X 8 CM, H = 2 M","M2","CR",15.01,0,13.34,12.9]
["MATERIAL",10933,"TELA DE ARAME GALVANIZADA QUADRANGULAR / LOSANGULAR, FIO 2,77 MM (12 BWG), MALHA 10 X 10 CM, H = 2 M","M2","CR",22.64,0,20.12,19.46]
["MATERIAL",7158,"TELA DE ARAME GALVANIZADA QUADRANGULAR / LOSANGULAR, FIO 2,77 MM (12 BWG), MALHA 5 X 5 CM, H = 2 M","M2","C",38.4,0,34.119999999999997,33]
["MATERIAL",10927,"TELA DE ARAME GALVANIZADA QUADRANGULAR / LOSANGULAR, FIO 2,77 MM (12 BWG), MALHA 8 X 8 CM, H = 2 M","M2","CR",24.56,0,21.82,21.1]
["MATERIAL",7162,"TELA DE ARAME GALVANIZADA QUADRANGULAR / LOSANGULAR, FIO 3,4 MM (10 BWG), MALHA 5 X 5 CM, H = 2 M","M2","CR",60.09,0,53.39,51.64]
["MATERIAL",10932,"TELA DE ARAME GALVANIZADA QUADRANGULAR / LOSANGULAR, FIO 4,19 MM (8 BWG), MALHA 5 X 5 CM, H = 2 M","M2","CR",104.52,0,92.87,89.82]
["MATERIAL",10937,"TELA DE ARAME GALVANIZADA REVESTIDA EM PVC, QUADRANGULAR / LOSANGULAR, FIO 2,11 MM (14 BWG), BITOLA FINAL = *2,8* MM, MALHA *8 X 8* CM, H = 2 M","M2","CR",26.86,0,23.87,23.09]
["MATERIAL",10935,"TELA DE ARAME GALVANIZADA REVESTIDA EM PVC, QUADRANGULAR / LOSANGULAR, FIO 2,77 MM (12 BWG), BITOLA FINAL = *3,8* MM, MALHA 7,5 X 7,5 CM, H = 2 M","M2","CR",46.59,0,41.4,40.04]
["MATERIAL",10931,"TELA DE ARAME GALVANIZADA, HEXAGONAL, FIO 0,56 MM (24 BWG), MALHA 1/2\", H = 1 M","M2","CR",13.1,0,11.64,11.26]
["MATERIAL",7164,"TELA DE ARAME ONDULADA, FIO *2,77* MM (12 BWG), MALHA 5 X 5 CM, H = 2 M","M2","CR",43.37,0,38.53,37.270000000000003]
["MATERIAL",36887,"TELA DE FIBRA DE VIDRO, ACABAMENTO ANTI-ALCALINO, MALHA 10 X 10 MM","M2","CR",7.88,12.82,11.23,7.97]
["MATERIAL",34630,"TELA EM MALHA HEXAGONAL DE DUPLA TORCAO 8 X 10 CM (ZN/AL REVESTIDO COM POLIMERO), FIO 2,7 MM, COM GEOMANTA OU BIOMANTA, DIMENSOES 4,0 X 2,0 X 0,6 M, COM INCLINACAO DE 70 GRAUS, PARA SOLO REFORCADO","UN","CR",1519.23,952.75,992.96,1017.78]
["MATERIAL",7161,"TELA EM METAL PARA ESTUQUE (DEPLOYE)","M2","CR",5.39,0,4.79,4.6399999999999997]
["MATERIAL",7170,"TELA FACHADEIRA EM POLIETILENO, ROLO DE 3 X 100 M (L X C), COR BRANCA, SEM LOGOMARCA - PARA PROTECAO DE OBRAS","M2","CR",1.9,3.1,2.71,1.92]
["MATERIAL",37524,"TELA PLASTICA LARANJA, TIPO TAPUME PARA SINALIZACAO, MALHA RETANGULAR, ROLO 1.20 X 50 M (L X C)","M","C",1.74,2.83,2.48,1.76]
["MATERIAL",37525,"TELA PLASTICA TECIDA LISTRADA BRANCA E LARANJA, TIPO GUARDA CORPO, EM POLIETILENO MONOFILADO, ROLO 1,20 X 50 M (L X C)","M","CR",2.38,3.87,3.39,2.4]
["MATERIAL",36789,"TELHA CERAMICA TIPO AMERICANA, COMPRIMENTO DE *45* CM, RENDIMENTO DE *12* TELHAS/M2","UN","CR",2.78,2.3199999999999998,2.58,4.08]
["MATERIAL",7173,"TELHA DE BARRO / CERAMICA, NAO ESMALTADA, TIPO COLONIAL, CANAL, PLAN, PAULISTA, COMPRIMENTO DE *44 A 50* CM, RENDIMENTO DE COBERTURA DE *26* TELHAS/M2","MIL","C",1800,1500,1668.67,2640]
["MATERIAL",7175,"TELHA DE BARRO / CERAMICA, NAO ESMALTADA, TIPO ROMANA, AMERICANA, PORTUGUESA, FRANCESA, COMPRIMENTO DE *41* CM, RENDIMENTO DE *16* TELHAS/M2","UN","CR",2.0299999999999998,1.69,1.88,2.98]
["MATERIAL",40741,"TELHA DE CONCRETO TIPO CLASSICA, COR CINZA, COMPRIMENTO DE *42* CM, RENDIMENTO DE *10* TELHAS/M2","UN","CR",3.26,3.63,3.72,3.5]
["MATERIAL",7184,"TELHA DE FIBRA DE VIDRO ONDULADA, TRANSLUCIDA / INCOLOR, E = *0,6* MM, DE *0,50 X 2,44* M (L X C)","M2","C",0,0,0,46.74]
["MATERIAL",34458,"TELHA DE FIBROCIMENTO E = 6 MM, DE 3,00 X 1,06 M (SEM AMIANTO)","UN","CR",159.5,218.8,121.43,134.24]
["MATERIAL",34464,"TELHA DE FIBROCIMENTO E = 6 MM, DE 4,10 X 1,06 M (SEM AMIANTO)","UN","CR",237.42,325.7,180.75,199.82]
["MATERIAL",34468,"TELHA DE FIBROCIMENTO E = 6 MM, DE 4,60 X 1,06 M (SEM AMIANTO)","UN","CR",299.32,410.62,227.88,251.92]
["MATERIAL",34473,"TELHA DE FIBROCIMENTO E = 8 MM, DE 3,00 X 1,06 M (SEM AMIANTO)","UN","CR",181.57,249.09,138.24,152.82]
["MATERIAL",34480,"TELHA DE FIBROCIMENTO E = 8 MM, DE 4,10 X 1,06 M (SEM AMIANTO)","UN","CR",335.56,460.33,255.47,282.42]
["MATERIAL",34486,"TELHA DE FIBROCIMENTO E = 8 MM, DE 4,60 X 1,06 M (SEM AMIANTO)","UN","CR",397.29,545.02,302.47000000000003,334.37]
["MATERIAL",7190,"TELHA DE FIBROCIMENTO ONDULADA E = 4 MM, DE 1,22 X 0,50 M (SEM AMIANTO)","UN","CR",13.26,18.2,10.1,11.16]
["MATERIAL",34417,"TELHA DE FIBROCIMENTO ONDULADA E = 4 MM, DE 2,13 X 0,50 M (SEM AMIANTO)","UN","CR",21.23,29.12,16.16,17.86]
["MATERIAL",7213,"TELHA DE FIBROCIMENTO ONDULADA E = 4 MM, DE 2,44 X 0,50 M (SEM AMIANTO)","M2","CR",19.47,26.7,14.82,16.38]
["MATERIAL",7195,"TELHA DE FIBROCIMENTO ONDULADA E = 6 MM, DE 1,53 X 1,10 M (SEM AMIANTO)","UN","CR",57.15,78.41,43.51,48.1]
["MATERIAL",7186,"TELHA DE FIBROCIMENTO ONDULADA E = 6 MM, DE 1,83 X 1,10 M (SEM AMIANTO)","UN","C",62.26,85.41,47.4,52.4]
["MATERIAL",7194,"TELHA DE FIBROCIMENTO ONDULADA E = 6 MM, DE 2,44 X 1,10 M (SEM AMIANTO)","M2","CR",28.7,39.380000000000003,21.85,24.16]
["MATERIAL",7197,"TELHA DE FIBROCIMENTO ONDULADA E = 6 MM, DE 3,66 X 1,10 M (SEM AMIANTO)","UN","CR",121.16,166.21,92.24,101.97]
["MATERIAL",7192,"TELHA DE FIBROCIMENTO ONDULADA E = 8 MM, DE 1,53 X 1,10 M (SEM AMIANTO)","UN","CR",108.55,148.91,82.64,91.36]
["MATERIAL",7193,"TELHA DE FIBROCIMENTO ONDULADA E = 8 MM, DE 1,83 X 1,10 M (SEM AMIANTO)","UN","CR",122.21,167.65,93.04,102.85]
["MATERIAL",7189,"TELHA DE FIBROCIMENTO ONDULADA E = 8 MM, DE 2,44 X 1,10 M (SEM AMIANTO)","UN","CR",142.02000000000001,194.83,108.12,119.53]
["MATERIAL",34402,"TELHA DE FIBROCIMENTO ONDULADA E = 8 MM, DE 3,66 X 1,10 M (SEM AMIANTO)","UN","CR",200.5,275.06,152.65,168.75]
["MATERIAL",7245,"TELHA DE VIDRO TIPO FRANCESA, *39 X 23* CM","UN","CR",0,0,0,32.79]
["MATERIAL",34425,"TELHA ESTRUTURAL DE FIBROCIMENTO 1 ABA, DE 0,52 X 2,00 M (SEM AMIANTO)","UN","CR",128.80000000000001,176.69,98.06,108.4]
["MATERIAL",7223,"TELHA ESTRUTURAL DE FIBROCIMENTO 1 ABA, DE 0,52 X 2,50 M (SEM AMIANTO)","UN","CR",143.53,196.91,109.28,120.8]
["MATERIAL",7234,"TELHA ESTRUTURAL DE FIBROCIMENTO 1 ABA, DE 0,52 X 3,60 M (SEM AMIANTO)","UN","CR",216.59,297.13,164.9,182.29]
["MATERIAL",7224,"TELHA ESTRUTURAL DE FIBROCIMENTO 1 ABA, DE 0,52 X 4,00 M (SEM AMIANTO)","UN","CR",263.87,361.98,200.89,222.08]
["MATERIAL",7225,"TELHA ESTRUTURAL DE FIBROCIMENTO 1 ABA, DE 0,52 X 5,00 M (SEM AMIANTO)","UN","CR",282.94,388.14,215.41,238.13]
["MATERIAL",7226,"TELHA ESTRUTURAL DE FIBROCIMENTO 1 ABA, DE 0,52 X 5,50 M (SEM AMIANTO)","UN","CR",301.93,414.2,229.87,254.12]
["MATERIAL",7227,"TELHA ESTRUTURAL DE FIBROCIMENTO 1 ABA, DE 0,52 X 6,50 M (SEM AMIANTO)","UN","CR",343.68,471.47,261.64999999999998,289.25]
["MATERIAL",7212,"TELHA ESTRUTURAL DE FIBROCIMENTO 1 ABA, DE 0,52 X 7,20 M (SEM AMIANTO)","UN","CR",377.62,518.03,287.49,317.82]
["MATERIAL",7229,"TELHA ESTRUTURAL DE FIBROCIMENTO 2 ABAS, DE 1,00 X 3,00 M (SEM AMIANTO)","UN","CR",239.36,328.36,182.23,201.45]
["MATERIAL",7230,"TELHA ESTRUTURAL DE FIBROCIMENTO 2 ABAS, DE 1,00 X 4,60 M (SEM AMIANTO)","UN","CR",398.49,546.66,303.38,335.38]
["MATERIAL",7231,"TELHA ESTRUTURAL DE FIBROCIMENTO 2 ABAS, DE 1,00 X 6,00 M (SEM AMIANTO)","UN","CR",565.29,775.48,430.37,475.76]
["MATERIAL",7220,"TELHA ESTRUTURAL DE FIBROCIMENTO 2 ABAS, DE 1,00 X 7,40 M (SEM AMIANTO)","UN","CR",697.79,957.25,531.24,587.28]
["MATERIAL",34447,"TELHA ESTRUTURAL DE FIBROCIMENTO 2 ABAS, DE 1,00 X 8,20 M (SEM AMIANTO)","UN","CR",780.23,1070.3399999999999,594.01,656.67]
["MATERIAL",7233,"TELHA ESTRUTURAL DE FIBROCIMENTO 2 ABAS, DE 1,00 X 9,20 M (SEM AMIANTO)","UN","CR",895.05,1227.8599999999999,681.42,753.3]
["MATERIAL",40740,"TELHA GALVALUME COM ISOLAMENTO TERMOACUSTICO EM ESPUMA RIGIDA DE POLIURETANO (PU) INJETADO, ESPESSURA DE 30 MM, DENSIDADE DE 35 KG/M3, REVESTIMENTO EM TELHA TRAPEZOIDAL NAS DUAS FACES COM ESPESSURA DE 0,50 MM CADA, ACABAMENTO NATURAL (NAO INCLUI ACESSORIOS DE FIXACAO)","M2","CR",0,0,0,128.71]
["MATERIAL",25007,"TELHA ONDULADA EM ACO ZINCADO, ALTURA DE 17 MM, ESPESSURA DE 0,50 MM, LARGURA UTIL DE APROXIMADAMENTE 985 MM, SEM PINTURA","M2","C",0,0,0,36.83]
["MATERIAL",43071,"TELHA TERMOISOLANTE REVESTIDA EM ACO GALVALUME, FACE SUPERIOR TRAPEZOIDAL E FACE INFERIOR PLANA (NAO INCLUI ACESSORIOS DE FIXACAO), REVEST COM ESPESSURA DE 0,50 MM, COM PRE-PINTURA DE COR BRANCA NAS DUAS FACES, NUCLEO EM POLIISOCIANURATO (PIR) COM ESPESSURA DE 50 MM","M2","CR",0,0,0,144.93]
["MATERIAL",39520,"TELHA TERMOISOLANTE REVESTIDA EM ACO GALVANIZADO, FACE SUPERIOR EM TELHA TRAPEZOIDAL E FACE INFERIOR EM CHAPA PLANA (SEM ACESSORIOS DE FIXACAO), REVESTIMENTO COM ESPESSURA DE 0,50 MM COM PRE-PINTURA NAS DUAS FACES, NUCLEO EM POLIESTIRENO (EPS) DE 30 MM","M2","CR",0,0,0,118.24]
["MATERIAL",39521,"TELHA TERMOISOLANTE REVESTIDA EM ACO GALVANIZADO, FACE SUPERIOR EM TELHA TRAPEZOIDAL E FACE INFERIOR EM CHAPA PLANA (SEM ACESSORIOS DE FIXACAO), REVESTIMENTO COM ESPESSURA DE 0,50 MM COM PRE-PINTURA NAS DUAS FACES, NUCLEO EM POLIESTIRENO (EPS) DE 50 MM","M2","CR",0,0,0,122.1]
["MATERIAL",39522,"TELHA TERMOISOLANTE REVESTIDA EM ACO GALVANIZADO, FACES SUPERIOR E INFERIOR EM TELHA TRAPEZOIDAL (SEM ACESSORIOS DE FIXACAO), REVESTIMENTO COM ESPESSURA DE 0,50 MM COM PRE-PINTURA NAS DUAS FACES, NUCLEO EM POLIESTIRENO (EPS) DE 50 MM","M2","CR",0,0,0,126.08]
["MATERIAL",7243,"TELHA TRAPEZOIDAL EM ACO ZINCADO, SEM PINTURA, ALTURA DE APROXIMADAMENTE 40 MM, ESPESSURA DE 0,50 MM E LARGURA UTIL DE 980 MM","M2","CR",0,0,0,38.479999999999997]
["MATERIAL",11067,"TELHA TRAPEZOIDAL EM ALUMINIO, ALTURA DE *38* MM E ESPESSURA DE 0,5 MM (LARGURA TOTAL DE 1056 MM E COMPRIMENTO DE 5000 MM)","UN","CR",0,0,0,553.72]
["MATERIAL",11068,"TELHA TRAPEZOIDAL EM ALUMINIO, ALTURA DE *38* MM E ESPESSURA DE 0,7 MM (LARGURA TOTAL DE 1056 MM E COMPRIMENTO DE 5000 MM)","UN","CR",0,0,0,699.54]
["MATERIAL",7246,"TELHA VIDRO TIPO CANAL OU COLONIAL, C = 46 A 50 CM","UN","CR",0,0,0,36.21]
["MAO DE OBRA",12869,"TELHADOR / TELHADISTA (HORISTA)","H","CR",23.84,20.61,22.85,23.82]
["MAO DE OBRA",41097,"TELHADOR / TELHADISTA (MENSALISTA)","MES","CR",4201.93,3616.62,4077.03,4208.21]
["MATERIAL",1574,"TERMINAL A COMPRESSAO EM COBRE ESTANHADO PARA CABO 10 MM2, 1 FURO E 1 COMPRESSAO, PARA PARAFUSO DE FIXACAO M6","UN","CR",1.89,1.97,1.9,2.33]
["MATERIAL",1581,"TERMINAL A COMPRESSAO EM COBRE ESTANHADO PARA CABO 120 MM2, 1 FURO E 1 COMPRESSAO, PARA PARAFUSO DE FIXACAO M12","UN","CR",13.12,13.65,13.19,16.18]
["MATERIAL",1575,"TERMINAL A COMPRESSAO EM COBRE ESTANHADO PARA CABO 16 MM2, 1 FURO E 1 COMPRESSAO, PARA PARAFUSO DE FIXACAO M6","UN","CR",2.2400000000000002,2.33,2.2599999999999998,2.77]
["MATERIAL",1570,"TERMINAL A COMPRESSAO EM COBRE ESTANHADO PARA CABO 2,5 MM2, 1 FURO E 1 COMPRESSAO, PARA PARAFUSO DE FIXACAO M5","UN","CR",1.1299999999999999,1.17,1.1299999999999999,1.39]
["MATERIAL",1576,"TERMINAL A COMPRESSAO EM COBRE ESTANHADO PARA CABO 25 MM2, 1 FURO E 1 COMPRESSAO, PARA PARAFUSO DE FIXACAO M8","UN","CR",3.11,3.23,3.12,3.83]
["MATERIAL",1577,"TERMINAL A COMPRESSAO EM COBRE ESTANHADO PARA CABO 35 MM2, 1 FURO E 1 COMPRESSAO, PARA PARAFUSO DE FIXACAO M8","UN","CR",3.5,3.64,3.52,4.32]
["MATERIAL",1571,"TERMINAL A COMPRESSAO EM COBRE ESTANHADO PARA CABO 4 MM2, 1 FURO E 1 COMPRESSAO, PARA PARAFUSO DE FIXACAO M5","UN","CR",1.47,1.53,1.47,1.81]
["MATERIAL",1578,"TERMINAL A COMPRESSAO EM COBRE ESTANHADO PARA CABO 50 MM2, 1 FURO E 1 COMPRESSAO, PARA PARAFUSO DE FIXACAO M8","UN","CR",6.08,6.32,6.11,7.5]
["MATERIAL",1573,"TERMINAL A COMPRESSAO EM COBRE ESTANHADO PARA CABO 6 MM2, 1 FURO E 1 COMPRESSAO, PARA PARAFUSO DE FIXACAO M6","UN","CR",1.75,1.82,1.76,2.16]
["MATERIAL",1579,"TERMINAL A COMPRESSAO EM COBRE ESTANHADO PARA CABO 70 MM2, 1 FURO E 1 COMPRESSAO, PARA PARAFUSO DE FIXACAO M10","UN","CR",7.57,7.88,7.62,9.34]
["MATERIAL",1580,"TERMINAL A COMPRESSAO EM COBRE ESTANHADO PARA CABO 95 MM2, 1 FURO E 1 COMPRESSAO, PARA PARAFUSO DE FIXACAO M12","UN","CR",9.33,9.7100000000000009,9.3800000000000008,11.51]
["MATERIAL",39321,"TERMINAL DE VENTILACAO, 100 MM, SERIE NORMAL, ESGOTO PREDIAL","UN","CR",23.79,21.84,22.07,23.03]
["MATERIAL",39319,"TERMINAL DE VENTILACAO, 50 MM, SERIE NORMAL, ESGOTO PREDIAL","UN","CR",9.9,9.09,9.18,9.58]
["MATERIAL",39320,"TERMINAL DE VENTILACAO, 75 MM, SERIE NORMAL, ESGOTO PREDIAL","UN","CR",19.04,17.47,17.66,18.420000000000002]
["MATERIAL",1542,"TERMINAL METALICO A PRESSAO 1 CABO, PARA CABOS DE 4 A 10 MM2, COM 2 FUROS PARA FIXACAO","UN","CR",25.85,26.89,25.98,31.88]
["MATERIAL",1591,"TERMINAL METALICO A PRESSAO PARA 1 CABO DE 120 MM2, COM 1 FURO DE FIXACAO","UN","CR",28.93,30.1,29.08,35.68]
["MATERIAL",1547,"TERMINAL METALICO A PRESSAO PARA 1 CABO DE 150 A 185 MM2, COM 2 FUROS PARA FIXACAO","UN","CR",151.59,157.72999999999999,152.41,186.98]
["MATERIAL",38196,"TERMINAL METALICO A PRESSAO PARA 1 CABO DE 150 MM2, COM 1 FURO DE FIXACAO","UN","CR",29.52,30.72,29.68,36.42]
["MATERIAL",1543,"TERMINAL METALICO A PRESSAO PARA 1 CABO DE 16 A 25 MM2, COM 2 FUROS PARA FIXACAO","UN","CR",31.37,32.64,31.54,38.700000000000003]
["MATERIAL",1585,"TERMINAL METALICO A PRESSAO PARA 1 CABO DE 16 MM2, COM 1 FURO DE FIXACAO","UN","CR",6.08,6.32,6.11,7.5]
["MATERIAL",1593,"TERMINAL METALICO A PRESSAO PARA 1 CABO DE 185 MM2, COM 1 FURO DE FIXACAO","UN","CR",32.270000000000003,33.57,32.44,39.799999999999997]
["MATERIAL",11838,"TERMINAL METALICO A PRESSAO PARA 1 CABO DE 240 MM2, COM 1 FURO DE FIXACAO","UN","CR",42.57,44.3,42.8,52.52]
["MATERIAL",1594,"TERMINAL METALICO A PRESSAO PARA 1 CABO DE 25 A 35 MM2, COM 2 FUROS PARA FIXACAO","UN","CR",43.04,44.78,43.27,53.09]
["MATERIAL",1586,"TERMINAL METALICO A PRESSAO PARA 1 CABO DE 25 MM2, COM 1 FURO DE FIXACAO","UN","CR",7.69,8,7.73,9.48]
["MATERIAL",11839,"TERMINAL METALICO A PRESSAO PARA 1 CABO DE 300 MM2, COM 1 FURO DE FIXACAO","UN","CR",61.95,64.459999999999994,62.28,76.41]
["MATERIAL",1587,"TERMINAL METALICO A PRESSAO PARA 1 CABO DE 35 MM2, COM 1 FURO DE FIXACAO","UN","CR",7.83,8.15,7.87,9.66]
["MATERIAL",1545,"TERMINAL METALICO A PRESSAO PARA 1 CABO DE 50 A 70 MM2, COM 2 FUROS PARA FIXACAO","UN","CR",74.34,77.349999999999994,74.739999999999995,91.69]
["MATERIAL",1588,"TERMINAL METALICO A PRESSAO PARA 1 CABO DE 50 MM2, COM 1 FURO DE FIXACAO","UN","CR",10.74,11.18,10.8,13.25]
["MATERIAL",1535,"TERMINAL METALICO A PRESSAO PARA 1 CABO DE 6 A 10 MM2, COM 1 FURO DE FIXACAO","UN","CR",6.19,6.44,6.22,7.63]
["MATERIAL",1589,"TERMINAL METALICO A PRESSAO PARA 1 CABO DE 70 MM2, COM 1 FURO DE FIXACAO","UN","CR",11.08,11.53,11.14,13.67]
["MATERIAL",1546,"TERMINAL METALICO A PRESSAO PARA 1 CABO DE 95 A 120 MM2, COM 2 FUROS PARA FIXACAO","UN","CR",125.44,130.52000000000001,126.12,154.72999999999999]
["MATERIAL",1590,"TERMINAL METALICO A PRESSAO PARA 1 CABO DE 95 MM2, COM 1 FURO DE FIXACAO","UN","CR",19.510000000000002,20.3,19.62,24.07]
["EQUIPAMENTO (AQUISIÇÃO)",38415,"TERMOFUSORA PARA TUBOS E CONEXOES EM PPR COM DIAMETROS DE 20 A 63 MM, POTENCIA DE 800 W, TENSAO 220 V","UN","CR",0,893.96,0,623.71]
["EQUIPAMENTO (AQUISIÇÃO)",38414,"TERMOFUSORA PARA TUBOS E CONEXOES EM PPR COM DIAMETROS DE 75 A 110 MM, POTENCIA DE *1100* W, TENSAO 220 V","UN","CR",0,1140.3,0,795.59]
["MATERIAL",38128,"TERRA VEGETAL (ENSACADA)","KG","C",1,1.1000000000000001,0.8,0.84]
["MATERIAL",7253,"TERRA VEGETAL (GRANEL)","M3","CR",214.28,235.71,171.42,180]
["MATERIAL",4806,"TESTEIRA ANTIDERRAPANTE PARA PISO VINILICO *5 X 2,5* CM, E = 2 MM","M","CR",18.239999999999998,20.02,17.82,18.98]
["MATERIAL",34401,"TIJOLO CERAMICO LAMINADO DE *5,5 X 11 X 23* CM (L X A X C), COM 21 FUROS","UN","CR",2.4700000000000002,2.11,2.13,1.66]
["MATERIAL",7256,"TIJOLO CERAMICO MACICO APARENTE 2 FUROS DE *6,5 X 10 X 20* CM (L X A X C)","UN","CR",1.76,1.51,1.52,1.18]
["MATERIAL",7260,"TIJOLO CERAMICO MACICO APARENTE DE *6 X 12 X 24* CM (L X A X C)","UN","CR",3.32,2.85,2.87,2.2400000000000002]
["MATERIAL",7258,"TIJOLO CERAMICO MACICO COMUM DE *5 X 10 X 20* CM (L X A X C)","UN","CR",0.86,0.74,0.74,0.57999999999999996]
["MATERIAL",34400,"TIJOLO CERAMICO REFRATARIO DE *2,5 X 11,4 X 22,9* CM (L X A X C)","UN","CR",6.85,5.87,5.92,4.62]
["MATERIAL",10617,"TIJOLO CERAMICO REFRATARIO DE *6,3 X 11,4 X 22,9* CM (L X A X C)","UN","CR",8.82,7.56,7.63,5.95]
["MATERIAL",44261,"TIL CONDOMINIAL, PVC, DN 100 X 100 MM, PARA REDE COLETORA DE ESGOTO","UN","CR",158.09,145.08000000000001,146.65,153]
["MATERIAL",7274,"TIL PARA LIGACAO PREDIAL, EM PVC, JE, BBB, DN 100 X 100 MM, PARA REDE COLETORA ESGOTO","UN","CR",76.53,70.239999999999995,70.989999999999995,74.069999999999993]
["MATERIAL",44326,"TIL RADIAL, PVC, JE, BBB, DN 300 X 200 MM, PARA REDE COLETORA DE ESGOTO (NBR 10.569)","UN","CR",1652.96,1517,1533.36,1599.8]
["MATERIAL",154,"TINTA / REVESTIMENTO A BASE DE RESINA EPOXI COM ALCATRAO, BICOMPONENTE","L","CR",73.81,97.94,90.75,65.290000000000006]
["MATERIAL",38121,"TINTA A BASE DE RESINA ACRILICA EMULSIONADA EM AGUA, PARA SINALIZACAO HORIZONTAL VIARIA (NBR 13699:2012)","L","CR",25.16,25.58,28.11,25.98]
["MATERIAL",43776,"TINTA A OLEO BRILHANTE, PARA MADEIRAS E METAIS","L","CR",28.1,23.39,31.89,33.74]
["MATERIAL",7343,"TINTA ACRILICA A BASE DE SOLVENTE, PARA SINALIZACAO HORIZONTAL VIARIA (NBR 11862)","L","CR",37.020000000000003,37.630000000000003,41.36,38.22]
["MATERIAL",7348,"TINTA ACRILICA PREMIUM PARA PISO","L","CR",21.56,24.08,22.02,19.899999999999999]
["MATERIAL",7313,"TINTA ASFALTICA IMPERMEABILIZANTE DILUIDA EM SOLVENTE, PARA MATERIAIS CIMENTICIOS, METAL E MADEIRA","L","CR",17.62,20.66,20.56,18.54]
["MATERIAL",7319,"TINTA ASFALTICA IMPERMEABILIZANTE DISPERSA EM AGUA, PARA MATERIAIS CIMENTICIOS","L","CR",10.08,11.82,11.76,10.61]
["MATERIAL",7314,"TINTA BORRACHA CLORADA, ACABAMENTO SEMIBRILHO, QUALQUER COR","L","CR",87.96,89.42,98.27,90.81]
["MATERIAL",7304,"TINTA EPOXI BASE AGUA PREMIUM, BRANCA","L","CR",83.27,69.319999999999993,94.51,100]
["MATERIAL",43649,"TINTA ESMALTE BASE AGUA PREMIUM ACETINADO","L","CR",43.06,35.85,48.88,51.72]
["MATERIAL",43650,"TINTA ESMALTE BASE AGUA PREMIUM BRILHANTE","L","CR",40.69,33.880000000000003,46.19,48.87]
["MATERIAL",7311,"TINTA ESMALTE SINTETICO PREMIUM ACETINADO","L","CR",41.69,34.700000000000003,47.32,50.06]
["MATERIAL",7292,"TINTA ESMALTE SINTETICO PREMIUM BRILHANTE","L","C",40.36,33.6,45.81,48.47]
["MATERIAL",7293,"TINTA ESMALTE SINTETICO PREMIUM DE DUPLA ACAO GRAFITE FOSCO PARA SUPERFICIES METALICAS FERROSAS","L","CR",44.65,37.17,50.68,53.62]
["MATERIAL",7306,"TINTA ESMALTE SINTETICO PREMIUM DE EFEITO PROTETOR DE SUPERFICIE METALICA ALUMINIO","L","CR",49.27,41.02,55.93,59.18]
["MATERIAL",7288,"TINTA ESMALTE SINTETICO PREMIUM FOSCO","L","CR",40.909999999999997,34.06,46.44,49.14]
["MATERIAL",43625,"TINTA ESMALTE SINTETICO STANDARD ACETINADO","L","CR",33.03,27.5,37.5,39.67]
["MATERIAL",43647,"TINTA ESMALTE SINTETICO STANDARD BRILHANTE","L","CR",30.01,24.98,34.06,36.04]
["MATERIAL",43648,"TINTA ESMALTE SINTETICO STANDARD FOSCO","L","CR",28.96,24.1,32.869999999999997,34.770000000000003]
["MATERIAL",35693,"TINTA LATEX ACRILICA ECONOMICA, COR BRANCA","L","CR",13.41,14.98,13.69,12.37]
["MATERIAL",7356,"TINTA LATEX ACRILICA PREMIUM, COR BRANCO FOSCO","L","C",32.15,35.909999999999997,32.83,29.67]
["MATERIAL",35692,"TINTA LATEX ACRILICA STANDARD, COR BRANCA","L","CR",21.04,23.5,21.49,19.420000000000002]
["MATERIAL",43624,"TINTA LATEX ACRILICA SUPER PREMIUM, COR BRANCO FOSCO","L","CR",39.18,43.77,40.01,36.159999999999997]
["MATERIAL",7342,"TINTA MINERAL IMPERMEAVEL EM PO, BRANCA","KG","CR",1.93,2.2599999999999998,2.25,2.0299999999999998]
["MATERIAL",7350,"TINTA/RESINA ACRILICA PREMIUM PARA CERAMICA, PEDRAS E OUTROS","L","CR",46.41,51.83,47.39,42.83]
["MATERIAL",39574,"TIRANTE COM ELO, EM ARAME GALVANIZADO RIGIDO, NUMERO 10, COMPRIMENTO 2000 MM, PARA PENDURAL DE FORRO REMOVIVEL","UN","CR",4.0199999999999996,3.17,4.07,3.93]
["MATERIAL",11060,"TIRANTE EM FERRO GALVANIZADO PARA CONTRAVENTAMENTO DE TELHA CANALETE 90, 1/4\" X 400 MM","UN","CR",31.65,36.61,0,42.2]
["MATERIAL",37401,"TOALHEIRO PLASTICO TIPO DISPENSER PARA PAPEL TOALHA INTERFOLHADO","UN","CR",105.1,47.89,35.299999999999997,42.91]
["MATERIAL",38101,"TOMADA 2P+T 10A, 250V (APENAS MODULO)","UN","CR",7.49,7.67,10.64,7.23]
["MATERIAL",7528,"TOMADA 2P+T 10A, 250V, CONJUNTO MONTADO PARA EMBUTIR 4\" X 2\" (PLACA + SUPORTE + MODULO)","UN","C",8.8000000000000007,9.02,12.5,8.5]
["MATERIAL",12147,"TOMADA 2P+T 10A, 250V, CONJUNTO MONTADO PARA SOBREPOR 4\" X 2\" (CAIXA + MODULO)","UN","CR",13.42,13.75,19.059999999999999,12.96]
["MATERIAL",38075,"TOMADA 2P+T 20A 250V, CONJUNTO MONTADO PARA EMBUTIR 4\" X 2\" (PLACA + SUPORTE + MODULO)","UN","CR",15.24,15.62,21.65,14.72]
["MATERIAL",38102,"TOMADA 2P+T 20A, 250V (APENAS MODULO)","UN","CR",9.58,9.82,13.61,9.25]
["MATERIAL",7525,"TOMADA INDUSTRIAL DE EMBUTIR 3P+T 30 A, 440 V, COM TRAVA, COM PLACA","UN","CR",43.33,44.41,61.55,41.85]
["MATERIAL",7524,"TOMADA INDUSTRIAL DE EMBUTIR 3P+T 30 A, 440 V, COM TRAVA, SEM PLACA","UN","CR",40.83,41.85,58,39.44]
["MATERIAL",38105,"TOMADA PARA ANTENA DE TV, CABO COAXIAL DE 9 MM (APENAS MODULO)","UN","CR",10.49,10.75,14.9,10.130000000000001]
["MATERIAL",38084,"TOMADA PARA ANTENA DE TV, CABO COAXIAL DE 9 MM, CONJUNTO MONTADO PARA EMBUTIR 4\" X 2\" (PLACA + SUPORTE + MODULO)","UN","CR",14.89,15.27,21.16,14.39]
["MATERIAL",38103,"TOMADA RJ11, 2 FIOS (APENAS MODULO)","UN","CR",15.74,16.14,22.37,15.21]
["MATERIAL",38082,"TOMADA RJ11, 2 FIOS, CONJUNTO MONTADO PARA EMBUTIR 4\" X 2\" (PLACA + SUPORTE + MODULO)","UN","CR",19.399999999999999,19.88,27.55,18.73]
["MATERIAL",38104,"TOMADA RJ45, 8 FIOS, CAT 5E (APENAS MODULO)","UN","CR",30.83,31.6,43.79,29.78]
["MATERIAL",38083,"TOMADA RJ45, 8 FIOS, CAT 5E, CONJUNTO MONTADO PARA EMBUTIR 4\" X 2\" (PLACA + SUPORTE + MODULO)","UN","CR",34.229999999999997,35.08,48.62,33.06]
["MATERIAL",38076,"TOMADAS (2 MODULOS) 2P+T 10A, 250V, CONJUNTO MONTADO PARA EMBUTIR 4\" X 2\" (PLACA + SUPORTE + MODULOS)","UN","CR",17.09,17.510000000000002,24.27,16.5]
["MAO DE OBRA",7592,"TOPOGRAFO (HORISTA)","H","C",24.13,18.329999999999998,23.15,44.98]
["MAO DE OBRA",40820,"TOPOGRAFO (MENSALISTA)","MES","CR",4252.4799999999996,3216.47,4126.08,7939.9]
["MATERIAL",11826,"TORNEIRA DE BOIA BALAO METALICO, VAZAO TOTAL, PARA CAIXA D'AGUA, AGUA QUENTE, ROSCA 1/2\", COM HASTE, TORNEIRA E BALAO METALICOS","UN","CR",69.739999999999995,55.16,110.01,47.5]
["MATERIAL",7606,"TORNEIRA DE BOIA BALAO METALICO, VAZAO TOTAL, PARA CAIXA D'AGUA, AGUA QUENTE, ROSCA 3/4\", COM HASTE, TORNEIRA E BALAO METALICOS","UN","CR",83.88,66.33,132.30000000000001,57.12]
["MATERIAL",11825,"TORNEIRA DE BOIA CONVENCIONAL PARA CAIXA D'AGUA, 1\", AGUA FRIA, COM HASTE E TORNEIRA METALICOS E BALAO PLASTICO","UN","CR",88.23,69.78,139.18,60.09]
["MATERIAL",11767,"TORNEIRA DE BOIA CONVENCIONAL PARA CAIXA D'AGUA, 2\", AGUA FRIA, COM HASTE E TORNEIRA METALICOS E BALAO PLASTICO","UN","CR",235.01,185.86,370.69,160.04]
["MATERIAL",11763,"TORNEIRA DE BOIA CONVENCIONAL PARA CAIXA D'AGUA, AGUA FRIA, 1.1/2\", COM HASTE E TORNEIRA METALICOS E BALAO PLASTICO","UN","CR",183.16,144.85,288.91000000000003,124.73]
["MATERIAL",11764,"TORNEIRA DE BOIA CONVENCIONAL PARA CAIXA D'AGUA, AGUA FRIA, 1.1/4\", COM HASTE E TORNEIRA METALICOS E BALAO PLASTICO","UN","CR",150.27000000000001,118.84,237.03,102.34]
["MATERIAL",11829,"TORNEIRA DE BOIA CONVENCIONAL PARA CAIXA D'AGUA, AGUA FRIA, 1/2\", COM HASTE E TORNEIRA METALICOS E BALAO PLASTICO","UN","CR",36.32,28.72,57.29,24.73]
["MATERIAL",11830,"TORNEIRA DE BOIA CONVENCIONAL PARA CAIXA D'AGUA, AGUA FRIA, 3/4\", COM HASTE E TORNEIRA METALICOS E BALAO PLASTICO","UN","CR",39.22,31.02,61.86,26.71]
["MATERIAL",11765,"TORNEIRA DE BOIA VAZAO TOTAL PARA CAIXA D'AGUA, AGUA FRIA, BITOLA 1\", COM HASTE E TORNEIRA METALICOS E BALAO PLASTICO","UN","CR",100.15,79.2,157.97,68.2]
["MATERIAL",11766,"TORNEIRA DE BOIA VAZAO TOTAL PARA CAIXA D'AGUA, AGUA FRIA, BITOLA 1/2\", COM HASTE E TORNEIRA METALICOS E BALAO PLASTICO","UN","CR",54.78,43.32,86.41,37.299999999999997]
["MATERIAL",11824,"TORNEIRA DE BOIA VAZAO TOTAL PARA CAIXA D'AGUA, AGUA FRIA, BITOLA 3/4\", COM HASTE E TORNEIRA METALICOS E BALAO PLASTICO","UN","CR",64.430000000000007,50.96,101.63,43.88]
["MATERIAL",44045,"TORNEIRA DE MESA PARA LAVATORIO, METALICA CROMADA, COM MISTURADOR MONOCOMANDO, BICA BAIXA","UN","CR",348.56,366.81,363.46,318.64999999999998]
["MATERIAL",39702,"TORNEIRA DE MESA PARA LAVATORIO, METALICA CROMADA, COM SENSOR DE APROXIMACAO ELETRICO, BIVOLT","UN","CR",2314.9,2436.12,2413.89,2116.3000000000002]
["MATERIAL",13415,"TORNEIRA DE MESA/BANCADA, PARA LAVATORIO, FIXA, METALICA CROMADA, PADRAO POPULAR, 1/2\" OU 3/4\"","UN","C",76,79.98,79.25,69.48]
["MATERIAL",7602,"TORNEIRA DE METAL AMARELO, PARA TANQUE / JARDIM, DE PAREDE, COM BICO PLASTICO, CANO CURTO, AREA EXTERNA, PADRAO POPULAR / USO GERAL, 1/2\" OU 3/4\"","UN","CR",48.5,51.04,50.57,44.34]
["MATERIAL",7603,"TORNEIRA DE METAL AMARELO, PARA TANQUE / JARDIM, DE PAREDE, SEM BICO, CANO CURTO, PADRAO POPULAR / USO GERAL, 1/2\" OU 3/4\"","UN","CR",41.14,43.3,42.9,37.61]
["MATERIAL",11777,"TORNEIRA ELETRICA DE PAREDE, PLASTICA, BICA ALTA, PARA COZINHA, 5500 W (110/220 V)","UN","CR",184.31,215.54,207.95,206]
["MATERIAL",13417,"TORNEIRA METALICA CROMADA CANO CURTO, SEM BICO, SEM AREJADOR, DE PAREDE, PARA TANQUE E USO GERAL, 1/2\" OU 3/4\"","UN","CR",98.98,104.17,103.21,90.49]
["MATERIAL",36791,"TORNEIRA METALICA CROMADA DE MESA PARA LAVATORIO, BICA ALTA, COM AREJADOR","UN","CR",148.56,156.34,154.91,135.81]
["MATERIAL",36795,"TORNEIRA METALICA CROMADA DE MESA PARA LAVATORIO, COM SENSOR DE PRESENCA A PILHA, COM AREJADOR EMBUTIDO","UN","CR",1878.33,1976.7,1958.65,1717.19]
["MATERIAL",36796,"TORNEIRA METALICA CROMADA DE MESA, PARA LAVATORIO, TEMPORIZADA PRESSAO FECHAMENTO AUTOMATICO, BICA BAIXA","UN","CR",156.09,164.26,162.76,142.69]
["MATERIAL",36792,"TORNEIRA METALICA CROMADA DE PAREDE LONGA PARA LAVATORIO, COM AREJADOR, ACIONAMENTO ALAVANCA, 1/4 DE VOLTA","UN","CR",197.72,208.08,206.18,180.76]
["MATERIAL",11773,"TORNEIRA METALICA CROMADA DE PAREDE, PARA COZINHA, BICA MOVEL, COM AREJADOR, 1/2\" OU 3/4\"","UN","CR",131.62,138.51,137.25,120.33]
["MATERIAL",11762,"TORNEIRA METALICA CROMADA PARA JARDIM / TANQUE, COM BICO PLASTICO, CANO LONGO, DE PAREDE, PADRAO POPULAR / USO GERAL, 1/2\" OU 3/4\"","UN","CR",62.43,65.7,65.099999999999994,57.07]
["MATERIAL",7604,"TORNEIRA METALICA CROMADA PARA TANQUE / JARDIM, SEM BICO, CANO LONGO, DE PAREDE, PADRAO POPULAR / USO GERAL, 1/2\" OU 3/4\"","UN","CR",52.86,55.63,55.12,48.32]
["MATERIAL",13984,"TORNEIRA METALICA CROMADA, CANO CURTO, COM AREJADOR, SEM BICO PLASTICO, DE PAREDE, PARA USO GERAL, 1/2\" OU 3/4\"","UN","CR",76.819999999999993,80.84,80.11,70.23]
["MATERIAL",11772,"TORNEIRA METALICA CROMADA, DE MESA/BANCADA, PARA COZINHA, BICA MOVEL, COM AREJADOR, 1/2\" OU 3/4\"","UN","CR",132.03,138.94999999999999,137.68,120.7]
["MATERIAL",13983,"TORNEIRA METALICA CROMADA, RETA, DE PAREDE, PARA COZINHA, COM AREJADOR, PADRAO POPULAR, 1/2\" OU 3/4\"","UN","CR",99.99,105.23,104.27,91.41]
["MATERIAL",13416,"TORNEIRA METALICA CROMADA, RETA, DE PAREDE, PARA COZINHA, SEM BICO, SEM AREJADOR, PADRAO POPULAR, 1/2\" OU 3/4\"","UN","CR",88.81,93.46,92.61,81.19]
["MATERIAL",40329,"TORNEIRA PLASTICA DE BOIA CONVENCIONAL PARA CAIXA DE AGUA, AGUA FRIA, 3/4\", COM HASTE METALICA E COM TORNEIRA E BALAO PLASTICOS (PADRAO POPULAR)","UN","C",22.76,18,35.9,15.5]
["MATERIAL",11823,"TORNEIRA PLASTICA DE BOIA PARA CAIXA DE DESCARGA, 1/2\", BALAO E TORNEIRA PLASTICOS, COM HASTE METALICA","UN","CR",9.59,7.58,15.12,6.53]
["MATERIAL",11822,"TORNEIRA PLASTICA DE MESA, BICA MOVEL, PARA COZINHA 1/2\"","UN","CR",25.43,22.57,26.86,32.43]
["MATERIAL",11831,"TORNEIRA PLASTICA PARA TANQUE 1/2\" OU 3/4\" COM BICO PARA MANGUEIRA","UN","CR",15.3,13.58,16.16,19.510000000000002]
["MATERIAL",45249,"TORNO/MORSA DE BANCADA NUMERO 4","UN","CR",181.87,226.87,177.21,197.21]
["MATERIAL",7613,"TRANSFORMADOR TRIFASICO DE DISTRIBUICAO, POTENCIA DE 1000 KVA, TENSAO NOMINAL DE 15 KV, TENSAO SECUNDARIA DE 220/127V, EM OLEO ISOLANTE TIPO MINERAL","UN","CR",0,0,0,0]
["MATERIAL",7619,"TRANSFORMADOR TRIFASICO DE DISTRIBUICAO, POTENCIA DE 112,5 KVA, TENSAO NOMINAL DE 15 KV, TENSAO SECUNDARIA DE 220/127V, EM OLEO ISOLANTE TIPO MINERAL","UN","CR",0,0,0,0]
["MATERIAL",12076,"TRANSFORMADOR TRIFASICO DE DISTRIBUICAO, POTENCIA DE 15 KVA, TENSAO NOMINAL DE 15 KV, TENSAO SECUNDARIA DE 220/127V, EM OLEO ISOLANTE TIPO MINERAL","UN","CR",0,0,0,0]
["MATERIAL",7614,"TRANSFORMADOR TRIFASICO DE DISTRIBUICAO, POTENCIA DE 150 KVA, TENSAO NOMINAL DE 15 KV, TENSAO SECUNDARIA DE 220/127V, EM OLEO ISOLANTE TIPO MINERAL","UN","CR",0,0,0,0]
["MATERIAL",7618,"TRANSFORMADOR TRIFASICO DE DISTRIBUICAO, POTENCIA DE 1500 KVA, TENSAO NOMINAL DE 15 KV, TENSAO SECUNDARIA DE 220/127V, EM OLEO ISOLANTE TIPO MINERAL","UN","CR",0,0,0,0]
["MATERIAL",7620,"TRANSFORMADOR TRIFASICO DE DISTRIBUICAO, POTENCIA DE 225 KVA, TENSAO NOMINAL DE 15 KV, TENSAO SECUNDARIA DE 220/127V, EM OLEO ISOLANTE TIPO MINERAL","UN","CR",0,0,0,0]
["MATERIAL",7610,"TRANSFORMADOR TRIFASICO DE DISTRIBUICAO, POTENCIA DE 30 KVA, TENSAO NOMINAL DE 15 KV, TENSAO SECUNDARIA DE 220/127V, EM OLEO ISOLANTE TIPO MINERAL","UN","CR",0,0,0,0]
["MATERIAL",7615,"TRANSFORMADOR TRIFASICO DE DISTRIBUICAO, POTENCIA DE 300 KVA, TENSAO NOMINAL DE 15 KV, TENSAO SECUNDARIA DE 220/127V, EM OLEO ISOLANTE TIPO MINERAL","UN","CR",0,0,0,0]
["MATERIAL",7617,"TRANSFORMADOR TRIFASICO DE DISTRIBUICAO, POTENCIA DE 45 KVA, TENSAO NOMINAL DE 15 KV, TENSAO SECUNDARIA DE 220/127V, EM OLEO ISOLANTE TIPO MINERAL","UN","CR",0,0,0,0]
["MATERIAL",7616,"TRANSFORMADOR TRIFASICO DE DISTRIBUICAO, POTENCIA DE 500 KVA, TENSAO NOMINAL DE 15 KV, TENSAO SECUNDARIA DE 220/127V, EM OLEO ISOLANTE TIPO MINERAL","UN","CR",0,0,0,0]
["MATERIAL",7611,"TRANSFORMADOR TRIFASICO DE DISTRIBUICAO, POTENCIA DE 75 KVA, TENSAO NOMINAL DE 15 KV, TENSAO SECUNDARIA DE 220/127V, EM OLEO ISOLANTE TIPO MINERAL","UN","C",0,0,0,0]
["MATERIAL",7612,"TRANSFORMADOR TRIFASICO DE DISTRIBUICAO, POTENCIA DE 750 KVA, TENSAO NOMINAL DE 15 KV, TENSAO SECUNDARIA DE 220/127V, EM OLEO ISOLANTE TIPO MINERAL","UN","CR",0,0,0,0]
["MATERIAL",37371,"TRANSPORTE - HORISTA (COLETADO CAIXA - ENCARGOS COMPLEMENTARES)","H","C",0.59,0.51,1.5,0.86]
["MATERIAL",40861,"TRANSPORTE - MENSALISTA (COLETADO CAIXA - ENCARGOS COMPLEMENTARES)","MES","C",111.9,95.78,282.98,162.4]
["EQUIPAMENTO (AQUISIÇÃO)",36509,"TRATOR DE ESTEIRAS, POTENCIA 125 HP, PESO OPERACIONAL DE 12,9 T, COM LAMINA COM CAPACIDADE DE 2,7 M3","UN","CR",0,0,0,1166605.43]
["EQUIPAMENTO (AQUISIÇÃO)",36510,"TRATOR DE ESTEIRAS, POTENCIA BRUTA DE 133 HP, PESO OPERACIONAL DE 14 T, COM LAMINA COM CAPACIDADE DE 3,00 M3","UN","CR",0,0,0,1148929.6100000001]
["EQUIPAMENTO (AQUISIÇÃO)",25020,"TRATOR DE ESTEIRAS, POTENCIA BRUTA DE 347 HP, PESO OPERACIONAL DE 38,5 T, COM ESCARIFICADOR E LAMINA COM CAPACIDADE DE 4,70M3","UN","CR",0,0,0,4733185.78]
["EQUIPAMENTO (AQUISIÇÃO)",7622,"TRATOR DE ESTEIRAS, POTENCIA DE 100 HP, PESO OPERACIONAL DE 9,4 T, COM LAMINA COM CAPACIDADE DE 2,19 M3","UN","CR",0,0,0,1114629.6499999999]
["EQUIPAMENTO (AQUISIÇÃO)",7624,"TRATOR DE ESTEIRAS, POTENCIA DE 150 HP, PESO OPERACIONAL DE 16,7 T, COM RODA MOTRIZ ELEVADA E LAMINA COM CONTATO DE 3,18M3","UN","C",0,0,0,1445000]
["EQUIPAMENTO (AQUISIÇÃO)",7625,"TRATOR DE ESTEIRAS, POTENCIA DE 170 HP, PESO OPERACIONAL DE 19 T, COM LAMINA COM CAPACIDADE DE 5,2 M3","UN","CR",0,0,0,1436161.94]
["EQUIPAMENTO (AQUISIÇÃO)",7623,"TRATOR DE ESTEIRAS, POTENCIA DE 347 HP, PESO OPERACIONAL DE 38,5 T, COM LAMINA COM CAPACIDADE DE 8,70M3","UN","CR",0,0,0,4733185.78]
["EQUIPAMENTO (AQUISIÇÃO)",36508,"TRATOR DE ESTEIRAS, POTENCIA NO VOLANTE DE 200 HP, PESO OPERACIONAL DE 20,1 T, COM RODA MOTRIZ ELEVADA E LAMINA COM CAPACIDADE DE 3,89 M3","UN","CR",0,0,0,2128701.46]
["EQUIPAMENTO (AQUISIÇÃO)",13238,"TRATOR DE PNEUS COM POTENCIA DE 105 CV, TRACAO 4 X 4, PESO COM LASTRO DE 5775 KG","UN","CR",0,0,0,353271]
["EQUIPAMENTO (AQUISIÇÃO)",36511,"TRATOR DE PNEUS COM POTENCIA DE 122 CV, TRACAO 4 X 4, PESO COM LASTRO DE 4510 KG","UN","CR",0,0,0,409345.77]
["EQUIPAMENTO (AQUISIÇÃO)",36515,"TRATOR DE PNEUS COM POTENCIA DE 15 CV, PESO COM LASTRO DE 1160 KG","UN","CR",0,0,0,120560.73]
["EQUIPAMENTO (AQUISIÇÃO)",10598,"TRATOR DE PNEUS COM POTENCIA DE 50 CV, TRACAO 4 X 2, PESO COM LASTRO DE 2714 KG","UN","CR",0,0,0,195507.45]
["EQUIPAMENTO (AQUISIÇÃO)",7640,"TRATOR DE PNEUS COM POTENCIA DE 85 CV, TRACAO 4 X 4, PESO COM LASTRO DE 4675 KG","UN","C",0,0,0,300000]
["EQUIPAMENTO (AQUISIÇÃO)",36513,"TRATOR DE PNEUS COM POTENCIA DE 85 CV, TURBO, PESO COM LASTRO DE 4900 KG","UN","CR",0,0,0,288995.31]
["EQUIPAMENTO (AQUISIÇÃO)",36514,"TRATOR DE PNEUS COM POTENCIA DE 95 CV, TRACAO 4 X 4, PESO MAXIMO DE 5225 KG","UN","CR",0,0,0,322429.89]
["MATERIAL",11572,"TRAVA / PRENDEDOR DE PORTA, EM LATAO CROMADO, MONTADO EM PISO","UN","CR",35.49,37.35,31.11,34.86]
["MATERIAL",36149,"TRAVA-QUEDAS EM ACO PARA CORDA DE 12 MM, EXTENSOR DE 25 X 300 MM, COM MOSQUETAO TIPO GANCHO TRAVA DUPLA","UN","CR",151.88,208.05,173.09,171.6]
["MATERIAL",42407,"TRELICA NERVURADA (ESPACADOR), ALTURA = 120,0 MM, DIAMETRO DOS BANZOS INFERIORES E SUPERIOR = 6,0 MM, DIAMETRO DA DIAGONAL = 4,2 MM","M","CR",5.2,0,5.43,5.67]
["MATERIAL",45200,"TRENA COM FITA DE ACO DE 10 M X 25 MM (COMPRIMENTO X LARGURA)","UN","CR",29.13,36.340000000000003,28.38,31.59]
["MATERIAL",11581,"TRILHO PANTOGRAFICO CONCAVO, TIPO U, EM ALUMINIO, COM DIMENSOES DE APROX *35 X 35* MM, PARA ROLDANA DE PORTA DE CORRER","M","CR",23.42,24.65,20.53,23.01]
["MATERIAL",43605,"TRILHO PANTOGRAFICO RETO, EM ALUMINIO, TIPO U, COM DIMENSOES DE *38 X 38* MM PARA PORTA DE CORRER","M","CR",47.92,50.45,42.02,47.08]
["MATERIAL",11580,"TRILHO QUADRADO FRISADO PARA RODIZIO (VERGALHAO MACICO), EM ALUMINIO, COM DIMENSOES DE *6 X 6* MM","M","CR",9.4,9.89,8.24,9.23]
["MATERIAL",38386,"TRINCHA CERDAS GRIS 1.1/2\" (38 MM)","UN","CR",5.25,7.01,6.09,6.7]
["MATERIAL",45231,"TRINCHA DE 1\" COM CERDAS SINTETICAS","UN","CR",4.8,6.4,5.56,6.12]
["MATERIAL",45232,"TRINCHA DE 2\" COM CERDAS SINTETICAS","UN","CR",8.44,11.28,9.7899999999999991,10.77]
["EQUIPAMENTO (AQUISIÇÃO)",10743,"TROLEY MANUAL CAPACIDADE 1 T","UN","CR",626.41999999999996,699.39,0,469.46]
["MATERIAL",39848,"TUBO / MANGUEIRA PRETA EM POLIETILENO, LINHA PESADA OU REFORCADA, TIPO ESPAGUETE, PARA INJECAO DE CALDA DE CIMENTO, D = 1/2\", ESPESSURA 1,5 MM","M","CR",0,0,0,0]
["MATERIAL",7667,"TUBO 26\" EM CHAPA PRETA, E= 3/16\", 147 KG/6 M","M","CR",0,0,0,0]
["MATERIAL",7660,"TUBO 30\" EM CHAPA PRETA, E= 1/4\", 175 KG/6 M","M","CR",0,0,0,0]
["MATERIAL",7676,"TUBO 30\" EM CHAPA PRETA, E= 3/8\", 177 KG/6 M","M","CR",0,0,0,0]
["MATERIAL",20999,"TUBO ACO CARBONO COM COSTURA, NBR 5580, CLASSE L, DN = 15 MM, E = 2,25 MM, 1,06 KG/M","M","CR",0,0,7.86,15]
["MATERIAL",21001,"TUBO ACO CARBONO COM COSTURA, NBR 5580, CLASSE L, DN = 25 MM, E = 2,65 MM, 2,02 KG/M","M","C",0,0,14.68,28]
["MATERIAL",21003,"TUBO ACO CARBONO COM COSTURA, NBR 5580, CLASSE L, DN = 40 MM, E = 3,0 MM, 3,34 KG/M","M","CR",0,0,24.12,46.01]
["MATERIAL",21006,"TUBO ACO CARBONO COM COSTURA, NBR 5580, CLASSE L, DN = 80 MM, E = 3,35 MM, 7,07 KG/M","M","CR",0,0,51.19,97.65]
["MATERIAL",21019,"TUBO ACO CARBONO COM COSTURA, NBR 5580, CLASSE M, DN = 25 MM, E = 3,35 MM, *2,50* KG//M","M","CR",0,0,17.79,33.94]
["MATERIAL",21021,"TUBO ACO CARBONO COM COSTURA, NBR 5580, CLASSE M, DN = 40 MM, E = 3,35 MM, *3,71* KG//M","M","CR",0,0,28.13,53.66]
["MATERIAL",21024,"TUBO ACO CARBONO COM COSTURA, NBR 5580, CLASSE M, DN = 80 MM, E = 4,05 MM, *8,47* KG/M","M","CR",0,0,60.27,114.96]
["MATERIAL",40624,"TUBO ACO CARBONO SEM COSTURA 1 1/2\", E= *3,68 MM, SCHEDULE 40, 4,05 KG/M","M","CR",0,0,0,0]
["MATERIAL",42575,"TUBO ACO CARBONO SEM COSTURA 1 1/4\", E= *3,56 MM, SCHEDULE 40, *3,38* KG/M","M","CR",0,0,0,0]
["MATERIAL",42574,"TUBO ACO CARBONO SEM COSTURA 1\", E= *3,38 MM, SCHEDULE 40, *2,50* KG/M","M","CR",0,0,0,0]
["MATERIAL",13127,"TUBO ACO CARBONO SEM COSTURA 1/2\", E= *2,77 MM, SCHEDULE 40, *1,27 KG/M","M","CR",0,0,0,0]
["MATERIAL",13137,"TUBO ACO CARBONO SEM COSTURA 1/2\", E= *3,73 MM, SCHEDULE 80, *1,62 KG/M","M","CR",0,0,0,0]
["MATERIAL",20989,"TUBO ACO CARBONO SEM COSTURA 14\", E= *11,13 MM, SCHEDULE 40, *94,55 KG/M","M","CR",0,0,0,0]
["MATERIAL",21147,"TUBO ACO CARBONO SEM COSTURA 2 1/2\", E = 5,16 MM, SCHEDULE 40 (8,62 KG/M)","M","CR",0,0,0,0]
["MATERIAL",21148,"TUBO ACO CARBONO SEM COSTURA 2\", E= *3,91* MM, SCHEDULE 40, *5,43* KG/M","M","C",0,0,0,0]
["MATERIAL",20984,"TUBO ACO CARBONO SEM COSTURA 20\", E= *12,70 MM, SCHEDULE 30, *154,97 KG/M","M","CR",0,0,0,0]
["MATERIAL",13042,"TUBO ACO CARBONO SEM COSTURA 20\", E= *6,35 MM, SCHEDULE 10, *78,46 KG/M","M","CR",0,0,0,0]
["MATERIAL",42576,"TUBO ACO CARBONO SEM COSTURA 3\", E= *5,49 MM, SCHEDULE 40, *11,28* KG/M","M","CR",0,0,0,0]
["MATERIAL",21150,"TUBO ACO CARBONO SEM COSTURA 3/4\", E= *2,87 MM, SCHEDULE 40, *1,69 KG/M","M","CR",0,0,0,0]
["MATERIAL",13141,"TUBO ACO CARBONO SEM COSTURA 3/4\", E= *3,91 MM, SCHEDULE 80, *2,19 KG/M.","M","CR",0,0,0,0]
["MATERIAL",21151,"TUBO ACO CARBONO SEM COSTURA 4\", E= *6,02 MM, SCHEDULE 40, *16,06 KG/M","M","CR",0,0,0,0]
["MATERIAL",13142,"TUBO ACO CARBONO SEM COSTURA 4\", E= *8,56 MM, SCHEDULE 80, *22,31 KG/M","M","CR",0,0,0,0]
["MATERIAL",42577,"TUBO ACO CARBONO SEM COSTURA 5\", E= *6,55 MM, SCHEDULE 40, *21,75* KG/M","M","CR",0,0,0,0]
["MATERIAL",20994,"TUBO ACO CARBONO SEM COSTURA 6\", E= *10,97 MM, SCHEDULE 80, *42,56 KG/M","M","CR",0,0,0,0]
["MATERIAL",7672,"TUBO ACO CARBONO SEM COSTURA 6\", E= 7,11 MM, SCHEDULE 40, *28,26 KG/M","M","CR",0,0,0,0]
["MATERIAL",20995,"TUBO ACO CARBONO SEM COSTURA 8\", E= *12,70 MM, SCHEDULE 80, *64,64 KG/M","M","CR",0,0,0,0]
["MATERIAL",7690,"TUBO ACO CARBONO SEM COSTURA 8\", E= *6,35 MM, SCHEDULE 20, *33,27 KG/M","M","CR",0,0,0,0]
["MATERIAL",20980,"TUBO ACO CARBONO SEM COSTURA 8\", E= *7,04 MM, SCHEDULE 30, *36,75 KG/M","M","CR",0,0,0,0]
["MATERIAL",7661,"TUBO ACO CARBONO SEM COSTURA 8\", E= *8,18 MM, SCHEDULE 40, *42,55 KG/M","M","CR",0,0,0,0]
["MATERIAL",21016,"TUBO ACO GALVANIZADO COM COSTURA, CLASSE LEVE, DN 100 MM (4\"), E = 3,75 MM, *10,55* KG/M (NBR 5580)","M","CR",0,188.37,0,222.55]
["MATERIAL",21008,"TUBO ACO GALVANIZADO COM COSTURA, CLASSE LEVE, DN 15 MM (1/2\"), E = 2,25 MM, *1,2* KG/M (NBR 5580)","M","CR",0,22.01,0,26]
["MATERIAL",21009,"TUBO ACO GALVANIZADO COM COSTURA, CLASSE LEVE, DN 20 MM (3/4\"), E = 2,25 MM, *1,3* KG/M (NBR 5580)","M","CR",0,28.65,0,33.85]
["MATERIAL",21010,"TUBO ACO GALVANIZADO COM COSTURA, CLASSE LEVE, DN 25 MM (1\"), E = 2,65 MM, *2,11* KG/M (NBR 5580)","M","C",0,38.47,0,45.45]
["MATERIAL",21011,"TUBO ACO GALVANIZADO COM COSTURA, CLASSE LEVE, DN 32 MM (1 1/4\"), E = 2,65 MM, *2,71* KG/M (NBR 5580)","M","CR",0,56.07,0,66.239999999999995]
["MATERIAL",21012,"TUBO ACO GALVANIZADO COM COSTURA, CLASSE LEVE, DN 40 MM (1 1/2\"), E = 3,00 MM, *3,48* KG/M (NBR 5580)","M","CR",0,61.96,0,73.2]
["MATERIAL",21013,"TUBO ACO GALVANIZADO COM COSTURA, CLASSE LEVE, DN 50 MM (2\"), E = 3,00 MM, *4,40* KG/M (NBR 5580)","M","CR",0,80.849999999999994,0,95.53]
["MATERIAL",21014,"TUBO ACO GALVANIZADO COM COSTURA, CLASSE LEVE, DN 65 MM (2 1/2\"), E = 3,35 MM, * 6,23* KG/M (NBR 5580)","M","CR",0,113.13,0,133.66]
["MATERIAL",21015,"TUBO ACO GALVANIZADO COM COSTURA, CLASSE LEVE, DN 80 MM (3\"), E = 3,35 MM, *7,32* KG/M (NBR 5580)","M","CR",0,129.97999999999999,0,153.56]
["MATERIAL",40626,"TUBO ACO GALVANIZADO COM COSTURA, CLASSE MEDIA, DN 1\", E = 3,38 MM, PESO 2,50 KG/M (NBR 5580)","M","CR",0,42.34,0,50.02]
["MATERIAL",7697,"TUBO ACO GALVANIZADO COM COSTURA, CLASSE MEDIA, DN 1.1/2\", E = *3,25* MM, PESO *3,61* KG/M (NBR 5580)","M","CR",0,62.02,0,73.28]
["MATERIAL",7698,"TUBO ACO GALVANIZADO COM COSTURA, CLASSE MEDIA, DN 1.1/4\", E = *3,25* MM, PESO *3,14* KG/M (NBR 5580)","M","CR",0,53.39,0,63.08]
["MATERIAL",7691,"TUBO ACO GALVANIZADO COM COSTURA, CLASSE MEDIA, DN 1/2\", E = *2,65* MM, PESO *1,22* KG/M (NBR 5580)","M","CR",0,22.56,0,26.65]
["MATERIAL",7696,"TUBO ACO GALVANIZADO COM COSTURA, CLASSE MEDIA, DN 2\", E = *3,65* MM, PESO *5,10* KG/M (NBR 5580)","M","CR",0,89.44,0,105.67]
["MATERIAL",7701,"TUBO ACO GALVANIZADO COM COSTURA, CLASSE MEDIA, DN 2.1/2\", E = *3,65* MM, PESO *6,51* KG/M (NBR 5580)","M","CR",0,110.99,0,131.13]
["MATERIAL",7694,"TUBO ACO GALVANIZADO COM COSTURA, CLASSE MEDIA, DN 3\", E = *4,05* MM, PESO *8,47* KG/M (NBR 5580)","M","CR",0,149.36000000000001,0,176.46]
["MATERIAL",7700,"TUBO ACO GALVANIZADO COM COSTURA, CLASSE MEDIA, DN 3/4\", E = *2,65* MM, PESO *1,58* KG/M (NBR 5580)","M","CR",0,28.53,0,33.71]
["MATERIAL",7693,"TUBO ACO GALVANIZADO COM COSTURA, CLASSE MEDIA, DN 4\", E = 4,50* MM, PESO 12,10* KG/M (NBR 5580)","M","CR",0,205.7,0,243.02]
["MATERIAL",7692,"TUBO ACO GALVANIZADO COM COSTURA, CLASSE MEDIA, DN 5\", E = *5,40* MM, PESO *17,80* KG/M (NBR 5580)","M","CR",0,307.97000000000003,0,363.85]
["MATERIAL",7695,"TUBO ACO GALVANIZADO COM COSTURA, CLASSE MEDIA, DN 6\", E = 4,85* MM, PESO 19,68* KG/M (NBR 5580)","M","CR",0,334,0,394.6]
["MATERIAL",13356,"TUBO ACO INDUSTRIAL DN 2\" (50,8 MM) E=1,50MM, PESO= 1,8237 KG/M","M","CR",0,24.22,0,28.61]
["MATERIAL",36365,"TUBO COLETOR DE ESGOTO PVC, JEI, DN 100 MM (NBR 7362)","M","CR",43.55,39.96,40.4,42.15]
["MATERIAL",41930,"TUBO COLETOR DE ESGOTO PVC, JEI, DN 200 MM (NBR 7362)","M","CR",145.05000000000001,133.12,134.55000000000001,140.38]
["MATERIAL",41931,"TUBO COLETOR DE ESGOTO PVC, JEI, DN 250 MM (NBR 7362)","M","CR",227.18,208.49,210.74,219.87]
["MATERIAL",41932,"TUBO COLETOR DE ESGOTO PVC, JEI, DN 300 MM (NBR 7362)","M","CR",349.67,320.91000000000003,324.37,338.42]
["MATERIAL",41933,"TUBO COLETOR DE ESGOTO PVC, JEI, DN 350 MM (NBR 7362)","M","CR",494.16,453.52,458.41,478.27]
["MATERIAL",41934,"TUBO COLETOR DE ESGOTO PVC, JEI, DN 400 MM (NBR 7362)","M","CR",575.51,528.17999999999995,533.87,557.01]
["MATERIAL",41936,"TUBO COLETOR DE ESGOTO, PVC, JEI, DN 150 MM (NBR 7362)","M","CR",85.41,78.38,79.23,82.66]
["MATERIAL",44812,"TUBO CORRUGADO PEAD, PAREDE DUPLA, INTERNA LISA, JEI DN/DI 500 MM (DRENAGEM/ESGOTO)","M","CR",352.1,476.21,435.77,353.49]
["MATERIAL",41785,"TUBO CORRUGADO PEAD, PAREDE DUPLA, INTERNA LISA, JEI, DN/DI *1000* MM, PARA SANEAMENTO (DRENAGEM/ESGOTO)","M","CR",1304.8599999999999,1764.79,1614.92,1310.03]
["MATERIAL",41781,"TUBO CORRUGADO PEAD, PAREDE DUPLA, INTERNA LISA, JEI, DN/DI *400* MM, PARA SANEAMENTO (DRENAGEM/ESGOTO)","M","CR",235.61,318.66000000000003,291.60000000000002,236.54]
["MATERIAL",41783,"TUBO CORRUGADO PEAD, PAREDE DUPLA, INTERNA LISA, JEI, DN/DI *800* MM, PARA SANEAMENTO (DRENAGEM/ESGOTO)","M","CR",847.05,1145.6099999999999,1048.33,850.4]
["MATERIAL",41786,"TUBO CORRUGADO PEAD, PAREDE DUPLA, INTERNA LISA, JEI, DN/DI 1200 MM, PARA SANEAMENTO (DRENAGEM/ESGOTO)","M","CR",1803.39,2439.0500000000002,2231.9299999999998,1810.54]
["MATERIAL",41779,"TUBO CORRUGADO PEAD, PAREDE DUPLA, INTERNA LISA, JEI, DN/DI 250 MM, PARA SANEAMENTO (DRENAGEM/ESGOTO)","M","CR",92.79,125.5,114.84,93.16]
["MATERIAL",41780,"TUBO CORRUGADO PEAD, PAREDE DUPLA, INTERNA LISA, JEI, DN/DI 300 MM, PARA SANEAMENTO (DRENAGEM/ESGOTO)","M","CR",145.37,196.62,179.92,145.94999999999999]
["MATERIAL",41782,"TUBO CORRUGADO PEAD, PAREDE DUPLA, INTERNA LISA, JEI, DN/DI 600 MM, PARA SANEAMENTO (DRENAGEM/ESGOTO)","M","CR",520.77,704.33,644.51,522.83000000000004]
["MATERIAL",38130,"TUBO CPVC SOLDAVEL, 35 MM, AGUA QUENTE PREDIAL (NBR 15884)","M","CR",42.65,0,42.72,46.79]
["MATERIAL",44260,"TUBO CPVC, SOLDAVEL, 114 MM, AGUA QUENTE (NBR 15884)","M","CR",403.7,0,404.38,442.82]
["MATERIAL",21123,"TUBO CPVC, SOLDAVEL, 15 MM, AGUA QUENTE PREDIAL (NBR 15884)","M","C",11.87,0,11.89,13.02]
["MATERIAL",21124,"TUBO CPVC, SOLDAVEL, 22 MM, AGUA QUENTE PREDIAL (NBR 15884)","M","CR",18.96,0,18.989999999999998,20.8]
["MATERIAL",21125,"TUBO CPVC, SOLDAVEL, 28 MM, AGUA QUENTE PREDIAL (NBR 15884)","M","CR",32.659999999999997,0,32.71,35.82]
["MATERIAL",38028,"TUBO CPVC, SOLDAVEL, 42 MM, AGUA QUENTE PREDIAL (NBR 15884)","M","CR",57.1,0,57.2,62.63]
["MATERIAL",38029,"TUBO CPVC, SOLDAVEL, 54 MM, AGUA QUENTE PREDIAL (NBR 15884)","M","CR",83.58,0,83.72,91.67]
["MATERIAL",38030,"TUBO CPVC, SOLDAVEL, 73 MM, AGUA QUENTE PREDIAL (NBR 15884)","M","CR",135.15,0,135.37,148.24]
["MATERIAL",38031,"TUBO CPVC, SOLDAVEL, 89 MM, AGUA QUENTE PREDIAL (NBR 15884)","M","CR",212.12,0,212.48,232.67]
["MATERIAL",39735,"TUBO DE BORRACHA ELASTOMERICA FLEXIVEL, PRETA, PARA ISOLAMENTO TERMICO DE TUBULACAO, DN 1 1/8\" (28 MM), E= 32 MM, COEFICIENTE DE CONDUTIVIDADE TERMICA 0,036W/MK, VAPOR DE AGUA MAIOR OU IGUAL A 10.000","M","CR",0,100.81,0,73.25]
["MATERIAL",39734,"TUBO DE BORRACHA ELASTOMERICA FLEXIVEL, PRETA, PARA ISOLAMENTO TERMICO DE TUBULACAO, DN 1 3/8\" (35 MM), E= 32 MM, COEFICIENTE DE CONDUTIVIDADE TERMICA 0,036W/MK, VAPOR DE AGUA MAIOR OU IGUAL A 10.000","M","CR",0,119.57,0,86.89]
["MATERIAL",39736,"TUBO DE BORRACHA ELASTOMERICA FLEXIVEL, PRETA, PARA ISOLAMENTO TERMICO DE TUBULACAO, DN 1 5/8\" (42 MM), E= 32 MM, COEFICIENTE DE CONDUTIVIDADE TERMICA 0,036W/MK, VAPOR DE AGUA MAIOR OU IGUAL A 10.000","M","CR",0,136.46,0,99.16]
["MATERIAL",39739,"TUBO DE BORRACHA ELASTOMERICA FLEXIVEL, PRETA, PARA ISOLAMENTO TERMICO DE TUBULACAO, DN 1\" (25 MM), E= 32 MM, COEFICIENTE DE CONDUTIVIDADE TERMICA 0,036W/MK, VAPOR DE AGUA MAIOR OU IGUAL A 10.000","M","CR",0,94.37,0,68.569999999999993]
["MATERIAL",39737,"TUBO DE BORRACHA ELASTOMERICA FLEXIVEL, PRETA, PARA ISOLAMENTO TERMICO DE TUBULACAO, DN 1/2\" (12 MM), E= 19 MM, COEFICIENTE DE CONDUTIVIDADE TERMICA 0,036W/MK, VAPOR DE AGUA MAIOR OU IGUAL A 10.000","M","CR",0,18.350000000000001,0,13.34]
["MATERIAL",39738,"TUBO DE BORRACHA ELASTOMERICA FLEXIVEL, PRETA, PARA ISOLAMENTO TERMICO DE TUBULACAO, DN 1/4\" (6 MM), E= 9 MM, COEFICIENTE DE CONDUTIVIDADE TERMICA 0,036W/MK, VAPOR DE AGUA MAIOR OU IGUAL A 10.000","M","CR",0,6.64,0,4.82]
["MATERIAL",39733,"TUBO DE BORRACHA ELASTOMERICA FLEXIVEL, PRETA, PARA ISOLAMENTO TERMICO DE TUBULACAO, DN 2 1/8\" (54 MM), E= 32 MM, COEFICIENTE DE CONDUTIVIDADE TERMICA 0,036W/MK, VAPOR DE AGUA MAIOR OU IGUAL A 10.000","M","CR",0,163.31,0,118.67]
["MATERIAL",39854,"TUBO DE BORRACHA ELASTOMERICA FLEXIVEL, PRETA, PARA ISOLAMENTO TERMICO DE TUBULACAO, DN 2 5/8\" (*64* MM), E= *32* MM, COEFICIENTE DE CONDUTIVIDADE TERMICA 0,036W/MK, VAPOR DE AGUA MAIOR OU IGUAL A 10.000","M","CR",0,165.62,0,120.35]
["MATERIAL",39740,"TUBO DE BORRACHA ELASTOMERICA FLEXIVEL, PRETA, PARA ISOLAMENTO TERMICO DE TUBULACAO, DN 3/4\" (18 MM), E= 32 MM, COEFICIENTE DE CONDUTIVIDADE TERMICA 0,036W/MK, VAPOR DE AGUA MAIOR OU IGUAL A 10.000","M","CR",0,90.62,0,65.849999999999994]
["MATERIAL",39741,"TUBO DE BORRACHA ELASTOMERICA FLEXIVEL, PRETA, PARA ISOLAMENTO TERMICO DE TUBULACAO, DN 3/8\" (10 MM), E= 19 MM, COEFICIENTE DE CONDUTIVIDADE TERMICA 0,036W/MK, VAPOR DE AGUA MAIOR OU IGUAL A 10.000","M","CR",0,16.7,0,12.13]
["MATERIAL",39853,"TUBO DE BORRACHA ELASTOMERICA FLEXIVEL, PRETA, PARA ISOLAMENTO TERMICO DE TUBULACAO, DN 5/8\" (15 MM), E= 19 MM, COEFICIENTE DE CONDUTIVIDADE TERMICA 0,036W/MK, VAPOR DE AGUA MAIOR OU IGUAL A 10.000","M","CR",0,21.93,0,15.94]
["MATERIAL",39742,"TUBO DE BORRACHA ELASTOMERICA FLEXIVEL, PRETA, PARA ISOLAMENTO TERMICO DE TUBULACAO, DN 7/8\" (22 MM), E= 32 MM, COEFICIENTE DE CONDUTIVIDADE TERMICA 0,036W/MK, VAPOR DE AGUA MAIOR OU IGUAL A 10.000","M","CR",0,72.84,0,52.93]
["MATERIAL",39751,"TUBO DE COBRE CLASSE \"A\", DN = 1 1/2\" (42 MM), PARA INSTALACOES DE MEDIA PRESSAO PARA GASES COMBUSTIVEIS E MEDICINAIS","M","CR",0,0,305.54000000000002,0]
["MATERIAL",39750,"TUBO DE COBRE CLASSE \"A\", DN = 1 1/4\" (35 MM), PARA INSTALACOES DE MEDIA PRESSAO PARA GASES COMBUSTIVEIS E MEDICINAIS","M","CR",0,0,253.95,0]
["MATERIAL",39749,"TUBO DE COBRE CLASSE \"A\", DN = 1\" (28 MM), PARA INSTALACOES DE MEDIA PRESSAO PARA GASES COMBUSTIVEIS E MEDICINAIS","M","CR",0,0,168.14,0]
["MATERIAL",39747,"TUBO DE COBRE CLASSE \"A\", DN = 1/2\" (15 MM), PARA INSTALACOES DE MEDIA PRESSAO PARA GASES COMBUSTIVEIS E MEDICINAIS","M","CR",0,0,81.69,0]
["MATERIAL",39753,"TUBO DE COBRE CLASSE \"A\", DN = 2 1/2\" (66 MM), PARA INSTALACOES DE MEDIA PRESSAO PARA GASES COMBUSTIVEIS E MEDICINAIS","M","CR",0,0,562.41,0]
["MATERIAL",39752,"TUBO DE COBRE CLASSE \"A\", DN = 2\" (54 MM), PARA INSTALACOES DE MEDIA PRESSAO PARA GASES COMBUSTIVEIS E MEDICINAIS","M","CR",0,0,434.75,0]
["MATERIAL",39754,"TUBO DE COBRE CLASSE \"A\", DN = 3\" (79 MM), PARA INSTALACOES DE MEDIA PRESSAO PARA GASES COMBUSTIVEIS E MEDICINAIS","M","CR",0,0,828.59,0]
["MATERIAL",39748,"TUBO DE COBRE CLASSE \"A\", DN = 3/4\" (22 MM), PARA INSTALACOES DE MEDIA PRESSAO PARA GASES COMBUSTIVEIS E MEDICINAIS","M","CR",0,0,132.16999999999999,0]
["MATERIAL",39755,"TUBO DE COBRE CLASSE \"A\", DN = 4\" (104 MM), PARA INSTALACOES DE MEDIA PRESSAO PARA GASES COMBUSTIVEIS E MEDICINAIS","M","CR",0,0,1256.32,0]
["MATERIAL",12742,"TUBO DE COBRE CLASSE \"E\", DN = 104 MM, PARA INSTALACAO HIDRAULICA PREDIAL","M","CR",0,0,994.79,0]
["MATERIAL",12713,"TUBO DE COBRE CLASSE \"E\", DN = 15 MM, PARA INSTALACAO HIDRAULICA PREDIAL","M","C",0,0,52.76,0]
["MATERIAL",12743,"TUBO DE COBRE CLASSE \"E\", DN = 22 MM, PARA INSTALACAO HIDRAULICA PREDIAL","M","CR",0,0,90.76,0]
["MATERIAL",12744,"TUBO DE COBRE CLASSE \"E\", DN = 28 MM, PARA INSTALACAO HIDRAULICA PREDIAL","M","CR",0,0,115.19,0]
["MATERIAL",12745,"TUBO DE COBRE CLASSE \"E\", DN = 35 MM, PARA INSTALACAO HIDRAULICA PREDIAL","M","CR",0,0,167.28,0]
["MATERIAL",12746,"TUBO DE COBRE CLASSE \"E\", DN = 42 MM, PARA INSTALACAO HIDRAULICA PREDIAL","M","CR",0,0,225.88,0]
["MATERIAL",12747,"TUBO DE COBRE CLASSE \"E\", DN = 54 MM, PARA INSTALACAO HIDRAULICA PREDIAL","M","CR",0,0,327.58,0]
["MATERIAL",12748,"TUBO DE COBRE CLASSE \"E\", DN = 66 MM, PARA INSTALACAO HIDRAULICA PREDIAL","M","CR",0,0,461.5,0]
["MATERIAL",12749,"TUBO DE COBRE CLASSE \"E\", DN = 79 MM, PARA INSTALACAO HIDRAULICA PREDIAL","M","CR",0,0,674.64,0]
["MATERIAL",39660,"TUBO DE COBRE FLEXIVEL, D = 1/2\", E = 0,79 MM, PARA AR-CONDICIONADO/ INSTALACOES GAS RESIDENCIAIS E COMERCIAIS","M","CR",0,0,69.510000000000005,0]
["MATERIAL",39662,"TUBO DE COBRE FLEXIVEL, D = 1/4\", E = 0,79 MM, PARA AR-CONDICIONADO/ INSTALACOES GAS RESIDENCIAIS E COMERCIAIS","M","CR",0,0,33.32,0]
["MATERIAL",39661,"TUBO DE COBRE FLEXIVEL, D = 3/16\", E = 0,79 MM, PARA AR-CONDICIONADO/ INSTALACOES GAS RESIDENCIAIS E COMERCIAIS","M","CR",0,0,22.72,0]
["MATERIAL",39666,"TUBO DE COBRE FLEXIVEL, D = 3/4\", E = 0,79 MM, PARA AR-CONDICIONADO/ INSTALACOES GAS RESIDENCIAIS E COMERCIAIS","M","CR",0,0,104.57,0]
["MATERIAL",39664,"TUBO DE COBRE FLEXIVEL, D = 3/8\", E = 0,79 MM, PARA AR-CONDICIONADO/ INSTALACOES GAS RESIDENCIAIS E COMERCIAIS","M","CR",0,0,51.25,0]
["MATERIAL",39663,"TUBO DE COBRE FLEXIVEL, D = 5/16\", E = 0,79 MM, PARA AR-CONDICIONADO/ INSTALACOES GAS RESIDENCIAIS E COMERCIAIS","M","CR",0,0,40.97,0]
["MATERIAL",39665,"TUBO DE COBRE FLEXIVEL, D = 5/8\", E = 0,79 MM, PARA AR-CONDICIONADO/ INSTALACOES GAS RESIDENCIAIS E COMERCIAIS","M","CR",0,0,86.46,0]
["MATERIAL",7753,"TUBO DE CONCRETO ARMADO PARA AGUAS PLUVIAIS, CLASSE PA-1, COM ENCAIXE PONTA E BOLSA, DIAMETRO NOMINAL DE 1000 MM","M","CR",0,428.9,465.94,458.15]
["MATERIAL",13256,"TUBO DE CONCRETO ARMADO PARA AGUAS PLUVIAIS, CLASSE PA-1, COM ENCAIXE PONTA E BOLSA, DIAMETRO NOMINAL DE 1100 MM","M","CR",0,600.84,652.73,641.79999999999995]
["MATERIAL",7757,"TUBO DE CONCRETO ARMADO PARA AGUAS PLUVIAIS, CLASSE PA-1, COM ENCAIXE PONTA E BOLSA, DIAMETRO NOMINAL DE 1200 MM","M","CR",0,640.58000000000004,695.91,684.26]
["MATERIAL",7758,"TUBO DE CONCRETO ARMADO PARA AGUAS PLUVIAIS, CLASSE PA-1, COM ENCAIXE PONTA E BOLSA, DIAMETRO NOMINAL DE 1500 MM","M","CR",0,928.06,1008.21,991.34]
["MATERIAL",7759,"TUBO DE CONCRETO ARMADO PARA AGUAS PLUVIAIS, CLASSE PA-1, COM ENCAIXE PONTA E BOLSA, DIAMETRO NOMINAL DE 2000 MM","M","CR",0,2571.67,2793.76,2747.01]
["MATERIAL",40334,"TUBO DE CONCRETO ARMADO PARA AGUAS PLUVIAIS, CLASSE PA-1, COM ENCAIXE PONTA E BOLSA, DIAMETRO NOMINAL DE 300 MM","M","CR",0,100.75,109.45,107.62]
["MATERIAL",7745,"TUBO DE CONCRETO ARMADO PARA AGUAS PLUVIAIS, CLASSE PA-1, COM ENCAIXE PONTA E BOLSA, DIAMETRO NOMINAL DE 400 MM","M","CR",0,113.69,123.51,121.44]
["MATERIAL",7742,"TUBO DE CONCRETO ARMADO PARA AGUAS PLUVIAIS, CLASSE PA-1, COM ENCAIXE PONTA E BOLSA, DIAMETRO NOMINAL DE 700 MM","M","CR",0,299.86,325.76,320.31]
["MATERIAL",7750,"TUBO DE CONCRETO ARMADO PARA AGUAS PLUVIAIS, CLASSE PA-1, COM ENCAIXE PONTA E BOLSA, DIAMETRO NOMINAL DE 800 MM","M","CR",0,366.05,397.66,391]
["MATERIAL",7756,"TUBO DE CONCRETO ARMADO PARA AGUAS PLUVIAIS, CLASSE PA-1, COM ENCAIXE PONTA E BOLSA, DIAMETRO NOMINAL DE 900 MM","M","CR",0,420.58,456.91,449.26]
["MATERIAL",7725,"TUBO DE CONCRETO ARMADO PARA AGUAS PLUVIAIS, CLASSE PA-1, COM ENCAIXE PONTA E BOLSA, DIAMETRO NOMINAL DE = 600 MM","M","C",0,220,239,235]
["MATERIAL",7765,"TUBO DE CONCRETO ARMADO PARA AGUAS PLUVIAIS, CLASSE PA-2, COM ENCAIXE PONTA E BOLSA, DIAMETRO NOMINAL DE 1000 MM","M","CR",0,471.42,512.14,503.57]
["MATERIAL",12569,"TUBO DE CONCRETO ARMADO PARA AGUAS PLUVIAIS, CLASSE PA-2, COM ENCAIXE PONTA E BOLSA, DIAMETRO NOMINAL DE 1100 MM","M","CR",0,650.75,706.95,695.12]
["MATERIAL",7766,"TUBO DE CONCRETO ARMADO PARA AGUAS PLUVIAIS, CLASSE PA-2, COM ENCAIXE PONTA E BOLSA, DIAMETRO NOMINAL DE 1200 MM","M","CR",0,691.42,751.14,738.57]
["MATERIAL",7767,"TUBO DE CONCRETO ARMADO PARA AGUAS PLUVIAIS, CLASSE PA-2, COM ENCAIXE PONTA E BOLSA, DIAMETRO NOMINAL DE 1500 MM","M","CR",0,992.77,1078.51,1060.46]
["MATERIAL",7727,"TUBO DE CONCRETO ARMADO PARA AGUAS PLUVIAIS, CLASSE PA-2, COM ENCAIXE PONTA E BOLSA, DIAMETRO NOMINAL DE 2000 MM","M","CR",0,2884.03,3133.1,3080.67]
["MATERIAL",7760,"TUBO DE CONCRETO ARMADO PARA AGUAS PLUVIAIS, CLASSE PA-2, COM ENCAIXE PONTA E BOLSA, DIAMETRO NOMINAL DE 300 MM","M","CR",0,114.62,124.52,122.43]
["MATERIAL",7761,"TUBO DE CONCRETO ARMADO PARA AGUAS PLUVIAIS, CLASSE PA-2, COM ENCAIXE PONTA E BOLSA, DIAMETRO NOMINAL DE 400 MM","M","CR",0,120.16,130.54,128.36000000000001]
["MATERIAL",7752,"TUBO DE CONCRETO ARMADO PARA AGUAS PLUVIAIS, CLASSE PA-2, COM ENCAIXE PONTA E BOLSA, DIAMETRO NOMINAL DE 500 MM","M","CR",0,146.05000000000001,158.66,156]
["MATERIAL",7762,"TUBO DE CONCRETO ARMADO PARA AGUAS PLUVIAIS, CLASSE PA-2, COM ENCAIXE PONTA E BOLSA, DIAMETRO NOMINAL DE 600 MM","M","CR",0,190.88,207.36,203.89]
["MATERIAL",7722,"TUBO DE CONCRETO ARMADO PARA AGUAS PLUVIAIS, CLASSE PA-2, COM ENCAIXE PONTA E BOLSA, DIAMETRO NOMINAL DE 700 MM","M","CR",0,292.10000000000002,317.32,312.01]
["MATERIAL",7763,"TUBO DE CONCRETO ARMADO PARA AGUAS PLUVIAIS, CLASSE PA-2, COM ENCAIXE PONTA E BOLSA, DIAMETRO NOMINAL DE 800 MM","M","CR",0,355.88,386.61,380.14]
["MATERIAL",7764,"TUBO DE CONCRETO ARMADO PARA AGUAS PLUVIAIS, CLASSE PA-2, COM ENCAIXE PONTA E BOLSA, DIAMETRO NOMINAL DE 900 MM","M","CR",0,425.21,461.93,454.2]
["MATERIAL",12572,"TUBO DE CONCRETO ARMADO PARA AGUAS PLUVIAIS, CLASSE PA-3, COM ENCAIXE PONTA E BOLSA, DIAMETRO NOMINAL DE 1000 MM","M","CR",0,600.84,652.73,641.79999999999995]
["MATERIAL",12573,"TUBO DE CONCRETO ARMADO PARA AGUAS PLUVIAIS, CLASSE PA-3, COM ENCAIXE PONTA E BOLSA, DIAMETRO NOMINAL DE 1100 MM","M","CR",0,790.33,858.59,844.22]
["MATERIAL",12574,"TUBO DE CONCRETO ARMADO PARA AGUAS PLUVIAIS, CLASSE PA-3, COM ENCAIXE PONTA E BOLSA, DIAMETRO NOMINAL DE 1200 MM","M","CR",0,955.61,1038.1400000000001,1020.76]
["MATERIAL",12575,"TUBO DE CONCRETO ARMADO PARA AGUAS PLUVIAIS, CLASSE PA-3, COM ENCAIXE PONTA E BOLSA, DIAMETRO NOMINAL DE 1500 MM","M","CR",0,1451.26,1576.59,1550.21]
["MATERIAL",12576,"TUBO DE CONCRETO ARMADO PARA AGUAS PLUVIAIS, CLASSE PA-3, COM ENCAIXE PONTA E BOLSA, DIAMETRO NOMINAL DE 400 MM","M","CR",0,175.63,190.79,187.6]
["MATERIAL",12577,"TUBO DE CONCRETO ARMADO PARA AGUAS PLUVIAIS, CLASSE PA-3, COM ENCAIXE PONTA E BOLSA, DIAMETRO NOMINAL DE 500 MM","M","CR",0,236.63,257.07,252.77]
["MATERIAL",12578,"TUBO DE CONCRETO ARMADO PARA AGUAS PLUVIAIS, CLASSE PA-3, COM ENCAIXE PONTA E BOLSA, DIAMETRO NOMINAL DE 600 MM","M","CR",0,286.55,311.3,306.08999999999997]
["MATERIAL",12579,"TUBO DE CONCRETO ARMADO PARA AGUAS PLUVIAIS, CLASSE PA-3, COM ENCAIXE PONTA E BOLSA, DIAMETRO NOMINAL DE 700 MM","M","CR",0,493.61,536.24,527.26]
["MATERIAL",12580,"TUBO DE CONCRETO ARMADO PARA AGUAS PLUVIAIS, CLASSE PA-3, COM ENCAIXE PONTA E BOLSA, DIAMETRO NOMINAL DE 800 MM","M","CR",0,514.30999999999995,558.73,549.38]
["MATERIAL",12581,"TUBO DE CONCRETO ARMADO PARA AGUAS PLUVIAIS, CLASSE PA-3, COM ENCAIXE PONTA E BOLSA, DIAMETRO NOMINAL DE 900 MM","M","CR",0,550.91999999999996,598.5,588.48]
["MATERIAL",7720,"TUBO DE CONCRETO ARMADO PARA ESGOTO SANITARIO, CLASSE EA-2, COM ENCAIXE PONTA E BOLSA, COM JUNTA ELASTICA, DIAMETRO NOMINAL DE 1000 MM","M","CR",0,861.51,935.91,920.25]
["MATERIAL",40335,"TUBO DE CONCRETO ARMADO PARA ESGOTO SANITARIO, CLASSE EA-2, COM ENCAIXE PONTA E BOLSA, COM JUNTA ELASTICA, DIAMETRO NOMINAL DE 300 MM","M","CR",0,180.25,195.81,192.54]
["MATERIAL",7740,"TUBO DE CONCRETO ARMADO PARA ESGOTO SANITARIO, CLASSE EA-2, COM ENCAIXE PONTA E BOLSA, COM JUNTA ELASTICA, DIAMETRO NOMINAL DE 400 MM","M","CR",0,184.87,200.84,197.47]
["MATERIAL",7741,"TUBO DE CONCRETO ARMADO PARA ESGOTO SANITARIO, CLASSE EA-2, COM ENCAIXE PONTA E BOLSA, COM JUNTA ELASTICA, DIAMETRO NOMINAL DE 500 MM","M","CR",0,342.01,371.55,365.33]
["MATERIAL",7774,"TUBO DE CONCRETO ARMADO PARA ESGOTO SANITARIO, CLASSE EA-2, COM ENCAIXE PONTA E BOLSA, COM JUNTA ELASTICA, DIAMETRO NOMINAL DE 600 MM","M","CR",0,419.66,455.9,448.27]
["MATERIAL",7744,"TUBO DE CONCRETO ARMADO PARA ESGOTO SANITARIO, CLASSE EA-2, COM ENCAIXE PONTA E BOLSA, COM JUNTA ELASTICA, DIAMETRO NOMINAL DE 700 MM","M","CR",0,548.15,595.49,585.52]
["MATERIAL",7773,"TUBO DE CONCRETO ARMADO PARA ESGOTO SANITARIO, CLASSE EA-2, COM ENCAIXE PONTA E BOLSA, COM JUNTA ELASTICA, DIAMETRO NOMINAL DE 800 MM","M","CR",0,560.26,608.64,598.46]
["MATERIAL",7754,"TUBO DE CONCRETO ARMADO PARA ESGOTO SANITARIO, CLASSE EA-2, COM ENCAIXE PONTA E BOLSA, COM JUNTA ELASTICA, DIAMETRO NOMINAL DE 900 MM","M","CR",0,849.49,922.86,907.41]
["MATERIAL",7735,"TUBO DE CONCRETO ARMADO PARA ESGOTO SANITARIO, CLASSE EA-3, COM ENCAIXE PONTA E BOLSA, COM JUNTA ELASTICA, DIAMETRO NOMINAL DE 1000 MM","M","CR",0,1100,1195,1175]
["MATERIAL",7755,"TUBO DE CONCRETO ARMADO PARA ESGOTO SANITARIO, CLASSE EA-3, COM ENCAIXE PONTA E BOLSA, COM JUNTA ELASTICA, DIAMETRO NOMINAL DE 400 MM","M","CR",0,218.15,236.99,233.02]
["MATERIAL",7776,"TUBO DE CONCRETO ARMADO PARA ESGOTO SANITARIO, CLASSE EA-3, COM ENCAIXE PONTA E BOLSA, COM JUNTA ELASTICA, DIAMETRO NOMINAL DE 500 MM","M","CR",0,454.78,494.06,485.79]
["MATERIAL",7743,"TUBO DE CONCRETO ARMADO PARA ESGOTO SANITARIO, CLASSE EA-3, COM ENCAIXE PONTA E BOLSA, COM JUNTA ELASTICA, DIAMETRO NOMINAL DE 600 MM","M","CR",0,481.59,523.17999999999995,514.42999999999995]
["MATERIAL",7733,"TUBO DE CONCRETO ARMADO PARA ESGOTO SANITARIO, CLASSE EA-3, COM ENCAIXE PONTA E BOLSA, COM JUNTA ELASTICA, DIAMETRO NOMINAL DE 700 MM","M","CR",0,628.57000000000005,682.85,671.42]
["MATERIAL",7775,"TUBO DE CONCRETO ARMADO PARA ESGOTO SANITARIO, CLASSE EA-3, COM ENCAIXE PONTA E BOLSA, COM JUNTA ELASTICA, DIAMETRO NOMINAL DE 800 MM","M","CR",0,688.65,748.13,735.6]
["MATERIAL",7734,"TUBO DE CONCRETO ARMADO PARA ESGOTO SANITARIO, CLASSE EA-3, COM ENCAIXE PONTA E BOLSA, COM JUNTA ELASTICA, DIAMETRO NOMINAL DE 900 MM","M","CR",0,975.21,1059.43,1041.7]
["MATERIAL",7714,"TUBO DE CONCRETO ARMADO, PRE MOLDADO PARA AGUAS PLUVIAIS, CLASSE PA-1, COM ENCAIXE PONTA E BOLSA, DIAMETRO NOMINAL DE 500 MM","M","CR",0,135.88,147.61000000000001,145.13999999999999]
["MATERIAL",37449,"TUBO DE CONCRETO SIMPLES PARA AGUAS PLUVIAIS, CLASSE PS1, COM ENCAIXE MACHO E FEMEA, DIAMETRO NOMINAL DE 200 MM","M","CR",0,0,30.44,55]
["MATERIAL",37450,"TUBO DE CONCRETO SIMPLES PARA AGUAS PLUVIAIS, CLASSE PS1, COM ENCAIXE MACHO E FEMEA, DIAMETRO NOMINAL DE 300 MM","M","CR",0,0,42.62,76.989999999999995]
["MATERIAL",37451,"TUBO DE CONCRETO SIMPLES PARA AGUAS PLUVIAIS, CLASSE PS1, COM ENCAIXE MACHO E FEMEA, DIAMETRO NOMINAL DE 400 MM","M","CR",0,0,59.5,107.5]
["MATERIAL",37452,"TUBO DE CONCRETO SIMPLES PARA AGUAS PLUVIAIS, CLASSE PS1, COM ENCAIXE MACHO E FEMEA, DIAMETRO NOMINAL DE 500 MM","M","CR",0,0,86.48,156.25]
["MATERIAL",37453,"TUBO DE CONCRETO SIMPLES PARA AGUAS PLUVIAIS, CLASSE PS1, COM ENCAIXE MACHO E FEMEA, DIAMETRO NOMINAL DE 600 MM","M","CR",0,0,99.59,179.93]
["MATERIAL",7778,"TUBO DE CONCRETO SIMPLES PARA AGUAS PLUVIAIS, CLASSE PS1, COM ENCAIXE PONTA E BOLSA, DIAMETRO NOMINAL DE 200 MM","M","CR",0,0,37.36,67.489999999999995]
["MATERIAL",7796,"TUBO DE CONCRETO SIMPLES PARA AGUAS PLUVIAIS, CLASSE PS1, COM ENCAIXE PONTA E BOLSA, DIAMETRO NOMINAL DE 300 MM","M","C",0,0,51.2,92.5]
["MATERIAL",7781,"TUBO DE CONCRETO SIMPLES PARA AGUAS PLUVIAIS, CLASSE PS1, COM ENCAIXE PONTA E BOLSA, DIAMETRO NOMINAL DE 400 MM","M","CR",0,0,60.5,109.31]
["MATERIAL",7795,"TUBO DE CONCRETO SIMPLES PARA AGUAS PLUVIAIS, CLASSE PS1, COM ENCAIXE PONTA E BOLSA, DIAMETRO NOMINAL DE 500 MM","M","CR",0,0,90.04,162.68]
["MATERIAL",7791,"TUBO DE CONCRETO SIMPLES PARA AGUAS PLUVIAIS, CLASSE PS1, COM ENCAIXE PONTA E BOLSA, DIAMETRO NOMINAL DE 600 MM","M","CR",0,0,107.79,194.74]
["MATERIAL",7783,"TUBO DE CONCRETO SIMPLES PARA AGUAS PLUVIAIS, CLASSE PS2, COM ENCAIXE PONTA E BOLSA, DIAMETRO NOMINAL DE 200 MM","M","CR",0,0,38.19,69.010000000000005]
["MATERIAL",7790,"TUBO DE CONCRETO SIMPLES PARA AGUAS PLUVIAIS, CLASSE PS2, COM ENCAIXE PONTA E BOLSA, DIAMETRO NOMINAL DE 300 MM","M","CR",0,0,60.19,108.75]
["MATERIAL",7785,"TUBO DE CONCRETO SIMPLES PARA AGUAS PLUVIAIS, CLASSE PS2, COM ENCAIXE PONTA E BOLSA, DIAMETRO NOMINAL DE 400 MM","M","CR",0,0,66.42,120]
["MATERIAL",7792,"TUBO DE CONCRETO SIMPLES PARA AGUAS PLUVIAIS, CLASSE PS2, COM ENCAIXE PONTA E BOLSA, DIAMETRO NOMINAL DE 500 MM","M","CR",0,0,94.2,170.18]
["MATERIAL",7793,"TUBO DE CONCRETO SIMPLES PARA AGUAS PLUVIAIS, CLASSE PS2, COM ENCAIXE PONTA E BOLSA, DIAMETRO NOMINAL DE 600 MM","M","CR",0,0,111.25,201]
["MATERIAL",13159,"TUBO DE CONCRETO SIMPLES PARA ESGOTO SANITARIO, CLASSE ES, COM ENCAIXE PONTA E BOLSA, COM JUNTA ELASTICA, DIAMETRO NOMINAL DE 400 MM","M","CR",0,0,96.86,175]
["MATERIAL",13168,"TUBO DE CONCRETO SIMPLES PARA ESGOTO SANITARIO, CLASSE ES, COM ENCAIXE PONTA E BOLSA, COM JUNTA ELASTICA, DIAMETRO NOMINAL DE 500 MM","M","CR",0,0,117.62,212.5]
["MATERIAL",13173,"TUBO DE CONCRETO SIMPLES PARA ESGOTO SANITARIO, CLASSE ES, COM ENCAIXE PONTA E BOLSA, COM JUNTA ELASTICA, DIAMETRO NOMINAL DE 600 MM","M","CR",0,0,159.13,287.49]
["MATERIAL",12583,"TUBO DE CONCRETO SIMPLES POROSO PARA DRENAGEM (DRENO POROSO), COM ENCAIXE MACHO E FEMEA, DIAMETRO NOMINAL DE 200 MM","M","CR",0,0,31.82,57.49]
["MATERIAL",12584,"TUBO DE CONCRETO SIMPLES POROSO PARA DRENAGEM (DRENO POROSO), COM ENCAIXE MACHO E FEMEA, DIAMETRO NOMINAL DE 300 MM","M","CR",0,0,41.51,74.989999999999995]
["MATERIAL",12613,"TUBO DE DESCARGA, TIPO BENGALA, PARA LIGACAO CAIXA DE DESCARGA - EMBUTIR, PVC, 40 MM X 150 CM","UN","CR",21.42,18.440000000000001,26.94,19.32]
["MATERIAL",1031,"TUBO DE DESCIDA EXTERNO, DE PVC, PARA CAIXA DE DESCARGA EXTERNA ALTA - DIAMETRO DE 40 MM E ALTURA DE APROXIMADAMENTE 1,55 M","UN","CR",15.12,13.88,13.03,15.3]
["MATERIAL",39707,"TUBO DE ESPUMA DE POLIETILENO EXPANDIDO FLEXIVEL PARA ISOLAMENTO TERMICO DE TUBULACAO DE AR CONDICIONADO, AGUA QUENTE, DN 1 1/2\", E= 10 MM","M","CR",0,8.06,0,5.85]
["MATERIAL",39708,"TUBO DE ESPUMA DE POLIETILENO EXPANDIDO FLEXIVEL PARA ISOLAMENTO TERMICO DE TUBULACAO DE AR CONDICIONADO, AGUA QUENTE, DN 1 1/4\", E= 10 MM","M","CR",0,7.81,0,5.67]
["MATERIAL",39710,"TUBO DE ESPUMA DE POLIETILENO EXPANDIDO FLEXIVEL PARA ISOLAMENTO TERMICO DE TUBULACAO DE AR CONDICIONADO, AGUA QUENTE, DN 1 1/8\", E= 10 MM","M","CR",0,5.49,0,3.99]
["MATERIAL",39709,"TUBO DE ESPUMA DE POLIETILENO EXPANDIDO FLEXIVEL PARA ISOLAMENTO TERMICO DE TUBULACAO DE AR CONDICIONADO, AGUA QUENTE, DN 1 3/8\", E= 10 MM","M","CR",0,7.62,0,5.54]
["MATERIAL",39711,"TUBO DE ESPUMA DE POLIETILENO EXPANDIDO FLEXIVEL PARA ISOLAMENTO TERMICO DE TUBULACAO DE AR CONDICIONADO, AGUA QUENTE, DN 1 5/8\", E= 10 MM","M","CR",0,8.56,0,6.22]
["MATERIAL",39714,"TUBO DE ESPUMA DE POLIETILENO EXPANDIDO FLEXIVEL PARA ISOLAMENTO TERMICO DE TUBULACAO DE AR CONDICIONADO, AGUA QUENTE, DN 1\", E= 10 MM","M","CR",0,5.43,0,3.95]
["MATERIAL",39712,"TUBO DE ESPUMA DE POLIETILENO EXPANDIDO FLEXIVEL PARA ISOLAMENTO TERMICO DE TUBULACAO DE AR CONDICIONADO, AGUA QUENTE, DN 1/2\", E= 10 MM","M","C",0,3,0,2.1800000000000002]
["MATERIAL",39713,"TUBO DE ESPUMA DE POLIETILENO EXPANDIDO FLEXIVEL PARA ISOLAMENTO TERMICO DE TUBULACAO DE AR CONDICIONADO, AGUA QUENTE, DN 1/4\", E= 10 MM","M","CR",0,2.37,0,1.72]
["MATERIAL",39715,"TUBO DE ESPUMA DE POLIETILENO EXPANDIDO FLEXIVEL PARA ISOLAMENTO TERMICO DE TUBULACAO DE AR CONDICIONADO, AGUA QUENTE, DN 3/4\", E= 10 MM","M","CR",0,3.87,0,2.81]
["MATERIAL",39716,"TUBO DE ESPUMA DE POLIETILENO EXPANDIDO FLEXIVEL PARA ISOLAMENTO TERMICO DE TUBULACAO DE AR CONDICIONADO, AGUA QUENTE, DN 3/8\", E= 10 MM","M","CR",0,2.93,0,2.13]
["MATERIAL",39718,"TUBO DE ESPUMA DE POLIETILENO EXPANDIDO FLEXIVEL PARA ISOLAMENTO TERMICO DE TUBULACAO DE AR CONDICIONADO, AGUA QUENTE, DN 7/8\", E= 10 MM","M","CR",0,5,0,3.63]
["MATERIAL",9813,"TUBO DE POLIETILENO DE ALTA DENSIDADE (PEAD), PE-80, DE = 20 MM X 2,3 MM DE PAREDE, PARA LIGACAO DE AGUA PREDIAL (NBR 15561)","M","C",0,0,0,0]
["MATERIAL",9815,"TUBO DE POLIETILENO DE ALTA DENSIDADE (PEAD), PE-80, DE = 32 MM X 3,0 MM DE PAREDE, PARA LIGACAO DE AGUA PREDIAL (NBR 15561)","M","CR",0,0,0,0]
["MATERIAL",44543,"TUBO DE POLIETILENO DE ALTA DENSIDADE, PEAD, PE-80, DE = 1000 MM X 38,5 MM PAREDE, (SDR 26 - PN 05) PARA REDE DE AGUA OU ESGOTO (NBR 15561)","M","CR",0,0,0,0]
["MATERIAL",44526,"TUBO DE POLIETILENO DE ALTA DENSIDADE, PEAD, PE-80, DE = 110 MM X 10,0 MM PAREDE, (SDR 11 - PN 12,5) PARA REDE DE AGUA OU ESGOTO (NBR 15561)","M","CR",0,0,0,0]
["MATERIAL",44545,"TUBO DE POLIETILENO DE ALTA DENSIDADE, PEAD, PE-80, DE = 160 MM X 14,6 MM PAREDE, (SDR 11 - PN 12,5) PARA REDE DE AGUA OU ESGOTO (NBR 15561)","M","CR",0,0,0,0]
["MATERIAL",44525,"TUBO DE POLIETILENO DE ALTA DENSIDADE, PEAD, PE-80, DE = 900 MM X 34,7 MM PAREDE, (SDR 26 - PN 05) PARA REDE DE AGUA OU ESGOTO (NBR 15561)","M","CR",0,0,0,0]
["MATERIAL",44547,"TUBO DE POLIETILENO DE ALTA DENSIDADE, PEAD, PE-80, DE= 200 MM X 18,2 MM PAREDE, (SDR 11 - PN 12,5) PARA REDE DE AGUA OU ESGOTO (NBR 15561)","M","CR",0,0,0,0]
["MATERIAL",44519,"TUBO DE POLIETILENO DE ALTA DENSIDADE, PEAD, PE-80, DE= 315 MM X 28,7 MM PAREDE, (SDR 11 - PN 12,5) PARA REDE DE AGUA OU ESGOTO (NBR 15561)","M","CR",0,0,0,0]
["MATERIAL",44520,"TUBO DE POLIETILENO DE ALTA DENSIDADE, PEAD, PE-80, DE= 400 MM X 36,4 MM PAREDE, (SDR 11 - PN 12,5) PARA REDE DE AGUA OU ESGOTO (NBR 15561)","M","CR",0,0,0,0]
["MATERIAL",44521,"TUBO DE POLIETILENO DE ALTA DENSIDADE, PEAD, PE-80, DE= 50 MM X 4,6 MM PAREDE, (SDR 11 - PN 12,5) PARA REDE DE AGUA OU ESGOTO (NBR 15561)","M","CR",0,0,0,0]
["MATERIAL",44522,"TUBO DE POLIETILENO DE ALTA DENSIDADE, PEAD, PE-80, DE= 500 MM X 45,5 MM PAREDE, (SDR 11 - PN 12,5) PARA REDE DE AGUA OU ESGOTO (NBR 15561)","M","CR",0,0,0,0]
["MATERIAL",44523,"TUBO DE POLIETILENO DE ALTA DENSIDADE, PEAD, PE-80, DE= 630 MM X 57,3 MM PAREDE (SDR 11 - PN 12,5) PARA REDE DE AGUA OU ESGOTO (NBR 15561)","M","CR",0,0,0,0]
["MATERIAL",44527,"TUBO DE POLIETILENO DE ALTA DENSIDADE, PEAD, PE-80, DE= 730 MM X 34,1 MM PAREDE, (SDR 21 - PN 06) PARA REDE DE AGUA OU ESGOTO (NBR 15561)","M","CR",0,0,0,0]
["MATERIAL",44524,"TUBO DE POLIETILENO DE ALTA DENSIDADE, PEAD, PE-80, DE= 75 MM X 6,9 MM PAREDE, (SRD 11 - PN 12,5) PARA REDE DE AGUA OU ESGOTO (NBR 15561)","M","CR",0,0,0,0]
["MATERIAL",44542,"TUBO DE POLIETILENO DE ALTA DENSIDADE, PEAD, PE-80, DE= 800 MM X 30,8 MM PAREDE, (SDR 26 - PN 05) PARA REDE DE AGUA OU ESGOTO (NBR 15561)","M","CR",0,0,0,0]
["MATERIAL",9877,"TUBO DE PVC, PBL, TIPO LEVE, DN = 250 MM, PARA VENTILACAO","M","CR",134.16999999999999,123.14,124.46,129.86000000000001]
["MATERIAL",9878,"TUBO DE PVC, PBL, TIPO LEVE, DN = 300 MM, PARA VENTILACAO","M","CR",165.18,151.59,153.22,159.86000000000001]
["MATERIAL",41986,"TUBO DE REVESTIMENTO, EM ACO, CORPO SCHEDULE 40, PONTEIRA SCHEDULE 80, ROSQUEAVEL E SEGMENTADO PARA PERFURACAO, DIAMETRO 10\" (273 MM)","M","CR",0,0,0,0]
["MATERIAL",43422,"TUBO DE REVESTIMENTO, EM ACO, CORPO SCHEDULE 40, PONTEIRA SCHEDULE 80, ROSQUEAVEL E SEGMENTADO PARA PERFURACAO, DIAMETRO 12\" (320 MM)","M","CR",0,0,0,0]
["MATERIAL",41987,"TUBO DE REVESTIMENTO, EM ACO, CORPO SCHEDULE 40, PONTEIRA SCHEDULE 80, ROSQUEAVEL E SEGMENTADO PARA PERFURACAO, DIAMETRO 14\" (400 MM)","M","CR",0,0,0,0]
["MATERIAL",41988,"TUBO DE REVESTIMENTO, EM ACO, CORPO SCHEDULE 40, PONTEIRA SCHEDULE 80, ROSQUEAVEL E SEGMENTADO PARA PERFURACAO, DIAMETRO 16\" (450 MM)","M","CR",0,0,0,0]
["MATERIAL",41697,"TUBO DE REVESTIMENTO, EM ACO, CORPO SCHEDULE 40, PONTEIRA SCHEDULE 80, ROSQUEAVEL E SEGMENTADO PARA PERFURACAO, DIAMETRO 4\" (450 MM)","M","CR",0,0,0,0]
["MATERIAL",41985,"TUBO DE REVESTIMENTO, EM ACO, CORPO SCHEDULE 40, PONTEIRA SCHEDULE 80, ROSQUEAVEL E SEGMENTADO PARA PERFURACAO, DIAMETRO 6\" (200 MM)","M","CR",0,0,0,0]
["MATERIAL",41699,"TUBO DE REVESTIMENTO, EM ACO, CORPO SCHEDULE 40, PONTEIRA SCHEDULE 80, ROSQUEAVEL E SEGMENTADO PARA PERFURACAO, DIAMETRO 8\" (200 MM)","M","CR",0,0,0,0]
["MATERIAL",38053,"TUBO DRENO, CORRUGADO, ESPIRALADO, FLEXIVEL, PERFURADO, EM POLIETILENO DE ALTA DENSIDADE (PEAD), DN *160* MM, (6\") PARA DRENAGEM - EM BARRA (NORMA DNIT 093/2006 - EM)","M","CR",0,0,0,0]
["MATERIAL",38054,"TUBO DRENO, CORRUGADO, ESPIRALADO, FLEXIVEL, PERFURADO, EM POLIETILENO DE ALTA DENSIDADE (PEAD), DN *200* MM, (8\") PARA DRENAGEM - EM BARRA (NORMA DNIT 093/2006 - EM)","M","CR",0,0,0,0]
["MATERIAL",38052,"TUBO DRENO, CORRUGADO, ESPIRALADO, FLEXIVEL, PERFURADO, EM POLIETILENO DE ALTA DENSIDADE (PEAD), DN 100 MM, (4\") PARA DRENAGEM - EM ROLO (NORMA DNIT 093/2006 - E.M)","M","C",0,0,0,0]
["MATERIAL",38051,"TUBO DRENO, CORRUGADO, ESPIRALADO, FLEXIVEL, PERFURADO, EM POLIETILENO DE ALTA DENSIDADE (PEAD), DN 65 MM, (2 1/2\") PARA DRENAGEM - EM ROLO (NORMA DNIT 093/2006 - EM)","M","CR",0,0,0,0]
["MATERIAL",38787,"TUBO MONOCAMADA PEX, DN 16 MM, PARA AGUA QUENTE E FRIA","M","C",0,0,0,0]
["MATERIAL",38825,"TUBO MONOCAMADA PEX, DN 20 MM, PARA AGUA QUENTE E FRIA","M","CR",0,0,0,0]
["MATERIAL",38826,"TUBO MONOCAMADA PEX, DN 25 MM, PARA AGUA QUENTE E FRIA","M","CR",0,0,0,0]
["MATERIAL",38827,"TUBO MONOCAMADA PEX, DN 32 MM, PARA AGUA QUENTE E FRIA","M","CR",0,0,0,0]
["MATERIAL",38828,"TUBO MULTICAMADA PEX GAS, DN *16* MM","M","CR",0,0,0,0]
["MATERIAL",38829,"TUBO MULTICAMADA PEX GAS, DN *20* MM","M","CR",0,0,0,0]
["MATERIAL",38830,"TUBO MULTICAMADA PEX GAS, DN *26* MM","M","CR",0,0,0,0]
["MATERIAL",38831,"TUBO MULTICAMADA PEX GAS, DN *32* MM","M","CR",0,0,0,0]
["MATERIAL",36274,"TUBO PPR PN 20, DN 20 MM, PARA AGUA QUENTE PREDIAL","M","C",0,0,12.18,0]
["MATERIAL",36278,"TUBO PPR PN 20, DN 25 MM, PARA AGUA QUENTE PREDIAL","M","CR",0,0,16.52,0]
["MATERIAL",38977,"TUBO PPR, CLASSE PN 12, DN 110 MM","M","CR",0,0,161.59,0]
["MATERIAL",38971,"TUBO PPR, CLASSE PN 12, DN 32 MM","M","CR",0,0,13.56,0]
["MATERIAL",38972,"TUBO PPR, CLASSE PN 12, DN 40 MM","M","CR",0,0,18.28,0]
["MATERIAL",38973,"TUBO PPR, CLASSE PN 12, DN 50 MM","M","CR",0,0,30.21,0]
["MATERIAL",38974,"TUBO PPR, CLASSE PN 12, DN 63 MM","M","CR",0,0,49.06,0]
["MATERIAL",38975,"TUBO PPR, CLASSE PN 12, DN 75 MM","M","CR",0,0,62.91,0]
["MATERIAL",38976,"TUBO PPR, CLASSE PN 12, DN 90 MM","M","CR",0,0,108.15,0]
["MATERIAL",44176,"TUBO PPR, CLASSE PN 20, SOLDAVEL, DN 32 MM PARA AGUA FRIA OU QUENTE PREDIAL","M","CR",0,0,24.86,0]
["MATERIAL",38986,"TUBO PPR, CLASSE PN 25, DN 110 MM, PARA AGUA QUENTE E FRIA PREDIAL","M","CR",0,0,326.45999999999998,0]
["MATERIAL",38978,"TUBO PPR, CLASSE PN 25, DN 20 MM, PARA AGUA QUENTE E FRIA PREDIAL","M","CR",0,0,13.39,0]
["MATERIAL",38979,"TUBO PPR, CLASSE PN 25, DN 25 MM, PARA AGUA QUENTE E FRIA PREDIAL","M","CR",0,0,18.52,0]
["MATERIAL",38980,"TUBO PPR, CLASSE PN 25, DN 32 MM, PARA AGUA QUENTE E FRIA PREDIAL","M","CR",0,0,24.78,0]
["MATERIAL",38981,"TUBO PPR, CLASSE PN 25, DN 40 MM, PARA AGUA QUENTE E FRIA PREDIAL","M","CR",0,0,35.75,0]
["MATERIAL",38982,"TUBO PPR, CLASSE PN 25, DN 50 MM, PARA AGUA QUENTE E FRIA PREDIAL","M","CR",0,0,56.49,0]
["MATERIAL",38983,"TUBO PPR, CLASSE PN 25, DN 63 MM, PARA AGUA QUENTE E FRIA PREDIAL","M","CR",0,0,99.4,0]
["MATERIAL",38984,"TUBO PPR, CLASSE PN 25, DN 75 MM, PARA AGUA QUENTE E FRIA PREDIAL","M","CR",0,0,136.65,0]
["MATERIAL",38985,"TUBO PPR, CLASSE PN 25, DN 90 MM, PARA AGUA QUENTE E FRIA PREDIAL","M","CR",0,0,234.93,0]
["MATERIAL",38032,"TUBO PVC CORRUGADO, PAREDE DUPLA, JE, DN 150 MM/ DE 160 MM, REDE COLETORA ESGOTO","M","CR",63.89,58.64,59.27,61.84]
["MATERIAL",38033,"TUBO PVC CORRUGADO, PAREDE DUPLA, JE, DN 200 MM/ DE 200 MM, REDE COLETORA ESGOTO","M","CR",108.61,99.68,100.75,105.12]
["MATERIAL",38034,"TUBO PVC CORRUGADO, PAREDE DUPLA, JE, DN 250 MM/ DE 250 MM, REDE COLETORA ESGOTO","M","CR",170.14,156.15,157.83000000000001,164.67]
["MATERIAL",38035,"TUBO PVC CORRUGADO, PAREDE DUPLA, JE, DN 300 MM/ DE 315 MM, REDE COLETORA ESGOTO","M","CR",250.3,229.71,232.19,242.25]
["MATERIAL",38036,"TUBO PVC CORRUGADO, PAREDE DUPLA, JE, DN 350 MM/ DE 355 MM, REDE COLETORA ESGOTO","M","CR",337.18,309.45,312.79000000000002,326.33999999999997]
["MATERIAL",38037,"TUBO PVC CORRUGADO, PAREDE DUPLA, JE, DN 400 MM/ DE 400 MM, REDE COLETORA ESGOTO","M","CR",445.38,408.74,413.15,431.05]
["MATERIAL",9850,"TUBO PVC DE REVESTIMENTO GEOMECANICO NERVURADO REFORCADO, DN = 150 MM, COMPRIMENTO = 2 M","M","C",0,0,0,0]
["MATERIAL",9853,"TUBO PVC DE REVESTIMENTO GEOMECANICO NERVURADO REFORCADO, DN = 200 MM, COMPRIMENTO = 2 M","M","CR",0,0,0,0]
["MATERIAL",9854,"TUBO PVC DE REVESTIMENTO GEOMECANICO NERVURADO STANDARD, DN = 154 MM, COMPRIMENTO = 2 M","M","CR",0,0,0,0]
["MATERIAL",9851,"TUBO PVC DE REVESTIMENTO GEOMECANICO NERVURADO STANDARD, DN = 206 MM, COMPRIMENTO = 2 M","M","CR",0,0,0,0]
["MATERIAL",9825,"TUBO PVC DEFOFO, JEI, 1 MPA, DN 100 MM, PARA REDE DE AGUA (NBR 7665)","M","CR",0,0,0,56.02]
["MATERIAL",9828,"TUBO PVC DEFOFO, JEI, 1 MPA, DN 150 MM, PARA REDE DE AGUA (NBR 7665)","M","CR",0,0,0,150.75]
["MATERIAL",9829,"TUBO PVC DEFOFO, JEI, 1 MPA, DN 200 MM, PARA REDE DE AGUA (NBR 7665)","M","CR",0,0,0,255.49]
["MATERIAL",9826,"TUBO PVC DEFOFO, JEI, 1 MPA, DN 250 MM, PARA REDE DE AGUA (NBR 7665)","M","CR",0,0,0,388.94]
["MATERIAL",9827,"TUBO PVC DEFOFO, JEI, 1 MPA, DN 300 MM, PARA REDE DE AGUA (NBR 7665)","M","CR",0,0,0,552.29999999999995]
["MATERIAL",36374,"TUBO PVC PBA JEI, CLASSE 12, DN 100 MM, PARA REDE DE AGUA (NBR 5647)","M","CR",0,0,0,67.14]
["MATERIAL",36084,"TUBO PVC PBA JEI, CLASSE 12, DN 50 MM, PARA REDE DE AGUA (NBR 5647)","M","C",0,0,0,19.89]
["MATERIAL",36373,"TUBO PVC PBA JEI, CLASSE 12, DN 75 MM, PARA REDE DE AGUA (NBR 5647)","M","CR",0,0,0,41.3]
["MATERIAL",36377,"TUBO PVC PBA JEI, CLASSE 15, DN 100 MM, PARA REDE DE AGUA (NBR 5647)","M","CR",0,0,0,80.540000000000006]
["MATERIAL",36375,"TUBO PVC PBA JEI, CLASSE 15, DN 50 MM, PARA REDE DE AGUA (NBR 5647)","M","CR",0,0,0,24.54]
["MATERIAL",36376,"TUBO PVC PBA JEI, CLASSE 15, DN 75 MM, PARA REDE DE AGUA (NBR 5647)","M","CR",0,0,0,48.2]
["MATERIAL",36380,"TUBO PVC PBA JEI, CLASSE 20, DN 100 MM, PARA REDE DE AGUA (NBR 5647)","M","CR",0,0,0,100.7]
["MATERIAL",36378,"TUBO PVC PBA JEI, CLASSE 20, DN 50 MM, PARA REDE DE AGUA (NBR 5647)","M","CR",0,0,0,30.17]
["MATERIAL",36379,"TUBO PVC PBA JEI, CLASSE 20, DN 75 MM, PARA REDE DE AGUA (NBR 5647)","M","CR",0,0,0,60.83]
["MATERIAL",9859,"TUBO PVC ROSCAVEL, 3/4\", AGUA FRIA PREDIAL","M","CR",11.33,10.18,10.97,10.4]
["MATERIAL",9836,"TUBO PVC SERIE NORMAL, DN 100 MM, PARA ESGOTO PREDIAL (NBR 5688)","M","C",16.170000000000002,14.84,15,15.65]
["MATERIAL",20065,"TUBO PVC SERIE NORMAL, DN 150 MM, PARA ESGOTO PREDIAL (NBR 5688)","M","CR",42.27,38.79,39.21,40.909999999999997]
["MATERIAL",9835,"TUBO PVC SERIE NORMAL, DN 40 MM, PARA ESGOTO PREDIAL (NBR 5688)","M","CR",7.06,6.48,6.55,6.84]
["MATERIAL",9838,"TUBO PVC SERIE NORMAL, DN 50 MM, PARA ESGOTO PREDIAL (NBR 5688)","M","CR",11.67,10.71,10.82,11.29]
["MATERIAL",9837,"TUBO PVC SERIE NORMAL, DN 75 MM, PARA ESGOTO PREDIAL (NBR 5688)","M","CR",15.31,14.05,14.2,14.82]
["MATERIAL",44315,"TUBO PVC, RIGIDO, CORRUGADO, PERFURADO DN 100 MM, PARA DRENAGEM, SISTEMA IRRIGACAO","M","CR",63.31,58.1,58.73,61.27]
["MATERIAL",9862,"TUBO PVC, ROSCAVEL, 1 1/2\", AGUA FRIA PREDIAL","M","CR",34.93,31.39,33.799999999999997,32.07]
["MATERIAL",9861,"TUBO PVC, ROSCAVEL, 1 1/4\", AGUA FRIA PREDIAL","M","CR",27.43,24.65,26.55,25.18]
["MATERIAL",9866,"TUBO PVC, ROSCAVEL, 1\", AGUA FRIA PREDIAL","M","CR",23.68,21.27,22.91,21.73]
["MATERIAL",9856,"TUBO PVC, ROSCAVEL, 1/2\", AGUA FRIA PREDIAL","M","CR",8.85,7.95,8.56,8.1199999999999992]
["MATERIAL",9863,"TUBO PVC, ROSCAVEL, 2 1/2\", AGUA FRIA PREDIAL","M","CR",68.489999999999995,61.53,66.27,62.87]
["MATERIAL",9860,"TUBO PVC, ROSCAVEL, 2\", PARA AGUA FRIA PREDIAL","M","CR",49.99,44.92,48.37,45.89]
["MATERIAL",9841,"TUBO PVC, SERIE R, DN 100 MM, PARA ESGOTO OU AGUAS PLUVIAIS PREDIAL (NBR 5688)","M","CR",30.45,27.94,28.25,29.47]
["MATERIAL",9840,"TUBO PVC, SERIE R, DN 150 MM, PARA ESGOTO OU AGUAS PLUVIAIS PREDIAL (NBR 5688)","M","CR",64.319999999999993,59.03,59.67,62.25]
["MATERIAL",20067,"TUBO PVC, SERIE R, DN 40 MM, PARA ESGOTO OU AGUAS PLUVIAIS PREDIAL (NBR 5688)","M","CR",9.8699999999999992,9.06,9.16,9.56]
["MATERIAL",20068,"TUBO PVC, SERIE R, DN 50 MM, PARA ESGOTO OU AGUAS PLUVIAIS PREDIAL (NBR 5688)","M","CR",13.91,12.76,12.9,13.46]
["MATERIAL",9839,"TUBO PVC, SERIE R, DN 75 MM, PARA ESGOTO OU AGUAS PLUVIAIS PREDIAL (NBR 5688)","M","CR",25.22,23.15,23.4,24.41]
["MATERIAL",9870,"TUBO PVC, SOLDAVEL, DE 110 MM, AGUA FRIA (NBR-5648)","M","CR",102.14,91.77,98.83,93.76]
["MATERIAL",9867,"TUBO PVC, SOLDAVEL, DE 20 MM, AGUA FRIA (NBR-5648)","M","CR",4.0999999999999996,3.69,3.97,3.77]
["MATERIAL",9868,"TUBO PVC, SOLDAVEL, DE 25 MM, AGUA FRIA (NBR-5648)","M","C",4.63,4.16,4.4800000000000004,4.25]
["MATERIAL",9869,"TUBO PVC, SOLDAVEL, DE 32 MM, AGUA FRIA (NBR-5648)","M","CR",9.99,8.98,9.67,9.17]
["MATERIAL",9874,"TUBO PVC, SOLDAVEL, DE 40 MM, AGUA FRIA (NBR-5648)","M","CR",15.69,14.1,15.18,14.4]
["MATERIAL",9875,"TUBO PVC, SOLDAVEL, DE 50 MM, AGUA FRIA (NBR-5648)","M","CR",17.21,15.46,16.649999999999999,15.8]
["MATERIAL",9873,"TUBO PVC, SOLDAVEL, DE 60 MM, AGUA FRIA (NBR-5648)","M","CR",28.31,25.44,27.4,25.99]
["MATERIAL",9871,"TUBO PVC, SOLDAVEL, DE 75 MM, AGUA FRIA (NBR-5648)","M","CR",46.92,42.15,45.4,43.07]
["MATERIAL",9872,"TUBO PVC, SOLDAVEL, DE 85 MM, AGUA FRIA (NBR-5648)","M","CR",65.27,58.64,63.16,59.91]
["MATERIAL",12425,"UNIAO COM ASSENTO CONICO DE BRONZE, DIAMETRO 1\"","UN","CR",0,60.42,0,62.36]
["MATERIAL",12426,"UNIAO COM ASSENTO CONICO DE BRONZE, DIAMETRO 1/2\"","UN","CR",0,43.98,0,45.39]
["MATERIAL",12427,"UNIAO COM ASSENTO CONICO DE BRONZE, DIAMETRO 2 1/2\"","UN","CR",0,250.8,0,258.83]
["MATERIAL",12428,"UNIAO COM ASSENTO CONICO DE BRONZE, DIAMETRO 2\"","UN","CR",0,160.97999999999999,0,166.13]
["MATERIAL",12429,"UNIAO COM ASSENTO CONICO DE BRONZE, DIAMETRO 3\"","UN","CR",0,405.56,0,418.53]
["MATERIAL",12430,"UNIAO COM ASSENTO CONICO DE BRONZE, DIAMETRO 3/4\"","UN","CR",0,53.92,0,55.64]
["MATERIAL",12431,"UNIAO COM ASSENTO CONICO DE BRONZE, DIAMETRO 4\"","UN","CR",0,690.19,0,712.27]
["MATERIAL",12432,"UNIAO COM ASSENTO CONICO DE FERRO LONGO (MACHO-FEMEA), DIAMETRO 1 1/2\"","UN","CR",0,141.94999999999999,0,146.49]
["MATERIAL",12433,"UNIAO COM ASSENTO CONICO DE FERRO LONGO (MACHO-FEMEA), DIAMETRO 1\"","UN","CR",0,90.36,0,93.26]
["MATERIAL",12434,"UNIAO COM ASSENTO CONICO DE FERRO LONGO (MACHO-FEMEA), DIAMETRO 1/2\"","UN","CR",0,46.26,0,47.74]
["MATERIAL",12435,"UNIAO COM ASSENTO CONICO DE FERRO LONGO (MACHO-FEMEA), DIAMETRO 2 1/2\"","UN","CR",0,279.66000000000003,0,288.61]
["MATERIAL",12437,"UNIAO COM ASSENTO CONICO DE FERRO LONGO (MACHO-FEMEA), DIAMETRO 2\"","UN","CR",0,225.86,0,233.09]
["MATERIAL",12438,"UNIAO COM ASSENTO CONICO DE FERRO LONGO (MACHO-FEMEA), DIAMETRO 3\"","UN","CR",0,408.74,0,421.82]
["MATERIAL",12439,"UNIAO COM ASSENTO CONICO DE FERRO LONGO (MACHO-FEMEA), DIAMETRO 3/4\"","UN","CR",0,72.489999999999995,0,74.81]
["MATERIAL",12436,"UNIAO COM ASSENTO CONICO DE FERRO LONGO (MACHO-FEMEA), DIAMETRO 4\"","UN","CR",0,516.33000000000004,0,532.84]
["MATERIAL",36357,"UNIAO COM FLANGE PPR, COM PARAFUSOS, DN 40 MM, PARA AGUA QUENTE PREDIAL","UN","CR",0,0,180.29,0]
["MATERIAL",12424,"UNIAO DE FERRO GALVANIZADO, COM ASSENTO CONICO DE BRONZE, DE 1 1/2\"","UN","CR",0,93.04,0,96.02]
["MATERIAL",12440,"UNIAO DE FERRO GALVANIZADO, COM ASSENTO CONICO DE BRONZE, DE 1 1/4\"","UN","CR",0,89.93,0,92.81]
["MATERIAL",9884,"UNIAO DE FERRO GALVANIZADO, COM ROSCA BSP, COM ASSENTO PLANO, DE 1 1/2\"","UN","CR",0,67.08,0,69.22]
["MATERIAL",9888,"UNIAO DE FERRO GALVANIZADO, COM ROSCA BSP, COM ASSENTO PLANO, DE 1 1/4\"","UN","CR",0,53.89,0,55.62]
["MATERIAL",9886,"UNIAO DE FERRO GALVANIZADO, COM ROSCA BSP, COM ASSENTO PLANO, DE 1\"","UN","CR",0,32.21,0,33.24]
["MATERIAL",9883,"UNIAO DE FERRO GALVANIZADO, COM ROSCA BSP, COM ASSENTO PLANO, DE 1/2\"","UN","CR",0,23.52,0,24.27]
["MATERIAL",9889,"UNIAO DE FERRO GALVANIZADO, COM ROSCA BSP, COM ASSENTO PLANO, DE 2 1/2\"","UN","CR",0,163.19999999999999,0,168.42]
["MATERIAL",9887,"UNIAO DE FERRO GALVANIZADO, COM ROSCA BSP, COM ASSENTO PLANO, DE 2\"","UN","CR",0,98.64,0,101.79]
["MATERIAL",9890,"UNIAO DE FERRO GALVANIZADO, COM ROSCA BSP, COM ASSENTO PLANO, DE 3\"","UN","CR",0,252.83,0,260.92]
["MATERIAL",9885,"UNIAO DE FERRO GALVANIZADO, COM ROSCA BSP, COM ASSENTO PLANO, DE 3/4\"","UN","CR",0,31.14,0,32.14]
["MATERIAL",9891,"UNIAO DE FERRO GALVANIZADO, COM ROSCA BSP, COM ASSENTO PLANO, DE 4\"","UN","CR",0,354.93,0,366.29]
["MATERIAL",36316,"UNIAO DUPLA PPR DN 25 MM, PARA AGUA QUENTE PREDIAL","UN","CR",0,0,29.38,0]
["MATERIAL",36313,"UNIAO DUPLA PPR, DN 20 MM, PARA AGUA QUENTE PREDIAL","UN","CR",0,0,18.87,0]
["MATERIAL",64,"UNIAO EM POLIPROPILENO (PP), PARA TUBO EM PEAD, 20 MM - LIGACAO PREDIAL DE AGUA","UN","CR",0,0,0,7.21]
["MATERIAL",37423,"UNIAO EM POLIPROPILENO (PP), PARA TUBO EM PEAD, 32 MM - LIGACAO PREDIAL DE AGUA","UN","CR",0,0,0,17.8]
["MATERIAL",9892,"UNIAO PVC, ROSCAVEL 1/2\", AGUA FRIA PREDIAL","UN","CR",7.51,6.75,7.27,6.9]
["MATERIAL",9901,"UNIAO PVC, ROSCAVEL, 1 1/2\", AGUA FRIA PREDIAL","UN","CR",36.35,32.659999999999997,35.18,33.369999999999997]
["MATERIAL",9900,"UNIAO PVC, ROSCAVEL, 1\", AGUA FRIA PREDIAL","UN","CR",21.06,18.920000000000002,20.38,19.329999999999998]
["MATERIAL",9899,"UNIAO PVC, ROSCAVEL, 3/4\", AGUA FRIA PREDIAL","UN","CR",9.44,8.49,9.14,8.67]
["MATERIAL",9908,"UNIAO PVC, SOLDAVEL, 110 MM, PARA AGUA FRIA PREDIAL","UN","CR",424.64,381.53,410.88,389.79]
["MATERIAL",9905,"UNIAO PVC, SOLDAVEL, 20 MM, PARA AGUA FRIA PREDIAL","UN","CR",7.39,6.64,7.15,6.78]
["MATERIAL",9906,"UNIAO PVC, SOLDAVEL, 25 MM, PARA AGUA FRIA PREDIAL","UN","CR",8.91,8,8.6199999999999992,8.18]
["MATERIAL",9895,"UNIAO PVC, SOLDAVEL, 32 MM, PARA AGUA FRIA PREDIAL","UN","CR",15,13.48,14.51,13.77]
["MATERIAL",9894,"UNIAO PVC, SOLDAVEL, 40 MM, PARA AGUA FRIA PREDIAL","UN","CR",28.85,25.92,27.92,26.48]
["MATERIAL",9897,"UNIAO PVC, SOLDAVEL, 50 MM, PARA AGUA FRIA PREDIAL","UN","CR",30.81,27.68,29.81,28.28]
["MATERIAL",9910,"UNIAO PVC, SOLDAVEL, 60 MM, PARA AGUA FRIA PREDIAL","UN","CR",80.150000000000006,72.02,77.56,73.569999999999993]
["MATERIAL",9909,"UNIAO PVC, SOLDAVEL, 75 MM, PARA AGUA FRIA PREDIAL","UN","CR",163.24,146.66999999999999,157.94999999999999,149.84]
["MATERIAL",9907,"UNIAO PVC, SOLDAVEL, 85 MM, PARA AGUA FRIA PREDIAL","UN","CR",192.74,173.17,186.49,176.92]
["MATERIAL",20973,"UNIAO TIPO STORZ, COM EMPATACAO INTERNA TIPO ANEL DE EXPANSAO, ENGATE RAPIDO 1 1/2\", PARA MANGUEIRA DE COMBATE A INCENDIO PREDIAL","UN","CR",0,0,116.36,94.92]
["MATERIAL",20974,"UNIAO TIPO STORZ, COM EMPATACAO INTERNA TIPO ANEL DE EXPANSAO, ENGATE RAPIDO 2 1/2\", PARA MANGUEIRA DE COMBATE A INCENDIO PREDIAL","UN","CR",0,0,166.47,135.80000000000001]
["MATERIAL",37989,"UNIAO, CPVC, SOLDAVEL, 15 MM, PARA AGUA QUENTE PREDIAL","UN","CR",14.87,0,14.89,16.309999999999999]
["MATERIAL",37990,"UNIAO, CPVC, SOLDAVEL, 22 MM, PARA AGUA QUENTE PREDIAL","UN","CR",16.39,0,16.420000000000002,17.98]
["MATERIAL",37991,"UNIAO, CPVC, SOLDAVEL, 28 MM, PARA AGUA QUENTE PREDIAL","UN","CR",21.82,0,21.86,23.94]
["MATERIAL",37992,"UNIAO, CPVC, SOLDAVEL, 35 MM, PARA AGUA QUENTE PREDIAL","UN","CR",33.86,0,33.92,37.14]
["MATERIAL",37993,"UNIAO, CPVC, SOLDAVEL, 42 MM, PARA AGUA QUENTE PREDIAL","UN","CR",51.38,0,51.47,56.36]
["MATERIAL",37994,"UNIAO, CPVC, SOLDAVEL, 54 MM, PARA AGUA QUENTE PREDIAL","UN","CR",122.34,0,122.55,134.19999999999999]
["MATERIAL",37995,"UNIAO, CPVC, SOLDAVEL, 73 MM, PARA AGUA QUENTE PREDIAL","UN","CR",159.47,0,159.74,174.92]
["MATERIAL",37996,"UNIAO, CPVC, SOLDAVEL, 89 MM, PARA AGUA QUENTE PREDIAL","UN","CR",242.83,0,243.24,266.35000000000002]
["MATERIAL",45267,"UNIFORME PROFISSIONAL DE BRIM, CALCA E CAMISA MANGA LONGA COM FAIXA REFLETIVA","UN","CR",156.82,214.81,178.71,177.17]
["EQUIPAMENTO (AQUISIÇÃO)",13883,"USINA DE ASFALTO A FRIO, CAPACIDADE DE 30 A 40 T/H, ELETRICA, POTENCIA DE 30 CV","UN","CR",0,0,0,0]
["EQUIPAMENTO (AQUISIÇÃO)",38604,"USINA DE ASFALTO A FRIO, CAPACIDADE DE 40 A 60 T/H, ELETRICA, POTENCIA DE 30 CV","UN","CR",0,0,0,0]
["EQUIPAMENTO (AQUISIÇÃO)",10601,"USINA DE ASFALTO A QUENTE, FIXA, TIPO CONTRA FLUXO, CAPACIDADE DE 100 A 140 T/H, POTENCIA DE 280 KW, COM MISTURADOR EXTERNO ROTATIVO","UN","CR",0,0,0,0]
["EQUIPAMENTO (AQUISIÇÃO)",44469,"USINA DE ASFALTO, GRAVIMETRICA, CAPACIDADE DE 150 T/H, POTENCIA DE 400 KW","UN","CR",0,0,0,0]
["EQUIPAMENTO (AQUISIÇÃO)",13894,"USINA DE CONCRETO FIXA, CAPACIDADE NOMINAL DE 40 M3/H, SEM SILO","UN","CR",0,0,0,0]
["EQUIPAMENTO (AQUISIÇÃO)",13895,"USINA DE CONCRETO FIXA, CAPACIDADE NOMINAL DE 60 M3/H, SEM SILO","UN","CR",0,0,0,0]
["EQUIPAMENTO (AQUISIÇÃO)",13892,"USINA DE CONCRETO FIXA, CAPACIDADE NOMINAL DE 80 M3/H, SEM SILO","UN","CR",0,0,0,0]
["EQUIPAMENTO (AQUISIÇÃO)",9914,"USINA DE CONCRETO FIXA, CAPACIDADE NOMINAL DE 90 A 120 M3/H, SEM SILO","UN","C",0,0,0,0]
["EQUIPAMENTO (AQUISIÇÃO)",36485,"USINA DE LAMA ASFALTICA, PROD 30 A 50 T/H, SILO DE AGREGADO 7 M3, RESERVATORIOS PARA EMULSAO E AGUA DE 2,3 M3 CADA, MISTURADOR TIPO PUGG-MILL A SER MONTADO SOBRE CAMINHAO","UN","CR",0,0,0,0]
["EQUIPAMENTO (AQUISIÇÃO)",9912,"USINA DE MISTURAS ASFALTICAS A QUENTE, MOVEL, TIPO CONTRA FLUXO, CAPACIDADE DE 40 A 80 T/H","UN","C",0,0,0,0]
["EQUIPAMENTO (AQUISIÇÃO)",9921,"USINA MISTURADORA DE SOLOS, DOSADORES TRIPLOS, CALHA VIBRATORIA CAPACIDADE DE 200 A 500 T/H, POTENCIA DE 75 KW","UN","CR",0,0,0,0]
["MATERIAL",21112,"VALVULA DE DESCARGA EM METAL CROMADO PARA MICTORIO COM ACIONAMENTO POR PRESSAO E FECHAMENTO AUTOMATICO","UN","CR",236.72,156.91999999999999,339.85,300.51]
["MATERIAL",10228,"VALVULA DE DESCARGA METALICA, BASE 1 1/2\" E ACABAMENTO METALICO CROMADO","UN","C",275,182.3,394.8,349.1]
["MATERIAL",11781,"VALVULA DE DESCARGA METALICA, BASE 1 1/4\" E ACABAMENTO METALICO CROMADO","UN","CR",222.78,147.68,319.83,282.81]
["MATERIAL",37588,"VALVULA DE ESCOAMENTO PARA TANQUE, EM METAL CROMADO, 1.1/2\", SEM LADRAO, COM TAMPAO PLASTICO","UN","CR",69.98,0,44.95,76.709999999999994]
["MATERIAL",11751,"VALVULA DE ESFERA BRUTA EM BRONZE, BITOLA 1 1/2\"","UN","CR",124.72,150.22,138.41999999999999,224.18]
["MATERIAL",11750,"VALVULA DE ESFERA BRUTA EM BRONZE, BITOLA 1 1/4\"","UN","CR",103.5,124.66,114.87,186.04]
["MATERIAL",11746,"VALVULA DE ESFERA BRUTA EM BRONZE, BITOLA 1\"","UN","CR",69.44,83.64,77.069999999999993,124.82]
["MATERIAL",11748,"VALVULA DE ESFERA BRUTA EM BRONZE, BITOLA 1/2\"","UN","CR",44.56,53.67,49.46,80.099999999999994]
["MATERIAL",11747,"VALVULA DE ESFERA BRUTA EM BRONZE, BITOLA 2\"","UN","CR",192.32,231.64,213.44,345.68]
["MATERIAL",11749,"VALVULA DE ESFERA BRUTA EM BRONZE, BITOLA 3/4\"","UN","CR",51.44,61.95,57.08,92.46]
["MATERIAL",10236,"VALVULA DE RETENCAO DE BRONZE, PE COM CRIVOS, EXTREMIDADE COM ROSCA, DE 1 1/2\", PARA FUNDO DE POCO","UN","CR",133.78,0,0,147.97999999999999]
["MATERIAL",10233,"VALVULA DE RETENCAO DE BRONZE, PE COM CRIVOS, EXTREMIDADE COM ROSCA, DE 1 1/4\", PARA FUNDO DE POCO","UN","CR",125.37,0,0,138.66999999999999]
["MATERIAL",10234,"VALVULA DE RETENCAO DE BRONZE, PE COM CRIVOS, EXTREMIDADE COM ROSCA, DE 1\", PARA FUNDO DE POCO","UN","CR",78.97,0,0,87.35]
["MATERIAL",10231,"VALVULA DE RETENCAO DE BRONZE, PE COM CRIVOS, EXTREMIDADE COM ROSCA, DE 2 1/2\", PARA FUNDO DE POCO","UN","CR",362.14,0,0,400.58]
["MATERIAL",10232,"VALVULA DE RETENCAO DE BRONZE, PE COM CRIVOS, EXTREMIDADE COM ROSCA, DE 2\", PARA FUNDO DE POCO","UN","CR",202.65,0,0,224.15]
["MATERIAL",10235,"VALVULA DE RETENCAO DE BRONZE, PE COM CRIVOS, EXTREMIDADE COM ROSCA, DE 3\", PARA FUNDO DE POCO","UN","CR",496.45,0,0,549.14]
["MATERIAL",10229,"VALVULA DE RETENCAO DE BRONZE, PE COM CRIVOS, EXTREMIDADE COM ROSCA, DE 3/4\", PARA FUNDO DE POCO","UN","C",71.42,0,0,79]
["MATERIAL",10230,"VALVULA DE RETENCAO DE BRONZE, PE COM CRIVOS, EXTREMIDADE COM ROSCA, DE 4\", PARA FUNDO DE POCO","UN","CR",873.71,0,0,966.44]
["MATERIAL",10409,"VALVULA DE RETENCAO HORIZONTAL, DE BRONZE (PN-25), 1 1/2\", 400 PSI, TAMPA DE PORCA DE UNIAO, EXTREMIDADES COM ROSCA","UN","CR",259.57,0,0,287.12]
["MATERIAL",10411,"VALVULA DE RETENCAO HORIZONTAL, DE BRONZE (PN-25), 1 1/4\", 400 PSI, TAMPA DE PORCA DE UNIAO, EXTREMIDADES COM ROSCA","UN","CR",232.26,0,0,256.92]
["MATERIAL",10410,"VALVULA DE RETENCAO HORIZONTAL, DE BRONZE (PN-25), 1\", 400 PSI, TAMPA DE PORCA DE UNIAO, EXTREMIDADES COM ROSCA","UN","CR",155.15,0,0,171.62]
["MATERIAL",10404,"VALVULA DE RETENCAO HORIZONTAL, DE BRONZE (PN-25), 1/2\", 400 PSI, TAMPA DE PORCA DE UNIAO, EXTREMIDADES COM ROSCA","UN","CR",94.19,0,0,104.19]
["MATERIAL",10405,"VALVULA DE RETENCAO HORIZONTAL, DE BRONZE (PN-25), 2 1/2\", 400 PSI, TAMPA DE PORCA DE UNIAO, EXTREMIDADES COM ROSCA","UN","CR",520.04999999999995,0,0,575.24]
["MATERIAL",10408,"VALVULA DE RETENCAO HORIZONTAL, DE BRONZE (PN-25), 2\", 400 PSI, TAMPA DE PORCA DE UNIAO, EXTREMIDADES COM ROSCA","UN","CR",363.66,0,0,402.26]
["MATERIAL",10406,"VALVULA DE RETENCAO HORIZONTAL, DE BRONZE (PN-25), 3\", 400 PSI, TAMPA DE PORCA DE UNIAO, EXTREMIDADES COM ROSCA","UN","CR",718.29,0,0,794.53]
["MATERIAL",10412,"VALVULA DE RETENCAO HORIZONTAL, DE BRONZE (PN-25), 3/4\", 400 PSI, TAMPA DE PORCA DE UNIAO, EXTREMIDADES COM ROSCA","UN","CR",114.15,0,0,126.27]
["MATERIAL",10407,"VALVULA DE RETENCAO HORIZONTAL, DE BRONZE (PN-25), 4\", 400 PSI, TAMPA DE PORCA DE UNIAO, EXTREMIDADES COM ROSCA","UN","CR",1114.08,0,0,1232.32]
["MATERIAL",10416,"VALVULA DE RETENCAO VERTICAL, DE BRONZE (PN-16), 1 1/2\", 200 PSI, EXTREMIDADES COM ROSCA","UN","CR",138.19,0,0,152.85]
["MATERIAL",10419,"VALVULA DE RETENCAO VERTICAL, DE BRONZE (PN-16), 1 1/4\", 200 PSI, EXTREMIDADES COM ROSCA","UN","CR",119.95,0,0,132.68]
["MATERIAL",10418,"VALVULA DE RETENCAO VERTICAL, DE BRONZE (PN-16), 1\", 200 PSI, EXTREMIDADES COM ROSCA","UN","CR",79.95,0,0,88.44]
["MATERIAL",21092,"VALVULA DE RETENCAO VERTICAL, DE BRONZE (PN-16), 1/2\", 200 PSI, EXTREMIDADES COM ROSCA","UN","CR",68.569999999999993,0,0,75.849999999999994]
["MATERIAL",12657,"VALVULA DE RETENCAO VERTICAL, DE BRONZE (PN-16), 2 1/2\", 200 PSI, EXTREMIDADES COM ROSCA","UN","CR",322.64,0,0,356.88]
["MATERIAL",10417,"VALVULA DE RETENCAO VERTICAL, DE BRONZE (PN-16), 2\", 200 PSI, EXTREMIDADES COM ROSCA","UN","CR",201.35,0,0,222.72]
["MATERIAL",10414,"VALVULA DE RETENCAO VERTICAL, DE BRONZE (PN-16), 3\", 200 PSI, EXTREMIDADES COM ROSCA","UN","CR",440.59,0,0,487.35]
["MATERIAL",10413,"VALVULA DE RETENCAO VERTICAL, DE BRONZE (PN-16), 3/4\", 200 PSI, EXTREMIDADES COM ROSCA","UN","CR",73.180000000000007,0,0,80.94]
["MATERIAL",10415,"VALVULA DE RETENCAO VERTICAL, DE BRONZE (PN-16), 4\", 200 PSI, EXTREMIDADES COM ROSCA","UN","CR",764.66,0,0,845.82]
["MATERIAL",38643,"VALVULA EM METAL CROMADO PARA LAVATORIO, 1\" SEM LADRAO","UN","CR",55.61,0,35.72,60.96]
["MATERIAL",6157,"VALVULA EM METAL CROMADO PARA PIA AMERICANA 3.1/2 X 1.1/2\"","UN","CR",75.97,0,48.8,83.28]
["MATERIAL",6158,"VALVULA EM PLASTICO BRANCO PARA LAVATORIO 1\", SEM UNHO, COM LADRAO","UN","CR",6.83,6.06,7.22,8.7100000000000009]
["MATERIAL",6156,"VALVULA EM PLASTICO BRANCO PARA TANQUE 1.1/4\" X 1.1/2\", SEM UNHO E SEM LADRAO","UN","CR",5.86,5.2,6.19,7.47]
["MATERIAL",6153,"VALVULA EM PLASTICO BRANCO PARA TANQUE OU LAVATORIO 1\", SEM UNHO E SEM LADRAO","UN","CR",4.7,4.17,4.97,6]
["MATERIAL",6154,"VALVULA EM PLASTICO CROMADO PARA LAVATORIO 1\", SEM UNHO, COM LADRAO","UN","CR",8.36,7.42,8.83,10.66]
["MATERIAL",6155,"VALVULA EM PLASTICO CROMADO TIPO AMERICANA PARA PIA DE COZINHA 3.1/2\" X 1.1/2\", SEM ADAPTADOR","UN","CR",19.239999999999998,17.079999999999998,20.32,24.53]
["MATERIAL",43595,"VARA FINA PARA CREMONA, EM FERRO ZINCADO BRANCO, COM DIAMETRO DE APROX 10 MM E COMPRIMENTO DE 1,20 M","UN","CR",21.22,22.34,18.600000000000001,20.85]
["MATERIAL",43596,"VARA FINA PARA CREMONA, EM FERRO ZINCADO BRANCO, COM DIAMETRO DE APROX 10 MM E COMPRIMENTO DE 1,50 M","UN","CR",24.53,25.82,21.5,24.1]
["MATERIAL",38108,"VARIADOR DE LUMINOSIDADE ROTATIVO (DIMMER) 127 V, 300 W (APENAS MODULO)","UN","CR",45.83,46.97,65.099999999999994,44.27]
["MATERIAL",38087,"VARIADOR DE LUMINOSIDADE ROTATIVO (DIMMER) 127V, 300W, CONJUNTO MONTADO PARA EMBUTIR 4\" X 2\" (PLACA + SUPORTE + MODULO)","UN","CR",58.94,60.42,83.73,56.94]
["MATERIAL",38109,"VARIADOR DE LUMINOSIDADE ROTATIVO (DIMMER) 220 V, 600 W (APENAS MODULO)","UN","CR",73.239999999999995,75.08,104.04,70.75]
["MATERIAL",38088,"VARIADOR DE LUMINOSIDADE ROTATIVO (DIMMER) 220V, 600W, CONJUNTO MONTADO PARA EMBUTIR 4\" X 2\" (PLACA + SUPORTE + MODULO)","UN","CR",77.02,78.94,109.4,74.39]
["MATERIAL",38110,"VARIADOR DE VELOCIDADE PARA VENTILADOR 127 V, 150 W (APENAS MODULO)","UN","CR",28.17,28.88,40.020000000000003,27.21]
["MATERIAL",38089,"VARIADOR DE VELOCIDADE PARA VENTILADOR 127V, 150W + 2 INTERRUPTORES PARALELOS, PARA REVERSAO E LAMPADA, CONJUNTO MONTADO PARA EMBUTIR 4\" X 2\" (PLACA + SUPORTE + MODULOS)","UN","CR",49.1,50.32,69.739999999999995,47.42]
["MATERIAL",38111,"VARIADOR DE VELOCIDADE PARA VENTILADOR 220 V, 250 W (APENAS MODULO)","UN","CR",31.51,32.299999999999997,44.76,30.43]
["MATERIAL",38090,"VARIADOR DE VELOCIDADE PARA VENTILADOR 220V, 250W + 2 INTERRUPTORES PARALELOS, PARA REVERSAO E LAMPADA, CONJUNTO MONTADO PARA EMBUTIR 4\" X 2\" (PLACA + SUPORTE + MODULOS)","UN","CR",50.75,52.01,72.08,49.01]
["MATERIAL",38400,"VASSOURA 40 CM COM CABO","UN","CR",40.68,54.31,47.14,51.88]
["EQUIPAMENTO (AQUISIÇÃO)",13726,"VASSOURA MECANICA REBOCAVEL COM ESCOVA CILINDRICA LARGURA UTIL DE VARRIMENTO = 2,44M","UN","CR",0,0,0,0]
["MATERIAL",12627,"VEDACAO DE CALHA, EM BORRACHA COR PRETA, MEDIDA ENTRE 119 E 170 MM, PARA DRENAGEM PLUVIAL PREDIAL","UN","CR",1.39,1.28,1.29,1.35]
["MATERIAL",39996,"VERGALHAO ZINCADO ROSCA TOTAL, 1/4\" (6,3 MM)","M","CR",3.74,2.95,3.79,3.65]
["MATERIAL",10478,"VERNIZ A BASE RESINA ALQUIDICA COM POLIURETANO PARA MADEIRA, COM FILTRO SOLAR, BRILHANTE, USO INTERNO E EXTERNO","L","C",35.549999999999997,43.64,36.24,43.96]
["MATERIAL",10481,"VERNIZ MARITIMO PREMIUM PARA MADEIRA, COM FILTRO SOLAR, BRILHANTE, USO INTERNO E EXTERNO","L","CR",31.61,38.81,32.229999999999997,39.090000000000003]
["MATERIAL",10475,"VERNIZ TIPO COPAL PARA MADEIRA, BRILHANTE, USO INTERNO","L","CR",30.59,37.549999999999997,31.18,37.83]
["MATERIAL",4030,"VEU DE POLIESTER PARA IMPERMEABILIZACAO","M2","CR",6.4,0,6.98,6.75]
["MATERIAL",4031,"VEU DE VIDRO/VEU DE SUPERFICIE 30 A 35 G/M2","M2","CR",30.11,0,32.81,31.73]
["EQUIPAMENTO (AQUISIÇÃO)",39399,"VIBRADOR DE IMERSAO, COM PONTEIRA DE *35* MM, MANGOTE DE 5 M, SEM MOTOR","UN","CR",0,0,0,0]
["EQUIPAMENTO (AQUISIÇÃO)",39400,"VIBRADOR DE IMERSAO, COM PONTEIRA DE *45* MM, MANGOTE DE 5 M, SEM MOTOR.","UN","CR",0,0,0,0]
["EQUIPAMENTO (AQUISIÇÃO)",39401,"VIBRADOR DE IMERSAO, COM PONTEIRA DE *60* MM, MANGOTE DE 5 M, SEM MOTOR.","UN","CR",0,0,0,0]
["EQUIPAMENTO (AQUISIÇÃO)",11652,"VIBRADOR DE IMERSAO, DIAMETRO DA PONTEIRA DE *35* MM, COM MOTOR 4 TEMPOS A GASOLINA DE 5,5 HP (5,5 CV)","UN","C",0,0,0,0]
["EQUIPAMENTO (AQUISIÇÃO)",13475,"VIBRADOR DE IMERSAO, DIAMETRO DA PONTEIRA DE *45* MM, COM MOTOR 4 TEMPOS A GASOLINA DE 5,5 HP (5,5 CV)","UN","CR",0,0,0,0]
["EQUIPAMENTO (AQUISIÇÃO)",13896,"VIBRADOR DE IMERSAO, DIAMETRO DA PONTEIRA DE *45* MM, COM MOTOR ELETRICO TRIFASICO DE 2 HP (2 CV)","UN","CR",0,0,0,0]
["EQUIPAMENTO (AQUISIÇÃO)",44470,"VIBROACABADORA DE ASFALTO SOBRE ESTEIRAS, LARG. PAVIM. 2,13 M A 4,55 M, POT. 74 KW/ 100 HP, CAP. 400 T/ H","UN","CR",0,0,0,0]
["EQUIPAMENTO (AQUISIÇÃO)",13476,"VIBROACABADORA DE ASFALTO SOBRE ESTEIRAS, LARG. PAVIM. 2,60 M A 5,75 M, POT. 110 HP, CAP. 450 T/ H","UN","CR",0,0,0,0]
["EQUIPAMENTO (AQUISIÇÃO)",44491,"VIBROACABADORA DE ASFALTO SOBRE ESTEIRAS, LARG. PAVIM. MAX. 8,00 M, POT. 100 KW/ 134 HP, CAP. 600 T/ H","UN","CR",0,0,0,0]
["EQUIPAMENTO (AQUISIÇÃO)",10488,"VIBROACABADORA DE ASFALTO SOBRE ESTEIRAS, LARG. PAVIMENT. 1,90 A 5,3 M, POT. 78 KW/105 HP, CAP. 450 T/H","UN","C",0,0,0,0]
["EQUIPAMENTO (AQUISIÇÃO)",13606,"VIBROACABADORA DE ASFALTO SOBRE RODAS, LARGURA DE PAVIMENTACAO DE 1,70 A 4,20 M, POTENCIA 78 KW/105 HP, CAPACIDADE 300 T/H","UN","CR",0,0,0,0]
["MAO DE OBRA",10489,"VIDRACEIRO (HORISTA)","H","CR",20.79,18.41,20.82,18.21]
["MAO DE OBRA",41073,"VIDRACEIRO (MENSALISTA)","MES","CR",3666.83,3232.2,3711.58,3217.39]
["SERVIÇOS",34391,"VIDRO COMUM LAMINADO LISO INCOLOR DUPLO, ESPESSURA TOTAL 8 MM (CADA CAMADA DE 4 MM) - COLOCADO","M2","CR",588.86,957.5,766,478.75]
["SERVIÇOS",10496,"VIDRO COMUM LAMINADO, LISO, INCOLOR, DUPLO, ESPESSURA TOTAL 6 MM (CADA CAMADA E= 3 MM) - COLOCADO","M2","CR",512.5,833.33,666.66,416.66]
["SERVIÇOS",10497,"VIDRO COMUM LAMINADO, LISO, INCOLOR, TRIPLO, ESPESSURA TOTAL 12 MM (CADA CAMADA E= 4 MM) - COLOCADO","M2","CR",1332.49,2166.66,1733.33,1083.33]
["SERVIÇOS",10504,"VIDRO COMUM LAMINADO, LISO, INCOLOR, TRIPLO, ESPESSURA TOTAL 15 MM (CADA CAMADA E = 5 MM) - COLOCADO","M2","CR",1558,2533.33,2026.66,1266.6600000000001]
["MATERIAL",34390,"VIDRO CRISTAL COLORIDO, 10 MM, PINTADO NA COR BRANCA","M2","CR",459.19,746.66,597.33000000000004,373.33]
["MATERIAL",34389,"VIDRO CRISTAL COLORIDO, 4 MM, PINTADO NA COR BRANCA","M2","CR",143.5,233.33,186.66,116.66]
["MATERIAL",34388,"VIDRO CRISTAL COLORIDO, 6 MM, PINTADO NA COR BRANCA","M2","CR",203.95,331.63,265.3,165.81]
["MATERIAL",34387,"VIDRO CRISTAL COLORIDO, 8 MM, PINTADO NA COR BRANCA","M2","CR",331.07,538.33000000000004,430.66,269.16000000000003]
["MATERIAL",11188,"VIDRO LISO FUME E = 4MM - SEM COLOCACAO","M2","CR",163.99,266.66000000000003,213.33,133.33000000000001]
["MATERIAL",11189,"VIDRO LISO FUME E = 6MM - SEM COLOCACAO","M2","CR",246,400,320,200]
["MATERIAL",21107,"VIDRO LISO FUME, E = 5 MM - SEM COLOCACAO","M2","CR",177.03,287.86,230.29,143.93]
["MATERIAL",34386,"VIDRO LISO INCOLOR 10 MM - SEM COLOCACAO","M2","CR",307.5,500,400,250]
["MATERIAL",10490,"VIDRO LISO INCOLOR 2 A 3 MM - SEM COLOCACAO","M2","CR",107.62,175,140,87.5]
["MATERIAL",10492,"VIDRO LISO INCOLOR 4MM - SEM COLOCACAO","M2","C",123,200,160,100]
["MATERIAL",10493,"VIDRO LISO INCOLOR 5MM - SEM COLOCACAO","M2","CR",143.5,233.33,186.66,116.66]
["MATERIAL",10491,"VIDRO LISO INCOLOR 6 MM - SEM COLOCACAO","M2","CR",174.25,283.33,226.66,141.66]
["MATERIAL",34385,"VIDRO LISO INCOLOR 8MM - SEM COLOCACAO","M2","CR",254.2,413.33,330.66,206.66]
["MATERIAL",10499,"VIDRO MARTELADO OU CANELADO, 4 MM - SEM COLOCACAO","M2","CR",102.49,166.66,133.33000000000001,83.33]
["MATERIAL",34384,"VIDRO PLANO ARAMADO E = 6 MM - SEM COLOCACAO","M2","CR",307.5,500,400,250]
["MATERIAL",11185,"VIDRO PLANO ARAMADO E = 7MM - SEM COLOCACAO","M2","CR",317.74,516.66,413.33,258.33]
["MATERIAL",10507,"VIDRO TEMPERADO INCOLOR E = 10 MM, SEM COLOCACAO","M2","CR",230.38,497.87,306.02,217.64]
["MATERIAL",10505,"VIDRO TEMPERADO INCOLOR E = 6 MM, SEM COLOCACAO","M2","CR",135.94,293.77999999999997,180.57,128.41999999999999]
["MATERIAL",10506,"VIDRO TEMPERADO INCOLOR E = 8 MM, SEM COLOCACAO","M2","CR",177.46,383.5,235.73,167.64]
["MATERIAL",5031,"VIDRO TEMPERADO INCOLOR PARA PORTA DE ABRIR, E = 10 MM (SEM FERRAGENS E SEM COLOCACAO)","M2","C",249.18,538.5,331,235.4]
["MATERIAL",10502,"VIDRO TEMPERADO VERDE E = 10 MM, SEM COLOCACAO","M2","CR",290.35000000000002,627.48,385.69,274.29000000000002]
["MATERIAL",10501,"VIDRO TEMPERADO VERDE E = 6 MM, SEM COLOCACAO","M2","CR",164.04,354.5,217.9,154.97]
["MATERIAL",10503,"VIDRO TEMPERADO VERDE E = 8 MM, SEM COLOCACAO","M2","CR",221.62,478.94,294.39,209.36]
["MATERIAL",4500,"VIGA *7,5 X 10* CM EM PINUS, MISTA OU EQUIVALENTE DA REGIAO - BRUTA","M","CR",19.760000000000002,18.8,14.65,15.19]
["MATERIAL",4448,"VIGA *7,5 X 15 CM EM PINUS, MISTA OU EQUIVALENTE DA REGIAO - BRUTA","M","CR",27.15,25.82,20.12,20.87]
["MATERIAL",20213,"VIGA APARELHADA *6 X 12* CM, EM MACARANDUBA/MASSARANDUBA, ANGELIM OU EQUIVALENTE DA REGIAO","M","CR",21.26,26.09,25.58,34.78]
["MATERIAL",20211,"VIGA APARELHADA *6 X 16* CM, EM MACARANDUBA/MASSARANDUBA, ANGELIM OU EQUIVALENTE DA REGIAO","M","CR",28.15,34.54,33.880000000000003,46.06]
["MATERIAL",40270,"VIGA DE ESCORAMENTO H20, DE MADEIRA, PESO DE 5,00 A 5,20 KG/M, COM EXTREMIDADES PLASTICAS","M","C",0,0,0,0]
["MATERIAL",4425,"VIGA NAO APARELHADA *6 X 12* CM, EM MACARANDUBA/MASSARANDUBA, ANGELIM OU EQUIVALENTE DA REGIAO - BRUTA","M","CR",23.26,28.55,28,38.07]
["MATERIAL",4472,"VIGA NAO APARELHADA *6 X 16* CM, EM MACARANDUBA/MASSARANDUBA, ANGELIM OU EQUIVALENTE DA REGIAO - BRUTA","M","CR",29.06,35.67,34.979999999999997,47.56]
["MATERIAL",35272,"VIGA NAO APARELHADA *6 X 20* CM, EM MACARANDUBA/MASSARANDUBA, ANGELIM OU EQUIVALENTE DA REGIAO - BRUTA","M","CR",42.01,51.56,50.57,68.75]
["MATERIAL",4481,"VIGA NAO APARELHADA *8 X 16* CM EM MACARANDUBA/MASSARANDUBA, ANGELIM OU EQUIVALENTE DA REGIAO - BRUTA","M","CR",44.97,55.19,54.13,73.59]
["MAO DE OBRA",34345,"VIGIA DIURNO (HORISTA)","H","CR",15.92,17.95,16.68,19.27]
["MAO DE OBRA",41096,"VIGIA DIURNO (MENSALISTA)","MES","CR",2807.23,3153.08,2975.61,3405.41]

{"sheet":"SINAPI COMP","index":34,"n_rows":9786,"n_cols":25,"rows_kept":2250,"cut":true,"hidden":false,"merged":[],"bounds":{"rows_first":1000,"rows_last":250,"rows_between":1000,"halvings":1}}
["SINAPI - Sistema Nacional de Pesquisa de Custos e Índices da Construção Civil",{"$nulls":12},"SINAPI - Sistema Nacional de Pesquisa de Custos e Índices da Construção Civil"]
["RELATÓRIO DE CUSTOS DE COMPOSIÇÕES - ENCARGOS SOCIAIS SEM DESONERAÇÃO",{"$nulls":12},"RELATÓRIO DE CUSTOS DE COMPOSIÇÕES - ENCARGOS SOCIAIS SEM DESONERAÇÃO"]
["Mês de Referência:","08/2025",null,"Encargos sociais sobre a mão de obra:",{"$nulls":9},"Mês de Referência:","07/2025",null,"Encargos sociais sobre a mão de obra:"]
["Data de emissão:","10/09/2025",null,"(SEM DESONERAÇÃO)","GO",null,"TO",null,"DF",null,"MG",null,null,"Data de emissão:","12/08/2025",null,"(SEM DESONERAÇÃO)","GO",null,"TO",null,"DF",null,"MG"]
[null,null,null,"Localidade","GOIANIA",null,"PALMAS",null,"BRASILIA",null,"BELO HORIZONTE",{"$nulls":5},"Localidade","GOIANIA",null,"PALMAS",null,"BRASILIA",null,"BELO HORIZONTE"]
["Observação:","%AS (porcentagem Atribuído São Paulo) corresponde a porcentagem do custo total da",null,"Horista",1.0878000000000001,null,1.1073999999999999,null,1.1011,null,1.1678999999999999,null,null,"Observação:","%AS (porcentagem Atribuído São Paulo) corresponde a porcentagem do custo total da",null,"Horista",1.0878000000000001,null,1.1073999999999999,null,1.1011,null,1.1678999999999999]
[null,"composição que foi obtida utilizando preços de insumos de São Paulo por indisponibilidade",null,"Mensalista",0.67210000000000003,null,0.68049999999999999,null,0.70189999999999997,null,0.73929999999999996,null,null,null,"composição que foi obtida utilizando preços de insumos de São Paulo por indisponibilidade",null,"Mensalista",0.67210000000000003,null,0.68049999999999999,null,0.70189999999999997,null,0.73929999999999996]
[null,"dos preços de insumos necessários à composição no estado em questão. Custo zerado (hífen)",{"$nulls":12},"dos preços de insumos necessários à composição no estado em questão. Custo zerado (hífen)"]
[null,"indica que pelo menos um dos itens da composição não tem custo/preço.",null,null,"GO",null,"TO",null,"DF",null,"MG",null,null,null,"indica que pelo menos um dos itens da composição não tem custo/preço.",null,null,"GO",null,"TO",null,"DF",null,"MG"]
["Grupo","Código da\nComposição","Descrição","Unidade","Custo (R$)","%AS","Custo (R$)","%AS","Custo (R$)","%AS","Custo (R$)","%AS",null,"Grupo","Código da\nComposição","Descrição","Unidade","Custo (R$)","%AS","Custo (R$)","%AS","Custo (R$)","%AS","Custo (R$)","%AS"]
["Acessibilidade",104658,"PISO PODOTÁTIL DE ALERTA OU DIRECIONAL, DE CONCRETO, ASSENTADO SOBRE ARGAMASSA. AF_03/2024","M2",180.33,0,192.9,0,177.6,0,155.78,0,null,"Acessibilidade",104658,"PISO PODOTÁTIL DE ALERTA OU DIRECIONAL, DE CONCRETO, ASSENTADO SOBRE ARGAMASSA. AF_03/2024","M2",172.35,0,193.83,0,177.22,0,156.15,0]
["Acessibilidade",105002,"RAMPA DE ACESSIBILIDADE EM CONCRETO MOLDADO IN LOCO, EM CALÇADA NOVA COM LARGURA MAIOR OU IGUAL À 3,00 M, FCK 25MPA, COM PISO PODOTÁTIL. AF_03/2024","UN",757.28,0,786.85,0,824.82,0,760.52,0,null,"Acessibilidade",105002,"RAMPA DE ACESSIBILIDADE EM CONCRETO MOLDADO IN LOCO, EM CALÇADA NOVA COM LARGURA MAIOR OU IGUAL À 3,00 M, FCK 25MPA, COM PISO PODOTÁTIL. AF_03/2024","UN",748.63,0,782.41,0,822.55,0,761.85,0]
["Acessibilidade",105004,"RAMPA DE ACESSIBILIDADE EM CONCRETO MOLDADO IN LOCO, EM CALÇADA NOVA COM LARGURA MENOR À 3,00 M, FCK 25MPA, COM PISO PODOTÁTIL. AF_03/2024","M2",128.31,0,133.77000000000001,0,141.58000000000001,0,130.47,0,null,"Acessibilidade",105004,"RAMPA DE ACESSIBILIDADE EM CONCRETO MOLDADO IN LOCO, EM CALÇADA NOVA COM LARGURA MENOR À 3,00 M, FCK 25MPA, COM PISO PODOTÁTIL. AF_03/2024","M2",126.96,0,132.76,0,141.13,0,130.55000000000001,0]
["Acessibilidade",105003,"RAMPA DE ACESSIBILIDADE EM CONCRETO MOLDADO IN LOCO, EM CALÇADA PRÉ EXISTENTE COM LARGURA MAIOR OU IGUAL À 3,00 M, FCK 25MPA, COM PISO PODOTÁTIL. AF_03/2024","UN",1189.6600000000001,5.6000000000000001E-2,1211.04,5.2299999999999999E-2,1311.71,5.0799999999999998E-2,1215.96,5.21E-2,null,"Acessibilidade",105003,"RAMPA DE ACESSIBILIDADE EM CONCRETO MOLDADO IN LOCO, EM CALÇADA PRÉ EXISTENTE COM LARGURA MAIOR OU IGUAL À 3,00 M, FCK 25MPA, COM PISO PODOTÁTIL. AF_03/2024","UN",1190.55,6.4000000000000001E-2,1222.99,5.1799999999999999E-2,1318.99,5.7799999999999997E-2,1224.74,5.1700000000000003E-2]
["Acessibilidade",105005,"RAMPA DE ACESSIBILIDADE EM CONCRETO MOLDADO IN LOCO, EM CALÇADA PRÉ EXISTENTE COM LARGURA MENOR À 3,00 M, FCK 25MPA, COM PISO PODOTÁTIL. AF_03/2024","M2",208.37,5.91E-2,212.31,5.5199999999999999E-2,231.73,5.3199999999999997E-2,214.81,5.4600000000000003E-2,null,"Acessibilidade",105005,"RAMPA DE ACESSIBILIDADE EM CONCRETO MOLDADO IN LOCO, EM CALÇADA PRÉ EXISTENTE COM LARGURA MENOR À 3,00 M, FCK 25MPA, COM PISO PODOTÁTIL. AF_03/2024","M2",208.78,6.7500000000000004E-2,214.34,5.4699999999999999E-2,233.04,6.0499999999999998E-2,216.27,5.4199999999999998E-2]
["Acessibilidade",105006,"RAMPA DE ACESSIBILIDADE EM CONCRETO PRÉ MOLDADO, EM CALÇADA NOVA COM LARGURA MAIOR OU IGUAL À 3,00 M, FCK 25MPA, COM PISO PODOTÁTIL. AF_03/2024","UN",0,null,0,null,0,null,0,null,null,"Acessibilidade",105006,"RAMPA DE ACESSIBILIDADE EM CONCRETO PRÉ MOLDADO, EM CALÇADA NOVA COM LARGURA MAIOR OU IGUAL À 3,00 M, FCK 25MPA, COM PISO PODOTÁTIL. AF_03/2024","UN",0,null,0,null,0,null,0]
["Acessibilidade",104999,"RAMPA DE ACESSIBILIDADE EM CONCRETO PRÉ MOLDADO, EM CALÇADA PRÉ EXISTENTE COM LARGURA MAIOR OU IGUAL À 3,00 M, FCK 25MPA, COM PISO PODOTÁTIL. AF_03/2024","UN",0,null,0,null,0,null,0,null,null,"Acessibilidade",104999,"RAMPA DE ACESSIBILIDADE EM CONCRETO PRÉ MOLDADO, EM CALÇADA PRÉ EXISTENTE COM LARGURA MAIOR OU IGUAL À 3,00 M, FCK 25MPA, COM PISO PODOTÁTIL. AF_03/2024","UN",0,null,0,null,0,null,0]
["Acessibilidade",105000,"RAMPA DE ACESSIBILIDADE PARA ACESSO A EDIFICAÇÕES COM INCLINAÇÃO DE 8,33% EM CONCRETO MOLDADO IN LOCO, COM LARGURA DE 1,20M, FCK 25MPA, NÃO ARMADA, COM JUNTA A CADA 2M COM CORTE À SECO. AF_03/2024","M",1429.52,0.45419999999999999,1548.69,1.9400000000000001E-2,1463.7,0.43409999999999999,1689.59,0,null,"Acessibilidade",105000,"RAMPA DE ACESSIBILIDADE PARA ACESSO A EDIFICAÇÕES COM INCLINAÇÃO DE 8,33% EM CONCRETO MOLDADO IN LOCO, COM LARGURA DE 1,20M, FCK 25MPA, NÃO ARMADA, COM JUNTA A CADA 2M COM CORTE À SECO. AF_03/2024","M",1426.37,0.45650000000000002,1551.26,2.06E-2,1463.33,0.43519999999999998,1616.39,0]
["Acessibilidade",105001,"RAMPA DE ACESSIBILIDADE PARA ACESSO A EDIFICAÇÕES COM INCLINAÇÃO DE 8,33% EM CONCRETO MOLDADO IN LOCO, COM LARGURA DE 1,50M, FCK 25MPA, NÃO ARMADA, COM JUNTA A CADA 2M COM CORTE À SECO. AF_03/2024","M",1466.41,0.44280000000000003,1588.24,1.9E-2,1500,0.42349999999999999,1723.3,0,null,"Acessibilidade",105001,"RAMPA DE ACESSIBILIDADE PARA ACESSO A EDIFICAÇÕES COM INCLINAÇÃO DE 8,33% EM CONCRETO MOLDADO IN LOCO, COM LARGURA DE 1,50M, FCK 25MPA, NÃO ARMADA, COM JUNTA A CADA 2M COM CORTE À SECO. AF_03/2024","M",1462.88,0.4451,1590.93,2.01E-2,1499.19,0.42480000000000001,1650.15,0]
["Alvenaria Estrutural - Blocos Cerâmicos",89306,"ALVENARIA ESTRUTURAL DE BLOCOS CERÂMICOS 14X19X29, (ESPESSURA DE 14 CM), UTILIZANDO COLHER DE PEDREIRO E ARGAMASSA DE ASSENTAMENTO COM PREPARO EM BETONEIRA. AF_03/2023","M2",119.96,0,107.57,0,116.56,0,101.77,0,null,"Alvenaria Estrutural - Blocos Cerâmicos",89306,"ALVENARIA ESTRUTURAL DE BLOCOS CERÂMICOS 14X19X29, (ESPESSURA DE 14 CM), UTILIZANDO COLHER DE PEDREIRO E ARGAMASSA DE ASSENTAMENTO COM PREPARO EM BETONEIRA. AF_03/2023","M2",119.86,0,107.3,0,112.57,0,98.5,0]
["Alvenaria Estrutural - Blocos Cerâmicos",89307,"ALVENARIA ESTRUTURAL DE BLOCOS CERÂMICOS 14X19X29, (ESPESSURA DE 14 CM), UTILIZANDO COLHER DE PEDREIRO E ARGAMASSA DE ASSENTAMENTO COM PREPARO MANUAL. AF_03/2023","M2",122.6,0,109.91,0,119.1,0,103.72,0,null,"Alvenaria Estrutural - Blocos Cerâmicos",89307,"ALVENARIA ESTRUTURAL DE BLOCOS CERÂMICOS 14X19X29, (ESPESSURA DE 14 CM), UTILIZANDO COLHER DE PEDREIRO E ARGAMASSA DE ASSENTAMENTO COM PREPARO MANUAL. AF_03/2023","M2",122.5,0,109.65,0,115.11,0,100.51,0]
["Alvenaria Estrutural - Blocos Cerâmicos",89290,"ALVENARIA ESTRUTURAL DE BLOCOS CERÂMICOS 14X19X29, (ESPESSURA DE 14 CM), UTILIZANDO PALHETA E ARGAMASSA DE ASSENTAMENTO COM PREPARO EM BETONEIRA. AF_03/2023","M2",102.09,0,90.96,0,97.59,0,83.96,0,null,"Alvenaria Estrutural - Blocos Cerâmicos",89290,"ALVENARIA ESTRUTURAL DE BLOCOS CERÂMICOS 14X19X29, (ESPESSURA DE 14 CM), UTILIZANDO PALHETA E ARGAMASSA DE ASSENTAMENTO COM PREPARO EM BETONEIRA. AF_03/2023","M2",102.02,0,90.76,0,93.61,0,80.7,0]
["Alvenaria Estrutural - Blocos Cerâmicos",89291,"ALVENARIA ESTRUTURAL DE BLOCOS CERÂMICOS 14X19X29, (ESPESSURA DE 14 CM), UTILIZANDO PALHETA E ARGAMASSA DE ASSENTAMENTO COM PREPARO MANUAL. AF_03/2023","M2",104.06,0,92.7,0,99.48,0,85.41,0,null,"Alvenaria Estrutural - Blocos Cerâmicos",89291,"ALVENARIA ESTRUTURAL DE BLOCOS CERÂMICOS 14X19X29, (ESPESSURA DE 14 CM), UTILIZANDO PALHETA E ARGAMASSA DE ASSENTAMENTO COM PREPARO MANUAL. AF_03/2023","M2",103.99,0,92.51,0,95.5,0,82.2,0]
["Alvenaria Estrutural - Blocos Cerâmicos",89298,"ALVENARIA ESTRUTURAL DE BLOCOS CERÂMICOS 14X19X39, (ESPESSURA DE 14 CM), UTILIZANDO COLHER DE PEDREIRO E ARGAMASSA DE ASSENTAMENTO COM PREPARO EM BETONEIRA. AF_03/2023","M2",106.27,0,95.06,0,101.85,0,87.7,0,null,"Alvenaria Estrutural - Blocos Cerâmicos",89298,"ALVENARIA ESTRUTURAL DE BLOCOS CERÂMICOS 14X19X39, (ESPESSURA DE 14 CM), UTILIZANDO COLHER DE PEDREIRO E ARGAMASSA DE ASSENTAMENTO COM PREPARO EM BETONEIRA. AF_03/2023","M2",106.17,0,94.82,0,97.71,0,84.51,0]
["Alvenaria Estrutural - Blocos Cerâmicos",89299,"ALVENARIA ESTRUTURAL DE BLOCOS CERÂMICOS 14X19X39, (ESPESSURA DE 14 CM), UTILIZANDO COLHER DE PEDREIRO E ARGAMASSA DE ASSENTAMENTO COM PREPARO MANUAL. AF_03/2023","M2",108.63,0,97.16,0,104.12,0,89.45,0,null,"Alvenaria Estrutural - Blocos Cerâmicos",89299,"ALVENARIA ESTRUTURAL DE BLOCOS CERÂMICOS 14X19X39, (ESPESSURA DE 14 CM), UTILIZANDO COLHER DE PEDREIRO E ARGAMASSA DE ASSENTAMENTO COM PREPARO MANUAL. AF_03/2023","M2",108.54,0,96.93,0,99.99,0,86.31,0]
["Alvenaria Estrutural - Blocos Cerâmicos",89282,"ALVENARIA ESTRUTURAL DE BLOCOS CERÂMICOS 14X19X39, (ESPESSURA DE 14 CM), UTILIZANDO PALHETA E ARGAMASSA DE ASSENTAMENTO COM PREPARO EM BETONEIRA. AF_03/2023","M2",93.66,0,83.27,0,88.41,0,75.09,0,null,"Alvenaria Estrutural - Blocos Cerâmicos",89282,"ALVENARIA ESTRUTURAL DE BLOCOS CERÂMICOS 14X19X39, (ESPESSURA DE 14 CM), UTILIZANDO PALHETA E ARGAMASSA DE ASSENTAMENTO COM PREPARO EM BETONEIRA. AF_03/2023","M2",93.59,0,83.09,0,84.29,0,71.91,0]
["Alvenaria Estrutural - Blocos Cerâmicos",89283,"ALVENARIA ESTRUTURAL DE BLOCOS CERÂMICOS 14X19X39, (ESPESSURA DE 14 CM), UTILIZANDO PALHETA E ARGAMASSA DE ASSENTAMENTO COM PREPARO MANUAL. AF_03/2023","M2",95.44,0,84.85,0,90.12,0,76.400000000000006,0,null,"Alvenaria Estrutural - Blocos Cerâmicos",89283,"ALVENARIA ESTRUTURAL DE BLOCOS CERÂMICOS 14X19X39, (ESPESSURA DE 14 CM), UTILIZANDO PALHETA E ARGAMASSA DE ASSENTAMENTO COM PREPARO MANUAL. AF_03/2023","M2",95.37,0,84.67,0,85.99,0,73.260000000000005,0]
["Alvenaria Estrutural - Blocos de Concreto",89480,"ALVENARIA DE BLOCOS DE CONCRETO ESTRUTURAL 14X19X29 CM (ESPESSURA 14 CM), FBK = 14 MPA, UTILIZANDO COLHER DE PEDREIRO. AF_10/2022","M2",164.19,0,170.04,0,182.01,0,170.94,0,null,"Alvenaria Estrutural - Blocos de Concreto",89480,"ALVENARIA DE BLOCOS DE CONCRETO ESTRUTURAL 14X19X29 CM (ESPESSURA 14 CM), FBK = 14 MPA, UTILIZANDO COLHER DE PEDREIRO. AF_10/2022","M2",165.48,0,169.77,0,181.95,0,170.89,0]
["Alvenaria Estrutural - Blocos de Concreto",89464,"ALVENARIA DE BLOCOS DE CONCRETO ESTRUTURAL 14X19X29 CM (ESPESSURA 14 CM), FBK = 14,0 MPA, UTILIZANDO PALHETA. AF_10/2022","M2",142.47,0,149.52000000000001,0,158.77000000000001,0,149.15,0,null,"Alvenaria Estrutural - Blocos de Concreto",89464,"ALVENARIA DE BLOCOS DE CONCRETO ESTRUTURAL 14X19X29 CM (ESPESSURA 14 CM), FBK = 14,0 MPA, UTILIZANDO PALHETA. AF_10/2022","M2",143.80000000000001,0,149.35,0,158.72999999999999,0,149.12,0]
["Alvenaria Estrutural - Blocos de Concreto",89478,"ALVENARIA DE BLOCOS DE CONCRETO ESTRUTURAL 14X19X29 CM (ESPESSURA 14 CM), FBK = 4,5 MPA, UTILIZANDO COLHER DE PEDREIRO. AF_10/2022","M2",142.19,0,145.94999999999999,0,157.72999999999999,0,147.29,0,null,"Alvenaria Estrutural - Blocos de Concreto",89478,"ALVENARIA DE BLOCOS DE CONCRETO ESTRUTURAL 14X19X29 CM (ESPESSURA 14 CM), FBK = 4,5 MPA, UTILIZANDO COLHER DE PEDREIRO. AF_10/2022","M2",143.22999999999999,0,145.71,0,157.69,0,147.24,0]
["Alvenaria Estrutural - Blocos de Concreto",89462,"ALVENARIA DE BLOCOS DE CONCRETO ESTRUTURAL 14X19X29 CM (ESPESSURA 14 CM), FBK = 4,5 MPA, UTILIZANDO PALHETA. AF_10/2022","M2",121.46,0,126.48,0,135.37,0,126.58,0,null,"Alvenaria Estrutural - Blocos de Concreto",89462,"ALVENARIA DE BLOCOS DE CONCRETO ESTRUTURAL 14X19X29 CM (ESPESSURA 14 CM), FBK = 4,5 MPA, UTILIZANDO PALHETA. AF_10/2022","M2",122.52,0,126.31,0,135.35,0,126.54,0]
["Alvenaria Estrutural - Blocos de Concreto",104444,"ALVENARIA DE BLOCOS DE CONCRETO ESTRUTURAL 14X19X29 CM (ESPESSURA 14 CM), FBK = 8 MPA, UTILIZANDO COLHER DE PEDREIRO. AF_10/2022","M2",0,null,0,null,0,null,0,null,null,"Alvenaria Estrutural - Blocos de Concreto",104444,"ALVENARIA DE BLOCOS DE CONCRETO ESTRUTURAL 14X19X29 CM (ESPESSURA 14 CM), FBK = 8 MPA, UTILIZANDO COLHER DE PEDREIRO. AF_10/2022","M2",0,null,0,null,0,null,0]
["Alvenaria Estrutural - Blocos de Concreto",104442,"ALVENARIA DE BLOCOS DE CONCRETO ESTRUTURAL 14X19X29 CM (ESPESSURA 14 CM), FBK = 8 MPA, UTILIZANDO PALHETA. AF_10/2022","M2",0,null,0,null,0,null,0,null,null,"Alvenaria Estrutural - Blocos de Concreto",104442,"ALVENARIA DE BLOCOS DE CONCRETO ESTRUTURAL 14X19X29 CM (ESPESSURA 14 CM), FBK = 8 MPA, UTILIZANDO PALHETA. AF_10/2022","M2",0,null,0,null,0,null,0]
["Alvenaria Estrutural - Blocos de Concreto",89472,"ALVENARIA DE BLOCOS DE CONCRETO ESTRUTURAL 14X19X39 CM (ESPESSURA 14 CM), FBK = 14 MPA, UTILIZANDO COLHER DE PEDREIRO. AF_10/2022","M2",124.82,0,131.33000000000001,0,139.24,0,130.88,0,null,"Alvenaria Estrutural - Blocos de Concreto",89472,"ALVENARIA DE BLOCOS DE CONCRETO ESTRUTURAL 14X19X39 CM (ESPESSURA 14 CM), FBK = 14 MPA, UTILIZANDO COLHER DE PEDREIRO. AF_10/2022","M2",126,0,131.09,0,139.18,0,130.84,0]
["Alvenaria Estrutural - Blocos de Concreto",89455,"ALVENARIA DE BLOCOS DE CONCRETO ESTRUTURAL 14X19X39 CM (ESPESSURA 14 CM), FBK = 14 MPA, UTILIZANDO PALHETA. AF_10/2022","M2",111.15,0,118.25,0,124.54,0,117.09,0,null,"Alvenaria Estrutural - Blocos de Concreto",89455,"ALVENARIA DE BLOCOS DE CONCRETO ESTRUTURAL 14X19X39 CM (ESPESSURA 14 CM), FBK = 14 MPA, UTILIZANDO PALHETA. AF_10/2022","M2",112.37,0,118.09,0,124.5,0,117.06,0]
["Alvenaria Estrutural - Blocos de Concreto",89470,"ALVENARIA DE BLOCOS DE CONCRETO ESTRUTURAL 14X19X39 CM (ESPESSURA 14 CM), FBK = 4,5 MPA, UTILIZANDO COLHER DE PEDREIRO. AF_10/2022","M2",104.63,0,108.99,0,116.83,0,109.13,0,null,"Alvenaria Estrutural - Blocos de Concreto",89470,"ALVENARIA DE BLOCOS DE CONCRETO ESTRUTURAL 14X19X39 CM (ESPESSURA 14 CM), FBK = 4,5 MPA, UTILIZANDO COLHER DE PEDREIRO. AF_10/2022","M2",105.61,0,108.76,0,116.79,0,109.09,0]
["Alvenaria Estrutural - Blocos de Concreto",89453,"ALVENARIA DE BLOCOS DE CONCRETO ESTRUTURAL 14X19X39 CM (ESPESSURA 14 CM), FBK = 4,5 MPA, UTILIZANDO PALHETA. AF_10/2022","M2",91.95,0,96.94,0,103.05,0,96.41,0,null,"Alvenaria Estrutural - Blocos de Concreto",89453,"ALVENARIA DE BLOCOS DE CONCRETO ESTRUTURAL 14X19X39 CM (ESPESSURA 14 CM), FBK = 4,5 MPA, UTILIZANDO PALHETA. AF_10/2022","M2",92.95,0,96.79,0,103.03,0,96.38,0]
["Alvenaria Estrutural - Blocos de Concreto",104443,"ALVENARIA DE BLOCOS DE CONCRETO ESTRUTURAL 14X19X39 CM (ESPESSURA 14 CM), FBK = 8 MPA, UTILIZANDO COLHER DE PEDREIRO. AF_10/2022","M2",0,null,0,null,0,null,0,null,null,"Alvenaria Estrutural - Blocos de Concreto",104443,"ALVENARIA DE BLOCOS DE CONCRETO ESTRUTURAL 14X19X39 CM (ESPESSURA 14 CM), FBK = 8 MPA, UTILIZANDO COLHER DE PEDREIRO. AF_10/2022","M2",0,null,0,null,0,null,0]
["Alvenaria Estrutural - Blocos de Concreto",104441,"ALVENARIA DE BLOCOS DE CONCRETO ESTRUTURAL 14X19X39 CM (ESPESSURA 14 CM), FBK = 8 MPA, UTILIZANDO PALHETA. AF_10/2022","M2",0,null,0,null,0,null,0,null,null,"Alvenaria Estrutural - Blocos de Concreto",104441,"ALVENARIA DE BLOCOS DE CONCRETO ESTRUTURAL 14X19X39 CM (ESPESSURA 14 CM), FBK = 8 MPA, UTILIZANDO PALHETA. AF_10/2022","M2",0,null,0,null,0,null,0]
["Alvenaria de Vedação",103354,"ALVENARIA DE VEDAÇÃO DE BLOCOS CERÂMICOS FURADOS NA HORIZONTAL DE 11,5X14X24 CM (ESPESSURA 11,5 CM) E ARGAMASSA DE ASSENTAMENTO COM PREPARO EM BETONEIRA. AF_12/2021","M2",106.99,5.4000000000000003E-3,95.9,2.1299999999999999E-2,105.55,5.4999999999999997E-3,94.29,0,null,"Alvenaria de Vedação",103354,"ALVENARIA DE VEDAÇÃO DE BLOCOS CERÂMICOS FURADOS NA HORIZONTAL DE 11,5X14X24 CM (ESPESSURA 11,5 CM) E ARGAMASSA DE ASSENTAMENTO COM PREPARO EM BETONEIRA. AF_12/2021","M2",106.99,5.7999999999999996E-3,95.79,2.1700000000000001E-2,102.81,6.0000000000000001E-3,92.13,0]
["Alvenaria de Vedação",103355,"ALVENARIA DE VEDAÇÃO DE BLOCOS CERÂMICOS FURADOS NA HORIZONTAL DE 11,5X14X24 CM (ESPESSURA 11,5 CM) E ARGAMASSA DE ASSENTAMENTO COM PREPARO MANUAL. AF_12/2021","M2",108.48,5.3E-3,97.23,2.1000000000000001E-2,107.02,5.4000000000000003E-3,95.45,0,null,"Alvenaria de Vedação",103355,"ALVENARIA DE VEDAÇÃO DE BLOCOS CERÂMICOS FURADOS NA HORIZONTAL DE 11,5X14X24 CM (ESPESSURA 11,5 CM) E ARGAMASSA DE ASSENTAMENTO COM PREPARO MANUAL. AF_12/2021","M2",108.48,5.7000000000000002E-3,97.12,2.1399999999999999E-2,104.28,5.8999999999999999E-3,93.33,0]
["Alvenaria de Vedação",103330,"ALVENARIA DE VEDAÇÃO DE BLOCOS CERÂMICOS FURADOS NA HORIZONTAL DE 11,5X19X19 CM (ESPESSURA 11,5 CM) E ARGAMASSA DE ASSENTAMENTO COM PREPARO EM BETONEIRA. AF_12/2021","M2",100.64,4.1000000000000003E-3,89.81,1.6299999999999999E-2,98.26,4.1999999999999997E-3,87.22,0,null,"Alvenaria de Vedação",103330,"ALVENARIA DE VEDAÇÃO DE BLOCOS CERÂMICOS FURADOS NA HORIZONTAL DE 11,5X19X19 CM (ESPESSURA 11,5 CM) E ARGAMASSA DE ASSENTAMENTO COM PREPARO EM BETONEIRA. AF_12/2021","M2",100.63,4.4000000000000003E-3,89.7,1.66E-2,95.41,4.5999999999999999E-3,84.92,0]
["Alvenaria de Vedação",103331,"ALVENARIA DE VEDAÇÃO DE BLOCOS CERÂMICOS FURADOS NA HORIZONTAL DE 11,5X19X19 CM (ESPESSURA 11,5 CM) E ARGAMASSA DE ASSENTAMENTO COM PREPARO MANUAL. AF_12/2021","M2",102.05,4.0000000000000001E-3,91.07,1.6E-2,99.64,4.1000000000000003E-3,88.31,0,null,"Alvenaria de Vedação",103331,"ALVENARIA DE VEDAÇÃO DE BLOCOS CERÂMICOS FURADOS NA HORIZONTAL DE 11,5X19X19 CM (ESPESSURA 11,5 CM) E ARGAMASSA DE ASSENTAMENTO COM PREPARO MANUAL. AF_12/2021","M2",102.04,4.3E-3,90.96,1.6400000000000001E-2,96.79,4.4999999999999997E-3,86.04,0]
["Alvenaria de Vedação",103358,"ALVENARIA DE VEDAÇÃO DE BLOCOS CERÂMICOS FURADOS NA HORIZONTAL DE 11,5X19X29 CM (ESPESSURA 11,5 CM) E ARGAMASSA DE ASSENTAMENTO COM PREPARO EM BETONEIRA. AF_12/2021","M2",85.86,4.7999999999999996E-3,76.489999999999995,1.9099999999999999E-2,83.45,4.8999999999999998E-3,73.62,0,null,"Alvenaria de Vedação",103358,"ALVENARIA DE VEDAÇÃO DE BLOCOS CERÂMICOS FURADOS NA HORIZONTAL DE 11,5X19X29 CM (ESPESSURA 11,5 CM) E ARGAMASSA DE ASSENTAMENTO COM PREPARO EM BETONEIRA. AF_12/2021","M2",85.85,5.1000000000000004E-3,76.400000000000006,1.95E-2,80.790000000000006,5.4000000000000003E-3,71.52,0]
["Alvenaria de Vedação",103359,"ALVENARIA DE VEDAÇÃO DE BLOCOS CERÂMICOS FURADOS NA HORIZONTAL DE 11,5X19X29 CM (ESPESSURA 11,5 CM) E ARGAMASSA DE ASSENTAMENTO COM PREPARO MANUAL. AF_12/2021","M2",87.05,4.7000000000000002E-3,77.55,1.8800000000000001E-2,84.62,4.7999999999999996E-3,74.540000000000006,0,null,"Alvenaria de Vedação",103359,"ALVENARIA DE VEDAÇÃO DE BLOCOS CERÂMICOS FURADOS NA HORIZONTAL DE 11,5X19X29 CM (ESPESSURA 11,5 CM) E ARGAMASSA DE ASSENTAMENTO COM PREPARO MANUAL. AF_12/2021","M2",87.04,5.1000000000000004E-3,77.459999999999994,1.9199999999999998E-2,81.96,5.4000000000000003E-3,72.47,0]
["Alvenaria de Vedação",103366,"ALVENARIA DE VEDAÇÃO DE BLOCOS CERÂMICOS FURADOS NA HORIZONTAL DE 11,5X19X39 CM (ESPESSURA 11,5 CM) E ARGAMASSA DE ASSENTAMENTO COM PREPARO EM BETONEIRA. AF_12/2021","M2",76.64,5.3E-3,68.150000000000006,2.1399999999999999E-2,73.599999999999994,5.5999999999999999E-3,64.37,0,null,"Alvenaria de Vedação",103366,"ALVENARIA DE VEDAÇÃO DE BLOCOS CERÂMICOS FURADOS NA HORIZONTAL DE 11,5X19X39 CM (ESPESSURA 11,5 CM) E ARGAMASSA DE ASSENTAMENTO COM PREPARO EM BETONEIRA. AF_12/2021","M2",76.64,5.7000000000000002E-3,68.069999999999993,2.1899999999999999E-2,70.91,6.1999999999999998E-3,62.23,0]
["Alvenaria de Vedação",103367,"ALVENARIA DE VEDAÇÃO DE BLOCOS CERÂMICOS FURADOS NA HORIZONTAL DE 11,5X19X39 CM (ESPESSURA 11,5 CM) E ARGAMASSA DE ASSENTAMENTO COM PREPARO MANUAL. AF_12/2021","M2",77.709999999999994,5.3E-3,69.11,2.1100000000000001E-2,74.66,5.4999999999999997E-3,65.209999999999994,0,null,"Alvenaria de Vedação",103367,"ALVENARIA DE VEDAÇÃO DE BLOCOS CERÂMICOS FURADOS NA HORIZONTAL DE 11,5X19X39 CM (ESPESSURA 11,5 CM) E ARGAMASSA DE ASSENTAMENTO COM PREPARO MANUAL. AF_12/2021","M2",77.709999999999994,5.7000000000000002E-3,69.03,2.1600000000000001E-2,71.959999999999994,6.1000000000000004E-3,63.09,0]
["Alvenaria de Vedação",103360,"ALVENARIA DE VEDAÇÃO DE BLOCOS CERÂMICOS FURADOS NA HORIZONTAL DE 14X19X29 CM (ESPESSURA 14 CM) E ARGAMASSA DE ASSENTAMENTO COM PREPARO EM BETONEIRA. AF_12/2021","M2",99.99,4.1000000000000003E-3,89.23,1.9199999999999998E-2,97.39,4.1999999999999997E-3,86.02,0,null,"Alvenaria de Vedação",103360,"ALVENARIA DE VEDAÇÃO DE BLOCOS CERÂMICOS FURADOS NA HORIZONTAL DE 14X19X29 CM (ESPESSURA 14 CM) E ARGAMASSA DE ASSENTAMENTO COM PREPARO EM BETONEIRA. AF_12/2021","M2",99.97,4.4000000000000003E-3,89.1,1.95E-2,94.34,4.7000000000000002E-3,83.72,0]
["Alvenaria de Vedação",103361,"ALVENARIA DE VEDAÇÃO DE BLOCOS CERÂMICOS FURADOS NA HORIZONTAL DE 14X19X29 CM (ESPESSURA 14 CM) E ARGAMASSA DE ASSENTAMENTO COM PREPARO MANUAL. AF_12/2021","M2",101.49,4.0000000000000001E-3,90.58,1.89E-2,98.87,4.1000000000000003E-3,87.2,0,null,"Alvenaria de Vedação",103361,"ALVENARIA DE VEDAÇÃO DE BLOCOS CERÂMICOS FURADOS NA HORIZONTAL DE 14X19X29 CM (ESPESSURA 14 CM) E ARGAMASSA DE ASSENTAMENTO COM PREPARO MANUAL. AF_12/2021","M2",101.48,4.3E-3,90.46,1.9199999999999998E-2,95.82,4.5999999999999999E-3,84.93,0]
["Alvenaria de Vedação",103368,"ALVENARIA DE VEDAÇÃO DE BLOCOS CERÂMICOS FURADOS NA HORIZONTAL DE 14X19X39 CM (ESPESSURA 14 CM) E ARGAMASSA DE ASSENTAMENTO COM PREPARO EM BETONEIRA. AF_12/2021","M2",86.08,4.7999999999999996E-3,76.87,2.2200000000000001E-2,83.21,4.8999999999999998E-3,72.959999999999994,0,null,"Alvenaria de Vedação",103368,"ALVENARIA DE VEDAÇÃO DE BLOCOS CERÂMICOS FURADOS NA HORIZONTAL DE 14X19X39 CM (ESPESSURA 14 CM) E ARGAMASSA DE ASSENTAMENTO COM PREPARO EM BETONEIRA. AF_12/2021","M2",86.07,5.1000000000000004E-3,76.760000000000005,2.2700000000000001E-2,80.349999999999994,5.4999999999999997E-3,70.66,0]
["Alvenaria de Vedação",103369,"ALVENARIA DE VEDAÇÃO DE BLOCOS CERÂMICOS FURADOS NA HORIZONTAL DE 14X19X39 CM (ESPESSURA 14 CM) E ARGAMASSA DE ASSENTAMENTO COM PREPARO MANUAL. AF_12/2021","M2",87.44,4.7000000000000002E-3,78.09,2.1899999999999999E-2,84.55,4.7999999999999996E-3,74.03,0,null,"Alvenaria de Vedação",103369,"ALVENARIA DE VEDAÇÃO DE BLOCOS CERÂMICOS FURADOS NA HORIZONTAL DE 14X19X39 CM (ESPESSURA 14 CM) E ARGAMASSA DE ASSENTAMENTO COM PREPARO MANUAL. AF_12/2021","M2",87.43,5.0000000000000001E-3,77.98,2.23E-2,81.69,5.4000000000000003E-3,71.760000000000005,0]
["Alvenaria de Vedação",103334,"ALVENARIA DE VEDAÇÃO DE BLOCOS CERÂMICOS FURADOS NA HORIZONTAL DE 14X9X19 CM (ESPESSURA 14 CM, BLOCO DEITADO) E ARGAMASSA DE ASSENTAMENTO COM PREPARO EM BETONEIRA. AF_12/2021","M2",171.87,4.7000000000000002E-3,154.47,2.1299999999999999E-2,170.83,4.7000000000000002E-3,153.54,0,null,"Alvenaria de Vedação",103334,"ALVENARIA DE VEDAÇÃO DE BLOCOS CERÂMICOS FURADOS NA HORIZONTAL DE 14X9X19 CM (ESPESSURA 14 CM, BLOCO DEITADO) E ARGAMASSA DE ASSENTAMENTO COM PREPARO EM BETONEIRA. AF_12/2021","M2",171.86,5.0000000000000001E-3,154.26,2.1700000000000001E-2,166.81,5.1999999999999998E-3,150.09,0]
["Alvenaria de Vedação",103335,"ALVENARIA DE VEDAÇÃO DE BLOCOS CERÂMICOS FURADOS NA HORIZONTAL DE 14X9X19 CM (ESPESSURA 14 CM, BLOCO DEITADO) E ARGAMASSA DE ASSENTAMENTO COM PREPARO MANUAL. AF_12/2021","M2",174.5,4.5999999999999999E-3,156.82,2.1000000000000001E-2,173.41,4.5999999999999999E-3,155.59,0,null,"Alvenaria de Vedação",103335,"ALVENARIA DE VEDAÇÃO DE BLOCOS CERÂMICOS FURADOS NA HORIZONTAL DE 14X9X19 CM (ESPESSURA 14 CM, BLOCO DEITADO) E ARGAMASSA DE ASSENTAMENTO COM PREPARO MANUAL. AF_12/2021","M2",174.48,4.8999999999999998E-3,156.61000000000001,2.1399999999999999E-2,169.38,5.1000000000000004E-3,152.19,0]
["Alvenaria de Vedação",103362,"ALVENARIA DE VEDAÇÃO DE BLOCOS CERÂMICOS FURADOS NA HORIZONTAL DE 19X19X29 CM (ESPESSURA 19 CM) E ARGAMASSA DE ASSENTAMENTO COM PREPARO EM BETONEIRA. AF_12/2021","M2",122.8,3.3E-3,109.45,2.3199999999999998E-2,118.78,3.5000000000000001E-3,104.27,0,null,"Alvenaria de Vedação",103362,"ALVENARIA DE VEDAÇÃO DE BLOCOS CERÂMICOS FURADOS NA HORIZONTAL DE 19X19X29 CM (ESPESSURA 19 CM) E ARGAMASSA DE ASSENTAMENTO COM PREPARO EM BETONEIRA. AF_12/2021","M2",122.78,3.5999999999999999E-3,109.3,2.35E-2,114.76,3.8E-3,101.02,0]
["Alvenaria de Vedação",103363,"ALVENARIA DE VEDAÇÃO DE BLOCOS CERÂMICOS FURADOS NA HORIZONTAL DE 19X19X29 CM (ESPESSURA 19 CM) E ARGAMASSA DE ASSENTAMENTO COM PREPARO MANUAL. AF_12/2021","M2",124.49,3.3E-3,110.96,2.29E-2,120.44,3.3999999999999998E-3,105.59,0,null,"Alvenaria de Vedação",103363,"ALVENARIA DE VEDAÇÃO DE BLOCOS CERÂMICOS FURADOS NA HORIZONTAL DE 19X19X29 CM (ESPESSURA 19 CM) E ARGAMASSA DE ASSENTAMENTO COM PREPARO MANUAL. AF_12/2021","M2",124.48,3.5000000000000001E-3,110.82,2.3199999999999998E-2,116.43,3.8E-3,102.38,0]
["Alvenaria de Vedação",103370,"ALVENARIA DE VEDAÇÃO DE BLOCOS CERÂMICOS FURADOS NA HORIZONTAL DE 19X19X39 CM (ESPESSURA 19 CM) E ARGAMASSA DE ASSENTAMENTO COM PREPARO EM BETONEIRA. AF_12/2021","M2",110.61,3.7000000000000002E-3,98.45,2.58E-2,105.89,3.8999999999999998E-3,91.83,0,null,"Alvenaria de Vedação",103370,"ALVENARIA DE VEDAÇÃO DE BLOCOS CERÂMICOS FURADOS NA HORIZONTAL DE 19X19X39 CM (ESPESSURA 19 CM) E ARGAMASSA DE ASSENTAMENTO COM PREPARO EM BETONEIRA. AF_12/2021","M2",110.59,4.0000000000000001E-3,98.32,2.6100000000000002E-2,101.59,4.3E-3,88.69,0]
["Alvenaria de Vedação",103371,"ALVENARIA DE VEDAÇÃO DE BLOCOS CERÂMICOS FURADOS NA HORIZONTAL DE 19X19X39 CM (ESPESSURA 19 CM) E ARGAMASSA DE ASSENTAMENTO COM PREPARO MANUAL. AF_12/2021","M2",112.14,3.7000000000000002E-3,99.82,2.5399999999999999E-2,107.4,3.8E-3,93.03,0,null,"Alvenaria de Vedação",103371,"ALVENARIA DE VEDAÇÃO DE BLOCOS CERÂMICOS FURADOS NA HORIZONTAL DE 19X19X39 CM (ESPESSURA 19 CM) E ARGAMASSA DE ASSENTAMENTO COM PREPARO MANUAL. AF_12/2021","M2",112.13,3.8999999999999998E-3,99.7,2.58E-2,103.1,4.3E-3,89.92,0]
["Alvenaria de Vedação",103332,"ALVENARIA DE VEDAÇÃO DE BLOCOS CERÂMICOS FURADOS NA HORIZONTAL DE 9X14X19 CM (ESPESSURA 9 CM) E ARGAMASSA DE ASSENTAMENTO COM PREPARO EM BETONEIRA. AF_12/2021","M2",141.02000000000001,2E-3,126.48,1.11E-2,141.26,2E-3,127.86,0,null,"Alvenaria de Vedação",103332,"ALVENARIA DE VEDAÇÃO DE BLOCOS CERÂMICOS FURADOS NA HORIZONTAL DE 9X14X19 CM (ESPESSURA 9 CM) E ARGAMASSA DE ASSENTAMENTO COM PREPARO EM BETONEIRA. AF_12/2021","M2",140.99,2.0999999999999999E-3,126.34,1.1299999999999999E-2,138.58000000000001,2.2000000000000001E-3,125.57,0]
["Alvenaria de Vedação",103333,"ALVENARIA DE VEDAÇÃO DE BLOCOS CERÂMICOS FURADOS NA HORIZONTAL DE 9X14X19 CM (ESPESSURA 9 CM) E ARGAMASSA DE ASSENTAMENTO COM PREPARO MANUAL. AF_12/2021","M2",142.52000000000001,2E-3,127.83,1.0999999999999999E-2,142.74,2E-3,129.04,0,null,"Alvenaria de Vedação",103333,"ALVENARIA DE VEDAÇÃO DE BLOCOS CERÂMICOS FURADOS NA HORIZONTAL DE 9X14X19 CM (ESPESSURA 9 CM) E ARGAMASSA DE ASSENTAMENTO COM PREPARO MANUAL. AF_12/2021","M2",142.5,2.0999999999999999E-3,127.7,1.12E-2,140.06,2.0999999999999999E-3,126.78,0]
["Alvenaria de Vedação",103352,"ALVENARIA DE VEDAÇÃO DE BLOCOS CERÂMICOS FURADOS NA HORIZONTAL DE 9X14X24 CM (ESPESSURA 9 CM) E ARGAMASSA DE ASSENTAMENTO COM PREPARO EM BETONEIRA. AF_12/2021","M2",122.01,2.3E-3,109.35,1.29E-2,121.53,2.3E-3,109.47,0,null,"Alvenaria de Vedação",103352,"ALVENARIA DE VEDAÇÃO DE BLOCOS CERÂMICOS FURADOS NA HORIZONTAL DE 9X14X24 CM (ESPESSURA 9 CM) E ARGAMASSA DE ASSENTAMENTO COM PREPARO EM BETONEIRA. AF_12/2021","M2",121.99,2.5000000000000001E-3,109.22,1.3100000000000001E-2,119.08,2.5000000000000001E-3,107.33,0]
["Alvenaria de Vedação",103353,"ALVENARIA DE VEDAÇÃO DE BLOCOS CERÂMICOS FURADOS NA HORIZONTAL DE 9X14X24 CM (ESPESSURA 9 CM) E ARGAMASSA DE ASSENTAMENTO COM PREPARO MANUAL. AF_12/2021","M2",123.4,2.3E-3,110.59,1.2699999999999999E-2,122.9,2.3E-3,110.55,0,null,"Alvenaria de Vedação",103353,"ALVENARIA DE VEDAÇÃO DE BLOCOS CERÂMICOS FURADOS NA HORIZONTAL DE 9X14X24 CM (ESPESSURA 9 CM) E ARGAMASSA DE ASSENTAMENTO COM PREPARO MANUAL. AF_12/2021","M2",123.38,2.3999999999999998E-3,110.47,1.29E-2,120.45,2.5000000000000001E-3,108.44,0]
["Alvenaria de Vedação",103328,"ALVENARIA DE VEDAÇÃO DE BLOCOS CERÂMICOS FURADOS NA HORIZONTAL DE 9X19X19 CM (ESPESSURA 9 CM) E ARGAMASSA DE ASSENTAMENTO COM PREPARO EM BETONEIRA. AF_12/2021","M2",112.42,1.8E-3,100.62,1.01E-2,111.54,1.8E-3,100.07,0,null,"Alvenaria de Vedação",103328,"ALVENARIA DE VEDAÇÃO DE BLOCOS CERÂMICOS FURADOS NA HORIZONTAL DE 9X19X19 CM (ESPESSURA 9 CM) E ARGAMASSA DE ASSENTAMENTO COM PREPARO EM BETONEIRA. AF_12/2021","M2",112.4,2E-3,100.51,1.03E-2,108.98,2E-3,98.06,0]
["Alvenaria de Vedação",103329,"ALVENARIA DE VEDAÇÃO DE BLOCOS CERÂMICOS FURADOS NA HORIZONTAL DE 9X19X19 CM (ESPESSURA 9 CM) E ARGAMASSA DE ASSENTAMENTO COM PREPARO MANUAL. AF_12/2021","M2",113.72,1.8E-3,101.79,0.01,112.82,1.8E-3,101.09,0,null,"Alvenaria de Vedação",103329,"ALVENARIA DE VEDAÇÃO DE BLOCOS CERÂMICOS FURADOS NA HORIZONTAL DE 9X19X19 CM (ESPESSURA 9 CM) E ARGAMASSA DE ASSENTAMENTO COM PREPARO MANUAL. AF_12/2021","M2",113.71,1.9E-3,101.68,1.0200000000000001E-2,110.26,2E-3,99.11,0]
["Alvenaria de Vedação",103356,"ALVENARIA DE VEDAÇÃO DE BLOCOS CERÂMICOS FURADOS NA HORIZONTAL DE 9X19X29 CM (ESPESSURA 9 CM) E ARGAMASSA DE ASSENTAMENTO COM PREPARO EM BETONEIRA. AF_12/2021","M2",76.400000000000006,2.5999999999999999E-3,68.040000000000006,1.4999999999999999E-2,73.760000000000005,2.7000000000000001E-3,64.239999999999995,0,null,"Alvenaria de Vedação",103356,"ALVENARIA DE VEDAÇÃO DE BLOCOS CERÂMICOS FURADOS NA HORIZONTAL DE 9X19X29 CM (ESPESSURA 9 CM) E ARGAMASSA DE ASSENTAMENTO COM PREPARO EM BETONEIRA. AF_12/2021","M2",76.39,2.8999999999999998E-3,67.95,1.5299999999999999E-2,71.11,3.0999999999999999E-3,62.14,0]
["Alvenaria de Vedação",103357,"ALVENARIA DE VEDAÇÃO DE BLOCOS CERÂMICOS FURADOS NA HORIZONTAL DE 9X19X29 CM (ESPESSURA 9 CM) E ARGAMASSA DE ASSENTAMENTO COM PREPARO MANUAL. AF_12/2021","M2",77.5,2.5999999999999999E-3,69.03,1.4800000000000001E-2,74.849999999999994,2.7000000000000001E-3,65.099999999999994,0,null,"Alvenaria de Vedação",103357,"ALVENARIA DE VEDAÇÃO DE BLOCOS CERÂMICOS FURADOS NA HORIZONTAL DE 9X19X29 CM (ESPESSURA 9 CM) E ARGAMASSA DE ASSENTAMENTO COM PREPARO MANUAL. AF_12/2021","M2",77.489999999999995,2.8E-3,68.94,1.5100000000000001E-2,72.19,3.0000000000000001E-3,63.03,0]
["Alvenaria de Vedação",103364,"ALVENARIA DE VEDAÇÃO DE BLOCOS CERÂMICOS FURADOS NA HORIZONTAL DE 9X19X39 CM (ESPESSURA 9 CM) E ARGAMASSA DE ASSENTAMENTO COM PREPARO EM BETONEIRA. AF_12/2021","M2",64.260000000000005,6.4000000000000003E-3,57.28,2.1499999999999998E-2,61.74,6.6E-3,53.78,0,null,"Alvenaria de Vedação",103364,"ALVENARIA DE VEDAÇÃO DE BLOCOS CERÂMICOS FURADOS NA HORIZONTAL DE 9X19X39 CM (ESPESSURA 9 CM) E ARGAMASSA DE ASSENTAMENTO COM PREPARO EM BETONEIRA. AF_12/2021","M2",64.260000000000005,6.7999999999999996E-3,57.21,2.1999999999999999E-2,59.32,7.4000000000000003E-3,51.92,0]
["Alvenaria de Vedação",103365,"ALVENARIA DE VEDAÇÃO DE BLOCOS CERÂMICOS FURADOS NA HORIZONTAL DE 9X19X39 CM (ESPESSURA 9 CM) E ARGAMASSA DE ASSENTAMENTO COM PREPARO MANUAL. AF_12/2021","M2",65.040000000000006,3.0999999999999999E-3,57.96,1.7600000000000001E-2,62.5,3.2000000000000002E-3,54.12,0,null,"Alvenaria de Vedação",103365,"ALVENARIA DE VEDAÇÃO DE BLOCOS CERÂMICOS FURADOS NA HORIZONTAL DE 9X19X39 CM (ESPESSURA 9 CM) E ARGAMASSA DE ASSENTAMENTO COM PREPARO MANUAL. AF_12/2021","M2",65.03,3.3999999999999998E-3,57.88,1.7999999999999999E-2,60.07,3.7000000000000002E-3,52.28,0]
["Alvenaria de Vedação",103350,"ALVENARIA DE VEDAÇÃO DE BLOCOS CERÂMICOS FURADOS NA HORIZONTAL DE 9X9X19 CM (ESPESSURA 9 CM) E ARGAMASSA DE ASSENTAMENTO COM PREPARO EM BETONEIRA. AF_12/2021","M2",208.9,1.9E-3,186.5,1.06E-2,206.84,1.9E-3,185.31,0,null,"Alvenaria de Vedação",103350,"ALVENARIA DE VEDAÇÃO DE BLOCOS CERÂMICOS FURADOS NA HORIZONTAL DE 9X9X19 CM (ESPESSURA 9 CM) E ARGAMASSA DE ASSENTAMENTO COM PREPARO EM BETONEIRA. AF_12/2021","M2",208.88,2.0999999999999999E-3,186.34,1.0699999999999999E-2,201.7,2.0999999999999999E-3,181.88,0]
["Alvenaria de Vedação",103351,"ALVENARIA DE VEDAÇÃO DE BLOCOS CERÂMICOS FURADOS NA HORIZONTAL DE 9X9X19 CM (ESPESSURA 9 CM) E ARGAMASSA DE ASSENTAMENTO COM PREPARO MANUAL. AF_12/2021","M2",210.82,1.9E-3,188.22,1.0500000000000001E-2,208.73,1.9E-3,186.81,0,null,"Alvenaria de Vedação",103351,"ALVENARIA DE VEDAÇÃO DE BLOCOS CERÂMICOS FURADOS NA HORIZONTAL DE 9X9X19 CM (ESPESSURA 9 CM) E ARGAMASSA DE ASSENTAMENTO COM PREPARO MANUAL. AF_12/2021","M2",210.8,2E-3,188.06,1.06E-2,203.59,2.0999999999999999E-3,183.42,0]
["Alvenaria de Vedação",103344,"ALVENARIA DE VEDAÇÃO DE BLOCOS CERÂMICOS FURADOS NA VERTICAL DE 11,5X19X29 CM (ESPESSURA 11,5 CM) E ARGAMASSA DE ASSENTAMENTO COM PREPARO EM BETONEIRA. AF_12/2021","M2",103.99,3.8999999999999998E-3,92.82,1.5699999999999999E-2,100.04,4.1000000000000003E-3,86.91,0,null,"Alvenaria de Vedação",103344,"ALVENARIA DE VEDAÇÃO DE BLOCOS CERÂMICOS FURADOS NA VERTICAL DE 11,5X19X29 CM (ESPESSURA 11,5 CM) E ARGAMASSA DE ASSENTAMENTO COM PREPARO EM BETONEIRA. AF_12/2021","M2",103.97,4.1999999999999997E-3,92.67,1.61E-2,96.21,4.5999999999999999E-3,83.97,0]
["Alvenaria de Vedação",103345,"ALVENARIA DE VEDAÇÃO DE BLOCOS CERÂMICOS FURADOS NA VERTICAL DE 11,5X19X29 CM (ESPESSURA 11,5 CM) E ARGAMASSA DE ASSENTAMENTO COM PREPARO MANUAL. AF_12/2021","M2",105.74,3.8999999999999998E-3,94.39,1.55E-2,101.76,4.0000000000000001E-3,88.28,0,null,"Alvenaria de Vedação",103345,"ALVENARIA DE VEDAÇÃO DE BLOCOS CERÂMICOS FURADOS NA VERTICAL DE 11,5X19X29 CM (ESPESSURA 11,5 CM) E ARGAMASSA DE ASSENTAMENTO COM PREPARO MANUAL. AF_12/2021","M2",105.72,4.1999999999999997E-3,94.24,1.5800000000000002E-2,97.92,4.4999999999999997E-3,85.38,0]
["Alvenaria de Vedação",103348,"ALVENARIA DE VEDAÇÃO DE BLOCOS CERÂMICOS FURADOS NA VERTICAL DE 11,5X19X39 CM (ESPESSURA 11,5 CM) E ARGAMASSA DE ASSENTAMENTO COM PREPARO EM BETONEIRA. AF_12/2021","M2",88.65,4.5999999999999999E-3,78.88,1.8499999999999999E-2,84.72,4.7999999999999996E-3,73.3,0,null,"Alvenaria de Vedação",103348,"ALVENARIA DE VEDAÇÃO DE BLOCOS CERÂMICOS FURADOS NA VERTICAL DE 11,5X19X39 CM (ESPESSURA 11,5 CM) E ARGAMASSA DE ASSENTAMENTO COM PREPARO EM BETONEIRA. AF_12/2021","M2",88.63,5.0000000000000001E-3,78.75,1.89E-2,81.290000000000006,5.4000000000000003E-3,70.680000000000007,0]
["Alvenaria de Vedação",103349,"ALVENARIA DE VEDAÇÃO DE BLOCOS CERÂMICOS FURADOS NA VERTICAL DE 11,5X19X39 CM (ESPESSURA 11,5 CM) E ARGAMASSA DE ASSENTAMENTO COM PREPARO MANUAL. AF_12/2021","M2",90.24,4.4999999999999997E-3,80.31,1.8200000000000001E-2,86.28,4.7999999999999996E-3,74.540000000000006,0,null,"Alvenaria de Vedação",103349,"ALVENARIA DE VEDAÇÃO DE BLOCOS CERÂMICOS FURADOS NA VERTICAL DE 11,5X19X39 CM (ESPESSURA 11,5 CM) E ARGAMASSA DE ASSENTAMENTO COM PREPARO MANUAL. AF_12/2021","M2",90.22,4.8999999999999998E-3,80.180000000000007,1.8599999999999998E-2,82.86,5.3E-3,71.95,0]
["Alvenaria de Vedação",103346,"ALVENARIA DE VEDAÇÃO DE BLOCOS CERÂMICOS FURADOS NA VERTICAL DE 14X19X29 CM (ESPESSURA 14 CM) E ARGAMASSA DE ASSENTAMENTO COM PREPARO EM BETONEIRA. AF_12/2021","M2",114.48,3.5999999999999999E-3,102.25,1.67E-2,110.57,3.7000000000000002E-3,96.6,0,null,"Alvenaria de Vedação",103346,"ALVENARIA DE VEDAÇÃO DE BLOCOS CERÂMICOS FURADOS NA VERTICAL DE 14X19X29 CM (ESPESSURA 14 CM) E ARGAMASSA DE ASSENTAMENTO COM PREPARO EM BETONEIRA. AF_12/2021","M2",114.46,3.8E-3,102.09,1.7000000000000001E-2,106.54,4.1000000000000003E-3,93.48,0]
["Alvenaria de Vedação",103347,"ALVENARIA DE VEDAÇÃO DE BLOCOS CERÂMICOS FURADOS NA VERTICAL DE 14X19X29 CM (ESPESSURA 14 CM) E ARGAMASSA DE ASSENTAMENTO COM PREPARO MANUAL. AF_12/2021","M2",116.34,3.5000000000000001E-3,103.91,1.6500000000000001E-2,112.4,3.5999999999999999E-3,98.05,0,null,"Alvenaria de Vedação",103347,"ALVENARIA DE VEDAÇÃO DE BLOCOS CERÂMICOS FURADOS NA VERTICAL DE 14X19X29 CM (ESPESSURA 14 CM) E ARGAMASSA DE ASSENTAMENTO COM PREPARO MANUAL. AF_12/2021","M2",116.32,3.8E-3,103.76,1.6799999999999999E-2,108.37,4.1000000000000003E-3,94.97,0]
["Alvenaria de Vedação",103324,"ALVENARIA DE VEDAÇÃO DE BLOCOS CERÂMICOS FURADOS NA VERTICAL DE 14X19X39 CM (ESPESSURA 14 CM) E ARGAMASSA DE ASSENTAMENTO COM PREPARO EM BETONEIRA. AF_12/2021","M2",100.12,4.1000000000000003E-3,89.2,1.9199999999999998E-2,95.83,4.3E-3,82.98,0,null,"Alvenaria de Vedação",103324,"ALVENARIA DE VEDAÇÃO DE BLOCOS CERÂMICOS FURADOS NA VERTICAL DE 14X19X39 CM (ESPESSURA 14 CM) E ARGAMASSA DE ASSENTAMENTO COM PREPARO EM BETONEIRA. AF_12/2021","M2",100.1,4.4000000000000003E-3,89.05,1.95E-2,91.98,4.7999999999999996E-3,79.94,0]
["Alvenaria de Vedação",103325,"ALVENARIA DE VEDAÇÃO DE BLOCOS CERÂMICOS FURADOS NA VERTICAL DE 14X19X39 CM (ESPESSURA 14 CM) E ARGAMASSA DE ASSENTAMENTO COM PREPARO MANUAL. AF_12/2021","M2",101.81,4.0000000000000001E-3,90.71,1.89E-2,97.49,4.1999999999999997E-3,84.3,0,null,"Alvenaria de Vedação",103325,"ALVENARIA DE VEDAÇÃO DE BLOCOS CERÂMICOS FURADOS NA VERTICAL DE 14X19X39 CM (ESPESSURA 14 CM) E ARGAMASSA DE ASSENTAMENTO COM PREPARO MANUAL. AF_12/2021","M2",101.8,4.3E-3,90.57,1.9199999999999998E-2,93.65,4.7000000000000002E-3,81.3,0]
["Alvenaria de Vedação",103326,"ALVENARIA DE VEDAÇÃO DE BLOCOS CERÂMICOS FURADOS NA VERTICAL DE 19X19X39 CM (ESPESSURA 19 CM) E ARGAMASSA DE ASSENTAMENTO COM PREPARO EM BETONEIRA. AF_12/2021","M2",117.98,3.5000000000000001E-3,105.05,2.4199999999999999E-2,112.82,3.5999999999999999E-3,97.59,0,null,"Alvenaria de Vedação",103326,"ALVENARIA DE VEDAÇÃO DE BLOCOS CERÂMICOS FURADOS NA VERTICAL DE 19X19X39 CM (ESPESSURA 19 CM) E ARGAMASSA DE ASSENTAMENTO COM PREPARO EM BETONEIRA. AF_12/2021","M2",117.95,3.7000000000000002E-3,104.88,2.4500000000000001E-2,108.14,4.1000000000000003E-3,94.01,0]
["Alvenaria de Vedação",103327,"ALVENARIA DE VEDAÇÃO DE BLOCOS CERÂMICOS FURADOS NA VERTICAL DE 19X19X39 CM (ESPESSURA 19 CM) E ARGAMASSA DE ASSENTAMENTO COM PREPARO MANUAL. AF_12/2021","M2",119.96,3.3999999999999998E-3,106.82,2.3800000000000002E-2,114.76,3.5999999999999999E-3,99.14,0,null,"Alvenaria de Vedação",103327,"ALVENARIA DE VEDAÇÃO DE BLOCOS CERÂMICOS FURADOS NA VERTICAL DE 19X19X39 CM (ESPESSURA 19 CM) E ARGAMASSA DE ASSENTAMENTO COM PREPARO MANUAL. AF_12/2021","M2",119.93,3.7000000000000002E-3,106.65,2.41E-2,110.08,4.0000000000000001E-3,95.6,0]
["Alvenaria de Vedação",103322,"ALVENARIA DE VEDAÇÃO DE BLOCOS CERÂMICOS FURADOS NA VERTICAL DE 9X19X39 CM (ESPESSURA 9 CM) E ARGAMASSA DE ASSENTAMENTO COM PREPARO EM BETONEIRA. AF_12/2021","M2",75.650000000000006,2.5999999999999999E-3,67.36,1.5100000000000001E-2,72.180000000000007,2.8E-3,62.08,0,null,"Alvenaria de Vedação",103322,"ALVENARIA DE VEDAÇÃO DE BLOCOS CERÂMICOS FURADOS NA VERTICAL DE 9X19X39 CM (ESPESSURA 9 CM) E ARGAMASSA DE ASSENTAMENTO COM PREPARO EM BETONEIRA. AF_12/2021","M2",75.63,2.8999999999999998E-3,67.23,1.55E-2,69.17,3.2000000000000002E-3,59.59,0]
["Alvenaria de Vedação",103323,"ALVENARIA DE VEDAÇÃO DE BLOCOS CERÂMICOS FURADOS NA VERTICAL DE 9X19X39 CM (ESPESSURA 9 CM) E ARGAMASSA DE ASSENTAMENTO COM PREPARO MANUAL. AF_12/2021","M2",77.14,2.5999999999999999E-3,68.69,1.4800000000000001E-2,73.650000000000006,2.7000000000000001E-3,63.24,0,null,"Alvenaria de Vedação",103323,"ALVENARIA DE VEDAÇÃO DE BLOCOS CERÂMICOS FURADOS NA VERTICAL DE 9X19X39 CM (ESPESSURA 9 CM) E ARGAMASSA DE ASSENTAMENTO COM PREPARO MANUAL. AF_12/2021","M2",77.12,2.8999999999999998E-3,68.56,1.52E-2,70.64,3.0999999999999999E-3,60.79,0]
["Alvenaria de Vedação",103338,"ALVENARIA DE VEDAÇÃO DE BLOCOS VAZADOS DE CONCRETO APARENTE DE 14X19X39 CM (ESPESSURA 14 CM) E ARGAMASSA DE ASSENTAMENTO COM PREPARO EM BETONEIRA. AF_12/2021","M2",120.34,3.3999999999999998E-3,121.16,1.41E-2,131.61000000000001,3.0999999999999999E-3,124.26,0,null,"Alvenaria de Vedação",103338,"ALVENARIA DE VEDAÇÃO DE BLOCOS VAZADOS DE CONCRETO APARENTE DE 14X19X39 CM (ESPESSURA 14 CM) E ARGAMASSA DE ASSENTAMENTO COM PREPARO EM BETONEIRA. AF_12/2021","M2",121.15,3.5999999999999999E-3,121.04,1.44E-2,131.58000000000001,3.3E-3,124.23,0]
["Alvenaria de Vedação",103339,"ALVENARIA DE VEDAÇÃO DE BLOCOS VAZADOS DE CONCRETO APARENTE DE 14X19X39 CM (ESPESSURA 14 CM) E ARGAMASSA DE ASSENTAMENTO COM PREPARO MANUAL. AF_12/2021","M2",121.8,3.3999999999999998E-3,122.47,1.4E-2,133.05000000000001,3.0999999999999999E-3,125.4,0,null,"Alvenaria de Vedação",103339,"ALVENARIA DE VEDAÇÃO DE BLOCOS VAZADOS DE CONCRETO APARENTE DE 14X19X39 CM (ESPESSURA 14 CM) E ARGAMASSA DE ASSENTAMENTO COM PREPARO MANUAL. AF_12/2021","M2",122.61,3.5999999999999999E-3,122.35,1.4200000000000001E-2,133.02000000000001,3.3E-3,125.4,0]
["Alvenaria de Vedação",103340,"ALVENARIA DE VEDAÇÃO DE BLOCOS VAZADOS DE CONCRETO APARENTE DE 19X19X39 CM (ESPESSURA 19 CM) E ARGAMASSA DE ASSENTAMENTO COM PREPARO EM BETONEIRA. AF_12/2021","M2",145.22,2.8E-3,147.13999999999999,1.7299999999999999E-2,159.31,2.5999999999999999E-3,150.24,0,null,"Alvenaria de Vedação",103340,"ALVENARIA DE VEDAÇÃO DE BLOCOS VAZADOS DE CONCRETO APARENTE DE 19X19X39 CM (ESPESSURA 19 CM) E ARGAMASSA DE ASSENTAMENTO COM PREPARO EM BETONEIRA. AF_12/2021","M2",146.29,3.0000000000000001E-3,146.97999999999999,1.7500000000000002E-2,159.25,2.8E-3,150.19999999999999,0]
["Alvenaria de Vedação",103341,"ALVENARIA DE VEDAÇÃO DE BLOCOS VAZADOS DE CONCRETO APARENTE DE 19X19X39 CM (ESPESSURA 19 CM) E ARGAMASSA DE ASSENTAMENTO COM PREPARO MANUAL. AF_12/2021","M2",147.05000000000001,2.8E-3,148.78,1.7100000000000001E-2,161.11000000000001,2.5000000000000001E-3,151.66999999999999,0,null,"Alvenaria de Vedação",103341,"ALVENARIA DE VEDAÇÃO DE BLOCOS VAZADOS DE CONCRETO APARENTE DE 19X19X39 CM (ESPESSURA 19 CM) E ARGAMASSA DE ASSENTAMENTO COM PREPARO MANUAL. AF_12/2021","M2",148.12,3.0000000000000001E-3,148.63,1.7299999999999999E-2,161.05000000000001,2.7000000000000001E-3,151.66999999999999,0]
["Alvenaria de Vedação",103336,"ALVENARIA DE VEDAÇÃO DE BLOCOS VAZADOS DE CONCRETO APARENTE DE 9X19X39 CM (ESPESSURA 9 CM) E ARGAMASSA DE ASSENTAMENTO COM PREPARO EM BETONEIRA. AF_12/2021","M2",91.52,2.2000000000000001E-3,92.59,1.0999999999999999E-2,100.34,2E-3,94.45,0,null,"Alvenaria de Vedação",103336,"ALVENARIA DE VEDAÇÃO DE BLOCOS VAZADOS DE CONCRETO APARENTE DE 9X19X39 CM (ESPESSURA 9 CM) E ARGAMASSA DE ASSENTAMENTO COM PREPARO EM BETONEIRA. AF_12/2021","M2",92.18,2.3999999999999998E-3,92.49,1.12E-2,100.32,2.2000000000000001E-3,94.42,0]
["Alvenaria de Vedação",103337,"ALVENARIA DE VEDAÇÃO DE BLOCOS VAZADOS DE CONCRETO APARENTE DE 9X19X39 CM (ESPESSURA 9 CM) E ARGAMASSA DE ASSENTAMENTO COM PREPARO MANUAL. AF_12/2021","M2",92.76,2.2000000000000001E-3,93.71,1.09E-2,101.57,2E-3,95.42,0,null,"Alvenaria de Vedação",103337,"ALVENARIA DE VEDAÇÃO DE BLOCOS VAZADOS DE CONCRETO APARENTE DE 9X19X39 CM (ESPESSURA 9 CM) E ARGAMASSA DE ASSENTAMENTO COM PREPARO MANUAL. AF_12/2021","M2",93.43,2.3999999999999998E-3,93.61,1.11E-2,101.55,2.2000000000000001E-3,95.42,0]
["Alvenaria de Vedação",103342,"ALVENARIA DE VEDAÇÃO DE BLOCOS VAZADOS DE CONCRETO DE 14X19X29 CM (ESPESSURA 14 CM) E ARGAMASSA DE ASSENTAMENTO COM PREPARO EM BETONEIRA. AF_12/2021","M2",122.8,3.3E-3,125.56,1.3599999999999999E-2,135.22,3.0000000000000001E-3,127.55,0,null,"Alvenaria de Vedação",103342,"ALVENARIA DE VEDAÇÃO DE BLOCOS VAZADOS DE CONCRETO DE 14X19X29 CM (ESPESSURA 14 CM) E ARGAMASSA DE ASSENTAMENTO COM PREPARO EM BETONEIRA. AF_12/2021","M2",123.88,3.5999999999999999E-3,125.43,1.3899999999999999E-2,135.18,3.3E-3,127.51,0]
["Alvenaria de Vedação",103343,"ALVENARIA DE VEDAÇÃO DE BLOCOS VAZADOS DE CONCRETO DE 14X19X29 CM (ESPESSURA 14 CM) E ARGAMASSA DE ASSENTAMENTO COM PREPARO MANUAL. AF_12/2021","M2",124.42,3.3E-3,127.01,1.35E-2,136.81,3.0000000000000001E-3,128.81,0,null,"Alvenaria de Vedação",103343,"ALVENARIA DE VEDAÇÃO DE BLOCOS VAZADOS DE CONCRETO DE 14X19X29 CM (ESPESSURA 14 CM) E ARGAMASSA DE ASSENTAMENTO COM PREPARO MANUAL. AF_12/2021","M2",125.5,3.5000000000000001E-3,126.88,1.37E-2,136.78,3.2000000000000002E-3,128.81,0]
["Alvenaria de Vedação",103318,"ALVENARIA DE VEDAÇÃO DE BLOCOS VAZADOS DE CONCRETO DE 14X19X39 CM (ESPESSURA 14 CM) E ARGAMASSA DE ASSENTAMENTO COM PREPARO EM BETONEIRA. AF_12/2021","M2",105.3,3.8999999999999998E-3,107.29,1.5900000000000001E-2,115.76,3.5000000000000001E-3,109.33,0,null,"Alvenaria de Vedação",103318,"ALVENARIA DE VEDAÇÃO DE BLOCOS VAZADOS DE CONCRETO DE 14X19X39 CM (ESPESSURA 14 CM) E ARGAMASSA DE ASSENTAMENTO COM PREPARO EM BETONEIRA. AF_12/2021","M2",106.11,4.1000000000000003E-3,107.17,1.6199999999999999E-2,115.73,3.8E-3,109.3,0]
["Alvenaria de Vedação",103319,"ALVENARIA DE VEDAÇÃO DE BLOCOS VAZADOS DE CONCRETO DE 14X19X39 CM (ESPESSURA 14 CM) E ARGAMASSA DE ASSENTAMENTO COM PREPARO MANUAL. AF_12/2021","M2",106.76,3.8E-3,108.6,1.5699999999999999E-2,117.2,3.5000000000000001E-3,110.47,0,null,"Alvenaria de Vedação",103319,"ALVENARIA DE VEDAÇÃO DE BLOCOS VAZADOS DE CONCRETO DE 14X19X39 CM (ESPESSURA 14 CM) E ARGAMASSA DE ASSENTAMENTO COM PREPARO MANUAL. AF_12/2021","M2",107.57,4.1000000000000003E-3,108.48,1.6E-2,117.17,3.8E-3,110.47,0]
["Alvenaria de Vedação",103320,"ALVENARIA DE VEDAÇÃO DE BLOCOS VAZADOS DE CONCRETO DE 19X19X39 CM (ESPESSURA 19 CM) E ARGAMASSA DE ASSENTAMENTO COM PREPARO EM BETONEIRA. AF_12/2021","M2",126.25,3.2000000000000002E-3,129.13,1.9699999999999999E-2,139.05000000000001,2.8999999999999998E-3,131.29,0,null,"Alvenaria de Vedação",103320,"ALVENARIA DE VEDAÇÃO DE BLOCOS VAZADOS DE CONCRETO DE 19X19X39 CM (ESPESSURA 19 CM) E ARGAMASSA DE ASSENTAMENTO COM PREPARO EM BETONEIRA. AF_12/2021","M2",127.32,3.5000000000000001E-3,128.97,1.9900000000000001E-2,138.99,3.2000000000000002E-3,131.25,0]
["Alvenaria de Vedação",103321,"ALVENARIA DE VEDAÇÃO DE BLOCOS VAZADOS DE CONCRETO DE 19X19X39 CM (ESPESSURA 19 CM) E ARGAMASSA DE ASSENTAMENTO COM PREPARO MANUAL. AF_12/2021","M2",128.08000000000001,3.2000000000000002E-3,130.77000000000001,1.9400000000000001E-2,140.85,2.8999999999999998E-3,132.72,0,null,"Alvenaria de Vedação",103321,"ALVENARIA DE VEDAÇÃO DE BLOCOS VAZADOS DE CONCRETO DE 19X19X39 CM (ESPESSURA 19 CM) E ARGAMASSA DE ASSENTAMENTO COM PREPARO MANUAL. AF_12/2021","M2",129.15,3.3999999999999998E-3,130.62,1.9699999999999999E-2,140.79,3.0999999999999999E-3,132.72,0]
["Alvenaria de Vedação",103316,"ALVENARIA DE VEDAÇÃO DE BLOCOS VAZADOS DE CONCRETO DE 9X19X39 CM (ESPESSURA 9 CM) E ARGAMASSA DE ASSENTAMENTO COM PREPARO EM BETONEIRA. AF_12/2021","M2",81.17,2.5000000000000001E-3,83.07,1.23E-2,89.46,2.2000000000000001E-3,84.28,0,null,"Alvenaria de Vedação",103316,"ALVENARIA DE VEDAÇÃO DE BLOCOS VAZADOS DE CONCRETO DE 9X19X39 CM (ESPESSURA 9 CM) E ARGAMASSA DE ASSENTAMENTO COM PREPARO EM BETONEIRA. AF_12/2021","M2",81.83,2.7000000000000001E-3,82.97,1.2500000000000001E-2,89.44,2.5000000000000001E-3,84.25,0]
["Alvenaria de Vedação",103317,"ALVENARIA DE VEDAÇÃO DE BLOCOS VAZADOS DE CONCRETO DE 9X19X39 CM (ESPESSURA 9 CM) E ARGAMASSA DE ASSENTAMENTO COM PREPARO MANUAL. AF_12/2021","M2",82.41,2.3999999999999998E-3,84.19,1.21E-2,90.69,2.2000000000000001E-3,85.25,0,null,"Alvenaria de Vedação",103317,"ALVENARIA DE VEDAÇÃO DE BLOCOS VAZADOS DE CONCRETO DE 9X19X39 CM (ESPESSURA 9 CM) E ARGAMASSA DE ASSENTAMENTO COM PREPARO MANUAL. AF_12/2021","M2",83.08,2.5999999999999999E-3,84.09,1.24E-2,90.67,2.3999999999999998E-3,85.25,0]
["Alvenarias Diversas",101166,"ALVENARIA DE EMBASAMENTO COM BLOCO ESTRUTURAL DE CERÂMICA, DE 14X19X29CM E ARGAMASSA DE ASSENTAMENTO COM PREPARO EM BETONEIRA. AF_05/2020","M3",826.47,0,740.27,0,804.44,0,700.12,0,null,"Alvenarias Diversas",101166,"ALVENARIA DE EMBASAMENTO COM BLOCO ESTRUTURAL DE CERÂMICA, DE 14X19X29CM E ARGAMASSA DE ASSENTAMENTO COM PREPARO EM BETONEIRA. AF_05/2020","M3",825.96,0,738.37,0,777.25,0,677.73,0]
["Alvenarias Diversas",101165,"ALVENARIA DE EMBASAMENTO COM BLOCO ESTRUTURAL DE CONCRETO, DE 14X19X29CM E ARGAMASSA DE ASSENTAMENTO COM PREPARO EM BETONEIRA. AF_05/2020","M3",1051.53,0,1070.6300000000001,0,1157.67,0,1084.97,0,null,"Alvenarias Diversas",101165,"ALVENARIA DE EMBASAMENTO COM BLOCO ESTRUTURAL DE CONCRETO, DE 14X19X29CM E ARGAMASSA DE ASSENTAMENTO COM PREPARO EM BETONEIRA. AF_05/2020","M3",1059.58,0,1068.73,0,1157.3800000000001,0,1084.5899999999999,0]
["Alvenarias Diversas",101163,"ALVENARIA DE VEDAÇÃO COM BLOCO DE VIDRO VAZADO, TIPO VENEZIANA, DE 6X20X20CM E ARGAMASSA DE ASSENTAMENTO COM PREPARO EM BETONEIRA. AF_05/2020","M2",695.65,0.72389999999999999,677.75,0.74299999999999999,704.6,0.7147,643.6,0,null,"Alvenarias Diversas",101163,"ALVENARIA DE VEDAÇÃO COM BLOCO DE VIDRO VAZADO, TIPO VENEZIANA, DE 6X20X20CM E ARGAMASSA DE ASSENTAMENTO COM PREPARO EM BETONEIRA. AF_05/2020","M2",702.59,0.72629999999999995,684.28,0.74570000000000003,711.1,0.71760000000000002,643.67999999999995,0]
["Alvenarias Diversas",101164,"ALVENARIA DE VEDAÇÃO COM BLOCO DE VIDRO, TIPO CANELADO, DE 8X19X19CM E ARGAMASSA DE ASSENTAMENTO COM PREPARO EM BETONEIRA. AF_05/2020","M2",706.36,0.72160000000000002,688.75,0.74009999999999998,716.08,0.71179999999999999,653.77,0,null,"Alvenarias Diversas",101164,"ALVENARIA DE VEDAÇÃO COM BLOCO DE VIDRO, TIPO CANELADO, DE 8X19X19CM E ARGAMASSA DE ASSENTAMENTO COM PREPARO EM BETONEIRA. AF_05/2020","M2",713.27,0.72399999999999998,695.17,0.7429,722.56,0.7147,653.83000000000004,0]
["Alvenarias Diversas",101162,"ALVENARIA DE VEDAÇÃO COM ELEMENTO VAZADO DE CERÂMICA (COBOGÓ) DE 7X20X20CM E ARGAMASSA DE ASSENTAMENTO COM PREPARO EM BETONEIRA. AF_05/2020","M2",191.14,0,171.51,0,185.42,0,164.01,0,null,"Alvenarias Diversas",101162,"ALVENARIA DE VEDAÇÃO COM ELEMENTO VAZADO DE CERÂMICA (COBOGÓ) DE 7X20X20CM E ARGAMASSA DE ASSENTAMENTO COM PREPARO EM BETONEIRA. AF_05/2020","M2",190.91,0,171.18,0,179.48,0,159.31,0]
["Alvenarias Diversas",101161,"ALVENARIA DE VEDAÇÃO COM ELEMENTO VAZADO DE CONCRETO (COBOGÓ) DE 7X50X50CM E ARGAMASSA DE ASSENTAMENTO COM PREPARO EM BETONEIRA. AF_05/2020","M2",240.9,0,248.89,0,265.52,0,250.41,0,null,"Alvenarias Diversas",101161,"ALVENARIA DE VEDAÇÃO COM ELEMENTO VAZADO DE CONCRETO (COBOGÓ) DE 7X50X50CM E ARGAMASSA DE ASSENTAMENTO COM PREPARO EM BETONEIRA. AF_05/2020","M2",243.14,0,248.75,0,265.47000000000003,0,250.4,0]
["Alvenarias Diversas",101160,"ALVENARIA DE VEDAÇÃO DE BLOCO DE SOLO-CIMENTO (TIJOLO ECOLÓGICO) DE 7X15X30CM (ESPESSURA 15CM). AF_05/2020","M2",0,null,0,null,0,null,0,null,null,"Alvenarias Diversas",101160,"ALVENARIA DE VEDAÇÃO DE BLOCO DE SOLO-CIMENTO (TIJOLO ECOLÓGICO) DE 7X15X30CM (ESPESSURA 15CM). AF_05/2020","M2",0,null,0,null,0,null,0]
["Alvenarias Diversas",101159,"ALVENARIA DE VEDAÇÃO DE BLOCOS CERÂMICOS MACIÇOS DE 5X10X20CM (ESPESSURA 10CM) E ARGAMASSA DE ASSENTAMENTO COM PREPARO EM BETONEIRA. AF_05/2020","M2",165.45,0,149.31,0,163.21,0,144.15,0,null,"Alvenarias Diversas",101159,"ALVENARIA DE VEDAÇÃO DE BLOCOS CERÂMICOS MACIÇOS DE 5X10X20CM (ESPESSURA 10CM) E ARGAMASSA DE ASSENTAMENTO COM PREPARO EM BETONEIRA. AF_05/2020","M2",165.34,0,148.9,0,158.74,0,140.38999999999999,0]
["Alvenarias Diversas",101154,"ALVENARIA DE VEDAÇÃO DE BLOCOS DE CONCRETO CELULAR DE 10X30X60CM (ESPESSURA 10CM) E ARGAMASSA DE ASSENTAMENTO COM PREPARO EM BETONEIRA. AF_05/2020","M2",134.19,0.65620000000000001,131.32,0.6774,137.44999999999999,0.64070000000000005,133.97,0,null,"Alvenarias Diversas",101154,"ALVENARIA DE VEDAÇÃO DE BLOCOS DE CONCRETO CELULAR DE 10X30X60CM (ESPESSURA 10CM) E ARGAMASSA DE ASSENTAMENTO COM PREPARO EM BETONEIRA. AF_05/2020","M2",134.13,0.65649999999999997,131.08000000000001,0.67869999999999997,137.38,0.64100000000000001,133.80000000000001,0]
["Alvenarias Diversas",101155,"ALVENARIA DE VEDAÇÃO DE BLOCOS DE CONCRETO CELULAR DE 15X30X60CM (ESPESSURA 15CM) E ARGAMASSA DE ASSENTAMENTO COM PREPARO EM BETONEIRA. AF_05/2020","M2",187.82,0.68869999999999998,183.73,0.71179999999999999,191.58,0.67520000000000002,187.34,0,null,"Alvenarias Diversas",101155,"ALVENARIA DE VEDAÇÃO DE BLOCOS DE CONCRETO CELULAR DE 15X30X60CM (ESPESSURA 15CM) E ARGAMASSA DE ASSENTAMENTO COM PREPARO EM BETONEIRA. AF_05/2020","M2",187.76,0.68889999999999996,183.49,0.7127,191.49,0.67549999999999999,187.13,0]
["Alvenarias Diversas",101156,"ALVENARIA DE VEDAÇÃO DE BLOCOS DE CONCRETO CELULAR DE 20X30X60CM (ESPESSURA 20CM) E ARGAMASSA DE ASSENTAMENTO COM PREPARO EM BETONEIRA. AF_05/2020","M2",275.29000000000002,0.7198,268.99,0.74529999999999996,279.39,0.70920000000000005,274.26,0,null,"Alvenarias Diversas",101156,"ALVENARIA DE VEDAÇÃO DE BLOCOS DE CONCRETO CELULAR DE 20X30X60CM (ESPESSURA 20CM) E ARGAMASSA DE ASSENTAMENTO COM PREPARO EM BETONEIRA. AF_05/2020","M2",275.23,0.71989999999999998,268.75,0.746,279.27999999999997,0.70950000000000002,273.95999999999998,0]
["Alvenarias Diversas",101158,"ALVENARIA DE VEDAÇÃO DE BLOCOS DE GESSO DE 10X50X66CM (ESPESSURA 10CM). AF_05/2020","M2",84.78,0,83.67,0,82.28,0,85.81,0,null,"Alvenarias Diversas",101158,"ALVENARIA DE VEDAÇÃO DE BLOCOS DE GESSO DE 10X50X66CM (ESPESSURA 10CM). AF_05/2020","M2",84.78,0,83.67,0,81.28,0,85.81,0]
["Alvenarias Diversas",101157,"ALVENARIA DE VEDAÇÃO DE BLOCOS DE GESSO DE 7X50X66CM (ESPESSURA 7CM). AF_05/2020","M2",65.13,0,64.010000000000005,0,63.42,0,65.81,0,null,"Alvenarias Diversas",101157,"ALVENARIA DE VEDAÇÃO DE BLOCOS DE GESSO DE 7X50X66CM (ESPESSURA 7CM). AF_05/2020","M2",65.13,0,64.010000000000005,0,62.68,0,65.81,0]
["Argamassas",87382,"ARGAMASSA INDUSTRIALIZADA MULTIUSO PARA REVESTIMENTOS E ASSENTAMENTO DA ALVENARIA, PREPARO COM MISTURADOR DE EIXO HORIZONTAL DE 160 KG. AF_08/2019","M3",1699.35,0,1595.23,0,1434.33,0,1494.69,0,null,"Argamassas",87382,"ARGAMASSA INDUSTRIALIZADA MULTIUSO PARA REVESTIMENTOS E ASSENTAMENTO DA ALVENARIA, PREPARO COM MISTURADOR DE EIXO HORIZONTAL DE 160 KG. AF_08/2019","M3",1699.42,0,1705.62,0,1378.7,0,1528.56,0]
["Argamassas",87383,"ARGAMASSA INDUSTRIALIZADA MULTIUSO PARA REVESTIMENTOS E ASSENTAMENTO DA ALVENARIA, PREPARO COM MISTURADOR DE EIXO HORIZONTAL DE 300 KG. AF_08/2019","M3",1695.67,0,1589.27,0,1421.02,0,1481.36,0,null,"Argamassas",87383,"ARGAMASSA INDUSTRIALIZADA MULTIUSO PARA REVESTIMENTOS E ASSENTAMENTO DA ALVENARIA, PREPARO COM MISTURADOR DE EIXO HORIZONTAL DE 300 KG. AF_08/2019","M3",1695.69,0,1700.75,0,1364.89,0,1516.15,0]
["Argamassas",87384,"ARGAMASSA INDUSTRIALIZADA MULTIUSO PARA REVESTIMENTOS E ASSENTAMENTO DA ALVENARIA, PREPARO COM MISTURADOR DE EIXO HORIZONTAL DE 600 KG. AF_08/2019","M3",1689.22,0,1579.92,0,1404.83,0,1462.97,0,null,"Argamassas",87384,"ARGAMASSA INDUSTRIALIZADA MULTIUSO PARA REVESTIMENTOS E ASSENTAMENTO DA ALVENARIA, PREPARO COM MISTURADOR DE EIXO HORIZONTAL DE 600 KG. AF_08/2019","M3",1689.22,0,1692.21,0,1348.4,0,1498.91,0]
["Argamassas",87398,"ARGAMASSA INDUSTRIALIZADA MULTIUSO PARA REVESTIMENTOS E ASSENTAMENTO DA ALVENARIA, PREPARO MANUAL. AF_08/2019","M3",1926.56,0,1803.09,0,1655.89,0,1683.63,0,null,"Argamassas",87398,"ARGAMASSA INDUSTRIALIZADA MULTIUSO PARA REVESTIMENTOS E ASSENTAMENTO DA ALVENARIA, PREPARO MANUAL. AF_08/2019","M3",1926.56,0,1916.49,0,1599.19,0,1721.43,0]
["Argamassas",87395,"ARGAMASSA INDUSTRIALIZADA PARA CHAPISCO COLANTE, PREPARO COM MISTURADOR DE EIXO HORIZONTAL DE 160 KG. AF_08/2019","M3",3315.64,0,3128.31,0,2747.85,0,2891.45,0,null,"Argamassas",87395,"ARGAMASSA INDUSTRIALIZADA PARA CHAPISCO COLANTE, PREPARO COM MISTURADOR DE EIXO HORIZONTAL DE 160 KG. AF_08/2019","M3",3315.73,0,3323.82,0,2669.08,0,2965.83,0]
["Argamassas",87396,"ARGAMASSA INDUSTRIALIZADA PARA CHAPISCO COLANTE, PREPARO COM MISTURADOR DE EIXO HORIZONTAL DE 300 KG. AF_08/2019","M3",3335.84,0,3144.61,0,2752.26,0,2897.11,0,null,"Argamassas",87396,"ARGAMASSA INDUSTRIALIZADA PARA CHAPISCO COLANTE, PREPARO COM MISTURADOR DE EIXO HORIZONTAL DE 300 KG. AF_08/2019","M3",3335.87,0,3342.7,0,2672.49,0,2973.18,0]
["Argamassas",87397,"ARGAMASSA INDUSTRIALIZADA PARA CHAPISCO COLANTE, PREPARO COM MISTURADOR DE EIXO HORIZONTAL DE 600 KG. AF_08/2019","M3",3358.8,0,3162.23,0,2758.16,0,2901.1,0,null,"Argamassas",87397,"ARGAMASSA INDUSTRIALIZADA PARA CHAPISCO COLANTE, PREPARO COM MISTURADOR DE EIXO HORIZONTAL DE 600 KG. AF_08/2019","M3",3358.8,0,3362.85,0,2677.51,0,2979.26,0]
["Argamassas",87402,"ARGAMASSA INDUSTRIALIZADA PARA CHAPISCO COLANTE, PREPARO MANUAL. AF_08/2019","M3",3605.63,0,3393.51,0,3026.95,0,3130.3,0,null,"Argamassas",87402,"ARGAMASSA INDUSTRIALIZADA PARA CHAPISCO COLANTE, PREPARO MANUAL. AF_08/2019","M3",3605.63,0,3593.01,0,2947.15,0,3210.1,0]
["Argamassas",87391,"ARGAMASSA INDUSTRIALIZADA PARA CHAPISCO ROLADO, PREPARO COM MISTURADOR DE EIXO HORIZONTAL DE 160 KG. AF_08/2019","M3",5270.61,0,4946.43,0,4331.37,0,4533.63,0,null,"Argamassas",87391,"ARGAMASSA INDUSTRIALIZADA PARA CHAPISCO ROLADO, PREPARO COM MISTURADOR DE EIXO HORIZONTAL DE 160 KG. AF_08/2019","M3",5270.7,0,5278.79,0,4213.5,0,4666.66,0]
["Argamassas",87393,"ARGAMASSA INDUSTRIALIZADA PARA CHAPISCO ROLADO, PREPARO COM MISTURADOR DE EIXO HORIZONTAL DE 300 KG. AF_08/2019","M3",5317.07,0,4987.1499999999996,0,4357.05,0,4561.3500000000004,0,null,"Argamassas",87393,"ARGAMASSA INDUSTRIALIZADA PARA CHAPISCO ROLADO, PREPARO COM MISTURADOR DE EIXO HORIZONTAL DE 300 KG. AF_08/2019","M3",5317.1,0,5323.93,0,4237.66,0,4696.8500000000004,0]
["Argamassas",87394,"ARGAMASSA INDUSTRIALIZADA PARA CHAPISCO ROLADO, PREPARO COM MISTURADOR DE EIXO HORIZONTAL DE 600 KG. AF_08/2019","M3",5365.11,0,5028.1000000000004,0,4383.28,0,4586.3999999999996,0,null,"Argamassas",87394,"ARGAMASSA INDUSTRIALIZADA PARA CHAPISCO ROLADO, PREPARO COM MISTURADOR DE EIXO HORIZONTAL DE 600 KG. AF_08/2019","M3",5365.11,0,5369.16,0,4262.5,0,4724.75,0]
["Argamassas",87401,"ARGAMASSA INDUSTRIALIZADA PARA CHAPISCO ROLADO, PREPARO MANUAL. AF_08/2019","M3",5600.63,0,5248.86,0,4642.8999999999996,0,4806.1000000000004,0,null,"Argamassas",87401,"ARGAMASSA INDUSTRIALIZADA PARA CHAPISCO ROLADO, PREPARO MANUAL. AF_08/2019","M3",5600.63,0,5588.01,0,4523.2,0,4945.75,0]
["Argamassas",87407,"ARGAMASSA INDUSTRIALIZADA PARA REVESTIMENTOS, MISTURA E PROJEÇÃO DE 1,5 M³/H DE ARGAMASSA. AF_08/2019","M3",1734.27,0,1633.9,0,1469.58,0,1532.28,0,null,"Argamassas",87407,"ARGAMASSA INDUSTRIALIZADA PARA REVESTIMENTOS, MISTURA E PROJEÇÃO DE 1,5 M³/H DE ARGAMASSA. AF_08/2019","M3",1734.56,0,1744.99,0,1411.03,0,1566.71,0]
["Argamassas",87408,"ARGAMASSA INDUSTRIALIZADA PARA REVESTIMENTOS, MISTURA E PROJEÇÃO DE 2 M³/H DE ARGAMASSA. AF_08/2019","M3",1722.19,0,1619.93,0,1448.77,0,1510.8,0,null,"Argamassas",87408,"ARGAMASSA INDUSTRIALIZADA PARA REVESTIMENTOS, MISTURA E PROJEÇÃO DE 2 M³/H DE ARGAMASSA. AF_08/2019","M3",1722.48,0,1731.73,0,1389.9,0,1546.14,0]
["Argamassas",87404,"ARGAMASSA PARA REVESTIMENTO DECORATIVO MONOCAMADA (MONOCAPA), MISTURA E PROJEÇÃO DE 1,5 M3/H DE ARGAMASSA. AF_08/2019","M3",4925.82,0,4639.1099999999997,0,4083.65,0,4271.63,0,null,"Argamassas",87404,"ARGAMASSA PARA REVESTIMENTO DECORATIVO MONOCAMADA (MONOCAPA), MISTURA E PROJEÇÃO DE 1,5 M3/H DE ARGAMASSA. AF_08/2019","M3",4926.2299999999996,0,4941.21,0,3955.02,0,4374.43,0]
["Argamassas",87405,"ARGAMASSA PARA REVESTIMENTO DECORATIVO MONOCAMADA (MONOCAPA), MISTURA E PROJEÇÃO DE 2 M3/H DE ARGAMASSA. AF_08/2019","M3",4936.58,0,4645.3599999999997,0,4076.07,0,4264.2299999999996,0,null,"Argamassas",87405,"ARGAMASSA PARA REVESTIMENTO DECORATIVO MONOCAMADA (MONOCAPA), MISTURA E PROJEÇÃO DE 2 M3/H DE ARGAMASSA. AF_08/2019","M3",4936.99,0,4950.26,0,3946.37,0,4369.0200000000004,0]
["Argamassas",87388,"ARGAMASSA PARA REVESTIMENTO DECORATIVO MONOCAMADA (MONOCAPA), PREPARO COM MISTURADOR DE EIXO HORIZONTAL DE 160 KG. AF_08/2019","M3",4738.51,0,4449.46,0,3899.3,0,4078.25,0,null,"Argamassas",87388,"ARGAMASSA PARA REVESTIMENTO DECORATIVO MONOCAMADA (MONOCAPA), PREPARO COM MISTURADOR DE EIXO HORIZONTAL DE 160 KG. AF_08/2019","M3",4738.58,0,4744.83,0,3777.23,0,4179.55,0]
["Argamassas",87389,"ARGAMASSA PARA REVESTIMENTO DECORATIVO MONOCAMADA (MONOCAPA), PREPARO COM MISTURADOR DE EIXO HORIZONTAL DE 300 KG. AF_08/2019","M3",4756.42,0,4463.6099999999997,0,3902.85,0,4082.6,0,null,"Argamassas",87389,"ARGAMASSA PARA REVESTIMENTO DECORATIVO MONOCAMADA (MONOCAPA), PREPARO COM MISTURADOR DE EIXO HORIZONTAL DE 300 KG. AF_08/2019","M3",4756.4399999999996,0,4761.46,0,3779.82,0,4185.37,0]
["Argamassas",87390,"ARGAMASSA PARA REVESTIMENTO DECORATIVO MONOCAMADA (MONOCAPA), PREPARO COM MISTURADOR DE EIXO HORIZONTAL DE 600 KG. AF_08/2019","M3",4781.3500000000004,0,4483.8,0,3912.45,0,4091.23,0,null,"Argamassas",87390,"ARGAMASSA PARA REVESTIMENTO DECORATIVO MONOCAMADA (MONOCAPA), PREPARO COM MISTURADOR DE EIXO HORIZONTAL DE 600 KG. AF_08/2019","M3",4781.3500000000004,0,4784.34,0,3788.41,0,4195.82,0]
["Argamassas",87385,"ARGAMASSA PRONTA PARA CONTRAPISO, PREPARO COM MISTURADOR DE EIXO HORIZONTAL DE 160 KG. AF_08/2019","M3",1988.09,0,1860.38,0,1662.55,0,1736.32,0,null,"Argamassas",87385,"ARGAMASSA PRONTA PARA CONTRAPISO, PREPARO COM MISTURADOR DE EIXO HORIZONTAL DE 160 KG. AF_08/2019","M3",1988.17,0,1995.58,0,1616.97,0,1777.88,0]
["Argamassas",87386,"ARGAMASSA PRONTA PARA CONTRAPISO, PREPARO COM MISTURADOR DE EIXO HORIZONTAL DE 300 KG. AF_08/2019","M3",1979.76,0,1849.05,0,1641.65,0,1715.18,0,null,"Argamassas",87386,"ARGAMASSA PRONTA PARA CONTRAPISO, PREPARO COM MISTURADOR DE EIXO HORIZONTAL DE 300 KG. AF_08/2019","M3",1979.78,0,1985.59,0,1595.69,0,1757.99,0]
["Argamassas",87387,"ARGAMASSA PRONTA PARA CONTRAPISO, PREPARO COM MISTURADOR DE EIXO HORIZONTAL DE 600 KG. AF_08/2019","M3",1975.71,0,1841.51,0,1626.23,0,1697.31,0,null,"Argamassas",87387,"ARGAMASSA PRONTA PARA CONTRAPISO, PREPARO COM MISTURADOR DE EIXO HORIZONTAL DE 600 KG. AF_08/2019","M3",1975.72,0,1979.16,0,1580.01,0,1741.46,0]
["Argamassas",87399,"ARGAMASSA PRONTA PARA CONTRAPISO, PREPARO MANUAL. AF_08/2019","M3",2220.64,0,2071.21,0,1885.13,0,1923.31,0,null,"Argamassas",87399,"ARGAMASSA PRONTA PARA CONTRAPISO, PREPARO MANUAL. AF_08/2019","M3",2220.64,0,2209.81,0,1838.93,0,1969.51,0]
["Argamassas",88627,"ARGAMASSA TRAÇO 1:0,5:4,5 (EM VOLUME DE CIMENTO, CAL E AREIA MÉDIA ÚMIDA) PARA ASSENTAMENTO DE ALVENARIA, PREPARO MANUAL. AF_08/2019","M3",714.25,0,759.54,0,793.86,0,734.64,0,null,"Argamassas",88627,"ARGAMASSA TRAÇO 1:0,5:4,5 (EM VOLUME DE CIMENTO, CAL E AREIA MÉDIA ÚMIDA) PARA ASSENTAMENTO DE ALVENARIA, PREPARO MANUAL. AF_08/2019","M3",707.46,0,745.58,0,790.47,0,734.64,0]
["Argamassas",100463,"ARGAMASSA TRAÇO 1:0,5:4,5 (EM VOLUME DE CIMENTO, CAL E AREIA MÉDIA ÚMIDA), PREPARO MECÂNICO COM BETONEIRA 250 L. AF_08/2019","M3",0,null,0,null,0,null,0,null,null,"Argamassas",100463,"ARGAMASSA TRAÇO 1:0,5:4,5 (EM VOLUME DE CIMENTO, CAL E AREIA MÉDIA ÚMIDA), PREPARO MECÂNICO COM BETONEIRA 250 L. AF_08/2019","M3",0,null,0,null,0,null,0]
["Argamassas",88626,"ARGAMASSA TRAÇO 1:0,5:4,5 (EM VOLUME DE CIMENTO, CAL E AREIA MÉDIA ÚMIDA), PREPARO MECÂNICO COM BETONEIRA 400 L. AF_08/2019","M3",600.17999999999995,0,657.23,0,682.88,0,647.80999999999995,0,null,"Argamassas",88626,"ARGAMASSA TRAÇO 1:0,5:4,5 (EM VOLUME DE CIMENTO, CAL E AREIA MÉDIA ÚMIDA), PREPARO MECÂNICO COM BETONEIRA 400 L. AF_08/2019","M3",593.39,0,643.28,0,679.31,0,645.30999999999995,0]
["Argamassas",100488,"ARGAMASSA TRAÇO 1:0,5:4,5 (EM VOLUME DE CIMENTO, CAL E AREIA MÉDIA ÚMIDA), PREPARO MECÂNICO COM BETONEIRA 600 L. AF_08/2019","M3",594.66,0,650.28,0,671.13,0,633.11,0,null,"Argamassas",100488,"ARGAMASSA TRAÇO 1:0,5:4,5 (EM VOLUME DE CIMENTO, CAL E AREIA MÉDIA ÚMIDA), PREPARO MECÂNICO COM BETONEIRA 600 L. AF_08/2019","M3",587.87,0,636.21,0,667.32,0,631.45000000000005,0]
["Argamassas",100464,"ARGAMASSA TRAÇO 1:0,5:4,5 (EM VOLUME DE CIMENTO, CAL E AREIA MÉDIA ÚMIDA), PREPARO MECÂNICO COM MISTURADOR DE EIXO HORIZONTAL DE 160 KG. AF_08/2019","M3",621.85,0,680.31,0,712.78,0,680.96,0,null,"Argamassas",100464,"ARGAMASSA TRAÇO 1:0,5:4,5 (EM VOLUME DE CIMENTO, CAL E AREIA MÉDIA ÚMIDA), PREPARO MECÂNICO COM MISTURADOR DE EIXO HORIZONTAL DE 160 KG. AF_08/2019","M3",615.32000000000005,0,666.71,0,708.95,0,677.46,0]
["Argamassas",100465,"ARGAMASSA TRAÇO 1:0,5:4,5 (EM VOLUME DE CIMENTO, CAL E AREIA MÉDIA ÚMIDA), PREPARO MECÂNICO COM MISTURADOR DE EIXO HORIZONTAL DE 300 KG. AF_08/2019","M3",586.97,0,643.38,0,666.21,0,632.44000000000005,0,null,"Argamassas",100465,"ARGAMASSA TRAÇO 1:0,5:4,5 (EM VOLUME DE CIMENTO, CAL E AREIA MÉDIA ÚMIDA), PREPARO MECÂNICO COM MISTURADOR DE EIXO HORIZONTAL DE 300 KG. AF_08/2019","M3",580.33000000000004,0,629.66,0,662.5,0,630.07000000000005,0]
["Argamassas",100466,"ARGAMASSA TRAÇO 1:0,5:4,5 (EM VOLUME DE CIMENTO, CAL E AREIA MÉDIA ÚMIDA), PREPARO MECÂNICO COM MISTURADOR DE EIXO HORIZONTAL DE 600 KG. AF_08/2019","M3",571.19000000000005,0,625.38,0,642.75,0,605.72,0,null,"Argamassas",100466,"ARGAMASSA TRAÇO 1:0,5:4,5 (EM VOLUME DE CIMENTO, CAL E AREIA MÉDIA ÚMIDA), PREPARO MECÂNICO COM MISTURADOR DE EIXO HORIZONTAL DE 600 KG. AF_08/2019","M3",564.5,0,611.62,0,639.13,0,604.30999999999995,0]
["Argamassas",87368,"ARGAMASSA TRAÇO 1:1,5:7,5 (EM VOLUME DE CIMENTO, CAL E AREIA MÉDIA ÚMIDA) PARA EMBOÇO/MASSA ÚNICA/ASSENTAMENTO DE ALVENARIA DE VEDAÇÃO, PREPARO MANUAL. AF_08/2019","M3",767.52,0,791.99,0,871.46,0,773.55,0,null,"Argamassas",87368,"ARGAMASSA TRAÇO 1:1,5:7,5 (EM VOLUME DE CIMENTO, CAL E AREIA MÉDIA ÚMIDA) PARA EMBOÇO/MASSA ÚNICA/ASSENTAMENTO DE ALVENARIA DE VEDAÇÃO, PREPARO MANUAL. AF_08/2019","M3",763.36,0,778.82,0,869.38,0,773.55,0]
["Argamassas",100450,"ARGAMASSA TRAÇO 1:1,5:7,5 (EM VOLUME DE CIMENTO, CAL E AREIA MÉDIA ÚMIDA) PARA EMBOÇO/MASSA ÚNICA/ASSENTAMENTO DE ALVENARIA DE VEDAÇÃO, PREPARO MECÂNICO COM BETONEIRA 250 L. AF_08/2019","M3",0,null,0,null,0,null,0,null,null,"Argamassas",100450,"ARGAMASSA TRAÇO 1:1,5:7,5 (EM VOLUME DE CIMENTO, CAL E AREIA MÉDIA ÚMIDA) PARA EMBOÇO/MASSA ÚNICA/ASSENTAMENTO DE ALVENARIA DE VEDAÇÃO, PREPARO MECÂNICO COM BETONEIRA 250 L. AF_08/2019","M3",0,null,0,null,0,null,0]
["Argamassas",87289,"ARGAMASSA TRAÇO 1:1,5:7,5 (EM VOLUME DE CIMENTO, CAL E AREIA MÉDIA ÚMIDA) PARA EMBOÇO/MASSA ÚNICA/ASSENTAMENTO DE ALVENARIA DE VEDAÇÃO, PREPARO MECÂNICO COM BETONEIRA 400 L. AF_08/2019","M3",626.52,0,666.6,0,734.89,0,666.73,0,null,"Argamassas",87289,"ARGAMASSA TRAÇO 1:1,5:7,5 (EM VOLUME DE CIMENTO, CAL E AREIA MÉDIA ÚMIDA) PARA EMBOÇO/MASSA ÚNICA/ASSENTAMENTO DE ALVENARIA DE VEDAÇÃO, PREPARO MECÂNICO COM BETONEIRA 400 L. AF_08/2019","M3",622.28,0,653.21,0,732.54,0,663.58,0]
["Argamassas",87290,"ARGAMASSA TRAÇO 1:1,5:7,5 (EM VOLUME DE CIMENTO, CAL E AREIA MÉDIA ÚMIDA) PARA EMBOÇO/MASSA ÚNICA/ASSENTAMENTO DE ALVENARIA DE VEDAÇÃO, PREPARO MECÂNICO COM BETONEIRA 600 L. AF_08/2019","M3",619.52,0,658.66,0,720.85,0,650.41999999999996,0,null,"Argamassas",87290,"ARGAMASSA TRAÇO 1:1,5:7,5 (EM VOLUME DE CIMENTO, CAL E AREIA MÉDIA ÚMIDA) PARA EMBOÇO/MASSA ÚNICA/ASSENTAMENTO DE ALVENARIA DE VEDAÇÃO, PREPARO MECÂNICO COM BETONEIRA 600 L. AF_08/2019","M3",615.29,0,645.11,0,718.19,0,648.14,0]
["Argamassas",87333,"ARGAMASSA TRAÇO 1:1,5:7,5 (EM VOLUME DE CIMENTO, CAL E AREIA MÉDIA ÚMIDA) PARA EMBOÇO/MASSA ÚNICA/ASSENTAMENTO DE ALVENARIA DE VEDAÇÃO, PREPARO MECÂNICO COM MISTURADOR DE EIXO HORIZONTAL DE 300 KG. AF_08/2019","M3",627.59,0,668.68,0,736.47,0,672.74,0,null,"Argamassas",87333,"ARGAMASSA TRAÇO 1:1,5:7,5 (EM VOLUME DE CIMENTO, CAL E AREIA MÉDIA ÚMIDA) PARA EMBOÇO/MASSA ÚNICA/ASSENTAMENTO DE ALVENARIA DE VEDAÇÃO, PREPARO MECÂNICO COM MISTURADOR DE EIXO HORIZONTAL DE 300 KG. AF_08/2019","M3",623.51,0,655.65,0,733.84,0,669.13,0]
["Argamassas",87334,"ARGAMASSA TRAÇO 1:1,5:7,5 (EM VOLUME DE CIMENTO, CAL E AREIA MÉDIA ÚMIDA) PARA EMBOÇO/MASSA ÚNICA/ASSENTAMENTO DE ALVENARIA DE VEDAÇÃO, PREPARO MECÂNICO COM MISTURADOR DE EIXO HORIZONTAL DE 600 KG. AF_08/2019","M3",594.88,0,632.58000000000004,0,690.85,0,622.65,0,null,"Argamassas",87334,"ARGAMASSA TRAÇO 1:1,5:7,5 (EM VOLUME DE CIMENTO, CAL E AREIA MÉDIA ÚMIDA) PARA EMBOÇO/MASSA ÚNICA/ASSENTAMENTO DE ALVENARIA DE VEDAÇÃO, PREPARO MECÂNICO COM MISTURADOR DE EIXO HORIZONTAL DE 600 KG. AF_08/2019","M3",590.76,0,619.49,0,688.38,0,620.52,0]
["Argamassas",105515,"ARGAMASSA TRAÇO 1:1,93 (EM VOLUME DE CIMENTO E AREIA MÉDIA ÚMIDA), FCK 20MPA, PREPARO MECÂNICO COM MISTURADOR DUPLO HORIZONTAL DE ALTA TURBULÊNCIA. AF_03/2020","M3",836.12,0,954.44,0,888.32,0,907.5,0,null,"Argamassas",105515,"ARGAMASSA TRAÇO 1:1,93 (EM VOLUME DE CIMENTO E AREIA MÉDIA ÚMIDA), FCK 20MPA, PREPARO MECÂNICO COM MISTURADOR DUPLO HORIZONTAL DE ALTA TURBULÊNCIA. AF_03/2020","M3",822.59,0,933.85,0,879.84,0,905.26,0]
["Argamassas",87367,"ARGAMASSA TRAÇO 1:1:6 (EM VOLUME DE CIMENTO, CAL E AREIA MÉDIA ÚMIDA) PARA EMBOÇO/MASSA ÚNICA/ASSENTAMENTO DE ALVENARIA DE VEDAÇÃO, PREPARO MANUAL. AF_08/2019","M3",773.79,0,806.22,0,871.37,0,785.51,0,null,"Argamassas",87367,"ARGAMASSA TRAÇO 1:1:6 (EM VOLUME DE CIMENTO, CAL E AREIA MÉDIA ÚMIDA) PARA EMBOÇO/MASSA ÚNICA/ASSENTAMENTO DE ALVENARIA DE VEDAÇÃO, PREPARO MANUAL. AF_08/2019","M3",768.55,0,792.55,0,868.75,0,785.51,0]
["Argamassas",100449,"ARGAMASSA TRAÇO 1:1:6 (EM VOLUME DE CIMENTO, CAL E AREIA MÉDIA ÚMIDA) PARA EMBOÇO/MASSA ÚNICA/ASSENTAMENTO DE ALVENARIA DE VEDAÇÃO, PREPARO MECÂNICO COM BETONEIRA 250 L. AF_08/2019","M3",0,null,0,null,0,null,0,null,null,"Argamassas",100449,"ARGAMASSA TRAÇO 1:1:6 (EM VOLUME DE CIMENTO, CAL E AREIA MÉDIA ÚMIDA) PARA EMBOÇO/MASSA ÚNICA/ASSENTAMENTO DE ALVENARIA DE VEDAÇÃO, PREPARO MECÂNICO COM BETONEIRA 250 L. AF_08/2019","M3",0,null,0,null,0,null,0]
["Argamassas",87286,"ARGAMASSA TRAÇO 1:1:6 (EM VOLUME DE CIMENTO, CAL E AREIA MÉDIA ÚMIDA) PARA EMBOÇO/MASSA ÚNICA/ASSENTAMENTO DE ALVENARIA DE VEDAÇÃO, PREPARO MECÂNICO COM BETONEIRA 400 L. AF_08/2019","M3",636.08000000000004,0,684.06,0,739.49,0,684.23,0,null,"Argamassas",87286,"ARGAMASSA TRAÇO 1:1:6 (EM VOLUME DE CIMENTO, CAL E AREIA MÉDIA ÚMIDA) PARA EMBOÇO/MASSA ÚNICA/ASSENTAMENTO DE ALVENARIA DE VEDAÇÃO, PREPARO MECÂNICO COM BETONEIRA 400 L. AF_08/2019","M3",630.79,0,670.28,0,736.62,0,680.89,0]
["Argamassas",87287,"ARGAMASSA TRAÇO 1:1:6 (EM VOLUME DE CIMENTO, CAL E AREIA MÉDIA ÚMIDA) PARA EMBOÇO/MASSA ÚNICA/ASSENTAMENTO DE ALVENARIA DE VEDAÇÃO, PREPARO MECÂNICO COM BETONEIRA 600 L. AF_08/2019","M3",622.52,0,668.87,0,716.32,0,657.11,0,null,"Argamassas",87287,"ARGAMASSA TRAÇO 1:1:6 (EM VOLUME DE CIMENTO, CAL E AREIA MÉDIA ÚMIDA) PARA EMBOÇO/MASSA ÚNICA/ASSENTAMENTO DE ALVENARIA DE VEDAÇÃO, PREPARO MECÂNICO COM BETONEIRA 600 L. AF_08/2019","M3",617.19000000000005,0,654.85,0,713.16,0,655.02,0]
["Argamassas",87331,"ARGAMASSA TRAÇO 1:1:6 (EM VOLUME DE CIMENTO, CAL E AREIA MÉDIA ÚMIDA) PARA EMBOÇO/MASSA ÚNICA/ASSENTAMENTO DE ALVENARIA DE VEDAÇÃO, PREPARO MECÂNICO COM MISTURADOR DE EIXO HORIZONTAL DE 300 KG. AF_08/2019","M3",655.23,0,704.92,0,764.11,0,712.76,0,null,"Argamassas",87331,"ARGAMASSA TRAÇO 1:1:6 (EM VOLUME DE CIMENTO, CAL E AREIA MÉDIA ÚMIDA) PARA EMBOÇO/MASSA ÚNICA/ASSENTAMENTO DE ALVENARIA DE VEDAÇÃO, PREPARO MECÂNICO COM MISTURADOR DE EIXO HORIZONTAL DE 300 KG. AF_08/2019","M3",650.11,0,691.41,0,760.87,0,708.58,0]
["Argamassas",87332,"ARGAMASSA TRAÇO 1:1:6 (EM VOLUME DE CIMENTO, CAL E AREIA MÉDIA ÚMIDA) PARA EMBOÇO/MASSA ÚNICA/ASSENTAMENTO DE ALVENARIA DE VEDAÇÃO, PREPARO MECÂNICO COM MISTURADOR DE EIXO HORIZONTAL DE 600 KG. AF_08/2019","M3",600.20000000000005,0,645.39,0,689.09,0,631.82000000000005,0,null,"Argamassas",87332,"ARGAMASSA TRAÇO 1:1:6 (EM VOLUME DE CIMENTO, CAL E AREIA MÉDIA ÚMIDA) PARA EMBOÇO/MASSA ÚNICA/ASSENTAMENTO DE ALVENARIA DE VEDAÇÃO, PREPARO MECÂNICO COM MISTURADOR DE EIXO HORIZONTAL DE 600 KG. AF_08/2019","M3",595,0,631.75,0,686.11,0,629.87,0]
["Argamassas",87369,"ARGAMASSA TRAÇO 1:2:8 (EM VOLUME DE CIMENTO, CAL E AREIA MÉDIA ÚMIDA) PARA EMBOÇO/MASSA ÚNICA/ASSENTAMENTO DE ALVENARIA DE VEDAÇÃO, PREPARO MANUAL. AF_08/2019","M3",792.91,0,819.13,0,900.24,0,792.77,0,null,"Argamassas",87369,"ARGAMASSA TRAÇO 1:2:8 (EM VOLUME DE CIMENTO, CAL E AREIA MÉDIA ÚMIDA) PARA EMBOÇO/MASSA ÚNICA/ASSENTAMENTO DE ALVENARIA DE VEDAÇÃO, PREPARO MANUAL. AF_08/2019","M3",789.06,0,804.8,0,898.31,0,792.77,0]
["Argamassas",100451,"ARGAMASSA TRAÇO 1:2:8 (EM VOLUME DE CIMENTO, CAL E AREIA MÉDIA ÚMIDA) PARA EMBOÇO/MASSA ÚNICA/ASSENTAMENTO DE ALVENARIA DE VEDAÇÃO, PREPARO MECÂNICO COM BETONEIRA 250 L. AF_08/2019","M3",0,null,0,null,0,null,0,null,null,"Argamassas",100451,"ARGAMASSA TRAÇO 1:2:8 (EM VOLUME DE CIMENTO, CAL E AREIA MÉDIA ÚMIDA) PARA EMBOÇO/MASSA ÚNICA/ASSENTAMENTO DE ALVENARIA DE VEDAÇÃO, PREPARO MECÂNICO COM BETONEIRA 250 L. AF_08/2019","M3",0,null,0,null,0,null,0]
["Argamassas",87292,"ARGAMASSA TRAÇO 1:2:8 (EM VOLUME DE CIMENTO, CAL E AREIA MÉDIA ÚMIDA) PARA EMBOÇO/MASSA ÚNICA/ASSENTAMENTO DE ALVENARIA DE VEDAÇÃO, PREPARO MECÂNICO COM BETONEIRA 400 L. AF_08/2019","M3",649.54999999999995,0,690.77,0,759.54,0,680.77,0,null,"Argamassas",87292,"ARGAMASSA TRAÇO 1:2:8 (EM VOLUME DE CIMENTO, CAL E AREIA MÉDIA ÚMIDA) PARA EMBOÇO/MASSA ÚNICA/ASSENTAMENTO DE ALVENARIA DE VEDAÇÃO, PREPARO MECÂNICO COM BETONEIRA 400 L. AF_08/2019","M3",645.63,0,676.19,0,757.38,0,677.86,0]
["Argamassas",87335,"ARGAMASSA TRAÇO 1:2:8 (EM VOLUME DE CIMENTO, CAL E AREIA MÉDIA ÚMIDA) PARA EMBOÇO/MASSA ÚNICA/ASSENTAMENTO DE ALVENARIA DE VEDAÇÃO, PREPARO MECÂNICO COM MISTURADOR DE EIXO HORIZONTAL DE 300 KG. AF_08/2019","M3",621.51,0,662.04,0,728.42,0,663.63,0,null,"Argamassas",87335,"ARGAMASSA TRAÇO 1:2:8 (EM VOLUME DE CIMENTO, CAL E AREIA MÉDIA ÚMIDA) PARA EMBOÇO/MASSA ÚNICA/ASSENTAMENTO DE ALVENARIA DE VEDAÇÃO, PREPARO MECÂNICO COM MISTURADOR DE EIXO HORIZONTAL DE 300 KG. AF_08/2019","M3",617.41,0,648.95000000000005,0,725.82,0,660.28,0]
["Argamassas",87336,"ARGAMASSA TRAÇO 1:2:8 (EM VOLUME DE CIMENTO, CAL E AREIA MÉDIA ÚMIDA) PARA EMBOÇO/MASSA ÚNICA/ASSENTAMENTO DE ALVENARIA DE VEDAÇÃO, PREPARO MECÂNICO COM MISTURADOR DE EIXO HORIZONTAL DE 600 KG. AF_08/2019","M3",621.97,0,661.09,0,720.95,0,642.54999999999995,0,null,"Argamassas",87336,"ARGAMASSA TRAÇO 1:2:8 (EM VOLUME DE CIMENTO, CAL E AREIA MÉDIA ÚMIDA) PARA EMBOÇO/MASSA ÚNICA/ASSENTAMENTO DE ALVENARIA DE VEDAÇÃO, PREPARO MECÂNICO COM MISTURADOR DE EIXO HORIZONTAL DE 600 KG. AF_08/2019","M3",618.15,0,646.84,0,718.64,0,640.52,0]
["Argamassas",87370,"ARGAMASSA TRAÇO 1:2:9 (EM VOLUME DE CIMENTO, CAL E AREIA MÉDIA ÚMIDA) PARA EMBOÇO/MASSA ÚNICA/ASSENTAMENTO DE ALVENARIA DE VEDAÇÃO, PREPARO MANUAL. AF_08/2019","M3",765.69,0,785.76,0,874.04,0,767.77,0,null,"Argamassas",87370,"ARGAMASSA TRAÇO 1:2:9 (EM VOLUME DE CIMENTO, CAL E AREIA MÉDIA ÚMIDA) PARA EMBOÇO/MASSA ÚNICA/ASSENTAMENTO DE ALVENARIA DE VEDAÇÃO, PREPARO MANUAL. AF_08/2019","M3",762.18,0,772.7,0,872.29,0,767.77,0]
["Argamassas",100452,"ARGAMASSA TRAÇO 1:2:9 (EM VOLUME DE CIMENTO, CAL E AREIA MÉDIA ÚMIDA) PARA EMBOÇO/MASSA ÚNICA/ASSENTAMENTO DE ALVENARIA DE VEDAÇÃO, PREPARO MECÂNICO COM BETONEIRA 250 L. AF_08/2019","M3",0,null,0,null,0,null,0,null,null,"Argamassas",100452,"ARGAMASSA TRAÇO 1:2:9 (EM VOLUME DE CIMENTO, CAL E AREIA MÉDIA ÚMIDA) PARA EMBOÇO/MASSA ÚNICA/ASSENTAMENTO DE ALVENARIA DE VEDAÇÃO, PREPARO MECÂNICO COM BETONEIRA 250 L. AF_08/2019","M3",0,null,0,null,0,null,0]
["Argamassas",88715,"ARGAMASSA TRAÇO 1:2:9 (EM VOLUME DE CIMENTO, CAL E AREIA MÉDIA ÚMIDA) PARA EMBOÇO/MASSA ÚNICA/ASSENTAMENTO DE ALVENARIA DE VEDAÇÃO, PREPARO MECÂNICO COM BETONEIRA 400 L. AF_08/2019","M3",615.9,0,650.76,0,725.19,0,647.49,0,null,"Argamassas",88715,"ARGAMASSA TRAÇO 1:2:9 (EM VOLUME DE CIMENTO, CAL E AREIA MÉDIA ÚMIDA) PARA EMBOÇO/MASSA ÚNICA/ASSENTAMENTO DE ALVENARIA DE VEDAÇÃO, PREPARO MECÂNICO COM BETONEIRA 400 L. AF_08/2019","M3",612.32000000000005,0,637.45000000000005,0,723.2,0,644.74,0]
["Argamassas",87294,"ARGAMASSA TRAÇO 1:2:9 (EM VOLUME DE CIMENTO, CAL E AREIA MÉDIA ÚMIDA) PARA EMBOÇO/MASSA ÚNICA/ASSENTAMENTO DE ALVENARIA DE VEDAÇÃO, PREPARO MECÂNICO COM BETONEIRA 600 L. AF_08/2019","M3",622.07000000000005,0,656.51,0,729.15,0,650.77,0,null,"Argamassas",87294,"ARGAMASSA TRAÇO 1:2:9 (EM VOLUME DE CIMENTO, CAL E AREIA MÉDIA ÚMIDA) PARA EMBOÇO/MASSA ÚNICA/ASSENTAMENTO DE ALVENARIA DE VEDAÇÃO, PREPARO MECÂNICO COM BETONEIRA 600 L. AF_08/2019","M3",618.54,0,643.22,0,726.79,0,648.34,0]
["Argamassas",87337,"ARGAMASSA TRAÇO 1:2:9 (EM VOLUME DE CIMENTO, CAL E AREIA MÉDIA ÚMIDA) PARA EMBOÇO/MASSA ÚNICA/ASSENTAMENTO DE ALVENARIA DE VEDAÇÃO, PREPARO MECÂNICO COM MISTURADOR DE EIXO HORIZONTAL DE 300 KG. AF_08/2019","M3",620.79,0,656.62,0,731.92,0,658.42,0,null,"Argamassas",87337,"ARGAMASSA TRAÇO 1:2:9 (EM VOLUME DE CIMENTO, CAL E AREIA MÉDIA ÚMIDA) PARA EMBOÇO/MASSA ÚNICA/ASSENTAMENTO DE ALVENARIA DE VEDAÇÃO, PREPARO MECÂNICO COM MISTURADOR DE EIXO HORIZONTAL DE 300 KG. AF_08/2019","M3",617.33000000000004,0,643.66,0,729.66,0,655.13,0]
["Argamassas",100487,"ARGAMASSA TRAÇO 1:2:9 (EM VOLUME DE CIMENTO, CAL E AREIA MÉDIA ÚMIDA) PARA EMBOÇO/MASSA ÚNICA/ASSENTAMENTO DE ALVENARIA DE VEDAÇÃO, PREPARO MECÂNICO COM MISTURADOR DE EIXO HORIZONTAL DE 600 KG. AF_08/2019","M3",591.05999999999995,0,624.04,0,690.09,0,612.78,0,null,"Argamassas",100487,"ARGAMASSA TRAÇO 1:2:9 (EM VOLUME DE CIMENTO, CAL E AREIA MÉDIA ÚMIDA) PARA EMBOÇO/MASSA ÚNICA/ASSENTAMENTO DE ALVENARIA DE VEDAÇÃO, PREPARO MECÂNICO COM MISTURADOR DE EIXO HORIZONTAL DE 600 KG. AF_08/2019","M3",587.58000000000004,0,611.02,0,687.96,0,610.84,0]
["Argamassas",87380,"ARGAMASSA TRAÇO 1:3 (EM VOLUME DE CIMENTO E AREIA GROSSA ÚMIDA) COM ADIÇÃO DE EMULSÃO POLIMÉRICA PARA CHAPISCO ROLADO, PREPARO MANUAL. AF_08/2019","M3",3022.66,0,3482.12,0,3480.9,0,3176.34,0,null,"Argamassas",87380,"ARGAMASSA TRAÇO 1:3 (EM VOLUME DE CIMENTO E AREIA GROSSA ÚMIDA) COM ADIÇÃO DE EMULSÃO POLIMÉRICA PARA CHAPISCO ROLADO, PREPARO MANUAL. AF_08/2019","M3",3313.95,0,3472.29,0,3361.89,0,3176.34,0]
["Argamassas",100461,"ARGAMASSA TRAÇO 1:3 (EM VOLUME DE CIMENTO E AREIA GROSSA ÚMIDA) COM ADIÇÃO DE EMULSÃO POLIMÉRICA PARA CHAPISCO ROLADO, PREPARO MECÂNICO COM BETONEIRA 250 L. AF_08/2019","M3",0,null,0,null,0,null,0,null,null,"Argamassas",100461,"ARGAMASSA TRAÇO 1:3 (EM VOLUME DE CIMENTO E AREIA GROSSA ÚMIDA) COM ADIÇÃO DE EMULSÃO POLIMÉRICA PARA CHAPISCO ROLADO, PREPARO MECÂNICO COM BETONEIRA 250 L. AF_08/2019","M3",0,null,0,null,0,null,0]
["Argamassas",87322,"ARGAMASSA TRAÇO 1:3 (EM VOLUME DE CIMENTO E AREIA GROSSA ÚMIDA) COM ADIÇÃO DE EMULSÃO POLIMÉRICA PARA CHAPISCO ROLADO, PREPARO MECÂNICO COM BETONEIRA 400 L. AF_08/2019","M3",2905.48,0,3384.03,0,3370.59,0,3092.69,0,null,"Argamassas",87322,"ARGAMASSA TRAÇO 1:3 (EM VOLUME DE CIMENTO E AREIA GROSSA ÚMIDA) COM ADIÇÃO DE EMULSÃO POLIMÉRICA PARA CHAPISCO ROLADO, PREPARO MECÂNICO COM BETONEIRA 400 L. AF_08/2019","M3",3199.79,0,3374.1,0,3250.13,0,3089.74,0]
["Argamassas",87323,"ARGAMASSA TRAÇO 1:3 (EM VOLUME DE CIMENTO E AREIA GROSSA ÚMIDA) COM ADIÇÃO DE EMULSÃO POLIMÉRICA PARA CHAPISCO ROLADO, PREPARO MECÂNICO COM BETONEIRA 600 L. AF_08/2019","M3",2903.4,0,3382.62,0,3361.84,0,3080.46,0,null,"Argamassas",87323,"ARGAMASSA TRAÇO 1:3 (EM VOLUME DE CIMENTO E AREIA GROSSA ÚMIDA) COM ADIÇÃO DE EMULSÃO POLIMÉRICA PARA CHAPISCO ROLADO, PREPARO MECÂNICO COM BETONEIRA 600 L. AF_08/2019","M3",3199.03,0,3372.57,0,3240.61,0,3078.49,0]
["Argamassas",87360,"ARGAMASSA TRAÇO 1:3 (EM VOLUME DE CIMENTO E AREIA GROSSA ÚMIDA) COM ADIÇÃO DE EMULSÃO POLIMÉRICA PARA CHAPISCO ROLADO, PREPARO MECÂNICO COM MISTURADOR DE EIXO HORIZONTAL DE 160 KG. AF_08/2019","M3",2879.61,0,3348.97,0,3347.4,0,3081.29,0,null,"Argamassas",87360,"ARGAMASSA TRAÇO 1:3 (EM VOLUME DE CIMENTO E AREIA GROSSA ÚMIDA) COM ADIÇÃO DE EMULSÃO POLIMÉRICA PARA CHAPISCO ROLADO, PREPARO MECÂNICO COM MISTURADOR DE EIXO HORIZONTAL DE 160 KG. AF_08/2019","M3",3165.64,0,3339.33,0,3229.91,0,3076.77,0]
["Argamassas",87361,"ARGAMASSA TRAÇO 1:3 (EM VOLUME DE CIMENTO E AREIA GROSSA ÚMIDA) COM ADIÇÃO DE EMULSÃO POLIMÉRICA PARA CHAPISCO ROLADO, PREPARO MECÂNICO COM MISTURADOR DE EIXO HORIZONTAL DE 300 KG. AF_08/2019","M3",2836.6,0,3304.85,0,3288.65,0,3018.06,0,null,"Argamassas",87361,"ARGAMASSA TRAÇO 1:3 (EM VOLUME DE CIMENTO E AREIA GROSSA ÚMIDA) COM ADIÇÃO DE EMULSÃO POLIMÉRICA PARA CHAPISCO ROLADO, PREPARO MECÂNICO COM MISTURADOR DE EIXO HORIZONTAL DE 300 KG. AF_08/2019","M3",3124.22,0,3295.12,0,3170.71,0,3015.28,0]
["Argamassas",87362,"ARGAMASSA TRAÇO 1:3 (EM VOLUME DE CIMENTO E AREIA GROSSA ÚMIDA) COM ADIÇÃO DE EMULSÃO POLIMÉRICA PARA CHAPISCO ROLADO, PREPARO MECÂNICO COM MISTURADOR DE EIXO HORIZONTAL DE 600 KG. AF_08/2019","M3",2833.13,0,3302.49,0,3278.69,0,3003.38,0,null,"Argamassas",87362,"ARGAMASSA TRAÇO 1:3 (EM VOLUME DE CIMENTO E AREIA GROSSA ÚMIDA) COM ADIÇÃO DE EMULSÃO POLIMÉRICA PARA CHAPISCO ROLADO, PREPARO MECÂNICO COM MISTURADOR DE EIXO HORIZONTAL DE 600 KG. AF_08/2019","M3",3122.89,0,3292.71,0,3159.97,0,3001.64,0]
["Argamassas",87377,"ARGAMASSA TRAÇO 1:3 (EM VOLUME DE CIMENTO E AREIA GROSSA ÚMIDA) PARA CHAPISCO CONVENCIONAL, PREPARO MANUAL. AF_08/2019","M3",694.19,0,748.47,0,753.95,0,727.8,0,null,"Argamassas",87377,"ARGAMASSA TRAÇO 1:3 (EM VOLUME DE CIMENTO E AREIA GROSSA ÚMIDA) PARA CHAPISCO CONVENCIONAL, PREPARO MANUAL. AF_08/2019","M3",685.74,0,735.8,0,749.72,0,727.8,0]
["Argamassas",100458,"ARGAMASSA TRAÇO 1:3 (EM VOLUME DE CIMENTO E AREIA GROSSA ÚMIDA) PARA CHAPISCO CONVENCIONAL, PREPARO MECÂNICO COM BETONEIRA 250 L. AF_08/2019","M3",0,null,0,null,0,null,0,null,null,"Argamassas",100458,"ARGAMASSA TRAÇO 1:3 (EM VOLUME DE CIMENTO E AREIA GROSSA ÚMIDA) PARA CHAPISCO CONVENCIONAL, PREPARO MECÂNICO COM BETONEIRA 250 L. AF_08/2019","M3",0,null,0,null,0,null,0]
["Argamassas",87313,"ARGAMASSA TRAÇO 1:3 (EM VOLUME DE CIMENTO E AREIA GROSSA ÚMIDA) PARA CHAPISCO CONVENCIONAL, PREPARO MECÂNICO COM BETONEIRA 400 L. AF_08/2019","M3",543.61,0,612.54,0,604.05999999999995,0,607.59,0,null,"Argamassas",87313,"ARGAMASSA TRAÇO 1:3 (EM VOLUME DE CIMENTO E AREIA GROSSA ÚMIDA) PARA CHAPISCO CONVENCIONAL, PREPARO MECÂNICO COM BETONEIRA 400 L. AF_08/2019","M3",535.07000000000005,0,599.75,0,599.59,0,604.79,0]
["Argamassas",87314,"ARGAMASSA TRAÇO 1:3 (EM VOLUME DE CIMENTO E AREIA GROSSA ÚMIDA) PARA CHAPISCO CONVENCIONAL, PREPARO MECÂNICO COM BETONEIRA 600 L. AF_08/2019","M3",537.46,0,605.59,0,591.54,0,593.16999999999996,0,null,"Argamassas",87314,"ARGAMASSA TRAÇO 1:3 (EM VOLUME DE CIMENTO E AREIA GROSSA ÚMIDA) PARA CHAPISCO CONVENCIONAL, PREPARO MECÂNICO COM BETONEIRA 600 L. AF_08/2019","M3",528.91,0,592.67999999999995,0,586.78,0,591.15,0]
["Argamassas",87352,"ARGAMASSA TRAÇO 1:3 (EM VOLUME DE CIMENTO E AREIA GROSSA ÚMIDA) PARA CHAPISCO CONVENCIONAL, PREPARO MECÂNICO COM MISTURADOR DE EIXO HORIZONTAL DE 160 KG. AF_08/2019","M3",617.99,0,691.19,0,702.73,0,711.38,0,null,"Argamassas",87352,"ARGAMASSA TRAÇO 1:3 (EM VOLUME DE CIMENTO E AREIA GROSSA ÚMIDA) PARA CHAPISCO CONVENCIONAL, PREPARO MECÂNICO COM MISTURADOR DE EIXO HORIZONTAL DE 160 KG. AF_08/2019","M3",609.85,0,678.8,0,697.8,0,706.05,0]
["Argamassas",87353,"ARGAMASSA TRAÇO 1:3 (EM VOLUME DE CIMENTO E AREIA GROSSA ÚMIDA) PARA CHAPISCO CONVENCIONAL, PREPARO MECÂNICO COM MISTURADOR DE EIXO HORIZONTAL DE 300 KG. AF_08/2019","M3",546.46,0,615.54999999999995,0,608.5,0,614.13,0,null,"Argamassas",87353,"ARGAMASSA TRAÇO 1:3 (EM VOLUME DE CIMENTO E AREIA GROSSA ÚMIDA) PARA CHAPISCO CONVENCIONAL, PREPARO MECÂNICO COM MISTURADOR DE EIXO HORIZONTAL DE 300 KG. AF_08/2019","M3",538.16999999999996,0,603.05999999999995,0,603.83000000000004,0,610.91999999999996,0]
["Argamassas",87354,"ARGAMASSA TRAÇO 1:3 (EM VOLUME DE CIMENTO E AREIA GROSSA ÚMIDA) PARA CHAPISCO CONVENCIONAL, PREPARO MECÂNICO COM MISTURADOR DE EIXO HORIZONTAL DE 600 KG. AF_08/2019","M3",516.04999999999995,0,582.58000000000004,0,565.5,0,567.49,0,null,"Argamassas",87354,"ARGAMASSA TRAÇO 1:3 (EM VOLUME DE CIMENTO E AREIA GROSSA ÚMIDA) PARA CHAPISCO CONVENCIONAL, PREPARO MECÂNICO COM MISTURADOR DE EIXO HORIZONTAL DE 600 KG. AF_08/2019","M3",507.65,0,569.97,0,560.94000000000005,0,565.69000000000005,0]
["Argamassas",100480,"ARGAMASSA TRAÇO 1:3 (EM VOLUME DE CIMENTO E AREIA MÉDIA ÚMIDA) COM ADIÇÃO DE IMPERMEABILIZANTE, PREPARO MANUAL. AF_08/2019","M3",851.64,0,963.3,0,942.42,0,872.9,0,null,"Argamassas",100480,"ARGAMASSA TRAÇO 1:3 (EM VOLUME DE CIMENTO E AREIA MÉDIA ÚMIDA) COM ADIÇÃO DE IMPERMEABILIZANTE, PREPARO MANUAL. AF_08/2019","M3",841.94,0,948.76,0,937.57,0,872.51,0]
["Argamassas",100476,"ARGAMASSA TRAÇO 1:3 (EM VOLUME DE CIMENTO E AREIA MÉDIA ÚMIDA) COM ADIÇÃO DE IMPERMEABILIZANTE, PREPARO MECÂNICO COM BETONEIRA 250 L. AF_08/2019","M3",0,null,0,null,0,null,0,null,null,"Argamassas",100476,"ARGAMASSA TRAÇO 1:3 (EM VOLUME DE CIMENTO E AREIA MÉDIA ÚMIDA) COM ADIÇÃO DE IMPERMEABILIZANTE, PREPARO MECÂNICO COM BETONEIRA 250 L. AF_08/2019","M3",0,null,0,null,0,null,0]
["Argamassas",100475,"ARGAMASSA TRAÇO 1:3 (EM VOLUME DE CIMENTO E AREIA MÉDIA ÚMIDA) COM ADIÇÃO DE IMPERMEABILIZANTE, PREPARO MECÂNICO COM BETONEIRA 400 L. AF_08/2019","M3",733.44,0,857.21,0,826.16,0,780.96,0,null,"Argamassas",100475,"ARGAMASSA TRAÇO 1:3 (EM VOLUME DE CIMENTO E AREIA MÉDIA ÚMIDA) COM ADIÇÃO DE IMPERMEABILIZANTE, PREPARO MECÂNICO COM BETONEIRA 400 L. AF_08/2019","M3",723.72,0,842.64,0,821.13,0,778.15,0]
["Argamassas",100491,"ARGAMASSA TRAÇO 1:3 (EM VOLUME DE CIMENTO E AREIA MÉDIA ÚMIDA) COM ADIÇÃO DE IMPERMEABILIZANTE, PREPARO MECÂNICO COM BETONEIRA 600 L. AF_08/2019","M3",734.92,0,857.61,0,823.23,0,775.66,0,null,"Argamassas",100491,"ARGAMASSA TRAÇO 1:3 (EM VOLUME DE CIMENTO E AREIA MÉDIA ÚMIDA) COM ADIÇÃO DE IMPERMEABILIZANTE, PREPARO MECÂNICO COM BETONEIRA 600 L. AF_08/2019","M3",725.22,0,842.96,0,817.95,0,773.5,0]
["Argamassas",100477,"ARGAMASSA TRAÇO 1:3 (EM VOLUME DE CIMENTO E AREIA MÉDIA ÚMIDA) COM ADIÇÃO DE IMPERMEABILIZANTE, PREPARO MECÂNICO COM MISTURADOR DE EIXO HORIZONTAL DE 160 KG. AF_08/2019","M3",788.93,0,914.23,0,901.56,0,862.59,0,null,"Argamassas",100477,"ARGAMASSA TRAÇO 1:3 (EM VOLUME DE CIMENTO E AREIA MÉDIA ÚMIDA) COM ADIÇÃO DE IMPERMEABILIZANTE, PREPARO MECÂNICO COM MISTURADOR DE EIXO HORIZONTAL DE 160 KG. AF_08/2019","M3",779.64,0,900.15,0,896.15,0,857.55,0]
["Argamassas",100478,"ARGAMASSA TRAÇO 1:3 (EM VOLUME DE CIMENTO E AREIA MÉDIA ÚMIDA) COM ADIÇÃO DE IMPERMEABILIZANTE, PREPARO MECÂNICO COM MISTURADOR DE EIXO HORIZONTAL DE 300 KG. AF_08/2019","M3",719.85,0,841.39,0,810.13,0,766.69,0,null,"Argamassas",100478,"ARGAMASSA TRAÇO 1:3 (EM VOLUME DE CIMENTO E AREIA MÉDIA ÚMIDA) COM ADIÇÃO DE IMPERMEABILIZANTE, PREPARO MECÂNICO COM MISTURADOR DE EIXO HORIZONTAL DE 300 KG. AF_08/2019","M3",710.37,0,827.13,0,805,0,763.89,0]
["Argamassas",100479,"ARGAMASSA TRAÇO 1:3 (EM VOLUME DE CIMENTO E AREIA MÉDIA ÚMIDA) COM ADIÇÃO DE IMPERMEABILIZANTE, PREPARO MECÂNICO COM MISTURADOR DE EIXO HORIZONTAL DE 600 KG. AF_08/2019","M3",706.48,0,826.53,0,788.94,0,742.48,0,null,"Argamassas",100479,"ARGAMASSA TRAÇO 1:3 (EM VOLUME DE CIMENTO E AREIA MÉDIA ÚMIDA) COM ADIÇÃO DE IMPERMEABILIZANTE, PREPARO MECÂNICO COM MISTURADOR DE EIXO HORIZONTAL DE 600 KG. AF_08/2019","M3",696.92,0,812.21,0,783.87,0,740.61,0]
["Argamassas",87372,"ARGAMASSA TRAÇO 1:3 (EM VOLUME DE CIMENTO E AREIA MÉDIA ÚMIDA) PARA CONTRAPISO, PREPARO MANUAL. AF_08/2019","M3",854.47,0,929.74,0,925.29,0,898.32,0,null,"Argamassas",87372,"ARGAMASSA TRAÇO 1:3 (EM VOLUME DE CIMENTO E AREIA MÉDIA ÚMIDA) PARA CONTRAPISO, PREPARO MANUAL. AF_08/2019","M3",843.2,0,912.83,0,919.66,0,898.32,0]
["Argamassas",100453,"ARGAMASSA TRAÇO 1:3 (EM VOLUME DE CIMENTO E AREIA MÉDIA ÚMIDA) PARA CONTRAPISO, PREPARO MECÂNICO COM BETONEIRA 250 L. AF_08/2019","M3",0,null,0,null,0,null,0,null,null,"Argamassas",100453,"ARGAMASSA TRAÇO 1:3 (EM VOLUME DE CIMENTO E AREIA MÉDIA ÚMIDA) PARA CONTRAPISO, PREPARO MECÂNICO COM BETONEIRA 250 L. AF_08/2019","M3",0,null,0,null,0,null,0]
["Argamassas",87298,"ARGAMASSA TRAÇO 1:3 (EM VOLUME DE CIMENTO E AREIA MÉDIA ÚMIDA) PARA CONTRAPISO, PREPARO MECÂNICO COM BETONEIRA 400 L. AF_08/2019","M3",697.8,0,789.37,0,768.62,0,773.04,0,null,"Argamassas",87298,"ARGAMASSA TRAÇO 1:3 (EM VOLUME DE CIMENTO E AREIA MÉDIA ÚMIDA) PARA CONTRAPISO, PREPARO MECÂNICO COM BETONEIRA 400 L. AF_08/2019","M3",686.32,0,772.17,0,762.66,0,770.18,0]
["Argamassas",87299,"ARGAMASSA TRAÇO 1:3 (EM VOLUME DE CIMENTO E AREIA MÉDIA ÚMIDA) PARA CONTRAPISO, PREPARO MECÂNICO COM BETONEIRA 600 L. AF_08/2019","M3",481.16,0,511.83,0,565.1,0,537.48,0,null,"Argamassas",87299,"ARGAMASSA TRAÇO 1:3 (EM VOLUME DE CIMENTO E AREIA MÉDIA ÚMIDA) PARA CONTRAPISO, PREPARO MECÂNICO COM BETONEIRA 600 L. AF_08/2019","M3",475.71,0,503.54,0,561.84,0,535.28,0]
["Argamassas",87339,"ARGAMASSA TRAÇO 1:3 (EM VOLUME DE CIMENTO E AREIA MÉDIA ÚMIDA) PARA CONTRAPISO, PREPARO MECÂNICO COM MISTURADOR DE EIXO HORIZONTAL DE 160 KG. AF_08/2019","M3",809.27,0,906.58,0,917.71,0,929.63,0,null,"Argamassas",87339,"ARGAMASSA TRAÇO 1:3 (EM VOLUME DE CIMENTO E AREIA MÉDIA ÚMIDA) PARA CONTRAPISO, PREPARO MECÂNICO COM MISTURADOR DE EIXO HORIZONTAL DE 160 KG. AF_08/2019","M3",798.41,0,890.07,0,911.17,0,922.85,0]
["Argamassas",87340,"ARGAMASSA TRAÇO 1:3 (EM VOLUME DE CIMENTO E AREIA MÉDIA ÚMIDA) PARA CONTRAPISO, PREPARO MECÂNICO COM MISTURADOR DE EIXO HORIZONTAL DE 300 KG. AF_08/2019","M3",694.63,0,785.04,0,766.89,0,772.74,0,null,"Argamassas",87340,"ARGAMASSA TRAÇO 1:3 (EM VOLUME DE CIMENTO E AREIA MÉDIA ÚMIDA) PARA CONTRAPISO, PREPARO MECÂNICO COM MISTURADOR DE EIXO HORIZONTAL DE 300 KG. AF_08/2019","M3",683.53,0,768.32,0,760.8,0,769.51,0]
["Argamassas",87341,"ARGAMASSA TRAÇO 1:3 (EM VOLUME DE CIMENTO E AREIA MÉDIA ÚMIDA) PARA CONTRAPISO, PREPARO MECÂNICO COM MISTURADOR DE EIXO HORIZONTAL DE 600 KG. AF_08/2019","M3",666.75,0,754.81,0,727.19,0,729.93,0,null,"Argamassas",87341,"ARGAMASSA TRAÇO 1:3 (EM VOLUME DE CIMENTO E AREIA MÉDIA ÚMIDA) PARA CONTRAPISO, PREPARO MECÂNICO COM MISTURADOR DE EIXO HORIZONTAL DE 600 KG. AF_08/2019","M3",655.56,0,738.01,0,721.21,0,727.99,0]
["Argamassas",88629,"ARGAMASSA TRAÇO 1:3 (EM VOLUME DE CIMENTO E AREIA MÉDIA ÚMIDA), PREPARO MANUAL. AF_08/2019","M3",700.36,0,766.02,0,757.42,0,737.61,0,null,"Argamassas",88629,"ARGAMASSA TRAÇO 1:3 (EM VOLUME DE CIMENTO E AREIA MÉDIA ÚMIDA), PREPARO MANUAL. AF_08/2019","M3",690.7,0,751.53,0,752.59,0,737.61,0]
["Argamassas",100467,"ARGAMASSA TRAÇO 1:3 (EM VOLUME DE CIMENTO E AREIA MÉDIA ÚMIDA), PREPARO MECÂNICO COM BETONEIRA 250 L. AF_08/2019","M3",0,null,0,null,0,null,0,null,null,"Argamassas",100467,"ARGAMASSA TRAÇO 1:3 (EM VOLUME DE CIMENTO E AREIA MÉDIA ÚMIDA), PREPARO MECÂNICO COM BETONEIRA 250 L. AF_08/2019","M3",0,null,0,null,0,null,0]
["Argamassas",88628,"ARGAMASSA TRAÇO 1:3 (EM VOLUME DE CIMENTO E AREIA MÉDIA ÚMIDA), PREPARO MECÂNICO COM BETONEIRA 400 L. AF_08/2019","M3",581.73,0,658.58,0,639.39,0,642.85,0,null,"Argamassas",88628,"ARGAMASSA TRAÇO 1:3 (EM VOLUME DE CIMENTO E AREIA MÉDIA ÚMIDA), PREPARO MECÂNICO COM BETONEIRA 400 L. AF_08/2019","M3",572.05999999999995,0,644.08000000000004,0,634.38,0,640.65,0]
["Argamassas",100489,"ARGAMASSA TRAÇO 1:3 (EM VOLUME DE CIMENTO E AREIA MÉDIA ÚMIDA), PREPARO MECÂNICO COM BETONEIRA 600 L. AF_08/2019","M3",581.83000000000004,0,657.74,0,635.29999999999995,0,636.74,0,null,"Argamassas",100489,"ARGAMASSA TRAÇO 1:3 (EM VOLUME DE CIMENTO E AREIA MÉDIA ÚMIDA), PREPARO MECÂNICO COM BETONEIRA 600 L. AF_08/2019","M3",572.16999999999996,0,643.16999999999996,0,630.08000000000004,0,635.11,0]
["Argamassas",100468,"ARGAMASSA TRAÇO 1:3 (EM VOLUME DE CIMENTO E AREIA MÉDIA ÚMIDA), PREPARO MECÂNICO COM MISTURADOR DE EIXO HORIZONTAL DE 160 KG. AF_08/2019","M3",688.56,0,777.94,0,775.16,0,787.63,0,null,"Argamassas",100468,"ARGAMASSA TRAÇO 1:3 (EM VOLUME DE CIMENTO E AREIA MÉDIA ÚMIDA), PREPARO MECÂNICO COM MISTURADOR DE EIXO HORIZONTAL DE 160 KG. AF_08/2019","M3",680.21,0,763.88,0,766.05,0,783.18,0]
["Argamassas",100469,"ARGAMASSA TRAÇO 1:3 (EM VOLUME DE CIMENTO E AREIA MÉDIA ÚMIDA), PREPARO MECÂNICO COM MISTURADOR DE EIXO HORIZONTAL DE 300 KG. AF_08/2019","M3",571.72,0,647.53,0,627.61,0,631.72,0,null,"Argamassas",100469,"ARGAMASSA TRAÇO 1:3 (EM VOLUME DE CIMENTO E AREIA MÉDIA ÚMIDA), PREPARO MECÂNICO COM MISTURADOR DE EIXO HORIZONTAL DE 300 KG. AF_08/2019","M3",562.26,0,633.29999999999995,0,622.52,0,629.53,0]
["Argamassas",100470,"ARGAMASSA TRAÇO 1:3 (EM VOLUME DE CIMENTO E AREIA MÉDIA ÚMIDA), PREPARO MECÂNICO COM MISTURADOR DE EIXO HORIZONTAL DE 600 KG. AF_08/2019","M3",527.85,0,584.94000000000005,0,594.6,0,586.33000000000004,0,null,"Argamassas",100470,"ARGAMASSA TRAÇO 1:3 (EM VOLUME DE CIMENTO E AREIA MÉDIA ÚMIDA), PREPARO MECÂNICO COM MISTURADOR DE EIXO HORIZONTAL DE 600 KG. AF_08/2019","M3",520.08000000000004,0,573.26,0,590.27,0,584.07000000000005,0]
["Argamassas",87371,"ARGAMASSA TRAÇO 1:3:12 (EM VOLUME DE CIMENTO, CAL E AREIA MÉDIA ÚMIDA) PARA EMBOÇO/MASSA ÚNICA/ASSENTAMENTO DE ALVENARIA DE VEDAÇÃO, PREPARO MANUAL. AF_08/2019","M3",762.24,0,776.58,0,876.46,0,759.36,0,null,"Argamassas",87371,"ARGAMASSA TRAÇO 1:3:12 (EM VOLUME DE CIMENTO, CAL E AREIA MÉDIA ÚMIDA) PARA EMBOÇO/MASSA ÚNICA/ASSENTAMENTO DE ALVENARIA DE VEDAÇÃO, PREPARO MANUAL. AF_08/2019","M3",759.57,0,763.68,0,875.12,0,759.36,0]
["Argamassas",87295,"ARGAMASSA TRAÇO 1:3:12 (EM VOLUME DE CIMENTO, CAL E AREIA MÉDIA ÚMIDA) PARA EMBOÇO/MASSA ÚNICA/ASSENTAMENTO DE ALVENARIA DE VEDAÇÃO, PREPARO MECÂNICO COM BETONEIRA 400 L. AF_08/2019","M3",641.20000000000005,0,671.28,0,764.69,0,677.42,0,null,"Argamassas",87295,"ARGAMASSA TRAÇO 1:3:12 (EM VOLUME DE CIMENTO, CAL E AREIA MÉDIA ÚMIDA) PARA EMBOÇO/MASSA ÚNICA/ASSENTAMENTO DE ALVENARIA DE VEDAÇÃO, PREPARO MECÂNICO COM BETONEIRA 400 L. AF_08/2019","M3",638.49,0,658.27,0,763.09,0,673.85,0]
["Argamassas",87296,"ARGAMASSA TRAÇO 1:3:12 (EM VOLUME DE CIMENTO, CAL E AREIA MÉDIA ÚMIDA) PARA EMBOÇO/MASSA ÚNICA/ASSENTAMENTO DE ALVENARIA DE VEDAÇÃO, PREPARO MECÂNICO COM BETONEIRA 600 L. AF_08/2019","M3",617.67999999999995,0,645.55999999999995,0,728.86,0,637.54999999999995,0,null,"Argamassas",87296,"ARGAMASSA TRAÇO 1:3:12 (EM VOLUME DE CIMENTO, CAL E AREIA MÉDIA ÚMIDA) PARA EMBOÇO/MASSA ÚNICA/ASSENTAMENTO DE ALVENARIA DE VEDAÇÃO, PREPARO MECÂNICO COM BETONEIRA 600 L. AF_08/2019","M3",614.98,0,632.35,0,727,0,635.45000000000005,0]
["Argamassas",87338,"ARGAMASSA TRAÇO 1:3:12 (EM VOLUME DE CIMENTO, CAL E AREIA MÉDIA ÚMIDA) PARA EMBOÇO/MASSA ÚNICA/ASSENTAMENTO DE ALVENARIA DE VEDAÇÃO, PREPARO MECÂNICO COM MISTURADOR DE EIXO HORIZONTAL DE 600 KG. AF_08/2019","M3",612.22,0,640.46,0,722.82,0,635.85,0,null,"Argamassas",87338,"ARGAMASSA TRAÇO 1:3:12 (EM VOLUME DE CIMENTO, CAL E AREIA MÉDIA ÚMIDA) PARA EMBOÇO/MASSA ÚNICA/ASSENTAMENTO DE ALVENARIA DE VEDAÇÃO, PREPARO MECÂNICO COM MISTURADOR DE EIXO HORIZONTAL DE 600 KG. AF_08/2019","M3",609.59,0,627.69000000000005,0,721.01,0,633.30999999999995,0]
["Argamassas",88630,"ARGAMASSA TRAÇO 1:4 (CIMENTO E AREIA MÉDIA), PREPARO MECÂNICO COM BETONEIRA 400 L. AF_08/2019","M3",511.8,0,559.26,0,586.41999999999996,0,569.72,0,null,"Argamassas",88630,"ARGAMASSA TRAÇO 1:4 (CIMENTO E AREIA MÉDIA), PREPARO MECÂNICO COM BETONEIRA 400 L. AF_08/2019","M3",504.7,0,548.61,0,582.72,0,567.55999999999995,0]
["Argamassas",87381,"ARGAMASSA TRAÇO 1:4 (EM VOLUME DE CIMENTO E AREIA GROSSA ÚMIDA) COM ADIÇÃO DE EMULSÃO POLIMÉRICA PARA CHAPISCO ROLADO, PREPARO MANUAL. AF_08/2019","M3",2968.07,0,3412.53,0,3430.92,0,3119.47,0,null,"Argamassas",87381,"ARGAMASSA TRAÇO 1:4 (EM VOLUME DE CIMENTO E AREIA GROSSA ÚMIDA) COM ADIÇÃO DE EMULSÃO POLIMÉRICA PARA CHAPISCO ROLADO, PREPARO MANUAL. AF_08/2019","M3",3259.63,0,3404.61,0,3312.95,0,3119.47,0]
["Argamassas",100462,"ARGAMASSA TRAÇO 1:4 (EM VOLUME DE CIMENTO E AREIA GROSSA ÚMIDA) COM ADIÇÃO DE EMULSÃO POLIMÉRICA PARA CHAPISCO ROLADO, PREPARO MECÂNICO COM BETONEIRA 250 L. AF_08/2019","M3",0,null,0,null,0,null,0,null,null,"Argamassas",100462,"ARGAMASSA TRAÇO 1:4 (EM VOLUME DE CIMENTO E AREIA GROSSA ÚMIDA) COM ADIÇÃO DE EMULSÃO POLIMÉRICA PARA CHAPISCO ROLADO, PREPARO MECÂNICO COM BETONEIRA 250 L. AF_08/2019","M3",0,null,0,null,0,null,0]
["Argamassas",87325,"ARGAMASSA TRAÇO 1:4 (EM VOLUME DE CIMENTO E AREIA GROSSA ÚMIDA) COM ADIÇÃO DE EMULSÃO POLIMÉRICA PARA CHAPISCO ROLADO, PREPARO MECÂNICO COM BETONEIRA 400 L. AF_08/2019","M3",2837.07,0,3296.5,0,3304.59,0,3021.65,0,null,"Argamassas",87325,"ARGAMASSA TRAÇO 1:4 (EM VOLUME DE CIMENTO E AREIA GROSSA ÚMIDA) COM ADIÇÃO DE EMULSÃO POLIMÉRICA PARA CHAPISCO ROLADO, PREPARO MECÂNICO COM BETONEIRA 400 L. AF_08/2019","M3",3129.13,0,3288.58,0,3186.2,0,3018.62,0]
["Argamassas",87326,"ARGAMASSA TRAÇO 1:4 (EM VOLUME DE CIMENTO E AREIA GROSSA ÚMIDA) COM ADIÇÃO DE EMULSÃO POLIMÉRICA PARA CHAPISCO ROLADO, PREPARO MECÂNICO COM BETONEIRA 600 L. AF_08/2019","M3",2841.99,0,3303.84,0,3303.47,0,3015.1,0,null,"Argamassas",87326,"ARGAMASSA TRAÇO 1:4 (EM VOLUME DE CIMENTO E AREIA GROSSA ÚMIDA) COM ADIÇÃO DE EMULSÃO POLIMÉRICA PARA CHAPISCO ROLADO, PREPARO MECÂNICO COM BETONEIRA 600 L. AF_08/2019","M3",3136.86,0,3295.76,0,3183.72,0,3013.23,0]
["Argamassas",87363,"ARGAMASSA TRAÇO 1:4 (EM VOLUME DE CIMENTO E AREIA GROSSA ÚMIDA) COM ADIÇÃO DE EMULSÃO POLIMÉRICA PARA CHAPISCO ROLADO, PREPARO MECÂNICO COM MISTURADOR DE EIXO HORIZONTAL DE 300 KG. AF_08/2019","M3",2819.26,0,3273.01,0,3286.49,0,3011.55,0,null,"Argamassas",87363,"ARGAMASSA TRAÇO 1:4 (EM VOLUME DE CIMENTO E AREIA GROSSA ÚMIDA) COM ADIÇÃO DE EMULSÃO POLIMÉRICA PARA CHAPISCO ROLADO, PREPARO MECÂNICO COM MISTURADOR DE EIXO HORIZONTAL DE 300 KG. AF_08/2019","M3",3105.97,0,3265.19,0,3169.85,0,3007.6,0]
["Argamassas",87364,"ARGAMASSA TRAÇO 1:4 (EM VOLUME DE CIMENTO E AREIA GROSSA ÚMIDA) COM ADIÇÃO DE EMULSÃO POLIMÉRICA PARA CHAPISCO ROLADO, PREPARO MECÂNICO COM MISTURADOR DE EIXO HORIZONTAL DE 600 KG. AF_08/2019","M3",2789.6,0,3243.31,0,3241.83,0,2958.74,0,null,"Argamassas",87364,"ARGAMASSA TRAÇO 1:4 (EM VOLUME DE CIMENTO E AREIA GROSSA ÚMIDA) COM ADIÇÃO DE EMULSÃO POLIMÉRICA PARA CHAPISCO ROLADO, PREPARO MECÂNICO COM MISTURADOR DE EIXO HORIZONTAL DE 600 KG. AF_08/2019","M3",3079.38,0,3235.43,0,3124.22,0,2956.91,0]
["Argamassas",87378,"ARGAMASSA TRAÇO 1:4 (EM VOLUME DE CIMENTO E AREIA GROSSA ÚMIDA) PARA CHAPISCO CONVENCIONAL, PREPARO MANUAL. AF_08/2019","M3",637.54999999999995,0,674.08,0,705.62,0,668.87,0,null,"Argamassas",87378,"ARGAMASSA TRAÇO 1:4 (EM VOLUME DE CIMENTO E AREIA GROSSA ÚMIDA) PARA CHAPISCO CONVENCIONAL, PREPARO MANUAL. AF_08/2019","M3",630.74,0,663.87,0,702.21,0,668.87,0]
["Argamassas",100459,"ARGAMASSA TRAÇO 1:4 (EM VOLUME DE CIMENTO E AREIA GROSSA ÚMIDA) PARA CHAPISCO CONVENCIONAL, PREPARO MECÂNICO COM BETONEIRA 250 L. AF_08/2019","M3",0,null,0,null,0,null,0,null,null,"Argamassas",100459,"ARGAMASSA TRAÇO 1:4 (EM VOLUME DE CIMENTO E AREIA GROSSA ÚMIDA) PARA CHAPISCO CONVENCIONAL, PREPARO MECÂNICO COM BETONEIRA 250 L. AF_08/2019","M3",0,null,0,null,0,null,0]
["Argamassas",87316,"ARGAMASSA TRAÇO 1:4 (EM VOLUME DE CIMENTO E AREIA GROSSA ÚMIDA) PARA CHAPISCO CONVENCIONAL, PREPARO MECÂNICO COM BETONEIRA 400 L. AF_08/2019","M3",501.33,0,552.45000000000005,0,573.1,0,565.45000000000005,0,null,"Argamassas",87316,"ARGAMASSA TRAÇO 1:4 (EM VOLUME DE CIMENTO E AREIA GROSSA ÚMIDA) PARA CHAPISCO CONVENCIONAL, PREPARO MECÂNICO COM BETONEIRA 400 L. AF_08/2019","M3",494.45,0,542.16,0,569.45000000000005,0,562.45000000000005,0]
["Argamassas",87317,"ARGAMASSA TRAÇO 1:4 (EM VOLUME DE CIMENTO E AREIA GROSSA ÚMIDA) PARA CHAPISCO CONVENCIONAL, PREPARO MECÂNICO COM BETONEIRA 600 L. AF_08/2019","M3",488.57,0,538.54,0,551.84,0,541.96,0,null,"Argamassas",87317,"ARGAMASSA TRAÇO 1:4 (EM VOLUME DE CIMENTO E AREIA GROSSA ÚMIDA) PARA CHAPISCO CONVENCIONAL, PREPARO MECÂNICO COM BETONEIRA 600 L. AF_08/2019","M3",481.68,0,528.11,0,547.91,0,539.96,0]
["Argamassas",87355,"ARGAMASSA TRAÇO 1:4 (EM VOLUME DE CIMENTO E AREIA GROSSA ÚMIDA) PARA CHAPISCO CONVENCIONAL, PREPARO MECÂNICO COM MISTURADOR DE EIXO HORIZONTAL DE 160 KG. AF_08/2019","M3",535.63,0,588.91,0,619.09,0,614.64,0,null,"Argamassas",87355,"ARGAMASSA TRAÇO 1:4 (EM VOLUME DE CIMENTO E AREIA GROSSA ÚMIDA) PARA CHAPISCO CONVENCIONAL, PREPARO MECÂNICO COM MISTURADOR DE EIXO HORIZONTAL DE 160 KG. AF_08/2019","M3",529.07000000000005,0,578.92999999999995,0,615.11,0,610.35,0]
["Argamassas",87356,"ARGAMASSA TRAÇO 1:4 (EM VOLUME DE CIMENTO E AREIA GROSSA ÚMIDA) PARA CHAPISCO CONVENCIONAL, PREPARO MECÂNICO COM MISTURADOR DE EIXO HORIZONTAL DE 300 KG. AF_08/2019","M3",488.04,0,538.5,0,555.99,0,549.21,0,null,"Argamassas",87356,"ARGAMASSA TRAÇO 1:4 (EM VOLUME DE CIMENTO E AREIA GROSSA ÚMIDA) PARA CHAPISCO CONVENCIONAL, PREPARO MECÂNICO COM MISTURADOR DE EIXO HORIZONTAL DE 300 KG. AF_08/2019","M3",481.34,0,528.4,0,552.16999999999996,0,546.4,0]
["Argamassas",87357,"ARGAMASSA TRAÇO 1:4 (EM VOLUME DE CIMENTO E AREIA GROSSA ÚMIDA) PARA CHAPISCO CONVENCIONAL, PREPARO MECÂNICO COM MISTURADOR DE EIXO HORIZONTAL DE 600 KG. AF_08/2019","M3",465.7,0,514.12,0,523.91,0,514.44000000000005,0,null,"Argamassas",87357,"ARGAMASSA TRAÇO 1:4 (EM VOLUME DE CIMENTO E AREIA GROSSA ÚMIDA) PARA CHAPISCO CONVENCIONAL, PREPARO MECÂNICO COM MISTURADOR DE EIXO HORIZONTAL DE 600 KG. AF_08/2019","M3",458.95,0,503.96,0,520.19000000000005,0,512.69000000000005,0]
["Argamassas",100486,"ARGAMASSA TRAÇO 1:4 (EM VOLUME DE CIMENTO E AREIA MÉDIA ÚMIDA) COM ADIÇÃO DE IMPERMEABILIZANTE, PREPARO MANUAL. AF_08/2019","M3",766.36,0,849.72,0,861.04,0,788.31,0,null,"Argamassas",100486,"ARGAMASSA TRAÇO 1:4 (EM VOLUME DE CIMENTO E AREIA MÉDIA ÚMIDA) COM ADIÇÃO DE IMPERMEABILIZANTE, PREPARO MANUAL. AF_08/2019","M3",758.46,0,837.87,0,857.09,0,788,0]
["Argamassas",100482,"ARGAMASSA TRAÇO 1:4 (EM VOLUME DE CIMENTO E AREIA MÉDIA ÚMIDA) COM ADIÇÃO DE IMPERMEABILIZANTE, PREPARO MECÂNICO COM BETONEIRA 250 L. AF_08/2019","M3",0,null,0,null,0,null,0,null,null,"Argamassas",100482,"ARGAMASSA TRAÇO 1:4 (EM VOLUME DE CIMENTO E AREIA MÉDIA ÚMIDA) COM ADIÇÃO DE IMPERMEABILIZANTE, PREPARO MECÂNICO COM BETONEIRA 250 L. AF_08/2019","M3",0,null,0,null,0,null,0]
["Argamassas",100481,"ARGAMASSA TRAÇO 1:4 (EM VOLUME DE CIMENTO E AREIA MÉDIA ÚMIDA) COM ADIÇÃO DE IMPERMEABILIZANTE, PREPARO MECÂNICO COM BETONEIRA 400 L. AF_08/2019","M3",643.76,0,737.24,0,739.09,0,690.06,0,null,"Argamassas",100481,"ARGAMASSA TRAÇO 1:4 (EM VOLUME DE CIMENTO E AREIA MÉDIA ÚMIDA) COM ADIÇÃO DE IMPERMEABILIZANTE, PREPARO MECÂNICO COM BETONEIRA 400 L. AF_08/2019","M3",635.95000000000005,0,725.54,0,735.03,0,687.48,0]
["Argamassas",100492,"ARGAMASSA TRAÇO 1:4 (EM VOLUME DE CIMENTO E AREIA MÉDIA ÚMIDA) COM ADIÇÃO DE IMPERMEABILIZANTE, PREPARO MECÂNICO COM BETONEIRA 600 L. AF_08/2019","M3",645.6,0,738.38,0,736.64,0,685.43,0,null,"Argamassas",100492,"ARGAMASSA TRAÇO 1:4 (EM VOLUME DE CIMENTO E AREIA MÉDIA ÚMIDA) COM ADIÇÃO DE IMPERMEABILIZANTE, PREPARO MECÂNICO COM BETONEIRA 600 L. AF_08/2019","M3",637.78,0,726.56,0,732.33,0,683.45,0]
["Argamassas",100483,"ARGAMASSA TRAÇO 1:4 (EM VOLUME DE CIMENTO E AREIA MÉDIA ÚMIDA) COM ADIÇÃO DE IMPERMEABILIZANTE, PREPARO MECÂNICO COM MISTURADOR DE EIXO HORIZONTAL DE 160 KG. AF_08/2019","M3",684.79,0,780.01,0,794.33,0,750.49,0,null,"Argamassas",100483,"ARGAMASSA TRAÇO 1:4 (EM VOLUME DE CIMENTO E AREIA MÉDIA ÚMIDA) COM ADIÇÃO DE IMPERMEABILIZANTE, PREPARO MECÂNICO COM MISTURADOR DE EIXO HORIZONTAL DE 160 KG. AF_08/2019","M3",677.29,0,768.64,0,789.95,0,746.25,0]
["Argamassas",100484,"ARGAMASSA TRAÇO 1:4 (EM VOLUME DE CIMENTO E AREIA MÉDIA ÚMIDA) COM ADIÇÃO DE IMPERMEABILIZANTE, PREPARO MECÂNICO COM MISTURADOR DE EIXO HORIZONTAL DE 300 KG. AF_08/2019","M3",641.01,0,733.76,0,736.28,0,690,0,null,"Argamassas",100484,"ARGAMASSA TRAÇO 1:4 (EM VOLUME DE CIMENTO E AREIA MÉDIA ÚMIDA) COM ADIÇÃO DE IMPERMEABILIZANTE, PREPARO MECÂNICO COM MISTURADOR DE EIXO HORIZONTAL DE 300 KG. AF_08/2019","M3",633.4,0,722.29,0,732.05,0,687.12,0]
["Argamassas",100485,"ARGAMASSA TRAÇO 1:4 (EM VOLUME DE CIMENTO E AREIA MÉDIA ÚMIDA) COM ADIÇÃO DE IMPERMEABILIZANTE, PREPARO MECÂNICO COM MISTURADOR DE EIXO HORIZONTAL DE 600 KG. AF_08/2019","M3",625.17999999999995,0,716.24,0,711.73,0,661.64,0,null,"Argamassas",100485,"ARGAMASSA TRAÇO 1:4 (EM VOLUME DE CIMENTO E AREIA MÉDIA ÚMIDA) COM ADIÇÃO DE IMPERMEABILIZANTE, PREPARO MECÂNICO COM MISTURADOR DE EIXO HORIZONTAL DE 600 KG. AF_08/2019","M3",617.47,0,704.67,0,707.59,0,659.86,0]
["Argamassas",87373,"ARGAMASSA TRAÇO 1:4 (EM VOLUME DE CIMENTO E AREIA MÉDIA ÚMIDA) PARA CONTRAPISO, PREPARO MANUAL. AF_08/2019","M3",776.85,0,828.58,0,858.66,0,817.72,0,null,"Argamassas",87373,"ARGAMASSA TRAÇO 1:4 (EM VOLUME DE CIMENTO E AREIA MÉDIA ÚMIDA) PARA CONTRAPISO, PREPARO MANUAL. AF_08/2019","M3",767.76,0,814.94,0,854.11,0,817.72,0]
["Argamassas",100454,"ARGAMASSA TRAÇO 1:4 (EM VOLUME DE CIMENTO E AREIA MÉDIA ÚMIDA) PARA CONTRAPISO, PREPARO MECÂNICO COM BETONEIRA 250 L. AF_08/2019","M3",0,null,0,null,0,null,0,null,null,"Argamassas",100454,"ARGAMASSA TRAÇO 1:4 (EM VOLUME DE CIMENTO E AREIA MÉDIA ÚMIDA) PARA CONTRAPISO, PREPARO MECÂNICO COM BETONEIRA 250 L. AF_08/2019","M3",0,null,0,null,0,null,0]
["Argamassas",87301,"ARGAMASSA TRAÇO 1:4 (EM VOLUME DE CIMENTO E AREIA MÉDIA ÚMIDA) PARA CONTRAPISO, PREPARO MECÂNICO COM BETONEIRA 400 L. AF_08/2019","M3",638.58000000000004,0,705.88,0,724.42,0,713.83,0,null,"Argamassas",87301,"ARGAMASSA TRAÇO 1:4 (EM VOLUME DE CIMENTO E AREIA MÉDIA ÚMIDA) PARA CONTRAPISO, PREPARO MECÂNICO COM BETONEIRA 400 L. AF_08/2019","M3",629.37,0,692.09,0,719.59,0,710.7,0]
["Argamassas",87302,"ARGAMASSA TRAÇO 1:4 (EM VOLUME DE CIMENTO E AREIA MÉDIA ÚMIDA) PARA CONTRAPISO, PREPARO MECÂNICO COM BETONEIRA 600 L. AF_08/2019","M3",632.05999999999995,0,698.08,0,711.11,0,697.84,0,null,"Argamassas",87302,"ARGAMASSA TRAÇO 1:4 (EM VOLUME DE CIMENTO E AREIA MÉDIA ÚMIDA) PARA CONTRAPISO, PREPARO MECÂNICO COM BETONEIRA 600 L. AF_08/2019","M3",622.86,0,684.17,0,705.98,0,695.62,0]
["Argamassas",87342,"ARGAMASSA TRAÇO 1:4 (EM VOLUME DE CIMENTO E AREIA MÉDIA ÚMIDA) PARA CONTRAPISO, PREPARO MECÂNICO COM MISTURADOR DE EIXO HORIZONTAL DE 160 KG. AF_08/2019","M3",703.19,0,774.11,0,810.9,0,805.33,0,null,"Argamassas",87342,"ARGAMASSA TRAÇO 1:4 (EM VOLUME DE CIMENTO E AREIA MÉDIA ÚMIDA) PARA CONTRAPISO, PREPARO MECÂNICO COM MISTURADOR DE EIXO HORIZONTAL DE 160 KG. AF_08/2019","M3",694.43,0,760.8,0,805.62,0,799.86,0]
["Argamassas",87343,"ARGAMASSA TRAÇO 1:4 (EM VOLUME DE CIMENTO E AREIA MÉDIA ÚMIDA) PARA CONTRAPISO, PREPARO MECÂNICO COM MISTURADOR DE EIXO HORIZONTAL DE 300 KG. AF_08/2019","M3",638.4,0,705.5,0,725.23,0,716.6,0,null,"Argamassas",87343,"ARGAMASSA TRAÇO 1:4 (EM VOLUME DE CIMENTO E AREIA MÉDIA ÚMIDA) PARA CONTRAPISO, PREPARO MECÂNICO COM MISTURADOR DE EIXO HORIZONTAL DE 300 KG. AF_08/2019","M3",629.48,0,692.05,0,720.2,0,713.11,0]
["Argamassas",87344,"ARGAMASSA TRAÇO 1:4 (EM VOLUME DE CIMENTO E AREIA MÉDIA ÚMIDA) PARA CONTRAPISO, PREPARO MECÂNICO COM MISTURADOR DE EIXO HORIZONTAL DE 600 KG. AF_08/2019","M3",603.94000000000005,0,668.16,0,676.75,0,664.15,0,null,"Argamassas",87344,"ARGAMASSA TRAÇO 1:4 (EM VOLUME DE CIMENTO E AREIA MÉDIA ÚMIDA) PARA CONTRAPISO, PREPARO MECÂNICO COM MISTURADOR DE EIXO HORIZONTAL DE 600 KG. AF_08/2019","M3",594.91,0,654.59,0,671.86,0,662.22,0]
["Argamassas",88631,"ARGAMASSA TRAÇO 1:4 (EM VOLUME DE CIMENTO E AREIA MÉDIA ÚMIDA), PREPARO MANUAL. AF_08/2019","M3",638.82000000000005,0,684.21,0,705.6,0,673.48,0,null,"Argamassas",88631,"ARGAMASSA TRAÇO 1:4 (EM VOLUME DE CIMENTO E AREIA MÉDIA ÚMIDA), PREPARO MANUAL. AF_08/2019","M3",631.03,0,672.53,0,701.71,0,673.48,0]
["Argamassas",100471,"ARGAMASSA TRAÇO 1:4 (EM VOLUME DE CIMENTO E AREIA MÉDIA ÚMIDA), PREPARO MECÂNICO COM BETONEIRA 250 L. AF_08/2019","M3",0,null,0,null,0,null,0,null,null,"Argamassas",100471,"ARGAMASSA TRAÇO 1:4 (EM VOLUME DE CIMENTO E AREIA MÉDIA ÚMIDA), PREPARO MECÂNICO COM BETONEIRA 250 L. AF_08/2019","M3",0,null,0,null,0,null,0]
["Argamassas",100490,"ARGAMASSA TRAÇO 1:4 (EM VOLUME DE CIMENTO E AREIA MÉDIA ÚMIDA), PREPARO MECÂNICO COM BETONEIRA 600 L. AF_08/2019","M3",523.85,0,578.85,0,587.34,0,575.26,0,null,"Argamassas",100490,"ARGAMASSA TRAÇO 1:4 (EM VOLUME DE CIMENTO E AREIA MÉDIA ÚMIDA), PREPARO MECÂNICO COM BETONEIRA 600 L. AF_08/2019","M3",516.07000000000005,0,567.09,0,583.07000000000005,0,573.73,0]
["Argamassas",100472,"ARGAMASSA TRAÇO 1:4 (EM VOLUME DE CIMENTO E AREIA MÉDIA ÚMIDA), PREPARO MECÂNICO COM MISTURADOR DE EIXO HORIZONTAL DE 160 KG. AF_08/2019","M3",568.11,0,626.77,0,650.55999999999995,0,644.46,0,null,"Argamassas",100472,"ARGAMASSA TRAÇO 1:4 (EM VOLUME DE CIMENTO E AREIA MÉDIA ÚMIDA), PREPARO MECÂNICO COM MISTURADOR DE EIXO HORIZONTAL DE 160 KG. AF_08/2019","M3",560.62,0,615.41,0,646.20000000000005,0,640.69000000000005,0]
["Argamassas",100473,"ARGAMASSA TRAÇO 1:4 (EM VOLUME DE CIMENTO E AREIA MÉDIA ÚMIDA), PREPARO MECÂNICO COM MISTURADOR DE EIXO HORIZONTAL DE 300 KG. AF_08/2019","M3",523.27,0,579.14,0,591.36,0,582.94000000000005,0,null,"Argamassas",100473,"ARGAMASSA TRAÇO 1:4 (EM VOLUME DE CIMENTO E AREIA MÉDIA ÚMIDA), PREPARO MECÂNICO COM MISTURADOR DE EIXO HORIZONTAL DE 300 KG. AF_08/2019","M3",515.66999999999996,0,567.71,0,587.16,0,580.55999999999995,0]
["Argamassas",100474,"ARGAMASSA TRAÇO 1:4 (EM VOLUME DE CIMENTO E AREIA MÉDIA ÚMIDA), PREPARO MECÂNICO COM MISTURADOR DE EIXO HORIZONTAL DE 600 KG. AF_08/2019","M3",505.22,0,559.07000000000005,0,564.63,0,553.07000000000005,0,null,"Argamassas",100474,"ARGAMASSA TRAÇO 1:4 (EM VOLUME DE CIMENTO E AREIA MÉDIA ÚMIDA), PREPARO MECÂNICO COM MISTURADOR DE EIXO HORIZONTAL DE 600 KG. AF_08/2019","M3",497.53,0,547.54,0,560.53,0,551.72,0]
["Argamassas",87379,"ARGAMASSA TRAÇO 1:5 (EM VOLUME DE CIMENTO E AREIA GROSSA ÚMIDA) COM ADIÇÃO DE EMULSÃO POLIMÉRICA PARA CHAPISCO ROLADO, PREPARO MANUAL. AF_08/2019","M3",2940.83,0,3374.71,0,3408.13,0,3090.86,0,null,"Argamassas",87379,"ARGAMASSA TRAÇO 1:5 (EM VOLUME DE CIMENTO E AREIA GROSSA ÚMIDA) COM ADIÇÃO DE EMULSÃO POLIMÉRICA PARA CHAPISCO ROLADO, PREPARO MANUAL. AF_08/2019","M3",3232.57,0,3368.08,0,3290.85,0,3090.86,0]
["Argamassas",100460,"ARGAMASSA TRAÇO 1:5 (EM VOLUME DE CIMENTO E AREIA GROSSA ÚMIDA) COM ADIÇÃO DE EMULSÃO POLIMÉRICA PARA CHAPISCO ROLADO, PREPARO MECÂNICO COM BETONEIRA 250 L. AF_08/2019","M3",0,null,0,null,0,null,0,null,null,"Argamassas",100460,"ARGAMASSA TRAÇO 1:5 (EM VOLUME DE CIMENTO E AREIA GROSSA ÚMIDA) COM ADIÇÃO DE EMULSÃO POLIMÉRICA PARA CHAPISCO ROLADO, PREPARO MECÂNICO COM BETONEIRA 250 L. AF_08/2019","M3",0,null,0,null,0,null,0]
["Argamassas",87319,"ARGAMASSA TRAÇO 1:5 (EM VOLUME DE CIMENTO E AREIA GROSSA ÚMIDA) COM ADIÇÃO DE EMULSÃO POLIMÉRICA PARA CHAPISCO ROLADO, PREPARO MECÂNICO COM BETONEIRA 400 L. AF_08/2019","M3",2811.45,0,3262.22,0,3282.6,0,2992.54,0,null,"Argamassas",87319,"ARGAMASSA TRAÇO 1:5 (EM VOLUME DE CIMENTO E AREIA GROSSA ÚMIDA) COM ADIÇÃO DE EMULSÃO POLIMÉRICA PARA CHAPISCO ROLADO, PREPARO MECÂNICO COM BETONEIRA 400 L. AF_08/2019","M3",3105.14,0,3255.56,0,3164.34,0,2989.74,0]
["Argamassas",87320,"ARGAMASSA TRAÇO 1:5 (EM VOLUME DE CIMENTO E AREIA GROSSA ÚMIDA) COM ADIÇÃO DE EMULSÃO POLIMÉRICA PARA CHAPISCO ROLADO, PREPARO MECÂNICO COM BETONEIRA 600 L. AF_08/2019","M3",2816.56,0,3267.85,0,3283.79,0,2990.37,0,null,"Argamassas",87320,"ARGAMASSA TRAÇO 1:5 (EM VOLUME DE CIMENTO E AREIA GROSSA ÚMIDA) COM ADIÇÃO DE EMULSÃO POLIMÉRICA PARA CHAPISCO ROLADO, PREPARO MECÂNICO COM BETONEIRA 600 L. AF_08/2019","M3",3111.36,0,3261.06,0,3164.8,0,2988.32,0]
["Argamassas",87358,"ARGAMASSA TRAÇO 1:5 (EM VOLUME DE CIMENTO E AREIA GROSSA ÚMIDA) COM ADIÇÃO DE EMULSÃO POLIMÉRICA PARA CHAPISCO ROLADO, PREPARO MECÂNICO COM MISTURADOR DE EIXO HORIZONTAL DE 300 KG. AF_08/2019","M3",2785.84,0,3229.88,0,3255.08,0,2973.32,0,null,"Argamassas",87358,"ARGAMASSA TRAÇO 1:5 (EM VOLUME DE CIMENTO E AREIA GROSSA ÚMIDA) COM ADIÇÃO DE EMULSÃO POLIMÉRICA PARA CHAPISCO ROLADO, PREPARO MECÂNICO COM MISTURADOR DE EIXO HORIZONTAL DE 300 KG. AF_08/2019","M3",3073.56,0,3223.32,0,3138.84,0,2969.7,0]
["Argamassas",87359,"ARGAMASSA TRAÇO 1:5 (EM VOLUME DE CIMENTO E AREIA GROSSA ÚMIDA) COM ADIÇÃO DE EMULSÃO POLIMÉRICA PARA CHAPISCO ROLADO, PREPARO MECÂNICO COM MISTURADOR DE EIXO HORIZONTAL DE 600 KG. AF_08/2019","M3",2758.57,0,3201.05,0,3215.47,0,2928.77,0,null,"Argamassas",87359,"ARGAMASSA TRAÇO 1:5 (EM VOLUME DE CIMENTO E AREIA GROSSA ÚMIDA) COM ADIÇÃO DE EMULSÃO POLIMÉRICA PARA CHAPISCO ROLADO, PREPARO MECÂNICO COM MISTURADOR DE EIXO HORIZONTAL DE 600 KG. AF_08/2019","M3",3047.49,0,3194.48,0,3098.91,0,2926.67,0]
["Argamassas",87376,"ARGAMASSA TRAÇO 1:5 (EM VOLUME DE CIMENTO E AREIA GROSSA ÚMIDA) PARA CHAPISCO CONVENCIONAL, PREPARO MANUAL. AF_08/2019","M3",608.37,0,632.55999999999995,0,683.17,0,638.25,0,null,"Argamassas",87376,"ARGAMASSA TRAÇO 1:5 (EM VOLUME DE CIMENTO E AREIA GROSSA ÚMIDA) PARA CHAPISCO CONVENCIONAL, PREPARO MANUAL. AF_08/2019","M3",602.66999999999996,0,624.01,0,680.32,0,638.25,0]
["Argamassas",100457,"ARGAMASSA TRAÇO 1:5 (EM VOLUME DE CIMENTO E AREIA GROSSA ÚMIDA) PARA CHAPISCO CONVENCIONAL, PREPARO MECÂNICO COM BETONEIRA 250 L. AF_08/2019","M3",0,null,0,null,0,null,0,null,null,"Argamassas",100457,"ARGAMASSA TRAÇO 1:5 (EM VOLUME DE CIMENTO E AREIA GROSSA ÚMIDA) PARA CHAPISCO CONVENCIONAL, PREPARO MECÂNICO COM BETONEIRA 250 L. AF_08/2019","M3",0,null,0,null,0,null,0]
["Argamassas",87310,"ARGAMASSA TRAÇO 1:5 (EM VOLUME DE CIMENTO E AREIA GROSSA ÚMIDA) PARA CHAPISCO CONVENCIONAL, PREPARO MECÂNICO COM BETONEIRA 400 L. AF_08/2019","M3",462.65,0,501.4,0,538.53,0,522.83000000000004,0,null,"Argamassas",87310,"ARGAMASSA TRAÇO 1:5 (EM VOLUME DE CIMENTO E AREIA GROSSA ÚMIDA) PARA CHAPISCO CONVENCIONAL, PREPARO MECÂNICO COM BETONEIRA 400 L. AF_08/2019","M3",456.86,0,492.73,0,535.44000000000005,0,520.04999999999995,0]
["Argamassas",87311,"ARGAMASSA TRAÇO 1:5 (EM VOLUME DE CIMENTO E AREIA GROSSA ÚMIDA) PARA CHAPISCO CONVENCIONAL, PREPARO MECÂNICO COM BETONEIRA 600 L. AF_08/2019","M3",454.75,0,492.21,0,524.41999999999996,0,506.61,0,null,"Argamassas",87311,"ARGAMASSA TRAÇO 1:5 (EM VOLUME DE CIMENTO E AREIA GROSSA ÚMIDA) PARA CHAPISCO CONVENCIONAL, PREPARO MECÂNICO COM BETONEIRA 600 L. AF_08/2019","M3",449,0,483.49,0,521.05999999999995,0,504.6,0]
["Argamassas",87350,"ARGAMASSA TRAÇO 1:5 (EM VOLUME DE CIMENTO E AREIA GROSSA ÚMIDA) PARA CHAPISCO CONVENCIONAL, PREPARO MECÂNICO COM MISTURADOR DE EIXO HORIZONTAL DE 300 KG. AF_08/2019","M3",504.43,0,546.14,0,592.62,0,581.38,0,null,"Argamassas",87350,"ARGAMASSA TRAÇO 1:5 (EM VOLUME DE CIMENTO E AREIA GROSSA ÚMIDA) PARA CHAPISCO CONVENCIONAL, PREPARO MECÂNICO COM MISTURADOR DE EIXO HORIZONTAL DE 300 KG. AF_08/2019","M3",498.86,0,537.70000000000005,0,589.12,0,577.04999999999995,0]
["Argamassas",87351,"ARGAMASSA TRAÇO 1:5 (EM VOLUME DE CIMENTO E AREIA GROSSA ÚMIDA) PARA CHAPISCO CONVENCIONAL, PREPARO MECÂNICO COM MISTURADOR DE EIXO HORIZONTAL DE 600 KG. AF_08/2019","M3",438.7,0,475.21,0,504.78,0,487.7,0,null,"Argamassas",87351,"ARGAMASSA TRAÇO 1:5 (EM VOLUME DE CIMENTO E AREIA GROSSA ÚMIDA) PARA CHAPISCO CONVENCIONAL, PREPARO MECÂNICO COM MISTURADOR DE EIXO HORIZONTAL DE 600 KG. AF_08/2019","M3",433.07,0,466.72,0,501.6,0,485.8,0]
["Argamassas",87374,"ARGAMASSA TRAÇO 1:5 (EM VOLUME DE CIMENTO E AREIA MÉDIA ÚMIDA) PARA CONTRAPISO, PREPARO MANUAL. AF_08/2019","M3",734.6,0,770.17,0,824.64,0,773.43,0,null,"Argamassas",87374,"ARGAMASSA TRAÇO 1:5 (EM VOLUME DE CIMENTO E AREIA MÉDIA ÚMIDA) PARA CONTRAPISO, PREPARO MANUAL. AF_08/2019","M3",726.99,0,758.75,0,820.83,0,773.43,0]
["Argamassas",100455,"ARGAMASSA TRAÇO 1:5 (EM VOLUME DE CIMENTO E AREIA MÉDIA ÚMIDA) PARA CONTRAPISO, PREPARO MECÂNICO COM BETONEIRA 250 L. AF_08/2019","M3",0,null,0,null,0,null,0,null,null,"Argamassas",100455,"ARGAMASSA TRAÇO 1:5 (EM VOLUME DE CIMENTO E AREIA MÉDIA ÚMIDA) PARA CONTRAPISO, PREPARO MECÂNICO COM BETONEIRA 250 L. AF_08/2019","M3",0,null,0,null,0,null,0]
["Argamassas",87304,"ARGAMASSA TRAÇO 1:5 (EM VOLUME DE CIMENTO E AREIA MÉDIA ÚMIDA) PARA CONTRAPISO, PREPARO MECÂNICO COM BETONEIRA 400 L. AF_08/2019","M3",587.17999999999995,0,637.82000000000005,0,678.67,0,657.2,0,null,"Argamassas",87304,"ARGAMASSA TRAÇO 1:5 (EM VOLUME DE CIMENTO E AREIA MÉDIA ÚMIDA) PARA CONTRAPISO, PREPARO MECÂNICO COM BETONEIRA 400 L. AF_08/2019","M3",579.42999999999995,0,626.21,0,674.58,0,654.35,0]
["Argamassas",87305,"ARGAMASSA TRAÇO 1:5 (EM VOLUME DE CIMENTO E AREIA MÉDIA ÚMIDA) PARA CONTRAPISO, PREPARO MECÂNICO COM BETONEIRA 600 L. AF_08/2019","M3",591.22,0,641.22,0,679.15,0,655.81,0,null,"Argamassas",87305,"ARGAMASSA TRAÇO 1:5 (EM VOLUME DE CIMENTO E AREIA MÉDIA ÚMIDA) PARA CONTRAPISO, PREPARO MECÂNICO COM BETONEIRA 600 L. AF_08/2019","M3",583.5,0,629.53,0,674.73,0,653.5,0]
["Argamassas",87345,"ARGAMASSA TRAÇO 1:5 (EM VOLUME DE CIMENTO E AREIA MÉDIA ÚMIDA) PARA CONTRAPISO, PREPARO MECÂNICO COM MISTURADOR DE EIXO HORIZONTAL DE 160 KG. AF_08/2019","M3",640.59,0,694.61,0,750.22,0,733.75,0,null,"Argamassas",87345,"ARGAMASSA TRAÇO 1:5 (EM VOLUME DE CIMENTO E AREIA MÉDIA ÚMIDA) PARA CONTRAPISO, PREPARO MECÂNICO COM MISTURADOR DE EIXO HORIZONTAL DE 160 KG. AF_08/2019","M3",633.25,0,683.43,0,745.75,0,728.87,0]
["Argamassas",87346,"ARGAMASSA TRAÇO 1:5 (EM VOLUME DE CIMENTO E AREIA MÉDIA ÚMIDA) PARA CONTRAPISO, PREPARO MECÂNICO COM MISTURADOR DE EIXO HORIZONTAL DE 300 KG. AF_08/2019","M3",587.29999999999995,0,638.23,0,679.5,0,660.52,0,null,"Argamassas",87346,"ARGAMASSA TRAÇO 1:5 (EM VOLUME DE CIMENTO E AREIA MÉDIA ÚMIDA) PARA CONTRAPISO, PREPARO MECÂNICO COM MISTURADOR DE EIXO HORIZONTAL DE 300 KG. AF_08/2019","M3",579.80999999999995,0,626.91999999999996,0,675.22,0,657.28,0]
["Argamassas",87347,"ARGAMASSA TRAÇO 1:5 (EM VOLUME DE CIMENTO E AREIA MÉDIA ÚMIDA) PARA CONTRAPISO, PREPARO MECÂNICO COM MISTURADOR DE EIXO HORIZONTAL DE 600 KG. AF_08/2019","M3",560.20000000000005,0,608.34,0,641.24,0,618.58000000000004,0,null,"Argamassas",87347,"ARGAMASSA TRAÇO 1:5 (EM VOLUME DE CIMENTO E AREIA MÉDIA ÚMIDA) PARA CONTRAPISO, PREPARO MECÂNICO COM MISTURADOR DE EIXO HORIZONTAL DE 600 KG. AF_08/2019","M3",552.65,0,596.99,0,637.09,0,616.63,0]
["Argamassas",87366,"ARGAMASSA TRAÇO 1:6 (EM VOLUME DE CIMENTO E AREIA MÉDIA ÚMIDA) COM ADIÇÃO DE PLASTIFICANTE PARA EMBOÇO/MASSA ÚNICA/ASSENTAMENTO DE ALVENARIA DE VEDAÇÃO, PREPARO MANUAL. AF_08/2019","M3",639.97,0,659.27,0,726.6,0,672.35,0,null,"Argamassas",87366,"ARGAMASSA TRAÇO 1:6 (EM VOLUME DE CIMENTO E AREIA MÉDIA ÚMIDA) COM ADIÇÃO DE PLASTIFICANTE PARA EMBOÇO/MASSA ÚNICA/ASSENTAMENTO DE ALVENARIA DE VEDAÇÃO, PREPARO MANUAL. AF_08/2019","M3",634.35,0,650.85,0,723.79,0,672.35,0]
["Argamassas",100448,"ARGAMASSA TRAÇO 1:6 (EM VOLUME DE CIMENTO E AREIA MÉDIA ÚMIDA) COM ADIÇÃO DE PLASTIFICANTE PARA EMBOÇO/MASSA ÚNICA/ASSENTAMENTO DE ALVENARIA DE VEDAÇÃO, PREPARO MECÂNICO COM BETONEIRA 250 L. AF_08/2019","M3",0,null,0,null,0,null,0,null,null,"Argamassas",100448,"ARGAMASSA TRAÇO 1:6 (EM VOLUME DE CIMENTO E AREIA MÉDIA ÚMIDA) COM ADIÇÃO DE PLASTIFICANTE PARA EMBOÇO/MASSA ÚNICA/ASSENTAMENTO DE ALVENARIA DE VEDAÇÃO, PREPARO MECÂNICO COM BETONEIRA 250 L. AF_08/2019","M3",0,null,0,null,0,null,0]
["Argamassas",87283,"ARGAMASSA TRAÇO 1:6 (EM VOLUME DE CIMENTO E AREIA MÉDIA ÚMIDA) COM ADIÇÃO DE PLASTIFICANTE PARA EMBOÇO/MASSA ÚNICA/ASSENTAMENTO DE ALVENARIA DE VEDAÇÃO, PREPARO MECÂNICO COM BETONEIRA 400 L. AF_08/2019","M3",489.88,0,523.73,0,576.95000000000005,0,553.29999999999995,0,null,"Argamassas",87283,"ARGAMASSA TRAÇO 1:6 (EM VOLUME DE CIMENTO E AREIA MÉDIA ÚMIDA) COM ADIÇÃO DE PLASTIFICANTE PARA EMBOÇO/MASSA ÚNICA/ASSENTAMENTO DE ALVENARIA DE VEDAÇÃO, PREPARO MECÂNICO COM BETONEIRA 400 L. AF_08/2019","M3",484.22,0,515.32000000000005,0,573.87,0,550.34,0]
["Argamassas",87284,"ARGAMASSA TRAÇO 1:6 (EM VOLUME DE CIMENTO E AREIA MÉDIA ÚMIDA) COM ADIÇÃO DE PLASTIFICANTE PARA EMBOÇO/MASSA ÚNICA/ASSENTAMENTO DE ALVENARIA DE VEDAÇÃO, PREPARO MECÂNICO COM BETONEIRA 600 L. AF_08/2019","M3",483.67,0,516.57000000000005,0,565.59,0,538.87,0,null,"Argamassas",87284,"ARGAMASSA TRAÇO 1:6 (EM VOLUME DE CIMENTO E AREIA MÉDIA ÚMIDA) COM ADIÇÃO DE PLASTIFICANTE PARA EMBOÇO/MASSA ÚNICA/ASSENTAMENTO DE ALVENARIA DE VEDAÇÃO, PREPARO MECÂNICO COM BETONEIRA 600 L. AF_08/2019","M3",478,0,507.94,0,562.26,0,536.79999999999995,0]
["Argamassas",87329,"ARGAMASSA TRAÇO 1:6 (EM VOLUME DE CIMENTO E AREIA MÉDIA ÚMIDA) COM ADIÇÃO DE PLASTIFICANTE PARA EMBOÇO/MASSA ÚNICA/ASSENTAMENTO DE ALVENARIA DE VEDAÇÃO, PREPARO MECÂNICO COM MISTURADOR DE EIXO HORIZONTAL DE 300 KG. AF_08/2019","M3",526.42999999999995,0,563.38,0,625.02,0,605.1,0,null,"Argamassas",87329,"ARGAMASSA TRAÇO 1:6 (EM VOLUME DE CIMENTO E AREIA MÉDIA ÚMIDA) COM ADIÇÃO DE PLASTIFICANTE PARA EMBOÇO/MASSA ÚNICA/ASSENTAMENTO DE ALVENARIA DE VEDAÇÃO, PREPARO MECÂNICO COM MISTURADOR DE EIXO HORIZONTAL DE 300 KG. AF_08/2019","M3",520.94000000000005,0,555.05999999999995,0,621.55999999999995,0,600.83000000000004,0]
["Argamassas",87330,"ARGAMASSA TRAÇO 1:6 (EM VOLUME DE CIMENTO E AREIA MÉDIA ÚMIDA) COM ADIÇÃO DE PLASTIFICANTE PARA EMBOÇO/MASSA ÚNICA/ASSENTAMENTO DE ALVENARIA DE VEDAÇÃO, PREPARO MECÂNICO COM MISTURADOR DE EIXO HORIZONTAL DE 600 KG. AF_08/2019","M3",465.5,0,497.57,0,543,0,517.47,0,null,"Argamassas",87330,"ARGAMASSA TRAÇO 1:6 (EM VOLUME DE CIMENTO E AREIA MÉDIA ÚMIDA) COM ADIÇÃO DE PLASTIFICANTE PARA EMBOÇO/MASSA ÚNICA/ASSENTAMENTO DE ALVENARIA DE VEDAÇÃO, PREPARO MECÂNICO COM MISTURADOR DE EIXO HORIZONTAL DE 600 KG. AF_08/2019","M3",459.94,0,489.2,0,539.84,0,515.52,0]
["Argamassas",87375,"ARGAMASSA TRAÇO 1:6 (EM VOLUME DE CIMENTO E AREIA MÉDIA ÚMIDA) PARA CONTRAPISO, PREPARO MANUAL. AF_08/2019","M3",708.57,0,732.22,0,805.33,0,746.06,0,null,"Argamassas",87375,"ARGAMASSA TRAÇO 1:6 (EM VOLUME DE CIMENTO E AREIA MÉDIA ÚMIDA) PARA CONTRAPISO, PREPARO MANUAL. AF_08/2019","M3",702.01,0,722.39,0,802.05,0,746.06,0]
["Argamassas",100456,"ARGAMASSA TRAÇO 1:6 (EM VOLUME DE CIMENTO E AREIA MÉDIA ÚMIDA) PARA CONTRAPISO, PREPARO MECÂNICO COM BETONEIRA 250 L. AF_08/2019","M3",0,null,0,null,0,null,0,null,null,"Argamassas",100456,"ARGAMASSA TRAÇO 1:6 (EM VOLUME DE CIMENTO E AREIA MÉDIA ÚMIDA) PARA CONTRAPISO, PREPARO MECÂNICO COM BETONEIRA 250 L. AF_08/2019","M3",0,null,0,null,0,null,0]
["Argamassas",87307,"ARGAMASSA TRAÇO 1:6 (EM VOLUME DE CIMENTO E AREIA MÉDIA ÚMIDA) PARA CONTRAPISO, PREPARO MECÂNICO COM BETONEIRA 400 L. AF_08/2019","M3",564.80999999999995,0,603.91,0,665.52,0,636.76,0,null,"Argamassas",87307,"ARGAMASSA TRAÇO 1:6 (EM VOLUME DE CIMENTO E AREIA MÉDIA ÚMIDA) PARA CONTRAPISO, PREPARO MECÂNICO COM BETONEIRA 400 L. AF_08/2019","M3",558.15,0,593.95000000000005,0,661.97,0,633.63,0]
["Argamassas",87308,"ARGAMASSA TRAÇO 1:6 (EM VOLUME DE CIMENTO E AREIA MÉDIA ÚMIDA) PARA CONTRAPISO, PREPARO MECÂNICO COM BETONEIRA 600 L. AF_08/2019","M3",556.64,0,594.73,0,650.28,0,619.71,0,null,"Argamassas",87308,"ARGAMASSA TRAÇO 1:6 (EM VOLUME DE CIMENTO E AREIA MÉDIA ÚMIDA) PARA CONTRAPISO, PREPARO MECÂNICO COM BETONEIRA 600 L. AF_08/2019","M3",550.04,0,584.69000000000005,0,646.41999999999996,0,617.39,0]
["Argamassas",87348,"ARGAMASSA TRAÇO 1:6 (EM VOLUME DE CIMENTO E AREIA MÉDIA ÚMIDA) PARA CONTRAPISO, PREPARO MECÂNICO COM MISTURADOR DE EIXO HORIZONTAL DE 160 KG. AF_08/2019","M3",594.21,0,635.64,0,705.1,0,680.29,0,null,"Argamassas",87348,"ARGAMASSA TRAÇO 1:6 (EM VOLUME DE CIMENTO E AREIA MÉDIA ÚMIDA) PARA CONTRAPISO, PREPARO MECÂNICO COM MISTURADOR DE EIXO HORIZONTAL DE 160 KG. AF_08/2019","M3",587.88,0,626.02,0,701.23,0,675.9,0]
["Argamassas",87349,"ARGAMASSA TRAÇO 1:6 (EM VOLUME DE CIMENTO E AREIA MÉDIA ÚMIDA) PARA CONTRAPISO, PREPARO MECÂNICO COM MISTURADOR DE EIXO HORIZONTAL DE 600 KG. AF_08/2019","M3",525.87,0,562.24,0,611.74,0,581.36,0,null,"Argamassas",87349,"ARGAMASSA TRAÇO 1:6 (EM VOLUME DE CIMENTO E AREIA MÉDIA ÚMIDA) PARA CONTRAPISO, PREPARO MECÂNICO COM MISTURADOR DE EIXO HORIZONTAL DE 600 KG. AF_08/2019","M3",519.35,0,552.44000000000005,0,608.12,0,579.54999999999995,0]
["Argamassas",87365,"ARGAMASSA TRAÇO 1:7 (EM VOLUME DE CIMENTO E AREIA MÉDIA ÚMIDA) COM ADIÇÃO DE PLASTIFICANTE PARA EMBOÇO/MASSA ÚNICA/ASSENTAMENTO DE ALVENARIA DE VEDAÇÃO, PREPARO MANUAL. AF_08/2019","M3",612.04999999999995,0,624.04999999999995,0,701.67,0,643.44000000000005,0,null,"Argamassas",87365,"ARGAMASSA TRAÇO 1:7 (EM VOLUME DE CIMENTO E AREIA MÉDIA ÚMIDA) COM ADIÇÃO DE PLASTIFICANTE PARA EMBOÇO/MASSA ÚNICA/ASSENTAMENTO DE ALVENARIA DE VEDAÇÃO, PREPARO MANUAL. AF_08/2019","M3",607.12,0,616.65,0,699.2,0,643.44000000000005,0]
["Argamassas",100447,"ARGAMASSA TRAÇO 1:7 (EM VOLUME DE CIMENTO E AREIA MÉDIA ÚMIDA) COM ADIÇÃO DE PLASTIFICANTE PARA EMBOÇO/MASSA ÚNICA/ASSENTAMENTO DE ALVENARIA DE VEDAÇÃO, PREPARO MECÂNICO COM BETONEIRA 250 L. AF_08/2019","M3",0,null,0,null,0,null,0,null,null,"Argamassas",100447,"ARGAMASSA TRAÇO 1:7 (EM VOLUME DE CIMENTO E AREIA MÉDIA ÚMIDA) COM ADIÇÃO DE PLASTIFICANTE PARA EMBOÇO/MASSA ÚNICA/ASSENTAMENTO DE ALVENARIA DE VEDAÇÃO, PREPARO MECÂNICO COM BETONEIRA 250 L. AF_08/2019","M3",0,null,0,null,0,null,0]
["Argamassas",87280,"ARGAMASSA TRAÇO 1:7 (EM VOLUME DE CIMENTO E AREIA MÉDIA ÚMIDA) COM ADIÇÃO DE PLASTIFICANTE PARA EMBOÇO/MASSA ÚNICA/ASSENTAMENTO DE ALVENARIA DE VEDAÇÃO, PREPARO MECÂNICO COM BETONEIRA 400 L. AF_08/2019","M3",475.44,0,502.08,0,569.66999999999996,0,540.91999999999996,0,null,"Argamassas",87280,"ARGAMASSA TRAÇO 1:7 (EM VOLUME DE CIMENTO E AREIA MÉDIA ÚMIDA) COM ADIÇÃO DE PLASTIFICANTE PARA EMBOÇO/MASSA ÚNICA/ASSENTAMENTO DE ALVENARIA DE VEDAÇÃO, PREPARO MECÂNICO COM BETONEIRA 400 L. AF_08/2019","M3",470.47,0,494.65,0,566.97,0,537.79999999999995,0]
["Argamassas",87281,"ARGAMASSA TRAÇO 1:7 (EM VOLUME DE CIMENTO E AREIA MÉDIA ÚMIDA) COM ADIÇÃO DE PLASTIFICANTE PARA EMBOÇO/MASSA ÚNICA/ASSENTAMENTO DE ALVENARIA DE VEDAÇÃO, PREPARO MECÂNICO COM BETONEIRA 600 L. AF_08/2019","M3",471.12,0,496.96,0,559.02,0,528.23,0,null,"Argamassas",87281,"ARGAMASSA TRAÇO 1:7 (EM VOLUME DE CIMENTO E AREIA MÉDIA ÚMIDA) COM ADIÇÃO DE PLASTIFICANTE PARA EMBOÇO/MASSA ÚNICA/ASSENTAMENTO DE ALVENARIA DE VEDAÇÃO, PREPARO MECÂNICO COM BETONEIRA 600 L. AF_08/2019","M3",466.17,0,489.39,0,555.97,0,525.91,0]
["Argamassas",87327,"ARGAMASSA TRAÇO 1:7 (EM VOLUME DE CIMENTO E AREIA MÉDIA ÚMIDA) COM ADIÇÃO DE PLASTIFICANTE PARA EMBOÇO/MASSA ÚNICA/ASSENTAMENTO DE ALVENARIA DE VEDAÇÃO, PREPARO MECÂNICO COM MISTURADOR DE EIXO HORIZONTAL DE 300 KG. AF_08/2019","M3",496,0,524.88,0,595.27,0,570.04,0,null,"Argamassas",87327,"ARGAMASSA TRAÇO 1:7 (EM VOLUME DE CIMENTO E AREIA MÉDIA ÚMIDA) COM ADIÇÃO DE PLASTIFICANTE PARA EMBOÇO/MASSA ÚNICA/ASSENTAMENTO DE ALVENARIA DE VEDAÇÃO, PREPARO MECÂNICO COM MISTURADOR DE EIXO HORIZONTAL DE 300 KG. AF_08/2019","M3",491.17,0,517.55999999999995,0,592.20000000000005,0,566.11,0]
["Argamassas",87328,"ARGAMASSA TRAÇO 1:7 (EM VOLUME DE CIMENTO E AREIA MÉDIA ÚMIDA) COM ADIÇÃO DE PLASTIFICANTE PARA EMBOÇO/MASSA ÚNICA/ASSENTAMENTO DE ALVENARIA DE VEDAÇÃO, PREPARO MECÂNICO COM MISTURADOR DE EIXO HORIZONTAL DE 600 KG. AF_08/2019","M3",442.48,0,466.94,0,522.80999999999995,0,492.39,0,null,"Argamassas",87328,"ARGAMASSA TRAÇO 1:7 (EM VOLUME DE CIMENTO E AREIA MÉDIA ÚMIDA) COM ADIÇÃO DE PLASTIFICANTE PARA EMBOÇO/MASSA ÚNICA/ASSENTAMENTO DE ALVENARIA DE VEDAÇÃO, PREPARO MECÂNICO COM MISTURADOR DE EIXO HORIZONTAL DE 600 KG. AF_08/2019","M3",437.57,0,459.57,0,519.98,0,490.54,0]
["Argamassas",87410,"ARGAMASSA À BASE DE GESSO, MISTURA E PROJEÇÃO DE 1,5 M³/H DE ARGAMASSA. AF_08/2019","M3",852.96,0,878.92,0,854.22,0,918.39,0,null,"Argamassas",87410,"ARGAMASSA À BASE DE GESSO, MISTURA E PROJEÇÃO DE 1,5 M³/H DE ARGAMASSA. AF_08/2019","M3",853.35,0,878.46,0,839.46,0,914.63,0]
["Armação de Estacas",95577,"MONTAGEM DE ARMADURA DE ESTACAS, DIÂMETRO = 10,0 MM. AF_09/2021_PS","KG",9.6999999999999993,1.1299999999999999E-2,9.49,1.1599999999999999E-2,10.16,1.0800000000000001E-2,10.39,0,null,"Armação de Estacas",95577,"MONTAGEM DE ARMADURA DE ESTACAS, DIÂMETRO = 10,0 MM. AF_09/2021_PS","KG",10.34,1.06E-2,9.48,1.1599999999999999E-2,9.8000000000000007,1.12E-2,10.63,0]
["Armação de Estacas",95578,"MONTAGEM DE ARMADURA DE ESTACAS, DIÂMETRO = 12,5 MM. AF_09/2021_PS","KG",8.01,0.01,7.85,1.0200000000000001E-2,8.3699999999999992,9.5999999999999992E-3,8.57,0,null,"Armação de Estacas",95578,"MONTAGEM DE ARMADURA DE ESTACAS, DIÂMETRO = 12,5 MM. AF_09/2021_PS","KG",8.56,9.2999999999999992E-3,7.84,1.0200000000000001E-2,8.07,9.9000000000000008E-3,8.7799999999999994,0]
["Armação de Estacas",95579,"MONTAGEM DE ARMADURA DE ESTACAS, DIÂMETRO = 16,0 MM. AF_09/2021_PS","KG",7.65,5.1999999999999998E-3,7.52,5.3E-3,8.01,5.0000000000000001E-3,8.23,0,null,"Armação de Estacas",95579,"MONTAGEM DE ARMADURA DE ESTACAS, DIÂMETRO = 16,0 MM. AF_09/2021_PS","KG",8.1999999999999993,4.8999999999999998E-3,7.51,5.3E-3,7.71,5.1999999999999998E-3,8.44,0]
["Armação de Estacas",95580,"MONTAGEM DE ARMADURA DE ESTACAS, DIÂMETRO = 20,0 MM. AF_09/2021_PS","KG",8.73,2.3E-3,8.6300000000000008,2.3E-3,9.18,2.2000000000000001E-3,9.4600000000000009,0,null,"Armação de Estacas",95580,"MONTAGEM DE ARMADURA DE ESTACAS, DIÂMETRO = 20,0 MM. AF_09/2021_PS","KG",9.39,2.0999999999999999E-3,8.6199999999999992,2.3E-3,8.82,2.3E-3,9.7100000000000009,0]
["Armação de Estacas",95581,"MONTAGEM DE ARMADURA DE ESTACAS, DIÂMETRO = 25,0 MM. AF_09/2021_PS","KG",8.68,1.1999999999999999E-3,8.59,1.1999999999999999E-3,9.1199999999999992,1.1000000000000001E-3,9.4,0,null,"Armação de Estacas",95581,"MONTAGEM DE ARMADURA DE ESTACAS, DIÂMETRO = 25,0 MM. AF_09/2021_PS","KG",9.34,1.1000000000000001E-3,8.58,1.1999999999999999E-3,8.76,1.1000000000000001E-3,9.65,0]
["Armação de Estacas",95582,"MONTAGEM DE ARMADURA DE ESTACAS, DIÂMETRO = 32,0 MM. AF_09/2021_PS","KG",9.41,0,9.34,0,9.91,0,10.23,0,null,"Armação de Estacas",95582,"MONTAGEM DE ARMADURA DE ESTACAS, DIÂMETRO = 32,0 MM. AF_09/2021_PS","KG",10.130000000000001,0,9.32,0,9.52,0,10.5,0]
["Armação de Estacas",95576,"MONTAGEM DE ARMADURA DE ESTACAS, DIÂMETRO = 8,0 MM. AF_09/2021_PS","KG",11.7,1.37E-2,11.38,1.41E-2,12.26,1.3100000000000001E-2,12.43,0,null,"Armação de Estacas",95576,"MONTAGEM DE ARMADURA DE ESTACAS, DIÂMETRO = 8,0 MM. AF_09/2021_PS","KG",12.38,1.29E-2,11.36,1.41E-2,11.89,1.35E-2,12.68,0]
["Armação de Estacas",95583,"MONTAGEM DE ARMADURA TRANSVERSAL DE ESTACAS DE SEÇÃO CIRCULAR, DIÂMETRO = 5,0 MM. AF_09/2021_PS","KG",15.84,1.6400000000000001E-2,14.99,1.7299999999999999E-2,16.46,1.5800000000000002E-2,16.329999999999998,0,null,"Armação de Estacas",95583,"MONTAGEM DE ARMADURA TRANSVERSAL DE ESTACAS DE SEÇÃO CIRCULAR, DIÂMETRO = 5,0 MM. AF_09/2021_PS","KG",16.43,1.5800000000000002E-2,14.96,1.7399999999999999E-2,16.14,1.61E-2,16.559999999999999,0]
["Armação de Estacas",95584,"MONTAGEM DE ARMADURA TRANSVERSAL DE ESTACAS DE SEÇÃO CIRCULAR, DIÂMETRO = 6,30 MM. AF_09/2021_PS","KG",13.39,1.5699999999999999E-2,12.85,1.6299999999999999E-2,13.97,1.4999999999999999E-2,14.05,0,null,"Armação de Estacas",95584,"MONTAGEM DE ARMADURA TRANSVERSAL DE ESTACAS DE SEÇÃO CIRCULAR, DIÂMETRO = 6,30 MM. AF_09/2021_PS","KG",14.03,1.4999999999999999E-2,12.84,1.6400000000000001E-2,13.62,1.54E-2,14.3,0]
["Armação de Estacas",95593,"MONTAGEM DE ARMADURA TRANSVERSAL DE ESTACAS DE SEÇÃO RETANGULAR, DIÂMETRO = 6,30 MM. AF_09/2021_PS","KG",13.39,1.5699999999999999E-2,12.85,1.6299999999999999E-2,13.97,1.4999999999999999E-2,14.05,0,null,"Armação de Estacas",95593,"MONTAGEM DE ARMADURA TRANSVERSAL DE ESTACAS DE SEÇÃO RETANGULAR, DIÂMETRO = 6,30 MM. AF_09/2021_PS","KG",14.03,1.4999999999999999E-2,12.84,1.6400000000000001E-2,13.62,1.54E-2,14.3,0]
["Armação de Estacas",95592,"MONTAGEM DE ARMADURA TRANVERSAL DE ESTACAS DE SEÇÃO RETANGULAR, DIÂMETRO = 5,0 MM. AF_09/2021_PS","KG",15.84,1.6400000000000001E-2,14.99,1.7299999999999999E-2,16.46,1.5800000000000002E-2,16.329999999999998,0,null,"Armação de Estacas",95592,"MONTAGEM DE ARMADURA TRANVERSAL DE ESTACAS DE SEÇÃO RETANGULAR, DIÂMETRO = 5,0 MM. AF_09/2021_PS","KG",16.43,1.5800000000000002E-2,14.96,1.7399999999999999E-2,16.14,1.61E-2,16.559999999999999,0]
["Armação para Estruturas de Concreto Armado",92919,"ARMAÇÃO DE ESTRUTURAS DIVERSAS DE CONCRETO ARMADO, EXCETO VIGAS, PILARES, LAJES E FUNDAÇÕES, UTILIZANDO AÇO CA-50 DE 10,0 MM - MONTAGEM. AF_06/2022","KG",11.27,9.7999999999999997E-3,10.85,1.01E-2,11.71,9.4000000000000004E-3,11.88,0,null,"Armação para Estruturas de Concreto Armado",92919,"ARMAÇÃO DE ESTRUTURAS DIVERSAS DE CONCRETO ARMADO, EXCETO VIGAS, PILARES, LAJES E FUNDAÇÕES, UTILIZANDO AÇO CA-50 DE 10,0 MM - MONTAGEM. AF_06/2022","KG",11.91,9.1999999999999998E-3,10.85,1.01E-2,11.35,9.7000000000000003E-3,12.12,0]
["Armação para Estruturas de Concreto Armado",92921,"ARMAÇÃO DE ESTRUTURAS DIVERSAS DE CONCRETO ARMADO, EXCETO VIGAS, PILARES, LAJES E FUNDAÇÕES, UTILIZANDO AÇO CA-50 DE 12,5 MM - MONTAGEM. AF_06/2022","KG",9.2100000000000009,8.6999999999999994E-3,8.8800000000000008,8.9999999999999993E-3,9.5399999999999991,8.3999999999999995E-3,9.6999999999999993,0,null,"Armação para Estruturas de Concreto Armado",92921,"ARMAÇÃO DE ESTRUTURAS DIVERSAS DE CONCRETO ARMADO, EXCETO VIGAS, PILARES, LAJES E FUNDAÇÕES, UTILIZANDO AÇO CA-50 DE 12,5 MM - MONTAGEM. AF_06/2022","KG",9.76,8.2000000000000007E-3,8.8800000000000008,8.9999999999999993E-3,9.24,8.6999999999999994E-3,9.91,0]
["Armação para Estruturas de Concreto Armado",92922,"ARMAÇÃO DE ESTRUTURAS DIVERSAS DE CONCRETO ARMADO, EXCETO VIGAS, PILARES, LAJES E FUNDAÇÕES, UTILIZANDO AÇO CA-50 DE 16,0 MM - MONTAGEM. AF_06/2022","KG",8.67,4.5999999999999999E-3,8.39,4.7999999999999996E-3,8.99,4.4000000000000003E-3,9.18,0,null,"Armação para Estruturas de Concreto Armado",92922,"ARMAÇÃO DE ESTRUTURAS DIVERSAS DE CONCRETO ARMADO, EXCETO VIGAS, PILARES, LAJES E FUNDAÇÕES, UTILIZANDO AÇO CA-50 DE 16,0 MM - MONTAGEM. AF_06/2022","KG",9.2200000000000006,4.3E-3,8.39,4.7999999999999996E-3,8.69,4.5999999999999999E-3,9.39,0]
["Armação para Estruturas de Concreto Armado",92923,"ARMAÇÃO DE ESTRUTURAS DIVERSAS DE CONCRETO ARMADO, EXCETO VIGAS, PILARES, LAJES E FUNDAÇÕES, UTILIZANDO AÇO CA-50 DE 20,0 MM - MONTAGEM. AF_06/2022","KG",9.5500000000000007,2.0999999999999999E-3,9.32,2.0999999999999999E-3,9.9700000000000006,2E-3,10.220000000000001,0,null,"Armação para Estruturas de Concreto Armado",92923,"ARMAÇÃO DE ESTRUTURAS DIVERSAS DE CONCRETO ARMADO, EXCETO VIGAS, PILARES, LAJES E FUNDAÇÕES, UTILIZANDO AÇO CA-50 DE 20,0 MM - MONTAGEM. AF_06/2022","KG",10.210000000000001,2E-3,9.32,2.0999999999999999E-3,9.61,2.0999999999999999E-3,10.47,0]
["Armação para Estruturas de Concreto Armado",92924,"ARMAÇÃO DE ESTRUTURAS DIVERSAS DE CONCRETO ARMADO, EXCETO VIGAS, PILARES, LAJES E FUNDAÇÕES, UTILIZANDO AÇO CA-50 DE 25,0 MM - MONTAGEM. AF_06/2022","KG",9.31,1.1000000000000001E-3,9.1199999999999992,1.1000000000000001E-3,9.74,1E-3,9.98,0,null,"Armação para Estruturas de Concreto Armado",92924,"ARMAÇÃO DE ESTRUTURAS DIVERSAS DE CONCRETO ARMADO, EXCETO VIGAS, PILARES, LAJES E FUNDAÇÕES, UTILIZANDO AÇO CA-50 DE 25,0 MM - MONTAGEM. AF_06/2022","KG",9.9700000000000006,1E-3,9.1199999999999992,1.1000000000000001E-3,9.3800000000000008,1.1000000000000001E-3,10.23,0]
["Armação para Estruturas de Concreto Armado",104104,"ARMAÇÃO DE ESTRUTURAS DIVERSAS DE CONCRETO ARMADO, EXCETO VIGAS, PILARES, LAJES E FUNDAÇÕES, UTILIZANDO AÇO CA-50 DE 32,0 MM - MONTAGEM. AF_06/2022","KG",9.61,0,9.48,0,10.07,0,10.38,0,null,"Armação para Estruturas de Concreto Armado",104104,"ARMAÇÃO DE ESTRUTURAS DIVERSAS DE CONCRETO ARMADO, EXCETO VIGAS, PILARES, LAJES E FUNDAÇÕES, UTILIZANDO AÇO CA-50 DE 32,0 MM - MONTAGEM. AF_06/2022","KG",10.33,0,9.4700000000000006,0,9.68,0,10.65,0]
["Armação para Estruturas de Concreto Armado",92916,"ARMAÇÃO DE ESTRUTURAS DIVERSAS DE CONCRETO ARMADO, EXCETO VIGAS, PILARES, LAJES E FUNDAÇÕES, UTILIZANDO AÇO CA-50 DE 6,3 MM - MONTAGEM. AF_06/2022","KG",14.83,1.4200000000000001E-2,14.09,1.49E-2,15.4,1.3599999999999999E-2,15.41,0,null,"Armação para Estruturas de Concreto Armado",92916,"ARMAÇÃO DE ESTRUTURAS DIVERSAS DE CONCRETO ARMADO, EXCETO VIGAS, PILARES, LAJES E FUNDAÇÕES, UTILIZANDO AÇO CA-50 DE 6,3 MM - MONTAGEM. AF_06/2022","KG",15.47,1.3599999999999999E-2,14.09,1.49E-2,15.05,1.4E-2,15.66,0]
["Armação para Estruturas de Concreto Armado",92917,"ARMAÇÃO DE ESTRUTURAS DIVERSAS DE CONCRETO ARMADO, EXCETO VIGAS, PILARES, LAJES E FUNDAÇÕES, UTILIZANDO AÇO CA-50 DE 8,0 MM - MONTAGEM. AF_06/2022","KG",13.11,1.2200000000000001E-2,12.59,1.2699999999999999E-2,13.65,1.17E-2,13.77,0,null,"Armação para Estruturas de Concreto Armado",92917,"ARMAÇÃO DE ESTRUTURAS DIVERSAS DE CONCRETO ARMADO, EXCETO VIGAS, PILARES, LAJES E FUNDAÇÕES, UTILIZANDO AÇO CA-50 DE 8,0 MM - MONTAGEM. AF_06/2022","KG",13.79,1.1599999999999999E-2,12.58,1.2699999999999999E-2,13.28,1.2E-2,14.02,0]
["Armação para Estruturas de Concreto Armado",92915,"ARMAÇÃO DE ESTRUTURAS DIVERSAS DE CONCRETO ARMADO, EXCETO VIGAS, PILARES, LAJES E FUNDAÇÕES, UTILIZANDO AÇO CA-60 DE 5,0 MM - MONTAGEM. AF_06/2022","KG",16.850000000000001,1.54E-2,15.83,1.6400000000000001E-2,17.43,1.49E-2,17.27,0,null,"Armação para Estruturas de Concreto Armado",92915,"ARMAÇÃO DE ESTRUTURAS DIVERSAS DE CONCRETO ARMADO, EXCETO VIGAS, PILARES, LAJES E FUNDAÇÕES, UTILIZANDO AÇO CA-60 DE 5,0 MM - MONTAGEM. AF_06/2022","KG",17.440000000000001,1.49E-2,15.81,1.6400000000000001E-2,17.11,1.52E-2,17.5,0]
["Armação para Estruturas de Concreto Armado",92771,"ARMAÇÃO DE LAJE DE ESTRUTURA CONVENCIONAL DE CONCRETO ARMADO UTILIZANDO AÇO CA-50 DE 10,0 MM - MONTAGEM. AF_06/2022","KG",9.6199999999999992,7.3000000000000001E-3,9.36,7.4999999999999997E-3,10.02,7.0000000000000001E-3,10.26,0,null,"Armação para Estruturas de Concreto Armado",92771,"ARMAÇÃO DE LAJE DE ESTRUTURA CONVENCIONAL DE CONCRETO ARMADO UTILIZANDO AÇO CA-50 DE 10,0 MM - MONTAGEM. AF_06/2022","KG",10.26,6.7999999999999996E-3,9.36,7.4999999999999997E-3,9.66,7.1999999999999998E-3,10.5,0]
["Armação para Estruturas de Concreto Armado",92772,"ARMAÇÃO DE LAJE DE ESTRUTURA CONVENCIONAL DE CONCRETO ARMADO UTILIZANDO AÇO CA-50 DE 12,5 MM - MONTAGEM. AF_06/2022","KG",8.01,3.7000000000000002E-3,7.79,3.8999999999999998E-3,8.31,3.5999999999999999E-3,8.5299999999999994,0,null,"Armação para Estruturas de Concreto Armado",92772,"ARMAÇÃO DE LAJE DE ESTRUTURA CONVENCIONAL DE CONCRETO ARMADO UTILIZANDO AÇO CA-50 DE 12,5 MM - MONTAGEM. AF_06/2022","KG",8.56,3.5000000000000001E-3,7.79,3.8999999999999998E-3,8.01,3.7000000000000002E-3,8.74,0]
["Armação para Estruturas de Concreto Armado",92773,"ARMAÇÃO DE LAJE DE ESTRUTURA CONVENCIONAL DE CONCRETO ARMADO UTILIZANDO AÇO CA-50 DE 16,0 MM - MONTAGEM. AF_06/2022","KG",7.81,0,7.61,0,8.1199999999999992,0,8.34,0,null,"Armação para Estruturas de Concreto Armado",92773,"ARMAÇÃO DE LAJE DE ESTRUTURA CONVENCIONAL DE CONCRETO ARMADO UTILIZANDO AÇO CA-50 DE 16,0 MM - MONTAGEM. AF_06/2022","KG",8.36,0,7.61,0,7.82,0,8.5500000000000007,0]
["Armação para Estruturas de Concreto Armado",92774,"ARMAÇÃO DE LAJE DE ESTRUTURA CONVENCIONAL DE CONCRETO ARMADO UTILIZANDO AÇO CA-50 DE 20,0 MM - MONTAGEM. AF_06/2022","KG",8.94,0,8.77,0,9.34,0,9.61,0,null,"Armação para Estruturas de Concreto Armado",92774,"ARMAÇÃO DE LAJE DE ESTRUTURA CONVENCIONAL DE CONCRETO ARMADO UTILIZANDO AÇO CA-50 DE 20,0 MM - MONTAGEM. AF_06/2022","KG",9.6,0,8.77,0,8.98,0,9.86,0]
["Armação para Estruturas de Concreto Armado",92769,"ARMAÇÃO DE LAJE DE ESTRUTURA CONVENCIONAL DE CONCRETO ARMADO UTILIZANDO AÇO CA-50 DE 6,3 MM - MONTAGEM. AF_06/2022","KG",11.96,2.4199999999999999E-2,11.5,2.52E-2,12.43,2.3300000000000001E-2,12.56,0,null,"Armação para Estruturas de Concreto Armado",92769,"ARMAÇÃO DE LAJE DE ESTRUTURA CONVENCIONAL DE CONCRETO ARMADO UTILIZANDO AÇO CA-50 DE 6,3 MM - MONTAGEM. AF_06/2022","KG",12.6,2.3E-2,11.5,2.52E-2,12.08,2.4E-2,12.81,0]
["Armação para Estruturas de Concreto Armado",92770,"ARMAÇÃO DE LAJE DE ESTRUTURA CONVENCIONAL DE CONCRETO ARMADO UTILIZANDO AÇO CA-50 DE 8,0 MM - MONTAGEM. AF_06/2022","KG",10.93,1.46E-2,10.63,1.5100000000000001E-2,11.41,1.4E-2,11.62,0,null,"Armação para Estruturas de Concreto Armado",92770,"ARMAÇÃO DE LAJE DE ESTRUTURA CONVENCIONAL DE CONCRETO ARMADO UTILIZANDO AÇO CA-50 DE 8,0 MM - MONTAGEM. AF_06/2022","KG",11.61,1.38E-2,10.62,1.5100000000000001E-2,11.04,1.4500000000000001E-2,11.87,0]
["Armação para Estruturas de Concreto Armado",92767,"ARMAÇÃO DE LAJE DE ESTRUTURA CONVENCIONAL DE CONCRETO ARMADO UTILIZANDO AÇO CA-60 DE 4,2 MM - MONTAGEM. AF_06/2022","KG",15.33,3.9800000000000002E-2,14.5,4.2099999999999999E-2,15.85,3.85E-2,15.78,0,null,"Armação para Estruturas de Concreto Armado",92767,"ARMAÇÃO DE LAJE DE ESTRUTURA CONVENCIONAL DE CONCRETO ARMADO UTILIZANDO AÇO CA-60 DE 4,2 MM - MONTAGEM. AF_06/2022","KG",15.92,3.8300000000000001E-2,14.48,4.2099999999999999E-2,15.53,3.9300000000000002E-2,16.010000000000002,0]
["Armação para Estruturas de Concreto Armado",92768,"ARMAÇÃO DE LAJE DE ESTRUTURA CONVENCIONAL DE CONCRETO ARMADO UTILIZANDO AÇO CA-60 DE 5,0 MM - MONTAGEM. AF_06/2022","KG",13.14,3.5000000000000003E-2,12.51,3.6799999999999999E-2,13.61,3.3799999999999997E-2,13.62,0,null,"Armação para Estruturas de Concreto Armado",92768,"ARMAÇÃO DE LAJE DE ESTRUTURA CONVENCIONAL DE CONCRETO ARMADO UTILIZANDO AÇO CA-60 DE 5,0 MM - MONTAGEM. AF_06/2022","KG",13.73,3.3500000000000002E-2,12.49,3.6799999999999999E-2,13.29,3.4599999999999999E-2,13.85,0]
["Armação para Estruturas de Concreto Armado",92762,"ARMAÇÃO DE PILAR OU VIGA DE ESTRUTURA CONVENCIONAL DE CONCRETO ARMADO UTILIZANDO AÇO CA-50 DE 10,0 MM - MONTAGEM. AF_06/2022","KG",10.14,1.0800000000000001E-2,9.83,1.12E-2,10.55,1.04E-2,10.77,0,null,"Armação para Estruturas de Concreto Armado",92762,"ARMAÇÃO DE PILAR OU VIGA DE ESTRUTURA CONVENCIONAL DE CONCRETO ARMADO UTILIZANDO AÇO CA-50 DE 10,0 MM - MONTAGEM. AF_06/2022","KG",10.78,1.0200000000000001E-2,9.83,1.12E-2,10.19,1.0800000000000001E-2,11.01,0]
["Armação para Estruturas de Concreto Armado",92763,"ARMAÇÃO DE PILAR OU VIGA DE ESTRUTURA CONVENCIONAL DE CONCRETO ARMADO UTILIZANDO AÇO CA-50 DE 12,5 MM - MONTAGEM. AF_06/2022","KG",8.4700000000000006,9.4000000000000004E-3,8.2100000000000009,9.7000000000000003E-3,8.7799999999999994,9.1000000000000004E-3,8.9700000000000006,0,null,"Armação para Estruturas de Concreto Armado",92763,"ARMAÇÃO DE PILAR OU VIGA DE ESTRUTURA CONVENCIONAL DE CONCRETO ARMADO UTILIZANDO AÇO CA-50 DE 12,5 MM - MONTAGEM. AF_06/2022","KG",9.02,8.8999999999999999E-3,8.2100000000000009,9.7000000000000003E-3,8.48,9.4000000000000004E-3,9.18,0]
["Armação para Estruturas de Concreto Armado",92764,"ARMAÇÃO DE PILAR OU VIGA DE ESTRUTURA CONVENCIONAL DE CONCRETO ARMADO UTILIZANDO AÇO CA-50 DE 16,0 MM - MONTAGEM. AF_06/2022","KG",8.11,4.8999999999999998E-3,7.89,5.1000000000000004E-3,8.42,4.7999999999999996E-3,8.64,0,null,"Armação para Estruturas de Concreto Armado",92764,"ARMAÇÃO DE PILAR OU VIGA DE ESTRUTURA CONVENCIONAL DE CONCRETO ARMADO UTILIZANDO AÇO CA-50 DE 16,0 MM - MONTAGEM. AF_06/2022","KG",8.66,4.5999999999999999E-3,7.89,5.1000000000000004E-3,8.1199999999999992,4.8999999999999998E-3,8.85,0]
["Armação para Estruturas de Concreto Armado",92765,"ARMAÇÃO DE PILAR OU VIGA DE ESTRUTURA CONVENCIONAL DE CONCRETO ARMADO UTILIZANDO AÇO CA-50 DE 20,0 MM - MONTAGEM. AF_06/2022","KG",9.11,2.2000000000000001E-3,8.93,2.2000000000000001E-3,9.52,2.0999999999999999E-3,9.7899999999999991,0,null,"Armação para Estruturas de Concreto Armado",92765,"ARMAÇÃO DE PILAR OU VIGA DE ESTRUTURA CONVENCIONAL DE CONCRETO ARMADO UTILIZANDO AÇO CA-50 DE 20,0 MM - MONTAGEM. AF_06/2022","KG",9.77,2E-3,8.93,2.2000000000000001E-3,9.16,2.2000000000000001E-3,10.039999999999999,0]
["Armação para Estruturas de Concreto Armado",92766,"ARMAÇÃO DE PILAR OU VIGA DE ESTRUTURA CONVENCIONAL DE CONCRETO ARMADO UTILIZANDO AÇO CA-50 DE 25,0 MM - MONTAGEM. AF_06/2022","KG",8.98,1.1000000000000001E-3,8.82,1.1000000000000001E-3,9.3800000000000008,1.1000000000000001E-3,9.66,0,null,"Armação para Estruturas de Concreto Armado",92766,"ARMAÇÃO DE PILAR OU VIGA DE ESTRUTURA CONVENCIONAL DE CONCRETO ARMADO UTILIZANDO AÇO CA-50 DE 25,0 MM - MONTAGEM. AF_06/2022","KG",9.64,1E-3,8.82,1.1000000000000001E-3,9.02,1.1000000000000001E-3,9.91,0]
["Armação para Estruturas de Concreto Armado",104105,"ARMAÇÃO DE PILAR OU VIGA DE ESTRUTURA CONVENCIONAL DE CONCRETO ARMADO UTILIZANDO AÇO CA-50 DE 32,0 MM. AF_06/2022","KG",9.6199999999999992,0,9.48,0,10.07,0,10.39,0,null,"Armação para Estruturas de Concreto Armado",104105,"ARMAÇÃO DE PILAR OU VIGA DE ESTRUTURA CONVENCIONAL DE CONCRETO ARMADO UTILIZANDO AÇO CA-50 DE 32,0 MM. AF_06/2022","KG",10.34,0,9.4700000000000006,0,9.68,0,10.66,0]
["Armação para Estruturas de Concreto Armado",92760,"ARMAÇÃO DE PILAR OU VIGA DE ESTRUTURA CONVENCIONAL DE CONCRETO ARMADO UTILIZANDO AÇO CA-50 DE 6,3 MM - MONTAGEM. AF_06/2022","KG",12.57,1.67E-2,12.04,1.7399999999999999E-2,13.06,1.61E-2,13.17,0,null,"Armação para Estruturas de Concreto Armado",92760,"ARMAÇÃO DE PILAR OU VIGA DE ESTRUTURA CONVENCIONAL DE CONCRETO ARMADO UTILIZANDO AÇO CA-50 DE 6,3 MM - MONTAGEM. AF_06/2022","KG",13.21,1.5900000000000001E-2,12.04,1.7399999999999999E-2,12.71,1.6500000000000001E-2,13.42,0]
["Armação para Estruturas de Concreto Armado",92761,"ARMAÇÃO DE PILAR OU VIGA DE ESTRUTURA CONVENCIONAL DE CONCRETO ARMADO UTILIZANDO AÇO CA-50 DE 8,0 MM - MONTAGEM. AF_06/2022","KG",11.5,1.3899999999999999E-2,11.14,1.44E-2,11.99,1.3299999999999999E-2,12.18,0,null,"Armação para Estruturas de Concreto Armado",92761,"ARMAÇÃO DE PILAR OU VIGA DE ESTRUTURA CONVENCIONAL DE CONCRETO ARMADO UTILIZANDO AÇO CA-50 DE 8,0 MM - MONTAGEM. AF_06/2022","KG",12.18,1.3100000000000001E-2,11.13,1.44E-2,11.62,1.38E-2,12.43,0]
["Armação para Estruturas de Concreto Armado",92759,"ARMAÇÃO DE PILAR OU VIGA DE ESTRUTURA CONVENCIONAL DE CONCRETO ARMADO UTILIZANDO AÇO CA-60 DE 5,0 MM - MONTAGEM. AF_06/2022","KG",13.78,1.89E-2,13.05,1.9900000000000001E-2,14.26,1.8200000000000001E-2,14.24,0,null,"Armação para Estruturas de Concreto Armado",92759,"ARMAÇÃO DE PILAR OU VIGA DE ESTRUTURA CONVENCIONAL DE CONCRETO ARMADO UTILIZANDO AÇO CA-60 DE 5,0 MM - MONTAGEM. AF_06/2022","KG",14.37,1.8100000000000002E-2,13.03,0.02,13.94,1.8700000000000001E-2,14.47,0]
["Armação para Estruturas de Concreto Armado",104108,"ARMAÇÃO DE PILAR OU VIGA DE ESTRUTURA DE CONCRETO ARMADO EMBUTIDA EM ALVENARIA DE VEDAÇÃO UTILIZANDO AÇO CA-50 DE 10,0 MM - MONTAGEM. AF_06/2022","KG",12.15,9.1000000000000004E-3,11.64,9.4999999999999998E-3,12.62,8.6999999999999994E-3,12.75,0,null,"Armação para Estruturas de Concreto Armado",104108,"ARMAÇÃO DE PILAR OU VIGA DE ESTRUTURA DE CONCRETO ARMADO EMBUTIDA EM ALVENARIA DE VEDAÇÃO UTILIZANDO AÇO CA-50 DE 10,0 MM - MONTAGEM. AF_06/2022","KG",12.79,8.6E-3,11.64,9.4999999999999998E-3,12.26,8.9999999999999993E-3,12.99,0]
["Armação para Estruturas de Concreto Armado",104107,"ARMAÇÃO DE PILAR OU VIGA DE ESTRUTURA DE CONCRETO ARMADO EMBUTIDA EM ALVENARIA DE VEDAÇÃO UTILIZANDO AÇO CA-50 DE 12,5 MM - MONTAGEM. AF_06/2022","KG",10.199999999999999,7.7999999999999996E-3,9.77,8.2000000000000007E-3,10.57,7.6E-3,10.68,0,null,"Armação para Estruturas de Concreto Armado",104107,"ARMAÇÃO DE PILAR OU VIGA DE ESTRUTURA DE CONCRETO ARMADO EMBUTIDA EM ALVENARIA DE VEDAÇÃO UTILIZANDO AÇO CA-50 DE 12,5 MM - MONTAGEM. AF_06/2022","KG",10.75,7.4000000000000003E-3,9.77,8.2000000000000007E-3,10.27,7.7999999999999996E-3,10.89,0]
["Armação para Estruturas de Concreto Armado",104106,"ARMAÇÃO DE PILAR OU VIGA DE ESTRUTURA DE CONCRETO ARMADO EMBUTIDA EM ALVENARIA DE VEDAÇÃO UTILIZANDO AÇO CA-50 DE 16,0 MM - MONTAGEM. AF_06/2022","KG",9.42,4.1999999999999997E-3,9.07,4.4000000000000003E-3,9.77,4.1000000000000003E-3,9.93,0,null,"Armação para Estruturas de Concreto Armado",104106,"ARMAÇÃO DE PILAR OU VIGA DE ESTRUTURA DE CONCRETO ARMADO EMBUTIDA EM ALVENARIA DE VEDAÇÃO UTILIZANDO AÇO CA-50 DE 16,0 MM - MONTAGEM. AF_06/2022","KG",9.9700000000000006,4.0000000000000001E-3,9.07,4.4000000000000003E-3,9.4700000000000006,4.1999999999999997E-3,10.14,0]
["Armação para Estruturas de Concreto Armado",104110,"ARMAÇÃO DE PILAR OU VIGA DE ESTRUTURA DE CONCRETO ARMADO EMBUTIDA EM ALVENARIA DE VEDAÇÃO UTILIZANDO AÇO CA-50 DE 6,3 MM - MONTAGEM. AF_06/2022","KG",17.89,1.17E-2,16.84,1.2500000000000001E-2,18.55,1.1299999999999999E-2,18.41,0,null,"Armação para Estruturas de Concreto Armado",104110,"ARMAÇÃO DE PILAR OU VIGA DE ESTRUTURA DE CONCRETO ARMADO EMBUTIDA EM ALVENARIA DE VEDAÇÃO UTILIZANDO AÇO CA-50 DE 6,3 MM - MONTAGEM. AF_06/2022","KG",18.53,1.1299999999999999E-2,16.84,1.2500000000000001E-2,18.2,1.15E-2,18.66,0]
["Armação para Estruturas de Concreto Armado",104109,"ARMAÇÃO DE PILAR OU VIGA DE ESTRUTURA DE CONCRETO ARMADO EMBUTIDA EM ALVENARIA DE VEDAÇÃO UTILIZANDO AÇO CA-50 DE 8,0 MM - MONTAGEM. AF_06/2022","KG",15.29,1.0500000000000001E-2,14.55,1.0999999999999999E-2,15.89,1.01E-2,15.91,0,null,"Armação para Estruturas de Concreto Armado",104109,"ARMAÇÃO DE PILAR OU VIGA DE ESTRUTURA DE CONCRETO ARMADO EMBUTIDA EM ALVENARIA DE VEDAÇÃO UTILIZANDO AÇO CA-50 DE 8,0 MM - MONTAGEM. AF_06/2022","KG",15.97,0.01,14.54,1.0999999999999999E-2,15.52,1.03E-2,16.16,0]
["Armação para Estruturas de Concreto Armado",104111,"ARMAÇÃO DE PILAR OU VIGA DE ESTRUTURA DE CONCRETO ARMADO EMBUTIDA EM ALVENARIA DE VEDAÇÃO UTILIZANDO AÇO CA-60 DE 5,0 MM - MONTAGEM. AF_06/2022","KG",20.99,1.24E-2,19.55,1.3299999999999999E-2,21.69,1.2E-2,21.34,0,null,"Armação para Estruturas de Concreto Armado",104111,"ARMAÇÃO DE PILAR OU VIGA DE ESTRUTURA DE CONCRETO ARMADO EMBUTIDA EM ALVENARIA DE VEDAÇÃO UTILIZANDO AÇO CA-60 DE 5,0 MM - MONTAGEM. AF_06/2022","KG",21.58,1.2E-2,19.53,1.3299999999999999E-2,21.37,1.2200000000000001E-2,21.57,0]
["Armação para Estruturas de Concreto Armado",92884,"ARMAÇÃO UTILIZANDO AÇO CA-25 DE 10,0 MM - MONTAGEM. AF_06/2022","KG",11.3,9.7000000000000003E-3,10.95,0.01,11.79,9.2999999999999992E-3,11.99,0,null,"Armação para Estruturas de Concreto Armado",92884,"ARMAÇÃO UTILIZANDO AÇO CA-25 DE 10,0 MM - MONTAGEM. AF_06/2022","KG",11.99,9.1999999999999998E-3,10.94,1.01E-2,11.41,9.5999999999999992E-3,12.25,0]
["Armação para Estruturas de Concreto Armado",92885,"ARMAÇÃO UTILIZANDO AÇO CA-25 DE 12,5 MM - MONTAGEM. AF_06/2022","KG",10.58,7.6E-3,10.29,7.7999999999999996E-3,11.04,7.1999999999999998E-3,11.26,0,null,"Armação para Estruturas de Concreto Armado",92885,"ARMAÇÃO UTILIZANDO AÇO CA-25 DE 12,5 MM - MONTAGEM. AF_06/2022","KG",11.27,7.1000000000000004E-3,10.28,7.7999999999999996E-3,10.66,7.4999999999999997E-3,11.52,0]
["Armação para Estruturas de Concreto Armado",92886,"ARMAÇÃO UTILIZANDO AÇO CA-25 DE 16,0 MM - MONTAGEM. AF_06/2022","KG",9.9600000000000009,4.0000000000000001E-3,9.75,4.1000000000000003E-3,10.42,3.8E-3,10.67,0,null,"Armação para Estruturas de Concreto Armado",92886,"ARMAÇÃO UTILIZANDO AÇO CA-25 DE 16,0 MM - MONTAGEM. AF_06/2022","KG",10.65,3.8E-3,9.74,4.1000000000000003E-3,10.039999999999999,4.0000000000000001E-3,10.93,0]
["Armação para Estruturas de Concreto Armado",92887,"ARMAÇÃO UTILIZANDO AÇO CA-25 DE 20,0 MM - MONTAGEM. AF_06/2022","KG",9.7899999999999991,2E-3,9.6199999999999992,2.0999999999999999E-3,10.25,2E-3,10.54,0,null,"Armação para Estruturas de Concreto Armado",92887,"ARMAÇÃO UTILIZANDO AÇO CA-25 DE 20,0 MM - MONTAGEM. AF_06/2022","KG",10.5,1.9E-3,9.61,2.0999999999999999E-3,9.86,2E-3,10.82,0]
["Armação para Estruturas de Concreto Armado",92888,"ARMAÇÃO UTILIZANDO AÇO CA-25 DE 25,0 MM - MONTAGEM. AF_06/2022","KG",9.49,0,9.35,0,9.94,0,10.24,0,null,"Armação para Estruturas de Concreto Armado",92888,"ARMAÇÃO UTILIZANDO AÇO CA-25 DE 25,0 MM - MONTAGEM. AF_06/2022","KG",10.199999999999999,0,9.34,0,9.5500000000000007,0,10.52,0]
["Armação para Estruturas de Concreto Armado",92882,"ARMAÇÃO UTILIZANDO AÇO CA-25 DE 6,3 MM - MONTAGEM. AF_06/2022","KG",12.81,1.6400000000000001E-2,12.16,1.7299999999999999E-2,13.27,1.5800000000000002E-2,13.3,0,null,"Armação para Estruturas de Concreto Armado",92882,"ARMAÇÃO UTILIZANDO AÇO CA-25 DE 6,3 MM - MONTAGEM. AF_06/2022","KG",13.4,1.5699999999999999E-2,12.16,1.7299999999999999E-2,12.95,1.6199999999999999E-2,13.52,0]
["Armação para Estruturas de Concreto Armado",92883,"ARMAÇÃO UTILIZANDO AÇO CA-25 DE 8,0 MM - MONTAGEM. AF_06/2022","KG",11.48,1.3899999999999999E-2,11,1.4500000000000001E-2,11.9,1.34E-2,12.02,0,null,"Armação para Estruturas de Concreto Armado",92883,"ARMAÇÃO UTILIZANDO AÇO CA-25 DE 8,0 MM - MONTAGEM. AF_06/2022","KG",12.09,1.32E-2,11,1.4500000000000001E-2,11.57,1.38E-2,12.25,0]
["Armação para Estruturas de Concreto Armado",92877,"CORTE E DOBRA DE AÇO CA-25, DIÂMETRO DE 10,0 MM. AF_06/2022","KG",8.56,0,8.69,0,9.25,0,9.5299999999999994,0,null,"Armação para Estruturas de Concreto Armado",92877,"CORTE E DOBRA DE AÇO CA-25, DIÂMETRO DE 10,0 MM. AF_06/2022","KG",9.25,0,8.66,0,8.8699999999999992,0,9.7899999999999991,0]
["Armação para Estruturas de Concreto Armado",92878,"CORTE E DOBRA DE AÇO CA-25, DIÂMETRO DE 12,5 MM. AF_06/2022","KG",8.3699999999999992,0,8.52,0,9.0500000000000007,0,9.34,0,null,"Armação para Estruturas de Concreto Armado",92878,"CORTE E DOBRA DE AÇO CA-25, DIÂMETRO DE 12,5 MM. AF_06/2022","KG",9.06,0,8.49,0,8.67,0,9.6,0]
["Armação para Estruturas de Concreto Armado",92879,"CORTE E DOBRA DE AÇO CA-25, DIÂMETRO DE 16,0 MM. AF_06/2022","KG",8.24,0,8.41,0,8.93,0,9.2200000000000006,0,null,"Armação para Estruturas de Concreto Armado",92879,"CORTE E DOBRA DE AÇO CA-25, DIÂMETRO DE 16,0 MM. AF_06/2022","KG",8.93,0,8.3800000000000008,0,8.5500000000000007,0,9.48,0]
["Armação para Estruturas de Concreto Armado",92880,"CORTE E DOBRA DE AÇO CA-25, DIÂMETRO DE 20,0 MM. AF_06/2022","KG",8.41,0,8.58,0,9.11,0,9.41,0,null,"Armação para Estruturas de Concreto Armado",92880,"CORTE E DOBRA DE AÇO CA-25, DIÂMETRO DE 20,0 MM. AF_06/2022","KG",9.1199999999999992,0,8.5500000000000007,0,8.7200000000000006,0,9.69,0]
["Armação para Estruturas de Concreto Armado",92881,"CORTE E DOBRA DE AÇO CA-25, DIÂMETRO DE 25,0 MM. AF_06/2022","KG",8.3800000000000008,0,8.56,0,9.08,0,9.3800000000000008,0,null,"Armação para Estruturas de Concreto Armado",92881,"CORTE E DOBRA DE AÇO CA-25, DIÂMETRO DE 25,0 MM. AF_06/2022","KG",9.09,0,8.5299999999999994,0,8.69,0,9.66,0]
["Armação para Estruturas de Concreto Armado",92875,"CORTE E DOBRA DE AÇO CA-25, DIÂMETRO DE 6,3 MM. AF_06/2022","KG",8.4700000000000006,0,8.4600000000000009,0,9.09,0,9.2799999999999994,0,null,"Armação para Estruturas de Concreto Armado",92875,"CORTE E DOBRA DE AÇO CA-25, DIÂMETRO DE 6,3 MM. AF_06/2022","KG",9.06,0,8.44,0,8.77,0,9.5,0]
["Armação para Estruturas de Concreto Armado",92876,"CORTE E DOBRA DE AÇO CA-25, DIÂMETRO DE 8,0 MM. AF_06/2022","KG",8.0500000000000007,0,8.1199999999999992,0,8.66,0,8.9,0,null,"Armação para Estruturas de Concreto Armado",92876,"CORTE E DOBRA DE AÇO CA-25, DIÂMETRO DE 8,0 MM. AF_06/2022","KG",8.66,0,8.1,0,8.33,0,9.1300000000000008,0]
["Armação para Estruturas de Concreto Armado",92803,"CORTE E DOBRA DE AÇO CA-50, DIÂMETRO DE 10,0 MM. AF_06/2022","KG",7.88,0,8,0,8.51,0,8.7799999999999994,0,null,"Armação para Estruturas de Concreto Armado",92803,"CORTE E DOBRA DE AÇO CA-50, DIÂMETRO DE 10,0 MM. AF_06/2022","KG",8.52,0,7.98,0,8.15,0,9.02,0]
["Armação para Estruturas de Concreto Armado",92804,"CORTE E DOBRA DE AÇO CA-50, DIÂMETRO DE 12,5 MM. AF_06/2022","KG",6.72,0,6.85,0,7.27,0,7.5,0,null,"Armação para Estruturas de Concreto Armado",92804,"CORTE E DOBRA DE AÇO CA-50, DIÂMETRO DE 12,5 MM. AF_06/2022","KG",7.27,0,6.83,0,6.97,0,7.71,0]
["Armação para Estruturas de Concreto Armado",92805,"CORTE E DOBRA DE AÇO CA-50, DIÂMETRO DE 16,0 MM. AF_06/2022","KG",6.63,0,6.76,0,7.18,0,7.41,0,null,"Armação para Estruturas de Concreto Armado",92805,"CORTE E DOBRA DE AÇO CA-50, DIÂMETRO DE 16,0 MM. AF_06/2022","KG",7.18,0,6.74,0,6.88,0,7.62,0]
["Armação para Estruturas de Concreto Armado",92806,"CORTE E DOBRA DE AÇO CA-50, DIÂMETRO DE 20,0 MM. AF_06/2022","KG",7.8,0,7.96,0,8.4499999999999993,0,8.73,0,null,"Armação para Estruturas de Concreto Armado",92806,"CORTE E DOBRA DE AÇO CA-50, DIÂMETRO DE 20,0 MM. AF_06/2022","KG",8.4600000000000009,0,7.94,0,8.09,0,8.98,0]
["Armação para Estruturas de Concreto Armado",92798,"CORTE E DOBRA DE AÇO CA-50, DIÂMETRO DE 25,0 MM. AF_06/2022","KG",7.79,0,7.96,0,8.44,0,8.7200000000000006,0,null,"Armação para Estruturas de Concreto Armado",92798,"CORTE E DOBRA DE AÇO CA-50, DIÂMETRO DE 25,0 MM. AF_06/2022","KG",8.4499999999999993,0,7.94,0,8.08,0,8.9700000000000006,0]
["Armação para Estruturas de Concreto Armado",95448,"CORTE E DOBRA DE AÇO CA-50, DIÂMETRO DE 32 MM. AF_06/2022","KG",8.5399999999999991,0,8.73,0,9.25,0,9.57,0,null,"Armação para Estruturas de Concreto Armado",95448,"CORTE E DOBRA DE AÇO CA-50, DIÂMETRO DE 32 MM. AF_06/2022","KG",9.26,0,8.6999999999999993,0,8.86,0,9.84,0]
["Armação para Estruturas de Concreto Armado",92801,"CORTE E DOBRA DE AÇO CA-50, DIÂMETRO DE 6,3 MM. AF_06/2022","KG",8.7899999999999991,0,8.84,0,9.4600000000000009,0,9.6999999999999993,0,null,"Armação para Estruturas de Concreto Armado",92801,"CORTE E DOBRA DE AÇO CA-50, DIÂMETRO DE 6,3 MM. AF_06/2022","KG",9.43,0,8.82,0,9.11,0,9.9499999999999993,0]
["Armação para Estruturas de Concreto Armado",92802,"CORTE E DOBRA DE AÇO CA-50, DIÂMETRO DE 8,0 MM. AF_06/2022","KG",8.59,0,8.7200000000000006,0,9.2799999999999994,0,9.56,0,null,"Armação para Estruturas de Concreto Armado",92802,"CORTE E DOBRA DE AÇO CA-50, DIÂMETRO DE 8,0 MM. AF_06/2022","KG",9.27,0,8.69,0,8.91,0,9.81,0]
["Armação para Estruturas de Concreto Armado",92799,"CORTE E DOBRA DE AÇO CA-60, DIÂMETRO DE 4,2 MM. AF_06/2022","KG",10.210000000000001,0,10.039999999999999,0,10.88,0,10.99,0,null,"Armação para Estruturas de Concreto Armado",92799,"CORTE E DOBRA DE AÇO CA-60, DIÂMETRO DE 4,2 MM. AF_06/2022","KG",10.8,0,10,0,10.56,0,11.22,0]
["Armação para Estruturas de Concreto Armado",92800,"CORTE E DOBRA DE AÇO CA-60, DIÂMETRO DE 5,0 MM. AF_06/2022","KG",8.9600000000000009,0,8.91,0,9.59,0,9.75,0,null,"Armação para Estruturas de Concreto Armado",92800,"CORTE E DOBRA DE AÇO CA-60, DIÂMETRO DE 5,0 MM. AF_06/2022","KG",9.5500000000000007,0,8.8699999999999992,0,9.27,0,9.98,0]
["Arrasamento de Estacas",95605,"ARRASAMENTO MECANICO DE ESTACA DE CONCRETO ARMADO, DIAMETROS DE 101 CM A 150 CM. AF_05/2021","UN",137.9,2.3199999999999998E-2,133.01,0,151.65,2.1100000000000001E-2,147.97999999999999,0,null,"Arrasamento de Estacas",95605,"ARRASAMENTO MECANICO DE ESTACA DE CONCRETO ARMADO, DIAMETROS DE 101 CM A 150 CM. AF_05/2021","UN",137.88,2.3199999999999998E-2,133.04,0,151.65,2.1100000000000001E-2,146.1,0]
["Arrasamento de Estacas",95602,"ARRASAMENTO MECANICO DE ESTACA DE CONCRETO ARMADO, DIAMETROS DE 41 CM A 60 CM. AF_05/2021","UN",28.36,2.29E-2,27.35,0,31.19,2.0799999999999999E-2,30.43,0,null,"Arrasamento de Estacas",95602,"ARRASAMENTO MECANICO DE ESTACA DE CONCRETO ARMADO, DIAMETROS DE 41 CM A 60 CM. AF_05/2021","UN",28.36,2.29E-2,27.36,0,31.19,2.0799999999999999E-2,30.05,0]
["Arrasamento de Estacas",95603,"ARRASAMENTO MECANICO DE ESTACA DE CONCRETO ARMADO, DIAMETROS DE 61 CM A 80 CM. AF_05/2021","UN",48.39,2.3099999999999999E-2,46.68,0,53.22,2.1000000000000001E-2,51.94,0,null,"Arrasamento de Estacas",95603,"ARRASAMENTO MECANICO DE ESTACA DE CONCRETO ARMADO, DIAMETROS DE 61 CM A 80 CM. AF_05/2021","UN",48.39,2.3099999999999999E-2,46.69,0,53.22,2.1000000000000001E-2,51.28,0]
["Arrasamento de Estacas",95604,"ARRASAMENTO MECANICO DE ESTACA DE CONCRETO ARMADO, DIAMETROS DE 81 CM A 100 CM. AF_05/2021","UN",75.09,2.3199999999999998E-2,72.430000000000007,0,82.59,2.1100000000000001E-2,80.58,0,null,"Arrasamento de Estacas",95604,"ARRASAMENTO MECANICO DE ESTACA DE CONCRETO ARMADO, DIAMETROS DE 81 CM A 100 CM. AF_05/2021","UN",75.09,2.3199999999999998E-2,72.44,0,82.59,2.1100000000000001E-2,79.56,0]
["Arrasamento de Estacas",95601,"ARRASAMENTO MECANICO DE ESTACA DE CONCRETO ARMADO, DIAMETROS DE ATÉ 40 CM. AF_05/2021","UN",17.72,2.2599999999999999E-2,17.09,0,19.489999999999998,2.0500000000000001E-2,19.02,0,null,"Arrasamento de Estacas",95601,"ARRASAMENTO MECANICO DE ESTACA DE CONCRETO ARMADO, DIAMETROS DE ATÉ 40 CM. AF_05/2021","UN",17.71,2.2599999999999999E-2,17.09,0,19.489999999999998,2.0500000000000001E-2,18.77,0]
["Arrasamento de Estacas",102521,"ARRASAMENTO MECÂNICO DE ESTACA BARRETE DE CONCRETO ARMADO, SEÇÃO DE 0,40 X 2,50 M. AF_05/2021","UN",113.76,2.3199999999999998E-2,109.72,0,125.09,2.1100000000000001E-2,122.07,0,null,"Arrasamento de Estacas",102521,"ARRASAMENTO MECÂNICO DE ESTACA BARRETE DE CONCRETO ARMADO, SEÇÃO DE 0,40 X 2,50 M. AF_05/2021","UN",113.75,2.3199999999999998E-2,109.74,0,125.09,2.1100000000000001E-2,120.52,0]
["Arrasamento de Estacas",102522,"ARRASAMENTO MECÂNICO DE ESTACA BARRETE DE CONCRETO ARMADO, SEÇÃO DE 0,60 X 2,50 M. AF_05/2021","UN",166.89,2.3199999999999998E-2,160.97,0,183.53,2.1100000000000001E-2,179.09,0,null,"Arrasamento de Estacas",102522,"ARRASAMENTO MECÂNICO DE ESTACA BARRETE DE CONCRETO ARMADO, SEÇÃO DE 0,60 X 2,50 M. AF_05/2021","UN",166.88,2.3300000000000001E-2,161,0,183.53,2.1100000000000001E-2,176.82,0]
["Arrasamento de Estacas",102523,"ARRASAMENTO MECÂNICO DE ESTACA BARRETE DE CONCRETO ARMADO, SEÇÃO DE 0,80 X 2,50 M. AF_05/2021","UN",220.02,2.3199999999999998E-2,212.21,0,241.95,2.1100000000000001E-2,236.1,0,null,"Arrasamento de Estacas",102523,"ARRASAMENTO MECÂNICO DE ESTACA BARRETE DE CONCRETO ARMADO, SEÇÃO DE 0,80 X 2,50 M. AF_05/2021","UN",220,2.3199999999999998E-2,212.25,0,241.95,2.1100000000000001E-2,233.11,0]
["Arrasamento de Estacas",95608,"ARRASAMENTO MECÂNICO DE ESTACA METÁLICA, PERFIL LAMINADO TIPO H - FAMÍLIA 250. AF_05/2021","UN",31.68,0,36.130000000000003,0.47610000000000002,37.86,0.45429999999999998,33.520000000000003,0,null,"Arrasamento de Estacas",95608,"ARRASAMENTO MECÂNICO DE ESTACA METÁLICA, PERFIL LAMINADO TIPO H - FAMÍLIA 250. AF_05/2021","UN",31.69,0,36.11,0.4763,37.869999999999997,0.45760000000000001,33.520000000000003,0]
["Arrasamento de Estacas",95609,"ARRASAMENTO MECÂNICO DE ESTACA METÁLICA, PERFIL LAMINADO TIPO H - FAMÍLIA 310. AF_05/2021","UN",40.19,0,45.83,0.47589999999999999,48.01,0.45429999999999998,42.5,0,null,"Arrasamento de Estacas",95609,"ARRASAMENTO MECÂNICO DE ESTACA METÁLICA, PERFIL LAMINADO TIPO H - FAMÍLIA 310. AF_05/2021","UN",40.19,0,45.81,0.47610000000000002,48.01,0.45760000000000001,42.5,0]
["Arrasamento de Estacas",95607,"ARRASAMENTO MECÂNICO DE ESTACA METÁLICA, PERFIL LAMINADO TIPO I FAMÍLIA 250. AF_05/2021","UN",21.84,0,24.91,0.47570000000000001,26.09,0.45419999999999999,23.1,0,null,"Arrasamento de Estacas",95607,"ARRASAMENTO MECÂNICO DE ESTACA METÁLICA, PERFIL LAMINADO TIPO I FAMÍLIA 250. AF_05/2021","UN",21.84,0,24.9,0.47589999999999999,26.09,0.45760000000000001,23.1,0]
["Asfalto",95996,"EXECUÇÃO DE PAVIMENTO COM APLICAÇÃO DE CONCRETO ASFÁLTICO, CAMADA DE BINDER - EXCLUSIVE CARGA E TRANSPORTE. AF_11/2019","M3",1299.1500000000001,3.04E-2,1277.92,0.95740000000000003,1413.74,2.7900000000000001E-2,1701.04,1.9900000000000001E-2,null,"Asfalto",95996,"EXECUÇÃO DE PAVIMENTO COM APLICAÇÃO DE CONCRETO ASFÁLTICO, CAMADA DE BINDER - EXCLUSIVE CARGA E TRANSPORTE. AF_11/2019","M3",1321.34,2.98E-2,1260.79,0.95699999999999996,1413.56,2.7799999999999998E-2,1700.56,1.9800000000000002E-2]
["Asfalto",95995,"EXECUÇÃO DE PAVIMENTO COM APLICAÇÃO DE CONCRETO ASFÁLTICO, CAMADA DE ROLAMENTO - EXCLUSIVE CARGA E TRANSPORTE. AF_11/2019","M3",1503.72,3.6600000000000001E-2,1479.78,0.94910000000000005,1635.03,3.3599999999999998E-2,1961.7,2.41E-2,null,"Asfalto",95995,"EXECUÇÃO DE PAVIMENTO COM APLICAÇÃO DE CONCRETO ASFÁLTICO, CAMADA DE ROLAMENTO - EXCLUSIVE CARGA E TRANSPORTE. AF_11/2019","M3",1528.97,3.5799999999999998E-2,1460.19,0.9486,1634.79,3.3500000000000002E-2,1961.03,2.41E-2]
["Asfalto",104372,"EXECUÇÃO DE PAVIMENTO COM APLICAÇÃO DE PRÉ-MISTURADO A FRIO, CAMADA DE BINDER - EXCLUSIVE CARGA E TRANSPORTE. AF_11/2019","M3",0,null,0,null,0,null,0,null,null,"Asfalto",104372,"EXECUÇÃO DE PAVIMENTO COM APLICAÇÃO DE PRÉ-MISTURADO A FRIO, CAMADA DE BINDER - EXCLUSIVE CARGA E TRANSPORTE. AF_11/2019","M3",0,null,0,null,0,null,0]
["Asfalto",104371,"EXECUÇÃO DE PAVIMENTO COM APLICAÇÃO DE PRÉ-MISTURADO A FRIO, CAMADA DE ROLAMENTO - EXCLUSIVE CARGA E TRANSPORTE. AF_11/2019","M3",0,null,0,null,0,null,0,null,null,"Asfalto",104371,"EXECUÇÃO DE PAVIMENTO COM APLICAÇÃO DE PRÉ-MISTURADO A FRIO, CAMADA DE ROLAMENTO - EXCLUSIVE CARGA E TRANSPORTE. AF_11/2019","M3",0,null,0,null,0,null,0]
["Asfalto",96001,"FRESAGEM DE PAVIMENTO ASFÁLTICO (PROFUNDIDADE ATÉ 5,0 CM) - EXCLUSIVE TRANSPORTE. AF_11/2019","M2",6.96,0.69110000000000005,7.18,0.62949999999999995,7.12,0.67559999999999998,7.12,0.57869999999999999,null,"Asfalto",96001,"FRESAGEM DE PAVIMENTO ASFÁLTICO (PROFUNDIDADE ATÉ 5,0 CM) - EXCLUSIVE TRANSPORTE. AF_11/2019","M2",6.9,0.68989999999999996,7.11,0.62870000000000004,7.06,0.67420000000000002,7.06,0.57930000000000004]
["Assentamento de Tubos de Esgoto em PVC e PEAD",94880,"ASSENTAMENTO DE TUBO DE PEAD CORRUGADO DE DUPLA PAREDE PARA REDE COLETORA DE ESGOTO, DN 1000 MM, JUNTA ELÁSTICA INTEGRADA (NÃO INCLUI FORNECIMENTO). AF_01/2021","M",42.45,0.34129999999999999,41.69,0.34760000000000002,45.99,0.31509999999999999,45.65,0,null,"Assentamento de Tubos de Esgoto em PVC e PEAD",94880,"ASSENTAMENTO DE TUBO DE PEAD CORRUGADO DE DUPLA PAREDE PARA REDE COLETORA DE ESGOTO, DN 1000 MM, JUNTA ELÁSTICA INTEGRADA (NÃO INCLUI FORNECIMENTO). AF_01/2021","M",42.01,0.34660000000000002,41.69,0.34920000000000001,46.04,0.31619999999999998,44.63,0]
["Assentamento de Tubos de Esgoto em PVC e PEAD",94882,"ASSENTAMENTO DE TUBO DE PEAD CORRUGADO DE DUPLA PAREDE PARA REDE COLETORA DE ESGOTO, DN 1200 MM, JUNTA ELÁSTICA INTEGRADA (NÃO INCLUI FORNECIMENTO). AF_01/2021","M",49.25,0.34899999999999998,48.41,0.35510000000000003,53.39,0.32200000000000001,52.98,0,null,"Assentamento de Tubos de Esgoto em PVC e PEAD",94882,"ASSENTAMENTO DE TUBO DE PEAD CORRUGADO DE DUPLA PAREDE PARA REDE COLETORA DE ESGOTO, DN 1200 MM, JUNTA ELÁSTICA INTEGRADA (NÃO INCLUI FORNECIMENTO). AF_01/2021","M",48.82,0.35399999999999998,48.41,0.35699999999999998,53.44,0.32340000000000002,51.91,0]
["Assentamento de Tubos de Esgoto em PVC e PEAD",94884,"ASSENTAMENTO DE TUBO DE PEAD CORRUGADO DE DUPLA PAREDE PARA REDE COLETORA DE ESGOTO, DN 1500 MM, JUNTA ELÁSTICA INTEGRADA (NÃO INCLUI FORNECIMENTO). AF_01/2021","M",63.04,0.35949999999999999,62.05,0.36520000000000002,68.39,0.33129999999999998,67.84,0,null,"Assentamento de Tubos de Esgoto em PVC e PEAD",94884,"ASSENTAMENTO DE TUBO DE PEAD CORRUGADO DE DUPLA PAREDE PARA REDE COLETORA DE ESGOTO, DN 1500 MM, JUNTA ELÁSTICA INTEGRADA (NÃO INCLUI FORNECIMENTO). AF_01/2021","M",62.64,0.36370000000000002,62.04,0.36720000000000003,68.45,0.33279999999999998,66.680000000000007,0]
["Assentamento de Tubos de Esgoto em PVC e PEAD",94870,"ASSENTAMENTO DE TUBO DE PEAD CORRUGADO DE DUPLA PAREDE PARA REDE COLETORA DE ESGOTO, DN 250 MM, JUNTA ELÁSTICA INTEGRADA (NÃO INCLUI FORNECIMENTO). AF_01/2021","M",1.88,0,1.8,0,2.16,0,2.08,0,null,"Assentamento de Tubos de Esgoto em PVC e PEAD",94870,"ASSENTAMENTO DE TUBO DE PEAD CORRUGADO DE DUPLA PAREDE PARA REDE COLETORA DE ESGOTO, DN 250 MM, JUNTA ELÁSTICA INTEGRADA (NÃO INCLUI FORNECIMENTO). AF_01/2021","M",1.79,0,1.8,0,2.16,0,1.92,0]
["Assentamento de Tubos de Esgoto em PVC e PEAD",94872,"ASSENTAMENTO DE TUBO DE PEAD CORRUGADO DE DUPLA PAREDE PARA REDE COLETORA DE ESGOTO, DN 300 MM, JUNTA ELÁSTICA INTEGRADA (NÃO INCLUI FORNECIMENTO). AF_01/2021","M",2.61,0,2.4900000000000002,0,3.05,0,2.89,0,null,"Assentamento de Tubos de Esgoto em PVC e PEAD",94872,"ASSENTAMENTO DE TUBO DE PEAD CORRUGADO DE DUPLA PAREDE PARA REDE COLETORA DE ESGOTO, DN 300 MM, JUNTA ELÁSTICA INTEGRADA (NÃO INCLUI FORNECIMENTO). AF_01/2021","M",2.5099999999999998,0,2.4900000000000002,0,3.04,0,2.71,0]
["Assentamento de Tubos de Esgoto em PVC e PEAD",90746,"ASSENTAMENTO DE TUBO DE PEAD CORRUGADO DE DUPLA PAREDE PARA REDE COLETORA DE ESGOTO, DN 450 MM, JUNTA ELÁSTICA INTEGRADA (NÃO INCLUI FORNECIMENTO). AF_01/2021","M",3.34,0,3.19,0,4.18,0,3.81,0,null,"Assentamento de Tubos de Esgoto em PVC e PEAD",90746,"ASSENTAMENTO DE TUBO DE PEAD CORRUGADO DE DUPLA PAREDE PARA REDE COLETORA DE ESGOTO, DN 450 MM, JUNTA ELÁSTICA INTEGRADA (NÃO INCLUI FORNECIMENTO). AF_01/2021","M",3.34,0,3.19,0,4.18,0,3.77,0]
["Assentamento de Tubos de Esgoto em PVC e PEAD",90747,"ASSENTAMENTO DE TUBO DE PEAD CORRUGADO DE DUPLA PAREDE PARA REDE COLETORA DE ESGOTO, DN 600 MM, JUNTA ELÁSTICA INTEGRADA (NÃO INCLUI FORNECIMENTO). AF_01/2021","M",16.8,0.39639999999999997,16.59,0.40139999999999998,18.25,0.3649,18.079999999999998,0,null,"Assentamento de Tubos de Esgoto em PVC e PEAD",90747,"ASSENTAMENTO DE TUBO DE PEAD CORRUGADO DE DUPLA PAREDE PARA REDE COLETORA DE ESGOTO, DN 600 MM, JUNTA ELÁSTICA INTEGRADA (NÃO INCLUI FORNECIMENTO). AF_01/2021","M",16.82,0.3977,16.59,0.40329999999999999,18.28,0.36599999999999999,17.98,0]
["Assentamento de Tubos de Esgoto em PVC e PEAD",94876,"ASSENTAMENTO DE TUBO DE PEAD CORRUGADO DE DUPLA PAREDE PARA REDE COLETORA DE ESGOTO, DN 800 MM, JUNTA ELÁSTICA INTEGRADA (NÃO INCLUI FORNECIMENTO). AF_01/2021","M",28.38,0.35520000000000002,27.9,0.36130000000000001,30.77,0.3276,30.53,0,null,"Assentamento de Tubos de Esgoto em PVC e PEAD",94876,"ASSENTAMENTO DE TUBO DE PEAD CORRUGADO DE DUPLA PAREDE PARA REDE COLETORA DE ESGOTO, DN 800 MM, JUNTA ELÁSTICA INTEGRADA (NÃO INCLUI FORNECIMENTO). AF_01/2021","M",28.16,0.35970000000000002,27.91,0.36299999999999999,30.8,0.32890000000000003,29.97,0]
["Assentamento de Tubos de Esgoto em PVC e PEAD",94878,"ASSENTAMENTO DE TUBO DE PEAD CORRUGADO DE DUPLA PAREDE PARA REDE COLETORA DE ESGOTO, DN 900 MM, JUNTA ELÁSTICA INTEGRADA (NÃO INCLUI FORNECIMENTO). AF_01/2021","M",32.799999999999997,0.36099999999999999,32.28,0.36680000000000001,35.590000000000003,0.3327,35.28,0,null,"Assentamento de Tubos de Esgoto em PVC e PEAD",94878,"ASSENTAMENTO DE TUBO DE PEAD CORRUGADO DE DUPLA PAREDE PARA REDE COLETORA DE ESGOTO, DN 900 MM, JUNTA ELÁSTICA INTEGRADA (NÃO INCLUI FORNECIMENTO). AF_01/2021","M",32.590000000000003,0.36480000000000001,32.28,0.36830000000000002,35.619999999999997,0.33379999999999999,34.700000000000003,0]
["Assentamento de Tubos de Esgoto em PVC e PEAD",90740,"ASSENTAMENTO DE TUBO DE PVC CORRUGADO DE DUPLA PAREDE PARA REDE COLETORA DE ESGOTO, DN 150 MM, JUNTA ELÁSTICA (NÃO INCLUI FORNECIMENTO). AF_01/2021","M",4.07,0,3.9,0,5.0999999999999996,0,4.6500000000000004,0,null,"Assentamento de Tubos de Esgoto em PVC e PEAD",90740,"ASSENTAMENTO DE TUBO DE PVC CORRUGADO DE DUPLA PAREDE PARA REDE COLETORA DE ESGOTO, DN 150 MM, JUNTA ELÁSTICA (NÃO INCLUI FORNECIMENTO). AF_01/2021","M",4.07,0,3.9,0,5.0999999999999996,0,4.5999999999999996,0]
["Assentamento de Tubos de Esgoto em PVC e PEAD",90741,"ASSENTAMENTO DE TUBO DE PVC CORRUGADO DE DUPLA PAREDE PARA REDE COLETORA DE ESGOTO, DN 200 MM, JUNTA ELÁSTICA (NÃO INCLUI FORNECIMENTO). AF_01/2021","M",4.6399999999999997,0,4.45,0,5.82,0,5.31,0,null,"Assentamento de Tubos de Esgoto em PVC e PEAD",90741,"ASSENTAMENTO DE TUBO DE PVC CORRUGADO DE DUPLA PAREDE PARA REDE COLETORA DE ESGOTO, DN 200 MM, JUNTA ELÁSTICA (NÃO INCLUI FORNECIMENTO). AF_01/2021","M",4.6399999999999997,0,4.45,0,5.82,0,5.25,0]
["Assentamento de Tubos de Esgoto em PVC e PEAD",90742,"ASSENTAMENTO DE TUBO DE PVC CORRUGADO DE DUPLA PAREDE PARA REDE COLETORA DE ESGOTO, DN 250 MM, JUNTA ELÁSTICA (NÃO INCLUI FORNECIMENTO). AF_01/2021","M",5.21,0,5,0,6.53,0,5.95,0,null,"Assentamento de Tubos de Esgoto em PVC e PEAD",90742,"ASSENTAMENTO DE TUBO DE PVC CORRUGADO DE DUPLA PAREDE PARA REDE COLETORA DE ESGOTO, DN 250 MM, JUNTA ELÁSTICA (NÃO INCLUI FORNECIMENTO). AF_01/2021","M",5.21,0,5,0,6.53,0,5.89,0]
["Assentamento de Tubos de Esgoto em PVC e PEAD",90743,"ASSENTAMENTO DE TUBO DE PVC CORRUGADO DE DUPLA PAREDE PARA REDE COLETORA DE ESGOTO, DN 300 MM, JUNTA ELÁSTICA (NÃO INCLUI FORNECIMENTO). AF_01/2021","M",5.79,0,5.54,0,7.25,0,6.61,0,null,"Assentamento de Tubos de Esgoto em PVC e PEAD",90743,"ASSENTAMENTO DE TUBO DE PVC CORRUGADO DE DUPLA PAREDE PARA REDE COLETORA DE ESGOTO, DN 300 MM, JUNTA ELÁSTICA (NÃO INCLUI FORNECIMENTO). AF_01/2021","M",5.79,0,5.54,0,7.25,0,6.54,0]
["Assentamento de Tubos de Esgoto em PVC e PEAD",90744,"ASSENTAMENTO DE TUBO DE PVC CORRUGADO DE DUPLA PAREDE PARA REDE COLETORA DE ESGOTO, DN 350 MM, JUNTA ELÁSTICA (NÃO INCLUI FORNECIMENTO). AF_01/2021","M",6.36,0,6.09,0,7.96,0,7.26,0,null,"Assentamento de Tubos de Esgoto em PVC e PEAD",90744,"ASSENTAMENTO DE TUBO DE PVC CORRUGADO DE DUPLA PAREDE PARA REDE COLETORA DE ESGOTO, DN 350 MM, JUNTA ELÁSTICA (NÃO INCLUI FORNECIMENTO). AF_01/2021","M",6.36,0,6.09,0,7.96,0,7.18,0]
["Assentamento de Tubos de Esgoto em PVC e PEAD",90745,"ASSENTAMENTO DE TUBO DE PVC CORRUGADO DE DUPLA PAREDE PARA REDE COLETORA DE ESGOTO, DN 400 MM, JUNTA ELÁSTICA (NÃO INCLUI FORNECIMENTO). AF_01/2021","M",9.8800000000000008,0.27429999999999999,9.6999999999999993,0.27939999999999998,10.97,0.247,10.98,0,null,"Assentamento de Tubos de Esgoto em PVC e PEAD",90745,"ASSENTAMENTO DE TUBO DE PVC CORRUGADO DE DUPLA PAREDE PARA REDE COLETORA DE ESGOTO, DN 400 MM, JUNTA ELÁSTICA (NÃO INCLUI FORNECIMENTO). AF_01/2021","M",9.8699999999999992,0.27460000000000001,9.69,0.2797,10.96,0.24729999999999999,10.87,0]
["Assentamento de Tubos de Esgoto em PVC e PEAD",90733,"ASSENTAMENTO DE TUBO DE PVC PARA REDE COLETORA DE ESGOTO DE PAREDE MACIÇA, DN 100 MM, JUNTA ELÁSTICA (NÃO INCLUI FORNECIMENTO). AF_01/2021","M",3.08,0,2.95,0,3.86,0,3.52,0,null,"Assentamento de Tubos de Esgoto em PVC e PEAD",90733,"ASSENTAMENTO DE TUBO DE PVC PARA REDE COLETORA DE ESGOTO DE PAREDE MACIÇA, DN 100 MM, JUNTA ELÁSTICA (NÃO INCLUI FORNECIMENTO). AF_01/2021","M",3.08,0,2.95,0,3.86,0,3.48,0]
["Assentamento de Tubos de Esgoto em PVC e PEAD",90734,"ASSENTAMENTO DE TUBO DE PVC PARA REDE COLETORA DE ESGOTO DE PAREDE MACIÇA, DN 150 MM, JUNTA ELÁSTICA, (NÃO INCLUI FORNECIMENTO). AF_01/2021","M",3.65,0,3.5,0,4.58,0,4.17,0,null,"Assentamento de Tubos de Esgoto em PVC e PEAD",90734,"ASSENTAMENTO DE TUBO DE PVC PARA REDE COLETORA DE ESGOTO DE PAREDE MACIÇA, DN 150 MM, JUNTA ELÁSTICA, (NÃO INCLUI FORNECIMENTO). AF_01/2021","M",3.65,0,3.5,0,4.58,0,4.13,0]
["Assentamento de Tubos de Esgoto em PVC e PEAD",90735,"ASSENTAMENTO DE TUBO DE PVC PARA REDE COLETORA DE ESGOTO DE PAREDE MACIÇA, DN 200 MM, JUNTA ELÁSTICA (NÃO INCLUI FORNECIMENTO). AF_01/2021","M",4.22,0,4.05,0,5.29,0,4.83,0,null,"Assentamento de Tubos de Esgoto em PVC e PEAD",90735,"ASSENTAMENTO DE TUBO DE PVC PARA REDE COLETORA DE ESGOTO DE PAREDE MACIÇA, DN 200 MM, JUNTA ELÁSTICA (NÃO INCLUI FORNECIMENTO). AF_01/2021","M",4.22,0,4.05,0,5.29,0,4.7699999999999996,0]
["Assentamento de Tubos de Esgoto em PVC e PEAD",90736,"ASSENTAMENTO DE TUBO DE PVC PARA REDE COLETORA DE ESGOTO DE PAREDE MACIÇA, DN 250 MM, JUNTA ELÁSTICA (NÃO INCLUI FORNECIMENTO). AF_01/2021","M",4.8,0,4.59,0,6.01,0,5.48,0,null,"Assentamento de Tubos de Esgoto em PVC e PEAD",90736,"ASSENTAMENTO DE TUBO DE PVC PARA REDE COLETORA DE ESGOTO DE PAREDE MACIÇA, DN 250 MM, JUNTA ELÁSTICA (NÃO INCLUI FORNECIMENTO). AF_01/2021","M",4.8,0,4.59,0,6.01,0,5.41,0]
["Assentamento de Tubos de Esgoto em PVC e PEAD",90737,"ASSENTAMENTO DE TUBO DE PVC PARA REDE COLETORA DE ESGOTO DE PAREDE MACIÇA, DN 300 MM, JUNTA ELÁSTICA (NÃO INCLUI FORNECIMENTO). AF_01/2021","M",5.37,0,5.14,0,6.73,0,6.13,0,null,"Assentamento de Tubos de Esgoto em PVC e PEAD",90737,"ASSENTAMENTO DE TUBO DE PVC PARA REDE COLETORA DE ESGOTO DE PAREDE MACIÇA, DN 300 MM, JUNTA ELÁSTICA (NÃO INCLUI FORNECIMENTO). AF_01/2021","M",5.37,0,5.14,0,6.73,0,6.06,0]
["Assentamento de Tubos de Esgoto em PVC e PEAD",90738,"ASSENTAMENTO DE TUBO DE PVC PARA REDE COLETORA DE ESGOTO DE PAREDE MACIÇA, DN 350 MM, JUNTA ELÁSTICA (NÃO INCLUI FORNECIMENTO). AF_01/2021","M",5.94,0,5.69,0,7.43,0,6.78,0,null,"Assentamento de Tubos de Esgoto em PVC e PEAD",90738,"ASSENTAMENTO DE TUBO DE PVC PARA REDE COLETORA DE ESGOTO DE PAREDE MACIÇA, DN 350 MM, JUNTA ELÁSTICA (NÃO INCLUI FORNECIMENTO). AF_01/2021","M",5.94,0,5.69,0,7.43,0,6.7,0]
["Assentamento de Tubos de Esgoto em PVC e PEAD",90739,"ASSENTAMENTO DE TUBO DE PVC PARA REDE COLETORA DE ESGOTO DE PAREDE MACIÇA, DN 400 MM, JUNTA ELÁSTICA (NÃO INCLUI FORNECIMENTO). AF_01/2021","M",8.85,0.27460000000000001,8.6999999999999993,0.27929999999999999,9.82,0.2475,9.84,0,null,"Assentamento de Tubos de Esgoto em PVC e PEAD",90739,"ASSENTAMENTO DE TUBO DE PVC PARA REDE COLETORA DE ESGOTO DE PAREDE MACIÇA, DN 400 MM, JUNTA ELÁSTICA (NÃO INCLUI FORNECIMENTO). AF_01/2021","M",8.85,0.27460000000000001,8.68,0.28000000000000003,9.81,0.2477,9.74,0]
["Assentamento de Tubos de Esgoto em PVC e PEAD",90724,"JUNTA ARGAMASSADA ENTRE TUBO DN 100 MM E O POÇO DE VISITA/ CAIXA DE CONCRETO OU ALVENARIA EM REDES DE ESGOTO. AF_01/2021","UN",22.16,0,21.4,0,27.53,0,25.18,0,null,"Assentamento de Tubos de Esgoto em PVC e PEAD",90724,"JUNTA ARGAMASSADA ENTRE TUBO DN 100 MM E O POÇO DE VISITA/ CAIXA DE CONCRETO OU ALVENARIA EM REDES DE ESGOTO. AF_01/2021","UN",22.14,0,21.38,0,27.52,0,24.91,0]
["Assentamento de Tubos de Esgoto em PVC e PEAD",102267,"JUNTA ARGAMASSADA ENTRE TUBO DN 1000 MM E O POÇO DE VISITA/ CAIXA DE CONCRETO OU ALVENARIA EM REDES DE ESGOTO. AF_01/2021","UN",119.93,0,116.44,0,148.35,0,136.01,0,null,"Assentamento de Tubos de Esgoto em PVC e PEAD",102267,"JUNTA ARGAMASSADA ENTRE TUBO DN 1000 MM E O POÇO DE VISITA/ CAIXA DE CONCRETO OU ALVENARIA EM REDES DE ESGOTO. AF_01/2021","UN",119.78,0,116.21,0,148.28,0,134.6,0]
["Assentamento de Tubos de Esgoto em PVC e PEAD",102268,"JUNTA ARGAMASSADA ENTRE TUBO DN 1200 MM E O POÇO DE VISITA/ CAIXA DE CONCRETO OU ALVENARIA EM REDES DE ESGOTO. AF_01/2021","UN",135.34,0,131.41999999999999,0,167.41,0,153.49,0,null,"Assentamento de Tubos de Esgoto em PVC e PEAD",102268,"JUNTA ARGAMASSADA ENTRE TUBO DN 1200 MM E O POÇO DE VISITA/ CAIXA DE CONCRETO OU ALVENARIA EM REDES DE ESGOTO. AF_01/2021","UN",135.16999999999999,0,131.16999999999999,0,167.33,0,151.9,0]
["Assentamento de Tubos de Esgoto em PVC e PEAD",90725,"JUNTA ARGAMASSADA ENTRE TUBO DN 150 MM E O POÇO DE VISITA/ CAIXA DE CONCRETO OU ALVENARIA EM REDES DE ESGOTO. AF_01/2021","UN",27.29,0,26.41,0,33.880000000000003,0,31.01,0,null,"Assentamento de Tubos de Esgoto em PVC e PEAD",90725,"JUNTA ARGAMASSADA ENTRE TUBO DN 150 MM E O POÇO DE VISITA/ CAIXA DE CONCRETO OU ALVENARIA EM REDES DE ESGOTO. AF_01/2021","UN",27.26,0,26.37,0,33.869999999999997,0,30.68,0]
["Assentamento de Tubos de Esgoto em PVC e PEAD",102269,"JUNTA ARGAMASSADA ENTRE TUBO DN 1500 MM E O POÇO DE VISITA/ CAIXA DE CONCRETO OU ALVENARIA EM REDES DE ESGOTO. AF_01/2021","UN",166.17,0,161.38,0,205.52,0,188.45,0,null,"Assentamento de Tubos de Esgoto em PVC e PEAD",102269,"JUNTA ARGAMASSADA ENTRE TUBO DN 1500 MM E O POÇO DE VISITA/ CAIXA DE CONCRETO OU ALVENARIA EM REDES DE ESGOTO. AF_01/2021","UN",165.96,0,161.07,0,205.41,0,186.5,0]
["Assentamento de Tubos de Esgoto em PVC e PEAD",90726,"JUNTA ARGAMASSADA ENTRE TUBO DN 200 MM E O POÇO/ CAIXA DE CONCRETO OU ALVENARIA EM REDES DE ESGOTO. AF_01/2021","UN",32.5,0,31.47,0,40.299999999999997,0,36.909999999999997,0,null,"Assentamento de Tubos de Esgoto em PVC e PEAD",90726,"JUNTA ARGAMASSADA ENTRE TUBO DN 200 MM E O POÇO/ CAIXA DE CONCRETO OU ALVENARIA EM REDES DE ESGOTO. AF_01/2021","UN",32.46,0,31.43,0,40.29,0,36.520000000000003,0]
["Assentamento de Tubos de Esgoto em PVC e PEAD",90727,"JUNTA ARGAMASSADA ENTRE TUBO DN 250 MM E O POÇO DE VISITA/ CAIXA DE CONCRETO OU ALVENARIA EM REDES DE ESGOTO. AF_01/2021","UN",37.630000000000003,0,36.47,0,46.65,0,42.74,0,null,"Assentamento de Tubos de Esgoto em PVC e PEAD",90727,"JUNTA ARGAMASSADA ENTRE TUBO DN 250 MM E O POÇO DE VISITA/ CAIXA DE CONCRETO OU ALVENARIA EM REDES DE ESGOTO. AF_01/2021","UN",37.590000000000003,0,36.409999999999997,0,46.64,0,42.29,0]
["Assentamento de Tubos de Esgoto em PVC e PEAD",90728,"JUNTA ARGAMASSADA ENTRE TUBO DN 300 MM E O POÇO DE VISITA/ CAIXA DE CONCRETO OU ALVENARIA EM REDES DE ESGOTO. AF_01/2021","UN",42.78,0,41.46,0,53,0,48.56,0,null,"Assentamento de Tubos de Esgoto em PVC e PEAD",90728,"JUNTA ARGAMASSADA ENTRE TUBO DN 300 MM E O POÇO DE VISITA/ CAIXA DE CONCRETO OU ALVENARIA EM REDES DE ESGOTO. AF_01/2021","UN",42.73,0,41.39,0,52.98,0,48.05,0]
["Assentamento de Tubos de Esgoto em PVC e PEAD",90729,"JUNTA ARGAMASSADA ENTRE TUBO DN 350 MM E O POÇO DE VISITA/ CAIXA DE CONCRETO OU ALVENARIA EM REDES DE ESGOTO. AF_01/2021","UN",47.92,0,46.45,0,59.36,0,54.39,0,null,"Assentamento de Tubos de Esgoto em PVC e PEAD",90729,"JUNTA ARGAMASSADA ENTRE TUBO DN 350 MM E O POÇO DE VISITA/ CAIXA DE CONCRETO OU ALVENARIA EM REDES DE ESGOTO. AF_01/2021","UN",47.86,0,46.37,0,59.33,0,53.82,0]
["Assentamento de Tubos de Esgoto em PVC e PEAD",90730,"JUNTA ARGAMASSADA ENTRE TUBO DN 400 MM E O POÇO DE VISITA/ CAIXA DE CONCRETO OU ALVENARIA EM REDES DE ESGOTO. AF_01/2021","UN",53.05,0,51.45,0,65.709999999999994,0,60.2,0,null,"Assentamento de Tubos de Esgoto em PVC e PEAD",90730,"JUNTA ARGAMASSADA ENTRE TUBO DN 400 MM E O POÇO DE VISITA/ CAIXA DE CONCRETO OU ALVENARIA EM REDES DE ESGOTO. AF_01/2021","UN",52.99,0,51.36,0,65.680000000000007,0,59.57,0]
["Assentamento de Tubos de Esgoto em PVC e PEAD",90731,"JUNTA ARGAMASSADA ENTRE TUBO DN 450 MM E O POÇO DE VISITA/ CAIXA DE CONCRETO OU ALVENARIA EM REDES DE ESGOTO. AF_01/2021","UN",58.19,0,56.44,0,72.06,0,66.03,0,null,"Assentamento de Tubos de Esgoto em PVC e PEAD",90731,"JUNTA ARGAMASSADA ENTRE TUBO DN 450 MM E O POÇO DE VISITA/ CAIXA DE CONCRETO OU ALVENARIA EM REDES DE ESGOTO. AF_01/2021","UN",58.12,0,56.35,0,72.02,0,65.34,0]
["Assentamento de Tubos de Esgoto em PVC e PEAD",90732,"JUNTA ARGAMASSADA ENTRE TUBO DN 600 MM E O POÇO DE VISITA/ CAIXA DE CONCRETO OU ALVENARIA EM REDES DE ESGOTO. AF_01/2021","UN",73.599999999999994,0,71.41,0,91.12,0,83.52,0,null,"Assentamento de Tubos de Esgoto em PVC e PEAD",90732,"JUNTA ARGAMASSADA ENTRE TUBO DN 600 MM E O POÇO DE VISITA/ CAIXA DE CONCRETO OU ALVENARIA EM REDES DE ESGOTO. AF_01/2021","UN",73.510000000000005,0,71.28,0,91.07,0,82.65,0]
["Assentamento de Tubos de Esgoto em PVC e PEAD",102265,"JUNTA ARGAMASSADA ENTRE TUBO DN 800 MM E O POÇO DE VISITA/ CAIXA DE CONCRETO OU ALVENARIA EM REDES DE ESGOTO. AF_01/2021","UN",94.16,0,91.39,0,116.53,0,106.82,0,null,"Assentamento de Tubos de Esgoto em PVC e PEAD",102265,"JUNTA ARGAMASSADA ENTRE TUBO DN 800 MM E O POÇO DE VISITA/ CAIXA DE CONCRETO OU ALVENARIA EM REDES DE ESGOTO. AF_01/2021","UN",94.05,0,91.22,0,116.47,0,105.71,0]
["Assentamento de Tubos de Esgoto em PVC e PEAD",102266,"JUNTA ARGAMASSADA ENTRE TUBO DN 900 MM E O POÇO DE VISITA/ CAIXA DE CONCRETO OU ALVENARIA EM REDES DE ESGOTO. AF_01/2021","UN",104.44,0,101.38,0,129.22999999999999,0,118.47,0,null,"Assentamento de Tubos de Esgoto em PVC e PEAD",102266,"JUNTA ARGAMASSADA ENTRE TUBO DN 900 MM E O POÇO DE VISITA/ CAIXA DE CONCRETO OU ALVENARIA EM REDES DE ESGOTO. AF_01/2021","UN",104.31,0,101.19,0,129.16,0,117.24,0]
["Assentamento de Tubos de Esgoto em PVC e PEAD",94879,"TUBO DE PEAD CORRUGADO DE DUPLA PAREDE PARA REDE COLETORA DE ESGOTO, DN 1000 MM, JUNTA ELÁSTICA INTEGRADA - FORNECIMENTO E ASSENTAMENTO. AF_01/2021","M",1412.55,1.03E-2,1894.71,7.6E-3,1741.65,8.3000000000000001E-3,1421.18,0,null,"Assentamento de Tubos de Esgoto em PVC e PEAD",94879,"TUBO DE PEAD CORRUGADO DE DUPLA PAREDE PARA REDE COLETORA DE ESGOTO, DN 1000 MM, JUNTA ELÁSTICA INTEGRADA - FORNECIMENTO E ASSENTAMENTO. AF_01/2021","M",1398.54,1.04E-2,1892.01,7.7000000000000002E-3,1861.08,7.7999999999999996E-3,1477.13,0]
["Assentamento de Tubos de Esgoto em PVC e PEAD",94881,"TUBO DE PEAD CORRUGADO DE DUPLA PAREDE PARA REDE COLETORA DE ESGOTO, DN 1200 MM, JUNTA ELÁSTICA INTEGRADA - FORNECIMENTO E ASSENTAMENTO. AF_01/2021","M",1942.8,8.8000000000000005E-3,2609.41,6.6E-3,2396.91,7.1999999999999998E-3,1954.04,0,null,"Assentamento de Tubos de Esgoto em PVC e PEAD",94881,"TUBO DE PEAD CORRUGADO DE DUPLA PAREDE PARA REDE COLETORA DE ESGOTO, DN 1200 MM, JUNTA ELÁSTICA INTEGRADA - FORNECIMENTO E ASSENTAMENTO. AF_01/2021","M",1923.63,8.9999999999999993E-3,2605.66,6.6E-3,2561.94,6.7000000000000002E-3,2031.71,0]
["Assentamento de Tubos de Esgoto em PVC e PEAD",94869,"TUBO DE PEAD CORRUGADO DE DUPLA PAREDE PARA REDE COLETORA DE ESGOTO, DN 250 MM, JUNTA ELÁSTICA INTEGRADA - FORNECIMENTO E ASSENTAMENTO. AF_01/2021","M",99.3,0,133.57,0,122.74,0,99.89,0,null,"Assentamento de Tubos de Esgoto em PVC e PEAD",94869,"TUBO DE PEAD CORRUGADO DE DUPLA PAREDE PARA REDE COLETORA DE ESGOTO, DN 250 MM, JUNTA ELÁSTICA INTEGRADA - FORNECIMENTO E ASSENTAMENTO. AF_01/2021","M",98.25,0,133.37,0,131.22999999999999,0,103.79,0]
["Assentamento de Tubos de Esgoto em PVC e PEAD",94871,"TUBO DE PEAD CORRUGADO DE DUPLA PAREDE PARA REDE COLETORA DE ESGOTO, DN 300 MM, JUNTA ELÁSTICA INTEGRADA - FORNECIMENTO E ASSENTAMENTO. AF_01/2021","M",155.24,0,208.94,0,191.96,0,156.13,0,null,"Assentamento de Tubos de Esgoto em PVC e PEAD",94871,"TUBO DE PEAD CORRUGADO DE DUPLA PAREDE PARA REDE COLETORA DE ESGOTO, DN 300 MM, JUNTA ELÁSTICA INTEGRADA - FORNECIMENTO E ASSENTAMENTO. AF_01/2021","M",153.63999999999999,0,208.63,0,205.25,0,162.31,0]
["Assentamento de Tubos de Esgoto em PVC e PEAD",90708,"TUBO DE PEAD CORRUGADO DE DUPLA PAREDE PARA REDE COLETORA DE ESGOTO, DN 600 MM, JUNTA ELÁSTICA INTEGRADA - FORNECIMENTO E ASSENTAMENTO. AF_01/2021","M",565.57000000000005,1.18E-2,758,8.8000000000000005E-3,697.08,9.5999999999999992E-3,569.16,0,null,"Assentamento de Tubos de Esgoto em PVC e PEAD",90708,"TUBO DE PEAD CORRUGADO DE DUPLA PAREDE PARA REDE COLETORA DE ESGOTO, DN 600 MM, JUNTA ELÁSTICA INTEGRADA - FORNECIMENTO E ASSENTAMENTO. AF_01/2021","M",560.01,1.1900000000000001E-2,756.91,8.8000000000000005E-3,744.75,8.9999999999999993E-3,591.53,0]
["Assentamento de Tubos de Esgoto em PVC e PEAD",94875,"TUBO DE PEAD CORRUGADO DE DUPLA PAREDE PARA REDE COLETORA DE ESGOTO, DN 800 MM, JUNTA ELÁSTICA INTEGRADA - FORNECIMENTO E ASSENTAMENTO. AF_01/2021","M",917.78,1.0999999999999999E-2,1230.79,8.2000000000000007E-3,1131.51,8.8999999999999999E-3,923.45,0,null,"Assentamento de Tubos de Esgoto em PVC e PEAD",94875,"TUBO DE PEAD CORRUGADO DE DUPLA PAREDE PARA REDE COLETORA DE ESGOTO, DN 800 MM, JUNTA ELÁSTICA INTEGRADA - FORNECIMENTO E ASSENTAMENTO. AF_01/2021","M",908.75,1.11E-2,1229.03,8.2000000000000007E-3,1209.03,8.3999999999999995E-3,959.87,0]
["Assentamento de Tubos de Esgoto em PVC e PEAD",102264,"TUBO DE PVC BRANCO PARA REDE COLETORA DE ESGOTO CONDOMINIAL DE PAREDE MACIÇA, DN 100 MM, JUNTA ELÁSTICA - FORNECIMENTO E ASSENTAMENTO. AF_01/2021","M",21.01,0,19.45,0,20.43,0,20.81,0,null,"Assentamento de Tubos de Esgoto em PVC e PEAD",102264,"TUBO DE PVC BRANCO PARA REDE COLETORA DE ESGOTO CONDOMINIAL DE PAREDE MACIÇA, DN 100 MM, JUNTA ELÁSTICA - FORNECIMENTO E ASSENTAMENTO. AF_01/2021","M",20.12,0,18.690000000000001,0,19.510000000000002,0,19.690000000000001,0]
["Assentamento de Tubos de Esgoto em PVC e PEAD",90701,"TUBO DE PVC CORRUGADO DE DUPLA PAREDE PARA REDE COLETORA DE ESGOTO, DN 150 MM, JUNTA ELÁSTICA - FORNECIMENTO E ASSENTAMENTO. AF_01/2021","M",73.680000000000007,0,67.89,0,69.39,0,71.760000000000005,0,null,"Assentamento de Tubos de Esgoto em PVC e PEAD",90701,"TUBO DE PVC CORRUGADO DE DUPLA PAREDE PARA REDE COLETORA DE ESGOTO, DN 150 MM, JUNTA ELÁSTICA - FORNECIMENTO E ASSENTAMENTO. AF_01/2021","M",70.209999999999994,0,64.92,0,65.81,0,67.540000000000006,0]
["Assentamento de Tubos de Esgoto em PVC e PEAD",90702,"TUBO DE PVC CORRUGADO DE DUPLA PAREDE PARA REDE COLETORA DE ESGOTO, DN 200 MM, JUNTA ELÁSTICA - FORNECIMENTO E ASSENTAMENTO. AF_01/2021","M",122.36,0,112.64,0,114.55,0,118.82,0,null,"Assentamento de Tubos de Esgoto em PVC e PEAD",90702,"TUBO DE PVC CORRUGADO DE DUPLA PAREDE PARA REDE COLETORA DE ESGOTO, DN 200 MM, JUNTA ELÁSTICA - FORNECIMENTO E ASSENTAMENTO. AF_01/2021","M",116.47,0,107.64,0,108.52,0,111.73,0]
["Assentamento de Tubos de Esgoto em PVC e PEAD",90703,"TUBO DE PVC CORRUGADO DE DUPLA PAREDE PARA REDE COLETORA DE ESGOTO, DN 250 MM, JUNTA ELÁSTICA - FORNECIMENTO E ASSENTAMENTO. AF_01/2021","M",192.5,0,177.23,0,179.01,0,186.09,0,null,"Assentamento de Tubos de Esgoto em PVC e PEAD",90703,"TUBO DE PVC CORRUGADO DE DUPLA PAREDE PARA REDE COLETORA DE ESGOTO, DN 250 MM, JUNTA ELÁSTICA - FORNECIMENTO E ASSENTAMENTO. AF_01/2021","M",183.29,0,169.17,0,169.38,0,174.97,0]
["Assentamento de Tubos de Esgoto em PVC e PEAD",90704,"TUBO DE PVC CORRUGADO DE DUPLA PAREDE PARA REDE COLETORA DE ESGOTO, DN 300 MM, JUNTA ELÁSTICA - FORNECIMENTO E ASSENTAMENTO. AF_01/2021","M",287.32,0,264.67,0,265.51,0,276.5,0,null,"Assentamento de Tubos de Esgoto em PVC e PEAD",90704,"TUBO DE PVC CORRUGADO DE DUPLA PAREDE PARA REDE COLETORA DE ESGOTO, DN 300 MM, JUNTA ELÁSTICA - FORNECIMENTO E ASSENTAMENTO. AF_01/2021","M",273.77999999999997,0,252.29,0,250.98,0,260.07,0]
["Assentamento de Tubos de Esgoto em PVC e PEAD",90705,"TUBO DE PVC CORRUGADO DE DUPLA PAREDE PARA REDE COLETORA DE ESGOTO, DN 350 MM, JUNTA ELÁSTICA - FORNECIMENTO E ASSENTAMENTO. AF_01/2021","M",374.34,0,344.38,0,347.24,0,361.53,0,null,"Assentamento de Tubos de Esgoto em PVC e PEAD",90705,"TUBO DE PVC CORRUGADO DE DUPLA PAREDE PARA REDE COLETORA DE ESGOTO, DN 350 MM, JUNTA ELÁSTICA - FORNECIMENTO E ASSENTAMENTO. AF_01/2021","M",356.12,0,328.61,0,328.3,0,339.66,0]
["Assentamento de Tubos de Esgoto em PVC e PEAD",90706,"TUBO DE PVC CORRUGADO DE DUPLA PAREDE PARA REDE COLETORA DE ESGOTO, DN 400 MM, JUNTA ELÁSTICA - FORNECIMENTO E ASSENTAMENTO. AF_01/2021","M",496.67,5.4999999999999997E-3,457.22,5.8999999999999999E-3,459.61,5.8999999999999999E-3,479.5,0,null,"Assentamento de Tubos de Esgoto em PVC e PEAD",90706,"TUBO DE PVC CORRUGADO DE DUPLA PAREDE PARA REDE COLETORA DE ESGOTO, DN 400 MM, JUNTA ELÁSTICA - FORNECIMENTO E ASSENTAMENTO. AF_01/2021","M",472.6,5.7000000000000002E-3,436.33,6.1999999999999998E-3,434.54,6.1999999999999998E-3,450.59,0]
["Assentamento de Tubos de Esgoto em PVC e PEAD",90694,"TUBO DE PVC PARA REDE COLETORA DE ESGOTO DE PAREDE MACIÇA, DN 100 MM, JUNTA ELÁSTICA - FORNECIMENTO E ASSENTAMENTO. AF_01/2021","M",49.09,0,45.18,0,46.59,0,48.08,0,null,"Assentamento de Tubos de Esgoto em PVC e PEAD",90694,"TUBO DE PVC PARA REDE COLETORA DE ESGOTO DE PAREDE MACIÇA, DN 100 MM, JUNTA ELÁSTICA - FORNECIMENTO E ASSENTAMENTO. AF_01/2021","M",46.72,0,43.29,0,44.23,0,45.23,0]
["Assentamento de Tubos de Esgoto em PVC e PEAD",90695,"TUBO DE PVC PARA REDE COLETORA DE ESGOTO DE PAREDE MACIÇA, DN 150 MM, JUNTA ELÁSTICA - FORNECIMENTO E ASSENTAMENTO. AF_01/2021","M",93.74,0,86.18,0,88.21,0,91.4,0,null,"Assentamento de Tubos de Esgoto em PVC e PEAD",90695,"TUBO DE PVC PARA REDE COLETORA DE ESGOTO DE PAREDE MACIÇA, DN 150 MM, JUNTA ELÁSTICA - FORNECIMENTO E ASSENTAMENTO. AF_01/2021","M",89.1,0,82.47,0,83.6,0,85.87,0]
["Assentamento de Tubos de Esgoto em PVC e PEAD",90696,"TUBO DE PVC PARA REDE COLETORA DE ESGOTO DE PAREDE MACIÇA, DN 200 MM, JUNTA ELÁSTICA - FORNECIMENTO E ASSENTAMENTO. AF_01/2021","M",156.99,0,144.27000000000001,0,147.06,0,152.72,0,null,"Assentamento de Tubos de Esgoto em PVC e PEAD",90696,"TUBO DE PVC PARA REDE COLETORA DE ESGOTO DE PAREDE MACIÇA, DN 200 MM, JUNTA ELÁSTICA - FORNECIMENTO E ASSENTAMENTO. AF_01/2021","M",149.13,0,137.96,0,139.25,0,143.37,0]
["Assentamento de Tubos de Esgoto em PVC e PEAD",90697,"TUBO DE PVC PARA REDE COLETORA DE ESGOTO DE PAREDE MACIÇA, DN 250 MM, JUNTA ELÁSTICA - FORNECIMENTO E ASSENTAMENTO. AF_01/2021","M",243.92,0,224.06,0,227.9,0,236.97,0,null,"Assentamento de Tubos de Esgoto em PVC e PEAD",90697,"TUBO DE PVC PARA REDE COLETORA DE ESGOTO DE PAREDE MACIÇA, DN 250 MM, JUNTA ELÁSTICA - FORNECIMENTO E ASSENTAMENTO. AF_01/2021","M",231.63,0,214.18,0,215.66,0,222.36,0]
["Assentamento de Tubos de Esgoto em PVC e PEAD",90698,"TUBO DE PVC PARA REDE COLETORA DE ESGOTO DE PAREDE MACIÇA, DN 300 MM, JUNTA ELÁSTICA, FORNECIMENTO E ASSENTAMENTO. AF_01/2021","M",373.23,0,342.76,0,348.06,0,362.23,0,null,"Assentamento de Tubos de Esgoto em PVC e PEAD",90698,"TUBO DE PVC PARA REDE COLETORA DE ESGOTO DE PAREDE MACIÇA, DN 300 MM, JUNTA ELÁSTICA, FORNECIMENTO E ASSENTAMENTO. AF_01/2021","M",354.32,0,327.55,0,329.22,0,339.81,0]
["Assentamento de Tubos de Esgoto em PVC e PEAD",90699,"TUBO DE PVC PARA REDE COLETORA DE ESGOTO DE PAREDE MACIÇA, DN 350 MM, JUNTA ELÁSTICA - FORNECIMENTO E ASSENTAMENTO. AF_01/2021","M",525.62,0,482.66,0,489.64,0,509.84,0,null,"Assentamento de Tubos de Esgoto em PVC e PEAD",90699,"TUBO DE PVC PARA REDE COLETORA DE ESGOTO DE PAREDE MACIÇA, DN 350 MM, JUNTA ELÁSTICA - FORNECIMENTO E ASSENTAMENTO. AF_01/2021","M",498.94,0,461.16,0,463,0,478.2,0]
["Assentamento de Tubos de Esgoto em PVC e PEAD",90700,"TUBO DE PVC PARA REDE COLETORA DE ESGOTO DE PAREDE MACIÇA, DN 400 MM, JUNTA ELÁSTICA FORNECIMENTO E ASSENTAMENTO. AF_01/2021","M",614.07000000000005,4.0000000000000001E-3,564.16999999999996,4.3E-3,571.38,4.3E-3,595.71,0,null,"Assentamento de Tubos de Esgoto em PVC e PEAD",90700,"TUBO DE PVC PARA REDE COLETORA DE ESGOTO DE PAREDE MACIÇA, DN 400 MM, JUNTA ELÁSTICA FORNECIMENTO E ASSENTAMENTO. AF_01/2021","M",582.97,4.1999999999999997E-3,539.11,4.4999999999999997E-3,540.35,4.4999999999999997E-3,558.85,0]
["Assentamento de Tubos de PVC e Metálicos em Redes de Água",105378,"ASSENTAMENTO DE CONEXÃO 2 ACESSOS ALINHADOS DE FERRO FUNDIDO PARA REDE DE ÁGUA, DN 100, JUNTA ELÁSTICA, INSTALADO EM LOCAL COM NÍVEL ALTO DE INTERFERÊNCIAS (NÃO INCLUI FORNECIMENTO). AF_05/2024","UN",11.46,0.27400000000000002,11.16,0.28139999999999998,12.75,0.24629999999999999,13.11,0,null,"Assentamento de Tubos de PVC e Metálicos em Redes de Água",105378,"ASSENTAMENTO DE CONEXÃO 2 ACESSOS ALINHADOS DE FERRO FUNDIDO PARA REDE DE ÁGUA, DN 100, JUNTA ELÁSTICA, INSTALADO EM LOCAL COM NÍVEL ALTO DE INTERFERÊNCIAS (NÃO INCLUI FORNECIMENTO). AF_05/2024","UN",11.37,0.2762,11.16,0.28139999999999998,12.75,0.24629999999999999,12.83,0]
["Assentamento de Tubos de PVC e Metálicos em Redes de Água",105373,"ASSENTAMENTO DE CONEXÃO 2 ACESSOS ALINHADOS DE FERRO FUNDIDO PARA REDE DE ÁGUA, DN 100, JUNTA ELÁSTICA, INSTALADO EM LOCAL COM NÍVEL BAIXO DE INTERFERÊNCIAS (NÃO INCLUI FORNECIMENTO). AF_05/2024","UN",8.91,0.22900000000000001,8.66,0.2356,10.08,0.2024,10.14,0,null,"Assentamento de Tubos de PVC e Metálicos em Redes de Água",105373,"ASSENTAMENTO DE CONEXÃO 2 ACESSOS ALINHADOS DE FERRO FUNDIDO PARA REDE DE ÁGUA, DN 100, JUNTA ELÁSTICA, INSTALADO EM LOCAL COM NÍVEL BAIXO DE INTERFERÊNCIAS (NÃO INCLUI FORNECIMENTO). AF_05/2024","UN",8.82,0.23130000000000001,8.66,0.2356,10.08,0.2024,9.9,0]
["Assentamento de Tubos de PVC e Metálicos em Redes de Água",105380,"ASSENTAMENTO DE CONEXÃO 2 ACESSOS ALINHADOS DE FERRO FUNDIDO PARA REDE DE ÁGUA, DN 1000, JUNTA ELÁSTICA, INSTALADO EM LOCAL COM NÍVEL ALTO DE INTERFERÊNCIAS (NÃO INCLUI FORNECIMENTO). AF_05/2024","UN",91.78,0.27810000000000001,89.27,0.28589999999999999,104.86,0.24340000000000001,102.82,0,null,"Assentamento de Tubos de PVC e Metálicos em Redes de Água",105380,"ASSENTAMENTO DE CONEXÃO 2 ACESSOS ALINHADOS DE FERRO FUNDIDO PARA REDE DE ÁGUA, DN 1000, JUNTA ELÁSTICA, INSTALADO EM LOCAL COM NÍVEL ALTO DE INTERFERÊNCIAS (NÃO INCLUI FORNECIMENTO). AF_05/2024","UN",91.22,0.28100000000000003,89.34,0.28689999999999999,104.94,0.2442,100.9,0]
["Assentamento de Tubos de PVC e Metálicos em Redes de Água",105267,"ASSENTAMENTO DE CONEXÃO 2 ACESSOS ALINHADOS DE FERRO FUNDIDO PARA REDE DE ÁGUA, DN 1000, JUNTA ELÁSTICA, INSTALADO EM LOCAL COM NÍVEL BAIXO DE INTERFERÊNCIAS (NÃO INCLUI FORNECIMENTO). AF_05/2024","UN",74.13,0.2235,71.959999999999994,0.2303,85.95,0.1928,83.14,0,null,"Assentamento de Tubos de PVC e Metálicos em Redes de Água",105267,"ASSENTAMENTO DE CONEXÃO 2 ACESSOS ALINHADOS DE FERRO FUNDIDO PARA REDE DE ÁGUA, DN 1000, JUNTA ELÁSTICA, INSTALADO EM LOCAL COM NÍVEL BAIXO DE INTERFERÊNCIAS (NÃO INCLUI FORNECIMENTO). AF_05/2024","UN",73.52,0.22650000000000001,71.989999999999995,0.23130000000000001,85.99,0.19359999999999999,81.349999999999994,0]
["Assentamento de Tubos de PVC e Metálicos em Redes de Água",105249,"ASSENTAMENTO DE CONEXÃO 2 ACESSOS ALINHADOS DE FERRO FUNDIDO PARA REDE DE ÁGUA, DN 1200, JUNTA ELÁSTICA, INSTALADO EM LOCAL COM NÍVEL ALTO DE INTERFERÊNCIAS (NÃO INCLUI FORNECIMENTO). AF_05/2024","UN",112.3,0.26629999999999998,109.12,0.27410000000000001,128.19999999999999,0.23330000000000001,125.7,0,null,"Assentamento de Tubos de PVC e Metálicos em Redes de Água",105249,"ASSENTAMENTO DE CONEXÃO 2 ACESSOS ALINHADOS DE FERRO FUNDIDO PARA REDE DE ÁGUA, DN 1200, JUNTA ELÁSTICA, INSTALADO EM LOCAL COM NÍVEL ALTO DE INTERFERÊNCIAS (NÃO INCLUI FORNECIMENTO). AF_05/2024","UN",111.35,0.26989999999999997,109.22,0.27510000000000001,128.29,0.23419999999999999,122.94,0]
["Assentamento de Tubos de PVC e Metálicos em Redes de Água",105268,"ASSENTAMENTO DE CONEXÃO 2 ACESSOS ALINHADOS DE FERRO FUNDIDO PARA REDE DE ÁGUA, DN 1200, JUNTA ELÁSTICA, INSTALADO EM LOCAL COM NÍVEL BAIXO DE INTERFERÊNCIAS (NÃO INCLUI FORNECIMENTO). AF_05/2024","UN",91.48,0.21240000000000001,88.72,0.219,105.87,0.1835,102.5,0,null,"Assentamento de Tubos de PVC e Metálicos em Redes de Água",105268,"ASSENTAMENTO DE CONEXÃO 2 ACESSOS ALINHADOS DE FERRO FUNDIDO PARA REDE DE ÁGUA, DN 1200, JUNTA ELÁSTICA, INSTALADO EM LOCAL COM NÍVEL BAIXO DE INTERFERÊNCIAS (NÃO INCLUI FORNECIMENTO). AF_05/2024","UN",90.48,0.2157,88.77,0.21990000000000001,105.91,0.18429999999999999,99.89,0]
["Assentamento de Tubos de PVC e Metálicos em Redes de Água",105379,"ASSENTAMENTO DE CONEXÃO 2 ACESSOS ALINHADOS DE FERRO FUNDIDO PARA REDE DE ÁGUA, DN 150, JUNTA ELÁSTICA, INSTALADO EM LOCAL COM NÍVEL ALTO DE INTERFERÊNCIAS (NÃO INCLUI FORNECIMENTO). AF_05/2024","UN",15.1,0.2477,14.7,0.25440000000000002,17.059999999999999,0.21920000000000001,17.32,0,null,"Assentamento de Tubos de PVC e Metálicos em Redes de Água",105379,"ASSENTAMENTO DE CONEXÃO 2 ACESSOS ALINHADOS DE FERRO FUNDIDO PARA REDE DE ÁGUA, DN 150, JUNTA ELÁSTICA, INSTALADO EM LOCAL COM NÍVEL ALTO DE INTERFERÊNCIAS (NÃO INCLUI FORNECIMENTO). AF_05/2024","UN",15,0.24929999999999999,14.69,0.25459999999999999,17.059999999999999,0.21920000000000001,16.95,0]
["Assentamento de Tubos de PVC e Metálicos em Redes de Água",105388,"ASSENTAMENTO DE CONEXÃO 2 ACESSOS ALINHADOS DE FERRO FUNDIDO PARA REDE DE ÁGUA, DN 150, JUNTA ELÁSTICA, INSTALADO EM LOCAL COM NÍVEL BAIXO DE INTERFERÊNCIAS (NÃO INCLUI FORNECIMENTO). AF_05/2024","UN",11.95,0.20250000000000001,11.61,0.2084,13.71,0.17649999999999999,13.63,0,null,"Assentamento de Tubos de PVC e Metálicos em Redes de Água",105388,"ASSENTAMENTO DE CONEXÃO 2 ACESSOS ALINHADOS DE FERRO FUNDIDO PARA REDE DE ÁGUA, DN 150, JUNTA ELÁSTICA, INSTALADO EM LOCAL COM NÍVEL BAIXO DE INTERFERÊNCIAS (NÃO INCLUI FORNECIMENTO). AF_05/2024","UN",11.85,0.20419999999999999,11.6,0.20860000000000001,13.71,0.17649999999999999,13.31,0]
["Assentamento de Tubos de PVC e Metálicos em Redes de Água",105392,"ASSENTAMENTO DE CONEXÃO 2 ACESSOS ALINHADOS DE FERRO FUNDIDO PARA REDE DE ÁGUA, DN 200, JUNTA ELÁSTICA, INSTALADO EM LOCAL COM NÍVEL ALTO DE INTERFERÊNCIAS (NÃO INCLUI FORNECIMENTO). AF_05/2024","UN",18.77,0.23119999999999999,18.239999999999998,0.2379,21.37,0.2031,21.52,0,null,"Assentamento de Tubos de PVC e Metálicos em Redes de Água",105392,"ASSENTAMENTO DE CONEXÃO 2 ACESSOS ALINHADOS DE FERRO FUNDIDO PARA REDE DE ÁGUA, DN 200, JUNTA ELÁSTICA, INSTALADO EM LOCAL COM NÍVEL ALTO DE INTERFERÊNCIAS (NÃO INCLUI FORNECIMENTO). AF_05/2024","UN",18.64,0.23280000000000001,18.22,0.2382,21.37,0.2031,21.07,0]
["Assentamento de Tubos de PVC e Metálicos em Redes de Água",105389,"ASSENTAMENTO DE CONEXÃO 2 ACESSOS ALINHADOS DE FERRO FUNDIDO PARA REDE DE ÁGUA, DN 200, JUNTA ELÁSTICA, INSTALADO EM LOCAL COM NÍVEL BAIXO DE INTERFERÊNCIAS (NÃO INCLUI FORNECIMENTO). AF_05/2024","UN",15,0.18729999999999999,14.56,0.193,17.34,0.16209999999999999,17.13,0,null,"Assentamento de Tubos de PVC e Metálicos em Redes de Água",105389,"ASSENTAMENTO DE CONEXÃO 2 ACESSOS ALINHADOS DE FERRO FUNDIDO PARA REDE DE ÁGUA, DN 200, JUNTA ELÁSTICA, INSTALADO EM LOCAL COM NÍVEL BAIXO DE INTERFERÊNCIAS (NÃO INCLUI FORNECIMENTO). AF_05/2024","UN",14.87,0.189,14.54,0.1933,17.34,0.16209999999999999,16.739999999999998,0]
["Assentamento de Tubos de PVC e Metálicos em Redes de Água",105393,"ASSENTAMENTO DE CONEXÃO 2 ACESSOS ALINHADOS DE FERRO FUNDIDO PARA REDE DE ÁGUA, DN 250, JUNTA ELÁSTICA, INSTALADO EM LOCAL COM NÍVEL ALTO DE INTERFERÊNCIAS (NÃO INCLUI FORNECIMENTO). AF_05/2024","UN",22.6,0.21859999999999999,21.93,0.2253,25.84,0.19120000000000001,25.92,0,null,"Assentamento de Tubos de PVC e Metálicos em Redes de Água",105393,"ASSENTAMENTO DE CONEXÃO 2 ACESSOS ALINHADOS DE FERRO FUNDIDO PARA REDE DE ÁGUA, DN 250, JUNTA ELÁSTICA, INSTALADO EM LOCAL COM NÍVEL ALTO DE INTERFERÊNCIAS (NÃO INCLUI FORNECIMENTO). AF_05/2024","UN",22.44,0.22009999999999999,21.92,0.22539999999999999,25.83,0.1913,25.34,0]
["Assentamento de Tubos de PVC e Metálicos em Redes de Água",105316,"ASSENTAMENTO DE CONEXÃO 2 ACESSOS ALINHADOS DE FERRO FUNDIDO PARA REDE DE ÁGUA, DN 250, JUNTA ELÁSTICA, INSTALADO EM LOCAL COM NÍVEL BAIXO DE INTERFERÊNCIAS (NÃO INCLUI FORNECIMENTO). AF_05/2024","UN",18.21,0.17630000000000001,17.66,0.18179999999999999,21.15,0.15179999999999999,20.81,0,null,"Assentamento de Tubos de PVC e Metálicos em Redes de Água",105316,"ASSENTAMENTO DE CONEXÃO 2 ACESSOS ALINHADOS DE FERRO FUNDIDO PARA REDE DE ÁGUA, DN 250, JUNTA ELÁSTICA, INSTALADO EM LOCAL COM NÍVEL BAIXO DE INTERFERÊNCIAS (NÃO INCLUI FORNECIMENTO). AF_05/2024","UN",18.05,0.17780000000000001,17.649999999999999,0.18190000000000001,21.14,0.15179999999999999,20.3,0]
["Assentamento de Tubos de PVC e Metálicos em Redes de Água",105394,"ASSENTAMENTO DE CONEXÃO 2 ACESSOS ALINHADOS DE FERRO FUNDIDO PARA REDE DE ÁGUA, DN 300, JUNTA ELÁSTICA, INSTALADO EM LOCAL COM NÍVEL ALTO DE INTERFERÊNCIAS (NÃO INCLUI FORNECIMENTO). AF_05/2024","UN",26.39,0.20949999999999999,25.61,0.21590000000000001,30.29,0.18260000000000001,30.29,0,null,"Assentamento de Tubos de PVC e Metálicos em Redes de Água",105394,"ASSENTAMENTO DE CONEXÃO 2 ACESSOS ALINHADOS DE FERRO FUNDIDO PARA REDE DE ÁGUA, DN 300, JUNTA ELÁSTICA, INSTALADO EM LOCAL COM NÍVEL ALTO DE INTERFERÊNCIAS (NÃO INCLUI FORNECIMENTO). AF_05/2024","UN",26.18,0.2112,25.59,0.21609999999999999,30.29,0.18260000000000001,29.61,0]
["Assentamento de Tubos de PVC e Metálicos em Redes de Água",105317,"ASSENTAMENTO DE CONEXÃO 2 ACESSOS ALINHADOS DE FERRO FUNDIDO PARA REDE DE ÁGUA, DN 300, JUNTA ELÁSTICA, INSTALADO EM LOCAL COM NÍVEL BAIXO DE INTERFERÊNCIAS (NÃO INCLUI FORNECIMENTO). AF_05/2024","UN",21.4,0.1678,20.74,0.1731,24.92,0.14410000000000001,24.46,0,null,"Assentamento de Tubos de PVC e Metálicos em Redes de Água",105317,"ASSENTAMENTO DE CONEXÃO 2 ACESSOS ALINHADOS DE FERRO FUNDIDO PARA REDE DE ÁGUA, DN 300, JUNTA ELÁSTICA, INSTALADO EM LOCAL COM NÍVEL BAIXO DE INTERFERÊNCIAS (NÃO INCLUI FORNECIMENTO). AF_05/2024","UN",21.19,0.1694,20.72,0.17330000000000001,24.92,0.14410000000000001,23.86,0]
["Assentamento de Tubos de PVC e Metálicos em Redes de Água",105395,"ASSENTAMENTO DE CONEXÃO 2 ACESSOS ALINHADOS DE FERRO FUNDIDO PARA REDE DE ÁGUA, DN 350, JUNTA ELÁSTICA, INSTALADO EM LOCAL COM NÍVEL ALTO DE INTERFERÊNCIAS (NÃO INCLUI FORNECIMENTO). AF_05/2024","UN",30.2,0.20300000000000001,29.29,0.20930000000000001,34.76,0.1764,34.65,0,null,"Assentamento de Tubos de PVC e Metálicos em Redes de Água",105395,"ASSENTAMENTO DE CONEXÃO 2 ACESSOS ALINHADOS DE FERRO FUNDIDO PARA REDE DE ÁGUA, DN 350, JUNTA ELÁSTICA, INSTALADO EM LOCAL COM NÍVEL ALTO DE INTERFERÊNCIAS (NÃO INCLUI FORNECIMENTO). AF_05/2024","UN",29.97,0.20449999999999999,29.27,0.2094,34.76,0.1764,33.86,0]
["Assentamento de Tubos de PVC e Metálicos em Redes de Água",105318,"ASSENTAMENTO DE CONEXÃO 2 ACESSOS ALINHADOS DE FERRO FUNDIDO PARA REDE DE ÁGUA, DN 350, JUNTA ELÁSTICA, INSTALADO EM LOCAL COM NÍVEL BAIXO DE INTERFERÊNCIAS (NÃO INCLUI FORNECIMENTO). AF_05/2024","UN",24.58,0.1615,23.82,0.16669999999999999,28.7,0.13830000000000001,28.1,0,null,"Assentamento de Tubos de PVC e Metálicos em Redes de Água",105318,"ASSENTAMENTO DE CONEXÃO 2 ACESSOS ALINHADOS DE FERRO FUNDIDO PARA REDE DE ÁGUA, DN 350, JUNTA ELÁSTICA, INSTALADO EM LOCAL COM NÍVEL BAIXO DE INTERFERÊNCIAS (NÃO INCLUI FORNECIMENTO). AF_05/2024","UN",24.35,0.16300000000000001,23.8,0.1668,28.7,0.13830000000000001,27.41,0]
["Assentamento de Tubos de PVC e Metálicos em Redes de Água",105396,"ASSENTAMENTO DE CONEXÃO 2 ACESSOS ALINHADOS DE FERRO FUNDIDO PARA REDE DE ÁGUA, DN 400, JUNTA ELÁSTICA, INSTALADO EM LOCAL COM NÍVEL ALTO DE INTERFERÊNCIAS (NÃO INCLUI FORNECIMENTO). AF_05/2024","UN",33.99,0.19800000000000001,32.96,0.20419999999999999,39.21,0.1716,39.03,0,null,"Assentamento de Tubos de PVC e Metálicos em Redes de Água",105396,"ASSENTAMENTO DE CONEXÃO 2 ACESSOS ALINHADOS DE FERRO FUNDIDO PARA REDE DE ÁGUA, DN 400, JUNTA ELÁSTICA, INSTALADO EM LOCAL COM NÍVEL ALTO DE INTERFERÊNCIAS (NÃO INCLUI FORNECIMENTO). AF_05/2024","UN",33.71,0.1996,32.950000000000003,0.20419999999999999,39.200000000000003,0.17169999999999999,38.130000000000003,0]
["Assentamento de Tubos de PVC e Metálicos em Redes de Água",105258,"ASSENTAMENTO DE CONEXÃO 2 ACESSOS ALINHADOS DE FERRO FUNDIDO PARA REDE DE ÁGUA, DN 400, JUNTA ELÁSTICA, INSTALADO EM LOCAL COM NÍVEL BAIXO DE INTERFERÊNCIAS (NÃO INCLUI FORNECIMENTO). AF_05/2024","UN",27.78,0.1573,26.89,0.16250000000000001,32.49,0.13450000000000001,31.77,0,null,"Assentamento de Tubos de PVC e Metálicos em Redes de Água",105258,"ASSENTAMENTO DE CONEXÃO 2 ACESSOS ALINHADOS DE FERRO FUNDIDO PARA REDE DE ÁGUA, DN 400, JUNTA ELÁSTICA, INSTALADO EM LOCAL COM NÍVEL BAIXO DE INTERFERÊNCIAS (NÃO INCLUI FORNECIMENTO). AF_05/2024","UN",27.5,0.15890000000000001,26.88,0.16259999999999999,32.479999999999997,0.13450000000000001,30.95,0]
["Assentamento de Tubos de PVC e Metálicos em Redes de Água",105397,"ASSENTAMENTO DE CONEXÃO 2 ACESSOS ALINHADOS DE FERRO FUNDIDO PARA REDE DE ÁGUA, DN 450, JUNTA ELÁSTICA, INSTALADO EM LOCAL COM NÍVEL ALTO DE INTERFERÊNCIAS (NÃO INCLUI FORNECIMENTO). AF_05/2024","UN",37.94,0.19289999999999999,36.770000000000003,0.1991,43.8,0.1671,43.53,0,null,"Assentamento de Tubos de PVC e Metálicos em Redes de Água",105397,"ASSENTAMENTO DE CONEXÃO 2 ACESSOS ALINHADOS DE FERRO FUNDIDO PARA REDE DE ÁGUA, DN 450, JUNTA ELÁSTICA, INSTALADO EM LOCAL COM NÍVEL ALTO DE INTERFERÊNCIAS (NÃO INCLUI FORNECIMENTO). AF_05/2024","UN",37.619999999999997,0.1946,36.75,0.19919999999999999,43.79,0.16719999999999999,42.51,0]
["Assentamento de Tubos de PVC e Metálicos em Redes de Água",105261,"ASSENTAMENTO DE CONEXÃO 2 ACESSOS ALINHADOS DE FERRO FUNDIDO PARA REDE DE ÁGUA, DN 450, JUNTA ELÁSTICA, INSTALADO EM LOCAL COM NÍVEL BAIXO DE INTERFERÊNCIAS (NÃO INCLUI FORNECIMENTO). AF_05/2024","UN",31.09,0.15279999999999999,30.1,0.1578,36.409999999999997,0.1305,35.549999999999997,0,null,"Assentamento de Tubos de PVC e Metálicos em Redes de Água",105261,"ASSENTAMENTO DE CONEXÃO 2 ACESSOS ALINHADOS DE FERRO FUNDIDO PARA REDE DE ÁGUA, DN 450, JUNTA ELÁSTICA, INSTALADO EM LOCAL COM NÍVEL BAIXO DE INTERFERÊNCIAS (NÃO INCLUI FORNECIMENTO). AF_05/2024","UN",30.77,0.15440000000000001,30.08,0.15790000000000001,36.4,0.1305,34.630000000000003,0]
["Assentamento de Tubos de PVC e Metálicos em Redes de Água",105398,"ASSENTAMENTO DE CONEXÃO 2 ACESSOS ALINHADOS DE FERRO FUNDIDO PARA REDE DE ÁGUA, DN 500, JUNTA ELÁSTICA, INSTALADO EM LOCAL COM NÍVEL ALTO DE INTERFERÊNCIAS (NÃO INCLUI FORNECIMENTO). AF_05/2024","UN",48.87,0.29770000000000002,47.58,0.30580000000000002,55.42,0.26250000000000001,54.61,0,null,"Assentamento de Tubos de PVC e Metálicos em Redes de Água",105398,"ASSENTAMENTO DE CONEXÃO 2 ACESSOS ALINHADOS DE FERRO FUNDIDO PARA REDE DE ÁGUA, DN 500, JUNTA ELÁSTICA, INSTALADO EM LOCAL COM NÍVEL ALTO DE INTERFERÊNCIAS (NÃO INCLUI FORNECIMENTO). AF_05/2024","UN",48.58,0.3009,47.62,0.307,55.47,0.2636,53.6,0]
["Assentamento de Tubos de PVC e Metálicos em Redes de Água",105262,"ASSENTAMENTO DE CONEXÃO 2 ACESSOS ALINHADOS DE FERRO FUNDIDO PARA REDE DE ÁGUA, DN 500, JUNTA ELÁSTICA, INSTALADO EM LOCAL COM NÍVEL BAIXO DE INTERFERÊNCIAS (NÃO INCLUI FORNECIMENTO). AF_05/2024","UN",39.11,0.24160000000000001,38,0.2487,45.02,0.2099,43.74,0,null,"Assentamento de Tubos de PVC e Metálicos em Redes de Água",105262,"ASSENTAMENTO DE CONEXÃO 2 ACESSOS ALINHADOS DE FERRO FUNDIDO PARA REDE DE ÁGUA, DN 500, JUNTA ELÁSTICA, INSTALADO EM LOCAL COM NÍVEL BAIXO DE INTERFERÊNCIAS (NÃO INCLUI FORNECIMENTO). AF_05/2024","UN",38.79,0.2447,38.020000000000003,0.24959999999999999,45.04,0.2107,42.81,0]
["Assentamento de Tubos de PVC e Metálicos em Redes de Água",105399,"ASSENTAMENTO DE CONEXÃO 2 ACESSOS ALINHADOS DE FERRO FUNDIDO PARA REDE DE ÁGUA, DN 600, JUNTA ELÁSTICA, INSTALADO EM LOCAL COM NÍVEL ALTO DE INTERFERÊNCIAS (NÃO INCLUI FORNECIMENTO). AF_05/2024","UN",57.79,0.28970000000000001,56.25,0.29759999999999998,65.67,0.25490000000000002,64.61,0,null,"Assentamento de Tubos de PVC e Metálicos em Redes de Água",105399,"ASSENTAMENTO DE CONEXÃO 2 ACESSOS ALINHADOS DE FERRO FUNDIDO PARA REDE DE ÁGUA, DN 600, JUNTA ELÁSTICA, INSTALADO EM LOCAL COM NÍVEL ALTO DE INTERFERÊNCIAS (NÃO INCLUI FORNECIMENTO). AF_05/2024","UN",57.42,0.29289999999999999,56.3,0.29880000000000001,65.73,0.25590000000000002,63.38,0]
["Assentamento de Tubos de PVC e Metálicos em Redes de Água",105263,"ASSENTAMENTO DE CONEXÃO 2 ACESSOS ALINHADOS DE FERRO FUNDIDO PARA REDE DE ÁGUA, DN 600, JUNTA ELÁSTICA, INSTALADO EM LOCAL COM NÍVEL BAIXO DE INTERFERÊNCIAS (NÃO INCLUI FORNECIMENTO). AF_05/2024","UN",46.45,0.23400000000000001,45.13,0.2409,53.57,0.2029,51.99,0,null,"Assentamento de Tubos de PVC e Metálicos em Redes de Água",105263,"ASSENTAMENTO DE CONEXÃO 2 ACESSOS ALINHADOS DE FERRO FUNDIDO PARA REDE DE ÁGUA, DN 600, JUNTA ELÁSTICA, INSTALADO EM LOCAL COM NÍVEL BAIXO DE INTERFERÊNCIAS (NÃO INCLUI FORNECIMENTO). AF_05/2024","UN",46.05,0.23710000000000001,45.14,0.2419,53.6,0.20369999999999999,50.83,0]
["Assentamento de Tubos de PVC e Metálicos em Redes de Água",105400,"ASSENTAMENTO DE CONEXÃO 2 ACESSOS ALINHADOS DE FERRO FUNDIDO PARA REDE DE ÁGUA, DN 700, JUNTA ELÁSTICA, INSTALADO EM LOCAL COM NÍVEL ALTO DE INTERFERÊNCIAS (NÃO INCLUI FORNECIMENTO). AF_05/2024","UN",65.95,0.28720000000000001,64.17,0.29520000000000002,75.099999999999994,0.25219999999999998,73.790000000000006,0,null,"Assentamento de Tubos de PVC e Metálicos em Redes de Água",105400,"ASSENTAMENTO DE CONEXÃO 2 ACESSOS ALINHADOS DE FERRO FUNDIDO PARA REDE DE ÁGUA, DN 700, JUNTA ELÁSTICA, INSTALADO EM LOCAL COM NÍVEL ALTO DE INTERFERÊNCIAS (NÃO INCLUI FORNECIMENTO). AF_05/2024","UN",65.56,0.2903,64.23,0.29630000000000001,75.17,0.25319999999999998,72.430000000000007,0]
["Assentamento de Tubos de PVC e Metálicos em Redes de Água",105264,"ASSENTAMENTO DE CONEXÃO 2 ACESSOS ALINHADOS DE FERRO FUNDIDO PARA REDE DE ÁGUA, DN 700, JUNTA ELÁSTICA, INSTALADO EM LOCAL COM NÍVEL BAIXO DE INTERFERÊNCIAS (NÃO INCLUI FORNECIMENTO). AF_05/2024","UN",53.02,0.23200000000000001,51.49,0.2389,61.29,0.20069999999999999,59.4,0,null,"Assentamento de Tubos de PVC e Metálicos em Redes de Água",105264,"ASSENTAMENTO DE CONEXÃO 2 ACESSOS ALINHADOS DE FERRO FUNDIDO PARA REDE DE ÁGUA, DN 700, JUNTA ELÁSTICA, INSTALADO EM LOCAL COM NÍVEL BAIXO DE INTERFERÊNCIAS (NÃO INCLUI FORNECIMENTO). AF_05/2024","UN",52.6,0.23499999999999999,51.51,0.24,61.32,0.2016,58.13,0]
["Assentamento de Tubos de PVC e Metálicos em Redes de Água",105297,"ASSENTAMENTO DE CONEXÃO 2 ACESSOS ALINHADOS DE FERRO FUNDIDO PARA REDE DE ÁGUA, DN 80, JUNTA ELÁSTICA, INSTALADO EM LOCAL COM NÍVEL ALTO DE INTERFERÊNCIAS (NÃO INCLUI FORNECIMENTO). AF_05/2024","UN",9.9600000000000009,0.29220000000000002,9.7200000000000006,0.2994,11.01,0.26429999999999998,11.37,0,null,"Assentamento de Tubos de PVC e Metálicos em Redes de Água",105297,"ASSENTAMENTO DE CONEXÃO 2 ACESSOS ALINHADOS DE FERRO FUNDIDO PARA REDE DE ÁGUA, DN 80, JUNTA ELÁSTICA, INSTALADO EM LOCAL COM NÍVEL ALTO DE INTERFERÊNCIAS (NÃO INCLUI FORNECIMENTO). AF_05/2024","UN",9.8800000000000008,0.29449999999999998,9.7100000000000009,0.29970000000000002,11,0.26450000000000001,11.14,0]
["Assentamento de Tubos de PVC e Metálicos em Redes de Água",105372,"ASSENTAMENTO DE CONEXÃO 2 ACESSOS ALINHADOS DE FERRO FUNDIDO PARA REDE DE ÁGUA, DN 80, JUNTA ELÁSTICA, INSTALADO EM LOCAL COM NÍVEL BAIXO DE INTERFERÊNCIAS (NÃO INCLUI FORNECIMENTO). AF_05/2024","UN",7.67,0.24640000000000001,7.48,0.25269999999999998,8.61,0.2195,8.7100000000000009,0,null,"Assentamento de Tubos de PVC e Metálicos em Redes de Água",105372,"ASSENTAMENTO DE CONEXÃO 2 ACESSOS ALINHADOS DE FERRO FUNDIDO PARA REDE DE ÁGUA, DN 80, JUNTA ELÁSTICA, INSTALADO EM LOCAL COM NÍVEL BAIXO DE INTERFERÊNCIAS (NÃO INCLUI FORNECIMENTO). AF_05/2024","UN",7.59,0.249,7.47,0.253,8.6,0.2198,8.51,0]
["Assentamento de Tubos de PVC e Metálicos em Redes de Água",105401,"ASSENTAMENTO DE CONEXÃO 2 ACESSOS ALINHADOS DE FERRO FUNDIDO PARA REDE DE ÁGUA, DN 800, JUNTA ELÁSTICA, INSTALADO EM LOCAL COM NÍVEL ALTO DE INTERFERÊNCIAS (NÃO INCLUI FORNECIMENTO). AF_05/2024","UN",74.38,0.28410000000000002,72.36,0.29199999999999998,84.82,0.24909999999999999,83.29,0,null,"Assentamento de Tubos de PVC e Metálicos em Redes de Água",105401,"ASSENTAMENTO DE CONEXÃO 2 ACESSOS ALINHADOS DE FERRO FUNDIDO PARA REDE DE ÁGUA, DN 800, JUNTA ELÁSTICA, INSTALADO EM LOCAL COM NÍVEL ALTO DE INTERFERÊNCIAS (NÃO INCLUI FORNECIMENTO). AF_05/2024","UN",73.94,0.28710000000000002,72.42,0.29320000000000002,84.9,0.25009999999999999,81.75,0]
["Assentamento de Tubos de PVC e Metálicos em Redes de Água",105265,"ASSENTAMENTO DE CONEXÃO 2 ACESSOS ALINHADOS DE FERRO FUNDIDO PARA REDE DE ÁGUA, DN 800, JUNTA ELÁSTICA, INSTALADO EM LOCAL COM NÍVEL BAIXO DE INTERFERÊNCIAS (NÃO INCLUI FORNECIMENTO). AF_05/2024","UN",59.87,0.22919999999999999,58.14,0.23599999999999999,69.31,0.19800000000000001,67.12,0,null,"Assentamento de Tubos de PVC e Metálicos em Redes de Água",105265,"ASSENTAMENTO DE CONEXÃO 2 ACESSOS ALINHADOS DE FERRO FUNDIDO PARA REDE DE ÁGUA, DN 800, JUNTA ELÁSTICA, INSTALADO EM LOCAL COM NÍVEL BAIXO DE INTERFERÊNCIAS (NÃO INCLUI FORNECIMENTO). AF_05/2024","UN",59.4,0.23219999999999999,58.17,0.23710000000000001,69.349999999999994,0.1988,65.7,0]
["Assentamento de Tubos de PVC e Metálicos em Redes de Água",105402,"ASSENTAMENTO DE CONEXÃO 2 ACESSOS ALINHADOS DE FERRO FUNDIDO PARA REDE DE ÁGUA, DN 900, JUNTA ELÁSTICA, INSTALADO EM LOCAL COM NÍVEL ALTO DE INTERFERÊNCIAS (NÃO INCLUI FORNECIMENTO). AF_05/2024","UN",83.04,0.28089999999999998,80.77,0.2888,94.8,0.24610000000000001,92.99,0,null,"Assentamento de Tubos de PVC e Metálicos em Redes de Água",105402,"ASSENTAMENTO DE CONEXÃO 2 ACESSOS ALINHADOS DE FERRO FUNDIDO PARA REDE DE ÁGUA, DN 900, JUNTA ELÁSTICA, INSTALADO EM LOCAL COM NÍVEL ALTO DE INTERFERÊNCIAS (NÃO INCLUI FORNECIMENTO). AF_05/2024","UN",82.53,0.28399999999999997,80.84,0.28999999999999998,94.88,0.247,91.27,0]
["Assentamento de Tubos de PVC e Metálicos em Redes de Água",105266,"ASSENTAMENTO DE CONEXÃO 2 ACESSOS ALINHADOS DE FERRO FUNDIDO PARA REDE DE ÁGUA, DN 900, JUNTA ELÁSTICA, INSTALADO EM LOCAL COM NÍVEL BAIXO DE INTERFERÊNCIAS (NÃO INCLUI FORNECIMENTO). AF_05/2024","UN",66.95,0.2263,65,0.2331,77.569999999999993,0.1953,75.08,0,null,"Assentamento de Tubos de PVC e Metálicos em Redes de Água",105266,"ASSENTAMENTO DE CONEXÃO 2 ACESSOS ALINHADOS DE FERRO FUNDIDO PARA REDE DE ÁGUA, DN 900, JUNTA ELÁSTICA, INSTALADO EM LOCAL COM NÍVEL BAIXO DE INTERFERÊNCIAS (NÃO INCLUI FORNECIMENTO). AF_05/2024","UN",66.41,0.22919999999999999,65.03,0.23400000000000001,77.62,0.1961,73.48,0]
["Assentamento de Tubos de PVC e Metálicos em Redes de Água",105361,"ASSENTAMENTO DE CONEXÃO 2 ACESSOS ALINHADOS DE PVC PBA PARA REDE DE ÁGUA, DN 100, JUNTA ELÁSTICA INTEGRADA, INSTALADO EM LOCAL COM NÍVEL ALTO DE INTERFERÊNCIAS (NÃO INCLUI FORNECIMENTO). AF_05/2024","UN",16.07,0,15.38,0,19.82,0,18.239999999999998,0,null,"Assentamento de Tubos de PVC e Metálicos em Redes de Água",105361,"ASSENTAMENTO DE CONEXÃO 2 ACESSOS ALINHADOS DE PVC PBA PARA REDE DE ÁGUA, DN 100, JUNTA ELÁSTICA INTEGRADA, INSTALADO EM LOCAL COM NÍVEL ALTO DE INTERFERÊNCIAS (NÃO INCLUI FORNECIMENTO). AF_05/2024","UN",15.93,0,15.38,0,19.809999999999999,0,17.829999999999998,0]
["Assentamento de Tubos de PVC e Metálicos em Redes de Água",105382,"ASSENTAMENTO DE CONEXÃO 2 ACESSOS ALINHADOS DE PVC PBA PARA REDE DE ÁGUA, DN 100, JUNTA ELÁSTICA INTEGRADA, INSTALADO EM LOCAL COM NÍVEL BAIXO DE INTERFERÊNCIAS (NÃO INCLUI FORNECIMENTO). AF_05/2024","UN",13.33,0,12.76,0,16.399999999999999,0,15.12,0,null,"Assentamento de Tubos de PVC e Metálicos em Redes de Água",105382,"ASSENTAMENTO DE CONEXÃO 2 ACESSOS ALINHADOS DE PVC PBA PARA REDE DE ÁGUA, DN 100, JUNTA ELÁSTICA INTEGRADA, INSTALADO EM LOCAL COM NÍVEL BAIXO DE INTERFERÊNCIAS (NÃO INCLUI FORNECIMENTO). AF_05/2024","UN",13.19,0,12.76,0,16.39,0,14.75,0]
["Assentamento de Tubos de PVC e Metálicos em Redes de Água",105359,"ASSENTAMENTO DE CONEXÃO 2 ACESSOS ALINHADOS DE PVC PBA PARA REDE DE ÁGUA, DN 50, JUNTA ELÁSTICA INTEGRADA, INSTALADO EM LOCAL COM NÍVEL ALTO DE INTERFERÊNCIAS (NÃO INCLUI FORNECIMENTO). AF_05/2024","UN",11.32,0,10.84,0,14.04,0,12.89,0,null,"Assentamento de Tubos de PVC e Metálicos em Redes de Água",105359,"ASSENTAMENTO DE CONEXÃO 2 ACESSOS ALINHADOS DE PVC PBA PARA REDE DE ÁGUA, DN 50, JUNTA ELÁSTICA INTEGRADA, INSTALADO EM LOCAL COM NÍVEL ALTO DE INTERFERÊNCIAS (NÃO INCLUI FORNECIMENTO). AF_05/2024","UN",11.26,0,10.84,0,14.04,0,12.65,0]
["Assentamento de Tubos de PVC e Metálicos em Redes de Água",105315,"ASSENTAMENTO DE CONEXÃO 2 ACESSOS ALINHADOS DE PVC PBA PARA REDE DE ÁGUA, DN 50, JUNTA ELÁSTICA INTEGRADA, INSTALADO EM LOCAL COM NÍVEL BAIXO DE INTERFERÊNCIAS (NÃO INCLUI FORNECIMENTO). AF_05/2024","UN",9.32,0,8.93,0,11.53,0,10.59,0,null,"Assentamento de Tubos de PVC e Metálicos em Redes de Água",105315,"ASSENTAMENTO DE CONEXÃO 2 ACESSOS ALINHADOS DE PVC PBA PARA REDE DE ÁGUA, DN 50, JUNTA ELÁSTICA INTEGRADA, INSTALADO EM LOCAL COM NÍVEL BAIXO DE INTERFERÊNCIAS (NÃO INCLUI FORNECIMENTO). AF_05/2024","UN",9.26,0,8.93,0,11.53,0,10.38,0]
["Assentamento de Tubos de PVC e Metálicos em Redes de Água",105360,"ASSENTAMENTO DE CONEXÃO 2 ACESSOS ALINHADOS DE PVC PBA PARA REDE DE ÁGUA, DN 75, JUNTA ELÁSTICA INTEGRADA, INSTALADO EM LOCAL COM NÍVEL ALTO DE INTERFERÊNCIAS (NÃO INCLUI FORNECIMENTO). AF_05/2024","UN",13.78,0,13.21,0,17.03,0,15.66,0,null,"Assentamento de Tubos de PVC e Metálicos em Redes de Água",105360,"ASSENTAMENTO DE CONEXÃO 2 ACESSOS ALINHADOS DE PVC PBA PARA REDE DE ÁGUA, DN 75, JUNTA ELÁSTICA INTEGRADA, INSTALADO EM LOCAL COM NÍVEL ALTO DE INTERFERÊNCIAS (NÃO INCLUI FORNECIMENTO). AF_05/2024","UN",13.68,0,13.21,0,17.03,0,15.32,0]
["Assentamento de Tubos de PVC e Metálicos em Redes de Água",105381,"ASSENTAMENTO DE CONEXÃO 2 ACESSOS ALINHADOS DE PVC PBA PARA REDE DE ÁGUA, DN 75, JUNTA ELÁSTICA INTEGRADA, INSTALADO EM LOCAL COM NÍVEL BAIXO DE INTERFERÊNCIAS (NÃO INCLUI FORNECIMENTO). AF_05/2024","UN",11.41,0,10.93,0,14.07,0,12.96,0,null,"Assentamento de Tubos de PVC e Metálicos em Redes de Água",105381,"ASSENTAMENTO DE CONEXÃO 2 ACESSOS ALINHADOS DE PVC PBA PARA REDE DE ÁGUA, DN 75, JUNTA ELÁSTICA INTEGRADA, INSTALADO EM LOCAL COM NÍVEL BAIXO DE INTERFERÊNCIAS (NÃO INCLUI FORNECIMENTO). AF_05/2024","UN",11.31,0,10.93,0,14.07,0,12.66,0]
["Assentamento de Tubos de PVC e Metálicos em Redes de Água",105251,"ASSENTAMENTO DE CONEXÃO 2 ACESSOS INCLINADOS DE FERRO FUNDIDO PARA REDE DE ÁGUA, DN 100, JUNTA ELÁSTICA, INSTALADO EM LOCAL COM NÍVEL ALTO DE INTERFERÊNCIAS (NÃO INCLUI FORNECIMENTO). AF_05/2024","UN",16.73,0.28210000000000002,16.309999999999999,0.28939999999999999,18.66,0.25290000000000001,19.170000000000002,0,null,"Assentamento de Tubos de PVC e Metálicos em Redes de Água",105251,"ASSENTAMENTO DE CONEXÃO 2 ACESSOS INCLINADOS DE FERRO FUNDIDO PARA REDE DE ÁGUA, DN 100, JUNTA ELÁSTICA, INSTALADO EM LOCAL COM NÍVEL ALTO DE INTERFERÊNCIAS (NÃO INCLUI FORNECIMENTO). AF_05/2024","UN",16.64,0.28370000000000001,16.29,0.28970000000000001,18.66,0.25290000000000001,18.82,0]
["Assentamento de Tubos de PVC e Metálicos em Redes de Água",105282,"ASSENTAMENTO DE CONEXÃO 2 ACESSOS INCLINADOS DE FERRO FUNDIDO PARA REDE DE ÁGUA, DN 100, JUNTA ELÁSTICA, INSTALADO EM LOCAL COM NÍVEL BAIXO DE INTERFERÊNCIAS (NÃO INCLUI FORNECIMENTO). AF_05/2024","UN",12.92,0.23680000000000001,12.58,0.2432,14.66,0.2087,14.73,0,null,"Assentamento de Tubos de PVC e Metálicos em Redes de Água",105282,"ASSENTAMENTO DE CONEXÃO 2 ACESSOS INCLINADOS DE FERRO FUNDIDO PARA REDE DE ÁGUA, DN 100, JUNTA ELÁSTICA, INSTALADO EM LOCAL COM NÍVEL BAIXO DE INTERFERÊNCIAS (NÃO INCLUI FORNECIMENTO). AF_05/2024","UN",12.83,0.23849999999999999,12.56,0.24360000000000001,14.66,0.2087,14.43,0]
["Assentamento de Tubos de PVC e Metálicos em Redes de Água",105276,"ASSENTAMENTO DE CONEXÃO 2 ACESSOS INCLINADOS DE FERRO FUNDIDO PARA REDE DE ÁGUA, DN 1000, JUNTA ELÁSTICA, INSTALADO EM LOCAL COM NÍVEL ALTO DE INTERFERÊNCIAS (NÃO INCLUI FORNECIMENTO). AF_05/2024","UN",133.69,0.2863,130.1,0.29420000000000002,153.04,0.25009999999999999,149.96,0,null,"Assentamento de Tubos de PVC e Metálicos em Redes de Água",105276,"ASSENTAMENTO DE CONEXÃO 2 ACESSOS INCLINADOS DE FERRO FUNDIDO PARA REDE DE ÁGUA, DN 1000, JUNTA ELÁSTICA, INSTALADO EM LOCAL COM NÍVEL ALTO DE INTERFERÊNCIAS (NÃO INCLUI FORNECIMENTO). AF_05/2024","UN",133.18,0.2888,130.22,0.29530000000000001,153.18,0.25109999999999999,147.61000000000001,0]
["Assentamento de Tubos de PVC e Metálicos em Redes de Água",105341,"ASSENTAMENTO DE CONEXÃO 2 ACESSOS INCLINADOS DE FERRO FUNDIDO PARA REDE DE ÁGUA, DN 1000, JUNTA ELÁSTICA, INSTALADO EM LOCAL COM NÍVEL BAIXO DE INTERFERÊNCIAS (NÃO INCLUI FORNECIMENTO). AF_05/2024","UN",107.2,0.23180000000000001,104.14,0.23860000000000001,124.66,0.1993,120.43,0,null,"Assentamento de Tubos de PVC e Metálicos em Redes de Água",105341,"ASSENTAMENTO DE CONEXÃO 2 ACESSOS INCLINADOS DE FERRO FUNDIDO PARA REDE DE ÁGUA, DN 1000, JUNTA ELÁSTICA, INSTALADO EM LOCAL COM NÍVEL BAIXO DE INTERFERÊNCIAS (NÃO INCLUI FORNECIMENTO). AF_05/2024","UN",106.63,0.23430000000000001,104.2,0.2397,124.73,0.20030000000000001,118.28,0]
["Assentamento de Tubos de PVC e Metálicos em Redes de Água",105277,"ASSENTAMENTO DE CONEXÃO 2 ACESSOS INCLINADOS DE FERRO FUNDIDO PARA REDE DE ÁGUA, DN 1200, JUNTA ELÁSTICA, INSTALADO EM LOCAL COM NÍVEL ALTO DE INTERFERÊNCIAS (NÃO INCLUI FORNECIMENTO). AF_05/2024","UN",162,0.27689999999999998,157.57,0.28460000000000002,185.43,0.2419,181.63,0,null,"Assentamento de Tubos de PVC e Metálicos em Redes de Água",105277,"ASSENTAMENTO DE CONEXÃO 2 ACESSOS INCLINADOS DE FERRO FUNDIDO PARA REDE DE ÁGUA, DN 1200, JUNTA ELÁSTICA, INSTALADO EM LOCAL COM NÍVEL ALTO DE INTERFERÊNCIAS (NÃO INCLUI FORNECIMENTO). AF_05/2024","UN",161.11000000000001,0.2797,157.69999999999999,0.28570000000000001,185.6,0.24279999999999999,178.39,0]
["Assentamento de Tubos de PVC e Metálicos em Redes de Água",105342,"ASSENTAMENTO DE CONEXÃO 2 ACESSOS INCLINADOS DE FERRO FUNDIDO PARA REDE DE ÁGUA, DN 1200, JUNTA ELÁSTICA, INSTALADO EM LOCAL COM NÍVEL BAIXO DE INTERFERÊNCIAS (NÃO INCLUI FORNECIMENTO). AF_05/2024","UN",130.79,0.22270000000000001,126.96,0.22939999999999999,151.94,0.19170000000000001,146.85,0,null,"Assentamento de Tubos de PVC e Metálicos em Redes de Água",105342,"ASSENTAMENTO DE CONEXÃO 2 ACESSOS INCLINADOS DE FERRO FUNDIDO PARA REDE DE ÁGUA, DN 1200, JUNTA ELÁSTICA, INSTALADO EM LOCAL COM NÍVEL BAIXO DE INTERFERÊNCIAS (NÃO INCLUI FORNECIMENTO). AF_05/2024","UN",129.82,0.22539999999999999,127.02,0.23039999999999999,152.04,0.19239999999999999,143.83000000000001,0]
["Assentamento de Tubos de PVC e Metálicos em Redes de Água",105252,"ASSENTAMENTO DE CONEXÃO 2 ACESSOS INCLINADOS DE FERRO FUNDIDO PARA REDE DE ÁGUA, DN 150, JUNTA ELÁSTICA, INSTALADO EM LOCAL COM NÍVEL ALTO DE INTERFERÊNCIAS (NÃO INCLUI FORNECIMENTO). AF_05/2024","UN",22.08,0.25409999999999999,21.49,0.2611,24.97,0.22470000000000001,25.34,0,null,"Assentamento de Tubos de PVC e Metálicos em Redes de Água",105252,"ASSENTAMENTO DE CONEXÃO 2 ACESSOS INCLINADOS DE FERRO FUNDIDO PARA REDE DE ÁGUA, DN 150, JUNTA ELÁSTICA, INSTALADO EM LOCAL COM NÍVEL ALTO DE INTERFERÊNCIAS (NÃO INCLUI FORNECIMENTO). AF_05/2024","UN",21.98,0.25519999999999998,21.47,0.26129999999999998,24.97,0.22470000000000001,24.86,0]
["Assentamento de Tubos de PVC e Metálicos em Redes de Água",105298,"ASSENTAMENTO DE CONEXÃO 2 ACESSOS INCLINADOS DE FERRO FUNDIDO PARA REDE DE ÁGUA, DN 150, JUNTA ELÁSTICA, INSTALADO EM LOCAL COM NÍVEL BAIXO DE INTERFERÊNCIAS (NÃO INCLUI FORNECIMENTO). AF_05/2024","UN",17.34,0.2099,16.87,0.21579999999999999,19.940000000000001,0.1825,19.82,0,null,"Assentamento de Tubos de PVC e Metálicos em Redes de Água",105298,"ASSENTAMENTO DE CONEXÃO 2 ACESSOS INCLINADOS DE FERRO FUNDIDO PARA REDE DE ÁGUA, DN 150, JUNTA ELÁSTICA, INSTALADO EM LOCAL COM NÍVEL BAIXO DE INTERFERÊNCIAS (NÃO INCLUI FORNECIMENTO). AF_05/2024","UN",17.239999999999998,0.21110000000000001,16.850000000000001,0.216,19.940000000000001,0.1825,19.420000000000002,0]
["Assentamento de Tubos de PVC e Metálicos em Redes de Água",105253,"ASSENTAMENTO DE CONEXÃO 2 ACESSOS INCLINADOS DE FERRO FUNDIDO PARA REDE DE ÁGUA, DN 200, JUNTA ELÁSTICA, INSTALADO EM LOCAL COM NÍVEL ALTO DE INTERFERÊNCIAS (NÃO INCLUI FORNECIMENTO). AF_05/2024","UN",27.43,0.23769999999999999,26.67,0.2445,31.28,0.2084,31.51,0,null,"Assentamento de Tubos de PVC e Metálicos em Redes de Água",105253,"ASSENTAMENTO DE CONEXÃO 2 ACESSOS INCLINADOS DE FERRO FUNDIDO PARA REDE DE ÁGUA, DN 200, JUNTA ELÁSTICA, INSTALADO EM LOCAL COM NÍVEL ALTO DE INTERFERÊNCIAS (NÃO INCLUI FORNECIMENTO). AF_05/2024","UN",27.31,0.2387,26.65,0.2447,31.27,0.20849999999999999,30.93,0]
["Assentamento de Tubos de PVC e Metálicos em Redes de Água",105299,"ASSENTAMENTO DE CONEXÃO 2 ACESSOS INCLINADOS DE FERRO FUNDIDO PARA REDE DE ÁGUA, DN 200, JUNTA ELÁSTICA, INSTALADO EM LOCAL COM NÍVEL BAIXO DE INTERFERÊNCIAS (NÃO INCLUI FORNECIMENTO). AF_05/2024","UN",21.77,0.1943,21.14,0.2001,25.24,0.1676,24.92,0,null,"Assentamento de Tubos de PVC e Metálicos em Redes de Água",105299,"ASSENTAMENTO DE CONEXÃO 2 ACESSOS INCLINADOS DE FERRO FUNDIDO PARA REDE DE ÁGUA, DN 200, JUNTA ELÁSTICA, INSTALADO EM LOCAL COM NÍVEL BAIXO DE INTERFERÊNCIAS (NÃO INCLUI FORNECIMENTO). AF_05/2024","UN",21.65,0.19539999999999999,21.12,0.20030000000000001,25.23,0.16769999999999999,24.43,0]
["Assentamento de Tubos de PVC e Metálicos em Redes de Água",105254,"ASSENTAMENTO DE CONEXÃO 2 ACESSOS INCLINADOS DE FERRO FUNDIDO PARA REDE DE ÁGUA, DN 250, JUNTA ELÁSTICA, INSTALADO EM LOCAL COM NÍVEL ALTO DE INTERFERÊNCIAS (NÃO INCLUI FORNECIMENTO). AF_05/2024","UN",32.92,0.22509999999999999,31.99,0.2316,37.76,0.19620000000000001,37.840000000000003,0,null,"Assentamento de Tubos de PVC e Metálicos em Redes de Água",105254,"ASSENTAMENTO DE CONEXÃO 2 ACESSOS INCLINADOS DE FERRO FUNDIDO PARA REDE DE ÁGUA, DN 250, JUNTA ELÁSTICA, INSTALADO EM LOCAL COM NÍVEL ALTO DE INTERFERÊNCIAS (NÃO INCLUI FORNECIMENTO). AF_05/2024","UN",32.75,0.2263,31.97,0.23180000000000001,37.75,0.1963,37.130000000000003,0]
["Assentamento de Tubos de PVC e Metálicos em Redes de Água",105300,"ASSENTAMENTO DE CONEXÃO 2 ACESSOS INCLINADOS DE FERRO FUNDIDO PARA REDE DE ÁGUA, DN 250, JUNTA ELÁSTICA, INSTALADO EM LOCAL COM NÍVEL BAIXO DE INTERFERÊNCIAS (NÃO INCLUI FORNECIMENTO). AF_05/2024","UN",26.36,0.1825,25.58,0.188,30.7,0.15670000000000001,30.19,0,null,"Assentamento de Tubos de PVC e Metálicos em Redes de Água",105300,"ASSENTAMENTO DE CONEXÃO 2 ACESSOS INCLINADOS DE FERRO FUNDIDO PARA REDE DE ÁGUA, DN 250, JUNTA ELÁSTICA, INSTALADO EM LOCAL COM NÍVEL BAIXO DE INTERFERÊNCIAS (NÃO INCLUI FORNECIMENTO). AF_05/2024","UN",26.19,0.1837,25.56,0.18820000000000001,30.69,0.15670000000000001,29.57,0]
["Assentamento de Tubos de PVC e Metálicos em Redes de Água",105255,"ASSENTAMENTO DE CONEXÃO 2 ACESSOS INCLINADOS DE FERRO FUNDIDO PARA REDE DE ÁGUA, DN 300, JUNTA ELÁSTICA, INSTALADO EM LOCAL COM NÍVEL ALTO DE INTERFERÊNCIAS (NÃO INCLUI FORNECIMENTO). AF_05/2024","UN",38.43,0.2162,37.31,0.22270000000000001,44.22,0.18790000000000001,44.18,0,null,"Assentamento de Tubos de PVC e Metálicos em Redes de Água",105255,"ASSENTAMENTO DE CONEXÃO 2 ACESSOS INCLINADOS DE FERRO FUNDIDO PARA REDE DE ÁGUA, DN 300, JUNTA ELÁSTICA, INSTALADO EM LOCAL COM NÍVEL ALTO DE INTERFERÊNCIAS (NÃO INCLUI FORNECIMENTO). AF_05/2024","UN",38.22,0.21740000000000001,37.28,0.22289999999999999,44.21,0.188,43.33,0]
["Assentamento de Tubos de PVC e Metálicos em Redes de Água",105301,"ASSENTAMENTO DE CONEXÃO 2 ACESSOS INCLINADOS DE FERRO FUNDIDO PARA REDE DE ÁGUA, DN 300, JUNTA ELÁSTICA, INSTALADO EM LOCAL COM NÍVEL BAIXO DE INTERFERÊNCIAS (NÃO INCLUI FORNECIMENTO). AF_05/2024","UN",30.94,0.17419999999999999,30.01,0.17960000000000001,36.15,0.14910000000000001,35.44,0,null,"Assentamento de Tubos de PVC e Metálicos em Redes de Água",105301,"ASSENTAMENTO DE CONEXÃO 2 ACESSOS INCLINADOS DE FERRO FUNDIDO PARA REDE DE ÁGUA, DN 300, JUNTA ELÁSTICA, INSTALADO EM LOCAL COM NÍVEL BAIXO DE INTERFERÊNCIAS (NÃO INCLUI FORNECIMENTO). AF_05/2024","UN",30.73,0.1754,29.98,0.17979999999999999,36.14,0.14910000000000001,34.71,0]
["Assentamento de Tubos de PVC e Metálicos em Redes de Água",105256,"ASSENTAMENTO DE CONEXÃO 2 ACESSOS INCLINADOS DE FERRO FUNDIDO PARA REDE DE ÁGUA, DN 350, JUNTA ELÁSTICA, INSTALADO EM LOCAL COM NÍVEL ALTO DE INTERFERÊNCIAS (NÃO INCLUI FORNECIMENTO). AF_05/2024","UN",43.92,0.20949999999999999,42.62,0.21590000000000001,50.68,0.18149999999999999,50.51,0,null,"Assentamento de Tubos de PVC e Metálicos em Redes de Água",105256,"ASSENTAMENTO DE CONEXÃO 2 ACESSOS INCLINADOS DE FERRO FUNDIDO PARA REDE DE ÁGUA, DN 350, JUNTA ELÁSTICA, INSTALADO EM LOCAL COM NÍVEL ALTO DE INTERFERÊNCIAS (NÃO INCLUI FORNECIMENTO). AF_05/2024","UN",43.68,0.21060000000000001,42.59,0.216,50.68,0.18149999999999999,49.53,0]
["Assentamento de Tubos de PVC e Metálicos em Redes de Água",105302,"ASSENTAMENTO DE CONEXÃO 2 ACESSOS INCLINADOS DE FERRO FUNDIDO PARA REDE DE ÁGUA, DN 350, JUNTA ELÁSTICA, INSTALADO EM LOCAL COM NÍVEL BAIXO DE INTERFERÊNCIAS (NÃO INCLUI FORNECIMENTO). AF_05/2024","UN",35.51,0.1681,34.409999999999997,0.17349999999999999,41.59,0.14349999999999999,40.69,0,null,"Assentamento de Tubos de PVC e Metálicos em Redes de Água",105302,"ASSENTAMENTO DE CONEXÃO 2 ACESSOS INCLINADOS DE FERRO FUNDIDO PARA REDE DE ÁGUA, DN 350, JUNTA ELÁSTICA, INSTALADO EM LOCAL COM NÍVEL BAIXO DE INTERFERÊNCIAS (NÃO INCLUI FORNECIMENTO). AF_05/2024","UN",35.270000000000003,0.16930000000000001,34.380000000000003,0.1736,41.59,0.14349999999999999,39.83,0]
["Assentamento de Tubos de PVC e Metálicos em Redes de Água",105257,"ASSENTAMENTO DE CONEXÃO 2 ACESSOS INCLINADOS DE FERRO FUNDIDO PARA REDE DE ÁGUA, DN 400, JUNTA ELÁSTICA, INSTALADO EM LOCAL COM NÍVEL ALTO DE INTERFERÊNCIAS (NÃO INCLUI FORNECIMENTO). AF_05/2024","UN",49.4,0.20449999999999999,47.93,0.2107,57.12,0.17680000000000001,56.82,0,null,"Assentamento de Tubos de PVC e Metálicos em Redes de Água",105257,"ASSENTAMENTO DE CONEXÃO 2 ACESSOS INCLINADOS DE FERRO FUNDIDO PARA REDE DE ÁGUA, DN 400, JUNTA ELÁSTICA, INSTALADO EM LOCAL COM NÍVEL ALTO DE INTERFERÊNCIAS (NÃO INCLUI FORNECIMENTO). AF_05/2024","UN",49.13,0.2056,47.9,0.2109,57.1,0.1769,55.71,0]
["Assentamento de Tubos de PVC e Metálicos em Redes de Água",105303,"ASSENTAMENTO DE CONEXÃO 2 ACESSOS INCLINADOS DE FERRO FUNDIDO PARA REDE DE ÁGUA, DN 400, JUNTA ELÁSTICA, INSTALADO EM LOCAL COM NÍVEL BAIXO DE INTERFERÊNCIAS (NÃO INCLUI FORNECIMENTO). AF_05/2024","UN",40.07,0.16370000000000001,38.83,0.16889999999999999,47.03,0.13950000000000001,45.92,0,null,"Assentamento de Tubos de PVC e Metálicos em Redes de Água",105303,"ASSENTAMENTO DE CONEXÃO 2 ACESSOS INCLINADOS DE FERRO FUNDIDO PARA REDE DE ÁGUA, DN 400, JUNTA ELÁSTICA, INSTALADO EM LOCAL COM NÍVEL BAIXO DE INTERFERÊNCIAS (NÃO INCLUI FORNECIMENTO). AF_05/2024","UN",39.799999999999997,0.1648,38.799999999999997,0.1691,47.01,0.13950000000000001,44.96,0]
["Assentamento de Tubos de PVC e Metálicos em Redes de Água",105270,"ASSENTAMENTO DE CONEXÃO 2 ACESSOS INCLINADOS DE FERRO FUNDIDO PARA REDE DE ÁGUA, DN 450, JUNTA ELÁSTICA, INSTALADO EM LOCAL COM NÍVEL ALTO DE INTERFERÊNCIAS (NÃO INCLUI FORNECIMENTO). AF_05/2024","UN",55.03,0.19969999999999999,53.38,0.2059,63.73,0.1724,63.29,0,null,"Assentamento de Tubos de PVC e Metálicos em Redes de Água",105270,"ASSENTAMENTO DE CONEXÃO 2 ACESSOS INCLINADOS DE FERRO FUNDIDO PARA REDE DE ÁGUA, DN 450, JUNTA ELÁSTICA, INSTALADO EM LOCAL COM NÍVEL ALTO DE INTERFERÊNCIAS (NÃO INCLUI FORNECIMENTO). AF_05/2024","UN",54.7,0.2009,53.35,0.20599999999999999,63.72,0.17249999999999999,62.03,0]
["Assentamento de Tubos de PVC e Metálicos em Redes de Água",105304,"ASSENTAMENTO DE CONEXÃO 2 ACESSOS INCLINADOS DE FERRO FUNDIDO PARA REDE DE ÁGUA, DN 450, JUNTA ELÁSTICA, INSTALADO EM LOCAL COM NÍVEL BAIXO DE INTERFERÊNCIAS (NÃO INCLUI FORNECIMENTO). AF_05/2024","UN",44.79,0.15939999999999999,43.38,0.1646,52.62,0.13569999999999999,51.32,0,null,"Assentamento de Tubos de PVC e Metálicos em Redes de Água",105304,"ASSENTAMENTO DE CONEXÃO 2 ACESSOS INCLINADOS DE FERRO FUNDIDO PARA REDE DE ÁGUA, DN 450, JUNTA ELÁSTICA, INSTALADO EM LOCAL COM NÍVEL BAIXO DE INTERFERÊNCIAS (NÃO INCLUI FORNECIMENTO). AF_05/2024","UN",44.46,0.16059999999999999,43.35,0.16470000000000001,52.61,0.13569999999999999,50.21,0]
["Assentamento de Tubos de PVC e Metálicos em Redes de Água",105271,"ASSENTAMENTO DE CONEXÃO 2 ACESSOS INCLINADOS DE FERRO FUNDIDO PARA REDE DE ÁGUA, DN 500, JUNTA ELÁSTICA, INSTALADO EM LOCAL COM NÍVEL ALTO DE INTERFERÊNCIAS (NÃO INCLUI FORNECIMENTO). AF_05/2024","UN",71.2,0.30649999999999999,69.38,0.3145,80.89,0.2697,79.66,0,null,"Assentamento de Tubos de PVC e Metálicos em Redes de Água",105271,"ASSENTAMENTO DE CONEXÃO 2 ACESSOS INCLINADOS DE FERRO FUNDIDO PARA REDE DE ÁGUA, DN 500, JUNTA ELÁSTICA, INSTALADO EM LOCAL COM NÍVEL ALTO DE INTERFERÊNCIAS (NÃO INCLUI FORNECIMENTO). AF_05/2024","UN",70.94,0.309,69.44,0.31569999999999998,80.959999999999994,0.27079999999999999,78.44,0]
["Assentamento de Tubos de PVC e Metálicos em Redes de Água",105305,"ASSENTAMENTO DE CONEXÃO 2 ACESSOS INCLINADOS DE FERRO FUNDIDO PARA REDE DE ÁGUA, DN 500, JUNTA ELÁSTICA, INSTALADO EM LOCAL COM NÍVEL BAIXO DE INTERFERÊNCIAS (NÃO INCLUI FORNECIMENTO). AF_05/2024","UN",56.54,0.25059999999999999,55,0.2576,65.290000000000006,0.217,63.35,0,null,"Assentamento de Tubos de PVC e Metálicos em Redes de Água",105305,"ASSENTAMENTO DE CONEXÃO 2 ACESSOS INCLINADOS DE FERRO FUNDIDO PARA REDE DE ÁGUA, DN 500, JUNTA ELÁSTICA, INSTALADO EM LOCAL COM NÍVEL BAIXO DE INTERFERÊNCIAS (NÃO INCLUI FORNECIMENTO). AF_05/2024","UN",56.24,0.25319999999999998,55.03,0.25879999999999997,65.319999999999993,0.218,62.24,0]
["Assentamento de Tubos de PVC e Metálicos em Redes de Água",105272,"ASSENTAMENTO DE CONEXÃO 2 ACESSOS INCLINADOS DE FERRO FUNDIDO PARA REDE DE ÁGUA, DN 600, JUNTA ELÁSTICA, INSTALADO EM LOCAL COM NÍVEL ALTO DE INTERFERÊNCIAS (NÃO INCLUI FORNECIMENTO). AF_05/2024","UN",84.05,0.2989,81.86,0.30690000000000001,95.7,0.26250000000000001,94.1,0,null,"Assentamento de Tubos de PVC e Metálicos em Redes de Água",105272,"ASSENTAMENTO DE CONEXÃO 2 ACESSOS INCLINADOS DE FERRO FUNDIDO PARA REDE DE ÁGUA, DN 600, JUNTA ELÁSTICA, INSTALADO EM LOCAL COM NÍVEL ALTO DE INTERFERÊNCIAS (NÃO INCLUI FORNECIMENTO). AF_05/2024","UN",83.72,0.3014,81.94,0.30790000000000001,95.79,0.26340000000000002,92.6,0]
["Assentamento de Tubos de PVC e Metálicos em Redes de Água",105306,"ASSENTAMENTO DE CONEXÃO 2 ACESSOS INCLINADOS DE FERRO FUNDIDO PARA REDE DE ÁGUA, DN 600, JUNTA ELÁSTICA, INSTALADO EM LOCAL COM NÍVEL BAIXO DE INTERFERÊNCIAS (NÃO INCLUI FORNECIMENTO). AF_05/2024","UN",67.02,0.24340000000000001,65.16,0.25030000000000002,77.52,0.2104,75.14,0,null,"Assentamento de Tubos de PVC e Metálicos em Redes de Água",105306,"ASSENTAMENTO DE CONEXÃO 2 ACESSOS INCLINADOS DE FERRO FUNDIDO PARA REDE DE ÁGUA, DN 600, JUNTA ELÁSTICA, INSTALADO EM LOCAL COM NÍVEL BAIXO DE INTERFERÊNCIAS (NÃO INCLUI FORNECIMENTO). AF_05/2024","UN",66.64,0.24579999999999999,65.19,0.25130000000000002,77.569999999999993,0.2112,73.760000000000005,0]
["Assentamento de Tubos de PVC e Metálicos em Redes de Água",105273,"ASSENTAMENTO DE CONEXÃO 2 ACESSOS INCLINADOS DE FERRO FUNDIDO PARA REDE DE ÁGUA, DN 700, JUNTA ELÁSTICA, INSTALADO EM LOCAL COM NÍVEL ALTO DE INTERFERÊNCIAS (NÃO INCLUI FORNECIMENTO). AF_05/2024","UN",96.1,0.29549999999999998,93.58,0.30349999999999999,109.65,0.25900000000000001,107.67,0,null,"Assentamento de Tubos de PVC e Metálicos em Redes de Água",105273,"ASSENTAMENTO DE CONEXÃO 2 ACESSOS INCLINADOS DE FERRO FUNDIDO PARA REDE DE ÁGUA, DN 700, JUNTA ELÁSTICA, INSTALADO EM LOCAL COM NÍVEL ALTO DE INTERFERÊNCIAS (NÃO INCLUI FORNECIMENTO). AF_05/2024","UN",95.74,0.29809999999999998,93.66,0.30470000000000003,109.76,0.26,106.03,0]
["Assentamento de Tubos de PVC e Metálicos em Redes de Água",105307,"ASSENTAMENTO DE CONEXÃO 2 ACESSOS INCLINADOS DE FERRO FUNDIDO PARA REDE DE ÁGUA, DN 700, JUNTA ELÁSTICA, INSTALADO EM LOCAL COM NÍVEL BAIXO DE INTERFERÊNCIAS (NÃO INCLUI FORNECIMENTO). AF_05/2024","UN",76.709999999999994,0.2404,74.56,0.24729999999999999,88.93,0.2074,86.08,0,null,"Assentamento de Tubos de PVC e Metálicos em Redes de Água",105307,"ASSENTAMENTO DE CONEXÃO 2 ACESSOS INCLINADOS DE FERRO FUNDIDO PARA REDE DE ÁGUA, DN 700, JUNTA ELÁSTICA, INSTALADO EM LOCAL COM NÍVEL BAIXO DE INTERFERÊNCIAS (NÃO INCLUI FORNECIMENTO). AF_05/2024","UN",76.3,0.2429,74.599999999999994,0.24840000000000001,88.99,0.2082,84.56,0]
["Assentamento de Tubos de PVC e Metálicos em Redes de Água",105250,"ASSENTAMENTO DE CONEXÃO 2 ACESSOS INCLINADOS DE FERRO FUNDIDO PARA REDE DE ÁGUA, DN 80, JUNTA ELÁSTICA, INSTALADO EM LOCAL COM NÍVEL ALTO DE INTERFERÊNCIAS (NÃO INCLUI FORNECIMENTO). AF_05/2024","UN",14.55,0.30030000000000001,14.21,0.3075,16.100000000000001,0.27139999999999997,16.66,0,null,"Assentamento de Tubos de PVC e Metálicos em Redes de Água",105250,"ASSENTAMENTO DE CONEXÃO 2 ACESSOS INCLINADOS DE FERRO FUNDIDO PARA REDE DE ÁGUA, DN 80, JUNTA ELÁSTICA, INSTALADO EM LOCAL COM NÍVEL ALTO DE INTERFERÊNCIAS (NÃO INCLUI FORNECIMENTO). AF_05/2024","UN",14.48,0.30180000000000001,14.2,0.30769999999999997,16.079999999999998,0.27179999999999999,16.37,0]
["Assentamento de Tubos de PVC e Metálicos em Redes de Água",105269,"ASSENTAMENTO DE CONEXÃO 2 ACESSOS INCLINADOS DE FERRO FUNDIDO PARA REDE DE ÁGUA, DN 80, JUNTA ELÁSTICA, INSTALADO EM LOCAL COM NÍVEL BAIXO DE INTERFERÊNCIAS (NÃO INCLUI FORNECIMENTO). AF_05/2024","UN",11.12,0.2545,10.85,0.26079999999999998,12.51,0.22620000000000001,12.65,0,null,"Assentamento de Tubos de PVC e Metálicos em Redes de Água",105269,"ASSENTAMENTO DE CONEXÃO 2 ACESSOS INCLINADOS DE FERRO FUNDIDO PARA REDE DE ÁGUA, DN 80, JUNTA ELÁSTICA, INSTALADO EM LOCAL COM NÍVEL BAIXO DE INTERFERÊNCIAS (NÃO INCLUI FORNECIMENTO). AF_05/2024","UN",11.05,0.25609999999999999,10.84,0.2611,12.49,0.2266,12.41,0]
["Assentamento de Tubos de PVC e Metálicos em Redes de Água",105274,"ASSENTAMENTO DE CONEXÃO 2 ACESSOS INCLINADOS DE FERRO FUNDIDO PARA REDE DE ÁGUA, DN 800, JUNTA ELÁSTICA, INSTALADO EM LOCAL COM NÍVEL ALTO DE INTERFERÊNCIAS (NÃO INCLUI FORNECIMENTO). AF_05/2024","UN",108.46,0.29220000000000002,105.59,0.30009999999999998,123.92,0.25569999999999998,121.58,0,null,"Assentamento de Tubos de PVC e Metálicos em Redes de Água",105274,"ASSENTAMENTO DE CONEXÃO 2 ACESSOS INCLINADOS DE FERRO FUNDIDO PARA REDE DE ÁGUA, DN 800, JUNTA ELÁSTICA, INSTALADO EM LOCAL COM NÍVEL ALTO DE INTERFERÊNCIAS (NÃO INCLUI FORNECIMENTO). AF_05/2024","UN",108.05,0.29480000000000001,105.68,0.3014,124.05,0.25679999999999997,119.71,0]
["Assentamento de Tubos de PVC e Metálicos em Redes de Água",105340,"ASSENTAMENTO DE CONEXÃO 2 ACESSOS INCLINADOS DE FERRO FUNDIDO PARA REDE DE ÁGUA, DN 800, JUNTA ELÁSTICA, INSTALADO EM LOCAL COM NÍVEL BAIXO DE INTERFERÊNCIAS (NÃO INCLUI FORNECIMENTO). AF_05/2024","UN",86.7,0.2374,84.26,0.2442,100.64,0.20449999999999999,97.35,0,null,"Assentamento de Tubos de PVC e Metálicos em Redes de Água",105340,"ASSENTAMENTO DE CONEXÃO 2 ACESSOS INCLINADOS DE FERRO FUNDIDO PARA REDE DE ÁGUA, DN 800, JUNTA ELÁSTICA, INSTALADO EM LOCAL COM NÍVEL BAIXO DE INTERFERÊNCIAS (NÃO INCLUI FORNECIMENTO). AF_05/2024","UN",86.25,0.23980000000000001,84.29,0.24529999999999999,100.72,0.20530000000000001,95.64,0]
["Assentamento de Tubos de PVC e Metálicos em Redes de Água",105275,"ASSENTAMENTO DE CONEXÃO 2 ACESSOS INCLINADOS DE FERRO FUNDIDO PARA REDE DE ÁGUA, DN 900, JUNTA ELÁSTICA, INSTALADO EM LOCAL COM NÍVEL ALTO DE INTERFERÊNCIAS (NÃO INCLUI FORNECIMENTO). AF_05/2024","UN",121.01,0.28910000000000002,117.78,0.29709999999999998,138.41999999999999,0.25280000000000002,135.69999999999999,0,null,"Assentamento de Tubos de PVC e Metálicos em Redes de Água",105275,"ASSENTAMENTO DE CONEXÃO 2 ACESSOS INCLINADOS DE FERRO FUNDIDO PARA REDE DE ÁGUA, DN 900, JUNTA ELÁSTICA, INSTALADO EM LOCAL COM NÍVEL ALTO DE INTERFERÊNCIAS (NÃO INCLUI FORNECIMENTO). AF_05/2024","UN",120.56,0.29160000000000003,117.89,0.29820000000000002,138.55000000000001,0.25369999999999998,133.59,0]
["Assentamento de Tubos de PVC e Metálicos em Redes de Água",105390,"ASSENTAMENTO DE CONEXÃO 2 ACESSOS INCLINADOS DE FERRO FUNDIDO PARA REDE DE ÁGUA, DN 900, JUNTA ELÁSTICA, INSTALADO EM LOCAL COM NÍVEL BAIXO DE INTERFERÊNCIAS (NÃO INCLUI FORNECIMENTO). AF_05/2024","UN",96.89,0.23449999999999999,94.13,0.2414,112.58,0.20180000000000001,108.83,0,null,"Assentamento de Tubos de PVC e Metálicos em Redes de Água",105390,"ASSENTAMENTO DE CONEXÃO 2 ACESSOS INCLINADOS DE FERRO FUNDIDO PARA REDE DE ÁGUA, DN 900, JUNTA ELÁSTICA, INSTALADO EM LOCAL COM NÍVEL BAIXO DE INTERFERÊNCIAS (NÃO INCLUI FORNECIMENTO). AF_05/2024","UN",96.38,0.2369,94.18,0.2424,112.66,0.2026,106.9,0]
["Assentamento de Tubos de PVC e Metálicos em Redes de Água",105364,"ASSENTAMENTO DE CONEXÃO 2 ACESSOS INCLINADOS DE PVC PBA PARA REDE DE ÁGUA, DN 100, JUNTA ELÁSTICA INTEGRADA, INSTALADO EM LOCAL COM NÍVEL ALTO DE INTERFERÊNCIAS (NÃO INCLUI FORNECIMENTO). AF_05/2024","UN",23.31,0,22.33,0,28.88,0,26.51,0,null,"Assentamento de Tubos de PVC e Metálicos em Redes de Água",105364,"ASSENTAMENTO DE CONEXÃO 2 ACESSOS INCLINADOS DE PVC PBA PARA REDE DE ÁGUA, DN 100, JUNTA ELÁSTICA INTEGRADA, INSTALADO EM LOCAL COM NÍVEL ALTO DE INTERFERÊNCIAS (NÃO INCLUI FORNECIMENTO). AF_05/2024","UN",23.17,0,22.33,0,28.87,0,26.01,0]
["Assentamento de Tubos de PVC e Metálicos em Redes de Água",105385,"ASSENTAMENTO DE CONEXÃO 2 ACESSOS INCLINADOS DE PVC PBA PARA REDE DE ÁGUA, DN 100, JUNTA ELÁSTICA INTEGRADA, INSTALADO EM LOCAL COM NÍVEL BAIXO DE INTERFERÊNCIAS (NÃO INCLUI FORNECIMENTO). AF_05/2024","UN",19.21,0,18.39,0,23.76,0,21.82,0,null,"Assentamento de Tubos de PVC e Metálicos em Redes de Água",105385,"ASSENTAMENTO DE CONEXÃO 2 ACESSOS INCLINADOS DE PVC PBA PARA REDE DE ÁGUA, DN 100, JUNTA ELÁSTICA INTEGRADA, INSTALADO EM LOCAL COM NÍVEL BAIXO DE INTERFERÊNCIAS (NÃO INCLUI FORNECIMENTO). AF_05/2024","UN",19.07,0,18.39,0,23.75,0,21.38,0]
["Assentamento de Tubos de PVC e Metálicos em Redes de Água",105362,"ASSENTAMENTO DE CONEXÃO 2 ACESSOS INCLINADOS DE PVC PBA PARA REDE DE ÁGUA, DN 50, JUNTA ELÁSTICA INTEGRADA, INSTALADO EM LOCAL COM NÍVEL ALTO DE INTERFERÊNCIAS (NÃO INCLUI FORNECIMENTO). AF_05/2024","UN",16.64,0,15.94,0,20.69,0,18.95,0,null,"Assentamento de Tubos de PVC e Metálicos em Redes de Água",105362,"ASSENTAMENTO DE CONEXÃO 2 ACESSOS INCLINADOS DE PVC PBA PARA REDE DE ÁGUA, DN 50, JUNTA ELÁSTICA INTEGRADA, INSTALADO EM LOCAL COM NÍVEL ALTO DE INTERFERÊNCIAS (NÃO INCLUI FORNECIMENTO). AF_05/2024","UN",16.579999999999998,0,15.94,0,20.69,0,18.64,0]
["Assentamento de Tubos de PVC e Metálicos em Redes de Água",105383,"ASSENTAMENTO DE CONEXÃO 2 ACESSOS INCLINADOS DE PVC PBA PARA REDE DE ÁGUA, DN 50, JUNTA ELÁSTICA INTEGRADA, INSTALADO EM LOCAL COM NÍVEL BAIXO DE INTERFERÊNCIAS (NÃO INCLUI FORNECIMENTO). AF_05/2024","UN",13.63,0,13.06,0,16.93,0,15.52,0,null,"Assentamento de Tubos de PVC e Metálicos em Redes de Água",105383,"ASSENTAMENTO DE CONEXÃO 2 ACESSOS INCLINADOS DE PVC PBA PARA REDE DE ÁGUA, DN 50, JUNTA ELÁSTICA INTEGRADA, INSTALADO EM LOCAL COM NÍVEL BAIXO DE INTERFERÊNCIAS (NÃO INCLUI FORNECIMENTO). AF_05/2024","UN",13.57,0,13.06,0,16.93,0,15.25,0]
["Assentamento de Tubos de PVC e Metálicos em Redes de Água",105363,"ASSENTAMENTO DE CONEXÃO 2 ACESSOS INCLINADOS DE PVC PBA PARA REDE DE ÁGUA, DN 75, JUNTA ELÁSTICA INTEGRADA, INSTALADO EM LOCAL COM NÍVEL ALTO DE INTERFERÊNCIAS (NÃO INCLUI FORNECIMENTO). AF_05/2024","UN",20.05,0,19.22,0,24.89,0,22.81,0,null,"Assentamento de Tubos de PVC e Metálicos em Redes de Água",105363,"ASSENTAMENTO DE CONEXÃO 2 ACESSOS INCLINADOS DE PVC PBA PARA REDE DE ÁGUA, DN 75, JUNTA ELÁSTICA INTEGRADA, INSTALADO EM LOCAL COM NÍVEL ALTO DE INTERFERÊNCIAS (NÃO INCLUI FORNECIMENTO). AF_05/2024","UN",19.95,0,19.22,0,24.89,0,22.4,0]
["Assentamento de Tubos de PVC e Metálicos em Redes de Água",105384,"ASSENTAMENTO DE CONEXÃO 2 ACESSOS INCLINADOS DE PVC PBA PARA REDE DE ÁGUA, DN 75, JUNTA ELÁSTICA INTEGRADA, INSTALADO EM LOCAL COM NÍVEL BAIXO DE INTERFERÊNCIAS (NÃO INCLUI FORNECIMENTO). AF_05/2024","UN",16.510000000000002,0,15.82,0,20.43,0,18.760000000000002,0,null,"Assentamento de Tubos de PVC e Metálicos em Redes de Água",105384,"ASSENTAMENTO DE CONEXÃO 2 ACESSOS INCLINADOS DE PVC PBA PARA REDE DE ÁGUA, DN 75, JUNTA ELÁSTICA INTEGRADA, INSTALADO EM LOCAL COM NÍVEL BAIXO DE INTERFERÊNCIAS (NÃO INCLUI FORNECIMENTO). AF_05/2024","UN",16.41,0,15.82,0,20.43,0,18.399999999999999,0]
["Assentamento de Tubos de PVC e Metálicos em Redes de Água",105279,"ASSENTAMENTO DE CONEXÃO 3 ACESSOS DE FERRO FUNDIDO PARA REDE DE ÁGUA, DN 100, JUNTA ELÁSTICA, INSTALADO EM LOCAL COM NÍVEL ALTO DE INTERFERÊNCIAS (NÃO INCLUI FORNECIMENTO). AF_05/2024","UN",22.94,0.27460000000000001,22.35,0.28189999999999998,25.54,0.2467,26.24,0,null,"Assentamento de Tubos de PVC e Metálicos em Redes de Água",105279,"ASSENTAMENTO DE CONEXÃO 3 ACESSOS DE FERRO FUNDIDO PARA REDE DE ÁGUA, DN 100, JUNTA ELÁSTICA, INSTALADO EM LOCAL COM NÍVEL ALTO DE INTERFERÊNCIAS (NÃO INCLUI FORNECIMENTO). AF_05/2024","UN",22.77,0.2767,22.34,0.28199999999999997,25.54,0.2467,25.67,0]
["Assentamento de Tubos de PVC e Metálicos em Redes de Água",105259,"ASSENTAMENTO DE CONEXÃO 3 ACESSOS DE FERRO FUNDIDO PARA REDE DE ÁGUA, DN 100, JUNTA ELÁSTICA, INSTALADO EM LOCAL COM NÍVEL BAIXO DE INTERFERÊNCIAS (NÃO INCLUI FORNECIMENTO). AF_05/2024","UN",17.87,0.22889999999999999,17.38,0.23530000000000001,20.2,0.20250000000000001,20.309999999999999,0,null,"Assentamento de Tubos de PVC e Metálicos em Redes de Água",105259,"ASSENTAMENTO DE CONEXÃO 3 ACESSOS DE FERRO FUNDIDO PARA REDE DE ÁGUA, DN 100, JUNTA ELÁSTICA, INSTALADO EM LOCAL COM NÍVEL BAIXO DE INTERFERÊNCIAS (NÃO INCLUI FORNECIMENTO). AF_05/2024","UN",17.7,0.2311,17.37,0.23549999999999999,20.2,0.20250000000000001,19.82,0]
["Assentamento de Tubos de PVC e Metálicos em Redes de Água",105357,"ASSENTAMENTO DE CONEXÃO 3 ACESSOS DE FERRO FUNDIDO PARA REDE DE ÁGUA, DN 1000, JUNTA ELÁSTICA, INSTALADO EM LOCAL COM NÍVEL ALTO DE INTERFERÊNCIAS (NÃO INCLUI FORNECIMENTO). AF_05/2024","UN",183.61,0.27800000000000002,178.58,0.2858,209.76,0.24329999999999999,205.69,0,null,"Assentamento de Tubos de PVC e Metálicos em Redes de Água",105357,"ASSENTAMENTO DE CONEXÃO 3 ACESSOS DE FERRO FUNDIDO PARA REDE DE ÁGUA, DN 1000, JUNTA ELÁSTICA, INSTALADO EM LOCAL COM NÍVEL ALTO DE INTERFERÊNCIAS (NÃO INCLUI FORNECIMENTO). AF_05/2024","UN",182.49,0.28110000000000002,178.73,0.28699999999999998,209.93,0.24429999999999999,201.82,0]
["Assentamento de Tubos de PVC e Metálicos em Redes de Água",105346,"ASSENTAMENTO DE CONEXÃO 3 ACESSOS DE FERRO FUNDIDO PARA REDE DE ÁGUA, DN 1000, JUNTA ELÁSTICA, INSTALADO EM LOCAL COM NÍVEL BAIXO DE INTERFERÊNCIAS (NÃO INCLUI FORNECIMENTO). AF_05/2024","UN",148.29,0.2235,143.94999999999999,0.2303,171.92,0.1928,166.34,0,null,"Assentamento de Tubos de PVC e Metálicos em Redes de Água",105346,"ASSENTAMENTO DE CONEXÃO 3 ACESSOS DE FERRO FUNDIDO PARA REDE DE ÁGUA, DN 1000, JUNTA ELÁSTICA, INSTALADO EM LOCAL COM NÍVEL BAIXO DE INTERFERÊNCIAS (NÃO INCLUI FORNECIMENTO). AF_05/2024","UN",147.08000000000001,0.22650000000000001,144.02000000000001,0.23130000000000001,172,0.19370000000000001,162.72,0]
["Assentamento de Tubos de PVC e Metálicos em Redes de Água",105358,"ASSENTAMENTO DE CONEXÃO 3 ACESSOS DE FERRO FUNDIDO PARA REDE DE ÁGUA, DN 1200, JUNTA ELÁSTICA, INSTALADO EM LOCAL COM NÍVEL ALTO DE INTERFERÊNCIAS (NÃO INCLUI FORNECIMENTO). AF_05/2024","UN",224.6,0.26629999999999998,218.25,0.27400000000000002,256.39999999999998,0.23330000000000001,251.4,0,null,"Assentamento de Tubos de PVC e Metálicos em Redes de Água",105358,"ASSENTAMENTO DE CONEXÃO 3 ACESSOS DE FERRO FUNDIDO PARA REDE DE ÁGUA, DN 1200, JUNTA ELÁSTICA, INSTALADO EM LOCAL COM NÍVEL ALTO DE INTERFERÊNCIAS (NÃO INCLUI FORNECIMENTO). AF_05/2024","UN",222.69,0.26989999999999997,218.43,0.27510000000000001,256.58999999999997,0.23419999999999999,245.88,0]
["Assentamento de Tubos de PVC e Metálicos em Redes de Água",105347,"ASSENTAMENTO DE CONEXÃO 3 ACESSOS DE FERRO FUNDIDO PARA REDE DE ÁGUA, DN 1200, JUNTA ELÁSTICA, INSTALADO EM LOCAL COM NÍVEL BAIXO DE INTERFERÊNCIAS (NÃO INCLUI FORNECIMENTO). AF_05/2024","UN",182.98,0.21229999999999999,177.43,0.21890000000000001,211.74,0.18340000000000001,204.99,0,null,"Assentamento de Tubos de PVC e Metálicos em Redes de Água",105347,"ASSENTAMENTO DE CONEXÃO 3 ACESSOS DE FERRO FUNDIDO PARA REDE DE ÁGUA, DN 1200, JUNTA ELÁSTICA, INSTALADO EM LOCAL COM NÍVEL BAIXO DE INTERFERÊNCIAS (NÃO INCLUI FORNECIMENTO). AF_05/2024","UN",180.97,0.2157,177.51,0.21990000000000001,211.83,0.18429999999999999,199.78,0]
["Assentamento de Tubos de PVC e Metálicos em Redes de Água",105280,"ASSENTAMENTO DE CONEXÃO 3 ACESSOS DE FERRO FUNDIDO PARA REDE DE ÁGUA, DN 150, JUNTA ELÁSTICA, INSTALADO EM LOCAL COM NÍVEL ALTO DE INTERFERÊNCIAS (NÃO INCLUI FORNECIMENTO). AF_05/2024","UN",30.25,0.24759999999999999,29.42,0.25459999999999999,34.159999999999997,0.21929999999999999,34.65,0,null,"Assentamento de Tubos de PVC e Metálicos em Redes de Água",105280,"ASSENTAMENTO DE CONEXÃO 3 ACESSOS DE FERRO FUNDIDO PARA REDE DE ÁGUA, DN 150, JUNTA ELÁSTICA, INSTALADO EM LOCAL COM NÍVEL ALTO DE INTERFERÊNCIAS (NÃO INCLUI FORNECIMENTO). AF_05/2024","UN",30.04,0.24929999999999999,29.4,0.25480000000000003,34.15,0.21929999999999999,33.92,0]
["Assentamento de Tubos de PVC e Metálicos em Redes de Água",105283,"ASSENTAMENTO DE CONEXÃO 3 ACESSOS DE FERRO FUNDIDO PARA REDE DE ÁGUA, DN 150, JUNTA ELÁSTICA, INSTALADO EM LOCAL COM NÍVEL BAIXO DE INTERFERÊNCIAS (NÃO INCLUI FORNECIMENTO). AF_05/2024","UN",23.96,0.20280000000000001,23.26,0.2089,27.47,0.1769,27.3,0,null,"Assentamento de Tubos de PVC e Metálicos em Redes de Água",105283,"ASSENTAMENTO DE CONEXÃO 3 ACESSOS DE FERRO FUNDIDO PARA REDE DE ÁGUA, DN 150, JUNTA ELÁSTICA, INSTALADO EM LOCAL COM NÍVEL BAIXO DE INTERFERÊNCIAS (NÃO INCLUI FORNECIMENTO). AF_05/2024","UN",23.75,0.2046,23.24,0.20910000000000001,27.46,0.17699999999999999,26.67,0]
["Assentamento de Tubos de PVC e Metálicos em Redes de Água",105281,"ASSENTAMENTO DE CONEXÃO 3 ACESSOS DE FERRO FUNDIDO PARA REDE DE ÁGUA, DN 200, JUNTA ELÁSTICA, INSTALADO EM LOCAL COM NÍVEL ALTO DE INTERFERÊNCIAS (NÃO INCLUI FORNECIMENTO). AF_05/2024","UN",37.56,0.2311,36.5,0.23780000000000001,42.77,0.2029,43.08,0,null,"Assentamento de Tubos de PVC e Metálicos em Redes de Água",105281,"ASSENTAMENTO DE CONEXÃO 3 ACESSOS DE FERRO FUNDIDO PARA REDE DE ÁGUA, DN 200, JUNTA ELÁSTICA, INSTALADO EM LOCAL COM NÍVEL ALTO DE INTERFERÊNCIAS (NÃO INCLUI FORNECIMENTO). AF_05/2024","UN",37.299999999999997,0.23269999999999999,36.47,0.23799999999999999,42.75,0.20300000000000001,42.17,0]
["Assentamento de Tubos de PVC e Metálicos em Redes de Água",105319,"ASSENTAMENTO DE CONEXÃO 3 ACESSOS DE FERRO FUNDIDO PARA REDE DE ÁGUA, DN 200, JUNTA ELÁSTICA, INSTALADO EM LOCAL COM NÍVEL BAIXO DE INTERFERÊNCIAS (NÃO INCLUI FORNECIMENTO). AF_05/2024","UN",30.04,0.18770000000000001,29.15,0.19350000000000001,34.72,0.16239999999999999,34.29,0,null,"Assentamento de Tubos de PVC e Metálicos em Redes de Água",105319,"ASSENTAMENTO DE CONEXÃO 3 ACESSOS DE FERRO FUNDIDO PARA REDE DE ÁGUA, DN 200, JUNTA ELÁSTICA, INSTALADO EM LOCAL COM NÍVEL BAIXO DE INTERFERÊNCIAS (NÃO INCLUI FORNECIMENTO). AF_05/2024","UN",29.78,0.18940000000000001,29.12,0.19370000000000001,34.700000000000003,0.16250000000000001,33.5,0]
["Assentamento de Tubos de PVC e Metálicos em Redes de Água",105284,"ASSENTAMENTO DE CONEXÃO 3 ACESSOS DE FERRO FUNDIDO PARA REDE DE ÁGUA, DN 250, JUNTA ELÁSTICA, INSTALADO EM LOCAL COM NÍVEL ALTO DE INTERFERÊNCIAS (NÃO INCLUI FORNECIMENTO). AF_05/2024","UN",45.21,0.21879999999999999,43.9,0.2253,51.72,0.19120000000000001,51.86,0,null,"Assentamento de Tubos de PVC e Metálicos em Redes de Água",105284,"ASSENTAMENTO DE CONEXÃO 3 ACESSOS DE FERRO FUNDIDO PARA REDE DE ÁGUA, DN 250, JUNTA ELÁSTICA, INSTALADO EM LOCAL COM NÍVEL ALTO DE INTERFERÊNCIAS (NÃO INCLUI FORNECIMENTO). AF_05/2024","UN",44.88,0.22040000000000001,43.88,0.22539999999999999,51.71,0.1913,50.72,0]
["Assentamento de Tubos de PVC e Metálicos em Redes de Água",105320,"ASSENTAMENTO DE CONEXÃO 3 ACESSOS DE FERRO FUNDIDO PARA REDE DE ÁGUA, DN 250, JUNTA ELÁSTICA, INSTALADO EM LOCAL COM NÍVEL BAIXO DE INTERFERÊNCIAS (NÃO INCLUI FORNECIMENTO). AF_05/2024","UN",36.450000000000003,0.17610000000000001,35.35,0.18160000000000001,42.32,0.1517,41.64,0,null,"Assentamento de Tubos de PVC e Metálicos em Redes de Água",105320,"ASSENTAMENTO DE CONEXÃO 3 ACESSOS DE FERRO FUNDIDO PARA REDE DE ÁGUA, DN 250, JUNTA ELÁSTICA, INSTALADO EM LOCAL COM NÍVEL BAIXO DE INTERFERÊNCIAS (NÃO INCLUI FORNECIMENTO). AF_05/2024","UN",36.119999999999997,0.1777,35.33,0.1817,42.31,0.1517,40.64,0]
["Assentamento de Tubos de PVC e Metálicos em Redes de Água",105348,"ASSENTAMENTO DE CONEXÃO 3 ACESSOS DE FERRO FUNDIDO PARA REDE DE ÁGUA, DN 300, JUNTA ELÁSTICA, INSTALADO EM LOCAL COM NÍVEL ALTO DE INTERFERÊNCIAS (NÃO INCLUI FORNECIMENTO). AF_05/2024","UN",52.83,0.2097,51.24,0.2162,60.63,0.1827,60.6,0,null,"Assentamento de Tubos de PVC e Metálicos em Redes de Água",105348,"ASSENTAMENTO DE CONEXÃO 3 ACESSOS DE FERRO FUNDIDO PARA REDE DE ÁGUA, DN 300, JUNTA ELÁSTICA, INSTALADO EM LOCAL COM NÍVEL ALTO DE INTERFERÊNCIAS (NÃO INCLUI FORNECIMENTO). AF_05/2024","UN",52.42,0.2114,51.21,0.21640000000000001,60.62,0.18279999999999999,59.25,0]
["Assentamento de Tubos de PVC e Metálicos em Redes de Água",105321,"ASSENTAMENTO DE CONEXÃO 3 ACESSOS DE FERRO FUNDIDO PARA REDE DE ÁGUA, DN 300, JUNTA ELÁSTICA, INSTALADO EM LOCAL COM NÍVEL BAIXO DE INTERFERÊNCIAS (NÃO INCLUI FORNECIMENTO). AF_05/2024","UN",42.84,0.1681,41.5,0.17349999999999999,49.88,0.14430000000000001,48.95,0,null,"Assentamento de Tubos de PVC e Metálicos em Redes de Água",105321,"ASSENTAMENTO DE CONEXÃO 3 ACESSOS DE FERRO FUNDIDO PARA REDE DE ÁGUA, DN 300, JUNTA ELÁSTICA, INSTALADO EM LOCAL COM NÍVEL BAIXO DE INTERFERÊNCIAS (NÃO INCLUI FORNECIMENTO). AF_05/2024","UN",42.43,0.16969999999999999,41.47,0.1736,49.87,0.1444,47.74,0]
["Assentamento de Tubos de PVC e Metálicos em Redes de Água",105349,"ASSENTAMENTO DE CONEXÃO 3 ACESSOS DE FERRO FUNDIDO PARA REDE DE ÁGUA, DN 350, JUNTA ELÁSTICA, INSTALADO EM LOCAL COM NÍVEL ALTO DE INTERFERÊNCIAS (NÃO INCLUI FORNECIMENTO). AF_05/2024","UN",60.43,0.20300000000000001,58.6,0.2094,69.55,0.1764,69.33,0,null,"Assentamento de Tubos de PVC e Metálicos em Redes de Água",105349,"ASSENTAMENTO DE CONEXÃO 3 ACESSOS DE FERRO FUNDIDO PARA REDE DE ÁGUA, DN 350, JUNTA ELÁSTICA, INSTALADO EM LOCAL COM NÍVEL ALTO DE INTERFERÊNCIAS (NÃO INCLUI FORNECIMENTO). AF_05/2024","UN",59.95,0.20469999999999999,58.56,0.20949999999999999,69.52,0.17649999999999999,67.77,0]
["Assentamento de Tubos de PVC e Metálicos em Redes de Água",105322,"ASSENTAMENTO DE CONEXÃO 3 ACESSOS DE FERRO FUNDIDO PARA REDE DE ÁGUA, DN 350, JUNTA ELÁSTICA, INSTALADO EM LOCAL COM NÍVEL BAIXO DE INTERFERÊNCIAS (NÃO INCLUI FORNECIMENTO). AF_05/2024","UN",49.21,0.1618,47.67,0.16700000000000001,57.45,0.1386,56.24,0,null,"Assentamento de Tubos de PVC e Metálicos em Redes de Água",105322,"ASSENTAMENTO DE CONEXÃO 3 ACESSOS DE FERRO FUNDIDO PARA REDE DE ÁGUA, DN 350, JUNTA ELÁSTICA, INSTALADO EM LOCAL COM NÍVEL BAIXO DE INTERFERÊNCIAS (NÃO INCLUI FORNECIMENTO). AF_05/2024","UN",48.73,0.1633,47.63,0.1671,57.42,0.1386,54.85,0]
["Assentamento de Tubos de PVC e Metálicos em Redes de Água",105350,"ASSENTAMENTO DE CONEXÃO 3 ACESSOS DE FERRO FUNDIDO PARA REDE DE ÁGUA, DN 400, JUNTA ELÁSTICA, INSTALADO EM LOCAL COM NÍVEL ALTO DE INTERFERÊNCIAS (NÃO INCLUI FORNECIMENTO). AF_05/2024","UN",68.02,0.19800000000000001,65.94,0.20430000000000001,78.45,0.17169999999999999,78.06,0,null,"Assentamento de Tubos de PVC e Metálicos em Redes de Água",105350,"ASSENTAMENTO DE CONEXÃO 3 ACESSOS DE FERRO FUNDIDO PARA REDE DE ÁGUA, DN 400, JUNTA ELÁSTICA, INSTALADO EM LOCAL COM NÍVEL ALTO DE INTERFERÊNCIAS (NÃO INCLUI FORNECIMENTO). AF_05/2024","UN",67.47,0.1996,65.91,0.2044,78.430000000000007,0.17169999999999999,76.28,0]
["Assentamento de Tubos de PVC e Metálicos em Redes de Água",105323,"ASSENTAMENTO DE CONEXÃO 3 ACESSOS DE FERRO FUNDIDO PARA REDE DE ÁGUA, DN 400, JUNTA ELÁSTICA, INSTALADO EM LOCAL COM NÍVEL BAIXO DE INTERFERÊNCIAS (NÃO INCLUI FORNECIMENTO). AF_05/2024","UN",55.57,0.1575,53.8,0.16259999999999999,64.989999999999995,0.1346,63.54,0,null,"Assentamento de Tubos de PVC e Metálicos em Redes de Água",105323,"ASSENTAMENTO DE CONEXÃO 3 ACESSOS DE FERRO FUNDIDO PARA REDE DE ÁGUA, DN 400, JUNTA ELÁSTICA, INSTALADO EM LOCAL COM NÍVEL BAIXO DE INTERFERÊNCIAS (NÃO INCLUI FORNECIMENTO). AF_05/2024","UN",55.02,0.159,53.77,0.16270000000000001,64.97,0.13469999999999999,61.95,0]
["Assentamento de Tubos de PVC e Metálicos em Redes de Água",105351,"ASSENTAMENTO DE CONEXÃO 3 ACESSOS DE FERRO FUNDIDO PARA REDE DE ÁGUA, DN 450, JUNTA ELÁSTICA, INSTALADO EM LOCAL COM NÍVEL ALTO DE INTERFERÊNCIAS (NÃO INCLUI FORNECIMENTO). AF_05/2024","UN",75.900000000000006,0.1933,73.56,0.19939999999999999,87.65,0.16739999999999999,87.11,0,null,"Assentamento de Tubos de PVC e Metálicos em Redes de Água",105351,"ASSENTAMENTO DE CONEXÃO 3 ACESSOS DE FERRO FUNDIDO PARA REDE DE ÁGUA, DN 450, JUNTA ELÁSTICA, INSTALADO EM LOCAL COM NÍVEL ALTO DE INTERFERÊNCIAS (NÃO INCLUI FORNECIMENTO). AF_05/2024","UN",75.260000000000005,0.19489999999999999,73.52,0.19950000000000001,87.63,0.16739999999999999,85.06,0]
["Assentamento de Tubos de PVC e Metálicos em Redes de Água",105324,"ASSENTAMENTO DE CONEXÃO 3 ACESSOS DE FERRO FUNDIDO PARA REDE DE ÁGUA, DN 450, JUNTA ELÁSTICA, INSTALADO EM LOCAL COM NÍVEL BAIXO DE INTERFERÊNCIAS (NÃO INCLUI FORNECIMENTO). AF_05/2024","UN",62.23,0.15310000000000001,60.22,0.1583,72.849999999999994,0.1308,71.14,0,null,"Assentamento de Tubos de PVC e Metálicos em Redes de Água",105324,"ASSENTAMENTO DE CONEXÃO 3 ACESSOS DE FERRO FUNDIDO PARA REDE DE ÁGUA, DN 450, JUNTA ELÁSTICA, INSTALADO EM LOCAL COM NÍVEL BAIXO DE INTERFERÊNCIAS (NÃO INCLUI FORNECIMENTO). AF_05/2024","UN",61.59,0.1547,60.18,0.15840000000000001,72.83,0.13089999999999999,69.3,0]
["Assentamento de Tubos de PVC e Metálicos em Redes de Água",105352,"ASSENTAMENTO DE CONEXÃO 3 ACESSOS DE FERRO FUNDIDO PARA REDE DE ÁGUA, DN 500, JUNTA ELÁSTICA, INSTALADO EM LOCAL COM NÍVEL ALTO DE INTERFERÊNCIAS (NÃO INCLUI FORNECIMENTO). AF_05/2024","UN",97.77,0.29759999999999998,95.19,0.30570000000000003,110.87,0.26250000000000001,109.25,0,null,"Assentamento de Tubos de PVC e Metálicos em Redes de Água",105352,"ASSENTAMENTO DE CONEXÃO 3 ACESSOS DE FERRO FUNDIDO PARA REDE DE ÁGUA, DN 500, JUNTA ELÁSTICA, INSTALADO EM LOCAL COM NÍVEL ALTO DE INTERFERÊNCIAS (NÃO INCLUI FORNECIMENTO). AF_05/2024","UN",97.19,0.30099999999999999,95.27,0.307,110.97,0.2636,107.23,0]
["Assentamento de Tubos de PVC e Metálicos em Redes de Água",105325,"ASSENTAMENTO DE CONEXÃO 3 ACESSOS DE FERRO FUNDIDO PARA REDE DE ÁGUA, DN 500, JUNTA ELÁSTICA, INSTALADO EM LOCAL COM NÍVEL BAIXO DE INTERFERÊNCIAS (NÃO INCLUI FORNECIMENTO). AF_05/2024","UN",78.22,0.24149999999999999,76.02,0.2485,90.05,0.20979999999999999,87.5,0,null,"Assentamento de Tubos de PVC e Metálicos em Redes de Água",105325,"ASSENTAMENTO DE CONEXÃO 3 ACESSOS DE FERRO FUNDIDO PARA REDE DE ÁGUA, DN 500, JUNTA ELÁSTICA, INSTALADO EM LOCAL COM NÍVEL BAIXO DE INTERFERÊNCIAS (NÃO INCLUI FORNECIMENTO). AF_05/2024","UN",77.59,0.2447,76.05,0.24970000000000001,90.11,0.2107,85.62,0]
["Assentamento de Tubos de PVC e Metálicos em Redes de Água",105353,"ASSENTAMENTO DE CONEXÃO 3 ACESSOS DE FERRO FUNDIDO PARA REDE DE ÁGUA, DN 600, JUNTA ELÁSTICA, INSTALADO EM LOCAL COM NÍVEL ALTO DE INTERFERÊNCIAS (NÃO INCLUI FORNECIMENTO). AF_05/2024","UN",115.63,0.28960000000000002,112.55,0.29759999999999998,131.38999999999999,0.25490000000000002,129.28,0,null,"Assentamento de Tubos de PVC e Metálicos em Redes de Água",105353,"ASSENTAMENTO DE CONEXÃO 3 ACESSOS DE FERRO FUNDIDO PARA REDE DE ÁGUA, DN 600, JUNTA ELÁSTICA, INSTALADO EM LOCAL COM NÍVEL ALTO DE INTERFERÊNCIAS (NÃO INCLUI FORNECIMENTO). AF_05/2024","UN",114.89,0.29299999999999998,112.64,0.29880000000000001,131.51,0.25600000000000001,126.79,0]
["Assentamento de Tubos de PVC e Metálicos em Redes de Água",105326,"ASSENTAMENTO DE CONEXÃO 3 ACESSOS DE FERRO FUNDIDO PARA REDE DE ÁGUA, DN 600, JUNTA ELÁSTICA, INSTALADO EM LOCAL COM NÍVEL BAIXO DE INTERFERÊNCIAS (NÃO INCLUI FORNECIMENTO). AF_05/2024","UN",92.93,0.23400000000000001,90.28,0.2409,107.16,0.20300000000000001,104.01,0,null,"Assentamento de Tubos de PVC e Metálicos em Redes de Água",105326,"ASSENTAMENTO DE CONEXÃO 3 ACESSOS DE FERRO FUNDIDO PARA REDE DE ÁGUA, DN 600, JUNTA ELÁSTICA, INSTALADO EM LOCAL COM NÍVEL BAIXO DE INTERFERÊNCIAS (NÃO INCLUI FORNECIMENTO). AF_05/2024","UN",92.13,0.23719999999999999,90.31,0.2419,107.23,0.20380000000000001,101.69,0]
["Assentamento de Tubos de PVC e Metálicos em Redes de Água",105354,"ASSENTAMENTO DE CONEXÃO 3 ACESSOS DE FERRO FUNDIDO PARA REDE DE ÁGUA, DN 700, JUNTA ELÁSTICA, INSTALADO EM LOCAL COM NÍVEL ALTO DE INTERFERÊNCIAS (NÃO INCLUI FORNECIMENTO). AF_05/2024","UN",131.91,0.28720000000000001,128.37,0.29509999999999997,150.21,0.25219999999999998,147.6,0,null,"Assentamento de Tubos de PVC e Metálicos em Redes de Água",105354,"ASSENTAMENTO DE CONEXÃO 3 ACESSOS DE FERRO FUNDIDO PARA REDE DE ÁGUA, DN 700, JUNTA ELÁSTICA, INSTALADO EM LOCAL COM NÍVEL ALTO DE INTERFERÊNCIAS (NÃO INCLUI FORNECIMENTO). AF_05/2024","UN",131.13,0.2903,128.47999999999999,0.29630000000000001,150.35,0.25319999999999998,144.88,0]
["Assentamento de Tubos de PVC e Metálicos em Redes de Água",105344,"ASSENTAMENTO DE CONEXÃO 3 ACESSOS DE FERRO FUNDIDO PARA REDE DE ÁGUA, DN 700, JUNTA ELÁSTICA, INSTALADO EM LOCAL COM NÍVEL BAIXO DE INTERFERÊNCIAS (NÃO INCLUI FORNECIMENTO). AF_05/2024","UN",106.06,0.2319,103.01,0.23880000000000001,122.59,0.20069999999999999,118.82,0,null,"Assentamento de Tubos de PVC e Metálicos em Redes de Água",105344,"ASSENTAMENTO DE CONEXÃO 3 ACESSOS DE FERRO FUNDIDO PARA REDE DE ÁGUA, DN 700, JUNTA ELÁSTICA, INSTALADO EM LOCAL COM NÍVEL BAIXO DE INTERFERÊNCIAS (NÃO INCLUI FORNECIMENTO). AF_05/2024","UN",105.21,0.23499999999999999,103.06,0.2399,122.66,0.20150000000000001,116.28,0]
["Assentamento de Tubos de PVC e Metálicos em Redes de Água",105278,"ASSENTAMENTO DE CONEXÃO 3 ACESSOS DE FERRO FUNDIDO PARA REDE DE ÁGUA, DN 80, JUNTA ELÁSTICA, INSTALADO EM LOCAL COM NÍVEL ALTO DE INTERFERÊNCIAS (NÃO INCLUI FORNECIMENTO). AF_05/2024","UN",19.940000000000001,0.29189999999999999,19.45,0.29920000000000002,22.03,0.26419999999999999,22.78,0,null,"Assentamento de Tubos de PVC e Metálicos em Redes de Água",105278,"ASSENTAMENTO DE CONEXÃO 3 ACESSOS DE FERRO FUNDIDO PARA REDE DE ÁGUA, DN 80, JUNTA ELÁSTICA, INSTALADO EM LOCAL COM NÍVEL ALTO DE INTERFERÊNCIAS (NÃO INCLUI FORNECIMENTO). AF_05/2024","UN",19.79,0.29409999999999997,19.43,0.29949999999999999,22.02,0.26429999999999998,22.3,0]
["Assentamento de Tubos de PVC e Metálicos em Redes de Água",105343,"ASSENTAMENTO DE CONEXÃO 3 ACESSOS DE FERRO FUNDIDO PARA REDE DE ÁGUA, DN 80, JUNTA ELÁSTICA, INSTALADO EM LOCAL COM NÍVEL BAIXO DE INTERFERÊNCIAS (NÃO INCLUI FORNECIMENTO). AF_05/2024","UN",15.35,0.24560000000000001,14.96,0.252,17.22,0.21890000000000001,17.43,0,null,"Assentamento de Tubos de PVC e Metálicos em Redes de Água",105343,"ASSENTAMENTO DE CONEXÃO 3 ACESSOS DE FERRO FUNDIDO PARA REDE DE ÁGUA, DN 80, JUNTA ELÁSTICA, INSTALADO EM LOCAL COM NÍVEL BAIXO DE INTERFERÊNCIAS (NÃO INCLUI FORNECIMENTO). AF_05/2024","UN",15.2,0.248,14.94,0.25230000000000002,17.21,0.21909999999999999,17.010000000000002,0]
["Assentamento de Tubos de PVC e Metálicos em Redes de Água",105355,"ASSENTAMENTO DE CONEXÃO 3 ACESSOS DE FERRO FUNDIDO PARA REDE DE ÁGUA, DN 800, JUNTA ELÁSTICA, INSTALADO EM LOCAL COM NÍVEL ALTO DE INTERFERÊNCIAS (NÃO INCLUI FORNECIMENTO). AF_05/2024","UN",148.76,0.28410000000000002,144.75,0.29199999999999998,169.66,0.24909999999999999,166.58,0,null,"Assentamento de Tubos de PVC e Metálicos em Redes de Água",105355,"ASSENTAMENTO DE CONEXÃO 3 ACESSOS DE FERRO FUNDIDO PARA REDE DE ÁGUA, DN 800, JUNTA ELÁSTICA, INSTALADO EM LOCAL COM NÍVEL ALTO DE INTERFERÊNCIAS (NÃO INCLUI FORNECIMENTO). AF_05/2024","UN",147.9,0.28710000000000002,144.87,0.29310000000000003,169.81,0.25,163.52000000000001,0]
["Assentamento de Tubos de PVC e Metálicos em Redes de Água",105391,"ASSENTAMENTO DE CONEXÃO 3 ACESSOS DE FERRO FUNDIDO PARA REDE DE ÁGUA, DN 800, JUNTA ELÁSTICA, INSTALADO EM LOCAL COM NÍVEL BAIXO DE INTERFERÊNCIAS (NÃO INCLUI FORNECIMENTO). AF_05/2024","UN",119.75,0.2291,116.3,0.2359,138.63999999999999,0.19789999999999999,134.26,0,null,"Assentamento de Tubos de PVC e Metálicos em Redes de Água",105391,"ASSENTAMENTO DE CONEXÃO 3 ACESSOS DE FERRO FUNDIDO PARA REDE DE ÁGUA, DN 800, JUNTA ELÁSTICA, INSTALADO EM LOCAL COM NÍVEL BAIXO DE INTERFERÊNCIAS (NÃO INCLUI FORNECIMENTO). AF_05/2024","UN",118.81,0.2321,116.35,0.23699999999999999,138.71,0.1988,131.41,0]
["Assentamento de Tubos de PVC e Metálicos em Redes de Água",105356,"ASSENTAMENTO DE CONEXÃO 3 ACESSOS DE FERRO FUNDIDO PARA REDE DE ÁGUA, DN 900, JUNTA ELÁSTICA, INSTALADO EM LOCAL COM NÍVEL ALTO DE INTERFERÊNCIAS (NÃO INCLUI FORNECIMENTO). AF_05/2024","UN",166.06,0.28089999999999998,161.54,0.2888,189.58,0.24610000000000001,186,0,null,"Assentamento de Tubos de PVC e Metálicos em Redes de Água",105356,"ASSENTAMENTO DE CONEXÃO 3 ACESSOS DE FERRO FUNDIDO PARA REDE DE ÁGUA, DN 900, JUNTA ELÁSTICA, INSTALADO EM LOCAL COM NÍVEL ALTO DE INTERFERÊNCIAS (NÃO INCLUI FORNECIMENTO). AF_05/2024","UN",165.09,0.28399999999999997,161.68,0.28999999999999998,189.74,0.24709999999999999,182.55,0]
["Assentamento de Tubos de PVC e Metálicos em Redes de Água",105345,"ASSENTAMENTO DE CONEXÃO 3 ACESSOS DE FERRO FUNDIDO PARA REDE DE ÁGUA, DN 900, JUNTA ELÁSTICA, INSTALADO EM LOCAL COM NÍVEL BAIXO DE INTERFERÊNCIAS (NÃO INCLUI FORNECIMENTO). AF_05/2024","UN",133.9,0.2263,130.01,0.2331,155.15,0.1953,150.16,0,null,"Assentamento de Tubos de PVC e Metálicos em Redes de Água",105345,"ASSENTAMENTO DE CONEXÃO 3 ACESSOS DE FERRO FUNDIDO PARA REDE DE ÁGUA, DN 900, JUNTA ELÁSTICA, INSTALADO EM LOCAL COM NÍVEL BAIXO DE INTERFERÊNCIAS (NÃO INCLUI FORNECIMENTO). AF_05/2024","UN",132.85,0.22919999999999999,130.07,0.2341,155.22999999999999,0.19620000000000001,146.94999999999999,0]
["Assentamento de Tubos de PVC e Metálicos em Redes de Água",105367,"ASSENTAMENTO DE CONEXÃO 3 ACESSOS DE PVC PBA PARA REDE DE ÁGUA, DN 100, JUNTA ELÁSTICA INTEGRADA, INSTALADO EM LOCAL COM NÍVEL ALTO DE INTERFERÊNCIAS (NÃO INCLUI FORNECIMENTO). AF_05/2024","UN",32.14,0,30.79,0,39.659999999999997,0,36.47,0,null,"Assentamento de Tubos de PVC e Metálicos em Redes de Água",105367,"ASSENTAMENTO DE CONEXÃO 3 ACESSOS DE PVC PBA PARA REDE DE ÁGUA, DN 100, JUNTA ELÁSTICA INTEGRADA, INSTALADO EM LOCAL COM NÍVEL ALTO DE INTERFERÊNCIAS (NÃO INCLUI FORNECIMENTO). AF_05/2024","UN",31.87,0,30.79,0,39.65,0,35.659999999999997,0]
["Assentamento de Tubos de PVC e Metálicos em Redes de Água",105371,"ASSENTAMENTO DE CONEXÃO 3 ACESSOS DE PVC PBA PARA REDE DE ÁGUA, DN 100, JUNTA ELÁSTICA INTEGRADA, INSTALADO EM LOCAL COM NÍVEL BAIXO DE INTERFERÊNCIAS (NÃO INCLUI FORNECIMENTO). AF_05/2024","UN",26.67,0,25.54,0,32.81,0,30.24,0,null,"Assentamento de Tubos de PVC e Metálicos em Redes de Água",105371,"ASSENTAMENTO DE CONEXÃO 3 ACESSOS DE PVC PBA PARA REDE DE ÁGUA, DN 100, JUNTA ELÁSTICA INTEGRADA, INSTALADO EM LOCAL COM NÍVEL BAIXO DE INTERFERÊNCIAS (NÃO INCLUI FORNECIMENTO). AF_05/2024","UN",26.4,0,25.54,0,32.799999999999997,0,29.5,0]
["Assentamento de Tubos de PVC e Metálicos em Redes de Água",105365,"ASSENTAMENTO DE CONEXÃO 3 ACESSOS DE PVC PBA PARA REDE DE ÁGUA, DN 50, JUNTA ELÁSTICA INTEGRADA, INSTALADO EM LOCAL COM NÍVEL ALTO DE INTERFERÊNCIAS (NÃO INCLUI FORNECIMENTO). AF_05/2024","UN",22.65,0,21.7,0,28.11,0,25.78,0,null,"Assentamento de Tubos de PVC e Metálicos em Redes de Água",105365,"ASSENTAMENTO DE CONEXÃO 3 ACESSOS DE PVC PBA PARA REDE DE ÁGUA, DN 50, JUNTA ELÁSTICA INTEGRADA, INSTALADO EM LOCAL COM NÍVEL ALTO DE INTERFERÊNCIAS (NÃO INCLUI FORNECIMENTO). AF_05/2024","UN",22.53,0,21.7,0,28.1,0,25.3,0]
["Assentamento de Tubos de PVC e Metálicos em Redes de Água",105386,"ASSENTAMENTO DE CONEXÃO 3 ACESSOS DE PVC PBA PARA REDE DE ÁGUA, DN 50, JUNTA ELÁSTICA INTEGRADA, INSTALADO EM LOCAL COM NÍVEL BAIXO DE INTERFERÊNCIAS (NÃO INCLUI FORNECIMENTO). AF_05/2024","UN",18.649999999999999,0,17.86,0,23.08,0,21.2,0,null,"Assentamento de Tubos de PVC e Metálicos em Redes de Água",105386,"ASSENTAMENTO DE CONEXÃO 3 ACESSOS DE PVC PBA PARA REDE DE ÁGUA, DN 50, JUNTA ELÁSTICA INTEGRADA, INSTALADO EM LOCAL COM NÍVEL BAIXO DE INTERFERÊNCIAS (NÃO INCLUI FORNECIMENTO). AF_05/2024","UN",18.53,0,17.86,0,23.07,0,20.77,0]
["Assentamento de Tubos de PVC e Metálicos em Redes de Água",105366,"ASSENTAMENTO DE CONEXÃO 3 ACESSOS DE PVC PBA PARA REDE DE ÁGUA, DN 75, JUNTA ELÁSTICA INTEGRADA, INSTALADO EM LOCAL COM NÍVEL ALTO DE INTERFERÊNCIAS (NÃO INCLUI FORNECIMENTO). AF_05/2024","UN",27.57,0,26.42,0,34.07,0,31.32,0,null,"Assentamento de Tubos de PVC e Metálicos em Redes de Água",105366,"ASSENTAMENTO DE CONEXÃO 3 ACESSOS DE PVC PBA PARA REDE DE ÁGUA, DN 75, JUNTA ELÁSTICA INTEGRADA, INSTALADO EM LOCAL COM NÍVEL ALTO DE INTERFERÊNCIAS (NÃO INCLUI FORNECIMENTO). AF_05/2024","UN",27.36,0,26.42,0,34.06,0,30.65,0]
["Assentamento de Tubos de PVC e Metálicos em Redes de Água",105387,"ASSENTAMENTO DE CONEXÃO 3 ACESSOS DE PVC PBA PARA REDE DE ÁGUA, DN 75, JUNTA ELÁSTICA INTEGRADA, INSTALADO EM LOCAL COM NÍVEL BAIXO DE INTERFERÊNCIAS (NÃO INCLUI FORNECIMENTO). AF_05/2024","UN",22.83,0,21.88,0,28.13,0,25.91,0,null,"Assentamento de Tubos de PVC e Metálicos em Redes de Água",105387,"ASSENTAMENTO DE CONEXÃO 3 ACESSOS DE PVC PBA PARA REDE DE ÁGUA, DN 75, JUNTA ELÁSTICA INTEGRADA, INSTALADO EM LOCAL COM NÍVEL BAIXO DE INTERFERÊNCIAS (NÃO INCLUI FORNECIMENTO). AF_05/2024","UN",22.62,0,21.88,0,28.12,0,25.3,0]
["Assentamento de Tubos de PVC e Metálicos em Redes de Água",97177,"ASSENTAMENTO DE TUBO DE AÇO CARBONO PARA REDE DE ÁGUA, DN 1000 MM (40\") OU DN 1100 MM (44\"), JUNTA SOLDADA, INSTALADO EM LOCAL COM NÍVEL ALTO DE INTERFERÊNCIAS (NÃO INCLUI FORNECIMENTO). AF_05/2024","M",71.8,0.1646,69.86,0.16919999999999999,81.84,0.1444,89.18,0,null,"Assentamento de Tubos de PVC e Metálicos em Redes de Água",97177,"ASSENTAMENTO DE TUBO DE AÇO CARBONO PARA REDE DE ÁGUA, DN 1000 MM (40\") OU DN 1100 MM (44\"), JUNTA SOLDADA, INSTALADO EM LOCAL COM NÍVEL ALTO DE INTERFERÊNCIAS (NÃO INCLUI FORNECIMENTO). AF_05/2024","M",71.400000000000006,0.16639999999999999,69.89,0.17,81.89,0.14510000000000001,88.88,0]
["Assentamento de Tubos de PVC e Metálicos em Redes de Água",97187,"ASSENTAMENTO DE TUBO DE AÇO CARBONO PARA REDE DE ÁGUA, DN 1000 MM (40\") OU DN 1100 MM (44\"), JUNTA SOLDADA, INSTALADO EM LOCAL COM NÍVEL BAIXO DE INTERFERÊNCIAS (NÃO INCLUI FORNECIMENTO). AF_05/2024","M",64.22,0.11940000000000001,62.4,0.1229,73.83,0.10390000000000001,80.75,0,null,"Assentamento de Tubos de PVC e Metálicos em Redes de Água",97187,"ASSENTAMENTO DE TUBO DE AÇO CARBONO PARA REDE DE ÁGUA, DN 1000 MM (40\") OU DN 1100 MM (44\"), JUNTA SOLDADA, INSTALADO EM LOCAL COM NÍVEL BAIXO DE INTERFERÊNCIAS (NÃO INCLUI FORNECIMENTO). AF_05/2024","M",63.8,0.1208,62.41,0.1235,73.86,0.10440000000000001,80.5,0]
["Assentamento de Tubos de PVC e Metálicos em Redes de Água",97178,"ASSENTAMENTO DE TUBO DE AÇO CARBONO PARA REDE DE ÁGUA, DN 1200 MM (48\") OU DN 1300 MM (52\"), JUNTA SOLDADA, INSTALADO EM LOCAL COM NÍVEL ALTO DE INTERFERÊNCIAS (NÃO INCLUI FORNECIMENTO). AF_05/2024","M",87.28,0.15989999999999999,84.86,0.16450000000000001,99.72,0.14000000000000001,108.34,0,null,"Assentamento de Tubos de PVC e Metálicos em Redes de Água",97178,"ASSENTAMENTO DE TUBO DE AÇO CARBONO PARA REDE DE ÁGUA, DN 1200 MM (48\") OU DN 1300 MM (52\"), JUNTA SOLDADA, INSTALADO EM LOCAL COM NÍVEL ALTO DE INTERFERÊNCIAS (NÃO INCLUI FORNECIMENTO). AF_05/2024","M",86.78,0.16170000000000001,84.9,0.1653,99.78,0.1406,107.96,0]
["Assentamento de Tubos de PVC e Metálicos em Redes de Água",97188,"ASSENTAMENTO DE TUBO DE AÇO CARBONO PARA REDE DE ÁGUA, DN 1200 MM (48\") OU DN 1300 MM (52\"), JUNTA SOLDADA, INSTALADO EM LOCAL COM NÍVEL BAIXO DE INTERFERÊNCIAS (NÃO INCLUI FORNECIMENTO). AF_05/2024","M",78.16,0.1159,75.91,0.11940000000000001,90.06,0.10059999999999999,98.2,0,null,"Assentamento de Tubos de PVC e Metálicos em Redes de Água",97188,"ASSENTAMENTO DE TUBO DE AÇO CARBONO PARA REDE DE ÁGUA, DN 1200 MM (48\") OU DN 1300 MM (52\"), JUNTA SOLDADA, INSTALADO EM LOCAL COM NÍVEL BAIXO DE INTERFERÊNCIAS (NÃO INCLUI FORNECIMENTO). AF_05/2024","M",77.64,0.1173,75.92,0.12,90.1,0.1011,97.89,0]
["Assentamento de Tubos de PVC e Metálicos em Redes de Água",97179,"ASSENTAMENTO DE TUBO DE AÇO CARBONO PARA REDE DE ÁGUA, DN 1400 MM (56'') OU DN 1500 MM (60\"), JUNTA SOLDADA, INSTALADO EM LOCAL COM NÍVEL ALTO DE INTERFERÊNCIAS (NÃO INCLUI FORNECIMENTO). AF_05/2024","M",102.76,0.15670000000000001,99.88,0.16120000000000001,117.6,0.13689999999999999,127.51,0,null,"Assentamento de Tubos de PVC e Metálicos em Redes de Água",97179,"ASSENTAMENTO DE TUBO DE AÇO CARBONO PARA REDE DE ÁGUA, DN 1400 MM (56'') OU DN 1500 MM (60\"), JUNTA SOLDADA, INSTALADO EM LOCAL COM NÍVEL ALTO DE INTERFERÊNCIAS (NÃO INCLUI FORNECIMENTO). AF_05/2024","M",102.19,0.1583,99.92,0.16189999999999999,117.68,0.13750000000000001,127.05,0]
["Assentamento de Tubos de PVC e Metálicos em Redes de Água",97189,"ASSENTAMENTO DE TUBO DE AÇO CARBONO PARA REDE DE ÁGUA, DN 1400 MM (56'') OU DN 1500 MM (60\"), JUNTA SOLDADA, INSTALADO EM LOCAL COM NÍVEL BAIXO DE INTERFERÊNCIAS (NÃO INCLUI FORNECIMENTO). AF_05/2024","M",92.1,0.11360000000000001,89.41,0.11700000000000001,106.28,9.8400000000000001E-2,115.66,0,null,"Assentamento de Tubos de PVC e Metálicos em Redes de Água",97189,"ASSENTAMENTO DE TUBO DE AÇO CARBONO PARA REDE DE ÁGUA, DN 1400 MM (56'') OU DN 1500 MM (60\"), JUNTA SOLDADA, INSTALADO EM LOCAL COM NÍVEL BAIXO DE INTERFERÊNCIAS (NÃO INCLUI FORNECIMENTO). AF_05/2024","M",91.51,0.1149,89.43,0.11749999999999999,106.33,9.8799999999999999E-2,115.28,0]
["Assentamento de Tubos de PVC e Metálicos em Redes de Água",97180,"ASSENTAMENTO DE TUBO DE AÇO CARBONO PARA REDE DE ÁGUA, DN 1600 MM (64\") OU DN 1700 MM (68\"), JUNTA SOLDADA, INSTALADO EM LOCAL COM NÍVEL ALTO DE INTERFERÊNCIAS (NÃO INCLUI FORNECIMENTO). AF_05/2024","M",118.2,0.1542,114.88,0.15870000000000001,135.47,0.1346,146.65,0,null,"Assentamento de Tubos de PVC e Metálicos em Redes de Água",97180,"ASSENTAMENTO DE TUBO DE AÇO CARBONO PARA REDE DE ÁGUA, DN 1600 MM (64\") OU DN 1700 MM (68\"), JUNTA SOLDADA, INSTALADO EM LOCAL COM NÍVEL ALTO DE INTERFERÊNCIAS (NÃO INCLUI FORNECIMENTO). AF_05/2024","M",117.56,0.15579999999999999,114.94,0.15939999999999999,135.55000000000001,0.13519999999999999,146.12,0]
["Assentamento de Tubos de PVC e Metálicos em Redes de Água",97190,"ASSENTAMENTO DE TUBO DE AÇO CARBONO PARA REDE DE ÁGUA, DN 1600 MM (64\") OU DN 1700 MM (68\"), JUNTA SOLDADA, INSTALADO EM LOCAL COM NÍVEL BAIXO DE INTERFERÊNCIAS (NÃO INCLUI FORNECIMENTO). AF_05/2024","M",106,0.11169999999999999,102.91,0.11509999999999999,122.49,9.6699999999999994E-2,133.08000000000001,0,null,"Assentamento de Tubos de PVC e Metálicos em Redes de Água",97190,"ASSENTAMENTO DE TUBO DE AÇO CARBONO PARA REDE DE ÁGUA, DN 1600 MM (64\") OU DN 1700 MM (68\"), JUNTA SOLDADA, INSTALADO EM LOCAL COM NÍVEL BAIXO DE INTERFERÊNCIAS (NÃO INCLUI FORNECIMENTO). AF_05/2024","M",105.33,0.113,102.94,0.11559999999999999,122.54,9.7100000000000006E-2,132.63,0]
["Assentamento de Tubos de PVC e Metálicos em Redes de Água",97181,"ASSENTAMENTO DE TUBO DE AÇO CARBONO PARA REDE DE ÁGUA, DN 1800 MM (72\") OU DN 1900 MM (76\"), JUNTA SOLDADA, INSTALADO EM LOCAL COM NÍVEL ALTO DE INTERFERÊNCIAS (NÃO INCLUI FORNECIMENTO). AF_05/2024","M",133.68,0.15240000000000001,129.91,0.15679999999999999,153.36000000000001,0.1328,165.83,0,null,"Assentamento de Tubos de PVC e Metálicos em Redes de Água",97181,"ASSENTAMENTO DE TUBO DE AÇO CARBONO PARA REDE DE ÁGUA, DN 1800 MM (72\") OU DN 1900 MM (76\"), JUNTA SOLDADA, INSTALADO EM LOCAL COM NÍVEL ALTO DE INTERFERÊNCIAS (NÃO INCLUI FORNECIMENTO). AF_05/2024","M",132.96,0.154,129.97,0.1575,153.44999999999999,0.13339999999999999,165.21,0]
["Assentamento de Tubos de PVC e Metálicos em Redes de Água",97191,"ASSENTAMENTO DE TUBO DE AÇO CARBONO PARA REDE DE ÁGUA, DN 1800 MM (72\") OU DN 1900 MM (76\"), JUNTA SOLDADA, INSTALADO EM LOCAL COM NÍVEL BAIXO DE INTERFERÊNCIAS (NÃO INCLUI FORNECIMENTO). AF_05/2024","M",119.94,0.1103,116.44,0.11360000000000001,138.72,9.5399999999999999E-2,150.54,0,null,"Assentamento de Tubos de PVC e Metálicos em Redes de Água",97191,"ASSENTAMENTO DE TUBO DE AÇO CARBONO PARA REDE DE ÁGUA, DN 1800 MM (72\") OU DN 1900 MM (76\"), JUNTA SOLDADA, INSTALADO EM LOCAL COM NÍVEL BAIXO DE INTERFERÊNCIAS (NÃO INCLUI FORNECIMENTO). AF_05/2024","M",119.19,0.1115,116.46,0.11409999999999999,138.77000000000001,9.5799999999999996E-2,150.03,0]
["Assentamento de Tubos de PVC e Metálicos em Redes de Água",97182,"ASSENTAMENTO DE TUBO DE AÇO CARBONO PARA REDE DE ÁGUA, DN 2000 MM (80\") OU DN 2100 MM (84\"), JUNTA SOLDADA, INSTALADO EM LOCAL COM NÍVEL ALTO DE INTERFERÊNCIAS (NÃO INCLUI FORNECIMENTO). AF_05/2024","M",153.49,0.16600000000000001,149.31,0.17069999999999999,175.62,0.14510000000000001,189.26,0,null,"Assentamento de Tubos de PVC e Metálicos em Redes de Água",97182,"ASSENTAMENTO DE TUBO DE AÇO CARBONO PARA REDE DE ÁGUA, DN 2000 MM (80\") OU DN 2100 MM (84\"), JUNTA SOLDADA, INSTALADO EM LOCAL COM NÍVEL ALTO DE INTERFERÊNCIAS (NÃO INCLUI FORNECIMENTO). AF_05/2024","M",152.69,0.16769999999999999,149.38,0.1714,175.74,0.1457,188.57,0]
["Assentamento de Tubos de PVC e Metálicos em Redes de Água",97192,"ASSENTAMENTO DE TUBO DE AÇO CARBONO PARA REDE DE ÁGUA, DN 2000 MM (80\") OU DN 2100 MM (84\"), JUNTA SOLDADA, INSTALADO EM LOCAL COM NÍVEL BAIXO DE INTERFERÊNCIAS (NÃO INCLUI FORNECIMENTO). AF_05/2024","M",137.18,0.1206,133.29,0.1242,158.27000000000001,0.1046,171.23,0,null,"Assentamento de Tubos de PVC e Metálicos em Redes de Água",97192,"ASSENTAMENTO DE TUBO DE AÇO CARBONO PARA REDE DE ÁGUA, DN 2000 MM (80\") OU DN 2100 MM (84\"), JUNTA SOLDADA, INSTALADO EM LOCAL COM NÍVEL BAIXO DE INTERFERÊNCIAS (NÃO INCLUI FORNECIMENTO). AF_05/2024","M",136.33000000000001,0.12189999999999999,133.31,0.12470000000000001,158.35,0.105,170.64,0]
["Assentamento de Tubos de PVC e Metálicos em Redes de Água",97173,"ASSENTAMENTO DE TUBO DE AÇO CARBONO PARA REDE DE ÁGUA, DN 600 MM (24\"), JUNTA SOLDADA, INSTALADO EM LOCAL COM NÍVEL ALTO DE INTERFERÊNCIAS (NÃO INCLUI FORNECIMENTO). AF_05/2024","M",40.880000000000003,0.1847,39.840000000000003,0.1895,46.08,0.1638,50.87,0,null,"Assentamento de Tubos de PVC e Metálicos em Redes de Água",97173,"ASSENTAMENTO DE TUBO DE AÇO CARBONO PARA REDE DE ÁGUA, DN 600 MM (24\"), JUNTA SOLDADA, INSTALADO EM LOCAL COM NÍVEL ALTO DE INTERFERÊNCIAS (NÃO INCLUI FORNECIMENTO). AF_05/2024","M",40.64,0.1865,39.86,0.19020000000000001,46.11,0.16439999999999999,50.74,0]
["Assentamento de Tubos de PVC e Metálicos em Redes de Água",97183,"ASSENTAMENTO DE TUBO DE AÇO CARBONO PARA REDE DE ÁGUA, DN 600 MM (24\"), JUNTA SOLDADA, INSTALADO EM LOCAL COM NÍVEL BAIXO DE INTERFERÊNCIAS (NÃO INCLUI FORNECIMENTO). AF_05/2024","M",36.369999999999997,0.13469999999999999,35.39,0.13850000000000001,41.39,0.11840000000000001,45.88,0,null,"Assentamento de Tubos de PVC e Metálicos em Redes de Água",97183,"ASSENTAMENTO DE TUBO DE AÇO CARBONO PARA REDE DE ÁGUA, DN 600 MM (24\"), JUNTA SOLDADA, INSTALADO EM LOCAL COM NÍVEL BAIXO DE INTERFERÊNCIAS (NÃO INCLUI FORNECIMENTO). AF_05/2024","M",36.119999999999997,0.13619999999999999,35.4,0.13900000000000001,41.42,0.1188,45.77,0]
["Assentamento de Tubos de PVC e Metálicos em Redes de Água",97174,"ASSENTAMENTO DE TUBO DE AÇO CARBONO PARA REDE DE ÁGUA, DN 700 MM (28\"), JUNTA SOLDADA, INSTALADO EM LOCAL COM NÍVEL ALTO DE INTERFERÊNCIAS (NÃO INCLUI FORNECIMENTO). AF_05/2024","M",48.61,0.17730000000000001,47.33,0.18210000000000001,55.02,0.15670000000000001,60.44,0,null,"Assentamento de Tubos de PVC e Metálicos em Redes de Água",97174,"ASSENTAMENTO DE TUBO DE AÇO CARBONO PARA REDE DE ÁGUA, DN 700 MM (28\"), JUNTA SOLDADA, INSTALADO EM LOCAL COM NÍVEL ALTO DE INTERFERÊNCIAS (NÃO INCLUI FORNECIMENTO). AF_05/2024","M",48.34,0.17910000000000001,47.36,0.18290000000000001,55.05,0.1573,60.26,0]
["Assentamento de Tubos de PVC e Metálicos em Redes de Água",97184,"ASSENTAMENTO DE TUBO DE AÇO CARBONO PARA REDE DE ÁGUA, DN 700 MM (28\"), JUNTA SOLDADA, INSTALADO EM LOCAL COM NÍVEL BAIXO DE INTERFERÊNCIAS (NÃO INCLUI FORNECIMENTO). AF_05/2024","M",43.32,0.1293,42.14,0.13289999999999999,49.5,0.11310000000000001,54.59,0,null,"Assentamento de Tubos de PVC e Metálicos em Redes de Água",97184,"ASSENTAMENTO DE TUBO DE AÇO CARBONO PARA REDE DE ÁGUA, DN 700 MM (28\"), JUNTA SOLDADA, INSTALADO EM LOCAL COM NÍVEL BAIXO DE INTERFERÊNCIAS (NÃO INCLUI FORNECIMENTO). AF_05/2024","M",43.04,0.13059999999999999,42.15,0.1333,49.53,0.1135,54.45,0]
["Assentamento de Tubos de PVC e Metálicos em Redes de Água",97175,"ASSENTAMENTO DE TUBO DE AÇO CARBONO PARA REDE DE ÁGUA, DN 800 MM (32\"), JUNTA SOLDADA, INSTALADO EM LOCAL COM NÍVEL ALTO DE INTERFERÊNCIAS (NÃO INCLUI FORNECIMENTO). AF_05/2024","M",56.34,0.17199999999999999,54.83,0.1767,63.94,0.1515,70,0,null,"Assentamento de Tubos de PVC e Metálicos em Redes de Água",97175,"ASSENTAMENTO DE TUBO DE AÇO CARBONO PARA REDE DE ÁGUA, DN 800 MM (32\"), JUNTA SOLDADA, INSTALADO EM LOCAL COM NÍVEL ALTO DE INTERFERÊNCIAS (NÃO INCLUI FORNECIMENTO). AF_05/2024","M",56.02,0.17369999999999999,54.87,0.17730000000000001,63.99,0.15210000000000001,69.790000000000006,0]
["Assentamento de Tubos de PVC e Metálicos em Redes de Água",97185,"ASSENTAMENTO DE TUBO DE AÇO CARBONO PARA REDE DE ÁGUA, DN 800 MM (32\"), JUNTA SOLDADA, INSTALADO EM LOCAL COM NÍVEL BAIXO DE INTERFERÊNCIAS (NÃO INCLUI FORNECIMENTO). AF_05/2024","M",50.3,0.125,48.88,0.12870000000000001,57.6,0.10920000000000001,63.3,0,null,"Assentamento de Tubos de PVC e Metálicos em Redes de Água",97185,"ASSENTAMENTO DE TUBO DE AÇO CARBONO PARA REDE DE ÁGUA, DN 800 MM (32\"), JUNTA SOLDADA, INSTALADO EM LOCAL COM NÍVEL BAIXO DE INTERFERÊNCIAS (NÃO INCLUI FORNECIMENTO). AF_05/2024","M",49.97,0.1263,48.9,0.129,57.63,0.1095,63.13,0]
["Assentamento de Tubos de PVC e Metálicos em Redes de Água",97176,"ASSENTAMENTO DE TUBO DE AÇO CARBONO PARA REDE DE ÁGUA, DN 900 MM (36\"), JUNTA SOLDADA, INSTALADO EM LOCAL COM NÍVEL ALTO DE INTERFERÊNCIAS (NÃO INCLUI FORNECIMENTO). AF_05/2024","M",64.08,0.1678,62.35,0.1724,72.900000000000006,0.14749999999999999,79.61,0,null,"Assentamento de Tubos de PVC e Metálicos em Redes de Água",97176,"ASSENTAMENTO DE TUBO DE AÇO CARBONO PARA REDE DE ÁGUA, DN 900 MM (36\"), JUNTA SOLDADA, INSTALADO EM LOCAL COM NÍVEL ALTO DE INTERFERÊNCIAS (NÃO INCLUI FORNECIMENTO). AF_05/2024","M",63.73,0.1696,62.39,0.17330000000000001,72.95,0.1482,79.37,0]
["Assentamento de Tubos de PVC e Metálicos em Redes de Água",97186,"ASSENTAMENTO DE TUBO DE AÇO CARBONO PARA REDE DE ÁGUA, DN 900 MM (36\"), JUNTA SOLDADA, INSTALADO EM LOCAL COM NÍVEL BAIXO DE INTERFERÊNCIAS (NÃO INCLUI FORNECIMENTO). AF_05/2024","M",57.26,0.12189999999999999,55.64,0.12540000000000001,65.73,0.1062,72.040000000000006,0,null,"Assentamento de Tubos de PVC e Metálicos em Redes de Água",97186,"ASSENTAMENTO DE TUBO DE AÇO CARBONO PARA REDE DE ÁGUA, DN 900 MM (36\"), JUNTA SOLDADA, INSTALADO EM LOCAL COM NÍVEL BAIXO DE INTERFERÊNCIAS (NÃO INCLUI FORNECIMENTO). AF_05/2024","M",56.89,0.1234,55.66,0.12609999999999999,65.760000000000005,0.10680000000000001,71.84,0]
["Assentamento de Tubos de PVC e Metálicos em Redes de Água",97142,"ASSENTAMENTO DE TUBO DE FERRO FUNDIDO PARA REDE DE ÁGUA, DN 100 MM, JUNTA ELÁSTICA, INSTALADO EM LOCAL COM NÍVEL ALTO DE INTERFERÊNCIAS (NÃO INCLUI FORNECIMENTO). AF_05/2024","M",5.28,0.2898,5.14,0.29770000000000002,5.89,0.25979999999999998,6.06,0,null,"Assentamento de Tubos de PVC e Metálicos em Redes de Água",97142,"ASSENTAMENTO DE TUBO DE FERRO FUNDIDO PARA REDE DE ÁGUA, DN 100 MM, JUNTA ELÁSTICA, INSTALADO EM LOCAL COM NÍVEL ALTO DE INTERFERÊNCIAS (NÃO INCLUI FORNECIMENTO). AF_05/2024","M",5.27,0.2903,5.14,0.29770000000000002,5.89,0.25979999999999998,5.97,0]
["Assentamento de Tubos de PVC e Metálicos em Redes de Água",97158,"ASSENTAMENTO DE TUBO DE FERRO FUNDIDO PARA REDE DE ÁGUA, DN 100 MM, JUNTA ELÁSTICA, INSTALADO EM LOCAL COM NÍVEL BAIXO DE INTERFERÊNCIAS (NÃO INCLUI FORNECIMENTO). AF_05/2024","M",4.04,0.245,3.93,0.25190000000000001,4.5999999999999996,0.2152,4.6100000000000003,0,null,"Assentamento de Tubos de PVC e Metálicos em Redes de Água",97158,"ASSENTAMENTO DE TUBO DE FERRO FUNDIDO PARA REDE DE ÁGUA, DN 100 MM, JUNTA ELÁSTICA, INSTALADO EM LOCAL COM NÍVEL BAIXO DE INTERFERÊNCIAS (NÃO INCLUI FORNECIMENTO). AF_05/2024","M",4.03,0.2457,3.93,0.25190000000000001,4.5999999999999996,0.2152,4.54,0]
["Assentamento de Tubos de PVC e Metálicos em Redes de Água",97155,"ASSENTAMENTO DE TUBO DE FERRO FUNDIDO PARA REDE DE ÁGUA, DN 1000 MM, JUNTA ELÁSTICA, INSTALADO EM LOCAL COM NÍVEL ALTO DE INTERFERÊNCIAS (NÃO INCLUI FORNECIMENTO). AF_05/2024","M",41.97,0.2964,40.89,0.30420000000000003,48.17,0.25829999999999997,47.16,0,null,"Assentamento de Tubos de PVC e Metálicos em Redes de Água",97155,"ASSENTAMENTO DE TUBO DE FERRO FUNDIDO PARA REDE DE ÁGUA, DN 1000 MM, JUNTA ELÁSTICA, INSTALADO EM LOCAL COM NÍVEL ALTO DE INTERFERÊNCIAS (NÃO INCLUI FORNECIMENTO). AF_05/2024","M",41.92,0.2979,40.92,0.30520000000000003,48.22,0.25900000000000001,46.59,0]
["Assentamento de Tubos de PVC e Metálicos em Redes de Água",97171,"ASSENTAMENTO DE TUBO DE FERRO FUNDIDO PARA REDE DE ÁGUA, DN 1000 MM, JUNTA ELÁSTICA, INSTALADO EM LOCAL COM NÍVEL BAIXO DE INTERFERÊNCIAS (NÃO INCLUI FORNECIMENTO). AF_05/2024","M",33.369999999999997,0.24210000000000001,32.450000000000003,0.249,38.94,0.20749999999999999,37.56,0,null,"Assentamento de Tubos de PVC e Metálicos em Redes de Água",97171,"ASSENTAMENTO DE TUBO DE FERRO FUNDIDO PARA REDE DE ÁGUA, DN 1000 MM, JUNTA ELÁSTICA, INSTALADO EM LOCAL COM NÍVEL BAIXO DE INTERFERÊNCIAS (NÃO INCLUI FORNECIMENTO). AF_05/2024","M",33.299999999999997,0.24349999999999999,32.46,0.24979999999999999,38.97,0.20810000000000001,37.049999999999997,0]
["Assentamento de Tubos de PVC e Metálicos em Redes de Água",97156,"ASSENTAMENTO DE TUBO DE FERRO FUNDIDO PARA REDE DE ÁGUA, DN 1200 MM, JUNTA ELÁSTICA, INSTALADO EM LOCAL COM NÍVEL ALTO DE INTERFERÊNCIAS (NÃO INCLUI FORNECIMENTO). AF_05/2024","M",50.3,0.28970000000000001,48.96,0.29759999999999998,57.75,0.25230000000000002,56.52,0,null,"Assentamento de Tubos de PVC e Metálicos em Redes de Água",97156,"ASSENTAMENTO DE TUBO DE FERRO FUNDIDO PARA REDE DE ÁGUA, DN 1200 MM, JUNTA ELÁSTICA, INSTALADO EM LOCAL COM NÍVEL ALTO DE INTERFERÊNCIAS (NÃO INCLUI FORNECIMENTO). AF_05/2024","M",50.2,0.29160000000000003,49.01,0.29870000000000002,57.8,0.25330000000000003,55.77,0]
["Assentamento de Tubos de PVC e Metálicos em Redes de Água",97172,"ASSENTAMENTO DE TUBO DE FERRO FUNDIDO PARA REDE DE ÁGUA, DN 1200 MM, JUNTA ELÁSTICA, INSTALADO EM LOCAL COM NÍVEL BAIXO DE INTERFERÊNCIAS (NÃO INCLUI FORNECIMENTO). AF_05/2024","M",40.15,0.2356,39.020000000000003,0.2424,46.88,0.20180000000000001,45.21,0,null,"Assentamento de Tubos de PVC e Metálicos em Redes de Água",97172,"ASSENTAMENTO DE TUBO DE FERRO FUNDIDO PARA REDE DE ÁGUA, DN 1200 MM, JUNTA ELÁSTICA, INSTALADO EM LOCAL COM NÍVEL BAIXO DE INTERFERÊNCIAS (NÃO INCLUI FORNECIMENTO). AF_05/2024","M",40.03,0.23760000000000001,39.049999999999997,0.24349999999999999,46.9,0.20280000000000001,44.54,0]
["Assentamento de Tubos de PVC e Metálicos em Redes de Água",97143,"ASSENTAMENTO DE TUBO DE FERRO FUNDIDO PARA REDE DE ÁGUA, DN 150 MM, JUNTA ELÁSTICA, INSTALADO EM LOCAL COM NÍVEL ALTO DE INTERFERÊNCIAS (NÃO INCLUI FORNECIMENTO). AF_05/2024","M",6.97,0.2611,6.78,0.26840000000000003,7.91,0.2301,8.02,0,null,"Assentamento de Tubos de PVC e Metálicos em Redes de Água",97143,"ASSENTAMENTO DE TUBO DE FERRO FUNDIDO PARA REDE DE ÁGUA, DN 150 MM, JUNTA ELÁSTICA, INSTALADO EM LOCAL COM NÍVEL ALTO DE INTERFERÊNCIAS (NÃO INCLUI FORNECIMENTO). AF_05/2024","M",6.95,0.26190000000000002,6.78,0.26840000000000003,7.9,0.23039999999999999,7.89,0]
["Assentamento de Tubos de PVC e Metálicos em Redes de Água",97159,"ASSENTAMENTO DE TUBO DE FERRO FUNDIDO PARA REDE DE ÁGUA, DN 150 MM, JUNTA ELÁSTICA, INSTALADO EM LOCAL COM NÍVEL BAIXO DE INTERFERÊNCIAS (NÃO INCLUI FORNECIMENTO). AF_05/2024","M",5.44,0.21690000000000001,5.29,0.22309999999999999,6.27,0.18820000000000001,6.23,0,null,"Assentamento de Tubos de PVC e Metálicos em Redes de Água",97159,"ASSENTAMENTO DE TUBO DE FERRO FUNDIDO PARA REDE DE ÁGUA, DN 150 MM, JUNTA ELÁSTICA, INSTALADO EM LOCAL COM NÍVEL BAIXO DE INTERFERÊNCIAS (NÃO INCLUI FORNECIMENTO). AF_05/2024","M",5.42,0.2177,5.29,0.22309999999999999,6.26,0.1885,6.12,0]
["Assentamento de Tubos de PVC e Metálicos em Redes de Água",97144,"ASSENTAMENTO DE TUBO DE FERRO FUNDIDO PARA REDE DE ÁGUA, DN 200 MM, JUNTA ELÁSTICA, INSTALADO EM LOCAL COM NÍVEL ALTO DE INTERFERÊNCIAS (NÃO INCLUI FORNECIMENTO). AF_05/2024","M",8.66,0.24360000000000001,8.43,0.25030000000000002,9.9,0.21310000000000001,9.98,0,null,"Assentamento de Tubos de PVC e Metálicos em Redes de Água",97144,"ASSENTAMENTO DE TUBO DE FERRO FUNDIDO PARA REDE DE ÁGUA, DN 200 MM, JUNTA ELÁSTICA, INSTALADO EM LOCAL COM NÍVEL ALTO DE INTERFERÊNCIAS (NÃO INCLUI FORNECIMENTO). AF_05/2024","M",8.64,0.2442,8.42,0.25059999999999999,9.9,0.21310000000000001,9.83,0]
["Assentamento de Tubos de PVC e Metálicos em Redes de Água",97160,"ASSENTAMENTO DE TUBO DE FERRO FUNDIDO PARA REDE DE ÁGUA, DN 200 MM, JUNTA ELÁSTICA, INSTALADO EM LOCAL COM NÍVEL BAIXO DE INTERFERÊNCIAS (NÃO INCLUI FORNECIMENTO). AF_05/2024","M",6.82,0.2009,6.64,0.20630000000000001,7.95,0.17230000000000001,7.84,0,null,"Assentamento de Tubos de PVC e Metálicos em Redes de Água",97160,"ASSENTAMENTO DE TUBO DE FERRO FUNDIDO PARA REDE DE ÁGUA, DN 200 MM, JUNTA ELÁSTICA, INSTALADO EM LOCAL COM NÍVEL BAIXO DE INTERFERÊNCIAS (NÃO INCLUI FORNECIMENTO). AF_05/2024","M",6.8,0.20150000000000001,6.63,0.20660000000000001,7.95,0.17230000000000001,7.71,0]
["Assentamento de Tubos de PVC e Metálicos em Redes de Água",97145,"ASSENTAMENTO DE TUBO DE FERRO FUNDIDO PARA REDE DE ÁGUA, DN 250 MM, JUNTA ELÁSTICA, INSTALADO EM LOCAL COM NÍVEL ALTO DE INTERFERÊNCIAS (NÃO INCLUI FORNECIMENTO). AF_05/2024","M",10.38,0.23119999999999999,10.1,0.23760000000000001,11.93,0.20119999999999999,11.96,0,null,"Assentamento de Tubos de PVC e Metálicos em Redes de Água",97145,"ASSENTAMENTO DE TUBO DE FERRO FUNDIDO PARA REDE DE ÁGUA, DN 250 MM, JUNTA ELÁSTICA, INSTALADO EM LOCAL COM NÍVEL ALTO DE INTERFERÊNCIAS (NÃO INCLUI FORNECIMENTO). AF_05/2024","M",10.35,0.2319,10.09,0.2379,11.93,0.20119999999999999,11.77,0]
["Assentamento de Tubos de PVC e Metálicos em Redes de Água",97161,"ASSENTAMENTO DE TUBO DE FERRO FUNDIDO PARA REDE DE ÁGUA, DN 250 MM, JUNTA ELÁSTICA, INSTALADO EM LOCAL COM NÍVEL BAIXO DE INTERFERÊNCIAS (NÃO INCLUI FORNECIMENTO). AF_05/2024","M",8.25,0.18790000000000001,8.01,0.19350000000000001,9.64,0.1608,9.48,0,null,"Assentamento de Tubos de PVC e Metálicos em Redes de Água",97161,"ASSENTAMENTO DE TUBO DE FERRO FUNDIDO PARA REDE DE ÁGUA, DN 250 MM, JUNTA ELÁSTICA, INSTALADO EM LOCAL COM NÍVEL BAIXO DE INTERFERÊNCIAS (NÃO INCLUI FORNECIMENTO). AF_05/2024","M",8.2200000000000006,0.18859999999999999,8,0.1938,9.64,0.1608,9.31,0]
["Assentamento de Tubos de PVC e Metálicos em Redes de Água",97146,"ASSENTAMENTO DE TUBO DE FERRO FUNDIDO PARA REDE DE ÁGUA, DN 300 MM, JUNTA ELÁSTICA, INSTALADO EM LOCAL COM NÍVEL ALTO DE INTERFERÊNCIAS (NÃO INCLUI FORNECIMENTO). AF_05/2024","M",12.11,0.223,11.76,0.2296,13.97,0.1933,13.94,0,null,"Assentamento de Tubos de PVC e Metálicos em Redes de Água",97146,"ASSENTAMENTO DE TUBO DE FERRO FUNDIDO PARA REDE DE ÁGUA, DN 300 MM, JUNTA ELÁSTICA, INSTALADO EM LOCAL COM NÍVEL ALTO DE INTERFERÊNCIAS (NÃO INCLUI FORNECIMENTO). AF_05/2024","M",12.07,0.22370000000000001,11.75,0.2298,13.96,0.19339999999999999,13.72,0]
["Assentamento de Tubos de PVC e Metálicos em Redes de Água",97162,"ASSENTAMENTO DE TUBO DE FERRO FUNDIDO PARA REDE DE ÁGUA, DN 300 MM, JUNTA ELÁSTICA, INSTALADO EM LOCAL COM NÍVEL BAIXO DE INTERFERÊNCIAS (NÃO INCLUI FORNECIMENTO). AF_05/2024","M",9.67,0.18099999999999999,9.3800000000000008,0.18659999999999999,11.34,0.15429999999999999,11.11,0,null,"Assentamento de Tubos de PVC e Metálicos em Redes de Água",97162,"ASSENTAMENTO DE TUBO DE FERRO FUNDIDO PARA REDE DE ÁGUA, DN 300 MM, JUNTA ELÁSTICA, INSTALADO EM LOCAL COM NÍVEL BAIXO DE INTERFERÊNCIAS (NÃO INCLUI FORNECIMENTO). AF_05/2024","M",9.6300000000000008,0.1817,9.3699999999999992,0.18679999999999999,11.33,0.1545,10.92,0]
["Assentamento de Tubos de PVC e Metálicos em Redes de Água",97147,"ASSENTAMENTO DE TUBO DE FERRO FUNDIDO PARA REDE DE ÁGUA, DN 350 MM, JUNTA ELÁSTICA, INSTALADO EM LOCAL COM NÍVEL ALTO DE INTERFERÊNCIAS (NÃO INCLUI FORNECIMENTO). AF_05/2024","M",13.82,0.21560000000000001,13.42,0.22209999999999999,16,0.1862,15.93,0,null,"Assentamento de Tubos de PVC e Metálicos em Redes de Água",97147,"ASSENTAMENTO DE TUBO DE FERRO FUNDIDO PARA REDE DE ÁGUA, DN 350 MM, JUNTA ELÁSTICA, INSTALADO EM LOCAL COM NÍVEL ALTO DE INTERFERÊNCIAS (NÃO INCLUI FORNECIMENTO). AF_05/2024","M",13.78,0.21629999999999999,13.41,0.22220000000000001,16,0.1862,15.67,0]
["Assentamento de Tubos de PVC e Metálicos em Redes de Água",97163,"ASSENTAMENTO DE TUBO DE FERRO FUNDIDO PARA REDE DE ÁGUA, DN 350 MM, JUNTA ELÁSTICA, INSTALADO EM LOCAL COM NÍVEL BAIXO DE INTERFERÊNCIAS (NÃO INCLUI FORNECIMENTO). AF_05/2024","M",11.08,0.17419999999999999,10.75,0.17949999999999999,13.04,0.14799999999999999,12.75,0,null,"Assentamento de Tubos de PVC e Metálicos em Redes de Água",97163,"ASSENTAMENTO DE TUBO DE FERRO FUNDIDO PARA REDE DE ÁGUA, DN 350 MM, JUNTA ELÁSTICA, INSTALADO EM LOCAL COM NÍVEL BAIXO DE INTERFERÊNCIAS (NÃO INCLUI FORNECIMENTO). AF_05/2024","M",11.04,0.17480000000000001,10.74,0.1797,13.04,0.14799999999999999,12.53,0]
["Assentamento de Tubos de PVC e Metálicos em Redes de Água",97148,"ASSENTAMENTO DE TUBO DE FERRO FUNDIDO PARA REDE DE ÁGUA, DN 400 MM, JUNTA ELÁSTICA, INSTALADO EM LOCAL COM NÍVEL ALTO DE INTERFERÊNCIAS (NÃO INCLUI FORNECIMENTO). AF_05/2024","M",15.54,0.21110000000000001,15.08,0.2175,18,0.1822,17.920000000000002,0,null,"Assentamento de Tubos de PVC e Metálicos em Redes de Água",97148,"ASSENTAMENTO DE TUBO DE FERRO FUNDIDO PARA REDE DE ÁGUA, DN 400 MM, JUNTA ELÁSTICA, INSTALADO EM LOCAL COM NÍVEL ALTO DE INTERFERÊNCIAS (NÃO INCLUI FORNECIMENTO). AF_05/2024","M",15.48,0.21190000000000001,15.07,0.2177,18,0.1822,17.61,0]
["Assentamento de Tubos de PVC e Metálicos em Redes de Água",97164,"ASSENTAMENTO DE TUBO DE FERRO FUNDIDO PARA REDE DE ÁGUA, DN 400 MM, JUNTA ELÁSTICA, INSTALADO EM LOCAL COM NÍVEL BAIXO DE INTERFERÊNCIAS (NÃO INCLUI FORNECIMENTO). AF_05/2024","M",12.51,0.17030000000000001,12.12,0.1757,14.73,0.14460000000000001,14.38,0,null,"Assentamento de Tubos de PVC e Metálicos em Redes de Água",97164,"ASSENTAMENTO DE TUBO DE FERRO FUNDIDO PARA REDE DE ÁGUA, DN 400 MM, JUNTA ELÁSTICA, INSTALADO EM LOCAL COM NÍVEL BAIXO DE INTERFERÊNCIAS (NÃO INCLUI FORNECIMENTO). AF_05/2024","M",12.45,0.1711,12.11,0.1759,14.73,0.14460000000000001,14.13,0]
["Assentamento de Tubos de PVC e Metálicos em Redes de Água",97149,"ASSENTAMENTO DE TUBO DE FERRO FUNDIDO PARA REDE DE ÁGUA, DN 450 MM, JUNTA ELÁSTICA, INSTALADO EM LOCAL COM NÍVEL ALTO DE INTERFERÊNCIAS (NÃO INCLUI FORNECIMENTO). AF_05/2024","M",17.28,0.20660000000000001,16.760000000000002,0.21299999999999999,20.059999999999999,0.17799999999999999,19.93,0,null,"Assentamento de Tubos de PVC e Metálicos em Redes de Água",97149,"ASSENTAMENTO DE TUBO DE FERRO FUNDIDO PARA REDE DE ÁGUA, DN 450 MM, JUNTA ELÁSTICA, INSTALADO EM LOCAL COM NÍVEL ALTO DE INTERFERÊNCIAS (NÃO INCLUI FORNECIMENTO). AF_05/2024","M",17.22,0.20730000000000001,16.75,0.21310000000000001,20.05,0.17810000000000001,19.579999999999998,0]
["Assentamento de Tubos de PVC e Metálicos em Redes de Água",97165,"ASSENTAMENTO DE TUBO DE FERRO FUNDIDO PARA REDE DE ÁGUA, DN 450 MM, JUNTA ELÁSTICA, INSTALADO EM LOCAL COM NÍVEL BAIXO DE INTERFERÊNCIAS (NÃO INCLUI FORNECIMENTO). AF_05/2024","M",13.95,0.1663,13.51,0.17169999999999999,16.46,0.1409,16.03,0,null,"Assentamento de Tubos de PVC e Metálicos em Redes de Água",97165,"ASSENTAMENTO DE TUBO DE FERRO FUNDIDO PARA REDE DE ÁGUA, DN 450 MM, JUNTA ELÁSTICA, INSTALADO EM LOCAL COM NÍVEL BAIXO DE INTERFERÊNCIAS (NÃO INCLUI FORNECIMENTO). AF_05/2024","M",13.89,0.16700000000000001,13.5,0.1719,16.45,0.14099999999999999,15.75,0]
["Assentamento de Tubos de PVC e Metálicos em Redes de Água",97150,"ASSENTAMENTO DE TUBO DE FERRO FUNDIDO PARA REDE DE ÁGUA, DN 500 MM, JUNTA ELÁSTICA, INSTALADO EM LOCAL COM NÍVEL ALTO DE INTERFERÊNCIAS (NÃO INCLUI FORNECIMENTO). AF_05/2024","M",22.46,0.31569999999999998,21.9,0.32369999999999999,25.57,0.27729999999999999,25.17,0,null,"Assentamento de Tubos de PVC e Metálicos em Redes de Água",97150,"ASSENTAMENTO DE TUBO DE FERRO FUNDIDO PARA REDE DE ÁGUA, DN 500 MM, JUNTA ELÁSTICA, INSTALADO EM LOCAL COM NÍVEL ALTO DE INTERFERÊNCIAS (NÃO INCLUI FORNECIMENTO). AF_05/2024","M",22.43,0.31790000000000002,21.93,0.3251,25.59,0.27860000000000001,24.86,0]
["Assentamento de Tubos de PVC e Metálicos em Redes de Água",97166,"ASSENTAMENTO DE TUBO DE FERRO FUNDIDO PARA REDE DE ÁGUA, DN 500 MM, JUNTA ELÁSTICA, INSTALADO EM LOCAL COM NÍVEL BAIXO DE INTERFERÊNCIAS (NÃO INCLUI FORNECIMENTO). AF_05/2024","M",17.690000000000001,0.26,17.22,0.2671,20.5,0.22439999999999999,19.86,0,null,"Assentamento de Tubos de PVC e Metálicos em Redes de Água",97166,"ASSENTAMENTO DE TUBO DE FERRO FUNDIDO PARA REDE DE ÁGUA, DN 500 MM, JUNTA ELÁSTICA, INSTALADO EM LOCAL COM NÍVEL BAIXO DE INTERFERÊNCIAS (NÃO INCLUI FORNECIMENTO). AF_05/2024","M",17.64,0.26190000000000002,17.23,0.2681,20.51,0.2253,19.579999999999998,0]
["Assentamento de Tubos de PVC e Metálicos em Redes de Água",97151,"ASSENTAMENTO DE TUBO DE FERRO FUNDIDO PARA REDE DE ÁGUA, DN 600 MM, JUNTA ELÁSTICA, INSTALADO EM LOCAL COM NÍVEL ALTO DE INTERFERÊNCIAS (NÃO INCLUI FORNECIMENTO). AF_05/2024","M",26.45,0.3085,25.79,0.31640000000000001,30.19,0.27029999999999998,29.67,0,null,"Assentamento de Tubos de PVC e Metálicos em Redes de Água",97151,"ASSENTAMENTO DE TUBO DE FERRO FUNDIDO PARA REDE DE ÁGUA, DN 600 MM, JUNTA ELÁSTICA, INSTALADO EM LOCAL COM NÍVEL ALTO DE INTERFERÊNCIAS (NÃO INCLUI FORNECIMENTO). AF_05/2024","M",26.41,0.3105,25.82,0.31759999999999999,30.23,0.27129999999999999,29.3,0]
["Assentamento de Tubos de PVC e Metálicos em Redes de Água",97167,"ASSENTAMENTO DE TUBO DE FERRO FUNDIDO PARA REDE DE ÁGUA, DN 600 MM, JUNTA ELÁSTICA, INSTALADO EM LOCAL COM NÍVEL BAIXO DE INTERFERÊNCIAS (NÃO INCLUI FORNECIMENTO). AF_05/2024","M",20.92,0.25290000000000001,20.36,0.25979999999999998,24.28,0.21790000000000001,23.5,0,null,"Assentamento de Tubos de PVC e Metálicos em Redes de Água",97167,"ASSENTAMENTO DE TUBO DE FERRO FUNDIDO PARA REDE DE ÁGUA, DN 600 MM, JUNTA ELÁSTICA, INSTALADO EM LOCAL COM NÍVEL BAIXO DE INTERFERÊNCIAS (NÃO INCLUI FORNECIMENTO). AF_05/2024","M",20.87,0.25490000000000002,20.38,0.26100000000000001,24.31,0.21879999999999999,23.17,0]
["Assentamento de Tubos de PVC e Metálicos em Redes de Água",97152,"ASSENTAMENTO DE TUBO DE FERRO FUNDIDO PARA REDE DE ÁGUA, DN 700 MM, JUNTA ELÁSTICA, INSTALADO EM LOCAL COM NÍVEL ALTO DE INTERFERÊNCIAS (NÃO INCLUI FORNECIMENTO). AF_05/2024","M",30.18,0.30580000000000002,29.42,0.31369999999999998,34.520000000000003,0.26740000000000003,33.880000000000003,0,null,"Assentamento de Tubos de PVC e Metálicos em Redes de Água",97152,"ASSENTAMENTO DE TUBO DE FERRO FUNDIDO PARA REDE DE ÁGUA, DN 700 MM, JUNTA ELÁSTICA, INSTALADO EM LOCAL COM NÍVEL ALTO DE INTERFERÊNCIAS (NÃO INCLUI FORNECIMENTO). AF_05/2024","M",30.15,0.3075,29.45,0.31480000000000002,34.56,0.26819999999999999,33.479999999999997,0]
["Assentamento de Tubos de PVC e Metálicos em Redes de Água",97168,"ASSENTAMENTO DE TUBO DE FERRO FUNDIDO PARA REDE DE ÁGUA, DN 700 MM, JUNTA ELÁSTICA, INSTALADO EM LOCAL COM NÍVEL BAIXO DE INTERFERÊNCIAS (NÃO INCLUI FORNECIMENTO). AF_05/2024","M",23.88,0.25080000000000002,23.24,0.25769999999999998,27.79,0.2155,26.86,0,null,"Assentamento de Tubos de PVC e Metálicos em Redes de Água",97168,"ASSENTAMENTO DE TUBO DE FERRO FUNDIDO PARA REDE DE ÁGUA, DN 700 MM, JUNTA ELÁSTICA, INSTALADO EM LOCAL COM NÍVEL BAIXO DE INTERFERÊNCIAS (NÃO INCLUI FORNECIMENTO). AF_05/2024","M",23.84,0.2525,23.26,0.25879999999999997,27.82,0.21640000000000001,26.51,0]
["Assentamento de Tubos de PVC e Metálicos em Redes de Água",97141,"ASSENTAMENTO DE TUBO DE FERRO FUNDIDO PARA REDE DE ÁGUA, DN 80 MM, JUNTA ELÁSTICA, INSTALADO EM LOCAL COM NÍVEL ALTO DE INTERFERÊNCIAS (NÃO INCLUI FORNECIMENTO). AF_05/2024","M",4.58,0.30790000000000001,4.4800000000000004,0.31469999999999998,5.07,0.27810000000000001,5.25,0,null,"Assentamento de Tubos de PVC e Metálicos em Redes de Água",97141,"ASSENTAMENTO DE TUBO DE FERRO FUNDIDO PARA REDE DE ÁGUA, DN 80 MM, JUNTA ELÁSTICA, INSTALADO EM LOCAL COM NÍVEL ALTO DE INTERFERÊNCIAS (NÃO INCLUI FORNECIMENTO). AF_05/2024","M",4.5599999999999996,0.30919999999999997,4.4800000000000004,0.31469999999999998,5.07,0.27810000000000001,5.18,0]
["Assentamento de Tubos de PVC e Metálicos em Redes de Água",97157,"ASSENTAMENTO DE TUBO DE FERRO FUNDIDO PARA REDE DE ÁGUA, DN 80 MM, JUNTA ELÁSTICA, INSTALADO EM LOCAL COM NÍVEL BAIXO DE INTERFERÊNCIAS (NÃO INCLUI FORNECIMENTO). AF_05/2024","M",3.47,0.26219999999999999,3.38,0.26919999999999999,3.91,0.23269999999999999,3.95,0,null,"Assentamento de Tubos de PVC e Metálicos em Redes de Água",97157,"ASSENTAMENTO DE TUBO DE FERRO FUNDIDO PARA REDE DE ÁGUA, DN 80 MM, JUNTA ELÁSTICA, INSTALADO EM LOCAL COM NÍVEL BAIXO DE INTERFERÊNCIAS (NÃO INCLUI FORNECIMENTO). AF_05/2024","M",3.45,0.26379999999999998,3.38,0.26919999999999999,3.91,0.23269999999999999,3.9,0]
["Assentamento de Tubos de PVC e Metálicos em Redes de Água",97153,"ASSENTAMENTO DE TUBO DE FERRO FUNDIDO PARA REDE DE ÁGUA, DN 800 MM, JUNTA ELÁSTICA, INSTALADO EM LOCAL COM NÍVEL ALTO DE INTERFERÊNCIAS (NÃO INCLUI FORNECIMENTO). AF_05/2024","M",34.090000000000003,0.30209999999999998,33.22,0.31009999999999999,39.049999999999997,0.26379999999999998,38.28,0,null,"Assentamento de Tubos de PVC e Metálicos em Redes de Água",97153,"ASSENTAMENTO DE TUBO DE FERRO FUNDIDO PARA REDE DE ÁGUA, DN 800 MM, JUNTA ELÁSTICA, INSTALADO EM LOCAL COM NÍVEL ALTO DE INTERFERÊNCIAS (NÃO INCLUI FORNECIMENTO). AF_05/2024","M",34.049999999999997,0.30370000000000003,33.25,0.311,39.08,0.2646,37.83,0]
["Assentamento de Tubos de PVC e Metálicos em Redes de Água",97169,"ASSENTAMENTO DE TUBO DE FERRO FUNDIDO PARA REDE DE ÁGUA, DN 800 MM, JUNTA ELÁSTICA, INSTALADO EM LOCAL COM NÍVEL BAIXO DE INTERFERÊNCIAS (NÃO INCLUI FORNECIMENTO). AF_05/2024","M",27.02,0.24759999999999999,26.29,0.2545,31.49,0.21240000000000001,30.41,0,null,"Assentamento de Tubos de PVC e Metálicos em Redes de Água",97169,"ASSENTAMENTO DE TUBO DE FERRO FUNDIDO PARA REDE DE ÁGUA, DN 800 MM, JUNTA ELÁSTICA, INSTALADO EM LOCAL COM NÍVEL BAIXO DE INTERFERÊNCIAS (NÃO INCLUI FORNECIMENTO). AF_05/2024","M",26.97,0.24879999999999999,26.3,0.25509999999999999,31.51,0.21290000000000001,30.01,0]
["Assentamento de Tubos de PVC e Metálicos em Redes de Água",97154,"ASSENTAMENTO DE TUBO DE FERRO FUNDIDO PARA REDE DE ÁGUA, DN 900 MM, JUNTA ELÁSTICA, INSTALADO EM LOCAL COM NÍVEL ALTO DE INTERFERÊNCIAS (NÃO INCLUI FORNECIMENTO). AF_05/2024","M",38.01,0.2989,37.04,0.30669999999999997,43.59,0.2606,42.7,0,null,"Assentamento de Tubos de PVC e Metálicos em Redes de Água",97154,"ASSENTAMENTO DE TUBO DE FERRO FUNDIDO PARA REDE DE ÁGUA, DN 900 MM, JUNTA ELÁSTICA, INSTALADO EM LOCAL COM NÍVEL ALTO DE INTERFERÊNCIAS (NÃO INCLUI FORNECIMENTO). AF_05/2024","M",37.979999999999997,0.30070000000000002,37.07,0.30809999999999998,43.65,0.2616,42.21,0]
["Assentamento de Tubos de PVC e Metálicos em Redes de Água",97170,"ASSENTAMENTO DE TUBO DE FERRO FUNDIDO PARA REDE DE ÁGUA, DN 900 MM, JUNTA ELÁSTICA, INSTALADO EM LOCAL COM NÍVEL BAIXO DE INTERFERÊNCIAS (NÃO INCLUI FORNECIMENTO). AF_05/2024","M",30.17,0.24460000000000001,29.36,0.25140000000000001,35.200000000000003,0.2097,33.97,0,null,"Assentamento de Tubos de PVC e Metálicos em Redes de Água",97170,"ASSENTAMENTO DE TUBO DE FERRO FUNDIDO PARA REDE DE ÁGUA, DN 900 MM, JUNTA ELÁSTICA, INSTALADO EM LOCAL COM NÍVEL BAIXO DE INTERFERÊNCIAS (NÃO INCLUI FORNECIMENTO). AF_05/2024","M",30.12,0.24629999999999999,29.37,0.25259999999999999,35.24,0.21060000000000001,33.53,0]
["Assentamento de Tubos de PVC e Metálicos em Redes de Água",105311,"ASSENTAMENTO DE TUBO DE PVC DEFOFO OU PRFV OU RPVC PARA REDE DE ÁGUA, DN 100, JUNTA ELÁSTICA INTEGRADA, INSTALADO EM LOCAL COM NÍVEL ALTO DE INTERFERÊNCIAS (NÃO INCLUI FORNECIMENTO). AF_05/2024","M",3.56,0,3.42,0,4.42,0,4.05,0,null,"Assentamento de Tubos de PVC e Metálicos em Redes de Água",105311,"ASSENTAMENTO DE TUBO DE PVC DEFOFO OU PRFV OU RPVC PARA REDE DE ÁGUA, DN 100, JUNTA ELÁSTICA INTEGRADA, INSTALADO EM LOCAL COM NÍVEL ALTO DE INTERFERÊNCIAS (NÃO INCLUI FORNECIMENTO). AF_05/2024","M",3.54,0,3.42,0,4.42,0,3.97,0]
["Assentamento de Tubos de PVC e Metálicos em Redes de Água",105339,"ASSENTAMENTO DE TUBO DE PVC DEFOFO OU PRFV OU RPVC PARA REDE DE ÁGUA, DN 100, JUNTA ELÁSTICA INTEGRADA, INSTALADO EM LOCAL COM NÍVEL BAIXO DE INTERFERÊNCIAS (NÃO INCLUI FORNECIMENTO). AF_05/2024","M",2.94,0,2.82,0,3.64,0,3.34,0,null,"Assentamento de Tubos de PVC e Metálicos em Redes de Água",105339,"ASSENTAMENTO DE TUBO DE PVC DEFOFO OU PRFV OU RPVC PARA REDE DE ÁGUA, DN 100, JUNTA ELÁSTICA INTEGRADA, INSTALADO EM LOCAL COM NÍVEL BAIXO DE INTERFERÊNCIAS (NÃO INCLUI FORNECIMENTO). AF_05/2024","M",2.92,0,2.82,0,3.64,0,3.27,0]
["Assentamento de Tubos de PVC e Metálicos em Redes de Água",97127,"ASSENTAMENTO DE TUBO DE PVC DEFOFO OU PRFV OU RPVC PARA REDE DE ÁGUA, DN 150 MM, JUNTA ELÁSTICA INTEGRADA, INSTALADO E